{"text_format":"3","workbook":"xlsx","n_sheets":7,"sheets":["How to use","Calculator","Dashboard","Examples","Tax table","References","Scheme distribution"],"not_rendered":{"charts":3,"images":8,"macros":1,"external_links":1,"defined_names":6,"comments":1},"read":"whole","date_system":"1900"}

{"sheet":"How to use","index":0,"n_rows":17,"n_cols":4,"rows_kept":17,"merged":[[1,1,1,2],[12,1,12,3]]}
[]
[null,"Instructions on how to use the calculator"]
["Steps"]
["1","Go to the Calculator sheet"]
[2,"Click the Click here to clear existing membership to clear the membership data"]
[3,"Change Calculation date (cell B7) to the effective date of the quote/rate review"]
[4,"For cell B10: Select \"No\" if no retirement contributions have been given. Only select \"Yes\" if employer provided retirement contributions."]
[5,"Select the relevant additional benefits in cell B14 to B17"]
[6,"Ensure that there are no filters on the membership data"]
[7,"Copy new membership data into the Membership input section (column A to H). Note that Annual retirement contributions field (column I) is not a compulsory input and only accomodates rand amounts. Note: please note that members above NRA will be included"]
[8,"Click the Click here after member data inserted below button located in the Calculator sheet cell F7"]
[]
[null,"Version control"]
[]
[null,"Inputs","Location","Version"]
[null,"Tax table","Tax table sheet","2019/2020 table"]
[null,"Benefit maximums","Calculator sheet cell B8 and B9","Updated 03/09/2018"]

{"sheet":"Calculator","index":1,"n_rows":12296,"n_cols":31,"rows_kept":2250,"cut":true,"merged":[[0,0,1,9],[3,1,3,3],[18,15,18,23],[18,24,18,30],[19,15,19,19],[19,20,19,23],[21,0,21,8],[21,27,21,28]],"bounds":{"rows_first":1000,"rows_last":250,"rows_between":1000,"halvings":1}}
["Benefit and member details page",{"$nulls":13},"Compulsory inputs"]
[{"$nulls":14},"Optional inputs"]
[]
["Scheme name","ABC company"]
[]
["Inputs"]
["Calculation date","2018-11-05"]
["Maximum monthly basic benefit (Rand)",{"v":215000,"d":"215,000"}]
["Maximum monthly waiver benefit (Rand)",{"v":55000,"d":"55,000"}]
["Did the employer provide retirement contributions?","No"]
[]
["Disability 2.0"]
["Additional benefits"]
["Cash assistance benefit","Yes"]
["Critical top-up benefit","Yes"]
["Daily life adaptor","Yes"]
["Permanent income booster","Yes"]
[]
[{"$nulls":15},"Disability 2.0",{"$nulls":8},"Flat benefit"]
[{"$nulls":15},"Net insurance benefit",{"$nulls":4},"Additional benefits"]
[{"$nulls":20},"Lump sum paid to all valid disability claimants","Lump sum paid if member meets specific claims criteria - up to R100 000","Paid by Momentum to cover adaptations - up to R100 000","Monthly benefit paid if claimant is terminally ill or severly disabled"]
["Membership input",{"$nulls":26},"Cap calculation"]
["Member name or ID","Date of birth","Gender","Annual Risk / Insurance salary","Risk salary as a % of CTC","Net insurance benefit %","\"Flat\" % basic benefit","Waiver %","Annual retirement contributions","Age","Monthly gross insurance salary","Monthly proxy for deductions","Monthly gross Cost To Company (CTC) salary","Monthly taxable CTC salary","Monthly net cost to company salary","Monthly taxable insurance salary","Monthly notional tax","Monthly Net insurance salary","Monthly Net insurance benefit","Net insurance benefit replacement ratio","Cash assistance benefit","Critical top-up benefit","Daily life adaptor","Permanent income booster","\"Flat\" Basic benefit (uncapped)","Waiver benefit (uncapped)","\"Flat\" Basic + waiver benefit (uncapped)","Monthly taxable CTC salary for cap","Monthly net cost to company salary for cap","\"Flat\" Basic + Waiver benefit (capped)","\"Flat\" benefit replacement ratio"]
["Member 21","1955-05-12","F",{"v":75000,"d":"75,000"},{"v":0.8,"d":"80%"},{"v":0.85,"d":"85%"},{"v":0.75,"d":"75%"},{"v":0.1,"d":"10%"},null,{"$f":"DATEDIF(B24,$B$7,\"y\")","v":63},{"$f":"D24/12","v":{"v":6250,"d":"6,250"}},{"$f":"IF($B$10=\"No\",MIN(K24*H24,15%*K24),I24/12)","v":625},{"$f":"D24/12/E24","v":{"v":7812.5,"d":"7,813"}},{"$f":"M24-L24","v":{"v":7187.5,"d":"7,188"}},{"$f":"(M24*12-(VLOOKUP(N24*12,'Tax table'!$A$3:$C$10,3)*(N24*12-VLOOKUP(N24*12,'Tax table'!$A$3:$C$10,1))+VLOOKUP(N24*12,'Tax table'!$A$3:$C$10,2)))/12","v":{"v":7703.75,"d":"7,704"}},{"$f":"K24-L24","v":{"v":5625,"d":"5,625"}},{"$f":"(VLOOKUP(P24*12,'Tax table'!$A$3:$C$10,3)*(P24*12-VLOOKUP(P24*12,'Tax table'!$A$3:$C$10,1))+VLOOKUP(P24*12,'Tax table'!$A$3:$C$10,2))/12","v":0},{"$f":"K24-Q24","v":{"v":6250,"d":"6,250"}},{"$f":"MIN(R24*F24,SUM($B$8,$B$9))","v":{"v":5312.5,"d":"5,313"}},{"$f":"S24/O24","v":{"v":0.6895992211585267,"d":"69.0%"}},{"$f":"IF($B$14=\"Yes\",S24*3,0)","v":{"v":15937.5,"d":"15,938"}},{"$f":"IF($B$15=\"Yes\",MIN(S24*2,References!$B$7),0)","v":{"v":10625,"d":"10,625"}},{"$f":"IF(AND(D24<>0,$B$16=\"Yes\"),References!$B$6,0)","v":{"v":100000,"d":"100,000"}},{"$f":"IF($B$17=\"Yes\",MIN(R24,SUM($B$8:$B$9))-S24,0)","v":{"v":937.5,"d":"938"}},{"$f":"MIN(K24*G24,$B$8)","v":{"v":4687.5,"d":"4,688"}},{"$f":"MIN(K24*H24,$B$9)","v":625},{"$f":"Z24+Y24","v":{"v":5312.5,"d":"5,313"}},{"$f":"M24-Z24","v":{"v":7187.5,"d":"7,188"}},{"$f":"(M24*12-(VLOOKUP(AB24*12,'Tax table'!$A$3:$C$10,3)*(AB24*12-VLOOKUP(AB24*12,'Tax table'!$A$3:$C$10,1))+VLOOKUP(AB24*12,'Tax table'!$A$3:$C$10,2)))/12","v":{"v":7703.75,"d":"7,704"}},{"$f":"MIN(AA24,AC24)","v":{"v":5312.5,"d":"5,313"}},{"$f":"AD24/O24","v":{"v":0.6895992211585267,"d":"69.0%"}}]
["Member 20","1956-04-07","F",{"v":75000,"d":"75,000"},{"v":0.8,"d":"80%"},{"v":0.85,"d":"85%"},{"v":0.75,"d":"75%"},{"v":0.1,"d":"10%"},null,62,{"v":6250,"d":"6,250"},625,{"v":7812.5,"d":"7,813"},{"v":7187.5,"d":"7,188"},{"$f":"(M25*12-(VLOOKUP(N25*12,'Tax table'!$A$3:$C$10,3)*(N25*12-VLOOKUP(N25*12,'Tax table'!$A$3:$C$10,1))+VLOOKUP(N25*12,'Tax table'!$A$3:$C$10,2)))/12","v":{"v":7703.75,"d":"7,704"}},{"v":5625,"d":"5,625"},{"$f":"(VLOOKUP(P25*12,'Tax table'!$A$3:$C$10,3)*(P25*12-VLOOKUP(P25*12,'Tax table'!$A$3:$C$10,1))+VLOOKUP(P25*12,'Tax table'!$A$3:$C$10,2))/12","v":0},{"v":6250,"d":"6,250"},{"v":5312.5,"d":"5,313"},{"v":0.6895992211585267,"d":"69.0%"},{"v":15937.5,"d":"15,938"},{"$f":"IF($B$15=\"Yes\",MIN(S25*2,References!$B$7),0)","v":{"v":10625,"d":"10,625"}},{"$f":"IF(AND(D25<>0,$B$16=\"Yes\"),References!$B$6,0)","v":{"v":100000,"d":"100,000"}},{"v":937.5,"d":"938"},{"v":4687.5,"d":"4,688"},625,{"v":5312.5,"d":"5,313"},{"v":7187.5,"d":"7,188"},{"$f":"(M25*12-(VLOOKUP(AB25*12,'Tax table'!$A$3:$C$10,3)*(AB25*12-VLOOKUP(AB25*12,'Tax table'!$A$3:$C$10,1))+VLOOKUP(AB25*12,'Tax table'!$A$3:$C$10,2)))/12","v":{"v":7703.75,"d":"7,704"}},{"v":5312.5,"d":"5,313"},{"v":0.6895992211585267,"d":"69.0%"}]
["Member 19","1960-03-28","M",{"v":75000,"d":"75,000"},{"v":0.8,"d":"80%"},{"v":0.85,"d":"85%"},{"v":0.75,"d":"75%"},{"v":0.1,"d":"10%"},null,58,{"v":6250,"d":"6,250"},625,{"v":7812.5,"d":"7,813"},{"v":7187.5,"d":"7,188"},{"$f":"(M26*12-(VLOOKUP(N26*12,'Tax table'!$A$3:$C$10,3)*(N26*12-VLOOKUP(N26*12,'Tax table'!$A$3:$C$10,1))+VLOOKUP(N26*12,'Tax table'!$A$3:$C$10,2)))/12","v":{"v":7703.75,"d":"7,704"}},{"v":5625,"d":"5,625"},{"$f":"(VLOOKUP(P26*12,'Tax table'!$A$3:$C$10,3)*(P26*12-VLOOKUP(P26*12,'Tax table'!$A$3:$C$10,1))+VLOOKUP(P26*12,'Tax table'!$A$3:$C$10,2))/12","v":0},{"v":6250,"d":"6,250"},{"v":5312.5,"d":"5,313"},{"v":0.6895992211585267,"d":"69.0%"},{"v":15937.5,"d":"15,938"},{"$f":"IF($B$15=\"Yes\",MIN(S26*2,References!$B$7),0)","v":{"v":10625,"d":"10,625"}},{"$f":"IF(AND(D26<>0,$B$16=\"Yes\"),References!$B$6,0)","v":{"v":100000,"d":"100,000"}},{"v":937.5,"d":"938"},{"v":4687.5,"d":"4,688"},625,{"v":5312.5,"d":"5,313"},{"v":7187.5,"d":"7,188"},{"$f":"(M26*12-(VLOOKUP(AB26*12,'Tax table'!$A$3:$C$10,3)*(AB26*12-VLOOKUP(AB26*12,'Tax table'!$A$3:$C$10,1))+VLOOKUP(AB26*12,'Tax table'!$A$3:$C$10,2)))/12","v":{"v":7703.75,"d":"7,704"}},{"v":5312.5,"d":"5,313"},{"v":0.6895992211585267,"d":"69.0%"}]
["Member 18","1972-03-21","F",{"v":75000,"d":"75,000"},{"v":0.8,"d":"80%"},{"v":0.85,"d":"85%"},{"v":0.75,"d":"75%"},{"v":0.1,"d":"10%"},null,46,{"v":6250,"d":"6,250"},625,{"v":7812.5,"d":"7,813"},{"v":7187.5,"d":"7,188"},{"$f":"(M27*12-(VLOOKUP(N27*12,'Tax table'!$A$3:$C$10,3)*(N27*12-VLOOKUP(N27*12,'Tax table'!$A$3:$C$10,1))+VLOOKUP(N27*12,'Tax table'!$A$3:$C$10,2)))/12","v":{"v":7703.75,"d":"7,704"}},{"v":5625,"d":"5,625"},{"$f":"(VLOOKUP(P27*12,'Tax table'!$A$3:$C$10,3)*(P27*12-VLOOKUP(P27*12,'Tax table'!$A$3:$C$10,1))+VLOOKUP(P27*12,'Tax table'!$A$3:$C$10,2))/12","v":0},{"v":6250,"d":"6,250"},{"v":5312.5,"d":"5,313"},{"v":0.6895992211585267,"d":"69.0%"},{"v":15937.5,"d":"15,938"},{"$f":"IF($B$15=\"Yes\",MIN(S27*2,References!$B$7),0)","v":{"v":10625,"d":"10,625"}},{"$f":"IF(AND(D27<>0,$B$16=\"Yes\"),References!$B$6,0)","v":{"v":100000,"d":"100,000"}},{"v":937.5,"d":"938"},{"v":4687.5,"d":"4,688"},625,{"v":5312.5,"d":"5,313"},{"v":7187.5,"d":"7,188"},{"$f":"(M27*12-(VLOOKUP(AB27*12,'Tax table'!$A$3:$C$10,3)*(AB27*12-VLOOKUP(AB27*12,'Tax table'!$A$3:$C$10,1))+VLOOKUP(AB27*12,'Tax table'!$A$3:$C$10,2)))/12","v":{"v":7703.75,"d":"7,704"}},{"v":5312.5,"d":"5,313"},{"v":0.6895992211585267,"d":"69.0%"}]
["Member 17","1962-11-14","M",{"v":75000,"d":"75,000"},{"v":0.8,"d":"80%"},{"v":0.85,"d":"85%"},{"v":0.75,"d":"75%"},{"v":0.1,"d":"10%"},null,55,{"v":6250,"d":"6,250"},625,{"v":7812.5,"d":"7,813"},{"v":7187.5,"d":"7,188"},{"$f":"(M28*12-(VLOOKUP(N28*12,'Tax table'!$A$3:$C$10,3)*(N28*12-VLOOKUP(N28*12,'Tax table'!$A$3:$C$10,1))+VLOOKUP(N28*12,'Tax table'!$A$3:$C$10,2)))/12","v":{"v":7703.75,"d":"7,704"}},{"v":5625,"d":"5,625"},{"$f":"(VLOOKUP(P28*12,'Tax table'!$A$3:$C$10,3)*(P28*12-VLOOKUP(P28*12,'Tax table'!$A$3:$C$10,1))+VLOOKUP(P28*12,'Tax table'!$A$3:$C$10,2))/12","v":0},{"v":6250,"d":"6,250"},{"v":5312.5,"d":"5,313"},{"v":0.6895992211585267,"d":"69.0%"},{"v":15937.5,"d":"15,938"},{"$f":"IF($B$15=\"Yes\",MIN(S28*2,References!$B$7),0)","v":{"v":10625,"d":"10,625"}},{"$f":"IF(AND(D28<>0,$B$16=\"Yes\"),References!$B$6,0)","v":{"v":100000,"d":"100,000"}},{"v":937.5,"d":"938"},{"v":4687.5,"d":"4,688"},625,{"v":5312.5,"d":"5,313"},{"v":7187.5,"d":"7,188"},{"$f":"(M28*12-(VLOOKUP(AB28*12,'Tax table'!$A$3:$C$10,3)*(AB28*12-VLOOKUP(AB28*12,'Tax table'!$A$3:$C$10,1))+VLOOKUP(AB28*12,'Tax table'!$A$3:$C$10,2)))/12","v":{"v":7703.75,"d":"7,704"}},{"v":5312.5,"d":"5,313"},{"v":0.6895992211585267,"d":"69.0%"}]
["Member 2265","1971-12-23","M",{"v":94397.64,"d":"94,398"},{"v":0.8,"d":"80%"},{"v":0.85,"d":"85%"},{"v":0.75,"d":"75%"},{"v":0.1,"d":"10%"},null,46,{"v":7866.47,"d":"7,866"},{"v":786.647,"d":"787"},{"v":9833.0875,"d":"9,833"},{"v":9046.440499999999,"d":"9,046"},{"$f":"(M29*12-(VLOOKUP(N29*12,'Tax table'!$A$3:$C$10,3)*(N29*12-VLOOKUP(N29*12,'Tax table'!$A$3:$C$10,1))+VLOOKUP(N29*12,'Tax table'!$A$3:$C$10,2)))/12","v":{"v":9389.72821,"d":"9,390"}},{"v":7079.823,"d":"7,080"},{"$f":"(VLOOKUP(P29*12,'Tax table'!$A$3:$C$10,3)*(P29*12-VLOOKUP(P29*12,'Tax table'!$A$3:$C$10,1))+VLOOKUP(P29*12,'Tax table'!$A$3:$C$10,2))/12","v":{"v":89.36814000000005,"d":"89"}},{"v":7777.10186,"d":"7,777"},{"v":6610.536580999999,"d":"6,611"},{"v":0.7040178834952667,"d":"70.4%"},{"v":19831.609742999997,"d":"19,832"},{"$f":"IF($B$15=\"Yes\",MIN(S29*2,References!$B$7),0)","v":{"v":13221.073161999999,"d":"13,221"}},{"$f":"IF(AND(D29<>0,$B$16=\"Yes\"),References!$B$6,0)","v":{"v":100000,"d":"100,000"}},{"v":1166.5652790000004,"d":"1,167"},{"v":5899.8525,"d":"5,900"},{"v":786.647,"d":"787"},{"v":6686.4995,"d":"6,686"},{"v":9046.440499999999,"d":"9,046"},{"$f":"(M29*12-(VLOOKUP(AB29*12,'Tax table'!$A$3:$C$10,3)*(AB29*12-VLOOKUP(AB29*12,'Tax table'!$A$3:$C$10,1))+VLOOKUP(AB29*12,'Tax table'!$A$3:$C$10,2)))/12","v":{"v":9389.72821,"d":"9,390"}},{"v":6686.4995,"d":"6,686"},{"v":0.7121078853889425,"d":"71.2%"}]
["Member 2264","1978-04-04","M",{"v":94397.76,"d":"94,398"},{"v":0.8,"d":"80%"},{"v":0.85,"d":"85%"},{"v":0.75,"d":"75%"},{"v":0.1,"d":"10%"},null,40,{"v":7866.48,"d":"7,866"},{"v":786.648,"d":"787"},{"v":9833.099999999999,"d":"9,833"},{"v":9046.452,"d":"9,046"},{"$f":"(M30*12-(VLOOKUP(N30*12,'Tax table'!$A$3:$C$10,3)*(N30*12-VLOOKUP(N30*12,'Tax table'!$A$3:$C$10,1))+VLOOKUP(N30*12,'Tax table'!$A$3:$C$10,2)))/12","v":{"v":9389.738639999998,"d":"9,390"}},{"v":7079.831999999999,"d":"7,080"},{"$f":"(VLOOKUP(P30*12,'Tax table'!$A$3:$C$10,3)*(P30*12-VLOOKUP(P30*12,'Tax table'!$A$3:$C$10,1))+VLOOKUP(P30*12,'Tax table'!$A$3:$C$10,2))/12","v":{"v":89.36975999999994,"d":"89"}},{"v":7777.11024,"d":"7,777"},{"v":6610.543704,"d":"6,611"},{"v":0.7040178600753898,"d":"70.4%"},{"v":19831.631112,"d":"19,832"},{"$f":"IF($B$15=\"Yes\",MIN(S30*2,References!$B$7),0)","v":{"v":13221.087408,"d":"13,221"}},{"$f":"IF(AND(D30<>0,$B$16=\"Yes\"),References!$B$6,0)","v":{"v":100000,"d":"100,000"}},{"v":1166.5665360000003,"d":"1,167"},{"v":5899.86,"d":"5,900"},{"v":786.648,"d":"787"},{"v":6686.508,"d":"6,687"},{"v":9046.452,"d":"9,046"},{"$f":"(M30*12-(VLOOKUP(AB30*12,'Tax table'!$A$3:$C$10,3)*(AB30*12-VLOOKUP(AB30*12,'Tax table'!$A$3:$C$10,1))+VLOOKUP(AB30*12,'Tax table'!$A$3:$C$10,2)))/12","v":{"v":9389.738639999998,"d":"9,390"}},{"v":6686.508,"d":"6,687"},{"v":0.7121079996322455,"d":"71.2%"}]
["Member 16","1978-02-24","F",{"v":97212,"d":"97,212"},{"v":0.8,"d":"80%"},{"v":0.85,"d":"85%"},{"v":0.75,"d":"75%"},{"v":0.1,"d":"10%"},null,40,{"v":8101,"d":"8,101"},{"v":810.1,"d":"810"},{"v":10126.25,"d":"10,126"},{"v":9316.15,"d":"9,316"},{"$f":"(M31*12-(VLOOKUP(N31*12,'Tax table'!$A$3:$C$10,3)*(N31*12-VLOOKUP(N31*12,'Tax table'!$A$3:$C$10,1))+VLOOKUP(N31*12,'Tax table'!$A$3:$C$10,2)))/12","v":{"v":9634.343,"d":"9,634"}},{"v":7290.9,"d":"7,291"},{"$f":"(VLOOKUP(P31*12,'Tax table'!$A$3:$C$10,3)*(P31*12-VLOOKUP(P31*12,'Tax table'!$A$3:$C$10,1))+VLOOKUP(P31*12,'Tax table'!$A$3:$C$10,2))/12","v":{"v":127.36199999999981,"d":"127"}},{"v":7973.638,"d":"7,974"},{"v":6777.592299999999,"d":"6,778"},{"v":0.7034825623293668,"d":"70.3%"},{"v":20332.776899999997,"d":"20,333"},{"$f":"IF($B$15=\"Yes\",MIN(S31*2,References!$B$7),0)","v":{"v":13555.184599999999,"d":"13,555"}},{"$f":"IF(AND(D31<>0,$B$16=\"Yes\"),References!$B$6,0)","v":{"v":100000,"d":"100,000"}},{"v":1196.0457000000006,"d":"1,196"},{"v":6075.75,"d":"6,076"},{"v":810.1,"d":"810"},{"v":6885.85,"d":"6,886"},{"v":9316.15,"d":"9,316"},{"$f":"(M31*12-(VLOOKUP(AB31*12,'Tax table'!$A$3:$C$10,3)*(AB31*12-VLOOKUP(AB31*12,'Tax table'!$A$3:$C$10,1))+VLOOKUP(AB31*12,'Tax table'!$A$3:$C$10,2)))/12","v":{"v":9634.343,"d":"9,634"}},{"v":6885.85,"d":"6,886"},{"v":0.7147192081494296,"d":"71.5%"}]
["Member 15","1961-11-21","F",{"v":98328,"d":"98,328"},{"v":0.8,"d":"80%"},{"v":0.85,"d":"85%"},{"v":0.75,"d":"75%"},{"v":0.1,"d":"10%"},null,56,{"v":8194,"d":"8,194"},{"v":819.4000000000001,"d":"819"},{"v":10242.5,"d":"10,243"},{"v":9423.1,"d":"9,423"},{"$f":"(M32*12-(VLOOKUP(N32*12,'Tax table'!$A$3:$C$10,3)*(N32*12-VLOOKUP(N32*12,'Tax table'!$A$3:$C$10,1))+VLOOKUP(N32*12,'Tax table'!$A$3:$C$10,2)))/12","v":{"v":9731.341999999999,"d":"9,731"}},{"v":7374.6,"d":"7,375"},{"$f":"(VLOOKUP(P32*12,'Tax table'!$A$3:$C$10,3)*(P32*12-VLOOKUP(P32*12,'Tax table'!$A$3:$C$10,1))+VLOOKUP(P32*12,'Tax table'!$A$3:$C$10,2))/12","v":{"v":142.42800000000017,"d":"142"}},{"v":8051.572,"d":"8,052"},{"v":6843.8362,"d":"6,844"},{"v":0.7032777390826467,"d":"70.3%"},{"v":20531.5086,"d":"20,532"},{"$f":"IF($B$15=\"Yes\",MIN(S32*2,References!$B$7),0)","v":{"v":13687.6724,"d":"13,688"}},{"$f":"IF(AND(D32<>0,$B$16=\"Yes\"),References!$B$6,0)","v":{"v":100000,"d":"100,000"}},{"v":1207.7358000000004,"d":"1,208"},{"v":6145.5,"d":"6,146"},{"v":819.4000000000001,"d":"819"},{"v":6964.9,"d":"6,965"},{"v":9423.1,"d":"9,423"},{"$f":"(M32*12-(VLOOKUP(AB32*12,'Tax table'!$A$3:$C$10,3)*(AB32*12-VLOOKUP(AB32*12,'Tax table'!$A$3:$C$10,1))+VLOOKUP(AB32*12,'Tax table'!$A$3:$C$10,2)))/12","v":{"v":9731.341999999999,"d":"9,731"}},{"v":6964.9,"d":"6,965"},{"v":0.7157183459383095,"d":"71.6%"}]
["Member 2261","1979-09-11","M",{"v":100228.44,"d":"100,228"},{"v":0.8,"d":"80%"},{"v":0.85,"d":"85%"},{"v":0.75,"d":"75%"},{"v":0.1,"d":"10%"},null,39,{"v":8352.37,"d":"8,352"},{"v":835.2370000000001,"d":"835"},{"v":10440.4625,"d":"10,440"},{"v":9605.2255,"d":"9,605"},{"$f":"(M33*12-(VLOOKUP(N33*12,'Tax table'!$A$3:$C$10,3)*(N33*12-VLOOKUP(N33*12,'Tax table'!$A$3:$C$10,1))+VLOOKUP(N33*12,'Tax table'!$A$3:$C$10,2)))/12","v":{"v":9896.52191,"d":"9,897"}},{"v":7517.133000000001,"d":"7,517"},{"$f":"(VLOOKUP(P33*12,'Tax table'!$A$3:$C$10,3)*(P33*12-VLOOKUP(P33*12,'Tax table'!$A$3:$C$10,1))+VLOOKUP(P33*12,'Tax table'!$A$3:$C$10,2))/12","v":{"v":168.08394000000007,"d":"168"}},{"v":8184.28606,"d":"8,184"},{"v":6956.643151,"d":"6,957"},{"v":0.7029381851790394,"d":"70.3%"},{"v":20869.929453,"d":"20,870"},{"$f":"IF($B$15=\"Yes\",MIN(S33*2,References!$B$7),0)","v":{"v":13913.286302,"d":"13,913"}},{"$f":"IF(AND(D33<>0,$B$16=\"Yes\"),References!$B$6,0)","v":{"v":100000,"d":"100,000"}},{"v":1227.6429090000001,"d":"1,228"},{"v":6264.2775,"d":"6,264"},{"v":835.2370000000001,"d":"835"},{"v":7099.5145,"d":"7,100"},{"v":9605.2255,"d":"9,605"},{"$f":"(M33*12-(VLOOKUP(AB33*12,'Tax table'!$A$3:$C$10,3)*(AB33*12-VLOOKUP(AB33*12,'Tax table'!$A$3:$C$10,1))+VLOOKUP(AB33*12,'Tax table'!$A$3:$C$10,2)))/12","v":{"v":9896.52191,"d":"9,897"}},{"v":7099.5145,"d":"7,100"},{"v":0.7173747064437106,"d":"71.7%"}]
["Member 2262","1990-08-08","M",{"v":100228.44,"d":"100,228"},{"v":0.8,"d":"80%"},{"v":0.85,"d":"85%"},{"v":0.75,"d":"75%"},{"v":0.1,"d":"10%"},null,28,{"v":8352.37,"d":"8,352"},{"v":835.2370000000001,"d":"835"},{"v":10440.4625,"d":"10,440"},{"v":9605.2255,"d":"9,605"},{"$f":"(M34*12-(VLOOKUP(N34*12,'Tax table'!$A$3:$C$10,3)*(N34*12-VLOOKUP(N34*12,'Tax table'!$A$3:$C$10,1))+VLOOKUP(N34*12,'Tax table'!$A$3:$C$10,2)))/12","v":{"v":9896.52191,"d":"9,897"}},{"v":7517.133000000001,"d":"7,517"},{"$f":"(VLOOKUP(P34*12,'Tax table'!$A$3:$C$10,3)*(P34*12-VLOOKUP(P34*12,'Tax table'!$A$3:$C$10,1))+VLOOKUP(P34*12,'Tax table'!$A$3:$C$10,2))/12","v":{"v":168.08394000000007,"d":"168"}},{"v":8184.28606,"d":"8,184"},{"v":6956.643151,"d":"6,957"},{"v":0.7029381851790394,"d":"70.3%"},{"v":20869.929453,"d":"20,870"},{"$f":"IF($B$15=\"Yes\",MIN(S34*2,References!$B$7),0)","v":{"v":13913.286302,"d":"13,913"}},{"$f":"IF(AND(D34<>0,$B$16=\"Yes\"),References!$B$6,0)","v":{"v":100000,"d":"100,000"}},{"v":1227.6429090000001,"d":"1,228"},{"v":6264.2775,"d":"6,264"},{"v":835.2370000000001,"d":"835"},{"v":7099.5145,"d":"7,100"},{"v":9605.2255,"d":"9,605"},{"$f":"(M34*12-(VLOOKUP(AB34*12,'Tax table'!$A$3:$C$10,3)*(AB34*12-VLOOKUP(AB34*12,'Tax table'!$A$3:$C$10,1))+VLOOKUP(AB34*12,'Tax table'!$A$3:$C$10,2)))/12","v":{"v":9896.52191,"d":"9,897"}},{"v":7099.5145,"d":"7,100"},{"v":0.7173747064437106,"d":"71.7%"}]
["Member 2263","1983-07-22","M",{"v":100228.44,"d":"100,228"},{"v":0.8,"d":"80%"},{"v":0.85,"d":"85%"},{"v":0.75,"d":"75%"},{"v":0.1,"d":"10%"},null,35,{"v":8352.37,"d":"8,352"},{"v":835.2370000000001,"d":"835"},{"v":10440.4625,"d":"10,440"},{"v":9605.2255,"d":"9,605"},{"$f":"(M35*12-(VLOOKUP(N35*12,'Tax table'!$A$3:$C$10,3)*(N35*12-VLOOKUP(N35*12,'Tax table'!$A$3:$C$10,1))+VLOOKUP(N35*12,'Tax table'!$A$3:$C$10,2)))/12","v":{"v":9896.52191,"d":"9,897"}},{"v":7517.133000000001,"d":"7,517"},{"$f":"(VLOOKUP(P35*12,'Tax table'!$A$3:$C$10,3)*(P35*12-VLOOKUP(P35*12,'Tax table'!$A$3:$C$10,1))+VLOOKUP(P35*12,'Tax table'!$A$3:$C$10,2))/12","v":{"v":168.08394000000007,"d":"168"}},{"v":8184.28606,"d":"8,184"},{"v":6956.643151,"d":"6,957"},{"v":0.7029381851790394,"d":"70.3%"},{"v":20869.929453,"d":"20,870"},{"$f":"IF($B$15=\"Yes\",MIN(S35*2,References!$B$7),0)","v":{"v":13913.286302,"d":"13,913"}},{"$f":"IF(AND(D35<>0,$B$16=\"Yes\"),References!$B$6,0)","v":{"v":100000,"d":"100,000"}},{"v":1227.6429090000001,"d":"1,228"},{"v":6264.2775,"d":"6,264"},{"v":835.2370000000001,"d":"835"},{"v":7099.5145,"d":"7,100"},{"v":9605.2255,"d":"9,605"},{"$f":"(M35*12-(VLOOKUP(AB35*12,'Tax table'!$A$3:$C$10,3)*(AB35*12-VLOOKUP(AB35*12,'Tax table'!$A$3:$C$10,1))+VLOOKUP(AB35*12,'Tax table'!$A$3:$C$10,2)))/12","v":{"v":9896.52191,"d":"9,897"}},{"v":7099.5145,"d":"7,100"},{"v":0.7173747064437106,"d":"71.7%"}]
["Member 14","1952-10-16","F",{"v":102128,"d":"102,128"},{"v":0.8,"d":"80%"},{"v":0.85,"d":"85%"},{"v":0.75,"d":"75%"},{"v":0.1,"d":"10%"},null,66,{"v":8510.666666666666,"d":"8,511"},{"v":851.0666666666666,"d":"851"},{"v":10638.333333333332,"d":"10,638"},{"v":9787.266666666666,"d":"9,787"},{"$f":"(M36*12-(VLOOKUP(N36*12,'Tax table'!$A$3:$C$10,3)*(N36*12-VLOOKUP(N36*12,'Tax table'!$A$3:$C$10,1))+VLOOKUP(N36*12,'Tax table'!$A$3:$C$10,2)))/12","v":{"v":10061.625333333332,"d":"10,062"}},{"v":7659.599999999999,"d":"7,660"},{"$f":"(VLOOKUP(P36*12,'Tax table'!$A$3:$C$10,3)*(P36*12-VLOOKUP(P36*12,'Tax table'!$A$3:$C$10,1))+VLOOKUP(P36*12,'Tax table'!$A$3:$C$10,2))/12","v":{"v":193.72799999999995,"d":"194"}},{"v":8316.938666666667,"d":"8,317"},{"v":7069.397866666666,"d":"7,069"},{"v":0.7026099295554503,"d":"70.3%"},{"v":21208.1936,"d":"21,208"},{"$f":"IF($B$15=\"Yes\",MIN(S36*2,References!$B$7),0)","v":{"v":14138.795733333332,"d":"14,139"}},{"$f":"IF(AND(D36<>0,$B$16=\"Yes\"),References!$B$6,0)","v":{"v":100000,"d":"100,000"}},{"v":1247.5408000000007,"d":"1,248"},{"v":6383,"d":"6,383"},{"v":851.0666666666666,"d":"851"},{"v":7234.066666666667,"d":"7,234"},{"v":9787.266666666666,"d":"9,787"},{"$f":"(M36*12-(VLOOKUP(AB36*12,'Tax table'!$A$3:$C$10,3)*(AB36*12-VLOOKUP(AB36*12,'Tax table'!$A$3:$C$10,1))+VLOOKUP(AB36*12,'Tax table'!$A$3:$C$10,2)))/12","v":{"v":10061.625333333332,"d":"10,062"}},{"v":7234.066666666667,"d":"7,234"},{"v":0.7189759533880479,"d":"71.9%"}]
["Member 13","1967-01-13","M",{"v":105240,"d":"105,240"},{"v":0.8,"d":"80%"},{"v":0.85,"d":"85%"},{"v":0.75,"d":"75%"},{"v":0.1,"d":"10%"},null,51,{"v":8770,"d":"8,770"},877,{"v":10962.5,"d":"10,963"},{"v":10085.5,"d":"10,086"},{"$f":"(M37*12-(VLOOKUP(N37*12,'Tax table'!$A$3:$C$10,3)*(N37*12-VLOOKUP(N37*12,'Tax table'!$A$3:$C$10,1))+VLOOKUP(N37*12,'Tax table'!$A$3:$C$10,2)))/12","v":{"v":10332.11,"d":"10,332"}},{"v":7893,"d":"7,893"},{"$f":"(VLOOKUP(P37*12,'Tax table'!$A$3:$C$10,3)*(P37*12-VLOOKUP(P37*12,'Tax table'!$A$3:$C$10,1))+VLOOKUP(P37*12,'Tax table'!$A$3:$C$10,2))/12","v":{"v":235.74,"d":"236"}},{"v":8534.26,"d":"8,534"},{"v":7254.121,"d":"7,254"},{"v":0.7020948286458428,"d":"70.2%"},{"v":21762.363,"d":"21,762"},{"$f":"IF($B$15=\"Yes\",MIN(S37*2,References!$B$7),0)","v":{"v":14508.242,"d":"14,508"}},{"$f":"IF(AND(D37<>0,$B$16=\"Yes\"),References!$B$6,0)","v":{"v":100000,"d":"100,000"}},{"v":1280.1390000000001,"d":"1,280"},{"v":6577.5,"d":"6,578"},877,{"v":7454.5,"d":"7,455"},{"v":10085.5,"d":"10,086"},{"$f":"(M37*12-(VLOOKUP(AB37*12,'Tax table'!$A$3:$C$10,3)*(AB37*12-VLOOKUP(AB37*12,'Tax table'!$A$3:$C$10,1))+VLOOKUP(AB37*12,'Tax table'!$A$3:$C$10,2)))/12","v":{"v":10332.11,"d":"10,332"}},{"v":7454.5,"d":"7,455"},{"v":0.7214886407519857,"d":"72.1%"}]
["Member 2260","1965-06-14","M",{"v":106975.68,"d":"106,976"},{"v":0.8,"d":"80%"},{"v":0.85,"d":"85%"},{"v":0.75,"d":"75%"},{"v":0.1,"d":"10%"},null,53,{"v":8914.64,"d":"8,915"},{"v":891.4639999999999,"d":"891"},{"v":11143.3,"d":"11,143"},{"v":10251.836,"d":"10,252"},{"$f":"(M38*12-(VLOOKUP(N38*12,'Tax table'!$A$3:$C$10,3)*(N38*12-VLOOKUP(N38*12,'Tax table'!$A$3:$C$10,1))+VLOOKUP(N38*12,'Tax table'!$A$3:$C$10,2)))/12","v":{"v":10482.969519999999,"d":"10,483"}},{"v":8023.1759999999995,"d":"8,023"},{"$f":"(VLOOKUP(P38*12,'Tax table'!$A$3:$C$10,3)*(P38*12-VLOOKUP(P38*12,'Tax table'!$A$3:$C$10,1))+VLOOKUP(P38*12,'Tax table'!$A$3:$C$10,2))/12","v":{"v":259.17167999999987,"d":"259"}},{"v":8655.46832,"d":"8,655"},{"v":7357.148072,"d":"7,357"},{"v":0.701819084560307,"d":"70.2%"},{"v":22071.444216,"d":"22,071"},{"$f":"IF($B$15=\"Yes\",MIN(S38*2,References!$B$7),0)","v":{"v":14714.296144,"d":"14,714"}},{"$f":"IF(AND(D38<>0,$B$16=\"Yes\"),References!$B$6,0)","v":{"v":100000,"d":"100,000"}},{"v":1298.320248,"d":"1,298"},{"v":6685.98,"d":"6,686"},{"v":891.4639999999999,"d":"891"},{"v":7577.4439999999995,"d":"7,577"},{"v":10251.836,"d":"10,252"},{"$f":"(M38*12-(VLOOKUP(AB38*12,'Tax table'!$A$3:$C$10,3)*(AB38*12-VLOOKUP(AB38*12,'Tax table'!$A$3:$C$10,1))+VLOOKUP(AB38*12,'Tax table'!$A$3:$C$10,2)))/12","v":{"v":10482.969519999999,"d":"10,483"}},{"v":7577.4439999999995,"d":"7,577"},{"v":0.7228337338521614,"d":"72.3%"}]
["Member 12","1956-07-10","M",{"v":110127,"d":"110,127"},{"v":0.8,"d":"80%"},{"v":0.85,"d":"85%"},{"v":0.75,"d":"75%"},{"v":0.1,"d":"10%"},null,62,{"v":9177.25,"d":"9,177"},{"v":917.725,"d":"918"},{"v":11471.5625,"d":"11,472"},{"v":10553.8375,"d":"10,554"},{"$f":"(M39*12-(VLOOKUP(N39*12,'Tax table'!$A$3:$C$10,3)*(N39*12-VLOOKUP(N39*12,'Tax table'!$A$3:$C$10,1))+VLOOKUP(N39*12,'Tax table'!$A$3:$C$10,2)))/12","v":{"v":10756.87175,"d":"10,757"}},{"v":8259.525,"d":"8,260"},{"$f":"(VLOOKUP(P39*12,'Tax table'!$A$3:$C$10,3)*(P39*12-VLOOKUP(P39*12,'Tax table'!$A$3:$C$10,1))+VLOOKUP(P39*12,'Tax table'!$A$3:$C$10,2))/12","v":{"v":301.7144999999998,"d":"302"}},{"v":8875.5355,"d":"8,876"},{"v":7544.205175,"d":"7,544"},{"v":0.7013382096890762,"d":"70.1%"},{"v":22632.615525,"d":"22,633"},{"$f":"IF($B$15=\"Yes\",MIN(S39*2,References!$B$7),0)","v":{"v":15088.41035,"d":"15,088"}},{"$f":"IF(AND(D39<>0,$B$16=\"Yes\"),References!$B$6,0)","v":{"v":100000,"d":"100,000"}},{"v":1331.330325,"d":"1,331"},{"v":6882.9375,"d":"6,883"},{"v":917.725,"d":"918"},{"v":7800.6625,"d":"7,801"},{"v":10553.8375,"d":"10,554"},{"$f":"(M39*12-(VLOOKUP(AB39*12,'Tax table'!$A$3:$C$10,3)*(AB39*12-VLOOKUP(AB39*12,'Tax table'!$A$3:$C$10,1))+VLOOKUP(AB39*12,'Tax table'!$A$3:$C$10,2)))/12","v":{"v":10756.87175,"d":"10,757"}},{"v":7800.6625,"d":"7,801"},{"v":0.7251794649313357,"d":"72.5%"}]
["Member 2258","1992-06-29","M",{"v":112374.84,"d":"112,375"},{"v":0.8,"d":"80%"},{"v":0.85,"d":"85%"},{"v":0.75,"d":"75%"},{"v":0.1,"d":"10%"},null,26,{"v":9364.57,"d":"9,365"},{"v":936.457,"d":"936"},{"v":11705.7125,"d":"11,706"},{"v":10769.2555,"d":"10,769"},{"$f":"(M40*12-(VLOOKUP(N40*12,'Tax table'!$A$3:$C$10,3)*(N40*12-VLOOKUP(N40*12,'Tax table'!$A$3:$C$10,1))+VLOOKUP(N40*12,'Tax table'!$A$3:$C$10,2)))/12","v":{"v":10952.246509999999,"d":"10,952"}},{"v":8428.113,"d":"8,428"},{"$f":"(VLOOKUP(P40*12,'Tax table'!$A$3:$C$10,3)*(P40*12-VLOOKUP(P40*12,'Tax table'!$A$3:$C$10,1))+VLOOKUP(P40*12,'Tax table'!$A$3:$C$10,2))/12","v":{"v":332.06034,"d":"332"}},{"v":9032.50966,"d":"9,033"},{"v":7677.633210999999,"d":"7,678"},{"v":0.701009898196676,"d":"70.1%"},{"v":23032.899632999997,"d":"23,033"},{"$f":"IF($B$15=\"Yes\",MIN(S40*2,References!$B$7),0)","v":{"v":15355.266421999999,"d":"15,355"}},{"$f":"IF(AND(D40<>0,$B$16=\"Yes\"),References!$B$6,0)","v":{"v":100000,"d":"100,000"}},{"v":1354.8764490000003,"d":"1,355"},{"v":7023.4275,"d":"7,023"},{"v":936.457,"d":"936"},{"v":7959.8845,"d":"7,960"},{"v":10769.2555,"d":"10,769"},{"$f":"(M40*12-(VLOOKUP(AB40*12,'Tax table'!$A$3:$C$10,3)*(AB40*12-VLOOKUP(AB40*12,'Tax table'!$A$3:$C$10,1))+VLOOKUP(AB40*12,'Tax table'!$A$3:$C$10,2)))/12","v":{"v":10952.246509999999,"d":"10,952"}},{"v":7959.8845,"d":"7,960"},{"v":0.7267809844064587,"d":"72.7%"}]
["Member 2259","1982-04-01","M",{"v":112374.84,"d":"112,375"},{"v":0.8,"d":"80%"},{"v":0.85,"d":"85%"},{"v":0.75,"d":"75%"},{"v":0.1,"d":"10%"},null,36,{"v":9364.57,"d":"9,365"},{"v":936.457,"d":"936"},{"v":11705.7125,"d":"11,706"},{"v":10769.2555,"d":"10,769"},{"$f":"(M41*12-(VLOOKUP(N41*12,'Tax table'!$A$3:$C$10,3)*(N41*12-VLOOKUP(N41*12,'Tax table'!$A$3:$C$10,1))+VLOOKUP(N41*12,'Tax table'!$A$3:$C$10,2)))/12","v":{"v":10952.246509999999,"d":"10,952"}},{"v":8428.113,"d":"8,428"},{"$f":"(VLOOKUP(P41*12,'Tax table'!$A$3:$C$10,3)*(P41*12-VLOOKUP(P41*12,'Tax table'!$A$3:$C$10,1))+VLOOKUP(P41*12,'Tax table'!$A$3:$C$10,2))/12","v":{"v":332.06034,"d":"332"}},{"v":9032.50966,"d":"9,033"},{"v":7677.633210999999,"d":"7,678"},{"v":0.701009898196676,"d":"70.1%"},{"v":23032.899632999997,"d":"23,033"},{"$f":"IF($B$15=\"Yes\",MIN(S41*2,References!$B$7),0)","v":{"v":15355.266421999999,"d":"15,355"}},{"$f":"IF(AND(D41<>0,$B$16=\"Yes\"),References!$B$6,0)","v":{"v":100000,"d":"100,000"}},{"v":1354.8764490000003,"d":"1,355"},{"v":7023.4275,"d":"7,023"},{"v":936.457,"d":"936"},{"v":7959.8845,"d":"7,960"},{"v":10769.2555,"d":"10,769"},{"$f":"(M41*12-(VLOOKUP(AB41*12,'Tax table'!$A$3:$C$10,3)*(AB41*12-VLOOKUP(AB41*12,'Tax table'!$A$3:$C$10,1))+VLOOKUP(AB41*12,'Tax table'!$A$3:$C$10,2)))/12","v":{"v":10952.246509999999,"d":"10,952"}},{"v":7959.8845,"d":"7,960"},{"v":0.7267809844064587,"d":"72.7%"}]
["Member 2254","1982-08-20","M",{"v":112618.44,"d":"112,618"},{"v":0.8,"d":"80%"},{"v":0.85,"d":"85%"},{"v":0.75,"d":"75%"},{"v":0.1,"d":"10%"},null,36,{"v":9384.87,"d":"9,385"},{"v":938.4870000000001,"d":"938"},{"v":11731.0875,"d":"11,731"},{"v":10792.6005,"d":"10,793"},{"$f":"(M42*12-(VLOOKUP(N42*12,'Tax table'!$A$3:$C$10,3)*(N42*12-VLOOKUP(N42*12,'Tax table'!$A$3:$C$10,1))+VLOOKUP(N42*12,'Tax table'!$A$3:$C$10,2)))/12","v":{"v":10973.41941,"d":"10,973"}},{"v":8446.383000000002,"d":"8,446"},{"$f":"(VLOOKUP(P42*12,'Tax table'!$A$3:$C$10,3)*(P42*12-VLOOKUP(P42*12,'Tax table'!$A$3:$C$10,1))+VLOOKUP(P42*12,'Tax table'!$A$3:$C$10,2))/12","v":{"v":335.34894000000025,"d":"335"}},{"v":9049.521060000001,"d":"9,050"},{"v":7692.092901000001,"d":"7,692"},{"v":0.7009750209665959,"d":"70.1%"},{"v":23076.278703000004,"d":"23,076"},{"$f":"IF($B$15=\"Yes\",MIN(S42*2,References!$B$7),0)","v":{"v":15384.185802000002,"d":"15,384"}},{"$f":"IF(AND(D42<>0,$B$16=\"Yes\"),References!$B$6,0)","v":{"v":100000,"d":"100,000"}},{"v":1357.428159,"d":"1,357"},{"v":7038.6525,"d":"7,039"},{"v":938.4870000000001,"d":"938"},{"v":7977.1395,"d":"7,977"},{"v":10792.6005,"d":"10,793"},{"$f":"(M42*12-(VLOOKUP(AB42*12,'Tax table'!$A$3:$C$10,3)*(AB42*12-VLOOKUP(AB42*12,'Tax table'!$A$3:$C$10,1))+VLOOKUP(AB42*12,'Tax table'!$A$3:$C$10,2)))/12","v":{"v":10973.41941,"d":"10,973"}},{"v":7977.1395,"d":"7,977"},{"v":0.7269511172361177,"d":"72.7%"}]
["Member 2255","1989-10-13","M",{"v":112618.44,"d":"112,618"},{"v":0.8,"d":"80%"},{"v":0.85,"d":"85%"},{"v":0.75,"d":"75%"},{"v":0.1,"d":"10%"},null,29,{"v":9384.87,"d":"9,385"},{"v":938.4870000000001,"d":"938"},{"v":11731.0875,"d":"11,731"},{"v":10792.6005,"d":"10,793"},{"$f":"(M43*12-(VLOOKUP(N43*12,'Tax table'!$A$3:$C$10,3)*(N43*12-VLOOKUP(N43*12,'Tax table'!$A$3:$C$10,1))+VLOOKUP(N43*12,'Tax table'!$A$3:$C$10,2)))/12","v":{"v":10973.41941,"d":"10,973"}},{"v":8446.383000000002,"d":"8,446"},{"$f":"(VLOOKUP(P43*12,'Tax table'!$A$3:$C$10,3)*(P43*12-VLOOKUP(P43*12,'Tax table'!$A$3:$C$10,1))+VLOOKUP(P43*12,'Tax table'!$A$3:$C$10,2))/12","v":{"v":335.34894000000025,"d":"335"}},{"v":9049.521060000001,"d":"9,050"},{"v":7692.092901000001,"d":"7,692"},{"v":0.7009750209665959,"d":"70.1%"},{"v":23076.278703000004,"d":"23,076"},{"$f":"IF($B$15=\"Yes\",MIN(S43*2,References!$B$7),0)","v":{"v":15384.185802000002,"d":"15,384"}},{"$f":"IF(AND(D43<>0,$B$16=\"Yes\"),References!$B$6,0)","v":{"v":100000,"d":"100,000"}},{"v":1357.428159,"d":"1,357"},{"v":7038.6525,"d":"7,039"},{"v":938.4870000000001,"d":"938"},{"v":7977.1395,"d":"7,977"},{"v":10792.6005,"d":"10,793"},{"$f":"(M43*12-(VLOOKUP(AB43*12,'Tax table'!$A$3:$C$10,3)*(AB43*12-VLOOKUP(AB43*12,'Tax table'!$A$3:$C$10,1))+VLOOKUP(AB43*12,'Tax table'!$A$3:$C$10,2)))/12","v":{"v":10973.41941,"d":"10,973"}},{"v":7977.1395,"d":"7,977"},{"v":0.7269511172361177,"d":"72.7%"}]
["Member 2256","1990-07-09","M",{"v":112618.44,"d":"112,618"},{"v":0.8,"d":"80%"},{"v":0.85,"d":"85%"},{"v":0.75,"d":"75%"},{"v":0.1,"d":"10%"},null,28,{"v":9384.87,"d":"9,385"},{"v":938.4870000000001,"d":"938"},{"v":11731.0875,"d":"11,731"},{"v":10792.6005,"d":"10,793"},{"$f":"(M44*12-(VLOOKUP(N44*12,'Tax table'!$A$3:$C$10,3)*(N44*12-VLOOKUP(N44*12,'Tax table'!$A$3:$C$10,1))+VLOOKUP(N44*12,'Tax table'!$A$3:$C$10,2)))/12","v":{"v":10973.41941,"d":"10,973"}},{"v":8446.383000000002,"d":"8,446"},{"$f":"(VLOOKUP(P44*12,'Tax table'!$A$3:$C$10,3)*(P44*12-VLOOKUP(P44*12,'Tax table'!$A$3:$C$10,1))+VLOOKUP(P44*12,'Tax table'!$A$3:$C$10,2))/12","v":{"v":335.34894000000025,"d":"335"}},{"v":9049.521060000001,"d":"9,050"},{"v":7692.092901000001,"d":"7,692"},{"v":0.7009750209665959,"d":"70.1%"},{"v":23076.278703000004,"d":"23,076"},{"$f":"IF($B$15=\"Yes\",MIN(S44*2,References!$B$7),0)","v":{"v":15384.185802000002,"d":"15,384"}},{"$f":"IF(AND(D44<>0,$B$16=\"Yes\"),References!$B$6,0)","v":{"v":100000,"d":"100,000"}},{"v":1357.428159,"d":"1,357"},{"v":7038.6525,"d":"7,039"},{"v":938.4870000000001,"d":"938"},{"v":7977.1395,"d":"7,977"},{"v":10792.6005,"d":"10,793"},{"$f":"(M44*12-(VLOOKUP(AB44*12,'Tax table'!$A$3:$C$10,3)*(AB44*12-VLOOKUP(AB44*12,'Tax table'!$A$3:$C$10,1))+VLOOKUP(AB44*12,'Tax table'!$A$3:$C$10,2)))/12","v":{"v":10973.41941,"d":"10,973"}},{"v":7977.1395,"d":"7,977"},{"v":0.7269511172361177,"d":"72.7%"}]
["Member 2257","1993-01-05","M",{"v":112618.44,"d":"112,618"},{"v":0.8,"d":"80%"},{"v":0.85,"d":"85%"},{"v":0.75,"d":"75%"},{"v":0.1,"d":"10%"},null,25,{"v":9384.87,"d":"9,385"},{"v":938.4870000000001,"d":"938"},{"v":11731.0875,"d":"11,731"},{"v":10792.6005,"d":"10,793"},{"$f":"(M45*12-(VLOOKUP(N45*12,'Tax table'!$A$3:$C$10,3)*(N45*12-VLOOKUP(N45*12,'Tax table'!$A$3:$C$10,1))+VLOOKUP(N45*12,'Tax table'!$A$3:$C$10,2)))/12","v":{"v":10973.41941,"d":"10,973"}},{"v":8446.383000000002,"d":"8,446"},{"$f":"(VLOOKUP(P45*12,'Tax table'!$A$3:$C$10,3)*(P45*12-VLOOKUP(P45*12,'Tax table'!$A$3:$C$10,1))+VLOOKUP(P45*12,'Tax table'!$A$3:$C$10,2))/12","v":{"v":335.34894000000025,"d":"335"}},{"v":9049.521060000001,"d":"9,050"},{"v":7692.092901000001,"d":"7,692"},{"v":0.7009750209665959,"d":"70.1%"},{"v":23076.278703000004,"d":"23,076"},{"$f":"IF($B$15=\"Yes\",MIN(S45*2,References!$B$7),0)","v":{"v":15384.185802000002,"d":"15,384"}},{"$f":"IF(AND(D45<>0,$B$16=\"Yes\"),References!$B$6,0)","v":{"v":100000,"d":"100,000"}},{"v":1357.428159,"d":"1,357"},{"v":7038.6525,"d":"7,039"},{"v":938.4870000000001,"d":"938"},{"v":7977.1395,"d":"7,977"},{"v":10792.6005,"d":"10,793"},{"$f":"(M45*12-(VLOOKUP(AB45*12,'Tax table'!$A$3:$C$10,3)*(AB45*12-VLOOKUP(AB45*12,'Tax table'!$A$3:$C$10,1))+VLOOKUP(AB45*12,'Tax table'!$A$3:$C$10,2)))/12","v":{"v":10973.41941,"d":"10,973"}},{"v":7977.1395,"d":"7,977"},{"v":0.7269511172361177,"d":"72.7%"}]
["Member 2253","1974-10-19","F",{"v":113831.4,"d":"113,831"},{"v":0.8,"d":"80%"},{"v":0.85,"d":"85%"},{"v":0.75,"d":"75%"},{"v":0.1,"d":"10%"},null,44,{"v":9485.949999999999,"d":"9,486"},{"v":948.5949999999999,"d":"949"},{"v":11857.437499999998,"d":"11,857"},{"v":10908.842499999999,"d":"10,909"},{"$f":"(M46*12-(VLOOKUP(N46*12,'Tax table'!$A$3:$C$10,3)*(N46*12-VLOOKUP(N46*12,'Tax table'!$A$3:$C$10,1))+VLOOKUP(N46*12,'Tax table'!$A$3:$C$10,2)))/12","v":{"v":11078.845849999998,"d":"11,079"}},{"v":8537.355,"d":"8,537"},{"$f":"(VLOOKUP(P46*12,'Tax table'!$A$3:$C$10,3)*(P46*12-VLOOKUP(P46*12,'Tax table'!$A$3:$C$10,1))+VLOOKUP(P46*12,'Tax table'!$A$3:$C$10,2))/12","v":{"v":351.7238999999999,"d":"352"}},{"v":9134.2261,"d":"9,134"},{"v":7764.0921849999995,"d":"7,764"},{"v":0.7008033409003521,"d":"70.1%"},{"v":23292.276554999997,"d":"23,292"},{"$f":"IF($B$15=\"Yes\",MIN(S46*2,References!$B$7),0)","v":{"v":15528.184369999999,"d":"15,528"}},{"$f":"IF(AND(D46<>0,$B$16=\"Yes\"),References!$B$6,0)","v":{"v":100000,"d":"100,000"}},{"v":1370.1339150000003,"d":"1,370"},{"v":7114.4625,"d":"7,114"},{"v":948.5949999999999,"d":"949"},{"v":8063.0575,"d":"8,063"},{"v":10908.842499999999,"d":"10,909"},{"$f":"(M46*12-(VLOOKUP(AB46*12,'Tax table'!$A$3:$C$10,3)*(AB46*12-VLOOKUP(AB46*12,'Tax table'!$A$3:$C$10,1))+VLOOKUP(AB46*12,'Tax table'!$A$3:$C$10,2)))/12","v":{"v":11078.845849999998,"d":"11,079"}},{"v":8063.0575,"d":"8,063"},{"v":0.7277885809738929,"d":"72.8%"}]
["Member 11","1958-05-23","F",{"v":117638,"d":"117,638"},{"v":0.8,"d":"80%"},{"v":0.85,"d":"85%"},{"v":0.75,"d":"75%"},{"v":0.1,"d":"10%"},null,60,{"v":9803.166666666666,"d":"9,803"},{"v":980.3166666666666,"d":"980"},{"v":12253.958333333332,"d":"12,254"},{"v":11273.641666666666,"d":"11,274"},{"$f":"(M47*12-(VLOOKUP(N47*12,'Tax table'!$A$3:$C$10,3)*(N47*12-VLOOKUP(N47*12,'Tax table'!$A$3:$C$10,1))+VLOOKUP(N47*12,'Tax table'!$A$3:$C$10,2)))/12","v":{"v":11409.702833333335,"d":"11,410"}},{"v":8822.849999999999,"d":"8,823"},{"$f":"(VLOOKUP(P47*12,'Tax table'!$A$3:$C$10,3)*(P47*12-VLOOKUP(P47*12,'Tax table'!$A$3:$C$10,1))+VLOOKUP(P47*12,'Tax table'!$A$3:$C$10,2))/12","v":{"v":403.1129999999998,"d":"403"}},{"v":9400.053666666667,"d":"9,400"},{"v":7990.045616666666,"d":"7,990"},{"v":0.7002851637225666,"d":"70.0%"},{"v":23970.13685,"d":"23,970"},{"$f":"IF($B$15=\"Yes\",MIN(S47*2,References!$B$7),0)","v":{"v":15980.091233333333,"d":"15,980"}},{"$f":"IF(AND(D47<>0,$B$16=\"Yes\"),References!$B$6,0)","v":{"v":100000,"d":"100,000"}},{"v":1410.0080500000004,"d":"1,410"},{"v":7352.375,"d":"7,352"},{"v":980.3166666666666,"d":"980"},{"v":8332.691666666666,"d":"8,333"},{"v":11273.641666666666,"d":"11,274"},{"$f":"(M47*12-(VLOOKUP(AB47*12,'Tax table'!$A$3:$C$10,3)*(AB47*12-VLOOKUP(AB47*12,'Tax table'!$A$3:$C$10,1))+VLOOKUP(AB47*12,'Tax table'!$A$3:$C$10,2)))/12","v":{"v":11409.702833333335,"d":"11,410"}},{"v":8332.691666666666,"d":"8,333"},{"v":0.7303162745240647,"d":"73.0%"}]
["Member 2246","1976-12-16","M",{"v":119403.84,"d":"119,404"},{"v":0.8,"d":"80%"},{"v":0.85,"d":"85%"},{"v":0.75,"d":"75%"},{"v":0.1,"d":"10%"},null,41,{"v":9950.32,"d":"9,950"},{"v":995.032,"d":"995"},{"v":12437.9,"d":"12,438"},{"v":11442.868,"d":"11,443"},{"$f":"(M48*12-(VLOOKUP(N48*12,'Tax table'!$A$3:$C$10,3)*(N48*12-VLOOKUP(N48*12,'Tax table'!$A$3:$C$10,1))+VLOOKUP(N48*12,'Tax table'!$A$3:$C$10,2)))/12","v":{"v":11563.18376,"d":"11,563"}},{"v":8955.288,"d":"8,955"},{"$f":"(VLOOKUP(P48*12,'Tax table'!$A$3:$C$10,3)*(P48*12-VLOOKUP(P48*12,'Tax table'!$A$3:$C$10,1))+VLOOKUP(P48*12,'Tax table'!$A$3:$C$10,2))/12","v":{"v":426.9518400000001,"d":"427"}},{"v":9523.36816,"d":"9,523"},{"v":8094.8629359999995,"d":"8,095"},{"v":0.7000548554803906,"d":"70.0%"},{"v":24284.588808,"d":"24,285"},{"$f":"IF($B$15=\"Yes\",MIN(S48*2,References!$B$7),0)","v":{"v":16189.725871999999,"d":"16,190"}},{"$f":"IF(AND(D48<>0,$B$16=\"Yes\"),References!$B$6,0)","v":{"v":100000,"d":"100,000"}},{"v":1428.5052240000005,"d":"1,429"},{"v":7462.74,"d":"7,463"},{"v":995.032,"d":"995"},{"v":8457.771999999999,"d":"8,458"},{"v":11442.868,"d":"11,443"},{"$f":"(M48*12-(VLOOKUP(AB48*12,'Tax table'!$A$3:$C$10,3)*(AB48*12-VLOOKUP(AB48*12,'Tax table'!$A$3:$C$10,1))+VLOOKUP(AB48*12,'Tax table'!$A$3:$C$10,2)))/12","v":{"v":11563.18376,"d":"11,563"}},{"v":8457.771999999999,"d":"8,458"},{"v":0.7314397293639481,"d":"73.1%"}]
["Member 2247","1983-07-01","M",{"v":119403.84,"d":"119,404"},{"v":0.8,"d":"80%"},{"v":0.85,"d":"85%"},{"v":0.75,"d":"75%"},{"v":0.1,"d":"10%"},null,35,{"v":9950.32,"d":"9,950"},{"v":995.032,"d":"995"},{"v":12437.9,"d":"12,438"},{"v":11442.868,"d":"11,443"},{"$f":"(M49*12-(VLOOKUP(N49*12,'Tax table'!$A$3:$C$10,3)*(N49*12-VLOOKUP(N49*12,'Tax table'!$A$3:$C$10,1))+VLOOKUP(N49*12,'Tax table'!$A$3:$C$10,2)))/12","v":{"v":11563.18376,"d":"11,563"}},{"v":8955.288,"d":"8,955"},{"$f":"(VLOOKUP(P49*12,'Tax table'!$A$3:$C$10,3)*(P49*12-VLOOKUP(P49*12,'Tax table'!$A$3:$C$10,1))+VLOOKUP(P49*12,'Tax table'!$A$3:$C$10,2))/12","v":{"v":426.9518400000001,"d":"427"}},{"v":9523.36816,"d":"9,523"},{"v":8094.8629359999995,"d":"8,095"},{"v":0.7000548554803906,"d":"70.0%"},{"v":24284.588808,"d":"24,285"},{"$f":"IF($B$15=\"Yes\",MIN(S49*2,References!$B$7),0)","v":{"v":16189.725871999999,"d":"16,190"}},{"$f":"IF(AND(D49<>0,$B$16=\"Yes\"),References!$B$6,0)","v":{"v":100000,"d":"100,000"}},{"v":1428.5052240000005,"d":"1,429"},{"v":7462.74,"d":"7,463"},{"v":995.032,"d":"995"},{"v":8457.771999999999,"d":"8,458"},{"v":11442.868,"d":"11,443"},{"$f":"(M49*12-(VLOOKUP(AB49*12,'Tax table'!$A$3:$C$10,3)*(AB49*12-VLOOKUP(AB49*12,'Tax table'!$A$3:$C$10,1))+VLOOKUP(AB49*12,'Tax table'!$A$3:$C$10,2)))/12","v":{"v":11563.18376,"d":"11,563"}},{"v":8457.771999999999,"d":"8,458"},{"v":0.7314397293639481,"d":"73.1%"}]
["Member 2248","1962-11-12","M",{"v":119403.84,"d":"119,404"},{"v":0.8,"d":"80%"},{"v":0.85,"d":"85%"},{"v":0.75,"d":"75%"},{"v":0.1,"d":"10%"},null,55,{"v":9950.32,"d":"9,950"},{"v":995.032,"d":"995"},{"v":12437.9,"d":"12,438"},{"v":11442.868,"d":"11,443"},{"$f":"(M50*12-(VLOOKUP(N50*12,'Tax table'!$A$3:$C$10,3)*(N50*12-VLOOKUP(N50*12,'Tax table'!$A$3:$C$10,1))+VLOOKUP(N50*12,'Tax table'!$A$3:$C$10,2)))/12","v":{"v":11563.18376,"d":"11,563"}},{"v":8955.288,"d":"8,955"},{"$f":"(VLOOKUP(P50*12,'Tax table'!$A$3:$C$10,3)*(P50*12-VLOOKUP(P50*12,'Tax table'!$A$3:$C$10,1))+VLOOKUP(P50*12,'Tax table'!$A$3:$C$10,2))/12","v":{"v":426.9518400000001,"d":"427"}},{"v":9523.36816,"d":"9,523"},{"v":8094.8629359999995,"d":"8,095"},{"v":0.7000548554803906,"d":"70.0%"},{"v":24284.588808,"d":"24,285"},{"$f":"IF($B$15=\"Yes\",MIN(S50*2,References!$B$7),0)","v":{"v":16189.725871999999,"d":"16,190"}},{"$f":"IF(AND(D50<>0,$B$16=\"Yes\"),References!$B$6,0)","v":{"v":100000,"d":"100,000"}},{"v":1428.5052240000005,"d":"1,429"},{"v":7462.74,"d":"7,463"},{"v":995.032,"d":"995"},{"v":8457.771999999999,"d":"8,458"},{"v":11442.868,"d":"11,443"},{"$f":"(M50*12-(VLOOKUP(AB50*12,'Tax table'!$A$3:$C$10,3)*(AB50*12-VLOOKUP(AB50*12,'Tax table'!$A$3:$C$10,1))+VLOOKUP(AB50*12,'Tax table'!$A$3:$C$10,2)))/12","v":{"v":11563.18376,"d":"11,563"}},{"v":8457.771999999999,"d":"8,458"},{"v":0.7314397293639481,"d":"73.1%"}]
["Member 2249","1969-07-23","F",{"v":119403.84,"d":"119,404"},{"v":0.8,"d":"80%"},{"v":0.85,"d":"85%"},{"v":0.75,"d":"75%"},{"v":0.1,"d":"10%"},null,49,{"v":9950.32,"d":"9,950"},{"v":995.032,"d":"995"},{"v":12437.9,"d":"12,438"},{"v":11442.868,"d":"11,443"},{"$f":"(M51*12-(VLOOKUP(N51*12,'Tax table'!$A$3:$C$10,3)*(N51*12-VLOOKUP(N51*12,'Tax table'!$A$3:$C$10,1))+VLOOKUP(N51*12,'Tax table'!$A$3:$C$10,2)))/12","v":{"v":11563.18376,"d":"11,563"}},{"v":8955.288,"d":"8,955"},{"$f":"(VLOOKUP(P51*12,'Tax table'!$A$3:$C$10,3)*(P51*12-VLOOKUP(P51*12,'Tax table'!$A$3:$C$10,1))+VLOOKUP(P51*12,'Tax table'!$A$3:$C$10,2))/12","v":{"v":426.9518400000001,"d":"427"}},{"v":9523.36816,"d":"9,523"},{"v":8094.8629359999995,"d":"8,095"},{"v":0.7000548554803906,"d":"70.0%"},{"v":24284.588808,"d":"24,285"},{"$f":"IF($B$15=\"Yes\",MIN(S51*2,References!$B$7),0)","v":{"v":16189.725871999999,"d":"16,190"}},{"$f":"IF(AND(D51<>0,$B$16=\"Yes\"),References!$B$6,0)","v":{"v":100000,"d":"100,000"}},{"v":1428.5052240000005,"d":"1,429"},{"v":7462.74,"d":"7,463"},{"v":995.032,"d":"995"},{"v":8457.771999999999,"d":"8,458"},{"v":11442.868,"d":"11,443"},{"$f":"(M51*12-(VLOOKUP(AB51*12,'Tax table'!$A$3:$C$10,3)*(AB51*12-VLOOKUP(AB51*12,'Tax table'!$A$3:$C$10,1))+VLOOKUP(AB51*12,'Tax table'!$A$3:$C$10,2)))/12","v":{"v":11563.18376,"d":"11,563"}},{"v":8457.771999999999,"d":"8,458"},{"v":0.7314397293639481,"d":"73.1%"}]
["Member 2250","1989-02-01","M",{"v":119403.84,"d":"119,404"},{"v":0.8,"d":"80%"},{"v":0.85,"d":"85%"},{"v":0.75,"d":"75%"},{"v":0.1,"d":"10%"},null,29,{"v":9950.32,"d":"9,950"},{"v":995.032,"d":"995"},{"v":12437.9,"d":"12,438"},{"v":11442.868,"d":"11,443"},{"$f":"(M52*12-(VLOOKUP(N52*12,'Tax table'!$A$3:$C$10,3)*(N52*12-VLOOKUP(N52*12,'Tax table'!$A$3:$C$10,1))+VLOOKUP(N52*12,'Tax table'!$A$3:$C$10,2)))/12","v":{"v":11563.18376,"d":"11,563"}},{"v":8955.288,"d":"8,955"},{"$f":"(VLOOKUP(P52*12,'Tax table'!$A$3:$C$10,3)*(P52*12-VLOOKUP(P52*12,'Tax table'!$A$3:$C$10,1))+VLOOKUP(P52*12,'Tax table'!$A$3:$C$10,2))/12","v":{"v":426.9518400000001,"d":"427"}},{"v":9523.36816,"d":"9,523"},{"v":8094.8629359999995,"d":"8,095"},{"v":0.7000548554803906,"d":"70.0%"},{"v":24284.588808,"d":"24,285"},{"$f":"IF($B$15=\"Yes\",MIN(S52*2,References!$B$7),0)","v":{"v":16189.725871999999,"d":"16,190"}},{"$f":"IF(AND(D52<>0,$B$16=\"Yes\"),References!$B$6,0)","v":{"v":100000,"d":"100,000"}},{"v":1428.5052240000005,"d":"1,429"},{"v":7462.74,"d":"7,463"},{"v":995.032,"d":"995"},{"v":8457.771999999999,"d":"8,458"},{"v":11442.868,"d":"11,443"},{"$f":"(M52*12-(VLOOKUP(AB52*12,'Tax table'!$A$3:$C$10,3)*(AB52*12-VLOOKUP(AB52*12,'Tax table'!$A$3:$C$10,1))+VLOOKUP(AB52*12,'Tax table'!$A$3:$C$10,2)))/12","v":{"v":11563.18376,"d":"11,563"}},{"v":8457.771999999999,"d":"8,458"},{"v":0.7314397293639481,"d":"73.1%"}]
["Member 2251","1981-02-02","M",{"v":119403.84,"d":"119,404"},{"v":0.8,"d":"80%"},{"v":0.85,"d":"85%"},{"v":0.75,"d":"75%"},{"v":0.1,"d":"10%"},null,37,{"v":9950.32,"d":"9,950"},{"v":995.032,"d":"995"},{"v":12437.9,"d":"12,438"},{"v":11442.868,"d":"11,443"},{"$f":"(M53*12-(VLOOKUP(N53*12,'Tax table'!$A$3:$C$10,3)*(N53*12-VLOOKUP(N53*12,'Tax table'!$A$3:$C$10,1))+VLOOKUP(N53*12,'Tax table'!$A$3:$C$10,2)))/12","v":{"v":11563.18376,"d":"11,563"}},{"v":8955.288,"d":"8,955"},{"$f":"(VLOOKUP(P53*12,'Tax table'!$A$3:$C$10,3)*(P53*12-VLOOKUP(P53*12,'Tax table'!$A$3:$C$10,1))+VLOOKUP(P53*12,'Tax table'!$A$3:$C$10,2))/12","v":{"v":426.9518400000001,"d":"427"}},{"v":9523.36816,"d":"9,523"},{"v":8094.8629359999995,"d":"8,095"},{"v":0.7000548554803906,"d":"70.0%"},{"v":24284.588808,"d":"24,285"},{"$f":"IF($B$15=\"Yes\",MIN(S53*2,References!$B$7),0)","v":{"v":16189.725871999999,"d":"16,190"}},{"$f":"IF(AND(D53<>0,$B$16=\"Yes\"),References!$B$6,0)","v":{"v":100000,"d":"100,000"}},{"v":1428.5052240000005,"d":"1,429"},{"v":7462.74,"d":"7,463"},{"v":995.032,"d":"995"},{"v":8457.771999999999,"d":"8,458"},{"v":11442.868,"d":"11,443"},{"$f":"(M53*12-(VLOOKUP(AB53*12,'Tax table'!$A$3:$C$10,3)*(AB53*12-VLOOKUP(AB53*12,'Tax table'!$A$3:$C$10,1))+VLOOKUP(AB53*12,'Tax table'!$A$3:$C$10,2)))/12","v":{"v":11563.18376,"d":"11,563"}},{"v":8457.771999999999,"d":"8,458"},{"v":0.7314397293639481,"d":"73.1%"}]
["Member 2252","1982-09-23","M",{"v":119403.84,"d":"119,404"},{"v":0.8,"d":"80%"},{"v":0.85,"d":"85%"},{"v":0.75,"d":"75%"},{"v":0.1,"d":"10%"},null,36,{"v":9950.32,"d":"9,950"},{"v":995.032,"d":"995"},{"v":12437.9,"d":"12,438"},{"v":11442.868,"d":"11,443"},{"$f":"(M54*12-(VLOOKUP(N54*12,'Tax table'!$A$3:$C$10,3)*(N54*12-VLOOKUP(N54*12,'Tax table'!$A$3:$C$10,1))+VLOOKUP(N54*12,'Tax table'!$A$3:$C$10,2)))/12","v":{"v":11563.18376,"d":"11,563"}},{"v":8955.288,"d":"8,955"},{"$f":"(VLOOKUP(P54*12,'Tax table'!$A$3:$C$10,3)*(P54*12-VLOOKUP(P54*12,'Tax table'!$A$3:$C$10,1))+VLOOKUP(P54*12,'Tax table'!$A$3:$C$10,2))/12","v":{"v":426.9518400000001,"d":"427"}},{"v":9523.36816,"d":"9,523"},{"v":8094.8629359999995,"d":"8,095"},{"v":0.7000548554803906,"d":"70.0%"},{"v":24284.588808,"d":"24,285"},{"$f":"IF($B$15=\"Yes\",MIN(S54*2,References!$B$7),0)","v":{"v":16189.725871999999,"d":"16,190"}},{"$f":"IF(AND(D54<>0,$B$16=\"Yes\"),References!$B$6,0)","v":{"v":100000,"d":"100,000"}},{"v":1428.5052240000005,"d":"1,429"},{"v":7462.74,"d":"7,463"},{"v":995.032,"d":"995"},{"v":8457.771999999999,"d":"8,458"},{"v":11442.868,"d":"11,443"},{"$f":"(M54*12-(VLOOKUP(AB54*12,'Tax table'!$A$3:$C$10,3)*(AB54*12-VLOOKUP(AB54*12,'Tax table'!$A$3:$C$10,1))+VLOOKUP(AB54*12,'Tax table'!$A$3:$C$10,2)))/12","v":{"v":11563.18376,"d":"11,563"}},{"v":8457.771999999999,"d":"8,458"},{"v":0.7314397293639481,"d":"73.1%"}]
["Member 2245","1981-02-07","M",{"v":119417.16,"d":"119,417"},{"v":0.8,"d":"80%"},{"v":0.85,"d":"85%"},{"v":0.75,"d":"75%"},{"v":0.1,"d":"10%"},null,37,{"v":9951.43,"d":"9,951"},{"v":995.143,"d":"995"},{"v":12439.2875,"d":"12,439"},{"v":11444.1445,"d":"11,444"},{"$f":"(M55*12-(VLOOKUP(N55*12,'Tax table'!$A$3:$C$10,3)*(N55*12-VLOOKUP(N55*12,'Tax table'!$A$3:$C$10,1))+VLOOKUP(N55*12,'Tax table'!$A$3:$C$10,2)))/12","v":{"v":11564.34149,"d":"11,564"}},{"v":8956.287,"d":"8,956"},{"$f":"(VLOOKUP(P55*12,'Tax table'!$A$3:$C$10,3)*(P55*12-VLOOKUP(P55*12,'Tax table'!$A$3:$C$10,1))+VLOOKUP(P55*12,'Tax table'!$A$3:$C$10,2))/12","v":{"v":427.13166,"d":"427"}},{"v":9524.298340000001,"d":"9,524"},{"v":8095.6535890000005,"d":"8,096"},{"v":0.7000531414608027,"d":"70.0%"},{"v":24286.960767,"d":"24,287"},{"$f":"IF($B$15=\"Yes\",MIN(S55*2,References!$B$7),0)","v":{"v":16191.307178000001,"d":"16,191"}},{"$f":"IF(AND(D55<>0,$B$16=\"Yes\"),References!$B$6,0)","v":{"v":100000,"d":"100,000"}},{"v":1428.6447510000007,"d":"1,429"},{"v":7463.5725,"d":"7,464"},{"v":995.143,"d":"995"},{"v":8458.7155,"d":"8,459"},{"v":11444.1445,"d":"11,444"},{"$f":"(M55*12-(VLOOKUP(AB55*12,'Tax table'!$A$3:$C$10,3)*(AB55*12-VLOOKUP(AB55*12,'Tax table'!$A$3:$C$10,1))+VLOOKUP(AB55*12,'Tax table'!$A$3:$C$10,2)))/12","v":{"v":11564.34149,"d":"11,564"}},{"v":8458.7155,"d":"8,459"},{"v":0.7314480904351087,"d":"73.1%"}]
["Member 2244","1981-08-26","M",{"v":119527.8,"d":"119,528"},{"v":0.8,"d":"80%"},{"v":0.85,"d":"85%"},{"v":0.75,"d":"75%"},{"v":0.1,"d":"10%"},null,37,{"v":9960.65,"d":"9,961"},{"v":996.065,"d":"996"},{"v":12450.812499999998,"d":"12,451"},{"v":11454.747499999998,"d":"11,455"},{"$f":"(M56*12-(VLOOKUP(N56*12,'Tax table'!$A$3:$C$10,3)*(N56*12-VLOOKUP(N56*12,'Tax table'!$A$3:$C$10,1))+VLOOKUP(N56*12,'Tax table'!$A$3:$C$10,2)))/12","v":{"v":11573.957949999998,"d":"11,574"}},{"v":8964.585,"d":"8,965"},{"$f":"(VLOOKUP(P56*12,'Tax table'!$A$3:$C$10,3)*(P56*12-VLOOKUP(P56*12,'Tax table'!$A$3:$C$10,1))+VLOOKUP(P56*12,'Tax table'!$A$3:$C$10,2))/12","v":{"v":428.62529999999987,"d":"429"}},{"v":9532.0247,"d":"9,532"},{"v":8102.220995,"d":"8,102"},{"v":0.7000389175424645,"d":"70.0%"},{"v":24306.662985,"d":"24,307"},{"$f":"IF($B$15=\"Yes\",MIN(S56*2,References!$B$7),0)","v":{"v":16204.44199,"d":"16,204"}},{"$f":"IF(AND(D56<>0,$B$16=\"Yes\"),References!$B$6,0)","v":{"v":100000,"d":"100,000"}},{"v":1429.8037050000003,"d":"1,430"},{"v":7470.487499999999,"d":"7,470"},{"v":996.065,"d":"996"},{"v":8466.5525,"d":"8,467"},{"v":11454.747499999998,"d":"11,455"},{"$f":"(M56*12-(VLOOKUP(AB56*12,'Tax table'!$A$3:$C$10,3)*(AB56*12-VLOOKUP(AB56*12,'Tax table'!$A$3:$C$10,1))+VLOOKUP(AB56*12,'Tax table'!$A$3:$C$10,2)))/12","v":{"v":11573.957949999998,"d":"11,574"}},{"v":8466.5525,"d":"8,467"},{"v":0.7315174754026129,"d":"73.2%"}]
["Member 10","1954-03-09","F",{"v":119944,"d":"119,944"},{"v":0.8,"d":"80%"},{"v":0.85,"d":"85%"},{"v":0.75,"d":"75%"},{"v":0.1,"d":"10%"},null,64,{"v":9995.333333333334,"d":"9,995"},{"v":999.5333333333334,"d":"1,000"},{"v":12494.166666666666,"d":"12,494"},{"v":11494.633333333333,"d":"11,495"},{"$f":"(M57*12-(VLOOKUP(N57*12,'Tax table'!$A$3:$C$10,3)*(N57*12-VLOOKUP(N57*12,'Tax table'!$A$3:$C$10,1))+VLOOKUP(N57*12,'Tax table'!$A$3:$C$10,2)))/12","v":{"v":11610.132666666666,"d":"11,610"}},{"v":8995.800000000001,"d":"8,996"},{"$f":"(VLOOKUP(P57*12,'Tax table'!$A$3:$C$10,3)*(P57*12-VLOOKUP(P57*12,'Tax table'!$A$3:$C$10,1))+VLOOKUP(P57*12,'Tax table'!$A$3:$C$10,2))/12","v":{"v":434.2440000000001,"d":"434"}},{"v":9561.089333333333,"d":"9,561"},{"v":8126.925933333333,"d":"8,127"},{"v":0.699985621754882,"d":"70.0%"},{"v":24380.7778,"d":"24,381"},{"$f":"IF($B$15=\"Yes\",MIN(S57*2,References!$B$7),0)","v":{"v":16253.851866666666,"d":"16,254"}},{"$f":"IF(AND(D57<>0,$B$16=\"Yes\"),References!$B$6,0)","v":{"v":100000,"d":"100,000"}},{"v":1434.1634000000004,"d":"1,434"},{"v":7496.5,"d":"7,497"},{"v":999.5333333333334,"d":"1,000"},{"v":8496.033333333333,"d":"8,496"},{"v":11494.633333333333,"d":"11,495"},{"$f":"(M57*12-(VLOOKUP(AB57*12,'Tax table'!$A$3:$C$10,3)*(AB57*12-VLOOKUP(AB57*12,'Tax table'!$A$3:$C$10,1))+VLOOKUP(AB57*12,'Tax table'!$A$3:$C$10,2)))/12","v":{"v":11610.132666666666,"d":"11,610"}},{"v":8496.033333333333,"d":"8,496"},{"v":0.731777454854234,"d":"73.2%"}]
["Member 2243","1974-04-09","F",{"v":122232.48,"d":"122,232"},{"v":0.8,"d":"80%"},{"v":0.85,"d":"85%"},{"v":0.75,"d":"75%"},{"v":0.1,"d":"10%"},null,44,{"v":10186.039999999999,"d":"10,186"},{"v":1018.6039999999999,"d":"1,019"},{"v":12732.549999999997,"d":"12,733"},{"v":11713.945999999998,"d":"11,714"},{"$f":"(M58*12-(VLOOKUP(N58*12,'Tax table'!$A$3:$C$10,3)*(N58*12-VLOOKUP(N58*12,'Tax table'!$A$3:$C$10,1))+VLOOKUP(N58*12,'Tax table'!$A$3:$C$10,2)))/12","v":{"v":11809.039719999999,"d":"11,809"}},{"v":9167.436,"d":"9,167"},{"$f":"(VLOOKUP(P58*12,'Tax table'!$A$3:$C$10,3)*(P58*12-VLOOKUP(P58*12,'Tax table'!$A$3:$C$10,1))+VLOOKUP(P58*12,'Tax table'!$A$3:$C$10,2))/12","v":{"v":465.13847999999984,"d":"465"}},{"v":9720.90152,"d":"9,721"},{"v":8262.766291999998,"d":"8,263"},{"v":0.6996984079921444,"d":"70.0%"},{"v":24788.298875999993,"d":"24,788"},{"$f":"IF($B$15=\"Yes\",MIN(S58*2,References!$B$7),0)","v":{"v":16525.532583999997,"d":"16,526"}},{"$f":"IF(AND(D58<>0,$B$16=\"Yes\"),References!$B$6,0)","v":{"v":100000,"d":"100,000"}},{"v":1458.135228000001,"d":"1,458"},{"v":7639.529999999999,"d":"7,640"},{"v":1018.6039999999999,"d":"1,019"},{"v":8658.133999999998,"d":"8,658"},{"v":11713.945999999998,"d":"11,714"},{"$f":"(M58*12-(VLOOKUP(AB58*12,'Tax table'!$A$3:$C$10,3)*(AB58*12-VLOOKUP(AB58*12,'Tax table'!$A$3:$C$10,1))+VLOOKUP(AB58*12,'Tax table'!$A$3:$C$10,2)))/12","v":{"v":11809.039719999999,"d":"11,809"}},{"v":8658.133999999998,"d":"8,658"},{"v":0.733178497599295,"d":"73.3%"}]
["Member 2241","1990-04-07","M",{"v":122570.28,"d":"122,570"},{"v":0.8,"d":"80%"},{"v":0.85,"d":"85%"},{"v":0.75,"d":"75%"},{"v":0.1,"d":"10%"},null,28,{"v":10214.19,"d":"10,214"},{"v":1021.4190000000001,"d":"1,021"},{"v":12767.7375,"d":"12,768"},{"v":11746.3185,"d":"11,746"},{"$f":"(M59*12-(VLOOKUP(N59*12,'Tax table'!$A$3:$C$10,3)*(N59*12-VLOOKUP(N59*12,'Tax table'!$A$3:$C$10,1))+VLOOKUP(N59*12,'Tax table'!$A$3:$C$10,2)))/12","v":{"v":11838.400169999999,"d":"11,838"}},{"v":9192.771,"d":"9,193"},{"$f":"(VLOOKUP(P59*12,'Tax table'!$A$3:$C$10,3)*(P59*12-VLOOKUP(P59*12,'Tax table'!$A$3:$C$10,1))+VLOOKUP(P59*12,'Tax table'!$A$3:$C$10,2))/12","v":{"v":469.6987800000001,"d":"470"}},{"v":9744.49122,"d":"9,744"},{"v":8282.817536999999,"d":"8,283"},{"v":0.6996568301508935,"d":"70.0%"},{"v":24848.452610999997,"d":"24,848"},{"$f":"IF($B$15=\"Yes\",MIN(S59*2,References!$B$7),0)","v":{"v":16565.635073999998,"d":"16,566"}},{"$f":"IF(AND(D59<>0,$B$16=\"Yes\"),References!$B$6,0)","v":{"v":100000,"d":"100,000"}},{"v":1461.673683000001,"d":"1,462"},{"v":7660.6425,"d":"7,661"},{"v":1021.4190000000001,"d":"1,021"},{"v":8682.0615,"d":"8,682"},{"v":11746.3185,"d":"11,746"},{"$f":"(M59*12-(VLOOKUP(AB59*12,'Tax table'!$A$3:$C$10,3)*(AB59*12-VLOOKUP(AB59*12,'Tax table'!$A$3:$C$10,1))+VLOOKUP(AB59*12,'Tax table'!$A$3:$C$10,2)))/12","v":{"v":11838.400169999999,"d":"11,838"}},{"v":8682.0615,"d":"8,682"},{"v":0.7333813163371043,"d":"73.3%"}]
["Member 2242","1990-05-27","F",{"v":122570.28,"d":"122,570"},{"v":0.8,"d":"80%"},{"v":0.85,"d":"85%"},{"v":0.75,"d":"75%"},{"v":0.1,"d":"10%"},null,28,{"v":10214.19,"d":"10,214"},{"v":1021.4190000000001,"d":"1,021"},{"v":12767.7375,"d":"12,768"},{"v":11746.3185,"d":"11,746"},{"$f":"(M60*12-(VLOOKUP(N60*12,'Tax table'!$A$3:$C$10,3)*(N60*12-VLOOKUP(N60*12,'Tax table'!$A$3:$C$10,1))+VLOOKUP(N60*12,'Tax table'!$A$3:$C$10,2)))/12","v":{"v":11838.400169999999,"d":"11,838"}},{"v":9192.771,"d":"9,193"},{"$f":"(VLOOKUP(P60*12,'Tax table'!$A$3:$C$10,3)*(P60*12-VLOOKUP(P60*12,'Tax table'!$A$3:$C$10,1))+VLOOKUP(P60*12,'Tax table'!$A$3:$C$10,2))/12","v":{"v":469.6987800000001,"d":"470"}},{"v":9744.49122,"d":"9,744"},{"v":8282.817536999999,"d":"8,283"},{"v":0.6996568301508935,"d":"70.0%"},{"v":24848.452610999997,"d":"24,848"},{"$f":"IF($B$15=\"Yes\",MIN(S60*2,References!$B$7),0)","v":{"v":16565.635073999998,"d":"16,566"}},{"$f":"IF(AND(D60<>0,$B$16=\"Yes\"),References!$B$6,0)","v":{"v":100000,"d":"100,000"}},{"v":1461.673683000001,"d":"1,462"},{"v":7660.6425,"d":"7,661"},{"v":1021.4190000000001,"d":"1,021"},{"v":8682.0615,"d":"8,682"},{"v":11746.3185,"d":"11,746"},{"$f":"(M60*12-(VLOOKUP(AB60*12,'Tax table'!$A$3:$C$10,3)*(AB60*12-VLOOKUP(AB60*12,'Tax table'!$A$3:$C$10,1))+VLOOKUP(AB60*12,'Tax table'!$A$3:$C$10,2)))/12","v":{"v":11838.400169999999,"d":"11,838"}},{"v":8682.0615,"d":"8,682"},{"v":0.7333813163371043,"d":"73.3%"}]
["Member 2240","1983-04-28","M",{"v":122577.12,"d":"122,577"},{"v":0.8,"d":"80%"},{"v":0.85,"d":"85%"},{"v":0.75,"d":"75%"},{"v":0.1,"d":"10%"},null,35,{"v":10214.76,"d":"10,215"},{"v":1021.4760000000001,"d":"1,021"},{"v":12768.449999999999,"d":"12,768"},{"v":11746.973999999998,"d":"11,747"},{"$f":"(M61*12-(VLOOKUP(N61*12,'Tax table'!$A$3:$C$10,3)*(N61*12-VLOOKUP(N61*12,'Tax table'!$A$3:$C$10,1))+VLOOKUP(N61*12,'Tax table'!$A$3:$C$10,2)))/12","v":{"v":11838.994680000002,"d":"11,839"}},{"v":9193.284,"d":"9,193"},{"$f":"(VLOOKUP(P61*12,'Tax table'!$A$3:$C$10,3)*(P61*12-VLOOKUP(P61*12,'Tax table'!$A$3:$C$10,1))+VLOOKUP(P61*12,'Tax table'!$A$3:$C$10,2))/12","v":{"v":469.7911199999999,"d":"470"}},{"v":9744.96888,"d":"9,745"},{"v":8283.223548,"d":"8,283"},{"v":0.6996559903851565,"d":"70.0%"},{"v":24849.670643999998,"d":"24,850"},{"$f":"IF($B$15=\"Yes\",MIN(S61*2,References!$B$7),0)","v":{"v":16566.447096,"d":"16,566"}},{"$f":"IF(AND(D61<>0,$B$16=\"Yes\"),References!$B$6,0)","v":{"v":100000,"d":"100,000"}},{"v":1461.7453320000004,"d":"1,462"},{"v":7661.07,"d":"7,661"},{"v":1021.4760000000001,"d":"1,021"},{"v":8682.546,"d":"8,683"},{"v":11746.973999999998,"d":"11,747"},{"$f":"(M61*12-(VLOOKUP(AB61*12,'Tax table'!$A$3:$C$10,3)*(AB61*12-VLOOKUP(AB61*12,'Tax table'!$A$3:$C$10,1))+VLOOKUP(AB61*12,'Tax table'!$A$3:$C$10,2)))/12","v":{"v":11838.994680000002,"d":"11,839"}},{"v":8682.546,"d":"8,683"},{"v":0.7333854127553336,"d":"73.3%"}]
["Member 2239","1981-04-06","F",{"v":125721.72,"d":"125,722"},{"v":0.8,"d":"80%"},{"v":0.85,"d":"85%"},{"v":0.75,"d":"75%"},{"v":0.1,"d":"10%"},null,37,{"v":10476.81,"d":"10,477"},{"v":1047.681,"d":"1,048"},{"v":13096.012499999999,"d":"13,096"},{"v":12048.331499999998,"d":"12,048"},{"$f":"(M62*12-(VLOOKUP(N62*12,'Tax table'!$A$3:$C$10,3)*(N62*12-VLOOKUP(N62*12,'Tax table'!$A$3:$C$10,1))+VLOOKUP(N62*12,'Tax table'!$A$3:$C$10,2)))/12","v":{"v":12112.31283,"d":"12,112"}},{"v":9429.128999999999,"d":"9,429"},{"$f":"(VLOOKUP(P62*12,'Tax table'!$A$3:$C$10,3)*(P62*12-VLOOKUP(P62*12,'Tax table'!$A$3:$C$10,1))+VLOOKUP(P62*12,'Tax table'!$A$3:$C$10,2))/12","v":{"v":512.2432199999997,"d":"512"}},{"v":9964.56678,"d":"9,965"},{"v":8469.881763,"d":"8,470"},{"v":0.6992786499058743,"d":"69.9%"},{"v":25409.645289,"d":"25,410"},{"$f":"IF($B$15=\"Yes\",MIN(S62*2,References!$B$7),0)","v":{"v":16939.763526,"d":"16,940"}},{"$f":"IF(AND(D62<>0,$B$16=\"Yes\"),References!$B$6,0)","v":{"v":100000,"d":"100,000"}},{"v":1494.6850169999998,"d":"1,495"},{"v":7857.6075,"d":"7,858"},{"v":1047.681,"d":"1,048"},{"v":8905.2885,"d":"8,905"},{"v":12048.331499999998,"d":"12,048"},{"$f":"(M62*12-(VLOOKUP(AB62*12,'Tax table'!$A$3:$C$10,3)*(AB62*12-VLOOKUP(AB62*12,'Tax table'!$A$3:$C$10,1))+VLOOKUP(AB62*12,'Tax table'!$A$3:$C$10,2)))/12","v":{"v":12112.31283,"d":"12,112"}},{"v":8905.2885,"d":"8,905"},{"v":0.7352260980201252,"d":"73.5%"}]
["Member 2234","1962-09-22","F",{"v":125721.96,"d":"125,722"},{"v":0.8,"d":"80%"},{"v":0.85,"d":"85%"},{"v":0.75,"d":"75%"},{"v":0.1,"d":"10%"},null,56,{"v":10476.83,"d":"10,477"},{"v":1047.683,"d":"1,048"},{"v":13096.037499999999,"d":"13,096"},{"v":12048.354499999998,"d":"12,048"},{"$f":"(M63*12-(VLOOKUP(N63*12,'Tax table'!$A$3:$C$10,3)*(N63*12-VLOOKUP(N63*12,'Tax table'!$A$3:$C$10,1))+VLOOKUP(N63*12,'Tax table'!$A$3:$C$10,2)))/12","v":{"v":12112.33369,"d":"12,112"}},{"v":9429.147,"d":"9,429"},{"$f":"(VLOOKUP(P63*12,'Tax table'!$A$3:$C$10,3)*(P63*12-VLOOKUP(P63*12,'Tax table'!$A$3:$C$10,1))+VLOOKUP(P63*12,'Tax table'!$A$3:$C$10,2))/12","v":{"v":512.2464600000002,"d":"512"}},{"v":9964.58354,"d":"9,965"},{"v":8469.896009,"d":"8,470"},{"v":0.6992786217566633,"d":"69.9%"},{"v":25409.688027,"d":"25,410"},{"$f":"IF($B$15=\"Yes\",MIN(S63*2,References!$B$7),0)","v":{"v":16939.792018,"d":"16,940"}},{"$f":"IF(AND(D63<>0,$B$16=\"Yes\"),References!$B$6,0)","v":{"v":100000,"d":"100,000"}},{"v":1494.6875309999996,"d":"1,495"},{"v":7857.6224999999995,"d":"7,858"},{"v":1047.683,"d":"1,048"},{"v":8905.305499999999,"d":"8,905"},{"v":12048.354499999998,"d":"12,048"},{"$f":"(M63*12-(VLOOKUP(AB63*12,'Tax table'!$A$3:$C$10,3)*(AB63*12-VLOOKUP(AB63*12,'Tax table'!$A$3:$C$10,1))+VLOOKUP(AB63*12,'Tax table'!$A$3:$C$10,2)))/12","v":{"v":12112.33369,"d":"12,112"}},{"v":8905.305499999999,"d":"8,905"},{"v":0.7352262353333496,"d":"73.5%"}]
["Member 2235","1978-05-23","M",{"v":125721.96,"d":"125,722"},{"v":0.8,"d":"80%"},{"v":0.85,"d":"85%"},{"v":0.75,"d":"75%"},{"v":0.1,"d":"10%"},null,40,{"v":10476.83,"d":"10,477"},{"v":1047.683,"d":"1,048"},{"v":13096.037499999999,"d":"13,096"},{"v":12048.354499999998,"d":"12,048"},{"$f":"(M64*12-(VLOOKUP(N64*12,'Tax table'!$A$3:$C$10,3)*(N64*12-VLOOKUP(N64*12,'Tax table'!$A$3:$C$10,1))+VLOOKUP(N64*12,'Tax table'!$A$3:$C$10,2)))/12","v":{"v":12112.33369,"d":"12,112"}},{"v":9429.147,"d":"9,429"},{"$f":"(VLOOKUP(P64*12,'Tax table'!$A$3:$C$10,3)*(P64*12-VLOOKUP(P64*12,'Tax table'!$A$3:$C$10,1))+VLOOKUP(P64*12,'Tax table'!$A$3:$C$10,2))/12","v":{"v":512.2464600000002,"d":"512"}},{"v":9964.58354,"d":"9,965"},{"v":8469.896009,"d":"8,470"},{"v":0.6992786217566633,"d":"69.9%"},{"v":25409.688027,"d":"25,410"},{"$f":"IF($B$15=\"Yes\",MIN(S64*2,References!$B$7),0)","v":{"v":16939.792018,"d":"16,940"}},{"$f":"IF(AND(D64<>0,$B$16=\"Yes\"),References!$B$6,0)","v":{"v":100000,"d":"100,000"}},{"v":1494.6875309999996,"d":"1,495"},{"v":7857.6224999999995,"d":"7,858"},{"v":1047.683,"d":"1,048"},{"v":8905.305499999999,"d":"8,905"},{"v":12048.354499999998,"d":"12,048"},{"$f":"(M64*12-(VLOOKUP(AB64*12,'Tax table'!$A$3:$C$10,3)*(AB64*12-VLOOKUP(AB64*12,'Tax table'!$A$3:$C$10,1))+VLOOKUP(AB64*12,'Tax table'!$A$3:$C$10,2)))/12","v":{"v":12112.33369,"d":"12,112"}},{"v":8905.305499999999,"d":"8,905"},{"v":0.7352262353333496,"d":"73.5%"}]
["Member 2236","1977-10-13","M",{"v":125721.96,"d":"125,722"},{"v":0.8,"d":"80%"},{"v":0.85,"d":"85%"},{"v":0.75,"d":"75%"},{"v":0.1,"d":"10%"},null,41,{"v":10476.83,"d":"10,477"},{"v":1047.683,"d":"1,048"},{"v":13096.037499999999,"d":"13,096"},{"v":12048.354499999998,"d":"12,048"},{"$f":"(M65*12-(VLOOKUP(N65*12,'Tax table'!$A$3:$C$10,3)*(N65*12-VLOOKUP(N65*12,'Tax table'!$A$3:$C$10,1))+VLOOKUP(N65*12,'Tax table'!$A$3:$C$10,2)))/12","v":{"v":12112.33369,"d":"12,112"}},{"v":9429.147,"d":"9,429"},{"$f":"(VLOOKUP(P65*12,'Tax table'!$A$3:$C$10,3)*(P65*12-VLOOKUP(P65*12,'Tax table'!$A$3:$C$10,1))+VLOOKUP(P65*12,'Tax table'!$A$3:$C$10,2))/12","v":{"v":512.2464600000002,"d":"512"}},{"v":9964.58354,"d":"9,965"},{"v":8469.896009,"d":"8,470"},{"v":0.6992786217566633,"d":"69.9%"},{"v":25409.688027,"d":"25,410"},{"$f":"IF($B$15=\"Yes\",MIN(S65*2,References!$B$7),0)","v":{"v":16939.792018,"d":"16,940"}},{"$f":"IF(AND(D65<>0,$B$16=\"Yes\"),References!$B$6,0)","v":{"v":100000,"d":"100,000"}},{"v":1494.6875309999996,"d":"1,495"},{"v":7857.6224999999995,"d":"7,858"},{"v":1047.683,"d":"1,048"},{"v":8905.305499999999,"d":"8,905"},{"v":12048.354499999998,"d":"12,048"},{"$f":"(M65*12-(VLOOKUP(AB65*12,'Tax table'!$A$3:$C$10,3)*(AB65*12-VLOOKUP(AB65*12,'Tax table'!$A$3:$C$10,1))+VLOOKUP(AB65*12,'Tax table'!$A$3:$C$10,2)))/12","v":{"v":12112.33369,"d":"12,112"}},{"v":8905.305499999999,"d":"8,905"},{"v":0.7352262353333496,"d":"73.5%"}]
["Member 2237","1975-07-04","F",{"v":125721.96,"d":"125,722"},{"v":0.8,"d":"80%"},{"v":0.85,"d":"85%"},{"v":0.75,"d":"75%"},{"v":0.1,"d":"10%"},null,43,{"v":10476.83,"d":"10,477"},{"v":1047.683,"d":"1,048"},{"v":13096.037499999999,"d":"13,096"},{"v":12048.354499999998,"d":"12,048"},{"$f":"(M66*12-(VLOOKUP(N66*12,'Tax table'!$A$3:$C$10,3)*(N66*12-VLOOKUP(N66*12,'Tax table'!$A$3:$C$10,1))+VLOOKUP(N66*12,'Tax table'!$A$3:$C$10,2)))/12","v":{"v":12112.33369,"d":"12,112"}},{"v":9429.147,"d":"9,429"},{"$f":"(VLOOKUP(P66*12,'Tax table'!$A$3:$C$10,3)*(P66*12-VLOOKUP(P66*12,'Tax table'!$A$3:$C$10,1))+VLOOKUP(P66*12,'Tax table'!$A$3:$C$10,2))/12","v":{"v":512.2464600000002,"d":"512"}},{"v":9964.58354,"d":"9,965"},{"v":8469.896009,"d":"8,470"},{"v":0.6992786217566633,"d":"69.9%"},{"v":25409.688027,"d":"25,410"},{"$f":"IF($B$15=\"Yes\",MIN(S66*2,References!$B$7),0)","v":{"v":16939.792018,"d":"16,940"}},{"$f":"IF(AND(D66<>0,$B$16=\"Yes\"),References!$B$6,0)","v":{"v":100000,"d":"100,000"}},{"v":1494.6875309999996,"d":"1,495"},{"v":7857.6224999999995,"d":"7,858"},{"v":1047.683,"d":"1,048"},{"v":8905.305499999999,"d":"8,905"},{"v":12048.354499999998,"d":"12,048"},{"$f":"(M66*12-(VLOOKUP(AB66*12,'Tax table'!$A$3:$C$10,3)*(AB66*12-VLOOKUP(AB66*12,'Tax table'!$A$3:$C$10,1))+VLOOKUP(AB66*12,'Tax table'!$A$3:$C$10,2)))/12","v":{"v":12112.33369,"d":"12,112"}},{"v":8905.305499999999,"d":"8,905"},{"v":0.7352262353333496,"d":"73.5%"}]
["Member 2238","1978-12-04","F",{"v":125721.96,"d":"125,722"},{"v":0.8,"d":"80%"},{"v":0.85,"d":"85%"},{"v":0.75,"d":"75%"},{"v":0.1,"d":"10%"},null,39,{"v":10476.83,"d":"10,477"},{"v":1047.683,"d":"1,048"},{"v":13096.037499999999,"d":"13,096"},{"v":12048.354499999998,"d":"12,048"},{"$f":"(M67*12-(VLOOKUP(N67*12,'Tax table'!$A$3:$C$10,3)*(N67*12-VLOOKUP(N67*12,'Tax table'!$A$3:$C$10,1))+VLOOKUP(N67*12,'Tax table'!$A$3:$C$10,2)))/12","v":{"v":12112.33369,"d":"12,112"}},{"v":9429.147,"d":"9,429"},{"$f":"(VLOOKUP(P67*12,'Tax table'!$A$3:$C$10,3)*(P67*12-VLOOKUP(P67*12,'Tax table'!$A$3:$C$10,1))+VLOOKUP(P67*12,'Tax table'!$A$3:$C$10,2))/12","v":{"v":512.2464600000002,"d":"512"}},{"v":9964.58354,"d":"9,965"},{"v":8469.896009,"d":"8,470"},{"v":0.6992786217566633,"d":"69.9%"},{"v":25409.688027,"d":"25,410"},{"$f":"IF($B$15=\"Yes\",MIN(S67*2,References!$B$7),0)","v":{"v":16939.792018,"d":"16,940"}},{"$f":"IF(AND(D67<>0,$B$16=\"Yes\"),References!$B$6,0)","v":{"v":100000,"d":"100,000"}},{"v":1494.6875309999996,"d":"1,495"},{"v":7857.6224999999995,"d":"7,858"},{"v":1047.683,"d":"1,048"},{"v":8905.305499999999,"d":"8,905"},{"v":12048.354499999998,"d":"12,048"},{"$f":"(M67*12-(VLOOKUP(AB67*12,'Tax table'!$A$3:$C$10,3)*(AB67*12-VLOOKUP(AB67*12,'Tax table'!$A$3:$C$10,1))+VLOOKUP(AB67*12,'Tax table'!$A$3:$C$10,2)))/12","v":{"v":12112.33369,"d":"12,112"}},{"v":8905.305499999999,"d":"8,905"},{"v":0.7352262353333496,"d":"73.5%"}]
["Member 2233","1978-01-28","F",{"v":125729.16,"d":"125,729"},{"v":0.8,"d":"80%"},{"v":0.85,"d":"85%"},{"v":0.75,"d":"75%"},{"v":0.1,"d":"10%"},null,40,{"v":10477.43,"d":"10,477"},{"v":1047.7430000000002,"d":"1,048"},{"v":13096.7875,"d":"13,097"},{"v":12049.0445,"d":"12,049"},{"$f":"(M68*12-(VLOOKUP(N68*12,'Tax table'!$A$3:$C$10,3)*(N68*12-VLOOKUP(N68*12,'Tax table'!$A$3:$C$10,1))+VLOOKUP(N68*12,'Tax table'!$A$3:$C$10,2)))/12","v":{"v":12112.959490000001,"d":"12,113"}},{"v":9429.687,"d":"9,430"},{"$f":"(VLOOKUP(P68*12,'Tax table'!$A$3:$C$10,3)*(P68*12-VLOOKUP(P68*12,'Tax table'!$A$3:$C$10,1))+VLOOKUP(P68*12,'Tax table'!$A$3:$C$10,2))/12","v":{"v":512.3436600000001,"d":"512"}},{"v":9965.08634,"d":"9,965"},{"v":8470.323389,"d":"8,470"},{"v":0.6992777773254155,"d":"69.9%"},{"v":25410.970167,"d":"25,411"},{"$f":"IF($B$15=\"Yes\",MIN(S68*2,References!$B$7),0)","v":{"v":16940.646778,"d":"16,941"}},{"$f":"IF(AND(D68<>0,$B$16=\"Yes\"),References!$B$6,0)","v":{"v":100000,"d":"100,000"}},{"v":1494.7629510000006,"d":"1,495"},{"v":7858.0725,"d":"7,858"},{"v":1047.7430000000002,"d":"1,048"},{"v":8905.8155,"d":"8,906"},{"v":12049.0445,"d":"12,049"},{"$f":"(M68*12-(VLOOKUP(AB68*12,'Tax table'!$A$3:$C$10,3)*(AB68*12-VLOOKUP(AB68*12,'Tax table'!$A$3:$C$10,1))+VLOOKUP(AB68*12,'Tax table'!$A$3:$C$10,2)))/12","v":{"v":12112.959490000001,"d":"12,113"}},{"v":8905.8155,"d":"8,906"},{"v":0.7352303545101677,"d":"73.5%"}]
["Member 2229","1988-11-08","M",{"v":126761.64,"d":"126,762"},{"v":0.8,"d":"80%"},{"v":0.85,"d":"85%"},{"v":0.75,"d":"75%"},{"v":0.1,"d":"10%"},null,29,{"v":10563.47,"d":"10,563"},{"v":1056.347,"d":"1,056"},{"v":13204.337499999998,"d":"13,204"},{"v":12147.990499999998,"d":"12,148"},{"$f":"(M69*12-(VLOOKUP(N69*12,'Tax table'!$A$3:$C$10,3)*(N69*12-VLOOKUP(N69*12,'Tax table'!$A$3:$C$10,1))+VLOOKUP(N69*12,'Tax table'!$A$3:$C$10,2)))/12","v":{"v":12202.699209999999,"d":"12,203"}},{"v":9507.123,"d":"9,507"},{"$f":"(VLOOKUP(P69*12,'Tax table'!$A$3:$C$10,3)*(P69*12-VLOOKUP(P69*12,'Tax table'!$A$3:$C$10,1))+VLOOKUP(P69*12,'Tax table'!$A$3:$C$10,2))/12","v":{"v":526.2821399999999,"d":"526"}},{"v":10037.18786,"d":"10,037"},{"v":8531.609681,"d":"8,532"},{"v":0.6991575826115934,"d":"69.9%"},{"v":25594.829042999998,"d":"25,595"},{"$f":"IF($B$15=\"Yes\",MIN(S69*2,References!$B$7),0)","v":{"v":17063.219362,"d":"17,063"}},{"$f":"IF(AND(D69<>0,$B$16=\"Yes\"),References!$B$6,0)","v":{"v":100000,"d":"100,000"}},{"v":1505.578179,"d":"1,506"},{"v":7922.602499999999,"d":"7,923"},{"v":1056.347,"d":"1,056"},{"v":8978.949499999999,"d":"8,979"},{"v":12147.990499999998,"d":"12,148"},{"$f":"(M69*12-(VLOOKUP(AB69*12,'Tax table'!$A$3:$C$10,3)*(AB69*12-VLOOKUP(AB69*12,'Tax table'!$A$3:$C$10,1))+VLOOKUP(AB69*12,'Tax table'!$A$3:$C$10,2)))/12","v":{"v":12202.699209999999,"d":"12,203"}},{"v":8978.949499999999,"d":"8,979"},{"v":0.7358166701873494,"d":"73.6%"}]
["Member 2230","1989-10-09","F",{"v":126761.64,"d":"126,762"},{"v":0.8,"d":"80%"},{"v":0.85,"d":"85%"},{"v":0.75,"d":"75%"},{"v":0.1,"d":"10%"},null,29,{"v":10563.47,"d":"10,563"},{"v":1056.347,"d":"1,056"},{"v":13204.337499999998,"d":"13,204"},{"v":12147.990499999998,"d":"12,148"},{"$f":"(M70*12-(VLOOKUP(N70*12,'Tax table'!$A$3:$C$10,3)*(N70*12-VLOOKUP(N70*12,'Tax table'!$A$3:$C$10,1))+VLOOKUP(N70*12,'Tax table'!$A$3:$C$10,2)))/12","v":{"v":12202.699209999999,"d":"12,203"}},{"v":9507.123,"d":"9,507"},{"$f":"(VLOOKUP(P70*12,'Tax table'!$A$3:$C$10,3)*(P70*12-VLOOKUP(P70*12,'Tax table'!$A$3:$C$10,1))+VLOOKUP(P70*12,'Tax table'!$A$3:$C$10,2))/12","v":{"v":526.2821399999999,"d":"526"}},{"v":10037.18786,"d":"10,037"},{"v":8531.609681,"d":"8,532"},{"v":0.6991575826115934,"d":"69.9%"},{"v":25594.829042999998,"d":"25,595"},{"$f":"IF($B$15=\"Yes\",MIN(S70*2,References!$B$7),0)","v":{"v":17063.219362,"d":"17,063"}},{"$f":"IF(AND(D70<>0,$B$16=\"Yes\"),References!$B$6,0)","v":{"v":100000,"d":"100,000"}},{"v":1505.578179,"d":"1,506"},{"v":7922.602499999999,"d":"7,923"},{"v":1056.347,"d":"1,056"},{"v":8978.949499999999,"d":"8,979"},{"v":12147.990499999998,"d":"12,148"},{"$f":"(M70*12-(VLOOKUP(AB70*12,'Tax table'!$A$3:$C$10,3)*(AB70*12-VLOOKUP(AB70*12,'Tax table'!$A$3:$C$10,1))+VLOOKUP(AB70*12,'Tax table'!$A$3:$C$10,2)))/12","v":{"v":12202.699209999999,"d":"12,203"}},{"v":8978.949499999999,"d":"8,979"},{"v":0.7358166701873494,"d":"73.6%"}]
["Member 2231","1983-01-03","F",{"v":126761.64,"d":"126,762"},{"v":0.8,"d":"80%"},{"v":0.85,"d":"85%"},{"v":0.75,"d":"75%"},{"v":0.1,"d":"10%"},null,35,{"v":10563.47,"d":"10,563"},{"v":1056.347,"d":"1,056"},{"v":13204.337499999998,"d":"13,204"},{"v":12147.990499999998,"d":"12,148"},{"$f":"(M71*12-(VLOOKUP(N71*12,'Tax table'!$A$3:$C$10,3)*(N71*12-VLOOKUP(N71*12,'Tax table'!$A$3:$C$10,1))+VLOOKUP(N71*12,'Tax table'!$A$3:$C$10,2)))/12","v":{"v":12202.699209999999,"d":"12,203"}},{"v":9507.123,"d":"9,507"},{"$f":"(VLOOKUP(P71*12,'Tax table'!$A$3:$C$10,3)*(P71*12-VLOOKUP(P71*12,'Tax table'!$A$3:$C$10,1))+VLOOKUP(P71*12,'Tax table'!$A$3:$C$10,2))/12","v":{"v":526.2821399999999,"d":"526"}},{"v":10037.18786,"d":"10,037"},{"v":8531.609681,"d":"8,532"},{"v":0.6991575826115934,"d":"69.9%"},{"v":25594.829042999998,"d":"25,595"},{"$f":"IF($B$15=\"Yes\",MIN(S71*2,References!$B$7),0)","v":{"v":17063.219362,"d":"17,063"}},{"$f":"IF(AND(D71<>0,$B$16=\"Yes\"),References!$B$6,0)","v":{"v":100000,"d":"100,000"}},{"v":1505.578179,"d":"1,506"},{"v":7922.602499999999,"d":"7,923"},{"v":1056.347,"d":"1,056"},{"v":8978.949499999999,"d":"8,979"},{"v":12147.990499999998,"d":"12,148"},{"$f":"(M71*12-(VLOOKUP(AB71*12,'Tax table'!$A$3:$C$10,3)*(AB71*12-VLOOKUP(AB71*12,'Tax table'!$A$3:$C$10,1))+VLOOKUP(AB71*12,'Tax table'!$A$3:$C$10,2)))/12","v":{"v":12202.699209999999,"d":"12,203"}},{"v":8978.949499999999,"d":"8,979"},{"v":0.7358166701873494,"d":"73.6%"}]
["Member 2232","1977-05-20","M",{"v":126761.64,"d":"126,762"},{"v":0.8,"d":"80%"},{"v":0.85,"d":"85%"},{"v":0.75,"d":"75%"},{"v":0.1,"d":"10%"},null,41,{"v":10563.47,"d":"10,563"},{"v":1056.347,"d":"1,056"},{"v":13204.337499999998,"d":"13,204"},{"v":12147.990499999998,"d":"12,148"},{"$f":"(M72*12-(VLOOKUP(N72*12,'Tax table'!$A$3:$C$10,3)*(N72*12-VLOOKUP(N72*12,'Tax table'!$A$3:$C$10,1))+VLOOKUP(N72*12,'Tax table'!$A$3:$C$10,2)))/12","v":{"v":12202.699209999999,"d":"12,203"}},{"v":9507.123,"d":"9,507"},{"$f":"(VLOOKUP(P72*12,'Tax table'!$A$3:$C$10,3)*(P72*12-VLOOKUP(P72*12,'Tax table'!$A$3:$C$10,1))+VLOOKUP(P72*12,'Tax table'!$A$3:$C$10,2))/12","v":{"v":526.2821399999999,"d":"526"}},{"v":10037.18786,"d":"10,037"},{"v":8531.609681,"d":"8,532"},{"v":0.6991575826115934,"d":"69.9%"},{"v":25594.829042999998,"d":"25,595"},{"$f":"IF($B$15=\"Yes\",MIN(S72*2,References!$B$7),0)","v":{"v":17063.219362,"d":"17,063"}},{"$f":"IF(AND(D72<>0,$B$16=\"Yes\"),References!$B$6,0)","v":{"v":100000,"d":"100,000"}},{"v":1505.578179,"d":"1,506"},{"v":7922.602499999999,"d":"7,923"},{"v":1056.347,"d":"1,056"},{"v":8978.949499999999,"d":"8,979"},{"v":12147.990499999998,"d":"12,148"},{"$f":"(M72*12-(VLOOKUP(AB72*12,'Tax table'!$A$3:$C$10,3)*(AB72*12-VLOOKUP(AB72*12,'Tax table'!$A$3:$C$10,1))+VLOOKUP(AB72*12,'Tax table'!$A$3:$C$10,2)))/12","v":{"v":12202.699209999999,"d":"12,203"}},{"v":8978.949499999999,"d":"8,979"},{"v":0.7358166701873494,"d":"73.6%"}]
["Member 2228","1983-12-29","M",{"v":127152,"d":"127,152"},{"v":0.8,"d":"80%"},{"v":0.85,"d":"85%"},{"v":0.75,"d":"75%"},{"v":0.1,"d":"10%"},null,34,{"v":10596,"d":"10,596"},{"v":1059.6000000000001,"d":"1,060"},{"v":13245,"d":"13,245"},{"v":12185.4,"d":"12,185"},{"$f":"(M73*12-(VLOOKUP(N73*12,'Tax table'!$A$3:$C$10,3)*(N73*12-VLOOKUP(N73*12,'Tax table'!$A$3:$C$10,1))+VLOOKUP(N73*12,'Tax table'!$A$3:$C$10,2)))/12","v":{"v":12236.627999999999,"d":"12,237"}},{"v":9536.4,"d":"9,536"},{"$f":"(VLOOKUP(P73*12,'Tax table'!$A$3:$C$10,3)*(P73*12-VLOOKUP(P73*12,'Tax table'!$A$3:$C$10,1))+VLOOKUP(P73*12,'Tax table'!$A$3:$C$10,2))/12","v":{"v":531.5519999999998,"d":"532"}},{"v":10064.448,"d":"10,064"},{"v":8554.7808,"d":"8,555"},{"v":0.6991125986668878,"d":"69.9%"},{"v":25664.3424,"d":"25,664"},{"$f":"IF($B$15=\"Yes\",MIN(S73*2,References!$B$7),0)","v":{"v":17109.5616,"d":"17,110"}},{"$f":"IF(AND(D73<>0,$B$16=\"Yes\"),References!$B$6,0)","v":{"v":100000,"d":"100,000"}},{"v":1509.6671999999999,"d":"1,510"},{"v":7947,"d":"7,947"},{"v":1059.6000000000001,"d":"1,060"},{"v":9006.6,"d":"9,007"},{"v":12185.4,"d":"12,185"},{"$f":"(M73*12-(VLOOKUP(AB73*12,'Tax table'!$A$3:$C$10,3)*(AB73*12-VLOOKUP(AB73*12,'Tax table'!$A$3:$C$10,1))+VLOOKUP(AB73*12,'Tax table'!$A$3:$C$10,2)))/12","v":{"v":12236.627999999999,"d":"12,237"}},{"v":9006.6,"d":"9,007"},{"v":0.7360361040639628,"d":"73.6%"}]
["Member 9","1957-04-23","F",{"v":127338,"d":"127,338"},{"v":0.8,"d":"80%"},{"v":0.85,"d":"85%"},{"v":0.75,"d":"75%"},{"v":0.1,"d":"10%"},null,61,{"v":10611.5,"d":"10,612"},{"v":1061.15,"d":"1,061"},{"v":13264.375,"d":"13,264"},{"v":12203.225,"d":"12,203"},{"$f":"(M74*12-(VLOOKUP(N74*12,'Tax table'!$A$3:$C$10,3)*(N74*12-VLOOKUP(N74*12,'Tax table'!$A$3:$C$10,1))+VLOOKUP(N74*12,'Tax table'!$A$3:$C$10,2)))/12","v":{"v":12252.794499999998,"d":"12,253"}},{"v":9550.35,"d":"9,550"},{"$f":"(VLOOKUP(P74*12,'Tax table'!$A$3:$C$10,3)*(P74*12-VLOOKUP(P74*12,'Tax table'!$A$3:$C$10,1))+VLOOKUP(P74*12,'Tax table'!$A$3:$C$10,2))/12","v":{"v":534.0630000000002,"d":"534"}},{"v":10077.437,"d":"10,077"},{"v":8565.82145,"d":"8,566"},{"v":0.699091252203732,"d":"69.9%"},{"v":25697.46435,"d":"25,697"},{"$f":"IF($B$15=\"Yes\",MIN(S74*2,References!$B$7),0)","v":{"v":17131.6429,"d":"17,132"}},{"$f":"IF(AND(D74<>0,$B$16=\"Yes\"),References!$B$6,0)","v":{"v":100000,"d":"100,000"}},{"v":1511.6155500000004,"d":"1,512"},{"v":7958.625,"d":"7,959"},{"v":1061.15,"d":"1,061"},{"v":9019.775,"d":"9,020"},{"v":12203.225,"d":"12,203"},{"$f":"(M74*12-(VLOOKUP(AB74*12,'Tax table'!$A$3:$C$10,3)*(AB74*12-VLOOKUP(AB74*12,'Tax table'!$A$3:$C$10,1))+VLOOKUP(AB74*12,'Tax table'!$A$3:$C$10,2)))/12","v":{"v":12252.794499999998,"d":"12,253"}},{"v":9019.775,"d":"9,020"},{"v":0.7361402331525271,"d":"73.6%"}]
["Member 2227","1982-01-03","M",{"v":129542.64,"d":"129,543"},{"v":0.8,"d":"80%"},{"v":0.85,"d":"85%"},{"v":0.75,"d":"75%"},{"v":0.1,"d":"10%"},null,36,{"v":10795.22,"d":"10,795"},{"v":1079.522,"d":"1,080"},{"v":13494.024999999998,"d":"13,494"},{"v":12414.502999999997,"d":"12,415"},{"$f":"(M75*12-(VLOOKUP(N75*12,'Tax table'!$A$3:$C$10,3)*(N75*12-VLOOKUP(N75*12,'Tax table'!$A$3:$C$10,1))+VLOOKUP(N75*12,'Tax table'!$A$3:$C$10,2)))/12","v":{"v":12444.41446,"d":"12,444"}},{"v":9715.698,"d":"9,716"},{"$f":"(VLOOKUP(P75*12,'Tax table'!$A$3:$C$10,3)*(P75*12-VLOOKUP(P75*12,'Tax table'!$A$3:$C$10,1))+VLOOKUP(P75*12,'Tax table'!$A$3:$C$10,2))/12","v":{"v":563.82564,"d":"564"}},{"v":10231.394359999998,"d":"10,231"},{"v":8696.685205999998,"d":"8,697"},{"v":0.6988424593180897,"d":"69.9%"},{"v":26090.055617999995,"d":"26,090"},{"$f":"IF($B$15=\"Yes\",MIN(S75*2,References!$B$7),0)","v":{"v":17393.370411999997,"d":"17,393"}},{"$f":"IF(AND(D75<>0,$B$16=\"Yes\"),References!$B$6,0)","v":{"v":100000,"d":"100,000"}},{"v":1534.7091540000001,"d":"1,535"},{"v":8096.414999999999,"d":"8,096"},{"v":1079.522,"d":"1,080"},{"v":9175.936999999998,"d":"9,176"},{"v":12414.502999999997,"d":"12,415"},{"$f":"(M75*12-(VLOOKUP(AB75*12,'Tax table'!$A$3:$C$10,3)*(AB75*12-VLOOKUP(AB75*12,'Tax table'!$A$3:$C$10,1))+VLOOKUP(AB75*12,'Tax table'!$A$3:$C$10,2)))/12","v":{"v":12444.41446,"d":"12,444"}},{"v":9175.936999999998,"d":"9,176"},{"v":0.7373538569849271,"d":"73.7%"}]
["Member 2225","1987-02-22","M",{"v":129948,"d":"129,948"},{"v":0.8,"d":"80%"},{"v":0.85,"d":"85%"},{"v":0.75,"d":"75%"},{"v":0.1,"d":"10%"},null,31,{"v":10829,"d":"10,829"},{"v":1082.9,"d":"1,083"},{"v":13536.25,"d":"13,536"},{"v":12453.35,"d":"12,453"},{"$f":"(M76*12-(VLOOKUP(N76*12,'Tax table'!$A$3:$C$10,3)*(N76*12-VLOOKUP(N76*12,'Tax table'!$A$3:$C$10,1))+VLOOKUP(N76*12,'Tax table'!$A$3:$C$10,2)))/12","v":{"v":12479.646999999999,"d":"12,480"}},{"v":9746.1,"d":"9,746"},{"$f":"(VLOOKUP(P76*12,'Tax table'!$A$3:$C$10,3)*(P76*12-VLOOKUP(P76*12,'Tax table'!$A$3:$C$10,1))+VLOOKUP(P76*12,'Tax table'!$A$3:$C$10,2))/12","v":{"v":569.2980000000001,"d":"569"}},{"v":10259.702,"d":"10,260"},{"v":8720.7467,"d":"8,721"},{"v":0.6987975461164887,"d":"69.9%"},{"v":26162.2401,"d":"26,162"},{"$f":"IF($B$15=\"Yes\",MIN(S76*2,References!$B$7),0)","v":{"v":17441.4934,"d":"17,441"}},{"$f":"IF(AND(D76<>0,$B$16=\"Yes\"),References!$B$6,0)","v":{"v":100000,"d":"100,000"}},{"v":1538.9552999999996,"d":"1,539"},{"v":8121.75,"d":"8,122"},{"v":1082.9,"d":"1,083"},{"v":9204.65,"d":"9,205"},{"v":12453.35,"d":"12,453"},{"$f":"(M76*12-(VLOOKUP(AB76*12,'Tax table'!$A$3:$C$10,3)*(AB76*12-VLOOKUP(AB76*12,'Tax table'!$A$3:$C$10,1))+VLOOKUP(AB76*12,'Tax table'!$A$3:$C$10,2)))/12","v":{"v":12479.646999999999,"d":"12,480"}},{"v":9204.65,"d":"9,205"},{"v":0.7375729457732259,"d":"73.8%"}]
["Member 2226","1977-02-25","F",{"v":129948,"d":"129,948"},{"v":0.8,"d":"80%"},{"v":0.85,"d":"85%"},{"v":0.75,"d":"75%"},{"v":0.1,"d":"10%"},null,41,{"v":10829,"d":"10,829"},{"v":1082.9,"d":"1,083"},{"v":13536.25,"d":"13,536"},{"v":12453.35,"d":"12,453"},{"$f":"(M77*12-(VLOOKUP(N77*12,'Tax table'!$A$3:$C$10,3)*(N77*12-VLOOKUP(N77*12,'Tax table'!$A$3:$C$10,1))+VLOOKUP(N77*12,'Tax table'!$A$3:$C$10,2)))/12","v":{"v":12479.646999999999,"d":"12,480"}},{"v":9746.1,"d":"9,746"},{"$f":"(VLOOKUP(P77*12,'Tax table'!$A$3:$C$10,3)*(P77*12-VLOOKUP(P77*12,'Tax table'!$A$3:$C$10,1))+VLOOKUP(P77*12,'Tax table'!$A$3:$C$10,2))/12","v":{"v":569.2980000000001,"d":"569"}},{"v":10259.702,"d":"10,260"},{"v":8720.7467,"d":"8,721"},{"v":0.6987975461164887,"d":"69.9%"},{"v":26162.2401,"d":"26,162"},{"$f":"IF($B$15=\"Yes\",MIN(S77*2,References!$B$7),0)","v":{"v":17441.4934,"d":"17,441"}},{"$f":"IF(AND(D77<>0,$B$16=\"Yes\"),References!$B$6,0)","v":{"v":100000,"d":"100,000"}},{"v":1538.9552999999996,"d":"1,539"},{"v":8121.75,"d":"8,122"},{"v":1082.9,"d":"1,083"},{"v":9204.65,"d":"9,205"},{"v":12453.35,"d":"12,453"},{"$f":"(M77*12-(VLOOKUP(AB77*12,'Tax table'!$A$3:$C$10,3)*(AB77*12-VLOOKUP(AB77*12,'Tax table'!$A$3:$C$10,1))+VLOOKUP(AB77*12,'Tax table'!$A$3:$C$10,2)))/12","v":{"v":12479.646999999999,"d":"12,480"}},{"v":9204.65,"d":"9,205"},{"v":0.7375729457732259,"d":"73.8%"}]
["Member 2220","1972-07-23","M",{"v":130595.52,"d":"130,596"},{"v":0.8,"d":"80%"},{"v":0.85,"d":"85%"},{"v":0.75,"d":"75%"},{"v":0.1,"d":"10%"},null,46,{"v":10882.960000000001,"d":"10,883"},{"v":1088.296,"d":"1,088"},{"v":13603.7,"d":"13,604"},{"v":12515.404,"d":"12,515"},{"$f":"(M78*12-(VLOOKUP(N78*12,'Tax table'!$A$3:$C$10,3)*(N78*12-VLOOKUP(N78*12,'Tax table'!$A$3:$C$10,1))+VLOOKUP(N78*12,'Tax table'!$A$3:$C$10,2)))/12","v":{"v":12535.927280000002,"d":"12,536"}},{"v":9794.664,"d":"9,795"},{"$f":"(VLOOKUP(P78*12,'Tax table'!$A$3:$C$10,3)*(P78*12-VLOOKUP(P78*12,'Tax table'!$A$3:$C$10,1))+VLOOKUP(P78*12,'Tax table'!$A$3:$C$10,2))/12","v":{"v":578.0395200000002,"d":"578"}},{"v":10304.92048,"d":"10,305"},{"v":8759.182408,"d":"8,759"},{"v":0.6987263257321639,"d":"69.9%"},{"v":26277.547224,"d":"26,278"},{"$f":"IF($B$15=\"Yes\",MIN(S78*2,References!$B$7),0)","v":{"v":17518.364816,"d":"17,518"}},{"$f":"IF(AND(D78<>0,$B$16=\"Yes\"),References!$B$6,0)","v":{"v":100000,"d":"100,000"}},{"v":1545.738072,"d":"1,546"},{"v":8162.220000000001,"d":"8,162"},{"v":1088.296,"d":"1,088"},{"v":9250.516000000001,"d":"9,251"},{"v":12515.404,"d":"12,515"},{"$f":"(M78*12-(VLOOKUP(AB78*12,'Tax table'!$A$3:$C$10,3)*(AB78*12-VLOOKUP(AB78*12,'Tax table'!$A$3:$C$10,1))+VLOOKUP(AB78*12,'Tax table'!$A$3:$C$10,2)))/12","v":{"v":12535.927280000002,"d":"12,536"}},{"v":9250.516000000001,"d":"9,251"},{"v":0.7379203622821271,"d":"73.8%"}]
["Member 2221","1986-10-03","M",{"v":130595.52,"d":"130,596"},{"v":0.8,"d":"80%"},{"v":0.85,"d":"85%"},{"v":0.75,"d":"75%"},{"v":0.1,"d":"10%"},null,32,{"v":10882.960000000001,"d":"10,883"},{"v":1088.296,"d":"1,088"},{"v":13603.7,"d":"13,604"},{"v":12515.404,"d":"12,515"},{"$f":"(M79*12-(VLOOKUP(N79*12,'Tax table'!$A$3:$C$10,3)*(N79*12-VLOOKUP(N79*12,'Tax table'!$A$3:$C$10,1))+VLOOKUP(N79*12,'Tax table'!$A$3:$C$10,2)))/12","v":{"v":12535.927280000002,"d":"12,536"}},{"v":9794.664,"d":"9,795"},{"$f":"(VLOOKUP(P79*12,'Tax table'!$A$3:$C$10,3)*(P79*12-VLOOKUP(P79*12,'Tax table'!$A$3:$C$10,1))+VLOOKUP(P79*12,'Tax table'!$A$3:$C$10,2))/12","v":{"v":578.0395200000002,"d":"578"}},{"v":10304.92048,"d":"10,305"},{"v":8759.182408,"d":"8,759"},{"v":0.6987263257321639,"d":"69.9%"},{"v":26277.547224,"d":"26,278"},{"$f":"IF($B$15=\"Yes\",MIN(S79*2,References!$B$7),0)","v":{"v":17518.364816,"d":"17,518"}},{"$f":"IF(AND(D79<>0,$B$16=\"Yes\"),References!$B$6,0)","v":{"v":100000,"d":"100,000"}},{"v":1545.738072,"d":"1,546"},{"v":8162.220000000001,"d":"8,162"},{"v":1088.296,"d":"1,088"},{"v":9250.516000000001,"d":"9,251"},{"v":12515.404,"d":"12,515"},{"$f":"(M79*12-(VLOOKUP(AB79*12,'Tax table'!$A$3:$C$10,3)*(AB79*12-VLOOKUP(AB79*12,'Tax table'!$A$3:$C$10,1))+VLOOKUP(AB79*12,'Tax table'!$A$3:$C$10,2)))/12","v":{"v":12535.927280000002,"d":"12,536"}},{"v":9250.516000000001,"d":"9,251"},{"v":0.7379203622821271,"d":"73.8%"}]
["Member 2222","1994-11-29","M",{"v":130595.52,"d":"130,596"},{"v":0.8,"d":"80%"},{"v":0.85,"d":"85%"},{"v":0.75,"d":"75%"},{"v":0.1,"d":"10%"},null,23,{"v":10882.960000000001,"d":"10,883"},{"v":1088.296,"d":"1,088"},{"v":13603.7,"d":"13,604"},{"v":12515.404,"d":"12,515"},{"$f":"(M80*12-(VLOOKUP(N80*12,'Tax table'!$A$3:$C$10,3)*(N80*12-VLOOKUP(N80*12,'Tax table'!$A$3:$C$10,1))+VLOOKUP(N80*12,'Tax table'!$A$3:$C$10,2)))/12","v":{"v":12535.927280000002,"d":"12,536"}},{"v":9794.664,"d":"9,795"},{"$f":"(VLOOKUP(P80*12,'Tax table'!$A$3:$C$10,3)*(P80*12-VLOOKUP(P80*12,'Tax table'!$A$3:$C$10,1))+VLOOKUP(P80*12,'Tax table'!$A$3:$C$10,2))/12","v":{"v":578.0395200000002,"d":"578"}},{"v":10304.92048,"d":"10,305"},{"v":8759.182408,"d":"8,759"},{"v":0.6987263257321639,"d":"69.9%"},{"v":26277.547224,"d":"26,278"},{"$f":"IF($B$15=\"Yes\",MIN(S80*2,References!$B$7),0)","v":{"v":17518.364816,"d":"17,518"}},{"$f":"IF(AND(D80<>0,$B$16=\"Yes\"),References!$B$6,0)","v":{"v":100000,"d":"100,000"}},{"v":1545.738072,"d":"1,546"},{"v":8162.220000000001,"d":"8,162"},{"v":1088.296,"d":"1,088"},{"v":9250.516000000001,"d":"9,251"},{"v":12515.404,"d":"12,515"},{"$f":"(M80*12-(VLOOKUP(AB80*12,'Tax table'!$A$3:$C$10,3)*(AB80*12-VLOOKUP(AB80*12,'Tax table'!$A$3:$C$10,1))+VLOOKUP(AB80*12,'Tax table'!$A$3:$C$10,2)))/12","v":{"v":12535.927280000002,"d":"12,536"}},{"v":9250.516000000001,"d":"9,251"},{"v":0.7379203622821271,"d":"73.8%"}]
["Member 2223","1983-08-17","M",{"v":130595.52,"d":"130,596"},{"v":0.8,"d":"80%"},{"v":0.85,"d":"85%"},{"v":0.75,"d":"75%"},{"v":0.1,"d":"10%"},null,35,{"v":10882.960000000001,"d":"10,883"},{"v":1088.296,"d":"1,088"},{"v":13603.7,"d":"13,604"},{"v":12515.404,"d":"12,515"},{"$f":"(M81*12-(VLOOKUP(N81*12,'Tax table'!$A$3:$C$10,3)*(N81*12-VLOOKUP(N81*12,'Tax table'!$A$3:$C$10,1))+VLOOKUP(N81*12,'Tax table'!$A$3:$C$10,2)))/12","v":{"v":12535.927280000002,"d":"12,536"}},{"v":9794.664,"d":"9,795"},{"$f":"(VLOOKUP(P81*12,'Tax table'!$A$3:$C$10,3)*(P81*12-VLOOKUP(P81*12,'Tax table'!$A$3:$C$10,1))+VLOOKUP(P81*12,'Tax table'!$A$3:$C$10,2))/12","v":{"v":578.0395200000002,"d":"578"}},{"v":10304.92048,"d":"10,305"},{"v":8759.182408,"d":"8,759"},{"v":0.6987263257321639,"d":"69.9%"},{"v":26277.547224,"d":"26,278"},{"$f":"IF($B$15=\"Yes\",MIN(S81*2,References!$B$7),0)","v":{"v":17518.364816,"d":"17,518"}},{"$f":"IF(AND(D81<>0,$B$16=\"Yes\"),References!$B$6,0)","v":{"v":100000,"d":"100,000"}},{"v":1545.738072,"d":"1,546"},{"v":8162.220000000001,"d":"8,162"},{"v":1088.296,"d":"1,088"},{"v":9250.516000000001,"d":"9,251"},{"v":12515.404,"d":"12,515"},{"$f":"(M81*12-(VLOOKUP(AB81*12,'Tax table'!$A$3:$C$10,3)*(AB81*12-VLOOKUP(AB81*12,'Tax table'!$A$3:$C$10,1))+VLOOKUP(AB81*12,'Tax table'!$A$3:$C$10,2)))/12","v":{"v":12535.927280000002,"d":"12,536"}},{"v":9250.516000000001,"d":"9,251"},{"v":0.7379203622821271,"d":"73.8%"}]
["Member 2224","1982-11-30","M",{"v":130595.52,"d":"130,596"},{"v":0.8,"d":"80%"},{"v":0.85,"d":"85%"},{"v":0.75,"d":"75%"},{"v":0.1,"d":"10%"},null,35,{"v":10882.960000000001,"d":"10,883"},{"v":1088.296,"d":"1,088"},{"v":13603.7,"d":"13,604"},{"v":12515.404,"d":"12,515"},{"$f":"(M82*12-(VLOOKUP(N82*12,'Tax table'!$A$3:$C$10,3)*(N82*12-VLOOKUP(N82*12,'Tax table'!$A$3:$C$10,1))+VLOOKUP(N82*12,'Tax table'!$A$3:$C$10,2)))/12","v":{"v":12535.927280000002,"d":"12,536"}},{"v":9794.664,"d":"9,795"},{"$f":"(VLOOKUP(P82*12,'Tax table'!$A$3:$C$10,3)*(P82*12-VLOOKUP(P82*12,'Tax table'!$A$3:$C$10,1))+VLOOKUP(P82*12,'Tax table'!$A$3:$C$10,2))/12","v":{"v":578.0395200000002,"d":"578"}},{"v":10304.92048,"d":"10,305"},{"v":8759.182408,"d":"8,759"},{"v":0.6987263257321639,"d":"69.9%"},{"v":26277.547224,"d":"26,278"},{"$f":"IF($B$15=\"Yes\",MIN(S82*2,References!$B$7),0)","v":{"v":17518.364816,"d":"17,518"}},{"$f":"IF(AND(D82<>0,$B$16=\"Yes\"),References!$B$6,0)","v":{"v":100000,"d":"100,000"}},{"v":1545.738072,"d":"1,546"},{"v":8162.220000000001,"d":"8,162"},{"v":1088.296,"d":"1,088"},{"v":9250.516000000001,"d":"9,251"},{"v":12515.404,"d":"12,515"},{"$f":"(M82*12-(VLOOKUP(AB82*12,'Tax table'!$A$3:$C$10,3)*(AB82*12-VLOOKUP(AB82*12,'Tax table'!$A$3:$C$10,1))+VLOOKUP(AB82*12,'Tax table'!$A$3:$C$10,2)))/12","v":{"v":12535.927280000002,"d":"12,536"}},{"v":9250.516000000001,"d":"9,251"},{"v":0.7379203622821271,"d":"73.8%"}]
["Member 2219","1980-05-11","M",{"v":130834.68,"d":"130,835"},{"v":0.8,"d":"80%"},{"v":0.85,"d":"85%"},{"v":0.75,"d":"75%"},{"v":0.1,"d":"10%"},null,38,{"v":10902.89,"d":"10,903"},{"v":1090.289,"d":"1,090"},{"v":13628.6125,"d":"13,629"},{"v":12538.323499999999,"d":"12,538"},{"$f":"(M83*12-(VLOOKUP(N83*12,'Tax table'!$A$3:$C$10,3)*(N83*12-VLOOKUP(N83*12,'Tax table'!$A$3:$C$10,1))+VLOOKUP(N83*12,'Tax table'!$A$3:$C$10,2)))/12","v":{"v":12556.714269999999,"d":"12,557"}},{"v":9812.600999999999,"d":"9,813"},{"$f":"(VLOOKUP(P83*12,'Tax table'!$A$3:$C$10,3)*(P83*12-VLOOKUP(P83*12,'Tax table'!$A$3:$C$10,1))+VLOOKUP(P83*12,'Tax table'!$A$3:$C$10,2))/12","v":{"v":581.2681799999997,"d":"581"}},{"v":10321.62182,"d":"10,322"},{"v":8773.378547,"d":"8,773"},{"v":0.6987001820978762,"d":"69.9%"},{"v":26320.135641,"d":"26,320"},{"$f":"IF($B$15=\"Yes\",MIN(S83*2,References!$B$7),0)","v":{"v":17546.757094,"d":"17,547"}},{"$f":"IF(AND(D83<>0,$B$16=\"Yes\"),References!$B$6,0)","v":{"v":100000,"d":"100,000"}},{"v":1548.243273,"d":"1,548"},{"v":8177.1675,"d":"8,177"},{"v":1090.289,"d":"1,090"},{"v":9267.4565,"d":"9,267"},{"v":12538.323499999999,"d":"12,538"},{"$f":"(M83*12-(VLOOKUP(AB83*12,'Tax table'!$A$3:$C$10,3)*(AB83*12-VLOOKUP(AB83*12,'Tax table'!$A$3:$C$10,1))+VLOOKUP(AB83*12,'Tax table'!$A$3:$C$10,2)))/12","v":{"v":12556.714269999999,"d":"12,557"}},{"v":9267.4565,"d":"9,267"},{"v":0.7380478922054823,"d":"73.8%"}]
["Member 2215","1978-12-25","M",{"v":131234.4,"d":"131,234"},{"v":0.8,"d":"80%"},{"v":0.85,"d":"85%"},{"v":0.75,"d":"75%"},{"v":0.1,"d":"10%"},null,39,{"v":10936.199999999999,"d":"10,936"},{"v":1093.62,"d":"1,094"},{"v":13670.249999999998,"d":"13,670"},{"v":12576.629999999997,"d":"12,577"},{"$f":"(M84*12-(VLOOKUP(N84*12,'Tax table'!$A$3:$C$10,3)*(N84*12-VLOOKUP(N84*12,'Tax table'!$A$3:$C$10,1))+VLOOKUP(N84*12,'Tax table'!$A$3:$C$10,2)))/12","v":{"v":12591.456599999998,"d":"12,591"}},{"v":9842.579999999998,"d":"9,843"},{"$f":"(VLOOKUP(P84*12,'Tax table'!$A$3:$C$10,3)*(P84*12-VLOOKUP(P84*12,'Tax table'!$A$3:$C$10,1))+VLOOKUP(P84*12,'Tax table'!$A$3:$C$10,2))/12","v":{"v":586.6643999999997,"d":"587"}},{"v":10349.5356,"d":"10,350"},{"v":8797.105259999998,"d":"8,797"},{"v":0.6986566796410194,"d":"69.9%"},{"v":26391.315779999997,"d":"26,391"},{"$f":"IF($B$15=\"Yes\",MIN(S84*2,References!$B$7),0)","v":{"v":17594.210519999997,"d":"17,594"}},{"$f":"IF(AND(D84<>0,$B$16=\"Yes\"),References!$B$6,0)","v":{"v":100000,"d":"100,000"}},{"v":1552.4303400000008,"d":"1,552"},{"v":8202.15,"d":"8,202"},{"v":1093.62,"d":"1,094"},{"v":9295.77,"d":"9,296"},{"v":12576.629999999997,"d":"12,577"},{"$f":"(M84*12-(VLOOKUP(AB84*12,'Tax table'!$A$3:$C$10,3)*(AB84*12-VLOOKUP(AB84*12,'Tax table'!$A$3:$C$10,1))+VLOOKUP(AB84*12,'Tax table'!$A$3:$C$10,2)))/12","v":{"v":12591.456599999998,"d":"12,591"}},{"v":9295.77,"d":"9,296"},{"v":0.7382600993121005,"d":"73.8%"}]
["Member 2216","1976-07-28","M",{"v":131234.4,"d":"131,234"},{"v":0.8,"d":"80%"},{"v":0.85,"d":"85%"},{"v":0.75,"d":"75%"},{"v":0.1,"d":"10%"},null,42,{"v":10936.199999999999,"d":"10,936"},{"v":1093.62,"d":"1,094"},{"v":13670.249999999998,"d":"13,670"},{"v":12576.629999999997,"d":"12,577"},{"$f":"(M85*12-(VLOOKUP(N85*12,'Tax table'!$A$3:$C$10,3)*(N85*12-VLOOKUP(N85*12,'Tax table'!$A$3:$C$10,1))+VLOOKUP(N85*12,'Tax table'!$A$3:$C$10,2)))/12","v":{"v":12591.456599999998,"d":"12,591"}},{"v":9842.579999999998,"d":"9,843"},{"$f":"(VLOOKUP(P85*12,'Tax table'!$A$3:$C$10,3)*(P85*12-VLOOKUP(P85*12,'Tax table'!$A$3:$C$10,1))+VLOOKUP(P85*12,'Tax table'!$A$3:$C$10,2))/12","v":{"v":586.6643999999997,"d":"587"}},{"v":10349.5356,"d":"10,350"},{"v":8797.105259999998,"d":"8,797"},{"v":0.6986566796410194,"d":"69.9%"},{"v":26391.315779999997,"d":"26,391"},{"$f":"IF($B$15=\"Yes\",MIN(S85*2,References!$B$7),0)","v":{"v":17594.210519999997,"d":"17,594"}},{"$f":"IF(AND(D85<>0,$B$16=\"Yes\"),References!$B$6,0)","v":{"v":100000,"d":"100,000"}},{"v":1552.4303400000008,"d":"1,552"},{"v":8202.15,"d":"8,202"},{"v":1093.62,"d":"1,094"},{"v":9295.77,"d":"9,296"},{"v":12576.629999999997,"d":"12,577"},{"$f":"(M85*12-(VLOOKUP(AB85*12,'Tax table'!$A$3:$C$10,3)*(AB85*12-VLOOKUP(AB85*12,'Tax table'!$A$3:$C$10,1))+VLOOKUP(AB85*12,'Tax table'!$A$3:$C$10,2)))/12","v":{"v":12591.456599999998,"d":"12,591"}},{"v":9295.77,"d":"9,296"},{"v":0.7382600993121005,"d":"73.8%"}]
["Member 2217","1980-09-08","M",{"v":131234.4,"d":"131,234"},{"v":0.8,"d":"80%"},{"v":0.85,"d":"85%"},{"v":0.75,"d":"75%"},{"v":0.1,"d":"10%"},null,38,{"v":10936.199999999999,"d":"10,936"},{"v":1093.62,"d":"1,094"},{"v":13670.249999999998,"d":"13,670"},{"v":12576.629999999997,"d":"12,577"},{"$f":"(M86*12-(VLOOKUP(N86*12,'Tax table'!$A$3:$C$10,3)*(N86*12-VLOOKUP(N86*12,'Tax table'!$A$3:$C$10,1))+VLOOKUP(N86*12,'Tax table'!$A$3:$C$10,2)))/12","v":{"v":12591.456599999998,"d":"12,591"}},{"v":9842.579999999998,"d":"9,843"},{"$f":"(VLOOKUP(P86*12,'Tax table'!$A$3:$C$10,3)*(P86*12-VLOOKUP(P86*12,'Tax table'!$A$3:$C$10,1))+VLOOKUP(P86*12,'Tax table'!$A$3:$C$10,2))/12","v":{"v":586.6643999999997,"d":"587"}},{"v":10349.5356,"d":"10,350"},{"v":8797.105259999998,"d":"8,797"},{"v":0.6986566796410194,"d":"69.9%"},{"v":26391.315779999997,"d":"26,391"},{"$f":"IF($B$15=\"Yes\",MIN(S86*2,References!$B$7),0)","v":{"v":17594.210519999997,"d":"17,594"}},{"$f":"IF(AND(D86<>0,$B$16=\"Yes\"),References!$B$6,0)","v":{"v":100000,"d":"100,000"}},{"v":1552.4303400000008,"d":"1,552"},{"v":8202.15,"d":"8,202"},{"v":1093.62,"d":"1,094"},{"v":9295.77,"d":"9,296"},{"v":12576.629999999997,"d":"12,577"},{"$f":"(M86*12-(VLOOKUP(AB86*12,'Tax table'!$A$3:$C$10,3)*(AB86*12-VLOOKUP(AB86*12,'Tax table'!$A$3:$C$10,1))+VLOOKUP(AB86*12,'Tax table'!$A$3:$C$10,2)))/12","v":{"v":12591.456599999998,"d":"12,591"}},{"v":9295.77,"d":"9,296"},{"v":0.7382600993121005,"d":"73.8%"}]
["Member 2218","1987-09-11","M",{"v":131234.4,"d":"131,234"},{"v":0.8,"d":"80%"},{"v":0.85,"d":"85%"},{"v":0.75,"d":"75%"},{"v":0.1,"d":"10%"},null,31,{"v":10936.199999999999,"d":"10,936"},{"v":1093.62,"d":"1,094"},{"v":13670.249999999998,"d":"13,670"},{"v":12576.629999999997,"d":"12,577"},{"$f":"(M87*12-(VLOOKUP(N87*12,'Tax table'!$A$3:$C$10,3)*(N87*12-VLOOKUP(N87*12,'Tax table'!$A$3:$C$10,1))+VLOOKUP(N87*12,'Tax table'!$A$3:$C$10,2)))/12","v":{"v":12591.456599999998,"d":"12,591"}},{"v":9842.579999999998,"d":"9,843"},{"$f":"(VLOOKUP(P87*12,'Tax table'!$A$3:$C$10,3)*(P87*12-VLOOKUP(P87*12,'Tax table'!$A$3:$C$10,1))+VLOOKUP(P87*12,'Tax table'!$A$3:$C$10,2))/12","v":{"v":586.6643999999997,"d":"587"}},{"v":10349.5356,"d":"10,350"},{"v":8797.105259999998,"d":"8,797"},{"v":0.6986566796410194,"d":"69.9%"},{"v":26391.315779999997,"d":"26,391"},{"$f":"IF($B$15=\"Yes\",MIN(S87*2,References!$B$7),0)","v":{"v":17594.210519999997,"d":"17,594"}},{"$f":"IF(AND(D87<>0,$B$16=\"Yes\"),References!$B$6,0)","v":{"v":100000,"d":"100,000"}},{"v":1552.4303400000008,"d":"1,552"},{"v":8202.15,"d":"8,202"},{"v":1093.62,"d":"1,094"},{"v":9295.77,"d":"9,296"},{"v":12576.629999999997,"d":"12,577"},{"$f":"(M87*12-(VLOOKUP(AB87*12,'Tax table'!$A$3:$C$10,3)*(AB87*12-VLOOKUP(AB87*12,'Tax table'!$A$3:$C$10,1))+VLOOKUP(AB87*12,'Tax table'!$A$3:$C$10,2)))/12","v":{"v":12591.456599999998,"d":"12,591"}},{"v":9295.77,"d":"9,296"},{"v":0.7382600993121005,"d":"73.8%"}]
["Member 2214","1965-10-18","F",{"v":132015.6,"d":"132,016"},{"v":0.8,"d":"80%"},{"v":0.85,"d":"85%"},{"v":0.75,"d":"75%"},{"v":0.1,"d":"10%"},null,{"$f":"DATEDIF(B88,$B$7,\"y\")","v":53},{"$f":"D88/12","v":{"v":11001.300000000001,"d":"11,001"}},{"$f":"IF($B$10=\"No\",MIN(K88*H88,15%*K88),I88/12)","v":{"v":1100.13,"d":"1,100"}},{"$f":"D88/12/E88","v":{"v":13751.625,"d":"13,752"}},{"$f":"M88-L88","v":{"v":12651.494999999999,"d":"12,651"}},{"$f":"(M88*12-(VLOOKUP(N88*12,'Tax table'!$A$3:$C$10,3)*(N88*12-VLOOKUP(N88*12,'Tax table'!$A$3:$C$10,1))+VLOOKUP(N88*12,'Tax table'!$A$3:$C$10,2)))/12","v":{"v":12659.3559,"d":"12,659"}},{"$f":"K88-L88","v":{"v":9901.170000000002,"d":"9,901"}},{"$f":"(VLOOKUP(P88*12,'Tax table'!$A$3:$C$10,3)*(P88*12-VLOOKUP(P88*12,'Tax table'!$A$3:$C$10,1))+VLOOKUP(P88*12,'Tax table'!$A$3:$C$10,2))/12","v":{"v":597.2106000000003,"d":"597"}},{"$f":"K88-Q88","v":{"v":10404.0894,"d":"10,404"}},{"$f":"MIN(R88*F88,SUM($B$8,$B$9))","v":{"v":8843.47599,"d":"8,843"}},{"$f":"S88/O88","v":{"v":0.6985723491666744,"d":"69.9%"}},{"$f":"IF($B$14=\"Yes\",S88*3,0)","v":{"v":26530.427970000004,"d":"26,530"}},{"$f":"IF($B$15=\"Yes\",MIN(S88*2,References!$B$7),0)","v":{"v":17686.95198,"d":"17,687"}},{"$f":"IF(AND(D88<>0,$B$16=\"Yes\"),References!$B$6,0)","v":{"v":100000,"d":"100,000"}},{"$f":"IF($B$17=\"Yes\",MIN(R88,SUM($B$8:$B$9))-S88,0)","v":{"v":1560.61341,"d":"1,561"}},{"$f":"MIN(K88*G88,$B$8)","v":{"v":8250.975,"d":"8,251"}},{"$f":"MIN(K88*H88,$B$9)","v":{"v":1100.13,"d":"1,100"}},{"$f":"Z88+Y88","v":{"v":9351.105,"d":"9,351"}},{"$f":"M88-Z88","v":{"v":12651.494999999999,"d":"12,651"}},{"$f":"(M88*12-(VLOOKUP(AB88*12,'Tax table'!$A$3:$C$10,3)*(AB88*12-VLOOKUP(AB88*12,'Tax table'!$A$3:$C$10,1))+VLOOKUP(AB88*12,'Tax table'!$A$3:$C$10,2)))/12","v":{"v":12659.3559,"d":"12,659"}},{"$f":"MIN(AA88,AC88)","v":{"v":9351.105,"d":"9,351"}},{"$f":"AD88/O88","v":{"v":0.7386714674796369,"d":"73.9%"}}]
["Member 2211","1965-07-13","F",{"v":132028.68,"d":"132,029"},{"v":0.8,"d":"80%"},{"v":0.85,"d":"85%"},{"v":0.75,"d":"75%"},{"v":0.1,"d":"10%"},null,53,{"v":11002.39,"d":"11,002"},{"v":1100.239,"d":"1,100"},{"v":13752.9875,"d":"13,753"},{"v":12652.7485,"d":"12,653"},{"$f":"(M89*12-(VLOOKUP(N89*12,'Tax table'!$A$3:$C$10,3)*(N89*12-VLOOKUP(N89*12,'Tax table'!$A$3:$C$10,1))+VLOOKUP(N89*12,'Tax table'!$A$3:$C$10,2)))/12","v":{"v":12660.492769999997,"d":"12,660"}},{"v":9902.151,"d":"9,902"},{"$f":"(VLOOKUP(P89*12,'Tax table'!$A$3:$C$10,3)*(P89*12-VLOOKUP(P89*12,'Tax table'!$A$3:$C$10,1))+VLOOKUP(P89*12,'Tax table'!$A$3:$C$10,2))/12","v":{"v":597.3871800000001,"d":"597"}},{"v":10405.00282,"d":"10,405"},{"v":8844.252397,"d":"8,844"},{"v":0.6985709448811606,"d":"69.9%"},{"v":26532.757191,"d":"26,533"},{"$f":"IF($B$15=\"Yes\",MIN(S89*2,References!$B$7),0)","v":{"v":17688.504794,"d":"17,689"}},{"$f":"IF(AND(D89<>0,$B$16=\"Yes\"),References!$B$6,0)","v":{"v":100000,"d":"100,000"}},{"v":1560.7504229999995,"d":"1,561"},{"v":8251.7925,"d":"8,252"},{"v":1100.239,"d":"1,100"},{"v":9352.0315,"d":"9,352"},{"v":12652.7485,"d":"12,653"},{"$f":"(M89*12-(VLOOKUP(AB89*12,'Tax table'!$A$3:$C$10,3)*(AB89*12-VLOOKUP(AB89*12,'Tax table'!$A$3:$C$10,1))+VLOOKUP(AB89*12,'Tax table'!$A$3:$C$10,2)))/12","v":{"v":12660.492769999997,"d":"12,660"}},{"v":9352.0315,"d":"9,352"},{"v":0.7386783176528761,"d":"73.9%"}]
["Member 2212","1963-03-08","F",{"v":132028.68,"d":"132,029"},{"v":0.8,"d":"80%"},{"v":0.85,"d":"85%"},{"v":0.75,"d":"75%"},{"v":0.1,"d":"10%"},null,55,{"v":11002.39,"d":"11,002"},{"v":1100.239,"d":"1,100"},{"v":13752.9875,"d":"13,753"},{"v":12652.7485,"d":"12,653"},{"$f":"(M90*12-(VLOOKUP(N90*12,'Tax table'!$A$3:$C$10,3)*(N90*12-VLOOKUP(N90*12,'Tax table'!$A$3:$C$10,1))+VLOOKUP(N90*12,'Tax table'!$A$3:$C$10,2)))/12","v":{"v":12660.492769999997,"d":"12,660"}},{"v":9902.151,"d":"9,902"},{"$f":"(VLOOKUP(P90*12,'Tax table'!$A$3:$C$10,3)*(P90*12-VLOOKUP(P90*12,'Tax table'!$A$3:$C$10,1))+VLOOKUP(P90*12,'Tax table'!$A$3:$C$10,2))/12","v":{"v":597.3871800000001,"d":"597"}},{"v":10405.00282,"d":"10,405"},{"v":8844.252397,"d":"8,844"},{"v":0.6985709448811606,"d":"69.9%"},{"v":26532.757191,"d":"26,533"},{"$f":"IF($B$15=\"Yes\",MIN(S90*2,References!$B$7),0)","v":{"v":17688.504794,"d":"17,689"}},{"$f":"IF(AND(D90<>0,$B$16=\"Yes\"),References!$B$6,0)","v":{"v":100000,"d":"100,000"}},{"v":1560.7504229999995,"d":"1,561"},{"v":8251.7925,"d":"8,252"},{"v":1100.239,"d":"1,100"},{"v":9352.0315,"d":"9,352"},{"v":12652.7485,"d":"12,653"},{"$f":"(M90*12-(VLOOKUP(AB90*12,'Tax table'!$A$3:$C$10,3)*(AB90*12-VLOOKUP(AB90*12,'Tax table'!$A$3:$C$10,1))+VLOOKUP(AB90*12,'Tax table'!$A$3:$C$10,2)))/12","v":{"v":12660.492769999997,"d":"12,660"}},{"v":9352.0315,"d":"9,352"},{"v":0.7386783176528761,"d":"73.9%"}]
["Member 2213","1977-06-21","F",{"v":132028.68,"d":"132,029"},{"v":0.8,"d":"80%"},{"v":0.85,"d":"85%"},{"v":0.75,"d":"75%"},{"v":0.1,"d":"10%"},null,41,{"v":11002.39,"d":"11,002"},{"v":1100.239,"d":"1,100"},{"v":13752.9875,"d":"13,753"},{"v":12652.7485,"d":"12,653"},{"$f":"(M91*12-(VLOOKUP(N91*12,'Tax table'!$A$3:$C$10,3)*(N91*12-VLOOKUP(N91*12,'Tax table'!$A$3:$C$10,1))+VLOOKUP(N91*12,'Tax table'!$A$3:$C$10,2)))/12","v":{"v":12660.492769999997,"d":"12,660"}},{"v":9902.151,"d":"9,902"},{"$f":"(VLOOKUP(P91*12,'Tax table'!$A$3:$C$10,3)*(P91*12-VLOOKUP(P91*12,'Tax table'!$A$3:$C$10,1))+VLOOKUP(P91*12,'Tax table'!$A$3:$C$10,2))/12","v":{"v":597.3871800000001,"d":"597"}},{"v":10405.00282,"d":"10,405"},{"v":8844.252397,"d":"8,844"},{"v":0.6985709448811606,"d":"69.9%"},{"v":26532.757191,"d":"26,533"},{"$f":"IF($B$15=\"Yes\",MIN(S91*2,References!$B$7),0)","v":{"v":17688.504794,"d":"17,689"}},{"$f":"IF(AND(D91<>0,$B$16=\"Yes\"),References!$B$6,0)","v":{"v":100000,"d":"100,000"}},{"v":1560.7504229999995,"d":"1,561"},{"v":8251.7925,"d":"8,252"},{"v":1100.239,"d":"1,100"},{"v":9352.0315,"d":"9,352"},{"v":12652.7485,"d":"12,653"},{"$f":"(M91*12-(VLOOKUP(AB91*12,'Tax table'!$A$3:$C$10,3)*(AB91*12-VLOOKUP(AB91*12,'Tax table'!$A$3:$C$10,1))+VLOOKUP(AB91*12,'Tax table'!$A$3:$C$10,2)))/12","v":{"v":12660.492769999997,"d":"12,660"}},{"v":9352.0315,"d":"9,352"},{"v":0.7386783176528761,"d":"73.9%"}]
["Member 2210","1979-05-13","M",{"v":132102,"d":"132,102"},{"v":0.8,"d":"80%"},{"v":0.85,"d":"85%"},{"v":0.75,"d":"75%"},{"v":0.1,"d":"10%"},null,39,{"v":11008.5,"d":"11,009"},{"v":1100.8500000000001,"d":"1,101"},{"v":13760.625,"d":"13,761"},{"v":12659.775,"d":"12,660"},{"$f":"(M92*12-(VLOOKUP(N92*12,'Tax table'!$A$3:$C$10,3)*(N92*12-VLOOKUP(N92*12,'Tax table'!$A$3:$C$10,1))+VLOOKUP(N92*12,'Tax table'!$A$3:$C$10,2)))/12","v":{"v":12666.8655,"d":"12,667"}},{"v":9907.65,"d":"9,908"},{"$f":"(VLOOKUP(P92*12,'Tax table'!$A$3:$C$10,3)*(P92*12-VLOOKUP(P92*12,'Tax table'!$A$3:$C$10,1))+VLOOKUP(P92*12,'Tax table'!$A$3:$C$10,2))/12","v":{"v":598.3769999999998,"d":"598"}},{"v":10410.123,"d":"10,410"},{"v":8848.60455,"d":"8,849"},{"v":0.6985630778190548,"d":"69.9%"},{"v":26545.81365,"d":"26,546"},{"$f":"IF($B$15=\"Yes\",MIN(S92*2,References!$B$7),0)","v":{"v":17697.2091,"d":"17,697"}},{"$f":"IF(AND(D92<>0,$B$16=\"Yes\"),References!$B$6,0)","v":{"v":100000,"d":"100,000"}},{"v":1561.5184499999996,"d":"1,562"},{"v":8256.375,"d":"8,256"},{"v":1100.8500000000001,"d":"1,101"},{"v":9357.225,"d":"9,357"},{"v":12659.775,"d":"12,660"},{"$f":"(M92*12-(VLOOKUP(AB92*12,'Tax table'!$A$3:$C$10,3)*(AB92*12-VLOOKUP(AB92*12,'Tax table'!$A$3:$C$10,1))+VLOOKUP(AB92*12,'Tax table'!$A$3:$C$10,2)))/12","v":{"v":12666.8655,"d":"12,667"}},{"v":9357.225,"d":"9,357"},{"v":0.7387166935655866,"d":"73.9%"}]
["Member 2209","1983-08-01","F",{"v":132305.88,"d":"132,306"},{"v":0.8,"d":"80%"},{"v":0.85,"d":"85%"},{"v":0.75,"d":"75%"},{"v":0.1,"d":"10%"},null,35,{"v":11025.49,"d":"11,025"},{"v":1102.549,"d":"1,103"},{"v":13781.8625,"d":"13,782"},{"v":12679.3135,"d":"12,679"},{"$f":"(M93*12-(VLOOKUP(N93*12,'Tax table'!$A$3:$C$10,3)*(N93*12-VLOOKUP(N93*12,'Tax table'!$A$3:$C$10,1))+VLOOKUP(N93*12,'Tax table'!$A$3:$C$10,2)))/12","v":{"v":12684.586069999998,"d":"12,685"}},{"v":9922.940999999999,"d":"9,923"},{"$f":"(VLOOKUP(P93*12,'Tax table'!$A$3:$C$10,3)*(P93*12-VLOOKUP(P93*12,'Tax table'!$A$3:$C$10,1))+VLOOKUP(P93*12,'Tax table'!$A$3:$C$10,2))/12","v":{"v":601.1293799999997,"d":"601"}},{"v":10424.36062,"d":"10,424"},{"v":8860.706526999998,"d":"8,861"},{"v":0.6985412435299121,"d":"69.9%"},{"v":26582.119580999995,"d":"26,582"},{"$f":"IF($B$15=\"Yes\",MIN(S93*2,References!$B$7),0)","v":{"v":17721.413053999997,"d":"17,721"}},{"$f":"IF(AND(D93<>0,$B$16=\"Yes\"),References!$B$6,0)","v":{"v":100000,"d":"100,000"}},{"v":1563.654093000001,"d":"1,564"},{"v":8269.1175,"d":"8,269"},{"v":1102.549,"d":"1,103"},{"v":9371.6665,"d":"9,372"},{"v":12679.3135,"d":"12,679"},{"$f":"(M93*12-(VLOOKUP(AB93*12,'Tax table'!$A$3:$C$10,3)*(AB93*12-VLOOKUP(AB93*12,'Tax table'!$A$3:$C$10,1))+VLOOKUP(AB93*12,'Tax table'!$A$3:$C$10,2)))/12","v":{"v":12684.586069999998,"d":"12,685"}},{"v":9371.6665,"d":"9,372"},{"v":0.738823202293112,"d":"73.9%"}]
["Member 8","1965-11-23","F",{"v":132892,"d":"132,892"},{"v":0.8,"d":"80%"},{"v":0.85,"d":"85%"},{"v":0.75,"d":"75%"},{"v":0.1,"d":"10%"},null,52,{"v":11074.333333333334,"d":"11,074"},{"v":1107.4333333333334,"d":"1,107"},{"v":13842.916666666666,"d":"13,843"},{"v":12735.483333333334,"d":"12,735"},{"$f":"(M94*12-(VLOOKUP(N94*12,'Tax table'!$A$3:$C$10,3)*(N94*12-VLOOKUP(N94*12,'Tax table'!$A$3:$C$10,1))+VLOOKUP(N94*12,'Tax table'!$A$3:$C$10,2)))/12","v":{"v":12735.529666666667,"d":"12,736"}},{"v":9966.900000000001,"d":"9,967"},{"$f":"(VLOOKUP(P94*12,'Tax table'!$A$3:$C$10,3)*(P94*12-VLOOKUP(P94*12,'Tax table'!$A$3:$C$10,1))+VLOOKUP(P94*12,'Tax table'!$A$3:$C$10,2))/12","v":{"v":609.0420000000003,"d":"609"}},{"v":10465.291333333334,"d":"10,465"},{"v":8895.497633333334,"d":"8,895"},{"v":0.6984788121232178,"d":"69.8%"},{"v":26686.492900000005,"d":"26,686"},{"$f":"IF($B$15=\"Yes\",MIN(S94*2,References!$B$7),0)","v":{"v":17790.99526666667,"d":"17,791"}},{"$f":"IF(AND(D94<>0,$B$16=\"Yes\"),References!$B$6,0)","v":{"v":100000,"d":"100,000"}},{"v":1569.7937000000002,"d":"1,570"},{"v":8305.75,"d":"8,306"},{"v":1107.4333333333334,"d":"1,107"},{"v":9413.183333333334,"d":"9,413"},{"v":12735.483333333334,"d":"12,735"},{"$f":"(M94*12-(VLOOKUP(AB94*12,'Tax table'!$A$3:$C$10,3)*(AB94*12-VLOOKUP(AB94*12,'Tax table'!$A$3:$C$10,1))+VLOOKUP(AB94*12,'Tax table'!$A$3:$C$10,2)))/12","v":{"v":12735.529666666667,"d":"12,736"}},{"v":9413.183333333334,"d":"9,413"},{"v":0.739127745740401,"d":"73.9%"}]
["Member 2208","1959-07-27","M",{"v":133178.28,"d":"133,178"},{"v":0.8,"d":"80%"},{"v":0.85,"d":"85%"},{"v":0.75,"d":"75%"},{"v":0.1,"d":"10%"},null,59,{"v":11098.19,"d":"11,098"},{"v":1109.8190000000002,"d":"1,110"},{"v":13872.7375,"d":"13,873"},{"v":12762.9185,"d":"12,763"},{"$f":"(M95*12-(VLOOKUP(N95*12,'Tax table'!$A$3:$C$10,3)*(N95*12-VLOOKUP(N95*12,'Tax table'!$A$3:$C$10,1))+VLOOKUP(N95*12,'Tax table'!$A$3:$C$10,2)))/12","v":{"v":12760.412169999998,"d":"12,760"}},{"v":9988.371000000001,"d":"9,988"},{"$f":"(VLOOKUP(P95*12,'Tax table'!$A$3:$C$10,3)*(P95*12-VLOOKUP(P95*12,'Tax table'!$A$3:$C$10,1))+VLOOKUP(P95*12,'Tax table'!$A$3:$C$10,2))/12","v":{"v":612.9067800000003,"d":"613"}},{"v":10485.283220000001,"d":"10,485"},{"v":8912.490737,"d":"8,912"},{"v":0.6984484998026519,"d":"69.8%"},{"v":26737.472211,"d":"26,737"},{"$f":"IF($B$15=\"Yes\",MIN(S95*2,References!$B$7),0)","v":{"v":17824.981474,"d":"17,825"}},{"$f":"IF(AND(D95<>0,$B$16=\"Yes\"),References!$B$6,0)","v":{"v":100000,"d":"100,000"}},{"v":1572.792483000001,"d":"1,573"},{"v":8323.6425,"d":"8,324"},{"v":1109.8190000000002,"d":"1,110"},{"v":9433.4615,"d":"9,433"},{"v":12762.9185,"d":"12,763"},{"$f":"(M95*12-(VLOOKUP(AB95*12,'Tax table'!$A$3:$C$10,3)*(AB95*12-VLOOKUP(AB95*12,'Tax table'!$A$3:$C$10,1))+VLOOKUP(AB95*12,'Tax table'!$A$3:$C$10,2)))/12","v":{"v":12760.412169999998,"d":"12,760"}},{"v":9433.4615,"d":"9,433"},{"v":0.739275610718772,"d":"73.9%"}]
["Member 2207","1959-01-02","F",{"v":133331.76,"d":"133,332"},{"v":0.8,"d":"80%"},{"v":0.85,"d":"85%"},{"v":0.75,"d":"75%"},{"v":0.1,"d":"10%"},null,59,{"v":11110.980000000001,"d":"11,111"},{"v":1111.0980000000002,"d":"1,111"},{"v":13888.725,"d":"13,889"},{"v":12777.627,"d":"12,778"},{"$f":"(M96*12-(VLOOKUP(N96*12,'Tax table'!$A$3:$C$10,3)*(N96*12-VLOOKUP(N96*12,'Tax table'!$A$3:$C$10,1))+VLOOKUP(N96*12,'Tax table'!$A$3:$C$10,2)))/12","v":{"v":12773.752140000002,"d":"12,774"}},{"v":9999.882000000001,"d":"10,000"},{"$f":"(VLOOKUP(P96*12,'Tax table'!$A$3:$C$10,3)*(P96*12-VLOOKUP(P96*12,'Tax table'!$A$3:$C$10,1))+VLOOKUP(P96*12,'Tax table'!$A$3:$C$10,2))/12","v":{"v":614.9787600000003,"d":"615"}},{"v":10496.001240000001,"d":"10,496"},{"v":8921.601054,"d":"8,922"},{"v":0.6984322974345735,"d":"69.8%"},{"v":26764.803162000004,"d":"26,765"},{"$f":"IF($B$15=\"Yes\",MIN(S96*2,References!$B$7),0)","v":{"v":17843.202108,"d":"17,843"}},{"$f":"IF(AND(D96<>0,$B$16=\"Yes\"),References!$B$6,0)","v":{"v":100000,"d":"100,000"}},{"v":1574.4001860000008,"d":"1,574"},{"v":8333.235,"d":"8,333"},{"v":1111.0980000000002,"d":"1,111"},{"v":9444.333,"d":"9,444"},{"v":12777.627,"d":"12,778"},{"$f":"(M96*12-(VLOOKUP(AB96*12,'Tax table'!$A$3:$C$10,3)*(AB96*12-VLOOKUP(AB96*12,'Tax table'!$A$3:$C$10,1))+VLOOKUP(AB96*12,'Tax table'!$A$3:$C$10,2)))/12","v":{"v":12773.752140000002,"d":"12,774"}},{"v":9444.333,"d":"9,444"},{"v":0.7393546466606169,"d":"73.9%"}]
["Member 2206","1980-04-02","M",{"v":133691.64,"d":"133,692"},{"v":0.8,"d":"80%"},{"v":0.85,"d":"85%"},{"v":0.75,"d":"75%"},{"v":0.1,"d":"10%"},null,38,{"v":11140.970000000001,"d":"11,141"},{"v":1114.0970000000002,"d":"1,114"},{"v":13926.212500000001,"d":"13,926"},{"v":12812.115500000002,"d":"12,812"},{"$f":"(M97*12-(VLOOKUP(N97*12,'Tax table'!$A$3:$C$10,3)*(N97*12-VLOOKUP(N97*12,'Tax table'!$A$3:$C$10,1))+VLOOKUP(N97*12,'Tax table'!$A$3:$C$10,2)))/12","v":{"v":12805.031710000001,"d":"12,805"}},{"v":10026.873000000001,"d":"10,027"},{"$f":"(VLOOKUP(P97*12,'Tax table'!$A$3:$C$10,3)*(P97*12-VLOOKUP(P97*12,'Tax table'!$A$3:$C$10,1))+VLOOKUP(P97*12,'Tax table'!$A$3:$C$10,2))/12","v":{"v":619.8371400000003,"d":"620"}},{"v":10521.132860000002,"d":"10,521"},{"v":8942.962931000002,"d":"8,943"},{"v":0.6983944384937413,"d":"69.8%"},{"v":26828.888793000006,"d":"26,829"},{"$f":"IF($B$15=\"Yes\",MIN(S97*2,References!$B$7),0)","v":{"v":17885.925862000004,"d":"17,886"}},{"$f":"IF(AND(D97<>0,$B$16=\"Yes\"),References!$B$6,0)","v":{"v":100000,"d":"100,000"}},{"v":1578.1699289999997,"d":"1,578"},{"v":8355.7275,"d":"8,356"},{"v":1114.0970000000002,"d":"1,114"},{"v":9469.8245,"d":"9,470"},{"v":12812.115500000002,"d":"12,812"},{"$f":"(M97*12-(VLOOKUP(AB97*12,'Tax table'!$A$3:$C$10,3)*(AB97*12-VLOOKUP(AB97*12,'Tax table'!$A$3:$C$10,1))+VLOOKUP(AB97*12,'Tax table'!$A$3:$C$10,2)))/12","v":{"v":12805.031710000001,"d":"12,805"}},{"v":9469.8245,"d":"9,470"},{"v":0.7395393244207749,"d":"74.0%"}]
["Member 2201","1988-02-17","F",{"v":134287.8,"d":"134,288"},{"v":0.8,"d":"80%"},{"v":0.85,"d":"85%"},{"v":0.75,"d":"75%"},{"v":0.1,"d":"10%"},null,30,{"v":11190.65,"d":"11,191"},{"v":1119.065,"d":"1,119"},{"v":13988.312499999998,"d":"13,988"},{"v":12869.247499999998,"d":"12,869"},{"$f":"(M98*12-(VLOOKUP(N98*12,'Tax table'!$A$3:$C$10,3)*(N98*12-VLOOKUP(N98*12,'Tax table'!$A$3:$C$10,1))+VLOOKUP(N98*12,'Tax table'!$A$3:$C$10,2)))/12","v":{"v":12856.847949999998,"d":"12,857"}},{"v":10071.585,"d":"10,072"},{"$f":"(VLOOKUP(P98*12,'Tax table'!$A$3:$C$10,3)*(P98*12-VLOOKUP(P98*12,'Tax table'!$A$3:$C$10,1))+VLOOKUP(P98*12,'Tax table'!$A$3:$C$10,2))/12","v":{"v":627.8852999999998,"d":"628"}},{"v":10562.7647,"d":"10,563"},{"v":8978.349994999999,"d":"8,978"},{"v":0.6983321285214391,"d":"69.8%"},{"v":26935.049984999998,"d":"26,935"},{"$f":"IF($B$15=\"Yes\",MIN(S98*2,References!$B$7),0)","v":{"v":17956.699989999997,"d":"17,957"}},{"$f":"IF(AND(D98<>0,$B$16=\"Yes\"),References!$B$6,0)","v":{"v":100000,"d":"100,000"}},{"v":1584.414705000001,"d":"1,584"},{"v":8392.9875,"d":"8,393"},{"v":1119.065,"d":"1,119"},{"v":9512.0525,"d":"9,512"},{"v":12869.247499999998,"d":"12,869"},{"$f":"(M98*12-(VLOOKUP(AB98*12,'Tax table'!$A$3:$C$10,3)*(AB98*12-VLOOKUP(AB98*12,'Tax table'!$A$3:$C$10,1))+VLOOKUP(AB98*12,'Tax table'!$A$3:$C$10,2)))/12","v":{"v":12856.847949999998,"d":"12,857"}},{"v":9512.0525,"d":"9,512"},{"v":0.7398432755051756,"d":"74.0%"}]
["Member 2202","1992-08-06","F",{"v":134287.8,"d":"134,288"},{"v":0.8,"d":"80%"},{"v":0.85,"d":"85%"},{"v":0.75,"d":"75%"},{"v":0.1,"d":"10%"},null,26,{"v":11190.65,"d":"11,191"},{"v":1119.065,"d":"1,119"},{"v":13988.312499999998,"d":"13,988"},{"v":12869.247499999998,"d":"12,869"},{"$f":"(M99*12-(VLOOKUP(N99*12,'Tax table'!$A$3:$C$10,3)*(N99*12-VLOOKUP(N99*12,'Tax table'!$A$3:$C$10,1))+VLOOKUP(N99*12,'Tax table'!$A$3:$C$10,2)))/12","v":{"v":12856.847949999998,"d":"12,857"}},{"v":10071.585,"d":"10,072"},{"$f":"(VLOOKUP(P99*12,'Tax table'!$A$3:$C$10,3)*(P99*12-VLOOKUP(P99*12,'Tax table'!$A$3:$C$10,1))+VLOOKUP(P99*12,'Tax table'!$A$3:$C$10,2))/12","v":{"v":627.8852999999998,"d":"628"}},{"v":10562.7647,"d":"10,563"},{"v":8978.349994999999,"d":"8,978"},{"v":0.6983321285214391,"d":"69.8%"},{"v":26935.049984999998,"d":"26,935"},{"$f":"IF($B$15=\"Yes\",MIN(S99*2,References!$B$7),0)","v":{"v":17956.699989999997,"d":"17,957"}},{"$f":"IF(AND(D99<>0,$B$16=\"Yes\"),References!$B$6,0)","v":{"v":100000,"d":"100,000"}},{"v":1584.414705000001,"d":"1,584"},{"v":8392.9875,"d":"8,393"},{"v":1119.065,"d":"1,119"},{"v":9512.0525,"d":"9,512"},{"v":12869.247499999998,"d":"12,869"},{"$f":"(M99*12-(VLOOKUP(AB99*12,'Tax table'!$A$3:$C$10,3)*(AB99*12-VLOOKUP(AB99*12,'Tax table'!$A$3:$C$10,1))+VLOOKUP(AB99*12,'Tax table'!$A$3:$C$10,2)))/12","v":{"v":12856.847949999998,"d":"12,857"}},{"v":9512.0525,"d":"9,512"},{"v":0.7398432755051756,"d":"74.0%"}]
["Member 2203","1990-05-09","F",{"v":134287.8,"d":"134,288"},{"v":0.8,"d":"80%"},{"v":0.85,"d":"85%"},{"v":0.75,"d":"75%"},{"v":0.1,"d":"10%"},null,28,{"v":11190.65,"d":"11,191"},{"v":1119.065,"d":"1,119"},{"v":13988.312499999998,"d":"13,988"},{"v":12869.247499999998,"d":"12,869"},{"$f":"(M100*12-(VLOOKUP(N100*12,'Tax table'!$A$3:$C$10,3)*(N100*12-VLOOKUP(N100*12,'Tax table'!$A$3:$C$10,1))+VLOOKUP(N100*12,'Tax table'!$A$3:$C$10,2)))/12","v":{"v":12856.847949999998,"d":"12,857"}},{"v":10071.585,"d":"10,072"},{"$f":"(VLOOKUP(P100*12,'Tax table'!$A$3:$C$10,3)*(P100*12-VLOOKUP(P100*12,'Tax table'!$A$3:$C$10,1))+VLOOKUP(P100*12,'Tax table'!$A$3:$C$10,2))/12","v":{"v":627.8852999999998,"d":"628"}},{"v":10562.7647,"d":"10,563"},{"v":8978.349994999999,"d":"8,978"},{"v":0.6983321285214391,"d":"69.8%"},{"v":26935.049984999998,"d":"26,935"},{"$f":"IF($B$15=\"Yes\",MIN(S100*2,References!$B$7),0)","v":{"v":17956.699989999997,"d":"17,957"}},{"$f":"IF(AND(D100<>0,$B$16=\"Yes\"),References!$B$6,0)","v":{"v":100000,"d":"100,000"}},{"v":1584.414705000001,"d":"1,584"},{"v":8392.9875,"d":"8,393"},{"v":1119.065,"d":"1,119"},{"v":9512.0525,"d":"9,512"},{"v":12869.247499999998,"d":"12,869"},{"$f":"(M100*12-(VLOOKUP(AB100*12,'Tax table'!$A$3:$C$10,3)*(AB100*12-VLOOKUP(AB100*12,'Tax table'!$A$3:$C$10,1))+VLOOKUP(AB100*12,'Tax table'!$A$3:$C$10,2)))/12","v":{"v":12856.847949999998,"d":"12,857"}},{"v":9512.0525,"d":"9,512"},{"v":0.7398432755051756,"d":"74.0%"}]
["Member 2204","1971-05-24","F",{"v":134287.8,"d":"134,288"},{"v":0.8,"d":"80%"},{"v":0.85,"d":"85%"},{"v":0.75,"d":"75%"},{"v":0.1,"d":"10%"},null,47,{"v":11190.65,"d":"11,191"},{"v":1119.065,"d":"1,119"},{"v":13988.312499999998,"d":"13,988"},{"v":12869.247499999998,"d":"12,869"},{"$f":"(M101*12-(VLOOKUP(N101*12,'Tax table'!$A$3:$C$10,3)*(N101*12-VLOOKUP(N101*12,'Tax table'!$A$3:$C$10,1))+VLOOKUP(N101*12,'Tax table'!$A$3:$C$10,2)))/12","v":{"v":12856.847949999998,"d":"12,857"}},{"v":10071.585,"d":"10,072"},{"$f":"(VLOOKUP(P101*12,'Tax table'!$A$3:$C$10,3)*(P101*12-VLOOKUP(P101*12,'Tax table'!$A$3:$C$10,1))+VLOOKUP(P101*12,'Tax table'!$A$3:$C$10,2))/12","v":{"v":627.8852999999998,"d":"628"}},{"v":10562.7647,"d":"10,563"},{"v":8978.349994999999,"d":"8,978"},{"v":0.6983321285214391,"d":"69.8%"},{"v":26935.049984999998,"d":"26,935"},{"$f":"IF($B$15=\"Yes\",MIN(S101*2,References!$B$7),0)","v":{"v":17956.699989999997,"d":"17,957"}},{"$f":"IF(AND(D101<>0,$B$16=\"Yes\"),References!$B$6,0)","v":{"v":100000,"d":"100,000"}},{"v":1584.414705000001,"d":"1,584"},{"v":8392.9875,"d":"8,393"},{"v":1119.065,"d":"1,119"},{"v":9512.0525,"d":"9,512"},{"v":12869.247499999998,"d":"12,869"},{"$f":"(M101*12-(VLOOKUP(AB101*12,'Tax table'!$A$3:$C$10,3)*(AB101*12-VLOOKUP(AB101*12,'Tax table'!$A$3:$C$10,1))+VLOOKUP(AB101*12,'Tax table'!$A$3:$C$10,2)))/12","v":{"v":12856.847949999998,"d":"12,857"}},{"v":9512.0525,"d":"9,512"},{"v":0.7398432755051756,"d":"74.0%"}]
["Member 2205","1983-07-02","M",{"v":134287.8,"d":"134,288"},{"v":0.8,"d":"80%"},{"v":0.85,"d":"85%"},{"v":0.75,"d":"75%"},{"v":0.1,"d":"10%"},null,35,{"v":11190.65,"d":"11,191"},{"v":1119.065,"d":"1,119"},{"v":13988.312499999998,"d":"13,988"},{"v":12869.247499999998,"d":"12,869"},{"$f":"(M102*12-(VLOOKUP(N102*12,'Tax table'!$A$3:$C$10,3)*(N102*12-VLOOKUP(N102*12,'Tax table'!$A$3:$C$10,1))+VLOOKUP(N102*12,'Tax table'!$A$3:$C$10,2)))/12","v":{"v":12856.847949999998,"d":"12,857"}},{"v":10071.585,"d":"10,072"},{"$f":"(VLOOKUP(P102*12,'Tax table'!$A$3:$C$10,3)*(P102*12-VLOOKUP(P102*12,'Tax table'!$A$3:$C$10,1))+VLOOKUP(P102*12,'Tax table'!$A$3:$C$10,2))/12","v":{"v":627.8852999999998,"d":"628"}},{"v":10562.7647,"d":"10,563"},{"v":8978.349994999999,"d":"8,978"},{"v":0.6983321285214391,"d":"69.8%"},{"v":26935.049984999998,"d":"26,935"},{"$f":"IF($B$15=\"Yes\",MIN(S102*2,References!$B$7),0)","v":{"v":17956.699989999997,"d":"17,957"}},{"$f":"IF(AND(D102<>0,$B$16=\"Yes\"),References!$B$6,0)","v":{"v":100000,"d":"100,000"}},{"v":1584.414705000001,"d":"1,584"},{"v":8392.9875,"d":"8,393"},{"v":1119.065,"d":"1,119"},{"v":9512.0525,"d":"9,512"},{"v":12869.247499999998,"d":"12,869"},{"$f":"(M102*12-(VLOOKUP(AB102*12,'Tax table'!$A$3:$C$10,3)*(AB102*12-VLOOKUP(AB102*12,'Tax table'!$A$3:$C$10,1))+VLOOKUP(AB102*12,'Tax table'!$A$3:$C$10,2)))/12","v":{"v":12856.847949999998,"d":"12,857"}},{"v":9512.0525,"d":"9,512"},{"v":0.7398432755051756,"d":"74.0%"}]
["Member 2200","1970-07-13","M",{"v":134569.8,"d":"134,570"},{"v":0.8,"d":"80%"},{"v":0.85,"d":"85%"},{"v":0.75,"d":"75%"},{"v":0.1,"d":"10%"},null,48,{"v":11214.15,"d":"11,214"},{"v":1121.415,"d":"1,121"},{"v":14017.687499999998,"d":"14,018"},{"v":12896.2725,"d":"12,896"},{"$f":"(M103*12-(VLOOKUP(N103*12,'Tax table'!$A$3:$C$10,3)*(N103*12-VLOOKUP(N103*12,'Tax table'!$A$3:$C$10,1))+VLOOKUP(N103*12,'Tax table'!$A$3:$C$10,2)))/12","v":{"v":12881.358449999998,"d":"12,881"}},{"v":10092.735,"d":"10,093"},{"$f":"(VLOOKUP(P103*12,'Tax table'!$A$3:$C$10,3)*(P103*12-VLOOKUP(P103*12,'Tax table'!$A$3:$C$10,1))+VLOOKUP(P103*12,'Tax table'!$A$3:$C$10,2))/12","v":{"v":631.6923,"d":"632"}},{"v":10582.457699999999,"d":"10,582"},{"v":8995.089044999999,"d":"8,995"},{"v":0.6983028288448879,"d":"69.8%"},{"v":26985.267134999995,"d":"26,985"},{"$f":"IF($B$15=\"Yes\",MIN(S103*2,References!$B$7),0)","v":{"v":17990.178089999998,"d":"17,990"}},{"$f":"IF(AND(D103<>0,$B$16=\"Yes\"),References!$B$6,0)","v":{"v":100000,"d":"100,000"}},{"v":1587.3686550000002,"d":"1,587"},{"v":8410.6125,"d":"8,411"},{"v":1121.415,"d":"1,121"},{"v":9532.0275,"d":"9,532"},{"v":12896.2725,"d":"12,896"},{"$f":"(M103*12-(VLOOKUP(AB103*12,'Tax table'!$A$3:$C$10,3)*(AB103*12-VLOOKUP(AB103*12,'Tax table'!$A$3:$C$10,1))+VLOOKUP(AB103*12,'Tax table'!$A$3:$C$10,2)))/12","v":{"v":12881.358449999998,"d":"12,881"}},{"v":9532.0275,"d":"9,532"},{"v":0.7399862007566447,"d":"74.0%"}]
["Member 2199","1958-08-24","M",{"v":135128.04,"d":"135,128"},{"v":0.8,"d":"80%"},{"v":0.85,"d":"85%"},{"v":0.75,"d":"75%"},{"v":0.1,"d":"10%"},null,60,{"v":11260.67,"d":"11,261"},{"v":1126.067,"d":"1,126"},{"v":14075.8375,"d":"14,076"},{"v":12949.770499999999,"d":"12,950"},{"$f":"(M104*12-(VLOOKUP(N104*12,'Tax table'!$A$3:$C$10,3)*(N104*12-VLOOKUP(N104*12,'Tax table'!$A$3:$C$10,1))+VLOOKUP(N104*12,'Tax table'!$A$3:$C$10,2)))/12","v":{"v":12929.87881,"d":"12,930"}},{"v":10134.603,"d":"10,135"},{"$f":"(VLOOKUP(P104*12,'Tax table'!$A$3:$C$10,3)*(P104*12-VLOOKUP(P104*12,'Tax table'!$A$3:$C$10,1))+VLOOKUP(P104*12,'Tax table'!$A$3:$C$10,2))/12","v":{"v":639.2285399999998,"d":"639"}},{"v":10621.44146,"d":"10,621"},{"v":9028.225241,"d":"9,028"},{"v":0.6982451555553288,"d":"69.8%"},{"v":27084.675723,"d":"27,085"},{"$f":"IF($B$15=\"Yes\",MIN(S104*2,References!$B$7),0)","v":{"v":18056.450482,"d":"18,056"}},{"$f":"IF(AND(D104<>0,$B$16=\"Yes\"),References!$B$6,0)","v":{"v":100000,"d":"100,000"}},{"v":1593.216219,"d":"1,593"},{"v":8445.5025,"d":"8,446"},{"v":1126.067,"d":"1,126"},{"v":9571.569500000001,"d":"9,572"},{"v":12949.770499999999,"d":"12,950"},{"$f":"(M104*12-(VLOOKUP(AB104*12,'Tax table'!$A$3:$C$10,3)*(AB104*12-VLOOKUP(AB104*12,'Tax table'!$A$3:$C$10,1))+VLOOKUP(AB104*12,'Tax table'!$A$3:$C$10,2)))/12","v":{"v":12929.87881,"d":"12,930"}},{"v":9571.569500000001,"d":"9,572"},{"v":0.7402675338764448,"d":"74.0%"}]
["Member 2198","1966-04-07","M",{"v":135732.24,"d":"135,732"},{"v":0.8,"d":"80%"},{"v":0.85,"d":"85%"},{"v":0.75,"d":"75%"},{"v":0.1,"d":"10%"},null,52,{"v":11311.019999999999,"d":"11,311"},{"v":1131.1019999999999,"d":"1,131"},{"v":14138.774999999998,"d":"14,139"},{"v":13007.672999999999,"d":"13,008"},{"$f":"(M105*12-(VLOOKUP(N105*12,'Tax table'!$A$3:$C$10,3)*(N105*12-VLOOKUP(N105*12,'Tax table'!$A$3:$C$10,1))+VLOOKUP(N105*12,'Tax table'!$A$3:$C$10,2)))/12","v":{"v":12982.393859999998,"d":"12,982"}},{"v":10179.917999999998,"d":"10,180"},{"$f":"(VLOOKUP(P105*12,'Tax table'!$A$3:$C$10,3)*(P105*12-VLOOKUP(P105*12,'Tax table'!$A$3:$C$10,1))+VLOOKUP(P105*12,'Tax table'!$A$3:$C$10,2))/12","v":{"v":647.3852399999996,"d":"647"}},{"v":10663.634759999999,"d":"10,664"},{"v":9064.089546,"d":"9,064"},{"v":0.6981832198087388,"d":"69.8%"},{"v":27192.268637999998,"d":"27,192"},{"$f":"IF($B$15=\"Yes\",MIN(S105*2,References!$B$7),0)","v":{"v":18128.179092,"d":"18,128"}},{"$f":"IF(AND(D105<>0,$B$16=\"Yes\"),References!$B$6,0)","v":{"v":100000,"d":"100,000"}},{"v":1599.5452139999998,"d":"1,600"},{"v":8483.265,"d":"8,483"},{"v":1131.1019999999999,"d":"1,131"},{"v":9614.366999999998,"d":"9,614"},{"v":13007.672999999999,"d":"13,008"},{"$f":"(M105*12-(VLOOKUP(AB105*12,'Tax table'!$A$3:$C$10,3)*(AB105*12-VLOOKUP(AB105*12,'Tax table'!$A$3:$C$10,1))+VLOOKUP(AB105*12,'Tax table'!$A$3:$C$10,2)))/12","v":{"v":12982.393859999998,"d":"12,982"}},{"v":9614.366999999998,"d":"9,614"},{"v":0.7405696594695672,"d":"74.1%"}]
["Member 2197","1961-01-29","M",{"v":136922.76,"d":"136,923"},{"v":0.8,"d":"80%"},{"v":0.85,"d":"85%"},{"v":0.75,"d":"75%"},{"v":0.1,"d":"10%"},null,57,{"v":11410.230000000001,"d":"11,410"},{"v":1141.0230000000001,"d":"1,141"},{"v":14262.7875,"d":"14,263"},{"v":13121.764500000001,"d":"13,122"},{"$f":"(M106*12-(VLOOKUP(N106*12,'Tax table'!$A$3:$C$10,3)*(N106*12-VLOOKUP(N106*12,'Tax table'!$A$3:$C$10,1))+VLOOKUP(N106*12,'Tax table'!$A$3:$C$10,2)))/12","v":{"v":13085.869890000002,"d":"13,086"}},{"v":10269.207000000002,"d":"10,269"},{"$f":"(VLOOKUP(P106*12,'Tax table'!$A$3:$C$10,3)*(P106*12-VLOOKUP(P106*12,'Tax table'!$A$3:$C$10,1))+VLOOKUP(P106*12,'Tax table'!$A$3:$C$10,2))/12","v":{"v":663.4572600000004,"d":"663"}},{"v":10746.77274,"d":"10,747"},{"v":9134.756829,"d":"9,135"},{"v":0.6980626359414306,"d":"69.8%"},{"v":27404.270487,"d":"27,404"},{"$f":"IF($B$15=\"Yes\",MIN(S106*2,References!$B$7),0)","v":{"v":18269.513658,"d":"18,270"}},{"$f":"IF(AND(D106<>0,$B$16=\"Yes\"),References!$B$6,0)","v":{"v":100000,"d":"100,000"}},{"v":1612.0159110000004,"d":"1,612"},{"v":8557.6725,"d":"8,558"},{"v":1141.0230000000001,"d":"1,141"},{"v":9698.695500000002,"d":"9,699"},{"v":13121.764500000001,"d":"13,122"},{"$f":"(M106*12-(VLOOKUP(AB106*12,'Tax table'!$A$3:$C$10,3)*(AB106*12-VLOOKUP(AB106*12,'Tax table'!$A$3:$C$10,1))+VLOOKUP(AB106*12,'Tax table'!$A$3:$C$10,2)))/12","v":{"v":13085.869890000002,"d":"13,086"}},{"v":9698.695500000002,"d":"9,699"},{"v":0.7411578734564356,"d":"74.1%"}]
["Member 2196","1957-12-29","F",{"v":136979.04,"d":"136,979"},{"v":0.8,"d":"80%"},{"v":0.85,"d":"85%"},{"v":0.75,"d":"75%"},{"v":0.1,"d":"10%"},null,60,{"v":11414.92,"d":"11,415"},{"v":1141.492,"d":"1,141"},{"v":14268.65,"d":"14,269"},{"v":13127.158,"d":"13,127"},{"$f":"(M107*12-(VLOOKUP(N107*12,'Tax table'!$A$3:$C$10,3)*(N107*12-VLOOKUP(N107*12,'Tax table'!$A$3:$C$10,1))+VLOOKUP(N107*12,'Tax table'!$A$3:$C$10,2)))/12","v":{"v":13090.761559999999,"d":"13,091"}},{"v":10273.428,"d":"10,273"},{"$f":"(VLOOKUP(P107*12,'Tax table'!$A$3:$C$10,3)*(P107*12-VLOOKUP(P107*12,'Tax table'!$A$3:$C$10,1))+VLOOKUP(P107*12,'Tax table'!$A$3:$C$10,2))/12","v":{"v":664.2170399999999,"d":"664"}},{"v":10750.70296,"d":"10,751"},{"v":9138.097516,"d":"9,138"},{"v":0.6980569827138461,"d":"69.8%"},{"v":27414.292547999998,"d":"27,414"},{"$f":"IF($B$15=\"Yes\",MIN(S107*2,References!$B$7),0)","v":{"v":18276.195032,"d":"18,276"}},{"$f":"IF(AND(D107<>0,$B$16=\"Yes\"),References!$B$6,0)","v":{"v":100000,"d":"100,000"}},{"v":1612.6054440000007,"d":"1,613"},{"v":8561.19,"d":"8,561"},{"v":1141.492,"d":"1,141"},{"v":9702.682,"d":"9,703"},{"v":13127.158,"d":"13,127"},{"$f":"(M107*12-(VLOOKUP(AB107*12,'Tax table'!$A$3:$C$10,3)*(AB107*12-VLOOKUP(AB107*12,'Tax table'!$A$3:$C$10,1))+VLOOKUP(AB107*12,'Tax table'!$A$3:$C$10,2)))/12","v":{"v":13090.761559999999,"d":"13,091"}},{"v":9702.682,"d":"9,703"},{"v":0.741185450176361,"d":"74.1%"}]
["Member 2195","1959-11-20","F",{"v":137032.56,"d":"137,033"},{"v":0.8,"d":"80%"},{"v":0.85,"d":"85%"},{"v":0.75,"d":"75%"},{"v":0.1,"d":"10%"},null,58,{"v":11419.38,"d":"11,419"},{"v":1141.9379999999999,"d":"1,142"},{"v":14274.224999999999,"d":"14,274"},{"v":13132.286999999998,"d":"13,132"},{"$f":"(M108*12-(VLOOKUP(N108*12,'Tax table'!$A$3:$C$10,3)*(N108*12-VLOOKUP(N108*12,'Tax table'!$A$3:$C$10,1))+VLOOKUP(N108*12,'Tax table'!$A$3:$C$10,2)))/12","v":{"v":13095.41334,"d":"13,095"}},{"v":10277.442,"d":"10,277"},{"$f":"(VLOOKUP(P108*12,'Tax table'!$A$3:$C$10,3)*(P108*12-VLOOKUP(P108*12,'Tax table'!$A$3:$C$10,1))+VLOOKUP(P108*12,'Tax table'!$A$3:$C$10,2))/12","v":{"v":664.9395599999998,"d":"665"}},{"v":10754.440439999998,"d":"10,754"},{"v":9141.274373999999,"d":"9,141"},{"v":0.6980516106412568,"d":"69.8%"},{"v":27423.823121999994,"d":"27,424"},{"$f":"IF($B$15=\"Yes\",MIN(S108*2,References!$B$7),0)","v":{"v":18282.548747999997,"d":"18,283"}},{"$f":"IF(AND(D108<>0,$B$16=\"Yes\"),References!$B$6,0)","v":{"v":100000,"d":"100,000"}},{"v":1613.1660659999998,"d":"1,613"},{"v":8564.535,"d":"8,565"},{"v":1141.9379999999999,"d":"1,142"},{"v":9706.473,"d":"9,706"},{"v":13132.286999999998,"d":"13,132"},{"$f":"(M108*12-(VLOOKUP(AB108*12,'Tax table'!$A$3:$C$10,3)*(AB108*12-VLOOKUP(AB108*12,'Tax table'!$A$3:$C$10,1))+VLOOKUP(AB108*12,'Tax table'!$A$3:$C$10,2)))/12","v":{"v":13095.41334,"d":"13,095"}},{"v":9706.473,"d":"9,706"},{"v":0.7412116554085035,"d":"74.1%"}]
["Member 2194","1959-02-20","M",{"v":137036.52,"d":"137,037"},{"v":0.8,"d":"80%"},{"v":0.85,"d":"85%"},{"v":0.75,"d":"75%"},{"v":0.1,"d":"10%"},null,59,{"v":11419.71,"d":"11,420"},{"v":1141.971,"d":"1,142"},{"v":14274.637499999999,"d":"14,275"},{"v":13132.6665,"d":"13,133"},{"$f":"(M109*12-(VLOOKUP(N109*12,'Tax table'!$A$3:$C$10,3)*(N109*12-VLOOKUP(N109*12,'Tax table'!$A$3:$C$10,1))+VLOOKUP(N109*12,'Tax table'!$A$3:$C$10,2)))/12","v":{"v":13095.75753,"d":"13,096"}},{"v":10277.739,"d":"10,278"},{"$f":"(VLOOKUP(P109*12,'Tax table'!$A$3:$C$10,3)*(P109*12-VLOOKUP(P109*12,'Tax table'!$A$3:$C$10,1))+VLOOKUP(P109*12,'Tax table'!$A$3:$C$10,2))/12","v":{"v":664.9930199999998,"d":"665"}},{"v":10754.71698,"d":"10,755"},{"v":9141.509433,"d":"9,142"},{"v":0.6980512133077038,"d":"69.8%"},{"v":27424.528298999998,"d":"27,425"},{"$f":"IF($B$15=\"Yes\",MIN(S109*2,References!$B$7),0)","v":{"v":18283.018866,"d":"18,283"}},{"$f":"IF(AND(D109<>0,$B$16=\"Yes\"),References!$B$6,0)","v":{"v":100000,"d":"100,000"}},{"v":1613.207547,"d":"1,613"},{"v":8564.7825,"d":"8,565"},{"v":1141.971,"d":"1,142"},{"v":9706.753499999999,"d":"9,707"},{"v":13132.6665,"d":"13,133"},{"$f":"(M109*12-(VLOOKUP(AB109*12,'Tax table'!$A$3:$C$10,3)*(AB109*12-VLOOKUP(AB109*12,'Tax table'!$A$3:$C$10,1))+VLOOKUP(AB109*12,'Tax table'!$A$3:$C$10,2)))/12","v":{"v":13095.75753,"d":"13,096"}},{"v":9706.753499999999,"d":"9,707"},{"v":0.7412135936209563,"d":"74.1%"}]
["Member 2192","1964-05-28","M",{"v":137052,"d":"137,052"},{"v":0.8,"d":"80%"},{"v":0.85,"d":"85%"},{"v":0.75,"d":"75%"},{"v":0.1,"d":"10%"},null,54,{"v":11421,"d":"11,421"},{"v":1142.1000000000001,"d":"1,142"},{"v":14276.25,"d":"14,276"},{"v":13134.15,"d":"13,134"},{"$f":"(M110*12-(VLOOKUP(N110*12,'Tax table'!$A$3:$C$10,3)*(N110*12-VLOOKUP(N110*12,'Tax table'!$A$3:$C$10,1))+VLOOKUP(N110*12,'Tax table'!$A$3:$C$10,2)))/12","v":{"v":13097.103000000001,"d":"13,097"}},{"v":10278.9,"d":"10,279"},{"$f":"(VLOOKUP(P110*12,'Tax table'!$A$3:$C$10,3)*(P110*12-VLOOKUP(P110*12,'Tax table'!$A$3:$C$10,1))+VLOOKUP(P110*12,'Tax table'!$A$3:$C$10,2))/12","v":{"v":665.2019999999998,"d":"665"}},{"v":10755.798,"d":"10,756"},{"v":9142.4283,"d":"9,142"},{"v":0.6980496602951048,"d":"69.8%"},{"v":27427.2849,"d":"27,427"},{"$f":"IF($B$15=\"Yes\",MIN(S110*2,References!$B$7),0)","v":{"v":18284.8566,"d":"18,285"}},{"$f":"IF(AND(D110<>0,$B$16=\"Yes\"),References!$B$6,0)","v":{"v":100000,"d":"100,000"}},{"v":1613.369700000001,"d":"1,613"},{"v":8565.75,"d":"8,566"},{"v":1142.1000000000001,"d":"1,142"},{"v":9707.85,"d":"9,708"},{"v":13134.15,"d":"13,134"},{"$f":"(M110*12-(VLOOKUP(AB110*12,'Tax table'!$A$3:$C$10,3)*(AB110*12-VLOOKUP(AB110*12,'Tax table'!$A$3:$C$10,1))+VLOOKUP(AB110*12,'Tax table'!$A$3:$C$10,2)))/12","v":{"v":13097.103000000001,"d":"13,097"}},{"v":9707.85,"d":"9,708"},{"v":0.741221169292171,"d":"74.1%"}]
["Member 2193","1963-02-17","M",{"v":137052,"d":"137,052"},{"v":0.8,"d":"80%"},{"v":0.85,"d":"85%"},{"v":0.75,"d":"75%"},{"v":0.1,"d":"10%"},null,55,{"v":11421,"d":"11,421"},{"v":1142.1000000000001,"d":"1,142"},{"v":14276.25,"d":"14,276"},{"v":13134.15,"d":"13,134"},{"$f":"(M111*12-(VLOOKUP(N111*12,'Tax table'!$A$3:$C$10,3)*(N111*12-VLOOKUP(N111*12,'Tax table'!$A$3:$C$10,1))+VLOOKUP(N111*12,'Tax table'!$A$3:$C$10,2)))/12","v":{"v":13097.103000000001,"d":"13,097"}},{"v":10278.9,"d":"10,279"},{"$f":"(VLOOKUP(P111*12,'Tax table'!$A$3:$C$10,3)*(P111*12-VLOOKUP(P111*12,'Tax table'!$A$3:$C$10,1))+VLOOKUP(P111*12,'Tax table'!$A$3:$C$10,2))/12","v":{"v":665.2019999999998,"d":"665"}},{"v":10755.798,"d":"10,756"},{"v":9142.4283,"d":"9,142"},{"v":0.6980496602951048,"d":"69.8%"},{"v":27427.2849,"d":"27,427"},{"$f":"IF($B$15=\"Yes\",MIN(S111*2,References!$B$7),0)","v":{"v":18284.8566,"d":"18,285"}},{"$f":"IF(AND(D111<>0,$B$16=\"Yes\"),References!$B$6,0)","v":{"v":100000,"d":"100,000"}},{"v":1613.369700000001,"d":"1,613"},{"v":8565.75,"d":"8,566"},{"v":1142.1000000000001,"d":"1,142"},{"v":9707.85,"d":"9,708"},{"v":13134.15,"d":"13,134"},{"$f":"(M111*12-(VLOOKUP(AB111*12,'Tax table'!$A$3:$C$10,3)*(AB111*12-VLOOKUP(AB111*12,'Tax table'!$A$3:$C$10,1))+VLOOKUP(AB111*12,'Tax table'!$A$3:$C$10,2)))/12","v":{"v":13097.103000000001,"d":"13,097"}},{"v":9707.85,"d":"9,708"},{"v":0.741221169292171,"d":"74.1%"}]
["Member 2189","1973-08-11","M",{"v":137436.6,"d":"137,437"},{"v":0.8,"d":"80%"},{"v":0.85,"d":"85%"},{"v":0.75,"d":"75%"},{"v":0.1,"d":"10%"},null,45,{"v":11453.050000000001,"d":"11,453"},{"v":1145.305,"d":"1,145"},{"v":14316.3125,"d":"14,316"},{"v":13171.0075,"d":"13,171"},{"$f":"(M112*12-(VLOOKUP(N112*12,'Tax table'!$A$3:$C$10,3)*(N112*12-VLOOKUP(N112*12,'Tax table'!$A$3:$C$10,1))+VLOOKUP(N112*12,'Tax table'!$A$3:$C$10,2)))/12","v":{"v":13130.53115,"d":"13,131"}},{"v":10307.745,"d":"10,308"},{"$f":"(VLOOKUP(P112*12,'Tax table'!$A$3:$C$10,3)*(P112*12-VLOOKUP(P112*12,'Tax table'!$A$3:$C$10,1))+VLOOKUP(P112*12,'Tax table'!$A$3:$C$10,2))/12","v":{"v":670.3941,"d":"670"}},{"v":10782.655900000002,"d":"10,783"},{"v":9165.257515000001,"d":"9,165"},{"v":0.6980111779408101,"d":"69.8%"},{"v":27495.772545000003,"d":"27,496"},{"$f":"IF($B$15=\"Yes\",MIN(S112*2,References!$B$7),0)","v":{"v":18330.515030000002,"d":"18,331"}},{"$f":"IF(AND(D112<>0,$B$16=\"Yes\"),References!$B$6,0)","v":{"v":100000,"d":"100,000"}},{"v":1617.3983850000004,"d":"1,617"},{"v":8589.7875,"d":"8,590"},{"v":1145.305,"d":"1,145"},{"v":9735.0925,"d":"9,735"},{"v":13171.0075,"d":"13,171"},{"$f":"(M112*12-(VLOOKUP(AB112*12,'Tax table'!$A$3:$C$10,3)*(AB112*12-VLOOKUP(AB112*12,'Tax table'!$A$3:$C$10,1))+VLOOKUP(AB112*12,'Tax table'!$A$3:$C$10,2)))/12","v":{"v":13130.53115,"d":"13,131"}},{"v":9735.0925,"d":"9,735"},{"v":0.7414088880936093,"d":"74.1%"}]
["Member 2190","1978-06-25","M",{"v":137436.6,"d":"137,437"},{"v":0.8,"d":"80%"},{"v":0.85,"d":"85%"},{"v":0.75,"d":"75%"},{"v":0.1,"d":"10%"},null,40,{"v":11453.050000000001,"d":"11,453"},{"v":1145.305,"d":"1,145"},{"v":14316.3125,"d":"14,316"},{"v":13171.0075,"d":"13,171"},{"$f":"(M113*12-(VLOOKUP(N113*12,'Tax table'!$A$3:$C$10,3)*(N113*12-VLOOKUP(N113*12,'Tax table'!$A$3:$C$10,1))+VLOOKUP(N113*12,'Tax table'!$A$3:$C$10,2)))/12","v":{"v":13130.53115,"d":"13,131"}},{"v":10307.745,"d":"10,308"},{"$f":"(VLOOKUP(P113*12,'Tax table'!$A$3:$C$10,3)*(P113*12-VLOOKUP(P113*12,'Tax table'!$A$3:$C$10,1))+VLOOKUP(P113*12,'Tax table'!$A$3:$C$10,2))/12","v":{"v":670.3941,"d":"670"}},{"v":10782.655900000002,"d":"10,783"},{"v":9165.257515000001,"d":"9,165"},{"v":0.6980111779408101,"d":"69.8%"},{"v":27495.772545000003,"d":"27,496"},{"$f":"IF($B$15=\"Yes\",MIN(S113*2,References!$B$7),0)","v":{"v":18330.515030000002,"d":"18,331"}},{"$f":"IF(AND(D113<>0,$B$16=\"Yes\"),References!$B$6,0)","v":{"v":100000,"d":"100,000"}},{"v":1617.3983850000004,"d":"1,617"},{"v":8589.7875,"d":"8,590"},{"v":1145.305,"d":"1,145"},{"v":9735.0925,"d":"9,735"},{"v":13171.0075,"d":"13,171"},{"$f":"(M113*12-(VLOOKUP(AB113*12,'Tax table'!$A$3:$C$10,3)*(AB113*12-VLOOKUP(AB113*12,'Tax table'!$A$3:$C$10,1))+VLOOKUP(AB113*12,'Tax table'!$A$3:$C$10,2)))/12","v":{"v":13130.53115,"d":"13,131"}},{"v":9735.0925,"d":"9,735"},{"v":0.7414088880936093,"d":"74.1%"}]
["Member 2191","1984-08-04","M",{"v":137436.6,"d":"137,437"},{"v":0.8,"d":"80%"},{"v":0.85,"d":"85%"},{"v":0.75,"d":"75%"},{"v":0.1,"d":"10%"},null,34,{"v":11453.050000000001,"d":"11,453"},{"v":1145.305,"d":"1,145"},{"v":14316.3125,"d":"14,316"},{"v":13171.0075,"d":"13,171"},{"$f":"(M114*12-(VLOOKUP(N114*12,'Tax table'!$A$3:$C$10,3)*(N114*12-VLOOKUP(N114*12,'Tax table'!$A$3:$C$10,1))+VLOOKUP(N114*12,'Tax table'!$A$3:$C$10,2)))/12","v":{"v":13130.53115,"d":"13,131"}},{"v":10307.745,"d":"10,308"},{"$f":"(VLOOKUP(P114*12,'Tax table'!$A$3:$C$10,3)*(P114*12-VLOOKUP(P114*12,'Tax table'!$A$3:$C$10,1))+VLOOKUP(P114*12,'Tax table'!$A$3:$C$10,2))/12","v":{"v":670.3941,"d":"670"}},{"v":10782.655900000002,"d":"10,783"},{"v":9165.257515000001,"d":"9,165"},{"v":0.6980111779408101,"d":"69.8%"},{"v":27495.772545000003,"d":"27,496"},{"$f":"IF($B$15=\"Yes\",MIN(S114*2,References!$B$7),0)","v":{"v":18330.515030000002,"d":"18,331"}},{"$f":"IF(AND(D114<>0,$B$16=\"Yes\"),References!$B$6,0)","v":{"v":100000,"d":"100,000"}},{"v":1617.3983850000004,"d":"1,617"},{"v":8589.7875,"d":"8,590"},{"v":1145.305,"d":"1,145"},{"v":9735.0925,"d":"9,735"},{"v":13171.0075,"d":"13,171"},{"$f":"(M114*12-(VLOOKUP(AB114*12,'Tax table'!$A$3:$C$10,3)*(AB114*12-VLOOKUP(AB114*12,'Tax table'!$A$3:$C$10,1))+VLOOKUP(AB114*12,'Tax table'!$A$3:$C$10,2)))/12","v":{"v":13130.53115,"d":"13,131"}},{"v":9735.0925,"d":"9,735"},{"v":0.7414088880936093,"d":"74.1%"}]
["Member 2188","1974-10-21","F",{"v":138467.88,"d":"138,468"},{"v":0.8,"d":"80%"},{"v":0.85,"d":"85%"},{"v":0.75,"d":"75%"},{"v":0.1,"d":"10%"},null,44,{"v":11538.99,"d":"11,539"},{"v":1153.8990000000001,"d":"1,154"},{"v":14423.7375,"d":"14,424"},{"v":13269.8385,"d":"13,270"},{"$f":"(M115*12-(VLOOKUP(N115*12,'Tax table'!$A$3:$C$10,3)*(N115*12-VLOOKUP(N115*12,'Tax table'!$A$3:$C$10,1))+VLOOKUP(N115*12,'Tax table'!$A$3:$C$10,2)))/12","v":{"v":13220.16657,"d":"13,220"}},{"v":10385.091,"d":"10,385"},{"$f":"(VLOOKUP(P115*12,'Tax table'!$A$3:$C$10,3)*(P115*12-VLOOKUP(P115*12,'Tax table'!$A$3:$C$10,1))+VLOOKUP(P115*12,'Tax table'!$A$3:$C$10,2))/12","v":{"v":684.3163800000001,"d":"684"}},{"v":10854.67362,"d":"10,855"},{"v":9226.472576999999,"d":"9,226"},{"v":0.6979089505526554,"d":"69.8%"},{"v":27679.417730999994,"d":"27,679"},{"$f":"IF($B$15=\"Yes\",MIN(S115*2,References!$B$7),0)","v":{"v":18452.945153999997,"d":"18,453"}},{"$f":"IF(AND(D115<>0,$B$16=\"Yes\"),References!$B$6,0)","v":{"v":100000,"d":"100,000"}},{"v":1628.201043000001,"d":"1,628"},{"v":8654.2425,"d":"8,654"},{"v":1153.8990000000001,"d":"1,154"},{"v":9808.1415,"d":"9,808"},{"v":13269.8385,"d":"13,270"},{"$f":"(M115*12-(VLOOKUP(AB115*12,'Tax table'!$A$3:$C$10,3)*(AB115*12-VLOOKUP(AB115*12,'Tax table'!$A$3:$C$10,1))+VLOOKUP(AB115*12,'Tax table'!$A$3:$C$10,2)))/12","v":{"v":13220.16657,"d":"13,220"}},{"v":9808.1415,"d":"9,808"},{"v":0.741907558279729,"d":"74.2%"}]
["Member 2187","1960-05-17","F",{"v":138541.2,"d":"138,541"},{"v":0.8,"d":"80%"},{"v":0.85,"d":"85%"},{"v":0.75,"d":"75%"},{"v":0.1,"d":"10%"},null,58,{"v":11545.1,"d":"11,545"},{"v":1154.51,"d":"1,155"},{"v":14431.375,"d":"14,431"},{"v":13276.865,"d":"13,277"},{"$f":"(M116*12-(VLOOKUP(N116*12,'Tax table'!$A$3:$C$10,3)*(N116*12-VLOOKUP(N116*12,'Tax table'!$A$3:$C$10,1))+VLOOKUP(N116*12,'Tax table'!$A$3:$C$10,2)))/12","v":{"v":13226.539299999999,"d":"13,227"}},{"v":10390.59,"d":"10,391"},{"$f":"(VLOOKUP(P116*12,'Tax table'!$A$3:$C$10,3)*(P116*12-VLOOKUP(P116*12,'Tax table'!$A$3:$C$10,1))+VLOOKUP(P116*12,'Tax table'!$A$3:$C$10,2))/12","v":{"v":685.3062,"d":"685"}},{"v":10859.7938,"d":"10,860"},{"v":9230.824729999998,"d":"9,231"},{"v":0.6979017353390391,"d":"69.8%"},{"v":27692.474189999994,"d":"27,692"},{"$f":"IF($B$15=\"Yes\",MIN(S116*2,References!$B$7),0)","v":{"v":18461.649459999997,"d":"18,462"}},{"$f":"IF(AND(D116<>0,$B$16=\"Yes\"),References!$B$6,0)","v":{"v":100000,"d":"100,000"}},{"v":1628.969070000001,"d":"1,629"},{"v":8658.825,"d":"8,659"},{"v":1154.51,"d":"1,155"},{"v":9813.335000000001,"d":"9,813"},{"v":13276.865,"d":"13,277"},{"$f":"(M116*12-(VLOOKUP(AB116*12,'Tax table'!$A$3:$C$10,3)*(AB116*12-VLOOKUP(AB116*12,'Tax table'!$A$3:$C$10,1))+VLOOKUP(AB116*12,'Tax table'!$A$3:$C$10,2)))/12","v":{"v":13226.539299999999,"d":"13,227"}},{"v":9813.335000000001,"d":"9,813"},{"v":0.7419427544437117,"d":"74.2%"}]
["Member 2186","1953-09-01","F",{"v":138657.12,"d":"138,657"},{"v":0.8,"d":"80%"},{"v":0.85,"d":"85%"},{"v":0.75,"d":"75%"},{"v":0.1,"d":"10%"},null,65,{"v":11554.76,"d":"11,555"},{"v":1155.476,"d":"1,155"},{"v":14443.449999999999,"d":"14,443"},{"v":13287.973999999998,"d":"13,288"},{"$f":"(M117*12-(VLOOKUP(N117*12,'Tax table'!$A$3:$C$10,3)*(N117*12-VLOOKUP(N117*12,'Tax table'!$A$3:$C$10,1))+VLOOKUP(N117*12,'Tax table'!$A$3:$C$10,2)))/12","v":{"v":13236.61468,"d":"13,237"}},{"v":10399.284,"d":"10,399"},{"$f":"(VLOOKUP(P117*12,'Tax table'!$A$3:$C$10,3)*(P117*12-VLOOKUP(P117*12,'Tax table'!$A$3:$C$10,1))+VLOOKUP(P117*12,'Tax table'!$A$3:$C$10,2))/12","v":{"v":686.8711199999999,"d":"687"}},{"v":10867.88888,"d":"10,868"},{"v":9237.705548,"d":"9,238"},{"v":0.6978903421550683,"d":"69.8%"},{"v":27713.116644,"d":"27,713"},{"$f":"IF($B$15=\"Yes\",MIN(S117*2,References!$B$7),0)","v":{"v":18475.411096,"d":"18,475"}},{"$f":"IF(AND(D117<>0,$B$16=\"Yes\"),References!$B$6,0)","v":{"v":100000,"d":"100,000"}},{"v":1630.1833320000005,"d":"1,630"},{"v":8666.07,"d":"8,666"},{"v":1155.476,"d":"1,155"},{"v":9821.546,"d":"9,822"},{"v":13287.973999999998,"d":"13,288"},{"$f":"(M117*12-(VLOOKUP(AB117*12,'Tax table'!$A$3:$C$10,3)*(AB117*12-VLOOKUP(AB117*12,'Tax table'!$A$3:$C$10,1))+VLOOKUP(AB117*12,'Tax table'!$A$3:$C$10,2)))/12","v":{"v":13236.61468,"d":"13,237"}},{"v":9821.546,"d":"9,822"},{"v":0.7419983309508863,"d":"74.2%"}]
["Member 7","1958-10-29","F",{"v":139713,"d":"139,713"},{"v":0.8,"d":"80%"},{"v":0.85,"d":"85%"},{"v":0.75,"d":"75%"},{"v":0.1,"d":"10%"},null,60,{"v":11642.75,"d":"11,643"},{"v":1164.275,"d":"1,164"},{"v":14553.4375,"d":"14,553"},{"v":13389.1625,"d":"13,389"},{"$f":"(M118*12-(VLOOKUP(N118*12,'Tax table'!$A$3:$C$10,3)*(N118*12-VLOOKUP(N118*12,'Tax table'!$A$3:$C$10,1))+VLOOKUP(N118*12,'Tax table'!$A$3:$C$10,2)))/12","v":{"v":13328.388249999998,"d":"13,328"}},{"v":10478.475,"d":"10,478"},{"$f":"(VLOOKUP(P118*12,'Tax table'!$A$3:$C$10,3)*(P118*12-VLOOKUP(P118*12,'Tax table'!$A$3:$C$10,1))+VLOOKUP(P118*12,'Tax table'!$A$3:$C$10,2))/12","v":{"v":701.1255000000001,"d":"701"}},{"v":10941.6245,"d":"10,942"},{"v":9300.380825,"d":"9,300"},{"v":0.6977873581226148,"d":"69.8%"},{"v":27901.142475,"d":"27,901"},{"$f":"IF($B$15=\"Yes\",MIN(S118*2,References!$B$7),0)","v":{"v":18600.76165,"d":"18,601"}},{"$f":"IF(AND(D118<>0,$B$16=\"Yes\"),References!$B$6,0)","v":{"v":100000,"d":"100,000"}},{"v":1641.2436749999997,"d":"1,641"},{"v":8732.0625,"d":"8,732"},{"v":1164.275,"d":"1,164"},{"v":9896.3375,"d":"9,896"},{"v":13389.1625,"d":"13,389"},{"$f":"(M118*12-(VLOOKUP(AB118*12,'Tax table'!$A$3:$C$10,3)*(AB118*12-VLOOKUP(AB118*12,'Tax table'!$A$3:$C$10,1))+VLOOKUP(AB118*12,'Tax table'!$A$3:$C$10,2)))/12","v":{"v":13328.388249999998,"d":"13,328"}},{"v":9896.3375,"d":"9,896"},{"v":0.7425006920848064,"d":"74.3%"}]
["Member 2185","1982-01-05","M",{"v":139953.6,"d":"139,954"},{"v":0.8,"d":"80%"},{"v":0.85,"d":"85%"},{"v":0.75,"d":"75%"},{"v":0.1,"d":"10%"},null,36,{"v":11662.800000000001,"d":"11,663"},{"v":1166.2800000000002,"d":"1,166"},{"v":14578.5,"d":"14,579"},{"v":13412.22,"d":"13,412"},{"$f":"(M119*12-(VLOOKUP(N119*12,'Tax table'!$A$3:$C$10,3)*(N119*12-VLOOKUP(N119*12,'Tax table'!$A$3:$C$10,1))+VLOOKUP(N119*12,'Tax table'!$A$3:$C$10,2)))/12","v":{"v":13349.3004,"d":"13,349"}},{"v":10496.52,"d":"10,497"},{"$f":"(VLOOKUP(P119*12,'Tax table'!$A$3:$C$10,3)*(P119*12-VLOOKUP(P119*12,'Tax table'!$A$3:$C$10,1))+VLOOKUP(P119*12,'Tax table'!$A$3:$C$10,2))/12","v":{"v":704.3736,"d":"704"}},{"v":10958.4264,"d":"10,958"},{"v":9314.66244,"d":"9,315"},{"v":0.6977640895698175,"d":"69.8%"},{"v":27943.98732,"d":"27,944"},{"$f":"IF($B$15=\"Yes\",MIN(S119*2,References!$B$7),0)","v":{"v":18629.32488,"d":"18,629"}},{"$f":"IF(AND(D119<>0,$B$16=\"Yes\"),References!$B$6,0)","v":{"v":100000,"d":"100,000"}},{"v":1643.7639600000002,"d":"1,644"},{"v":8747.1,"d":"8,747"},{"v":1166.2800000000002,"d":"1,166"},{"v":9913.380000000001,"d":"9,913"},{"v":13412.22,"d":"13,412"},{"$f":"(M119*12-(VLOOKUP(AB119*12,'Tax table'!$A$3:$C$10,3)*(AB119*12-VLOOKUP(AB119*12,'Tax table'!$A$3:$C$10,1))+VLOOKUP(AB119*12,'Tax table'!$A$3:$C$10,2)))/12","v":{"v":13349.3004,"d":"13,349"}},{"v":9913.380000000001,"d":"9,913"},{"v":0.7426141972204027,"d":"74.3%"}]
["Member 2168","1972-10-20","F",{"v":140385.6,"d":"140,386"},{"v":0.8,"d":"80%"},{"v":0.85,"d":"85%"},{"v":0.75,"d":"75%"},{"v":0.1,"d":"10%"},null,46,{"v":11698.800000000001,"d":"11,699"},{"v":1169.88,"d":"1,170"},{"v":14623.5,"d":"14,624"},{"v":13453.619999999999,"d":"13,454"},{"$f":"(M120*12-(VLOOKUP(N120*12,'Tax table'!$A$3:$C$10,3)*(N120*12-VLOOKUP(N120*12,'Tax table'!$A$3:$C$10,1))+VLOOKUP(N120*12,'Tax table'!$A$3:$C$10,2)))/12","v":{"v":13386.8484,"d":"13,387"}},{"v":10528.920000000002,"d":"10,529"},{"$f":"(VLOOKUP(P120*12,'Tax table'!$A$3:$C$10,3)*(P120*12-VLOOKUP(P120*12,'Tax table'!$A$3:$C$10,1))+VLOOKUP(P120*12,'Tax table'!$A$3:$C$10,2))/12","v":{"v":710.2056000000003,"d":"710"}},{"v":10988.5944,"d":"10,989"},{"v":9340.30524,"d":"9,340"},{"v":0.6977224930701388,"d":"69.8%"},{"v":28020.915719999997,"d":"28,021"},{"$f":"IF($B$15=\"Yes\",MIN(S120*2,References!$B$7),0)","v":{"v":18680.61048,"d":"18,681"}},{"$f":"IF(AND(D120<>0,$B$16=\"Yes\"),References!$B$6,0)","v":{"v":100000,"d":"100,000"}},{"v":1648.2891600000003,"d":"1,648"},{"v":8774.1,"d":"8,774"},{"v":1169.88,"d":"1,170"},{"v":9943.98,"d":"9,944"},{"v":13453.619999999999,"d":"13,454"},{"$f":"(M120*12-(VLOOKUP(AB120*12,'Tax table'!$A$3:$C$10,3)*(AB120*12-VLOOKUP(AB120*12,'Tax table'!$A$3:$C$10,1))+VLOOKUP(AB120*12,'Tax table'!$A$3:$C$10,2)))/12","v":{"v":13386.8484,"d":"13,387"}},{"v":9943.98,"d":"9,944"},{"v":0.7428171069749321,"d":"74.3%"}]
["Member 2169","1990-06-08","M",{"v":140385.6,"d":"140,386"},{"v":0.8,"d":"80%"},{"v":0.85,"d":"85%"},{"v":0.75,"d":"75%"},{"v":0.1,"d":"10%"},null,28,{"v":11698.800000000001,"d":"11,699"},{"v":1169.88,"d":"1,170"},{"v":14623.5,"d":"14,624"},{"v":13453.619999999999,"d":"13,454"},{"$f":"(M121*12-(VLOOKUP(N121*12,'Tax table'!$A$3:$C$10,3)*(N121*12-VLOOKUP(N121*12,'Tax table'!$A$3:$C$10,1))+VLOOKUP(N121*12,'Tax table'!$A$3:$C$10,2)))/12","v":{"v":13386.8484,"d":"13,387"}},{"v":10528.920000000002,"d":"10,529"},{"$f":"(VLOOKUP(P121*12,'Tax table'!$A$3:$C$10,3)*(P121*12-VLOOKUP(P121*12,'Tax table'!$A$3:$C$10,1))+VLOOKUP(P121*12,'Tax table'!$A$3:$C$10,2))/12","v":{"v":710.2056000000003,"d":"710"}},{"v":10988.5944,"d":"10,989"},{"v":9340.30524,"d":"9,340"},{"v":0.6977224930701388,"d":"69.8%"},{"v":28020.915719999997,"d":"28,021"},{"$f":"IF($B$15=\"Yes\",MIN(S121*2,References!$B$7),0)","v":{"v":18680.61048,"d":"18,681"}},{"$f":"IF(AND(D121<>0,$B$16=\"Yes\"),References!$B$6,0)","v":{"v":100000,"d":"100,000"}},{"v":1648.2891600000003,"d":"1,648"},{"v":8774.1,"d":"8,774"},{"v":1169.88,"d":"1,170"},{"v":9943.98,"d":"9,944"},{"v":13453.619999999999,"d":"13,454"},{"$f":"(M121*12-(VLOOKUP(AB121*12,'Tax table'!$A$3:$C$10,3)*(AB121*12-VLOOKUP(AB121*12,'Tax table'!$A$3:$C$10,1))+VLOOKUP(AB121*12,'Tax table'!$A$3:$C$10,2)))/12","v":{"v":13386.8484,"d":"13,387"}},{"v":9943.98,"d":"9,944"},{"v":0.7428171069749321,"d":"74.3%"}]
["Member 2170","1982-10-25","M",{"v":140385.6,"d":"140,386"},{"v":0.8,"d":"80%"},{"v":0.85,"d":"85%"},{"v":0.75,"d":"75%"},{"v":0.1,"d":"10%"},null,36,{"v":11698.800000000001,"d":"11,699"},{"v":1169.88,"d":"1,170"},{"v":14623.5,"d":"14,624"},{"v":13453.619999999999,"d":"13,454"},{"$f":"(M122*12-(VLOOKUP(N122*12,'Tax table'!$A$3:$C$10,3)*(N122*12-VLOOKUP(N122*12,'Tax table'!$A$3:$C$10,1))+VLOOKUP(N122*12,'Tax table'!$A$3:$C$10,2)))/12","v":{"v":13386.8484,"d":"13,387"}},{"v":10528.920000000002,"d":"10,529"},{"$f":"(VLOOKUP(P122*12,'Tax table'!$A$3:$C$10,3)*(P122*12-VLOOKUP(P122*12,'Tax table'!$A$3:$C$10,1))+VLOOKUP(P122*12,'Tax table'!$A$3:$C$10,2))/12","v":{"v":710.2056000000003,"d":"710"}},{"v":10988.5944,"d":"10,989"},{"v":9340.30524,"d":"9,340"},{"v":0.6977224930701388,"d":"69.8%"},{"v":28020.915719999997,"d":"28,021"},{"$f":"IF($B$15=\"Yes\",MIN(S122*2,References!$B$7),0)","v":{"v":18680.61048,"d":"18,681"}},{"$f":"IF(AND(D122<>0,$B$16=\"Yes\"),References!$B$6,0)","v":{"v":100000,"d":"100,000"}},{"v":1648.2891600000003,"d":"1,648"},{"v":8774.1,"d":"8,774"},{"v":1169.88,"d":"1,170"},{"v":9943.98,"d":"9,944"},{"v":13453.619999999999,"d":"13,454"},{"$f":"(M122*12-(VLOOKUP(AB122*12,'Tax table'!$A$3:$C$10,3)*(AB122*12-VLOOKUP(AB122*12,'Tax table'!$A$3:$C$10,1))+VLOOKUP(AB122*12,'Tax table'!$A$3:$C$10,2)))/12","v":{"v":13386.8484,"d":"13,387"}},{"v":9943.98,"d":"9,944"},{"v":0.7428171069749321,"d":"74.3%"}]
["Member 2171","1976-06-15","M",{"v":140385.6,"d":"140,386"},{"v":0.8,"d":"80%"},{"v":0.85,"d":"85%"},{"v":0.75,"d":"75%"},{"v":0.1,"d":"10%"},null,42,{"v":11698.800000000001,"d":"11,699"},{"v":1169.88,"d":"1,170"},{"v":14623.5,"d":"14,624"},{"v":13453.619999999999,"d":"13,454"},{"$f":"(M123*12-(VLOOKUP(N123*12,'Tax table'!$A$3:$C$10,3)*(N123*12-VLOOKUP(N123*12,'Tax table'!$A$3:$C$10,1))+VLOOKUP(N123*12,'Tax table'!$A$3:$C$10,2)))/12","v":{"v":13386.8484,"d":"13,387"}},{"v":10528.920000000002,"d":"10,529"},{"$f":"(VLOOKUP(P123*12,'Tax table'!$A$3:$C$10,3)*(P123*12-VLOOKUP(P123*12,'Tax table'!$A$3:$C$10,1))+VLOOKUP(P123*12,'Tax table'!$A$3:$C$10,2))/12","v":{"v":710.2056000000003,"d":"710"}},{"v":10988.5944,"d":"10,989"},{"v":9340.30524,"d":"9,340"},{"v":0.6977224930701388,"d":"69.8%"},{"v":28020.915719999997,"d":"28,021"},{"$f":"IF($B$15=\"Yes\",MIN(S123*2,References!$B$7),0)","v":{"v":18680.61048,"d":"18,681"}},{"$f":"IF(AND(D123<>0,$B$16=\"Yes\"),References!$B$6,0)","v":{"v":100000,"d":"100,000"}},{"v":1648.2891600000003,"d":"1,648"},{"v":8774.1,"d":"8,774"},{"v":1169.88,"d":"1,170"},{"v":9943.98,"d":"9,944"},{"v":13453.619999999999,"d":"13,454"},{"$f":"(M123*12-(VLOOKUP(AB123*12,'Tax table'!$A$3:$C$10,3)*(AB123*12-VLOOKUP(AB123*12,'Tax table'!$A$3:$C$10,1))+VLOOKUP(AB123*12,'Tax table'!$A$3:$C$10,2)))/12","v":{"v":13386.8484,"d":"13,387"}},{"v":9943.98,"d":"9,944"},{"v":0.7428171069749321,"d":"74.3%"}]
["Member 2172","1972-05-02","M",{"v":140385.6,"d":"140,386"},{"v":0.8,"d":"80%"},{"v":0.85,"d":"85%"},{"v":0.75,"d":"75%"},{"v":0.1,"d":"10%"},null,46,{"v":11698.800000000001,"d":"11,699"},{"v":1169.88,"d":"1,170"},{"v":14623.5,"d":"14,624"},{"v":13453.619999999999,"d":"13,454"},{"$f":"(M124*12-(VLOOKUP(N124*12,'Tax table'!$A$3:$C$10,3)*(N124*12-VLOOKUP(N124*12,'Tax table'!$A$3:$C$10,1))+VLOOKUP(N124*12,'Tax table'!$A$3:$C$10,2)))/12","v":{"v":13386.8484,"d":"13,387"}},{"v":10528.920000000002,"d":"10,529"},{"$f":"(VLOOKUP(P124*12,'Tax table'!$A$3:$C$10,3)*(P124*12-VLOOKUP(P124*12,'Tax table'!$A$3:$C$10,1))+VLOOKUP(P124*12,'Tax table'!$A$3:$C$10,2))/12","v":{"v":710.2056000000003,"d":"710"}},{"v":10988.5944,"d":"10,989"},{"v":9340.30524,"d":"9,340"},{"v":0.6977224930701388,"d":"69.8%"},{"v":28020.915719999997,"d":"28,021"},{"$f":"IF($B$15=\"Yes\",MIN(S124*2,References!$B$7),0)","v":{"v":18680.61048,"d":"18,681"}},{"$f":"IF(AND(D124<>0,$B$16=\"Yes\"),References!$B$6,0)","v":{"v":100000,"d":"100,000"}},{"v":1648.2891600000003,"d":"1,648"},{"v":8774.1,"d":"8,774"},{"v":1169.88,"d":"1,170"},{"v":9943.98,"d":"9,944"},{"v":13453.619999999999,"d":"13,454"},{"$f":"(M124*12-(VLOOKUP(AB124*12,'Tax table'!$A$3:$C$10,3)*(AB124*12-VLOOKUP(AB124*12,'Tax table'!$A$3:$C$10,1))+VLOOKUP(AB124*12,'Tax table'!$A$3:$C$10,2)))/12","v":{"v":13386.8484,"d":"13,387"}},{"v":9943.98,"d":"9,944"},{"v":0.7428171069749321,"d":"74.3%"}]
["Member 2173","1986-05-10","M",{"v":140385.6,"d":"140,386"},{"v":0.8,"d":"80%"},{"v":0.85,"d":"85%"},{"v":0.75,"d":"75%"},{"v":0.1,"d":"10%"},null,32,{"v":11698.800000000001,"d":"11,699"},{"v":1169.88,"d":"1,170"},{"v":14623.5,"d":"14,624"},{"v":13453.619999999999,"d":"13,454"},{"$f":"(M125*12-(VLOOKUP(N125*12,'Tax table'!$A$3:$C$10,3)*(N125*12-VLOOKUP(N125*12,'Tax table'!$A$3:$C$10,1))+VLOOKUP(N125*12,'Tax table'!$A$3:$C$10,2)))/12","v":{"v":13386.8484,"d":"13,387"}},{"v":10528.920000000002,"d":"10,529"},{"$f":"(VLOOKUP(P125*12,'Tax table'!$A$3:$C$10,3)*(P125*12-VLOOKUP(P125*12,'Tax table'!$A$3:$C$10,1))+VLOOKUP(P125*12,'Tax table'!$A$3:$C$10,2))/12","v":{"v":710.2056000000003,"d":"710"}},{"v":10988.5944,"d":"10,989"},{"v":9340.30524,"d":"9,340"},{"v":0.6977224930701388,"d":"69.8%"},{"v":28020.915719999997,"d":"28,021"},{"$f":"IF($B$15=\"Yes\",MIN(S125*2,References!$B$7),0)","v":{"v":18680.61048,"d":"18,681"}},{"$f":"IF(AND(D125<>0,$B$16=\"Yes\"),References!$B$6,0)","v":{"v":100000,"d":"100,000"}},{"v":1648.2891600000003,"d":"1,648"},{"v":8774.1,"d":"8,774"},{"v":1169.88,"d":"1,170"},{"v":9943.98,"d":"9,944"},{"v":13453.619999999999,"d":"13,454"},{"$f":"(M125*12-(VLOOKUP(AB125*12,'Tax table'!$A$3:$C$10,3)*(AB125*12-VLOOKUP(AB125*12,'Tax table'!$A$3:$C$10,1))+VLOOKUP(AB125*12,'Tax table'!$A$3:$C$10,2)))/12","v":{"v":13386.8484,"d":"13,387"}},{"v":9943.98,"d":"9,944"},{"v":0.7428171069749321,"d":"74.3%"}]
["Member 2174","1990-01-28","M",{"v":140385.6,"d":"140,386"},{"v":0.8,"d":"80%"},{"v":0.85,"d":"85%"},{"v":0.75,"d":"75%"},{"v":0.1,"d":"10%"},null,28,{"v":11698.800000000001,"d":"11,699"},{"v":1169.88,"d":"1,170"},{"v":14623.5,"d":"14,624"},{"v":13453.619999999999,"d":"13,454"},{"$f":"(M126*12-(VLOOKUP(N126*12,'Tax table'!$A$3:$C$10,3)*(N126*12-VLOOKUP(N126*12,'Tax table'!$A$3:$C$10,1))+VLOOKUP(N126*12,'Tax table'!$A$3:$C$10,2)))/12","v":{"v":13386.8484,"d":"13,387"}},{"v":10528.920000000002,"d":"10,529"},{"$f":"(VLOOKUP(P126*12,'Tax table'!$A$3:$C$10,3)*(P126*12-VLOOKUP(P126*12,'Tax table'!$A$3:$C$10,1))+VLOOKUP(P126*12,'Tax table'!$A$3:$C$10,2))/12","v":{"v":710.2056000000003,"d":"710"}},{"v":10988.5944,"d":"10,989"},{"v":9340.30524,"d":"9,340"},{"v":0.6977224930701388,"d":"69.8%"},{"v":28020.915719999997,"d":"28,021"},{"$f":"IF($B$15=\"Yes\",MIN(S126*2,References!$B$7),0)","v":{"v":18680.61048,"d":"18,681"}},{"$f":"IF(AND(D126<>0,$B$16=\"Yes\"),References!$B$6,0)","v":{"v":100000,"d":"100,000"}},{"v":1648.2891600000003,"d":"1,648"},{"v":8774.1,"d":"8,774"},{"v":1169.88,"d":"1,170"},{"v":9943.98,"d":"9,944"},{"v":13453.619999999999,"d":"13,454"},{"$f":"(M126*12-(VLOOKUP(AB126*12,'Tax table'!$A$3:$C$10,3)*(AB126*12-VLOOKUP(AB126*12,'Tax table'!$A$3:$C$10,1))+VLOOKUP(AB126*12,'Tax table'!$A$3:$C$10,2)))/12","v":{"v":13386.8484,"d":"13,387"}},{"v":9943.98,"d":"9,944"},{"v":0.7428171069749321,"d":"74.3%"}]
["Member 2175","1982-05-09","M",{"v":140385.6,"d":"140,386"},{"v":0.8,"d":"80%"},{"v":0.85,"d":"85%"},{"v":0.75,"d":"75%"},{"v":0.1,"d":"10%"},null,36,{"v":11698.800000000001,"d":"11,699"},{"v":1169.88,"d":"1,170"},{"v":14623.5,"d":"14,624"},{"v":13453.619999999999,"d":"13,454"},{"$f":"(M127*12-(VLOOKUP(N127*12,'Tax table'!$A$3:$C$10,3)*(N127*12-VLOOKUP(N127*12,'Tax table'!$A$3:$C$10,1))+VLOOKUP(N127*12,'Tax table'!$A$3:$C$10,2)))/12","v":{"v":13386.8484,"d":"13,387"}},{"v":10528.920000000002,"d":"10,529"},{"$f":"(VLOOKUP(P127*12,'Tax table'!$A$3:$C$10,3)*(P127*12-VLOOKUP(P127*12,'Tax table'!$A$3:$C$10,1))+VLOOKUP(P127*12,'Tax table'!$A$3:$C$10,2))/12","v":{"v":710.2056000000003,"d":"710"}},{"v":10988.5944,"d":"10,989"},{"v":9340.30524,"d":"9,340"},{"v":0.6977224930701388,"d":"69.8%"},{"v":28020.915719999997,"d":"28,021"},{"$f":"IF($B$15=\"Yes\",MIN(S127*2,References!$B$7),0)","v":{"v":18680.61048,"d":"18,681"}},{"$f":"IF(AND(D127<>0,$B$16=\"Yes\"),References!$B$6,0)","v":{"v":100000,"d":"100,000"}},{"v":1648.2891600000003,"d":"1,648"},{"v":8774.1,"d":"8,774"},{"v":1169.88,"d":"1,170"},{"v":9943.98,"d":"9,944"},{"v":13453.619999999999,"d":"13,454"},{"$f":"(M127*12-(VLOOKUP(AB127*12,'Tax table'!$A$3:$C$10,3)*(AB127*12-VLOOKUP(AB127*12,'Tax table'!$A$3:$C$10,1))+VLOOKUP(AB127*12,'Tax table'!$A$3:$C$10,2)))/12","v":{"v":13386.8484,"d":"13,387"}},{"v":9943.98,"d":"9,944"},{"v":0.7428171069749321,"d":"74.3%"}]
["Member 2176","1981-08-15","M",{"v":140385.6,"d":"140,386"},{"v":0.8,"d":"80%"},{"v":0.85,"d":"85%"},{"v":0.75,"d":"75%"},{"v":0.1,"d":"10%"},null,37,{"v":11698.800000000001,"d":"11,699"},{"v":1169.88,"d":"1,170"},{"v":14623.5,"d":"14,624"},{"v":13453.619999999999,"d":"13,454"},{"$f":"(M128*12-(VLOOKUP(N128*12,'Tax table'!$A$3:$C$10,3)*(N128*12-VLOOKUP(N128*12,'Tax table'!$A$3:$C$10,1))+VLOOKUP(N128*12,'Tax table'!$A$3:$C$10,2)))/12","v":{"v":13386.8484,"d":"13,387"}},{"v":10528.920000000002,"d":"10,529"},{"$f":"(VLOOKUP(P128*12,'Tax table'!$A$3:$C$10,3)*(P128*12-VLOOKUP(P128*12,'Tax table'!$A$3:$C$10,1))+VLOOKUP(P128*12,'Tax table'!$A$3:$C$10,2))/12","v":{"v":710.2056000000003,"d":"710"}},{"v":10988.5944,"d":"10,989"},{"v":9340.30524,"d":"9,340"},{"v":0.6977224930701388,"d":"69.8%"},{"v":28020.915719999997,"d":"28,021"},{"$f":"IF($B$15=\"Yes\",MIN(S128*2,References!$B$7),0)","v":{"v":18680.61048,"d":"18,681"}},{"$f":"IF(AND(D128<>0,$B$16=\"Yes\"),References!$B$6,0)","v":{"v":100000,"d":"100,000"}},{"v":1648.2891600000003,"d":"1,648"},{"v":8774.1,"d":"8,774"},{"v":1169.88,"d":"1,170"},{"v":9943.98,"d":"9,944"},{"v":13453.619999999999,"d":"13,454"},{"$f":"(M128*12-(VLOOKUP(AB128*12,'Tax table'!$A$3:$C$10,3)*(AB128*12-VLOOKUP(AB128*12,'Tax table'!$A$3:$C$10,1))+VLOOKUP(AB128*12,'Tax table'!$A$3:$C$10,2)))/12","v":{"v":13386.8484,"d":"13,387"}},{"v":9943.98,"d":"9,944"},{"v":0.7428171069749321,"d":"74.3%"}]
["Member 2177","1982-04-26","M",{"v":140385.6,"d":"140,386"},{"v":0.8,"d":"80%"},{"v":0.85,"d":"85%"},{"v":0.75,"d":"75%"},{"v":0.1,"d":"10%"},null,36,{"v":11698.800000000001,"d":"11,699"},{"v":1169.88,"d":"1,170"},{"v":14623.5,"d":"14,624"},{"v":13453.619999999999,"d":"13,454"},{"$f":"(M129*12-(VLOOKUP(N129*12,'Tax table'!$A$3:$C$10,3)*(N129*12-VLOOKUP(N129*12,'Tax table'!$A$3:$C$10,1))+VLOOKUP(N129*12,'Tax table'!$A$3:$C$10,2)))/12","v":{"v":13386.8484,"d":"13,387"}},{"v":10528.920000000002,"d":"10,529"},{"$f":"(VLOOKUP(P129*12,'Tax table'!$A$3:$C$10,3)*(P129*12-VLOOKUP(P129*12,'Tax table'!$A$3:$C$10,1))+VLOOKUP(P129*12,'Tax table'!$A$3:$C$10,2))/12","v":{"v":710.2056000000003,"d":"710"}},{"v":10988.5944,"d":"10,989"},{"v":9340.30524,"d":"9,340"},{"v":0.6977224930701388,"d":"69.8%"},{"v":28020.915719999997,"d":"28,021"},{"$f":"IF($B$15=\"Yes\",MIN(S129*2,References!$B$7),0)","v":{"v":18680.61048,"d":"18,681"}},{"$f":"IF(AND(D129<>0,$B$16=\"Yes\"),References!$B$6,0)","v":{"v":100000,"d":"100,000"}},{"v":1648.2891600000003,"d":"1,648"},{"v":8774.1,"d":"8,774"},{"v":1169.88,"d":"1,170"},{"v":9943.98,"d":"9,944"},{"v":13453.619999999999,"d":"13,454"},{"$f":"(M129*12-(VLOOKUP(AB129*12,'Tax table'!$A$3:$C$10,3)*(AB129*12-VLOOKUP(AB129*12,'Tax table'!$A$3:$C$10,1))+VLOOKUP(AB129*12,'Tax table'!$A$3:$C$10,2)))/12","v":{"v":13386.8484,"d":"13,387"}},{"v":9943.98,"d":"9,944"},{"v":0.7428171069749321,"d":"74.3%"}]
["Member 2178","1986-02-07","M",{"v":140385.6,"d":"140,386"},{"v":0.8,"d":"80%"},{"v":0.85,"d":"85%"},{"v":0.75,"d":"75%"},{"v":0.1,"d":"10%"},null,32,{"v":11698.800000000001,"d":"11,699"},{"v":1169.88,"d":"1,170"},{"v":14623.5,"d":"14,624"},{"v":13453.619999999999,"d":"13,454"},{"$f":"(M130*12-(VLOOKUP(N130*12,'Tax table'!$A$3:$C$10,3)*(N130*12-VLOOKUP(N130*12,'Tax table'!$A$3:$C$10,1))+VLOOKUP(N130*12,'Tax table'!$A$3:$C$10,2)))/12","v":{"v":13386.8484,"d":"13,387"}},{"v":10528.920000000002,"d":"10,529"},{"$f":"(VLOOKUP(P130*12,'Tax table'!$A$3:$C$10,3)*(P130*12-VLOOKUP(P130*12,'Tax table'!$A$3:$C$10,1))+VLOOKUP(P130*12,'Tax table'!$A$3:$C$10,2))/12","v":{"v":710.2056000000003,"d":"710"}},{"v":10988.5944,"d":"10,989"},{"v":9340.30524,"d":"9,340"},{"v":0.6977224930701388,"d":"69.8%"},{"v":28020.915719999997,"d":"28,021"},{"$f":"IF($B$15=\"Yes\",MIN(S130*2,References!$B$7),0)","v":{"v":18680.61048,"d":"18,681"}},{"$f":"IF(AND(D130<>0,$B$16=\"Yes\"),References!$B$6,0)","v":{"v":100000,"d":"100,000"}},{"v":1648.2891600000003,"d":"1,648"},{"v":8774.1,"d":"8,774"},{"v":1169.88,"d":"1,170"},{"v":9943.98,"d":"9,944"},{"v":13453.619999999999,"d":"13,454"},{"$f":"(M130*12-(VLOOKUP(AB130*12,'Tax table'!$A$3:$C$10,3)*(AB130*12-VLOOKUP(AB130*12,'Tax table'!$A$3:$C$10,1))+VLOOKUP(AB130*12,'Tax table'!$A$3:$C$10,2)))/12","v":{"v":13386.8484,"d":"13,387"}},{"v":9943.98,"d":"9,944"},{"v":0.7428171069749321,"d":"74.3%"}]
["Member 2179","1984-08-30","M",{"v":140385.6,"d":"140,386"},{"v":0.8,"d":"80%"},{"v":0.85,"d":"85%"},{"v":0.75,"d":"75%"},{"v":0.1,"d":"10%"},null,34,{"v":11698.800000000001,"d":"11,699"},{"v":1169.88,"d":"1,170"},{"v":14623.5,"d":"14,624"},{"v":13453.619999999999,"d":"13,454"},{"$f":"(M131*12-(VLOOKUP(N131*12,'Tax table'!$A$3:$C$10,3)*(N131*12-VLOOKUP(N131*12,'Tax table'!$A$3:$C$10,1))+VLOOKUP(N131*12,'Tax table'!$A$3:$C$10,2)))/12","v":{"v":13386.8484,"d":"13,387"}},{"v":10528.920000000002,"d":"10,529"},{"$f":"(VLOOKUP(P131*12,'Tax table'!$A$3:$C$10,3)*(P131*12-VLOOKUP(P131*12,'Tax table'!$A$3:$C$10,1))+VLOOKUP(P131*12,'Tax table'!$A$3:$C$10,2))/12","v":{"v":710.2056000000003,"d":"710"}},{"v":10988.5944,"d":"10,989"},{"v":9340.30524,"d":"9,340"},{"v":0.6977224930701388,"d":"69.8%"},{"v":28020.915719999997,"d":"28,021"},{"$f":"IF($B$15=\"Yes\",MIN(S131*2,References!$B$7),0)","v":{"v":18680.61048,"d":"18,681"}},{"$f":"IF(AND(D131<>0,$B$16=\"Yes\"),References!$B$6,0)","v":{"v":100000,"d":"100,000"}},{"v":1648.2891600000003,"d":"1,648"},{"v":8774.1,"d":"8,774"},{"v":1169.88,"d":"1,170"},{"v":9943.98,"d":"9,944"},{"v":13453.619999999999,"d":"13,454"},{"$f":"(M131*12-(VLOOKUP(AB131*12,'Tax table'!$A$3:$C$10,3)*(AB131*12-VLOOKUP(AB131*12,'Tax table'!$A$3:$C$10,1))+VLOOKUP(AB131*12,'Tax table'!$A$3:$C$10,2)))/12","v":{"v":13386.8484,"d":"13,387"}},{"v":9943.98,"d":"9,944"},{"v":0.7428171069749321,"d":"74.3%"}]
["Member 2180","1975-12-21","M",{"v":140385.6,"d":"140,386"},{"v":0.8,"d":"80%"},{"v":0.85,"d":"85%"},{"v":0.75,"d":"75%"},{"v":0.1,"d":"10%"},null,42,{"v":11698.800000000001,"d":"11,699"},{"v":1169.88,"d":"1,170"},{"v":14623.5,"d":"14,624"},{"v":13453.619999999999,"d":"13,454"},{"$f":"(M132*12-(VLOOKUP(N132*12,'Tax table'!$A$3:$C$10,3)*(N132*12-VLOOKUP(N132*12,'Tax table'!$A$3:$C$10,1))+VLOOKUP(N132*12,'Tax table'!$A$3:$C$10,2)))/12","v":{"v":13386.8484,"d":"13,387"}},{"v":10528.920000000002,"d":"10,529"},{"$f":"(VLOOKUP(P132*12,'Tax table'!$A$3:$C$10,3)*(P132*12-VLOOKUP(P132*12,'Tax table'!$A$3:$C$10,1))+VLOOKUP(P132*12,'Tax table'!$A$3:$C$10,2))/12","v":{"v":710.2056000000003,"d":"710"}},{"v":10988.5944,"d":"10,989"},{"v":9340.30524,"d":"9,340"},{"v":0.6977224930701388,"d":"69.8%"},{"v":28020.915719999997,"d":"28,021"},{"$f":"IF($B$15=\"Yes\",MIN(S132*2,References!$B$7),0)","v":{"v":18680.61048,"d":"18,681"}},{"$f":"IF(AND(D132<>0,$B$16=\"Yes\"),References!$B$6,0)","v":{"v":100000,"d":"100,000"}},{"v":1648.2891600000003,"d":"1,648"},{"v":8774.1,"d":"8,774"},{"v":1169.88,"d":"1,170"},{"v":9943.98,"d":"9,944"},{"v":13453.619999999999,"d":"13,454"},{"$f":"(M132*12-(VLOOKUP(AB132*12,'Tax table'!$A$3:$C$10,3)*(AB132*12-VLOOKUP(AB132*12,'Tax table'!$A$3:$C$10,1))+VLOOKUP(AB132*12,'Tax table'!$A$3:$C$10,2)))/12","v":{"v":13386.8484,"d":"13,387"}},{"v":9943.98,"d":"9,944"},{"v":0.7428171069749321,"d":"74.3%"}]
["Member 2181","1982-05-02","M",{"v":140385.6,"d":"140,386"},{"v":0.8,"d":"80%"},{"v":0.85,"d":"85%"},{"v":0.75,"d":"75%"},{"v":0.1,"d":"10%"},null,36,{"v":11698.800000000001,"d":"11,699"},{"v":1169.88,"d":"1,170"},{"v":14623.5,"d":"14,624"},{"v":13453.619999999999,"d":"13,454"},{"$f":"(M133*12-(VLOOKUP(N133*12,'Tax table'!$A$3:$C$10,3)*(N133*12-VLOOKUP(N133*12,'Tax table'!$A$3:$C$10,1))+VLOOKUP(N133*12,'Tax table'!$A$3:$C$10,2)))/12","v":{"v":13386.8484,"d":"13,387"}},{"v":10528.920000000002,"d":"10,529"},{"$f":"(VLOOKUP(P133*12,'Tax table'!$A$3:$C$10,3)*(P133*12-VLOOKUP(P133*12,'Tax table'!$A$3:$C$10,1))+VLOOKUP(P133*12,'Tax table'!$A$3:$C$10,2))/12","v":{"v":710.2056000000003,"d":"710"}},{"v":10988.5944,"d":"10,989"},{"v":9340.30524,"d":"9,340"},{"v":0.6977224930701388,"d":"69.8%"},{"v":28020.915719999997,"d":"28,021"},{"$f":"IF($B$15=\"Yes\",MIN(S133*2,References!$B$7),0)","v":{"v":18680.61048,"d":"18,681"}},{"$f":"IF(AND(D133<>0,$B$16=\"Yes\"),References!$B$6,0)","v":{"v":100000,"d":"100,000"}},{"v":1648.2891600000003,"d":"1,648"},{"v":8774.1,"d":"8,774"},{"v":1169.88,"d":"1,170"},{"v":9943.98,"d":"9,944"},{"v":13453.619999999999,"d":"13,454"},{"$f":"(M133*12-(VLOOKUP(AB133*12,'Tax table'!$A$3:$C$10,3)*(AB133*12-VLOOKUP(AB133*12,'Tax table'!$A$3:$C$10,1))+VLOOKUP(AB133*12,'Tax table'!$A$3:$C$10,2)))/12","v":{"v":13386.8484,"d":"13,387"}},{"v":9943.98,"d":"9,944"},{"v":0.7428171069749321,"d":"74.3%"}]
["Member 2182","1986-12-10","M",{"v":140385.6,"d":"140,386"},{"v":0.8,"d":"80%"},{"v":0.85,"d":"85%"},{"v":0.75,"d":"75%"},{"v":0.1,"d":"10%"},null,31,{"v":11698.800000000001,"d":"11,699"},{"v":1169.88,"d":"1,170"},{"v":14623.5,"d":"14,624"},{"v":13453.619999999999,"d":"13,454"},{"$f":"(M134*12-(VLOOKUP(N134*12,'Tax table'!$A$3:$C$10,3)*(N134*12-VLOOKUP(N134*12,'Tax table'!$A$3:$C$10,1))+VLOOKUP(N134*12,'Tax table'!$A$3:$C$10,2)))/12","v":{"v":13386.8484,"d":"13,387"}},{"v":10528.920000000002,"d":"10,529"},{"$f":"(VLOOKUP(P134*12,'Tax table'!$A$3:$C$10,3)*(P134*12-VLOOKUP(P134*12,'Tax table'!$A$3:$C$10,1))+VLOOKUP(P134*12,'Tax table'!$A$3:$C$10,2))/12","v":{"v":710.2056000000003,"d":"710"}},{"v":10988.5944,"d":"10,989"},{"v":9340.30524,"d":"9,340"},{"v":0.6977224930701388,"d":"69.8%"},{"v":28020.915719999997,"d":"28,021"},{"$f":"IF($B$15=\"Yes\",MIN(S134*2,References!$B$7),0)","v":{"v":18680.61048,"d":"18,681"}},{"$f":"IF(AND(D134<>0,$B$16=\"Yes\"),References!$B$6,0)","v":{"v":100000,"d":"100,000"}},{"v":1648.2891600000003,"d":"1,648"},{"v":8774.1,"d":"8,774"},{"v":1169.88,"d":"1,170"},{"v":9943.98,"d":"9,944"},{"v":13453.619999999999,"d":"13,454"},{"$f":"(M134*12-(VLOOKUP(AB134*12,'Tax table'!$A$3:$C$10,3)*(AB134*12-VLOOKUP(AB134*12,'Tax table'!$A$3:$C$10,1))+VLOOKUP(AB134*12,'Tax table'!$A$3:$C$10,2)))/12","v":{"v":13386.8484,"d":"13,387"}},{"v":9943.98,"d":"9,944"},{"v":0.7428171069749321,"d":"74.3%"}]
["Member 2183","1982-05-07","M",{"v":140385.6,"d":"140,386"},{"v":0.8,"d":"80%"},{"v":0.85,"d":"85%"},{"v":0.75,"d":"75%"},{"v":0.1,"d":"10%"},null,36,{"v":11698.800000000001,"d":"11,699"},{"v":1169.88,"d":"1,170"},{"v":14623.5,"d":"14,624"},{"v":13453.619999999999,"d":"13,454"},{"$f":"(M135*12-(VLOOKUP(N135*12,'Tax table'!$A$3:$C$10,3)*(N135*12-VLOOKUP(N135*12,'Tax table'!$A$3:$C$10,1))+VLOOKUP(N135*12,'Tax table'!$A$3:$C$10,2)))/12","v":{"v":13386.8484,"d":"13,387"}},{"v":10528.920000000002,"d":"10,529"},{"$f":"(VLOOKUP(P135*12,'Tax table'!$A$3:$C$10,3)*(P135*12-VLOOKUP(P135*12,'Tax table'!$A$3:$C$10,1))+VLOOKUP(P135*12,'Tax table'!$A$3:$C$10,2))/12","v":{"v":710.2056000000003,"d":"710"}},{"v":10988.5944,"d":"10,989"},{"v":9340.30524,"d":"9,340"},{"v":0.6977224930701388,"d":"69.8%"},{"v":28020.915719999997,"d":"28,021"},{"$f":"IF($B$15=\"Yes\",MIN(S135*2,References!$B$7),0)","v":{"v":18680.61048,"d":"18,681"}},{"$f":"IF(AND(D135<>0,$B$16=\"Yes\"),References!$B$6,0)","v":{"v":100000,"d":"100,000"}},{"v":1648.2891600000003,"d":"1,648"},{"v":8774.1,"d":"8,774"},{"v":1169.88,"d":"1,170"},{"v":9943.98,"d":"9,944"},{"v":13453.619999999999,"d":"13,454"},{"$f":"(M135*12-(VLOOKUP(AB135*12,'Tax table'!$A$3:$C$10,3)*(AB135*12-VLOOKUP(AB135*12,'Tax table'!$A$3:$C$10,1))+VLOOKUP(AB135*12,'Tax table'!$A$3:$C$10,2)))/12","v":{"v":13386.8484,"d":"13,387"}},{"v":9943.98,"d":"9,944"},{"v":0.7428171069749321,"d":"74.3%"}]
["Member 2184","1990-03-27","M",{"v":140385.6,"d":"140,386"},{"v":0.8,"d":"80%"},{"v":0.85,"d":"85%"},{"v":0.75,"d":"75%"},{"v":0.1,"d":"10%"},null,28,{"v":11698.800000000001,"d":"11,699"},{"v":1169.88,"d":"1,170"},{"v":14623.5,"d":"14,624"},{"v":13453.619999999999,"d":"13,454"},{"$f":"(M136*12-(VLOOKUP(N136*12,'Tax table'!$A$3:$C$10,3)*(N136*12-VLOOKUP(N136*12,'Tax table'!$A$3:$C$10,1))+VLOOKUP(N136*12,'Tax table'!$A$3:$C$10,2)))/12","v":{"v":13386.8484,"d":"13,387"}},{"v":10528.920000000002,"d":"10,529"},{"$f":"(VLOOKUP(P136*12,'Tax table'!$A$3:$C$10,3)*(P136*12-VLOOKUP(P136*12,'Tax table'!$A$3:$C$10,1))+VLOOKUP(P136*12,'Tax table'!$A$3:$C$10,2))/12","v":{"v":710.2056000000003,"d":"710"}},{"v":10988.5944,"d":"10,989"},{"v":9340.30524,"d":"9,340"},{"v":0.6977224930701388,"d":"69.8%"},{"v":28020.915719999997,"d":"28,021"},{"$f":"IF($B$15=\"Yes\",MIN(S136*2,References!$B$7),0)","v":{"v":18680.61048,"d":"18,681"}},{"$f":"IF(AND(D136<>0,$B$16=\"Yes\"),References!$B$6,0)","v":{"v":100000,"d":"100,000"}},{"v":1648.2891600000003,"d":"1,648"},{"v":8774.1,"d":"8,774"},{"v":1169.88,"d":"1,170"},{"v":9943.98,"d":"9,944"},{"v":13453.619999999999,"d":"13,454"},{"$f":"(M136*12-(VLOOKUP(AB136*12,'Tax table'!$A$3:$C$10,3)*(AB136*12-VLOOKUP(AB136*12,'Tax table'!$A$3:$C$10,1))+VLOOKUP(AB136*12,'Tax table'!$A$3:$C$10,2)))/12","v":{"v":13386.8484,"d":"13,387"}},{"v":9943.98,"d":"9,944"},{"v":0.7428171069749321,"d":"74.3%"}]
["Member 2167","1960-01-12","F",{"v":140386.68,"d":"140,387"},{"v":0.8,"d":"80%"},{"v":0.85,"d":"85%"},{"v":0.75,"d":"75%"},{"v":0.1,"d":"10%"},null,58,{"v":11698.89,"d":"11,699"},{"v":1169.889,"d":"1,170"},{"v":14623.6125,"d":"14,624"},{"v":13453.7235,"d":"13,454"},{"$f":"(M137*12-(VLOOKUP(N137*12,'Tax table'!$A$3:$C$10,3)*(N137*12-VLOOKUP(N137*12,'Tax table'!$A$3:$C$10,1))+VLOOKUP(N137*12,'Tax table'!$A$3:$C$10,2)))/12","v":{"v":13386.942269999998,"d":"13,387"}},{"v":10529.001,"d":"10,529"},{"$f":"(VLOOKUP(P137*12,'Tax table'!$A$3:$C$10,3)*(P137*12-VLOOKUP(P137*12,'Tax table'!$A$3:$C$10,1))+VLOOKUP(P137*12,'Tax table'!$A$3:$C$10,2))/12","v":{"v":710.2201799999999,"d":"710"}},{"v":10988.66982,"d":"10,989"},{"v":9340.369347,"d":"9,340"},{"v":0.697722389371296,"d":"69.8%"},{"v":28021.108041,"d":"28,021"},{"$f":"IF($B$15=\"Yes\",MIN(S137*2,References!$B$7),0)","v":{"v":18680.738694,"d":"18,681"}},{"$f":"IF(AND(D137<>0,$B$16=\"Yes\"),References!$B$6,0)","v":{"v":100000,"d":"100,000"}},{"v":1648.3004729999993,"d":"1,648"},{"v":8774.1675,"d":"8,774"},{"v":1169.889,"d":"1,170"},{"v":9944.056499999999,"d":"9,944"},{"v":13453.7235,"d":"13,454"},{"$f":"(M137*12-(VLOOKUP(AB137*12,'Tax table'!$A$3:$C$10,3)*(AB137*12-VLOOKUP(AB137*12,'Tax table'!$A$3:$C$10,1))+VLOOKUP(AB137*12,'Tax table'!$A$3:$C$10,2)))/12","v":{"v":13386.942269999998,"d":"13,387"}},{"v":9944.056499999999,"d":"9,944"},{"v":0.7428176128229468,"d":"74.3%"}]
["Member 2166","1959-10-03","F",{"v":141938.76,"d":"141,939"},{"v":0.8,"d":"80%"},{"v":0.85,"d":"85%"},{"v":0.75,"d":"75%"},{"v":0.1,"d":"10%"},null,59,{"v":11828.230000000001,"d":"11,828"},{"v":1182.823,"d":"1,183"},{"v":14785.2875,"d":"14,785"},{"v":13602.4645,"d":"13,602"},{"$f":"(M138*12-(VLOOKUP(N138*12,'Tax table'!$A$3:$C$10,3)*(N138*12-VLOOKUP(N138*12,'Tax table'!$A$3:$C$10,1))+VLOOKUP(N138*12,'Tax table'!$A$3:$C$10,2)))/12","v":{"v":13521.843890000002,"d":"13,522"}},{"v":10645.407000000001,"d":"10,645"},{"$f":"(VLOOKUP(P138*12,'Tax table'!$A$3:$C$10,3)*(P138*12-VLOOKUP(P138*12,'Tax table'!$A$3:$C$10,1))+VLOOKUP(P138*12,'Tax table'!$A$3:$C$10,2))/12","v":{"v":731.1732600000004,"d":"731"}},{"v":11097.056740000002,"d":"11,097"},{"v":9432.498229,"d":"9,432"},{"v":0.6975748504222673,"d":"69.8%"},{"v":28297.494687000002,"d":"28,297"},{"$f":"IF($B$15=\"Yes\",MIN(S138*2,References!$B$7),0)","v":{"v":18864.996458,"d":"18,865"}},{"$f":"IF(AND(D138<>0,$B$16=\"Yes\"),References!$B$6,0)","v":{"v":100000,"d":"100,000"}},{"v":1664.558511000001,"d":"1,665"},{"v":8871.1725,"d":"8,871"},{"v":1182.823,"d":"1,183"},{"v":10053.9955,"d":"10,054"},{"v":13602.4645,"d":"13,602"},{"$f":"(M138*12-(VLOOKUP(AB138*12,'Tax table'!$A$3:$C$10,3)*(AB138*12-VLOOKUP(AB138*12,'Tax table'!$A$3:$C$10,1))+VLOOKUP(AB138*12,'Tax table'!$A$3:$C$10,2)))/12","v":{"v":13521.843890000002,"d":"13,522"}},{"v":10053.9955,"d":"10,054"},{"v":0.7435373150133299,"d":"74.4%"}]
["Member 2159","1971-07-09","M",{"v":143985.48,"d":"143,985"},{"v":0.8,"d":"80%"},{"v":0.85,"d":"85%"},{"v":0.75,"d":"75%"},{"v":0.1,"d":"10%"},null,47,{"v":11998.79,"d":"11,999"},{"v":1199.8790000000001,"d":"1,200"},{"v":14998.487500000001,"d":"14,998"},{"v":13798.6085,"d":"13,799"},{"$f":"(M139*12-(VLOOKUP(N139*12,'Tax table'!$A$3:$C$10,3)*(N139*12-VLOOKUP(N139*12,'Tax table'!$A$3:$C$10,1))+VLOOKUP(N139*12,'Tax table'!$A$3:$C$10,2)))/12","v":{"v":13699.73797,"d":"13,700"}},{"v":10798.911,"d":"10,799"},{"$f":"(VLOOKUP(P139*12,'Tax table'!$A$3:$C$10,3)*(P139*12-VLOOKUP(P139*12,'Tax table'!$A$3:$C$10,1))+VLOOKUP(P139*12,'Tax table'!$A$3:$C$10,2))/12","v":{"v":758.80398,"d":"759"}},{"v":11239.98602,"d":"11,240"},{"v":9553.988117,"d":"9,554"},{"v":0.6973847337753133,"d":"69.7%"},{"v":28661.964351000002,"d":"28,662"},{"$f":"IF($B$15=\"Yes\",MIN(S139*2,References!$B$7),0)","v":{"v":19107.976234,"d":"19,108"}},{"$f":"IF(AND(D139<>0,$B$16=\"Yes\"),References!$B$6,0)","v":{"v":100000,"d":"100,000"}},{"v":1685.9979029999995,"d":"1,686"},{"v":8999.0925,"d":"8,999"},{"v":1199.8790000000001,"d":"1,200"},{"v":10198.971500000001,"d":"10,199"},{"v":13798.6085,"d":"13,799"},{"$f":"(M139*12-(VLOOKUP(AB139*12,'Tax table'!$A$3:$C$10,3)*(AB139*12-VLOOKUP(AB139*12,'Tax table'!$A$3:$C$10,1))+VLOOKUP(AB139*12,'Tax table'!$A$3:$C$10,2)))/12","v":{"v":13699.73797,"d":"13,700"}},{"v":10198.971500000001,"d":"10,199"},{"v":0.7444647132911552,"d":"74.4%"}]
["Member 2160","1978-07-28","M",{"v":143985.48,"d":"143,985"},{"v":0.8,"d":"80%"},{"v":0.85,"d":"85%"},{"v":0.75,"d":"75%"},{"v":0.1,"d":"10%"},null,40,{"v":11998.79,"d":"11,999"},{"v":1199.8790000000001,"d":"1,200"},{"v":14998.487500000001,"d":"14,998"},{"v":13798.6085,"d":"13,799"},{"$f":"(M140*12-(VLOOKUP(N140*12,'Tax table'!$A$3:$C$10,3)*(N140*12-VLOOKUP(N140*12,'Tax table'!$A$3:$C$10,1))+VLOOKUP(N140*12,'Tax table'!$A$3:$C$10,2)))/12","v":{"v":13699.73797,"d":"13,700"}},{"v":10798.911,"d":"10,799"},{"$f":"(VLOOKUP(P140*12,'Tax table'!$A$3:$C$10,3)*(P140*12-VLOOKUP(P140*12,'Tax table'!$A$3:$C$10,1))+VLOOKUP(P140*12,'Tax table'!$A$3:$C$10,2))/12","v":{"v":758.80398,"d":"759"}},{"v":11239.98602,"d":"11,240"},{"v":9553.988117,"d":"9,554"},{"v":0.6973847337753133,"d":"69.7%"},{"v":28661.964351000002,"d":"28,662"},{"$f":"IF($B$15=\"Yes\",MIN(S140*2,References!$B$7),0)","v":{"v":19107.976234,"d":"19,108"}},{"$f":"IF(AND(D140<>0,$B$16=\"Yes\"),References!$B$6,0)","v":{"v":100000,"d":"100,000"}},{"v":1685.9979029999995,"d":"1,686"},{"v":8999.0925,"d":"8,999"},{"v":1199.8790000000001,"d":"1,200"},{"v":10198.971500000001,"d":"10,199"},{"v":13798.6085,"d":"13,799"},{"$f":"(M140*12-(VLOOKUP(AB140*12,'Tax table'!$A$3:$C$10,3)*(AB140*12-VLOOKUP(AB140*12,'Tax table'!$A$3:$C$10,1))+VLOOKUP(AB140*12,'Tax table'!$A$3:$C$10,2)))/12","v":{"v":13699.73797,"d":"13,700"}},{"v":10198.971500000001,"d":"10,199"},{"v":0.7444647132911552,"d":"74.4%"}]
["Member 2161","1980-04-11","M",{"v":143985.48,"d":"143,985"},{"v":0.8,"d":"80%"},{"v":0.85,"d":"85%"},{"v":0.75,"d":"75%"},{"v":0.1,"d":"10%"},null,38,{"v":11998.79,"d":"11,999"},{"v":1199.8790000000001,"d":"1,200"},{"v":14998.487500000001,"d":"14,998"},{"v":13798.6085,"d":"13,799"},{"$f":"(M141*12-(VLOOKUP(N141*12,'Tax table'!$A$3:$C$10,3)*(N141*12-VLOOKUP(N141*12,'Tax table'!$A$3:$C$10,1))+VLOOKUP(N141*12,'Tax table'!$A$3:$C$10,2)))/12","v":{"v":13699.73797,"d":"13,700"}},{"v":10798.911,"d":"10,799"},{"$f":"(VLOOKUP(P141*12,'Tax table'!$A$3:$C$10,3)*(P141*12-VLOOKUP(P141*12,'Tax table'!$A$3:$C$10,1))+VLOOKUP(P141*12,'Tax table'!$A$3:$C$10,2))/12","v":{"v":758.80398,"d":"759"}},{"v":11239.98602,"d":"11,240"},{"v":9553.988117,"d":"9,554"},{"v":0.6973847337753133,"d":"69.7%"},{"v":28661.964351000002,"d":"28,662"},{"$f":"IF($B$15=\"Yes\",MIN(S141*2,References!$B$7),0)","v":{"v":19107.976234,"d":"19,108"}},{"$f":"IF(AND(D141<>0,$B$16=\"Yes\"),References!$B$6,0)","v":{"v":100000,"d":"100,000"}},{"v":1685.9979029999995,"d":"1,686"},{"v":8999.0925,"d":"8,999"},{"v":1199.8790000000001,"d":"1,200"},{"v":10198.971500000001,"d":"10,199"},{"v":13798.6085,"d":"13,799"},{"$f":"(M141*12-(VLOOKUP(AB141*12,'Tax table'!$A$3:$C$10,3)*(AB141*12-VLOOKUP(AB141*12,'Tax table'!$A$3:$C$10,1))+VLOOKUP(AB141*12,'Tax table'!$A$3:$C$10,2)))/12","v":{"v":13699.73797,"d":"13,700"}},{"v":10198.971500000001,"d":"10,199"},{"v":0.7444647132911552,"d":"74.4%"}]
["Member 2162","1976-06-11","M",{"v":143985.48,"d":"143,985"},{"v":0.8,"d":"80%"},{"v":0.85,"d":"85%"},{"v":0.75,"d":"75%"},{"v":0.1,"d":"10%"},null,42,{"v":11998.79,"d":"11,999"},{"v":1199.8790000000001,"d":"1,200"},{"v":14998.487500000001,"d":"14,998"},{"v":13798.6085,"d":"13,799"},{"$f":"(M142*12-(VLOOKUP(N142*12,'Tax table'!$A$3:$C$10,3)*(N142*12-VLOOKUP(N142*12,'Tax table'!$A$3:$C$10,1))+VLOOKUP(N142*12,'Tax table'!$A$3:$C$10,2)))/12","v":{"v":13699.73797,"d":"13,700"}},{"v":10798.911,"d":"10,799"},{"$f":"(VLOOKUP(P142*12,'Tax table'!$A$3:$C$10,3)*(P142*12-VLOOKUP(P142*12,'Tax table'!$A$3:$C$10,1))+VLOOKUP(P142*12,'Tax table'!$A$3:$C$10,2))/12","v":{"v":758.80398,"d":"759"}},{"v":11239.98602,"d":"11,240"},{"v":9553.988117,"d":"9,554"},{"v":0.6973847337753133,"d":"69.7%"},{"v":28661.964351000002,"d":"28,662"},{"$f":"IF($B$15=\"Yes\",MIN(S142*2,References!$B$7),0)","v":{"v":19107.976234,"d":"19,108"}},{"$f":"IF(AND(D142<>0,$B$16=\"Yes\"),References!$B$6,0)","v":{"v":100000,"d":"100,000"}},{"v":1685.9979029999995,"d":"1,686"},{"v":8999.0925,"d":"8,999"},{"v":1199.8790000000001,"d":"1,200"},{"v":10198.971500000001,"d":"10,199"},{"v":13798.6085,"d":"13,799"},{"$f":"(M142*12-(VLOOKUP(AB142*12,'Tax table'!$A$3:$C$10,3)*(AB142*12-VLOOKUP(AB142*12,'Tax table'!$A$3:$C$10,1))+VLOOKUP(AB142*12,'Tax table'!$A$3:$C$10,2)))/12","v":{"v":13699.73797,"d":"13,700"}},{"v":10198.971500000001,"d":"10,199"},{"v":0.7444647132911552,"d":"74.4%"}]
["Member 2163","1981-05-28","M",{"v":143985.48,"d":"143,985"},{"v":0.8,"d":"80%"},{"v":0.85,"d":"85%"},{"v":0.75,"d":"75%"},{"v":0.1,"d":"10%"},null,37,{"v":11998.79,"d":"11,999"},{"v":1199.8790000000001,"d":"1,200"},{"v":14998.487500000001,"d":"14,998"},{"v":13798.6085,"d":"13,799"},{"$f":"(M143*12-(VLOOKUP(N143*12,'Tax table'!$A$3:$C$10,3)*(N143*12-VLOOKUP(N143*12,'Tax table'!$A$3:$C$10,1))+VLOOKUP(N143*12,'Tax table'!$A$3:$C$10,2)))/12","v":{"v":13699.73797,"d":"13,700"}},{"v":10798.911,"d":"10,799"},{"$f":"(VLOOKUP(P143*12,'Tax table'!$A$3:$C$10,3)*(P143*12-VLOOKUP(P143*12,'Tax table'!$A$3:$C$10,1))+VLOOKUP(P143*12,'Tax table'!$A$3:$C$10,2))/12","v":{"v":758.80398,"d":"759"}},{"v":11239.98602,"d":"11,240"},{"v":9553.988117,"d":"9,554"},{"v":0.6973847337753133,"d":"69.7%"},{"v":28661.964351000002,"d":"28,662"},{"$f":"IF($B$15=\"Yes\",MIN(S143*2,References!$B$7),0)","v":{"v":19107.976234,"d":"19,108"}},{"$f":"IF(AND(D143<>0,$B$16=\"Yes\"),References!$B$6,0)","v":{"v":100000,"d":"100,000"}},{"v":1685.9979029999995,"d":"1,686"},{"v":8999.0925,"d":"8,999"},{"v":1199.8790000000001,"d":"1,200"},{"v":10198.971500000001,"d":"10,199"},{"v":13798.6085,"d":"13,799"},{"$f":"(M143*12-(VLOOKUP(AB143*12,'Tax table'!$A$3:$C$10,3)*(AB143*12-VLOOKUP(AB143*12,'Tax table'!$A$3:$C$10,1))+VLOOKUP(AB143*12,'Tax table'!$A$3:$C$10,2)))/12","v":{"v":13699.73797,"d":"13,700"}},{"v":10198.971500000001,"d":"10,199"},{"v":0.7444647132911552,"d":"74.4%"}]
["Member 2164","1978-08-15","F",{"v":143985.48,"d":"143,985"},{"v":0.8,"d":"80%"},{"v":0.85,"d":"85%"},{"v":0.75,"d":"75%"},{"v":0.1,"d":"10%"},null,40,{"v":11998.79,"d":"11,999"},{"v":1199.8790000000001,"d":"1,200"},{"v":14998.487500000001,"d":"14,998"},{"v":13798.6085,"d":"13,799"},{"$f":"(M144*12-(VLOOKUP(N144*12,'Tax table'!$A$3:$C$10,3)*(N144*12-VLOOKUP(N144*12,'Tax table'!$A$3:$C$10,1))+VLOOKUP(N144*12,'Tax table'!$A$3:$C$10,2)))/12","v":{"v":13699.73797,"d":"13,700"}},{"v":10798.911,"d":"10,799"},{"$f":"(VLOOKUP(P144*12,'Tax table'!$A$3:$C$10,3)*(P144*12-VLOOKUP(P144*12,'Tax table'!$A$3:$C$10,1))+VLOOKUP(P144*12,'Tax table'!$A$3:$C$10,2))/12","v":{"v":758.80398,"d":"759"}},{"v":11239.98602,"d":"11,240"},{"v":9553.988117,"d":"9,554"},{"v":0.6973847337753133,"d":"69.7%"},{"v":28661.964351000002,"d":"28,662"},{"$f":"IF($B$15=\"Yes\",MIN(S144*2,References!$B$7),0)","v":{"v":19107.976234,"d":"19,108"}},{"$f":"IF(AND(D144<>0,$B$16=\"Yes\"),References!$B$6,0)","v":{"v":100000,"d":"100,000"}},{"v":1685.9979029999995,"d":"1,686"},{"v":8999.0925,"d":"8,999"},{"v":1199.8790000000001,"d":"1,200"},{"v":10198.971500000001,"d":"10,199"},{"v":13798.6085,"d":"13,799"},{"$f":"(M144*12-(VLOOKUP(AB144*12,'Tax table'!$A$3:$C$10,3)*(AB144*12-VLOOKUP(AB144*12,'Tax table'!$A$3:$C$10,1))+VLOOKUP(AB144*12,'Tax table'!$A$3:$C$10,2)))/12","v":{"v":13699.73797,"d":"13,700"}},{"v":10198.971500000001,"d":"10,199"},{"v":0.7444647132911552,"d":"74.4%"}]
["Member 2165","1982-02-08","M",{"v":143985.48,"d":"143,985"},{"v":0.8,"d":"80%"},{"v":0.85,"d":"85%"},{"v":0.75,"d":"75%"},{"v":0.1,"d":"10%"},null,36,{"v":11998.79,"d":"11,999"},{"v":1199.8790000000001,"d":"1,200"},{"v":14998.487500000001,"d":"14,998"},{"v":13798.6085,"d":"13,799"},{"$f":"(M145*12-(VLOOKUP(N145*12,'Tax table'!$A$3:$C$10,3)*(N145*12-VLOOKUP(N145*12,'Tax table'!$A$3:$C$10,1))+VLOOKUP(N145*12,'Tax table'!$A$3:$C$10,2)))/12","v":{"v":13699.73797,"d":"13,700"}},{"v":10798.911,"d":"10,799"},{"$f":"(VLOOKUP(P145*12,'Tax table'!$A$3:$C$10,3)*(P145*12-VLOOKUP(P145*12,'Tax table'!$A$3:$C$10,1))+VLOOKUP(P145*12,'Tax table'!$A$3:$C$10,2))/12","v":{"v":758.80398,"d":"759"}},{"v":11239.98602,"d":"11,240"},{"v":9553.988117,"d":"9,554"},{"v":0.6973847337753133,"d":"69.7%"},{"v":28661.964351000002,"d":"28,662"},{"$f":"IF($B$15=\"Yes\",MIN(S145*2,References!$B$7),0)","v":{"v":19107.976234,"d":"19,108"}},{"$f":"IF(AND(D145<>0,$B$16=\"Yes\"),References!$B$6,0)","v":{"v":100000,"d":"100,000"}},{"v":1685.9979029999995,"d":"1,686"},{"v":8999.0925,"d":"8,999"},{"v":1199.8790000000001,"d":"1,200"},{"v":10198.971500000001,"d":"10,199"},{"v":13798.6085,"d":"13,799"},{"$f":"(M145*12-(VLOOKUP(AB145*12,'Tax table'!$A$3:$C$10,3)*(AB145*12-VLOOKUP(AB145*12,'Tax table'!$A$3:$C$10,1))+VLOOKUP(AB145*12,'Tax table'!$A$3:$C$10,2)))/12","v":{"v":13699.73797,"d":"13,700"}},{"v":10198.971500000001,"d":"10,199"},{"v":0.7444647132911552,"d":"74.4%"}]
["Member 2149","1981-10-02","M",{"v":143985.84,"d":"143,986"},{"v":0.8,"d":"80%"},{"v":0.85,"d":"85%"},{"v":0.75,"d":"75%"},{"v":0.1,"d":"10%"},null,37,{"v":11998.82,"d":"11,999"},{"v":1199.882,"d":"1,200"},{"v":14998.525,"d":"14,999"},{"v":13798.643,"d":"13,799"},{"$f":"(M146*12-(VLOOKUP(N146*12,'Tax table'!$A$3:$C$10,3)*(N146*12-VLOOKUP(N146*12,'Tax table'!$A$3:$C$10,1))+VLOOKUP(N146*12,'Tax table'!$A$3:$C$10,2)))/12","v":{"v":13699.76926,"d":"13,700"}},{"v":10798.938,"d":"10,799"},{"$f":"(VLOOKUP(P146*12,'Tax table'!$A$3:$C$10,3)*(P146*12-VLOOKUP(P146*12,'Tax table'!$A$3:$C$10,1))+VLOOKUP(P146*12,'Tax table'!$A$3:$C$10,2))/12","v":{"v":758.8088399999998,"d":"759"}},{"v":11240.01116,"d":"11,240"},{"v":9554.009485999999,"d":"9,554"},{"v":0.6973847007697704,"d":"69.7%"},{"v":28662.028457999997,"d":"28,662"},{"$f":"IF($B$15=\"Yes\",MIN(S146*2,References!$B$7),0)","v":{"v":19108.018971999998,"d":"19,108"}},{"$f":"IF(AND(D146<>0,$B$16=\"Yes\"),References!$B$6,0)","v":{"v":100000,"d":"100,000"}},{"v":1686.001674000001,"d":"1,686"},{"v":8999.115,"d":"8,999"},{"v":1199.882,"d":"1,200"},{"v":10198.997,"d":"10,199"},{"v":13798.643,"d":"13,799"},{"$f":"(M146*12-(VLOOKUP(AB146*12,'Tax table'!$A$3:$C$10,3)*(AB146*12-VLOOKUP(AB146*12,'Tax table'!$A$3:$C$10,1))+VLOOKUP(AB146*12,'Tax table'!$A$3:$C$10,2)))/12","v":{"v":13699.76926,"d":"13,700"}},{"v":10198.997,"d":"10,199"},{"v":0.7444648742938025,"d":"74.4%"}]
["Member 2150","1979-04-27","M",{"v":143985.84,"d":"143,986"},{"v":0.8,"d":"80%"},{"v":0.85,"d":"85%"},{"v":0.75,"d":"75%"},{"v":0.1,"d":"10%"},null,39,{"v":11998.82,"d":"11,999"},{"v":1199.882,"d":"1,200"},{"v":14998.525,"d":"14,999"},{"v":13798.643,"d":"13,799"},{"$f":"(M147*12-(VLOOKUP(N147*12,'Tax table'!$A$3:$C$10,3)*(N147*12-VLOOKUP(N147*12,'Tax table'!$A$3:$C$10,1))+VLOOKUP(N147*12,'Tax table'!$A$3:$C$10,2)))/12","v":{"v":13699.76926,"d":"13,700"}},{"v":10798.938,"d":"10,799"},{"$f":"(VLOOKUP(P147*12,'Tax table'!$A$3:$C$10,3)*(P147*12-VLOOKUP(P147*12,'Tax table'!$A$3:$C$10,1))+VLOOKUP(P147*12,'Tax table'!$A$3:$C$10,2))/12","v":{"v":758.8088399999998,"d":"759"}},{"v":11240.01116,"d":"11,240"},{"v":9554.009485999999,"d":"9,554"},{"v":0.6973847007697704,"d":"69.7%"},{"v":28662.028457999997,"d":"28,662"},{"$f":"IF($B$15=\"Yes\",MIN(S147*2,References!$B$7),0)","v":{"v":19108.018971999998,"d":"19,108"}},{"$f":"IF(AND(D147<>0,$B$16=\"Yes\"),References!$B$6,0)","v":{"v":100000,"d":"100,000"}},{"v":1686.001674000001,"d":"1,686"},{"v":8999.115,"d":"8,999"},{"v":1199.882,"d":"1,200"},{"v":10198.997,"d":"10,199"},{"v":13798.643,"d":"13,799"},{"$f":"(M147*12-(VLOOKUP(AB147*12,'Tax table'!$A$3:$C$10,3)*(AB147*12-VLOOKUP(AB147*12,'Tax table'!$A$3:$C$10,1))+VLOOKUP(AB147*12,'Tax table'!$A$3:$C$10,2)))/12","v":{"v":13699.76926,"d":"13,700"}},{"v":10198.997,"d":"10,199"},{"v":0.7444648742938025,"d":"74.4%"}]
["Member 2151","1984-07-09","M",{"v":143985.84,"d":"143,986"},{"v":0.8,"d":"80%"},{"v":0.85,"d":"85%"},{"v":0.75,"d":"75%"},{"v":0.1,"d":"10%"},null,34,{"v":11998.82,"d":"11,999"},{"v":1199.882,"d":"1,200"},{"v":14998.525,"d":"14,999"},{"v":13798.643,"d":"13,799"},{"$f":"(M148*12-(VLOOKUP(N148*12,'Tax table'!$A$3:$C$10,3)*(N148*12-VLOOKUP(N148*12,'Tax table'!$A$3:$C$10,1))+VLOOKUP(N148*12,'Tax table'!$A$3:$C$10,2)))/12","v":{"v":13699.76926,"d":"13,700"}},{"v":10798.938,"d":"10,799"},{"$f":"(VLOOKUP(P148*12,'Tax table'!$A$3:$C$10,3)*(P148*12-VLOOKUP(P148*12,'Tax table'!$A$3:$C$10,1))+VLOOKUP(P148*12,'Tax table'!$A$3:$C$10,2))/12","v":{"v":758.8088399999998,"d":"759"}},{"v":11240.01116,"d":"11,240"},{"v":9554.009485999999,"d":"9,554"},{"v":0.6973847007697704,"d":"69.7%"},{"v":28662.028457999997,"d":"28,662"},{"$f":"IF($B$15=\"Yes\",MIN(S148*2,References!$B$7),0)","v":{"v":19108.018971999998,"d":"19,108"}},{"$f":"IF(AND(D148<>0,$B$16=\"Yes\"),References!$B$6,0)","v":{"v":100000,"d":"100,000"}},{"v":1686.001674000001,"d":"1,686"},{"v":8999.115,"d":"8,999"},{"v":1199.882,"d":"1,200"},{"v":10198.997,"d":"10,199"},{"v":13798.643,"d":"13,799"},{"$f":"(M148*12-(VLOOKUP(AB148*12,'Tax table'!$A$3:$C$10,3)*(AB148*12-VLOOKUP(AB148*12,'Tax table'!$A$3:$C$10,1))+VLOOKUP(AB148*12,'Tax table'!$A$3:$C$10,2)))/12","v":{"v":13699.76926,"d":"13,700"}},{"v":10198.997,"d":"10,199"},{"v":0.7444648742938025,"d":"74.4%"}]
["Member 2152","1975-06-28","M",{"v":143985.84,"d":"143,986"},{"v":0.8,"d":"80%"},{"v":0.85,"d":"85%"},{"v":0.75,"d":"75%"},{"v":0.1,"d":"10%"},null,43,{"v":11998.82,"d":"11,999"},{"v":1199.882,"d":"1,200"},{"v":14998.525,"d":"14,999"},{"v":13798.643,"d":"13,799"},{"$f":"(M149*12-(VLOOKUP(N149*12,'Tax table'!$A$3:$C$10,3)*(N149*12-VLOOKUP(N149*12,'Tax table'!$A$3:$C$10,1))+VLOOKUP(N149*12,'Tax table'!$A$3:$C$10,2)))/12","v":{"v":13699.76926,"d":"13,700"}},{"v":10798.938,"d":"10,799"},{"$f":"(VLOOKUP(P149*12,'Tax table'!$A$3:$C$10,3)*(P149*12-VLOOKUP(P149*12,'Tax table'!$A$3:$C$10,1))+VLOOKUP(P149*12,'Tax table'!$A$3:$C$10,2))/12","v":{"v":758.8088399999998,"d":"759"}},{"v":11240.01116,"d":"11,240"},{"v":9554.009485999999,"d":"9,554"},{"v":0.6973847007697704,"d":"69.7%"},{"v":28662.028457999997,"d":"28,662"},{"$f":"IF($B$15=\"Yes\",MIN(S149*2,References!$B$7),0)","v":{"v":19108.018971999998,"d":"19,108"}},{"$f":"IF(AND(D149<>0,$B$16=\"Yes\"),References!$B$6,0)","v":{"v":100000,"d":"100,000"}},{"v":1686.001674000001,"d":"1,686"},{"v":8999.115,"d":"8,999"},{"v":1199.882,"d":"1,200"},{"v":10198.997,"d":"10,199"},{"v":13798.643,"d":"13,799"},{"$f":"(M149*12-(VLOOKUP(AB149*12,'Tax table'!$A$3:$C$10,3)*(AB149*12-VLOOKUP(AB149*12,'Tax table'!$A$3:$C$10,1))+VLOOKUP(AB149*12,'Tax table'!$A$3:$C$10,2)))/12","v":{"v":13699.76926,"d":"13,700"}},{"v":10198.997,"d":"10,199"},{"v":0.7444648742938025,"d":"74.4%"}]
["Member 2153","1978-10-16","M",{"v":143985.84,"d":"143,986"},{"v":0.8,"d":"80%"},{"v":0.85,"d":"85%"},{"v":0.75,"d":"75%"},{"v":0.1,"d":"10%"},null,40,{"v":11998.82,"d":"11,999"},{"v":1199.882,"d":"1,200"},{"v":14998.525,"d":"14,999"},{"v":13798.643,"d":"13,799"},{"$f":"(M150*12-(VLOOKUP(N150*12,'Tax table'!$A$3:$C$10,3)*(N150*12-VLOOKUP(N150*12,'Tax table'!$A$3:$C$10,1))+VLOOKUP(N150*12,'Tax table'!$A$3:$C$10,2)))/12","v":{"v":13699.76926,"d":"13,700"}},{"v":10798.938,"d":"10,799"},{"$f":"(VLOOKUP(P150*12,'Tax table'!$A$3:$C$10,3)*(P150*12-VLOOKUP(P150*12,'Tax table'!$A$3:$C$10,1))+VLOOKUP(P150*12,'Tax table'!$A$3:$C$10,2))/12","v":{"v":758.8088399999998,"d":"759"}},{"v":11240.01116,"d":"11,240"},{"v":9554.009485999999,"d":"9,554"},{"v":0.6973847007697704,"d":"69.7%"},{"v":28662.028457999997,"d":"28,662"},{"$f":"IF($B$15=\"Yes\",MIN(S150*2,References!$B$7),0)","v":{"v":19108.018971999998,"d":"19,108"}},{"$f":"IF(AND(D150<>0,$B$16=\"Yes\"),References!$B$6,0)","v":{"v":100000,"d":"100,000"}},{"v":1686.001674000001,"d":"1,686"},{"v":8999.115,"d":"8,999"},{"v":1199.882,"d":"1,200"},{"v":10198.997,"d":"10,199"},{"v":13798.643,"d":"13,799"},{"$f":"(M150*12-(VLOOKUP(AB150*12,'Tax table'!$A$3:$C$10,3)*(AB150*12-VLOOKUP(AB150*12,'Tax table'!$A$3:$C$10,1))+VLOOKUP(AB150*12,'Tax table'!$A$3:$C$10,2)))/12","v":{"v":13699.76926,"d":"13,700"}},{"v":10198.997,"d":"10,199"},{"v":0.7444648742938025,"d":"74.4%"}]
["Member 2154","1978-01-28","M",{"v":143985.84,"d":"143,986"},{"v":0.8,"d":"80%"},{"v":0.85,"d":"85%"},{"v":0.75,"d":"75%"},{"v":0.1,"d":"10%"},null,40,{"v":11998.82,"d":"11,999"},{"v":1199.882,"d":"1,200"},{"v":14998.525,"d":"14,999"},{"v":13798.643,"d":"13,799"},{"$f":"(M151*12-(VLOOKUP(N151*12,'Tax table'!$A$3:$C$10,3)*(N151*12-VLOOKUP(N151*12,'Tax table'!$A$3:$C$10,1))+VLOOKUP(N151*12,'Tax table'!$A$3:$C$10,2)))/12","v":{"v":13699.76926,"d":"13,700"}},{"v":10798.938,"d":"10,799"},{"$f":"(VLOOKUP(P151*12,'Tax table'!$A$3:$C$10,3)*(P151*12-VLOOKUP(P151*12,'Tax table'!$A$3:$C$10,1))+VLOOKUP(P151*12,'Tax table'!$A$3:$C$10,2))/12","v":{"v":758.8088399999998,"d":"759"}},{"v":11240.01116,"d":"11,240"},{"v":9554.009485999999,"d":"9,554"},{"v":0.6973847007697704,"d":"69.7%"},{"v":28662.028457999997,"d":"28,662"},{"$f":"IF($B$15=\"Yes\",MIN(S151*2,References!$B$7),0)","v":{"v":19108.018971999998,"d":"19,108"}},{"$f":"IF(AND(D151<>0,$B$16=\"Yes\"),References!$B$6,0)","v":{"v":100000,"d":"100,000"}},{"v":1686.001674000001,"d":"1,686"},{"v":8999.115,"d":"8,999"},{"v":1199.882,"d":"1,200"},{"v":10198.997,"d":"10,199"},{"v":13798.643,"d":"13,799"},{"$f":"(M151*12-(VLOOKUP(AB151*12,'Tax table'!$A$3:$C$10,3)*(AB151*12-VLOOKUP(AB151*12,'Tax table'!$A$3:$C$10,1))+VLOOKUP(AB151*12,'Tax table'!$A$3:$C$10,2)))/12","v":{"v":13699.76926,"d":"13,700"}},{"v":10198.997,"d":"10,199"},{"v":0.7444648742938025,"d":"74.4%"}]
["Member 2155","1984-06-12","M",{"v":143985.84,"d":"143,986"},{"v":0.8,"d":"80%"},{"v":0.85,"d":"85%"},{"v":0.75,"d":"75%"},{"v":0.1,"d":"10%"},null,{"$f":"DATEDIF(B152,$B$7,\"y\")","v":34},{"$f":"D152/12","v":{"v":11998.82,"d":"11,999"}},{"$f":"IF($B$10=\"No\",MIN(K152*H152,15%*K152),I152/12)","v":{"v":1199.882,"d":"1,200"}},{"$f":"D152/12/E152","v":{"v":14998.525,"d":"14,999"}},{"$f":"M152-L152","v":{"v":13798.643,"d":"13,799"}},{"$f":"(M152*12-(VLOOKUP(N152*12,'Tax table'!$A$3:$C$10,3)*(N152*12-VLOOKUP(N152*12,'Tax table'!$A$3:$C$10,1))+VLOOKUP(N152*12,'Tax table'!$A$3:$C$10,2)))/12","v":{"v":13699.76926,"d":"13,700"}},{"$f":"K152-L152","v":{"v":10798.938,"d":"10,799"}},{"$f":"(VLOOKUP(P152*12,'Tax table'!$A$3:$C$10,3)*(P152*12-VLOOKUP(P152*12,'Tax table'!$A$3:$C$10,1))+VLOOKUP(P152*12,'Tax table'!$A$3:$C$10,2))/12","v":{"v":758.8088399999998,"d":"759"}},{"$f":"K152-Q152","v":{"v":11240.01116,"d":"11,240"}},{"$f":"MIN(R152*F152,SUM($B$8,$B$9))","v":{"v":9554.009485999999,"d":"9,554"}},{"$f":"S152/O152","v":{"v":0.6973847007697704,"d":"69.7%"}},{"$f":"IF($B$14=\"Yes\",S152*3,0)","v":{"v":28662.028457999997,"d":"28,662"}},{"$f":"IF($B$15=\"Yes\",MIN(S152*2,References!$B$7),0)","v":{"v":19108.018971999998,"d":"19,108"}},{"$f":"IF(AND(D152<>0,$B$16=\"Yes\"),References!$B$6,0)","v":{"v":100000,"d":"100,000"}},{"$f":"IF($B$17=\"Yes\",MIN(R152,SUM($B$8:$B$9))-S152,0)","v":{"v":1686.001674000001,"d":"1,686"}},{"$f":"MIN(K152*G152,$B$8)","v":{"v":8999.115,"d":"8,999"}},{"$f":"MIN(K152*H152,$B$9)","v":{"v":1199.882,"d":"1,200"}},{"$f":"Z152+Y152","v":{"v":10198.997,"d":"10,199"}},{"$f":"M152-Z152","v":{"v":13798.643,"d":"13,799"}},{"$f":"(M152*12-(VLOOKUP(AB152*12,'Tax table'!$A$3:$C$10,3)*(AB152*12-VLOOKUP(AB152*12,'Tax table'!$A$3:$C$10,1))+VLOOKUP(AB152*12,'Tax table'!$A$3:$C$10,2)))/12","v":{"v":13699.76926,"d":"13,700"}},{"$f":"MIN(AA152,AC152)","v":{"v":10198.997,"d":"10,199"}},{"$f":"AD152/O152","v":{"v":0.7444648742938025,"d":"74.4%"}}]
["Member 2156","1988-10-23","M",{"v":143985.84,"d":"143,986"},{"v":0.8,"d":"80%"},{"v":0.85,"d":"85%"},{"v":0.75,"d":"75%"},{"v":0.1,"d":"10%"},null,30,{"v":11998.82,"d":"11,999"},{"v":1199.882,"d":"1,200"},{"v":14998.525,"d":"14,999"},{"v":13798.643,"d":"13,799"},{"$f":"(M153*12-(VLOOKUP(N153*12,'Tax table'!$A$3:$C$10,3)*(N153*12-VLOOKUP(N153*12,'Tax table'!$A$3:$C$10,1))+VLOOKUP(N153*12,'Tax table'!$A$3:$C$10,2)))/12","v":{"v":13699.76926,"d":"13,700"}},{"v":10798.938,"d":"10,799"},{"$f":"(VLOOKUP(P153*12,'Tax table'!$A$3:$C$10,3)*(P153*12-VLOOKUP(P153*12,'Tax table'!$A$3:$C$10,1))+VLOOKUP(P153*12,'Tax table'!$A$3:$C$10,2))/12","v":{"v":758.8088399999998,"d":"759"}},{"v":11240.01116,"d":"11,240"},{"v":9554.009485999999,"d":"9,554"},{"v":0.6973847007697704,"d":"69.7%"},{"v":28662.028457999997,"d":"28,662"},{"$f":"IF($B$15=\"Yes\",MIN(S153*2,References!$B$7),0)","v":{"v":19108.018971999998,"d":"19,108"}},{"$f":"IF(AND(D153<>0,$B$16=\"Yes\"),References!$B$6,0)","v":{"v":100000,"d":"100,000"}},{"v":1686.001674000001,"d":"1,686"},{"v":8999.115,"d":"8,999"},{"v":1199.882,"d":"1,200"},{"v":10198.997,"d":"10,199"},{"v":13798.643,"d":"13,799"},{"$f":"(M153*12-(VLOOKUP(AB153*12,'Tax table'!$A$3:$C$10,3)*(AB153*12-VLOOKUP(AB153*12,'Tax table'!$A$3:$C$10,1))+VLOOKUP(AB153*12,'Tax table'!$A$3:$C$10,2)))/12","v":{"v":13699.76926,"d":"13,700"}},{"v":10198.997,"d":"10,199"},{"v":0.7444648742938025,"d":"74.4%"}]
["Member 2157","1987-07-22","M",{"v":143985.84,"d":"143,986"},{"v":0.8,"d":"80%"},{"v":0.85,"d":"85%"},{"v":0.75,"d":"75%"},{"v":0.1,"d":"10%"},null,31,{"v":11998.82,"d":"11,999"},{"v":1199.882,"d":"1,200"},{"v":14998.525,"d":"14,999"},{"v":13798.643,"d":"13,799"},{"$f":"(M154*12-(VLOOKUP(N154*12,'Tax table'!$A$3:$C$10,3)*(N154*12-VLOOKUP(N154*12,'Tax table'!$A$3:$C$10,1))+VLOOKUP(N154*12,'Tax table'!$A$3:$C$10,2)))/12","v":{"v":13699.76926,"d":"13,700"}},{"v":10798.938,"d":"10,799"},{"$f":"(VLOOKUP(P154*12,'Tax table'!$A$3:$C$10,3)*(P154*12-VLOOKUP(P154*12,'Tax table'!$A$3:$C$10,1))+VLOOKUP(P154*12,'Tax table'!$A$3:$C$10,2))/12","v":{"v":758.8088399999998,"d":"759"}},{"v":11240.01116,"d":"11,240"},{"v":9554.009485999999,"d":"9,554"},{"v":0.6973847007697704,"d":"69.7%"},{"v":28662.028457999997,"d":"28,662"},{"$f":"IF($B$15=\"Yes\",MIN(S154*2,References!$B$7),0)","v":{"v":19108.018971999998,"d":"19,108"}},{"$f":"IF(AND(D154<>0,$B$16=\"Yes\"),References!$B$6,0)","v":{"v":100000,"d":"100,000"}},{"v":1686.001674000001,"d":"1,686"},{"v":8999.115,"d":"8,999"},{"v":1199.882,"d":"1,200"},{"v":10198.997,"d":"10,199"},{"v":13798.643,"d":"13,799"},{"$f":"(M154*12-(VLOOKUP(AB154*12,'Tax table'!$A$3:$C$10,3)*(AB154*12-VLOOKUP(AB154*12,'Tax table'!$A$3:$C$10,1))+VLOOKUP(AB154*12,'Tax table'!$A$3:$C$10,2)))/12","v":{"v":13699.76926,"d":"13,700"}},{"v":10198.997,"d":"10,199"},{"v":0.7444648742938025,"d":"74.4%"}]
["Member 2158","1968-07-27","M",{"v":143985.84,"d":"143,986"},{"v":0.8,"d":"80%"},{"v":0.85,"d":"85%"},{"v":0.75,"d":"75%"},{"v":0.1,"d":"10%"},null,50,{"v":11998.82,"d":"11,999"},{"v":1199.882,"d":"1,200"},{"v":14998.525,"d":"14,999"},{"v":13798.643,"d":"13,799"},{"$f":"(M155*12-(VLOOKUP(N155*12,'Tax table'!$A$3:$C$10,3)*(N155*12-VLOOKUP(N155*12,'Tax table'!$A$3:$C$10,1))+VLOOKUP(N155*12,'Tax table'!$A$3:$C$10,2)))/12","v":{"v":13699.76926,"d":"13,700"}},{"v":10798.938,"d":"10,799"},{"$f":"(VLOOKUP(P155*12,'Tax table'!$A$3:$C$10,3)*(P155*12-VLOOKUP(P155*12,'Tax table'!$A$3:$C$10,1))+VLOOKUP(P155*12,'Tax table'!$A$3:$C$10,2))/12","v":{"v":758.8088399999998,"d":"759"}},{"v":11240.01116,"d":"11,240"},{"v":9554.009485999999,"d":"9,554"},{"v":0.6973847007697704,"d":"69.7%"},{"v":28662.028457999997,"d":"28,662"},{"$f":"IF($B$15=\"Yes\",MIN(S155*2,References!$B$7),0)","v":{"v":19108.018971999998,"d":"19,108"}},{"$f":"IF(AND(D155<>0,$B$16=\"Yes\"),References!$B$6,0)","v":{"v":100000,"d":"100,000"}},{"v":1686.001674000001,"d":"1,686"},{"v":8999.115,"d":"8,999"},{"v":1199.882,"d":"1,200"},{"v":10198.997,"d":"10,199"},{"v":13798.643,"d":"13,799"},{"$f":"(M155*12-(VLOOKUP(AB155*12,'Tax table'!$A$3:$C$10,3)*(AB155*12-VLOOKUP(AB155*12,'Tax table'!$A$3:$C$10,1))+VLOOKUP(AB155*12,'Tax table'!$A$3:$C$10,2)))/12","v":{"v":13699.76926,"d":"13,700"}},{"v":10198.997,"d":"10,199"},{"v":0.7444648742938025,"d":"74.4%"}]
["Member 2140","1977-04-22","M",{"v":143989.8,"d":"143,990"},{"v":0.8,"d":"80%"},{"v":0.85,"d":"85%"},{"v":0.75,"d":"75%"},{"v":0.1,"d":"10%"},null,41,{"v":11999.15,"d":"11,999"},{"v":1199.915,"d":"1,200"},{"v":14998.937499999998,"d":"14,999"},{"v":13799.0225,"d":"13,799"},{"$f":"(M156*12-(VLOOKUP(N156*12,'Tax table'!$A$3:$C$10,3)*(N156*12-VLOOKUP(N156*12,'Tax table'!$A$3:$C$10,1))+VLOOKUP(N156*12,'Tax table'!$A$3:$C$10,2)))/12","v":{"v":13700.113449999997,"d":"13,700"}},{"v":10799.235,"d":"10,799"},{"$f":"(VLOOKUP(P156*12,'Tax table'!$A$3:$C$10,3)*(P156*12-VLOOKUP(P156*12,'Tax table'!$A$3:$C$10,1))+VLOOKUP(P156*12,'Tax table'!$A$3:$C$10,2))/12","v":{"v":758.8623000000001,"d":"759"}},{"v":11240.287699999999,"d":"11,240"},{"v":9554.244545,"d":"9,554"},{"v":0.6973843377187509,"d":"69.7%"},{"v":28662.733634999997,"d":"28,663"},{"$f":"IF($B$15=\"Yes\",MIN(S156*2,References!$B$7),0)","v":{"v":19108.48909,"d":"19,108"}},{"$f":"IF(AND(D156<>0,$B$16=\"Yes\"),References!$B$6,0)","v":{"v":100000,"d":"100,000"}},{"v":1686.0431549999994,"d":"1,686"},{"v":8999.3625,"d":"8,999"},{"v":1199.915,"d":"1,200"},{"v":10199.2775,"d":"10,199"},{"v":13799.0225,"d":"13,799"},{"$f":"(M156*12-(VLOOKUP(AB156*12,'Tax table'!$A$3:$C$10,3)*(AB156*12-VLOOKUP(AB156*12,'Tax table'!$A$3:$C$10,1))+VLOOKUP(AB156*12,'Tax table'!$A$3:$C$10,2)))/12","v":{"v":13700.113449999997,"d":"13,700"}},{"v":10199.2775,"d":"10,199"},{"v":0.7444666452743866,"d":"74.4%"}]
["Member 2141","1985-12-01","M",{"v":143989.8,"d":"143,990"},{"v":0.8,"d":"80%"},{"v":0.85,"d":"85%"},{"v":0.75,"d":"75%"},{"v":0.1,"d":"10%"},null,32,{"v":11999.15,"d":"11,999"},{"v":1199.915,"d":"1,200"},{"v":14998.937499999998,"d":"14,999"},{"v":13799.0225,"d":"13,799"},{"$f":"(M157*12-(VLOOKUP(N157*12,'Tax table'!$A$3:$C$10,3)*(N157*12-VLOOKUP(N157*12,'Tax table'!$A$3:$C$10,1))+VLOOKUP(N157*12,'Tax table'!$A$3:$C$10,2)))/12","v":{"v":13700.113449999997,"d":"13,700"}},{"v":10799.235,"d":"10,799"},{"$f":"(VLOOKUP(P157*12,'Tax table'!$A$3:$C$10,3)*(P157*12-VLOOKUP(P157*12,'Tax table'!$A$3:$C$10,1))+VLOOKUP(P157*12,'Tax table'!$A$3:$C$10,2))/12","v":{"v":758.8623000000001,"d":"759"}},{"v":11240.287699999999,"d":"11,240"},{"v":9554.244545,"d":"9,554"},{"v":0.6973843377187509,"d":"69.7%"},{"v":28662.733634999997,"d":"28,663"},{"$f":"IF($B$15=\"Yes\",MIN(S157*2,References!$B$7),0)","v":{"v":19108.48909,"d":"19,108"}},{"$f":"IF(AND(D157<>0,$B$16=\"Yes\"),References!$B$6,0)","v":{"v":100000,"d":"100,000"}},{"v":1686.0431549999994,"d":"1,686"},{"v":8999.3625,"d":"8,999"},{"v":1199.915,"d":"1,200"},{"v":10199.2775,"d":"10,199"},{"v":13799.0225,"d":"13,799"},{"$f":"(M157*12-(VLOOKUP(AB157*12,'Tax table'!$A$3:$C$10,3)*(AB157*12-VLOOKUP(AB157*12,'Tax table'!$A$3:$C$10,1))+VLOOKUP(AB157*12,'Tax table'!$A$3:$C$10,2)))/12","v":{"v":13700.113449999997,"d":"13,700"}},{"v":10199.2775,"d":"10,199"},{"v":0.7444666452743866,"d":"74.4%"}]
["Member 2142","1978-07-02","M",{"v":143989.8,"d":"143,990"},{"v":0.8,"d":"80%"},{"v":0.85,"d":"85%"},{"v":0.75,"d":"75%"},{"v":0.1,"d":"10%"},null,40,{"v":11999.15,"d":"11,999"},{"v":1199.915,"d":"1,200"},{"v":14998.937499999998,"d":"14,999"},{"v":13799.0225,"d":"13,799"},{"$f":"(M158*12-(VLOOKUP(N158*12,'Tax table'!$A$3:$C$10,3)*(N158*12-VLOOKUP(N158*12,'Tax table'!$A$3:$C$10,1))+VLOOKUP(N158*12,'Tax table'!$A$3:$C$10,2)))/12","v":{"v":13700.113449999997,"d":"13,700"}},{"v":10799.235,"d":"10,799"},{"$f":"(VLOOKUP(P158*12,'Tax table'!$A$3:$C$10,3)*(P158*12-VLOOKUP(P158*12,'Tax table'!$A$3:$C$10,1))+VLOOKUP(P158*12,'Tax table'!$A$3:$C$10,2))/12","v":{"v":758.8623000000001,"d":"759"}},{"v":11240.287699999999,"d":"11,240"},{"v":9554.244545,"d":"9,554"},{"v":0.6973843377187509,"d":"69.7%"},{"v":28662.733634999997,"d":"28,663"},{"$f":"IF($B$15=\"Yes\",MIN(S158*2,References!$B$7),0)","v":{"v":19108.48909,"d":"19,108"}},{"$f":"IF(AND(D158<>0,$B$16=\"Yes\"),References!$B$6,0)","v":{"v":100000,"d":"100,000"}},{"v":1686.0431549999994,"d":"1,686"},{"v":8999.3625,"d":"8,999"},{"v":1199.915,"d":"1,200"},{"v":10199.2775,"d":"10,199"},{"v":13799.0225,"d":"13,799"},{"$f":"(M158*12-(VLOOKUP(AB158*12,'Tax table'!$A$3:$C$10,3)*(AB158*12-VLOOKUP(AB158*12,'Tax table'!$A$3:$C$10,1))+VLOOKUP(AB158*12,'Tax table'!$A$3:$C$10,2)))/12","v":{"v":13700.113449999997,"d":"13,700"}},{"v":10199.2775,"d":"10,199"},{"v":0.7444666452743866,"d":"74.4%"}]
["Member 2143","1972-06-07","M",{"v":143989.8,"d":"143,990"},{"v":0.8,"d":"80%"},{"v":0.85,"d":"85%"},{"v":0.75,"d":"75%"},{"v":0.1,"d":"10%"},null,46,{"v":11999.15,"d":"11,999"},{"v":1199.915,"d":"1,200"},{"v":14998.937499999998,"d":"14,999"},{"v":13799.0225,"d":"13,799"},{"$f":"(M159*12-(VLOOKUP(N159*12,'Tax table'!$A$3:$C$10,3)*(N159*12-VLOOKUP(N159*12,'Tax table'!$A$3:$C$10,1))+VLOOKUP(N159*12,'Tax table'!$A$3:$C$10,2)))/12","v":{"v":13700.113449999997,"d":"13,700"}},{"v":10799.235,"d":"10,799"},{"$f":"(VLOOKUP(P159*12,'Tax table'!$A$3:$C$10,3)*(P159*12-VLOOKUP(P159*12,'Tax table'!$A$3:$C$10,1))+VLOOKUP(P159*12,'Tax table'!$A$3:$C$10,2))/12","v":{"v":758.8623000000001,"d":"759"}},{"v":11240.287699999999,"d":"11,240"},{"v":9554.244545,"d":"9,554"},{"v":0.6973843377187509,"d":"69.7%"},{"v":28662.733634999997,"d":"28,663"},{"$f":"IF($B$15=\"Yes\",MIN(S159*2,References!$B$7),0)","v":{"v":19108.48909,"d":"19,108"}},{"$f":"IF(AND(D159<>0,$B$16=\"Yes\"),References!$B$6,0)","v":{"v":100000,"d":"100,000"}},{"v":1686.0431549999994,"d":"1,686"},{"v":8999.3625,"d":"8,999"},{"v":1199.915,"d":"1,200"},{"v":10199.2775,"d":"10,199"},{"v":13799.0225,"d":"13,799"},{"$f":"(M159*12-(VLOOKUP(AB159*12,'Tax table'!$A$3:$C$10,3)*(AB159*12-VLOOKUP(AB159*12,'Tax table'!$A$3:$C$10,1))+VLOOKUP(AB159*12,'Tax table'!$A$3:$C$10,2)))/12","v":{"v":13700.113449999997,"d":"13,700"}},{"v":10199.2775,"d":"10,199"},{"v":0.7444666452743866,"d":"74.4%"}]
["Member 2144","1980-01-20","M",{"v":143989.8,"d":"143,990"},{"v":0.8,"d":"80%"},{"v":0.85,"d":"85%"},{"v":0.75,"d":"75%"},{"v":0.1,"d":"10%"},null,38,{"v":11999.15,"d":"11,999"},{"v":1199.915,"d":"1,200"},{"v":14998.937499999998,"d":"14,999"},{"v":13799.0225,"d":"13,799"},{"$f":"(M160*12-(VLOOKUP(N160*12,'Tax table'!$A$3:$C$10,3)*(N160*12-VLOOKUP(N160*12,'Tax table'!$A$3:$C$10,1))+VLOOKUP(N160*12,'Tax table'!$A$3:$C$10,2)))/12","v":{"v":13700.113449999997,"d":"13,700"}},{"v":10799.235,"d":"10,799"},{"$f":"(VLOOKUP(P160*12,'Tax table'!$A$3:$C$10,3)*(P160*12-VLOOKUP(P160*12,'Tax table'!$A$3:$C$10,1))+VLOOKUP(P160*12,'Tax table'!$A$3:$C$10,2))/12","v":{"v":758.8623000000001,"d":"759"}},{"v":11240.287699999999,"d":"11,240"},{"v":9554.244545,"d":"9,554"},{"v":0.6973843377187509,"d":"69.7%"},{"v":28662.733634999997,"d":"28,663"},{"$f":"IF($B$15=\"Yes\",MIN(S160*2,References!$B$7),0)","v":{"v":19108.48909,"d":"19,108"}},{"$f":"IF(AND(D160<>0,$B$16=\"Yes\"),References!$B$6,0)","v":{"v":100000,"d":"100,000"}},{"v":1686.0431549999994,"d":"1,686"},{"v":8999.3625,"d":"8,999"},{"v":1199.915,"d":"1,200"},{"v":10199.2775,"d":"10,199"},{"v":13799.0225,"d":"13,799"},{"$f":"(M160*12-(VLOOKUP(AB160*12,'Tax table'!$A$3:$C$10,3)*(AB160*12-VLOOKUP(AB160*12,'Tax table'!$A$3:$C$10,1))+VLOOKUP(AB160*12,'Tax table'!$A$3:$C$10,2)))/12","v":{"v":13700.113449999997,"d":"13,700"}},{"v":10199.2775,"d":"10,199"},{"v":0.7444666452743866,"d":"74.4%"}]
["Member 2145","1975-11-02","M",{"v":143989.8,"d":"143,990"},{"v":0.8,"d":"80%"},{"v":0.85,"d":"85%"},{"v":0.75,"d":"75%"},{"v":0.1,"d":"10%"},null,43,{"v":11999.15,"d":"11,999"},{"v":1199.915,"d":"1,200"},{"v":14998.937499999998,"d":"14,999"},{"v":13799.0225,"d":"13,799"},{"$f":"(M161*12-(VLOOKUP(N161*12,'Tax table'!$A$3:$C$10,3)*(N161*12-VLOOKUP(N161*12,'Tax table'!$A$3:$C$10,1))+VLOOKUP(N161*12,'Tax table'!$A$3:$C$10,2)))/12","v":{"v":13700.113449999997,"d":"13,700"}},{"v":10799.235,"d":"10,799"},{"$f":"(VLOOKUP(P161*12,'Tax table'!$A$3:$C$10,3)*(P161*12-VLOOKUP(P161*12,'Tax table'!$A$3:$C$10,1))+VLOOKUP(P161*12,'Tax table'!$A$3:$C$10,2))/12","v":{"v":758.8623000000001,"d":"759"}},{"v":11240.287699999999,"d":"11,240"},{"v":9554.244545,"d":"9,554"},{"v":0.6973843377187509,"d":"69.7%"},{"v":28662.733634999997,"d":"28,663"},{"$f":"IF($B$15=\"Yes\",MIN(S161*2,References!$B$7),0)","v":{"v":19108.48909,"d":"19,108"}},{"$f":"IF(AND(D161<>0,$B$16=\"Yes\"),References!$B$6,0)","v":{"v":100000,"d":"100,000"}},{"v":1686.0431549999994,"d":"1,686"},{"v":8999.3625,"d":"8,999"},{"v":1199.915,"d":"1,200"},{"v":10199.2775,"d":"10,199"},{"v":13799.0225,"d":"13,799"},{"$f":"(M161*12-(VLOOKUP(AB161*12,'Tax table'!$A$3:$C$10,3)*(AB161*12-VLOOKUP(AB161*12,'Tax table'!$A$3:$C$10,1))+VLOOKUP(AB161*12,'Tax table'!$A$3:$C$10,2)))/12","v":{"v":13700.113449999997,"d":"13,700"}},{"v":10199.2775,"d":"10,199"},{"v":0.7444666452743866,"d":"74.4%"}]
["Member 2146","1985-05-26","M",{"v":143989.8,"d":"143,990"},{"v":0.8,"d":"80%"},{"v":0.85,"d":"85%"},{"v":0.75,"d":"75%"},{"v":0.1,"d":"10%"},null,33,{"v":11999.15,"d":"11,999"},{"v":1199.915,"d":"1,200"},{"v":14998.937499999998,"d":"14,999"},{"v":13799.0225,"d":"13,799"},{"$f":"(M162*12-(VLOOKUP(N162*12,'Tax table'!$A$3:$C$10,3)*(N162*12-VLOOKUP(N162*12,'Tax table'!$A$3:$C$10,1))+VLOOKUP(N162*12,'Tax table'!$A$3:$C$10,2)))/12","v":{"v":13700.113449999997,"d":"13,700"}},{"v":10799.235,"d":"10,799"},{"$f":"(VLOOKUP(P162*12,'Tax table'!$A$3:$C$10,3)*(P162*12-VLOOKUP(P162*12,'Tax table'!$A$3:$C$10,1))+VLOOKUP(P162*12,'Tax table'!$A$3:$C$10,2))/12","v":{"v":758.8623000000001,"d":"759"}},{"v":11240.287699999999,"d":"11,240"},{"v":9554.244545,"d":"9,554"},{"v":0.6973843377187509,"d":"69.7%"},{"v":28662.733634999997,"d":"28,663"},{"$f":"IF($B$15=\"Yes\",MIN(S162*2,References!$B$7),0)","v":{"v":19108.48909,"d":"19,108"}},{"$f":"IF(AND(D162<>0,$B$16=\"Yes\"),References!$B$6,0)","v":{"v":100000,"d":"100,000"}},{"v":1686.0431549999994,"d":"1,686"},{"v":8999.3625,"d":"8,999"},{"v":1199.915,"d":"1,200"},{"v":10199.2775,"d":"10,199"},{"v":13799.0225,"d":"13,799"},{"$f":"(M162*12-(VLOOKUP(AB162*12,'Tax table'!$A$3:$C$10,3)*(AB162*12-VLOOKUP(AB162*12,'Tax table'!$A$3:$C$10,1))+VLOOKUP(AB162*12,'Tax table'!$A$3:$C$10,2)))/12","v":{"v":13700.113449999997,"d":"13,700"}},{"v":10199.2775,"d":"10,199"},{"v":0.7444666452743866,"d":"74.4%"}]
["Member 2147","1988-10-01","M",{"v":143989.8,"d":"143,990"},{"v":0.8,"d":"80%"},{"v":0.85,"d":"85%"},{"v":0.75,"d":"75%"},{"v":0.1,"d":"10%"},null,30,{"v":11999.15,"d":"11,999"},{"v":1199.915,"d":"1,200"},{"v":14998.937499999998,"d":"14,999"},{"v":13799.0225,"d":"13,799"},{"$f":"(M163*12-(VLOOKUP(N163*12,'Tax table'!$A$3:$C$10,3)*(N163*12-VLOOKUP(N163*12,'Tax table'!$A$3:$C$10,1))+VLOOKUP(N163*12,'Tax table'!$A$3:$C$10,2)))/12","v":{"v":13700.113449999997,"d":"13,700"}},{"v":10799.235,"d":"10,799"},{"$f":"(VLOOKUP(P163*12,'Tax table'!$A$3:$C$10,3)*(P163*12-VLOOKUP(P163*12,'Tax table'!$A$3:$C$10,1))+VLOOKUP(P163*12,'Tax table'!$A$3:$C$10,2))/12","v":{"v":758.8623000000001,"d":"759"}},{"v":11240.287699999999,"d":"11,240"},{"v":9554.244545,"d":"9,554"},{"v":0.6973843377187509,"d":"69.7%"},{"v":28662.733634999997,"d":"28,663"},{"$f":"IF($B$15=\"Yes\",MIN(S163*2,References!$B$7),0)","v":{"v":19108.48909,"d":"19,108"}},{"$f":"IF(AND(D163<>0,$B$16=\"Yes\"),References!$B$6,0)","v":{"v":100000,"d":"100,000"}},{"v":1686.0431549999994,"d":"1,686"},{"v":8999.3625,"d":"8,999"},{"v":1199.915,"d":"1,200"},{"v":10199.2775,"d":"10,199"},{"v":13799.0225,"d":"13,799"},{"$f":"(M163*12-(VLOOKUP(AB163*12,'Tax table'!$A$3:$C$10,3)*(AB163*12-VLOOKUP(AB163*12,'Tax table'!$A$3:$C$10,1))+VLOOKUP(AB163*12,'Tax table'!$A$3:$C$10,2)))/12","v":{"v":13700.113449999997,"d":"13,700"}},{"v":10199.2775,"d":"10,199"},{"v":0.7444666452743866,"d":"74.4%"}]
["Member 2148","1980-12-17","M",{"v":143989.8,"d":"143,990"},{"v":0.8,"d":"80%"},{"v":0.85,"d":"85%"},{"v":0.75,"d":"75%"},{"v":0.1,"d":"10%"},null,37,{"v":11999.15,"d":"11,999"},{"v":1199.915,"d":"1,200"},{"v":14998.937499999998,"d":"14,999"},{"v":13799.0225,"d":"13,799"},{"$f":"(M164*12-(VLOOKUP(N164*12,'Tax table'!$A$3:$C$10,3)*(N164*12-VLOOKUP(N164*12,'Tax table'!$A$3:$C$10,1))+VLOOKUP(N164*12,'Tax table'!$A$3:$C$10,2)))/12","v":{"v":13700.113449999997,"d":"13,700"}},{"v":10799.235,"d":"10,799"},{"$f":"(VLOOKUP(P164*12,'Tax table'!$A$3:$C$10,3)*(P164*12-VLOOKUP(P164*12,'Tax table'!$A$3:$C$10,1))+VLOOKUP(P164*12,'Tax table'!$A$3:$C$10,2))/12","v":{"v":758.8623000000001,"d":"759"}},{"v":11240.287699999999,"d":"11,240"},{"v":9554.244545,"d":"9,554"},{"v":0.6973843377187509,"d":"69.7%"},{"v":28662.733634999997,"d":"28,663"},{"$f":"IF($B$15=\"Yes\",MIN(S164*2,References!$B$7),0)","v":{"v":19108.48909,"d":"19,108"}},{"$f":"IF(AND(D164<>0,$B$16=\"Yes\"),References!$B$6,0)","v":{"v":100000,"d":"100,000"}},{"v":1686.0431549999994,"d":"1,686"},{"v":8999.3625,"d":"8,999"},{"v":1199.915,"d":"1,200"},{"v":10199.2775,"d":"10,199"},{"v":13799.0225,"d":"13,799"},{"$f":"(M164*12-(VLOOKUP(AB164*12,'Tax table'!$A$3:$C$10,3)*(AB164*12-VLOOKUP(AB164*12,'Tax table'!$A$3:$C$10,1))+VLOOKUP(AB164*12,'Tax table'!$A$3:$C$10,2)))/12","v":{"v":13700.113449999997,"d":"13,700"}},{"v":10199.2775,"d":"10,199"},{"v":0.7444666452743866,"d":"74.4%"}]
["Member 2134","1973-01-14","M",{"v":143991.12,"d":"143,991"},{"v":0.8,"d":"80%"},{"v":0.85,"d":"85%"},{"v":0.75,"d":"75%"},{"v":0.1,"d":"10%"},null,45,{"v":11999.26,"d":"11,999"},{"v":1199.9260000000002,"d":"1,200"},{"v":14999.074999999999,"d":"14,999"},{"v":13799.149,"d":"13,799"},{"$f":"(M165*12-(VLOOKUP(N165*12,'Tax table'!$A$3:$C$10,3)*(N165*12-VLOOKUP(N165*12,'Tax table'!$A$3:$C$10,1))+VLOOKUP(N165*12,'Tax table'!$A$3:$C$10,2)))/12","v":{"v":13700.22818,"d":"13,700"}},{"v":10799.334,"d":"10,799"},{"$f":"(VLOOKUP(P165*12,'Tax table'!$A$3:$C$10,3)*(P165*12-VLOOKUP(P165*12,'Tax table'!$A$3:$C$10,1))+VLOOKUP(P165*12,'Tax table'!$A$3:$C$10,2))/12","v":{"v":758.8801199999999,"d":"759"}},{"v":11240.37988,"d":"11,240"},{"v":9554.322898,"d":"9,554"},{"v":0.697384216705798,"d":"69.7%"},{"v":28662.968694000003,"d":"28,663"},{"$f":"IF($B$15=\"Yes\",MIN(S165*2,References!$B$7),0)","v":{"v":19108.645796,"d":"19,109"}},{"$f":"IF(AND(D165<>0,$B$16=\"Yes\"),References!$B$6,0)","v":{"v":100000,"d":"100,000"}},{"v":1686.056982,"d":"1,686"},{"v":8999.445,"d":"8,999"},{"v":1199.9260000000002,"d":"1,200"},{"v":10199.371,"d":"10,199"},{"v":13799.149,"d":"13,799"},{"$f":"(M165*12-(VLOOKUP(AB165*12,'Tax table'!$A$3:$C$10,3)*(AB165*12-VLOOKUP(AB165*12,'Tax table'!$A$3:$C$10,1))+VLOOKUP(AB165*12,'Tax table'!$A$3:$C$10,2)))/12","v":{"v":13700.22818,"d":"13,700"}},{"v":10199.371,"d":"10,199"},{"v":0.7444672355814733,"d":"74.4%"}]
["Member 2135","1971-05-25","M",{"v":143991.12,"d":"143,991"},{"v":0.8,"d":"80%"},{"v":0.85,"d":"85%"},{"v":0.75,"d":"75%"},{"v":0.1,"d":"10%"},null,47,{"v":11999.26,"d":"11,999"},{"v":1199.9260000000002,"d":"1,200"},{"v":14999.074999999999,"d":"14,999"},{"v":13799.149,"d":"13,799"},{"$f":"(M166*12-(VLOOKUP(N166*12,'Tax table'!$A$3:$C$10,3)*(N166*12-VLOOKUP(N166*12,'Tax table'!$A$3:$C$10,1))+VLOOKUP(N166*12,'Tax table'!$A$3:$C$10,2)))/12","v":{"v":13700.22818,"d":"13,700"}},{"v":10799.334,"d":"10,799"},{"$f":"(VLOOKUP(P166*12,'Tax table'!$A$3:$C$10,3)*(P166*12-VLOOKUP(P166*12,'Tax table'!$A$3:$C$10,1))+VLOOKUP(P166*12,'Tax table'!$A$3:$C$10,2))/12","v":{"v":758.8801199999999,"d":"759"}},{"v":11240.37988,"d":"11,240"},{"v":9554.322898,"d":"9,554"},{"v":0.697384216705798,"d":"69.7%"},{"v":28662.968694000003,"d":"28,663"},{"$f":"IF($B$15=\"Yes\",MIN(S166*2,References!$B$7),0)","v":{"v":19108.645796,"d":"19,109"}},{"$f":"IF(AND(D166<>0,$B$16=\"Yes\"),References!$B$6,0)","v":{"v":100000,"d":"100,000"}},{"v":1686.056982,"d":"1,686"},{"v":8999.445,"d":"8,999"},{"v":1199.9260000000002,"d":"1,200"},{"v":10199.371,"d":"10,199"},{"v":13799.149,"d":"13,799"},{"$f":"(M166*12-(VLOOKUP(AB166*12,'Tax table'!$A$3:$C$10,3)*(AB166*12-VLOOKUP(AB166*12,'Tax table'!$A$3:$C$10,1))+VLOOKUP(AB166*12,'Tax table'!$A$3:$C$10,2)))/12","v":{"v":13700.22818,"d":"13,700"}},{"v":10199.371,"d":"10,199"},{"v":0.7444672355814733,"d":"74.4%"}]
["Member 2136","1989-09-11","M",{"v":143991.12,"d":"143,991"},{"v":0.8,"d":"80%"},{"v":0.85,"d":"85%"},{"v":0.75,"d":"75%"},{"v":0.1,"d":"10%"},null,29,{"v":11999.26,"d":"11,999"},{"v":1199.9260000000002,"d":"1,200"},{"v":14999.074999999999,"d":"14,999"},{"v":13799.149,"d":"13,799"},{"$f":"(M167*12-(VLOOKUP(N167*12,'Tax table'!$A$3:$C$10,3)*(N167*12-VLOOKUP(N167*12,'Tax table'!$A$3:$C$10,1))+VLOOKUP(N167*12,'Tax table'!$A$3:$C$10,2)))/12","v":{"v":13700.22818,"d":"13,700"}},{"v":10799.334,"d":"10,799"},{"$f":"(VLOOKUP(P167*12,'Tax table'!$A$3:$C$10,3)*(P167*12-VLOOKUP(P167*12,'Tax table'!$A$3:$C$10,1))+VLOOKUP(P167*12,'Tax table'!$A$3:$C$10,2))/12","v":{"v":758.8801199999999,"d":"759"}},{"v":11240.37988,"d":"11,240"},{"v":9554.322898,"d":"9,554"},{"v":0.697384216705798,"d":"69.7%"},{"v":28662.968694000003,"d":"28,663"},{"$f":"IF($B$15=\"Yes\",MIN(S167*2,References!$B$7),0)","v":{"v":19108.645796,"d":"19,109"}},{"$f":"IF(AND(D167<>0,$B$16=\"Yes\"),References!$B$6,0)","v":{"v":100000,"d":"100,000"}},{"v":1686.056982,"d":"1,686"},{"v":8999.445,"d":"8,999"},{"v":1199.9260000000002,"d":"1,200"},{"v":10199.371,"d":"10,199"},{"v":13799.149,"d":"13,799"},{"$f":"(M167*12-(VLOOKUP(AB167*12,'Tax table'!$A$3:$C$10,3)*(AB167*12-VLOOKUP(AB167*12,'Tax table'!$A$3:$C$10,1))+VLOOKUP(AB167*12,'Tax table'!$A$3:$C$10,2)))/12","v":{"v":13700.22818,"d":"13,700"}},{"v":10199.371,"d":"10,199"},{"v":0.7444672355814733,"d":"74.4%"}]
["Member 2137","1983-10-10","F",{"v":143991.12,"d":"143,991"},{"v":0.8,"d":"80%"},{"v":0.85,"d":"85%"},{"v":0.75,"d":"75%"},{"v":0.1,"d":"10%"},null,35,{"v":11999.26,"d":"11,999"},{"v":1199.9260000000002,"d":"1,200"},{"v":14999.074999999999,"d":"14,999"},{"v":13799.149,"d":"13,799"},{"$f":"(M168*12-(VLOOKUP(N168*12,'Tax table'!$A$3:$C$10,3)*(N168*12-VLOOKUP(N168*12,'Tax table'!$A$3:$C$10,1))+VLOOKUP(N168*12,'Tax table'!$A$3:$C$10,2)))/12","v":{"v":13700.22818,"d":"13,700"}},{"v":10799.334,"d":"10,799"},{"$f":"(VLOOKUP(P168*12,'Tax table'!$A$3:$C$10,3)*(P168*12-VLOOKUP(P168*12,'Tax table'!$A$3:$C$10,1))+VLOOKUP(P168*12,'Tax table'!$A$3:$C$10,2))/12","v":{"v":758.8801199999999,"d":"759"}},{"v":11240.37988,"d":"11,240"},{"v":9554.322898,"d":"9,554"},{"v":0.697384216705798,"d":"69.7%"},{"v":28662.968694000003,"d":"28,663"},{"$f":"IF($B$15=\"Yes\",MIN(S168*2,References!$B$7),0)","v":{"v":19108.645796,"d":"19,109"}},{"$f":"IF(AND(D168<>0,$B$16=\"Yes\"),References!$B$6,0)","v":{"v":100000,"d":"100,000"}},{"v":1686.056982,"d":"1,686"},{"v":8999.445,"d":"8,999"},{"v":1199.9260000000002,"d":"1,200"},{"v":10199.371,"d":"10,199"},{"v":13799.149,"d":"13,799"},{"$f":"(M168*12-(VLOOKUP(AB168*12,'Tax table'!$A$3:$C$10,3)*(AB168*12-VLOOKUP(AB168*12,'Tax table'!$A$3:$C$10,1))+VLOOKUP(AB168*12,'Tax table'!$A$3:$C$10,2)))/12","v":{"v":13700.22818,"d":"13,700"}},{"v":10199.371,"d":"10,199"},{"v":0.7444672355814733,"d":"74.4%"}]
["Member 2138","1968-01-11","M",{"v":143991.12,"d":"143,991"},{"v":0.8,"d":"80%"},{"v":0.85,"d":"85%"},{"v":0.75,"d":"75%"},{"v":0.1,"d":"10%"},null,50,{"v":11999.26,"d":"11,999"},{"v":1199.9260000000002,"d":"1,200"},{"v":14999.074999999999,"d":"14,999"},{"v":13799.149,"d":"13,799"},{"$f":"(M169*12-(VLOOKUP(N169*12,'Tax table'!$A$3:$C$10,3)*(N169*12-VLOOKUP(N169*12,'Tax table'!$A$3:$C$10,1))+VLOOKUP(N169*12,'Tax table'!$A$3:$C$10,2)))/12","v":{"v":13700.22818,"d":"13,700"}},{"v":10799.334,"d":"10,799"},{"$f":"(VLOOKUP(P169*12,'Tax table'!$A$3:$C$10,3)*(P169*12-VLOOKUP(P169*12,'Tax table'!$A$3:$C$10,1))+VLOOKUP(P169*12,'Tax table'!$A$3:$C$10,2))/12","v":{"v":758.8801199999999,"d":"759"}},{"v":11240.37988,"d":"11,240"},{"v":9554.322898,"d":"9,554"},{"v":0.697384216705798,"d":"69.7%"},{"v":28662.968694000003,"d":"28,663"},{"$f":"IF($B$15=\"Yes\",MIN(S169*2,References!$B$7),0)","v":{"v":19108.645796,"d":"19,109"}},{"$f":"IF(AND(D169<>0,$B$16=\"Yes\"),References!$B$6,0)","v":{"v":100000,"d":"100,000"}},{"v":1686.056982,"d":"1,686"},{"v":8999.445,"d":"8,999"},{"v":1199.9260000000002,"d":"1,200"},{"v":10199.371,"d":"10,199"},{"v":13799.149,"d":"13,799"},{"$f":"(M169*12-(VLOOKUP(AB169*12,'Tax table'!$A$3:$C$10,3)*(AB169*12-VLOOKUP(AB169*12,'Tax table'!$A$3:$C$10,1))+VLOOKUP(AB169*12,'Tax table'!$A$3:$C$10,2)))/12","v":{"v":13700.22818,"d":"13,700"}},{"v":10199.371,"d":"10,199"},{"v":0.7444672355814733,"d":"74.4%"}]
["Member 2139","1985-11-01","M",{"v":143991.12,"d":"143,991"},{"v":0.8,"d":"80%"},{"v":0.85,"d":"85%"},{"v":0.75,"d":"75%"},{"v":0.1,"d":"10%"},null,33,{"v":11999.26,"d":"11,999"},{"v":1199.9260000000002,"d":"1,200"},{"v":14999.074999999999,"d":"14,999"},{"v":13799.149,"d":"13,799"},{"$f":"(M170*12-(VLOOKUP(N170*12,'Tax table'!$A$3:$C$10,3)*(N170*12-VLOOKUP(N170*12,'Tax table'!$A$3:$C$10,1))+VLOOKUP(N170*12,'Tax table'!$A$3:$C$10,2)))/12","v":{"v":13700.22818,"d":"13,700"}},{"v":10799.334,"d":"10,799"},{"$f":"(VLOOKUP(P170*12,'Tax table'!$A$3:$C$10,3)*(P170*12-VLOOKUP(P170*12,'Tax table'!$A$3:$C$10,1))+VLOOKUP(P170*12,'Tax table'!$A$3:$C$10,2))/12","v":{"v":758.8801199999999,"d":"759"}},{"v":11240.37988,"d":"11,240"},{"v":9554.322898,"d":"9,554"},{"v":0.697384216705798,"d":"69.7%"},{"v":28662.968694000003,"d":"28,663"},{"$f":"IF($B$15=\"Yes\",MIN(S170*2,References!$B$7),0)","v":{"v":19108.645796,"d":"19,109"}},{"$f":"IF(AND(D170<>0,$B$16=\"Yes\"),References!$B$6,0)","v":{"v":100000,"d":"100,000"}},{"v":1686.056982,"d":"1,686"},{"v":8999.445,"d":"8,999"},{"v":1199.9260000000002,"d":"1,200"},{"v":10199.371,"d":"10,199"},{"v":13799.149,"d":"13,799"},{"$f":"(M170*12-(VLOOKUP(AB170*12,'Tax table'!$A$3:$C$10,3)*(AB170*12-VLOOKUP(AB170*12,'Tax table'!$A$3:$C$10,1))+VLOOKUP(AB170*12,'Tax table'!$A$3:$C$10,2)))/12","v":{"v":13700.22818,"d":"13,700"}},{"v":10199.371,"d":"10,199"},{"v":0.7444672355814733,"d":"74.4%"}]
["Member 2133","1956-09-01","M",{"v":144424.8,"d":"144,425"},{"v":0.8,"d":"80%"},{"v":0.85,"d":"85%"},{"v":0.75,"d":"75%"},{"v":0.1,"d":"10%"},null,62,{"v":12035.4,"d":"12,035"},{"v":1203.54,"d":"1,204"},{"v":15044.249999999998,"d":"15,044"},{"v":13840.71,"d":"13,841"},{"$f":"(M171*12-(VLOOKUP(N171*12,'Tax table'!$A$3:$C$10,3)*(N171*12-VLOOKUP(N171*12,'Tax table'!$A$3:$C$10,1))+VLOOKUP(N171*12,'Tax table'!$A$3:$C$10,2)))/12","v":{"v":13737.922199999999,"d":"13,738"}},{"v":10831.86,"d":"10,832"},{"$f":"(VLOOKUP(P171*12,'Tax table'!$A$3:$C$10,3)*(P171*12-VLOOKUP(P171*12,'Tax table'!$A$3:$C$10,1))+VLOOKUP(P171*12,'Tax table'!$A$3:$C$10,2))/12","v":{"v":764.7348000000001,"d":"765"}},{"v":11270.6652,"d":"11,271"},{"v":9580.065419999999,"d":"9,580"},{"v":0.6973445678706784,"d":"69.7%"},{"v":28740.196259999997,"d":"28,740"},{"$f":"IF($B$15=\"Yes\",MIN(S171*2,References!$B$7),0)","v":{"v":19160.130839999998,"d":"19,160"}},{"$f":"IF(AND(D171<>0,$B$16=\"Yes\"),References!$B$6,0)","v":{"v":100000,"d":"100,000"}},{"v":1690.5997800000005,"d":"1,691"},{"v":9026.55,"d":"9,027"},{"v":1203.54,"d":"1,204"},{"v":10230.09,"d":"10,230"},{"v":13840.71,"d":"13,841"},{"$f":"(M171*12-(VLOOKUP(AB171*12,'Tax table'!$A$3:$C$10,3)*(AB171*12-VLOOKUP(AB171*12,'Tax table'!$A$3:$C$10,1))+VLOOKUP(AB171*12,'Tax table'!$A$3:$C$10,2)))/12","v":{"v":13737.922199999999,"d":"13,738"}},{"v":10230.09,"d":"10,230"},{"v":0.744660644533276,"d":"74.5%"}]
["Member 2132","1959-09-05","F",{"v":144508.56,"d":"144,509"},{"v":0.8,"d":"80%"},{"v":0.85,"d":"85%"},{"v":0.75,"d":"75%"},{"v":0.1,"d":"10%"},null,59,{"v":12042.38,"d":"12,042"},{"v":1204.238,"d":"1,204"},{"v":15052.974999999999,"d":"15,053"},{"v":13848.737,"d":"13,849"},{"$f":"(M172*12-(VLOOKUP(N172*12,'Tax table'!$A$3:$C$10,3)*(N172*12-VLOOKUP(N172*12,'Tax table'!$A$3:$C$10,1))+VLOOKUP(N172*12,'Tax table'!$A$3:$C$10,2)))/12","v":{"v":13745.202339999998,"d":"13,745"}},{"v":10838.142,"d":"10,838"},{"$f":"(VLOOKUP(P172*12,'Tax table'!$A$3:$C$10,3)*(P172*12-VLOOKUP(P172*12,'Tax table'!$A$3:$C$10,1))+VLOOKUP(P172*12,'Tax table'!$A$3:$C$10,2))/12","v":{"v":765.8655599999998,"d":"766"}},{"v":11276.514439999999,"d":"11,277"},{"v":9585.037273999998,"d":"9,585"},{"v":0.69733693523787,"d":"69.7%"},{"v":28755.111821999995,"d":"28,755"},{"$f":"IF($B$15=\"Yes\",MIN(S172*2,References!$B$7),0)","v":{"v":19170.074547999997,"d":"19,170"}},{"$f":"IF(AND(D172<>0,$B$16=\"Yes\"),References!$B$6,0)","v":{"v":100000,"d":"100,000"}},{"v":1691.4771660000006,"d":"1,691"},{"v":9031.785,"d":"9,032"},{"v":1204.238,"d":"1,204"},{"v":10236.023,"d":"10,236"},{"v":13848.737,"d":"13,849"},{"$f":"(M172*12-(VLOOKUP(AB172*12,'Tax table'!$A$3:$C$10,3)*(AB172*12-VLOOKUP(AB172*12,'Tax table'!$A$3:$C$10,1))+VLOOKUP(AB172*12,'Tax table'!$A$3:$C$10,2)))/12","v":{"v":13745.202339999998,"d":"13,745"}},{"v":10236.023,"d":"10,236"},{"v":0.7446978768884388,"d":"74.5%"}]
["Member 2128","1988-04-13","F",{"v":144666.72,"d":"144,667"},{"v":0.8,"d":"80%"},{"v":0.85,"d":"85%"},{"v":0.75,"d":"75%"},{"v":0.1,"d":"10%"},null,30,{"v":12055.56,"d":"12,056"},{"v":1205.556,"d":"1,206"},{"v":15069.449999999999,"d":"15,069"},{"v":13863.893999999998,"d":"13,864"},{"$f":"(M173*12-(VLOOKUP(N173*12,'Tax table'!$A$3:$C$10,3)*(N173*12-VLOOKUP(N173*12,'Tax table'!$A$3:$C$10,1))+VLOOKUP(N173*12,'Tax table'!$A$3:$C$10,2)))/12","v":{"v":13758.94908,"d":"13,759"}},{"v":10850.003999999999,"d":"10,850"},{"$f":"(VLOOKUP(P173*12,'Tax table'!$A$3:$C$10,3)*(P173*12-VLOOKUP(P173*12,'Tax table'!$A$3:$C$10,1))+VLOOKUP(P173*12,'Tax table'!$A$3:$C$10,2))/12","v":{"v":768.0007199999997,"d":"768"}},{"v":11287.55928,"d":"11,288"},{"v":9594.425388,"d":"9,594"},{"v":0.6973225449279735,"d":"69.7%"},{"v":28783.276164,"d":"28,783"},{"$f":"IF($B$15=\"Yes\",MIN(S173*2,References!$B$7),0)","v":{"v":19188.850776,"d":"19,189"}},{"$f":"IF(AND(D173<>0,$B$16=\"Yes\"),References!$B$6,0)","v":{"v":100000,"d":"100,000"}},{"v":1693.1338919999998,"d":"1,693"},{"v":9041.67,"d":"9,042"},{"v":1205.556,"d":"1,206"},{"v":10247.226,"d":"10,247"},{"v":13863.893999999998,"d":"13,864"},{"$f":"(M173*12-(VLOOKUP(AB173*12,'Tax table'!$A$3:$C$10,3)*(AB173*12-VLOOKUP(AB173*12,'Tax table'!$A$3:$C$10,1))+VLOOKUP(AB173*12,'Tax table'!$A$3:$C$10,2)))/12","v":{"v":13758.94908,"d":"13,759"}},{"v":10247.226,"d":"10,247"},{"v":0.7447680735220804,"d":"74.5%"}]
["Member 2129","1985-12-13","F",{"v":144666.72,"d":"144,667"},{"v":0.8,"d":"80%"},{"v":0.85,"d":"85%"},{"v":0.75,"d":"75%"},{"v":0.1,"d":"10%"},null,32,{"v":12055.56,"d":"12,056"},{"v":1205.556,"d":"1,206"},{"v":15069.449999999999,"d":"15,069"},{"v":13863.893999999998,"d":"13,864"},{"$f":"(M174*12-(VLOOKUP(N174*12,'Tax table'!$A$3:$C$10,3)*(N174*12-VLOOKUP(N174*12,'Tax table'!$A$3:$C$10,1))+VLOOKUP(N174*12,'Tax table'!$A$3:$C$10,2)))/12","v":{"v":13758.94908,"d":"13,759"}},{"v":10850.003999999999,"d":"10,850"},{"$f":"(VLOOKUP(P174*12,'Tax table'!$A$3:$C$10,3)*(P174*12-VLOOKUP(P174*12,'Tax table'!$A$3:$C$10,1))+VLOOKUP(P174*12,'Tax table'!$A$3:$C$10,2))/12","v":{"v":768.0007199999997,"d":"768"}},{"v":11287.55928,"d":"11,288"},{"v":9594.425388,"d":"9,594"},{"v":0.6973225449279735,"d":"69.7%"},{"v":28783.276164,"d":"28,783"},{"$f":"IF($B$15=\"Yes\",MIN(S174*2,References!$B$7),0)","v":{"v":19188.850776,"d":"19,189"}},{"$f":"IF(AND(D174<>0,$B$16=\"Yes\"),References!$B$6,0)","v":{"v":100000,"d":"100,000"}},{"v":1693.1338919999998,"d":"1,693"},{"v":9041.67,"d":"9,042"},{"v":1205.556,"d":"1,206"},{"v":10247.226,"d":"10,247"},{"v":13863.893999999998,"d":"13,864"},{"$f":"(M174*12-(VLOOKUP(AB174*12,'Tax table'!$A$3:$C$10,3)*(AB174*12-VLOOKUP(AB174*12,'Tax table'!$A$3:$C$10,1))+VLOOKUP(AB174*12,'Tax table'!$A$3:$C$10,2)))/12","v":{"v":13758.94908,"d":"13,759"}},{"v":10247.226,"d":"10,247"},{"v":0.7447680735220804,"d":"74.5%"}]
["Member 2130","1986-10-01","M",{"v":144666.72,"d":"144,667"},{"v":0.8,"d":"80%"},{"v":0.85,"d":"85%"},{"v":0.75,"d":"75%"},{"v":0.1,"d":"10%"},null,32,{"v":12055.56,"d":"12,056"},{"v":1205.556,"d":"1,206"},{"v":15069.449999999999,"d":"15,069"},{"v":13863.893999999998,"d":"13,864"},{"$f":"(M175*12-(VLOOKUP(N175*12,'Tax table'!$A$3:$C$10,3)*(N175*12-VLOOKUP(N175*12,'Tax table'!$A$3:$C$10,1))+VLOOKUP(N175*12,'Tax table'!$A$3:$C$10,2)))/12","v":{"v":13758.94908,"d":"13,759"}},{"v":10850.003999999999,"d":"10,850"},{"$f":"(VLOOKUP(P175*12,'Tax table'!$A$3:$C$10,3)*(P175*12-VLOOKUP(P175*12,'Tax table'!$A$3:$C$10,1))+VLOOKUP(P175*12,'Tax table'!$A$3:$C$10,2))/12","v":{"v":768.0007199999997,"d":"768"}},{"v":11287.55928,"d":"11,288"},{"v":9594.425388,"d":"9,594"},{"v":0.6973225449279735,"d":"69.7%"},{"v":28783.276164,"d":"28,783"},{"$f":"IF($B$15=\"Yes\",MIN(S175*2,References!$B$7),0)","v":{"v":19188.850776,"d":"19,189"}},{"$f":"IF(AND(D175<>0,$B$16=\"Yes\"),References!$B$6,0)","v":{"v":100000,"d":"100,000"}},{"v":1693.1338919999998,"d":"1,693"},{"v":9041.67,"d":"9,042"},{"v":1205.556,"d":"1,206"},{"v":10247.226,"d":"10,247"},{"v":13863.893999999998,"d":"13,864"},{"$f":"(M175*12-(VLOOKUP(AB175*12,'Tax table'!$A$3:$C$10,3)*(AB175*12-VLOOKUP(AB175*12,'Tax table'!$A$3:$C$10,1))+VLOOKUP(AB175*12,'Tax table'!$A$3:$C$10,2)))/12","v":{"v":13758.94908,"d":"13,759"}},{"v":10247.226,"d":"10,247"},{"v":0.7447680735220804,"d":"74.5%"}]
["Member 2131","1986-06-21","M",{"v":144666.72,"d":"144,667"},{"v":0.8,"d":"80%"},{"v":0.85,"d":"85%"},{"v":0.75,"d":"75%"},{"v":0.1,"d":"10%"},null,32,{"v":12055.56,"d":"12,056"},{"v":1205.556,"d":"1,206"},{"v":15069.449999999999,"d":"15,069"},{"v":13863.893999999998,"d":"13,864"},{"$f":"(M176*12-(VLOOKUP(N176*12,'Tax table'!$A$3:$C$10,3)*(N176*12-VLOOKUP(N176*12,'Tax table'!$A$3:$C$10,1))+VLOOKUP(N176*12,'Tax table'!$A$3:$C$10,2)))/12","v":{"v":13758.94908,"d":"13,759"}},{"v":10850.003999999999,"d":"10,850"},{"$f":"(VLOOKUP(P176*12,'Tax table'!$A$3:$C$10,3)*(P176*12-VLOOKUP(P176*12,'Tax table'!$A$3:$C$10,1))+VLOOKUP(P176*12,'Tax table'!$A$3:$C$10,2))/12","v":{"v":768.0007199999997,"d":"768"}},{"v":11287.55928,"d":"11,288"},{"v":9594.425388,"d":"9,594"},{"v":0.6973225449279735,"d":"69.7%"},{"v":28783.276164,"d":"28,783"},{"$f":"IF($B$15=\"Yes\",MIN(S176*2,References!$B$7),0)","v":{"v":19188.850776,"d":"19,189"}},{"$f":"IF(AND(D176<>0,$B$16=\"Yes\"),References!$B$6,0)","v":{"v":100000,"d":"100,000"}},{"v":1693.1338919999998,"d":"1,693"},{"v":9041.67,"d":"9,042"},{"v":1205.556,"d":"1,206"},{"v":10247.226,"d":"10,247"},{"v":13863.893999999998,"d":"13,864"},{"$f":"(M176*12-(VLOOKUP(AB176*12,'Tax table'!$A$3:$C$10,3)*(AB176*12-VLOOKUP(AB176*12,'Tax table'!$A$3:$C$10,1))+VLOOKUP(AB176*12,'Tax table'!$A$3:$C$10,2)))/12","v":{"v":13758.94908,"d":"13,759"}},{"v":10247.226,"d":"10,247"},{"v":0.7447680735220804,"d":"74.5%"}]
["Member 2126","1981-10-23","F",{"v":144738.72,"d":"144,739"},{"v":0.8,"d":"80%"},{"v":0.85,"d":"85%"},{"v":0.75,"d":"75%"},{"v":0.1,"d":"10%"},null,37,{"v":12061.56,"d":"12,062"},{"v":1206.156,"d":"1,206"},{"v":15076.949999999999,"d":"15,077"},{"v":13870.793999999998,"d":"13,871"},{"$f":"(M177*12-(VLOOKUP(N177*12,'Tax table'!$A$3:$C$10,3)*(N177*12-VLOOKUP(N177*12,'Tax table'!$A$3:$C$10,1))+VLOOKUP(N177*12,'Tax table'!$A$3:$C$10,2)))/12","v":{"v":13765.20708,"d":"13,765"}},{"v":10855.403999999999,"d":"10,855"},{"$f":"(VLOOKUP(P177*12,'Tax table'!$A$3:$C$10,3)*(P177*12-VLOOKUP(P177*12,'Tax table'!$A$3:$C$10,1))+VLOOKUP(P177*12,'Tax table'!$A$3:$C$10,2))/12","v":{"v":768.9727199999998,"d":"769"}},{"v":11292.58728,"d":"11,293"},{"v":9598.699187999999,"d":"9,599"},{"v":0.6973160034727206,"d":"69.7%"},{"v":28796.097563999996,"d":"28,796"},{"$f":"IF($B$15=\"Yes\",MIN(S177*2,References!$B$7),0)","v":{"v":19197.398375999997,"d":"19,197"}},{"$f":"IF(AND(D177<>0,$B$16=\"Yes\"),References!$B$6,0)","v":{"v":100000,"d":"100,000"}},{"v":1693.888092000001,"d":"1,694"},{"v":9046.17,"d":"9,046"},{"v":1206.156,"d":"1,206"},{"v":10252.326000000001,"d":"10,252"},{"v":13870.793999999998,"d":"13,871"},{"$f":"(M177*12-(VLOOKUP(AB177*12,'Tax table'!$A$3:$C$10,3)*(AB177*12-VLOOKUP(AB177*12,'Tax table'!$A$3:$C$10,1))+VLOOKUP(AB177*12,'Tax table'!$A$3:$C$10,2)))/12","v":{"v":13765.20708,"d":"13,765"}},{"v":10252.326000000001,"d":"10,252"},{"v":0.7447999830598989,"d":"74.5%"}]
["Member 2127","1990-06-08","F",{"v":144738.72,"d":"144,739"},{"v":0.8,"d":"80%"},{"v":0.85,"d":"85%"},{"v":0.75,"d":"75%"},{"v":0.1,"d":"10%"},null,28,{"v":12061.56,"d":"12,062"},{"v":1206.156,"d":"1,206"},{"v":15076.949999999999,"d":"15,077"},{"v":13870.793999999998,"d":"13,871"},{"$f":"(M178*12-(VLOOKUP(N178*12,'Tax table'!$A$3:$C$10,3)*(N178*12-VLOOKUP(N178*12,'Tax table'!$A$3:$C$10,1))+VLOOKUP(N178*12,'Tax table'!$A$3:$C$10,2)))/12","v":{"v":13765.20708,"d":"13,765"}},{"v":10855.403999999999,"d":"10,855"},{"$f":"(VLOOKUP(P178*12,'Tax table'!$A$3:$C$10,3)*(P178*12-VLOOKUP(P178*12,'Tax table'!$A$3:$C$10,1))+VLOOKUP(P178*12,'Tax table'!$A$3:$C$10,2))/12","v":{"v":768.9727199999998,"d":"769"}},{"v":11292.58728,"d":"11,293"},{"v":9598.699187999999,"d":"9,599"},{"v":0.6973160034727206,"d":"69.7%"},{"v":28796.097563999996,"d":"28,796"},{"$f":"IF($B$15=\"Yes\",MIN(S178*2,References!$B$7),0)","v":{"v":19197.398375999997,"d":"19,197"}},{"$f":"IF(AND(D178<>0,$B$16=\"Yes\"),References!$B$6,0)","v":{"v":100000,"d":"100,000"}},{"v":1693.888092000001,"d":"1,694"},{"v":9046.17,"d":"9,046"},{"v":1206.156,"d":"1,206"},{"v":10252.326000000001,"d":"10,252"},{"v":13870.793999999998,"d":"13,871"},{"$f":"(M178*12-(VLOOKUP(AB178*12,'Tax table'!$A$3:$C$10,3)*(AB178*12-VLOOKUP(AB178*12,'Tax table'!$A$3:$C$10,1))+VLOOKUP(AB178*12,'Tax table'!$A$3:$C$10,2)))/12","v":{"v":13765.20708,"d":"13,765"}},{"v":10252.326000000001,"d":"10,252"},{"v":0.7447999830598989,"d":"74.5%"}]
["Member 6","1973-10-03","F",{"v":147976,"d":"147,976"},{"v":0.8,"d":"80%"},{"v":0.85,"d":"85%"},{"v":0.75,"d":"75%"},{"v":0.1,"d":"10%"},null,45,{"v":12331.333333333334,"d":"12,331"},{"v":1233.1333333333334,"d":"1,233"},{"v":15414.166666666666,"d":"15,414"},{"v":14181.033333333333,"d":"14,181"},{"$f":"(M179*12-(VLOOKUP(N179*12,'Tax table'!$A$3:$C$10,3)*(N179*12-VLOOKUP(N179*12,'Tax table'!$A$3:$C$10,1))+VLOOKUP(N179*12,'Tax table'!$A$3:$C$10,2)))/12","v":{"v":14046.580666666667,"d":"14,047"}},{"v":11098.2,"d":"11,098"},{"$f":"(VLOOKUP(P179*12,'Tax table'!$A$3:$C$10,3)*(P179*12-VLOOKUP(P179*12,'Tax table'!$A$3:$C$10,1))+VLOOKUP(P179*12,'Tax table'!$A$3:$C$10,2))/12","v":{"v":812.6760000000004,"d":"813"}},{"v":11518.657333333333,"d":"11,519"},{"v":9790.858733333333,"d":"9,791"},{"v":0.697027907764599,"d":"69.7%"},{"v":29372.576199999996,"d":"29,373"},{"$f":"IF($B$15=\"Yes\",MIN(S179*2,References!$B$7),0)","v":{"v":19581.717466666665,"d":"19,582"}},{"$f":"IF(AND(D179<>0,$B$16=\"Yes\"),References!$B$6,0)","v":{"v":100000,"d":"100,000"}},{"v":1727.7986,"d":"1,728"},{"v":9248.5,"d":"9,249"},{"v":1233.1333333333334,"d":"1,233"},{"v":10481.633333333333,"d":"10,482"},{"v":14181.033333333333,"d":"14,181"},{"$f":"(M179*12-(VLOOKUP(AB179*12,'Tax table'!$A$3:$C$10,3)*(AB179*12-VLOOKUP(AB179*12,'Tax table'!$A$3:$C$10,1))+VLOOKUP(AB179*12,'Tax table'!$A$3:$C$10,2)))/12","v":{"v":14046.580666666667,"d":"14,047"}},{"v":10481.633333333333,"d":"10,482"},{"v":0.7462053279775657,"d":"74.6%"}]
["Member 2125","1980-07-20","F",{"v":148467.84,"d":"148,468"},{"v":0.8,"d":"80%"},{"v":0.85,"d":"85%"},{"v":0.75,"d":"75%"},{"v":0.1,"d":"10%"},null,38,{"v":12372.32,"d":"12,372"},{"v":1237.232,"d":"1,237"},{"v":15465.4,"d":"15,465"},{"v":14228.168,"d":"14,228"},{"$f":"(M180*12-(VLOOKUP(N180*12,'Tax table'!$A$3:$C$10,3)*(N180*12-VLOOKUP(N180*12,'Tax table'!$A$3:$C$10,1))+VLOOKUP(N180*12,'Tax table'!$A$3:$C$10,2)))/12","v":{"v":14089.329759999999,"d":"14,089"}},{"v":11135.088,"d":"11,135"},{"$f":"(VLOOKUP(P180*12,'Tax table'!$A$3:$C$10,3)*(P180*12-VLOOKUP(P180*12,'Tax table'!$A$3:$C$10,1))+VLOOKUP(P180*12,'Tax table'!$A$3:$C$10,2))/12","v":{"v":819.3158399999998,"d":"819"}},{"v":11553.00416,"d":"11,553"},{"v":9820.053536,"d":"9,820"},{"v":0.696985144309661,"d":"69.7%"},{"v":29460.160608,"d":"29,460"},{"$f":"IF($B$15=\"Yes\",MIN(S180*2,References!$B$7),0)","v":{"v":19640.107072,"d":"19,640"}},{"$f":"IF(AND(D180<>0,$B$16=\"Yes\"),References!$B$6,0)","v":{"v":100000,"d":"100,000"}},{"v":1732.950624000001,"d":"1,733"},{"v":9279.24,"d":"9,279"},{"v":1237.232,"d":"1,237"},{"v":10516.472,"d":"10,516"},{"v":14228.168,"d":"14,228"},{"$f":"(M180*12-(VLOOKUP(AB180*12,'Tax table'!$A$3:$C$10,3)*(AB180*12-VLOOKUP(AB180*12,'Tax table'!$A$3:$C$10,1))+VLOOKUP(AB180*12,'Tax table'!$A$3:$C$10,2)))/12","v":{"v":14089.329759999999,"d":"14,089"}},{"v":10516.472,"d":"10,516"},{"v":0.7464139301967762,"d":"74.6%"}]
["Member 2119","1976-01-08","M",{"v":148830.48,"d":"148,830"},{"v":0.8,"d":"80%"},{"v":0.85,"d":"85%"},{"v":0.75,"d":"75%"},{"v":0.1,"d":"10%"},null,42,{"v":12402.54,"d":"12,403"},{"v":1240.2540000000001,"d":"1,240"},{"v":15503.175000000001,"d":"15,503"},{"v":14262.921,"d":"14,263"},{"$f":"(M181*12-(VLOOKUP(N181*12,'Tax table'!$A$3:$C$10,3)*(N181*12-VLOOKUP(N181*12,'Tax table'!$A$3:$C$10,1))+VLOOKUP(N181*12,'Tax table'!$A$3:$C$10,2)))/12","v":{"v":14120.849220000002,"d":"14,121"}},{"v":11162.286,"d":"11,162"},{"$f":"(VLOOKUP(P181*12,'Tax table'!$A$3:$C$10,3)*(P181*12-VLOOKUP(P181*12,'Tax table'!$A$3:$C$10,1))+VLOOKUP(P181*12,'Tax table'!$A$3:$C$10,2))/12","v":{"v":824.2114799999999,"d":"824"}},{"v":11578.328520000001,"d":"11,578"},{"v":9841.579242,"d":"9,842"},{"v":0.6969537800928377,"d":"69.7%"},{"v":29524.737726,"d":"29,525"},{"$f":"IF($B$15=\"Yes\",MIN(S181*2,References!$B$7),0)","v":{"v":19683.158484,"d":"19,683"}},{"$f":"IF(AND(D181<>0,$B$16=\"Yes\"),References!$B$6,0)","v":{"v":100000,"d":"100,000"}},{"v":1736.7492780000011,"d":"1,737"},{"v":9301.905,"d":"9,302"},{"v":1240.2540000000001,"d":"1,240"},{"v":10542.159000000001,"d":"10,542"},{"v":14262.921,"d":"14,263"},{"$f":"(M181*12-(VLOOKUP(AB181*12,'Tax table'!$A$3:$C$10,3)*(AB181*12-VLOOKUP(AB181*12,'Tax table'!$A$3:$C$10,1))+VLOOKUP(AB181*12,'Tax table'!$A$3:$C$10,2)))/12","v":{"v":14120.849220000002,"d":"14,121"}},{"v":10542.159000000001,"d":"10,542"},{"v":0.7465669263764011,"d":"74.7%"}]
["Member 2120","1979-07-19","M",{"v":148830.48,"d":"148,830"},{"v":0.8,"d":"80%"},{"v":0.85,"d":"85%"},{"v":0.75,"d":"75%"},{"v":0.1,"d":"10%"},null,39,{"v":12402.54,"d":"12,403"},{"v":1240.2540000000001,"d":"1,240"},{"v":15503.175000000001,"d":"15,503"},{"v":14262.921,"d":"14,263"},{"$f":"(M182*12-(VLOOKUP(N182*12,'Tax table'!$A$3:$C$10,3)*(N182*12-VLOOKUP(N182*12,'Tax table'!$A$3:$C$10,1))+VLOOKUP(N182*12,'Tax table'!$A$3:$C$10,2)))/12","v":{"v":14120.849220000002,"d":"14,121"}},{"v":11162.286,"d":"11,162"},{"$f":"(VLOOKUP(P182*12,'Tax table'!$A$3:$C$10,3)*(P182*12-VLOOKUP(P182*12,'Tax table'!$A$3:$C$10,1))+VLOOKUP(P182*12,'Tax table'!$A$3:$C$10,2))/12","v":{"v":824.2114799999999,"d":"824"}},{"v":11578.328520000001,"d":"11,578"},{"v":9841.579242,"d":"9,842"},{"v":0.6969537800928377,"d":"69.7%"},{"v":29524.737726,"d":"29,525"},{"$f":"IF($B$15=\"Yes\",MIN(S182*2,References!$B$7),0)","v":{"v":19683.158484,"d":"19,683"}},{"$f":"IF(AND(D182<>0,$B$16=\"Yes\"),References!$B$6,0)","v":{"v":100000,"d":"100,000"}},{"v":1736.7492780000011,"d":"1,737"},{"v":9301.905,"d":"9,302"},{"v":1240.2540000000001,"d":"1,240"},{"v":10542.159000000001,"d":"10,542"},{"v":14262.921,"d":"14,263"},{"$f":"(M182*12-(VLOOKUP(AB182*12,'Tax table'!$A$3:$C$10,3)*(AB182*12-VLOOKUP(AB182*12,'Tax table'!$A$3:$C$10,1))+VLOOKUP(AB182*12,'Tax table'!$A$3:$C$10,2)))/12","v":{"v":14120.849220000002,"d":"14,121"}},{"v":10542.159000000001,"d":"10,542"},{"v":0.7465669263764011,"d":"74.7%"}]
["Member 2121","1985-06-13","M",{"v":148830.48,"d":"148,830"},{"v":0.8,"d":"80%"},{"v":0.85,"d":"85%"},{"v":0.75,"d":"75%"},{"v":0.1,"d":"10%"},null,33,{"v":12402.54,"d":"12,403"},{"v":1240.2540000000001,"d":"1,240"},{"v":15503.175000000001,"d":"15,503"},{"v":14262.921,"d":"14,263"},{"$f":"(M183*12-(VLOOKUP(N183*12,'Tax table'!$A$3:$C$10,3)*(N183*12-VLOOKUP(N183*12,'Tax table'!$A$3:$C$10,1))+VLOOKUP(N183*12,'Tax table'!$A$3:$C$10,2)))/12","v":{"v":14120.849220000002,"d":"14,121"}},{"v":11162.286,"d":"11,162"},{"$f":"(VLOOKUP(P183*12,'Tax table'!$A$3:$C$10,3)*(P183*12-VLOOKUP(P183*12,'Tax table'!$A$3:$C$10,1))+VLOOKUP(P183*12,'Tax table'!$A$3:$C$10,2))/12","v":{"v":824.2114799999999,"d":"824"}},{"v":11578.328520000001,"d":"11,578"},{"v":9841.579242,"d":"9,842"},{"v":0.6969537800928377,"d":"69.7%"},{"v":29524.737726,"d":"29,525"},{"$f":"IF($B$15=\"Yes\",MIN(S183*2,References!$B$7),0)","v":{"v":19683.158484,"d":"19,683"}},{"$f":"IF(AND(D183<>0,$B$16=\"Yes\"),References!$B$6,0)","v":{"v":100000,"d":"100,000"}},{"v":1736.7492780000011,"d":"1,737"},{"v":9301.905,"d":"9,302"},{"v":1240.2540000000001,"d":"1,240"},{"v":10542.159000000001,"d":"10,542"},{"v":14262.921,"d":"14,263"},{"$f":"(M183*12-(VLOOKUP(AB183*12,'Tax table'!$A$3:$C$10,3)*(AB183*12-VLOOKUP(AB183*12,'Tax table'!$A$3:$C$10,1))+VLOOKUP(AB183*12,'Tax table'!$A$3:$C$10,2)))/12","v":{"v":14120.849220000002,"d":"14,121"}},{"v":10542.159000000001,"d":"10,542"},{"v":0.7465669263764011,"d":"74.7%"}]
["Member 2122","1959-07-31","M",{"v":148830.48,"d":"148,830"},{"v":0.8,"d":"80%"},{"v":0.85,"d":"85%"},{"v":0.75,"d":"75%"},{"v":0.1,"d":"10%"},null,59,{"v":12402.54,"d":"12,403"},{"v":1240.2540000000001,"d":"1,240"},{"v":15503.175000000001,"d":"15,503"},{"v":14262.921,"d":"14,263"},{"$f":"(M184*12-(VLOOKUP(N184*12,'Tax table'!$A$3:$C$10,3)*(N184*12-VLOOKUP(N184*12,'Tax table'!$A$3:$C$10,1))+VLOOKUP(N184*12,'Tax table'!$A$3:$C$10,2)))/12","v":{"v":14120.849220000002,"d":"14,121"}},{"v":11162.286,"d":"11,162"},{"$f":"(VLOOKUP(P184*12,'Tax table'!$A$3:$C$10,3)*(P184*12-VLOOKUP(P184*12,'Tax table'!$A$3:$C$10,1))+VLOOKUP(P184*12,'Tax table'!$A$3:$C$10,2))/12","v":{"v":824.2114799999999,"d":"824"}},{"v":11578.328520000001,"d":"11,578"},{"v":9841.579242,"d":"9,842"},{"v":0.6969537800928377,"d":"69.7%"},{"v":29524.737726,"d":"29,525"},{"$f":"IF($B$15=\"Yes\",MIN(S184*2,References!$B$7),0)","v":{"v":19683.158484,"d":"19,683"}},{"$f":"IF(AND(D184<>0,$B$16=\"Yes\"),References!$B$6,0)","v":{"v":100000,"d":"100,000"}},{"v":1736.7492780000011,"d":"1,737"},{"v":9301.905,"d":"9,302"},{"v":1240.2540000000001,"d":"1,240"},{"v":10542.159000000001,"d":"10,542"},{"v":14262.921,"d":"14,263"},{"$f":"(M184*12-(VLOOKUP(AB184*12,'Tax table'!$A$3:$C$10,3)*(AB184*12-VLOOKUP(AB184*12,'Tax table'!$A$3:$C$10,1))+VLOOKUP(AB184*12,'Tax table'!$A$3:$C$10,2)))/12","v":{"v":14120.849220000002,"d":"14,121"}},{"v":10542.159000000001,"d":"10,542"},{"v":0.7465669263764011,"d":"74.7%"}]
["Member 2123","1972-11-12","M",{"v":148830.48,"d":"148,830"},{"v":0.8,"d":"80%"},{"v":0.85,"d":"85%"},{"v":0.75,"d":"75%"},{"v":0.1,"d":"10%"},null,45,{"v":12402.54,"d":"12,403"},{"v":1240.2540000000001,"d":"1,240"},{"v":15503.175000000001,"d":"15,503"},{"v":14262.921,"d":"14,263"},{"$f":"(M185*12-(VLOOKUP(N185*12,'Tax table'!$A$3:$C$10,3)*(N185*12-VLOOKUP(N185*12,'Tax table'!$A$3:$C$10,1))+VLOOKUP(N185*12,'Tax table'!$A$3:$C$10,2)))/12","v":{"v":14120.849220000002,"d":"14,121"}},{"v":11162.286,"d":"11,162"},{"$f":"(VLOOKUP(P185*12,'Tax table'!$A$3:$C$10,3)*(P185*12-VLOOKUP(P185*12,'Tax table'!$A$3:$C$10,1))+VLOOKUP(P185*12,'Tax table'!$A$3:$C$10,2))/12","v":{"v":824.2114799999999,"d":"824"}},{"v":11578.328520000001,"d":"11,578"},{"v":9841.579242,"d":"9,842"},{"v":0.6969537800928377,"d":"69.7%"},{"v":29524.737726,"d":"29,525"},{"$f":"IF($B$15=\"Yes\",MIN(S185*2,References!$B$7),0)","v":{"v":19683.158484,"d":"19,683"}},{"$f":"IF(AND(D185<>0,$B$16=\"Yes\"),References!$B$6,0)","v":{"v":100000,"d":"100,000"}},{"v":1736.7492780000011,"d":"1,737"},{"v":9301.905,"d":"9,302"},{"v":1240.2540000000001,"d":"1,240"},{"v":10542.159000000001,"d":"10,542"},{"v":14262.921,"d":"14,263"},{"$f":"(M185*12-(VLOOKUP(AB185*12,'Tax table'!$A$3:$C$10,3)*(AB185*12-VLOOKUP(AB185*12,'Tax table'!$A$3:$C$10,1))+VLOOKUP(AB185*12,'Tax table'!$A$3:$C$10,2)))/12","v":{"v":14120.849220000002,"d":"14,121"}},{"v":10542.159000000001,"d":"10,542"},{"v":0.7465669263764011,"d":"74.7%"}]
["Member 2124","1983-10-03","M",{"v":148830.48,"d":"148,830"},{"v":0.8,"d":"80%"},{"v":0.85,"d":"85%"},{"v":0.75,"d":"75%"},{"v":0.1,"d":"10%"},null,35,{"v":12402.54,"d":"12,403"},{"v":1240.2540000000001,"d":"1,240"},{"v":15503.175000000001,"d":"15,503"},{"v":14262.921,"d":"14,263"},{"$f":"(M186*12-(VLOOKUP(N186*12,'Tax table'!$A$3:$C$10,3)*(N186*12-VLOOKUP(N186*12,'Tax table'!$A$3:$C$10,1))+VLOOKUP(N186*12,'Tax table'!$A$3:$C$10,2)))/12","v":{"v":14120.849220000002,"d":"14,121"}},{"v":11162.286,"d":"11,162"},{"$f":"(VLOOKUP(P186*12,'Tax table'!$A$3:$C$10,3)*(P186*12-VLOOKUP(P186*12,'Tax table'!$A$3:$C$10,1))+VLOOKUP(P186*12,'Tax table'!$A$3:$C$10,2))/12","v":{"v":824.2114799999999,"d":"824"}},{"v":11578.328520000001,"d":"11,578"},{"v":9841.579242,"d":"9,842"},{"v":0.6969537800928377,"d":"69.7%"},{"v":29524.737726,"d":"29,525"},{"$f":"IF($B$15=\"Yes\",MIN(S186*2,References!$B$7),0)","v":{"v":19683.158484,"d":"19,683"}},{"$f":"IF(AND(D186<>0,$B$16=\"Yes\"),References!$B$6,0)","v":{"v":100000,"d":"100,000"}},{"v":1736.7492780000011,"d":"1,737"},{"v":9301.905,"d":"9,302"},{"v":1240.2540000000001,"d":"1,240"},{"v":10542.159000000001,"d":"10,542"},{"v":14262.921,"d":"14,263"},{"$f":"(M186*12-(VLOOKUP(AB186*12,'Tax table'!$A$3:$C$10,3)*(AB186*12-VLOOKUP(AB186*12,'Tax table'!$A$3:$C$10,1))+VLOOKUP(AB186*12,'Tax table'!$A$3:$C$10,2)))/12","v":{"v":14120.849220000002,"d":"14,121"}},{"v":10542.159000000001,"d":"10,542"},{"v":0.7465669263764011,"d":"74.7%"}]
["Member 2118","1960-05-19","F",{"v":150092.52,"d":"150,093"},{"v":0.8,"d":"80%"},{"v":0.85,"d":"85%"},{"v":0.75,"d":"75%"},{"v":0.1,"d":"10%"},null,58,{"v":12507.71,"d":"12,508"},{"v":1250.771,"d":"1,251"},{"v":15634.637499999999,"d":"15,635"},{"v":14383.866499999998,"d":"14,384"},{"$f":"(M187*12-(VLOOKUP(N187*12,'Tax table'!$A$3:$C$10,3)*(N187*12-VLOOKUP(N187*12,'Tax table'!$A$3:$C$10,1))+VLOOKUP(N187*12,'Tax table'!$A$3:$C$10,2)))/12","v":{"v":14230.54153,"d":"14,231"}},{"v":11256.938999999998,"d":"11,257"},{"$f":"(VLOOKUP(P187*12,'Tax table'!$A$3:$C$10,3)*(P187*12-VLOOKUP(P187*12,'Tax table'!$A$3:$C$10,1))+VLOOKUP(P187*12,'Tax table'!$A$3:$C$10,2))/12","v":{"v":841.2490199999997,"d":"841"}},{"v":11666.46098,"d":"11,666"},{"v":9916.491833,"d":"9,916"},{"v":0.6968457111835574,"d":"69.7%"},{"v":29749.475499,"d":"29,749"},{"$f":"IF($B$15=\"Yes\",MIN(S187*2,References!$B$7),0)","v":{"v":19832.983666,"d":"19,833"}},{"$f":"IF(AND(D187<>0,$B$16=\"Yes\"),References!$B$6,0)","v":{"v":100000,"d":"100,000"}},{"v":1749.9691469999998,"d":"1,750"},{"v":9380.7825,"d":"9,381"},{"v":1250.771,"d":"1,251"},{"v":10631.5535,"d":"10,632"},{"v":14383.866499999998,"d":"14,384"},{"$f":"(M187*12-(VLOOKUP(AB187*12,'Tax table'!$A$3:$C$10,3)*(AB187*12-VLOOKUP(AB187*12,'Tax table'!$A$3:$C$10,1))+VLOOKUP(AB187*12,'Tax table'!$A$3:$C$10,2)))/12","v":{"v":14230.54153,"d":"14,231"}},{"v":10631.5535,"d":"10,632"},{"v":0.7470940917875245,"d":"74.7%"}]
["Member 2105","1973-09-26","M",{"v":150304.2,"d":"150,304"},{"v":0.8,"d":"80%"},{"v":0.85,"d":"85%"},{"v":0.75,"d":"75%"},{"v":0.1,"d":"10%"},null,45,{"v":12525.35,"d":"12,525"},{"v":1252.535,"d":"1,253"},{"v":15656.6875,"d":"15,657"},{"v":14404.1525,"d":"14,404"},{"$f":"(M188*12-(VLOOKUP(N188*12,'Tax table'!$A$3:$C$10,3)*(N188*12-VLOOKUP(N188*12,'Tax table'!$A$3:$C$10,1))+VLOOKUP(N188*12,'Tax table'!$A$3:$C$10,2)))/12","v":{"v":14248.94005,"d":"14,249"}},{"v":11272.815,"d":"11,273"},{"$f":"(VLOOKUP(P188*12,'Tax table'!$A$3:$C$10,3)*(P188*12-VLOOKUP(P188*12,'Tax table'!$A$3:$C$10,1))+VLOOKUP(P188*12,'Tax table'!$A$3:$C$10,2))/12","v":{"v":844.1066999999999,"d":"844"}},{"v":11681.2433,"d":"11,681"},{"v":9929.056805,"d":"9,929"},{"v":0.6968277478997464,"d":"69.7%"},{"v":29787.170415,"d":"29,787"},{"$f":"IF($B$15=\"Yes\",MIN(S188*2,References!$B$7),0)","v":{"v":19858.11361,"d":"19,858"}},{"$f":"IF(AND(D188<>0,$B$16=\"Yes\"),References!$B$6,0)","v":{"v":100000,"d":"100,000"}},{"v":1752.186495,"d":"1,752"},{"v":9394.0125,"d":"9,394"},{"v":1252.535,"d":"1,253"},{"v":10646.5475,"d":"10,647"},{"v":14404.1525,"d":"14,404"},{"$f":"(M188*12-(VLOOKUP(AB188*12,'Tax table'!$A$3:$C$10,3)*(AB188*12-VLOOKUP(AB188*12,'Tax table'!$A$3:$C$10,1))+VLOOKUP(AB188*12,'Tax table'!$A$3:$C$10,2)))/12","v":{"v":14248.94005,"d":"14,249"}},{"v":10646.5475,"d":"10,647"},{"v":0.7471817175622127,"d":"74.7%"}]
["Member 2106","1980-06-14","M",{"v":150304.2,"d":"150,304"},{"v":0.8,"d":"80%"},{"v":0.85,"d":"85%"},{"v":0.75,"d":"75%"},{"v":0.1,"d":"10%"},null,38,{"v":12525.35,"d":"12,525"},{"v":1252.535,"d":"1,253"},{"v":15656.6875,"d":"15,657"},{"v":14404.1525,"d":"14,404"},{"$f":"(M189*12-(VLOOKUP(N189*12,'Tax table'!$A$3:$C$10,3)*(N189*12-VLOOKUP(N189*12,'Tax table'!$A$3:$C$10,1))+VLOOKUP(N189*12,'Tax table'!$A$3:$C$10,2)))/12","v":{"v":14248.94005,"d":"14,249"}},{"v":11272.815,"d":"11,273"},{"$f":"(VLOOKUP(P189*12,'Tax table'!$A$3:$C$10,3)*(P189*12-VLOOKUP(P189*12,'Tax table'!$A$3:$C$10,1))+VLOOKUP(P189*12,'Tax table'!$A$3:$C$10,2))/12","v":{"v":844.1066999999999,"d":"844"}},{"v":11681.2433,"d":"11,681"},{"v":9929.056805,"d":"9,929"},{"v":0.6968277478997464,"d":"69.7%"},{"v":29787.170415,"d":"29,787"},{"$f":"IF($B$15=\"Yes\",MIN(S189*2,References!$B$7),0)","v":{"v":19858.11361,"d":"19,858"}},{"$f":"IF(AND(D189<>0,$B$16=\"Yes\"),References!$B$6,0)","v":{"v":100000,"d":"100,000"}},{"v":1752.186495,"d":"1,752"},{"v":9394.0125,"d":"9,394"},{"v":1252.535,"d":"1,253"},{"v":10646.5475,"d":"10,647"},{"v":14404.1525,"d":"14,404"},{"$f":"(M189*12-(VLOOKUP(AB189*12,'Tax table'!$A$3:$C$10,3)*(AB189*12-VLOOKUP(AB189*12,'Tax table'!$A$3:$C$10,1))+VLOOKUP(AB189*12,'Tax table'!$A$3:$C$10,2)))/12","v":{"v":14248.94005,"d":"14,249"}},{"v":10646.5475,"d":"10,647"},{"v":0.7471817175622127,"d":"74.7%"}]
["Member 2107","1972-05-11","M",{"v":150304.2,"d":"150,304"},{"v":0.8,"d":"80%"},{"v":0.85,"d":"85%"},{"v":0.75,"d":"75%"},{"v":0.1,"d":"10%"},null,46,{"v":12525.35,"d":"12,525"},{"v":1252.535,"d":"1,253"},{"v":15656.6875,"d":"15,657"},{"v":14404.1525,"d":"14,404"},{"$f":"(M190*12-(VLOOKUP(N190*12,'Tax table'!$A$3:$C$10,3)*(N190*12-VLOOKUP(N190*12,'Tax table'!$A$3:$C$10,1))+VLOOKUP(N190*12,'Tax table'!$A$3:$C$10,2)))/12","v":{"v":14248.94005,"d":"14,249"}},{"v":11272.815,"d":"11,273"},{"$f":"(VLOOKUP(P190*12,'Tax table'!$A$3:$C$10,3)*(P190*12-VLOOKUP(P190*12,'Tax table'!$A$3:$C$10,1))+VLOOKUP(P190*12,'Tax table'!$A$3:$C$10,2))/12","v":{"v":844.1066999999999,"d":"844"}},{"v":11681.2433,"d":"11,681"},{"v":9929.056805,"d":"9,929"},{"v":0.6968277478997464,"d":"69.7%"},{"v":29787.170415,"d":"29,787"},{"$f":"IF($B$15=\"Yes\",MIN(S190*2,References!$B$7),0)","v":{"v":19858.11361,"d":"19,858"}},{"$f":"IF(AND(D190<>0,$B$16=\"Yes\"),References!$B$6,0)","v":{"v":100000,"d":"100,000"}},{"v":1752.186495,"d":"1,752"},{"v":9394.0125,"d":"9,394"},{"v":1252.535,"d":"1,253"},{"v":10646.5475,"d":"10,647"},{"v":14404.1525,"d":"14,404"},{"$f":"(M190*12-(VLOOKUP(AB190*12,'Tax table'!$A$3:$C$10,3)*(AB190*12-VLOOKUP(AB190*12,'Tax table'!$A$3:$C$10,1))+VLOOKUP(AB190*12,'Tax table'!$A$3:$C$10,2)))/12","v":{"v":14248.94005,"d":"14,249"}},{"v":10646.5475,"d":"10,647"},{"v":0.7471817175622127,"d":"74.7%"}]
["Member 2108","1970-07-12","M",{"v":150304.2,"d":"150,304"},{"v":0.8,"d":"80%"},{"v":0.85,"d":"85%"},{"v":0.75,"d":"75%"},{"v":0.1,"d":"10%"},null,48,{"v":12525.35,"d":"12,525"},{"v":1252.535,"d":"1,253"},{"v":15656.6875,"d":"15,657"},{"v":14404.1525,"d":"14,404"},{"$f":"(M191*12-(VLOOKUP(N191*12,'Tax table'!$A$3:$C$10,3)*(N191*12-VLOOKUP(N191*12,'Tax table'!$A$3:$C$10,1))+VLOOKUP(N191*12,'Tax table'!$A$3:$C$10,2)))/12","v":{"v":14248.94005,"d":"14,249"}},{"v":11272.815,"d":"11,273"},{"$f":"(VLOOKUP(P191*12,'Tax table'!$A$3:$C$10,3)*(P191*12-VLOOKUP(P191*12,'Tax table'!$A$3:$C$10,1))+VLOOKUP(P191*12,'Tax table'!$A$3:$C$10,2))/12","v":{"v":844.1066999999999,"d":"844"}},{"v":11681.2433,"d":"11,681"},{"v":9929.056805,"d":"9,929"},{"v":0.6968277478997464,"d":"69.7%"},{"v":29787.170415,"d":"29,787"},{"$f":"IF($B$15=\"Yes\",MIN(S191*2,References!$B$7),0)","v":{"v":19858.11361,"d":"19,858"}},{"$f":"IF(AND(D191<>0,$B$16=\"Yes\"),References!$B$6,0)","v":{"v":100000,"d":"100,000"}},{"v":1752.186495,"d":"1,752"},{"v":9394.0125,"d":"9,394"},{"v":1252.535,"d":"1,253"},{"v":10646.5475,"d":"10,647"},{"v":14404.1525,"d":"14,404"},{"$f":"(M191*12-(VLOOKUP(AB191*12,'Tax table'!$A$3:$C$10,3)*(AB191*12-VLOOKUP(AB191*12,'Tax table'!$A$3:$C$10,1))+VLOOKUP(AB191*12,'Tax table'!$A$3:$C$10,2)))/12","v":{"v":14248.94005,"d":"14,249"}},{"v":10646.5475,"d":"10,647"},{"v":0.7471817175622127,"d":"74.7%"}]
["Member 2109","1972-05-15","M",{"v":150304.2,"d":"150,304"},{"v":0.8,"d":"80%"},{"v":0.85,"d":"85%"},{"v":0.75,"d":"75%"},{"v":0.1,"d":"10%"},null,46,{"v":12525.35,"d":"12,525"},{"v":1252.535,"d":"1,253"},{"v":15656.6875,"d":"15,657"},{"v":14404.1525,"d":"14,404"},{"$f":"(M192*12-(VLOOKUP(N192*12,'Tax table'!$A$3:$C$10,3)*(N192*12-VLOOKUP(N192*12,'Tax table'!$A$3:$C$10,1))+VLOOKUP(N192*12,'Tax table'!$A$3:$C$10,2)))/12","v":{"v":14248.94005,"d":"14,249"}},{"v":11272.815,"d":"11,273"},{"$f":"(VLOOKUP(P192*12,'Tax table'!$A$3:$C$10,3)*(P192*12-VLOOKUP(P192*12,'Tax table'!$A$3:$C$10,1))+VLOOKUP(P192*12,'Tax table'!$A$3:$C$10,2))/12","v":{"v":844.1066999999999,"d":"844"}},{"v":11681.2433,"d":"11,681"},{"v":9929.056805,"d":"9,929"},{"v":0.6968277478997464,"d":"69.7%"},{"v":29787.170415,"d":"29,787"},{"$f":"IF($B$15=\"Yes\",MIN(S192*2,References!$B$7),0)","v":{"v":19858.11361,"d":"19,858"}},{"$f":"IF(AND(D192<>0,$B$16=\"Yes\"),References!$B$6,0)","v":{"v":100000,"d":"100,000"}},{"v":1752.186495,"d":"1,752"},{"v":9394.0125,"d":"9,394"},{"v":1252.535,"d":"1,253"},{"v":10646.5475,"d":"10,647"},{"v":14404.1525,"d":"14,404"},{"$f":"(M192*12-(VLOOKUP(AB192*12,'Tax table'!$A$3:$C$10,3)*(AB192*12-VLOOKUP(AB192*12,'Tax table'!$A$3:$C$10,1))+VLOOKUP(AB192*12,'Tax table'!$A$3:$C$10,2)))/12","v":{"v":14248.94005,"d":"14,249"}},{"v":10646.5475,"d":"10,647"},{"v":0.7471817175622127,"d":"74.7%"}]
["Member 2110","1973-06-18","M",{"v":150304.2,"d":"150,304"},{"v":0.8,"d":"80%"},{"v":0.85,"d":"85%"},{"v":0.75,"d":"75%"},{"v":0.1,"d":"10%"},null,45,{"v":12525.35,"d":"12,525"},{"v":1252.535,"d":"1,253"},{"v":15656.6875,"d":"15,657"},{"v":14404.1525,"d":"14,404"},{"$f":"(M193*12-(VLOOKUP(N193*12,'Tax table'!$A$3:$C$10,3)*(N193*12-VLOOKUP(N193*12,'Tax table'!$A$3:$C$10,1))+VLOOKUP(N193*12,'Tax table'!$A$3:$C$10,2)))/12","v":{"v":14248.94005,"d":"14,249"}},{"v":11272.815,"d":"11,273"},{"$f":"(VLOOKUP(P193*12,'Tax table'!$A$3:$C$10,3)*(P193*12-VLOOKUP(P193*12,'Tax table'!$A$3:$C$10,1))+VLOOKUP(P193*12,'Tax table'!$A$3:$C$10,2))/12","v":{"v":844.1066999999999,"d":"844"}},{"v":11681.2433,"d":"11,681"},{"v":9929.056805,"d":"9,929"},{"v":0.6968277478997464,"d":"69.7%"},{"v":29787.170415,"d":"29,787"},{"$f":"IF($B$15=\"Yes\",MIN(S193*2,References!$B$7),0)","v":{"v":19858.11361,"d":"19,858"}},{"$f":"IF(AND(D193<>0,$B$16=\"Yes\"),References!$B$6,0)","v":{"v":100000,"d":"100,000"}},{"v":1752.186495,"d":"1,752"},{"v":9394.0125,"d":"9,394"},{"v":1252.535,"d":"1,253"},{"v":10646.5475,"d":"10,647"},{"v":14404.1525,"d":"14,404"},{"$f":"(M193*12-(VLOOKUP(AB193*12,'Tax table'!$A$3:$C$10,3)*(AB193*12-VLOOKUP(AB193*12,'Tax table'!$A$3:$C$10,1))+VLOOKUP(AB193*12,'Tax table'!$A$3:$C$10,2)))/12","v":{"v":14248.94005,"d":"14,249"}},{"v":10646.5475,"d":"10,647"},{"v":0.7471817175622127,"d":"74.7%"}]
["Member 2111","1963-03-01","M",{"v":150304.2,"d":"150,304"},{"v":0.8,"d":"80%"},{"v":0.85,"d":"85%"},{"v":0.75,"d":"75%"},{"v":0.1,"d":"10%"},null,55,{"v":12525.35,"d":"12,525"},{"v":1252.535,"d":"1,253"},{"v":15656.6875,"d":"15,657"},{"v":14404.1525,"d":"14,404"},{"$f":"(M194*12-(VLOOKUP(N194*12,'Tax table'!$A$3:$C$10,3)*(N194*12-VLOOKUP(N194*12,'Tax table'!$A$3:$C$10,1))+VLOOKUP(N194*12,'Tax table'!$A$3:$C$10,2)))/12","v":{"v":14248.94005,"d":"14,249"}},{"v":11272.815,"d":"11,273"},{"$f":"(VLOOKUP(P194*12,'Tax table'!$A$3:$C$10,3)*(P194*12-VLOOKUP(P194*12,'Tax table'!$A$3:$C$10,1))+VLOOKUP(P194*12,'Tax table'!$A$3:$C$10,2))/12","v":{"v":844.1066999999999,"d":"844"}},{"v":11681.2433,"d":"11,681"},{"v":9929.056805,"d":"9,929"},{"v":0.6968277478997464,"d":"69.7%"},{"v":29787.170415,"d":"29,787"},{"$f":"IF($B$15=\"Yes\",MIN(S194*2,References!$B$7),0)","v":{"v":19858.11361,"d":"19,858"}},{"$f":"IF(AND(D194<>0,$B$16=\"Yes\"),References!$B$6,0)","v":{"v":100000,"d":"100,000"}},{"v":1752.186495,"d":"1,752"},{"v":9394.0125,"d":"9,394"},{"v":1252.535,"d":"1,253"},{"v":10646.5475,"d":"10,647"},{"v":14404.1525,"d":"14,404"},{"$f":"(M194*12-(VLOOKUP(AB194*12,'Tax table'!$A$3:$C$10,3)*(AB194*12-VLOOKUP(AB194*12,'Tax table'!$A$3:$C$10,1))+VLOOKUP(AB194*12,'Tax table'!$A$3:$C$10,2)))/12","v":{"v":14248.94005,"d":"14,249"}},{"v":10646.5475,"d":"10,647"},{"v":0.7471817175622127,"d":"74.7%"}]
["Member 2112","1977-01-10","M",{"v":150304.2,"d":"150,304"},{"v":0.8,"d":"80%"},{"v":0.85,"d":"85%"},{"v":0.75,"d":"75%"},{"v":0.1,"d":"10%"},null,41,{"v":12525.35,"d":"12,525"},{"v":1252.535,"d":"1,253"},{"v":15656.6875,"d":"15,657"},{"v":14404.1525,"d":"14,404"},{"$f":"(M195*12-(VLOOKUP(N195*12,'Tax table'!$A$3:$C$10,3)*(N195*12-VLOOKUP(N195*12,'Tax table'!$A$3:$C$10,1))+VLOOKUP(N195*12,'Tax table'!$A$3:$C$10,2)))/12","v":{"v":14248.94005,"d":"14,249"}},{"v":11272.815,"d":"11,273"},{"$f":"(VLOOKUP(P195*12,'Tax table'!$A$3:$C$10,3)*(P195*12-VLOOKUP(P195*12,'Tax table'!$A$3:$C$10,1))+VLOOKUP(P195*12,'Tax table'!$A$3:$C$10,2))/12","v":{"v":844.1066999999999,"d":"844"}},{"v":11681.2433,"d":"11,681"},{"v":9929.056805,"d":"9,929"},{"v":0.6968277478997464,"d":"69.7%"},{"v":29787.170415,"d":"29,787"},{"$f":"IF($B$15=\"Yes\",MIN(S195*2,References!$B$7),0)","v":{"v":19858.11361,"d":"19,858"}},{"$f":"IF(AND(D195<>0,$B$16=\"Yes\"),References!$B$6,0)","v":{"v":100000,"d":"100,000"}},{"v":1752.186495,"d":"1,752"},{"v":9394.0125,"d":"9,394"},{"v":1252.535,"d":"1,253"},{"v":10646.5475,"d":"10,647"},{"v":14404.1525,"d":"14,404"},{"$f":"(M195*12-(VLOOKUP(AB195*12,'Tax table'!$A$3:$C$10,3)*(AB195*12-VLOOKUP(AB195*12,'Tax table'!$A$3:$C$10,1))+VLOOKUP(AB195*12,'Tax table'!$A$3:$C$10,2)))/12","v":{"v":14248.94005,"d":"14,249"}},{"v":10646.5475,"d":"10,647"},{"v":0.7471817175622127,"d":"74.7%"}]
["Member 2113","1975-02-21","M",{"v":150304.2,"d":"150,304"},{"v":0.8,"d":"80%"},{"v":0.85,"d":"85%"},{"v":0.75,"d":"75%"},{"v":0.1,"d":"10%"},null,43,{"v":12525.35,"d":"12,525"},{"v":1252.535,"d":"1,253"},{"v":15656.6875,"d":"15,657"},{"v":14404.1525,"d":"14,404"},{"$f":"(M196*12-(VLOOKUP(N196*12,'Tax table'!$A$3:$C$10,3)*(N196*12-VLOOKUP(N196*12,'Tax table'!$A$3:$C$10,1))+VLOOKUP(N196*12,'Tax table'!$A$3:$C$10,2)))/12","v":{"v":14248.94005,"d":"14,249"}},{"v":11272.815,"d":"11,273"},{"$f":"(VLOOKUP(P196*12,'Tax table'!$A$3:$C$10,3)*(P196*12-VLOOKUP(P196*12,'Tax table'!$A$3:$C$10,1))+VLOOKUP(P196*12,'Tax table'!$A$3:$C$10,2))/12","v":{"v":844.1066999999999,"d":"844"}},{"v":11681.2433,"d":"11,681"},{"v":9929.056805,"d":"9,929"},{"v":0.6968277478997464,"d":"69.7%"},{"v":29787.170415,"d":"29,787"},{"$f":"IF($B$15=\"Yes\",MIN(S196*2,References!$B$7),0)","v":{"v":19858.11361,"d":"19,858"}},{"$f":"IF(AND(D196<>0,$B$16=\"Yes\"),References!$B$6,0)","v":{"v":100000,"d":"100,000"}},{"v":1752.186495,"d":"1,752"},{"v":9394.0125,"d":"9,394"},{"v":1252.535,"d":"1,253"},{"v":10646.5475,"d":"10,647"},{"v":14404.1525,"d":"14,404"},{"$f":"(M196*12-(VLOOKUP(AB196*12,'Tax table'!$A$3:$C$10,3)*(AB196*12-VLOOKUP(AB196*12,'Tax table'!$A$3:$C$10,1))+VLOOKUP(AB196*12,'Tax table'!$A$3:$C$10,2)))/12","v":{"v":14248.94005,"d":"14,249"}},{"v":10646.5475,"d":"10,647"},{"v":0.7471817175622127,"d":"74.7%"}]
["Member 2114","1973-10-28","M",{"v":150304.2,"d":"150,304"},{"v":0.8,"d":"80%"},{"v":0.85,"d":"85%"},{"v":0.75,"d":"75%"},{"v":0.1,"d":"10%"},null,45,{"v":12525.35,"d":"12,525"},{"v":1252.535,"d":"1,253"},{"v":15656.6875,"d":"15,657"},{"v":14404.1525,"d":"14,404"},{"$f":"(M197*12-(VLOOKUP(N197*12,'Tax table'!$A$3:$C$10,3)*(N197*12-VLOOKUP(N197*12,'Tax table'!$A$3:$C$10,1))+VLOOKUP(N197*12,'Tax table'!$A$3:$C$10,2)))/12","v":{"v":14248.94005,"d":"14,249"}},{"v":11272.815,"d":"11,273"},{"$f":"(VLOOKUP(P197*12,'Tax table'!$A$3:$C$10,3)*(P197*12-VLOOKUP(P197*12,'Tax table'!$A$3:$C$10,1))+VLOOKUP(P197*12,'Tax table'!$A$3:$C$10,2))/12","v":{"v":844.1066999999999,"d":"844"}},{"v":11681.2433,"d":"11,681"},{"v":9929.056805,"d":"9,929"},{"v":0.6968277478997464,"d":"69.7%"},{"v":29787.170415,"d":"29,787"},{"$f":"IF($B$15=\"Yes\",MIN(S197*2,References!$B$7),0)","v":{"v":19858.11361,"d":"19,858"}},{"$f":"IF(AND(D197<>0,$B$16=\"Yes\"),References!$B$6,0)","v":{"v":100000,"d":"100,000"}},{"v":1752.186495,"d":"1,752"},{"v":9394.0125,"d":"9,394"},{"v":1252.535,"d":"1,253"},{"v":10646.5475,"d":"10,647"},{"v":14404.1525,"d":"14,404"},{"$f":"(M197*12-(VLOOKUP(AB197*12,'Tax table'!$A$3:$C$10,3)*(AB197*12-VLOOKUP(AB197*12,'Tax table'!$A$3:$C$10,1))+VLOOKUP(AB197*12,'Tax table'!$A$3:$C$10,2)))/12","v":{"v":14248.94005,"d":"14,249"}},{"v":10646.5475,"d":"10,647"},{"v":0.7471817175622127,"d":"74.7%"}]
["Member 2115","1978-10-09","M",{"v":150304.2,"d":"150,304"},{"v":0.8,"d":"80%"},{"v":0.85,"d":"85%"},{"v":0.75,"d":"75%"},{"v":0.1,"d":"10%"},null,40,{"v":12525.35,"d":"12,525"},{"v":1252.535,"d":"1,253"},{"v":15656.6875,"d":"15,657"},{"v":14404.1525,"d":"14,404"},{"$f":"(M198*12-(VLOOKUP(N198*12,'Tax table'!$A$3:$C$10,3)*(N198*12-VLOOKUP(N198*12,'Tax table'!$A$3:$C$10,1))+VLOOKUP(N198*12,'Tax table'!$A$3:$C$10,2)))/12","v":{"v":14248.94005,"d":"14,249"}},{"v":11272.815,"d":"11,273"},{"$f":"(VLOOKUP(P198*12,'Tax table'!$A$3:$C$10,3)*(P198*12-VLOOKUP(P198*12,'Tax table'!$A$3:$C$10,1))+VLOOKUP(P198*12,'Tax table'!$A$3:$C$10,2))/12","v":{"v":844.1066999999999,"d":"844"}},{"v":11681.2433,"d":"11,681"},{"v":9929.056805,"d":"9,929"},{"v":0.6968277478997464,"d":"69.7%"},{"v":29787.170415,"d":"29,787"},{"$f":"IF($B$15=\"Yes\",MIN(S198*2,References!$B$7),0)","v":{"v":19858.11361,"d":"19,858"}},{"$f":"IF(AND(D198<>0,$B$16=\"Yes\"),References!$B$6,0)","v":{"v":100000,"d":"100,000"}},{"v":1752.186495,"d":"1,752"},{"v":9394.0125,"d":"9,394"},{"v":1252.535,"d":"1,253"},{"v":10646.5475,"d":"10,647"},{"v":14404.1525,"d":"14,404"},{"$f":"(M198*12-(VLOOKUP(AB198*12,'Tax table'!$A$3:$C$10,3)*(AB198*12-VLOOKUP(AB198*12,'Tax table'!$A$3:$C$10,1))+VLOOKUP(AB198*12,'Tax table'!$A$3:$C$10,2)))/12","v":{"v":14248.94005,"d":"14,249"}},{"v":10646.5475,"d":"10,647"},{"v":0.7471817175622127,"d":"74.7%"}]
["Member 2116","1974-11-01","M",{"v":150304.2,"d":"150,304"},{"v":0.8,"d":"80%"},{"v":0.85,"d":"85%"},{"v":0.75,"d":"75%"},{"v":0.1,"d":"10%"},null,44,{"v":12525.35,"d":"12,525"},{"v":1252.535,"d":"1,253"},{"v":15656.6875,"d":"15,657"},{"v":14404.1525,"d":"14,404"},{"$f":"(M199*12-(VLOOKUP(N199*12,'Tax table'!$A$3:$C$10,3)*(N199*12-VLOOKUP(N199*12,'Tax table'!$A$3:$C$10,1))+VLOOKUP(N199*12,'Tax table'!$A$3:$C$10,2)))/12","v":{"v":14248.94005,"d":"14,249"}},{"v":11272.815,"d":"11,273"},{"$f":"(VLOOKUP(P199*12,'Tax table'!$A$3:$C$10,3)*(P199*12-VLOOKUP(P199*12,'Tax table'!$A$3:$C$10,1))+VLOOKUP(P199*12,'Tax table'!$A$3:$C$10,2))/12","v":{"v":844.1066999999999,"d":"844"}},{"v":11681.2433,"d":"11,681"},{"v":9929.056805,"d":"9,929"},{"v":0.6968277478997464,"d":"69.7%"},{"v":29787.170415,"d":"29,787"},{"$f":"IF($B$15=\"Yes\",MIN(S199*2,References!$B$7),0)","v":{"v":19858.11361,"d":"19,858"}},{"$f":"IF(AND(D199<>0,$B$16=\"Yes\"),References!$B$6,0)","v":{"v":100000,"d":"100,000"}},{"v":1752.186495,"d":"1,752"},{"v":9394.0125,"d":"9,394"},{"v":1252.535,"d":"1,253"},{"v":10646.5475,"d":"10,647"},{"v":14404.1525,"d":"14,404"},{"$f":"(M199*12-(VLOOKUP(AB199*12,'Tax table'!$A$3:$C$10,3)*(AB199*12-VLOOKUP(AB199*12,'Tax table'!$A$3:$C$10,1))+VLOOKUP(AB199*12,'Tax table'!$A$3:$C$10,2)))/12","v":{"v":14248.94005,"d":"14,249"}},{"v":10646.5475,"d":"10,647"},{"v":0.7471817175622127,"d":"74.7%"}]
["Member 2117","1978-06-16","M",{"v":150304.2,"d":"150,304"},{"v":0.8,"d":"80%"},{"v":0.85,"d":"85%"},{"v":0.75,"d":"75%"},{"v":0.1,"d":"10%"},null,40,{"v":12525.35,"d":"12,525"},{"v":1252.535,"d":"1,253"},{"v":15656.6875,"d":"15,657"},{"v":14404.1525,"d":"14,404"},{"$f":"(M200*12-(VLOOKUP(N200*12,'Tax table'!$A$3:$C$10,3)*(N200*12-VLOOKUP(N200*12,'Tax table'!$A$3:$C$10,1))+VLOOKUP(N200*12,'Tax table'!$A$3:$C$10,2)))/12","v":{"v":14248.94005,"d":"14,249"}},{"v":11272.815,"d":"11,273"},{"$f":"(VLOOKUP(P200*12,'Tax table'!$A$3:$C$10,3)*(P200*12-VLOOKUP(P200*12,'Tax table'!$A$3:$C$10,1))+VLOOKUP(P200*12,'Tax table'!$A$3:$C$10,2))/12","v":{"v":844.1066999999999,"d":"844"}},{"v":11681.2433,"d":"11,681"},{"v":9929.056805,"d":"9,929"},{"v":0.6968277478997464,"d":"69.7%"},{"v":29787.170415,"d":"29,787"},{"$f":"IF($B$15=\"Yes\",MIN(S200*2,References!$B$7),0)","v":{"v":19858.11361,"d":"19,858"}},{"$f":"IF(AND(D200<>0,$B$16=\"Yes\"),References!$B$6,0)","v":{"v":100000,"d":"100,000"}},{"v":1752.186495,"d":"1,752"},{"v":9394.0125,"d":"9,394"},{"v":1252.535,"d":"1,253"},{"v":10646.5475,"d":"10,647"},{"v":14404.1525,"d":"14,404"},{"$f":"(M200*12-(VLOOKUP(AB200*12,'Tax table'!$A$3:$C$10,3)*(AB200*12-VLOOKUP(AB200*12,'Tax table'!$A$3:$C$10,1))+VLOOKUP(AB200*12,'Tax table'!$A$3:$C$10,2)))/12","v":{"v":14248.94005,"d":"14,249"}},{"v":10646.5475,"d":"10,647"},{"v":0.7471817175622127,"d":"74.7%"}]
["Member 2104","1976-02-05","M",{"v":150477.12,"d":"150,477"},{"v":0.8,"d":"80%"},{"v":0.85,"d":"85%"},{"v":0.75,"d":"75%"},{"v":0.1,"d":"10%"},null,42,{"v":12539.76,"d":"12,540"},{"v":1253.976,"d":"1,254"},{"v":15674.699999999999,"d":"15,675"},{"v":14420.723999999998,"d":"14,421"},{"$f":"(M201*12-(VLOOKUP(N201*12,'Tax table'!$A$3:$C$10,3)*(N201*12-VLOOKUP(N201*12,'Tax table'!$A$3:$C$10,1))+VLOOKUP(N201*12,'Tax table'!$A$3:$C$10,2)))/12","v":{"v":14263.96968,"d":"14,264"}},{"v":11285.784,"d":"11,286"},{"$f":"(VLOOKUP(P201*12,'Tax table'!$A$3:$C$10,3)*(P201*12-VLOOKUP(P201*12,'Tax table'!$A$3:$C$10,1))+VLOOKUP(P201*12,'Tax table'!$A$3:$C$10,2))/12","v":{"v":846.44112,"d":"846"}},{"v":11693.31888,"d":"11,693"},{"v":9939.321048,"d":"9,939"},{"v":0.6968131082006057,"d":"69.7%"},{"v":29817.963144,"d":"29,818"},{"$f":"IF($B$15=\"Yes\",MIN(S201*2,References!$B$7),0)","v":{"v":19878.642096,"d":"19,879"}},{"$f":"IF(AND(D201<>0,$B$16=\"Yes\"),References!$B$6,0)","v":{"v":100000,"d":"100,000"}},{"v":1753.997832000001,"d":"1,754"},{"v":9404.82,"d":"9,405"},{"v":1253.976,"d":"1,254"},{"v":10658.796,"d":"10,659"},{"v":14420.723999999998,"d":"14,421"},{"$f":"(M201*12-(VLOOKUP(AB201*12,'Tax table'!$A$3:$C$10,3)*(AB201*12-VLOOKUP(AB201*12,'Tax table'!$A$3:$C$10,1))+VLOOKUP(AB201*12,'Tax table'!$A$3:$C$10,2)))/12","v":{"v":14263.96968,"d":"14,264"}},{"v":10658.796,"d":"10,659"},{"v":0.7472531307287523,"d":"74.7%"}]
["Member 2103","1968-03-15","M",{"v":150536.4,"d":"150,536"},{"v":0.8,"d":"80%"},{"v":0.85,"d":"85%"},{"v":0.75,"d":"75%"},{"v":0.1,"d":"10%"},null,50,{"v":12544.699999999999,"d":"12,545"},{"v":1254.47,"d":"1,254"},{"v":15680.874999999998,"d":"15,681"},{"v":14426.404999999999,"d":"14,426"},{"$f":"(M202*12-(VLOOKUP(N202*12,'Tax table'!$A$3:$C$10,3)*(N202*12-VLOOKUP(N202*12,'Tax table'!$A$3:$C$10,1))+VLOOKUP(N202*12,'Tax table'!$A$3:$C$10,2)))/12","v":{"v":14269.122099999999,"d":"14,269"}},{"v":11290.23,"d":"11,290"},{"$f":"(VLOOKUP(P202*12,'Tax table'!$A$3:$C$10,3)*(P202*12-VLOOKUP(P202*12,'Tax table'!$A$3:$C$10,1))+VLOOKUP(P202*12,'Tax table'!$A$3:$C$10,2))/12","v":{"v":847.2414,"d":"847"}},{"v":11697.458599999998,"d":"11,697"},{"v":9942.839809999998,"d":"9,943"},{"v":0.696808096554167,"d":"69.7%"},{"v":29828.519429999993,"d":"29,829"},{"$f":"IF($B$15=\"Yes\",MIN(S202*2,References!$B$7),0)","v":{"v":19885.679619999995,"d":"19,886"}},{"$f":"IF(AND(D202<>0,$B$16=\"Yes\"),References!$B$6,0)","v":{"v":100000,"d":"100,000"}},{"v":1754.6187900000004,"d":"1,755"},{"v":9408.525,"d":"9,409"},{"v":1254.47,"d":"1,254"},{"v":10662.994999999999,"d":"10,663"},{"v":14426.404999999999,"d":"14,426"},{"$f":"(M202*12-(VLOOKUP(AB202*12,'Tax table'!$A$3:$C$10,3)*(AB202*12-VLOOKUP(AB202*12,'Tax table'!$A$3:$C$10,1))+VLOOKUP(AB202*12,'Tax table'!$A$3:$C$10,2)))/12","v":{"v":14269.122099999999,"d":"14,269"}},{"v":10662.994999999999,"d":"10,663"},{"v":0.7472775777845506,"d":"74.7%"}]
["Member 2102","1966-12-22","M",{"v":150562.8,"d":"150,563"},{"v":0.8,"d":"80%"},{"v":0.85,"d":"85%"},{"v":0.75,"d":"75%"},{"v":0.1,"d":"10%"},null,51,{"v":12546.9,"d":"12,547"},{"v":1254.69,"d":"1,255"},{"v":15683.624999999998,"d":"15,684"},{"v":14428.934999999998,"d":"14,429"},{"$f":"(M203*12-(VLOOKUP(N203*12,'Tax table'!$A$3:$C$10,3)*(N203*12-VLOOKUP(N203*12,'Tax table'!$A$3:$C$10,1))+VLOOKUP(N203*12,'Tax table'!$A$3:$C$10,2)))/12","v":{"v":14271.416699999996,"d":"14,271"}},{"v":11292.21,"d":"11,292"},{"$f":"(VLOOKUP(P203*12,'Tax table'!$A$3:$C$10,3)*(P203*12-VLOOKUP(P203*12,'Tax table'!$A$3:$C$10,1))+VLOOKUP(P203*12,'Tax table'!$A$3:$C$10,2))/12","v":{"v":847.5977999999999,"d":"848"}},{"v":11699.3022,"d":"11,699"},{"v":9944.40687,"d":"9,944"},{"v":0.6968058658114862,"d":"69.7%"},{"v":29833.220610000004,"d":"29,833"},{"$f":"IF($B$15=\"Yes\",MIN(S203*2,References!$B$7),0)","v":{"v":19888.81374,"d":"19,889"}},{"$f":"IF(AND(D203<>0,$B$16=\"Yes\"),References!$B$6,0)","v":{"v":100000,"d":"100,000"}},{"v":1754.8953299999994,"d":"1,755"},{"v":9410.175,"d":"9,410"},{"v":1254.69,"d":"1,255"},{"v":10664.865,"d":"10,665"},{"v":14428.934999999998,"d":"14,429"},{"$f":"(M203*12-(VLOOKUP(AB203*12,'Tax table'!$A$3:$C$10,3)*(AB203*12-VLOOKUP(AB203*12,'Tax table'!$A$3:$C$10,1))+VLOOKUP(AB203*12,'Tax table'!$A$3:$C$10,2)))/12","v":{"v":14271.416699999996,"d":"14,271"}},{"v":10664.865,"d":"10,665"},{"v":0.7472884594561662,"d":"74.7%"}]
["Member 2101","1986-04-14","M",{"v":150684.6,"d":"150,685"},{"v":0.8,"d":"80%"},{"v":0.85,"d":"85%"},{"v":0.75,"d":"75%"},{"v":0.1,"d":"10%"},null,32,{"v":12557.050000000001,"d":"12,557"},{"v":1255.7050000000002,"d":"1,256"},{"v":15696.3125,"d":"15,696"},{"v":14440.6075,"d":"14,441"},{"$f":"(M204*12-(VLOOKUP(N204*12,'Tax table'!$A$3:$C$10,3)*(N204*12-VLOOKUP(N204*12,'Tax table'!$A$3:$C$10,1))+VLOOKUP(N204*12,'Tax table'!$A$3:$C$10,2)))/12","v":{"v":14282.003149999999,"d":"14,282"}},{"v":11301.345000000001,"d":"11,301"},{"$f":"(VLOOKUP(P204*12,'Tax table'!$A$3:$C$10,3)*(P204*12-VLOOKUP(P204*12,'Tax table'!$A$3:$C$10,1))+VLOOKUP(P204*12,'Tax table'!$A$3:$C$10,2))/12","v":{"v":849.2421000000003,"d":"849"}},{"v":11707.807900000002,"d":"11,708"},{"v":9951.636715,"d":"9,952"},{"v":0.6967955832582211,"d":"69.7%"},{"v":29854.910145,"d":"29,855"},{"$f":"IF($B$15=\"Yes\",MIN(S204*2,References!$B$7),0)","v":{"v":19903.27343,"d":"19,903"}},{"$f":"IF(AND(D204<>0,$B$16=\"Yes\"),References!$B$6,0)","v":{"v":100000,"d":"100,000"}},{"v":1756.171185000001,"d":"1,756"},{"v":9417.7875,"d":"9,418"},{"v":1255.7050000000002,"d":"1,256"},{"v":10673.4925,"d":"10,673"},{"v":14440.6075,"d":"14,441"},{"$f":"(M204*12-(VLOOKUP(AB204*12,'Tax table'!$A$3:$C$10,3)*(AB204*12-VLOOKUP(AB204*12,'Tax table'!$A$3:$C$10,1))+VLOOKUP(AB204*12,'Tax table'!$A$3:$C$10,2)))/12","v":{"v":14282.003149999999,"d":"14,282"}},{"v":10673.4925,"d":"10,673"},{"v":0.7473386182525804,"d":"74.7%"}]
["Member 2100","1979-11-03","M",{"v":150717.48,"d":"150,717"},{"v":0.8,"d":"80%"},{"v":0.85,"d":"85%"},{"v":0.75,"d":"75%"},{"v":0.1,"d":"10%"},null,39,{"v":12559.79,"d":"12,560"},{"v":1255.9790000000003,"d":"1,256"},{"v":15699.737500000001,"d":"15,700"},{"v":14443.7585,"d":"14,444"},{"$f":"(M205*12-(VLOOKUP(N205*12,'Tax table'!$A$3:$C$10,3)*(N205*12-VLOOKUP(N205*12,'Tax table'!$A$3:$C$10,1))+VLOOKUP(N205*12,'Tax table'!$A$3:$C$10,2)))/12","v":{"v":14284.86097,"d":"14,285"}},{"v":11303.811000000002,"d":"11,304"},{"$f":"(VLOOKUP(P205*12,'Tax table'!$A$3:$C$10,3)*(P205*12-VLOOKUP(P205*12,'Tax table'!$A$3:$C$10,1))+VLOOKUP(P205*12,'Tax table'!$A$3:$C$10,2))/12","v":{"v":849.6859800000002,"d":"850"}},{"v":11710.10402,"d":"11,710"},{"v":9953.588417,"d":"9,954"},{"v":0.6967928100878115,"d":"69.7%"},{"v":29860.765251000004,"d":"29,861"},{"$f":"IF($B$15=\"Yes\",MIN(S205*2,References!$B$7),0)","v":{"v":19907.176834,"d":"19,907"}},{"$f":"IF(AND(D205<>0,$B$16=\"Yes\"),References!$B$6,0)","v":{"v":100000,"d":"100,000"}},{"v":1756.5156029999998,"d":"1,757"},{"v":9419.8425,"d":"9,420"},{"v":1255.9790000000003,"d":"1,256"},{"v":10675.821500000002,"d":"10,676"},{"v":14443.7585,"d":"14,444"},{"$f":"(M205*12-(VLOOKUP(AB205*12,'Tax table'!$A$3:$C$10,3)*(AB205*12-VLOOKUP(AB205*12,'Tax table'!$A$3:$C$10,1))+VLOOKUP(AB205*12,'Tax table'!$A$3:$C$10,2)))/12","v":{"v":14284.86097,"d":"14,285"}},{"v":10675.821500000002,"d":"10,676"},{"v":0.747352145913115,"d":"74.7%"}]
["Member 2099","1986-05-13","M",{"v":151189.2,"d":"151,189"},{"v":0.8,"d":"80%"},{"v":0.85,"d":"85%"},{"v":0.75,"d":"75%"},{"v":0.1,"d":"10%"},null,32,{"v":12599.1,"d":"12,599"},{"v":1259.91,"d":"1,260"},{"v":15748.875,"d":"15,749"},{"v":14488.965,"d":"14,489"},{"$f":"(M206*12-(VLOOKUP(N206*12,'Tax table'!$A$3:$C$10,3)*(N206*12-VLOOKUP(N206*12,'Tax table'!$A$3:$C$10,1))+VLOOKUP(N206*12,'Tax table'!$A$3:$C$10,2)))/12","v":{"v":14325.861299999999,"d":"14,326"}},{"v":11339.19,"d":"11,339"},{"$f":"(VLOOKUP(P206*12,'Tax table'!$A$3:$C$10,3)*(P206*12-VLOOKUP(P206*12,'Tax table'!$A$3:$C$10,1))+VLOOKUP(P206*12,'Tax table'!$A$3:$C$10,2))/12","v":{"v":856.0541999999999,"d":"856"}},{"v":11743.0458,"d":"11,743"},{"v":9981.58893,"d":"9,982"},{"v":0.6967531460045617,"d":"69.7%"},{"v":29944.76679,"d":"29,945"},{"$f":"IF($B$15=\"Yes\",MIN(S206*2,References!$B$7),0)","v":{"v":19963.17786,"d":"19,963"}},{"$f":"IF(AND(D206<>0,$B$16=\"Yes\"),References!$B$6,0)","v":{"v":100000,"d":"100,000"}},{"v":1761.45687,"d":"1,761"},{"v":9449.325,"d":"9,449"},{"v":1259.91,"d":"1,260"},{"v":10709.235,"d":"10,709"},{"v":14488.965,"d":"14,489"},{"$f":"(M206*12-(VLOOKUP(AB206*12,'Tax table'!$A$3:$C$10,3)*(AB206*12-VLOOKUP(AB206*12,'Tax table'!$A$3:$C$10,1))+VLOOKUP(AB206*12,'Tax table'!$A$3:$C$10,2)))/12","v":{"v":14325.861299999999,"d":"14,326"}},{"v":10709.235,"d":"10,709"},{"v":0.7475456292460406,"d":"74.8%"}]
["Member 2098","1973-07-05","M",{"v":151189.32,"d":"151,189"},{"v":0.8,"d":"80%"},{"v":0.85,"d":"85%"},{"v":0.75,"d":"75%"},{"v":0.1,"d":"10%"},null,45,{"v":12599.11,"d":"12,599"},{"v":1259.911,"d":"1,260"},{"v":15748.8875,"d":"15,749"},{"v":14488.9765,"d":"14,489"},{"$f":"(M207*12-(VLOOKUP(N207*12,'Tax table'!$A$3:$C$10,3)*(N207*12-VLOOKUP(N207*12,'Tax table'!$A$3:$C$10,1))+VLOOKUP(N207*12,'Tax table'!$A$3:$C$10,2)))/12","v":{"v":14325.87173,"d":"14,326"}},{"v":11339.199,"d":"11,339"},{"$f":"(VLOOKUP(P207*12,'Tax table'!$A$3:$C$10,3)*(P207*12-VLOOKUP(P207*12,'Tax table'!$A$3:$C$10,1))+VLOOKUP(P207*12,'Tax table'!$A$3:$C$10,2))/12","v":{"v":856.05582,"d":"856"}},{"v":11743.054180000001,"d":"11,743"},{"v":9981.596053000001,"d":"9,982"},{"v":0.6967531359433721,"d":"69.7%"},{"v":29944.788159000003,"d":"29,945"},{"$f":"IF($B$15=\"Yes\",MIN(S207*2,References!$B$7),0)","v":{"v":19963.192106000002,"d":"19,963"}},{"$f":"IF(AND(D207<>0,$B$16=\"Yes\"),References!$B$6,0)","v":{"v":100000,"d":"100,000"}},{"v":1761.4581269999999,"d":"1,761"},{"v":9449.3325,"d":"9,449"},{"v":1259.911,"d":"1,260"},{"v":10709.2435,"d":"10,709"},{"v":14488.9765,"d":"14,489"},{"$f":"(M207*12-(VLOOKUP(AB207*12,'Tax table'!$A$3:$C$10,3)*(AB207*12-VLOOKUP(AB207*12,'Tax table'!$A$3:$C$10,1))+VLOOKUP(AB207*12,'Tax table'!$A$3:$C$10,2)))/12","v":{"v":14325.87173,"d":"14,326"}},{"v":10709.2435,"d":"10,709"},{"v":0.7475456783250146,"d":"74.8%"}]
["Member 2097","1971-12-29","M",{"v":151231.2,"d":"151,231"},{"v":0.8,"d":"80%"},{"v":0.85,"d":"85%"},{"v":0.75,"d":"75%"},{"v":0.1,"d":"10%"},null,46,{"v":12602.6,"d":"12,603"},{"v":1260.2600000000002,"d":"1,260"},{"v":15753.25,"d":"15,753"},{"v":14492.99,"d":"14,493"},{"$f":"(M208*12-(VLOOKUP(N208*12,'Tax table'!$A$3:$C$10,3)*(N208*12-VLOOKUP(N208*12,'Tax table'!$A$3:$C$10,1))+VLOOKUP(N208*12,'Tax table'!$A$3:$C$10,2)))/12","v":{"v":14329.5118,"d":"14,330"}},{"v":11342.34,"d":"11,342"},{"$f":"(VLOOKUP(P208*12,'Tax table'!$A$3:$C$10,3)*(P208*12-VLOOKUP(P208*12,'Tax table'!$A$3:$C$10,1))+VLOOKUP(P208*12,'Tax table'!$A$3:$C$10,2))/12","v":{"v":856.6212000000002,"d":"857"}},{"v":11745.9788,"d":"11,746"},{"v":9984.08198,"d":"9,984"},{"v":0.6967496254827049,"d":"69.7%"},{"v":29952.24594,"d":"29,952"},{"$f":"IF($B$15=\"Yes\",MIN(S208*2,References!$B$7),0)","v":{"v":19968.16396,"d":"19,968"}},{"$f":"IF(AND(D208<>0,$B$16=\"Yes\"),References!$B$6,0)","v":{"v":100000,"d":"100,000"}},{"v":1761.89682,"d":"1,762"},{"v":9451.95,"d":"9,452"},{"v":1260.2600000000002,"d":"1,260"},{"v":10712.210000000001,"d":"10,712"},{"v":14492.99,"d":"14,493"},{"$f":"(M208*12-(VLOOKUP(AB208*12,'Tax table'!$A$3:$C$10,3)*(AB208*12-VLOOKUP(AB208*12,'Tax table'!$A$3:$C$10,1))+VLOOKUP(AB208*12,'Tax table'!$A$3:$C$10,2)))/12","v":{"v":14329.5118,"d":"14,330"}},{"v":10712.210000000001,"d":"10,712"},{"v":0.747562802523391,"d":"74.8%"}]
["Member 2096","1973-01-31","F",{"v":151321.44,"d":"151,321"},{"v":0.8,"d":"80%"},{"v":0.85,"d":"85%"},{"v":0.75,"d":"75%"},{"v":0.1,"d":"10%"},null,45,{"v":12610.12,"d":"12,610"},{"v":1261.0120000000002,"d":"1,261"},{"v":15762.65,"d":"15,763"},{"v":14501.637999999999,"d":"14,502"},{"$f":"(M209*12-(VLOOKUP(N209*12,'Tax table'!$A$3:$C$10,3)*(N209*12-VLOOKUP(N209*12,'Tax table'!$A$3:$C$10,1))+VLOOKUP(N209*12,'Tax table'!$A$3:$C$10,2)))/12","v":{"v":14337.35516,"d":"14,337"}},{"v":11349.108,"d":"11,349"},{"$f":"(VLOOKUP(P209*12,'Tax table'!$A$3:$C$10,3)*(P209*12-VLOOKUP(P209*12,'Tax table'!$A$3:$C$10,1))+VLOOKUP(P209*12,'Tax table'!$A$3:$C$10,2))/12","v":{"v":857.8394400000001,"d":"858"}},{"v":11752.280560000001,"d":"11,752"},{"v":9989.438476000001,"d":"9,989"},{"v":0.6967420674539531,"d":"69.7%"},{"v":29968.315428,"d":"29,968"},{"$f":"IF($B$15=\"Yes\",MIN(S209*2,References!$B$7),0)","v":{"v":19978.876952000002,"d":"19,979"}},{"$f":"IF(AND(D209<>0,$B$16=\"Yes\"),References!$B$6,0)","v":{"v":100000,"d":"100,000"}},{"v":1762.8420839999999,"d":"1,763"},{"v":9457.59,"d":"9,458"},{"v":1261.0120000000002,"d":"1,261"},{"v":10718.602,"d":"10,719"},{"v":14501.637999999999,"d":"14,502"},{"$f":"(M209*12-(VLOOKUP(AB209*12,'Tax table'!$A$3:$C$10,3)*(AB209*12-VLOOKUP(AB209*12,'Tax table'!$A$3:$C$10,1))+VLOOKUP(AB209*12,'Tax table'!$A$3:$C$10,2)))/12","v":{"v":14337.35516,"d":"14,337"}},{"v":10718.602,"d":"10,719"},{"v":0.7475996709563273,"d":"74.8%"}]
["Member 2095","1961-08-07","F",{"v":151432.56,"d":"151,433"},{"v":0.8,"d":"80%"},{"v":0.85,"d":"85%"},{"v":0.75,"d":"75%"},{"v":0.1,"d":"10%"},null,57,{"v":12619.38,"d":"12,619"},{"v":1261.938,"d":"1,262"},{"v":15774.224999999999,"d":"15,774"},{"v":14512.286999999998,"d":"14,512"},{"$f":"(M210*12-(VLOOKUP(N210*12,'Tax table'!$A$3:$C$10,3)*(N210*12-VLOOKUP(N210*12,'Tax table'!$A$3:$C$10,1))+VLOOKUP(N210*12,'Tax table'!$A$3:$C$10,2)))/12","v":{"v":14347.01334,"d":"14,347"}},{"v":11357.442,"d":"11,357"},{"$f":"(VLOOKUP(P210*12,'Tax table'!$A$3:$C$10,3)*(P210*12-VLOOKUP(P210*12,'Tax table'!$A$3:$C$10,1))+VLOOKUP(P210*12,'Tax table'!$A$3:$C$10,2))/12","v":{"v":859.33956,"d":"859"}},{"v":11760.040439999999,"d":"11,760"},{"v":9996.034373999999,"d":"9,996"},{"v":0.696732771979147,"d":"69.7%"},{"v":29988.103121999997,"d":"29,988"},{"$f":"IF($B$15=\"Yes\",MIN(S210*2,References!$B$7),0)","v":{"v":19992.068747999998,"d":"19,992"}},{"$f":"IF(AND(D210<>0,$B$16=\"Yes\"),References!$B$6,0)","v":{"v":100000,"d":"100,000"}},{"v":1764.006066,"d":"1,764"},{"v":9464.535,"d":"9,465"},{"v":1261.938,"d":"1,262"},{"v":10726.473,"d":"10,726"},{"v":14512.286999999998,"d":"14,512"},{"$f":"(M210*12-(VLOOKUP(AB210*12,'Tax table'!$A$3:$C$10,3)*(AB210*12-VLOOKUP(AB210*12,'Tax table'!$A$3:$C$10,1))+VLOOKUP(AB210*12,'Tax table'!$A$3:$C$10,2)))/12","v":{"v":14347.01334,"d":"14,347"}},{"v":10726.473,"d":"10,726"},{"v":0.7476450147358684,"d":"74.8%"}]
["Member 2094","1989-08-20","M",{"v":151570.8,"d":"151,571"},{"v":0.8,"d":"80%"},{"v":0.85,"d":"85%"},{"v":0.75,"d":"75%"},{"v":0.1,"d":"10%"},null,29,{"v":12630.9,"d":"12,631"},{"v":1263.0900000000001,"d":"1,263"},{"v":15788.624999999998,"d":"15,789"},{"v":14525.534999999998,"d":"14,526"},{"$f":"(M211*12-(VLOOKUP(N211*12,'Tax table'!$A$3:$C$10,3)*(N211*12-VLOOKUP(N211*12,'Tax table'!$A$3:$C$10,1))+VLOOKUP(N211*12,'Tax table'!$A$3:$C$10,2)))/12","v":{"v":14359.028699999997,"d":"14,359"}},{"v":11367.81,"d":"11,368"},{"$f":"(VLOOKUP(P211*12,'Tax table'!$A$3:$C$10,3)*(P211*12-VLOOKUP(P211*12,'Tax table'!$A$3:$C$10,1))+VLOOKUP(P211*12,'Tax table'!$A$3:$C$10,2))/12","v":{"v":861.2058000000001,"d":"861"}},{"v":11769.6942,"d":"11,770"},{"v":10004.24007,"d":"10,004"},{"v":0.696721225301263,"d":"69.7%"},{"v":30012.72021,"d":"30,013"},{"$f":"IF($B$15=\"Yes\",MIN(S211*2,References!$B$7),0)","v":{"v":20008.48014,"d":"20,008"}},{"$f":"IF(AND(D211<>0,$B$16=\"Yes\"),References!$B$6,0)","v":{"v":100000,"d":"100,000"}},{"v":1765.45413,"d":"1,765"},{"v":9473.175,"d":"9,473"},{"v":1263.0900000000001,"d":"1,263"},{"v":10736.265,"d":"10,736"},{"v":14525.534999999998,"d":"14,526"},{"$f":"(M211*12-(VLOOKUP(AB211*12,'Tax table'!$A$3:$C$10,3)*(AB211*12-VLOOKUP(AB211*12,'Tax table'!$A$3:$C$10,1))+VLOOKUP(AB211*12,'Tax table'!$A$3:$C$10,2)))/12","v":{"v":14359.028699999997,"d":"14,359"}},{"v":10736.265,"d":"10,736"},{"v":0.7477013399938397,"d":"74.8%"}]
["Member 2092","1978-09-21","F",{"v":151778.04,"d":"151,778"},{"v":0.8,"d":"80%"},{"v":0.85,"d":"85%"},{"v":0.75,"d":"75%"},{"v":0.1,"d":"10%"},null,40,{"v":12648.17,"d":"12,648"},{"v":1264.817,"d":"1,265"},{"v":15810.2125,"d":"15,810"},{"v":14545.395499999999,"d":"14,545"},{"$f":"(M212*12-(VLOOKUP(N212*12,'Tax table'!$A$3:$C$10,3)*(N212*12-VLOOKUP(N212*12,'Tax table'!$A$3:$C$10,1))+VLOOKUP(N212*12,'Tax table'!$A$3:$C$10,2)))/12","v":{"v":14377.04131,"d":"14,377"}},{"v":11383.353,"d":"11,383"},{"$f":"(VLOOKUP(P212*12,'Tax table'!$A$3:$C$10,3)*(P212*12-VLOOKUP(P212*12,'Tax table'!$A$3:$C$10,1))+VLOOKUP(P212*12,'Tax table'!$A$3:$C$10,2))/12","v":{"v":864.0035399999996,"d":"864"}},{"v":11784.16646,"d":"11,784"},{"v":10016.541491,"d":"10,017"},{"v":0.6967039514613456,"d":"69.7%"},{"v":30049.624473,"d":"30,050"},{"$f":"IF($B$15=\"Yes\",MIN(S212*2,References!$B$7),0)","v":{"v":20033.082982,"d":"20,033"}},{"$f":"IF(AND(D212<>0,$B$16=\"Yes\"),References!$B$6,0)","v":{"v":100000,"d":"100,000"}},{"v":1767.6249690000004,"d":"1,768"},{"v":9486.1275,"d":"9,486"},{"v":1264.817,"d":"1,265"},{"v":10750.944500000001,"d":"10,751"},{"v":14545.395499999999,"d":"14,545"},{"$f":"(M212*12-(VLOOKUP(AB212*12,'Tax table'!$A$3:$C$10,3)*(AB212*12-VLOOKUP(AB212*12,'Tax table'!$A$3:$C$10,1))+VLOOKUP(AB212*12,'Tax table'!$A$3:$C$10,2)))/12","v":{"v":14377.04131,"d":"14,377"}},{"v":10750.944500000001,"d":"10,751"},{"v":0.7477856026275826,"d":"74.8%"}]
["Member 2093","1981-07-06","M",{"v":151778.04,"d":"151,778"},{"v":0.8,"d":"80%"},{"v":0.85,"d":"85%"},{"v":0.75,"d":"75%"},{"v":0.1,"d":"10%"},null,37,{"v":12648.17,"d":"12,648"},{"v":1264.817,"d":"1,265"},{"v":15810.2125,"d":"15,810"},{"v":14545.395499999999,"d":"14,545"},{"$f":"(M213*12-(VLOOKUP(N213*12,'Tax table'!$A$3:$C$10,3)*(N213*12-VLOOKUP(N213*12,'Tax table'!$A$3:$C$10,1))+VLOOKUP(N213*12,'Tax table'!$A$3:$C$10,2)))/12","v":{"v":14377.04131,"d":"14,377"}},{"v":11383.353,"d":"11,383"},{"$f":"(VLOOKUP(P213*12,'Tax table'!$A$3:$C$10,3)*(P213*12-VLOOKUP(P213*12,'Tax table'!$A$3:$C$10,1))+VLOOKUP(P213*12,'Tax table'!$A$3:$C$10,2))/12","v":{"v":864.0035399999996,"d":"864"}},{"v":11784.16646,"d":"11,784"},{"v":10016.541491,"d":"10,017"},{"v":0.6967039514613456,"d":"69.7%"},{"v":30049.624473,"d":"30,050"},{"$f":"IF($B$15=\"Yes\",MIN(S213*2,References!$B$7),0)","v":{"v":20033.082982,"d":"20,033"}},{"$f":"IF(AND(D213<>0,$B$16=\"Yes\"),References!$B$6,0)","v":{"v":100000,"d":"100,000"}},{"v":1767.6249690000004,"d":"1,768"},{"v":9486.1275,"d":"9,486"},{"v":1264.817,"d":"1,265"},{"v":10750.944500000001,"d":"10,751"},{"v":14545.395499999999,"d":"14,545"},{"$f":"(M213*12-(VLOOKUP(AB213*12,'Tax table'!$A$3:$C$10,3)*(AB213*12-VLOOKUP(AB213*12,'Tax table'!$A$3:$C$10,1))+VLOOKUP(AB213*12,'Tax table'!$A$3:$C$10,2)))/12","v":{"v":14377.04131,"d":"14,377"}},{"v":10750.944500000001,"d":"10,751"},{"v":0.7477856026275826,"d":"74.8%"}]
["Member 2091","1962-09-29","F",{"v":152139.72,"d":"152,140"},{"v":0.8,"d":"80%"},{"v":0.85,"d":"85%"},{"v":0.75,"d":"75%"},{"v":0.1,"d":"10%"},null,56,{"v":12678.31,"d":"12,678"},{"v":1267.8310000000001,"d":"1,268"},{"v":15847.887499999999,"d":"15,848"},{"v":14580.056499999999,"d":"14,580"},{"$f":"(M214*12-(VLOOKUP(N214*12,'Tax table'!$A$3:$C$10,3)*(N214*12-VLOOKUP(N214*12,'Tax table'!$A$3:$C$10,1))+VLOOKUP(N214*12,'Tax table'!$A$3:$C$10,2)))/12","v":{"v":14408.47733,"d":"14,408"}},{"v":11410.479,"d":"11,410"},{"$f":"(VLOOKUP(P214*12,'Tax table'!$A$3:$C$10,3)*(P214*12-VLOOKUP(P214*12,'Tax table'!$A$3:$C$10,1))+VLOOKUP(P214*12,'Tax table'!$A$3:$C$10,2))/12","v":{"v":868.8862199999999,"d":"869"}},{"v":11809.42378,"d":"11,809"},{"v":10038.010213,"d":"10,038"},{"v":0.6966739082206683,"d":"69.7%"},{"v":30114.030638999997,"d":"30,114"},{"$f":"IF($B$15=\"Yes\",MIN(S214*2,References!$B$7),0)","v":{"v":20076.020426,"d":"20,076"}},{"$f":"IF(AND(D214<>0,$B$16=\"Yes\"),References!$B$6,0)","v":{"v":100000,"d":"100,000"}},{"v":1771.4135669999996,"d":"1,771"},{"v":9508.7325,"d":"9,509"},{"v":1267.8310000000001,"d":"1,268"},{"v":10776.5635,"d":"10,777"},{"v":14580.056499999999,"d":"14,580"},{"$f":"(M214*12-(VLOOKUP(AB214*12,'Tax table'!$A$3:$C$10,3)*(AB214*12-VLOOKUP(AB214*12,'Tax table'!$A$3:$C$10,1))+VLOOKUP(AB214*12,'Tax table'!$A$3:$C$10,2)))/12","v":{"v":14408.47733,"d":"14,408"}},{"v":10776.5635,"d":"10,777"},{"v":0.7479321550211302,"d":"74.8%"}]
["Member 2090","1957-03-15","M",{"v":152290.92,"d":"152,291"},{"v":0.8,"d":"80%"},{"v":0.85,"d":"85%"},{"v":0.75,"d":"75%"},{"v":0.1,"d":"10%"},null,61,{"v":12690.910000000002,"d":"12,691"},{"v":1269.0910000000003,"d":"1,269"},{"v":15863.6375,"d":"15,864"},{"v":14594.5465,"d":"14,595"},{"$f":"(M215*12-(VLOOKUP(N215*12,'Tax table'!$A$3:$C$10,3)*(N215*12-VLOOKUP(N215*12,'Tax table'!$A$3:$C$10,1))+VLOOKUP(N215*12,'Tax table'!$A$3:$C$10,2)))/12","v":{"v":14421.619130000001,"d":"14,422"}},{"v":11421.819000000001,"d":"11,422"},{"$f":"(VLOOKUP(P215*12,'Tax table'!$A$3:$C$10,3)*(P215*12-VLOOKUP(P215*12,'Tax table'!$A$3:$C$10,1))+VLOOKUP(P215*12,'Tax table'!$A$3:$C$10,2))/12","v":{"v":870.9274200000001,"d":"871"}},{"v":11819.982580000002,"d":"11,820"},{"v":10046.985193,"d":"10,047"},{"v":0.6966613874929035,"d":"69.7%"},{"v":30140.955579,"d":"30,141"},{"$f":"IF($B$15=\"Yes\",MIN(S215*2,References!$B$7),0)","v":{"v":20093.970386,"d":"20,094"}},{"$f":"IF(AND(D215<>0,$B$16=\"Yes\"),References!$B$6,0)","v":{"v":100000,"d":"100,000"}},{"v":1772.9973870000013,"d":"1,773"},{"v":9518.1825,"d":"9,518"},{"v":1269.0910000000003,"d":"1,269"},{"v":10787.273500000001,"d":"10,787"},{"v":14594.5465,"d":"14,595"},{"$f":"(M215*12-(VLOOKUP(AB215*12,'Tax table'!$A$3:$C$10,3)*(AB215*12-VLOOKUP(AB215*12,'Tax table'!$A$3:$C$10,1))+VLOOKUP(AB215*12,'Tax table'!$A$3:$C$10,2)))/12","v":{"v":14421.619130000001,"d":"14,422"}},{"v":10787.273500000001,"d":"10,787"},{"v":0.7479932317419341,"d":"74.8%"}]
["Member 2089","1988-10-26","M",{"v":152320.44,"d":"152,320"},{"v":0.8,"d":"80%"},{"v":0.85,"d":"85%"},{"v":0.75,"d":"75%"},{"v":0.1,"d":"10%"},null,{"$f":"DATEDIF(B216,$B$7,\"y\")","v":30},{"$f":"D216/12","v":{"v":12693.37,"d":"12,693"}},{"$f":"IF($B$10=\"No\",MIN(K216*H216,15%*K216),I216/12)","v":{"v":1269.3370000000002,"d":"1,269"}},{"$f":"D216/12/E216","v":{"v":15866.7125,"d":"15,867"}},{"$f":"M216-L216","v":{"v":14597.3755,"d":"14,597"}},{"$f":"(M216*12-(VLOOKUP(N216*12,'Tax table'!$A$3:$C$10,3)*(N216*12-VLOOKUP(N216*12,'Tax table'!$A$3:$C$10,1))+VLOOKUP(N216*12,'Tax table'!$A$3:$C$10,2)))/12","v":{"v":14424.184909999998,"d":"14,424"}},{"$f":"K216-L216","v":{"v":11424.033000000001,"d":"11,424"}},{"$f":"(VLOOKUP(P216*12,'Tax table'!$A$3:$C$10,3)*(P216*12-VLOOKUP(P216*12,'Tax table'!$A$3:$C$10,1))+VLOOKUP(P216*12,'Tax table'!$A$3:$C$10,2))/12","v":{"v":871.3259400000001,"d":"871"}},{"$f":"K216-Q216","v":{"v":11822.04406,"d":"11,822"}},{"$f":"MIN(R216*F216,SUM($B$8,$B$9))","v":{"v":10048.737450999999,"d":"10,049"}},{"$f":"S216/O216","v":{"v":0.6966589456318888,"d":"69.7%"}},{"$f":"IF($B$14=\"Yes\",S216*3,0)","v":{"v":30146.212352999995,"d":"30,146"}},{"$f":"IF($B$15=\"Yes\",MIN(S216*2,References!$B$7),0)","v":{"v":20097.474901999998,"d":"20,097"}},{"$f":"IF(AND(D216<>0,$B$16=\"Yes\"),References!$B$6,0)","v":{"v":100000,"d":"100,000"}},{"$f":"IF($B$17=\"Yes\",MIN(R216,SUM($B$8:$B$9))-S216,0)","v":{"v":1773.3066090000011,"d":"1,773"}},{"$f":"MIN(K216*G216,$B$8)","v":{"v":9520.0275,"d":"9,520"}},{"$f":"MIN(K216*H216,$B$9)","v":{"v":1269.3370000000002,"d":"1,269"}},{"$f":"Z216+Y216","v":{"v":10789.3645,"d":"10,789"}},{"$f":"M216-Z216","v":{"v":14597.3755,"d":"14,597"}},{"$f":"(M216*12-(VLOOKUP(AB216*12,'Tax table'!$A$3:$C$10,3)*(AB216*12-VLOOKUP(AB216*12,'Tax table'!$A$3:$C$10,1))+VLOOKUP(AB216*12,'Tax table'!$A$3:$C$10,2)))/12","v":{"v":14424.184909999998,"d":"14,424"}},{"$f":"MIN(AA216,AC216)","v":{"v":10789.3645,"d":"10,789"}},{"$f":"AD216/O216","v":{"v":0.7480051432590794,"d":"74.8%"}}]
["Member 2088","1964-07-04","F",{"v":152522.76,"d":"152,523"},{"v":0.8,"d":"80%"},{"v":0.85,"d":"85%"},{"v":0.75,"d":"75%"},{"v":0.1,"d":"10%"},null,54,{"v":12710.230000000001,"d":"12,710"},{"v":1271.0230000000001,"d":"1,271"},{"v":15887.7875,"d":"15,888"},{"v":14616.764500000001,"d":"14,617"},{"$f":"(M217*12-(VLOOKUP(N217*12,'Tax table'!$A$3:$C$10,3)*(N217*12-VLOOKUP(N217*12,'Tax table'!$A$3:$C$10,1))+VLOOKUP(N217*12,'Tax table'!$A$3:$C$10,2)))/12","v":{"v":14441.769890000001,"d":"14,442"}},{"v":11439.207000000002,"d":"11,439"},{"$f":"(VLOOKUP(P217*12,'Tax table'!$A$3:$C$10,3)*(P217*12-VLOOKUP(P217*12,'Tax table'!$A$3:$C$10,1))+VLOOKUP(P217*12,'Tax table'!$A$3:$C$10,2))/12","v":{"v":874.0572600000004,"d":"874"}},{"v":11836.172740000002,"d":"11,836"},{"v":10060.746829000002,"d":"10,061"},{"v":0.6966422333017799,"d":"69.7%"},{"v":30182.240487000003,"d":"30,182"},{"$f":"IF($B$15=\"Yes\",MIN(S217*2,References!$B$7),0)","v":{"v":20121.493658000003,"d":"20,121"}},{"$f":"IF(AND(D217<>0,$B$16=\"Yes\"),References!$B$6,0)","v":{"v":100000,"d":"100,000"}},{"v":1775.4259110000003,"d":"1,775"},{"v":9532.6725,"d":"9,533"},{"v":1271.0230000000001,"d":"1,271"},{"v":10803.695500000002,"d":"10,804"},{"v":14616.764500000001,"d":"14,617"},{"$f":"(M217*12-(VLOOKUP(AB217*12,'Tax table'!$A$3:$C$10,3)*(AB217*12-VLOOKUP(AB217*12,'Tax table'!$A$3:$C$10,1))+VLOOKUP(AB217*12,'Tax table'!$A$3:$C$10,2)))/12","v":{"v":14441.769890000001,"d":"14,442"}},{"v":10803.695500000002,"d":"10,804"},{"v":0.748086666820586,"d":"74.8%"}]
["Member 2087","1977-02-09","F",{"v":152538.36,"d":"152,538"},{"v":0.8,"d":"80%"},{"v":0.85,"d":"85%"},{"v":0.75,"d":"75%"},{"v":0.1,"d":"10%"},null,41,{"v":12711.529999999999,"d":"12,712"},{"v":1271.153,"d":"1,271"},{"v":15889.412499999999,"d":"15,889"},{"v":14618.259499999998,"d":"14,618"},{"$f":"(M218*12-(VLOOKUP(N218*12,'Tax table'!$A$3:$C$10,3)*(N218*12-VLOOKUP(N218*12,'Tax table'!$A$3:$C$10,1))+VLOOKUP(N218*12,'Tax table'!$A$3:$C$10,2)))/12","v":{"v":14443.125789999998,"d":"14,443"}},{"v":11440.376999999999,"d":"11,440"},{"$f":"(VLOOKUP(P218*12,'Tax table'!$A$3:$C$10,3)*(P218*12-VLOOKUP(P218*12,'Tax table'!$A$3:$C$10,1))+VLOOKUP(P218*12,'Tax table'!$A$3:$C$10,2))/12","v":{"v":874.2678599999996,"d":"874"}},{"v":11837.262139999999,"d":"11,837"},{"v":10061.672819,"d":"10,062"},{"v":0.6966409463778547,"d":"69.7%"},{"v":30185.018457,"d":"30,185"},{"$f":"IF($B$15=\"Yes\",MIN(S218*2,References!$B$7),0)","v":{"v":20123.345638,"d":"20,123"}},{"$f":"IF(AND(D218<>0,$B$16=\"Yes\"),References!$B$6,0)","v":{"v":100000,"d":"100,000"}},{"v":1775.5893209999995,"d":"1,776"},{"v":9533.6475,"d":"9,534"},{"v":1271.153,"d":"1,271"},{"v":10804.8005,"d":"10,805"},{"v":14618.259499999998,"d":"14,618"},{"$f":"(M218*12-(VLOOKUP(AB218*12,'Tax table'!$A$3:$C$10,3)*(AB218*12-VLOOKUP(AB218*12,'Tax table'!$A$3:$C$10,1))+VLOOKUP(AB218*12,'Tax table'!$A$3:$C$10,2)))/12","v":{"v":14443.125789999998,"d":"14,443"}},{"v":10804.8005,"d":"10,805"},{"v":0.7480929444982699,"d":"74.8%"}]
["Member 2086","1961-09-05","F",{"v":152621.4,"d":"152,621"},{"v":0.8,"d":"80%"},{"v":0.85,"d":"85%"},{"v":0.75,"d":"75%"},{"v":0.1,"d":"10%"},null,57,{"v":12718.449999999999,"d":"12,718"},{"v":1271.845,"d":"1,272"},{"v":15898.062499999998,"d":"15,898"},{"v":14626.217499999999,"d":"14,626"},{"$f":"(M219*12-(VLOOKUP(N219*12,'Tax table'!$A$3:$C$10,3)*(N219*12-VLOOKUP(N219*12,'Tax table'!$A$3:$C$10,1))+VLOOKUP(N219*12,'Tax table'!$A$3:$C$10,2)))/12","v":{"v":14450.343349999997,"d":"14,450"}},{"v":11446.605,"d":"11,447"},{"$f":"(VLOOKUP(P219*12,'Tax table'!$A$3:$C$10,3)*(P219*12-VLOOKUP(P219*12,'Tax table'!$A$3:$C$10,1))+VLOOKUP(P219*12,'Tax table'!$A$3:$C$10,2))/12","v":{"v":875.3889,"d":"875"}},{"v":11843.061099999999,"d":"11,843"},{"v":10066.601934999999,"d":"10,067"},{"v":0.6966341000471798,"d":"69.7%"},{"v":30199.805804999996,"d":"30,200"},{"$f":"IF($B$15=\"Yes\",MIN(S219*2,References!$B$7),0)","v":{"v":20133.203869999998,"d":"20,133"}},{"$f":"IF(AND(D219<>0,$B$16=\"Yes\"),References!$B$6,0)","v":{"v":100000,"d":"100,000"}},{"v":1776.4591650000002,"d":"1,776"},{"v":9538.8375,"d":"9,539"},{"v":1271.845,"d":"1,272"},{"v":10810.682499999999,"d":"10,811"},{"v":14626.217499999999,"d":"14,626"},{"$f":"(M219*12-(VLOOKUP(AB219*12,'Tax table'!$A$3:$C$10,3)*(AB219*12-VLOOKUP(AB219*12,'Tax table'!$A$3:$C$10,1))+VLOOKUP(AB219*12,'Tax table'!$A$3:$C$10,2)))/12","v":{"v":14450.343349999997,"d":"14,450"}},{"v":10810.682499999999,"d":"10,811"},{"v":0.7481263412332692,"d":"74.8%"}]
["Member 2085","1957-08-03","F",{"v":153020.04,"d":"153,020"},{"v":0.8,"d":"80%"},{"v":0.85,"d":"85%"},{"v":0.75,"d":"75%"},{"v":0.1,"d":"10%"},null,61,{"v":12751.67,"d":"12,752"},{"v":1275.1670000000001,"d":"1,275"},{"v":15939.5875,"d":"15,940"},{"v":14664.4205,"d":"14,664"},{"$f":"(M220*12-(VLOOKUP(N220*12,'Tax table'!$A$3:$C$10,3)*(N220*12-VLOOKUP(N220*12,'Tax table'!$A$3:$C$10,1))+VLOOKUP(N220*12,'Tax table'!$A$3:$C$10,2)))/12","v":{"v":14484.99181,"d":"14,485"}},{"v":11476.503,"d":"11,477"},{"$f":"(VLOOKUP(P220*12,'Tax table'!$A$3:$C$10,3)*(P220*12-VLOOKUP(P220*12,'Tax table'!$A$3:$C$10,1))+VLOOKUP(P220*12,'Tax table'!$A$3:$C$10,2))/12","v":{"v":880.7705400000003,"d":"881"}},{"v":11870.89946,"d":"11,871"},{"v":10090.264541,"d":"10,090"},{"v":0.6966013286962294,"d":"69.7%"},{"v":30270.793623,"d":"30,271"},{"$f":"IF($B$15=\"Yes\",MIN(S220*2,References!$B$7),0)","v":{"v":20180.529082,"d":"20,181"}},{"$f":"IF(AND(D220<>0,$B$16=\"Yes\"),References!$B$6,0)","v":{"v":100000,"d":"100,000"}},{"v":1780.634919,"d":"1,781"},{"v":9563.7525,"d":"9,564"},{"v":1275.1670000000001,"d":"1,275"},{"v":10838.9195,"d":"10,839"},{"v":14664.4205,"d":"14,664"},{"$f":"(M220*12-(VLOOKUP(AB220*12,'Tax table'!$A$3:$C$10,3)*(AB220*12-VLOOKUP(AB220*12,'Tax table'!$A$3:$C$10,1))+VLOOKUP(AB220*12,'Tax table'!$A$3:$C$10,2)))/12","v":{"v":14484.99181,"d":"14,485"}},{"v":10838.9195,"d":"10,839"},{"v":0.7482862014818081,"d":"74.8%"}]
["Member 2084","1973-09-18","M",{"v":153329.64,"d":"153,330"},{"v":0.8,"d":"80%"},{"v":0.85,"d":"85%"},{"v":0.75,"d":"75%"},{"v":0.1,"d":"10%"},null,45,{"v":12777.470000000001,"d":"12,777"},{"v":1277.7470000000003,"d":"1,278"},{"v":15971.837500000001,"d":"15,972"},{"v":14694.090500000002,"d":"14,694"},{"$f":"(M221*12-(VLOOKUP(N221*12,'Tax table'!$A$3:$C$10,3)*(N221*12-VLOOKUP(N221*12,'Tax table'!$A$3:$C$10,1))+VLOOKUP(N221*12,'Tax table'!$A$3:$C$10,2)))/12","v":{"v":14511.901210000002,"d":"14,512"}},{"v":11499.723000000002,"d":"11,500"},{"$f":"(VLOOKUP(P221*12,'Tax table'!$A$3:$C$10,3)*(P221*12-VLOOKUP(P221*12,'Tax table'!$A$3:$C$10,1))+VLOOKUP(P221*12,'Tax table'!$A$3:$C$10,2))/12","v":{"v":884.9501400000005,"d":"885"}},{"v":11892.51986,"d":"11,893"},{"v":10108.641881,"d":"10,109"},{"v":0.6965759850979579,"d":"69.7%"},{"v":30325.925643,"d":"30,326"},{"$f":"IF($B$15=\"Yes\",MIN(S221*2,References!$B$7),0)","v":{"v":20217.283762,"d":"20,217"}},{"$f":"IF(AND(D221<>0,$B$16=\"Yes\"),References!$B$6,0)","v":{"v":100000,"d":"100,000"}},{"v":1783.8779790000008,"d":"1,784"},{"v":9583.1025,"d":"9,583"},{"v":1277.7470000000003,"d":"1,278"},{"v":10860.8495,"d":"10,861"},{"v":14694.090500000002,"d":"14,694"},{"$f":"(M221*12-(VLOOKUP(AB221*12,'Tax table'!$A$3:$C$10,3)*(AB221*12-VLOOKUP(AB221*12,'Tax table'!$A$3:$C$10,1))+VLOOKUP(AB221*12,'Tax table'!$A$3:$C$10,2)))/12","v":{"v":14511.901210000002,"d":"14,512"}},{"v":10860.8495,"d":"10,861"},{"v":0.7484098287904483,"d":"74.8%"}]
["Member 2083","1963-08-02","M",{"v":153945.48,"d":"153,945"},{"v":0.8,"d":"80%"},{"v":0.85,"d":"85%"},{"v":0.75,"d":"75%"},{"v":0.1,"d":"10%"},null,55,{"v":12828.79,"d":"12,829"},{"v":1282.8790000000001,"d":"1,283"},{"v":16035.987500000001,"d":"16,036"},{"v":14753.1085,"d":"14,753"},{"$f":"(M222*12-(VLOOKUP(N222*12,'Tax table'!$A$3:$C$10,3)*(N222*12-VLOOKUP(N222*12,'Tax table'!$A$3:$C$10,1))+VLOOKUP(N222*12,'Tax table'!$A$3:$C$10,2)))/12","v":{"v":14565.427969999999,"d":"14,565"}},{"v":11545.911,"d":"11,546"},{"$f":"(VLOOKUP(P222*12,'Tax table'!$A$3:$C$10,3)*(P222*12-VLOOKUP(P222*12,'Tax table'!$A$3:$C$10,1))+VLOOKUP(P222*12,'Tax table'!$A$3:$C$10,2))/12","v":{"v":893.2639800000001,"d":"893"}},{"v":11935.526020000001,"d":"11,936"},{"v":10145.197117000002,"d":"10,145"},{"v":0.6965258513444149,"d":"69.7%"},{"v":30435.591351000003,"d":"30,436"},{"$f":"IF($B$15=\"Yes\",MIN(S222*2,References!$B$7),0)","v":{"v":20290.394234000003,"d":"20,290"}},{"$f":"IF(AND(D222<>0,$B$16=\"Yes\"),References!$B$6,0)","v":{"v":100000,"d":"100,000"}},{"v":1790.3289029999996,"d":"1,790"},{"v":9621.5925,"d":"9,622"},{"v":1282.8790000000001,"d":"1,283"},{"v":10904.471500000001,"d":"10,904"},{"v":14753.1085,"d":"14,753"},{"$f":"(M222*12-(VLOOKUP(AB222*12,'Tax table'!$A$3:$C$10,3)*(AB222*12-VLOOKUP(AB222*12,'Tax table'!$A$3:$C$10,1))+VLOOKUP(AB222*12,'Tax table'!$A$3:$C$10,2)))/12","v":{"v":14565.427969999999,"d":"14,565"}},{"v":10904.471500000001,"d":"10,904"},{"v":0.7486543836857821,"d":"74.9%"}]
["Member 2082","1965-03-18","F",{"v":154183.44,"d":"154,183"},{"v":0.8,"d":"80%"},{"v":0.85,"d":"85%"},{"v":0.75,"d":"75%"},{"v":0.1,"d":"10%"},null,53,{"v":12848.62,"d":"12,849"},{"v":1284.862,"d":"1,285"},{"v":16060.775,"d":"16,061"},{"v":14775.913,"d":"14,776"},{"$f":"(M223*12-(VLOOKUP(N223*12,'Tax table'!$A$3:$C$10,3)*(N223*12-VLOOKUP(N223*12,'Tax table'!$A$3:$C$10,1))+VLOOKUP(N223*12,'Tax table'!$A$3:$C$10,2)))/12","v":{"v":14586.110659999998,"d":"14,586"}},{"v":11563.758000000002,"d":"11,564"},{"$f":"(VLOOKUP(P223*12,'Tax table'!$A$3:$C$10,3)*(P223*12-VLOOKUP(P223*12,'Tax table'!$A$3:$C$10,1))+VLOOKUP(P223*12,'Tax table'!$A$3:$C$10,2))/12","v":{"v":896.4764400000003,"d":"896"}},{"v":11952.14356,"d":"11,952"},{"v":10159.322026,"d":"10,159"},{"v":0.6965065782656006,"d":"69.7%"},{"v":30477.966077999998,"d":"30,478"},{"$f":"IF($B$15=\"Yes\",MIN(S223*2,References!$B$7),0)","v":{"v":20318.644052,"d":"20,319"}},{"$f":"IF(AND(D223<>0,$B$16=\"Yes\"),References!$B$6,0)","v":{"v":100000,"d":"100,000"}},{"v":1792.8215340000006,"d":"1,793"},{"v":9636.465,"d":"9,636"},{"v":1284.862,"d":"1,285"},{"v":10921.327000000001,"d":"10,921"},{"v":14775.913,"d":"14,776"},{"$f":"(M223*12-(VLOOKUP(AB223*12,'Tax table'!$A$3:$C$10,3)*(AB223*12-VLOOKUP(AB223*12,'Tax table'!$A$3:$C$10,1))+VLOOKUP(AB223*12,'Tax table'!$A$3:$C$10,2)))/12","v":{"v":14586.110659999998,"d":"14,586"}},{"v":10921.327000000001,"d":"10,921"},{"v":0.7487483987043879,"d":"74.9%"}]
["Member 2081","1970-08-15","M",{"v":154248.36,"d":"154,248"},{"v":0.8,"d":"80%"},{"v":0.85,"d":"85%"},{"v":0.75,"d":"75%"},{"v":0.1,"d":"10%"},null,48,{"v":12854.029999999999,"d":"12,854"},{"v":1285.403,"d":"1,285"},{"v":16067.537499999999,"d":"16,068"},{"v":14782.134499999998,"d":"14,782"},{"$f":"(M224*12-(VLOOKUP(N224*12,'Tax table'!$A$3:$C$10,3)*(N224*12-VLOOKUP(N224*12,'Tax table'!$A$3:$C$10,1))+VLOOKUP(N224*12,'Tax table'!$A$3:$C$10,2)))/12","v":{"v":14591.753289999999,"d":"14,592"}},{"v":11568.626999999999,"d":"11,569"},{"$f":"(VLOOKUP(P224*12,'Tax table'!$A$3:$C$10,3)*(P224*12-VLOOKUP(P224*12,'Tax table'!$A$3:$C$10,1))+VLOOKUP(P224*12,'Tax table'!$A$3:$C$10,2))/12","v":{"v":897.3528599999996,"d":"897"}},{"v":11956.67714,"d":"11,957"},{"v":10163.175568999999,"d":"10,163"},{"v":0.6965013296904501,"d":"69.7%"},{"v":30489.526706999997,"d":"30,490"},{"$f":"IF($B$15=\"Yes\",MIN(S224*2,References!$B$7),0)","v":{"v":20326.351137999998,"d":"20,326"}},{"$f":"IF(AND(D224<>0,$B$16=\"Yes\"),References!$B$6,0)","v":{"v":100000,"d":"100,000"}},{"v":1793.5015710000007,"d":"1,794"},{"v":9640.5225,"d":"9,641"},{"v":1285.403,"d":"1,285"},{"v":10925.9255,"d":"10,926"},{"v":14782.134499999998,"d":"14,782"},{"$f":"(M224*12-(VLOOKUP(AB224*12,'Tax table'!$A$3:$C$10,3)*(AB224*12-VLOOKUP(AB224*12,'Tax table'!$A$3:$C$10,1))+VLOOKUP(AB224*12,'Tax table'!$A$3:$C$10,2)))/12","v":{"v":14591.753289999999,"d":"14,592"}},{"v":10925.9255,"d":"10,926"},{"v":0.7487740015099995,"d":"74.9%"}]
["Member 2080","1981-08-29","M",{"v":154408.32,"d":"154,408"},{"v":0.8,"d":"80%"},{"v":0.85,"d":"85%"},{"v":0.75,"d":"75%"},{"v":0.1,"d":"10%"},null,37,{"v":12867.36,"d":"12,867"},{"v":1286.736,"d":"1,287"},{"v":16084.2,"d":"16,084"},{"v":14797.464,"d":"14,797"},{"$f":"(M225*12-(VLOOKUP(N225*12,'Tax table'!$A$3:$C$10,3)*(N225*12-VLOOKUP(N225*12,'Tax table'!$A$3:$C$10,1))+VLOOKUP(N225*12,'Tax table'!$A$3:$C$10,2)))/12","v":{"v":14605.656480000003,"d":"14,606"}},{"v":11580.624,"d":"11,581"},{"$f":"(VLOOKUP(P225*12,'Tax table'!$A$3:$C$10,3)*(P225*12-VLOOKUP(P225*12,'Tax table'!$A$3:$C$10,1))+VLOOKUP(P225*12,'Tax table'!$A$3:$C$10,2))/12","v":{"v":899.5123200000002,"d":"900"}},{"v":11967.84768,"d":"11,968"},{"v":10172.670528,"d":"10,173"},{"v":0.6964884147405334,"d":"69.6%"},{"v":30518.011584,"d":"30,518"},{"$f":"IF($B$15=\"Yes\",MIN(S225*2,References!$B$7),0)","v":{"v":20345.341056,"d":"20,345"}},{"$f":"IF(AND(D225<>0,$B$16=\"Yes\"),References!$B$6,0)","v":{"v":100000,"d":"100,000"}},{"v":1795.1771520000002,"d":"1,795"},{"v":9650.52,"d":"9,651"},{"v":1286.736,"d":"1,287"},{"v":10937.256000000001,"d":"10,937"},{"v":14797.464,"d":"14,797"},{"$f":"(M225*12-(VLOOKUP(AB225*12,'Tax table'!$A$3:$C$10,3)*(AB225*12-VLOOKUP(AB225*12,'Tax table'!$A$3:$C$10,1))+VLOOKUP(AB225*12,'Tax table'!$A$3:$C$10,2)))/12","v":{"v":14605.656480000003,"d":"14,606"}},{"v":10937.256000000001,"d":"10,937"},{"v":0.7488370012656904,"d":"74.9%"}]
["Member 2079","1954-01-15","M",{"v":154497.6,"d":"154,498"},{"v":0.8,"d":"80%"},{"v":0.85,"d":"85%"},{"v":0.75,"d":"75%"},{"v":0.1,"d":"10%"},null,64,{"v":12874.800000000001,"d":"12,875"},{"v":1287.4800000000002,"d":"1,287"},{"v":16093.5,"d":"16,094"},{"v":14806.02,"d":"14,806"},{"$f":"(M226*12-(VLOOKUP(N226*12,'Tax table'!$A$3:$C$10,3)*(N226*12-VLOOKUP(N226*12,'Tax table'!$A$3:$C$10,1))+VLOOKUP(N226*12,'Tax table'!$A$3:$C$10,2)))/12","v":{"v":14613.4164,"d":"14,613"}},{"v":11587.320000000002,"d":"11,587"},{"$f":"(VLOOKUP(P226*12,'Tax table'!$A$3:$C$10,3)*(P226*12-VLOOKUP(P226*12,'Tax table'!$A$3:$C$10,1))+VLOOKUP(P226*12,'Tax table'!$A$3:$C$10,2))/12","v":{"v":900.7176000000004,"d":"901"}},{"v":11974.082400000001,"d":"11,974"},{"v":10177.97004,"d":"10,178"},{"v":0.6964812170821328,"d":"69.6%"},{"v":30533.91012,"d":"30,534"},{"$f":"IF($B$15=\"Yes\",MIN(S226*2,References!$B$7),0)","v":{"v":20355.94008,"d":"20,356"}},{"$f":"IF(AND(D226<>0,$B$16=\"Yes\"),References!$B$6,0)","v":{"v":100000,"d":"100,000"}},{"v":1796.112360000001,"d":"1,796"},{"v":9656.1,"d":"9,656"},{"v":1287.4800000000002,"d":"1,287"},{"v":10943.58,"d":"10,944"},{"v":14806.02,"d":"14,806"},{"$f":"(M226*12-(VLOOKUP(AB226*12,'Tax table'!$A$3:$C$10,3)*(AB226*12-VLOOKUP(AB226*12,'Tax table'!$A$3:$C$10,1))+VLOOKUP(AB226*12,'Tax table'!$A$3:$C$10,2)))/12","v":{"v":14613.4164,"d":"14,613"}},{"v":10943.58,"d":"10,944"},{"v":0.748872111794474,"d":"74.9%"}]
["Member 2078","1978-07-29","M",{"v":154578,"d":"154,578"},{"v":0.8,"d":"80%"},{"v":0.85,"d":"85%"},{"v":0.75,"d":"75%"},{"v":0.1,"d":"10%"},null,40,{"v":12881.5,"d":"12,882"},{"v":1288.15,"d":"1,288"},{"v":16101.875,"d":"16,102"},{"v":14813.725,"d":"14,814"},{"$f":"(M227*12-(VLOOKUP(N227*12,'Tax table'!$A$3:$C$10,3)*(N227*12-VLOOKUP(N227*12,'Tax table'!$A$3:$C$10,1))+VLOOKUP(N227*12,'Tax table'!$A$3:$C$10,2)))/12","v":{"v":14620.404499999999,"d":"14,620"}},{"v":11593.35,"d":"11,593"},{"$f":"(VLOOKUP(P227*12,'Tax table'!$A$3:$C$10,3)*(P227*12-VLOOKUP(P227*12,'Tax table'!$A$3:$C$10,1))+VLOOKUP(P227*12,'Tax table'!$A$3:$C$10,2))/12","v":{"v":901.8030000000002,"d":"902"}},{"v":11979.697,"d":"11,980"},{"v":10182.74245,"d":"10,183"},{"v":0.6964747418582024,"d":"69.6%"},{"v":30548.22735,"d":"30,548"},{"$f":"IF($B$15=\"Yes\",MIN(S227*2,References!$B$7),0)","v":{"v":20365.4849,"d":"20,365"}},{"$f":"IF(AND(D227<>0,$B$16=\"Yes\"),References!$B$6,0)","v":{"v":100000,"d":"100,000"}},{"v":1796.9545500000004,"d":"1,797"},{"v":9661.125,"d":"9,661"},{"v":1288.15,"d":"1,288"},{"v":10949.275,"d":"10,949"},{"v":14813.725,"d":"14,814"},{"$f":"(M227*12-(VLOOKUP(AB227*12,'Tax table'!$A$3:$C$10,3)*(AB227*12-VLOOKUP(AB227*12,'Tax table'!$A$3:$C$10,1))+VLOOKUP(AB227*12,'Tax table'!$A$3:$C$10,2)))/12","v":{"v":14620.404499999999,"d":"14,620"}},{"v":10949.275,"d":"10,949"},{"v":0.7489036982526716,"d":"74.9%"}]
["Member 2077","1974-10-08","M",{"v":154609.92,"d":"154,610"},{"v":0.8,"d":"80%"},{"v":0.85,"d":"85%"},{"v":0.75,"d":"75%"},{"v":0.1,"d":"10%"},null,44,{"v":12884.160000000002,"d":"12,884"},{"v":1288.4160000000002,"d":"1,288"},{"v":16105.2,"d":"16,105"},{"v":14816.784,"d":"14,817"},{"$f":"(M228*12-(VLOOKUP(N228*12,'Tax table'!$A$3:$C$10,3)*(N228*12-VLOOKUP(N228*12,'Tax table'!$A$3:$C$10,1))+VLOOKUP(N228*12,'Tax table'!$A$3:$C$10,2)))/12","v":{"v":14623.178880000001,"d":"14,623"}},{"v":11595.744000000002,"d":"11,596"},{"$f":"(VLOOKUP(P228*12,'Tax table'!$A$3:$C$10,3)*(P228*12-VLOOKUP(P228*12,'Tax table'!$A$3:$C$10,1))+VLOOKUP(P228*12,'Tax table'!$A$3:$C$10,2))/12","v":{"v":902.2339200000001,"d":"902"}},{"v":11981.926080000001,"d":"11,982"},{"v":10184.637168000001,"d":"10,185"},{"v":0.6964721728139046,"d":"69.6%"},{"v":30553.911504000003,"d":"30,554"},{"$f":"IF($B$15=\"Yes\",MIN(S228*2,References!$B$7),0)","v":{"v":20369.274336000002,"d":"20,369"}},{"$f":"IF(AND(D228<>0,$B$16=\"Yes\"),References!$B$6,0)","v":{"v":100000,"d":"100,000"}},{"v":1797.288912,"d":"1,797"},{"v":9663.12,"d":"9,663"},{"v":1288.4160000000002,"d":"1,288"},{"v":10951.536,"d":"10,952"},{"v":14816.784,"d":"14,817"},{"$f":"(M228*12-(VLOOKUP(AB228*12,'Tax table'!$A$3:$C$10,3)*(AB228*12-VLOOKUP(AB228*12,'Tax table'!$A$3:$C$10,1))+VLOOKUP(AB228*12,'Tax table'!$A$3:$C$10,2)))/12","v":{"v":14623.178880000001,"d":"14,623"}},{"v":10951.536,"d":"10,952"},{"v":0.748916230176075,"d":"74.9%"}]
["Member 2076","1963-09-27","M",{"v":154622.88,"d":"154,623"},{"v":0.8,"d":"80%"},{"v":0.85,"d":"85%"},{"v":0.75,"d":"75%"},{"v":0.1,"d":"10%"},null,55,{"v":12885.24,"d":"12,885"},{"v":1288.5240000000001,"d":"1,289"},{"v":16106.55,"d":"16,107"},{"v":14818.026,"d":"14,818"},{"$f":"(M229*12-(VLOOKUP(N229*12,'Tax table'!$A$3:$C$10,3)*(N229*12-VLOOKUP(N229*12,'Tax table'!$A$3:$C$10,1))+VLOOKUP(N229*12,'Tax table'!$A$3:$C$10,2)))/12","v":{"v":14624.305319999998,"d":"14,624"}},{"v":11596.716,"d":"11,597"},{"$f":"(VLOOKUP(P229*12,'Tax table'!$A$3:$C$10,3)*(P229*12-VLOOKUP(P229*12,'Tax table'!$A$3:$C$10,1))+VLOOKUP(P229*12,'Tax table'!$A$3:$C$10,2))/12","v":{"v":902.40888,"d":"902"}},{"v":11982.831119999999,"d":"11,983"},{"v":10185.406452,"d":"10,185"},{"v":0.6964711300215114,"d":"69.6%"},{"v":30556.219355999998,"d":"30,556"},{"$f":"IF($B$15=\"Yes\",MIN(S229*2,References!$B$7),0)","v":{"v":20370.812904,"d":"20,371"}},{"$f":"IF(AND(D229<>0,$B$16=\"Yes\"),References!$B$6,0)","v":{"v":100000,"d":"100,000"}},{"v":1797.4246679999997,"d":"1,797"},{"v":9663.93,"d":"9,664"},{"v":1288.5240000000001,"d":"1,289"},{"v":10952.454,"d":"10,952"},{"v":14818.026,"d":"14,818"},{"$f":"(M229*12-(VLOOKUP(AB229*12,'Tax table'!$A$3:$C$10,3)*(AB229*12-VLOOKUP(AB229*12,'Tax table'!$A$3:$C$10,1))+VLOOKUP(AB229*12,'Tax table'!$A$3:$C$10,2)))/12","v":{"v":14624.305319999998,"d":"14,624"}},{"v":10952.454,"d":"10,952"},{"v":0.7489213169682375,"d":"74.9%"}]
["Member 2075","1967-11-24","M",{"v":154624.68,"d":"154,625"},{"v":0.8,"d":"80%"},{"v":0.85,"d":"85%"},{"v":0.75,"d":"75%"},{"v":0.1,"d":"10%"},null,50,{"v":12885.39,"d":"12,885"},{"v":1288.539,"d":"1,289"},{"v":16106.7375,"d":"16,107"},{"v":14818.198499999999,"d":"14,818"},{"$f":"(M230*12-(VLOOKUP(N230*12,'Tax table'!$A$3:$C$10,3)*(N230*12-VLOOKUP(N230*12,'Tax table'!$A$3:$C$10,1))+VLOOKUP(N230*12,'Tax table'!$A$3:$C$10,2)))/12","v":{"v":14624.46177,"d":"14,624"}},{"v":11596.850999999999,"d":"11,597"},{"$f":"(VLOOKUP(P230*12,'Tax table'!$A$3:$C$10,3)*(P230*12-VLOOKUP(P230*12,'Tax table'!$A$3:$C$10,1))+VLOOKUP(P230*12,'Tax table'!$A$3:$C$10,2))/12","v":{"v":902.43318,"d":"902"}},{"v":11982.95682,"d":"11,983"},{"v":10185.513297,"d":"10,186"},{"v":0.6964709852019395,"d":"69.6%"},{"v":30556.539891,"d":"30,557"},{"$f":"IF($B$15=\"Yes\",MIN(S230*2,References!$B$7),0)","v":{"v":20371.026594,"d":"20,371"}},{"$f":"IF(AND(D230<>0,$B$16=\"Yes\"),References!$B$6,0)","v":{"v":100000,"d":"100,000"}},{"v":1797.443523,"d":"1,797"},{"v":9664.0425,"d":"9,664"},{"v":1288.539,"d":"1,289"},{"v":10952.5815,"d":"10,953"},{"v":14818.198499999999,"d":"14,818"},{"$f":"(M230*12-(VLOOKUP(AB230*12,'Tax table'!$A$3:$C$10,3)*(AB230*12-VLOOKUP(AB230*12,'Tax table'!$A$3:$C$10,1))+VLOOKUP(AB230*12,'Tax table'!$A$3:$C$10,2)))/12","v":{"v":14624.46177,"d":"14,624"}},{"v":10952.5815,"d":"10,953"},{"v":0.7489220234051732,"d":"74.9%"}]
["Member 2074","1953-03-12","M",{"v":154631.76,"d":"154,632"},{"v":0.8,"d":"80%"},{"v":0.85,"d":"85%"},{"v":0.75,"d":"75%"},{"v":0.1,"d":"10%"},null,65,{"v":12885.980000000001,"d":"12,886"},{"v":1288.5980000000002,"d":"1,289"},{"v":16107.475,"d":"16,107"},{"v":14818.877,"d":"14,819"},{"$f":"(M231*12-(VLOOKUP(N231*12,'Tax table'!$A$3:$C$10,3)*(N231*12-VLOOKUP(N231*12,'Tax table'!$A$3:$C$10,1))+VLOOKUP(N231*12,'Tax table'!$A$3:$C$10,2)))/12","v":{"v":14625.077140000001,"d":"14,625"}},{"v":11597.382000000001,"d":"11,597"},{"$f":"(VLOOKUP(P231*12,'Tax table'!$A$3:$C$10,3)*(P231*12-VLOOKUP(P231*12,'Tax table'!$A$3:$C$10,1))+VLOOKUP(P231*12,'Tax table'!$A$3:$C$10,2))/12","v":{"v":902.5287600000005,"d":"903"}},{"v":11983.45124,"d":"11,983"},{"v":10185.933554,"d":"10,186"},{"v":0.6964704156083513,"d":"69.6%"},{"v":30557.800661999998,"d":"30,558"},{"$f":"IF($B$15=\"Yes\",MIN(S231*2,References!$B$7),0)","v":{"v":20371.867108,"d":"20,372"}},{"$f":"IF(AND(D231<>0,$B$16=\"Yes\"),References!$B$6,0)","v":{"v":100000,"d":"100,000"}},{"v":1797.517686000001,"d":"1,798"},{"v":9664.485,"d":"9,664"},{"v":1288.5980000000002,"d":"1,289"},{"v":10953.083,"d":"10,953"},{"v":14818.877,"d":"14,819"},{"$f":"(M231*12-(VLOOKUP(AB231*12,'Tax table'!$A$3:$C$10,3)*(AB231*12-VLOOKUP(AB231*12,'Tax table'!$A$3:$C$10,1))+VLOOKUP(AB231*12,'Tax table'!$A$3:$C$10,2)))/12","v":{"v":14625.077140000001,"d":"14,625"}},{"v":10953.083,"d":"10,953"},{"v":0.7489248019104807,"d":"74.9%"}]
["Member 2073","1968-09-02","M",{"v":154713.12,"d":"154,713"},{"v":0.8,"d":"80%"},{"v":0.85,"d":"85%"},{"v":0.75,"d":"75%"},{"v":0.1,"d":"10%"},null,50,{"v":12892.76,"d":"12,893"},{"v":1289.276,"d":"1,289"},{"v":16115.949999999999,"d":"16,116"},{"v":14826.673999999999,"d":"14,827"},{"$f":"(M232*12-(VLOOKUP(N232*12,'Tax table'!$A$3:$C$10,3)*(N232*12-VLOOKUP(N232*12,'Tax table'!$A$3:$C$10,1))+VLOOKUP(N232*12,'Tax table'!$A$3:$C$10,2)))/12","v":{"v":14632.148679999998,"d":"14,632"}},{"v":11603.484,"d":"11,603"},{"$f":"(VLOOKUP(P232*12,'Tax table'!$A$3:$C$10,3)*(P232*12-VLOOKUP(P232*12,'Tax table'!$A$3:$C$10,1))+VLOOKUP(P232*12,'Tax table'!$A$3:$C$10,2))/12","v":{"v":903.6271200000002,"d":"904"}},{"v":11989.13288,"d":"11,989"},{"v":10190.762948,"d":"10,191"},{"v":0.6964638735477913,"d":"69.6%"},{"v":30572.288844,"d":"30,572"},{"$f":"IF($B$15=\"Yes\",MIN(S232*2,References!$B$7),0)","v":{"v":20381.525896,"d":"20,382"}},{"$f":"IF(AND(D232<>0,$B$16=\"Yes\"),References!$B$6,0)","v":{"v":100000,"d":"100,000"}},{"v":1798.3699319999996,"d":"1,798"},{"v":9669.57,"d":"9,670"},{"v":1289.276,"d":"1,289"},{"v":10958.846,"d":"10,959"},{"v":14826.673999999999,"d":"14,827"},{"$f":"(M232*12-(VLOOKUP(AB232*12,'Tax table'!$A$3:$C$10,3)*(AB232*12-VLOOKUP(AB232*12,'Tax table'!$A$3:$C$10,1))+VLOOKUP(AB232*12,'Tax table'!$A$3:$C$10,2)))/12","v":{"v":14632.148679999998,"d":"14,632"}},{"v":10958.846,"d":"10,959"},{"v":0.7489567144010185,"d":"74.9%"}]
["Member 2072","1963-11-23","M",{"v":154777.56,"d":"154,778"},{"v":0.8,"d":"80%"},{"v":0.85,"d":"85%"},{"v":0.75,"d":"75%"},{"v":0.1,"d":"10%"},null,54,{"v":12898.13,"d":"12,898"},{"v":1289.813,"d":"1,290"},{"v":16122.662499999999,"d":"16,123"},{"v":14832.849499999998,"d":"14,833"},{"$f":"(M233*12-(VLOOKUP(N233*12,'Tax table'!$A$3:$C$10,3)*(N233*12-VLOOKUP(N233*12,'Tax table'!$A$3:$C$10,1))+VLOOKUP(N233*12,'Tax table'!$A$3:$C$10,2)))/12","v":{"v":14637.74959,"d":"14,638"}},{"v":11608.317,"d":"11,608"},{"$f":"(VLOOKUP(P233*12,'Tax table'!$A$3:$C$10,3)*(P233*12-VLOOKUP(P233*12,'Tax table'!$A$3:$C$10,1))+VLOOKUP(P233*12,'Tax table'!$A$3:$C$10,2))/12","v":{"v":904.49706,"d":"904"}},{"v":11993.63294,"d":"11,994"},{"v":10194.587999,"d":"10,195"},{"v":0.6964586964901072,"d":"69.6%"},{"v":30583.763997,"d":"30,584"},{"$f":"IF($B$15=\"Yes\",MIN(S233*2,References!$B$7),0)","v":{"v":20389.175998,"d":"20,389"}},{"$f":"IF(AND(D233<>0,$B$16=\"Yes\"),References!$B$6,0)","v":{"v":100000,"d":"100,000"}},{"v":1799.044941,"d":"1,799"},{"v":9673.5975,"d":"9,674"},{"v":1289.813,"d":"1,290"},{"v":10963.4105,"d":"10,963"},{"v":14832.849499999998,"d":"14,833"},{"$f":"(M233*12-(VLOOKUP(AB233*12,'Tax table'!$A$3:$C$10,3)*(AB233*12-VLOOKUP(AB233*12,'Tax table'!$A$3:$C$10,1))+VLOOKUP(AB233*12,'Tax table'!$A$3:$C$10,2)))/12","v":{"v":14637.74959,"d":"14,638"}},{"v":10963.4105,"d":"10,963"},{"v":0.7489819683409409,"d":"74.9%"}]
["Member 2071","1970-01-13","M",{"v":154842.36,"d":"154,842"},{"v":0.8,"d":"80%"},{"v":0.85,"d":"85%"},{"v":0.75,"d":"75%"},{"v":0.1,"d":"10%"},null,48,{"v":12903.529999999999,"d":"12,904"},{"v":1290.353,"d":"1,290"},{"v":16129.412499999999,"d":"16,129"},{"v":14839.0595,"d":"14,839"},{"$f":"(M234*12-(VLOOKUP(N234*12,'Tax table'!$A$3:$C$10,3)*(N234*12-VLOOKUP(N234*12,'Tax table'!$A$3:$C$10,1))+VLOOKUP(N234*12,'Tax table'!$A$3:$C$10,2)))/12","v":{"v":14643.38179,"d":"14,643"}},{"v":11613.177,"d":"11,613"},{"$f":"(VLOOKUP(P234*12,'Tax table'!$A$3:$C$10,3)*(P234*12-VLOOKUP(P234*12,'Tax table'!$A$3:$C$10,1))+VLOOKUP(P234*12,'Tax table'!$A$3:$C$10,2))/12","v":{"v":905.3718600000002,"d":"905"}},{"v":11998.15814,"d":"11,998"},{"v":10198.434419,"d":"10,198"},{"v":0.6964534945038813,"d":"69.6%"},{"v":30595.303257,"d":"30,595"},{"$f":"IF($B$15=\"Yes\",MIN(S234*2,References!$B$7),0)","v":{"v":20396.868838,"d":"20,397"}},{"$f":"IF(AND(D234<>0,$B$16=\"Yes\"),References!$B$6,0)","v":{"v":100000,"d":"100,000"}},{"v":1799.7237210000003,"d":"1,800"},{"v":9677.6475,"d":"9,678"},{"v":1290.353,"d":"1,290"},{"v":10968.000499999998,"d":"10,968"},{"v":14839.0595,"d":"14,839"},{"$f":"(M234*12-(VLOOKUP(AB234*12,'Tax table'!$A$3:$C$10,3)*(AB234*12-VLOOKUP(AB234*12,'Tax table'!$A$3:$C$10,1))+VLOOKUP(AB234*12,'Tax table'!$A$3:$C$10,2)))/12","v":{"v":14643.38179,"d":"14,643"}},{"v":10968.000499999998,"d":"10,968"},{"v":0.749007343883506,"d":"74.9%"}]
["Member 2070","1967-01-10","M",{"v":154974,"d":"154,974"},{"v":0.8,"d":"80%"},{"v":0.85,"d":"85%"},{"v":0.75,"d":"75%"},{"v":0.1,"d":"10%"},null,51,{"v":12914.5,"d":"12,915"},{"v":1291.45,"d":"1,291"},{"v":16143.125,"d":"16,143"},{"v":14851.675,"d":"14,852"},{"$f":"(M235*12-(VLOOKUP(N235*12,'Tax table'!$A$3:$C$10,3)*(N235*12-VLOOKUP(N235*12,'Tax table'!$A$3:$C$10,1))+VLOOKUP(N235*12,'Tax table'!$A$3:$C$10,2)))/12","v":{"v":14654.8235,"d":"14,655"}},{"v":11623.05,"d":"11,623"},{"$f":"(VLOOKUP(P235*12,'Tax table'!$A$3:$C$10,3)*(P235*12-VLOOKUP(P235*12,'Tax table'!$A$3:$C$10,1))+VLOOKUP(P235*12,'Tax table'!$A$3:$C$10,2))/12","v":{"v":907.1489999999995,"d":"907"}},{"v":12007.351,"d":"12,007"},{"v":10206.24835,"d":"10,206"},{"v":0.6964429390773624,"d":"69.6%"},{"v":30618.745049999998,"d":"30,619"},{"$f":"IF($B$15=\"Yes\",MIN(S235*2,References!$B$7),0)","v":{"v":20412.4967,"d":"20,412"}},{"$f":"IF(AND(D235<>0,$B$16=\"Yes\"),References!$B$6,0)","v":{"v":100000,"d":"100,000"}},{"v":1801.1026500000007,"d":"1,801"},{"v":9685.875,"d":"9,686"},{"v":1291.45,"d":"1,291"},{"v":10977.325,"d":"10,977"},{"v":14851.675,"d":"14,852"},{"$f":"(M235*12-(VLOOKUP(AB235*12,'Tax table'!$A$3:$C$10,3)*(AB235*12-VLOOKUP(AB235*12,'Tax table'!$A$3:$C$10,1))+VLOOKUP(AB235*12,'Tax table'!$A$3:$C$10,2)))/12","v":{"v":14654.8235,"d":"14,655"}},{"v":10977.325,"d":"10,977"},{"v":0.7490588337689635,"d":"74.9%"}]
["Member 2069","1973-01-08","F",{"v":155151.84,"d":"155,152"},{"v":0.8,"d":"80%"},{"v":0.85,"d":"85%"},{"v":0.75,"d":"75%"},{"v":0.1,"d":"10%"},null,45,{"v":12929.32,"d":"12,929"},{"v":1292.932,"d":"1,293"},{"v":16161.65,"d":"16,162"},{"v":14868.717999999999,"d":"14,869"},{"$f":"(M236*12-(VLOOKUP(N236*12,'Tax table'!$A$3:$C$10,3)*(N236*12-VLOOKUP(N236*12,'Tax table'!$A$3:$C$10,1))+VLOOKUP(N236*12,'Tax table'!$A$3:$C$10,2)))/12","v":{"v":14670.28076,"d":"14,670"}},{"v":11636.387999999999,"d":"11,636"},{"$f":"(VLOOKUP(P236*12,'Tax table'!$A$3:$C$10,3)*(P236*12-VLOOKUP(P236*12,'Tax table'!$A$3:$C$10,1))+VLOOKUP(P236*12,'Tax table'!$A$3:$C$10,2))/12","v":{"v":909.5498399999998,"d":"910"}},{"v":12019.77016,"d":"12,020"},{"v":10216.804635999999,"d":"10,217"},{"v":0.6964287052949353,"d":"69.6%"},{"v":30650.413907999995,"d":"30,650"},{"$f":"IF($B$15=\"Yes\",MIN(S236*2,References!$B$7),0)","v":{"v":20433.609271999998,"d":"20,434"}},{"$f":"IF(AND(D236<>0,$B$16=\"Yes\"),References!$B$6,0)","v":{"v":100000,"d":"100,000"}},{"v":1802.965524000001,"d":"1,803"},{"v":9696.99,"d":"9,697"},{"v":1292.932,"d":"1,293"},{"v":10989.922,"d":"10,990"},{"v":14868.717999999999,"d":"14,869"},{"$f":"(M236*12-(VLOOKUP(AB236*12,'Tax table'!$A$3:$C$10,3)*(AB236*12-VLOOKUP(AB236*12,'Tax table'!$A$3:$C$10,1))+VLOOKUP(AB236*12,'Tax table'!$A$3:$C$10,2)))/12","v":{"v":14670.28076,"d":"14,670"}},{"v":10989.922,"d":"10,990"},{"v":0.749128266853974,"d":"74.9%"}]
["Member 5","1961-03-14","F",{"v":155344,"d":"155,344"},{"v":0.8,"d":"80%"},{"v":0.85,"d":"85%"},{"v":0.75,"d":"75%"},{"v":0.1,"d":"10%"},null,57,{"v":12945.333333333334,"d":"12,945"},{"v":1294.5333333333335,"d":"1,295"},{"v":16181.666666666666,"d":"16,182"},{"v":14887.133333333333,"d":"14,887"},{"$f":"(M237*12-(VLOOKUP(N237*12,'Tax table'!$A$3:$C$10,3)*(N237*12-VLOOKUP(N237*12,'Tax table'!$A$3:$C$10,1))+VLOOKUP(N237*12,'Tax table'!$A$3:$C$10,2)))/12","v":{"v":14686.982666666669,"d":"14,687"}},{"v":11650.800000000001,"d":"11,651"},{"$f":"(VLOOKUP(P237*12,'Tax table'!$A$3:$C$10,3)*(P237*12-VLOOKUP(P237*12,'Tax table'!$A$3:$C$10,1))+VLOOKUP(P237*12,'Tax table'!$A$3:$C$10,2))/12","v":{"v":912.1440000000001,"d":"912"}},{"v":12033.189333333334,"d":"12,033"},{"v":10228.210933333334,"d":"10,228"},{"v":0.6964133590589108,"d":"69.6%"},{"v":30684.6328,"d":"30,685"},{"$f":"IF($B$15=\"Yes\",MIN(S237*2,References!$B$7),0)","v":{"v":20456.421866666667,"d":"20,456"}},{"$f":"IF(AND(D237<>0,$B$16=\"Yes\"),References!$B$6,0)","v":{"v":100000,"d":"100,000"}},{"v":1804.9784,"d":"1,805"},{"v":9709,"d":"9,709"},{"v":1294.5333333333335,"d":"1,295"},{"v":11003.533333333333,"d":"11,004"},{"v":14887.133333333333,"d":"14,887"},{"$f":"(M237*12-(VLOOKUP(AB237*12,'Tax table'!$A$3:$C$10,3)*(AB237*12-VLOOKUP(AB237*12,'Tax table'!$A$3:$C$10,1))+VLOOKUP(AB237*12,'Tax table'!$A$3:$C$10,2)))/12","v":{"v":14686.982666666669,"d":"14,687"}},{"v":11003.533333333333,"d":"11,004"},{"v":0.7492031265418981,"d":"74.9%"}]
["Member 2068","1959-09-15","M",{"v":155613.24,"d":"155,613"},{"v":0.8,"d":"80%"},{"v":0.85,"d":"85%"},{"v":0.75,"d":"75%"},{"v":0.1,"d":"10%"},null,59,{"v":12967.769999999999,"d":"12,968"},{"v":1296.777,"d":"1,297"},{"v":16209.712499999998,"d":"16,210"},{"v":14912.935499999998,"d":"14,913"},{"$f":"(M238*12-(VLOOKUP(N238*12,'Tax table'!$A$3:$C$10,3)*(N238*12-VLOOKUP(N238*12,'Tax table'!$A$3:$C$10,1))+VLOOKUP(N238*12,'Tax table'!$A$3:$C$10,2)))/12","v":{"v":14710.384109999999,"d":"14,710"}},{"v":11670.992999999999,"d":"11,671"},{"$f":"(VLOOKUP(P238*12,'Tax table'!$A$3:$C$10,3)*(P238*12-VLOOKUP(P238*12,'Tax table'!$A$3:$C$10,1))+VLOOKUP(P238*12,'Tax table'!$A$3:$C$10,2))/12","v":{"v":915.7787399999994,"d":"916"}},{"v":12051.991259999999,"d":"12,052"},{"v":10244.192571,"d":"10,244"},{"v":0.6963919156968906,"d":"69.6%"},{"v":30732.577713,"d":"30,733"},{"$f":"IF($B$15=\"Yes\",MIN(S238*2,References!$B$7),0)","v":{"v":20488.385142,"d":"20,488"}},{"$f":"IF(AND(D238<>0,$B$16=\"Yes\"),References!$B$6,0)","v":{"v":100000,"d":"100,000"}},{"v":1807.7986889999993,"d":"1,808"},{"v":9725.8275,"d":"9,726"},{"v":1296.777,"d":"1,297"},{"v":11022.6045,"d":"11,023"},{"v":14912.935499999998,"d":"14,913"},{"$f":"(M238*12-(VLOOKUP(AB238*12,'Tax table'!$A$3:$C$10,3)*(AB238*12-VLOOKUP(AB238*12,'Tax table'!$A$3:$C$10,1))+VLOOKUP(AB238*12,'Tax table'!$A$3:$C$10,2)))/12","v":{"v":14710.384109999999,"d":"14,710"}},{"v":11022.6045,"d":"11,023"},{"v":0.7493077283078504,"d":"74.9%"}]
["Member 4","1957-12-24","F",{"v":155900,"d":"155,900"},{"v":0.8,"d":"80%"},{"v":0.85,"d":"85%"},{"v":0.75,"d":"75%"},{"v":0.1,"d":"10%"},null,60,{"v":12991.666666666666,"d":"12,992"},{"v":1299.1666666666667,"d":"1,299"},{"v":16239.583333333332,"d":"16,240"},{"v":14940.416666666666,"d":"14,940"},{"$f":"(M239*12-(VLOOKUP(N239*12,'Tax table'!$A$3:$C$10,3)*(N239*12-VLOOKUP(N239*12,'Tax table'!$A$3:$C$10,1))+VLOOKUP(N239*12,'Tax table'!$A$3:$C$10,2)))/12","v":{"v":14735.308333333334,"d":"14,735"}},{"v":11692.5,"d":"11,693"},{"$f":"(VLOOKUP(P239*12,'Tax table'!$A$3:$C$10,3)*(P239*12-VLOOKUP(P239*12,'Tax table'!$A$3:$C$10,1))+VLOOKUP(P239*12,'Tax table'!$A$3:$C$10,2))/12","v":{"v":919.65,"d":"920"}},{"v":12072.016666666666,"d":"12,072"},{"v":10261.214166666667,"d":"10,261"},{"v":0.696369151872741,"d":"69.6%"},{"v":30783.6425,"d":"30,784"},{"$f":"IF($B$15=\"Yes\",MIN(S239*2,References!$B$7),0)","v":{"v":20522.428333333333,"d":"20,522"}},{"$f":"IF(AND(D239<>0,$B$16=\"Yes\"),References!$B$6,0)","v":{"v":100000,"d":"100,000"}},{"v":1810.8024999999998,"d":"1,811"},{"v":9743.75,"d":"9,744"},{"v":1299.1666666666667,"d":"1,299"},{"v":11042.916666666666,"d":"11,043"},{"v":14940.416666666666,"d":"14,940"},{"$f":"(M239*12-(VLOOKUP(AB239*12,'Tax table'!$A$3:$C$10,3)*(AB239*12-VLOOKUP(AB239*12,'Tax table'!$A$3:$C$10,1))+VLOOKUP(AB239*12,'Tax table'!$A$3:$C$10,2)))/12","v":{"v":14735.308333333334,"d":"14,735"}},{"v":11042.916666666666,"d":"11,043"},{"v":0.7494187713524826,"d":"74.9%"}]
["Member 3","1954-06-14","F",{"v":156071,"d":"156,071"},{"v":0.8,"d":"80%"},{"v":0.85,"d":"85%"},{"v":0.75,"d":"75%"},{"v":0.1,"d":"10%"},null,64,{"v":13005.916666666666,"d":"13,006"},{"v":1300.5916666666667,"d":"1,301"},{"v":16257.395833333332,"d":"16,257"},{"v":14956.804166666665,"d":"14,957"},{"$f":"(M240*12-(VLOOKUP(N240*12,'Tax table'!$A$3:$C$10,3)*(N240*12-VLOOKUP(N240*12,'Tax table'!$A$3:$C$10,1))+VLOOKUP(N240*12,'Tax table'!$A$3:$C$10,2)))/12","v":{"v":14750.171083333335,"d":"14,750"}},{"v":11705.324999999999,"d":"11,705"},{"$f":"(VLOOKUP(P240*12,'Tax table'!$A$3:$C$10,3)*(P240*12-VLOOKUP(P240*12,'Tax table'!$A$3:$C$10,1))+VLOOKUP(P240*12,'Tax table'!$A$3:$C$10,2))/12","v":{"v":921.9584999999998,"d":"922"}},{"v":12083.958166666665,"d":"12,084"},{"v":10271.364441666665,"d":"10,271"},{"v":0.6963556140221716,"d":"69.6%"},{"v":30814.093324999994,"d":"30,814"},{"$f":"IF($B$15=\"Yes\",MIN(S240*2,References!$B$7),0)","v":{"v":20542.72888333333,"d":"20,543"}},{"$f":"IF(AND(D240<>0,$B$16=\"Yes\"),References!$B$6,0)","v":{"v":100000,"d":"100,000"}},{"v":1812.5937250000006,"d":"1,813"},{"v":9754.4375,"d":"9,754"},{"v":1300.5916666666667,"d":"1,301"},{"v":11055.029166666667,"d":"11,055"},{"v":14956.804166666665,"d":"14,957"},{"$f":"(M240*12-(VLOOKUP(AB240*12,'Tax table'!$A$3:$C$10,3)*(AB240*12-VLOOKUP(AB240*12,'Tax table'!$A$3:$C$10,1))+VLOOKUP(AB240*12,'Tax table'!$A$3:$C$10,2)))/12","v":{"v":14750.171083333335,"d":"14,750"}},{"v":11055.029166666667,"d":"11,055"},{"v":0.7494848096479423,"d":"74.9%"}]
["Member 2067","1958-09-17","M",{"v":156217.8,"d":"156,218"},{"v":0.8,"d":"80%"},{"v":0.85,"d":"85%"},{"v":0.75,"d":"75%"},{"v":0.1,"d":"10%"},null,60,{"v":13018.15,"d":"13,018"},{"v":1301.815,"d":"1,302"},{"v":16272.687499999998,"d":"16,273"},{"v":14970.872499999998,"d":"14,971"},{"$f":"(M241*12-(VLOOKUP(N241*12,'Tax table'!$A$3:$C$10,3)*(N241*12-VLOOKUP(N241*12,'Tax table'!$A$3:$C$10,1))+VLOOKUP(N241*12,'Tax table'!$A$3:$C$10,2)))/12","v":{"v":14762.930449999998,"d":"14,763"}},{"v":11716.335,"d":"11,716"},{"$f":"(VLOOKUP(P241*12,'Tax table'!$A$3:$C$10,3)*(P241*12-VLOOKUP(P241*12,'Tax table'!$A$3:$C$10,1))+VLOOKUP(P241*12,'Tax table'!$A$3:$C$10,2))/12","v":{"v":923.9402999999998,"d":"924"}},{"v":12094.2097,"d":"12,094"},{"v":10280.078244999999,"d":"10,280"},{"v":0.6963440137997805,"d":"69.6%"},{"v":30840.234735,"d":"30,840"},{"$f":"IF($B$15=\"Yes\",MIN(S241*2,References!$B$7),0)","v":{"v":20560.156489999998,"d":"20,560"}},{"$f":"IF(AND(D241<>0,$B$16=\"Yes\"),References!$B$6,0)","v":{"v":100000,"d":"100,000"}},{"v":1814.1314550000006,"d":"1,814"},{"v":9763.6125,"d":"9,764"},{"v":1301.815,"d":"1,302"},{"v":11065.4275,"d":"11,065"},{"v":14970.872499999998,"d":"14,971"},{"$f":"(M241*12-(VLOOKUP(AB241*12,'Tax table'!$A$3:$C$10,3)*(AB241*12-VLOOKUP(AB241*12,'Tax table'!$A$3:$C$10,1))+VLOOKUP(AB241*12,'Tax table'!$A$3:$C$10,2)))/12","v":{"v":14762.930449999998,"d":"14,763"}},{"v":11065.4275,"d":"11,065"},{"v":0.7495413960986317,"d":"75.0%"}]
["Member 2066","1978-07-22","M",{"v":156271.92,"d":"156,272"},{"v":0.8,"d":"80%"},{"v":0.85,"d":"85%"},{"v":0.75,"d":"75%"},{"v":0.1,"d":"10%"},null,40,{"v":13022.660000000002,"d":"13,023"},{"v":1302.2660000000003,"d":"1,302"},{"v":16278.325,"d":"16,278"},{"v":14976.059000000001,"d":"14,976"},{"$f":"(M242*12-(VLOOKUP(N242*12,'Tax table'!$A$3:$C$10,3)*(N242*12-VLOOKUP(N242*12,'Tax table'!$A$3:$C$10,1))+VLOOKUP(N242*12,'Tax table'!$A$3:$C$10,2)))/12","v":{"v":14767.634380000003,"d":"14,768"}},{"v":11720.394000000002,"d":"11,720"},{"$f":"(VLOOKUP(P242*12,'Tax table'!$A$3:$C$10,3)*(P242*12-VLOOKUP(P242*12,'Tax table'!$A$3:$C$10,1))+VLOOKUP(P242*12,'Tax table'!$A$3:$C$10,2))/12","v":{"v":924.6709200000005,"d":"925"}},{"v":12097.989080000001,"d":"12,098"},{"v":10283.290718,"d":"10,283"},{"v":0.6963397422627684,"d":"69.6%"},{"v":30849.872154,"d":"30,850"},{"$f":"IF($B$15=\"Yes\",MIN(S242*2,References!$B$7),0)","v":{"v":20566.581436,"d":"20,567"}},{"$f":"IF(AND(D242<>0,$B$16=\"Yes\"),References!$B$6,0)","v":{"v":100000,"d":"100,000"}},{"v":1814.698362000001,"d":"1,815"},{"v":9766.995,"d":"9,767"},{"v":1302.2660000000003,"d":"1,302"},{"v":11069.261,"d":"11,069"},{"v":14976.059000000001,"d":"14,976"},{"$f":"(M242*12-(VLOOKUP(AB242*12,'Tax table'!$A$3:$C$10,3)*(AB242*12-VLOOKUP(AB242*12,'Tax table'!$A$3:$C$10,1))+VLOOKUP(AB242*12,'Tax table'!$A$3:$C$10,2)))/12","v":{"v":14767.634380000003,"d":"14,768"}},{"v":11069.261,"d":"11,069"},{"v":0.7495622328645435,"d":"75.0%"}]
["Member 2065","1962-07-21","M",{"v":156524.4,"d":"156,524"},{"v":0.8,"d":"80%"},{"v":0.85,"d":"85%"},{"v":0.75,"d":"75%"},{"v":0.1,"d":"10%"},null,56,{"v":13043.699999999999,"d":"13,044"},{"v":1304.37,"d":"1,304"},{"v":16304.624999999998,"d":"16,305"},{"v":15000.254999999997,"d":"15,000"},{"$f":"(M243*12-(VLOOKUP(N243*12,'Tax table'!$A$3:$C$10,3)*(N243*12-VLOOKUP(N243*12,'Tax table'!$A$3:$C$10,1))+VLOOKUP(N243*12,'Tax table'!$A$3:$C$10,2)))/12","v":{"v":14789.579099999997,"d":"14,790"}},{"v":11739.329999999998,"d":"11,739"},{"$f":"(VLOOKUP(P243*12,'Tax table'!$A$3:$C$10,3)*(P243*12-VLOOKUP(P243*12,'Tax table'!$A$3:$C$10,1))+VLOOKUP(P243*12,'Tax table'!$A$3:$C$10,2))/12","v":{"v":928.0793999999995,"d":"928"}},{"v":12115.6206,"d":"12,116"},{"v":10298.27751,"d":"10,298"},{"v":0.6963198506440256,"d":"69.6%"},{"v":30894.83253,"d":"30,895"},{"$f":"IF($B$15=\"Yes\",MIN(S243*2,References!$B$7),0)","v":{"v":20596.55502,"d":"20,597"}},{"$f":"IF(AND(D243<>0,$B$16=\"Yes\"),References!$B$6,0)","v":{"v":100000,"d":"100,000"}},{"v":1817.3430900000003,"d":"1,817"},{"v":9782.775,"d":"9,783"},{"v":1304.37,"d":"1,304"},{"v":11087.145,"d":"11,087"},{"v":15000.254999999997,"d":"15,000"},{"$f":"(M243*12-(VLOOKUP(AB243*12,'Tax table'!$A$3:$C$10,3)*(AB243*12-VLOOKUP(AB243*12,'Tax table'!$A$3:$C$10,1))+VLOOKUP(AB243*12,'Tax table'!$A$3:$C$10,2)))/12","v":{"v":14789.579099999997,"d":"14,790"}},{"v":11087.145,"d":"11,087"},{"v":0.7496592651510956,"d":"75.0%"}]
["Member 2064","1967-07-24","M",{"v":157141.2,"d":"157,141"},{"v":0.8,"d":"80%"},{"v":0.85,"d":"85%"},{"v":0.75,"d":"75%"},{"v":0.1,"d":"10%"},null,51,{"v":13095.1,"d":"13,095"},{"v":1309.5100000000002,"d":"1,310"},{"v":16368.875,"d":"16,369"},{"v":15059.365,"d":"15,059"},{"$f":"(M244*12-(VLOOKUP(N244*12,'Tax table'!$A$3:$C$10,3)*(N244*12-VLOOKUP(N244*12,'Tax table'!$A$3:$C$10,1))+VLOOKUP(N244*12,'Tax table'!$A$3:$C$10,2)))/12","v":{"v":14843.1893,"d":"14,843"}},{"v":11785.59,"d":"11,786"},{"$f":"(VLOOKUP(P244*12,'Tax table'!$A$3:$C$10,3)*(P244*12-VLOOKUP(P244*12,'Tax table'!$A$3:$C$10,1))+VLOOKUP(P244*12,'Tax table'!$A$3:$C$10,2))/12","v":{"v":936.4062000000002,"d":"936"}},{"v":12158.693800000001,"d":"12,159"},{"v":10334.88973,"d":"10,335"},{"v":0.6962715034564708,"d":"69.6%"},{"v":31004.66919,"d":"31,005"},{"$f":"IF($B$15=\"Yes\",MIN(S244*2,References!$B$7),0)","v":{"v":20669.77946,"d":"20,670"}},{"$f":"IF(AND(D244<>0,$B$16=\"Yes\"),References!$B$6,0)","v":{"v":100000,"d":"100,000"}},{"v":1823.8040700000001,"d":"1,824"},{"v":9821.325,"d":"9,821"},{"v":1309.5100000000002,"d":"1,310"},{"v":11130.835000000001,"d":"11,131"},{"v":15059.365,"d":"15,059"},{"$f":"(M244*12-(VLOOKUP(AB244*12,'Tax table'!$A$3:$C$10,3)*(AB244*12-VLOOKUP(AB244*12,'Tax table'!$A$3:$C$10,1))+VLOOKUP(AB244*12,'Tax table'!$A$3:$C$10,2)))/12","v":{"v":14843.1893,"d":"14,843"}},{"v":11130.835000000001,"d":"11,131"},{"v":0.7498951050903865,"d":"75.0%"}]
["Member 2063","1980-03-09","M",{"v":158662.68,"d":"158,663"},{"v":0.8,"d":"80%"},{"v":0.85,"d":"85%"},{"v":0.75,"d":"75%"},{"v":0.1,"d":"10%"},null,38,{"v":13221.89,"d":"13,222"},{"v":1322.189,"d":"1,322"},{"v":16527.3625,"d":"16,527"},{"v":15205.173499999999,"d":"15,205"},{"$f":"(M245*12-(VLOOKUP(N245*12,'Tax table'!$A$3:$C$10,3)*(N245*12-VLOOKUP(N245*12,'Tax table'!$A$3:$C$10,1))+VLOOKUP(N245*12,'Tax table'!$A$3:$C$10,2)))/12","v":{"v":14975.43127,"d":"14,975"}},{"v":11899.701,"d":"11,900"},{"$f":"(VLOOKUP(P245*12,'Tax table'!$A$3:$C$10,3)*(P245*12-VLOOKUP(P245*12,'Tax table'!$A$3:$C$10,1))+VLOOKUP(P245*12,'Tax table'!$A$3:$C$10,2))/12","v":{"v":956.9461799999998,"d":"957"}},{"v":12264.94382,"d":"12,265"},{"v":10425.202247,"d":"10,425"},{"v":0.6961537239922173,"d":"69.6%"},{"v":31275.606740999996,"d":"31,276"},{"$f":"IF($B$15=\"Yes\",MIN(S245*2,References!$B$7),0)","v":{"v":20850.404494,"d":"20,850"}},{"$f":"IF(AND(D245<>0,$B$16=\"Yes\"),References!$B$6,0)","v":{"v":100000,"d":"100,000"}},{"v":1839.7415730000012,"d":"1,840"},{"v":9916.4175,"d":"9,916"},{"v":1322.189,"d":"1,322"},{"v":11238.6065,"d":"11,239"},{"v":15205.173499999999,"d":"15,205"},{"$f":"(M245*12-(VLOOKUP(AB245*12,'Tax table'!$A$3:$C$10,3)*(AB245*12-VLOOKUP(AB245*12,'Tax table'!$A$3:$C$10,1))+VLOOKUP(AB245*12,'Tax table'!$A$3:$C$10,2)))/12","v":{"v":14975.43127,"d":"14,975"}},{"v":11238.6065,"d":"11,239"},{"v":0.7504696390623548,"d":"75.0%"}]
["Member 2062","1956-06-17","M",{"v":160121.76,"d":"160,122"},{"v":0.8,"d":"80%"},{"v":0.85,"d":"85%"},{"v":0.75,"d":"75%"},{"v":0.1,"d":"10%"},null,62,{"v":13343.480000000001,"d":"13,343"},{"v":1334.3480000000002,"d":"1,334"},{"v":16679.350000000002,"d":"16,679"},{"v":15345.002000000002,"d":"15,345"},{"$f":"(M246*12-(VLOOKUP(N246*12,'Tax table'!$A$3:$C$10,3)*(N246*12-VLOOKUP(N246*12,'Tax table'!$A$3:$C$10,1))+VLOOKUP(N246*12,'Tax table'!$A$3:$C$10,2)))/12","v":{"v":15102.24964,"d":"15,102"}},{"v":12009.132000000001,"d":"12,009"},{"$f":"(VLOOKUP(P246*12,'Tax table'!$A$3:$C$10,3)*(P246*12-VLOOKUP(P246*12,'Tax table'!$A$3:$C$10,1))+VLOOKUP(P246*12,'Tax table'!$A$3:$C$10,2))/12","v":{"v":976.6437600000004,"d":"977"}},{"v":12366.83624,"d":"12,367"},{"v":10511.810804,"d":"10,512"},{"v":0.6960427124816089,"d":"69.6%"},{"v":31535.432412000002,"d":"31,535"},{"$f":"IF($B$15=\"Yes\",MIN(S246*2,References!$B$7),0)","v":{"v":21023.621608,"d":"21,024"}},{"$f":"IF(AND(D246<>0,$B$16=\"Yes\"),References!$B$6,0)","v":{"v":100000,"d":"100,000"}},{"v":1855.025436,"d":"1,855"},{"v":10007.61,"d":"10,008"},{"v":1334.3480000000002,"d":"1,334"},{"v":11341.958,"d":"11,342"},{"v":15345.002000000002,"d":"15,345"},{"$f":"(M246*12-(VLOOKUP(AB246*12,'Tax table'!$A$3:$C$10,3)*(AB246*12-VLOOKUP(AB246*12,'Tax table'!$A$3:$C$10,1))+VLOOKUP(AB246*12,'Tax table'!$A$3:$C$10,2)))/12","v":{"v":15102.24964,"d":"15,102"}},{"v":11341.958,"d":"11,342"},{"v":0.7510111586262985,"d":"75.1%"}]
["Member 2061","1990-02-01","M",{"v":160281.12,"d":"160,281"},{"v":0.8,"d":"80%"},{"v":0.85,"d":"85%"},{"v":0.75,"d":"75%"},{"v":0.1,"d":"10%"},null,28,{"v":13356.76,"d":"13,357"},{"v":1335.6760000000002,"d":"1,336"},{"v":16695.95,"d":"16,696"},{"v":15360.274000000001,"d":"15,360"},{"$f":"(M247*12-(VLOOKUP(N247*12,'Tax table'!$A$3:$C$10,3)*(N247*12-VLOOKUP(N247*12,'Tax table'!$A$3:$C$10,1))+VLOOKUP(N247*12,'Tax table'!$A$3:$C$10,2)))/12","v":{"v":15116.100680000003,"d":"15,116"}},{"v":12021.084,"d":"12,021"},{"$f":"(VLOOKUP(P247*12,'Tax table'!$A$3:$C$10,3)*(P247*12-VLOOKUP(P247*12,'Tax table'!$A$3:$C$10,1))+VLOOKUP(P247*12,'Tax table'!$A$3:$C$10,2))/12","v":{"v":978.7951199999999,"d":"979"}},{"v":12377.96488,"d":"12,378"},{"v":10521.270148,"d":"10,521"},{"v":0.6960307006899347,"d":"69.6%"},{"v":31563.810444,"d":"31,564"},{"$f":"IF($B$15=\"Yes\",MIN(S247*2,References!$B$7),0)","v":{"v":21042.540296,"d":"21,043"}},{"$f":"IF(AND(D247<>0,$B$16=\"Yes\"),References!$B$6,0)","v":{"v":100000,"d":"100,000"}},{"v":1856.694732,"d":"1,857"},{"v":10017.57,"d":"10,018"},{"v":1335.6760000000002,"d":"1,336"},{"v":11353.246,"d":"11,353"},{"v":15360.274000000001,"d":"15,360"},{"$f":"(M247*12-(VLOOKUP(AB247*12,'Tax table'!$A$3:$C$10,3)*(AB247*12-VLOOKUP(AB247*12,'Tax table'!$A$3:$C$10,1))+VLOOKUP(AB247*12,'Tax table'!$A$3:$C$10,2)))/12","v":{"v":15116.100680000003,"d":"15,116"}},{"v":11353.246,"d":"11,353"},{"v":0.7510697527320251,"d":"75.1%"}]
["Member 2060","1960-04-06","M",{"v":160314.12,"d":"160,314"},{"v":0.8,"d":"80%"},{"v":0.85,"d":"85%"},{"v":0.75,"d":"75%"},{"v":0.1,"d":"10%"},null,58,{"v":13359.51,"d":"13,360"},{"v":1335.951,"d":"1,336"},{"v":16699.3875,"d":"16,699"},{"v":15363.4365,"d":"15,363"},{"$f":"(M248*12-(VLOOKUP(N248*12,'Tax table'!$A$3:$C$10,3)*(N248*12-VLOOKUP(N248*12,'Tax table'!$A$3:$C$10,1))+VLOOKUP(N248*12,'Tax table'!$A$3:$C$10,2)))/12","v":{"v":15118.968930000003,"d":"15,119"}},{"v":12023.559000000001,"d":"12,024"},{"$f":"(VLOOKUP(P248*12,'Tax table'!$A$3:$C$10,3)*(P248*12-VLOOKUP(P248*12,'Tax table'!$A$3:$C$10,1))+VLOOKUP(P248*12,'Tax table'!$A$3:$C$10,2))/12","v":{"v":979.2406200000001,"d":"979"}},{"v":12380.26938,"d":"12,380"},{"v":10523.228973,"d":"10,523"},{"v":0.696028216059043,"d":"69.6%"},{"v":31569.686919,"d":"31,570"},{"$f":"IF($B$15=\"Yes\",MIN(S248*2,References!$B$7),0)","v":{"v":21046.457946,"d":"21,046"}},{"$f":"IF(AND(D248<>0,$B$16=\"Yes\"),References!$B$6,0)","v":{"v":100000,"d":"100,000"}},{"v":1857.0404070000004,"d":"1,857"},{"v":10019.6325,"d":"10,020"},{"v":1335.951,"d":"1,336"},{"v":11355.5835,"d":"11,356"},{"v":15363.4365,"d":"15,363"},{"$f":"(M248*12-(VLOOKUP(AB248*12,'Tax table'!$A$3:$C$10,3)*(AB248*12-VLOOKUP(AB248*12,'Tax table'!$A$3:$C$10,1))+VLOOKUP(AB248*12,'Tax table'!$A$3:$C$10,2)))/12","v":{"v":15118.968930000003,"d":"15,119"}},{"v":11355.5835,"d":"11,356"},{"v":0.7510818728827164,"d":"75.1%"}]
["Member 2059","1978-04-04","M",{"v":160669.68,"d":"160,670"},{"v":0.8,"d":"80%"},{"v":0.85,"d":"85%"},{"v":0.75,"d":"75%"},{"v":0.1,"d":"10%"},null,40,{"v":13389.14,"d":"13,389"},{"v":1338.914,"d":"1,339"},{"v":16736.425,"d":"16,736"},{"v":15397.510999999999,"d":"15,398"},{"$f":"(M249*12-(VLOOKUP(N249*12,'Tax table'!$A$3:$C$10,3)*(N249*12-VLOOKUP(N249*12,'Tax table'!$A$3:$C$10,1))+VLOOKUP(N249*12,'Tax table'!$A$3:$C$10,2)))/12","v":{"v":15149.873019999999,"d":"15,150"}},{"v":12050.225999999999,"d":"12,050"},{"$f":"(VLOOKUP(P249*12,'Tax table'!$A$3:$C$10,3)*(P249*12-VLOOKUP(P249*12,'Tax table'!$A$3:$C$10,1))+VLOOKUP(P249*12,'Tax table'!$A$3:$C$10,2))/12","v":{"v":984.04068,"d":"984"}},{"v":12405.09932,"d":"12,405"},{"v":10544.334422,"d":"10,544"},{"v":0.6960015049683895,"d":"69.6%"},{"v":31633.003266,"d":"31,633"},{"$f":"IF($B$15=\"Yes\",MIN(S249*2,References!$B$7),0)","v":{"v":21088.668844,"d":"21,089"}},{"$f":"IF(AND(D249<>0,$B$16=\"Yes\"),References!$B$6,0)","v":{"v":100000,"d":"100,000"}},{"v":1860.7648979999994,"d":"1,861"},{"v":10041.855,"d":"10,042"},{"v":1338.914,"d":"1,339"},{"v":11380.769,"d":"11,381"},{"v":15397.510999999999,"d":"15,398"},{"$f":"(M249*12-(VLOOKUP(AB249*12,'Tax table'!$A$3:$C$10,3)*(AB249*12-VLOOKUP(AB249*12,'Tax table'!$A$3:$C$10,1))+VLOOKUP(AB249*12,'Tax table'!$A$3:$C$10,2)))/12","v":{"v":15149.873019999999,"d":"15,150"}},{"v":11380.769,"d":"11,381"},{"v":0.751212170885905,"d":"75.1%"}]
["Member 2058","1983-01-28","M",{"v":162089.04,"d":"162,089"},{"v":0.8,"d":"80%"},{"v":0.85,"d":"85%"},{"v":0.75,"d":"75%"},{"v":0.1,"d":"10%"},null,35,{"v":13507.42,"d":"13,507"},{"v":1350.7420000000002,"d":"1,351"},{"v":16884.274999999998,"d":"16,884"},{"v":15533.532999999998,"d":"15,534"},{"$f":"(M250*12-(VLOOKUP(N250*12,'Tax table'!$A$3:$C$10,3)*(N250*12-VLOOKUP(N250*12,'Tax table'!$A$3:$C$10,1))+VLOOKUP(N250*12,'Tax table'!$A$3:$C$10,2)))/12","v":{"v":15273.23906,"d":"15,273"}},{"v":12156.678,"d":"12,157"},{"$f":"(VLOOKUP(P250*12,'Tax table'!$A$3:$C$10,3)*(P250*12-VLOOKUP(P250*12,'Tax table'!$A$3:$C$10,1))+VLOOKUP(P250*12,'Tax table'!$A$3:$C$10,2))/12","v":{"v":1003.20204,"d":"1,003"}},{"v":12504.21796,"d":"12,504"},{"v":10628.585266,"d":"10,629"},{"v":0.6958959539784746,"d":"69.6%"},{"v":31885.755798,"d":"31,886"},{"$f":"IF($B$15=\"Yes\",MIN(S250*2,References!$B$7),0)","v":{"v":21257.170532,"d":"21,257"}},{"$f":"IF(AND(D250<>0,$B$16=\"Yes\"),References!$B$6,0)","v":{"v":100000,"d":"100,000"}},{"v":1875.632694,"d":"1,876"},{"v":10130.565,"d":"10,131"},{"v":1350.7420000000002,"d":"1,351"},{"v":11481.307,"d":"11,481"},{"v":15533.532999999998,"d":"15,534"},{"$f":"(M250*12-(VLOOKUP(AB250*12,'Tax table'!$A$3:$C$10,3)*(AB250*12-VLOOKUP(AB250*12,'Tax table'!$A$3:$C$10,1))+VLOOKUP(AB250*12,'Tax table'!$A$3:$C$10,2)))/12","v":{"v":15273.23906,"d":"15,273"}},{"v":11481.307,"d":"11,481"},{"v":0.7517270537635388,"d":"75.2%"}]
["Member 2057","1980-02-29","M",{"v":162780.12,"d":"162,780"},{"v":0.8,"d":"80%"},{"v":0.85,"d":"85%"},{"v":0.75,"d":"75%"},{"v":0.1,"d":"10%"},null,38,{"v":13565.01,"d":"13,565"},{"v":1356.5010000000002,"d":"1,357"},{"v":16956.2625,"d":"16,956"},{"v":15599.7615,"d":"15,600"},{"$f":"(M251*12-(VLOOKUP(N251*12,'Tax table'!$A$3:$C$10,3)*(N251*12-VLOOKUP(N251*12,'Tax table'!$A$3:$C$10,1))+VLOOKUP(N251*12,'Tax table'!$A$3:$C$10,2)))/12","v":{"v":15333.305430000002,"d":"15,333"}},{"v":12208.509,"d":"12,209"},{"$f":"(VLOOKUP(P251*12,'Tax table'!$A$3:$C$10,3)*(P251*12-VLOOKUP(P251*12,'Tax table'!$A$3:$C$10,1))+VLOOKUP(P251*12,'Tax table'!$A$3:$C$10,2))/12","v":{"v":1012.5316200000001,"d":"1,013"}},{"v":12552.47838,"d":"12,552"},{"v":10669.606623,"d":"10,670"},{"v":0.6958451764826026,"d":"69.6%"},{"v":32008.819869,"d":"32,009"},{"$f":"IF($B$15=\"Yes\",MIN(S251*2,References!$B$7),0)","v":{"v":21339.213246,"d":"21,339"}},{"$f":"IF(AND(D251<>0,$B$16=\"Yes\"),References!$B$6,0)","v":{"v":100000,"d":"100,000"}},{"v":1882.8717570000008,"d":"1,883"},{"v":10173.7575,"d":"10,174"},{"v":1356.5010000000002,"d":"1,357"},{"v":11530.2585,"d":"11,530"},{"v":15599.7615,"d":"15,600"},{"$f":"(M251*12-(VLOOKUP(AB251*12,'Tax table'!$A$3:$C$10,3)*(AB251*12-VLOOKUP(AB251*12,'Tax table'!$A$3:$C$10,1))+VLOOKUP(AB251*12,'Tax table'!$A$3:$C$10,2)))/12","v":{"v":15333.305430000002,"d":"15,333"}},{"v":11530.2585,"d":"11,530"},{"v":0.7519747488653526,"d":"75.2%"}]
["Member 2056","1988-02-28","M",{"v":162798.84,"d":"162,799"},{"v":0.8,"d":"80%"},{"v":0.85,"d":"85%"},{"v":0.75,"d":"75%"},{"v":0.1,"d":"10%"},null,30,{"v":13566.57,"d":"13,567"},{"v":1356.6570000000002,"d":"1,357"},{"v":16958.212499999998,"d":"16,958"},{"v":15601.555499999999,"d":"15,602"},{"$f":"(M252*12-(VLOOKUP(N252*12,'Tax table'!$A$3:$C$10,3)*(N252*12-VLOOKUP(N252*12,'Tax table'!$A$3:$C$10,1))+VLOOKUP(N252*12,'Tax table'!$A$3:$C$10,2)))/12","v":{"v":15334.932509999999,"d":"15,335"}},{"v":12209.913,"d":"12,210"},{"$f":"(VLOOKUP(P252*12,'Tax table'!$A$3:$C$10,3)*(P252*12-VLOOKUP(P252*12,'Tax table'!$A$3:$C$10,1))+VLOOKUP(P252*12,'Tax table'!$A$3:$C$10,2))/12","v":{"v":1012.78434,"d":"1,013"}},{"v":12553.78566,"d":"12,554"},{"v":10670.717810999999,"d":"10,671"},{"v":0.695843806553538,"d":"69.6%"},{"v":32012.153432999996,"d":"32,012"},{"$f":"IF($B$15=\"Yes\",MIN(S252*2,References!$B$7),0)","v":{"v":21341.435621999997,"d":"21,341"}},{"$f":"IF(AND(D252<>0,$B$16=\"Yes\"),References!$B$6,0)","v":{"v":100000,"d":"100,000"}},{"v":1883.067849000001,"d":"1,883"},{"v":10174.9275,"d":"10,175"},{"v":1356.6570000000002,"d":"1,357"},{"v":11531.5845,"d":"11,532"},{"v":15601.555499999999,"d":"15,602"},{"$f":"(M252*12-(VLOOKUP(AB252*12,'Tax table'!$A$3:$C$10,3)*(AB252*12-VLOOKUP(AB252*12,'Tax table'!$A$3:$C$10,1))+VLOOKUP(AB252*12,'Tax table'!$A$3:$C$10,2)))/12","v":{"v":15334.932509999999,"d":"15,335"}},{"v":11531.5845,"d":"11,532"},{"v":0.7519814314461565,"d":"75.2%"}]
["Member 2055","1962-03-15","M",{"v":162836.28,"d":"162,836"},{"v":0.8,"d":"80%"},{"v":0.85,"d":"85%"},{"v":0.75,"d":"75%"},{"v":0.1,"d":"10%"},null,56,{"v":13569.69,"d":"13,570"},{"v":1356.969,"d":"1,357"},{"v":16962.1125,"d":"16,962"},{"v":15605.143499999998,"d":"15,605"},{"$f":"(M253*12-(VLOOKUP(N253*12,'Tax table'!$A$3:$C$10,3)*(N253*12-VLOOKUP(N253*12,'Tax table'!$A$3:$C$10,1))+VLOOKUP(N253*12,'Tax table'!$A$3:$C$10,2)))/12","v":{"v":15338.186669999997,"d":"15,338"}},{"v":12212.721000000001,"d":"12,213"},{"$f":"(VLOOKUP(P253*12,'Tax table'!$A$3:$C$10,3)*(P253*12-VLOOKUP(P253*12,'Tax table'!$A$3:$C$10,1))+VLOOKUP(P253*12,'Tax table'!$A$3:$C$10,2))/12","v":{"v":1013.2897800000001,"d":"1,013"}},{"v":12556.40022,"d":"12,556"},{"v":10672.940187,"d":"10,673"},{"v":0.6958410675673438,"d":"69.6%"},{"v":32018.820561,"d":"32,019"},{"$f":"IF($B$15=\"Yes\",MIN(S253*2,References!$B$7),0)","v":{"v":21345.880374,"d":"21,346"}},{"$f":"IF(AND(D253<>0,$B$16=\"Yes\"),References!$B$6,0)","v":{"v":100000,"d":"100,000"}},{"v":1883.4600329999994,"d":"1,883"},{"v":10177.2675,"d":"10,177"},{"v":1356.969,"d":"1,357"},{"v":11534.236499999999,"d":"11,534"},{"v":15605.143499999998,"d":"15,605"},{"$f":"(M253*12-(VLOOKUP(AB253*12,'Tax table'!$A$3:$C$10,3)*(AB253*12-VLOOKUP(AB253*12,'Tax table'!$A$3:$C$10,1))+VLOOKUP(AB253*12,'Tax table'!$A$3:$C$10,2)))/12","v":{"v":15338.186669999997,"d":"15,338"}},{"v":11534.236499999999,"d":"11,534"},{"v":0.7519947923544212,"d":"75.2%"}]
["Member 2048","1986-03-01","F",{"v":162857.76,"d":"162,858"},{"v":0.8,"d":"80%"},{"v":0.85,"d":"85%"},{"v":0.75,"d":"75%"},{"v":0.1,"d":"10%"},null,32,{"v":13571.480000000001,"d":"13,571"},{"v":1357.1480000000001,"d":"1,357"},{"v":16964.350000000002,"d":"16,964"},{"v":15607.202000000001,"d":"15,607"},{"$f":"(M254*12-(VLOOKUP(N254*12,'Tax table'!$A$3:$C$10,3)*(N254*12-VLOOKUP(N254*12,'Tax table'!$A$3:$C$10,1))+VLOOKUP(N254*12,'Tax table'!$A$3:$C$10,2)))/12","v":{"v":15340.05364,"d":"15,340"}},{"v":12214.332000000002,"d":"12,214"},{"$f":"(VLOOKUP(P254*12,'Tax table'!$A$3:$C$10,3)*(P254*12-VLOOKUP(P254*12,'Tax table'!$A$3:$C$10,1))+VLOOKUP(P254*12,'Tax table'!$A$3:$C$10,2))/12","v":{"v":1013.5797600000004,"d":"1,014"}},{"v":12557.90024,"d":"12,558"},{"v":10674.215204,"d":"10,674"},{"v":0.6958394966864014,"d":"69.6%"},{"v":32022.645612,"d":"32,023"},{"$f":"IF($B$15=\"Yes\",MIN(S254*2,References!$B$7),0)","v":{"v":21348.430408,"d":"21,348"}},{"$f":"IF(AND(D254<>0,$B$16=\"Yes\"),References!$B$6,0)","v":{"v":100000,"d":"100,000"}},{"v":1883.6850360000008,"d":"1,884"},{"v":10178.61,"d":"10,179"},{"v":1357.1480000000001,"d":"1,357"},{"v":11535.758000000002,"d":"11,536"},{"v":15607.202000000001,"d":"15,607"},{"$f":"(M254*12-(VLOOKUP(AB254*12,'Tax table'!$A$3:$C$10,3)*(AB254*12-VLOOKUP(AB254*12,'Tax table'!$A$3:$C$10,1))+VLOOKUP(AB254*12,'Tax table'!$A$3:$C$10,2)))/12","v":{"v":15340.05364,"d":"15,340"}},{"v":11535.758000000002,"d":"11,536"},{"v":0.7520024551882859,"d":"75.2%"}]
["Member 2049","1979-11-04","M",{"v":162857.76,"d":"162,858"},{"v":0.8,"d":"80%"},{"v":0.85,"d":"85%"},{"v":0.75,"d":"75%"},{"v":0.1,"d":"10%"},null,39,{"v":13571.480000000001,"d":"13,571"},{"v":1357.1480000000001,"d":"1,357"},{"v":16964.350000000002,"d":"16,964"},{"v":15607.202000000001,"d":"15,607"},{"$f":"(M255*12-(VLOOKUP(N255*12,'Tax table'!$A$3:$C$10,3)*(N255*12-VLOOKUP(N255*12,'Tax table'!$A$3:$C$10,1))+VLOOKUP(N255*12,'Tax table'!$A$3:$C$10,2)))/12","v":{"v":15340.05364,"d":"15,340"}},{"v":12214.332000000002,"d":"12,214"},{"$f":"(VLOOKUP(P255*12,'Tax table'!$A$3:$C$10,3)*(P255*12-VLOOKUP(P255*12,'Tax table'!$A$3:$C$10,1))+VLOOKUP(P255*12,'Tax table'!$A$3:$C$10,2))/12","v":{"v":1013.5797600000004,"d":"1,014"}},{"v":12557.90024,"d":"12,558"},{"v":10674.215204,"d":"10,674"},{"v":0.6958394966864014,"d":"69.6%"},{"v":32022.645612,"d":"32,023"},{"$f":"IF($B$15=\"Yes\",MIN(S255*2,References!$B$7),0)","v":{"v":21348.430408,"d":"21,348"}},{"$f":"IF(AND(D255<>0,$B$16=\"Yes\"),References!$B$6,0)","v":{"v":100000,"d":"100,000"}},{"v":1883.6850360000008,"d":"1,884"},{"v":10178.61,"d":"10,179"},{"v":1357.1480000000001,"d":"1,357"},{"v":11535.758000000002,"d":"11,536"},{"v":15607.202000000001,"d":"15,607"},{"$f":"(M255*12-(VLOOKUP(AB255*12,'Tax table'!$A$3:$C$10,3)*(AB255*12-VLOOKUP(AB255*12,'Tax table'!$A$3:$C$10,1))+VLOOKUP(AB255*12,'Tax table'!$A$3:$C$10,2)))/12","v":{"v":15340.05364,"d":"15,340"}},{"v":11535.758000000002,"d":"11,536"},{"v":0.7520024551882859,"d":"75.2%"}]
["Member 2050","1977-09-10","M",{"v":162857.76,"d":"162,858"},{"v":0.8,"d":"80%"},{"v":0.85,"d":"85%"},{"v":0.75,"d":"75%"},{"v":0.1,"d":"10%"},null,41,{"v":13571.480000000001,"d":"13,571"},{"v":1357.1480000000001,"d":"1,357"},{"v":16964.350000000002,"d":"16,964"},{"v":15607.202000000001,"d":"15,607"},{"$f":"(M256*12-(VLOOKUP(N256*12,'Tax table'!$A$3:$C$10,3)*(N256*12-VLOOKUP(N256*12,'Tax table'!$A$3:$C$10,1))+VLOOKUP(N256*12,'Tax table'!$A$3:$C$10,2)))/12","v":{"v":15340.05364,"d":"15,340"}},{"v":12214.332000000002,"d":"12,214"},{"$f":"(VLOOKUP(P256*12,'Tax table'!$A$3:$C$10,3)*(P256*12-VLOOKUP(P256*12,'Tax table'!$A$3:$C$10,1))+VLOOKUP(P256*12,'Tax table'!$A$3:$C$10,2))/12","v":{"v":1013.5797600000004,"d":"1,014"}},{"v":12557.90024,"d":"12,558"},{"v":10674.215204,"d":"10,674"},{"v":0.6958394966864014,"d":"69.6%"},{"v":32022.645612,"d":"32,023"},{"$f":"IF($B$15=\"Yes\",MIN(S256*2,References!$B$7),0)","v":{"v":21348.430408,"d":"21,348"}},{"$f":"IF(AND(D256<>0,$B$16=\"Yes\"),References!$B$6,0)","v":{"v":100000,"d":"100,000"}},{"v":1883.6850360000008,"d":"1,884"},{"v":10178.61,"d":"10,179"},{"v":1357.1480000000001,"d":"1,357"},{"v":11535.758000000002,"d":"11,536"},{"v":15607.202000000001,"d":"15,607"},{"$f":"(M256*12-(VLOOKUP(AB256*12,'Tax table'!$A$3:$C$10,3)*(AB256*12-VLOOKUP(AB256*12,'Tax table'!$A$3:$C$10,1))+VLOOKUP(AB256*12,'Tax table'!$A$3:$C$10,2)))/12","v":{"v":15340.05364,"d":"15,340"}},{"v":11535.758000000002,"d":"11,536"},{"v":0.7520024551882859,"d":"75.2%"}]
["Member 2051","1982-12-31","M",{"v":162857.76,"d":"162,858"},{"v":0.8,"d":"80%"},{"v":0.85,"d":"85%"},{"v":0.75,"d":"75%"},{"v":0.1,"d":"10%"},null,35,{"v":13571.480000000001,"d":"13,571"},{"v":1357.1480000000001,"d":"1,357"},{"v":16964.350000000002,"d":"16,964"},{"v":15607.202000000001,"d":"15,607"},{"$f":"(M257*12-(VLOOKUP(N257*12,'Tax table'!$A$3:$C$10,3)*(N257*12-VLOOKUP(N257*12,'Tax table'!$A$3:$C$10,1))+VLOOKUP(N257*12,'Tax table'!$A$3:$C$10,2)))/12","v":{"v":15340.05364,"d":"15,340"}},{"v":12214.332000000002,"d":"12,214"},{"$f":"(VLOOKUP(P257*12,'Tax table'!$A$3:$C$10,3)*(P257*12-VLOOKUP(P257*12,'Tax table'!$A$3:$C$10,1))+VLOOKUP(P257*12,'Tax table'!$A$3:$C$10,2))/12","v":{"v":1013.5797600000004,"d":"1,014"}},{"v":12557.90024,"d":"12,558"},{"v":10674.215204,"d":"10,674"},{"v":0.6958394966864014,"d":"69.6%"},{"v":32022.645612,"d":"32,023"},{"$f":"IF($B$15=\"Yes\",MIN(S257*2,References!$B$7),0)","v":{"v":21348.430408,"d":"21,348"}},{"$f":"IF(AND(D257<>0,$B$16=\"Yes\"),References!$B$6,0)","v":{"v":100000,"d":"100,000"}},{"v":1883.6850360000008,"d":"1,884"},{"v":10178.61,"d":"10,179"},{"v":1357.1480000000001,"d":"1,357"},{"v":11535.758000000002,"d":"11,536"},{"v":15607.202000000001,"d":"15,607"},{"$f":"(M257*12-(VLOOKUP(AB257*12,'Tax table'!$A$3:$C$10,3)*(AB257*12-VLOOKUP(AB257*12,'Tax table'!$A$3:$C$10,1))+VLOOKUP(AB257*12,'Tax table'!$A$3:$C$10,2)))/12","v":{"v":15340.05364,"d":"15,340"}},{"v":11535.758000000002,"d":"11,536"},{"v":0.7520024551882859,"d":"75.2%"}]
["Member 2052","1985-06-26","F",{"v":162857.76,"d":"162,858"},{"v":0.8,"d":"80%"},{"v":0.85,"d":"85%"},{"v":0.75,"d":"75%"},{"v":0.1,"d":"10%"},null,33,{"v":13571.480000000001,"d":"13,571"},{"v":1357.1480000000001,"d":"1,357"},{"v":16964.350000000002,"d":"16,964"},{"v":15607.202000000001,"d":"15,607"},{"$f":"(M258*12-(VLOOKUP(N258*12,'Tax table'!$A$3:$C$10,3)*(N258*12-VLOOKUP(N258*12,'Tax table'!$A$3:$C$10,1))+VLOOKUP(N258*12,'Tax table'!$A$3:$C$10,2)))/12","v":{"v":15340.05364,"d":"15,340"}},{"v":12214.332000000002,"d":"12,214"},{"$f":"(VLOOKUP(P258*12,'Tax table'!$A$3:$C$10,3)*(P258*12-VLOOKUP(P258*12,'Tax table'!$A$3:$C$10,1))+VLOOKUP(P258*12,'Tax table'!$A$3:$C$10,2))/12","v":{"v":1013.5797600000004,"d":"1,014"}},{"v":12557.90024,"d":"12,558"},{"v":10674.215204,"d":"10,674"},{"v":0.6958394966864014,"d":"69.6%"},{"v":32022.645612,"d":"32,023"},{"$f":"IF($B$15=\"Yes\",MIN(S258*2,References!$B$7),0)","v":{"v":21348.430408,"d":"21,348"}},{"$f":"IF(AND(D258<>0,$B$16=\"Yes\"),References!$B$6,0)","v":{"v":100000,"d":"100,000"}},{"v":1883.6850360000008,"d":"1,884"},{"v":10178.61,"d":"10,179"},{"v":1357.1480000000001,"d":"1,357"},{"v":11535.758000000002,"d":"11,536"},{"v":15607.202000000001,"d":"15,607"},{"$f":"(M258*12-(VLOOKUP(AB258*12,'Tax table'!$A$3:$C$10,3)*(AB258*12-VLOOKUP(AB258*12,'Tax table'!$A$3:$C$10,1))+VLOOKUP(AB258*12,'Tax table'!$A$3:$C$10,2)))/12","v":{"v":15340.05364,"d":"15,340"}},{"v":11535.758000000002,"d":"11,536"},{"v":0.7520024551882859,"d":"75.2%"}]
["Member 2053","1988-03-17","M",{"v":162857.76,"d":"162,858"},{"v":0.8,"d":"80%"},{"v":0.85,"d":"85%"},{"v":0.75,"d":"75%"},{"v":0.1,"d":"10%"},null,30,{"v":13571.480000000001,"d":"13,571"},{"v":1357.1480000000001,"d":"1,357"},{"v":16964.350000000002,"d":"16,964"},{"v":15607.202000000001,"d":"15,607"},{"$f":"(M259*12-(VLOOKUP(N259*12,'Tax table'!$A$3:$C$10,3)*(N259*12-VLOOKUP(N259*12,'Tax table'!$A$3:$C$10,1))+VLOOKUP(N259*12,'Tax table'!$A$3:$C$10,2)))/12","v":{"v":15340.05364,"d":"15,340"}},{"v":12214.332000000002,"d":"12,214"},{"$f":"(VLOOKUP(P259*12,'Tax table'!$A$3:$C$10,3)*(P259*12-VLOOKUP(P259*12,'Tax table'!$A$3:$C$10,1))+VLOOKUP(P259*12,'Tax table'!$A$3:$C$10,2))/12","v":{"v":1013.5797600000004,"d":"1,014"}},{"v":12557.90024,"d":"12,558"},{"v":10674.215204,"d":"10,674"},{"v":0.6958394966864014,"d":"69.6%"},{"v":32022.645612,"d":"32,023"},{"$f":"IF($B$15=\"Yes\",MIN(S259*2,References!$B$7),0)","v":{"v":21348.430408,"d":"21,348"}},{"$f":"IF(AND(D259<>0,$B$16=\"Yes\"),References!$B$6,0)","v":{"v":100000,"d":"100,000"}},{"v":1883.6850360000008,"d":"1,884"},{"v":10178.61,"d":"10,179"},{"v":1357.1480000000001,"d":"1,357"},{"v":11535.758000000002,"d":"11,536"},{"v":15607.202000000001,"d":"15,607"},{"$f":"(M259*12-(VLOOKUP(AB259*12,'Tax table'!$A$3:$C$10,3)*(AB259*12-VLOOKUP(AB259*12,'Tax table'!$A$3:$C$10,1))+VLOOKUP(AB259*12,'Tax table'!$A$3:$C$10,2)))/12","v":{"v":15340.05364,"d":"15,340"}},{"v":11535.758000000002,"d":"11,536"},{"v":0.7520024551882859,"d":"75.2%"}]
["Member 2054","1990-10-25","M",{"v":162857.76,"d":"162,858"},{"v":0.8,"d":"80%"},{"v":0.85,"d":"85%"},{"v":0.75,"d":"75%"},{"v":0.1,"d":"10%"},null,28,{"v":13571.480000000001,"d":"13,571"},{"v":1357.1480000000001,"d":"1,357"},{"v":16964.350000000002,"d":"16,964"},{"v":15607.202000000001,"d":"15,607"},{"$f":"(M260*12-(VLOOKUP(N260*12,'Tax table'!$A$3:$C$10,3)*(N260*12-VLOOKUP(N260*12,'Tax table'!$A$3:$C$10,1))+VLOOKUP(N260*12,'Tax table'!$A$3:$C$10,2)))/12","v":{"v":15340.05364,"d":"15,340"}},{"v":12214.332000000002,"d":"12,214"},{"$f":"(VLOOKUP(P260*12,'Tax table'!$A$3:$C$10,3)*(P260*12-VLOOKUP(P260*12,'Tax table'!$A$3:$C$10,1))+VLOOKUP(P260*12,'Tax table'!$A$3:$C$10,2))/12","v":{"v":1013.5797600000004,"d":"1,014"}},{"v":12557.90024,"d":"12,558"},{"v":10674.215204,"d":"10,674"},{"v":0.6958394966864014,"d":"69.6%"},{"v":32022.645612,"d":"32,023"},{"$f":"IF($B$15=\"Yes\",MIN(S260*2,References!$B$7),0)","v":{"v":21348.430408,"d":"21,348"}},{"$f":"IF(AND(D260<>0,$B$16=\"Yes\"),References!$B$6,0)","v":{"v":100000,"d":"100,000"}},{"v":1883.6850360000008,"d":"1,884"},{"v":10178.61,"d":"10,179"},{"v":1357.1480000000001,"d":"1,357"},{"v":11535.758000000002,"d":"11,536"},{"v":15607.202000000001,"d":"15,607"},{"$f":"(M260*12-(VLOOKUP(AB260*12,'Tax table'!$A$3:$C$10,3)*(AB260*12-VLOOKUP(AB260*12,'Tax table'!$A$3:$C$10,1))+VLOOKUP(AB260*12,'Tax table'!$A$3:$C$10,2)))/12","v":{"v":15340.05364,"d":"15,340"}},{"v":11535.758000000002,"d":"11,536"},{"v":0.7520024551882859,"d":"75.2%"}]
["Member 2029","1981-10-12","M",{"v":162857.88,"d":"162,858"},{"v":0.8,"d":"80%"},{"v":0.85,"d":"85%"},{"v":0.75,"d":"75%"},{"v":0.1,"d":"10%"},null,37,{"v":13571.49,"d":"13,571"},{"v":1357.1490000000001,"d":"1,357"},{"v":16964.3625,"d":"16,964"},{"v":15607.2135,"d":"15,607"},{"$f":"(M261*12-(VLOOKUP(N261*12,'Tax table'!$A$3:$C$10,3)*(N261*12-VLOOKUP(N261*12,'Tax table'!$A$3:$C$10,1))+VLOOKUP(N261*12,'Tax table'!$A$3:$C$10,2)))/12","v":{"v":15340.064069999999,"d":"15,340"}},{"v":12214.341,"d":"12,214"},{"$f":"(VLOOKUP(P261*12,'Tax table'!$A$3:$C$10,3)*(P261*12-VLOOKUP(P261*12,'Tax table'!$A$3:$C$10,1))+VLOOKUP(P261*12,'Tax table'!$A$3:$C$10,2))/12","v":{"v":1013.5813800000001,"d":"1,014"}},{"v":12557.90862,"d":"12,558"},{"v":10674.222327,"d":"10,674"},{"v":0.6958394879116043,"d":"69.6%"},{"v":32022.666981,"d":"32,023"},{"$f":"IF($B$15=\"Yes\",MIN(S261*2,References!$B$7),0)","v":{"v":21348.444654,"d":"21,348"}},{"$f":"IF(AND(D261<>0,$B$16=\"Yes\"),References!$B$6,0)","v":{"v":100000,"d":"100,000"}},{"v":1883.6862930000007,"d":"1,884"},{"v":10178.6175,"d":"10,179"},{"v":1357.1490000000001,"d":"1,357"},{"v":11535.7665,"d":"11,536"},{"v":15607.2135,"d":"15,607"},{"$f":"(M261*12-(VLOOKUP(AB261*12,'Tax table'!$A$3:$C$10,3)*(AB261*12-VLOOKUP(AB261*12,'Tax table'!$A$3:$C$10,1))+VLOOKUP(AB261*12,'Tax table'!$A$3:$C$10,2)))/12","v":{"v":15340.064069999999,"d":"15,340"}},{"v":11535.7665,"d":"11,536"},{"v":0.7520024979921743,"d":"75.2%"}]
["Member 2030","1989-08-09","M",{"v":162857.88,"d":"162,858"},{"v":0.8,"d":"80%"},{"v":0.85,"d":"85%"},{"v":0.75,"d":"75%"},{"v":0.1,"d":"10%"},null,29,{"v":13571.49,"d":"13,571"},{"v":1357.1490000000001,"d":"1,357"},{"v":16964.3625,"d":"16,964"},{"v":15607.2135,"d":"15,607"},{"$f":"(M262*12-(VLOOKUP(N262*12,'Tax table'!$A$3:$C$10,3)*(N262*12-VLOOKUP(N262*12,'Tax table'!$A$3:$C$10,1))+VLOOKUP(N262*12,'Tax table'!$A$3:$C$10,2)))/12","v":{"v":15340.064069999999,"d":"15,340"}},{"v":12214.341,"d":"12,214"},{"$f":"(VLOOKUP(P262*12,'Tax table'!$A$3:$C$10,3)*(P262*12-VLOOKUP(P262*12,'Tax table'!$A$3:$C$10,1))+VLOOKUP(P262*12,'Tax table'!$A$3:$C$10,2))/12","v":{"v":1013.5813800000001,"d":"1,014"}},{"v":12557.90862,"d":"12,558"},{"v":10674.222327,"d":"10,674"},{"v":0.6958394879116043,"d":"69.6%"},{"v":32022.666981,"d":"32,023"},{"$f":"IF($B$15=\"Yes\",MIN(S262*2,References!$B$7),0)","v":{"v":21348.444654,"d":"21,348"}},{"$f":"IF(AND(D262<>0,$B$16=\"Yes\"),References!$B$6,0)","v":{"v":100000,"d":"100,000"}},{"v":1883.6862930000007,"d":"1,884"},{"v":10178.6175,"d":"10,179"},{"v":1357.1490000000001,"d":"1,357"},{"v":11535.7665,"d":"11,536"},{"v":15607.2135,"d":"15,607"},{"$f":"(M262*12-(VLOOKUP(AB262*12,'Tax table'!$A$3:$C$10,3)*(AB262*12-VLOOKUP(AB262*12,'Tax table'!$A$3:$C$10,1))+VLOOKUP(AB262*12,'Tax table'!$A$3:$C$10,2)))/12","v":{"v":15340.064069999999,"d":"15,340"}},{"v":11535.7665,"d":"11,536"},{"v":0.7520024979921743,"d":"75.2%"}]
["Member 2031","1984-04-21","F",{"v":162857.88,"d":"162,858"},{"v":0.8,"d":"80%"},{"v":0.85,"d":"85%"},{"v":0.75,"d":"75%"},{"v":0.1,"d":"10%"},null,34,{"v":13571.49,"d":"13,571"},{"v":1357.1490000000001,"d":"1,357"},{"v":16964.3625,"d":"16,964"},{"v":15607.2135,"d":"15,607"},{"$f":"(M263*12-(VLOOKUP(N263*12,'Tax table'!$A$3:$C$10,3)*(N263*12-VLOOKUP(N263*12,'Tax table'!$A$3:$C$10,1))+VLOOKUP(N263*12,'Tax table'!$A$3:$C$10,2)))/12","v":{"v":15340.064069999999,"d":"15,340"}},{"v":12214.341,"d":"12,214"},{"$f":"(VLOOKUP(P263*12,'Tax table'!$A$3:$C$10,3)*(P263*12-VLOOKUP(P263*12,'Tax table'!$A$3:$C$10,1))+VLOOKUP(P263*12,'Tax table'!$A$3:$C$10,2))/12","v":{"v":1013.5813800000001,"d":"1,014"}},{"v":12557.90862,"d":"12,558"},{"v":10674.222327,"d":"10,674"},{"v":0.6958394879116043,"d":"69.6%"},{"v":32022.666981,"d":"32,023"},{"$f":"IF($B$15=\"Yes\",MIN(S263*2,References!$B$7),0)","v":{"v":21348.444654,"d":"21,348"}},{"$f":"IF(AND(D263<>0,$B$16=\"Yes\"),References!$B$6,0)","v":{"v":100000,"d":"100,000"}},{"v":1883.6862930000007,"d":"1,884"},{"v":10178.6175,"d":"10,179"},{"v":1357.1490000000001,"d":"1,357"},{"v":11535.7665,"d":"11,536"},{"v":15607.2135,"d":"15,607"},{"$f":"(M263*12-(VLOOKUP(AB263*12,'Tax table'!$A$3:$C$10,3)*(AB263*12-VLOOKUP(AB263*12,'Tax table'!$A$3:$C$10,1))+VLOOKUP(AB263*12,'Tax table'!$A$3:$C$10,2)))/12","v":{"v":15340.064069999999,"d":"15,340"}},{"v":11535.7665,"d":"11,536"},{"v":0.7520024979921743,"d":"75.2%"}]
["Member 2032","1990-08-23","F",{"v":162857.88,"d":"162,858"},{"v":0.8,"d":"80%"},{"v":0.85,"d":"85%"},{"v":0.75,"d":"75%"},{"v":0.1,"d":"10%"},null,28,{"v":13571.49,"d":"13,571"},{"v":1357.1490000000001,"d":"1,357"},{"v":16964.3625,"d":"16,964"},{"v":15607.2135,"d":"15,607"},{"$f":"(M264*12-(VLOOKUP(N264*12,'Tax table'!$A$3:$C$10,3)*(N264*12-VLOOKUP(N264*12,'Tax table'!$A$3:$C$10,1))+VLOOKUP(N264*12,'Tax table'!$A$3:$C$10,2)))/12","v":{"v":15340.064069999999,"d":"15,340"}},{"v":12214.341,"d":"12,214"},{"$f":"(VLOOKUP(P264*12,'Tax table'!$A$3:$C$10,3)*(P264*12-VLOOKUP(P264*12,'Tax table'!$A$3:$C$10,1))+VLOOKUP(P264*12,'Tax table'!$A$3:$C$10,2))/12","v":{"v":1013.5813800000001,"d":"1,014"}},{"v":12557.90862,"d":"12,558"},{"v":10674.222327,"d":"10,674"},{"v":0.6958394879116043,"d":"69.6%"},{"v":32022.666981,"d":"32,023"},{"$f":"IF($B$15=\"Yes\",MIN(S264*2,References!$B$7),0)","v":{"v":21348.444654,"d":"21,348"}},{"$f":"IF(AND(D264<>0,$B$16=\"Yes\"),References!$B$6,0)","v":{"v":100000,"d":"100,000"}},{"v":1883.6862930000007,"d":"1,884"},{"v":10178.6175,"d":"10,179"},{"v":1357.1490000000001,"d":"1,357"},{"v":11535.7665,"d":"11,536"},{"v":15607.2135,"d":"15,607"},{"$f":"(M264*12-(VLOOKUP(AB264*12,'Tax table'!$A$3:$C$10,3)*(AB264*12-VLOOKUP(AB264*12,'Tax table'!$A$3:$C$10,1))+VLOOKUP(AB264*12,'Tax table'!$A$3:$C$10,2)))/12","v":{"v":15340.064069999999,"d":"15,340"}},{"v":11535.7665,"d":"11,536"},{"v":0.7520024979921743,"d":"75.2%"}]
["Member 2033","1977-11-23","M",{"v":162857.88,"d":"162,858"},{"v":0.8,"d":"80%"},{"v":0.85,"d":"85%"},{"v":0.75,"d":"75%"},{"v":0.1,"d":"10%"},null,40,{"v":13571.49,"d":"13,571"},{"v":1357.1490000000001,"d":"1,357"},{"v":16964.3625,"d":"16,964"},{"v":15607.2135,"d":"15,607"},{"$f":"(M265*12-(VLOOKUP(N265*12,'Tax table'!$A$3:$C$10,3)*(N265*12-VLOOKUP(N265*12,'Tax table'!$A$3:$C$10,1))+VLOOKUP(N265*12,'Tax table'!$A$3:$C$10,2)))/12","v":{"v":15340.064069999999,"d":"15,340"}},{"v":12214.341,"d":"12,214"},{"$f":"(VLOOKUP(P265*12,'Tax table'!$A$3:$C$10,3)*(P265*12-VLOOKUP(P265*12,'Tax table'!$A$3:$C$10,1))+VLOOKUP(P265*12,'Tax table'!$A$3:$C$10,2))/12","v":{"v":1013.5813800000001,"d":"1,014"}},{"v":12557.90862,"d":"12,558"},{"v":10674.222327,"d":"10,674"},{"v":0.6958394879116043,"d":"69.6%"},{"v":32022.666981,"d":"32,023"},{"$f":"IF($B$15=\"Yes\",MIN(S265*2,References!$B$7),0)","v":{"v":21348.444654,"d":"21,348"}},{"$f":"IF(AND(D265<>0,$B$16=\"Yes\"),References!$B$6,0)","v":{"v":100000,"d":"100,000"}},{"v":1883.6862930000007,"d":"1,884"},{"v":10178.6175,"d":"10,179"},{"v":1357.1490000000001,"d":"1,357"},{"v":11535.7665,"d":"11,536"},{"v":15607.2135,"d":"15,607"},{"$f":"(M265*12-(VLOOKUP(AB265*12,'Tax table'!$A$3:$C$10,3)*(AB265*12-VLOOKUP(AB265*12,'Tax table'!$A$3:$C$10,1))+VLOOKUP(AB265*12,'Tax table'!$A$3:$C$10,2)))/12","v":{"v":15340.064069999999,"d":"15,340"}},{"v":11535.7665,"d":"11,536"},{"v":0.7520024979921743,"d":"75.2%"}]
["Member 2034","1981-06-03","F",{"v":162857.88,"d":"162,858"},{"v":0.8,"d":"80%"},{"v":0.85,"d":"85%"},{"v":0.75,"d":"75%"},{"v":0.1,"d":"10%"},null,37,{"v":13571.49,"d":"13,571"},{"v":1357.1490000000001,"d":"1,357"},{"v":16964.3625,"d":"16,964"},{"v":15607.2135,"d":"15,607"},{"$f":"(M266*12-(VLOOKUP(N266*12,'Tax table'!$A$3:$C$10,3)*(N266*12-VLOOKUP(N266*12,'Tax table'!$A$3:$C$10,1))+VLOOKUP(N266*12,'Tax table'!$A$3:$C$10,2)))/12","v":{"v":15340.064069999999,"d":"15,340"}},{"v":12214.341,"d":"12,214"},{"$f":"(VLOOKUP(P266*12,'Tax table'!$A$3:$C$10,3)*(P266*12-VLOOKUP(P266*12,'Tax table'!$A$3:$C$10,1))+VLOOKUP(P266*12,'Tax table'!$A$3:$C$10,2))/12","v":{"v":1013.5813800000001,"d":"1,014"}},{"v":12557.90862,"d":"12,558"},{"v":10674.222327,"d":"10,674"},{"v":0.6958394879116043,"d":"69.6%"},{"v":32022.666981,"d":"32,023"},{"$f":"IF($B$15=\"Yes\",MIN(S266*2,References!$B$7),0)","v":{"v":21348.444654,"d":"21,348"}},{"$f":"IF(AND(D266<>0,$B$16=\"Yes\"),References!$B$6,0)","v":{"v":100000,"d":"100,000"}},{"v":1883.6862930000007,"d":"1,884"},{"v":10178.6175,"d":"10,179"},{"v":1357.1490000000001,"d":"1,357"},{"v":11535.7665,"d":"11,536"},{"v":15607.2135,"d":"15,607"},{"$f":"(M266*12-(VLOOKUP(AB266*12,'Tax table'!$A$3:$C$10,3)*(AB266*12-VLOOKUP(AB266*12,'Tax table'!$A$3:$C$10,1))+VLOOKUP(AB266*12,'Tax table'!$A$3:$C$10,2)))/12","v":{"v":15340.064069999999,"d":"15,340"}},{"v":11535.7665,"d":"11,536"},{"v":0.7520024979921743,"d":"75.2%"}]
["Member 2035","1990-04-30","F",{"v":162857.88,"d":"162,858"},{"v":0.8,"d":"80%"},{"v":0.85,"d":"85%"},{"v":0.75,"d":"75%"},{"v":0.1,"d":"10%"},null,28,{"v":13571.49,"d":"13,571"},{"v":1357.1490000000001,"d":"1,357"},{"v":16964.3625,"d":"16,964"},{"v":15607.2135,"d":"15,607"},{"$f":"(M267*12-(VLOOKUP(N267*12,'Tax table'!$A$3:$C$10,3)*(N267*12-VLOOKUP(N267*12,'Tax table'!$A$3:$C$10,1))+VLOOKUP(N267*12,'Tax table'!$A$3:$C$10,2)))/12","v":{"v":15340.064069999999,"d":"15,340"}},{"v":12214.341,"d":"12,214"},{"$f":"(VLOOKUP(P267*12,'Tax table'!$A$3:$C$10,3)*(P267*12-VLOOKUP(P267*12,'Tax table'!$A$3:$C$10,1))+VLOOKUP(P267*12,'Tax table'!$A$3:$C$10,2))/12","v":{"v":1013.5813800000001,"d":"1,014"}},{"v":12557.90862,"d":"12,558"},{"v":10674.222327,"d":"10,674"},{"v":0.6958394879116043,"d":"69.6%"},{"v":32022.666981,"d":"32,023"},{"$f":"IF($B$15=\"Yes\",MIN(S267*2,References!$B$7),0)","v":{"v":21348.444654,"d":"21,348"}},{"$f":"IF(AND(D267<>0,$B$16=\"Yes\"),References!$B$6,0)","v":{"v":100000,"d":"100,000"}},{"v":1883.6862930000007,"d":"1,884"},{"v":10178.6175,"d":"10,179"},{"v":1357.1490000000001,"d":"1,357"},{"v":11535.7665,"d":"11,536"},{"v":15607.2135,"d":"15,607"},{"$f":"(M267*12-(VLOOKUP(AB267*12,'Tax table'!$A$3:$C$10,3)*(AB267*12-VLOOKUP(AB267*12,'Tax table'!$A$3:$C$10,1))+VLOOKUP(AB267*12,'Tax table'!$A$3:$C$10,2)))/12","v":{"v":15340.064069999999,"d":"15,340"}},{"v":11535.7665,"d":"11,536"},{"v":0.7520024979921743,"d":"75.2%"}]
["Member 2036","1992-10-23","M",{"v":162857.88,"d":"162,858"},{"v":0.8,"d":"80%"},{"v":0.85,"d":"85%"},{"v":0.75,"d":"75%"},{"v":0.1,"d":"10%"},null,26,{"v":13571.49,"d":"13,571"},{"v":1357.1490000000001,"d":"1,357"},{"v":16964.3625,"d":"16,964"},{"v":15607.2135,"d":"15,607"},{"$f":"(M268*12-(VLOOKUP(N268*12,'Tax table'!$A$3:$C$10,3)*(N268*12-VLOOKUP(N268*12,'Tax table'!$A$3:$C$10,1))+VLOOKUP(N268*12,'Tax table'!$A$3:$C$10,2)))/12","v":{"v":15340.064069999999,"d":"15,340"}},{"v":12214.341,"d":"12,214"},{"$f":"(VLOOKUP(P268*12,'Tax table'!$A$3:$C$10,3)*(P268*12-VLOOKUP(P268*12,'Tax table'!$A$3:$C$10,1))+VLOOKUP(P268*12,'Tax table'!$A$3:$C$10,2))/12","v":{"v":1013.5813800000001,"d":"1,014"}},{"v":12557.90862,"d":"12,558"},{"v":10674.222327,"d":"10,674"},{"v":0.6958394879116043,"d":"69.6%"},{"v":32022.666981,"d":"32,023"},{"$f":"IF($B$15=\"Yes\",MIN(S268*2,References!$B$7),0)","v":{"v":21348.444654,"d":"21,348"}},{"$f":"IF(AND(D268<>0,$B$16=\"Yes\"),References!$B$6,0)","v":{"v":100000,"d":"100,000"}},{"v":1883.6862930000007,"d":"1,884"},{"v":10178.6175,"d":"10,179"},{"v":1357.1490000000001,"d":"1,357"},{"v":11535.7665,"d":"11,536"},{"v":15607.2135,"d":"15,607"},{"$f":"(M268*12-(VLOOKUP(AB268*12,'Tax table'!$A$3:$C$10,3)*(AB268*12-VLOOKUP(AB268*12,'Tax table'!$A$3:$C$10,1))+VLOOKUP(AB268*12,'Tax table'!$A$3:$C$10,2)))/12","v":{"v":15340.064069999999,"d":"15,340"}},{"v":11535.7665,"d":"11,536"},{"v":0.7520024979921743,"d":"75.2%"}]
["Member 2037","1994-12-22","F",{"v":162857.88,"d":"162,858"},{"v":0.8,"d":"80%"},{"v":0.85,"d":"85%"},{"v":0.75,"d":"75%"},{"v":0.1,"d":"10%"},null,23,{"v":13571.49,"d":"13,571"},{"v":1357.1490000000001,"d":"1,357"},{"v":16964.3625,"d":"16,964"},{"v":15607.2135,"d":"15,607"},{"$f":"(M269*12-(VLOOKUP(N269*12,'Tax table'!$A$3:$C$10,3)*(N269*12-VLOOKUP(N269*12,'Tax table'!$A$3:$C$10,1))+VLOOKUP(N269*12,'Tax table'!$A$3:$C$10,2)))/12","v":{"v":15340.064069999999,"d":"15,340"}},{"v":12214.341,"d":"12,214"},{"$f":"(VLOOKUP(P269*12,'Tax table'!$A$3:$C$10,3)*(P269*12-VLOOKUP(P269*12,'Tax table'!$A$3:$C$10,1))+VLOOKUP(P269*12,'Tax table'!$A$3:$C$10,2))/12","v":{"v":1013.5813800000001,"d":"1,014"}},{"v":12557.90862,"d":"12,558"},{"v":10674.222327,"d":"10,674"},{"v":0.6958394879116043,"d":"69.6%"},{"v":32022.666981,"d":"32,023"},{"$f":"IF($B$15=\"Yes\",MIN(S269*2,References!$B$7),0)","v":{"v":21348.444654,"d":"21,348"}},{"$f":"IF(AND(D269<>0,$B$16=\"Yes\"),References!$B$6,0)","v":{"v":100000,"d":"100,000"}},{"v":1883.6862930000007,"d":"1,884"},{"v":10178.6175,"d":"10,179"},{"v":1357.1490000000001,"d":"1,357"},{"v":11535.7665,"d":"11,536"},{"v":15607.2135,"d":"15,607"},{"$f":"(M269*12-(VLOOKUP(AB269*12,'Tax table'!$A$3:$C$10,3)*(AB269*12-VLOOKUP(AB269*12,'Tax table'!$A$3:$C$10,1))+VLOOKUP(AB269*12,'Tax table'!$A$3:$C$10,2)))/12","v":{"v":15340.064069999999,"d":"15,340"}},{"v":11535.7665,"d":"11,536"},{"v":0.7520024979921743,"d":"75.2%"}]
["Member 2038","1993-07-05","F",{"v":162857.88,"d":"162,858"},{"v":0.8,"d":"80%"},{"v":0.85,"d":"85%"},{"v":0.75,"d":"75%"},{"v":0.1,"d":"10%"},null,25,{"v":13571.49,"d":"13,571"},{"v":1357.1490000000001,"d":"1,357"},{"v":16964.3625,"d":"16,964"},{"v":15607.2135,"d":"15,607"},{"$f":"(M270*12-(VLOOKUP(N270*12,'Tax table'!$A$3:$C$10,3)*(N270*12-VLOOKUP(N270*12,'Tax table'!$A$3:$C$10,1))+VLOOKUP(N270*12,'Tax table'!$A$3:$C$10,2)))/12","v":{"v":15340.064069999999,"d":"15,340"}},{"v":12214.341,"d":"12,214"},{"$f":"(VLOOKUP(P270*12,'Tax table'!$A$3:$C$10,3)*(P270*12-VLOOKUP(P270*12,'Tax table'!$A$3:$C$10,1))+VLOOKUP(P270*12,'Tax table'!$A$3:$C$10,2))/12","v":{"v":1013.5813800000001,"d":"1,014"}},{"v":12557.90862,"d":"12,558"},{"v":10674.222327,"d":"10,674"},{"v":0.6958394879116043,"d":"69.6%"},{"v":32022.666981,"d":"32,023"},{"$f":"IF($B$15=\"Yes\",MIN(S270*2,References!$B$7),0)","v":{"v":21348.444654,"d":"21,348"}},{"$f":"IF(AND(D270<>0,$B$16=\"Yes\"),References!$B$6,0)","v":{"v":100000,"d":"100,000"}},{"v":1883.6862930000007,"d":"1,884"},{"v":10178.6175,"d":"10,179"},{"v":1357.1490000000001,"d":"1,357"},{"v":11535.7665,"d":"11,536"},{"v":15607.2135,"d":"15,607"},{"$f":"(M270*12-(VLOOKUP(AB270*12,'Tax table'!$A$3:$C$10,3)*(AB270*12-VLOOKUP(AB270*12,'Tax table'!$A$3:$C$10,1))+VLOOKUP(AB270*12,'Tax table'!$A$3:$C$10,2)))/12","v":{"v":15340.064069999999,"d":"15,340"}},{"v":11535.7665,"d":"11,536"},{"v":0.7520024979921743,"d":"75.2%"}]
["Member 2039","1988-12-10","F",{"v":162857.88,"d":"162,858"},{"v":0.8,"d":"80%"},{"v":0.85,"d":"85%"},{"v":0.75,"d":"75%"},{"v":0.1,"d":"10%"},null,29,{"v":13571.49,"d":"13,571"},{"v":1357.1490000000001,"d":"1,357"},{"v":16964.3625,"d":"16,964"},{"v":15607.2135,"d":"15,607"},{"$f":"(M271*12-(VLOOKUP(N271*12,'Tax table'!$A$3:$C$10,3)*(N271*12-VLOOKUP(N271*12,'Tax table'!$A$3:$C$10,1))+VLOOKUP(N271*12,'Tax table'!$A$3:$C$10,2)))/12","v":{"v":15340.064069999999,"d":"15,340"}},{"v":12214.341,"d":"12,214"},{"$f":"(VLOOKUP(P271*12,'Tax table'!$A$3:$C$10,3)*(P271*12-VLOOKUP(P271*12,'Tax table'!$A$3:$C$10,1))+VLOOKUP(P271*12,'Tax table'!$A$3:$C$10,2))/12","v":{"v":1013.5813800000001,"d":"1,014"}},{"v":12557.90862,"d":"12,558"},{"v":10674.222327,"d":"10,674"},{"v":0.6958394879116043,"d":"69.6%"},{"v":32022.666981,"d":"32,023"},{"$f":"IF($B$15=\"Yes\",MIN(S271*2,References!$B$7),0)","v":{"v":21348.444654,"d":"21,348"}},{"$f":"IF(AND(D271<>0,$B$16=\"Yes\"),References!$B$6,0)","v":{"v":100000,"d":"100,000"}},{"v":1883.6862930000007,"d":"1,884"},{"v":10178.6175,"d":"10,179"},{"v":1357.1490000000001,"d":"1,357"},{"v":11535.7665,"d":"11,536"},{"v":15607.2135,"d":"15,607"},{"$f":"(M271*12-(VLOOKUP(AB271*12,'Tax table'!$A$3:$C$10,3)*(AB271*12-VLOOKUP(AB271*12,'Tax table'!$A$3:$C$10,1))+VLOOKUP(AB271*12,'Tax table'!$A$3:$C$10,2)))/12","v":{"v":15340.064069999999,"d":"15,340"}},{"v":11535.7665,"d":"11,536"},{"v":0.7520024979921743,"d":"75.2%"}]
["Member 2040","1985-06-29","F",{"v":162857.88,"d":"162,858"},{"v":0.8,"d":"80%"},{"v":0.85,"d":"85%"},{"v":0.75,"d":"75%"},{"v":0.1,"d":"10%"},null,33,{"v":13571.49,"d":"13,571"},{"v":1357.1490000000001,"d":"1,357"},{"v":16964.3625,"d":"16,964"},{"v":15607.2135,"d":"15,607"},{"$f":"(M272*12-(VLOOKUP(N272*12,'Tax table'!$A$3:$C$10,3)*(N272*12-VLOOKUP(N272*12,'Tax table'!$A$3:$C$10,1))+VLOOKUP(N272*12,'Tax table'!$A$3:$C$10,2)))/12","v":{"v":15340.064069999999,"d":"15,340"}},{"v":12214.341,"d":"12,214"},{"$f":"(VLOOKUP(P272*12,'Tax table'!$A$3:$C$10,3)*(P272*12-VLOOKUP(P272*12,'Tax table'!$A$3:$C$10,1))+VLOOKUP(P272*12,'Tax table'!$A$3:$C$10,2))/12","v":{"v":1013.5813800000001,"d":"1,014"}},{"v":12557.90862,"d":"12,558"},{"v":10674.222327,"d":"10,674"},{"v":0.6958394879116043,"d":"69.6%"},{"v":32022.666981,"d":"32,023"},{"$f":"IF($B$15=\"Yes\",MIN(S272*2,References!$B$7),0)","v":{"v":21348.444654,"d":"21,348"}},{"$f":"IF(AND(D272<>0,$B$16=\"Yes\"),References!$B$6,0)","v":{"v":100000,"d":"100,000"}},{"v":1883.6862930000007,"d":"1,884"},{"v":10178.6175,"d":"10,179"},{"v":1357.1490000000001,"d":"1,357"},{"v":11535.7665,"d":"11,536"},{"v":15607.2135,"d":"15,607"},{"$f":"(M272*12-(VLOOKUP(AB272*12,'Tax table'!$A$3:$C$10,3)*(AB272*12-VLOOKUP(AB272*12,'Tax table'!$A$3:$C$10,1))+VLOOKUP(AB272*12,'Tax table'!$A$3:$C$10,2)))/12","v":{"v":15340.064069999999,"d":"15,340"}},{"v":11535.7665,"d":"11,536"},{"v":0.7520024979921743,"d":"75.2%"}]
["Member 2041","1987-09-13","F",{"v":162857.88,"d":"162,858"},{"v":0.8,"d":"80%"},{"v":0.85,"d":"85%"},{"v":0.75,"d":"75%"},{"v":0.1,"d":"10%"},null,31,{"v":13571.49,"d":"13,571"},{"v":1357.1490000000001,"d":"1,357"},{"v":16964.3625,"d":"16,964"},{"v":15607.2135,"d":"15,607"},{"$f":"(M273*12-(VLOOKUP(N273*12,'Tax table'!$A$3:$C$10,3)*(N273*12-VLOOKUP(N273*12,'Tax table'!$A$3:$C$10,1))+VLOOKUP(N273*12,'Tax table'!$A$3:$C$10,2)))/12","v":{"v":15340.064069999999,"d":"15,340"}},{"v":12214.341,"d":"12,214"},{"$f":"(VLOOKUP(P273*12,'Tax table'!$A$3:$C$10,3)*(P273*12-VLOOKUP(P273*12,'Tax table'!$A$3:$C$10,1))+VLOOKUP(P273*12,'Tax table'!$A$3:$C$10,2))/12","v":{"v":1013.5813800000001,"d":"1,014"}},{"v":12557.90862,"d":"12,558"},{"v":10674.222327,"d":"10,674"},{"v":0.6958394879116043,"d":"69.6%"},{"v":32022.666981,"d":"32,023"},{"$f":"IF($B$15=\"Yes\",MIN(S273*2,References!$B$7),0)","v":{"v":21348.444654,"d":"21,348"}},{"$f":"IF(AND(D273<>0,$B$16=\"Yes\"),References!$B$6,0)","v":{"v":100000,"d":"100,000"}},{"v":1883.6862930000007,"d":"1,884"},{"v":10178.6175,"d":"10,179"},{"v":1357.1490000000001,"d":"1,357"},{"v":11535.7665,"d":"11,536"},{"v":15607.2135,"d":"15,607"},{"$f":"(M273*12-(VLOOKUP(AB273*12,'Tax table'!$A$3:$C$10,3)*(AB273*12-VLOOKUP(AB273*12,'Tax table'!$A$3:$C$10,1))+VLOOKUP(AB273*12,'Tax table'!$A$3:$C$10,2)))/12","v":{"v":15340.064069999999,"d":"15,340"}},{"v":11535.7665,"d":"11,536"},{"v":0.7520024979921743,"d":"75.2%"}]
["Member 2042","1984-05-10","F",{"v":162857.88,"d":"162,858"},{"v":0.8,"d":"80%"},{"v":0.85,"d":"85%"},{"v":0.75,"d":"75%"},{"v":0.1,"d":"10%"},null,34,{"v":13571.49,"d":"13,571"},{"v":1357.1490000000001,"d":"1,357"},{"v":16964.3625,"d":"16,964"},{"v":15607.2135,"d":"15,607"},{"$f":"(M274*12-(VLOOKUP(N274*12,'Tax table'!$A$3:$C$10,3)*(N274*12-VLOOKUP(N274*12,'Tax table'!$A$3:$C$10,1))+VLOOKUP(N274*12,'Tax table'!$A$3:$C$10,2)))/12","v":{"v":15340.064069999999,"d":"15,340"}},{"v":12214.341,"d":"12,214"},{"$f":"(VLOOKUP(P274*12,'Tax table'!$A$3:$C$10,3)*(P274*12-VLOOKUP(P274*12,'Tax table'!$A$3:$C$10,1))+VLOOKUP(P274*12,'Tax table'!$A$3:$C$10,2))/12","v":{"v":1013.5813800000001,"d":"1,014"}},{"v":12557.90862,"d":"12,558"},{"v":10674.222327,"d":"10,674"},{"v":0.6958394879116043,"d":"69.6%"},{"v":32022.666981,"d":"32,023"},{"$f":"IF($B$15=\"Yes\",MIN(S274*2,References!$B$7),0)","v":{"v":21348.444654,"d":"21,348"}},{"$f":"IF(AND(D274<>0,$B$16=\"Yes\"),References!$B$6,0)","v":{"v":100000,"d":"100,000"}},{"v":1883.6862930000007,"d":"1,884"},{"v":10178.6175,"d":"10,179"},{"v":1357.1490000000001,"d":"1,357"},{"v":11535.7665,"d":"11,536"},{"v":15607.2135,"d":"15,607"},{"$f":"(M274*12-(VLOOKUP(AB274*12,'Tax table'!$A$3:$C$10,3)*(AB274*12-VLOOKUP(AB274*12,'Tax table'!$A$3:$C$10,1))+VLOOKUP(AB274*12,'Tax table'!$A$3:$C$10,2)))/12","v":{"v":15340.064069999999,"d":"15,340"}},{"v":11535.7665,"d":"11,536"},{"v":0.7520024979921743,"d":"75.2%"}]
["Member 2043","1988-10-29","F",{"v":162857.88,"d":"162,858"},{"v":0.8,"d":"80%"},{"v":0.85,"d":"85%"},{"v":0.75,"d":"75%"},{"v":0.1,"d":"10%"},null,30,{"v":13571.49,"d":"13,571"},{"v":1357.1490000000001,"d":"1,357"},{"v":16964.3625,"d":"16,964"},{"v":15607.2135,"d":"15,607"},{"$f":"(M275*12-(VLOOKUP(N275*12,'Tax table'!$A$3:$C$10,3)*(N275*12-VLOOKUP(N275*12,'Tax table'!$A$3:$C$10,1))+VLOOKUP(N275*12,'Tax table'!$A$3:$C$10,2)))/12","v":{"v":15340.064069999999,"d":"15,340"}},{"v":12214.341,"d":"12,214"},{"$f":"(VLOOKUP(P275*12,'Tax table'!$A$3:$C$10,3)*(P275*12-VLOOKUP(P275*12,'Tax table'!$A$3:$C$10,1))+VLOOKUP(P275*12,'Tax table'!$A$3:$C$10,2))/12","v":{"v":1013.5813800000001,"d":"1,014"}},{"v":12557.90862,"d":"12,558"},{"v":10674.222327,"d":"10,674"},{"v":0.6958394879116043,"d":"69.6%"},{"v":32022.666981,"d":"32,023"},{"$f":"IF($B$15=\"Yes\",MIN(S275*2,References!$B$7),0)","v":{"v":21348.444654,"d":"21,348"}},{"$f":"IF(AND(D275<>0,$B$16=\"Yes\"),References!$B$6,0)","v":{"v":100000,"d":"100,000"}},{"v":1883.6862930000007,"d":"1,884"},{"v":10178.6175,"d":"10,179"},{"v":1357.1490000000001,"d":"1,357"},{"v":11535.7665,"d":"11,536"},{"v":15607.2135,"d":"15,607"},{"$f":"(M275*12-(VLOOKUP(AB275*12,'Tax table'!$A$3:$C$10,3)*(AB275*12-VLOOKUP(AB275*12,'Tax table'!$A$3:$C$10,1))+VLOOKUP(AB275*12,'Tax table'!$A$3:$C$10,2)))/12","v":{"v":15340.064069999999,"d":"15,340"}},{"v":11535.7665,"d":"11,536"},{"v":0.7520024979921743,"d":"75.2%"}]
["Member 2044","1988-05-05","M",{"v":162857.88,"d":"162,858"},{"v":0.8,"d":"80%"},{"v":0.85,"d":"85%"},{"v":0.75,"d":"75%"},{"v":0.1,"d":"10%"},null,30,{"v":13571.49,"d":"13,571"},{"v":1357.1490000000001,"d":"1,357"},{"v":16964.3625,"d":"16,964"},{"v":15607.2135,"d":"15,607"},{"$f":"(M276*12-(VLOOKUP(N276*12,'Tax table'!$A$3:$C$10,3)*(N276*12-VLOOKUP(N276*12,'Tax table'!$A$3:$C$10,1))+VLOOKUP(N276*12,'Tax table'!$A$3:$C$10,2)))/12","v":{"v":15340.064069999999,"d":"15,340"}},{"v":12214.341,"d":"12,214"},{"$f":"(VLOOKUP(P276*12,'Tax table'!$A$3:$C$10,3)*(P276*12-VLOOKUP(P276*12,'Tax table'!$A$3:$C$10,1))+VLOOKUP(P276*12,'Tax table'!$A$3:$C$10,2))/12","v":{"v":1013.5813800000001,"d":"1,014"}},{"v":12557.90862,"d":"12,558"},{"v":10674.222327,"d":"10,674"},{"v":0.6958394879116043,"d":"69.6%"},{"v":32022.666981,"d":"32,023"},{"$f":"IF($B$15=\"Yes\",MIN(S276*2,References!$B$7),0)","v":{"v":21348.444654,"d":"21,348"}},{"$f":"IF(AND(D276<>0,$B$16=\"Yes\"),References!$B$6,0)","v":{"v":100000,"d":"100,000"}},{"v":1883.6862930000007,"d":"1,884"},{"v":10178.6175,"d":"10,179"},{"v":1357.1490000000001,"d":"1,357"},{"v":11535.7665,"d":"11,536"},{"v":15607.2135,"d":"15,607"},{"$f":"(M276*12-(VLOOKUP(AB276*12,'Tax table'!$A$3:$C$10,3)*(AB276*12-VLOOKUP(AB276*12,'Tax table'!$A$3:$C$10,1))+VLOOKUP(AB276*12,'Tax table'!$A$3:$C$10,2)))/12","v":{"v":15340.064069999999,"d":"15,340"}},{"v":11535.7665,"d":"11,536"},{"v":0.7520024979921743,"d":"75.2%"}]
["Member 2045","1991-10-10","F",{"v":162857.88,"d":"162,858"},{"v":0.8,"d":"80%"},{"v":0.85,"d":"85%"},{"v":0.75,"d":"75%"},{"v":0.1,"d":"10%"},null,27,{"v":13571.49,"d":"13,571"},{"v":1357.1490000000001,"d":"1,357"},{"v":16964.3625,"d":"16,964"},{"v":15607.2135,"d":"15,607"},{"$f":"(M277*12-(VLOOKUP(N277*12,'Tax table'!$A$3:$C$10,3)*(N277*12-VLOOKUP(N277*12,'Tax table'!$A$3:$C$10,1))+VLOOKUP(N277*12,'Tax table'!$A$3:$C$10,2)))/12","v":{"v":15340.064069999999,"d":"15,340"}},{"v":12214.341,"d":"12,214"},{"$f":"(VLOOKUP(P277*12,'Tax table'!$A$3:$C$10,3)*(P277*12-VLOOKUP(P277*12,'Tax table'!$A$3:$C$10,1))+VLOOKUP(P277*12,'Tax table'!$A$3:$C$10,2))/12","v":{"v":1013.5813800000001,"d":"1,014"}},{"v":12557.90862,"d":"12,558"},{"v":10674.222327,"d":"10,674"},{"v":0.6958394879116043,"d":"69.6%"},{"v":32022.666981,"d":"32,023"},{"$f":"IF($B$15=\"Yes\",MIN(S277*2,References!$B$7),0)","v":{"v":21348.444654,"d":"21,348"}},{"$f":"IF(AND(D277<>0,$B$16=\"Yes\"),References!$B$6,0)","v":{"v":100000,"d":"100,000"}},{"v":1883.6862930000007,"d":"1,884"},{"v":10178.6175,"d":"10,179"},{"v":1357.1490000000001,"d":"1,357"},{"v":11535.7665,"d":"11,536"},{"v":15607.2135,"d":"15,607"},{"$f":"(M277*12-(VLOOKUP(AB277*12,'Tax table'!$A$3:$C$10,3)*(AB277*12-VLOOKUP(AB277*12,'Tax table'!$A$3:$C$10,1))+VLOOKUP(AB277*12,'Tax table'!$A$3:$C$10,2)))/12","v":{"v":15340.064069999999,"d":"15,340"}},{"v":11535.7665,"d":"11,536"},{"v":0.7520024979921743,"d":"75.2%"}]
["Member 2046","1984-07-01","F",{"v":162857.88,"d":"162,858"},{"v":0.8,"d":"80%"},{"v":0.85,"d":"85%"},{"v":0.75,"d":"75%"},{"v":0.1,"d":"10%"},null,34,{"v":13571.49,"d":"13,571"},{"v":1357.1490000000001,"d":"1,357"},{"v":16964.3625,"d":"16,964"},{"v":15607.2135,"d":"15,607"},{"$f":"(M278*12-(VLOOKUP(N278*12,'Tax table'!$A$3:$C$10,3)*(N278*12-VLOOKUP(N278*12,'Tax table'!$A$3:$C$10,1))+VLOOKUP(N278*12,'Tax table'!$A$3:$C$10,2)))/12","v":{"v":15340.064069999999,"d":"15,340"}},{"v":12214.341,"d":"12,214"},{"$f":"(VLOOKUP(P278*12,'Tax table'!$A$3:$C$10,3)*(P278*12-VLOOKUP(P278*12,'Tax table'!$A$3:$C$10,1))+VLOOKUP(P278*12,'Tax table'!$A$3:$C$10,2))/12","v":{"v":1013.5813800000001,"d":"1,014"}},{"v":12557.90862,"d":"12,558"},{"v":10674.222327,"d":"10,674"},{"v":0.6958394879116043,"d":"69.6%"},{"v":32022.666981,"d":"32,023"},{"$f":"IF($B$15=\"Yes\",MIN(S278*2,References!$B$7),0)","v":{"v":21348.444654,"d":"21,348"}},{"$f":"IF(AND(D278<>0,$B$16=\"Yes\"),References!$B$6,0)","v":{"v":100000,"d":"100,000"}},{"v":1883.6862930000007,"d":"1,884"},{"v":10178.6175,"d":"10,179"},{"v":1357.1490000000001,"d":"1,357"},{"v":11535.7665,"d":"11,536"},{"v":15607.2135,"d":"15,607"},{"$f":"(M278*12-(VLOOKUP(AB278*12,'Tax table'!$A$3:$C$10,3)*(AB278*12-VLOOKUP(AB278*12,'Tax table'!$A$3:$C$10,1))+VLOOKUP(AB278*12,'Tax table'!$A$3:$C$10,2)))/12","v":{"v":15340.064069999999,"d":"15,340"}},{"v":11535.7665,"d":"11,536"},{"v":0.7520024979921743,"d":"75.2%"}]
["Member 2047","1987-12-04","M",{"v":162857.88,"d":"162,858"},{"v":0.8,"d":"80%"},{"v":0.85,"d":"85%"},{"v":0.75,"d":"75%"},{"v":0.1,"d":"10%"},null,30,{"v":13571.49,"d":"13,571"},{"v":1357.1490000000001,"d":"1,357"},{"v":16964.3625,"d":"16,964"},{"v":15607.2135,"d":"15,607"},{"$f":"(M279*12-(VLOOKUP(N279*12,'Tax table'!$A$3:$C$10,3)*(N279*12-VLOOKUP(N279*12,'Tax table'!$A$3:$C$10,1))+VLOOKUP(N279*12,'Tax table'!$A$3:$C$10,2)))/12","v":{"v":15340.064069999999,"d":"15,340"}},{"v":12214.341,"d":"12,214"},{"$f":"(VLOOKUP(P279*12,'Tax table'!$A$3:$C$10,3)*(P279*12-VLOOKUP(P279*12,'Tax table'!$A$3:$C$10,1))+VLOOKUP(P279*12,'Tax table'!$A$3:$C$10,2))/12","v":{"v":1013.5813800000001,"d":"1,014"}},{"v":12557.90862,"d":"12,558"},{"v":10674.222327,"d":"10,674"},{"v":0.6958394879116043,"d":"69.6%"},{"v":32022.666981,"d":"32,023"},{"$f":"IF($B$15=\"Yes\",MIN(S279*2,References!$B$7),0)","v":{"v":21348.444654,"d":"21,348"}},{"$f":"IF(AND(D279<>0,$B$16=\"Yes\"),References!$B$6,0)","v":{"v":100000,"d":"100,000"}},{"v":1883.6862930000007,"d":"1,884"},{"v":10178.6175,"d":"10,179"},{"v":1357.1490000000001,"d":"1,357"},{"v":11535.7665,"d":"11,536"},{"v":15607.2135,"d":"15,607"},{"$f":"(M279*12-(VLOOKUP(AB279*12,'Tax table'!$A$3:$C$10,3)*(AB279*12-VLOOKUP(AB279*12,'Tax table'!$A$3:$C$10,1))+VLOOKUP(AB279*12,'Tax table'!$A$3:$C$10,2)))/12","v":{"v":15340.064069999999,"d":"15,340"}},{"v":11535.7665,"d":"11,536"},{"v":0.7520024979921743,"d":"75.2%"}]
["Member 2028","1954-04-28","F",{"v":162898.8,"d":"162,899"},{"v":0.8,"d":"80%"},{"v":0.85,"d":"85%"},{"v":0.75,"d":"75%"},{"v":0.1,"d":"10%"},null,{"$f":"DATEDIF(B280,$B$7,\"y\")","v":64},{"$f":"D280/12","v":{"v":13574.9,"d":"13,575"}},{"$f":"IF($B$10=\"No\",MIN(K280*H280,15%*K280),I280/12)","v":{"v":1357.49,"d":"1,357"}},{"$f":"D280/12/E280","v":{"v":16968.625,"d":"16,969"}},{"$f":"M280-L280","v":{"v":15611.135,"d":"15,611"}},{"$f":"(M280*12-(VLOOKUP(N280*12,'Tax table'!$A$3:$C$10,3)*(N280*12-VLOOKUP(N280*12,'Tax table'!$A$3:$C$10,1))+VLOOKUP(N280*12,'Tax table'!$A$3:$C$10,2)))/12","v":{"v":15343.6207,"d":"15,344"}},{"$f":"K280-L280","v":{"v":12217.41,"d":"12,217"}},{"$f":"(VLOOKUP(P280*12,'Tax table'!$A$3:$C$10,3)*(P280*12-VLOOKUP(P280*12,'Tax table'!$A$3:$C$10,1))+VLOOKUP(P280*12,'Tax table'!$A$3:$C$10,2))/12","v":{"v":1014.1337999999997,"d":"1,014"}},{"$f":"K280-Q280","v":{"v":12560.7662,"d":"12,561"}},{"$f":"MIN(R280*F280,SUM($B$8,$B$9))","v":{"v":10676.65127,"d":"10,677"}},{"$f":"S280/O280","v":{"v":0.6958364964014002,"d":"69.6%"}},{"$f":"IF($B$14=\"Yes\",S280*3,0)","v":{"v":32029.95381,"d":"32,030"}},{"$f":"IF($B$15=\"Yes\",MIN(S280*2,References!$B$7),0)","v":{"v":21353.30254,"d":"21,353"}},{"$f":"IF(AND(D280<>0,$B$16=\"Yes\"),References!$B$6,0)","v":{"v":100000,"d":"100,000"}},{"$f":"IF($B$17=\"Yes\",MIN(R280,SUM($B$8:$B$9))-S280,0)","v":{"v":1884.1149299999997,"d":"1,884"}},{"$f":"MIN(K280*G280,$B$8)","v":{"v":10181.175,"d":"10,181"}},{"$f":"MIN(K280*H280,$B$9)","v":{"v":1357.49,"d":"1,357"}},{"$f":"Z280+Y280","v":{"v":11538.664999999999,"d":"11,539"}},{"$f":"M280-Z280","v":{"v":15611.135,"d":"15,611"}},{"$f":"(M280*12-(VLOOKUP(AB280*12,'Tax table'!$A$3:$C$10,3)*(AB280*12-VLOOKUP(AB280*12,'Tax table'!$A$3:$C$10,1))+VLOOKUP(AB280*12,'Tax table'!$A$3:$C$10,2)))/12","v":{"v":15343.6207,"d":"15,344"}},{"$f":"MIN(AA280,AC280)","v":{"v":11538.664999999999,"d":"11,539"}},{"$f":"AD280/O280","v":{"v":0.7520170907248769,"d":"75.2%"}}]
["Member 2027","1969-08-20","M",{"v":163033.56,"d":"163,034"},{"v":0.8,"d":"80%"},{"v":0.85,"d":"85%"},{"v":0.75,"d":"75%"},{"v":0.1,"d":"10%"},null,49,{"v":13586.13,"d":"13,586"},{"v":1358.613,"d":"1,359"},{"v":16982.6625,"d":"16,983"},{"v":15624.0495,"d":"15,624"},{"$f":"(M281*12-(VLOOKUP(N281*12,'Tax table'!$A$3:$C$10,3)*(N281*12-VLOOKUP(N281*12,'Tax table'!$A$3:$C$10,1))+VLOOKUP(N281*12,'Tax table'!$A$3:$C$10,2)))/12","v":{"v":15355.33359,"d":"15,355"}},{"v":12227.517,"d":"12,228"},{"$f":"(VLOOKUP(P281*12,'Tax table'!$A$3:$C$10,3)*(P281*12-VLOOKUP(P281*12,'Tax table'!$A$3:$C$10,1))+VLOOKUP(P281*12,'Tax table'!$A$3:$C$10,2))/12","v":{"v":1015.9530599999999,"d":"1,016"}},{"v":12570.17694,"d":"12,570"},{"v":10684.650398999998,"d":"10,685"},{"v":0.6958266543918176,"d":"69.6%"},{"v":32053.951196999995,"d":"32,054"},{"$f":"IF($B$15=\"Yes\",MIN(S281*2,References!$B$7),0)","v":{"v":21369.300797999997,"d":"21,369"}},{"$f":"IF(AND(D281<>0,$B$16=\"Yes\"),References!$B$6,0)","v":{"v":100000,"d":"100,000"}},{"v":1885.526541000001,"d":"1,886"},{"v":10189.5975,"d":"10,190"},{"v":1358.613,"d":"1,359"},{"v":11548.2105,"d":"11,548"},{"v":15624.0495,"d":"15,624"},{"$f":"(M281*12-(VLOOKUP(AB281*12,'Tax table'!$A$3:$C$10,3)*(AB281*12-VLOOKUP(AB281*12,'Tax table'!$A$3:$C$10,1))+VLOOKUP(AB281*12,'Tax table'!$A$3:$C$10,2)))/12","v":{"v":15355.33359,"d":"15,355"}},{"v":11548.2105,"d":"11,548"},{"v":0.7520651005277182,"d":"75.2%"}]
["Member 2026","1956-07-24","M",{"v":163680.36,"d":"163,680"},{"v":0.8,"d":"80%"},{"v":0.85,"d":"85%"},{"v":0.75,"d":"75%"},{"v":0.1,"d":"10%"},null,62,{"v":13640.029999999999,"d":"13,640"},{"v":1364.003,"d":"1,364"},{"v":17050.0375,"d":"17,050"},{"v":15686.034499999998,"d":"15,686"},{"$f":"(M282*12-(VLOOKUP(N282*12,'Tax table'!$A$3:$C$10,3)*(N282*12-VLOOKUP(N282*12,'Tax table'!$A$3:$C$10,1))+VLOOKUP(N282*12,'Tax table'!$A$3:$C$10,2)))/12","v":{"v":15411.551289999998,"d":"15,412"}},{"v":12276.026999999998,"d":"12,276"},{"$f":"(VLOOKUP(P282*12,'Tax table'!$A$3:$C$10,3)*(P282*12-VLOOKUP(P282*12,'Tax table'!$A$3:$C$10,1))+VLOOKUP(P282*12,'Tax table'!$A$3:$C$10,2))/12","v":{"v":1024.6848599999994,"d":"1,025"}},{"v":12615.34514,"d":"12,615"},{"v":10723.043368999999,"d":"10,723"},{"v":0.6957796244663441,"d":"69.6%"},{"v":32169.130106999997,"d":"32,169"},{"$f":"IF($B$15=\"Yes\",MIN(S282*2,References!$B$7),0)","v":{"v":21446.086737999998,"d":"21,446"}},{"$f":"IF(AND(D282<>0,$B$16=\"Yes\"),References!$B$6,0)","v":{"v":100000,"d":"100,000"}},{"v":1892.3017710000004,"d":"1,892"},{"v":10230.0225,"d":"10,230"},{"v":1364.003,"d":"1,364"},{"v":11594.0255,"d":"11,594"},{"v":15686.034499999998,"d":"15,686"},{"$f":"(M282*12-(VLOOKUP(AB282*12,'Tax table'!$A$3:$C$10,3)*(AB282*12-VLOOKUP(AB282*12,'Tax table'!$A$3:$C$10,1))+VLOOKUP(AB282*12,'Tax table'!$A$3:$C$10,2)))/12","v":{"v":15411.551289999998,"d":"15,412"}},{"v":11594.0255,"d":"11,594"},{"v":0.7522945147983219,"d":"75.2%"}]
["Member 2025","1957-07-03","M",{"v":163982.64,"d":"163,983"},{"v":0.8,"d":"80%"},{"v":0.85,"d":"85%"},{"v":0.75,"d":"75%"},{"v":0.1,"d":"10%"},null,61,{"v":13665.220000000001,"d":"13,665"},{"v":1366.5220000000002,"d":"1,367"},{"v":17081.525,"d":"17,082"},{"v":15715.003,"d":"15,715"},{"$f":"(M283*12-(VLOOKUP(N283*12,'Tax table'!$A$3:$C$10,3)*(N283*12-VLOOKUP(N283*12,'Tax table'!$A$3:$C$10,1))+VLOOKUP(N283*12,'Tax table'!$A$3:$C$10,2)))/12","v":{"v":15437.824460000002,"d":"15,438"}},{"v":12298.698,"d":"12,299"},{"$f":"(VLOOKUP(P283*12,'Tax table'!$A$3:$C$10,3)*(P283*12-VLOOKUP(P283*12,'Tax table'!$A$3:$C$10,1))+VLOOKUP(P283*12,'Tax table'!$A$3:$C$10,2))/12","v":{"v":1028.7656399999998,"d":"1,029"}},{"v":12636.454360000002,"d":"12,636"},{"v":10740.986206000001,"d":"10,741"},{"v":0.6957577626193581,"d":"69.6%"},{"v":32222.958618000004,"d":"32,223"},{"$f":"IF($B$15=\"Yes\",MIN(S283*2,References!$B$7),0)","v":{"v":21481.972412000003,"d":"21,482"}},{"$f":"IF(AND(D283<>0,$B$16=\"Yes\"),References!$B$6,0)","v":{"v":100000,"d":"100,000"}},{"v":1895.4681540000001,"d":"1,895"},{"v":10248.915,"d":"10,249"},{"v":1366.5220000000002,"d":"1,367"},{"v":11615.437000000002,"d":"11,615"},{"v":15715.003,"d":"15,715"},{"$f":"(M283*12-(VLOOKUP(AB283*12,'Tax table'!$A$3:$C$10,3)*(AB283*12-VLOOKUP(AB283*12,'Tax table'!$A$3:$C$10,1))+VLOOKUP(AB283*12,'Tax table'!$A$3:$C$10,2)))/12","v":{"v":15437.824460000002,"d":"15,438"}},{"v":11615.437000000002,"d":"11,615"},{"v":0.7524011579543508,"d":"75.2%"}]
["Member 2024","1966-12-29","M",{"v":164257.32,"d":"164,257"},{"v":0.8,"d":"80%"},{"v":0.85,"d":"85%"},{"v":0.75,"d":"75%"},{"v":0.1,"d":"10%"},null,51,{"v":13688.11,"d":"13,688"},{"v":1368.8110000000001,"d":"1,369"},{"v":17110.1375,"d":"17,110"},{"v":15741.326500000001,"d":"15,741"},{"$f":"(M284*12-(VLOOKUP(N284*12,'Tax table'!$A$3:$C$10,3)*(N284*12-VLOOKUP(N284*12,'Tax table'!$A$3:$C$10,1))+VLOOKUP(N284*12,'Tax table'!$A$3:$C$10,2)))/12","v":{"v":15461.698730000002,"d":"15,462"}},{"v":12319.299,"d":"12,319"},{"$f":"(VLOOKUP(P284*12,'Tax table'!$A$3:$C$10,3)*(P284*12-VLOOKUP(P284*12,'Tax table'!$A$3:$C$10,1))+VLOOKUP(P284*12,'Tax table'!$A$3:$C$10,2))/12","v":{"v":1032.4738200000002,"d":"1,032"}},{"v":12655.636180000001,"d":"12,656"},{"v":10757.290753000001,"d":"10,757"},{"v":0.69573796132296,"d":"69.6%"},{"v":32271.872259000003,"d":"32,272"},{"$f":"IF($B$15=\"Yes\",MIN(S284*2,References!$B$7),0)","v":{"v":21514.581506000002,"d":"21,515"}},{"$f":"IF(AND(D284<>0,$B$16=\"Yes\"),References!$B$6,0)","v":{"v":100000,"d":"100,000"}},{"v":1898.3454270000002,"d":"1,898"},{"v":10266.0825,"d":"10,266"},{"v":1368.8110000000001,"d":"1,369"},{"v":11634.8935,"d":"11,635"},{"v":15741.326500000001,"d":"15,741"},{"$f":"(M284*12-(VLOOKUP(AB284*12,'Tax table'!$A$3:$C$10,3)*(AB284*12-VLOOKUP(AB284*12,'Tax table'!$A$3:$C$10,1))+VLOOKUP(AB284*12,'Tax table'!$A$3:$C$10,2)))/12","v":{"v":15461.698730000002,"d":"15,462"}},{"v":11634.8935,"d":"11,635"},{"v":0.7524977496440974,"d":"75.2%"}]
["Member 2023","1958-11-26","F",{"v":166345.8,"d":"166,346"},{"v":0.8,"d":"80%"},{"v":0.85,"d":"85%"},{"v":0.75,"d":"75%"},{"v":0.1,"d":"10%"},null,59,{"v":13862.15,"d":"13,862"},{"v":1386.2150000000001,"d":"1,386"},{"v":17327.6875,"d":"17,328"},{"v":15941.4725,"d":"15,941"},{"$f":"(M285*12-(VLOOKUP(N285*12,'Tax table'!$A$3:$C$10,3)*(N285*12-VLOOKUP(N285*12,'Tax table'!$A$3:$C$10,1))+VLOOKUP(N285*12,'Tax table'!$A$3:$C$10,2)))/12","v":{"v":15643.222450000001,"d":"15,643"}},{"v":12475.935,"d":"12,476"},{"$f":"(VLOOKUP(P285*12,'Tax table'!$A$3:$C$10,3)*(P285*12-VLOOKUP(P285*12,'Tax table'!$A$3:$C$10,1))+VLOOKUP(P285*12,'Tax table'!$A$3:$C$10,2))/12","v":{"v":1060.6683,"d":"1,061"}},{"v":12801.4817,"d":"12,801"},{"v":10881.259445,"d":"10,881"},{"v":0.6955893825443874,"d":"69.6%"},{"v":32643.778335,"d":"32,644"},{"$f":"IF($B$15=\"Yes\",MIN(S285*2,References!$B$7),0)","v":{"v":21762.51889,"d":"21,763"}},{"$f":"IF(AND(D285<>0,$B$16=\"Yes\"),References!$B$6,0)","v":{"v":100000,"d":"100,000"}},{"v":1920.2222550000006,"d":"1,920"},{"v":10396.6125,"d":"10,397"},{"v":1386.2150000000001,"d":"1,386"},{"v":11782.8275,"d":"11,783"},{"v":15941.4725,"d":"15,941"},{"$f":"(M285*12-(VLOOKUP(AB285*12,'Tax table'!$A$3:$C$10,3)*(AB285*12-VLOOKUP(AB285*12,'Tax table'!$A$3:$C$10,1))+VLOOKUP(AB285*12,'Tax table'!$A$3:$C$10,2)))/12","v":{"v":15643.222450000001,"d":"15,643"}},{"v":11782.8275,"d":"11,783"},{"v":0.7532225241737196,"d":"75.3%"}]
["Member 2022","1979-01-02","F",{"v":166535.88,"d":"166,536"},{"v":0.8,"d":"80%"},{"v":0.85,"d":"85%"},{"v":0.75,"d":"75%"},{"v":0.1,"d":"10%"},null,39,{"v":13877.99,"d":"13,878"},{"v":1387.799,"d":"1,388"},{"v":17347.4875,"d":"17,347"},{"v":15959.6885,"d":"15,960"},{"$f":"(M286*12-(VLOOKUP(N286*12,'Tax table'!$A$3:$C$10,3)*(N286*12-VLOOKUP(N286*12,'Tax table'!$A$3:$C$10,1))+VLOOKUP(N286*12,'Tax table'!$A$3:$C$10,2)))/12","v":{"v":15659.743569999999,"d":"15,660"}},{"v":12490.190999999999,"d":"12,490"},{"$f":"(VLOOKUP(P286*12,'Tax table'!$A$3:$C$10,3)*(P286*12-VLOOKUP(P286*12,'Tax table'!$A$3:$C$10,1))+VLOOKUP(P286*12,'Tax table'!$A$3:$C$10,2))/12","v":{"v":1063.2343799999996,"d":"1,063"}},{"v":12814.75562,"d":"12,815"},{"v":10892.542277,"d":"10,893"},{"v":0.695576030878774,"d":"69.6%"},{"v":32677.626831,"d":"32,678"},{"$f":"IF($B$15=\"Yes\",MIN(S286*2,References!$B$7),0)","v":{"v":21785.084554,"d":"21,785"}},{"$f":"IF(AND(D286<>0,$B$16=\"Yes\"),References!$B$6,0)","v":{"v":100000,"d":"100,000"}},{"v":1922.2133429999994,"d":"1,922"},{"v":10408.4925,"d":"10,408"},{"v":1387.799,"d":"1,388"},{"v":11796.2915,"d":"11,796"},{"v":15959.6885,"d":"15,960"},{"$f":"(M286*12-(VLOOKUP(AB286*12,'Tax table'!$A$3:$C$10,3)*(AB286*12-VLOOKUP(AB286*12,'Tax table'!$A$3:$C$10,1))+VLOOKUP(AB286*12,'Tax table'!$A$3:$C$10,2)))/12","v":{"v":15659.743569999999,"d":"15,660"}},{"v":11796.2915,"d":"11,796"},{"v":0.7532876542498838,"d":"75.3%"}]
["Member 2018","1972-04-01","F",{"v":167022.48,"d":"167,022"},{"v":0.8,"d":"80%"},{"v":0.85,"d":"85%"},{"v":0.75,"d":"75%"},{"v":0.1,"d":"10%"},null,46,{"v":13918.54,"d":"13,919"},{"v":1391.8540000000003,"d":"1,392"},{"v":17398.175,"d":"17,398"},{"v":16006.321,"d":"16,006"},{"$f":"(M287*12-(VLOOKUP(N287*12,'Tax table'!$A$3:$C$10,3)*(N287*12-VLOOKUP(N287*12,'Tax table'!$A$3:$C$10,1))+VLOOKUP(N287*12,'Tax table'!$A$3:$C$10,2)))/12","v":{"v":15702.037219999998,"d":"15,702"}},{"v":12526.686000000002,"d":"12,527"},{"$f":"(VLOOKUP(P287*12,'Tax table'!$A$3:$C$10,3)*(P287*12-VLOOKUP(P287*12,'Tax table'!$A$3:$C$10,1))+VLOOKUP(P287*12,'Tax table'!$A$3:$C$10,2))/12","v":{"v":1069.8034800000003,"d":"1,070"}},{"v":12848.73652,"d":"12,849"},{"v":10921.426042,"d":"10,921"},{"v":0.6955419789789544,"d":"69.6%"},{"v":32764.278125999997,"d":"32,764"},{"$f":"IF($B$15=\"Yes\",MIN(S287*2,References!$B$7),0)","v":{"v":21842.852084,"d":"21,843"}},{"$f":"IF(AND(D287<>0,$B$16=\"Yes\"),References!$B$6,0)","v":{"v":100000,"d":"100,000"}},{"v":1927.3104780000012,"d":"1,927"},{"v":10438.905,"d":"10,439"},{"v":1391.8540000000003,"d":"1,392"},{"v":11830.759000000002,"d":"11,831"},{"v":16006.321,"d":"16,006"},{"$f":"(M287*12-(VLOOKUP(AB287*12,'Tax table'!$A$3:$C$10,3)*(AB287*12-VLOOKUP(AB287*12,'Tax table'!$A$3:$C$10,1))+VLOOKUP(AB287*12,'Tax table'!$A$3:$C$10,2)))/12","v":{"v":15702.037219999998,"d":"15,702"}},{"v":11830.759000000002,"d":"11,831"},{"v":0.7534537610782713,"d":"75.3%"}]
["Member 2019","1981-05-06","F",{"v":167022.48,"d":"167,022"},{"v":0.8,"d":"80%"},{"v":0.85,"d":"85%"},{"v":0.75,"d":"75%"},{"v":0.1,"d":"10%"},null,37,{"v":13918.54,"d":"13,919"},{"v":1391.8540000000003,"d":"1,392"},{"v":17398.175,"d":"17,398"},{"v":16006.321,"d":"16,006"},{"$f":"(M288*12-(VLOOKUP(N288*12,'Tax table'!$A$3:$C$10,3)*(N288*12-VLOOKUP(N288*12,'Tax table'!$A$3:$C$10,1))+VLOOKUP(N288*12,'Tax table'!$A$3:$C$10,2)))/12","v":{"v":15702.037219999998,"d":"15,702"}},{"v":12526.686000000002,"d":"12,527"},{"$f":"(VLOOKUP(P288*12,'Tax table'!$A$3:$C$10,3)*(P288*12-VLOOKUP(P288*12,'Tax table'!$A$3:$C$10,1))+VLOOKUP(P288*12,'Tax table'!$A$3:$C$10,2))/12","v":{"v":1069.8034800000003,"d":"1,070"}},{"v":12848.73652,"d":"12,849"},{"v":10921.426042,"d":"10,921"},{"v":0.6955419789789544,"d":"69.6%"},{"v":32764.278125999997,"d":"32,764"},{"$f":"IF($B$15=\"Yes\",MIN(S288*2,References!$B$7),0)","v":{"v":21842.852084,"d":"21,843"}},{"$f":"IF(AND(D288<>0,$B$16=\"Yes\"),References!$B$6,0)","v":{"v":100000,"d":"100,000"}},{"v":1927.3104780000012,"d":"1,927"},{"v":10438.905,"d":"10,439"},{"v":1391.8540000000003,"d":"1,392"},{"v":11830.759000000002,"d":"11,831"},{"v":16006.321,"d":"16,006"},{"$f":"(M288*12-(VLOOKUP(AB288*12,'Tax table'!$A$3:$C$10,3)*(AB288*12-VLOOKUP(AB288*12,'Tax table'!$A$3:$C$10,1))+VLOOKUP(AB288*12,'Tax table'!$A$3:$C$10,2)))/12","v":{"v":15702.037219999998,"d":"15,702"}},{"v":11830.759000000002,"d":"11,831"},{"v":0.7534537610782713,"d":"75.3%"}]
["Member 2020","1988-08-02","F",{"v":167022.48,"d":"167,022"},{"v":0.8,"d":"80%"},{"v":0.85,"d":"85%"},{"v":0.75,"d":"75%"},{"v":0.1,"d":"10%"},null,30,{"v":13918.54,"d":"13,919"},{"v":1391.8540000000003,"d":"1,392"},{"v":17398.175,"d":"17,398"},{"v":16006.321,"d":"16,006"},{"$f":"(M289*12-(VLOOKUP(N289*12,'Tax table'!$A$3:$C$10,3)*(N289*12-VLOOKUP(N289*12,'Tax table'!$A$3:$C$10,1))+VLOOKUP(N289*12,'Tax table'!$A$3:$C$10,2)))/12","v":{"v":15702.037219999998,"d":"15,702"}},{"v":12526.686000000002,"d":"12,527"},{"$f":"(VLOOKUP(P289*12,'Tax table'!$A$3:$C$10,3)*(P289*12-VLOOKUP(P289*12,'Tax table'!$A$3:$C$10,1))+VLOOKUP(P289*12,'Tax table'!$A$3:$C$10,2))/12","v":{"v":1069.8034800000003,"d":"1,070"}},{"v":12848.73652,"d":"12,849"},{"v":10921.426042,"d":"10,921"},{"v":0.6955419789789544,"d":"69.6%"},{"v":32764.278125999997,"d":"32,764"},{"$f":"IF($B$15=\"Yes\",MIN(S289*2,References!$B$7),0)","v":{"v":21842.852084,"d":"21,843"}},{"$f":"IF(AND(D289<>0,$B$16=\"Yes\"),References!$B$6,0)","v":{"v":100000,"d":"100,000"}},{"v":1927.3104780000012,"d":"1,927"},{"v":10438.905,"d":"10,439"},{"v":1391.8540000000003,"d":"1,392"},{"v":11830.759000000002,"d":"11,831"},{"v":16006.321,"d":"16,006"},{"$f":"(M289*12-(VLOOKUP(AB289*12,'Tax table'!$A$3:$C$10,3)*(AB289*12-VLOOKUP(AB289*12,'Tax table'!$A$3:$C$10,1))+VLOOKUP(AB289*12,'Tax table'!$A$3:$C$10,2)))/12","v":{"v":15702.037219999998,"d":"15,702"}},{"v":11830.759000000002,"d":"11,831"},{"v":0.7534537610782713,"d":"75.3%"}]
["Member 2021","1986-01-16","M",{"v":167022.48,"d":"167,022"},{"v":0.8,"d":"80%"},{"v":0.85,"d":"85%"},{"v":0.75,"d":"75%"},{"v":0.1,"d":"10%"},null,32,{"v":13918.54,"d":"13,919"},{"v":1391.8540000000003,"d":"1,392"},{"v":17398.175,"d":"17,398"},{"v":16006.321,"d":"16,006"},{"$f":"(M290*12-(VLOOKUP(N290*12,'Tax table'!$A$3:$C$10,3)*(N290*12-VLOOKUP(N290*12,'Tax table'!$A$3:$C$10,1))+VLOOKUP(N290*12,'Tax table'!$A$3:$C$10,2)))/12","v":{"v":15702.037219999998,"d":"15,702"}},{"v":12526.686000000002,"d":"12,527"},{"$f":"(VLOOKUP(P290*12,'Tax table'!$A$3:$C$10,3)*(P290*12-VLOOKUP(P290*12,'Tax table'!$A$3:$C$10,1))+VLOOKUP(P290*12,'Tax table'!$A$3:$C$10,2))/12","v":{"v":1069.8034800000003,"d":"1,070"}},{"v":12848.73652,"d":"12,849"},{"v":10921.426042,"d":"10,921"},{"v":0.6955419789789544,"d":"69.6%"},{"v":32764.278125999997,"d":"32,764"},{"$f":"IF($B$15=\"Yes\",MIN(S290*2,References!$B$7),0)","v":{"v":21842.852084,"d":"21,843"}},{"$f":"IF(AND(D290<>0,$B$16=\"Yes\"),References!$B$6,0)","v":{"v":100000,"d":"100,000"}},{"v":1927.3104780000012,"d":"1,927"},{"v":10438.905,"d":"10,439"},{"v":1391.8540000000003,"d":"1,392"},{"v":11830.759000000002,"d":"11,831"},{"v":16006.321,"d":"16,006"},{"$f":"(M290*12-(VLOOKUP(AB290*12,'Tax table'!$A$3:$C$10,3)*(AB290*12-VLOOKUP(AB290*12,'Tax table'!$A$3:$C$10,1))+VLOOKUP(AB290*12,'Tax table'!$A$3:$C$10,2)))/12","v":{"v":15702.037219999998,"d":"15,702"}},{"v":11830.759000000002,"d":"11,831"},{"v":0.7534537610782713,"d":"75.3%"}]
["Member 2012","1985-06-25","F",{"v":167031.36,"d":"167,031"},{"v":0.8,"d":"80%"},{"v":0.85,"d":"85%"},{"v":0.75,"d":"75%"},{"v":0.1,"d":"10%"},null,33,{"v":13919.279999999999,"d":"13,919"},{"v":1391.9279999999999,"d":"1,392"},{"v":17399.1,"d":"17,399"},{"v":16007.171999999999,"d":"16,007"},{"$f":"(M291*12-(VLOOKUP(N291*12,'Tax table'!$A$3:$C$10,3)*(N291*12-VLOOKUP(N291*12,'Tax table'!$A$3:$C$10,1))+VLOOKUP(N291*12,'Tax table'!$A$3:$C$10,2)))/12","v":{"v":15702.809039999998,"d":"15,703"}},{"v":12527.351999999999,"d":"12,527"},{"$f":"(VLOOKUP(P291*12,'Tax table'!$A$3:$C$10,3)*(P291*12-VLOOKUP(P291*12,'Tax table'!$A$3:$C$10,1))+VLOOKUP(P291*12,'Tax table'!$A$3:$C$10,2))/12","v":{"v":1069.9233599999998,"d":"1,070"}},{"v":12849.356639999998,"d":"12,849"},{"v":10921.953143999997,"d":"10,922"},{"v":0.6955413592675262,"d":"69.6%"},{"v":32765.85943199999,"d":"32,766"},{"$f":"IF($B$15=\"Yes\",MIN(S291*2,References!$B$7),0)","v":{"v":21843.906287999995,"d":"21,844"}},{"$f":"IF(AND(D291<>0,$B$16=\"Yes\"),References!$B$6,0)","v":{"v":100000,"d":"100,000"}},{"v":1927.4034960000008,"d":"1,927"},{"v":10439.46,"d":"10,439"},{"v":1391.9279999999999,"d":"1,392"},{"v":11831.387999999999,"d":"11,831"},{"v":16007.171999999999,"d":"16,007"},{"$f":"(M291*12-(VLOOKUP(AB291*12,'Tax table'!$A$3:$C$10,3)*(AB291*12-VLOOKUP(AB291*12,'Tax table'!$A$3:$C$10,1))+VLOOKUP(AB291*12,'Tax table'!$A$3:$C$10,2)))/12","v":{"v":15702.809039999998,"d":"15,703"}},{"v":11831.387999999999,"d":"11,831"},{"v":0.7534567840608473,"d":"75.3%"}]
["Member 2013","1983-05-26","F",{"v":167031.36,"d":"167,031"},{"v":0.8,"d":"80%"},{"v":0.85,"d":"85%"},{"v":0.75,"d":"75%"},{"v":0.1,"d":"10%"},null,35,{"v":13919.279999999999,"d":"13,919"},{"v":1391.9279999999999,"d":"1,392"},{"v":17399.1,"d":"17,399"},{"v":16007.171999999999,"d":"16,007"},{"$f":"(M292*12-(VLOOKUP(N292*12,'Tax table'!$A$3:$C$10,3)*(N292*12-VLOOKUP(N292*12,'Tax table'!$A$3:$C$10,1))+VLOOKUP(N292*12,'Tax table'!$A$3:$C$10,2)))/12","v":{"v":15702.809039999998,"d":"15,703"}},{"v":12527.351999999999,"d":"12,527"},{"$f":"(VLOOKUP(P292*12,'Tax table'!$A$3:$C$10,3)*(P292*12-VLOOKUP(P292*12,'Tax table'!$A$3:$C$10,1))+VLOOKUP(P292*12,'Tax table'!$A$3:$C$10,2))/12","v":{"v":1069.9233599999998,"d":"1,070"}},{"v":12849.356639999998,"d":"12,849"},{"v":10921.953143999997,"d":"10,922"},{"v":0.6955413592675262,"d":"69.6%"},{"v":32765.85943199999,"d":"32,766"},{"$f":"IF($B$15=\"Yes\",MIN(S292*2,References!$B$7),0)","v":{"v":21843.906287999995,"d":"21,844"}},{"$f":"IF(AND(D292<>0,$B$16=\"Yes\"),References!$B$6,0)","v":{"v":100000,"d":"100,000"}},{"v":1927.4034960000008,"d":"1,927"},{"v":10439.46,"d":"10,439"},{"v":1391.9279999999999,"d":"1,392"},{"v":11831.387999999999,"d":"11,831"},{"v":16007.171999999999,"d":"16,007"},{"$f":"(M292*12-(VLOOKUP(AB292*12,'Tax table'!$A$3:$C$10,3)*(AB292*12-VLOOKUP(AB292*12,'Tax table'!$A$3:$C$10,1))+VLOOKUP(AB292*12,'Tax table'!$A$3:$C$10,2)))/12","v":{"v":15702.809039999998,"d":"15,703"}},{"v":11831.387999999999,"d":"11,831"},{"v":0.7534567840608473,"d":"75.3%"}]
["Member 2014","1969-10-31","M",{"v":167031.36,"d":"167,031"},{"v":0.8,"d":"80%"},{"v":0.85,"d":"85%"},{"v":0.75,"d":"75%"},{"v":0.1,"d":"10%"},null,49,{"v":13919.279999999999,"d":"13,919"},{"v":1391.9279999999999,"d":"1,392"},{"v":17399.1,"d":"17,399"},{"v":16007.171999999999,"d":"16,007"},{"$f":"(M293*12-(VLOOKUP(N293*12,'Tax table'!$A$3:$C$10,3)*(N293*12-VLOOKUP(N293*12,'Tax table'!$A$3:$C$10,1))+VLOOKUP(N293*12,'Tax table'!$A$3:$C$10,2)))/12","v":{"v":15702.809039999998,"d":"15,703"}},{"v":12527.351999999999,"d":"12,527"},{"$f":"(VLOOKUP(P293*12,'Tax table'!$A$3:$C$10,3)*(P293*12-VLOOKUP(P293*12,'Tax table'!$A$3:$C$10,1))+VLOOKUP(P293*12,'Tax table'!$A$3:$C$10,2))/12","v":{"v":1069.9233599999998,"d":"1,070"}},{"v":12849.356639999998,"d":"12,849"},{"v":10921.953143999997,"d":"10,922"},{"v":0.6955413592675262,"d":"69.6%"},{"v":32765.85943199999,"d":"32,766"},{"$f":"IF($B$15=\"Yes\",MIN(S293*2,References!$B$7),0)","v":{"v":21843.906287999995,"d":"21,844"}},{"$f":"IF(AND(D293<>0,$B$16=\"Yes\"),References!$B$6,0)","v":{"v":100000,"d":"100,000"}},{"v":1927.4034960000008,"d":"1,927"},{"v":10439.46,"d":"10,439"},{"v":1391.9279999999999,"d":"1,392"},{"v":11831.387999999999,"d":"11,831"},{"v":16007.171999999999,"d":"16,007"},{"$f":"(M293*12-(VLOOKUP(AB293*12,'Tax table'!$A$3:$C$10,3)*(AB293*12-VLOOKUP(AB293*12,'Tax table'!$A$3:$C$10,1))+VLOOKUP(AB293*12,'Tax table'!$A$3:$C$10,2)))/12","v":{"v":15702.809039999998,"d":"15,703"}},{"v":11831.387999999999,"d":"11,831"},{"v":0.7534567840608473,"d":"75.3%"}]
["Member 2015","1983-01-03","F",{"v":167031.36,"d":"167,031"},{"v":0.8,"d":"80%"},{"v":0.85,"d":"85%"},{"v":0.75,"d":"75%"},{"v":0.1,"d":"10%"},null,35,{"v":13919.279999999999,"d":"13,919"},{"v":1391.9279999999999,"d":"1,392"},{"v":17399.1,"d":"17,399"},{"v":16007.171999999999,"d":"16,007"},{"$f":"(M294*12-(VLOOKUP(N294*12,'Tax table'!$A$3:$C$10,3)*(N294*12-VLOOKUP(N294*12,'Tax table'!$A$3:$C$10,1))+VLOOKUP(N294*12,'Tax table'!$A$3:$C$10,2)))/12","v":{"v":15702.809039999998,"d":"15,703"}},{"v":12527.351999999999,"d":"12,527"},{"$f":"(VLOOKUP(P294*12,'Tax table'!$A$3:$C$10,3)*(P294*12-VLOOKUP(P294*12,'Tax table'!$A$3:$C$10,1))+VLOOKUP(P294*12,'Tax table'!$A$3:$C$10,2))/12","v":{"v":1069.9233599999998,"d":"1,070"}},{"v":12849.356639999998,"d":"12,849"},{"v":10921.953143999997,"d":"10,922"},{"v":0.6955413592675262,"d":"69.6%"},{"v":32765.85943199999,"d":"32,766"},{"$f":"IF($B$15=\"Yes\",MIN(S294*2,References!$B$7),0)","v":{"v":21843.906287999995,"d":"21,844"}},{"$f":"IF(AND(D294<>0,$B$16=\"Yes\"),References!$B$6,0)","v":{"v":100000,"d":"100,000"}},{"v":1927.4034960000008,"d":"1,927"},{"v":10439.46,"d":"10,439"},{"v":1391.9279999999999,"d":"1,392"},{"v":11831.387999999999,"d":"11,831"},{"v":16007.171999999999,"d":"16,007"},{"$f":"(M294*12-(VLOOKUP(AB294*12,'Tax table'!$A$3:$C$10,3)*(AB294*12-VLOOKUP(AB294*12,'Tax table'!$A$3:$C$10,1))+VLOOKUP(AB294*12,'Tax table'!$A$3:$C$10,2)))/12","v":{"v":15702.809039999998,"d":"15,703"}},{"v":11831.387999999999,"d":"11,831"},{"v":0.7534567840608473,"d":"75.3%"}]
["Member 2016","1988-05-20","F",{"v":167031.36,"d":"167,031"},{"v":0.8,"d":"80%"},{"v":0.85,"d":"85%"},{"v":0.75,"d":"75%"},{"v":0.1,"d":"10%"},null,30,{"v":13919.279999999999,"d":"13,919"},{"v":1391.9279999999999,"d":"1,392"},{"v":17399.1,"d":"17,399"},{"v":16007.171999999999,"d":"16,007"},{"$f":"(M295*12-(VLOOKUP(N295*12,'Tax table'!$A$3:$C$10,3)*(N295*12-VLOOKUP(N295*12,'Tax table'!$A$3:$C$10,1))+VLOOKUP(N295*12,'Tax table'!$A$3:$C$10,2)))/12","v":{"v":15702.809039999998,"d":"15,703"}},{"v":12527.351999999999,"d":"12,527"},{"$f":"(VLOOKUP(P295*12,'Tax table'!$A$3:$C$10,3)*(P295*12-VLOOKUP(P295*12,'Tax table'!$A$3:$C$10,1))+VLOOKUP(P295*12,'Tax table'!$A$3:$C$10,2))/12","v":{"v":1069.9233599999998,"d":"1,070"}},{"v":12849.356639999998,"d":"12,849"},{"v":10921.953143999997,"d":"10,922"},{"v":0.6955413592675262,"d":"69.6%"},{"v":32765.85943199999,"d":"32,766"},{"$f":"IF($B$15=\"Yes\",MIN(S295*2,References!$B$7),0)","v":{"v":21843.906287999995,"d":"21,844"}},{"$f":"IF(AND(D295<>0,$B$16=\"Yes\"),References!$B$6,0)","v":{"v":100000,"d":"100,000"}},{"v":1927.4034960000008,"d":"1,927"},{"v":10439.46,"d":"10,439"},{"v":1391.9279999999999,"d":"1,392"},{"v":11831.387999999999,"d":"11,831"},{"v":16007.171999999999,"d":"16,007"},{"$f":"(M295*12-(VLOOKUP(AB295*12,'Tax table'!$A$3:$C$10,3)*(AB295*12-VLOOKUP(AB295*12,'Tax table'!$A$3:$C$10,1))+VLOOKUP(AB295*12,'Tax table'!$A$3:$C$10,2)))/12","v":{"v":15702.809039999998,"d":"15,703"}},{"v":11831.387999999999,"d":"11,831"},{"v":0.7534567840608473,"d":"75.3%"}]
["Member 2017","1984-03-14","F",{"v":167031.36,"d":"167,031"},{"v":0.8,"d":"80%"},{"v":0.85,"d":"85%"},{"v":0.75,"d":"75%"},{"v":0.1,"d":"10%"},null,34,{"v":13919.279999999999,"d":"13,919"},{"v":1391.9279999999999,"d":"1,392"},{"v":17399.1,"d":"17,399"},{"v":16007.171999999999,"d":"16,007"},{"$f":"(M296*12-(VLOOKUP(N296*12,'Tax table'!$A$3:$C$10,3)*(N296*12-VLOOKUP(N296*12,'Tax table'!$A$3:$C$10,1))+VLOOKUP(N296*12,'Tax table'!$A$3:$C$10,2)))/12","v":{"v":15702.809039999998,"d":"15,703"}},{"v":12527.351999999999,"d":"12,527"},{"$f":"(VLOOKUP(P296*12,'Tax table'!$A$3:$C$10,3)*(P296*12-VLOOKUP(P296*12,'Tax table'!$A$3:$C$10,1))+VLOOKUP(P296*12,'Tax table'!$A$3:$C$10,2))/12","v":{"v":1069.9233599999998,"d":"1,070"}},{"v":12849.356639999998,"d":"12,849"},{"v":10921.953143999997,"d":"10,922"},{"v":0.6955413592675262,"d":"69.6%"},{"v":32765.85943199999,"d":"32,766"},{"$f":"IF($B$15=\"Yes\",MIN(S296*2,References!$B$7),0)","v":{"v":21843.906287999995,"d":"21,844"}},{"$f":"IF(AND(D296<>0,$B$16=\"Yes\"),References!$B$6,0)","v":{"v":100000,"d":"100,000"}},{"v":1927.4034960000008,"d":"1,927"},{"v":10439.46,"d":"10,439"},{"v":1391.9279999999999,"d":"1,392"},{"v":11831.387999999999,"d":"11,831"},{"v":16007.171999999999,"d":"16,007"},{"$f":"(M296*12-(VLOOKUP(AB296*12,'Tax table'!$A$3:$C$10,3)*(AB296*12-VLOOKUP(AB296*12,'Tax table'!$A$3:$C$10,1))+VLOOKUP(AB296*12,'Tax table'!$A$3:$C$10,2)))/12","v":{"v":15702.809039999998,"d":"15,703"}},{"v":11831.387999999999,"d":"11,831"},{"v":0.7534567840608473,"d":"75.3%"}]
["Member 2005","1968-11-30","F",{"v":167039.16,"d":"167,039"},{"v":0.8,"d":"80%"},{"v":0.85,"d":"85%"},{"v":0.75,"d":"75%"},{"v":0.1,"d":"10%"},null,49,{"v":13919.93,"d":"13,920"},{"v":1391.9930000000002,"d":"1,392"},{"v":17399.9125,"d":"17,400"},{"v":16007.919499999998,"d":"16,008"},{"$f":"(M297*12-(VLOOKUP(N297*12,'Tax table'!$A$3:$C$10,3)*(N297*12-VLOOKUP(N297*12,'Tax table'!$A$3:$C$10,1))+VLOOKUP(N297*12,'Tax table'!$A$3:$C$10,2)))/12","v":{"v":15703.48699,"d":"15,703"}},{"v":12527.937,"d":"12,528"},{"$f":"(VLOOKUP(P297*12,'Tax table'!$A$3:$C$10,3)*(P297*12-VLOOKUP(P297*12,'Tax table'!$A$3:$C$10,1))+VLOOKUP(P297*12,'Tax table'!$A$3:$C$10,2))/12","v":{"v":1070.0286600000002,"d":"1,070"}},{"v":12849.90134,"d":"12,850"},{"v":10922.416139,"d":"10,922"},{"v":0.6955408149766615,"d":"69.6%"},{"v":32767.248417000003,"d":"32,767"},{"$f":"IF($B$15=\"Yes\",MIN(S297*2,References!$B$7),0)","v":{"v":21844.832278,"d":"21,845"}},{"$f":"IF(AND(D297<>0,$B$16=\"Yes\"),References!$B$6,0)","v":{"v":100000,"d":"100,000"}},{"v":1927.4852009999995,"d":"1,927"},{"v":10439.9475,"d":"10,440"},{"v":1391.9930000000002,"d":"1,392"},{"v":11831.9405,"d":"11,832"},{"v":16007.919499999998,"d":"16,008"},{"$f":"(M297*12-(VLOOKUP(AB297*12,'Tax table'!$A$3:$C$10,3)*(AB297*12-VLOOKUP(AB297*12,'Tax table'!$A$3:$C$10,1))+VLOOKUP(AB297*12,'Tax table'!$A$3:$C$10,2)))/12","v":{"v":15703.48699,"d":"15,703"}},{"v":11831.9405,"d":"11,832"},{"v":0.753459439138237,"d":"75.3%"}]
["Member 2006","1973-05-05","F",{"v":167039.16,"d":"167,039"},{"v":0.8,"d":"80%"},{"v":0.85,"d":"85%"},{"v":0.75,"d":"75%"},{"v":0.1,"d":"10%"},null,45,{"v":13919.93,"d":"13,920"},{"v":1391.9930000000002,"d":"1,392"},{"v":17399.9125,"d":"17,400"},{"v":16007.919499999998,"d":"16,008"},{"$f":"(M298*12-(VLOOKUP(N298*12,'Tax table'!$A$3:$C$10,3)*(N298*12-VLOOKUP(N298*12,'Tax table'!$A$3:$C$10,1))+VLOOKUP(N298*12,'Tax table'!$A$3:$C$10,2)))/12","v":{"v":15703.48699,"d":"15,703"}},{"v":12527.937,"d":"12,528"},{"$f":"(VLOOKUP(P298*12,'Tax table'!$A$3:$C$10,3)*(P298*12-VLOOKUP(P298*12,'Tax table'!$A$3:$C$10,1))+VLOOKUP(P298*12,'Tax table'!$A$3:$C$10,2))/12","v":{"v":1070.0286600000002,"d":"1,070"}},{"v":12849.90134,"d":"12,850"},{"v":10922.416139,"d":"10,922"},{"v":0.6955408149766615,"d":"69.6%"},{"v":32767.248417000003,"d":"32,767"},{"$f":"IF($B$15=\"Yes\",MIN(S298*2,References!$B$7),0)","v":{"v":21844.832278,"d":"21,845"}},{"$f":"IF(AND(D298<>0,$B$16=\"Yes\"),References!$B$6,0)","v":{"v":100000,"d":"100,000"}},{"v":1927.4852009999995,"d":"1,927"},{"v":10439.9475,"d":"10,440"},{"v":1391.9930000000002,"d":"1,392"},{"v":11831.9405,"d":"11,832"},{"v":16007.919499999998,"d":"16,008"},{"$f":"(M298*12-(VLOOKUP(AB298*12,'Tax table'!$A$3:$C$10,3)*(AB298*12-VLOOKUP(AB298*12,'Tax table'!$A$3:$C$10,1))+VLOOKUP(AB298*12,'Tax table'!$A$3:$C$10,2)))/12","v":{"v":15703.48699,"d":"15,703"}},{"v":11831.9405,"d":"11,832"},{"v":0.753459439138237,"d":"75.3%"}]
["Member 2007","1988-04-28","F",{"v":167039.16,"d":"167,039"},{"v":0.8,"d":"80%"},{"v":0.85,"d":"85%"},{"v":0.75,"d":"75%"},{"v":0.1,"d":"10%"},null,30,{"v":13919.93,"d":"13,920"},{"v":1391.9930000000002,"d":"1,392"},{"v":17399.9125,"d":"17,400"},{"v":16007.919499999998,"d":"16,008"},{"$f":"(M299*12-(VLOOKUP(N299*12,'Tax table'!$A$3:$C$10,3)*(N299*12-VLOOKUP(N299*12,'Tax table'!$A$3:$C$10,1))+VLOOKUP(N299*12,'Tax table'!$A$3:$C$10,2)))/12","v":{"v":15703.48699,"d":"15,703"}},{"v":12527.937,"d":"12,528"},{"$f":"(VLOOKUP(P299*12,'Tax table'!$A$3:$C$10,3)*(P299*12-VLOOKUP(P299*12,'Tax table'!$A$3:$C$10,1))+VLOOKUP(P299*12,'Tax table'!$A$3:$C$10,2))/12","v":{"v":1070.0286600000002,"d":"1,070"}},{"v":12849.90134,"d":"12,850"},{"v":10922.416139,"d":"10,922"},{"v":0.6955408149766615,"d":"69.6%"},{"v":32767.248417000003,"d":"32,767"},{"$f":"IF($B$15=\"Yes\",MIN(S299*2,References!$B$7),0)","v":{"v":21844.832278,"d":"21,845"}},{"$f":"IF(AND(D299<>0,$B$16=\"Yes\"),References!$B$6,0)","v":{"v":100000,"d":"100,000"}},{"v":1927.4852009999995,"d":"1,927"},{"v":10439.9475,"d":"10,440"},{"v":1391.9930000000002,"d":"1,392"},{"v":11831.9405,"d":"11,832"},{"v":16007.919499999998,"d":"16,008"},{"$f":"(M299*12-(VLOOKUP(AB299*12,'Tax table'!$A$3:$C$10,3)*(AB299*12-VLOOKUP(AB299*12,'Tax table'!$A$3:$C$10,1))+VLOOKUP(AB299*12,'Tax table'!$A$3:$C$10,2)))/12","v":{"v":15703.48699,"d":"15,703"}},{"v":11831.9405,"d":"11,832"},{"v":0.753459439138237,"d":"75.3%"}]
["Member 2008","1971-12-08","F",{"v":167039.16,"d":"167,039"},{"v":0.8,"d":"80%"},{"v":0.85,"d":"85%"},{"v":0.75,"d":"75%"},{"v":0.1,"d":"10%"},null,46,{"v":13919.93,"d":"13,920"},{"v":1391.9930000000002,"d":"1,392"},{"v":17399.9125,"d":"17,400"},{"v":16007.919499999998,"d":"16,008"},{"$f":"(M300*12-(VLOOKUP(N300*12,'Tax table'!$A$3:$C$10,3)*(N300*12-VLOOKUP(N300*12,'Tax table'!$A$3:$C$10,1))+VLOOKUP(N300*12,'Tax table'!$A$3:$C$10,2)))/12","v":{"v":15703.48699,"d":"15,703"}},{"v":12527.937,"d":"12,528"},{"$f":"(VLOOKUP(P300*12,'Tax table'!$A$3:$C$10,3)*(P300*12-VLOOKUP(P300*12,'Tax table'!$A$3:$C$10,1))+VLOOKUP(P300*12,'Tax table'!$A$3:$C$10,2))/12","v":{"v":1070.0286600000002,"d":"1,070"}},{"v":12849.90134,"d":"12,850"},{"v":10922.416139,"d":"10,922"},{"v":0.6955408149766615,"d":"69.6%"},{"v":32767.248417000003,"d":"32,767"},{"$f":"IF($B$15=\"Yes\",MIN(S300*2,References!$B$7),0)","v":{"v":21844.832278,"d":"21,845"}},{"$f":"IF(AND(D300<>0,$B$16=\"Yes\"),References!$B$6,0)","v":{"v":100000,"d":"100,000"}},{"v":1927.4852009999995,"d":"1,927"},{"v":10439.9475,"d":"10,440"},{"v":1391.9930000000002,"d":"1,392"},{"v":11831.9405,"d":"11,832"},{"v":16007.919499999998,"d":"16,008"},{"$f":"(M300*12-(VLOOKUP(AB300*12,'Tax table'!$A$3:$C$10,3)*(AB300*12-VLOOKUP(AB300*12,'Tax table'!$A$3:$C$10,1))+VLOOKUP(AB300*12,'Tax table'!$A$3:$C$10,2)))/12","v":{"v":15703.48699,"d":"15,703"}},{"v":11831.9405,"d":"11,832"},{"v":0.753459439138237,"d":"75.3%"}]
["Member 2009","1985-05-14","M",{"v":167039.16,"d":"167,039"},{"v":0.8,"d":"80%"},{"v":0.85,"d":"85%"},{"v":0.75,"d":"75%"},{"v":0.1,"d":"10%"},null,33,{"v":13919.93,"d":"13,920"},{"v":1391.9930000000002,"d":"1,392"},{"v":17399.9125,"d":"17,400"},{"v":16007.919499999998,"d":"16,008"},{"$f":"(M301*12-(VLOOKUP(N301*12,'Tax table'!$A$3:$C$10,3)*(N301*12-VLOOKUP(N301*12,'Tax table'!$A$3:$C$10,1))+VLOOKUP(N301*12,'Tax table'!$A$3:$C$10,2)))/12","v":{"v":15703.48699,"d":"15,703"}},{"v":12527.937,"d":"12,528"},{"$f":"(VLOOKUP(P301*12,'Tax table'!$A$3:$C$10,3)*(P301*12-VLOOKUP(P301*12,'Tax table'!$A$3:$C$10,1))+VLOOKUP(P301*12,'Tax table'!$A$3:$C$10,2))/12","v":{"v":1070.0286600000002,"d":"1,070"}},{"v":12849.90134,"d":"12,850"},{"v":10922.416139,"d":"10,922"},{"v":0.6955408149766615,"d":"69.6%"},{"v":32767.248417000003,"d":"32,767"},{"$f":"IF($B$15=\"Yes\",MIN(S301*2,References!$B$7),0)","v":{"v":21844.832278,"d":"21,845"}},{"$f":"IF(AND(D301<>0,$B$16=\"Yes\"),References!$B$6,0)","v":{"v":100000,"d":"100,000"}},{"v":1927.4852009999995,"d":"1,927"},{"v":10439.9475,"d":"10,440"},{"v":1391.9930000000002,"d":"1,392"},{"v":11831.9405,"d":"11,832"},{"v":16007.919499999998,"d":"16,008"},{"$f":"(M301*12-(VLOOKUP(AB301*12,'Tax table'!$A$3:$C$10,3)*(AB301*12-VLOOKUP(AB301*12,'Tax table'!$A$3:$C$10,1))+VLOOKUP(AB301*12,'Tax table'!$A$3:$C$10,2)))/12","v":{"v":15703.48699,"d":"15,703"}},{"v":11831.9405,"d":"11,832"},{"v":0.753459439138237,"d":"75.3%"}]
["Member 2010","1979-09-06","F",{"v":167039.16,"d":"167,039"},{"v":0.8,"d":"80%"},{"v":0.85,"d":"85%"},{"v":0.75,"d":"75%"},{"v":0.1,"d":"10%"},null,39,{"v":13919.93,"d":"13,920"},{"v":1391.9930000000002,"d":"1,392"},{"v":17399.9125,"d":"17,400"},{"v":16007.919499999998,"d":"16,008"},{"$f":"(M302*12-(VLOOKUP(N302*12,'Tax table'!$A$3:$C$10,3)*(N302*12-VLOOKUP(N302*12,'Tax table'!$A$3:$C$10,1))+VLOOKUP(N302*12,'Tax table'!$A$3:$C$10,2)))/12","v":{"v":15703.48699,"d":"15,703"}},{"v":12527.937,"d":"12,528"},{"$f":"(VLOOKUP(P302*12,'Tax table'!$A$3:$C$10,3)*(P302*12-VLOOKUP(P302*12,'Tax table'!$A$3:$C$10,1))+VLOOKUP(P302*12,'Tax table'!$A$3:$C$10,2))/12","v":{"v":1070.0286600000002,"d":"1,070"}},{"v":12849.90134,"d":"12,850"},{"v":10922.416139,"d":"10,922"},{"v":0.6955408149766615,"d":"69.6%"},{"v":32767.248417000003,"d":"32,767"},{"$f":"IF($B$15=\"Yes\",MIN(S302*2,References!$B$7),0)","v":{"v":21844.832278,"d":"21,845"}},{"$f":"IF(AND(D302<>0,$B$16=\"Yes\"),References!$B$6,0)","v":{"v":100000,"d":"100,000"}},{"v":1927.4852009999995,"d":"1,927"},{"v":10439.9475,"d":"10,440"},{"v":1391.9930000000002,"d":"1,392"},{"v":11831.9405,"d":"11,832"},{"v":16007.919499999998,"d":"16,008"},{"$f":"(M302*12-(VLOOKUP(AB302*12,'Tax table'!$A$3:$C$10,3)*(AB302*12-VLOOKUP(AB302*12,'Tax table'!$A$3:$C$10,1))+VLOOKUP(AB302*12,'Tax table'!$A$3:$C$10,2)))/12","v":{"v":15703.48699,"d":"15,703"}},{"v":11831.9405,"d":"11,832"},{"v":0.753459439138237,"d":"75.3%"}]
["Member 2011","1979-12-15","F",{"v":167039.16,"d":"167,039"},{"v":0.8,"d":"80%"},{"v":0.85,"d":"85%"},{"v":0.75,"d":"75%"},{"v":0.1,"d":"10%"},null,38,{"v":13919.93,"d":"13,920"},{"v":1391.9930000000002,"d":"1,392"},{"v":17399.9125,"d":"17,400"},{"v":16007.919499999998,"d":"16,008"},{"$f":"(M303*12-(VLOOKUP(N303*12,'Tax table'!$A$3:$C$10,3)*(N303*12-VLOOKUP(N303*12,'Tax table'!$A$3:$C$10,1))+VLOOKUP(N303*12,'Tax table'!$A$3:$C$10,2)))/12","v":{"v":15703.48699,"d":"15,703"}},{"v":12527.937,"d":"12,528"},{"$f":"(VLOOKUP(P303*12,'Tax table'!$A$3:$C$10,3)*(P303*12-VLOOKUP(P303*12,'Tax table'!$A$3:$C$10,1))+VLOOKUP(P303*12,'Tax table'!$A$3:$C$10,2))/12","v":{"v":1070.0286600000002,"d":"1,070"}},{"v":12849.90134,"d":"12,850"},{"v":10922.416139,"d":"10,922"},{"v":0.6955408149766615,"d":"69.6%"},{"v":32767.248417000003,"d":"32,767"},{"$f":"IF($B$15=\"Yes\",MIN(S303*2,References!$B$7),0)","v":{"v":21844.832278,"d":"21,845"}},{"$f":"IF(AND(D303<>0,$B$16=\"Yes\"),References!$B$6,0)","v":{"v":100000,"d":"100,000"}},{"v":1927.4852009999995,"d":"1,927"},{"v":10439.9475,"d":"10,440"},{"v":1391.9930000000002,"d":"1,392"},{"v":11831.9405,"d":"11,832"},{"v":16007.919499999998,"d":"16,008"},{"$f":"(M303*12-(VLOOKUP(AB303*12,'Tax table'!$A$3:$C$10,3)*(AB303*12-VLOOKUP(AB303*12,'Tax table'!$A$3:$C$10,1))+VLOOKUP(AB303*12,'Tax table'!$A$3:$C$10,2)))/12","v":{"v":15703.48699,"d":"15,703"}},{"v":11831.9405,"d":"11,832"},{"v":0.753459439138237,"d":"75.3%"}]
["Member 1997","1990-06-28","M",{"v":167041.44,"d":"167,041"},{"v":0.8,"d":"80%"},{"v":0.85,"d":"85%"},{"v":0.75,"d":"75%"},{"v":0.1,"d":"10%"},null,28,{"v":13920.12,"d":"13,920"},{"v":1392.0120000000002,"d":"1,392"},{"v":17400.15,"d":"17,400"},{"v":16008.138,"d":"16,008"},{"$f":"(M304*12-(VLOOKUP(N304*12,'Tax table'!$A$3:$C$10,3)*(N304*12-VLOOKUP(N304*12,'Tax table'!$A$3:$C$10,1))+VLOOKUP(N304*12,'Tax table'!$A$3:$C$10,2)))/12","v":{"v":15703.68516,"d":"15,704"}},{"v":12528.108,"d":"12,528"},{"$f":"(VLOOKUP(P304*12,'Tax table'!$A$3:$C$10,3)*(P304*12-VLOOKUP(P304*12,'Tax table'!$A$3:$C$10,1))+VLOOKUP(P304*12,'Tax table'!$A$3:$C$10,2))/12","v":{"v":1070.05944,"d":"1,070"}},{"v":12850.060560000002,"d":"12,850"},{"v":10922.551476,"d":"10,923"},{"v":0.6955406558851311,"d":"69.6%"},{"v":32767.654428,"d":"32,768"},{"$f":"IF($B$15=\"Yes\",MIN(S304*2,References!$B$7),0)","v":{"v":21845.102952,"d":"21,845"}},{"$f":"IF(AND(D304<>0,$B$16=\"Yes\"),References!$B$6,0)","v":{"v":100000,"d":"100,000"}},{"v":1927.5090840000012,"d":"1,928"},{"v":10440.09,"d":"10,440"},{"v":1392.0120000000002,"d":"1,392"},{"v":11832.102,"d":"11,832"},{"v":16008.138,"d":"16,008"},{"$f":"(M304*12-(VLOOKUP(AB304*12,'Tax table'!$A$3:$C$10,3)*(AB304*12-VLOOKUP(AB304*12,'Tax table'!$A$3:$C$10,1))+VLOOKUP(AB304*12,'Tax table'!$A$3:$C$10,2)))/12","v":{"v":15703.68516,"d":"15,704"}},{"v":11832.102,"d":"11,832"},{"v":0.7534602151944825,"d":"75.3%"}]
["Member 1998","1988-11-05","M",{"v":167041.44,"d":"167,041"},{"v":0.8,"d":"80%"},{"v":0.85,"d":"85%"},{"v":0.75,"d":"75%"},{"v":0.1,"d":"10%"},null,30,{"v":13920.12,"d":"13,920"},{"v":1392.0120000000002,"d":"1,392"},{"v":17400.15,"d":"17,400"},{"v":16008.138,"d":"16,008"},{"$f":"(M305*12-(VLOOKUP(N305*12,'Tax table'!$A$3:$C$10,3)*(N305*12-VLOOKUP(N305*12,'Tax table'!$A$3:$C$10,1))+VLOOKUP(N305*12,'Tax table'!$A$3:$C$10,2)))/12","v":{"v":15703.68516,"d":"15,704"}},{"v":12528.108,"d":"12,528"},{"$f":"(VLOOKUP(P305*12,'Tax table'!$A$3:$C$10,3)*(P305*12-VLOOKUP(P305*12,'Tax table'!$A$3:$C$10,1))+VLOOKUP(P305*12,'Tax table'!$A$3:$C$10,2))/12","v":{"v":1070.05944,"d":"1,070"}},{"v":12850.060560000002,"d":"12,850"},{"v":10922.551476,"d":"10,923"},{"v":0.6955406558851311,"d":"69.6%"},{"v":32767.654428,"d":"32,768"},{"$f":"IF($B$15=\"Yes\",MIN(S305*2,References!$B$7),0)","v":{"v":21845.102952,"d":"21,845"}},{"$f":"IF(AND(D305<>0,$B$16=\"Yes\"),References!$B$6,0)","v":{"v":100000,"d":"100,000"}},{"v":1927.5090840000012,"d":"1,928"},{"v":10440.09,"d":"10,440"},{"v":1392.0120000000002,"d":"1,392"},{"v":11832.102,"d":"11,832"},{"v":16008.138,"d":"16,008"},{"$f":"(M305*12-(VLOOKUP(AB305*12,'Tax table'!$A$3:$C$10,3)*(AB305*12-VLOOKUP(AB305*12,'Tax table'!$A$3:$C$10,1))+VLOOKUP(AB305*12,'Tax table'!$A$3:$C$10,2)))/12","v":{"v":15703.68516,"d":"15,704"}},{"v":11832.102,"d":"11,832"},{"v":0.7534602151944825,"d":"75.3%"}]
["Member 1999","1977-05-21","F",{"v":167041.44,"d":"167,041"},{"v":0.8,"d":"80%"},{"v":0.85,"d":"85%"},{"v":0.75,"d":"75%"},{"v":0.1,"d":"10%"},null,41,{"v":13920.12,"d":"13,920"},{"v":1392.0120000000002,"d":"1,392"},{"v":17400.15,"d":"17,400"},{"v":16008.138,"d":"16,008"},{"$f":"(M306*12-(VLOOKUP(N306*12,'Tax table'!$A$3:$C$10,3)*(N306*12-VLOOKUP(N306*12,'Tax table'!$A$3:$C$10,1))+VLOOKUP(N306*12,'Tax table'!$A$3:$C$10,2)))/12","v":{"v":15703.68516,"d":"15,704"}},{"v":12528.108,"d":"12,528"},{"$f":"(VLOOKUP(P306*12,'Tax table'!$A$3:$C$10,3)*(P306*12-VLOOKUP(P306*12,'Tax table'!$A$3:$C$10,1))+VLOOKUP(P306*12,'Tax table'!$A$3:$C$10,2))/12","v":{"v":1070.05944,"d":"1,070"}},{"v":12850.060560000002,"d":"12,850"},{"v":10922.551476,"d":"10,923"},{"v":0.6955406558851311,"d":"69.6%"},{"v":32767.654428,"d":"32,768"},{"$f":"IF($B$15=\"Yes\",MIN(S306*2,References!$B$7),0)","v":{"v":21845.102952,"d":"21,845"}},{"$f":"IF(AND(D306<>0,$B$16=\"Yes\"),References!$B$6,0)","v":{"v":100000,"d":"100,000"}},{"v":1927.5090840000012,"d":"1,928"},{"v":10440.09,"d":"10,440"},{"v":1392.0120000000002,"d":"1,392"},{"v":11832.102,"d":"11,832"},{"v":16008.138,"d":"16,008"},{"$f":"(M306*12-(VLOOKUP(AB306*12,'Tax table'!$A$3:$C$10,3)*(AB306*12-VLOOKUP(AB306*12,'Tax table'!$A$3:$C$10,1))+VLOOKUP(AB306*12,'Tax table'!$A$3:$C$10,2)))/12","v":{"v":15703.68516,"d":"15,704"}},{"v":11832.102,"d":"11,832"},{"v":0.7534602151944825,"d":"75.3%"}]
["Member 2000","1990-09-15","F",{"v":167041.44,"d":"167,041"},{"v":0.8,"d":"80%"},{"v":0.85,"d":"85%"},{"v":0.75,"d":"75%"},{"v":0.1,"d":"10%"},null,28,{"v":13920.12,"d":"13,920"},{"v":1392.0120000000002,"d":"1,392"},{"v":17400.15,"d":"17,400"},{"v":16008.138,"d":"16,008"},{"$f":"(M307*12-(VLOOKUP(N307*12,'Tax table'!$A$3:$C$10,3)*(N307*12-VLOOKUP(N307*12,'Tax table'!$A$3:$C$10,1))+VLOOKUP(N307*12,'Tax table'!$A$3:$C$10,2)))/12","v":{"v":15703.68516,"d":"15,704"}},{"v":12528.108,"d":"12,528"},{"$f":"(VLOOKUP(P307*12,'Tax table'!$A$3:$C$10,3)*(P307*12-VLOOKUP(P307*12,'Tax table'!$A$3:$C$10,1))+VLOOKUP(P307*12,'Tax table'!$A$3:$C$10,2))/12","v":{"v":1070.05944,"d":"1,070"}},{"v":12850.060560000002,"d":"12,850"},{"v":10922.551476,"d":"10,923"},{"v":0.6955406558851311,"d":"69.6%"},{"v":32767.654428,"d":"32,768"},{"$f":"IF($B$15=\"Yes\",MIN(S307*2,References!$B$7),0)","v":{"v":21845.102952,"d":"21,845"}},{"$f":"IF(AND(D307<>0,$B$16=\"Yes\"),References!$B$6,0)","v":{"v":100000,"d":"100,000"}},{"v":1927.5090840000012,"d":"1,928"},{"v":10440.09,"d":"10,440"},{"v":1392.0120000000002,"d":"1,392"},{"v":11832.102,"d":"11,832"},{"v":16008.138,"d":"16,008"},{"$f":"(M307*12-(VLOOKUP(AB307*12,'Tax table'!$A$3:$C$10,3)*(AB307*12-VLOOKUP(AB307*12,'Tax table'!$A$3:$C$10,1))+VLOOKUP(AB307*12,'Tax table'!$A$3:$C$10,2)))/12","v":{"v":15703.68516,"d":"15,704"}},{"v":11832.102,"d":"11,832"},{"v":0.7534602151944825,"d":"75.3%"}]
["Member 2001","1981-02-15","F",{"v":167041.44,"d":"167,041"},{"v":0.8,"d":"80%"},{"v":0.85,"d":"85%"},{"v":0.75,"d":"75%"},{"v":0.1,"d":"10%"},null,37,{"v":13920.12,"d":"13,920"},{"v":1392.0120000000002,"d":"1,392"},{"v":17400.15,"d":"17,400"},{"v":16008.138,"d":"16,008"},{"$f":"(M308*12-(VLOOKUP(N308*12,'Tax table'!$A$3:$C$10,3)*(N308*12-VLOOKUP(N308*12,'Tax table'!$A$3:$C$10,1))+VLOOKUP(N308*12,'Tax table'!$A$3:$C$10,2)))/12","v":{"v":15703.68516,"d":"15,704"}},{"v":12528.108,"d":"12,528"},{"$f":"(VLOOKUP(P308*12,'Tax table'!$A$3:$C$10,3)*(P308*12-VLOOKUP(P308*12,'Tax table'!$A$3:$C$10,1))+VLOOKUP(P308*12,'Tax table'!$A$3:$C$10,2))/12","v":{"v":1070.05944,"d":"1,070"}},{"v":12850.060560000002,"d":"12,850"},{"v":10922.551476,"d":"10,923"},{"v":0.6955406558851311,"d":"69.6%"},{"v":32767.654428,"d":"32,768"},{"$f":"IF($B$15=\"Yes\",MIN(S308*2,References!$B$7),0)","v":{"v":21845.102952,"d":"21,845"}},{"$f":"IF(AND(D308<>0,$B$16=\"Yes\"),References!$B$6,0)","v":{"v":100000,"d":"100,000"}},{"v":1927.5090840000012,"d":"1,928"},{"v":10440.09,"d":"10,440"},{"v":1392.0120000000002,"d":"1,392"},{"v":11832.102,"d":"11,832"},{"v":16008.138,"d":"16,008"},{"$f":"(M308*12-(VLOOKUP(AB308*12,'Tax table'!$A$3:$C$10,3)*(AB308*12-VLOOKUP(AB308*12,'Tax table'!$A$3:$C$10,1))+VLOOKUP(AB308*12,'Tax table'!$A$3:$C$10,2)))/12","v":{"v":15703.68516,"d":"15,704"}},{"v":11832.102,"d":"11,832"},{"v":0.7534602151944825,"d":"75.3%"}]
["Member 2002","1991-01-13","F",{"v":167041.44,"d":"167,041"},{"v":0.8,"d":"80%"},{"v":0.85,"d":"85%"},{"v":0.75,"d":"75%"},{"v":0.1,"d":"10%"},null,27,{"v":13920.12,"d":"13,920"},{"v":1392.0120000000002,"d":"1,392"},{"v":17400.15,"d":"17,400"},{"v":16008.138,"d":"16,008"},{"$f":"(M309*12-(VLOOKUP(N309*12,'Tax table'!$A$3:$C$10,3)*(N309*12-VLOOKUP(N309*12,'Tax table'!$A$3:$C$10,1))+VLOOKUP(N309*12,'Tax table'!$A$3:$C$10,2)))/12","v":{"v":15703.68516,"d":"15,704"}},{"v":12528.108,"d":"12,528"},{"$f":"(VLOOKUP(P309*12,'Tax table'!$A$3:$C$10,3)*(P309*12-VLOOKUP(P309*12,'Tax table'!$A$3:$C$10,1))+VLOOKUP(P309*12,'Tax table'!$A$3:$C$10,2))/12","v":{"v":1070.05944,"d":"1,070"}},{"v":12850.060560000002,"d":"12,850"},{"v":10922.551476,"d":"10,923"},{"v":0.6955406558851311,"d":"69.6%"},{"v":32767.654428,"d":"32,768"},{"$f":"IF($B$15=\"Yes\",MIN(S309*2,References!$B$7),0)","v":{"v":21845.102952,"d":"21,845"}},{"$f":"IF(AND(D309<>0,$B$16=\"Yes\"),References!$B$6,0)","v":{"v":100000,"d":"100,000"}},{"v":1927.5090840000012,"d":"1,928"},{"v":10440.09,"d":"10,440"},{"v":1392.0120000000002,"d":"1,392"},{"v":11832.102,"d":"11,832"},{"v":16008.138,"d":"16,008"},{"$f":"(M309*12-(VLOOKUP(AB309*12,'Tax table'!$A$3:$C$10,3)*(AB309*12-VLOOKUP(AB309*12,'Tax table'!$A$3:$C$10,1))+VLOOKUP(AB309*12,'Tax table'!$A$3:$C$10,2)))/12","v":{"v":15703.68516,"d":"15,704"}},{"v":11832.102,"d":"11,832"},{"v":0.7534602151944825,"d":"75.3%"}]
["Member 2003","1988-04-05","F",{"v":167041.44,"d":"167,041"},{"v":0.8,"d":"80%"},{"v":0.85,"d":"85%"},{"v":0.75,"d":"75%"},{"v":0.1,"d":"10%"},null,30,{"v":13920.12,"d":"13,920"},{"v":1392.0120000000002,"d":"1,392"},{"v":17400.15,"d":"17,400"},{"v":16008.138,"d":"16,008"},{"$f":"(M310*12-(VLOOKUP(N310*12,'Tax table'!$A$3:$C$10,3)*(N310*12-VLOOKUP(N310*12,'Tax table'!$A$3:$C$10,1))+VLOOKUP(N310*12,'Tax table'!$A$3:$C$10,2)))/12","v":{"v":15703.68516,"d":"15,704"}},{"v":12528.108,"d":"12,528"},{"$f":"(VLOOKUP(P310*12,'Tax table'!$A$3:$C$10,3)*(P310*12-VLOOKUP(P310*12,'Tax table'!$A$3:$C$10,1))+VLOOKUP(P310*12,'Tax table'!$A$3:$C$10,2))/12","v":{"v":1070.05944,"d":"1,070"}},{"v":12850.060560000002,"d":"12,850"},{"v":10922.551476,"d":"10,923"},{"v":0.6955406558851311,"d":"69.6%"},{"v":32767.654428,"d":"32,768"},{"$f":"IF($B$15=\"Yes\",MIN(S310*2,References!$B$7),0)","v":{"v":21845.102952,"d":"21,845"}},{"$f":"IF(AND(D310<>0,$B$16=\"Yes\"),References!$B$6,0)","v":{"v":100000,"d":"100,000"}},{"v":1927.5090840000012,"d":"1,928"},{"v":10440.09,"d":"10,440"},{"v":1392.0120000000002,"d":"1,392"},{"v":11832.102,"d":"11,832"},{"v":16008.138,"d":"16,008"},{"$f":"(M310*12-(VLOOKUP(AB310*12,'Tax table'!$A$3:$C$10,3)*(AB310*12-VLOOKUP(AB310*12,'Tax table'!$A$3:$C$10,1))+VLOOKUP(AB310*12,'Tax table'!$A$3:$C$10,2)))/12","v":{"v":15703.68516,"d":"15,704"}},{"v":11832.102,"d":"11,832"},{"v":0.7534602151944825,"d":"75.3%"}]
["Member 2004","1986-02-24","F",{"v":167041.44,"d":"167,041"},{"v":0.8,"d":"80%"},{"v":0.85,"d":"85%"},{"v":0.75,"d":"75%"},{"v":0.1,"d":"10%"},null,32,{"v":13920.12,"d":"13,920"},{"v":1392.0120000000002,"d":"1,392"},{"v":17400.15,"d":"17,400"},{"v":16008.138,"d":"16,008"},{"$f":"(M311*12-(VLOOKUP(N311*12,'Tax table'!$A$3:$C$10,3)*(N311*12-VLOOKUP(N311*12,'Tax table'!$A$3:$C$10,1))+VLOOKUP(N311*12,'Tax table'!$A$3:$C$10,2)))/12","v":{"v":15703.68516,"d":"15,704"}},{"v":12528.108,"d":"12,528"},{"$f":"(VLOOKUP(P311*12,'Tax table'!$A$3:$C$10,3)*(P311*12-VLOOKUP(P311*12,'Tax table'!$A$3:$C$10,1))+VLOOKUP(P311*12,'Tax table'!$A$3:$C$10,2))/12","v":{"v":1070.05944,"d":"1,070"}},{"v":12850.060560000002,"d":"12,850"},{"v":10922.551476,"d":"10,923"},{"v":0.6955406558851311,"d":"69.6%"},{"v":32767.654428,"d":"32,768"},{"$f":"IF($B$15=\"Yes\",MIN(S311*2,References!$B$7),0)","v":{"v":21845.102952,"d":"21,845"}},{"$f":"IF(AND(D311<>0,$B$16=\"Yes\"),References!$B$6,0)","v":{"v":100000,"d":"100,000"}},{"v":1927.5090840000012,"d":"1,928"},{"v":10440.09,"d":"10,440"},{"v":1392.0120000000002,"d":"1,392"},{"v":11832.102,"d":"11,832"},{"v":16008.138,"d":"16,008"},{"$f":"(M311*12-(VLOOKUP(AB311*12,'Tax table'!$A$3:$C$10,3)*(AB311*12-VLOOKUP(AB311*12,'Tax table'!$A$3:$C$10,1))+VLOOKUP(AB311*12,'Tax table'!$A$3:$C$10,2)))/12","v":{"v":15703.68516,"d":"15,704"}},{"v":11832.102,"d":"11,832"},{"v":0.7534602151944825,"d":"75.3%"}]
["Member 1996","1974-09-16","M",{"v":168462.24,"d":"168,462"},{"v":0.8,"d":"80%"},{"v":0.85,"d":"85%"},{"v":0.75,"d":"75%"},{"v":0.1,"d":"10%"},null,44,{"v":14038.519999999999,"d":"14,039"},{"v":1403.8519999999999,"d":"1,404"},{"v":17548.149999999998,"d":"17,548"},{"v":16144.297999999999,"d":"16,144"},{"$f":"(M312*12-(VLOOKUP(N312*12,'Tax table'!$A$3:$C$10,3)*(N312*12-VLOOKUP(N312*12,'Tax table'!$A$3:$C$10,1))+VLOOKUP(N312*12,'Tax table'!$A$3:$C$10,2)))/12","v":{"v":15827.17636,"d":"15,827"}},{"v":12634.667999999998,"d":"12,635"},{"$f":"(VLOOKUP(P312*12,'Tax table'!$A$3:$C$10,3)*(P312*12-VLOOKUP(P312*12,'Tax table'!$A$3:$C$10,1))+VLOOKUP(P312*12,'Tax table'!$A$3:$C$10,2))/12","v":{"v":1089.2402399999996,"d":"1,089"}},{"v":12949.27976,"d":"12,949"},{"v":11006.887795999999,"d":"11,007"},{"v":0.6954422915143406,"d":"69.5%"},{"v":33020.663388,"d":"33,021"},{"$f":"IF($B$15=\"Yes\",MIN(S312*2,References!$B$7),0)","v":{"v":22013.775591999998,"d":"22,014"}},{"$f":"IF(AND(D312<>0,$B$16=\"Yes\"),References!$B$6,0)","v":{"v":100000,"d":"100,000"}},{"v":1942.3919640000004,"d":"1,942"},{"v":10528.89,"d":"10,529"},{"v":1403.8519999999999,"d":"1,404"},{"v":11932.741999999998,"d":"11,933"},{"v":16144.297999999999,"d":"16,144"},{"$f":"(M312*12-(VLOOKUP(AB312*12,'Tax table'!$A$3:$C$10,3)*(AB312*12-VLOOKUP(AB312*12,'Tax table'!$A$3:$C$10,1))+VLOOKUP(AB312*12,'Tax table'!$A$3:$C$10,2)))/12","v":{"v":15827.17636,"d":"15,827"}},{"v":11932.741999999998,"d":"11,933"},{"v":0.7539400413934605,"d":"75.4%"}]
["Member 1988","1974-09-12","M",{"v":168692.64,"d":"168,693"},{"v":0.8,"d":"80%"},{"v":0.85,"d":"85%"},{"v":0.75,"d":"75%"},{"v":0.1,"d":"10%"},null,44,{"v":14057.720000000001,"d":"14,058"},{"v":1405.7720000000002,"d":"1,406"},{"v":17572.15,"d":"17,572"},{"v":16166.378,"d":"16,166"},{"$f":"(M313*12-(VLOOKUP(N313*12,'Tax table'!$A$3:$C$10,3)*(N313*12-VLOOKUP(N313*12,'Tax table'!$A$3:$C$10,1))+VLOOKUP(N313*12,'Tax table'!$A$3:$C$10,2)))/12","v":{"v":15847.20196,"d":"15,847"}},{"v":12651.948,"d":"12,652"},{"$f":"(VLOOKUP(P313*12,'Tax table'!$A$3:$C$10,3)*(P313*12-VLOOKUP(P313*12,'Tax table'!$A$3:$C$10,1))+VLOOKUP(P313*12,'Tax table'!$A$3:$C$10,2))/12","v":{"v":1092.3506399999999,"d":"1,092"}},{"v":12965.36936,"d":"12,965"},{"v":11020.563956,"d":"11,021"},{"v":0.6954264849919285,"d":"69.5%"},{"v":33061.691868,"d":"33,062"},{"$f":"IF($B$15=\"Yes\",MIN(S313*2,References!$B$7),0)","v":{"v":22041.127912,"d":"22,041"}},{"$f":"IF(AND(D313<>0,$B$16=\"Yes\"),References!$B$6,0)","v":{"v":100000,"d":"100,000"}},{"v":1944.8054040000006,"d":"1,945"},{"v":10543.29,"d":"10,543"},{"v":1405.7720000000002,"d":"1,406"},{"v":11949.062000000002,"d":"11,949"},{"v":16166.378,"d":"16,166"},{"$f":"(M313*12-(VLOOKUP(AB313*12,'Tax table'!$A$3:$C$10,3)*(AB313*12-VLOOKUP(AB313*12,'Tax table'!$A$3:$C$10,1))+VLOOKUP(AB313*12,'Tax table'!$A$3:$C$10,2)))/12","v":{"v":15847.20196,"d":"15,847"}},{"v":11949.062000000002,"d":"11,949"},{"v":0.7540171463808366,"d":"75.4%"}]
["Member 1989","1973-08-27","M",{"v":168692.64,"d":"168,693"},{"v":0.8,"d":"80%"},{"v":0.85,"d":"85%"},{"v":0.75,"d":"75%"},{"v":0.1,"d":"10%"},null,45,{"v":14057.720000000001,"d":"14,058"},{"v":1405.7720000000002,"d":"1,406"},{"v":17572.15,"d":"17,572"},{"v":16166.378,"d":"16,166"},{"$f":"(M314*12-(VLOOKUP(N314*12,'Tax table'!$A$3:$C$10,3)*(N314*12-VLOOKUP(N314*12,'Tax table'!$A$3:$C$10,1))+VLOOKUP(N314*12,'Tax table'!$A$3:$C$10,2)))/12","v":{"v":15847.20196,"d":"15,847"}},{"v":12651.948,"d":"12,652"},{"$f":"(VLOOKUP(P314*12,'Tax table'!$A$3:$C$10,3)*(P314*12-VLOOKUP(P314*12,'Tax table'!$A$3:$C$10,1))+VLOOKUP(P314*12,'Tax table'!$A$3:$C$10,2))/12","v":{"v":1092.3506399999999,"d":"1,092"}},{"v":12965.36936,"d":"12,965"},{"v":11020.563956,"d":"11,021"},{"v":0.6954264849919285,"d":"69.5%"},{"v":33061.691868,"d":"33,062"},{"$f":"IF($B$15=\"Yes\",MIN(S314*2,References!$B$7),0)","v":{"v":22041.127912,"d":"22,041"}},{"$f":"IF(AND(D314<>0,$B$16=\"Yes\"),References!$B$6,0)","v":{"v":100000,"d":"100,000"}},{"v":1944.8054040000006,"d":"1,945"},{"v":10543.29,"d":"10,543"},{"v":1405.7720000000002,"d":"1,406"},{"v":11949.062000000002,"d":"11,949"},{"v":16166.378,"d":"16,166"},{"$f":"(M314*12-(VLOOKUP(AB314*12,'Tax table'!$A$3:$C$10,3)*(AB314*12-VLOOKUP(AB314*12,'Tax table'!$A$3:$C$10,1))+VLOOKUP(AB314*12,'Tax table'!$A$3:$C$10,2)))/12","v":{"v":15847.20196,"d":"15,847"}},{"v":11949.062000000002,"d":"11,949"},{"v":0.7540171463808366,"d":"75.4%"}]
["Member 1990","1985-03-18","F",{"v":168692.64,"d":"168,693"},{"v":0.8,"d":"80%"},{"v":0.85,"d":"85%"},{"v":0.75,"d":"75%"},{"v":0.1,"d":"10%"},null,33,{"v":14057.720000000001,"d":"14,058"},{"v":1405.7720000000002,"d":"1,406"},{"v":17572.15,"d":"17,572"},{"v":16166.378,"d":"16,166"},{"$f":"(M315*12-(VLOOKUP(N315*12,'Tax table'!$A$3:$C$10,3)*(N315*12-VLOOKUP(N315*12,'Tax table'!$A$3:$C$10,1))+VLOOKUP(N315*12,'Tax table'!$A$3:$C$10,2)))/12","v":{"v":15847.20196,"d":"15,847"}},{"v":12651.948,"d":"12,652"},{"$f":"(VLOOKUP(P315*12,'Tax table'!$A$3:$C$10,3)*(P315*12-VLOOKUP(P315*12,'Tax table'!$A$3:$C$10,1))+VLOOKUP(P315*12,'Tax table'!$A$3:$C$10,2))/12","v":{"v":1092.3506399999999,"d":"1,092"}},{"v":12965.36936,"d":"12,965"},{"v":11020.563956,"d":"11,021"},{"v":0.6954264849919285,"d":"69.5%"},{"v":33061.691868,"d":"33,062"},{"$f":"IF($B$15=\"Yes\",MIN(S315*2,References!$B$7),0)","v":{"v":22041.127912,"d":"22,041"}},{"$f":"IF(AND(D315<>0,$B$16=\"Yes\"),References!$B$6,0)","v":{"v":100000,"d":"100,000"}},{"v":1944.8054040000006,"d":"1,945"},{"v":10543.29,"d":"10,543"},{"v":1405.7720000000002,"d":"1,406"},{"v":11949.062000000002,"d":"11,949"},{"v":16166.378,"d":"16,166"},{"$f":"(M315*12-(VLOOKUP(AB315*12,'Tax table'!$A$3:$C$10,3)*(AB315*12-VLOOKUP(AB315*12,'Tax table'!$A$3:$C$10,1))+VLOOKUP(AB315*12,'Tax table'!$A$3:$C$10,2)))/12","v":{"v":15847.20196,"d":"15,847"}},{"v":11949.062000000002,"d":"11,949"},{"v":0.7540171463808366,"d":"75.4%"}]
["Member 1991","1978-05-22","M",{"v":168692.64,"d":"168,693"},{"v":0.8,"d":"80%"},{"v":0.85,"d":"85%"},{"v":0.75,"d":"75%"},{"v":0.1,"d":"10%"},null,40,{"v":14057.720000000001,"d":"14,058"},{"v":1405.7720000000002,"d":"1,406"},{"v":17572.15,"d":"17,572"},{"v":16166.378,"d":"16,166"},{"$f":"(M316*12-(VLOOKUP(N316*12,'Tax table'!$A$3:$C$10,3)*(N316*12-VLOOKUP(N316*12,'Tax table'!$A$3:$C$10,1))+VLOOKUP(N316*12,'Tax table'!$A$3:$C$10,2)))/12","v":{"v":15847.20196,"d":"15,847"}},{"v":12651.948,"d":"12,652"},{"$f":"(VLOOKUP(P316*12,'Tax table'!$A$3:$C$10,3)*(P316*12-VLOOKUP(P316*12,'Tax table'!$A$3:$C$10,1))+VLOOKUP(P316*12,'Tax table'!$A$3:$C$10,2))/12","v":{"v":1092.3506399999999,"d":"1,092"}},{"v":12965.36936,"d":"12,965"},{"v":11020.563956,"d":"11,021"},{"v":0.6954264849919285,"d":"69.5%"},{"v":33061.691868,"d":"33,062"},{"$f":"IF($B$15=\"Yes\",MIN(S316*2,References!$B$7),0)","v":{"v":22041.127912,"d":"22,041"}},{"$f":"IF(AND(D316<>0,$B$16=\"Yes\"),References!$B$6,0)","v":{"v":100000,"d":"100,000"}},{"v":1944.8054040000006,"d":"1,945"},{"v":10543.29,"d":"10,543"},{"v":1405.7720000000002,"d":"1,406"},{"v":11949.062000000002,"d":"11,949"},{"v":16166.378,"d":"16,166"},{"$f":"(M316*12-(VLOOKUP(AB316*12,'Tax table'!$A$3:$C$10,3)*(AB316*12-VLOOKUP(AB316*12,'Tax table'!$A$3:$C$10,1))+VLOOKUP(AB316*12,'Tax table'!$A$3:$C$10,2)))/12","v":{"v":15847.20196,"d":"15,847"}},{"v":11949.062000000002,"d":"11,949"},{"v":0.7540171463808366,"d":"75.4%"}]
["Member 1992","1983-09-04","M",{"v":168692.64,"d":"168,693"},{"v":0.8,"d":"80%"},{"v":0.85,"d":"85%"},{"v":0.75,"d":"75%"},{"v":0.1,"d":"10%"},null,35,{"v":14057.720000000001,"d":"14,058"},{"v":1405.7720000000002,"d":"1,406"},{"v":17572.15,"d":"17,572"},{"v":16166.378,"d":"16,166"},{"$f":"(M317*12-(VLOOKUP(N317*12,'Tax table'!$A$3:$C$10,3)*(N317*12-VLOOKUP(N317*12,'Tax table'!$A$3:$C$10,1))+VLOOKUP(N317*12,'Tax table'!$A$3:$C$10,2)))/12","v":{"v":15847.20196,"d":"15,847"}},{"v":12651.948,"d":"12,652"},{"$f":"(VLOOKUP(P317*12,'Tax table'!$A$3:$C$10,3)*(P317*12-VLOOKUP(P317*12,'Tax table'!$A$3:$C$10,1))+VLOOKUP(P317*12,'Tax table'!$A$3:$C$10,2))/12","v":{"v":1092.3506399999999,"d":"1,092"}},{"v":12965.36936,"d":"12,965"},{"v":11020.563956,"d":"11,021"},{"v":0.6954264849919285,"d":"69.5%"},{"v":33061.691868,"d":"33,062"},{"$f":"IF($B$15=\"Yes\",MIN(S317*2,References!$B$7),0)","v":{"v":22041.127912,"d":"22,041"}},{"$f":"IF(AND(D317<>0,$B$16=\"Yes\"),References!$B$6,0)","v":{"v":100000,"d":"100,000"}},{"v":1944.8054040000006,"d":"1,945"},{"v":10543.29,"d":"10,543"},{"v":1405.7720000000002,"d":"1,406"},{"v":11949.062000000002,"d":"11,949"},{"v":16166.378,"d":"16,166"},{"$f":"(M317*12-(VLOOKUP(AB317*12,'Tax table'!$A$3:$C$10,3)*(AB317*12-VLOOKUP(AB317*12,'Tax table'!$A$3:$C$10,1))+VLOOKUP(AB317*12,'Tax table'!$A$3:$C$10,2)))/12","v":{"v":15847.20196,"d":"15,847"}},{"v":11949.062000000002,"d":"11,949"},{"v":0.7540171463808366,"d":"75.4%"}]
["Member 1993","1982-01-25","M",{"v":168692.64,"d":"168,693"},{"v":0.8,"d":"80%"},{"v":0.85,"d":"85%"},{"v":0.75,"d":"75%"},{"v":0.1,"d":"10%"},null,36,{"v":14057.720000000001,"d":"14,058"},{"v":1405.7720000000002,"d":"1,406"},{"v":17572.15,"d":"17,572"},{"v":16166.378,"d":"16,166"},{"$f":"(M318*12-(VLOOKUP(N318*12,'Tax table'!$A$3:$C$10,3)*(N318*12-VLOOKUP(N318*12,'Tax table'!$A$3:$C$10,1))+VLOOKUP(N318*12,'Tax table'!$A$3:$C$10,2)))/12","v":{"v":15847.20196,"d":"15,847"}},{"v":12651.948,"d":"12,652"},{"$f":"(VLOOKUP(P318*12,'Tax table'!$A$3:$C$10,3)*(P318*12-VLOOKUP(P318*12,'Tax table'!$A$3:$C$10,1))+VLOOKUP(P318*12,'Tax table'!$A$3:$C$10,2))/12","v":{"v":1092.3506399999999,"d":"1,092"}},{"v":12965.36936,"d":"12,965"},{"v":11020.563956,"d":"11,021"},{"v":0.6954264849919285,"d":"69.5%"},{"v":33061.691868,"d":"33,062"},{"$f":"IF($B$15=\"Yes\",MIN(S318*2,References!$B$7),0)","v":{"v":22041.127912,"d":"22,041"}},{"$f":"IF(AND(D318<>0,$B$16=\"Yes\"),References!$B$6,0)","v":{"v":100000,"d":"100,000"}},{"v":1944.8054040000006,"d":"1,945"},{"v":10543.29,"d":"10,543"},{"v":1405.7720000000002,"d":"1,406"},{"v":11949.062000000002,"d":"11,949"},{"v":16166.378,"d":"16,166"},{"$f":"(M318*12-(VLOOKUP(AB318*12,'Tax table'!$A$3:$C$10,3)*(AB318*12-VLOOKUP(AB318*12,'Tax table'!$A$3:$C$10,1))+VLOOKUP(AB318*12,'Tax table'!$A$3:$C$10,2)))/12","v":{"v":15847.20196,"d":"15,847"}},{"v":11949.062000000002,"d":"11,949"},{"v":0.7540171463808366,"d":"75.4%"}]
["Member 1994","1985-10-07","F",{"v":168692.64,"d":"168,693"},{"v":0.8,"d":"80%"},{"v":0.85,"d":"85%"},{"v":0.75,"d":"75%"},{"v":0.1,"d":"10%"},null,33,{"v":14057.720000000001,"d":"14,058"},{"v":1405.7720000000002,"d":"1,406"},{"v":17572.15,"d":"17,572"},{"v":16166.378,"d":"16,166"},{"$f":"(M319*12-(VLOOKUP(N319*12,'Tax table'!$A$3:$C$10,3)*(N319*12-VLOOKUP(N319*12,'Tax table'!$A$3:$C$10,1))+VLOOKUP(N319*12,'Tax table'!$A$3:$C$10,2)))/12","v":{"v":15847.20196,"d":"15,847"}},{"v":12651.948,"d":"12,652"},{"$f":"(VLOOKUP(P319*12,'Tax table'!$A$3:$C$10,3)*(P319*12-VLOOKUP(P319*12,'Tax table'!$A$3:$C$10,1))+VLOOKUP(P319*12,'Tax table'!$A$3:$C$10,2))/12","v":{"v":1092.3506399999999,"d":"1,092"}},{"v":12965.36936,"d":"12,965"},{"v":11020.563956,"d":"11,021"},{"v":0.6954264849919285,"d":"69.5%"},{"v":33061.691868,"d":"33,062"},{"$f":"IF($B$15=\"Yes\",MIN(S319*2,References!$B$7),0)","v":{"v":22041.127912,"d":"22,041"}},{"$f":"IF(AND(D319<>0,$B$16=\"Yes\"),References!$B$6,0)","v":{"v":100000,"d":"100,000"}},{"v":1944.8054040000006,"d":"1,945"},{"v":10543.29,"d":"10,543"},{"v":1405.7720000000002,"d":"1,406"},{"v":11949.062000000002,"d":"11,949"},{"v":16166.378,"d":"16,166"},{"$f":"(M319*12-(VLOOKUP(AB319*12,'Tax table'!$A$3:$C$10,3)*(AB319*12-VLOOKUP(AB319*12,'Tax table'!$A$3:$C$10,1))+VLOOKUP(AB319*12,'Tax table'!$A$3:$C$10,2)))/12","v":{"v":15847.20196,"d":"15,847"}},{"v":11949.062000000002,"d":"11,949"},{"v":0.7540171463808366,"d":"75.4%"}]
["Member 1995","1985-01-20","F",{"v":168692.64,"d":"168,693"},{"v":0.8,"d":"80%"},{"v":0.85,"d":"85%"},{"v":0.75,"d":"75%"},{"v":0.1,"d":"10%"},null,33,{"v":14057.720000000001,"d":"14,058"},{"v":1405.7720000000002,"d":"1,406"},{"v":17572.15,"d":"17,572"},{"v":16166.378,"d":"16,166"},{"$f":"(M320*12-(VLOOKUP(N320*12,'Tax table'!$A$3:$C$10,3)*(N320*12-VLOOKUP(N320*12,'Tax table'!$A$3:$C$10,1))+VLOOKUP(N320*12,'Tax table'!$A$3:$C$10,2)))/12","v":{"v":15847.20196,"d":"15,847"}},{"v":12651.948,"d":"12,652"},{"$f":"(VLOOKUP(P320*12,'Tax table'!$A$3:$C$10,3)*(P320*12-VLOOKUP(P320*12,'Tax table'!$A$3:$C$10,1))+VLOOKUP(P320*12,'Tax table'!$A$3:$C$10,2))/12","v":{"v":1092.3506399999999,"d":"1,092"}},{"v":12965.36936,"d":"12,965"},{"v":11020.563956,"d":"11,021"},{"v":0.6954264849919285,"d":"69.5%"},{"v":33061.691868,"d":"33,062"},{"$f":"IF($B$15=\"Yes\",MIN(S320*2,References!$B$7),0)","v":{"v":22041.127912,"d":"22,041"}},{"$f":"IF(AND(D320<>0,$B$16=\"Yes\"),References!$B$6,0)","v":{"v":100000,"d":"100,000"}},{"v":1944.8054040000006,"d":"1,945"},{"v":10543.29,"d":"10,543"},{"v":1405.7720000000002,"d":"1,406"},{"v":11949.062000000002,"d":"11,949"},{"v":16166.378,"d":"16,166"},{"$f":"(M320*12-(VLOOKUP(AB320*12,'Tax table'!$A$3:$C$10,3)*(AB320*12-VLOOKUP(AB320*12,'Tax table'!$A$3:$C$10,1))+VLOOKUP(AB320*12,'Tax table'!$A$3:$C$10,2)))/12","v":{"v":15847.20196,"d":"15,847"}},{"v":11949.062000000002,"d":"11,949"},{"v":0.7540171463808366,"d":"75.4%"}]
["Member 1986","1987-09-25","F",{"v":170056.92,"d":"170,057"},{"v":0.8,"d":"80%"},{"v":0.85,"d":"85%"},{"v":0.75,"d":"75%"},{"v":0.1,"d":"10%"},null,31,{"v":14171.410000000002,"d":"14,171"},{"v":1417.1410000000003,"d":"1,417"},{"v":17714.2625,"d":"17,714"},{"v":16297.121500000001,"d":"16,297"},{"$f":"(M321*12-(VLOOKUP(N321*12,'Tax table'!$A$3:$C$10,3)*(N321*12-VLOOKUP(N321*12,'Tax table'!$A$3:$C$10,1))+VLOOKUP(N321*12,'Tax table'!$A$3:$C$10,2)))/12","v":{"v":15965.780630000001,"d":"15,966"}},{"v":12754.269000000002,"d":"12,754"},{"$f":"(VLOOKUP(P321*12,'Tax table'!$A$3:$C$10,3)*(P321*12-VLOOKUP(P321*12,'Tax table'!$A$3:$C$10,1))+VLOOKUP(P321*12,'Tax table'!$A$3:$C$10,2))/12","v":{"v":1110.7684200000006,"d":"1,111"}},{"v":13060.641580000001,"d":"13,061"},{"v":11101.545343000002,"d":"11,102"},{"v":0.6953337015128461,"d":"69.5%"},{"v":33304.636029,"d":"33,305"},{"$f":"IF($B$15=\"Yes\",MIN(S321*2,References!$B$7),0)","v":{"v":22203.090686000003,"d":"22,203"}},{"$f":"IF(AND(D321<>0,$B$16=\"Yes\"),References!$B$6,0)","v":{"v":100000,"d":"100,000"}},{"v":1959.0962369999997,"d":"1,959"},{"v":10628.5575,"d":"10,629"},{"v":1417.1410000000003,"d":"1,417"},{"v":12045.6985,"d":"12,046"},{"v":16297.121500000001,"d":"16,297"},{"$f":"(M321*12-(VLOOKUP(AB321*12,'Tax table'!$A$3:$C$10,3)*(AB321*12-VLOOKUP(AB321*12,'Tax table'!$A$3:$C$10,1))+VLOOKUP(AB321*12,'Tax table'!$A$3:$C$10,2)))/12","v":{"v":15965.780630000001,"d":"15,966"}},{"v":12045.6985,"d":"12,046"},{"v":0.7544697487178239,"d":"75.4%"}]
["Member 1987","1987-07-15","M",{"v":170056.92,"d":"170,057"},{"v":0.8,"d":"80%"},{"v":0.85,"d":"85%"},{"v":0.75,"d":"75%"},{"v":0.1,"d":"10%"},null,31,{"v":14171.410000000002,"d":"14,171"},{"v":1417.1410000000003,"d":"1,417"},{"v":17714.2625,"d":"17,714"},{"v":16297.121500000001,"d":"16,297"},{"$f":"(M322*12-(VLOOKUP(N322*12,'Tax table'!$A$3:$C$10,3)*(N322*12-VLOOKUP(N322*12,'Tax table'!$A$3:$C$10,1))+VLOOKUP(N322*12,'Tax table'!$A$3:$C$10,2)))/12","v":{"v":15965.780630000001,"d":"15,966"}},{"v":12754.269000000002,"d":"12,754"},{"$f":"(VLOOKUP(P322*12,'Tax table'!$A$3:$C$10,3)*(P322*12-VLOOKUP(P322*12,'Tax table'!$A$3:$C$10,1))+VLOOKUP(P322*12,'Tax table'!$A$3:$C$10,2))/12","v":{"v":1110.7684200000006,"d":"1,111"}},{"v":13060.641580000001,"d":"13,061"},{"v":11101.545343000002,"d":"11,102"},{"v":0.6953337015128461,"d":"69.5%"},{"v":33304.636029,"d":"33,305"},{"$f":"IF($B$15=\"Yes\",MIN(S322*2,References!$B$7),0)","v":{"v":22203.090686000003,"d":"22,203"}},{"$f":"IF(AND(D322<>0,$B$16=\"Yes\"),References!$B$6,0)","v":{"v":100000,"d":"100,000"}},{"v":1959.0962369999997,"d":"1,959"},{"v":10628.5575,"d":"10,629"},{"v":1417.1410000000003,"d":"1,417"},{"v":12045.6985,"d":"12,046"},{"v":16297.121500000001,"d":"16,297"},{"$f":"(M322*12-(VLOOKUP(AB322*12,'Tax table'!$A$3:$C$10,3)*(AB322*12-VLOOKUP(AB322*12,'Tax table'!$A$3:$C$10,1))+VLOOKUP(AB322*12,'Tax table'!$A$3:$C$10,2)))/12","v":{"v":15965.780630000001,"d":"15,966"}},{"v":12045.6985,"d":"12,046"},{"v":0.7544697487178239,"d":"75.4%"}]
["Member 1985","1954-04-07","F",{"v":170430.36,"d":"170,430"},{"v":0.8,"d":"80%"},{"v":0.85,"d":"85%"},{"v":0.75,"d":"75%"},{"v":0.1,"d":"10%"},null,64,{"v":14202.529999999999,"d":"14,203"},{"v":1420.253,"d":"1,420"},{"v":17753.1625,"d":"17,753"},{"v":16332.909499999998,"d":"16,333"},{"$f":"(M323*12-(VLOOKUP(N323*12,'Tax table'!$A$3:$C$10,3)*(N323*12-VLOOKUP(N323*12,'Tax table'!$A$3:$C$10,1))+VLOOKUP(N323*12,'Tax table'!$A$3:$C$10,2)))/12","v":{"v":15997.279363333333,"d":"15,997"}},{"v":12782.276999999998,"d":"12,782"},{"$f":"(VLOOKUP(P323*12,'Tax table'!$A$3:$C$10,3)*(P323*12-VLOOKUP(P323*12,'Tax table'!$A$3:$C$10,1))+VLOOKUP(P323*12,'Tax table'!$A$3:$C$10,2))/12","v":{"v":1115.8098599999994,"d":"1,116"}},{"v":13086.72014,"d":"13,087"},{"v":11123.712119,"d":"11,124"},{"v":0.6953502446482354,"d":"69.5%"},{"v":33371.136356999996,"d":"33,371"},{"$f":"IF($B$15=\"Yes\",MIN(S323*2,References!$B$7),0)","v":{"v":22247.424238,"d":"22,247"}},{"$f":"IF(AND(D323<>0,$B$16=\"Yes\"),References!$B$6,0)","v":{"v":100000,"d":"100,000"}},{"v":1963.0080209999996,"d":"1,963"},{"v":10651.8975,"d":"10,652"},{"v":1420.253,"d":"1,420"},{"v":12072.1505,"d":"12,072"},{"v":16332.909499999998,"d":"16,333"},{"$f":"(M323*12-(VLOOKUP(AB323*12,'Tax table'!$A$3:$C$10,3)*(AB323*12-VLOOKUP(AB323*12,'Tax table'!$A$3:$C$10,1))+VLOOKUP(AB323*12,'Tax table'!$A$3:$C$10,2)))/12","v":{"v":15997.279363333333,"d":"15,997"}},{"v":12072.1505,"d":"12,072"},{"v":0.7546377246914904,"d":"75.5%"}]
["Member 1984","1964-05-05","F",{"v":171198,"d":"171,198"},{"v":0.8,"d":"80%"},{"v":0.85,"d":"85%"},{"v":0.75,"d":"75%"},{"v":0.1,"d":"10%"},null,54,{"v":14266.5,"d":"14,267"},{"v":1426.65,"d":"1,427"},{"v":17833.125,"d":"17,833"},{"v":16406.475,"d":"16,406"},{"$f":"(M324*12-(VLOOKUP(N324*12,'Tax table'!$A$3:$C$10,3)*(N324*12-VLOOKUP(N324*12,'Tax table'!$A$3:$C$10,1))+VLOOKUP(N324*12,'Tax table'!$A$3:$C$10,2)))/12","v":{"v":16058.114833333333,"d":"16,058"}},{"v":12839.85,"d":"12,840"},{"$f":"(VLOOKUP(P324*12,'Tax table'!$A$3:$C$10,3)*(P324*12-VLOOKUP(P324*12,'Tax table'!$A$3:$C$10,1))+VLOOKUP(P324*12,'Tax table'!$A$3:$C$10,2))/12","v":{"v":1126.173,"d":"1,126"}},{"v":13140.327,"d":"13,140"},{"v":11169.27795,"d":"11,169"},{"v":0.6955534983978868,"d":"69.6%"},{"v":33507.833849999995,"d":"33,508"},{"$f":"IF($B$15=\"Yes\",MIN(S324*2,References!$B$7),0)","v":{"v":22338.5559,"d":"22,339"}},{"$f":"IF(AND(D324<>0,$B$16=\"Yes\"),References!$B$6,0)","v":{"v":100000,"d":"100,000"}},{"v":1971.0490499999996,"d":"1,971"},{"v":10699.875,"d":"10,700"},{"v":1426.65,"d":"1,427"},{"v":12126.525,"d":"12,127"},{"v":16406.475,"d":"16,406"},{"$f":"(M324*12-(VLOOKUP(AB324*12,'Tax table'!$A$3:$C$10,3)*(AB324*12-VLOOKUP(AB324*12,'Tax table'!$A$3:$C$10,1))+VLOOKUP(AB324*12,'Tax table'!$A$3:$C$10,2)))/12","v":{"v":16058.114833333333,"d":"16,058"}},{"v":12126.525,"d":"12,127"},{"v":0.7551649197842225,"d":"75.5%"}]
["Member 1983","1982-09-01","F",{"v":171526.2,"d":"171,526"},{"v":0.8,"d":"80%"},{"v":0.85,"d":"85%"},{"v":0.75,"d":"75%"},{"v":0.1,"d":"10%"},null,36,{"v":14293.85,"d":"14,294"},{"v":1429.3850000000002,"d":"1,429"},{"v":17867.3125,"d":"17,867"},{"v":16437.927499999998,"d":"16,438"},{"$f":"(M325*12-(VLOOKUP(N325*12,'Tax table'!$A$3:$C$10,3)*(N325*12-VLOOKUP(N325*12,'Tax table'!$A$3:$C$10,1))+VLOOKUP(N325*12,'Tax table'!$A$3:$C$10,2)))/12","v":{"v":16084.124683333333,"d":"16,084"}},{"v":12864.465,"d":"12,864"},{"$f":"(VLOOKUP(P325*12,'Tax table'!$A$3:$C$10,3)*(P325*12-VLOOKUP(P325*12,'Tax table'!$A$3:$C$10,1))+VLOOKUP(P325*12,'Tax table'!$A$3:$C$10,2))/12","v":{"v":1130.6037000000003,"d":"1,131"}},{"v":13163.2463,"d":"13,163"},{"v":11188.759355,"d":"11,189"},{"v":0.6956399291404399,"d":"69.6%"},{"v":33566.278065,"d":"33,566"},{"$f":"IF($B$15=\"Yes\",MIN(S325*2,References!$B$7),0)","v":{"v":22377.51871,"d":"22,378"}},{"$f":"IF(AND(D325<>0,$B$16=\"Yes\"),References!$B$6,0)","v":{"v":100000,"d":"100,000"}},{"v":1974.4869450000006,"d":"1,974"},{"v":10720.3875,"d":"10,720"},{"v":1429.3850000000002,"d":"1,429"},{"v":12149.772500000001,"d":"12,150"},{"v":16437.927499999998,"d":"16,438"},{"$f":"(M325*12-(VLOOKUP(AB325*12,'Tax table'!$A$3:$C$10,3)*(AB325*12-VLOOKUP(AB325*12,'Tax table'!$A$3:$C$10,1))+VLOOKUP(AB325*12,'Tax table'!$A$3:$C$10,2)))/12","v":{"v":16084.124683333333,"d":"16,084"}},{"v":12149.772500000001,"d":"12,150"},{"v":0.7553891019378767,"d":"75.5%"}]
["Member 1982","1982-03-27","M",{"v":171903.12,"d":"171,903"},{"v":0.8,"d":"80%"},{"v":0.85,"d":"85%"},{"v":0.75,"d":"75%"},{"v":0.1,"d":"10%"},null,36,{"v":14325.26,"d":"14,325"},{"v":1432.526,"d":"1,433"},{"v":17906.575,"d":"17,907"},{"v":16474.049,"d":"16,474"},{"$f":"(M326*12-(VLOOKUP(N326*12,'Tax table'!$A$3:$C$10,3)*(N326*12-VLOOKUP(N326*12,'Tax table'!$A$3:$C$10,1))+VLOOKUP(N326*12,'Tax table'!$A$3:$C$10,2)))/12","v":{"v":16113.995593333335,"d":"16,114"}},{"v":12892.734,"d":"12,893"},{"$f":"(VLOOKUP(P326*12,'Tax table'!$A$3:$C$10,3)*(P326*12-VLOOKUP(P326*12,'Tax table'!$A$3:$C$10,1))+VLOOKUP(P326*12,'Tax table'!$A$3:$C$10,2))/12","v":{"v":1135.6921200000004,"d":"1,136"}},{"v":13189.56788,"d":"13,190"},{"v":11211.132698,"d":"11,211"},{"v":0.695738845965569,"d":"69.6%"},{"v":33633.398094,"d":"33,633"},{"$f":"IF($B$15=\"Yes\",MIN(S326*2,References!$B$7),0)","v":{"v":22422.265396,"d":"22,422"}},{"$f":"IF(AND(D326<>0,$B$16=\"Yes\"),References!$B$6,0)","v":{"v":100000,"d":"100,000"}},{"v":1978.435182000001,"d":"1,978"},{"v":10743.945,"d":"10,744"},{"v":1432.526,"d":"1,433"},{"v":12176.471,"d":"12,176"},{"v":16474.049,"d":"16,474"},{"$f":"(M326*12-(VLOOKUP(AB326*12,'Tax table'!$A$3:$C$10,3)*(AB326*12-VLOOKUP(AB326*12,'Tax table'!$A$3:$C$10,1))+VLOOKUP(AB326*12,'Tax table'!$A$3:$C$10,2)))/12","v":{"v":16113.995593333335,"d":"16,114"}},{"v":12176.471,"d":"12,176"},{"v":0.7556456702171146,"d":"75.6%"}]
["Member 1978","1964-10-15","F",{"v":172631.4,"d":"172,631"},{"v":0.8,"d":"80%"},{"v":0.85,"d":"85%"},{"v":0.75,"d":"75%"},{"v":0.1,"d":"10%"},null,54,{"v":14385.949999999999,"d":"14,386"},{"v":1438.595,"d":"1,439"},{"v":17982.437499999996,"d":"17,982"},{"v":16543.842499999995,"d":"16,544"},{"$f":"(M327*12-(VLOOKUP(N327*12,'Tax table'!$A$3:$C$10,3)*(N327*12-VLOOKUP(N327*12,'Tax table'!$A$3:$C$10,1))+VLOOKUP(N327*12,'Tax table'!$A$3:$C$10,2)))/12","v":{"v":16171.71178333333,"d":"16,172"}},{"v":12947.355,"d":"12,947"},{"$f":"(VLOOKUP(P327*12,'Tax table'!$A$3:$C$10,3)*(P327*12-VLOOKUP(P327*12,'Tax table'!$A$3:$C$10,1))+VLOOKUP(P327*12,'Tax table'!$A$3:$C$10,2))/12","v":{"v":1145.5239000000001,"d":"1,146"}},{"v":13240.426099999999,"d":"13,240"},{"v":11254.362184999998,"d":"11,254"},{"v":0.695928936638533,"d":"69.6%"},{"v":33763.086554999994,"d":"33,763"},{"$f":"IF($B$15=\"Yes\",MIN(S327*2,References!$B$7),0)","v":{"v":22508.724369999996,"d":"22,509"}},{"$f":"IF(AND(D327<>0,$B$16=\"Yes\"),References!$B$6,0)","v":{"v":100000,"d":"100,000"}},{"v":1986.0639150000006,"d":"1,986"},{"v":10789.4625,"d":"10,789"},{"v":1438.595,"d":"1,439"},{"v":12228.057499999999,"d":"12,228"},{"v":16543.842499999995,"d":"16,544"},{"$f":"(M327*12-(VLOOKUP(AB327*12,'Tax table'!$A$3:$C$10,3)*(AB327*12-VLOOKUP(AB327*12,'Tax table'!$A$3:$C$10,1))+VLOOKUP(AB327*12,'Tax table'!$A$3:$C$10,2)))/12","v":{"v":16171.71178333333,"d":"16,172"}},{"v":12228.057499999999,"d":"12,228"},{"v":0.7561387232118688,"d":"75.6%"}]
["Member 1979","1985-12-12","M",{"v":172631.4,"d":"172,631"},{"v":0.8,"d":"80%"},{"v":0.85,"d":"85%"},{"v":0.75,"d":"75%"},{"v":0.1,"d":"10%"},null,32,{"v":14385.949999999999,"d":"14,386"},{"v":1438.595,"d":"1,439"},{"v":17982.437499999996,"d":"17,982"},{"v":16543.842499999995,"d":"16,544"},{"$f":"(M328*12-(VLOOKUP(N328*12,'Tax table'!$A$3:$C$10,3)*(N328*12-VLOOKUP(N328*12,'Tax table'!$A$3:$C$10,1))+VLOOKUP(N328*12,'Tax table'!$A$3:$C$10,2)))/12","v":{"v":16171.71178333333,"d":"16,172"}},{"v":12947.355,"d":"12,947"},{"$f":"(VLOOKUP(P328*12,'Tax table'!$A$3:$C$10,3)*(P328*12-VLOOKUP(P328*12,'Tax table'!$A$3:$C$10,1))+VLOOKUP(P328*12,'Tax table'!$A$3:$C$10,2))/12","v":{"v":1145.5239000000001,"d":"1,146"}},{"v":13240.426099999999,"d":"13,240"},{"v":11254.362184999998,"d":"11,254"},{"v":0.695928936638533,"d":"69.6%"},{"v":33763.086554999994,"d":"33,763"},{"$f":"IF($B$15=\"Yes\",MIN(S328*2,References!$B$7),0)","v":{"v":22508.724369999996,"d":"22,509"}},{"$f":"IF(AND(D328<>0,$B$16=\"Yes\"),References!$B$6,0)","v":{"v":100000,"d":"100,000"}},{"v":1986.0639150000006,"d":"1,986"},{"v":10789.4625,"d":"10,789"},{"v":1438.595,"d":"1,439"},{"v":12228.057499999999,"d":"12,228"},{"v":16543.842499999995,"d":"16,544"},{"$f":"(M328*12-(VLOOKUP(AB328*12,'Tax table'!$A$3:$C$10,3)*(AB328*12-VLOOKUP(AB328*12,'Tax table'!$A$3:$C$10,1))+VLOOKUP(AB328*12,'Tax table'!$A$3:$C$10,2)))/12","v":{"v":16171.71178333333,"d":"16,172"}},{"v":12228.057499999999,"d":"12,228"},{"v":0.7561387232118688,"d":"75.6%"}]
["Member 1980","1982-12-01","M",{"v":172631.4,"d":"172,631"},{"v":0.8,"d":"80%"},{"v":0.85,"d":"85%"},{"v":0.75,"d":"75%"},{"v":0.1,"d":"10%"},null,35,{"v":14385.949999999999,"d":"14,386"},{"v":1438.595,"d":"1,439"},{"v":17982.437499999996,"d":"17,982"},{"v":16543.842499999995,"d":"16,544"},{"$f":"(M329*12-(VLOOKUP(N329*12,'Tax table'!$A$3:$C$10,3)*(N329*12-VLOOKUP(N329*12,'Tax table'!$A$3:$C$10,1))+VLOOKUP(N329*12,'Tax table'!$A$3:$C$10,2)))/12","v":{"v":16171.71178333333,"d":"16,172"}},{"v":12947.355,"d":"12,947"},{"$f":"(VLOOKUP(P329*12,'Tax table'!$A$3:$C$10,3)*(P329*12-VLOOKUP(P329*12,'Tax table'!$A$3:$C$10,1))+VLOOKUP(P329*12,'Tax table'!$A$3:$C$10,2))/12","v":{"v":1145.5239000000001,"d":"1,146"}},{"v":13240.426099999999,"d":"13,240"},{"v":11254.362184999998,"d":"11,254"},{"v":0.695928936638533,"d":"69.6%"},{"v":33763.086554999994,"d":"33,763"},{"$f":"IF($B$15=\"Yes\",MIN(S329*2,References!$B$7),0)","v":{"v":22508.724369999996,"d":"22,509"}},{"$f":"IF(AND(D329<>0,$B$16=\"Yes\"),References!$B$6,0)","v":{"v":100000,"d":"100,000"}},{"v":1986.0639150000006,"d":"1,986"},{"v":10789.4625,"d":"10,789"},{"v":1438.595,"d":"1,439"},{"v":12228.057499999999,"d":"12,228"},{"v":16543.842499999995,"d":"16,544"},{"$f":"(M329*12-(VLOOKUP(AB329*12,'Tax table'!$A$3:$C$10,3)*(AB329*12-VLOOKUP(AB329*12,'Tax table'!$A$3:$C$10,1))+VLOOKUP(AB329*12,'Tax table'!$A$3:$C$10,2)))/12","v":{"v":16171.71178333333,"d":"16,172"}},{"v":12228.057499999999,"d":"12,228"},{"v":0.7561387232118688,"d":"75.6%"}]
["Member 1981","1980-01-07","F",{"v":172631.4,"d":"172,631"},{"v":0.8,"d":"80%"},{"v":0.85,"d":"85%"},{"v":0.75,"d":"75%"},{"v":0.1,"d":"10%"},null,38,{"v":14385.949999999999,"d":"14,386"},{"v":1438.595,"d":"1,439"},{"v":17982.437499999996,"d":"17,982"},{"v":16543.842499999995,"d":"16,544"},{"$f":"(M330*12-(VLOOKUP(N330*12,'Tax table'!$A$3:$C$10,3)*(N330*12-VLOOKUP(N330*12,'Tax table'!$A$3:$C$10,1))+VLOOKUP(N330*12,'Tax table'!$A$3:$C$10,2)))/12","v":{"v":16171.71178333333,"d":"16,172"}},{"v":12947.355,"d":"12,947"},{"$f":"(VLOOKUP(P330*12,'Tax table'!$A$3:$C$10,3)*(P330*12-VLOOKUP(P330*12,'Tax table'!$A$3:$C$10,1))+VLOOKUP(P330*12,'Tax table'!$A$3:$C$10,2))/12","v":{"v":1145.5239000000001,"d":"1,146"}},{"v":13240.426099999999,"d":"13,240"},{"v":11254.362184999998,"d":"11,254"},{"v":0.695928936638533,"d":"69.6%"},{"v":33763.086554999994,"d":"33,763"},{"$f":"IF($B$15=\"Yes\",MIN(S330*2,References!$B$7),0)","v":{"v":22508.724369999996,"d":"22,509"}},{"$f":"IF(AND(D330<>0,$B$16=\"Yes\"),References!$B$6,0)","v":{"v":100000,"d":"100,000"}},{"v":1986.0639150000006,"d":"1,986"},{"v":10789.4625,"d":"10,789"},{"v":1438.595,"d":"1,439"},{"v":12228.057499999999,"d":"12,228"},{"v":16543.842499999995,"d":"16,544"},{"$f":"(M330*12-(VLOOKUP(AB330*12,'Tax table'!$A$3:$C$10,3)*(AB330*12-VLOOKUP(AB330*12,'Tax table'!$A$3:$C$10,1))+VLOOKUP(AB330*12,'Tax table'!$A$3:$C$10,2)))/12","v":{"v":16171.71178333333,"d":"16,172"}},{"v":12228.057499999999,"d":"12,228"},{"v":0.7561387232118688,"d":"75.6%"}]
["Member 1977","1963-04-15","F",{"v":174157.32,"d":"174,157"},{"v":0.8,"d":"80%"},{"v":0.85,"d":"85%"},{"v":0.75,"d":"75%"},{"v":0.1,"d":"10%"},null,55,{"v":14513.11,"d":"14,513"},{"v":1451.3110000000001,"d":"1,451"},{"v":18141.3875,"d":"18,141"},{"v":16690.0765,"d":"16,690"},{"$f":"(M331*12-(VLOOKUP(N331*12,'Tax table'!$A$3:$C$10,3)*(N331*12-VLOOKUP(N331*12,'Tax table'!$A$3:$C$10,1))+VLOOKUP(N331*12,'Tax table'!$A$3:$C$10,2)))/12","v":{"v":16292.640943333334,"d":"16,293"}},{"v":13061.799,"d":"13,062"},{"$f":"(VLOOKUP(P331*12,'Tax table'!$A$3:$C$10,3)*(P331*12-VLOOKUP(P331*12,'Tax table'!$A$3:$C$10,1))+VLOOKUP(P331*12,'Tax table'!$A$3:$C$10,2))/12","v":{"v":1166.1238200000003,"d":"1,166"}},{"v":13346.98618,"d":"13,347"},{"v":11344.938253,"d":"11,345"},{"v":0.6963228547451757,"d":"69.6%"},{"v":34034.814759,"d":"34,035"},{"$f":"IF($B$15=\"Yes\",MIN(S331*2,References!$B$7),0)","v":{"v":22689.876506,"d":"22,690"}},{"$f":"IF(AND(D331<>0,$B$16=\"Yes\"),References!$B$6,0)","v":{"v":100000,"d":"100,000"}},{"v":2002.0479269999996,"d":"2,002"},{"v":10884.8325,"d":"10,885"},{"v":1451.3110000000001,"d":"1,451"},{"v":12336.1435,"d":"12,336"},{"v":16690.0765,"d":"16,690"},{"$f":"(M331*12-(VLOOKUP(AB331*12,'Tax table'!$A$3:$C$10,3)*(AB331*12-VLOOKUP(AB331*12,'Tax table'!$A$3:$C$10,1))+VLOOKUP(AB331*12,'Tax table'!$A$3:$C$10,2)))/12","v":{"v":16292.640943333334,"d":"16,293"}},{"v":12336.1435,"d":"12,336"},{"v":0.7571604593083319,"d":"75.7%"}]
["Member 1948","1975-09-27","F",{"v":174341.04,"d":"174,341"},{"v":0.8,"d":"80%"},{"v":0.85,"d":"85%"},{"v":0.75,"d":"75%"},{"v":0.1,"d":"10%"},null,43,{"v":14528.42,"d":"14,528"},{"v":1452.842,"d":"1,453"},{"v":18160.524999999998,"d":"18,161"},{"v":16707.682999999997,"d":"16,708"},{"$f":"(M332*12-(VLOOKUP(N332*12,'Tax table'!$A$3:$C$10,3)*(N332*12-VLOOKUP(N332*12,'Tax table'!$A$3:$C$10,1))+VLOOKUP(N332*12,'Tax table'!$A$3:$C$10,2)))/12","v":{"v":16307.200753333333,"d":"16,307"}},{"v":13075.578,"d":"13,076"},{"$f":"(VLOOKUP(P332*12,'Tax table'!$A$3:$C$10,3)*(P332*12-VLOOKUP(P332*12,'Tax table'!$A$3:$C$10,1))+VLOOKUP(P332*12,'Tax table'!$A$3:$C$10,2))/12","v":{"v":1168.6040399999997,"d":"1,169"}},{"v":13359.81596,"d":"13,360"},{"v":11355.843566,"d":"11,356"},{"v":0.6963698882335012,"d":"69.6%"},{"v":34067.530698,"d":"34,068"},{"$f":"IF($B$15=\"Yes\",MIN(S332*2,References!$B$7),0)","v":{"v":22711.687132,"d":"22,712"}},{"$f":"IF(AND(D332<>0,$B$16=\"Yes\"),References!$B$6,0)","v":{"v":100000,"d":"100,000"}},{"v":2003.9723940000003,"d":"2,004"},{"v":10896.315,"d":"10,896"},{"v":1452.842,"d":"1,453"},{"v":12349.157000000001,"d":"12,349"},{"v":16707.682999999997,"d":"16,708"},{"$f":"(M332*12-(VLOOKUP(AB332*12,'Tax table'!$A$3:$C$10,3)*(AB332*12-VLOOKUP(AB332*12,'Tax table'!$A$3:$C$10,1))+VLOOKUP(AB332*12,'Tax table'!$A$3:$C$10,2)))/12","v":{"v":16307.200753333333,"d":"16,307"}},{"v":12349.157000000001,"d":"12,349"},{"v":0.7572824537329453,"d":"75.7%"}]
["Member 1949","1974-04-27","F",{"v":174341.04,"d":"174,341"},{"v":0.8,"d":"80%"},{"v":0.85,"d":"85%"},{"v":0.75,"d":"75%"},{"v":0.1,"d":"10%"},null,44,{"v":14528.42,"d":"14,528"},{"v":1452.842,"d":"1,453"},{"v":18160.524999999998,"d":"18,161"},{"v":16707.682999999997,"d":"16,708"},{"$f":"(M333*12-(VLOOKUP(N333*12,'Tax table'!$A$3:$C$10,3)*(N333*12-VLOOKUP(N333*12,'Tax table'!$A$3:$C$10,1))+VLOOKUP(N333*12,'Tax table'!$A$3:$C$10,2)))/12","v":{"v":16307.200753333333,"d":"16,307"}},{"v":13075.578,"d":"13,076"},{"$f":"(VLOOKUP(P333*12,'Tax table'!$A$3:$C$10,3)*(P333*12-VLOOKUP(P333*12,'Tax table'!$A$3:$C$10,1))+VLOOKUP(P333*12,'Tax table'!$A$3:$C$10,2))/12","v":{"v":1168.6040399999997,"d":"1,169"}},{"v":13359.81596,"d":"13,360"},{"v":11355.843566,"d":"11,356"},{"v":0.6963698882335012,"d":"69.6%"},{"v":34067.530698,"d":"34,068"},{"$f":"IF($B$15=\"Yes\",MIN(S333*2,References!$B$7),0)","v":{"v":22711.687132,"d":"22,712"}},{"$f":"IF(AND(D333<>0,$B$16=\"Yes\"),References!$B$6,0)","v":{"v":100000,"d":"100,000"}},{"v":2003.9723940000003,"d":"2,004"},{"v":10896.315,"d":"10,896"},{"v":1452.842,"d":"1,453"},{"v":12349.157000000001,"d":"12,349"},{"v":16707.682999999997,"d":"16,708"},{"$f":"(M333*12-(VLOOKUP(AB333*12,'Tax table'!$A$3:$C$10,3)*(AB333*12-VLOOKUP(AB333*12,'Tax table'!$A$3:$C$10,1))+VLOOKUP(AB333*12,'Tax table'!$A$3:$C$10,2)))/12","v":{"v":16307.200753333333,"d":"16,307"}},{"v":12349.157000000001,"d":"12,349"},{"v":0.7572824537329453,"d":"75.7%"}]
["Member 1950","1971-04-20","F",{"v":174341.04,"d":"174,341"},{"v":0.8,"d":"80%"},{"v":0.85,"d":"85%"},{"v":0.75,"d":"75%"},{"v":0.1,"d":"10%"},null,47,{"v":14528.42,"d":"14,528"},{"v":1452.842,"d":"1,453"},{"v":18160.524999999998,"d":"18,161"},{"v":16707.682999999997,"d":"16,708"},{"$f":"(M334*12-(VLOOKUP(N334*12,'Tax table'!$A$3:$C$10,3)*(N334*12-VLOOKUP(N334*12,'Tax table'!$A$3:$C$10,1))+VLOOKUP(N334*12,'Tax table'!$A$3:$C$10,2)))/12","v":{"v":16307.200753333333,"d":"16,307"}},{"v":13075.578,"d":"13,076"},{"$f":"(VLOOKUP(P334*12,'Tax table'!$A$3:$C$10,3)*(P334*12-VLOOKUP(P334*12,'Tax table'!$A$3:$C$10,1))+VLOOKUP(P334*12,'Tax table'!$A$3:$C$10,2))/12","v":{"v":1168.6040399999997,"d":"1,169"}},{"v":13359.81596,"d":"13,360"},{"v":11355.843566,"d":"11,356"},{"v":0.6963698882335012,"d":"69.6%"},{"v":34067.530698,"d":"34,068"},{"$f":"IF($B$15=\"Yes\",MIN(S334*2,References!$B$7),0)","v":{"v":22711.687132,"d":"22,712"}},{"$f":"IF(AND(D334<>0,$B$16=\"Yes\"),References!$B$6,0)","v":{"v":100000,"d":"100,000"}},{"v":2003.9723940000003,"d":"2,004"},{"v":10896.315,"d":"10,896"},{"v":1452.842,"d":"1,453"},{"v":12349.157000000001,"d":"12,349"},{"v":16707.682999999997,"d":"16,708"},{"$f":"(M334*12-(VLOOKUP(AB334*12,'Tax table'!$A$3:$C$10,3)*(AB334*12-VLOOKUP(AB334*12,'Tax table'!$A$3:$C$10,1))+VLOOKUP(AB334*12,'Tax table'!$A$3:$C$10,2)))/12","v":{"v":16307.200753333333,"d":"16,307"}},{"v":12349.157000000001,"d":"12,349"},{"v":0.7572824537329453,"d":"75.7%"}]
["Member 1951","1971-07-31","F",{"v":174341.04,"d":"174,341"},{"v":0.8,"d":"80%"},{"v":0.85,"d":"85%"},{"v":0.75,"d":"75%"},{"v":0.1,"d":"10%"},null,47,{"v":14528.42,"d":"14,528"},{"v":1452.842,"d":"1,453"},{"v":18160.524999999998,"d":"18,161"},{"v":16707.682999999997,"d":"16,708"},{"$f":"(M335*12-(VLOOKUP(N335*12,'Tax table'!$A$3:$C$10,3)*(N335*12-VLOOKUP(N335*12,'Tax table'!$A$3:$C$10,1))+VLOOKUP(N335*12,'Tax table'!$A$3:$C$10,2)))/12","v":{"v":16307.200753333333,"d":"16,307"}},{"v":13075.578,"d":"13,076"},{"$f":"(VLOOKUP(P335*12,'Tax table'!$A$3:$C$10,3)*(P335*12-VLOOKUP(P335*12,'Tax table'!$A$3:$C$10,1))+VLOOKUP(P335*12,'Tax table'!$A$3:$C$10,2))/12","v":{"v":1168.6040399999997,"d":"1,169"}},{"v":13359.81596,"d":"13,360"},{"v":11355.843566,"d":"11,356"},{"v":0.6963698882335012,"d":"69.6%"},{"v":34067.530698,"d":"34,068"},{"$f":"IF($B$15=\"Yes\",MIN(S335*2,References!$B$7),0)","v":{"v":22711.687132,"d":"22,712"}},{"$f":"IF(AND(D335<>0,$B$16=\"Yes\"),References!$B$6,0)","v":{"v":100000,"d":"100,000"}},{"v":2003.9723940000003,"d":"2,004"},{"v":10896.315,"d":"10,896"},{"v":1452.842,"d":"1,453"},{"v":12349.157000000001,"d":"12,349"},{"v":16707.682999999997,"d":"16,708"},{"$f":"(M335*12-(VLOOKUP(AB335*12,'Tax table'!$A$3:$C$10,3)*(AB335*12-VLOOKUP(AB335*12,'Tax table'!$A$3:$C$10,1))+VLOOKUP(AB335*12,'Tax table'!$A$3:$C$10,2)))/12","v":{"v":16307.200753333333,"d":"16,307"}},{"v":12349.157000000001,"d":"12,349"},{"v":0.7572824537329453,"d":"75.7%"}]
["Member 1952","1977-09-03","F",{"v":174341.04,"d":"174,341"},{"v":0.8,"d":"80%"},{"v":0.85,"d":"85%"},{"v":0.75,"d":"75%"},{"v":0.1,"d":"10%"},null,41,{"v":14528.42,"d":"14,528"},{"v":1452.842,"d":"1,453"},{"v":18160.524999999998,"d":"18,161"},{"v":16707.682999999997,"d":"16,708"},{"$f":"(M336*12-(VLOOKUP(N336*12,'Tax table'!$A$3:$C$10,3)*(N336*12-VLOOKUP(N336*12,'Tax table'!$A$3:$C$10,1))+VLOOKUP(N336*12,'Tax table'!$A$3:$C$10,2)))/12","v":{"v":16307.200753333333,"d":"16,307"}},{"v":13075.578,"d":"13,076"},{"$f":"(VLOOKUP(P336*12,'Tax table'!$A$3:$C$10,3)*(P336*12-VLOOKUP(P336*12,'Tax table'!$A$3:$C$10,1))+VLOOKUP(P336*12,'Tax table'!$A$3:$C$10,2))/12","v":{"v":1168.6040399999997,"d":"1,169"}},{"v":13359.81596,"d":"13,360"},{"v":11355.843566,"d":"11,356"},{"v":0.6963698882335012,"d":"69.6%"},{"v":34067.530698,"d":"34,068"},{"$f":"IF($B$15=\"Yes\",MIN(S336*2,References!$B$7),0)","v":{"v":22711.687132,"d":"22,712"}},{"$f":"IF(AND(D336<>0,$B$16=\"Yes\"),References!$B$6,0)","v":{"v":100000,"d":"100,000"}},{"v":2003.9723940000003,"d":"2,004"},{"v":10896.315,"d":"10,896"},{"v":1452.842,"d":"1,453"},{"v":12349.157000000001,"d":"12,349"},{"v":16707.682999999997,"d":"16,708"},{"$f":"(M336*12-(VLOOKUP(AB336*12,'Tax table'!$A$3:$C$10,3)*(AB336*12-VLOOKUP(AB336*12,'Tax table'!$A$3:$C$10,1))+VLOOKUP(AB336*12,'Tax table'!$A$3:$C$10,2)))/12","v":{"v":16307.200753333333,"d":"16,307"}},{"v":12349.157000000001,"d":"12,349"},{"v":0.7572824537329453,"d":"75.7%"}]
["Member 1953","1986-02-24","F",{"v":174341.04,"d":"174,341"},{"v":0.8,"d":"80%"},{"v":0.85,"d":"85%"},{"v":0.75,"d":"75%"},{"v":0.1,"d":"10%"},null,32,{"v":14528.42,"d":"14,528"},{"v":1452.842,"d":"1,453"},{"v":18160.524999999998,"d":"18,161"},{"v":16707.682999999997,"d":"16,708"},{"$f":"(M337*12-(VLOOKUP(N337*12,'Tax table'!$A$3:$C$10,3)*(N337*12-VLOOKUP(N337*12,'Tax table'!$A$3:$C$10,1))+VLOOKUP(N337*12,'Tax table'!$A$3:$C$10,2)))/12","v":{"v":16307.200753333333,"d":"16,307"}},{"v":13075.578,"d":"13,076"},{"$f":"(VLOOKUP(P337*12,'Tax table'!$A$3:$C$10,3)*(P337*12-VLOOKUP(P337*12,'Tax table'!$A$3:$C$10,1))+VLOOKUP(P337*12,'Tax table'!$A$3:$C$10,2))/12","v":{"v":1168.6040399999997,"d":"1,169"}},{"v":13359.81596,"d":"13,360"},{"v":11355.843566,"d":"11,356"},{"v":0.6963698882335012,"d":"69.6%"},{"v":34067.530698,"d":"34,068"},{"$f":"IF($B$15=\"Yes\",MIN(S337*2,References!$B$7),0)","v":{"v":22711.687132,"d":"22,712"}},{"$f":"IF(AND(D337<>0,$B$16=\"Yes\"),References!$B$6,0)","v":{"v":100000,"d":"100,000"}},{"v":2003.9723940000003,"d":"2,004"},{"v":10896.315,"d":"10,896"},{"v":1452.842,"d":"1,453"},{"v":12349.157000000001,"d":"12,349"},{"v":16707.682999999997,"d":"16,708"},{"$f":"(M337*12-(VLOOKUP(AB337*12,'Tax table'!$A$3:$C$10,3)*(AB337*12-VLOOKUP(AB337*12,'Tax table'!$A$3:$C$10,1))+VLOOKUP(AB337*12,'Tax table'!$A$3:$C$10,2)))/12","v":{"v":16307.200753333333,"d":"16,307"}},{"v":12349.157000000001,"d":"12,349"},{"v":0.7572824537329453,"d":"75.7%"}]
["Member 1954","1978-03-01","M",{"v":174341.04,"d":"174,341"},{"v":0.8,"d":"80%"},{"v":0.85,"d":"85%"},{"v":0.75,"d":"75%"},{"v":0.1,"d":"10%"},null,40,{"v":14528.42,"d":"14,528"},{"v":1452.842,"d":"1,453"},{"v":18160.524999999998,"d":"18,161"},{"v":16707.682999999997,"d":"16,708"},{"$f":"(M338*12-(VLOOKUP(N338*12,'Tax table'!$A$3:$C$10,3)*(N338*12-VLOOKUP(N338*12,'Tax table'!$A$3:$C$10,1))+VLOOKUP(N338*12,'Tax table'!$A$3:$C$10,2)))/12","v":{"v":16307.200753333333,"d":"16,307"}},{"v":13075.578,"d":"13,076"},{"$f":"(VLOOKUP(P338*12,'Tax table'!$A$3:$C$10,3)*(P338*12-VLOOKUP(P338*12,'Tax table'!$A$3:$C$10,1))+VLOOKUP(P338*12,'Tax table'!$A$3:$C$10,2))/12","v":{"v":1168.6040399999997,"d":"1,169"}},{"v":13359.81596,"d":"13,360"},{"v":11355.843566,"d":"11,356"},{"v":0.6963698882335012,"d":"69.6%"},{"v":34067.530698,"d":"34,068"},{"$f":"IF($B$15=\"Yes\",MIN(S338*2,References!$B$7),0)","v":{"v":22711.687132,"d":"22,712"}},{"$f":"IF(AND(D338<>0,$B$16=\"Yes\"),References!$B$6,0)","v":{"v":100000,"d":"100,000"}},{"v":2003.9723940000003,"d":"2,004"},{"v":10896.315,"d":"10,896"},{"v":1452.842,"d":"1,453"},{"v":12349.157000000001,"d":"12,349"},{"v":16707.682999999997,"d":"16,708"},{"$f":"(M338*12-(VLOOKUP(AB338*12,'Tax table'!$A$3:$C$10,3)*(AB338*12-VLOOKUP(AB338*12,'Tax table'!$A$3:$C$10,1))+VLOOKUP(AB338*12,'Tax table'!$A$3:$C$10,2)))/12","v":{"v":16307.200753333333,"d":"16,307"}},{"v":12349.157000000001,"d":"12,349"},{"v":0.7572824537329453,"d":"75.7%"}]
["Member 1955","1974-11-28","F",{"v":174341.04,"d":"174,341"},{"v":0.8,"d":"80%"},{"v":0.85,"d":"85%"},{"v":0.75,"d":"75%"},{"v":0.1,"d":"10%"},null,43,{"v":14528.42,"d":"14,528"},{"v":1452.842,"d":"1,453"},{"v":18160.524999999998,"d":"18,161"},{"v":16707.682999999997,"d":"16,708"},{"$f":"(M339*12-(VLOOKUP(N339*12,'Tax table'!$A$3:$C$10,3)*(N339*12-VLOOKUP(N339*12,'Tax table'!$A$3:$C$10,1))+VLOOKUP(N339*12,'Tax table'!$A$3:$C$10,2)))/12","v":{"v":16307.200753333333,"d":"16,307"}},{"v":13075.578,"d":"13,076"},{"$f":"(VLOOKUP(P339*12,'Tax table'!$A$3:$C$10,3)*(P339*12-VLOOKUP(P339*12,'Tax table'!$A$3:$C$10,1))+VLOOKUP(P339*12,'Tax table'!$A$3:$C$10,2))/12","v":{"v":1168.6040399999997,"d":"1,169"}},{"v":13359.81596,"d":"13,360"},{"v":11355.843566,"d":"11,356"},{"v":0.6963698882335012,"d":"69.6%"},{"v":34067.530698,"d":"34,068"},{"$f":"IF($B$15=\"Yes\",MIN(S339*2,References!$B$7),0)","v":{"v":22711.687132,"d":"22,712"}},{"$f":"IF(AND(D339<>0,$B$16=\"Yes\"),References!$B$6,0)","v":{"v":100000,"d":"100,000"}},{"v":2003.9723940000003,"d":"2,004"},{"v":10896.315,"d":"10,896"},{"v":1452.842,"d":"1,453"},{"v":12349.157000000001,"d":"12,349"},{"v":16707.682999999997,"d":"16,708"},{"$f":"(M339*12-(VLOOKUP(AB339*12,'Tax table'!$A$3:$C$10,3)*(AB339*12-VLOOKUP(AB339*12,'Tax table'!$A$3:$C$10,1))+VLOOKUP(AB339*12,'Tax table'!$A$3:$C$10,2)))/12","v":{"v":16307.200753333333,"d":"16,307"}},{"v":12349.157000000001,"d":"12,349"},{"v":0.7572824537329453,"d":"75.7%"}]
["Member 1956","1963-04-07","F",{"v":174341.04,"d":"174,341"},{"v":0.8,"d":"80%"},{"v":0.85,"d":"85%"},{"v":0.75,"d":"75%"},{"v":0.1,"d":"10%"},null,55,{"v":14528.42,"d":"14,528"},{"v":1452.842,"d":"1,453"},{"v":18160.524999999998,"d":"18,161"},{"v":16707.682999999997,"d":"16,708"},{"$f":"(M340*12-(VLOOKUP(N340*12,'Tax table'!$A$3:$C$10,3)*(N340*12-VLOOKUP(N340*12,'Tax table'!$A$3:$C$10,1))+VLOOKUP(N340*12,'Tax table'!$A$3:$C$10,2)))/12","v":{"v":16307.200753333333,"d":"16,307"}},{"v":13075.578,"d":"13,076"},{"$f":"(VLOOKUP(P340*12,'Tax table'!$A$3:$C$10,3)*(P340*12-VLOOKUP(P340*12,'Tax table'!$A$3:$C$10,1))+VLOOKUP(P340*12,'Tax table'!$A$3:$C$10,2))/12","v":{"v":1168.6040399999997,"d":"1,169"}},{"v":13359.81596,"d":"13,360"},{"v":11355.843566,"d":"11,356"},{"v":0.6963698882335012,"d":"69.6%"},{"v":34067.530698,"d":"34,068"},{"$f":"IF($B$15=\"Yes\",MIN(S340*2,References!$B$7),0)","v":{"v":22711.687132,"d":"22,712"}},{"$f":"IF(AND(D340<>0,$B$16=\"Yes\"),References!$B$6,0)","v":{"v":100000,"d":"100,000"}},{"v":2003.9723940000003,"d":"2,004"},{"v":10896.315,"d":"10,896"},{"v":1452.842,"d":"1,453"},{"v":12349.157000000001,"d":"12,349"},{"v":16707.682999999997,"d":"16,708"},{"$f":"(M340*12-(VLOOKUP(AB340*12,'Tax table'!$A$3:$C$10,3)*(AB340*12-VLOOKUP(AB340*12,'Tax table'!$A$3:$C$10,1))+VLOOKUP(AB340*12,'Tax table'!$A$3:$C$10,2)))/12","v":{"v":16307.200753333333,"d":"16,307"}},{"v":12349.157000000001,"d":"12,349"},{"v":0.7572824537329453,"d":"75.7%"}]
["Member 1957","1977-08-23","F",{"v":174341.04,"d":"174,341"},{"v":0.8,"d":"80%"},{"v":0.85,"d":"85%"},{"v":0.75,"d":"75%"},{"v":0.1,"d":"10%"},null,41,{"v":14528.42,"d":"14,528"},{"v":1452.842,"d":"1,453"},{"v":18160.524999999998,"d":"18,161"},{"v":16707.682999999997,"d":"16,708"},{"$f":"(M341*12-(VLOOKUP(N341*12,'Tax table'!$A$3:$C$10,3)*(N341*12-VLOOKUP(N341*12,'Tax table'!$A$3:$C$10,1))+VLOOKUP(N341*12,'Tax table'!$A$3:$C$10,2)))/12","v":{"v":16307.200753333333,"d":"16,307"}},{"v":13075.578,"d":"13,076"},{"$f":"(VLOOKUP(P341*12,'Tax table'!$A$3:$C$10,3)*(P341*12-VLOOKUP(P341*12,'Tax table'!$A$3:$C$10,1))+VLOOKUP(P341*12,'Tax table'!$A$3:$C$10,2))/12","v":{"v":1168.6040399999997,"d":"1,169"}},{"v":13359.81596,"d":"13,360"},{"v":11355.843566,"d":"11,356"},{"v":0.6963698882335012,"d":"69.6%"},{"v":34067.530698,"d":"34,068"},{"$f":"IF($B$15=\"Yes\",MIN(S341*2,References!$B$7),0)","v":{"v":22711.687132,"d":"22,712"}},{"$f":"IF(AND(D341<>0,$B$16=\"Yes\"),References!$B$6,0)","v":{"v":100000,"d":"100,000"}},{"v":2003.9723940000003,"d":"2,004"},{"v":10896.315,"d":"10,896"},{"v":1452.842,"d":"1,453"},{"v":12349.157000000001,"d":"12,349"},{"v":16707.682999999997,"d":"16,708"},{"$f":"(M341*12-(VLOOKUP(AB341*12,'Tax table'!$A$3:$C$10,3)*(AB341*12-VLOOKUP(AB341*12,'Tax table'!$A$3:$C$10,1))+VLOOKUP(AB341*12,'Tax table'!$A$3:$C$10,2)))/12","v":{"v":16307.200753333333,"d":"16,307"}},{"v":12349.157000000001,"d":"12,349"},{"v":0.7572824537329453,"d":"75.7%"}]
["Member 1958","1977-07-12","F",{"v":174341.04,"d":"174,341"},{"v":0.8,"d":"80%"},{"v":0.85,"d":"85%"},{"v":0.75,"d":"75%"},{"v":0.1,"d":"10%"},null,41,{"v":14528.42,"d":"14,528"},{"v":1452.842,"d":"1,453"},{"v":18160.524999999998,"d":"18,161"},{"v":16707.682999999997,"d":"16,708"},{"$f":"(M342*12-(VLOOKUP(N342*12,'Tax table'!$A$3:$C$10,3)*(N342*12-VLOOKUP(N342*12,'Tax table'!$A$3:$C$10,1))+VLOOKUP(N342*12,'Tax table'!$A$3:$C$10,2)))/12","v":{"v":16307.200753333333,"d":"16,307"}},{"v":13075.578,"d":"13,076"},{"$f":"(VLOOKUP(P342*12,'Tax table'!$A$3:$C$10,3)*(P342*12-VLOOKUP(P342*12,'Tax table'!$A$3:$C$10,1))+VLOOKUP(P342*12,'Tax table'!$A$3:$C$10,2))/12","v":{"v":1168.6040399999997,"d":"1,169"}},{"v":13359.81596,"d":"13,360"},{"v":11355.843566,"d":"11,356"},{"v":0.6963698882335012,"d":"69.6%"},{"v":34067.530698,"d":"34,068"},{"$f":"IF($B$15=\"Yes\",MIN(S342*2,References!$B$7),0)","v":{"v":22711.687132,"d":"22,712"}},{"$f":"IF(AND(D342<>0,$B$16=\"Yes\"),References!$B$6,0)","v":{"v":100000,"d":"100,000"}},{"v":2003.9723940000003,"d":"2,004"},{"v":10896.315,"d":"10,896"},{"v":1452.842,"d":"1,453"},{"v":12349.157000000001,"d":"12,349"},{"v":16707.682999999997,"d":"16,708"},{"$f":"(M342*12-(VLOOKUP(AB342*12,'Tax table'!$A$3:$C$10,3)*(AB342*12-VLOOKUP(AB342*12,'Tax table'!$A$3:$C$10,1))+VLOOKUP(AB342*12,'Tax table'!$A$3:$C$10,2)))/12","v":{"v":16307.200753333333,"d":"16,307"}},{"v":12349.157000000001,"d":"12,349"},{"v":0.7572824537329453,"d":"75.7%"}]
["Member 1959","1966-12-08","F",{"v":174341.04,"d":"174,341"},{"v":0.8,"d":"80%"},{"v":0.85,"d":"85%"},{"v":0.75,"d":"75%"},{"v":0.1,"d":"10%"},null,51,{"v":14528.42,"d":"14,528"},{"v":1452.842,"d":"1,453"},{"v":18160.524999999998,"d":"18,161"},{"v":16707.682999999997,"d":"16,708"},{"$f":"(M343*12-(VLOOKUP(N343*12,'Tax table'!$A$3:$C$10,3)*(N343*12-VLOOKUP(N343*12,'Tax table'!$A$3:$C$10,1))+VLOOKUP(N343*12,'Tax table'!$A$3:$C$10,2)))/12","v":{"v":16307.200753333333,"d":"16,307"}},{"v":13075.578,"d":"13,076"},{"$f":"(VLOOKUP(P343*12,'Tax table'!$A$3:$C$10,3)*(P343*12-VLOOKUP(P343*12,'Tax table'!$A$3:$C$10,1))+VLOOKUP(P343*12,'Tax table'!$A$3:$C$10,2))/12","v":{"v":1168.6040399999997,"d":"1,169"}},{"v":13359.81596,"d":"13,360"},{"v":11355.843566,"d":"11,356"},{"v":0.6963698882335012,"d":"69.6%"},{"v":34067.530698,"d":"34,068"},{"$f":"IF($B$15=\"Yes\",MIN(S343*2,References!$B$7),0)","v":{"v":22711.687132,"d":"22,712"}},{"$f":"IF(AND(D343<>0,$B$16=\"Yes\"),References!$B$6,0)","v":{"v":100000,"d":"100,000"}},{"v":2003.9723940000003,"d":"2,004"},{"v":10896.315,"d":"10,896"},{"v":1452.842,"d":"1,453"},{"v":12349.157000000001,"d":"12,349"},{"v":16707.682999999997,"d":"16,708"},{"$f":"(M343*12-(VLOOKUP(AB343*12,'Tax table'!$A$3:$C$10,3)*(AB343*12-VLOOKUP(AB343*12,'Tax table'!$A$3:$C$10,1))+VLOOKUP(AB343*12,'Tax table'!$A$3:$C$10,2)))/12","v":{"v":16307.200753333333,"d":"16,307"}},{"v":12349.157000000001,"d":"12,349"},{"v":0.7572824537329453,"d":"75.7%"}]
["Member 1960","1979-06-20","F",{"v":174341.04,"d":"174,341"},{"v":0.8,"d":"80%"},{"v":0.85,"d":"85%"},{"v":0.75,"d":"75%"},{"v":0.1,"d":"10%"},null,{"$f":"DATEDIF(B344,$B$7,\"y\")","v":39},{"$f":"D344/12","v":{"v":14528.42,"d":"14,528"}},{"$f":"IF($B$10=\"No\",MIN(K344*H344,15%*K344),I344/12)","v":{"v":1452.842,"d":"1,453"}},{"$f":"D344/12/E344","v":{"v":18160.524999999998,"d":"18,161"}},{"$f":"M344-L344","v":{"v":16707.682999999997,"d":"16,708"}},{"$f":"(M344*12-(VLOOKUP(N344*12,'Tax table'!$A$3:$C$10,3)*(N344*12-VLOOKUP(N344*12,'Tax table'!$A$3:$C$10,1))+VLOOKUP(N344*12,'Tax table'!$A$3:$C$10,2)))/12","v":{"v":16307.200753333333,"d":"16,307"}},{"$f":"K344-L344","v":{"v":13075.578,"d":"13,076"}},{"$f":"(VLOOKUP(P344*12,'Tax table'!$A$3:$C$10,3)*(P344*12-VLOOKUP(P344*12,'Tax table'!$A$3:$C$10,1))+VLOOKUP(P344*12,'Tax table'!$A$3:$C$10,2))/12","v":{"v":1168.6040399999997,"d":"1,169"}},{"$f":"K344-Q344","v":{"v":13359.81596,"d":"13,360"}},{"$f":"MIN(R344*F344,SUM($B$8,$B$9))","v":{"v":11355.843566,"d":"11,356"}},{"$f":"S344/O344","v":{"v":0.6963698882335012,"d":"69.6%"}},{"$f":"IF($B$14=\"Yes\",S344*3,0)","v":{"v":34067.530698,"d":"34,068"}},{"$f":"IF($B$15=\"Yes\",MIN(S344*2,References!$B$7),0)","v":{"v":22711.687132,"d":"22,712"}},{"$f":"IF(AND(D344<>0,$B$16=\"Yes\"),References!$B$6,0)","v":{"v":100000,"d":"100,000"}},{"$f":"IF($B$17=\"Yes\",MIN(R344,SUM($B$8:$B$9))-S344,0)","v":{"v":2003.9723940000003,"d":"2,004"}},{"$f":"MIN(K344*G344,$B$8)","v":{"v":10896.315,"d":"10,896"}},{"$f":"MIN(K344*H344,$B$9)","v":{"v":1452.842,"d":"1,453"}},{"$f":"Z344+Y344","v":{"v":12349.157000000001,"d":"12,349"}},{"$f":"M344-Z344","v":{"v":16707.682999999997,"d":"16,708"}},{"$f":"(M344*12-(VLOOKUP(AB344*12,'Tax table'!$A$3:$C$10,3)*(AB344*12-VLOOKUP(AB344*12,'Tax table'!$A$3:$C$10,1))+VLOOKUP(AB344*12,'Tax table'!$A$3:$C$10,2)))/12","v":{"v":16307.200753333333,"d":"16,307"}},{"$f":"MIN(AA344,AC344)","v":{"v":12349.157000000001,"d":"12,349"}},{"$f":"AD344/O344","v":{"v":0.7572824537329453,"d":"75.7%"}}]
["Member 1961","1982-06-08","F",{"v":174341.04,"d":"174,341"},{"v":0.8,"d":"80%"},{"v":0.85,"d":"85%"},{"v":0.75,"d":"75%"},{"v":0.1,"d":"10%"},null,36,{"v":14528.42,"d":"14,528"},{"v":1452.842,"d":"1,453"},{"v":18160.524999999998,"d":"18,161"},{"v":16707.682999999997,"d":"16,708"},{"$f":"(M345*12-(VLOOKUP(N345*12,'Tax table'!$A$3:$C$10,3)*(N345*12-VLOOKUP(N345*12,'Tax table'!$A$3:$C$10,1))+VLOOKUP(N345*12,'Tax table'!$A$3:$C$10,2)))/12","v":{"v":16307.200753333333,"d":"16,307"}},{"v":13075.578,"d":"13,076"},{"$f":"(VLOOKUP(P345*12,'Tax table'!$A$3:$C$10,3)*(P345*12-VLOOKUP(P345*12,'Tax table'!$A$3:$C$10,1))+VLOOKUP(P345*12,'Tax table'!$A$3:$C$10,2))/12","v":{"v":1168.6040399999997,"d":"1,169"}},{"v":13359.81596,"d":"13,360"},{"v":11355.843566,"d":"11,356"},{"v":0.6963698882335012,"d":"69.6%"},{"v":34067.530698,"d":"34,068"},{"$f":"IF($B$15=\"Yes\",MIN(S345*2,References!$B$7),0)","v":{"v":22711.687132,"d":"22,712"}},{"$f":"IF(AND(D345<>0,$B$16=\"Yes\"),References!$B$6,0)","v":{"v":100000,"d":"100,000"}},{"v":2003.9723940000003,"d":"2,004"},{"v":10896.315,"d":"10,896"},{"v":1452.842,"d":"1,453"},{"v":12349.157000000001,"d":"12,349"},{"v":16707.682999999997,"d":"16,708"},{"$f":"(M345*12-(VLOOKUP(AB345*12,'Tax table'!$A$3:$C$10,3)*(AB345*12-VLOOKUP(AB345*12,'Tax table'!$A$3:$C$10,1))+VLOOKUP(AB345*12,'Tax table'!$A$3:$C$10,2)))/12","v":{"v":16307.200753333333,"d":"16,307"}},{"v":12349.157000000001,"d":"12,349"},{"v":0.7572824537329453,"d":"75.7%"}]
["Member 1962","1985-03-02","F",{"v":174341.04,"d":"174,341"},{"v":0.8,"d":"80%"},{"v":0.85,"d":"85%"},{"v":0.75,"d":"75%"},{"v":0.1,"d":"10%"},null,33,{"v":14528.42,"d":"14,528"},{"v":1452.842,"d":"1,453"},{"v":18160.524999999998,"d":"18,161"},{"v":16707.682999999997,"d":"16,708"},{"$f":"(M346*12-(VLOOKUP(N346*12,'Tax table'!$A$3:$C$10,3)*(N346*12-VLOOKUP(N346*12,'Tax table'!$A$3:$C$10,1))+VLOOKUP(N346*12,'Tax table'!$A$3:$C$10,2)))/12","v":{"v":16307.200753333333,"d":"16,307"}},{"v":13075.578,"d":"13,076"},{"$f":"(VLOOKUP(P346*12,'Tax table'!$A$3:$C$10,3)*(P346*12-VLOOKUP(P346*12,'Tax table'!$A$3:$C$10,1))+VLOOKUP(P346*12,'Tax table'!$A$3:$C$10,2))/12","v":{"v":1168.6040399999997,"d":"1,169"}},{"v":13359.81596,"d":"13,360"},{"v":11355.843566,"d":"11,356"},{"v":0.6963698882335012,"d":"69.6%"},{"v":34067.530698,"d":"34,068"},{"$f":"IF($B$15=\"Yes\",MIN(S346*2,References!$B$7),0)","v":{"v":22711.687132,"d":"22,712"}},{"$f":"IF(AND(D346<>0,$B$16=\"Yes\"),References!$B$6,0)","v":{"v":100000,"d":"100,000"}},{"v":2003.9723940000003,"d":"2,004"},{"v":10896.315,"d":"10,896"},{"v":1452.842,"d":"1,453"},{"v":12349.157000000001,"d":"12,349"},{"v":16707.682999999997,"d":"16,708"},{"$f":"(M346*12-(VLOOKUP(AB346*12,'Tax table'!$A$3:$C$10,3)*(AB346*12-VLOOKUP(AB346*12,'Tax table'!$A$3:$C$10,1))+VLOOKUP(AB346*12,'Tax table'!$A$3:$C$10,2)))/12","v":{"v":16307.200753333333,"d":"16,307"}},{"v":12349.157000000001,"d":"12,349"},{"v":0.7572824537329453,"d":"75.7%"}]
["Member 1963","1968-05-15","F",{"v":174341.04,"d":"174,341"},{"v":0.8,"d":"80%"},{"v":0.85,"d":"85%"},{"v":0.75,"d":"75%"},{"v":0.1,"d":"10%"},null,50,{"v":14528.42,"d":"14,528"},{"v":1452.842,"d":"1,453"},{"v":18160.524999999998,"d":"18,161"},{"v":16707.682999999997,"d":"16,708"},{"$f":"(M347*12-(VLOOKUP(N347*12,'Tax table'!$A$3:$C$10,3)*(N347*12-VLOOKUP(N347*12,'Tax table'!$A$3:$C$10,1))+VLOOKUP(N347*12,'Tax table'!$A$3:$C$10,2)))/12","v":{"v":16307.200753333333,"d":"16,307"}},{"v":13075.578,"d":"13,076"},{"$f":"(VLOOKUP(P347*12,'Tax table'!$A$3:$C$10,3)*(P347*12-VLOOKUP(P347*12,'Tax table'!$A$3:$C$10,1))+VLOOKUP(P347*12,'Tax table'!$A$3:$C$10,2))/12","v":{"v":1168.6040399999997,"d":"1,169"}},{"v":13359.81596,"d":"13,360"},{"v":11355.843566,"d":"11,356"},{"v":0.6963698882335012,"d":"69.6%"},{"v":34067.530698,"d":"34,068"},{"$f":"IF($B$15=\"Yes\",MIN(S347*2,References!$B$7),0)","v":{"v":22711.687132,"d":"22,712"}},{"$f":"IF(AND(D347<>0,$B$16=\"Yes\"),References!$B$6,0)","v":{"v":100000,"d":"100,000"}},{"v":2003.9723940000003,"d":"2,004"},{"v":10896.315,"d":"10,896"},{"v":1452.842,"d":"1,453"},{"v":12349.157000000001,"d":"12,349"},{"v":16707.682999999997,"d":"16,708"},{"$f":"(M347*12-(VLOOKUP(AB347*12,'Tax table'!$A$3:$C$10,3)*(AB347*12-VLOOKUP(AB347*12,'Tax table'!$A$3:$C$10,1))+VLOOKUP(AB347*12,'Tax table'!$A$3:$C$10,2)))/12","v":{"v":16307.200753333333,"d":"16,307"}},{"v":12349.157000000001,"d":"12,349"},{"v":0.7572824537329453,"d":"75.7%"}]
["Member 1964","1983-01-23","F",{"v":174341.04,"d":"174,341"},{"v":0.8,"d":"80%"},{"v":0.85,"d":"85%"},{"v":0.75,"d":"75%"},{"v":0.1,"d":"10%"},null,35,{"v":14528.42,"d":"14,528"},{"v":1452.842,"d":"1,453"},{"v":18160.524999999998,"d":"18,161"},{"v":16707.682999999997,"d":"16,708"},{"$f":"(M348*12-(VLOOKUP(N348*12,'Tax table'!$A$3:$C$10,3)*(N348*12-VLOOKUP(N348*12,'Tax table'!$A$3:$C$10,1))+VLOOKUP(N348*12,'Tax table'!$A$3:$C$10,2)))/12","v":{"v":16307.200753333333,"d":"16,307"}},{"v":13075.578,"d":"13,076"},{"$f":"(VLOOKUP(P348*12,'Tax table'!$A$3:$C$10,3)*(P348*12-VLOOKUP(P348*12,'Tax table'!$A$3:$C$10,1))+VLOOKUP(P348*12,'Tax table'!$A$3:$C$10,2))/12","v":{"v":1168.6040399999997,"d":"1,169"}},{"v":13359.81596,"d":"13,360"},{"v":11355.843566,"d":"11,356"},{"v":0.6963698882335012,"d":"69.6%"},{"v":34067.530698,"d":"34,068"},{"$f":"IF($B$15=\"Yes\",MIN(S348*2,References!$B$7),0)","v":{"v":22711.687132,"d":"22,712"}},{"$f":"IF(AND(D348<>0,$B$16=\"Yes\"),References!$B$6,0)","v":{"v":100000,"d":"100,000"}},{"v":2003.9723940000003,"d":"2,004"},{"v":10896.315,"d":"10,896"},{"v":1452.842,"d":"1,453"},{"v":12349.157000000001,"d":"12,349"},{"v":16707.682999999997,"d":"16,708"},{"$f":"(M348*12-(VLOOKUP(AB348*12,'Tax table'!$A$3:$C$10,3)*(AB348*12-VLOOKUP(AB348*12,'Tax table'!$A$3:$C$10,1))+VLOOKUP(AB348*12,'Tax table'!$A$3:$C$10,2)))/12","v":{"v":16307.200753333333,"d":"16,307"}},{"v":12349.157000000001,"d":"12,349"},{"v":0.7572824537329453,"d":"75.7%"}]
["Member 1965","1973-01-17","F",{"v":174341.04,"d":"174,341"},{"v":0.8,"d":"80%"},{"v":0.85,"d":"85%"},{"v":0.75,"d":"75%"},{"v":0.1,"d":"10%"},null,45,{"v":14528.42,"d":"14,528"},{"v":1452.842,"d":"1,453"},{"v":18160.524999999998,"d":"18,161"},{"v":16707.682999999997,"d":"16,708"},{"$f":"(M349*12-(VLOOKUP(N349*12,'Tax table'!$A$3:$C$10,3)*(N349*12-VLOOKUP(N349*12,'Tax table'!$A$3:$C$10,1))+VLOOKUP(N349*12,'Tax table'!$A$3:$C$10,2)))/12","v":{"v":16307.200753333333,"d":"16,307"}},{"v":13075.578,"d":"13,076"},{"$f":"(VLOOKUP(P349*12,'Tax table'!$A$3:$C$10,3)*(P349*12-VLOOKUP(P349*12,'Tax table'!$A$3:$C$10,1))+VLOOKUP(P349*12,'Tax table'!$A$3:$C$10,2))/12","v":{"v":1168.6040399999997,"d":"1,169"}},{"v":13359.81596,"d":"13,360"},{"v":11355.843566,"d":"11,356"},{"v":0.6963698882335012,"d":"69.6%"},{"v":34067.530698,"d":"34,068"},{"$f":"IF($B$15=\"Yes\",MIN(S349*2,References!$B$7),0)","v":{"v":22711.687132,"d":"22,712"}},{"$f":"IF(AND(D349<>0,$B$16=\"Yes\"),References!$B$6,0)","v":{"v":100000,"d":"100,000"}},{"v":2003.9723940000003,"d":"2,004"},{"v":10896.315,"d":"10,896"},{"v":1452.842,"d":"1,453"},{"v":12349.157000000001,"d":"12,349"},{"v":16707.682999999997,"d":"16,708"},{"$f":"(M349*12-(VLOOKUP(AB349*12,'Tax table'!$A$3:$C$10,3)*(AB349*12-VLOOKUP(AB349*12,'Tax table'!$A$3:$C$10,1))+VLOOKUP(AB349*12,'Tax table'!$A$3:$C$10,2)))/12","v":{"v":16307.200753333333,"d":"16,307"}},{"v":12349.157000000001,"d":"12,349"},{"v":0.7572824537329453,"d":"75.7%"}]
["Member 1966","1954-11-10","F",{"v":174341.04,"d":"174,341"},{"v":0.8,"d":"80%"},{"v":0.85,"d":"85%"},{"v":0.75,"d":"75%"},{"v":0.1,"d":"10%"},null,63,{"v":14528.42,"d":"14,528"},{"v":1452.842,"d":"1,453"},{"v":18160.524999999998,"d":"18,161"},{"v":16707.682999999997,"d":"16,708"},{"$f":"(M350*12-(VLOOKUP(N350*12,'Tax table'!$A$3:$C$10,3)*(N350*12-VLOOKUP(N350*12,'Tax table'!$A$3:$C$10,1))+VLOOKUP(N350*12,'Tax table'!$A$3:$C$10,2)))/12","v":{"v":16307.200753333333,"d":"16,307"}},{"v":13075.578,"d":"13,076"},{"$f":"(VLOOKUP(P350*12,'Tax table'!$A$3:$C$10,3)*(P350*12-VLOOKUP(P350*12,'Tax table'!$A$3:$C$10,1))+VLOOKUP(P350*12,'Tax table'!$A$3:$C$10,2))/12","v":{"v":1168.6040399999997,"d":"1,169"}},{"v":13359.81596,"d":"13,360"},{"v":11355.843566,"d":"11,356"},{"v":0.6963698882335012,"d":"69.6%"},{"v":34067.530698,"d":"34,068"},{"$f":"IF($B$15=\"Yes\",MIN(S350*2,References!$B$7),0)","v":{"v":22711.687132,"d":"22,712"}},{"$f":"IF(AND(D350<>0,$B$16=\"Yes\"),References!$B$6,0)","v":{"v":100000,"d":"100,000"}},{"v":2003.9723940000003,"d":"2,004"},{"v":10896.315,"d":"10,896"},{"v":1452.842,"d":"1,453"},{"v":12349.157000000001,"d":"12,349"},{"v":16707.682999999997,"d":"16,708"},{"$f":"(M350*12-(VLOOKUP(AB350*12,'Tax table'!$A$3:$C$10,3)*(AB350*12-VLOOKUP(AB350*12,'Tax table'!$A$3:$C$10,1))+VLOOKUP(AB350*12,'Tax table'!$A$3:$C$10,2)))/12","v":{"v":16307.200753333333,"d":"16,307"}},{"v":12349.157000000001,"d":"12,349"},{"v":0.7572824537329453,"d":"75.7%"}]
["Member 1967","1978-09-07","F",{"v":174341.04,"d":"174,341"},{"v":0.8,"d":"80%"},{"v":0.85,"d":"85%"},{"v":0.75,"d":"75%"},{"v":0.1,"d":"10%"},null,40,{"v":14528.42,"d":"14,528"},{"v":1452.842,"d":"1,453"},{"v":18160.524999999998,"d":"18,161"},{"v":16707.682999999997,"d":"16,708"},{"$f":"(M351*12-(VLOOKUP(N351*12,'Tax table'!$A$3:$C$10,3)*(N351*12-VLOOKUP(N351*12,'Tax table'!$A$3:$C$10,1))+VLOOKUP(N351*12,'Tax table'!$A$3:$C$10,2)))/12","v":{"v":16307.200753333333,"d":"16,307"}},{"v":13075.578,"d":"13,076"},{"$f":"(VLOOKUP(P351*12,'Tax table'!$A$3:$C$10,3)*(P351*12-VLOOKUP(P351*12,'Tax table'!$A$3:$C$10,1))+VLOOKUP(P351*12,'Tax table'!$A$3:$C$10,2))/12","v":{"v":1168.6040399999997,"d":"1,169"}},{"v":13359.81596,"d":"13,360"},{"v":11355.843566,"d":"11,356"},{"v":0.6963698882335012,"d":"69.6%"},{"v":34067.530698,"d":"34,068"},{"$f":"IF($B$15=\"Yes\",MIN(S351*2,References!$B$7),0)","v":{"v":22711.687132,"d":"22,712"}},{"$f":"IF(AND(D351<>0,$B$16=\"Yes\"),References!$B$6,0)","v":{"v":100000,"d":"100,000"}},{"v":2003.9723940000003,"d":"2,004"},{"v":10896.315,"d":"10,896"},{"v":1452.842,"d":"1,453"},{"v":12349.157000000001,"d":"12,349"},{"v":16707.682999999997,"d":"16,708"},{"$f":"(M351*12-(VLOOKUP(AB351*12,'Tax table'!$A$3:$C$10,3)*(AB351*12-VLOOKUP(AB351*12,'Tax table'!$A$3:$C$10,1))+VLOOKUP(AB351*12,'Tax table'!$A$3:$C$10,2)))/12","v":{"v":16307.200753333333,"d":"16,307"}},{"v":12349.157000000001,"d":"12,349"},{"v":0.7572824537329453,"d":"75.7%"}]
["Member 1968","1985-03-20","F",{"v":174341.04,"d":"174,341"},{"v":0.8,"d":"80%"},{"v":0.85,"d":"85%"},{"v":0.75,"d":"75%"},{"v":0.1,"d":"10%"},null,33,{"v":14528.42,"d":"14,528"},{"v":1452.842,"d":"1,453"},{"v":18160.524999999998,"d":"18,161"},{"v":16707.682999999997,"d":"16,708"},{"$f":"(M352*12-(VLOOKUP(N352*12,'Tax table'!$A$3:$C$10,3)*(N352*12-VLOOKUP(N352*12,'Tax table'!$A$3:$C$10,1))+VLOOKUP(N352*12,'Tax table'!$A$3:$C$10,2)))/12","v":{"v":16307.200753333333,"d":"16,307"}},{"v":13075.578,"d":"13,076"},{"$f":"(VLOOKUP(P352*12,'Tax table'!$A$3:$C$10,3)*(P352*12-VLOOKUP(P352*12,'Tax table'!$A$3:$C$10,1))+VLOOKUP(P352*12,'Tax table'!$A$3:$C$10,2))/12","v":{"v":1168.6040399999997,"d":"1,169"}},{"v":13359.81596,"d":"13,360"},{"v":11355.843566,"d":"11,356"},{"v":0.6963698882335012,"d":"69.6%"},{"v":34067.530698,"d":"34,068"},{"$f":"IF($B$15=\"Yes\",MIN(S352*2,References!$B$7),0)","v":{"v":22711.687132,"d":"22,712"}},{"$f":"IF(AND(D352<>0,$B$16=\"Yes\"),References!$B$6,0)","v":{"v":100000,"d":"100,000"}},{"v":2003.9723940000003,"d":"2,004"},{"v":10896.315,"d":"10,896"},{"v":1452.842,"d":"1,453"},{"v":12349.157000000001,"d":"12,349"},{"v":16707.682999999997,"d":"16,708"},{"$f":"(M352*12-(VLOOKUP(AB352*12,'Tax table'!$A$3:$C$10,3)*(AB352*12-VLOOKUP(AB352*12,'Tax table'!$A$3:$C$10,1))+VLOOKUP(AB352*12,'Tax table'!$A$3:$C$10,2)))/12","v":{"v":16307.200753333333,"d":"16,307"}},{"v":12349.157000000001,"d":"12,349"},{"v":0.7572824537329453,"d":"75.7%"}]
["Member 1969","1980-04-14","M",{"v":174341.04,"d":"174,341"},{"v":0.8,"d":"80%"},{"v":0.85,"d":"85%"},{"v":0.75,"d":"75%"},{"v":0.1,"d":"10%"},null,38,{"v":14528.42,"d":"14,528"},{"v":1452.842,"d":"1,453"},{"v":18160.524999999998,"d":"18,161"},{"v":16707.682999999997,"d":"16,708"},{"$f":"(M353*12-(VLOOKUP(N353*12,'Tax table'!$A$3:$C$10,3)*(N353*12-VLOOKUP(N353*12,'Tax table'!$A$3:$C$10,1))+VLOOKUP(N353*12,'Tax table'!$A$3:$C$10,2)))/12","v":{"v":16307.200753333333,"d":"16,307"}},{"v":13075.578,"d":"13,076"},{"$f":"(VLOOKUP(P353*12,'Tax table'!$A$3:$C$10,3)*(P353*12-VLOOKUP(P353*12,'Tax table'!$A$3:$C$10,1))+VLOOKUP(P353*12,'Tax table'!$A$3:$C$10,2))/12","v":{"v":1168.6040399999997,"d":"1,169"}},{"v":13359.81596,"d":"13,360"},{"v":11355.843566,"d":"11,356"},{"v":0.6963698882335012,"d":"69.6%"},{"v":34067.530698,"d":"34,068"},{"$f":"IF($B$15=\"Yes\",MIN(S353*2,References!$B$7),0)","v":{"v":22711.687132,"d":"22,712"}},{"$f":"IF(AND(D353<>0,$B$16=\"Yes\"),References!$B$6,0)","v":{"v":100000,"d":"100,000"}},{"v":2003.9723940000003,"d":"2,004"},{"v":10896.315,"d":"10,896"},{"v":1452.842,"d":"1,453"},{"v":12349.157000000001,"d":"12,349"},{"v":16707.682999999997,"d":"16,708"},{"$f":"(M353*12-(VLOOKUP(AB353*12,'Tax table'!$A$3:$C$10,3)*(AB353*12-VLOOKUP(AB353*12,'Tax table'!$A$3:$C$10,1))+VLOOKUP(AB353*12,'Tax table'!$A$3:$C$10,2)))/12","v":{"v":16307.200753333333,"d":"16,307"}},{"v":12349.157000000001,"d":"12,349"},{"v":0.7572824537329453,"d":"75.7%"}]
["Member 1970","1972-04-08","M",{"v":174341.04,"d":"174,341"},{"v":0.8,"d":"80%"},{"v":0.85,"d":"85%"},{"v":0.75,"d":"75%"},{"v":0.1,"d":"10%"},null,46,{"v":14528.42,"d":"14,528"},{"v":1452.842,"d":"1,453"},{"v":18160.524999999998,"d":"18,161"},{"v":16707.682999999997,"d":"16,708"},{"$f":"(M354*12-(VLOOKUP(N354*12,'Tax table'!$A$3:$C$10,3)*(N354*12-VLOOKUP(N354*12,'Tax table'!$A$3:$C$10,1))+VLOOKUP(N354*12,'Tax table'!$A$3:$C$10,2)))/12","v":{"v":16307.200753333333,"d":"16,307"}},{"v":13075.578,"d":"13,076"},{"$f":"(VLOOKUP(P354*12,'Tax table'!$A$3:$C$10,3)*(P354*12-VLOOKUP(P354*12,'Tax table'!$A$3:$C$10,1))+VLOOKUP(P354*12,'Tax table'!$A$3:$C$10,2))/12","v":{"v":1168.6040399999997,"d":"1,169"}},{"v":13359.81596,"d":"13,360"},{"v":11355.843566,"d":"11,356"},{"v":0.6963698882335012,"d":"69.6%"},{"v":34067.530698,"d":"34,068"},{"$f":"IF($B$15=\"Yes\",MIN(S354*2,References!$B$7),0)","v":{"v":22711.687132,"d":"22,712"}},{"$f":"IF(AND(D354<>0,$B$16=\"Yes\"),References!$B$6,0)","v":{"v":100000,"d":"100,000"}},{"v":2003.9723940000003,"d":"2,004"},{"v":10896.315,"d":"10,896"},{"v":1452.842,"d":"1,453"},{"v":12349.157000000001,"d":"12,349"},{"v":16707.682999999997,"d":"16,708"},{"$f":"(M354*12-(VLOOKUP(AB354*12,'Tax table'!$A$3:$C$10,3)*(AB354*12-VLOOKUP(AB354*12,'Tax table'!$A$3:$C$10,1))+VLOOKUP(AB354*12,'Tax table'!$A$3:$C$10,2)))/12","v":{"v":16307.200753333333,"d":"16,307"}},{"v":12349.157000000001,"d":"12,349"},{"v":0.7572824537329453,"d":"75.7%"}]
["Member 1971","1975-05-19","F",{"v":174341.04,"d":"174,341"},{"v":0.8,"d":"80%"},{"v":0.85,"d":"85%"},{"v":0.75,"d":"75%"},{"v":0.1,"d":"10%"},null,43,{"v":14528.42,"d":"14,528"},{"v":1452.842,"d":"1,453"},{"v":18160.524999999998,"d":"18,161"},{"v":16707.682999999997,"d":"16,708"},{"$f":"(M355*12-(VLOOKUP(N355*12,'Tax table'!$A$3:$C$10,3)*(N355*12-VLOOKUP(N355*12,'Tax table'!$A$3:$C$10,1))+VLOOKUP(N355*12,'Tax table'!$A$3:$C$10,2)))/12","v":{"v":16307.200753333333,"d":"16,307"}},{"v":13075.578,"d":"13,076"},{"$f":"(VLOOKUP(P355*12,'Tax table'!$A$3:$C$10,3)*(P355*12-VLOOKUP(P355*12,'Tax table'!$A$3:$C$10,1))+VLOOKUP(P355*12,'Tax table'!$A$3:$C$10,2))/12","v":{"v":1168.6040399999997,"d":"1,169"}},{"v":13359.81596,"d":"13,360"},{"v":11355.843566,"d":"11,356"},{"v":0.6963698882335012,"d":"69.6%"},{"v":34067.530698,"d":"34,068"},{"$f":"IF($B$15=\"Yes\",MIN(S355*2,References!$B$7),0)","v":{"v":22711.687132,"d":"22,712"}},{"$f":"IF(AND(D355<>0,$B$16=\"Yes\"),References!$B$6,0)","v":{"v":100000,"d":"100,000"}},{"v":2003.9723940000003,"d":"2,004"},{"v":10896.315,"d":"10,896"},{"v":1452.842,"d":"1,453"},{"v":12349.157000000001,"d":"12,349"},{"v":16707.682999999997,"d":"16,708"},{"$f":"(M355*12-(VLOOKUP(AB355*12,'Tax table'!$A$3:$C$10,3)*(AB355*12-VLOOKUP(AB355*12,'Tax table'!$A$3:$C$10,1))+VLOOKUP(AB355*12,'Tax table'!$A$3:$C$10,2)))/12","v":{"v":16307.200753333333,"d":"16,307"}},{"v":12349.157000000001,"d":"12,349"},{"v":0.7572824537329453,"d":"75.7%"}]
["Member 1972","1978-06-28","F",{"v":174341.04,"d":"174,341"},{"v":0.8,"d":"80%"},{"v":0.85,"d":"85%"},{"v":0.75,"d":"75%"},{"v":0.1,"d":"10%"},null,40,{"v":14528.42,"d":"14,528"},{"v":1452.842,"d":"1,453"},{"v":18160.524999999998,"d":"18,161"},{"v":16707.682999999997,"d":"16,708"},{"$f":"(M356*12-(VLOOKUP(N356*12,'Tax table'!$A$3:$C$10,3)*(N356*12-VLOOKUP(N356*12,'Tax table'!$A$3:$C$10,1))+VLOOKUP(N356*12,'Tax table'!$A$3:$C$10,2)))/12","v":{"v":16307.200753333333,"d":"16,307"}},{"v":13075.578,"d":"13,076"},{"$f":"(VLOOKUP(P356*12,'Tax table'!$A$3:$C$10,3)*(P356*12-VLOOKUP(P356*12,'Tax table'!$A$3:$C$10,1))+VLOOKUP(P356*12,'Tax table'!$A$3:$C$10,2))/12","v":{"v":1168.6040399999997,"d":"1,169"}},{"v":13359.81596,"d":"13,360"},{"v":11355.843566,"d":"11,356"},{"v":0.6963698882335012,"d":"69.6%"},{"v":34067.530698,"d":"34,068"},{"$f":"IF($B$15=\"Yes\",MIN(S356*2,References!$B$7),0)","v":{"v":22711.687132,"d":"22,712"}},{"$f":"IF(AND(D356<>0,$B$16=\"Yes\"),References!$B$6,0)","v":{"v":100000,"d":"100,000"}},{"v":2003.9723940000003,"d":"2,004"},{"v":10896.315,"d":"10,896"},{"v":1452.842,"d":"1,453"},{"v":12349.157000000001,"d":"12,349"},{"v":16707.682999999997,"d":"16,708"},{"$f":"(M356*12-(VLOOKUP(AB356*12,'Tax table'!$A$3:$C$10,3)*(AB356*12-VLOOKUP(AB356*12,'Tax table'!$A$3:$C$10,1))+VLOOKUP(AB356*12,'Tax table'!$A$3:$C$10,2)))/12","v":{"v":16307.200753333333,"d":"16,307"}},{"v":12349.157000000001,"d":"12,349"},{"v":0.7572824537329453,"d":"75.7%"}]
["Member 1973","1973-10-09","F",{"v":174341.04,"d":"174,341"},{"v":0.8,"d":"80%"},{"v":0.85,"d":"85%"},{"v":0.75,"d":"75%"},{"v":0.1,"d":"10%"},null,45,{"v":14528.42,"d":"14,528"},{"v":1452.842,"d":"1,453"},{"v":18160.524999999998,"d":"18,161"},{"v":16707.682999999997,"d":"16,708"},{"$f":"(M357*12-(VLOOKUP(N357*12,'Tax table'!$A$3:$C$10,3)*(N357*12-VLOOKUP(N357*12,'Tax table'!$A$3:$C$10,1))+VLOOKUP(N357*12,'Tax table'!$A$3:$C$10,2)))/12","v":{"v":16307.200753333333,"d":"16,307"}},{"v":13075.578,"d":"13,076"},{"$f":"(VLOOKUP(P357*12,'Tax table'!$A$3:$C$10,3)*(P357*12-VLOOKUP(P357*12,'Tax table'!$A$3:$C$10,1))+VLOOKUP(P357*12,'Tax table'!$A$3:$C$10,2))/12","v":{"v":1168.6040399999997,"d":"1,169"}},{"v":13359.81596,"d":"13,360"},{"v":11355.843566,"d":"11,356"},{"v":0.6963698882335012,"d":"69.6%"},{"v":34067.530698,"d":"34,068"},{"$f":"IF($B$15=\"Yes\",MIN(S357*2,References!$B$7),0)","v":{"v":22711.687132,"d":"22,712"}},{"$f":"IF(AND(D357<>0,$B$16=\"Yes\"),References!$B$6,0)","v":{"v":100000,"d":"100,000"}},{"v":2003.9723940000003,"d":"2,004"},{"v":10896.315,"d":"10,896"},{"v":1452.842,"d":"1,453"},{"v":12349.157000000001,"d":"12,349"},{"v":16707.682999999997,"d":"16,708"},{"$f":"(M357*12-(VLOOKUP(AB357*12,'Tax table'!$A$3:$C$10,3)*(AB357*12-VLOOKUP(AB357*12,'Tax table'!$A$3:$C$10,1))+VLOOKUP(AB357*12,'Tax table'!$A$3:$C$10,2)))/12","v":{"v":16307.200753333333,"d":"16,307"}},{"v":12349.157000000001,"d":"12,349"},{"v":0.7572824537329453,"d":"75.7%"}]
["Member 1974","1968-08-27","F",{"v":174341.04,"d":"174,341"},{"v":0.8,"d":"80%"},{"v":0.85,"d":"85%"},{"v":0.75,"d":"75%"},{"v":0.1,"d":"10%"},null,50,{"v":14528.42,"d":"14,528"},{"v":1452.842,"d":"1,453"},{"v":18160.524999999998,"d":"18,161"},{"v":16707.682999999997,"d":"16,708"},{"$f":"(M358*12-(VLOOKUP(N358*12,'Tax table'!$A$3:$C$10,3)*(N358*12-VLOOKUP(N358*12,'Tax table'!$A$3:$C$10,1))+VLOOKUP(N358*12,'Tax table'!$A$3:$C$10,2)))/12","v":{"v":16307.200753333333,"d":"16,307"}},{"v":13075.578,"d":"13,076"},{"$f":"(VLOOKUP(P358*12,'Tax table'!$A$3:$C$10,3)*(P358*12-VLOOKUP(P358*12,'Tax table'!$A$3:$C$10,1))+VLOOKUP(P358*12,'Tax table'!$A$3:$C$10,2))/12","v":{"v":1168.6040399999997,"d":"1,169"}},{"v":13359.81596,"d":"13,360"},{"v":11355.843566,"d":"11,356"},{"v":0.6963698882335012,"d":"69.6%"},{"v":34067.530698,"d":"34,068"},{"$f":"IF($B$15=\"Yes\",MIN(S358*2,References!$B$7),0)","v":{"v":22711.687132,"d":"22,712"}},{"$f":"IF(AND(D358<>0,$B$16=\"Yes\"),References!$B$6,0)","v":{"v":100000,"d":"100,000"}},{"v":2003.9723940000003,"d":"2,004"},{"v":10896.315,"d":"10,896"},{"v":1452.842,"d":"1,453"},{"v":12349.157000000001,"d":"12,349"},{"v":16707.682999999997,"d":"16,708"},{"$f":"(M358*12-(VLOOKUP(AB358*12,'Tax table'!$A$3:$C$10,3)*(AB358*12-VLOOKUP(AB358*12,'Tax table'!$A$3:$C$10,1))+VLOOKUP(AB358*12,'Tax table'!$A$3:$C$10,2)))/12","v":{"v":16307.200753333333,"d":"16,307"}},{"v":12349.157000000001,"d":"12,349"},{"v":0.7572824537329453,"d":"75.7%"}]
["Member 1975","1974-05-03","F",{"v":174341.04,"d":"174,341"},{"v":0.8,"d":"80%"},{"v":0.85,"d":"85%"},{"v":0.75,"d":"75%"},{"v":0.1,"d":"10%"},null,44,{"v":14528.42,"d":"14,528"},{"v":1452.842,"d":"1,453"},{"v":18160.524999999998,"d":"18,161"},{"v":16707.682999999997,"d":"16,708"},{"$f":"(M359*12-(VLOOKUP(N359*12,'Tax table'!$A$3:$C$10,3)*(N359*12-VLOOKUP(N359*12,'Tax table'!$A$3:$C$10,1))+VLOOKUP(N359*12,'Tax table'!$A$3:$C$10,2)))/12","v":{"v":16307.200753333333,"d":"16,307"}},{"v":13075.578,"d":"13,076"},{"$f":"(VLOOKUP(P359*12,'Tax table'!$A$3:$C$10,3)*(P359*12-VLOOKUP(P359*12,'Tax table'!$A$3:$C$10,1))+VLOOKUP(P359*12,'Tax table'!$A$3:$C$10,2))/12","v":{"v":1168.6040399999997,"d":"1,169"}},{"v":13359.81596,"d":"13,360"},{"v":11355.843566,"d":"11,356"},{"v":0.6963698882335012,"d":"69.6%"},{"v":34067.530698,"d":"34,068"},{"$f":"IF($B$15=\"Yes\",MIN(S359*2,References!$B$7),0)","v":{"v":22711.687132,"d":"22,712"}},{"$f":"IF(AND(D359<>0,$B$16=\"Yes\"),References!$B$6,0)","v":{"v":100000,"d":"100,000"}},{"v":2003.9723940000003,"d":"2,004"},{"v":10896.315,"d":"10,896"},{"v":1452.842,"d":"1,453"},{"v":12349.157000000001,"d":"12,349"},{"v":16707.682999999997,"d":"16,708"},{"$f":"(M359*12-(VLOOKUP(AB359*12,'Tax table'!$A$3:$C$10,3)*(AB359*12-VLOOKUP(AB359*12,'Tax table'!$A$3:$C$10,1))+VLOOKUP(AB359*12,'Tax table'!$A$3:$C$10,2)))/12","v":{"v":16307.200753333333,"d":"16,307"}},{"v":12349.157000000001,"d":"12,349"},{"v":0.7572824537329453,"d":"75.7%"}]
["Member 1976","1980-03-10","F",{"v":174341.04,"d":"174,341"},{"v":0.8,"d":"80%"},{"v":0.85,"d":"85%"},{"v":0.75,"d":"75%"},{"v":0.1,"d":"10%"},null,38,{"v":14528.42,"d":"14,528"},{"v":1452.842,"d":"1,453"},{"v":18160.524999999998,"d":"18,161"},{"v":16707.682999999997,"d":"16,708"},{"$f":"(M360*12-(VLOOKUP(N360*12,'Tax table'!$A$3:$C$10,3)*(N360*12-VLOOKUP(N360*12,'Tax table'!$A$3:$C$10,1))+VLOOKUP(N360*12,'Tax table'!$A$3:$C$10,2)))/12","v":{"v":16307.200753333333,"d":"16,307"}},{"v":13075.578,"d":"13,076"},{"$f":"(VLOOKUP(P360*12,'Tax table'!$A$3:$C$10,3)*(P360*12-VLOOKUP(P360*12,'Tax table'!$A$3:$C$10,1))+VLOOKUP(P360*12,'Tax table'!$A$3:$C$10,2))/12","v":{"v":1168.6040399999997,"d":"1,169"}},{"v":13359.81596,"d":"13,360"},{"v":11355.843566,"d":"11,356"},{"v":0.6963698882335012,"d":"69.6%"},{"v":34067.530698,"d":"34,068"},{"$f":"IF($B$15=\"Yes\",MIN(S360*2,References!$B$7),0)","v":{"v":22711.687132,"d":"22,712"}},{"$f":"IF(AND(D360<>0,$B$16=\"Yes\"),References!$B$6,0)","v":{"v":100000,"d":"100,000"}},{"v":2003.9723940000003,"d":"2,004"},{"v":10896.315,"d":"10,896"},{"v":1452.842,"d":"1,453"},{"v":12349.157000000001,"d":"12,349"},{"v":16707.682999999997,"d":"16,708"},{"$f":"(M360*12-(VLOOKUP(AB360*12,'Tax table'!$A$3:$C$10,3)*(AB360*12-VLOOKUP(AB360*12,'Tax table'!$A$3:$C$10,1))+VLOOKUP(AB360*12,'Tax table'!$A$3:$C$10,2)))/12","v":{"v":16307.200753333333,"d":"16,307"}},{"v":12349.157000000001,"d":"12,349"},{"v":0.7572824537329453,"d":"75.7%"}]
["Member 1947","1969-04-01","F",{"v":174384.12,"d":"174,384"},{"v":0.8,"d":"80%"},{"v":0.85,"d":"85%"},{"v":0.75,"d":"75%"},{"v":0.1,"d":"10%"},null,49,{"v":14532.01,"d":"14,532"},{"v":1453.201,"d":"1,453"},{"v":18165.0125,"d":"18,165"},{"v":16711.8115,"d":"16,712"},{"$f":"(M361*12-(VLOOKUP(N361*12,'Tax table'!$A$3:$C$10,3)*(N361*12-VLOOKUP(N361*12,'Tax table'!$A$3:$C$10,1))+VLOOKUP(N361*12,'Tax table'!$A$3:$C$10,2)))/12","v":{"v":16310.614843333335,"d":"16,311"}},{"v":13078.809000000001,"d":"13,079"},{"$f":"(VLOOKUP(P361*12,'Tax table'!$A$3:$C$10,3)*(P361*12-VLOOKUP(P361*12,'Tax table'!$A$3:$C$10,1))+VLOOKUP(P361*12,'Tax table'!$A$3:$C$10,2))/12","v":{"v":1169.1856200000002,"d":"1,169"}},{"v":13362.82438,"d":"13,363"},{"v":11358.400722999999,"d":"11,358"},{"v":0.6963809048340405,"d":"69.6%"},{"v":34075.202169,"d":"34,075"},{"$f":"IF($B$15=\"Yes\",MIN(S361*2,References!$B$7),0)","v":{"v":22716.801445999998,"d":"22,717"}},{"$f":"IF(AND(D361<>0,$B$16=\"Yes\"),References!$B$6,0)","v":{"v":100000,"d":"100,000"}},{"v":2004.4236570000012,"d":"2,004"},{"v":10899.0075,"d":"10,899"},{"v":1453.201,"d":"1,453"},{"v":12352.2085,"d":"12,352"},{"v":16711.8115,"d":"16,712"},{"$f":"(M361*12-(VLOOKUP(AB361*12,'Tax table'!$A$3:$C$10,3)*(AB361*12-VLOOKUP(AB361*12,'Tax table'!$A$3:$C$10,1))+VLOOKUP(AB361*12,'Tax table'!$A$3:$C$10,2)))/12","v":{"v":16310.614843333335,"d":"16,311"}},{"v":12352.2085,"d":"12,352"},{"v":0.7573110283484341,"d":"75.7%"}]
["Member 1946","1982-02-27","M",{"v":174440.64,"d":"174,441"},{"v":0.8,"d":"80%"},{"v":0.85,"d":"85%"},{"v":0.75,"d":"75%"},{"v":0.1,"d":"10%"},null,36,{"v":14536.720000000001,"d":"14,537"},{"v":1453.6720000000003,"d":"1,454"},{"v":18170.9,"d":"18,171"},{"v":16717.228000000003,"d":"16,717"},{"$f":"(M362*12-(VLOOKUP(N362*12,'Tax table'!$A$3:$C$10,3)*(N362*12-VLOOKUP(N362*12,'Tax table'!$A$3:$C$10,1))+VLOOKUP(N362*12,'Tax table'!$A$3:$C$10,2)))/12","v":{"v":16315.094053333334,"d":"16,315"}},{"v":13083.048,"d":"13,083"},{"$f":"(VLOOKUP(P362*12,'Tax table'!$A$3:$C$10,3)*(P362*12-VLOOKUP(P362*12,'Tax table'!$A$3:$C$10,1))+VLOOKUP(P362*12,'Tax table'!$A$3:$C$10,2))/12","v":{"v":1169.9486399999998,"d":"1,170"}},{"v":13366.77136,"d":"13,367"},{"v":11361.755656,"d":"11,362"},{"v":0.696395351375782,"d":"69.6%"},{"v":34085.266967999996,"d":"34,085"},{"$f":"IF($B$15=\"Yes\",MIN(S362*2,References!$B$7),0)","v":{"v":22723.511312,"d":"22,724"}},{"$f":"IF(AND(D362<>0,$B$16=\"Yes\"),References!$B$6,0)","v":{"v":100000,"d":"100,000"}},{"v":2005.0157040000013,"d":"2,005"},{"v":10902.54,"d":"10,903"},{"v":1453.6720000000003,"d":"1,454"},{"v":12356.212000000001,"d":"12,356"},{"v":16717.228000000003,"d":"16,717"},{"$f":"(M362*12-(VLOOKUP(AB362*12,'Tax table'!$A$3:$C$10,3)*(AB362*12-VLOOKUP(AB362*12,'Tax table'!$A$3:$C$10,1))+VLOOKUP(AB362*12,'Tax table'!$A$3:$C$10,2)))/12","v":{"v":16315.094053333334,"d":"16,315"}},{"v":12356.212000000001,"d":"12,356"},{"v":0.7573484994697598,"d":"75.7%"}]
["Member 1945","1981-06-01","F",{"v":174459.48,"d":"174,459"},{"v":0.8,"d":"80%"},{"v":0.85,"d":"85%"},{"v":0.75,"d":"75%"},{"v":0.1,"d":"10%"},null,37,{"v":14538.29,"d":"14,538"},{"v":1453.8290000000002,"d":"1,454"},{"v":18172.8625,"d":"18,173"},{"v":16719.033499999998,"d":"16,719"},{"$f":"(M363*12-(VLOOKUP(N363*12,'Tax table'!$A$3:$C$10,3)*(N363*12-VLOOKUP(N363*12,'Tax table'!$A$3:$C$10,1))+VLOOKUP(N363*12,'Tax table'!$A$3:$C$10,2)))/12","v":{"v":16316.587123333331,"d":"16,317"}},{"v":13084.461000000001,"d":"13,084"},{"$f":"(VLOOKUP(P363*12,'Tax table'!$A$3:$C$10,3)*(P363*12-VLOOKUP(P363*12,'Tax table'!$A$3:$C$10,1))+VLOOKUP(P363*12,'Tax table'!$A$3:$C$10,2))/12","v":{"v":1170.20298,"d":"1,170"}},{"v":13368.08702,"d":"13,368"},{"v":11362.873967,"d":"11,363"},{"v":0.6964001651270972,"d":"69.6%"},{"v":34088.621901,"d":"34,089"},{"$f":"IF($B$15=\"Yes\",MIN(S363*2,References!$B$7),0)","v":{"v":22725.747934,"d":"22,726"}},{"$f":"IF(AND(D363<>0,$B$16=\"Yes\"),References!$B$6,0)","v":{"v":100000,"d":"100,000"}},{"v":2005.2130530000013,"d":"2,005"},{"v":10903.7175,"d":"10,904"},{"v":1453.8290000000002,"d":"1,454"},{"v":12357.5465,"d":"12,358"},{"v":16719.033499999998,"d":"16,719"},{"$f":"(M363*12-(VLOOKUP(AB363*12,'Tax table'!$A$3:$C$10,3)*(AB363*12-VLOOKUP(AB363*12,'Tax table'!$A$3:$C$10,1))+VLOOKUP(AB363*12,'Tax table'!$A$3:$C$10,2)))/12","v":{"v":16316.587123333331,"d":"16,317"}},{"v":12357.5465,"d":"12,358"},{"v":0.7573609852717451,"d":"75.7%"}]
["Member 1944","1990-05-19","M",{"v":174505.68,"d":"174,506"},{"v":0.8,"d":"80%"},{"v":0.85,"d":"85%"},{"v":0.75,"d":"75%"},{"v":0.1,"d":"10%"},null,28,{"v":14542.14,"d":"14,542"},{"v":1454.214,"d":"1,454"},{"v":18177.675,"d":"18,178"},{"v":16723.461,"d":"16,723"},{"$f":"(M364*12-(VLOOKUP(N364*12,'Tax table'!$A$3:$C$10,3)*(N364*12-VLOOKUP(N364*12,'Tax table'!$A$3:$C$10,1))+VLOOKUP(N364*12,'Tax table'!$A$3:$C$10,2)))/12","v":{"v":16320.248473333331,"d":"16,320"}},{"v":13087.926,"d":"13,088"},{"$f":"(VLOOKUP(P364*12,'Tax table'!$A$3:$C$10,3)*(P364*12-VLOOKUP(P364*12,'Tax table'!$A$3:$C$10,1))+VLOOKUP(P364*12,'Tax table'!$A$3:$C$10,2))/12","v":{"v":1170.82668,"d":"1,171"}},{"v":13371.31332,"d":"13,371"},{"v":11365.616322,"d":"11,366"},{"v":0.696411965820924,"d":"69.6%"},{"v":34096.848966,"d":"34,097"},{"$f":"IF($B$15=\"Yes\",MIN(S364*2,References!$B$7),0)","v":{"v":22731.232644,"d":"22,731"}},{"$f":"IF(AND(D364<>0,$B$16=\"Yes\"),References!$B$6,0)","v":{"v":100000,"d":"100,000"}},{"v":2005.6969979999994,"d":"2,006"},{"v":10906.605,"d":"10,907"},{"v":1454.214,"d":"1,454"},{"v":12360.819,"d":"12,361"},{"v":16723.461,"d":"16,723"},{"$f":"(M364*12-(VLOOKUP(AB364*12,'Tax table'!$A$3:$C$10,3)*(AB364*12-VLOOKUP(AB364*12,'Tax table'!$A$3:$C$10,1))+VLOOKUP(AB364*12,'Tax table'!$A$3:$C$10,2)))/12","v":{"v":16320.248473333331,"d":"16,320"}},{"v":12360.819,"d":"12,361"},{"v":0.7573915936511083,"d":"75.7%"}]
["Member 1943","1981-08-13","F",{"v":174663.84,"d":"174,664"},{"v":0.8,"d":"80%"},{"v":0.85,"d":"85%"},{"v":0.75,"d":"75%"},{"v":0.1,"d":"10%"},null,37,{"v":14555.32,"d":"14,555"},{"v":1455.5320000000002,"d":"1,456"},{"v":18194.149999999998,"d":"18,194"},{"v":16738.618,"d":"16,739"},{"$f":"(M365*12-(VLOOKUP(N365*12,'Tax table'!$A$3:$C$10,3)*(N365*12-VLOOKUP(N365*12,'Tax table'!$A$3:$C$10,1))+VLOOKUP(N365*12,'Tax table'!$A$3:$C$10,2)))/12","v":{"v":16332.782653333334,"d":"16,333"}},{"v":13099.788,"d":"13,100"},{"$f":"(VLOOKUP(P365*12,'Tax table'!$A$3:$C$10,3)*(P365*12-VLOOKUP(P365*12,'Tax table'!$A$3:$C$10,1))+VLOOKUP(P365*12,'Tax table'!$A$3:$C$10,2))/12","v":{"v":1172.9618400000002,"d":"1,173"}},{"v":13382.35816,"d":"13,382"},{"v":11375.004436,"d":"11,375"},{"v":0.6964523239815777,"d":"69.6%"},{"v":34125.013307999994,"d":"34,125"},{"$f":"IF($B$15=\"Yes\",MIN(S365*2,References!$B$7),0)","v":{"v":22750.008872,"d":"22,750"}},{"$f":"IF(AND(D365<>0,$B$16=\"Yes\"),References!$B$6,0)","v":{"v":100000,"d":"100,000"}},{"v":2007.3537240000005,"d":"2,007"},{"v":10916.49,"d":"10,916"},{"v":1455.5320000000002,"d":"1,456"},{"v":12372.022,"d":"12,372"},{"v":16738.618,"d":"16,739"},{"$f":"(M365*12-(VLOOKUP(AB365*12,'Tax table'!$A$3:$C$10,3)*(AB365*12-VLOOKUP(AB365*12,'Tax table'!$A$3:$C$10,1))+VLOOKUP(AB365*12,'Tax table'!$A$3:$C$10,2)))/12","v":{"v":16332.782653333334,"d":"16,333"}},{"v":12372.022,"d":"12,372"},{"v":0.7574962737580428,"d":"75.7%"}]
["Member 1942","1973-02-10","F",{"v":174691.08,"d":"174,691"},{"v":0.8,"d":"80%"},{"v":0.85,"d":"85%"},{"v":0.75,"d":"75%"},{"v":0.1,"d":"10%"},null,45,{"v":14557.589999999998,"d":"14,558"},{"v":1455.759,"d":"1,456"},{"v":18196.987499999996,"d":"18,197"},{"v":16741.228499999997,"d":"16,741"},{"$f":"(M366*12-(VLOOKUP(N366*12,'Tax table'!$A$3:$C$10,3)*(N366*12-VLOOKUP(N366*12,'Tax table'!$A$3:$C$10,1))+VLOOKUP(N366*12,'Tax table'!$A$3:$C$10,2)))/12","v":{"v":16334.94142333333,"d":"16,335"}},{"v":13101.830999999998,"d":"13,102"},{"$f":"(VLOOKUP(P366*12,'Tax table'!$A$3:$C$10,3)*(P366*12-VLOOKUP(P366*12,'Tax table'!$A$3:$C$10,1))+VLOOKUP(P366*12,'Tax table'!$A$3:$C$10,2))/12","v":{"v":1173.3295799999996,"d":"1,173"}},{"v":13384.260419999999,"d":"13,384"},{"v":11376.621356999998,"d":"11,377"},{"v":0.6964592686417157,"d":"69.6%"},{"v":34129.864070999996,"d":"34,130"},{"$f":"IF($B$15=\"Yes\",MIN(S366*2,References!$B$7),0)","v":{"v":22753.242713999996,"d":"22,753"}},{"$f":"IF(AND(D366<>0,$B$16=\"Yes\"),References!$B$6,0)","v":{"v":100000,"d":"100,000"}},{"v":2007.6390630000005,"d":"2,008"},{"v":10918.1925,"d":"10,918"},{"v":1455.759,"d":"1,456"},{"v":12373.9515,"d":"12,374"},{"v":16741.228499999997,"d":"16,741"},{"$f":"(M366*12-(VLOOKUP(AB366*12,'Tax table'!$A$3:$C$10,3)*(AB366*12-VLOOKUP(AB366*12,'Tax table'!$A$3:$C$10,1))+VLOOKUP(AB366*12,'Tax table'!$A$3:$C$10,2)))/12","v":{"v":16334.94142333333,"d":"16,335"}},{"v":12373.9515,"d":"12,374"},{"v":0.7575142866643322,"d":"75.8%"}]
["Member 1941","1986-10-10","M",{"v":174776.04,"d":"174,776"},{"v":0.8,"d":"80%"},{"v":0.85,"d":"85%"},{"v":0.75,"d":"75%"},{"v":0.1,"d":"10%"},null,32,{"v":14564.67,"d":"14,565"},{"v":1456.467,"d":"1,456"},{"v":18205.837499999998,"d":"18,206"},{"v":16749.370499999997,"d":"16,749"},{"$f":"(M367*12-(VLOOKUP(N367*12,'Tax table'!$A$3:$C$10,3)*(N367*12-VLOOKUP(N367*12,'Tax table'!$A$3:$C$10,1))+VLOOKUP(N367*12,'Tax table'!$A$3:$C$10,2)))/12","v":{"v":16341.674503333334,"d":"16,342"}},{"v":13108.203,"d":"13,108"},{"$f":"(VLOOKUP(P367*12,'Tax table'!$A$3:$C$10,3)*(P367*12-VLOOKUP(P367*12,'Tax table'!$A$3:$C$10,1))+VLOOKUP(P367*12,'Tax table'!$A$3:$C$10,2))/12","v":{"v":1174.4765399999999,"d":"1,174"}},{"v":13390.19346,"d":"13,390"},{"v":11381.664441,"d":"11,382"},{"v":0.6964809168533125,"d":"69.6%"},{"v":34144.993323,"d":"34,145"},{"$f":"IF($B$15=\"Yes\",MIN(S367*2,References!$B$7),0)","v":{"v":22763.328882,"d":"22,763"}},{"$f":"IF(AND(D367<>0,$B$16=\"Yes\"),References!$B$6,0)","v":{"v":100000,"d":"100,000"}},{"v":2008.5290189999996,"d":"2,009"},{"v":10923.5025,"d":"10,924"},{"v":1456.467,"d":"1,456"},{"v":12379.969500000001,"d":"12,380"},{"v":16749.370499999997,"d":"16,749"},{"$f":"(M367*12-(VLOOKUP(AB367*12,'Tax table'!$A$3:$C$10,3)*(AB367*12-VLOOKUP(AB367*12,'Tax table'!$A$3:$C$10,1))+VLOOKUP(AB367*12,'Tax table'!$A$3:$C$10,2)))/12","v":{"v":16341.674503333334,"d":"16,342"}},{"v":12379.969500000001,"d":"12,380"},{"v":0.757570437318083,"d":"75.8%"}]
["Member 1940","1983-03-21","F",{"v":174790.92,"d":"174,791"},{"v":0.8,"d":"80%"},{"v":0.85,"d":"85%"},{"v":0.75,"d":"75%"},{"v":0.1,"d":"10%"},null,35,{"v":14565.910000000002,"d":"14,566"},{"v":1456.5910000000003,"d":"1,457"},{"v":18207.3875,"d":"18,207"},{"v":16750.7965,"d":"16,751"},{"$f":"(M368*12-(VLOOKUP(N368*12,'Tax table'!$A$3:$C$10,3)*(N368*12-VLOOKUP(N368*12,'Tax table'!$A$3:$C$10,1))+VLOOKUP(N368*12,'Tax table'!$A$3:$C$10,2)))/12","v":{"v":16342.853743333335,"d":"16,343"}},{"v":13109.319000000001,"d":"13,109"},{"$f":"(VLOOKUP(P368*12,'Tax table'!$A$3:$C$10,3)*(P368*12-VLOOKUP(P368*12,'Tax table'!$A$3:$C$10,1))+VLOOKUP(P368*12,'Tax table'!$A$3:$C$10,2))/12","v":{"v":1174.6774200000002,"d":"1,175"}},{"v":13391.232580000002,"d":"13,391"},{"v":11382.547693,"d":"11,383"},{"v":0.6964847065123636,"d":"69.6%"},{"v":34147.643079,"d":"34,148"},{"$f":"IF($B$15=\"Yes\",MIN(S368*2,References!$B$7),0)","v":{"v":22765.095386,"d":"22,765"}},{"$f":"IF(AND(D368<>0,$B$16=\"Yes\"),References!$B$6,0)","v":{"v":100000,"d":"100,000"}},{"v":2008.6848870000013,"d":"2,009"},{"v":10924.4325,"d":"10,924"},{"v":1456.5910000000003,"d":"1,457"},{"v":12381.023500000001,"d":"12,381"},{"v":16750.7965,"d":"16,751"},{"$f":"(M368*12-(VLOOKUP(AB368*12,'Tax table'!$A$3:$C$10,3)*(AB368*12-VLOOKUP(AB368*12,'Tax table'!$A$3:$C$10,1))+VLOOKUP(AB368*12,'Tax table'!$A$3:$C$10,2)))/12","v":{"v":16342.853743333335,"d":"16,343"}},{"v":12381.023500000001,"d":"12,381"},{"v":0.7575802668521423,"d":"75.8%"}]
["Member 1939","1974-04-03","F",{"v":174890.88,"d":"174,891"},{"v":0.8,"d":"80%"},{"v":0.85,"d":"85%"},{"v":0.75,"d":"75%"},{"v":0.1,"d":"10%"},null,44,{"v":14574.24,"d":"14,574"},{"v":1457.424,"d":"1,457"},{"v":18217.8,"d":"18,218"},{"v":16760.376,"d":"16,760"},{"$f":"(M369*12-(VLOOKUP(N369*12,'Tax table'!$A$3:$C$10,3)*(N369*12-VLOOKUP(N369*12,'Tax table'!$A$3:$C$10,1))+VLOOKUP(N369*12,'Tax table'!$A$3:$C$10,2)))/12","v":{"v":16350.775573333332,"d":"16,351"}},{"v":13116.815999999999,"d":"13,117"},{"$f":"(VLOOKUP(P369*12,'Tax table'!$A$3:$C$10,3)*(P369*12-VLOOKUP(P369*12,'Tax table'!$A$3:$C$10,1))+VLOOKUP(P369*12,'Tax table'!$A$3:$C$10,2))/12","v":{"v":1176.0268799999997,"d":"1,176"}},{"v":13398.21312,"d":"13,398"},{"v":11388.481152,"d":"11,388"},{"v":0.6965101502936414,"d":"69.7%"},{"v":34165.443456,"d":"34,165"},{"$f":"IF($B$15=\"Yes\",MIN(S369*2,References!$B$7),0)","v":{"v":22776.962304,"d":"22,777"}},{"$f":"IF(AND(D369<>0,$B$16=\"Yes\"),References!$B$6,0)","v":{"v":100000,"d":"100,000"}},{"v":2009.731968,"d":"2,010"},{"v":10930.68,"d":"10,931"},{"v":1457.424,"d":"1,457"},{"v":12388.104,"d":"12,388"},{"v":16760.376,"d":"16,760"},{"$f":"(M369*12-(VLOOKUP(AB369*12,'Tax table'!$A$3:$C$10,3)*(AB369*12-VLOOKUP(AB369*12,'Tax table'!$A$3:$C$10,1))+VLOOKUP(AB369*12,'Tax table'!$A$3:$C$10,2)))/12","v":{"v":16350.775573333332,"d":"16,351"}},{"v":12388.104,"d":"12,388"},{"v":0.7576462623708138,"d":"75.8%"}]
["Member 1938","1978-01-09","M",{"v":174910.92,"d":"174,911"},{"v":0.8,"d":"80%"},{"v":0.85,"d":"85%"},{"v":0.75,"d":"75%"},{"v":0.1,"d":"10%"},null,40,{"v":14575.910000000002,"d":"14,576"},{"v":1457.5910000000003,"d":"1,458"},{"v":18219.8875,"d":"18,220"},{"v":16762.2965,"d":"16,762"},{"$f":"(M370*12-(VLOOKUP(N370*12,'Tax table'!$A$3:$C$10,3)*(N370*12-VLOOKUP(N370*12,'Tax table'!$A$3:$C$10,1))+VLOOKUP(N370*12,'Tax table'!$A$3:$C$10,2)))/12","v":{"v":16352.363743333335,"d":"16,352"}},{"v":13118.319000000001,"d":"13,118"},{"$f":"(VLOOKUP(P370*12,'Tax table'!$A$3:$C$10,3)*(P370*12-VLOOKUP(P370*12,'Tax table'!$A$3:$C$10,1))+VLOOKUP(P370*12,'Tax table'!$A$3:$C$10,2))/12","v":{"v":1176.29742,"d":"1,176"}},{"v":13399.61258,"d":"13,400"},{"v":11389.670693,"d":"11,390"},{"v":0.6965152483012392,"d":"69.7%"},{"v":34169.012079,"d":"34,169"},{"$f":"IF($B$15=\"Yes\",MIN(S370*2,References!$B$7),0)","v":{"v":22779.341386,"d":"22,779"}},{"$f":"IF(AND(D370<>0,$B$16=\"Yes\"),References!$B$6,0)","v":{"v":100000,"d":"100,000"}},{"v":2009.9418870000009,"d":"2,010"},{"v":10931.9325,"d":"10,932"},{"v":1457.5910000000003,"d":"1,458"},{"v":12389.523500000001,"d":"12,390"},{"v":16762.2965,"d":"16,762"},{"$f":"(M370*12-(VLOOKUP(AB370*12,'Tax table'!$A$3:$C$10,3)*(AB370*12-VLOOKUP(AB370*12,'Tax table'!$A$3:$C$10,1))+VLOOKUP(AB370*12,'Tax table'!$A$3:$C$10,2)))/12","v":{"v":16352.363743333335,"d":"16,352"}},{"v":12389.523500000001,"d":"12,390"},{"v":0.757659485470476,"d":"75.8%"}]
["Member 2","1953-04-02","M",{"v":175012,"d":"175,012"},{"v":0.8,"d":"80%"},{"v":0.85,"d":"85%"},{"v":0.75,"d":"75%"},{"v":0.1,"d":"10%"},null,65,{"v":14584.333333333334,"d":"14,584"},{"v":1458.4333333333334,"d":"1,458"},{"v":18230.416666666668,"d":"18,230"},{"v":16771.983333333334,"d":"16,772"},{"$f":"(M371*12-(VLOOKUP(N371*12,'Tax table'!$A$3:$C$10,3)*(N371*12-VLOOKUP(N371*12,'Tax table'!$A$3:$C$10,1))+VLOOKUP(N371*12,'Tax table'!$A$3:$C$10,2)))/12","v":{"v":16360.374333333333,"d":"16,360"}},{"v":13125.900000000001,"d":"13,126"},{"$f":"(VLOOKUP(P371*12,'Tax table'!$A$3:$C$10,3)*(P371*12-VLOOKUP(P371*12,'Tax table'!$A$3:$C$10,1))+VLOOKUP(P371*12,'Tax table'!$A$3:$C$10,2))/12","v":{"v":1177.6620000000003,"d":"1,178"}},{"v":13406.671333333334,"d":"13,407"},{"v":11395.670633333333,"d":"11,396"},{"v":0.6965409471172858,"d":"69.7%"},{"v":34187.0119,"d":"34,187"},{"$f":"IF($B$15=\"Yes\",MIN(S371*2,References!$B$7),0)","v":{"v":22791.341266666666,"d":"22,791"}},{"$f":"IF(AND(D371<>0,$B$16=\"Yes\"),References!$B$6,0)","v":{"v":100000,"d":"100,000"}},{"v":2011.0007000000005,"d":"2,011"},{"v":10938.25,"d":"10,938"},{"v":1458.4333333333334,"d":"1,458"},{"v":12396.683333333334,"d":"12,397"},{"v":16771.983333333334,"d":"16,772"},{"$f":"(M371*12-(VLOOKUP(AB371*12,'Tax table'!$A$3:$C$10,3)*(AB371*12-VLOOKUP(AB371*12,'Tax table'!$A$3:$C$10,1))+VLOOKUP(AB371*12,'Tax table'!$A$3:$C$10,2)))/12","v":{"v":16360.374333333333,"d":"16,360"}},{"v":12396.683333333334,"d":"12,397"},{"v":0.7577261424927054,"d":"75.8%"}]
["Member 1937","1958-07-11","M",{"v":175196.16,"d":"175,196"},{"v":0.8,"d":"80%"},{"v":0.85,"d":"85%"},{"v":0.75,"d":"75%"},{"v":0.1,"d":"10%"},null,60,{"v":14599.68,"d":"14,600"},{"v":1459.968,"d":"1,460"},{"v":18249.6,"d":"18,250"},{"v":16789.631999999998,"d":"16,790"},{"$f":"(M372*12-(VLOOKUP(N372*12,'Tax table'!$A$3:$C$10,3)*(N372*12-VLOOKUP(N372*12,'Tax table'!$A$3:$C$10,1))+VLOOKUP(N372*12,'Tax table'!$A$3:$C$10,2)))/12","v":{"v":16374.969013333333,"d":"16,375"}},{"v":13139.712,"d":"13,140"},{"$f":"(VLOOKUP(P372*12,'Tax table'!$A$3:$C$10,3)*(P372*12-VLOOKUP(P372*12,'Tax table'!$A$3:$C$10,1))+VLOOKUP(P372*12,'Tax table'!$A$3:$C$10,2))/12","v":{"v":1180.14816,"d":"1,180"}},{"v":13419.53184,"d":"13,420"},{"v":11406.602063999999,"d":"11,407"},{"v":0.6965877037515101,"d":"69.7%"},{"v":34219.806192,"d":"34,220"},{"$f":"IF($B$15=\"Yes\",MIN(S372*2,References!$B$7),0)","v":{"v":22813.204127999998,"d":"22,813"}},{"$f":"IF(AND(D372<>0,$B$16=\"Yes\"),References!$B$6,0)","v":{"v":100000,"d":"100,000"}},{"v":2012.9297760000009,"d":"2,013"},{"v":10949.76,"d":"10,950"},{"v":1459.968,"d":"1,460"},{"v":12409.728000000001,"d":"12,410"},{"v":16789.631999999998,"d":"16,790"},{"$f":"(M372*12-(VLOOKUP(AB372*12,'Tax table'!$A$3:$C$10,3)*(AB372*12-VLOOKUP(AB372*12,'Tax table'!$A$3:$C$10,1))+VLOOKUP(AB372*12,'Tax table'!$A$3:$C$10,2)))/12","v":{"v":16374.969013333333,"d":"16,375"}},{"v":12409.728000000001,"d":"12,410"},{"v":0.7578474188192581,"d":"75.8%"}]
["Member 1936","1978-08-24","M",{"v":175382.88,"d":"175,383"},{"v":0.8,"d":"80%"},{"v":0.85,"d":"85%"},{"v":0.75,"d":"75%"},{"v":0.1,"d":"10%"},null,40,{"v":14615.24,"d":"14,615"},{"v":1461.5240000000001,"d":"1,462"},{"v":18269.05,"d":"18,269"},{"v":16807.525999999998,"d":"16,808"},{"$f":"(M373*12-(VLOOKUP(N373*12,'Tax table'!$A$3:$C$10,3)*(N373*12-VLOOKUP(N373*12,'Tax table'!$A$3:$C$10,1))+VLOOKUP(N373*12,'Tax table'!$A$3:$C$10,2)))/12","v":{"v":16389.76657333333,"d":"16,390"}},{"v":13153.716,"d":"13,154"},{"$f":"(VLOOKUP(P373*12,'Tax table'!$A$3:$C$10,3)*(P373*12-VLOOKUP(P373*12,'Tax table'!$A$3:$C$10,1))+VLOOKUP(P373*12,'Tax table'!$A$3:$C$10,2))/12","v":{"v":1182.66888,"d":"1,183"}},{"v":13432.57112,"d":"13,433"},{"v":11417.685452,"d":"11,418"},{"v":0.6966350253320225,"d":"69.7%"},{"v":34253.056356,"d":"34,253"},{"$f":"IF($B$15=\"Yes\",MIN(S373*2,References!$B$7),0)","v":{"v":22835.370904,"d":"22,835"}},{"$f":"IF(AND(D373<>0,$B$16=\"Yes\"),References!$B$6,0)","v":{"v":100000,"d":"100,000"}},{"v":2014.8856680000008,"d":"2,015"},{"v":10961.43,"d":"10,961"},{"v":1461.5240000000001,"d":"1,462"},{"v":12422.954,"d":"12,423"},{"v":16807.525999999998,"d":"16,808"},{"$f":"(M373*12-(VLOOKUP(AB373*12,'Tax table'!$A$3:$C$10,3)*(AB373*12-VLOOKUP(AB373*12,'Tax table'!$A$3:$C$10,1))+VLOOKUP(AB373*12,'Tax table'!$A$3:$C$10,2)))/12","v":{"v":16389.76657333333,"d":"16,390"}},{"v":12422.954,"d":"12,423"},{"v":0.7579701604910309,"d":"75.8%"}]
["Member 1926","1965-04-26","M",{"v":175383.84,"d":"175,384"},{"v":0.8,"d":"80%"},{"v":0.85,"d":"85%"},{"v":0.75,"d":"75%"},{"v":0.1,"d":"10%"},null,53,{"v":14615.32,"d":"14,615"},{"v":1461.5320000000002,"d":"1,462"},{"v":18269.149999999998,"d":"18,269"},{"v":16807.618,"d":"16,808"},{"$f":"(M374*12-(VLOOKUP(N374*12,'Tax table'!$A$3:$C$10,3)*(N374*12-VLOOKUP(N374*12,'Tax table'!$A$3:$C$10,1))+VLOOKUP(N374*12,'Tax table'!$A$3:$C$10,2)))/12","v":{"v":16389.842653333333,"d":"16,390"}},{"v":13153.788,"d":"13,154"},{"$f":"(VLOOKUP(P374*12,'Tax table'!$A$3:$C$10,3)*(P374*12-VLOOKUP(P374*12,'Tax table'!$A$3:$C$10,1))+VLOOKUP(P374*12,'Tax table'!$A$3:$C$10,2))/12","v":{"v":1182.68184,"d":"1,183"}},{"v":13432.63816,"d":"13,433"},{"v":11417.742436,"d":"11,418"},{"v":0.6966352684098455,"d":"69.7%"},{"v":34253.227308,"d":"34,253"},{"$f":"IF($B$15=\"Yes\",MIN(S374*2,References!$B$7),0)","v":{"v":22835.484872,"d":"22,835"}},{"$f":"IF(AND(D374<>0,$B$16=\"Yes\"),References!$B$6,0)","v":{"v":100000,"d":"100,000"}},{"v":2014.895724,"d":"2,015"},{"v":10961.49,"d":"10,961"},{"v":1461.5320000000002,"d":"1,462"},{"v":12423.022,"d":"12,423"},{"v":16807.618,"d":"16,808"},{"$f":"(M374*12-(VLOOKUP(AB374*12,'Tax table'!$A$3:$C$10,3)*(AB374*12-VLOOKUP(AB374*12,'Tax table'!$A$3:$C$10,1))+VLOOKUP(AB374*12,'Tax table'!$A$3:$C$10,2)))/12","v":{"v":16389.842653333333,"d":"16,390"}},{"v":12423.022,"d":"12,423"},{"v":0.7579707909809269,"d":"75.8%"}]
["Member 1927","1982-10-18","F",{"v":175383.84,"d":"175,384"},{"v":0.8,"d":"80%"},{"v":0.85,"d":"85%"},{"v":0.75,"d":"75%"},{"v":0.1,"d":"10%"},null,36,{"v":14615.32,"d":"14,615"},{"v":1461.5320000000002,"d":"1,462"},{"v":18269.149999999998,"d":"18,269"},{"v":16807.618,"d":"16,808"},{"$f":"(M375*12-(VLOOKUP(N375*12,'Tax table'!$A$3:$C$10,3)*(N375*12-VLOOKUP(N375*12,'Tax table'!$A$3:$C$10,1))+VLOOKUP(N375*12,'Tax table'!$A$3:$C$10,2)))/12","v":{"v":16389.842653333333,"d":"16,390"}},{"v":13153.788,"d":"13,154"},{"$f":"(VLOOKUP(P375*12,'Tax table'!$A$3:$C$10,3)*(P375*12-VLOOKUP(P375*12,'Tax table'!$A$3:$C$10,1))+VLOOKUP(P375*12,'Tax table'!$A$3:$C$10,2))/12","v":{"v":1182.68184,"d":"1,183"}},{"v":13432.63816,"d":"13,433"},{"v":11417.742436,"d":"11,418"},{"v":0.6966352684098455,"d":"69.7%"},{"v":34253.227308,"d":"34,253"},{"$f":"IF($B$15=\"Yes\",MIN(S375*2,References!$B$7),0)","v":{"v":22835.484872,"d":"22,835"}},{"$f":"IF(AND(D375<>0,$B$16=\"Yes\"),References!$B$6,0)","v":{"v":100000,"d":"100,000"}},{"v":2014.895724,"d":"2,015"},{"v":10961.49,"d":"10,961"},{"v":1461.5320000000002,"d":"1,462"},{"v":12423.022,"d":"12,423"},{"v":16807.618,"d":"16,808"},{"$f":"(M375*12-(VLOOKUP(AB375*12,'Tax table'!$A$3:$C$10,3)*(AB375*12-VLOOKUP(AB375*12,'Tax table'!$A$3:$C$10,1))+VLOOKUP(AB375*12,'Tax table'!$A$3:$C$10,2)))/12","v":{"v":16389.842653333333,"d":"16,390"}},{"v":12423.022,"d":"12,423"},{"v":0.7579707909809269,"d":"75.8%"}]
["Member 1928","1983-03-15","F",{"v":175383.84,"d":"175,384"},{"v":0.8,"d":"80%"},{"v":0.85,"d":"85%"},{"v":0.75,"d":"75%"},{"v":0.1,"d":"10%"},null,35,{"v":14615.32,"d":"14,615"},{"v":1461.5320000000002,"d":"1,462"},{"v":18269.149999999998,"d":"18,269"},{"v":16807.618,"d":"16,808"},{"$f":"(M376*12-(VLOOKUP(N376*12,'Tax table'!$A$3:$C$10,3)*(N376*12-VLOOKUP(N376*12,'Tax table'!$A$3:$C$10,1))+VLOOKUP(N376*12,'Tax table'!$A$3:$C$10,2)))/12","v":{"v":16389.842653333333,"d":"16,390"}},{"v":13153.788,"d":"13,154"},{"$f":"(VLOOKUP(P376*12,'Tax table'!$A$3:$C$10,3)*(P376*12-VLOOKUP(P376*12,'Tax table'!$A$3:$C$10,1))+VLOOKUP(P376*12,'Tax table'!$A$3:$C$10,2))/12","v":{"v":1182.68184,"d":"1,183"}},{"v":13432.63816,"d":"13,433"},{"v":11417.742436,"d":"11,418"},{"v":0.6966352684098455,"d":"69.7%"},{"v":34253.227308,"d":"34,253"},{"$f":"IF($B$15=\"Yes\",MIN(S376*2,References!$B$7),0)","v":{"v":22835.484872,"d":"22,835"}},{"$f":"IF(AND(D376<>0,$B$16=\"Yes\"),References!$B$6,0)","v":{"v":100000,"d":"100,000"}},{"v":2014.895724,"d":"2,015"},{"v":10961.49,"d":"10,961"},{"v":1461.5320000000002,"d":"1,462"},{"v":12423.022,"d":"12,423"},{"v":16807.618,"d":"16,808"},{"$f":"(M376*12-(VLOOKUP(AB376*12,'Tax table'!$A$3:$C$10,3)*(AB376*12-VLOOKUP(AB376*12,'Tax table'!$A$3:$C$10,1))+VLOOKUP(AB376*12,'Tax table'!$A$3:$C$10,2)))/12","v":{"v":16389.842653333333,"d":"16,390"}},{"v":12423.022,"d":"12,423"},{"v":0.7579707909809269,"d":"75.8%"}]
["Member 1929","1970-04-14","M",{"v":175383.84,"d":"175,384"},{"v":0.8,"d":"80%"},{"v":0.85,"d":"85%"},{"v":0.75,"d":"75%"},{"v":0.1,"d":"10%"},null,48,{"v":14615.32,"d":"14,615"},{"v":1461.5320000000002,"d":"1,462"},{"v":18269.149999999998,"d":"18,269"},{"v":16807.618,"d":"16,808"},{"$f":"(M377*12-(VLOOKUP(N377*12,'Tax table'!$A$3:$C$10,3)*(N377*12-VLOOKUP(N377*12,'Tax table'!$A$3:$C$10,1))+VLOOKUP(N377*12,'Tax table'!$A$3:$C$10,2)))/12","v":{"v":16389.842653333333,"d":"16,390"}},{"v":13153.788,"d":"13,154"},{"$f":"(VLOOKUP(P377*12,'Tax table'!$A$3:$C$10,3)*(P377*12-VLOOKUP(P377*12,'Tax table'!$A$3:$C$10,1))+VLOOKUP(P377*12,'Tax table'!$A$3:$C$10,2))/12","v":{"v":1182.68184,"d":"1,183"}},{"v":13432.63816,"d":"13,433"},{"v":11417.742436,"d":"11,418"},{"v":0.6966352684098455,"d":"69.7%"},{"v":34253.227308,"d":"34,253"},{"$f":"IF($B$15=\"Yes\",MIN(S377*2,References!$B$7),0)","v":{"v":22835.484872,"d":"22,835"}},{"$f":"IF(AND(D377<>0,$B$16=\"Yes\"),References!$B$6,0)","v":{"v":100000,"d":"100,000"}},{"v":2014.895724,"d":"2,015"},{"v":10961.49,"d":"10,961"},{"v":1461.5320000000002,"d":"1,462"},{"v":12423.022,"d":"12,423"},{"v":16807.618,"d":"16,808"},{"$f":"(M377*12-(VLOOKUP(AB377*12,'Tax table'!$A$3:$C$10,3)*(AB377*12-VLOOKUP(AB377*12,'Tax table'!$A$3:$C$10,1))+VLOOKUP(AB377*12,'Tax table'!$A$3:$C$10,2)))/12","v":{"v":16389.842653333333,"d":"16,390"}},{"v":12423.022,"d":"12,423"},{"v":0.7579707909809269,"d":"75.8%"}]
["Member 1930","1979-12-20","M",{"v":175383.84,"d":"175,384"},{"v":0.8,"d":"80%"},{"v":0.85,"d":"85%"},{"v":0.75,"d":"75%"},{"v":0.1,"d":"10%"},null,38,{"v":14615.32,"d":"14,615"},{"v":1461.5320000000002,"d":"1,462"},{"v":18269.149999999998,"d":"18,269"},{"v":16807.618,"d":"16,808"},{"$f":"(M378*12-(VLOOKUP(N378*12,'Tax table'!$A$3:$C$10,3)*(N378*12-VLOOKUP(N378*12,'Tax table'!$A$3:$C$10,1))+VLOOKUP(N378*12,'Tax table'!$A$3:$C$10,2)))/12","v":{"v":16389.842653333333,"d":"16,390"}},{"v":13153.788,"d":"13,154"},{"$f":"(VLOOKUP(P378*12,'Tax table'!$A$3:$C$10,3)*(P378*12-VLOOKUP(P378*12,'Tax table'!$A$3:$C$10,1))+VLOOKUP(P378*12,'Tax table'!$A$3:$C$10,2))/12","v":{"v":1182.68184,"d":"1,183"}},{"v":13432.63816,"d":"13,433"},{"v":11417.742436,"d":"11,418"},{"v":0.6966352684098455,"d":"69.7%"},{"v":34253.227308,"d":"34,253"},{"$f":"IF($B$15=\"Yes\",MIN(S378*2,References!$B$7),0)","v":{"v":22835.484872,"d":"22,835"}},{"$f":"IF(AND(D378<>0,$B$16=\"Yes\"),References!$B$6,0)","v":{"v":100000,"d":"100,000"}},{"v":2014.895724,"d":"2,015"},{"v":10961.49,"d":"10,961"},{"v":1461.5320000000002,"d":"1,462"},{"v":12423.022,"d":"12,423"},{"v":16807.618,"d":"16,808"},{"$f":"(M378*12-(VLOOKUP(AB378*12,'Tax table'!$A$3:$C$10,3)*(AB378*12-VLOOKUP(AB378*12,'Tax table'!$A$3:$C$10,1))+VLOOKUP(AB378*12,'Tax table'!$A$3:$C$10,2)))/12","v":{"v":16389.842653333333,"d":"16,390"}},{"v":12423.022,"d":"12,423"},{"v":0.7579707909809269,"d":"75.8%"}]
["Member 1931","1979-12-22","F",{"v":175383.84,"d":"175,384"},{"v":0.8,"d":"80%"},{"v":0.85,"d":"85%"},{"v":0.75,"d":"75%"},{"v":0.1,"d":"10%"},null,38,{"v":14615.32,"d":"14,615"},{"v":1461.5320000000002,"d":"1,462"},{"v":18269.149999999998,"d":"18,269"},{"v":16807.618,"d":"16,808"},{"$f":"(M379*12-(VLOOKUP(N379*12,'Tax table'!$A$3:$C$10,3)*(N379*12-VLOOKUP(N379*12,'Tax table'!$A$3:$C$10,1))+VLOOKUP(N379*12,'Tax table'!$A$3:$C$10,2)))/12","v":{"v":16389.842653333333,"d":"16,390"}},{"v":13153.788,"d":"13,154"},{"$f":"(VLOOKUP(P379*12,'Tax table'!$A$3:$C$10,3)*(P379*12-VLOOKUP(P379*12,'Tax table'!$A$3:$C$10,1))+VLOOKUP(P379*12,'Tax table'!$A$3:$C$10,2))/12","v":{"v":1182.68184,"d":"1,183"}},{"v":13432.63816,"d":"13,433"},{"v":11417.742436,"d":"11,418"},{"v":0.6966352684098455,"d":"69.7%"},{"v":34253.227308,"d":"34,253"},{"$f":"IF($B$15=\"Yes\",MIN(S379*2,References!$B$7),0)","v":{"v":22835.484872,"d":"22,835"}},{"$f":"IF(AND(D379<>0,$B$16=\"Yes\"),References!$B$6,0)","v":{"v":100000,"d":"100,000"}},{"v":2014.895724,"d":"2,015"},{"v":10961.49,"d":"10,961"},{"v":1461.5320000000002,"d":"1,462"},{"v":12423.022,"d":"12,423"},{"v":16807.618,"d":"16,808"},{"$f":"(M379*12-(VLOOKUP(AB379*12,'Tax table'!$A$3:$C$10,3)*(AB379*12-VLOOKUP(AB379*12,'Tax table'!$A$3:$C$10,1))+VLOOKUP(AB379*12,'Tax table'!$A$3:$C$10,2)))/12","v":{"v":16389.842653333333,"d":"16,390"}},{"v":12423.022,"d":"12,423"},{"v":0.7579707909809269,"d":"75.8%"}]
["Member 1932","1987-01-07","F",{"v":175383.84,"d":"175,384"},{"v":0.8,"d":"80%"},{"v":0.85,"d":"85%"},{"v":0.75,"d":"75%"},{"v":0.1,"d":"10%"},null,31,{"v":14615.32,"d":"14,615"},{"v":1461.5320000000002,"d":"1,462"},{"v":18269.149999999998,"d":"18,269"},{"v":16807.618,"d":"16,808"},{"$f":"(M380*12-(VLOOKUP(N380*12,'Tax table'!$A$3:$C$10,3)*(N380*12-VLOOKUP(N380*12,'Tax table'!$A$3:$C$10,1))+VLOOKUP(N380*12,'Tax table'!$A$3:$C$10,2)))/12","v":{"v":16389.842653333333,"d":"16,390"}},{"v":13153.788,"d":"13,154"},{"$f":"(VLOOKUP(P380*12,'Tax table'!$A$3:$C$10,3)*(P380*12-VLOOKUP(P380*12,'Tax table'!$A$3:$C$10,1))+VLOOKUP(P380*12,'Tax table'!$A$3:$C$10,2))/12","v":{"v":1182.68184,"d":"1,183"}},{"v":13432.63816,"d":"13,433"},{"v":11417.742436,"d":"11,418"},{"v":0.6966352684098455,"d":"69.7%"},{"v":34253.227308,"d":"34,253"},{"$f":"IF($B$15=\"Yes\",MIN(S380*2,References!$B$7),0)","v":{"v":22835.484872,"d":"22,835"}},{"$f":"IF(AND(D380<>0,$B$16=\"Yes\"),References!$B$6,0)","v":{"v":100000,"d":"100,000"}},{"v":2014.895724,"d":"2,015"},{"v":10961.49,"d":"10,961"},{"v":1461.5320000000002,"d":"1,462"},{"v":12423.022,"d":"12,423"},{"v":16807.618,"d":"16,808"},{"$f":"(M380*12-(VLOOKUP(AB380*12,'Tax table'!$A$3:$C$10,3)*(AB380*12-VLOOKUP(AB380*12,'Tax table'!$A$3:$C$10,1))+VLOOKUP(AB380*12,'Tax table'!$A$3:$C$10,2)))/12","v":{"v":16389.842653333333,"d":"16,390"}},{"v":12423.022,"d":"12,423"},{"v":0.7579707909809269,"d":"75.8%"}]
["Member 1933","1985-03-13","M",{"v":175383.84,"d":"175,384"},{"v":0.8,"d":"80%"},{"v":0.85,"d":"85%"},{"v":0.75,"d":"75%"},{"v":0.1,"d":"10%"},null,33,{"v":14615.32,"d":"14,615"},{"v":1461.5320000000002,"d":"1,462"},{"v":18269.149999999998,"d":"18,269"},{"v":16807.618,"d":"16,808"},{"$f":"(M381*12-(VLOOKUP(N381*12,'Tax table'!$A$3:$C$10,3)*(N381*12-VLOOKUP(N381*12,'Tax table'!$A$3:$C$10,1))+VLOOKUP(N381*12,'Tax table'!$A$3:$C$10,2)))/12","v":{"v":16389.842653333333,"d":"16,390"}},{"v":13153.788,"d":"13,154"},{"$f":"(VLOOKUP(P381*12,'Tax table'!$A$3:$C$10,3)*(P381*12-VLOOKUP(P381*12,'Tax table'!$A$3:$C$10,1))+VLOOKUP(P381*12,'Tax table'!$A$3:$C$10,2))/12","v":{"v":1182.68184,"d":"1,183"}},{"v":13432.63816,"d":"13,433"},{"v":11417.742436,"d":"11,418"},{"v":0.6966352684098455,"d":"69.7%"},{"v":34253.227308,"d":"34,253"},{"$f":"IF($B$15=\"Yes\",MIN(S381*2,References!$B$7),0)","v":{"v":22835.484872,"d":"22,835"}},{"$f":"IF(AND(D381<>0,$B$16=\"Yes\"),References!$B$6,0)","v":{"v":100000,"d":"100,000"}},{"v":2014.895724,"d":"2,015"},{"v":10961.49,"d":"10,961"},{"v":1461.5320000000002,"d":"1,462"},{"v":12423.022,"d":"12,423"},{"v":16807.618,"d":"16,808"},{"$f":"(M381*12-(VLOOKUP(AB381*12,'Tax table'!$A$3:$C$10,3)*(AB381*12-VLOOKUP(AB381*12,'Tax table'!$A$3:$C$10,1))+VLOOKUP(AB381*12,'Tax table'!$A$3:$C$10,2)))/12","v":{"v":16389.842653333333,"d":"16,390"}},{"v":12423.022,"d":"12,423"},{"v":0.7579707909809269,"d":"75.8%"}]
["Member 1934","1983-02-27","F",{"v":175383.84,"d":"175,384"},{"v":0.8,"d":"80%"},{"v":0.85,"d":"85%"},{"v":0.75,"d":"75%"},{"v":0.1,"d":"10%"},null,35,{"v":14615.32,"d":"14,615"},{"v":1461.5320000000002,"d":"1,462"},{"v":18269.149999999998,"d":"18,269"},{"v":16807.618,"d":"16,808"},{"$f":"(M382*12-(VLOOKUP(N382*12,'Tax table'!$A$3:$C$10,3)*(N382*12-VLOOKUP(N382*12,'Tax table'!$A$3:$C$10,1))+VLOOKUP(N382*12,'Tax table'!$A$3:$C$10,2)))/12","v":{"v":16389.842653333333,"d":"16,390"}},{"v":13153.788,"d":"13,154"},{"$f":"(VLOOKUP(P382*12,'Tax table'!$A$3:$C$10,3)*(P382*12-VLOOKUP(P382*12,'Tax table'!$A$3:$C$10,1))+VLOOKUP(P382*12,'Tax table'!$A$3:$C$10,2))/12","v":{"v":1182.68184,"d":"1,183"}},{"v":13432.63816,"d":"13,433"},{"v":11417.742436,"d":"11,418"},{"v":0.6966352684098455,"d":"69.7%"},{"v":34253.227308,"d":"34,253"},{"$f":"IF($B$15=\"Yes\",MIN(S382*2,References!$B$7),0)","v":{"v":22835.484872,"d":"22,835"}},{"$f":"IF(AND(D382<>0,$B$16=\"Yes\"),References!$B$6,0)","v":{"v":100000,"d":"100,000"}},{"v":2014.895724,"d":"2,015"},{"v":10961.49,"d":"10,961"},{"v":1461.5320000000002,"d":"1,462"},{"v":12423.022,"d":"12,423"},{"v":16807.618,"d":"16,808"},{"$f":"(M382*12-(VLOOKUP(AB382*12,'Tax table'!$A$3:$C$10,3)*(AB382*12-VLOOKUP(AB382*12,'Tax table'!$A$3:$C$10,1))+VLOOKUP(AB382*12,'Tax table'!$A$3:$C$10,2)))/12","v":{"v":16389.842653333333,"d":"16,390"}},{"v":12423.022,"d":"12,423"},{"v":0.7579707909809269,"d":"75.8%"}]
["Member 1935","1988-08-02","F",{"v":175383.84,"d":"175,384"},{"v":0.8,"d":"80%"},{"v":0.85,"d":"85%"},{"v":0.75,"d":"75%"},{"v":0.1,"d":"10%"},null,30,{"v":14615.32,"d":"14,615"},{"v":1461.5320000000002,"d":"1,462"},{"v":18269.149999999998,"d":"18,269"},{"v":16807.618,"d":"16,808"},{"$f":"(M383*12-(VLOOKUP(N383*12,'Tax table'!$A$3:$C$10,3)*(N383*12-VLOOKUP(N383*12,'Tax table'!$A$3:$C$10,1))+VLOOKUP(N383*12,'Tax table'!$A$3:$C$10,2)))/12","v":{"v":16389.842653333333,"d":"16,390"}},{"v":13153.788,"d":"13,154"},{"$f":"(VLOOKUP(P383*12,'Tax table'!$A$3:$C$10,3)*(P383*12-VLOOKUP(P383*12,'Tax table'!$A$3:$C$10,1))+VLOOKUP(P383*12,'Tax table'!$A$3:$C$10,2))/12","v":{"v":1182.68184,"d":"1,183"}},{"v":13432.63816,"d":"13,433"},{"v":11417.742436,"d":"11,418"},{"v":0.6966352684098455,"d":"69.7%"},{"v":34253.227308,"d":"34,253"},{"$f":"IF($B$15=\"Yes\",MIN(S383*2,References!$B$7),0)","v":{"v":22835.484872,"d":"22,835"}},{"$f":"IF(AND(D383<>0,$B$16=\"Yes\"),References!$B$6,0)","v":{"v":100000,"d":"100,000"}},{"v":2014.895724,"d":"2,015"},{"v":10961.49,"d":"10,961"},{"v":1461.5320000000002,"d":"1,462"},{"v":12423.022,"d":"12,423"},{"v":16807.618,"d":"16,808"},{"$f":"(M383*12-(VLOOKUP(AB383*12,'Tax table'!$A$3:$C$10,3)*(AB383*12-VLOOKUP(AB383*12,'Tax table'!$A$3:$C$10,1))+VLOOKUP(AB383*12,'Tax table'!$A$3:$C$10,2)))/12","v":{"v":16389.842653333333,"d":"16,390"}},{"v":12423.022,"d":"12,423"},{"v":0.7579707909809269,"d":"75.8%"}]
["Member 1918","1973-05-12","M",{"v":175383.96,"d":"175,384"},{"v":0.8,"d":"80%"},{"v":0.85,"d":"85%"},{"v":0.75,"d":"75%"},{"v":0.1,"d":"10%"},null,45,{"v":14615.33,"d":"14,615"},{"v":1461.5330000000001,"d":"1,462"},{"v":18269.1625,"d":"18,269"},{"v":16807.6295,"d":"16,808"},{"$f":"(M384*12-(VLOOKUP(N384*12,'Tax table'!$A$3:$C$10,3)*(N384*12-VLOOKUP(N384*12,'Tax table'!$A$3:$C$10,1))+VLOOKUP(N384*12,'Tax table'!$A$3:$C$10,2)))/12","v":{"v":16389.852163333333,"d":"16,390"}},{"v":13153.797,"d":"13,154"},{"$f":"(VLOOKUP(P384*12,'Tax table'!$A$3:$C$10,3)*(P384*12-VLOOKUP(P384*12,'Tax table'!$A$3:$C$10,1))+VLOOKUP(P384*12,'Tax table'!$A$3:$C$10,2))/12","v":{"v":1182.6834600000002,"d":"1,183"}},{"v":13432.64654,"d":"13,433"},{"v":11417.749559,"d":"11,418"},{"v":0.6966352987944147,"d":"69.7%"},{"v":34253.248676999996,"d":"34,253"},{"$f":"IF($B$15=\"Yes\",MIN(S384*2,References!$B$7),0)","v":{"v":22835.499118,"d":"22,835"}},{"$f":"IF(AND(D384<>0,$B$16=\"Yes\"),References!$B$6,0)","v":{"v":100000,"d":"100,000"}},{"v":2014.8969809999999,"d":"2,015"},{"v":10961.4975,"d":"10,961"},{"v":1461.5330000000001,"d":"1,462"},{"v":12423.030499999999,"d":"12,423"},{"v":16807.6295,"d":"16,808"},{"$f":"(M384*12-(VLOOKUP(AB384*12,'Tax table'!$A$3:$C$10,3)*(AB384*12-VLOOKUP(AB384*12,'Tax table'!$A$3:$C$10,1))+VLOOKUP(AB384*12,'Tax table'!$A$3:$C$10,2)))/12","v":{"v":16389.852163333333,"d":"16,390"}},{"v":12423.030499999999,"d":"12,423"},{"v":0.7579708697917522,"d":"75.8%"}]
["Member 1919","1978-06-19","M",{"v":175383.96,"d":"175,384"},{"v":0.8,"d":"80%"},{"v":0.85,"d":"85%"},{"v":0.75,"d":"75%"},{"v":0.1,"d":"10%"},null,40,{"v":14615.33,"d":"14,615"},{"v":1461.5330000000001,"d":"1,462"},{"v":18269.1625,"d":"18,269"},{"v":16807.6295,"d":"16,808"},{"$f":"(M385*12-(VLOOKUP(N385*12,'Tax table'!$A$3:$C$10,3)*(N385*12-VLOOKUP(N385*12,'Tax table'!$A$3:$C$10,1))+VLOOKUP(N385*12,'Tax table'!$A$3:$C$10,2)))/12","v":{"v":16389.852163333333,"d":"16,390"}},{"v":13153.797,"d":"13,154"},{"$f":"(VLOOKUP(P385*12,'Tax table'!$A$3:$C$10,3)*(P385*12-VLOOKUP(P385*12,'Tax table'!$A$3:$C$10,1))+VLOOKUP(P385*12,'Tax table'!$A$3:$C$10,2))/12","v":{"v":1182.6834600000002,"d":"1,183"}},{"v":13432.64654,"d":"13,433"},{"v":11417.749559,"d":"11,418"},{"v":0.6966352987944147,"d":"69.7%"},{"v":34253.248676999996,"d":"34,253"},{"$f":"IF($B$15=\"Yes\",MIN(S385*2,References!$B$7),0)","v":{"v":22835.499118,"d":"22,835"}},{"$f":"IF(AND(D385<>0,$B$16=\"Yes\"),References!$B$6,0)","v":{"v":100000,"d":"100,000"}},{"v":2014.8969809999999,"d":"2,015"},{"v":10961.4975,"d":"10,961"},{"v":1461.5330000000001,"d":"1,462"},{"v":12423.030499999999,"d":"12,423"},{"v":16807.6295,"d":"16,808"},{"$f":"(M385*12-(VLOOKUP(AB385*12,'Tax table'!$A$3:$C$10,3)*(AB385*12-VLOOKUP(AB385*12,'Tax table'!$A$3:$C$10,1))+VLOOKUP(AB385*12,'Tax table'!$A$3:$C$10,2)))/12","v":{"v":16389.852163333333,"d":"16,390"}},{"v":12423.030499999999,"d":"12,423"},{"v":0.7579708697917522,"d":"75.8%"}]
["Member 1920","1987-01-15","M",{"v":175383.96,"d":"175,384"},{"v":0.8,"d":"80%"},{"v":0.85,"d":"85%"},{"v":0.75,"d":"75%"},{"v":0.1,"d":"10%"},null,31,{"v":14615.33,"d":"14,615"},{"v":1461.5330000000001,"d":"1,462"},{"v":18269.1625,"d":"18,269"},{"v":16807.6295,"d":"16,808"},{"$f":"(M386*12-(VLOOKUP(N386*12,'Tax table'!$A$3:$C$10,3)*(N386*12-VLOOKUP(N386*12,'Tax table'!$A$3:$C$10,1))+VLOOKUP(N386*12,'Tax table'!$A$3:$C$10,2)))/12","v":{"v":16389.852163333333,"d":"16,390"}},{"v":13153.797,"d":"13,154"},{"$f":"(VLOOKUP(P386*12,'Tax table'!$A$3:$C$10,3)*(P386*12-VLOOKUP(P386*12,'Tax table'!$A$3:$C$10,1))+VLOOKUP(P386*12,'Tax table'!$A$3:$C$10,2))/12","v":{"v":1182.6834600000002,"d":"1,183"}},{"v":13432.64654,"d":"13,433"},{"v":11417.749559,"d":"11,418"},{"v":0.6966352987944147,"d":"69.7%"},{"v":34253.248676999996,"d":"34,253"},{"$f":"IF($B$15=\"Yes\",MIN(S386*2,References!$B$7),0)","v":{"v":22835.499118,"d":"22,835"}},{"$f":"IF(AND(D386<>0,$B$16=\"Yes\"),References!$B$6,0)","v":{"v":100000,"d":"100,000"}},{"v":2014.8969809999999,"d":"2,015"},{"v":10961.4975,"d":"10,961"},{"v":1461.5330000000001,"d":"1,462"},{"v":12423.030499999999,"d":"12,423"},{"v":16807.6295,"d":"16,808"},{"$f":"(M386*12-(VLOOKUP(AB386*12,'Tax table'!$A$3:$C$10,3)*(AB386*12-VLOOKUP(AB386*12,'Tax table'!$A$3:$C$10,1))+VLOOKUP(AB386*12,'Tax table'!$A$3:$C$10,2)))/12","v":{"v":16389.852163333333,"d":"16,390"}},{"v":12423.030499999999,"d":"12,423"},{"v":0.7579708697917522,"d":"75.8%"}]
["Member 1921","1980-07-08","F",{"v":175383.96,"d":"175,384"},{"v":0.8,"d":"80%"},{"v":0.85,"d":"85%"},{"v":0.75,"d":"75%"},{"v":0.1,"d":"10%"},null,38,{"v":14615.33,"d":"14,615"},{"v":1461.5330000000001,"d":"1,462"},{"v":18269.1625,"d":"18,269"},{"v":16807.6295,"d":"16,808"},{"$f":"(M387*12-(VLOOKUP(N387*12,'Tax table'!$A$3:$C$10,3)*(N387*12-VLOOKUP(N387*12,'Tax table'!$A$3:$C$10,1))+VLOOKUP(N387*12,'Tax table'!$A$3:$C$10,2)))/12","v":{"v":16389.852163333333,"d":"16,390"}},{"v":13153.797,"d":"13,154"},{"$f":"(VLOOKUP(P387*12,'Tax table'!$A$3:$C$10,3)*(P387*12-VLOOKUP(P387*12,'Tax table'!$A$3:$C$10,1))+VLOOKUP(P387*12,'Tax table'!$A$3:$C$10,2))/12","v":{"v":1182.6834600000002,"d":"1,183"}},{"v":13432.64654,"d":"13,433"},{"v":11417.749559,"d":"11,418"},{"v":0.6966352987944147,"d":"69.7%"},{"v":34253.248676999996,"d":"34,253"},{"$f":"IF($B$15=\"Yes\",MIN(S387*2,References!$B$7),0)","v":{"v":22835.499118,"d":"22,835"}},{"$f":"IF(AND(D387<>0,$B$16=\"Yes\"),References!$B$6,0)","v":{"v":100000,"d":"100,000"}},{"v":2014.8969809999999,"d":"2,015"},{"v":10961.4975,"d":"10,961"},{"v":1461.5330000000001,"d":"1,462"},{"v":12423.030499999999,"d":"12,423"},{"v":16807.6295,"d":"16,808"},{"$f":"(M387*12-(VLOOKUP(AB387*12,'Tax table'!$A$3:$C$10,3)*(AB387*12-VLOOKUP(AB387*12,'Tax table'!$A$3:$C$10,1))+VLOOKUP(AB387*12,'Tax table'!$A$3:$C$10,2)))/12","v":{"v":16389.852163333333,"d":"16,390"}},{"v":12423.030499999999,"d":"12,423"},{"v":0.7579708697917522,"d":"75.8%"}]
["Member 1922","1991-04-28","M",{"v":175383.96,"d":"175,384"},{"v":0.8,"d":"80%"},{"v":0.85,"d":"85%"},{"v":0.75,"d":"75%"},{"v":0.1,"d":"10%"},null,27,{"v":14615.33,"d":"14,615"},{"v":1461.5330000000001,"d":"1,462"},{"v":18269.1625,"d":"18,269"},{"v":16807.6295,"d":"16,808"},{"$f":"(M388*12-(VLOOKUP(N388*12,'Tax table'!$A$3:$C$10,3)*(N388*12-VLOOKUP(N388*12,'Tax table'!$A$3:$C$10,1))+VLOOKUP(N388*12,'Tax table'!$A$3:$C$10,2)))/12","v":{"v":16389.852163333333,"d":"16,390"}},{"v":13153.797,"d":"13,154"},{"$f":"(VLOOKUP(P388*12,'Tax table'!$A$3:$C$10,3)*(P388*12-VLOOKUP(P388*12,'Tax table'!$A$3:$C$10,1))+VLOOKUP(P388*12,'Tax table'!$A$3:$C$10,2))/12","v":{"v":1182.6834600000002,"d":"1,183"}},{"v":13432.64654,"d":"13,433"},{"v":11417.749559,"d":"11,418"},{"v":0.6966352987944147,"d":"69.7%"},{"v":34253.248676999996,"d":"34,253"},{"$f":"IF($B$15=\"Yes\",MIN(S388*2,References!$B$7),0)","v":{"v":22835.499118,"d":"22,835"}},{"$f":"IF(AND(D388<>0,$B$16=\"Yes\"),References!$B$6,0)","v":{"v":100000,"d":"100,000"}},{"v":2014.8969809999999,"d":"2,015"},{"v":10961.4975,"d":"10,961"},{"v":1461.5330000000001,"d":"1,462"},{"v":12423.030499999999,"d":"12,423"},{"v":16807.6295,"d":"16,808"},{"$f":"(M388*12-(VLOOKUP(AB388*12,'Tax table'!$A$3:$C$10,3)*(AB388*12-VLOOKUP(AB388*12,'Tax table'!$A$3:$C$10,1))+VLOOKUP(AB388*12,'Tax table'!$A$3:$C$10,2)))/12","v":{"v":16389.852163333333,"d":"16,390"}},{"v":12423.030499999999,"d":"12,423"},{"v":0.7579708697917522,"d":"75.8%"}]
["Member 1923","1982-06-16","F",{"v":175383.96,"d":"175,384"},{"v":0.8,"d":"80%"},{"v":0.85,"d":"85%"},{"v":0.75,"d":"75%"},{"v":0.1,"d":"10%"},null,36,{"v":14615.33,"d":"14,615"},{"v":1461.5330000000001,"d":"1,462"},{"v":18269.1625,"d":"18,269"},{"v":16807.6295,"d":"16,808"},{"$f":"(M389*12-(VLOOKUP(N389*12,'Tax table'!$A$3:$C$10,3)*(N389*12-VLOOKUP(N389*12,'Tax table'!$A$3:$C$10,1))+VLOOKUP(N389*12,'Tax table'!$A$3:$C$10,2)))/12","v":{"v":16389.852163333333,"d":"16,390"}},{"v":13153.797,"d":"13,154"},{"$f":"(VLOOKUP(P389*12,'Tax table'!$A$3:$C$10,3)*(P389*12-VLOOKUP(P389*12,'Tax table'!$A$3:$C$10,1))+VLOOKUP(P389*12,'Tax table'!$A$3:$C$10,2))/12","v":{"v":1182.6834600000002,"d":"1,183"}},{"v":13432.64654,"d":"13,433"},{"v":11417.749559,"d":"11,418"},{"v":0.6966352987944147,"d":"69.7%"},{"v":34253.248676999996,"d":"34,253"},{"$f":"IF($B$15=\"Yes\",MIN(S389*2,References!$B$7),0)","v":{"v":22835.499118,"d":"22,835"}},{"$f":"IF(AND(D389<>0,$B$16=\"Yes\"),References!$B$6,0)","v":{"v":100000,"d":"100,000"}},{"v":2014.8969809999999,"d":"2,015"},{"v":10961.4975,"d":"10,961"},{"v":1461.5330000000001,"d":"1,462"},{"v":12423.030499999999,"d":"12,423"},{"v":16807.6295,"d":"16,808"},{"$f":"(M389*12-(VLOOKUP(AB389*12,'Tax table'!$A$3:$C$10,3)*(AB389*12-VLOOKUP(AB389*12,'Tax table'!$A$3:$C$10,1))+VLOOKUP(AB389*12,'Tax table'!$A$3:$C$10,2)))/12","v":{"v":16389.852163333333,"d":"16,390"}},{"v":12423.030499999999,"d":"12,423"},{"v":0.7579708697917522,"d":"75.8%"}]
["Member 1924","1988-10-26","M",{"v":175383.96,"d":"175,384"},{"v":0.8,"d":"80%"},{"v":0.85,"d":"85%"},{"v":0.75,"d":"75%"},{"v":0.1,"d":"10%"},null,30,{"v":14615.33,"d":"14,615"},{"v":1461.5330000000001,"d":"1,462"},{"v":18269.1625,"d":"18,269"},{"v":16807.6295,"d":"16,808"},{"$f":"(M390*12-(VLOOKUP(N390*12,'Tax table'!$A$3:$C$10,3)*(N390*12-VLOOKUP(N390*12,'Tax table'!$A$3:$C$10,1))+VLOOKUP(N390*12,'Tax table'!$A$3:$C$10,2)))/12","v":{"v":16389.852163333333,"d":"16,390"}},{"v":13153.797,"d":"13,154"},{"$f":"(VLOOKUP(P390*12,'Tax table'!$A$3:$C$10,3)*(P390*12-VLOOKUP(P390*12,'Tax table'!$A$3:$C$10,1))+VLOOKUP(P390*12,'Tax table'!$A$3:$C$10,2))/12","v":{"v":1182.6834600000002,"d":"1,183"}},{"v":13432.64654,"d":"13,433"},{"v":11417.749559,"d":"11,418"},{"v":0.6966352987944147,"d":"69.7%"},{"v":34253.248676999996,"d":"34,253"},{"$f":"IF($B$15=\"Yes\",MIN(S390*2,References!$B$7),0)","v":{"v":22835.499118,"d":"22,835"}},{"$f":"IF(AND(D390<>0,$B$16=\"Yes\"),References!$B$6,0)","v":{"v":100000,"d":"100,000"}},{"v":2014.8969809999999,"d":"2,015"},{"v":10961.4975,"d":"10,961"},{"v":1461.5330000000001,"d":"1,462"},{"v":12423.030499999999,"d":"12,423"},{"v":16807.6295,"d":"16,808"},{"$f":"(M390*12-(VLOOKUP(AB390*12,'Tax table'!$A$3:$C$10,3)*(AB390*12-VLOOKUP(AB390*12,'Tax table'!$A$3:$C$10,1))+VLOOKUP(AB390*12,'Tax table'!$A$3:$C$10,2)))/12","v":{"v":16389.852163333333,"d":"16,390"}},{"v":12423.030499999999,"d":"12,423"},{"v":0.7579708697917522,"d":"75.8%"}]
["Member 1925","1982-04-06","M",{"v":175383.96,"d":"175,384"},{"v":0.8,"d":"80%"},{"v":0.85,"d":"85%"},{"v":0.75,"d":"75%"},{"v":0.1,"d":"10%"},null,36,{"v":14615.33,"d":"14,615"},{"v":1461.5330000000001,"d":"1,462"},{"v":18269.1625,"d":"18,269"},{"v":16807.6295,"d":"16,808"},{"$f":"(M391*12-(VLOOKUP(N391*12,'Tax table'!$A$3:$C$10,3)*(N391*12-VLOOKUP(N391*12,'Tax table'!$A$3:$C$10,1))+VLOOKUP(N391*12,'Tax table'!$A$3:$C$10,2)))/12","v":{"v":16389.852163333333,"d":"16,390"}},{"v":13153.797,"d":"13,154"},{"$f":"(VLOOKUP(P391*12,'Tax table'!$A$3:$C$10,3)*(P391*12-VLOOKUP(P391*12,'Tax table'!$A$3:$C$10,1))+VLOOKUP(P391*12,'Tax table'!$A$3:$C$10,2))/12","v":{"v":1182.6834600000002,"d":"1,183"}},{"v":13432.64654,"d":"13,433"},{"v":11417.749559,"d":"11,418"},{"v":0.6966352987944147,"d":"69.7%"},{"v":34253.248676999996,"d":"34,253"},{"$f":"IF($B$15=\"Yes\",MIN(S391*2,References!$B$7),0)","v":{"v":22835.499118,"d":"22,835"}},{"$f":"IF(AND(D391<>0,$B$16=\"Yes\"),References!$B$6,0)","v":{"v":100000,"d":"100,000"}},{"v":2014.8969809999999,"d":"2,015"},{"v":10961.4975,"d":"10,961"},{"v":1461.5330000000001,"d":"1,462"},{"v":12423.030499999999,"d":"12,423"},{"v":16807.6295,"d":"16,808"},{"$f":"(M391*12-(VLOOKUP(AB391*12,'Tax table'!$A$3:$C$10,3)*(AB391*12-VLOOKUP(AB391*12,'Tax table'!$A$3:$C$10,1))+VLOOKUP(AB391*12,'Tax table'!$A$3:$C$10,2)))/12","v":{"v":16389.852163333333,"d":"16,390"}},{"v":12423.030499999999,"d":"12,423"},{"v":0.7579708697917522,"d":"75.8%"}]
["Member 1917","1967-08-08","M",{"v":175412.64,"d":"175,413"},{"v":0.8,"d":"80%"},{"v":0.85,"d":"85%"},{"v":0.75,"d":"75%"},{"v":0.1,"d":"10%"},null,51,{"v":14617.720000000001,"d":"14,618"},{"v":1461.7720000000002,"d":"1,462"},{"v":18272.15,"d":"18,272"},{"v":16810.378,"d":"16,810"},{"$f":"(M392*12-(VLOOKUP(N392*12,'Tax table'!$A$3:$C$10,3)*(N392*12-VLOOKUP(N392*12,'Tax table'!$A$3:$C$10,1))+VLOOKUP(N392*12,'Tax table'!$A$3:$C$10,2)))/12","v":{"v":16392.125053333333,"d":"16,392"}},{"v":13155.948,"d":"13,156"},{"$f":"(VLOOKUP(P392*12,'Tax table'!$A$3:$C$10,3)*(P392*12-VLOOKUP(P392*12,'Tax table'!$A$3:$C$10,1))+VLOOKUP(P392*12,'Tax table'!$A$3:$C$10,2))/12","v":{"v":1183.0706399999997,"d":"1,183"}},{"v":13434.649360000001,"d":"13,435"},{"v":11419.451956,"d":"11,419"},{"v":0.6966425596953251,"d":"69.7%"},{"v":34258.355868,"d":"34,258"},{"$f":"IF($B$15=\"Yes\",MIN(S392*2,References!$B$7),0)","v":{"v":22838.903912,"d":"22,839"}},{"$f":"IF(AND(D392<>0,$B$16=\"Yes\"),References!$B$6,0)","v":{"v":100000,"d":"100,000"}},{"v":2015.1974040000005,"d":"2,015"},{"v":10963.29,"d":"10,963"},{"v":1461.7720000000002,"d":"1,462"},{"v":12425.062000000002,"d":"12,425"},{"v":16810.378,"d":"16,810"},{"$f":"(M392*12-(VLOOKUP(AB392*12,'Tax table'!$A$3:$C$10,3)*(AB392*12-VLOOKUP(AB392*12,'Tax table'!$A$3:$C$10,1))+VLOOKUP(AB392*12,'Tax table'!$A$3:$C$10,2)))/12","v":{"v":16392.125053333333,"d":"16,392"}},{"v":12425.062000000002,"d":"12,425"},{"v":0.757989702956382,"d":"75.8%"}]
["Member 1916","1981-10-26","F",{"v":175541.4,"d":"175,541"},{"v":0.8,"d":"80%"},{"v":0.85,"d":"85%"},{"v":0.75,"d":"75%"},{"v":0.1,"d":"10%"},null,37,{"v":14628.449999999999,"d":"14,628"},{"v":1462.845,"d":"1,463"},{"v":18285.562499999996,"d":"18,286"},{"v":16822.717499999995,"d":"16,823"},{"$f":"(M393*12-(VLOOKUP(N393*12,'Tax table'!$A$3:$C$10,3)*(N393*12-VLOOKUP(N393*12,'Tax table'!$A$3:$C$10,1))+VLOOKUP(N393*12,'Tax table'!$A$3:$C$10,2)))/12","v":{"v":16402.32928333333,"d":"16,402"}},{"v":13165.605,"d":"13,166"},{"$f":"(VLOOKUP(P393*12,'Tax table'!$A$3:$C$10,3)*(P393*12-VLOOKUP(P393*12,'Tax table'!$A$3:$C$10,1))+VLOOKUP(P393*12,'Tax table'!$A$3:$C$10,2))/12","v":{"v":1184.8089000000002,"d":"1,185"}},{"v":13443.641099999999,"d":"13,444"},{"v":11427.094935,"d":"11,427"},{"v":0.6966751330014607,"d":"69.7%"},{"v":34281.284804999996,"d":"34,281"},{"$f":"IF($B$15=\"Yes\",MIN(S393*2,References!$B$7),0)","v":{"v":22854.18987,"d":"22,854"}},{"$f":"IF(AND(D393<>0,$B$16=\"Yes\"),References!$B$6,0)","v":{"v":100000,"d":"100,000"}},{"v":2016.5461649999997,"d":"2,017"},{"v":10971.3375,"d":"10,971"},{"v":1462.845,"d":"1,463"},{"v":12434.182499999999,"d":"12,434"},{"v":16822.717499999995,"d":"16,823"},{"$f":"(M393*12-(VLOOKUP(AB393*12,'Tax table'!$A$3:$C$10,3)*(AB393*12-VLOOKUP(AB393*12,'Tax table'!$A$3:$C$10,1))+VLOOKUP(AB393*12,'Tax table'!$A$3:$C$10,2)))/12","v":{"v":16402.32928333333,"d":"16,402"}},{"v":12434.182499999999,"d":"12,434"},{"v":0.7580741908793754,"d":"75.8%"}]
["Member 1915","1983-02-19","F",{"v":176235,"d":"176,235"},{"v":0.8,"d":"80%"},{"v":0.85,"d":"85%"},{"v":0.75,"d":"75%"},{"v":0.1,"d":"10%"},null,35,{"v":14686.25,"d":"14,686"},{"v":1468.625,"d":"1,469"},{"v":18357.8125,"d":"18,358"},{"v":16889.1875,"d":"16,889"},{"$f":"(M394*12-(VLOOKUP(N394*12,'Tax table'!$A$3:$C$10,3)*(N394*12-VLOOKUP(N394*12,'Tax table'!$A$3:$C$10,1))+VLOOKUP(N394*12,'Tax table'!$A$3:$C$10,2)))/12","v":{"v":16457.297083333335,"d":"16,457"}},{"v":13217.625,"d":"13,218"},{"$f":"(VLOOKUP(P394*12,'Tax table'!$A$3:$C$10,3)*(P394*12-VLOOKUP(P394*12,'Tax table'!$A$3:$C$10,1))+VLOOKUP(P394*12,'Tax table'!$A$3:$C$10,2))/12","v":{"v":1194.1725,"d":"1,194"}},{"v":13492.0775,"d":"13,492"},{"v":11468.265875,"d":"11,468"},{"v":0.6968499029293311,"d":"69.7%"},{"v":34404.797625,"d":"34,405"},{"$f":"IF($B$15=\"Yes\",MIN(S394*2,References!$B$7),0)","v":{"v":22936.53175,"d":"22,937"}},{"$f":"IF(AND(D394<>0,$B$16=\"Yes\"),References!$B$6,0)","v":{"v":100000,"d":"100,000"}},{"v":2023.8116250000003,"d":"2,024"},{"v":11014.6875,"d":"11,015"},{"v":1468.625,"d":"1,469"},{"v":12483.3125,"d":"12,483"},{"v":16889.1875,"d":"16,889"},{"$f":"(M394*12-(VLOOKUP(AB394*12,'Tax table'!$A$3:$C$10,3)*(AB394*12-VLOOKUP(AB394*12,'Tax table'!$A$3:$C$10,1))+VLOOKUP(AB394*12,'Tax table'!$A$3:$C$10,2)))/12","v":{"v":16457.297083333335,"d":"16,457"}},{"v":12483.3125,"d":"12,483"},{"v":0.7585275052634326,"d":"75.9%"}]
["Member 1913","1992-06-11","F",{"v":176237.4,"d":"176,237"},{"v":0.8,"d":"80%"},{"v":0.85,"d":"85%"},{"v":0.75,"d":"75%"},{"v":0.1,"d":"10%"},null,26,{"v":14686.449999999999,"d":"14,686"},{"v":1468.645,"d":"1,469"},{"v":18358.062499999996,"d":"18,358"},{"v":16889.417499999996,"d":"16,889"},{"$f":"(M395*12-(VLOOKUP(N395*12,'Tax table'!$A$3:$C$10,3)*(N395*12-VLOOKUP(N395*12,'Tax table'!$A$3:$C$10,1))+VLOOKUP(N395*12,'Tax table'!$A$3:$C$10,2)))/12","v":{"v":16457.487283333332,"d":"16,457"}},{"v":13217.804999999998,"d":"13,218"},{"$f":"(VLOOKUP(P395*12,'Tax table'!$A$3:$C$10,3)*(P395*12-VLOOKUP(P395*12,'Tax table'!$A$3:$C$10,1))+VLOOKUP(P395*12,'Tax table'!$A$3:$C$10,2))/12","v":{"v":1194.2048999999995,"d":"1,194"}},{"v":13492.2451,"d":"13,492"},{"v":11468.408335,"d":"11,468"},{"v":0.6968505056427524,"d":"69.7%"},{"v":34405.225005,"d":"34,405"},{"$f":"IF($B$15=\"Yes\",MIN(S395*2,References!$B$7),0)","v":{"v":22936.81667,"d":"22,937"}},{"$f":"IF(AND(D395<>0,$B$16=\"Yes\"),References!$B$6,0)","v":{"v":100000,"d":"100,000"}},{"v":2023.836765,"d":"2,024"},{"v":11014.8375,"d":"11,015"},{"v":1468.645,"d":"1,469"},{"v":12483.4825,"d":"12,483"},{"v":16889.417499999996,"d":"16,889"},{"$f":"(M395*12-(VLOOKUP(AB395*12,'Tax table'!$A$3:$C$10,3)*(AB395*12-VLOOKUP(AB395*12,'Tax table'!$A$3:$C$10,1))+VLOOKUP(AB395*12,'Tax table'!$A$3:$C$10,2)))/12","v":{"v":16457.487283333332,"d":"16,457"}},{"v":12483.4825,"d":"12,483"},{"v":0.7585290685682105,"d":"75.9%"}]
["Member 1914","1994-06-10","M",{"v":176237.4,"d":"176,237"},{"v":0.8,"d":"80%"},{"v":0.85,"d":"85%"},{"v":0.75,"d":"75%"},{"v":0.1,"d":"10%"},null,24,{"v":14686.449999999999,"d":"14,686"},{"v":1468.645,"d":"1,469"},{"v":18358.062499999996,"d":"18,358"},{"v":16889.417499999996,"d":"16,889"},{"$f":"(M396*12-(VLOOKUP(N396*12,'Tax table'!$A$3:$C$10,3)*(N396*12-VLOOKUP(N396*12,'Tax table'!$A$3:$C$10,1))+VLOOKUP(N396*12,'Tax table'!$A$3:$C$10,2)))/12","v":{"v":16457.487283333332,"d":"16,457"}},{"v":13217.804999999998,"d":"13,218"},{"$f":"(VLOOKUP(P396*12,'Tax table'!$A$3:$C$10,3)*(P396*12-VLOOKUP(P396*12,'Tax table'!$A$3:$C$10,1))+VLOOKUP(P396*12,'Tax table'!$A$3:$C$10,2))/12","v":{"v":1194.2048999999995,"d":"1,194"}},{"v":13492.2451,"d":"13,492"},{"v":11468.408335,"d":"11,468"},{"v":0.6968505056427524,"d":"69.7%"},{"v":34405.225005,"d":"34,405"},{"$f":"IF($B$15=\"Yes\",MIN(S396*2,References!$B$7),0)","v":{"v":22936.81667,"d":"22,937"}},{"$f":"IF(AND(D396<>0,$B$16=\"Yes\"),References!$B$6,0)","v":{"v":100000,"d":"100,000"}},{"v":2023.836765,"d":"2,024"},{"v":11014.8375,"d":"11,015"},{"v":1468.645,"d":"1,469"},{"v":12483.4825,"d":"12,483"},{"v":16889.417499999996,"d":"16,889"},{"$f":"(M396*12-(VLOOKUP(AB396*12,'Tax table'!$A$3:$C$10,3)*(AB396*12-VLOOKUP(AB396*12,'Tax table'!$A$3:$C$10,1))+VLOOKUP(AB396*12,'Tax table'!$A$3:$C$10,2)))/12","v":{"v":16457.487283333332,"d":"16,457"}},{"v":12483.4825,"d":"12,483"},{"v":0.7585290685682105,"d":"75.9%"}]
["Member 1912","1987-07-31","F",{"v":176461.92,"d":"176,462"},{"v":0.8,"d":"80%"},{"v":0.85,"d":"85%"},{"v":0.75,"d":"75%"},{"v":0.1,"d":"10%"},null,31,{"v":14705.160000000002,"d":"14,705"},{"v":1470.5160000000003,"d":"1,471"},{"v":18381.45,"d":"18,381"},{"v":16910.934,"d":"16,911"},{"$f":"(M397*12-(VLOOKUP(N397*12,'Tax table'!$A$3:$C$10,3)*(N397*12-VLOOKUP(N397*12,'Tax table'!$A$3:$C$10,1))+VLOOKUP(N397*12,'Tax table'!$A$3:$C$10,2)))/12","v":{"v":16475.280493333335,"d":"16,475"}},{"v":13234.644000000002,"d":"13,235"},{"$f":"(VLOOKUP(P397*12,'Tax table'!$A$3:$C$10,3)*(P397*12-VLOOKUP(P397*12,'Tax table'!$A$3:$C$10,1))+VLOOKUP(P397*12,'Tax table'!$A$3:$C$10,2))/12","v":{"v":1197.2359200000003,"d":"1,197"}},{"v":13507.92408,"d":"13,508"},{"v":11481.735468,"d":"11,482"},{"v":0.6969068279381371,"d":"69.7%"},{"v":34445.206404000004,"d":"34,445"},{"$f":"IF($B$15=\"Yes\",MIN(S397*2,References!$B$7),0)","v":{"v":22963.470936,"d":"22,963"}},{"$f":"IF(AND(D397<>0,$B$16=\"Yes\"),References!$B$6,0)","v":{"v":100000,"d":"100,000"}},{"v":2026.188612,"d":"2,026"},{"v":11028.87,"d":"11,029"},{"v":1470.5160000000003,"d":"1,471"},{"v":12499.386,"d":"12,499"},{"v":16910.934,"d":"16,911"},{"$f":"(M397*12-(VLOOKUP(AB397*12,'Tax table'!$A$3:$C$10,3)*(AB397*12-VLOOKUP(AB397*12,'Tax table'!$A$3:$C$10,1))+VLOOKUP(AB397*12,'Tax table'!$A$3:$C$10,2)))/12","v":{"v":16475.280493333335,"d":"16,475"}},{"v":12499.386,"d":"12,499"},{"v":0.7586751560956934,"d":"75.9%"}]
["Member 1911","1954-01-12","M",{"v":176523.24,"d":"176,523"},{"v":0.8,"d":"80%"},{"v":0.85,"d":"85%"},{"v":0.75,"d":"75%"},{"v":0.1,"d":"10%"},null,64,{"v":14710.269999999999,"d":"14,710"},{"v":1471.027,"d":"1,471"},{"v":18387.837499999998,"d":"18,388"},{"v":16916.8105,"d":"16,917"},{"$f":"(M398*12-(VLOOKUP(N398*12,'Tax table'!$A$3:$C$10,3)*(N398*12-VLOOKUP(N398*12,'Tax table'!$A$3:$C$10,1))+VLOOKUP(N398*12,'Tax table'!$A$3:$C$10,2)))/12","v":{"v":16480.140103333335,"d":"16,480"}},{"v":13239.242999999999,"d":"13,239"},{"$f":"(VLOOKUP(P398*12,'Tax table'!$A$3:$C$10,3)*(P398*12-VLOOKUP(P398*12,'Tax table'!$A$3:$C$10,1))+VLOOKUP(P398*12,'Tax table'!$A$3:$C$10,2))/12","v":{"v":1198.0637399999994,"d":"1,198"}},{"v":13512.206259999999,"d":"13,512"},{"v":11485.375321,"d":"11,485"},{"v":0.6969221893129977,"d":"69.7%"},{"v":34456.125963,"d":"34,456"},{"$f":"IF($B$15=\"Yes\",MIN(S398*2,References!$B$7),0)","v":{"v":22970.750642,"d":"22,971"}},{"$f":"IF(AND(D398<>0,$B$16=\"Yes\"),References!$B$6,0)","v":{"v":100000,"d":"100,000"}},{"v":2026.8309389999995,"d":"2,027"},{"v":11032.7025,"d":"11,033"},{"v":1471.027,"d":"1,471"},{"v":12503.7295,"d":"12,504"},{"v":16916.8105,"d":"16,917"},{"$f":"(M398*12-(VLOOKUP(AB398*12,'Tax table'!$A$3:$C$10,3)*(AB398*12-VLOOKUP(AB398*12,'Tax table'!$A$3:$C$10,1))+VLOOKUP(AB398*12,'Tax table'!$A$3:$C$10,2)))/12","v":{"v":16480.140103333335,"d":"16,480"}},{"v":12503.7295,"d":"12,504"},{"v":0.7587150000909851,"d":"75.9%"}]
["Member 1908","1977-01-03","M",{"v":176876.04,"d":"176,876"},{"v":0.8,"d":"80%"},{"v":0.85,"d":"85%"},{"v":0.75,"d":"75%"},{"v":0.1,"d":"10%"},null,41,{"v":14739.67,"d":"14,740"},{"v":1473.967,"d":"1,474"},{"v":18424.587499999998,"d":"18,425"},{"v":16950.620499999997,"d":"16,951"},{"$f":"(M399*12-(VLOOKUP(N399*12,'Tax table'!$A$3:$C$10,3)*(N399*12-VLOOKUP(N399*12,'Tax table'!$A$3:$C$10,1))+VLOOKUP(N399*12,'Tax table'!$A$3:$C$10,2)))/12","v":{"v":16508.099503333335,"d":"16,508"}},{"v":13265.703,"d":"13,266"},{"$f":"(VLOOKUP(P399*12,'Tax table'!$A$3:$C$10,3)*(P399*12-VLOOKUP(P399*12,'Tax table'!$A$3:$C$10,1))+VLOOKUP(P399*12,'Tax table'!$A$3:$C$10,2))/12","v":{"v":1202.8265399999998,"d":"1,203"}},{"v":13536.84346,"d":"13,537"},{"v":11506.316941,"d":"11,506"},{"v":0.6970103941205728,"d":"69.7%"},{"v":34518.950823,"d":"34,519"},{"$f":"IF($B$15=\"Yes\",MIN(S399*2,References!$B$7),0)","v":{"v":23012.633882,"d":"23,013"}},{"$f":"IF(AND(D399<>0,$B$16=\"Yes\"),References!$B$6,0)","v":{"v":100000,"d":"100,000"}},{"v":2030.526519000001,"d":"2,031"},{"v":11054.7525,"d":"11,055"},{"v":1473.967,"d":"1,474"},{"v":12528.719500000001,"d":"12,529"},{"v":16950.620499999997,"d":"16,951"},{"$f":"(M399*12-(VLOOKUP(AB399*12,'Tax table'!$A$3:$C$10,3)*(AB399*12-VLOOKUP(AB399*12,'Tax table'!$A$3:$C$10,1))+VLOOKUP(AB399*12,'Tax table'!$A$3:$C$10,2)))/12","v":{"v":16508.099503333335,"d":"16,508"}},{"v":12528.719500000001,"d":"12,529"},{"v":0.7589437837753635,"d":"75.9%"}]
["Member 1909","1962-04-11","F",{"v":176876.04,"d":"176,876"},{"v":0.8,"d":"80%"},{"v":0.85,"d":"85%"},{"v":0.75,"d":"75%"},{"v":0.1,"d":"10%"},null,56,{"v":14739.67,"d":"14,740"},{"v":1473.967,"d":"1,474"},{"v":18424.587499999998,"d":"18,425"},{"v":16950.620499999997,"d":"16,951"},{"$f":"(M400*12-(VLOOKUP(N400*12,'Tax table'!$A$3:$C$10,3)*(N400*12-VLOOKUP(N400*12,'Tax table'!$A$3:$C$10,1))+VLOOKUP(N400*12,'Tax table'!$A$3:$C$10,2)))/12","v":{"v":16508.099503333335,"d":"16,508"}},{"v":13265.703,"d":"13,266"},{"$f":"(VLOOKUP(P400*12,'Tax table'!$A$3:$C$10,3)*(P400*12-VLOOKUP(P400*12,'Tax table'!$A$3:$C$10,1))+VLOOKUP(P400*12,'Tax table'!$A$3:$C$10,2))/12","v":{"v":1202.8265399999998,"d":"1,203"}},{"v":13536.84346,"d":"13,537"},{"v":11506.316941,"d":"11,506"},{"v":0.6970103941205728,"d":"69.7%"},{"v":34518.950823,"d":"34,519"},{"$f":"IF($B$15=\"Yes\",MIN(S400*2,References!$B$7),0)","v":{"v":23012.633882,"d":"23,013"}},{"$f":"IF(AND(D400<>0,$B$16=\"Yes\"),References!$B$6,0)","v":{"v":100000,"d":"100,000"}},{"v":2030.526519000001,"d":"2,031"},{"v":11054.7525,"d":"11,055"},{"v":1473.967,"d":"1,474"},{"v":12528.719500000001,"d":"12,529"},{"v":16950.620499999997,"d":"16,951"},{"$f":"(M400*12-(VLOOKUP(AB400*12,'Tax table'!$A$3:$C$10,3)*(AB400*12-VLOOKUP(AB400*12,'Tax table'!$A$3:$C$10,1))+VLOOKUP(AB400*12,'Tax table'!$A$3:$C$10,2)))/12","v":{"v":16508.099503333335,"d":"16,508"}},{"v":12528.719500000001,"d":"12,529"},{"v":0.7589437837753635,"d":"75.9%"}]
["Member 1910","1975-08-05","F",{"v":176876.04,"d":"176,876"},{"v":0.8,"d":"80%"},{"v":0.85,"d":"85%"},{"v":0.75,"d":"75%"},{"v":0.1,"d":"10%"},null,43,{"v":14739.67,"d":"14,740"},{"v":1473.967,"d":"1,474"},{"v":18424.587499999998,"d":"18,425"},{"v":16950.620499999997,"d":"16,951"},{"$f":"(M401*12-(VLOOKUP(N401*12,'Tax table'!$A$3:$C$10,3)*(N401*12-VLOOKUP(N401*12,'Tax table'!$A$3:$C$10,1))+VLOOKUP(N401*12,'Tax table'!$A$3:$C$10,2)))/12","v":{"v":16508.099503333335,"d":"16,508"}},{"v":13265.703,"d":"13,266"},{"$f":"(VLOOKUP(P401*12,'Tax table'!$A$3:$C$10,3)*(P401*12-VLOOKUP(P401*12,'Tax table'!$A$3:$C$10,1))+VLOOKUP(P401*12,'Tax table'!$A$3:$C$10,2))/12","v":{"v":1202.8265399999998,"d":"1,203"}},{"v":13536.84346,"d":"13,537"},{"v":11506.316941,"d":"11,506"},{"v":0.6970103941205728,"d":"69.7%"},{"v":34518.950823,"d":"34,519"},{"$f":"IF($B$15=\"Yes\",MIN(S401*2,References!$B$7),0)","v":{"v":23012.633882,"d":"23,013"}},{"$f":"IF(AND(D401<>0,$B$16=\"Yes\"),References!$B$6,0)","v":{"v":100000,"d":"100,000"}},{"v":2030.526519000001,"d":"2,031"},{"v":11054.7525,"d":"11,055"},{"v":1473.967,"d":"1,474"},{"v":12528.719500000001,"d":"12,529"},{"v":16950.620499999997,"d":"16,951"},{"$f":"(M401*12-(VLOOKUP(AB401*12,'Tax table'!$A$3:$C$10,3)*(AB401*12-VLOOKUP(AB401*12,'Tax table'!$A$3:$C$10,1))+VLOOKUP(AB401*12,'Tax table'!$A$3:$C$10,2)))/12","v":{"v":16508.099503333335,"d":"16,508"}},{"v":12528.719500000001,"d":"12,529"},{"v":0.7589437837753635,"d":"75.9%"}]
["Member 1907","1965-06-02","M",{"v":176976.72,"d":"176,977"},{"v":0.8,"d":"80%"},{"v":0.85,"d":"85%"},{"v":0.75,"d":"75%"},{"v":0.1,"d":"10%"},null,53,{"v":14748.06,"d":"14,748"},{"v":1474.806,"d":"1,475"},{"v":18435.074999999997,"d":"18,435"},{"v":16960.268999999997,"d":"16,960"},{"$f":"(M402*12-(VLOOKUP(N402*12,'Tax table'!$A$3:$C$10,3)*(N402*12-VLOOKUP(N402*12,'Tax table'!$A$3:$C$10,1))+VLOOKUP(N402*12,'Tax table'!$A$3:$C$10,2)))/12","v":{"v":16516.078393333333,"d":"16,516"}},{"v":13273.253999999999,"d":"13,273"},{"$f":"(VLOOKUP(P402*12,'Tax table'!$A$3:$C$10,3)*(P402*12-VLOOKUP(P402*12,'Tax table'!$A$3:$C$10,1))+VLOOKUP(P402*12,'Tax table'!$A$3:$C$10,2))/12","v":{"v":1204.1857199999997,"d":"1,204"}},{"v":13543.87428,"d":"13,544"},{"v":11512.293137999999,"d":"11,512"},{"v":0.6970355107206867,"d":"69.7%"},{"v":34536.879413999995,"d":"34,537"},{"$f":"IF($B$15=\"Yes\",MIN(S402*2,References!$B$7),0)","v":{"v":23024.586275999998,"d":"23,025"}},{"$f":"IF(AND(D402<>0,$B$16=\"Yes\"),References!$B$6,0)","v":{"v":100000,"d":"100,000"}},{"v":2031.581142000001,"d":"2,032"},{"v":11061.045,"d":"11,061"},{"v":1474.806,"d":"1,475"},{"v":12535.851,"d":"12,536"},{"v":16960.268999999997,"d":"16,960"},{"$f":"(M402*12-(VLOOKUP(AB402*12,'Tax table'!$A$3:$C$10,3)*(AB402*12-VLOOKUP(AB402*12,'Tax table'!$A$3:$C$10,1))+VLOOKUP(AB402*12,'Tax table'!$A$3:$C$10,2)))/12","v":{"v":16516.078393333333,"d":"16,516"}},{"v":12535.851,"d":"12,536"},{"v":0.7590089306587489,"d":"75.9%"}]
["Member 1906","1962-01-19","M",{"v":177071.16,"d":"177,071"},{"v":0.8,"d":"80%"},{"v":0.85,"d":"85%"},{"v":0.75,"d":"75%"},{"v":0.1,"d":"10%"},null,56,{"v":14755.93,"d":"14,756"},{"v":1475.593,"d":"1,476"},{"v":18444.9125,"d":"18,445"},{"v":16969.319499999998,"d":"16,969"},{"$f":"(M403*12-(VLOOKUP(N403*12,'Tax table'!$A$3:$C$10,3)*(N403*12-VLOOKUP(N403*12,'Tax table'!$A$3:$C$10,1))+VLOOKUP(N403*12,'Tax table'!$A$3:$C$10,2)))/12","v":{"v":16523.56276333333,"d":"16,524"}},{"v":13280.337,"d":"13,280"},{"$f":"(VLOOKUP(P403*12,'Tax table'!$A$3:$C$10,3)*(P403*12-VLOOKUP(P403*12,'Tax table'!$A$3:$C$10,1))+VLOOKUP(P403*12,'Tax table'!$A$3:$C$10,2))/12","v":{"v":1205.46066,"d":"1,205"}},{"v":13550.46934,"d":"13,550"},{"v":11517.898938999999,"d":"11,518"},{"v":0.6970590485823573,"d":"69.7%"},{"v":34553.696817,"d":"34,554"},{"$f":"IF($B$15=\"Yes\",MIN(S403*2,References!$B$7),0)","v":{"v":23035.797877999998,"d":"23,036"}},{"$f":"IF(AND(D403<>0,$B$16=\"Yes\"),References!$B$6,0)","v":{"v":100000,"d":"100,000"}},{"v":2032.5704010000009,"d":"2,033"},{"v":11066.9475,"d":"11,067"},{"v":1475.593,"d":"1,476"},{"v":12542.540500000001,"d":"12,543"},{"v":16969.319499999998,"d":"16,969"},{"$f":"(M403*12-(VLOOKUP(AB403*12,'Tax table'!$A$3:$C$10,3)*(AB403*12-VLOOKUP(AB403*12,'Tax table'!$A$3:$C$10,1))+VLOOKUP(AB403*12,'Tax table'!$A$3:$C$10,2)))/12","v":{"v":16523.56276333333,"d":"16,524"}},{"v":12542.540500000001,"d":"12,543"},{"v":0.7590699826451816,"d":"75.9%"}]
["Member 1905","1961-11-10","M",{"v":177297.24,"d":"177,297"},{"v":0.8,"d":"80%"},{"v":0.85,"d":"85%"},{"v":0.75,"d":"75%"},{"v":0.1,"d":"10%"},null,56,{"v":14774.769999999999,"d":"14,775"},{"v":1477.4769999999999,"d":"1,477"},{"v":18468.462499999998,"d":"18,468"},{"v":16990.9855,"d":"16,991"},{"$f":"(M404*12-(VLOOKUP(N404*12,'Tax table'!$A$3:$C$10,3)*(N404*12-VLOOKUP(N404*12,'Tax table'!$A$3:$C$10,1))+VLOOKUP(N404*12,'Tax table'!$A$3:$C$10,2)))/12","v":{"v":16541.479603333333,"d":"16,541"}},{"v":13297.292999999998,"d":"13,297"},{"$f":"(VLOOKUP(P404*12,'Tax table'!$A$3:$C$10,3)*(P404*12-VLOOKUP(P404*12,'Tax table'!$A$3:$C$10,1))+VLOOKUP(P404*12,'Tax table'!$A$3:$C$10,2))/12","v":{"v":1208.5127399999994,"d":"1,209"}},{"v":13566.257259999998,"d":"13,566"},{"v":11531.318670999999,"d":"11,531"},{"v":0.6971153093630319,"d":"69.7%"},{"v":34593.956012999995,"d":"34,594"},{"$f":"IF($B$15=\"Yes\",MIN(S404*2,References!$B$7),0)","v":{"v":23062.637341999998,"d":"23,063"}},{"$f":"IF(AND(D404<>0,$B$16=\"Yes\"),References!$B$6,0)","v":{"v":100000,"d":"100,000"}},{"v":2034.9385889999994,"d":"2,035"},{"v":11081.0775,"d":"11,081"},{"v":1477.4769999999999,"d":"1,477"},{"v":12558.554499999998,"d":"12,559"},{"v":16990.9855,"d":"16,991"},{"$f":"(M404*12-(VLOOKUP(AB404*12,'Tax table'!$A$3:$C$10,3)*(AB404*12-VLOOKUP(AB404*12,'Tax table'!$A$3:$C$10,1))+VLOOKUP(AB404*12,'Tax table'!$A$3:$C$10,2)))/12","v":{"v":16541.479603333333,"d":"16,541"}},{"v":12558.554499999998,"d":"12,559"},{"v":0.7592159106171662,"d":"75.9%"}]
["Member 1904","1963-06-20","F",{"v":177765.72,"d":"177,766"},{"v":0.8,"d":"80%"},{"v":0.85,"d":"85%"},{"v":0.75,"d":"75%"},{"v":0.1,"d":"10%"},null,55,{"v":14813.81,"d":"14,814"},{"v":1481.381,"d":"1,481"},{"v":18517.262499999997,"d":"18,517"},{"v":17035.881499999996,"d":"17,036"},{"$f":"(M405*12-(VLOOKUP(N405*12,'Tax table'!$A$3:$C$10,3)*(N405*12-VLOOKUP(N405*12,'Tax table'!$A$3:$C$10,1))+VLOOKUP(N405*12,'Tax table'!$A$3:$C$10,2)))/12","v":{"v":16578.606643333333,"d":"16,579"}},{"v":13332.429,"d":"13,332"},{"$f":"(VLOOKUP(P405*12,'Tax table'!$A$3:$C$10,3)*(P405*12-VLOOKUP(P405*12,'Tax table'!$A$3:$C$10,1))+VLOOKUP(P405*12,'Tax table'!$A$3:$C$10,2))/12","v":{"v":1214.8372199999997,"d":"1,215"}},{"v":13598.97278,"d":"13,599"},{"v":11559.126863,"d":"11,559"},{"v":0.6972315051366642,"d":"69.7%"},{"v":34677.380589,"d":"34,677"},{"$f":"IF($B$15=\"Yes\",MIN(S405*2,References!$B$7),0)","v":{"v":23118.253726,"d":"23,118"}},{"$f":"IF(AND(D405<>0,$B$16=\"Yes\"),References!$B$6,0)","v":{"v":100000,"d":"100,000"}},{"v":2039.8459170000006,"d":"2,040"},{"v":11110.3575,"d":"11,110"},{"v":1481.381,"d":"1,481"},{"v":12591.7385,"d":"12,592"},{"v":17035.881499999996,"d":"17,036"},{"$f":"(M405*12-(VLOOKUP(AB405*12,'Tax table'!$A$3:$C$10,3)*(AB405*12-VLOOKUP(AB405*12,'Tax table'!$A$3:$C$10,1))+VLOOKUP(AB405*12,'Tax table'!$A$3:$C$10,2)))/12","v":{"v":16578.606643333333,"d":"16,579"}},{"v":12591.7385,"d":"12,592"},{"v":0.7595172966519143,"d":"76.0%"}]
["Member 1903","1983-01-11","F",{"v":177930.6,"d":"177,931"},{"v":0.8,"d":"80%"},{"v":0.85,"d":"85%"},{"v":0.75,"d":"75%"},{"v":0.1,"d":"10%"},null,35,{"v":14827.550000000001,"d":"14,828"},{"v":1482.755,"d":"1,483"},{"v":18534.4375,"d":"18,534"},{"v":17051.6825,"d":"17,052"},{"$f":"(M406*12-(VLOOKUP(N406*12,'Tax table'!$A$3:$C$10,3)*(N406*12-VLOOKUP(N406*12,'Tax table'!$A$3:$C$10,1))+VLOOKUP(N406*12,'Tax table'!$A$3:$C$10,2)))/12","v":{"v":16591.67338333333,"d":"16,592"}},{"v":13344.795000000002,"d":"13,345"},{"$f":"(VLOOKUP(P406*12,'Tax table'!$A$3:$C$10,3)*(P406*12-VLOOKUP(P406*12,'Tax table'!$A$3:$C$10,1))+VLOOKUP(P406*12,'Tax table'!$A$3:$C$10,2))/12","v":{"v":1217.0631000000005,"d":"1,217"}},{"v":13610.4869,"d":"13,610"},{"v":11568.913865,"d":"11,569"},{"v":0.6972722761419115,"d":"69.7%"},{"v":34706.741595,"d":"34,707"},{"$f":"IF($B$15=\"Yes\",MIN(S406*2,References!$B$7),0)","v":{"v":23137.82773,"d":"23,138"}},{"$f":"IF(AND(D406<>0,$B$16=\"Yes\"),References!$B$6,0)","v":{"v":100000,"d":"100,000"}},{"v":2041.5730349999994,"d":"2,042"},{"v":11120.6625,"d":"11,121"},{"v":1482.755,"d":"1,483"},{"v":12603.4175,"d":"12,603"},{"v":17051.6825,"d":"17,052"},{"$f":"(M406*12-(VLOOKUP(AB406*12,'Tax table'!$A$3:$C$10,3)*(AB406*12-VLOOKUP(AB406*12,'Tax table'!$A$3:$C$10,1))+VLOOKUP(AB406*12,'Tax table'!$A$3:$C$10,2)))/12","v":{"v":16591.67338333333,"d":"16,592"}},{"v":12603.4175,"d":"12,603"},{"v":0.7596230475860491,"d":"76.0%"}]
["Member 1902","1968-06-23","M",{"v":178026.84,"d":"178,027"},{"v":0.8,"d":"80%"},{"v":0.85,"d":"85%"},{"v":0.75,"d":"75%"},{"v":0.1,"d":"10%"},null,50,{"v":14835.57,"d":"14,836"},{"v":1483.557,"d":"1,484"},{"v":18544.462499999998,"d":"18,544"},{"v":17060.905499999997,"d":"17,061"},{"$f":"(M407*12-(VLOOKUP(N407*12,'Tax table'!$A$3:$C$10,3)*(N407*12-VLOOKUP(N407*12,'Tax table'!$A$3:$C$10,1))+VLOOKUP(N407*12,'Tax table'!$A$3:$C$10,2)))/12","v":{"v":16599.30040333333,"d":"16,599"}},{"v":13352.012999999999,"d":"13,352"},{"$f":"(VLOOKUP(P407*12,'Tax table'!$A$3:$C$10,3)*(P407*12-VLOOKUP(P407*12,'Tax table'!$A$3:$C$10,1))+VLOOKUP(P407*12,'Tax table'!$A$3:$C$10,2))/12","v":{"v":1218.36234,"d":"1,218"}},{"v":13617.20766,"d":"13,617"},{"v":11574.626511,"d":"11,575"},{"v":0.6972960443968881,"d":"69.7%"},{"v":34723.879533,"d":"34,724"},{"$f":"IF($B$15=\"Yes\",MIN(S407*2,References!$B$7),0)","v":{"v":23149.253022,"d":"23,149"}},{"$f":"IF(AND(D407<>0,$B$16=\"Yes\"),References!$B$6,0)","v":{"v":100000,"d":"100,000"}},{"v":2042.5811489999996,"d":"2,043"},{"v":11126.6775,"d":"11,127"},{"v":1483.557,"d":"1,484"},{"v":12610.2345,"d":"12,610"},{"v":17060.905499999997,"d":"17,061"},{"$f":"(M407*12-(VLOOKUP(AB407*12,'Tax table'!$A$3:$C$10,3)*(AB407*12-VLOOKUP(AB407*12,'Tax table'!$A$3:$C$10,1))+VLOOKUP(AB407*12,'Tax table'!$A$3:$C$10,2)))/12","v":{"v":16599.30040333333,"d":"16,599"}},{"v":12610.2345,"d":"12,610"},{"v":0.7596846971615575,"d":"76.0%"}]
["Member 1901","1964-05-10","M",{"v":178246.56,"d":"178,247"},{"v":0.8,"d":"80%"},{"v":0.85,"d":"85%"},{"v":0.75,"d":"75%"},{"v":0.1,"d":"10%"},null,{"$f":"DATEDIF(B408,$B$7,\"y\")","v":54},{"$f":"D408/12","v":{"v":14853.88,"d":"14,854"}},{"$f":"IF($B$10=\"No\",MIN(K408*H408,15%*K408),I408/12)","v":{"v":1485.388,"d":"1,485"}},{"$f":"D408/12/E408","v":{"v":18567.35,"d":"18,567"}},{"$f":"M408-L408","v":{"v":17081.962,"d":"17,082"}},{"$f":"(M408*12-(VLOOKUP(N408*12,'Tax table'!$A$3:$C$10,3)*(N408*12-VLOOKUP(N408*12,'Tax table'!$A$3:$C$10,1))+VLOOKUP(N408*12,'Tax table'!$A$3:$C$10,2)))/12","v":{"v":16616.713213333333,"d":"16,617"}},{"$f":"K408-L408","v":{"v":13368.491999999998,"d":"13,368"}},{"$f":"(VLOOKUP(P408*12,'Tax table'!$A$3:$C$10,3)*(P408*12-VLOOKUP(P408*12,'Tax table'!$A$3:$C$10,1))+VLOOKUP(P408*12,'Tax table'!$A$3:$C$10,2))/12","v":{"v":1221.3285599999997,"d":"1,221"}},{"$f":"K408-Q408","v":{"v":13632.55144,"d":"13,633"}},{"$f":"MIN(R408*F408,SUM($B$8,$B$9))","v":{"v":11587.668724,"d":"11,588"}},{"$f":"S408/O408","v":{"v":0.6973502265599671,"d":"69.7%"}},{"$f":"IF($B$14=\"Yes\",S408*3,0)","v":{"v":34763.006171999994,"d":"34,763"}},{"$f":"IF($B$15=\"Yes\",MIN(S408*2,References!$B$7),0)","v":{"v":23175.337448,"d":"23,175"}},{"$f":"IF(AND(D408<>0,$B$16=\"Yes\"),References!$B$6,0)","v":{"v":100000,"d":"100,000"}},{"$f":"IF($B$17=\"Yes\",MIN(R408,SUM($B$8:$B$9))-S408,0)","v":{"v":2044.882716,"d":"2,045"}},{"$f":"MIN(K408*G408,$B$8)","v":{"v":11140.41,"d":"11,140"}},{"$f":"MIN(K408*H408,$B$9)","v":{"v":1485.388,"d":"1,485"}},{"$f":"Z408+Y408","v":{"v":12625.797999999999,"d":"12,626"}},{"$f":"M408-Z408","v":{"v":17081.962,"d":"17,082"}},{"$f":"(M408*12-(VLOOKUP(AB408*12,'Tax table'!$A$3:$C$10,3)*(AB408*12-VLOOKUP(AB408*12,'Tax table'!$A$3:$C$10,1))+VLOOKUP(AB408*12,'Tax table'!$A$3:$C$10,2)))/12","v":{"v":16616.713213333333,"d":"16,617"}},{"$f":"MIN(AA408,AC408)","v":{"v":12625.797999999999,"d":"12,626"}},{"$f":"AD408/O408","v":{"v":0.7598252336610706,"d":"76.0%"}}]
["Member 1900","1985-05-26","F",{"v":178477.44,"d":"178,477"},{"v":0.8,"d":"80%"},{"v":0.85,"d":"85%"},{"v":0.75,"d":"75%"},{"v":0.1,"d":"10%"},null,33,{"v":14873.12,"d":"14,873"},{"v":1487.3120000000001,"d":"1,487"},{"v":18591.4,"d":"18,591"},{"v":17104.088,"d":"17,104"},{"$f":"(M409*12-(VLOOKUP(N409*12,'Tax table'!$A$3:$C$10,3)*(N409*12-VLOOKUP(N409*12,'Tax table'!$A$3:$C$10,1))+VLOOKUP(N409*12,'Tax table'!$A$3:$C$10,2)))/12","v":{"v":16635.010453333336,"d":"16,635"}},{"v":13385.808,"d":"13,386"},{"$f":"(VLOOKUP(P409*12,'Tax table'!$A$3:$C$10,3)*(P409*12-VLOOKUP(P409*12,'Tax table'!$A$3:$C$10,1))+VLOOKUP(P409*12,'Tax table'!$A$3:$C$10,2))/12","v":{"v":1224.44544,"d":"1,224"}},{"v":13648.674560000001,"d":"13,649"},{"v":11601.373376000001,"d":"11,601"},{"v":0.6974070385194925,"d":"69.7%"},{"v":34804.120128,"d":"34,804"},{"$f":"IF($B$15=\"Yes\",MIN(S409*2,References!$B$7),0)","v":{"v":23202.746752000003,"d":"23,203"}},{"$f":"IF(AND(D409<>0,$B$16=\"Yes\"),References!$B$6,0)","v":{"v":100000,"d":"100,000"}},{"v":2047.301184,"d":"2,047"},{"v":11154.84,"d":"11,155"},{"v":1487.3120000000001,"d":"1,487"},{"v":12642.152,"d":"12,642"},{"v":17104.088,"d":"17,104"},{"$f":"(M409*12-(VLOOKUP(AB409*12,'Tax table'!$A$3:$C$10,3)*(AB409*12-VLOOKUP(AB409*12,'Tax table'!$A$3:$C$10,1))+VLOOKUP(AB409*12,'Tax table'!$A$3:$C$10,2)))/12","v":{"v":16635.010453333336,"d":"16,635"}},{"v":12642.152,"d":"12,642"},{"v":0.759972591268601,"d":"76.0%"}]
["Member 1899","1980-07-24","F",{"v":178738.68,"d":"178,739"},{"v":0.8,"d":"80%"},{"v":0.85,"d":"85%"},{"v":0.75,"d":"75%"},{"v":0.1,"d":"10%"},null,38,{"v":14894.89,"d":"14,895"},{"v":1489.489,"d":"1,489"},{"v":18618.6125,"d":"18,619"},{"v":17129.123499999998,"d":"17,129"},{"$f":"(M410*12-(VLOOKUP(N410*12,'Tax table'!$A$3:$C$10,3)*(N410*12-VLOOKUP(N410*12,'Tax table'!$A$3:$C$10,1))+VLOOKUP(N410*12,'Tax table'!$A$3:$C$10,2)))/12","v":{"v":16655.71372333333,"d":"16,656"}},{"v":13405.401,"d":"13,405"},{"$f":"(VLOOKUP(P410*12,'Tax table'!$A$3:$C$10,3)*(P410*12-VLOOKUP(P410*12,'Tax table'!$A$3:$C$10,1))+VLOOKUP(P410*12,'Tax table'!$A$3:$C$10,2))/12","v":{"v":1227.97218,"d":"1,228"}},{"v":13666.917819999999,"d":"13,667"},{"v":11616.880146999998,"d":"11,617"},{"v":0.6974711705524617,"d":"69.7%"},{"v":34850.640440999996,"d":"34,851"},{"$f":"IF($B$15=\"Yes\",MIN(S410*2,References!$B$7),0)","v":{"v":23233.760293999996,"d":"23,234"}},{"$f":"IF(AND(D410<>0,$B$16=\"Yes\"),References!$B$6,0)","v":{"v":100000,"d":"100,000"}},{"v":2050.0376730000007,"d":"2,050"},{"v":11171.1675,"d":"11,171"},{"v":1489.489,"d":"1,489"},{"v":12660.6565,"d":"12,661"},{"v":17129.123499999998,"d":"17,129"},{"$f":"(M410*12-(VLOOKUP(AB410*12,'Tax table'!$A$3:$C$10,3)*(AB410*12-VLOOKUP(AB410*12,'Tax table'!$A$3:$C$10,1))+VLOOKUP(AB410*12,'Tax table'!$A$3:$C$10,2)))/12","v":{"v":16655.71372333333,"d":"16,656"}},{"v":12660.6565,"d":"12,661"},{"v":0.7601389355211735,"d":"76.0%"}]
["Member 1898","1979-12-26","F",{"v":178771.2,"d":"178,771"},{"v":0.8,"d":"80%"},{"v":0.85,"d":"85%"},{"v":0.75,"d":"75%"},{"v":0.1,"d":"10%"},null,38,{"v":14897.6,"d":"14,898"},{"v":1489.7600000000002,"d":"1,490"},{"v":18622,"d":"18,622"},{"v":17132.239999999998,"d":"17,132"},{"$f":"(M411*12-(VLOOKUP(N411*12,'Tax table'!$A$3:$C$10,3)*(N411*12-VLOOKUP(N411*12,'Tax table'!$A$3:$C$10,1))+VLOOKUP(N411*12,'Tax table'!$A$3:$C$10,2)))/12","v":{"v":16658.290933333334,"d":"16,658"}},{"v":13407.84,"d":"13,408"},{"$f":"(VLOOKUP(P411*12,'Tax table'!$A$3:$C$10,3)*(P411*12-VLOOKUP(P411*12,'Tax table'!$A$3:$C$10,1))+VLOOKUP(P411*12,'Tax table'!$A$3:$C$10,2))/12","v":{"v":1228.4112000000002,"d":"1,228"}},{"v":13669.1888,"d":"13,669"},{"v":11618.81048,"d":"11,619"},{"v":0.6974791427583183,"d":"69.7%"},{"v":34856.43144,"d":"34,856"},{"$f":"IF($B$15=\"Yes\",MIN(S411*2,References!$B$7),0)","v":{"v":23237.62096,"d":"23,238"}},{"$f":"IF(AND(D411<>0,$B$16=\"Yes\"),References!$B$6,0)","v":{"v":100000,"d":"100,000"}},{"v":2050.37832,"d":"2,050"},{"v":11173.2,"d":"11,173"},{"v":1489.7600000000002,"d":"1,490"},{"v":12662.960000000001,"d":"12,663"},{"v":17132.239999999998,"d":"17,132"},{"$f":"(M411*12-(VLOOKUP(AB411*12,'Tax table'!$A$3:$C$10,3)*(AB411*12-VLOOKUP(AB411*12,'Tax table'!$A$3:$C$10,1))+VLOOKUP(AB411*12,'Tax table'!$A$3:$C$10,2)))/12","v":{"v":16658.290933333334,"d":"16,658"}},{"v":12662.960000000001,"d":"12,663"},{"v":0.7601596136528836,"d":"76.0%"}]
["Member 1897","1972-01-16","F",{"v":179190.48,"d":"179,190"},{"v":0.8,"d":"80%"},{"v":0.85,"d":"85%"},{"v":0.75,"d":"75%"},{"v":0.1,"d":"10%"},null,46,{"v":14932.54,"d":"14,933"},{"v":1493.2540000000001,"d":"1,493"},{"v":18665.675,"d":"18,666"},{"v":17172.421,"d":"17,172"},{"$f":"(M412*12-(VLOOKUP(N412*12,'Tax table'!$A$3:$C$10,3)*(N412*12-VLOOKUP(N412*12,'Tax table'!$A$3:$C$10,1))+VLOOKUP(N412*12,'Tax table'!$A$3:$C$10,2)))/12","v":{"v":16691.51887333333,"d":"16,692"}},{"v":13439.286,"d":"13,439"},{"$f":"(VLOOKUP(P412*12,'Tax table'!$A$3:$C$10,3)*(P412*12-VLOOKUP(P412*12,'Tax table'!$A$3:$C$10,1))+VLOOKUP(P412*12,'Tax table'!$A$3:$C$10,2))/12","v":{"v":1234.0714799999998,"d":"1,234"}},{"v":13698.46852,"d":"13,698"},{"v":11643.698242,"d":"11,644"},{"v":0.6975817078338018,"d":"69.8%"},{"v":34931.094726,"d":"34,931"},{"$f":"IF($B$15=\"Yes\",MIN(S412*2,References!$B$7),0)","v":{"v":23287.396484,"d":"23,287"}},{"$f":"IF(AND(D412<>0,$B$16=\"Yes\"),References!$B$6,0)","v":{"v":100000,"d":"100,000"}},{"v":2054.770278,"d":"2,055"},{"v":11199.405,"d":"11,199"},{"v":1493.2540000000001,"d":"1,493"},{"v":12692.659000000001,"d":"12,693"},{"v":17172.421,"d":"17,172"},{"$f":"(M412*12-(VLOOKUP(AB412*12,'Tax table'!$A$3:$C$10,3)*(AB412*12-VLOOKUP(AB412*12,'Tax table'!$A$3:$C$10,1))+VLOOKUP(AB412*12,'Tax table'!$A$3:$C$10,2)))/12","v":{"v":16691.51887333333,"d":"16,692"}},{"v":12692.659000000001,"d":"12,693"},{"v":0.7604256446834219,"d":"76.0%"}]
["Member 1896","1982-12-17","F",{"v":179296.92,"d":"179,297"},{"v":0.8,"d":"80%"},{"v":0.85,"d":"85%"},{"v":0.75,"d":"75%"},{"v":0.1,"d":"10%"},null,35,{"v":14941.410000000002,"d":"14,941"},{"v":1494.1410000000003,"d":"1,494"},{"v":18676.7625,"d":"18,677"},{"v":17182.6215,"d":"17,183"},{"$f":"(M413*12-(VLOOKUP(N413*12,'Tax table'!$A$3:$C$10,3)*(N413*12-VLOOKUP(N413*12,'Tax table'!$A$3:$C$10,1))+VLOOKUP(N413*12,'Tax table'!$A$3:$C$10,2)))/12","v":{"v":16699.954243333337,"d":"16,700"}},{"v":13447.269000000002,"d":"13,447"},{"$f":"(VLOOKUP(P413*12,'Tax table'!$A$3:$C$10,3)*(P413*12-VLOOKUP(P413*12,'Tax table'!$A$3:$C$10,1))+VLOOKUP(P413*12,'Tax table'!$A$3:$C$10,2))/12","v":{"v":1235.5084200000003,"d":"1,236"}},{"v":13705.901580000002,"d":"13,706"},{"v":11650.016343000001,"d":"11,650"},{"v":0.6976076804312632,"d":"69.8%"},{"v":34950.049029,"d":"34,950"},{"$f":"IF($B$15=\"Yes\",MIN(S413*2,References!$B$7),0)","v":{"v":23300.032686000002,"d":"23,300"}},{"$f":"IF(AND(D413<>0,$B$16=\"Yes\"),References!$B$6,0)","v":{"v":100000,"d":"100,000"}},{"v":2055.8852370000004,"d":"2,056"},{"v":11206.0575,"d":"11,206"},{"v":1494.1410000000003,"d":"1,494"},{"v":12700.1985,"d":"12,700"},{"v":17182.6215,"d":"17,183"},{"$f":"(M413*12-(VLOOKUP(AB413*12,'Tax table'!$A$3:$C$10,3)*(AB413*12-VLOOKUP(AB413*12,'Tax table'!$A$3:$C$10,1))+VLOOKUP(AB413*12,'Tax table'!$A$3:$C$10,2)))/12","v":{"v":16699.954243333337,"d":"16,700"}},{"v":12700.1985,"d":"12,700"},{"v":0.7604930118338469,"d":"76.0%"}]
["Member 1895","1971-05-14","M",{"v":179305.2,"d":"179,305"},{"v":0.8,"d":"80%"},{"v":0.85,"d":"85%"},{"v":0.75,"d":"75%"},{"v":0.1,"d":"10%"},null,47,{"v":14942.1,"d":"14,942"},{"v":1494.21,"d":"1,494"},{"v":18677.625,"d":"18,678"},{"v":17183.415,"d":"17,183"},{"$f":"(M414*12-(VLOOKUP(N414*12,'Tax table'!$A$3:$C$10,3)*(N414*12-VLOOKUP(N414*12,'Tax table'!$A$3:$C$10,1))+VLOOKUP(N414*12,'Tax table'!$A$3:$C$10,2)))/12","v":{"v":16700.61043333333,"d":"16,701"}},{"v":13447.89,"d":"13,448"},{"$f":"(VLOOKUP(P414*12,'Tax table'!$A$3:$C$10,3)*(P414*12-VLOOKUP(P414*12,'Tax table'!$A$3:$C$10,1))+VLOOKUP(P414*12,'Tax table'!$A$3:$C$10,2))/12","v":{"v":1235.6201999999998,"d":"1,236"}},{"v":13706.479800000001,"d":"13,706"},{"v":11650.50783,"d":"11,651"},{"v":0.6976096997476419,"d":"69.8%"},{"v":34951.52349,"d":"34,952"},{"$f":"IF($B$15=\"Yes\",MIN(S414*2,References!$B$7),0)","v":{"v":23301.01566,"d":"23,301"}},{"$f":"IF(AND(D414<>0,$B$16=\"Yes\"),References!$B$6,0)","v":{"v":100000,"d":"100,000"}},{"v":2055.9719700000005,"d":"2,056"},{"v":11206.575,"d":"11,207"},{"v":1494.21,"d":"1,494"},{"v":12700.785,"d":"12,701"},{"v":17183.415,"d":"17,183"},{"$f":"(M414*12-(VLOOKUP(AB414*12,'Tax table'!$A$3:$C$10,3)*(AB414*12-VLOOKUP(AB414*12,'Tax table'!$A$3:$C$10,1))+VLOOKUP(AB414*12,'Tax table'!$A$3:$C$10,2)))/12","v":{"v":16700.61043333333,"d":"16,701"}},{"v":12700.785,"d":"12,701"},{"v":0.76049824949213,"d":"76.0%"}]
["Member 1894","1975-11-05","F",{"v":179327.64,"d":"179,328"},{"v":0.8,"d":"80%"},{"v":0.85,"d":"85%"},{"v":0.75,"d":"75%"},{"v":0.1,"d":"10%"},null,43,{"v":14943.970000000001,"d":"14,944"},{"v":1494.3970000000002,"d":"1,494"},{"v":18679.9625,"d":"18,680"},{"v":17185.5655,"d":"17,186"},{"$f":"(M415*12-(VLOOKUP(N415*12,'Tax table'!$A$3:$C$10,3)*(N415*12-VLOOKUP(N415*12,'Tax table'!$A$3:$C$10,1))+VLOOKUP(N415*12,'Tax table'!$A$3:$C$10,2)))/12","v":{"v":16702.388803333335,"d":"16,702"}},{"v":13449.573,"d":"13,450"},{"$f":"(VLOOKUP(P415*12,'Tax table'!$A$3:$C$10,3)*(P415*12-VLOOKUP(P415*12,'Tax table'!$A$3:$C$10,1))+VLOOKUP(P415*12,'Tax table'!$A$3:$C$10,2))/12","v":{"v":1235.9231399999996,"d":"1,236"}},{"v":13708.046860000002,"d":"13,708"},{"v":11651.839831000001,"d":"11,652"},{"v":0.6976151715899833,"d":"69.8%"},{"v":34955.519493,"d":"34,956"},{"$f":"IF($B$15=\"Yes\",MIN(S415*2,References!$B$7),0)","v":{"v":23303.679662000002,"d":"23,304"}},{"$f":"IF(AND(D415<>0,$B$16=\"Yes\"),References!$B$6,0)","v":{"v":100000,"d":"100,000"}},{"v":2056.207029000001,"d":"2,056"},{"v":11207.9775,"d":"11,208"},{"v":1494.3970000000002,"d":"1,494"},{"v":12702.374500000002,"d":"12,702"},{"v":17185.5655,"d":"17,186"},{"$f":"(M415*12-(VLOOKUP(AB415*12,'Tax table'!$A$3:$C$10,3)*(AB415*12-VLOOKUP(AB415*12,'Tax table'!$A$3:$C$10,1))+VLOOKUP(AB415*12,'Tax table'!$A$3:$C$10,2)))/12","v":{"v":16702.388803333335,"d":"16,702"}},{"v":12702.374500000002,"d":"12,702"},{"v":0.7605124422361045,"d":"76.1%"}]
["Member 1893","1978-12-04","F",{"v":179362.08,"d":"179,362"},{"v":0.8,"d":"80%"},{"v":0.85,"d":"85%"},{"v":0.75,"d":"75%"},{"v":0.1,"d":"10%"},null,39,{"v":14946.839999999998,"d":"14,947"},{"v":1494.684,"d":"1,495"},{"v":18683.549999999996,"d":"18,684"},{"v":17188.865999999995,"d":"17,189"},{"$f":"(M416*12-(VLOOKUP(N416*12,'Tax table'!$A$3:$C$10,3)*(N416*12-VLOOKUP(N416*12,'Tax table'!$A$3:$C$10,1))+VLOOKUP(N416*12,'Tax table'!$A$3:$C$10,2)))/12","v":{"v":16705.118173333332,"d":"16,705"}},{"v":13452.155999999999,"d":"13,452"},{"$f":"(VLOOKUP(P416*12,'Tax table'!$A$3:$C$10,3)*(P416*12-VLOOKUP(P416*12,'Tax table'!$A$3:$C$10,1))+VLOOKUP(P416*12,'Tax table'!$A$3:$C$10,2))/12","v":{"v":1236.3880799999995,"d":"1,236"}},{"v":13710.45192,"d":"13,710"},{"v":11653.884132,"d":"11,654"},{"v":0.6976235672851028,"d":"69.8%"},{"v":34961.652396,"d":"34,962"},{"$f":"IF($B$15=\"Yes\",MIN(S416*2,References!$B$7),0)","v":{"v":23307.768264,"d":"23,308"}},{"$f":"IF(AND(D416<>0,$B$16=\"Yes\"),References!$B$6,0)","v":{"v":100000,"d":"100,000"}},{"v":2056.5677880000003,"d":"2,057"},{"v":11210.13,"d":"11,210"},{"v":1494.684,"d":"1,495"},{"v":12704.813999999998,"d":"12,705"},{"v":17188.865999999995,"d":"17,189"},{"$f":"(M416*12-(VLOOKUP(AB416*12,'Tax table'!$A$3:$C$10,3)*(AB416*12-VLOOKUP(AB416*12,'Tax table'!$A$3:$C$10,1))+VLOOKUP(AB416*12,'Tax table'!$A$3:$C$10,2)))/12","v":{"v":16705.118173333332,"d":"16,705"}},{"v":12704.813999999998,"d":"12,705"},{"v":0.7605342188049237,"d":"76.1%"}]
["Member 1892","1985-01-01","M",{"v":179371.32,"d":"179,371"},{"v":0.8,"d":"80%"},{"v":0.85,"d":"85%"},{"v":0.75,"d":"75%"},{"v":0.1,"d":"10%"},null,33,{"v":14947.61,"d":"14,948"},{"v":1494.7610000000002,"d":"1,495"},{"v":18684.5125,"d":"18,685"},{"v":17189.751500000002,"d":"17,190"},{"$f":"(M417*12-(VLOOKUP(N417*12,'Tax table'!$A$3:$C$10,3)*(N417*12-VLOOKUP(N417*12,'Tax table'!$A$3:$C$10,1))+VLOOKUP(N417*12,'Tax table'!$A$3:$C$10,2)))/12","v":{"v":16705.850443333333,"d":"16,706"}},{"v":13452.849,"d":"13,453"},{"$f":"(VLOOKUP(P417*12,'Tax table'!$A$3:$C$10,3)*(P417*12-VLOOKUP(P417*12,'Tax table'!$A$3:$C$10,1))+VLOOKUP(P417*12,'Tax table'!$A$3:$C$10,2))/12","v":{"v":1236.51282,"d":"1,237"}},{"v":13711.09718,"d":"13,711"},{"v":11654.432603000001,"d":"11,654"},{"v":0.6976258193219275,"d":"69.8%"},{"v":34963.297809,"d":"34,963"},{"$f":"IF($B$15=\"Yes\",MIN(S417*2,References!$B$7),0)","v":{"v":23308.865206000002,"d":"23,309"}},{"$f":"IF(AND(D417<>0,$B$16=\"Yes\"),References!$B$6,0)","v":{"v":100000,"d":"100,000"}},{"v":2056.6645769999996,"d":"2,057"},{"v":11210.7075,"d":"11,211"},{"v":1494.7610000000002,"d":"1,495"},{"v":12705.4685,"d":"12,705"},{"v":17189.751500000002,"d":"17,190"},{"$f":"(M417*12-(VLOOKUP(AB417*12,'Tax table'!$A$3:$C$10,3)*(AB417*12-VLOOKUP(AB417*12,'Tax table'!$A$3:$C$10,1))+VLOOKUP(AB417*12,'Tax table'!$A$3:$C$10,2)))/12","v":{"v":16705.850443333333,"d":"16,706"}},{"v":12705.4685,"d":"12,705"},{"v":0.7605400600883667,"d":"76.1%"}]
["Member 1891","1985-01-04","F",{"v":179392.56,"d":"179,393"},{"v":0.8,"d":"80%"},{"v":0.85,"d":"85%"},{"v":0.75,"d":"75%"},{"v":0.1,"d":"10%"},null,33,{"v":14949.38,"d":"14,949"},{"v":1494.938,"d":"1,495"},{"v":18686.725,"d":"18,687"},{"v":17191.786999999997,"d":"17,192"},{"$f":"(M418*12-(VLOOKUP(N418*12,'Tax table'!$A$3:$C$10,3)*(N418*12-VLOOKUP(N418*12,'Tax table'!$A$3:$C$10,1))+VLOOKUP(N418*12,'Tax table'!$A$3:$C$10,2)))/12","v":{"v":16707.533713333334,"d":"16,708"}},{"v":13454.442,"d":"13,454"},{"$f":"(VLOOKUP(P418*12,'Tax table'!$A$3:$C$10,3)*(P418*12-VLOOKUP(P418*12,'Tax table'!$A$3:$C$10,1))+VLOOKUP(P418*12,'Tax table'!$A$3:$C$10,2))/12","v":{"v":1236.7995600000002,"d":"1,237"}},{"v":13712.58044,"d":"13,713"},{"v":11655.693373999999,"d":"11,656"},{"v":0.6976309953334555,"d":"69.8%"},{"v":34967.080122,"d":"34,967"},{"$f":"IF($B$15=\"Yes\",MIN(S418*2,References!$B$7),0)","v":{"v":23311.386747999997,"d":"23,311"}},{"$f":"IF(AND(D418<>0,$B$16=\"Yes\"),References!$B$6,0)","v":{"v":100000,"d":"100,000"}},{"v":2056.887066000001,"d":"2,057"},{"v":11212.035,"d":"11,212"},{"v":1494.938,"d":"1,495"},{"v":12706.973,"d":"12,707"},{"v":17191.786999999997,"d":"17,192"},{"$f":"(M418*12-(VLOOKUP(AB418*12,'Tax table'!$A$3:$C$10,3)*(AB418*12-VLOOKUP(AB418*12,'Tax table'!$A$3:$C$10,1))+VLOOKUP(AB418*12,'Tax table'!$A$3:$C$10,2)))/12","v":{"v":16707.533713333334,"d":"16,708"}},{"v":12706.973,"d":"12,707"},{"v":0.7605534855129028,"d":"76.1%"}]
["Member 1890","1977-08-01","F",{"v":179407.56,"d":"179,408"},{"v":0.8,"d":"80%"},{"v":0.85,"d":"85%"},{"v":0.75,"d":"75%"},{"v":0.1,"d":"10%"},null,41,{"v":14950.63,"d":"14,951"},{"v":1495.063,"d":"1,495"},{"v":18688.2875,"d":"18,688"},{"v":17193.224499999997,"d":"17,193"},{"$f":"(M419*12-(VLOOKUP(N419*12,'Tax table'!$A$3:$C$10,3)*(N419*12-VLOOKUP(N419*12,'Tax table'!$A$3:$C$10,1))+VLOOKUP(N419*12,'Tax table'!$A$3:$C$10,2)))/12","v":{"v":16708.72246333333,"d":"16,709"}},{"v":13455.567,"d":"13,456"},{"$f":"(VLOOKUP(P419*12,'Tax table'!$A$3:$C$10,3)*(P419*12-VLOOKUP(P419*12,'Tax table'!$A$3:$C$10,1))+VLOOKUP(P419*12,'Tax table'!$A$3:$C$10,2))/12","v":{"v":1237.00206,"d":"1,237"}},{"v":13713.627939999998,"d":"13,714"},{"v":11656.583748999998,"d":"11,657"},{"v":0.6976346500805155,"d":"69.8%"},{"v":34969.75124699999,"d":"34,970"},{"$f":"IF($B$15=\"Yes\",MIN(S419*2,References!$B$7),0)","v":{"v":23313.167497999995,"d":"23,313"}},{"$f":"IF(AND(D419<>0,$B$16=\"Yes\"),References!$B$6,0)","v":{"v":100000,"d":"100,000"}},{"v":2057.044191000001,"d":"2,057"},{"v":11212.9725,"d":"11,213"},{"v":1495.063,"d":"1,495"},{"v":12708.0355,"d":"12,708"},{"v":17193.224499999997,"d":"17,193"},{"$f":"(M419*12-(VLOOKUP(AB419*12,'Tax table'!$A$3:$C$10,3)*(AB419*12-VLOOKUP(AB419*12,'Tax table'!$A$3:$C$10,1))+VLOOKUP(AB419*12,'Tax table'!$A$3:$C$10,2)))/12","v":{"v":16708.72246333333,"d":"16,709"}},{"v":12708.0355,"d":"12,708"},{"v":0.7605629651152152,"d":"76.1%"}]
["Member 1883","1964-03-21","F",{"v":179410.92,"d":"179,411"},{"v":0.8,"d":"80%"},{"v":0.85,"d":"85%"},{"v":0.75,"d":"75%"},{"v":0.1,"d":"10%"},null,54,{"v":14950.910000000002,"d":"14,951"},{"v":1495.0910000000003,"d":"1,495"},{"v":18688.6375,"d":"18,689"},{"v":17193.5465,"d":"17,194"},{"$f":"(M420*12-(VLOOKUP(N420*12,'Tax table'!$A$3:$C$10,3)*(N420*12-VLOOKUP(N420*12,'Tax table'!$A$3:$C$10,1))+VLOOKUP(N420*12,'Tax table'!$A$3:$C$10,2)))/12","v":{"v":16708.988743333335,"d":"16,709"}},{"v":13455.819000000001,"d":"13,456"},{"$f":"(VLOOKUP(P420*12,'Tax table'!$A$3:$C$10,3)*(P420*12-VLOOKUP(P420*12,'Tax table'!$A$3:$C$10,1))+VLOOKUP(P420*12,'Tax table'!$A$3:$C$10,2))/12","v":{"v":1237.04742,"d":"1,237"}},{"v":13713.86258,"d":"13,714"},{"v":11656.783193000001,"d":"11,657"},{"v":0.6976354686725672,"d":"69.8%"},{"v":34970.349579,"d":"34,970"},{"$f":"IF($B$15=\"Yes\",MIN(S420*2,References!$B$7),0)","v":{"v":23313.566386000002,"d":"23,314"}},{"$f":"IF(AND(D420<>0,$B$16=\"Yes\"),References!$B$6,0)","v":{"v":100000,"d":"100,000"}},{"v":2057.0793869999998,"d":"2,057"},{"v":11213.1825,"d":"11,213"},{"v":1495.0910000000003,"d":"1,495"},{"v":12708.273500000001,"d":"12,708"},{"v":17193.5465,"d":"17,194"},{"$f":"(M420*12-(VLOOKUP(AB420*12,'Tax table'!$A$3:$C$10,3)*(AB420*12-VLOOKUP(AB420*12,'Tax table'!$A$3:$C$10,1))+VLOOKUP(AB420*12,'Tax table'!$A$3:$C$10,2)))/12","v":{"v":16708.988743333335,"d":"16,709"}},{"v":12708.273500000001,"d":"12,708"},{"v":0.7605650883612232,"d":"76.1%"}]
["Member 1884","1961-03-19","F",{"v":179410.92,"d":"179,411"},{"v":0.8,"d":"80%"},{"v":0.85,"d":"85%"},{"v":0.75,"d":"75%"},{"v":0.1,"d":"10%"},null,57,{"v":14950.910000000002,"d":"14,951"},{"v":1495.0910000000003,"d":"1,495"},{"v":18688.6375,"d":"18,689"},{"v":17193.5465,"d":"17,194"},{"$f":"(M421*12-(VLOOKUP(N421*12,'Tax table'!$A$3:$C$10,3)*(N421*12-VLOOKUP(N421*12,'Tax table'!$A$3:$C$10,1))+VLOOKUP(N421*12,'Tax table'!$A$3:$C$10,2)))/12","v":{"v":16708.988743333335,"d":"16,709"}},{"v":13455.819000000001,"d":"13,456"},{"$f":"(VLOOKUP(P421*12,'Tax table'!$A$3:$C$10,3)*(P421*12-VLOOKUP(P421*12,'Tax table'!$A$3:$C$10,1))+VLOOKUP(P421*12,'Tax table'!$A$3:$C$10,2))/12","v":{"v":1237.04742,"d":"1,237"}},{"v":13713.86258,"d":"13,714"},{"v":11656.783193000001,"d":"11,657"},{"v":0.6976354686725672,"d":"69.8%"},{"v":34970.349579,"d":"34,970"},{"$f":"IF($B$15=\"Yes\",MIN(S421*2,References!$B$7),0)","v":{"v":23313.566386000002,"d":"23,314"}},{"$f":"IF(AND(D421<>0,$B$16=\"Yes\"),References!$B$6,0)","v":{"v":100000,"d":"100,000"}},{"v":2057.0793869999998,"d":"2,057"},{"v":11213.1825,"d":"11,213"},{"v":1495.0910000000003,"d":"1,495"},{"v":12708.273500000001,"d":"12,708"},{"v":17193.5465,"d":"17,194"},{"$f":"(M421*12-(VLOOKUP(AB421*12,'Tax table'!$A$3:$C$10,3)*(AB421*12-VLOOKUP(AB421*12,'Tax table'!$A$3:$C$10,1))+VLOOKUP(AB421*12,'Tax table'!$A$3:$C$10,2)))/12","v":{"v":16708.988743333335,"d":"16,709"}},{"v":12708.273500000001,"d":"12,708"},{"v":0.7605650883612232,"d":"76.1%"}]
["Member 1885","1952-08-15","F",{"v":179410.92,"d":"179,411"},{"v":0.8,"d":"80%"},{"v":0.85,"d":"85%"},{"v":0.75,"d":"75%"},{"v":0.1,"d":"10%"},null,66,{"v":14950.910000000002,"d":"14,951"},{"v":1495.0910000000003,"d":"1,495"},{"v":18688.6375,"d":"18,689"},{"v":17193.5465,"d":"17,194"},{"$f":"(M422*12-(VLOOKUP(N422*12,'Tax table'!$A$3:$C$10,3)*(N422*12-VLOOKUP(N422*12,'Tax table'!$A$3:$C$10,1))+VLOOKUP(N422*12,'Tax table'!$A$3:$C$10,2)))/12","v":{"v":16708.988743333335,"d":"16,709"}},{"v":13455.819000000001,"d":"13,456"},{"$f":"(VLOOKUP(P422*12,'Tax table'!$A$3:$C$10,3)*(P422*12-VLOOKUP(P422*12,'Tax table'!$A$3:$C$10,1))+VLOOKUP(P422*12,'Tax table'!$A$3:$C$10,2))/12","v":{"v":1237.04742,"d":"1,237"}},{"v":13713.86258,"d":"13,714"},{"v":11656.783193000001,"d":"11,657"},{"v":0.6976354686725672,"d":"69.8%"},{"v":34970.349579,"d":"34,970"},{"$f":"IF($B$15=\"Yes\",MIN(S422*2,References!$B$7),0)","v":{"v":23313.566386000002,"d":"23,314"}},{"$f":"IF(AND(D422<>0,$B$16=\"Yes\"),References!$B$6,0)","v":{"v":100000,"d":"100,000"}},{"v":2057.0793869999998,"d":"2,057"},{"v":11213.1825,"d":"11,213"},{"v":1495.0910000000003,"d":"1,495"},{"v":12708.273500000001,"d":"12,708"},{"v":17193.5465,"d":"17,194"},{"$f":"(M422*12-(VLOOKUP(AB422*12,'Tax table'!$A$3:$C$10,3)*(AB422*12-VLOOKUP(AB422*12,'Tax table'!$A$3:$C$10,1))+VLOOKUP(AB422*12,'Tax table'!$A$3:$C$10,2)))/12","v":{"v":16708.988743333335,"d":"16,709"}},{"v":12708.273500000001,"d":"12,708"},{"v":0.7605650883612232,"d":"76.1%"}]
["Member 1886","1958-10-24","F",{"v":179410.92,"d":"179,411"},{"v":0.8,"d":"80%"},{"v":0.85,"d":"85%"},{"v":0.75,"d":"75%"},{"v":0.1,"d":"10%"},null,60,{"v":14950.910000000002,"d":"14,951"},{"v":1495.0910000000003,"d":"1,495"},{"v":18688.6375,"d":"18,689"},{"v":17193.5465,"d":"17,194"},{"$f":"(M423*12-(VLOOKUP(N423*12,'Tax table'!$A$3:$C$10,3)*(N423*12-VLOOKUP(N423*12,'Tax table'!$A$3:$C$10,1))+VLOOKUP(N423*12,'Tax table'!$A$3:$C$10,2)))/12","v":{"v":16708.988743333335,"d":"16,709"}},{"v":13455.819000000001,"d":"13,456"},{"$f":"(VLOOKUP(P423*12,'Tax table'!$A$3:$C$10,3)*(P423*12-VLOOKUP(P423*12,'Tax table'!$A$3:$C$10,1))+VLOOKUP(P423*12,'Tax table'!$A$3:$C$10,2))/12","v":{"v":1237.04742,"d":"1,237"}},{"v":13713.86258,"d":"13,714"},{"v":11656.783193000001,"d":"11,657"},{"v":0.6976354686725672,"d":"69.8%"},{"v":34970.349579,"d":"34,970"},{"$f":"IF($B$15=\"Yes\",MIN(S423*2,References!$B$7),0)","v":{"v":23313.566386000002,"d":"23,314"}},{"$f":"IF(AND(D423<>0,$B$16=\"Yes\"),References!$B$6,0)","v":{"v":100000,"d":"100,000"}},{"v":2057.0793869999998,"d":"2,057"},{"v":11213.1825,"d":"11,213"},{"v":1495.0910000000003,"d":"1,495"},{"v":12708.273500000001,"d":"12,708"},{"v":17193.5465,"d":"17,194"},{"$f":"(M423*12-(VLOOKUP(AB423*12,'Tax table'!$A$3:$C$10,3)*(AB423*12-VLOOKUP(AB423*12,'Tax table'!$A$3:$C$10,1))+VLOOKUP(AB423*12,'Tax table'!$A$3:$C$10,2)))/12","v":{"v":16708.988743333335,"d":"16,709"}},{"v":12708.273500000001,"d":"12,708"},{"v":0.7605650883612232,"d":"76.1%"}]
["Member 1887","1972-10-16","F",{"v":179410.92,"d":"179,411"},{"v":0.8,"d":"80%"},{"v":0.85,"d":"85%"},{"v":0.75,"d":"75%"},{"v":0.1,"d":"10%"},null,46,{"v":14950.910000000002,"d":"14,951"},{"v":1495.0910000000003,"d":"1,495"},{"v":18688.6375,"d":"18,689"},{"v":17193.5465,"d":"17,194"},{"$f":"(M424*12-(VLOOKUP(N424*12,'Tax table'!$A$3:$C$10,3)*(N424*12-VLOOKUP(N424*12,'Tax table'!$A$3:$C$10,1))+VLOOKUP(N424*12,'Tax table'!$A$3:$C$10,2)))/12","v":{"v":16708.988743333335,"d":"16,709"}},{"v":13455.819000000001,"d":"13,456"},{"$f":"(VLOOKUP(P424*12,'Tax table'!$A$3:$C$10,3)*(P424*12-VLOOKUP(P424*12,'Tax table'!$A$3:$C$10,1))+VLOOKUP(P424*12,'Tax table'!$A$3:$C$10,2))/12","v":{"v":1237.04742,"d":"1,237"}},{"v":13713.86258,"d":"13,714"},{"v":11656.783193000001,"d":"11,657"},{"v":0.6976354686725672,"d":"69.8%"},{"v":34970.349579,"d":"34,970"},{"$f":"IF($B$15=\"Yes\",MIN(S424*2,References!$B$7),0)","v":{"v":23313.566386000002,"d":"23,314"}},{"$f":"IF(AND(D424<>0,$B$16=\"Yes\"),References!$B$6,0)","v":{"v":100000,"d":"100,000"}},{"v":2057.0793869999998,"d":"2,057"},{"v":11213.1825,"d":"11,213"},{"v":1495.0910000000003,"d":"1,495"},{"v":12708.273500000001,"d":"12,708"},{"v":17193.5465,"d":"17,194"},{"$f":"(M424*12-(VLOOKUP(AB424*12,'Tax table'!$A$3:$C$10,3)*(AB424*12-VLOOKUP(AB424*12,'Tax table'!$A$3:$C$10,1))+VLOOKUP(AB424*12,'Tax table'!$A$3:$C$10,2)))/12","v":{"v":16708.988743333335,"d":"16,709"}},{"v":12708.273500000001,"d":"12,708"},{"v":0.7605650883612232,"d":"76.1%"}]
["Member 1888","1975-06-24","F",{"v":179410.92,"d":"179,411"},{"v":0.8,"d":"80%"},{"v":0.85,"d":"85%"},{"v":0.75,"d":"75%"},{"v":0.1,"d":"10%"},null,43,{"v":14950.910000000002,"d":"14,951"},{"v":1495.0910000000003,"d":"1,495"},{"v":18688.6375,"d":"18,689"},{"v":17193.5465,"d":"17,194"},{"$f":"(M425*12-(VLOOKUP(N425*12,'Tax table'!$A$3:$C$10,3)*(N425*12-VLOOKUP(N425*12,'Tax table'!$A$3:$C$10,1))+VLOOKUP(N425*12,'Tax table'!$A$3:$C$10,2)))/12","v":{"v":16708.988743333335,"d":"16,709"}},{"v":13455.819000000001,"d":"13,456"},{"$f":"(VLOOKUP(P425*12,'Tax table'!$A$3:$C$10,3)*(P425*12-VLOOKUP(P425*12,'Tax table'!$A$3:$C$10,1))+VLOOKUP(P425*12,'Tax table'!$A$3:$C$10,2))/12","v":{"v":1237.04742,"d":"1,237"}},{"v":13713.86258,"d":"13,714"},{"v":11656.783193000001,"d":"11,657"},{"v":0.6976354686725672,"d":"69.8%"},{"v":34970.349579,"d":"34,970"},{"$f":"IF($B$15=\"Yes\",MIN(S425*2,References!$B$7),0)","v":{"v":23313.566386000002,"d":"23,314"}},{"$f":"IF(AND(D425<>0,$B$16=\"Yes\"),References!$B$6,0)","v":{"v":100000,"d":"100,000"}},{"v":2057.0793869999998,"d":"2,057"},{"v":11213.1825,"d":"11,213"},{"v":1495.0910000000003,"d":"1,495"},{"v":12708.273500000001,"d":"12,708"},{"v":17193.5465,"d":"17,194"},{"$f":"(M425*12-(VLOOKUP(AB425*12,'Tax table'!$A$3:$C$10,3)*(AB425*12-VLOOKUP(AB425*12,'Tax table'!$A$3:$C$10,1))+VLOOKUP(AB425*12,'Tax table'!$A$3:$C$10,2)))/12","v":{"v":16708.988743333335,"d":"16,709"}},{"v":12708.273500000001,"d":"12,708"},{"v":0.7605650883612232,"d":"76.1%"}]
["Member 1889","1962-02-06","M",{"v":179410.92,"d":"179,411"},{"v":0.8,"d":"80%"},{"v":0.85,"d":"85%"},{"v":0.75,"d":"75%"},{"v":0.1,"d":"10%"},null,56,{"v":14950.910000000002,"d":"14,951"},{"v":1495.0910000000003,"d":"1,495"},{"v":18688.6375,"d":"18,689"},{"v":17193.5465,"d":"17,194"},{"$f":"(M426*12-(VLOOKUP(N426*12,'Tax table'!$A$3:$C$10,3)*(N426*12-VLOOKUP(N426*12,'Tax table'!$A$3:$C$10,1))+VLOOKUP(N426*12,'Tax table'!$A$3:$C$10,2)))/12","v":{"v":16708.988743333335,"d":"16,709"}},{"v":13455.819000000001,"d":"13,456"},{"$f":"(VLOOKUP(P426*12,'Tax table'!$A$3:$C$10,3)*(P426*12-VLOOKUP(P426*12,'Tax table'!$A$3:$C$10,1))+VLOOKUP(P426*12,'Tax table'!$A$3:$C$10,2))/12","v":{"v":1237.04742,"d":"1,237"}},{"v":13713.86258,"d":"13,714"},{"v":11656.783193000001,"d":"11,657"},{"v":0.6976354686725672,"d":"69.8%"},{"v":34970.349579,"d":"34,970"},{"$f":"IF($B$15=\"Yes\",MIN(S426*2,References!$B$7),0)","v":{"v":23313.566386000002,"d":"23,314"}},{"$f":"IF(AND(D426<>0,$B$16=\"Yes\"),References!$B$6,0)","v":{"v":100000,"d":"100,000"}},{"v":2057.0793869999998,"d":"2,057"},{"v":11213.1825,"d":"11,213"},{"v":1495.0910000000003,"d":"1,495"},{"v":12708.273500000001,"d":"12,708"},{"v":17193.5465,"d":"17,194"},{"$f":"(M426*12-(VLOOKUP(AB426*12,'Tax table'!$A$3:$C$10,3)*(AB426*12-VLOOKUP(AB426*12,'Tax table'!$A$3:$C$10,1))+VLOOKUP(AB426*12,'Tax table'!$A$3:$C$10,2)))/12","v":{"v":16708.988743333335,"d":"16,709"}},{"v":12708.273500000001,"d":"12,708"},{"v":0.7605650883612232,"d":"76.1%"}]
["Member 1881","1975-06-01","M",{"v":179425.56,"d":"179,426"},{"v":0.8,"d":"80%"},{"v":0.85,"d":"85%"},{"v":0.75,"d":"75%"},{"v":0.1,"d":"10%"},null,43,{"v":14952.13,"d":"14,952"},{"v":1495.213,"d":"1,495"},{"v":18690.1625,"d":"18,690"},{"v":17194.9495,"d":"17,195"},{"$f":"(M427*12-(VLOOKUP(N427*12,'Tax table'!$A$3:$C$10,3)*(N427*12-VLOOKUP(N427*12,'Tax table'!$A$3:$C$10,1))+VLOOKUP(N427*12,'Tax table'!$A$3:$C$10,2)))/12","v":{"v":16710.148963333333,"d":"16,710"}},{"v":13456.917,"d":"13,457"},{"$f":"(VLOOKUP(P427*12,'Tax table'!$A$3:$C$10,3)*(P427*12-VLOOKUP(P427*12,'Tax table'!$A$3:$C$10,1))+VLOOKUP(P427*12,'Tax table'!$A$3:$C$10,2))/12","v":{"v":1237.2450599999997,"d":"1,237"}},{"v":13714.88494,"d":"13,715"},{"v":11657.652199,"d":"11,658"},{"v":0.6976390350905967,"d":"69.8%"},{"v":34972.956597,"d":"34,973"},{"$f":"IF($B$15=\"Yes\",MIN(S427*2,References!$B$7),0)","v":{"v":23315.304398,"d":"23,315"}},{"$f":"IF(AND(D427<>0,$B$16=\"Yes\"),References!$B$6,0)","v":{"v":100000,"d":"100,000"}},{"v":2057.232741,"d":"2,057"},{"v":11214.0975,"d":"11,214"},{"v":1495.213,"d":"1,495"},{"v":12709.3105,"d":"12,709"},{"v":17194.9495,"d":"17,195"},{"$f":"(M427*12-(VLOOKUP(AB427*12,'Tax table'!$A$3:$C$10,3)*(AB427*12-VLOOKUP(AB427*12,'Tax table'!$A$3:$C$10,1))+VLOOKUP(AB427*12,'Tax table'!$A$3:$C$10,2)))/12","v":{"v":16710.148963333333,"d":"16,710"}},{"v":12709.3105,"d":"12,709"},{"v":0.7605743388576442,"d":"76.1%"}]
["Member 1882","1956-10-25","F",{"v":179425.56,"d":"179,426"},{"v":0.8,"d":"80%"},{"v":0.85,"d":"85%"},{"v":0.75,"d":"75%"},{"v":0.1,"d":"10%"},null,62,{"v":14952.13,"d":"14,952"},{"v":1495.213,"d":"1,495"},{"v":18690.1625,"d":"18,690"},{"v":17194.9495,"d":"17,195"},{"$f":"(M428*12-(VLOOKUP(N428*12,'Tax table'!$A$3:$C$10,3)*(N428*12-VLOOKUP(N428*12,'Tax table'!$A$3:$C$10,1))+VLOOKUP(N428*12,'Tax table'!$A$3:$C$10,2)))/12","v":{"v":16710.148963333333,"d":"16,710"}},{"v":13456.917,"d":"13,457"},{"$f":"(VLOOKUP(P428*12,'Tax table'!$A$3:$C$10,3)*(P428*12-VLOOKUP(P428*12,'Tax table'!$A$3:$C$10,1))+VLOOKUP(P428*12,'Tax table'!$A$3:$C$10,2))/12","v":{"v":1237.2450599999997,"d":"1,237"}},{"v":13714.88494,"d":"13,715"},{"v":11657.652199,"d":"11,658"},{"v":0.6976390350905967,"d":"69.8%"},{"v":34972.956597,"d":"34,973"},{"$f":"IF($B$15=\"Yes\",MIN(S428*2,References!$B$7),0)","v":{"v":23315.304398,"d":"23,315"}},{"$f":"IF(AND(D428<>0,$B$16=\"Yes\"),References!$B$6,0)","v":{"v":100000,"d":"100,000"}},{"v":2057.232741,"d":"2,057"},{"v":11214.0975,"d":"11,214"},{"v":1495.213,"d":"1,495"},{"v":12709.3105,"d":"12,709"},{"v":17194.9495,"d":"17,195"},{"$f":"(M428*12-(VLOOKUP(AB428*12,'Tax table'!$A$3:$C$10,3)*(AB428*12-VLOOKUP(AB428*12,'Tax table'!$A$3:$C$10,1))+VLOOKUP(AB428*12,'Tax table'!$A$3:$C$10,2)))/12","v":{"v":16710.148963333333,"d":"16,710"}},{"v":12709.3105,"d":"12,709"},{"v":0.7605743388576442,"d":"76.1%"}]
["Member 1880","1983-07-04","F",{"v":179620.44,"d":"179,620"},{"v":0.8,"d":"80%"},{"v":0.85,"d":"85%"},{"v":0.75,"d":"75%"},{"v":0.1,"d":"10%"},null,35,{"v":14968.37,"d":"14,968"},{"v":1496.8370000000002,"d":"1,497"},{"v":18710.4625,"d":"18,710"},{"v":17213.625500000002,"d":"17,214"},{"$f":"(M429*12-(VLOOKUP(N429*12,'Tax table'!$A$3:$C$10,3)*(N429*12-VLOOKUP(N429*12,'Tax table'!$A$3:$C$10,1))+VLOOKUP(N429*12,'Tax table'!$A$3:$C$10,2)))/12","v":{"v":16725.593203333334,"d":"16,726"}},{"v":13471.533000000001,"d":"13,472"},{"$f":"(VLOOKUP(P429*12,'Tax table'!$A$3:$C$10,3)*(P429*12-VLOOKUP(P429*12,'Tax table'!$A$3:$C$10,1))+VLOOKUP(P429*12,'Tax table'!$A$3:$C$10,2))/12","v":{"v":1239.8759400000001,"d":"1,240"}},{"v":13728.49406,"d":"13,728"},{"v":11669.219951000001,"d":"11,669"},{"v":0.6976864622460374,"d":"69.8%"},{"v":35007.659853000005,"d":"35,008"},{"$f":"IF($B$15=\"Yes\",MIN(S429*2,References!$B$7),0)","v":{"v":23338.439902000002,"d":"23,338"}},{"$f":"IF(AND(D429<>0,$B$16=\"Yes\"),References!$B$6,0)","v":{"v":100000,"d":"100,000"}},{"v":2059.274109,"d":"2,059"},{"v":11226.2775,"d":"11,226"},{"v":1496.8370000000002,"d":"1,497"},{"v":12723.1145,"d":"12,723"},{"v":17213.625500000002,"d":"17,214"},{"$f":"(M429*12-(VLOOKUP(AB429*12,'Tax table'!$A$3:$C$10,3)*(AB429*12-VLOOKUP(AB429*12,'Tax table'!$A$3:$C$10,1))+VLOOKUP(AB429*12,'Tax table'!$A$3:$C$10,2)))/12","v":{"v":16725.593203333334,"d":"16,726"}},{"v":12723.1145,"d":"12,723"},{"v":0.7606973543673382,"d":"76.1%"}]
["Member 1879","1959-06-22","F",{"v":179681.16,"d":"179,681"},{"v":0.8,"d":"80%"},{"v":0.85,"d":"85%"},{"v":0.75,"d":"75%"},{"v":0.1,"d":"10%"},null,59,{"v":14973.43,"d":"14,973"},{"v":1497.343,"d":"1,497"},{"v":18716.7875,"d":"18,717"},{"v":17219.444499999998,"d":"17,219"},{"$f":"(M430*12-(VLOOKUP(N430*12,'Tax table'!$A$3:$C$10,3)*(N430*12-VLOOKUP(N430*12,'Tax table'!$A$3:$C$10,1))+VLOOKUP(N430*12,'Tax table'!$A$3:$C$10,2)))/12","v":{"v":16730.40526333333,"d":"16,730"}},{"v":13476.087,"d":"13,476"},{"$f":"(VLOOKUP(P430*12,'Tax table'!$A$3:$C$10,3)*(P430*12-VLOOKUP(P430*12,'Tax table'!$A$3:$C$10,1))+VLOOKUP(P430*12,'Tax table'!$A$3:$C$10,2))/12","v":{"v":1240.6956599999999,"d":"1,241"}},{"v":13732.73434,"d":"13,733"},{"v":11672.824189,"d":"11,673"},{"v":0.6977012215348053,"d":"69.8%"},{"v":35018.472567000004,"d":"35,018"},{"$f":"IF($B$15=\"Yes\",MIN(S430*2,References!$B$7),0)","v":{"v":23345.648378,"d":"23,346"}},{"$f":"IF(AND(D430<>0,$B$16=\"Yes\"),References!$B$6,0)","v":{"v":100000,"d":"100,000"}},{"v":2059.910151,"d":"2,060"},{"v":11230.0725,"d":"11,230"},{"v":1497.343,"d":"1,497"},{"v":12727.415500000001,"d":"12,727"},{"v":17219.444499999998,"d":"17,219"},{"$f":"(M430*12-(VLOOKUP(AB430*12,'Tax table'!$A$3:$C$10,3)*(AB430*12-VLOOKUP(AB430*12,'Tax table'!$A$3:$C$10,1))+VLOOKUP(AB430*12,'Tax table'!$A$3:$C$10,2)))/12","v":{"v":16730.40526333333,"d":"16,730"}},{"v":12727.415500000001,"d":"12,727"},{"v":0.7607356366850027,"d":"76.1%"}]
["Member 1878","1969-02-27","F",{"v":179691.36,"d":"179,691"},{"v":0.8,"d":"80%"},{"v":0.85,"d":"85%"},{"v":0.75,"d":"75%"},{"v":0.1,"d":"10%"},null,49,{"v":14974.279999999999,"d":"14,974"},{"v":1497.4279999999999,"d":"1,497"},{"v":18717.85,"d":"18,718"},{"v":17220.422,"d":"17,220"},{"$f":"(M431*12-(VLOOKUP(N431*12,'Tax table'!$A$3:$C$10,3)*(N431*12-VLOOKUP(N431*12,'Tax table'!$A$3:$C$10,1))+VLOOKUP(N431*12,'Tax table'!$A$3:$C$10,2)))/12","v":{"v":16731.21361333333,"d":"16,731"}},{"v":13476.851999999999,"d":"13,477"},{"$f":"(VLOOKUP(P431*12,'Tax table'!$A$3:$C$10,3)*(P431*12-VLOOKUP(P431*12,'Tax table'!$A$3:$C$10,1))+VLOOKUP(P431*12,'Tax table'!$A$3:$C$10,2))/12","v":{"v":1240.8333599999999,"d":"1,241"}},{"v":13733.446639999998,"d":"13,733"},{"v":11673.429643999998,"d":"11,673"},{"v":0.6977037000291052,"d":"69.8%"},{"v":35020.288931999996,"d":"35,020"},{"$f":"IF($B$15=\"Yes\",MIN(S431*2,References!$B$7),0)","v":{"v":23346.859287999996,"d":"23,347"}},{"$f":"IF(AND(D431<>0,$B$16=\"Yes\"),References!$B$6,0)","v":{"v":100000,"d":"100,000"}},{"v":2060.0169960000003,"d":"2,060"},{"v":11230.71,"d":"11,231"},{"v":1497.4279999999999,"d":"1,497"},{"v":12728.137999999999,"d":"12,728"},{"v":17220.422,"d":"17,220"},{"$f":"(M431*12-(VLOOKUP(AB431*12,'Tax table'!$A$3:$C$10,3)*(AB431*12-VLOOKUP(AB431*12,'Tax table'!$A$3:$C$10,1))+VLOOKUP(AB431*12,'Tax table'!$A$3:$C$10,2)))/12","v":{"v":16731.21361333333,"d":"16,731"}},{"v":12728.137999999999,"d":"12,728"},{"v":0.7607420653488504,"d":"76.1%"}]
["Member 1876","1973-04-11","M",{"v":179972.4,"d":"179,972"},{"v":0.8,"d":"80%"},{"v":0.85,"d":"85%"},{"v":0.75,"d":"75%"},{"v":0.1,"d":"10%"},null,45,{"v":14997.699999999999,"d":"14,998"},{"v":1499.77,"d":"1,500"},{"v":18747.124999999996,"d":"18,747"},{"v":17247.354999999996,"d":"17,247"},{"$f":"(M432*12-(VLOOKUP(N432*12,'Tax table'!$A$3:$C$10,3)*(N432*12-VLOOKUP(N432*12,'Tax table'!$A$3:$C$10,1))+VLOOKUP(N432*12,'Tax table'!$A$3:$C$10,2)))/12","v":{"v":16753.48603333333,"d":"16,753"}},{"v":13497.929999999998,"d":"13,498"},{"$f":"(VLOOKUP(P432*12,'Tax table'!$A$3:$C$10,3)*(P432*12-VLOOKUP(P432*12,'Tax table'!$A$3:$C$10,1))+VLOOKUP(P432*12,'Tax table'!$A$3:$C$10,2))/12","v":{"v":1244.6273999999996,"d":"1,245"}},{"v":13753.0726,"d":"13,753"},{"v":11690.11171,"d":"11,690"},{"v":0.6977718957559601,"d":"69.8%"},{"v":35070.33513,"d":"35,070"},{"$f":"IF($B$15=\"Yes\",MIN(S432*2,References!$B$7),0)","v":{"v":23380.22342,"d":"23,380"}},{"$f":"IF(AND(D432<>0,$B$16=\"Yes\"),References!$B$6,0)","v":{"v":100000,"d":"100,000"}},{"v":2062.9608900000003,"d":"2,063"},{"v":11248.275,"d":"11,248"},{"v":1499.77,"d":"1,500"},{"v":12748.045,"d":"12,748"},{"v":17247.354999999996,"d":"17,247"},{"$f":"(M432*12-(VLOOKUP(AB432*12,'Tax table'!$A$3:$C$10,3)*(AB432*12-VLOOKUP(AB432*12,'Tax table'!$A$3:$C$10,1))+VLOOKUP(AB432*12,'Tax table'!$A$3:$C$10,2)))/12","v":{"v":16753.48603333333,"d":"16,753"}},{"v":12748.045,"d":"12,748"},{"v":0.7609189499209917,"d":"76.1%"}]
["Member 1877","1990-04-13","F",{"v":179972.4,"d":"179,972"},{"v":0.8,"d":"80%"},{"v":0.85,"d":"85%"},{"v":0.75,"d":"75%"},{"v":0.1,"d":"10%"},null,28,{"v":14997.699999999999,"d":"14,998"},{"v":1499.77,"d":"1,500"},{"v":18747.124999999996,"d":"18,747"},{"v":17247.354999999996,"d":"17,247"},{"$f":"(M433*12-(VLOOKUP(N433*12,'Tax table'!$A$3:$C$10,3)*(N433*12-VLOOKUP(N433*12,'Tax table'!$A$3:$C$10,1))+VLOOKUP(N433*12,'Tax table'!$A$3:$C$10,2)))/12","v":{"v":16753.48603333333,"d":"16,753"}},{"v":13497.929999999998,"d":"13,498"},{"$f":"(VLOOKUP(P433*12,'Tax table'!$A$3:$C$10,3)*(P433*12-VLOOKUP(P433*12,'Tax table'!$A$3:$C$10,1))+VLOOKUP(P433*12,'Tax table'!$A$3:$C$10,2))/12","v":{"v":1244.6273999999996,"d":"1,245"}},{"v":13753.0726,"d":"13,753"},{"v":11690.11171,"d":"11,690"},{"v":0.6977718957559601,"d":"69.8%"},{"v":35070.33513,"d":"35,070"},{"$f":"IF($B$15=\"Yes\",MIN(S433*2,References!$B$7),0)","v":{"v":23380.22342,"d":"23,380"}},{"$f":"IF(AND(D433<>0,$B$16=\"Yes\"),References!$B$6,0)","v":{"v":100000,"d":"100,000"}},{"v":2062.9608900000003,"d":"2,063"},{"v":11248.275,"d":"11,248"},{"v":1499.77,"d":"1,500"},{"v":12748.045,"d":"12,748"},{"v":17247.354999999996,"d":"17,247"},{"$f":"(M433*12-(VLOOKUP(AB433*12,'Tax table'!$A$3:$C$10,3)*(AB433*12-VLOOKUP(AB433*12,'Tax table'!$A$3:$C$10,1))+VLOOKUP(AB433*12,'Tax table'!$A$3:$C$10,2)))/12","v":{"v":16753.48603333333,"d":"16,753"}},{"v":12748.045,"d":"12,748"},{"v":0.7609189499209917,"d":"76.1%"}]
["Member 1875","1970-09-12","M",{"v":180012,"d":"180,012"},{"v":0.8,"d":"80%"},{"v":0.85,"d":"85%"},{"v":0.75,"d":"75%"},{"v":0.1,"d":"10%"},null,48,{"v":15001,"d":"15,001"},{"v":1500.1000000000001,"d":"1,500"},{"v":18751.25,"d":"18,751"},{"v":17251.15,"d":"17,251"},{"$f":"(M434*12-(VLOOKUP(N434*12,'Tax table'!$A$3:$C$10,3)*(N434*12-VLOOKUP(N434*12,'Tax table'!$A$3:$C$10,1))+VLOOKUP(N434*12,'Tax table'!$A$3:$C$10,2)))/12","v":{"v":16756.624333333333,"d":"16,757"}},{"v":13500.9,"d":"13,501"},{"$f":"(VLOOKUP(P434*12,'Tax table'!$A$3:$C$10,3)*(P434*12-VLOOKUP(P434*12,'Tax table'!$A$3:$C$10,1))+VLOOKUP(P434*12,'Tax table'!$A$3:$C$10,2))/12","v":{"v":1245.1619999999998,"d":"1,245"}},{"v":13755.838,"d":"13,756"},{"v":11692.4623,"d":"11,692"},{"v":0.6977814903172721,"d":"69.8%"},{"v":35077.3869,"d":"35,077"},{"$f":"IF($B$15=\"Yes\",MIN(S434*2,References!$B$7),0)","v":{"v":23384.9246,"d":"23,385"}},{"$f":"IF(AND(D434<>0,$B$16=\"Yes\"),References!$B$6,0)","v":{"v":100000,"d":"100,000"}},{"v":2063.3757000000005,"d":"2,063"},{"v":11250.75,"d":"11,251"},{"v":1500.1000000000001,"d":"1,500"},{"v":12750.85,"d":"12,751"},{"v":17251.15,"d":"17,251"},{"$f":"(M434*12-(VLOOKUP(AB434*12,'Tax table'!$A$3:$C$10,3)*(AB434*12-VLOOKUP(AB434*12,'Tax table'!$A$3:$C$10,1))+VLOOKUP(AB434*12,'Tax table'!$A$3:$C$10,2)))/12","v":{"v":16756.624333333333,"d":"16,757"}},{"v":12750.85,"d":"12,751"},{"v":0.7609438360824982,"d":"76.1%"}]
["Member 1874","1956-09-19","F",{"v":180624.12,"d":"180,624"},{"v":0.8,"d":"80%"},{"v":0.85,"d":"85%"},{"v":0.75,"d":"75%"},{"v":0.1,"d":"10%"},null,62,{"v":15052.01,"d":"15,052"},{"v":1505.201,"d":"1,505"},{"v":18815.0125,"d":"18,815"},{"v":17309.8115,"d":"17,310"},{"$f":"(M435*12-(VLOOKUP(N435*12,'Tax table'!$A$3:$C$10,3)*(N435*12-VLOOKUP(N435*12,'Tax table'!$A$3:$C$10,1))+VLOOKUP(N435*12,'Tax table'!$A$3:$C$10,2)))/12","v":{"v":16805.134843333337,"d":"16,805"}},{"v":13546.809000000001,"d":"13,547"},{"$f":"(VLOOKUP(P435*12,'Tax table'!$A$3:$C$10,3)*(P435*12-VLOOKUP(P435*12,'Tax table'!$A$3:$C$10,1))+VLOOKUP(P435*12,'Tax table'!$A$3:$C$10,2))/12","v":{"v":1253.4256200000002,"d":"1,253"}},{"v":13798.58438,"d":"13,799"},{"v":11728.796723,"d":"11,729"},{"v":0.6979293431645899,"d":"69.8%"},{"v":35186.390169,"d":"35,186"},{"$f":"IF($B$15=\"Yes\",MIN(S435*2,References!$B$7),0)","v":{"v":23457.593446,"d":"23,458"}},{"$f":"IF(AND(D435<>0,$B$16=\"Yes\"),References!$B$6,0)","v":{"v":100000,"d":"100,000"}},{"v":2069.7876570000008,"d":"2,070"},{"v":11289.0075,"d":"11,289"},{"v":1505.201,"d":"1,505"},{"v":12794.2085,"d":"12,794"},{"v":17309.8115,"d":"17,310"},{"$f":"(M435*12-(VLOOKUP(AB435*12,'Tax table'!$A$3:$C$10,3)*(AB435*12-VLOOKUP(AB435*12,'Tax table'!$A$3:$C$10,1))+VLOOKUP(AB435*12,'Tax table'!$A$3:$C$10,2)))/12","v":{"v":16805.134843333337,"d":"16,805"}},{"v":12794.2085,"d":"12,794"},{"v":0.7613273335367203,"d":"76.1%"}]
["Member 1873","1982-05-28","F",{"v":181212.36,"d":"181,212"},{"v":0.8,"d":"80%"},{"v":0.85,"d":"85%"},{"v":0.75,"d":"75%"},{"v":0.1,"d":"10%"},null,36,{"v":15101.029999999999,"d":"15,101"},{"v":1510.103,"d":"1,510"},{"v":18876.2875,"d":"18,876"},{"v":17366.1845,"d":"17,366"},{"$f":"(M436*12-(VLOOKUP(N436*12,'Tax table'!$A$3:$C$10,3)*(N436*12-VLOOKUP(N436*12,'Tax table'!$A$3:$C$10,1))+VLOOKUP(N436*12,'Tax table'!$A$3:$C$10,2)))/12","v":{"v":16851.75286333333,"d":"16,852"}},{"v":13590.927,"d":"13,591"},{"$f":"(VLOOKUP(P436*12,'Tax table'!$A$3:$C$10,3)*(P436*12-VLOOKUP(P436*12,'Tax table'!$A$3:$C$10,1))+VLOOKUP(P436*12,'Tax table'!$A$3:$C$10,2))/12","v":{"v":1261.36686,"d":"1,261"}},{"v":13839.663139999999,"d":"13,840"},{"v":11763.713668999999,"d":"11,764"},{"v":0.6980706259107279,"d":"69.8%"},{"v":35291.141007,"d":"35,291"},{"$f":"IF($B$15=\"Yes\",MIN(S436*2,References!$B$7),0)","v":{"v":23527.427337999998,"d":"23,527"}},{"$f":"IF(AND(D436<>0,$B$16=\"Yes\"),References!$B$6,0)","v":{"v":100000,"d":"100,000"}},{"v":2075.949471,"d":"2,076"},{"v":11325.7725,"d":"11,326"},{"v":1510.103,"d":"1,510"},{"v":12835.875499999998,"d":"12,836"},{"v":17366.1845,"d":"17,366"},{"$f":"(M436*12-(VLOOKUP(AB436*12,'Tax table'!$A$3:$C$10,3)*(AB436*12-VLOOKUP(AB436*12,'Tax table'!$A$3:$C$10,1))+VLOOKUP(AB436*12,'Tax table'!$A$3:$C$10,2)))/12","v":{"v":16851.75286333333,"d":"16,852"}},{"v":12835.875499999998,"d":"12,836"},{"v":0.7616937896074166,"d":"76.2%"}]
["Member 1872","1966-04-16","M",{"v":181256.64,"d":"181,257"},{"v":0.8,"d":"80%"},{"v":0.85,"d":"85%"},{"v":0.75,"d":"75%"},{"v":0.1,"d":"10%"},null,52,{"v":15104.720000000001,"d":"15,105"},{"v":1510.4720000000002,"d":"1,510"},{"v":18880.9,"d":"18,881"},{"v":17370.428,"d":"17,370"},{"$f":"(M437*12-(VLOOKUP(N437*12,'Tax table'!$A$3:$C$10,3)*(N437*12-VLOOKUP(N437*12,'Tax table'!$A$3:$C$10,1))+VLOOKUP(N437*12,'Tax table'!$A$3:$C$10,2)))/12","v":{"v":16855.262053333336,"d":"16,855"}},{"v":13594.248000000001,"d":"13,594"},{"$f":"(VLOOKUP(P437*12,'Tax table'!$A$3:$C$10,3)*(P437*12-VLOOKUP(P437*12,'Tax table'!$A$3:$C$10,1))+VLOOKUP(P437*12,'Tax table'!$A$3:$C$10,2))/12","v":{"v":1261.9646400000004,"d":"1,262"}},{"v":13842.755360000001,"d":"13,843"},{"v":11766.342056000001,"d":"11,766"},{"v":0.6980812293970275,"d":"69.8%"},{"v":35299.026168000004,"d":"35,299"},{"$f":"IF($B$15=\"Yes\",MIN(S437*2,References!$B$7),0)","v":{"v":23532.684112000003,"d":"23,533"}},{"$f":"IF(AND(D437<>0,$B$16=\"Yes\"),References!$B$6,0)","v":{"v":100000,"d":"100,000"}},{"v":2076.4133039999997,"d":"2,076"},{"v":11328.54,"d":"11,329"},{"v":1510.4720000000002,"d":"1,510"},{"v":12839.012,"d":"12,839"},{"v":17370.428,"d":"17,370"},{"$f":"(M437*12-(VLOOKUP(AB437*12,'Tax table'!$A$3:$C$10,3)*(AB437*12-VLOOKUP(AB437*12,'Tax table'!$A$3:$C$10,1))+VLOOKUP(AB437*12,'Tax table'!$A$3:$C$10,2)))/12","v":{"v":16855.262053333336,"d":"16,855"}},{"v":12839.012,"d":"12,839"},{"v":0.7617212926963024,"d":"76.2%"}]
["Member 1871","1952-12-26","F",{"v":181697.16,"d":"181,697"},{"v":0.8,"d":"80%"},{"v":0.85,"d":"85%"},{"v":0.75,"d":"75%"},{"v":0.1,"d":"10%"},null,65,{"v":15141.43,"d":"15,141"},{"v":1514.143,"d":"1,514"},{"v":18926.7875,"d":"18,927"},{"v":17412.6445,"d":"17,413"},{"$f":"(M438*12-(VLOOKUP(N438*12,'Tax table'!$A$3:$C$10,3)*(N438*12-VLOOKUP(N438*12,'Tax table'!$A$3:$C$10,1))+VLOOKUP(N438*12,'Tax table'!$A$3:$C$10,2)))/12","v":{"v":16890.173263333334,"d":"16,890"}},{"v":13627.287,"d":"13,627"},{"$f":"(VLOOKUP(P438*12,'Tax table'!$A$3:$C$10,3)*(P438*12-VLOOKUP(P438*12,'Tax table'!$A$3:$C$10,1))+VLOOKUP(P438*12,'Tax table'!$A$3:$C$10,2))/12","v":{"v":1267.9116600000002,"d":"1,268"}},{"v":13873.51834,"d":"13,874"},{"v":11792.490589,"d":"11,792"},{"v":0.6981864783234741,"d":"69.8%"},{"v":35377.471767,"d":"35,377"},{"$f":"IF($B$15=\"Yes\",MIN(S438*2,References!$B$7),0)","v":{"v":23584.981178,"d":"23,585"}},{"$f":"IF(AND(D438<>0,$B$16=\"Yes\"),References!$B$6,0)","v":{"v":100000,"d":"100,000"}},{"v":2081.0277509999996,"d":"2,081"},{"v":11356.0725,"d":"11,356"},{"v":1514.143,"d":"1,514"},{"v":12870.2155,"d":"12,870"},{"v":17412.6445,"d":"17,413"},{"$f":"(M438*12-(VLOOKUP(AB438*12,'Tax table'!$A$3:$C$10,3)*(AB438*12-VLOOKUP(AB438*12,'Tax table'!$A$3:$C$10,1))+VLOOKUP(AB438*12,'Tax table'!$A$3:$C$10,2)))/12","v":{"v":16890.173263333334,"d":"16,890"}},{"v":12870.2155,"d":"12,870"},{"v":0.7619942850402719,"d":"76.2%"}]
["Member 1870","1958-02-05","F",{"v":181863.48,"d":"181,863"},{"v":0.8,"d":"80%"},{"v":0.85,"d":"85%"},{"v":0.75,"d":"75%"},{"v":0.1,"d":"10%"},null,60,{"v":15155.29,"d":"15,155"},{"v":1515.5290000000002,"d":"1,516"},{"v":18944.1125,"d":"18,944"},{"v":17428.5835,"d":"17,429"},{"$f":"(M439*12-(VLOOKUP(N439*12,'Tax table'!$A$3:$C$10,3)*(N439*12-VLOOKUP(N439*12,'Tax table'!$A$3:$C$10,1))+VLOOKUP(N439*12,'Tax table'!$A$3:$C$10,2)))/12","v":{"v":16903.35412333333,"d":"16,903"}},{"v":13639.761,"d":"13,640"},{"$f":"(VLOOKUP(P439*12,'Tax table'!$A$3:$C$10,3)*(P439*12-VLOOKUP(P439*12,'Tax table'!$A$3:$C$10,1))+VLOOKUP(P439*12,'Tax table'!$A$3:$C$10,2))/12","v":{"v":1270.1569800000002,"d":"1,270"}},{"v":13885.133020000001,"d":"13,885"},{"v":11802.363067,"d":"11,802"},{"v":0.6982261023986984,"d":"69.8%"},{"v":35407.089201,"d":"35,407"},{"$f":"IF($B$15=\"Yes\",MIN(S439*2,References!$B$7),0)","v":{"v":23604.726134,"d":"23,605"}},{"$f":"IF(AND(D439<>0,$B$16=\"Yes\"),References!$B$6,0)","v":{"v":100000,"d":"100,000"}},{"v":2082.769953000001,"d":"2,083"},{"v":11366.4675,"d":"11,366"},{"v":1515.5290000000002,"d":"1,516"},{"v":12881.996500000001,"d":"12,882"},{"v":17428.5835,"d":"17,429"},{"$f":"(M439*12-(VLOOKUP(AB439*12,'Tax table'!$A$3:$C$10,3)*(AB439*12-VLOOKUP(AB439*12,'Tax table'!$A$3:$C$10,1))+VLOOKUP(AB439*12,'Tax table'!$A$3:$C$10,2)))/12","v":{"v":16903.35412333333,"d":"16,903"}},{"v":12881.996500000001,"d":"12,882"},{"v":0.7620970610926111,"d":"76.2%"}]
["Member 1869","1966-08-29","M",{"v":181896.48,"d":"181,896"},{"v":0.8,"d":"80%"},{"v":0.85,"d":"85%"},{"v":0.75,"d":"75%"},{"v":0.1,"d":"10%"},null,52,{"v":15158.04,"d":"15,158"},{"v":1515.804,"d":"1,516"},{"v":18947.55,"d":"18,948"},{"v":17431.746,"d":"17,432"},{"$f":"(M440*12-(VLOOKUP(N440*12,'Tax table'!$A$3:$C$10,3)*(N440*12-VLOOKUP(N440*12,'Tax table'!$A$3:$C$10,1))+VLOOKUP(N440*12,'Tax table'!$A$3:$C$10,2)))/12","v":{"v":16905.96937333333,"d":"16,906"}},{"v":13642.236,"d":"13,642"},{"$f":"(VLOOKUP(P440*12,'Tax table'!$A$3:$C$10,3)*(P440*12-VLOOKUP(P440*12,'Tax table'!$A$3:$C$10,1))+VLOOKUP(P440*12,'Tax table'!$A$3:$C$10,2))/12","v":{"v":1270.6024799999998,"d":"1,271"}},{"v":13887.437520000001,"d":"13,887"},{"v":11804.321892,"d":"11,804"},{"v":0.698233956972593,"d":"69.8%"},{"v":35412.965676,"d":"35,413"},{"$f":"IF($B$15=\"Yes\",MIN(S440*2,References!$B$7),0)","v":{"v":23608.643784,"d":"23,609"}},{"$f":"IF(AND(D440<>0,$B$16=\"Yes\"),References!$B$6,0)","v":{"v":100000,"d":"100,000"}},{"v":2083.1156280000014,"d":"2,083"},{"v":11368.53,"d":"11,369"},{"v":1515.804,"d":"1,516"},{"v":12884.334,"d":"12,884"},{"v":17431.746,"d":"17,432"},{"$f":"(M440*12-(VLOOKUP(AB440*12,'Tax table'!$A$3:$C$10,3)*(AB440*12-VLOOKUP(AB440*12,'Tax table'!$A$3:$C$10,1))+VLOOKUP(AB440*12,'Tax table'!$A$3:$C$10,2)))/12","v":{"v":16905.96937333333,"d":"16,906"}},{"v":12884.334,"d":"12,884"},{"v":0.7621174341131326,"d":"76.2%"}]
["Member 1868","1963-04-03","F",{"v":181897.68,"d":"181,898"},{"v":0.8,"d":"80%"},{"v":0.85,"d":"85%"},{"v":0.75,"d":"75%"},{"v":0.1,"d":"10%"},null,55,{"v":15158.14,"d":"15,158"},{"v":1515.814,"d":"1,516"},{"v":18947.675,"d":"18,948"},{"v":17431.861,"d":"17,432"},{"$f":"(M441*12-(VLOOKUP(N441*12,'Tax table'!$A$3:$C$10,3)*(N441*12-VLOOKUP(N441*12,'Tax table'!$A$3:$C$10,1))+VLOOKUP(N441*12,'Tax table'!$A$3:$C$10,2)))/12","v":{"v":16906.064473333332,"d":"16,906"}},{"v":13642.326,"d":"13,642"},{"$f":"(VLOOKUP(P441*12,'Tax table'!$A$3:$C$10,3)*(P441*12-VLOOKUP(P441*12,'Tax table'!$A$3:$C$10,1))+VLOOKUP(P441*12,'Tax table'!$A$3:$C$10,2))/12","v":{"v":1270.6186799999998,"d":"1,271"}},{"v":13887.52132,"d":"13,888"},{"v":11804.393122,"d":"11,804"},{"v":0.6982342425476716,"d":"69.8%"},{"v":35413.179366,"d":"35,413"},{"$f":"IF($B$15=\"Yes\",MIN(S441*2,References!$B$7),0)","v":{"v":23608.786244,"d":"23,609"}},{"$f":"IF(AND(D441<>0,$B$16=\"Yes\"),References!$B$6,0)","v":{"v":100000,"d":"100,000"}},{"v":2083.1281980000003,"d":"2,083"},{"v":11368.605,"d":"11,369"},{"v":1515.814,"d":"1,516"},{"v":12884.419,"d":"12,884"},{"v":17431.861,"d":"17,432"},{"$f":"(M441*12-(VLOOKUP(AB441*12,'Tax table'!$A$3:$C$10,3)*(AB441*12-VLOOKUP(AB441*12,'Tax table'!$A$3:$C$10,1))+VLOOKUP(AB441*12,'Tax table'!$A$3:$C$10,2)))/12","v":{"v":16906.064473333332,"d":"16,906"}},{"v":12884.419,"d":"12,884"},{"v":0.7621181748314726,"d":"76.2%"}]
["Member 1867","1978-11-04","F",{"v":181906.2,"d":"181,906"},{"v":0.8,"d":"80%"},{"v":0.85,"d":"85%"},{"v":0.75,"d":"75%"},{"v":0.1,"d":"10%"},null,40,{"v":15158.85,"d":"15,159"},{"v":1515.8850000000002,"d":"1,516"},{"v":18948.5625,"d":"18,949"},{"v":17432.677499999998,"d":"17,433"},{"$f":"(M442*12-(VLOOKUP(N442*12,'Tax table'!$A$3:$C$10,3)*(N442*12-VLOOKUP(N442*12,'Tax table'!$A$3:$C$10,1))+VLOOKUP(N442*12,'Tax table'!$A$3:$C$10,2)))/12","v":{"v":16906.739683333333,"d":"16,907"}},{"v":13642.965,"d":"13,643"},{"$f":"(VLOOKUP(P442*12,'Tax table'!$A$3:$C$10,3)*(P442*12-VLOOKUP(P442*12,'Tax table'!$A$3:$C$10,1))+VLOOKUP(P442*12,'Tax table'!$A$3:$C$10,2))/12","v":{"v":1270.7337000000002,"d":"1,271"}},{"v":13888.1163,"d":"13,888"},{"v":11804.898855,"d":"11,805"},{"v":0.6982362700383488,"d":"69.8%"},{"v":35414.696565,"d":"35,415"},{"$f":"IF($B$15=\"Yes\",MIN(S442*2,References!$B$7),0)","v":{"v":23609.79771,"d":"23,610"}},{"$f":"IF(AND(D442<>0,$B$16=\"Yes\"),References!$B$6,0)","v":{"v":100000,"d":"100,000"}},{"v":2083.217445,"d":"2,083"},{"v":11369.1375,"d":"11,369"},{"v":1515.8850000000002,"d":"1,516"},{"v":12885.022500000001,"d":"12,885"},{"v":17432.677499999998,"d":"17,433"},{"$f":"(M442*12-(VLOOKUP(AB442*12,'Tax table'!$A$3:$C$10,3)*(AB442*12-VLOOKUP(AB442*12,'Tax table'!$A$3:$C$10,1))+VLOOKUP(AB442*12,'Tax table'!$A$3:$C$10,2)))/12","v":{"v":16906.739683333333,"d":"16,907"}},{"v":12885.022500000001,"d":"12,885"},{"v":0.7621234336920713,"d":"76.2%"}]
["Member 1866","1969-09-13","F",{"v":181931.16,"d":"181,931"},{"v":0.8,"d":"80%"},{"v":0.85,"d":"85%"},{"v":0.75,"d":"75%"},{"v":0.1,"d":"10%"},null,49,{"v":15160.93,"d":"15,161"},{"v":1516.093,"d":"1,516"},{"v":18951.1625,"d":"18,951"},{"v":17435.069499999998,"d":"17,435"},{"$f":"(M443*12-(VLOOKUP(N443*12,'Tax table'!$A$3:$C$10,3)*(N443*12-VLOOKUP(N443*12,'Tax table'!$A$3:$C$10,1))+VLOOKUP(N443*12,'Tax table'!$A$3:$C$10,2)))/12","v":{"v":16908.71776333333,"d":"16,909"}},{"v":13644.837,"d":"13,645"},{"$f":"(VLOOKUP(P443*12,'Tax table'!$A$3:$C$10,3)*(P443*12-VLOOKUP(P443*12,'Tax table'!$A$3:$C$10,1))+VLOOKUP(P443*12,'Tax table'!$A$3:$C$10,2))/12","v":{"v":1271.0706599999999,"d":"1,271"}},{"v":13889.85934,"d":"13,890"},{"v":11806.380439,"d":"11,806"},{"v":0.6982422087972996,"d":"69.8%"},{"v":35419.141317,"d":"35,419"},{"$f":"IF($B$15=\"Yes\",MIN(S443*2,References!$B$7),0)","v":{"v":23612.760878,"d":"23,613"}},{"$f":"IF(AND(D443<>0,$B$16=\"Yes\"),References!$B$6,0)","v":{"v":100000,"d":"100,000"}},{"v":2083.4789010000004,"d":"2,083"},{"v":11370.6975,"d":"11,371"},{"v":1516.093,"d":"1,516"},{"v":12886.790500000001,"d":"12,887"},{"v":17435.069499999998,"d":"17,435"},{"$f":"(M443*12-(VLOOKUP(AB443*12,'Tax table'!$A$3:$C$10,3)*(AB443*12-VLOOKUP(AB443*12,'Tax table'!$A$3:$C$10,1))+VLOOKUP(AB443*12,'Tax table'!$A$3:$C$10,2)))/12","v":{"v":16908.71776333333,"d":"16,909"}},{"v":12886.790500000001,"d":"12,887"},{"v":0.7621388375140482,"d":"76.2%"}]
["Member 1865","1961-10-12","F",{"v":181960.08,"d":"181,960"},{"v":0.8,"d":"80%"},{"v":0.85,"d":"85%"},{"v":0.75,"d":"75%"},{"v":0.1,"d":"10%"},null,57,{"v":15163.339999999998,"d":"15,163"},{"v":1516.3339999999998,"d":"1,516"},{"v":18954.174999999996,"d":"18,954"},{"v":17437.840999999997,"d":"17,438"},{"$f":"(M444*12-(VLOOKUP(N444*12,'Tax table'!$A$3:$C$10,3)*(N444*12-VLOOKUP(N444*12,'Tax table'!$A$3:$C$10,1))+VLOOKUP(N444*12,'Tax table'!$A$3:$C$10,2)))/12","v":{"v":16911.00967333333,"d":"16,911"}},{"v":13647.005999999998,"d":"13,647"},{"$f":"(VLOOKUP(P444*12,'Tax table'!$A$3:$C$10,3)*(P444*12-VLOOKUP(P444*12,'Tax table'!$A$3:$C$10,1))+VLOOKUP(P444*12,'Tax table'!$A$3:$C$10,2))/12","v":{"v":1271.4610799999998,"d":"1,271"}},{"v":13891.87892,"d":"13,892"},{"v":11808.097081999998,"d":"11,808"},{"v":0.6982490880257716,"d":"69.8%"},{"v":35424.29124599999,"d":"35,424"},{"$f":"IF($B$15=\"Yes\",MIN(S444*2,References!$B$7),0)","v":{"v":23616.194163999997,"d":"23,616"}},{"$f":"IF(AND(D444<>0,$B$16=\"Yes\"),References!$B$6,0)","v":{"v":100000,"d":"100,000"}},{"v":2083.781838000001,"d":"2,084"},{"v":11372.505,"d":"11,373"},{"v":1516.3339999999998,"d":"1,516"},{"v":12888.839,"d":"12,889"},{"v":17437.840999999997,"d":"17,438"},{"$f":"(M444*12-(VLOOKUP(AB444*12,'Tax table'!$A$3:$C$10,3)*(AB444*12-VLOOKUP(AB444*12,'Tax table'!$A$3:$C$10,1))+VLOOKUP(AB444*12,'Tax table'!$A$3:$C$10,2)))/12","v":{"v":16911.00967333333,"d":"16,911"}},{"v":12888.839,"d":"12,889"},{"v":0.7621566807051255,"d":"76.2%"}]
["Member 1864","1962-05-17","F",{"v":181965.36,"d":"181,965"},{"v":0.8,"d":"80%"},{"v":0.85,"d":"85%"},{"v":0.75,"d":"75%"},{"v":0.1,"d":"10%"},null,56,{"v":15163.779999999999,"d":"15,164"},{"v":1516.378,"d":"1,516"},{"v":18954.725,"d":"18,955"},{"v":17438.346999999998,"d":"17,438"},{"$f":"(M445*12-(VLOOKUP(N445*12,'Tax table'!$A$3:$C$10,3)*(N445*12-VLOOKUP(N445*12,'Tax table'!$A$3:$C$10,1))+VLOOKUP(N445*12,'Tax table'!$A$3:$C$10,2)))/12","v":{"v":16911.42811333333,"d":"16,911"}},{"v":13647.401999999998,"d":"13,647"},{"$f":"(VLOOKUP(P445*12,'Tax table'!$A$3:$C$10,3)*(P445*12-VLOOKUP(P445*12,'Tax table'!$A$3:$C$10,1))+VLOOKUP(P445*12,'Tax table'!$A$3:$C$10,2))/12","v":{"v":1271.5323599999995,"d":"1,272"}},{"v":13892.24764,"d":"13,892"},{"v":11808.410494,"d":"11,808"},{"v":0.6982503437832075,"d":"69.8%"},{"v":35425.231482,"d":"35,425"},{"$f":"IF($B$15=\"Yes\",MIN(S445*2,References!$B$7),0)","v":{"v":23616.820988,"d":"23,617"}},{"$f":"IF(AND(D445<>0,$B$16=\"Yes\"),References!$B$6,0)","v":{"v":100000,"d":"100,000"}},{"v":2083.837146,"d":"2,084"},{"v":11372.835,"d":"11,373"},{"v":1516.378,"d":"1,516"},{"v":12889.213,"d":"12,889"},{"v":17438.346999999998,"d":"17,438"},{"$f":"(M445*12-(VLOOKUP(AB445*12,'Tax table'!$A$3:$C$10,3)*(AB445*12-VLOOKUP(AB445*12,'Tax table'!$A$3:$C$10,1))+VLOOKUP(AB445*12,'Tax table'!$A$3:$C$10,2)))/12","v":{"v":16911.42811333333,"d":"16,911"}},{"v":12889.213,"d":"12,889"},{"v":0.762159937861065,"d":"76.2%"}]
["Member 1863","1965-03-15","F",{"v":182104.2,"d":"182,104"},{"v":0.8,"d":"80%"},{"v":0.85,"d":"85%"},{"v":0.75,"d":"75%"},{"v":0.1,"d":"10%"},null,53,{"v":15175.35,"d":"15,175"},{"v":1517.535,"d":"1,518"},{"v":18969.1875,"d":"18,969"},{"v":17451.6525,"d":"17,452"},{"$f":"(M446*12-(VLOOKUP(N446*12,'Tax table'!$A$3:$C$10,3)*(N446*12-VLOOKUP(N446*12,'Tax table'!$A$3:$C$10,1))+VLOOKUP(N446*12,'Tax table'!$A$3:$C$10,2)))/12","v":{"v":16922.431183333334,"d":"16,922"}},{"v":13657.815,"d":"13,658"},{"$f":"(VLOOKUP(P446*12,'Tax table'!$A$3:$C$10,3)*(P446*12-VLOOKUP(P446*12,'Tax table'!$A$3:$C$10,1))+VLOOKUP(P446*12,'Tax table'!$A$3:$C$10,2))/12","v":{"v":1273.4067,"d":"1,273"}},{"v":13901.9433,"d":"13,902"},{"v":11816.651805,"d":"11,817"},{"v":0.6982833422090116,"d":"69.8%"},{"v":35449.955415,"d":"35,450"},{"$f":"IF($B$15=\"Yes\",MIN(S446*2,References!$B$7),0)","v":{"v":23633.30361,"d":"23,633"}},{"$f":"IF(AND(D446<>0,$B$16=\"Yes\"),References!$B$6,0)","v":{"v":100000,"d":"100,000"}},{"v":2085.2914950000013,"d":"2,085"},{"v":11381.5125,"d":"11,382"},{"v":1517.535,"d":"1,518"},{"v":12899.0475,"d":"12,899"},{"v":17451.6525,"d":"17,452"},{"$f":"(M446*12-(VLOOKUP(AB446*12,'Tax table'!$A$3:$C$10,3)*(AB446*12-VLOOKUP(AB446*12,'Tax table'!$A$3:$C$10,1))+VLOOKUP(AB446*12,'Tax table'!$A$3:$C$10,2)))/12","v":{"v":16922.431183333334,"d":"16,922"}},{"v":12899.0475,"d":"12,899"},{"v":0.7622455284500783,"d":"76.2%"}]
["Member 1862","1965-10-02","F",{"v":182162.52,"d":"182,163"},{"v":0.8,"d":"80%"},{"v":0.85,"d":"85%"},{"v":0.75,"d":"75%"},{"v":0.1,"d":"10%"},null,53,{"v":15180.21,"d":"15,180"},{"v":1518.021,"d":"1,518"},{"v":18975.262499999997,"d":"18,975"},{"v":17457.241499999996,"d":"17,457"},{"$f":"(M447*12-(VLOOKUP(N447*12,'Tax table'!$A$3:$C$10,3)*(N447*12-VLOOKUP(N447*12,'Tax table'!$A$3:$C$10,1))+VLOOKUP(N447*12,'Tax table'!$A$3:$C$10,2)))/12","v":{"v":16927.05304333333,"d":"16,927"}},{"v":13662.188999999998,"d":"13,662"},{"$f":"(VLOOKUP(P447*12,'Tax table'!$A$3:$C$10,3)*(P447*12-VLOOKUP(P447*12,'Tax table'!$A$3:$C$10,1))+VLOOKUP(P447*12,'Tax table'!$A$3:$C$10,2))/12","v":{"v":1274.1940199999997,"d":"1,274"}},{"v":13906.01598,"d":"13,906"},{"v":11820.113583,"d":"11,820"},{"v":0.6982971904643093,"d":"69.8%"},{"v":35460.340749,"d":"35,460"},{"$f":"IF($B$15=\"Yes\",MIN(S447*2,References!$B$7),0)","v":{"v":23640.227166,"d":"23,640"}},{"$f":"IF(AND(D447<>0,$B$16=\"Yes\"),References!$B$6,0)","v":{"v":100000,"d":"100,000"}},{"v":2085.902397,"d":"2,086"},{"v":11385.1575,"d":"11,385"},{"v":1518.021,"d":"1,518"},{"v":12903.1785,"d":"12,903"},{"v":17457.241499999996,"d":"17,457"},{"$f":"(M447*12-(VLOOKUP(AB447*12,'Tax table'!$A$3:$C$10,3)*(AB447*12-VLOOKUP(AB447*12,'Tax table'!$A$3:$C$10,1))+VLOOKUP(AB447*12,'Tax table'!$A$3:$C$10,2)))/12","v":{"v":16927.05304333333,"d":"16,927"}},{"v":12903.1785,"d":"12,903"},{"v":0.7622814477492217,"d":"76.2%"}]
["Member 1861","1977-06-30","F",{"v":182617.68,"d":"182,618"},{"v":0.8,"d":"80%"},{"v":0.85,"d":"85%"},{"v":0.75,"d":"75%"},{"v":0.1,"d":"10%"},null,41,{"v":15218.14,"d":"15,218"},{"v":1521.814,"d":"1,522"},{"v":19022.675,"d":"19,023"},{"v":17500.861,"d":"17,501"},{"$f":"(M448*12-(VLOOKUP(N448*12,'Tax table'!$A$3:$C$10,3)*(N448*12-VLOOKUP(N448*12,'Tax table'!$A$3:$C$10,1))+VLOOKUP(N448*12,'Tax table'!$A$3:$C$10,2)))/12","v":{"v":16963.124473333333,"d":"16,963"}},{"v":13696.326,"d":"13,696"},{"$f":"(VLOOKUP(P448*12,'Tax table'!$A$3:$C$10,3)*(P448*12-VLOOKUP(P448*12,'Tax table'!$A$3:$C$10,1))+VLOOKUP(P448*12,'Tax table'!$A$3:$C$10,2))/12","v":{"v":1280.3386799999996,"d":"1,280"}},{"v":13937.80132,"d":"13,938"},{"v":11847.131122,"d":"11,847"},{"v":0.6984050102694309,"d":"69.8%"},{"v":35541.393366000004,"d":"35,541"},{"$f":"IF($B$15=\"Yes\",MIN(S448*2,References!$B$7),0)","v":{"v":23694.262244,"d":"23,694"}},{"$f":"IF(AND(D448<>0,$B$16=\"Yes\"),References!$B$6,0)","v":{"v":100000,"d":"100,000"}},{"v":2090.670198,"d":"2,091"},{"v":11413.605,"d":"11,414"},{"v":1521.814,"d":"1,522"},{"v":12935.419,"d":"12,935"},{"v":17500.861,"d":"17,501"},{"$f":"(M448*12-(VLOOKUP(AB448*12,'Tax table'!$A$3:$C$10,3)*(AB448*12-VLOOKUP(AB448*12,'Tax table'!$A$3:$C$10,1))+VLOOKUP(AB448*12,'Tax table'!$A$3:$C$10,2)))/12","v":{"v":16963.124473333333,"d":"16,963"}},{"v":12935.419,"d":"12,935"},{"v":0.7625611083815934,"d":"76.3%"}]
["Member 1860","1956-01-06","M",{"v":182639.04,"d":"182,639"},{"v":0.8,"d":"80%"},{"v":0.85,"d":"85%"},{"v":0.75,"d":"75%"},{"v":0.1,"d":"10%"},null,62,{"v":15219.92,"d":"15,220"},{"v":1521.9920000000002,"d":"1,522"},{"v":19024.899999999998,"d":"19,025"},{"v":17502.907999999996,"d":"17,503"},{"$f":"(M449*12-(VLOOKUP(N449*12,'Tax table'!$A$3:$C$10,3)*(N449*12-VLOOKUP(N449*12,'Tax table'!$A$3:$C$10,1))+VLOOKUP(N449*12,'Tax table'!$A$3:$C$10,2)))/12","v":{"v":16964.81725333333,"d":"16,965"}},{"v":13697.928,"d":"13,698"},{"$f":"(VLOOKUP(P449*12,'Tax table'!$A$3:$C$10,3)*(P449*12-VLOOKUP(P449*12,'Tax table'!$A$3:$C$10,1))+VLOOKUP(P449*12,'Tax table'!$A$3:$C$10,2))/12","v":{"v":1280.62704,"d":"1,281"}},{"v":13939.29296,"d":"13,939"},{"v":11848.399016,"d":"11,848"},{"v":0.6984100588334936,"d":"69.8%"},{"v":35545.197048,"d":"35,545"},{"$f":"IF($B$15=\"Yes\",MIN(S449*2,References!$B$7),0)","v":{"v":23696.798032,"d":"23,697"}},{"$f":"IF(AND(D449<>0,$B$16=\"Yes\"),References!$B$6,0)","v":{"v":100000,"d":"100,000"}},{"v":2090.8939440000013,"d":"2,091"},{"v":11414.94,"d":"11,415"},{"v":1521.9920000000002,"d":"1,522"},{"v":12936.932,"d":"12,937"},{"v":17502.907999999996,"d":"17,503"},{"$f":"(M449*12-(VLOOKUP(AB449*12,'Tax table'!$A$3:$C$10,3)*(AB449*12-VLOOKUP(AB449*12,'Tax table'!$A$3:$C$10,1))+VLOOKUP(AB449*12,'Tax table'!$A$3:$C$10,2)))/12","v":{"v":16964.81725333333,"d":"16,965"}},{"v":12936.932,"d":"12,937"},{"v":0.7625742032357047,"d":"76.3%"}]
["Member 1859","1985-06-06","F",{"v":182872.8,"d":"182,873"},{"v":0.8,"d":"80%"},{"v":0.85,"d":"85%"},{"v":0.75,"d":"75%"},{"v":0.1,"d":"10%"},null,33,{"v":15239.4,"d":"15,239"},{"v":1523.94,"d":"1,524"},{"v":19049.25,"d":"19,049"},{"v":17525.31,"d":"17,525"},{"$f":"(M450*12-(VLOOKUP(N450*12,'Tax table'!$A$3:$C$10,3)*(N450*12-VLOOKUP(N450*12,'Tax table'!$A$3:$C$10,1))+VLOOKUP(N450*12,'Tax table'!$A$3:$C$10,2)))/12","v":{"v":16983.342733333335,"d":"16,983"}},{"v":13715.46,"d":"13,715"},{"$f":"(VLOOKUP(P450*12,'Tax table'!$A$3:$C$10,3)*(P450*12-VLOOKUP(P450*12,'Tax table'!$A$3:$C$10,1))+VLOOKUP(P450*12,'Tax table'!$A$3:$C$10,2))/12","v":{"v":1283.7827999999997,"d":"1,284"}},{"v":13955.6172,"d":"13,956"},{"v":11862.27462,"d":"11,862"},{"v":0.6984652436365089,"d":"69.8%"},{"v":35586.823860000004,"d":"35,587"},{"$f":"IF($B$15=\"Yes\",MIN(S450*2,References!$B$7),0)","v":{"v":23724.54924,"d":"23,725"}},{"$f":"IF(AND(D450<>0,$B$16=\"Yes\"),References!$B$6,0)","v":{"v":100000,"d":"100,000"}},{"v":2093.3425800000005,"d":"2,093"},{"v":11429.55,"d":"11,430"},{"v":1523.94,"d":"1,524"},{"v":12953.49,"d":"12,953"},{"v":17525.31,"d":"17,525"},{"$f":"(M450*12-(VLOOKUP(AB450*12,'Tax table'!$A$3:$C$10,3)*(AB450*12-VLOOKUP(AB450*12,'Tax table'!$A$3:$C$10,1))+VLOOKUP(AB450*12,'Tax table'!$A$3:$C$10,2)))/12","v":{"v":16983.342733333335,"d":"16,983"}},{"v":12953.49,"d":"12,953"},{"v":0.7627173403605692,"d":"76.3%"}]
["Member 1858","1959-12-25","M",{"v":184387.2,"d":"184,387"},{"v":0.8,"d":"80%"},{"v":0.85,"d":"85%"},{"v":0.75,"d":"75%"},{"v":0.1,"d":"10%"},null,58,{"v":15365.6,"d":"15,366"},{"v":1536.5600000000002,"d":"1,537"},{"v":19207,"d":"19,207"},{"v":17670.44,"d":"17,670"},{"$f":"(M451*12-(VLOOKUP(N451*12,'Tax table'!$A$3:$C$10,3)*(N451*12-VLOOKUP(N451*12,'Tax table'!$A$3:$C$10,1))+VLOOKUP(N451*12,'Tax table'!$A$3:$C$10,2)))/12","v":{"v":17103.358933333333,"d":"17,103"}},{"v":13829.04,"d":"13,829"},{"$f":"(VLOOKUP(P451*12,'Tax table'!$A$3:$C$10,3)*(P451*12-VLOOKUP(P451*12,'Tax table'!$A$3:$C$10,1))+VLOOKUP(P451*12,'Tax table'!$A$3:$C$10,2))/12","v":{"v":1304.2272,"d":"1,304"}},{"v":14061.372800000001,"d":"14,061"},{"v":11952.16688,"d":"11,952"},{"v":0.6988198591041673,"d":"69.9%"},{"v":35856.50064,"d":"35,857"},{"$f":"IF($B$15=\"Yes\",MIN(S451*2,References!$B$7),0)","v":{"v":23904.33376,"d":"23,904"}},{"$f":"IF(AND(D451<>0,$B$16=\"Yes\"),References!$B$6,0)","v":{"v":100000,"d":"100,000"}},{"v":2109.2059200000003,"d":"2,109"},{"v":11524.2,"d":"11,524"},{"v":1536.5600000000002,"d":"1,537"},{"v":13060.76,"d":"13,061"},{"v":17670.44,"d":"17,670"},{"$f":"(M451*12-(VLOOKUP(AB451*12,'Tax table'!$A$3:$C$10,3)*(AB451*12-VLOOKUP(AB451*12,'Tax table'!$A$3:$C$10,1))+VLOOKUP(AB451*12,'Tax table'!$A$3:$C$10,2)))/12","v":{"v":17103.358933333333,"d":"17,103"}},{"v":13060.76,"d":"13,061"},{"v":0.7636371341389222,"d":"76.4%"}]
["Member 1857","1967-08-23","F",{"v":184490.76,"d":"184,491"},{"v":0.8,"d":"80%"},{"v":0.85,"d":"85%"},{"v":0.75,"d":"75%"},{"v":0.1,"d":"10%"},null,51,{"v":15374.230000000001,"d":"15,374"},{"v":1537.4230000000002,"d":"1,537"},{"v":19217.787500000002,"d":"19,218"},{"v":17680.364500000003,"d":"17,680"},{"$f":"(M452*12-(VLOOKUP(N452*12,'Tax table'!$A$3:$C$10,3)*(N452*12-VLOOKUP(N452*12,'Tax table'!$A$3:$C$10,1))+VLOOKUP(N452*12,'Tax table'!$A$3:$C$10,2)))/12","v":{"v":17111.566063333335,"d":"17,112"}},{"v":13836.807,"d":"13,837"},{"$f":"(VLOOKUP(P452*12,'Tax table'!$A$3:$C$10,3)*(P452*12-VLOOKUP(P452*12,'Tax table'!$A$3:$C$10,1))+VLOOKUP(P452*12,'Tax table'!$A$3:$C$10,2))/12","v":{"v":1305.62526,"d":"1,306"}},{"v":14068.60474,"d":"14,069"},{"v":11958.314029000001,"d":"11,958"},{"v":0.698843927244291,"d":"69.9%"},{"v":35874.942087,"d":"35,875"},{"$f":"IF($B$15=\"Yes\",MIN(S452*2,References!$B$7),0)","v":{"v":23916.628058000002,"d":"23,917"}},{"$f":"IF(AND(D452<>0,$B$16=\"Yes\"),References!$B$6,0)","v":{"v":100000,"d":"100,000"}},{"v":2110.2907109999996,"d":"2,110"},{"v":11530.6725,"d":"11,531"},{"v":1537.4230000000002,"d":"1,537"},{"v":13068.095500000001,"d":"13,068"},{"v":17680.364500000003,"d":"17,680"},{"$f":"(M452*12-(VLOOKUP(AB452*12,'Tax table'!$A$3:$C$10,3)*(AB452*12-VLOOKUP(AB452*12,'Tax table'!$A$3:$C$10,1))+VLOOKUP(AB452*12,'Tax table'!$A$3:$C$10,2)))/12","v":{"v":17111.566063333335,"d":"17,112"}},{"v":13068.095500000001,"d":"13,068"},{"v":0.7636995615499108,"d":"76.4%"}]
["Member 1856","1979-09-14","M",{"v":185258.88,"d":"185,259"},{"v":0.8,"d":"80%"},{"v":0.85,"d":"85%"},{"v":0.75,"d":"75%"},{"v":0.1,"d":"10%"},null,39,{"v":15438.24,"d":"15,438"},{"v":1543.824,"d":"1,544"},{"v":19297.8,"d":"19,298"},{"v":17753.976,"d":"17,754"},{"$f":"(M453*12-(VLOOKUP(N453*12,'Tax table'!$A$3:$C$10,3)*(N453*12-VLOOKUP(N453*12,'Tax table'!$A$3:$C$10,1))+VLOOKUP(N453*12,'Tax table'!$A$3:$C$10,2)))/12","v":{"v":17172.439573333333,"d":"17,172"}},{"v":13894.416,"d":"13,894"},{"$f":"(VLOOKUP(P453*12,'Tax table'!$A$3:$C$10,3)*(P453*12-VLOOKUP(P453*12,'Tax table'!$A$3:$C$10,1))+VLOOKUP(P453*12,'Tax table'!$A$3:$C$10,2))/12","v":{"v":1315.99488,"d":"1,316"}},{"v":14122.24512,"d":"14,122"},{"v":12003.908351999999,"d":"12,004"},{"v":0.6990217261058573,"d":"69.9%"},{"v":36011.725055999996,"d":"36,012"},{"$f":"IF($B$15=\"Yes\",MIN(S453*2,References!$B$7),0)","v":{"v":24007.816703999997,"d":"24,008"}},{"$f":"IF(AND(D453<>0,$B$16=\"Yes\"),References!$B$6,0)","v":{"v":100000,"d":"100,000"}},{"v":2118.336768000001,"d":"2,118"},{"v":11578.68,"d":"11,579"},{"v":1543.824,"d":"1,544"},{"v":13122.504,"d":"13,123"},{"v":17753.976,"d":"17,754"},{"$f":"(M453*12-(VLOOKUP(AB453*12,'Tax table'!$A$3:$C$10,3)*(AB453*12-VLOOKUP(AB453*12,'Tax table'!$A$3:$C$10,1))+VLOOKUP(AB453*12,'Tax table'!$A$3:$C$10,2)))/12","v":{"v":17172.439573333333,"d":"17,172"}},{"v":13122.504,"d":"13,123"},{"v":0.7641607323153794,"d":"76.4%"}]
["Member 1855","1962-03-21","M",{"v":186331.2,"d":"186,331"},{"v":0.8,"d":"80%"},{"v":0.85,"d":"85%"},{"v":0.75,"d":"75%"},{"v":0.1,"d":"10%"},null,56,{"v":15527.6,"d":"15,528"},{"v":1552.7600000000002,"d":"1,553"},{"v":19409.5,"d":"19,410"},{"v":17856.739999999998,"d":"17,857"},{"$f":"(M454*12-(VLOOKUP(N454*12,'Tax table'!$A$3:$C$10,3)*(N454*12-VLOOKUP(N454*12,'Tax table'!$A$3:$C$10,1))+VLOOKUP(N454*12,'Tax table'!$A$3:$C$10,2)))/12","v":{"v":17257.420933333335,"d":"17,257"}},{"v":13974.84,"d":"13,975"},{"$f":"(VLOOKUP(P454*12,'Tax table'!$A$3:$C$10,3)*(P454*12-VLOOKUP(P454*12,'Tax table'!$A$3:$C$10,1))+VLOOKUP(P454*12,'Tax table'!$A$3:$C$10,2))/12","v":{"v":1330.4712000000002,"d":"1,330"}},{"v":14197.1288,"d":"14,197"},{"v":12067.55948,"d":"12,068"},{"v":0.6992678411576014,"d":"69.9%"},{"v":36202.67844,"d":"36,203"},{"$f":"IF($B$15=\"Yes\",MIN(S454*2,References!$B$7),0)","v":{"v":24135.11896,"d":"24,135"}},{"$f":"IF(AND(D454<>0,$B$16=\"Yes\"),References!$B$6,0)","v":{"v":100000,"d":"100,000"}},{"v":2129.5693200000005,"d":"2,130"},{"v":11645.7,"d":"11,646"},{"v":1552.7600000000002,"d":"1,553"},{"v":13198.460000000001,"d":"13,198"},{"v":17856.739999999998,"d":"17,857"},{"$f":"(M454*12-(VLOOKUP(AB454*12,'Tax table'!$A$3:$C$10,3)*(AB454*12-VLOOKUP(AB454*12,'Tax table'!$A$3:$C$10,1))+VLOOKUP(AB454*12,'Tax table'!$A$3:$C$10,2)))/12","v":{"v":17257.420933333335,"d":"17,257"}},{"v":13198.460000000001,"d":"13,198"},{"v":0.7647991001080988,"d":"76.5%"}]
["Member 1854","1983-06-21","M",{"v":186434.4,"d":"186,434"},{"v":0.8,"d":"80%"},{"v":0.85,"d":"85%"},{"v":0.75,"d":"75%"},{"v":0.1,"d":"10%"},null,35,{"v":15536.199999999999,"d":"15,536"},{"v":1553.62,"d":"1,554"},{"v":19420.249999999996,"d":"19,420"},{"v":17866.629999999997,"d":"17,867"},{"$f":"(M455*12-(VLOOKUP(N455*12,'Tax table'!$A$3:$C$10,3)*(N455*12-VLOOKUP(N455*12,'Tax table'!$A$3:$C$10,1))+VLOOKUP(N455*12,'Tax table'!$A$3:$C$10,2)))/12","v":{"v":17265.59953333333,"d":"17,266"}},{"v":13982.579999999998,"d":"13,983"},{"$f":"(VLOOKUP(P455*12,'Tax table'!$A$3:$C$10,3)*(P455*12-VLOOKUP(P455*12,'Tax table'!$A$3:$C$10,1))+VLOOKUP(P455*12,'Tax table'!$A$3:$C$10,2))/12","v":{"v":1331.8643999999993,"d":"1,332"}},{"v":14204.3356,"d":"14,204"},{"v":12073.68526,"d":"12,074"},{"v":0.6992913994495407,"d":"69.9%"},{"v":36221.05578,"d":"36,221"},{"$f":"IF($B$15=\"Yes\",MIN(S455*2,References!$B$7),0)","v":{"v":24147.37052,"d":"24,147"}},{"$f":"IF(AND(D455<>0,$B$16=\"Yes\"),References!$B$6,0)","v":{"v":100000,"d":"100,000"}},{"v":2130.65034,"d":"2,131"},{"v":11652.15,"d":"11,652"},{"v":1553.62,"d":"1,554"},{"v":13205.77,"d":"13,206"},{"v":17866.629999999997,"d":"17,867"},{"$f":"(M455*12-(VLOOKUP(AB455*12,'Tax table'!$A$3:$C$10,3)*(AB455*12-VLOOKUP(AB455*12,'Tax table'!$A$3:$C$10,1))+VLOOKUP(AB455*12,'Tax table'!$A$3:$C$10,2)))/12","v":{"v":17265.59953333333,"d":"17,266"}},{"v":13205.77,"d":"13,206"},{"v":0.7648602050861114,"d":"76.5%"}]
["Member 1853","1981-09-25","M",{"v":186462.36,"d":"186,462"},{"v":0.8,"d":"80%"},{"v":0.85,"d":"85%"},{"v":0.75,"d":"75%"},{"v":0.1,"d":"10%"},null,37,{"v":15538.529999999999,"d":"15,539"},{"v":1553.853,"d":"1,554"},{"v":19423.1625,"d":"19,423"},{"v":17869.3095,"d":"17,869"},{"$f":"(M456*12-(VLOOKUP(N456*12,'Tax table'!$A$3:$C$10,3)*(N456*12-VLOOKUP(N456*12,'Tax table'!$A$3:$C$10,1))+VLOOKUP(N456*12,'Tax table'!$A$3:$C$10,2)))/12","v":{"v":17267.81536333333,"d":"17,268"}},{"v":13984.677,"d":"13,985"},{"$f":"(VLOOKUP(P456*12,'Tax table'!$A$3:$C$10,3)*(P456*12-VLOOKUP(P456*12,'Tax table'!$A$3:$C$10,1))+VLOOKUP(P456*12,'Tax table'!$A$3:$C$10,2))/12","v":{"v":1332.24186,"d":"1,332"}},{"v":14206.288139999999,"d":"14,206"},{"v":12075.344919,"d":"12,075"},{"v":0.6992977782609906,"d":"69.9%"},{"v":36226.034757,"d":"36,226"},{"$f":"IF($B$15=\"Yes\",MIN(S456*2,References!$B$7),0)","v":{"v":24150.689838,"d":"24,151"}},{"$f":"IF(AND(D456<>0,$B$16=\"Yes\"),References!$B$6,0)","v":{"v":100000,"d":"100,000"}},{"v":2130.9432209999995,"d":"2,131"},{"v":11653.8975,"d":"11,654"},{"v":1553.853,"d":"1,554"},{"v":13207.750499999998,"d":"13,208"},{"v":17869.3095,"d":"17,869"},{"$f":"(M456*12-(VLOOKUP(AB456*12,'Tax table'!$A$3:$C$10,3)*(AB456*12-VLOOKUP(AB456*12,'Tax table'!$A$3:$C$10,1))+VLOOKUP(AB456*12,'Tax table'!$A$3:$C$10,2)))/12","v":{"v":17267.81536333333,"d":"17,268"}},{"v":13207.750499999998,"d":"13,208"},{"v":0.7648767503065548,"d":"76.5%"}]
["Member 1851","1992-09-22","M",{"v":186762.24,"d":"186,762"},{"v":0.8,"d":"80%"},{"v":0.85,"d":"85%"},{"v":0.75,"d":"75%"},{"v":0.1,"d":"10%"},null,26,{"v":15563.519999999999,"d":"15,564"},{"v":1556.3519999999999,"d":"1,556"},{"v":19454.399999999998,"d":"19,454"},{"v":17898.048,"d":"17,898"},{"$f":"(M457*12-(VLOOKUP(N457*12,'Tax table'!$A$3:$C$10,3)*(N457*12-VLOOKUP(N457*12,'Tax table'!$A$3:$C$10,1))+VLOOKUP(N457*12,'Tax table'!$A$3:$C$10,2)))/12","v":{"v":17291.580853333333,"d":"17,292"}},{"v":14007.167999999998,"d":"14,007"},{"$f":"(VLOOKUP(P457*12,'Tax table'!$A$3:$C$10,3)*(P457*12-VLOOKUP(P457*12,'Tax table'!$A$3:$C$10,1))+VLOOKUP(P457*12,'Tax table'!$A$3:$C$10,2))/12","v":{"v":1336.2902399999996,"d":"1,336"}},{"v":14227.229759999998,"d":"14,227"},{"v":12093.145295999999,"d":"12,093"},{"v":0.6993660902709644,"d":"69.9%"},{"v":36279.43588799999,"d":"36,279"},{"$f":"IF($B$15=\"Yes\",MIN(S457*2,References!$B$7),0)","v":{"v":24186.290591999998,"d":"24,186"}},{"$f":"IF(AND(D457<>0,$B$16=\"Yes\"),References!$B$6,0)","v":{"v":100000,"d":"100,000"}},{"v":2134.0844639999996,"d":"2,134"},{"v":11672.64,"d":"11,673"},{"v":1556.3519999999999,"d":"1,556"},{"v":13228.991999999998,"d":"13,229"},{"v":17898.048,"d":"17,898"},{"$f":"(M457*12-(VLOOKUP(AB457*12,'Tax table'!$A$3:$C$10,3)*(AB457*12-VLOOKUP(AB457*12,'Tax table'!$A$3:$C$10,1))+VLOOKUP(AB457*12,'Tax table'!$A$3:$C$10,2)))/12","v":{"v":17291.580853333333,"d":"17,292"}},{"v":13228.991999999998,"d":"13,229"},{"v":0.765053936491285,"d":"76.5%"}]
["Member 1852","1987-09-15","M",{"v":186762.24,"d":"186,762"},{"v":0.8,"d":"80%"},{"v":0.85,"d":"85%"},{"v":0.75,"d":"75%"},{"v":0.1,"d":"10%"},null,31,{"v":15563.519999999999,"d":"15,564"},{"v":1556.3519999999999,"d":"1,556"},{"v":19454.399999999998,"d":"19,454"},{"v":17898.048,"d":"17,898"},{"$f":"(M458*12-(VLOOKUP(N458*12,'Tax table'!$A$3:$C$10,3)*(N458*12-VLOOKUP(N458*12,'Tax table'!$A$3:$C$10,1))+VLOOKUP(N458*12,'Tax table'!$A$3:$C$10,2)))/12","v":{"v":17291.580853333333,"d":"17,292"}},{"v":14007.167999999998,"d":"14,007"},{"$f":"(VLOOKUP(P458*12,'Tax table'!$A$3:$C$10,3)*(P458*12-VLOOKUP(P458*12,'Tax table'!$A$3:$C$10,1))+VLOOKUP(P458*12,'Tax table'!$A$3:$C$10,2))/12","v":{"v":1336.2902399999996,"d":"1,336"}},{"v":14227.229759999998,"d":"14,227"},{"v":12093.145295999999,"d":"12,093"},{"v":0.6993660902709644,"d":"69.9%"},{"v":36279.43588799999,"d":"36,279"},{"$f":"IF($B$15=\"Yes\",MIN(S458*2,References!$B$7),0)","v":{"v":24186.290591999998,"d":"24,186"}},{"$f":"IF(AND(D458<>0,$B$16=\"Yes\"),References!$B$6,0)","v":{"v":100000,"d":"100,000"}},{"v":2134.0844639999996,"d":"2,134"},{"v":11672.64,"d":"11,673"},{"v":1556.3519999999999,"d":"1,556"},{"v":13228.991999999998,"d":"13,229"},{"v":17898.048,"d":"17,898"},{"$f":"(M458*12-(VLOOKUP(AB458*12,'Tax table'!$A$3:$C$10,3)*(AB458*12-VLOOKUP(AB458*12,'Tax table'!$A$3:$C$10,1))+VLOOKUP(AB458*12,'Tax table'!$A$3:$C$10,2)))/12","v":{"v":17291.580853333333,"d":"17,292"}},{"v":13228.991999999998,"d":"13,229"},{"v":0.765053936491285,"d":"76.5%"}]
["Member 1847","1987-10-10","M",{"v":186855,"d":"186,855"},{"v":0.8,"d":"80%"},{"v":0.85,"d":"85%"},{"v":0.75,"d":"75%"},{"v":0.1,"d":"10%"},null,31,{"v":15571.25,"d":"15,571"},{"v":1557.125,"d":"1,557"},{"v":19464.0625,"d":"19,464"},{"v":17906.9375,"d":"17,907"},{"$f":"(M459*12-(VLOOKUP(N459*12,'Tax table'!$A$3:$C$10,3)*(N459*12-VLOOKUP(N459*12,'Tax table'!$A$3:$C$10,1))+VLOOKUP(N459*12,'Tax table'!$A$3:$C$10,2)))/12","v":{"v":17298.932083333333,"d":"17,299"}},{"v":14014.125,"d":"14,014"},{"$f":"(VLOOKUP(P459*12,'Tax table'!$A$3:$C$10,3)*(P459*12-VLOOKUP(P459*12,'Tax table'!$A$3:$C$10,1))+VLOOKUP(P459*12,'Tax table'!$A$3:$C$10,2))/12","v":{"v":1337.5425,"d":"1,338"}},{"v":14233.7075,"d":"14,234"},{"v":12098.651375,"d":"12,099"},{"v":0.6993871827878007,"d":"69.9%"},{"v":36295.954125,"d":"36,296"},{"$f":"IF($B$15=\"Yes\",MIN(S459*2,References!$B$7),0)","v":{"v":24197.30275,"d":"24,197"}},{"$f":"IF(AND(D459<>0,$B$16=\"Yes\"),References!$B$6,0)","v":{"v":100000,"d":"100,000"}},{"v":2135.056125000001,"d":"2,135"},{"v":11678.4375,"d":"11,678"},{"v":1557.125,"d":"1,557"},{"v":13235.5625,"d":"13,236"},{"v":17906.9375,"d":"17,907"},{"$f":"(M459*12-(VLOOKUP(AB459*12,'Tax table'!$A$3:$C$10,3)*(AB459*12-VLOOKUP(AB459*12,'Tax table'!$A$3:$C$10,1))+VLOOKUP(AB459*12,'Tax table'!$A$3:$C$10,2)))/12","v":{"v":17298.932083333333,"d":"17,299"}},{"v":13235.5625,"d":"13,236"},{"v":0.765108645796223,"d":"76.5%"}]
["Member 1848","1986-09-13","F",{"v":186855,"d":"186,855"},{"v":0.8,"d":"80%"},{"v":0.85,"d":"85%"},{"v":0.75,"d":"75%"},{"v":0.1,"d":"10%"},null,32,{"v":15571.25,"d":"15,571"},{"v":1557.125,"d":"1,557"},{"v":19464.0625,"d":"19,464"},{"v":17906.9375,"d":"17,907"},{"$f":"(M460*12-(VLOOKUP(N460*12,'Tax table'!$A$3:$C$10,3)*(N460*12-VLOOKUP(N460*12,'Tax table'!$A$3:$C$10,1))+VLOOKUP(N460*12,'Tax table'!$A$3:$C$10,2)))/12","v":{"v":17298.932083333333,"d":"17,299"}},{"v":14014.125,"d":"14,014"},{"$f":"(VLOOKUP(P460*12,'Tax table'!$A$3:$C$10,3)*(P460*12-VLOOKUP(P460*12,'Tax table'!$A$3:$C$10,1))+VLOOKUP(P460*12,'Tax table'!$A$3:$C$10,2))/12","v":{"v":1337.5425,"d":"1,338"}},{"v":14233.7075,"d":"14,234"},{"v":12098.651375,"d":"12,099"},{"v":0.6993871827878007,"d":"69.9%"},{"v":36295.954125,"d":"36,296"},{"$f":"IF($B$15=\"Yes\",MIN(S460*2,References!$B$7),0)","v":{"v":24197.30275,"d":"24,197"}},{"$f":"IF(AND(D460<>0,$B$16=\"Yes\"),References!$B$6,0)","v":{"v":100000,"d":"100,000"}},{"v":2135.056125000001,"d":"2,135"},{"v":11678.4375,"d":"11,678"},{"v":1557.125,"d":"1,557"},{"v":13235.5625,"d":"13,236"},{"v":17906.9375,"d":"17,907"},{"$f":"(M460*12-(VLOOKUP(AB460*12,'Tax table'!$A$3:$C$10,3)*(AB460*12-VLOOKUP(AB460*12,'Tax table'!$A$3:$C$10,1))+VLOOKUP(AB460*12,'Tax table'!$A$3:$C$10,2)))/12","v":{"v":17298.932083333333,"d":"17,299"}},{"v":13235.5625,"d":"13,236"},{"v":0.765108645796223,"d":"76.5%"}]
["Member 1849","1982-04-26","M",{"v":186855,"d":"186,855"},{"v":0.8,"d":"80%"},{"v":0.85,"d":"85%"},{"v":0.75,"d":"75%"},{"v":0.1,"d":"10%"},null,36,{"v":15571.25,"d":"15,571"},{"v":1557.125,"d":"1,557"},{"v":19464.0625,"d":"19,464"},{"v":17906.9375,"d":"17,907"},{"$f":"(M461*12-(VLOOKUP(N461*12,'Tax table'!$A$3:$C$10,3)*(N461*12-VLOOKUP(N461*12,'Tax table'!$A$3:$C$10,1))+VLOOKUP(N461*12,'Tax table'!$A$3:$C$10,2)))/12","v":{"v":17298.932083333333,"d":"17,299"}},{"v":14014.125,"d":"14,014"},{"$f":"(VLOOKUP(P461*12,'Tax table'!$A$3:$C$10,3)*(P461*12-VLOOKUP(P461*12,'Tax table'!$A$3:$C$10,1))+VLOOKUP(P461*12,'Tax table'!$A$3:$C$10,2))/12","v":{"v":1337.5425,"d":"1,338"}},{"v":14233.7075,"d":"14,234"},{"v":12098.651375,"d":"12,099"},{"v":0.6993871827878007,"d":"69.9%"},{"v":36295.954125,"d":"36,296"},{"$f":"IF($B$15=\"Yes\",MIN(S461*2,References!$B$7),0)","v":{"v":24197.30275,"d":"24,197"}},{"$f":"IF(AND(D461<>0,$B$16=\"Yes\"),References!$B$6,0)","v":{"v":100000,"d":"100,000"}},{"v":2135.056125000001,"d":"2,135"},{"v":11678.4375,"d":"11,678"},{"v":1557.125,"d":"1,557"},{"v":13235.5625,"d":"13,236"},{"v":17906.9375,"d":"17,907"},{"$f":"(M461*12-(VLOOKUP(AB461*12,'Tax table'!$A$3:$C$10,3)*(AB461*12-VLOOKUP(AB461*12,'Tax table'!$A$3:$C$10,1))+VLOOKUP(AB461*12,'Tax table'!$A$3:$C$10,2)))/12","v":{"v":17298.932083333333,"d":"17,299"}},{"v":13235.5625,"d":"13,236"},{"v":0.765108645796223,"d":"76.5%"}]
["Member 1850","1969-08-05","M",{"v":186855,"d":"186,855"},{"v":0.8,"d":"80%"},{"v":0.85,"d":"85%"},{"v":0.75,"d":"75%"},{"v":0.1,"d":"10%"},null,49,{"v":15571.25,"d":"15,571"},{"v":1557.125,"d":"1,557"},{"v":19464.0625,"d":"19,464"},{"v":17906.9375,"d":"17,907"},{"$f":"(M462*12-(VLOOKUP(N462*12,'Tax table'!$A$3:$C$10,3)*(N462*12-VLOOKUP(N462*12,'Tax table'!$A$3:$C$10,1))+VLOOKUP(N462*12,'Tax table'!$A$3:$C$10,2)))/12","v":{"v":17298.932083333333,"d":"17,299"}},{"v":14014.125,"d":"14,014"},{"$f":"(VLOOKUP(P462*12,'Tax table'!$A$3:$C$10,3)*(P462*12-VLOOKUP(P462*12,'Tax table'!$A$3:$C$10,1))+VLOOKUP(P462*12,'Tax table'!$A$3:$C$10,2))/12","v":{"v":1337.5425,"d":"1,338"}},{"v":14233.7075,"d":"14,234"},{"v":12098.651375,"d":"12,099"},{"v":0.6993871827878007,"d":"69.9%"},{"v":36295.954125,"d":"36,296"},{"$f":"IF($B$15=\"Yes\",MIN(S462*2,References!$B$7),0)","v":{"v":24197.30275,"d":"24,197"}},{"$f":"IF(AND(D462<>0,$B$16=\"Yes\"),References!$B$6,0)","v":{"v":100000,"d":"100,000"}},{"v":2135.056125000001,"d":"2,135"},{"v":11678.4375,"d":"11,678"},{"v":1557.125,"d":"1,557"},{"v":13235.5625,"d":"13,236"},{"v":17906.9375,"d":"17,907"},{"$f":"(M462*12-(VLOOKUP(AB462*12,'Tax table'!$A$3:$C$10,3)*(AB462*12-VLOOKUP(AB462*12,'Tax table'!$A$3:$C$10,1))+VLOOKUP(AB462*12,'Tax table'!$A$3:$C$10,2)))/12","v":{"v":17298.932083333333,"d":"17,299"}},{"v":13235.5625,"d":"13,236"},{"v":0.765108645796223,"d":"76.5%"}]
["Member 1846","1985-03-29","M",{"v":187896.72,"d":"187,897"},{"v":0.8,"d":"80%"},{"v":0.85,"d":"85%"},{"v":0.75,"d":"75%"},{"v":0.1,"d":"10%"},null,33,{"v":15658.06,"d":"15,658"},{"v":1565.806,"d":"1,566"},{"v":19572.574999999997,"d":"19,573"},{"v":18006.768999999997,"d":"18,007"},{"$f":"(M463*12-(VLOOKUP(N463*12,'Tax table'!$A$3:$C$10,3)*(N463*12-VLOOKUP(N463*12,'Tax table'!$A$3:$C$10,1))+VLOOKUP(N463*12,'Tax table'!$A$3:$C$10,2)))/12","v":{"v":17381.48839333333,"d":"17,381"}},{"v":14092.253999999999,"d":"14,092"},{"$f":"(VLOOKUP(P463*12,'Tax table'!$A$3:$C$10,3)*(P463*12-VLOOKUP(P463*12,'Tax table'!$A$3:$C$10,1))+VLOOKUP(P463*12,'Tax table'!$A$3:$C$10,2))/12","v":{"v":1351.6057199999998,"d":"1,352"}},{"v":14306.45428,"d":"14,306"},{"v":12160.486138,"d":"12,160"},{"v":0.6996228322232839,"d":"70.0%"},{"v":36481.458414,"d":"36,481"},{"$f":"IF($B$15=\"Yes\",MIN(S463*2,References!$B$7),0)","v":{"v":24320.972276,"d":"24,321"}},{"$f":"IF(AND(D463<>0,$B$16=\"Yes\"),References!$B$6,0)","v":{"v":100000,"d":"100,000"}},{"v":2145.9681419999997,"d":"2,146"},{"v":11743.545,"d":"11,744"},{"v":1565.806,"d":"1,566"},{"v":13309.351,"d":"13,309"},{"v":18006.768999999997,"d":"18,007"},{"$f":"(M463*12-(VLOOKUP(AB463*12,'Tax table'!$A$3:$C$10,3)*(AB463*12-VLOOKUP(AB463*12,'Tax table'!$A$3:$C$10,1))+VLOOKUP(AB463*12,'Tax table'!$A$3:$C$10,2)))/12","v":{"v":17381.48839333333,"d":"17,381"}},{"v":13309.351,"d":"13,309"},{"v":0.765719868104322,"d":"76.6%"}]
["Member 1842","1971-04-07","F",{"v":188966.76,"d":"188,967"},{"v":0.8,"d":"80%"},{"v":0.85,"d":"85%"},{"v":0.75,"d":"75%"},{"v":0.1,"d":"10%"},null,47,{"v":15747.230000000001,"d":"15,747"},{"v":1574.7230000000002,"d":"1,575"},{"v":19684.037500000002,"d":"19,684"},{"v":18109.3145,"d":"18,109"},{"$f":"(M464*12-(VLOOKUP(N464*12,'Tax table'!$A$3:$C$10,3)*(N464*12-VLOOKUP(N464*12,'Tax table'!$A$3:$C$10,1))+VLOOKUP(N464*12,'Tax table'!$A$3:$C$10,2)))/12","v":{"v":17466.289063333334,"d":"17,466"}},{"v":14172.507000000001,"d":"14,173"},{"$f":"(VLOOKUP(P464*12,'Tax table'!$A$3:$C$10,3)*(P464*12-VLOOKUP(P464*12,'Tax table'!$A$3:$C$10,1))+VLOOKUP(P464*12,'Tax table'!$A$3:$C$10,2))/12","v":{"v":1366.0512600000004,"d":"1,366"}},{"v":14381.178740000001,"d":"14,381"},{"v":12224.001929,"d":"12,224"},{"v":0.6998625686701606,"d":"70.0%"},{"v":36672.005787,"d":"36,672"},{"$f":"IF($B$15=\"Yes\",MIN(S464*2,References!$B$7),0)","v":{"v":24448.003858,"d":"24,448"}},{"$f":"IF(AND(D464<>0,$B$16=\"Yes\"),References!$B$6,0)","v":{"v":100000,"d":"100,000"}},{"v":2157.176811000001,"d":"2,157"},{"v":11810.4225,"d":"11,810"},{"v":1574.7230000000002,"d":"1,575"},{"v":13385.1455,"d":"13,385"},{"v":18109.3145,"d":"18,109"},{"$f":"(M464*12-(VLOOKUP(AB464*12,'Tax table'!$A$3:$C$10,3)*(AB464*12-VLOOKUP(AB464*12,'Tax table'!$A$3:$C$10,1))+VLOOKUP(AB464*12,'Tax table'!$A$3:$C$10,2)))/12","v":{"v":17466.289063333334,"d":"17,466"}},{"v":13385.1455,"d":"13,385"},{"v":0.7663416912124279,"d":"76.6%"}]
["Member 1843","1993-03-13","F",{"v":188966.76,"d":"188,967"},{"v":0.8,"d":"80%"},{"v":0.85,"d":"85%"},{"v":0.75,"d":"75%"},{"v":0.1,"d":"10%"},null,25,{"v":15747.230000000001,"d":"15,747"},{"v":1574.7230000000002,"d":"1,575"},{"v":19684.037500000002,"d":"19,684"},{"v":18109.3145,"d":"18,109"},{"$f":"(M465*12-(VLOOKUP(N465*12,'Tax table'!$A$3:$C$10,3)*(N465*12-VLOOKUP(N465*12,'Tax table'!$A$3:$C$10,1))+VLOOKUP(N465*12,'Tax table'!$A$3:$C$10,2)))/12","v":{"v":17466.289063333334,"d":"17,466"}},{"v":14172.507000000001,"d":"14,173"},{"$f":"(VLOOKUP(P465*12,'Tax table'!$A$3:$C$10,3)*(P465*12-VLOOKUP(P465*12,'Tax table'!$A$3:$C$10,1))+VLOOKUP(P465*12,'Tax table'!$A$3:$C$10,2))/12","v":{"v":1366.0512600000004,"d":"1,366"}},{"v":14381.178740000001,"d":"14,381"},{"v":12224.001929,"d":"12,224"},{"v":0.6998625686701606,"d":"70.0%"},{"v":36672.005787,"d":"36,672"},{"$f":"IF($B$15=\"Yes\",MIN(S465*2,References!$B$7),0)","v":{"v":24448.003858,"d":"24,448"}},{"$f":"IF(AND(D465<>0,$B$16=\"Yes\"),References!$B$6,0)","v":{"v":100000,"d":"100,000"}},{"v":2157.176811000001,"d":"2,157"},{"v":11810.4225,"d":"11,810"},{"v":1574.7230000000002,"d":"1,575"},{"v":13385.1455,"d":"13,385"},{"v":18109.3145,"d":"18,109"},{"$f":"(M465*12-(VLOOKUP(AB465*12,'Tax table'!$A$3:$C$10,3)*(AB465*12-VLOOKUP(AB465*12,'Tax table'!$A$3:$C$10,1))+VLOOKUP(AB465*12,'Tax table'!$A$3:$C$10,2)))/12","v":{"v":17466.289063333334,"d":"17,466"}},{"v":13385.1455,"d":"13,385"},{"v":0.7663416912124279,"d":"76.6%"}]
["Member 1844","1974-09-18","M",{"v":188966.76,"d":"188,967"},{"v":0.8,"d":"80%"},{"v":0.85,"d":"85%"},{"v":0.75,"d":"75%"},{"v":0.1,"d":"10%"},null,44,{"v":15747.230000000001,"d":"15,747"},{"v":1574.7230000000002,"d":"1,575"},{"v":19684.037500000002,"d":"19,684"},{"v":18109.3145,"d":"18,109"},{"$f":"(M466*12-(VLOOKUP(N466*12,'Tax table'!$A$3:$C$10,3)*(N466*12-VLOOKUP(N466*12,'Tax table'!$A$3:$C$10,1))+VLOOKUP(N466*12,'Tax table'!$A$3:$C$10,2)))/12","v":{"v":17466.289063333334,"d":"17,466"}},{"v":14172.507000000001,"d":"14,173"},{"$f":"(VLOOKUP(P466*12,'Tax table'!$A$3:$C$10,3)*(P466*12-VLOOKUP(P466*12,'Tax table'!$A$3:$C$10,1))+VLOOKUP(P466*12,'Tax table'!$A$3:$C$10,2))/12","v":{"v":1366.0512600000004,"d":"1,366"}},{"v":14381.178740000001,"d":"14,381"},{"v":12224.001929,"d":"12,224"},{"v":0.6998625686701606,"d":"70.0%"},{"v":36672.005787,"d":"36,672"},{"$f":"IF($B$15=\"Yes\",MIN(S466*2,References!$B$7),0)","v":{"v":24448.003858,"d":"24,448"}},{"$f":"IF(AND(D466<>0,$B$16=\"Yes\"),References!$B$6,0)","v":{"v":100000,"d":"100,000"}},{"v":2157.176811000001,"d":"2,157"},{"v":11810.4225,"d":"11,810"},{"v":1574.7230000000002,"d":"1,575"},{"v":13385.1455,"d":"13,385"},{"v":18109.3145,"d":"18,109"},{"$f":"(M466*12-(VLOOKUP(AB466*12,'Tax table'!$A$3:$C$10,3)*(AB466*12-VLOOKUP(AB466*12,'Tax table'!$A$3:$C$10,1))+VLOOKUP(AB466*12,'Tax table'!$A$3:$C$10,2)))/12","v":{"v":17466.289063333334,"d":"17,466"}},{"v":13385.1455,"d":"13,385"},{"v":0.7663416912124279,"d":"76.6%"}]
["Member 1845","1977-12-30","M",{"v":188966.76,"d":"188,967"},{"v":0.8,"d":"80%"},{"v":0.85,"d":"85%"},{"v":0.75,"d":"75%"},{"v":0.1,"d":"10%"},null,40,{"v":15747.230000000001,"d":"15,747"},{"v":1574.7230000000002,"d":"1,575"},{"v":19684.037500000002,"d":"19,684"},{"v":18109.3145,"d":"18,109"},{"$f":"(M467*12-(VLOOKUP(N467*12,'Tax table'!$A$3:$C$10,3)*(N467*12-VLOOKUP(N467*12,'Tax table'!$A$3:$C$10,1))+VLOOKUP(N467*12,'Tax table'!$A$3:$C$10,2)))/12","v":{"v":17466.289063333334,"d":"17,466"}},{"v":14172.507000000001,"d":"14,173"},{"$f":"(VLOOKUP(P467*12,'Tax table'!$A$3:$C$10,3)*(P467*12-VLOOKUP(P467*12,'Tax table'!$A$3:$C$10,1))+VLOOKUP(P467*12,'Tax table'!$A$3:$C$10,2))/12","v":{"v":1366.0512600000004,"d":"1,366"}},{"v":14381.178740000001,"d":"14,381"},{"v":12224.001929,"d":"12,224"},{"v":0.6998625686701606,"d":"70.0%"},{"v":36672.005787,"d":"36,672"},{"$f":"IF($B$15=\"Yes\",MIN(S467*2,References!$B$7),0)","v":{"v":24448.003858,"d":"24,448"}},{"$f":"IF(AND(D467<>0,$B$16=\"Yes\"),References!$B$6,0)","v":{"v":100000,"d":"100,000"}},{"v":2157.176811000001,"d":"2,157"},{"v":11810.4225,"d":"11,810"},{"v":1574.7230000000002,"d":"1,575"},{"v":13385.1455,"d":"13,385"},{"v":18109.3145,"d":"18,109"},{"$f":"(M467*12-(VLOOKUP(AB467*12,'Tax table'!$A$3:$C$10,3)*(AB467*12-VLOOKUP(AB467*12,'Tax table'!$A$3:$C$10,1))+VLOOKUP(AB467*12,'Tax table'!$A$3:$C$10,2)))/12","v":{"v":17466.289063333334,"d":"17,466"}},{"v":13385.1455,"d":"13,385"},{"v":0.7663416912124279,"d":"76.6%"}]
["Member 1840","1992-05-28","M",{"v":188970.84,"d":"188,971"},{"v":0.8,"d":"80%"},{"v":0.85,"d":"85%"},{"v":0.75,"d":"75%"},{"v":0.1,"d":"10%"},null,26,{"v":15747.57,"d":"15,748"},{"v":1574.757,"d":"1,575"},{"v":19684.462499999998,"d":"19,684"},{"v":18109.705499999996,"d":"18,110"},{"$f":"(M468*12-(VLOOKUP(N468*12,'Tax table'!$A$3:$C$10,3)*(N468*12-VLOOKUP(N468*12,'Tax table'!$A$3:$C$10,1))+VLOOKUP(N468*12,'Tax table'!$A$3:$C$10,2)))/12","v":{"v":17466.612403333333,"d":"17,467"}},{"v":14172.813,"d":"14,173"},{"$f":"(VLOOKUP(P468*12,'Tax table'!$A$3:$C$10,3)*(P468*12-VLOOKUP(P468*12,'Tax table'!$A$3:$C$10,1))+VLOOKUP(P468*12,'Tax table'!$A$3:$C$10,2))/12","v":{"v":1366.10634,"d":"1,366"}},{"v":14381.46366,"d":"14,381"},{"v":12224.244111,"d":"12,224"},{"v":0.6998634783163289,"d":"70.0%"},{"v":36672.732333,"d":"36,673"},{"$f":"IF($B$15=\"Yes\",MIN(S468*2,References!$B$7),0)","v":{"v":24448.488222,"d":"24,448"}},{"$f":"IF(AND(D468<>0,$B$16=\"Yes\"),References!$B$6,0)","v":{"v":100000,"d":"100,000"}},{"v":2157.2195489999995,"d":"2,157"},{"v":11810.6775,"d":"11,811"},{"v":1574.757,"d":"1,575"},{"v":13385.4345,"d":"13,385"},{"v":18109.705499999996,"d":"18,110"},{"$f":"(M468*12-(VLOOKUP(AB468*12,'Tax table'!$A$3:$C$10,3)*(AB468*12-VLOOKUP(AB468*12,'Tax table'!$A$3:$C$10,1))+VLOOKUP(AB468*12,'Tax table'!$A$3:$C$10,2)))/12","v":{"v":17466.612403333333,"d":"17,467"}},{"v":13385.4345,"d":"13,385"},{"v":0.7663440506325955,"d":"76.6%"}]
["Member 1841","1985-03-13","F",{"v":188970.84,"d":"188,971"},{"v":0.8,"d":"80%"},{"v":0.85,"d":"85%"},{"v":0.75,"d":"75%"},{"v":0.1,"d":"10%"},null,33,{"v":15747.57,"d":"15,748"},{"v":1574.757,"d":"1,575"},{"v":19684.462499999998,"d":"19,684"},{"v":18109.705499999996,"d":"18,110"},{"$f":"(M469*12-(VLOOKUP(N469*12,'Tax table'!$A$3:$C$10,3)*(N469*12-VLOOKUP(N469*12,'Tax table'!$A$3:$C$10,1))+VLOOKUP(N469*12,'Tax table'!$A$3:$C$10,2)))/12","v":{"v":17466.612403333333,"d":"17,467"}},{"v":14172.813,"d":"14,173"},{"$f":"(VLOOKUP(P469*12,'Tax table'!$A$3:$C$10,3)*(P469*12-VLOOKUP(P469*12,'Tax table'!$A$3:$C$10,1))+VLOOKUP(P469*12,'Tax table'!$A$3:$C$10,2))/12","v":{"v":1366.10634,"d":"1,366"}},{"v":14381.46366,"d":"14,381"},{"v":12224.244111,"d":"12,224"},{"v":0.6998634783163289,"d":"70.0%"},{"v":36672.732333,"d":"36,673"},{"$f":"IF($B$15=\"Yes\",MIN(S469*2,References!$B$7),0)","v":{"v":24448.488222,"d":"24,448"}},{"$f":"IF(AND(D469<>0,$B$16=\"Yes\"),References!$B$6,0)","v":{"v":100000,"d":"100,000"}},{"v":2157.2195489999995,"d":"2,157"},{"v":11810.6775,"d":"11,811"},{"v":1574.757,"d":"1,575"},{"v":13385.4345,"d":"13,385"},{"v":18109.705499999996,"d":"18,110"},{"$f":"(M469*12-(VLOOKUP(AB469*12,'Tax table'!$A$3:$C$10,3)*(AB469*12-VLOOKUP(AB469*12,'Tax table'!$A$3:$C$10,1))+VLOOKUP(AB469*12,'Tax table'!$A$3:$C$10,2)))/12","v":{"v":17466.612403333333,"d":"17,467"}},{"v":13385.4345,"d":"13,385"},{"v":0.7663440506325955,"d":"76.6%"}]
["Member 1839","1984-07-21","F",{"v":189182.28,"d":"189,182"},{"v":0.8,"d":"80%"},{"v":0.85,"d":"85%"},{"v":0.75,"d":"75%"},{"v":0.1,"d":"10%"},null,34,{"v":15765.19,"d":"15,765"},{"v":1576.5190000000002,"d":"1,577"},{"v":19706.4875,"d":"19,706"},{"v":18129.9685,"d":"18,130"},{"$f":"(M470*12-(VLOOKUP(N470*12,'Tax table'!$A$3:$C$10,3)*(N470*12-VLOOKUP(N470*12,'Tax table'!$A$3:$C$10,1))+VLOOKUP(N470*12,'Tax table'!$A$3:$C$10,2)))/12","v":{"v":17483.369023333333,"d":"17,483"}},{"v":14188.671,"d":"14,189"},{"$f":"(VLOOKUP(P470*12,'Tax table'!$A$3:$C$10,3)*(P470*12-VLOOKUP(P470*12,'Tax table'!$A$3:$C$10,1))+VLOOKUP(P470*12,'Tax table'!$A$3:$C$10,2))/12","v":{"v":1368.96078,"d":"1,369"}},{"v":14396.229220000001,"d":"14,396"},{"v":12236.794837000001,"d":"12,237"},{"v":0.6999105733379394,"d":"70.0%"},{"v":36710.384511000004,"d":"36,710"},{"$f":"IF($B$15=\"Yes\",MIN(S470*2,References!$B$7),0)","v":{"v":24473.589674000003,"d":"24,474"}},{"$f":"IF(AND(D470<>0,$B$16=\"Yes\"),References!$B$6,0)","v":{"v":100000,"d":"100,000"}},{"v":2159.434383,"d":"2,159"},{"v":11823.8925,"d":"11,824"},{"v":1576.5190000000002,"d":"1,577"},{"v":13400.4115,"d":"13,400"},{"v":18129.9685,"d":"18,130"},{"$f":"(M470*12-(VLOOKUP(AB470*12,'Tax table'!$A$3:$C$10,3)*(AB470*12-VLOOKUP(AB470*12,'Tax table'!$A$3:$C$10,1))+VLOOKUP(AB470*12,'Tax table'!$A$3:$C$10,2)))/12","v":{"v":17483.369023333333,"d":"17,483"}},{"v":13400.4115,"d":"13,400"},{"v":0.766466204660886,"d":"76.6%"}]
["Member 1838","1954-07-07","F",{"v":189562.56,"d":"189,563"},{"v":0.8,"d":"80%"},{"v":0.85,"d":"85%"},{"v":0.75,"d":"75%"},{"v":0.1,"d":"10%"},null,64,{"v":15796.88,"d":"15,797"},{"v":1579.688,"d":"1,580"},{"v":19746.1,"d":"19,746"},{"v":18166.411999999997,"d":"18,166"},{"$f":"(M471*12-(VLOOKUP(N471*12,'Tax table'!$A$3:$C$10,3)*(N471*12-VLOOKUP(N471*12,'Tax table'!$A$3:$C$10,1))+VLOOKUP(N471*12,'Tax table'!$A$3:$C$10,2)))/12","v":{"v":17513.50621333333,"d":"17,514"}},{"v":14217.192,"d":"14,217"},{"$f":"(VLOOKUP(P471*12,'Tax table'!$A$3:$C$10,3)*(P471*12-VLOOKUP(P471*12,'Tax table'!$A$3:$C$10,1))+VLOOKUP(P471*12,'Tax table'!$A$3:$C$10,2))/12","v":{"v":1374.0945600000002,"d":"1,374"}},{"v":14422.78544,"d":"14,423"},{"v":12259.367623999999,"d":"12,259"},{"v":0.6999950480884709,"d":"70.0%"},{"v":36778.102871999996,"d":"36,778"},{"$f":"IF($B$15=\"Yes\",MIN(S471*2,References!$B$7),0)","v":{"v":24518.735247999997,"d":"24,519"}},{"$f":"IF(AND(D471<>0,$B$16=\"Yes\"),References!$B$6,0)","v":{"v":100000,"d":"100,000"}},{"v":2163.417816000001,"d":"2,163"},{"v":11847.66,"d":"11,848"},{"v":1579.688,"d":"1,580"},{"v":13427.348,"d":"13,427"},{"v":18166.411999999997,"d":"18,166"},{"$f":"(M471*12-(VLOOKUP(AB471*12,'Tax table'!$A$3:$C$10,3)*(AB471*12-VLOOKUP(AB471*12,'Tax table'!$A$3:$C$10,1))+VLOOKUP(AB471*12,'Tax table'!$A$3:$C$10,2)))/12","v":{"v":17513.50621333333,"d":"17,514"}},{"v":13427.348,"d":"13,427"},{"v":0.7666853134055779,"d":"76.7%"}]
["Member 1837","1967-07-11","F",{"v":189721.08,"d":"189,721"},{"v":0.8,"d":"80%"},{"v":0.85,"d":"85%"},{"v":0.75,"d":"75%"},{"v":0.1,"d":"10%"},null,{"$f":"DATEDIF(B472,$B$7,\"y\")","v":51},{"$f":"D472/12","v":{"v":15810.089999999998,"d":"15,810"}},{"$f":"IF($B$10=\"No\",MIN(K472*H472,15%*K472),I472/12)","v":{"v":1581.009,"d":"1,581"}},{"$f":"D472/12/E472","v":{"v":19762.612499999996,"d":"19,763"}},{"$f":"M472-L472","v":{"v":18181.603499999997,"d":"18,182"}},{"$f":"(M472*12-(VLOOKUP(N472*12,'Tax table'!$A$3:$C$10,3)*(N472*12-VLOOKUP(N472*12,'Tax table'!$A$3:$C$10,1))+VLOOKUP(N472*12,'Tax table'!$A$3:$C$10,2)))/12","v":{"v":17526.06892333333,"d":"17,526"}},{"$f":"K472-L472","v":{"v":14229.080999999998,"d":"14,229"}},{"$f":"(VLOOKUP(P472*12,'Tax table'!$A$3:$C$10,3)*(P472*12-VLOOKUP(P472*12,'Tax table'!$A$3:$C$10,1))+VLOOKUP(P472*12,'Tax table'!$A$3:$C$10,2))/12","v":{"v":1376.2345799999996,"d":"1,376"}},{"$f":"K472-Q472","v":{"v":14433.855419999998,"d":"14,434"}},{"$f":"MIN(R472*F472,SUM($B$8,$B$9))","v":{"v":12268.777106999998,"d":"12,269"}},{"$f":"S472/O472","v":{"v":0.7000301756582712,"d":"70.0%"}},{"$f":"IF($B$14=\"Yes\",S472*3,0)","v":{"v":36806.33132099999,"d":"36,806"}},{"$f":"IF($B$15=\"Yes\",MIN(S472*2,References!$B$7),0)","v":{"v":24537.554213999996,"d":"24,538"}},{"$f":"IF(AND(D472<>0,$B$16=\"Yes\"),References!$B$6,0)","v":{"v":100000,"d":"100,000"}},{"$f":"IF($B$17=\"Yes\",MIN(R472,SUM($B$8:$B$9))-S472,0)","v":{"v":2165.078313,"d":"2,165"}},{"$f":"MIN(K472*G472,$B$8)","v":{"v":11857.5675,"d":"11,858"}},{"$f":"MIN(K472*H472,$B$9)","v":{"v":1581.009,"d":"1,581"}},{"$f":"Z472+Y472","v":{"v":13438.5765,"d":"13,439"}},{"$f":"M472-Z472","v":{"v":18181.603499999997,"d":"18,182"}},{"$f":"(M472*12-(VLOOKUP(AB472*12,'Tax table'!$A$3:$C$10,3)*(AB472*12-VLOOKUP(AB472*12,'Tax table'!$A$3:$C$10,1))+VLOOKUP(AB472*12,'Tax table'!$A$3:$C$10,2)))/12","v":{"v":17526.06892333333,"d":"17,526"}},{"$f":"MIN(AA472,AC472)","v":{"v":13438.5765,"d":"13,439"}},{"$f":"AD472/O472","v":{"v":0.7667764265213264,"d":"76.7%"}}]
["Member 1836","1963-08-12","F",{"v":189769.8,"d":"189,770"},{"v":0.8,"d":"80%"},{"v":0.85,"d":"85%"},{"v":0.75,"d":"75%"},{"v":0.1,"d":"10%"},null,55,{"v":15814.15,"d":"15,814"},{"v":1581.415,"d":"1,581"},{"v":19767.6875,"d":"19,768"},{"v":18186.2725,"d":"18,186"},{"$f":"(M473*12-(VLOOKUP(N473*12,'Tax table'!$A$3:$C$10,3)*(N473*12-VLOOKUP(N473*12,'Tax table'!$A$3:$C$10,1))+VLOOKUP(N473*12,'Tax table'!$A$3:$C$10,2)))/12","v":{"v":17529.92998333333,"d":"17,530"}},{"v":14232.735,"d":"14,233"},{"$f":"(VLOOKUP(P473*12,'Tax table'!$A$3:$C$10,3)*(P473*12-VLOOKUP(P473*12,'Tax table'!$A$3:$C$10,1))+VLOOKUP(P473*12,'Tax table'!$A$3:$C$10,2))/12","v":{"v":1376.8923000000002,"d":"1,377"}},{"v":14437.2577,"d":"14,437"},{"v":12271.669045,"d":"12,272"},{"v":0.7000409617532615,"d":"70.0%"},{"v":36815.007135,"d":"36,815"},{"$f":"IF($B$15=\"Yes\",MIN(S473*2,References!$B$7),0)","v":{"v":24543.33809,"d":"24,543"}},{"$f":"IF(AND(D473<>0,$B$16=\"Yes\"),References!$B$6,0)","v":{"v":100000,"d":"100,000"}},{"v":2165.5886549999996,"d":"2,166"},{"v":11860.6125,"d":"11,861"},{"v":1581.415,"d":"1,581"},{"v":13442.0275,"d":"13,442"},{"v":18186.2725,"d":"18,186"},{"$f":"(M473*12-(VLOOKUP(AB473*12,'Tax table'!$A$3:$C$10,3)*(AB473*12-VLOOKUP(AB473*12,'Tax table'!$A$3:$C$10,1))+VLOOKUP(AB473*12,'Tax table'!$A$3:$C$10,2)))/12","v":{"v":17529.92998333333,"d":"17,530"}},{"v":13442.0275,"d":"13,442"},{"v":0.7668044032566059,"d":"76.7%"}]
["Member 1835","1953-10-11","F",{"v":189808.56,"d":"189,809"},{"v":0.8,"d":"80%"},{"v":0.85,"d":"85%"},{"v":0.75,"d":"75%"},{"v":0.1,"d":"10%"},null,65,{"v":15817.38,"d":"15,817"},{"v":1581.738,"d":"1,582"},{"v":19771.725,"d":"19,772"},{"v":18189.986999999997,"d":"18,190"},{"$f":"(M474*12-(VLOOKUP(N474*12,'Tax table'!$A$3:$C$10,3)*(N474*12-VLOOKUP(N474*12,'Tax table'!$A$3:$C$10,1))+VLOOKUP(N474*12,'Tax table'!$A$3:$C$10,2)))/12","v":{"v":17533.00171333333,"d":"17,533"}},{"v":14235.642,"d":"14,236"},{"$f":"(VLOOKUP(P474*12,'Tax table'!$A$3:$C$10,3)*(P474*12-VLOOKUP(P474*12,'Tax table'!$A$3:$C$10,1))+VLOOKUP(P474*12,'Tax table'!$A$3:$C$10,2))/12","v":{"v":1377.4155600000001,"d":"1,377"}},{"v":14439.96444,"d":"14,440"},{"v":12273.969774,"d":"12,274"},{"v":0.7000495394160605,"d":"70.0%"},{"v":36821.909322,"d":"36,822"},{"$f":"IF($B$15=\"Yes\",MIN(S474*2,References!$B$7),0)","v":{"v":24547.939548,"d":"24,548"}},{"$f":"IF(AND(D474<>0,$B$16=\"Yes\"),References!$B$6,0)","v":{"v":100000,"d":"100,000"}},{"v":2165.9946660000005,"d":"2,166"},{"v":11863.035,"d":"11,863"},{"v":1581.738,"d":"1,582"},{"v":13444.773,"d":"13,445"},{"v":18189.986999999997,"d":"18,190"},{"$f":"(M474*12-(VLOOKUP(AB474*12,'Tax table'!$A$3:$C$10,3)*(AB474*12-VLOOKUP(AB474*12,'Tax table'!$A$3:$C$10,1))+VLOOKUP(AB474*12,'Tax table'!$A$3:$C$10,2)))/12","v":{"v":17533.00171333333,"d":"17,533"}},{"v":13444.773,"d":"13,445"},{"v":0.7668266518091791,"d":"76.7%"}]
["Member 1834","1959-12-19","M",{"v":190915.92,"d":"190,916"},{"v":0.8,"d":"80%"},{"v":0.85,"d":"85%"},{"v":0.75,"d":"75%"},{"v":0.1,"d":"10%"},null,58,{"v":15909.660000000002,"d":"15,910"},{"v":1590.9660000000003,"d":"1,591"},{"v":19887.075,"d":"19,887"},{"v":18296.109,"d":"18,296"},{"$f":"(M475*12-(VLOOKUP(N475*12,'Tax table'!$A$3:$C$10,3)*(N475*12-VLOOKUP(N475*12,'Tax table'!$A$3:$C$10,1))+VLOOKUP(N475*12,'Tax table'!$A$3:$C$10,2)))/12","v":{"v":17620.759993333337,"d":"17,621"}},{"v":14318.694000000001,"d":"14,319"},{"$f":"(VLOOKUP(P475*12,'Tax table'!$A$3:$C$10,3)*(P475*12-VLOOKUP(P475*12,'Tax table'!$A$3:$C$10,1))+VLOOKUP(P475*12,'Tax table'!$A$3:$C$10,2))/12","v":{"v":1392.36492,"d":"1,392"}},{"v":14517.295080000002,"d":"14,517"},{"v":12339.700818000001,"d":"12,340"},{"v":0.7002933371017267,"d":"70.0%"},{"v":37019.10245400001,"d":"37,019"},{"$f":"IF($B$15=\"Yes\",MIN(S475*2,References!$B$7),0)","v":{"v":24679.401636000002,"d":"24,679"}},{"$f":"IF(AND(D475<>0,$B$16=\"Yes\"),References!$B$6,0)","v":{"v":100000,"d":"100,000"}},{"v":2177.5942620000005,"d":"2,178"},{"v":11932.245,"d":"11,932"},{"v":1590.9660000000003,"d":"1,591"},{"v":13523.211000000001,"d":"13,523"},{"v":18296.109,"d":"18,296"},{"$f":"(M475*12-(VLOOKUP(AB475*12,'Tax table'!$A$3:$C$10,3)*(AB475*12-VLOOKUP(AB475*12,'Tax table'!$A$3:$C$10,1))+VLOOKUP(AB475*12,'Tax table'!$A$3:$C$10,2)))/12","v":{"v":17620.759993333337,"d":"17,621"}},{"v":13523.211000000001,"d":"13,523"},{"v":0.7674590088688792,"d":"76.7%"}]
["Member 1833","1960-06-18","M",{"v":191614.56,"d":"191,615"},{"v":0.8,"d":"80%"},{"v":0.85,"d":"85%"},{"v":0.75,"d":"75%"},{"v":0.1,"d":"10%"},null,58,{"v":15967.88,"d":"15,968"},{"v":1596.788,"d":"1,597"},{"v":19959.85,"d":"19,960"},{"v":18363.061999999998,"d":"18,363"},{"$f":"(M476*12-(VLOOKUP(N476*12,'Tax table'!$A$3:$C$10,3)*(N476*12-VLOOKUP(N476*12,'Tax table'!$A$3:$C$10,1))+VLOOKUP(N476*12,'Tax table'!$A$3:$C$10,2)))/12","v":{"v":17676.127213333333,"d":"17,676"}},{"v":14371.091999999999,"d":"14,371"},{"$f":"(VLOOKUP(P476*12,'Tax table'!$A$3:$C$10,3)*(P476*12-VLOOKUP(P476*12,'Tax table'!$A$3:$C$10,1))+VLOOKUP(P476*12,'Tax table'!$A$3:$C$10,2))/12","v":{"v":1401.7965599999998,"d":"1,402"}},{"v":14566.083439999999,"d":"14,566"},{"v":12381.170923999998,"d":"12,381"},{"v":0.7004459050657159,"d":"70.0%"},{"v":37143.512771999995,"d":"37,144"},{"$f":"IF($B$15=\"Yes\",MIN(S476*2,References!$B$7),0)","v":{"v":24762.341847999996,"d":"24,762"}},{"$f":"IF(AND(D476<>0,$B$16=\"Yes\"),References!$B$6,0)","v":{"v":100000,"d":"100,000"}},{"v":2184.9125160000003,"d":"2,185"},{"v":11975.91,"d":"11,976"},{"v":1596.788,"d":"1,597"},{"v":13572.698,"d":"13,573"},{"v":18363.061999999998,"d":"18,363"},{"$f":"(M476*12-(VLOOKUP(AB476*12,'Tax table'!$A$3:$C$10,3)*(AB476*12-VLOOKUP(AB476*12,'Tax table'!$A$3:$C$10,1))+VLOOKUP(AB476*12,'Tax table'!$A$3:$C$10,2)))/12","v":{"v":17676.127213333333,"d":"17,676"}},{"v":13572.698,"d":"13,573"},{"v":0.7678547362887238,"d":"76.8%"}]
["Member 1832","1967-08-01","M",{"v":192450.12,"d":"192,450"},{"v":0.8,"d":"80%"},{"v":0.85,"d":"85%"},{"v":0.75,"d":"75%"},{"v":0.1,"d":"10%"},null,51,{"v":16037.51,"d":"16,038"},{"v":1603.7510000000002,"d":"1,604"},{"v":20046.8875,"d":"20,047"},{"v":18443.1365,"d":"18,443"},{"$f":"(M477*12-(VLOOKUP(N477*12,'Tax table'!$A$3:$C$10,3)*(N477*12-VLOOKUP(N477*12,'Tax table'!$A$3:$C$10,1))+VLOOKUP(N477*12,'Tax table'!$A$3:$C$10,2)))/12","v":{"v":17742.345343333334,"d":"17,742"}},{"v":14433.759,"d":"14,434"},{"$f":"(VLOOKUP(P477*12,'Tax table'!$A$3:$C$10,3)*(P477*12-VLOOKUP(P477*12,'Tax table'!$A$3:$C$10,1))+VLOOKUP(P477*12,'Tax table'!$A$3:$C$10,2))/12","v":{"v":1413.07662,"d":"1,413"}},{"v":14624.43338,"d":"14,624"},{"v":12430.768373,"d":"12,431"},{"v":0.7006271229903012,"d":"70.1%"},{"v":37292.305119000004,"d":"37,292"},{"$f":"IF($B$15=\"Yes\",MIN(S477*2,References!$B$7),0)","v":{"v":24861.536746,"d":"24,862"}},{"$f":"IF(AND(D477<>0,$B$16=\"Yes\"),References!$B$6,0)","v":{"v":100000,"d":"100,000"}},{"v":2193.6650069999996,"d":"2,194"},{"v":12028.1325,"d":"12,028"},{"v":1603.7510000000002,"d":"1,604"},{"v":13631.8835,"d":"13,632"},{"v":18443.1365,"d":"18,443"},{"$f":"(M477*12-(VLOOKUP(AB477*12,'Tax table'!$A$3:$C$10,3)*(AB477*12-VLOOKUP(AB477*12,'Tax table'!$A$3:$C$10,1))+VLOOKUP(AB477*12,'Tax table'!$A$3:$C$10,2)))/12","v":{"v":17742.345343333334,"d":"17,742"}},{"v":13631.8835,"d":"13,632"},{"v":0.7683247753444369,"d":"76.8%"}]
["Member 1831","1970-08-08","F",{"v":193294.44,"d":"193,294"},{"v":0.8,"d":"80%"},{"v":0.85,"d":"85%"},{"v":0.75,"d":"75%"},{"v":0.1,"d":"10%"},null,48,{"v":16107.87,"d":"16,108"},{"v":1610.7870000000003,"d":"1,611"},{"v":20134.8375,"d":"20,135"},{"v":18524.0505,"d":"18,524"},{"$f":"(M478*12-(VLOOKUP(N478*12,'Tax table'!$A$3:$C$10,3)*(N478*12-VLOOKUP(N478*12,'Tax table'!$A$3:$C$10,1))+VLOOKUP(N478*12,'Tax table'!$A$3:$C$10,2)))/12","v":{"v":17809.257703333333,"d":"17,809"}},{"v":14497.083,"d":"14,497"},{"$f":"(VLOOKUP(P478*12,'Tax table'!$A$3:$C$10,3)*(P478*12-VLOOKUP(P478*12,'Tax table'!$A$3:$C$10,1))+VLOOKUP(P478*12,'Tax table'!$A$3:$C$10,2))/12","v":{"v":1424.47494,"d":"1,424"}},{"v":14683.39506,"d":"14,683"},{"v":12480.885801,"d":"12,481"},{"v":0.7008088719309156,"d":"70.1%"},{"v":37442.657403000005,"d":"37,443"},{"$f":"IF($B$15=\"Yes\",MIN(S478*2,References!$B$7),0)","v":{"v":24961.771602,"d":"24,962"}},{"$f":"IF(AND(D478<>0,$B$16=\"Yes\"),References!$B$6,0)","v":{"v":100000,"d":"100,000"}},{"v":2202.5092590000004,"d":"2,203"},{"v":12080.9025,"d":"12,081"},{"v":1610.7870000000003,"d":"1,611"},{"v":13691.6895,"d":"13,692"},{"v":18524.0505,"d":"18,524"},{"$f":"(M478*12-(VLOOKUP(AB478*12,'Tax table'!$A$3:$C$10,3)*(AB478*12-VLOOKUP(AB478*12,'Tax table'!$A$3:$C$10,1))+VLOOKUP(AB478*12,'Tax table'!$A$3:$C$10,2)))/12","v":{"v":17809.257703333333,"d":"17,809"}},{"v":13691.6895,"d":"13,692"},{"v":0.7687961917378143,"d":"76.9%"}]
["Member 1830","1991-05-17","F",{"v":193397.88,"d":"193,398"},{"v":0.8,"d":"80%"},{"v":0.85,"d":"85%"},{"v":0.75,"d":"75%"},{"v":0.1,"d":"10%"},null,27,{"v":16116.49,"d":"16,116"},{"v":1611.6490000000001,"d":"1,612"},{"v":20145.6125,"d":"20,146"},{"v":18533.963499999998,"d":"18,534"},{"$f":"(M479*12-(VLOOKUP(N479*12,'Tax table'!$A$3:$C$10,3)*(N479*12-VLOOKUP(N479*12,'Tax table'!$A$3:$C$10,1))+VLOOKUP(N479*12,'Tax table'!$A$3:$C$10,2)))/12","v":{"v":17817.45532333333,"d":"17,817"}},{"v":14504.841,"d":"14,505"},{"$f":"(VLOOKUP(P479*12,'Tax table'!$A$3:$C$10,3)*(P479*12-VLOOKUP(P479*12,'Tax table'!$A$3:$C$10,1))+VLOOKUP(P479*12,'Tax table'!$A$3:$C$10,2))/12","v":{"v":1425.8713799999998,"d":"1,426"}},{"v":14690.61862,"d":"14,691"},{"v":12487.025827,"d":"12,487"},{"v":0.7008310446356094,"d":"70.1%"},{"v":37461.077481,"d":"37,461"},{"$f":"IF($B$15=\"Yes\",MIN(S479*2,References!$B$7),0)","v":{"v":24974.051654,"d":"24,974"}},{"$f":"IF(AND(D479<>0,$B$16=\"Yes\"),References!$B$6,0)","v":{"v":100000,"d":"100,000"}},{"v":2203.592793,"d":"2,204"},{"v":12087.3675,"d":"12,087"},{"v":1611.6490000000001,"d":"1,612"},{"v":13699.0165,"d":"13,699"},{"v":18533.963499999998,"d":"18,534"},{"$f":"(M479*12-(VLOOKUP(AB479*12,'Tax table'!$A$3:$C$10,3)*(AB479*12-VLOOKUP(AB479*12,'Tax table'!$A$3:$C$10,1))+VLOOKUP(AB479*12,'Tax table'!$A$3:$C$10,2)))/12","v":{"v":17817.45532333333,"d":"17,817"}},{"v":13699.0165,"d":"13,699"},{"v":0.768853702810192,"d":"76.9%"}]
["Member 1822","1989-01-22","M",{"v":193822.68,"d":"193,823"},{"v":0.8,"d":"80%"},{"v":0.85,"d":"85%"},{"v":0.75,"d":"75%"},{"v":0.1,"d":"10%"},null,29,{"v":16151.89,"d":"16,152"},{"v":1615.189,"d":"1,615"},{"v":20189.8625,"d":"20,190"},{"v":18574.6735,"d":"18,575"},{"$f":"(M480*12-(VLOOKUP(N480*12,'Tax table'!$A$3:$C$10,3)*(N480*12-VLOOKUP(N480*12,'Tax table'!$A$3:$C$10,1))+VLOOKUP(N480*12,'Tax table'!$A$3:$C$10,2)))/12","v":{"v":17851.12072333333,"d":"17,851"}},{"v":14536.701,"d":"14,537"},{"$f":"(VLOOKUP(P480*12,'Tax table'!$A$3:$C$10,3)*(P480*12-VLOOKUP(P480*12,'Tax table'!$A$3:$C$10,1))+VLOOKUP(P480*12,'Tax table'!$A$3:$C$10,2))/12","v":{"v":1431.6061799999998,"d":"1,432"}},{"v":14720.28382,"d":"14,720"},{"v":12512.241247,"d":"12,512"},{"v":0.7009218883745018,"d":"70.1%"},{"v":37536.723741,"d":"37,537"},{"$f":"IF($B$15=\"Yes\",MIN(S480*2,References!$B$7),0)","v":{"v":25024.482494,"d":"25,024"}},{"$f":"IF(AND(D480<>0,$B$16=\"Yes\"),References!$B$6,0)","v":{"v":100000,"d":"100,000"}},{"v":2208.0425730000006,"d":"2,208"},{"v":12113.9175,"d":"12,114"},{"v":1615.189,"d":"1,615"},{"v":13729.1065,"d":"13,729"},{"v":18574.6735,"d":"18,575"},{"$f":"(M480*12-(VLOOKUP(AB480*12,'Tax table'!$A$3:$C$10,3)*(AB480*12-VLOOKUP(AB480*12,'Tax table'!$A$3:$C$10,1))+VLOOKUP(AB480*12,'Tax table'!$A$3:$C$10,2)))/12","v":{"v":17851.12072333333,"d":"17,851"}},{"v":13729.1065,"d":"13,729"},{"v":0.7690893312964147,"d":"76.9%"}]
["Member 1823","1987-03-05","M",{"v":193822.68,"d":"193,823"},{"v":0.8,"d":"80%"},{"v":0.85,"d":"85%"},{"v":0.75,"d":"75%"},{"v":0.1,"d":"10%"},null,31,{"v":16151.89,"d":"16,152"},{"v":1615.189,"d":"1,615"},{"v":20189.8625,"d":"20,190"},{"v":18574.6735,"d":"18,575"},{"$f":"(M481*12-(VLOOKUP(N481*12,'Tax table'!$A$3:$C$10,3)*(N481*12-VLOOKUP(N481*12,'Tax table'!$A$3:$C$10,1))+VLOOKUP(N481*12,'Tax table'!$A$3:$C$10,2)))/12","v":{"v":17851.12072333333,"d":"17,851"}},{"v":14536.701,"d":"14,537"},{"$f":"(VLOOKUP(P481*12,'Tax table'!$A$3:$C$10,3)*(P481*12-VLOOKUP(P481*12,'Tax table'!$A$3:$C$10,1))+VLOOKUP(P481*12,'Tax table'!$A$3:$C$10,2))/12","v":{"v":1431.6061799999998,"d":"1,432"}},{"v":14720.28382,"d":"14,720"},{"v":12512.241247,"d":"12,512"},{"v":0.7009218883745018,"d":"70.1%"},{"v":37536.723741,"d":"37,537"},{"$f":"IF($B$15=\"Yes\",MIN(S481*2,References!$B$7),0)","v":{"v":25024.482494,"d":"25,024"}},{"$f":"IF(AND(D481<>0,$B$16=\"Yes\"),References!$B$6,0)","v":{"v":100000,"d":"100,000"}},{"v":2208.0425730000006,"d":"2,208"},{"v":12113.9175,"d":"12,114"},{"v":1615.189,"d":"1,615"},{"v":13729.1065,"d":"13,729"},{"v":18574.6735,"d":"18,575"},{"$f":"(M481*12-(VLOOKUP(AB481*12,'Tax table'!$A$3:$C$10,3)*(AB481*12-VLOOKUP(AB481*12,'Tax table'!$A$3:$C$10,1))+VLOOKUP(AB481*12,'Tax table'!$A$3:$C$10,2)))/12","v":{"v":17851.12072333333,"d":"17,851"}},{"v":13729.1065,"d":"13,729"},{"v":0.7690893312964147,"d":"76.9%"}]
["Member 1824","1980-08-11","M",{"v":193822.68,"d":"193,823"},{"v":0.8,"d":"80%"},{"v":0.85,"d":"85%"},{"v":0.75,"d":"75%"},{"v":0.1,"d":"10%"},null,38,{"v":16151.89,"d":"16,152"},{"v":1615.189,"d":"1,615"},{"v":20189.8625,"d":"20,190"},{"v":18574.6735,"d":"18,575"},{"$f":"(M482*12-(VLOOKUP(N482*12,'Tax table'!$A$3:$C$10,3)*(N482*12-VLOOKUP(N482*12,'Tax table'!$A$3:$C$10,1))+VLOOKUP(N482*12,'Tax table'!$A$3:$C$10,2)))/12","v":{"v":17851.12072333333,"d":"17,851"}},{"v":14536.701,"d":"14,537"},{"$f":"(VLOOKUP(P482*12,'Tax table'!$A$3:$C$10,3)*(P482*12-VLOOKUP(P482*12,'Tax table'!$A$3:$C$10,1))+VLOOKUP(P482*12,'Tax table'!$A$3:$C$10,2))/12","v":{"v":1431.6061799999998,"d":"1,432"}},{"v":14720.28382,"d":"14,720"},{"v":12512.241247,"d":"12,512"},{"v":0.7009218883745018,"d":"70.1%"},{"v":37536.723741,"d":"37,537"},{"$f":"IF($B$15=\"Yes\",MIN(S482*2,References!$B$7),0)","v":{"v":25024.482494,"d":"25,024"}},{"$f":"IF(AND(D482<>0,$B$16=\"Yes\"),References!$B$6,0)","v":{"v":100000,"d":"100,000"}},{"v":2208.0425730000006,"d":"2,208"},{"v":12113.9175,"d":"12,114"},{"v":1615.189,"d":"1,615"},{"v":13729.1065,"d":"13,729"},{"v":18574.6735,"d":"18,575"},{"$f":"(M482*12-(VLOOKUP(AB482*12,'Tax table'!$A$3:$C$10,3)*(AB482*12-VLOOKUP(AB482*12,'Tax table'!$A$3:$C$10,1))+VLOOKUP(AB482*12,'Tax table'!$A$3:$C$10,2)))/12","v":{"v":17851.12072333333,"d":"17,851"}},{"v":13729.1065,"d":"13,729"},{"v":0.7690893312964147,"d":"76.9%"}]
["Member 1825","1982-06-02","F",{"v":193822.68,"d":"193,823"},{"v":0.8,"d":"80%"},{"v":0.85,"d":"85%"},{"v":0.75,"d":"75%"},{"v":0.1,"d":"10%"},null,36,{"v":16151.89,"d":"16,152"},{"v":1615.189,"d":"1,615"},{"v":20189.8625,"d":"20,190"},{"v":18574.6735,"d":"18,575"},{"$f":"(M483*12-(VLOOKUP(N483*12,'Tax table'!$A$3:$C$10,3)*(N483*12-VLOOKUP(N483*12,'Tax table'!$A$3:$C$10,1))+VLOOKUP(N483*12,'Tax table'!$A$3:$C$10,2)))/12","v":{"v":17851.12072333333,"d":"17,851"}},{"v":14536.701,"d":"14,537"},{"$f":"(VLOOKUP(P483*12,'Tax table'!$A$3:$C$10,3)*(P483*12-VLOOKUP(P483*12,'Tax table'!$A$3:$C$10,1))+VLOOKUP(P483*12,'Tax table'!$A$3:$C$10,2))/12","v":{"v":1431.6061799999998,"d":"1,432"}},{"v":14720.28382,"d":"14,720"},{"v":12512.241247,"d":"12,512"},{"v":0.7009218883745018,"d":"70.1%"},{"v":37536.723741,"d":"37,537"},{"$f":"IF($B$15=\"Yes\",MIN(S483*2,References!$B$7),0)","v":{"v":25024.482494,"d":"25,024"}},{"$f":"IF(AND(D483<>0,$B$16=\"Yes\"),References!$B$6,0)","v":{"v":100000,"d":"100,000"}},{"v":2208.0425730000006,"d":"2,208"},{"v":12113.9175,"d":"12,114"},{"v":1615.189,"d":"1,615"},{"v":13729.1065,"d":"13,729"},{"v":18574.6735,"d":"18,575"},{"$f":"(M483*12-(VLOOKUP(AB483*12,'Tax table'!$A$3:$C$10,3)*(AB483*12-VLOOKUP(AB483*12,'Tax table'!$A$3:$C$10,1))+VLOOKUP(AB483*12,'Tax table'!$A$3:$C$10,2)))/12","v":{"v":17851.12072333333,"d":"17,851"}},{"v":13729.1065,"d":"13,729"},{"v":0.7690893312964147,"d":"76.9%"}]
["Member 1826","1981-08-25","M",{"v":193822.68,"d":"193,823"},{"v":0.8,"d":"80%"},{"v":0.85,"d":"85%"},{"v":0.75,"d":"75%"},{"v":0.1,"d":"10%"},null,37,{"v":16151.89,"d":"16,152"},{"v":1615.189,"d":"1,615"},{"v":20189.8625,"d":"20,190"},{"v":18574.6735,"d":"18,575"},{"$f":"(M484*12-(VLOOKUP(N484*12,'Tax table'!$A$3:$C$10,3)*(N484*12-VLOOKUP(N484*12,'Tax table'!$A$3:$C$10,1))+VLOOKUP(N484*12,'Tax table'!$A$3:$C$10,2)))/12","v":{"v":17851.12072333333,"d":"17,851"}},{"v":14536.701,"d":"14,537"},{"$f":"(VLOOKUP(P484*12,'Tax table'!$A$3:$C$10,3)*(P484*12-VLOOKUP(P484*12,'Tax table'!$A$3:$C$10,1))+VLOOKUP(P484*12,'Tax table'!$A$3:$C$10,2))/12","v":{"v":1431.6061799999998,"d":"1,432"}},{"v":14720.28382,"d":"14,720"},{"v":12512.241247,"d":"12,512"},{"v":0.7009218883745018,"d":"70.1%"},{"v":37536.723741,"d":"37,537"},{"$f":"IF($B$15=\"Yes\",MIN(S484*2,References!$B$7),0)","v":{"v":25024.482494,"d":"25,024"}},{"$f":"IF(AND(D484<>0,$B$16=\"Yes\"),References!$B$6,0)","v":{"v":100000,"d":"100,000"}},{"v":2208.0425730000006,"d":"2,208"},{"v":12113.9175,"d":"12,114"},{"v":1615.189,"d":"1,615"},{"v":13729.1065,"d":"13,729"},{"v":18574.6735,"d":"18,575"},{"$f":"(M484*12-(VLOOKUP(AB484*12,'Tax table'!$A$3:$C$10,3)*(AB484*12-VLOOKUP(AB484*12,'Tax table'!$A$3:$C$10,1))+VLOOKUP(AB484*12,'Tax table'!$A$3:$C$10,2)))/12","v":{"v":17851.12072333333,"d":"17,851"}},{"v":13729.1065,"d":"13,729"},{"v":0.7690893312964147,"d":"76.9%"}]
["Member 1827","1985-10-02","M",{"v":193822.68,"d":"193,823"},{"v":0.8,"d":"80%"},{"v":0.85,"d":"85%"},{"v":0.75,"d":"75%"},{"v":0.1,"d":"10%"},null,33,{"v":16151.89,"d":"16,152"},{"v":1615.189,"d":"1,615"},{"v":20189.8625,"d":"20,190"},{"v":18574.6735,"d":"18,575"},{"$f":"(M485*12-(VLOOKUP(N485*12,'Tax table'!$A$3:$C$10,3)*(N485*12-VLOOKUP(N485*12,'Tax table'!$A$3:$C$10,1))+VLOOKUP(N485*12,'Tax table'!$A$3:$C$10,2)))/12","v":{"v":17851.12072333333,"d":"17,851"}},{"v":14536.701,"d":"14,537"},{"$f":"(VLOOKUP(P485*12,'Tax table'!$A$3:$C$10,3)*(P485*12-VLOOKUP(P485*12,'Tax table'!$A$3:$C$10,1))+VLOOKUP(P485*12,'Tax table'!$A$3:$C$10,2))/12","v":{"v":1431.6061799999998,"d":"1,432"}},{"v":14720.28382,"d":"14,720"},{"v":12512.241247,"d":"12,512"},{"v":0.7009218883745018,"d":"70.1%"},{"v":37536.723741,"d":"37,537"},{"$f":"IF($B$15=\"Yes\",MIN(S485*2,References!$B$7),0)","v":{"v":25024.482494,"d":"25,024"}},{"$f":"IF(AND(D485<>0,$B$16=\"Yes\"),References!$B$6,0)","v":{"v":100000,"d":"100,000"}},{"v":2208.0425730000006,"d":"2,208"},{"v":12113.9175,"d":"12,114"},{"v":1615.189,"d":"1,615"},{"v":13729.1065,"d":"13,729"},{"v":18574.6735,"d":"18,575"},{"$f":"(M485*12-(VLOOKUP(AB485*12,'Tax table'!$A$3:$C$10,3)*(AB485*12-VLOOKUP(AB485*12,'Tax table'!$A$3:$C$10,1))+VLOOKUP(AB485*12,'Tax table'!$A$3:$C$10,2)))/12","v":{"v":17851.12072333333,"d":"17,851"}},{"v":13729.1065,"d":"13,729"},{"v":0.7690893312964147,"d":"76.9%"}]
["Member 1828","1972-06-11","M",{"v":193822.68,"d":"193,823"},{"v":0.8,"d":"80%"},{"v":0.85,"d":"85%"},{"v":0.75,"d":"75%"},{"v":0.1,"d":"10%"},null,46,{"v":16151.89,"d":"16,152"},{"v":1615.189,"d":"1,615"},{"v":20189.8625,"d":"20,190"},{"v":18574.6735,"d":"18,575"},{"$f":"(M486*12-(VLOOKUP(N486*12,'Tax table'!$A$3:$C$10,3)*(N486*12-VLOOKUP(N486*12,'Tax table'!$A$3:$C$10,1))+VLOOKUP(N486*12,'Tax table'!$A$3:$C$10,2)))/12","v":{"v":17851.12072333333,"d":"17,851"}},{"v":14536.701,"d":"14,537"},{"$f":"(VLOOKUP(P486*12,'Tax table'!$A$3:$C$10,3)*(P486*12-VLOOKUP(P486*12,'Tax table'!$A$3:$C$10,1))+VLOOKUP(P486*12,'Tax table'!$A$3:$C$10,2))/12","v":{"v":1431.6061799999998,"d":"1,432"}},{"v":14720.28382,"d":"14,720"},{"v":12512.241247,"d":"12,512"},{"v":0.7009218883745018,"d":"70.1%"},{"v":37536.723741,"d":"37,537"},{"$f":"IF($B$15=\"Yes\",MIN(S486*2,References!$B$7),0)","v":{"v":25024.482494,"d":"25,024"}},{"$f":"IF(AND(D486<>0,$B$16=\"Yes\"),References!$B$6,0)","v":{"v":100000,"d":"100,000"}},{"v":2208.0425730000006,"d":"2,208"},{"v":12113.9175,"d":"12,114"},{"v":1615.189,"d":"1,615"},{"v":13729.1065,"d":"13,729"},{"v":18574.6735,"d":"18,575"},{"$f":"(M486*12-(VLOOKUP(AB486*12,'Tax table'!$A$3:$C$10,3)*(AB486*12-VLOOKUP(AB486*12,'Tax table'!$A$3:$C$10,1))+VLOOKUP(AB486*12,'Tax table'!$A$3:$C$10,2)))/12","v":{"v":17851.12072333333,"d":"17,851"}},{"v":13729.1065,"d":"13,729"},{"v":0.7690893312964147,"d":"76.9%"}]
["Member 1829","1979-09-04","F",{"v":193822.68,"d":"193,823"},{"v":0.8,"d":"80%"},{"v":0.85,"d":"85%"},{"v":0.75,"d":"75%"},{"v":0.1,"d":"10%"},null,39,{"v":16151.89,"d":"16,152"},{"v":1615.189,"d":"1,615"},{"v":20189.8625,"d":"20,190"},{"v":18574.6735,"d":"18,575"},{"$f":"(M487*12-(VLOOKUP(N487*12,'Tax table'!$A$3:$C$10,3)*(N487*12-VLOOKUP(N487*12,'Tax table'!$A$3:$C$10,1))+VLOOKUP(N487*12,'Tax table'!$A$3:$C$10,2)))/12","v":{"v":17851.12072333333,"d":"17,851"}},{"v":14536.701,"d":"14,537"},{"$f":"(VLOOKUP(P487*12,'Tax table'!$A$3:$C$10,3)*(P487*12-VLOOKUP(P487*12,'Tax table'!$A$3:$C$10,1))+VLOOKUP(P487*12,'Tax table'!$A$3:$C$10,2))/12","v":{"v":1431.6061799999998,"d":"1,432"}},{"v":14720.28382,"d":"14,720"},{"v":12512.241247,"d":"12,512"},{"v":0.7009218883745018,"d":"70.1%"},{"v":37536.723741,"d":"37,537"},{"$f":"IF($B$15=\"Yes\",MIN(S487*2,References!$B$7),0)","v":{"v":25024.482494,"d":"25,024"}},{"$f":"IF(AND(D487<>0,$B$16=\"Yes\"),References!$B$6,0)","v":{"v":100000,"d":"100,000"}},{"v":2208.0425730000006,"d":"2,208"},{"v":12113.9175,"d":"12,114"},{"v":1615.189,"d":"1,615"},{"v":13729.1065,"d":"13,729"},{"v":18574.6735,"d":"18,575"},{"$f":"(M487*12-(VLOOKUP(AB487*12,'Tax table'!$A$3:$C$10,3)*(AB487*12-VLOOKUP(AB487*12,'Tax table'!$A$3:$C$10,1))+VLOOKUP(AB487*12,'Tax table'!$A$3:$C$10,2)))/12","v":{"v":17851.12072333333,"d":"17,851"}},{"v":13729.1065,"d":"13,729"},{"v":0.7690893312964147,"d":"76.9%"}]
["Member 1812","1981-07-24","M",{"v":193826.04,"d":"193,826"},{"v":0.8,"d":"80%"},{"v":0.85,"d":"85%"},{"v":0.75,"d":"75%"},{"v":0.1,"d":"10%"},null,37,{"v":16152.17,"d":"16,152"},{"v":1615.217,"d":"1,615"},{"v":20190.212499999998,"d":"20,190"},{"v":18574.995499999997,"d":"18,575"},{"$f":"(M488*12-(VLOOKUP(N488*12,'Tax table'!$A$3:$C$10,3)*(N488*12-VLOOKUP(N488*12,'Tax table'!$A$3:$C$10,1))+VLOOKUP(N488*12,'Tax table'!$A$3:$C$10,2)))/12","v":{"v":17851.387003333333,"d":"17,851"}},{"v":14536.953,"d":"14,537"},{"$f":"(VLOOKUP(P488*12,'Tax table'!$A$3:$C$10,3)*(P488*12-VLOOKUP(P488*12,'Tax table'!$A$3:$C$10,1))+VLOOKUP(P488*12,'Tax table'!$A$3:$C$10,2))/12","v":{"v":1431.6515399999998,"d":"1,432"}},{"v":14720.51846,"d":"14,721"},{"v":12512.440691,"d":"12,512"},{"v":0.7009226055467618,"d":"70.1%"},{"v":37537.322073,"d":"37,537"},{"$f":"IF($B$15=\"Yes\",MIN(S488*2,References!$B$7),0)","v":{"v":25024.881382,"d":"25,025"}},{"$f":"IF(AND(D488<>0,$B$16=\"Yes\"),References!$B$6,0)","v":{"v":100000,"d":"100,000"}},{"v":2208.0777689999995,"d":"2,208"},{"v":12114.1275,"d":"12,114"},{"v":1615.217,"d":"1,615"},{"v":13729.344500000001,"d":"13,729"},{"v":18574.995499999997,"d":"18,575"},{"$f":"(M488*12-(VLOOKUP(AB488*12,'Tax table'!$A$3:$C$10,3)*(AB488*12-VLOOKUP(AB488*12,'Tax table'!$A$3:$C$10,1))+VLOOKUP(AB488*12,'Tax table'!$A$3:$C$10,2)))/12","v":{"v":17851.387003333333,"d":"17,851"}},{"v":13729.344500000001,"d":"13,729"},{"v":0.7690911914820043,"d":"76.9%"}]
["Member 1813","1987-03-13","F",{"v":193826.04,"d":"193,826"},{"v":0.8,"d":"80%"},{"v":0.85,"d":"85%"},{"v":0.75,"d":"75%"},{"v":0.1,"d":"10%"},null,31,{"v":16152.17,"d":"16,152"},{"v":1615.217,"d":"1,615"},{"v":20190.212499999998,"d":"20,190"},{"v":18574.995499999997,"d":"18,575"},{"$f":"(M489*12-(VLOOKUP(N489*12,'Tax table'!$A$3:$C$10,3)*(N489*12-VLOOKUP(N489*12,'Tax table'!$A$3:$C$10,1))+VLOOKUP(N489*12,'Tax table'!$A$3:$C$10,2)))/12","v":{"v":17851.387003333333,"d":"17,851"}},{"v":14536.953,"d":"14,537"},{"$f":"(VLOOKUP(P489*12,'Tax table'!$A$3:$C$10,3)*(P489*12-VLOOKUP(P489*12,'Tax table'!$A$3:$C$10,1))+VLOOKUP(P489*12,'Tax table'!$A$3:$C$10,2))/12","v":{"v":1431.6515399999998,"d":"1,432"}},{"v":14720.51846,"d":"14,721"},{"v":12512.440691,"d":"12,512"},{"v":0.7009226055467618,"d":"70.1%"},{"v":37537.322073,"d":"37,537"},{"$f":"IF($B$15=\"Yes\",MIN(S489*2,References!$B$7),0)","v":{"v":25024.881382,"d":"25,025"}},{"$f":"IF(AND(D489<>0,$B$16=\"Yes\"),References!$B$6,0)","v":{"v":100000,"d":"100,000"}},{"v":2208.0777689999995,"d":"2,208"},{"v":12114.1275,"d":"12,114"},{"v":1615.217,"d":"1,615"},{"v":13729.344500000001,"d":"13,729"},{"v":18574.995499999997,"d":"18,575"},{"$f":"(M489*12-(VLOOKUP(AB489*12,'Tax table'!$A$3:$C$10,3)*(AB489*12-VLOOKUP(AB489*12,'Tax table'!$A$3:$C$10,1))+VLOOKUP(AB489*12,'Tax table'!$A$3:$C$10,2)))/12","v":{"v":17851.387003333333,"d":"17,851"}},{"v":13729.344500000001,"d":"13,729"},{"v":0.7690911914820043,"d":"76.9%"}]
["Member 1814","1982-10-01","F",{"v":193826.04,"d":"193,826"},{"v":0.8,"d":"80%"},{"v":0.85,"d":"85%"},{"v":0.75,"d":"75%"},{"v":0.1,"d":"10%"},null,36,{"v":16152.17,"d":"16,152"},{"v":1615.217,"d":"1,615"},{"v":20190.212499999998,"d":"20,190"},{"v":18574.995499999997,"d":"18,575"},{"$f":"(M490*12-(VLOOKUP(N490*12,'Tax table'!$A$3:$C$10,3)*(N490*12-VLOOKUP(N490*12,'Tax table'!$A$3:$C$10,1))+VLOOKUP(N490*12,'Tax table'!$A$3:$C$10,2)))/12","v":{"v":17851.387003333333,"d":"17,851"}},{"v":14536.953,"d":"14,537"},{"$f":"(VLOOKUP(P490*12,'Tax table'!$A$3:$C$10,3)*(P490*12-VLOOKUP(P490*12,'Tax table'!$A$3:$C$10,1))+VLOOKUP(P490*12,'Tax table'!$A$3:$C$10,2))/12","v":{"v":1431.6515399999998,"d":"1,432"}},{"v":14720.51846,"d":"14,721"},{"v":12512.440691,"d":"12,512"},{"v":0.7009226055467618,"d":"70.1%"},{"v":37537.322073,"d":"37,537"},{"$f":"IF($B$15=\"Yes\",MIN(S490*2,References!$B$7),0)","v":{"v":25024.881382,"d":"25,025"}},{"$f":"IF(AND(D490<>0,$B$16=\"Yes\"),References!$B$6,0)","v":{"v":100000,"d":"100,000"}},{"v":2208.0777689999995,"d":"2,208"},{"v":12114.1275,"d":"12,114"},{"v":1615.217,"d":"1,615"},{"v":13729.344500000001,"d":"13,729"},{"v":18574.995499999997,"d":"18,575"},{"$f":"(M490*12-(VLOOKUP(AB490*12,'Tax table'!$A$3:$C$10,3)*(AB490*12-VLOOKUP(AB490*12,'Tax table'!$A$3:$C$10,1))+VLOOKUP(AB490*12,'Tax table'!$A$3:$C$10,2)))/12","v":{"v":17851.387003333333,"d":"17,851"}},{"v":13729.344500000001,"d":"13,729"},{"v":0.7690911914820043,"d":"76.9%"}]
["Member 1815","1977-02-17","M",{"v":193826.04,"d":"193,826"},{"v":0.8,"d":"80%"},{"v":0.85,"d":"85%"},{"v":0.75,"d":"75%"},{"v":0.1,"d":"10%"},null,41,{"v":16152.17,"d":"16,152"},{"v":1615.217,"d":"1,615"},{"v":20190.212499999998,"d":"20,190"},{"v":18574.995499999997,"d":"18,575"},{"$f":"(M491*12-(VLOOKUP(N491*12,'Tax table'!$A$3:$C$10,3)*(N491*12-VLOOKUP(N491*12,'Tax table'!$A$3:$C$10,1))+VLOOKUP(N491*12,'Tax table'!$A$3:$C$10,2)))/12","v":{"v":17851.387003333333,"d":"17,851"}},{"v":14536.953,"d":"14,537"},{"$f":"(VLOOKUP(P491*12,'Tax table'!$A$3:$C$10,3)*(P491*12-VLOOKUP(P491*12,'Tax table'!$A$3:$C$10,1))+VLOOKUP(P491*12,'Tax table'!$A$3:$C$10,2))/12","v":{"v":1431.6515399999998,"d":"1,432"}},{"v":14720.51846,"d":"14,721"},{"v":12512.440691,"d":"12,512"},{"v":0.7009226055467618,"d":"70.1%"},{"v":37537.322073,"d":"37,537"},{"$f":"IF($B$15=\"Yes\",MIN(S491*2,References!$B$7),0)","v":{"v":25024.881382,"d":"25,025"}},{"$f":"IF(AND(D491<>0,$B$16=\"Yes\"),References!$B$6,0)","v":{"v":100000,"d":"100,000"}},{"v":2208.0777689999995,"d":"2,208"},{"v":12114.1275,"d":"12,114"},{"v":1615.217,"d":"1,615"},{"v":13729.344500000001,"d":"13,729"},{"v":18574.995499999997,"d":"18,575"},{"$f":"(M491*12-(VLOOKUP(AB491*12,'Tax table'!$A$3:$C$10,3)*(AB491*12-VLOOKUP(AB491*12,'Tax table'!$A$3:$C$10,1))+VLOOKUP(AB491*12,'Tax table'!$A$3:$C$10,2)))/12","v":{"v":17851.387003333333,"d":"17,851"}},{"v":13729.344500000001,"d":"13,729"},{"v":0.7690911914820043,"d":"76.9%"}]
["Member 1816","1982-11-21","F",{"v":193826.04,"d":"193,826"},{"v":0.8,"d":"80%"},{"v":0.85,"d":"85%"},{"v":0.75,"d":"75%"},{"v":0.1,"d":"10%"},null,35,{"v":16152.17,"d":"16,152"},{"v":1615.217,"d":"1,615"},{"v":20190.212499999998,"d":"20,190"},{"v":18574.995499999997,"d":"18,575"},{"$f":"(M492*12-(VLOOKUP(N492*12,'Tax table'!$A$3:$C$10,3)*(N492*12-VLOOKUP(N492*12,'Tax table'!$A$3:$C$10,1))+VLOOKUP(N492*12,'Tax table'!$A$3:$C$10,2)))/12","v":{"v":17851.387003333333,"d":"17,851"}},{"v":14536.953,"d":"14,537"},{"$f":"(VLOOKUP(P492*12,'Tax table'!$A$3:$C$10,3)*(P492*12-VLOOKUP(P492*12,'Tax table'!$A$3:$C$10,1))+VLOOKUP(P492*12,'Tax table'!$A$3:$C$10,2))/12","v":{"v":1431.6515399999998,"d":"1,432"}},{"v":14720.51846,"d":"14,721"},{"v":12512.440691,"d":"12,512"},{"v":0.7009226055467618,"d":"70.1%"},{"v":37537.322073,"d":"37,537"},{"$f":"IF($B$15=\"Yes\",MIN(S492*2,References!$B$7),0)","v":{"v":25024.881382,"d":"25,025"}},{"$f":"IF(AND(D492<>0,$B$16=\"Yes\"),References!$B$6,0)","v":{"v":100000,"d":"100,000"}},{"v":2208.0777689999995,"d":"2,208"},{"v":12114.1275,"d":"12,114"},{"v":1615.217,"d":"1,615"},{"v":13729.344500000001,"d":"13,729"},{"v":18574.995499999997,"d":"18,575"},{"$f":"(M492*12-(VLOOKUP(AB492*12,'Tax table'!$A$3:$C$10,3)*(AB492*12-VLOOKUP(AB492*12,'Tax table'!$A$3:$C$10,1))+VLOOKUP(AB492*12,'Tax table'!$A$3:$C$10,2)))/12","v":{"v":17851.387003333333,"d":"17,851"}},{"v":13729.344500000001,"d":"13,729"},{"v":0.7690911914820043,"d":"76.9%"}]
["Member 1817","1968-04-28","F",{"v":193826.04,"d":"193,826"},{"v":0.8,"d":"80%"},{"v":0.85,"d":"85%"},{"v":0.75,"d":"75%"},{"v":0.1,"d":"10%"},null,50,{"v":16152.17,"d":"16,152"},{"v":1615.217,"d":"1,615"},{"v":20190.212499999998,"d":"20,190"},{"v":18574.995499999997,"d":"18,575"},{"$f":"(M493*12-(VLOOKUP(N493*12,'Tax table'!$A$3:$C$10,3)*(N493*12-VLOOKUP(N493*12,'Tax table'!$A$3:$C$10,1))+VLOOKUP(N493*12,'Tax table'!$A$3:$C$10,2)))/12","v":{"v":17851.387003333333,"d":"17,851"}},{"v":14536.953,"d":"14,537"},{"$f":"(VLOOKUP(P493*12,'Tax table'!$A$3:$C$10,3)*(P493*12-VLOOKUP(P493*12,'Tax table'!$A$3:$C$10,1))+VLOOKUP(P493*12,'Tax table'!$A$3:$C$10,2))/12","v":{"v":1431.6515399999998,"d":"1,432"}},{"v":14720.51846,"d":"14,721"},{"v":12512.440691,"d":"12,512"},{"v":0.7009226055467618,"d":"70.1%"},{"v":37537.322073,"d":"37,537"},{"$f":"IF($B$15=\"Yes\",MIN(S493*2,References!$B$7),0)","v":{"v":25024.881382,"d":"25,025"}},{"$f":"IF(AND(D493<>0,$B$16=\"Yes\"),References!$B$6,0)","v":{"v":100000,"d":"100,000"}},{"v":2208.0777689999995,"d":"2,208"},{"v":12114.1275,"d":"12,114"},{"v":1615.217,"d":"1,615"},{"v":13729.344500000001,"d":"13,729"},{"v":18574.995499999997,"d":"18,575"},{"$f":"(M493*12-(VLOOKUP(AB493*12,'Tax table'!$A$3:$C$10,3)*(AB493*12-VLOOKUP(AB493*12,'Tax table'!$A$3:$C$10,1))+VLOOKUP(AB493*12,'Tax table'!$A$3:$C$10,2)))/12","v":{"v":17851.387003333333,"d":"17,851"}},{"v":13729.344500000001,"d":"13,729"},{"v":0.7690911914820043,"d":"76.9%"}]
["Member 1818","1987-11-10","F",{"v":193826.04,"d":"193,826"},{"v":0.8,"d":"80%"},{"v":0.85,"d":"85%"},{"v":0.75,"d":"75%"},{"v":0.1,"d":"10%"},null,30,{"v":16152.17,"d":"16,152"},{"v":1615.217,"d":"1,615"},{"v":20190.212499999998,"d":"20,190"},{"v":18574.995499999997,"d":"18,575"},{"$f":"(M494*12-(VLOOKUP(N494*12,'Tax table'!$A$3:$C$10,3)*(N494*12-VLOOKUP(N494*12,'Tax table'!$A$3:$C$10,1))+VLOOKUP(N494*12,'Tax table'!$A$3:$C$10,2)))/12","v":{"v":17851.387003333333,"d":"17,851"}},{"v":14536.953,"d":"14,537"},{"$f":"(VLOOKUP(P494*12,'Tax table'!$A$3:$C$10,3)*(P494*12-VLOOKUP(P494*12,'Tax table'!$A$3:$C$10,1))+VLOOKUP(P494*12,'Tax table'!$A$3:$C$10,2))/12","v":{"v":1431.6515399999998,"d":"1,432"}},{"v":14720.51846,"d":"14,721"},{"v":12512.440691,"d":"12,512"},{"v":0.7009226055467618,"d":"70.1%"},{"v":37537.322073,"d":"37,537"},{"$f":"IF($B$15=\"Yes\",MIN(S494*2,References!$B$7),0)","v":{"v":25024.881382,"d":"25,025"}},{"$f":"IF(AND(D494<>0,$B$16=\"Yes\"),References!$B$6,0)","v":{"v":100000,"d":"100,000"}},{"v":2208.0777689999995,"d":"2,208"},{"v":12114.1275,"d":"12,114"},{"v":1615.217,"d":"1,615"},{"v":13729.344500000001,"d":"13,729"},{"v":18574.995499999997,"d":"18,575"},{"$f":"(M494*12-(VLOOKUP(AB494*12,'Tax table'!$A$3:$C$10,3)*(AB494*12-VLOOKUP(AB494*12,'Tax table'!$A$3:$C$10,1))+VLOOKUP(AB494*12,'Tax table'!$A$3:$C$10,2)))/12","v":{"v":17851.387003333333,"d":"17,851"}},{"v":13729.344500000001,"d":"13,729"},{"v":0.7690911914820043,"d":"76.9%"}]
["Member 1819","1980-02-21","M",{"v":193826.04,"d":"193,826"},{"v":0.8,"d":"80%"},{"v":0.85,"d":"85%"},{"v":0.75,"d":"75%"},{"v":0.1,"d":"10%"},null,38,{"v":16152.17,"d":"16,152"},{"v":1615.217,"d":"1,615"},{"v":20190.212499999998,"d":"20,190"},{"v":18574.995499999997,"d":"18,575"},{"$f":"(M495*12-(VLOOKUP(N495*12,'Tax table'!$A$3:$C$10,3)*(N495*12-VLOOKUP(N495*12,'Tax table'!$A$3:$C$10,1))+VLOOKUP(N495*12,'Tax table'!$A$3:$C$10,2)))/12","v":{"v":17851.387003333333,"d":"17,851"}},{"v":14536.953,"d":"14,537"},{"$f":"(VLOOKUP(P495*12,'Tax table'!$A$3:$C$10,3)*(P495*12-VLOOKUP(P495*12,'Tax table'!$A$3:$C$10,1))+VLOOKUP(P495*12,'Tax table'!$A$3:$C$10,2))/12","v":{"v":1431.6515399999998,"d":"1,432"}},{"v":14720.51846,"d":"14,721"},{"v":12512.440691,"d":"12,512"},{"v":0.7009226055467618,"d":"70.1%"},{"v":37537.322073,"d":"37,537"},{"$f":"IF($B$15=\"Yes\",MIN(S495*2,References!$B$7),0)","v":{"v":25024.881382,"d":"25,025"}},{"$f":"IF(AND(D495<>0,$B$16=\"Yes\"),References!$B$6,0)","v":{"v":100000,"d":"100,000"}},{"v":2208.0777689999995,"d":"2,208"},{"v":12114.1275,"d":"12,114"},{"v":1615.217,"d":"1,615"},{"v":13729.344500000001,"d":"13,729"},{"v":18574.995499999997,"d":"18,575"},{"$f":"(M495*12-(VLOOKUP(AB495*12,'Tax table'!$A$3:$C$10,3)*(AB495*12-VLOOKUP(AB495*12,'Tax table'!$A$3:$C$10,1))+VLOOKUP(AB495*12,'Tax table'!$A$3:$C$10,2)))/12","v":{"v":17851.387003333333,"d":"17,851"}},{"v":13729.344500000001,"d":"13,729"},{"v":0.7690911914820043,"d":"76.9%"}]
["Member 1820","1983-04-04","M",{"v":193826.04,"d":"193,826"},{"v":0.8,"d":"80%"},{"v":0.85,"d":"85%"},{"v":0.75,"d":"75%"},{"v":0.1,"d":"10%"},null,35,{"v":16152.17,"d":"16,152"},{"v":1615.217,"d":"1,615"},{"v":20190.212499999998,"d":"20,190"},{"v":18574.995499999997,"d":"18,575"},{"$f":"(M496*12-(VLOOKUP(N496*12,'Tax table'!$A$3:$C$10,3)*(N496*12-VLOOKUP(N496*12,'Tax table'!$A$3:$C$10,1))+VLOOKUP(N496*12,'Tax table'!$A$3:$C$10,2)))/12","v":{"v":17851.387003333333,"d":"17,851"}},{"v":14536.953,"d":"14,537"},{"$f":"(VLOOKUP(P496*12,'Tax table'!$A$3:$C$10,3)*(P496*12-VLOOKUP(P496*12,'Tax table'!$A$3:$C$10,1))+VLOOKUP(P496*12,'Tax table'!$A$3:$C$10,2))/12","v":{"v":1431.6515399999998,"d":"1,432"}},{"v":14720.51846,"d":"14,721"},{"v":12512.440691,"d":"12,512"},{"v":0.7009226055467618,"d":"70.1%"},{"v":37537.322073,"d":"37,537"},{"$f":"IF($B$15=\"Yes\",MIN(S496*2,References!$B$7),0)","v":{"v":25024.881382,"d":"25,025"}},{"$f":"IF(AND(D496<>0,$B$16=\"Yes\"),References!$B$6,0)","v":{"v":100000,"d":"100,000"}},{"v":2208.0777689999995,"d":"2,208"},{"v":12114.1275,"d":"12,114"},{"v":1615.217,"d":"1,615"},{"v":13729.344500000001,"d":"13,729"},{"v":18574.995499999997,"d":"18,575"},{"$f":"(M496*12-(VLOOKUP(AB496*12,'Tax table'!$A$3:$C$10,3)*(AB496*12-VLOOKUP(AB496*12,'Tax table'!$A$3:$C$10,1))+VLOOKUP(AB496*12,'Tax table'!$A$3:$C$10,2)))/12","v":{"v":17851.387003333333,"d":"17,851"}},{"v":13729.344500000001,"d":"13,729"},{"v":0.7690911914820043,"d":"76.9%"}]
["Member 1821","1980-06-19","M",{"v":193826.04,"d":"193,826"},{"v":0.8,"d":"80%"},{"v":0.85,"d":"85%"},{"v":0.75,"d":"75%"},{"v":0.1,"d":"10%"},null,38,{"v":16152.17,"d":"16,152"},{"v":1615.217,"d":"1,615"},{"v":20190.212499999998,"d":"20,190"},{"v":18574.995499999997,"d":"18,575"},{"$f":"(M497*12-(VLOOKUP(N497*12,'Tax table'!$A$3:$C$10,3)*(N497*12-VLOOKUP(N497*12,'Tax table'!$A$3:$C$10,1))+VLOOKUP(N497*12,'Tax table'!$A$3:$C$10,2)))/12","v":{"v":17851.387003333333,"d":"17,851"}},{"v":14536.953,"d":"14,537"},{"$f":"(VLOOKUP(P497*12,'Tax table'!$A$3:$C$10,3)*(P497*12-VLOOKUP(P497*12,'Tax table'!$A$3:$C$10,1))+VLOOKUP(P497*12,'Tax table'!$A$3:$C$10,2))/12","v":{"v":1431.6515399999998,"d":"1,432"}},{"v":14720.51846,"d":"14,721"},{"v":12512.440691,"d":"12,512"},{"v":0.7009226055467618,"d":"70.1%"},{"v":37537.322073,"d":"37,537"},{"$f":"IF($B$15=\"Yes\",MIN(S497*2,References!$B$7),0)","v":{"v":25024.881382,"d":"25,025"}},{"$f":"IF(AND(D497<>0,$B$16=\"Yes\"),References!$B$6,0)","v":{"v":100000,"d":"100,000"}},{"v":2208.0777689999995,"d":"2,208"},{"v":12114.1275,"d":"12,114"},{"v":1615.217,"d":"1,615"},{"v":13729.344500000001,"d":"13,729"},{"v":18574.995499999997,"d":"18,575"},{"$f":"(M497*12-(VLOOKUP(AB497*12,'Tax table'!$A$3:$C$10,3)*(AB497*12-VLOOKUP(AB497*12,'Tax table'!$A$3:$C$10,1))+VLOOKUP(AB497*12,'Tax table'!$A$3:$C$10,2)))/12","v":{"v":17851.387003333333,"d":"17,851"}},{"v":13729.344500000001,"d":"13,729"},{"v":0.7690911914820043,"d":"76.9%"}]
["Member 1805","1986-02-18","M",{"v":193826.4,"d":"193,826"},{"v":0.8,"d":"80%"},{"v":0.85,"d":"85%"},{"v":0.75,"d":"75%"},{"v":0.1,"d":"10%"},null,32,{"v":16152.199999999999,"d":"16,152"},{"v":1615.22,"d":"1,615"},{"v":20190.249999999996,"d":"20,190"},{"v":18575.029999999995,"d":"18,575"},{"$f":"(M498*12-(VLOOKUP(N498*12,'Tax table'!$A$3:$C$10,3)*(N498*12-VLOOKUP(N498*12,'Tax table'!$A$3:$C$10,1))+VLOOKUP(N498*12,'Tax table'!$A$3:$C$10,2)))/12","v":{"v":17851.41553333333,"d":"17,851"}},{"v":14536.98,"d":"14,537"},{"$f":"(VLOOKUP(P498*12,'Tax table'!$A$3:$C$10,3)*(P498*12-VLOOKUP(P498*12,'Tax table'!$A$3:$C$10,1))+VLOOKUP(P498*12,'Tax table'!$A$3:$C$10,2))/12","v":{"v":1431.6564,"d":"1,432"}},{"v":14720.543599999999,"d":"14,721"},{"v":12512.462059999998,"d":"12,512"},{"v":0.7009226823853779,"d":"70.1%"},{"v":37537.386179999994,"d":"37,537"},{"$f":"IF($B$15=\"Yes\",MIN(S498*2,References!$B$7),0)","v":{"v":25024.924119999996,"d":"25,025"}},{"$f":"IF(AND(D498<>0,$B$16=\"Yes\"),References!$B$6,0)","v":{"v":100000,"d":"100,000"}},{"v":2208.081540000001,"d":"2,208"},{"v":12114.15,"d":"12,114"},{"v":1615.22,"d":"1,615"},{"v":13729.369999999999,"d":"13,729"},{"v":18575.029999999995,"d":"18,575"},{"$f":"(M498*12-(VLOOKUP(AB498*12,'Tax table'!$A$3:$C$10,3)*(AB498*12-VLOOKUP(AB498*12,'Tax table'!$A$3:$C$10,1))+VLOOKUP(AB498*12,'Tax table'!$A$3:$C$10,2)))/12","v":{"v":17851.41553333333,"d":"17,851"}},{"v":13729.369999999999,"d":"13,729"},{"v":0.7690913907843119,"d":"76.9%"}]
["Member 1806","1982-02-12","M",{"v":193826.4,"d":"193,826"},{"v":0.8,"d":"80%"},{"v":0.85,"d":"85%"},{"v":0.75,"d":"75%"},{"v":0.1,"d":"10%"},null,36,{"v":16152.199999999999,"d":"16,152"},{"v":1615.22,"d":"1,615"},{"v":20190.249999999996,"d":"20,190"},{"v":18575.029999999995,"d":"18,575"},{"$f":"(M499*12-(VLOOKUP(N499*12,'Tax table'!$A$3:$C$10,3)*(N499*12-VLOOKUP(N499*12,'Tax table'!$A$3:$C$10,1))+VLOOKUP(N499*12,'Tax table'!$A$3:$C$10,2)))/12","v":{"v":17851.41553333333,"d":"17,851"}},{"v":14536.98,"d":"14,537"},{"$f":"(VLOOKUP(P499*12,'Tax table'!$A$3:$C$10,3)*(P499*12-VLOOKUP(P499*12,'Tax table'!$A$3:$C$10,1))+VLOOKUP(P499*12,'Tax table'!$A$3:$C$10,2))/12","v":{"v":1431.6564,"d":"1,432"}},{"v":14720.543599999999,"d":"14,721"},{"v":12512.462059999998,"d":"12,512"},{"v":0.7009226823853779,"d":"70.1%"},{"v":37537.386179999994,"d":"37,537"},{"$f":"IF($B$15=\"Yes\",MIN(S499*2,References!$B$7),0)","v":{"v":25024.924119999996,"d":"25,025"}},{"$f":"IF(AND(D499<>0,$B$16=\"Yes\"),References!$B$6,0)","v":{"v":100000,"d":"100,000"}},{"v":2208.081540000001,"d":"2,208"},{"v":12114.15,"d":"12,114"},{"v":1615.22,"d":"1,615"},{"v":13729.369999999999,"d":"13,729"},{"v":18575.029999999995,"d":"18,575"},{"$f":"(M499*12-(VLOOKUP(AB499*12,'Tax table'!$A$3:$C$10,3)*(AB499*12-VLOOKUP(AB499*12,'Tax table'!$A$3:$C$10,1))+VLOOKUP(AB499*12,'Tax table'!$A$3:$C$10,2)))/12","v":{"v":17851.41553333333,"d":"17,851"}},{"v":13729.369999999999,"d":"13,729"},{"v":0.7690913907843119,"d":"76.9%"}]
["Member 1807","1980-06-30","F",{"v":193826.4,"d":"193,826"},{"v":0.8,"d":"80%"},{"v":0.85,"d":"85%"},{"v":0.75,"d":"75%"},{"v":0.1,"d":"10%"},null,38,{"v":16152.199999999999,"d":"16,152"},{"v":1615.22,"d":"1,615"},{"v":20190.249999999996,"d":"20,190"},{"v":18575.029999999995,"d":"18,575"},{"$f":"(M500*12-(VLOOKUP(N500*12,'Tax table'!$A$3:$C$10,3)*(N500*12-VLOOKUP(N500*12,'Tax table'!$A$3:$C$10,1))+VLOOKUP(N500*12,'Tax table'!$A$3:$C$10,2)))/12","v":{"v":17851.41553333333,"d":"17,851"}},{"v":14536.98,"d":"14,537"},{"$f":"(VLOOKUP(P500*12,'Tax table'!$A$3:$C$10,3)*(P500*12-VLOOKUP(P500*12,'Tax table'!$A$3:$C$10,1))+VLOOKUP(P500*12,'Tax table'!$A$3:$C$10,2))/12","v":{"v":1431.6564,"d":"1,432"}},{"v":14720.543599999999,"d":"14,721"},{"v":12512.462059999998,"d":"12,512"},{"v":0.7009226823853779,"d":"70.1%"},{"v":37537.386179999994,"d":"37,537"},{"$f":"IF($B$15=\"Yes\",MIN(S500*2,References!$B$7),0)","v":{"v":25024.924119999996,"d":"25,025"}},{"$f":"IF(AND(D500<>0,$B$16=\"Yes\"),References!$B$6,0)","v":{"v":100000,"d":"100,000"}},{"v":2208.081540000001,"d":"2,208"},{"v":12114.15,"d":"12,114"},{"v":1615.22,"d":"1,615"},{"v":13729.369999999999,"d":"13,729"},{"v":18575.029999999995,"d":"18,575"},{"$f":"(M500*12-(VLOOKUP(AB500*12,'Tax table'!$A$3:$C$10,3)*(AB500*12-VLOOKUP(AB500*12,'Tax table'!$A$3:$C$10,1))+VLOOKUP(AB500*12,'Tax table'!$A$3:$C$10,2)))/12","v":{"v":17851.41553333333,"d":"17,851"}},{"v":13729.369999999999,"d":"13,729"},{"v":0.7690913907843119,"d":"76.9%"}]
["Member 1808","1991-01-25","M",{"v":193826.4,"d":"193,826"},{"v":0.8,"d":"80%"},{"v":0.85,"d":"85%"},{"v":0.75,"d":"75%"},{"v":0.1,"d":"10%"},null,27,{"v":16152.199999999999,"d":"16,152"},{"v":1615.22,"d":"1,615"},{"v":20190.249999999996,"d":"20,190"},{"v":18575.029999999995,"d":"18,575"},{"$f":"(M501*12-(VLOOKUP(N501*12,'Tax table'!$A$3:$C$10,3)*(N501*12-VLOOKUP(N501*12,'Tax table'!$A$3:$C$10,1))+VLOOKUP(N501*12,'Tax table'!$A$3:$C$10,2)))/12","v":{"v":17851.41553333333,"d":"17,851"}},{"v":14536.98,"d":"14,537"},{"$f":"(VLOOKUP(P501*12,'Tax table'!$A$3:$C$10,3)*(P501*12-VLOOKUP(P501*12,'Tax table'!$A$3:$C$10,1))+VLOOKUP(P501*12,'Tax table'!$A$3:$C$10,2))/12","v":{"v":1431.6564,"d":"1,432"}},{"v":14720.543599999999,"d":"14,721"},{"v":12512.462059999998,"d":"12,512"},{"v":0.7009226823853779,"d":"70.1%"},{"v":37537.386179999994,"d":"37,537"},{"$f":"IF($B$15=\"Yes\",MIN(S501*2,References!$B$7),0)","v":{"v":25024.924119999996,"d":"25,025"}},{"$f":"IF(AND(D501<>0,$B$16=\"Yes\"),References!$B$6,0)","v":{"v":100000,"d":"100,000"}},{"v":2208.081540000001,"d":"2,208"},{"v":12114.15,"d":"12,114"},{"v":1615.22,"d":"1,615"},{"v":13729.369999999999,"d":"13,729"},{"v":18575.029999999995,"d":"18,575"},{"$f":"(M501*12-(VLOOKUP(AB501*12,'Tax table'!$A$3:$C$10,3)*(AB501*12-VLOOKUP(AB501*12,'Tax table'!$A$3:$C$10,1))+VLOOKUP(AB501*12,'Tax table'!$A$3:$C$10,2)))/12","v":{"v":17851.41553333333,"d":"17,851"}},{"v":13729.369999999999,"d":"13,729"},{"v":0.7690913907843119,"d":"76.9%"}]
["Member 1809","1993-04-16","M",{"v":193826.4,"d":"193,826"},{"v":0.8,"d":"80%"},{"v":0.85,"d":"85%"},{"v":0.75,"d":"75%"},{"v":0.1,"d":"10%"},null,25,{"v":16152.199999999999,"d":"16,152"},{"v":1615.22,"d":"1,615"},{"v":20190.249999999996,"d":"20,190"},{"v":18575.029999999995,"d":"18,575"},{"$f":"(M502*12-(VLOOKUP(N502*12,'Tax table'!$A$3:$C$10,3)*(N502*12-VLOOKUP(N502*12,'Tax table'!$A$3:$C$10,1))+VLOOKUP(N502*12,'Tax table'!$A$3:$C$10,2)))/12","v":{"v":17851.41553333333,"d":"17,851"}},{"v":14536.98,"d":"14,537"},{"$f":"(VLOOKUP(P502*12,'Tax table'!$A$3:$C$10,3)*(P502*12-VLOOKUP(P502*12,'Tax table'!$A$3:$C$10,1))+VLOOKUP(P502*12,'Tax table'!$A$3:$C$10,2))/12","v":{"v":1431.6564,"d":"1,432"}},{"v":14720.543599999999,"d":"14,721"},{"v":12512.462059999998,"d":"12,512"},{"v":0.7009226823853779,"d":"70.1%"},{"v":37537.386179999994,"d":"37,537"},{"$f":"IF($B$15=\"Yes\",MIN(S502*2,References!$B$7),0)","v":{"v":25024.924119999996,"d":"25,025"}},{"$f":"IF(AND(D502<>0,$B$16=\"Yes\"),References!$B$6,0)","v":{"v":100000,"d":"100,000"}},{"v":2208.081540000001,"d":"2,208"},{"v":12114.15,"d":"12,114"},{"v":1615.22,"d":"1,615"},{"v":13729.369999999999,"d":"13,729"},{"v":18575.029999999995,"d":"18,575"},{"$f":"(M502*12-(VLOOKUP(AB502*12,'Tax table'!$A$3:$C$10,3)*(AB502*12-VLOOKUP(AB502*12,'Tax table'!$A$3:$C$10,1))+VLOOKUP(AB502*12,'Tax table'!$A$3:$C$10,2)))/12","v":{"v":17851.41553333333,"d":"17,851"}},{"v":13729.369999999999,"d":"13,729"},{"v":0.7690913907843119,"d":"76.9%"}]
["Member 1810","1987-11-13","F",{"v":193826.4,"d":"193,826"},{"v":0.8,"d":"80%"},{"v":0.85,"d":"85%"},{"v":0.75,"d":"75%"},{"v":0.1,"d":"10%"},null,30,{"v":16152.199999999999,"d":"16,152"},{"v":1615.22,"d":"1,615"},{"v":20190.249999999996,"d":"20,190"},{"v":18575.029999999995,"d":"18,575"},{"$f":"(M503*12-(VLOOKUP(N503*12,'Tax table'!$A$3:$C$10,3)*(N503*12-VLOOKUP(N503*12,'Tax table'!$A$3:$C$10,1))+VLOOKUP(N503*12,'Tax table'!$A$3:$C$10,2)))/12","v":{"v":17851.41553333333,"d":"17,851"}},{"v":14536.98,"d":"14,537"},{"$f":"(VLOOKUP(P503*12,'Tax table'!$A$3:$C$10,3)*(P503*12-VLOOKUP(P503*12,'Tax table'!$A$3:$C$10,1))+VLOOKUP(P503*12,'Tax table'!$A$3:$C$10,2))/12","v":{"v":1431.6564,"d":"1,432"}},{"v":14720.543599999999,"d":"14,721"},{"v":12512.462059999998,"d":"12,512"},{"v":0.7009226823853779,"d":"70.1%"},{"v":37537.386179999994,"d":"37,537"},{"$f":"IF($B$15=\"Yes\",MIN(S503*2,References!$B$7),0)","v":{"v":25024.924119999996,"d":"25,025"}},{"$f":"IF(AND(D503<>0,$B$16=\"Yes\"),References!$B$6,0)","v":{"v":100000,"d":"100,000"}},{"v":2208.081540000001,"d":"2,208"},{"v":12114.15,"d":"12,114"},{"v":1615.22,"d":"1,615"},{"v":13729.369999999999,"d":"13,729"},{"v":18575.029999999995,"d":"18,575"},{"$f":"(M503*12-(VLOOKUP(AB503*12,'Tax table'!$A$3:$C$10,3)*(AB503*12-VLOOKUP(AB503*12,'Tax table'!$A$3:$C$10,1))+VLOOKUP(AB503*12,'Tax table'!$A$3:$C$10,2)))/12","v":{"v":17851.41553333333,"d":"17,851"}},{"v":13729.369999999999,"d":"13,729"},{"v":0.7690913907843119,"d":"76.9%"}]
["Member 1811","1978-06-26","F",{"v":193826.4,"d":"193,826"},{"v":0.8,"d":"80%"},{"v":0.85,"d":"85%"},{"v":0.75,"d":"75%"},{"v":0.1,"d":"10%"},null,40,{"v":16152.199999999999,"d":"16,152"},{"v":1615.22,"d":"1,615"},{"v":20190.249999999996,"d":"20,190"},{"v":18575.029999999995,"d":"18,575"},{"$f":"(M504*12-(VLOOKUP(N504*12,'Tax table'!$A$3:$C$10,3)*(N504*12-VLOOKUP(N504*12,'Tax table'!$A$3:$C$10,1))+VLOOKUP(N504*12,'Tax table'!$A$3:$C$10,2)))/12","v":{"v":17851.41553333333,"d":"17,851"}},{"v":14536.98,"d":"14,537"},{"$f":"(VLOOKUP(P504*12,'Tax table'!$A$3:$C$10,3)*(P504*12-VLOOKUP(P504*12,'Tax table'!$A$3:$C$10,1))+VLOOKUP(P504*12,'Tax table'!$A$3:$C$10,2))/12","v":{"v":1431.6564,"d":"1,432"}},{"v":14720.543599999999,"d":"14,721"},{"v":12512.462059999998,"d":"12,512"},{"v":0.7009226823853779,"d":"70.1%"},{"v":37537.386179999994,"d":"37,537"},{"$f":"IF($B$15=\"Yes\",MIN(S504*2,References!$B$7),0)","v":{"v":25024.924119999996,"d":"25,025"}},{"$f":"IF(AND(D504<>0,$B$16=\"Yes\"),References!$B$6,0)","v":{"v":100000,"d":"100,000"}},{"v":2208.081540000001,"d":"2,208"},{"v":12114.15,"d":"12,114"},{"v":1615.22,"d":"1,615"},{"v":13729.369999999999,"d":"13,729"},{"v":18575.029999999995,"d":"18,575"},{"$f":"(M504*12-(VLOOKUP(AB504*12,'Tax table'!$A$3:$C$10,3)*(AB504*12-VLOOKUP(AB504*12,'Tax table'!$A$3:$C$10,1))+VLOOKUP(AB504*12,'Tax table'!$A$3:$C$10,2)))/12","v":{"v":17851.41553333333,"d":"17,851"}},{"v":13729.369999999999,"d":"13,729"},{"v":0.7690913907843119,"d":"76.9%"}]
["Member 1798","1978-05-07","M",{"v":193830.12,"d":"193,830"},{"v":0.8,"d":"80%"},{"v":0.85,"d":"85%"},{"v":0.75,"d":"75%"},{"v":0.1,"d":"10%"},null,40,{"v":16152.51,"d":"16,153"},{"v":1615.2510000000002,"d":"1,615"},{"v":20190.6375,"d":"20,191"},{"v":18575.3865,"d":"18,575"},{"$f":"(M505*12-(VLOOKUP(N505*12,'Tax table'!$A$3:$C$10,3)*(N505*12-VLOOKUP(N505*12,'Tax table'!$A$3:$C$10,1))+VLOOKUP(N505*12,'Tax table'!$A$3:$C$10,2)))/12","v":{"v":17851.710343333336,"d":"17,852"}},{"v":14537.259,"d":"14,537"},{"$f":"(VLOOKUP(P505*12,'Tax table'!$A$3:$C$10,3)*(P505*12-VLOOKUP(P505*12,'Tax table'!$A$3:$C$10,1))+VLOOKUP(P505*12,'Tax table'!$A$3:$C$10,2))/12","v":{"v":1431.70662,"d":"1,432"}},{"v":14720.803380000001,"d":"14,721"},{"v":12512.682873000002,"d":"12,513"},{"v":0.7009234763700287,"d":"70.1%"},{"v":37538.04861900001,"d":"37,538"},{"$f":"IF($B$15=\"Yes\",MIN(S505*2,References!$B$7),0)","v":{"v":25025.365746000003,"d":"25,025"}},{"$f":"IF(AND(D505<>0,$B$16=\"Yes\"),References!$B$6,0)","v":{"v":100000,"d":"100,000"}},{"v":2208.1205069999996,"d":"2,208"},{"v":12114.3825,"d":"12,114"},{"v":1615.2510000000002,"d":"1,615"},{"v":13729.6335,"d":"13,730"},{"v":18575.3865,"d":"18,575"},{"$f":"(M505*12-(VLOOKUP(AB505*12,'Tax table'!$A$3:$C$10,3)*(AB505*12-VLOOKUP(AB505*12,'Tax table'!$A$3:$C$10,1))+VLOOKUP(AB505*12,'Tax table'!$A$3:$C$10,2)))/12","v":{"v":17851.710343333336,"d":"17,852"}},{"v":13729.6335,"d":"13,730"},{"v":0.7690934502041866,"d":"76.9%"}]
["Member 1799","1978-06-16","M",{"v":193830.12,"d":"193,830"},{"v":0.8,"d":"80%"},{"v":0.85,"d":"85%"},{"v":0.75,"d":"75%"},{"v":0.1,"d":"10%"},null,40,{"v":16152.51,"d":"16,153"},{"v":1615.2510000000002,"d":"1,615"},{"v":20190.6375,"d":"20,191"},{"v":18575.3865,"d":"18,575"},{"$f":"(M506*12-(VLOOKUP(N506*12,'Tax table'!$A$3:$C$10,3)*(N506*12-VLOOKUP(N506*12,'Tax table'!$A$3:$C$10,1))+VLOOKUP(N506*12,'Tax table'!$A$3:$C$10,2)))/12","v":{"v":17851.710343333336,"d":"17,852"}},{"v":14537.259,"d":"14,537"},{"$f":"(VLOOKUP(P506*12,'Tax table'!$A$3:$C$10,3)*(P506*12-VLOOKUP(P506*12,'Tax table'!$A$3:$C$10,1))+VLOOKUP(P506*12,'Tax table'!$A$3:$C$10,2))/12","v":{"v":1431.70662,"d":"1,432"}},{"v":14720.803380000001,"d":"14,721"},{"v":12512.682873000002,"d":"12,513"},{"v":0.7009234763700287,"d":"70.1%"},{"v":37538.04861900001,"d":"37,538"},{"$f":"IF($B$15=\"Yes\",MIN(S506*2,References!$B$7),0)","v":{"v":25025.365746000003,"d":"25,025"}},{"$f":"IF(AND(D506<>0,$B$16=\"Yes\"),References!$B$6,0)","v":{"v":100000,"d":"100,000"}},{"v":2208.1205069999996,"d":"2,208"},{"v":12114.3825,"d":"12,114"},{"v":1615.2510000000002,"d":"1,615"},{"v":13729.6335,"d":"13,730"},{"v":18575.3865,"d":"18,575"},{"$f":"(M506*12-(VLOOKUP(AB506*12,'Tax table'!$A$3:$C$10,3)*(AB506*12-VLOOKUP(AB506*12,'Tax table'!$A$3:$C$10,1))+VLOOKUP(AB506*12,'Tax table'!$A$3:$C$10,2)))/12","v":{"v":17851.710343333336,"d":"17,852"}},{"v":13729.6335,"d":"13,730"},{"v":0.7690934502041866,"d":"76.9%"}]
["Member 1800","1984-08-30","M",{"v":193830.12,"d":"193,830"},{"v":0.8,"d":"80%"},{"v":0.85,"d":"85%"},{"v":0.75,"d":"75%"},{"v":0.1,"d":"10%"},null,34,{"v":16152.51,"d":"16,153"},{"v":1615.2510000000002,"d":"1,615"},{"v":20190.6375,"d":"20,191"},{"v":18575.3865,"d":"18,575"},{"$f":"(M507*12-(VLOOKUP(N507*12,'Tax table'!$A$3:$C$10,3)*(N507*12-VLOOKUP(N507*12,'Tax table'!$A$3:$C$10,1))+VLOOKUP(N507*12,'Tax table'!$A$3:$C$10,2)))/12","v":{"v":17851.710343333336,"d":"17,852"}},{"v":14537.259,"d":"14,537"},{"$f":"(VLOOKUP(P507*12,'Tax table'!$A$3:$C$10,3)*(P507*12-VLOOKUP(P507*12,'Tax table'!$A$3:$C$10,1))+VLOOKUP(P507*12,'Tax table'!$A$3:$C$10,2))/12","v":{"v":1431.70662,"d":"1,432"}},{"v":14720.803380000001,"d":"14,721"},{"v":12512.682873000002,"d":"12,513"},{"v":0.7009234763700287,"d":"70.1%"},{"v":37538.04861900001,"d":"37,538"},{"$f":"IF($B$15=\"Yes\",MIN(S507*2,References!$B$7),0)","v":{"v":25025.365746000003,"d":"25,025"}},{"$f":"IF(AND(D507<>0,$B$16=\"Yes\"),References!$B$6,0)","v":{"v":100000,"d":"100,000"}},{"v":2208.1205069999996,"d":"2,208"},{"v":12114.3825,"d":"12,114"},{"v":1615.2510000000002,"d":"1,615"},{"v":13729.6335,"d":"13,730"},{"v":18575.3865,"d":"18,575"},{"$f":"(M507*12-(VLOOKUP(AB507*12,'Tax table'!$A$3:$C$10,3)*(AB507*12-VLOOKUP(AB507*12,'Tax table'!$A$3:$C$10,1))+VLOOKUP(AB507*12,'Tax table'!$A$3:$C$10,2)))/12","v":{"v":17851.710343333336,"d":"17,852"}},{"v":13729.6335,"d":"13,730"},{"v":0.7690934502041866,"d":"76.9%"}]
["Member 1801","1992-10-23","F",{"v":193830.12,"d":"193,830"},{"v":0.8,"d":"80%"},{"v":0.85,"d":"85%"},{"v":0.75,"d":"75%"},{"v":0.1,"d":"10%"},null,26,{"v":16152.51,"d":"16,153"},{"v":1615.2510000000002,"d":"1,615"},{"v":20190.6375,"d":"20,191"},{"v":18575.3865,"d":"18,575"},{"$f":"(M508*12-(VLOOKUP(N508*12,'Tax table'!$A$3:$C$10,3)*(N508*12-VLOOKUP(N508*12,'Tax table'!$A$3:$C$10,1))+VLOOKUP(N508*12,'Tax table'!$A$3:$C$10,2)))/12","v":{"v":17851.710343333336,"d":"17,852"}},{"v":14537.259,"d":"14,537"},{"$f":"(VLOOKUP(P508*12,'Tax table'!$A$3:$C$10,3)*(P508*12-VLOOKUP(P508*12,'Tax table'!$A$3:$C$10,1))+VLOOKUP(P508*12,'Tax table'!$A$3:$C$10,2))/12","v":{"v":1431.70662,"d":"1,432"}},{"v":14720.803380000001,"d":"14,721"},{"v":12512.682873000002,"d":"12,513"},{"v":0.7009234763700287,"d":"70.1%"},{"v":37538.04861900001,"d":"37,538"},{"$f":"IF($B$15=\"Yes\",MIN(S508*2,References!$B$7),0)","v":{"v":25025.365746000003,"d":"25,025"}},{"$f":"IF(AND(D508<>0,$B$16=\"Yes\"),References!$B$6,0)","v":{"v":100000,"d":"100,000"}},{"v":2208.1205069999996,"d":"2,208"},{"v":12114.3825,"d":"12,114"},{"v":1615.2510000000002,"d":"1,615"},{"v":13729.6335,"d":"13,730"},{"v":18575.3865,"d":"18,575"},{"$f":"(M508*12-(VLOOKUP(AB508*12,'Tax table'!$A$3:$C$10,3)*(AB508*12-VLOOKUP(AB508*12,'Tax table'!$A$3:$C$10,1))+VLOOKUP(AB508*12,'Tax table'!$A$3:$C$10,2)))/12","v":{"v":17851.710343333336,"d":"17,852"}},{"v":13729.6335,"d":"13,730"},{"v":0.7690934502041866,"d":"76.9%"}]
["Member 1802","1977-04-13","F",{"v":193830.12,"d":"193,830"},{"v":0.8,"d":"80%"},{"v":0.85,"d":"85%"},{"v":0.75,"d":"75%"},{"v":0.1,"d":"10%"},null,41,{"v":16152.51,"d":"16,153"},{"v":1615.2510000000002,"d":"1,615"},{"v":20190.6375,"d":"20,191"},{"v":18575.3865,"d":"18,575"},{"$f":"(M509*12-(VLOOKUP(N509*12,'Tax table'!$A$3:$C$10,3)*(N509*12-VLOOKUP(N509*12,'Tax table'!$A$3:$C$10,1))+VLOOKUP(N509*12,'Tax table'!$A$3:$C$10,2)))/12","v":{"v":17851.710343333336,"d":"17,852"}},{"v":14537.259,"d":"14,537"},{"$f":"(VLOOKUP(P509*12,'Tax table'!$A$3:$C$10,3)*(P509*12-VLOOKUP(P509*12,'Tax table'!$A$3:$C$10,1))+VLOOKUP(P509*12,'Tax table'!$A$3:$C$10,2))/12","v":{"v":1431.70662,"d":"1,432"}},{"v":14720.803380000001,"d":"14,721"},{"v":12512.682873000002,"d":"12,513"},{"v":0.7009234763700287,"d":"70.1%"},{"v":37538.04861900001,"d":"37,538"},{"$f":"IF($B$15=\"Yes\",MIN(S509*2,References!$B$7),0)","v":{"v":25025.365746000003,"d":"25,025"}},{"$f":"IF(AND(D509<>0,$B$16=\"Yes\"),References!$B$6,0)","v":{"v":100000,"d":"100,000"}},{"v":2208.1205069999996,"d":"2,208"},{"v":12114.3825,"d":"12,114"},{"v":1615.2510000000002,"d":"1,615"},{"v":13729.6335,"d":"13,730"},{"v":18575.3865,"d":"18,575"},{"$f":"(M509*12-(VLOOKUP(AB509*12,'Tax table'!$A$3:$C$10,3)*(AB509*12-VLOOKUP(AB509*12,'Tax table'!$A$3:$C$10,1))+VLOOKUP(AB509*12,'Tax table'!$A$3:$C$10,2)))/12","v":{"v":17851.710343333336,"d":"17,852"}},{"v":13729.6335,"d":"13,730"},{"v":0.7690934502041866,"d":"76.9%"}]
["Member 1803","1980-08-01","F",{"v":193830.12,"d":"193,830"},{"v":0.8,"d":"80%"},{"v":0.85,"d":"85%"},{"v":0.75,"d":"75%"},{"v":0.1,"d":"10%"},null,38,{"v":16152.51,"d":"16,153"},{"v":1615.2510000000002,"d":"1,615"},{"v":20190.6375,"d":"20,191"},{"v":18575.3865,"d":"18,575"},{"$f":"(M510*12-(VLOOKUP(N510*12,'Tax table'!$A$3:$C$10,3)*(N510*12-VLOOKUP(N510*12,'Tax table'!$A$3:$C$10,1))+VLOOKUP(N510*12,'Tax table'!$A$3:$C$10,2)))/12","v":{"v":17851.710343333336,"d":"17,852"}},{"v":14537.259,"d":"14,537"},{"$f":"(VLOOKUP(P510*12,'Tax table'!$A$3:$C$10,3)*(P510*12-VLOOKUP(P510*12,'Tax table'!$A$3:$C$10,1))+VLOOKUP(P510*12,'Tax table'!$A$3:$C$10,2))/12","v":{"v":1431.70662,"d":"1,432"}},{"v":14720.803380000001,"d":"14,721"},{"v":12512.682873000002,"d":"12,513"},{"v":0.7009234763700287,"d":"70.1%"},{"v":37538.04861900001,"d":"37,538"},{"$f":"IF($B$15=\"Yes\",MIN(S510*2,References!$B$7),0)","v":{"v":25025.365746000003,"d":"25,025"}},{"$f":"IF(AND(D510<>0,$B$16=\"Yes\"),References!$B$6,0)","v":{"v":100000,"d":"100,000"}},{"v":2208.1205069999996,"d":"2,208"},{"v":12114.3825,"d":"12,114"},{"v":1615.2510000000002,"d":"1,615"},{"v":13729.6335,"d":"13,730"},{"v":18575.3865,"d":"18,575"},{"$f":"(M510*12-(VLOOKUP(AB510*12,'Tax table'!$A$3:$C$10,3)*(AB510*12-VLOOKUP(AB510*12,'Tax table'!$A$3:$C$10,1))+VLOOKUP(AB510*12,'Tax table'!$A$3:$C$10,2)))/12","v":{"v":17851.710343333336,"d":"17,852"}},{"v":13729.6335,"d":"13,730"},{"v":0.7690934502041866,"d":"76.9%"}]
["Member 1804","1981-05-10","M",{"v":193830.12,"d":"193,830"},{"v":0.8,"d":"80%"},{"v":0.85,"d":"85%"},{"v":0.75,"d":"75%"},{"v":0.1,"d":"10%"},null,37,{"v":16152.51,"d":"16,153"},{"v":1615.2510000000002,"d":"1,615"},{"v":20190.6375,"d":"20,191"},{"v":18575.3865,"d":"18,575"},{"$f":"(M511*12-(VLOOKUP(N511*12,'Tax table'!$A$3:$C$10,3)*(N511*12-VLOOKUP(N511*12,'Tax table'!$A$3:$C$10,1))+VLOOKUP(N511*12,'Tax table'!$A$3:$C$10,2)))/12","v":{"v":17851.710343333336,"d":"17,852"}},{"v":14537.259,"d":"14,537"},{"$f":"(VLOOKUP(P511*12,'Tax table'!$A$3:$C$10,3)*(P511*12-VLOOKUP(P511*12,'Tax table'!$A$3:$C$10,1))+VLOOKUP(P511*12,'Tax table'!$A$3:$C$10,2))/12","v":{"v":1431.70662,"d":"1,432"}},{"v":14720.803380000001,"d":"14,721"},{"v":12512.682873000002,"d":"12,513"},{"v":0.7009234763700287,"d":"70.1%"},{"v":37538.04861900001,"d":"37,538"},{"$f":"IF($B$15=\"Yes\",MIN(S511*2,References!$B$7),0)","v":{"v":25025.365746000003,"d":"25,025"}},{"$f":"IF(AND(D511<>0,$B$16=\"Yes\"),References!$B$6,0)","v":{"v":100000,"d":"100,000"}},{"v":2208.1205069999996,"d":"2,208"},{"v":12114.3825,"d":"12,114"},{"v":1615.2510000000002,"d":"1,615"},{"v":13729.6335,"d":"13,730"},{"v":18575.3865,"d":"18,575"},{"$f":"(M511*12-(VLOOKUP(AB511*12,'Tax table'!$A$3:$C$10,3)*(AB511*12-VLOOKUP(AB511*12,'Tax table'!$A$3:$C$10,1))+VLOOKUP(AB511*12,'Tax table'!$A$3:$C$10,2)))/12","v":{"v":17851.710343333336,"d":"17,852"}},{"v":13729.6335,"d":"13,730"},{"v":0.7690934502041866,"d":"76.9%"}]
["Member 1790","1986-06-22","F",{"v":194276.4,"d":"194,276"},{"v":0.8,"d":"80%"},{"v":0.85,"d":"85%"},{"v":0.75,"d":"75%"},{"v":0.1,"d":"10%"},null,32,{"v":16189.699999999999,"d":"16,190"},{"v":1618.97,"d":"1,619"},{"v":20237.124999999996,"d":"20,237"},{"v":18618.154999999995,"d":"18,618"},{"$f":"(M512*12-(VLOOKUP(N512*12,'Tax table'!$A$3:$C$10,3)*(N512*12-VLOOKUP(N512*12,'Tax table'!$A$3:$C$10,1))+VLOOKUP(N512*12,'Tax table'!$A$3:$C$10,2)))/12","v":{"v":17887.078033333328,"d":"17,887"}},{"v":14570.73,"d":"14,571"},{"$f":"(VLOOKUP(P512*12,'Tax table'!$A$3:$C$10,3)*(P512*12-VLOOKUP(P512*12,'Tax table'!$A$3:$C$10,1))+VLOOKUP(P512*12,'Tax table'!$A$3:$C$10,2))/12","v":{"v":1437.7314,"d":"1,438"}},{"v":14751.968599999998,"d":"14,752"},{"v":12539.173309999998,"d":"12,539"},{"v":0.701018539005237,"d":"70.1%"},{"v":37617.519929999995,"d":"37,618"},{"$f":"IF($B$15=\"Yes\",MIN(S512*2,References!$B$7),0)","v":{"v":25078.346619999997,"d":"25,078"}},{"$f":"IF(AND(D512<>0,$B$16=\"Yes\"),References!$B$6,0)","v":{"v":100000,"d":"100,000"}},{"v":2212.79529,"d":"2,213"},{"v":12142.275,"d":"12,142"},{"v":1618.97,"d":"1,619"},{"v":13761.244999999999,"d":"13,761"},{"v":18618.154999999995,"d":"18,618"},{"$f":"(M512*12-(VLOOKUP(AB512*12,'Tax table'!$A$3:$C$10,3)*(AB512*12-VLOOKUP(AB512*12,'Tax table'!$A$3:$C$10,1))+VLOOKUP(AB512*12,'Tax table'!$A$3:$C$10,2)))/12","v":{"v":17887.078033333328,"d":"17,887"}},{"v":13761.244999999999,"d":"13,761"},{"v":0.7693400215706185,"d":"76.9%"}]
["Member 1791","1987-09-26","M",{"v":194276.4,"d":"194,276"},{"v":0.8,"d":"80%"},{"v":0.85,"d":"85%"},{"v":0.75,"d":"75%"},{"v":0.1,"d":"10%"},null,31,{"v":16189.699999999999,"d":"16,190"},{"v":1618.97,"d":"1,619"},{"v":20237.124999999996,"d":"20,237"},{"v":18618.154999999995,"d":"18,618"},{"$f":"(M513*12-(VLOOKUP(N513*12,'Tax table'!$A$3:$C$10,3)*(N513*12-VLOOKUP(N513*12,'Tax table'!$A$3:$C$10,1))+VLOOKUP(N513*12,'Tax table'!$A$3:$C$10,2)))/12","v":{"v":17887.078033333328,"d":"17,887"}},{"v":14570.73,"d":"14,571"},{"$f":"(VLOOKUP(P513*12,'Tax table'!$A$3:$C$10,3)*(P513*12-VLOOKUP(P513*12,'Tax table'!$A$3:$C$10,1))+VLOOKUP(P513*12,'Tax table'!$A$3:$C$10,2))/12","v":{"v":1437.7314,"d":"1,438"}},{"v":14751.968599999998,"d":"14,752"},{"v":12539.173309999998,"d":"12,539"},{"v":0.701018539005237,"d":"70.1%"},{"v":37617.519929999995,"d":"37,618"},{"$f":"IF($B$15=\"Yes\",MIN(S513*2,References!$B$7),0)","v":{"v":25078.346619999997,"d":"25,078"}},{"$f":"IF(AND(D513<>0,$B$16=\"Yes\"),References!$B$6,0)","v":{"v":100000,"d":"100,000"}},{"v":2212.79529,"d":"2,213"},{"v":12142.275,"d":"12,142"},{"v":1618.97,"d":"1,619"},{"v":13761.244999999999,"d":"13,761"},{"v":18618.154999999995,"d":"18,618"},{"$f":"(M513*12-(VLOOKUP(AB513*12,'Tax table'!$A$3:$C$10,3)*(AB513*12-VLOOKUP(AB513*12,'Tax table'!$A$3:$C$10,1))+VLOOKUP(AB513*12,'Tax table'!$A$3:$C$10,2)))/12","v":{"v":17887.078033333328,"d":"17,887"}},{"v":13761.244999999999,"d":"13,761"},{"v":0.7693400215706185,"d":"76.9%"}]
["Member 1792","1987-06-14","F",{"v":194276.4,"d":"194,276"},{"v":0.8,"d":"80%"},{"v":0.85,"d":"85%"},{"v":0.75,"d":"75%"},{"v":0.1,"d":"10%"},null,31,{"v":16189.699999999999,"d":"16,190"},{"v":1618.97,"d":"1,619"},{"v":20237.124999999996,"d":"20,237"},{"v":18618.154999999995,"d":"18,618"},{"$f":"(M514*12-(VLOOKUP(N514*12,'Tax table'!$A$3:$C$10,3)*(N514*12-VLOOKUP(N514*12,'Tax table'!$A$3:$C$10,1))+VLOOKUP(N514*12,'Tax table'!$A$3:$C$10,2)))/12","v":{"v":17887.078033333328,"d":"17,887"}},{"v":14570.73,"d":"14,571"},{"$f":"(VLOOKUP(P514*12,'Tax table'!$A$3:$C$10,3)*(P514*12-VLOOKUP(P514*12,'Tax table'!$A$3:$C$10,1))+VLOOKUP(P514*12,'Tax table'!$A$3:$C$10,2))/12","v":{"v":1437.7314,"d":"1,438"}},{"v":14751.968599999998,"d":"14,752"},{"v":12539.173309999998,"d":"12,539"},{"v":0.701018539005237,"d":"70.1%"},{"v":37617.519929999995,"d":"37,618"},{"$f":"IF($B$15=\"Yes\",MIN(S514*2,References!$B$7),0)","v":{"v":25078.346619999997,"d":"25,078"}},{"$f":"IF(AND(D514<>0,$B$16=\"Yes\"),References!$B$6,0)","v":{"v":100000,"d":"100,000"}},{"v":2212.79529,"d":"2,213"},{"v":12142.275,"d":"12,142"},{"v":1618.97,"d":"1,619"},{"v":13761.244999999999,"d":"13,761"},{"v":18618.154999999995,"d":"18,618"},{"$f":"(M514*12-(VLOOKUP(AB514*12,'Tax table'!$A$3:$C$10,3)*(AB514*12-VLOOKUP(AB514*12,'Tax table'!$A$3:$C$10,1))+VLOOKUP(AB514*12,'Tax table'!$A$3:$C$10,2)))/12","v":{"v":17887.078033333328,"d":"17,887"}},{"v":13761.244999999999,"d":"13,761"},{"v":0.7693400215706185,"d":"76.9%"}]
["Member 1793","1987-06-29","F",{"v":194276.4,"d":"194,276"},{"v":0.8,"d":"80%"},{"v":0.85,"d":"85%"},{"v":0.75,"d":"75%"},{"v":0.1,"d":"10%"},null,31,{"v":16189.699999999999,"d":"16,190"},{"v":1618.97,"d":"1,619"},{"v":20237.124999999996,"d":"20,237"},{"v":18618.154999999995,"d":"18,618"},{"$f":"(M515*12-(VLOOKUP(N515*12,'Tax table'!$A$3:$C$10,3)*(N515*12-VLOOKUP(N515*12,'Tax table'!$A$3:$C$10,1))+VLOOKUP(N515*12,'Tax table'!$A$3:$C$10,2)))/12","v":{"v":17887.078033333328,"d":"17,887"}},{"v":14570.73,"d":"14,571"},{"$f":"(VLOOKUP(P515*12,'Tax table'!$A$3:$C$10,3)*(P515*12-VLOOKUP(P515*12,'Tax table'!$A$3:$C$10,1))+VLOOKUP(P515*12,'Tax table'!$A$3:$C$10,2))/12","v":{"v":1437.7314,"d":"1,438"}},{"v":14751.968599999998,"d":"14,752"},{"v":12539.173309999998,"d":"12,539"},{"v":0.701018539005237,"d":"70.1%"},{"v":37617.519929999995,"d":"37,618"},{"$f":"IF($B$15=\"Yes\",MIN(S515*2,References!$B$7),0)","v":{"v":25078.346619999997,"d":"25,078"}},{"$f":"IF(AND(D515<>0,$B$16=\"Yes\"),References!$B$6,0)","v":{"v":100000,"d":"100,000"}},{"v":2212.79529,"d":"2,213"},{"v":12142.275,"d":"12,142"},{"v":1618.97,"d":"1,619"},{"v":13761.244999999999,"d":"13,761"},{"v":18618.154999999995,"d":"18,618"},{"$f":"(M515*12-(VLOOKUP(AB515*12,'Tax table'!$A$3:$C$10,3)*(AB515*12-VLOOKUP(AB515*12,'Tax table'!$A$3:$C$10,1))+VLOOKUP(AB515*12,'Tax table'!$A$3:$C$10,2)))/12","v":{"v":17887.078033333328,"d":"17,887"}},{"v":13761.244999999999,"d":"13,761"},{"v":0.7693400215706185,"d":"76.9%"}]
["Member 1794","1984-10-23","F",{"v":194276.4,"d":"194,276"},{"v":0.8,"d":"80%"},{"v":0.85,"d":"85%"},{"v":0.75,"d":"75%"},{"v":0.1,"d":"10%"},null,34,{"v":16189.699999999999,"d":"16,190"},{"v":1618.97,"d":"1,619"},{"v":20237.124999999996,"d":"20,237"},{"v":18618.154999999995,"d":"18,618"},{"$f":"(M516*12-(VLOOKUP(N516*12,'Tax table'!$A$3:$C$10,3)*(N516*12-VLOOKUP(N516*12,'Tax table'!$A$3:$C$10,1))+VLOOKUP(N516*12,'Tax table'!$A$3:$C$10,2)))/12","v":{"v":17887.078033333328,"d":"17,887"}},{"v":14570.73,"d":"14,571"},{"$f":"(VLOOKUP(P516*12,'Tax table'!$A$3:$C$10,3)*(P516*12-VLOOKUP(P516*12,'Tax table'!$A$3:$C$10,1))+VLOOKUP(P516*12,'Tax table'!$A$3:$C$10,2))/12","v":{"v":1437.7314,"d":"1,438"}},{"v":14751.968599999998,"d":"14,752"},{"v":12539.173309999998,"d":"12,539"},{"v":0.701018539005237,"d":"70.1%"},{"v":37617.519929999995,"d":"37,618"},{"$f":"IF($B$15=\"Yes\",MIN(S516*2,References!$B$7),0)","v":{"v":25078.346619999997,"d":"25,078"}},{"$f":"IF(AND(D516<>0,$B$16=\"Yes\"),References!$B$6,0)","v":{"v":100000,"d":"100,000"}},{"v":2212.79529,"d":"2,213"},{"v":12142.275,"d":"12,142"},{"v":1618.97,"d":"1,619"},{"v":13761.244999999999,"d":"13,761"},{"v":18618.154999999995,"d":"18,618"},{"$f":"(M516*12-(VLOOKUP(AB516*12,'Tax table'!$A$3:$C$10,3)*(AB516*12-VLOOKUP(AB516*12,'Tax table'!$A$3:$C$10,1))+VLOOKUP(AB516*12,'Tax table'!$A$3:$C$10,2)))/12","v":{"v":17887.078033333328,"d":"17,887"}},{"v":13761.244999999999,"d":"13,761"},{"v":0.7693400215706185,"d":"76.9%"}]
["Member 1795","1988-05-28","M",{"v":194276.4,"d":"194,276"},{"v":0.8,"d":"80%"},{"v":0.85,"d":"85%"},{"v":0.75,"d":"75%"},{"v":0.1,"d":"10%"},null,30,{"v":16189.699999999999,"d":"16,190"},{"v":1618.97,"d":"1,619"},{"v":20237.124999999996,"d":"20,237"},{"v":18618.154999999995,"d":"18,618"},{"$f":"(M517*12-(VLOOKUP(N517*12,'Tax table'!$A$3:$C$10,3)*(N517*12-VLOOKUP(N517*12,'Tax table'!$A$3:$C$10,1))+VLOOKUP(N517*12,'Tax table'!$A$3:$C$10,2)))/12","v":{"v":17887.078033333328,"d":"17,887"}},{"v":14570.73,"d":"14,571"},{"$f":"(VLOOKUP(P517*12,'Tax table'!$A$3:$C$10,3)*(P517*12-VLOOKUP(P517*12,'Tax table'!$A$3:$C$10,1))+VLOOKUP(P517*12,'Tax table'!$A$3:$C$10,2))/12","v":{"v":1437.7314,"d":"1,438"}},{"v":14751.968599999998,"d":"14,752"},{"v":12539.173309999998,"d":"12,539"},{"v":0.701018539005237,"d":"70.1%"},{"v":37617.519929999995,"d":"37,618"},{"$f":"IF($B$15=\"Yes\",MIN(S517*2,References!$B$7),0)","v":{"v":25078.346619999997,"d":"25,078"}},{"$f":"IF(AND(D517<>0,$B$16=\"Yes\"),References!$B$6,0)","v":{"v":100000,"d":"100,000"}},{"v":2212.79529,"d":"2,213"},{"v":12142.275,"d":"12,142"},{"v":1618.97,"d":"1,619"},{"v":13761.244999999999,"d":"13,761"},{"v":18618.154999999995,"d":"18,618"},{"$f":"(M517*12-(VLOOKUP(AB517*12,'Tax table'!$A$3:$C$10,3)*(AB517*12-VLOOKUP(AB517*12,'Tax table'!$A$3:$C$10,1))+VLOOKUP(AB517*12,'Tax table'!$A$3:$C$10,2)))/12","v":{"v":17887.078033333328,"d":"17,887"}},{"v":13761.244999999999,"d":"13,761"},{"v":0.7693400215706185,"d":"76.9%"}]
["Member 1796","1989-01-31","F",{"v":194276.4,"d":"194,276"},{"v":0.8,"d":"80%"},{"v":0.85,"d":"85%"},{"v":0.75,"d":"75%"},{"v":0.1,"d":"10%"},null,29,{"v":16189.699999999999,"d":"16,190"},{"v":1618.97,"d":"1,619"},{"v":20237.124999999996,"d":"20,237"},{"v":18618.154999999995,"d":"18,618"},{"$f":"(M518*12-(VLOOKUP(N518*12,'Tax table'!$A$3:$C$10,3)*(N518*12-VLOOKUP(N518*12,'Tax table'!$A$3:$C$10,1))+VLOOKUP(N518*12,'Tax table'!$A$3:$C$10,2)))/12","v":{"v":17887.078033333328,"d":"17,887"}},{"v":14570.73,"d":"14,571"},{"$f":"(VLOOKUP(P518*12,'Tax table'!$A$3:$C$10,3)*(P518*12-VLOOKUP(P518*12,'Tax table'!$A$3:$C$10,1))+VLOOKUP(P518*12,'Tax table'!$A$3:$C$10,2))/12","v":{"v":1437.7314,"d":"1,438"}},{"v":14751.968599999998,"d":"14,752"},{"v":12539.173309999998,"d":"12,539"},{"v":0.701018539005237,"d":"70.1%"},{"v":37617.519929999995,"d":"37,618"},{"$f":"IF($B$15=\"Yes\",MIN(S518*2,References!$B$7),0)","v":{"v":25078.346619999997,"d":"25,078"}},{"$f":"IF(AND(D518<>0,$B$16=\"Yes\"),References!$B$6,0)","v":{"v":100000,"d":"100,000"}},{"v":2212.79529,"d":"2,213"},{"v":12142.275,"d":"12,142"},{"v":1618.97,"d":"1,619"},{"v":13761.244999999999,"d":"13,761"},{"v":18618.154999999995,"d":"18,618"},{"$f":"(M518*12-(VLOOKUP(AB518*12,'Tax table'!$A$3:$C$10,3)*(AB518*12-VLOOKUP(AB518*12,'Tax table'!$A$3:$C$10,1))+VLOOKUP(AB518*12,'Tax table'!$A$3:$C$10,2)))/12","v":{"v":17887.078033333328,"d":"17,887"}},{"v":13761.244999999999,"d":"13,761"},{"v":0.7693400215706185,"d":"76.9%"}]
["Member 1797","1983-02-07","M",{"v":194276.4,"d":"194,276"},{"v":0.8,"d":"80%"},{"v":0.85,"d":"85%"},{"v":0.75,"d":"75%"},{"v":0.1,"d":"10%"},null,35,{"v":16189.699999999999,"d":"16,190"},{"v":1618.97,"d":"1,619"},{"v":20237.124999999996,"d":"20,237"},{"v":18618.154999999995,"d":"18,618"},{"$f":"(M519*12-(VLOOKUP(N519*12,'Tax table'!$A$3:$C$10,3)*(N519*12-VLOOKUP(N519*12,'Tax table'!$A$3:$C$10,1))+VLOOKUP(N519*12,'Tax table'!$A$3:$C$10,2)))/12","v":{"v":17887.078033333328,"d":"17,887"}},{"v":14570.73,"d":"14,571"},{"$f":"(VLOOKUP(P519*12,'Tax table'!$A$3:$C$10,3)*(P519*12-VLOOKUP(P519*12,'Tax table'!$A$3:$C$10,1))+VLOOKUP(P519*12,'Tax table'!$A$3:$C$10,2))/12","v":{"v":1437.7314,"d":"1,438"}},{"v":14751.968599999998,"d":"14,752"},{"v":12539.173309999998,"d":"12,539"},{"v":0.701018539005237,"d":"70.1%"},{"v":37617.519929999995,"d":"37,618"},{"$f":"IF($B$15=\"Yes\",MIN(S519*2,References!$B$7),0)","v":{"v":25078.346619999997,"d":"25,078"}},{"$f":"IF(AND(D519<>0,$B$16=\"Yes\"),References!$B$6,0)","v":{"v":100000,"d":"100,000"}},{"v":2212.79529,"d":"2,213"},{"v":12142.275,"d":"12,142"},{"v":1618.97,"d":"1,619"},{"v":13761.244999999999,"d":"13,761"},{"v":18618.154999999995,"d":"18,618"},{"$f":"(M519*12-(VLOOKUP(AB519*12,'Tax table'!$A$3:$C$10,3)*(AB519*12-VLOOKUP(AB519*12,'Tax table'!$A$3:$C$10,1))+VLOOKUP(AB519*12,'Tax table'!$A$3:$C$10,2)))/12","v":{"v":17887.078033333328,"d":"17,887"}},{"v":13761.244999999999,"d":"13,761"},{"v":0.7693400215706185,"d":"76.9%"}]
["Member 1789","1982-06-19","M",{"v":194753.04,"d":"194,753"},{"v":0.8,"d":"80%"},{"v":0.85,"d":"85%"},{"v":0.75,"d":"75%"},{"v":0.1,"d":"10%"},null,36,{"v":16229.42,"d":"16,229"},{"v":1622.942,"d":"1,623"},{"v":20286.774999999998,"d":"20,287"},{"v":18663.833,"d":"18,664"},{"$f":"(M520*12-(VLOOKUP(N520*12,'Tax table'!$A$3:$C$10,3)*(N520*12-VLOOKUP(N520*12,'Tax table'!$A$3:$C$10,1))+VLOOKUP(N520*12,'Tax table'!$A$3:$C$10,2)))/12","v":{"v":17924.851753333332,"d":"17,925"}},{"v":14606.478,"d":"14,606"},{"$f":"(VLOOKUP(P520*12,'Tax table'!$A$3:$C$10,3)*(P520*12-VLOOKUP(P520*12,'Tax table'!$A$3:$C$10,1))+VLOOKUP(P520*12,'Tax table'!$A$3:$C$10,2))/12","v":{"v":1444.1660399999994,"d":"1,444"}},{"v":14785.25396,"d":"14,785"},{"v":12567.465866,"d":"12,567"},{"v":0.7011196543738742,"d":"70.1%"},{"v":37702.397598,"d":"37,702"},{"$f":"IF($B$15=\"Yes\",MIN(S520*2,References!$B$7),0)","v":{"v":25134.931732,"d":"25,135"}},{"$f":"IF(AND(D520<>0,$B$16=\"Yes\"),References!$B$6,0)","v":{"v":100000,"d":"100,000"}},{"v":2217.7880939999995,"d":"2,218"},{"v":12172.065,"d":"12,172"},{"v":1622.942,"d":"1,623"},{"v":13795.007000000001,"d":"13,795"},{"v":18663.833,"d":"18,664"},{"$f":"(M520*12-(VLOOKUP(AB520*12,'Tax table'!$A$3:$C$10,3)*(AB520*12-VLOOKUP(AB520*12,'Tax table'!$A$3:$C$10,1))+VLOOKUP(AB520*12,'Tax table'!$A$3:$C$10,2)))/12","v":{"v":17924.851753333332,"d":"17,925"}},{"v":13795.007000000001,"d":"13,795"},{"v":0.7696022923835151,"d":"77.0%"}]
["Member 1787","1976-01-21","F",{"v":194892.36,"d":"194,892"},{"v":0.8,"d":"80%"},{"v":0.85,"d":"85%"},{"v":0.75,"d":"75%"},{"v":0.1,"d":"10%"},null,42,{"v":16241.029999999999,"d":"16,241"},{"v":1624.103,"d":"1,624"},{"v":20301.2875,"d":"20,301"},{"v":18677.1845,"d":"18,677"},{"$f":"(M521*12-(VLOOKUP(N521*12,'Tax table'!$A$3:$C$10,3)*(N521*12-VLOOKUP(N521*12,'Tax table'!$A$3:$C$10,1))+VLOOKUP(N521*12,'Tax table'!$A$3:$C$10,2)))/12","v":{"v":17935.89286333333,"d":"17,936"}},{"v":14616.927,"d":"14,617"},{"$f":"(VLOOKUP(P521*12,'Tax table'!$A$3:$C$10,3)*(P521*12-VLOOKUP(P521*12,'Tax table'!$A$3:$C$10,1))+VLOOKUP(P521*12,'Tax table'!$A$3:$C$10,2))/12","v":{"v":1446.0468600000002,"d":"1,446"}},{"v":14794.983139999998,"d":"14,795"},{"v":12575.735668999998,"d":"12,576"},{"v":0.7011491295595772,"d":"70.1%"},{"v":37727.20700699999,"d":"37,727"},{"$f":"IF($B$15=\"Yes\",MIN(S521*2,References!$B$7),0)","v":{"v":25151.471337999996,"d":"25,151"}},{"$f":"IF(AND(D521<>0,$B$16=\"Yes\"),References!$B$6,0)","v":{"v":100000,"d":"100,000"}},{"v":2219.2474710000006,"d":"2,219"},{"v":12180.7725,"d":"12,181"},{"v":1624.103,"d":"1,624"},{"v":13804.875499999998,"d":"13,805"},{"v":18677.1845,"d":"18,677"},{"$f":"(M521*12-(VLOOKUP(AB521*12,'Tax table'!$A$3:$C$10,3)*(AB521*12-VLOOKUP(AB521*12,'Tax table'!$A$3:$C$10,1))+VLOOKUP(AB521*12,'Tax table'!$A$3:$C$10,2)))/12","v":{"v":17935.89286333333,"d":"17,936"}},{"v":13804.875499999998,"d":"13,805"},{"v":0.769678744470065,"d":"77.0%"}]
["Member 1788","1983-01-06","F",{"v":194892.36,"d":"194,892"},{"v":0.8,"d":"80%"},{"v":0.85,"d":"85%"},{"v":0.75,"d":"75%"},{"v":0.1,"d":"10%"},null,35,{"v":16241.029999999999,"d":"16,241"},{"v":1624.103,"d":"1,624"},{"v":20301.2875,"d":"20,301"},{"v":18677.1845,"d":"18,677"},{"$f":"(M522*12-(VLOOKUP(N522*12,'Tax table'!$A$3:$C$10,3)*(N522*12-VLOOKUP(N522*12,'Tax table'!$A$3:$C$10,1))+VLOOKUP(N522*12,'Tax table'!$A$3:$C$10,2)))/12","v":{"v":17935.89286333333,"d":"17,936"}},{"v":14616.927,"d":"14,617"},{"$f":"(VLOOKUP(P522*12,'Tax table'!$A$3:$C$10,3)*(P522*12-VLOOKUP(P522*12,'Tax table'!$A$3:$C$10,1))+VLOOKUP(P522*12,'Tax table'!$A$3:$C$10,2))/12","v":{"v":1446.0468600000002,"d":"1,446"}},{"v":14794.983139999998,"d":"14,795"},{"v":12575.735668999998,"d":"12,576"},{"v":0.7011491295595772,"d":"70.1%"},{"v":37727.20700699999,"d":"37,727"},{"$f":"IF($B$15=\"Yes\",MIN(S522*2,References!$B$7),0)","v":{"v":25151.471337999996,"d":"25,151"}},{"$f":"IF(AND(D522<>0,$B$16=\"Yes\"),References!$B$6,0)","v":{"v":100000,"d":"100,000"}},{"v":2219.2474710000006,"d":"2,219"},{"v":12180.7725,"d":"12,181"},{"v":1624.103,"d":"1,624"},{"v":13804.875499999998,"d":"13,805"},{"v":18677.1845,"d":"18,677"},{"$f":"(M522*12-(VLOOKUP(AB522*12,'Tax table'!$A$3:$C$10,3)*(AB522*12-VLOOKUP(AB522*12,'Tax table'!$A$3:$C$10,1))+VLOOKUP(AB522*12,'Tax table'!$A$3:$C$10,2)))/12","v":{"v":17935.89286333333,"d":"17,936"}},{"v":13804.875499999998,"d":"13,805"},{"v":0.769678744470065,"d":"77.0%"}]
["Member 1786","1958-01-12","M",{"v":195095.76,"d":"195,096"},{"v":0.8,"d":"80%"},{"v":0.85,"d":"85%"},{"v":0.75,"d":"75%"},{"v":0.1,"d":"10%"},null,60,{"v":16257.980000000001,"d":"16,258"},{"v":1625.7980000000002,"d":"1,626"},{"v":20322.475000000002,"d":"20,322"},{"v":18696.677000000003,"d":"18,697"},{"$f":"(M523*12-(VLOOKUP(N523*12,'Tax table'!$A$3:$C$10,3)*(N523*12-VLOOKUP(N523*12,'Tax table'!$A$3:$C$10,1))+VLOOKUP(N523*12,'Tax table'!$A$3:$C$10,2)))/12","v":{"v":17952.012313333333,"d":"17,952"}},{"v":14632.182,"d":"14,632"},{"$f":"(VLOOKUP(P523*12,'Tax table'!$A$3:$C$10,3)*(P523*12-VLOOKUP(P523*12,'Tax table'!$A$3:$C$10,1))+VLOOKUP(P523*12,'Tax table'!$A$3:$C$10,2))/12","v":{"v":1448.79276,"d":"1,449"}},{"v":14809.187240000001,"d":"14,809"},{"v":12587.809154,"d":"12,588"},{"v":0.701192096701648,"d":"70.1%"},{"v":37763.427462,"d":"37,763"},{"$f":"IF($B$15=\"Yes\",MIN(S523*2,References!$B$7),0)","v":{"v":25175.618308,"d":"25,176"}},{"$f":"IF(AND(D523<>0,$B$16=\"Yes\"),References!$B$6,0)","v":{"v":100000,"d":"100,000"}},{"v":2221.3780860000006,"d":"2,221"},{"v":12193.485,"d":"12,193"},{"v":1625.7980000000002,"d":"1,626"},{"v":13819.283000000001,"d":"13,819"},{"v":18696.677000000003,"d":"18,697"},{"$f":"(M523*12-(VLOOKUP(AB523*12,'Tax table'!$A$3:$C$10,3)*(AB523*12-VLOOKUP(AB523*12,'Tax table'!$A$3:$C$10,1))+VLOOKUP(AB523*12,'Tax table'!$A$3:$C$10,2)))/12","v":{"v":17952.012313333333,"d":"17,952"}},{"v":13819.283000000001,"d":"13,819"},{"v":0.7697901916954532,"d":"77.0%"}]
["Member 1785","1961-07-30","M",{"v":195348.6,"d":"195,349"},{"v":0.8,"d":"80%"},{"v":0.85,"d":"85%"},{"v":0.75,"d":"75%"},{"v":0.1,"d":"10%"},null,57,{"v":16279.050000000001,"d":"16,279"},{"v":1627.9050000000002,"d":"1,628"},{"v":20348.8125,"d":"20,349"},{"v":18720.9075,"d":"18,721"},{"$f":"(M524*12-(VLOOKUP(N524*12,'Tax table'!$A$3:$C$10,3)*(N524*12-VLOOKUP(N524*12,'Tax table'!$A$3:$C$10,1))+VLOOKUP(N524*12,'Tax table'!$A$3:$C$10,2)))/12","v":{"v":17972.049883333333,"d":"17,972"}},{"v":14651.145,"d":"14,651"},{"$f":"(VLOOKUP(P524*12,'Tax table'!$A$3:$C$10,3)*(P524*12-VLOOKUP(P524*12,'Tax table'!$A$3:$C$10,1))+VLOOKUP(P524*12,'Tax table'!$A$3:$C$10,2))/12","v":{"v":1452.2060999999997,"d":"1,452"}},{"v":14826.843900000002,"d":"14,827"},{"v":12602.817315,"d":"12,603"},{"v":0.7012454003194941,"d":"70.1%"},{"v":37808.451945,"d":"37,808"},{"$f":"IF($B$15=\"Yes\",MIN(S524*2,References!$B$7),0)","v":{"v":25205.63463,"d":"25,206"}},{"$f":"IF(AND(D524<>0,$B$16=\"Yes\"),References!$B$6,0)","v":{"v":100000,"d":"100,000"}},{"v":2224.0265850000014,"d":"2,224"},{"v":12209.2875,"d":"12,209"},{"v":1627.9050000000002,"d":"1,628"},{"v":13837.192500000001,"d":"13,837"},{"v":18720.9075,"d":"18,721"},{"$f":"(M524*12-(VLOOKUP(AB524*12,'Tax table'!$A$3:$C$10,3)*(AB524*12-VLOOKUP(AB524*12,'Tax table'!$A$3:$C$10,1))+VLOOKUP(AB524*12,'Tax table'!$A$3:$C$10,2)))/12","v":{"v":17972.049883333333,"d":"17,972"}},{"v":13837.192500000001,"d":"13,837"},{"v":0.7699284494437189,"d":"77.0%"}]
["Member 1784","1953-06-01","M",{"v":195633.48,"d":"195,633"},{"v":0.8,"d":"80%"},{"v":0.85,"d":"85%"},{"v":0.75,"d":"75%"},{"v":0.1,"d":"10%"},null,65,{"v":16302.79,"d":"16,303"},{"v":1630.2790000000002,"d":"1,630"},{"v":20378.4875,"d":"20,378"},{"v":18748.2085,"d":"18,748"},{"$f":"(M525*12-(VLOOKUP(N525*12,'Tax table'!$A$3:$C$10,3)*(N525*12-VLOOKUP(N525*12,'Tax table'!$A$3:$C$10,1))+VLOOKUP(N525*12,'Tax table'!$A$3:$C$10,2)))/12","v":{"v":17994.62662333333,"d":"17,995"}},{"v":14672.511,"d":"14,673"},{"$f":"(VLOOKUP(P525*12,'Tax table'!$A$3:$C$10,3)*(P525*12-VLOOKUP(P525*12,'Tax table'!$A$3:$C$10,1))+VLOOKUP(P525*12,'Tax table'!$A$3:$C$10,2))/12","v":{"v":1456.0519800000002,"d":"1,456"}},{"v":14846.73802,"d":"14,847"},{"v":12619.727317,"d":"12,620"},{"v":0.7013053163679547,"d":"70.1%"},{"v":37859.181951000006,"d":"37,859"},{"$f":"IF($B$15=\"Yes\",MIN(S525*2,References!$B$7),0)","v":{"v":25239.454634,"d":"25,239"}},{"$f":"IF(AND(D525<>0,$B$16=\"Yes\"),References!$B$6,0)","v":{"v":100000,"d":"100,000"}},{"v":2227.010703,"d":"2,227"},{"v":12227.0925,"d":"12,227"},{"v":1630.2790000000002,"d":"1,630"},{"v":13857.371500000001,"d":"13,857"},{"v":18748.2085,"d":"18,748"},{"$f":"(M525*12-(VLOOKUP(AB525*12,'Tax table'!$A$3:$C$10,3)*(AB525*12-VLOOKUP(AB525*12,'Tax table'!$A$3:$C$10,1))+VLOOKUP(AB525*12,'Tax table'!$A$3:$C$10,2)))/12","v":{"v":17994.62662333333,"d":"17,995"}},{"v":13857.371500000001,"d":"13,857"},{"v":0.7700838583686632,"d":"77.0%"}]
["Member 1783","1985-07-16","M",{"v":195722.64,"d":"195,723"},{"v":0.8,"d":"80%"},{"v":0.85,"d":"85%"},{"v":0.75,"d":"75%"},{"v":0.1,"d":"10%"},null,33,{"v":16310.220000000001,"d":"16,310"},{"v":1631.0220000000002,"d":"1,631"},{"v":20387.775,"d":"20,388"},{"v":18756.753,"d":"18,757"},{"$f":"(M526*12-(VLOOKUP(N526*12,'Tax table'!$A$3:$C$10,3)*(N526*12-VLOOKUP(N526*12,'Tax table'!$A$3:$C$10,1))+VLOOKUP(N526*12,'Tax table'!$A$3:$C$10,2)))/12","v":{"v":18001.692553333334,"d":"18,002"}},{"v":14679.198,"d":"14,679"},{"$f":"(VLOOKUP(P526*12,'Tax table'!$A$3:$C$10,3)*(P526*12-VLOOKUP(P526*12,'Tax table'!$A$3:$C$10,1))+VLOOKUP(P526*12,'Tax table'!$A$3:$C$10,2))/12","v":{"v":1457.2556399999996,"d":"1,457"}},{"v":14852.964360000002,"d":"14,853"},{"v":12625.019706000001,"d":"12,625"},{"v":0.7013240376479074,"d":"70.1%"},{"v":37875.059118000005,"d":"37,875"},{"$f":"IF($B$15=\"Yes\",MIN(S526*2,References!$B$7),0)","v":{"v":25250.039412000002,"d":"25,250"}},{"$f":"IF(AND(D526<>0,$B$16=\"Yes\"),References!$B$6,0)","v":{"v":100000,"d":"100,000"}},{"v":2227.944654000001,"d":"2,228"},{"v":12232.665,"d":"12,233"},{"v":1631.0220000000002,"d":"1,631"},{"v":13863.687000000002,"d":"13,864"},{"v":18756.753,"d":"18,757"},{"$f":"(M526*12-(VLOOKUP(AB526*12,'Tax table'!$A$3:$C$10,3)*(AB526*12-VLOOKUP(AB526*12,'Tax table'!$A$3:$C$10,1))+VLOOKUP(AB526*12,'Tax table'!$A$3:$C$10,2)))/12","v":{"v":18001.692553333334,"d":"18,002"}},{"v":13863.687000000002,"d":"13,864"},{"v":0.7701324172116745,"d":"77.0%"}]
["Member 1779","1973-05-20","F",{"v":195764.16,"d":"195,764"},{"v":0.8,"d":"80%"},{"v":0.85,"d":"85%"},{"v":0.75,"d":"75%"},{"v":0.1,"d":"10%"},null,45,{"v":16313.68,"d":"16,314"},{"v":1631.3680000000002,"d":"1,631"},{"v":20392.1,"d":"20,392"},{"v":18760.732,"d":"18,761"},{"$f":"(M527*12-(VLOOKUP(N527*12,'Tax table'!$A$3:$C$10,3)*(N527*12-VLOOKUP(N527*12,'Tax table'!$A$3:$C$10,1))+VLOOKUP(N527*12,'Tax table'!$A$3:$C$10,2)))/12","v":{"v":18004.983013333334,"d":"18,005"}},{"v":14682.312,"d":"14,682"},{"$f":"(VLOOKUP(P527*12,'Tax table'!$A$3:$C$10,3)*(P527*12-VLOOKUP(P527*12,'Tax table'!$A$3:$C$10,1))+VLOOKUP(P527*12,'Tax table'!$A$3:$C$10,2))/12","v":{"v":1457.81616,"d":"1,458"}},{"v":14855.86384,"d":"14,856"},{"v":12627.484263999999,"d":"12,627"},{"v":0.7013327507528829,"d":"70.1%"},{"v":37882.452792,"d":"37,882"},{"$f":"IF($B$15=\"Yes\",MIN(S527*2,References!$B$7),0)","v":{"v":25254.968527999998,"d":"25,255"}},{"$f":"IF(AND(D527<>0,$B$16=\"Yes\"),References!$B$6,0)","v":{"v":100000,"d":"100,000"}},{"v":2228.379576000001,"d":"2,228"},{"v":12235.26,"d":"12,235"},{"v":1631.3680000000002,"d":"1,631"},{"v":13866.628,"d":"13,867"},{"v":18760.732,"d":"18,761"},{"$f":"(M527*12-(VLOOKUP(AB527*12,'Tax table'!$A$3:$C$10,3)*(AB527*12-VLOOKUP(AB527*12,'Tax table'!$A$3:$C$10,1))+VLOOKUP(AB527*12,'Tax table'!$A$3:$C$10,2)))/12","v":{"v":18004.983013333334,"d":"18,005"}},{"v":13866.628,"d":"13,867"},{"v":0.7701550170711778,"d":"77.0%"}]
["Member 1780","1977-09-24","M",{"v":195764.16,"d":"195,764"},{"v":0.8,"d":"80%"},{"v":0.85,"d":"85%"},{"v":0.75,"d":"75%"},{"v":0.1,"d":"10%"},null,41,{"v":16313.68,"d":"16,314"},{"v":1631.3680000000002,"d":"1,631"},{"v":20392.1,"d":"20,392"},{"v":18760.732,"d":"18,761"},{"$f":"(M528*12-(VLOOKUP(N528*12,'Tax table'!$A$3:$C$10,3)*(N528*12-VLOOKUP(N528*12,'Tax table'!$A$3:$C$10,1))+VLOOKUP(N528*12,'Tax table'!$A$3:$C$10,2)))/12","v":{"v":18004.983013333334,"d":"18,005"}},{"v":14682.312,"d":"14,682"},{"$f":"(VLOOKUP(P528*12,'Tax table'!$A$3:$C$10,3)*(P528*12-VLOOKUP(P528*12,'Tax table'!$A$3:$C$10,1))+VLOOKUP(P528*12,'Tax table'!$A$3:$C$10,2))/12","v":{"v":1457.81616,"d":"1,458"}},{"v":14855.86384,"d":"14,856"},{"v":12627.484263999999,"d":"12,627"},{"v":0.7013327507528829,"d":"70.1%"},{"v":37882.452792,"d":"37,882"},{"$f":"IF($B$15=\"Yes\",MIN(S528*2,References!$B$7),0)","v":{"v":25254.968527999998,"d":"25,255"}},{"$f":"IF(AND(D528<>0,$B$16=\"Yes\"),References!$B$6,0)","v":{"v":100000,"d":"100,000"}},{"v":2228.379576000001,"d":"2,228"},{"v":12235.26,"d":"12,235"},{"v":1631.3680000000002,"d":"1,631"},{"v":13866.628,"d":"13,867"},{"v":18760.732,"d":"18,761"},{"$f":"(M528*12-(VLOOKUP(AB528*12,'Tax table'!$A$3:$C$10,3)*(AB528*12-VLOOKUP(AB528*12,'Tax table'!$A$3:$C$10,1))+VLOOKUP(AB528*12,'Tax table'!$A$3:$C$10,2)))/12","v":{"v":18004.983013333334,"d":"18,005"}},{"v":13866.628,"d":"13,867"},{"v":0.7701550170711778,"d":"77.0%"}]
["Member 1781","1987-03-25","M",{"v":195764.16,"d":"195,764"},{"v":0.8,"d":"80%"},{"v":0.85,"d":"85%"},{"v":0.75,"d":"75%"},{"v":0.1,"d":"10%"},null,31,{"v":16313.68,"d":"16,314"},{"v":1631.3680000000002,"d":"1,631"},{"v":20392.1,"d":"20,392"},{"v":18760.732,"d":"18,761"},{"$f":"(M529*12-(VLOOKUP(N529*12,'Tax table'!$A$3:$C$10,3)*(N529*12-VLOOKUP(N529*12,'Tax table'!$A$3:$C$10,1))+VLOOKUP(N529*12,'Tax table'!$A$3:$C$10,2)))/12","v":{"v":18004.983013333334,"d":"18,005"}},{"v":14682.312,"d":"14,682"},{"$f":"(VLOOKUP(P529*12,'Tax table'!$A$3:$C$10,3)*(P529*12-VLOOKUP(P529*12,'Tax table'!$A$3:$C$10,1))+VLOOKUP(P529*12,'Tax table'!$A$3:$C$10,2))/12","v":{"v":1457.81616,"d":"1,458"}},{"v":14855.86384,"d":"14,856"},{"v":12627.484263999999,"d":"12,627"},{"v":0.7013327507528829,"d":"70.1%"},{"v":37882.452792,"d":"37,882"},{"$f":"IF($B$15=\"Yes\",MIN(S529*2,References!$B$7),0)","v":{"v":25254.968527999998,"d":"25,255"}},{"$f":"IF(AND(D529<>0,$B$16=\"Yes\"),References!$B$6,0)","v":{"v":100000,"d":"100,000"}},{"v":2228.379576000001,"d":"2,228"},{"v":12235.26,"d":"12,235"},{"v":1631.3680000000002,"d":"1,631"},{"v":13866.628,"d":"13,867"},{"v":18760.732,"d":"18,761"},{"$f":"(M529*12-(VLOOKUP(AB529*12,'Tax table'!$A$3:$C$10,3)*(AB529*12-VLOOKUP(AB529*12,'Tax table'!$A$3:$C$10,1))+VLOOKUP(AB529*12,'Tax table'!$A$3:$C$10,2)))/12","v":{"v":18004.983013333334,"d":"18,005"}},{"v":13866.628,"d":"13,867"},{"v":0.7701550170711778,"d":"77.0%"}]
["Member 1782","1981-11-05","M",{"v":195764.16,"d":"195,764"},{"v":0.8,"d":"80%"},{"v":0.85,"d":"85%"},{"v":0.75,"d":"75%"},{"v":0.1,"d":"10%"},null,37,{"v":16313.68,"d":"16,314"},{"v":1631.3680000000002,"d":"1,631"},{"v":20392.1,"d":"20,392"},{"v":18760.732,"d":"18,761"},{"$f":"(M530*12-(VLOOKUP(N530*12,'Tax table'!$A$3:$C$10,3)*(N530*12-VLOOKUP(N530*12,'Tax table'!$A$3:$C$10,1))+VLOOKUP(N530*12,'Tax table'!$A$3:$C$10,2)))/12","v":{"v":18004.983013333334,"d":"18,005"}},{"v":14682.312,"d":"14,682"},{"$f":"(VLOOKUP(P530*12,'Tax table'!$A$3:$C$10,3)*(P530*12-VLOOKUP(P530*12,'Tax table'!$A$3:$C$10,1))+VLOOKUP(P530*12,'Tax table'!$A$3:$C$10,2))/12","v":{"v":1457.81616,"d":"1,458"}},{"v":14855.86384,"d":"14,856"},{"v":12627.484263999999,"d":"12,627"},{"v":0.7013327507528829,"d":"70.1%"},{"v":37882.452792,"d":"37,882"},{"$f":"IF($B$15=\"Yes\",MIN(S530*2,References!$B$7),0)","v":{"v":25254.968527999998,"d":"25,255"}},{"$f":"IF(AND(D530<>0,$B$16=\"Yes\"),References!$B$6,0)","v":{"v":100000,"d":"100,000"}},{"v":2228.379576000001,"d":"2,228"},{"v":12235.26,"d":"12,235"},{"v":1631.3680000000002,"d":"1,631"},{"v":13866.628,"d":"13,867"},{"v":18760.732,"d":"18,761"},{"$f":"(M530*12-(VLOOKUP(AB530*12,'Tax table'!$A$3:$C$10,3)*(AB530*12-VLOOKUP(AB530*12,'Tax table'!$A$3:$C$10,1))+VLOOKUP(AB530*12,'Tax table'!$A$3:$C$10,2)))/12","v":{"v":18004.983013333334,"d":"18,005"}},{"v":13866.628,"d":"13,867"},{"v":0.7701550170711778,"d":"77.0%"}]
["Member 1778","1984-02-07","M",{"v":196199.4,"d":"196,199"},{"v":0.8,"d":"80%"},{"v":0.85,"d":"85%"},{"v":0.75,"d":"75%"},{"v":0.1,"d":"10%"},null,34,{"v":16349.949999999999,"d":"16,350"},{"v":1634.995,"d":"1,635"},{"v":20437.437499999996,"d":"20,437"},{"v":18802.442499999997,"d":"18,802"},{"$f":"(M531*12-(VLOOKUP(N531*12,'Tax table'!$A$3:$C$10,3)*(N531*12-VLOOKUP(N531*12,'Tax table'!$A$3:$C$10,1))+VLOOKUP(N531*12,'Tax table'!$A$3:$C$10,2)))/12","v":{"v":18039.475783333328,"d":"18,039"}},{"v":14714.954999999998,"d":"14,715"},{"$f":"(VLOOKUP(P531*12,'Tax table'!$A$3:$C$10,3)*(P531*12-VLOOKUP(P531*12,'Tax table'!$A$3:$C$10,1))+VLOOKUP(P531*12,'Tax table'!$A$3:$C$10,2))/12","v":{"v":1463.6918999999996,"d":"1,464"}},{"v":14886.2581,"d":"14,886"},{"v":12653.319384999999,"d":"12,653"},{"v":0.7014238959587951,"d":"70.1%"},{"v":37959.958155,"d":"37,960"},{"$f":"IF($B$15=\"Yes\",MIN(S531*2,References!$B$7),0)","v":{"v":25306.638769999998,"d":"25,307"}},{"$f":"IF(AND(D531<>0,$B$16=\"Yes\"),References!$B$6,0)","v":{"v":100000,"d":"100,000"}},{"v":2232.9387150000002,"d":"2,233"},{"v":12262.4625,"d":"12,262"},{"v":1634.995,"d":"1,635"},{"v":13897.4575,"d":"13,897"},{"v":18802.442499999997,"d":"18,802"},{"$f":"(M531*12-(VLOOKUP(AB531*12,'Tax table'!$A$3:$C$10,3)*(AB531*12-VLOOKUP(AB531*12,'Tax table'!$A$3:$C$10,1))+VLOOKUP(AB531*12,'Tax table'!$A$3:$C$10,2)))/12","v":{"v":18039.475783333328,"d":"18,039"}},{"v":13897.4575,"d":"13,897"},{"v":0.7703914274959066,"d":"77.0%"}]
["Member 1777","1978-05-12","F",{"v":196231.32,"d":"196,231"},{"v":0.8,"d":"80%"},{"v":0.85,"d":"85%"},{"v":0.75,"d":"75%"},{"v":0.1,"d":"10%"},null,40,{"v":16352.61,"d":"16,353"},{"v":1635.2610000000002,"d":"1,635"},{"v":20440.7625,"d":"20,441"},{"v":18805.501500000002,"d":"18,806"},{"$f":"(M532*12-(VLOOKUP(N532*12,'Tax table'!$A$3:$C$10,3)*(N532*12-VLOOKUP(N532*12,'Tax table'!$A$3:$C$10,1))+VLOOKUP(N532*12,'Tax table'!$A$3:$C$10,2)))/12","v":{"v":18042.005443333335,"d":"18,042"}},{"v":14717.349,"d":"14,717"},{"$f":"(VLOOKUP(P532*12,'Tax table'!$A$3:$C$10,3)*(P532*12-VLOOKUP(P532*12,'Tax table'!$A$3:$C$10,1))+VLOOKUP(P532*12,'Tax table'!$A$3:$C$10,2))/12","v":{"v":1464.1228199999998,"d":"1,464"}},{"v":14888.48718,"d":"14,888"},{"v":12655.214103,"d":"12,655"},{"v":0.7014305667265056,"d":"70.1%"},{"v":37965.642309,"d":"37,966"},{"$f":"IF($B$15=\"Yes\",MIN(S532*2,References!$B$7),0)","v":{"v":25310.428206,"d":"25,310"}},{"$f":"IF(AND(D532<>0,$B$16=\"Yes\"),References!$B$6,0)","v":{"v":100000,"d":"100,000"}},{"v":2233.273077,"d":"2,233"},{"v":12264.4575,"d":"12,264"},{"v":1635.2610000000002,"d":"1,635"},{"v":13899.7185,"d":"13,900"},{"v":18805.501500000002,"d":"18,806"},{"$f":"(M532*12-(VLOOKUP(AB532*12,'Tax table'!$A$3:$C$10,3)*(AB532*12-VLOOKUP(AB532*12,'Tax table'!$A$3:$C$10,1))+VLOOKUP(AB532*12,'Tax table'!$A$3:$C$10,2)))/12","v":{"v":18042.005443333335,"d":"18,042"}},{"v":13899.7185,"d":"13,900"},{"v":0.7704087299860591,"d":"77.0%"}]
["Member 1775","1993-08-25","F",{"v":196756.44,"d":"196,756"},{"v":0.8,"d":"80%"},{"v":0.85,"d":"85%"},{"v":0.75,"d":"75%"},{"v":0.1,"d":"10%"},null,25,{"v":16396.37,"d":"16,396"},{"v":1639.637,"d":"1,640"},{"v":20495.462499999998,"d":"20,495"},{"v":18855.8255,"d":"18,856"},{"$f":"(M533*12-(VLOOKUP(N533*12,'Tax table'!$A$3:$C$10,3)*(N533*12-VLOOKUP(N533*12,'Tax table'!$A$3:$C$10,1))+VLOOKUP(N533*12,'Tax table'!$A$3:$C$10,2)))/12","v":{"v":18083.621203333332,"d":"18,084"}},{"v":14756.732999999998,"d":"14,757"},{"$f":"(VLOOKUP(P533*12,'Tax table'!$A$3:$C$10,3)*(P533*12-VLOOKUP(P533*12,'Tax table'!$A$3:$C$10,1))+VLOOKUP(P533*12,'Tax table'!$A$3:$C$10,2))/12","v":{"v":1471.2119399999995,"d":"1,471"}},{"v":14925.15806,"d":"14,925"},{"v":12686.384350999999,"d":"12,686"},{"v":0.7015400404793667,"d":"70.2%"},{"v":38059.153052999995,"d":"38,059"},{"$f":"IF($B$15=\"Yes\",MIN(S533*2,References!$B$7),0)","v":{"v":25372.768701999998,"d":"25,373"}},{"$f":"IF(AND(D533<>0,$B$16=\"Yes\"),References!$B$6,0)","v":{"v":100000,"d":"100,000"}},{"v":2238.773709000001,"d":"2,239"},{"v":12297.2775,"d":"12,297"},{"v":1639.637,"d":"1,640"},{"v":13936.9145,"d":"13,937"},{"v":18855.8255,"d":"18,856"},{"$f":"(M533*12-(VLOOKUP(AB533*12,'Tax table'!$A$3:$C$10,3)*(AB533*12-VLOOKUP(AB533*12,'Tax table'!$A$3:$C$10,1))+VLOOKUP(AB533*12,'Tax table'!$A$3:$C$10,2)))/12","v":{"v":18083.621203333332,"d":"18,084"}},{"v":13936.9145,"d":"13,937"},{"v":0.7706926805915967,"d":"77.1%"}]
["Member 1776","1979-12-01","M",{"v":196756.44,"d":"196,756"},{"v":0.8,"d":"80%"},{"v":0.85,"d":"85%"},{"v":0.75,"d":"75%"},{"v":0.1,"d":"10%"},null,38,{"v":16396.37,"d":"16,396"},{"v":1639.637,"d":"1,640"},{"v":20495.462499999998,"d":"20,495"},{"v":18855.8255,"d":"18,856"},{"$f":"(M534*12-(VLOOKUP(N534*12,'Tax table'!$A$3:$C$10,3)*(N534*12-VLOOKUP(N534*12,'Tax table'!$A$3:$C$10,1))+VLOOKUP(N534*12,'Tax table'!$A$3:$C$10,2)))/12","v":{"v":18083.621203333332,"d":"18,084"}},{"v":14756.732999999998,"d":"14,757"},{"$f":"(VLOOKUP(P534*12,'Tax table'!$A$3:$C$10,3)*(P534*12-VLOOKUP(P534*12,'Tax table'!$A$3:$C$10,1))+VLOOKUP(P534*12,'Tax table'!$A$3:$C$10,2))/12","v":{"v":1471.2119399999995,"d":"1,471"}},{"v":14925.15806,"d":"14,925"},{"v":12686.384350999999,"d":"12,686"},{"v":0.7015400404793667,"d":"70.2%"},{"v":38059.153052999995,"d":"38,059"},{"$f":"IF($B$15=\"Yes\",MIN(S534*2,References!$B$7),0)","v":{"v":25372.768701999998,"d":"25,373"}},{"$f":"IF(AND(D534<>0,$B$16=\"Yes\"),References!$B$6,0)","v":{"v":100000,"d":"100,000"}},{"v":2238.773709000001,"d":"2,239"},{"v":12297.2775,"d":"12,297"},{"v":1639.637,"d":"1,640"},{"v":13936.9145,"d":"13,937"},{"v":18855.8255,"d":"18,856"},{"$f":"(M534*12-(VLOOKUP(AB534*12,'Tax table'!$A$3:$C$10,3)*(AB534*12-VLOOKUP(AB534*12,'Tax table'!$A$3:$C$10,1))+VLOOKUP(AB534*12,'Tax table'!$A$3:$C$10,2)))/12","v":{"v":18083.621203333332,"d":"18,084"}},{"v":13936.9145,"d":"13,937"},{"v":0.7706926805915967,"d":"77.1%"}]
["Member 1774","1963-02-21","F",{"v":197505.72,"d":"197,506"},{"v":0.8,"d":"80%"},{"v":0.85,"d":"85%"},{"v":0.75,"d":"75%"},{"v":0.1,"d":"10%"},null,55,{"v":16458.81,"d":"16,459"},{"v":1645.8810000000003,"d":"1,646"},{"v":20573.5125,"d":"20,574"},{"v":18927.6315,"d":"18,928"},{"$f":"(M535*12-(VLOOKUP(N535*12,'Tax table'!$A$3:$C$10,3)*(N535*12-VLOOKUP(N535*12,'Tax table'!$A$3:$C$10,1))+VLOOKUP(N535*12,'Tax table'!$A$3:$C$10,2)))/12","v":{"v":18143.001643333337,"d":"18,143"}},{"v":14812.929,"d":"14,813"},{"$f":"(VLOOKUP(P535*12,'Tax table'!$A$3:$C$10,3)*(P535*12-VLOOKUP(P535*12,'Tax table'!$A$3:$C$10,1))+VLOOKUP(P535*12,'Tax table'!$A$3:$C$10,2))/12","v":{"v":1481.32722,"d":"1,481"}},{"v":14977.482780000002,"d":"14,977"},{"v":12730.860363000002,"d":"12,731"},{"v":0.7016953761715592,"d":"70.2%"},{"v":38192.58108900001,"d":"38,193"},{"$f":"IF($B$15=\"Yes\",MIN(S535*2,References!$B$7),0)","v":{"v":25461.720726000003,"d":"25,462"}},{"$f":"IF(AND(D535<>0,$B$16=\"Yes\"),References!$B$6,0)","v":{"v":100000,"d":"100,000"}},{"v":2246.6224170000005,"d":"2,247"},{"v":12344.107500000002,"d":"12,344"},{"v":1645.8810000000003,"d":"1,646"},{"v":13989.988500000003,"d":"13,990"},{"v":18927.6315,"d":"18,928"},{"$f":"(M535*12-(VLOOKUP(AB535*12,'Tax table'!$A$3:$C$10,3)*(AB535*12-VLOOKUP(AB535*12,'Tax table'!$A$3:$C$10,1))+VLOOKUP(AB535*12,'Tax table'!$A$3:$C$10,2)))/12","v":{"v":18143.001643333337,"d":"18,143"}},{"v":13989.988500000003,"d":"13,990"},{"v":0.7710955868838075,"d":"77.1%"}]
["Member 1720","1987-06-08","F",{"v":197530.44,"d":"197,530"},{"v":0.8,"d":"80%"},{"v":0.85,"d":"85%"},{"v":0.75,"d":"75%"},{"v":0.1,"d":"10%"},null,{"$f":"DATEDIF(B536,$B$7,\"y\")","v":31},{"$f":"D536/12","v":{"v":16460.87,"d":"16,461"}},{"$f":"IF($B$10=\"No\",MIN(K536*H536,15%*K536),I536/12)","v":{"v":1646.087,"d":"1,646"}},{"$f":"D536/12/E536","v":{"v":20576.087499999998,"d":"20,576"}},{"$f":"M536-L536","v":{"v":18930.0005,"d":"18,930"}},{"$f":"(M536*12-(VLOOKUP(N536*12,'Tax table'!$A$3:$C$10,3)*(N536*12-VLOOKUP(N536*12,'Tax table'!$A$3:$C$10,1))+VLOOKUP(N536*12,'Tax table'!$A$3:$C$10,2)))/12","v":{"v":18144.960703333334,"d":"18,145"}},{"$f":"K536-L536","v":{"v":14814.783,"d":"14,815"}},{"$f":"(VLOOKUP(P536*12,'Tax table'!$A$3:$C$10,3)*(P536*12-VLOOKUP(P536*12,'Tax table'!$A$3:$C$10,1))+VLOOKUP(P536*12,'Tax table'!$A$3:$C$10,2))/12","v":{"v":1481.66094,"d":"1,482"}},{"$f":"K536-Q536","v":{"v":14979.20906,"d":"14,979"}},{"$f":"MIN(R536*F536,SUM($B$8,$B$9))","v":{"v":12732.327700999998,"d":"12,732"}},{"$f":"S536/O536","v":{"v":0.7017004836313036,"d":"70.2%"}},{"$f":"IF($B$14=\"Yes\",S536*3,0)","v":{"v":38196.98310299999,"d":"38,197"}},{"$f":"IF($B$15=\"Yes\",MIN(S536*2,References!$B$7),0)","v":{"v":25464.655401999997,"d":"25,465"}},{"$f":"IF(AND(D536<>0,$B$16=\"Yes\"),References!$B$6,0)","v":{"v":100000,"d":"100,000"}},{"$f":"IF($B$17=\"Yes\",MIN(R536,SUM($B$8:$B$9))-S536,0)","v":{"v":2246.881359000001,"d":"2,247"}},{"$f":"MIN(K536*G536,$B$8)","v":{"v":12345.6525,"d":"12,346"}},{"$f":"MIN(K536*H536,$B$9)","v":{"v":1646.087,"d":"1,646"}},{"$f":"Z536+Y536","v":{"v":13991.7395,"d":"13,992"}},{"$f":"M536-Z536","v":{"v":18930.0005,"d":"18,930"}},{"$f":"(M536*12-(VLOOKUP(AB536*12,'Tax table'!$A$3:$C$10,3)*(AB536*12-VLOOKUP(AB536*12,'Tax table'!$A$3:$C$10,1))+VLOOKUP(AB536*12,'Tax table'!$A$3:$C$10,2)))/12","v":{"v":18144.960703333334,"d":"18,145"}},{"$f":"MIN(AA536,AC536)","v":{"v":13991.7395,"d":"13,992"}},{"$f":"AD536/O536","v":{"v":0.7711088345002387,"d":"77.1%"}}]
["Member 1721","1964-05-20","F",{"v":197530.44,"d":"197,530"},{"v":0.8,"d":"80%"},{"v":0.85,"d":"85%"},{"v":0.75,"d":"75%"},{"v":0.1,"d":"10%"},null,54,{"v":16460.87,"d":"16,461"},{"v":1646.087,"d":"1,646"},{"v":20576.087499999998,"d":"20,576"},{"v":18930.0005,"d":"18,930"},{"$f":"(M537*12-(VLOOKUP(N537*12,'Tax table'!$A$3:$C$10,3)*(N537*12-VLOOKUP(N537*12,'Tax table'!$A$3:$C$10,1))+VLOOKUP(N537*12,'Tax table'!$A$3:$C$10,2)))/12","v":{"v":18144.960703333334,"d":"18,145"}},{"v":14814.783,"d":"14,815"},{"$f":"(VLOOKUP(P537*12,'Tax table'!$A$3:$C$10,3)*(P537*12-VLOOKUP(P537*12,'Tax table'!$A$3:$C$10,1))+VLOOKUP(P537*12,'Tax table'!$A$3:$C$10,2))/12","v":{"v":1481.66094,"d":"1,482"}},{"v":14979.20906,"d":"14,979"},{"v":12732.327700999998,"d":"12,732"},{"v":0.7017004836313036,"d":"70.2%"},{"v":38196.98310299999,"d":"38,197"},{"$f":"IF($B$15=\"Yes\",MIN(S537*2,References!$B$7),0)","v":{"v":25464.655401999997,"d":"25,465"}},{"$f":"IF(AND(D537<>0,$B$16=\"Yes\"),References!$B$6,0)","v":{"v":100000,"d":"100,000"}},{"v":2246.881359000001,"d":"2,247"},{"v":12345.6525,"d":"12,346"},{"v":1646.087,"d":"1,646"},{"v":13991.7395,"d":"13,992"},{"v":18930.0005,"d":"18,930"},{"$f":"(M537*12-(VLOOKUP(AB537*12,'Tax table'!$A$3:$C$10,3)*(AB537*12-VLOOKUP(AB537*12,'Tax table'!$A$3:$C$10,1))+VLOOKUP(AB537*12,'Tax table'!$A$3:$C$10,2)))/12","v":{"v":18144.960703333334,"d":"18,145"}},{"v":13991.7395,"d":"13,992"},{"v":0.7711088345002387,"d":"77.1%"}]
["Member 1722","1970-05-19","F",{"v":197530.44,"d":"197,530"},{"v":0.8,"d":"80%"},{"v":0.85,"d":"85%"},{"v":0.75,"d":"75%"},{"v":0.1,"d":"10%"},null,48,{"v":16460.87,"d":"16,461"},{"v":1646.087,"d":"1,646"},{"v":20576.087499999998,"d":"20,576"},{"v":18930.0005,"d":"18,930"},{"$f":"(M538*12-(VLOOKUP(N538*12,'Tax table'!$A$3:$C$10,3)*(N538*12-VLOOKUP(N538*12,'Tax table'!$A$3:$C$10,1))+VLOOKUP(N538*12,'Tax table'!$A$3:$C$10,2)))/12","v":{"v":18144.960703333334,"d":"18,145"}},{"v":14814.783,"d":"14,815"},{"$f":"(VLOOKUP(P538*12,'Tax table'!$A$3:$C$10,3)*(P538*12-VLOOKUP(P538*12,'Tax table'!$A$3:$C$10,1))+VLOOKUP(P538*12,'Tax table'!$A$3:$C$10,2))/12","v":{"v":1481.66094,"d":"1,482"}},{"v":14979.20906,"d":"14,979"},{"v":12732.327700999998,"d":"12,732"},{"v":0.7017004836313036,"d":"70.2%"},{"v":38196.98310299999,"d":"38,197"},{"$f":"IF($B$15=\"Yes\",MIN(S538*2,References!$B$7),0)","v":{"v":25464.655401999997,"d":"25,465"}},{"$f":"IF(AND(D538<>0,$B$16=\"Yes\"),References!$B$6,0)","v":{"v":100000,"d":"100,000"}},{"v":2246.881359000001,"d":"2,247"},{"v":12345.6525,"d":"12,346"},{"v":1646.087,"d":"1,646"},{"v":13991.7395,"d":"13,992"},{"v":18930.0005,"d":"18,930"},{"$f":"(M538*12-(VLOOKUP(AB538*12,'Tax table'!$A$3:$C$10,3)*(AB538*12-VLOOKUP(AB538*12,'Tax table'!$A$3:$C$10,1))+VLOOKUP(AB538*12,'Tax table'!$A$3:$C$10,2)))/12","v":{"v":18144.960703333334,"d":"18,145"}},{"v":13991.7395,"d":"13,992"},{"v":0.7711088345002387,"d":"77.1%"}]
["Member 1723","1982-12-23","M",{"v":197530.44,"d":"197,530"},{"v":0.8,"d":"80%"},{"v":0.85,"d":"85%"},{"v":0.75,"d":"75%"},{"v":0.1,"d":"10%"},null,35,{"v":16460.87,"d":"16,461"},{"v":1646.087,"d":"1,646"},{"v":20576.087499999998,"d":"20,576"},{"v":18930.0005,"d":"18,930"},{"$f":"(M539*12-(VLOOKUP(N539*12,'Tax table'!$A$3:$C$10,3)*(N539*12-VLOOKUP(N539*12,'Tax table'!$A$3:$C$10,1))+VLOOKUP(N539*12,'Tax table'!$A$3:$C$10,2)))/12","v":{"v":18144.960703333334,"d":"18,145"}},{"v":14814.783,"d":"14,815"},{"$f":"(VLOOKUP(P539*12,'Tax table'!$A$3:$C$10,3)*(P539*12-VLOOKUP(P539*12,'Tax table'!$A$3:$C$10,1))+VLOOKUP(P539*12,'Tax table'!$A$3:$C$10,2))/12","v":{"v":1481.66094,"d":"1,482"}},{"v":14979.20906,"d":"14,979"},{"v":12732.327700999998,"d":"12,732"},{"v":0.7017004836313036,"d":"70.2%"},{"v":38196.98310299999,"d":"38,197"},{"$f":"IF($B$15=\"Yes\",MIN(S539*2,References!$B$7),0)","v":{"v":25464.655401999997,"d":"25,465"}},{"$f":"IF(AND(D539<>0,$B$16=\"Yes\"),References!$B$6,0)","v":{"v":100000,"d":"100,000"}},{"v":2246.881359000001,"d":"2,247"},{"v":12345.6525,"d":"12,346"},{"v":1646.087,"d":"1,646"},{"v":13991.7395,"d":"13,992"},{"v":18930.0005,"d":"18,930"},{"$f":"(M539*12-(VLOOKUP(AB539*12,'Tax table'!$A$3:$C$10,3)*(AB539*12-VLOOKUP(AB539*12,'Tax table'!$A$3:$C$10,1))+VLOOKUP(AB539*12,'Tax table'!$A$3:$C$10,2)))/12","v":{"v":18144.960703333334,"d":"18,145"}},{"v":13991.7395,"d":"13,992"},{"v":0.7711088345002387,"d":"77.1%"}]
["Member 1724","1978-03-03","F",{"v":197530.44,"d":"197,530"},{"v":0.8,"d":"80%"},{"v":0.85,"d":"85%"},{"v":0.75,"d":"75%"},{"v":0.1,"d":"10%"},null,40,{"v":16460.87,"d":"16,461"},{"v":1646.087,"d":"1,646"},{"v":20576.087499999998,"d":"20,576"},{"v":18930.0005,"d":"18,930"},{"$f":"(M540*12-(VLOOKUP(N540*12,'Tax table'!$A$3:$C$10,3)*(N540*12-VLOOKUP(N540*12,'Tax table'!$A$3:$C$10,1))+VLOOKUP(N540*12,'Tax table'!$A$3:$C$10,2)))/12","v":{"v":18144.960703333334,"d":"18,145"}},{"v":14814.783,"d":"14,815"},{"$f":"(VLOOKUP(P540*12,'Tax table'!$A$3:$C$10,3)*(P540*12-VLOOKUP(P540*12,'Tax table'!$A$3:$C$10,1))+VLOOKUP(P540*12,'Tax table'!$A$3:$C$10,2))/12","v":{"v":1481.66094,"d":"1,482"}},{"v":14979.20906,"d":"14,979"},{"v":12732.327700999998,"d":"12,732"},{"v":0.7017004836313036,"d":"70.2%"},{"v":38196.98310299999,"d":"38,197"},{"$f":"IF($B$15=\"Yes\",MIN(S540*2,References!$B$7),0)","v":{"v":25464.655401999997,"d":"25,465"}},{"$f":"IF(AND(D540<>0,$B$16=\"Yes\"),References!$B$6,0)","v":{"v":100000,"d":"100,000"}},{"v":2246.881359000001,"d":"2,247"},{"v":12345.6525,"d":"12,346"},{"v":1646.087,"d":"1,646"},{"v":13991.7395,"d":"13,992"},{"v":18930.0005,"d":"18,930"},{"$f":"(M540*12-(VLOOKUP(AB540*12,'Tax table'!$A$3:$C$10,3)*(AB540*12-VLOOKUP(AB540*12,'Tax table'!$A$3:$C$10,1))+VLOOKUP(AB540*12,'Tax table'!$A$3:$C$10,2)))/12","v":{"v":18144.960703333334,"d":"18,145"}},{"v":13991.7395,"d":"13,992"},{"v":0.7711088345002387,"d":"77.1%"}]
["Member 1725","1962-10-07","F",{"v":197530.44,"d":"197,530"},{"v":0.8,"d":"80%"},{"v":0.85,"d":"85%"},{"v":0.75,"d":"75%"},{"v":0.1,"d":"10%"},null,56,{"v":16460.87,"d":"16,461"},{"v":1646.087,"d":"1,646"},{"v":20576.087499999998,"d":"20,576"},{"v":18930.0005,"d":"18,930"},{"$f":"(M541*12-(VLOOKUP(N541*12,'Tax table'!$A$3:$C$10,3)*(N541*12-VLOOKUP(N541*12,'Tax table'!$A$3:$C$10,1))+VLOOKUP(N541*12,'Tax table'!$A$3:$C$10,2)))/12","v":{"v":18144.960703333334,"d":"18,145"}},{"v":14814.783,"d":"14,815"},{"$f":"(VLOOKUP(P541*12,'Tax table'!$A$3:$C$10,3)*(P541*12-VLOOKUP(P541*12,'Tax table'!$A$3:$C$10,1))+VLOOKUP(P541*12,'Tax table'!$A$3:$C$10,2))/12","v":{"v":1481.66094,"d":"1,482"}},{"v":14979.20906,"d":"14,979"},{"v":12732.327700999998,"d":"12,732"},{"v":0.7017004836313036,"d":"70.2%"},{"v":38196.98310299999,"d":"38,197"},{"$f":"IF($B$15=\"Yes\",MIN(S541*2,References!$B$7),0)","v":{"v":25464.655401999997,"d":"25,465"}},{"$f":"IF(AND(D541<>0,$B$16=\"Yes\"),References!$B$6,0)","v":{"v":100000,"d":"100,000"}},{"v":2246.881359000001,"d":"2,247"},{"v":12345.6525,"d":"12,346"},{"v":1646.087,"d":"1,646"},{"v":13991.7395,"d":"13,992"},{"v":18930.0005,"d":"18,930"},{"$f":"(M541*12-(VLOOKUP(AB541*12,'Tax table'!$A$3:$C$10,3)*(AB541*12-VLOOKUP(AB541*12,'Tax table'!$A$3:$C$10,1))+VLOOKUP(AB541*12,'Tax table'!$A$3:$C$10,2)))/12","v":{"v":18144.960703333334,"d":"18,145"}},{"v":13991.7395,"d":"13,992"},{"v":0.7711088345002387,"d":"77.1%"}]
["Member 1726","1983-09-03","F",{"v":197530.44,"d":"197,530"},{"v":0.8,"d":"80%"},{"v":0.85,"d":"85%"},{"v":0.75,"d":"75%"},{"v":0.1,"d":"10%"},null,35,{"v":16460.87,"d":"16,461"},{"v":1646.087,"d":"1,646"},{"v":20576.087499999998,"d":"20,576"},{"v":18930.0005,"d":"18,930"},{"$f":"(M542*12-(VLOOKUP(N542*12,'Tax table'!$A$3:$C$10,3)*(N542*12-VLOOKUP(N542*12,'Tax table'!$A$3:$C$10,1))+VLOOKUP(N542*12,'Tax table'!$A$3:$C$10,2)))/12","v":{"v":18144.960703333334,"d":"18,145"}},{"v":14814.783,"d":"14,815"},{"$f":"(VLOOKUP(P542*12,'Tax table'!$A$3:$C$10,3)*(P542*12-VLOOKUP(P542*12,'Tax table'!$A$3:$C$10,1))+VLOOKUP(P542*12,'Tax table'!$A$3:$C$10,2))/12","v":{"v":1481.66094,"d":"1,482"}},{"v":14979.20906,"d":"14,979"},{"v":12732.327700999998,"d":"12,732"},{"v":0.7017004836313036,"d":"70.2%"},{"v":38196.98310299999,"d":"38,197"},{"$f":"IF($B$15=\"Yes\",MIN(S542*2,References!$B$7),0)","v":{"v":25464.655401999997,"d":"25,465"}},{"$f":"IF(AND(D542<>0,$B$16=\"Yes\"),References!$B$6,0)","v":{"v":100000,"d":"100,000"}},{"v":2246.881359000001,"d":"2,247"},{"v":12345.6525,"d":"12,346"},{"v":1646.087,"d":"1,646"},{"v":13991.7395,"d":"13,992"},{"v":18930.0005,"d":"18,930"},{"$f":"(M542*12-(VLOOKUP(AB542*12,'Tax table'!$A$3:$C$10,3)*(AB542*12-VLOOKUP(AB542*12,'Tax table'!$A$3:$C$10,1))+VLOOKUP(AB542*12,'Tax table'!$A$3:$C$10,2)))/12","v":{"v":18144.960703333334,"d":"18,145"}},{"v":13991.7395,"d":"13,992"},{"v":0.7711088345002387,"d":"77.1%"}]
["Member 1727","1971-08-29","F",{"v":197530.44,"d":"197,530"},{"v":0.8,"d":"80%"},{"v":0.85,"d":"85%"},{"v":0.75,"d":"75%"},{"v":0.1,"d":"10%"},null,47,{"v":16460.87,"d":"16,461"},{"v":1646.087,"d":"1,646"},{"v":20576.087499999998,"d":"20,576"},{"v":18930.0005,"d":"18,930"},{"$f":"(M543*12-(VLOOKUP(N543*12,'Tax table'!$A$3:$C$10,3)*(N543*12-VLOOKUP(N543*12,'Tax table'!$A$3:$C$10,1))+VLOOKUP(N543*12,'Tax table'!$A$3:$C$10,2)))/12","v":{"v":18144.960703333334,"d":"18,145"}},{"v":14814.783,"d":"14,815"},{"$f":"(VLOOKUP(P543*12,'Tax table'!$A$3:$C$10,3)*(P543*12-VLOOKUP(P543*12,'Tax table'!$A$3:$C$10,1))+VLOOKUP(P543*12,'Tax table'!$A$3:$C$10,2))/12","v":{"v":1481.66094,"d":"1,482"}},{"v":14979.20906,"d":"14,979"},{"v":12732.327700999998,"d":"12,732"},{"v":0.7017004836313036,"d":"70.2%"},{"v":38196.98310299999,"d":"38,197"},{"$f":"IF($B$15=\"Yes\",MIN(S543*2,References!$B$7),0)","v":{"v":25464.655401999997,"d":"25,465"}},{"$f":"IF(AND(D543<>0,$B$16=\"Yes\"),References!$B$6,0)","v":{"v":100000,"d":"100,000"}},{"v":2246.881359000001,"d":"2,247"},{"v":12345.6525,"d":"12,346"},{"v":1646.087,"d":"1,646"},{"v":13991.7395,"d":"13,992"},{"v":18930.0005,"d":"18,930"},{"$f":"(M543*12-(VLOOKUP(AB543*12,'Tax table'!$A$3:$C$10,3)*(AB543*12-VLOOKUP(AB543*12,'Tax table'!$A$3:$C$10,1))+VLOOKUP(AB543*12,'Tax table'!$A$3:$C$10,2)))/12","v":{"v":18144.960703333334,"d":"18,145"}},{"v":13991.7395,"d":"13,992"},{"v":0.7711088345002387,"d":"77.1%"}]
["Member 1728","1978-08-01","F",{"v":197530.44,"d":"197,530"},{"v":0.8,"d":"80%"},{"v":0.85,"d":"85%"},{"v":0.75,"d":"75%"},{"v":0.1,"d":"10%"},null,40,{"v":16460.87,"d":"16,461"},{"v":1646.087,"d":"1,646"},{"v":20576.087499999998,"d":"20,576"},{"v":18930.0005,"d":"18,930"},{"$f":"(M544*12-(VLOOKUP(N544*12,'Tax table'!$A$3:$C$10,3)*(N544*12-VLOOKUP(N544*12,'Tax table'!$A$3:$C$10,1))+VLOOKUP(N544*12,'Tax table'!$A$3:$C$10,2)))/12","v":{"v":18144.960703333334,"d":"18,145"}},{"v":14814.783,"d":"14,815"},{"$f":"(VLOOKUP(P544*12,'Tax table'!$A$3:$C$10,3)*(P544*12-VLOOKUP(P544*12,'Tax table'!$A$3:$C$10,1))+VLOOKUP(P544*12,'Tax table'!$A$3:$C$10,2))/12","v":{"v":1481.66094,"d":"1,482"}},{"v":14979.20906,"d":"14,979"},{"v":12732.327700999998,"d":"12,732"},{"v":0.7017004836313036,"d":"70.2%"},{"v":38196.98310299999,"d":"38,197"},{"$f":"IF($B$15=\"Yes\",MIN(S544*2,References!$B$7),0)","v":{"v":25464.655401999997,"d":"25,465"}},{"$f":"IF(AND(D544<>0,$B$16=\"Yes\"),References!$B$6,0)","v":{"v":100000,"d":"100,000"}},{"v":2246.881359000001,"d":"2,247"},{"v":12345.6525,"d":"12,346"},{"v":1646.087,"d":"1,646"},{"v":13991.7395,"d":"13,992"},{"v":18930.0005,"d":"18,930"},{"$f":"(M544*12-(VLOOKUP(AB544*12,'Tax table'!$A$3:$C$10,3)*(AB544*12-VLOOKUP(AB544*12,'Tax table'!$A$3:$C$10,1))+VLOOKUP(AB544*12,'Tax table'!$A$3:$C$10,2)))/12","v":{"v":18144.960703333334,"d":"18,145"}},{"v":13991.7395,"d":"13,992"},{"v":0.7711088345002387,"d":"77.1%"}]
["Member 1729","1978-03-03","M",{"v":197530.44,"d":"197,530"},{"v":0.8,"d":"80%"},{"v":0.85,"d":"85%"},{"v":0.75,"d":"75%"},{"v":0.1,"d":"10%"},null,40,{"v":16460.87,"d":"16,461"},{"v":1646.087,"d":"1,646"},{"v":20576.087499999998,"d":"20,576"},{"v":18930.0005,"d":"18,930"},{"$f":"(M545*12-(VLOOKUP(N545*12,'Tax table'!$A$3:$C$10,3)*(N545*12-VLOOKUP(N545*12,'Tax table'!$A$3:$C$10,1))+VLOOKUP(N545*12,'Tax table'!$A$3:$C$10,2)))/12","v":{"v":18144.960703333334,"d":"18,145"}},{"v":14814.783,"d":"14,815"},{"$f":"(VLOOKUP(P545*12,'Tax table'!$A$3:$C$10,3)*(P545*12-VLOOKUP(P545*12,'Tax table'!$A$3:$C$10,1))+VLOOKUP(P545*12,'Tax table'!$A$3:$C$10,2))/12","v":{"v":1481.66094,"d":"1,482"}},{"v":14979.20906,"d":"14,979"},{"v":12732.327700999998,"d":"12,732"},{"v":0.7017004836313036,"d":"70.2%"},{"v":38196.98310299999,"d":"38,197"},{"$f":"IF($B$15=\"Yes\",MIN(S545*2,References!$B$7),0)","v":{"v":25464.655401999997,"d":"25,465"}},{"$f":"IF(AND(D545<>0,$B$16=\"Yes\"),References!$B$6,0)","v":{"v":100000,"d":"100,000"}},{"v":2246.881359000001,"d":"2,247"},{"v":12345.6525,"d":"12,346"},{"v":1646.087,"d":"1,646"},{"v":13991.7395,"d":"13,992"},{"v":18930.0005,"d":"18,930"},{"$f":"(M545*12-(VLOOKUP(AB545*12,'Tax table'!$A$3:$C$10,3)*(AB545*12-VLOOKUP(AB545*12,'Tax table'!$A$3:$C$10,1))+VLOOKUP(AB545*12,'Tax table'!$A$3:$C$10,2)))/12","v":{"v":18144.960703333334,"d":"18,145"}},{"v":13991.7395,"d":"13,992"},{"v":0.7711088345002387,"d":"77.1%"}]
["Member 1730","1977-05-28","M",{"v":197530.44,"d":"197,530"},{"v":0.8,"d":"80%"},{"v":0.85,"d":"85%"},{"v":0.75,"d":"75%"},{"v":0.1,"d":"10%"},null,41,{"v":16460.87,"d":"16,461"},{"v":1646.087,"d":"1,646"},{"v":20576.087499999998,"d":"20,576"},{"v":18930.0005,"d":"18,930"},{"$f":"(M546*12-(VLOOKUP(N546*12,'Tax table'!$A$3:$C$10,3)*(N546*12-VLOOKUP(N546*12,'Tax table'!$A$3:$C$10,1))+VLOOKUP(N546*12,'Tax table'!$A$3:$C$10,2)))/12","v":{"v":18144.960703333334,"d":"18,145"}},{"v":14814.783,"d":"14,815"},{"$f":"(VLOOKUP(P546*12,'Tax table'!$A$3:$C$10,3)*(P546*12-VLOOKUP(P546*12,'Tax table'!$A$3:$C$10,1))+VLOOKUP(P546*12,'Tax table'!$A$3:$C$10,2))/12","v":{"v":1481.66094,"d":"1,482"}},{"v":14979.20906,"d":"14,979"},{"v":12732.327700999998,"d":"12,732"},{"v":0.7017004836313036,"d":"70.2%"},{"v":38196.98310299999,"d":"38,197"},{"$f":"IF($B$15=\"Yes\",MIN(S546*2,References!$B$7),0)","v":{"v":25464.655401999997,"d":"25,465"}},{"$f":"IF(AND(D546<>0,$B$16=\"Yes\"),References!$B$6,0)","v":{"v":100000,"d":"100,000"}},{"v":2246.881359000001,"d":"2,247"},{"v":12345.6525,"d":"12,346"},{"v":1646.087,"d":"1,646"},{"v":13991.7395,"d":"13,992"},{"v":18930.0005,"d":"18,930"},{"$f":"(M546*12-(VLOOKUP(AB546*12,'Tax table'!$A$3:$C$10,3)*(AB546*12-VLOOKUP(AB546*12,'Tax table'!$A$3:$C$10,1))+VLOOKUP(AB546*12,'Tax table'!$A$3:$C$10,2)))/12","v":{"v":18144.960703333334,"d":"18,145"}},{"v":13991.7395,"d":"13,992"},{"v":0.7711088345002387,"d":"77.1%"}]
["Member 1731","1984-09-25","M",{"v":197530.44,"d":"197,530"},{"v":0.8,"d":"80%"},{"v":0.85,"d":"85%"},{"v":0.75,"d":"75%"},{"v":0.1,"d":"10%"},null,34,{"v":16460.87,"d":"16,461"},{"v":1646.087,"d":"1,646"},{"v":20576.087499999998,"d":"20,576"},{"v":18930.0005,"d":"18,930"},{"$f":"(M547*12-(VLOOKUP(N547*12,'Tax table'!$A$3:$C$10,3)*(N547*12-VLOOKUP(N547*12,'Tax table'!$A$3:$C$10,1))+VLOOKUP(N547*12,'Tax table'!$A$3:$C$10,2)))/12","v":{"v":18144.960703333334,"d":"18,145"}},{"v":14814.783,"d":"14,815"},{"$f":"(VLOOKUP(P547*12,'Tax table'!$A$3:$C$10,3)*(P547*12-VLOOKUP(P547*12,'Tax table'!$A$3:$C$10,1))+VLOOKUP(P547*12,'Tax table'!$A$3:$C$10,2))/12","v":{"v":1481.66094,"d":"1,482"}},{"v":14979.20906,"d":"14,979"},{"v":12732.327700999998,"d":"12,732"},{"v":0.7017004836313036,"d":"70.2%"},{"v":38196.98310299999,"d":"38,197"},{"$f":"IF($B$15=\"Yes\",MIN(S547*2,References!$B$7),0)","v":{"v":25464.655401999997,"d":"25,465"}},{"$f":"IF(AND(D547<>0,$B$16=\"Yes\"),References!$B$6,0)","v":{"v":100000,"d":"100,000"}},{"v":2246.881359000001,"d":"2,247"},{"v":12345.6525,"d":"12,346"},{"v":1646.087,"d":"1,646"},{"v":13991.7395,"d":"13,992"},{"v":18930.0005,"d":"18,930"},{"$f":"(M547*12-(VLOOKUP(AB547*12,'Tax table'!$A$3:$C$10,3)*(AB547*12-VLOOKUP(AB547*12,'Tax table'!$A$3:$C$10,1))+VLOOKUP(AB547*12,'Tax table'!$A$3:$C$10,2)))/12","v":{"v":18144.960703333334,"d":"18,145"}},{"v":13991.7395,"d":"13,992"},{"v":0.7711088345002387,"d":"77.1%"}]
["Member 1732","1984-02-02","F",{"v":197530.44,"d":"197,530"},{"v":0.8,"d":"80%"},{"v":0.85,"d":"85%"},{"v":0.75,"d":"75%"},{"v":0.1,"d":"10%"},null,34,{"v":16460.87,"d":"16,461"},{"v":1646.087,"d":"1,646"},{"v":20576.087499999998,"d":"20,576"},{"v":18930.0005,"d":"18,930"},{"$f":"(M548*12-(VLOOKUP(N548*12,'Tax table'!$A$3:$C$10,3)*(N548*12-VLOOKUP(N548*12,'Tax table'!$A$3:$C$10,1))+VLOOKUP(N548*12,'Tax table'!$A$3:$C$10,2)))/12","v":{"v":18144.960703333334,"d":"18,145"}},{"v":14814.783,"d":"14,815"},{"$f":"(VLOOKUP(P548*12,'Tax table'!$A$3:$C$10,3)*(P548*12-VLOOKUP(P548*12,'Tax table'!$A$3:$C$10,1))+VLOOKUP(P548*12,'Tax table'!$A$3:$C$10,2))/12","v":{"v":1481.66094,"d":"1,482"}},{"v":14979.20906,"d":"14,979"},{"v":12732.327700999998,"d":"12,732"},{"v":0.7017004836313036,"d":"70.2%"},{"v":38196.98310299999,"d":"38,197"},{"$f":"IF($B$15=\"Yes\",MIN(S548*2,References!$B$7),0)","v":{"v":25464.655401999997,"d":"25,465"}},{"$f":"IF(AND(D548<>0,$B$16=\"Yes\"),References!$B$6,0)","v":{"v":100000,"d":"100,000"}},{"v":2246.881359000001,"d":"2,247"},{"v":12345.6525,"d":"12,346"},{"v":1646.087,"d":"1,646"},{"v":13991.7395,"d":"13,992"},{"v":18930.0005,"d":"18,930"},{"$f":"(M548*12-(VLOOKUP(AB548*12,'Tax table'!$A$3:$C$10,3)*(AB548*12-VLOOKUP(AB548*12,'Tax table'!$A$3:$C$10,1))+VLOOKUP(AB548*12,'Tax table'!$A$3:$C$10,2)))/12","v":{"v":18144.960703333334,"d":"18,145"}},{"v":13991.7395,"d":"13,992"},{"v":0.7711088345002387,"d":"77.1%"}]
["Member 1733","1982-11-13","M",{"v":197530.44,"d":"197,530"},{"v":0.8,"d":"80%"},{"v":0.85,"d":"85%"},{"v":0.75,"d":"75%"},{"v":0.1,"d":"10%"},null,35,{"v":16460.87,"d":"16,461"},{"v":1646.087,"d":"1,646"},{"v":20576.087499999998,"d":"20,576"},{"v":18930.0005,"d":"18,930"},{"$f":"(M549*12-(VLOOKUP(N549*12,'Tax table'!$A$3:$C$10,3)*(N549*12-VLOOKUP(N549*12,'Tax table'!$A$3:$C$10,1))+VLOOKUP(N549*12,'Tax table'!$A$3:$C$10,2)))/12","v":{"v":18144.960703333334,"d":"18,145"}},{"v":14814.783,"d":"14,815"},{"$f":"(VLOOKUP(P549*12,'Tax table'!$A$3:$C$10,3)*(P549*12-VLOOKUP(P549*12,'Tax table'!$A$3:$C$10,1))+VLOOKUP(P549*12,'Tax table'!$A$3:$C$10,2))/12","v":{"v":1481.66094,"d":"1,482"}},{"v":14979.20906,"d":"14,979"},{"v":12732.327700999998,"d":"12,732"},{"v":0.7017004836313036,"d":"70.2%"},{"v":38196.98310299999,"d":"38,197"},{"$f":"IF($B$15=\"Yes\",MIN(S549*2,References!$B$7),0)","v":{"v":25464.655401999997,"d":"25,465"}},{"$f":"IF(AND(D549<>0,$B$16=\"Yes\"),References!$B$6,0)","v":{"v":100000,"d":"100,000"}},{"v":2246.881359000001,"d":"2,247"},{"v":12345.6525,"d":"12,346"},{"v":1646.087,"d":"1,646"},{"v":13991.7395,"d":"13,992"},{"v":18930.0005,"d":"18,930"},{"$f":"(M549*12-(VLOOKUP(AB549*12,'Tax table'!$A$3:$C$10,3)*(AB549*12-VLOOKUP(AB549*12,'Tax table'!$A$3:$C$10,1))+VLOOKUP(AB549*12,'Tax table'!$A$3:$C$10,2)))/12","v":{"v":18144.960703333334,"d":"18,145"}},{"v":13991.7395,"d":"13,992"},{"v":0.7711088345002387,"d":"77.1%"}]
["Member 1734","1992-03-08","M",{"v":197530.44,"d":"197,530"},{"v":0.8,"d":"80%"},{"v":0.85,"d":"85%"},{"v":0.75,"d":"75%"},{"v":0.1,"d":"10%"},null,26,{"v":16460.87,"d":"16,461"},{"v":1646.087,"d":"1,646"},{"v":20576.087499999998,"d":"20,576"},{"v":18930.0005,"d":"18,930"},{"$f":"(M550*12-(VLOOKUP(N550*12,'Tax table'!$A$3:$C$10,3)*(N550*12-VLOOKUP(N550*12,'Tax table'!$A$3:$C$10,1))+VLOOKUP(N550*12,'Tax table'!$A$3:$C$10,2)))/12","v":{"v":18144.960703333334,"d":"18,145"}},{"v":14814.783,"d":"14,815"},{"$f":"(VLOOKUP(P550*12,'Tax table'!$A$3:$C$10,3)*(P550*12-VLOOKUP(P550*12,'Tax table'!$A$3:$C$10,1))+VLOOKUP(P550*12,'Tax table'!$A$3:$C$10,2))/12","v":{"v":1481.66094,"d":"1,482"}},{"v":14979.20906,"d":"14,979"},{"v":12732.327700999998,"d":"12,732"},{"v":0.7017004836313036,"d":"70.2%"},{"v":38196.98310299999,"d":"38,197"},{"$f":"IF($B$15=\"Yes\",MIN(S550*2,References!$B$7),0)","v":{"v":25464.655401999997,"d":"25,465"}},{"$f":"IF(AND(D550<>0,$B$16=\"Yes\"),References!$B$6,0)","v":{"v":100000,"d":"100,000"}},{"v":2246.881359000001,"d":"2,247"},{"v":12345.6525,"d":"12,346"},{"v":1646.087,"d":"1,646"},{"v":13991.7395,"d":"13,992"},{"v":18930.0005,"d":"18,930"},{"$f":"(M550*12-(VLOOKUP(AB550*12,'Tax table'!$A$3:$C$10,3)*(AB550*12-VLOOKUP(AB550*12,'Tax table'!$A$3:$C$10,1))+VLOOKUP(AB550*12,'Tax table'!$A$3:$C$10,2)))/12","v":{"v":18144.960703333334,"d":"18,145"}},{"v":13991.7395,"d":"13,992"},{"v":0.7711088345002387,"d":"77.1%"}]
["Member 1735","1990-05-03","M",{"v":197530.44,"d":"197,530"},{"v":0.8,"d":"80%"},{"v":0.85,"d":"85%"},{"v":0.75,"d":"75%"},{"v":0.1,"d":"10%"},null,28,{"v":16460.87,"d":"16,461"},{"v":1646.087,"d":"1,646"},{"v":20576.087499999998,"d":"20,576"},{"v":18930.0005,"d":"18,930"},{"$f":"(M551*12-(VLOOKUP(N551*12,'Tax table'!$A$3:$C$10,3)*(N551*12-VLOOKUP(N551*12,'Tax table'!$A$3:$C$10,1))+VLOOKUP(N551*12,'Tax table'!$A$3:$C$10,2)))/12","v":{"v":18144.960703333334,"d":"18,145"}},{"v":14814.783,"d":"14,815"},{"$f":"(VLOOKUP(P551*12,'Tax table'!$A$3:$C$10,3)*(P551*12-VLOOKUP(P551*12,'Tax table'!$A$3:$C$10,1))+VLOOKUP(P551*12,'Tax table'!$A$3:$C$10,2))/12","v":{"v":1481.66094,"d":"1,482"}},{"v":14979.20906,"d":"14,979"},{"v":12732.327700999998,"d":"12,732"},{"v":0.7017004836313036,"d":"70.2%"},{"v":38196.98310299999,"d":"38,197"},{"$f":"IF($B$15=\"Yes\",MIN(S551*2,References!$B$7),0)","v":{"v":25464.655401999997,"d":"25,465"}},{"$f":"IF(AND(D551<>0,$B$16=\"Yes\"),References!$B$6,0)","v":{"v":100000,"d":"100,000"}},{"v":2246.881359000001,"d":"2,247"},{"v":12345.6525,"d":"12,346"},{"v":1646.087,"d":"1,646"},{"v":13991.7395,"d":"13,992"},{"v":18930.0005,"d":"18,930"},{"$f":"(M551*12-(VLOOKUP(AB551*12,'Tax table'!$A$3:$C$10,3)*(AB551*12-VLOOKUP(AB551*12,'Tax table'!$A$3:$C$10,1))+VLOOKUP(AB551*12,'Tax table'!$A$3:$C$10,2)))/12","v":{"v":18144.960703333334,"d":"18,145"}},{"v":13991.7395,"d":"13,992"},{"v":0.7711088345002387,"d":"77.1%"}]
["Member 1736","1991-08-14","F",{"v":197530.44,"d":"197,530"},{"v":0.8,"d":"80%"},{"v":0.85,"d":"85%"},{"v":0.75,"d":"75%"},{"v":0.1,"d":"10%"},null,27,{"v":16460.87,"d":"16,461"},{"v":1646.087,"d":"1,646"},{"v":20576.087499999998,"d":"20,576"},{"v":18930.0005,"d":"18,930"},{"$f":"(M552*12-(VLOOKUP(N552*12,'Tax table'!$A$3:$C$10,3)*(N552*12-VLOOKUP(N552*12,'Tax table'!$A$3:$C$10,1))+VLOOKUP(N552*12,'Tax table'!$A$3:$C$10,2)))/12","v":{"v":18144.960703333334,"d":"18,145"}},{"v":14814.783,"d":"14,815"},{"$f":"(VLOOKUP(P552*12,'Tax table'!$A$3:$C$10,3)*(P552*12-VLOOKUP(P552*12,'Tax table'!$A$3:$C$10,1))+VLOOKUP(P552*12,'Tax table'!$A$3:$C$10,2))/12","v":{"v":1481.66094,"d":"1,482"}},{"v":14979.20906,"d":"14,979"},{"v":12732.327700999998,"d":"12,732"},{"v":0.7017004836313036,"d":"70.2%"},{"v":38196.98310299999,"d":"38,197"},{"$f":"IF($B$15=\"Yes\",MIN(S552*2,References!$B$7),0)","v":{"v":25464.655401999997,"d":"25,465"}},{"$f":"IF(AND(D552<>0,$B$16=\"Yes\"),References!$B$6,0)","v":{"v":100000,"d":"100,000"}},{"v":2246.881359000001,"d":"2,247"},{"v":12345.6525,"d":"12,346"},{"v":1646.087,"d":"1,646"},{"v":13991.7395,"d":"13,992"},{"v":18930.0005,"d":"18,930"},{"$f":"(M552*12-(VLOOKUP(AB552*12,'Tax table'!$A$3:$C$10,3)*(AB552*12-VLOOKUP(AB552*12,'Tax table'!$A$3:$C$10,1))+VLOOKUP(AB552*12,'Tax table'!$A$3:$C$10,2)))/12","v":{"v":18144.960703333334,"d":"18,145"}},{"v":13991.7395,"d":"13,992"},{"v":0.7711088345002387,"d":"77.1%"}]
["Member 1737","1989-09-04","M",{"v":197530.44,"d":"197,530"},{"v":0.8,"d":"80%"},{"v":0.85,"d":"85%"},{"v":0.75,"d":"75%"},{"v":0.1,"d":"10%"},null,29,{"v":16460.87,"d":"16,461"},{"v":1646.087,"d":"1,646"},{"v":20576.087499999998,"d":"20,576"},{"v":18930.0005,"d":"18,930"},{"$f":"(M553*12-(VLOOKUP(N553*12,'Tax table'!$A$3:$C$10,3)*(N553*12-VLOOKUP(N553*12,'Tax table'!$A$3:$C$10,1))+VLOOKUP(N553*12,'Tax table'!$A$3:$C$10,2)))/12","v":{"v":18144.960703333334,"d":"18,145"}},{"v":14814.783,"d":"14,815"},{"$f":"(VLOOKUP(P553*12,'Tax table'!$A$3:$C$10,3)*(P553*12-VLOOKUP(P553*12,'Tax table'!$A$3:$C$10,1))+VLOOKUP(P553*12,'Tax table'!$A$3:$C$10,2))/12","v":{"v":1481.66094,"d":"1,482"}},{"v":14979.20906,"d":"14,979"},{"v":12732.327700999998,"d":"12,732"},{"v":0.7017004836313036,"d":"70.2%"},{"v":38196.98310299999,"d":"38,197"},{"$f":"IF($B$15=\"Yes\",MIN(S553*2,References!$B$7),0)","v":{"v":25464.655401999997,"d":"25,465"}},{"$f":"IF(AND(D553<>0,$B$16=\"Yes\"),References!$B$6,0)","v":{"v":100000,"d":"100,000"}},{"v":2246.881359000001,"d":"2,247"},{"v":12345.6525,"d":"12,346"},{"v":1646.087,"d":"1,646"},{"v":13991.7395,"d":"13,992"},{"v":18930.0005,"d":"18,930"},{"$f":"(M553*12-(VLOOKUP(AB553*12,'Tax table'!$A$3:$C$10,3)*(AB553*12-VLOOKUP(AB553*12,'Tax table'!$A$3:$C$10,1))+VLOOKUP(AB553*12,'Tax table'!$A$3:$C$10,2)))/12","v":{"v":18144.960703333334,"d":"18,145"}},{"v":13991.7395,"d":"13,992"},{"v":0.7711088345002387,"d":"77.1%"}]
["Member 1738","1985-09-06","F",{"v":197530.44,"d":"197,530"},{"v":0.8,"d":"80%"},{"v":0.85,"d":"85%"},{"v":0.75,"d":"75%"},{"v":0.1,"d":"10%"},null,33,{"v":16460.87,"d":"16,461"},{"v":1646.087,"d":"1,646"},{"v":20576.087499999998,"d":"20,576"},{"v":18930.0005,"d":"18,930"},{"$f":"(M554*12-(VLOOKUP(N554*12,'Tax table'!$A$3:$C$10,3)*(N554*12-VLOOKUP(N554*12,'Tax table'!$A$3:$C$10,1))+VLOOKUP(N554*12,'Tax table'!$A$3:$C$10,2)))/12","v":{"v":18144.960703333334,"d":"18,145"}},{"v":14814.783,"d":"14,815"},{"$f":"(VLOOKUP(P554*12,'Tax table'!$A$3:$C$10,3)*(P554*12-VLOOKUP(P554*12,'Tax table'!$A$3:$C$10,1))+VLOOKUP(P554*12,'Tax table'!$A$3:$C$10,2))/12","v":{"v":1481.66094,"d":"1,482"}},{"v":14979.20906,"d":"14,979"},{"v":12732.327700999998,"d":"12,732"},{"v":0.7017004836313036,"d":"70.2%"},{"v":38196.98310299999,"d":"38,197"},{"$f":"IF($B$15=\"Yes\",MIN(S554*2,References!$B$7),0)","v":{"v":25464.655401999997,"d":"25,465"}},{"$f":"IF(AND(D554<>0,$B$16=\"Yes\"),References!$B$6,0)","v":{"v":100000,"d":"100,000"}},{"v":2246.881359000001,"d":"2,247"},{"v":12345.6525,"d":"12,346"},{"v":1646.087,"d":"1,646"},{"v":13991.7395,"d":"13,992"},{"v":18930.0005,"d":"18,930"},{"$f":"(M554*12-(VLOOKUP(AB554*12,'Tax table'!$A$3:$C$10,3)*(AB554*12-VLOOKUP(AB554*12,'Tax table'!$A$3:$C$10,1))+VLOOKUP(AB554*12,'Tax table'!$A$3:$C$10,2)))/12","v":{"v":18144.960703333334,"d":"18,145"}},{"v":13991.7395,"d":"13,992"},{"v":0.7711088345002387,"d":"77.1%"}]
["Member 1739","1993-02-28","F",{"v":197530.44,"d":"197,530"},{"v":0.8,"d":"80%"},{"v":0.85,"d":"85%"},{"v":0.75,"d":"75%"},{"v":0.1,"d":"10%"},null,25,{"v":16460.87,"d":"16,461"},{"v":1646.087,"d":"1,646"},{"v":20576.087499999998,"d":"20,576"},{"v":18930.0005,"d":"18,930"},{"$f":"(M555*12-(VLOOKUP(N555*12,'Tax table'!$A$3:$C$10,3)*(N555*12-VLOOKUP(N555*12,'Tax table'!$A$3:$C$10,1))+VLOOKUP(N555*12,'Tax table'!$A$3:$C$10,2)))/12","v":{"v":18144.960703333334,"d":"18,145"}},{"v":14814.783,"d":"14,815"},{"$f":"(VLOOKUP(P555*12,'Tax table'!$A$3:$C$10,3)*(P555*12-VLOOKUP(P555*12,'Tax table'!$A$3:$C$10,1))+VLOOKUP(P555*12,'Tax table'!$A$3:$C$10,2))/12","v":{"v":1481.66094,"d":"1,482"}},{"v":14979.20906,"d":"14,979"},{"v":12732.327700999998,"d":"12,732"},{"v":0.7017004836313036,"d":"70.2%"},{"v":38196.98310299999,"d":"38,197"},{"$f":"IF($B$15=\"Yes\",MIN(S555*2,References!$B$7),0)","v":{"v":25464.655401999997,"d":"25,465"}},{"$f":"IF(AND(D555<>0,$B$16=\"Yes\"),References!$B$6,0)","v":{"v":100000,"d":"100,000"}},{"v":2246.881359000001,"d":"2,247"},{"v":12345.6525,"d":"12,346"},{"v":1646.087,"d":"1,646"},{"v":13991.7395,"d":"13,992"},{"v":18930.0005,"d":"18,930"},{"$f":"(M555*12-(VLOOKUP(AB555*12,'Tax table'!$A$3:$C$10,3)*(AB555*12-VLOOKUP(AB555*12,'Tax table'!$A$3:$C$10,1))+VLOOKUP(AB555*12,'Tax table'!$A$3:$C$10,2)))/12","v":{"v":18144.960703333334,"d":"18,145"}},{"v":13991.7395,"d":"13,992"},{"v":0.7711088345002387,"d":"77.1%"}]
["Member 1740","1991-09-21","F",{"v":197530.44,"d":"197,530"},{"v":0.8,"d":"80%"},{"v":0.85,"d":"85%"},{"v":0.75,"d":"75%"},{"v":0.1,"d":"10%"},null,27,{"v":16460.87,"d":"16,461"},{"v":1646.087,"d":"1,646"},{"v":20576.087499999998,"d":"20,576"},{"v":18930.0005,"d":"18,930"},{"$f":"(M556*12-(VLOOKUP(N556*12,'Tax table'!$A$3:$C$10,3)*(N556*12-VLOOKUP(N556*12,'Tax table'!$A$3:$C$10,1))+VLOOKUP(N556*12,'Tax table'!$A$3:$C$10,2)))/12","v":{"v":18144.960703333334,"d":"18,145"}},{"v":14814.783,"d":"14,815"},{"$f":"(VLOOKUP(P556*12,'Tax table'!$A$3:$C$10,3)*(P556*12-VLOOKUP(P556*12,'Tax table'!$A$3:$C$10,1))+VLOOKUP(P556*12,'Tax table'!$A$3:$C$10,2))/12","v":{"v":1481.66094,"d":"1,482"}},{"v":14979.20906,"d":"14,979"},{"v":12732.327700999998,"d":"12,732"},{"v":0.7017004836313036,"d":"70.2%"},{"v":38196.98310299999,"d":"38,197"},{"$f":"IF($B$15=\"Yes\",MIN(S556*2,References!$B$7),0)","v":{"v":25464.655401999997,"d":"25,465"}},{"$f":"IF(AND(D556<>0,$B$16=\"Yes\"),References!$B$6,0)","v":{"v":100000,"d":"100,000"}},{"v":2246.881359000001,"d":"2,247"},{"v":12345.6525,"d":"12,346"},{"v":1646.087,"d":"1,646"},{"v":13991.7395,"d":"13,992"},{"v":18930.0005,"d":"18,930"},{"$f":"(M556*12-(VLOOKUP(AB556*12,'Tax table'!$A$3:$C$10,3)*(AB556*12-VLOOKUP(AB556*12,'Tax table'!$A$3:$C$10,1))+VLOOKUP(AB556*12,'Tax table'!$A$3:$C$10,2)))/12","v":{"v":18144.960703333334,"d":"18,145"}},{"v":13991.7395,"d":"13,992"},{"v":0.7711088345002387,"d":"77.1%"}]
["Member 1741","1993-03-04","M",{"v":197530.44,"d":"197,530"},{"v":0.8,"d":"80%"},{"v":0.85,"d":"85%"},{"v":0.75,"d":"75%"},{"v":0.1,"d":"10%"},null,25,{"v":16460.87,"d":"16,461"},{"v":1646.087,"d":"1,646"},{"v":20576.087499999998,"d":"20,576"},{"v":18930.0005,"d":"18,930"},{"$f":"(M557*12-(VLOOKUP(N557*12,'Tax table'!$A$3:$C$10,3)*(N557*12-VLOOKUP(N557*12,'Tax table'!$A$3:$C$10,1))+VLOOKUP(N557*12,'Tax table'!$A$3:$C$10,2)))/12","v":{"v":18144.960703333334,"d":"18,145"}},{"v":14814.783,"d":"14,815"},{"$f":"(VLOOKUP(P557*12,'Tax table'!$A$3:$C$10,3)*(P557*12-VLOOKUP(P557*12,'Tax table'!$A$3:$C$10,1))+VLOOKUP(P557*12,'Tax table'!$A$3:$C$10,2))/12","v":{"v":1481.66094,"d":"1,482"}},{"v":14979.20906,"d":"14,979"},{"v":12732.327700999998,"d":"12,732"},{"v":0.7017004836313036,"d":"70.2%"},{"v":38196.98310299999,"d":"38,197"},{"$f":"IF($B$15=\"Yes\",MIN(S557*2,References!$B$7),0)","v":{"v":25464.655401999997,"d":"25,465"}},{"$f":"IF(AND(D557<>0,$B$16=\"Yes\"),References!$B$6,0)","v":{"v":100000,"d":"100,000"}},{"v":2246.881359000001,"d":"2,247"},{"v":12345.6525,"d":"12,346"},{"v":1646.087,"d":"1,646"},{"v":13991.7395,"d":"13,992"},{"v":18930.0005,"d":"18,930"},{"$f":"(M557*12-(VLOOKUP(AB557*12,'Tax table'!$A$3:$C$10,3)*(AB557*12-VLOOKUP(AB557*12,'Tax table'!$A$3:$C$10,1))+VLOOKUP(AB557*12,'Tax table'!$A$3:$C$10,2)))/12","v":{"v":18144.960703333334,"d":"18,145"}},{"v":13991.7395,"d":"13,992"},{"v":0.7711088345002387,"d":"77.1%"}]
["Member 1742","1985-08-07","F",{"v":197530.44,"d":"197,530"},{"v":0.8,"d":"80%"},{"v":0.85,"d":"85%"},{"v":0.75,"d":"75%"},{"v":0.1,"d":"10%"},null,33,{"v":16460.87,"d":"16,461"},{"v":1646.087,"d":"1,646"},{"v":20576.087499999998,"d":"20,576"},{"v":18930.0005,"d":"18,930"},{"$f":"(M558*12-(VLOOKUP(N558*12,'Tax table'!$A$3:$C$10,3)*(N558*12-VLOOKUP(N558*12,'Tax table'!$A$3:$C$10,1))+VLOOKUP(N558*12,'Tax table'!$A$3:$C$10,2)))/12","v":{"v":18144.960703333334,"d":"18,145"}},{"v":14814.783,"d":"14,815"},{"$f":"(VLOOKUP(P558*12,'Tax table'!$A$3:$C$10,3)*(P558*12-VLOOKUP(P558*12,'Tax table'!$A$3:$C$10,1))+VLOOKUP(P558*12,'Tax table'!$A$3:$C$10,2))/12","v":{"v":1481.66094,"d":"1,482"}},{"v":14979.20906,"d":"14,979"},{"v":12732.327700999998,"d":"12,732"},{"v":0.7017004836313036,"d":"70.2%"},{"v":38196.98310299999,"d":"38,197"},{"$f":"IF($B$15=\"Yes\",MIN(S558*2,References!$B$7),0)","v":{"v":25464.655401999997,"d":"25,465"}},{"$f":"IF(AND(D558<>0,$B$16=\"Yes\"),References!$B$6,0)","v":{"v":100000,"d":"100,000"}},{"v":2246.881359000001,"d":"2,247"},{"v":12345.6525,"d":"12,346"},{"v":1646.087,"d":"1,646"},{"v":13991.7395,"d":"13,992"},{"v":18930.0005,"d":"18,930"},{"$f":"(M558*12-(VLOOKUP(AB558*12,'Tax table'!$A$3:$C$10,3)*(AB558*12-VLOOKUP(AB558*12,'Tax table'!$A$3:$C$10,1))+VLOOKUP(AB558*12,'Tax table'!$A$3:$C$10,2)))/12","v":{"v":18144.960703333334,"d":"18,145"}},{"v":13991.7395,"d":"13,992"},{"v":0.7711088345002387,"d":"77.1%"}]
["Member 1743","1962-05-13","F",{"v":197530.44,"d":"197,530"},{"v":0.8,"d":"80%"},{"v":0.85,"d":"85%"},{"v":0.75,"d":"75%"},{"v":0.1,"d":"10%"},null,56,{"v":16460.87,"d":"16,461"},{"v":1646.087,"d":"1,646"},{"v":20576.087499999998,"d":"20,576"},{"v":18930.0005,"d":"18,930"},{"$f":"(M559*12-(VLOOKUP(N559*12,'Tax table'!$A$3:$C$10,3)*(N559*12-VLOOKUP(N559*12,'Tax table'!$A$3:$C$10,1))+VLOOKUP(N559*12,'Tax table'!$A$3:$C$10,2)))/12","v":{"v":18144.960703333334,"d":"18,145"}},{"v":14814.783,"d":"14,815"},{"$f":"(VLOOKUP(P559*12,'Tax table'!$A$3:$C$10,3)*(P559*12-VLOOKUP(P559*12,'Tax table'!$A$3:$C$10,1))+VLOOKUP(P559*12,'Tax table'!$A$3:$C$10,2))/12","v":{"v":1481.66094,"d":"1,482"}},{"v":14979.20906,"d":"14,979"},{"v":12732.327700999998,"d":"12,732"},{"v":0.7017004836313036,"d":"70.2%"},{"v":38196.98310299999,"d":"38,197"},{"$f":"IF($B$15=\"Yes\",MIN(S559*2,References!$B$7),0)","v":{"v":25464.655401999997,"d":"25,465"}},{"$f":"IF(AND(D559<>0,$B$16=\"Yes\"),References!$B$6,0)","v":{"v":100000,"d":"100,000"}},{"v":2246.881359000001,"d":"2,247"},{"v":12345.6525,"d":"12,346"},{"v":1646.087,"d":"1,646"},{"v":13991.7395,"d":"13,992"},{"v":18930.0005,"d":"18,930"},{"$f":"(M559*12-(VLOOKUP(AB559*12,'Tax table'!$A$3:$C$10,3)*(AB559*12-VLOOKUP(AB559*12,'Tax table'!$A$3:$C$10,1))+VLOOKUP(AB559*12,'Tax table'!$A$3:$C$10,2)))/12","v":{"v":18144.960703333334,"d":"18,145"}},{"v":13991.7395,"d":"13,992"},{"v":0.7711088345002387,"d":"77.1%"}]
["Member 1744","1984-02-22","F",{"v":197530.44,"d":"197,530"},{"v":0.8,"d":"80%"},{"v":0.85,"d":"85%"},{"v":0.75,"d":"75%"},{"v":0.1,"d":"10%"},null,34,{"v":16460.87,"d":"16,461"},{"v":1646.087,"d":"1,646"},{"v":20576.087499999998,"d":"20,576"},{"v":18930.0005,"d":"18,930"},{"$f":"(M560*12-(VLOOKUP(N560*12,'Tax table'!$A$3:$C$10,3)*(N560*12-VLOOKUP(N560*12,'Tax table'!$A$3:$C$10,1))+VLOOKUP(N560*12,'Tax table'!$A$3:$C$10,2)))/12","v":{"v":18144.960703333334,"d":"18,145"}},{"v":14814.783,"d":"14,815"},{"$f":"(VLOOKUP(P560*12,'Tax table'!$A$3:$C$10,3)*(P560*12-VLOOKUP(P560*12,'Tax table'!$A$3:$C$10,1))+VLOOKUP(P560*12,'Tax table'!$A$3:$C$10,2))/12","v":{"v":1481.66094,"d":"1,482"}},{"v":14979.20906,"d":"14,979"},{"v":12732.327700999998,"d":"12,732"},{"v":0.7017004836313036,"d":"70.2%"},{"v":38196.98310299999,"d":"38,197"},{"$f":"IF($B$15=\"Yes\",MIN(S560*2,References!$B$7),0)","v":{"v":25464.655401999997,"d":"25,465"}},{"$f":"IF(AND(D560<>0,$B$16=\"Yes\"),References!$B$6,0)","v":{"v":100000,"d":"100,000"}},{"v":2246.881359000001,"d":"2,247"},{"v":12345.6525,"d":"12,346"},{"v":1646.087,"d":"1,646"},{"v":13991.7395,"d":"13,992"},{"v":18930.0005,"d":"18,930"},{"$f":"(M560*12-(VLOOKUP(AB560*12,'Tax table'!$A$3:$C$10,3)*(AB560*12-VLOOKUP(AB560*12,'Tax table'!$A$3:$C$10,1))+VLOOKUP(AB560*12,'Tax table'!$A$3:$C$10,2)))/12","v":{"v":18144.960703333334,"d":"18,145"}},{"v":13991.7395,"d":"13,992"},{"v":0.7711088345002387,"d":"77.1%"}]
["Member 1745","1966-03-27","F",{"v":197530.44,"d":"197,530"},{"v":0.8,"d":"80%"},{"v":0.85,"d":"85%"},{"v":0.75,"d":"75%"},{"v":0.1,"d":"10%"},null,52,{"v":16460.87,"d":"16,461"},{"v":1646.087,"d":"1,646"},{"v":20576.087499999998,"d":"20,576"},{"v":18930.0005,"d":"18,930"},{"$f":"(M561*12-(VLOOKUP(N561*12,'Tax table'!$A$3:$C$10,3)*(N561*12-VLOOKUP(N561*12,'Tax table'!$A$3:$C$10,1))+VLOOKUP(N561*12,'Tax table'!$A$3:$C$10,2)))/12","v":{"v":18144.960703333334,"d":"18,145"}},{"v":14814.783,"d":"14,815"},{"$f":"(VLOOKUP(P561*12,'Tax table'!$A$3:$C$10,3)*(P561*12-VLOOKUP(P561*12,'Tax table'!$A$3:$C$10,1))+VLOOKUP(P561*12,'Tax table'!$A$3:$C$10,2))/12","v":{"v":1481.66094,"d":"1,482"}},{"v":14979.20906,"d":"14,979"},{"v":12732.327700999998,"d":"12,732"},{"v":0.7017004836313036,"d":"70.2%"},{"v":38196.98310299999,"d":"38,197"},{"$f":"IF($B$15=\"Yes\",MIN(S561*2,References!$B$7),0)","v":{"v":25464.655401999997,"d":"25,465"}},{"$f":"IF(AND(D561<>0,$B$16=\"Yes\"),References!$B$6,0)","v":{"v":100000,"d":"100,000"}},{"v":2246.881359000001,"d":"2,247"},{"v":12345.6525,"d":"12,346"},{"v":1646.087,"d":"1,646"},{"v":13991.7395,"d":"13,992"},{"v":18930.0005,"d":"18,930"},{"$f":"(M561*12-(VLOOKUP(AB561*12,'Tax table'!$A$3:$C$10,3)*(AB561*12-VLOOKUP(AB561*12,'Tax table'!$A$3:$C$10,1))+VLOOKUP(AB561*12,'Tax table'!$A$3:$C$10,2)))/12","v":{"v":18144.960703333334,"d":"18,145"}},{"v":13991.7395,"d":"13,992"},{"v":0.7711088345002387,"d":"77.1%"}]
["Member 1746","1976-04-11","F",{"v":197530.44,"d":"197,530"},{"v":0.8,"d":"80%"},{"v":0.85,"d":"85%"},{"v":0.75,"d":"75%"},{"v":0.1,"d":"10%"},null,42,{"v":16460.87,"d":"16,461"},{"v":1646.087,"d":"1,646"},{"v":20576.087499999998,"d":"20,576"},{"v":18930.0005,"d":"18,930"},{"$f":"(M562*12-(VLOOKUP(N562*12,'Tax table'!$A$3:$C$10,3)*(N562*12-VLOOKUP(N562*12,'Tax table'!$A$3:$C$10,1))+VLOOKUP(N562*12,'Tax table'!$A$3:$C$10,2)))/12","v":{"v":18144.960703333334,"d":"18,145"}},{"v":14814.783,"d":"14,815"},{"$f":"(VLOOKUP(P562*12,'Tax table'!$A$3:$C$10,3)*(P562*12-VLOOKUP(P562*12,'Tax table'!$A$3:$C$10,1))+VLOOKUP(P562*12,'Tax table'!$A$3:$C$10,2))/12","v":{"v":1481.66094,"d":"1,482"}},{"v":14979.20906,"d":"14,979"},{"v":12732.327700999998,"d":"12,732"},{"v":0.7017004836313036,"d":"70.2%"},{"v":38196.98310299999,"d":"38,197"},{"$f":"IF($B$15=\"Yes\",MIN(S562*2,References!$B$7),0)","v":{"v":25464.655401999997,"d":"25,465"}},{"$f":"IF(AND(D562<>0,$B$16=\"Yes\"),References!$B$6,0)","v":{"v":100000,"d":"100,000"}},{"v":2246.881359000001,"d":"2,247"},{"v":12345.6525,"d":"12,346"},{"v":1646.087,"d":"1,646"},{"v":13991.7395,"d":"13,992"},{"v":18930.0005,"d":"18,930"},{"$f":"(M562*12-(VLOOKUP(AB562*12,'Tax table'!$A$3:$C$10,3)*(AB562*12-VLOOKUP(AB562*12,'Tax table'!$A$3:$C$10,1))+VLOOKUP(AB562*12,'Tax table'!$A$3:$C$10,2)))/12","v":{"v":18144.960703333334,"d":"18,145"}},{"v":13991.7395,"d":"13,992"},{"v":0.7711088345002387,"d":"77.1%"}]
["Member 1747","1952-12-20","F",{"v":197530.44,"d":"197,530"},{"v":0.8,"d":"80%"},{"v":0.85,"d":"85%"},{"v":0.75,"d":"75%"},{"v":0.1,"d":"10%"},null,65,{"v":16460.87,"d":"16,461"},{"v":1646.087,"d":"1,646"},{"v":20576.087499999998,"d":"20,576"},{"v":18930.0005,"d":"18,930"},{"$f":"(M563*12-(VLOOKUP(N563*12,'Tax table'!$A$3:$C$10,3)*(N563*12-VLOOKUP(N563*12,'Tax table'!$A$3:$C$10,1))+VLOOKUP(N563*12,'Tax table'!$A$3:$C$10,2)))/12","v":{"v":18144.960703333334,"d":"18,145"}},{"v":14814.783,"d":"14,815"},{"$f":"(VLOOKUP(P563*12,'Tax table'!$A$3:$C$10,3)*(P563*12-VLOOKUP(P563*12,'Tax table'!$A$3:$C$10,1))+VLOOKUP(P563*12,'Tax table'!$A$3:$C$10,2))/12","v":{"v":1481.66094,"d":"1,482"}},{"v":14979.20906,"d":"14,979"},{"v":12732.327700999998,"d":"12,732"},{"v":0.7017004836313036,"d":"70.2%"},{"v":38196.98310299999,"d":"38,197"},{"$f":"IF($B$15=\"Yes\",MIN(S563*2,References!$B$7),0)","v":{"v":25464.655401999997,"d":"25,465"}},{"$f":"IF(AND(D563<>0,$B$16=\"Yes\"),References!$B$6,0)","v":{"v":100000,"d":"100,000"}},{"v":2246.881359000001,"d":"2,247"},{"v":12345.6525,"d":"12,346"},{"v":1646.087,"d":"1,646"},{"v":13991.7395,"d":"13,992"},{"v":18930.0005,"d":"18,930"},{"$f":"(M563*12-(VLOOKUP(AB563*12,'Tax table'!$A$3:$C$10,3)*(AB563*12-VLOOKUP(AB563*12,'Tax table'!$A$3:$C$10,1))+VLOOKUP(AB563*12,'Tax table'!$A$3:$C$10,2)))/12","v":{"v":18144.960703333334,"d":"18,145"}},{"v":13991.7395,"d":"13,992"},{"v":0.7711088345002387,"d":"77.1%"}]
["Member 1748","1984-10-08","M",{"v":197530.44,"d":"197,530"},{"v":0.8,"d":"80%"},{"v":0.85,"d":"85%"},{"v":0.75,"d":"75%"},{"v":0.1,"d":"10%"},null,34,{"v":16460.87,"d":"16,461"},{"v":1646.087,"d":"1,646"},{"v":20576.087499999998,"d":"20,576"},{"v":18930.0005,"d":"18,930"},{"$f":"(M564*12-(VLOOKUP(N564*12,'Tax table'!$A$3:$C$10,3)*(N564*12-VLOOKUP(N564*12,'Tax table'!$A$3:$C$10,1))+VLOOKUP(N564*12,'Tax table'!$A$3:$C$10,2)))/12","v":{"v":18144.960703333334,"d":"18,145"}},{"v":14814.783,"d":"14,815"},{"$f":"(VLOOKUP(P564*12,'Tax table'!$A$3:$C$10,3)*(P564*12-VLOOKUP(P564*12,'Tax table'!$A$3:$C$10,1))+VLOOKUP(P564*12,'Tax table'!$A$3:$C$10,2))/12","v":{"v":1481.66094,"d":"1,482"}},{"v":14979.20906,"d":"14,979"},{"v":12732.327700999998,"d":"12,732"},{"v":0.7017004836313036,"d":"70.2%"},{"v":38196.98310299999,"d":"38,197"},{"$f":"IF($B$15=\"Yes\",MIN(S564*2,References!$B$7),0)","v":{"v":25464.655401999997,"d":"25,465"}},{"$f":"IF(AND(D564<>0,$B$16=\"Yes\"),References!$B$6,0)","v":{"v":100000,"d":"100,000"}},{"v":2246.881359000001,"d":"2,247"},{"v":12345.6525,"d":"12,346"},{"v":1646.087,"d":"1,646"},{"v":13991.7395,"d":"13,992"},{"v":18930.0005,"d":"18,930"},{"$f":"(M564*12-(VLOOKUP(AB564*12,'Tax table'!$A$3:$C$10,3)*(AB564*12-VLOOKUP(AB564*12,'Tax table'!$A$3:$C$10,1))+VLOOKUP(AB564*12,'Tax table'!$A$3:$C$10,2)))/12","v":{"v":18144.960703333334,"d":"18,145"}},{"v":13991.7395,"d":"13,992"},{"v":0.7711088345002387,"d":"77.1%"}]
["Member 1749","1986-09-04","F",{"v":197530.44,"d":"197,530"},{"v":0.8,"d":"80%"},{"v":0.85,"d":"85%"},{"v":0.75,"d":"75%"},{"v":0.1,"d":"10%"},null,32,{"v":16460.87,"d":"16,461"},{"v":1646.087,"d":"1,646"},{"v":20576.087499999998,"d":"20,576"},{"v":18930.0005,"d":"18,930"},{"$f":"(M565*12-(VLOOKUP(N565*12,'Tax table'!$A$3:$C$10,3)*(N565*12-VLOOKUP(N565*12,'Tax table'!$A$3:$C$10,1))+VLOOKUP(N565*12,'Tax table'!$A$3:$C$10,2)))/12","v":{"v":18144.960703333334,"d":"18,145"}},{"v":14814.783,"d":"14,815"},{"$f":"(VLOOKUP(P565*12,'Tax table'!$A$3:$C$10,3)*(P565*12-VLOOKUP(P565*12,'Tax table'!$A$3:$C$10,1))+VLOOKUP(P565*12,'Tax table'!$A$3:$C$10,2))/12","v":{"v":1481.66094,"d":"1,482"}},{"v":14979.20906,"d":"14,979"},{"v":12732.327700999998,"d":"12,732"},{"v":0.7017004836313036,"d":"70.2%"},{"v":38196.98310299999,"d":"38,197"},{"$f":"IF($B$15=\"Yes\",MIN(S565*2,References!$B$7),0)","v":{"v":25464.655401999997,"d":"25,465"}},{"$f":"IF(AND(D565<>0,$B$16=\"Yes\"),References!$B$6,0)","v":{"v":100000,"d":"100,000"}},{"v":2246.881359000001,"d":"2,247"},{"v":12345.6525,"d":"12,346"},{"v":1646.087,"d":"1,646"},{"v":13991.7395,"d":"13,992"},{"v":18930.0005,"d":"18,930"},{"$f":"(M565*12-(VLOOKUP(AB565*12,'Tax table'!$A$3:$C$10,3)*(AB565*12-VLOOKUP(AB565*12,'Tax table'!$A$3:$C$10,1))+VLOOKUP(AB565*12,'Tax table'!$A$3:$C$10,2)))/12","v":{"v":18144.960703333334,"d":"18,145"}},{"v":13991.7395,"d":"13,992"},{"v":0.7711088345002387,"d":"77.1%"}]
["Member 1750","1987-05-20","F",{"v":197530.44,"d":"197,530"},{"v":0.8,"d":"80%"},{"v":0.85,"d":"85%"},{"v":0.75,"d":"75%"},{"v":0.1,"d":"10%"},null,31,{"v":16460.87,"d":"16,461"},{"v":1646.087,"d":"1,646"},{"v":20576.087499999998,"d":"20,576"},{"v":18930.0005,"d":"18,930"},{"$f":"(M566*12-(VLOOKUP(N566*12,'Tax table'!$A$3:$C$10,3)*(N566*12-VLOOKUP(N566*12,'Tax table'!$A$3:$C$10,1))+VLOOKUP(N566*12,'Tax table'!$A$3:$C$10,2)))/12","v":{"v":18144.960703333334,"d":"18,145"}},{"v":14814.783,"d":"14,815"},{"$f":"(VLOOKUP(P566*12,'Tax table'!$A$3:$C$10,3)*(P566*12-VLOOKUP(P566*12,'Tax table'!$A$3:$C$10,1))+VLOOKUP(P566*12,'Tax table'!$A$3:$C$10,2))/12","v":{"v":1481.66094,"d":"1,482"}},{"v":14979.20906,"d":"14,979"},{"v":12732.327700999998,"d":"12,732"},{"v":0.7017004836313036,"d":"70.2%"},{"v":38196.98310299999,"d":"38,197"},{"$f":"IF($B$15=\"Yes\",MIN(S566*2,References!$B$7),0)","v":{"v":25464.655401999997,"d":"25,465"}},{"$f":"IF(AND(D566<>0,$B$16=\"Yes\"),References!$B$6,0)","v":{"v":100000,"d":"100,000"}},{"v":2246.881359000001,"d":"2,247"},{"v":12345.6525,"d":"12,346"},{"v":1646.087,"d":"1,646"},{"v":13991.7395,"d":"13,992"},{"v":18930.0005,"d":"18,930"},{"$f":"(M566*12-(VLOOKUP(AB566*12,'Tax table'!$A$3:$C$10,3)*(AB566*12-VLOOKUP(AB566*12,'Tax table'!$A$3:$C$10,1))+VLOOKUP(AB566*12,'Tax table'!$A$3:$C$10,2)))/12","v":{"v":18144.960703333334,"d":"18,145"}},{"v":13991.7395,"d":"13,992"},{"v":0.7711088345002387,"d":"77.1%"}]
["Member 1751","1984-06-17","M",{"v":197530.44,"d":"197,530"},{"v":0.8,"d":"80%"},{"v":0.85,"d":"85%"},{"v":0.75,"d":"75%"},{"v":0.1,"d":"10%"},null,34,{"v":16460.87,"d":"16,461"},{"v":1646.087,"d":"1,646"},{"v":20576.087499999998,"d":"20,576"},{"v":18930.0005,"d":"18,930"},{"$f":"(M567*12-(VLOOKUP(N567*12,'Tax table'!$A$3:$C$10,3)*(N567*12-VLOOKUP(N567*12,'Tax table'!$A$3:$C$10,1))+VLOOKUP(N567*12,'Tax table'!$A$3:$C$10,2)))/12","v":{"v":18144.960703333334,"d":"18,145"}},{"v":14814.783,"d":"14,815"},{"$f":"(VLOOKUP(P567*12,'Tax table'!$A$3:$C$10,3)*(P567*12-VLOOKUP(P567*12,'Tax table'!$A$3:$C$10,1))+VLOOKUP(P567*12,'Tax table'!$A$3:$C$10,2))/12","v":{"v":1481.66094,"d":"1,482"}},{"v":14979.20906,"d":"14,979"},{"v":12732.327700999998,"d":"12,732"},{"v":0.7017004836313036,"d":"70.2%"},{"v":38196.98310299999,"d":"38,197"},{"$f":"IF($B$15=\"Yes\",MIN(S567*2,References!$B$7),0)","v":{"v":25464.655401999997,"d":"25,465"}},{"$f":"IF(AND(D567<>0,$B$16=\"Yes\"),References!$B$6,0)","v":{"v":100000,"d":"100,000"}},{"v":2246.881359000001,"d":"2,247"},{"v":12345.6525,"d":"12,346"},{"v":1646.087,"d":"1,646"},{"v":13991.7395,"d":"13,992"},{"v":18930.0005,"d":"18,930"},{"$f":"(M567*12-(VLOOKUP(AB567*12,'Tax table'!$A$3:$C$10,3)*(AB567*12-VLOOKUP(AB567*12,'Tax table'!$A$3:$C$10,1))+VLOOKUP(AB567*12,'Tax table'!$A$3:$C$10,2)))/12","v":{"v":18144.960703333334,"d":"18,145"}},{"v":13991.7395,"d":"13,992"},{"v":0.7711088345002387,"d":"77.1%"}]
["Member 1752","1981-11-30","F",{"v":197530.44,"d":"197,530"},{"v":0.8,"d":"80%"},{"v":0.85,"d":"85%"},{"v":0.75,"d":"75%"},{"v":0.1,"d":"10%"},null,36,{"v":16460.87,"d":"16,461"},{"v":1646.087,"d":"1,646"},{"v":20576.087499999998,"d":"20,576"},{"v":18930.0005,"d":"18,930"},{"$f":"(M568*12-(VLOOKUP(N568*12,'Tax table'!$A$3:$C$10,3)*(N568*12-VLOOKUP(N568*12,'Tax table'!$A$3:$C$10,1))+VLOOKUP(N568*12,'Tax table'!$A$3:$C$10,2)))/12","v":{"v":18144.960703333334,"d":"18,145"}},{"v":14814.783,"d":"14,815"},{"$f":"(VLOOKUP(P568*12,'Tax table'!$A$3:$C$10,3)*(P568*12-VLOOKUP(P568*12,'Tax table'!$A$3:$C$10,1))+VLOOKUP(P568*12,'Tax table'!$A$3:$C$10,2))/12","v":{"v":1481.66094,"d":"1,482"}},{"v":14979.20906,"d":"14,979"},{"v":12732.327700999998,"d":"12,732"},{"v":0.7017004836313036,"d":"70.2%"},{"v":38196.98310299999,"d":"38,197"},{"$f":"IF($B$15=\"Yes\",MIN(S568*2,References!$B$7),0)","v":{"v":25464.655401999997,"d":"25,465"}},{"$f":"IF(AND(D568<>0,$B$16=\"Yes\"),References!$B$6,0)","v":{"v":100000,"d":"100,000"}},{"v":2246.881359000001,"d":"2,247"},{"v":12345.6525,"d":"12,346"},{"v":1646.087,"d":"1,646"},{"v":13991.7395,"d":"13,992"},{"v":18930.0005,"d":"18,930"},{"$f":"(M568*12-(VLOOKUP(AB568*12,'Tax table'!$A$3:$C$10,3)*(AB568*12-VLOOKUP(AB568*12,'Tax table'!$A$3:$C$10,1))+VLOOKUP(AB568*12,'Tax table'!$A$3:$C$10,2)))/12","v":{"v":18144.960703333334,"d":"18,145"}},{"v":13991.7395,"d":"13,992"},{"v":0.7711088345002387,"d":"77.1%"}]
["Member 1753","1985-03-12","F",{"v":197530.44,"d":"197,530"},{"v":0.8,"d":"80%"},{"v":0.85,"d":"85%"},{"v":0.75,"d":"75%"},{"v":0.1,"d":"10%"},null,33,{"v":16460.87,"d":"16,461"},{"v":1646.087,"d":"1,646"},{"v":20576.087499999998,"d":"20,576"},{"v":18930.0005,"d":"18,930"},{"$f":"(M569*12-(VLOOKUP(N569*12,'Tax table'!$A$3:$C$10,3)*(N569*12-VLOOKUP(N569*12,'Tax table'!$A$3:$C$10,1))+VLOOKUP(N569*12,'Tax table'!$A$3:$C$10,2)))/12","v":{"v":18144.960703333334,"d":"18,145"}},{"v":14814.783,"d":"14,815"},{"$f":"(VLOOKUP(P569*12,'Tax table'!$A$3:$C$10,3)*(P569*12-VLOOKUP(P569*12,'Tax table'!$A$3:$C$10,1))+VLOOKUP(P569*12,'Tax table'!$A$3:$C$10,2))/12","v":{"v":1481.66094,"d":"1,482"}},{"v":14979.20906,"d":"14,979"},{"v":12732.327700999998,"d":"12,732"},{"v":0.7017004836313036,"d":"70.2%"},{"v":38196.98310299999,"d":"38,197"},{"$f":"IF($B$15=\"Yes\",MIN(S569*2,References!$B$7),0)","v":{"v":25464.655401999997,"d":"25,465"}},{"$f":"IF(AND(D569<>0,$B$16=\"Yes\"),References!$B$6,0)","v":{"v":100000,"d":"100,000"}},{"v":2246.881359000001,"d":"2,247"},{"v":12345.6525,"d":"12,346"},{"v":1646.087,"d":"1,646"},{"v":13991.7395,"d":"13,992"},{"v":18930.0005,"d":"18,930"},{"$f":"(M569*12-(VLOOKUP(AB569*12,'Tax table'!$A$3:$C$10,3)*(AB569*12-VLOOKUP(AB569*12,'Tax table'!$A$3:$C$10,1))+VLOOKUP(AB569*12,'Tax table'!$A$3:$C$10,2)))/12","v":{"v":18144.960703333334,"d":"18,145"}},{"v":13991.7395,"d":"13,992"},{"v":0.7711088345002387,"d":"77.1%"}]
["Member 1754","1979-11-02","M",{"v":197530.44,"d":"197,530"},{"v":0.8,"d":"80%"},{"v":0.85,"d":"85%"},{"v":0.75,"d":"75%"},{"v":0.1,"d":"10%"},null,39,{"v":16460.87,"d":"16,461"},{"v":1646.087,"d":"1,646"},{"v":20576.087499999998,"d":"20,576"},{"v":18930.0005,"d":"18,930"},{"$f":"(M570*12-(VLOOKUP(N570*12,'Tax table'!$A$3:$C$10,3)*(N570*12-VLOOKUP(N570*12,'Tax table'!$A$3:$C$10,1))+VLOOKUP(N570*12,'Tax table'!$A$3:$C$10,2)))/12","v":{"v":18144.960703333334,"d":"18,145"}},{"v":14814.783,"d":"14,815"},{"$f":"(VLOOKUP(P570*12,'Tax table'!$A$3:$C$10,3)*(P570*12-VLOOKUP(P570*12,'Tax table'!$A$3:$C$10,1))+VLOOKUP(P570*12,'Tax table'!$A$3:$C$10,2))/12","v":{"v":1481.66094,"d":"1,482"}},{"v":14979.20906,"d":"14,979"},{"v":12732.327700999998,"d":"12,732"},{"v":0.7017004836313036,"d":"70.2%"},{"v":38196.98310299999,"d":"38,197"},{"$f":"IF($B$15=\"Yes\",MIN(S570*2,References!$B$7),0)","v":{"v":25464.655401999997,"d":"25,465"}},{"$f":"IF(AND(D570<>0,$B$16=\"Yes\"),References!$B$6,0)","v":{"v":100000,"d":"100,000"}},{"v":2246.881359000001,"d":"2,247"},{"v":12345.6525,"d":"12,346"},{"v":1646.087,"d":"1,646"},{"v":13991.7395,"d":"13,992"},{"v":18930.0005,"d":"18,930"},{"$f":"(M570*12-(VLOOKUP(AB570*12,'Tax table'!$A$3:$C$10,3)*(AB570*12-VLOOKUP(AB570*12,'Tax table'!$A$3:$C$10,1))+VLOOKUP(AB570*12,'Tax table'!$A$3:$C$10,2)))/12","v":{"v":18144.960703333334,"d":"18,145"}},{"v":13991.7395,"d":"13,992"},{"v":0.7711088345002387,"d":"77.1%"}]
["Member 1755","1980-11-11","M",{"v":197530.44,"d":"197,530"},{"v":0.8,"d":"80%"},{"v":0.85,"d":"85%"},{"v":0.75,"d":"75%"},{"v":0.1,"d":"10%"},null,37,{"v":16460.87,"d":"16,461"},{"v":1646.087,"d":"1,646"},{"v":20576.087499999998,"d":"20,576"},{"v":18930.0005,"d":"18,930"},{"$f":"(M571*12-(VLOOKUP(N571*12,'Tax table'!$A$3:$C$10,3)*(N571*12-VLOOKUP(N571*12,'Tax table'!$A$3:$C$10,1))+VLOOKUP(N571*12,'Tax table'!$A$3:$C$10,2)))/12","v":{"v":18144.960703333334,"d":"18,145"}},{"v":14814.783,"d":"14,815"},{"$f":"(VLOOKUP(P571*12,'Tax table'!$A$3:$C$10,3)*(P571*12-VLOOKUP(P571*12,'Tax table'!$A$3:$C$10,1))+VLOOKUP(P571*12,'Tax table'!$A$3:$C$10,2))/12","v":{"v":1481.66094,"d":"1,482"}},{"v":14979.20906,"d":"14,979"},{"v":12732.327700999998,"d":"12,732"},{"v":0.7017004836313036,"d":"70.2%"},{"v":38196.98310299999,"d":"38,197"},{"$f":"IF($B$15=\"Yes\",MIN(S571*2,References!$B$7),0)","v":{"v":25464.655401999997,"d":"25,465"}},{"$f":"IF(AND(D571<>0,$B$16=\"Yes\"),References!$B$6,0)","v":{"v":100000,"d":"100,000"}},{"v":2246.881359000001,"d":"2,247"},{"v":12345.6525,"d":"12,346"},{"v":1646.087,"d":"1,646"},{"v":13991.7395,"d":"13,992"},{"v":18930.0005,"d":"18,930"},{"$f":"(M571*12-(VLOOKUP(AB571*12,'Tax table'!$A$3:$C$10,3)*(AB571*12-VLOOKUP(AB571*12,'Tax table'!$A$3:$C$10,1))+VLOOKUP(AB571*12,'Tax table'!$A$3:$C$10,2)))/12","v":{"v":18144.960703333334,"d":"18,145"}},{"v":13991.7395,"d":"13,992"},{"v":0.7711088345002387,"d":"77.1%"}]
["Member 1756","1990-02-09","F",{"v":197530.44,"d":"197,530"},{"v":0.8,"d":"80%"},{"v":0.85,"d":"85%"},{"v":0.75,"d":"75%"},{"v":0.1,"d":"10%"},null,28,{"v":16460.87,"d":"16,461"},{"v":1646.087,"d":"1,646"},{"v":20576.087499999998,"d":"20,576"},{"v":18930.0005,"d":"18,930"},{"$f":"(M572*12-(VLOOKUP(N572*12,'Tax table'!$A$3:$C$10,3)*(N572*12-VLOOKUP(N572*12,'Tax table'!$A$3:$C$10,1))+VLOOKUP(N572*12,'Tax table'!$A$3:$C$10,2)))/12","v":{"v":18144.960703333334,"d":"18,145"}},{"v":14814.783,"d":"14,815"},{"$f":"(VLOOKUP(P572*12,'Tax table'!$A$3:$C$10,3)*(P572*12-VLOOKUP(P572*12,'Tax table'!$A$3:$C$10,1))+VLOOKUP(P572*12,'Tax table'!$A$3:$C$10,2))/12","v":{"v":1481.66094,"d":"1,482"}},{"v":14979.20906,"d":"14,979"},{"v":12732.327700999998,"d":"12,732"},{"v":0.7017004836313036,"d":"70.2%"},{"v":38196.98310299999,"d":"38,197"},{"$f":"IF($B$15=\"Yes\",MIN(S572*2,References!$B$7),0)","v":{"v":25464.655401999997,"d":"25,465"}},{"$f":"IF(AND(D572<>0,$B$16=\"Yes\"),References!$B$6,0)","v":{"v":100000,"d":"100,000"}},{"v":2246.881359000001,"d":"2,247"},{"v":12345.6525,"d":"12,346"},{"v":1646.087,"d":"1,646"},{"v":13991.7395,"d":"13,992"},{"v":18930.0005,"d":"18,930"},{"$f":"(M572*12-(VLOOKUP(AB572*12,'Tax table'!$A$3:$C$10,3)*(AB572*12-VLOOKUP(AB572*12,'Tax table'!$A$3:$C$10,1))+VLOOKUP(AB572*12,'Tax table'!$A$3:$C$10,2)))/12","v":{"v":18144.960703333334,"d":"18,145"}},{"v":13991.7395,"d":"13,992"},{"v":0.7711088345002387,"d":"77.1%"}]
["Member 1757","1987-12-24","M",{"v":197530.44,"d":"197,530"},{"v":0.8,"d":"80%"},{"v":0.85,"d":"85%"},{"v":0.75,"d":"75%"},{"v":0.1,"d":"10%"},null,30,{"v":16460.87,"d":"16,461"},{"v":1646.087,"d":"1,646"},{"v":20576.087499999998,"d":"20,576"},{"v":18930.0005,"d":"18,930"},{"$f":"(M573*12-(VLOOKUP(N573*12,'Tax table'!$A$3:$C$10,3)*(N573*12-VLOOKUP(N573*12,'Tax table'!$A$3:$C$10,1))+VLOOKUP(N573*12,'Tax table'!$A$3:$C$10,2)))/12","v":{"v":18144.960703333334,"d":"18,145"}},{"v":14814.783,"d":"14,815"},{"$f":"(VLOOKUP(P573*12,'Tax table'!$A$3:$C$10,3)*(P573*12-VLOOKUP(P573*12,'Tax table'!$A$3:$C$10,1))+VLOOKUP(P573*12,'Tax table'!$A$3:$C$10,2))/12","v":{"v":1481.66094,"d":"1,482"}},{"v":14979.20906,"d":"14,979"},{"v":12732.327700999998,"d":"12,732"},{"v":0.7017004836313036,"d":"70.2%"},{"v":38196.98310299999,"d":"38,197"},{"$f":"IF($B$15=\"Yes\",MIN(S573*2,References!$B$7),0)","v":{"v":25464.655401999997,"d":"25,465"}},{"$f":"IF(AND(D573<>0,$B$16=\"Yes\"),References!$B$6,0)","v":{"v":100000,"d":"100,000"}},{"v":2246.881359000001,"d":"2,247"},{"v":12345.6525,"d":"12,346"},{"v":1646.087,"d":"1,646"},{"v":13991.7395,"d":"13,992"},{"v":18930.0005,"d":"18,930"},{"$f":"(M573*12-(VLOOKUP(AB573*12,'Tax table'!$A$3:$C$10,3)*(AB573*12-VLOOKUP(AB573*12,'Tax table'!$A$3:$C$10,1))+VLOOKUP(AB573*12,'Tax table'!$A$3:$C$10,2)))/12","v":{"v":18144.960703333334,"d":"18,145"}},{"v":13991.7395,"d":"13,992"},{"v":0.7711088345002387,"d":"77.1%"}]
["Member 1758","1982-12-25","M",{"v":197530.44,"d":"197,530"},{"v":0.8,"d":"80%"},{"v":0.85,"d":"85%"},{"v":0.75,"d":"75%"},{"v":0.1,"d":"10%"},null,35,{"v":16460.87,"d":"16,461"},{"v":1646.087,"d":"1,646"},{"v":20576.087499999998,"d":"20,576"},{"v":18930.0005,"d":"18,930"},{"$f":"(M574*12-(VLOOKUP(N574*12,'Tax table'!$A$3:$C$10,3)*(N574*12-VLOOKUP(N574*12,'Tax table'!$A$3:$C$10,1))+VLOOKUP(N574*12,'Tax table'!$A$3:$C$10,2)))/12","v":{"v":18144.960703333334,"d":"18,145"}},{"v":14814.783,"d":"14,815"},{"$f":"(VLOOKUP(P574*12,'Tax table'!$A$3:$C$10,3)*(P574*12-VLOOKUP(P574*12,'Tax table'!$A$3:$C$10,1))+VLOOKUP(P574*12,'Tax table'!$A$3:$C$10,2))/12","v":{"v":1481.66094,"d":"1,482"}},{"v":14979.20906,"d":"14,979"},{"v":12732.327700999998,"d":"12,732"},{"v":0.7017004836313036,"d":"70.2%"},{"v":38196.98310299999,"d":"38,197"},{"$f":"IF($B$15=\"Yes\",MIN(S574*2,References!$B$7),0)","v":{"v":25464.655401999997,"d":"25,465"}},{"$f":"IF(AND(D574<>0,$B$16=\"Yes\"),References!$B$6,0)","v":{"v":100000,"d":"100,000"}},{"v":2246.881359000001,"d":"2,247"},{"v":12345.6525,"d":"12,346"},{"v":1646.087,"d":"1,646"},{"v":13991.7395,"d":"13,992"},{"v":18930.0005,"d":"18,930"},{"$f":"(M574*12-(VLOOKUP(AB574*12,'Tax table'!$A$3:$C$10,3)*(AB574*12-VLOOKUP(AB574*12,'Tax table'!$A$3:$C$10,1))+VLOOKUP(AB574*12,'Tax table'!$A$3:$C$10,2)))/12","v":{"v":18144.960703333334,"d":"18,145"}},{"v":13991.7395,"d":"13,992"},{"v":0.7711088345002387,"d":"77.1%"}]
["Member 1759","1981-07-07","M",{"v":197530.44,"d":"197,530"},{"v":0.8,"d":"80%"},{"v":0.85,"d":"85%"},{"v":0.75,"d":"75%"},{"v":0.1,"d":"10%"},null,37,{"v":16460.87,"d":"16,461"},{"v":1646.087,"d":"1,646"},{"v":20576.087499999998,"d":"20,576"},{"v":18930.0005,"d":"18,930"},{"$f":"(M575*12-(VLOOKUP(N575*12,'Tax table'!$A$3:$C$10,3)*(N575*12-VLOOKUP(N575*12,'Tax table'!$A$3:$C$10,1))+VLOOKUP(N575*12,'Tax table'!$A$3:$C$10,2)))/12","v":{"v":18144.960703333334,"d":"18,145"}},{"v":14814.783,"d":"14,815"},{"$f":"(VLOOKUP(P575*12,'Tax table'!$A$3:$C$10,3)*(P575*12-VLOOKUP(P575*12,'Tax table'!$A$3:$C$10,1))+VLOOKUP(P575*12,'Tax table'!$A$3:$C$10,2))/12","v":{"v":1481.66094,"d":"1,482"}},{"v":14979.20906,"d":"14,979"},{"v":12732.327700999998,"d":"12,732"},{"v":0.7017004836313036,"d":"70.2%"},{"v":38196.98310299999,"d":"38,197"},{"$f":"IF($B$15=\"Yes\",MIN(S575*2,References!$B$7),0)","v":{"v":25464.655401999997,"d":"25,465"}},{"$f":"IF(AND(D575<>0,$B$16=\"Yes\"),References!$B$6,0)","v":{"v":100000,"d":"100,000"}},{"v":2246.881359000001,"d":"2,247"},{"v":12345.6525,"d":"12,346"},{"v":1646.087,"d":"1,646"},{"v":13991.7395,"d":"13,992"},{"v":18930.0005,"d":"18,930"},{"$f":"(M575*12-(VLOOKUP(AB575*12,'Tax table'!$A$3:$C$10,3)*(AB575*12-VLOOKUP(AB575*12,'Tax table'!$A$3:$C$10,1))+VLOOKUP(AB575*12,'Tax table'!$A$3:$C$10,2)))/12","v":{"v":18144.960703333334,"d":"18,145"}},{"v":13991.7395,"d":"13,992"},{"v":0.7711088345002387,"d":"77.1%"}]
["Member 1760","1991-09-23","M",{"v":197530.44,"d":"197,530"},{"v":0.8,"d":"80%"},{"v":0.85,"d":"85%"},{"v":0.75,"d":"75%"},{"v":0.1,"d":"10%"},null,27,{"v":16460.87,"d":"16,461"},{"v":1646.087,"d":"1,646"},{"v":20576.087499999998,"d":"20,576"},{"v":18930.0005,"d":"18,930"},{"$f":"(M576*12-(VLOOKUP(N576*12,'Tax table'!$A$3:$C$10,3)*(N576*12-VLOOKUP(N576*12,'Tax table'!$A$3:$C$10,1))+VLOOKUP(N576*12,'Tax table'!$A$3:$C$10,2)))/12","v":{"v":18144.960703333334,"d":"18,145"}},{"v":14814.783,"d":"14,815"},{"$f":"(VLOOKUP(P576*12,'Tax table'!$A$3:$C$10,3)*(P576*12-VLOOKUP(P576*12,'Tax table'!$A$3:$C$10,1))+VLOOKUP(P576*12,'Tax table'!$A$3:$C$10,2))/12","v":{"v":1481.66094,"d":"1,482"}},{"v":14979.20906,"d":"14,979"},{"v":12732.327700999998,"d":"12,732"},{"v":0.7017004836313036,"d":"70.2%"},{"v":38196.98310299999,"d":"38,197"},{"$f":"IF($B$15=\"Yes\",MIN(S576*2,References!$B$7),0)","v":{"v":25464.655401999997,"d":"25,465"}},{"$f":"IF(AND(D576<>0,$B$16=\"Yes\"),References!$B$6,0)","v":{"v":100000,"d":"100,000"}},{"v":2246.881359000001,"d":"2,247"},{"v":12345.6525,"d":"12,346"},{"v":1646.087,"d":"1,646"},{"v":13991.7395,"d":"13,992"},{"v":18930.0005,"d":"18,930"},{"$f":"(M576*12-(VLOOKUP(AB576*12,'Tax table'!$A$3:$C$10,3)*(AB576*12-VLOOKUP(AB576*12,'Tax table'!$A$3:$C$10,1))+VLOOKUP(AB576*12,'Tax table'!$A$3:$C$10,2)))/12","v":{"v":18144.960703333334,"d":"18,145"}},{"v":13991.7395,"d":"13,992"},{"v":0.7711088345002387,"d":"77.1%"}]
["Member 1761","1975-01-01","M",{"v":197530.44,"d":"197,530"},{"v":0.8,"d":"80%"},{"v":0.85,"d":"85%"},{"v":0.75,"d":"75%"},{"v":0.1,"d":"10%"},null,43,{"v":16460.87,"d":"16,461"},{"v":1646.087,"d":"1,646"},{"v":20576.087499999998,"d":"20,576"},{"v":18930.0005,"d":"18,930"},{"$f":"(M577*12-(VLOOKUP(N577*12,'Tax table'!$A$3:$C$10,3)*(N577*12-VLOOKUP(N577*12,'Tax table'!$A$3:$C$10,1))+VLOOKUP(N577*12,'Tax table'!$A$3:$C$10,2)))/12","v":{"v":18144.960703333334,"d":"18,145"}},{"v":14814.783,"d":"14,815"},{"$f":"(VLOOKUP(P577*12,'Tax table'!$A$3:$C$10,3)*(P577*12-VLOOKUP(P577*12,'Tax table'!$A$3:$C$10,1))+VLOOKUP(P577*12,'Tax table'!$A$3:$C$10,2))/12","v":{"v":1481.66094,"d":"1,482"}},{"v":14979.20906,"d":"14,979"},{"v":12732.327700999998,"d":"12,732"},{"v":0.7017004836313036,"d":"70.2%"},{"v":38196.98310299999,"d":"38,197"},{"$f":"IF($B$15=\"Yes\",MIN(S577*2,References!$B$7),0)","v":{"v":25464.655401999997,"d":"25,465"}},{"$f":"IF(AND(D577<>0,$B$16=\"Yes\"),References!$B$6,0)","v":{"v":100000,"d":"100,000"}},{"v":2246.881359000001,"d":"2,247"},{"v":12345.6525,"d":"12,346"},{"v":1646.087,"d":"1,646"},{"v":13991.7395,"d":"13,992"},{"v":18930.0005,"d":"18,930"},{"$f":"(M577*12-(VLOOKUP(AB577*12,'Tax table'!$A$3:$C$10,3)*(AB577*12-VLOOKUP(AB577*12,'Tax table'!$A$3:$C$10,1))+VLOOKUP(AB577*12,'Tax table'!$A$3:$C$10,2)))/12","v":{"v":18144.960703333334,"d":"18,145"}},{"v":13991.7395,"d":"13,992"},{"v":0.7711088345002387,"d":"77.1%"}]
["Member 1762","1987-04-23","M",{"v":197530.44,"d":"197,530"},{"v":0.8,"d":"80%"},{"v":0.85,"d":"85%"},{"v":0.75,"d":"75%"},{"v":0.1,"d":"10%"},null,31,{"v":16460.87,"d":"16,461"},{"v":1646.087,"d":"1,646"},{"v":20576.087499999998,"d":"20,576"},{"v":18930.0005,"d":"18,930"},{"$f":"(M578*12-(VLOOKUP(N578*12,'Tax table'!$A$3:$C$10,3)*(N578*12-VLOOKUP(N578*12,'Tax table'!$A$3:$C$10,1))+VLOOKUP(N578*12,'Tax table'!$A$3:$C$10,2)))/12","v":{"v":18144.960703333334,"d":"18,145"}},{"v":14814.783,"d":"14,815"},{"$f":"(VLOOKUP(P578*12,'Tax table'!$A$3:$C$10,3)*(P578*12-VLOOKUP(P578*12,'Tax table'!$A$3:$C$10,1))+VLOOKUP(P578*12,'Tax table'!$A$3:$C$10,2))/12","v":{"v":1481.66094,"d":"1,482"}},{"v":14979.20906,"d":"14,979"},{"v":12732.327700999998,"d":"12,732"},{"v":0.7017004836313036,"d":"70.2%"},{"v":38196.98310299999,"d":"38,197"},{"$f":"IF($B$15=\"Yes\",MIN(S578*2,References!$B$7),0)","v":{"v":25464.655401999997,"d":"25,465"}},{"$f":"IF(AND(D578<>0,$B$16=\"Yes\"),References!$B$6,0)","v":{"v":100000,"d":"100,000"}},{"v":2246.881359000001,"d":"2,247"},{"v":12345.6525,"d":"12,346"},{"v":1646.087,"d":"1,646"},{"v":13991.7395,"d":"13,992"},{"v":18930.0005,"d":"18,930"},{"$f":"(M578*12-(VLOOKUP(AB578*12,'Tax table'!$A$3:$C$10,3)*(AB578*12-VLOOKUP(AB578*12,'Tax table'!$A$3:$C$10,1))+VLOOKUP(AB578*12,'Tax table'!$A$3:$C$10,2)))/12","v":{"v":18144.960703333334,"d":"18,145"}},{"v":13991.7395,"d":"13,992"},{"v":0.7711088345002387,"d":"77.1%"}]
["Member 1763","1990-07-09","F",{"v":197530.44,"d":"197,530"},{"v":0.8,"d":"80%"},{"v":0.85,"d":"85%"},{"v":0.75,"d":"75%"},{"v":0.1,"d":"10%"},null,28,{"v":16460.87,"d":"16,461"},{"v":1646.087,"d":"1,646"},{"v":20576.087499999998,"d":"20,576"},{"v":18930.0005,"d":"18,930"},{"$f":"(M579*12-(VLOOKUP(N579*12,'Tax table'!$A$3:$C$10,3)*(N579*12-VLOOKUP(N579*12,'Tax table'!$A$3:$C$10,1))+VLOOKUP(N579*12,'Tax table'!$A$3:$C$10,2)))/12","v":{"v":18144.960703333334,"d":"18,145"}},{"v":14814.783,"d":"14,815"},{"$f":"(VLOOKUP(P579*12,'Tax table'!$A$3:$C$10,3)*(P579*12-VLOOKUP(P579*12,'Tax table'!$A$3:$C$10,1))+VLOOKUP(P579*12,'Tax table'!$A$3:$C$10,2))/12","v":{"v":1481.66094,"d":"1,482"}},{"v":14979.20906,"d":"14,979"},{"v":12732.327700999998,"d":"12,732"},{"v":0.7017004836313036,"d":"70.2%"},{"v":38196.98310299999,"d":"38,197"},{"$f":"IF($B$15=\"Yes\",MIN(S579*2,References!$B$7),0)","v":{"v":25464.655401999997,"d":"25,465"}},{"$f":"IF(AND(D579<>0,$B$16=\"Yes\"),References!$B$6,0)","v":{"v":100000,"d":"100,000"}},{"v":2246.881359000001,"d":"2,247"},{"v":12345.6525,"d":"12,346"},{"v":1646.087,"d":"1,646"},{"v":13991.7395,"d":"13,992"},{"v":18930.0005,"d":"18,930"},{"$f":"(M579*12-(VLOOKUP(AB579*12,'Tax table'!$A$3:$C$10,3)*(AB579*12-VLOOKUP(AB579*12,'Tax table'!$A$3:$C$10,1))+VLOOKUP(AB579*12,'Tax table'!$A$3:$C$10,2)))/12","v":{"v":18144.960703333334,"d":"18,145"}},{"v":13991.7395,"d":"13,992"},{"v":0.7711088345002387,"d":"77.1%"}]
["Member 1764","1991-01-30","M",{"v":197530.44,"d":"197,530"},{"v":0.8,"d":"80%"},{"v":0.85,"d":"85%"},{"v":0.75,"d":"75%"},{"v":0.1,"d":"10%"},null,27,{"v":16460.87,"d":"16,461"},{"v":1646.087,"d":"1,646"},{"v":20576.087499999998,"d":"20,576"},{"v":18930.0005,"d":"18,930"},{"$f":"(M580*12-(VLOOKUP(N580*12,'Tax table'!$A$3:$C$10,3)*(N580*12-VLOOKUP(N580*12,'Tax table'!$A$3:$C$10,1))+VLOOKUP(N580*12,'Tax table'!$A$3:$C$10,2)))/12","v":{"v":18144.960703333334,"d":"18,145"}},{"v":14814.783,"d":"14,815"},{"$f":"(VLOOKUP(P580*12,'Tax table'!$A$3:$C$10,3)*(P580*12-VLOOKUP(P580*12,'Tax table'!$A$3:$C$10,1))+VLOOKUP(P580*12,'Tax table'!$A$3:$C$10,2))/12","v":{"v":1481.66094,"d":"1,482"}},{"v":14979.20906,"d":"14,979"},{"v":12732.327700999998,"d":"12,732"},{"v":0.7017004836313036,"d":"70.2%"},{"v":38196.98310299999,"d":"38,197"},{"$f":"IF($B$15=\"Yes\",MIN(S580*2,References!$B$7),0)","v":{"v":25464.655401999997,"d":"25,465"}},{"$f":"IF(AND(D580<>0,$B$16=\"Yes\"),References!$B$6,0)","v":{"v":100000,"d":"100,000"}},{"v":2246.881359000001,"d":"2,247"},{"v":12345.6525,"d":"12,346"},{"v":1646.087,"d":"1,646"},{"v":13991.7395,"d":"13,992"},{"v":18930.0005,"d":"18,930"},{"$f":"(M580*12-(VLOOKUP(AB580*12,'Tax table'!$A$3:$C$10,3)*(AB580*12-VLOOKUP(AB580*12,'Tax table'!$A$3:$C$10,1))+VLOOKUP(AB580*12,'Tax table'!$A$3:$C$10,2)))/12","v":{"v":18144.960703333334,"d":"18,145"}},{"v":13991.7395,"d":"13,992"},{"v":0.7711088345002387,"d":"77.1%"}]
["Member 1765","1990-10-30","F",{"v":197530.44,"d":"197,530"},{"v":0.8,"d":"80%"},{"v":0.85,"d":"85%"},{"v":0.75,"d":"75%"},{"v":0.1,"d":"10%"},null,28,{"v":16460.87,"d":"16,461"},{"v":1646.087,"d":"1,646"},{"v":20576.087499999998,"d":"20,576"},{"v":18930.0005,"d":"18,930"},{"$f":"(M581*12-(VLOOKUP(N581*12,'Tax table'!$A$3:$C$10,3)*(N581*12-VLOOKUP(N581*12,'Tax table'!$A$3:$C$10,1))+VLOOKUP(N581*12,'Tax table'!$A$3:$C$10,2)))/12","v":{"v":18144.960703333334,"d":"18,145"}},{"v":14814.783,"d":"14,815"},{"$f":"(VLOOKUP(P581*12,'Tax table'!$A$3:$C$10,3)*(P581*12-VLOOKUP(P581*12,'Tax table'!$A$3:$C$10,1))+VLOOKUP(P581*12,'Tax table'!$A$3:$C$10,2))/12","v":{"v":1481.66094,"d":"1,482"}},{"v":14979.20906,"d":"14,979"},{"v":12732.327700999998,"d":"12,732"},{"v":0.7017004836313036,"d":"70.2%"},{"v":38196.98310299999,"d":"38,197"},{"$f":"IF($B$15=\"Yes\",MIN(S581*2,References!$B$7),0)","v":{"v":25464.655401999997,"d":"25,465"}},{"$f":"IF(AND(D581<>0,$B$16=\"Yes\"),References!$B$6,0)","v":{"v":100000,"d":"100,000"}},{"v":2246.881359000001,"d":"2,247"},{"v":12345.6525,"d":"12,346"},{"v":1646.087,"d":"1,646"},{"v":13991.7395,"d":"13,992"},{"v":18930.0005,"d":"18,930"},{"$f":"(M581*12-(VLOOKUP(AB581*12,'Tax table'!$A$3:$C$10,3)*(AB581*12-VLOOKUP(AB581*12,'Tax table'!$A$3:$C$10,1))+VLOOKUP(AB581*12,'Tax table'!$A$3:$C$10,2)))/12","v":{"v":18144.960703333334,"d":"18,145"}},{"v":13991.7395,"d":"13,992"},{"v":0.7711088345002387,"d":"77.1%"}]
["Member 1766","1983-08-08","F",{"v":197530.44,"d":"197,530"},{"v":0.8,"d":"80%"},{"v":0.85,"d":"85%"},{"v":0.75,"d":"75%"},{"v":0.1,"d":"10%"},null,35,{"v":16460.87,"d":"16,461"},{"v":1646.087,"d":"1,646"},{"v":20576.087499999998,"d":"20,576"},{"v":18930.0005,"d":"18,930"},{"$f":"(M582*12-(VLOOKUP(N582*12,'Tax table'!$A$3:$C$10,3)*(N582*12-VLOOKUP(N582*12,'Tax table'!$A$3:$C$10,1))+VLOOKUP(N582*12,'Tax table'!$A$3:$C$10,2)))/12","v":{"v":18144.960703333334,"d":"18,145"}},{"v":14814.783,"d":"14,815"},{"$f":"(VLOOKUP(P582*12,'Tax table'!$A$3:$C$10,3)*(P582*12-VLOOKUP(P582*12,'Tax table'!$A$3:$C$10,1))+VLOOKUP(P582*12,'Tax table'!$A$3:$C$10,2))/12","v":{"v":1481.66094,"d":"1,482"}},{"v":14979.20906,"d":"14,979"},{"v":12732.327700999998,"d":"12,732"},{"v":0.7017004836313036,"d":"70.2%"},{"v":38196.98310299999,"d":"38,197"},{"$f":"IF($B$15=\"Yes\",MIN(S582*2,References!$B$7),0)","v":{"v":25464.655401999997,"d":"25,465"}},{"$f":"IF(AND(D582<>0,$B$16=\"Yes\"),References!$B$6,0)","v":{"v":100000,"d":"100,000"}},{"v":2246.881359000001,"d":"2,247"},{"v":12345.6525,"d":"12,346"},{"v":1646.087,"d":"1,646"},{"v":13991.7395,"d":"13,992"},{"v":18930.0005,"d":"18,930"},{"$f":"(M582*12-(VLOOKUP(AB582*12,'Tax table'!$A$3:$C$10,3)*(AB582*12-VLOOKUP(AB582*12,'Tax table'!$A$3:$C$10,1))+VLOOKUP(AB582*12,'Tax table'!$A$3:$C$10,2)))/12","v":{"v":18144.960703333334,"d":"18,145"}},{"v":13991.7395,"d":"13,992"},{"v":0.7711088345002387,"d":"77.1%"}]
["Member 1767","1993-11-01","M",{"v":197530.44,"d":"197,530"},{"v":0.8,"d":"80%"},{"v":0.85,"d":"85%"},{"v":0.75,"d":"75%"},{"v":0.1,"d":"10%"},null,25,{"v":16460.87,"d":"16,461"},{"v":1646.087,"d":"1,646"},{"v":20576.087499999998,"d":"20,576"},{"v":18930.0005,"d":"18,930"},{"$f":"(M583*12-(VLOOKUP(N583*12,'Tax table'!$A$3:$C$10,3)*(N583*12-VLOOKUP(N583*12,'Tax table'!$A$3:$C$10,1))+VLOOKUP(N583*12,'Tax table'!$A$3:$C$10,2)))/12","v":{"v":18144.960703333334,"d":"18,145"}},{"v":14814.783,"d":"14,815"},{"$f":"(VLOOKUP(P583*12,'Tax table'!$A$3:$C$10,3)*(P583*12-VLOOKUP(P583*12,'Tax table'!$A$3:$C$10,1))+VLOOKUP(P583*12,'Tax table'!$A$3:$C$10,2))/12","v":{"v":1481.66094,"d":"1,482"}},{"v":14979.20906,"d":"14,979"},{"v":12732.327700999998,"d":"12,732"},{"v":0.7017004836313036,"d":"70.2%"},{"v":38196.98310299999,"d":"38,197"},{"$f":"IF($B$15=\"Yes\",MIN(S583*2,References!$B$7),0)","v":{"v":25464.655401999997,"d":"25,465"}},{"$f":"IF(AND(D583<>0,$B$16=\"Yes\"),References!$B$6,0)","v":{"v":100000,"d":"100,000"}},{"v":2246.881359000001,"d":"2,247"},{"v":12345.6525,"d":"12,346"},{"v":1646.087,"d":"1,646"},{"v":13991.7395,"d":"13,992"},{"v":18930.0005,"d":"18,930"},{"$f":"(M583*12-(VLOOKUP(AB583*12,'Tax table'!$A$3:$C$10,3)*(AB583*12-VLOOKUP(AB583*12,'Tax table'!$A$3:$C$10,1))+VLOOKUP(AB583*12,'Tax table'!$A$3:$C$10,2)))/12","v":{"v":18144.960703333334,"d":"18,145"}},{"v":13991.7395,"d":"13,992"},{"v":0.7711088345002387,"d":"77.1%"}]
["Member 1768","1988-09-13","F",{"v":197530.44,"d":"197,530"},{"v":0.8,"d":"80%"},{"v":0.85,"d":"85%"},{"v":0.75,"d":"75%"},{"v":0.1,"d":"10%"},null,30,{"v":16460.87,"d":"16,461"},{"v":1646.087,"d":"1,646"},{"v":20576.087499999998,"d":"20,576"},{"v":18930.0005,"d":"18,930"},{"$f":"(M584*12-(VLOOKUP(N584*12,'Tax table'!$A$3:$C$10,3)*(N584*12-VLOOKUP(N584*12,'Tax table'!$A$3:$C$10,1))+VLOOKUP(N584*12,'Tax table'!$A$3:$C$10,2)))/12","v":{"v":18144.960703333334,"d":"18,145"}},{"v":14814.783,"d":"14,815"},{"$f":"(VLOOKUP(P584*12,'Tax table'!$A$3:$C$10,3)*(P584*12-VLOOKUP(P584*12,'Tax table'!$A$3:$C$10,1))+VLOOKUP(P584*12,'Tax table'!$A$3:$C$10,2))/12","v":{"v":1481.66094,"d":"1,482"}},{"v":14979.20906,"d":"14,979"},{"v":12732.327700999998,"d":"12,732"},{"v":0.7017004836313036,"d":"70.2%"},{"v":38196.98310299999,"d":"38,197"},{"$f":"IF($B$15=\"Yes\",MIN(S584*2,References!$B$7),0)","v":{"v":25464.655401999997,"d":"25,465"}},{"$f":"IF(AND(D584<>0,$B$16=\"Yes\"),References!$B$6,0)","v":{"v":100000,"d":"100,000"}},{"v":2246.881359000001,"d":"2,247"},{"v":12345.6525,"d":"12,346"},{"v":1646.087,"d":"1,646"},{"v":13991.7395,"d":"13,992"},{"v":18930.0005,"d":"18,930"},{"$f":"(M584*12-(VLOOKUP(AB584*12,'Tax table'!$A$3:$C$10,3)*(AB584*12-VLOOKUP(AB584*12,'Tax table'!$A$3:$C$10,1))+VLOOKUP(AB584*12,'Tax table'!$A$3:$C$10,2)))/12","v":{"v":18144.960703333334,"d":"18,145"}},{"v":13991.7395,"d":"13,992"},{"v":0.7711088345002387,"d":"77.1%"}]
["Member 1769","1985-02-27","M",{"v":197530.44,"d":"197,530"},{"v":0.8,"d":"80%"},{"v":0.85,"d":"85%"},{"v":0.75,"d":"75%"},{"v":0.1,"d":"10%"},null,33,{"v":16460.87,"d":"16,461"},{"v":1646.087,"d":"1,646"},{"v":20576.087499999998,"d":"20,576"},{"v":18930.0005,"d":"18,930"},{"$f":"(M585*12-(VLOOKUP(N585*12,'Tax table'!$A$3:$C$10,3)*(N585*12-VLOOKUP(N585*12,'Tax table'!$A$3:$C$10,1))+VLOOKUP(N585*12,'Tax table'!$A$3:$C$10,2)))/12","v":{"v":18144.960703333334,"d":"18,145"}},{"v":14814.783,"d":"14,815"},{"$f":"(VLOOKUP(P585*12,'Tax table'!$A$3:$C$10,3)*(P585*12-VLOOKUP(P585*12,'Tax table'!$A$3:$C$10,1))+VLOOKUP(P585*12,'Tax table'!$A$3:$C$10,2))/12","v":{"v":1481.66094,"d":"1,482"}},{"v":14979.20906,"d":"14,979"},{"v":12732.327700999998,"d":"12,732"},{"v":0.7017004836313036,"d":"70.2%"},{"v":38196.98310299999,"d":"38,197"},{"$f":"IF($B$15=\"Yes\",MIN(S585*2,References!$B$7),0)","v":{"v":25464.655401999997,"d":"25,465"}},{"$f":"IF(AND(D585<>0,$B$16=\"Yes\"),References!$B$6,0)","v":{"v":100000,"d":"100,000"}},{"v":2246.881359000001,"d":"2,247"},{"v":12345.6525,"d":"12,346"},{"v":1646.087,"d":"1,646"},{"v":13991.7395,"d":"13,992"},{"v":18930.0005,"d":"18,930"},{"$f":"(M585*12-(VLOOKUP(AB585*12,'Tax table'!$A$3:$C$10,3)*(AB585*12-VLOOKUP(AB585*12,'Tax table'!$A$3:$C$10,1))+VLOOKUP(AB585*12,'Tax table'!$A$3:$C$10,2)))/12","v":{"v":18144.960703333334,"d":"18,145"}},{"v":13991.7395,"d":"13,992"},{"v":0.7711088345002387,"d":"77.1%"}]
["Member 1770","1996-03-04","M",{"v":197530.44,"d":"197,530"},{"v":0.8,"d":"80%"},{"v":0.85,"d":"85%"},{"v":0.75,"d":"75%"},{"v":0.1,"d":"10%"},null,22,{"v":16460.87,"d":"16,461"},{"v":1646.087,"d":"1,646"},{"v":20576.087499999998,"d":"20,576"},{"v":18930.0005,"d":"18,930"},{"$f":"(M586*12-(VLOOKUP(N586*12,'Tax table'!$A$3:$C$10,3)*(N586*12-VLOOKUP(N586*12,'Tax table'!$A$3:$C$10,1))+VLOOKUP(N586*12,'Tax table'!$A$3:$C$10,2)))/12","v":{"v":18144.960703333334,"d":"18,145"}},{"v":14814.783,"d":"14,815"},{"$f":"(VLOOKUP(P586*12,'Tax table'!$A$3:$C$10,3)*(P586*12-VLOOKUP(P586*12,'Tax table'!$A$3:$C$10,1))+VLOOKUP(P586*12,'Tax table'!$A$3:$C$10,2))/12","v":{"v":1481.66094,"d":"1,482"}},{"v":14979.20906,"d":"14,979"},{"v":12732.327700999998,"d":"12,732"},{"v":0.7017004836313036,"d":"70.2%"},{"v":38196.98310299999,"d":"38,197"},{"$f":"IF($B$15=\"Yes\",MIN(S586*2,References!$B$7),0)","v":{"v":25464.655401999997,"d":"25,465"}},{"$f":"IF(AND(D586<>0,$B$16=\"Yes\"),References!$B$6,0)","v":{"v":100000,"d":"100,000"}},{"v":2246.881359000001,"d":"2,247"},{"v":12345.6525,"d":"12,346"},{"v":1646.087,"d":"1,646"},{"v":13991.7395,"d":"13,992"},{"v":18930.0005,"d":"18,930"},{"$f":"(M586*12-(VLOOKUP(AB586*12,'Tax table'!$A$3:$C$10,3)*(AB586*12-VLOOKUP(AB586*12,'Tax table'!$A$3:$C$10,1))+VLOOKUP(AB586*12,'Tax table'!$A$3:$C$10,2)))/12","v":{"v":18144.960703333334,"d":"18,145"}},{"v":13991.7395,"d":"13,992"},{"v":0.7711088345002387,"d":"77.1%"}]
["Member 1771","1994-03-20","F",{"v":197530.44,"d":"197,530"},{"v":0.8,"d":"80%"},{"v":0.85,"d":"85%"},{"v":0.75,"d":"75%"},{"v":0.1,"d":"10%"},null,24,{"v":16460.87,"d":"16,461"},{"v":1646.087,"d":"1,646"},{"v":20576.087499999998,"d":"20,576"},{"v":18930.0005,"d":"18,930"},{"$f":"(M587*12-(VLOOKUP(N587*12,'Tax table'!$A$3:$C$10,3)*(N587*12-VLOOKUP(N587*12,'Tax table'!$A$3:$C$10,1))+VLOOKUP(N587*12,'Tax table'!$A$3:$C$10,2)))/12","v":{"v":18144.960703333334,"d":"18,145"}},{"v":14814.783,"d":"14,815"},{"$f":"(VLOOKUP(P587*12,'Tax table'!$A$3:$C$10,3)*(P587*12-VLOOKUP(P587*12,'Tax table'!$A$3:$C$10,1))+VLOOKUP(P587*12,'Tax table'!$A$3:$C$10,2))/12","v":{"v":1481.66094,"d":"1,482"}},{"v":14979.20906,"d":"14,979"},{"v":12732.327700999998,"d":"12,732"},{"v":0.7017004836313036,"d":"70.2%"},{"v":38196.98310299999,"d":"38,197"},{"$f":"IF($B$15=\"Yes\",MIN(S587*2,References!$B$7),0)","v":{"v":25464.655401999997,"d":"25,465"}},{"$f":"IF(AND(D587<>0,$B$16=\"Yes\"),References!$B$6,0)","v":{"v":100000,"d":"100,000"}},{"v":2246.881359000001,"d":"2,247"},{"v":12345.6525,"d":"12,346"},{"v":1646.087,"d":"1,646"},{"v":13991.7395,"d":"13,992"},{"v":18930.0005,"d":"18,930"},{"$f":"(M587*12-(VLOOKUP(AB587*12,'Tax table'!$A$3:$C$10,3)*(AB587*12-VLOOKUP(AB587*12,'Tax table'!$A$3:$C$10,1))+VLOOKUP(AB587*12,'Tax table'!$A$3:$C$10,2)))/12","v":{"v":18144.960703333334,"d":"18,145"}},{"v":13991.7395,"d":"13,992"},{"v":0.7711088345002387,"d":"77.1%"}]
["Member 1772","1993-08-09","F",{"v":197530.44,"d":"197,530"},{"v":0.8,"d":"80%"},{"v":0.85,"d":"85%"},{"v":0.75,"d":"75%"},{"v":0.1,"d":"10%"},null,25,{"v":16460.87,"d":"16,461"},{"v":1646.087,"d":"1,646"},{"v":20576.087499999998,"d":"20,576"},{"v":18930.0005,"d":"18,930"},{"$f":"(M588*12-(VLOOKUP(N588*12,'Tax table'!$A$3:$C$10,3)*(N588*12-VLOOKUP(N588*12,'Tax table'!$A$3:$C$10,1))+VLOOKUP(N588*12,'Tax table'!$A$3:$C$10,2)))/12","v":{"v":18144.960703333334,"d":"18,145"}},{"v":14814.783,"d":"14,815"},{"$f":"(VLOOKUP(P588*12,'Tax table'!$A$3:$C$10,3)*(P588*12-VLOOKUP(P588*12,'Tax table'!$A$3:$C$10,1))+VLOOKUP(P588*12,'Tax table'!$A$3:$C$10,2))/12","v":{"v":1481.66094,"d":"1,482"}},{"v":14979.20906,"d":"14,979"},{"v":12732.327700999998,"d":"12,732"},{"v":0.7017004836313036,"d":"70.2%"},{"v":38196.98310299999,"d":"38,197"},{"$f":"IF($B$15=\"Yes\",MIN(S588*2,References!$B$7),0)","v":{"v":25464.655401999997,"d":"25,465"}},{"$f":"IF(AND(D588<>0,$B$16=\"Yes\"),References!$B$6,0)","v":{"v":100000,"d":"100,000"}},{"v":2246.881359000001,"d":"2,247"},{"v":12345.6525,"d":"12,346"},{"v":1646.087,"d":"1,646"},{"v":13991.7395,"d":"13,992"},{"v":18930.0005,"d":"18,930"},{"$f":"(M588*12-(VLOOKUP(AB588*12,'Tax table'!$A$3:$C$10,3)*(AB588*12-VLOOKUP(AB588*12,'Tax table'!$A$3:$C$10,1))+VLOOKUP(AB588*12,'Tax table'!$A$3:$C$10,2)))/12","v":{"v":18144.960703333334,"d":"18,145"}},{"v":13991.7395,"d":"13,992"},{"v":0.7711088345002387,"d":"77.1%"}]
["Member 1773","1983-12-11","F",{"v":197530.44,"d":"197,530"},{"v":0.8,"d":"80%"},{"v":0.85,"d":"85%"},{"v":0.75,"d":"75%"},{"v":0.1,"d":"10%"},null,34,{"v":16460.87,"d":"16,461"},{"v":1646.087,"d":"1,646"},{"v":20576.087499999998,"d":"20,576"},{"v":18930.0005,"d":"18,930"},{"$f":"(M589*12-(VLOOKUP(N589*12,'Tax table'!$A$3:$C$10,3)*(N589*12-VLOOKUP(N589*12,'Tax table'!$A$3:$C$10,1))+VLOOKUP(N589*12,'Tax table'!$A$3:$C$10,2)))/12","v":{"v":18144.960703333334,"d":"18,145"}},{"v":14814.783,"d":"14,815"},{"$f":"(VLOOKUP(P589*12,'Tax table'!$A$3:$C$10,3)*(P589*12-VLOOKUP(P589*12,'Tax table'!$A$3:$C$10,1))+VLOOKUP(P589*12,'Tax table'!$A$3:$C$10,2))/12","v":{"v":1481.66094,"d":"1,482"}},{"v":14979.20906,"d":"14,979"},{"v":12732.327700999998,"d":"12,732"},{"v":0.7017004836313036,"d":"70.2%"},{"v":38196.98310299999,"d":"38,197"},{"$f":"IF($B$15=\"Yes\",MIN(S589*2,References!$B$7),0)","v":{"v":25464.655401999997,"d":"25,465"}},{"$f":"IF(AND(D589<>0,$B$16=\"Yes\"),References!$B$6,0)","v":{"v":100000,"d":"100,000"}},{"v":2246.881359000001,"d":"2,247"},{"v":12345.6525,"d":"12,346"},{"v":1646.087,"d":"1,646"},{"v":13991.7395,"d":"13,992"},{"v":18930.0005,"d":"18,930"},{"$f":"(M589*12-(VLOOKUP(AB589*12,'Tax table'!$A$3:$C$10,3)*(AB589*12-VLOOKUP(AB589*12,'Tax table'!$A$3:$C$10,1))+VLOOKUP(AB589*12,'Tax table'!$A$3:$C$10,2)))/12","v":{"v":18144.960703333334,"d":"18,145"}},{"v":13991.7395,"d":"13,992"},{"v":0.7711088345002387,"d":"77.1%"}]
["Member 1719","1994-09-10","M",{"v":197543.88,"d":"197,544"},{"v":0.8,"d":"80%"},{"v":0.85,"d":"85%"},{"v":0.75,"d":"75%"},{"v":0.1,"d":"10%"},null,24,{"v":16461.99,"d":"16,462"},{"v":1646.1990000000003,"d":"1,646"},{"v":20577.4875,"d":"20,577"},{"v":18931.2885,"d":"18,931"},{"$f":"(M590*12-(VLOOKUP(N590*12,'Tax table'!$A$3:$C$10,3)*(N590*12-VLOOKUP(N590*12,'Tax table'!$A$3:$C$10,1))+VLOOKUP(N590*12,'Tax table'!$A$3:$C$10,2)))/12","v":{"v":18146.025823333333,"d":"18,146"}},{"v":14815.791000000001,"d":"14,816"},{"$f":"(VLOOKUP(P590*12,'Tax table'!$A$3:$C$10,3)*(P590*12-VLOOKUP(P590*12,'Tax table'!$A$3:$C$10,1))+VLOOKUP(P590*12,'Tax table'!$A$3:$C$10,2))/12","v":{"v":1481.8423800000003,"d":"1,482"}},{"v":14980.147620000002,"d":"14,980"},{"v":12733.125477000001,"d":"12,733"},{"v":0.7017032600398334,"d":"70.2%"},{"v":38199.376431000004,"d":"38,199"},{"$f":"IF($B$15=\"Yes\",MIN(S590*2,References!$B$7),0)","v":{"v":25466.250954000003,"d":"25,466"}},{"$f":"IF(AND(D590<>0,$B$16=\"Yes\"),References!$B$6,0)","v":{"v":100000,"d":"100,000"}},{"v":2247.022143,"d":"2,247"},{"v":12346.4925,"d":"12,346"},{"v":1646.1990000000003,"d":"1,646"},{"v":13992.6915,"d":"13,993"},{"v":18931.2885,"d":"18,931"},{"$f":"(M590*12-(VLOOKUP(AB590*12,'Tax table'!$A$3:$C$10,3)*(AB590*12-VLOOKUP(AB590*12,'Tax table'!$A$3:$C$10,1))+VLOOKUP(AB590*12,'Tax table'!$A$3:$C$10,2)))/12","v":{"v":18146.025823333333,"d":"18,146"}},{"v":13992.6915,"d":"13,993"},{"v":0.7711160358874445,"d":"77.1%"}]
["Member 1718","1970-04-03","F",{"v":197572.8,"d":"197,573"},{"v":0.8,"d":"80%"},{"v":0.85,"d":"85%"},{"v":0.75,"d":"75%"},{"v":0.1,"d":"10%"},null,48,{"v":16464.399999999998,"d":"16,464"},{"v":1646.4399999999998,"d":"1,646"},{"v":20580.499999999996,"d":"20,581"},{"v":18934.059999999998,"d":"18,934"},{"$f":"(M591*12-(VLOOKUP(N591*12,'Tax table'!$A$3:$C$10,3)*(N591*12-VLOOKUP(N591*12,'Tax table'!$A$3:$C$10,1))+VLOOKUP(N591*12,'Tax table'!$A$3:$C$10,2)))/12","v":{"v":18148.31773333333,"d":"18,148"}},{"v":14817.959999999997,"d":"14,818"},{"$f":"(VLOOKUP(P591*12,'Tax table'!$A$3:$C$10,3)*(P591*12-VLOOKUP(P591*12,'Tax table'!$A$3:$C$10,1))+VLOOKUP(P591*12,'Tax table'!$A$3:$C$10,2))/12","v":{"v":1482.2327999999995,"d":"1,482"}},{"v":14982.167199999998,"d":"14,982"},{"v":12734.842119999998,"d":"12,735"},{"v":0.7017092331709452,"d":"70.2%"},{"v":38204.52635999999,"d":"38,205"},{"$f":"IF($B$15=\"Yes\",MIN(S591*2,References!$B$7),0)","v":{"v":25469.684239999995,"d":"25,470"}},{"$f":"IF(AND(D591<>0,$B$16=\"Yes\"),References!$B$6,0)","v":{"v":100000,"d":"100,000"}},{"v":2247.3250800000005,"d":"2,247"},{"v":12348.3,"d":"12,348"},{"v":1646.4399999999998,"d":"1,646"},{"v":13994.74,"d":"13,995"},{"v":18934.059999999998,"d":"18,934"},{"$f":"(M591*12-(VLOOKUP(AB591*12,'Tax table'!$A$3:$C$10,3)*(AB591*12-VLOOKUP(AB591*12,'Tax table'!$A$3:$C$10,1))+VLOOKUP(AB591*12,'Tax table'!$A$3:$C$10,2)))/12","v":{"v":18148.31773333333,"d":"18,148"}},{"v":13994.74,"d":"13,995"},{"v":0.7711315288631749,"d":"77.1%"}]
["Member 1717","1983-12-02","F",{"v":198848.16,"d":"198,848"},{"v":0.8,"d":"80%"},{"v":0.85,"d":"85%"},{"v":0.75,"d":"75%"},{"v":0.1,"d":"10%"},null,34,{"v":16570.68,"d":"16,571"},{"v":1657.0680000000002,"d":"1,657"},{"v":20713.35,"d":"20,713"},{"v":19056.282,"d":"19,056"},{"$f":"(M592*12-(VLOOKUP(N592*12,'Tax table'!$A$3:$C$10,3)*(N592*12-VLOOKUP(N592*12,'Tax table'!$A$3:$C$10,1))+VLOOKUP(N592*12,'Tax table'!$A$3:$C$10,2)))/12","v":{"v":18249.390013333334,"d":"18,249"}},{"v":14913.612000000001,"d":"14,914"},{"$f":"(VLOOKUP(P592*12,'Tax table'!$A$3:$C$10,3)*(P592*12-VLOOKUP(P592*12,'Tax table'!$A$3:$C$10,1))+VLOOKUP(P592*12,'Tax table'!$A$3:$C$10,2))/12","v":{"v":1499.45016,"d":"1,499"}},{"v":15071.22984,"d":"15,071"},{"v":12810.545364,"d":"12,811"},{"v":0.7019711538106416,"d":"70.2%"},{"v":38431.636092,"d":"38,432"},{"$f":"IF($B$15=\"Yes\",MIN(S592*2,References!$B$7),0)","v":{"v":25621.090728,"d":"25,621"}},{"$f":"IF(AND(D592<>0,$B$16=\"Yes\"),References!$B$6,0)","v":{"v":100000,"d":"100,000"}},{"v":2260.6844760000004,"d":"2,261"},{"v":12428.01,"d":"12,428"},{"v":1657.0680000000002,"d":"1,657"},{"v":14085.078000000001,"d":"14,085"},{"v":19056.282,"d":"19,056"},{"$f":"(M592*12-(VLOOKUP(AB592*12,'Tax table'!$A$3:$C$10,3)*(AB592*12-VLOOKUP(AB592*12,'Tax table'!$A$3:$C$10,1))+VLOOKUP(AB592*12,'Tax table'!$A$3:$C$10,2)))/12","v":{"v":18249.390013333334,"d":"18,249"}},{"v":14085.078000000001,"d":"14,085"},{"v":0.7718108928413053,"d":"77.2%"}]
["Member 1715","1984-12-07","M",{"v":199268.64,"d":"199,269"},{"v":0.8,"d":"80%"},{"v":0.85,"d":"85%"},{"v":0.75,"d":"75%"},{"v":0.1,"d":"10%"},null,33,{"v":16605.72,"d":"16,606"},{"v":1660.5720000000001,"d":"1,661"},{"v":20757.15,"d":"20,757"},{"v":19096.578,"d":"19,097"},{"$f":"(M593*12-(VLOOKUP(N593*12,'Tax table'!$A$3:$C$10,3)*(N593*12-VLOOKUP(N593*12,'Tax table'!$A$3:$C$10,1))+VLOOKUP(N593*12,'Tax table'!$A$3:$C$10,2)))/12","v":{"v":18282.713053333337,"d":"18,283"}},{"v":14945.148000000001,"d":"14,945"},{"$f":"(VLOOKUP(P593*12,'Tax table'!$A$3:$C$10,3)*(P593*12-VLOOKUP(P593*12,'Tax table'!$A$3:$C$10,1))+VLOOKUP(P593*12,'Tax table'!$A$3:$C$10,2))/12","v":{"v":1505.1266400000002,"d":"1,505"}},{"v":15100.59336,"d":"15,101"},{"v":12835.504356,"d":"12,836"},{"v":0.7020568729901828,"d":"70.2%"},{"v":38506.513068,"d":"38,507"},{"$f":"IF($B$15=\"Yes\",MIN(S593*2,References!$B$7),0)","v":{"v":25671.008712,"d":"25,671"}},{"$f":"IF(AND(D593<>0,$B$16=\"Yes\"),References!$B$6,0)","v":{"v":100000,"d":"100,000"}},{"v":2265.0890040000013,"d":"2,265"},{"v":12454.29,"d":"12,454"},{"v":1660.5720000000001,"d":"1,661"},{"v":14114.862000000001,"d":"14,115"},{"v":19096.578,"d":"19,097"},{"$f":"(M593*12-(VLOOKUP(AB593*12,'Tax table'!$A$3:$C$10,3)*(AB593*12-VLOOKUP(AB593*12,'Tax table'!$A$3:$C$10,1))+VLOOKUP(AB593*12,'Tax table'!$A$3:$C$10,2)))/12","v":{"v":18282.713053333337,"d":"18,283"}},{"v":14114.862000000001,"d":"14,115"},{"v":0.7720332293585144,"d":"77.2%"}]
["Member 1716","1985-11-21","F",{"v":199268.64,"d":"199,269"},{"v":0.8,"d":"80%"},{"v":0.85,"d":"85%"},{"v":0.75,"d":"75%"},{"v":0.1,"d":"10%"},null,32,{"v":16605.72,"d":"16,606"},{"v":1660.5720000000001,"d":"1,661"},{"v":20757.15,"d":"20,757"},{"v":19096.578,"d":"19,097"},{"$f":"(M594*12-(VLOOKUP(N594*12,'Tax table'!$A$3:$C$10,3)*(N594*12-VLOOKUP(N594*12,'Tax table'!$A$3:$C$10,1))+VLOOKUP(N594*12,'Tax table'!$A$3:$C$10,2)))/12","v":{"v":18282.713053333337,"d":"18,283"}},{"v":14945.148000000001,"d":"14,945"},{"$f":"(VLOOKUP(P594*12,'Tax table'!$A$3:$C$10,3)*(P594*12-VLOOKUP(P594*12,'Tax table'!$A$3:$C$10,1))+VLOOKUP(P594*12,'Tax table'!$A$3:$C$10,2))/12","v":{"v":1505.1266400000002,"d":"1,505"}},{"v":15100.59336,"d":"15,101"},{"v":12835.504356,"d":"12,836"},{"v":0.7020568729901828,"d":"70.2%"},{"v":38506.513068,"d":"38,507"},{"$f":"IF($B$15=\"Yes\",MIN(S594*2,References!$B$7),0)","v":{"v":25671.008712,"d":"25,671"}},{"$f":"IF(AND(D594<>0,$B$16=\"Yes\"),References!$B$6,0)","v":{"v":100000,"d":"100,000"}},{"v":2265.0890040000013,"d":"2,265"},{"v":12454.29,"d":"12,454"},{"v":1660.5720000000001,"d":"1,661"},{"v":14114.862000000001,"d":"14,115"},{"v":19096.578,"d":"19,097"},{"$f":"(M594*12-(VLOOKUP(AB594*12,'Tax table'!$A$3:$C$10,3)*(AB594*12-VLOOKUP(AB594*12,'Tax table'!$A$3:$C$10,1))+VLOOKUP(AB594*12,'Tax table'!$A$3:$C$10,2)))/12","v":{"v":18282.713053333337,"d":"18,283"}},{"v":14114.862000000001,"d":"14,115"},{"v":0.7720332293585144,"d":"77.2%"}]
["Member 1714","1993-03-20","M",{"v":199325.04,"d":"199,325"},{"v":0.8,"d":"80%"},{"v":0.85,"d":"85%"},{"v":0.75,"d":"75%"},{"v":0.1,"d":"10%"},null,25,{"v":16610.420000000002,"d":"16,610"},{"v":1661.0420000000004,"d":"1,661"},{"v":20763.025,"d":"20,763"},{"v":19101.983,"d":"19,102"},{"$f":"(M595*12-(VLOOKUP(N595*12,'Tax table'!$A$3:$C$10,3)*(N595*12-VLOOKUP(N595*12,'Tax table'!$A$3:$C$10,1))+VLOOKUP(N595*12,'Tax table'!$A$3:$C$10,2)))/12","v":{"v":18287.182753333334,"d":"18,287"}},{"v":14949.378,"d":"14,949"},{"$f":"(VLOOKUP(P595*12,'Tax table'!$A$3:$C$10,3)*(P595*12-VLOOKUP(P595*12,'Tax table'!$A$3:$C$10,1))+VLOOKUP(P595*12,'Tax table'!$A$3:$C$10,2))/12","v":{"v":1505.88804,"d":"1,506"}},{"v":15104.531960000002,"d":"15,105"},{"v":12838.852166,"d":"12,839"},{"v":0.7020683469497111,"d":"70.2%"},{"v":38516.556498000005,"d":"38,517"},{"$f":"IF($B$15=\"Yes\",MIN(S595*2,References!$B$7),0)","v":{"v":25677.704332,"d":"25,678"}},{"$f":"IF(AND(D595<>0,$B$16=\"Yes\"),References!$B$6,0)","v":{"v":100000,"d":"100,000"}},{"v":2265.6797940000015,"d":"2,266"},{"v":12457.815000000002,"d":"12,458"},{"v":1661.0420000000004,"d":"1,661"},{"v":14118.857000000004,"d":"14,119"},{"v":19101.983,"d":"19,102"},{"$f":"(M595*12-(VLOOKUP(AB595*12,'Tax table'!$A$3:$C$10,3)*(AB595*12-VLOOKUP(AB595*12,'Tax table'!$A$3:$C$10,1))+VLOOKUP(AB595*12,'Tax table'!$A$3:$C$10,2)))/12","v":{"v":18287.182753333334,"d":"18,287"}},{"v":14118.857000000004,"d":"14,119"},{"v":0.7720629902616607,"d":"77.2%"}]
["Member 1713","1970-05-15","F",{"v":199712.16,"d":"199,712"},{"v":0.8,"d":"80%"},{"v":0.85,"d":"85%"},{"v":0.75,"d":"75%"},{"v":0.1,"d":"10%"},null,48,{"v":16642.68,"d":"16,643"},{"v":1664.268,"d":"1,664"},{"v":20803.35,"d":"20,803"},{"v":19139.082,"d":"19,139"},{"$f":"(M596*12-(VLOOKUP(N596*12,'Tax table'!$A$3:$C$10,3)*(N596*12-VLOOKUP(N596*12,'Tax table'!$A$3:$C$10,1))+VLOOKUP(N596*12,'Tax table'!$A$3:$C$10,2)))/12","v":{"v":18317.86201333333,"d":"18,318"}},{"v":14978.412,"d":"14,978"},{"$f":"(VLOOKUP(P596*12,'Tax table'!$A$3:$C$10,3)*(P596*12-VLOOKUP(P596*12,'Tax table'!$A$3:$C$10,1))+VLOOKUP(P596*12,'Tax table'!$A$3:$C$10,2))/12","v":{"v":1511.11416,"d":"1,511"}},{"v":15131.56584,"d":"15,132"},{"v":12861.830963999999,"d":"12,862"},{"v":0.7021469511364394,"d":"70.2%"},{"v":38585.492891999995,"d":"38,585"},{"$f":"IF($B$15=\"Yes\",MIN(S596*2,References!$B$7),0)","v":{"v":25723.661927999998,"d":"25,724"}},{"$f":"IF(AND(D596<>0,$B$16=\"Yes\"),References!$B$6,0)","v":{"v":100000,"d":"100,000"}},{"v":2269.7348760000004,"d":"2,270"},{"v":12482.01,"d":"12,482"},{"v":1664.268,"d":"1,664"},{"v":14146.278,"d":"14,146"},{"v":19139.082,"d":"19,139"},{"$f":"(M596*12-(VLOOKUP(AB596*12,'Tax table'!$A$3:$C$10,3)*(AB596*12-VLOOKUP(AB596*12,'Tax table'!$A$3:$C$10,1))+VLOOKUP(AB596*12,'Tax table'!$A$3:$C$10,2)))/12","v":{"v":18317.86201333333,"d":"18,318"}},{"v":14146.278,"d":"14,146"},{"v":0.7722668720674449,"d":"77.2%"}]
["Member 1712","1974-09-18","M",{"v":199855.8,"d":"199,856"},{"v":0.8,"d":"80%"},{"v":0.85,"d":"85%"},{"v":0.75,"d":"75%"},{"v":0.1,"d":"10%"},null,44,{"v":16654.649999999998,"d":"16,655"},{"v":1665.465,"d":"1,665"},{"v":20818.312499999996,"d":"20,818"},{"v":19152.847499999996,"d":"19,153"},{"$f":"(M597*12-(VLOOKUP(N597*12,'Tax table'!$A$3:$C$10,3)*(N597*12-VLOOKUP(N597*12,'Tax table'!$A$3:$C$10,1))+VLOOKUP(N597*12,'Tax table'!$A$3:$C$10,2)))/12","v":{"v":18329.24548333333,"d":"18,329"}},{"v":14989.184999999998,"d":"14,989"},{"$f":"(VLOOKUP(P597*12,'Tax table'!$A$3:$C$10,3)*(P597*12-VLOOKUP(P597*12,'Tax table'!$A$3:$C$10,1))+VLOOKUP(P597*12,'Tax table'!$A$3:$C$10,2))/12","v":{"v":1513.0532999999996,"d":"1,513"}},{"v":15141.596699999998,"d":"15,142"},{"v":12870.357194999999,"d":"12,870"},{"v":0.7021760501108971,"d":"70.2%"},{"v":38611.071585,"d":"38,611"},{"$f":"IF($B$15=\"Yes\",MIN(S597*2,References!$B$7),0)","v":{"v":25740.714389999997,"d":"25,741"}},{"$f":"IF(AND(D597<>0,$B$16=\"Yes\"),References!$B$6,0)","v":{"v":100000,"d":"100,000"}},{"v":2271.2395049999996,"d":"2,271"},{"v":12490.9875,"d":"12,491"},{"v":1665.465,"d":"1,665"},{"v":14156.4525,"d":"14,156"},{"v":19152.847499999996,"d":"19,153"},{"$f":"(M597*12-(VLOOKUP(AB597*12,'Tax table'!$A$3:$C$10,3)*(AB597*12-VLOOKUP(AB597*12,'Tax table'!$A$3:$C$10,1))+VLOOKUP(AB597*12,'Tax table'!$A$3:$C$10,2)))/12","v":{"v":18329.24548333333,"d":"18,329"}},{"v":14156.4525,"d":"14,156"},{"v":0.7723423483455648,"d":"77.2%"}]
["Member 1711","1969-09-25","M",{"v":200137.68,"d":"200,138"},{"v":0.8,"d":"80%"},{"v":0.85,"d":"85%"},{"v":0.75,"d":"75%"},{"v":0.1,"d":"10%"},null,49,{"v":16678.14,"d":"16,678"},{"v":1667.814,"d":"1,668"},{"v":20847.675,"d":"20,848"},{"v":19179.861,"d":"19,180"},{"$f":"(M598*12-(VLOOKUP(N598*12,'Tax table'!$A$3:$C$10,3)*(N598*12-VLOOKUP(N598*12,'Tax table'!$A$3:$C$10,1))+VLOOKUP(N598*12,'Tax table'!$A$3:$C$10,2)))/12","v":{"v":18351.584473333332,"d":"18,352"}},{"v":15010.326,"d":"15,010"},{"$f":"(VLOOKUP(P598*12,'Tax table'!$A$3:$C$10,3)*(P598*12-VLOOKUP(P598*12,'Tax table'!$A$3:$C$10,1))+VLOOKUP(P598*12,'Tax table'!$A$3:$C$10,2))/12","v":{"v":1516.8586799999996,"d":"1,517"}},{"v":15161.28132,"d":"15,161"},{"v":12887.089122,"d":"12,887"},{"v":0.70223304918037,"d":"70.2%"},{"v":38661.267366,"d":"38,661"},{"$f":"IF($B$15=\"Yes\",MIN(S598*2,References!$B$7),0)","v":{"v":25774.178244,"d":"25,774"}},{"$f":"IF(AND(D598<>0,$B$16=\"Yes\"),References!$B$6,0)","v":{"v":100000,"d":"100,000"}},{"v":2274.1921980000006,"d":"2,274"},{"v":12508.605,"d":"12,509"},{"v":1667.814,"d":"1,668"},{"v":14176.419,"d":"14,176"},{"v":19179.861,"d":"19,180"},{"$f":"(M598*12-(VLOOKUP(AB598*12,'Tax table'!$A$3:$C$10,3)*(AB598*12-VLOOKUP(AB598*12,'Tax table'!$A$3:$C$10,1))+VLOOKUP(AB598*12,'Tax table'!$A$3:$C$10,2)))/12","v":{"v":18351.584473333332,"d":"18,352"}},{"v":14176.419,"d":"14,176"},{"v":0.77249019127475,"d":"77.2%"}]
["Member 1703","1989-03-01","M",{"v":200330.16,"d":"200,330"},{"v":0.8,"d":"80%"},{"v":0.85,"d":"85%"},{"v":0.75,"d":"75%"},{"v":0.1,"d":"10%"},null,29,{"v":16694.18,"d":"16,694"},{"v":1669.4180000000001,"d":"1,669"},{"v":20867.725,"d":"20,868"},{"v":19198.306999999997,"d":"19,198"},{"$f":"(M599*12-(VLOOKUP(N599*12,'Tax table'!$A$3:$C$10,3)*(N599*12-VLOOKUP(N599*12,'Tax table'!$A$3:$C$10,1))+VLOOKUP(N599*12,'Tax table'!$A$3:$C$10,2)))/12","v":{"v":18366.838513333332,"d":"18,367"}},{"v":15024.762,"d":"15,025"},{"$f":"(VLOOKUP(P599*12,'Tax table'!$A$3:$C$10,3)*(P599*12-VLOOKUP(P599*12,'Tax table'!$A$3:$C$10,1))+VLOOKUP(P599*12,'Tax table'!$A$3:$C$10,2))/12","v":{"v":1519.45716,"d":"1,519"}},{"v":15174.72284,"d":"15,175"},{"v":12898.514414,"d":"12,899"},{"v":0.7022718909754869,"d":"70.2%"},{"v":38695.543242,"d":"38,696"},{"$f":"IF($B$15=\"Yes\",MIN(S599*2,References!$B$7),0)","v":{"v":25797.028828,"d":"25,797"}},{"$f":"IF(AND(D599<>0,$B$16=\"Yes\"),References!$B$6,0)","v":{"v":100000,"d":"100,000"}},{"v":2276.208426000001,"d":"2,276"},{"v":12520.635,"d":"12,521"},{"v":1669.4180000000001,"d":"1,669"},{"v":14190.053,"d":"14,190"},{"v":19198.306999999997,"d":"19,198"},{"$f":"(M599*12-(VLOOKUP(AB599*12,'Tax table'!$A$3:$C$10,3)*(AB599*12-VLOOKUP(AB599*12,'Tax table'!$A$3:$C$10,1))+VLOOKUP(AB599*12,'Tax table'!$A$3:$C$10,2)))/12","v":{"v":18366.838513333332,"d":"18,367"}},{"v":14190.053,"d":"14,190"},{"v":0.7725909382662013,"d":"77.3%"}]
["Member 1704","1989-10-15","F",{"v":200330.16,"d":"200,330"},{"v":0.8,"d":"80%"},{"v":0.85,"d":"85%"},{"v":0.75,"d":"75%"},{"v":0.1,"d":"10%"},null,{"$f":"DATEDIF(B600,$B$7,\"y\")","v":29},{"$f":"D600/12","v":{"v":16694.18,"d":"16,694"}},{"$f":"IF($B$10=\"No\",MIN(K600*H600,15%*K600),I600/12)","v":{"v":1669.4180000000001,"d":"1,669"}},{"$f":"D600/12/E600","v":{"v":20867.725,"d":"20,868"}},{"$f":"M600-L600","v":{"v":19198.306999999997,"d":"19,198"}},{"$f":"(M600*12-(VLOOKUP(N600*12,'Tax table'!$A$3:$C$10,3)*(N600*12-VLOOKUP(N600*12,'Tax table'!$A$3:$C$10,1))+VLOOKUP(N600*12,'Tax table'!$A$3:$C$10,2)))/12","v":{"v":18366.838513333332,"d":"18,367"}},{"$f":"K600-L600","v":{"v":15024.762,"d":"15,025"}},{"$f":"(VLOOKUP(P600*12,'Tax table'!$A$3:$C$10,3)*(P600*12-VLOOKUP(P600*12,'Tax table'!$A$3:$C$10,1))+VLOOKUP(P600*12,'Tax table'!$A$3:$C$10,2))/12","v":{"v":1519.45716,"d":"1,519"}},{"$f":"K600-Q600","v":{"v":15174.72284,"d":"15,175"}},{"$f":"MIN(R600*F600,SUM($B$8,$B$9))","v":{"v":12898.514414,"d":"12,899"}},{"$f":"S600/O600","v":{"v":0.7022718909754869,"d":"70.2%"}},{"$f":"IF($B$14=\"Yes\",S600*3,0)","v":{"v":38695.543242,"d":"38,696"}},{"$f":"IF($B$15=\"Yes\",MIN(S600*2,References!$B$7),0)","v":{"v":25797.028828,"d":"25,797"}},{"$f":"IF(AND(D600<>0,$B$16=\"Yes\"),References!$B$6,0)","v":{"v":100000,"d":"100,000"}},{"$f":"IF($B$17=\"Yes\",MIN(R600,SUM($B$8:$B$9))-S600,0)","v":{"v":2276.208426000001,"d":"2,276"}},{"$f":"MIN(K600*G600,$B$8)","v":{"v":12520.635,"d":"12,521"}},{"$f":"MIN(K600*H600,$B$9)","v":{"v":1669.4180000000001,"d":"1,669"}},{"$f":"Z600+Y600","v":{"v":14190.053,"d":"14,190"}},{"$f":"M600-Z600","v":{"v":19198.306999999997,"d":"19,198"}},{"$f":"(M600*12-(VLOOKUP(AB600*12,'Tax table'!$A$3:$C$10,3)*(AB600*12-VLOOKUP(AB600*12,'Tax table'!$A$3:$C$10,1))+VLOOKUP(AB600*12,'Tax table'!$A$3:$C$10,2)))/12","v":{"v":18366.838513333332,"d":"18,367"}},{"$f":"MIN(AA600,AC600)","v":{"v":14190.053,"d":"14,190"}},{"$f":"AD600/O600","v":{"v":0.7725909382662013,"d":"77.3%"}}]
["Member 1705","1988-03-02","M",{"v":200330.16,"d":"200,330"},{"v":0.8,"d":"80%"},{"v":0.85,"d":"85%"},{"v":0.75,"d":"75%"},{"v":0.1,"d":"10%"},null,30,{"v":16694.18,"d":"16,694"},{"v":1669.4180000000001,"d":"1,669"},{"v":20867.725,"d":"20,868"},{"v":19198.306999999997,"d":"19,198"},{"$f":"(M601*12-(VLOOKUP(N601*12,'Tax table'!$A$3:$C$10,3)*(N601*12-VLOOKUP(N601*12,'Tax table'!$A$3:$C$10,1))+VLOOKUP(N601*12,'Tax table'!$A$3:$C$10,2)))/12","v":{"v":18366.838513333332,"d":"18,367"}},{"v":15024.762,"d":"15,025"},{"$f":"(VLOOKUP(P601*12,'Tax table'!$A$3:$C$10,3)*(P601*12-VLOOKUP(P601*12,'Tax table'!$A$3:$C$10,1))+VLOOKUP(P601*12,'Tax table'!$A$3:$C$10,2))/12","v":{"v":1519.45716,"d":"1,519"}},{"v":15174.72284,"d":"15,175"},{"v":12898.514414,"d":"12,899"},{"v":0.7022718909754869,"d":"70.2%"},{"v":38695.543242,"d":"38,696"},{"$f":"IF($B$15=\"Yes\",MIN(S601*2,References!$B$7),0)","v":{"v":25797.028828,"d":"25,797"}},{"$f":"IF(AND(D601<>0,$B$16=\"Yes\"),References!$B$6,0)","v":{"v":100000,"d":"100,000"}},{"v":2276.208426000001,"d":"2,276"},{"v":12520.635,"d":"12,521"},{"v":1669.4180000000001,"d":"1,669"},{"v":14190.053,"d":"14,190"},{"v":19198.306999999997,"d":"19,198"},{"$f":"(M601*12-(VLOOKUP(AB601*12,'Tax table'!$A$3:$C$10,3)*(AB601*12-VLOOKUP(AB601*12,'Tax table'!$A$3:$C$10,1))+VLOOKUP(AB601*12,'Tax table'!$A$3:$C$10,2)))/12","v":{"v":18366.838513333332,"d":"18,367"}},{"v":14190.053,"d":"14,190"},{"v":0.7725909382662013,"d":"77.3%"}]
["Member 1706","1976-11-26","M",{"v":200330.16,"d":"200,330"},{"v":0.8,"d":"80%"},{"v":0.85,"d":"85%"},{"v":0.75,"d":"75%"},{"v":0.1,"d":"10%"},null,41,{"v":16694.18,"d":"16,694"},{"v":1669.4180000000001,"d":"1,669"},{"v":20867.725,"d":"20,868"},{"v":19198.306999999997,"d":"19,198"},{"$f":"(M602*12-(VLOOKUP(N602*12,'Tax table'!$A$3:$C$10,3)*(N602*12-VLOOKUP(N602*12,'Tax table'!$A$3:$C$10,1))+VLOOKUP(N602*12,'Tax table'!$A$3:$C$10,2)))/12","v":{"v":18366.838513333332,"d":"18,367"}},{"v":15024.762,"d":"15,025"},{"$f":"(VLOOKUP(P602*12,'Tax table'!$A$3:$C$10,3)*(P602*12-VLOOKUP(P602*12,'Tax table'!$A$3:$C$10,1))+VLOOKUP(P602*12,'Tax table'!$A$3:$C$10,2))/12","v":{"v":1519.45716,"d":"1,519"}},{"v":15174.72284,"d":"15,175"},{"v":12898.514414,"d":"12,899"},{"v":0.7022718909754869,"d":"70.2%"},{"v":38695.543242,"d":"38,696"},{"$f":"IF($B$15=\"Yes\",MIN(S602*2,References!$B$7),0)","v":{"v":25797.028828,"d":"25,797"}},{"$f":"IF(AND(D602<>0,$B$16=\"Yes\"),References!$B$6,0)","v":{"v":100000,"d":"100,000"}},{"v":2276.208426000001,"d":"2,276"},{"v":12520.635,"d":"12,521"},{"v":1669.4180000000001,"d":"1,669"},{"v":14190.053,"d":"14,190"},{"v":19198.306999999997,"d":"19,198"},{"$f":"(M602*12-(VLOOKUP(AB602*12,'Tax table'!$A$3:$C$10,3)*(AB602*12-VLOOKUP(AB602*12,'Tax table'!$A$3:$C$10,1))+VLOOKUP(AB602*12,'Tax table'!$A$3:$C$10,2)))/12","v":{"v":18366.838513333332,"d":"18,367"}},{"v":14190.053,"d":"14,190"},{"v":0.7725909382662013,"d":"77.3%"}]
["Member 1707","1980-07-08","M",{"v":200330.16,"d":"200,330"},{"v":0.8,"d":"80%"},{"v":0.85,"d":"85%"},{"v":0.75,"d":"75%"},{"v":0.1,"d":"10%"},null,38,{"v":16694.18,"d":"16,694"},{"v":1669.4180000000001,"d":"1,669"},{"v":20867.725,"d":"20,868"},{"v":19198.306999999997,"d":"19,198"},{"$f":"(M603*12-(VLOOKUP(N603*12,'Tax table'!$A$3:$C$10,3)*(N603*12-VLOOKUP(N603*12,'Tax table'!$A$3:$C$10,1))+VLOOKUP(N603*12,'Tax table'!$A$3:$C$10,2)))/12","v":{"v":18366.838513333332,"d":"18,367"}},{"v":15024.762,"d":"15,025"},{"$f":"(VLOOKUP(P603*12,'Tax table'!$A$3:$C$10,3)*(P603*12-VLOOKUP(P603*12,'Tax table'!$A$3:$C$10,1))+VLOOKUP(P603*12,'Tax table'!$A$3:$C$10,2))/12","v":{"v":1519.45716,"d":"1,519"}},{"v":15174.72284,"d":"15,175"},{"v":12898.514414,"d":"12,899"},{"v":0.7022718909754869,"d":"70.2%"},{"v":38695.543242,"d":"38,696"},{"$f":"IF($B$15=\"Yes\",MIN(S603*2,References!$B$7),0)","v":{"v":25797.028828,"d":"25,797"}},{"$f":"IF(AND(D603<>0,$B$16=\"Yes\"),References!$B$6,0)","v":{"v":100000,"d":"100,000"}},{"v":2276.208426000001,"d":"2,276"},{"v":12520.635,"d":"12,521"},{"v":1669.4180000000001,"d":"1,669"},{"v":14190.053,"d":"14,190"},{"v":19198.306999999997,"d":"19,198"},{"$f":"(M603*12-(VLOOKUP(AB603*12,'Tax table'!$A$3:$C$10,3)*(AB603*12-VLOOKUP(AB603*12,'Tax table'!$A$3:$C$10,1))+VLOOKUP(AB603*12,'Tax table'!$A$3:$C$10,2)))/12","v":{"v":18366.838513333332,"d":"18,367"}},{"v":14190.053,"d":"14,190"},{"v":0.7725909382662013,"d":"77.3%"}]
["Member 1708","1985-12-03","M",{"v":200330.16,"d":"200,330"},{"v":0.8,"d":"80%"},{"v":0.85,"d":"85%"},{"v":0.75,"d":"75%"},{"v":0.1,"d":"10%"},null,32,{"v":16694.18,"d":"16,694"},{"v":1669.4180000000001,"d":"1,669"},{"v":20867.725,"d":"20,868"},{"v":19198.306999999997,"d":"19,198"},{"$f":"(M604*12-(VLOOKUP(N604*12,'Tax table'!$A$3:$C$10,3)*(N604*12-VLOOKUP(N604*12,'Tax table'!$A$3:$C$10,1))+VLOOKUP(N604*12,'Tax table'!$A$3:$C$10,2)))/12","v":{"v":18366.838513333332,"d":"18,367"}},{"v":15024.762,"d":"15,025"},{"$f":"(VLOOKUP(P604*12,'Tax table'!$A$3:$C$10,3)*(P604*12-VLOOKUP(P604*12,'Tax table'!$A$3:$C$10,1))+VLOOKUP(P604*12,'Tax table'!$A$3:$C$10,2))/12","v":{"v":1519.45716,"d":"1,519"}},{"v":15174.72284,"d":"15,175"},{"v":12898.514414,"d":"12,899"},{"v":0.7022718909754869,"d":"70.2%"},{"v":38695.543242,"d":"38,696"},{"$f":"IF($B$15=\"Yes\",MIN(S604*2,References!$B$7),0)","v":{"v":25797.028828,"d":"25,797"}},{"$f":"IF(AND(D604<>0,$B$16=\"Yes\"),References!$B$6,0)","v":{"v":100000,"d":"100,000"}},{"v":2276.208426000001,"d":"2,276"},{"v":12520.635,"d":"12,521"},{"v":1669.4180000000001,"d":"1,669"},{"v":14190.053,"d":"14,190"},{"v":19198.306999999997,"d":"19,198"},{"$f":"(M604*12-(VLOOKUP(AB604*12,'Tax table'!$A$3:$C$10,3)*(AB604*12-VLOOKUP(AB604*12,'Tax table'!$A$3:$C$10,1))+VLOOKUP(AB604*12,'Tax table'!$A$3:$C$10,2)))/12","v":{"v":18366.838513333332,"d":"18,367"}},{"v":14190.053,"d":"14,190"},{"v":0.7725909382662013,"d":"77.3%"}]
["Member 1709","1983-10-28","F",{"v":200330.16,"d":"200,330"},{"v":0.8,"d":"80%"},{"v":0.85,"d":"85%"},{"v":0.75,"d":"75%"},{"v":0.1,"d":"10%"},null,35,{"v":16694.18,"d":"16,694"},{"v":1669.4180000000001,"d":"1,669"},{"v":20867.725,"d":"20,868"},{"v":19198.306999999997,"d":"19,198"},{"$f":"(M605*12-(VLOOKUP(N605*12,'Tax table'!$A$3:$C$10,3)*(N605*12-VLOOKUP(N605*12,'Tax table'!$A$3:$C$10,1))+VLOOKUP(N605*12,'Tax table'!$A$3:$C$10,2)))/12","v":{"v":18366.838513333332,"d":"18,367"}},{"v":15024.762,"d":"15,025"},{"$f":"(VLOOKUP(P605*12,'Tax table'!$A$3:$C$10,3)*(P605*12-VLOOKUP(P605*12,'Tax table'!$A$3:$C$10,1))+VLOOKUP(P605*12,'Tax table'!$A$3:$C$10,2))/12","v":{"v":1519.45716,"d":"1,519"}},{"v":15174.72284,"d":"15,175"},{"v":12898.514414,"d":"12,899"},{"v":0.7022718909754869,"d":"70.2%"},{"v":38695.543242,"d":"38,696"},{"$f":"IF($B$15=\"Yes\",MIN(S605*2,References!$B$7),0)","v":{"v":25797.028828,"d":"25,797"}},{"$f":"IF(AND(D605<>0,$B$16=\"Yes\"),References!$B$6,0)","v":{"v":100000,"d":"100,000"}},{"v":2276.208426000001,"d":"2,276"},{"v":12520.635,"d":"12,521"},{"v":1669.4180000000001,"d":"1,669"},{"v":14190.053,"d":"14,190"},{"v":19198.306999999997,"d":"19,198"},{"$f":"(M605*12-(VLOOKUP(AB605*12,'Tax table'!$A$3:$C$10,3)*(AB605*12-VLOOKUP(AB605*12,'Tax table'!$A$3:$C$10,1))+VLOOKUP(AB605*12,'Tax table'!$A$3:$C$10,2)))/12","v":{"v":18366.838513333332,"d":"18,367"}},{"v":14190.053,"d":"14,190"},{"v":0.7725909382662013,"d":"77.3%"}]
["Member 1710","1979-12-01","M",{"v":200330.16,"d":"200,330"},{"v":0.8,"d":"80%"},{"v":0.85,"d":"85%"},{"v":0.75,"d":"75%"},{"v":0.1,"d":"10%"},null,38,{"v":16694.18,"d":"16,694"},{"v":1669.4180000000001,"d":"1,669"},{"v":20867.725,"d":"20,868"},{"v":19198.306999999997,"d":"19,198"},{"$f":"(M606*12-(VLOOKUP(N606*12,'Tax table'!$A$3:$C$10,3)*(N606*12-VLOOKUP(N606*12,'Tax table'!$A$3:$C$10,1))+VLOOKUP(N606*12,'Tax table'!$A$3:$C$10,2)))/12","v":{"v":18366.838513333332,"d":"18,367"}},{"v":15024.762,"d":"15,025"},{"$f":"(VLOOKUP(P606*12,'Tax table'!$A$3:$C$10,3)*(P606*12-VLOOKUP(P606*12,'Tax table'!$A$3:$C$10,1))+VLOOKUP(P606*12,'Tax table'!$A$3:$C$10,2))/12","v":{"v":1519.45716,"d":"1,519"}},{"v":15174.72284,"d":"15,175"},{"v":12898.514414,"d":"12,899"},{"v":0.7022718909754869,"d":"70.2%"},{"v":38695.543242,"d":"38,696"},{"$f":"IF($B$15=\"Yes\",MIN(S606*2,References!$B$7),0)","v":{"v":25797.028828,"d":"25,797"}},{"$f":"IF(AND(D606<>0,$B$16=\"Yes\"),References!$B$6,0)","v":{"v":100000,"d":"100,000"}},{"v":2276.208426000001,"d":"2,276"},{"v":12520.635,"d":"12,521"},{"v":1669.4180000000001,"d":"1,669"},{"v":14190.053,"d":"14,190"},{"v":19198.306999999997,"d":"19,198"},{"$f":"(M606*12-(VLOOKUP(AB606*12,'Tax table'!$A$3:$C$10,3)*(AB606*12-VLOOKUP(AB606*12,'Tax table'!$A$3:$C$10,1))+VLOOKUP(AB606*12,'Tax table'!$A$3:$C$10,2)))/12","v":{"v":18366.838513333332,"d":"18,367"}},{"v":14190.053,"d":"14,190"},{"v":0.7725909382662013,"d":"77.3%"}]
["Member 1687","1984-12-31","F",{"v":202314,"d":"202,314"},{"v":0.8,"d":"80%"},{"v":0.85,"d":"85%"},{"v":0.75,"d":"75%"},{"v":0.1,"d":"10%"},null,33,{"v":16859.5,"d":"16,860"},{"v":1685.95,"d":"1,686"},{"v":21074.375,"d":"21,074"},{"v":19388.425,"d":"19,388"},{"$f":"(M607*12-(VLOOKUP(N607*12,'Tax table'!$A$3:$C$10,3)*(N607*12-VLOOKUP(N607*12,'Tax table'!$A$3:$C$10,1))+VLOOKUP(N607*12,'Tax table'!$A$3:$C$10,2)))/12","v":{"v":18524.057833333336,"d":"18,524"}},{"v":15173.55,"d":"15,174"},{"$f":"(VLOOKUP(P607*12,'Tax table'!$A$3:$C$10,3)*(P607*12-VLOOKUP(P607*12,'Tax table'!$A$3:$C$10,1))+VLOOKUP(P607*12,'Tax table'!$A$3:$C$10,2))/12","v":{"v":1546.2389999999996,"d":"1,546"}},{"v":15313.261,"d":"15,313"},{"v":13016.27185,"d":"13,016"},{"v":0.7026684955915931,"d":"70.3%"},{"v":39048.81555,"d":"39,049"},{"$f":"IF($B$15=\"Yes\",MIN(S607*2,References!$B$7),0)","v":{"v":26032.5437,"d":"26,033"}},{"$f":"IF(AND(D607<>0,$B$16=\"Yes\"),References!$B$6,0)","v":{"v":100000,"d":"100,000"}},{"v":2296.9891500000012,"d":"2,297"},{"v":12644.625,"d":"12,645"},{"v":1685.95,"d":"1,686"},{"v":14330.575,"d":"14,331"},{"v":19388.425,"d":"19,388"},{"$f":"(M607*12-(VLOOKUP(AB607*12,'Tax table'!$A$3:$C$10,3)*(AB607*12-VLOOKUP(AB607*12,'Tax table'!$A$3:$C$10,1))+VLOOKUP(AB607*12,'Tax table'!$A$3:$C$10,2)))/12","v":{"v":18524.057833333336,"d":"18,524"}},{"v":14330.575,"d":"14,331"},{"v":0.7736196425716549,"d":"77.4%"}]
["Member 1688","1970-11-11","M",{"v":202314,"d":"202,314"},{"v":0.8,"d":"80%"},{"v":0.85,"d":"85%"},{"v":0.75,"d":"75%"},{"v":0.1,"d":"10%"},null,47,{"v":16859.5,"d":"16,860"},{"v":1685.95,"d":"1,686"},{"v":21074.375,"d":"21,074"},{"v":19388.425,"d":"19,388"},{"$f":"(M608*12-(VLOOKUP(N608*12,'Tax table'!$A$3:$C$10,3)*(N608*12-VLOOKUP(N608*12,'Tax table'!$A$3:$C$10,1))+VLOOKUP(N608*12,'Tax table'!$A$3:$C$10,2)))/12","v":{"v":18524.057833333336,"d":"18,524"}},{"v":15173.55,"d":"15,174"},{"$f":"(VLOOKUP(P608*12,'Tax table'!$A$3:$C$10,3)*(P608*12-VLOOKUP(P608*12,'Tax table'!$A$3:$C$10,1))+VLOOKUP(P608*12,'Tax table'!$A$3:$C$10,2))/12","v":{"v":1546.2389999999996,"d":"1,546"}},{"v":15313.261,"d":"15,313"},{"v":13016.27185,"d":"13,016"},{"v":0.7026684955915931,"d":"70.3%"},{"v":39048.81555,"d":"39,049"},{"$f":"IF($B$15=\"Yes\",MIN(S608*2,References!$B$7),0)","v":{"v":26032.5437,"d":"26,033"}},{"$f":"IF(AND(D608<>0,$B$16=\"Yes\"),References!$B$6,0)","v":{"v":100000,"d":"100,000"}},{"v":2296.9891500000012,"d":"2,297"},{"v":12644.625,"d":"12,645"},{"v":1685.95,"d":"1,686"},{"v":14330.575,"d":"14,331"},{"v":19388.425,"d":"19,388"},{"$f":"(M608*12-(VLOOKUP(AB608*12,'Tax table'!$A$3:$C$10,3)*(AB608*12-VLOOKUP(AB608*12,'Tax table'!$A$3:$C$10,1))+VLOOKUP(AB608*12,'Tax table'!$A$3:$C$10,2)))/12","v":{"v":18524.057833333336,"d":"18,524"}},{"v":14330.575,"d":"14,331"},{"v":0.7736196425716549,"d":"77.4%"}]
["Member 1689","1983-10-18","M",{"v":202314,"d":"202,314"},{"v":0.8,"d":"80%"},{"v":0.85,"d":"85%"},{"v":0.75,"d":"75%"},{"v":0.1,"d":"10%"},null,35,{"v":16859.5,"d":"16,860"},{"v":1685.95,"d":"1,686"},{"v":21074.375,"d":"21,074"},{"v":19388.425,"d":"19,388"},{"$f":"(M609*12-(VLOOKUP(N609*12,'Tax table'!$A$3:$C$10,3)*(N609*12-VLOOKUP(N609*12,'Tax table'!$A$3:$C$10,1))+VLOOKUP(N609*12,'Tax table'!$A$3:$C$10,2)))/12","v":{"v":18524.057833333336,"d":"18,524"}},{"v":15173.55,"d":"15,174"},{"$f":"(VLOOKUP(P609*12,'Tax table'!$A$3:$C$10,3)*(P609*12-VLOOKUP(P609*12,'Tax table'!$A$3:$C$10,1))+VLOOKUP(P609*12,'Tax table'!$A$3:$C$10,2))/12","v":{"v":1546.2389999999996,"d":"1,546"}},{"v":15313.261,"d":"15,313"},{"v":13016.27185,"d":"13,016"},{"v":0.7026684955915931,"d":"70.3%"},{"v":39048.81555,"d":"39,049"},{"$f":"IF($B$15=\"Yes\",MIN(S609*2,References!$B$7),0)","v":{"v":26032.5437,"d":"26,033"}},{"$f":"IF(AND(D609<>0,$B$16=\"Yes\"),References!$B$6,0)","v":{"v":100000,"d":"100,000"}},{"v":2296.9891500000012,"d":"2,297"},{"v":12644.625,"d":"12,645"},{"v":1685.95,"d":"1,686"},{"v":14330.575,"d":"14,331"},{"v":19388.425,"d":"19,388"},{"$f":"(M609*12-(VLOOKUP(AB609*12,'Tax table'!$A$3:$C$10,3)*(AB609*12-VLOOKUP(AB609*12,'Tax table'!$A$3:$C$10,1))+VLOOKUP(AB609*12,'Tax table'!$A$3:$C$10,2)))/12","v":{"v":18524.057833333336,"d":"18,524"}},{"v":14330.575,"d":"14,331"},{"v":0.7736196425716549,"d":"77.4%"}]
["Member 1690","1989-07-27","M",{"v":202314,"d":"202,314"},{"v":0.8,"d":"80%"},{"v":0.85,"d":"85%"},{"v":0.75,"d":"75%"},{"v":0.1,"d":"10%"},null,29,{"v":16859.5,"d":"16,860"},{"v":1685.95,"d":"1,686"},{"v":21074.375,"d":"21,074"},{"v":19388.425,"d":"19,388"},{"$f":"(M610*12-(VLOOKUP(N610*12,'Tax table'!$A$3:$C$10,3)*(N610*12-VLOOKUP(N610*12,'Tax table'!$A$3:$C$10,1))+VLOOKUP(N610*12,'Tax table'!$A$3:$C$10,2)))/12","v":{"v":18524.057833333336,"d":"18,524"}},{"v":15173.55,"d":"15,174"},{"$f":"(VLOOKUP(P610*12,'Tax table'!$A$3:$C$10,3)*(P610*12-VLOOKUP(P610*12,'Tax table'!$A$3:$C$10,1))+VLOOKUP(P610*12,'Tax table'!$A$3:$C$10,2))/12","v":{"v":1546.2389999999996,"d":"1,546"}},{"v":15313.261,"d":"15,313"},{"v":13016.27185,"d":"13,016"},{"v":0.7026684955915931,"d":"70.3%"},{"v":39048.81555,"d":"39,049"},{"$f":"IF($B$15=\"Yes\",MIN(S610*2,References!$B$7),0)","v":{"v":26032.5437,"d":"26,033"}},{"$f":"IF(AND(D610<>0,$B$16=\"Yes\"),References!$B$6,0)","v":{"v":100000,"d":"100,000"}},{"v":2296.9891500000012,"d":"2,297"},{"v":12644.625,"d":"12,645"},{"v":1685.95,"d":"1,686"},{"v":14330.575,"d":"14,331"},{"v":19388.425,"d":"19,388"},{"$f":"(M610*12-(VLOOKUP(AB610*12,'Tax table'!$A$3:$C$10,3)*(AB610*12-VLOOKUP(AB610*12,'Tax table'!$A$3:$C$10,1))+VLOOKUP(AB610*12,'Tax table'!$A$3:$C$10,2)))/12","v":{"v":18524.057833333336,"d":"18,524"}},{"v":14330.575,"d":"14,331"},{"v":0.7736196425716549,"d":"77.4%"}]
["Member 1691","1985-09-25","F",{"v":202314,"d":"202,314"},{"v":0.8,"d":"80%"},{"v":0.85,"d":"85%"},{"v":0.75,"d":"75%"},{"v":0.1,"d":"10%"},null,33,{"v":16859.5,"d":"16,860"},{"v":1685.95,"d":"1,686"},{"v":21074.375,"d":"21,074"},{"v":19388.425,"d":"19,388"},{"$f":"(M611*12-(VLOOKUP(N611*12,'Tax table'!$A$3:$C$10,3)*(N611*12-VLOOKUP(N611*12,'Tax table'!$A$3:$C$10,1))+VLOOKUP(N611*12,'Tax table'!$A$3:$C$10,2)))/12","v":{"v":18524.057833333336,"d":"18,524"}},{"v":15173.55,"d":"15,174"},{"$f":"(VLOOKUP(P611*12,'Tax table'!$A$3:$C$10,3)*(P611*12-VLOOKUP(P611*12,'Tax table'!$A$3:$C$10,1))+VLOOKUP(P611*12,'Tax table'!$A$3:$C$10,2))/12","v":{"v":1546.2389999999996,"d":"1,546"}},{"v":15313.261,"d":"15,313"},{"v":13016.27185,"d":"13,016"},{"v":0.7026684955915931,"d":"70.3%"},{"v":39048.81555,"d":"39,049"},{"$f":"IF($B$15=\"Yes\",MIN(S611*2,References!$B$7),0)","v":{"v":26032.5437,"d":"26,033"}},{"$f":"IF(AND(D611<>0,$B$16=\"Yes\"),References!$B$6,0)","v":{"v":100000,"d":"100,000"}},{"v":2296.9891500000012,"d":"2,297"},{"v":12644.625,"d":"12,645"},{"v":1685.95,"d":"1,686"},{"v":14330.575,"d":"14,331"},{"v":19388.425,"d":"19,388"},{"$f":"(M611*12-(VLOOKUP(AB611*12,'Tax table'!$A$3:$C$10,3)*(AB611*12-VLOOKUP(AB611*12,'Tax table'!$A$3:$C$10,1))+VLOOKUP(AB611*12,'Tax table'!$A$3:$C$10,2)))/12","v":{"v":18524.057833333336,"d":"18,524"}},{"v":14330.575,"d":"14,331"},{"v":0.7736196425716549,"d":"77.4%"}]
["Member 1692","1977-12-05","M",{"v":202314,"d":"202,314"},{"v":0.8,"d":"80%"},{"v":0.85,"d":"85%"},{"v":0.75,"d":"75%"},{"v":0.1,"d":"10%"},null,40,{"v":16859.5,"d":"16,860"},{"v":1685.95,"d":"1,686"},{"v":21074.375,"d":"21,074"},{"v":19388.425,"d":"19,388"},{"$f":"(M612*12-(VLOOKUP(N612*12,'Tax table'!$A$3:$C$10,3)*(N612*12-VLOOKUP(N612*12,'Tax table'!$A$3:$C$10,1))+VLOOKUP(N612*12,'Tax table'!$A$3:$C$10,2)))/12","v":{"v":18524.057833333336,"d":"18,524"}},{"v":15173.55,"d":"15,174"},{"$f":"(VLOOKUP(P612*12,'Tax table'!$A$3:$C$10,3)*(P612*12-VLOOKUP(P612*12,'Tax table'!$A$3:$C$10,1))+VLOOKUP(P612*12,'Tax table'!$A$3:$C$10,2))/12","v":{"v":1546.2389999999996,"d":"1,546"}},{"v":15313.261,"d":"15,313"},{"v":13016.27185,"d":"13,016"},{"v":0.7026684955915931,"d":"70.3%"},{"v":39048.81555,"d":"39,049"},{"$f":"IF($B$15=\"Yes\",MIN(S612*2,References!$B$7),0)","v":{"v":26032.5437,"d":"26,033"}},{"$f":"IF(AND(D612<>0,$B$16=\"Yes\"),References!$B$6,0)","v":{"v":100000,"d":"100,000"}},{"v":2296.9891500000012,"d":"2,297"},{"v":12644.625,"d":"12,645"},{"v":1685.95,"d":"1,686"},{"v":14330.575,"d":"14,331"},{"v":19388.425,"d":"19,388"},{"$f":"(M612*12-(VLOOKUP(AB612*12,'Tax table'!$A$3:$C$10,3)*(AB612*12-VLOOKUP(AB612*12,'Tax table'!$A$3:$C$10,1))+VLOOKUP(AB612*12,'Tax table'!$A$3:$C$10,2)))/12","v":{"v":18524.057833333336,"d":"18,524"}},{"v":14330.575,"d":"14,331"},{"v":0.7736196425716549,"d":"77.4%"}]
["Member 1693","1979-11-23","M",{"v":202314,"d":"202,314"},{"v":0.8,"d":"80%"},{"v":0.85,"d":"85%"},{"v":0.75,"d":"75%"},{"v":0.1,"d":"10%"},null,38,{"v":16859.5,"d":"16,860"},{"v":1685.95,"d":"1,686"},{"v":21074.375,"d":"21,074"},{"v":19388.425,"d":"19,388"},{"$f":"(M613*12-(VLOOKUP(N613*12,'Tax table'!$A$3:$C$10,3)*(N613*12-VLOOKUP(N613*12,'Tax table'!$A$3:$C$10,1))+VLOOKUP(N613*12,'Tax table'!$A$3:$C$10,2)))/12","v":{"v":18524.057833333336,"d":"18,524"}},{"v":15173.55,"d":"15,174"},{"$f":"(VLOOKUP(P613*12,'Tax table'!$A$3:$C$10,3)*(P613*12-VLOOKUP(P613*12,'Tax table'!$A$3:$C$10,1))+VLOOKUP(P613*12,'Tax table'!$A$3:$C$10,2))/12","v":{"v":1546.2389999999996,"d":"1,546"}},{"v":15313.261,"d":"15,313"},{"v":13016.27185,"d":"13,016"},{"v":0.7026684955915931,"d":"70.3%"},{"v":39048.81555,"d":"39,049"},{"$f":"IF($B$15=\"Yes\",MIN(S613*2,References!$B$7),0)","v":{"v":26032.5437,"d":"26,033"}},{"$f":"IF(AND(D613<>0,$B$16=\"Yes\"),References!$B$6,0)","v":{"v":100000,"d":"100,000"}},{"v":2296.9891500000012,"d":"2,297"},{"v":12644.625,"d":"12,645"},{"v":1685.95,"d":"1,686"},{"v":14330.575,"d":"14,331"},{"v":19388.425,"d":"19,388"},{"$f":"(M613*12-(VLOOKUP(AB613*12,'Tax table'!$A$3:$C$10,3)*(AB613*12-VLOOKUP(AB613*12,'Tax table'!$A$3:$C$10,1))+VLOOKUP(AB613*12,'Tax table'!$A$3:$C$10,2)))/12","v":{"v":18524.057833333336,"d":"18,524"}},{"v":14330.575,"d":"14,331"},{"v":0.7736196425716549,"d":"77.4%"}]
["Member 1694","1972-03-13","M",{"v":202314,"d":"202,314"},{"v":0.8,"d":"80%"},{"v":0.85,"d":"85%"},{"v":0.75,"d":"75%"},{"v":0.1,"d":"10%"},null,46,{"v":16859.5,"d":"16,860"},{"v":1685.95,"d":"1,686"},{"v":21074.375,"d":"21,074"},{"v":19388.425,"d":"19,388"},{"$f":"(M614*12-(VLOOKUP(N614*12,'Tax table'!$A$3:$C$10,3)*(N614*12-VLOOKUP(N614*12,'Tax table'!$A$3:$C$10,1))+VLOOKUP(N614*12,'Tax table'!$A$3:$C$10,2)))/12","v":{"v":18524.057833333336,"d":"18,524"}},{"v":15173.55,"d":"15,174"},{"$f":"(VLOOKUP(P614*12,'Tax table'!$A$3:$C$10,3)*(P614*12-VLOOKUP(P614*12,'Tax table'!$A$3:$C$10,1))+VLOOKUP(P614*12,'Tax table'!$A$3:$C$10,2))/12","v":{"v":1546.2389999999996,"d":"1,546"}},{"v":15313.261,"d":"15,313"},{"v":13016.27185,"d":"13,016"},{"v":0.7026684955915931,"d":"70.3%"},{"v":39048.81555,"d":"39,049"},{"$f":"IF($B$15=\"Yes\",MIN(S614*2,References!$B$7),0)","v":{"v":26032.5437,"d":"26,033"}},{"$f":"IF(AND(D614<>0,$B$16=\"Yes\"),References!$B$6,0)","v":{"v":100000,"d":"100,000"}},{"v":2296.9891500000012,"d":"2,297"},{"v":12644.625,"d":"12,645"},{"v":1685.95,"d":"1,686"},{"v":14330.575,"d":"14,331"},{"v":19388.425,"d":"19,388"},{"$f":"(M614*12-(VLOOKUP(AB614*12,'Tax table'!$A$3:$C$10,3)*(AB614*12-VLOOKUP(AB614*12,'Tax table'!$A$3:$C$10,1))+VLOOKUP(AB614*12,'Tax table'!$A$3:$C$10,2)))/12","v":{"v":18524.057833333336,"d":"18,524"}},{"v":14330.575,"d":"14,331"},{"v":0.7736196425716549,"d":"77.4%"}]
["Member 1695","1985-08-05","F",{"v":202314,"d":"202,314"},{"v":0.8,"d":"80%"},{"v":0.85,"d":"85%"},{"v":0.75,"d":"75%"},{"v":0.1,"d":"10%"},null,33,{"v":16859.5,"d":"16,860"},{"v":1685.95,"d":"1,686"},{"v":21074.375,"d":"21,074"},{"v":19388.425,"d":"19,388"},{"$f":"(M615*12-(VLOOKUP(N615*12,'Tax table'!$A$3:$C$10,3)*(N615*12-VLOOKUP(N615*12,'Tax table'!$A$3:$C$10,1))+VLOOKUP(N615*12,'Tax table'!$A$3:$C$10,2)))/12","v":{"v":18524.057833333336,"d":"18,524"}},{"v":15173.55,"d":"15,174"},{"$f":"(VLOOKUP(P615*12,'Tax table'!$A$3:$C$10,3)*(P615*12-VLOOKUP(P615*12,'Tax table'!$A$3:$C$10,1))+VLOOKUP(P615*12,'Tax table'!$A$3:$C$10,2))/12","v":{"v":1546.2389999999996,"d":"1,546"}},{"v":15313.261,"d":"15,313"},{"v":13016.27185,"d":"13,016"},{"v":0.7026684955915931,"d":"70.3%"},{"v":39048.81555,"d":"39,049"},{"$f":"IF($B$15=\"Yes\",MIN(S615*2,References!$B$7),0)","v":{"v":26032.5437,"d":"26,033"}},{"$f":"IF(AND(D615<>0,$B$16=\"Yes\"),References!$B$6,0)","v":{"v":100000,"d":"100,000"}},{"v":2296.9891500000012,"d":"2,297"},{"v":12644.625,"d":"12,645"},{"v":1685.95,"d":"1,686"},{"v":14330.575,"d":"14,331"},{"v":19388.425,"d":"19,388"},{"$f":"(M615*12-(VLOOKUP(AB615*12,'Tax table'!$A$3:$C$10,3)*(AB615*12-VLOOKUP(AB615*12,'Tax table'!$A$3:$C$10,1))+VLOOKUP(AB615*12,'Tax table'!$A$3:$C$10,2)))/12","v":{"v":18524.057833333336,"d":"18,524"}},{"v":14330.575,"d":"14,331"},{"v":0.7736196425716549,"d":"77.4%"}]
["Member 1696","1977-02-06","F",{"v":202314,"d":"202,314"},{"v":0.8,"d":"80%"},{"v":0.85,"d":"85%"},{"v":0.75,"d":"75%"},{"v":0.1,"d":"10%"},null,41,{"v":16859.5,"d":"16,860"},{"v":1685.95,"d":"1,686"},{"v":21074.375,"d":"21,074"},{"v":19388.425,"d":"19,388"},{"$f":"(M616*12-(VLOOKUP(N616*12,'Tax table'!$A$3:$C$10,3)*(N616*12-VLOOKUP(N616*12,'Tax table'!$A$3:$C$10,1))+VLOOKUP(N616*12,'Tax table'!$A$3:$C$10,2)))/12","v":{"v":18524.057833333336,"d":"18,524"}},{"v":15173.55,"d":"15,174"},{"$f":"(VLOOKUP(P616*12,'Tax table'!$A$3:$C$10,3)*(P616*12-VLOOKUP(P616*12,'Tax table'!$A$3:$C$10,1))+VLOOKUP(P616*12,'Tax table'!$A$3:$C$10,2))/12","v":{"v":1546.2389999999996,"d":"1,546"}},{"v":15313.261,"d":"15,313"},{"v":13016.27185,"d":"13,016"},{"v":0.7026684955915931,"d":"70.3%"},{"v":39048.81555,"d":"39,049"},{"$f":"IF($B$15=\"Yes\",MIN(S616*2,References!$B$7),0)","v":{"v":26032.5437,"d":"26,033"}},{"$f":"IF(AND(D616<>0,$B$16=\"Yes\"),References!$B$6,0)","v":{"v":100000,"d":"100,000"}},{"v":2296.9891500000012,"d":"2,297"},{"v":12644.625,"d":"12,645"},{"v":1685.95,"d":"1,686"},{"v":14330.575,"d":"14,331"},{"v":19388.425,"d":"19,388"},{"$f":"(M616*12-(VLOOKUP(AB616*12,'Tax table'!$A$3:$C$10,3)*(AB616*12-VLOOKUP(AB616*12,'Tax table'!$A$3:$C$10,1))+VLOOKUP(AB616*12,'Tax table'!$A$3:$C$10,2)))/12","v":{"v":18524.057833333336,"d":"18,524"}},{"v":14330.575,"d":"14,331"},{"v":0.7736196425716549,"d":"77.4%"}]
["Member 1697","1978-04-10","F",{"v":202314,"d":"202,314"},{"v":0.8,"d":"80%"},{"v":0.85,"d":"85%"},{"v":0.75,"d":"75%"},{"v":0.1,"d":"10%"},null,40,{"v":16859.5,"d":"16,860"},{"v":1685.95,"d":"1,686"},{"v":21074.375,"d":"21,074"},{"v":19388.425,"d":"19,388"},{"$f":"(M617*12-(VLOOKUP(N617*12,'Tax table'!$A$3:$C$10,3)*(N617*12-VLOOKUP(N617*12,'Tax table'!$A$3:$C$10,1))+VLOOKUP(N617*12,'Tax table'!$A$3:$C$10,2)))/12","v":{"v":18524.057833333336,"d":"18,524"}},{"v":15173.55,"d":"15,174"},{"$f":"(VLOOKUP(P617*12,'Tax table'!$A$3:$C$10,3)*(P617*12-VLOOKUP(P617*12,'Tax table'!$A$3:$C$10,1))+VLOOKUP(P617*12,'Tax table'!$A$3:$C$10,2))/12","v":{"v":1546.2389999999996,"d":"1,546"}},{"v":15313.261,"d":"15,313"},{"v":13016.27185,"d":"13,016"},{"v":0.7026684955915931,"d":"70.3%"},{"v":39048.81555,"d":"39,049"},{"$f":"IF($B$15=\"Yes\",MIN(S617*2,References!$B$7),0)","v":{"v":26032.5437,"d":"26,033"}},{"$f":"IF(AND(D617<>0,$B$16=\"Yes\"),References!$B$6,0)","v":{"v":100000,"d":"100,000"}},{"v":2296.9891500000012,"d":"2,297"},{"v":12644.625,"d":"12,645"},{"v":1685.95,"d":"1,686"},{"v":14330.575,"d":"14,331"},{"v":19388.425,"d":"19,388"},{"$f":"(M617*12-(VLOOKUP(AB617*12,'Tax table'!$A$3:$C$10,3)*(AB617*12-VLOOKUP(AB617*12,'Tax table'!$A$3:$C$10,1))+VLOOKUP(AB617*12,'Tax table'!$A$3:$C$10,2)))/12","v":{"v":18524.057833333336,"d":"18,524"}},{"v":14330.575,"d":"14,331"},{"v":0.7736196425716549,"d":"77.4%"}]
["Member 1698","1986-02-02","F",{"v":202314,"d":"202,314"},{"v":0.8,"d":"80%"},{"v":0.85,"d":"85%"},{"v":0.75,"d":"75%"},{"v":0.1,"d":"10%"},null,32,{"v":16859.5,"d":"16,860"},{"v":1685.95,"d":"1,686"},{"v":21074.375,"d":"21,074"},{"v":19388.425,"d":"19,388"},{"$f":"(M618*12-(VLOOKUP(N618*12,'Tax table'!$A$3:$C$10,3)*(N618*12-VLOOKUP(N618*12,'Tax table'!$A$3:$C$10,1))+VLOOKUP(N618*12,'Tax table'!$A$3:$C$10,2)))/12","v":{"v":18524.057833333336,"d":"18,524"}},{"v":15173.55,"d":"15,174"},{"$f":"(VLOOKUP(P618*12,'Tax table'!$A$3:$C$10,3)*(P618*12-VLOOKUP(P618*12,'Tax table'!$A$3:$C$10,1))+VLOOKUP(P618*12,'Tax table'!$A$3:$C$10,2))/12","v":{"v":1546.2389999999996,"d":"1,546"}},{"v":15313.261,"d":"15,313"},{"v":13016.27185,"d":"13,016"},{"v":0.7026684955915931,"d":"70.3%"},{"v":39048.81555,"d":"39,049"},{"$f":"IF($B$15=\"Yes\",MIN(S618*2,References!$B$7),0)","v":{"v":26032.5437,"d":"26,033"}},{"$f":"IF(AND(D618<>0,$B$16=\"Yes\"),References!$B$6,0)","v":{"v":100000,"d":"100,000"}},{"v":2296.9891500000012,"d":"2,297"},{"v":12644.625,"d":"12,645"},{"v":1685.95,"d":"1,686"},{"v":14330.575,"d":"14,331"},{"v":19388.425,"d":"19,388"},{"$f":"(M618*12-(VLOOKUP(AB618*12,'Tax table'!$A$3:$C$10,3)*(AB618*12-VLOOKUP(AB618*12,'Tax table'!$A$3:$C$10,1))+VLOOKUP(AB618*12,'Tax table'!$A$3:$C$10,2)))/12","v":{"v":18524.057833333336,"d":"18,524"}},{"v":14330.575,"d":"14,331"},{"v":0.7736196425716549,"d":"77.4%"}]
["Member 1699","1980-12-07","M",{"v":202314,"d":"202,314"},{"v":0.8,"d":"80%"},{"v":0.85,"d":"85%"},{"v":0.75,"d":"75%"},{"v":0.1,"d":"10%"},null,37,{"v":16859.5,"d":"16,860"},{"v":1685.95,"d":"1,686"},{"v":21074.375,"d":"21,074"},{"v":19388.425,"d":"19,388"},{"$f":"(M619*12-(VLOOKUP(N619*12,'Tax table'!$A$3:$C$10,3)*(N619*12-VLOOKUP(N619*12,'Tax table'!$A$3:$C$10,1))+VLOOKUP(N619*12,'Tax table'!$A$3:$C$10,2)))/12","v":{"v":18524.057833333336,"d":"18,524"}},{"v":15173.55,"d":"15,174"},{"$f":"(VLOOKUP(P619*12,'Tax table'!$A$3:$C$10,3)*(P619*12-VLOOKUP(P619*12,'Tax table'!$A$3:$C$10,1))+VLOOKUP(P619*12,'Tax table'!$A$3:$C$10,2))/12","v":{"v":1546.2389999999996,"d":"1,546"}},{"v":15313.261,"d":"15,313"},{"v":13016.27185,"d":"13,016"},{"v":0.7026684955915931,"d":"70.3%"},{"v":39048.81555,"d":"39,049"},{"$f":"IF($B$15=\"Yes\",MIN(S619*2,References!$B$7),0)","v":{"v":26032.5437,"d":"26,033"}},{"$f":"IF(AND(D619<>0,$B$16=\"Yes\"),References!$B$6,0)","v":{"v":100000,"d":"100,000"}},{"v":2296.9891500000012,"d":"2,297"},{"v":12644.625,"d":"12,645"},{"v":1685.95,"d":"1,686"},{"v":14330.575,"d":"14,331"},{"v":19388.425,"d":"19,388"},{"$f":"(M619*12-(VLOOKUP(AB619*12,'Tax table'!$A$3:$C$10,3)*(AB619*12-VLOOKUP(AB619*12,'Tax table'!$A$3:$C$10,1))+VLOOKUP(AB619*12,'Tax table'!$A$3:$C$10,2)))/12","v":{"v":18524.057833333336,"d":"18,524"}},{"v":14330.575,"d":"14,331"},{"v":0.7736196425716549,"d":"77.4%"}]
["Member 1700","1983-08-07","F",{"v":202314,"d":"202,314"},{"v":0.8,"d":"80%"},{"v":0.85,"d":"85%"},{"v":0.75,"d":"75%"},{"v":0.1,"d":"10%"},null,35,{"v":16859.5,"d":"16,860"},{"v":1685.95,"d":"1,686"},{"v":21074.375,"d":"21,074"},{"v":19388.425,"d":"19,388"},{"$f":"(M620*12-(VLOOKUP(N620*12,'Tax table'!$A$3:$C$10,3)*(N620*12-VLOOKUP(N620*12,'Tax table'!$A$3:$C$10,1))+VLOOKUP(N620*12,'Tax table'!$A$3:$C$10,2)))/12","v":{"v":18524.057833333336,"d":"18,524"}},{"v":15173.55,"d":"15,174"},{"$f":"(VLOOKUP(P620*12,'Tax table'!$A$3:$C$10,3)*(P620*12-VLOOKUP(P620*12,'Tax table'!$A$3:$C$10,1))+VLOOKUP(P620*12,'Tax table'!$A$3:$C$10,2))/12","v":{"v":1546.2389999999996,"d":"1,546"}},{"v":15313.261,"d":"15,313"},{"v":13016.27185,"d":"13,016"},{"v":0.7026684955915931,"d":"70.3%"},{"v":39048.81555,"d":"39,049"},{"$f":"IF($B$15=\"Yes\",MIN(S620*2,References!$B$7),0)","v":{"v":26032.5437,"d":"26,033"}},{"$f":"IF(AND(D620<>0,$B$16=\"Yes\"),References!$B$6,0)","v":{"v":100000,"d":"100,000"}},{"v":2296.9891500000012,"d":"2,297"},{"v":12644.625,"d":"12,645"},{"v":1685.95,"d":"1,686"},{"v":14330.575,"d":"14,331"},{"v":19388.425,"d":"19,388"},{"$f":"(M620*12-(VLOOKUP(AB620*12,'Tax table'!$A$3:$C$10,3)*(AB620*12-VLOOKUP(AB620*12,'Tax table'!$A$3:$C$10,1))+VLOOKUP(AB620*12,'Tax table'!$A$3:$C$10,2)))/12","v":{"v":18524.057833333336,"d":"18,524"}},{"v":14330.575,"d":"14,331"},{"v":0.7736196425716549,"d":"77.4%"}]
["Member 1701","1981-04-05","M",{"v":202314,"d":"202,314"},{"v":0.8,"d":"80%"},{"v":0.85,"d":"85%"},{"v":0.75,"d":"75%"},{"v":0.1,"d":"10%"},null,37,{"v":16859.5,"d":"16,860"},{"v":1685.95,"d":"1,686"},{"v":21074.375,"d":"21,074"},{"v":19388.425,"d":"19,388"},{"$f":"(M621*12-(VLOOKUP(N621*12,'Tax table'!$A$3:$C$10,3)*(N621*12-VLOOKUP(N621*12,'Tax table'!$A$3:$C$10,1))+VLOOKUP(N621*12,'Tax table'!$A$3:$C$10,2)))/12","v":{"v":18524.057833333336,"d":"18,524"}},{"v":15173.55,"d":"15,174"},{"$f":"(VLOOKUP(P621*12,'Tax table'!$A$3:$C$10,3)*(P621*12-VLOOKUP(P621*12,'Tax table'!$A$3:$C$10,1))+VLOOKUP(P621*12,'Tax table'!$A$3:$C$10,2))/12","v":{"v":1546.2389999999996,"d":"1,546"}},{"v":15313.261,"d":"15,313"},{"v":13016.27185,"d":"13,016"},{"v":0.7026684955915931,"d":"70.3%"},{"v":39048.81555,"d":"39,049"},{"$f":"IF($B$15=\"Yes\",MIN(S621*2,References!$B$7),0)","v":{"v":26032.5437,"d":"26,033"}},{"$f":"IF(AND(D621<>0,$B$16=\"Yes\"),References!$B$6,0)","v":{"v":100000,"d":"100,000"}},{"v":2296.9891500000012,"d":"2,297"},{"v":12644.625,"d":"12,645"},{"v":1685.95,"d":"1,686"},{"v":14330.575,"d":"14,331"},{"v":19388.425,"d":"19,388"},{"$f":"(M621*12-(VLOOKUP(AB621*12,'Tax table'!$A$3:$C$10,3)*(AB621*12-VLOOKUP(AB621*12,'Tax table'!$A$3:$C$10,1))+VLOOKUP(AB621*12,'Tax table'!$A$3:$C$10,2)))/12","v":{"v":18524.057833333336,"d":"18,524"}},{"v":14330.575,"d":"14,331"},{"v":0.7736196425716549,"d":"77.4%"}]
["Member 1702","1973-12-02","M",{"v":202314,"d":"202,314"},{"v":0.8,"d":"80%"},{"v":0.85,"d":"85%"},{"v":0.75,"d":"75%"},{"v":0.1,"d":"10%"},null,44,{"v":16859.5,"d":"16,860"},{"v":1685.95,"d":"1,686"},{"v":21074.375,"d":"21,074"},{"v":19388.425,"d":"19,388"},{"$f":"(M622*12-(VLOOKUP(N622*12,'Tax table'!$A$3:$C$10,3)*(N622*12-VLOOKUP(N622*12,'Tax table'!$A$3:$C$10,1))+VLOOKUP(N622*12,'Tax table'!$A$3:$C$10,2)))/12","v":{"v":18524.057833333336,"d":"18,524"}},{"v":15173.55,"d":"15,174"},{"$f":"(VLOOKUP(P622*12,'Tax table'!$A$3:$C$10,3)*(P622*12-VLOOKUP(P622*12,'Tax table'!$A$3:$C$10,1))+VLOOKUP(P622*12,'Tax table'!$A$3:$C$10,2))/12","v":{"v":1546.2389999999996,"d":"1,546"}},{"v":15313.261,"d":"15,313"},{"v":13016.27185,"d":"13,016"},{"v":0.7026684955915931,"d":"70.3%"},{"v":39048.81555,"d":"39,049"},{"$f":"IF($B$15=\"Yes\",MIN(S622*2,References!$B$7),0)","v":{"v":26032.5437,"d":"26,033"}},{"$f":"IF(AND(D622<>0,$B$16=\"Yes\"),References!$B$6,0)","v":{"v":100000,"d":"100,000"}},{"v":2296.9891500000012,"d":"2,297"},{"v":12644.625,"d":"12,645"},{"v":1685.95,"d":"1,686"},{"v":14330.575,"d":"14,331"},{"v":19388.425,"d":"19,388"},{"$f":"(M622*12-(VLOOKUP(AB622*12,'Tax table'!$A$3:$C$10,3)*(AB622*12-VLOOKUP(AB622*12,'Tax table'!$A$3:$C$10,1))+VLOOKUP(AB622*12,'Tax table'!$A$3:$C$10,2)))/12","v":{"v":18524.057833333336,"d":"18,524"}},{"v":14330.575,"d":"14,331"},{"v":0.7736196425716549,"d":"77.4%"}]
["Member 1686","1989-06-03","F",{"v":202482.48,"d":"202,482"},{"v":0.8,"d":"80%"},{"v":0.85,"d":"85%"},{"v":0.75,"d":"75%"},{"v":0.1,"d":"10%"},null,29,{"v":16873.54,"d":"16,874"},{"v":1687.3540000000003,"d":"1,687"},{"v":21091.925,"d":"21,092"},{"v":19404.571,"d":"19,405"},{"$f":"(M623*12-(VLOOKUP(N623*12,'Tax table'!$A$3:$C$10,3)*(N623*12-VLOOKUP(N623*12,'Tax table'!$A$3:$C$10,1))+VLOOKUP(N623*12,'Tax table'!$A$3:$C$10,2)))/12","v":{"v":18537.40987333333,"d":"18,537"}},{"v":15186.186000000002,"d":"15,186"},{"$f":"(VLOOKUP(P623*12,'Tax table'!$A$3:$C$10,3)*(P623*12-VLOOKUP(P623*12,'Tax table'!$A$3:$C$10,1))+VLOOKUP(P623*12,'Tax table'!$A$3:$C$10,2))/12","v":{"v":1548.5134800000003,"d":"1,549"}},{"v":15325.026520000001,"d":"15,325"},{"v":13026.272542,"d":"13,026"},{"v":0.7027018677910726,"d":"70.3%"},{"v":39078.817626000004,"d":"39,079"},{"$f":"IF($B$15=\"Yes\",MIN(S623*2,References!$B$7),0)","v":{"v":26052.545084,"d":"26,053"}},{"$f":"IF(AND(D623<>0,$B$16=\"Yes\"),References!$B$6,0)","v":{"v":100000,"d":"100,000"}},{"v":2298.7539780000006,"d":"2,299"},{"v":12655.155,"d":"12,655"},{"v":1687.3540000000003,"d":"1,687"},{"v":14342.509000000002,"d":"14,343"},{"v":19404.571,"d":"19,405"},{"$f":"(M623*12-(VLOOKUP(AB623*12,'Tax table'!$A$3:$C$10,3)*(AB623*12-VLOOKUP(AB623*12,'Tax table'!$A$3:$C$10,1))+VLOOKUP(AB623*12,'Tax table'!$A$3:$C$10,2)))/12","v":{"v":18537.40987333333,"d":"18,537"}},{"v":14342.509000000002,"d":"14,343"},{"v":0.7737062026465827,"d":"77.4%"}]
["Member 1685","1988-04-25","M",{"v":202641.24,"d":"202,641"},{"v":0.8,"d":"80%"},{"v":0.85,"d":"85%"},{"v":0.75,"d":"75%"},{"v":0.1,"d":"10%"},null,30,{"v":16886.77,"d":"16,887"},{"v":1688.6770000000001,"d":"1,689"},{"v":21108.462499999998,"d":"21,108"},{"v":19419.785499999998,"d":"19,420"},{"$f":"(M624*12-(VLOOKUP(N624*12,'Tax table'!$A$3:$C$10,3)*(N624*12-VLOOKUP(N624*12,'Tax table'!$A$3:$C$10,1))+VLOOKUP(N624*12,'Tax table'!$A$3:$C$10,2)))/12","v":{"v":18549.991603333332,"d":"18,550"}},{"v":15198.093,"d":"15,198"},{"$f":"(VLOOKUP(P624*12,'Tax table'!$A$3:$C$10,3)*(P624*12-VLOOKUP(P624*12,'Tax table'!$A$3:$C$10,1))+VLOOKUP(P624*12,'Tax table'!$A$3:$C$10,2))/12","v":{"v":1550.6567400000001,"d":"1,551"}},{"v":15336.11326,"d":"15,336"},{"v":13035.696270999999,"d":"13,036"},{"v":0.7027332707071174,"d":"70.3%"},{"v":39107.088812999995,"d":"39,107"},{"$f":"IF($B$15=\"Yes\",MIN(S624*2,References!$B$7),0)","v":{"v":26071.392541999998,"d":"26,071"}},{"$f":"IF(AND(D624<>0,$B$16=\"Yes\"),References!$B$6,0)","v":{"v":100000,"d":"100,000"}},{"v":2300.416989000001,"d":"2,300"},{"v":12665.0775,"d":"12,665"},{"v":1688.6770000000001,"d":"1,689"},{"v":14353.7545,"d":"14,354"},{"v":19419.785499999998,"d":"19,420"},{"$f":"(M624*12-(VLOOKUP(AB624*12,'Tax table'!$A$3:$C$10,3)*(AB624*12-VLOOKUP(AB624*12,'Tax table'!$A$3:$C$10,1))+VLOOKUP(AB624*12,'Tax table'!$A$3:$C$10,2)))/12","v":{"v":18549.991603333332,"d":"18,550"}},{"v":14353.7545,"d":"14,354"},{"v":0.7737876548375746,"d":"77.4%"}]
["Member 1684","1988-10-09","F",{"v":202708.2,"d":"202,708"},{"v":0.8,"d":"80%"},{"v":0.85,"d":"85%"},{"v":0.75,"d":"75%"},{"v":0.1,"d":"10%"},null,30,{"v":16892.350000000002,"d":"16,892"},{"v":1689.2350000000004,"d":"1,689"},{"v":21115.4375,"d":"21,115"},{"v":19426.2025,"d":"19,426"},{"$f":"(M625*12-(VLOOKUP(N625*12,'Tax table'!$A$3:$C$10,3)*(N625*12-VLOOKUP(N625*12,'Tax table'!$A$3:$C$10,1))+VLOOKUP(N625*12,'Tax table'!$A$3:$C$10,2)))/12","v":{"v":18555.298183333332,"d":"18,555"}},{"v":15203.115000000002,"d":"15,203"},{"$f":"(VLOOKUP(P625*12,'Tax table'!$A$3:$C$10,3)*(P625*12-VLOOKUP(P625*12,'Tax table'!$A$3:$C$10,1))+VLOOKUP(P625*12,'Tax table'!$A$3:$C$10,2))/12","v":{"v":1551.5607,"d":"1,552"}},{"v":15340.789300000002,"d":"15,341"},{"v":13039.670905,"d":"13,040"},{"v":0.7027465027057578,"d":"70.3%"},{"v":39119.012715000004,"d":"39,119"},{"$f":"IF($B$15=\"Yes\",MIN(S625*2,References!$B$7),0)","v":{"v":26079.34181,"d":"26,079"}},{"$f":"IF(AND(D625<>0,$B$16=\"Yes\"),References!$B$6,0)","v":{"v":100000,"d":"100,000"}},{"v":2301.1183950000013,"d":"2,301"},{"v":12669.2625,"d":"12,669"},{"v":1689.2350000000004,"d":"1,689"},{"v":14358.497500000001,"d":"14,358"},{"v":19426.2025,"d":"19,426"},{"$f":"(M625*12-(VLOOKUP(AB625*12,'Tax table'!$A$3:$C$10,3)*(AB625*12-VLOOKUP(AB625*12,'Tax table'!$A$3:$C$10,1))+VLOOKUP(AB625*12,'Tax table'!$A$3:$C$10,2)))/12","v":{"v":18555.298183333332,"d":"18,555"}},{"v":14358.497500000001,"d":"14,358"},{"v":0.7738219757037931,"d":"77.4%"}]
["Member 1683","1985-05-12","M",{"v":202715.28,"d":"202,715"},{"v":0.8,"d":"80%"},{"v":0.85,"d":"85%"},{"v":0.75,"d":"75%"},{"v":0.1,"d":"10%"},null,33,{"v":16892.94,"d":"16,893"},{"v":1689.2939999999999,"d":"1,689"},{"v":21116.174999999996,"d":"21,116"},{"v":19426.880999999994,"d":"19,427"},{"$f":"(M626*12-(VLOOKUP(N626*12,'Tax table'!$A$3:$C$10,3)*(N626*12-VLOOKUP(N626*12,'Tax table'!$A$3:$C$10,1))+VLOOKUP(N626*12,'Tax table'!$A$3:$C$10,2)))/12","v":{"v":18555.85927333333,"d":"18,556"}},{"v":15203.645999999999,"d":"15,204"},{"$f":"(VLOOKUP(P626*12,'Tax table'!$A$3:$C$10,3)*(P626*12-VLOOKUP(P626*12,'Tax table'!$A$3:$C$10,1))+VLOOKUP(P626*12,'Tax table'!$A$3:$C$10,2))/12","v":{"v":1551.6562799999995,"d":"1,552"}},{"v":15341.28372,"d":"15,341"},{"v":13040.091161999999,"d":"13,040"},{"v":0.7027479013456382,"d":"70.3%"},{"v":39120.273486,"d":"39,120"},{"$f":"IF($B$15=\"Yes\",MIN(S626*2,References!$B$7),0)","v":{"v":26080.182323999998,"d":"26,080"}},{"$f":"IF(AND(D626<>0,$B$16=\"Yes\"),References!$B$6,0)","v":{"v":100000,"d":"100,000"}},{"v":2301.1925580000006,"d":"2,301"},{"v":12669.704999999998,"d":"12,670"},{"v":1689.2939999999999,"d":"1,689"},{"v":14358.998999999998,"d":"14,359"},{"v":19426.880999999994,"d":"19,427"},{"$f":"(M626*12-(VLOOKUP(AB626*12,'Tax table'!$A$3:$C$10,3)*(AB626*12-VLOOKUP(AB626*12,'Tax table'!$A$3:$C$10,1))+VLOOKUP(AB626*12,'Tax table'!$A$3:$C$10,2)))/12","v":{"v":18555.85927333333,"d":"18,556"}},{"v":14358.998999999998,"d":"14,359"},{"v":0.7738256034650656,"d":"77.4%"}]
["Member 1682","1972-03-14","M",{"v":203467.8,"d":"203,468"},{"v":0.8,"d":"80%"},{"v":0.85,"d":"85%"},{"v":0.75,"d":"75%"},{"v":0.1,"d":"10%"},null,46,{"v":16955.649999999998,"d":"16,956"},{"v":1695.5649999999998,"d":"1,696"},{"v":21194.562499999996,"d":"21,195"},{"v":19498.997499999998,"d":"19,499"},{"$f":"(M627*12-(VLOOKUP(N627*12,'Tax table'!$A$3:$C$10,3)*(N627*12-VLOOKUP(N627*12,'Tax table'!$A$3:$C$10,1))+VLOOKUP(N627*12,'Tax table'!$A$3:$C$10,2)))/12","v":{"v":18615.49648333333,"d":"18,615"}},{"v":15260.084999999997,"d":"15,260"},{"$f":"(VLOOKUP(P627*12,'Tax table'!$A$3:$C$10,3)*(P627*12-VLOOKUP(P627*12,'Tax table'!$A$3:$C$10,1))+VLOOKUP(P627*12,'Tax table'!$A$3:$C$10,2))/12","v":{"v":1561.8152999999993,"d":"1,562"}},{"v":15393.8347,"d":"15,394"},{"v":13084.759494999998,"d":"13,085"},{"v":0.7028960794419282,"d":"70.3%"},{"v":39254.278484999995,"d":"39,254"},{"$f":"IF($B$15=\"Yes\",MIN(S627*2,References!$B$7),0)","v":{"v":26169.518989999997,"d":"26,170"}},{"$f":"IF(AND(D627<>0,$B$16=\"Yes\"),References!$B$6,0)","v":{"v":100000,"d":"100,000"}},{"v":2309.075205000001,"d":"2,309"},{"v":12716.7375,"d":"12,717"},{"v":1695.5649999999998,"d":"1,696"},{"v":14412.3025,"d":"14,412"},{"v":19498.997499999998,"d":"19,499"},{"$f":"(M627*12-(VLOOKUP(AB627*12,'Tax table'!$A$3:$C$10,3)*(AB627*12-VLOOKUP(AB627*12,'Tax table'!$A$3:$C$10,1))+VLOOKUP(AB627*12,'Tax table'!$A$3:$C$10,2)))/12","v":{"v":18615.49648333333,"d":"18,615"}},{"v":14412.3025,"d":"14,412"},{"v":0.7742099445428975,"d":"77.4%"}]
["Member 1679","1975-08-30","M",{"v":203517.36,"d":"203,517"},{"v":0.8,"d":"80%"},{"v":0.85,"d":"85%"},{"v":0.75,"d":"75%"},{"v":0.1,"d":"10%"},null,43,{"v":16959.78,"d":"16,960"},{"v":1695.978,"d":"1,696"},{"v":21199.725,"d":"21,200"},{"v":19503.747,"d":"19,504"},{"$f":"(M628*12-(VLOOKUP(N628*12,'Tax table'!$A$3:$C$10,3)*(N628*12-VLOOKUP(N628*12,'Tax table'!$A$3:$C$10,1))+VLOOKUP(N628*12,'Tax table'!$A$3:$C$10,2)))/12","v":{"v":18619.42411333333,"d":"18,619"}},{"v":15263.802,"d":"15,264"},{"$f":"(VLOOKUP(P628*12,'Tax table'!$A$3:$C$10,3)*(P628*12-VLOOKUP(P628*12,'Tax table'!$A$3:$C$10,1))+VLOOKUP(P628*12,'Tax table'!$A$3:$C$10,2))/12","v":{"v":1562.4843600000002,"d":"1,562"}},{"v":15397.295639999998,"d":"15,397"},{"v":13087.701293999999,"d":"13,088"},{"v":0.7029058049452734,"d":"70.3%"},{"v":39263.103881999996,"d":"39,263"},{"$f":"IF($B$15=\"Yes\",MIN(S628*2,References!$B$7),0)","v":{"v":26175.402587999997,"d":"26,175"}},{"$f":"IF(AND(D628<>0,$B$16=\"Yes\"),References!$B$6,0)","v":{"v":100000,"d":"100,000"}},{"v":2309.594346,"d":"2,310"},{"v":12719.835,"d":"12,720"},{"v":1695.978,"d":"1,696"},{"v":14415.812999999998,"d":"14,416"},{"v":19503.747,"d":"19,504"},{"$f":"(M628*12-(VLOOKUP(AB628*12,'Tax table'!$A$3:$C$10,3)*(AB628*12-VLOOKUP(AB628*12,'Tax table'!$A$3:$C$10,1))+VLOOKUP(AB628*12,'Tax table'!$A$3:$C$10,2)))/12","v":{"v":18619.42411333333,"d":"18,619"}},{"v":14415.812999999998,"d":"14,416"},{"v":0.7742351703389615,"d":"77.4%"}]
["Member 1680","1986-12-12","F",{"v":203517.36,"d":"203,517"},{"v":0.8,"d":"80%"},{"v":0.85,"d":"85%"},{"v":0.75,"d":"75%"},{"v":0.1,"d":"10%"},null,31,{"v":16959.78,"d":"16,960"},{"v":1695.978,"d":"1,696"},{"v":21199.725,"d":"21,200"},{"v":19503.747,"d":"19,504"},{"$f":"(M629*12-(VLOOKUP(N629*12,'Tax table'!$A$3:$C$10,3)*(N629*12-VLOOKUP(N629*12,'Tax table'!$A$3:$C$10,1))+VLOOKUP(N629*12,'Tax table'!$A$3:$C$10,2)))/12","v":{"v":18619.42411333333,"d":"18,619"}},{"v":15263.802,"d":"15,264"},{"$f":"(VLOOKUP(P629*12,'Tax table'!$A$3:$C$10,3)*(P629*12-VLOOKUP(P629*12,'Tax table'!$A$3:$C$10,1))+VLOOKUP(P629*12,'Tax table'!$A$3:$C$10,2))/12","v":{"v":1562.4843600000002,"d":"1,562"}},{"v":15397.295639999998,"d":"15,397"},{"v":13087.701293999999,"d":"13,088"},{"v":0.7029058049452734,"d":"70.3%"},{"v":39263.103881999996,"d":"39,263"},{"$f":"IF($B$15=\"Yes\",MIN(S629*2,References!$B$7),0)","v":{"v":26175.402587999997,"d":"26,175"}},{"$f":"IF(AND(D629<>0,$B$16=\"Yes\"),References!$B$6,0)","v":{"v":100000,"d":"100,000"}},{"v":2309.594346,"d":"2,310"},{"v":12719.835,"d":"12,720"},{"v":1695.978,"d":"1,696"},{"v":14415.812999999998,"d":"14,416"},{"v":19503.747,"d":"19,504"},{"$f":"(M629*12-(VLOOKUP(AB629*12,'Tax table'!$A$3:$C$10,3)*(AB629*12-VLOOKUP(AB629*12,'Tax table'!$A$3:$C$10,1))+VLOOKUP(AB629*12,'Tax table'!$A$3:$C$10,2)))/12","v":{"v":18619.42411333333,"d":"18,619"}},{"v":14415.812999999998,"d":"14,416"},{"v":0.7742351703389615,"d":"77.4%"}]
["Member 1681","1986-06-04","F",{"v":203517.36,"d":"203,517"},{"v":0.8,"d":"80%"},{"v":0.85,"d":"85%"},{"v":0.75,"d":"75%"},{"v":0.1,"d":"10%"},null,32,{"v":16959.78,"d":"16,960"},{"v":1695.978,"d":"1,696"},{"v":21199.725,"d":"21,200"},{"v":19503.747,"d":"19,504"},{"$f":"(M630*12-(VLOOKUP(N630*12,'Tax table'!$A$3:$C$10,3)*(N630*12-VLOOKUP(N630*12,'Tax table'!$A$3:$C$10,1))+VLOOKUP(N630*12,'Tax table'!$A$3:$C$10,2)))/12","v":{"v":18619.42411333333,"d":"18,619"}},{"v":15263.802,"d":"15,264"},{"$f":"(VLOOKUP(P630*12,'Tax table'!$A$3:$C$10,3)*(P630*12-VLOOKUP(P630*12,'Tax table'!$A$3:$C$10,1))+VLOOKUP(P630*12,'Tax table'!$A$3:$C$10,2))/12","v":{"v":1562.4843600000002,"d":"1,562"}},{"v":15397.295639999998,"d":"15,397"},{"v":13087.701293999999,"d":"13,088"},{"v":0.7029058049452734,"d":"70.3%"},{"v":39263.103881999996,"d":"39,263"},{"$f":"IF($B$15=\"Yes\",MIN(S630*2,References!$B$7),0)","v":{"v":26175.402587999997,"d":"26,175"}},{"$f":"IF(AND(D630<>0,$B$16=\"Yes\"),References!$B$6,0)","v":{"v":100000,"d":"100,000"}},{"v":2309.594346,"d":"2,310"},{"v":12719.835,"d":"12,720"},{"v":1695.978,"d":"1,696"},{"v":14415.812999999998,"d":"14,416"},{"v":19503.747,"d":"19,504"},{"$f":"(M630*12-(VLOOKUP(AB630*12,'Tax table'!$A$3:$C$10,3)*(AB630*12-VLOOKUP(AB630*12,'Tax table'!$A$3:$C$10,1))+VLOOKUP(AB630*12,'Tax table'!$A$3:$C$10,2)))/12","v":{"v":18619.42411333333,"d":"18,619"}},{"v":14415.812999999998,"d":"14,416"},{"v":0.7742351703389615,"d":"77.4%"}]
["Member 1673","1975-03-03","F",{"v":203518.68,"d":"203,519"},{"v":0.8,"d":"80%"},{"v":0.85,"d":"85%"},{"v":0.75,"d":"75%"},{"v":0.1,"d":"10%"},null,43,{"v":16959.89,"d":"16,960"},{"v":1695.989,"d":"1,696"},{"v":21199.8625,"d":"21,200"},{"v":19503.873499999998,"d":"19,504"},{"$f":"(M631*12-(VLOOKUP(N631*12,'Tax table'!$A$3:$C$10,3)*(N631*12-VLOOKUP(N631*12,'Tax table'!$A$3:$C$10,1))+VLOOKUP(N631*12,'Tax table'!$A$3:$C$10,2)))/12","v":{"v":18619.528723333333,"d":"18,620"}},{"v":15263.901,"d":"15,264"},{"$f":"(VLOOKUP(P631*12,'Tax table'!$A$3:$C$10,3)*(P631*12-VLOOKUP(P631*12,'Tax table'!$A$3:$C$10,1))+VLOOKUP(P631*12,'Tax table'!$A$3:$C$10,2))/12","v":{"v":1562.5021800000002,"d":"1,563"}},{"v":15397.38782,"d":"15,397"},{"v":13087.779647,"d":"13,088"},{"v":0.7029060639219541,"d":"70.3%"},{"v":39263.338940999995,"d":"39,263"},{"$f":"IF($B$15=\"Yes\",MIN(S631*2,References!$B$7),0)","v":{"v":26175.559294,"d":"26,176"}},{"$f":"IF(AND(D631<>0,$B$16=\"Yes\"),References!$B$6,0)","v":{"v":100000,"d":"100,000"}},{"v":2309.6081730000005,"d":"2,310"},{"v":12719.9175,"d":"12,720"},{"v":1695.989,"d":"1,696"},{"v":14415.9065,"d":"14,416"},{"v":19503.873499999998,"d":"19,504"},{"$f":"(M631*12-(VLOOKUP(AB631*12,'Tax table'!$A$3:$C$10,3)*(AB631*12-VLOOKUP(AB631*12,'Tax table'!$A$3:$C$10,1))+VLOOKUP(AB631*12,'Tax table'!$A$3:$C$10,2)))/12","v":{"v":18619.528723333333,"d":"18,620"}},{"v":14415.9065,"d":"14,416"},{"v":0.7742358420669636,"d":"77.4%"}]
["Member 1674","1975-09-25","F",{"v":203518.68,"d":"203,519"},{"v":0.8,"d":"80%"},{"v":0.85,"d":"85%"},{"v":0.75,"d":"75%"},{"v":0.1,"d":"10%"},null,43,{"v":16959.89,"d":"16,960"},{"v":1695.989,"d":"1,696"},{"v":21199.8625,"d":"21,200"},{"v":19503.873499999998,"d":"19,504"},{"$f":"(M632*12-(VLOOKUP(N632*12,'Tax table'!$A$3:$C$10,3)*(N632*12-VLOOKUP(N632*12,'Tax table'!$A$3:$C$10,1))+VLOOKUP(N632*12,'Tax table'!$A$3:$C$10,2)))/12","v":{"v":18619.528723333333,"d":"18,620"}},{"v":15263.901,"d":"15,264"},{"$f":"(VLOOKUP(P632*12,'Tax table'!$A$3:$C$10,3)*(P632*12-VLOOKUP(P632*12,'Tax table'!$A$3:$C$10,1))+VLOOKUP(P632*12,'Tax table'!$A$3:$C$10,2))/12","v":{"v":1562.5021800000002,"d":"1,563"}},{"v":15397.38782,"d":"15,397"},{"v":13087.779647,"d":"13,088"},{"v":0.7029060639219541,"d":"70.3%"},{"v":39263.338940999995,"d":"39,263"},{"$f":"IF($B$15=\"Yes\",MIN(S632*2,References!$B$7),0)","v":{"v":26175.559294,"d":"26,176"}},{"$f":"IF(AND(D632<>0,$B$16=\"Yes\"),References!$B$6,0)","v":{"v":100000,"d":"100,000"}},{"v":2309.6081730000005,"d":"2,310"},{"v":12719.9175,"d":"12,720"},{"v":1695.989,"d":"1,696"},{"v":14415.9065,"d":"14,416"},{"v":19503.873499999998,"d":"19,504"},{"$f":"(M632*12-(VLOOKUP(AB632*12,'Tax table'!$A$3:$C$10,3)*(AB632*12-VLOOKUP(AB632*12,'Tax table'!$A$3:$C$10,1))+VLOOKUP(AB632*12,'Tax table'!$A$3:$C$10,2)))/12","v":{"v":18619.528723333333,"d":"18,620"}},{"v":14415.9065,"d":"14,416"},{"v":0.7742358420669636,"d":"77.4%"}]
["Member 1675","1970-01-01","M",{"v":203518.68,"d":"203,519"},{"v":0.8,"d":"80%"},{"v":0.85,"d":"85%"},{"v":0.75,"d":"75%"},{"v":0.1,"d":"10%"},null,48,{"v":16959.89,"d":"16,960"},{"v":1695.989,"d":"1,696"},{"v":21199.8625,"d":"21,200"},{"v":19503.873499999998,"d":"19,504"},{"$f":"(M633*12-(VLOOKUP(N633*12,'Tax table'!$A$3:$C$10,3)*(N633*12-VLOOKUP(N633*12,'Tax table'!$A$3:$C$10,1))+VLOOKUP(N633*12,'Tax table'!$A$3:$C$10,2)))/12","v":{"v":18619.528723333333,"d":"18,620"}},{"v":15263.901,"d":"15,264"},{"$f":"(VLOOKUP(P633*12,'Tax table'!$A$3:$C$10,3)*(P633*12-VLOOKUP(P633*12,'Tax table'!$A$3:$C$10,1))+VLOOKUP(P633*12,'Tax table'!$A$3:$C$10,2))/12","v":{"v":1562.5021800000002,"d":"1,563"}},{"v":15397.38782,"d":"15,397"},{"v":13087.779647,"d":"13,088"},{"v":0.7029060639219541,"d":"70.3%"},{"v":39263.338940999995,"d":"39,263"},{"$f":"IF($B$15=\"Yes\",MIN(S633*2,References!$B$7),0)","v":{"v":26175.559294,"d":"26,176"}},{"$f":"IF(AND(D633<>0,$B$16=\"Yes\"),References!$B$6,0)","v":{"v":100000,"d":"100,000"}},{"v":2309.6081730000005,"d":"2,310"},{"v":12719.9175,"d":"12,720"},{"v":1695.989,"d":"1,696"},{"v":14415.9065,"d":"14,416"},{"v":19503.873499999998,"d":"19,504"},{"$f":"(M633*12-(VLOOKUP(AB633*12,'Tax table'!$A$3:$C$10,3)*(AB633*12-VLOOKUP(AB633*12,'Tax table'!$A$3:$C$10,1))+VLOOKUP(AB633*12,'Tax table'!$A$3:$C$10,2)))/12","v":{"v":18619.528723333333,"d":"18,620"}},{"v":14415.9065,"d":"14,416"},{"v":0.7742358420669636,"d":"77.4%"}]
["Member 1676","1982-01-13","F",{"v":203518.68,"d":"203,519"},{"v":0.8,"d":"80%"},{"v":0.85,"d":"85%"},{"v":0.75,"d":"75%"},{"v":0.1,"d":"10%"},null,36,{"v":16959.89,"d":"16,960"},{"v":1695.989,"d":"1,696"},{"v":21199.8625,"d":"21,200"},{"v":19503.873499999998,"d":"19,504"},{"$f":"(M634*12-(VLOOKUP(N634*12,'Tax table'!$A$3:$C$10,3)*(N634*12-VLOOKUP(N634*12,'Tax table'!$A$3:$C$10,1))+VLOOKUP(N634*12,'Tax table'!$A$3:$C$10,2)))/12","v":{"v":18619.528723333333,"d":"18,620"}},{"v":15263.901,"d":"15,264"},{"$f":"(VLOOKUP(P634*12,'Tax table'!$A$3:$C$10,3)*(P634*12-VLOOKUP(P634*12,'Tax table'!$A$3:$C$10,1))+VLOOKUP(P634*12,'Tax table'!$A$3:$C$10,2))/12","v":{"v":1562.5021800000002,"d":"1,563"}},{"v":15397.38782,"d":"15,397"},{"v":13087.779647,"d":"13,088"},{"v":0.7029060639219541,"d":"70.3%"},{"v":39263.338940999995,"d":"39,263"},{"$f":"IF($B$15=\"Yes\",MIN(S634*2,References!$B$7),0)","v":{"v":26175.559294,"d":"26,176"}},{"$f":"IF(AND(D634<>0,$B$16=\"Yes\"),References!$B$6,0)","v":{"v":100000,"d":"100,000"}},{"v":2309.6081730000005,"d":"2,310"},{"v":12719.9175,"d":"12,720"},{"v":1695.989,"d":"1,696"},{"v":14415.9065,"d":"14,416"},{"v":19503.873499999998,"d":"19,504"},{"$f":"(M634*12-(VLOOKUP(AB634*12,'Tax table'!$A$3:$C$10,3)*(AB634*12-VLOOKUP(AB634*12,'Tax table'!$A$3:$C$10,1))+VLOOKUP(AB634*12,'Tax table'!$A$3:$C$10,2)))/12","v":{"v":18619.528723333333,"d":"18,620"}},{"v":14415.9065,"d":"14,416"},{"v":0.7742358420669636,"d":"77.4%"}]
["Member 1677","1982-12-07","M",{"v":203518.68,"d":"203,519"},{"v":0.8,"d":"80%"},{"v":0.85,"d":"85%"},{"v":0.75,"d":"75%"},{"v":0.1,"d":"10%"},null,35,{"v":16959.89,"d":"16,960"},{"v":1695.989,"d":"1,696"},{"v":21199.8625,"d":"21,200"},{"v":19503.873499999998,"d":"19,504"},{"$f":"(M635*12-(VLOOKUP(N635*12,'Tax table'!$A$3:$C$10,3)*(N635*12-VLOOKUP(N635*12,'Tax table'!$A$3:$C$10,1))+VLOOKUP(N635*12,'Tax table'!$A$3:$C$10,2)))/12","v":{"v":18619.528723333333,"d":"18,620"}},{"v":15263.901,"d":"15,264"},{"$f":"(VLOOKUP(P635*12,'Tax table'!$A$3:$C$10,3)*(P635*12-VLOOKUP(P635*12,'Tax table'!$A$3:$C$10,1))+VLOOKUP(P635*12,'Tax table'!$A$3:$C$10,2))/12","v":{"v":1562.5021800000002,"d":"1,563"}},{"v":15397.38782,"d":"15,397"},{"v":13087.779647,"d":"13,088"},{"v":0.7029060639219541,"d":"70.3%"},{"v":39263.338940999995,"d":"39,263"},{"$f":"IF($B$15=\"Yes\",MIN(S635*2,References!$B$7),0)","v":{"v":26175.559294,"d":"26,176"}},{"$f":"IF(AND(D635<>0,$B$16=\"Yes\"),References!$B$6,0)","v":{"v":100000,"d":"100,000"}},{"v":2309.6081730000005,"d":"2,310"},{"v":12719.9175,"d":"12,720"},{"v":1695.989,"d":"1,696"},{"v":14415.9065,"d":"14,416"},{"v":19503.873499999998,"d":"19,504"},{"$f":"(M635*12-(VLOOKUP(AB635*12,'Tax table'!$A$3:$C$10,3)*(AB635*12-VLOOKUP(AB635*12,'Tax table'!$A$3:$C$10,1))+VLOOKUP(AB635*12,'Tax table'!$A$3:$C$10,2)))/12","v":{"v":18619.528723333333,"d":"18,620"}},{"v":14415.9065,"d":"14,416"},{"v":0.7742358420669636,"d":"77.4%"}]
["Member 1678","1964-07-27","M",{"v":203518.68,"d":"203,519"},{"v":0.8,"d":"80%"},{"v":0.85,"d":"85%"},{"v":0.75,"d":"75%"},{"v":0.1,"d":"10%"},null,54,{"v":16959.89,"d":"16,960"},{"v":1695.989,"d":"1,696"},{"v":21199.8625,"d":"21,200"},{"v":19503.873499999998,"d":"19,504"},{"$f":"(M636*12-(VLOOKUP(N636*12,'Tax table'!$A$3:$C$10,3)*(N636*12-VLOOKUP(N636*12,'Tax table'!$A$3:$C$10,1))+VLOOKUP(N636*12,'Tax table'!$A$3:$C$10,2)))/12","v":{"v":18619.528723333333,"d":"18,620"}},{"v":15263.901,"d":"15,264"},{"$f":"(VLOOKUP(P636*12,'Tax table'!$A$3:$C$10,3)*(P636*12-VLOOKUP(P636*12,'Tax table'!$A$3:$C$10,1))+VLOOKUP(P636*12,'Tax table'!$A$3:$C$10,2))/12","v":{"v":1562.5021800000002,"d":"1,563"}},{"v":15397.38782,"d":"15,397"},{"v":13087.779647,"d":"13,088"},{"v":0.7029060639219541,"d":"70.3%"},{"v":39263.338940999995,"d":"39,263"},{"$f":"IF($B$15=\"Yes\",MIN(S636*2,References!$B$7),0)","v":{"v":26175.559294,"d":"26,176"}},{"$f":"IF(AND(D636<>0,$B$16=\"Yes\"),References!$B$6,0)","v":{"v":100000,"d":"100,000"}},{"v":2309.6081730000005,"d":"2,310"},{"v":12719.9175,"d":"12,720"},{"v":1695.989,"d":"1,696"},{"v":14415.9065,"d":"14,416"},{"v":19503.873499999998,"d":"19,504"},{"$f":"(M636*12-(VLOOKUP(AB636*12,'Tax table'!$A$3:$C$10,3)*(AB636*12-VLOOKUP(AB636*12,'Tax table'!$A$3:$C$10,1))+VLOOKUP(AB636*12,'Tax table'!$A$3:$C$10,2)))/12","v":{"v":18619.528723333333,"d":"18,620"}},{"v":14415.9065,"d":"14,416"},{"v":0.7742358420669636,"d":"77.4%"}]
["Member 1667","1980-04-15","M",{"v":203520,"d":"203,520"},{"v":0.8,"d":"80%"},{"v":0.85,"d":"85%"},{"v":0.75,"d":"75%"},{"v":0.1,"d":"10%"},null,38,{"v":16960,"d":"16,960"},{"v":1696,"d":"1,696"},{"v":21200,"d":"21,200"},{"v":19504,"d":"19,504"},{"$f":"(M637*12-(VLOOKUP(N637*12,'Tax table'!$A$3:$C$10,3)*(N637*12-VLOOKUP(N637*12,'Tax table'!$A$3:$C$10,1))+VLOOKUP(N637*12,'Tax table'!$A$3:$C$10,2)))/12","v":{"v":18619.633333333335,"d":"18,620"}},{"v":15264,"d":"15,264"},{"$f":"(VLOOKUP(P637*12,'Tax table'!$A$3:$C$10,3)*(P637*12-VLOOKUP(P637*12,'Tax table'!$A$3:$C$10,1))+VLOOKUP(P637*12,'Tax table'!$A$3:$C$10,2))/12","v":{"v":1562.5199999999998,"d":"1,563"}},{"v":15397.48,"d":"15,397"},{"v":13087.858,"d":"13,088"},{"v":0.7029063228957247,"d":"70.3%"},{"v":39263.574,"d":"39,264"},{"$f":"IF($B$15=\"Yes\",MIN(S637*2,References!$B$7),0)","v":{"v":26175.716,"d":"26,176"}},{"$f":"IF(AND(D637<>0,$B$16=\"Yes\"),References!$B$6,0)","v":{"v":100000,"d":"100,000"}},{"v":2309.6219999999994,"d":"2,310"},{"v":12720,"d":"12,720"},{"v":1696,"d":"1,696"},{"v":14416,"d":"14,416"},{"v":19504,"d":"19,504"},{"$f":"(M637*12-(VLOOKUP(AB637*12,'Tax table'!$A$3:$C$10,3)*(AB637*12-VLOOKUP(AB637*12,'Tax table'!$A$3:$C$10,1))+VLOOKUP(AB637*12,'Tax table'!$A$3:$C$10,2)))/12","v":{"v":18619.633333333335,"d":"18,620"}},{"v":14416,"d":"14,416"},{"v":0.7742365137874179,"d":"77.4%"}]
["Member 1668","1987-11-11","F",{"v":203520,"d":"203,520"},{"v":0.8,"d":"80%"},{"v":0.85,"d":"85%"},{"v":0.75,"d":"75%"},{"v":0.1,"d":"10%"},null,30,{"v":16960,"d":"16,960"},{"v":1696,"d":"1,696"},{"v":21200,"d":"21,200"},{"v":19504,"d":"19,504"},{"$f":"(M638*12-(VLOOKUP(N638*12,'Tax table'!$A$3:$C$10,3)*(N638*12-VLOOKUP(N638*12,'Tax table'!$A$3:$C$10,1))+VLOOKUP(N638*12,'Tax table'!$A$3:$C$10,2)))/12","v":{"v":18619.633333333335,"d":"18,620"}},{"v":15264,"d":"15,264"},{"$f":"(VLOOKUP(P638*12,'Tax table'!$A$3:$C$10,3)*(P638*12-VLOOKUP(P638*12,'Tax table'!$A$3:$C$10,1))+VLOOKUP(P638*12,'Tax table'!$A$3:$C$10,2))/12","v":{"v":1562.5199999999998,"d":"1,563"}},{"v":15397.48,"d":"15,397"},{"v":13087.858,"d":"13,088"},{"v":0.7029063228957247,"d":"70.3%"},{"v":39263.574,"d":"39,264"},{"$f":"IF($B$15=\"Yes\",MIN(S638*2,References!$B$7),0)","v":{"v":26175.716,"d":"26,176"}},{"$f":"IF(AND(D638<>0,$B$16=\"Yes\"),References!$B$6,0)","v":{"v":100000,"d":"100,000"}},{"v":2309.6219999999994,"d":"2,310"},{"v":12720,"d":"12,720"},{"v":1696,"d":"1,696"},{"v":14416,"d":"14,416"},{"v":19504,"d":"19,504"},{"$f":"(M638*12-(VLOOKUP(AB638*12,'Tax table'!$A$3:$C$10,3)*(AB638*12-VLOOKUP(AB638*12,'Tax table'!$A$3:$C$10,1))+VLOOKUP(AB638*12,'Tax table'!$A$3:$C$10,2)))/12","v":{"v":18619.633333333335,"d":"18,620"}},{"v":14416,"d":"14,416"},{"v":0.7742365137874179,"d":"77.4%"}]
["Member 1669","1965-07-26","F",{"v":203520,"d":"203,520"},{"v":0.8,"d":"80%"},{"v":0.85,"d":"85%"},{"v":0.75,"d":"75%"},{"v":0.1,"d":"10%"},null,53,{"v":16960,"d":"16,960"},{"v":1696,"d":"1,696"},{"v":21200,"d":"21,200"},{"v":19504,"d":"19,504"},{"$f":"(M639*12-(VLOOKUP(N639*12,'Tax table'!$A$3:$C$10,3)*(N639*12-VLOOKUP(N639*12,'Tax table'!$A$3:$C$10,1))+VLOOKUP(N639*12,'Tax table'!$A$3:$C$10,2)))/12","v":{"v":18619.633333333335,"d":"18,620"}},{"v":15264,"d":"15,264"},{"$f":"(VLOOKUP(P639*12,'Tax table'!$A$3:$C$10,3)*(P639*12-VLOOKUP(P639*12,'Tax table'!$A$3:$C$10,1))+VLOOKUP(P639*12,'Tax table'!$A$3:$C$10,2))/12","v":{"v":1562.5199999999998,"d":"1,563"}},{"v":15397.48,"d":"15,397"},{"v":13087.858,"d":"13,088"},{"v":0.7029063228957247,"d":"70.3%"},{"v":39263.574,"d":"39,264"},{"$f":"IF($B$15=\"Yes\",MIN(S639*2,References!$B$7),0)","v":{"v":26175.716,"d":"26,176"}},{"$f":"IF(AND(D639<>0,$B$16=\"Yes\"),References!$B$6,0)","v":{"v":100000,"d":"100,000"}},{"v":2309.6219999999994,"d":"2,310"},{"v":12720,"d":"12,720"},{"v":1696,"d":"1,696"},{"v":14416,"d":"14,416"},{"v":19504,"d":"19,504"},{"$f":"(M639*12-(VLOOKUP(AB639*12,'Tax table'!$A$3:$C$10,3)*(AB639*12-VLOOKUP(AB639*12,'Tax table'!$A$3:$C$10,1))+VLOOKUP(AB639*12,'Tax table'!$A$3:$C$10,2)))/12","v":{"v":18619.633333333335,"d":"18,620"}},{"v":14416,"d":"14,416"},{"v":0.7742365137874179,"d":"77.4%"}]
["Member 1670","1983-05-18","M",{"v":203520,"d":"203,520"},{"v":0.8,"d":"80%"},{"v":0.85,"d":"85%"},{"v":0.75,"d":"75%"},{"v":0.1,"d":"10%"},null,35,{"v":16960,"d":"16,960"},{"v":1696,"d":"1,696"},{"v":21200,"d":"21,200"},{"v":19504,"d":"19,504"},{"$f":"(M640*12-(VLOOKUP(N640*12,'Tax table'!$A$3:$C$10,3)*(N640*12-VLOOKUP(N640*12,'Tax table'!$A$3:$C$10,1))+VLOOKUP(N640*12,'Tax table'!$A$3:$C$10,2)))/12","v":{"v":18619.633333333335,"d":"18,620"}},{"v":15264,"d":"15,264"},{"$f":"(VLOOKUP(P640*12,'Tax table'!$A$3:$C$10,3)*(P640*12-VLOOKUP(P640*12,'Tax table'!$A$3:$C$10,1))+VLOOKUP(P640*12,'Tax table'!$A$3:$C$10,2))/12","v":{"v":1562.5199999999998,"d":"1,563"}},{"v":15397.48,"d":"15,397"},{"v":13087.858,"d":"13,088"},{"v":0.7029063228957247,"d":"70.3%"},{"v":39263.574,"d":"39,264"},{"$f":"IF($B$15=\"Yes\",MIN(S640*2,References!$B$7),0)","v":{"v":26175.716,"d":"26,176"}},{"$f":"IF(AND(D640<>0,$B$16=\"Yes\"),References!$B$6,0)","v":{"v":100000,"d":"100,000"}},{"v":2309.6219999999994,"d":"2,310"},{"v":12720,"d":"12,720"},{"v":1696,"d":"1,696"},{"v":14416,"d":"14,416"},{"v":19504,"d":"19,504"},{"$f":"(M640*12-(VLOOKUP(AB640*12,'Tax table'!$A$3:$C$10,3)*(AB640*12-VLOOKUP(AB640*12,'Tax table'!$A$3:$C$10,1))+VLOOKUP(AB640*12,'Tax table'!$A$3:$C$10,2)))/12","v":{"v":18619.633333333335,"d":"18,620"}},{"v":14416,"d":"14,416"},{"v":0.7742365137874179,"d":"77.4%"}]
["Member 1671","1987-08-18","M",{"v":203520,"d":"203,520"},{"v":0.8,"d":"80%"},{"v":0.85,"d":"85%"},{"v":0.75,"d":"75%"},{"v":0.1,"d":"10%"},null,31,{"v":16960,"d":"16,960"},{"v":1696,"d":"1,696"},{"v":21200,"d":"21,200"},{"v":19504,"d":"19,504"},{"$f":"(M641*12-(VLOOKUP(N641*12,'Tax table'!$A$3:$C$10,3)*(N641*12-VLOOKUP(N641*12,'Tax table'!$A$3:$C$10,1))+VLOOKUP(N641*12,'Tax table'!$A$3:$C$10,2)))/12","v":{"v":18619.633333333335,"d":"18,620"}},{"v":15264,"d":"15,264"},{"$f":"(VLOOKUP(P641*12,'Tax table'!$A$3:$C$10,3)*(P641*12-VLOOKUP(P641*12,'Tax table'!$A$3:$C$10,1))+VLOOKUP(P641*12,'Tax table'!$A$3:$C$10,2))/12","v":{"v":1562.5199999999998,"d":"1,563"}},{"v":15397.48,"d":"15,397"},{"v":13087.858,"d":"13,088"},{"v":0.7029063228957247,"d":"70.3%"},{"v":39263.574,"d":"39,264"},{"$f":"IF($B$15=\"Yes\",MIN(S641*2,References!$B$7),0)","v":{"v":26175.716,"d":"26,176"}},{"$f":"IF(AND(D641<>0,$B$16=\"Yes\"),References!$B$6,0)","v":{"v":100000,"d":"100,000"}},{"v":2309.6219999999994,"d":"2,310"},{"v":12720,"d":"12,720"},{"v":1696,"d":"1,696"},{"v":14416,"d":"14,416"},{"v":19504,"d":"19,504"},{"$f":"(M641*12-(VLOOKUP(AB641*12,'Tax table'!$A$3:$C$10,3)*(AB641*12-VLOOKUP(AB641*12,'Tax table'!$A$3:$C$10,1))+VLOOKUP(AB641*12,'Tax table'!$A$3:$C$10,2)))/12","v":{"v":18619.633333333335,"d":"18,620"}},{"v":14416,"d":"14,416"},{"v":0.7742365137874179,"d":"77.4%"}]
["Member 1672","1971-11-16","F",{"v":203520,"d":"203,520"},{"v":0.8,"d":"80%"},{"v":0.85,"d":"85%"},{"v":0.75,"d":"75%"},{"v":0.1,"d":"10%"},null,46,{"v":16960,"d":"16,960"},{"v":1696,"d":"1,696"},{"v":21200,"d":"21,200"},{"v":19504,"d":"19,504"},{"$f":"(M642*12-(VLOOKUP(N642*12,'Tax table'!$A$3:$C$10,3)*(N642*12-VLOOKUP(N642*12,'Tax table'!$A$3:$C$10,1))+VLOOKUP(N642*12,'Tax table'!$A$3:$C$10,2)))/12","v":{"v":18619.633333333335,"d":"18,620"}},{"v":15264,"d":"15,264"},{"$f":"(VLOOKUP(P642*12,'Tax table'!$A$3:$C$10,3)*(P642*12-VLOOKUP(P642*12,'Tax table'!$A$3:$C$10,1))+VLOOKUP(P642*12,'Tax table'!$A$3:$C$10,2))/12","v":{"v":1562.5199999999998,"d":"1,563"}},{"v":15397.48,"d":"15,397"},{"v":13087.858,"d":"13,088"},{"v":0.7029063228957247,"d":"70.3%"},{"v":39263.574,"d":"39,264"},{"$f":"IF($B$15=\"Yes\",MIN(S642*2,References!$B$7),0)","v":{"v":26175.716,"d":"26,176"}},{"$f":"IF(AND(D642<>0,$B$16=\"Yes\"),References!$B$6,0)","v":{"v":100000,"d":"100,000"}},{"v":2309.6219999999994,"d":"2,310"},{"v":12720,"d":"12,720"},{"v":1696,"d":"1,696"},{"v":14416,"d":"14,416"},{"v":19504,"d":"19,504"},{"$f":"(M642*12-(VLOOKUP(AB642*12,'Tax table'!$A$3:$C$10,3)*(AB642*12-VLOOKUP(AB642*12,'Tax table'!$A$3:$C$10,1))+VLOOKUP(AB642*12,'Tax table'!$A$3:$C$10,2)))/12","v":{"v":18619.633333333335,"d":"18,620"}},{"v":14416,"d":"14,416"},{"v":0.7742365137874179,"d":"77.4%"}]
["Member 1666","1972-08-13","F",{"v":203544.48,"d":"203,544"},{"v":0.8,"d":"80%"},{"v":0.85,"d":"85%"},{"v":0.75,"d":"75%"},{"v":0.1,"d":"10%"},null,46,{"v":16962.04,"d":"16,962"},{"v":1696.2040000000002,"d":"1,696"},{"v":21202.55,"d":"21,203"},{"v":19506.345999999998,"d":"19,506"},{"$f":"(M643*12-(VLOOKUP(N643*12,'Tax table'!$A$3:$C$10,3)*(N643*12-VLOOKUP(N643*12,'Tax table'!$A$3:$C$10,1))+VLOOKUP(N643*12,'Tax table'!$A$3:$C$10,2)))/12","v":{"v":18621.573373333333,"d":"18,622"}},{"v":15265.836000000001,"d":"15,266"},{"$f":"(VLOOKUP(P643*12,'Tax table'!$A$3:$C$10,3)*(P643*12-VLOOKUP(P643*12,'Tax table'!$A$3:$C$10,1))+VLOOKUP(P643*12,'Tax table'!$A$3:$C$10,2))/12","v":{"v":1562.85048,"d":"1,563"}},{"v":15399.18952,"d":"15,399"},{"v":13089.311092,"d":"13,089"},{"v":0.7029111251546712,"d":"70.3%"},{"v":39267.933275999996,"d":"39,268"},{"$f":"IF($B$15=\"Yes\",MIN(S643*2,References!$B$7),0)","v":{"v":26178.622184,"d":"26,179"}},{"$f":"IF(AND(D643<>0,$B$16=\"Yes\"),References!$B$6,0)","v":{"v":100000,"d":"100,000"}},{"v":2309.878428,"d":"2,310"},{"v":12721.53,"d":"12,722"},{"v":1696.2040000000002,"d":"1,696"},{"v":14417.734,"d":"14,418"},{"v":19506.345999999998,"d":"19,506"},{"$f":"(M643*12-(VLOOKUP(AB643*12,'Tax table'!$A$3:$C$10,3)*(AB643*12-VLOOKUP(AB643*12,'Tax table'!$A$3:$C$10,1))+VLOOKUP(AB643*12,'Tax table'!$A$3:$C$10,2)))/12","v":{"v":18621.573373333333,"d":"18,622"}},{"v":14417.734,"d":"14,418"},{"v":0.7742489697807512,"d":"77.4%"}]
["Member 1665","1984-11-26","F",{"v":203559.84,"d":"203,560"},{"v":0.8,"d":"80%"},{"v":0.85,"d":"85%"},{"v":0.75,"d":"75%"},{"v":0.1,"d":"10%"},null,33,{"v":16963.32,"d":"16,963"},{"v":1696.332,"d":"1,696"},{"v":21204.149999999998,"d":"21,204"},{"v":19507.818,"d":"19,508"},{"$f":"(M644*12-(VLOOKUP(N644*12,'Tax table'!$A$3:$C$10,3)*(N644*12-VLOOKUP(N644*12,'Tax table'!$A$3:$C$10,1))+VLOOKUP(N644*12,'Tax table'!$A$3:$C$10,2)))/12","v":{"v":18622.790653333333,"d":"18,623"}},{"v":15266.988,"d":"15,267"},{"$f":"(VLOOKUP(P644*12,'Tax table'!$A$3:$C$10,3)*(P644*12-VLOOKUP(P644*12,'Tax table'!$A$3:$C$10,1))+VLOOKUP(P644*12,'Tax table'!$A$3:$C$10,2))/12","v":{"v":1563.0578399999997,"d":"1,563"}},{"v":15400.26216,"d":"15,400"},{"v":13090.222835999999,"d":"13,090"},{"v":0.7029141378258984,"d":"70.3%"},{"v":39270.668507999995,"d":"39,271"},{"$f":"IF($B$15=\"Yes\",MIN(S644*2,References!$B$7),0)","v":{"v":26180.445671999998,"d":"26,180"}},{"$f":"IF(AND(D644<>0,$B$16=\"Yes\"),References!$B$6,0)","v":{"v":100000,"d":"100,000"}},{"v":2310.039324000001,"d":"2,310"},{"v":12722.49,"d":"12,722"},{"v":1696.332,"d":"1,696"},{"v":14418.822,"d":"14,419"},{"v":19507.818,"d":"19,508"},{"$f":"(M644*12-(VLOOKUP(AB644*12,'Tax table'!$A$3:$C$10,3)*(AB644*12-VLOOKUP(AB644*12,'Tax table'!$A$3:$C$10,1))+VLOOKUP(AB644*12,'Tax table'!$A$3:$C$10,2)))/12","v":{"v":18622.790653333333,"d":"18,623"}},{"v":14418.822,"d":"14,419"},{"v":0.7742567839809306,"d":"77.4%"}]
["Member 1664","1976-04-12","M",{"v":203624.28,"d":"203,624"},{"v":0.8,"d":"80%"},{"v":0.85,"d":"85%"},{"v":0.75,"d":"75%"},{"v":0.1,"d":"10%"},null,42,{"v":16968.69,"d":"16,969"},{"v":1696.869,"d":"1,697"},{"v":21210.862499999996,"d":"21,211"},{"v":19513.993499999997,"d":"19,514"},{"$f":"(M645*12-(VLOOKUP(N645*12,'Tax table'!$A$3:$C$10,3)*(N645*12-VLOOKUP(N645*12,'Tax table'!$A$3:$C$10,1))+VLOOKUP(N645*12,'Tax table'!$A$3:$C$10,2)))/12","v":{"v":18627.89752333333,"d":"18,628"}},{"v":15271.820999999998,"d":"15,272"},{"$f":"(VLOOKUP(P645*12,'Tax table'!$A$3:$C$10,3)*(P645*12-VLOOKUP(P645*12,'Tax table'!$A$3:$C$10,1))+VLOOKUP(P645*12,'Tax table'!$A$3:$C$10,2))/12","v":{"v":1563.9277799999998,"d":"1,564"}},{"v":15404.762219999999,"d":"15,405"},{"v":13094.047886999999,"d":"13,094"},{"v":0.7029267726321973,"d":"70.3%"},{"v":39282.143660999995,"d":"39,282"},{"$f":"IF($B$15=\"Yes\",MIN(S645*2,References!$B$7),0)","v":{"v":26188.095773999998,"d":"26,188"}},{"$f":"IF(AND(D645<>0,$B$16=\"Yes\"),References!$B$6,0)","v":{"v":100000,"d":"100,000"}},{"v":2310.714333,"d":"2,311"},{"v":12726.517499999998,"d":"12,727"},{"v":1696.869,"d":"1,697"},{"v":14423.386499999999,"d":"14,423"},{"v":19513.993499999997,"d":"19,514"},{"$f":"(M645*12-(VLOOKUP(AB645*12,'Tax table'!$A$3:$C$10,3)*(AB645*12-VLOOKUP(AB645*12,'Tax table'!$A$3:$C$10,1))+VLOOKUP(AB645*12,'Tax table'!$A$3:$C$10,2)))/12","v":{"v":18627.89752333333,"d":"18,628"}},{"v":14423.386499999999,"d":"14,423"},{"v":0.7742895558628259,"d":"77.4%"}]
["Member 1663","1988-02-24","F",{"v":203697.96,"d":"203,698"},{"v":0.8,"d":"80%"},{"v":0.85,"d":"85%"},{"v":0.75,"d":"75%"},{"v":0.1,"d":"10%"},null,30,{"v":16974.829999999998,"d":"16,975"},{"v":1697.483,"d":"1,697"},{"v":21218.537499999995,"d":"21,219"},{"v":19521.054499999995,"d":"19,521"},{"$f":"(M646*12-(VLOOKUP(N646*12,'Tax table'!$A$3:$C$10,3)*(N646*12-VLOOKUP(N646*12,'Tax table'!$A$3:$C$10,1))+VLOOKUP(N646*12,'Tax table'!$A$3:$C$10,2)))/12","v":{"v":18633.736663333333,"d":"18,634"}},{"v":15277.346999999998,"d":"15,277"},{"$f":"(VLOOKUP(P646*12,'Tax table'!$A$3:$C$10,3)*(P646*12-VLOOKUP(P646*12,'Tax table'!$A$3:$C$10,1))+VLOOKUP(P646*12,'Tax table'!$A$3:$C$10,2))/12","v":{"v":1564.9224599999998,"d":"1,565"}},{"v":15409.907539999998,"d":"15,410"},{"v":13098.421408999999,"d":"13,098"},{"v":0.7029412106469504,"d":"70.3%"},{"v":39295.26422699999,"d":"39,295"},{"$f":"IF($B$15=\"Yes\",MIN(S646*2,References!$B$7),0)","v":{"v":26196.842817999997,"d":"26,197"}},{"$f":"IF(AND(D646<>0,$B$16=\"Yes\"),References!$B$6,0)","v":{"v":100000,"d":"100,000"}},{"v":2311.4861309999997,"d":"2,311"},{"v":12731.122499999998,"d":"12,731"},{"v":1697.483,"d":"1,697"},{"v":14428.605499999998,"d":"14,429"},{"v":19521.054499999995,"d":"19,521"},{"$f":"(M646*12-(VLOOKUP(AB646*12,'Tax table'!$A$3:$C$10,3)*(AB646*12-VLOOKUP(AB646*12,'Tax table'!$A$3:$C$10,1))+VLOOKUP(AB646*12,'Tax table'!$A$3:$C$10,2)))/12","v":{"v":18633.736663333333,"d":"18,634"}},{"v":14428.605499999998,"d":"14,429"},{"v":0.7743270048670371,"d":"77.4%"}]
["Member 1661","1979-05-16","F",{"v":203767.8,"d":"203,768"},{"v":0.8,"d":"80%"},{"v":0.85,"d":"85%"},{"v":0.75,"d":"75%"},{"v":0.1,"d":"10%"},null,39,{"v":16980.649999999998,"d":"16,981"},{"v":1698.0649999999998,"d":"1,698"},{"v":21225.812499999996,"d":"21,226"},{"v":19527.747499999998,"d":"19,528"},{"$f":"(M647*12-(VLOOKUP(N647*12,'Tax table'!$A$3:$C$10,3)*(N647*12-VLOOKUP(N647*12,'Tax table'!$A$3:$C$10,1))+VLOOKUP(N647*12,'Tax table'!$A$3:$C$10,2)))/12","v":{"v":18639.27148333333,"d":"18,639"}},{"v":15282.584999999997,"d":"15,283"},{"$f":"(VLOOKUP(P647*12,'Tax table'!$A$3:$C$10,3)*(P647*12-VLOOKUP(P647*12,'Tax table'!$A$3:$C$10,1))+VLOOKUP(P647*12,'Tax table'!$A$3:$C$10,2))/12","v":{"v":1565.8652999999995,"d":"1,566"}},{"v":15414.784699999998,"d":"15,415"},{"v":13102.566994999997,"d":"13,103"},{"v":0.7029548878407568,"d":"70.3%"},{"v":39307.70098499999,"d":"39,308"},{"$f":"IF($B$15=\"Yes\",MIN(S647*2,References!$B$7),0)","v":{"v":26205.133989999995,"d":"26,205"}},{"$f":"IF(AND(D647<>0,$B$16=\"Yes\"),References!$B$6,0)","v":{"v":100000,"d":"100,000"}},{"v":2312.217705000001,"d":"2,312"},{"v":12735.4875,"d":"12,735"},{"v":1698.0649999999998,"d":"1,698"},{"v":14433.5525,"d":"14,434"},{"v":19527.747499999998,"d":"19,528"},{"$f":"(M647*12-(VLOOKUP(AB647*12,'Tax table'!$A$3:$C$10,3)*(AB647*12-VLOOKUP(AB647*12,'Tax table'!$A$3:$C$10,1))+VLOOKUP(AB647*12,'Tax table'!$A$3:$C$10,2)))/12","v":{"v":18639.27148333333,"d":"18,639"}},{"v":14433.5525,"d":"14,434"},{"v":0.774362480470658,"d":"77.4%"}]
["Member 1662","1979-11-24","F",{"v":203767.8,"d":"203,768"},{"v":0.8,"d":"80%"},{"v":0.85,"d":"85%"},{"v":0.75,"d":"75%"},{"v":0.1,"d":"10%"},null,38,{"v":16980.649999999998,"d":"16,981"},{"v":1698.0649999999998,"d":"1,698"},{"v":21225.812499999996,"d":"21,226"},{"v":19527.747499999998,"d":"19,528"},{"$f":"(M648*12-(VLOOKUP(N648*12,'Tax table'!$A$3:$C$10,3)*(N648*12-VLOOKUP(N648*12,'Tax table'!$A$3:$C$10,1))+VLOOKUP(N648*12,'Tax table'!$A$3:$C$10,2)))/12","v":{"v":18639.27148333333,"d":"18,639"}},{"v":15282.584999999997,"d":"15,283"},{"$f":"(VLOOKUP(P648*12,'Tax table'!$A$3:$C$10,3)*(P648*12-VLOOKUP(P648*12,'Tax table'!$A$3:$C$10,1))+VLOOKUP(P648*12,'Tax table'!$A$3:$C$10,2))/12","v":{"v":1565.8652999999995,"d":"1,566"}},{"v":15414.784699999998,"d":"15,415"},{"v":13102.566994999997,"d":"13,103"},{"v":0.7029548878407568,"d":"70.3%"},{"v":39307.70098499999,"d":"39,308"},{"$f":"IF($B$15=\"Yes\",MIN(S648*2,References!$B$7),0)","v":{"v":26205.133989999995,"d":"26,205"}},{"$f":"IF(AND(D648<>0,$B$16=\"Yes\"),References!$B$6,0)","v":{"v":100000,"d":"100,000"}},{"v":2312.217705000001,"d":"2,312"},{"v":12735.4875,"d":"12,735"},{"v":1698.0649999999998,"d":"1,698"},{"v":14433.5525,"d":"14,434"},{"v":19527.747499999998,"d":"19,528"},{"$f":"(M648*12-(VLOOKUP(AB648*12,'Tax table'!$A$3:$C$10,3)*(AB648*12-VLOOKUP(AB648*12,'Tax table'!$A$3:$C$10,1))+VLOOKUP(AB648*12,'Tax table'!$A$3:$C$10,2)))/12","v":{"v":18639.27148333333,"d":"18,639"}},{"v":14433.5525,"d":"14,434"},{"v":0.774362480470658,"d":"77.4%"}]
["Member 1660","1981-06-17","F",{"v":203771.88,"d":"203,772"},{"v":0.8,"d":"80%"},{"v":0.85,"d":"85%"},{"v":0.75,"d":"75%"},{"v":0.1,"d":"10%"},null,37,{"v":16980.99,"d":"16,981"},{"v":1698.0990000000002,"d":"1,698"},{"v":21226.2375,"d":"21,226"},{"v":19528.1385,"d":"19,528"},{"$f":"(M649*12-(VLOOKUP(N649*12,'Tax table'!$A$3:$C$10,3)*(N649*12-VLOOKUP(N649*12,'Tax table'!$A$3:$C$10,1))+VLOOKUP(N649*12,'Tax table'!$A$3:$C$10,2)))/12","v":{"v":18639.59482333333,"d":"18,640"}},{"v":15282.891000000001,"d":"15,283"},{"$f":"(VLOOKUP(P649*12,'Tax table'!$A$3:$C$10,3)*(P649*12-VLOOKUP(P649*12,'Tax table'!$A$3:$C$10,1))+VLOOKUP(P649*12,'Tax table'!$A$3:$C$10,2))/12","v":{"v":1565.9203800000003,"d":"1,566"}},{"v":15415.069620000002,"d":"15,415"},{"v":13102.809177000001,"d":"13,103"},{"v":0.7029556866009611,"d":"70.3%"},{"v":39308.427531,"d":"39,308"},{"$f":"IF($B$15=\"Yes\",MIN(S649*2,References!$B$7),0)","v":{"v":26205.618354000002,"d":"26,206"}},{"$f":"IF(AND(D649<>0,$B$16=\"Yes\"),References!$B$6,0)","v":{"v":100000,"d":"100,000"}},{"v":2312.260443000001,"d":"2,312"},{"v":12735.7425,"d":"12,736"},{"v":1698.0990000000002,"d":"1,698"},{"v":14433.8415,"d":"14,434"},{"v":19528.1385,"d":"19,528"},{"$f":"(M649*12-(VLOOKUP(AB649*12,'Tax table'!$A$3:$C$10,3)*(AB649*12-VLOOKUP(AB649*12,'Tax table'!$A$3:$C$10,1))+VLOOKUP(AB649*12,'Tax table'!$A$3:$C$10,2)))/12","v":{"v":18639.59482333333,"d":"18,640"}},{"v":14433.8415,"d":"14,434"},{"v":0.7743645522772575,"d":"77.4%"}]
["Member 1659","1980-01-03","M",{"v":203985.12,"d":"203,985"},{"v":0.8,"d":"80%"},{"v":0.85,"d":"85%"},{"v":0.75,"d":"75%"},{"v":0.1,"d":"10%"},null,38,{"v":16998.76,"d":"16,999"},{"v":1699.876,"d":"1,700"},{"v":21248.449999999997,"d":"21,248"},{"v":19548.573999999997,"d":"19,549"},{"$f":"(M650*12-(VLOOKUP(N650*12,'Tax table'!$A$3:$C$10,3)*(N650*12-VLOOKUP(N650*12,'Tax table'!$A$3:$C$10,1))+VLOOKUP(N650*12,'Tax table'!$A$3:$C$10,2)))/12","v":{"v":18656.49409333333,"d":"18,656"}},{"v":15298.883999999998,"d":"15,299"},{"$f":"(VLOOKUP(P650*12,'Tax table'!$A$3:$C$10,3)*(P650*12-VLOOKUP(P650*12,'Tax table'!$A$3:$C$10,1))+VLOOKUP(P650*12,'Tax table'!$A$3:$C$10,2))/12","v":{"v":1568.7991199999997,"d":"1,569"}},{"v":15429.960879999999,"d":"15,430"},{"v":13115.466747999999,"d":"13,115"},{"v":0.702997395029683,"d":"70.3%"},{"v":39346.400244,"d":"39,346"},{"$f":"IF($B$15=\"Yes\",MIN(S650*2,References!$B$7),0)","v":{"v":26230.933495999998,"d":"26,231"}},{"$f":"IF(AND(D650<>0,$B$16=\"Yes\"),References!$B$6,0)","v":{"v":100000,"d":"100,000"}},{"v":2314.494132,"d":"2,314"},{"v":12749.07,"d":"12,749"},{"v":1699.876,"d":"1,700"},{"v":14448.946,"d":"14,449"},{"v":19548.573999999997,"d":"19,549"},{"$f":"(M650*12-(VLOOKUP(AB650*12,'Tax table'!$A$3:$C$10,3)*(AB650*12-VLOOKUP(AB650*12,'Tax table'!$A$3:$C$10,1))+VLOOKUP(AB650*12,'Tax table'!$A$3:$C$10,2)))/12","v":{"v":18656.49409333333,"d":"18,656"}},{"v":14448.946,"d":"14,449"},{"v":0.7744727346797249,"d":"77.4%"}]
["Member 1658","1976-01-17","F",{"v":204006.12,"d":"204,006"},{"v":0.8,"d":"80%"},{"v":0.85,"d":"85%"},{"v":0.75,"d":"75%"},{"v":0.1,"d":"10%"},null,42,{"v":17000.51,"d":"17,001"},{"v":1700.051,"d":"1,700"},{"v":21250.637499999997,"d":"21,251"},{"v":19550.586499999998,"d":"19,551"},{"$f":"(M651*12-(VLOOKUP(N651*12,'Tax table'!$A$3:$C$10,3)*(N651*12-VLOOKUP(N651*12,'Tax table'!$A$3:$C$10,1))+VLOOKUP(N651*12,'Tax table'!$A$3:$C$10,2)))/12","v":{"v":18658.158343333333,"d":"18,658"}},{"v":15300.458999999999,"d":"15,300"},{"$f":"(VLOOKUP(P651*12,'Tax table'!$A$3:$C$10,3)*(P651*12-VLOOKUP(P651*12,'Tax table'!$A$3:$C$10,1))+VLOOKUP(P651*12,'Tax table'!$A$3:$C$10,2))/12","v":{"v":1569.0826199999995,"d":"1,569"}},{"v":15431.42738,"d":"15,431"},{"v":13116.713273,"d":"13,117"},{"v":0.7030014984135171,"d":"70.3%"},{"v":39350.139818999996,"d":"39,350"},{"$f":"IF($B$15=\"Yes\",MIN(S651*2,References!$B$7),0)","v":{"v":26233.426546,"d":"26,233"}},{"$f":"IF(AND(D651<>0,$B$16=\"Yes\"),References!$B$6,0)","v":{"v":100000,"d":"100,000"}},{"v":2314.714107,"d":"2,315"},{"v":12750.3825,"d":"12,750"},{"v":1700.051,"d":"1,700"},{"v":14450.4335,"d":"14,450"},{"v":19550.586499999998,"d":"19,551"},{"$f":"(M651*12-(VLOOKUP(AB651*12,'Tax table'!$A$3:$C$10,3)*(AB651*12-VLOOKUP(AB651*12,'Tax table'!$A$3:$C$10,1))+VLOOKUP(AB651*12,'Tax table'!$A$3:$C$10,2)))/12","v":{"v":18658.158343333333,"d":"18,658"}},{"v":14450.4335,"d":"14,450"},{"v":0.7744833779462067,"d":"77.4%"}]
["Member 1657","1974-03-17","M",{"v":204009.96,"d":"204,010"},{"v":0.8,"d":"80%"},{"v":0.85,"d":"85%"},{"v":0.75,"d":"75%"},{"v":0.1,"d":"10%"},null,44,{"v":17000.829999999998,"d":"17,001"},{"v":1700.0829999999999,"d":"1,700"},{"v":21251.037499999995,"d":"21,251"},{"v":19550.954499999996,"d":"19,551"},{"$f":"(M652*12-(VLOOKUP(N652*12,'Tax table'!$A$3:$C$10,3)*(N652*12-VLOOKUP(N652*12,'Tax table'!$A$3:$C$10,1))+VLOOKUP(N652*12,'Tax table'!$A$3:$C$10,2)))/12","v":{"v":18658.46266333333,"d":"18,658"}},{"v":15300.746999999998,"d":"15,301"},{"$f":"(VLOOKUP(P652*12,'Tax table'!$A$3:$C$10,3)*(P652*12-VLOOKUP(P652*12,'Tax table'!$A$3:$C$10,1))+VLOOKUP(P652*12,'Tax table'!$A$3:$C$10,2))/12","v":{"v":1569.1344599999995,"d":"1,569"}},{"v":15431.695539999999,"d":"15,432"},{"v":13116.941208999999,"d":"13,117"},{"v":0.703002248667397,"d":"70.3%"},{"v":39350.823627,"d":"39,351"},{"$f":"IF($B$15=\"Yes\",MIN(S652*2,References!$B$7),0)","v":{"v":26233.882417999997,"d":"26,234"}},{"$f":"IF(AND(D652<>0,$B$16=\"Yes\"),References!$B$6,0)","v":{"v":100000,"d":"100,000"}},{"v":2314.754331,"d":"2,315"},{"v":12750.622499999998,"d":"12,751"},{"v":1700.0829999999999,"d":"1,700"},{"v":14450.705499999998,"d":"14,451"},{"v":19550.954499999996,"d":"19,551"},{"$f":"(M652*12-(VLOOKUP(AB652*12,'Tax table'!$A$3:$C$10,3)*(AB652*12-VLOOKUP(AB652*12,'Tax table'!$A$3:$C$10,1))+VLOOKUP(AB652*12,'Tax table'!$A$3:$C$10,2)))/12","v":{"v":18658.46266333333,"d":"18,658"}},{"v":14450.705499999998,"d":"14,451"},{"v":0.7744853239381719,"d":"77.4%"}]
["Member 1656","1986-02-15","F",{"v":204027.6,"d":"204,028"},{"v":0.8,"d":"80%"},{"v":0.85,"d":"85%"},{"v":0.75,"d":"75%"},{"v":0.1,"d":"10%"},null,32,{"v":17002.3,"d":"17,002"},{"v":1700.23,"d":"1,700"},{"v":21252.874999999996,"d":"21,253"},{"v":19552.644999999997,"d":"19,553"},{"$f":"(M653*12-(VLOOKUP(N653*12,'Tax table'!$A$3:$C$10,3)*(N653*12-VLOOKUP(N653*12,'Tax table'!$A$3:$C$10,1))+VLOOKUP(N653*12,'Tax table'!$A$3:$C$10,2)))/12","v":{"v":18659.86063333333,"d":"18,660"}},{"v":15302.07,"d":"15,302"},{"$f":"(VLOOKUP(P653*12,'Tax table'!$A$3:$C$10,3)*(P653*12-VLOOKUP(P653*12,'Tax table'!$A$3:$C$10,1))+VLOOKUP(P653*12,'Tax table'!$A$3:$C$10,2))/12","v":{"v":1569.3726,"d":"1,569"}},{"v":15432.927399999999,"d":"15,433"},{"v":13117.98829,"d":"13,118"},{"v":0.7030056948317437,"d":"70.3%"},{"v":39353.964869999996,"d":"39,354"},{"$f":"IF($B$15=\"Yes\",MIN(S653*2,References!$B$7),0)","v":{"v":26235.97658,"d":"26,236"}},{"$f":"IF(AND(D653<>0,$B$16=\"Yes\"),References!$B$6,0)","v":{"v":100000,"d":"100,000"}},{"v":2314.9391099999993,"d":"2,315"},{"v":12751.724999999999,"d":"12,752"},{"v":1700.23,"d":"1,700"},{"v":14451.954999999998,"d":"14,452"},{"v":19552.644999999997,"d":"19,553"},{"$f":"(M653*12-(VLOOKUP(AB653*12,'Tax table'!$A$3:$C$10,3)*(AB653*12-VLOOKUP(AB653*12,'Tax table'!$A$3:$C$10,1))+VLOOKUP(AB653*12,'Tax table'!$A$3:$C$10,2)))/12","v":{"v":18659.86063333333,"d":"18,660"}},{"v":14451.954999999998,"d":"14,452"},{"v":0.7744942625232434,"d":"77.4%"}]
["Member 1655","1984-03-12","F",{"v":204108.12,"d":"204,108"},{"v":0.8,"d":"80%"},{"v":0.85,"d":"85%"},{"v":0.75,"d":"75%"},{"v":0.1,"d":"10%"},null,34,{"v":17009.01,"d":"17,009"},{"v":1700.9009999999998,"d":"1,701"},{"v":21261.262499999997,"d":"21,261"},{"v":19560.3615,"d":"19,560"},{"$f":"(M654*12-(VLOOKUP(N654*12,'Tax table'!$A$3:$C$10,3)*(N654*12-VLOOKUP(N654*12,'Tax table'!$A$3:$C$10,1))+VLOOKUP(N654*12,'Tax table'!$A$3:$C$10,2)))/12","v":{"v":18666.241843333333,"d":"18,666"}},{"v":15308.108999999999,"d":"15,308"},{"$f":"(VLOOKUP(P654*12,'Tax table'!$A$3:$C$10,3)*(P654*12-VLOOKUP(P654*12,'Tax table'!$A$3:$C$10,1))+VLOOKUP(P654*12,'Tax table'!$A$3:$C$10,2))/12","v":{"v":1570.4596199999999,"d":"1,570"}},{"v":15438.550379999999,"d":"15,439"},{"v":13122.767822999998,"d":"13,123"},{"v":0.70302141872692,"d":"70.3%"},{"v":39368.30346899999,"d":"39,368"},{"$f":"IF($B$15=\"Yes\",MIN(S654*2,References!$B$7),0)","v":{"v":26245.535645999997,"d":"26,246"}},{"$f":"IF(AND(D654<>0,$B$16=\"Yes\"),References!$B$6,0)","v":{"v":100000,"d":"100,000"}},{"v":2315.7825570000005,"d":"2,316"},{"v":12756.7575,"d":"12,757"},{"v":1700.9009999999998,"d":"1,701"},{"v":14457.6585,"d":"14,458"},{"v":19560.3615,"d":"19,560"},{"$f":"(M654*12-(VLOOKUP(AB654*12,'Tax table'!$A$3:$C$10,3)*(AB654*12-VLOOKUP(AB654*12,'Tax table'!$A$3:$C$10,1))+VLOOKUP(AB654*12,'Tax table'!$A$3:$C$10,2)))/12","v":{"v":18666.241843333333,"d":"18,666"}},{"v":14457.6585,"d":"14,458"},{"v":0.7745350468157342,"d":"77.5%"}]
["Member 1654","1962-06-24","M",{"v":204230.64,"d":"204,231"},{"v":0.8,"d":"80%"},{"v":0.85,"d":"85%"},{"v":0.75,"d":"75%"},{"v":0.1,"d":"10%"},null,56,{"v":17019.22,"d":"17,019"},{"v":1701.9220000000003,"d":"1,702"},{"v":21274.025,"d":"21,274"},{"v":19572.103000000003,"d":"19,572"},{"$f":"(M655*12-(VLOOKUP(N655*12,'Tax table'!$A$3:$C$10,3)*(N655*12-VLOOKUP(N655*12,'Tax table'!$A$3:$C$10,1))+VLOOKUP(N655*12,'Tax table'!$A$3:$C$10,2)))/12","v":{"v":18675.951553333336,"d":"18,676"}},{"v":15317.298,"d":"15,317"},{"$f":"(VLOOKUP(P655*12,'Tax table'!$A$3:$C$10,3)*(P655*12-VLOOKUP(P655*12,'Tax table'!$A$3:$C$10,1))+VLOOKUP(P655*12,'Tax table'!$A$3:$C$10,2))/12","v":{"v":1572.1136399999998,"d":"1,572"}},{"v":15447.106360000002,"d":"15,447"},{"v":13130.040406000002,"d":"13,130"},{"v":0.7030453237418318,"d":"70.3%"},{"v":39390.12121800001,"d":"39,390"},{"$f":"IF($B$15=\"Yes\",MIN(S655*2,References!$B$7),0)","v":{"v":26260.080812000004,"d":"26,260"}},{"$f":"IF(AND(D655<>0,$B$16=\"Yes\"),References!$B$6,0)","v":{"v":100000,"d":"100,000"}},{"v":2317.0659539999997,"d":"2,317"},{"v":12764.415,"d":"12,764"},{"v":1701.9220000000003,"d":"1,702"},{"v":14466.337000000001,"d":"14,466"},{"v":19572.103000000003,"d":"19,572"},{"$f":"(M655*12-(VLOOKUP(AB655*12,'Tax table'!$A$3:$C$10,3)*(AB655*12-VLOOKUP(AB655*12,'Tax table'!$A$3:$C$10,1))+VLOOKUP(AB655*12,'Tax table'!$A$3:$C$10,2)))/12","v":{"v":18675.951553333336,"d":"18,676"}},{"v":14466.337000000001,"d":"14,466"},{"v":0.7745970511161456,"d":"77.5%"}]
["Member 1653","1969-07-07","M",{"v":204486.12,"d":"204,486"},{"v":0.8,"d":"80%"},{"v":0.85,"d":"85%"},{"v":0.75,"d":"75%"},{"v":0.1,"d":"10%"},null,49,{"v":17040.51,"d":"17,041"},{"v":1704.051,"d":"1,704"},{"v":21300.637499999997,"d":"21,301"},{"v":19596.586499999998,"d":"19,597"},{"$f":"(M656*12-(VLOOKUP(N656*12,'Tax table'!$A$3:$C$10,3)*(N656*12-VLOOKUP(N656*12,'Tax table'!$A$3:$C$10,1))+VLOOKUP(N656*12,'Tax table'!$A$3:$C$10,2)))/12","v":{"v":18696.198343333333,"d":"18,696"}},{"v":15336.458999999999,"d":"15,336"},{"$f":"(VLOOKUP(P656*12,'Tax table'!$A$3:$C$10,3)*(P656*12-VLOOKUP(P656*12,'Tax table'!$A$3:$C$10,1))+VLOOKUP(P656*12,'Tax table'!$A$3:$C$10,2))/12","v":{"v":1575.5626199999995,"d":"1,576"}},{"v":15464.94738,"d":"15,465"},{"v":13145.205273,"d":"13,145"},{"v":0.7030950908630738,"d":"70.3%"},{"v":39435.615819,"d":"39,436"},{"$f":"IF($B$15=\"Yes\",MIN(S656*2,References!$B$7),0)","v":{"v":26290.410546,"d":"26,290"}},{"$f":"IF(AND(D656<>0,$B$16=\"Yes\"),References!$B$6,0)","v":{"v":100000,"d":"100,000"}},{"v":2319.742107,"d":"2,320"},{"v":12780.3825,"d":"12,780"},{"v":1704.051,"d":"1,704"},{"v":14484.4335,"d":"14,484"},{"v":19596.586499999998,"d":"19,597"},{"$f":"(M656*12-(VLOOKUP(AB656*12,'Tax table'!$A$3:$C$10,3)*(AB656*12-VLOOKUP(AB656*12,'Tax table'!$A$3:$C$10,1))+VLOOKUP(AB656*12,'Tax table'!$A$3:$C$10,2)))/12","v":{"v":18696.198343333333,"d":"18,696"}},{"v":14484.4335,"d":"14,484"},{"v":0.7747261359775229,"d":"77.5%"}]
["Member 1652","1956-12-25","M",{"v":204544.92,"d":"204,545"},{"v":0.8,"d":"80%"},{"v":0.85,"d":"85%"},{"v":0.75,"d":"75%"},{"v":0.1,"d":"10%"},null,61,{"v":17045.41,"d":"17,045"},{"v":1704.5410000000002,"d":"1,705"},{"v":21306.762499999997,"d":"21,307"},{"v":19602.221499999996,"d":"19,602"},{"$f":"(M657*12-(VLOOKUP(N657*12,'Tax table'!$A$3:$C$10,3)*(N657*12-VLOOKUP(N657*12,'Tax table'!$A$3:$C$10,1))+VLOOKUP(N657*12,'Tax table'!$A$3:$C$10,2)))/12","v":{"v":18700.858243333332,"d":"18,701"}},{"v":15340.868999999999,"d":"15,341"},{"$f":"(VLOOKUP(P657*12,'Tax table'!$A$3:$C$10,3)*(P657*12-VLOOKUP(P657*12,'Tax table'!$A$3:$C$10,1))+VLOOKUP(P657*12,'Tax table'!$A$3:$C$10,2))/12","v":{"v":1576.3564199999998,"d":"1,576"}},{"v":15469.05358,"d":"15,469"},{"v":13148.695543,"d":"13,149"},{"v":0.7031065297597974,"d":"70.3%"},{"v":39446.086629,"d":"39,446"},{"$f":"IF($B$15=\"Yes\",MIN(S657*2,References!$B$7),0)","v":{"v":26297.391086,"d":"26,297"}},{"$f":"IF(AND(D657<>0,$B$16=\"Yes\"),References!$B$6,0)","v":{"v":100000,"d":"100,000"}},{"v":2320.358037,"d":"2,320"},{"v":12784.057499999999,"d":"12,784"},{"v":1704.5410000000002,"d":"1,705"},{"v":14488.5985,"d":"14,489"},{"v":19602.221499999996,"d":"19,602"},{"$f":"(M657*12-(VLOOKUP(AB657*12,'Tax table'!$A$3:$C$10,3)*(AB657*12-VLOOKUP(AB657*12,'Tax table'!$A$3:$C$10,1))+VLOOKUP(AB657*12,'Tax table'!$A$3:$C$10,2)))/12","v":{"v":18700.858243333332,"d":"18,701"}},{"v":14488.5985,"d":"14,489"},{"v":0.7747558059355398,"d":"77.5%"}]
["Member 1649","1991-03-23","F",{"v":204832.08,"d":"204,832"},{"v":0.8,"d":"80%"},{"v":0.85,"d":"85%"},{"v":0.75,"d":"75%"},{"v":0.1,"d":"10%"},null,27,{"v":17069.34,"d":"17,069"},{"v":1706.9340000000002,"d":"1,707"},{"v":21336.675,"d":"21,337"},{"v":19629.740999999998,"d":"19,630"},{"$f":"(M658*12-(VLOOKUP(N658*12,'Tax table'!$A$3:$C$10,3)*(N658*12-VLOOKUP(N658*12,'Tax table'!$A$3:$C$10,1))+VLOOKUP(N658*12,'Tax table'!$A$3:$C$10,2)))/12","v":{"v":18723.61567333333,"d":"18,724"}},{"v":15362.405999999999,"d":"15,362"},{"$f":"(VLOOKUP(P658*12,'Tax table'!$A$3:$C$10,3)*(P658*12-VLOOKUP(P658*12,'Tax table'!$A$3:$C$10,1))+VLOOKUP(P658*12,'Tax table'!$A$3:$C$10,2))/12","v":{"v":1580.2330799999997,"d":"1,580"}},{"v":15489.10692,"d":"15,489"},{"v":13165.740882,"d":"13,166"},{"v":0.7031623117938165,"d":"70.3%"},{"v":39497.222646,"d":"39,497"},{"$f":"IF($B$15=\"Yes\",MIN(S658*2,References!$B$7),0)","v":{"v":26331.481764,"d":"26,331"}},{"$f":"IF(AND(D658<>0,$B$16=\"Yes\"),References!$B$6,0)","v":{"v":100000,"d":"100,000"}},{"v":2323.366038,"d":"2,323"},{"v":12802.005000000001,"d":"12,802"},{"v":1706.9340000000002,"d":"1,707"},{"v":14508.939000000002,"d":"14,509"},{"v":19629.740999999998,"d":"19,630"},{"$f":"(M658*12-(VLOOKUP(AB658*12,'Tax table'!$A$3:$C$10,3)*(AB658*12-VLOOKUP(AB658*12,'Tax table'!$A$3:$C$10,1))+VLOOKUP(AB658*12,'Tax table'!$A$3:$C$10,2)))/12","v":{"v":18723.61567333333,"d":"18,724"}},{"v":14508.939000000002,"d":"14,509"},{"v":0.774900492145009,"d":"77.5%"}]
["Member 1650","1990-03-15","M",{"v":204832.08,"d":"204,832"},{"v":0.8,"d":"80%"},{"v":0.85,"d":"85%"},{"v":0.75,"d":"75%"},{"v":0.1,"d":"10%"},null,28,{"v":17069.34,"d":"17,069"},{"v":1706.9340000000002,"d":"1,707"},{"v":21336.675,"d":"21,337"},{"v":19629.740999999998,"d":"19,630"},{"$f":"(M659*12-(VLOOKUP(N659*12,'Tax table'!$A$3:$C$10,3)*(N659*12-VLOOKUP(N659*12,'Tax table'!$A$3:$C$10,1))+VLOOKUP(N659*12,'Tax table'!$A$3:$C$10,2)))/12","v":{"v":18723.61567333333,"d":"18,724"}},{"v":15362.405999999999,"d":"15,362"},{"$f":"(VLOOKUP(P659*12,'Tax table'!$A$3:$C$10,3)*(P659*12-VLOOKUP(P659*12,'Tax table'!$A$3:$C$10,1))+VLOOKUP(P659*12,'Tax table'!$A$3:$C$10,2))/12","v":{"v":1580.2330799999997,"d":"1,580"}},{"v":15489.10692,"d":"15,489"},{"v":13165.740882,"d":"13,166"},{"v":0.7031623117938165,"d":"70.3%"},{"v":39497.222646,"d":"39,497"},{"$f":"IF($B$15=\"Yes\",MIN(S659*2,References!$B$7),0)","v":{"v":26331.481764,"d":"26,331"}},{"$f":"IF(AND(D659<>0,$B$16=\"Yes\"),References!$B$6,0)","v":{"v":100000,"d":"100,000"}},{"v":2323.366038,"d":"2,323"},{"v":12802.005000000001,"d":"12,802"},{"v":1706.9340000000002,"d":"1,707"},{"v":14508.939000000002,"d":"14,509"},{"v":19629.740999999998,"d":"19,630"},{"$f":"(M659*12-(VLOOKUP(AB659*12,'Tax table'!$A$3:$C$10,3)*(AB659*12-VLOOKUP(AB659*12,'Tax table'!$A$3:$C$10,1))+VLOOKUP(AB659*12,'Tax table'!$A$3:$C$10,2)))/12","v":{"v":18723.61567333333,"d":"18,724"}},{"v":14508.939000000002,"d":"14,509"},{"v":0.774900492145009,"d":"77.5%"}]
["Member 1651","1983-05-02","M",{"v":204832.08,"d":"204,832"},{"v":0.8,"d":"80%"},{"v":0.85,"d":"85%"},{"v":0.75,"d":"75%"},{"v":0.1,"d":"10%"},null,35,{"v":17069.34,"d":"17,069"},{"v":1706.9340000000002,"d":"1,707"},{"v":21336.675,"d":"21,337"},{"v":19629.740999999998,"d":"19,630"},{"$f":"(M660*12-(VLOOKUP(N660*12,'Tax table'!$A$3:$C$10,3)*(N660*12-VLOOKUP(N660*12,'Tax table'!$A$3:$C$10,1))+VLOOKUP(N660*12,'Tax table'!$A$3:$C$10,2)))/12","v":{"v":18723.61567333333,"d":"18,724"}},{"v":15362.405999999999,"d":"15,362"},{"$f":"(VLOOKUP(P660*12,'Tax table'!$A$3:$C$10,3)*(P660*12-VLOOKUP(P660*12,'Tax table'!$A$3:$C$10,1))+VLOOKUP(P660*12,'Tax table'!$A$3:$C$10,2))/12","v":{"v":1580.2330799999997,"d":"1,580"}},{"v":15489.10692,"d":"15,489"},{"v":13165.740882,"d":"13,166"},{"v":0.7031623117938165,"d":"70.3%"},{"v":39497.222646,"d":"39,497"},{"$f":"IF($B$15=\"Yes\",MIN(S660*2,References!$B$7),0)","v":{"v":26331.481764,"d":"26,331"}},{"$f":"IF(AND(D660<>0,$B$16=\"Yes\"),References!$B$6,0)","v":{"v":100000,"d":"100,000"}},{"v":2323.366038,"d":"2,323"},{"v":12802.005000000001,"d":"12,802"},{"v":1706.9340000000002,"d":"1,707"},{"v":14508.939000000002,"d":"14,509"},{"v":19629.740999999998,"d":"19,630"},{"$f":"(M660*12-(VLOOKUP(AB660*12,'Tax table'!$A$3:$C$10,3)*(AB660*12-VLOOKUP(AB660*12,'Tax table'!$A$3:$C$10,1))+VLOOKUP(AB660*12,'Tax table'!$A$3:$C$10,2)))/12","v":{"v":18723.61567333333,"d":"18,724"}},{"v":14508.939000000002,"d":"14,509"},{"v":0.774900492145009,"d":"77.5%"}]
["Member 1648","1986-04-24","M",{"v":204959.76,"d":"204,960"},{"v":0.8,"d":"80%"},{"v":0.85,"d":"85%"},{"v":0.75,"d":"75%"},{"v":0.1,"d":"10%"},null,32,{"v":17079.98,"d":"17,080"},{"v":1707.998,"d":"1,708"},{"v":21349.975,"d":"21,350"},{"v":19641.977,"d":"19,642"},{"$f":"(M661*12-(VLOOKUP(N661*12,'Tax table'!$A$3:$C$10,3)*(N661*12-VLOOKUP(N661*12,'Tax table'!$A$3:$C$10,1))+VLOOKUP(N661*12,'Tax table'!$A$3:$C$10,2)))/12","v":{"v":18733.73431333333,"d":"18,734"}},{"v":15371.982,"d":"15,372"},{"$f":"(VLOOKUP(P661*12,'Tax table'!$A$3:$C$10,3)*(P661*12-VLOOKUP(P661*12,'Tax table'!$A$3:$C$10,1))+VLOOKUP(P661*12,'Tax table'!$A$3:$C$10,2))/12","v":{"v":1581.9567599999998,"d":"1,582"}},{"v":15498.02324,"d":"15,498"},{"v":13173.319754,"d":"13,173"},{"v":0.7031870706431539,"d":"70.3%"},{"v":39519.959262000004,"d":"39,520"},{"$f":"IF($B$15=\"Yes\",MIN(S661*2,References!$B$7),0)","v":{"v":26346.639508,"d":"26,347"}},{"$f":"IF(AND(D661<>0,$B$16=\"Yes\"),References!$B$6,0)","v":{"v":100000,"d":"100,000"}},{"v":2324.7034860000003,"d":"2,325"},{"v":12809.985,"d":"12,810"},{"v":1707.998,"d":"1,708"},{"v":14517.983,"d":"14,518"},{"v":19641.977,"d":"19,642"},{"$f":"(M661*12-(VLOOKUP(AB661*12,'Tax table'!$A$3:$C$10,3)*(AB661*12-VLOOKUP(AB661*12,'Tax table'!$A$3:$C$10,1))+VLOOKUP(AB661*12,'Tax table'!$A$3:$C$10,2)))/12","v":{"v":18733.73431333333,"d":"18,734"}},{"v":14517.983,"d":"14,518"},{"v":0.7749647111023209,"d":"77.5%"}]
["Member 1647","1958-07-17","M",{"v":205165.32,"d":"205,165"},{"v":0.8,"d":"80%"},{"v":0.85,"d":"85%"},{"v":0.75,"d":"75%"},{"v":0.1,"d":"10%"},null,60,{"v":17097.11,"d":"17,097"},{"v":1709.7110000000002,"d":"1,710"},{"v":21371.3875,"d":"21,371"},{"v":19661.6765,"d":"19,662"},{"$f":"(M662*12-(VLOOKUP(N662*12,'Tax table'!$A$3:$C$10,3)*(N662*12-VLOOKUP(N662*12,'Tax table'!$A$3:$C$10,1))+VLOOKUP(N662*12,'Tax table'!$A$3:$C$10,2)))/12","v":{"v":18750.024943333334,"d":"18,750"}},{"v":15387.399000000001,"d":"15,387"},{"$f":"(VLOOKUP(P662*12,'Tax table'!$A$3:$C$10,3)*(P662*12-VLOOKUP(P662*12,'Tax table'!$A$3:$C$10,1))+VLOOKUP(P662*12,'Tax table'!$A$3:$C$10,2))/12","v":{"v":1584.73182,"d":"1,585"}},{"v":15512.37818,"d":"15,512"},{"v":13185.521453,"d":"13,186"},{"v":0.7032268753161407,"d":"70.3%"},{"v":39556.564358999996,"d":"39,557"},{"$f":"IF($B$15=\"Yes\",MIN(S662*2,References!$B$7),0)","v":{"v":26371.042906,"d":"26,371"}},{"$f":"IF(AND(D662<>0,$B$16=\"Yes\"),References!$B$6,0)","v":{"v":100000,"d":"100,000"}},{"v":2326.8567270000003,"d":"2,327"},{"v":12822.8325,"d":"12,823"},{"v":1709.7110000000002,"d":"1,710"},{"v":14532.5435,"d":"14,533"},{"v":19661.6765,"d":"19,662"},{"$f":"(M662*12-(VLOOKUP(AB662*12,'Tax table'!$A$3:$C$10,3)*(AB662*12-VLOOKUP(AB662*12,'Tax table'!$A$3:$C$10,1))+VLOOKUP(AB662*12,'Tax table'!$A$3:$C$10,2)))/12","v":{"v":18750.024943333334,"d":"18,750"}},{"v":14532.5435,"d":"14,533"},{"v":0.7750679555851534,"d":"77.5%"}]
["Member 1644","1973-12-29","M",{"v":205255.8,"d":"205,256"},{"v":0.8,"d":"80%"},{"v":0.85,"d":"85%"},{"v":0.75,"d":"75%"},{"v":0.1,"d":"10%"},null,44,{"v":17104.649999999998,"d":"17,105"},{"v":1710.465,"d":"1,710"},{"v":21380.812499999996,"d":"21,381"},{"v":19670.347499999996,"d":"19,670"},{"$f":"(M663*12-(VLOOKUP(N663*12,'Tax table'!$A$3:$C$10,3)*(N663*12-VLOOKUP(N663*12,'Tax table'!$A$3:$C$10,1))+VLOOKUP(N663*12,'Tax table'!$A$3:$C$10,2)))/12","v":{"v":18757.19548333333,"d":"18,757"}},{"v":15394.184999999998,"d":"15,394"},{"$f":"(VLOOKUP(P663*12,'Tax table'!$A$3:$C$10,3)*(P663*12-VLOOKUP(P663*12,'Tax table'!$A$3:$C$10,1))+VLOOKUP(P663*12,'Tax table'!$A$3:$C$10,2))/12","v":{"v":1585.9532999999994,"d":"1,586"}},{"v":15518.696699999999,"d":"15,519"},{"v":13190.892194999999,"d":"13,191"},{"v":0.7032443739641537,"d":"70.3%"},{"v":39572.676584999994,"d":"39,573"},{"$f":"IF($B$15=\"Yes\",MIN(S663*2,References!$B$7),0)","v":{"v":26381.784389999997,"d":"26,382"}},{"$f":"IF(AND(D663<>0,$B$16=\"Yes\"),References!$B$6,0)","v":{"v":100000,"d":"100,000"}},{"v":2327.804505,"d":"2,328"},{"v":12828.4875,"d":"12,828"},{"v":1710.465,"d":"1,710"},{"v":14538.9525,"d":"14,539"},{"v":19670.347499999996,"d":"19,670"},{"$f":"(M663*12-(VLOOKUP(AB663*12,'Tax table'!$A$3:$C$10,3)*(AB663*12-VLOOKUP(AB663*12,'Tax table'!$A$3:$C$10,1))+VLOOKUP(AB663*12,'Tax table'!$A$3:$C$10,2)))/12","v":{"v":18757.19548333333,"d":"18,757"}},{"v":14538.9525,"d":"14,539"},{"v":0.7751133431924062,"d":"77.5%"}]
["Member 1645","1982-09-29","M",{"v":205255.8,"d":"205,256"},{"v":0.8,"d":"80%"},{"v":0.85,"d":"85%"},{"v":0.75,"d":"75%"},{"v":0.1,"d":"10%"},null,{"$f":"DATEDIF(B664,$B$7,\"y\")","v":36},{"$f":"D664/12","v":{"v":17104.649999999998,"d":"17,105"}},{"$f":"IF($B$10=\"No\",MIN(K664*H664,15%*K664),I664/12)","v":{"v":1710.465,"d":"1,710"}},{"$f":"D664/12/E664","v":{"v":21380.812499999996,"d":"21,381"}},{"$f":"M664-L664","v":{"v":19670.347499999996,"d":"19,670"}},{"$f":"(M664*12-(VLOOKUP(N664*12,'Tax table'!$A$3:$C$10,3)*(N664*12-VLOOKUP(N664*12,'Tax table'!$A$3:$C$10,1))+VLOOKUP(N664*12,'Tax table'!$A$3:$C$10,2)))/12","v":{"v":18757.19548333333,"d":"18,757"}},{"$f":"K664-L664","v":{"v":15394.184999999998,"d":"15,394"}},{"$f":"(VLOOKUP(P664*12,'Tax table'!$A$3:$C$10,3)*(P664*12-VLOOKUP(P664*12,'Tax table'!$A$3:$C$10,1))+VLOOKUP(P664*12,'Tax table'!$A$3:$C$10,2))/12","v":{"v":1585.9532999999994,"d":"1,586"}},{"$f":"K664-Q664","v":{"v":15518.696699999999,"d":"15,519"}},{"$f":"MIN(R664*F664,SUM($B$8,$B$9))","v":{"v":13190.892194999999,"d":"13,191"}},{"$f":"S664/O664","v":{"v":0.7032443739641537,"d":"70.3%"}},{"$f":"IF($B$14=\"Yes\",S664*3,0)","v":{"v":39572.676584999994,"d":"39,573"}},{"$f":"IF($B$15=\"Yes\",MIN(S664*2,References!$B$7),0)","v":{"v":26381.784389999997,"d":"26,382"}},{"$f":"IF(AND(D664<>0,$B$16=\"Yes\"),References!$B$6,0)","v":{"v":100000,"d":"100,000"}},{"$f":"IF($B$17=\"Yes\",MIN(R664,SUM($B$8:$B$9))-S664,0)","v":{"v":2327.804505,"d":"2,328"}},{"$f":"MIN(K664*G664,$B$8)","v":{"v":12828.4875,"d":"12,828"}},{"$f":"MIN(K664*H664,$B$9)","v":{"v":1710.465,"d":"1,710"}},{"$f":"Z664+Y664","v":{"v":14538.9525,"d":"14,539"}},{"$f":"M664-Z664","v":{"v":19670.347499999996,"d":"19,670"}},{"$f":"(M664*12-(VLOOKUP(AB664*12,'Tax table'!$A$3:$C$10,3)*(AB664*12-VLOOKUP(AB664*12,'Tax table'!$A$3:$C$10,1))+VLOOKUP(AB664*12,'Tax table'!$A$3:$C$10,2)))/12","v":{"v":18757.19548333333,"d":"18,757"}},{"$f":"MIN(AA664,AC664)","v":{"v":14538.9525,"d":"14,539"}},{"$f":"AD664/O664","v":{"v":0.7751133431924062,"d":"77.5%"}}]
["Member 1646","1971-05-21","M",{"v":205255.8,"d":"205,256"},{"v":0.8,"d":"80%"},{"v":0.85,"d":"85%"},{"v":0.75,"d":"75%"},{"v":0.1,"d":"10%"},null,47,{"v":17104.649999999998,"d":"17,105"},{"v":1710.465,"d":"1,710"},{"v":21380.812499999996,"d":"21,381"},{"v":19670.347499999996,"d":"19,670"},{"$f":"(M665*12-(VLOOKUP(N665*12,'Tax table'!$A$3:$C$10,3)*(N665*12-VLOOKUP(N665*12,'Tax table'!$A$3:$C$10,1))+VLOOKUP(N665*12,'Tax table'!$A$3:$C$10,2)))/12","v":{"v":18757.19548333333,"d":"18,757"}},{"v":15394.184999999998,"d":"15,394"},{"$f":"(VLOOKUP(P665*12,'Tax table'!$A$3:$C$10,3)*(P665*12-VLOOKUP(P665*12,'Tax table'!$A$3:$C$10,1))+VLOOKUP(P665*12,'Tax table'!$A$3:$C$10,2))/12","v":{"v":1585.9532999999994,"d":"1,586"}},{"v":15518.696699999999,"d":"15,519"},{"v":13190.892194999999,"d":"13,191"},{"v":0.7032443739641537,"d":"70.3%"},{"v":39572.676584999994,"d":"39,573"},{"$f":"IF($B$15=\"Yes\",MIN(S665*2,References!$B$7),0)","v":{"v":26381.784389999997,"d":"26,382"}},{"$f":"IF(AND(D665<>0,$B$16=\"Yes\"),References!$B$6,0)","v":{"v":100000,"d":"100,000"}},{"v":2327.804505,"d":"2,328"},{"v":12828.4875,"d":"12,828"},{"v":1710.465,"d":"1,710"},{"v":14538.9525,"d":"14,539"},{"v":19670.347499999996,"d":"19,670"},{"$f":"(M665*12-(VLOOKUP(AB665*12,'Tax table'!$A$3:$C$10,3)*(AB665*12-VLOOKUP(AB665*12,'Tax table'!$A$3:$C$10,1))+VLOOKUP(AB665*12,'Tax table'!$A$3:$C$10,2)))/12","v":{"v":18757.19548333333,"d":"18,757"}},{"v":14538.9525,"d":"14,539"},{"v":0.7751133431924062,"d":"77.5%"}]
["Member 1643","1984-04-09","M",{"v":205324.68,"d":"205,325"},{"v":0.8,"d":"80%"},{"v":0.85,"d":"85%"},{"v":0.75,"d":"75%"},{"v":0.1,"d":"10%"},null,34,{"v":17110.39,"d":"17,110"},{"v":1711.039,"d":"1,711"},{"v":21387.9875,"d":"21,388"},{"v":19676.9485,"d":"19,677"},{"$f":"(M666*12-(VLOOKUP(N666*12,'Tax table'!$A$3:$C$10,3)*(N666*12-VLOOKUP(N666*12,'Tax table'!$A$3:$C$10,1))+VLOOKUP(N666*12,'Tax table'!$A$3:$C$10,2)))/12","v":{"v":18762.65422333333,"d":"18,763"}},{"v":15399.350999999999,"d":"15,399"},{"$f":"(VLOOKUP(P666*12,'Tax table'!$A$3:$C$10,3)*(P666*12-VLOOKUP(P666*12,'Tax table'!$A$3:$C$10,1))+VLOOKUP(P666*12,'Tax table'!$A$3:$C$10,2))/12","v":{"v":1586.8831799999998,"d":"1,587"}},{"v":15523.506819999999,"d":"15,524"},{"v":13194.980796999998,"d":"13,195"},{"v":0.7032576862494568,"d":"70.3%"},{"v":39584.942391,"d":"39,585"},{"$f":"IF($B$15=\"Yes\",MIN(S666*2,References!$B$7),0)","v":{"v":26389.961593999997,"d":"26,390"}},{"$f":"IF(AND(D666<>0,$B$16=\"Yes\"),References!$B$6,0)","v":{"v":100000,"d":"100,000"}},{"v":2328.5260230000004,"d":"2,329"},{"v":12832.7925,"d":"12,833"},{"v":1711.039,"d":"1,711"},{"v":14543.8315,"d":"14,544"},{"v":19676.9485,"d":"19,677"},{"$f":"(M666*12-(VLOOKUP(AB666*12,'Tax table'!$A$3:$C$10,3)*(AB666*12-VLOOKUP(AB666*12,'Tax table'!$A$3:$C$10,1))+VLOOKUP(AB666*12,'Tax table'!$A$3:$C$10,2)))/12","v":{"v":18762.65422333333,"d":"18,763"}},{"v":14543.8315,"d":"14,544"},{"v":0.7751478723044002,"d":"77.5%"}]
["Member 1642","1982-12-10","F",{"v":205502.88,"d":"205,503"},{"v":0.8,"d":"80%"},{"v":0.85,"d":"85%"},{"v":0.75,"d":"75%"},{"v":0.1,"d":"10%"},null,35,{"v":17125.24,"d":"17,125"},{"v":1712.5240000000003,"d":"1,713"},{"v":21406.55,"d":"21,407"},{"v":19694.025999999998,"d":"19,694"},{"$f":"(M667*12-(VLOOKUP(N667*12,'Tax table'!$A$3:$C$10,3)*(N667*12-VLOOKUP(N667*12,'Tax table'!$A$3:$C$10,1))+VLOOKUP(N667*12,'Tax table'!$A$3:$C$10,2)))/12","v":{"v":18776.776573333333,"d":"18,777"}},{"v":15412.716,"d":"15,413"},{"$f":"(VLOOKUP(P667*12,'Tax table'!$A$3:$C$10,3)*(P667*12-VLOOKUP(P667*12,'Tax table'!$A$3:$C$10,1))+VLOOKUP(P667*12,'Tax table'!$A$3:$C$10,2))/12","v":{"v":1589.28888,"d":"1,589"}},{"v":15535.951120000002,"d":"15,536"},{"v":13205.558452000001,"d":"13,206"},{"v":0.7032920906538589,"d":"70.3%"},{"v":39616.67535600001,"d":"39,617"},{"$f":"IF($B$15=\"Yes\",MIN(S667*2,References!$B$7),0)","v":{"v":26411.116904000002,"d":"26,411"}},{"$f":"IF(AND(D667<>0,$B$16=\"Yes\"),References!$B$6,0)","v":{"v":100000,"d":"100,000"}},{"v":2330.3926680000004,"d":"2,330"},{"v":12843.93,"d":"12,844"},{"v":1712.5240000000003,"d":"1,713"},{"v":14556.454000000002,"d":"14,556"},{"v":19694.025999999998,"d":"19,694"},{"$f":"(M667*12-(VLOOKUP(AB667*12,'Tax table'!$A$3:$C$10,3)*(AB667*12-VLOOKUP(AB667*12,'Tax table'!$A$3:$C$10,1))+VLOOKUP(AB667*12,'Tax table'!$A$3:$C$10,2)))/12","v":{"v":18776.776573333333,"d":"18,777"}},{"v":14556.454000000002,"d":"14,556"},{"v":0.7752371096896893,"d":"77.5%"}]
["Member 1641","1980-04-15","M",{"v":205557.72,"d":"205,558"},{"v":0.8,"d":"80%"},{"v":0.85,"d":"85%"},{"v":0.75,"d":"75%"},{"v":0.1,"d":"10%"},null,38,{"v":17129.81,"d":"17,130"},{"v":1712.9810000000002,"d":"1,713"},{"v":21412.2625,"d":"21,412"},{"v":19699.2815,"d":"19,699"},{"$f":"(M668*12-(VLOOKUP(N668*12,'Tax table'!$A$3:$C$10,3)*(N668*12-VLOOKUP(N668*12,'Tax table'!$A$3:$C$10,1))+VLOOKUP(N668*12,'Tax table'!$A$3:$C$10,2)))/12","v":{"v":18781.122643333336,"d":"18,781"}},{"v":15416.829000000002,"d":"15,417"},{"$f":"(VLOOKUP(P668*12,'Tax table'!$A$3:$C$10,3)*(P668*12-VLOOKUP(P668*12,'Tax table'!$A$3:$C$10,1))+VLOOKUP(P668*12,'Tax table'!$A$3:$C$10,2))/12","v":{"v":1590.0292200000004,"d":"1,590"}},{"v":15539.780780000001,"d":"15,540"},{"v":13208.813663,"d":"13,209"},{"v":0.7033026679951256,"d":"70.3%"},{"v":39626.440989,"d":"39,626"},{"$f":"IF($B$15=\"Yes\",MIN(S668*2,References!$B$7),0)","v":{"v":26417.627326,"d":"26,418"}},{"$f":"IF(AND(D668<>0,$B$16=\"Yes\"),References!$B$6,0)","v":{"v":100000,"d":"100,000"}},{"v":2330.967117,"d":"2,331"},{"v":12847.357500000002,"d":"12,847"},{"v":1712.9810000000002,"d":"1,713"},{"v":14560.338500000002,"d":"14,560"},{"v":19699.2815,"d":"19,699"},{"$f":"(M668*12-(VLOOKUP(AB668*12,'Tax table'!$A$3:$C$10,3)*(AB668*12-VLOOKUP(AB668*12,'Tax table'!$A$3:$C$10,1))+VLOOKUP(AB668*12,'Tax table'!$A$3:$C$10,2)))/12","v":{"v":18781.122643333336,"d":"18,781"}},{"v":14560.338500000002,"d":"14,560"},{"v":0.7752645449641654,"d":"77.5%"}]
["Member 1640","1970-04-19","F",{"v":205593.84,"d":"205,594"},{"v":0.8,"d":"80%"},{"v":0.85,"d":"85%"},{"v":0.75,"d":"75%"},{"v":0.1,"d":"10%"},null,48,{"v":17132.82,"d":"17,133"},{"v":1713.2820000000002,"d":"1,713"},{"v":21416.024999999998,"d":"21,416"},{"v":19702.743,"d":"19,703"},{"$f":"(M669*12-(VLOOKUP(N669*12,'Tax table'!$A$3:$C$10,3)*(N669*12-VLOOKUP(N669*12,'Tax table'!$A$3:$C$10,1))+VLOOKUP(N669*12,'Tax table'!$A$3:$C$10,2)))/12","v":{"v":18783.98515333333,"d":"18,784"}},{"v":15419.538,"d":"15,420"},{"$f":"(VLOOKUP(P669*12,'Tax table'!$A$3:$C$10,3)*(P669*12-VLOOKUP(P669*12,'Tax table'!$A$3:$C$10,1))+VLOOKUP(P669*12,'Tax table'!$A$3:$C$10,2))/12","v":{"v":1590.51684,"d":"1,591"}},{"v":15542.30316,"d":"15,542"},{"v":13210.957686,"d":"13,211"},{"v":0.7033096320168053,"d":"70.3%"},{"v":39632.873058,"d":"39,633"},{"$f":"IF($B$15=\"Yes\",MIN(S669*2,References!$B$7),0)","v":{"v":26421.915372,"d":"26,422"}},{"$f":"IF(AND(D669<>0,$B$16=\"Yes\"),References!$B$6,0)","v":{"v":100000,"d":"100,000"}},{"v":2331.3454739999997,"d":"2,331"},{"v":12849.615,"d":"12,850"},{"v":1713.2820000000002,"d":"1,713"},{"v":14562.897,"d":"14,563"},{"v":19702.743,"d":"19,703"},{"$f":"(M669*12-(VLOOKUP(AB669*12,'Tax table'!$A$3:$C$10,3)*(AB669*12-VLOOKUP(AB669*12,'Tax table'!$A$3:$C$10,1))+VLOOKUP(AB669*12,'Tax table'!$A$3:$C$10,2)))/12","v":{"v":18783.98515333333,"d":"18,784"}},{"v":14562.897,"d":"14,563"},{"v":0.7752826080899945,"d":"77.5%"}]
["Member 1639","1981-10-17","F",{"v":206524.32,"d":"206,524"},{"v":0.8,"d":"80%"},{"v":0.85,"d":"85%"},{"v":0.75,"d":"75%"},{"v":0.1,"d":"10%"},null,37,{"v":17210.36,"d":"17,210"},{"v":1721.036,"d":"1,721"},{"v":21512.95,"d":"21,513"},{"v":19791.914,"d":"19,792"},{"$f":"(M670*12-(VLOOKUP(N670*12,'Tax table'!$A$3:$C$10,3)*(N670*12-VLOOKUP(N670*12,'Tax table'!$A$3:$C$10,1))+VLOOKUP(N670*12,'Tax table'!$A$3:$C$10,2)))/12","v":{"v":18857.725693333337,"d":"18,858"}},{"v":15489.324,"d":"15,489"},{"$f":"(VLOOKUP(P670*12,'Tax table'!$A$3:$C$10,3)*(P670*12-VLOOKUP(P670*12,'Tax table'!$A$3:$C$10,1))+VLOOKUP(P670*12,'Tax table'!$A$3:$C$10,2))/12","v":{"v":1603.0783199999998,"d":"1,603"}},{"v":15607.28168,"d":"15,607"},{"v":13266.189428,"d":"13,266"},{"v":0.7034883020220153,"d":"70.3%"},{"v":39798.568284,"d":"39,799"},{"$f":"IF($B$15=\"Yes\",MIN(S670*2,References!$B$7),0)","v":{"v":26532.378856,"d":"26,532"}},{"$f":"IF(AND(D670<>0,$B$16=\"Yes\"),References!$B$6,0)","v":{"v":100000,"d":"100,000"}},{"v":2341.0922520000004,"d":"2,341"},{"v":12907.77,"d":"12,908"},{"v":1721.036,"d":"1,721"},{"v":14628.806,"d":"14,629"},{"v":19791.914,"d":"19,792"},{"$f":"(M670*12-(VLOOKUP(AB670*12,'Tax table'!$A$3:$C$10,3)*(AB670*12-VLOOKUP(AB670*12,'Tax table'!$A$3:$C$10,1))+VLOOKUP(AB670*12,'Tax table'!$A$3:$C$10,2)))/12","v":{"v":18857.725693333337,"d":"18,858"}},{"v":14628.806,"d":"14,629"},{"v":0.7757460384086315,"d":"77.6%"}]
["Member 1638","1972-02-11","F",{"v":206655,"d":"206,655"},{"v":0.8,"d":"80%"},{"v":0.85,"d":"85%"},{"v":0.75,"d":"75%"},{"v":0.1,"d":"10%"},null,46,{"v":17221.25,"d":"17,221"},{"v":1722.125,"d":"1,722"},{"v":21526.5625,"d":"21,527"},{"v":19804.4375,"d":"19,804"},{"$f":"(M671*12-(VLOOKUP(N671*12,'Tax table'!$A$3:$C$10,3)*(N671*12-VLOOKUP(N671*12,'Tax table'!$A$3:$C$10,1))+VLOOKUP(N671*12,'Tax table'!$A$3:$C$10,2)))/12","v":{"v":18868.08208333333,"d":"18,868"}},{"v":15499.125,"d":"15,499"},{"$f":"(VLOOKUP(P671*12,'Tax table'!$A$3:$C$10,3)*(P671*12-VLOOKUP(P671*12,'Tax table'!$A$3:$C$10,1))+VLOOKUP(P671*12,'Tax table'!$A$3:$C$10,2))/12","v":{"v":1604.8425,"d":"1,605"}},{"v":15616.4075,"d":"15,616"},{"v":13273.946375,"d":"13,274"},{"v":0.7035132832459544,"d":"70.4%"},{"v":39821.839125,"d":"39,822"},{"$f":"IF($B$15=\"Yes\",MIN(S671*2,References!$B$7),0)","v":{"v":26547.89275,"d":"26,548"}},{"$f":"IF(AND(D671<>0,$B$16=\"Yes\"),References!$B$6,0)","v":{"v":100000,"d":"100,000"}},{"v":2342.461125,"d":"2,342"},{"v":12915.9375,"d":"12,916"},{"v":1722.125,"d":"1,722"},{"v":14638.0625,"d":"14,638"},{"v":19804.4375,"d":"19,804"},{"$f":"(M671*12-(VLOOKUP(AB671*12,'Tax table'!$A$3:$C$10,3)*(AB671*12-VLOOKUP(AB671*12,'Tax table'!$A$3:$C$10,1))+VLOOKUP(AB671*12,'Tax table'!$A$3:$C$10,2)))/12","v":{"v":18868.08208333333,"d":"18,868"}},{"v":14638.0625,"d":"14,638"},{"v":0.7758108341562804,"d":"77.6%"}]
["Member 1637","1975-12-14","F",{"v":206756.04,"d":"206,756"},{"v":0.8,"d":"80%"},{"v":0.85,"d":"85%"},{"v":0.75,"d":"75%"},{"v":0.1,"d":"10%"},null,42,{"v":17229.670000000002,"d":"17,230"},{"v":1722.9670000000003,"d":"1,723"},{"v":21537.0875,"d":"21,537"},{"v":19814.1205,"d":"19,814"},{"$f":"(M672*12-(VLOOKUP(N672*12,'Tax table'!$A$3:$C$10,3)*(N672*12-VLOOKUP(N672*12,'Tax table'!$A$3:$C$10,1))+VLOOKUP(N672*12,'Tax table'!$A$3:$C$10,2)))/12","v":{"v":18876.089503333333,"d":"18,876"}},{"v":15506.703000000001,"d":"15,507"},{"$f":"(VLOOKUP(P672*12,'Tax table'!$A$3:$C$10,3)*(P672*12-VLOOKUP(P672*12,'Tax table'!$A$3:$C$10,1))+VLOOKUP(P672*12,'Tax table'!$A$3:$C$10,2))/12","v":{"v":1606.2065400000001,"d":"1,606"}},{"v":15623.463460000003,"d":"15,623"},{"v":13279.943941000001,"d":"13,280"},{"v":0.7035325795978501,"d":"70.4%"},{"v":39839.831823,"d":"39,840"},{"$f":"IF($B$15=\"Yes\",MIN(S672*2,References!$B$7),0)","v":{"v":26559.887882000003,"d":"26,560"}},{"$f":"IF(AND(D672<>0,$B$16=\"Yes\"),References!$B$6,0)","v":{"v":100000,"d":"100,000"}},{"v":2343.5195190000013,"d":"2,344"},{"v":12922.252500000002,"d":"12,922"},{"v":1722.9670000000003,"d":"1,723"},{"v":14645.219500000003,"d":"14,645"},{"v":19814.1205,"d":"19,814"},{"$f":"(M672*12-(VLOOKUP(AB672*12,'Tax table'!$A$3:$C$10,3)*(AB672*12-VLOOKUP(AB672*12,'Tax table'!$A$3:$C$10,1))+VLOOKUP(AB672*12,'Tax table'!$A$3:$C$10,2)))/12","v":{"v":18876.089503333333,"d":"18,876"}},{"v":14645.219500000003,"d":"14,645"},{"v":0.775860884608213,"d":"77.6%"}]
["Member 1636","1976-09-30","F",{"v":206806.8,"d":"206,807"},{"v":0.8,"d":"80%"},{"v":0.85,"d":"85%"},{"v":0.75,"d":"75%"},{"v":0.1,"d":"10%"},null,42,{"v":17233.899999999998,"d":"17,234"},{"v":1723.3899999999999,"d":"1,723"},{"v":21542.374999999996,"d":"21,542"},{"v":19818.984999999997,"d":"19,819"},{"$f":"(M673*12-(VLOOKUP(N673*12,'Tax table'!$A$3:$C$10,3)*(N673*12-VLOOKUP(N673*12,'Tax table'!$A$3:$C$10,1))+VLOOKUP(N673*12,'Tax table'!$A$3:$C$10,2)))/12","v":{"v":18880.11223333333,"d":"18,880"}},{"v":15510.509999999998,"d":"15,511"},{"$f":"(VLOOKUP(P673*12,'Tax table'!$A$3:$C$10,3)*(P673*12-VLOOKUP(P673*12,'Tax table'!$A$3:$C$10,1))+VLOOKUP(P673*12,'Tax table'!$A$3:$C$10,2))/12","v":{"v":1606.8917999999996,"d":"1,607"}},{"v":15627.008199999998,"d":"15,627"},{"v":13282.956969999997,"d":"13,283"},{"v":0.7035422674314716,"d":"70.4%"},{"v":39848.87090999999,"d":"39,849"},{"$f":"IF($B$15=\"Yes\",MIN(S673*2,References!$B$7),0)","v":{"v":26565.913939999995,"d":"26,566"}},{"$f":"IF(AND(D673<>0,$B$16=\"Yes\"),References!$B$6,0)","v":{"v":100000,"d":"100,000"}},{"v":2344.051230000001,"d":"2,344"},{"v":12925.425,"d":"12,925"},{"v":1723.3899999999999,"d":"1,723"},{"v":14648.814999999999,"d":"14,649"},{"v":19818.984999999997,"d":"19,819"},{"$f":"(M673*12-(VLOOKUP(AB673*12,'Tax table'!$A$3:$C$10,3)*(AB673*12-VLOOKUP(AB673*12,'Tax table'!$A$3:$C$10,1))+VLOOKUP(AB673*12,'Tax table'!$A$3:$C$10,2)))/12","v":{"v":18880.11223333333,"d":"18,880"}},{"v":14648.814999999999,"d":"14,649"},{"v":0.7758860126973787,"d":"77.6%"}]
["Member 1635","1974-12-25","F",{"v":206944.32,"d":"206,944"},{"v":0.8,"d":"80%"},{"v":0.85,"d":"85%"},{"v":0.75,"d":"75%"},{"v":0.1,"d":"10%"},null,43,{"v":17245.36,"d":"17,245"},{"v":1724.536,"d":"1,725"},{"v":21556.7,"d":"21,557"},{"v":19832.164,"d":"19,832"},{"$f":"(M674*12-(VLOOKUP(N674*12,'Tax table'!$A$3:$C$10,3)*(N674*12-VLOOKUP(N674*12,'Tax table'!$A$3:$C$10,1))+VLOOKUP(N674*12,'Tax table'!$A$3:$C$10,2)))/12","v":{"v":18891.010693333334,"d":"18,891"}},{"v":15520.824,"d":"15,521"},{"$f":"(VLOOKUP(P674*12,'Tax table'!$A$3:$C$10,3)*(P674*12-VLOOKUP(P674*12,'Tax table'!$A$3:$C$10,1))+VLOOKUP(P674*12,'Tax table'!$A$3:$C$10,2))/12","v":{"v":1608.74832,"d":"1,609"}},{"v":15636.61168,"d":"15,637"},{"v":13291.119928,"d":"13,291"},{"v":0.7035684931717526,"d":"70.4%"},{"v":39873.359784,"d":"39,873"},{"$f":"IF($B$15=\"Yes\",MIN(S674*2,References!$B$7),0)","v":{"v":26582.239856,"d":"26,582"}},{"$f":"IF(AND(D674<>0,$B$16=\"Yes\"),References!$B$6,0)","v":{"v":100000,"d":"100,000"}},{"v":2345.491752,"d":"2,345"},{"v":12934.02,"d":"12,934"},{"v":1724.536,"d":"1,725"},{"v":14658.556,"d":"14,659"},{"v":19832.164,"d":"19,832"},{"$f":"(M674*12-(VLOOKUP(AB674*12,'Tax table'!$A$3:$C$10,3)*(AB674*12-VLOOKUP(AB674*12,'Tax table'!$A$3:$C$10,1))+VLOOKUP(AB674*12,'Tax table'!$A$3:$C$10,2)))/12","v":{"v":18891.010693333334,"d":"18,891"}},{"v":14658.556,"d":"14,659"},{"v":0.7759540364440652,"d":"77.6%"}]
["Member 1634","1963-08-19","M",{"v":207107.04,"d":"207,107"},{"v":0.8,"d":"80%"},{"v":0.85,"d":"85%"},{"v":0.75,"d":"75%"},{"v":0.1,"d":"10%"},null,55,{"v":17258.920000000002,"d":"17,259"},{"v":1725.8920000000003,"d":"1,726"},{"v":21573.65,"d":"21,574"},{"v":19847.758,"d":"19,848"},{"$f":"(M675*12-(VLOOKUP(N675*12,'Tax table'!$A$3:$C$10,3)*(N675*12-VLOOKUP(N675*12,'Tax table'!$A$3:$C$10,1))+VLOOKUP(N675*12,'Tax table'!$A$3:$C$10,2)))/12","v":{"v":18903.906253333334,"d":"18,904"}},{"v":15533.028000000002,"d":"15,533"},{"$f":"(VLOOKUP(P675*12,'Tax table'!$A$3:$C$10,3)*(P675*12-VLOOKUP(P675*12,'Tax table'!$A$3:$C$10,1))+VLOOKUP(P675*12,'Tax table'!$A$3:$C$10,2))/12","v":{"v":1610.9450400000003,"d":"1,611"}},{"v":15647.974960000001,"d":"15,648"},{"v":13300.778716,"d":"13,301"},{"v":0.7035994856171416,"d":"70.4%"},{"v":39902.336148,"d":"39,902"},{"$f":"IF($B$15=\"Yes\",MIN(S675*2,References!$B$7),0)","v":{"v":26601.557432,"d":"26,602"}},{"$f":"IF(AND(D675<>0,$B$16=\"Yes\"),References!$B$6,0)","v":{"v":100000,"d":"100,000"}},{"v":2347.1962440000007,"d":"2,347"},{"v":12944.190000000002,"d":"12,944"},{"v":1725.8920000000003,"d":"1,726"},{"v":14670.082000000002,"d":"14,670"},{"v":19847.758,"d":"19,848"},{"$f":"(M675*12-(VLOOKUP(AB675*12,'Tax table'!$A$3:$C$10,3)*(AB675*12-VLOOKUP(AB675*12,'Tax table'!$A$3:$C$10,1))+VLOOKUP(AB675*12,'Tax table'!$A$3:$C$10,2)))/12","v":{"v":18903.906253333334,"d":"18,904"}},{"v":14670.082000000002,"d":"14,670"},{"v":0.7760344239653231,"d":"77.6%"}]
["Member 1633","1960-09-29","M",{"v":207223.08,"d":"207,223"},{"v":0.8,"d":"80%"},{"v":0.85,"d":"85%"},{"v":0.75,"d":"75%"},{"v":0.1,"d":"10%"},null,58,{"v":17268.59,"d":"17,269"},{"v":1726.8590000000002,"d":"1,727"},{"v":21585.7375,"d":"21,586"},{"v":19858.8785,"d":"19,859"},{"$f":"(M676*12-(VLOOKUP(N676*12,'Tax table'!$A$3:$C$10,3)*(N676*12-VLOOKUP(N676*12,'Tax table'!$A$3:$C$10,1))+VLOOKUP(N676*12,'Tax table'!$A$3:$C$10,2)))/12","v":{"v":18913.102423333334,"d":"18,913"}},{"v":15541.731,"d":"15,542"},{"$f":"(VLOOKUP(P676*12,'Tax table'!$A$3:$C$10,3)*(P676*12-VLOOKUP(P676*12,'Tax table'!$A$3:$C$10,1))+VLOOKUP(P676*12,'Tax table'!$A$3:$C$10,2))/12","v":{"v":1612.51158,"d":"1,613"}},{"v":15656.07842,"d":"15,656"},{"v":13307.666657,"d":"13,308"},{"v":0.7036215613458616,"d":"70.4%"},{"v":39922.999971,"d":"39,923"},{"$f":"IF($B$15=\"Yes\",MIN(S676*2,References!$B$7),0)","v":{"v":26615.333314,"d":"26,615"}},{"$f":"IF(AND(D676<>0,$B$16=\"Yes\"),References!$B$6,0)","v":{"v":100000,"d":"100,000"}},{"v":2348.411763,"d":"2,348"},{"v":12951.442500000001,"d":"12,951"},{"v":1726.8590000000002,"d":"1,727"},{"v":14678.301500000001,"d":"14,678"},{"v":19858.8785,"d":"19,859"},{"$f":"(M676*12-(VLOOKUP(AB676*12,'Tax table'!$A$3:$C$10,3)*(AB676*12-VLOOKUP(AB676*12,'Tax table'!$A$3:$C$10,1))+VLOOKUP(AB676*12,'Tax table'!$A$3:$C$10,2)))/12","v":{"v":18913.102423333334,"d":"18,913"}},{"v":14678.301500000001,"d":"14,678"},{"v":0.7760916835035586,"d":"77.6%"}]
["Member 1632","1972-12-22","M",{"v":207478.8,"d":"207,479"},{"v":0.8,"d":"80%"},{"v":0.85,"d":"85%"},{"v":0.75,"d":"75%"},{"v":0.1,"d":"10%"},null,45,{"v":17289.899999999998,"d":"17,290"},{"v":1728.9899999999998,"d":"1,729"},{"v":21612.374999999996,"d":"21,612"},{"v":19883.384999999995,"d":"19,883"},{"$f":"(M677*12-(VLOOKUP(N677*12,'Tax table'!$A$3:$C$10,3)*(N677*12-VLOOKUP(N677*12,'Tax table'!$A$3:$C$10,1))+VLOOKUP(N677*12,'Tax table'!$A$3:$C$10,2)))/12","v":{"v":18933.36823333333,"d":"18,933"}},{"v":15560.909999999998,"d":"15,561"},{"$f":"(VLOOKUP(P677*12,'Tax table'!$A$3:$C$10,3)*(P677*12-VLOOKUP(P677*12,'Tax table'!$A$3:$C$10,1))+VLOOKUP(P677*12,'Tax table'!$A$3:$C$10,2))/12","v":{"v":1615.9637999999998,"d":"1,616"}},{"v":15673.936199999998,"d":"15,674"},{"v":13322.845769999998,"d":"13,323"},{"v":0.7036701344319881,"d":"70.4%"},{"v":39968.53730999999,"d":"39,969"},{"$f":"IF($B$15=\"Yes\",MIN(S677*2,References!$B$7),0)","v":{"v":26645.691539999996,"d":"26,646"}},{"$f":"IF(AND(D677<>0,$B$16=\"Yes\"),References!$B$6,0)","v":{"v":100000,"d":"100,000"}},{"v":2351.09043,"d":"2,351"},{"v":12967.425,"d":"12,967"},{"v":1728.9899999999998,"d":"1,729"},{"v":14696.414999999999,"d":"14,696"},{"v":19883.384999999995,"d":"19,883"},{"$f":"(M677*12-(VLOOKUP(AB677*12,'Tax table'!$A$3:$C$10,3)*(AB677*12-VLOOKUP(AB677*12,'Tax table'!$A$3:$C$10,1))+VLOOKUP(AB677*12,'Tax table'!$A$3:$C$10,2)))/12","v":{"v":18933.36823333333,"d":"18,933"}},{"v":14696.414999999999,"d":"14,696"},{"v":0.7762176713029898,"d":"77.6%"}]
["Member 1631","1962-12-10","F",{"v":207482.04,"d":"207,482"},{"v":0.8,"d":"80%"},{"v":0.85,"d":"85%"},{"v":0.75,"d":"75%"},{"v":0.1,"d":"10%"},null,55,{"v":17290.170000000002,"d":"17,290"},{"v":1729.0170000000003,"d":"1,729"},{"v":21612.7125,"d":"21,613"},{"v":19883.6955,"d":"19,884"},{"$f":"(M678*12-(VLOOKUP(N678*12,'Tax table'!$A$3:$C$10,3)*(N678*12-VLOOKUP(N678*12,'Tax table'!$A$3:$C$10,1))+VLOOKUP(N678*12,'Tax table'!$A$3:$C$10,2)))/12","v":{"v":18933.625003333334,"d":"18,934"}},{"v":15561.153000000002,"d":"15,561"},{"$f":"(VLOOKUP(P678*12,'Tax table'!$A$3:$C$10,3)*(P678*12-VLOOKUP(P678*12,'Tax table'!$A$3:$C$10,1))+VLOOKUP(P678*12,'Tax table'!$A$3:$C$10,2))/12","v":{"v":1616.0075400000003,"d":"1,616"}},{"v":15674.162460000001,"d":"15,674"},{"v":13323.038091,"d":"13,323"},{"v":0.7036707491911576,"d":"70.4%"},{"v":39969.114273,"d":"39,969"},{"$f":"IF($B$15=\"Yes\",MIN(S678*2,References!$B$7),0)","v":{"v":26646.076182,"d":"26,646"}},{"$f":"IF(AND(D678<>0,$B$16=\"Yes\"),References!$B$6,0)","v":{"v":100000,"d":"100,000"}},{"v":2351.124369000001,"d":"2,351"},{"v":12967.627500000002,"d":"12,968"},{"v":1729.0170000000003,"d":"1,729"},{"v":14696.644500000002,"d":"14,697"},{"v":19883.6955,"d":"19,884"},{"$f":"(M678*12-(VLOOKUP(AB678*12,'Tax table'!$A$3:$C$10,3)*(AB678*12-VLOOKUP(AB678*12,'Tax table'!$A$3:$C$10,1))+VLOOKUP(AB678*12,'Tax table'!$A$3:$C$10,2)))/12","v":{"v":18933.625003333334,"d":"18,934"}},{"v":14696.644500000002,"d":"14,697"},{"v":0.7762192658517639,"d":"77.6%"}]
["Member 1630","1981-09-26","M",{"v":207590.52,"d":"207,591"},{"v":0.8,"d":"80%"},{"v":0.85,"d":"85%"},{"v":0.75,"d":"75%"},{"v":0.1,"d":"10%"},null,37,{"v":17299.21,"d":"17,299"},{"v":1729.921,"d":"1,730"},{"v":21624.012499999997,"d":"21,624"},{"v":19894.0915,"d":"19,894"},{"$f":"(M679*12-(VLOOKUP(N679*12,'Tax table'!$A$3:$C$10,3)*(N679*12-VLOOKUP(N679*12,'Tax table'!$A$3:$C$10,1))+VLOOKUP(N679*12,'Tax table'!$A$3:$C$10,2)))/12","v":{"v":18942.22204333333,"d":"18,942"}},{"v":15569.288999999999,"d":"15,569"},{"$f":"(VLOOKUP(P679*12,'Tax table'!$A$3:$C$10,3)*(P679*12-VLOOKUP(P679*12,'Tax table'!$A$3:$C$10,1))+VLOOKUP(P679*12,'Tax table'!$A$3:$C$10,2))/12","v":{"v":1617.47202,"d":"1,617"}},{"v":15681.73798,"d":"15,682"},{"v":13329.477283,"d":"13,329"},{"v":0.7036913226181549,"d":"70.4%"},{"v":39988.431849,"d":"39,988"},{"$f":"IF($B$15=\"Yes\",MIN(S679*2,References!$B$7),0)","v":{"v":26658.954566,"d":"26,659"}},{"$f":"IF(AND(D679<>0,$B$16=\"Yes\"),References!$B$6,0)","v":{"v":100000,"d":"100,000"}},{"v":2352.2606969999997,"d":"2,352"},{"v":12974.4075,"d":"12,974"},{"v":1729.921,"d":"1,730"},{"v":14704.3285,"d":"14,704"},{"v":19894.0915,"d":"19,894"},{"$f":"(M679*12-(VLOOKUP(AB679*12,'Tax table'!$A$3:$C$10,3)*(AB679*12-VLOOKUP(AB679*12,'Tax table'!$A$3:$C$10,1))+VLOOKUP(AB679*12,'Tax table'!$A$3:$C$10,2)))/12","v":{"v":18942.22204333333,"d":"18,942"}},{"v":14704.3285,"d":"14,704"},{"v":0.7762726287529267,"d":"77.6%"}]
["Member 1629","1978-05-12","F",{"v":208406.52,"d":"208,407"},{"v":0.8,"d":"80%"},{"v":0.85,"d":"85%"},{"v":0.75,"d":"75%"},{"v":0.1,"d":"10%"},null,40,{"v":17367.21,"d":"17,367"},{"v":1736.721,"d":"1,737"},{"v":21709.012499999997,"d":"21,709"},{"v":19972.291499999996,"d":"19,972"},{"$f":"(M680*12-(VLOOKUP(N680*12,'Tax table'!$A$3:$C$10,3)*(N680*12-VLOOKUP(N680*12,'Tax table'!$A$3:$C$10,1))+VLOOKUP(N680*12,'Tax table'!$A$3:$C$10,2)))/12","v":{"v":19006.89004333333,"d":"19,007"}},{"v":15630.489,"d":"15,630"},{"$f":"(VLOOKUP(P680*12,'Tax table'!$A$3:$C$10,3)*(P680*12-VLOOKUP(P680*12,'Tax table'!$A$3:$C$10,1))+VLOOKUP(P680*12,'Tax table'!$A$3:$C$10,2))/12","v":{"v":1628.4880199999998,"d":"1,628"}},{"v":15738.721979999998,"d":"15,739"},{"v":13377.913682999999,"d":"13,378"},{"v":0.7038454819541772,"d":"70.4%"},{"v":40133.741049,"d":"40,134"},{"$f":"IF($B$15=\"Yes\",MIN(S680*2,References!$B$7),0)","v":{"v":26755.827365999998,"d":"26,756"}},{"$f":"IF(AND(D680<>0,$B$16=\"Yes\"),References!$B$6,0)","v":{"v":100000,"d":"100,000"}},{"v":2360.8082969999996,"d":"2,361"},{"v":13025.4075,"d":"13,025"},{"v":1736.721,"d":"1,737"},{"v":14762.128499999999,"d":"14,762"},{"v":19972.291499999996,"d":"19,972"},{"$f":"(M680*12-(VLOOKUP(AB680*12,'Tax table'!$A$3:$C$10,3)*(AB680*12-VLOOKUP(AB680*12,'Tax table'!$A$3:$C$10,1))+VLOOKUP(AB680*12,'Tax table'!$A$3:$C$10,2)))/12","v":{"v":19006.89004333333,"d":"19,007"}},{"v":14762.128499999999,"d":"14,762"},{"v":0.7766724838384499,"d":"77.7%"}]
["Member 1628","1968-05-27","F",{"v":208621.56,"d":"208,622"},{"v":0.8,"d":"80%"},{"v":0.85,"d":"85%"},{"v":0.75,"d":"75%"},{"v":0.1,"d":"10%"},null,50,{"v":17385.13,"d":"17,385"},{"v":1738.5130000000001,"d":"1,739"},{"v":21731.4125,"d":"21,731"},{"v":19992.8995,"d":"19,993"},{"$f":"(M681*12-(VLOOKUP(N681*12,'Tax table'!$A$3:$C$10,3)*(N681*12-VLOOKUP(N681*12,'Tax table'!$A$3:$C$10,1))+VLOOKUP(N681*12,'Tax table'!$A$3:$C$10,2)))/12","v":{"v":19023.931963333333,"d":"19,024"}},{"v":15646.617,"d":"15,647"},{"$f":"(VLOOKUP(P681*12,'Tax table'!$A$3:$C$10,3)*(P681*12-VLOOKUP(P681*12,'Tax table'!$A$3:$C$10,1))+VLOOKUP(P681*12,'Tax table'!$A$3:$C$10,2))/12","v":{"v":1631.3910600000002,"d":"1,631"}},{"v":15753.738940000001,"d":"15,754"},{"v":13390.678099,"d":"13,391"},{"v":0.7038859329821591,"d":"70.4%"},{"v":40172.034297000006,"d":"40,172"},{"$f":"IF($B$15=\"Yes\",MIN(S681*2,References!$B$7),0)","v":{"v":26781.356198,"d":"26,781"}},{"$f":"IF(AND(D681<>0,$B$16=\"Yes\"),References!$B$6,0)","v":{"v":100000,"d":"100,000"}},{"v":2363.0608410000004,"d":"2,363"},{"v":13038.8475,"d":"13,039"},{"v":1738.5130000000001,"d":"1,739"},{"v":14777.3605,"d":"14,777"},{"v":19992.8995,"d":"19,993"},{"$f":"(M681*12-(VLOOKUP(AB681*12,'Tax table'!$A$3:$C$10,3)*(AB681*12-VLOOKUP(AB681*12,'Tax table'!$A$3:$C$10,1))+VLOOKUP(AB681*12,'Tax table'!$A$3:$C$10,2)))/12","v":{"v":19023.931963333333,"d":"19,024"}},{"v":14777.3605,"d":"14,777"},{"v":0.7767774048226118,"d":"77.7%"}]
["Member 1627","1976-07-19","M",{"v":208629.48,"d":"208,629"},{"v":0.8,"d":"80%"},{"v":0.85,"d":"85%"},{"v":0.75,"d":"75%"},{"v":0.1,"d":"10%"},null,42,{"v":17385.79,"d":"17,386"},{"v":1738.5790000000002,"d":"1,739"},{"v":21732.2375,"d":"21,732"},{"v":19993.658499999998,"d":"19,994"},{"$f":"(M682*12-(VLOOKUP(N682*12,'Tax table'!$A$3:$C$10,3)*(N682*12-VLOOKUP(N682*12,'Tax table'!$A$3:$C$10,1))+VLOOKUP(N682*12,'Tax table'!$A$3:$C$10,2)))/12","v":{"v":19024.55962333333,"d":"19,025"}},{"v":15647.211000000001,"d":"15,647"},{"$f":"(VLOOKUP(P682*12,'Tax table'!$A$3:$C$10,3)*(P682*12-VLOOKUP(P682*12,'Tax table'!$A$3:$C$10,1))+VLOOKUP(P682*12,'Tax table'!$A$3:$C$10,2))/12","v":{"v":1631.49798,"d":"1,631"}},{"v":15754.29202,"d":"15,754"},{"v":13391.148217,"d":"13,391"},{"v":0.7038874214242501,"d":"70.4%"},{"v":40173.444651,"d":"40,173"},{"$f":"IF($B$15=\"Yes\",MIN(S682*2,References!$B$7),0)","v":{"v":26782.296434,"d":"26,782"}},{"$f":"IF(AND(D682<>0,$B$16=\"Yes\"),References!$B$6,0)","v":{"v":100000,"d":"100,000"}},{"v":2363.143803000001,"d":"2,363"},{"v":13039.3425,"d":"13,039"},{"v":1738.5790000000002,"d":"1,739"},{"v":14777.9215,"d":"14,778"},{"v":19993.658499999998,"d":"19,994"},{"$f":"(M682*12-(VLOOKUP(AB682*12,'Tax table'!$A$3:$C$10,3)*(AB682*12-VLOOKUP(AB682*12,'Tax table'!$A$3:$C$10,1))+VLOOKUP(AB682*12,'Tax table'!$A$3:$C$10,2)))/12","v":{"v":19024.55962333333,"d":"19,025"}},{"v":14777.9215,"d":"14,778"},{"v":0.7767812655108771,"d":"77.7%"}]
["Member 1626","1956-07-07","M",{"v":209248.08,"d":"209,248"},{"v":0.8,"d":"80%"},{"v":0.85,"d":"85%"},{"v":0.75,"d":"75%"},{"v":0.1,"d":"10%"},null,62,{"v":17437.34,"d":"17,437"},{"v":1743.7340000000002,"d":"1,744"},{"v":21796.675,"d":"21,797"},{"v":20052.941,"d":"20,053"},{"$f":"(M683*12-(VLOOKUP(N683*12,'Tax table'!$A$3:$C$10,3)*(N683*12-VLOOKUP(N683*12,'Tax table'!$A$3:$C$10,1))+VLOOKUP(N683*12,'Tax table'!$A$3:$C$10,2)))/12","v":{"v":19073.58367333333,"d":"19,074"}},{"v":15693.606,"d":"15,694"},{"$f":"(VLOOKUP(P683*12,'Tax table'!$A$3:$C$10,3)*(P683*12-VLOOKUP(P683*12,'Tax table'!$A$3:$C$10,1))+VLOOKUP(P683*12,'Tax table'!$A$3:$C$10,2))/12","v":{"v":1639.84908,"d":"1,640"}},{"v":15797.49092,"d":"15,797"},{"v":13427.867282,"d":"13,428"},{"v":0.7040033751378051,"d":"70.4%"},{"v":40283.601846,"d":"40,284"},{"$f":"IF($B$15=\"Yes\",MIN(S683*2,References!$B$7),0)","v":{"v":26855.734564,"d":"26,856"}},{"$f":"IF(AND(D683<>0,$B$16=\"Yes\"),References!$B$6,0)","v":{"v":100000,"d":"100,000"}},{"v":2369.623638000001,"d":"2,370"},{"v":13078.005000000001,"d":"13,078"},{"v":1743.7340000000002,"d":"1,744"},{"v":14821.739000000001,"d":"14,822"},{"v":20052.941,"d":"20,053"},{"$f":"(M683*12-(VLOOKUP(AB683*12,'Tax table'!$A$3:$C$10,3)*(AB683*12-VLOOKUP(AB683*12,'Tax table'!$A$3:$C$10,1))+VLOOKUP(AB683*12,'Tax table'!$A$3:$C$10,2)))/12","v":{"v":19073.58367333333,"d":"19,074"}},{"v":14821.739000000001,"d":"14,822"},{"v":0.777082023695536,"d":"77.7%"}]
["Member 1624","1967-10-08","M",{"v":209561.4,"d":"209,561"},{"v":0.8,"d":"80%"},{"v":0.85,"d":"85%"},{"v":0.75,"d":"75%"},{"v":0.1,"d":"10%"},null,51,{"v":17463.45,"d":"17,463"},{"v":1746.3450000000003,"d":"1,746"},{"v":21829.3125,"d":"21,829"},{"v":20082.9675,"d":"20,083"},{"$f":"(M684*12-(VLOOKUP(N684*12,'Tax table'!$A$3:$C$10,3)*(N684*12-VLOOKUP(N684*12,'Tax table'!$A$3:$C$10,1))+VLOOKUP(N684*12,'Tax table'!$A$3:$C$10,2)))/12","v":{"v":19098.414283333335,"d":"19,098"}},{"v":15717.105,"d":"15,717"},{"$f":"(VLOOKUP(P684*12,'Tax table'!$A$3:$C$10,3)*(P684*12-VLOOKUP(P684*12,'Tax table'!$A$3:$C$10,1))+VLOOKUP(P684*12,'Tax table'!$A$3:$C$10,2))/12","v":{"v":1644.0789000000002,"d":"1,644"}},{"v":15819.3711,"d":"15,819"},{"v":13446.465435,"d":"13,446"},{"v":0.7040618784112544,"d":"70.4%"},{"v":40339.396305,"d":"40,339"},{"$f":"IF($B$15=\"Yes\",MIN(S684*2,References!$B$7),0)","v":{"v":26892.93087,"d":"26,893"}},{"$f":"IF(AND(D684<>0,$B$16=\"Yes\"),References!$B$6,0)","v":{"v":100000,"d":"100,000"}},{"v":2372.905665,"d":"2,373"},{"v":13097.587500000001,"d":"13,098"},{"v":1746.3450000000003,"d":"1,746"},{"v":14843.932500000003,"d":"14,844"},{"v":20082.9675,"d":"20,083"},{"$f":"(M684*12-(VLOOKUP(AB684*12,'Tax table'!$A$3:$C$10,3)*(AB684*12-VLOOKUP(AB684*12,'Tax table'!$A$3:$C$10,1))+VLOOKUP(AB684*12,'Tax table'!$A$3:$C$10,2)))/12","v":{"v":19098.414283333335,"d":"19,098"}},{"v":14843.932500000003,"d":"14,844"},{"v":0.7772337681958181,"d":"77.7%"}]
["Member 1625","1967-05-26","F",{"v":209561.4,"d":"209,561"},{"v":0.8,"d":"80%"},{"v":0.85,"d":"85%"},{"v":0.75,"d":"75%"},{"v":0.1,"d":"10%"},null,51,{"v":17463.45,"d":"17,463"},{"v":1746.3450000000003,"d":"1,746"},{"v":21829.3125,"d":"21,829"},{"v":20082.9675,"d":"20,083"},{"$f":"(M685*12-(VLOOKUP(N685*12,'Tax table'!$A$3:$C$10,3)*(N685*12-VLOOKUP(N685*12,'Tax table'!$A$3:$C$10,1))+VLOOKUP(N685*12,'Tax table'!$A$3:$C$10,2)))/12","v":{"v":19098.414283333335,"d":"19,098"}},{"v":15717.105,"d":"15,717"},{"$f":"(VLOOKUP(P685*12,'Tax table'!$A$3:$C$10,3)*(P685*12-VLOOKUP(P685*12,'Tax table'!$A$3:$C$10,1))+VLOOKUP(P685*12,'Tax table'!$A$3:$C$10,2))/12","v":{"v":1644.0789000000002,"d":"1,644"}},{"v":15819.3711,"d":"15,819"},{"v":13446.465435,"d":"13,446"},{"v":0.7040618784112544,"d":"70.4%"},{"v":40339.396305,"d":"40,339"},{"$f":"IF($B$15=\"Yes\",MIN(S685*2,References!$B$7),0)","v":{"v":26892.93087,"d":"26,893"}},{"$f":"IF(AND(D685<>0,$B$16=\"Yes\"),References!$B$6,0)","v":{"v":100000,"d":"100,000"}},{"v":2372.905665,"d":"2,373"},{"v":13097.587500000001,"d":"13,098"},{"v":1746.3450000000003,"d":"1,746"},{"v":14843.932500000003,"d":"14,844"},{"v":20082.9675,"d":"20,083"},{"$f":"(M685*12-(VLOOKUP(AB685*12,'Tax table'!$A$3:$C$10,3)*(AB685*12-VLOOKUP(AB685*12,'Tax table'!$A$3:$C$10,1))+VLOOKUP(AB685*12,'Tax table'!$A$3:$C$10,2)))/12","v":{"v":19098.414283333335,"d":"19,098"}},{"v":14843.932500000003,"d":"14,844"},{"v":0.7772337681958181,"d":"77.7%"}]
["Member 1623","1980-11-15","M",{"v":209577.36,"d":"209,577"},{"v":0.8,"d":"80%"},{"v":0.85,"d":"85%"},{"v":0.75,"d":"75%"},{"v":0.1,"d":"10%"},null,37,{"v":17464.78,"d":"17,465"},{"v":1746.478,"d":"1,746"},{"v":21830.975,"d":"21,831"},{"v":20084.497,"d":"20,084"},{"$f":"(M686*12-(VLOOKUP(N686*12,'Tax table'!$A$3:$C$10,3)*(N686*12-VLOOKUP(N686*12,'Tax table'!$A$3:$C$10,1))+VLOOKUP(N686*12,'Tax table'!$A$3:$C$10,2)))/12","v":{"v":19099.67911333333,"d":"19,100"}},{"v":15718.302,"d":"15,718"},{"$f":"(VLOOKUP(P686*12,'Tax table'!$A$3:$C$10,3)*(P686*12-VLOOKUP(P686*12,'Tax table'!$A$3:$C$10,1))+VLOOKUP(P686*12,'Tax table'!$A$3:$C$10,2))/12","v":{"v":1644.29436,"d":"1,644"}},{"v":15820.485639999999,"d":"15,820"},{"v":13447.412793999998,"d":"13,447"},{"v":0.7040648543991751,"d":"70.4%"},{"v":40342.238381999996,"d":"40,342"},{"$f":"IF($B$15=\"Yes\",MIN(S686*2,References!$B$7),0)","v":{"v":26894.825587999996,"d":"26,895"}},{"$f":"IF(AND(D686<>0,$B$16=\"Yes\"),References!$B$6,0)","v":{"v":100000,"d":"100,000"}},{"v":2373.072846000001,"d":"2,373"},{"v":13098.585,"d":"13,099"},{"v":1746.478,"d":"1,746"},{"v":14845.062999999998,"d":"14,845"},{"v":20084.497,"d":"20,084"},{"$f":"(M686*12-(VLOOKUP(AB686*12,'Tax table'!$A$3:$C$10,3)*(AB686*12-VLOOKUP(AB686*12,'Tax table'!$A$3:$C$10,1))+VLOOKUP(AB686*12,'Tax table'!$A$3:$C$10,2)))/12","v":{"v":19099.67911333333,"d":"19,100"}},{"v":14845.062999999998,"d":"14,845"},{"v":0.777241487247646,"d":"77.7%"}]
["Member 1622","1959-12-09","F",{"v":209741.28,"d":"209,741"},{"v":0.8,"d":"80%"},{"v":0.85,"d":"85%"},{"v":0.75,"d":"75%"},{"v":0.1,"d":"10%"},null,58,{"v":17478.44,"d":"17,478"},{"v":1747.844,"d":"1,748"},{"v":21848.049999999996,"d":"21,848"},{"v":20100.205999999995,"d":"20,100"},{"$f":"(M687*12-(VLOOKUP(N687*12,'Tax table'!$A$3:$C$10,3)*(N687*12-VLOOKUP(N687*12,'Tax table'!$A$3:$C$10,1))+VLOOKUP(N687*12,'Tax table'!$A$3:$C$10,2)))/12","v":{"v":19112.66977333333,"d":"19,113"}},{"v":15730.595999999998,"d":"15,731"},{"$f":"(VLOOKUP(P687*12,'Tax table'!$A$3:$C$10,3)*(P687*12-VLOOKUP(P687*12,'Tax table'!$A$3:$C$10,1))+VLOOKUP(P687*12,'Tax table'!$A$3:$C$10,2))/12","v":{"v":1646.5072799999996,"d":"1,647"}},{"v":15831.932719999999,"d":"15,832"},{"v":13457.142811999998,"d":"13,457"},{"v":0.7040953970112473,"d":"70.4%"},{"v":40371.428435999995,"d":"40,371"},{"$f":"IF($B$15=\"Yes\",MIN(S687*2,References!$B$7),0)","v":{"v":26914.285623999996,"d":"26,914"}},{"$f":"IF(AND(D687<>0,$B$16=\"Yes\"),References!$B$6,0)","v":{"v":100000,"d":"100,000"}},{"v":2374.7899080000007,"d":"2,375"},{"v":13108.829999999998,"d":"13,109"},{"v":1747.844,"d":"1,748"},{"v":14856.673999999999,"d":"14,857"},{"v":20100.205999999995,"d":"20,100"},{"$f":"(M687*12-(VLOOKUP(AB687*12,'Tax table'!$A$3:$C$10,3)*(AB687*12-VLOOKUP(AB687*12,'Tax table'!$A$3:$C$10,1))+VLOOKUP(AB687*12,'Tax table'!$A$3:$C$10,2)))/12","v":{"v":19112.66977333333,"d":"19,113"}},{"v":14856.673999999999,"d":"14,857"},{"v":0.7773207080011686,"d":"77.7%"}]
["Member 1621","1970-06-10","M",{"v":209821.8,"d":"209,822"},{"v":0.8,"d":"80%"},{"v":0.85,"d":"85%"},{"v":0.75,"d":"75%"},{"v":0.1,"d":"10%"},null,48,{"v":17485.149999999998,"d":"17,485"},{"v":1748.5149999999999,"d":"1,749"},{"v":21856.437499999996,"d":"21,856"},{"v":20107.922499999997,"d":"20,108"},{"$f":"(M688*12-(VLOOKUP(N688*12,'Tax table'!$A$3:$C$10,3)*(N688*12-VLOOKUP(N688*12,'Tax table'!$A$3:$C$10,1))+VLOOKUP(N688*12,'Tax table'!$A$3:$C$10,2)))/12","v":{"v":19119.05098333333,"d":"19,119"}},{"v":15736.634999999998,"d":"15,737"},{"$f":"(VLOOKUP(P688*12,'Tax table'!$A$3:$C$10,3)*(P688*12-VLOOKUP(P688*12,'Tax table'!$A$3:$C$10,1))+VLOOKUP(P688*12,'Tax table'!$A$3:$C$10,2))/12","v":{"v":1647.5942999999997,"d":"1,648"}},{"v":15837.555699999997,"d":"15,838"},{"v":13461.922344999997,"d":"13,462"},{"v":0.7041103848059808,"d":"70.4%"},{"v":40385.76703499999,"d":"40,386"},{"$f":"IF($B$15=\"Yes\",MIN(S688*2,References!$B$7),0)","v":{"v":26923.844689999994,"d":"26,924"}},{"$f":"IF(AND(D688<>0,$B$16=\"Yes\"),References!$B$6,0)","v":{"v":100000,"d":"100,000"}},{"v":2375.633355,"d":"2,376"},{"v":13113.8625,"d":"13,114"},{"v":1748.5149999999999,"d":"1,749"},{"v":14862.377499999999,"d":"14,862"},{"v":20107.922499999997,"d":"20,108"},{"$f":"(M688*12-(VLOOKUP(AB688*12,'Tax table'!$A$3:$C$10,3)*(AB688*12-VLOOKUP(AB688*12,'Tax table'!$A$3:$C$10,1))+VLOOKUP(AB688*12,'Tax table'!$A$3:$C$10,2)))/12","v":{"v":19119.05098333333,"d":"19,119"}},{"v":14862.377499999999,"d":"14,862"},{"v":0.7773595830125666,"d":"77.7%"}]
["Member 1620","1987-03-21","F",{"v":209823.6,"d":"209,824"},{"v":0.8,"d":"80%"},{"v":0.85,"d":"85%"},{"v":0.75,"d":"75%"},{"v":0.1,"d":"10%"},null,31,{"v":17485.3,"d":"17,485"},{"v":1748.53,"d":"1,749"},{"v":21856.624999999996,"d":"21,857"},{"v":20108.094999999998,"d":"20,108"},{"$f":"(M689*12-(VLOOKUP(N689*12,'Tax table'!$A$3:$C$10,3)*(N689*12-VLOOKUP(N689*12,'Tax table'!$A$3:$C$10,1))+VLOOKUP(N689*12,'Tax table'!$A$3:$C$10,2)))/12","v":{"v":19119.19363333333,"d":"19,119"}},{"v":15736.769999999999,"d":"15,737"},{"$f":"(VLOOKUP(P689*12,'Tax table'!$A$3:$C$10,3)*(P689*12-VLOOKUP(P689*12,'Tax table'!$A$3:$C$10,1))+VLOOKUP(P689*12,'Tax table'!$A$3:$C$10,2))/12","v":{"v":1647.6185999999998,"d":"1,648"}},{"v":15837.6814,"d":"15,838"},{"v":13462.02919,"d":"13,462"},{"v":0.7041107197392282,"d":"70.4%"},{"v":40386.087569999996,"d":"40,386"},{"$f":"IF($B$15=\"Yes\",MIN(S689*2,References!$B$7),0)","v":{"v":26924.05838,"d":"26,924"}},{"$f":"IF(AND(D689<>0,$B$16=\"Yes\"),References!$B$6,0)","v":{"v":100000,"d":"100,000"}},{"v":2375.65221,"d":"2,376"},{"v":13113.974999999999,"d":"13,114"},{"v":1748.53,"d":"1,749"},{"v":14862.505,"d":"14,863"},{"v":20108.094999999998,"d":"20,108"},{"$f":"(M689*12-(VLOOKUP(AB689*12,'Tax table'!$A$3:$C$10,3)*(AB689*12-VLOOKUP(AB689*12,'Tax table'!$A$3:$C$10,1))+VLOOKUP(AB689*12,'Tax table'!$A$3:$C$10,2)))/12","v":{"v":19119.19363333333,"d":"19,119"}},{"v":14862.505,"d":"14,863"},{"v":0.7773604517550358,"d":"77.7%"}]
["Member 1619","1973-09-17","F",{"v":209826,"d":"209,826"},{"v":0.8,"d":"80%"},{"v":0.85,"d":"85%"},{"v":0.75,"d":"75%"},{"v":0.1,"d":"10%"},null,45,{"v":17485.5,"d":"17,486"},{"v":1748.5500000000002,"d":"1,749"},{"v":21856.875,"d":"21,857"},{"v":20108.325,"d":"20,108"},{"$f":"(M690*12-(VLOOKUP(N690*12,'Tax table'!$A$3:$C$10,3)*(N690*12-VLOOKUP(N690*12,'Tax table'!$A$3:$C$10,1))+VLOOKUP(N690*12,'Tax table'!$A$3:$C$10,2)))/12","v":{"v":19119.383833333333,"d":"19,119"}},{"v":15736.95,"d":"15,737"},{"$f":"(VLOOKUP(P690*12,'Tax table'!$A$3:$C$10,3)*(P690*12-VLOOKUP(P690*12,'Tax table'!$A$3:$C$10,1))+VLOOKUP(P690*12,'Tax table'!$A$3:$C$10,2))/12","v":{"v":1647.651,"d":"1,648"}},{"v":15837.849,"d":"15,838"},{"v":13462.17165,"d":"13,462"},{"v":0.7041111663091165,"d":"70.4%"},{"v":40386.51495,"d":"40,387"},{"$f":"IF($B$15=\"Yes\",MIN(S690*2,References!$B$7),0)","v":{"v":26924.3433,"d":"26,924"}},{"$f":"IF(AND(D690<>0,$B$16=\"Yes\"),References!$B$6,0)","v":{"v":100000,"d":"100,000"}},{"v":2375.67735,"d":"2,376"},{"v":13114.125,"d":"13,114"},{"v":1748.5500000000002,"d":"1,749"},{"v":14862.675,"d":"14,863"},{"v":20108.325,"d":"20,108"},{"$f":"(M690*12-(VLOOKUP(AB690*12,'Tax table'!$A$3:$C$10,3)*(AB690*12-VLOOKUP(AB690*12,'Tax table'!$A$3:$C$10,1))+VLOOKUP(AB690*12,'Tax table'!$A$3:$C$10,2)))/12","v":{"v":19119.383833333333,"d":"19,119"}},{"v":14862.675,"d":"14,863"},{"v":0.7773616100581623,"d":"77.7%"}]
["Member 1618","1960-09-11","M",{"v":209839.68,"d":"209,840"},{"v":0.8,"d":"80%"},{"v":0.85,"d":"85%"},{"v":0.75,"d":"75%"},{"v":0.1,"d":"10%"},null,58,{"v":17486.64,"d":"17,487"},{"v":1748.664,"d":"1,749"},{"v":21858.3,"d":"21,858"},{"v":20109.636,"d":"20,110"},{"$f":"(M691*12-(VLOOKUP(N691*12,'Tax table'!$A$3:$C$10,3)*(N691*12-VLOOKUP(N691*12,'Tax table'!$A$3:$C$10,1))+VLOOKUP(N691*12,'Tax table'!$A$3:$C$10,2)))/12","v":{"v":19120.467973333332,"d":"19,120"}},{"v":15737.975999999999,"d":"15,738"},{"$f":"(VLOOKUP(P691*12,'Tax table'!$A$3:$C$10,3)*(P691*12-VLOOKUP(P691*12,'Tax table'!$A$3:$C$10,1))+VLOOKUP(P691*12,'Tax table'!$A$3:$C$10,2))/12","v":{"v":1647.83568,"d":"1,648"}},{"v":15838.80432,"d":"15,839"},{"v":13462.983671999998,"d":"13,463"},{"v":0.7041137115878316,"d":"70.4%"},{"v":40388.95101599999,"d":"40,389"},{"$f":"IF($B$15=\"Yes\",MIN(S691*2,References!$B$7),0)","v":{"v":26925.967343999997,"d":"26,926"}},{"$f":"IF(AND(D691<>0,$B$16=\"Yes\"),References!$B$6,0)","v":{"v":100000,"d":"100,000"}},{"v":2375.820648000001,"d":"2,376"},{"v":13114.98,"d":"13,115"},{"v":1748.664,"d":"1,749"},{"v":14863.644,"d":"14,864"},{"v":20109.636,"d":"20,110"},{"$f":"(M691*12-(VLOOKUP(AB691*12,'Tax table'!$A$3:$C$10,3)*(AB691*12-VLOOKUP(AB691*12,'Tax table'!$A$3:$C$10,1))+VLOOKUP(AB691*12,'Tax table'!$A$3:$C$10,2)))/12","v":{"v":19120.467973333332,"d":"19,120"}},{"v":14863.644,"d":"14,864"},{"v":0.7773682119459534,"d":"77.7%"}]
["Member 1617","1968-12-03","F",{"v":210207.12,"d":"210,207"},{"v":0.8,"d":"80%"},{"v":0.85,"d":"85%"},{"v":0.75,"d":"75%"},{"v":0.1,"d":"10%"},null,49,{"v":17517.26,"d":"17,517"},{"v":1751.7259999999999,"d":"1,752"},{"v":21896.574999999997,"d":"21,897"},{"v":20144.849,"d":"20,145"},{"$f":"(M692*12-(VLOOKUP(N692*12,'Tax table'!$A$3:$C$10,3)*(N692*12-VLOOKUP(N692*12,'Tax table'!$A$3:$C$10,1))+VLOOKUP(N692*12,'Tax table'!$A$3:$C$10,2)))/12","v":{"v":19149.58759333333,"d":"19,150"}},{"v":15765.533999999998,"d":"15,766"},{"$f":"(VLOOKUP(P692*12,'Tax table'!$A$3:$C$10,3)*(P692*12-VLOOKUP(P692*12,'Tax table'!$A$3:$C$10,1))+VLOOKUP(P692*12,'Tax table'!$A$3:$C$10,2))/12","v":{"v":1652.7961199999993,"d":"1,653"}},{"v":15864.46388,"d":"15,864"},{"v":13484.794297999999,"d":"13,485"},{"v":0.7041819690516232,"d":"70.4%"},{"v":40454.382893999995,"d":"40,454"},{"$f":"IF($B$15=\"Yes\",MIN(S692*2,References!$B$7),0)","v":{"v":26969.588595999998,"d":"26,970"}},{"$f":"IF(AND(D692<>0,$B$16=\"Yes\"),References!$B$6,0)","v":{"v":100000,"d":"100,000"}},{"v":2379.6695820000004,"d":"2,380"},{"v":13137.945,"d":"13,138"},{"v":1751.7259999999999,"d":"1,752"},{"v":14889.671,"d":"14,890"},{"v":20144.849,"d":"20,145"},{"$f":"(M692*12-(VLOOKUP(AB692*12,'Tax table'!$A$3:$C$10,3)*(AB692*12-VLOOKUP(AB692*12,'Tax table'!$A$3:$C$10,1))+VLOOKUP(AB692*12,'Tax table'!$A$3:$C$10,2)))/12","v":{"v":19149.58759333333,"d":"19,150"}},{"v":14889.671,"d":"14,890"},{"v":0.777545256649999,"d":"77.8%"}]
["Member 1614","1959-03-27","M",{"v":210237.48,"d":"210,237"},{"v":0.8,"d":"80%"},{"v":0.85,"d":"85%"},{"v":0.75,"d":"75%"},{"v":0.1,"d":"10%"},null,59,{"v":17519.79,"d":"17,520"},{"v":1751.9790000000003,"d":"1,752"},{"v":21899.7375,"d":"21,900"},{"v":20147.7585,"d":"20,148"},{"$f":"(M693*12-(VLOOKUP(N693*12,'Tax table'!$A$3:$C$10,3)*(N693*12-VLOOKUP(N693*12,'Tax table'!$A$3:$C$10,1))+VLOOKUP(N693*12,'Tax table'!$A$3:$C$10,2)))/12","v":{"v":19151.993623333332,"d":"19,152"}},{"v":15767.811000000002,"d":"15,768"},{"$f":"(VLOOKUP(P693*12,'Tax table'!$A$3:$C$10,3)*(P693*12-VLOOKUP(P693*12,'Tax table'!$A$3:$C$10,1))+VLOOKUP(P693*12,'Tax table'!$A$3:$C$10,2))/12","v":{"v":1653.2059800000004,"d":"1,653"}},{"v":15866.58402,"d":"15,867"},{"v":13486.596417,"d":"13,487"},{"v":0.7041875995911443,"d":"70.4%"},{"v":40459.789251,"d":"40,460"},{"$f":"IF($B$15=\"Yes\",MIN(S693*2,References!$B$7),0)","v":{"v":26973.192834,"d":"26,973"}},{"$f":"IF(AND(D693<>0,$B$16=\"Yes\"),References!$B$6,0)","v":{"v":100000,"d":"100,000"}},{"v":2379.9876029999996,"d":"2,380"},{"v":13139.8425,"d":"13,140"},{"v":1751.9790000000003,"d":"1,752"},{"v":14891.821500000002,"d":"14,892"},{"v":20147.7585,"d":"20,148"},{"$f":"(M693*12-(VLOOKUP(AB693*12,'Tax table'!$A$3:$C$10,3)*(AB693*12-VLOOKUP(AB693*12,'Tax table'!$A$3:$C$10,1))+VLOOKUP(AB693*12,'Tax table'!$A$3:$C$10,2)))/12","v":{"v":19151.993623333332,"d":"19,152"}},{"v":14891.821500000002,"d":"14,892"},{"v":0.7775598610192174,"d":"77.8%"}]
["Member 1615","1958-01-01","M",{"v":210237.48,"d":"210,237"},{"v":0.8,"d":"80%"},{"v":0.85,"d":"85%"},{"v":0.75,"d":"75%"},{"v":0.1,"d":"10%"},null,60,{"v":17519.79,"d":"17,520"},{"v":1751.9790000000003,"d":"1,752"},{"v":21899.7375,"d":"21,900"},{"v":20147.7585,"d":"20,148"},{"$f":"(M694*12-(VLOOKUP(N694*12,'Tax table'!$A$3:$C$10,3)*(N694*12-VLOOKUP(N694*12,'Tax table'!$A$3:$C$10,1))+VLOOKUP(N694*12,'Tax table'!$A$3:$C$10,2)))/12","v":{"v":19151.993623333332,"d":"19,152"}},{"v":15767.811000000002,"d":"15,768"},{"$f":"(VLOOKUP(P694*12,'Tax table'!$A$3:$C$10,3)*(P694*12-VLOOKUP(P694*12,'Tax table'!$A$3:$C$10,1))+VLOOKUP(P694*12,'Tax table'!$A$3:$C$10,2))/12","v":{"v":1653.2059800000004,"d":"1,653"}},{"v":15866.58402,"d":"15,867"},{"v":13486.596417,"d":"13,487"},{"v":0.7041875995911443,"d":"70.4%"},{"v":40459.789251,"d":"40,460"},{"$f":"IF($B$15=\"Yes\",MIN(S694*2,References!$B$7),0)","v":{"v":26973.192834,"d":"26,973"}},{"$f":"IF(AND(D694<>0,$B$16=\"Yes\"),References!$B$6,0)","v":{"v":100000,"d":"100,000"}},{"v":2379.9876029999996,"d":"2,380"},{"v":13139.8425,"d":"13,140"},{"v":1751.9790000000003,"d":"1,752"},{"v":14891.821500000002,"d":"14,892"},{"v":20147.7585,"d":"20,148"},{"$f":"(M694*12-(VLOOKUP(AB694*12,'Tax table'!$A$3:$C$10,3)*(AB694*12-VLOOKUP(AB694*12,'Tax table'!$A$3:$C$10,1))+VLOOKUP(AB694*12,'Tax table'!$A$3:$C$10,2)))/12","v":{"v":19151.993623333332,"d":"19,152"}},{"v":14891.821500000002,"d":"14,892"},{"v":0.7775598610192174,"d":"77.8%"}]
["Member 1616","1956-11-02","M",{"v":210237.48,"d":"210,237"},{"v":0.8,"d":"80%"},{"v":0.85,"d":"85%"},{"v":0.75,"d":"75%"},{"v":0.1,"d":"10%"},null,62,{"v":17519.79,"d":"17,520"},{"v":1751.9790000000003,"d":"1,752"},{"v":21899.7375,"d":"21,900"},{"v":20147.7585,"d":"20,148"},{"$f":"(M695*12-(VLOOKUP(N695*12,'Tax table'!$A$3:$C$10,3)*(N695*12-VLOOKUP(N695*12,'Tax table'!$A$3:$C$10,1))+VLOOKUP(N695*12,'Tax table'!$A$3:$C$10,2)))/12","v":{"v":19151.993623333332,"d":"19,152"}},{"v":15767.811000000002,"d":"15,768"},{"$f":"(VLOOKUP(P695*12,'Tax table'!$A$3:$C$10,3)*(P695*12-VLOOKUP(P695*12,'Tax table'!$A$3:$C$10,1))+VLOOKUP(P695*12,'Tax table'!$A$3:$C$10,2))/12","v":{"v":1653.2059800000004,"d":"1,653"}},{"v":15866.58402,"d":"15,867"},{"v":13486.596417,"d":"13,487"},{"v":0.7041875995911443,"d":"70.4%"},{"v":40459.789251,"d":"40,460"},{"$f":"IF($B$15=\"Yes\",MIN(S695*2,References!$B$7),0)","v":{"v":26973.192834,"d":"26,973"}},{"$f":"IF(AND(D695<>0,$B$16=\"Yes\"),References!$B$6,0)","v":{"v":100000,"d":"100,000"}},{"v":2379.9876029999996,"d":"2,380"},{"v":13139.8425,"d":"13,140"},{"v":1751.9790000000003,"d":"1,752"},{"v":14891.821500000002,"d":"14,892"},{"v":20147.7585,"d":"20,148"},{"$f":"(M695*12-(VLOOKUP(AB695*12,'Tax table'!$A$3:$C$10,3)*(AB695*12-VLOOKUP(AB695*12,'Tax table'!$A$3:$C$10,1))+VLOOKUP(AB695*12,'Tax table'!$A$3:$C$10,2)))/12","v":{"v":19151.993623333332,"d":"19,152"}},{"v":14891.821500000002,"d":"14,892"},{"v":0.7775598610192174,"d":"77.8%"}]
["Member 1613","1983-02-10","M",{"v":210400.56,"d":"210,401"},{"v":0.8,"d":"80%"},{"v":0.85,"d":"85%"},{"v":0.75,"d":"75%"},{"v":0.1,"d":"10%"},null,35,{"v":17533.38,"d":"17,533"},{"v":1753.3380000000002,"d":"1,753"},{"v":21916.725,"d":"21,917"},{"v":20163.387,"d":"20,163"},{"$f":"(M696*12-(VLOOKUP(N696*12,'Tax table'!$A$3:$C$10,3)*(N696*12-VLOOKUP(N696*12,'Tax table'!$A$3:$C$10,1))+VLOOKUP(N696*12,'Tax table'!$A$3:$C$10,2)))/12","v":{"v":19164.91771333333,"d":"19,165"}},{"v":15780.042000000001,"d":"15,780"},{"$f":"(VLOOKUP(P696*12,'Tax table'!$A$3:$C$10,3)*(P696*12-VLOOKUP(P696*12,'Tax table'!$A$3:$C$10,1))+VLOOKUP(P696*12,'Tax table'!$A$3:$C$10,2))/12","v":{"v":1655.4075600000003,"d":"1,655"}},{"v":15877.972440000001,"d":"15,878"},{"v":13496.276574000001,"d":"13,496"},{"v":0.7042178200749818,"d":"70.4%"},{"v":40488.829722,"d":"40,489"},{"$f":"IF($B$15=\"Yes\",MIN(S696*2,References!$B$7),0)","v":{"v":26992.553148000003,"d":"26,993"}},{"$f":"IF(AND(D696<>0,$B$16=\"Yes\"),References!$B$6,0)","v":{"v":100000,"d":"100,000"}},{"v":2381.695866,"d":"2,382"},{"v":13150.035,"d":"13,150"},{"v":1753.3380000000002,"d":"1,753"},{"v":14903.373,"d":"14,903"},{"v":20163.387,"d":"20,163"},{"$f":"(M696*12-(VLOOKUP(AB696*12,'Tax table'!$A$3:$C$10,3)*(AB696*12-VLOOKUP(AB696*12,'Tax table'!$A$3:$C$10,1))+VLOOKUP(AB696*12,'Tax table'!$A$3:$C$10,2)))/12","v":{"v":19164.91771333333,"d":"19,165"}},{"v":14903.373,"d":"14,903"},{"v":0.7776382462436295,"d":"77.8%"}]
["Member 1612","1981-09-30","M",{"v":210411.24,"d":"210,411"},{"v":0.8,"d":"80%"},{"v":0.85,"d":"85%"},{"v":0.75,"d":"75%"},{"v":0.1,"d":"10%"},null,37,{"v":17534.27,"d":"17,534"},{"v":1753.4270000000001,"d":"1,753"},{"v":21917.837499999998,"d":"21,918"},{"v":20164.410499999998,"d":"20,164"},{"$f":"(M697*12-(VLOOKUP(N697*12,'Tax table'!$A$3:$C$10,3)*(N697*12-VLOOKUP(N697*12,'Tax table'!$A$3:$C$10,1))+VLOOKUP(N697*12,'Tax table'!$A$3:$C$10,2)))/12","v":{"v":19165.76410333333,"d":"19,166"}},{"v":15780.843,"d":"15,781"},{"$f":"(VLOOKUP(P697*12,'Tax table'!$A$3:$C$10,3)*(P697*12-VLOOKUP(P697*12,'Tax table'!$A$3:$C$10,1))+VLOOKUP(P697*12,'Tax table'!$A$3:$C$10,2))/12","v":{"v":1655.55174,"d":"1,656"}},{"v":15878.71826,"d":"15,879"},{"v":13496.910521,"d":"13,497"},{"v":0.7042197977722475,"d":"70.4%"},{"v":40490.731563,"d":"40,491"},{"$f":"IF($B$15=\"Yes\",MIN(S697*2,References!$B$7),0)","v":{"v":26993.821042,"d":"26,994"}},{"$f":"IF(AND(D697<>0,$B$16=\"Yes\"),References!$B$6,0)","v":{"v":100000,"d":"100,000"}},{"v":2381.807739,"d":"2,382"},{"v":13150.7025,"d":"13,151"},{"v":1753.4270000000001,"d":"1,753"},{"v":14904.1295,"d":"14,904"},{"v":20164.410499999998,"d":"20,164"},{"$f":"(M697*12-(VLOOKUP(AB697*12,'Tax table'!$A$3:$C$10,3)*(AB697*12-VLOOKUP(AB697*12,'Tax table'!$A$3:$C$10,1))+VLOOKUP(AB697*12,'Tax table'!$A$3:$C$10,2)))/12","v":{"v":19165.76410333333,"d":"19,166"}},{"v":14904.1295,"d":"14,904"},{"v":0.7776433759511762,"d":"77.8%"}]
["Member 1611","1980-06-13","F",{"v":210661.08,"d":"210,661"},{"v":0.8,"d":"80%"},{"v":0.85,"d":"85%"},{"v":0.75,"d":"75%"},{"v":0.1,"d":"10%"},null,38,{"v":17555.09,"d":"17,555"},{"v":1755.509,"d":"1,756"},{"v":21943.8625,"d":"21,944"},{"v":20188.353499999997,"d":"20,188"},{"$f":"(M698*12-(VLOOKUP(N698*12,'Tax table'!$A$3:$C$10,3)*(N698*12-VLOOKUP(N698*12,'Tax table'!$A$3:$C$10,1))+VLOOKUP(N698*12,'Tax table'!$A$3:$C$10,2)))/12","v":{"v":19185.56392333333,"d":"19,186"}},{"v":15799.581,"d":"15,800"},{"$f":"(VLOOKUP(P698*12,'Tax table'!$A$3:$C$10,3)*(P698*12-VLOOKUP(P698*12,'Tax table'!$A$3:$C$10,1))+VLOOKUP(P698*12,'Tax table'!$A$3:$C$10,2))/12","v":{"v":1658.92458,"d":"1,659"}},{"v":15896.16542,"d":"15,896"},{"v":13511.740607,"d":"13,512"},{"v":0.7042660127684404,"d":"70.4%"},{"v":40535.221821,"d":"40,535"},{"$f":"IF($B$15=\"Yes\",MIN(S698*2,References!$B$7),0)","v":{"v":27023.481214,"d":"27,023"}},{"$f":"IF(AND(D698<>0,$B$16=\"Yes\"),References!$B$6,0)","v":{"v":100000,"d":"100,000"}},{"v":2384.4248129999996,"d":"2,384"},{"v":13166.317500000001,"d":"13,166"},{"v":1755.509,"d":"1,756"},{"v":14921.826500000001,"d":"14,922"},{"v":20188.353499999997,"d":"20,188"},{"$f":"(M698*12-(VLOOKUP(AB698*12,'Tax table'!$A$3:$C$10,3)*(AB698*12-VLOOKUP(AB698*12,'Tax table'!$A$3:$C$10,1))+VLOOKUP(AB698*12,'Tax table'!$A$3:$C$10,2)))/12","v":{"v":19185.56392333333,"d":"19,186"}},{"v":14921.826500000001,"d":"14,922"},{"v":0.7777632473889492,"d":"77.8%"}]
["Member 1610","1969-02-13","F",{"v":210936.6,"d":"210,937"},{"v":0.8,"d":"80%"},{"v":0.85,"d":"85%"},{"v":0.75,"d":"75%"},{"v":0.1,"d":"10%"},null,49,{"v":17578.05,"d":"17,578"},{"v":1757.805,"d":"1,758"},{"v":21972.562499999996,"d":"21,973"},{"v":20214.757499999996,"d":"20,215"},{"$f":"(M699*12-(VLOOKUP(N699*12,'Tax table'!$A$3:$C$10,3)*(N699*12-VLOOKUP(N699*12,'Tax table'!$A$3:$C$10,1))+VLOOKUP(N699*12,'Tax table'!$A$3:$C$10,2)))/12","v":{"v":19207.398883333328,"d":"19,207"}},{"v":15820.244999999999,"d":"15,820"},{"$f":"(VLOOKUP(P699*12,'Tax table'!$A$3:$C$10,3)*(P699*12-VLOOKUP(P699*12,'Tax table'!$A$3:$C$10,1))+VLOOKUP(P699*12,'Tax table'!$A$3:$C$10,2))/12","v":{"v":1662.6440999999998,"d":"1,663"}},{"v":15915.4059,"d":"15,915"},{"v":13528.095014999999,"d":"13,528"},{"v":0.7043168675347612,"d":"70.4%"},{"v":40584.285045,"d":"40,584"},{"$f":"IF($B$15=\"Yes\",MIN(S699*2,References!$B$7),0)","v":{"v":27056.190029999998,"d":"27,056"}},{"$f":"IF(AND(D699<>0,$B$16=\"Yes\"),References!$B$6,0)","v":{"v":100000,"d":"100,000"}},{"v":2387.310885000001,"d":"2,387"},{"v":13183.537499999999,"d":"13,184"},{"v":1757.805,"d":"1,758"},{"v":14941.342499999999,"d":"14,941"},{"v":20214.757499999996,"d":"20,215"},{"$f":"(M699*12-(VLOOKUP(AB699*12,'Tax table'!$A$3:$C$10,3)*(AB699*12-VLOOKUP(AB699*12,'Tax table'!$A$3:$C$10,1))+VLOOKUP(AB699*12,'Tax table'!$A$3:$C$10,2)))/12","v":{"v":19207.398883333328,"d":"19,207"}},{"v":14941.342499999999,"d":"14,941"},{"v":0.777895153360142,"d":"77.8%"}]
["Member 1609","1962-04-19","F",{"v":211119.84,"d":"211,120"},{"v":0.8,"d":"80%"},{"v":0.85,"d":"85%"},{"v":0.75,"d":"75%"},{"v":0.1,"d":"10%"},null,56,{"v":17593.32,"d":"17,593"},{"v":1759.332,"d":"1,759"},{"v":21991.649999999998,"d":"21,992"},{"v":20232.318,"d":"20,232"},{"$f":"(M700*12-(VLOOKUP(N700*12,'Tax table'!$A$3:$C$10,3)*(N700*12-VLOOKUP(N700*12,'Tax table'!$A$3:$C$10,1))+VLOOKUP(N700*12,'Tax table'!$A$3:$C$10,2)))/12","v":{"v":19221.92065333333,"d":"19,222"}},{"v":15833.988,"d":"15,834"},{"$f":"(VLOOKUP(P700*12,'Tax table'!$A$3:$C$10,3)*(P700*12-VLOOKUP(P700*12,'Tax table'!$A$3:$C$10,1))+VLOOKUP(P700*12,'Tax table'!$A$3:$C$10,2))/12","v":{"v":1665.11784,"d":"1,665"}},{"v":15928.20216,"d":"15,928"},{"v":13538.971836,"d":"13,539"},{"v":0.7043506255267039,"d":"70.4%"},{"v":40616.915508000006,"d":"40,617"},{"$f":"IF($B$15=\"Yes\",MIN(S700*2,References!$B$7),0)","v":{"v":27077.943672,"d":"27,078"}},{"$f":"IF(AND(D700<>0,$B$16=\"Yes\"),References!$B$6,0)","v":{"v":100000,"d":"100,000"}},{"v":2389.230324,"d":"2,389"},{"v":13194.99,"d":"13,195"},{"v":1759.332,"d":"1,759"},{"v":14954.322,"d":"14,954"},{"v":20232.318,"d":"20,232"},{"$f":"(M700*12-(VLOOKUP(AB700*12,'Tax table'!$A$3:$C$10,3)*(AB700*12-VLOOKUP(AB700*12,'Tax table'!$A$3:$C$10,1))+VLOOKUP(AB700*12,'Tax table'!$A$3:$C$10,2)))/12","v":{"v":19221.92065333333,"d":"19,222"}},{"v":14954.322,"d":"14,954"},{"v":0.777982714095052,"d":"77.8%"}]
["Member 1608","1967-02-27","M",{"v":211275.48,"d":"211,275"},{"v":0.8,"d":"80%"},{"v":0.85,"d":"85%"},{"v":0.75,"d":"75%"},{"v":0.1,"d":"10%"},null,51,{"v":17606.29,"d":"17,606"},{"v":1760.6290000000001,"d":"1,761"},{"v":22007.8625,"d":"22,008"},{"v":20247.2335,"d":"20,247"},{"$f":"(M701*12-(VLOOKUP(N701*12,'Tax table'!$A$3:$C$10,3)*(N701*12-VLOOKUP(N701*12,'Tax table'!$A$3:$C$10,1))+VLOOKUP(N701*12,'Tax table'!$A$3:$C$10,2)))/12","v":{"v":19234.255123333332,"d":"19,234"}},{"v":15845.661,"d":"15,846"},{"$f":"(VLOOKUP(P701*12,'Tax table'!$A$3:$C$10,3)*(P701*12-VLOOKUP(P701*12,'Tax table'!$A$3:$C$10,1))+VLOOKUP(P701*12,'Tax table'!$A$3:$C$10,2))/12","v":{"v":1667.2189799999999,"d":"1,667"}},{"v":15939.071020000001,"d":"15,939"},{"v":13548.210367000001,"d":"13,548"},{"v":0.7043792587821343,"d":"70.4%"},{"v":40644.631101000006,"d":"40,645"},{"$f":"IF($B$15=\"Yes\",MIN(S701*2,References!$B$7),0)","v":{"v":27096.420734000003,"d":"27,096"}},{"$f":"IF(AND(D701<>0,$B$16=\"Yes\"),References!$B$6,0)","v":{"v":100000,"d":"100,000"}},{"v":2390.8606529999997,"d":"2,391"},{"v":13204.7175,"d":"13,205"},{"v":1760.6290000000001,"d":"1,761"},{"v":14965.346500000001,"d":"14,965"},{"v":20247.2335,"d":"20,247"},{"$f":"(M701*12-(VLOOKUP(AB701*12,'Tax table'!$A$3:$C$10,3)*(AB701*12-VLOOKUP(AB701*12,'Tax table'!$A$3:$C$10,1))+VLOOKUP(AB701*12,'Tax table'!$A$3:$C$10,2)))/12","v":{"v":19234.255123333332,"d":"19,234"}},{"v":14965.346500000001,"d":"14,965"},{"v":0.7780569824014313,"d":"77.8%"}]
["Member 1607","1969-05-11","M",{"v":211283.04,"d":"211,283"},{"v":0.8,"d":"80%"},{"v":0.85,"d":"85%"},{"v":0.75,"d":"75%"},{"v":0.1,"d":"10%"},null,49,{"v":17606.920000000002,"d":"17,607"},{"v":1760.6920000000002,"d":"1,761"},{"v":22008.65,"d":"22,009"},{"v":20247.958000000002,"d":"20,248"},{"$f":"(M702*12-(VLOOKUP(N702*12,'Tax table'!$A$3:$C$10,3)*(N702*12-VLOOKUP(N702*12,'Tax table'!$A$3:$C$10,1))+VLOOKUP(N702*12,'Tax table'!$A$3:$C$10,2)))/12","v":{"v":19234.854253333335,"d":"19,235"}},{"v":15846.228000000001,"d":"15,846"},{"$f":"(VLOOKUP(P702*12,'Tax table'!$A$3:$C$10,3)*(P702*12-VLOOKUP(P702*12,'Tax table'!$A$3:$C$10,1))+VLOOKUP(P702*12,'Tax table'!$A$3:$C$10,2))/12","v":{"v":1667.32104,"d":"1,667"}},{"v":15939.598960000001,"d":"15,940"},{"v":13548.659116,"d":"13,549"},{"v":0.7043806486681367,"d":"70.4%"},{"v":40645.977348,"d":"40,646"},{"$f":"IF($B$15=\"Yes\",MIN(S702*2,References!$B$7),0)","v":{"v":27097.318232,"d":"27,097"}},{"$f":"IF(AND(D702<>0,$B$16=\"Yes\"),References!$B$6,0)","v":{"v":100000,"d":"100,000"}},{"v":2390.9398440000004,"d":"2,391"},{"v":13205.190000000002,"d":"13,205"},{"v":1760.6920000000002,"d":"1,761"},{"v":14965.882000000003,"d":"14,966"},{"v":20247.958000000002,"d":"20,248"},{"$f":"(M702*12-(VLOOKUP(AB702*12,'Tax table'!$A$3:$C$10,3)*(AB702*12-VLOOKUP(AB702*12,'Tax table'!$A$3:$C$10,1))+VLOOKUP(AB702*12,'Tax table'!$A$3:$C$10,2)))/12","v":{"v":19234.854253333335,"d":"19,235"}},{"v":14965.882000000003,"d":"14,966"},{"v":0.7780605874570881,"d":"77.8%"}]
["Member 1","1961-09-01","M",{"v":215279,"d":"215,279"},{"v":0.8,"d":"80%"},{"v":0.85,"d":"85%"},{"v":0.75,"d":"75%"},{"v":0.1,"d":"10%"},null,57,{"v":17939.916666666668,"d":"17,940"},{"v":1793.9916666666668,"d":"1,794"},{"v":22424.895833333332,"d":"22,425"},{"v":20630.904166666667,"d":"20,631"},{"$f":"(M703*12-(VLOOKUP(N703*12,'Tax table'!$A$3:$C$10,3)*(N703*12-VLOOKUP(N703*12,'Tax table'!$A$3:$C$10,1))+VLOOKUP(N703*12,'Tax table'!$A$3:$C$10,2)))/12","v":{"v":19551.534083333332,"d":"19,552"}},{"v":16145.925000000001,"d":"16,146"},{"$f":"(VLOOKUP(P703*12,'Tax table'!$A$3:$C$10,3)*(P703*12-VLOOKUP(P703*12,'Tax table'!$A$3:$C$10,1))+VLOOKUP(P703*12,'Tax table'!$A$3:$C$10,2))/12","v":{"v":1721.2665,"d":"1,721"}},{"v":16218.650166666668,"d":"16,219"},{"v":13785.852641666668,"d":"13,786"},{"v":0.7051033736231671,"d":"70.5%"},{"v":41357.557925,"d":"41,358"},{"$f":"IF($B$15=\"Yes\",MIN(S703*2,References!$B$7),0)","v":{"v":27571.705283333336,"d":"27,572"}},{"$f":"IF(AND(D703<>0,$B$16=\"Yes\"),References!$B$6,0)","v":{"v":100000,"d":"100,000"}},{"v":2432.797525,"d":"2,433"},{"v":13454.9375,"d":"13,455"},{"v":1793.9916666666668,"d":"1,794"},{"v":15248.929166666667,"d":"15,249"},{"v":20630.904166666667,"d":"20,631"},{"$f":"(M703*12-(VLOOKUP(AB703*12,'Tax table'!$A$3:$C$10,3)*(AB703*12-VLOOKUP(AB703*12,'Tax table'!$A$3:$C$10,1))+VLOOKUP(AB703*12,'Tax table'!$A$3:$C$10,2)))/12","v":{"v":19551.534083333332,"d":"19,552"}},{"v":15248.929166666667,"d":"15,249"},{"v":0.7799351755044934,"d":"78.0%"}]
["Member 1599","1985-06-25","M",{"v":215563.2,"d":"215,563"},{"v":0.8,"d":"80%"},{"v":0.85,"d":"85%"},{"v":0.75,"d":"75%"},{"v":0.1,"d":"10%"},null,33,{"v":17963.600000000002,"d":"17,964"},{"v":1796.3600000000004,"d":"1,796"},{"v":22454.5,"d":"22,455"},{"v":20658.14,"d":"20,658"},{"$f":"(M704*12-(VLOOKUP(N704*12,'Tax table'!$A$3:$C$10,3)*(N704*12-VLOOKUP(N704*12,'Tax table'!$A$3:$C$10,1))+VLOOKUP(N704*12,'Tax table'!$A$3:$C$10,2)))/12","v":{"v":19574.056933333333,"d":"19,574"}},{"v":16167.240000000002,"d":"16,167"},{"$f":"(VLOOKUP(P704*12,'Tax table'!$A$3:$C$10,3)*(P704*12-VLOOKUP(P704*12,'Tax table'!$A$3:$C$10,1))+VLOOKUP(P704*12,'Tax table'!$A$3:$C$10,2))/12","v":{"v":1725.1031999999998,"d":"1,725"}},{"v":16238.496800000003,"d":"16,238"},{"v":13802.722280000002,"d":"13,803"},{"v":0.7051538843996552,"d":"70.5%"},{"v":41408.166840000005,"d":"41,408"},{"$f":"IF($B$15=\"Yes\",MIN(S704*2,References!$B$7),0)","v":{"v":27605.444560000004,"d":"27,605"}},{"$f":"IF(AND(D704<>0,$B$16=\"Yes\"),References!$B$6,0)","v":{"v":100000,"d":"100,000"}},{"v":2435.774520000001,"d":"2,436"},{"v":13472.7,"d":"13,473"},{"v":1796.3600000000004,"d":"1,796"},{"v":15269.060000000001,"d":"15,269"},{"v":20658.14,"d":"20,658"},{"$f":"(M704*12-(VLOOKUP(AB704*12,'Tax table'!$A$3:$C$10,3)*(AB704*12-VLOOKUP(AB704*12,'Tax table'!$A$3:$C$10,1))+VLOOKUP(AB704*12,'Tax table'!$A$3:$C$10,2)))/12","v":{"v":19574.056933333333,"d":"19,574"}},{"v":15269.060000000001,"d":"15,269"},{"v":0.7800661892424454,"d":"78.0%"}]
["Member 1600","1955-07-31","F",{"v":215563.2,"d":"215,563"},{"v":0.8,"d":"80%"},{"v":0.85,"d":"85%"},{"v":0.75,"d":"75%"},{"v":0.1,"d":"10%"},null,63,{"v":17963.600000000002,"d":"17,964"},{"v":1796.3600000000004,"d":"1,796"},{"v":22454.5,"d":"22,455"},{"v":20658.14,"d":"20,658"},{"$f":"(M705*12-(VLOOKUP(N705*12,'Tax table'!$A$3:$C$10,3)*(N705*12-VLOOKUP(N705*12,'Tax table'!$A$3:$C$10,1))+VLOOKUP(N705*12,'Tax table'!$A$3:$C$10,2)))/12","v":{"v":19574.056933333333,"d":"19,574"}},{"v":16167.240000000002,"d":"16,167"},{"$f":"(VLOOKUP(P705*12,'Tax table'!$A$3:$C$10,3)*(P705*12-VLOOKUP(P705*12,'Tax table'!$A$3:$C$10,1))+VLOOKUP(P705*12,'Tax table'!$A$3:$C$10,2))/12","v":{"v":1725.1031999999998,"d":"1,725"}},{"v":16238.496800000003,"d":"16,238"},{"v":13802.722280000002,"d":"13,803"},{"v":0.7051538843996552,"d":"70.5%"},{"v":41408.166840000005,"d":"41,408"},{"$f":"IF($B$15=\"Yes\",MIN(S705*2,References!$B$7),0)","v":{"v":27605.444560000004,"d":"27,605"}},{"$f":"IF(AND(D705<>0,$B$16=\"Yes\"),References!$B$6,0)","v":{"v":100000,"d":"100,000"}},{"v":2435.774520000001,"d":"2,436"},{"v":13472.7,"d":"13,473"},{"v":1796.3600000000004,"d":"1,796"},{"v":15269.060000000001,"d":"15,269"},{"v":20658.14,"d":"20,658"},{"$f":"(M705*12-(VLOOKUP(AB705*12,'Tax table'!$A$3:$C$10,3)*(AB705*12-VLOOKUP(AB705*12,'Tax table'!$A$3:$C$10,1))+VLOOKUP(AB705*12,'Tax table'!$A$3:$C$10,2)))/12","v":{"v":19574.056933333333,"d":"19,574"}},{"v":15269.060000000001,"d":"15,269"},{"v":0.7800661892424454,"d":"78.0%"}]
["Member 1601","1981-08-17","M",{"v":215563.2,"d":"215,563"},{"v":0.8,"d":"80%"},{"v":0.85,"d":"85%"},{"v":0.75,"d":"75%"},{"v":0.1,"d":"10%"},null,37,{"v":17963.600000000002,"d":"17,964"},{"v":1796.3600000000004,"d":"1,796"},{"v":22454.5,"d":"22,455"},{"v":20658.14,"d":"20,658"},{"$f":"(M706*12-(VLOOKUP(N706*12,'Tax table'!$A$3:$C$10,3)*(N706*12-VLOOKUP(N706*12,'Tax table'!$A$3:$C$10,1))+VLOOKUP(N706*12,'Tax table'!$A$3:$C$10,2)))/12","v":{"v":19574.056933333333,"d":"19,574"}},{"v":16167.240000000002,"d":"16,167"},{"$f":"(VLOOKUP(P706*12,'Tax table'!$A$3:$C$10,3)*(P706*12-VLOOKUP(P706*12,'Tax table'!$A$3:$C$10,1))+VLOOKUP(P706*12,'Tax table'!$A$3:$C$10,2))/12","v":{"v":1725.1031999999998,"d":"1,725"}},{"v":16238.496800000003,"d":"16,238"},{"v":13802.722280000002,"d":"13,803"},{"v":0.7051538843996552,"d":"70.5%"},{"v":41408.166840000005,"d":"41,408"},{"$f":"IF($B$15=\"Yes\",MIN(S706*2,References!$B$7),0)","v":{"v":27605.444560000004,"d":"27,605"}},{"$f":"IF(AND(D706<>0,$B$16=\"Yes\"),References!$B$6,0)","v":{"v":100000,"d":"100,000"}},{"v":2435.774520000001,"d":"2,436"},{"v":13472.7,"d":"13,473"},{"v":1796.3600000000004,"d":"1,796"},{"v":15269.060000000001,"d":"15,269"},{"v":20658.14,"d":"20,658"},{"$f":"(M706*12-(VLOOKUP(AB706*12,'Tax table'!$A$3:$C$10,3)*(AB706*12-VLOOKUP(AB706*12,'Tax table'!$A$3:$C$10,1))+VLOOKUP(AB706*12,'Tax table'!$A$3:$C$10,2)))/12","v":{"v":19574.056933333333,"d":"19,574"}},{"v":15269.060000000001,"d":"15,269"},{"v":0.7800661892424454,"d":"78.0%"}]
["Member 1602","1974-02-22","F",{"v":215563.2,"d":"215,563"},{"v":0.8,"d":"80%"},{"v":0.85,"d":"85%"},{"v":0.75,"d":"75%"},{"v":0.1,"d":"10%"},null,44,{"v":17963.600000000002,"d":"17,964"},{"v":1796.3600000000004,"d":"1,796"},{"v":22454.5,"d":"22,455"},{"v":20658.14,"d":"20,658"},{"$f":"(M707*12-(VLOOKUP(N707*12,'Tax table'!$A$3:$C$10,3)*(N707*12-VLOOKUP(N707*12,'Tax table'!$A$3:$C$10,1))+VLOOKUP(N707*12,'Tax table'!$A$3:$C$10,2)))/12","v":{"v":19574.056933333333,"d":"19,574"}},{"v":16167.240000000002,"d":"16,167"},{"$f":"(VLOOKUP(P707*12,'Tax table'!$A$3:$C$10,3)*(P707*12-VLOOKUP(P707*12,'Tax table'!$A$3:$C$10,1))+VLOOKUP(P707*12,'Tax table'!$A$3:$C$10,2))/12","v":{"v":1725.1031999999998,"d":"1,725"}},{"v":16238.496800000003,"d":"16,238"},{"v":13802.722280000002,"d":"13,803"},{"v":0.7051538843996552,"d":"70.5%"},{"v":41408.166840000005,"d":"41,408"},{"$f":"IF($B$15=\"Yes\",MIN(S707*2,References!$B$7),0)","v":{"v":27605.444560000004,"d":"27,605"}},{"$f":"IF(AND(D707<>0,$B$16=\"Yes\"),References!$B$6,0)","v":{"v":100000,"d":"100,000"}},{"v":2435.774520000001,"d":"2,436"},{"v":13472.7,"d":"13,473"},{"v":1796.3600000000004,"d":"1,796"},{"v":15269.060000000001,"d":"15,269"},{"v":20658.14,"d":"20,658"},{"$f":"(M707*12-(VLOOKUP(AB707*12,'Tax table'!$A$3:$C$10,3)*(AB707*12-VLOOKUP(AB707*12,'Tax table'!$A$3:$C$10,1))+VLOOKUP(AB707*12,'Tax table'!$A$3:$C$10,2)))/12","v":{"v":19574.056933333333,"d":"19,574"}},{"v":15269.060000000001,"d":"15,269"},{"v":0.7800661892424454,"d":"78.0%"}]
["Member 1603","1989-01-14","F",{"v":215563.2,"d":"215,563"},{"v":0.8,"d":"80%"},{"v":0.85,"d":"85%"},{"v":0.75,"d":"75%"},{"v":0.1,"d":"10%"},null,29,{"v":17963.600000000002,"d":"17,964"},{"v":1796.3600000000004,"d":"1,796"},{"v":22454.5,"d":"22,455"},{"v":20658.14,"d":"20,658"},{"$f":"(M708*12-(VLOOKUP(N708*12,'Tax table'!$A$3:$C$10,3)*(N708*12-VLOOKUP(N708*12,'Tax table'!$A$3:$C$10,1))+VLOOKUP(N708*12,'Tax table'!$A$3:$C$10,2)))/12","v":{"v":19574.056933333333,"d":"19,574"}},{"v":16167.240000000002,"d":"16,167"},{"$f":"(VLOOKUP(P708*12,'Tax table'!$A$3:$C$10,3)*(P708*12-VLOOKUP(P708*12,'Tax table'!$A$3:$C$10,1))+VLOOKUP(P708*12,'Tax table'!$A$3:$C$10,2))/12","v":{"v":1725.1031999999998,"d":"1,725"}},{"v":16238.496800000003,"d":"16,238"},{"v":13802.722280000002,"d":"13,803"},{"v":0.7051538843996552,"d":"70.5%"},{"v":41408.166840000005,"d":"41,408"},{"$f":"IF($B$15=\"Yes\",MIN(S708*2,References!$B$7),0)","v":{"v":27605.444560000004,"d":"27,605"}},{"$f":"IF(AND(D708<>0,$B$16=\"Yes\"),References!$B$6,0)","v":{"v":100000,"d":"100,000"}},{"v":2435.774520000001,"d":"2,436"},{"v":13472.7,"d":"13,473"},{"v":1796.3600000000004,"d":"1,796"},{"v":15269.060000000001,"d":"15,269"},{"v":20658.14,"d":"20,658"},{"$f":"(M708*12-(VLOOKUP(AB708*12,'Tax table'!$A$3:$C$10,3)*(AB708*12-VLOOKUP(AB708*12,'Tax table'!$A$3:$C$10,1))+VLOOKUP(AB708*12,'Tax table'!$A$3:$C$10,2)))/12","v":{"v":19574.056933333333,"d":"19,574"}},{"v":15269.060000000001,"d":"15,269"},{"v":0.7800661892424454,"d":"78.0%"}]
["Member 1604","1994-12-19","M",{"v":215563.2,"d":"215,563"},{"v":0.8,"d":"80%"},{"v":0.85,"d":"85%"},{"v":0.75,"d":"75%"},{"v":0.1,"d":"10%"},null,23,{"v":17963.600000000002,"d":"17,964"},{"v":1796.3600000000004,"d":"1,796"},{"v":22454.5,"d":"22,455"},{"v":20658.14,"d":"20,658"},{"$f":"(M709*12-(VLOOKUP(N709*12,'Tax table'!$A$3:$C$10,3)*(N709*12-VLOOKUP(N709*12,'Tax table'!$A$3:$C$10,1))+VLOOKUP(N709*12,'Tax table'!$A$3:$C$10,2)))/12","v":{"v":19574.056933333333,"d":"19,574"}},{"v":16167.240000000002,"d":"16,167"},{"$f":"(VLOOKUP(P709*12,'Tax table'!$A$3:$C$10,3)*(P709*12-VLOOKUP(P709*12,'Tax table'!$A$3:$C$10,1))+VLOOKUP(P709*12,'Tax table'!$A$3:$C$10,2))/12","v":{"v":1725.1031999999998,"d":"1,725"}},{"v":16238.496800000003,"d":"16,238"},{"v":13802.722280000002,"d":"13,803"},{"v":0.7051538843996552,"d":"70.5%"},{"v":41408.166840000005,"d":"41,408"},{"$f":"IF($B$15=\"Yes\",MIN(S709*2,References!$B$7),0)","v":{"v":27605.444560000004,"d":"27,605"}},{"$f":"IF(AND(D709<>0,$B$16=\"Yes\"),References!$B$6,0)","v":{"v":100000,"d":"100,000"}},{"v":2435.774520000001,"d":"2,436"},{"v":13472.7,"d":"13,473"},{"v":1796.3600000000004,"d":"1,796"},{"v":15269.060000000001,"d":"15,269"},{"v":20658.14,"d":"20,658"},{"$f":"(M709*12-(VLOOKUP(AB709*12,'Tax table'!$A$3:$C$10,3)*(AB709*12-VLOOKUP(AB709*12,'Tax table'!$A$3:$C$10,1))+VLOOKUP(AB709*12,'Tax table'!$A$3:$C$10,2)))/12","v":{"v":19574.056933333333,"d":"19,574"}},{"v":15269.060000000001,"d":"15,269"},{"v":0.7800661892424454,"d":"78.0%"}]
["Member 1605","1983-02-22","F",{"v":215563.2,"d":"215,563"},{"v":0.8,"d":"80%"},{"v":0.85,"d":"85%"},{"v":0.75,"d":"75%"},{"v":0.1,"d":"10%"},null,35,{"v":17963.600000000002,"d":"17,964"},{"v":1796.3600000000004,"d":"1,796"},{"v":22454.5,"d":"22,455"},{"v":20658.14,"d":"20,658"},{"$f":"(M710*12-(VLOOKUP(N710*12,'Tax table'!$A$3:$C$10,3)*(N710*12-VLOOKUP(N710*12,'Tax table'!$A$3:$C$10,1))+VLOOKUP(N710*12,'Tax table'!$A$3:$C$10,2)))/12","v":{"v":19574.056933333333,"d":"19,574"}},{"v":16167.240000000002,"d":"16,167"},{"$f":"(VLOOKUP(P710*12,'Tax table'!$A$3:$C$10,3)*(P710*12-VLOOKUP(P710*12,'Tax table'!$A$3:$C$10,1))+VLOOKUP(P710*12,'Tax table'!$A$3:$C$10,2))/12","v":{"v":1725.1031999999998,"d":"1,725"}},{"v":16238.496800000003,"d":"16,238"},{"v":13802.722280000002,"d":"13,803"},{"v":0.7051538843996552,"d":"70.5%"},{"v":41408.166840000005,"d":"41,408"},{"$f":"IF($B$15=\"Yes\",MIN(S710*2,References!$B$7),0)","v":{"v":27605.444560000004,"d":"27,605"}},{"$f":"IF(AND(D710<>0,$B$16=\"Yes\"),References!$B$6,0)","v":{"v":100000,"d":"100,000"}},{"v":2435.774520000001,"d":"2,436"},{"v":13472.7,"d":"13,473"},{"v":1796.3600000000004,"d":"1,796"},{"v":15269.060000000001,"d":"15,269"},{"v":20658.14,"d":"20,658"},{"$f":"(M710*12-(VLOOKUP(AB710*12,'Tax table'!$A$3:$C$10,3)*(AB710*12-VLOOKUP(AB710*12,'Tax table'!$A$3:$C$10,1))+VLOOKUP(AB710*12,'Tax table'!$A$3:$C$10,2)))/12","v":{"v":19574.056933333333,"d":"19,574"}},{"v":15269.060000000001,"d":"15,269"},{"v":0.7800661892424454,"d":"78.0%"}]
["Member 1606","1996-08-13","F",{"v":215563.2,"d":"215,563"},{"v":0.8,"d":"80%"},{"v":0.85,"d":"85%"},{"v":0.75,"d":"75%"},{"v":0.1,"d":"10%"},null,22,{"v":17963.600000000002,"d":"17,964"},{"v":1796.3600000000004,"d":"1,796"},{"v":22454.5,"d":"22,455"},{"v":20658.14,"d":"20,658"},{"$f":"(M711*12-(VLOOKUP(N711*12,'Tax table'!$A$3:$C$10,3)*(N711*12-VLOOKUP(N711*12,'Tax table'!$A$3:$C$10,1))+VLOOKUP(N711*12,'Tax table'!$A$3:$C$10,2)))/12","v":{"v":19574.056933333333,"d":"19,574"}},{"v":16167.240000000002,"d":"16,167"},{"$f":"(VLOOKUP(P711*12,'Tax table'!$A$3:$C$10,3)*(P711*12-VLOOKUP(P711*12,'Tax table'!$A$3:$C$10,1))+VLOOKUP(P711*12,'Tax table'!$A$3:$C$10,2))/12","v":{"v":1725.1031999999998,"d":"1,725"}},{"v":16238.496800000003,"d":"16,238"},{"v":13802.722280000002,"d":"13,803"},{"v":0.7051538843996552,"d":"70.5%"},{"v":41408.166840000005,"d":"41,408"},{"$f":"IF($B$15=\"Yes\",MIN(S711*2,References!$B$7),0)","v":{"v":27605.444560000004,"d":"27,605"}},{"$f":"IF(AND(D711<>0,$B$16=\"Yes\"),References!$B$6,0)","v":{"v":100000,"d":"100,000"}},{"v":2435.774520000001,"d":"2,436"},{"v":13472.7,"d":"13,473"},{"v":1796.3600000000004,"d":"1,796"},{"v":15269.060000000001,"d":"15,269"},{"v":20658.14,"d":"20,658"},{"$f":"(M711*12-(VLOOKUP(AB711*12,'Tax table'!$A$3:$C$10,3)*(AB711*12-VLOOKUP(AB711*12,'Tax table'!$A$3:$C$10,1))+VLOOKUP(AB711*12,'Tax table'!$A$3:$C$10,2)))/12","v":{"v":19574.056933333333,"d":"19,574"}},{"v":15269.060000000001,"d":"15,269"},{"v":0.7800661892424454,"d":"78.0%"}]
["Member 1598","1975-10-12","M",{"v":215704.56,"d":"215,705"},{"v":0.8,"d":"80%"},{"v":0.85,"d":"85%"},{"v":0.75,"d":"75%"},{"v":0.1,"d":"10%"},null,43,{"v":17975.38,"d":"17,975"},{"v":1797.5380000000002,"d":"1,798"},{"v":22469.225,"d":"22,469"},{"v":20671.686999999998,"d":"20,672"},{"$f":"(M712*12-(VLOOKUP(N712*12,'Tax table'!$A$3:$C$10,3)*(N712*12-VLOOKUP(N712*12,'Tax table'!$A$3:$C$10,1))+VLOOKUP(N712*12,'Tax table'!$A$3:$C$10,2)))/12","v":{"v":19585.25971333333,"d":"19,585"}},{"v":16177.842,"d":"16,178"},{"$f":"(VLOOKUP(P712*12,'Tax table'!$A$3:$C$10,3)*(P712*12-VLOOKUP(P712*12,'Tax table'!$A$3:$C$10,1))+VLOOKUP(P712*12,'Tax table'!$A$3:$C$10,2))/12","v":{"v":1727.01156,"d":"1,727"}},{"v":16248.368440000002,"d":"16,248"},{"v":13811.113174000002,"d":"13,811"},{"v":0.7051789650048714,"d":"70.5%"},{"v":41433.33952200001,"d":"41,433"},{"$f":"IF($B$15=\"Yes\",MIN(S712*2,References!$B$7),0)","v":{"v":27622.226348000004,"d":"27,622"}},{"$f":"IF(AND(D712<>0,$B$16=\"Yes\"),References!$B$6,0)","v":{"v":100000,"d":"100,000"}},{"v":2437.255266,"d":"2,437"},{"v":13481.535,"d":"13,482"},{"v":1797.5380000000002,"d":"1,798"},{"v":15279.073,"d":"15,279"},{"v":20671.686999999998,"d":"20,672"},{"$f":"(M712*12-(VLOOKUP(AB712*12,'Tax table'!$A$3:$C$10,3)*(AB712*12-VLOOKUP(AB712*12,'Tax table'!$A$3:$C$10,1))+VLOOKUP(AB712*12,'Tax table'!$A$3:$C$10,2)))/12","v":{"v":19585.25971333333,"d":"19,585"}},{"v":15279.073,"d":"15,279"},{"v":0.7801312427630589,"d":"78.0%"}]
["Member 1596","1993-03-29","F",{"v":215871,"d":"215,871"},{"v":0.8,"d":"80%"},{"v":0.85,"d":"85%"},{"v":0.75,"d":"75%"},{"v":0.1,"d":"10%"},null,25,{"v":17989.25,"d":"17,989"},{"v":1798.9250000000002,"d":"1,799"},{"v":22486.5625,"d":"22,487"},{"v":20687.6375,"d":"20,688"},{"$f":"(M713*12-(VLOOKUP(N713*12,'Tax table'!$A$3:$C$10,3)*(N713*12-VLOOKUP(N713*12,'Tax table'!$A$3:$C$10,1))+VLOOKUP(N713*12,'Tax table'!$A$3:$C$10,2)))/12","v":{"v":19598.450083333333,"d":"19,598"}},{"v":16190.325,"d":"16,190"},{"$f":"(VLOOKUP(P713*12,'Tax table'!$A$3:$C$10,3)*(P713*12-VLOOKUP(P713*12,'Tax table'!$A$3:$C$10,1))+VLOOKUP(P713*12,'Tax table'!$A$3:$C$10,2))/12","v":{"v":1729.2585000000001,"d":"1,729"}},{"v":16259.9915,"d":"16,260"},{"v":13820.992775,"d":"13,821"},{"v":0.7052084586399756,"d":"70.5%"},{"v":41462.978325000004,"d":"41,463"},{"$f":"IF($B$15=\"Yes\",MIN(S713*2,References!$B$7),0)","v":{"v":27641.98555,"d":"27,642"}},{"$f":"IF(AND(D713<>0,$B$16=\"Yes\"),References!$B$6,0)","v":{"v":100000,"d":"100,000"}},{"v":2438.9987249999995,"d":"2,439"},{"v":13491.9375,"d":"13,492"},{"v":1798.9250000000002,"d":"1,799"},{"v":15290.8625,"d":"15,291"},{"v":20687.6375,"d":"20,688"},{"$f":"(M713*12-(VLOOKUP(AB713*12,'Tax table'!$A$3:$C$10,3)*(AB713*12-VLOOKUP(AB713*12,'Tax table'!$A$3:$C$10,1))+VLOOKUP(AB713*12,'Tax table'!$A$3:$C$10,2)))/12","v":{"v":19598.450083333333,"d":"19,598"}},{"v":15290.8625,"d":"15,291"},{"v":0.7802077427032591,"d":"78.0%"}]
["Member 1597","1989-05-08","M",{"v":215871,"d":"215,871"},{"v":0.8,"d":"80%"},{"v":0.85,"d":"85%"},{"v":0.75,"d":"75%"},{"v":0.1,"d":"10%"},null,29,{"v":17989.25,"d":"17,989"},{"v":1798.9250000000002,"d":"1,799"},{"v":22486.5625,"d":"22,487"},{"v":20687.6375,"d":"20,688"},{"$f":"(M714*12-(VLOOKUP(N714*12,'Tax table'!$A$3:$C$10,3)*(N714*12-VLOOKUP(N714*12,'Tax table'!$A$3:$C$10,1))+VLOOKUP(N714*12,'Tax table'!$A$3:$C$10,2)))/12","v":{"v":19598.450083333333,"d":"19,598"}},{"v":16190.325,"d":"16,190"},{"$f":"(VLOOKUP(P714*12,'Tax table'!$A$3:$C$10,3)*(P714*12-VLOOKUP(P714*12,'Tax table'!$A$3:$C$10,1))+VLOOKUP(P714*12,'Tax table'!$A$3:$C$10,2))/12","v":{"v":1729.2585000000001,"d":"1,729"}},{"v":16259.9915,"d":"16,260"},{"v":13820.992775,"d":"13,821"},{"v":0.7052084586399756,"d":"70.5%"},{"v":41462.978325000004,"d":"41,463"},{"$f":"IF($B$15=\"Yes\",MIN(S714*2,References!$B$7),0)","v":{"v":27641.98555,"d":"27,642"}},{"$f":"IF(AND(D714<>0,$B$16=\"Yes\"),References!$B$6,0)","v":{"v":100000,"d":"100,000"}},{"v":2438.9987249999995,"d":"2,439"},{"v":13491.9375,"d":"13,492"},{"v":1798.9250000000002,"d":"1,799"},{"v":15290.8625,"d":"15,291"},{"v":20687.6375,"d":"20,688"},{"$f":"(M714*12-(VLOOKUP(AB714*12,'Tax table'!$A$3:$C$10,3)*(AB714*12-VLOOKUP(AB714*12,'Tax table'!$A$3:$C$10,1))+VLOOKUP(AB714*12,'Tax table'!$A$3:$C$10,2)))/12","v":{"v":19598.450083333333,"d":"19,598"}},{"v":15290.8625,"d":"15,291"},{"v":0.7802077427032591,"d":"78.0%"}]
["Member 1595","1990-03-11","F",{"v":215978.16,"d":"215,978"},{"v":0.8,"d":"80%"},{"v":0.85,"d":"85%"},{"v":0.75,"d":"75%"},{"v":0.1,"d":"10%"},null,28,{"v":17998.18,"d":"17,998"},{"v":1799.8180000000002,"d":"1,800"},{"v":22497.725,"d":"22,498"},{"v":20697.907,"d":"20,698"},{"$f":"(M715*12-(VLOOKUP(N715*12,'Tax table'!$A$3:$C$10,3)*(N715*12-VLOOKUP(N715*12,'Tax table'!$A$3:$C$10,1))+VLOOKUP(N715*12,'Tax table'!$A$3:$C$10,2)))/12","v":{"v":19606.94251333333,"d":"19,607"}},{"v":16198.362000000001,"d":"16,198"},{"$f":"(VLOOKUP(P715*12,'Tax table'!$A$3:$C$10,3)*(P715*12-VLOOKUP(P715*12,'Tax table'!$A$3:$C$10,1))+VLOOKUP(P715*12,'Tax table'!$A$3:$C$10,2))/12","v":{"v":1730.7051600000002,"d":"1,731"}},{"v":16267.47484,"d":"16,267"},{"v":13827.353614,"d":"13,827"},{"v":0.705227426693222,"d":"70.5%"},{"v":41482.060842,"d":"41,482"},{"$f":"IF($B$15=\"Yes\",MIN(S715*2,References!$B$7),0)","v":{"v":27654.707228,"d":"27,655"}},{"$f":"IF(AND(D715<>0,$B$16=\"Yes\"),References!$B$6,0)","v":{"v":100000,"d":"100,000"}},{"v":2440.121226000001,"d":"2,440"},{"v":13498.635,"d":"13,499"},{"v":1799.8180000000002,"d":"1,800"},{"v":15298.453000000001,"d":"15,298"},{"v":20697.907,"d":"20,698"},{"$f":"(M715*12-(VLOOKUP(AB715*12,'Tax table'!$A$3:$C$10,3)*(AB715*12-VLOOKUP(AB715*12,'Tax table'!$A$3:$C$10,1))+VLOOKUP(AB715*12,'Tax table'!$A$3:$C$10,2)))/12","v":{"v":19606.94251333333,"d":"19,607"}},{"v":15298.453000000001,"d":"15,298"},{"v":0.7802569416213965,"d":"78.0%"}]
["Member 1592","1992-01-26","F",{"v":215978.28,"d":"215,978"},{"v":0.8,"d":"80%"},{"v":0.85,"d":"85%"},{"v":0.75,"d":"75%"},{"v":0.1,"d":"10%"},null,26,{"v":17998.19,"d":"17,998"},{"v":1799.819,"d":"1,800"},{"v":22497.737499999996,"d":"22,498"},{"v":20697.918499999996,"d":"20,698"},{"$f":"(M716*12-(VLOOKUP(N716*12,'Tax table'!$A$3:$C$10,3)*(N716*12-VLOOKUP(N716*12,'Tax table'!$A$3:$C$10,1))+VLOOKUP(N716*12,'Tax table'!$A$3:$C$10,2)))/12","v":{"v":19606.95202333333,"d":"19,607"}},{"v":16198.371,"d":"16,198"},{"$f":"(VLOOKUP(P716*12,'Tax table'!$A$3:$C$10,3)*(P716*12-VLOOKUP(P716*12,'Tax table'!$A$3:$C$10,1))+VLOOKUP(P716*12,'Tax table'!$A$3:$C$10,2))/12","v":{"v":1730.7067799999998,"d":"1,731"}},{"v":16267.483219999998,"d":"16,267"},{"v":13827.360736999999,"d":"13,827"},{"v":0.7052274479248326,"d":"70.5%"},{"v":41482.082211,"d":"41,482"},{"$f":"IF($B$15=\"Yes\",MIN(S716*2,References!$B$7),0)","v":{"v":27654.721473999998,"d":"27,655"}},{"$f":"IF(AND(D716<>0,$B$16=\"Yes\"),References!$B$6,0)","v":{"v":100000,"d":"100,000"}},{"v":2440.122482999999,"d":"2,440"},{"v":13498.642499999998,"d":"13,499"},{"v":1799.819,"d":"1,800"},{"v":15298.461499999998,"d":"15,298"},{"v":20697.918499999996,"d":"20,698"},{"$f":"(M716*12-(VLOOKUP(AB716*12,'Tax table'!$A$3:$C$10,3)*(AB716*12-VLOOKUP(AB716*12,'Tax table'!$A$3:$C$10,1))+VLOOKUP(AB716*12,'Tax table'!$A$3:$C$10,2)))/12","v":{"v":19606.95202333333,"d":"19,607"}},{"v":15298.461499999998,"d":"15,298"},{"v":0.7802569966914797,"d":"78.0%"}]
["Member 1593","1987-09-11","F",{"v":215978.28,"d":"215,978"},{"v":0.8,"d":"80%"},{"v":0.85,"d":"85%"},{"v":0.75,"d":"75%"},{"v":0.1,"d":"10%"},null,31,{"v":17998.19,"d":"17,998"},{"v":1799.819,"d":"1,800"},{"v":22497.737499999996,"d":"22,498"},{"v":20697.918499999996,"d":"20,698"},{"$f":"(M717*12-(VLOOKUP(N717*12,'Tax table'!$A$3:$C$10,3)*(N717*12-VLOOKUP(N717*12,'Tax table'!$A$3:$C$10,1))+VLOOKUP(N717*12,'Tax table'!$A$3:$C$10,2)))/12","v":{"v":19606.95202333333,"d":"19,607"}},{"v":16198.371,"d":"16,198"},{"$f":"(VLOOKUP(P717*12,'Tax table'!$A$3:$C$10,3)*(P717*12-VLOOKUP(P717*12,'Tax table'!$A$3:$C$10,1))+VLOOKUP(P717*12,'Tax table'!$A$3:$C$10,2))/12","v":{"v":1730.7067799999998,"d":"1,731"}},{"v":16267.483219999998,"d":"16,267"},{"v":13827.360736999999,"d":"13,827"},{"v":0.7052274479248326,"d":"70.5%"},{"v":41482.082211,"d":"41,482"},{"$f":"IF($B$15=\"Yes\",MIN(S717*2,References!$B$7),0)","v":{"v":27654.721473999998,"d":"27,655"}},{"$f":"IF(AND(D717<>0,$B$16=\"Yes\"),References!$B$6,0)","v":{"v":100000,"d":"100,000"}},{"v":2440.122482999999,"d":"2,440"},{"v":13498.642499999998,"d":"13,499"},{"v":1799.819,"d":"1,800"},{"v":15298.461499999998,"d":"15,298"},{"v":20697.918499999996,"d":"20,698"},{"$f":"(M717*12-(VLOOKUP(AB717*12,'Tax table'!$A$3:$C$10,3)*(AB717*12-VLOOKUP(AB717*12,'Tax table'!$A$3:$C$10,1))+VLOOKUP(AB717*12,'Tax table'!$A$3:$C$10,2)))/12","v":{"v":19606.95202333333,"d":"19,607"}},{"v":15298.461499999998,"d":"15,298"},{"v":0.7802569966914797,"d":"78.0%"}]
["Member 1594","1971-12-08","M",{"v":215978.28,"d":"215,978"},{"v":0.8,"d":"80%"},{"v":0.85,"d":"85%"},{"v":0.75,"d":"75%"},{"v":0.1,"d":"10%"},null,46,{"v":17998.19,"d":"17,998"},{"v":1799.819,"d":"1,800"},{"v":22497.737499999996,"d":"22,498"},{"v":20697.918499999996,"d":"20,698"},{"$f":"(M718*12-(VLOOKUP(N718*12,'Tax table'!$A$3:$C$10,3)*(N718*12-VLOOKUP(N718*12,'Tax table'!$A$3:$C$10,1))+VLOOKUP(N718*12,'Tax table'!$A$3:$C$10,2)))/12","v":{"v":19606.95202333333,"d":"19,607"}},{"v":16198.371,"d":"16,198"},{"$f":"(VLOOKUP(P718*12,'Tax table'!$A$3:$C$10,3)*(P718*12-VLOOKUP(P718*12,'Tax table'!$A$3:$C$10,1))+VLOOKUP(P718*12,'Tax table'!$A$3:$C$10,2))/12","v":{"v":1730.7067799999998,"d":"1,731"}},{"v":16267.483219999998,"d":"16,267"},{"v":13827.360736999999,"d":"13,827"},{"v":0.7052274479248326,"d":"70.5%"},{"v":41482.082211,"d":"41,482"},{"$f":"IF($B$15=\"Yes\",MIN(S718*2,References!$B$7),0)","v":{"v":27654.721473999998,"d":"27,655"}},{"$f":"IF(AND(D718<>0,$B$16=\"Yes\"),References!$B$6,0)","v":{"v":100000,"d":"100,000"}},{"v":2440.122482999999,"d":"2,440"},{"v":13498.642499999998,"d":"13,499"},{"v":1799.819,"d":"1,800"},{"v":15298.461499999998,"d":"15,298"},{"v":20697.918499999996,"d":"20,698"},{"$f":"(M718*12-(VLOOKUP(AB718*12,'Tax table'!$A$3:$C$10,3)*(AB718*12-VLOOKUP(AB718*12,'Tax table'!$A$3:$C$10,1))+VLOOKUP(AB718*12,'Tax table'!$A$3:$C$10,2)))/12","v":{"v":19606.95202333333,"d":"19,607"}},{"v":15298.461499999998,"d":"15,298"},{"v":0.7802569966914797,"d":"78.0%"}]
["Member 1586","1976-11-23","F",{"v":217754.52,"d":"217,755"},{"v":0.8,"d":"80%"},{"v":0.85,"d":"85%"},{"v":0.75,"d":"75%"},{"v":0.1,"d":"10%"},null,41,{"v":18146.21,"d":"18,146"},{"v":1814.621,"d":"1,815"},{"v":22682.762499999997,"d":"22,683"},{"v":20868.141499999998,"d":"20,868"},{"$f":"(M719*12-(VLOOKUP(N719*12,'Tax table'!$A$3:$C$10,3)*(N719*12-VLOOKUP(N719*12,'Tax table'!$A$3:$C$10,1))+VLOOKUP(N719*12,'Tax table'!$A$3:$C$10,2)))/12","v":{"v":19747.71904333333,"d":"19,748"}},{"v":16331.589,"d":"16,332"},{"$f":"(VLOOKUP(P719*12,'Tax table'!$A$3:$C$10,3)*(P719*12-VLOOKUP(P719*12,'Tax table'!$A$3:$C$10,1))+VLOOKUP(P719*12,'Tax table'!$A$3:$C$10,2))/12","v":{"v":1755.5398066666667,"d":"1,756"}},{"v":16390.67019333333,"d":"16,391"},{"v":13932.069664333332,"d":"13,932"},{"v":0.7055027283789864,"d":"70.6%"},{"v":41796.20899299999,"d":"41,796"},{"$f":"IF($B$15=\"Yes\",MIN(S719*2,References!$B$7),0)","v":{"v":27864.139328666664,"d":"27,864"}},{"$f":"IF(AND(D719<>0,$B$16=\"Yes\"),References!$B$6,0)","v":{"v":100000,"d":"100,000"}},{"v":2458.6005289999994,"d":"2,459"},{"v":13609.6575,"d":"13,610"},{"v":1814.621,"d":"1,815"},{"v":15424.2785,"d":"15,424"},{"v":20868.141499999998,"d":"20,868"},{"$f":"(M719*12-(VLOOKUP(AB719*12,'Tax table'!$A$3:$C$10,3)*(AB719*12-VLOOKUP(AB719*12,'Tax table'!$A$3:$C$10,1))+VLOOKUP(AB719*12,'Tax table'!$A$3:$C$10,2)))/12","v":{"v":19747.71904333333,"d":"19,748"}},{"v":15424.2785,"d":"15,424"},{"v":0.7810663330865603,"d":"78.1%"}]
["Member 1587","1968-08-15","M",{"v":217754.52,"d":"217,755"},{"v":0.8,"d":"80%"},{"v":0.85,"d":"85%"},{"v":0.75,"d":"75%"},{"v":0.1,"d":"10%"},null,50,{"v":18146.21,"d":"18,146"},{"v":1814.621,"d":"1,815"},{"v":22682.762499999997,"d":"22,683"},{"v":20868.141499999998,"d":"20,868"},{"$f":"(M720*12-(VLOOKUP(N720*12,'Tax table'!$A$3:$C$10,3)*(N720*12-VLOOKUP(N720*12,'Tax table'!$A$3:$C$10,1))+VLOOKUP(N720*12,'Tax table'!$A$3:$C$10,2)))/12","v":{"v":19747.71904333333,"d":"19,748"}},{"v":16331.589,"d":"16,332"},{"$f":"(VLOOKUP(P720*12,'Tax table'!$A$3:$C$10,3)*(P720*12-VLOOKUP(P720*12,'Tax table'!$A$3:$C$10,1))+VLOOKUP(P720*12,'Tax table'!$A$3:$C$10,2))/12","v":{"v":1755.5398066666667,"d":"1,756"}},{"v":16390.67019333333,"d":"16,391"},{"v":13932.069664333332,"d":"13,932"},{"v":0.7055027283789864,"d":"70.6%"},{"v":41796.20899299999,"d":"41,796"},{"$f":"IF($B$15=\"Yes\",MIN(S720*2,References!$B$7),0)","v":{"v":27864.139328666664,"d":"27,864"}},{"$f":"IF(AND(D720<>0,$B$16=\"Yes\"),References!$B$6,0)","v":{"v":100000,"d":"100,000"}},{"v":2458.6005289999994,"d":"2,459"},{"v":13609.6575,"d":"13,610"},{"v":1814.621,"d":"1,815"},{"v":15424.2785,"d":"15,424"},{"v":20868.141499999998,"d":"20,868"},{"$f":"(M720*12-(VLOOKUP(AB720*12,'Tax table'!$A$3:$C$10,3)*(AB720*12-VLOOKUP(AB720*12,'Tax table'!$A$3:$C$10,1))+VLOOKUP(AB720*12,'Tax table'!$A$3:$C$10,2)))/12","v":{"v":19747.71904333333,"d":"19,748"}},{"v":15424.2785,"d":"15,424"},{"v":0.7810663330865603,"d":"78.1%"}]
["Member 1588","1968-11-06","M",{"v":217754.52,"d":"217,755"},{"v":0.8,"d":"80%"},{"v":0.85,"d":"85%"},{"v":0.75,"d":"75%"},{"v":0.1,"d":"10%"},null,49,{"v":18146.21,"d":"18,146"},{"v":1814.621,"d":"1,815"},{"v":22682.762499999997,"d":"22,683"},{"v":20868.141499999998,"d":"20,868"},{"$f":"(M721*12-(VLOOKUP(N721*12,'Tax table'!$A$3:$C$10,3)*(N721*12-VLOOKUP(N721*12,'Tax table'!$A$3:$C$10,1))+VLOOKUP(N721*12,'Tax table'!$A$3:$C$10,2)))/12","v":{"v":19747.71904333333,"d":"19,748"}},{"v":16331.589,"d":"16,332"},{"$f":"(VLOOKUP(P721*12,'Tax table'!$A$3:$C$10,3)*(P721*12-VLOOKUP(P721*12,'Tax table'!$A$3:$C$10,1))+VLOOKUP(P721*12,'Tax table'!$A$3:$C$10,2))/12","v":{"v":1755.5398066666667,"d":"1,756"}},{"v":16390.67019333333,"d":"16,391"},{"v":13932.069664333332,"d":"13,932"},{"v":0.7055027283789864,"d":"70.6%"},{"v":41796.20899299999,"d":"41,796"},{"$f":"IF($B$15=\"Yes\",MIN(S721*2,References!$B$7),0)","v":{"v":27864.139328666664,"d":"27,864"}},{"$f":"IF(AND(D721<>0,$B$16=\"Yes\"),References!$B$6,0)","v":{"v":100000,"d":"100,000"}},{"v":2458.6005289999994,"d":"2,459"},{"v":13609.6575,"d":"13,610"},{"v":1814.621,"d":"1,815"},{"v":15424.2785,"d":"15,424"},{"v":20868.141499999998,"d":"20,868"},{"$f":"(M721*12-(VLOOKUP(AB721*12,'Tax table'!$A$3:$C$10,3)*(AB721*12-VLOOKUP(AB721*12,'Tax table'!$A$3:$C$10,1))+VLOOKUP(AB721*12,'Tax table'!$A$3:$C$10,2)))/12","v":{"v":19747.71904333333,"d":"19,748"}},{"v":15424.2785,"d":"15,424"},{"v":0.7810663330865603,"d":"78.1%"}]
["Member 1589","1967-01-27","M",{"v":217754.52,"d":"217,755"},{"v":0.8,"d":"80%"},{"v":0.85,"d":"85%"},{"v":0.75,"d":"75%"},{"v":0.1,"d":"10%"},null,51,{"v":18146.21,"d":"18,146"},{"v":1814.621,"d":"1,815"},{"v":22682.762499999997,"d":"22,683"},{"v":20868.141499999998,"d":"20,868"},{"$f":"(M722*12-(VLOOKUP(N722*12,'Tax table'!$A$3:$C$10,3)*(N722*12-VLOOKUP(N722*12,'Tax table'!$A$3:$C$10,1))+VLOOKUP(N722*12,'Tax table'!$A$3:$C$10,2)))/12","v":{"v":19747.71904333333,"d":"19,748"}},{"v":16331.589,"d":"16,332"},{"$f":"(VLOOKUP(P722*12,'Tax table'!$A$3:$C$10,3)*(P722*12-VLOOKUP(P722*12,'Tax table'!$A$3:$C$10,1))+VLOOKUP(P722*12,'Tax table'!$A$3:$C$10,2))/12","v":{"v":1755.5398066666667,"d":"1,756"}},{"v":16390.67019333333,"d":"16,391"},{"v":13932.069664333332,"d":"13,932"},{"v":0.7055027283789864,"d":"70.6%"},{"v":41796.20899299999,"d":"41,796"},{"$f":"IF($B$15=\"Yes\",MIN(S722*2,References!$B$7),0)","v":{"v":27864.139328666664,"d":"27,864"}},{"$f":"IF(AND(D722<>0,$B$16=\"Yes\"),References!$B$6,0)","v":{"v":100000,"d":"100,000"}},{"v":2458.6005289999994,"d":"2,459"},{"v":13609.6575,"d":"13,610"},{"v":1814.621,"d":"1,815"},{"v":15424.2785,"d":"15,424"},{"v":20868.141499999998,"d":"20,868"},{"$f":"(M722*12-(VLOOKUP(AB722*12,'Tax table'!$A$3:$C$10,3)*(AB722*12-VLOOKUP(AB722*12,'Tax table'!$A$3:$C$10,1))+VLOOKUP(AB722*12,'Tax table'!$A$3:$C$10,2)))/12","v":{"v":19747.71904333333,"d":"19,748"}},{"v":15424.2785,"d":"15,424"},{"v":0.7810663330865603,"d":"78.1%"}]
["Member 1590","1966-07-18","M",{"v":217754.52,"d":"217,755"},{"v":0.8,"d":"80%"},{"v":0.85,"d":"85%"},{"v":0.75,"d":"75%"},{"v":0.1,"d":"10%"},null,52,{"v":18146.21,"d":"18,146"},{"v":1814.621,"d":"1,815"},{"v":22682.762499999997,"d":"22,683"},{"v":20868.141499999998,"d":"20,868"},{"$f":"(M723*12-(VLOOKUP(N723*12,'Tax table'!$A$3:$C$10,3)*(N723*12-VLOOKUP(N723*12,'Tax table'!$A$3:$C$10,1))+VLOOKUP(N723*12,'Tax table'!$A$3:$C$10,2)))/12","v":{"v":19747.71904333333,"d":"19,748"}},{"v":16331.589,"d":"16,332"},{"$f":"(VLOOKUP(P723*12,'Tax table'!$A$3:$C$10,3)*(P723*12-VLOOKUP(P723*12,'Tax table'!$A$3:$C$10,1))+VLOOKUP(P723*12,'Tax table'!$A$3:$C$10,2))/12","v":{"v":1755.5398066666667,"d":"1,756"}},{"v":16390.67019333333,"d":"16,391"},{"v":13932.069664333332,"d":"13,932"},{"v":0.7055027283789864,"d":"70.6%"},{"v":41796.20899299999,"d":"41,796"},{"$f":"IF($B$15=\"Yes\",MIN(S723*2,References!$B$7),0)","v":{"v":27864.139328666664,"d":"27,864"}},{"$f":"IF(AND(D723<>0,$B$16=\"Yes\"),References!$B$6,0)","v":{"v":100000,"d":"100,000"}},{"v":2458.6005289999994,"d":"2,459"},{"v":13609.6575,"d":"13,610"},{"v":1814.621,"d":"1,815"},{"v":15424.2785,"d":"15,424"},{"v":20868.141499999998,"d":"20,868"},{"$f":"(M723*12-(VLOOKUP(AB723*12,'Tax table'!$A$3:$C$10,3)*(AB723*12-VLOOKUP(AB723*12,'Tax table'!$A$3:$C$10,1))+VLOOKUP(AB723*12,'Tax table'!$A$3:$C$10,2)))/12","v":{"v":19747.71904333333,"d":"19,748"}},{"v":15424.2785,"d":"15,424"},{"v":0.7810663330865603,"d":"78.1%"}]
["Member 1591","1984-09-22","M",{"v":217754.52,"d":"217,755"},{"v":0.8,"d":"80%"},{"v":0.85,"d":"85%"},{"v":0.75,"d":"75%"},{"v":0.1,"d":"10%"},null,34,{"v":18146.21,"d":"18,146"},{"v":1814.621,"d":"1,815"},{"v":22682.762499999997,"d":"22,683"},{"v":20868.141499999998,"d":"20,868"},{"$f":"(M724*12-(VLOOKUP(N724*12,'Tax table'!$A$3:$C$10,3)*(N724*12-VLOOKUP(N724*12,'Tax table'!$A$3:$C$10,1))+VLOOKUP(N724*12,'Tax table'!$A$3:$C$10,2)))/12","v":{"v":19747.71904333333,"d":"19,748"}},{"v":16331.589,"d":"16,332"},{"$f":"(VLOOKUP(P724*12,'Tax table'!$A$3:$C$10,3)*(P724*12-VLOOKUP(P724*12,'Tax table'!$A$3:$C$10,1))+VLOOKUP(P724*12,'Tax table'!$A$3:$C$10,2))/12","v":{"v":1755.5398066666667,"d":"1,756"}},{"v":16390.67019333333,"d":"16,391"},{"v":13932.069664333332,"d":"13,932"},{"v":0.7055027283789864,"d":"70.6%"},{"v":41796.20899299999,"d":"41,796"},{"$f":"IF($B$15=\"Yes\",MIN(S724*2,References!$B$7),0)","v":{"v":27864.139328666664,"d":"27,864"}},{"$f":"IF(AND(D724<>0,$B$16=\"Yes\"),References!$B$6,0)","v":{"v":100000,"d":"100,000"}},{"v":2458.6005289999994,"d":"2,459"},{"v":13609.6575,"d":"13,610"},{"v":1814.621,"d":"1,815"},{"v":15424.2785,"d":"15,424"},{"v":20868.141499999998,"d":"20,868"},{"$f":"(M724*12-(VLOOKUP(AB724*12,'Tax table'!$A$3:$C$10,3)*(AB724*12-VLOOKUP(AB724*12,'Tax table'!$A$3:$C$10,1))+VLOOKUP(AB724*12,'Tax table'!$A$3:$C$10,2)))/12","v":{"v":19747.71904333333,"d":"19,748"}},{"v":15424.2785,"d":"15,424"},{"v":0.7810663330865603,"d":"78.1%"}]
["Member 1585","1955-10-16","F",{"v":218132.64,"d":"218,133"},{"v":0.8,"d":"80%"},{"v":0.85,"d":"85%"},{"v":0.75,"d":"75%"},{"v":0.1,"d":"10%"},null,63,{"v":18177.72,"d":"18,178"},{"v":1817.7720000000002,"d":"1,818"},{"v":22722.15,"d":"22,722"},{"v":20904.378,"d":"20,904"},{"$f":"(M725*12-(VLOOKUP(N725*12,'Tax table'!$A$3:$C$10,3)*(N725*12-VLOOKUP(N725*12,'Tax table'!$A$3:$C$10,1))+VLOOKUP(N725*12,'Tax table'!$A$3:$C$10,2)))/12","v":{"v":19777.685053333338,"d":"19,778"}},{"v":16359.948,"d":"16,360"},{"$f":"(VLOOKUP(P725*12,'Tax table'!$A$3:$C$10,3)*(P725*12-VLOOKUP(P725*12,'Tax table'!$A$3:$C$10,1))+VLOOKUP(P725*12,'Tax table'!$A$3:$C$10,2))/12","v":{"v":1762.9131466666665,"d":"1,763"}},{"v":16414.806853333335,"d":"16,415"},{"v":13952.585825333335,"d":"13,953"},{"v":0.7054711300998173,"d":"70.5%"},{"v":41857.757476000006,"d":"41,858"},{"$f":"IF($B$15=\"Yes\",MIN(S725*2,References!$B$7),0)","v":{"v":27905.17165066667,"d":"27,905"}},{"$f":"IF(AND(D725<>0,$B$16=\"Yes\"),References!$B$6,0)","v":{"v":100000,"d":"100,000"}},{"v":2462.221028,"d":"2,462"},{"v":13633.29,"d":"13,633"},{"v":1817.7720000000002,"d":"1,818"},{"v":15451.062000000002,"d":"15,451"},{"v":20904.378,"d":"20,904"},{"$f":"(M725*12-(VLOOKUP(AB725*12,'Tax table'!$A$3:$C$10,3)*(AB725*12-VLOOKUP(AB725*12,'Tax table'!$A$3:$C$10,1))+VLOOKUP(AB725*12,'Tax table'!$A$3:$C$10,2)))/12","v":{"v":19777.685053333338,"d":"19,778"}},{"v":15451.062000000002,"d":"15,451"},{"v":0.7812371345955818,"d":"78.1%"}]
["Member 1584","1975-08-07","M",{"v":218545.8,"d":"218,546"},{"v":0.8,"d":"80%"},{"v":0.85,"d":"85%"},{"v":0.75,"d":"75%"},{"v":0.1,"d":"10%"},null,43,{"v":18212.149999999998,"d":"18,212"},{"v":1821.215,"d":"1,821"},{"v":22765.187499999996,"d":"22,765"},{"v":20943.972499999996,"d":"20,944"},{"$f":"(M726*12-(VLOOKUP(N726*12,'Tax table'!$A$3:$C$10,3)*(N726*12-VLOOKUP(N726*12,'Tax table'!$A$3:$C$10,1))+VLOOKUP(N726*12,'Tax table'!$A$3:$C$10,2)))/12","v":{"v":19810.42798333333,"d":"19,810"}},{"v":16390.934999999998,"d":"16,391"},{"$f":"(VLOOKUP(P726*12,'Tax table'!$A$3:$C$10,3)*(P726*12-VLOOKUP(P726*12,'Tax table'!$A$3:$C$10,1))+VLOOKUP(P726*12,'Tax table'!$A$3:$C$10,2))/12","v":{"v":1770.9697666666661,"d":"1,771"}},{"v":16441.180233333333,"d":"16,441"},{"v":13975.003198333332,"d":"13,975"},{"v":0.7054367129317253,"d":"70.5%"},{"v":41925.009594999996,"d":"41,925"},{"$f":"IF($B$15=\"Yes\",MIN(S726*2,References!$B$7),0)","v":{"v":27950.006396666664,"d":"27,950"}},{"$f":"IF(AND(D726<>0,$B$16=\"Yes\"),References!$B$6,0)","v":{"v":100000,"d":"100,000"}},{"v":2466.1770350000006,"d":"2,466"},{"v":13659.1125,"d":"13,659"},{"v":1821.215,"d":"1,821"},{"v":15480.3275,"d":"15,480"},{"v":20943.972499999996,"d":"20,944"},{"$f":"(M726*12-(VLOOKUP(AB726*12,'Tax table'!$A$3:$C$10,3)*(AB726*12-VLOOKUP(AB726*12,'Tax table'!$A$3:$C$10,1))+VLOOKUP(AB726*12,'Tax table'!$A$3:$C$10,2)))/12","v":{"v":19810.42798333333,"d":"19,810"}},{"v":15480.3275,"d":"15,480"},{"v":0.7814231733420257,"d":"78.1%"}]
["Member 1583","1966-11-07","M",{"v":219405.72,"d":"219,406"},{"v":0.8,"d":"80%"},{"v":0.85,"d":"85%"},{"v":0.75,"d":"75%"},{"v":0.1,"d":"10%"},null,51,{"v":18283.81,"d":"18,284"},{"v":1828.3810000000003,"d":"1,828"},{"v":22854.7625,"d":"22,855"},{"v":21026.3815,"d":"21,026"},{"$f":"(M727*12-(VLOOKUP(N727*12,'Tax table'!$A$3:$C$10,3)*(N727*12-VLOOKUP(N727*12,'Tax table'!$A$3:$C$10,1))+VLOOKUP(N727*12,'Tax table'!$A$3:$C$10,2)))/12","v":{"v":19878.576643333337,"d":"19,879"}},{"v":16455.429,"d":"16,455"},{"$f":"(VLOOKUP(P727*12,'Tax table'!$A$3:$C$10,3)*(P727*12-VLOOKUP(P727*12,'Tax table'!$A$3:$C$10,1))+VLOOKUP(P727*12,'Tax table'!$A$3:$C$10,2))/12","v":{"v":1787.7382066666662,"d":"1,788"}},{"v":16496.071793333336,"d":"16,496"},{"v":14021.661024333336,"d":"14,022"},{"v":0.7053654432062051,"d":"70.5%"},{"v":42064.98307300001,"d":"42,065"},{"$f":"IF($B$15=\"Yes\",MIN(S727*2,References!$B$7),0)","v":{"v":28043.322048666672,"d":"28,043"}},{"$f":"IF(AND(D727<>0,$B$16=\"Yes\"),References!$B$6,0)","v":{"v":100000,"d":"100,000"}},{"v":2474.410769,"d":"2,474"},{"v":13712.857500000002,"d":"13,713"},{"v":1828.3810000000003,"d":"1,828"},{"v":15541.238500000003,"d":"15,541"},{"v":21026.3815,"d":"21,026"},{"$f":"(M727*12-(VLOOKUP(AB727*12,'Tax table'!$A$3:$C$10,3)*(AB727*12-VLOOKUP(AB727*12,'Tax table'!$A$3:$C$10,1))+VLOOKUP(AB727*12,'Tax table'!$A$3:$C$10,2)))/12","v":{"v":19878.576643333337,"d":"19,879"}},{"v":15541.238500000003,"d":"15,541"},{"v":0.7818084151015942,"d":"78.2%"}]
["Member 1582","1955-11-08","F",{"v":219969.48,"d":"219,969"},{"v":0.8,"d":"80%"},{"v":0.85,"d":"85%"},{"v":0.75,"d":"75%"},{"v":0.1,"d":"10%"},null,{"$f":"DATEDIF(B728,$B$7,\"y\")","v":62},{"$f":"D728/12","v":{"v":18330.79,"d":"18,331"}},{"$f":"IF($B$10=\"No\",MIN(K728*H728,15%*K728),I728/12)","v":{"v":1833.0790000000002,"d":"1,833"}},{"$f":"D728/12/E728","v":{"v":22913.4875,"d":"22,913"}},{"$f":"M728-L728","v":{"v":21080.408499999998,"d":"21,080"}},{"$f":"(M728*12-(VLOOKUP(N728*12,'Tax table'!$A$3:$C$10,3)*(N728*12-VLOOKUP(N728*12,'Tax table'!$A$3:$C$10,1))+VLOOKUP(N728*12,'Tax table'!$A$3:$C$10,2)))/12","v":{"v":19923.25462333333,"d":"19,923"}},{"$f":"K728-L728","v":{"v":16497.711,"d":"16,498"}},{"$f":"(VLOOKUP(P728*12,'Tax table'!$A$3:$C$10,3)*(P728*12-VLOOKUP(P728*12,'Tax table'!$A$3:$C$10,1))+VLOOKUP(P728*12,'Tax table'!$A$3:$C$10,2))/12","v":{"v":1798.7315266666667,"d":"1,799"}},{"$f":"K728-Q728","v":{"v":16532.058473333334,"d":"16,532"}},{"$f":"MIN(R728*F728,SUM($B$8,$B$9))","v":{"v":14052.249702333334,"d":"14,052"}},{"$f":"S728/O728","v":{"v":0.705318983670263,"d":"70.5%"}},{"$f":"IF($B$14=\"Yes\",S728*3,0)","v":{"v":42156.749107,"d":"42,157"}},{"$f":"IF($B$15=\"Yes\",MIN(S728*2,References!$B$7),0)","v":{"v":28104.49940466667,"d":"28,104"}},{"$f":"IF(AND(D728<>0,$B$16=\"Yes\"),References!$B$6,0)","v":{"v":100000,"d":"100,000"}},{"$f":"IF($B$17=\"Yes\",MIN(R728,SUM($B$8:$B$9))-S728,0)","v":{"v":2479.808771,"d":"2,480"}},{"$f":"MIN(K728*G728,$B$8)","v":{"v":13748.0925,"d":"13,748"}},{"$f":"MIN(K728*H728,$B$9)","v":{"v":1833.0790000000002,"d":"1,833"}},{"$f":"Z728+Y728","v":{"v":15581.1715,"d":"15,581"}},{"$f":"M728-Z728","v":{"v":21080.408499999998,"d":"21,080"}},{"$f":"(M728*12-(VLOOKUP(AB728*12,'Tax table'!$A$3:$C$10,3)*(AB728*12-VLOOKUP(AB728*12,'Tax table'!$A$3:$C$10,1))+VLOOKUP(AB728*12,'Tax table'!$A$3:$C$10,2)))/12","v":{"v":19923.25462333333,"d":"19,923"}},{"$f":"MIN(AA728,AC728)","v":{"v":15581.1715,"d":"15,581"}},{"$f":"AD728/O728","v":{"v":0.7820595477283088,"d":"78.2%"}}]
["Member 1581","1963-07-07","F",{"v":220219.92,"d":"220,220"},{"v":0.8,"d":"80%"},{"v":0.85,"d":"85%"},{"v":0.75,"d":"75%"},{"v":0.1,"d":"10%"},null,55,{"v":18351.66,"d":"18,352"},{"v":1835.1660000000002,"d":"1,835"},{"v":22939.574999999997,"d":"22,940"},{"v":21104.408999999996,"d":"21,104"},{"$f":"(M729*12-(VLOOKUP(N729*12,'Tax table'!$A$3:$C$10,3)*(N729*12-VLOOKUP(N729*12,'Tax table'!$A$3:$C$10,1))+VLOOKUP(N729*12,'Tax table'!$A$3:$C$10,2)))/12","v":{"v":19943.101993333334,"d":"19,943"}},{"v":16516.494,"d":"16,516"},{"$f":"(VLOOKUP(P729*12,'Tax table'!$A$3:$C$10,3)*(P729*12-VLOOKUP(P729*12,'Tax table'!$A$3:$C$10,1))+VLOOKUP(P729*12,'Tax table'!$A$3:$C$10,2))/12","v":{"v":1803.6151066666664,"d":"1,804"}},{"v":16548.044893333332,"d":"16,548"},{"v":14065.838159333332,"d":"14,066"},{"v":0.7052984116530779,"d":"70.5%"},{"v":42197.514478,"d":"42,198"},{"$f":"IF($B$15=\"Yes\",MIN(S729*2,References!$B$7),0)","v":{"v":28131.676318666665,"d":"28,132"}},{"$f":"IF(AND(D729<>0,$B$16=\"Yes\"),References!$B$6,0)","v":{"v":100000,"d":"100,000"}},{"v":2482.2067339999994,"d":"2,482"},{"v":13763.744999999999,"d":"13,764"},{"v":1835.1660000000002,"d":"1,835"},{"v":15598.911,"d":"15,599"},{"v":21104.408999999996,"d":"21,104"},{"$f":"(M729*12-(VLOOKUP(AB729*12,'Tax table'!$A$3:$C$10,3)*(AB729*12-VLOOKUP(AB729*12,'Tax table'!$A$3:$C$10,1))+VLOOKUP(AB729*12,'Tax table'!$A$3:$C$10,2)))/12","v":{"v":19943.101993333334,"d":"19,943"}},{"v":15598.911,"d":"15,599"},{"v":0.7821707478212001,"d":"78.2%"}]
["Member 1580","1972-06-02","F",{"v":220598.4,"d":"220,598"},{"v":0.8,"d":"80%"},{"v":0.85,"d":"85%"},{"v":0.75,"d":"75%"},{"v":0.1,"d":"10%"},null,46,{"v":18383.2,"d":"18,383"},{"v":1838.3200000000002,"d":"1,838"},{"v":22979,"d":"22,979"},{"v":21140.68,"d":"21,141"},{"$f":"(M730*12-(VLOOKUP(N730*12,'Tax table'!$A$3:$C$10,3)*(N730*12-VLOOKUP(N730*12,'Tax table'!$A$3:$C$10,1))+VLOOKUP(N730*12,'Tax table'!$A$3:$C$10,2)))/12","v":{"v":19973.096533333333,"d":"19,973"}},{"v":16544.88,"d":"16,545"},{"$f":"(VLOOKUP(P730*12,'Tax table'!$A$3:$C$10,3)*(P730*12-VLOOKUP(P730*12,'Tax table'!$A$3:$C$10,1))+VLOOKUP(P730*12,'Tax table'!$A$3:$C$10,2))/12","v":{"v":1810.9954666666665,"d":"1,811"}},{"v":16572.204533333334,"d":"16,572"},{"v":14086.373853333333,"d":"14,086"},{"v":0.7052673995654314,"d":"70.5%"},{"v":42259.12156,"d":"42,259"},{"$f":"IF($B$15=\"Yes\",MIN(S730*2,References!$B$7),0)","v":{"v":28172.747706666665,"d":"28,173"}},{"$f":"IF(AND(D730<>0,$B$16=\"Yes\"),References!$B$6,0)","v":{"v":100000,"d":"100,000"}},{"v":2485.830680000001,"d":"2,486"},{"v":13787.400000000001,"d":"13,787"},{"v":1838.3200000000002,"d":"1,838"},{"v":15625.720000000001,"d":"15,626"},{"v":21140.68,"d":"21,141"},{"$f":"(M730*12-(VLOOKUP(AB730*12,'Tax table'!$A$3:$C$10,3)*(AB730*12-VLOOKUP(AB730*12,'Tax table'!$A$3:$C$10,1))+VLOOKUP(AB730*12,'Tax table'!$A$3:$C$10,2)))/12","v":{"v":19973.096533333333,"d":"19,973"}},{"v":15625.720000000001,"d":"15,626"},{"v":0.7823383807273977,"d":"78.2%"}]
["Member 1579","1964-11-10","M",{"v":220749.24,"d":"220,749"},{"v":0.8,"d":"80%"},{"v":0.85,"d":"85%"},{"v":0.75,"d":"75%"},{"v":0.1,"d":"10%"},null,53,{"v":18395.77,"d":"18,396"},{"v":1839.5770000000002,"d":"1,840"},{"v":22994.712499999998,"d":"22,995"},{"v":21155.135499999997,"d":"21,155"},{"$f":"(M731*12-(VLOOKUP(N731*12,'Tax table'!$A$3:$C$10,3)*(N731*12-VLOOKUP(N731*12,'Tax table'!$A$3:$C$10,1))+VLOOKUP(N731*12,'Tax table'!$A$3:$C$10,2)))/12","v":{"v":19985.050603333333,"d":"19,985"}},{"v":16556.193,"d":"16,556"},{"$f":"(VLOOKUP(P731*12,'Tax table'!$A$3:$C$10,3)*(P731*12-VLOOKUP(P731*12,'Tax table'!$A$3:$C$10,1))+VLOOKUP(P731*12,'Tax table'!$A$3:$C$10,2))/12","v":{"v":1813.9368466666665,"d":"1,814"}},{"v":16581.833153333333,"d":"16,582"},{"v":14094.558180333333,"d":"14,095"},{"v":0.7052550659032348,"d":"70.5%"},{"v":42283.674541,"d":"42,284"},{"$f":"IF($B$15=\"Yes\",MIN(S731*2,References!$B$7),0)","v":{"v":28189.116360666667,"d":"28,189"}},{"$f":"IF(AND(D731<>0,$B$16=\"Yes\"),References!$B$6,0)","v":{"v":100000,"d":"100,000"}},{"v":2487.2749729999996,"d":"2,487"},{"v":13796.8275,"d":"13,797"},{"v":1839.5770000000002,"d":"1,840"},{"v":15636.4045,"d":"15,636"},{"v":21155.135499999997,"d":"21,155"},{"$f":"(M731*12-(VLOOKUP(AB731*12,'Tax table'!$A$3:$C$10,3)*(AB731*12-VLOOKUP(AB731*12,'Tax table'!$A$3:$C$10,1))+VLOOKUP(AB731*12,'Tax table'!$A$3:$C$10,2)))/12","v":{"v":19985.050603333333,"d":"19,985"}},{"v":15636.4045,"d":"15,636"},{"v":0.7824050491717036,"d":"78.2%"}]
["Member 1577","1986-03-02","F",{"v":220763.4,"d":"220,763"},{"v":0.8,"d":"80%"},{"v":0.85,"d":"85%"},{"v":0.75,"d":"75%"},{"v":0.1,"d":"10%"},null,32,{"v":18396.95,"d":"18,397"},{"v":1839.6950000000002,"d":"1,840"},{"v":22996.1875,"d":"22,996"},{"v":21156.4925,"d":"21,156"},{"$f":"(M732*12-(VLOOKUP(N732*12,'Tax table'!$A$3:$C$10,3)*(N732*12-VLOOKUP(N732*12,'Tax table'!$A$3:$C$10,1))+VLOOKUP(N732*12,'Tax table'!$A$3:$C$10,2)))/12","v":{"v":19986.17278333333,"d":"19,986"}},{"v":16557.255,"d":"16,557"},{"$f":"(VLOOKUP(P732*12,'Tax table'!$A$3:$C$10,3)*(P732*12-VLOOKUP(P732*12,'Tax table'!$A$3:$C$10,1))+VLOOKUP(P732*12,'Tax table'!$A$3:$C$10,2))/12","v":{"v":1814.2129666666667,"d":"1,814"}},{"v":16582.737033333335,"d":"16,583"},{"v":14095.326478333334,"d":"14,095"},{"v":0.7052539088467987,"d":"70.5%"},{"v":42285.979435,"d":"42,286"},{"$f":"IF($B$15=\"Yes\",MIN(S732*2,References!$B$7),0)","v":{"v":28190.65295666667,"d":"28,191"}},{"$f":"IF(AND(D732<>0,$B$16=\"Yes\"),References!$B$6,0)","v":{"v":100000,"d":"100,000"}},{"v":2487.4105550000004,"d":"2,487"},{"v":13797.712500000001,"d":"13,798"},{"v":1839.6950000000002,"d":"1,840"},{"v":15637.407500000001,"d":"15,637"},{"v":21156.4925,"d":"21,156"},{"$f":"(M732*12-(VLOOKUP(AB732*12,'Tax table'!$A$3:$C$10,3)*(AB732*12-VLOOKUP(AB732*12,'Tax table'!$A$3:$C$10,1))+VLOOKUP(AB732*12,'Tax table'!$A$3:$C$10,2)))/12","v":{"v":19986.17278333333,"d":"19,986"}},{"v":15637.407500000001,"d":"15,637"},{"v":0.7824113035308186,"d":"78.2%"}]
["Member 1578","1972-05-02","F",{"v":220763.4,"d":"220,763"},{"v":0.8,"d":"80%"},{"v":0.85,"d":"85%"},{"v":0.75,"d":"75%"},{"v":0.1,"d":"10%"},null,46,{"v":18396.95,"d":"18,397"},{"v":1839.6950000000002,"d":"1,840"},{"v":22996.1875,"d":"22,996"},{"v":21156.4925,"d":"21,156"},{"$f":"(M733*12-(VLOOKUP(N733*12,'Tax table'!$A$3:$C$10,3)*(N733*12-VLOOKUP(N733*12,'Tax table'!$A$3:$C$10,1))+VLOOKUP(N733*12,'Tax table'!$A$3:$C$10,2)))/12","v":{"v":19986.17278333333,"d":"19,986"}},{"v":16557.255,"d":"16,557"},{"$f":"(VLOOKUP(P733*12,'Tax table'!$A$3:$C$10,3)*(P733*12-VLOOKUP(P733*12,'Tax table'!$A$3:$C$10,1))+VLOOKUP(P733*12,'Tax table'!$A$3:$C$10,2))/12","v":{"v":1814.2129666666667,"d":"1,814"}},{"v":16582.737033333335,"d":"16,583"},{"v":14095.326478333334,"d":"14,095"},{"v":0.7052539088467987,"d":"70.5%"},{"v":42285.979435,"d":"42,286"},{"$f":"IF($B$15=\"Yes\",MIN(S733*2,References!$B$7),0)","v":{"v":28190.65295666667,"d":"28,191"}},{"$f":"IF(AND(D733<>0,$B$16=\"Yes\"),References!$B$6,0)","v":{"v":100000,"d":"100,000"}},{"v":2487.4105550000004,"d":"2,487"},{"v":13797.712500000001,"d":"13,798"},{"v":1839.6950000000002,"d":"1,840"},{"v":15637.407500000001,"d":"15,637"},{"v":21156.4925,"d":"21,156"},{"$f":"(M733*12-(VLOOKUP(AB733*12,'Tax table'!$A$3:$C$10,3)*(AB733*12-VLOOKUP(AB733*12,'Tax table'!$A$3:$C$10,1))+VLOOKUP(AB733*12,'Tax table'!$A$3:$C$10,2)))/12","v":{"v":19986.17278333333,"d":"19,986"}},{"v":15637.407500000001,"d":"15,637"},{"v":0.7824113035308186,"d":"78.2%"}]
["Member 1576","1990-08-24","F",{"v":221025.96,"d":"221,026"},{"v":0.8,"d":"80%"},{"v":0.85,"d":"85%"},{"v":0.75,"d":"75%"},{"v":0.1,"d":"10%"},null,28,{"v":18418.829999999998,"d":"18,419"},{"v":1841.8829999999998,"d":"1,842"},{"v":23023.537499999995,"d":"23,024"},{"v":21181.654499999997,"d":"21,182"},{"$f":"(M734*12-(VLOOKUP(N734*12,'Tax table'!$A$3:$C$10,3)*(N734*12-VLOOKUP(N734*12,'Tax table'!$A$3:$C$10,1))+VLOOKUP(N734*12,'Tax table'!$A$3:$C$10,2)))/12","v":{"v":20006.980663333332,"d":"20,007"}},{"v":16576.947,"d":"16,577"},{"$f":"(VLOOKUP(P734*12,'Tax table'!$A$3:$C$10,3)*(P734*12-VLOOKUP(P734*12,'Tax table'!$A$3:$C$10,1))+VLOOKUP(P734*12,'Tax table'!$A$3:$C$10,2))/12","v":{"v":1819.3328866666668,"d":"1,819"}},{"v":16599.49711333333,"d":"16,599"},{"v":14109.572546333331,"d":"14,110"},{"v":0.7052324777917068,"d":"70.5%"},{"v":42328.717638999995,"d":"42,329"},{"$f":"IF($B$15=\"Yes\",MIN(S734*2,References!$B$7),0)","v":{"v":28219.145092666662,"d":"28,219"}},{"$f":"IF(AND(D734<>0,$B$16=\"Yes\"),References!$B$6,0)","v":{"v":100000,"d":"100,000"}},{"v":2489.924567,"d":"2,490"},{"v":13814.122499999998,"d":"13,814"},{"v":1841.8829999999998,"d":"1,842"},{"v":15656.005499999997,"d":"15,656"},{"v":21181.654499999997,"d":"21,182"},{"$f":"(M734*12-(VLOOKUP(AB734*12,'Tax table'!$A$3:$C$10,3)*(AB734*12-VLOOKUP(AB734*12,'Tax table'!$A$3:$C$10,1))+VLOOKUP(AB734*12,'Tax table'!$A$3:$C$10,2)))/12","v":{"v":20006.980663333332,"d":"20,007"}},{"v":15656.005499999997,"d":"15,656"},{"v":0.7825271470718548,"d":"78.3%"}]
["Member 1575","1983-06-17","F",{"v":221858.52,"d":"221,859"},{"v":0.8,"d":"80%"},{"v":0.85,"d":"85%"},{"v":0.75,"d":"75%"},{"v":0.1,"d":"10%"},null,35,{"v":18488.21,"d":"18,488"},{"v":1848.821,"d":"1,849"},{"v":23110.262499999997,"d":"23,110"},{"v":21261.441499999997,"d":"21,261"},{"$f":"(M735*12-(VLOOKUP(N735*12,'Tax table'!$A$3:$C$10,3)*(N735*12-VLOOKUP(N735*12,'Tax table'!$A$3:$C$10,1))+VLOOKUP(N735*12,'Tax table'!$A$3:$C$10,2)))/12","v":{"v":20072.961043333333,"d":"20,073"}},{"v":16639.389,"d":"16,639"},{"$f":"(VLOOKUP(P735*12,'Tax table'!$A$3:$C$10,3)*(P735*12-VLOOKUP(P735*12,'Tax table'!$A$3:$C$10,1))+VLOOKUP(P735*12,'Tax table'!$A$3:$C$10,2))/12","v":{"v":1835.567806666667,"d":"1,836"}},{"v":16652.642193333333,"d":"16,653"},{"v":14154.745864333332,"d":"14,155"},{"v":0.7051648151847747,"d":"70.5%"},{"v":42464.237593,"d":"42,464"},{"$f":"IF($B$15=\"Yes\",MIN(S735*2,References!$B$7),0)","v":{"v":28309.491728666664,"d":"28,309"}},{"$f":"IF(AND(D735<>0,$B$16=\"Yes\"),References!$B$6,0)","v":{"v":100000,"d":"100,000"}},{"v":2497.896329000001,"d":"2,498"},{"v":13866.1575,"d":"13,866"},{"v":1848.821,"d":"1,849"},{"v":15714.9785,"d":"15,715"},{"v":21261.441499999997,"d":"21,261"},{"$f":"(M735*12-(VLOOKUP(AB735*12,'Tax table'!$A$3:$C$10,3)*(AB735*12-VLOOKUP(AB735*12,'Tax table'!$A$3:$C$10,1))+VLOOKUP(AB735*12,'Tax table'!$A$3:$C$10,2)))/12","v":{"v":20072.961043333333,"d":"20,073"}},{"v":15714.9785,"d":"15,715"},{"v":0.7828928908931094,"d":"78.3%"}]
["Member 1574","1990-01-19","M",{"v":222783.72,"d":"222,784"},{"v":0.8,"d":"80%"},{"v":0.85,"d":"85%"},{"v":0.75,"d":"75%"},{"v":0.1,"d":"10%"},null,28,{"v":18565.31,"d":"18,565"},{"v":1856.5310000000002,"d":"1,857"},{"v":23206.6375,"d":"23,207"},{"v":21350.1065,"d":"21,350"},{"$f":"(M736*12-(VLOOKUP(N736*12,'Tax table'!$A$3:$C$10,3)*(N736*12-VLOOKUP(N736*12,'Tax table'!$A$3:$C$10,1))+VLOOKUP(N736*12,'Tax table'!$A$3:$C$10,2)))/12","v":{"v":20146.283143333334,"d":"20,146"}},{"v":16708.779000000002,"d":"16,709"},{"$f":"(VLOOKUP(P736*12,'Tax table'!$A$3:$C$10,3)*(P736*12-VLOOKUP(P736*12,'Tax table'!$A$3:$C$10,1))+VLOOKUP(P736*12,'Tax table'!$A$3:$C$10,2))/12","v":{"v":1853.6092066666672,"d":"1,854"}},{"v":16711.700793333333,"d":"16,712"},{"v":14204.945674333332,"d":"14,205"},{"v":0.7050901435897834,"d":"70.5%"},{"v":42614.837023,"d":"42,615"},{"$f":"IF($B$15=\"Yes\",MIN(S736*2,References!$B$7),0)","v":{"v":28409.891348666664,"d":"28,410"}},{"$f":"IF(AND(D736<>0,$B$16=\"Yes\"),References!$B$6,0)","v":{"v":100000,"d":"100,000"}},{"v":2506.7551190000013,"d":"2,507"},{"v":13923.982500000002,"d":"13,924"},{"v":1856.5310000000002,"d":"1,857"},{"v":15780.513500000003,"d":"15,781"},{"v":21350.1065,"d":"21,350"},{"$f":"(M736*12-(VLOOKUP(AB736*12,'Tax table'!$A$3:$C$10,3)*(AB736*12-VLOOKUP(AB736*12,'Tax table'!$A$3:$C$10,1))+VLOOKUP(AB736*12,'Tax table'!$A$3:$C$10,2)))/12","v":{"v":20146.283143333334,"d":"20,146"}},{"v":15780.513500000003,"d":"15,781"},{"v":0.7832965211363059,"d":"78.3%"}]
["Member 1572","1979-02-02","M",{"v":223349.76,"d":"223,350"},{"v":0.8,"d":"80%"},{"v":0.85,"d":"85%"},{"v":0.75,"d":"75%"},{"v":0.1,"d":"10%"},null,39,{"v":18612.48,"d":"18,612"},{"v":1861.248,"d":"1,861"},{"v":23265.6,"d":"23,266"},{"v":21404.352,"d":"21,404"},{"$f":"(M737*12-(VLOOKUP(N737*12,'Tax table'!$A$3:$C$10,3)*(N737*12-VLOOKUP(N737*12,'Tax table'!$A$3:$C$10,1))+VLOOKUP(N737*12,'Tax table'!$A$3:$C$10,2)))/12","v":{"v":20191.14181333333,"d":"20,191"}},{"v":16751.232,"d":"16,751"},{"$f":"(VLOOKUP(P737*12,'Tax table'!$A$3:$C$10,3)*(P737*12-VLOOKUP(P737*12,'Tax table'!$A$3:$C$10,1))+VLOOKUP(P737*12,'Tax table'!$A$3:$C$10,2))/12","v":{"v":1864.6469866666664,"d":"1,865"}},{"v":16747.833013333333,"d":"16,748"},{"v":14235.658061333332,"d":"14,236"},{"v":0.7050447266896386,"d":"70.5%"},{"v":42706.97418399999,"d":"42,707"},{"$f":"IF($B$15=\"Yes\",MIN(S737*2,References!$B$7),0)","v":{"v":28471.316122666663,"d":"28,471"}},{"$f":"IF(AND(D737<>0,$B$16=\"Yes\"),References!$B$6,0)","v":{"v":100000,"d":"100,000"}},{"v":2512.174952000001,"d":"2,512"},{"v":13959.36,"d":"13,959"},{"v":1861.248,"d":"1,861"},{"v":15820.608,"d":"15,821"},{"v":21404.352,"d":"21,404"},{"$f":"(M737*12-(VLOOKUP(AB737*12,'Tax table'!$A$3:$C$10,3)*(AB737*12-VLOOKUP(AB737*12,'Tax table'!$A$3:$C$10,1))+VLOOKUP(AB737*12,'Tax table'!$A$3:$C$10,2)))/12","v":{"v":20191.14181333333,"d":"20,191"}},{"v":15820.608,"d":"15,821"},{"v":0.7835420178938456,"d":"78.4%"}]
["Member 1573","1981-03-31","F",{"v":223349.76,"d":"223,350"},{"v":0.8,"d":"80%"},{"v":0.85,"d":"85%"},{"v":0.75,"d":"75%"},{"v":0.1,"d":"10%"},null,37,{"v":18612.48,"d":"18,612"},{"v":1861.248,"d":"1,861"},{"v":23265.6,"d":"23,266"},{"v":21404.352,"d":"21,404"},{"$f":"(M738*12-(VLOOKUP(N738*12,'Tax table'!$A$3:$C$10,3)*(N738*12-VLOOKUP(N738*12,'Tax table'!$A$3:$C$10,1))+VLOOKUP(N738*12,'Tax table'!$A$3:$C$10,2)))/12","v":{"v":20191.14181333333,"d":"20,191"}},{"v":16751.232,"d":"16,751"},{"$f":"(VLOOKUP(P738*12,'Tax table'!$A$3:$C$10,3)*(P738*12-VLOOKUP(P738*12,'Tax table'!$A$3:$C$10,1))+VLOOKUP(P738*12,'Tax table'!$A$3:$C$10,2))/12","v":{"v":1864.6469866666664,"d":"1,865"}},{"v":16747.833013333333,"d":"16,748"},{"v":14235.658061333332,"d":"14,236"},{"v":0.7050447266896386,"d":"70.5%"},{"v":42706.97418399999,"d":"42,707"},{"$f":"IF($B$15=\"Yes\",MIN(S738*2,References!$B$7),0)","v":{"v":28471.316122666663,"d":"28,471"}},{"$f":"IF(AND(D738<>0,$B$16=\"Yes\"),References!$B$6,0)","v":{"v":100000,"d":"100,000"}},{"v":2512.174952000001,"d":"2,512"},{"v":13959.36,"d":"13,959"},{"v":1861.248,"d":"1,861"},{"v":15820.608,"d":"15,821"},{"v":21404.352,"d":"21,404"},{"$f":"(M738*12-(VLOOKUP(AB738*12,'Tax table'!$A$3:$C$10,3)*(AB738*12-VLOOKUP(AB738*12,'Tax table'!$A$3:$C$10,1))+VLOOKUP(AB738*12,'Tax table'!$A$3:$C$10,2)))/12","v":{"v":20191.14181333333,"d":"20,191"}},{"v":15820.608,"d":"15,821"},{"v":0.7835420178938456,"d":"78.4%"}]
["Member 1566","1988-03-09","F",{"v":223354.8,"d":"223,355"},{"v":0.8,"d":"80%"},{"v":0.85,"d":"85%"},{"v":0.75,"d":"75%"},{"v":0.1,"d":"10%"},null,30,{"v":18612.899999999998,"d":"18,613"},{"v":1861.29,"d":"1,861"},{"v":23266.124999999996,"d":"23,266"},{"v":21404.834999999995,"d":"21,405"},{"$f":"(M739*12-(VLOOKUP(N739*12,'Tax table'!$A$3:$C$10,3)*(N739*12-VLOOKUP(N739*12,'Tax table'!$A$3:$C$10,1))+VLOOKUP(N739*12,'Tax table'!$A$3:$C$10,2)))/12","v":{"v":20191.54123333333,"d":"20,192"}},{"v":16751.609999999997,"d":"16,752"},{"$f":"(VLOOKUP(P739*12,'Tax table'!$A$3:$C$10,3)*(P739*12-VLOOKUP(P739*12,'Tax table'!$A$3:$C$10,1))+VLOOKUP(P739*12,'Tax table'!$A$3:$C$10,2))/12","v":{"v":1864.7452666666657,"d":"1,865"}},{"v":16748.154733333333,"d":"16,748"},{"v":14235.931523333333,"d":"14,236"},{"v":0.7050443232055935,"d":"70.5%"},{"v":42707.79457,"d":"42,708"},{"$f":"IF($B$15=\"Yes\",MIN(S739*2,References!$B$7),0)","v":{"v":28471.863046666665,"d":"28,472"}},{"$f":"IF(AND(D739<>0,$B$16=\"Yes\"),References!$B$6,0)","v":{"v":100000,"d":"100,000"}},{"v":2512.22321,"d":"2,512"},{"v":13959.675,"d":"13,960"},{"v":1861.29,"d":"1,861"},{"v":15820.965,"d":"15,821"},{"v":21404.834999999995,"d":"21,405"},{"$f":"(M739*12-(VLOOKUP(AB739*12,'Tax table'!$A$3:$C$10,3)*(AB739*12-VLOOKUP(AB739*12,'Tax table'!$A$3:$C$10,1))+VLOOKUP(AB739*12,'Tax table'!$A$3:$C$10,2)))/12","v":{"v":20191.54123333333,"d":"20,192"}},{"v":15820.965,"d":"15,821"},{"v":0.7835441988886843,"d":"78.4%"}]
["Member 1567","1983-03-12","F",{"v":223354.8,"d":"223,355"},{"v":0.8,"d":"80%"},{"v":0.85,"d":"85%"},{"v":0.75,"d":"75%"},{"v":0.1,"d":"10%"},null,35,{"v":18612.899999999998,"d":"18,613"},{"v":1861.29,"d":"1,861"},{"v":23266.124999999996,"d":"23,266"},{"v":21404.834999999995,"d":"21,405"},{"$f":"(M740*12-(VLOOKUP(N740*12,'Tax table'!$A$3:$C$10,3)*(N740*12-VLOOKUP(N740*12,'Tax table'!$A$3:$C$10,1))+VLOOKUP(N740*12,'Tax table'!$A$3:$C$10,2)))/12","v":{"v":20191.54123333333,"d":"20,192"}},{"v":16751.609999999997,"d":"16,752"},{"$f":"(VLOOKUP(P740*12,'Tax table'!$A$3:$C$10,3)*(P740*12-VLOOKUP(P740*12,'Tax table'!$A$3:$C$10,1))+VLOOKUP(P740*12,'Tax table'!$A$3:$C$10,2))/12","v":{"v":1864.7452666666657,"d":"1,865"}},{"v":16748.154733333333,"d":"16,748"},{"v":14235.931523333333,"d":"14,236"},{"v":0.7050443232055935,"d":"70.5%"},{"v":42707.79457,"d":"42,708"},{"$f":"IF($B$15=\"Yes\",MIN(S740*2,References!$B$7),0)","v":{"v":28471.863046666665,"d":"28,472"}},{"$f":"IF(AND(D740<>0,$B$16=\"Yes\"),References!$B$6,0)","v":{"v":100000,"d":"100,000"}},{"v":2512.22321,"d":"2,512"},{"v":13959.675,"d":"13,960"},{"v":1861.29,"d":"1,861"},{"v":15820.965,"d":"15,821"},{"v":21404.834999999995,"d":"21,405"},{"$f":"(M740*12-(VLOOKUP(AB740*12,'Tax table'!$A$3:$C$10,3)*(AB740*12-VLOOKUP(AB740*12,'Tax table'!$A$3:$C$10,1))+VLOOKUP(AB740*12,'Tax table'!$A$3:$C$10,2)))/12","v":{"v":20191.54123333333,"d":"20,192"}},{"v":15820.965,"d":"15,821"},{"v":0.7835441988886843,"d":"78.4%"}]
["Member 1568","1986-06-03","F",{"v":223354.8,"d":"223,355"},{"v":0.8,"d":"80%"},{"v":0.85,"d":"85%"},{"v":0.75,"d":"75%"},{"v":0.1,"d":"10%"},null,32,{"v":18612.899999999998,"d":"18,613"},{"v":1861.29,"d":"1,861"},{"v":23266.124999999996,"d":"23,266"},{"v":21404.834999999995,"d":"21,405"},{"$f":"(M741*12-(VLOOKUP(N741*12,'Tax table'!$A$3:$C$10,3)*(N741*12-VLOOKUP(N741*12,'Tax table'!$A$3:$C$10,1))+VLOOKUP(N741*12,'Tax table'!$A$3:$C$10,2)))/12","v":{"v":20191.54123333333,"d":"20,192"}},{"v":16751.609999999997,"d":"16,752"},{"$f":"(VLOOKUP(P741*12,'Tax table'!$A$3:$C$10,3)*(P741*12-VLOOKUP(P741*12,'Tax table'!$A$3:$C$10,1))+VLOOKUP(P741*12,'Tax table'!$A$3:$C$10,2))/12","v":{"v":1864.7452666666657,"d":"1,865"}},{"v":16748.154733333333,"d":"16,748"},{"v":14235.931523333333,"d":"14,236"},{"v":0.7050443232055935,"d":"70.5%"},{"v":42707.79457,"d":"42,708"},{"$f":"IF($B$15=\"Yes\",MIN(S741*2,References!$B$7),0)","v":{"v":28471.863046666665,"d":"28,472"}},{"$f":"IF(AND(D741<>0,$B$16=\"Yes\"),References!$B$6,0)","v":{"v":100000,"d":"100,000"}},{"v":2512.22321,"d":"2,512"},{"v":13959.675,"d":"13,960"},{"v":1861.29,"d":"1,861"},{"v":15820.965,"d":"15,821"},{"v":21404.834999999995,"d":"21,405"},{"$f":"(M741*12-(VLOOKUP(AB741*12,'Tax table'!$A$3:$C$10,3)*(AB741*12-VLOOKUP(AB741*12,'Tax table'!$A$3:$C$10,1))+VLOOKUP(AB741*12,'Tax table'!$A$3:$C$10,2)))/12","v":{"v":20191.54123333333,"d":"20,192"}},{"v":15820.965,"d":"15,821"},{"v":0.7835441988886843,"d":"78.4%"}]
["Member 1569","1978-02-14","M",{"v":223354.8,"d":"223,355"},{"v":0.8,"d":"80%"},{"v":0.85,"d":"85%"},{"v":0.75,"d":"75%"},{"v":0.1,"d":"10%"},null,40,{"v":18612.899999999998,"d":"18,613"},{"v":1861.29,"d":"1,861"},{"v":23266.124999999996,"d":"23,266"},{"v":21404.834999999995,"d":"21,405"},{"$f":"(M742*12-(VLOOKUP(N742*12,'Tax table'!$A$3:$C$10,3)*(N742*12-VLOOKUP(N742*12,'Tax table'!$A$3:$C$10,1))+VLOOKUP(N742*12,'Tax table'!$A$3:$C$10,2)))/12","v":{"v":20191.54123333333,"d":"20,192"}},{"v":16751.609999999997,"d":"16,752"},{"$f":"(VLOOKUP(P742*12,'Tax table'!$A$3:$C$10,3)*(P742*12-VLOOKUP(P742*12,'Tax table'!$A$3:$C$10,1))+VLOOKUP(P742*12,'Tax table'!$A$3:$C$10,2))/12","v":{"v":1864.7452666666657,"d":"1,865"}},{"v":16748.154733333333,"d":"16,748"},{"v":14235.931523333333,"d":"14,236"},{"v":0.7050443232055935,"d":"70.5%"},{"v":42707.79457,"d":"42,708"},{"$f":"IF($B$15=\"Yes\",MIN(S742*2,References!$B$7),0)","v":{"v":28471.863046666665,"d":"28,472"}},{"$f":"IF(AND(D742<>0,$B$16=\"Yes\"),References!$B$6,0)","v":{"v":100000,"d":"100,000"}},{"v":2512.22321,"d":"2,512"},{"v":13959.675,"d":"13,960"},{"v":1861.29,"d":"1,861"},{"v":15820.965,"d":"15,821"},{"v":21404.834999999995,"d":"21,405"},{"$f":"(M742*12-(VLOOKUP(AB742*12,'Tax table'!$A$3:$C$10,3)*(AB742*12-VLOOKUP(AB742*12,'Tax table'!$A$3:$C$10,1))+VLOOKUP(AB742*12,'Tax table'!$A$3:$C$10,2)))/12","v":{"v":20191.54123333333,"d":"20,192"}},{"v":15820.965,"d":"15,821"},{"v":0.7835441988886843,"d":"78.4%"}]
["Member 1570","1986-07-12","M",{"v":223354.8,"d":"223,355"},{"v":0.8,"d":"80%"},{"v":0.85,"d":"85%"},{"v":0.75,"d":"75%"},{"v":0.1,"d":"10%"},null,32,{"v":18612.899999999998,"d":"18,613"},{"v":1861.29,"d":"1,861"},{"v":23266.124999999996,"d":"23,266"},{"v":21404.834999999995,"d":"21,405"},{"$f":"(M743*12-(VLOOKUP(N743*12,'Tax table'!$A$3:$C$10,3)*(N743*12-VLOOKUP(N743*12,'Tax table'!$A$3:$C$10,1))+VLOOKUP(N743*12,'Tax table'!$A$3:$C$10,2)))/12","v":{"v":20191.54123333333,"d":"20,192"}},{"v":16751.609999999997,"d":"16,752"},{"$f":"(VLOOKUP(P743*12,'Tax table'!$A$3:$C$10,3)*(P743*12-VLOOKUP(P743*12,'Tax table'!$A$3:$C$10,1))+VLOOKUP(P743*12,'Tax table'!$A$3:$C$10,2))/12","v":{"v":1864.7452666666657,"d":"1,865"}},{"v":16748.154733333333,"d":"16,748"},{"v":14235.931523333333,"d":"14,236"},{"v":0.7050443232055935,"d":"70.5%"},{"v":42707.79457,"d":"42,708"},{"$f":"IF($B$15=\"Yes\",MIN(S743*2,References!$B$7),0)","v":{"v":28471.863046666665,"d":"28,472"}},{"$f":"IF(AND(D743<>0,$B$16=\"Yes\"),References!$B$6,0)","v":{"v":100000,"d":"100,000"}},{"v":2512.22321,"d":"2,512"},{"v":13959.675,"d":"13,960"},{"v":1861.29,"d":"1,861"},{"v":15820.965,"d":"15,821"},{"v":21404.834999999995,"d":"21,405"},{"$f":"(M743*12-(VLOOKUP(AB743*12,'Tax table'!$A$3:$C$10,3)*(AB743*12-VLOOKUP(AB743*12,'Tax table'!$A$3:$C$10,1))+VLOOKUP(AB743*12,'Tax table'!$A$3:$C$10,2)))/12","v":{"v":20191.54123333333,"d":"20,192"}},{"v":15820.965,"d":"15,821"},{"v":0.7835441988886843,"d":"78.4%"}]
["Member 1571","1983-06-23","M",{"v":223354.8,"d":"223,355"},{"v":0.8,"d":"80%"},{"v":0.85,"d":"85%"},{"v":0.75,"d":"75%"},{"v":0.1,"d":"10%"},null,35,{"v":18612.899999999998,"d":"18,613"},{"v":1861.29,"d":"1,861"},{"v":23266.124999999996,"d":"23,266"},{"v":21404.834999999995,"d":"21,405"},{"$f":"(M744*12-(VLOOKUP(N744*12,'Tax table'!$A$3:$C$10,3)*(N744*12-VLOOKUP(N744*12,'Tax table'!$A$3:$C$10,1))+VLOOKUP(N744*12,'Tax table'!$A$3:$C$10,2)))/12","v":{"v":20191.54123333333,"d":"20,192"}},{"v":16751.609999999997,"d":"16,752"},{"$f":"(VLOOKUP(P744*12,'Tax table'!$A$3:$C$10,3)*(P744*12-VLOOKUP(P744*12,'Tax table'!$A$3:$C$10,1))+VLOOKUP(P744*12,'Tax table'!$A$3:$C$10,2))/12","v":{"v":1864.7452666666657,"d":"1,865"}},{"v":16748.154733333333,"d":"16,748"},{"v":14235.931523333333,"d":"14,236"},{"v":0.7050443232055935,"d":"70.5%"},{"v":42707.79457,"d":"42,708"},{"$f":"IF($B$15=\"Yes\",MIN(S744*2,References!$B$7),0)","v":{"v":28471.863046666665,"d":"28,472"}},{"$f":"IF(AND(D744<>0,$B$16=\"Yes\"),References!$B$6,0)","v":{"v":100000,"d":"100,000"}},{"v":2512.22321,"d":"2,512"},{"v":13959.675,"d":"13,960"},{"v":1861.29,"d":"1,861"},{"v":15820.965,"d":"15,821"},{"v":21404.834999999995,"d":"21,405"},{"$f":"(M744*12-(VLOOKUP(AB744*12,'Tax table'!$A$3:$C$10,3)*(AB744*12-VLOOKUP(AB744*12,'Tax table'!$A$3:$C$10,1))+VLOOKUP(AB744*12,'Tax table'!$A$3:$C$10,2)))/12","v":{"v":20191.54123333333,"d":"20,192"}},{"v":15820.965,"d":"15,821"},{"v":0.7835441988886843,"d":"78.4%"}]
["Member 1563","1981-11-26","M",{"v":223357.2,"d":"223,357"},{"v":0.8,"d":"80%"},{"v":0.85,"d":"85%"},{"v":0.75,"d":"75%"},{"v":0.1,"d":"10%"},null,36,{"v":18613.100000000002,"d":"18,613"},{"v":1861.3100000000004,"d":"1,861"},{"v":23266.375,"d":"23,266"},{"v":21405.065,"d":"21,405"},{"$f":"(M745*12-(VLOOKUP(N745*12,'Tax table'!$A$3:$C$10,3)*(N745*12-VLOOKUP(N745*12,'Tax table'!$A$3:$C$10,1))+VLOOKUP(N745*12,'Tax table'!$A$3:$C$10,2)))/12","v":{"v":20191.731433333334,"d":"20,192"}},{"v":16751.79,"d":"16,752"},{"$f":"(VLOOKUP(P745*12,'Tax table'!$A$3:$C$10,3)*(P745*12-VLOOKUP(P745*12,'Tax table'!$A$3:$C$10,1))+VLOOKUP(P745*12,'Tax table'!$A$3:$C$10,2))/12","v":{"v":1864.7920666666669,"d":"1,865"}},{"v":16748.307933333337,"d":"16,748"},{"v":14236.061743333335,"d":"14,236"},{"v":0.7050441310759444,"d":"70.5%"},{"v":42708.18523,"d":"42,708"},{"$f":"IF($B$15=\"Yes\",MIN(S745*2,References!$B$7),0)","v":{"v":28472.12348666667,"d":"28,472"}},{"$f":"IF(AND(D745<>0,$B$16=\"Yes\"),References!$B$6,0)","v":{"v":100000,"d":"100,000"}},{"v":2512.2461900000017,"d":"2,512"},{"v":13959.825,"d":"13,960"},{"v":1861.3100000000004,"d":"1,861"},{"v":15821.135000000002,"d":"15,821"},{"v":21405.065,"d":"21,405"},{"$f":"(M745*12-(VLOOKUP(AB745*12,'Tax table'!$A$3:$C$10,3)*(AB745*12-VLOOKUP(AB745*12,'Tax table'!$A$3:$C$10,1))+VLOOKUP(AB745*12,'Tax table'!$A$3:$C$10,2)))/12","v":{"v":20191.731433333334,"d":"20,192"}},{"v":15821.135000000002,"d":"15,821"},{"v":0.7835452374273276,"d":"78.4%"}]
["Member 1564","1979-09-13","F",{"v":223357.2,"d":"223,357"},{"v":0.8,"d":"80%"},{"v":0.85,"d":"85%"},{"v":0.75,"d":"75%"},{"v":0.1,"d":"10%"},null,39,{"v":18613.100000000002,"d":"18,613"},{"v":1861.3100000000004,"d":"1,861"},{"v":23266.375,"d":"23,266"},{"v":21405.065,"d":"21,405"},{"$f":"(M746*12-(VLOOKUP(N746*12,'Tax table'!$A$3:$C$10,3)*(N746*12-VLOOKUP(N746*12,'Tax table'!$A$3:$C$10,1))+VLOOKUP(N746*12,'Tax table'!$A$3:$C$10,2)))/12","v":{"v":20191.731433333334,"d":"20,192"}},{"v":16751.79,"d":"16,752"},{"$f":"(VLOOKUP(P746*12,'Tax table'!$A$3:$C$10,3)*(P746*12-VLOOKUP(P746*12,'Tax table'!$A$3:$C$10,1))+VLOOKUP(P746*12,'Tax table'!$A$3:$C$10,2))/12","v":{"v":1864.7920666666669,"d":"1,865"}},{"v":16748.307933333337,"d":"16,748"},{"v":14236.061743333335,"d":"14,236"},{"v":0.7050441310759444,"d":"70.5%"},{"v":42708.18523,"d":"42,708"},{"$f":"IF($B$15=\"Yes\",MIN(S746*2,References!$B$7),0)","v":{"v":28472.12348666667,"d":"28,472"}},{"$f":"IF(AND(D746<>0,$B$16=\"Yes\"),References!$B$6,0)","v":{"v":100000,"d":"100,000"}},{"v":2512.2461900000017,"d":"2,512"},{"v":13959.825,"d":"13,960"},{"v":1861.3100000000004,"d":"1,861"},{"v":15821.135000000002,"d":"15,821"},{"v":21405.065,"d":"21,405"},{"$f":"(M746*12-(VLOOKUP(AB746*12,'Tax table'!$A$3:$C$10,3)*(AB746*12-VLOOKUP(AB746*12,'Tax table'!$A$3:$C$10,1))+VLOOKUP(AB746*12,'Tax table'!$A$3:$C$10,2)))/12","v":{"v":20191.731433333334,"d":"20,192"}},{"v":15821.135000000002,"d":"15,821"},{"v":0.7835452374273276,"d":"78.4%"}]
["Member 1565","1975-12-14","M",{"v":223357.2,"d":"223,357"},{"v":0.8,"d":"80%"},{"v":0.85,"d":"85%"},{"v":0.75,"d":"75%"},{"v":0.1,"d":"10%"},null,42,{"v":18613.100000000002,"d":"18,613"},{"v":1861.3100000000004,"d":"1,861"},{"v":23266.375,"d":"23,266"},{"v":21405.065,"d":"21,405"},{"$f":"(M747*12-(VLOOKUP(N747*12,'Tax table'!$A$3:$C$10,3)*(N747*12-VLOOKUP(N747*12,'Tax table'!$A$3:$C$10,1))+VLOOKUP(N747*12,'Tax table'!$A$3:$C$10,2)))/12","v":{"v":20191.731433333334,"d":"20,192"}},{"v":16751.79,"d":"16,752"},{"$f":"(VLOOKUP(P747*12,'Tax table'!$A$3:$C$10,3)*(P747*12-VLOOKUP(P747*12,'Tax table'!$A$3:$C$10,1))+VLOOKUP(P747*12,'Tax table'!$A$3:$C$10,2))/12","v":{"v":1864.7920666666669,"d":"1,865"}},{"v":16748.307933333337,"d":"16,748"},{"v":14236.061743333335,"d":"14,236"},{"v":0.7050441310759444,"d":"70.5%"},{"v":42708.18523,"d":"42,708"},{"$f":"IF($B$15=\"Yes\",MIN(S747*2,References!$B$7),0)","v":{"v":28472.12348666667,"d":"28,472"}},{"$f":"IF(AND(D747<>0,$B$16=\"Yes\"),References!$B$6,0)","v":{"v":100000,"d":"100,000"}},{"v":2512.2461900000017,"d":"2,512"},{"v":13959.825,"d":"13,960"},{"v":1861.3100000000004,"d":"1,861"},{"v":15821.135000000002,"d":"15,821"},{"v":21405.065,"d":"21,405"},{"$f":"(M747*12-(VLOOKUP(AB747*12,'Tax table'!$A$3:$C$10,3)*(AB747*12-VLOOKUP(AB747*12,'Tax table'!$A$3:$C$10,1))+VLOOKUP(AB747*12,'Tax table'!$A$3:$C$10,2)))/12","v":{"v":20191.731433333334,"d":"20,192"}},{"v":15821.135000000002,"d":"15,821"},{"v":0.7835452374273276,"d":"78.4%"}]
["Member 1560","1967-12-07","M",{"v":223357.56,"d":"223,358"},{"v":0.8,"d":"80%"},{"v":0.85,"d":"85%"},{"v":0.75,"d":"75%"},{"v":0.1,"d":"10%"},null,50,{"v":18613.13,"d":"18,613"},{"v":1861.313,"d":"1,861"},{"v":23266.4125,"d":"23,266"},{"v":21405.099499999997,"d":"21,405"},{"$f":"(M748*12-(VLOOKUP(N748*12,'Tax table'!$A$3:$C$10,3)*(N748*12-VLOOKUP(N748*12,'Tax table'!$A$3:$C$10,1))+VLOOKUP(N748*12,'Tax table'!$A$3:$C$10,2)))/12","v":{"v":20191.75996333333,"d":"20,192"}},{"v":16751.817000000003,"d":"16,752"},{"$f":"(VLOOKUP(P748*12,'Tax table'!$A$3:$C$10,3)*(P748*12-VLOOKUP(P748*12,'Tax table'!$A$3:$C$10,1))+VLOOKUP(P748*12,'Tax table'!$A$3:$C$10,2))/12","v":{"v":1864.7990866666676,"d":"1,865"}},{"v":16748.330913333335,"d":"16,748"},{"v":14236.081276333334,"d":"14,236"},{"v":0.7050441022568094,"d":"70.5%"},{"v":42708.243829,"d":"42,708"},{"$f":"IF($B$15=\"Yes\",MIN(S748*2,References!$B$7),0)","v":{"v":28472.16255266667,"d":"28,472"}},{"$f":"IF(AND(D748<>0,$B$16=\"Yes\"),References!$B$6,0)","v":{"v":100000,"d":"100,000"}},{"v":2512.249637000001,"d":"2,512"},{"v":13959.8475,"d":"13,960"},{"v":1861.313,"d":"1,861"},{"v":15821.1605,"d":"15,821"},{"v":21405.099499999997,"d":"21,405"},{"$f":"(M748*12-(VLOOKUP(AB748*12,'Tax table'!$A$3:$C$10,3)*(AB748*12-VLOOKUP(AB748*12,'Tax table'!$A$3:$C$10,1))+VLOOKUP(AB748*12,'Tax table'!$A$3:$C$10,2)))/12","v":{"v":20191.75996333333,"d":"20,192"}},{"v":15821.1605,"d":"15,821"},{"v":0.7835453932064367,"d":"78.4%"}]
["Member 1561","1980-08-13","M",{"v":223357.56,"d":"223,358"},{"v":0.8,"d":"80%"},{"v":0.85,"d":"85%"},{"v":0.75,"d":"75%"},{"v":0.1,"d":"10%"},null,38,{"v":18613.13,"d":"18,613"},{"v":1861.313,"d":"1,861"},{"v":23266.4125,"d":"23,266"},{"v":21405.099499999997,"d":"21,405"},{"$f":"(M749*12-(VLOOKUP(N749*12,'Tax table'!$A$3:$C$10,3)*(N749*12-VLOOKUP(N749*12,'Tax table'!$A$3:$C$10,1))+VLOOKUP(N749*12,'Tax table'!$A$3:$C$10,2)))/12","v":{"v":20191.75996333333,"d":"20,192"}},{"v":16751.817000000003,"d":"16,752"},{"$f":"(VLOOKUP(P749*12,'Tax table'!$A$3:$C$10,3)*(P749*12-VLOOKUP(P749*12,'Tax table'!$A$3:$C$10,1))+VLOOKUP(P749*12,'Tax table'!$A$3:$C$10,2))/12","v":{"v":1864.7990866666676,"d":"1,865"}},{"v":16748.330913333335,"d":"16,748"},{"v":14236.081276333334,"d":"14,236"},{"v":0.7050441022568094,"d":"70.5%"},{"v":42708.243829,"d":"42,708"},{"$f":"IF($B$15=\"Yes\",MIN(S749*2,References!$B$7),0)","v":{"v":28472.16255266667,"d":"28,472"}},{"$f":"IF(AND(D749<>0,$B$16=\"Yes\"),References!$B$6,0)","v":{"v":100000,"d":"100,000"}},{"v":2512.249637000001,"d":"2,512"},{"v":13959.8475,"d":"13,960"},{"v":1861.313,"d":"1,861"},{"v":15821.1605,"d":"15,821"},{"v":21405.099499999997,"d":"21,405"},{"$f":"(M749*12-(VLOOKUP(AB749*12,'Tax table'!$A$3:$C$10,3)*(AB749*12-VLOOKUP(AB749*12,'Tax table'!$A$3:$C$10,1))+VLOOKUP(AB749*12,'Tax table'!$A$3:$C$10,2)))/12","v":{"v":20191.75996333333,"d":"20,192"}},{"v":15821.1605,"d":"15,821"},{"v":0.7835453932064367,"d":"78.4%"}]
["Member 1562","1975-06-03","M",{"v":223357.56,"d":"223,358"},{"v":0.8,"d":"80%"},{"v":0.85,"d":"85%"},{"v":0.75,"d":"75%"},{"v":0.1,"d":"10%"},null,43,{"v":18613.13,"d":"18,613"},{"v":1861.313,"d":"1,861"},{"v":23266.4125,"d":"23,266"},{"v":21405.099499999997,"d":"21,405"},{"$f":"(M750*12-(VLOOKUP(N750*12,'Tax table'!$A$3:$C$10,3)*(N750*12-VLOOKUP(N750*12,'Tax table'!$A$3:$C$10,1))+VLOOKUP(N750*12,'Tax table'!$A$3:$C$10,2)))/12","v":{"v":20191.75996333333,"d":"20,192"}},{"v":16751.817000000003,"d":"16,752"},{"$f":"(VLOOKUP(P750*12,'Tax table'!$A$3:$C$10,3)*(P750*12-VLOOKUP(P750*12,'Tax table'!$A$3:$C$10,1))+VLOOKUP(P750*12,'Tax table'!$A$3:$C$10,2))/12","v":{"v":1864.7990866666676,"d":"1,865"}},{"v":16748.330913333335,"d":"16,748"},{"v":14236.081276333334,"d":"14,236"},{"v":0.7050441022568094,"d":"70.5%"},{"v":42708.243829,"d":"42,708"},{"$f":"IF($B$15=\"Yes\",MIN(S750*2,References!$B$7),0)","v":{"v":28472.16255266667,"d":"28,472"}},{"$f":"IF(AND(D750<>0,$B$16=\"Yes\"),References!$B$6,0)","v":{"v":100000,"d":"100,000"}},{"v":2512.249637000001,"d":"2,512"},{"v":13959.8475,"d":"13,960"},{"v":1861.313,"d":"1,861"},{"v":15821.1605,"d":"15,821"},{"v":21405.099499999997,"d":"21,405"},{"$f":"(M750*12-(VLOOKUP(AB750*12,'Tax table'!$A$3:$C$10,3)*(AB750*12-VLOOKUP(AB750*12,'Tax table'!$A$3:$C$10,1))+VLOOKUP(AB750*12,'Tax table'!$A$3:$C$10,2)))/12","v":{"v":20191.75996333333,"d":"20,192"}},{"v":15821.1605,"d":"15,821"},{"v":0.7835453932064367,"d":"78.4%"}]
["Member 1559","1988-09-07","M",{"v":224046.96,"d":"224,047"},{"v":0.8,"d":"80%"},{"v":0.85,"d":"85%"},{"v":0.75,"d":"75%"},{"v":0.1,"d":"10%"},null,30,{"v":18670.579999999998,"d":"18,671"},{"v":1867.058,"d":"1,867"},{"v":23338.224999999995,"d":"23,338"},{"v":21471.166999999994,"d":"21,471"},{"$f":"(M751*12-(VLOOKUP(N751*12,'Tax table'!$A$3:$C$10,3)*(N751*12-VLOOKUP(N751*12,'Tax table'!$A$3:$C$10,1))+VLOOKUP(N751*12,'Tax table'!$A$3:$C$10,2)))/12","v":{"v":20246.394913333334,"d":"20,246"}},{"v":16803.521999999997,"d":"16,804"},{"$f":"(VLOOKUP(P751*12,'Tax table'!$A$3:$C$10,3)*(P751*12-VLOOKUP(P751*12,'Tax table'!$A$3:$C$10,1))+VLOOKUP(P751*12,'Tax table'!$A$3:$C$10,2))/12","v":{"v":1878.2423866666659,"d":"1,878"}},{"v":16792.337613333333,"d":"16,792"},{"v":14273.486971333332,"d":"14,273"},{"v":0.704989062617438,"d":"70.5%"},{"v":42820.460913999996,"d":"42,820"},{"$f":"IF($B$15=\"Yes\",MIN(S751*2,References!$B$7),0)","v":{"v":28546.973942666664,"d":"28,547"}},{"$f":"IF(AND(D751<>0,$B$16=\"Yes\"),References!$B$6,0)","v":{"v":100000,"d":"100,000"}},{"v":2518.8506420000012,"d":"2,519"},{"v":14002.934999999998,"d":"14,003"},{"v":1867.058,"d":"1,867"},{"v":15869.992999999999,"d":"15,870"},{"v":21471.166999999994,"d":"21,471"},{"$f":"(M751*12-(VLOOKUP(AB751*12,'Tax table'!$A$3:$C$10,3)*(AB751*12-VLOOKUP(AB751*12,'Tax table'!$A$3:$C$10,1))+VLOOKUP(AB751*12,'Tax table'!$A$3:$C$10,2)))/12","v":{"v":20246.394913333334,"d":"20,246"}},{"v":15869.992999999999,"d":"15,870"},{"v":0.7838429047706048,"d":"78.4%"}]
["Member 1558","1985-07-06","M",{"v":224052.6,"d":"224,053"},{"v":0.8,"d":"80%"},{"v":0.85,"d":"85%"},{"v":0.75,"d":"75%"},{"v":0.1,"d":"10%"},null,33,{"v":18671.05,"d":"18,671"},{"v":1867.105,"d":"1,867"},{"v":23338.812499999996,"d":"23,339"},{"v":21471.707499999997,"d":"21,472"},{"$f":"(M752*12-(VLOOKUP(N752*12,'Tax table'!$A$3:$C$10,3)*(N752*12-VLOOKUP(N752*12,'Tax table'!$A$3:$C$10,1))+VLOOKUP(N752*12,'Tax table'!$A$3:$C$10,2)))/12","v":{"v":20246.84188333333,"d":"20,247"}},{"v":16803.945,"d":"16,804"},{"$f":"(VLOOKUP(P752*12,'Tax table'!$A$3:$C$10,3)*(P752*12-VLOOKUP(P752*12,'Tax table'!$A$3:$C$10,1))+VLOOKUP(P752*12,'Tax table'!$A$3:$C$10,2))/12","v":{"v":1878.3523666666667,"d":"1,878"}},{"v":16792.697633333333,"d":"16,793"},{"v":14273.792988333333,"d":"14,274"},{"v":0.704988613561661,"d":"70.5%"},{"v":42821.378964999996,"d":"42,821"},{"$f":"IF($B$15=\"Yes\",MIN(S752*2,References!$B$7),0)","v":{"v":28547.585976666665,"d":"28,548"}},{"$f":"IF(AND(D752<>0,$B$16=\"Yes\"),References!$B$6,0)","v":{"v":100000,"d":"100,000"}},{"v":2518.9046450000005,"d":"2,519"},{"v":14003.287499999999,"d":"14,003"},{"v":1867.105,"d":"1,867"},{"v":15870.392499999998,"d":"15,870"},{"v":21471.707499999997,"d":"21,472"},{"$f":"(M752*12-(VLOOKUP(AB752*12,'Tax table'!$A$3:$C$10,3)*(AB752*12-VLOOKUP(AB752*12,'Tax table'!$A$3:$C$10,1))+VLOOKUP(AB752*12,'Tax table'!$A$3:$C$10,2)))/12","v":{"v":20246.84188333333,"d":"20,247"}},{"v":15870.392499999998,"d":"15,870"},{"v":0.7838453320991304,"d":"78.4%"}]
["Member 1557","1953-09-25","M",{"v":224444.64,"d":"224,445"},{"v":0.8,"d":"80%"},{"v":0.85,"d":"85%"},{"v":0.75,"d":"75%"},{"v":0.1,"d":"10%"},null,65,{"v":18703.72,"d":"18,704"},{"v":1870.3720000000003,"d":"1,870"},{"v":23379.65,"d":"23,380"},{"v":21509.278000000002,"d":"21,509"},{"$f":"(M753*12-(VLOOKUP(N753*12,'Tax table'!$A$3:$C$10,3)*(N753*12-VLOOKUP(N753*12,'Tax table'!$A$3:$C$10,1))+VLOOKUP(N753*12,'Tax table'!$A$3:$C$10,2)))/12","v":{"v":20277.911053333337,"d":"20,278"}},{"v":16833.348,"d":"16,833"},{"$f":"(VLOOKUP(P753*12,'Tax table'!$A$3:$C$10,3)*(P753*12-VLOOKUP(P753*12,'Tax table'!$A$3:$C$10,1))+VLOOKUP(P753*12,'Tax table'!$A$3:$C$10,2))/12","v":{"v":1885.9971466666675,"d":"1,886"}},{"v":16817.722853333333,"d":"16,818"},{"v":14295.064425333332,"d":"14,295"},{"v":0.7049574479213169,"d":"70.5%"},{"v":42885.193276,"d":"42,885"},{"$f":"IF($B$15=\"Yes\",MIN(S753*2,References!$B$7),0)","v":{"v":28590.128850666664,"d":"28,590"}},{"$f":"IF(AND(D753<>0,$B$16=\"Yes\"),References!$B$6,0)","v":{"v":100000,"d":"100,000"}},{"v":2522.6584280000006,"d":"2,523"},{"v":14027.79,"d":"14,028"},{"v":1870.3720000000003,"d":"1,870"},{"v":15898.162,"d":"15,898"},{"v":21509.278000000002,"d":"21,509"},{"$f":"(M753*12-(VLOOKUP(AB753*12,'Tax table'!$A$3:$C$10,3)*(AB753*12-VLOOKUP(AB753*12,'Tax table'!$A$3:$C$10,1))+VLOOKUP(AB753*12,'Tax table'!$A$3:$C$10,2)))/12","v":{"v":20277.911053333337,"d":"20,278"}},{"v":15898.162,"d":"15,898"},{"v":0.7840137950199075,"d":"78.4%"}]
["Member 1556","1957-09-23","F",{"v":224836.8,"d":"224,837"},{"v":0.8,"d":"80%"},{"v":0.85,"d":"85%"},{"v":0.75,"d":"75%"},{"v":0.1,"d":"10%"},null,61,{"v":18736.399999999998,"d":"18,736"},{"v":1873.6399999999999,"d":"1,874"},{"v":23420.499999999996,"d":"23,421"},{"v":21546.859999999997,"d":"21,547"},{"$f":"(M754*12-(VLOOKUP(N754*12,'Tax table'!$A$3:$C$10,3)*(N754*12-VLOOKUP(N754*12,'Tax table'!$A$3:$C$10,1))+VLOOKUP(N754*12,'Tax table'!$A$3:$C$10,2)))/12","v":{"v":20308.989733333332,"d":"20,309"}},{"v":16862.76,"d":"16,863"},{"$f":"(VLOOKUP(P754*12,'Tax table'!$A$3:$C$10,3)*(P754*12-VLOOKUP(P754*12,'Tax table'!$A$3:$C$10,1))+VLOOKUP(P754*12,'Tax table'!$A$3:$C$10,2))/12","v":{"v":1893.6442666666665,"d":"1,894"}},{"v":16842.75573333333,"d":"16,843"},{"v":14316.342373333331,"d":"14,316"},{"v":0.7049263681410891,"d":"70.5%"},{"v":42949.02711999999,"d":"42,949"},{"$f":"IF($B$15=\"Yes\",MIN(S754*2,References!$B$7),0)","v":{"v":28632.684746666662,"d":"28,633"}},{"$f":"IF(AND(D754<>0,$B$16=\"Yes\"),References!$B$6,0)","v":{"v":100000,"d":"100,000"}},{"v":2526.4133600000005,"d":"2,526"},{"v":14052.3,"d":"14,052"},{"v":1873.6399999999999,"d":"1,874"},{"v":15925.939999999999,"d":"15,926"},{"v":21546.859999999997,"d":"21,547"},{"$f":"(M754*12-(VLOOKUP(AB754*12,'Tax table'!$A$3:$C$10,3)*(AB754*12-VLOOKUP(AB754*12,'Tax table'!$A$3:$C$10,1))+VLOOKUP(AB754*12,'Tax table'!$A$3:$C$10,2)))/12","v":{"v":20308.989733333332,"d":"20,309"}},{"v":15925.939999999999,"d":"15,926"},{"v":0.7841817938319505,"d":"78.4%"}]
["Member 1549","1994-10-11","F",{"v":224925.48,"d":"224,925"},{"v":0.8,"d":"80%"},{"v":0.85,"d":"85%"},{"v":0.75,"d":"75%"},{"v":0.1,"d":"10%"},null,24,{"v":18743.79,"d":"18,744"},{"v":1874.3790000000001,"d":"1,874"},{"v":23429.7375,"d":"23,430"},{"v":21555.3585,"d":"21,555"},{"$f":"(M755*12-(VLOOKUP(N755*12,'Tax table'!$A$3:$C$10,3)*(N755*12-VLOOKUP(N755*12,'Tax table'!$A$3:$C$10,1))+VLOOKUP(N755*12,'Tax table'!$A$3:$C$10,2)))/12","v":{"v":20316.017623333333,"d":"20,316"}},{"v":16869.411,"d":"16,869"},{"$f":"(VLOOKUP(P755*12,'Tax table'!$A$3:$C$10,3)*(P755*12-VLOOKUP(P755*12,'Tax table'!$A$3:$C$10,1))+VLOOKUP(P755*12,'Tax table'!$A$3:$C$10,2))/12","v":{"v":1895.3735266666665,"d":"1,895"}},{"v":16848.416473333335,"d":"16,848"},{"v":14321.154002333335,"d":"14,321"},{"v":0.7049193531849085,"d":"70.5%"},{"v":42963.462007,"d":"42,963"},{"$f":"IF($B$15=\"Yes\",MIN(S755*2,References!$B$7),0)","v":{"v":28642.30800466667,"d":"28,642"}},{"$f":"IF(AND(D755<>0,$B$16=\"Yes\"),References!$B$6,0)","v":{"v":100000,"d":"100,000"}},{"v":2527.262471,"d":"2,527"},{"v":14057.8425,"d":"14,058"},{"v":1874.3790000000001,"d":"1,874"},{"v":15932.221500000001,"d":"15,932"},{"v":21555.3585,"d":"21,555"},{"$f":"(M755*12-(VLOOKUP(AB755*12,'Tax table'!$A$3:$C$10,3)*(AB755*12-VLOOKUP(AB755*12,'Tax table'!$A$3:$C$10,1))+VLOOKUP(AB755*12,'Tax table'!$A$3:$C$10,2)))/12","v":{"v":20316.017623333333,"d":"20,316"}},{"v":15932.221500000001,"d":"15,932"},{"v":0.7842197125140087,"d":"78.4%"}]
["Member 1550","1987-03-04","F",{"v":224925.48,"d":"224,925"},{"v":0.8,"d":"80%"},{"v":0.85,"d":"85%"},{"v":0.75,"d":"75%"},{"v":0.1,"d":"10%"},null,31,{"v":18743.79,"d":"18,744"},{"v":1874.3790000000001,"d":"1,874"},{"v":23429.7375,"d":"23,430"},{"v":21555.3585,"d":"21,555"},{"$f":"(M756*12-(VLOOKUP(N756*12,'Tax table'!$A$3:$C$10,3)*(N756*12-VLOOKUP(N756*12,'Tax table'!$A$3:$C$10,1))+VLOOKUP(N756*12,'Tax table'!$A$3:$C$10,2)))/12","v":{"v":20316.017623333333,"d":"20,316"}},{"v":16869.411,"d":"16,869"},{"$f":"(VLOOKUP(P756*12,'Tax table'!$A$3:$C$10,3)*(P756*12-VLOOKUP(P756*12,'Tax table'!$A$3:$C$10,1))+VLOOKUP(P756*12,'Tax table'!$A$3:$C$10,2))/12","v":{"v":1895.3735266666665,"d":"1,895"}},{"v":16848.416473333335,"d":"16,848"},{"v":14321.154002333335,"d":"14,321"},{"v":0.7049193531849085,"d":"70.5%"},{"v":42963.462007,"d":"42,963"},{"$f":"IF($B$15=\"Yes\",MIN(S756*2,References!$B$7),0)","v":{"v":28642.30800466667,"d":"28,642"}},{"$f":"IF(AND(D756<>0,$B$16=\"Yes\"),References!$B$6,0)","v":{"v":100000,"d":"100,000"}},{"v":2527.262471,"d":"2,527"},{"v":14057.8425,"d":"14,058"},{"v":1874.3790000000001,"d":"1,874"},{"v":15932.221500000001,"d":"15,932"},{"v":21555.3585,"d":"21,555"},{"$f":"(M756*12-(VLOOKUP(AB756*12,'Tax table'!$A$3:$C$10,3)*(AB756*12-VLOOKUP(AB756*12,'Tax table'!$A$3:$C$10,1))+VLOOKUP(AB756*12,'Tax table'!$A$3:$C$10,2)))/12","v":{"v":20316.017623333333,"d":"20,316"}},{"v":15932.221500000001,"d":"15,932"},{"v":0.7842197125140087,"d":"78.4%"}]
["Member 1551","1981-01-23","F",{"v":224925.48,"d":"224,925"},{"v":0.8,"d":"80%"},{"v":0.85,"d":"85%"},{"v":0.75,"d":"75%"},{"v":0.1,"d":"10%"},null,37,{"v":18743.79,"d":"18,744"},{"v":1874.3790000000001,"d":"1,874"},{"v":23429.7375,"d":"23,430"},{"v":21555.3585,"d":"21,555"},{"$f":"(M757*12-(VLOOKUP(N757*12,'Tax table'!$A$3:$C$10,3)*(N757*12-VLOOKUP(N757*12,'Tax table'!$A$3:$C$10,1))+VLOOKUP(N757*12,'Tax table'!$A$3:$C$10,2)))/12","v":{"v":20316.017623333333,"d":"20,316"}},{"v":16869.411,"d":"16,869"},{"$f":"(VLOOKUP(P757*12,'Tax table'!$A$3:$C$10,3)*(P757*12-VLOOKUP(P757*12,'Tax table'!$A$3:$C$10,1))+VLOOKUP(P757*12,'Tax table'!$A$3:$C$10,2))/12","v":{"v":1895.3735266666665,"d":"1,895"}},{"v":16848.416473333335,"d":"16,848"},{"v":14321.154002333335,"d":"14,321"},{"v":0.7049193531849085,"d":"70.5%"},{"v":42963.462007,"d":"42,963"},{"$f":"IF($B$15=\"Yes\",MIN(S757*2,References!$B$7),0)","v":{"v":28642.30800466667,"d":"28,642"}},{"$f":"IF(AND(D757<>0,$B$16=\"Yes\"),References!$B$6,0)","v":{"v":100000,"d":"100,000"}},{"v":2527.262471,"d":"2,527"},{"v":14057.8425,"d":"14,058"},{"v":1874.3790000000001,"d":"1,874"},{"v":15932.221500000001,"d":"15,932"},{"v":21555.3585,"d":"21,555"},{"$f":"(M757*12-(VLOOKUP(AB757*12,'Tax table'!$A$3:$C$10,3)*(AB757*12-VLOOKUP(AB757*12,'Tax table'!$A$3:$C$10,1))+VLOOKUP(AB757*12,'Tax table'!$A$3:$C$10,2)))/12","v":{"v":20316.017623333333,"d":"20,316"}},{"v":15932.221500000001,"d":"15,932"},{"v":0.7842197125140087,"d":"78.4%"}]
["Member 1552","1986-11-03","F",{"v":224925.48,"d":"224,925"},{"v":0.8,"d":"80%"},{"v":0.85,"d":"85%"},{"v":0.75,"d":"75%"},{"v":0.1,"d":"10%"},null,32,{"v":18743.79,"d":"18,744"},{"v":1874.3790000000001,"d":"1,874"},{"v":23429.7375,"d":"23,430"},{"v":21555.3585,"d":"21,555"},{"$f":"(M758*12-(VLOOKUP(N758*12,'Tax table'!$A$3:$C$10,3)*(N758*12-VLOOKUP(N758*12,'Tax table'!$A$3:$C$10,1))+VLOOKUP(N758*12,'Tax table'!$A$3:$C$10,2)))/12","v":{"v":20316.017623333333,"d":"20,316"}},{"v":16869.411,"d":"16,869"},{"$f":"(VLOOKUP(P758*12,'Tax table'!$A$3:$C$10,3)*(P758*12-VLOOKUP(P758*12,'Tax table'!$A$3:$C$10,1))+VLOOKUP(P758*12,'Tax table'!$A$3:$C$10,2))/12","v":{"v":1895.3735266666665,"d":"1,895"}},{"v":16848.416473333335,"d":"16,848"},{"v":14321.154002333335,"d":"14,321"},{"v":0.7049193531849085,"d":"70.5%"},{"v":42963.462007,"d":"42,963"},{"$f":"IF($B$15=\"Yes\",MIN(S758*2,References!$B$7),0)","v":{"v":28642.30800466667,"d":"28,642"}},{"$f":"IF(AND(D758<>0,$B$16=\"Yes\"),References!$B$6,0)","v":{"v":100000,"d":"100,000"}},{"v":2527.262471,"d":"2,527"},{"v":14057.8425,"d":"14,058"},{"v":1874.3790000000001,"d":"1,874"},{"v":15932.221500000001,"d":"15,932"},{"v":21555.3585,"d":"21,555"},{"$f":"(M758*12-(VLOOKUP(AB758*12,'Tax table'!$A$3:$C$10,3)*(AB758*12-VLOOKUP(AB758*12,'Tax table'!$A$3:$C$10,1))+VLOOKUP(AB758*12,'Tax table'!$A$3:$C$10,2)))/12","v":{"v":20316.017623333333,"d":"20,316"}},{"v":15932.221500000001,"d":"15,932"},{"v":0.7842197125140087,"d":"78.4%"}]
["Member 1553","1988-06-10","M",{"v":224925.48,"d":"224,925"},{"v":0.8,"d":"80%"},{"v":0.85,"d":"85%"},{"v":0.75,"d":"75%"},{"v":0.1,"d":"10%"},null,30,{"v":18743.79,"d":"18,744"},{"v":1874.3790000000001,"d":"1,874"},{"v":23429.7375,"d":"23,430"},{"v":21555.3585,"d":"21,555"},{"$f":"(M759*12-(VLOOKUP(N759*12,'Tax table'!$A$3:$C$10,3)*(N759*12-VLOOKUP(N759*12,'Tax table'!$A$3:$C$10,1))+VLOOKUP(N759*12,'Tax table'!$A$3:$C$10,2)))/12","v":{"v":20316.017623333333,"d":"20,316"}},{"v":16869.411,"d":"16,869"},{"$f":"(VLOOKUP(P759*12,'Tax table'!$A$3:$C$10,3)*(P759*12-VLOOKUP(P759*12,'Tax table'!$A$3:$C$10,1))+VLOOKUP(P759*12,'Tax table'!$A$3:$C$10,2))/12","v":{"v":1895.3735266666665,"d":"1,895"}},{"v":16848.416473333335,"d":"16,848"},{"v":14321.154002333335,"d":"14,321"},{"v":0.7049193531849085,"d":"70.5%"},{"v":42963.462007,"d":"42,963"},{"$f":"IF($B$15=\"Yes\",MIN(S759*2,References!$B$7),0)","v":{"v":28642.30800466667,"d":"28,642"}},{"$f":"IF(AND(D759<>0,$B$16=\"Yes\"),References!$B$6,0)","v":{"v":100000,"d":"100,000"}},{"v":2527.262471,"d":"2,527"},{"v":14057.8425,"d":"14,058"},{"v":1874.3790000000001,"d":"1,874"},{"v":15932.221500000001,"d":"15,932"},{"v":21555.3585,"d":"21,555"},{"$f":"(M759*12-(VLOOKUP(AB759*12,'Tax table'!$A$3:$C$10,3)*(AB759*12-VLOOKUP(AB759*12,'Tax table'!$A$3:$C$10,1))+VLOOKUP(AB759*12,'Tax table'!$A$3:$C$10,2)))/12","v":{"v":20316.017623333333,"d":"20,316"}},{"v":15932.221500000001,"d":"15,932"},{"v":0.7842197125140087,"d":"78.4%"}]
["Member 1554","1990-09-16","M",{"v":224925.48,"d":"224,925"},{"v":0.8,"d":"80%"},{"v":0.85,"d":"85%"},{"v":0.75,"d":"75%"},{"v":0.1,"d":"10%"},null,28,{"v":18743.79,"d":"18,744"},{"v":1874.3790000000001,"d":"1,874"},{"v":23429.7375,"d":"23,430"},{"v":21555.3585,"d":"21,555"},{"$f":"(M760*12-(VLOOKUP(N760*12,'Tax table'!$A$3:$C$10,3)*(N760*12-VLOOKUP(N760*12,'Tax table'!$A$3:$C$10,1))+VLOOKUP(N760*12,'Tax table'!$A$3:$C$10,2)))/12","v":{"v":20316.017623333333,"d":"20,316"}},{"v":16869.411,"d":"16,869"},{"$f":"(VLOOKUP(P760*12,'Tax table'!$A$3:$C$10,3)*(P760*12-VLOOKUP(P760*12,'Tax table'!$A$3:$C$10,1))+VLOOKUP(P760*12,'Tax table'!$A$3:$C$10,2))/12","v":{"v":1895.3735266666665,"d":"1,895"}},{"v":16848.416473333335,"d":"16,848"},{"v":14321.154002333335,"d":"14,321"},{"v":0.7049193531849085,"d":"70.5%"},{"v":42963.462007,"d":"42,963"},{"$f":"IF($B$15=\"Yes\",MIN(S760*2,References!$B$7),0)","v":{"v":28642.30800466667,"d":"28,642"}},{"$f":"IF(AND(D760<>0,$B$16=\"Yes\"),References!$B$6,0)","v":{"v":100000,"d":"100,000"}},{"v":2527.262471,"d":"2,527"},{"v":14057.8425,"d":"14,058"},{"v":1874.3790000000001,"d":"1,874"},{"v":15932.221500000001,"d":"15,932"},{"v":21555.3585,"d":"21,555"},{"$f":"(M760*12-(VLOOKUP(AB760*12,'Tax table'!$A$3:$C$10,3)*(AB760*12-VLOOKUP(AB760*12,'Tax table'!$A$3:$C$10,1))+VLOOKUP(AB760*12,'Tax table'!$A$3:$C$10,2)))/12","v":{"v":20316.017623333333,"d":"20,316"}},{"v":15932.221500000001,"d":"15,932"},{"v":0.7842197125140087,"d":"78.4%"}]
["Member 1555","1991-10-27","M",{"v":224925.48,"d":"224,925"},{"v":0.8,"d":"80%"},{"v":0.85,"d":"85%"},{"v":0.75,"d":"75%"},{"v":0.1,"d":"10%"},null,27,{"v":18743.79,"d":"18,744"},{"v":1874.3790000000001,"d":"1,874"},{"v":23429.7375,"d":"23,430"},{"v":21555.3585,"d":"21,555"},{"$f":"(M761*12-(VLOOKUP(N761*12,'Tax table'!$A$3:$C$10,3)*(N761*12-VLOOKUP(N761*12,'Tax table'!$A$3:$C$10,1))+VLOOKUP(N761*12,'Tax table'!$A$3:$C$10,2)))/12","v":{"v":20316.017623333333,"d":"20,316"}},{"v":16869.411,"d":"16,869"},{"$f":"(VLOOKUP(P761*12,'Tax table'!$A$3:$C$10,3)*(P761*12-VLOOKUP(P761*12,'Tax table'!$A$3:$C$10,1))+VLOOKUP(P761*12,'Tax table'!$A$3:$C$10,2))/12","v":{"v":1895.3735266666665,"d":"1,895"}},{"v":16848.416473333335,"d":"16,848"},{"v":14321.154002333335,"d":"14,321"},{"v":0.7049193531849085,"d":"70.5%"},{"v":42963.462007,"d":"42,963"},{"$f":"IF($B$15=\"Yes\",MIN(S761*2,References!$B$7),0)","v":{"v":28642.30800466667,"d":"28,642"}},{"$f":"IF(AND(D761<>0,$B$16=\"Yes\"),References!$B$6,0)","v":{"v":100000,"d":"100,000"}},{"v":2527.262471,"d":"2,527"},{"v":14057.8425,"d":"14,058"},{"v":1874.3790000000001,"d":"1,874"},{"v":15932.221500000001,"d":"15,932"},{"v":21555.3585,"d":"21,555"},{"$f":"(M761*12-(VLOOKUP(AB761*12,'Tax table'!$A$3:$C$10,3)*(AB761*12-VLOOKUP(AB761*12,'Tax table'!$A$3:$C$10,1))+VLOOKUP(AB761*12,'Tax table'!$A$3:$C$10,2)))/12","v":{"v":20316.017623333333,"d":"20,316"}},{"v":15932.221500000001,"d":"15,932"},{"v":0.7842197125140087,"d":"78.4%"}]
["Member 1547","1982-11-22","M",{"v":225287.76,"d":"225,288"},{"v":0.8,"d":"80%"},{"v":0.85,"d":"85%"},{"v":0.75,"d":"75%"},{"v":0.1,"d":"10%"},null,35,{"v":18773.98,"d":"18,774"},{"v":1877.3980000000001,"d":"1,877"},{"v":23467.475,"d":"23,467"},{"v":21590.076999999997,"d":"21,590"},{"$f":"(M762*12-(VLOOKUP(N762*12,'Tax table'!$A$3:$C$10,3)*(N762*12-VLOOKUP(N762*12,'Tax table'!$A$3:$C$10,1))+VLOOKUP(N762*12,'Tax table'!$A$3:$C$10,2)))/12","v":{"v":20344.72831333333,"d":"20,345"}},{"v":16896.582,"d":"16,897"},{"$f":"(VLOOKUP(P762*12,'Tax table'!$A$3:$C$10,3)*(P762*12-VLOOKUP(P762*12,'Tax table'!$A$3:$C$10,1))+VLOOKUP(P762*12,'Tax table'!$A$3:$C$10,2))/12","v":{"v":1902.4379866666666,"d":"1,902"}},{"v":16871.542013333332,"d":"16,872"},{"v":14340.810711333332,"d":"14,341"},{"v":0.7048907456746322,"d":"70.5%"},{"v":43022.432133999995,"d":"43,022"},{"$f":"IF($B$15=\"Yes\",MIN(S762*2,References!$B$7),0)","v":{"v":28681.621422666663,"d":"28,682"}},{"$f":"IF(AND(D762<>0,$B$16=\"Yes\"),References!$B$6,0)","v":{"v":100000,"d":"100,000"}},{"v":2530.731302,"d":"2,531"},{"v":14080.485,"d":"14,080"},{"v":1877.3980000000001,"d":"1,877"},{"v":15957.883000000002,"d":"15,958"},{"v":21590.076999999997,"d":"21,590"},{"$f":"(M762*12-(VLOOKUP(AB762*12,'Tax table'!$A$3:$C$10,3)*(AB762*12-VLOOKUP(AB762*12,'Tax table'!$A$3:$C$10,1))+VLOOKUP(AB762*12,'Tax table'!$A$3:$C$10,2)))/12","v":{"v":20344.72831333333,"d":"20,345"}},{"v":15957.883000000002,"d":"15,958"},{"v":0.7843743477046916,"d":"78.4%"}]
["Member 1548","1980-03-14","F",{"v":225287.76,"d":"225,288"},{"v":0.8,"d":"80%"},{"v":0.85,"d":"85%"},{"v":0.75,"d":"75%"},{"v":0.1,"d":"10%"},null,38,{"v":18773.98,"d":"18,774"},{"v":1877.3980000000001,"d":"1,877"},{"v":23467.475,"d":"23,467"},{"v":21590.076999999997,"d":"21,590"},{"$f":"(M763*12-(VLOOKUP(N763*12,'Tax table'!$A$3:$C$10,3)*(N763*12-VLOOKUP(N763*12,'Tax table'!$A$3:$C$10,1))+VLOOKUP(N763*12,'Tax table'!$A$3:$C$10,2)))/12","v":{"v":20344.72831333333,"d":"20,345"}},{"v":16896.582,"d":"16,897"},{"$f":"(VLOOKUP(P763*12,'Tax table'!$A$3:$C$10,3)*(P763*12-VLOOKUP(P763*12,'Tax table'!$A$3:$C$10,1))+VLOOKUP(P763*12,'Tax table'!$A$3:$C$10,2))/12","v":{"v":1902.4379866666666,"d":"1,902"}},{"v":16871.542013333332,"d":"16,872"},{"v":14340.810711333332,"d":"14,341"},{"v":0.7048907456746322,"d":"70.5%"},{"v":43022.432133999995,"d":"43,022"},{"$f":"IF($B$15=\"Yes\",MIN(S763*2,References!$B$7),0)","v":{"v":28681.621422666663,"d":"28,682"}},{"$f":"IF(AND(D763<>0,$B$16=\"Yes\"),References!$B$6,0)","v":{"v":100000,"d":"100,000"}},{"v":2530.731302,"d":"2,531"},{"v":14080.485,"d":"14,080"},{"v":1877.3980000000001,"d":"1,877"},{"v":15957.883000000002,"d":"15,958"},{"v":21590.076999999997,"d":"21,590"},{"$f":"(M763*12-(VLOOKUP(AB763*12,'Tax table'!$A$3:$C$10,3)*(AB763*12-VLOOKUP(AB763*12,'Tax table'!$A$3:$C$10,1))+VLOOKUP(AB763*12,'Tax table'!$A$3:$C$10,2)))/12","v":{"v":20344.72831333333,"d":"20,345"}},{"v":15957.883000000002,"d":"15,958"},{"v":0.7843743477046916,"d":"78.4%"}]
["Member 1546","1991-03-26","F",{"v":225402.12,"d":"225,402"},{"v":0.8,"d":"80%"},{"v":0.85,"d":"85%"},{"v":0.75,"d":"75%"},{"v":0.1,"d":"10%"},null,27,{"v":18783.51,"d":"18,784"},{"v":1878.3509999999999,"d":"1,878"},{"v":23479.387499999997,"d":"23,479"},{"v":21601.0365,"d":"21,601"},{"$f":"(M764*12-(VLOOKUP(N764*12,'Tax table'!$A$3:$C$10,3)*(N764*12-VLOOKUP(N764*12,'Tax table'!$A$3:$C$10,1))+VLOOKUP(N764*12,'Tax table'!$A$3:$C$10,2)))/12","v":{"v":20353.79134333333,"d":"20,354"}},{"v":16905.159,"d":"16,905"},{"$f":"(VLOOKUP(P764*12,'Tax table'!$A$3:$C$10,3)*(P764*12-VLOOKUP(P764*12,'Tax table'!$A$3:$C$10,1))+VLOOKUP(P764*12,'Tax table'!$A$3:$C$10,2))/12","v":{"v":1904.6680066666665,"d":"1,905"}},{"v":16878.84199333333,"d":"16,879"},{"v":14347.015694333331,"d":"14,347"},{"v":0.7048817319743501,"d":"70.5%"},{"v":43041.047083,"d":"43,041"},{"$f":"IF($B$15=\"Yes\",MIN(S764*2,References!$B$7),0)","v":{"v":28694.031388666663,"d":"28,694"}},{"$f":"IF(AND(D764<>0,$B$16=\"Yes\"),References!$B$6,0)","v":{"v":100000,"d":"100,000"}},{"v":2531.8262990000003,"d":"2,532"},{"v":14087.6325,"d":"14,088"},{"v":1878.3509999999999,"d":"1,878"},{"v":15965.9835,"d":"15,966"},{"v":21601.0365,"d":"21,601"},{"$f":"(M764*12-(VLOOKUP(AB764*12,'Tax table'!$A$3:$C$10,3)*(AB764*12-VLOOKUP(AB764*12,'Tax table'!$A$3:$C$10,1))+VLOOKUP(AB764*12,'Tax table'!$A$3:$C$10,2)))/12","v":{"v":20353.79134333333,"d":"20,354"}},{"v":15965.9835,"d":"15,966"},{"v":0.7844230704089187,"d":"78.4%"}]
["Member 1545","1968-11-25","F",{"v":225508.32,"d":"225,508"},{"v":0.8,"d":"80%"},{"v":0.85,"d":"85%"},{"v":0.75,"d":"75%"},{"v":0.1,"d":"10%"},null,49,{"v":18792.36,"d":"18,792"},{"v":1879.236,"d":"1,879"},{"v":23490.45,"d":"23,490"},{"v":21611.214,"d":"21,611"},{"$f":"(M765*12-(VLOOKUP(N765*12,'Tax table'!$A$3:$C$10,3)*(N765*12-VLOOKUP(N765*12,'Tax table'!$A$3:$C$10,1))+VLOOKUP(N765*12,'Tax table'!$A$3:$C$10,2)))/12","v":{"v":20362.207693333334,"d":"20,362"}},{"v":16913.124,"d":"16,913"},{"$f":"(VLOOKUP(P765*12,'Tax table'!$A$3:$C$10,3)*(P765*12-VLOOKUP(P765*12,'Tax table'!$A$3:$C$10,1))+VLOOKUP(P765*12,'Tax table'!$A$3:$C$10,2))/12","v":{"v":1906.7389066666672,"d":"1,907"}},{"v":16885.621093333335,"d":"16,886"},{"v":14352.777929333335,"d":"14,353"},{"v":0.7048733686196753,"d":"70.5%"},{"v":43058.333788,"d":"43,058"},{"$f":"IF($B$15=\"Yes\",MIN(S765*2,References!$B$7),0)","v":{"v":28705.55585866667,"d":"28,706"}},{"$f":"IF(AND(D765<>0,$B$16=\"Yes\"),References!$B$6,0)","v":{"v":100000,"d":"100,000"}},{"v":2532.843164,"d":"2,533"},{"v":14094.27,"d":"14,094"},{"v":1879.236,"d":"1,879"},{"v":15973.506000000001,"d":"15,974"},{"v":21611.214,"d":"21,611"},{"$f":"(M765*12-(VLOOKUP(AB765*12,'Tax table'!$A$3:$C$10,3)*(AB765*12-VLOOKUP(AB765*12,'Tax table'!$A$3:$C$10,1))+VLOOKUP(AB765*12,'Tax table'!$A$3:$C$10,2)))/12","v":{"v":20362.207693333334,"d":"20,362"}},{"v":15973.506000000001,"d":"15,974"},{"v":0.7844682777314853,"d":"78.4%"}]
["Member 1544","1979-10-16","F",{"v":225541.44,"d":"225,541"},{"v":0.8,"d":"80%"},{"v":0.85,"d":"85%"},{"v":0.75,"d":"75%"},{"v":0.1,"d":"10%"},null,39,{"v":18795.12,"d":"18,795"},{"v":1879.512,"d":"1,880"},{"v":23493.899999999998,"d":"23,494"},{"v":21614.388,"d":"21,614"},{"$f":"(M766*12-(VLOOKUP(N766*12,'Tax table'!$A$3:$C$10,3)*(N766*12-VLOOKUP(N766*12,'Tax table'!$A$3:$C$10,1))+VLOOKUP(N766*12,'Tax table'!$A$3:$C$10,2)))/12","v":{"v":20364.832453333333,"d":"20,365"}},{"v":16915.608,"d":"16,916"},{"$f":"(VLOOKUP(P766*12,'Tax table'!$A$3:$C$10,3)*(P766*12-VLOOKUP(P766*12,'Tax table'!$A$3:$C$10,1))+VLOOKUP(P766*12,'Tax table'!$A$3:$C$10,2))/12","v":{"v":1907.3847466666666,"d":"1,907"}},{"v":16887.735253333332,"d":"16,888"},{"v":14354.574965333331,"d":"14,355"},{"v":0.7048707618011246,"d":"70.5%"},{"v":43063.72489599999,"d":"43,064"},{"$f":"IF($B$15=\"Yes\",MIN(S766*2,References!$B$7),0)","v":{"v":28709.149930666663,"d":"28,709"}},{"$f":"IF(AND(D766<>0,$B$16=\"Yes\"),References!$B$6,0)","v":{"v":100000,"d":"100,000"}},{"v":2533.160288000001,"d":"2,533"},{"v":14096.34,"d":"14,096"},{"v":1879.512,"d":"1,880"},{"v":15975.852,"d":"15,976"},{"v":21614.388,"d":"21,614"},{"$f":"(M766*12-(VLOOKUP(AB766*12,'Tax table'!$A$3:$C$10,3)*(AB766*12-VLOOKUP(AB766*12,'Tax table'!$A$3:$C$10,1))+VLOOKUP(AB766*12,'Tax table'!$A$3:$C$10,2)))/12","v":{"v":20364.832453333333,"d":"20,365"}},{"v":15975.852,"d":"15,976"},{"v":0.7844823686425694,"d":"78.4%"}]
["Member 1536","1972-11-04","M",{"v":225583.32,"d":"225,583"},{"v":0.8,"d":"80%"},{"v":0.85,"d":"85%"},{"v":0.75,"d":"75%"},{"v":0.1,"d":"10%"},null,46,{"v":18798.61,"d":"18,799"},{"v":1879.861,"d":"1,880"},{"v":23498.2625,"d":"23,498"},{"v":21618.4015,"d":"21,618"},{"$f":"(M767*12-(VLOOKUP(N767*12,'Tax table'!$A$3:$C$10,3)*(N767*12-VLOOKUP(N767*12,'Tax table'!$A$3:$C$10,1))+VLOOKUP(N767*12,'Tax table'!$A$3:$C$10,2)))/12","v":{"v":20368.151443333336,"d":"20,368"}},{"v":16918.749,"d":"16,919"},{"$f":"(VLOOKUP(P767*12,'Tax table'!$A$3:$C$10,3)*(P767*12-VLOOKUP(P767*12,'Tax table'!$A$3:$C$10,1))+VLOOKUP(P767*12,'Tax table'!$A$3:$C$10,2))/12","v":{"v":1908.201406666667,"d":"1,908"}},{"v":16890.408593333334,"d":"16,890"},{"v":14356.847304333332,"d":"14,357"},{"v":0.704867466459871,"d":"70.5%"},{"v":43070.541912999994,"d":"43,071"},{"$f":"IF($B$15=\"Yes\",MIN(S767*2,References!$B$7),0)","v":{"v":28713.694608666665,"d":"28,714"}},{"$f":"IF(AND(D767<>0,$B$16=\"Yes\"),References!$B$6,0)","v":{"v":100000,"d":"100,000"}},{"v":2533.561289000001,"d":"2,534"},{"v":14098.9575,"d":"14,099"},{"v":1879.861,"d":"1,880"},{"v":15978.818500000001,"d":"15,979"},{"v":21618.4015,"d":"21,618"},{"$f":"(M767*12-(VLOOKUP(AB767*12,'Tax table'!$A$3:$C$10,3)*(AB767*12-VLOOKUP(AB767*12,'Tax table'!$A$3:$C$10,1))+VLOOKUP(AB767*12,'Tax table'!$A$3:$C$10,2)))/12","v":{"v":20368.151443333336,"d":"20,368"}},{"v":15978.818500000001,"d":"15,979"},{"v":0.784500181297994,"d":"78.5%"}]
["Member 1537","1986-03-18","M",{"v":225583.32,"d":"225,583"},{"v":0.8,"d":"80%"},{"v":0.85,"d":"85%"},{"v":0.75,"d":"75%"},{"v":0.1,"d":"10%"},null,32,{"v":18798.61,"d":"18,799"},{"v":1879.861,"d":"1,880"},{"v":23498.2625,"d":"23,498"},{"v":21618.4015,"d":"21,618"},{"$f":"(M768*12-(VLOOKUP(N768*12,'Tax table'!$A$3:$C$10,3)*(N768*12-VLOOKUP(N768*12,'Tax table'!$A$3:$C$10,1))+VLOOKUP(N768*12,'Tax table'!$A$3:$C$10,2)))/12","v":{"v":20368.151443333336,"d":"20,368"}},{"v":16918.749,"d":"16,919"},{"$f":"(VLOOKUP(P768*12,'Tax table'!$A$3:$C$10,3)*(P768*12-VLOOKUP(P768*12,'Tax table'!$A$3:$C$10,1))+VLOOKUP(P768*12,'Tax table'!$A$3:$C$10,2))/12","v":{"v":1908.201406666667,"d":"1,908"}},{"v":16890.408593333334,"d":"16,890"},{"v":14356.847304333332,"d":"14,357"},{"v":0.704867466459871,"d":"70.5%"},{"v":43070.541912999994,"d":"43,071"},{"$f":"IF($B$15=\"Yes\",MIN(S768*2,References!$B$7),0)","v":{"v":28713.694608666665,"d":"28,714"}},{"$f":"IF(AND(D768<>0,$B$16=\"Yes\"),References!$B$6,0)","v":{"v":100000,"d":"100,000"}},{"v":2533.561289000001,"d":"2,534"},{"v":14098.9575,"d":"14,099"},{"v":1879.861,"d":"1,880"},{"v":15978.818500000001,"d":"15,979"},{"v":21618.4015,"d":"21,618"},{"$f":"(M768*12-(VLOOKUP(AB768*12,'Tax table'!$A$3:$C$10,3)*(AB768*12-VLOOKUP(AB768*12,'Tax table'!$A$3:$C$10,1))+VLOOKUP(AB768*12,'Tax table'!$A$3:$C$10,2)))/12","v":{"v":20368.151443333336,"d":"20,368"}},{"v":15978.818500000001,"d":"15,979"},{"v":0.784500181297994,"d":"78.5%"}]
["Member 1538","1982-03-14","M",{"v":225583.32,"d":"225,583"},{"v":0.8,"d":"80%"},{"v":0.85,"d":"85%"},{"v":0.75,"d":"75%"},{"v":0.1,"d":"10%"},null,36,{"v":18798.61,"d":"18,799"},{"v":1879.861,"d":"1,880"},{"v":23498.2625,"d":"23,498"},{"v":21618.4015,"d":"21,618"},{"$f":"(M769*12-(VLOOKUP(N769*12,'Tax table'!$A$3:$C$10,3)*(N769*12-VLOOKUP(N769*12,'Tax table'!$A$3:$C$10,1))+VLOOKUP(N769*12,'Tax table'!$A$3:$C$10,2)))/12","v":{"v":20368.151443333336,"d":"20,368"}},{"v":16918.749,"d":"16,919"},{"$f":"(VLOOKUP(P769*12,'Tax table'!$A$3:$C$10,3)*(P769*12-VLOOKUP(P769*12,'Tax table'!$A$3:$C$10,1))+VLOOKUP(P769*12,'Tax table'!$A$3:$C$10,2))/12","v":{"v":1908.201406666667,"d":"1,908"}},{"v":16890.408593333334,"d":"16,890"},{"v":14356.847304333332,"d":"14,357"},{"v":0.704867466459871,"d":"70.5%"},{"v":43070.541912999994,"d":"43,071"},{"$f":"IF($B$15=\"Yes\",MIN(S769*2,References!$B$7),0)","v":{"v":28713.694608666665,"d":"28,714"}},{"$f":"IF(AND(D769<>0,$B$16=\"Yes\"),References!$B$6,0)","v":{"v":100000,"d":"100,000"}},{"v":2533.561289000001,"d":"2,534"},{"v":14098.9575,"d":"14,099"},{"v":1879.861,"d":"1,880"},{"v":15978.818500000001,"d":"15,979"},{"v":21618.4015,"d":"21,618"},{"$f":"(M769*12-(VLOOKUP(AB769*12,'Tax table'!$A$3:$C$10,3)*(AB769*12-VLOOKUP(AB769*12,'Tax table'!$A$3:$C$10,1))+VLOOKUP(AB769*12,'Tax table'!$A$3:$C$10,2)))/12","v":{"v":20368.151443333336,"d":"20,368"}},{"v":15978.818500000001,"d":"15,979"},{"v":0.784500181297994,"d":"78.5%"}]
["Member 1539","1982-09-22","M",{"v":225583.32,"d":"225,583"},{"v":0.8,"d":"80%"},{"v":0.85,"d":"85%"},{"v":0.75,"d":"75%"},{"v":0.1,"d":"10%"},null,36,{"v":18798.61,"d":"18,799"},{"v":1879.861,"d":"1,880"},{"v":23498.2625,"d":"23,498"},{"v":21618.4015,"d":"21,618"},{"$f":"(M770*12-(VLOOKUP(N770*12,'Tax table'!$A$3:$C$10,3)*(N770*12-VLOOKUP(N770*12,'Tax table'!$A$3:$C$10,1))+VLOOKUP(N770*12,'Tax table'!$A$3:$C$10,2)))/12","v":{"v":20368.151443333336,"d":"20,368"}},{"v":16918.749,"d":"16,919"},{"$f":"(VLOOKUP(P770*12,'Tax table'!$A$3:$C$10,3)*(P770*12-VLOOKUP(P770*12,'Tax table'!$A$3:$C$10,1))+VLOOKUP(P770*12,'Tax table'!$A$3:$C$10,2))/12","v":{"v":1908.201406666667,"d":"1,908"}},{"v":16890.408593333334,"d":"16,890"},{"v":14356.847304333332,"d":"14,357"},{"v":0.704867466459871,"d":"70.5%"},{"v":43070.541912999994,"d":"43,071"},{"$f":"IF($B$15=\"Yes\",MIN(S770*2,References!$B$7),0)","v":{"v":28713.694608666665,"d":"28,714"}},{"$f":"IF(AND(D770<>0,$B$16=\"Yes\"),References!$B$6,0)","v":{"v":100000,"d":"100,000"}},{"v":2533.561289000001,"d":"2,534"},{"v":14098.9575,"d":"14,099"},{"v":1879.861,"d":"1,880"},{"v":15978.818500000001,"d":"15,979"},{"v":21618.4015,"d":"21,618"},{"$f":"(M770*12-(VLOOKUP(AB770*12,'Tax table'!$A$3:$C$10,3)*(AB770*12-VLOOKUP(AB770*12,'Tax table'!$A$3:$C$10,1))+VLOOKUP(AB770*12,'Tax table'!$A$3:$C$10,2)))/12","v":{"v":20368.151443333336,"d":"20,368"}},{"v":15978.818500000001,"d":"15,979"},{"v":0.784500181297994,"d":"78.5%"}]
["Member 1540","1977-03-31","M",{"v":225583.32,"d":"225,583"},{"v":0.8,"d":"80%"},{"v":0.85,"d":"85%"},{"v":0.75,"d":"75%"},{"v":0.1,"d":"10%"},null,41,{"v":18798.61,"d":"18,799"},{"v":1879.861,"d":"1,880"},{"v":23498.2625,"d":"23,498"},{"v":21618.4015,"d":"21,618"},{"$f":"(M771*12-(VLOOKUP(N771*12,'Tax table'!$A$3:$C$10,3)*(N771*12-VLOOKUP(N771*12,'Tax table'!$A$3:$C$10,1))+VLOOKUP(N771*12,'Tax table'!$A$3:$C$10,2)))/12","v":{"v":20368.151443333336,"d":"20,368"}},{"v":16918.749,"d":"16,919"},{"$f":"(VLOOKUP(P771*12,'Tax table'!$A$3:$C$10,3)*(P771*12-VLOOKUP(P771*12,'Tax table'!$A$3:$C$10,1))+VLOOKUP(P771*12,'Tax table'!$A$3:$C$10,2))/12","v":{"v":1908.201406666667,"d":"1,908"}},{"v":16890.408593333334,"d":"16,890"},{"v":14356.847304333332,"d":"14,357"},{"v":0.704867466459871,"d":"70.5%"},{"v":43070.541912999994,"d":"43,071"},{"$f":"IF($B$15=\"Yes\",MIN(S771*2,References!$B$7),0)","v":{"v":28713.694608666665,"d":"28,714"}},{"$f":"IF(AND(D771<>0,$B$16=\"Yes\"),References!$B$6,0)","v":{"v":100000,"d":"100,000"}},{"v":2533.561289000001,"d":"2,534"},{"v":14098.9575,"d":"14,099"},{"v":1879.861,"d":"1,880"},{"v":15978.818500000001,"d":"15,979"},{"v":21618.4015,"d":"21,618"},{"$f":"(M771*12-(VLOOKUP(AB771*12,'Tax table'!$A$3:$C$10,3)*(AB771*12-VLOOKUP(AB771*12,'Tax table'!$A$3:$C$10,1))+VLOOKUP(AB771*12,'Tax table'!$A$3:$C$10,2)))/12","v":{"v":20368.151443333336,"d":"20,368"}},{"v":15978.818500000001,"d":"15,979"},{"v":0.784500181297994,"d":"78.5%"}]
["Member 1541","1980-10-18","F",{"v":225583.32,"d":"225,583"},{"v":0.8,"d":"80%"},{"v":0.85,"d":"85%"},{"v":0.75,"d":"75%"},{"v":0.1,"d":"10%"},null,38,{"v":18798.61,"d":"18,799"},{"v":1879.861,"d":"1,880"},{"v":23498.2625,"d":"23,498"},{"v":21618.4015,"d":"21,618"},{"$f":"(M772*12-(VLOOKUP(N772*12,'Tax table'!$A$3:$C$10,3)*(N772*12-VLOOKUP(N772*12,'Tax table'!$A$3:$C$10,1))+VLOOKUP(N772*12,'Tax table'!$A$3:$C$10,2)))/12","v":{"v":20368.151443333336,"d":"20,368"}},{"v":16918.749,"d":"16,919"},{"$f":"(VLOOKUP(P772*12,'Tax table'!$A$3:$C$10,3)*(P772*12-VLOOKUP(P772*12,'Tax table'!$A$3:$C$10,1))+VLOOKUP(P772*12,'Tax table'!$A$3:$C$10,2))/12","v":{"v":1908.201406666667,"d":"1,908"}},{"v":16890.408593333334,"d":"16,890"},{"v":14356.847304333332,"d":"14,357"},{"v":0.704867466459871,"d":"70.5%"},{"v":43070.541912999994,"d":"43,071"},{"$f":"IF($B$15=\"Yes\",MIN(S772*2,References!$B$7),0)","v":{"v":28713.694608666665,"d":"28,714"}},{"$f":"IF(AND(D772<>0,$B$16=\"Yes\"),References!$B$6,0)","v":{"v":100000,"d":"100,000"}},{"v":2533.561289000001,"d":"2,534"},{"v":14098.9575,"d":"14,099"},{"v":1879.861,"d":"1,880"},{"v":15978.818500000001,"d":"15,979"},{"v":21618.4015,"d":"21,618"},{"$f":"(M772*12-(VLOOKUP(AB772*12,'Tax table'!$A$3:$C$10,3)*(AB772*12-VLOOKUP(AB772*12,'Tax table'!$A$3:$C$10,1))+VLOOKUP(AB772*12,'Tax table'!$A$3:$C$10,2)))/12","v":{"v":20368.151443333336,"d":"20,368"}},{"v":15978.818500000001,"d":"15,979"},{"v":0.784500181297994,"d":"78.5%"}]
["Member 1542","1983-03-18","M",{"v":225583.32,"d":"225,583"},{"v":0.8,"d":"80%"},{"v":0.85,"d":"85%"},{"v":0.75,"d":"75%"},{"v":0.1,"d":"10%"},null,35,{"v":18798.61,"d":"18,799"},{"v":1879.861,"d":"1,880"},{"v":23498.2625,"d":"23,498"},{"v":21618.4015,"d":"21,618"},{"$f":"(M773*12-(VLOOKUP(N773*12,'Tax table'!$A$3:$C$10,3)*(N773*12-VLOOKUP(N773*12,'Tax table'!$A$3:$C$10,1))+VLOOKUP(N773*12,'Tax table'!$A$3:$C$10,2)))/12","v":{"v":20368.151443333336,"d":"20,368"}},{"v":16918.749,"d":"16,919"},{"$f":"(VLOOKUP(P773*12,'Tax table'!$A$3:$C$10,3)*(P773*12-VLOOKUP(P773*12,'Tax table'!$A$3:$C$10,1))+VLOOKUP(P773*12,'Tax table'!$A$3:$C$10,2))/12","v":{"v":1908.201406666667,"d":"1,908"}},{"v":16890.408593333334,"d":"16,890"},{"v":14356.847304333332,"d":"14,357"},{"v":0.704867466459871,"d":"70.5%"},{"v":43070.541912999994,"d":"43,071"},{"$f":"IF($B$15=\"Yes\",MIN(S773*2,References!$B$7),0)","v":{"v":28713.694608666665,"d":"28,714"}},{"$f":"IF(AND(D773<>0,$B$16=\"Yes\"),References!$B$6,0)","v":{"v":100000,"d":"100,000"}},{"v":2533.561289000001,"d":"2,534"},{"v":14098.9575,"d":"14,099"},{"v":1879.861,"d":"1,880"},{"v":15978.818500000001,"d":"15,979"},{"v":21618.4015,"d":"21,618"},{"$f":"(M773*12-(VLOOKUP(AB773*12,'Tax table'!$A$3:$C$10,3)*(AB773*12-VLOOKUP(AB773*12,'Tax table'!$A$3:$C$10,1))+VLOOKUP(AB773*12,'Tax table'!$A$3:$C$10,2)))/12","v":{"v":20368.151443333336,"d":"20,368"}},{"v":15978.818500000001,"d":"15,979"},{"v":0.784500181297994,"d":"78.5%"}]
["Member 1543","1985-01-18","M",{"v":225583.32,"d":"225,583"},{"v":0.8,"d":"80%"},{"v":0.85,"d":"85%"},{"v":0.75,"d":"75%"},{"v":0.1,"d":"10%"},null,33,{"v":18798.61,"d":"18,799"},{"v":1879.861,"d":"1,880"},{"v":23498.2625,"d":"23,498"},{"v":21618.4015,"d":"21,618"},{"$f":"(M774*12-(VLOOKUP(N774*12,'Tax table'!$A$3:$C$10,3)*(N774*12-VLOOKUP(N774*12,'Tax table'!$A$3:$C$10,1))+VLOOKUP(N774*12,'Tax table'!$A$3:$C$10,2)))/12","v":{"v":20368.151443333336,"d":"20,368"}},{"v":16918.749,"d":"16,919"},{"$f":"(VLOOKUP(P774*12,'Tax table'!$A$3:$C$10,3)*(P774*12-VLOOKUP(P774*12,'Tax table'!$A$3:$C$10,1))+VLOOKUP(P774*12,'Tax table'!$A$3:$C$10,2))/12","v":{"v":1908.201406666667,"d":"1,908"}},{"v":16890.408593333334,"d":"16,890"},{"v":14356.847304333332,"d":"14,357"},{"v":0.704867466459871,"d":"70.5%"},{"v":43070.541912999994,"d":"43,071"},{"$f":"IF($B$15=\"Yes\",MIN(S774*2,References!$B$7),0)","v":{"v":28713.694608666665,"d":"28,714"}},{"$f":"IF(AND(D774<>0,$B$16=\"Yes\"),References!$B$6,0)","v":{"v":100000,"d":"100,000"}},{"v":2533.561289000001,"d":"2,534"},{"v":14098.9575,"d":"14,099"},{"v":1879.861,"d":"1,880"},{"v":15978.818500000001,"d":"15,979"},{"v":21618.4015,"d":"21,618"},{"$f":"(M774*12-(VLOOKUP(AB774*12,'Tax table'!$A$3:$C$10,3)*(AB774*12-VLOOKUP(AB774*12,'Tax table'!$A$3:$C$10,1))+VLOOKUP(AB774*12,'Tax table'!$A$3:$C$10,2)))/12","v":{"v":20368.151443333336,"d":"20,368"}},{"v":15978.818500000001,"d":"15,979"},{"v":0.784500181297994,"d":"78.5%"}]
["Member 1535","1985-12-31","F",{"v":225959.28,"d":"225,959"},{"v":0.8,"d":"80%"},{"v":0.85,"d":"85%"},{"v":0.75,"d":"75%"},{"v":0.1,"d":"10%"},null,32,{"v":18829.94,"d":"18,830"},{"v":1882.994,"d":"1,883"},{"v":23537.424999999996,"d":"23,537"},{"v":21654.430999999997,"d":"21,654"},{"$f":"(M775*12-(VLOOKUP(N775*12,'Tax table'!$A$3:$C$10,3)*(N775*12-VLOOKUP(N775*12,'Tax table'!$A$3:$C$10,1))+VLOOKUP(N775*12,'Tax table'!$A$3:$C$10,2)))/12","v":{"v":20397.94627333333,"d":"20,398"}},{"v":16946.946,"d":"16,947"},{"$f":"(VLOOKUP(P775*12,'Tax table'!$A$3:$C$10,3)*(P775*12-VLOOKUP(P775*12,'Tax table'!$A$3:$C$10,1))+VLOOKUP(P775*12,'Tax table'!$A$3:$C$10,2))/12","v":{"v":1915.532626666667,"d":"1,916"}},{"v":16914.40737333333,"d":"16,914"},{"v":14377.246267333332,"d":"14,377"},{"v":0.7048379319504833,"d":"70.5%"},{"v":43131.73880199999,"d":"43,132"},{"$f":"IF($B$15=\"Yes\",MIN(S775*2,References!$B$7),0)","v":{"v":28754.492534666664,"d":"28,754"}},{"$f":"IF(AND(D775<>0,$B$16=\"Yes\"),References!$B$6,0)","v":{"v":100000,"d":"100,000"}},{"v":2537.1611059999996,"d":"2,537"},{"v":14122.454999999998,"d":"14,122"},{"v":1882.994,"d":"1,883"},{"v":16005.448999999999,"d":"16,005"},{"v":21654.430999999997,"d":"21,654"},{"$f":"(M775*12-(VLOOKUP(AB775*12,'Tax table'!$A$3:$C$10,3)*(AB775*12-VLOOKUP(AB775*12,'Tax table'!$A$3:$C$10,1))+VLOOKUP(AB775*12,'Tax table'!$A$3:$C$10,2)))/12","v":{"v":20397.94627333333,"d":"20,398"}},{"v":16005.448999999999,"d":"16,005"},{"v":0.7846598272946852,"d":"78.5%"}]
["Member 1534","1989-01-18","F",{"v":226157.52,"d":"226,158"},{"v":0.8,"d":"80%"},{"v":0.85,"d":"85%"},{"v":0.75,"d":"75%"},{"v":0.1,"d":"10%"},null,29,{"v":18846.46,"d":"18,846"},{"v":1884.646,"d":"1,885"},{"v":23558.074999999997,"d":"23,558"},{"v":21673.428999999996,"d":"21,673"},{"$f":"(M776*12-(VLOOKUP(N776*12,'Tax table'!$A$3:$C$10,3)*(N776*12-VLOOKUP(N776*12,'Tax table'!$A$3:$C$10,1))+VLOOKUP(N776*12,'Tax table'!$A$3:$C$10,2)))/12","v":{"v":20413.65679333333,"d":"20,414"}},{"v":16961.814,"d":"16,962"},{"$f":"(VLOOKUP(P776*12,'Tax table'!$A$3:$C$10,3)*(P776*12-VLOOKUP(P776*12,'Tax table'!$A$3:$C$10,1))+VLOOKUP(P776*12,'Tax table'!$A$3:$C$10,2))/12","v":{"v":1919.3983066666663,"d":"1,919"}},{"v":16927.061693333333,"d":"16,927"},{"v":14388.002439333333,"d":"14,388"},{"v":0.7048223934102855,"d":"70.5%"},{"v":43164.007318,"d":"43,164"},{"$f":"IF($B$15=\"Yes\",MIN(S776*2,References!$B$7),0)","v":{"v":28776.004878666667,"d":"28,776"}},{"$f":"IF(AND(D776<>0,$B$16=\"Yes\"),References!$B$6,0)","v":{"v":100000,"d":"100,000"}},{"v":2539.059254,"d":"2,539"},{"v":14134.845,"d":"14,135"},{"v":1884.646,"d":"1,885"},{"v":16019.491,"d":"16,019"},{"v":21673.428999999996,"d":"21,673"},{"$f":"(M776*12-(VLOOKUP(AB776*12,'Tax table'!$A$3:$C$10,3)*(AB776*12-VLOOKUP(AB776*12,'Tax table'!$A$3:$C$10,1))+VLOOKUP(AB776*12,'Tax table'!$A$3:$C$10,2)))/12","v":{"v":20413.65679333333,"d":"20,414"}},{"v":16019.491,"d":"16,019"},{"v":0.7847438194038624,"d":"78.5%"}]
["Member 1531","1979-12-18","M",{"v":226371.72,"d":"226,372"},{"v":0.8,"d":"80%"},{"v":0.85,"d":"85%"},{"v":0.75,"d":"75%"},{"v":0.1,"d":"10%"},null,38,{"v":18864.31,"d":"18,864"},{"v":1886.4310000000003,"d":"1,886"},{"v":23580.3875,"d":"23,580"},{"v":21693.9565,"d":"21,694"},{"$f":"(M777*12-(VLOOKUP(N777*12,'Tax table'!$A$3:$C$10,3)*(N777*12-VLOOKUP(N777*12,'Tax table'!$A$3:$C$10,1))+VLOOKUP(N777*12,'Tax table'!$A$3:$C$10,2)))/12","v":{"v":20430.632143333336,"d":"20,431"}},{"v":16977.879,"d":"16,978"},{"$f":"(VLOOKUP(P777*12,'Tax table'!$A$3:$C$10,3)*(P777*12-VLOOKUP(P777*12,'Tax table'!$A$3:$C$10,1))+VLOOKUP(P777*12,'Tax table'!$A$3:$C$10,2))/12","v":{"v":1923.575206666667,"d":"1,924"}},{"v":16940.734793333333,"d":"16,941"},{"v":14399.624574333333,"d":"14,400"},{"v":0.7048056307465765,"d":"70.5%"},{"v":43198.873723,"d":"43,199"},{"$f":"IF($B$15=\"Yes\",MIN(S777*2,References!$B$7),0)","v":{"v":28799.249148666666,"d":"28,799"}},{"$f":"IF(AND(D777<>0,$B$16=\"Yes\"),References!$B$6,0)","v":{"v":100000,"d":"100,000"}},{"v":2541.110219,"d":"2,541"},{"v":14148.232500000002,"d":"14,148"},{"v":1886.4310000000003,"d":"1,886"},{"v":16034.663500000002,"d":"16,035"},{"v":21693.9565,"d":"21,694"},{"$f":"(M777*12-(VLOOKUP(AB777*12,'Tax table'!$A$3:$C$10,3)*(AB777*12-VLOOKUP(AB777*12,'Tax table'!$A$3:$C$10,1))+VLOOKUP(AB777*12,'Tax table'!$A$3:$C$10,2)))/12","v":{"v":20430.632143333336,"d":"20,431"}},{"v":16034.663500000002,"d":"16,035"},{"v":0.784834428396883,"d":"78.5%"}]
["Member 1532","1988-03-21","F",{"v":226371.72,"d":"226,372"},{"v":0.8,"d":"80%"},{"v":0.85,"d":"85%"},{"v":0.75,"d":"75%"},{"v":0.1,"d":"10%"},null,30,{"v":18864.31,"d":"18,864"},{"v":1886.4310000000003,"d":"1,886"},{"v":23580.3875,"d":"23,580"},{"v":21693.9565,"d":"21,694"},{"$f":"(M778*12-(VLOOKUP(N778*12,'Tax table'!$A$3:$C$10,3)*(N778*12-VLOOKUP(N778*12,'Tax table'!$A$3:$C$10,1))+VLOOKUP(N778*12,'Tax table'!$A$3:$C$10,2)))/12","v":{"v":20430.632143333336,"d":"20,431"}},{"v":16977.879,"d":"16,978"},{"$f":"(VLOOKUP(P778*12,'Tax table'!$A$3:$C$10,3)*(P778*12-VLOOKUP(P778*12,'Tax table'!$A$3:$C$10,1))+VLOOKUP(P778*12,'Tax table'!$A$3:$C$10,2))/12","v":{"v":1923.575206666667,"d":"1,924"}},{"v":16940.734793333333,"d":"16,941"},{"v":14399.624574333333,"d":"14,400"},{"v":0.7048056307465765,"d":"70.5%"},{"v":43198.873723,"d":"43,199"},{"$f":"IF($B$15=\"Yes\",MIN(S778*2,References!$B$7),0)","v":{"v":28799.249148666666,"d":"28,799"}},{"$f":"IF(AND(D778<>0,$B$16=\"Yes\"),References!$B$6,0)","v":{"v":100000,"d":"100,000"}},{"v":2541.110219,"d":"2,541"},{"v":14148.232500000002,"d":"14,148"},{"v":1886.4310000000003,"d":"1,886"},{"v":16034.663500000002,"d":"16,035"},{"v":21693.9565,"d":"21,694"},{"$f":"(M778*12-(VLOOKUP(AB778*12,'Tax table'!$A$3:$C$10,3)*(AB778*12-VLOOKUP(AB778*12,'Tax table'!$A$3:$C$10,1))+VLOOKUP(AB778*12,'Tax table'!$A$3:$C$10,2)))/12","v":{"v":20430.632143333336,"d":"20,431"}},{"v":16034.663500000002,"d":"16,035"},{"v":0.784834428396883,"d":"78.5%"}]
["Member 1533","1987-01-29","M",{"v":226371.72,"d":"226,372"},{"v":0.8,"d":"80%"},{"v":0.85,"d":"85%"},{"v":0.75,"d":"75%"},{"v":0.1,"d":"10%"},null,31,{"v":18864.31,"d":"18,864"},{"v":1886.4310000000003,"d":"1,886"},{"v":23580.3875,"d":"23,580"},{"v":21693.9565,"d":"21,694"},{"$f":"(M779*12-(VLOOKUP(N779*12,'Tax table'!$A$3:$C$10,3)*(N779*12-VLOOKUP(N779*12,'Tax table'!$A$3:$C$10,1))+VLOOKUP(N779*12,'Tax table'!$A$3:$C$10,2)))/12","v":{"v":20430.632143333336,"d":"20,431"}},{"v":16977.879,"d":"16,978"},{"$f":"(VLOOKUP(P779*12,'Tax table'!$A$3:$C$10,3)*(P779*12-VLOOKUP(P779*12,'Tax table'!$A$3:$C$10,1))+VLOOKUP(P779*12,'Tax table'!$A$3:$C$10,2))/12","v":{"v":1923.575206666667,"d":"1,924"}},{"v":16940.734793333333,"d":"16,941"},{"v":14399.624574333333,"d":"14,400"},{"v":0.7048056307465765,"d":"70.5%"},{"v":43198.873723,"d":"43,199"},{"$f":"IF($B$15=\"Yes\",MIN(S779*2,References!$B$7),0)","v":{"v":28799.249148666666,"d":"28,799"}},{"$f":"IF(AND(D779<>0,$B$16=\"Yes\"),References!$B$6,0)","v":{"v":100000,"d":"100,000"}},{"v":2541.110219,"d":"2,541"},{"v":14148.232500000002,"d":"14,148"},{"v":1886.4310000000003,"d":"1,886"},{"v":16034.663500000002,"d":"16,035"},{"v":21693.9565,"d":"21,694"},{"$f":"(M779*12-(VLOOKUP(AB779*12,'Tax table'!$A$3:$C$10,3)*(AB779*12-VLOOKUP(AB779*12,'Tax table'!$A$3:$C$10,1))+VLOOKUP(AB779*12,'Tax table'!$A$3:$C$10,2)))/12","v":{"v":20430.632143333336,"d":"20,431"}},{"v":16034.663500000002,"d":"16,035"},{"v":0.784834428396883,"d":"78.5%"}]
["Member 1530","1989-01-20","M",{"v":226505.64,"d":"226,506"},{"v":0.8,"d":"80%"},{"v":0.85,"d":"85%"},{"v":0.75,"d":"75%"},{"v":0.1,"d":"10%"},null,29,{"v":18875.47,"d":"18,875"},{"v":1887.5470000000003,"d":"1,888"},{"v":23594.3375,"d":"23,594"},{"v":21706.790500000003,"d":"21,707"},{"$f":"(M780*12-(VLOOKUP(N780*12,'Tax table'!$A$3:$C$10,3)*(N780*12-VLOOKUP(N780*12,'Tax table'!$A$3:$C$10,1))+VLOOKUP(N780*12,'Tax table'!$A$3:$C$10,2)))/12","v":{"v":20441.245303333337,"d":"20,441"}},{"v":16987.923000000003,"d":"16,988"},{"$f":"(VLOOKUP(P780*12,'Tax table'!$A$3:$C$10,3)*(P780*12-VLOOKUP(P780*12,'Tax table'!$A$3:$C$10,1))+VLOOKUP(P780*12,'Tax table'!$A$3:$C$10,2))/12","v":{"v":1926.1866466666672,"d":"1,926"}},{"v":16949.283353333332,"d":"16,949"},{"v":14406.890850333331,"d":"14,407"},{"v":0.7047951647047654,"d":"70.5%"},{"v":43220.672550999996,"d":"43,221"},{"$f":"IF($B$15=\"Yes\",MIN(S780*2,References!$B$7),0)","v":{"v":28813.781700666663,"d":"28,814"}},{"$f":"IF(AND(D780<>0,$B$16=\"Yes\"),References!$B$6,0)","v":{"v":100000,"d":"100,000"}},{"v":2542.392503000001,"d":"2,542"},{"v":14156.6025,"d":"14,157"},{"v":1887.5470000000003,"d":"1,888"},{"v":16044.149500000001,"d":"16,044"},{"v":21706.790500000003,"d":"21,707"},{"$f":"(M780*12-(VLOOKUP(AB780*12,'Tax table'!$A$3:$C$10,3)*(AB780*12-VLOOKUP(AB780*12,'Tax table'!$A$3:$C$10,1))+VLOOKUP(AB780*12,'Tax table'!$A$3:$C$10,2)))/12","v":{"v":20441.245303333337,"d":"20,441"}},{"v":16044.149500000001,"d":"16,044"},{"v":0.7848910015958614,"d":"78.5%"}]
["Member 1529","1985-02-09","F",{"v":226767.84,"d":"226,768"},{"v":0.8,"d":"80%"},{"v":0.85,"d":"85%"},{"v":0.75,"d":"75%"},{"v":0.1,"d":"10%"},null,33,{"v":18897.32,"d":"18,897"},{"v":1889.732,"d":"1,890"},{"v":23621.649999999998,"d":"23,622"},{"v":21731.917999999998,"d":"21,732"},{"$f":"(M781*12-(VLOOKUP(N781*12,'Tax table'!$A$3:$C$10,3)*(N781*12-VLOOKUP(N781*12,'Tax table'!$A$3:$C$10,1))+VLOOKUP(N781*12,'Tax table'!$A$3:$C$10,2)))/12","v":{"v":20462.02465333333,"d":"20,462"}},{"v":17007.588,"d":"17,008"},{"$f":"(VLOOKUP(P781*12,'Tax table'!$A$3:$C$10,3)*(P781*12-VLOOKUP(P781*12,'Tax table'!$A$3:$C$10,1))+VLOOKUP(P781*12,'Tax table'!$A$3:$C$10,2))/12","v":{"v":1931.2995466666664,"d":"1,931"}},{"v":16966.020453333334,"d":"16,966"},{"v":14421.117385333333,"d":"14,421"},{"v":0.7047747048327442,"d":"70.5%"},{"v":43263.352156,"d":"43,263"},{"$f":"IF($B$15=\"Yes\",MIN(S781*2,References!$B$7),0)","v":{"v":28842.234770666666,"d":"28,842"}},{"$f":"IF(AND(D781<>0,$B$16=\"Yes\"),References!$B$6,0)","v":{"v":100000,"d":"100,000"}},{"v":2544.9030680000014,"d":"2,545"},{"v":14172.99,"d":"14,173"},{"v":1889.732,"d":"1,890"},{"v":16062.722,"d":"16,063"},{"v":21731.917999999998,"d":"21,732"},{"$f":"(M781*12-(VLOOKUP(AB781*12,'Tax table'!$A$3:$C$10,3)*(AB781*12-VLOOKUP(AB781*12,'Tax table'!$A$3:$C$10,1))+VLOOKUP(AB781*12,'Tax table'!$A$3:$C$10,2)))/12","v":{"v":20462.02465333333,"d":"20,462"}},{"v":16062.722,"d":"16,063"},{"v":0.7850015954986805,"d":"78.5%"}]
["Member 1526","1984-04-11","F",{"v":227258.4,"d":"227,258"},{"v":0.8,"d":"80%"},{"v":0.85,"d":"85%"},{"v":0.75,"d":"75%"},{"v":0.1,"d":"10%"},null,34,{"v":18938.2,"d":"18,938"},{"v":1893.8200000000002,"d":"1,894"},{"v":23672.75,"d":"23,673"},{"v":21778.93,"d":"21,779"},{"$f":"(M782*12-(VLOOKUP(N782*12,'Tax table'!$A$3:$C$10,3)*(N782*12-VLOOKUP(N782*12,'Tax table'!$A$3:$C$10,1))+VLOOKUP(N782*12,'Tax table'!$A$3:$C$10,2)))/12","v":{"v":20500.901533333334,"d":"20,501"}},{"v":17044.38,"d":"17,044"},{"$f":"(VLOOKUP(P782*12,'Tax table'!$A$3:$C$10,3)*(P782*12-VLOOKUP(P782*12,'Tax table'!$A$3:$C$10,1))+VLOOKUP(P782*12,'Tax table'!$A$3:$C$10,2))/12","v":{"v":1940.8654666666669,"d":"1,941"}},{"v":16997.334533333335,"d":"16,997"},{"v":14447.734353333333,"d":"14,448"},{"v":0.7047365370660463,"d":"70.5%"},{"v":43343.20306,"d":"43,343"},{"$f":"IF($B$15=\"Yes\",MIN(S782*2,References!$B$7),0)","v":{"v":28895.468706666667,"d":"28,895"}},{"$f":"IF(AND(D782<>0,$B$16=\"Yes\"),References!$B$6,0)","v":{"v":100000,"d":"100,000"}},{"v":2549.6001800000013,"d":"2,550"},{"v":14203.650000000001,"d":"14,204"},{"v":1893.8200000000002,"d":"1,894"},{"v":16097.470000000001,"d":"16,097"},{"v":21778.93,"d":"21,779"},{"$f":"(M782*12-(VLOOKUP(AB782*12,'Tax table'!$A$3:$C$10,3)*(AB782*12-VLOOKUP(AB782*12,'Tax table'!$A$3:$C$10,1))+VLOOKUP(AB782*12,'Tax table'!$A$3:$C$10,2)))/12","v":{"v":20500.901533333334,"d":"20,501"}},{"v":16097.470000000001,"d":"16,097"},{"v":0.7852079077511008,"d":"78.5%"}]
["Member 1527","1982-11-13","M",{"v":227258.4,"d":"227,258"},{"v":0.8,"d":"80%"},{"v":0.85,"d":"85%"},{"v":0.75,"d":"75%"},{"v":0.1,"d":"10%"},null,35,{"v":18938.2,"d":"18,938"},{"v":1893.8200000000002,"d":"1,894"},{"v":23672.75,"d":"23,673"},{"v":21778.93,"d":"21,779"},{"$f":"(M783*12-(VLOOKUP(N783*12,'Tax table'!$A$3:$C$10,3)*(N783*12-VLOOKUP(N783*12,'Tax table'!$A$3:$C$10,1))+VLOOKUP(N783*12,'Tax table'!$A$3:$C$10,2)))/12","v":{"v":20500.901533333334,"d":"20,501"}},{"v":17044.38,"d":"17,044"},{"$f":"(VLOOKUP(P783*12,'Tax table'!$A$3:$C$10,3)*(P783*12-VLOOKUP(P783*12,'Tax table'!$A$3:$C$10,1))+VLOOKUP(P783*12,'Tax table'!$A$3:$C$10,2))/12","v":{"v":1940.8654666666669,"d":"1,941"}},{"v":16997.334533333335,"d":"16,997"},{"v":14447.734353333333,"d":"14,448"},{"v":0.7047365370660463,"d":"70.5%"},{"v":43343.20306,"d":"43,343"},{"$f":"IF($B$15=\"Yes\",MIN(S783*2,References!$B$7),0)","v":{"v":28895.468706666667,"d":"28,895"}},{"$f":"IF(AND(D783<>0,$B$16=\"Yes\"),References!$B$6,0)","v":{"v":100000,"d":"100,000"}},{"v":2549.6001800000013,"d":"2,550"},{"v":14203.650000000001,"d":"14,204"},{"v":1893.8200000000002,"d":"1,894"},{"v":16097.470000000001,"d":"16,097"},{"v":21778.93,"d":"21,779"},{"$f":"(M783*12-(VLOOKUP(AB783*12,'Tax table'!$A$3:$C$10,3)*(AB783*12-VLOOKUP(AB783*12,'Tax table'!$A$3:$C$10,1))+VLOOKUP(AB783*12,'Tax table'!$A$3:$C$10,2)))/12","v":{"v":20500.901533333334,"d":"20,501"}},{"v":16097.470000000001,"d":"16,097"},{"v":0.7852079077511008,"d":"78.5%"}]
["Member 1528","1976-05-11","F",{"v":227258.4,"d":"227,258"},{"v":0.8,"d":"80%"},{"v":0.85,"d":"85%"},{"v":0.75,"d":"75%"},{"v":0.1,"d":"10%"},null,42,{"v":18938.2,"d":"18,938"},{"v":1893.8200000000002,"d":"1,894"},{"v":23672.75,"d":"23,673"},{"v":21778.93,"d":"21,779"},{"$f":"(M784*12-(VLOOKUP(N784*12,'Tax table'!$A$3:$C$10,3)*(N784*12-VLOOKUP(N784*12,'Tax table'!$A$3:$C$10,1))+VLOOKUP(N784*12,'Tax table'!$A$3:$C$10,2)))/12","v":{"v":20500.901533333334,"d":"20,501"}},{"v":17044.38,"d":"17,044"},{"$f":"(VLOOKUP(P784*12,'Tax table'!$A$3:$C$10,3)*(P784*12-VLOOKUP(P784*12,'Tax table'!$A$3:$C$10,1))+VLOOKUP(P784*12,'Tax table'!$A$3:$C$10,2))/12","v":{"v":1940.8654666666669,"d":"1,941"}},{"v":16997.334533333335,"d":"16,997"},{"v":14447.734353333333,"d":"14,448"},{"v":0.7047365370660463,"d":"70.5%"},{"v":43343.20306,"d":"43,343"},{"$f":"IF($B$15=\"Yes\",MIN(S784*2,References!$B$7),0)","v":{"v":28895.468706666667,"d":"28,895"}},{"$f":"IF(AND(D784<>0,$B$16=\"Yes\"),References!$B$6,0)","v":{"v":100000,"d":"100,000"}},{"v":2549.6001800000013,"d":"2,550"},{"v":14203.650000000001,"d":"14,204"},{"v":1893.8200000000002,"d":"1,894"},{"v":16097.470000000001,"d":"16,097"},{"v":21778.93,"d":"21,779"},{"$f":"(M784*12-(VLOOKUP(AB784*12,'Tax table'!$A$3:$C$10,3)*(AB784*12-VLOOKUP(AB784*12,'Tax table'!$A$3:$C$10,1))+VLOOKUP(AB784*12,'Tax table'!$A$3:$C$10,2)))/12","v":{"v":20500.901533333334,"d":"20,501"}},{"v":16097.470000000001,"d":"16,097"},{"v":0.7852079077511008,"d":"78.5%"}]
["Member 1525","1988-02-28","M",{"v":227330.52,"d":"227,331"},{"v":0.8,"d":"80%"},{"v":0.85,"d":"85%"},{"v":0.75,"d":"75%"},{"v":0.1,"d":"10%"},null,30,{"v":18944.21,"d":"18,944"},{"v":1894.421,"d":"1,894"},{"v":23680.262499999997,"d":"23,680"},{"v":21785.8415,"d":"21,786"},{"$f":"(M785*12-(VLOOKUP(N785*12,'Tax table'!$A$3:$C$10,3)*(N785*12-VLOOKUP(N785*12,'Tax table'!$A$3:$C$10,1))+VLOOKUP(N785*12,'Tax table'!$A$3:$C$10,2)))/12","v":{"v":20506.617043333332,"d":"20,507"}},{"v":17049.789,"d":"17,050"},{"$f":"(VLOOKUP(P785*12,'Tax table'!$A$3:$C$10,3)*(P785*12-VLOOKUP(P785*12,'Tax table'!$A$3:$C$10,1))+VLOOKUP(P785*12,'Tax table'!$A$3:$C$10,2))/12","v":{"v":1942.2718066666666,"d":"1,942"}},{"v":17001.93819333333,"d":"17,002"},{"v":14451.647464333331,"d":"14,452"},{"v":0.7047309380086921,"d":"70.5%"},{"v":43354.94239299999,"d":"43,355"},{"$f":"IF($B$15=\"Yes\",MIN(S785*2,References!$B$7),0)","v":{"v":28903.294928666663,"d":"28,903"}},{"$f":"IF(AND(D785<>0,$B$16=\"Yes\"),References!$B$6,0)","v":{"v":100000,"d":"100,000"}},{"v":2550.2907290000003,"d":"2,550"},{"v":14208.1575,"d":"14,208"},{"v":1894.421,"d":"1,894"},{"v":16102.5785,"d":"16,103"},{"v":21785.8415,"d":"21,786"},{"$f":"(M785*12-(VLOOKUP(AB785*12,'Tax table'!$A$3:$C$10,3)*(AB785*12-VLOOKUP(AB785*12,'Tax table'!$A$3:$C$10,1))+VLOOKUP(AB785*12,'Tax table'!$A$3:$C$10,2)))/12","v":{"v":20506.617043333332,"d":"20,507"}},{"v":16102.5785,"d":"16,103"},{"v":0.7852381729259884,"d":"78.5%"}]
["Member 1524","1985-08-23","F",{"v":227405.52,"d":"227,406"},{"v":0.8,"d":"80%"},{"v":0.85,"d":"85%"},{"v":0.75,"d":"75%"},{"v":0.1,"d":"10%"},null,33,{"v":18950.46,"d":"18,950"},{"v":1895.046,"d":"1,895"},{"v":23688.074999999997,"d":"23,688"},{"v":21793.029,"d":"21,793"},{"$f":"(M786*12-(VLOOKUP(N786*12,'Tax table'!$A$3:$C$10,3)*(N786*12-VLOOKUP(N786*12,'Tax table'!$A$3:$C$10,1))+VLOOKUP(N786*12,'Tax table'!$A$3:$C$10,2)))/12","v":{"v":20512.56079333333,"d":"20,513"}},{"v":17055.414,"d":"17,055"},{"$f":"(VLOOKUP(P786*12,'Tax table'!$A$3:$C$10,3)*(P786*12-VLOOKUP(P786*12,'Tax table'!$A$3:$C$10,1))+VLOOKUP(P786*12,'Tax table'!$A$3:$C$10,2))/12","v":{"v":1943.7343066666665,"d":"1,944"}},{"v":17006.725693333334,"d":"17,007"},{"v":14455.716839333334,"d":"14,456"},{"v":0.7047251186712633,"d":"70.5%"},{"v":43367.150518,"d":"43,367"},{"$f":"IF($B$15=\"Yes\",MIN(S786*2,References!$B$7),0)","v":{"v":28911.433678666668,"d":"28,911"}},{"$f":"IF(AND(D786<>0,$B$16=\"Yes\"),References!$B$6,0)","v":{"v":100000,"d":"100,000"}},{"v":2551.0088539999997,"d":"2,551"},{"v":14212.845,"d":"14,213"},{"v":1895.046,"d":"1,895"},{"v":16107.891,"d":"16,108"},{"v":21793.029,"d":"21,793"},{"$f":"(M786*12-(VLOOKUP(AB786*12,'Tax table'!$A$3:$C$10,3)*(AB786*12-VLOOKUP(AB786*12,'Tax table'!$A$3:$C$10,1))+VLOOKUP(AB786*12,'Tax table'!$A$3:$C$10,2)))/12","v":{"v":20512.56079333333,"d":"20,513"}},{"v":16107.891,"d":"16,108"},{"v":0.785269628803983,"d":"78.5%"}]
["Member 1523","1953-06-15","M",{"v":227448.36,"d":"227,448"},{"v":0.8,"d":"80%"},{"v":0.85,"d":"85%"},{"v":0.75,"d":"75%"},{"v":0.1,"d":"10%"},null,65,{"v":18954.03,"d":"18,954"},{"v":1895.403,"d":"1,895"},{"v":23692.5375,"d":"23,693"},{"v":21797.1345,"d":"21,797"},{"$f":"(M787*12-(VLOOKUP(N787*12,'Tax table'!$A$3:$C$10,3)*(N787*12-VLOOKUP(N787*12,'Tax table'!$A$3:$C$10,1))+VLOOKUP(N787*12,'Tax table'!$A$3:$C$10,2)))/12","v":{"v":20515.95586333333,"d":"20,516"}},{"v":17058.627,"d":"17,059"},{"$f":"(VLOOKUP(P787*12,'Tax table'!$A$3:$C$10,3)*(P787*12-VLOOKUP(P787*12,'Tax table'!$A$3:$C$10,1))+VLOOKUP(P787*12,'Tax table'!$A$3:$C$10,2))/12","v":{"v":1944.5696866666667,"d":"1,945"}},{"v":17009.460313333333,"d":"17,009"},{"v":14458.041266333332,"d":"14,458"},{"v":0.7047217961788041,"d":"70.5%"},{"v":43374.12379899999,"d":"43,374"},{"$f":"IF($B$15=\"Yes\",MIN(S787*2,References!$B$7),0)","v":{"v":28916.082532666664,"d":"28,916"}},{"$f":"IF(AND(D787<>0,$B$16=\"Yes\"),References!$B$6,0)","v":{"v":100000,"d":"100,000"}},{"v":2551.4190470000012,"d":"2,551"},{"v":14215.5225,"d":"14,216"},{"v":1895.403,"d":"1,895"},{"v":16110.9255,"d":"16,111"},{"v":21797.1345,"d":"21,797"},{"$f":"(M787*12-(VLOOKUP(AB787*12,'Tax table'!$A$3:$C$10,3)*(AB787*12-VLOOKUP(AB787*12,'Tax table'!$A$3:$C$10,1))+VLOOKUP(AB787*12,'Tax table'!$A$3:$C$10,2)))/12","v":{"v":20515.95586333333,"d":"20,516"}},{"v":16110.9255,"d":"16,111"},{"v":0.785287588222681,"d":"78.5%"}]
["Member 1522","1958-05-25","F",{"v":227998.08,"d":"227,998"},{"v":0.8,"d":"80%"},{"v":0.85,"d":"85%"},{"v":0.75,"d":"75%"},{"v":0.1,"d":"10%"},null,60,{"v":18999.84,"d":"19,000"},{"v":1899.9840000000002,"d":"1,900"},{"v":23749.8,"d":"23,750"},{"v":21849.816,"d":"21,850"},{"$f":"(M788*12-(VLOOKUP(N788*12,'Tax table'!$A$3:$C$10,3)*(N788*12-VLOOKUP(N788*12,'Tax table'!$A$3:$C$10,1))+VLOOKUP(N788*12,'Tax table'!$A$3:$C$10,2)))/12","v":{"v":20559.52117333333,"d":"20,560"}},{"v":17099.856,"d":"17,100"},{"$f":"(VLOOKUP(P788*12,'Tax table'!$A$3:$C$10,3)*(P788*12-VLOOKUP(P788*12,'Tax table'!$A$3:$C$10,1))+VLOOKUP(P788*12,'Tax table'!$A$3:$C$10,2))/12","v":{"v":1955.2892266666668,"d":"1,955"}},{"v":17044.550773333332,"d":"17,045"},{"v":14487.868157333332,"d":"14,488"},{"v":0.7046792595600321,"d":"70.5%"},{"v":43463.604472,"d":"43,464"},{"$f":"IF($B$15=\"Yes\",MIN(S788*2,References!$B$7),0)","v":{"v":28975.736314666665,"d":"28,976"}},{"$f":"IF(AND(D788<>0,$B$16=\"Yes\"),References!$B$6,0)","v":{"v":100000,"d":"100,000"}},{"v":2556.682616,"d":"2,557"},{"v":14249.880000000001,"d":"14,250"},{"v":1899.9840000000002,"d":"1,900"},{"v":16149.864000000001,"d":"16,150"},{"v":21849.816,"d":"21,850"},{"$f":"(M788*12-(VLOOKUP(AB788*12,'Tax table'!$A$3:$C$10,3)*(AB788*12-VLOOKUP(AB788*12,'Tax table'!$A$3:$C$10,1))+VLOOKUP(AB788*12,'Tax table'!$A$3:$C$10,2)))/12","v":{"v":20559.52117333333,"d":"20,560"}},{"v":16149.864000000001,"d":"16,150"},{"v":0.7855175158917191,"d":"78.6%"}]
["Member 1439","1980-09-06","F",{"v":228179.52,"d":"228,180"},{"v":0.8,"d":"80%"},{"v":0.85,"d":"85%"},{"v":0.75,"d":"75%"},{"v":0.1,"d":"10%"},null,38,{"v":19014.96,"d":"19,015"},{"v":1901.496,"d":"1,901"},{"v":23768.699999999997,"d":"23,769"},{"v":21867.203999999998,"d":"21,867"},{"$f":"(M789*12-(VLOOKUP(N789*12,'Tax table'!$A$3:$C$10,3)*(N789*12-VLOOKUP(N789*12,'Tax table'!$A$3:$C$10,1))+VLOOKUP(N789*12,'Tax table'!$A$3:$C$10,2)))/12","v":{"v":20573.90029333333,"d":"20,574"}},{"v":17113.464,"d":"17,113"},{"$f":"(VLOOKUP(P789*12,'Tax table'!$A$3:$C$10,3)*(P789*12-VLOOKUP(P789*12,'Tax table'!$A$3:$C$10,1))+VLOOKUP(P789*12,'Tax table'!$A$3:$C$10,2))/12","v":{"v":1958.8273066666668,"d":"1,959"}},{"v":17056.132693333333,"d":"17,056"},{"v":14497.712789333333,"d":"14,498"},{"v":0.7046652595099386,"d":"70.5%"},{"v":43493.138368,"d":"43,493"},{"$f":"IF($B$15=\"Yes\",MIN(S789*2,References!$B$7),0)","v":{"v":28995.425578666665,"d":"28,995"}},{"$f":"IF(AND(D789<>0,$B$16=\"Yes\"),References!$B$6,0)","v":{"v":100000,"d":"100,000"}},{"v":2558.4199040000003,"d":"2,558"},{"v":14261.22,"d":"14,261"},{"v":1901.496,"d":"1,901"},{"v":16162.716,"d":"16,163"},{"v":21867.203999999998,"d":"21,867"},{"$f":"(M789*12-(VLOOKUP(AB789*12,'Tax table'!$A$3:$C$10,3)*(AB789*12-VLOOKUP(AB789*12,'Tax table'!$A$3:$C$10,1))+VLOOKUP(AB789*12,'Tax table'!$A$3:$C$10,2)))/12","v":{"v":20573.90029333333,"d":"20,574"}},{"v":16162.716,"d":"16,163"},{"v":0.7855931918381704,"d":"78.6%"}]
["Member 1440","1978-11-27","F",{"v":228179.52,"d":"228,180"},{"v":0.8,"d":"80%"},{"v":0.85,"d":"85%"},{"v":0.75,"d":"75%"},{"v":0.1,"d":"10%"},null,39,{"v":19014.96,"d":"19,015"},{"v":1901.496,"d":"1,901"},{"v":23768.699999999997,"d":"23,769"},{"v":21867.203999999998,"d":"21,867"},{"$f":"(M790*12-(VLOOKUP(N790*12,'Tax table'!$A$3:$C$10,3)*(N790*12-VLOOKUP(N790*12,'Tax table'!$A$3:$C$10,1))+VLOOKUP(N790*12,'Tax table'!$A$3:$C$10,2)))/12","v":{"v":20573.90029333333,"d":"20,574"}},{"v":17113.464,"d":"17,113"},{"$f":"(VLOOKUP(P790*12,'Tax table'!$A$3:$C$10,3)*(P790*12-VLOOKUP(P790*12,'Tax table'!$A$3:$C$10,1))+VLOOKUP(P790*12,'Tax table'!$A$3:$C$10,2))/12","v":{"v":1958.8273066666668,"d":"1,959"}},{"v":17056.132693333333,"d":"17,056"},{"v":14497.712789333333,"d":"14,498"},{"v":0.7046652595099386,"d":"70.5%"},{"v":43493.138368,"d":"43,493"},{"$f":"IF($B$15=\"Yes\",MIN(S790*2,References!$B$7),0)","v":{"v":28995.425578666665,"d":"28,995"}},{"$f":"IF(AND(D790<>0,$B$16=\"Yes\"),References!$B$6,0)","v":{"v":100000,"d":"100,000"}},{"v":2558.4199040000003,"d":"2,558"},{"v":14261.22,"d":"14,261"},{"v":1901.496,"d":"1,901"},{"v":16162.716,"d":"16,163"},{"v":21867.203999999998,"d":"21,867"},{"$f":"(M790*12-(VLOOKUP(AB790*12,'Tax table'!$A$3:$C$10,3)*(AB790*12-VLOOKUP(AB790*12,'Tax table'!$A$3:$C$10,1))+VLOOKUP(AB790*12,'Tax table'!$A$3:$C$10,2)))/12","v":{"v":20573.90029333333,"d":"20,574"}},{"v":16162.716,"d":"16,163"},{"v":0.7855931918381704,"d":"78.6%"}]
["Member 1441","1979-09-11","F",{"v":228179.52,"d":"228,180"},{"v":0.8,"d":"80%"},{"v":0.85,"d":"85%"},{"v":0.75,"d":"75%"},{"v":0.1,"d":"10%"},null,39,{"v":19014.96,"d":"19,015"},{"v":1901.496,"d":"1,901"},{"v":23768.699999999997,"d":"23,769"},{"v":21867.203999999998,"d":"21,867"},{"$f":"(M791*12-(VLOOKUP(N791*12,'Tax table'!$A$3:$C$10,3)*(N791*12-VLOOKUP(N791*12,'Tax table'!$A$3:$C$10,1))+VLOOKUP(N791*12,'Tax table'!$A$3:$C$10,2)))/12","v":{"v":20573.90029333333,"d":"20,574"}},{"v":17113.464,"d":"17,113"},{"$f":"(VLOOKUP(P791*12,'Tax table'!$A$3:$C$10,3)*(P791*12-VLOOKUP(P791*12,'Tax table'!$A$3:$C$10,1))+VLOOKUP(P791*12,'Tax table'!$A$3:$C$10,2))/12","v":{"v":1958.8273066666668,"d":"1,959"}},{"v":17056.132693333333,"d":"17,056"},{"v":14497.712789333333,"d":"14,498"},{"v":0.7046652595099386,"d":"70.5%"},{"v":43493.138368,"d":"43,493"},{"$f":"IF($B$15=\"Yes\",MIN(S791*2,References!$B$7),0)","v":{"v":28995.425578666665,"d":"28,995"}},{"$f":"IF(AND(D791<>0,$B$16=\"Yes\"),References!$B$6,0)","v":{"v":100000,"d":"100,000"}},{"v":2558.4199040000003,"d":"2,558"},{"v":14261.22,"d":"14,261"},{"v":1901.496,"d":"1,901"},{"v":16162.716,"d":"16,163"},{"v":21867.203999999998,"d":"21,867"},{"$f":"(M791*12-(VLOOKUP(AB791*12,'Tax table'!$A$3:$C$10,3)*(AB791*12-VLOOKUP(AB791*12,'Tax table'!$A$3:$C$10,1))+VLOOKUP(AB791*12,'Tax table'!$A$3:$C$10,2)))/12","v":{"v":20573.90029333333,"d":"20,574"}},{"v":16162.716,"d":"16,163"},{"v":0.7855931918381704,"d":"78.6%"}]
["Member 1442","1989-10-07","F",{"v":228179.52,"d":"228,180"},{"v":0.8,"d":"80%"},{"v":0.85,"d":"85%"},{"v":0.75,"d":"75%"},{"v":0.1,"d":"10%"},null,{"$f":"DATEDIF(B792,$B$7,\"y\")","v":29},{"$f":"D792/12","v":{"v":19014.96,"d":"19,015"}},{"$f":"IF($B$10=\"No\",MIN(K792*H792,15%*K792),I792/12)","v":{"v":1901.496,"d":"1,901"}},{"$f":"D792/12/E792","v":{"v":23768.699999999997,"d":"23,769"}},{"$f":"M792-L792","v":{"v":21867.203999999998,"d":"21,867"}},{"$f":"(M792*12-(VLOOKUP(N792*12,'Tax table'!$A$3:$C$10,3)*(N792*12-VLOOKUP(N792*12,'Tax table'!$A$3:$C$10,1))+VLOOKUP(N792*12,'Tax table'!$A$3:$C$10,2)))/12","v":{"v":20573.90029333333,"d":"20,574"}},{"$f":"K792-L792","v":{"v":17113.464,"d":"17,113"}},{"$f":"(VLOOKUP(P792*12,'Tax table'!$A$3:$C$10,3)*(P792*12-VLOOKUP(P792*12,'Tax table'!$A$3:$C$10,1))+VLOOKUP(P792*12,'Tax table'!$A$3:$C$10,2))/12","v":{"v":1958.8273066666668,"d":"1,959"}},{"$f":"K792-Q792","v":{"v":17056.132693333333,"d":"17,056"}},{"$f":"MIN(R792*F792,SUM($B$8,$B$9))","v":{"v":14497.712789333333,"d":"14,498"}},{"$f":"S792/O792","v":{"v":0.7046652595099386,"d":"70.5%"}},{"$f":"IF($B$14=\"Yes\",S792*3,0)","v":{"v":43493.138368,"d":"43,493"}},{"$f":"IF($B$15=\"Yes\",MIN(S792*2,References!$B$7),0)","v":{"v":28995.425578666665,"d":"28,995"}},{"$f":"IF(AND(D792<>0,$B$16=\"Yes\"),References!$B$6,0)","v":{"v":100000,"d":"100,000"}},{"$f":"IF($B$17=\"Yes\",MIN(R792,SUM($B$8:$B$9))-S792,0)","v":{"v":2558.4199040000003,"d":"2,558"}},{"$f":"MIN(K792*G792,$B$8)","v":{"v":14261.22,"d":"14,261"}},{"$f":"MIN(K792*H792,$B$9)","v":{"v":1901.496,"d":"1,901"}},{"$f":"Z792+Y792","v":{"v":16162.716,"d":"16,163"}},{"$f":"M792-Z792","v":{"v":21867.203999999998,"d":"21,867"}},{"$f":"(M792*12-(VLOOKUP(AB792*12,'Tax table'!$A$3:$C$10,3)*(AB792*12-VLOOKUP(AB792*12,'Tax table'!$A$3:$C$10,1))+VLOOKUP(AB792*12,'Tax table'!$A$3:$C$10,2)))/12","v":{"v":20573.90029333333,"d":"20,574"}},{"$f":"MIN(AA792,AC792)","v":{"v":16162.716,"d":"16,163"}},{"$f":"AD792/O792","v":{"v":0.7855931918381704,"d":"78.6%"}}]
["Member 1443","1987-08-18","M",{"v":228179.52,"d":"228,180"},{"v":0.8,"d":"80%"},{"v":0.85,"d":"85%"},{"v":0.75,"d":"75%"},{"v":0.1,"d":"10%"},null,31,{"v":19014.96,"d":"19,015"},{"v":1901.496,"d":"1,901"},{"v":23768.699999999997,"d":"23,769"},{"v":21867.203999999998,"d":"21,867"},{"$f":"(M793*12-(VLOOKUP(N793*12,'Tax table'!$A$3:$C$10,3)*(N793*12-VLOOKUP(N793*12,'Tax table'!$A$3:$C$10,1))+VLOOKUP(N793*12,'Tax table'!$A$3:$C$10,2)))/12","v":{"v":20573.90029333333,"d":"20,574"}},{"v":17113.464,"d":"17,113"},{"$f":"(VLOOKUP(P793*12,'Tax table'!$A$3:$C$10,3)*(P793*12-VLOOKUP(P793*12,'Tax table'!$A$3:$C$10,1))+VLOOKUP(P793*12,'Tax table'!$A$3:$C$10,2))/12","v":{"v":1958.8273066666668,"d":"1,959"}},{"v":17056.132693333333,"d":"17,056"},{"v":14497.712789333333,"d":"14,498"},{"v":0.7046652595099386,"d":"70.5%"},{"v":43493.138368,"d":"43,493"},{"$f":"IF($B$15=\"Yes\",MIN(S793*2,References!$B$7),0)","v":{"v":28995.425578666665,"d":"28,995"}},{"$f":"IF(AND(D793<>0,$B$16=\"Yes\"),References!$B$6,0)","v":{"v":100000,"d":"100,000"}},{"v":2558.4199040000003,"d":"2,558"},{"v":14261.22,"d":"14,261"},{"v":1901.496,"d":"1,901"},{"v":16162.716,"d":"16,163"},{"v":21867.203999999998,"d":"21,867"},{"$f":"(M793*12-(VLOOKUP(AB793*12,'Tax table'!$A$3:$C$10,3)*(AB793*12-VLOOKUP(AB793*12,'Tax table'!$A$3:$C$10,1))+VLOOKUP(AB793*12,'Tax table'!$A$3:$C$10,2)))/12","v":{"v":20573.90029333333,"d":"20,574"}},{"v":16162.716,"d":"16,163"},{"v":0.7855931918381704,"d":"78.6%"}]
["Member 1444","1981-06-30","F",{"v":228179.52,"d":"228,180"},{"v":0.8,"d":"80%"},{"v":0.85,"d":"85%"},{"v":0.75,"d":"75%"},{"v":0.1,"d":"10%"},null,37,{"v":19014.96,"d":"19,015"},{"v":1901.496,"d":"1,901"},{"v":23768.699999999997,"d":"23,769"},{"v":21867.203999999998,"d":"21,867"},{"$f":"(M794*12-(VLOOKUP(N794*12,'Tax table'!$A$3:$C$10,3)*(N794*12-VLOOKUP(N794*12,'Tax table'!$A$3:$C$10,1))+VLOOKUP(N794*12,'Tax table'!$A$3:$C$10,2)))/12","v":{"v":20573.90029333333,"d":"20,574"}},{"v":17113.464,"d":"17,113"},{"$f":"(VLOOKUP(P794*12,'Tax table'!$A$3:$C$10,3)*(P794*12-VLOOKUP(P794*12,'Tax table'!$A$3:$C$10,1))+VLOOKUP(P794*12,'Tax table'!$A$3:$C$10,2))/12","v":{"v":1958.8273066666668,"d":"1,959"}},{"v":17056.132693333333,"d":"17,056"},{"v":14497.712789333333,"d":"14,498"},{"v":0.7046652595099386,"d":"70.5%"},{"v":43493.138368,"d":"43,493"},{"$f":"IF($B$15=\"Yes\",MIN(S794*2,References!$B$7),0)","v":{"v":28995.425578666665,"d":"28,995"}},{"$f":"IF(AND(D794<>0,$B$16=\"Yes\"),References!$B$6,0)","v":{"v":100000,"d":"100,000"}},{"v":2558.4199040000003,"d":"2,558"},{"v":14261.22,"d":"14,261"},{"v":1901.496,"d":"1,901"},{"v":16162.716,"d":"16,163"},{"v":21867.203999999998,"d":"21,867"},{"$f":"(M794*12-(VLOOKUP(AB794*12,'Tax table'!$A$3:$C$10,3)*(AB794*12-VLOOKUP(AB794*12,'Tax table'!$A$3:$C$10,1))+VLOOKUP(AB794*12,'Tax table'!$A$3:$C$10,2)))/12","v":{"v":20573.90029333333,"d":"20,574"}},{"v":16162.716,"d":"16,163"},{"v":0.7855931918381704,"d":"78.6%"}]
["Member 1445","1985-05-20","M",{"v":228179.52,"d":"228,180"},{"v":0.8,"d":"80%"},{"v":0.85,"d":"85%"},{"v":0.75,"d":"75%"},{"v":0.1,"d":"10%"},null,33,{"v":19014.96,"d":"19,015"},{"v":1901.496,"d":"1,901"},{"v":23768.699999999997,"d":"23,769"},{"v":21867.203999999998,"d":"21,867"},{"$f":"(M795*12-(VLOOKUP(N795*12,'Tax table'!$A$3:$C$10,3)*(N795*12-VLOOKUP(N795*12,'Tax table'!$A$3:$C$10,1))+VLOOKUP(N795*12,'Tax table'!$A$3:$C$10,2)))/12","v":{"v":20573.90029333333,"d":"20,574"}},{"v":17113.464,"d":"17,113"},{"$f":"(VLOOKUP(P795*12,'Tax table'!$A$3:$C$10,3)*(P795*12-VLOOKUP(P795*12,'Tax table'!$A$3:$C$10,1))+VLOOKUP(P795*12,'Tax table'!$A$3:$C$10,2))/12","v":{"v":1958.8273066666668,"d":"1,959"}},{"v":17056.132693333333,"d":"17,056"},{"v":14497.712789333333,"d":"14,498"},{"v":0.7046652595099386,"d":"70.5%"},{"v":43493.138368,"d":"43,493"},{"$f":"IF($B$15=\"Yes\",MIN(S795*2,References!$B$7),0)","v":{"v":28995.425578666665,"d":"28,995"}},{"$f":"IF(AND(D795<>0,$B$16=\"Yes\"),References!$B$6,0)","v":{"v":100000,"d":"100,000"}},{"v":2558.4199040000003,"d":"2,558"},{"v":14261.22,"d":"14,261"},{"v":1901.496,"d":"1,901"},{"v":16162.716,"d":"16,163"},{"v":21867.203999999998,"d":"21,867"},{"$f":"(M795*12-(VLOOKUP(AB795*12,'Tax table'!$A$3:$C$10,3)*(AB795*12-VLOOKUP(AB795*12,'Tax table'!$A$3:$C$10,1))+VLOOKUP(AB795*12,'Tax table'!$A$3:$C$10,2)))/12","v":{"v":20573.90029333333,"d":"20,574"}},{"v":16162.716,"d":"16,163"},{"v":0.7855931918381704,"d":"78.6%"}]
["Member 1446","1987-12-24","F",{"v":228179.52,"d":"228,180"},{"v":0.8,"d":"80%"},{"v":0.85,"d":"85%"},{"v":0.75,"d":"75%"},{"v":0.1,"d":"10%"},null,30,{"v":19014.96,"d":"19,015"},{"v":1901.496,"d":"1,901"},{"v":23768.699999999997,"d":"23,769"},{"v":21867.203999999998,"d":"21,867"},{"$f":"(M796*12-(VLOOKUP(N796*12,'Tax table'!$A$3:$C$10,3)*(N796*12-VLOOKUP(N796*12,'Tax table'!$A$3:$C$10,1))+VLOOKUP(N796*12,'Tax table'!$A$3:$C$10,2)))/12","v":{"v":20573.90029333333,"d":"20,574"}},{"v":17113.464,"d":"17,113"},{"$f":"(VLOOKUP(P796*12,'Tax table'!$A$3:$C$10,3)*(P796*12-VLOOKUP(P796*12,'Tax table'!$A$3:$C$10,1))+VLOOKUP(P796*12,'Tax table'!$A$3:$C$10,2))/12","v":{"v":1958.8273066666668,"d":"1,959"}},{"v":17056.132693333333,"d":"17,056"},{"v":14497.712789333333,"d":"14,498"},{"v":0.7046652595099386,"d":"70.5%"},{"v":43493.138368,"d":"43,493"},{"$f":"IF($B$15=\"Yes\",MIN(S796*2,References!$B$7),0)","v":{"v":28995.425578666665,"d":"28,995"}},{"$f":"IF(AND(D796<>0,$B$16=\"Yes\"),References!$B$6,0)","v":{"v":100000,"d":"100,000"}},{"v":2558.4199040000003,"d":"2,558"},{"v":14261.22,"d":"14,261"},{"v":1901.496,"d":"1,901"},{"v":16162.716,"d":"16,163"},{"v":21867.203999999998,"d":"21,867"},{"$f":"(M796*12-(VLOOKUP(AB796*12,'Tax table'!$A$3:$C$10,3)*(AB796*12-VLOOKUP(AB796*12,'Tax table'!$A$3:$C$10,1))+VLOOKUP(AB796*12,'Tax table'!$A$3:$C$10,2)))/12","v":{"v":20573.90029333333,"d":"20,574"}},{"v":16162.716,"d":"16,163"},{"v":0.7855931918381704,"d":"78.6%"}]
["Member 1447","1990-04-07","F",{"v":228179.52,"d":"228,180"},{"v":0.8,"d":"80%"},{"v":0.85,"d":"85%"},{"v":0.75,"d":"75%"},{"v":0.1,"d":"10%"},null,28,{"v":19014.96,"d":"19,015"},{"v":1901.496,"d":"1,901"},{"v":23768.699999999997,"d":"23,769"},{"v":21867.203999999998,"d":"21,867"},{"$f":"(M797*12-(VLOOKUP(N797*12,'Tax table'!$A$3:$C$10,3)*(N797*12-VLOOKUP(N797*12,'Tax table'!$A$3:$C$10,1))+VLOOKUP(N797*12,'Tax table'!$A$3:$C$10,2)))/12","v":{"v":20573.90029333333,"d":"20,574"}},{"v":17113.464,"d":"17,113"},{"$f":"(VLOOKUP(P797*12,'Tax table'!$A$3:$C$10,3)*(P797*12-VLOOKUP(P797*12,'Tax table'!$A$3:$C$10,1))+VLOOKUP(P797*12,'Tax table'!$A$3:$C$10,2))/12","v":{"v":1958.8273066666668,"d":"1,959"}},{"v":17056.132693333333,"d":"17,056"},{"v":14497.712789333333,"d":"14,498"},{"v":0.7046652595099386,"d":"70.5%"},{"v":43493.138368,"d":"43,493"},{"$f":"IF($B$15=\"Yes\",MIN(S797*2,References!$B$7),0)","v":{"v":28995.425578666665,"d":"28,995"}},{"$f":"IF(AND(D797<>0,$B$16=\"Yes\"),References!$B$6,0)","v":{"v":100000,"d":"100,000"}},{"v":2558.4199040000003,"d":"2,558"},{"v":14261.22,"d":"14,261"},{"v":1901.496,"d":"1,901"},{"v":16162.716,"d":"16,163"},{"v":21867.203999999998,"d":"21,867"},{"$f":"(M797*12-(VLOOKUP(AB797*12,'Tax table'!$A$3:$C$10,3)*(AB797*12-VLOOKUP(AB797*12,'Tax table'!$A$3:$C$10,1))+VLOOKUP(AB797*12,'Tax table'!$A$3:$C$10,2)))/12","v":{"v":20573.90029333333,"d":"20,574"}},{"v":16162.716,"d":"16,163"},{"v":0.7855931918381704,"d":"78.6%"}]
["Member 1448","1982-06-23","M",{"v":228179.52,"d":"228,180"},{"v":0.8,"d":"80%"},{"v":0.85,"d":"85%"},{"v":0.75,"d":"75%"},{"v":0.1,"d":"10%"},null,36,{"v":19014.96,"d":"19,015"},{"v":1901.496,"d":"1,901"},{"v":23768.699999999997,"d":"23,769"},{"v":21867.203999999998,"d":"21,867"},{"$f":"(M798*12-(VLOOKUP(N798*12,'Tax table'!$A$3:$C$10,3)*(N798*12-VLOOKUP(N798*12,'Tax table'!$A$3:$C$10,1))+VLOOKUP(N798*12,'Tax table'!$A$3:$C$10,2)))/12","v":{"v":20573.90029333333,"d":"20,574"}},{"v":17113.464,"d":"17,113"},{"$f":"(VLOOKUP(P798*12,'Tax table'!$A$3:$C$10,3)*(P798*12-VLOOKUP(P798*12,'Tax table'!$A$3:$C$10,1))+VLOOKUP(P798*12,'Tax table'!$A$3:$C$10,2))/12","v":{"v":1958.8273066666668,"d":"1,959"}},{"v":17056.132693333333,"d":"17,056"},{"v":14497.712789333333,"d":"14,498"},{"v":0.7046652595099386,"d":"70.5%"},{"v":43493.138368,"d":"43,493"},{"$f":"IF($B$15=\"Yes\",MIN(S798*2,References!$B$7),0)","v":{"v":28995.425578666665,"d":"28,995"}},{"$f":"IF(AND(D798<>0,$B$16=\"Yes\"),References!$B$6,0)","v":{"v":100000,"d":"100,000"}},{"v":2558.4199040000003,"d":"2,558"},{"v":14261.22,"d":"14,261"},{"v":1901.496,"d":"1,901"},{"v":16162.716,"d":"16,163"},{"v":21867.203999999998,"d":"21,867"},{"$f":"(M798*12-(VLOOKUP(AB798*12,'Tax table'!$A$3:$C$10,3)*(AB798*12-VLOOKUP(AB798*12,'Tax table'!$A$3:$C$10,1))+VLOOKUP(AB798*12,'Tax table'!$A$3:$C$10,2)))/12","v":{"v":20573.90029333333,"d":"20,574"}},{"v":16162.716,"d":"16,163"},{"v":0.7855931918381704,"d":"78.6%"}]
["Member 1449","1990-12-14","F",{"v":228179.52,"d":"228,180"},{"v":0.8,"d":"80%"},{"v":0.85,"d":"85%"},{"v":0.75,"d":"75%"},{"v":0.1,"d":"10%"},null,27,{"v":19014.96,"d":"19,015"},{"v":1901.496,"d":"1,901"},{"v":23768.699999999997,"d":"23,769"},{"v":21867.203999999998,"d":"21,867"},{"$f":"(M799*12-(VLOOKUP(N799*12,'Tax table'!$A$3:$C$10,3)*(N799*12-VLOOKUP(N799*12,'Tax table'!$A$3:$C$10,1))+VLOOKUP(N799*12,'Tax table'!$A$3:$C$10,2)))/12","v":{"v":20573.90029333333,"d":"20,574"}},{"v":17113.464,"d":"17,113"},{"$f":"(VLOOKUP(P799*12,'Tax table'!$A$3:$C$10,3)*(P799*12-VLOOKUP(P799*12,'Tax table'!$A$3:$C$10,1))+VLOOKUP(P799*12,'Tax table'!$A$3:$C$10,2))/12","v":{"v":1958.8273066666668,"d":"1,959"}},{"v":17056.132693333333,"d":"17,056"},{"v":14497.712789333333,"d":"14,498"},{"v":0.7046652595099386,"d":"70.5%"},{"v":43493.138368,"d":"43,493"},{"$f":"IF($B$15=\"Yes\",MIN(S799*2,References!$B$7),0)","v":{"v":28995.425578666665,"d":"28,995"}},{"$f":"IF(AND(D799<>0,$B$16=\"Yes\"),References!$B$6,0)","v":{"v":100000,"d":"100,000"}},{"v":2558.4199040000003,"d":"2,558"},{"v":14261.22,"d":"14,261"},{"v":1901.496,"d":"1,901"},{"v":16162.716,"d":"16,163"},{"v":21867.203999999998,"d":"21,867"},{"$f":"(M799*12-(VLOOKUP(AB799*12,'Tax table'!$A$3:$C$10,3)*(AB799*12-VLOOKUP(AB799*12,'Tax table'!$A$3:$C$10,1))+VLOOKUP(AB799*12,'Tax table'!$A$3:$C$10,2)))/12","v":{"v":20573.90029333333,"d":"20,574"}},{"v":16162.716,"d":"16,163"},{"v":0.7855931918381704,"d":"78.6%"}]
["Member 1450","1987-09-18","M",{"v":228179.52,"d":"228,180"},{"v":0.8,"d":"80%"},{"v":0.85,"d":"85%"},{"v":0.75,"d":"75%"},{"v":0.1,"d":"10%"},null,31,{"v":19014.96,"d":"19,015"},{"v":1901.496,"d":"1,901"},{"v":23768.699999999997,"d":"23,769"},{"v":21867.203999999998,"d":"21,867"},{"$f":"(M800*12-(VLOOKUP(N800*12,'Tax table'!$A$3:$C$10,3)*(N800*12-VLOOKUP(N800*12,'Tax table'!$A$3:$C$10,1))+VLOOKUP(N800*12,'Tax table'!$A$3:$C$10,2)))/12","v":{"v":20573.90029333333,"d":"20,574"}},{"v":17113.464,"d":"17,113"},{"$f":"(VLOOKUP(P800*12,'Tax table'!$A$3:$C$10,3)*(P800*12-VLOOKUP(P800*12,'Tax table'!$A$3:$C$10,1))+VLOOKUP(P800*12,'Tax table'!$A$3:$C$10,2))/12","v":{"v":1958.8273066666668,"d":"1,959"}},{"v":17056.132693333333,"d":"17,056"},{"v":14497.712789333333,"d":"14,498"},{"v":0.7046652595099386,"d":"70.5%"},{"v":43493.138368,"d":"43,493"},{"$f":"IF($B$15=\"Yes\",MIN(S800*2,References!$B$7),0)","v":{"v":28995.425578666665,"d":"28,995"}},{"$f":"IF(AND(D800<>0,$B$16=\"Yes\"),References!$B$6,0)","v":{"v":100000,"d":"100,000"}},{"v":2558.4199040000003,"d":"2,558"},{"v":14261.22,"d":"14,261"},{"v":1901.496,"d":"1,901"},{"v":16162.716,"d":"16,163"},{"v":21867.203999999998,"d":"21,867"},{"$f":"(M800*12-(VLOOKUP(AB800*12,'Tax table'!$A$3:$C$10,3)*(AB800*12-VLOOKUP(AB800*12,'Tax table'!$A$3:$C$10,1))+VLOOKUP(AB800*12,'Tax table'!$A$3:$C$10,2)))/12","v":{"v":20573.90029333333,"d":"20,574"}},{"v":16162.716,"d":"16,163"},{"v":0.7855931918381704,"d":"78.6%"}]
["Member 1451","1988-09-17","F",{"v":228179.52,"d":"228,180"},{"v":0.8,"d":"80%"},{"v":0.85,"d":"85%"},{"v":0.75,"d":"75%"},{"v":0.1,"d":"10%"},null,30,{"v":19014.96,"d":"19,015"},{"v":1901.496,"d":"1,901"},{"v":23768.699999999997,"d":"23,769"},{"v":21867.203999999998,"d":"21,867"},{"$f":"(M801*12-(VLOOKUP(N801*12,'Tax table'!$A$3:$C$10,3)*(N801*12-VLOOKUP(N801*12,'Tax table'!$A$3:$C$10,1))+VLOOKUP(N801*12,'Tax table'!$A$3:$C$10,2)))/12","v":{"v":20573.90029333333,"d":"20,574"}},{"v":17113.464,"d":"17,113"},{"$f":"(VLOOKUP(P801*12,'Tax table'!$A$3:$C$10,3)*(P801*12-VLOOKUP(P801*12,'Tax table'!$A$3:$C$10,1))+VLOOKUP(P801*12,'Tax table'!$A$3:$C$10,2))/12","v":{"v":1958.8273066666668,"d":"1,959"}},{"v":17056.132693333333,"d":"17,056"},{"v":14497.712789333333,"d":"14,498"},{"v":0.7046652595099386,"d":"70.5%"},{"v":43493.138368,"d":"43,493"},{"$f":"IF($B$15=\"Yes\",MIN(S801*2,References!$B$7),0)","v":{"v":28995.425578666665,"d":"28,995"}},{"$f":"IF(AND(D801<>0,$B$16=\"Yes\"),References!$B$6,0)","v":{"v":100000,"d":"100,000"}},{"v":2558.4199040000003,"d":"2,558"},{"v":14261.22,"d":"14,261"},{"v":1901.496,"d":"1,901"},{"v":16162.716,"d":"16,163"},{"v":21867.203999999998,"d":"21,867"},{"$f":"(M801*12-(VLOOKUP(AB801*12,'Tax table'!$A$3:$C$10,3)*(AB801*12-VLOOKUP(AB801*12,'Tax table'!$A$3:$C$10,1))+VLOOKUP(AB801*12,'Tax table'!$A$3:$C$10,2)))/12","v":{"v":20573.90029333333,"d":"20,574"}},{"v":16162.716,"d":"16,163"},{"v":0.7855931918381704,"d":"78.6%"}]
["Member 1452","1991-01-21","F",{"v":228179.52,"d":"228,180"},{"v":0.8,"d":"80%"},{"v":0.85,"d":"85%"},{"v":0.75,"d":"75%"},{"v":0.1,"d":"10%"},null,27,{"v":19014.96,"d":"19,015"},{"v":1901.496,"d":"1,901"},{"v":23768.699999999997,"d":"23,769"},{"v":21867.203999999998,"d":"21,867"},{"$f":"(M802*12-(VLOOKUP(N802*12,'Tax table'!$A$3:$C$10,3)*(N802*12-VLOOKUP(N802*12,'Tax table'!$A$3:$C$10,1))+VLOOKUP(N802*12,'Tax table'!$A$3:$C$10,2)))/12","v":{"v":20573.90029333333,"d":"20,574"}},{"v":17113.464,"d":"17,113"},{"$f":"(VLOOKUP(P802*12,'Tax table'!$A$3:$C$10,3)*(P802*12-VLOOKUP(P802*12,'Tax table'!$A$3:$C$10,1))+VLOOKUP(P802*12,'Tax table'!$A$3:$C$10,2))/12","v":{"v":1958.8273066666668,"d":"1,959"}},{"v":17056.132693333333,"d":"17,056"},{"v":14497.712789333333,"d":"14,498"},{"v":0.7046652595099386,"d":"70.5%"},{"v":43493.138368,"d":"43,493"},{"$f":"IF($B$15=\"Yes\",MIN(S802*2,References!$B$7),0)","v":{"v":28995.425578666665,"d":"28,995"}},{"$f":"IF(AND(D802<>0,$B$16=\"Yes\"),References!$B$6,0)","v":{"v":100000,"d":"100,000"}},{"v":2558.4199040000003,"d":"2,558"},{"v":14261.22,"d":"14,261"},{"v":1901.496,"d":"1,901"},{"v":16162.716,"d":"16,163"},{"v":21867.203999999998,"d":"21,867"},{"$f":"(M802*12-(VLOOKUP(AB802*12,'Tax table'!$A$3:$C$10,3)*(AB802*12-VLOOKUP(AB802*12,'Tax table'!$A$3:$C$10,1))+VLOOKUP(AB802*12,'Tax table'!$A$3:$C$10,2)))/12","v":{"v":20573.90029333333,"d":"20,574"}},{"v":16162.716,"d":"16,163"},{"v":0.7855931918381704,"d":"78.6%"}]
["Member 1453","1990-12-29","F",{"v":228179.52,"d":"228,180"},{"v":0.8,"d":"80%"},{"v":0.85,"d":"85%"},{"v":0.75,"d":"75%"},{"v":0.1,"d":"10%"},null,27,{"v":19014.96,"d":"19,015"},{"v":1901.496,"d":"1,901"},{"v":23768.699999999997,"d":"23,769"},{"v":21867.203999999998,"d":"21,867"},{"$f":"(M803*12-(VLOOKUP(N803*12,'Tax table'!$A$3:$C$10,3)*(N803*12-VLOOKUP(N803*12,'Tax table'!$A$3:$C$10,1))+VLOOKUP(N803*12,'Tax table'!$A$3:$C$10,2)))/12","v":{"v":20573.90029333333,"d":"20,574"}},{"v":17113.464,"d":"17,113"},{"$f":"(VLOOKUP(P803*12,'Tax table'!$A$3:$C$10,3)*(P803*12-VLOOKUP(P803*12,'Tax table'!$A$3:$C$10,1))+VLOOKUP(P803*12,'Tax table'!$A$3:$C$10,2))/12","v":{"v":1958.8273066666668,"d":"1,959"}},{"v":17056.132693333333,"d":"17,056"},{"v":14497.712789333333,"d":"14,498"},{"v":0.7046652595099386,"d":"70.5%"},{"v":43493.138368,"d":"43,493"},{"$f":"IF($B$15=\"Yes\",MIN(S803*2,References!$B$7),0)","v":{"v":28995.425578666665,"d":"28,995"}},{"$f":"IF(AND(D803<>0,$B$16=\"Yes\"),References!$B$6,0)","v":{"v":100000,"d":"100,000"}},{"v":2558.4199040000003,"d":"2,558"},{"v":14261.22,"d":"14,261"},{"v":1901.496,"d":"1,901"},{"v":16162.716,"d":"16,163"},{"v":21867.203999999998,"d":"21,867"},{"$f":"(M803*12-(VLOOKUP(AB803*12,'Tax table'!$A$3:$C$10,3)*(AB803*12-VLOOKUP(AB803*12,'Tax table'!$A$3:$C$10,1))+VLOOKUP(AB803*12,'Tax table'!$A$3:$C$10,2)))/12","v":{"v":20573.90029333333,"d":"20,574"}},{"v":16162.716,"d":"16,163"},{"v":0.7855931918381704,"d":"78.6%"}]
["Member 1454","1992-02-10","F",{"v":228179.52,"d":"228,180"},{"v":0.8,"d":"80%"},{"v":0.85,"d":"85%"},{"v":0.75,"d":"75%"},{"v":0.1,"d":"10%"},null,26,{"v":19014.96,"d":"19,015"},{"v":1901.496,"d":"1,901"},{"v":23768.699999999997,"d":"23,769"},{"v":21867.203999999998,"d":"21,867"},{"$f":"(M804*12-(VLOOKUP(N804*12,'Tax table'!$A$3:$C$10,3)*(N804*12-VLOOKUP(N804*12,'Tax table'!$A$3:$C$10,1))+VLOOKUP(N804*12,'Tax table'!$A$3:$C$10,2)))/12","v":{"v":20573.90029333333,"d":"20,574"}},{"v":17113.464,"d":"17,113"},{"$f":"(VLOOKUP(P804*12,'Tax table'!$A$3:$C$10,3)*(P804*12-VLOOKUP(P804*12,'Tax table'!$A$3:$C$10,1))+VLOOKUP(P804*12,'Tax table'!$A$3:$C$10,2))/12","v":{"v":1958.8273066666668,"d":"1,959"}},{"v":17056.132693333333,"d":"17,056"},{"v":14497.712789333333,"d":"14,498"},{"v":0.7046652595099386,"d":"70.5%"},{"v":43493.138368,"d":"43,493"},{"$f":"IF($B$15=\"Yes\",MIN(S804*2,References!$B$7),0)","v":{"v":28995.425578666665,"d":"28,995"}},{"$f":"IF(AND(D804<>0,$B$16=\"Yes\"),References!$B$6,0)","v":{"v":100000,"d":"100,000"}},{"v":2558.4199040000003,"d":"2,558"},{"v":14261.22,"d":"14,261"},{"v":1901.496,"d":"1,901"},{"v":16162.716,"d":"16,163"},{"v":21867.203999999998,"d":"21,867"},{"$f":"(M804*12-(VLOOKUP(AB804*12,'Tax table'!$A$3:$C$10,3)*(AB804*12-VLOOKUP(AB804*12,'Tax table'!$A$3:$C$10,1))+VLOOKUP(AB804*12,'Tax table'!$A$3:$C$10,2)))/12","v":{"v":20573.90029333333,"d":"20,574"}},{"v":16162.716,"d":"16,163"},{"v":0.7855931918381704,"d":"78.6%"}]
["Member 1455","1979-02-22","F",{"v":228179.52,"d":"228,180"},{"v":0.8,"d":"80%"},{"v":0.85,"d":"85%"},{"v":0.75,"d":"75%"},{"v":0.1,"d":"10%"},null,39,{"v":19014.96,"d":"19,015"},{"v":1901.496,"d":"1,901"},{"v":23768.699999999997,"d":"23,769"},{"v":21867.203999999998,"d":"21,867"},{"$f":"(M805*12-(VLOOKUP(N805*12,'Tax table'!$A$3:$C$10,3)*(N805*12-VLOOKUP(N805*12,'Tax table'!$A$3:$C$10,1))+VLOOKUP(N805*12,'Tax table'!$A$3:$C$10,2)))/12","v":{"v":20573.90029333333,"d":"20,574"}},{"v":17113.464,"d":"17,113"},{"$f":"(VLOOKUP(P805*12,'Tax table'!$A$3:$C$10,3)*(P805*12-VLOOKUP(P805*12,'Tax table'!$A$3:$C$10,1))+VLOOKUP(P805*12,'Tax table'!$A$3:$C$10,2))/12","v":{"v":1958.8273066666668,"d":"1,959"}},{"v":17056.132693333333,"d":"17,056"},{"v":14497.712789333333,"d":"14,498"},{"v":0.7046652595099386,"d":"70.5%"},{"v":43493.138368,"d":"43,493"},{"$f":"IF($B$15=\"Yes\",MIN(S805*2,References!$B$7),0)","v":{"v":28995.425578666665,"d":"28,995"}},{"$f":"IF(AND(D805<>0,$B$16=\"Yes\"),References!$B$6,0)","v":{"v":100000,"d":"100,000"}},{"v":2558.4199040000003,"d":"2,558"},{"v":14261.22,"d":"14,261"},{"v":1901.496,"d":"1,901"},{"v":16162.716,"d":"16,163"},{"v":21867.203999999998,"d":"21,867"},{"$f":"(M805*12-(VLOOKUP(AB805*12,'Tax table'!$A$3:$C$10,3)*(AB805*12-VLOOKUP(AB805*12,'Tax table'!$A$3:$C$10,1))+VLOOKUP(AB805*12,'Tax table'!$A$3:$C$10,2)))/12","v":{"v":20573.90029333333,"d":"20,574"}},{"v":16162.716,"d":"16,163"},{"v":0.7855931918381704,"d":"78.6%"}]
["Member 1456","1988-02-02","M",{"v":228179.52,"d":"228,180"},{"v":0.8,"d":"80%"},{"v":0.85,"d":"85%"},{"v":0.75,"d":"75%"},{"v":0.1,"d":"10%"},null,30,{"v":19014.96,"d":"19,015"},{"v":1901.496,"d":"1,901"},{"v":23768.699999999997,"d":"23,769"},{"v":21867.203999999998,"d":"21,867"},{"$f":"(M806*12-(VLOOKUP(N806*12,'Tax table'!$A$3:$C$10,3)*(N806*12-VLOOKUP(N806*12,'Tax table'!$A$3:$C$10,1))+VLOOKUP(N806*12,'Tax table'!$A$3:$C$10,2)))/12","v":{"v":20573.90029333333,"d":"20,574"}},{"v":17113.464,"d":"17,113"},{"$f":"(VLOOKUP(P806*12,'Tax table'!$A$3:$C$10,3)*(P806*12-VLOOKUP(P806*12,'Tax table'!$A$3:$C$10,1))+VLOOKUP(P806*12,'Tax table'!$A$3:$C$10,2))/12","v":{"v":1958.8273066666668,"d":"1,959"}},{"v":17056.132693333333,"d":"17,056"},{"v":14497.712789333333,"d":"14,498"},{"v":0.7046652595099386,"d":"70.5%"},{"v":43493.138368,"d":"43,493"},{"$f":"IF($B$15=\"Yes\",MIN(S806*2,References!$B$7),0)","v":{"v":28995.425578666665,"d":"28,995"}},{"$f":"IF(AND(D806<>0,$B$16=\"Yes\"),References!$B$6,0)","v":{"v":100000,"d":"100,000"}},{"v":2558.4199040000003,"d":"2,558"},{"v":14261.22,"d":"14,261"},{"v":1901.496,"d":"1,901"},{"v":16162.716,"d":"16,163"},{"v":21867.203999999998,"d":"21,867"},{"$f":"(M806*12-(VLOOKUP(AB806*12,'Tax table'!$A$3:$C$10,3)*(AB806*12-VLOOKUP(AB806*12,'Tax table'!$A$3:$C$10,1))+VLOOKUP(AB806*12,'Tax table'!$A$3:$C$10,2)))/12","v":{"v":20573.90029333333,"d":"20,574"}},{"v":16162.716,"d":"16,163"},{"v":0.7855931918381704,"d":"78.6%"}]
["Member 1457","1987-11-29","F",{"v":228179.52,"d":"228,180"},{"v":0.8,"d":"80%"},{"v":0.85,"d":"85%"},{"v":0.75,"d":"75%"},{"v":0.1,"d":"10%"},null,30,{"v":19014.96,"d":"19,015"},{"v":1901.496,"d":"1,901"},{"v":23768.699999999997,"d":"23,769"},{"v":21867.203999999998,"d":"21,867"},{"$f":"(M807*12-(VLOOKUP(N807*12,'Tax table'!$A$3:$C$10,3)*(N807*12-VLOOKUP(N807*12,'Tax table'!$A$3:$C$10,1))+VLOOKUP(N807*12,'Tax table'!$A$3:$C$10,2)))/12","v":{"v":20573.90029333333,"d":"20,574"}},{"v":17113.464,"d":"17,113"},{"$f":"(VLOOKUP(P807*12,'Tax table'!$A$3:$C$10,3)*(P807*12-VLOOKUP(P807*12,'Tax table'!$A$3:$C$10,1))+VLOOKUP(P807*12,'Tax table'!$A$3:$C$10,2))/12","v":{"v":1958.8273066666668,"d":"1,959"}},{"v":17056.132693333333,"d":"17,056"},{"v":14497.712789333333,"d":"14,498"},{"v":0.7046652595099386,"d":"70.5%"},{"v":43493.138368,"d":"43,493"},{"$f":"IF($B$15=\"Yes\",MIN(S807*2,References!$B$7),0)","v":{"v":28995.425578666665,"d":"28,995"}},{"$f":"IF(AND(D807<>0,$B$16=\"Yes\"),References!$B$6,0)","v":{"v":100000,"d":"100,000"}},{"v":2558.4199040000003,"d":"2,558"},{"v":14261.22,"d":"14,261"},{"v":1901.496,"d":"1,901"},{"v":16162.716,"d":"16,163"},{"v":21867.203999999998,"d":"21,867"},{"$f":"(M807*12-(VLOOKUP(AB807*12,'Tax table'!$A$3:$C$10,3)*(AB807*12-VLOOKUP(AB807*12,'Tax table'!$A$3:$C$10,1))+VLOOKUP(AB807*12,'Tax table'!$A$3:$C$10,2)))/12","v":{"v":20573.90029333333,"d":"20,574"}},{"v":16162.716,"d":"16,163"},{"v":0.7855931918381704,"d":"78.6%"}]
["Member 1458","1988-12-17","M",{"v":228179.52,"d":"228,180"},{"v":0.8,"d":"80%"},{"v":0.85,"d":"85%"},{"v":0.75,"d":"75%"},{"v":0.1,"d":"10%"},null,29,{"v":19014.96,"d":"19,015"},{"v":1901.496,"d":"1,901"},{"v":23768.699999999997,"d":"23,769"},{"v":21867.203999999998,"d":"21,867"},{"$f":"(M808*12-(VLOOKUP(N808*12,'Tax table'!$A$3:$C$10,3)*(N808*12-VLOOKUP(N808*12,'Tax table'!$A$3:$C$10,1))+VLOOKUP(N808*12,'Tax table'!$A$3:$C$10,2)))/12","v":{"v":20573.90029333333,"d":"20,574"}},{"v":17113.464,"d":"17,113"},{"$f":"(VLOOKUP(P808*12,'Tax table'!$A$3:$C$10,3)*(P808*12-VLOOKUP(P808*12,'Tax table'!$A$3:$C$10,1))+VLOOKUP(P808*12,'Tax table'!$A$3:$C$10,2))/12","v":{"v":1958.8273066666668,"d":"1,959"}},{"v":17056.132693333333,"d":"17,056"},{"v":14497.712789333333,"d":"14,498"},{"v":0.7046652595099386,"d":"70.5%"},{"v":43493.138368,"d":"43,493"},{"$f":"IF($B$15=\"Yes\",MIN(S808*2,References!$B$7),0)","v":{"v":28995.425578666665,"d":"28,995"}},{"$f":"IF(AND(D808<>0,$B$16=\"Yes\"),References!$B$6,0)","v":{"v":100000,"d":"100,000"}},{"v":2558.4199040000003,"d":"2,558"},{"v":14261.22,"d":"14,261"},{"v":1901.496,"d":"1,901"},{"v":16162.716,"d":"16,163"},{"v":21867.203999999998,"d":"21,867"},{"$f":"(M808*12-(VLOOKUP(AB808*12,'Tax table'!$A$3:$C$10,3)*(AB808*12-VLOOKUP(AB808*12,'Tax table'!$A$3:$C$10,1))+VLOOKUP(AB808*12,'Tax table'!$A$3:$C$10,2)))/12","v":{"v":20573.90029333333,"d":"20,574"}},{"v":16162.716,"d":"16,163"},{"v":0.7855931918381704,"d":"78.6%"}]
["Member 1459","1978-06-29","F",{"v":228179.52,"d":"228,180"},{"v":0.8,"d":"80%"},{"v":0.85,"d":"85%"},{"v":0.75,"d":"75%"},{"v":0.1,"d":"10%"},null,40,{"v":19014.96,"d":"19,015"},{"v":1901.496,"d":"1,901"},{"v":23768.699999999997,"d":"23,769"},{"v":21867.203999999998,"d":"21,867"},{"$f":"(M809*12-(VLOOKUP(N809*12,'Tax table'!$A$3:$C$10,3)*(N809*12-VLOOKUP(N809*12,'Tax table'!$A$3:$C$10,1))+VLOOKUP(N809*12,'Tax table'!$A$3:$C$10,2)))/12","v":{"v":20573.90029333333,"d":"20,574"}},{"v":17113.464,"d":"17,113"},{"$f":"(VLOOKUP(P809*12,'Tax table'!$A$3:$C$10,3)*(P809*12-VLOOKUP(P809*12,'Tax table'!$A$3:$C$10,1))+VLOOKUP(P809*12,'Tax table'!$A$3:$C$10,2))/12","v":{"v":1958.8273066666668,"d":"1,959"}},{"v":17056.132693333333,"d":"17,056"},{"v":14497.712789333333,"d":"14,498"},{"v":0.7046652595099386,"d":"70.5%"},{"v":43493.138368,"d":"43,493"},{"$f":"IF($B$15=\"Yes\",MIN(S809*2,References!$B$7),0)","v":{"v":28995.425578666665,"d":"28,995"}},{"$f":"IF(AND(D809<>0,$B$16=\"Yes\"),References!$B$6,0)","v":{"v":100000,"d":"100,000"}},{"v":2558.4199040000003,"d":"2,558"},{"v":14261.22,"d":"14,261"},{"v":1901.496,"d":"1,901"},{"v":16162.716,"d":"16,163"},{"v":21867.203999999998,"d":"21,867"},{"$f":"(M809*12-(VLOOKUP(AB809*12,'Tax table'!$A$3:$C$10,3)*(AB809*12-VLOOKUP(AB809*12,'Tax table'!$A$3:$C$10,1))+VLOOKUP(AB809*12,'Tax table'!$A$3:$C$10,2)))/12","v":{"v":20573.90029333333,"d":"20,574"}},{"v":16162.716,"d":"16,163"},{"v":0.7855931918381704,"d":"78.6%"}]
["Member 1460","1984-05-01","M",{"v":228179.52,"d":"228,180"},{"v":0.8,"d":"80%"},{"v":0.85,"d":"85%"},{"v":0.75,"d":"75%"},{"v":0.1,"d":"10%"},null,34,{"v":19014.96,"d":"19,015"},{"v":1901.496,"d":"1,901"},{"v":23768.699999999997,"d":"23,769"},{"v":21867.203999999998,"d":"21,867"},{"$f":"(M810*12-(VLOOKUP(N810*12,'Tax table'!$A$3:$C$10,3)*(N810*12-VLOOKUP(N810*12,'Tax table'!$A$3:$C$10,1))+VLOOKUP(N810*12,'Tax table'!$A$3:$C$10,2)))/12","v":{"v":20573.90029333333,"d":"20,574"}},{"v":17113.464,"d":"17,113"},{"$f":"(VLOOKUP(P810*12,'Tax table'!$A$3:$C$10,3)*(P810*12-VLOOKUP(P810*12,'Tax table'!$A$3:$C$10,1))+VLOOKUP(P810*12,'Tax table'!$A$3:$C$10,2))/12","v":{"v":1958.8273066666668,"d":"1,959"}},{"v":17056.132693333333,"d":"17,056"},{"v":14497.712789333333,"d":"14,498"},{"v":0.7046652595099386,"d":"70.5%"},{"v":43493.138368,"d":"43,493"},{"$f":"IF($B$15=\"Yes\",MIN(S810*2,References!$B$7),0)","v":{"v":28995.425578666665,"d":"28,995"}},{"$f":"IF(AND(D810<>0,$B$16=\"Yes\"),References!$B$6,0)","v":{"v":100000,"d":"100,000"}},{"v":2558.4199040000003,"d":"2,558"},{"v":14261.22,"d":"14,261"},{"v":1901.496,"d":"1,901"},{"v":16162.716,"d":"16,163"},{"v":21867.203999999998,"d":"21,867"},{"$f":"(M810*12-(VLOOKUP(AB810*12,'Tax table'!$A$3:$C$10,3)*(AB810*12-VLOOKUP(AB810*12,'Tax table'!$A$3:$C$10,1))+VLOOKUP(AB810*12,'Tax table'!$A$3:$C$10,2)))/12","v":{"v":20573.90029333333,"d":"20,574"}},{"v":16162.716,"d":"16,163"},{"v":0.7855931918381704,"d":"78.6%"}]
["Member 1461","1984-12-18","M",{"v":228179.52,"d":"228,180"},{"v":0.8,"d":"80%"},{"v":0.85,"d":"85%"},{"v":0.75,"d":"75%"},{"v":0.1,"d":"10%"},null,33,{"v":19014.96,"d":"19,015"},{"v":1901.496,"d":"1,901"},{"v":23768.699999999997,"d":"23,769"},{"v":21867.203999999998,"d":"21,867"},{"$f":"(M811*12-(VLOOKUP(N811*12,'Tax table'!$A$3:$C$10,3)*(N811*12-VLOOKUP(N811*12,'Tax table'!$A$3:$C$10,1))+VLOOKUP(N811*12,'Tax table'!$A$3:$C$10,2)))/12","v":{"v":20573.90029333333,"d":"20,574"}},{"v":17113.464,"d":"17,113"},{"$f":"(VLOOKUP(P811*12,'Tax table'!$A$3:$C$10,3)*(P811*12-VLOOKUP(P811*12,'Tax table'!$A$3:$C$10,1))+VLOOKUP(P811*12,'Tax table'!$A$3:$C$10,2))/12","v":{"v":1958.8273066666668,"d":"1,959"}},{"v":17056.132693333333,"d":"17,056"},{"v":14497.712789333333,"d":"14,498"},{"v":0.7046652595099386,"d":"70.5%"},{"v":43493.138368,"d":"43,493"},{"$f":"IF($B$15=\"Yes\",MIN(S811*2,References!$B$7),0)","v":{"v":28995.425578666665,"d":"28,995"}},{"$f":"IF(AND(D811<>0,$B$16=\"Yes\"),References!$B$6,0)","v":{"v":100000,"d":"100,000"}},{"v":2558.4199040000003,"d":"2,558"},{"v":14261.22,"d":"14,261"},{"v":1901.496,"d":"1,901"},{"v":16162.716,"d":"16,163"},{"v":21867.203999999998,"d":"21,867"},{"$f":"(M811*12-(VLOOKUP(AB811*12,'Tax table'!$A$3:$C$10,3)*(AB811*12-VLOOKUP(AB811*12,'Tax table'!$A$3:$C$10,1))+VLOOKUP(AB811*12,'Tax table'!$A$3:$C$10,2)))/12","v":{"v":20573.90029333333,"d":"20,574"}},{"v":16162.716,"d":"16,163"},{"v":0.7855931918381704,"d":"78.6%"}]
["Member 1462","1980-06-05","M",{"v":228179.52,"d":"228,180"},{"v":0.8,"d":"80%"},{"v":0.85,"d":"85%"},{"v":0.75,"d":"75%"},{"v":0.1,"d":"10%"},null,38,{"v":19014.96,"d":"19,015"},{"v":1901.496,"d":"1,901"},{"v":23768.699999999997,"d":"23,769"},{"v":21867.203999999998,"d":"21,867"},{"$f":"(M812*12-(VLOOKUP(N812*12,'Tax table'!$A$3:$C$10,3)*(N812*12-VLOOKUP(N812*12,'Tax table'!$A$3:$C$10,1))+VLOOKUP(N812*12,'Tax table'!$A$3:$C$10,2)))/12","v":{"v":20573.90029333333,"d":"20,574"}},{"v":17113.464,"d":"17,113"},{"$f":"(VLOOKUP(P812*12,'Tax table'!$A$3:$C$10,3)*(P812*12-VLOOKUP(P812*12,'Tax table'!$A$3:$C$10,1))+VLOOKUP(P812*12,'Tax table'!$A$3:$C$10,2))/12","v":{"v":1958.8273066666668,"d":"1,959"}},{"v":17056.132693333333,"d":"17,056"},{"v":14497.712789333333,"d":"14,498"},{"v":0.7046652595099386,"d":"70.5%"},{"v":43493.138368,"d":"43,493"},{"$f":"IF($B$15=\"Yes\",MIN(S812*2,References!$B$7),0)","v":{"v":28995.425578666665,"d":"28,995"}},{"$f":"IF(AND(D812<>0,$B$16=\"Yes\"),References!$B$6,0)","v":{"v":100000,"d":"100,000"}},{"v":2558.4199040000003,"d":"2,558"},{"v":14261.22,"d":"14,261"},{"v":1901.496,"d":"1,901"},{"v":16162.716,"d":"16,163"},{"v":21867.203999999998,"d":"21,867"},{"$f":"(M812*12-(VLOOKUP(AB812*12,'Tax table'!$A$3:$C$10,3)*(AB812*12-VLOOKUP(AB812*12,'Tax table'!$A$3:$C$10,1))+VLOOKUP(AB812*12,'Tax table'!$A$3:$C$10,2)))/12","v":{"v":20573.90029333333,"d":"20,574"}},{"v":16162.716,"d":"16,163"},{"v":0.7855931918381704,"d":"78.6%"}]
["Member 1463","1990-07-25","F",{"v":228179.52,"d":"228,180"},{"v":0.8,"d":"80%"},{"v":0.85,"d":"85%"},{"v":0.75,"d":"75%"},{"v":0.1,"d":"10%"},null,28,{"v":19014.96,"d":"19,015"},{"v":1901.496,"d":"1,901"},{"v":23768.699999999997,"d":"23,769"},{"v":21867.203999999998,"d":"21,867"},{"$f":"(M813*12-(VLOOKUP(N813*12,'Tax table'!$A$3:$C$10,3)*(N813*12-VLOOKUP(N813*12,'Tax table'!$A$3:$C$10,1))+VLOOKUP(N813*12,'Tax table'!$A$3:$C$10,2)))/12","v":{"v":20573.90029333333,"d":"20,574"}},{"v":17113.464,"d":"17,113"},{"$f":"(VLOOKUP(P813*12,'Tax table'!$A$3:$C$10,3)*(P813*12-VLOOKUP(P813*12,'Tax table'!$A$3:$C$10,1))+VLOOKUP(P813*12,'Tax table'!$A$3:$C$10,2))/12","v":{"v":1958.8273066666668,"d":"1,959"}},{"v":17056.132693333333,"d":"17,056"},{"v":14497.712789333333,"d":"14,498"},{"v":0.7046652595099386,"d":"70.5%"},{"v":43493.138368,"d":"43,493"},{"$f":"IF($B$15=\"Yes\",MIN(S813*2,References!$B$7),0)","v":{"v":28995.425578666665,"d":"28,995"}},{"$f":"IF(AND(D813<>0,$B$16=\"Yes\"),References!$B$6,0)","v":{"v":100000,"d":"100,000"}},{"v":2558.4199040000003,"d":"2,558"},{"v":14261.22,"d":"14,261"},{"v":1901.496,"d":"1,901"},{"v":16162.716,"d":"16,163"},{"v":21867.203999999998,"d":"21,867"},{"$f":"(M813*12-(VLOOKUP(AB813*12,'Tax table'!$A$3:$C$10,3)*(AB813*12-VLOOKUP(AB813*12,'Tax table'!$A$3:$C$10,1))+VLOOKUP(AB813*12,'Tax table'!$A$3:$C$10,2)))/12","v":{"v":20573.90029333333,"d":"20,574"}},{"v":16162.716,"d":"16,163"},{"v":0.7855931918381704,"d":"78.6%"}]
["Member 1464","1988-06-25","F",{"v":228179.52,"d":"228,180"},{"v":0.8,"d":"80%"},{"v":0.85,"d":"85%"},{"v":0.75,"d":"75%"},{"v":0.1,"d":"10%"},null,30,{"v":19014.96,"d":"19,015"},{"v":1901.496,"d":"1,901"},{"v":23768.699999999997,"d":"23,769"},{"v":21867.203999999998,"d":"21,867"},{"$f":"(M814*12-(VLOOKUP(N814*12,'Tax table'!$A$3:$C$10,3)*(N814*12-VLOOKUP(N814*12,'Tax table'!$A$3:$C$10,1))+VLOOKUP(N814*12,'Tax table'!$A$3:$C$10,2)))/12","v":{"v":20573.90029333333,"d":"20,574"}},{"v":17113.464,"d":"17,113"},{"$f":"(VLOOKUP(P814*12,'Tax table'!$A$3:$C$10,3)*(P814*12-VLOOKUP(P814*12,'Tax table'!$A$3:$C$10,1))+VLOOKUP(P814*12,'Tax table'!$A$3:$C$10,2))/12","v":{"v":1958.8273066666668,"d":"1,959"}},{"v":17056.132693333333,"d":"17,056"},{"v":14497.712789333333,"d":"14,498"},{"v":0.7046652595099386,"d":"70.5%"},{"v":43493.138368,"d":"43,493"},{"$f":"IF($B$15=\"Yes\",MIN(S814*2,References!$B$7),0)","v":{"v":28995.425578666665,"d":"28,995"}},{"$f":"IF(AND(D814<>0,$B$16=\"Yes\"),References!$B$6,0)","v":{"v":100000,"d":"100,000"}},{"v":2558.4199040000003,"d":"2,558"},{"v":14261.22,"d":"14,261"},{"v":1901.496,"d":"1,901"},{"v":16162.716,"d":"16,163"},{"v":21867.203999999998,"d":"21,867"},{"$f":"(M814*12-(VLOOKUP(AB814*12,'Tax table'!$A$3:$C$10,3)*(AB814*12-VLOOKUP(AB814*12,'Tax table'!$A$3:$C$10,1))+VLOOKUP(AB814*12,'Tax table'!$A$3:$C$10,2)))/12","v":{"v":20573.90029333333,"d":"20,574"}},{"v":16162.716,"d":"16,163"},{"v":0.7855931918381704,"d":"78.6%"}]
["Member 1465","1986-05-06","M",{"v":228179.52,"d":"228,180"},{"v":0.8,"d":"80%"},{"v":0.85,"d":"85%"},{"v":0.75,"d":"75%"},{"v":0.1,"d":"10%"},null,32,{"v":19014.96,"d":"19,015"},{"v":1901.496,"d":"1,901"},{"v":23768.699999999997,"d":"23,769"},{"v":21867.203999999998,"d":"21,867"},{"$f":"(M815*12-(VLOOKUP(N815*12,'Tax table'!$A$3:$C$10,3)*(N815*12-VLOOKUP(N815*12,'Tax table'!$A$3:$C$10,1))+VLOOKUP(N815*12,'Tax table'!$A$3:$C$10,2)))/12","v":{"v":20573.90029333333,"d":"20,574"}},{"v":17113.464,"d":"17,113"},{"$f":"(VLOOKUP(P815*12,'Tax table'!$A$3:$C$10,3)*(P815*12-VLOOKUP(P815*12,'Tax table'!$A$3:$C$10,1))+VLOOKUP(P815*12,'Tax table'!$A$3:$C$10,2))/12","v":{"v":1958.8273066666668,"d":"1,959"}},{"v":17056.132693333333,"d":"17,056"},{"v":14497.712789333333,"d":"14,498"},{"v":0.7046652595099386,"d":"70.5%"},{"v":43493.138368,"d":"43,493"},{"$f":"IF($B$15=\"Yes\",MIN(S815*2,References!$B$7),0)","v":{"v":28995.425578666665,"d":"28,995"}},{"$f":"IF(AND(D815<>0,$B$16=\"Yes\"),References!$B$6,0)","v":{"v":100000,"d":"100,000"}},{"v":2558.4199040000003,"d":"2,558"},{"v":14261.22,"d":"14,261"},{"v":1901.496,"d":"1,901"},{"v":16162.716,"d":"16,163"},{"v":21867.203999999998,"d":"21,867"},{"$f":"(M815*12-(VLOOKUP(AB815*12,'Tax table'!$A$3:$C$10,3)*(AB815*12-VLOOKUP(AB815*12,'Tax table'!$A$3:$C$10,1))+VLOOKUP(AB815*12,'Tax table'!$A$3:$C$10,2)))/12","v":{"v":20573.90029333333,"d":"20,574"}},{"v":16162.716,"d":"16,163"},{"v":0.7855931918381704,"d":"78.6%"}]
["Member 1466","1988-04-06","F",{"v":228179.52,"d":"228,180"},{"v":0.8,"d":"80%"},{"v":0.85,"d":"85%"},{"v":0.75,"d":"75%"},{"v":0.1,"d":"10%"},null,30,{"v":19014.96,"d":"19,015"},{"v":1901.496,"d":"1,901"},{"v":23768.699999999997,"d":"23,769"},{"v":21867.203999999998,"d":"21,867"},{"$f":"(M816*12-(VLOOKUP(N816*12,'Tax table'!$A$3:$C$10,3)*(N816*12-VLOOKUP(N816*12,'Tax table'!$A$3:$C$10,1))+VLOOKUP(N816*12,'Tax table'!$A$3:$C$10,2)))/12","v":{"v":20573.90029333333,"d":"20,574"}},{"v":17113.464,"d":"17,113"},{"$f":"(VLOOKUP(P816*12,'Tax table'!$A$3:$C$10,3)*(P816*12-VLOOKUP(P816*12,'Tax table'!$A$3:$C$10,1))+VLOOKUP(P816*12,'Tax table'!$A$3:$C$10,2))/12","v":{"v":1958.8273066666668,"d":"1,959"}},{"v":17056.132693333333,"d":"17,056"},{"v":14497.712789333333,"d":"14,498"},{"v":0.7046652595099386,"d":"70.5%"},{"v":43493.138368,"d":"43,493"},{"$f":"IF($B$15=\"Yes\",MIN(S816*2,References!$B$7),0)","v":{"v":28995.425578666665,"d":"28,995"}},{"$f":"IF(AND(D816<>0,$B$16=\"Yes\"),References!$B$6,0)","v":{"v":100000,"d":"100,000"}},{"v":2558.4199040000003,"d":"2,558"},{"v":14261.22,"d":"14,261"},{"v":1901.496,"d":"1,901"},{"v":16162.716,"d":"16,163"},{"v":21867.203999999998,"d":"21,867"},{"$f":"(M816*12-(VLOOKUP(AB816*12,'Tax table'!$A$3:$C$10,3)*(AB816*12-VLOOKUP(AB816*12,'Tax table'!$A$3:$C$10,1))+VLOOKUP(AB816*12,'Tax table'!$A$3:$C$10,2)))/12","v":{"v":20573.90029333333,"d":"20,574"}},{"v":16162.716,"d":"16,163"},{"v":0.7855931918381704,"d":"78.6%"}]
["Member 1467","1987-03-31","F",{"v":228179.52,"d":"228,180"},{"v":0.8,"d":"80%"},{"v":0.85,"d":"85%"},{"v":0.75,"d":"75%"},{"v":0.1,"d":"10%"},null,31,{"v":19014.96,"d":"19,015"},{"v":1901.496,"d":"1,901"},{"v":23768.699999999997,"d":"23,769"},{"v":21867.203999999998,"d":"21,867"},{"$f":"(M817*12-(VLOOKUP(N817*12,'Tax table'!$A$3:$C$10,3)*(N817*12-VLOOKUP(N817*12,'Tax table'!$A$3:$C$10,1))+VLOOKUP(N817*12,'Tax table'!$A$3:$C$10,2)))/12","v":{"v":20573.90029333333,"d":"20,574"}},{"v":17113.464,"d":"17,113"},{"$f":"(VLOOKUP(P817*12,'Tax table'!$A$3:$C$10,3)*(P817*12-VLOOKUP(P817*12,'Tax table'!$A$3:$C$10,1))+VLOOKUP(P817*12,'Tax table'!$A$3:$C$10,2))/12","v":{"v":1958.8273066666668,"d":"1,959"}},{"v":17056.132693333333,"d":"17,056"},{"v":14497.712789333333,"d":"14,498"},{"v":0.7046652595099386,"d":"70.5%"},{"v":43493.138368,"d":"43,493"},{"$f":"IF($B$15=\"Yes\",MIN(S817*2,References!$B$7),0)","v":{"v":28995.425578666665,"d":"28,995"}},{"$f":"IF(AND(D817<>0,$B$16=\"Yes\"),References!$B$6,0)","v":{"v":100000,"d":"100,000"}},{"v":2558.4199040000003,"d":"2,558"},{"v":14261.22,"d":"14,261"},{"v":1901.496,"d":"1,901"},{"v":16162.716,"d":"16,163"},{"v":21867.203999999998,"d":"21,867"},{"$f":"(M817*12-(VLOOKUP(AB817*12,'Tax table'!$A$3:$C$10,3)*(AB817*12-VLOOKUP(AB817*12,'Tax table'!$A$3:$C$10,1))+VLOOKUP(AB817*12,'Tax table'!$A$3:$C$10,2)))/12","v":{"v":20573.90029333333,"d":"20,574"}},{"v":16162.716,"d":"16,163"},{"v":0.7855931918381704,"d":"78.6%"}]
["Member 1468","1985-05-20","F",{"v":228179.52,"d":"228,180"},{"v":0.8,"d":"80%"},{"v":0.85,"d":"85%"},{"v":0.75,"d":"75%"},{"v":0.1,"d":"10%"},null,33,{"v":19014.96,"d":"19,015"},{"v":1901.496,"d":"1,901"},{"v":23768.699999999997,"d":"23,769"},{"v":21867.203999999998,"d":"21,867"},{"$f":"(M818*12-(VLOOKUP(N818*12,'Tax table'!$A$3:$C$10,3)*(N818*12-VLOOKUP(N818*12,'Tax table'!$A$3:$C$10,1))+VLOOKUP(N818*12,'Tax table'!$A$3:$C$10,2)))/12","v":{"v":20573.90029333333,"d":"20,574"}},{"v":17113.464,"d":"17,113"},{"$f":"(VLOOKUP(P818*12,'Tax table'!$A$3:$C$10,3)*(P818*12-VLOOKUP(P818*12,'Tax table'!$A$3:$C$10,1))+VLOOKUP(P818*12,'Tax table'!$A$3:$C$10,2))/12","v":{"v":1958.8273066666668,"d":"1,959"}},{"v":17056.132693333333,"d":"17,056"},{"v":14497.712789333333,"d":"14,498"},{"v":0.7046652595099386,"d":"70.5%"},{"v":43493.138368,"d":"43,493"},{"$f":"IF($B$15=\"Yes\",MIN(S818*2,References!$B$7),0)","v":{"v":28995.425578666665,"d":"28,995"}},{"$f":"IF(AND(D818<>0,$B$16=\"Yes\"),References!$B$6,0)","v":{"v":100000,"d":"100,000"}},{"v":2558.4199040000003,"d":"2,558"},{"v":14261.22,"d":"14,261"},{"v":1901.496,"d":"1,901"},{"v":16162.716,"d":"16,163"},{"v":21867.203999999998,"d":"21,867"},{"$f":"(M818*12-(VLOOKUP(AB818*12,'Tax table'!$A$3:$C$10,3)*(AB818*12-VLOOKUP(AB818*12,'Tax table'!$A$3:$C$10,1))+VLOOKUP(AB818*12,'Tax table'!$A$3:$C$10,2)))/12","v":{"v":20573.90029333333,"d":"20,574"}},{"v":16162.716,"d":"16,163"},{"v":0.7855931918381704,"d":"78.6%"}]
["Member 1469","1992-02-25","F",{"v":228179.52,"d":"228,180"},{"v":0.8,"d":"80%"},{"v":0.85,"d":"85%"},{"v":0.75,"d":"75%"},{"v":0.1,"d":"10%"},null,26,{"v":19014.96,"d":"19,015"},{"v":1901.496,"d":"1,901"},{"v":23768.699999999997,"d":"23,769"},{"v":21867.203999999998,"d":"21,867"},{"$f":"(M819*12-(VLOOKUP(N819*12,'Tax table'!$A$3:$C$10,3)*(N819*12-VLOOKUP(N819*12,'Tax table'!$A$3:$C$10,1))+VLOOKUP(N819*12,'Tax table'!$A$3:$C$10,2)))/12","v":{"v":20573.90029333333,"d":"20,574"}},{"v":17113.464,"d":"17,113"},{"$f":"(VLOOKUP(P819*12,'Tax table'!$A$3:$C$10,3)*(P819*12-VLOOKUP(P819*12,'Tax table'!$A$3:$C$10,1))+VLOOKUP(P819*12,'Tax table'!$A$3:$C$10,2))/12","v":{"v":1958.8273066666668,"d":"1,959"}},{"v":17056.132693333333,"d":"17,056"},{"v":14497.712789333333,"d":"14,498"},{"v":0.7046652595099386,"d":"70.5%"},{"v":43493.138368,"d":"43,493"},{"$f":"IF($B$15=\"Yes\",MIN(S819*2,References!$B$7),0)","v":{"v":28995.425578666665,"d":"28,995"}},{"$f":"IF(AND(D819<>0,$B$16=\"Yes\"),References!$B$6,0)","v":{"v":100000,"d":"100,000"}},{"v":2558.4199040000003,"d":"2,558"},{"v":14261.22,"d":"14,261"},{"v":1901.496,"d":"1,901"},{"v":16162.716,"d":"16,163"},{"v":21867.203999999998,"d":"21,867"},{"$f":"(M819*12-(VLOOKUP(AB819*12,'Tax table'!$A$3:$C$10,3)*(AB819*12-VLOOKUP(AB819*12,'Tax table'!$A$3:$C$10,1))+VLOOKUP(AB819*12,'Tax table'!$A$3:$C$10,2)))/12","v":{"v":20573.90029333333,"d":"20,574"}},{"v":16162.716,"d":"16,163"},{"v":0.7855931918381704,"d":"78.6%"}]
["Member 1470","1991-06-11","M",{"v":228179.52,"d":"228,180"},{"v":0.8,"d":"80%"},{"v":0.85,"d":"85%"},{"v":0.75,"d":"75%"},{"v":0.1,"d":"10%"},null,27,{"v":19014.96,"d":"19,015"},{"v":1901.496,"d":"1,901"},{"v":23768.699999999997,"d":"23,769"},{"v":21867.203999999998,"d":"21,867"},{"$f":"(M820*12-(VLOOKUP(N820*12,'Tax table'!$A$3:$C$10,3)*(N820*12-VLOOKUP(N820*12,'Tax table'!$A$3:$C$10,1))+VLOOKUP(N820*12,'Tax table'!$A$3:$C$10,2)))/12","v":{"v":20573.90029333333,"d":"20,574"}},{"v":17113.464,"d":"17,113"},{"$f":"(VLOOKUP(P820*12,'Tax table'!$A$3:$C$10,3)*(P820*12-VLOOKUP(P820*12,'Tax table'!$A$3:$C$10,1))+VLOOKUP(P820*12,'Tax table'!$A$3:$C$10,2))/12","v":{"v":1958.8273066666668,"d":"1,959"}},{"v":17056.132693333333,"d":"17,056"},{"v":14497.712789333333,"d":"14,498"},{"v":0.7046652595099386,"d":"70.5%"},{"v":43493.138368,"d":"43,493"},{"$f":"IF($B$15=\"Yes\",MIN(S820*2,References!$B$7),0)","v":{"v":28995.425578666665,"d":"28,995"}},{"$f":"IF(AND(D820<>0,$B$16=\"Yes\"),References!$B$6,0)","v":{"v":100000,"d":"100,000"}},{"v":2558.4199040000003,"d":"2,558"},{"v":14261.22,"d":"14,261"},{"v":1901.496,"d":"1,901"},{"v":16162.716,"d":"16,163"},{"v":21867.203999999998,"d":"21,867"},{"$f":"(M820*12-(VLOOKUP(AB820*12,'Tax table'!$A$3:$C$10,3)*(AB820*12-VLOOKUP(AB820*12,'Tax table'!$A$3:$C$10,1))+VLOOKUP(AB820*12,'Tax table'!$A$3:$C$10,2)))/12","v":{"v":20573.90029333333,"d":"20,574"}},{"v":16162.716,"d":"16,163"},{"v":0.7855931918381704,"d":"78.6%"}]
["Member 1471","1980-01-09","F",{"v":228179.52,"d":"228,180"},{"v":0.8,"d":"80%"},{"v":0.85,"d":"85%"},{"v":0.75,"d":"75%"},{"v":0.1,"d":"10%"},null,38,{"v":19014.96,"d":"19,015"},{"v":1901.496,"d":"1,901"},{"v":23768.699999999997,"d":"23,769"},{"v":21867.203999999998,"d":"21,867"},{"$f":"(M821*12-(VLOOKUP(N821*12,'Tax table'!$A$3:$C$10,3)*(N821*12-VLOOKUP(N821*12,'Tax table'!$A$3:$C$10,1))+VLOOKUP(N821*12,'Tax table'!$A$3:$C$10,2)))/12","v":{"v":20573.90029333333,"d":"20,574"}},{"v":17113.464,"d":"17,113"},{"$f":"(VLOOKUP(P821*12,'Tax table'!$A$3:$C$10,3)*(P821*12-VLOOKUP(P821*12,'Tax table'!$A$3:$C$10,1))+VLOOKUP(P821*12,'Tax table'!$A$3:$C$10,2))/12","v":{"v":1958.8273066666668,"d":"1,959"}},{"v":17056.132693333333,"d":"17,056"},{"v":14497.712789333333,"d":"14,498"},{"v":0.7046652595099386,"d":"70.5%"},{"v":43493.138368,"d":"43,493"},{"$f":"IF($B$15=\"Yes\",MIN(S821*2,References!$B$7),0)","v":{"v":28995.425578666665,"d":"28,995"}},{"$f":"IF(AND(D821<>0,$B$16=\"Yes\"),References!$B$6,0)","v":{"v":100000,"d":"100,000"}},{"v":2558.4199040000003,"d":"2,558"},{"v":14261.22,"d":"14,261"},{"v":1901.496,"d":"1,901"},{"v":16162.716,"d":"16,163"},{"v":21867.203999999998,"d":"21,867"},{"$f":"(M821*12-(VLOOKUP(AB821*12,'Tax table'!$A$3:$C$10,3)*(AB821*12-VLOOKUP(AB821*12,'Tax table'!$A$3:$C$10,1))+VLOOKUP(AB821*12,'Tax table'!$A$3:$C$10,2)))/12","v":{"v":20573.90029333333,"d":"20,574"}},{"v":16162.716,"d":"16,163"},{"v":0.7855931918381704,"d":"78.6%"}]
["Member 1472","1978-06-23","F",{"v":228179.52,"d":"228,180"},{"v":0.8,"d":"80%"},{"v":0.85,"d":"85%"},{"v":0.75,"d":"75%"},{"v":0.1,"d":"10%"},null,40,{"v":19014.96,"d":"19,015"},{"v":1901.496,"d":"1,901"},{"v":23768.699999999997,"d":"23,769"},{"v":21867.203999999998,"d":"21,867"},{"$f":"(M822*12-(VLOOKUP(N822*12,'Tax table'!$A$3:$C$10,3)*(N822*12-VLOOKUP(N822*12,'Tax table'!$A$3:$C$10,1))+VLOOKUP(N822*12,'Tax table'!$A$3:$C$10,2)))/12","v":{"v":20573.90029333333,"d":"20,574"}},{"v":17113.464,"d":"17,113"},{"$f":"(VLOOKUP(P822*12,'Tax table'!$A$3:$C$10,3)*(P822*12-VLOOKUP(P822*12,'Tax table'!$A$3:$C$10,1))+VLOOKUP(P822*12,'Tax table'!$A$3:$C$10,2))/12","v":{"v":1958.8273066666668,"d":"1,959"}},{"v":17056.132693333333,"d":"17,056"},{"v":14497.712789333333,"d":"14,498"},{"v":0.7046652595099386,"d":"70.5%"},{"v":43493.138368,"d":"43,493"},{"$f":"IF($B$15=\"Yes\",MIN(S822*2,References!$B$7),0)","v":{"v":28995.425578666665,"d":"28,995"}},{"$f":"IF(AND(D822<>0,$B$16=\"Yes\"),References!$B$6,0)","v":{"v":100000,"d":"100,000"}},{"v":2558.4199040000003,"d":"2,558"},{"v":14261.22,"d":"14,261"},{"v":1901.496,"d":"1,901"},{"v":16162.716,"d":"16,163"},{"v":21867.203999999998,"d":"21,867"},{"$f":"(M822*12-(VLOOKUP(AB822*12,'Tax table'!$A$3:$C$10,3)*(AB822*12-VLOOKUP(AB822*12,'Tax table'!$A$3:$C$10,1))+VLOOKUP(AB822*12,'Tax table'!$A$3:$C$10,2)))/12","v":{"v":20573.90029333333,"d":"20,574"}},{"v":16162.716,"d":"16,163"},{"v":0.7855931918381704,"d":"78.6%"}]
["Member 1473","1976-05-11","M",{"v":228179.52,"d":"228,180"},{"v":0.8,"d":"80%"},{"v":0.85,"d":"85%"},{"v":0.75,"d":"75%"},{"v":0.1,"d":"10%"},null,42,{"v":19014.96,"d":"19,015"},{"v":1901.496,"d":"1,901"},{"v":23768.699999999997,"d":"23,769"},{"v":21867.203999999998,"d":"21,867"},{"$f":"(M823*12-(VLOOKUP(N823*12,'Tax table'!$A$3:$C$10,3)*(N823*12-VLOOKUP(N823*12,'Tax table'!$A$3:$C$10,1))+VLOOKUP(N823*12,'Tax table'!$A$3:$C$10,2)))/12","v":{"v":20573.90029333333,"d":"20,574"}},{"v":17113.464,"d":"17,113"},{"$f":"(VLOOKUP(P823*12,'Tax table'!$A$3:$C$10,3)*(P823*12-VLOOKUP(P823*12,'Tax table'!$A$3:$C$10,1))+VLOOKUP(P823*12,'Tax table'!$A$3:$C$10,2))/12","v":{"v":1958.8273066666668,"d":"1,959"}},{"v":17056.132693333333,"d":"17,056"},{"v":14497.712789333333,"d":"14,498"},{"v":0.7046652595099386,"d":"70.5%"},{"v":43493.138368,"d":"43,493"},{"$f":"IF($B$15=\"Yes\",MIN(S823*2,References!$B$7),0)","v":{"v":28995.425578666665,"d":"28,995"}},{"$f":"IF(AND(D823<>0,$B$16=\"Yes\"),References!$B$6,0)","v":{"v":100000,"d":"100,000"}},{"v":2558.4199040000003,"d":"2,558"},{"v":14261.22,"d":"14,261"},{"v":1901.496,"d":"1,901"},{"v":16162.716,"d":"16,163"},{"v":21867.203999999998,"d":"21,867"},{"$f":"(M823*12-(VLOOKUP(AB823*12,'Tax table'!$A$3:$C$10,3)*(AB823*12-VLOOKUP(AB823*12,'Tax table'!$A$3:$C$10,1))+VLOOKUP(AB823*12,'Tax table'!$A$3:$C$10,2)))/12","v":{"v":20573.90029333333,"d":"20,574"}},{"v":16162.716,"d":"16,163"},{"v":0.7855931918381704,"d":"78.6%"}]
["Member 1474","1985-12-02","M",{"v":228179.52,"d":"228,180"},{"v":0.8,"d":"80%"},{"v":0.85,"d":"85%"},{"v":0.75,"d":"75%"},{"v":0.1,"d":"10%"},null,32,{"v":19014.96,"d":"19,015"},{"v":1901.496,"d":"1,901"},{"v":23768.699999999997,"d":"23,769"},{"v":21867.203999999998,"d":"21,867"},{"$f":"(M824*12-(VLOOKUP(N824*12,'Tax table'!$A$3:$C$10,3)*(N824*12-VLOOKUP(N824*12,'Tax table'!$A$3:$C$10,1))+VLOOKUP(N824*12,'Tax table'!$A$3:$C$10,2)))/12","v":{"v":20573.90029333333,"d":"20,574"}},{"v":17113.464,"d":"17,113"},{"$f":"(VLOOKUP(P824*12,'Tax table'!$A$3:$C$10,3)*(P824*12-VLOOKUP(P824*12,'Tax table'!$A$3:$C$10,1))+VLOOKUP(P824*12,'Tax table'!$A$3:$C$10,2))/12","v":{"v":1958.8273066666668,"d":"1,959"}},{"v":17056.132693333333,"d":"17,056"},{"v":14497.712789333333,"d":"14,498"},{"v":0.7046652595099386,"d":"70.5%"},{"v":43493.138368,"d":"43,493"},{"$f":"IF($B$15=\"Yes\",MIN(S824*2,References!$B$7),0)","v":{"v":28995.425578666665,"d":"28,995"}},{"$f":"IF(AND(D824<>0,$B$16=\"Yes\"),References!$B$6,0)","v":{"v":100000,"d":"100,000"}},{"v":2558.4199040000003,"d":"2,558"},{"v":14261.22,"d":"14,261"},{"v":1901.496,"d":"1,901"},{"v":16162.716,"d":"16,163"},{"v":21867.203999999998,"d":"21,867"},{"$f":"(M824*12-(VLOOKUP(AB824*12,'Tax table'!$A$3:$C$10,3)*(AB824*12-VLOOKUP(AB824*12,'Tax table'!$A$3:$C$10,1))+VLOOKUP(AB824*12,'Tax table'!$A$3:$C$10,2)))/12","v":{"v":20573.90029333333,"d":"20,574"}},{"v":16162.716,"d":"16,163"},{"v":0.7855931918381704,"d":"78.6%"}]
["Member 1475","1987-10-15","M",{"v":228179.52,"d":"228,180"},{"v":0.8,"d":"80%"},{"v":0.85,"d":"85%"},{"v":0.75,"d":"75%"},{"v":0.1,"d":"10%"},null,31,{"v":19014.96,"d":"19,015"},{"v":1901.496,"d":"1,901"},{"v":23768.699999999997,"d":"23,769"},{"v":21867.203999999998,"d":"21,867"},{"$f":"(M825*12-(VLOOKUP(N825*12,'Tax table'!$A$3:$C$10,3)*(N825*12-VLOOKUP(N825*12,'Tax table'!$A$3:$C$10,1))+VLOOKUP(N825*12,'Tax table'!$A$3:$C$10,2)))/12","v":{"v":20573.90029333333,"d":"20,574"}},{"v":17113.464,"d":"17,113"},{"$f":"(VLOOKUP(P825*12,'Tax table'!$A$3:$C$10,3)*(P825*12-VLOOKUP(P825*12,'Tax table'!$A$3:$C$10,1))+VLOOKUP(P825*12,'Tax table'!$A$3:$C$10,2))/12","v":{"v":1958.8273066666668,"d":"1,959"}},{"v":17056.132693333333,"d":"17,056"},{"v":14497.712789333333,"d":"14,498"},{"v":0.7046652595099386,"d":"70.5%"},{"v":43493.138368,"d":"43,493"},{"$f":"IF($B$15=\"Yes\",MIN(S825*2,References!$B$7),0)","v":{"v":28995.425578666665,"d":"28,995"}},{"$f":"IF(AND(D825<>0,$B$16=\"Yes\"),References!$B$6,0)","v":{"v":100000,"d":"100,000"}},{"v":2558.4199040000003,"d":"2,558"},{"v":14261.22,"d":"14,261"},{"v":1901.496,"d":"1,901"},{"v":16162.716,"d":"16,163"},{"v":21867.203999999998,"d":"21,867"},{"$f":"(M825*12-(VLOOKUP(AB825*12,'Tax table'!$A$3:$C$10,3)*(AB825*12-VLOOKUP(AB825*12,'Tax table'!$A$3:$C$10,1))+VLOOKUP(AB825*12,'Tax table'!$A$3:$C$10,2)))/12","v":{"v":20573.90029333333,"d":"20,574"}},{"v":16162.716,"d":"16,163"},{"v":0.7855931918381704,"d":"78.6%"}]
["Member 1476","1979-05-18","F",{"v":228179.52,"d":"228,180"},{"v":0.8,"d":"80%"},{"v":0.85,"d":"85%"},{"v":0.75,"d":"75%"},{"v":0.1,"d":"10%"},null,39,{"v":19014.96,"d":"19,015"},{"v":1901.496,"d":"1,901"},{"v":23768.699999999997,"d":"23,769"},{"v":21867.203999999998,"d":"21,867"},{"$f":"(M826*12-(VLOOKUP(N826*12,'Tax table'!$A$3:$C$10,3)*(N826*12-VLOOKUP(N826*12,'Tax table'!$A$3:$C$10,1))+VLOOKUP(N826*12,'Tax table'!$A$3:$C$10,2)))/12","v":{"v":20573.90029333333,"d":"20,574"}},{"v":17113.464,"d":"17,113"},{"$f":"(VLOOKUP(P826*12,'Tax table'!$A$3:$C$10,3)*(P826*12-VLOOKUP(P826*12,'Tax table'!$A$3:$C$10,1))+VLOOKUP(P826*12,'Tax table'!$A$3:$C$10,2))/12","v":{"v":1958.8273066666668,"d":"1,959"}},{"v":17056.132693333333,"d":"17,056"},{"v":14497.712789333333,"d":"14,498"},{"v":0.7046652595099386,"d":"70.5%"},{"v":43493.138368,"d":"43,493"},{"$f":"IF($B$15=\"Yes\",MIN(S826*2,References!$B$7),0)","v":{"v":28995.425578666665,"d":"28,995"}},{"$f":"IF(AND(D826<>0,$B$16=\"Yes\"),References!$B$6,0)","v":{"v":100000,"d":"100,000"}},{"v":2558.4199040000003,"d":"2,558"},{"v":14261.22,"d":"14,261"},{"v":1901.496,"d":"1,901"},{"v":16162.716,"d":"16,163"},{"v":21867.203999999998,"d":"21,867"},{"$f":"(M826*12-(VLOOKUP(AB826*12,'Tax table'!$A$3:$C$10,3)*(AB826*12-VLOOKUP(AB826*12,'Tax table'!$A$3:$C$10,1))+VLOOKUP(AB826*12,'Tax table'!$A$3:$C$10,2)))/12","v":{"v":20573.90029333333,"d":"20,574"}},{"v":16162.716,"d":"16,163"},{"v":0.7855931918381704,"d":"78.6%"}]
["Member 1477","1981-07-28","F",{"v":228179.52,"d":"228,180"},{"v":0.8,"d":"80%"},{"v":0.85,"d":"85%"},{"v":0.75,"d":"75%"},{"v":0.1,"d":"10%"},null,37,{"v":19014.96,"d":"19,015"},{"v":1901.496,"d":"1,901"},{"v":23768.699999999997,"d":"23,769"},{"v":21867.203999999998,"d":"21,867"},{"$f":"(M827*12-(VLOOKUP(N827*12,'Tax table'!$A$3:$C$10,3)*(N827*12-VLOOKUP(N827*12,'Tax table'!$A$3:$C$10,1))+VLOOKUP(N827*12,'Tax table'!$A$3:$C$10,2)))/12","v":{"v":20573.90029333333,"d":"20,574"}},{"v":17113.464,"d":"17,113"},{"$f":"(VLOOKUP(P827*12,'Tax table'!$A$3:$C$10,3)*(P827*12-VLOOKUP(P827*12,'Tax table'!$A$3:$C$10,1))+VLOOKUP(P827*12,'Tax table'!$A$3:$C$10,2))/12","v":{"v":1958.8273066666668,"d":"1,959"}},{"v":17056.132693333333,"d":"17,056"},{"v":14497.712789333333,"d":"14,498"},{"v":0.7046652595099386,"d":"70.5%"},{"v":43493.138368,"d":"43,493"},{"$f":"IF($B$15=\"Yes\",MIN(S827*2,References!$B$7),0)","v":{"v":28995.425578666665,"d":"28,995"}},{"$f":"IF(AND(D827<>0,$B$16=\"Yes\"),References!$B$6,0)","v":{"v":100000,"d":"100,000"}},{"v":2558.4199040000003,"d":"2,558"},{"v":14261.22,"d":"14,261"},{"v":1901.496,"d":"1,901"},{"v":16162.716,"d":"16,163"},{"v":21867.203999999998,"d":"21,867"},{"$f":"(M827*12-(VLOOKUP(AB827*12,'Tax table'!$A$3:$C$10,3)*(AB827*12-VLOOKUP(AB827*12,'Tax table'!$A$3:$C$10,1))+VLOOKUP(AB827*12,'Tax table'!$A$3:$C$10,2)))/12","v":{"v":20573.90029333333,"d":"20,574"}},{"v":16162.716,"d":"16,163"},{"v":0.7855931918381704,"d":"78.6%"}]
["Member 1478","1985-09-30","M",{"v":228179.52,"d":"228,180"},{"v":0.8,"d":"80%"},{"v":0.85,"d":"85%"},{"v":0.75,"d":"75%"},{"v":0.1,"d":"10%"},null,33,{"v":19014.96,"d":"19,015"},{"v":1901.496,"d":"1,901"},{"v":23768.699999999997,"d":"23,769"},{"v":21867.203999999998,"d":"21,867"},{"$f":"(M828*12-(VLOOKUP(N828*12,'Tax table'!$A$3:$C$10,3)*(N828*12-VLOOKUP(N828*12,'Tax table'!$A$3:$C$10,1))+VLOOKUP(N828*12,'Tax table'!$A$3:$C$10,2)))/12","v":{"v":20573.90029333333,"d":"20,574"}},{"v":17113.464,"d":"17,113"},{"$f":"(VLOOKUP(P828*12,'Tax table'!$A$3:$C$10,3)*(P828*12-VLOOKUP(P828*12,'Tax table'!$A$3:$C$10,1))+VLOOKUP(P828*12,'Tax table'!$A$3:$C$10,2))/12","v":{"v":1958.8273066666668,"d":"1,959"}},{"v":17056.132693333333,"d":"17,056"},{"v":14497.712789333333,"d":"14,498"},{"v":0.7046652595099386,"d":"70.5%"},{"v":43493.138368,"d":"43,493"},{"$f":"IF($B$15=\"Yes\",MIN(S828*2,References!$B$7),0)","v":{"v":28995.425578666665,"d":"28,995"}},{"$f":"IF(AND(D828<>0,$B$16=\"Yes\"),References!$B$6,0)","v":{"v":100000,"d":"100,000"}},{"v":2558.4199040000003,"d":"2,558"},{"v":14261.22,"d":"14,261"},{"v":1901.496,"d":"1,901"},{"v":16162.716,"d":"16,163"},{"v":21867.203999999998,"d":"21,867"},{"$f":"(M828*12-(VLOOKUP(AB828*12,'Tax table'!$A$3:$C$10,3)*(AB828*12-VLOOKUP(AB828*12,'Tax table'!$A$3:$C$10,1))+VLOOKUP(AB828*12,'Tax table'!$A$3:$C$10,2)))/12","v":{"v":20573.90029333333,"d":"20,574"}},{"v":16162.716,"d":"16,163"},{"v":0.7855931918381704,"d":"78.6%"}]
["Member 1479","1985-12-18","M",{"v":228179.52,"d":"228,180"},{"v":0.8,"d":"80%"},{"v":0.85,"d":"85%"},{"v":0.75,"d":"75%"},{"v":0.1,"d":"10%"},null,32,{"v":19014.96,"d":"19,015"},{"v":1901.496,"d":"1,901"},{"v":23768.699999999997,"d":"23,769"},{"v":21867.203999999998,"d":"21,867"},{"$f":"(M829*12-(VLOOKUP(N829*12,'Tax table'!$A$3:$C$10,3)*(N829*12-VLOOKUP(N829*12,'Tax table'!$A$3:$C$10,1))+VLOOKUP(N829*12,'Tax table'!$A$3:$C$10,2)))/12","v":{"v":20573.90029333333,"d":"20,574"}},{"v":17113.464,"d":"17,113"},{"$f":"(VLOOKUP(P829*12,'Tax table'!$A$3:$C$10,3)*(P829*12-VLOOKUP(P829*12,'Tax table'!$A$3:$C$10,1))+VLOOKUP(P829*12,'Tax table'!$A$3:$C$10,2))/12","v":{"v":1958.8273066666668,"d":"1,959"}},{"v":17056.132693333333,"d":"17,056"},{"v":14497.712789333333,"d":"14,498"},{"v":0.7046652595099386,"d":"70.5%"},{"v":43493.138368,"d":"43,493"},{"$f":"IF($B$15=\"Yes\",MIN(S829*2,References!$B$7),0)","v":{"v":28995.425578666665,"d":"28,995"}},{"$f":"IF(AND(D829<>0,$B$16=\"Yes\"),References!$B$6,0)","v":{"v":100000,"d":"100,000"}},{"v":2558.4199040000003,"d":"2,558"},{"v":14261.22,"d":"14,261"},{"v":1901.496,"d":"1,901"},{"v":16162.716,"d":"16,163"},{"v":21867.203999999998,"d":"21,867"},{"$f":"(M829*12-(VLOOKUP(AB829*12,'Tax table'!$A$3:$C$10,3)*(AB829*12-VLOOKUP(AB829*12,'Tax table'!$A$3:$C$10,1))+VLOOKUP(AB829*12,'Tax table'!$A$3:$C$10,2)))/12","v":{"v":20573.90029333333,"d":"20,574"}},{"v":16162.716,"d":"16,163"},{"v":0.7855931918381704,"d":"78.6%"}]
["Member 1480","1979-07-14","F",{"v":228179.52,"d":"228,180"},{"v":0.8,"d":"80%"},{"v":0.85,"d":"85%"},{"v":0.75,"d":"75%"},{"v":0.1,"d":"10%"},null,39,{"v":19014.96,"d":"19,015"},{"v":1901.496,"d":"1,901"},{"v":23768.699999999997,"d":"23,769"},{"v":21867.203999999998,"d":"21,867"},{"$f":"(M830*12-(VLOOKUP(N830*12,'Tax table'!$A$3:$C$10,3)*(N830*12-VLOOKUP(N830*12,'Tax table'!$A$3:$C$10,1))+VLOOKUP(N830*12,'Tax table'!$A$3:$C$10,2)))/12","v":{"v":20573.90029333333,"d":"20,574"}},{"v":17113.464,"d":"17,113"},{"$f":"(VLOOKUP(P830*12,'Tax table'!$A$3:$C$10,3)*(P830*12-VLOOKUP(P830*12,'Tax table'!$A$3:$C$10,1))+VLOOKUP(P830*12,'Tax table'!$A$3:$C$10,2))/12","v":{"v":1958.8273066666668,"d":"1,959"}},{"v":17056.132693333333,"d":"17,056"},{"v":14497.712789333333,"d":"14,498"},{"v":0.7046652595099386,"d":"70.5%"},{"v":43493.138368,"d":"43,493"},{"$f":"IF($B$15=\"Yes\",MIN(S830*2,References!$B$7),0)","v":{"v":28995.425578666665,"d":"28,995"}},{"$f":"IF(AND(D830<>0,$B$16=\"Yes\"),References!$B$6,0)","v":{"v":100000,"d":"100,000"}},{"v":2558.4199040000003,"d":"2,558"},{"v":14261.22,"d":"14,261"},{"v":1901.496,"d":"1,901"},{"v":16162.716,"d":"16,163"},{"v":21867.203999999998,"d":"21,867"},{"$f":"(M830*12-(VLOOKUP(AB830*12,'Tax table'!$A$3:$C$10,3)*(AB830*12-VLOOKUP(AB830*12,'Tax table'!$A$3:$C$10,1))+VLOOKUP(AB830*12,'Tax table'!$A$3:$C$10,2)))/12","v":{"v":20573.90029333333,"d":"20,574"}},{"v":16162.716,"d":"16,163"},{"v":0.7855931918381704,"d":"78.6%"}]
["Member 1481","1992-10-30","M",{"v":228179.52,"d":"228,180"},{"v":0.8,"d":"80%"},{"v":0.85,"d":"85%"},{"v":0.75,"d":"75%"},{"v":0.1,"d":"10%"},null,26,{"v":19014.96,"d":"19,015"},{"v":1901.496,"d":"1,901"},{"v":23768.699999999997,"d":"23,769"},{"v":21867.203999999998,"d":"21,867"},{"$f":"(M831*12-(VLOOKUP(N831*12,'Tax table'!$A$3:$C$10,3)*(N831*12-VLOOKUP(N831*12,'Tax table'!$A$3:$C$10,1))+VLOOKUP(N831*12,'Tax table'!$A$3:$C$10,2)))/12","v":{"v":20573.90029333333,"d":"20,574"}},{"v":17113.464,"d":"17,113"},{"$f":"(VLOOKUP(P831*12,'Tax table'!$A$3:$C$10,3)*(P831*12-VLOOKUP(P831*12,'Tax table'!$A$3:$C$10,1))+VLOOKUP(P831*12,'Tax table'!$A$3:$C$10,2))/12","v":{"v":1958.8273066666668,"d":"1,959"}},{"v":17056.132693333333,"d":"17,056"},{"v":14497.712789333333,"d":"14,498"},{"v":0.7046652595099386,"d":"70.5%"},{"v":43493.138368,"d":"43,493"},{"$f":"IF($B$15=\"Yes\",MIN(S831*2,References!$B$7),0)","v":{"v":28995.425578666665,"d":"28,995"}},{"$f":"IF(AND(D831<>0,$B$16=\"Yes\"),References!$B$6,0)","v":{"v":100000,"d":"100,000"}},{"v":2558.4199040000003,"d":"2,558"},{"v":14261.22,"d":"14,261"},{"v":1901.496,"d":"1,901"},{"v":16162.716,"d":"16,163"},{"v":21867.203999999998,"d":"21,867"},{"$f":"(M831*12-(VLOOKUP(AB831*12,'Tax table'!$A$3:$C$10,3)*(AB831*12-VLOOKUP(AB831*12,'Tax table'!$A$3:$C$10,1))+VLOOKUP(AB831*12,'Tax table'!$A$3:$C$10,2)))/12","v":{"v":20573.90029333333,"d":"20,574"}},{"v":16162.716,"d":"16,163"},{"v":0.7855931918381704,"d":"78.6%"}]
["Member 1482","1988-01-08","F",{"v":228179.52,"d":"228,180"},{"v":0.8,"d":"80%"},{"v":0.85,"d":"85%"},{"v":0.75,"d":"75%"},{"v":0.1,"d":"10%"},null,30,{"v":19014.96,"d":"19,015"},{"v":1901.496,"d":"1,901"},{"v":23768.699999999997,"d":"23,769"},{"v":21867.203999999998,"d":"21,867"},{"$f":"(M832*12-(VLOOKUP(N832*12,'Tax table'!$A$3:$C$10,3)*(N832*12-VLOOKUP(N832*12,'Tax table'!$A$3:$C$10,1))+VLOOKUP(N832*12,'Tax table'!$A$3:$C$10,2)))/12","v":{"v":20573.90029333333,"d":"20,574"}},{"v":17113.464,"d":"17,113"},{"$f":"(VLOOKUP(P832*12,'Tax table'!$A$3:$C$10,3)*(P832*12-VLOOKUP(P832*12,'Tax table'!$A$3:$C$10,1))+VLOOKUP(P832*12,'Tax table'!$A$3:$C$10,2))/12","v":{"v":1958.8273066666668,"d":"1,959"}},{"v":17056.132693333333,"d":"17,056"},{"v":14497.712789333333,"d":"14,498"},{"v":0.7046652595099386,"d":"70.5%"},{"v":43493.138368,"d":"43,493"},{"$f":"IF($B$15=\"Yes\",MIN(S832*2,References!$B$7),0)","v":{"v":28995.425578666665,"d":"28,995"}},{"$f":"IF(AND(D832<>0,$B$16=\"Yes\"),References!$B$6,0)","v":{"v":100000,"d":"100,000"}},{"v":2558.4199040000003,"d":"2,558"},{"v":14261.22,"d":"14,261"},{"v":1901.496,"d":"1,901"},{"v":16162.716,"d":"16,163"},{"v":21867.203999999998,"d":"21,867"},{"$f":"(M832*12-(VLOOKUP(AB832*12,'Tax table'!$A$3:$C$10,3)*(AB832*12-VLOOKUP(AB832*12,'Tax table'!$A$3:$C$10,1))+VLOOKUP(AB832*12,'Tax table'!$A$3:$C$10,2)))/12","v":{"v":20573.90029333333,"d":"20,574"}},{"v":16162.716,"d":"16,163"},{"v":0.7855931918381704,"d":"78.6%"}]
["Member 1483","1988-09-15","M",{"v":228179.52,"d":"228,180"},{"v":0.8,"d":"80%"},{"v":0.85,"d":"85%"},{"v":0.75,"d":"75%"},{"v":0.1,"d":"10%"},null,30,{"v":19014.96,"d":"19,015"},{"v":1901.496,"d":"1,901"},{"v":23768.699999999997,"d":"23,769"},{"v":21867.203999999998,"d":"21,867"},{"$f":"(M833*12-(VLOOKUP(N833*12,'Tax table'!$A$3:$C$10,3)*(N833*12-VLOOKUP(N833*12,'Tax table'!$A$3:$C$10,1))+VLOOKUP(N833*12,'Tax table'!$A$3:$C$10,2)))/12","v":{"v":20573.90029333333,"d":"20,574"}},{"v":17113.464,"d":"17,113"},{"$f":"(VLOOKUP(P833*12,'Tax table'!$A$3:$C$10,3)*(P833*12-VLOOKUP(P833*12,'Tax table'!$A$3:$C$10,1))+VLOOKUP(P833*12,'Tax table'!$A$3:$C$10,2))/12","v":{"v":1958.8273066666668,"d":"1,959"}},{"v":17056.132693333333,"d":"17,056"},{"v":14497.712789333333,"d":"14,498"},{"v":0.7046652595099386,"d":"70.5%"},{"v":43493.138368,"d":"43,493"},{"$f":"IF($B$15=\"Yes\",MIN(S833*2,References!$B$7),0)","v":{"v":28995.425578666665,"d":"28,995"}},{"$f":"IF(AND(D833<>0,$B$16=\"Yes\"),References!$B$6,0)","v":{"v":100000,"d":"100,000"}},{"v":2558.4199040000003,"d":"2,558"},{"v":14261.22,"d":"14,261"},{"v":1901.496,"d":"1,901"},{"v":16162.716,"d":"16,163"},{"v":21867.203999999998,"d":"21,867"},{"$f":"(M833*12-(VLOOKUP(AB833*12,'Tax table'!$A$3:$C$10,3)*(AB833*12-VLOOKUP(AB833*12,'Tax table'!$A$3:$C$10,1))+VLOOKUP(AB833*12,'Tax table'!$A$3:$C$10,2)))/12","v":{"v":20573.90029333333,"d":"20,574"}},{"v":16162.716,"d":"16,163"},{"v":0.7855931918381704,"d":"78.6%"}]
["Member 1484","1987-12-12","F",{"v":228179.52,"d":"228,180"},{"v":0.8,"d":"80%"},{"v":0.85,"d":"85%"},{"v":0.75,"d":"75%"},{"v":0.1,"d":"10%"},null,30,{"v":19014.96,"d":"19,015"},{"v":1901.496,"d":"1,901"},{"v":23768.699999999997,"d":"23,769"},{"v":21867.203999999998,"d":"21,867"},{"$f":"(M834*12-(VLOOKUP(N834*12,'Tax table'!$A$3:$C$10,3)*(N834*12-VLOOKUP(N834*12,'Tax table'!$A$3:$C$10,1))+VLOOKUP(N834*12,'Tax table'!$A$3:$C$10,2)))/12","v":{"v":20573.90029333333,"d":"20,574"}},{"v":17113.464,"d":"17,113"},{"$f":"(VLOOKUP(P834*12,'Tax table'!$A$3:$C$10,3)*(P834*12-VLOOKUP(P834*12,'Tax table'!$A$3:$C$10,1))+VLOOKUP(P834*12,'Tax table'!$A$3:$C$10,2))/12","v":{"v":1958.8273066666668,"d":"1,959"}},{"v":17056.132693333333,"d":"17,056"},{"v":14497.712789333333,"d":"14,498"},{"v":0.7046652595099386,"d":"70.5%"},{"v":43493.138368,"d":"43,493"},{"$f":"IF($B$15=\"Yes\",MIN(S834*2,References!$B$7),0)","v":{"v":28995.425578666665,"d":"28,995"}},{"$f":"IF(AND(D834<>0,$B$16=\"Yes\"),References!$B$6,0)","v":{"v":100000,"d":"100,000"}},{"v":2558.4199040000003,"d":"2,558"},{"v":14261.22,"d":"14,261"},{"v":1901.496,"d":"1,901"},{"v":16162.716,"d":"16,163"},{"v":21867.203999999998,"d":"21,867"},{"$f":"(M834*12-(VLOOKUP(AB834*12,'Tax table'!$A$3:$C$10,3)*(AB834*12-VLOOKUP(AB834*12,'Tax table'!$A$3:$C$10,1))+VLOOKUP(AB834*12,'Tax table'!$A$3:$C$10,2)))/12","v":{"v":20573.90029333333,"d":"20,574"}},{"v":16162.716,"d":"16,163"},{"v":0.7855931918381704,"d":"78.6%"}]
["Member 1485","1989-09-28","M",{"v":228179.52,"d":"228,180"},{"v":0.8,"d":"80%"},{"v":0.85,"d":"85%"},{"v":0.75,"d":"75%"},{"v":0.1,"d":"10%"},null,29,{"v":19014.96,"d":"19,015"},{"v":1901.496,"d":"1,901"},{"v":23768.699999999997,"d":"23,769"},{"v":21867.203999999998,"d":"21,867"},{"$f":"(M835*12-(VLOOKUP(N835*12,'Tax table'!$A$3:$C$10,3)*(N835*12-VLOOKUP(N835*12,'Tax table'!$A$3:$C$10,1))+VLOOKUP(N835*12,'Tax table'!$A$3:$C$10,2)))/12","v":{"v":20573.90029333333,"d":"20,574"}},{"v":17113.464,"d":"17,113"},{"$f":"(VLOOKUP(P835*12,'Tax table'!$A$3:$C$10,3)*(P835*12-VLOOKUP(P835*12,'Tax table'!$A$3:$C$10,1))+VLOOKUP(P835*12,'Tax table'!$A$3:$C$10,2))/12","v":{"v":1958.8273066666668,"d":"1,959"}},{"v":17056.132693333333,"d":"17,056"},{"v":14497.712789333333,"d":"14,498"},{"v":0.7046652595099386,"d":"70.5%"},{"v":43493.138368,"d":"43,493"},{"$f":"IF($B$15=\"Yes\",MIN(S835*2,References!$B$7),0)","v":{"v":28995.425578666665,"d":"28,995"}},{"$f":"IF(AND(D835<>0,$B$16=\"Yes\"),References!$B$6,0)","v":{"v":100000,"d":"100,000"}},{"v":2558.4199040000003,"d":"2,558"},{"v":14261.22,"d":"14,261"},{"v":1901.496,"d":"1,901"},{"v":16162.716,"d":"16,163"},{"v":21867.203999999998,"d":"21,867"},{"$f":"(M835*12-(VLOOKUP(AB835*12,'Tax table'!$A$3:$C$10,3)*(AB835*12-VLOOKUP(AB835*12,'Tax table'!$A$3:$C$10,1))+VLOOKUP(AB835*12,'Tax table'!$A$3:$C$10,2)))/12","v":{"v":20573.90029333333,"d":"20,574"}},{"v":16162.716,"d":"16,163"},{"v":0.7855931918381704,"d":"78.6%"}]
["Member 1486","1980-10-01","M",{"v":228179.52,"d":"228,180"},{"v":0.8,"d":"80%"},{"v":0.85,"d":"85%"},{"v":0.75,"d":"75%"},{"v":0.1,"d":"10%"},null,38,{"v":19014.96,"d":"19,015"},{"v":1901.496,"d":"1,901"},{"v":23768.699999999997,"d":"23,769"},{"v":21867.203999999998,"d":"21,867"},{"$f":"(M836*12-(VLOOKUP(N836*12,'Tax table'!$A$3:$C$10,3)*(N836*12-VLOOKUP(N836*12,'Tax table'!$A$3:$C$10,1))+VLOOKUP(N836*12,'Tax table'!$A$3:$C$10,2)))/12","v":{"v":20573.90029333333,"d":"20,574"}},{"v":17113.464,"d":"17,113"},{"$f":"(VLOOKUP(P836*12,'Tax table'!$A$3:$C$10,3)*(P836*12-VLOOKUP(P836*12,'Tax table'!$A$3:$C$10,1))+VLOOKUP(P836*12,'Tax table'!$A$3:$C$10,2))/12","v":{"v":1958.8273066666668,"d":"1,959"}},{"v":17056.132693333333,"d":"17,056"},{"v":14497.712789333333,"d":"14,498"},{"v":0.7046652595099386,"d":"70.5%"},{"v":43493.138368,"d":"43,493"},{"$f":"IF($B$15=\"Yes\",MIN(S836*2,References!$B$7),0)","v":{"v":28995.425578666665,"d":"28,995"}},{"$f":"IF(AND(D836<>0,$B$16=\"Yes\"),References!$B$6,0)","v":{"v":100000,"d":"100,000"}},{"v":2558.4199040000003,"d":"2,558"},{"v":14261.22,"d":"14,261"},{"v":1901.496,"d":"1,901"},{"v":16162.716,"d":"16,163"},{"v":21867.203999999998,"d":"21,867"},{"$f":"(M836*12-(VLOOKUP(AB836*12,'Tax table'!$A$3:$C$10,3)*(AB836*12-VLOOKUP(AB836*12,'Tax table'!$A$3:$C$10,1))+VLOOKUP(AB836*12,'Tax table'!$A$3:$C$10,2)))/12","v":{"v":20573.90029333333,"d":"20,574"}},{"v":16162.716,"d":"16,163"},{"v":0.7855931918381704,"d":"78.6%"}]
["Member 1487","1982-10-03","M",{"v":228179.52,"d":"228,180"},{"v":0.8,"d":"80%"},{"v":0.85,"d":"85%"},{"v":0.75,"d":"75%"},{"v":0.1,"d":"10%"},null,36,{"v":19014.96,"d":"19,015"},{"v":1901.496,"d":"1,901"},{"v":23768.699999999997,"d":"23,769"},{"v":21867.203999999998,"d":"21,867"},{"$f":"(M837*12-(VLOOKUP(N837*12,'Tax table'!$A$3:$C$10,3)*(N837*12-VLOOKUP(N837*12,'Tax table'!$A$3:$C$10,1))+VLOOKUP(N837*12,'Tax table'!$A$3:$C$10,2)))/12","v":{"v":20573.90029333333,"d":"20,574"}},{"v":17113.464,"d":"17,113"},{"$f":"(VLOOKUP(P837*12,'Tax table'!$A$3:$C$10,3)*(P837*12-VLOOKUP(P837*12,'Tax table'!$A$3:$C$10,1))+VLOOKUP(P837*12,'Tax table'!$A$3:$C$10,2))/12","v":{"v":1958.8273066666668,"d":"1,959"}},{"v":17056.132693333333,"d":"17,056"},{"v":14497.712789333333,"d":"14,498"},{"v":0.7046652595099386,"d":"70.5%"},{"v":43493.138368,"d":"43,493"},{"$f":"IF($B$15=\"Yes\",MIN(S837*2,References!$B$7),0)","v":{"v":28995.425578666665,"d":"28,995"}},{"$f":"IF(AND(D837<>0,$B$16=\"Yes\"),References!$B$6,0)","v":{"v":100000,"d":"100,000"}},{"v":2558.4199040000003,"d":"2,558"},{"v":14261.22,"d":"14,261"},{"v":1901.496,"d":"1,901"},{"v":16162.716,"d":"16,163"},{"v":21867.203999999998,"d":"21,867"},{"$f":"(M837*12-(VLOOKUP(AB837*12,'Tax table'!$A$3:$C$10,3)*(AB837*12-VLOOKUP(AB837*12,'Tax table'!$A$3:$C$10,1))+VLOOKUP(AB837*12,'Tax table'!$A$3:$C$10,2)))/12","v":{"v":20573.90029333333,"d":"20,574"}},{"v":16162.716,"d":"16,163"},{"v":0.7855931918381704,"d":"78.6%"}]
["Member 1488","1988-08-29","F",{"v":228179.52,"d":"228,180"},{"v":0.8,"d":"80%"},{"v":0.85,"d":"85%"},{"v":0.75,"d":"75%"},{"v":0.1,"d":"10%"},null,30,{"v":19014.96,"d":"19,015"},{"v":1901.496,"d":"1,901"},{"v":23768.699999999997,"d":"23,769"},{"v":21867.203999999998,"d":"21,867"},{"$f":"(M838*12-(VLOOKUP(N838*12,'Tax table'!$A$3:$C$10,3)*(N838*12-VLOOKUP(N838*12,'Tax table'!$A$3:$C$10,1))+VLOOKUP(N838*12,'Tax table'!$A$3:$C$10,2)))/12","v":{"v":20573.90029333333,"d":"20,574"}},{"v":17113.464,"d":"17,113"},{"$f":"(VLOOKUP(P838*12,'Tax table'!$A$3:$C$10,3)*(P838*12-VLOOKUP(P838*12,'Tax table'!$A$3:$C$10,1))+VLOOKUP(P838*12,'Tax table'!$A$3:$C$10,2))/12","v":{"v":1958.8273066666668,"d":"1,959"}},{"v":17056.132693333333,"d":"17,056"},{"v":14497.712789333333,"d":"14,498"},{"v":0.7046652595099386,"d":"70.5%"},{"v":43493.138368,"d":"43,493"},{"$f":"IF($B$15=\"Yes\",MIN(S838*2,References!$B$7),0)","v":{"v":28995.425578666665,"d":"28,995"}},{"$f":"IF(AND(D838<>0,$B$16=\"Yes\"),References!$B$6,0)","v":{"v":100000,"d":"100,000"}},{"v":2558.4199040000003,"d":"2,558"},{"v":14261.22,"d":"14,261"},{"v":1901.496,"d":"1,901"},{"v":16162.716,"d":"16,163"},{"v":21867.203999999998,"d":"21,867"},{"$f":"(M838*12-(VLOOKUP(AB838*12,'Tax table'!$A$3:$C$10,3)*(AB838*12-VLOOKUP(AB838*12,'Tax table'!$A$3:$C$10,1))+VLOOKUP(AB838*12,'Tax table'!$A$3:$C$10,2)))/12","v":{"v":20573.90029333333,"d":"20,574"}},{"v":16162.716,"d":"16,163"},{"v":0.7855931918381704,"d":"78.6%"}]
["Member 1489","1978-03-25","M",{"v":228179.52,"d":"228,180"},{"v":0.8,"d":"80%"},{"v":0.85,"d":"85%"},{"v":0.75,"d":"75%"},{"v":0.1,"d":"10%"},null,40,{"v":19014.96,"d":"19,015"},{"v":1901.496,"d":"1,901"},{"v":23768.699999999997,"d":"23,769"},{"v":21867.203999999998,"d":"21,867"},{"$f":"(M839*12-(VLOOKUP(N839*12,'Tax table'!$A$3:$C$10,3)*(N839*12-VLOOKUP(N839*12,'Tax table'!$A$3:$C$10,1))+VLOOKUP(N839*12,'Tax table'!$A$3:$C$10,2)))/12","v":{"v":20573.90029333333,"d":"20,574"}},{"v":17113.464,"d":"17,113"},{"$f":"(VLOOKUP(P839*12,'Tax table'!$A$3:$C$10,3)*(P839*12-VLOOKUP(P839*12,'Tax table'!$A$3:$C$10,1))+VLOOKUP(P839*12,'Tax table'!$A$3:$C$10,2))/12","v":{"v":1958.8273066666668,"d":"1,959"}},{"v":17056.132693333333,"d":"17,056"},{"v":14497.712789333333,"d":"14,498"},{"v":0.7046652595099386,"d":"70.5%"},{"v":43493.138368,"d":"43,493"},{"$f":"IF($B$15=\"Yes\",MIN(S839*2,References!$B$7),0)","v":{"v":28995.425578666665,"d":"28,995"}},{"$f":"IF(AND(D839<>0,$B$16=\"Yes\"),References!$B$6,0)","v":{"v":100000,"d":"100,000"}},{"v":2558.4199040000003,"d":"2,558"},{"v":14261.22,"d":"14,261"},{"v":1901.496,"d":"1,901"},{"v":16162.716,"d":"16,163"},{"v":21867.203999999998,"d":"21,867"},{"$f":"(M839*12-(VLOOKUP(AB839*12,'Tax table'!$A$3:$C$10,3)*(AB839*12-VLOOKUP(AB839*12,'Tax table'!$A$3:$C$10,1))+VLOOKUP(AB839*12,'Tax table'!$A$3:$C$10,2)))/12","v":{"v":20573.90029333333,"d":"20,574"}},{"v":16162.716,"d":"16,163"},{"v":0.7855931918381704,"d":"78.6%"}]
["Member 1490","1966-11-29","F",{"v":228179.52,"d":"228,180"},{"v":0.8,"d":"80%"},{"v":0.85,"d":"85%"},{"v":0.75,"d":"75%"},{"v":0.1,"d":"10%"},null,51,{"v":19014.96,"d":"19,015"},{"v":1901.496,"d":"1,901"},{"v":23768.699999999997,"d":"23,769"},{"v":21867.203999999998,"d":"21,867"},{"$f":"(M840*12-(VLOOKUP(N840*12,'Tax table'!$A$3:$C$10,3)*(N840*12-VLOOKUP(N840*12,'Tax table'!$A$3:$C$10,1))+VLOOKUP(N840*12,'Tax table'!$A$3:$C$10,2)))/12","v":{"v":20573.90029333333,"d":"20,574"}},{"v":17113.464,"d":"17,113"},{"$f":"(VLOOKUP(P840*12,'Tax table'!$A$3:$C$10,3)*(P840*12-VLOOKUP(P840*12,'Tax table'!$A$3:$C$10,1))+VLOOKUP(P840*12,'Tax table'!$A$3:$C$10,2))/12","v":{"v":1958.8273066666668,"d":"1,959"}},{"v":17056.132693333333,"d":"17,056"},{"v":14497.712789333333,"d":"14,498"},{"v":0.7046652595099386,"d":"70.5%"},{"v":43493.138368,"d":"43,493"},{"$f":"IF($B$15=\"Yes\",MIN(S840*2,References!$B$7),0)","v":{"v":28995.425578666665,"d":"28,995"}},{"$f":"IF(AND(D840<>0,$B$16=\"Yes\"),References!$B$6,0)","v":{"v":100000,"d":"100,000"}},{"v":2558.4199040000003,"d":"2,558"},{"v":14261.22,"d":"14,261"},{"v":1901.496,"d":"1,901"},{"v":16162.716,"d":"16,163"},{"v":21867.203999999998,"d":"21,867"},{"$f":"(M840*12-(VLOOKUP(AB840*12,'Tax table'!$A$3:$C$10,3)*(AB840*12-VLOOKUP(AB840*12,'Tax table'!$A$3:$C$10,1))+VLOOKUP(AB840*12,'Tax table'!$A$3:$C$10,2)))/12","v":{"v":20573.90029333333,"d":"20,574"}},{"v":16162.716,"d":"16,163"},{"v":0.7855931918381704,"d":"78.6%"}]
["Member 1491","1988-02-25","M",{"v":228179.52,"d":"228,180"},{"v":0.8,"d":"80%"},{"v":0.85,"d":"85%"},{"v":0.75,"d":"75%"},{"v":0.1,"d":"10%"},null,30,{"v":19014.96,"d":"19,015"},{"v":1901.496,"d":"1,901"},{"v":23768.699999999997,"d":"23,769"},{"v":21867.203999999998,"d":"21,867"},{"$f":"(M841*12-(VLOOKUP(N841*12,'Tax table'!$A$3:$C$10,3)*(N841*12-VLOOKUP(N841*12,'Tax table'!$A$3:$C$10,1))+VLOOKUP(N841*12,'Tax table'!$A$3:$C$10,2)))/12","v":{"v":20573.90029333333,"d":"20,574"}},{"v":17113.464,"d":"17,113"},{"$f":"(VLOOKUP(P841*12,'Tax table'!$A$3:$C$10,3)*(P841*12-VLOOKUP(P841*12,'Tax table'!$A$3:$C$10,1))+VLOOKUP(P841*12,'Tax table'!$A$3:$C$10,2))/12","v":{"v":1958.8273066666668,"d":"1,959"}},{"v":17056.132693333333,"d":"17,056"},{"v":14497.712789333333,"d":"14,498"},{"v":0.7046652595099386,"d":"70.5%"},{"v":43493.138368,"d":"43,493"},{"$f":"IF($B$15=\"Yes\",MIN(S841*2,References!$B$7),0)","v":{"v":28995.425578666665,"d":"28,995"}},{"$f":"IF(AND(D841<>0,$B$16=\"Yes\"),References!$B$6,0)","v":{"v":100000,"d":"100,000"}},{"v":2558.4199040000003,"d":"2,558"},{"v":14261.22,"d":"14,261"},{"v":1901.496,"d":"1,901"},{"v":16162.716,"d":"16,163"},{"v":21867.203999999998,"d":"21,867"},{"$f":"(M841*12-(VLOOKUP(AB841*12,'Tax table'!$A$3:$C$10,3)*(AB841*12-VLOOKUP(AB841*12,'Tax table'!$A$3:$C$10,1))+VLOOKUP(AB841*12,'Tax table'!$A$3:$C$10,2)))/12","v":{"v":20573.90029333333,"d":"20,574"}},{"v":16162.716,"d":"16,163"},{"v":0.7855931918381704,"d":"78.6%"}]
["Member 1492","1985-02-10","F",{"v":228179.52,"d":"228,180"},{"v":0.8,"d":"80%"},{"v":0.85,"d":"85%"},{"v":0.75,"d":"75%"},{"v":0.1,"d":"10%"},null,33,{"v":19014.96,"d":"19,015"},{"v":1901.496,"d":"1,901"},{"v":23768.699999999997,"d":"23,769"},{"v":21867.203999999998,"d":"21,867"},{"$f":"(M842*12-(VLOOKUP(N842*12,'Tax table'!$A$3:$C$10,3)*(N842*12-VLOOKUP(N842*12,'Tax table'!$A$3:$C$10,1))+VLOOKUP(N842*12,'Tax table'!$A$3:$C$10,2)))/12","v":{"v":20573.90029333333,"d":"20,574"}},{"v":17113.464,"d":"17,113"},{"$f":"(VLOOKUP(P842*12,'Tax table'!$A$3:$C$10,3)*(P842*12-VLOOKUP(P842*12,'Tax table'!$A$3:$C$10,1))+VLOOKUP(P842*12,'Tax table'!$A$3:$C$10,2))/12","v":{"v":1958.8273066666668,"d":"1,959"}},{"v":17056.132693333333,"d":"17,056"},{"v":14497.712789333333,"d":"14,498"},{"v":0.7046652595099386,"d":"70.5%"},{"v":43493.138368,"d":"43,493"},{"$f":"IF($B$15=\"Yes\",MIN(S842*2,References!$B$7),0)","v":{"v":28995.425578666665,"d":"28,995"}},{"$f":"IF(AND(D842<>0,$B$16=\"Yes\"),References!$B$6,0)","v":{"v":100000,"d":"100,000"}},{"v":2558.4199040000003,"d":"2,558"},{"v":14261.22,"d":"14,261"},{"v":1901.496,"d":"1,901"},{"v":16162.716,"d":"16,163"},{"v":21867.203999999998,"d":"21,867"},{"$f":"(M842*12-(VLOOKUP(AB842*12,'Tax table'!$A$3:$C$10,3)*(AB842*12-VLOOKUP(AB842*12,'Tax table'!$A$3:$C$10,1))+VLOOKUP(AB842*12,'Tax table'!$A$3:$C$10,2)))/12","v":{"v":20573.90029333333,"d":"20,574"}},{"v":16162.716,"d":"16,163"},{"v":0.7855931918381704,"d":"78.6%"}]
["Member 1493","1986-11-22","M",{"v":228179.52,"d":"228,180"},{"v":0.8,"d":"80%"},{"v":0.85,"d":"85%"},{"v":0.75,"d":"75%"},{"v":0.1,"d":"10%"},null,31,{"v":19014.96,"d":"19,015"},{"v":1901.496,"d":"1,901"},{"v":23768.699999999997,"d":"23,769"},{"v":21867.203999999998,"d":"21,867"},{"$f":"(M843*12-(VLOOKUP(N843*12,'Tax table'!$A$3:$C$10,3)*(N843*12-VLOOKUP(N843*12,'Tax table'!$A$3:$C$10,1))+VLOOKUP(N843*12,'Tax table'!$A$3:$C$10,2)))/12","v":{"v":20573.90029333333,"d":"20,574"}},{"v":17113.464,"d":"17,113"},{"$f":"(VLOOKUP(P843*12,'Tax table'!$A$3:$C$10,3)*(P843*12-VLOOKUP(P843*12,'Tax table'!$A$3:$C$10,1))+VLOOKUP(P843*12,'Tax table'!$A$3:$C$10,2))/12","v":{"v":1958.8273066666668,"d":"1,959"}},{"v":17056.132693333333,"d":"17,056"},{"v":14497.712789333333,"d":"14,498"},{"v":0.7046652595099386,"d":"70.5%"},{"v":43493.138368,"d":"43,493"},{"$f":"IF($B$15=\"Yes\",MIN(S843*2,References!$B$7),0)","v":{"v":28995.425578666665,"d":"28,995"}},{"$f":"IF(AND(D843<>0,$B$16=\"Yes\"),References!$B$6,0)","v":{"v":100000,"d":"100,000"}},{"v":2558.4199040000003,"d":"2,558"},{"v":14261.22,"d":"14,261"},{"v":1901.496,"d":"1,901"},{"v":16162.716,"d":"16,163"},{"v":21867.203999999998,"d":"21,867"},{"$f":"(M843*12-(VLOOKUP(AB843*12,'Tax table'!$A$3:$C$10,3)*(AB843*12-VLOOKUP(AB843*12,'Tax table'!$A$3:$C$10,1))+VLOOKUP(AB843*12,'Tax table'!$A$3:$C$10,2)))/12","v":{"v":20573.90029333333,"d":"20,574"}},{"v":16162.716,"d":"16,163"},{"v":0.7855931918381704,"d":"78.6%"}]
["Member 1494","1985-01-17","M",{"v":228179.52,"d":"228,180"},{"v":0.8,"d":"80%"},{"v":0.85,"d":"85%"},{"v":0.75,"d":"75%"},{"v":0.1,"d":"10%"},null,33,{"v":19014.96,"d":"19,015"},{"v":1901.496,"d":"1,901"},{"v":23768.699999999997,"d":"23,769"},{"v":21867.203999999998,"d":"21,867"},{"$f":"(M844*12-(VLOOKUP(N844*12,'Tax table'!$A$3:$C$10,3)*(N844*12-VLOOKUP(N844*12,'Tax table'!$A$3:$C$10,1))+VLOOKUP(N844*12,'Tax table'!$A$3:$C$10,2)))/12","v":{"v":20573.90029333333,"d":"20,574"}},{"v":17113.464,"d":"17,113"},{"$f":"(VLOOKUP(P844*12,'Tax table'!$A$3:$C$10,3)*(P844*12-VLOOKUP(P844*12,'Tax table'!$A$3:$C$10,1))+VLOOKUP(P844*12,'Tax table'!$A$3:$C$10,2))/12","v":{"v":1958.8273066666668,"d":"1,959"}},{"v":17056.132693333333,"d":"17,056"},{"v":14497.712789333333,"d":"14,498"},{"v":0.7046652595099386,"d":"70.5%"},{"v":43493.138368,"d":"43,493"},{"$f":"IF($B$15=\"Yes\",MIN(S844*2,References!$B$7),0)","v":{"v":28995.425578666665,"d":"28,995"}},{"$f":"IF(AND(D844<>0,$B$16=\"Yes\"),References!$B$6,0)","v":{"v":100000,"d":"100,000"}},{"v":2558.4199040000003,"d":"2,558"},{"v":14261.22,"d":"14,261"},{"v":1901.496,"d":"1,901"},{"v":16162.716,"d":"16,163"},{"v":21867.203999999998,"d":"21,867"},{"$f":"(M844*12-(VLOOKUP(AB844*12,'Tax table'!$A$3:$C$10,3)*(AB844*12-VLOOKUP(AB844*12,'Tax table'!$A$3:$C$10,1))+VLOOKUP(AB844*12,'Tax table'!$A$3:$C$10,2)))/12","v":{"v":20573.90029333333,"d":"20,574"}},{"v":16162.716,"d":"16,163"},{"v":0.7855931918381704,"d":"78.6%"}]
["Member 1495","1991-01-25","M",{"v":228179.52,"d":"228,180"},{"v":0.8,"d":"80%"},{"v":0.85,"d":"85%"},{"v":0.75,"d":"75%"},{"v":0.1,"d":"10%"},null,27,{"v":19014.96,"d":"19,015"},{"v":1901.496,"d":"1,901"},{"v":23768.699999999997,"d":"23,769"},{"v":21867.203999999998,"d":"21,867"},{"$f":"(M845*12-(VLOOKUP(N845*12,'Tax table'!$A$3:$C$10,3)*(N845*12-VLOOKUP(N845*12,'Tax table'!$A$3:$C$10,1))+VLOOKUP(N845*12,'Tax table'!$A$3:$C$10,2)))/12","v":{"v":20573.90029333333,"d":"20,574"}},{"v":17113.464,"d":"17,113"},{"$f":"(VLOOKUP(P845*12,'Tax table'!$A$3:$C$10,3)*(P845*12-VLOOKUP(P845*12,'Tax table'!$A$3:$C$10,1))+VLOOKUP(P845*12,'Tax table'!$A$3:$C$10,2))/12","v":{"v":1958.8273066666668,"d":"1,959"}},{"v":17056.132693333333,"d":"17,056"},{"v":14497.712789333333,"d":"14,498"},{"v":0.7046652595099386,"d":"70.5%"},{"v":43493.138368,"d":"43,493"},{"$f":"IF($B$15=\"Yes\",MIN(S845*2,References!$B$7),0)","v":{"v":28995.425578666665,"d":"28,995"}},{"$f":"IF(AND(D845<>0,$B$16=\"Yes\"),References!$B$6,0)","v":{"v":100000,"d":"100,000"}},{"v":2558.4199040000003,"d":"2,558"},{"v":14261.22,"d":"14,261"},{"v":1901.496,"d":"1,901"},{"v":16162.716,"d":"16,163"},{"v":21867.203999999998,"d":"21,867"},{"$f":"(M845*12-(VLOOKUP(AB845*12,'Tax table'!$A$3:$C$10,3)*(AB845*12-VLOOKUP(AB845*12,'Tax table'!$A$3:$C$10,1))+VLOOKUP(AB845*12,'Tax table'!$A$3:$C$10,2)))/12","v":{"v":20573.90029333333,"d":"20,574"}},{"v":16162.716,"d":"16,163"},{"v":0.7855931918381704,"d":"78.6%"}]
["Member 1496","1987-07-15","M",{"v":228179.52,"d":"228,180"},{"v":0.8,"d":"80%"},{"v":0.85,"d":"85%"},{"v":0.75,"d":"75%"},{"v":0.1,"d":"10%"},null,31,{"v":19014.96,"d":"19,015"},{"v":1901.496,"d":"1,901"},{"v":23768.699999999997,"d":"23,769"},{"v":21867.203999999998,"d":"21,867"},{"$f":"(M846*12-(VLOOKUP(N846*12,'Tax table'!$A$3:$C$10,3)*(N846*12-VLOOKUP(N846*12,'Tax table'!$A$3:$C$10,1))+VLOOKUP(N846*12,'Tax table'!$A$3:$C$10,2)))/12","v":{"v":20573.90029333333,"d":"20,574"}},{"v":17113.464,"d":"17,113"},{"$f":"(VLOOKUP(P846*12,'Tax table'!$A$3:$C$10,3)*(P846*12-VLOOKUP(P846*12,'Tax table'!$A$3:$C$10,1))+VLOOKUP(P846*12,'Tax table'!$A$3:$C$10,2))/12","v":{"v":1958.8273066666668,"d":"1,959"}},{"v":17056.132693333333,"d":"17,056"},{"v":14497.712789333333,"d":"14,498"},{"v":0.7046652595099386,"d":"70.5%"},{"v":43493.138368,"d":"43,493"},{"$f":"IF($B$15=\"Yes\",MIN(S846*2,References!$B$7),0)","v":{"v":28995.425578666665,"d":"28,995"}},{"$f":"IF(AND(D846<>0,$B$16=\"Yes\"),References!$B$6,0)","v":{"v":100000,"d":"100,000"}},{"v":2558.4199040000003,"d":"2,558"},{"v":14261.22,"d":"14,261"},{"v":1901.496,"d":"1,901"},{"v":16162.716,"d":"16,163"},{"v":21867.203999999998,"d":"21,867"},{"$f":"(M846*12-(VLOOKUP(AB846*12,'Tax table'!$A$3:$C$10,3)*(AB846*12-VLOOKUP(AB846*12,'Tax table'!$A$3:$C$10,1))+VLOOKUP(AB846*12,'Tax table'!$A$3:$C$10,2)))/12","v":{"v":20573.90029333333,"d":"20,574"}},{"v":16162.716,"d":"16,163"},{"v":0.7855931918381704,"d":"78.6%"}]
["Member 1497","1992-03-26","F",{"v":228179.52,"d":"228,180"},{"v":0.8,"d":"80%"},{"v":0.85,"d":"85%"},{"v":0.75,"d":"75%"},{"v":0.1,"d":"10%"},null,26,{"v":19014.96,"d":"19,015"},{"v":1901.496,"d":"1,901"},{"v":23768.699999999997,"d":"23,769"},{"v":21867.203999999998,"d":"21,867"},{"$f":"(M847*12-(VLOOKUP(N847*12,'Tax table'!$A$3:$C$10,3)*(N847*12-VLOOKUP(N847*12,'Tax table'!$A$3:$C$10,1))+VLOOKUP(N847*12,'Tax table'!$A$3:$C$10,2)))/12","v":{"v":20573.90029333333,"d":"20,574"}},{"v":17113.464,"d":"17,113"},{"$f":"(VLOOKUP(P847*12,'Tax table'!$A$3:$C$10,3)*(P847*12-VLOOKUP(P847*12,'Tax table'!$A$3:$C$10,1))+VLOOKUP(P847*12,'Tax table'!$A$3:$C$10,2))/12","v":{"v":1958.8273066666668,"d":"1,959"}},{"v":17056.132693333333,"d":"17,056"},{"v":14497.712789333333,"d":"14,498"},{"v":0.7046652595099386,"d":"70.5%"},{"v":43493.138368,"d":"43,493"},{"$f":"IF($B$15=\"Yes\",MIN(S847*2,References!$B$7),0)","v":{"v":28995.425578666665,"d":"28,995"}},{"$f":"IF(AND(D847<>0,$B$16=\"Yes\"),References!$B$6,0)","v":{"v":100000,"d":"100,000"}},{"v":2558.4199040000003,"d":"2,558"},{"v":14261.22,"d":"14,261"},{"v":1901.496,"d":"1,901"},{"v":16162.716,"d":"16,163"},{"v":21867.203999999998,"d":"21,867"},{"$f":"(M847*12-(VLOOKUP(AB847*12,'Tax table'!$A$3:$C$10,3)*(AB847*12-VLOOKUP(AB847*12,'Tax table'!$A$3:$C$10,1))+VLOOKUP(AB847*12,'Tax table'!$A$3:$C$10,2)))/12","v":{"v":20573.90029333333,"d":"20,574"}},{"v":16162.716,"d":"16,163"},{"v":0.7855931918381704,"d":"78.6%"}]
["Member 1498","1990-01-18","F",{"v":228179.52,"d":"228,180"},{"v":0.8,"d":"80%"},{"v":0.85,"d":"85%"},{"v":0.75,"d":"75%"},{"v":0.1,"d":"10%"},null,28,{"v":19014.96,"d":"19,015"},{"v":1901.496,"d":"1,901"},{"v":23768.699999999997,"d":"23,769"},{"v":21867.203999999998,"d":"21,867"},{"$f":"(M848*12-(VLOOKUP(N848*12,'Tax table'!$A$3:$C$10,3)*(N848*12-VLOOKUP(N848*12,'Tax table'!$A$3:$C$10,1))+VLOOKUP(N848*12,'Tax table'!$A$3:$C$10,2)))/12","v":{"v":20573.90029333333,"d":"20,574"}},{"v":17113.464,"d":"17,113"},{"$f":"(VLOOKUP(P848*12,'Tax table'!$A$3:$C$10,3)*(P848*12-VLOOKUP(P848*12,'Tax table'!$A$3:$C$10,1))+VLOOKUP(P848*12,'Tax table'!$A$3:$C$10,2))/12","v":{"v":1958.8273066666668,"d":"1,959"}},{"v":17056.132693333333,"d":"17,056"},{"v":14497.712789333333,"d":"14,498"},{"v":0.7046652595099386,"d":"70.5%"},{"v":43493.138368,"d":"43,493"},{"$f":"IF($B$15=\"Yes\",MIN(S848*2,References!$B$7),0)","v":{"v":28995.425578666665,"d":"28,995"}},{"$f":"IF(AND(D848<>0,$B$16=\"Yes\"),References!$B$6,0)","v":{"v":100000,"d":"100,000"}},{"v":2558.4199040000003,"d":"2,558"},{"v":14261.22,"d":"14,261"},{"v":1901.496,"d":"1,901"},{"v":16162.716,"d":"16,163"},{"v":21867.203999999998,"d":"21,867"},{"$f":"(M848*12-(VLOOKUP(AB848*12,'Tax table'!$A$3:$C$10,3)*(AB848*12-VLOOKUP(AB848*12,'Tax table'!$A$3:$C$10,1))+VLOOKUP(AB848*12,'Tax table'!$A$3:$C$10,2)))/12","v":{"v":20573.90029333333,"d":"20,574"}},{"v":16162.716,"d":"16,163"},{"v":0.7855931918381704,"d":"78.6%"}]
["Member 1499","1986-03-21","F",{"v":228179.52,"d":"228,180"},{"v":0.8,"d":"80%"},{"v":0.85,"d":"85%"},{"v":0.75,"d":"75%"},{"v":0.1,"d":"10%"},null,32,{"v":19014.96,"d":"19,015"},{"v":1901.496,"d":"1,901"},{"v":23768.699999999997,"d":"23,769"},{"v":21867.203999999998,"d":"21,867"},{"$f":"(M849*12-(VLOOKUP(N849*12,'Tax table'!$A$3:$C$10,3)*(N849*12-VLOOKUP(N849*12,'Tax table'!$A$3:$C$10,1))+VLOOKUP(N849*12,'Tax table'!$A$3:$C$10,2)))/12","v":{"v":20573.90029333333,"d":"20,574"}},{"v":17113.464,"d":"17,113"},{"$f":"(VLOOKUP(P849*12,'Tax table'!$A$3:$C$10,3)*(P849*12-VLOOKUP(P849*12,'Tax table'!$A$3:$C$10,1))+VLOOKUP(P849*12,'Tax table'!$A$3:$C$10,2))/12","v":{"v":1958.8273066666668,"d":"1,959"}},{"v":17056.132693333333,"d":"17,056"},{"v":14497.712789333333,"d":"14,498"},{"v":0.7046652595099386,"d":"70.5%"},{"v":43493.138368,"d":"43,493"},{"$f":"IF($B$15=\"Yes\",MIN(S849*2,References!$B$7),0)","v":{"v":28995.425578666665,"d":"28,995"}},{"$f":"IF(AND(D849<>0,$B$16=\"Yes\"),References!$B$6,0)","v":{"v":100000,"d":"100,000"}},{"v":2558.4199040000003,"d":"2,558"},{"v":14261.22,"d":"14,261"},{"v":1901.496,"d":"1,901"},{"v":16162.716,"d":"16,163"},{"v":21867.203999999998,"d":"21,867"},{"$f":"(M849*12-(VLOOKUP(AB849*12,'Tax table'!$A$3:$C$10,3)*(AB849*12-VLOOKUP(AB849*12,'Tax table'!$A$3:$C$10,1))+VLOOKUP(AB849*12,'Tax table'!$A$3:$C$10,2)))/12","v":{"v":20573.90029333333,"d":"20,574"}},{"v":16162.716,"d":"16,163"},{"v":0.7855931918381704,"d":"78.6%"}]
["Member 1500","1988-11-03","F",{"v":228179.52,"d":"228,180"},{"v":0.8,"d":"80%"},{"v":0.85,"d":"85%"},{"v":0.75,"d":"75%"},{"v":0.1,"d":"10%"},null,30,{"v":19014.96,"d":"19,015"},{"v":1901.496,"d":"1,901"},{"v":23768.699999999997,"d":"23,769"},{"v":21867.203999999998,"d":"21,867"},{"$f":"(M850*12-(VLOOKUP(N850*12,'Tax table'!$A$3:$C$10,3)*(N850*12-VLOOKUP(N850*12,'Tax table'!$A$3:$C$10,1))+VLOOKUP(N850*12,'Tax table'!$A$3:$C$10,2)))/12","v":{"v":20573.90029333333,"d":"20,574"}},{"v":17113.464,"d":"17,113"},{"$f":"(VLOOKUP(P850*12,'Tax table'!$A$3:$C$10,3)*(P850*12-VLOOKUP(P850*12,'Tax table'!$A$3:$C$10,1))+VLOOKUP(P850*12,'Tax table'!$A$3:$C$10,2))/12","v":{"v":1958.8273066666668,"d":"1,959"}},{"v":17056.132693333333,"d":"17,056"},{"v":14497.712789333333,"d":"14,498"},{"v":0.7046652595099386,"d":"70.5%"},{"v":43493.138368,"d":"43,493"},{"$f":"IF($B$15=\"Yes\",MIN(S850*2,References!$B$7),0)","v":{"v":28995.425578666665,"d":"28,995"}},{"$f":"IF(AND(D850<>0,$B$16=\"Yes\"),References!$B$6,0)","v":{"v":100000,"d":"100,000"}},{"v":2558.4199040000003,"d":"2,558"},{"v":14261.22,"d":"14,261"},{"v":1901.496,"d":"1,901"},{"v":16162.716,"d":"16,163"},{"v":21867.203999999998,"d":"21,867"},{"$f":"(M850*12-(VLOOKUP(AB850*12,'Tax table'!$A$3:$C$10,3)*(AB850*12-VLOOKUP(AB850*12,'Tax table'!$A$3:$C$10,1))+VLOOKUP(AB850*12,'Tax table'!$A$3:$C$10,2)))/12","v":{"v":20573.90029333333,"d":"20,574"}},{"v":16162.716,"d":"16,163"},{"v":0.7855931918381704,"d":"78.6%"}]
["Member 1501","1981-02-23","M",{"v":228179.52,"d":"228,180"},{"v":0.8,"d":"80%"},{"v":0.85,"d":"85%"},{"v":0.75,"d":"75%"},{"v":0.1,"d":"10%"},null,37,{"v":19014.96,"d":"19,015"},{"v":1901.496,"d":"1,901"},{"v":23768.699999999997,"d":"23,769"},{"v":21867.203999999998,"d":"21,867"},{"$f":"(M851*12-(VLOOKUP(N851*12,'Tax table'!$A$3:$C$10,3)*(N851*12-VLOOKUP(N851*12,'Tax table'!$A$3:$C$10,1))+VLOOKUP(N851*12,'Tax table'!$A$3:$C$10,2)))/12","v":{"v":20573.90029333333,"d":"20,574"}},{"v":17113.464,"d":"17,113"},{"$f":"(VLOOKUP(P851*12,'Tax table'!$A$3:$C$10,3)*(P851*12-VLOOKUP(P851*12,'Tax table'!$A$3:$C$10,1))+VLOOKUP(P851*12,'Tax table'!$A$3:$C$10,2))/12","v":{"v":1958.8273066666668,"d":"1,959"}},{"v":17056.132693333333,"d":"17,056"},{"v":14497.712789333333,"d":"14,498"},{"v":0.7046652595099386,"d":"70.5%"},{"v":43493.138368,"d":"43,493"},{"$f":"IF($B$15=\"Yes\",MIN(S851*2,References!$B$7),0)","v":{"v":28995.425578666665,"d":"28,995"}},{"$f":"IF(AND(D851<>0,$B$16=\"Yes\"),References!$B$6,0)","v":{"v":100000,"d":"100,000"}},{"v":2558.4199040000003,"d":"2,558"},{"v":14261.22,"d":"14,261"},{"v":1901.496,"d":"1,901"},{"v":16162.716,"d":"16,163"},{"v":21867.203999999998,"d":"21,867"},{"$f":"(M851*12-(VLOOKUP(AB851*12,'Tax table'!$A$3:$C$10,3)*(AB851*12-VLOOKUP(AB851*12,'Tax table'!$A$3:$C$10,1))+VLOOKUP(AB851*12,'Tax table'!$A$3:$C$10,2)))/12","v":{"v":20573.90029333333,"d":"20,574"}},{"v":16162.716,"d":"16,163"},{"v":0.7855931918381704,"d":"78.6%"}]
["Member 1502","1979-09-09","M",{"v":228179.52,"d":"228,180"},{"v":0.8,"d":"80%"},{"v":0.85,"d":"85%"},{"v":0.75,"d":"75%"},{"v":0.1,"d":"10%"},null,39,{"v":19014.96,"d":"19,015"},{"v":1901.496,"d":"1,901"},{"v":23768.699999999997,"d":"23,769"},{"v":21867.203999999998,"d":"21,867"},{"$f":"(M852*12-(VLOOKUP(N852*12,'Tax table'!$A$3:$C$10,3)*(N852*12-VLOOKUP(N852*12,'Tax table'!$A$3:$C$10,1))+VLOOKUP(N852*12,'Tax table'!$A$3:$C$10,2)))/12","v":{"v":20573.90029333333,"d":"20,574"}},{"v":17113.464,"d":"17,113"},{"$f":"(VLOOKUP(P852*12,'Tax table'!$A$3:$C$10,3)*(P852*12-VLOOKUP(P852*12,'Tax table'!$A$3:$C$10,1))+VLOOKUP(P852*12,'Tax table'!$A$3:$C$10,2))/12","v":{"v":1958.8273066666668,"d":"1,959"}},{"v":17056.132693333333,"d":"17,056"},{"v":14497.712789333333,"d":"14,498"},{"v":0.7046652595099386,"d":"70.5%"},{"v":43493.138368,"d":"43,493"},{"$f":"IF($B$15=\"Yes\",MIN(S852*2,References!$B$7),0)","v":{"v":28995.425578666665,"d":"28,995"}},{"$f":"IF(AND(D852<>0,$B$16=\"Yes\"),References!$B$6,0)","v":{"v":100000,"d":"100,000"}},{"v":2558.4199040000003,"d":"2,558"},{"v":14261.22,"d":"14,261"},{"v":1901.496,"d":"1,901"},{"v":16162.716,"d":"16,163"},{"v":21867.203999999998,"d":"21,867"},{"$f":"(M852*12-(VLOOKUP(AB852*12,'Tax table'!$A$3:$C$10,3)*(AB852*12-VLOOKUP(AB852*12,'Tax table'!$A$3:$C$10,1))+VLOOKUP(AB852*12,'Tax table'!$A$3:$C$10,2)))/12","v":{"v":20573.90029333333,"d":"20,574"}},{"v":16162.716,"d":"16,163"},{"v":0.7855931918381704,"d":"78.6%"}]
["Member 1503","1987-07-17","F",{"v":228179.52,"d":"228,180"},{"v":0.8,"d":"80%"},{"v":0.85,"d":"85%"},{"v":0.75,"d":"75%"},{"v":0.1,"d":"10%"},null,31,{"v":19014.96,"d":"19,015"},{"v":1901.496,"d":"1,901"},{"v":23768.699999999997,"d":"23,769"},{"v":21867.203999999998,"d":"21,867"},{"$f":"(M853*12-(VLOOKUP(N853*12,'Tax table'!$A$3:$C$10,3)*(N853*12-VLOOKUP(N853*12,'Tax table'!$A$3:$C$10,1))+VLOOKUP(N853*12,'Tax table'!$A$3:$C$10,2)))/12","v":{"v":20573.90029333333,"d":"20,574"}},{"v":17113.464,"d":"17,113"},{"$f":"(VLOOKUP(P853*12,'Tax table'!$A$3:$C$10,3)*(P853*12-VLOOKUP(P853*12,'Tax table'!$A$3:$C$10,1))+VLOOKUP(P853*12,'Tax table'!$A$3:$C$10,2))/12","v":{"v":1958.8273066666668,"d":"1,959"}},{"v":17056.132693333333,"d":"17,056"},{"v":14497.712789333333,"d":"14,498"},{"v":0.7046652595099386,"d":"70.5%"},{"v":43493.138368,"d":"43,493"},{"$f":"IF($B$15=\"Yes\",MIN(S853*2,References!$B$7),0)","v":{"v":28995.425578666665,"d":"28,995"}},{"$f":"IF(AND(D853<>0,$B$16=\"Yes\"),References!$B$6,0)","v":{"v":100000,"d":"100,000"}},{"v":2558.4199040000003,"d":"2,558"},{"v":14261.22,"d":"14,261"},{"v":1901.496,"d":"1,901"},{"v":16162.716,"d":"16,163"},{"v":21867.203999999998,"d":"21,867"},{"$f":"(M853*12-(VLOOKUP(AB853*12,'Tax table'!$A$3:$C$10,3)*(AB853*12-VLOOKUP(AB853*12,'Tax table'!$A$3:$C$10,1))+VLOOKUP(AB853*12,'Tax table'!$A$3:$C$10,2)))/12","v":{"v":20573.90029333333,"d":"20,574"}},{"v":16162.716,"d":"16,163"},{"v":0.7855931918381704,"d":"78.6%"}]
["Member 1504","1992-07-30","M",{"v":228179.52,"d":"228,180"},{"v":0.8,"d":"80%"},{"v":0.85,"d":"85%"},{"v":0.75,"d":"75%"},{"v":0.1,"d":"10%"},null,26,{"v":19014.96,"d":"19,015"},{"v":1901.496,"d":"1,901"},{"v":23768.699999999997,"d":"23,769"},{"v":21867.203999999998,"d":"21,867"},{"$f":"(M854*12-(VLOOKUP(N854*12,'Tax table'!$A$3:$C$10,3)*(N854*12-VLOOKUP(N854*12,'Tax table'!$A$3:$C$10,1))+VLOOKUP(N854*12,'Tax table'!$A$3:$C$10,2)))/12","v":{"v":20573.90029333333,"d":"20,574"}},{"v":17113.464,"d":"17,113"},{"$f":"(VLOOKUP(P854*12,'Tax table'!$A$3:$C$10,3)*(P854*12-VLOOKUP(P854*12,'Tax table'!$A$3:$C$10,1))+VLOOKUP(P854*12,'Tax table'!$A$3:$C$10,2))/12","v":{"v":1958.8273066666668,"d":"1,959"}},{"v":17056.132693333333,"d":"17,056"},{"v":14497.712789333333,"d":"14,498"},{"v":0.7046652595099386,"d":"70.5%"},{"v":43493.138368,"d":"43,493"},{"$f":"IF($B$15=\"Yes\",MIN(S854*2,References!$B$7),0)","v":{"v":28995.425578666665,"d":"28,995"}},{"$f":"IF(AND(D854<>0,$B$16=\"Yes\"),References!$B$6,0)","v":{"v":100000,"d":"100,000"}},{"v":2558.4199040000003,"d":"2,558"},{"v":14261.22,"d":"14,261"},{"v":1901.496,"d":"1,901"},{"v":16162.716,"d":"16,163"},{"v":21867.203999999998,"d":"21,867"},{"$f":"(M854*12-(VLOOKUP(AB854*12,'Tax table'!$A$3:$C$10,3)*(AB854*12-VLOOKUP(AB854*12,'Tax table'!$A$3:$C$10,1))+VLOOKUP(AB854*12,'Tax table'!$A$3:$C$10,2)))/12","v":{"v":20573.90029333333,"d":"20,574"}},{"v":16162.716,"d":"16,163"},{"v":0.7855931918381704,"d":"78.6%"}]
["Member 1505","1986-10-06","M",{"v":228179.52,"d":"228,180"},{"v":0.8,"d":"80%"},{"v":0.85,"d":"85%"},{"v":0.75,"d":"75%"},{"v":0.1,"d":"10%"},null,32,{"v":19014.96,"d":"19,015"},{"v":1901.496,"d":"1,901"},{"v":23768.699999999997,"d":"23,769"},{"v":21867.203999999998,"d":"21,867"},{"$f":"(M855*12-(VLOOKUP(N855*12,'Tax table'!$A$3:$C$10,3)*(N855*12-VLOOKUP(N855*12,'Tax table'!$A$3:$C$10,1))+VLOOKUP(N855*12,'Tax table'!$A$3:$C$10,2)))/12","v":{"v":20573.90029333333,"d":"20,574"}},{"v":17113.464,"d":"17,113"},{"$f":"(VLOOKUP(P855*12,'Tax table'!$A$3:$C$10,3)*(P855*12-VLOOKUP(P855*12,'Tax table'!$A$3:$C$10,1))+VLOOKUP(P855*12,'Tax table'!$A$3:$C$10,2))/12","v":{"v":1958.8273066666668,"d":"1,959"}},{"v":17056.132693333333,"d":"17,056"},{"v":14497.712789333333,"d":"14,498"},{"v":0.7046652595099386,"d":"70.5%"},{"v":43493.138368,"d":"43,493"},{"$f":"IF($B$15=\"Yes\",MIN(S855*2,References!$B$7),0)","v":{"v":28995.425578666665,"d":"28,995"}},{"$f":"IF(AND(D855<>0,$B$16=\"Yes\"),References!$B$6,0)","v":{"v":100000,"d":"100,000"}},{"v":2558.4199040000003,"d":"2,558"},{"v":14261.22,"d":"14,261"},{"v":1901.496,"d":"1,901"},{"v":16162.716,"d":"16,163"},{"v":21867.203999999998,"d":"21,867"},{"$f":"(M855*12-(VLOOKUP(AB855*12,'Tax table'!$A$3:$C$10,3)*(AB855*12-VLOOKUP(AB855*12,'Tax table'!$A$3:$C$10,1))+VLOOKUP(AB855*12,'Tax table'!$A$3:$C$10,2)))/12","v":{"v":20573.90029333333,"d":"20,574"}},{"v":16162.716,"d":"16,163"},{"v":0.7855931918381704,"d":"78.6%"}]
["Member 1506","1985-07-13","M",{"v":228179.52,"d":"228,180"},{"v":0.8,"d":"80%"},{"v":0.85,"d":"85%"},{"v":0.75,"d":"75%"},{"v":0.1,"d":"10%"},null,{"$f":"DATEDIF(B856,$B$7,\"y\")","v":33},{"$f":"D856/12","v":{"v":19014.96,"d":"19,015"}},{"$f":"IF($B$10=\"No\",MIN(K856*H856,15%*K856),I856/12)","v":{"v":1901.496,"d":"1,901"}},{"$f":"D856/12/E856","v":{"v":23768.699999999997,"d":"23,769"}},{"$f":"M856-L856","v":{"v":21867.203999999998,"d":"21,867"}},{"$f":"(M856*12-(VLOOKUP(N856*12,'Tax table'!$A$3:$C$10,3)*(N856*12-VLOOKUP(N856*12,'Tax table'!$A$3:$C$10,1))+VLOOKUP(N856*12,'Tax table'!$A$3:$C$10,2)))/12","v":{"v":20573.90029333333,"d":"20,574"}},{"$f":"K856-L856","v":{"v":17113.464,"d":"17,113"}},{"$f":"(VLOOKUP(P856*12,'Tax table'!$A$3:$C$10,3)*(P856*12-VLOOKUP(P856*12,'Tax table'!$A$3:$C$10,1))+VLOOKUP(P856*12,'Tax table'!$A$3:$C$10,2))/12","v":{"v":1958.8273066666668,"d":"1,959"}},{"$f":"K856-Q856","v":{"v":17056.132693333333,"d":"17,056"}},{"$f":"MIN(R856*F856,SUM($B$8,$B$9))","v":{"v":14497.712789333333,"d":"14,498"}},{"$f":"S856/O856","v":{"v":0.7046652595099386,"d":"70.5%"}},{"$f":"IF($B$14=\"Yes\",S856*3,0)","v":{"v":43493.138368,"d":"43,493"}},{"$f":"IF($B$15=\"Yes\",MIN(S856*2,References!$B$7),0)","v":{"v":28995.425578666665,"d":"28,995"}},{"$f":"IF(AND(D856<>0,$B$16=\"Yes\"),References!$B$6,0)","v":{"v":100000,"d":"100,000"}},{"$f":"IF($B$17=\"Yes\",MIN(R856,SUM($B$8:$B$9))-S856,0)","v":{"v":2558.4199040000003,"d":"2,558"}},{"$f":"MIN(K856*G856,$B$8)","v":{"v":14261.22,"d":"14,261"}},{"$f":"MIN(K856*H856,$B$9)","v":{"v":1901.496,"d":"1,901"}},{"$f":"Z856+Y856","v":{"v":16162.716,"d":"16,163"}},{"$f":"M856-Z856","v":{"v":21867.203999999998,"d":"21,867"}},{"$f":"(M856*12-(VLOOKUP(AB856*12,'Tax table'!$A$3:$C$10,3)*(AB856*12-VLOOKUP(AB856*12,'Tax table'!$A$3:$C$10,1))+VLOOKUP(AB856*12,'Tax table'!$A$3:$C$10,2)))/12","v":{"v":20573.90029333333,"d":"20,574"}},{"$f":"MIN(AA856,AC856)","v":{"v":16162.716,"d":"16,163"}},{"$f":"AD856/O856","v":{"v":0.7855931918381704,"d":"78.6%"}}]
["Member 1507","1975-04-13","M",{"v":228179.52,"d":"228,180"},{"v":0.8,"d":"80%"},{"v":0.85,"d":"85%"},{"v":0.75,"d":"75%"},{"v":0.1,"d":"10%"},null,43,{"v":19014.96,"d":"19,015"},{"v":1901.496,"d":"1,901"},{"v":23768.699999999997,"d":"23,769"},{"v":21867.203999999998,"d":"21,867"},{"$f":"(M857*12-(VLOOKUP(N857*12,'Tax table'!$A$3:$C$10,3)*(N857*12-VLOOKUP(N857*12,'Tax table'!$A$3:$C$10,1))+VLOOKUP(N857*12,'Tax table'!$A$3:$C$10,2)))/12","v":{"v":20573.90029333333,"d":"20,574"}},{"v":17113.464,"d":"17,113"},{"$f":"(VLOOKUP(P857*12,'Tax table'!$A$3:$C$10,3)*(P857*12-VLOOKUP(P857*12,'Tax table'!$A$3:$C$10,1))+VLOOKUP(P857*12,'Tax table'!$A$3:$C$10,2))/12","v":{"v":1958.8273066666668,"d":"1,959"}},{"v":17056.132693333333,"d":"17,056"},{"v":14497.712789333333,"d":"14,498"},{"v":0.7046652595099386,"d":"70.5%"},{"v":43493.138368,"d":"43,493"},{"$f":"IF($B$15=\"Yes\",MIN(S857*2,References!$B$7),0)","v":{"v":28995.425578666665,"d":"28,995"}},{"$f":"IF(AND(D857<>0,$B$16=\"Yes\"),References!$B$6,0)","v":{"v":100000,"d":"100,000"}},{"v":2558.4199040000003,"d":"2,558"},{"v":14261.22,"d":"14,261"},{"v":1901.496,"d":"1,901"},{"v":16162.716,"d":"16,163"},{"v":21867.203999999998,"d":"21,867"},{"$f":"(M857*12-(VLOOKUP(AB857*12,'Tax table'!$A$3:$C$10,3)*(AB857*12-VLOOKUP(AB857*12,'Tax table'!$A$3:$C$10,1))+VLOOKUP(AB857*12,'Tax table'!$A$3:$C$10,2)))/12","v":{"v":20573.90029333333,"d":"20,574"}},{"v":16162.716,"d":"16,163"},{"v":0.7855931918381704,"d":"78.6%"}]
["Member 1508","1989-02-21","M",{"v":228179.52,"d":"228,180"},{"v":0.8,"d":"80%"},{"v":0.85,"d":"85%"},{"v":0.75,"d":"75%"},{"v":0.1,"d":"10%"},null,29,{"v":19014.96,"d":"19,015"},{"v":1901.496,"d":"1,901"},{"v":23768.699999999997,"d":"23,769"},{"v":21867.203999999998,"d":"21,867"},{"$f":"(M858*12-(VLOOKUP(N858*12,'Tax table'!$A$3:$C$10,3)*(N858*12-VLOOKUP(N858*12,'Tax table'!$A$3:$C$10,1))+VLOOKUP(N858*12,'Tax table'!$A$3:$C$10,2)))/12","v":{"v":20573.90029333333,"d":"20,574"}},{"v":17113.464,"d":"17,113"},{"$f":"(VLOOKUP(P858*12,'Tax table'!$A$3:$C$10,3)*(P858*12-VLOOKUP(P858*12,'Tax table'!$A$3:$C$10,1))+VLOOKUP(P858*12,'Tax table'!$A$3:$C$10,2))/12","v":{"v":1958.8273066666668,"d":"1,959"}},{"v":17056.132693333333,"d":"17,056"},{"v":14497.712789333333,"d":"14,498"},{"v":0.7046652595099386,"d":"70.5%"},{"v":43493.138368,"d":"43,493"},{"$f":"IF($B$15=\"Yes\",MIN(S858*2,References!$B$7),0)","v":{"v":28995.425578666665,"d":"28,995"}},{"$f":"IF(AND(D858<>0,$B$16=\"Yes\"),References!$B$6,0)","v":{"v":100000,"d":"100,000"}},{"v":2558.4199040000003,"d":"2,558"},{"v":14261.22,"d":"14,261"},{"v":1901.496,"d":"1,901"},{"v":16162.716,"d":"16,163"},{"v":21867.203999999998,"d":"21,867"},{"$f":"(M858*12-(VLOOKUP(AB858*12,'Tax table'!$A$3:$C$10,3)*(AB858*12-VLOOKUP(AB858*12,'Tax table'!$A$3:$C$10,1))+VLOOKUP(AB858*12,'Tax table'!$A$3:$C$10,2)))/12","v":{"v":20573.90029333333,"d":"20,574"}},{"v":16162.716,"d":"16,163"},{"v":0.7855931918381704,"d":"78.6%"}]
["Member 1509","1993-03-24","F",{"v":228179.52,"d":"228,180"},{"v":0.8,"d":"80%"},{"v":0.85,"d":"85%"},{"v":0.75,"d":"75%"},{"v":0.1,"d":"10%"},null,25,{"v":19014.96,"d":"19,015"},{"v":1901.496,"d":"1,901"},{"v":23768.699999999997,"d":"23,769"},{"v":21867.203999999998,"d":"21,867"},{"$f":"(M859*12-(VLOOKUP(N859*12,'Tax table'!$A$3:$C$10,3)*(N859*12-VLOOKUP(N859*12,'Tax table'!$A$3:$C$10,1))+VLOOKUP(N859*12,'Tax table'!$A$3:$C$10,2)))/12","v":{"v":20573.90029333333,"d":"20,574"}},{"v":17113.464,"d":"17,113"},{"$f":"(VLOOKUP(P859*12,'Tax table'!$A$3:$C$10,3)*(P859*12-VLOOKUP(P859*12,'Tax table'!$A$3:$C$10,1))+VLOOKUP(P859*12,'Tax table'!$A$3:$C$10,2))/12","v":{"v":1958.8273066666668,"d":"1,959"}},{"v":17056.132693333333,"d":"17,056"},{"v":14497.712789333333,"d":"14,498"},{"v":0.7046652595099386,"d":"70.5%"},{"v":43493.138368,"d":"43,493"},{"$f":"IF($B$15=\"Yes\",MIN(S859*2,References!$B$7),0)","v":{"v":28995.425578666665,"d":"28,995"}},{"$f":"IF(AND(D859<>0,$B$16=\"Yes\"),References!$B$6,0)","v":{"v":100000,"d":"100,000"}},{"v":2558.4199040000003,"d":"2,558"},{"v":14261.22,"d":"14,261"},{"v":1901.496,"d":"1,901"},{"v":16162.716,"d":"16,163"},{"v":21867.203999999998,"d":"21,867"},{"$f":"(M859*12-(VLOOKUP(AB859*12,'Tax table'!$A$3:$C$10,3)*(AB859*12-VLOOKUP(AB859*12,'Tax table'!$A$3:$C$10,1))+VLOOKUP(AB859*12,'Tax table'!$A$3:$C$10,2)))/12","v":{"v":20573.90029333333,"d":"20,574"}},{"v":16162.716,"d":"16,163"},{"v":0.7855931918381704,"d":"78.6%"}]
["Member 1510","1992-11-26","F",{"v":228179.52,"d":"228,180"},{"v":0.8,"d":"80%"},{"v":0.85,"d":"85%"},{"v":0.75,"d":"75%"},{"v":0.1,"d":"10%"},null,25,{"v":19014.96,"d":"19,015"},{"v":1901.496,"d":"1,901"},{"v":23768.699999999997,"d":"23,769"},{"v":21867.203999999998,"d":"21,867"},{"$f":"(M860*12-(VLOOKUP(N860*12,'Tax table'!$A$3:$C$10,3)*(N860*12-VLOOKUP(N860*12,'Tax table'!$A$3:$C$10,1))+VLOOKUP(N860*12,'Tax table'!$A$3:$C$10,2)))/12","v":{"v":20573.90029333333,"d":"20,574"}},{"v":17113.464,"d":"17,113"},{"$f":"(VLOOKUP(P860*12,'Tax table'!$A$3:$C$10,3)*(P860*12-VLOOKUP(P860*12,'Tax table'!$A$3:$C$10,1))+VLOOKUP(P860*12,'Tax table'!$A$3:$C$10,2))/12","v":{"v":1958.8273066666668,"d":"1,959"}},{"v":17056.132693333333,"d":"17,056"},{"v":14497.712789333333,"d":"14,498"},{"v":0.7046652595099386,"d":"70.5%"},{"v":43493.138368,"d":"43,493"},{"$f":"IF($B$15=\"Yes\",MIN(S860*2,References!$B$7),0)","v":{"v":28995.425578666665,"d":"28,995"}},{"$f":"IF(AND(D860<>0,$B$16=\"Yes\"),References!$B$6,0)","v":{"v":100000,"d":"100,000"}},{"v":2558.4199040000003,"d":"2,558"},{"v":14261.22,"d":"14,261"},{"v":1901.496,"d":"1,901"},{"v":16162.716,"d":"16,163"},{"v":21867.203999999998,"d":"21,867"},{"$f":"(M860*12-(VLOOKUP(AB860*12,'Tax table'!$A$3:$C$10,3)*(AB860*12-VLOOKUP(AB860*12,'Tax table'!$A$3:$C$10,1))+VLOOKUP(AB860*12,'Tax table'!$A$3:$C$10,2)))/12","v":{"v":20573.90029333333,"d":"20,574"}},{"v":16162.716,"d":"16,163"},{"v":0.7855931918381704,"d":"78.6%"}]
["Member 1511","1995-04-02","F",{"v":228179.52,"d":"228,180"},{"v":0.8,"d":"80%"},{"v":0.85,"d":"85%"},{"v":0.75,"d":"75%"},{"v":0.1,"d":"10%"},null,23,{"v":19014.96,"d":"19,015"},{"v":1901.496,"d":"1,901"},{"v":23768.699999999997,"d":"23,769"},{"v":21867.203999999998,"d":"21,867"},{"$f":"(M861*12-(VLOOKUP(N861*12,'Tax table'!$A$3:$C$10,3)*(N861*12-VLOOKUP(N861*12,'Tax table'!$A$3:$C$10,1))+VLOOKUP(N861*12,'Tax table'!$A$3:$C$10,2)))/12","v":{"v":20573.90029333333,"d":"20,574"}},{"v":17113.464,"d":"17,113"},{"$f":"(VLOOKUP(P861*12,'Tax table'!$A$3:$C$10,3)*(P861*12-VLOOKUP(P861*12,'Tax table'!$A$3:$C$10,1))+VLOOKUP(P861*12,'Tax table'!$A$3:$C$10,2))/12","v":{"v":1958.8273066666668,"d":"1,959"}},{"v":17056.132693333333,"d":"17,056"},{"v":14497.712789333333,"d":"14,498"},{"v":0.7046652595099386,"d":"70.5%"},{"v":43493.138368,"d":"43,493"},{"$f":"IF($B$15=\"Yes\",MIN(S861*2,References!$B$7),0)","v":{"v":28995.425578666665,"d":"28,995"}},{"$f":"IF(AND(D861<>0,$B$16=\"Yes\"),References!$B$6,0)","v":{"v":100000,"d":"100,000"}},{"v":2558.4199040000003,"d":"2,558"},{"v":14261.22,"d":"14,261"},{"v":1901.496,"d":"1,901"},{"v":16162.716,"d":"16,163"},{"v":21867.203999999998,"d":"21,867"},{"$f":"(M861*12-(VLOOKUP(AB861*12,'Tax table'!$A$3:$C$10,3)*(AB861*12-VLOOKUP(AB861*12,'Tax table'!$A$3:$C$10,1))+VLOOKUP(AB861*12,'Tax table'!$A$3:$C$10,2)))/12","v":{"v":20573.90029333333,"d":"20,574"}},{"v":16162.716,"d":"16,163"},{"v":0.7855931918381704,"d":"78.6%"}]
["Member 1512","1975-01-18","F",{"v":228179.52,"d":"228,180"},{"v":0.8,"d":"80%"},{"v":0.85,"d":"85%"},{"v":0.75,"d":"75%"},{"v":0.1,"d":"10%"},null,43,{"v":19014.96,"d":"19,015"},{"v":1901.496,"d":"1,901"},{"v":23768.699999999997,"d":"23,769"},{"v":21867.203999999998,"d":"21,867"},{"$f":"(M862*12-(VLOOKUP(N862*12,'Tax table'!$A$3:$C$10,3)*(N862*12-VLOOKUP(N862*12,'Tax table'!$A$3:$C$10,1))+VLOOKUP(N862*12,'Tax table'!$A$3:$C$10,2)))/12","v":{"v":20573.90029333333,"d":"20,574"}},{"v":17113.464,"d":"17,113"},{"$f":"(VLOOKUP(P862*12,'Tax table'!$A$3:$C$10,3)*(P862*12-VLOOKUP(P862*12,'Tax table'!$A$3:$C$10,1))+VLOOKUP(P862*12,'Tax table'!$A$3:$C$10,2))/12","v":{"v":1958.8273066666668,"d":"1,959"}},{"v":17056.132693333333,"d":"17,056"},{"v":14497.712789333333,"d":"14,498"},{"v":0.7046652595099386,"d":"70.5%"},{"v":43493.138368,"d":"43,493"},{"$f":"IF($B$15=\"Yes\",MIN(S862*2,References!$B$7),0)","v":{"v":28995.425578666665,"d":"28,995"}},{"$f":"IF(AND(D862<>0,$B$16=\"Yes\"),References!$B$6,0)","v":{"v":100000,"d":"100,000"}},{"v":2558.4199040000003,"d":"2,558"},{"v":14261.22,"d":"14,261"},{"v":1901.496,"d":"1,901"},{"v":16162.716,"d":"16,163"},{"v":21867.203999999998,"d":"21,867"},{"$f":"(M862*12-(VLOOKUP(AB862*12,'Tax table'!$A$3:$C$10,3)*(AB862*12-VLOOKUP(AB862*12,'Tax table'!$A$3:$C$10,1))+VLOOKUP(AB862*12,'Tax table'!$A$3:$C$10,2)))/12","v":{"v":20573.90029333333,"d":"20,574"}},{"v":16162.716,"d":"16,163"},{"v":0.7855931918381704,"d":"78.6%"}]
["Member 1513","1993-05-21","F",{"v":228179.52,"d":"228,180"},{"v":0.8,"d":"80%"},{"v":0.85,"d":"85%"},{"v":0.75,"d":"75%"},{"v":0.1,"d":"10%"},null,25,{"v":19014.96,"d":"19,015"},{"v":1901.496,"d":"1,901"},{"v":23768.699999999997,"d":"23,769"},{"v":21867.203999999998,"d":"21,867"},{"$f":"(M863*12-(VLOOKUP(N863*12,'Tax table'!$A$3:$C$10,3)*(N863*12-VLOOKUP(N863*12,'Tax table'!$A$3:$C$10,1))+VLOOKUP(N863*12,'Tax table'!$A$3:$C$10,2)))/12","v":{"v":20573.90029333333,"d":"20,574"}},{"v":17113.464,"d":"17,113"},{"$f":"(VLOOKUP(P863*12,'Tax table'!$A$3:$C$10,3)*(P863*12-VLOOKUP(P863*12,'Tax table'!$A$3:$C$10,1))+VLOOKUP(P863*12,'Tax table'!$A$3:$C$10,2))/12","v":{"v":1958.8273066666668,"d":"1,959"}},{"v":17056.132693333333,"d":"17,056"},{"v":14497.712789333333,"d":"14,498"},{"v":0.7046652595099386,"d":"70.5%"},{"v":43493.138368,"d":"43,493"},{"$f":"IF($B$15=\"Yes\",MIN(S863*2,References!$B$7),0)","v":{"v":28995.425578666665,"d":"28,995"}},{"$f":"IF(AND(D863<>0,$B$16=\"Yes\"),References!$B$6,0)","v":{"v":100000,"d":"100,000"}},{"v":2558.4199040000003,"d":"2,558"},{"v":14261.22,"d":"14,261"},{"v":1901.496,"d":"1,901"},{"v":16162.716,"d":"16,163"},{"v":21867.203999999998,"d":"21,867"},{"$f":"(M863*12-(VLOOKUP(AB863*12,'Tax table'!$A$3:$C$10,3)*(AB863*12-VLOOKUP(AB863*12,'Tax table'!$A$3:$C$10,1))+VLOOKUP(AB863*12,'Tax table'!$A$3:$C$10,2)))/12","v":{"v":20573.90029333333,"d":"20,574"}},{"v":16162.716,"d":"16,163"},{"v":0.7855931918381704,"d":"78.6%"}]
["Member 1514","1989-05-22","M",{"v":228179.52,"d":"228,180"},{"v":0.8,"d":"80%"},{"v":0.85,"d":"85%"},{"v":0.75,"d":"75%"},{"v":0.1,"d":"10%"},null,29,{"v":19014.96,"d":"19,015"},{"v":1901.496,"d":"1,901"},{"v":23768.699999999997,"d":"23,769"},{"v":21867.203999999998,"d":"21,867"},{"$f":"(M864*12-(VLOOKUP(N864*12,'Tax table'!$A$3:$C$10,3)*(N864*12-VLOOKUP(N864*12,'Tax table'!$A$3:$C$10,1))+VLOOKUP(N864*12,'Tax table'!$A$3:$C$10,2)))/12","v":{"v":20573.90029333333,"d":"20,574"}},{"v":17113.464,"d":"17,113"},{"$f":"(VLOOKUP(P864*12,'Tax table'!$A$3:$C$10,3)*(P864*12-VLOOKUP(P864*12,'Tax table'!$A$3:$C$10,1))+VLOOKUP(P864*12,'Tax table'!$A$3:$C$10,2))/12","v":{"v":1958.8273066666668,"d":"1,959"}},{"v":17056.132693333333,"d":"17,056"},{"v":14497.712789333333,"d":"14,498"},{"v":0.7046652595099386,"d":"70.5%"},{"v":43493.138368,"d":"43,493"},{"$f":"IF($B$15=\"Yes\",MIN(S864*2,References!$B$7),0)","v":{"v":28995.425578666665,"d":"28,995"}},{"$f":"IF(AND(D864<>0,$B$16=\"Yes\"),References!$B$6,0)","v":{"v":100000,"d":"100,000"}},{"v":2558.4199040000003,"d":"2,558"},{"v":14261.22,"d":"14,261"},{"v":1901.496,"d":"1,901"},{"v":16162.716,"d":"16,163"},{"v":21867.203999999998,"d":"21,867"},{"$f":"(M864*12-(VLOOKUP(AB864*12,'Tax table'!$A$3:$C$10,3)*(AB864*12-VLOOKUP(AB864*12,'Tax table'!$A$3:$C$10,1))+VLOOKUP(AB864*12,'Tax table'!$A$3:$C$10,2)))/12","v":{"v":20573.90029333333,"d":"20,574"}},{"v":16162.716,"d":"16,163"},{"v":0.7855931918381704,"d":"78.6%"}]
["Member 1515","1991-08-30","M",{"v":228179.52,"d":"228,180"},{"v":0.8,"d":"80%"},{"v":0.85,"d":"85%"},{"v":0.75,"d":"75%"},{"v":0.1,"d":"10%"},null,27,{"v":19014.96,"d":"19,015"},{"v":1901.496,"d":"1,901"},{"v":23768.699999999997,"d":"23,769"},{"v":21867.203999999998,"d":"21,867"},{"$f":"(M865*12-(VLOOKUP(N865*12,'Tax table'!$A$3:$C$10,3)*(N865*12-VLOOKUP(N865*12,'Tax table'!$A$3:$C$10,1))+VLOOKUP(N865*12,'Tax table'!$A$3:$C$10,2)))/12","v":{"v":20573.90029333333,"d":"20,574"}},{"v":17113.464,"d":"17,113"},{"$f":"(VLOOKUP(P865*12,'Tax table'!$A$3:$C$10,3)*(P865*12-VLOOKUP(P865*12,'Tax table'!$A$3:$C$10,1))+VLOOKUP(P865*12,'Tax table'!$A$3:$C$10,2))/12","v":{"v":1958.8273066666668,"d":"1,959"}},{"v":17056.132693333333,"d":"17,056"},{"v":14497.712789333333,"d":"14,498"},{"v":0.7046652595099386,"d":"70.5%"},{"v":43493.138368,"d":"43,493"},{"$f":"IF($B$15=\"Yes\",MIN(S865*2,References!$B$7),0)","v":{"v":28995.425578666665,"d":"28,995"}},{"$f":"IF(AND(D865<>0,$B$16=\"Yes\"),References!$B$6,0)","v":{"v":100000,"d":"100,000"}},{"v":2558.4199040000003,"d":"2,558"},{"v":14261.22,"d":"14,261"},{"v":1901.496,"d":"1,901"},{"v":16162.716,"d":"16,163"},{"v":21867.203999999998,"d":"21,867"},{"$f":"(M865*12-(VLOOKUP(AB865*12,'Tax table'!$A$3:$C$10,3)*(AB865*12-VLOOKUP(AB865*12,'Tax table'!$A$3:$C$10,1))+VLOOKUP(AB865*12,'Tax table'!$A$3:$C$10,2)))/12","v":{"v":20573.90029333333,"d":"20,574"}},{"v":16162.716,"d":"16,163"},{"v":0.7855931918381704,"d":"78.6%"}]
["Member 1516","1991-10-16","M",{"v":228179.52,"d":"228,180"},{"v":0.8,"d":"80%"},{"v":0.85,"d":"85%"},{"v":0.75,"d":"75%"},{"v":0.1,"d":"10%"},null,27,{"v":19014.96,"d":"19,015"},{"v":1901.496,"d":"1,901"},{"v":23768.699999999997,"d":"23,769"},{"v":21867.203999999998,"d":"21,867"},{"$f":"(M866*12-(VLOOKUP(N866*12,'Tax table'!$A$3:$C$10,3)*(N866*12-VLOOKUP(N866*12,'Tax table'!$A$3:$C$10,1))+VLOOKUP(N866*12,'Tax table'!$A$3:$C$10,2)))/12","v":{"v":20573.90029333333,"d":"20,574"}},{"v":17113.464,"d":"17,113"},{"$f":"(VLOOKUP(P866*12,'Tax table'!$A$3:$C$10,3)*(P866*12-VLOOKUP(P866*12,'Tax table'!$A$3:$C$10,1))+VLOOKUP(P866*12,'Tax table'!$A$3:$C$10,2))/12","v":{"v":1958.8273066666668,"d":"1,959"}},{"v":17056.132693333333,"d":"17,056"},{"v":14497.712789333333,"d":"14,498"},{"v":0.7046652595099386,"d":"70.5%"},{"v":43493.138368,"d":"43,493"},{"$f":"IF($B$15=\"Yes\",MIN(S866*2,References!$B$7),0)","v":{"v":28995.425578666665,"d":"28,995"}},{"$f":"IF(AND(D866<>0,$B$16=\"Yes\"),References!$B$6,0)","v":{"v":100000,"d":"100,000"}},{"v":2558.4199040000003,"d":"2,558"},{"v":14261.22,"d":"14,261"},{"v":1901.496,"d":"1,901"},{"v":16162.716,"d":"16,163"},{"v":21867.203999999998,"d":"21,867"},{"$f":"(M866*12-(VLOOKUP(AB866*12,'Tax table'!$A$3:$C$10,3)*(AB866*12-VLOOKUP(AB866*12,'Tax table'!$A$3:$C$10,1))+VLOOKUP(AB866*12,'Tax table'!$A$3:$C$10,2)))/12","v":{"v":20573.90029333333,"d":"20,574"}},{"v":16162.716,"d":"16,163"},{"v":0.7855931918381704,"d":"78.6%"}]
["Member 1517","1990-09-06","M",{"v":228179.52,"d":"228,180"},{"v":0.8,"d":"80%"},{"v":0.85,"d":"85%"},{"v":0.75,"d":"75%"},{"v":0.1,"d":"10%"},null,28,{"v":19014.96,"d":"19,015"},{"v":1901.496,"d":"1,901"},{"v":23768.699999999997,"d":"23,769"},{"v":21867.203999999998,"d":"21,867"},{"$f":"(M867*12-(VLOOKUP(N867*12,'Tax table'!$A$3:$C$10,3)*(N867*12-VLOOKUP(N867*12,'Tax table'!$A$3:$C$10,1))+VLOOKUP(N867*12,'Tax table'!$A$3:$C$10,2)))/12","v":{"v":20573.90029333333,"d":"20,574"}},{"v":17113.464,"d":"17,113"},{"$f":"(VLOOKUP(P867*12,'Tax table'!$A$3:$C$10,3)*(P867*12-VLOOKUP(P867*12,'Tax table'!$A$3:$C$10,1))+VLOOKUP(P867*12,'Tax table'!$A$3:$C$10,2))/12","v":{"v":1958.8273066666668,"d":"1,959"}},{"v":17056.132693333333,"d":"17,056"},{"v":14497.712789333333,"d":"14,498"},{"v":0.7046652595099386,"d":"70.5%"},{"v":43493.138368,"d":"43,493"},{"$f":"IF($B$15=\"Yes\",MIN(S867*2,References!$B$7),0)","v":{"v":28995.425578666665,"d":"28,995"}},{"$f":"IF(AND(D867<>0,$B$16=\"Yes\"),References!$B$6,0)","v":{"v":100000,"d":"100,000"}},{"v":2558.4199040000003,"d":"2,558"},{"v":14261.22,"d":"14,261"},{"v":1901.496,"d":"1,901"},{"v":16162.716,"d":"16,163"},{"v":21867.203999999998,"d":"21,867"},{"$f":"(M867*12-(VLOOKUP(AB867*12,'Tax table'!$A$3:$C$10,3)*(AB867*12-VLOOKUP(AB867*12,'Tax table'!$A$3:$C$10,1))+VLOOKUP(AB867*12,'Tax table'!$A$3:$C$10,2)))/12","v":{"v":20573.90029333333,"d":"20,574"}},{"v":16162.716,"d":"16,163"},{"v":0.7855931918381704,"d":"78.6%"}]
["Member 1518","1993-08-18","F",{"v":228179.52,"d":"228,180"},{"v":0.8,"d":"80%"},{"v":0.85,"d":"85%"},{"v":0.75,"d":"75%"},{"v":0.1,"d":"10%"},null,25,{"v":19014.96,"d":"19,015"},{"v":1901.496,"d":"1,901"},{"v":23768.699999999997,"d":"23,769"},{"v":21867.203999999998,"d":"21,867"},{"$f":"(M868*12-(VLOOKUP(N868*12,'Tax table'!$A$3:$C$10,3)*(N868*12-VLOOKUP(N868*12,'Tax table'!$A$3:$C$10,1))+VLOOKUP(N868*12,'Tax table'!$A$3:$C$10,2)))/12","v":{"v":20573.90029333333,"d":"20,574"}},{"v":17113.464,"d":"17,113"},{"$f":"(VLOOKUP(P868*12,'Tax table'!$A$3:$C$10,3)*(P868*12-VLOOKUP(P868*12,'Tax table'!$A$3:$C$10,1))+VLOOKUP(P868*12,'Tax table'!$A$3:$C$10,2))/12","v":{"v":1958.8273066666668,"d":"1,959"}},{"v":17056.132693333333,"d":"17,056"},{"v":14497.712789333333,"d":"14,498"},{"v":0.7046652595099386,"d":"70.5%"},{"v":43493.138368,"d":"43,493"},{"$f":"IF($B$15=\"Yes\",MIN(S868*2,References!$B$7),0)","v":{"v":28995.425578666665,"d":"28,995"}},{"$f":"IF(AND(D868<>0,$B$16=\"Yes\"),References!$B$6,0)","v":{"v":100000,"d":"100,000"}},{"v":2558.4199040000003,"d":"2,558"},{"v":14261.22,"d":"14,261"},{"v":1901.496,"d":"1,901"},{"v":16162.716,"d":"16,163"},{"v":21867.203999999998,"d":"21,867"},{"$f":"(M868*12-(VLOOKUP(AB868*12,'Tax table'!$A$3:$C$10,3)*(AB868*12-VLOOKUP(AB868*12,'Tax table'!$A$3:$C$10,1))+VLOOKUP(AB868*12,'Tax table'!$A$3:$C$10,2)))/12","v":{"v":20573.90029333333,"d":"20,574"}},{"v":16162.716,"d":"16,163"},{"v":0.7855931918381704,"d":"78.6%"}]
["Member 1519","1992-10-20","F",{"v":228179.52,"d":"228,180"},{"v":0.8,"d":"80%"},{"v":0.85,"d":"85%"},{"v":0.75,"d":"75%"},{"v":0.1,"d":"10%"},null,26,{"v":19014.96,"d":"19,015"},{"v":1901.496,"d":"1,901"},{"v":23768.699999999997,"d":"23,769"},{"v":21867.203999999998,"d":"21,867"},{"$f":"(M869*12-(VLOOKUP(N869*12,'Tax table'!$A$3:$C$10,3)*(N869*12-VLOOKUP(N869*12,'Tax table'!$A$3:$C$10,1))+VLOOKUP(N869*12,'Tax table'!$A$3:$C$10,2)))/12","v":{"v":20573.90029333333,"d":"20,574"}},{"v":17113.464,"d":"17,113"},{"$f":"(VLOOKUP(P869*12,'Tax table'!$A$3:$C$10,3)*(P869*12-VLOOKUP(P869*12,'Tax table'!$A$3:$C$10,1))+VLOOKUP(P869*12,'Tax table'!$A$3:$C$10,2))/12","v":{"v":1958.8273066666668,"d":"1,959"}},{"v":17056.132693333333,"d":"17,056"},{"v":14497.712789333333,"d":"14,498"},{"v":0.7046652595099386,"d":"70.5%"},{"v":43493.138368,"d":"43,493"},{"$f":"IF($B$15=\"Yes\",MIN(S869*2,References!$B$7),0)","v":{"v":28995.425578666665,"d":"28,995"}},{"$f":"IF(AND(D869<>0,$B$16=\"Yes\"),References!$B$6,0)","v":{"v":100000,"d":"100,000"}},{"v":2558.4199040000003,"d":"2,558"},{"v":14261.22,"d":"14,261"},{"v":1901.496,"d":"1,901"},{"v":16162.716,"d":"16,163"},{"v":21867.203999999998,"d":"21,867"},{"$f":"(M869*12-(VLOOKUP(AB869*12,'Tax table'!$A$3:$C$10,3)*(AB869*12-VLOOKUP(AB869*12,'Tax table'!$A$3:$C$10,1))+VLOOKUP(AB869*12,'Tax table'!$A$3:$C$10,2)))/12","v":{"v":20573.90029333333,"d":"20,574"}},{"v":16162.716,"d":"16,163"},{"v":0.7855931918381704,"d":"78.6%"}]
["Member 1520","1990-02-20","M",{"v":228179.52,"d":"228,180"},{"v":0.8,"d":"80%"},{"v":0.85,"d":"85%"},{"v":0.75,"d":"75%"},{"v":0.1,"d":"10%"},null,28,{"v":19014.96,"d":"19,015"},{"v":1901.496,"d":"1,901"},{"v":23768.699999999997,"d":"23,769"},{"v":21867.203999999998,"d":"21,867"},{"$f":"(M870*12-(VLOOKUP(N870*12,'Tax table'!$A$3:$C$10,3)*(N870*12-VLOOKUP(N870*12,'Tax table'!$A$3:$C$10,1))+VLOOKUP(N870*12,'Tax table'!$A$3:$C$10,2)))/12","v":{"v":20573.90029333333,"d":"20,574"}},{"v":17113.464,"d":"17,113"},{"$f":"(VLOOKUP(P870*12,'Tax table'!$A$3:$C$10,3)*(P870*12-VLOOKUP(P870*12,'Tax table'!$A$3:$C$10,1))+VLOOKUP(P870*12,'Tax table'!$A$3:$C$10,2))/12","v":{"v":1958.8273066666668,"d":"1,959"}},{"v":17056.132693333333,"d":"17,056"},{"v":14497.712789333333,"d":"14,498"},{"v":0.7046652595099386,"d":"70.5%"},{"v":43493.138368,"d":"43,493"},{"$f":"IF($B$15=\"Yes\",MIN(S870*2,References!$B$7),0)","v":{"v":28995.425578666665,"d":"28,995"}},{"$f":"IF(AND(D870<>0,$B$16=\"Yes\"),References!$B$6,0)","v":{"v":100000,"d":"100,000"}},{"v":2558.4199040000003,"d":"2,558"},{"v":14261.22,"d":"14,261"},{"v":1901.496,"d":"1,901"},{"v":16162.716,"d":"16,163"},{"v":21867.203999999998,"d":"21,867"},{"$f":"(M870*12-(VLOOKUP(AB870*12,'Tax table'!$A$3:$C$10,3)*(AB870*12-VLOOKUP(AB870*12,'Tax table'!$A$3:$C$10,1))+VLOOKUP(AB870*12,'Tax table'!$A$3:$C$10,2)))/12","v":{"v":20573.90029333333,"d":"20,574"}},{"v":16162.716,"d":"16,163"},{"v":0.7855931918381704,"d":"78.6%"}]
["Member 1521","1993-08-23","F",{"v":228179.52,"d":"228,180"},{"v":0.8,"d":"80%"},{"v":0.85,"d":"85%"},{"v":0.75,"d":"75%"},{"v":0.1,"d":"10%"},null,25,{"v":19014.96,"d":"19,015"},{"v":1901.496,"d":"1,901"},{"v":23768.699999999997,"d":"23,769"},{"v":21867.203999999998,"d":"21,867"},{"$f":"(M871*12-(VLOOKUP(N871*12,'Tax table'!$A$3:$C$10,3)*(N871*12-VLOOKUP(N871*12,'Tax table'!$A$3:$C$10,1))+VLOOKUP(N871*12,'Tax table'!$A$3:$C$10,2)))/12","v":{"v":20573.90029333333,"d":"20,574"}},{"v":17113.464,"d":"17,113"},{"$f":"(VLOOKUP(P871*12,'Tax table'!$A$3:$C$10,3)*(P871*12-VLOOKUP(P871*12,'Tax table'!$A$3:$C$10,1))+VLOOKUP(P871*12,'Tax table'!$A$3:$C$10,2))/12","v":{"v":1958.8273066666668,"d":"1,959"}},{"v":17056.132693333333,"d":"17,056"},{"v":14497.712789333333,"d":"14,498"},{"v":0.7046652595099386,"d":"70.5%"},{"v":43493.138368,"d":"43,493"},{"$f":"IF($B$15=\"Yes\",MIN(S871*2,References!$B$7),0)","v":{"v":28995.425578666665,"d":"28,995"}},{"$f":"IF(AND(D871<>0,$B$16=\"Yes\"),References!$B$6,0)","v":{"v":100000,"d":"100,000"}},{"v":2558.4199040000003,"d":"2,558"},{"v":14261.22,"d":"14,261"},{"v":1901.496,"d":"1,901"},{"v":16162.716,"d":"16,163"},{"v":21867.203999999998,"d":"21,867"},{"$f":"(M871*12-(VLOOKUP(AB871*12,'Tax table'!$A$3:$C$10,3)*(AB871*12-VLOOKUP(AB871*12,'Tax table'!$A$3:$C$10,1))+VLOOKUP(AB871*12,'Tax table'!$A$3:$C$10,2)))/12","v":{"v":20573.90029333333,"d":"20,574"}},{"v":16162.716,"d":"16,163"},{"v":0.7855931918381704,"d":"78.6%"}]
["Member 1438","1988-06-13","M",{"v":228235.2,"d":"228,235"},{"v":0.8,"d":"80%"},{"v":0.85,"d":"85%"},{"v":0.75,"d":"75%"},{"v":0.1,"d":"10%"},null,30,{"v":19019.600000000002,"d":"19,020"},{"v":1901.9600000000003,"d":"1,902"},{"v":23774.5,"d":"23,775"},{"v":21872.54,"d":"21,873"},{"$f":"(M872*12-(VLOOKUP(N872*12,'Tax table'!$A$3:$C$10,3)*(N872*12-VLOOKUP(N872*12,'Tax table'!$A$3:$C$10,1))+VLOOKUP(N872*12,'Tax table'!$A$3:$C$10,2)))/12","v":{"v":20578.312933333335,"d":"20,578"}},{"v":17117.640000000003,"d":"17,118"},{"$f":"(VLOOKUP(P872*12,'Tax table'!$A$3:$C$10,3)*(P872*12-VLOOKUP(P872*12,'Tax table'!$A$3:$C$10,1))+VLOOKUP(P872*12,'Tax table'!$A$3:$C$10,2))/12","v":{"v":1959.9130666666679,"d":"1,960"}},{"v":17059.686933333334,"d":"17,060"},{"v":14500.733893333334,"d":"14,501"},{"v":0.7046609671215872,"d":"70.5%"},{"v":43502.20168,"d":"43,502"},{"$f":"IF($B$15=\"Yes\",MIN(S872*2,References!$B$7),0)","v":{"v":29001.467786666668,"d":"29,001"}},{"$f":"IF(AND(D872<>0,$B$16=\"Yes\"),References!$B$6,0)","v":{"v":100000,"d":"100,000"}},{"v":2558.9530400000003,"d":"2,559"},{"v":14264.7,"d":"14,265"},{"v":1901.9600000000003,"d":"1,902"},{"v":16166.660000000002,"d":"16,167"},{"v":21872.54,"d":"21,873"},{"$f":"(M872*12-(VLOOKUP(AB872*12,'Tax table'!$A$3:$C$10,3)*(AB872*12-VLOOKUP(AB872*12,'Tax table'!$A$3:$C$10,1))+VLOOKUP(AB872*12,'Tax table'!$A$3:$C$10,2)))/12","v":{"v":20578.312933333335,"d":"20,578"}},{"v":16166.660000000002,"d":"16,167"},{"v":0.7856163939373664,"d":"78.6%"}]
["Member 1437","1964-03-25","F",{"v":228451.8,"d":"228,452"},{"v":0.8,"d":"80%"},{"v":0.85,"d":"85%"},{"v":0.75,"d":"75%"},{"v":0.1,"d":"10%"},null,54,{"v":19037.649999999998,"d":"19,038"},{"v":1903.7649999999999,"d":"1,904"},{"v":23797.062499999996,"d":"23,797"},{"v":21893.297499999997,"d":"21,893"},{"$f":"(M873*12-(VLOOKUP(N873*12,'Tax table'!$A$3:$C$10,3)*(N873*12-VLOOKUP(N873*12,'Tax table'!$A$3:$C$10,1))+VLOOKUP(N873*12,'Tax table'!$A$3:$C$10,2)))/12","v":{"v":20595.47848333333,"d":"20,595"}},{"v":17133.885,"d":"17,134"},{"$f":"(VLOOKUP(P873*12,'Tax table'!$A$3:$C$10,3)*(P873*12-VLOOKUP(P873*12,'Tax table'!$A$3:$C$10,1))+VLOOKUP(P873*12,'Tax table'!$A$3:$C$10,2))/12","v":{"v":1964.1367666666665,"d":"1,964"}},{"v":17073.51323333333,"d":"17,074"},{"v":14512.48624833333,"d":"14,512"},{"v":0.7046442868553603,"d":"70.5%"},{"v":43537.458744999996,"d":"43,537"},{"$f":"IF($B$15=\"Yes\",MIN(S873*2,References!$B$7),0)","v":{"v":29024.97249666666,"d":"29,025"}},{"$f":"IF(AND(D873<>0,$B$16=\"Yes\"),References!$B$6,0)","v":{"v":100000,"d":"100,000"}},{"v":2561.0269850000004,"d":"2,561"},{"v":14278.2375,"d":"14,278"},{"v":1903.7649999999999,"d":"1,904"},{"v":16182.002499999999,"d":"16,182"},{"v":21893.297499999997,"d":"21,893"},{"$f":"(M873*12-(VLOOKUP(AB873*12,'Tax table'!$A$3:$C$10,3)*(AB873*12-VLOOKUP(AB873*12,'Tax table'!$A$3:$C$10,1))+VLOOKUP(AB873*12,'Tax table'!$A$3:$C$10,2)))/12","v":{"v":20595.47848333333,"d":"20,595"}},{"v":16182.002499999999,"d":"16,182"},{"v":0.7857065575385933,"d":"78.6%"}]
["Member 1436","1957-06-26","M",{"v":229575.72,"d":"229,576"},{"v":0.8,"d":"80%"},{"v":0.85,"d":"85%"},{"v":0.75,"d":"75%"},{"v":0.1,"d":"10%"},null,61,{"v":19131.31,"d":"19,131"},{"v":1913.1310000000003,"d":"1,913"},{"v":23914.1375,"d":"23,914"},{"v":22001.0065,"d":"22,001"},{"$f":"(M874*12-(VLOOKUP(N874*12,'Tax table'!$A$3:$C$10,3)*(N874*12-VLOOKUP(N874*12,'Tax table'!$A$3:$C$10,1))+VLOOKUP(N874*12,'Tax table'!$A$3:$C$10,2)))/12","v":{"v":20684.549143333337,"d":"20,685"}},{"v":17218.179,"d":"17,218"},{"$f":"(VLOOKUP(P874*12,'Tax table'!$A$3:$C$10,3)*(P874*12-VLOOKUP(P874*12,'Tax table'!$A$3:$C$10,1))+VLOOKUP(P874*12,'Tax table'!$A$3:$C$10,2))/12","v":{"v":1986.0532066666665,"d":"1,986"}},{"v":17145.256793333334,"d":"17,145"},{"v":14573.468274333334,"d":"14,573"},{"v":0.70455817882936,"d":"70.5%"},{"v":43720.404823000004,"d":"43,720"},{"$f":"IF($B$15=\"Yes\",MIN(S874*2,References!$B$7),0)","v":{"v":29146.93654866667,"d":"29,147"}},{"$f":"IF(AND(D874<>0,$B$16=\"Yes\"),References!$B$6,0)","v":{"v":100000,"d":"100,000"}},{"v":2571.7885189999997,"d":"2,572"},{"v":14348.482500000002,"d":"14,348"},{"v":1913.1310000000003,"d":"1,913"},{"v":16261.613500000003,"d":"16,262"},{"v":22001.0065,"d":"22,001"},{"$f":"(M874*12-(VLOOKUP(AB874*12,'Tax table'!$A$3:$C$10,3)*(AB874*12-VLOOKUP(AB874*12,'Tax table'!$A$3:$C$10,1))+VLOOKUP(AB874*12,'Tax table'!$A$3:$C$10,2)))/12","v":{"v":20684.549143333337,"d":"20,685"}},{"v":16261.613500000003,"d":"16,262"},{"v":0.7861720063277834,"d":"78.6%"}]
["Member 1435","1959-10-28","M",{"v":230012.28,"d":"230,012"},{"v":0.8,"d":"80%"},{"v":0.85,"d":"85%"},{"v":0.75,"d":"75%"},{"v":0.1,"d":"10%"},null,59,{"v":19167.69,"d":"19,168"},{"v":1916.769,"d":"1,917"},{"v":23959.612499999996,"d":"23,960"},{"v":22042.843499999995,"d":"22,043"},{"$f":"(M875*12-(VLOOKUP(N875*12,'Tax table'!$A$3:$C$10,3)*(N875*12-VLOOKUP(N875*12,'Tax table'!$A$3:$C$10,1))+VLOOKUP(N875*12,'Tax table'!$A$3:$C$10,2)))/12","v":{"v":20719.146523333333,"d":"20,719"}},{"v":17250.921,"d":"17,251"},{"$f":"(VLOOKUP(P875*12,'Tax table'!$A$3:$C$10,3)*(P875*12-VLOOKUP(P875*12,'Tax table'!$A$3:$C$10,1))+VLOOKUP(P875*12,'Tax table'!$A$3:$C$10,2))/12","v":{"v":1994.566126666666,"d":"1,995"}},{"v":17173.123873333334,"d":"17,173"},{"v":14597.155292333333,"d":"14,597"},{"v":0.704524931849602,"d":"70.5%"},{"v":43791.465876999995,"d":"43,791"},{"$f":"IF($B$15=\"Yes\",MIN(S875*2,References!$B$7),0)","v":{"v":29194.310584666666,"d":"29,194"}},{"$f":"IF(AND(D875<>0,$B$16=\"Yes\"),References!$B$6,0)","v":{"v":100000,"d":"100,000"}},{"v":2575.968581000001,"d":"2,576"},{"v":14375.767499999998,"d":"14,376"},{"v":1916.769,"d":"1,917"},{"v":16292.536499999998,"d":"16,293"},{"v":22042.843499999995,"d":"22,043"},{"$f":"(M875*12-(VLOOKUP(AB875*12,'Tax table'!$A$3:$C$10,3)*(AB875*12-VLOOKUP(AB875*12,'Tax table'!$A$3:$C$10,1))+VLOOKUP(AB875*12,'Tax table'!$A$3:$C$10,2)))/12","v":{"v":20719.146523333333,"d":"20,719"}},{"v":16292.536499999998,"d":"16,293"},{"v":0.7863517197318814,"d":"78.6%"}]
["Member 1434","1959-12-03","F",{"v":230079.84,"d":"230,080"},{"v":0.8,"d":"80%"},{"v":0.85,"d":"85%"},{"v":0.75,"d":"75%"},{"v":0.1,"d":"10%"},null,58,{"v":19173.32,"d":"19,173"},{"v":1917.332,"d":"1,917"},{"v":23966.649999999998,"d":"23,967"},{"v":22049.318,"d":"22,049"},{"$f":"(M876*12-(VLOOKUP(N876*12,'Tax table'!$A$3:$C$10,3)*(N876*12-VLOOKUP(N876*12,'Tax table'!$A$3:$C$10,1))+VLOOKUP(N876*12,'Tax table'!$A$3:$C$10,2)))/12","v":{"v":20724.500653333333,"d":"20,725"}},{"v":17255.988,"d":"17,256"},{"$f":"(VLOOKUP(P876*12,'Tax table'!$A$3:$C$10,3)*(P876*12-VLOOKUP(P876*12,'Tax table'!$A$3:$C$10,1))+VLOOKUP(P876*12,'Tax table'!$A$3:$C$10,2))/12","v":{"v":1995.8835466666671,"d":"1,996"}},{"v":17177.436453333332,"d":"17,177"},{"v":14600.820985333332,"d":"14,601"},{"v":0.704519796619801,"d":"70.5%"},{"v":43802.462955999996,"d":"43,802"},{"$f":"IF($B$15=\"Yes\",MIN(S876*2,References!$B$7),0)","v":{"v":29201.641970666664,"d":"29,202"}},{"$f":"IF(AND(D876<>0,$B$16=\"Yes\"),References!$B$6,0)","v":{"v":100000,"d":"100,000"}},{"v":2576.615468,"d":"2,577"},{"v":14379.99,"d":"14,380"},{"v":1917.332,"d":"1,917"},{"v":16297.322,"d":"16,297"},{"v":22049.318,"d":"22,049"},{"$f":"(M876*12-(VLOOKUP(AB876*12,'Tax table'!$A$3:$C$10,3)*(AB876*12-VLOOKUP(AB876*12,'Tax table'!$A$3:$C$10,1))+VLOOKUP(AB876*12,'Tax table'!$A$3:$C$10,2)))/12","v":{"v":20724.500653333333,"d":"20,725"}},{"v":16297.322,"d":"16,297"},{"v":0.7863794777308053,"d":"78.6%"}]
["Member 1433","1982-12-10","F",{"v":230094.72,"d":"230,095"},{"v":0.8,"d":"80%"},{"v":0.85,"d":"85%"},{"v":0.75,"d":"75%"},{"v":0.1,"d":"10%"},null,35,{"v":19174.56,"d":"19,175"},{"v":1917.4560000000001,"d":"1,917"},{"v":23968.2,"d":"23,968"},{"v":22050.744,"d":"22,051"},{"$f":"(M877*12-(VLOOKUP(N877*12,'Tax table'!$A$3:$C$10,3)*(N877*12-VLOOKUP(N877*12,'Tax table'!$A$3:$C$10,1))+VLOOKUP(N877*12,'Tax table'!$A$3:$C$10,2)))/12","v":{"v":20725.679893333338,"d":"20,726"}},{"v":17257.104,"d":"17,257"},{"$f":"(VLOOKUP(P877*12,'Tax table'!$A$3:$C$10,3)*(P877*12-VLOOKUP(P877*12,'Tax table'!$A$3:$C$10,1))+VLOOKUP(P877*12,'Tax table'!$A$3:$C$10,2))/12","v":{"v":1996.1737066666665,"d":"1,996"}},{"v":17178.386293333337,"d":"17,178"},{"v":14601.628349333336,"d":"14,602"},{"v":0.7045186659488128,"d":"70.5%"},{"v":43804.88504800001,"d":"43,805"},{"$f":"IF($B$15=\"Yes\",MIN(S877*2,References!$B$7),0)","v":{"v":29203.25669866667,"d":"29,203"}},{"$f":"IF(AND(D877<>0,$B$16=\"Yes\"),References!$B$6,0)","v":{"v":100000,"d":"100,000"}},{"v":2576.757944000001,"d":"2,577"},{"v":14380.920000000002,"d":"14,381"},{"v":1917.4560000000001,"d":"1,917"},{"v":16298.376000000002,"d":"16,298"},{"v":22050.744,"d":"22,051"},{"$f":"(M877*12-(VLOOKUP(AB877*12,'Tax table'!$A$3:$C$10,3)*(AB877*12-VLOOKUP(AB877*12,'Tax table'!$A$3:$C$10,1))+VLOOKUP(AB877*12,'Tax table'!$A$3:$C$10,2)))/12","v":{"v":20725.679893333338,"d":"20,726"}},{"v":16298.376000000002,"d":"16,298"},{"v":0.7863855894658766,"d":"78.6%"}]
["Member 1430","1986-08-19","M",{"v":230842.44,"d":"230,842"},{"v":0.8,"d":"80%"},{"v":0.85,"d":"85%"},{"v":0.75,"d":"75%"},{"v":0.1,"d":"10%"},null,32,{"v":19236.87,"d":"19,237"},{"v":1923.687,"d":"1,924"},{"v":24046.087499999998,"d":"24,046"},{"v":22122.400499999996,"d":"22,122"},{"$f":"(M878*12-(VLOOKUP(N878*12,'Tax table'!$A$3:$C$10,3)*(N878*12-VLOOKUP(N878*12,'Tax table'!$A$3:$C$10,1))+VLOOKUP(N878*12,'Tax table'!$A$3:$C$10,2)))/12","v":{"v":20784.936703333333,"d":"20,785"}},{"v":17313.182999999997,"d":"17,313"},{"$f":"(VLOOKUP(P878*12,'Tax table'!$A$3:$C$10,3)*(P878*12-VLOOKUP(P878*12,'Tax table'!$A$3:$C$10,1))+VLOOKUP(P878*12,'Tax table'!$A$3:$C$10,2))/12","v":{"v":2010.7542466666662,"d":"2,011"}},{"v":17226.11575333333,"d":"17,226"},{"v":14642.198390333331,"d":"14,642"},{"v":0.7044620149353221,"d":"70.4%"},{"v":43926.59517099999,"d":"43,927"},{"$f":"IF($B$15=\"Yes\",MIN(S878*2,References!$B$7),0)","v":{"v":29284.396780666662,"d":"29,284"}},{"$f":"IF(AND(D878<>0,$B$16=\"Yes\"),References!$B$6,0)","v":{"v":100000,"d":"100,000"}},{"v":2583.9173630000005,"d":"2,584"},{"v":14427.6525,"d":"14,428"},{"v":1923.687,"d":"1,924"},{"v":16351.3395,"d":"16,351"},{"v":22122.400499999996,"d":"22,122"},{"$f":"(M878*12-(VLOOKUP(AB878*12,'Tax table'!$A$3:$C$10,3)*(AB878*12-VLOOKUP(AB878*12,'Tax table'!$A$3:$C$10,1))+VLOOKUP(AB878*12,'Tax table'!$A$3:$C$10,2)))/12","v":{"v":20784.936703333333,"d":"20,785"}},{"v":16351.3395,"d":"16,351"},{"v":0.7866918111604205,"d":"78.7%"}]
["Member 1431","1985-02-15","F",{"v":230842.44,"d":"230,842"},{"v":0.8,"d":"80%"},{"v":0.85,"d":"85%"},{"v":0.75,"d":"75%"},{"v":0.1,"d":"10%"},null,33,{"v":19236.87,"d":"19,237"},{"v":1923.687,"d":"1,924"},{"v":24046.087499999998,"d":"24,046"},{"v":22122.400499999996,"d":"22,122"},{"$f":"(M879*12-(VLOOKUP(N879*12,'Tax table'!$A$3:$C$10,3)*(N879*12-VLOOKUP(N879*12,'Tax table'!$A$3:$C$10,1))+VLOOKUP(N879*12,'Tax table'!$A$3:$C$10,2)))/12","v":{"v":20784.936703333333,"d":"20,785"}},{"v":17313.182999999997,"d":"17,313"},{"$f":"(VLOOKUP(P879*12,'Tax table'!$A$3:$C$10,3)*(P879*12-VLOOKUP(P879*12,'Tax table'!$A$3:$C$10,1))+VLOOKUP(P879*12,'Tax table'!$A$3:$C$10,2))/12","v":{"v":2010.7542466666662,"d":"2,011"}},{"v":17226.11575333333,"d":"17,226"},{"v":14642.198390333331,"d":"14,642"},{"v":0.7044620149353221,"d":"70.4%"},{"v":43926.59517099999,"d":"43,927"},{"$f":"IF($B$15=\"Yes\",MIN(S879*2,References!$B$7),0)","v":{"v":29284.396780666662,"d":"29,284"}},{"$f":"IF(AND(D879<>0,$B$16=\"Yes\"),References!$B$6,0)","v":{"v":100000,"d":"100,000"}},{"v":2583.9173630000005,"d":"2,584"},{"v":14427.6525,"d":"14,428"},{"v":1923.687,"d":"1,924"},{"v":16351.3395,"d":"16,351"},{"v":22122.400499999996,"d":"22,122"},{"$f":"(M879*12-(VLOOKUP(AB879*12,'Tax table'!$A$3:$C$10,3)*(AB879*12-VLOOKUP(AB879*12,'Tax table'!$A$3:$C$10,1))+VLOOKUP(AB879*12,'Tax table'!$A$3:$C$10,2)))/12","v":{"v":20784.936703333333,"d":"20,785"}},{"v":16351.3395,"d":"16,351"},{"v":0.7866918111604205,"d":"78.7%"}]
["Member 1432","1976-01-11","M",{"v":230842.44,"d":"230,842"},{"v":0.8,"d":"80%"},{"v":0.85,"d":"85%"},{"v":0.75,"d":"75%"},{"v":0.1,"d":"10%"},null,42,{"v":19236.87,"d":"19,237"},{"v":1923.687,"d":"1,924"},{"v":24046.087499999998,"d":"24,046"},{"v":22122.400499999996,"d":"22,122"},{"$f":"(M880*12-(VLOOKUP(N880*12,'Tax table'!$A$3:$C$10,3)*(N880*12-VLOOKUP(N880*12,'Tax table'!$A$3:$C$10,1))+VLOOKUP(N880*12,'Tax table'!$A$3:$C$10,2)))/12","v":{"v":20784.936703333333,"d":"20,785"}},{"v":17313.182999999997,"d":"17,313"},{"$f":"(VLOOKUP(P880*12,'Tax table'!$A$3:$C$10,3)*(P880*12-VLOOKUP(P880*12,'Tax table'!$A$3:$C$10,1))+VLOOKUP(P880*12,'Tax table'!$A$3:$C$10,2))/12","v":{"v":2010.7542466666662,"d":"2,011"}},{"v":17226.11575333333,"d":"17,226"},{"v":14642.198390333331,"d":"14,642"},{"v":0.7044620149353221,"d":"70.4%"},{"v":43926.59517099999,"d":"43,927"},{"$f":"IF($B$15=\"Yes\",MIN(S880*2,References!$B$7),0)","v":{"v":29284.396780666662,"d":"29,284"}},{"$f":"IF(AND(D880<>0,$B$16=\"Yes\"),References!$B$6,0)","v":{"v":100000,"d":"100,000"}},{"v":2583.9173630000005,"d":"2,584"},{"v":14427.6525,"d":"14,428"},{"v":1923.687,"d":"1,924"},{"v":16351.3395,"d":"16,351"},{"v":22122.400499999996,"d":"22,122"},{"$f":"(M880*12-(VLOOKUP(AB880*12,'Tax table'!$A$3:$C$10,3)*(AB880*12-VLOOKUP(AB880*12,'Tax table'!$A$3:$C$10,1))+VLOOKUP(AB880*12,'Tax table'!$A$3:$C$10,2)))/12","v":{"v":20784.936703333333,"d":"20,785"}},{"v":16351.3395,"d":"16,351"},{"v":0.7866918111604205,"d":"78.7%"}]
["Member 1429","1971-04-21","F",{"v":231151.08,"d":"231,151"},{"v":0.8,"d":"80%"},{"v":0.85,"d":"85%"},{"v":0.75,"d":"75%"},{"v":0.1,"d":"10%"},null,47,{"v":19262.59,"d":"19,263"},{"v":1926.259,"d":"1,926"},{"v":24078.2375,"d":"24,078"},{"v":22151.978499999997,"d":"22,152"},{"$f":"(M881*12-(VLOOKUP(N881*12,'Tax table'!$A$3:$C$10,3)*(N881*12-VLOOKUP(N881*12,'Tax table'!$A$3:$C$10,1))+VLOOKUP(N881*12,'Tax table'!$A$3:$C$10,2)))/12","v":{"v":20809.39642333333,"d":"20,809"}},{"v":17336.331,"d":"17,336"},{"$f":"(VLOOKUP(P881*12,'Tax table'!$A$3:$C$10,3)*(P881*12-VLOOKUP(P881*12,'Tax table'!$A$3:$C$10,1))+VLOOKUP(P881*12,'Tax table'!$A$3:$C$10,2))/12","v":{"v":2016.7727266666661,"d":"2,017"}},{"v":17245.817273333334,"d":"17,246"},{"v":14658.944682333333,"d":"14,659"},{"v":0.7044387248972023,"d":"70.4%"},{"v":43976.834047,"d":"43,977"},{"$f":"IF($B$15=\"Yes\",MIN(S881*2,References!$B$7),0)","v":{"v":29317.889364666666,"d":"29,318"}},{"$f":"IF(AND(D881<>0,$B$16=\"Yes\"),References!$B$6,0)","v":{"v":100000,"d":"100,000"}},{"v":2586.872591000001,"d":"2,587"},{"v":14446.942500000001,"d":"14,447"},{"v":1926.259,"d":"1,926"},{"v":16373.201500000001,"d":"16,373"},{"v":22151.978499999997,"d":"22,152"},{"$f":"(M881*12-(VLOOKUP(AB881*12,'Tax table'!$A$3:$C$10,3)*(AB881*12-VLOOKUP(AB881*12,'Tax table'!$A$3:$C$10,1))+VLOOKUP(AB881*12,'Tax table'!$A$3:$C$10,2)))/12","v":{"v":20809.39642333333,"d":"20,809"}},{"v":16373.201500000001,"d":"16,373"},{"v":0.7868177032583666,"d":"78.7%"}]
["Member 1428","1964-06-15","F",{"v":231609.48,"d":"231,609"},{"v":0.8,"d":"80%"},{"v":0.85,"d":"85%"},{"v":0.75,"d":"75%"},{"v":0.1,"d":"10%"},null,54,{"v":19300.79,"d":"19,301"},{"v":1930.0790000000002,"d":"1,930"},{"v":24125.9875,"d":"24,126"},{"v":22195.908499999998,"d":"22,196"},{"$f":"(M882*12-(VLOOKUP(N882*12,'Tax table'!$A$3:$C$10,3)*(N882*12-VLOOKUP(N882*12,'Tax table'!$A$3:$C$10,1))+VLOOKUP(N882*12,'Tax table'!$A$3:$C$10,2)))/12","v":{"v":20845.72462333333,"d":"20,846"}},{"v":17370.711,"d":"17,371"},{"$f":"(VLOOKUP(P882*12,'Tax table'!$A$3:$C$10,3)*(P882*12-VLOOKUP(P882*12,'Tax table'!$A$3:$C$10,1))+VLOOKUP(P882*12,'Tax table'!$A$3:$C$10,2))/12","v":{"v":2025.711526666667,"d":"2,026"}},{"v":17275.078473333335,"d":"17,275"},{"v":14683.816702333334,"d":"14,684"},{"v":0.7044042348087644,"d":"70.4%"},{"v":44051.450107,"d":"44,051"},{"$f":"IF($B$15=\"Yes\",MIN(S882*2,References!$B$7),0)","v":{"v":29367.633404666667,"d":"29,368"}},{"$f":"IF(AND(D882<>0,$B$16=\"Yes\"),References!$B$6,0)","v":{"v":100000,"d":"100,000"}},{"v":2591.2617710000013,"d":"2,591"},{"v":14475.5925,"d":"14,476"},{"v":1930.0790000000002,"d":"1,930"},{"v":16405.6715,"d":"16,406"},{"v":22195.908499999998,"d":"22,196"},{"$f":"(M882*12-(VLOOKUP(AB882*12,'Tax table'!$A$3:$C$10,3)*(AB882*12-VLOOKUP(AB882*12,'Tax table'!$A$3:$C$10,1))+VLOOKUP(AB882*12,'Tax table'!$A$3:$C$10,2)))/12","v":{"v":20845.72462333333,"d":"20,846"}},{"v":16405.6715,"d":"16,406"},{"v":0.7870041361688417,"d":"78.7%"}]
["Member 1427","1961-11-03","F",{"v":232964.64,"d":"232,965"},{"v":0.8,"d":"80%"},{"v":0.85,"d":"85%"},{"v":0.75,"d":"75%"},{"v":0.1,"d":"10%"},null,57,{"v":19413.72,"d":"19,414"},{"v":1941.3720000000003,"d":"1,941"},{"v":24267.15,"d":"24,267"},{"v":22325.778000000002,"d":"22,326"},{"$f":"(M883*12-(VLOOKUP(N883*12,'Tax table'!$A$3:$C$10,3)*(N883*12-VLOOKUP(N883*12,'Tax table'!$A$3:$C$10,1))+VLOOKUP(N883*12,'Tax table'!$A$3:$C$10,2)))/12","v":{"v":20953.121053333336,"d":"20,953"}},{"v":17472.348,"d":"17,472"},{"$f":"(VLOOKUP(P883*12,'Tax table'!$A$3:$C$10,3)*(P883*12-VLOOKUP(P883*12,'Tax table'!$A$3:$C$10,1))+VLOOKUP(P883*12,'Tax table'!$A$3:$C$10,2))/12","v":{"v":2052.1371466666674,"d":"2,052"}},{"v":17361.582853333333,"d":"17,362"},{"v":14757.345425333333,"d":"14,757"},{"v":0.7043029717515833,"d":"70.4%"},{"v":44272.036276,"d":"44,272"},{"$f":"IF($B$15=\"Yes\",MIN(S883*2,References!$B$7),0)","v":{"v":29514.690850666666,"d":"29,515"}},{"$f":"IF(AND(D883<>0,$B$16=\"Yes\"),References!$B$6,0)","v":{"v":100000,"d":"100,000"}},{"v":2604.2374280000004,"d":"2,604"},{"v":14560.29,"d":"14,560"},{"v":1941.3720000000003,"d":"1,941"},{"v":16501.662,"d":"16,502"},{"v":22325.778000000002,"d":"22,326"},{"$f":"(M883*12-(VLOOKUP(AB883*12,'Tax table'!$A$3:$C$10,3)*(AB883*12-VLOOKUP(AB883*12,'Tax table'!$A$3:$C$10,1))+VLOOKUP(AB883*12,'Tax table'!$A$3:$C$10,2)))/12","v":{"v":20953.121053333336,"d":"20,953"}},{"v":16501.662,"d":"16,502"},{"v":0.7875515040454952,"d":"78.8%"}]
["Member 1410","1974-05-06","M",{"v":233128.44,"d":"233,128"},{"v":0.8,"d":"80%"},{"v":0.85,"d":"85%"},{"v":0.75,"d":"75%"},{"v":0.1,"d":"10%"},null,44,{"v":19427.37,"d":"19,427"},{"v":1942.737,"d":"1,943"},{"v":24284.212499999998,"d":"24,284"},{"v":22341.475499999997,"d":"22,341"},{"$f":"(M884*12-(VLOOKUP(N884*12,'Tax table'!$A$3:$C$10,3)*(N884*12-VLOOKUP(N884*12,'Tax table'!$A$3:$C$10,1))+VLOOKUP(N884*12,'Tax table'!$A$3:$C$10,2)))/12","v":{"v":20966.102203333332,"d":"20,966"}},{"v":17484.632999999998,"d":"17,485"},{"$f":"(VLOOKUP(P884*12,'Tax table'!$A$3:$C$10,3)*(P884*12-VLOOKUP(P884*12,'Tax table'!$A$3:$C$10,1))+VLOOKUP(P884*12,'Tax table'!$A$3:$C$10,2))/12","v":{"v":2055.331246666666,"d":"2,055"}},{"v":17372.038753333334,"d":"17,372"},{"v":14766.232940333333,"d":"14,766"},{"v":0.7042908022257803,"d":"70.4%"},{"v":44298.698821,"d":"44,299"},{"$f":"IF($B$15=\"Yes\",MIN(S884*2,References!$B$7),0)","v":{"v":29532.465880666667,"d":"29,532"}},{"$f":"IF(AND(D884<>0,$B$16=\"Yes\"),References!$B$6,0)","v":{"v":100000,"d":"100,000"}},{"v":2605.805813000001,"d":"2,606"},{"v":14570.5275,"d":"14,571"},{"v":1942.737,"d":"1,943"},{"v":16513.2645,"d":"16,513"},{"v":22341.475499999997,"d":"22,341"},{"$f":"(M884*12-(VLOOKUP(AB884*12,'Tax table'!$A$3:$C$10,3)*(AB884*12-VLOOKUP(AB884*12,'Tax table'!$A$3:$C$10,1))+VLOOKUP(AB884*12,'Tax table'!$A$3:$C$10,2)))/12","v":{"v":20966.102203333332,"d":"20,966"}},{"v":16513.2645,"d":"16,513"},{"v":0.7876172852660526,"d":"78.8%"}]
["Member 1411","1988-06-22","M",{"v":233128.44,"d":"233,128"},{"v":0.8,"d":"80%"},{"v":0.85,"d":"85%"},{"v":0.75,"d":"75%"},{"v":0.1,"d":"10%"},null,30,{"v":19427.37,"d":"19,427"},{"v":1942.737,"d":"1,943"},{"v":24284.212499999998,"d":"24,284"},{"v":22341.475499999997,"d":"22,341"},{"$f":"(M885*12-(VLOOKUP(N885*12,'Tax table'!$A$3:$C$10,3)*(N885*12-VLOOKUP(N885*12,'Tax table'!$A$3:$C$10,1))+VLOOKUP(N885*12,'Tax table'!$A$3:$C$10,2)))/12","v":{"v":20966.102203333332,"d":"20,966"}},{"v":17484.632999999998,"d":"17,485"},{"$f":"(VLOOKUP(P885*12,'Tax table'!$A$3:$C$10,3)*(P885*12-VLOOKUP(P885*12,'Tax table'!$A$3:$C$10,1))+VLOOKUP(P885*12,'Tax table'!$A$3:$C$10,2))/12","v":{"v":2055.331246666666,"d":"2,055"}},{"v":17372.038753333334,"d":"17,372"},{"v":14766.232940333333,"d":"14,766"},{"v":0.7042908022257803,"d":"70.4%"},{"v":44298.698821,"d":"44,299"},{"$f":"IF($B$15=\"Yes\",MIN(S885*2,References!$B$7),0)","v":{"v":29532.465880666667,"d":"29,532"}},{"$f":"IF(AND(D885<>0,$B$16=\"Yes\"),References!$B$6,0)","v":{"v":100000,"d":"100,000"}},{"v":2605.805813000001,"d":"2,606"},{"v":14570.5275,"d":"14,571"},{"v":1942.737,"d":"1,943"},{"v":16513.2645,"d":"16,513"},{"v":22341.475499999997,"d":"22,341"},{"$f":"(M885*12-(VLOOKUP(AB885*12,'Tax table'!$A$3:$C$10,3)*(AB885*12-VLOOKUP(AB885*12,'Tax table'!$A$3:$C$10,1))+VLOOKUP(AB885*12,'Tax table'!$A$3:$C$10,2)))/12","v":{"v":20966.102203333332,"d":"20,966"}},{"v":16513.2645,"d":"16,513"},{"v":0.7876172852660526,"d":"78.8%"}]
["Member 1412","1981-08-26","F",{"v":233128.44,"d":"233,128"},{"v":0.8,"d":"80%"},{"v":0.85,"d":"85%"},{"v":0.75,"d":"75%"},{"v":0.1,"d":"10%"},null,37,{"v":19427.37,"d":"19,427"},{"v":1942.737,"d":"1,943"},{"v":24284.212499999998,"d":"24,284"},{"v":22341.475499999997,"d":"22,341"},{"$f":"(M886*12-(VLOOKUP(N886*12,'Tax table'!$A$3:$C$10,3)*(N886*12-VLOOKUP(N886*12,'Tax table'!$A$3:$C$10,1))+VLOOKUP(N886*12,'Tax table'!$A$3:$C$10,2)))/12","v":{"v":20966.102203333332,"d":"20,966"}},{"v":17484.632999999998,"d":"17,485"},{"$f":"(VLOOKUP(P886*12,'Tax table'!$A$3:$C$10,3)*(P886*12-VLOOKUP(P886*12,'Tax table'!$A$3:$C$10,1))+VLOOKUP(P886*12,'Tax table'!$A$3:$C$10,2))/12","v":{"v":2055.331246666666,"d":"2,055"}},{"v":17372.038753333334,"d":"17,372"},{"v":14766.232940333333,"d":"14,766"},{"v":0.7042908022257803,"d":"70.4%"},{"v":44298.698821,"d":"44,299"},{"$f":"IF($B$15=\"Yes\",MIN(S886*2,References!$B$7),0)","v":{"v":29532.465880666667,"d":"29,532"}},{"$f":"IF(AND(D886<>0,$B$16=\"Yes\"),References!$B$6,0)","v":{"v":100000,"d":"100,000"}},{"v":2605.805813000001,"d":"2,606"},{"v":14570.5275,"d":"14,571"},{"v":1942.737,"d":"1,943"},{"v":16513.2645,"d":"16,513"},{"v":22341.475499999997,"d":"22,341"},{"$f":"(M886*12-(VLOOKUP(AB886*12,'Tax table'!$A$3:$C$10,3)*(AB886*12-VLOOKUP(AB886*12,'Tax table'!$A$3:$C$10,1))+VLOOKUP(AB886*12,'Tax table'!$A$3:$C$10,2)))/12","v":{"v":20966.102203333332,"d":"20,966"}},{"v":16513.2645,"d":"16,513"},{"v":0.7876172852660526,"d":"78.8%"}]
["Member 1413","1984-11-10","F",{"v":233128.44,"d":"233,128"},{"v":0.8,"d":"80%"},{"v":0.85,"d":"85%"},{"v":0.75,"d":"75%"},{"v":0.1,"d":"10%"},null,33,{"v":19427.37,"d":"19,427"},{"v":1942.737,"d":"1,943"},{"v":24284.212499999998,"d":"24,284"},{"v":22341.475499999997,"d":"22,341"},{"$f":"(M887*12-(VLOOKUP(N887*12,'Tax table'!$A$3:$C$10,3)*(N887*12-VLOOKUP(N887*12,'Tax table'!$A$3:$C$10,1))+VLOOKUP(N887*12,'Tax table'!$A$3:$C$10,2)))/12","v":{"v":20966.102203333332,"d":"20,966"}},{"v":17484.632999999998,"d":"17,485"},{"$f":"(VLOOKUP(P887*12,'Tax table'!$A$3:$C$10,3)*(P887*12-VLOOKUP(P887*12,'Tax table'!$A$3:$C$10,1))+VLOOKUP(P887*12,'Tax table'!$A$3:$C$10,2))/12","v":{"v":2055.331246666666,"d":"2,055"}},{"v":17372.038753333334,"d":"17,372"},{"v":14766.232940333333,"d":"14,766"},{"v":0.7042908022257803,"d":"70.4%"},{"v":44298.698821,"d":"44,299"},{"$f":"IF($B$15=\"Yes\",MIN(S887*2,References!$B$7),0)","v":{"v":29532.465880666667,"d":"29,532"}},{"$f":"IF(AND(D887<>0,$B$16=\"Yes\"),References!$B$6,0)","v":{"v":100000,"d":"100,000"}},{"v":2605.805813000001,"d":"2,606"},{"v":14570.5275,"d":"14,571"},{"v":1942.737,"d":"1,943"},{"v":16513.2645,"d":"16,513"},{"v":22341.475499999997,"d":"22,341"},{"$f":"(M887*12-(VLOOKUP(AB887*12,'Tax table'!$A$3:$C$10,3)*(AB887*12-VLOOKUP(AB887*12,'Tax table'!$A$3:$C$10,1))+VLOOKUP(AB887*12,'Tax table'!$A$3:$C$10,2)))/12","v":{"v":20966.102203333332,"d":"20,966"}},{"v":16513.2645,"d":"16,513"},{"v":0.7876172852660526,"d":"78.8%"}]
["Member 1414","1978-12-16","F",{"v":233128.44,"d":"233,128"},{"v":0.8,"d":"80%"},{"v":0.85,"d":"85%"},{"v":0.75,"d":"75%"},{"v":0.1,"d":"10%"},null,39,{"v":19427.37,"d":"19,427"},{"v":1942.737,"d":"1,943"},{"v":24284.212499999998,"d":"24,284"},{"v":22341.475499999997,"d":"22,341"},{"$f":"(M888*12-(VLOOKUP(N888*12,'Tax table'!$A$3:$C$10,3)*(N888*12-VLOOKUP(N888*12,'Tax table'!$A$3:$C$10,1))+VLOOKUP(N888*12,'Tax table'!$A$3:$C$10,2)))/12","v":{"v":20966.102203333332,"d":"20,966"}},{"v":17484.632999999998,"d":"17,485"},{"$f":"(VLOOKUP(P888*12,'Tax table'!$A$3:$C$10,3)*(P888*12-VLOOKUP(P888*12,'Tax table'!$A$3:$C$10,1))+VLOOKUP(P888*12,'Tax table'!$A$3:$C$10,2))/12","v":{"v":2055.331246666666,"d":"2,055"}},{"v":17372.038753333334,"d":"17,372"},{"v":14766.232940333333,"d":"14,766"},{"v":0.7042908022257803,"d":"70.4%"},{"v":44298.698821,"d":"44,299"},{"$f":"IF($B$15=\"Yes\",MIN(S888*2,References!$B$7),0)","v":{"v":29532.465880666667,"d":"29,532"}},{"$f":"IF(AND(D888<>0,$B$16=\"Yes\"),References!$B$6,0)","v":{"v":100000,"d":"100,000"}},{"v":2605.805813000001,"d":"2,606"},{"v":14570.5275,"d":"14,571"},{"v":1942.737,"d":"1,943"},{"v":16513.2645,"d":"16,513"},{"v":22341.475499999997,"d":"22,341"},{"$f":"(M888*12-(VLOOKUP(AB888*12,'Tax table'!$A$3:$C$10,3)*(AB888*12-VLOOKUP(AB888*12,'Tax table'!$A$3:$C$10,1))+VLOOKUP(AB888*12,'Tax table'!$A$3:$C$10,2)))/12","v":{"v":20966.102203333332,"d":"20,966"}},{"v":16513.2645,"d":"16,513"},{"v":0.7876172852660526,"d":"78.8%"}]
["Member 1415","1973-05-20","M",{"v":233128.44,"d":"233,128"},{"v":0.8,"d":"80%"},{"v":0.85,"d":"85%"},{"v":0.75,"d":"75%"},{"v":0.1,"d":"10%"},null,45,{"v":19427.37,"d":"19,427"},{"v":1942.737,"d":"1,943"},{"v":24284.212499999998,"d":"24,284"},{"v":22341.475499999997,"d":"22,341"},{"$f":"(M889*12-(VLOOKUP(N889*12,'Tax table'!$A$3:$C$10,3)*(N889*12-VLOOKUP(N889*12,'Tax table'!$A$3:$C$10,1))+VLOOKUP(N889*12,'Tax table'!$A$3:$C$10,2)))/12","v":{"v":20966.102203333332,"d":"20,966"}},{"v":17484.632999999998,"d":"17,485"},{"$f":"(VLOOKUP(P889*12,'Tax table'!$A$3:$C$10,3)*(P889*12-VLOOKUP(P889*12,'Tax table'!$A$3:$C$10,1))+VLOOKUP(P889*12,'Tax table'!$A$3:$C$10,2))/12","v":{"v":2055.331246666666,"d":"2,055"}},{"v":17372.038753333334,"d":"17,372"},{"v":14766.232940333333,"d":"14,766"},{"v":0.7042908022257803,"d":"70.4%"},{"v":44298.698821,"d":"44,299"},{"$f":"IF($B$15=\"Yes\",MIN(S889*2,References!$B$7),0)","v":{"v":29532.465880666667,"d":"29,532"}},{"$f":"IF(AND(D889<>0,$B$16=\"Yes\"),References!$B$6,0)","v":{"v":100000,"d":"100,000"}},{"v":2605.805813000001,"d":"2,606"},{"v":14570.5275,"d":"14,571"},{"v":1942.737,"d":"1,943"},{"v":16513.2645,"d":"16,513"},{"v":22341.475499999997,"d":"22,341"},{"$f":"(M889*12-(VLOOKUP(AB889*12,'Tax table'!$A$3:$C$10,3)*(AB889*12-VLOOKUP(AB889*12,'Tax table'!$A$3:$C$10,1))+VLOOKUP(AB889*12,'Tax table'!$A$3:$C$10,2)))/12","v":{"v":20966.102203333332,"d":"20,966"}},{"v":16513.2645,"d":"16,513"},{"v":0.7876172852660526,"d":"78.8%"}]
["Member 1416","1986-10-11","M",{"v":233128.44,"d":"233,128"},{"v":0.8,"d":"80%"},{"v":0.85,"d":"85%"},{"v":0.75,"d":"75%"},{"v":0.1,"d":"10%"},null,32,{"v":19427.37,"d":"19,427"},{"v":1942.737,"d":"1,943"},{"v":24284.212499999998,"d":"24,284"},{"v":22341.475499999997,"d":"22,341"},{"$f":"(M890*12-(VLOOKUP(N890*12,'Tax table'!$A$3:$C$10,3)*(N890*12-VLOOKUP(N890*12,'Tax table'!$A$3:$C$10,1))+VLOOKUP(N890*12,'Tax table'!$A$3:$C$10,2)))/12","v":{"v":20966.102203333332,"d":"20,966"}},{"v":17484.632999999998,"d":"17,485"},{"$f":"(VLOOKUP(P890*12,'Tax table'!$A$3:$C$10,3)*(P890*12-VLOOKUP(P890*12,'Tax table'!$A$3:$C$10,1))+VLOOKUP(P890*12,'Tax table'!$A$3:$C$10,2))/12","v":{"v":2055.331246666666,"d":"2,055"}},{"v":17372.038753333334,"d":"17,372"},{"v":14766.232940333333,"d":"14,766"},{"v":0.7042908022257803,"d":"70.4%"},{"v":44298.698821,"d":"44,299"},{"$f":"IF($B$15=\"Yes\",MIN(S890*2,References!$B$7),0)","v":{"v":29532.465880666667,"d":"29,532"}},{"$f":"IF(AND(D890<>0,$B$16=\"Yes\"),References!$B$6,0)","v":{"v":100000,"d":"100,000"}},{"v":2605.805813000001,"d":"2,606"},{"v":14570.5275,"d":"14,571"},{"v":1942.737,"d":"1,943"},{"v":16513.2645,"d":"16,513"},{"v":22341.475499999997,"d":"22,341"},{"$f":"(M890*12-(VLOOKUP(AB890*12,'Tax table'!$A$3:$C$10,3)*(AB890*12-VLOOKUP(AB890*12,'Tax table'!$A$3:$C$10,1))+VLOOKUP(AB890*12,'Tax table'!$A$3:$C$10,2)))/12","v":{"v":20966.102203333332,"d":"20,966"}},{"v":16513.2645,"d":"16,513"},{"v":0.7876172852660526,"d":"78.8%"}]
["Member 1417","1981-10-09","M",{"v":233128.44,"d":"233,128"},{"v":0.8,"d":"80%"},{"v":0.85,"d":"85%"},{"v":0.75,"d":"75%"},{"v":0.1,"d":"10%"},null,37,{"v":19427.37,"d":"19,427"},{"v":1942.737,"d":"1,943"},{"v":24284.212499999998,"d":"24,284"},{"v":22341.475499999997,"d":"22,341"},{"$f":"(M891*12-(VLOOKUP(N891*12,'Tax table'!$A$3:$C$10,3)*(N891*12-VLOOKUP(N891*12,'Tax table'!$A$3:$C$10,1))+VLOOKUP(N891*12,'Tax table'!$A$3:$C$10,2)))/12","v":{"v":20966.102203333332,"d":"20,966"}},{"v":17484.632999999998,"d":"17,485"},{"$f":"(VLOOKUP(P891*12,'Tax table'!$A$3:$C$10,3)*(P891*12-VLOOKUP(P891*12,'Tax table'!$A$3:$C$10,1))+VLOOKUP(P891*12,'Tax table'!$A$3:$C$10,2))/12","v":{"v":2055.331246666666,"d":"2,055"}},{"v":17372.038753333334,"d":"17,372"},{"v":14766.232940333333,"d":"14,766"},{"v":0.7042908022257803,"d":"70.4%"},{"v":44298.698821,"d":"44,299"},{"$f":"IF($B$15=\"Yes\",MIN(S891*2,References!$B$7),0)","v":{"v":29532.465880666667,"d":"29,532"}},{"$f":"IF(AND(D891<>0,$B$16=\"Yes\"),References!$B$6,0)","v":{"v":100000,"d":"100,000"}},{"v":2605.805813000001,"d":"2,606"},{"v":14570.5275,"d":"14,571"},{"v":1942.737,"d":"1,943"},{"v":16513.2645,"d":"16,513"},{"v":22341.475499999997,"d":"22,341"},{"$f":"(M891*12-(VLOOKUP(AB891*12,'Tax table'!$A$3:$C$10,3)*(AB891*12-VLOOKUP(AB891*12,'Tax table'!$A$3:$C$10,1))+VLOOKUP(AB891*12,'Tax table'!$A$3:$C$10,2)))/12","v":{"v":20966.102203333332,"d":"20,966"}},{"v":16513.2645,"d":"16,513"},{"v":0.7876172852660526,"d":"78.8%"}]
["Member 1418","1981-07-16","F",{"v":233128.44,"d":"233,128"},{"v":0.8,"d":"80%"},{"v":0.85,"d":"85%"},{"v":0.75,"d":"75%"},{"v":0.1,"d":"10%"},null,37,{"v":19427.37,"d":"19,427"},{"v":1942.737,"d":"1,943"},{"v":24284.212499999998,"d":"24,284"},{"v":22341.475499999997,"d":"22,341"},{"$f":"(M892*12-(VLOOKUP(N892*12,'Tax table'!$A$3:$C$10,3)*(N892*12-VLOOKUP(N892*12,'Tax table'!$A$3:$C$10,1))+VLOOKUP(N892*12,'Tax table'!$A$3:$C$10,2)))/12","v":{"v":20966.102203333332,"d":"20,966"}},{"v":17484.632999999998,"d":"17,485"},{"$f":"(VLOOKUP(P892*12,'Tax table'!$A$3:$C$10,3)*(P892*12-VLOOKUP(P892*12,'Tax table'!$A$3:$C$10,1))+VLOOKUP(P892*12,'Tax table'!$A$3:$C$10,2))/12","v":{"v":2055.331246666666,"d":"2,055"}},{"v":17372.038753333334,"d":"17,372"},{"v":14766.232940333333,"d":"14,766"},{"v":0.7042908022257803,"d":"70.4%"},{"v":44298.698821,"d":"44,299"},{"$f":"IF($B$15=\"Yes\",MIN(S892*2,References!$B$7),0)","v":{"v":29532.465880666667,"d":"29,532"}},{"$f":"IF(AND(D892<>0,$B$16=\"Yes\"),References!$B$6,0)","v":{"v":100000,"d":"100,000"}},{"v":2605.805813000001,"d":"2,606"},{"v":14570.5275,"d":"14,571"},{"v":1942.737,"d":"1,943"},{"v":16513.2645,"d":"16,513"},{"v":22341.475499999997,"d":"22,341"},{"$f":"(M892*12-(VLOOKUP(AB892*12,'Tax table'!$A$3:$C$10,3)*(AB892*12-VLOOKUP(AB892*12,'Tax table'!$A$3:$C$10,1))+VLOOKUP(AB892*12,'Tax table'!$A$3:$C$10,2)))/12","v":{"v":20966.102203333332,"d":"20,966"}},{"v":16513.2645,"d":"16,513"},{"v":0.7876172852660526,"d":"78.8%"}]
["Member 1419","1978-12-16","F",{"v":233128.44,"d":"233,128"},{"v":0.8,"d":"80%"},{"v":0.85,"d":"85%"},{"v":0.75,"d":"75%"},{"v":0.1,"d":"10%"},null,39,{"v":19427.37,"d":"19,427"},{"v":1942.737,"d":"1,943"},{"v":24284.212499999998,"d":"24,284"},{"v":22341.475499999997,"d":"22,341"},{"$f":"(M893*12-(VLOOKUP(N893*12,'Tax table'!$A$3:$C$10,3)*(N893*12-VLOOKUP(N893*12,'Tax table'!$A$3:$C$10,1))+VLOOKUP(N893*12,'Tax table'!$A$3:$C$10,2)))/12","v":{"v":20966.102203333332,"d":"20,966"}},{"v":17484.632999999998,"d":"17,485"},{"$f":"(VLOOKUP(P893*12,'Tax table'!$A$3:$C$10,3)*(P893*12-VLOOKUP(P893*12,'Tax table'!$A$3:$C$10,1))+VLOOKUP(P893*12,'Tax table'!$A$3:$C$10,2))/12","v":{"v":2055.331246666666,"d":"2,055"}},{"v":17372.038753333334,"d":"17,372"},{"v":14766.232940333333,"d":"14,766"},{"v":0.7042908022257803,"d":"70.4%"},{"v":44298.698821,"d":"44,299"},{"$f":"IF($B$15=\"Yes\",MIN(S893*2,References!$B$7),0)","v":{"v":29532.465880666667,"d":"29,532"}},{"$f":"IF(AND(D893<>0,$B$16=\"Yes\"),References!$B$6,0)","v":{"v":100000,"d":"100,000"}},{"v":2605.805813000001,"d":"2,606"},{"v":14570.5275,"d":"14,571"},{"v":1942.737,"d":"1,943"},{"v":16513.2645,"d":"16,513"},{"v":22341.475499999997,"d":"22,341"},{"$f":"(M893*12-(VLOOKUP(AB893*12,'Tax table'!$A$3:$C$10,3)*(AB893*12-VLOOKUP(AB893*12,'Tax table'!$A$3:$C$10,1))+VLOOKUP(AB893*12,'Tax table'!$A$3:$C$10,2)))/12","v":{"v":20966.102203333332,"d":"20,966"}},{"v":16513.2645,"d":"16,513"},{"v":0.7876172852660526,"d":"78.8%"}]
["Member 1420","1984-10-22","M",{"v":233128.44,"d":"233,128"},{"v":0.8,"d":"80%"},{"v":0.85,"d":"85%"},{"v":0.75,"d":"75%"},{"v":0.1,"d":"10%"},null,34,{"v":19427.37,"d":"19,427"},{"v":1942.737,"d":"1,943"},{"v":24284.212499999998,"d":"24,284"},{"v":22341.475499999997,"d":"22,341"},{"$f":"(M894*12-(VLOOKUP(N894*12,'Tax table'!$A$3:$C$10,3)*(N894*12-VLOOKUP(N894*12,'Tax table'!$A$3:$C$10,1))+VLOOKUP(N894*12,'Tax table'!$A$3:$C$10,2)))/12","v":{"v":20966.102203333332,"d":"20,966"}},{"v":17484.632999999998,"d":"17,485"},{"$f":"(VLOOKUP(P894*12,'Tax table'!$A$3:$C$10,3)*(P894*12-VLOOKUP(P894*12,'Tax table'!$A$3:$C$10,1))+VLOOKUP(P894*12,'Tax table'!$A$3:$C$10,2))/12","v":{"v":2055.331246666666,"d":"2,055"}},{"v":17372.038753333334,"d":"17,372"},{"v":14766.232940333333,"d":"14,766"},{"v":0.7042908022257803,"d":"70.4%"},{"v":44298.698821,"d":"44,299"},{"$f":"IF($B$15=\"Yes\",MIN(S894*2,References!$B$7),0)","v":{"v":29532.465880666667,"d":"29,532"}},{"$f":"IF(AND(D894<>0,$B$16=\"Yes\"),References!$B$6,0)","v":{"v":100000,"d":"100,000"}},{"v":2605.805813000001,"d":"2,606"},{"v":14570.5275,"d":"14,571"},{"v":1942.737,"d":"1,943"},{"v":16513.2645,"d":"16,513"},{"v":22341.475499999997,"d":"22,341"},{"$f":"(M894*12-(VLOOKUP(AB894*12,'Tax table'!$A$3:$C$10,3)*(AB894*12-VLOOKUP(AB894*12,'Tax table'!$A$3:$C$10,1))+VLOOKUP(AB894*12,'Tax table'!$A$3:$C$10,2)))/12","v":{"v":20966.102203333332,"d":"20,966"}},{"v":16513.2645,"d":"16,513"},{"v":0.7876172852660526,"d":"78.8%"}]
["Member 1421","1988-03-28","F",{"v":233128.44,"d":"233,128"},{"v":0.8,"d":"80%"},{"v":0.85,"d":"85%"},{"v":0.75,"d":"75%"},{"v":0.1,"d":"10%"},null,30,{"v":19427.37,"d":"19,427"},{"v":1942.737,"d":"1,943"},{"v":24284.212499999998,"d":"24,284"},{"v":22341.475499999997,"d":"22,341"},{"$f":"(M895*12-(VLOOKUP(N895*12,'Tax table'!$A$3:$C$10,3)*(N895*12-VLOOKUP(N895*12,'Tax table'!$A$3:$C$10,1))+VLOOKUP(N895*12,'Tax table'!$A$3:$C$10,2)))/12","v":{"v":20966.102203333332,"d":"20,966"}},{"v":17484.632999999998,"d":"17,485"},{"$f":"(VLOOKUP(P895*12,'Tax table'!$A$3:$C$10,3)*(P895*12-VLOOKUP(P895*12,'Tax table'!$A$3:$C$10,1))+VLOOKUP(P895*12,'Tax table'!$A$3:$C$10,2))/12","v":{"v":2055.331246666666,"d":"2,055"}},{"v":17372.038753333334,"d":"17,372"},{"v":14766.232940333333,"d":"14,766"},{"v":0.7042908022257803,"d":"70.4%"},{"v":44298.698821,"d":"44,299"},{"$f":"IF($B$15=\"Yes\",MIN(S895*2,References!$B$7),0)","v":{"v":29532.465880666667,"d":"29,532"}},{"$f":"IF(AND(D895<>0,$B$16=\"Yes\"),References!$B$6,0)","v":{"v":100000,"d":"100,000"}},{"v":2605.805813000001,"d":"2,606"},{"v":14570.5275,"d":"14,571"},{"v":1942.737,"d":"1,943"},{"v":16513.2645,"d":"16,513"},{"v":22341.475499999997,"d":"22,341"},{"$f":"(M895*12-(VLOOKUP(AB895*12,'Tax table'!$A$3:$C$10,3)*(AB895*12-VLOOKUP(AB895*12,'Tax table'!$A$3:$C$10,1))+VLOOKUP(AB895*12,'Tax table'!$A$3:$C$10,2)))/12","v":{"v":20966.102203333332,"d":"20,966"}},{"v":16513.2645,"d":"16,513"},{"v":0.7876172852660526,"d":"78.8%"}]
["Member 1422","1982-11-22","F",{"v":233128.44,"d":"233,128"},{"v":0.8,"d":"80%"},{"v":0.85,"d":"85%"},{"v":0.75,"d":"75%"},{"v":0.1,"d":"10%"},null,35,{"v":19427.37,"d":"19,427"},{"v":1942.737,"d":"1,943"},{"v":24284.212499999998,"d":"24,284"},{"v":22341.475499999997,"d":"22,341"},{"$f":"(M896*12-(VLOOKUP(N896*12,'Tax table'!$A$3:$C$10,3)*(N896*12-VLOOKUP(N896*12,'Tax table'!$A$3:$C$10,1))+VLOOKUP(N896*12,'Tax table'!$A$3:$C$10,2)))/12","v":{"v":20966.102203333332,"d":"20,966"}},{"v":17484.632999999998,"d":"17,485"},{"$f":"(VLOOKUP(P896*12,'Tax table'!$A$3:$C$10,3)*(P896*12-VLOOKUP(P896*12,'Tax table'!$A$3:$C$10,1))+VLOOKUP(P896*12,'Tax table'!$A$3:$C$10,2))/12","v":{"v":2055.331246666666,"d":"2,055"}},{"v":17372.038753333334,"d":"17,372"},{"v":14766.232940333333,"d":"14,766"},{"v":0.7042908022257803,"d":"70.4%"},{"v":44298.698821,"d":"44,299"},{"$f":"IF($B$15=\"Yes\",MIN(S896*2,References!$B$7),0)","v":{"v":29532.465880666667,"d":"29,532"}},{"$f":"IF(AND(D896<>0,$B$16=\"Yes\"),References!$B$6,0)","v":{"v":100000,"d":"100,000"}},{"v":2605.805813000001,"d":"2,606"},{"v":14570.5275,"d":"14,571"},{"v":1942.737,"d":"1,943"},{"v":16513.2645,"d":"16,513"},{"v":22341.475499999997,"d":"22,341"},{"$f":"(M896*12-(VLOOKUP(AB896*12,'Tax table'!$A$3:$C$10,3)*(AB896*12-VLOOKUP(AB896*12,'Tax table'!$A$3:$C$10,1))+VLOOKUP(AB896*12,'Tax table'!$A$3:$C$10,2)))/12","v":{"v":20966.102203333332,"d":"20,966"}},{"v":16513.2645,"d":"16,513"},{"v":0.7876172852660526,"d":"78.8%"}]
["Member 1423","1983-06-05","M",{"v":233128.44,"d":"233,128"},{"v":0.8,"d":"80%"},{"v":0.85,"d":"85%"},{"v":0.75,"d":"75%"},{"v":0.1,"d":"10%"},null,35,{"v":19427.37,"d":"19,427"},{"v":1942.737,"d":"1,943"},{"v":24284.212499999998,"d":"24,284"},{"v":22341.475499999997,"d":"22,341"},{"$f":"(M897*12-(VLOOKUP(N897*12,'Tax table'!$A$3:$C$10,3)*(N897*12-VLOOKUP(N897*12,'Tax table'!$A$3:$C$10,1))+VLOOKUP(N897*12,'Tax table'!$A$3:$C$10,2)))/12","v":{"v":20966.102203333332,"d":"20,966"}},{"v":17484.632999999998,"d":"17,485"},{"$f":"(VLOOKUP(P897*12,'Tax table'!$A$3:$C$10,3)*(P897*12-VLOOKUP(P897*12,'Tax table'!$A$3:$C$10,1))+VLOOKUP(P897*12,'Tax table'!$A$3:$C$10,2))/12","v":{"v":2055.331246666666,"d":"2,055"}},{"v":17372.038753333334,"d":"17,372"},{"v":14766.232940333333,"d":"14,766"},{"v":0.7042908022257803,"d":"70.4%"},{"v":44298.698821,"d":"44,299"},{"$f":"IF($B$15=\"Yes\",MIN(S897*2,References!$B$7),0)","v":{"v":29532.465880666667,"d":"29,532"}},{"$f":"IF(AND(D897<>0,$B$16=\"Yes\"),References!$B$6,0)","v":{"v":100000,"d":"100,000"}},{"v":2605.805813000001,"d":"2,606"},{"v":14570.5275,"d":"14,571"},{"v":1942.737,"d":"1,943"},{"v":16513.2645,"d":"16,513"},{"v":22341.475499999997,"d":"22,341"},{"$f":"(M897*12-(VLOOKUP(AB897*12,'Tax table'!$A$3:$C$10,3)*(AB897*12-VLOOKUP(AB897*12,'Tax table'!$A$3:$C$10,1))+VLOOKUP(AB897*12,'Tax table'!$A$3:$C$10,2)))/12","v":{"v":20966.102203333332,"d":"20,966"}},{"v":16513.2645,"d":"16,513"},{"v":0.7876172852660526,"d":"78.8%"}]
["Member 1424","1983-08-27","F",{"v":233128.44,"d":"233,128"},{"v":0.8,"d":"80%"},{"v":0.85,"d":"85%"},{"v":0.75,"d":"75%"},{"v":0.1,"d":"10%"},null,35,{"v":19427.37,"d":"19,427"},{"v":1942.737,"d":"1,943"},{"v":24284.212499999998,"d":"24,284"},{"v":22341.475499999997,"d":"22,341"},{"$f":"(M898*12-(VLOOKUP(N898*12,'Tax table'!$A$3:$C$10,3)*(N898*12-VLOOKUP(N898*12,'Tax table'!$A$3:$C$10,1))+VLOOKUP(N898*12,'Tax table'!$A$3:$C$10,2)))/12","v":{"v":20966.102203333332,"d":"20,966"}},{"v":17484.632999999998,"d":"17,485"},{"$f":"(VLOOKUP(P898*12,'Tax table'!$A$3:$C$10,3)*(P898*12-VLOOKUP(P898*12,'Tax table'!$A$3:$C$10,1))+VLOOKUP(P898*12,'Tax table'!$A$3:$C$10,2))/12","v":{"v":2055.331246666666,"d":"2,055"}},{"v":17372.038753333334,"d":"17,372"},{"v":14766.232940333333,"d":"14,766"},{"v":0.7042908022257803,"d":"70.4%"},{"v":44298.698821,"d":"44,299"},{"$f":"IF($B$15=\"Yes\",MIN(S898*2,References!$B$7),0)","v":{"v":29532.465880666667,"d":"29,532"}},{"$f":"IF(AND(D898<>0,$B$16=\"Yes\"),References!$B$6,0)","v":{"v":100000,"d":"100,000"}},{"v":2605.805813000001,"d":"2,606"},{"v":14570.5275,"d":"14,571"},{"v":1942.737,"d":"1,943"},{"v":16513.2645,"d":"16,513"},{"v":22341.475499999997,"d":"22,341"},{"$f":"(M898*12-(VLOOKUP(AB898*12,'Tax table'!$A$3:$C$10,3)*(AB898*12-VLOOKUP(AB898*12,'Tax table'!$A$3:$C$10,1))+VLOOKUP(AB898*12,'Tax table'!$A$3:$C$10,2)))/12","v":{"v":20966.102203333332,"d":"20,966"}},{"v":16513.2645,"d":"16,513"},{"v":0.7876172852660526,"d":"78.8%"}]
["Member 1425","1973-05-11","M",{"v":233128.44,"d":"233,128"},{"v":0.8,"d":"80%"},{"v":0.85,"d":"85%"},{"v":0.75,"d":"75%"},{"v":0.1,"d":"10%"},null,45,{"v":19427.37,"d":"19,427"},{"v":1942.737,"d":"1,943"},{"v":24284.212499999998,"d":"24,284"},{"v":22341.475499999997,"d":"22,341"},{"$f":"(M899*12-(VLOOKUP(N899*12,'Tax table'!$A$3:$C$10,3)*(N899*12-VLOOKUP(N899*12,'Tax table'!$A$3:$C$10,1))+VLOOKUP(N899*12,'Tax table'!$A$3:$C$10,2)))/12","v":{"v":20966.102203333332,"d":"20,966"}},{"v":17484.632999999998,"d":"17,485"},{"$f":"(VLOOKUP(P899*12,'Tax table'!$A$3:$C$10,3)*(P899*12-VLOOKUP(P899*12,'Tax table'!$A$3:$C$10,1))+VLOOKUP(P899*12,'Tax table'!$A$3:$C$10,2))/12","v":{"v":2055.331246666666,"d":"2,055"}},{"v":17372.038753333334,"d":"17,372"},{"v":14766.232940333333,"d":"14,766"},{"v":0.7042908022257803,"d":"70.4%"},{"v":44298.698821,"d":"44,299"},{"$f":"IF($B$15=\"Yes\",MIN(S899*2,References!$B$7),0)","v":{"v":29532.465880666667,"d":"29,532"}},{"$f":"IF(AND(D899<>0,$B$16=\"Yes\"),References!$B$6,0)","v":{"v":100000,"d":"100,000"}},{"v":2605.805813000001,"d":"2,606"},{"v":14570.5275,"d":"14,571"},{"v":1942.737,"d":"1,943"},{"v":16513.2645,"d":"16,513"},{"v":22341.475499999997,"d":"22,341"},{"$f":"(M899*12-(VLOOKUP(AB899*12,'Tax table'!$A$3:$C$10,3)*(AB899*12-VLOOKUP(AB899*12,'Tax table'!$A$3:$C$10,1))+VLOOKUP(AB899*12,'Tax table'!$A$3:$C$10,2)))/12","v":{"v":20966.102203333332,"d":"20,966"}},{"v":16513.2645,"d":"16,513"},{"v":0.7876172852660526,"d":"78.8%"}]
["Member 1426","1988-05-19","F",{"v":233128.44,"d":"233,128"},{"v":0.8,"d":"80%"},{"v":0.85,"d":"85%"},{"v":0.75,"d":"75%"},{"v":0.1,"d":"10%"},null,30,{"v":19427.37,"d":"19,427"},{"v":1942.737,"d":"1,943"},{"v":24284.212499999998,"d":"24,284"},{"v":22341.475499999997,"d":"22,341"},{"$f":"(M900*12-(VLOOKUP(N900*12,'Tax table'!$A$3:$C$10,3)*(N900*12-VLOOKUP(N900*12,'Tax table'!$A$3:$C$10,1))+VLOOKUP(N900*12,'Tax table'!$A$3:$C$10,2)))/12","v":{"v":20966.102203333332,"d":"20,966"}},{"v":17484.632999999998,"d":"17,485"},{"$f":"(VLOOKUP(P900*12,'Tax table'!$A$3:$C$10,3)*(P900*12-VLOOKUP(P900*12,'Tax table'!$A$3:$C$10,1))+VLOOKUP(P900*12,'Tax table'!$A$3:$C$10,2))/12","v":{"v":2055.331246666666,"d":"2,055"}},{"v":17372.038753333334,"d":"17,372"},{"v":14766.232940333333,"d":"14,766"},{"v":0.7042908022257803,"d":"70.4%"},{"v":44298.698821,"d":"44,299"},{"$f":"IF($B$15=\"Yes\",MIN(S900*2,References!$B$7),0)","v":{"v":29532.465880666667,"d":"29,532"}},{"$f":"IF(AND(D900<>0,$B$16=\"Yes\"),References!$B$6,0)","v":{"v":100000,"d":"100,000"}},{"v":2605.805813000001,"d":"2,606"},{"v":14570.5275,"d":"14,571"},{"v":1942.737,"d":"1,943"},{"v":16513.2645,"d":"16,513"},{"v":22341.475499999997,"d":"22,341"},{"$f":"(M900*12-(VLOOKUP(AB900*12,'Tax table'!$A$3:$C$10,3)*(AB900*12-VLOOKUP(AB900*12,'Tax table'!$A$3:$C$10,1))+VLOOKUP(AB900*12,'Tax table'!$A$3:$C$10,2)))/12","v":{"v":20966.102203333332,"d":"20,966"}},{"v":16513.2645,"d":"16,513"},{"v":0.7876172852660526,"d":"78.8%"}]
["Member 1408","1983-03-03","M",{"v":233142.12,"d":"233,142"},{"v":0.8,"d":"80%"},{"v":0.85,"d":"85%"},{"v":0.75,"d":"75%"},{"v":0.1,"d":"10%"},null,35,{"v":19428.51,"d":"19,429"},{"v":1942.8509999999999,"d":"1,943"},{"v":24285.637499999997,"d":"24,286"},{"v":22342.7865,"d":"22,343"},{"$f":"(M901*12-(VLOOKUP(N901*12,'Tax table'!$A$3:$C$10,3)*(N901*12-VLOOKUP(N901*12,'Tax table'!$A$3:$C$10,1))+VLOOKUP(N901*12,'Tax table'!$A$3:$C$10,2)))/12","v":{"v":20967.18634333333,"d":"20,967"}},{"v":17485.659,"d":"17,486"},{"$f":"(VLOOKUP(P901*12,'Tax table'!$A$3:$C$10,3)*(P901*12-VLOOKUP(P901*12,'Tax table'!$A$3:$C$10,1))+VLOOKUP(P901*12,'Tax table'!$A$3:$C$10,2))/12","v":{"v":2055.5980066666666,"d":"2,056"}},{"v":17372.91199333333,"d":"17,373"},{"v":14766.97519433333,"d":"14,767"},{"v":0.704289786551575,"d":"70.4%"},{"v":44300.92558299999,"d":"44,301"},{"$f":"IF($B$15=\"Yes\",MIN(S901*2,References!$B$7),0)","v":{"v":29533.95038866666,"d":"29,534"}},{"$f":"IF(AND(D901<>0,$B$16=\"Yes\"),References!$B$6,0)","v":{"v":100000,"d":"100,000"}},{"v":2605.936799000001,"d":"2,606"},{"v":14571.3825,"d":"14,571"},{"v":1942.8509999999999,"d":"1,943"},{"v":16514.2335,"d":"16,514"},{"v":22342.7865,"d":"22,343"},{"$f":"(M901*12-(VLOOKUP(AB901*12,'Tax table'!$A$3:$C$10,3)*(AB901*12-VLOOKUP(AB901*12,'Tax table'!$A$3:$C$10,1))+VLOOKUP(AB901*12,'Tax table'!$A$3:$C$10,2)))/12","v":{"v":20967.18634333333,"d":"20,967"}},{"v":16514.2335,"d":"16,514"},{"v":0.7876227753968915,"d":"78.8%"}]
["Member 1409","1977-03-13","F",{"v":233142.12,"d":"233,142"},{"v":0.8,"d":"80%"},{"v":0.85,"d":"85%"},{"v":0.75,"d":"75%"},{"v":0.1,"d":"10%"},null,41,{"v":19428.51,"d":"19,429"},{"v":1942.8509999999999,"d":"1,943"},{"v":24285.637499999997,"d":"24,286"},{"v":22342.7865,"d":"22,343"},{"$f":"(M902*12-(VLOOKUP(N902*12,'Tax table'!$A$3:$C$10,3)*(N902*12-VLOOKUP(N902*12,'Tax table'!$A$3:$C$10,1))+VLOOKUP(N902*12,'Tax table'!$A$3:$C$10,2)))/12","v":{"v":20967.18634333333,"d":"20,967"}},{"v":17485.659,"d":"17,486"},{"$f":"(VLOOKUP(P902*12,'Tax table'!$A$3:$C$10,3)*(P902*12-VLOOKUP(P902*12,'Tax table'!$A$3:$C$10,1))+VLOOKUP(P902*12,'Tax table'!$A$3:$C$10,2))/12","v":{"v":2055.5980066666666,"d":"2,056"}},{"v":17372.91199333333,"d":"17,373"},{"v":14766.97519433333,"d":"14,767"},{"v":0.704289786551575,"d":"70.4%"},{"v":44300.92558299999,"d":"44,301"},{"$f":"IF($B$15=\"Yes\",MIN(S902*2,References!$B$7),0)","v":{"v":29533.95038866666,"d":"29,534"}},{"$f":"IF(AND(D902<>0,$B$16=\"Yes\"),References!$B$6,0)","v":{"v":100000,"d":"100,000"}},{"v":2605.936799000001,"d":"2,606"},{"v":14571.3825,"d":"14,571"},{"v":1942.8509999999999,"d":"1,943"},{"v":16514.2335,"d":"16,514"},{"v":22342.7865,"d":"22,343"},{"$f":"(M902*12-(VLOOKUP(AB902*12,'Tax table'!$A$3:$C$10,3)*(AB902*12-VLOOKUP(AB902*12,'Tax table'!$A$3:$C$10,1))+VLOOKUP(AB902*12,'Tax table'!$A$3:$C$10,2)))/12","v":{"v":20967.18634333333,"d":"20,967"}},{"v":16514.2335,"d":"16,514"},{"v":0.7876227753968915,"d":"78.8%"}]
["Member 1407","1979-07-23","F",{"v":233191.44,"d":"233,191"},{"v":0.8,"d":"80%"},{"v":0.85,"d":"85%"},{"v":0.75,"d":"75%"},{"v":0.1,"d":"10%"},null,39,{"v":19432.62,"d":"19,433"},{"v":1943.262,"d":"1,943"},{"v":24290.774999999998,"d":"24,291"},{"v":22347.513,"d":"22,348"},{"$f":"(M903*12-(VLOOKUP(N903*12,'Tax table'!$A$3:$C$10,3)*(N903*12-VLOOKUP(N903*12,'Tax table'!$A$3:$C$10,1))+VLOOKUP(N903*12,'Tax table'!$A$3:$C$10,2)))/12","v":{"v":20971.094953333333,"d":"20,971"}},{"v":17489.358,"d":"17,489"},{"$f":"(VLOOKUP(P903*12,'Tax table'!$A$3:$C$10,3)*(P903*12-VLOOKUP(P903*12,'Tax table'!$A$3:$C$10,1))+VLOOKUP(P903*12,'Tax table'!$A$3:$C$10,2))/12","v":{"v":2056.559746666667,"d":"2,057"}},{"v":17376.060253333333,"d":"17,376"},{"v":14769.651215333333,"d":"14,770"},{"v":0.704286125650569,"d":"70.4%"},{"v":44308.953646,"d":"44,309"},{"$f":"IF($B$15=\"Yes\",MIN(S903*2,References!$B$7),0)","v":{"v":29539.302430666667,"d":"29,539"}},{"$f":"IF(AND(D903<>0,$B$16=\"Yes\"),References!$B$6,0)","v":{"v":100000,"d":"100,000"}},{"v":2606.409038,"d":"2,606"},{"v":14574.465,"d":"14,574"},{"v":1943.262,"d":"1,943"},{"v":16517.727,"d":"16,518"},{"v":22347.513,"d":"22,348"},{"$f":"(M903*12-(VLOOKUP(AB903*12,'Tax table'!$A$3:$C$10,3)*(AB903*12-VLOOKUP(AB903*12,'Tax table'!$A$3:$C$10,1))+VLOOKUP(AB903*12,'Tax table'!$A$3:$C$10,2)))/12","v":{"v":20971.094953333333,"d":"20,971"}},{"v":16517.727,"d":"16,518"},{"v":0.7876425640509783,"d":"78.8%"}]
["Member 1405","1981-03-16","F",{"v":233298.12,"d":"233,298"},{"v":0.8,"d":"80%"},{"v":0.85,"d":"85%"},{"v":0.75,"d":"75%"},{"v":0.1,"d":"10%"},null,37,{"v":19441.51,"d":"19,442"},{"v":1944.1509999999998,"d":"1,944"},{"v":24301.887499999997,"d":"24,302"},{"v":22357.7365,"d":"22,358"},{"$f":"(M904*12-(VLOOKUP(N904*12,'Tax table'!$A$3:$C$10,3)*(N904*12-VLOOKUP(N904*12,'Tax table'!$A$3:$C$10,1))+VLOOKUP(N904*12,'Tax table'!$A$3:$C$10,2)))/12","v":{"v":20979.549343333332,"d":"20,980"}},{"v":17497.358999999997,"d":"17,497"},{"$f":"(VLOOKUP(P904*12,'Tax table'!$A$3:$C$10,3)*(P904*12-VLOOKUP(P904*12,'Tax table'!$A$3:$C$10,1))+VLOOKUP(P904*12,'Tax table'!$A$3:$C$10,2))/12","v":{"v":2058.640006666666,"d":"2,059"}},{"v":17382.869993333334,"d":"17,383"},{"v":14775.439494333334,"d":"14,775"},{"v":0.7042782117256738,"d":"70.4%"},{"v":44326.318483,"d":"44,326"},{"$f":"IF($B$15=\"Yes\",MIN(S904*2,References!$B$7),0)","v":{"v":29550.878988666667,"d":"29,551"}},{"$f":"IF(AND(D904<>0,$B$16=\"Yes\"),References!$B$6,0)","v":{"v":100000,"d":"100,000"}},{"v":2607.430499,"d":"2,607"},{"v":14581.1325,"d":"14,581"},{"v":1944.1509999999998,"d":"1,944"},{"v":16525.283499999998,"d":"16,525"},{"v":22357.7365,"d":"22,358"},{"$f":"(M904*12-(VLOOKUP(AB904*12,'Tax table'!$A$3:$C$10,3)*(AB904*12-VLOOKUP(AB904*12,'Tax table'!$A$3:$C$10,1))+VLOOKUP(AB904*12,'Tax table'!$A$3:$C$10,2)))/12","v":{"v":20979.549343333332,"d":"20,980"}},{"v":16525.283499999998,"d":"16,525"},{"v":0.787685342023385,"d":"78.8%"}]
["Member 1406","1982-09-22","F",{"v":233298.12,"d":"233,298"},{"v":0.8,"d":"80%"},{"v":0.85,"d":"85%"},{"v":0.75,"d":"75%"},{"v":0.1,"d":"10%"},null,36,{"v":19441.51,"d":"19,442"},{"v":1944.1509999999998,"d":"1,944"},{"v":24301.887499999997,"d":"24,302"},{"v":22357.7365,"d":"22,358"},{"$f":"(M905*12-(VLOOKUP(N905*12,'Tax table'!$A$3:$C$10,3)*(N905*12-VLOOKUP(N905*12,'Tax table'!$A$3:$C$10,1))+VLOOKUP(N905*12,'Tax table'!$A$3:$C$10,2)))/12","v":{"v":20979.549343333332,"d":"20,980"}},{"v":17497.358999999997,"d":"17,497"},{"$f":"(VLOOKUP(P905*12,'Tax table'!$A$3:$C$10,3)*(P905*12-VLOOKUP(P905*12,'Tax table'!$A$3:$C$10,1))+VLOOKUP(P905*12,'Tax table'!$A$3:$C$10,2))/12","v":{"v":2058.640006666666,"d":"2,059"}},{"v":17382.869993333334,"d":"17,383"},{"v":14775.439494333334,"d":"14,775"},{"v":0.7042782117256738,"d":"70.4%"},{"v":44326.318483,"d":"44,326"},{"$f":"IF($B$15=\"Yes\",MIN(S905*2,References!$B$7),0)","v":{"v":29550.878988666667,"d":"29,551"}},{"$f":"IF(AND(D905<>0,$B$16=\"Yes\"),References!$B$6,0)","v":{"v":100000,"d":"100,000"}},{"v":2607.430499,"d":"2,607"},{"v":14581.1325,"d":"14,581"},{"v":1944.1509999999998,"d":"1,944"},{"v":16525.283499999998,"d":"16,525"},{"v":22357.7365,"d":"22,358"},{"$f":"(M905*12-(VLOOKUP(AB905*12,'Tax table'!$A$3:$C$10,3)*(AB905*12-VLOOKUP(AB905*12,'Tax table'!$A$3:$C$10,1))+VLOOKUP(AB905*12,'Tax table'!$A$3:$C$10,2)))/12","v":{"v":20979.549343333332,"d":"20,980"}},{"v":16525.283499999998,"d":"16,525"},{"v":0.787685342023385,"d":"78.8%"}]
["Member 1404","1984-09-13","M",{"v":233360.64,"d":"233,361"},{"v":0.8,"d":"80%"},{"v":0.85,"d":"85%"},{"v":0.75,"d":"75%"},{"v":0.1,"d":"10%"},null,34,{"v":19446.72,"d":"19,447"},{"v":1944.6720000000003,"d":"1,945"},{"v":24308.4,"d":"24,308"},{"v":22363.728000000003,"d":"22,364"},{"$f":"(M906*12-(VLOOKUP(N906*12,'Tax table'!$A$3:$C$10,3)*(N906*12-VLOOKUP(N906*12,'Tax table'!$A$3:$C$10,1))+VLOOKUP(N906*12,'Tax table'!$A$3:$C$10,2)))/12","v":{"v":20984.504053333338,"d":"20,985"}},{"v":17502.048000000003,"d":"17,502"},{"$f":"(VLOOKUP(P906*12,'Tax table'!$A$3:$C$10,3)*(P906*12-VLOOKUP(P906*12,'Tax table'!$A$3:$C$10,1))+VLOOKUP(P906*12,'Tax table'!$A$3:$C$10,2))/12","v":{"v":2059.859146666667,"d":"2,060"}},{"v":17386.860853333335,"d":"17,387"},{"v":14778.831725333335,"d":"14,779"},{"v":0.7042735767198536,"d":"70.4%"},{"v":44336.495176000004,"d":"44,336"},{"$f":"IF($B$15=\"Yes\",MIN(S906*2,References!$B$7),0)","v":{"v":29557.66345066667,"d":"29,558"}},{"$f":"IF(AND(D906<>0,$B$16=\"Yes\"),References!$B$6,0)","v":{"v":100000,"d":"100,000"}},{"v":2608.029128,"d":"2,608"},{"v":14585.04,"d":"14,585"},{"v":1944.6720000000003,"d":"1,945"},{"v":16529.712,"d":"16,530"},{"v":22363.728000000003,"d":"22,364"},{"$f":"(M906*12-(VLOOKUP(AB906*12,'Tax table'!$A$3:$C$10,3)*(AB906*12-VLOOKUP(AB906*12,'Tax table'!$A$3:$C$10,1))+VLOOKUP(AB906*12,'Tax table'!$A$3:$C$10,2)))/12","v":{"v":20984.504053333338,"d":"20,985"}},{"v":16529.712,"d":"16,530"},{"v":0.7877103961088989,"d":"78.8%"}]
["Member 1403","1970-10-10","F",{"v":233408.04,"d":"233,408"},{"v":0.8,"d":"80%"},{"v":0.85,"d":"85%"},{"v":0.75,"d":"75%"},{"v":0.1,"d":"10%"},null,48,{"v":19450.670000000002,"d":"19,451"},{"v":1945.0670000000002,"d":"1,945"},{"v":24313.3375,"d":"24,313"},{"v":22368.270500000002,"d":"22,368"},{"$f":"(M907*12-(VLOOKUP(N907*12,'Tax table'!$A$3:$C$10,3)*(N907*12-VLOOKUP(N907*12,'Tax table'!$A$3:$C$10,1))+VLOOKUP(N907*12,'Tax table'!$A$3:$C$10,2)))/12","v":{"v":20988.260503333335,"d":"20,988"}},{"v":17505.603000000003,"d":"17,506"},{"$f":"(VLOOKUP(P907*12,'Tax table'!$A$3:$C$10,3)*(P907*12-VLOOKUP(P907*12,'Tax table'!$A$3:$C$10,1))+VLOOKUP(P907*12,'Tax table'!$A$3:$C$10,2))/12","v":{"v":2060.7834466666677,"d":"2,061"}},{"v":17389.886553333334,"d":"17,390"},{"v":14781.403570333334,"d":"14,781"},{"v":0.7042700641144494,"d":"70.4%"},{"v":44344.210711,"d":"44,344"},{"$f":"IF($B$15=\"Yes\",MIN(S907*2,References!$B$7),0)","v":{"v":29562.807140666668,"d":"29,563"}},{"$f":"IF(AND(D907<>0,$B$16=\"Yes\"),References!$B$6,0)","v":{"v":100000,"d":"100,000"}},{"v":2608.482983,"d":"2,608"},{"v":14588.002500000002,"d":"14,588"},{"v":1945.0670000000002,"d":"1,945"},{"v":16533.0695,"d":"16,533"},{"v":22368.270500000002,"d":"22,368"},{"$f":"(M907*12-(VLOOKUP(AB907*12,'Tax table'!$A$3:$C$10,3)*(AB907*12-VLOOKUP(AB907*12,'Tax table'!$A$3:$C$10,1))+VLOOKUP(AB907*12,'Tax table'!$A$3:$C$10,2)))/12","v":{"v":20988.260503333335,"d":"20,988"}},{"v":16533.0695,"d":"16,533"},{"v":0.7877293831651382,"d":"78.8%"}]
["Member 1402","1960-07-11","M",{"v":233651.16,"d":"233,651"},{"v":0.8,"d":"80%"},{"v":0.85,"d":"85%"},{"v":0.75,"d":"75%"},{"v":0.1,"d":"10%"},null,58,{"v":19470.93,"d":"19,471"},{"v":1947.093,"d":"1,947"},{"v":24338.6625,"d":"24,339"},{"v":22391.569499999998,"d":"22,392"},{"$f":"(M908*12-(VLOOKUP(N908*12,'Tax table'!$A$3:$C$10,3)*(N908*12-VLOOKUP(N908*12,'Tax table'!$A$3:$C$10,1))+VLOOKUP(N908*12,'Tax table'!$A$3:$C$10,2)))/12","v":{"v":21007.527763333328,"d":"21,008"}},{"v":17523.837,"d":"17,524"},{"$f":"(VLOOKUP(P908*12,'Tax table'!$A$3:$C$10,3)*(P908*12-VLOOKUP(P908*12,'Tax table'!$A$3:$C$10,1))+VLOOKUP(P908*12,'Tax table'!$A$3:$C$10,2))/12","v":{"v":2065.5242866666667,"d":"2,066"}},{"v":17405.405713333334,"d":"17,405"},{"v":14794.594856333333,"d":"14,795"},{"v":0.70425206730684,"d":"70.4%"},{"v":44383.784568999996,"d":"44,384"},{"$f":"IF($B$15=\"Yes\",MIN(S908*2,References!$B$7),0)","v":{"v":29589.189712666666,"d":"29,589"}},{"$f":"IF(AND(D908<>0,$B$16=\"Yes\"),References!$B$6,0)","v":{"v":100000,"d":"100,000"}},{"v":2610.8108570000004,"d":"2,611"},{"v":14603.1975,"d":"14,603"},{"v":1947.093,"d":"1,947"},{"v":16550.2905,"d":"16,550"},{"v":22391.569499999998,"d":"22,392"},{"$f":"(M908*12-(VLOOKUP(AB908*12,'Tax table'!$A$3:$C$10,3)*(AB908*12-VLOOKUP(AB908*12,'Tax table'!$A$3:$C$10,1))+VLOOKUP(AB908*12,'Tax table'!$A$3:$C$10,2)))/12","v":{"v":21007.527763333328,"d":"21,008"}},{"v":16550.2905,"d":"16,550"},{"v":0.7878266632062713,"d":"78.8%"}]
["Member 1401","1992-11-07","F",{"v":233839.2,"d":"233,839"},{"v":0.8,"d":"80%"},{"v":0.85,"d":"85%"},{"v":0.75,"d":"75%"},{"v":0.1,"d":"10%"},null,25,{"v":19486.600000000002,"d":"19,487"},{"v":1948.6600000000003,"d":"1,949"},{"v":24358.25,"d":"24,358"},{"v":22409.59,"d":"22,410"},{"$f":"(M909*12-(VLOOKUP(N909*12,'Tax table'!$A$3:$C$10,3)*(N909*12-VLOOKUP(N909*12,'Tax table'!$A$3:$C$10,1))+VLOOKUP(N909*12,'Tax table'!$A$3:$C$10,2)))/12","v":{"v":21022.429933333333,"d":"21,022"}},{"v":17537.940000000002,"d":"17,538"},{"$f":"(VLOOKUP(P909*12,'Tax table'!$A$3:$C$10,3)*(P909*12-VLOOKUP(P909*12,'Tax table'!$A$3:$C$10,1))+VLOOKUP(P909*12,'Tax table'!$A$3:$C$10,2))/12","v":{"v":2069.191066666667,"d":"2,069"}},{"v":17417.408933333336,"d":"17,417"},{"v":14804.797593333335,"d":"14,805"},{"v":0.7042381703867034,"d":"70.4%"},{"v":44414.39278,"d":"44,414"},{"$f":"IF($B$15=\"Yes\",MIN(S909*2,References!$B$7),0)","v":{"v":29609.59518666667,"d":"29,610"}},{"$f":"IF(AND(D909<>0,$B$16=\"Yes\"),References!$B$6,0)","v":{"v":100000,"d":"100,000"}},{"v":2612.6113400000013,"d":"2,613"},{"v":14614.95,"d":"14,615"},{"v":1948.6600000000003,"d":"1,949"},{"v":16563.61,"d":"16,564"},{"v":22409.59,"d":"22,410"},{"$f":"(M909*12-(VLOOKUP(AB909*12,'Tax table'!$A$3:$C$10,3)*(AB909*12-VLOOKUP(AB909*12,'Tax table'!$A$3:$C$10,1))+VLOOKUP(AB909*12,'Tax table'!$A$3:$C$10,2)))/12","v":{"v":21022.429933333333,"d":"21,022"}},{"v":16563.61,"d":"16,564"},{"v":0.7879017816934953,"d":"78.8%"}]
["Member 1396","1991-08-18","M",{"v":233955.36,"d":"233,955"},{"v":0.8,"d":"80%"},{"v":0.85,"d":"85%"},{"v":0.75,"d":"75%"},{"v":0.1,"d":"10%"},null,27,{"v":19496.28,"d":"19,496"},{"v":1949.628,"d":"1,950"},{"v":24370.35,"d":"24,370"},{"v":22420.721999999998,"d":"22,421"},{"$f":"(M910*12-(VLOOKUP(N910*12,'Tax table'!$A$3:$C$10,3)*(N910*12-VLOOKUP(N910*12,'Tax table'!$A$3:$C$10,1))+VLOOKUP(N910*12,'Tax table'!$A$3:$C$10,2)))/12","v":{"v":21031.63561333333,"d":"21,032"}},{"v":17546.652,"d":"17,547"},{"$f":"(VLOOKUP(P910*12,'Tax table'!$A$3:$C$10,3)*(P910*12-VLOOKUP(P910*12,'Tax table'!$A$3:$C$10,1))+VLOOKUP(P910*12,'Tax table'!$A$3:$C$10,2))/12","v":{"v":2071.456186666666,"d":"2,071"}},{"v":17424.823813333333,"d":"17,425"},{"v":14811.100241333332,"d":"14,811"},{"v":0.7042295955310108,"d":"70.4%"},{"v":44433.30072399999,"d":"44,433"},{"$f":"IF($B$15=\"Yes\",MIN(S910*2,References!$B$7),0)","v":{"v":29622.200482666663,"d":"29,622"}},{"$f":"IF(AND(D910<>0,$B$16=\"Yes\"),References!$B$6,0)","v":{"v":100000,"d":"100,000"}},{"v":2613.723572000001,"d":"2,614"},{"v":14622.21,"d":"14,622"},{"v":1949.628,"d":"1,950"},{"v":16571.838,"d":"16,572"},{"v":22420.721999999998,"d":"22,421"},{"$f":"(M910*12-(VLOOKUP(AB910*12,'Tax table'!$A$3:$C$10,3)*(AB910*12-VLOOKUP(AB910*12,'Tax table'!$A$3:$C$10,1))+VLOOKUP(AB910*12,'Tax table'!$A$3:$C$10,2)))/12","v":{"v":21031.63561333333,"d":"21,032"}},{"v":16571.838,"d":"16,572"},{"v":0.7879481322648072,"d":"78.8%"}]
["Member 1397","1992-08-09","M",{"v":233955.36,"d":"233,955"},{"v":0.8,"d":"80%"},{"v":0.85,"d":"85%"},{"v":0.75,"d":"75%"},{"v":0.1,"d":"10%"},null,26,{"v":19496.28,"d":"19,496"},{"v":1949.628,"d":"1,950"},{"v":24370.35,"d":"24,370"},{"v":22420.721999999998,"d":"22,421"},{"$f":"(M911*12-(VLOOKUP(N911*12,'Tax table'!$A$3:$C$10,3)*(N911*12-VLOOKUP(N911*12,'Tax table'!$A$3:$C$10,1))+VLOOKUP(N911*12,'Tax table'!$A$3:$C$10,2)))/12","v":{"v":21031.63561333333,"d":"21,032"}},{"v":17546.652,"d":"17,547"},{"$f":"(VLOOKUP(P911*12,'Tax table'!$A$3:$C$10,3)*(P911*12-VLOOKUP(P911*12,'Tax table'!$A$3:$C$10,1))+VLOOKUP(P911*12,'Tax table'!$A$3:$C$10,2))/12","v":{"v":2071.456186666666,"d":"2,071"}},{"v":17424.823813333333,"d":"17,425"},{"v":14811.100241333332,"d":"14,811"},{"v":0.7042295955310108,"d":"70.4%"},{"v":44433.30072399999,"d":"44,433"},{"$f":"IF($B$15=\"Yes\",MIN(S911*2,References!$B$7),0)","v":{"v":29622.200482666663,"d":"29,622"}},{"$f":"IF(AND(D911<>0,$B$16=\"Yes\"),References!$B$6,0)","v":{"v":100000,"d":"100,000"}},{"v":2613.723572000001,"d":"2,614"},{"v":14622.21,"d":"14,622"},{"v":1949.628,"d":"1,950"},{"v":16571.838,"d":"16,572"},{"v":22420.721999999998,"d":"22,421"},{"$f":"(M911*12-(VLOOKUP(AB911*12,'Tax table'!$A$3:$C$10,3)*(AB911*12-VLOOKUP(AB911*12,'Tax table'!$A$3:$C$10,1))+VLOOKUP(AB911*12,'Tax table'!$A$3:$C$10,2)))/12","v":{"v":21031.63561333333,"d":"21,032"}},{"v":16571.838,"d":"16,572"},{"v":0.7879481322648072,"d":"78.8%"}]
["Member 1398","1989-12-29","F",{"v":233955.36,"d":"233,955"},{"v":0.8,"d":"80%"},{"v":0.85,"d":"85%"},{"v":0.75,"d":"75%"},{"v":0.1,"d":"10%"},null,28,{"v":19496.28,"d":"19,496"},{"v":1949.628,"d":"1,950"},{"v":24370.35,"d":"24,370"},{"v":22420.721999999998,"d":"22,421"},{"$f":"(M912*12-(VLOOKUP(N912*12,'Tax table'!$A$3:$C$10,3)*(N912*12-VLOOKUP(N912*12,'Tax table'!$A$3:$C$10,1))+VLOOKUP(N912*12,'Tax table'!$A$3:$C$10,2)))/12","v":{"v":21031.63561333333,"d":"21,032"}},{"v":17546.652,"d":"17,547"},{"$f":"(VLOOKUP(P912*12,'Tax table'!$A$3:$C$10,3)*(P912*12-VLOOKUP(P912*12,'Tax table'!$A$3:$C$10,1))+VLOOKUP(P912*12,'Tax table'!$A$3:$C$10,2))/12","v":{"v":2071.456186666666,"d":"2,071"}},{"v":17424.823813333333,"d":"17,425"},{"v":14811.100241333332,"d":"14,811"},{"v":0.7042295955310108,"d":"70.4%"},{"v":44433.30072399999,"d":"44,433"},{"$f":"IF($B$15=\"Yes\",MIN(S912*2,References!$B$7),0)","v":{"v":29622.200482666663,"d":"29,622"}},{"$f":"IF(AND(D912<>0,$B$16=\"Yes\"),References!$B$6,0)","v":{"v":100000,"d":"100,000"}},{"v":2613.723572000001,"d":"2,614"},{"v":14622.21,"d":"14,622"},{"v":1949.628,"d":"1,950"},{"v":16571.838,"d":"16,572"},{"v":22420.721999999998,"d":"22,421"},{"$f":"(M912*12-(VLOOKUP(AB912*12,'Tax table'!$A$3:$C$10,3)*(AB912*12-VLOOKUP(AB912*12,'Tax table'!$A$3:$C$10,1))+VLOOKUP(AB912*12,'Tax table'!$A$3:$C$10,2)))/12","v":{"v":21031.63561333333,"d":"21,032"}},{"v":16571.838,"d":"16,572"},{"v":0.7879481322648072,"d":"78.8%"}]
["Member 1399","1989-10-06","M",{"v":233955.36,"d":"233,955"},{"v":0.8,"d":"80%"},{"v":0.85,"d":"85%"},{"v":0.75,"d":"75%"},{"v":0.1,"d":"10%"},null,29,{"v":19496.28,"d":"19,496"},{"v":1949.628,"d":"1,950"},{"v":24370.35,"d":"24,370"},{"v":22420.721999999998,"d":"22,421"},{"$f":"(M913*12-(VLOOKUP(N913*12,'Tax table'!$A$3:$C$10,3)*(N913*12-VLOOKUP(N913*12,'Tax table'!$A$3:$C$10,1))+VLOOKUP(N913*12,'Tax table'!$A$3:$C$10,2)))/12","v":{"v":21031.63561333333,"d":"21,032"}},{"v":17546.652,"d":"17,547"},{"$f":"(VLOOKUP(P913*12,'Tax table'!$A$3:$C$10,3)*(P913*12-VLOOKUP(P913*12,'Tax table'!$A$3:$C$10,1))+VLOOKUP(P913*12,'Tax table'!$A$3:$C$10,2))/12","v":{"v":2071.456186666666,"d":"2,071"}},{"v":17424.823813333333,"d":"17,425"},{"v":14811.100241333332,"d":"14,811"},{"v":0.7042295955310108,"d":"70.4%"},{"v":44433.30072399999,"d":"44,433"},{"$f":"IF($B$15=\"Yes\",MIN(S913*2,References!$B$7),0)","v":{"v":29622.200482666663,"d":"29,622"}},{"$f":"IF(AND(D913<>0,$B$16=\"Yes\"),References!$B$6,0)","v":{"v":100000,"d":"100,000"}},{"v":2613.723572000001,"d":"2,614"},{"v":14622.21,"d":"14,622"},{"v":1949.628,"d":"1,950"},{"v":16571.838,"d":"16,572"},{"v":22420.721999999998,"d":"22,421"},{"$f":"(M913*12-(VLOOKUP(AB913*12,'Tax table'!$A$3:$C$10,3)*(AB913*12-VLOOKUP(AB913*12,'Tax table'!$A$3:$C$10,1))+VLOOKUP(AB913*12,'Tax table'!$A$3:$C$10,2)))/12","v":{"v":21031.63561333333,"d":"21,032"}},{"v":16571.838,"d":"16,572"},{"v":0.7879481322648072,"d":"78.8%"}]
["Member 1400","1982-07-11","M",{"v":233955.36,"d":"233,955"},{"v":0.8,"d":"80%"},{"v":0.85,"d":"85%"},{"v":0.75,"d":"75%"},{"v":0.1,"d":"10%"},null,36,{"v":19496.28,"d":"19,496"},{"v":1949.628,"d":"1,950"},{"v":24370.35,"d":"24,370"},{"v":22420.721999999998,"d":"22,421"},{"$f":"(M914*12-(VLOOKUP(N914*12,'Tax table'!$A$3:$C$10,3)*(N914*12-VLOOKUP(N914*12,'Tax table'!$A$3:$C$10,1))+VLOOKUP(N914*12,'Tax table'!$A$3:$C$10,2)))/12","v":{"v":21031.63561333333,"d":"21,032"}},{"v":17546.652,"d":"17,547"},{"$f":"(VLOOKUP(P914*12,'Tax table'!$A$3:$C$10,3)*(P914*12-VLOOKUP(P914*12,'Tax table'!$A$3:$C$10,1))+VLOOKUP(P914*12,'Tax table'!$A$3:$C$10,2))/12","v":{"v":2071.456186666666,"d":"2,071"}},{"v":17424.823813333333,"d":"17,425"},{"v":14811.100241333332,"d":"14,811"},{"v":0.7042295955310108,"d":"70.4%"},{"v":44433.30072399999,"d":"44,433"},{"$f":"IF($B$15=\"Yes\",MIN(S914*2,References!$B$7),0)","v":{"v":29622.200482666663,"d":"29,622"}},{"$f":"IF(AND(D914<>0,$B$16=\"Yes\"),References!$B$6,0)","v":{"v":100000,"d":"100,000"}},{"v":2613.723572000001,"d":"2,614"},{"v":14622.21,"d":"14,622"},{"v":1949.628,"d":"1,950"},{"v":16571.838,"d":"16,572"},{"v":22420.721999999998,"d":"22,421"},{"$f":"(M914*12-(VLOOKUP(AB914*12,'Tax table'!$A$3:$C$10,3)*(AB914*12-VLOOKUP(AB914*12,'Tax table'!$A$3:$C$10,1))+VLOOKUP(AB914*12,'Tax table'!$A$3:$C$10,2)))/12","v":{"v":21031.63561333333,"d":"21,032"}},{"v":16571.838,"d":"16,572"},{"v":0.7879481322648072,"d":"78.8%"}]
["Member 1390","1984-02-24","F",{"v":234536.52,"d":"234,537"},{"v":0.8,"d":"80%"},{"v":0.85,"d":"85%"},{"v":0.75,"d":"75%"},{"v":0.1,"d":"10%"},null,34,{"v":19544.71,"d":"19,545"},{"v":1954.471,"d":"1,954"},{"v":24430.887499999997,"d":"24,431"},{"v":22476.416499999996,"d":"22,476"},{"$f":"(M915*12-(VLOOKUP(N915*12,'Tax table'!$A$3:$C$10,3)*(N915*12-VLOOKUP(N915*12,'Tax table'!$A$3:$C$10,1))+VLOOKUP(N915*12,'Tax table'!$A$3:$C$10,2)))/12","v":{"v":21077.69254333333,"d":"21,078"}},{"v":17590.238999999998,"d":"17,590"},{"$f":"(VLOOKUP(P915*12,'Tax table'!$A$3:$C$10,3)*(P915*12-VLOOKUP(P915*12,'Tax table'!$A$3:$C$10,1))+VLOOKUP(P915*12,'Tax table'!$A$3:$C$10,2))/12","v":{"v":2082.788806666666,"d":"2,083"}},{"v":17461.92119333333,"d":"17,462"},{"v":14842.63301433333,"d":"14,843"},{"v":0.7041868071573096,"d":"70.4%"},{"v":44527.89904299999,"d":"44,528"},{"$f":"IF($B$15=\"Yes\",MIN(S915*2,References!$B$7),0)","v":{"v":29685.26602866666,"d":"29,685"}},{"$f":"IF(AND(D915<>0,$B$16=\"Yes\"),References!$B$6,0)","v":{"v":100000,"d":"100,000"}},{"v":2619.288179000001,"d":"2,619"},{"v":14658.5325,"d":"14,659"},{"v":1954.471,"d":"1,954"},{"v":16613.0035,"d":"16,613"},{"v":22476.416499999996,"d":"22,476"},{"$f":"(M915*12-(VLOOKUP(AB915*12,'Tax table'!$A$3:$C$10,3)*(AB915*12-VLOOKUP(AB915*12,'Tax table'!$A$3:$C$10,1))+VLOOKUP(AB915*12,'Tax table'!$A$3:$C$10,2)))/12","v":{"v":21077.69254333333,"d":"21,078"}},{"v":16613.0035,"d":"16,613"},{"v":0.7881794207712993,"d":"78.8%"}]
["Member 1391","1989-05-16","F",{"v":234536.52,"d":"234,537"},{"v":0.8,"d":"80%"},{"v":0.85,"d":"85%"},{"v":0.75,"d":"75%"},{"v":0.1,"d":"10%"},null,29,{"v":19544.71,"d":"19,545"},{"v":1954.471,"d":"1,954"},{"v":24430.887499999997,"d":"24,431"},{"v":22476.416499999996,"d":"22,476"},{"$f":"(M916*12-(VLOOKUP(N916*12,'Tax table'!$A$3:$C$10,3)*(N916*12-VLOOKUP(N916*12,'Tax table'!$A$3:$C$10,1))+VLOOKUP(N916*12,'Tax table'!$A$3:$C$10,2)))/12","v":{"v":21077.69254333333,"d":"21,078"}},{"v":17590.238999999998,"d":"17,590"},{"$f":"(VLOOKUP(P916*12,'Tax table'!$A$3:$C$10,3)*(P916*12-VLOOKUP(P916*12,'Tax table'!$A$3:$C$10,1))+VLOOKUP(P916*12,'Tax table'!$A$3:$C$10,2))/12","v":{"v":2082.788806666666,"d":"2,083"}},{"v":17461.92119333333,"d":"17,462"},{"v":14842.63301433333,"d":"14,843"},{"v":0.7041868071573096,"d":"70.4%"},{"v":44527.89904299999,"d":"44,528"},{"$f":"IF($B$15=\"Yes\",MIN(S916*2,References!$B$7),0)","v":{"v":29685.26602866666,"d":"29,685"}},{"$f":"IF(AND(D916<>0,$B$16=\"Yes\"),References!$B$6,0)","v":{"v":100000,"d":"100,000"}},{"v":2619.288179000001,"d":"2,619"},{"v":14658.5325,"d":"14,659"},{"v":1954.471,"d":"1,954"},{"v":16613.0035,"d":"16,613"},{"v":22476.416499999996,"d":"22,476"},{"$f":"(M916*12-(VLOOKUP(AB916*12,'Tax table'!$A$3:$C$10,3)*(AB916*12-VLOOKUP(AB916*12,'Tax table'!$A$3:$C$10,1))+VLOOKUP(AB916*12,'Tax table'!$A$3:$C$10,2)))/12","v":{"v":21077.69254333333,"d":"21,078"}},{"v":16613.0035,"d":"16,613"},{"v":0.7881794207712993,"d":"78.8%"}]
["Member 1392","1963-09-08","F",{"v":234536.52,"d":"234,537"},{"v":0.8,"d":"80%"},{"v":0.85,"d":"85%"},{"v":0.75,"d":"75%"},{"v":0.1,"d":"10%"},null,55,{"v":19544.71,"d":"19,545"},{"v":1954.471,"d":"1,954"},{"v":24430.887499999997,"d":"24,431"},{"v":22476.416499999996,"d":"22,476"},{"$f":"(M917*12-(VLOOKUP(N917*12,'Tax table'!$A$3:$C$10,3)*(N917*12-VLOOKUP(N917*12,'Tax table'!$A$3:$C$10,1))+VLOOKUP(N917*12,'Tax table'!$A$3:$C$10,2)))/12","v":{"v":21077.69254333333,"d":"21,078"}},{"v":17590.238999999998,"d":"17,590"},{"$f":"(VLOOKUP(P917*12,'Tax table'!$A$3:$C$10,3)*(P917*12-VLOOKUP(P917*12,'Tax table'!$A$3:$C$10,1))+VLOOKUP(P917*12,'Tax table'!$A$3:$C$10,2))/12","v":{"v":2082.788806666666,"d":"2,083"}},{"v":17461.92119333333,"d":"17,462"},{"v":14842.63301433333,"d":"14,843"},{"v":0.7041868071573096,"d":"70.4%"},{"v":44527.89904299999,"d":"44,528"},{"$f":"IF($B$15=\"Yes\",MIN(S917*2,References!$B$7),0)","v":{"v":29685.26602866666,"d":"29,685"}},{"$f":"IF(AND(D917<>0,$B$16=\"Yes\"),References!$B$6,0)","v":{"v":100000,"d":"100,000"}},{"v":2619.288179000001,"d":"2,619"},{"v":14658.5325,"d":"14,659"},{"v":1954.471,"d":"1,954"},{"v":16613.0035,"d":"16,613"},{"v":22476.416499999996,"d":"22,476"},{"$f":"(M917*12-(VLOOKUP(AB917*12,'Tax table'!$A$3:$C$10,3)*(AB917*12-VLOOKUP(AB917*12,'Tax table'!$A$3:$C$10,1))+VLOOKUP(AB917*12,'Tax table'!$A$3:$C$10,2)))/12","v":{"v":21077.69254333333,"d":"21,078"}},{"v":16613.0035,"d":"16,613"},{"v":0.7881794207712993,"d":"78.8%"}]
["Member 1393","1981-10-27","M",{"v":234536.52,"d":"234,537"},{"v":0.8,"d":"80%"},{"v":0.85,"d":"85%"},{"v":0.75,"d":"75%"},{"v":0.1,"d":"10%"},null,37,{"v":19544.71,"d":"19,545"},{"v":1954.471,"d":"1,954"},{"v":24430.887499999997,"d":"24,431"},{"v":22476.416499999996,"d":"22,476"},{"$f":"(M918*12-(VLOOKUP(N918*12,'Tax table'!$A$3:$C$10,3)*(N918*12-VLOOKUP(N918*12,'Tax table'!$A$3:$C$10,1))+VLOOKUP(N918*12,'Tax table'!$A$3:$C$10,2)))/12","v":{"v":21077.69254333333,"d":"21,078"}},{"v":17590.238999999998,"d":"17,590"},{"$f":"(VLOOKUP(P918*12,'Tax table'!$A$3:$C$10,3)*(P918*12-VLOOKUP(P918*12,'Tax table'!$A$3:$C$10,1))+VLOOKUP(P918*12,'Tax table'!$A$3:$C$10,2))/12","v":{"v":2082.788806666666,"d":"2,083"}},{"v":17461.92119333333,"d":"17,462"},{"v":14842.63301433333,"d":"14,843"},{"v":0.7041868071573096,"d":"70.4%"},{"v":44527.89904299999,"d":"44,528"},{"$f":"IF($B$15=\"Yes\",MIN(S918*2,References!$B$7),0)","v":{"v":29685.26602866666,"d":"29,685"}},{"$f":"IF(AND(D918<>0,$B$16=\"Yes\"),References!$B$6,0)","v":{"v":100000,"d":"100,000"}},{"v":2619.288179000001,"d":"2,619"},{"v":14658.5325,"d":"14,659"},{"v":1954.471,"d":"1,954"},{"v":16613.0035,"d":"16,613"},{"v":22476.416499999996,"d":"22,476"},{"$f":"(M918*12-(VLOOKUP(AB918*12,'Tax table'!$A$3:$C$10,3)*(AB918*12-VLOOKUP(AB918*12,'Tax table'!$A$3:$C$10,1))+VLOOKUP(AB918*12,'Tax table'!$A$3:$C$10,2)))/12","v":{"v":21077.69254333333,"d":"21,078"}},{"v":16613.0035,"d":"16,613"},{"v":0.7881794207712993,"d":"78.8%"}]
["Member 1394","1982-01-14","F",{"v":234536.52,"d":"234,537"},{"v":0.8,"d":"80%"},{"v":0.85,"d":"85%"},{"v":0.75,"d":"75%"},{"v":0.1,"d":"10%"},null,36,{"v":19544.71,"d":"19,545"},{"v":1954.471,"d":"1,954"},{"v":24430.887499999997,"d":"24,431"},{"v":22476.416499999996,"d":"22,476"},{"$f":"(M919*12-(VLOOKUP(N919*12,'Tax table'!$A$3:$C$10,3)*(N919*12-VLOOKUP(N919*12,'Tax table'!$A$3:$C$10,1))+VLOOKUP(N919*12,'Tax table'!$A$3:$C$10,2)))/12","v":{"v":21077.69254333333,"d":"21,078"}},{"v":17590.238999999998,"d":"17,590"},{"$f":"(VLOOKUP(P919*12,'Tax table'!$A$3:$C$10,3)*(P919*12-VLOOKUP(P919*12,'Tax table'!$A$3:$C$10,1))+VLOOKUP(P919*12,'Tax table'!$A$3:$C$10,2))/12","v":{"v":2082.788806666666,"d":"2,083"}},{"v":17461.92119333333,"d":"17,462"},{"v":14842.63301433333,"d":"14,843"},{"v":0.7041868071573096,"d":"70.4%"},{"v":44527.89904299999,"d":"44,528"},{"$f":"IF($B$15=\"Yes\",MIN(S919*2,References!$B$7),0)","v":{"v":29685.26602866666,"d":"29,685"}},{"$f":"IF(AND(D919<>0,$B$16=\"Yes\"),References!$B$6,0)","v":{"v":100000,"d":"100,000"}},{"v":2619.288179000001,"d":"2,619"},{"v":14658.5325,"d":"14,659"},{"v":1954.471,"d":"1,954"},{"v":16613.0035,"d":"16,613"},{"v":22476.416499999996,"d":"22,476"},{"$f":"(M919*12-(VLOOKUP(AB919*12,'Tax table'!$A$3:$C$10,3)*(AB919*12-VLOOKUP(AB919*12,'Tax table'!$A$3:$C$10,1))+VLOOKUP(AB919*12,'Tax table'!$A$3:$C$10,2)))/12","v":{"v":21077.69254333333,"d":"21,078"}},{"v":16613.0035,"d":"16,613"},{"v":0.7881794207712993,"d":"78.8%"}]
["Member 1395","1988-12-25","M",{"v":234536.52,"d":"234,537"},{"v":0.8,"d":"80%"},{"v":0.85,"d":"85%"},{"v":0.75,"d":"75%"},{"v":0.1,"d":"10%"},null,{"$f":"DATEDIF(B920,$B$7,\"y\")","v":29},{"$f":"D920/12","v":{"v":19544.71,"d":"19,545"}},{"$f":"IF($B$10=\"No\",MIN(K920*H920,15%*K920),I920/12)","v":{"v":1954.471,"d":"1,954"}},{"$f":"D920/12/E920","v":{"v":24430.887499999997,"d":"24,431"}},{"$f":"M920-L920","v":{"v":22476.416499999996,"d":"22,476"}},{"$f":"(M920*12-(VLOOKUP(N920*12,'Tax table'!$A$3:$C$10,3)*(N920*12-VLOOKUP(N920*12,'Tax table'!$A$3:$C$10,1))+VLOOKUP(N920*12,'Tax table'!$A$3:$C$10,2)))/12","v":{"v":21077.69254333333,"d":"21,078"}},{"$f":"K920-L920","v":{"v":17590.238999999998,"d":"17,590"}},{"$f":"(VLOOKUP(P920*12,'Tax table'!$A$3:$C$10,3)*(P920*12-VLOOKUP(P920*12,'Tax table'!$A$3:$C$10,1))+VLOOKUP(P920*12,'Tax table'!$A$3:$C$10,2))/12","v":{"v":2082.788806666666,"d":"2,083"}},{"$f":"K920-Q920","v":{"v":17461.92119333333,"d":"17,462"}},{"$f":"MIN(R920*F920,SUM($B$8,$B$9))","v":{"v":14842.63301433333,"d":"14,843"}},{"$f":"S920/O920","v":{"v":0.7041868071573096,"d":"70.4%"}},{"$f":"IF($B$14=\"Yes\",S920*3,0)","v":{"v":44527.89904299999,"d":"44,528"}},{"$f":"IF($B$15=\"Yes\",MIN(S920*2,References!$B$7),0)","v":{"v":29685.26602866666,"d":"29,685"}},{"$f":"IF(AND(D920<>0,$B$16=\"Yes\"),References!$B$6,0)","v":{"v":100000,"d":"100,000"}},{"$f":"IF($B$17=\"Yes\",MIN(R920,SUM($B$8:$B$9))-S920,0)","v":{"v":2619.288179000001,"d":"2,619"}},{"$f":"MIN(K920*G920,$B$8)","v":{"v":14658.5325,"d":"14,659"}},{"$f":"MIN(K920*H920,$B$9)","v":{"v":1954.471,"d":"1,954"}},{"$f":"Z920+Y920","v":{"v":16613.0035,"d":"16,613"}},{"$f":"M920-Z920","v":{"v":22476.416499999996,"d":"22,476"}},{"$f":"(M920*12-(VLOOKUP(AB920*12,'Tax table'!$A$3:$C$10,3)*(AB920*12-VLOOKUP(AB920*12,'Tax table'!$A$3:$C$10,1))+VLOOKUP(AB920*12,'Tax table'!$A$3:$C$10,2)))/12","v":{"v":21077.69254333333,"d":"21,078"}},{"$f":"MIN(AA920,AC920)","v":{"v":16613.0035,"d":"16,613"}},{"$f":"AD920/O920","v":{"v":0.7881794207712993,"d":"78.8%"}}]
["Member 1367","1980-06-01","M",{"v":234541.08,"d":"234,541"},{"v":0.8,"d":"80%"},{"v":0.85,"d":"85%"},{"v":0.75,"d":"75%"},{"v":0.1,"d":"10%"},null,38,{"v":19545.09,"d":"19,545"},{"v":1954.509,"d":"1,955"},{"v":24431.3625,"d":"24,431"},{"v":22476.853499999997,"d":"22,477"},{"$f":"(M921*12-(VLOOKUP(N921*12,'Tax table'!$A$3:$C$10,3)*(N921*12-VLOOKUP(N921*12,'Tax table'!$A$3:$C$10,1))+VLOOKUP(N921*12,'Tax table'!$A$3:$C$10,2)))/12","v":{"v":21078.05392333333,"d":"21,078"}},{"v":17590.581,"d":"17,591"},{"$f":"(VLOOKUP(P921*12,'Tax table'!$A$3:$C$10,3)*(P921*12-VLOOKUP(P921*12,'Tax table'!$A$3:$C$10,1))+VLOOKUP(P921*12,'Tax table'!$A$3:$C$10,2))/12","v":{"v":2082.877726666666,"d":"2,083"}},{"v":17462.212273333334,"d":"17,462"},{"v":14842.880432333333,"d":"14,843"},{"v":0.7041864721629884,"d":"70.4%"},{"v":44528.641297,"d":"44,529"},{"$f":"IF($B$15=\"Yes\",MIN(S921*2,References!$B$7),0)","v":{"v":29685.760864666667,"d":"29,686"}},{"$f":"IF(AND(D921<>0,$B$16=\"Yes\"),References!$B$6,0)","v":{"v":100000,"d":"100,000"}},{"v":2619.331841000001,"d":"2,619"},{"v":14658.817500000001,"d":"14,659"},{"v":1954.509,"d":"1,955"},{"v":16613.326500000003,"d":"16,613"},{"v":22476.853499999997,"d":"22,477"},{"$f":"(M921*12-(VLOOKUP(AB921*12,'Tax table'!$A$3:$C$10,3)*(AB921*12-VLOOKUP(AB921*12,'Tax table'!$A$3:$C$10,1))+VLOOKUP(AB921*12,'Tax table'!$A$3:$C$10,2)))/12","v":{"v":21078.05392333333,"d":"21,078"}},{"v":16613.326500000003,"d":"16,613"},{"v":0.7881812315514152,"d":"78.8%"}]
["Member 1368","1980-06-09","F",{"v":234541.08,"d":"234,541"},{"v":0.8,"d":"80%"},{"v":0.85,"d":"85%"},{"v":0.75,"d":"75%"},{"v":0.1,"d":"10%"},null,38,{"v":19545.09,"d":"19,545"},{"v":1954.509,"d":"1,955"},{"v":24431.3625,"d":"24,431"},{"v":22476.853499999997,"d":"22,477"},{"$f":"(M922*12-(VLOOKUP(N922*12,'Tax table'!$A$3:$C$10,3)*(N922*12-VLOOKUP(N922*12,'Tax table'!$A$3:$C$10,1))+VLOOKUP(N922*12,'Tax table'!$A$3:$C$10,2)))/12","v":{"v":21078.05392333333,"d":"21,078"}},{"v":17590.581,"d":"17,591"},{"$f":"(VLOOKUP(P922*12,'Tax table'!$A$3:$C$10,3)*(P922*12-VLOOKUP(P922*12,'Tax table'!$A$3:$C$10,1))+VLOOKUP(P922*12,'Tax table'!$A$3:$C$10,2))/12","v":{"v":2082.877726666666,"d":"2,083"}},{"v":17462.212273333334,"d":"17,462"},{"v":14842.880432333333,"d":"14,843"},{"v":0.7041864721629884,"d":"70.4%"},{"v":44528.641297,"d":"44,529"},{"$f":"IF($B$15=\"Yes\",MIN(S922*2,References!$B$7),0)","v":{"v":29685.760864666667,"d":"29,686"}},{"$f":"IF(AND(D922<>0,$B$16=\"Yes\"),References!$B$6,0)","v":{"v":100000,"d":"100,000"}},{"v":2619.331841000001,"d":"2,619"},{"v":14658.817500000001,"d":"14,659"},{"v":1954.509,"d":"1,955"},{"v":16613.326500000003,"d":"16,613"},{"v":22476.853499999997,"d":"22,477"},{"$f":"(M922*12-(VLOOKUP(AB922*12,'Tax table'!$A$3:$C$10,3)*(AB922*12-VLOOKUP(AB922*12,'Tax table'!$A$3:$C$10,1))+VLOOKUP(AB922*12,'Tax table'!$A$3:$C$10,2)))/12","v":{"v":21078.05392333333,"d":"21,078"}},{"v":16613.326500000003,"d":"16,613"},{"v":0.7881812315514152,"d":"78.8%"}]
["Member 1369","1983-01-12","M",{"v":234541.08,"d":"234,541"},{"v":0.8,"d":"80%"},{"v":0.85,"d":"85%"},{"v":0.75,"d":"75%"},{"v":0.1,"d":"10%"},null,35,{"v":19545.09,"d":"19,545"},{"v":1954.509,"d":"1,955"},{"v":24431.3625,"d":"24,431"},{"v":22476.853499999997,"d":"22,477"},{"$f":"(M923*12-(VLOOKUP(N923*12,'Tax table'!$A$3:$C$10,3)*(N923*12-VLOOKUP(N923*12,'Tax table'!$A$3:$C$10,1))+VLOOKUP(N923*12,'Tax table'!$A$3:$C$10,2)))/12","v":{"v":21078.05392333333,"d":"21,078"}},{"v":17590.581,"d":"17,591"},{"$f":"(VLOOKUP(P923*12,'Tax table'!$A$3:$C$10,3)*(P923*12-VLOOKUP(P923*12,'Tax table'!$A$3:$C$10,1))+VLOOKUP(P923*12,'Tax table'!$A$3:$C$10,2))/12","v":{"v":2082.877726666666,"d":"2,083"}},{"v":17462.212273333334,"d":"17,462"},{"v":14842.880432333333,"d":"14,843"},{"v":0.7041864721629884,"d":"70.4%"},{"v":44528.641297,"d":"44,529"},{"$f":"IF($B$15=\"Yes\",MIN(S923*2,References!$B$7),0)","v":{"v":29685.760864666667,"d":"29,686"}},{"$f":"IF(AND(D923<>0,$B$16=\"Yes\"),References!$B$6,0)","v":{"v":100000,"d":"100,000"}},{"v":2619.331841000001,"d":"2,619"},{"v":14658.817500000001,"d":"14,659"},{"v":1954.509,"d":"1,955"},{"v":16613.326500000003,"d":"16,613"},{"v":22476.853499999997,"d":"22,477"},{"$f":"(M923*12-(VLOOKUP(AB923*12,'Tax table'!$A$3:$C$10,3)*(AB923*12-VLOOKUP(AB923*12,'Tax table'!$A$3:$C$10,1))+VLOOKUP(AB923*12,'Tax table'!$A$3:$C$10,2)))/12","v":{"v":21078.05392333333,"d":"21,078"}},{"v":16613.326500000003,"d":"16,613"},{"v":0.7881812315514152,"d":"78.8%"}]
["Member 1370","1985-09-04","F",{"v":234541.08,"d":"234,541"},{"v":0.8,"d":"80%"},{"v":0.85,"d":"85%"},{"v":0.75,"d":"75%"},{"v":0.1,"d":"10%"},null,33,{"v":19545.09,"d":"19,545"},{"v":1954.509,"d":"1,955"},{"v":24431.3625,"d":"24,431"},{"v":22476.853499999997,"d":"22,477"},{"$f":"(M924*12-(VLOOKUP(N924*12,'Tax table'!$A$3:$C$10,3)*(N924*12-VLOOKUP(N924*12,'Tax table'!$A$3:$C$10,1))+VLOOKUP(N924*12,'Tax table'!$A$3:$C$10,2)))/12","v":{"v":21078.05392333333,"d":"21,078"}},{"v":17590.581,"d":"17,591"},{"$f":"(VLOOKUP(P924*12,'Tax table'!$A$3:$C$10,3)*(P924*12-VLOOKUP(P924*12,'Tax table'!$A$3:$C$10,1))+VLOOKUP(P924*12,'Tax table'!$A$3:$C$10,2))/12","v":{"v":2082.877726666666,"d":"2,083"}},{"v":17462.212273333334,"d":"17,462"},{"v":14842.880432333333,"d":"14,843"},{"v":0.7041864721629884,"d":"70.4%"},{"v":44528.641297,"d":"44,529"},{"$f":"IF($B$15=\"Yes\",MIN(S924*2,References!$B$7),0)","v":{"v":29685.760864666667,"d":"29,686"}},{"$f":"IF(AND(D924<>0,$B$16=\"Yes\"),References!$B$6,0)","v":{"v":100000,"d":"100,000"}},{"v":2619.331841000001,"d":"2,619"},{"v":14658.817500000001,"d":"14,659"},{"v":1954.509,"d":"1,955"},{"v":16613.326500000003,"d":"16,613"},{"v":22476.853499999997,"d":"22,477"},{"$f":"(M924*12-(VLOOKUP(AB924*12,'Tax table'!$A$3:$C$10,3)*(AB924*12-VLOOKUP(AB924*12,'Tax table'!$A$3:$C$10,1))+VLOOKUP(AB924*12,'Tax table'!$A$3:$C$10,2)))/12","v":{"v":21078.05392333333,"d":"21,078"}},{"v":16613.326500000003,"d":"16,613"},{"v":0.7881812315514152,"d":"78.8%"}]
["Member 1371","1988-08-29","F",{"v":234541.08,"d":"234,541"},{"v":0.8,"d":"80%"},{"v":0.85,"d":"85%"},{"v":0.75,"d":"75%"},{"v":0.1,"d":"10%"},null,30,{"v":19545.09,"d":"19,545"},{"v":1954.509,"d":"1,955"},{"v":24431.3625,"d":"24,431"},{"v":22476.853499999997,"d":"22,477"},{"$f":"(M925*12-(VLOOKUP(N925*12,'Tax table'!$A$3:$C$10,3)*(N925*12-VLOOKUP(N925*12,'Tax table'!$A$3:$C$10,1))+VLOOKUP(N925*12,'Tax table'!$A$3:$C$10,2)))/12","v":{"v":21078.05392333333,"d":"21,078"}},{"v":17590.581,"d":"17,591"},{"$f":"(VLOOKUP(P925*12,'Tax table'!$A$3:$C$10,3)*(P925*12-VLOOKUP(P925*12,'Tax table'!$A$3:$C$10,1))+VLOOKUP(P925*12,'Tax table'!$A$3:$C$10,2))/12","v":{"v":2082.877726666666,"d":"2,083"}},{"v":17462.212273333334,"d":"17,462"},{"v":14842.880432333333,"d":"14,843"},{"v":0.7041864721629884,"d":"70.4%"},{"v":44528.641297,"d":"44,529"},{"$f":"IF($B$15=\"Yes\",MIN(S925*2,References!$B$7),0)","v":{"v":29685.760864666667,"d":"29,686"}},{"$f":"IF(AND(D925<>0,$B$16=\"Yes\"),References!$B$6,0)","v":{"v":100000,"d":"100,000"}},{"v":2619.331841000001,"d":"2,619"},{"v":14658.817500000001,"d":"14,659"},{"v":1954.509,"d":"1,955"},{"v":16613.326500000003,"d":"16,613"},{"v":22476.853499999997,"d":"22,477"},{"$f":"(M925*12-(VLOOKUP(AB925*12,'Tax table'!$A$3:$C$10,3)*(AB925*12-VLOOKUP(AB925*12,'Tax table'!$A$3:$C$10,1))+VLOOKUP(AB925*12,'Tax table'!$A$3:$C$10,2)))/12","v":{"v":21078.05392333333,"d":"21,078"}},{"v":16613.326500000003,"d":"16,613"},{"v":0.7881812315514152,"d":"78.8%"}]
["Member 1372","1985-06-26","F",{"v":234541.08,"d":"234,541"},{"v":0.8,"d":"80%"},{"v":0.85,"d":"85%"},{"v":0.75,"d":"75%"},{"v":0.1,"d":"10%"},null,33,{"v":19545.09,"d":"19,545"},{"v":1954.509,"d":"1,955"},{"v":24431.3625,"d":"24,431"},{"v":22476.853499999997,"d":"22,477"},{"$f":"(M926*12-(VLOOKUP(N926*12,'Tax table'!$A$3:$C$10,3)*(N926*12-VLOOKUP(N926*12,'Tax table'!$A$3:$C$10,1))+VLOOKUP(N926*12,'Tax table'!$A$3:$C$10,2)))/12","v":{"v":21078.05392333333,"d":"21,078"}},{"v":17590.581,"d":"17,591"},{"$f":"(VLOOKUP(P926*12,'Tax table'!$A$3:$C$10,3)*(P926*12-VLOOKUP(P926*12,'Tax table'!$A$3:$C$10,1))+VLOOKUP(P926*12,'Tax table'!$A$3:$C$10,2))/12","v":{"v":2082.877726666666,"d":"2,083"}},{"v":17462.212273333334,"d":"17,462"},{"v":14842.880432333333,"d":"14,843"},{"v":0.7041864721629884,"d":"70.4%"},{"v":44528.641297,"d":"44,529"},{"$f":"IF($B$15=\"Yes\",MIN(S926*2,References!$B$7),0)","v":{"v":29685.760864666667,"d":"29,686"}},{"$f":"IF(AND(D926<>0,$B$16=\"Yes\"),References!$B$6,0)","v":{"v":100000,"d":"100,000"}},{"v":2619.331841000001,"d":"2,619"},{"v":14658.817500000001,"d":"14,659"},{"v":1954.509,"d":"1,955"},{"v":16613.326500000003,"d":"16,613"},{"v":22476.853499999997,"d":"22,477"},{"$f":"(M926*12-(VLOOKUP(AB926*12,'Tax table'!$A$3:$C$10,3)*(AB926*12-VLOOKUP(AB926*12,'Tax table'!$A$3:$C$10,1))+VLOOKUP(AB926*12,'Tax table'!$A$3:$C$10,2)))/12","v":{"v":21078.05392333333,"d":"21,078"}},{"v":16613.326500000003,"d":"16,613"},{"v":0.7881812315514152,"d":"78.8%"}]
["Member 1373","1988-12-30","F",{"v":234541.08,"d":"234,541"},{"v":0.8,"d":"80%"},{"v":0.85,"d":"85%"},{"v":0.75,"d":"75%"},{"v":0.1,"d":"10%"},null,29,{"v":19545.09,"d":"19,545"},{"v":1954.509,"d":"1,955"},{"v":24431.3625,"d":"24,431"},{"v":22476.853499999997,"d":"22,477"},{"$f":"(M927*12-(VLOOKUP(N927*12,'Tax table'!$A$3:$C$10,3)*(N927*12-VLOOKUP(N927*12,'Tax table'!$A$3:$C$10,1))+VLOOKUP(N927*12,'Tax table'!$A$3:$C$10,2)))/12","v":{"v":21078.05392333333,"d":"21,078"}},{"v":17590.581,"d":"17,591"},{"$f":"(VLOOKUP(P927*12,'Tax table'!$A$3:$C$10,3)*(P927*12-VLOOKUP(P927*12,'Tax table'!$A$3:$C$10,1))+VLOOKUP(P927*12,'Tax table'!$A$3:$C$10,2))/12","v":{"v":2082.877726666666,"d":"2,083"}},{"v":17462.212273333334,"d":"17,462"},{"v":14842.880432333333,"d":"14,843"},{"v":0.7041864721629884,"d":"70.4%"},{"v":44528.641297,"d":"44,529"},{"$f":"IF($B$15=\"Yes\",MIN(S927*2,References!$B$7),0)","v":{"v":29685.760864666667,"d":"29,686"}},{"$f":"IF(AND(D927<>0,$B$16=\"Yes\"),References!$B$6,0)","v":{"v":100000,"d":"100,000"}},{"v":2619.331841000001,"d":"2,619"},{"v":14658.817500000001,"d":"14,659"},{"v":1954.509,"d":"1,955"},{"v":16613.326500000003,"d":"16,613"},{"v":22476.853499999997,"d":"22,477"},{"$f":"(M927*12-(VLOOKUP(AB927*12,'Tax table'!$A$3:$C$10,3)*(AB927*12-VLOOKUP(AB927*12,'Tax table'!$A$3:$C$10,1))+VLOOKUP(AB927*12,'Tax table'!$A$3:$C$10,2)))/12","v":{"v":21078.05392333333,"d":"21,078"}},{"v":16613.326500000003,"d":"16,613"},{"v":0.7881812315514152,"d":"78.8%"}]
["Member 1374","1978-04-04","M",{"v":234541.08,"d":"234,541"},{"v":0.8,"d":"80%"},{"v":0.85,"d":"85%"},{"v":0.75,"d":"75%"},{"v":0.1,"d":"10%"},null,40,{"v":19545.09,"d":"19,545"},{"v":1954.509,"d":"1,955"},{"v":24431.3625,"d":"24,431"},{"v":22476.853499999997,"d":"22,477"},{"$f":"(M928*12-(VLOOKUP(N928*12,'Tax table'!$A$3:$C$10,3)*(N928*12-VLOOKUP(N928*12,'Tax table'!$A$3:$C$10,1))+VLOOKUP(N928*12,'Tax table'!$A$3:$C$10,2)))/12","v":{"v":21078.05392333333,"d":"21,078"}},{"v":17590.581,"d":"17,591"},{"$f":"(VLOOKUP(P928*12,'Tax table'!$A$3:$C$10,3)*(P928*12-VLOOKUP(P928*12,'Tax table'!$A$3:$C$10,1))+VLOOKUP(P928*12,'Tax table'!$A$3:$C$10,2))/12","v":{"v":2082.877726666666,"d":"2,083"}},{"v":17462.212273333334,"d":"17,462"},{"v":14842.880432333333,"d":"14,843"},{"v":0.7041864721629884,"d":"70.4%"},{"v":44528.641297,"d":"44,529"},{"$f":"IF($B$15=\"Yes\",MIN(S928*2,References!$B$7),0)","v":{"v":29685.760864666667,"d":"29,686"}},{"$f":"IF(AND(D928<>0,$B$16=\"Yes\"),References!$B$6,0)","v":{"v":100000,"d":"100,000"}},{"v":2619.331841000001,"d":"2,619"},{"v":14658.817500000001,"d":"14,659"},{"v":1954.509,"d":"1,955"},{"v":16613.326500000003,"d":"16,613"},{"v":22476.853499999997,"d":"22,477"},{"$f":"(M928*12-(VLOOKUP(AB928*12,'Tax table'!$A$3:$C$10,3)*(AB928*12-VLOOKUP(AB928*12,'Tax table'!$A$3:$C$10,1))+VLOOKUP(AB928*12,'Tax table'!$A$3:$C$10,2)))/12","v":{"v":21078.05392333333,"d":"21,078"}},{"v":16613.326500000003,"d":"16,613"},{"v":0.7881812315514152,"d":"78.8%"}]
["Member 1375","1975-10-10","F",{"v":234541.08,"d":"234,541"},{"v":0.8,"d":"80%"},{"v":0.85,"d":"85%"},{"v":0.75,"d":"75%"},{"v":0.1,"d":"10%"},null,43,{"v":19545.09,"d":"19,545"},{"v":1954.509,"d":"1,955"},{"v":24431.3625,"d":"24,431"},{"v":22476.853499999997,"d":"22,477"},{"$f":"(M929*12-(VLOOKUP(N929*12,'Tax table'!$A$3:$C$10,3)*(N929*12-VLOOKUP(N929*12,'Tax table'!$A$3:$C$10,1))+VLOOKUP(N929*12,'Tax table'!$A$3:$C$10,2)))/12","v":{"v":21078.05392333333,"d":"21,078"}},{"v":17590.581,"d":"17,591"},{"$f":"(VLOOKUP(P929*12,'Tax table'!$A$3:$C$10,3)*(P929*12-VLOOKUP(P929*12,'Tax table'!$A$3:$C$10,1))+VLOOKUP(P929*12,'Tax table'!$A$3:$C$10,2))/12","v":{"v":2082.877726666666,"d":"2,083"}},{"v":17462.212273333334,"d":"17,462"},{"v":14842.880432333333,"d":"14,843"},{"v":0.7041864721629884,"d":"70.4%"},{"v":44528.641297,"d":"44,529"},{"$f":"IF($B$15=\"Yes\",MIN(S929*2,References!$B$7),0)","v":{"v":29685.760864666667,"d":"29,686"}},{"$f":"IF(AND(D929<>0,$B$16=\"Yes\"),References!$B$6,0)","v":{"v":100000,"d":"100,000"}},{"v":2619.331841000001,"d":"2,619"},{"v":14658.817500000001,"d":"14,659"},{"v":1954.509,"d":"1,955"},{"v":16613.326500000003,"d":"16,613"},{"v":22476.853499999997,"d":"22,477"},{"$f":"(M929*12-(VLOOKUP(AB929*12,'Tax table'!$A$3:$C$10,3)*(AB929*12-VLOOKUP(AB929*12,'Tax table'!$A$3:$C$10,1))+VLOOKUP(AB929*12,'Tax table'!$A$3:$C$10,2)))/12","v":{"v":21078.05392333333,"d":"21,078"}},{"v":16613.326500000003,"d":"16,613"},{"v":0.7881812315514152,"d":"78.8%"}]
["Member 1376","1977-11-26","F",{"v":234541.08,"d":"234,541"},{"v":0.8,"d":"80%"},{"v":0.85,"d":"85%"},{"v":0.75,"d":"75%"},{"v":0.1,"d":"10%"},null,40,{"v":19545.09,"d":"19,545"},{"v":1954.509,"d":"1,955"},{"v":24431.3625,"d":"24,431"},{"v":22476.853499999997,"d":"22,477"},{"$f":"(M930*12-(VLOOKUP(N930*12,'Tax table'!$A$3:$C$10,3)*(N930*12-VLOOKUP(N930*12,'Tax table'!$A$3:$C$10,1))+VLOOKUP(N930*12,'Tax table'!$A$3:$C$10,2)))/12","v":{"v":21078.05392333333,"d":"21,078"}},{"v":17590.581,"d":"17,591"},{"$f":"(VLOOKUP(P930*12,'Tax table'!$A$3:$C$10,3)*(P930*12-VLOOKUP(P930*12,'Tax table'!$A$3:$C$10,1))+VLOOKUP(P930*12,'Tax table'!$A$3:$C$10,2))/12","v":{"v":2082.877726666666,"d":"2,083"}},{"v":17462.212273333334,"d":"17,462"},{"v":14842.880432333333,"d":"14,843"},{"v":0.7041864721629884,"d":"70.4%"},{"v":44528.641297,"d":"44,529"},{"$f":"IF($B$15=\"Yes\",MIN(S930*2,References!$B$7),0)","v":{"v":29685.760864666667,"d":"29,686"}},{"$f":"IF(AND(D930<>0,$B$16=\"Yes\"),References!$B$6,0)","v":{"v":100000,"d":"100,000"}},{"v":2619.331841000001,"d":"2,619"},{"v":14658.817500000001,"d":"14,659"},{"v":1954.509,"d":"1,955"},{"v":16613.326500000003,"d":"16,613"},{"v":22476.853499999997,"d":"22,477"},{"$f":"(M930*12-(VLOOKUP(AB930*12,'Tax table'!$A$3:$C$10,3)*(AB930*12-VLOOKUP(AB930*12,'Tax table'!$A$3:$C$10,1))+VLOOKUP(AB930*12,'Tax table'!$A$3:$C$10,2)))/12","v":{"v":21078.05392333333,"d":"21,078"}},{"v":16613.326500000003,"d":"16,613"},{"v":0.7881812315514152,"d":"78.8%"}]
["Member 1377","1982-02-05","F",{"v":234541.08,"d":"234,541"},{"v":0.8,"d":"80%"},{"v":0.85,"d":"85%"},{"v":0.75,"d":"75%"},{"v":0.1,"d":"10%"},null,36,{"v":19545.09,"d":"19,545"},{"v":1954.509,"d":"1,955"},{"v":24431.3625,"d":"24,431"},{"v":22476.853499999997,"d":"22,477"},{"$f":"(M931*12-(VLOOKUP(N931*12,'Tax table'!$A$3:$C$10,3)*(N931*12-VLOOKUP(N931*12,'Tax table'!$A$3:$C$10,1))+VLOOKUP(N931*12,'Tax table'!$A$3:$C$10,2)))/12","v":{"v":21078.05392333333,"d":"21,078"}},{"v":17590.581,"d":"17,591"},{"$f":"(VLOOKUP(P931*12,'Tax table'!$A$3:$C$10,3)*(P931*12-VLOOKUP(P931*12,'Tax table'!$A$3:$C$10,1))+VLOOKUP(P931*12,'Tax table'!$A$3:$C$10,2))/12","v":{"v":2082.877726666666,"d":"2,083"}},{"v":17462.212273333334,"d":"17,462"},{"v":14842.880432333333,"d":"14,843"},{"v":0.7041864721629884,"d":"70.4%"},{"v":44528.641297,"d":"44,529"},{"$f":"IF($B$15=\"Yes\",MIN(S931*2,References!$B$7),0)","v":{"v":29685.760864666667,"d":"29,686"}},{"$f":"IF(AND(D931<>0,$B$16=\"Yes\"),References!$B$6,0)","v":{"v":100000,"d":"100,000"}},{"v":2619.331841000001,"d":"2,619"},{"v":14658.817500000001,"d":"14,659"},{"v":1954.509,"d":"1,955"},{"v":16613.326500000003,"d":"16,613"},{"v":22476.853499999997,"d":"22,477"},{"$f":"(M931*12-(VLOOKUP(AB931*12,'Tax table'!$A$3:$C$10,3)*(AB931*12-VLOOKUP(AB931*12,'Tax table'!$A$3:$C$10,1))+VLOOKUP(AB931*12,'Tax table'!$A$3:$C$10,2)))/12","v":{"v":21078.05392333333,"d":"21,078"}},{"v":16613.326500000003,"d":"16,613"},{"v":0.7881812315514152,"d":"78.8%"}]
["Member 1378","1981-12-14","F",{"v":234541.08,"d":"234,541"},{"v":0.8,"d":"80%"},{"v":0.85,"d":"85%"},{"v":0.75,"d":"75%"},{"v":0.1,"d":"10%"},null,36,{"v":19545.09,"d":"19,545"},{"v":1954.509,"d":"1,955"},{"v":24431.3625,"d":"24,431"},{"v":22476.853499999997,"d":"22,477"},{"$f":"(M932*12-(VLOOKUP(N932*12,'Tax table'!$A$3:$C$10,3)*(N932*12-VLOOKUP(N932*12,'Tax table'!$A$3:$C$10,1))+VLOOKUP(N932*12,'Tax table'!$A$3:$C$10,2)))/12","v":{"v":21078.05392333333,"d":"21,078"}},{"v":17590.581,"d":"17,591"},{"$f":"(VLOOKUP(P932*12,'Tax table'!$A$3:$C$10,3)*(P932*12-VLOOKUP(P932*12,'Tax table'!$A$3:$C$10,1))+VLOOKUP(P932*12,'Tax table'!$A$3:$C$10,2))/12","v":{"v":2082.877726666666,"d":"2,083"}},{"v":17462.212273333334,"d":"17,462"},{"v":14842.880432333333,"d":"14,843"},{"v":0.7041864721629884,"d":"70.4%"},{"v":44528.641297,"d":"44,529"},{"$f":"IF($B$15=\"Yes\",MIN(S932*2,References!$B$7),0)","v":{"v":29685.760864666667,"d":"29,686"}},{"$f":"IF(AND(D932<>0,$B$16=\"Yes\"),References!$B$6,0)","v":{"v":100000,"d":"100,000"}},{"v":2619.331841000001,"d":"2,619"},{"v":14658.817500000001,"d":"14,659"},{"v":1954.509,"d":"1,955"},{"v":16613.326500000003,"d":"16,613"},{"v":22476.853499999997,"d":"22,477"},{"$f":"(M932*12-(VLOOKUP(AB932*12,'Tax table'!$A$3:$C$10,3)*(AB932*12-VLOOKUP(AB932*12,'Tax table'!$A$3:$C$10,1))+VLOOKUP(AB932*12,'Tax table'!$A$3:$C$10,2)))/12","v":{"v":21078.05392333333,"d":"21,078"}},{"v":16613.326500000003,"d":"16,613"},{"v":0.7881812315514152,"d":"78.8%"}]
["Member 1379","1976-05-31","F",{"v":234541.08,"d":"234,541"},{"v":0.8,"d":"80%"},{"v":0.85,"d":"85%"},{"v":0.75,"d":"75%"},{"v":0.1,"d":"10%"},null,42,{"v":19545.09,"d":"19,545"},{"v":1954.509,"d":"1,955"},{"v":24431.3625,"d":"24,431"},{"v":22476.853499999997,"d":"22,477"},{"$f":"(M933*12-(VLOOKUP(N933*12,'Tax table'!$A$3:$C$10,3)*(N933*12-VLOOKUP(N933*12,'Tax table'!$A$3:$C$10,1))+VLOOKUP(N933*12,'Tax table'!$A$3:$C$10,2)))/12","v":{"v":21078.05392333333,"d":"21,078"}},{"v":17590.581,"d":"17,591"},{"$f":"(VLOOKUP(P933*12,'Tax table'!$A$3:$C$10,3)*(P933*12-VLOOKUP(P933*12,'Tax table'!$A$3:$C$10,1))+VLOOKUP(P933*12,'Tax table'!$A$3:$C$10,2))/12","v":{"v":2082.877726666666,"d":"2,083"}},{"v":17462.212273333334,"d":"17,462"},{"v":14842.880432333333,"d":"14,843"},{"v":0.7041864721629884,"d":"70.4%"},{"v":44528.641297,"d":"44,529"},{"$f":"IF($B$15=\"Yes\",MIN(S933*2,References!$B$7),0)","v":{"v":29685.760864666667,"d":"29,686"}},{"$f":"IF(AND(D933<>0,$B$16=\"Yes\"),References!$B$6,0)","v":{"v":100000,"d":"100,000"}},{"v":2619.331841000001,"d":"2,619"},{"v":14658.817500000001,"d":"14,659"},{"v":1954.509,"d":"1,955"},{"v":16613.326500000003,"d":"16,613"},{"v":22476.853499999997,"d":"22,477"},{"$f":"(M933*12-(VLOOKUP(AB933*12,'Tax table'!$A$3:$C$10,3)*(AB933*12-VLOOKUP(AB933*12,'Tax table'!$A$3:$C$10,1))+VLOOKUP(AB933*12,'Tax table'!$A$3:$C$10,2)))/12","v":{"v":21078.05392333333,"d":"21,078"}},{"v":16613.326500000003,"d":"16,613"},{"v":0.7881812315514152,"d":"78.8%"}]
["Member 1380","1983-03-27","F",{"v":234541.08,"d":"234,541"},{"v":0.8,"d":"80%"},{"v":0.85,"d":"85%"},{"v":0.75,"d":"75%"},{"v":0.1,"d":"10%"},null,35,{"v":19545.09,"d":"19,545"},{"v":1954.509,"d":"1,955"},{"v":24431.3625,"d":"24,431"},{"v":22476.853499999997,"d":"22,477"},{"$f":"(M934*12-(VLOOKUP(N934*12,'Tax table'!$A$3:$C$10,3)*(N934*12-VLOOKUP(N934*12,'Tax table'!$A$3:$C$10,1))+VLOOKUP(N934*12,'Tax table'!$A$3:$C$10,2)))/12","v":{"v":21078.05392333333,"d":"21,078"}},{"v":17590.581,"d":"17,591"},{"$f":"(VLOOKUP(P934*12,'Tax table'!$A$3:$C$10,3)*(P934*12-VLOOKUP(P934*12,'Tax table'!$A$3:$C$10,1))+VLOOKUP(P934*12,'Tax table'!$A$3:$C$10,2))/12","v":{"v":2082.877726666666,"d":"2,083"}},{"v":17462.212273333334,"d":"17,462"},{"v":14842.880432333333,"d":"14,843"},{"v":0.7041864721629884,"d":"70.4%"},{"v":44528.641297,"d":"44,529"},{"$f":"IF($B$15=\"Yes\",MIN(S934*2,References!$B$7),0)","v":{"v":29685.760864666667,"d":"29,686"}},{"$f":"IF(AND(D934<>0,$B$16=\"Yes\"),References!$B$6,0)","v":{"v":100000,"d":"100,000"}},{"v":2619.331841000001,"d":"2,619"},{"v":14658.817500000001,"d":"14,659"},{"v":1954.509,"d":"1,955"},{"v":16613.326500000003,"d":"16,613"},{"v":22476.853499999997,"d":"22,477"},{"$f":"(M934*12-(VLOOKUP(AB934*12,'Tax table'!$A$3:$C$10,3)*(AB934*12-VLOOKUP(AB934*12,'Tax table'!$A$3:$C$10,1))+VLOOKUP(AB934*12,'Tax table'!$A$3:$C$10,2)))/12","v":{"v":21078.05392333333,"d":"21,078"}},{"v":16613.326500000003,"d":"16,613"},{"v":0.7881812315514152,"d":"78.8%"}]
["Member 1381","1981-10-25","F",{"v":234541.08,"d":"234,541"},{"v":0.8,"d":"80%"},{"v":0.85,"d":"85%"},{"v":0.75,"d":"75%"},{"v":0.1,"d":"10%"},null,37,{"v":19545.09,"d":"19,545"},{"v":1954.509,"d":"1,955"},{"v":24431.3625,"d":"24,431"},{"v":22476.853499999997,"d":"22,477"},{"$f":"(M935*12-(VLOOKUP(N935*12,'Tax table'!$A$3:$C$10,3)*(N935*12-VLOOKUP(N935*12,'Tax table'!$A$3:$C$10,1))+VLOOKUP(N935*12,'Tax table'!$A$3:$C$10,2)))/12","v":{"v":21078.05392333333,"d":"21,078"}},{"v":17590.581,"d":"17,591"},{"$f":"(VLOOKUP(P935*12,'Tax table'!$A$3:$C$10,3)*(P935*12-VLOOKUP(P935*12,'Tax table'!$A$3:$C$10,1))+VLOOKUP(P935*12,'Tax table'!$A$3:$C$10,2))/12","v":{"v":2082.877726666666,"d":"2,083"}},{"v":17462.212273333334,"d":"17,462"},{"v":14842.880432333333,"d":"14,843"},{"v":0.7041864721629884,"d":"70.4%"},{"v":44528.641297,"d":"44,529"},{"$f":"IF($B$15=\"Yes\",MIN(S935*2,References!$B$7),0)","v":{"v":29685.760864666667,"d":"29,686"}},{"$f":"IF(AND(D935<>0,$B$16=\"Yes\"),References!$B$6,0)","v":{"v":100000,"d":"100,000"}},{"v":2619.331841000001,"d":"2,619"},{"v":14658.817500000001,"d":"14,659"},{"v":1954.509,"d":"1,955"},{"v":16613.326500000003,"d":"16,613"},{"v":22476.853499999997,"d":"22,477"},{"$f":"(M935*12-(VLOOKUP(AB935*12,'Tax table'!$A$3:$C$10,3)*(AB935*12-VLOOKUP(AB935*12,'Tax table'!$A$3:$C$10,1))+VLOOKUP(AB935*12,'Tax table'!$A$3:$C$10,2)))/12","v":{"v":21078.05392333333,"d":"21,078"}},{"v":16613.326500000003,"d":"16,613"},{"v":0.7881812315514152,"d":"78.8%"}]
["Member 1382","1986-12-12","F",{"v":234541.08,"d":"234,541"},{"v":0.8,"d":"80%"},{"v":0.85,"d":"85%"},{"v":0.75,"d":"75%"},{"v":0.1,"d":"10%"},null,31,{"v":19545.09,"d":"19,545"},{"v":1954.509,"d":"1,955"},{"v":24431.3625,"d":"24,431"},{"v":22476.853499999997,"d":"22,477"},{"$f":"(M936*12-(VLOOKUP(N936*12,'Tax table'!$A$3:$C$10,3)*(N936*12-VLOOKUP(N936*12,'Tax table'!$A$3:$C$10,1))+VLOOKUP(N936*12,'Tax table'!$A$3:$C$10,2)))/12","v":{"v":21078.05392333333,"d":"21,078"}},{"v":17590.581,"d":"17,591"},{"$f":"(VLOOKUP(P936*12,'Tax table'!$A$3:$C$10,3)*(P936*12-VLOOKUP(P936*12,'Tax table'!$A$3:$C$10,1))+VLOOKUP(P936*12,'Tax table'!$A$3:$C$10,2))/12","v":{"v":2082.877726666666,"d":"2,083"}},{"v":17462.212273333334,"d":"17,462"},{"v":14842.880432333333,"d":"14,843"},{"v":0.7041864721629884,"d":"70.4%"},{"v":44528.641297,"d":"44,529"},{"$f":"IF($B$15=\"Yes\",MIN(S936*2,References!$B$7),0)","v":{"v":29685.760864666667,"d":"29,686"}},{"$f":"IF(AND(D936<>0,$B$16=\"Yes\"),References!$B$6,0)","v":{"v":100000,"d":"100,000"}},{"v":2619.331841000001,"d":"2,619"},{"v":14658.817500000001,"d":"14,659"},{"v":1954.509,"d":"1,955"},{"v":16613.326500000003,"d":"16,613"},{"v":22476.853499999997,"d":"22,477"},{"$f":"(M936*12-(VLOOKUP(AB936*12,'Tax table'!$A$3:$C$10,3)*(AB936*12-VLOOKUP(AB936*12,'Tax table'!$A$3:$C$10,1))+VLOOKUP(AB936*12,'Tax table'!$A$3:$C$10,2)))/12","v":{"v":21078.05392333333,"d":"21,078"}},{"v":16613.326500000003,"d":"16,613"},{"v":0.7881812315514152,"d":"78.8%"}]
["Member 1383","1980-07-13","M",{"v":234541.08,"d":"234,541"},{"v":0.8,"d":"80%"},{"v":0.85,"d":"85%"},{"v":0.75,"d":"75%"},{"v":0.1,"d":"10%"},null,38,{"v":19545.09,"d":"19,545"},{"v":1954.509,"d":"1,955"},{"v":24431.3625,"d":"24,431"},{"v":22476.853499999997,"d":"22,477"},{"$f":"(M937*12-(VLOOKUP(N937*12,'Tax table'!$A$3:$C$10,3)*(N937*12-VLOOKUP(N937*12,'Tax table'!$A$3:$C$10,1))+VLOOKUP(N937*12,'Tax table'!$A$3:$C$10,2)))/12","v":{"v":21078.05392333333,"d":"21,078"}},{"v":17590.581,"d":"17,591"},{"$f":"(VLOOKUP(P937*12,'Tax table'!$A$3:$C$10,3)*(P937*12-VLOOKUP(P937*12,'Tax table'!$A$3:$C$10,1))+VLOOKUP(P937*12,'Tax table'!$A$3:$C$10,2))/12","v":{"v":2082.877726666666,"d":"2,083"}},{"v":17462.212273333334,"d":"17,462"},{"v":14842.880432333333,"d":"14,843"},{"v":0.7041864721629884,"d":"70.4%"},{"v":44528.641297,"d":"44,529"},{"$f":"IF($B$15=\"Yes\",MIN(S937*2,References!$B$7),0)","v":{"v":29685.760864666667,"d":"29,686"}},{"$f":"IF(AND(D937<>0,$B$16=\"Yes\"),References!$B$6,0)","v":{"v":100000,"d":"100,000"}},{"v":2619.331841000001,"d":"2,619"},{"v":14658.817500000001,"d":"14,659"},{"v":1954.509,"d":"1,955"},{"v":16613.326500000003,"d":"16,613"},{"v":22476.853499999997,"d":"22,477"},{"$f":"(M937*12-(VLOOKUP(AB937*12,'Tax table'!$A$3:$C$10,3)*(AB937*12-VLOOKUP(AB937*12,'Tax table'!$A$3:$C$10,1))+VLOOKUP(AB937*12,'Tax table'!$A$3:$C$10,2)))/12","v":{"v":21078.05392333333,"d":"21,078"}},{"v":16613.326500000003,"d":"16,613"},{"v":0.7881812315514152,"d":"78.8%"}]
["Member 1384","1987-01-23","F",{"v":234541.08,"d":"234,541"},{"v":0.8,"d":"80%"},{"v":0.85,"d":"85%"},{"v":0.75,"d":"75%"},{"v":0.1,"d":"10%"},null,31,{"v":19545.09,"d":"19,545"},{"v":1954.509,"d":"1,955"},{"v":24431.3625,"d":"24,431"},{"v":22476.853499999997,"d":"22,477"},{"$f":"(M938*12-(VLOOKUP(N938*12,'Tax table'!$A$3:$C$10,3)*(N938*12-VLOOKUP(N938*12,'Tax table'!$A$3:$C$10,1))+VLOOKUP(N938*12,'Tax table'!$A$3:$C$10,2)))/12","v":{"v":21078.05392333333,"d":"21,078"}},{"v":17590.581,"d":"17,591"},{"$f":"(VLOOKUP(P938*12,'Tax table'!$A$3:$C$10,3)*(P938*12-VLOOKUP(P938*12,'Tax table'!$A$3:$C$10,1))+VLOOKUP(P938*12,'Tax table'!$A$3:$C$10,2))/12","v":{"v":2082.877726666666,"d":"2,083"}},{"v":17462.212273333334,"d":"17,462"},{"v":14842.880432333333,"d":"14,843"},{"v":0.7041864721629884,"d":"70.4%"},{"v":44528.641297,"d":"44,529"},{"$f":"IF($B$15=\"Yes\",MIN(S938*2,References!$B$7),0)","v":{"v":29685.760864666667,"d":"29,686"}},{"$f":"IF(AND(D938<>0,$B$16=\"Yes\"),References!$B$6,0)","v":{"v":100000,"d":"100,000"}},{"v":2619.331841000001,"d":"2,619"},{"v":14658.817500000001,"d":"14,659"},{"v":1954.509,"d":"1,955"},{"v":16613.326500000003,"d":"16,613"},{"v":22476.853499999997,"d":"22,477"},{"$f":"(M938*12-(VLOOKUP(AB938*12,'Tax table'!$A$3:$C$10,3)*(AB938*12-VLOOKUP(AB938*12,'Tax table'!$A$3:$C$10,1))+VLOOKUP(AB938*12,'Tax table'!$A$3:$C$10,2)))/12","v":{"v":21078.05392333333,"d":"21,078"}},{"v":16613.326500000003,"d":"16,613"},{"v":0.7881812315514152,"d":"78.8%"}]
["Member 1385","1982-08-02","F",{"v":234541.08,"d":"234,541"},{"v":0.8,"d":"80%"},{"v":0.85,"d":"85%"},{"v":0.75,"d":"75%"},{"v":0.1,"d":"10%"},null,36,{"v":19545.09,"d":"19,545"},{"v":1954.509,"d":"1,955"},{"v":24431.3625,"d":"24,431"},{"v":22476.853499999997,"d":"22,477"},{"$f":"(M939*12-(VLOOKUP(N939*12,'Tax table'!$A$3:$C$10,3)*(N939*12-VLOOKUP(N939*12,'Tax table'!$A$3:$C$10,1))+VLOOKUP(N939*12,'Tax table'!$A$3:$C$10,2)))/12","v":{"v":21078.05392333333,"d":"21,078"}},{"v":17590.581,"d":"17,591"},{"$f":"(VLOOKUP(P939*12,'Tax table'!$A$3:$C$10,3)*(P939*12-VLOOKUP(P939*12,'Tax table'!$A$3:$C$10,1))+VLOOKUP(P939*12,'Tax table'!$A$3:$C$10,2))/12","v":{"v":2082.877726666666,"d":"2,083"}},{"v":17462.212273333334,"d":"17,462"},{"v":14842.880432333333,"d":"14,843"},{"v":0.7041864721629884,"d":"70.4%"},{"v":44528.641297,"d":"44,529"},{"$f":"IF($B$15=\"Yes\",MIN(S939*2,References!$B$7),0)","v":{"v":29685.760864666667,"d":"29,686"}},{"$f":"IF(AND(D939<>0,$B$16=\"Yes\"),References!$B$6,0)","v":{"v":100000,"d":"100,000"}},{"v":2619.331841000001,"d":"2,619"},{"v":14658.817500000001,"d":"14,659"},{"v":1954.509,"d":"1,955"},{"v":16613.326500000003,"d":"16,613"},{"v":22476.853499999997,"d":"22,477"},{"$f":"(M939*12-(VLOOKUP(AB939*12,'Tax table'!$A$3:$C$10,3)*(AB939*12-VLOOKUP(AB939*12,'Tax table'!$A$3:$C$10,1))+VLOOKUP(AB939*12,'Tax table'!$A$3:$C$10,2)))/12","v":{"v":21078.05392333333,"d":"21,078"}},{"v":16613.326500000003,"d":"16,613"},{"v":0.7881812315514152,"d":"78.8%"}]
["Member 1386","1973-06-10","M",{"v":234541.08,"d":"234,541"},{"v":0.8,"d":"80%"},{"v":0.85,"d":"85%"},{"v":0.75,"d":"75%"},{"v":0.1,"d":"10%"},null,45,{"v":19545.09,"d":"19,545"},{"v":1954.509,"d":"1,955"},{"v":24431.3625,"d":"24,431"},{"v":22476.853499999997,"d":"22,477"},{"$f":"(M940*12-(VLOOKUP(N940*12,'Tax table'!$A$3:$C$10,3)*(N940*12-VLOOKUP(N940*12,'Tax table'!$A$3:$C$10,1))+VLOOKUP(N940*12,'Tax table'!$A$3:$C$10,2)))/12","v":{"v":21078.05392333333,"d":"21,078"}},{"v":17590.581,"d":"17,591"},{"$f":"(VLOOKUP(P940*12,'Tax table'!$A$3:$C$10,3)*(P940*12-VLOOKUP(P940*12,'Tax table'!$A$3:$C$10,1))+VLOOKUP(P940*12,'Tax table'!$A$3:$C$10,2))/12","v":{"v":2082.877726666666,"d":"2,083"}},{"v":17462.212273333334,"d":"17,462"},{"v":14842.880432333333,"d":"14,843"},{"v":0.7041864721629884,"d":"70.4%"},{"v":44528.641297,"d":"44,529"},{"$f":"IF($B$15=\"Yes\",MIN(S940*2,References!$B$7),0)","v":{"v":29685.760864666667,"d":"29,686"}},{"$f":"IF(AND(D940<>0,$B$16=\"Yes\"),References!$B$6,0)","v":{"v":100000,"d":"100,000"}},{"v":2619.331841000001,"d":"2,619"},{"v":14658.817500000001,"d":"14,659"},{"v":1954.509,"d":"1,955"},{"v":16613.326500000003,"d":"16,613"},{"v":22476.853499999997,"d":"22,477"},{"$f":"(M940*12-(VLOOKUP(AB940*12,'Tax table'!$A$3:$C$10,3)*(AB940*12-VLOOKUP(AB940*12,'Tax table'!$A$3:$C$10,1))+VLOOKUP(AB940*12,'Tax table'!$A$3:$C$10,2)))/12","v":{"v":21078.05392333333,"d":"21,078"}},{"v":16613.326500000003,"d":"16,613"},{"v":0.7881812315514152,"d":"78.8%"}]
["Member 1387","1986-08-08","M",{"v":234541.08,"d":"234,541"},{"v":0.8,"d":"80%"},{"v":0.85,"d":"85%"},{"v":0.75,"d":"75%"},{"v":0.1,"d":"10%"},null,32,{"v":19545.09,"d":"19,545"},{"v":1954.509,"d":"1,955"},{"v":24431.3625,"d":"24,431"},{"v":22476.853499999997,"d":"22,477"},{"$f":"(M941*12-(VLOOKUP(N941*12,'Tax table'!$A$3:$C$10,3)*(N941*12-VLOOKUP(N941*12,'Tax table'!$A$3:$C$10,1))+VLOOKUP(N941*12,'Tax table'!$A$3:$C$10,2)))/12","v":{"v":21078.05392333333,"d":"21,078"}},{"v":17590.581,"d":"17,591"},{"$f":"(VLOOKUP(P941*12,'Tax table'!$A$3:$C$10,3)*(P941*12-VLOOKUP(P941*12,'Tax table'!$A$3:$C$10,1))+VLOOKUP(P941*12,'Tax table'!$A$3:$C$10,2))/12","v":{"v":2082.877726666666,"d":"2,083"}},{"v":17462.212273333334,"d":"17,462"},{"v":14842.880432333333,"d":"14,843"},{"v":0.7041864721629884,"d":"70.4%"},{"v":44528.641297,"d":"44,529"},{"$f":"IF($B$15=\"Yes\",MIN(S941*2,References!$B$7),0)","v":{"v":29685.760864666667,"d":"29,686"}},{"$f":"IF(AND(D941<>0,$B$16=\"Yes\"),References!$B$6,0)","v":{"v":100000,"d":"100,000"}},{"v":2619.331841000001,"d":"2,619"},{"v":14658.817500000001,"d":"14,659"},{"v":1954.509,"d":"1,955"},{"v":16613.326500000003,"d":"16,613"},{"v":22476.853499999997,"d":"22,477"},{"$f":"(M941*12-(VLOOKUP(AB941*12,'Tax table'!$A$3:$C$10,3)*(AB941*12-VLOOKUP(AB941*12,'Tax table'!$A$3:$C$10,1))+VLOOKUP(AB941*12,'Tax table'!$A$3:$C$10,2)))/12","v":{"v":21078.05392333333,"d":"21,078"}},{"v":16613.326500000003,"d":"16,613"},{"v":0.7881812315514152,"d":"78.8%"}]
["Member 1388","1990-05-29","F",{"v":234541.08,"d":"234,541"},{"v":0.8,"d":"80%"},{"v":0.85,"d":"85%"},{"v":0.75,"d":"75%"},{"v":0.1,"d":"10%"},null,28,{"v":19545.09,"d":"19,545"},{"v":1954.509,"d":"1,955"},{"v":24431.3625,"d":"24,431"},{"v":22476.853499999997,"d":"22,477"},{"$f":"(M942*12-(VLOOKUP(N942*12,'Tax table'!$A$3:$C$10,3)*(N942*12-VLOOKUP(N942*12,'Tax table'!$A$3:$C$10,1))+VLOOKUP(N942*12,'Tax table'!$A$3:$C$10,2)))/12","v":{"v":21078.05392333333,"d":"21,078"}},{"v":17590.581,"d":"17,591"},{"$f":"(VLOOKUP(P942*12,'Tax table'!$A$3:$C$10,3)*(P942*12-VLOOKUP(P942*12,'Tax table'!$A$3:$C$10,1))+VLOOKUP(P942*12,'Tax table'!$A$3:$C$10,2))/12","v":{"v":2082.877726666666,"d":"2,083"}},{"v":17462.212273333334,"d":"17,462"},{"v":14842.880432333333,"d":"14,843"},{"v":0.7041864721629884,"d":"70.4%"},{"v":44528.641297,"d":"44,529"},{"$f":"IF($B$15=\"Yes\",MIN(S942*2,References!$B$7),0)","v":{"v":29685.760864666667,"d":"29,686"}},{"$f":"IF(AND(D942<>0,$B$16=\"Yes\"),References!$B$6,0)","v":{"v":100000,"d":"100,000"}},{"v":2619.331841000001,"d":"2,619"},{"v":14658.817500000001,"d":"14,659"},{"v":1954.509,"d":"1,955"},{"v":16613.326500000003,"d":"16,613"},{"v":22476.853499999997,"d":"22,477"},{"$f":"(M942*12-(VLOOKUP(AB942*12,'Tax table'!$A$3:$C$10,3)*(AB942*12-VLOOKUP(AB942*12,'Tax table'!$A$3:$C$10,1))+VLOOKUP(AB942*12,'Tax table'!$A$3:$C$10,2)))/12","v":{"v":21078.05392333333,"d":"21,078"}},{"v":16613.326500000003,"d":"16,613"},{"v":0.7881812315514152,"d":"78.8%"}]
["Member 1389","1974-09-17","F",{"v":234541.08,"d":"234,541"},{"v":0.8,"d":"80%"},{"v":0.85,"d":"85%"},{"v":0.75,"d":"75%"},{"v":0.1,"d":"10%"},null,44,{"v":19545.09,"d":"19,545"},{"v":1954.509,"d":"1,955"},{"v":24431.3625,"d":"24,431"},{"v":22476.853499999997,"d":"22,477"},{"$f":"(M943*12-(VLOOKUP(N943*12,'Tax table'!$A$3:$C$10,3)*(N943*12-VLOOKUP(N943*12,'Tax table'!$A$3:$C$10,1))+VLOOKUP(N943*12,'Tax table'!$A$3:$C$10,2)))/12","v":{"v":21078.05392333333,"d":"21,078"}},{"v":17590.581,"d":"17,591"},{"$f":"(VLOOKUP(P943*12,'Tax table'!$A$3:$C$10,3)*(P943*12-VLOOKUP(P943*12,'Tax table'!$A$3:$C$10,1))+VLOOKUP(P943*12,'Tax table'!$A$3:$C$10,2))/12","v":{"v":2082.877726666666,"d":"2,083"}},{"v":17462.212273333334,"d":"17,462"},{"v":14842.880432333333,"d":"14,843"},{"v":0.7041864721629884,"d":"70.4%"},{"v":44528.641297,"d":"44,529"},{"$f":"IF($B$15=\"Yes\",MIN(S943*2,References!$B$7),0)","v":{"v":29685.760864666667,"d":"29,686"}},{"$f":"IF(AND(D943<>0,$B$16=\"Yes\"),References!$B$6,0)","v":{"v":100000,"d":"100,000"}},{"v":2619.331841000001,"d":"2,619"},{"v":14658.817500000001,"d":"14,659"},{"v":1954.509,"d":"1,955"},{"v":16613.326500000003,"d":"16,613"},{"v":22476.853499999997,"d":"22,477"},{"$f":"(M943*12-(VLOOKUP(AB943*12,'Tax table'!$A$3:$C$10,3)*(AB943*12-VLOOKUP(AB943*12,'Tax table'!$A$3:$C$10,1))+VLOOKUP(AB943*12,'Tax table'!$A$3:$C$10,2)))/12","v":{"v":21078.05392333333,"d":"21,078"}},{"v":16613.326500000003,"d":"16,613"},{"v":0.7881812315514152,"d":"78.8%"}]
["Member 1324","1972-01-04","F",{"v":234543.24,"d":"234,543"},{"v":0.8,"d":"80%"},{"v":0.85,"d":"85%"},{"v":0.75,"d":"75%"},{"v":0.1,"d":"10%"},null,46,{"v":19545.27,"d":"19,545"},{"v":1954.527,"d":"1,955"},{"v":24431.587499999998,"d":"24,432"},{"v":22477.0605,"d":"22,477"},{"$f":"(M944*12-(VLOOKUP(N944*12,'Tax table'!$A$3:$C$10,3)*(N944*12-VLOOKUP(N944*12,'Tax table'!$A$3:$C$10,1))+VLOOKUP(N944*12,'Tax table'!$A$3:$C$10,2)))/12","v":{"v":21078.22510333333,"d":"21,078"}},{"v":17590.743000000002,"d":"17,591"},{"$f":"(VLOOKUP(P944*12,'Tax table'!$A$3:$C$10,3)*(P944*12-VLOOKUP(P944*12,'Tax table'!$A$3:$C$10,1))+VLOOKUP(P944*12,'Tax table'!$A$3:$C$10,2))/12","v":{"v":2082.919846666667,"d":"2,083"}},{"v":17462.350153333333,"d":"17,462"},{"v":14842.997630333333,"d":"14,843"},{"v":0.7041863134854769,"d":"70.4%"},{"v":44528.992891,"d":"44,529"},{"$f":"IF($B$15=\"Yes\",MIN(S944*2,References!$B$7),0)","v":{"v":29685.995260666667,"d":"29,686"}},{"$f":"IF(AND(D944<>0,$B$16=\"Yes\"),References!$B$6,0)","v":{"v":100000,"d":"100,000"}},{"v":2619.3525229999996,"d":"2,619"},{"v":14658.9525,"d":"14,659"},{"v":1954.527,"d":"1,955"},{"v":16613.4795,"d":"16,613"},{"v":22477.0605,"d":"22,477"},{"$f":"(M944*12-(VLOOKUP(AB944*12,'Tax table'!$A$3:$C$10,3)*(AB944*12-VLOOKUP(AB944*12,'Tax table'!$A$3:$C$10,1))+VLOOKUP(AB944*12,'Tax table'!$A$3:$C$10,2)))/12","v":{"v":21078.22510333333,"d":"21,078"}},{"v":16613.4795,"d":"16,613"},{"v":0.7881820892676932,"d":"78.8%"}]
["Member 1325","1982-01-17","F",{"v":234543.24,"d":"234,543"},{"v":0.8,"d":"80%"},{"v":0.85,"d":"85%"},{"v":0.75,"d":"75%"},{"v":0.1,"d":"10%"},null,36,{"v":19545.27,"d":"19,545"},{"v":1954.527,"d":"1,955"},{"v":24431.587499999998,"d":"24,432"},{"v":22477.0605,"d":"22,477"},{"$f":"(M945*12-(VLOOKUP(N945*12,'Tax table'!$A$3:$C$10,3)*(N945*12-VLOOKUP(N945*12,'Tax table'!$A$3:$C$10,1))+VLOOKUP(N945*12,'Tax table'!$A$3:$C$10,2)))/12","v":{"v":21078.22510333333,"d":"21,078"}},{"v":17590.743000000002,"d":"17,591"},{"$f":"(VLOOKUP(P945*12,'Tax table'!$A$3:$C$10,3)*(P945*12-VLOOKUP(P945*12,'Tax table'!$A$3:$C$10,1))+VLOOKUP(P945*12,'Tax table'!$A$3:$C$10,2))/12","v":{"v":2082.919846666667,"d":"2,083"}},{"v":17462.350153333333,"d":"17,462"},{"v":14842.997630333333,"d":"14,843"},{"v":0.7041863134854769,"d":"70.4%"},{"v":44528.992891,"d":"44,529"},{"$f":"IF($B$15=\"Yes\",MIN(S945*2,References!$B$7),0)","v":{"v":29685.995260666667,"d":"29,686"}},{"$f":"IF(AND(D945<>0,$B$16=\"Yes\"),References!$B$6,0)","v":{"v":100000,"d":"100,000"}},{"v":2619.3525229999996,"d":"2,619"},{"v":14658.9525,"d":"14,659"},{"v":1954.527,"d":"1,955"},{"v":16613.4795,"d":"16,613"},{"v":22477.0605,"d":"22,477"},{"$f":"(M945*12-(VLOOKUP(AB945*12,'Tax table'!$A$3:$C$10,3)*(AB945*12-VLOOKUP(AB945*12,'Tax table'!$A$3:$C$10,1))+VLOOKUP(AB945*12,'Tax table'!$A$3:$C$10,2)))/12","v":{"v":21078.22510333333,"d":"21,078"}},{"v":16613.4795,"d":"16,613"},{"v":0.7881820892676932,"d":"78.8%"}]
["Member 1326","1971-11-11","F",{"v":234543.24,"d":"234,543"},{"v":0.8,"d":"80%"},{"v":0.85,"d":"85%"},{"v":0.75,"d":"75%"},{"v":0.1,"d":"10%"},null,46,{"v":19545.27,"d":"19,545"},{"v":1954.527,"d":"1,955"},{"v":24431.587499999998,"d":"24,432"},{"v":22477.0605,"d":"22,477"},{"$f":"(M946*12-(VLOOKUP(N946*12,'Tax table'!$A$3:$C$10,3)*(N946*12-VLOOKUP(N946*12,'Tax table'!$A$3:$C$10,1))+VLOOKUP(N946*12,'Tax table'!$A$3:$C$10,2)))/12","v":{"v":21078.22510333333,"d":"21,078"}},{"v":17590.743000000002,"d":"17,591"},{"$f":"(VLOOKUP(P946*12,'Tax table'!$A$3:$C$10,3)*(P946*12-VLOOKUP(P946*12,'Tax table'!$A$3:$C$10,1))+VLOOKUP(P946*12,'Tax table'!$A$3:$C$10,2))/12","v":{"v":2082.919846666667,"d":"2,083"}},{"v":17462.350153333333,"d":"17,462"},{"v":14842.997630333333,"d":"14,843"},{"v":0.7041863134854769,"d":"70.4%"},{"v":44528.992891,"d":"44,529"},{"$f":"IF($B$15=\"Yes\",MIN(S946*2,References!$B$7),0)","v":{"v":29685.995260666667,"d":"29,686"}},{"$f":"IF(AND(D946<>0,$B$16=\"Yes\"),References!$B$6,0)","v":{"v":100000,"d":"100,000"}},{"v":2619.3525229999996,"d":"2,619"},{"v":14658.9525,"d":"14,659"},{"v":1954.527,"d":"1,955"},{"v":16613.4795,"d":"16,613"},{"v":22477.0605,"d":"22,477"},{"$f":"(M946*12-(VLOOKUP(AB946*12,'Tax table'!$A$3:$C$10,3)*(AB946*12-VLOOKUP(AB946*12,'Tax table'!$A$3:$C$10,1))+VLOOKUP(AB946*12,'Tax table'!$A$3:$C$10,2)))/12","v":{"v":21078.22510333333,"d":"21,078"}},{"v":16613.4795,"d":"16,613"},{"v":0.7881820892676932,"d":"78.8%"}]
["Member 1327","1978-02-22","M",{"v":234543.24,"d":"234,543"},{"v":0.8,"d":"80%"},{"v":0.85,"d":"85%"},{"v":0.75,"d":"75%"},{"v":0.1,"d":"10%"},null,40,{"v":19545.27,"d":"19,545"},{"v":1954.527,"d":"1,955"},{"v":24431.587499999998,"d":"24,432"},{"v":22477.0605,"d":"22,477"},{"$f":"(M947*12-(VLOOKUP(N947*12,'Tax table'!$A$3:$C$10,3)*(N947*12-VLOOKUP(N947*12,'Tax table'!$A$3:$C$10,1))+VLOOKUP(N947*12,'Tax table'!$A$3:$C$10,2)))/12","v":{"v":21078.22510333333,"d":"21,078"}},{"v":17590.743000000002,"d":"17,591"},{"$f":"(VLOOKUP(P947*12,'Tax table'!$A$3:$C$10,3)*(P947*12-VLOOKUP(P947*12,'Tax table'!$A$3:$C$10,1))+VLOOKUP(P947*12,'Tax table'!$A$3:$C$10,2))/12","v":{"v":2082.919846666667,"d":"2,083"}},{"v":17462.350153333333,"d":"17,462"},{"v":14842.997630333333,"d":"14,843"},{"v":0.7041863134854769,"d":"70.4%"},{"v":44528.992891,"d":"44,529"},{"$f":"IF($B$15=\"Yes\",MIN(S947*2,References!$B$7),0)","v":{"v":29685.995260666667,"d":"29,686"}},{"$f":"IF(AND(D947<>0,$B$16=\"Yes\"),References!$B$6,0)","v":{"v":100000,"d":"100,000"}},{"v":2619.3525229999996,"d":"2,619"},{"v":14658.9525,"d":"14,659"},{"v":1954.527,"d":"1,955"},{"v":16613.4795,"d":"16,613"},{"v":22477.0605,"d":"22,477"},{"$f":"(M947*12-(VLOOKUP(AB947*12,'Tax table'!$A$3:$C$10,3)*(AB947*12-VLOOKUP(AB947*12,'Tax table'!$A$3:$C$10,1))+VLOOKUP(AB947*12,'Tax table'!$A$3:$C$10,2)))/12","v":{"v":21078.22510333333,"d":"21,078"}},{"v":16613.4795,"d":"16,613"},{"v":0.7881820892676932,"d":"78.8%"}]
["Member 1328","1982-12-17","F",{"v":234543.24,"d":"234,543"},{"v":0.8,"d":"80%"},{"v":0.85,"d":"85%"},{"v":0.75,"d":"75%"},{"v":0.1,"d":"10%"},null,35,{"v":19545.27,"d":"19,545"},{"v":1954.527,"d":"1,955"},{"v":24431.587499999998,"d":"24,432"},{"v":22477.0605,"d":"22,477"},{"$f":"(M948*12-(VLOOKUP(N948*12,'Tax table'!$A$3:$C$10,3)*(N948*12-VLOOKUP(N948*12,'Tax table'!$A$3:$C$10,1))+VLOOKUP(N948*12,'Tax table'!$A$3:$C$10,2)))/12","v":{"v":21078.22510333333,"d":"21,078"}},{"v":17590.743000000002,"d":"17,591"},{"$f":"(VLOOKUP(P948*12,'Tax table'!$A$3:$C$10,3)*(P948*12-VLOOKUP(P948*12,'Tax table'!$A$3:$C$10,1))+VLOOKUP(P948*12,'Tax table'!$A$3:$C$10,2))/12","v":{"v":2082.919846666667,"d":"2,083"}},{"v":17462.350153333333,"d":"17,462"},{"v":14842.997630333333,"d":"14,843"},{"v":0.7041863134854769,"d":"70.4%"},{"v":44528.992891,"d":"44,529"},{"$f":"IF($B$15=\"Yes\",MIN(S948*2,References!$B$7),0)","v":{"v":29685.995260666667,"d":"29,686"}},{"$f":"IF(AND(D948<>0,$B$16=\"Yes\"),References!$B$6,0)","v":{"v":100000,"d":"100,000"}},{"v":2619.3525229999996,"d":"2,619"},{"v":14658.9525,"d":"14,659"},{"v":1954.527,"d":"1,955"},{"v":16613.4795,"d":"16,613"},{"v":22477.0605,"d":"22,477"},{"$f":"(M948*12-(VLOOKUP(AB948*12,'Tax table'!$A$3:$C$10,3)*(AB948*12-VLOOKUP(AB948*12,'Tax table'!$A$3:$C$10,1))+VLOOKUP(AB948*12,'Tax table'!$A$3:$C$10,2)))/12","v":{"v":21078.22510333333,"d":"21,078"}},{"v":16613.4795,"d":"16,613"},{"v":0.7881820892676932,"d":"78.8%"}]
["Member 1329","1983-06-03","M",{"v":234543.24,"d":"234,543"},{"v":0.8,"d":"80%"},{"v":0.85,"d":"85%"},{"v":0.75,"d":"75%"},{"v":0.1,"d":"10%"},null,35,{"v":19545.27,"d":"19,545"},{"v":1954.527,"d":"1,955"},{"v":24431.587499999998,"d":"24,432"},{"v":22477.0605,"d":"22,477"},{"$f":"(M949*12-(VLOOKUP(N949*12,'Tax table'!$A$3:$C$10,3)*(N949*12-VLOOKUP(N949*12,'Tax table'!$A$3:$C$10,1))+VLOOKUP(N949*12,'Tax table'!$A$3:$C$10,2)))/12","v":{"v":21078.22510333333,"d":"21,078"}},{"v":17590.743000000002,"d":"17,591"},{"$f":"(VLOOKUP(P949*12,'Tax table'!$A$3:$C$10,3)*(P949*12-VLOOKUP(P949*12,'Tax table'!$A$3:$C$10,1))+VLOOKUP(P949*12,'Tax table'!$A$3:$C$10,2))/12","v":{"v":2082.919846666667,"d":"2,083"}},{"v":17462.350153333333,"d":"17,462"},{"v":14842.997630333333,"d":"14,843"},{"v":0.7041863134854769,"d":"70.4%"},{"v":44528.992891,"d":"44,529"},{"$f":"IF($B$15=\"Yes\",MIN(S949*2,References!$B$7),0)","v":{"v":29685.995260666667,"d":"29,686"}},{"$f":"IF(AND(D949<>0,$B$16=\"Yes\"),References!$B$6,0)","v":{"v":100000,"d":"100,000"}},{"v":2619.3525229999996,"d":"2,619"},{"v":14658.9525,"d":"14,659"},{"v":1954.527,"d":"1,955"},{"v":16613.4795,"d":"16,613"},{"v":22477.0605,"d":"22,477"},{"$f":"(M949*12-(VLOOKUP(AB949*12,'Tax table'!$A$3:$C$10,3)*(AB949*12-VLOOKUP(AB949*12,'Tax table'!$A$3:$C$10,1))+VLOOKUP(AB949*12,'Tax table'!$A$3:$C$10,2)))/12","v":{"v":21078.22510333333,"d":"21,078"}},{"v":16613.4795,"d":"16,613"},{"v":0.7881820892676932,"d":"78.8%"}]
["Member 1330","1991-12-24","F",{"v":234543.24,"d":"234,543"},{"v":0.8,"d":"80%"},{"v":0.85,"d":"85%"},{"v":0.75,"d":"75%"},{"v":0.1,"d":"10%"},null,26,{"v":19545.27,"d":"19,545"},{"v":1954.527,"d":"1,955"},{"v":24431.587499999998,"d":"24,432"},{"v":22477.0605,"d":"22,477"},{"$f":"(M950*12-(VLOOKUP(N950*12,'Tax table'!$A$3:$C$10,3)*(N950*12-VLOOKUP(N950*12,'Tax table'!$A$3:$C$10,1))+VLOOKUP(N950*12,'Tax table'!$A$3:$C$10,2)))/12","v":{"v":21078.22510333333,"d":"21,078"}},{"v":17590.743000000002,"d":"17,591"},{"$f":"(VLOOKUP(P950*12,'Tax table'!$A$3:$C$10,3)*(P950*12-VLOOKUP(P950*12,'Tax table'!$A$3:$C$10,1))+VLOOKUP(P950*12,'Tax table'!$A$3:$C$10,2))/12","v":{"v":2082.919846666667,"d":"2,083"}},{"v":17462.350153333333,"d":"17,462"},{"v":14842.997630333333,"d":"14,843"},{"v":0.7041863134854769,"d":"70.4%"},{"v":44528.992891,"d":"44,529"},{"$f":"IF($B$15=\"Yes\",MIN(S950*2,References!$B$7),0)","v":{"v":29685.995260666667,"d":"29,686"}},{"$f":"IF(AND(D950<>0,$B$16=\"Yes\"),References!$B$6,0)","v":{"v":100000,"d":"100,000"}},{"v":2619.3525229999996,"d":"2,619"},{"v":14658.9525,"d":"14,659"},{"v":1954.527,"d":"1,955"},{"v":16613.4795,"d":"16,613"},{"v":22477.0605,"d":"22,477"},{"$f":"(M950*12-(VLOOKUP(AB950*12,'Tax table'!$A$3:$C$10,3)*(AB950*12-VLOOKUP(AB950*12,'Tax table'!$A$3:$C$10,1))+VLOOKUP(AB950*12,'Tax table'!$A$3:$C$10,2)))/12","v":{"v":21078.22510333333,"d":"21,078"}},{"v":16613.4795,"d":"16,613"},{"v":0.7881820892676932,"d":"78.8%"}]
["Member 1331","1987-07-19","F",{"v":234543.24,"d":"234,543"},{"v":0.8,"d":"80%"},{"v":0.85,"d":"85%"},{"v":0.75,"d":"75%"},{"v":0.1,"d":"10%"},null,31,{"v":19545.27,"d":"19,545"},{"v":1954.527,"d":"1,955"},{"v":24431.587499999998,"d":"24,432"},{"v":22477.0605,"d":"22,477"},{"$f":"(M951*12-(VLOOKUP(N951*12,'Tax table'!$A$3:$C$10,3)*(N951*12-VLOOKUP(N951*12,'Tax table'!$A$3:$C$10,1))+VLOOKUP(N951*12,'Tax table'!$A$3:$C$10,2)))/12","v":{"v":21078.22510333333,"d":"21,078"}},{"v":17590.743000000002,"d":"17,591"},{"$f":"(VLOOKUP(P951*12,'Tax table'!$A$3:$C$10,3)*(P951*12-VLOOKUP(P951*12,'Tax table'!$A$3:$C$10,1))+VLOOKUP(P951*12,'Tax table'!$A$3:$C$10,2))/12","v":{"v":2082.919846666667,"d":"2,083"}},{"v":17462.350153333333,"d":"17,462"},{"v":14842.997630333333,"d":"14,843"},{"v":0.7041863134854769,"d":"70.4%"},{"v":44528.992891,"d":"44,529"},{"$f":"IF($B$15=\"Yes\",MIN(S951*2,References!$B$7),0)","v":{"v":29685.995260666667,"d":"29,686"}},{"$f":"IF(AND(D951<>0,$B$16=\"Yes\"),References!$B$6,0)","v":{"v":100000,"d":"100,000"}},{"v":2619.3525229999996,"d":"2,619"},{"v":14658.9525,"d":"14,659"},{"v":1954.527,"d":"1,955"},{"v":16613.4795,"d":"16,613"},{"v":22477.0605,"d":"22,477"},{"$f":"(M951*12-(VLOOKUP(AB951*12,'Tax table'!$A$3:$C$10,3)*(AB951*12-VLOOKUP(AB951*12,'Tax table'!$A$3:$C$10,1))+VLOOKUP(AB951*12,'Tax table'!$A$3:$C$10,2)))/12","v":{"v":21078.22510333333,"d":"21,078"}},{"v":16613.4795,"d":"16,613"},{"v":0.7881820892676932,"d":"78.8%"}]
["Member 1332","1990-08-14","M",{"v":234543.24,"d":"234,543"},{"v":0.8,"d":"80%"},{"v":0.85,"d":"85%"},{"v":0.75,"d":"75%"},{"v":0.1,"d":"10%"},null,28,{"v":19545.27,"d":"19,545"},{"v":1954.527,"d":"1,955"},{"v":24431.587499999998,"d":"24,432"},{"v":22477.0605,"d":"22,477"},{"$f":"(M952*12-(VLOOKUP(N952*12,'Tax table'!$A$3:$C$10,3)*(N952*12-VLOOKUP(N952*12,'Tax table'!$A$3:$C$10,1))+VLOOKUP(N952*12,'Tax table'!$A$3:$C$10,2)))/12","v":{"v":21078.22510333333,"d":"21,078"}},{"v":17590.743000000002,"d":"17,591"},{"$f":"(VLOOKUP(P952*12,'Tax table'!$A$3:$C$10,3)*(P952*12-VLOOKUP(P952*12,'Tax table'!$A$3:$C$10,1))+VLOOKUP(P952*12,'Tax table'!$A$3:$C$10,2))/12","v":{"v":2082.919846666667,"d":"2,083"}},{"v":17462.350153333333,"d":"17,462"},{"v":14842.997630333333,"d":"14,843"},{"v":0.7041863134854769,"d":"70.4%"},{"v":44528.992891,"d":"44,529"},{"$f":"IF($B$15=\"Yes\",MIN(S952*2,References!$B$7),0)","v":{"v":29685.995260666667,"d":"29,686"}},{"$f":"IF(AND(D952<>0,$B$16=\"Yes\"),References!$B$6,0)","v":{"v":100000,"d":"100,000"}},{"v":2619.3525229999996,"d":"2,619"},{"v":14658.9525,"d":"14,659"},{"v":1954.527,"d":"1,955"},{"v":16613.4795,"d":"16,613"},{"v":22477.0605,"d":"22,477"},{"$f":"(M952*12-(VLOOKUP(AB952*12,'Tax table'!$A$3:$C$10,3)*(AB952*12-VLOOKUP(AB952*12,'Tax table'!$A$3:$C$10,1))+VLOOKUP(AB952*12,'Tax table'!$A$3:$C$10,2)))/12","v":{"v":21078.22510333333,"d":"21,078"}},{"v":16613.4795,"d":"16,613"},{"v":0.7881820892676932,"d":"78.8%"}]
["Member 1333","1986-09-17","F",{"v":234543.24,"d":"234,543"},{"v":0.8,"d":"80%"},{"v":0.85,"d":"85%"},{"v":0.75,"d":"75%"},{"v":0.1,"d":"10%"},null,32,{"v":19545.27,"d":"19,545"},{"v":1954.527,"d":"1,955"},{"v":24431.587499999998,"d":"24,432"},{"v":22477.0605,"d":"22,477"},{"$f":"(M953*12-(VLOOKUP(N953*12,'Tax table'!$A$3:$C$10,3)*(N953*12-VLOOKUP(N953*12,'Tax table'!$A$3:$C$10,1))+VLOOKUP(N953*12,'Tax table'!$A$3:$C$10,2)))/12","v":{"v":21078.22510333333,"d":"21,078"}},{"v":17590.743000000002,"d":"17,591"},{"$f":"(VLOOKUP(P953*12,'Tax table'!$A$3:$C$10,3)*(P953*12-VLOOKUP(P953*12,'Tax table'!$A$3:$C$10,1))+VLOOKUP(P953*12,'Tax table'!$A$3:$C$10,2))/12","v":{"v":2082.919846666667,"d":"2,083"}},{"v":17462.350153333333,"d":"17,462"},{"v":14842.997630333333,"d":"14,843"},{"v":0.7041863134854769,"d":"70.4%"},{"v":44528.992891,"d":"44,529"},{"$f":"IF($B$15=\"Yes\",MIN(S953*2,References!$B$7),0)","v":{"v":29685.995260666667,"d":"29,686"}},{"$f":"IF(AND(D953<>0,$B$16=\"Yes\"),References!$B$6,0)","v":{"v":100000,"d":"100,000"}},{"v":2619.3525229999996,"d":"2,619"},{"v":14658.9525,"d":"14,659"},{"v":1954.527,"d":"1,955"},{"v":16613.4795,"d":"16,613"},{"v":22477.0605,"d":"22,477"},{"$f":"(M953*12-(VLOOKUP(AB953*12,'Tax table'!$A$3:$C$10,3)*(AB953*12-VLOOKUP(AB953*12,'Tax table'!$A$3:$C$10,1))+VLOOKUP(AB953*12,'Tax table'!$A$3:$C$10,2)))/12","v":{"v":21078.22510333333,"d":"21,078"}},{"v":16613.4795,"d":"16,613"},{"v":0.7881820892676932,"d":"78.8%"}]
["Member 1334","1989-05-12","M",{"v":234543.24,"d":"234,543"},{"v":0.8,"d":"80%"},{"v":0.85,"d":"85%"},{"v":0.75,"d":"75%"},{"v":0.1,"d":"10%"},null,29,{"v":19545.27,"d":"19,545"},{"v":1954.527,"d":"1,955"},{"v":24431.587499999998,"d":"24,432"},{"v":22477.0605,"d":"22,477"},{"$f":"(M954*12-(VLOOKUP(N954*12,'Tax table'!$A$3:$C$10,3)*(N954*12-VLOOKUP(N954*12,'Tax table'!$A$3:$C$10,1))+VLOOKUP(N954*12,'Tax table'!$A$3:$C$10,2)))/12","v":{"v":21078.22510333333,"d":"21,078"}},{"v":17590.743000000002,"d":"17,591"},{"$f":"(VLOOKUP(P954*12,'Tax table'!$A$3:$C$10,3)*(P954*12-VLOOKUP(P954*12,'Tax table'!$A$3:$C$10,1))+VLOOKUP(P954*12,'Tax table'!$A$3:$C$10,2))/12","v":{"v":2082.919846666667,"d":"2,083"}},{"v":17462.350153333333,"d":"17,462"},{"v":14842.997630333333,"d":"14,843"},{"v":0.7041863134854769,"d":"70.4%"},{"v":44528.992891,"d":"44,529"},{"$f":"IF($B$15=\"Yes\",MIN(S954*2,References!$B$7),0)","v":{"v":29685.995260666667,"d":"29,686"}},{"$f":"IF(AND(D954<>0,$B$16=\"Yes\"),References!$B$6,0)","v":{"v":100000,"d":"100,000"}},{"v":2619.3525229999996,"d":"2,619"},{"v":14658.9525,"d":"14,659"},{"v":1954.527,"d":"1,955"},{"v":16613.4795,"d":"16,613"},{"v":22477.0605,"d":"22,477"},{"$f":"(M954*12-(VLOOKUP(AB954*12,'Tax table'!$A$3:$C$10,3)*(AB954*12-VLOOKUP(AB954*12,'Tax table'!$A$3:$C$10,1))+VLOOKUP(AB954*12,'Tax table'!$A$3:$C$10,2)))/12","v":{"v":21078.22510333333,"d":"21,078"}},{"v":16613.4795,"d":"16,613"},{"v":0.7881820892676932,"d":"78.8%"}]
["Member 1335","1987-06-25","F",{"v":234543.24,"d":"234,543"},{"v":0.8,"d":"80%"},{"v":0.85,"d":"85%"},{"v":0.75,"d":"75%"},{"v":0.1,"d":"10%"},null,31,{"v":19545.27,"d":"19,545"},{"v":1954.527,"d":"1,955"},{"v":24431.587499999998,"d":"24,432"},{"v":22477.0605,"d":"22,477"},{"$f":"(M955*12-(VLOOKUP(N955*12,'Tax table'!$A$3:$C$10,3)*(N955*12-VLOOKUP(N955*12,'Tax table'!$A$3:$C$10,1))+VLOOKUP(N955*12,'Tax table'!$A$3:$C$10,2)))/12","v":{"v":21078.22510333333,"d":"21,078"}},{"v":17590.743000000002,"d":"17,591"},{"$f":"(VLOOKUP(P955*12,'Tax table'!$A$3:$C$10,3)*(P955*12-VLOOKUP(P955*12,'Tax table'!$A$3:$C$10,1))+VLOOKUP(P955*12,'Tax table'!$A$3:$C$10,2))/12","v":{"v":2082.919846666667,"d":"2,083"}},{"v":17462.350153333333,"d":"17,462"},{"v":14842.997630333333,"d":"14,843"},{"v":0.7041863134854769,"d":"70.4%"},{"v":44528.992891,"d":"44,529"},{"$f":"IF($B$15=\"Yes\",MIN(S955*2,References!$B$7),0)","v":{"v":29685.995260666667,"d":"29,686"}},{"$f":"IF(AND(D955<>0,$B$16=\"Yes\"),References!$B$6,0)","v":{"v":100000,"d":"100,000"}},{"v":2619.3525229999996,"d":"2,619"},{"v":14658.9525,"d":"14,659"},{"v":1954.527,"d":"1,955"},{"v":16613.4795,"d":"16,613"},{"v":22477.0605,"d":"22,477"},{"$f":"(M955*12-(VLOOKUP(AB955*12,'Tax table'!$A$3:$C$10,3)*(AB955*12-VLOOKUP(AB955*12,'Tax table'!$A$3:$C$10,1))+VLOOKUP(AB955*12,'Tax table'!$A$3:$C$10,2)))/12","v":{"v":21078.22510333333,"d":"21,078"}},{"v":16613.4795,"d":"16,613"},{"v":0.7881820892676932,"d":"78.8%"}]
["Member 1336","1980-02-23","F",{"v":234543.24,"d":"234,543"},{"v":0.8,"d":"80%"},{"v":0.85,"d":"85%"},{"v":0.75,"d":"75%"},{"v":0.1,"d":"10%"},null,38,{"v":19545.27,"d":"19,545"},{"v":1954.527,"d":"1,955"},{"v":24431.587499999998,"d":"24,432"},{"v":22477.0605,"d":"22,477"},{"$f":"(M956*12-(VLOOKUP(N956*12,'Tax table'!$A$3:$C$10,3)*(N956*12-VLOOKUP(N956*12,'Tax table'!$A$3:$C$10,1))+VLOOKUP(N956*12,'Tax table'!$A$3:$C$10,2)))/12","v":{"v":21078.22510333333,"d":"21,078"}},{"v":17590.743000000002,"d":"17,591"},{"$f":"(VLOOKUP(P956*12,'Tax table'!$A$3:$C$10,3)*(P956*12-VLOOKUP(P956*12,'Tax table'!$A$3:$C$10,1))+VLOOKUP(P956*12,'Tax table'!$A$3:$C$10,2))/12","v":{"v":2082.919846666667,"d":"2,083"}},{"v":17462.350153333333,"d":"17,462"},{"v":14842.997630333333,"d":"14,843"},{"v":0.7041863134854769,"d":"70.4%"},{"v":44528.992891,"d":"44,529"},{"$f":"IF($B$15=\"Yes\",MIN(S956*2,References!$B$7),0)","v":{"v":29685.995260666667,"d":"29,686"}},{"$f":"IF(AND(D956<>0,$B$16=\"Yes\"),References!$B$6,0)","v":{"v":100000,"d":"100,000"}},{"v":2619.3525229999996,"d":"2,619"},{"v":14658.9525,"d":"14,659"},{"v":1954.527,"d":"1,955"},{"v":16613.4795,"d":"16,613"},{"v":22477.0605,"d":"22,477"},{"$f":"(M956*12-(VLOOKUP(AB956*12,'Tax table'!$A$3:$C$10,3)*(AB956*12-VLOOKUP(AB956*12,'Tax table'!$A$3:$C$10,1))+VLOOKUP(AB956*12,'Tax table'!$A$3:$C$10,2)))/12","v":{"v":21078.22510333333,"d":"21,078"}},{"v":16613.4795,"d":"16,613"},{"v":0.7881820892676932,"d":"78.8%"}]
["Member 1337","1986-11-29","M",{"v":234543.24,"d":"234,543"},{"v":0.8,"d":"80%"},{"v":0.85,"d":"85%"},{"v":0.75,"d":"75%"},{"v":0.1,"d":"10%"},null,31,{"v":19545.27,"d":"19,545"},{"v":1954.527,"d":"1,955"},{"v":24431.587499999998,"d":"24,432"},{"v":22477.0605,"d":"22,477"},{"$f":"(M957*12-(VLOOKUP(N957*12,'Tax table'!$A$3:$C$10,3)*(N957*12-VLOOKUP(N957*12,'Tax table'!$A$3:$C$10,1))+VLOOKUP(N957*12,'Tax table'!$A$3:$C$10,2)))/12","v":{"v":21078.22510333333,"d":"21,078"}},{"v":17590.743000000002,"d":"17,591"},{"$f":"(VLOOKUP(P957*12,'Tax table'!$A$3:$C$10,3)*(P957*12-VLOOKUP(P957*12,'Tax table'!$A$3:$C$10,1))+VLOOKUP(P957*12,'Tax table'!$A$3:$C$10,2))/12","v":{"v":2082.919846666667,"d":"2,083"}},{"v":17462.350153333333,"d":"17,462"},{"v":14842.997630333333,"d":"14,843"},{"v":0.7041863134854769,"d":"70.4%"},{"v":44528.992891,"d":"44,529"},{"$f":"IF($B$15=\"Yes\",MIN(S957*2,References!$B$7),0)","v":{"v":29685.995260666667,"d":"29,686"}},{"$f":"IF(AND(D957<>0,$B$16=\"Yes\"),References!$B$6,0)","v":{"v":100000,"d":"100,000"}},{"v":2619.3525229999996,"d":"2,619"},{"v":14658.9525,"d":"14,659"},{"v":1954.527,"d":"1,955"},{"v":16613.4795,"d":"16,613"},{"v":22477.0605,"d":"22,477"},{"$f":"(M957*12-(VLOOKUP(AB957*12,'Tax table'!$A$3:$C$10,3)*(AB957*12-VLOOKUP(AB957*12,'Tax table'!$A$3:$C$10,1))+VLOOKUP(AB957*12,'Tax table'!$A$3:$C$10,2)))/12","v":{"v":21078.22510333333,"d":"21,078"}},{"v":16613.4795,"d":"16,613"},{"v":0.7881820892676932,"d":"78.8%"}]
["Member 1338","1991-03-01","M",{"v":234543.24,"d":"234,543"},{"v":0.8,"d":"80%"},{"v":0.85,"d":"85%"},{"v":0.75,"d":"75%"},{"v":0.1,"d":"10%"},null,27,{"v":19545.27,"d":"19,545"},{"v":1954.527,"d":"1,955"},{"v":24431.587499999998,"d":"24,432"},{"v":22477.0605,"d":"22,477"},{"$f":"(M958*12-(VLOOKUP(N958*12,'Tax table'!$A$3:$C$10,3)*(N958*12-VLOOKUP(N958*12,'Tax table'!$A$3:$C$10,1))+VLOOKUP(N958*12,'Tax table'!$A$3:$C$10,2)))/12","v":{"v":21078.22510333333,"d":"21,078"}},{"v":17590.743000000002,"d":"17,591"},{"$f":"(VLOOKUP(P958*12,'Tax table'!$A$3:$C$10,3)*(P958*12-VLOOKUP(P958*12,'Tax table'!$A$3:$C$10,1))+VLOOKUP(P958*12,'Tax table'!$A$3:$C$10,2))/12","v":{"v":2082.919846666667,"d":"2,083"}},{"v":17462.350153333333,"d":"17,462"},{"v":14842.997630333333,"d":"14,843"},{"v":0.7041863134854769,"d":"70.4%"},{"v":44528.992891,"d":"44,529"},{"$f":"IF($B$15=\"Yes\",MIN(S958*2,References!$B$7),0)","v":{"v":29685.995260666667,"d":"29,686"}},{"$f":"IF(AND(D958<>0,$B$16=\"Yes\"),References!$B$6,0)","v":{"v":100000,"d":"100,000"}},{"v":2619.3525229999996,"d":"2,619"},{"v":14658.9525,"d":"14,659"},{"v":1954.527,"d":"1,955"},{"v":16613.4795,"d":"16,613"},{"v":22477.0605,"d":"22,477"},{"$f":"(M958*12-(VLOOKUP(AB958*12,'Tax table'!$A$3:$C$10,3)*(AB958*12-VLOOKUP(AB958*12,'Tax table'!$A$3:$C$10,1))+VLOOKUP(AB958*12,'Tax table'!$A$3:$C$10,2)))/12","v":{"v":21078.22510333333,"d":"21,078"}},{"v":16613.4795,"d":"16,613"},{"v":0.7881820892676932,"d":"78.8%"}]
["Member 1339","1977-02-19","M",{"v":234543.24,"d":"234,543"},{"v":0.8,"d":"80%"},{"v":0.85,"d":"85%"},{"v":0.75,"d":"75%"},{"v":0.1,"d":"10%"},null,41,{"v":19545.27,"d":"19,545"},{"v":1954.527,"d":"1,955"},{"v":24431.587499999998,"d":"24,432"},{"v":22477.0605,"d":"22,477"},{"$f":"(M959*12-(VLOOKUP(N959*12,'Tax table'!$A$3:$C$10,3)*(N959*12-VLOOKUP(N959*12,'Tax table'!$A$3:$C$10,1))+VLOOKUP(N959*12,'Tax table'!$A$3:$C$10,2)))/12","v":{"v":21078.22510333333,"d":"21,078"}},{"v":17590.743000000002,"d":"17,591"},{"$f":"(VLOOKUP(P959*12,'Tax table'!$A$3:$C$10,3)*(P959*12-VLOOKUP(P959*12,'Tax table'!$A$3:$C$10,1))+VLOOKUP(P959*12,'Tax table'!$A$3:$C$10,2))/12","v":{"v":2082.919846666667,"d":"2,083"}},{"v":17462.350153333333,"d":"17,462"},{"v":14842.997630333333,"d":"14,843"},{"v":0.7041863134854769,"d":"70.4%"},{"v":44528.992891,"d":"44,529"},{"$f":"IF($B$15=\"Yes\",MIN(S959*2,References!$B$7),0)","v":{"v":29685.995260666667,"d":"29,686"}},{"$f":"IF(AND(D959<>0,$B$16=\"Yes\"),References!$B$6,0)","v":{"v":100000,"d":"100,000"}},{"v":2619.3525229999996,"d":"2,619"},{"v":14658.9525,"d":"14,659"},{"v":1954.527,"d":"1,955"},{"v":16613.4795,"d":"16,613"},{"v":22477.0605,"d":"22,477"},{"$f":"(M959*12-(VLOOKUP(AB959*12,'Tax table'!$A$3:$C$10,3)*(AB959*12-VLOOKUP(AB959*12,'Tax table'!$A$3:$C$10,1))+VLOOKUP(AB959*12,'Tax table'!$A$3:$C$10,2)))/12","v":{"v":21078.22510333333,"d":"21,078"}},{"v":16613.4795,"d":"16,613"},{"v":0.7881820892676932,"d":"78.8%"}]
["Member 1340","1966-01-06","F",{"v":234543.24,"d":"234,543"},{"v":0.8,"d":"80%"},{"v":0.85,"d":"85%"},{"v":0.75,"d":"75%"},{"v":0.1,"d":"10%"},null,52,{"v":19545.27,"d":"19,545"},{"v":1954.527,"d":"1,955"},{"v":24431.587499999998,"d":"24,432"},{"v":22477.0605,"d":"22,477"},{"$f":"(M960*12-(VLOOKUP(N960*12,'Tax table'!$A$3:$C$10,3)*(N960*12-VLOOKUP(N960*12,'Tax table'!$A$3:$C$10,1))+VLOOKUP(N960*12,'Tax table'!$A$3:$C$10,2)))/12","v":{"v":21078.22510333333,"d":"21,078"}},{"v":17590.743000000002,"d":"17,591"},{"$f":"(VLOOKUP(P960*12,'Tax table'!$A$3:$C$10,3)*(P960*12-VLOOKUP(P960*12,'Tax table'!$A$3:$C$10,1))+VLOOKUP(P960*12,'Tax table'!$A$3:$C$10,2))/12","v":{"v":2082.919846666667,"d":"2,083"}},{"v":17462.350153333333,"d":"17,462"},{"v":14842.997630333333,"d":"14,843"},{"v":0.7041863134854769,"d":"70.4%"},{"v":44528.992891,"d":"44,529"},{"$f":"IF($B$15=\"Yes\",MIN(S960*2,References!$B$7),0)","v":{"v":29685.995260666667,"d":"29,686"}},{"$f":"IF(AND(D960<>0,$B$16=\"Yes\"),References!$B$6,0)","v":{"v":100000,"d":"100,000"}},{"v":2619.3525229999996,"d":"2,619"},{"v":14658.9525,"d":"14,659"},{"v":1954.527,"d":"1,955"},{"v":16613.4795,"d":"16,613"},{"v":22477.0605,"d":"22,477"},{"$f":"(M960*12-(VLOOKUP(AB960*12,'Tax table'!$A$3:$C$10,3)*(AB960*12-VLOOKUP(AB960*12,'Tax table'!$A$3:$C$10,1))+VLOOKUP(AB960*12,'Tax table'!$A$3:$C$10,2)))/12","v":{"v":21078.22510333333,"d":"21,078"}},{"v":16613.4795,"d":"16,613"},{"v":0.7881820892676932,"d":"78.8%"}]
["Member 1341","1984-03-27","F",{"v":234543.24,"d":"234,543"},{"v":0.8,"d":"80%"},{"v":0.85,"d":"85%"},{"v":0.75,"d":"75%"},{"v":0.1,"d":"10%"},null,34,{"v":19545.27,"d":"19,545"},{"v":1954.527,"d":"1,955"},{"v":24431.587499999998,"d":"24,432"},{"v":22477.0605,"d":"22,477"},{"$f":"(M961*12-(VLOOKUP(N961*12,'Tax table'!$A$3:$C$10,3)*(N961*12-VLOOKUP(N961*12,'Tax table'!$A$3:$C$10,1))+VLOOKUP(N961*12,'Tax table'!$A$3:$C$10,2)))/12","v":{"v":21078.22510333333,"d":"21,078"}},{"v":17590.743000000002,"d":"17,591"},{"$f":"(VLOOKUP(P961*12,'Tax table'!$A$3:$C$10,3)*(P961*12-VLOOKUP(P961*12,'Tax table'!$A$3:$C$10,1))+VLOOKUP(P961*12,'Tax table'!$A$3:$C$10,2))/12","v":{"v":2082.919846666667,"d":"2,083"}},{"v":17462.350153333333,"d":"17,462"},{"v":14842.997630333333,"d":"14,843"},{"v":0.7041863134854769,"d":"70.4%"},{"v":44528.992891,"d":"44,529"},{"$f":"IF($B$15=\"Yes\",MIN(S961*2,References!$B$7),0)","v":{"v":29685.995260666667,"d":"29,686"}},{"$f":"IF(AND(D961<>0,$B$16=\"Yes\"),References!$B$6,0)","v":{"v":100000,"d":"100,000"}},{"v":2619.3525229999996,"d":"2,619"},{"v":14658.9525,"d":"14,659"},{"v":1954.527,"d":"1,955"},{"v":16613.4795,"d":"16,613"},{"v":22477.0605,"d":"22,477"},{"$f":"(M961*12-(VLOOKUP(AB961*12,'Tax table'!$A$3:$C$10,3)*(AB961*12-VLOOKUP(AB961*12,'Tax table'!$A$3:$C$10,1))+VLOOKUP(AB961*12,'Tax table'!$A$3:$C$10,2)))/12","v":{"v":21078.22510333333,"d":"21,078"}},{"v":16613.4795,"d":"16,613"},{"v":0.7881820892676932,"d":"78.8%"}]
["Member 1342","1982-07-01","M",{"v":234543.24,"d":"234,543"},{"v":0.8,"d":"80%"},{"v":0.85,"d":"85%"},{"v":0.75,"d":"75%"},{"v":0.1,"d":"10%"},null,36,{"v":19545.27,"d":"19,545"},{"v":1954.527,"d":"1,955"},{"v":24431.587499999998,"d":"24,432"},{"v":22477.0605,"d":"22,477"},{"$f":"(M962*12-(VLOOKUP(N962*12,'Tax table'!$A$3:$C$10,3)*(N962*12-VLOOKUP(N962*12,'Tax table'!$A$3:$C$10,1))+VLOOKUP(N962*12,'Tax table'!$A$3:$C$10,2)))/12","v":{"v":21078.22510333333,"d":"21,078"}},{"v":17590.743000000002,"d":"17,591"},{"$f":"(VLOOKUP(P962*12,'Tax table'!$A$3:$C$10,3)*(P962*12-VLOOKUP(P962*12,'Tax table'!$A$3:$C$10,1))+VLOOKUP(P962*12,'Tax table'!$A$3:$C$10,2))/12","v":{"v":2082.919846666667,"d":"2,083"}},{"v":17462.350153333333,"d":"17,462"},{"v":14842.997630333333,"d":"14,843"},{"v":0.7041863134854769,"d":"70.4%"},{"v":44528.992891,"d":"44,529"},{"$f":"IF($B$15=\"Yes\",MIN(S962*2,References!$B$7),0)","v":{"v":29685.995260666667,"d":"29,686"}},{"$f":"IF(AND(D962<>0,$B$16=\"Yes\"),References!$B$6,0)","v":{"v":100000,"d":"100,000"}},{"v":2619.3525229999996,"d":"2,619"},{"v":14658.9525,"d":"14,659"},{"v":1954.527,"d":"1,955"},{"v":16613.4795,"d":"16,613"},{"v":22477.0605,"d":"22,477"},{"$f":"(M962*12-(VLOOKUP(AB962*12,'Tax table'!$A$3:$C$10,3)*(AB962*12-VLOOKUP(AB962*12,'Tax table'!$A$3:$C$10,1))+VLOOKUP(AB962*12,'Tax table'!$A$3:$C$10,2)))/12","v":{"v":21078.22510333333,"d":"21,078"}},{"v":16613.4795,"d":"16,613"},{"v":0.7881820892676932,"d":"78.8%"}]
["Member 1343","1975-01-26","F",{"v":234543.24,"d":"234,543"},{"v":0.8,"d":"80%"},{"v":0.85,"d":"85%"},{"v":0.75,"d":"75%"},{"v":0.1,"d":"10%"},null,43,{"v":19545.27,"d":"19,545"},{"v":1954.527,"d":"1,955"},{"v":24431.587499999998,"d":"24,432"},{"v":22477.0605,"d":"22,477"},{"$f":"(M963*12-(VLOOKUP(N963*12,'Tax table'!$A$3:$C$10,3)*(N963*12-VLOOKUP(N963*12,'Tax table'!$A$3:$C$10,1))+VLOOKUP(N963*12,'Tax table'!$A$3:$C$10,2)))/12","v":{"v":21078.22510333333,"d":"21,078"}},{"v":17590.743000000002,"d":"17,591"},{"$f":"(VLOOKUP(P963*12,'Tax table'!$A$3:$C$10,3)*(P963*12-VLOOKUP(P963*12,'Tax table'!$A$3:$C$10,1))+VLOOKUP(P963*12,'Tax table'!$A$3:$C$10,2))/12","v":{"v":2082.919846666667,"d":"2,083"}},{"v":17462.350153333333,"d":"17,462"},{"v":14842.997630333333,"d":"14,843"},{"v":0.7041863134854769,"d":"70.4%"},{"v":44528.992891,"d":"44,529"},{"$f":"IF($B$15=\"Yes\",MIN(S963*2,References!$B$7),0)","v":{"v":29685.995260666667,"d":"29,686"}},{"$f":"IF(AND(D963<>0,$B$16=\"Yes\"),References!$B$6,0)","v":{"v":100000,"d":"100,000"}},{"v":2619.3525229999996,"d":"2,619"},{"v":14658.9525,"d":"14,659"},{"v":1954.527,"d":"1,955"},{"v":16613.4795,"d":"16,613"},{"v":22477.0605,"d":"22,477"},{"$f":"(M963*12-(VLOOKUP(AB963*12,'Tax table'!$A$3:$C$10,3)*(AB963*12-VLOOKUP(AB963*12,'Tax table'!$A$3:$C$10,1))+VLOOKUP(AB963*12,'Tax table'!$A$3:$C$10,2)))/12","v":{"v":21078.22510333333,"d":"21,078"}},{"v":16613.4795,"d":"16,613"},{"v":0.7881820892676932,"d":"78.8%"}]
["Member 1344","1975-03-21","M",{"v":234543.24,"d":"234,543"},{"v":0.8,"d":"80%"},{"v":0.85,"d":"85%"},{"v":0.75,"d":"75%"},{"v":0.1,"d":"10%"},null,43,{"v":19545.27,"d":"19,545"},{"v":1954.527,"d":"1,955"},{"v":24431.587499999998,"d":"24,432"},{"v":22477.0605,"d":"22,477"},{"$f":"(M964*12-(VLOOKUP(N964*12,'Tax table'!$A$3:$C$10,3)*(N964*12-VLOOKUP(N964*12,'Tax table'!$A$3:$C$10,1))+VLOOKUP(N964*12,'Tax table'!$A$3:$C$10,2)))/12","v":{"v":21078.22510333333,"d":"21,078"}},{"v":17590.743000000002,"d":"17,591"},{"$f":"(VLOOKUP(P964*12,'Tax table'!$A$3:$C$10,3)*(P964*12-VLOOKUP(P964*12,'Tax table'!$A$3:$C$10,1))+VLOOKUP(P964*12,'Tax table'!$A$3:$C$10,2))/12","v":{"v":2082.919846666667,"d":"2,083"}},{"v":17462.350153333333,"d":"17,462"},{"v":14842.997630333333,"d":"14,843"},{"v":0.7041863134854769,"d":"70.4%"},{"v":44528.992891,"d":"44,529"},{"$f":"IF($B$15=\"Yes\",MIN(S964*2,References!$B$7),0)","v":{"v":29685.995260666667,"d":"29,686"}},{"$f":"IF(AND(D964<>0,$B$16=\"Yes\"),References!$B$6,0)","v":{"v":100000,"d":"100,000"}},{"v":2619.3525229999996,"d":"2,619"},{"v":14658.9525,"d":"14,659"},{"v":1954.527,"d":"1,955"},{"v":16613.4795,"d":"16,613"},{"v":22477.0605,"d":"22,477"},{"$f":"(M964*12-(VLOOKUP(AB964*12,'Tax table'!$A$3:$C$10,3)*(AB964*12-VLOOKUP(AB964*12,'Tax table'!$A$3:$C$10,1))+VLOOKUP(AB964*12,'Tax table'!$A$3:$C$10,2)))/12","v":{"v":21078.22510333333,"d":"21,078"}},{"v":16613.4795,"d":"16,613"},{"v":0.7881820892676932,"d":"78.8%"}]
["Member 1345","1972-04-09","M",{"v":234543.24,"d":"234,543"},{"v":0.8,"d":"80%"},{"v":0.85,"d":"85%"},{"v":0.75,"d":"75%"},{"v":0.1,"d":"10%"},null,46,{"v":19545.27,"d":"19,545"},{"v":1954.527,"d":"1,955"},{"v":24431.587499999998,"d":"24,432"},{"v":22477.0605,"d":"22,477"},{"$f":"(M965*12-(VLOOKUP(N965*12,'Tax table'!$A$3:$C$10,3)*(N965*12-VLOOKUP(N965*12,'Tax table'!$A$3:$C$10,1))+VLOOKUP(N965*12,'Tax table'!$A$3:$C$10,2)))/12","v":{"v":21078.22510333333,"d":"21,078"}},{"v":17590.743000000002,"d":"17,591"},{"$f":"(VLOOKUP(P965*12,'Tax table'!$A$3:$C$10,3)*(P965*12-VLOOKUP(P965*12,'Tax table'!$A$3:$C$10,1))+VLOOKUP(P965*12,'Tax table'!$A$3:$C$10,2))/12","v":{"v":2082.919846666667,"d":"2,083"}},{"v":17462.350153333333,"d":"17,462"},{"v":14842.997630333333,"d":"14,843"},{"v":0.7041863134854769,"d":"70.4%"},{"v":44528.992891,"d":"44,529"},{"$f":"IF($B$15=\"Yes\",MIN(S965*2,References!$B$7),0)","v":{"v":29685.995260666667,"d":"29,686"}},{"$f":"IF(AND(D965<>0,$B$16=\"Yes\"),References!$B$6,0)","v":{"v":100000,"d":"100,000"}},{"v":2619.3525229999996,"d":"2,619"},{"v":14658.9525,"d":"14,659"},{"v":1954.527,"d":"1,955"},{"v":16613.4795,"d":"16,613"},{"v":22477.0605,"d":"22,477"},{"$f":"(M965*12-(VLOOKUP(AB965*12,'Tax table'!$A$3:$C$10,3)*(AB965*12-VLOOKUP(AB965*12,'Tax table'!$A$3:$C$10,1))+VLOOKUP(AB965*12,'Tax table'!$A$3:$C$10,2)))/12","v":{"v":21078.22510333333,"d":"21,078"}},{"v":16613.4795,"d":"16,613"},{"v":0.7881820892676932,"d":"78.8%"}]
["Member 1346","1978-02-08","F",{"v":234543.24,"d":"234,543"},{"v":0.8,"d":"80%"},{"v":0.85,"d":"85%"},{"v":0.75,"d":"75%"},{"v":0.1,"d":"10%"},null,40,{"v":19545.27,"d":"19,545"},{"v":1954.527,"d":"1,955"},{"v":24431.587499999998,"d":"24,432"},{"v":22477.0605,"d":"22,477"},{"$f":"(M966*12-(VLOOKUP(N966*12,'Tax table'!$A$3:$C$10,3)*(N966*12-VLOOKUP(N966*12,'Tax table'!$A$3:$C$10,1))+VLOOKUP(N966*12,'Tax table'!$A$3:$C$10,2)))/12","v":{"v":21078.22510333333,"d":"21,078"}},{"v":17590.743000000002,"d":"17,591"},{"$f":"(VLOOKUP(P966*12,'Tax table'!$A$3:$C$10,3)*(P966*12-VLOOKUP(P966*12,'Tax table'!$A$3:$C$10,1))+VLOOKUP(P966*12,'Tax table'!$A$3:$C$10,2))/12","v":{"v":2082.919846666667,"d":"2,083"}},{"v":17462.350153333333,"d":"17,462"},{"v":14842.997630333333,"d":"14,843"},{"v":0.7041863134854769,"d":"70.4%"},{"v":44528.992891,"d":"44,529"},{"$f":"IF($B$15=\"Yes\",MIN(S966*2,References!$B$7),0)","v":{"v":29685.995260666667,"d":"29,686"}},{"$f":"IF(AND(D966<>0,$B$16=\"Yes\"),References!$B$6,0)","v":{"v":100000,"d":"100,000"}},{"v":2619.3525229999996,"d":"2,619"},{"v":14658.9525,"d":"14,659"},{"v":1954.527,"d":"1,955"},{"v":16613.4795,"d":"16,613"},{"v":22477.0605,"d":"22,477"},{"$f":"(M966*12-(VLOOKUP(AB966*12,'Tax table'!$A$3:$C$10,3)*(AB966*12-VLOOKUP(AB966*12,'Tax table'!$A$3:$C$10,1))+VLOOKUP(AB966*12,'Tax table'!$A$3:$C$10,2)))/12","v":{"v":21078.22510333333,"d":"21,078"}},{"v":16613.4795,"d":"16,613"},{"v":0.7881820892676932,"d":"78.8%"}]
["Member 1347","1979-01-01","M",{"v":234543.24,"d":"234,543"},{"v":0.8,"d":"80%"},{"v":0.85,"d":"85%"},{"v":0.75,"d":"75%"},{"v":0.1,"d":"10%"},null,39,{"v":19545.27,"d":"19,545"},{"v":1954.527,"d":"1,955"},{"v":24431.587499999998,"d":"24,432"},{"v":22477.0605,"d":"22,477"},{"$f":"(M967*12-(VLOOKUP(N967*12,'Tax table'!$A$3:$C$10,3)*(N967*12-VLOOKUP(N967*12,'Tax table'!$A$3:$C$10,1))+VLOOKUP(N967*12,'Tax table'!$A$3:$C$10,2)))/12","v":{"v":21078.22510333333,"d":"21,078"}},{"v":17590.743000000002,"d":"17,591"},{"$f":"(VLOOKUP(P967*12,'Tax table'!$A$3:$C$10,3)*(P967*12-VLOOKUP(P967*12,'Tax table'!$A$3:$C$10,1))+VLOOKUP(P967*12,'Tax table'!$A$3:$C$10,2))/12","v":{"v":2082.919846666667,"d":"2,083"}},{"v":17462.350153333333,"d":"17,462"},{"v":14842.997630333333,"d":"14,843"},{"v":0.7041863134854769,"d":"70.4%"},{"v":44528.992891,"d":"44,529"},{"$f":"IF($B$15=\"Yes\",MIN(S967*2,References!$B$7),0)","v":{"v":29685.995260666667,"d":"29,686"}},{"$f":"IF(AND(D967<>0,$B$16=\"Yes\"),References!$B$6,0)","v":{"v":100000,"d":"100,000"}},{"v":2619.3525229999996,"d":"2,619"},{"v":14658.9525,"d":"14,659"},{"v":1954.527,"d":"1,955"},{"v":16613.4795,"d":"16,613"},{"v":22477.0605,"d":"22,477"},{"$f":"(M967*12-(VLOOKUP(AB967*12,'Tax table'!$A$3:$C$10,3)*(AB967*12-VLOOKUP(AB967*12,'Tax table'!$A$3:$C$10,1))+VLOOKUP(AB967*12,'Tax table'!$A$3:$C$10,2)))/12","v":{"v":21078.22510333333,"d":"21,078"}},{"v":16613.4795,"d":"16,613"},{"v":0.7881820892676932,"d":"78.8%"}]
["Member 1348","1981-11-26","F",{"v":234543.24,"d":"234,543"},{"v":0.8,"d":"80%"},{"v":0.85,"d":"85%"},{"v":0.75,"d":"75%"},{"v":0.1,"d":"10%"},null,36,{"v":19545.27,"d":"19,545"},{"v":1954.527,"d":"1,955"},{"v":24431.587499999998,"d":"24,432"},{"v":22477.0605,"d":"22,477"},{"$f":"(M968*12-(VLOOKUP(N968*12,'Tax table'!$A$3:$C$10,3)*(N968*12-VLOOKUP(N968*12,'Tax table'!$A$3:$C$10,1))+VLOOKUP(N968*12,'Tax table'!$A$3:$C$10,2)))/12","v":{"v":21078.22510333333,"d":"21,078"}},{"v":17590.743000000002,"d":"17,591"},{"$f":"(VLOOKUP(P968*12,'Tax table'!$A$3:$C$10,3)*(P968*12-VLOOKUP(P968*12,'Tax table'!$A$3:$C$10,1))+VLOOKUP(P968*12,'Tax table'!$A$3:$C$10,2))/12","v":{"v":2082.919846666667,"d":"2,083"}},{"v":17462.350153333333,"d":"17,462"},{"v":14842.997630333333,"d":"14,843"},{"v":0.7041863134854769,"d":"70.4%"},{"v":44528.992891,"d":"44,529"},{"$f":"IF($B$15=\"Yes\",MIN(S968*2,References!$B$7),0)","v":{"v":29685.995260666667,"d":"29,686"}},{"$f":"IF(AND(D968<>0,$B$16=\"Yes\"),References!$B$6,0)","v":{"v":100000,"d":"100,000"}},{"v":2619.3525229999996,"d":"2,619"},{"v":14658.9525,"d":"14,659"},{"v":1954.527,"d":"1,955"},{"v":16613.4795,"d":"16,613"},{"v":22477.0605,"d":"22,477"},{"$f":"(M968*12-(VLOOKUP(AB968*12,'Tax table'!$A$3:$C$10,3)*(AB968*12-VLOOKUP(AB968*12,'Tax table'!$A$3:$C$10,1))+VLOOKUP(AB968*12,'Tax table'!$A$3:$C$10,2)))/12","v":{"v":21078.22510333333,"d":"21,078"}},{"v":16613.4795,"d":"16,613"},{"v":0.7881820892676932,"d":"78.8%"}]
["Member 1349","1983-05-20","F",{"v":234543.24,"d":"234,543"},{"v":0.8,"d":"80%"},{"v":0.85,"d":"85%"},{"v":0.75,"d":"75%"},{"v":0.1,"d":"10%"},null,35,{"v":19545.27,"d":"19,545"},{"v":1954.527,"d":"1,955"},{"v":24431.587499999998,"d":"24,432"},{"v":22477.0605,"d":"22,477"},{"$f":"(M969*12-(VLOOKUP(N969*12,'Tax table'!$A$3:$C$10,3)*(N969*12-VLOOKUP(N969*12,'Tax table'!$A$3:$C$10,1))+VLOOKUP(N969*12,'Tax table'!$A$3:$C$10,2)))/12","v":{"v":21078.22510333333,"d":"21,078"}},{"v":17590.743000000002,"d":"17,591"},{"$f":"(VLOOKUP(P969*12,'Tax table'!$A$3:$C$10,3)*(P969*12-VLOOKUP(P969*12,'Tax table'!$A$3:$C$10,1))+VLOOKUP(P969*12,'Tax table'!$A$3:$C$10,2))/12","v":{"v":2082.919846666667,"d":"2,083"}},{"v":17462.350153333333,"d":"17,462"},{"v":14842.997630333333,"d":"14,843"},{"v":0.7041863134854769,"d":"70.4%"},{"v":44528.992891,"d":"44,529"},{"$f":"IF($B$15=\"Yes\",MIN(S969*2,References!$B$7),0)","v":{"v":29685.995260666667,"d":"29,686"}},{"$f":"IF(AND(D969<>0,$B$16=\"Yes\"),References!$B$6,0)","v":{"v":100000,"d":"100,000"}},{"v":2619.3525229999996,"d":"2,619"},{"v":14658.9525,"d":"14,659"},{"v":1954.527,"d":"1,955"},{"v":16613.4795,"d":"16,613"},{"v":22477.0605,"d":"22,477"},{"$f":"(M969*12-(VLOOKUP(AB969*12,'Tax table'!$A$3:$C$10,3)*(AB969*12-VLOOKUP(AB969*12,'Tax table'!$A$3:$C$10,1))+VLOOKUP(AB969*12,'Tax table'!$A$3:$C$10,2)))/12","v":{"v":21078.22510333333,"d":"21,078"}},{"v":16613.4795,"d":"16,613"},{"v":0.7881820892676932,"d":"78.8%"}]
["Member 1350","1983-04-24","F",{"v":234543.24,"d":"234,543"},{"v":0.8,"d":"80%"},{"v":0.85,"d":"85%"},{"v":0.75,"d":"75%"},{"v":0.1,"d":"10%"},null,35,{"v":19545.27,"d":"19,545"},{"v":1954.527,"d":"1,955"},{"v":24431.587499999998,"d":"24,432"},{"v":22477.0605,"d":"22,477"},{"$f":"(M970*12-(VLOOKUP(N970*12,'Tax table'!$A$3:$C$10,3)*(N970*12-VLOOKUP(N970*12,'Tax table'!$A$3:$C$10,1))+VLOOKUP(N970*12,'Tax table'!$A$3:$C$10,2)))/12","v":{"v":21078.22510333333,"d":"21,078"}},{"v":17590.743000000002,"d":"17,591"},{"$f":"(VLOOKUP(P970*12,'Tax table'!$A$3:$C$10,3)*(P970*12-VLOOKUP(P970*12,'Tax table'!$A$3:$C$10,1))+VLOOKUP(P970*12,'Tax table'!$A$3:$C$10,2))/12","v":{"v":2082.919846666667,"d":"2,083"}},{"v":17462.350153333333,"d":"17,462"},{"v":14842.997630333333,"d":"14,843"},{"v":0.7041863134854769,"d":"70.4%"},{"v":44528.992891,"d":"44,529"},{"$f":"IF($B$15=\"Yes\",MIN(S970*2,References!$B$7),0)","v":{"v":29685.995260666667,"d":"29,686"}},{"$f":"IF(AND(D970<>0,$B$16=\"Yes\"),References!$B$6,0)","v":{"v":100000,"d":"100,000"}},{"v":2619.3525229999996,"d":"2,619"},{"v":14658.9525,"d":"14,659"},{"v":1954.527,"d":"1,955"},{"v":16613.4795,"d":"16,613"},{"v":22477.0605,"d":"22,477"},{"$f":"(M970*12-(VLOOKUP(AB970*12,'Tax table'!$A$3:$C$10,3)*(AB970*12-VLOOKUP(AB970*12,'Tax table'!$A$3:$C$10,1))+VLOOKUP(AB970*12,'Tax table'!$A$3:$C$10,2)))/12","v":{"v":21078.22510333333,"d":"21,078"}},{"v":16613.4795,"d":"16,613"},{"v":0.7881820892676932,"d":"78.8%"}]
["Member 1351","1988-09-19","M",{"v":234543.24,"d":"234,543"},{"v":0.8,"d":"80%"},{"v":0.85,"d":"85%"},{"v":0.75,"d":"75%"},{"v":0.1,"d":"10%"},null,30,{"v":19545.27,"d":"19,545"},{"v":1954.527,"d":"1,955"},{"v":24431.587499999998,"d":"24,432"},{"v":22477.0605,"d":"22,477"},{"$f":"(M971*12-(VLOOKUP(N971*12,'Tax table'!$A$3:$C$10,3)*(N971*12-VLOOKUP(N971*12,'Tax table'!$A$3:$C$10,1))+VLOOKUP(N971*12,'Tax table'!$A$3:$C$10,2)))/12","v":{"v":21078.22510333333,"d":"21,078"}},{"v":17590.743000000002,"d":"17,591"},{"$f":"(VLOOKUP(P971*12,'Tax table'!$A$3:$C$10,3)*(P971*12-VLOOKUP(P971*12,'Tax table'!$A$3:$C$10,1))+VLOOKUP(P971*12,'Tax table'!$A$3:$C$10,2))/12","v":{"v":2082.919846666667,"d":"2,083"}},{"v":17462.350153333333,"d":"17,462"},{"v":14842.997630333333,"d":"14,843"},{"v":0.7041863134854769,"d":"70.4%"},{"v":44528.992891,"d":"44,529"},{"$f":"IF($B$15=\"Yes\",MIN(S971*2,References!$B$7),0)","v":{"v":29685.995260666667,"d":"29,686"}},{"$f":"IF(AND(D971<>0,$B$16=\"Yes\"),References!$B$6,0)","v":{"v":100000,"d":"100,000"}},{"v":2619.3525229999996,"d":"2,619"},{"v":14658.9525,"d":"14,659"},{"v":1954.527,"d":"1,955"},{"v":16613.4795,"d":"16,613"},{"v":22477.0605,"d":"22,477"},{"$f":"(M971*12-(VLOOKUP(AB971*12,'Tax table'!$A$3:$C$10,3)*(AB971*12-VLOOKUP(AB971*12,'Tax table'!$A$3:$C$10,1))+VLOOKUP(AB971*12,'Tax table'!$A$3:$C$10,2)))/12","v":{"v":21078.22510333333,"d":"21,078"}},{"v":16613.4795,"d":"16,613"},{"v":0.7881820892676932,"d":"78.8%"}]
["Member 1352","1989-07-05","M",{"v":234543.24,"d":"234,543"},{"v":0.8,"d":"80%"},{"v":0.85,"d":"85%"},{"v":0.75,"d":"75%"},{"v":0.1,"d":"10%"},null,29,{"v":19545.27,"d":"19,545"},{"v":1954.527,"d":"1,955"},{"v":24431.587499999998,"d":"24,432"},{"v":22477.0605,"d":"22,477"},{"$f":"(M972*12-(VLOOKUP(N972*12,'Tax table'!$A$3:$C$10,3)*(N972*12-VLOOKUP(N972*12,'Tax table'!$A$3:$C$10,1))+VLOOKUP(N972*12,'Tax table'!$A$3:$C$10,2)))/12","v":{"v":21078.22510333333,"d":"21,078"}},{"v":17590.743000000002,"d":"17,591"},{"$f":"(VLOOKUP(P972*12,'Tax table'!$A$3:$C$10,3)*(P972*12-VLOOKUP(P972*12,'Tax table'!$A$3:$C$10,1))+VLOOKUP(P972*12,'Tax table'!$A$3:$C$10,2))/12","v":{"v":2082.919846666667,"d":"2,083"}},{"v":17462.350153333333,"d":"17,462"},{"v":14842.997630333333,"d":"14,843"},{"v":0.7041863134854769,"d":"70.4%"},{"v":44528.992891,"d":"44,529"},{"$f":"IF($B$15=\"Yes\",MIN(S972*2,References!$B$7),0)","v":{"v":29685.995260666667,"d":"29,686"}},{"$f":"IF(AND(D972<>0,$B$16=\"Yes\"),References!$B$6,0)","v":{"v":100000,"d":"100,000"}},{"v":2619.3525229999996,"d":"2,619"},{"v":14658.9525,"d":"14,659"},{"v":1954.527,"d":"1,955"},{"v":16613.4795,"d":"16,613"},{"v":22477.0605,"d":"22,477"},{"$f":"(M972*12-(VLOOKUP(AB972*12,'Tax table'!$A$3:$C$10,3)*(AB972*12-VLOOKUP(AB972*12,'Tax table'!$A$3:$C$10,1))+VLOOKUP(AB972*12,'Tax table'!$A$3:$C$10,2)))/12","v":{"v":21078.22510333333,"d":"21,078"}},{"v":16613.4795,"d":"16,613"},{"v":0.7881820892676932,"d":"78.8%"}]
["Member 1353","1985-10-31","M",{"v":234543.24,"d":"234,543"},{"v":0.8,"d":"80%"},{"v":0.85,"d":"85%"},{"v":0.75,"d":"75%"},{"v":0.1,"d":"10%"},null,33,{"v":19545.27,"d":"19,545"},{"v":1954.527,"d":"1,955"},{"v":24431.587499999998,"d":"24,432"},{"v":22477.0605,"d":"22,477"},{"$f":"(M973*12-(VLOOKUP(N973*12,'Tax table'!$A$3:$C$10,3)*(N973*12-VLOOKUP(N973*12,'Tax table'!$A$3:$C$10,1))+VLOOKUP(N973*12,'Tax table'!$A$3:$C$10,2)))/12","v":{"v":21078.22510333333,"d":"21,078"}},{"v":17590.743000000002,"d":"17,591"},{"$f":"(VLOOKUP(P973*12,'Tax table'!$A$3:$C$10,3)*(P973*12-VLOOKUP(P973*12,'Tax table'!$A$3:$C$10,1))+VLOOKUP(P973*12,'Tax table'!$A$3:$C$10,2))/12","v":{"v":2082.919846666667,"d":"2,083"}},{"v":17462.350153333333,"d":"17,462"},{"v":14842.997630333333,"d":"14,843"},{"v":0.7041863134854769,"d":"70.4%"},{"v":44528.992891,"d":"44,529"},{"$f":"IF($B$15=\"Yes\",MIN(S973*2,References!$B$7),0)","v":{"v":29685.995260666667,"d":"29,686"}},{"$f":"IF(AND(D973<>0,$B$16=\"Yes\"),References!$B$6,0)","v":{"v":100000,"d":"100,000"}},{"v":2619.3525229999996,"d":"2,619"},{"v":14658.9525,"d":"14,659"},{"v":1954.527,"d":"1,955"},{"v":16613.4795,"d":"16,613"},{"v":22477.0605,"d":"22,477"},{"$f":"(M973*12-(VLOOKUP(AB973*12,'Tax table'!$A$3:$C$10,3)*(AB973*12-VLOOKUP(AB973*12,'Tax table'!$A$3:$C$10,1))+VLOOKUP(AB973*12,'Tax table'!$A$3:$C$10,2)))/12","v":{"v":21078.22510333333,"d":"21,078"}},{"v":16613.4795,"d":"16,613"},{"v":0.7881820892676932,"d":"78.8%"}]
["Member 1354","1985-02-09","M",{"v":234543.24,"d":"234,543"},{"v":0.8,"d":"80%"},{"v":0.85,"d":"85%"},{"v":0.75,"d":"75%"},{"v":0.1,"d":"10%"},null,33,{"v":19545.27,"d":"19,545"},{"v":1954.527,"d":"1,955"},{"v":24431.587499999998,"d":"24,432"},{"v":22477.0605,"d":"22,477"},{"$f":"(M974*12-(VLOOKUP(N974*12,'Tax table'!$A$3:$C$10,3)*(N974*12-VLOOKUP(N974*12,'Tax table'!$A$3:$C$10,1))+VLOOKUP(N974*12,'Tax table'!$A$3:$C$10,2)))/12","v":{"v":21078.22510333333,"d":"21,078"}},{"v":17590.743000000002,"d":"17,591"},{"$f":"(VLOOKUP(P974*12,'Tax table'!$A$3:$C$10,3)*(P974*12-VLOOKUP(P974*12,'Tax table'!$A$3:$C$10,1))+VLOOKUP(P974*12,'Tax table'!$A$3:$C$10,2))/12","v":{"v":2082.919846666667,"d":"2,083"}},{"v":17462.350153333333,"d":"17,462"},{"v":14842.997630333333,"d":"14,843"},{"v":0.7041863134854769,"d":"70.4%"},{"v":44528.992891,"d":"44,529"},{"$f":"IF($B$15=\"Yes\",MIN(S974*2,References!$B$7),0)","v":{"v":29685.995260666667,"d":"29,686"}},{"$f":"IF(AND(D974<>0,$B$16=\"Yes\"),References!$B$6,0)","v":{"v":100000,"d":"100,000"}},{"v":2619.3525229999996,"d":"2,619"},{"v":14658.9525,"d":"14,659"},{"v":1954.527,"d":"1,955"},{"v":16613.4795,"d":"16,613"},{"v":22477.0605,"d":"22,477"},{"$f":"(M974*12-(VLOOKUP(AB974*12,'Tax table'!$A$3:$C$10,3)*(AB974*12-VLOOKUP(AB974*12,'Tax table'!$A$3:$C$10,1))+VLOOKUP(AB974*12,'Tax table'!$A$3:$C$10,2)))/12","v":{"v":21078.22510333333,"d":"21,078"}},{"v":16613.4795,"d":"16,613"},{"v":0.7881820892676932,"d":"78.8%"}]
["Member 1355","1988-02-02","F",{"v":234543.24,"d":"234,543"},{"v":0.8,"d":"80%"},{"v":0.85,"d":"85%"},{"v":0.75,"d":"75%"},{"v":0.1,"d":"10%"},null,30,{"v":19545.27,"d":"19,545"},{"v":1954.527,"d":"1,955"},{"v":24431.587499999998,"d":"24,432"},{"v":22477.0605,"d":"22,477"},{"$f":"(M975*12-(VLOOKUP(N975*12,'Tax table'!$A$3:$C$10,3)*(N975*12-VLOOKUP(N975*12,'Tax table'!$A$3:$C$10,1))+VLOOKUP(N975*12,'Tax table'!$A$3:$C$10,2)))/12","v":{"v":21078.22510333333,"d":"21,078"}},{"v":17590.743000000002,"d":"17,591"},{"$f":"(VLOOKUP(P975*12,'Tax table'!$A$3:$C$10,3)*(P975*12-VLOOKUP(P975*12,'Tax table'!$A$3:$C$10,1))+VLOOKUP(P975*12,'Tax table'!$A$3:$C$10,2))/12","v":{"v":2082.919846666667,"d":"2,083"}},{"v":17462.350153333333,"d":"17,462"},{"v":14842.997630333333,"d":"14,843"},{"v":0.7041863134854769,"d":"70.4%"},{"v":44528.992891,"d":"44,529"},{"$f":"IF($B$15=\"Yes\",MIN(S975*2,References!$B$7),0)","v":{"v":29685.995260666667,"d":"29,686"}},{"$f":"IF(AND(D975<>0,$B$16=\"Yes\"),References!$B$6,0)","v":{"v":100000,"d":"100,000"}},{"v":2619.3525229999996,"d":"2,619"},{"v":14658.9525,"d":"14,659"},{"v":1954.527,"d":"1,955"},{"v":16613.4795,"d":"16,613"},{"v":22477.0605,"d":"22,477"},{"$f":"(M975*12-(VLOOKUP(AB975*12,'Tax table'!$A$3:$C$10,3)*(AB975*12-VLOOKUP(AB975*12,'Tax table'!$A$3:$C$10,1))+VLOOKUP(AB975*12,'Tax table'!$A$3:$C$10,2)))/12","v":{"v":21078.22510333333,"d":"21,078"}},{"v":16613.4795,"d":"16,613"},{"v":0.7881820892676932,"d":"78.8%"}]
["Member 1356","1988-10-24","M",{"v":234543.24,"d":"234,543"},{"v":0.8,"d":"80%"},{"v":0.85,"d":"85%"},{"v":0.75,"d":"75%"},{"v":0.1,"d":"10%"},null,30,{"v":19545.27,"d":"19,545"},{"v":1954.527,"d":"1,955"},{"v":24431.587499999998,"d":"24,432"},{"v":22477.0605,"d":"22,477"},{"$f":"(M976*12-(VLOOKUP(N976*12,'Tax table'!$A$3:$C$10,3)*(N976*12-VLOOKUP(N976*12,'Tax table'!$A$3:$C$10,1))+VLOOKUP(N976*12,'Tax table'!$A$3:$C$10,2)))/12","v":{"v":21078.22510333333,"d":"21,078"}},{"v":17590.743000000002,"d":"17,591"},{"$f":"(VLOOKUP(P976*12,'Tax table'!$A$3:$C$10,3)*(P976*12-VLOOKUP(P976*12,'Tax table'!$A$3:$C$10,1))+VLOOKUP(P976*12,'Tax table'!$A$3:$C$10,2))/12","v":{"v":2082.919846666667,"d":"2,083"}},{"v":17462.350153333333,"d":"17,462"},{"v":14842.997630333333,"d":"14,843"},{"v":0.7041863134854769,"d":"70.4%"},{"v":44528.992891,"d":"44,529"},{"$f":"IF($B$15=\"Yes\",MIN(S976*2,References!$B$7),0)","v":{"v":29685.995260666667,"d":"29,686"}},{"$f":"IF(AND(D976<>0,$B$16=\"Yes\"),References!$B$6,0)","v":{"v":100000,"d":"100,000"}},{"v":2619.3525229999996,"d":"2,619"},{"v":14658.9525,"d":"14,659"},{"v":1954.527,"d":"1,955"},{"v":16613.4795,"d":"16,613"},{"v":22477.0605,"d":"22,477"},{"$f":"(M976*12-(VLOOKUP(AB976*12,'Tax table'!$A$3:$C$10,3)*(AB976*12-VLOOKUP(AB976*12,'Tax table'!$A$3:$C$10,1))+VLOOKUP(AB976*12,'Tax table'!$A$3:$C$10,2)))/12","v":{"v":21078.22510333333,"d":"21,078"}},{"v":16613.4795,"d":"16,613"},{"v":0.7881820892676932,"d":"78.8%"}]
["Member 1357","1985-10-01","M",{"v":234543.24,"d":"234,543"},{"v":0.8,"d":"80%"},{"v":0.85,"d":"85%"},{"v":0.75,"d":"75%"},{"v":0.1,"d":"10%"},null,33,{"v":19545.27,"d":"19,545"},{"v":1954.527,"d":"1,955"},{"v":24431.587499999998,"d":"24,432"},{"v":22477.0605,"d":"22,477"},{"$f":"(M977*12-(VLOOKUP(N977*12,'Tax table'!$A$3:$C$10,3)*(N977*12-VLOOKUP(N977*12,'Tax table'!$A$3:$C$10,1))+VLOOKUP(N977*12,'Tax table'!$A$3:$C$10,2)))/12","v":{"v":21078.22510333333,"d":"21,078"}},{"v":17590.743000000002,"d":"17,591"},{"$f":"(VLOOKUP(P977*12,'Tax table'!$A$3:$C$10,3)*(P977*12-VLOOKUP(P977*12,'Tax table'!$A$3:$C$10,1))+VLOOKUP(P977*12,'Tax table'!$A$3:$C$10,2))/12","v":{"v":2082.919846666667,"d":"2,083"}},{"v":17462.350153333333,"d":"17,462"},{"v":14842.997630333333,"d":"14,843"},{"v":0.7041863134854769,"d":"70.4%"},{"v":44528.992891,"d":"44,529"},{"$f":"IF($B$15=\"Yes\",MIN(S977*2,References!$B$7),0)","v":{"v":29685.995260666667,"d":"29,686"}},{"$f":"IF(AND(D977<>0,$B$16=\"Yes\"),References!$B$6,0)","v":{"v":100000,"d":"100,000"}},{"v":2619.3525229999996,"d":"2,619"},{"v":14658.9525,"d":"14,659"},{"v":1954.527,"d":"1,955"},{"v":16613.4795,"d":"16,613"},{"v":22477.0605,"d":"22,477"},{"$f":"(M977*12-(VLOOKUP(AB977*12,'Tax table'!$A$3:$C$10,3)*(AB977*12-VLOOKUP(AB977*12,'Tax table'!$A$3:$C$10,1))+VLOOKUP(AB977*12,'Tax table'!$A$3:$C$10,2)))/12","v":{"v":21078.22510333333,"d":"21,078"}},{"v":16613.4795,"d":"16,613"},{"v":0.7881820892676932,"d":"78.8%"}]
["Member 1358","1981-03-03","F",{"v":234543.24,"d":"234,543"},{"v":0.8,"d":"80%"},{"v":0.85,"d":"85%"},{"v":0.75,"d":"75%"},{"v":0.1,"d":"10%"},null,37,{"v":19545.27,"d":"19,545"},{"v":1954.527,"d":"1,955"},{"v":24431.587499999998,"d":"24,432"},{"v":22477.0605,"d":"22,477"},{"$f":"(M978*12-(VLOOKUP(N978*12,'Tax table'!$A$3:$C$10,3)*(N978*12-VLOOKUP(N978*12,'Tax table'!$A$3:$C$10,1))+VLOOKUP(N978*12,'Tax table'!$A$3:$C$10,2)))/12","v":{"v":21078.22510333333,"d":"21,078"}},{"v":17590.743000000002,"d":"17,591"},{"$f":"(VLOOKUP(P978*12,'Tax table'!$A$3:$C$10,3)*(P978*12-VLOOKUP(P978*12,'Tax table'!$A$3:$C$10,1))+VLOOKUP(P978*12,'Tax table'!$A$3:$C$10,2))/12","v":{"v":2082.919846666667,"d":"2,083"}},{"v":17462.350153333333,"d":"17,462"},{"v":14842.997630333333,"d":"14,843"},{"v":0.7041863134854769,"d":"70.4%"},{"v":44528.992891,"d":"44,529"},{"$f":"IF($B$15=\"Yes\",MIN(S978*2,References!$B$7),0)","v":{"v":29685.995260666667,"d":"29,686"}},{"$f":"IF(AND(D978<>0,$B$16=\"Yes\"),References!$B$6,0)","v":{"v":100000,"d":"100,000"}},{"v":2619.3525229999996,"d":"2,619"},{"v":14658.9525,"d":"14,659"},{"v":1954.527,"d":"1,955"},{"v":16613.4795,"d":"16,613"},{"v":22477.0605,"d":"22,477"},{"$f":"(M978*12-(VLOOKUP(AB978*12,'Tax table'!$A$3:$C$10,3)*(AB978*12-VLOOKUP(AB978*12,'Tax table'!$A$3:$C$10,1))+VLOOKUP(AB978*12,'Tax table'!$A$3:$C$10,2)))/12","v":{"v":21078.22510333333,"d":"21,078"}},{"v":16613.4795,"d":"16,613"},{"v":0.7881820892676932,"d":"78.8%"}]
["Member 1359","1983-01-21","M",{"v":234543.24,"d":"234,543"},{"v":0.8,"d":"80%"},{"v":0.85,"d":"85%"},{"v":0.75,"d":"75%"},{"v":0.1,"d":"10%"},null,35,{"v":19545.27,"d":"19,545"},{"v":1954.527,"d":"1,955"},{"v":24431.587499999998,"d":"24,432"},{"v":22477.0605,"d":"22,477"},{"$f":"(M979*12-(VLOOKUP(N979*12,'Tax table'!$A$3:$C$10,3)*(N979*12-VLOOKUP(N979*12,'Tax table'!$A$3:$C$10,1))+VLOOKUP(N979*12,'Tax table'!$A$3:$C$10,2)))/12","v":{"v":21078.22510333333,"d":"21,078"}},{"v":17590.743000000002,"d":"17,591"},{"$f":"(VLOOKUP(P979*12,'Tax table'!$A$3:$C$10,3)*(P979*12-VLOOKUP(P979*12,'Tax table'!$A$3:$C$10,1))+VLOOKUP(P979*12,'Tax table'!$A$3:$C$10,2))/12","v":{"v":2082.919846666667,"d":"2,083"}},{"v":17462.350153333333,"d":"17,462"},{"v":14842.997630333333,"d":"14,843"},{"v":0.7041863134854769,"d":"70.4%"},{"v":44528.992891,"d":"44,529"},{"$f":"IF($B$15=\"Yes\",MIN(S979*2,References!$B$7),0)","v":{"v":29685.995260666667,"d":"29,686"}},{"$f":"IF(AND(D979<>0,$B$16=\"Yes\"),References!$B$6,0)","v":{"v":100000,"d":"100,000"}},{"v":2619.3525229999996,"d":"2,619"},{"v":14658.9525,"d":"14,659"},{"v":1954.527,"d":"1,955"},{"v":16613.4795,"d":"16,613"},{"v":22477.0605,"d":"22,477"},{"$f":"(M979*12-(VLOOKUP(AB979*12,'Tax table'!$A$3:$C$10,3)*(AB979*12-VLOOKUP(AB979*12,'Tax table'!$A$3:$C$10,1))+VLOOKUP(AB979*12,'Tax table'!$A$3:$C$10,2)))/12","v":{"v":21078.22510333333,"d":"21,078"}},{"v":16613.4795,"d":"16,613"},{"v":0.7881820892676932,"d":"78.8%"}]
["Member 1360","1989-12-01","F",{"v":234543.24,"d":"234,543"},{"v":0.8,"d":"80%"},{"v":0.85,"d":"85%"},{"v":0.75,"d":"75%"},{"v":0.1,"d":"10%"},null,28,{"v":19545.27,"d":"19,545"},{"v":1954.527,"d":"1,955"},{"v":24431.587499999998,"d":"24,432"},{"v":22477.0605,"d":"22,477"},{"$f":"(M980*12-(VLOOKUP(N980*12,'Tax table'!$A$3:$C$10,3)*(N980*12-VLOOKUP(N980*12,'Tax table'!$A$3:$C$10,1))+VLOOKUP(N980*12,'Tax table'!$A$3:$C$10,2)))/12","v":{"v":21078.22510333333,"d":"21,078"}},{"v":17590.743000000002,"d":"17,591"},{"$f":"(VLOOKUP(P980*12,'Tax table'!$A$3:$C$10,3)*(P980*12-VLOOKUP(P980*12,'Tax table'!$A$3:$C$10,1))+VLOOKUP(P980*12,'Tax table'!$A$3:$C$10,2))/12","v":{"v":2082.919846666667,"d":"2,083"}},{"v":17462.350153333333,"d":"17,462"},{"v":14842.997630333333,"d":"14,843"},{"v":0.7041863134854769,"d":"70.4%"},{"v":44528.992891,"d":"44,529"},{"$f":"IF($B$15=\"Yes\",MIN(S980*2,References!$B$7),0)","v":{"v":29685.995260666667,"d":"29,686"}},{"$f":"IF(AND(D980<>0,$B$16=\"Yes\"),References!$B$6,0)","v":{"v":100000,"d":"100,000"}},{"v":2619.3525229999996,"d":"2,619"},{"v":14658.9525,"d":"14,659"},{"v":1954.527,"d":"1,955"},{"v":16613.4795,"d":"16,613"},{"v":22477.0605,"d":"22,477"},{"$f":"(M980*12-(VLOOKUP(AB980*12,'Tax table'!$A$3:$C$10,3)*(AB980*12-VLOOKUP(AB980*12,'Tax table'!$A$3:$C$10,1))+VLOOKUP(AB980*12,'Tax table'!$A$3:$C$10,2)))/12","v":{"v":21078.22510333333,"d":"21,078"}},{"v":16613.4795,"d":"16,613"},{"v":0.7881820892676932,"d":"78.8%"}]
["Member 1361","1980-11-10","F",{"v":234543.24,"d":"234,543"},{"v":0.8,"d":"80%"},{"v":0.85,"d":"85%"},{"v":0.75,"d":"75%"},{"v":0.1,"d":"10%"},null,37,{"v":19545.27,"d":"19,545"},{"v":1954.527,"d":"1,955"},{"v":24431.587499999998,"d":"24,432"},{"v":22477.0605,"d":"22,477"},{"$f":"(M981*12-(VLOOKUP(N981*12,'Tax table'!$A$3:$C$10,3)*(N981*12-VLOOKUP(N981*12,'Tax table'!$A$3:$C$10,1))+VLOOKUP(N981*12,'Tax table'!$A$3:$C$10,2)))/12","v":{"v":21078.22510333333,"d":"21,078"}},{"v":17590.743000000002,"d":"17,591"},{"$f":"(VLOOKUP(P981*12,'Tax table'!$A$3:$C$10,3)*(P981*12-VLOOKUP(P981*12,'Tax table'!$A$3:$C$10,1))+VLOOKUP(P981*12,'Tax table'!$A$3:$C$10,2))/12","v":{"v":2082.919846666667,"d":"2,083"}},{"v":17462.350153333333,"d":"17,462"},{"v":14842.997630333333,"d":"14,843"},{"v":0.7041863134854769,"d":"70.4%"},{"v":44528.992891,"d":"44,529"},{"$f":"IF($B$15=\"Yes\",MIN(S981*2,References!$B$7),0)","v":{"v":29685.995260666667,"d":"29,686"}},{"$f":"IF(AND(D981<>0,$B$16=\"Yes\"),References!$B$6,0)","v":{"v":100000,"d":"100,000"}},{"v":2619.3525229999996,"d":"2,619"},{"v":14658.9525,"d":"14,659"},{"v":1954.527,"d":"1,955"},{"v":16613.4795,"d":"16,613"},{"v":22477.0605,"d":"22,477"},{"$f":"(M981*12-(VLOOKUP(AB981*12,'Tax table'!$A$3:$C$10,3)*(AB981*12-VLOOKUP(AB981*12,'Tax table'!$A$3:$C$10,1))+VLOOKUP(AB981*12,'Tax table'!$A$3:$C$10,2)))/12","v":{"v":21078.22510333333,"d":"21,078"}},{"v":16613.4795,"d":"16,613"},{"v":0.7881820892676932,"d":"78.8%"}]
["Member 1362","1990-06-27","F",{"v":234543.24,"d":"234,543"},{"v":0.8,"d":"80%"},{"v":0.85,"d":"85%"},{"v":0.75,"d":"75%"},{"v":0.1,"d":"10%"},null,28,{"v":19545.27,"d":"19,545"},{"v":1954.527,"d":"1,955"},{"v":24431.587499999998,"d":"24,432"},{"v":22477.0605,"d":"22,477"},{"$f":"(M982*12-(VLOOKUP(N982*12,'Tax table'!$A$3:$C$10,3)*(N982*12-VLOOKUP(N982*12,'Tax table'!$A$3:$C$10,1))+VLOOKUP(N982*12,'Tax table'!$A$3:$C$10,2)))/12","v":{"v":21078.22510333333,"d":"21,078"}},{"v":17590.743000000002,"d":"17,591"},{"$f":"(VLOOKUP(P982*12,'Tax table'!$A$3:$C$10,3)*(P982*12-VLOOKUP(P982*12,'Tax table'!$A$3:$C$10,1))+VLOOKUP(P982*12,'Tax table'!$A$3:$C$10,2))/12","v":{"v":2082.919846666667,"d":"2,083"}},{"v":17462.350153333333,"d":"17,462"},{"v":14842.997630333333,"d":"14,843"},{"v":0.7041863134854769,"d":"70.4%"},{"v":44528.992891,"d":"44,529"},{"$f":"IF($B$15=\"Yes\",MIN(S982*2,References!$B$7),0)","v":{"v":29685.995260666667,"d":"29,686"}},{"$f":"IF(AND(D982<>0,$B$16=\"Yes\"),References!$B$6,0)","v":{"v":100000,"d":"100,000"}},{"v":2619.3525229999996,"d":"2,619"},{"v":14658.9525,"d":"14,659"},{"v":1954.527,"d":"1,955"},{"v":16613.4795,"d":"16,613"},{"v":22477.0605,"d":"22,477"},{"$f":"(M982*12-(VLOOKUP(AB982*12,'Tax table'!$A$3:$C$10,3)*(AB982*12-VLOOKUP(AB982*12,'Tax table'!$A$3:$C$10,1))+VLOOKUP(AB982*12,'Tax table'!$A$3:$C$10,2)))/12","v":{"v":21078.22510333333,"d":"21,078"}},{"v":16613.4795,"d":"16,613"},{"v":0.7881820892676932,"d":"78.8%"}]
["Member 1363","1983-08-20","F",{"v":234543.24,"d":"234,543"},{"v":0.8,"d":"80%"},{"v":0.85,"d":"85%"},{"v":0.75,"d":"75%"},{"v":0.1,"d":"10%"},null,35,{"v":19545.27,"d":"19,545"},{"v":1954.527,"d":"1,955"},{"v":24431.587499999998,"d":"24,432"},{"v":22477.0605,"d":"22,477"},{"$f":"(M983*12-(VLOOKUP(N983*12,'Tax table'!$A$3:$C$10,3)*(N983*12-VLOOKUP(N983*12,'Tax table'!$A$3:$C$10,1))+VLOOKUP(N983*12,'Tax table'!$A$3:$C$10,2)))/12","v":{"v":21078.22510333333,"d":"21,078"}},{"v":17590.743000000002,"d":"17,591"},{"$f":"(VLOOKUP(P983*12,'Tax table'!$A$3:$C$10,3)*(P983*12-VLOOKUP(P983*12,'Tax table'!$A$3:$C$10,1))+VLOOKUP(P983*12,'Tax table'!$A$3:$C$10,2))/12","v":{"v":2082.919846666667,"d":"2,083"}},{"v":17462.350153333333,"d":"17,462"},{"v":14842.997630333333,"d":"14,843"},{"v":0.7041863134854769,"d":"70.4%"},{"v":44528.992891,"d":"44,529"},{"$f":"IF($B$15=\"Yes\",MIN(S983*2,References!$B$7),0)","v":{"v":29685.995260666667,"d":"29,686"}},{"$f":"IF(AND(D983<>0,$B$16=\"Yes\"),References!$B$6,0)","v":{"v":100000,"d":"100,000"}},{"v":2619.3525229999996,"d":"2,619"},{"v":14658.9525,"d":"14,659"},{"v":1954.527,"d":"1,955"},{"v":16613.4795,"d":"16,613"},{"v":22477.0605,"d":"22,477"},{"$f":"(M983*12-(VLOOKUP(AB983*12,'Tax table'!$A$3:$C$10,3)*(AB983*12-VLOOKUP(AB983*12,'Tax table'!$A$3:$C$10,1))+VLOOKUP(AB983*12,'Tax table'!$A$3:$C$10,2)))/12","v":{"v":21078.22510333333,"d":"21,078"}},{"v":16613.4795,"d":"16,613"},{"v":0.7881820892676932,"d":"78.8%"}]
["Member 1364","1985-12-26","F",{"v":234543.24,"d":"234,543"},{"v":0.8,"d":"80%"},{"v":0.85,"d":"85%"},{"v":0.75,"d":"75%"},{"v":0.1,"d":"10%"},null,{"$f":"DATEDIF(B984,$B$7,\"y\")","v":32},{"$f":"D984/12","v":{"v":19545.27,"d":"19,545"}},{"$f":"IF($B$10=\"No\",MIN(K984*H984,15%*K984),I984/12)","v":{"v":1954.527,"d":"1,955"}},{"$f":"D984/12/E984","v":{"v":24431.587499999998,"d":"24,432"}},{"$f":"M984-L984","v":{"v":22477.0605,"d":"22,477"}},{"$f":"(M984*12-(VLOOKUP(N984*12,'Tax table'!$A$3:$C$10,3)*(N984*12-VLOOKUP(N984*12,'Tax table'!$A$3:$C$10,1))+VLOOKUP(N984*12,'Tax table'!$A$3:$C$10,2)))/12","v":{"v":21078.22510333333,"d":"21,078"}},{"$f":"K984-L984","v":{"v":17590.743000000002,"d":"17,591"}},{"$f":"(VLOOKUP(P984*12,'Tax table'!$A$3:$C$10,3)*(P984*12-VLOOKUP(P984*12,'Tax table'!$A$3:$C$10,1))+VLOOKUP(P984*12,'Tax table'!$A$3:$C$10,2))/12","v":{"v":2082.919846666667,"d":"2,083"}},{"$f":"K984-Q984","v":{"v":17462.350153333333,"d":"17,462"}},{"$f":"MIN(R984*F984,SUM($B$8,$B$9))","v":{"v":14842.997630333333,"d":"14,843"}},{"$f":"S984/O984","v":{"v":0.7041863134854769,"d":"70.4%"}},{"$f":"IF($B$14=\"Yes\",S984*3,0)","v":{"v":44528.992891,"d":"44,529"}},{"$f":"IF($B$15=\"Yes\",MIN(S984*2,References!$B$7),0)","v":{"v":29685.995260666667,"d":"29,686"}},{"$f":"IF(AND(D984<>0,$B$16=\"Yes\"),References!$B$6,0)","v":{"v":100000,"d":"100,000"}},{"$f":"IF($B$17=\"Yes\",MIN(R984,SUM($B$8:$B$9))-S984,0)","v":{"v":2619.3525229999996,"d":"2,619"}},{"$f":"MIN(K984*G984,$B$8)","v":{"v":14658.9525,"d":"14,659"}},{"$f":"MIN(K984*H984,$B$9)","v":{"v":1954.527,"d":"1,955"}},{"$f":"Z984+Y984","v":{"v":16613.4795,"d":"16,613"}},{"$f":"M984-Z984","v":{"v":22477.0605,"d":"22,477"}},{"$f":"(M984*12-(VLOOKUP(AB984*12,'Tax table'!$A$3:$C$10,3)*(AB984*12-VLOOKUP(AB984*12,'Tax table'!$A$3:$C$10,1))+VLOOKUP(AB984*12,'Tax table'!$A$3:$C$10,2)))/12","v":{"v":21078.22510333333,"d":"21,078"}},{"$f":"MIN(AA984,AC984)","v":{"v":16613.4795,"d":"16,613"}},{"$f":"AD984/O984","v":{"v":0.7881820892676932,"d":"78.8%"}}]
["Member 1365","1978-02-10","F",{"v":234543.24,"d":"234,543"},{"v":0.8,"d":"80%"},{"v":0.85,"d":"85%"},{"v":0.75,"d":"75%"},{"v":0.1,"d":"10%"},null,40,{"v":19545.27,"d":"19,545"},{"v":1954.527,"d":"1,955"},{"v":24431.587499999998,"d":"24,432"},{"v":22477.0605,"d":"22,477"},{"$f":"(M985*12-(VLOOKUP(N985*12,'Tax table'!$A$3:$C$10,3)*(N985*12-VLOOKUP(N985*12,'Tax table'!$A$3:$C$10,1))+VLOOKUP(N985*12,'Tax table'!$A$3:$C$10,2)))/12","v":{"v":21078.22510333333,"d":"21,078"}},{"v":17590.743000000002,"d":"17,591"},{"$f":"(VLOOKUP(P985*12,'Tax table'!$A$3:$C$10,3)*(P985*12-VLOOKUP(P985*12,'Tax table'!$A$3:$C$10,1))+VLOOKUP(P985*12,'Tax table'!$A$3:$C$10,2))/12","v":{"v":2082.919846666667,"d":"2,083"}},{"v":17462.350153333333,"d":"17,462"},{"v":14842.997630333333,"d":"14,843"},{"v":0.7041863134854769,"d":"70.4%"},{"v":44528.992891,"d":"44,529"},{"$f":"IF($B$15=\"Yes\",MIN(S985*2,References!$B$7),0)","v":{"v":29685.995260666667,"d":"29,686"}},{"$f":"IF(AND(D985<>0,$B$16=\"Yes\"),References!$B$6,0)","v":{"v":100000,"d":"100,000"}},{"v":2619.3525229999996,"d":"2,619"},{"v":14658.9525,"d":"14,659"},{"v":1954.527,"d":"1,955"},{"v":16613.4795,"d":"16,613"},{"v":22477.0605,"d":"22,477"},{"$f":"(M985*12-(VLOOKUP(AB985*12,'Tax table'!$A$3:$C$10,3)*(AB985*12-VLOOKUP(AB985*12,'Tax table'!$A$3:$C$10,1))+VLOOKUP(AB985*12,'Tax table'!$A$3:$C$10,2)))/12","v":{"v":21078.22510333333,"d":"21,078"}},{"v":16613.4795,"d":"16,613"},{"v":0.7881820892676932,"d":"78.8%"}]
["Member 1366","1986-07-10","M",{"v":234543.24,"d":"234,543"},{"v":0.8,"d":"80%"},{"v":0.85,"d":"85%"},{"v":0.75,"d":"75%"},{"v":0.1,"d":"10%"},null,32,{"v":19545.27,"d":"19,545"},{"v":1954.527,"d":"1,955"},{"v":24431.587499999998,"d":"24,432"},{"v":22477.0605,"d":"22,477"},{"$f":"(M986*12-(VLOOKUP(N986*12,'Tax table'!$A$3:$C$10,3)*(N986*12-VLOOKUP(N986*12,'Tax table'!$A$3:$C$10,1))+VLOOKUP(N986*12,'Tax table'!$A$3:$C$10,2)))/12","v":{"v":21078.22510333333,"d":"21,078"}},{"v":17590.743000000002,"d":"17,591"},{"$f":"(VLOOKUP(P986*12,'Tax table'!$A$3:$C$10,3)*(P986*12-VLOOKUP(P986*12,'Tax table'!$A$3:$C$10,1))+VLOOKUP(P986*12,'Tax table'!$A$3:$C$10,2))/12","v":{"v":2082.919846666667,"d":"2,083"}},{"v":17462.350153333333,"d":"17,462"},{"v":14842.997630333333,"d":"14,843"},{"v":0.7041863134854769,"d":"70.4%"},{"v":44528.992891,"d":"44,529"},{"$f":"IF($B$15=\"Yes\",MIN(S986*2,References!$B$7),0)","v":{"v":29685.995260666667,"d":"29,686"}},{"$f":"IF(AND(D986<>0,$B$16=\"Yes\"),References!$B$6,0)","v":{"v":100000,"d":"100,000"}},{"v":2619.3525229999996,"d":"2,619"},{"v":14658.9525,"d":"14,659"},{"v":1954.527,"d":"1,955"},{"v":16613.4795,"d":"16,613"},{"v":22477.0605,"d":"22,477"},{"$f":"(M986*12-(VLOOKUP(AB986*12,'Tax table'!$A$3:$C$10,3)*(AB986*12-VLOOKUP(AB986*12,'Tax table'!$A$3:$C$10,1))+VLOOKUP(AB986*12,'Tax table'!$A$3:$C$10,2)))/12","v":{"v":21078.22510333333,"d":"21,078"}},{"v":16613.4795,"d":"16,613"},{"v":0.7881820892676932,"d":"78.8%"}]
["Member 1323","1978-03-31","F",{"v":234708.48,"d":"234,708"},{"v":0.8,"d":"80%"},{"v":0.85,"d":"85%"},{"v":0.75,"d":"75%"},{"v":0.1,"d":"10%"},null,40,{"v":19559.04,"d":"19,559"},{"v":1955.9040000000002,"d":"1,956"},{"v":24448.8,"d":"24,449"},{"v":22492.896,"d":"22,493"},{"$f":"(M987*12-(VLOOKUP(N987*12,'Tax table'!$A$3:$C$10,3)*(N987*12-VLOOKUP(N987*12,'Tax table'!$A$3:$C$10,1))+VLOOKUP(N987*12,'Tax table'!$A$3:$C$10,2)))/12","v":{"v":21091.320373333332,"d":"21,091"}},{"v":17603.136000000002,"d":"17,603"},{"$f":"(VLOOKUP(P987*12,'Tax table'!$A$3:$C$10,3)*(P987*12-VLOOKUP(P987*12,'Tax table'!$A$3:$C$10,1))+VLOOKUP(P987*12,'Tax table'!$A$3:$C$10,2))/12","v":{"v":2086.142026666668,"d":"2,086"}},{"v":17472.897973333333,"d":"17,473"},{"v":14851.963277333332,"d":"14,852"},{"v":0.7041741822911813,"d":"70.4%"},{"v":44555.889832,"d":"44,556"},{"$f":"IF($B$15=\"Yes\",MIN(S987*2,References!$B$7),0)","v":{"v":29703.926554666665,"d":"29,704"}},{"$f":"IF(AND(D987<>0,$B$16=\"Yes\"),References!$B$6,0)","v":{"v":100000,"d":"100,000"}},{"v":2620.9346960000003,"d":"2,621"},{"v":14669.28,"d":"14,669"},{"v":1955.9040000000002,"d":"1,956"},{"v":16625.184,"d":"16,625"},{"v":22492.896,"d":"22,493"},{"$f":"(M987*12-(VLOOKUP(AB987*12,'Tax table'!$A$3:$C$10,3)*(AB987*12-VLOOKUP(AB987*12,'Tax table'!$A$3:$C$10,1))+VLOOKUP(AB987*12,'Tax table'!$A$3:$C$10,2)))/12","v":{"v":21091.320373333332,"d":"21,091"}},{"v":16625.184,"d":"16,625"},{"v":0.7882476632909118,"d":"78.8%"}]
["Member 1321","1971-08-12","F",{"v":234803.4,"d":"234,803"},{"v":0.8,"d":"80%"},{"v":0.85,"d":"85%"},{"v":0.75,"d":"75%"},{"v":0.1,"d":"10%"},null,47,{"v":19566.95,"d":"19,567"},{"v":1956.6950000000002,"d":"1,957"},{"v":24458.6875,"d":"24,459"},{"v":22501.9925,"d":"22,502"},{"$f":"(M988*12-(VLOOKUP(N988*12,'Tax table'!$A$3:$C$10,3)*(N988*12-VLOOKUP(N988*12,'Tax table'!$A$3:$C$10,1))+VLOOKUP(N988*12,'Tax table'!$A$3:$C$10,2)))/12","v":{"v":21098.84278333333,"d":"21,099"}},{"v":17610.255,"d":"17,610"},{"$f":"(VLOOKUP(P988*12,'Tax table'!$A$3:$C$10,3)*(P988*12-VLOOKUP(P988*12,'Tax table'!$A$3:$C$10,1))+VLOOKUP(P988*12,'Tax table'!$A$3:$C$10,2))/12","v":{"v":2087.9929666666667,"d":"2,088"}},{"v":17478.957033333332,"d":"17,479"},{"v":14857.113478333333,"d":"14,857"},{"v":0.7041672204918014,"d":"70.4%"},{"v":44571.340435,"d":"44,571"},{"$f":"IF($B$15=\"Yes\",MIN(S988*2,References!$B$7),0)","v":{"v":29714.226956666666,"d":"29,714"}},{"$f":"IF(AND(D988<>0,$B$16=\"Yes\"),References!$B$6,0)","v":{"v":100000,"d":"100,000"}},{"v":2621.8435549999995,"d":"2,622"},{"v":14675.212500000001,"d":"14,675"},{"v":1956.6950000000002,"d":"1,957"},{"v":16631.9075,"d":"16,632"},{"v":22501.9925,"d":"22,502"},{"$f":"(M988*12-(VLOOKUP(AB988*12,'Tax table'!$A$3:$C$10,3)*(AB988*12-VLOOKUP(AB988*12,'Tax table'!$A$3:$C$10,1))+VLOOKUP(AB988*12,'Tax table'!$A$3:$C$10,2)))/12","v":{"v":21098.84278333333,"d":"21,099"}},{"v":16631.9075,"d":"16,632"},{"v":0.7882852946389123,"d":"78.8%"}]
["Member 1322","1981-04-11","F",{"v":234803.4,"d":"234,803"},{"v":0.8,"d":"80%"},{"v":0.85,"d":"85%"},{"v":0.75,"d":"75%"},{"v":0.1,"d":"10%"},null,37,{"v":19566.95,"d":"19,567"},{"v":1956.6950000000002,"d":"1,957"},{"v":24458.6875,"d":"24,459"},{"v":22501.9925,"d":"22,502"},{"$f":"(M989*12-(VLOOKUP(N989*12,'Tax table'!$A$3:$C$10,3)*(N989*12-VLOOKUP(N989*12,'Tax table'!$A$3:$C$10,1))+VLOOKUP(N989*12,'Tax table'!$A$3:$C$10,2)))/12","v":{"v":21098.84278333333,"d":"21,099"}},{"v":17610.255,"d":"17,610"},{"$f":"(VLOOKUP(P989*12,'Tax table'!$A$3:$C$10,3)*(P989*12-VLOOKUP(P989*12,'Tax table'!$A$3:$C$10,1))+VLOOKUP(P989*12,'Tax table'!$A$3:$C$10,2))/12","v":{"v":2087.9929666666667,"d":"2,088"}},{"v":17478.957033333332,"d":"17,479"},{"v":14857.113478333333,"d":"14,857"},{"v":0.7041672204918014,"d":"70.4%"},{"v":44571.340435,"d":"44,571"},{"$f":"IF($B$15=\"Yes\",MIN(S989*2,References!$B$7),0)","v":{"v":29714.226956666666,"d":"29,714"}},{"$f":"IF(AND(D989<>0,$B$16=\"Yes\"),References!$B$6,0)","v":{"v":100000,"d":"100,000"}},{"v":2621.8435549999995,"d":"2,622"},{"v":14675.212500000001,"d":"14,675"},{"v":1956.6950000000002,"d":"1,957"},{"v":16631.9075,"d":"16,632"},{"v":22501.9925,"d":"22,502"},{"$f":"(M989*12-(VLOOKUP(AB989*12,'Tax table'!$A$3:$C$10,3)*(AB989*12-VLOOKUP(AB989*12,'Tax table'!$A$3:$C$10,1))+VLOOKUP(AB989*12,'Tax table'!$A$3:$C$10,2)))/12","v":{"v":21098.84278333333,"d":"21,099"}},{"v":16631.9075,"d":"16,632"},{"v":0.7882852946389123,"d":"78.8%"}]
["Member 1320","1984-08-08","F",{"v":234854.16,"d":"234,854"},{"v":0.8,"d":"80%"},{"v":0.85,"d":"85%"},{"v":0.75,"d":"75%"},{"v":0.1,"d":"10%"},null,34,{"v":19571.18,"d":"19,571"},{"v":1957.1180000000002,"d":"1,957"},{"v":24463.975,"d":"24,464"},{"v":22506.857,"d":"22,507"},{"$f":"(M990*12-(VLOOKUP(N990*12,'Tax table'!$A$3:$C$10,3)*(N990*12-VLOOKUP(N990*12,'Tax table'!$A$3:$C$10,1))+VLOOKUP(N990*12,'Tax table'!$A$3:$C$10,2)))/12","v":{"v":21102.865513333327,"d":"21,103"}},{"v":17614.062,"d":"17,614"},{"$f":"(VLOOKUP(P990*12,'Tax table'!$A$3:$C$10,3)*(P990*12-VLOOKUP(P990*12,'Tax table'!$A$3:$C$10,1))+VLOOKUP(P990*12,'Tax table'!$A$3:$C$10,2))/12","v":{"v":2088.982786666667,"d":"2,089"}},{"v":17482.197213333333,"d":"17,482"},{"v":14859.867631333333,"d":"14,860"},{"v":0.7041634995941424,"d":"70.4%"},{"v":44579.602893999996,"d":"44,580"},{"$f":"IF($B$15=\"Yes\",MIN(S990*2,References!$B$7),0)","v":{"v":29719.735262666665,"d":"29,720"}},{"$f":"IF(AND(D990<>0,$B$16=\"Yes\"),References!$B$6,0)","v":{"v":100000,"d":"100,000"}},{"v":2622.3295820000003,"d":"2,622"},{"v":14678.385,"d":"14,678"},{"v":1957.1180000000002,"d":"1,957"},{"v":16635.503,"d":"16,636"},{"v":22506.857,"d":"22,507"},{"$f":"(M990*12-(VLOOKUP(AB990*12,'Tax table'!$A$3:$C$10,3)*(AB990*12-VLOOKUP(AB990*12,'Tax table'!$A$3:$C$10,1))+VLOOKUP(AB990*12,'Tax table'!$A$3:$C$10,2)))/12","v":{"v":21102.865513333327,"d":"21,103"}},{"v":16635.503,"d":"16,636"},{"v":0.7883054075992318,"d":"78.8%"}]
["Member 1319","1962-04-01","M",{"v":234864.84,"d":"234,865"},{"v":0.8,"d":"80%"},{"v":0.85,"d":"85%"},{"v":0.75,"d":"75%"},{"v":0.1,"d":"10%"},null,56,{"v":19572.07,"d":"19,572"},{"v":1957.207,"d":"1,957"},{"v":24465.087499999998,"d":"24,465"},{"v":22507.8805,"d":"22,508"},{"$f":"(M991*12-(VLOOKUP(N991*12,'Tax table'!$A$3:$C$10,3)*(N991*12-VLOOKUP(N991*12,'Tax table'!$A$3:$C$10,1))+VLOOKUP(N991*12,'Tax table'!$A$3:$C$10,2)))/12","v":{"v":21103.711903333333,"d":"21,104"}},{"v":17614.863,"d":"17,615"},{"$f":"(VLOOKUP(P991*12,'Tax table'!$A$3:$C$10,3)*(P991*12-VLOOKUP(P991*12,'Tax table'!$A$3:$C$10,1))+VLOOKUP(P991*12,'Tax table'!$A$3:$C$10,2))/12","v":{"v":2089.1910466666673,"d":"2,089"}},{"v":17482.878953333333,"d":"17,483"},{"v":14860.447110333333,"d":"14,860"},{"v":0.7041627168908672,"d":"70.4%"},{"v":44581.341330999996,"d":"44,581"},{"$f":"IF($B$15=\"Yes\",MIN(S991*2,References!$B$7),0)","v":{"v":29720.894220666665,"d":"29,721"}},{"$f":"IF(AND(D991<>0,$B$16=\"Yes\"),References!$B$6,0)","v":{"v":100000,"d":"100,000"}},{"v":2622.4318430000003,"d":"2,622"},{"v":14679.0525,"d":"14,679"},{"v":1957.207,"d":"1,957"},{"v":16636.2595,"d":"16,636"},{"v":22507.8805,"d":"22,508"},{"$f":"(M991*12-(VLOOKUP(AB991*12,'Tax table'!$A$3:$C$10,3)*(AB991*12-VLOOKUP(AB991*12,'Tax table'!$A$3:$C$10,1))+VLOOKUP(AB991*12,'Tax table'!$A$3:$C$10,2)))/12","v":{"v":21103.711903333333,"d":"21,104"}},{"v":16636.2595,"d":"16,636"},{"v":0.7883096384277452,"d":"78.8%"}]
["Member 1318","1981-03-20","M",{"v":235037.52,"d":"235,038"},{"v":0.8,"d":"80%"},{"v":0.85,"d":"85%"},{"v":0.75,"d":"75%"},{"v":0.1,"d":"10%"},null,37,{"v":19586.46,"d":"19,586"},{"v":1958.646,"d":"1,959"},{"v":24483.074999999997,"d":"24,483"},{"v":22524.428999999996,"d":"22,524"},{"$f":"(M992*12-(VLOOKUP(N992*12,'Tax table'!$A$3:$C$10,3)*(N992*12-VLOOKUP(N992*12,'Tax table'!$A$3:$C$10,1))+VLOOKUP(N992*12,'Tax table'!$A$3:$C$10,2)))/12","v":{"v":21117.396793333333,"d":"21,117"}},{"v":17627.814,"d":"17,628"},{"$f":"(VLOOKUP(P992*12,'Tax table'!$A$3:$C$10,3)*(P992*12-VLOOKUP(P992*12,'Tax table'!$A$3:$C$10,1))+VLOOKUP(P992*12,'Tax table'!$A$3:$C$10,2))/12","v":{"v":2092.5583066666663,"d":"2,093"}},{"v":17493.901693333333,"d":"17,494"},{"v":14869.816439333334,"d":"14,870"},{"v":0.7041500704304456,"d":"70.4%"},{"v":44609.449318,"d":"44,609"},{"$f":"IF($B$15=\"Yes\",MIN(S992*2,References!$B$7),0)","v":{"v":29739.632878666667,"d":"29,740"}},{"$f":"IF(AND(D992<>0,$B$16=\"Yes\"),References!$B$6,0)","v":{"v":100000,"d":"100,000"}},{"v":2624.0852539999996,"d":"2,624"},{"v":14689.845,"d":"14,690"},{"v":1958.646,"d":"1,959"},{"v":16648.490999999998,"d":"16,648"},{"v":22524.428999999996,"d":"22,524"},{"$f":"(M992*12-(VLOOKUP(AB992*12,'Tax table'!$A$3:$C$10,3)*(AB992*12-VLOOKUP(AB992*12,'Tax table'!$A$3:$C$10,1))+VLOOKUP(AB992*12,'Tax table'!$A$3:$C$10,2)))/12","v":{"v":21117.396793333333,"d":"21,117"}},{"v":16648.490999999998,"d":"16,648"},{"v":0.7883779976732668,"d":"78.8%"}]
["Member 1317","1963-07-19","M",{"v":235556.4,"d":"235,556"},{"v":0.8,"d":"80%"},{"v":0.85,"d":"85%"},{"v":0.75,"d":"75%"},{"v":0.1,"d":"10%"},null,55,{"v":19629.7,"d":"19,630"},{"v":1962.9700000000003,"d":"1,963"},{"v":24537.125,"d":"24,537"},{"v":22574.155,"d":"22,574"},{"$f":"(M993*12-(VLOOKUP(N993*12,'Tax table'!$A$3:$C$10,3)*(N993*12-VLOOKUP(N993*12,'Tax table'!$A$3:$C$10,1))+VLOOKUP(N993*12,'Tax table'!$A$3:$C$10,2)))/12","v":{"v":21158.518033333334,"d":"21,159"}},{"v":17666.73,"d":"17,667"},{"$f":"(VLOOKUP(P993*12,'Tax table'!$A$3:$C$10,3)*(P993*12-VLOOKUP(P993*12,'Tax table'!$A$3:$C$10,1))+VLOOKUP(P993*12,'Tax table'!$A$3:$C$10,2))/12","v":{"v":2102.6764666666672,"d":"2,103"}},{"v":17527.023533333333,"d":"17,527"},{"v":14897.970003333332,"d":"14,898"},{"v":0.7041121679629417,"d":"70.4%"},{"v":44693.91000999999,"d":"44,694"},{"$f":"IF($B$15=\"Yes\",MIN(S993*2,References!$B$7),0)","v":{"v":29795.940006666664,"d":"29,796"}},{"$f":"IF(AND(D993<>0,$B$16=\"Yes\"),References!$B$6,0)","v":{"v":100000,"d":"100,000"}},{"v":2629.053530000001,"d":"2,629"},{"v":14722.275000000001,"d":"14,722"},{"v":1962.9700000000003,"d":"1,963"},{"v":16685.245000000003,"d":"16,685"},{"v":22574.155,"d":"22,574"},{"$f":"(M993*12-(VLOOKUP(AB993*12,'Tax table'!$A$3:$C$10,3)*(AB993*12-VLOOKUP(AB993*12,'Tax table'!$A$3:$C$10,1))+VLOOKUP(AB993*12,'Tax table'!$A$3:$C$10,2)))/12","v":{"v":21158.518033333334,"d":"21,159"}},{"v":16685.245000000003,"d":"16,685"},{"v":0.7885828758759903,"d":"78.9%"}]
["Member 1316","1972-08-02","F",{"v":235989.48,"d":"235,989"},{"v":0.8,"d":"80%"},{"v":0.85,"d":"85%"},{"v":0.75,"d":"75%"},{"v":0.1,"d":"10%"},null,46,{"v":19665.79,"d":"19,666"},{"v":1966.5790000000002,"d":"1,967"},{"v":24582.2375,"d":"24,582"},{"v":22615.658499999998,"d":"22,616"},{"$f":"(M994*12-(VLOOKUP(N994*12,'Tax table'!$A$3:$C$10,3)*(N994*12-VLOOKUP(N994*12,'Tax table'!$A$3:$C$10,1))+VLOOKUP(N994*12,'Tax table'!$A$3:$C$10,2)))/12","v":{"v":21192.83962333333,"d":"21,193"}},{"v":17699.211,"d":"17,699"},{"$f":"(VLOOKUP(P994*12,'Tax table'!$A$3:$C$10,3)*(P994*12-VLOOKUP(P994*12,'Tax table'!$A$3:$C$10,1))+VLOOKUP(P994*12,'Tax table'!$A$3:$C$10,2))/12","v":{"v":2111.121526666667,"d":"2,111"}},{"v":17554.668473333335,"d":"17,555"},{"v":14921.468202333333,"d":"14,921"},{"v":0.7040806455169315,"d":"70.4%"},{"v":44764.404607000004,"d":"44,764"},{"$f":"IF($B$15=\"Yes\",MIN(S994*2,References!$B$7),0)","v":{"v":29842.936404666667,"d":"29,843"}},{"$f":"IF(AND(D994<>0,$B$16=\"Yes\"),References!$B$6,0)","v":{"v":100000,"d":"100,000"}},{"v":2633.2002710000015,"d":"2,633"},{"v":14749.3425,"d":"14,749"},{"v":1966.5790000000002,"d":"1,967"},{"v":16715.9215,"d":"16,716"},{"v":22615.658499999998,"d":"22,616"},{"$f":"(M994*12-(VLOOKUP(AB994*12,'Tax table'!$A$3:$C$10,3)*(AB994*12-VLOOKUP(AB994*12,'Tax table'!$A$3:$C$10,1))+VLOOKUP(AB994*12,'Tax table'!$A$3:$C$10,2)))/12","v":{"v":21192.83962333333,"d":"21,193"}},{"v":16715.9215,"d":"16,716"},{"v":0.788753267476047,"d":"78.9%"}]
["Member 1314","1982-10-10","F",{"v":236518.2,"d":"236,518"},{"v":0.8,"d":"80%"},{"v":0.85,"d":"85%"},{"v":0.75,"d":"75%"},{"v":0.1,"d":"10%"},null,36,{"v":19709.850000000002,"d":"19,710"},{"v":1970.9850000000004,"d":"1,971"},{"v":24637.3125,"d":"24,637"},{"v":22666.3275,"d":"22,666"},{"$f":"(M995*12-(VLOOKUP(N995*12,'Tax table'!$A$3:$C$10,3)*(N995*12-VLOOKUP(N995*12,'Tax table'!$A$3:$C$10,1))+VLOOKUP(N995*12,'Tax table'!$A$3:$C$10,2)))/12","v":{"v":21234.740683333333,"d":"21,235"}},{"v":17738.865,"d":"17,739"},{"$f":"(VLOOKUP(P995*12,'Tax table'!$A$3:$C$10,3)*(P995*12-VLOOKUP(P995*12,'Tax table'!$A$3:$C$10,1))+VLOOKUP(P995*12,'Tax table'!$A$3:$C$10,2))/12","v":{"v":2121.4315666666666,"d":"2,121"}},{"v":17588.418433333336,"d":"17,588"},{"v":14950.155668333335,"d":"14,950"},{"v":0.7040422998933711,"d":"70.4%"},{"v":44850.467005000006,"d":"44,850"},{"$f":"IF($B$15=\"Yes\",MIN(S995*2,References!$B$7),0)","v":{"v":29900.31133666667,"d":"29,900"}},{"$f":"IF(AND(D995<>0,$B$16=\"Yes\"),References!$B$6,0)","v":{"v":100000,"d":"100,000"}},{"v":2638.2627650000013,"d":"2,638"},{"v":14782.3875,"d":"14,782"},{"v":1970.9850000000004,"d":"1,971"},{"v":16753.3725,"d":"16,753"},{"v":22666.3275,"d":"22,666"},{"$f":"(M995*12-(VLOOKUP(AB995*12,'Tax table'!$A$3:$C$10,3)*(AB995*12-VLOOKUP(AB995*12,'Tax table'!$A$3:$C$10,1))+VLOOKUP(AB995*12,'Tax table'!$A$3:$C$10,2)))/12","v":{"v":21234.740683333333,"d":"21,235"}},{"v":16753.3725,"d":"16,753"},{"v":0.7889605411169134,"d":"78.9%"}]
["Member 1315","1980-02-10","F",{"v":236518.2,"d":"236,518"},{"v":0.8,"d":"80%"},{"v":0.85,"d":"85%"},{"v":0.75,"d":"75%"},{"v":0.1,"d":"10%"},null,38,{"v":19709.850000000002,"d":"19,710"},{"v":1970.9850000000004,"d":"1,971"},{"v":24637.3125,"d":"24,637"},{"v":22666.3275,"d":"22,666"},{"$f":"(M996*12-(VLOOKUP(N996*12,'Tax table'!$A$3:$C$10,3)*(N996*12-VLOOKUP(N996*12,'Tax table'!$A$3:$C$10,1))+VLOOKUP(N996*12,'Tax table'!$A$3:$C$10,2)))/12","v":{"v":21234.740683333333,"d":"21,235"}},{"v":17738.865,"d":"17,739"},{"$f":"(VLOOKUP(P996*12,'Tax table'!$A$3:$C$10,3)*(P996*12-VLOOKUP(P996*12,'Tax table'!$A$3:$C$10,1))+VLOOKUP(P996*12,'Tax table'!$A$3:$C$10,2))/12","v":{"v":2121.4315666666666,"d":"2,121"}},{"v":17588.418433333336,"d":"17,588"},{"v":14950.155668333335,"d":"14,950"},{"v":0.7040422998933711,"d":"70.4%"},{"v":44850.467005000006,"d":"44,850"},{"$f":"IF($B$15=\"Yes\",MIN(S996*2,References!$B$7),0)","v":{"v":29900.31133666667,"d":"29,900"}},{"$f":"IF(AND(D996<>0,$B$16=\"Yes\"),References!$B$6,0)","v":{"v":100000,"d":"100,000"}},{"v":2638.2627650000013,"d":"2,638"},{"v":14782.3875,"d":"14,782"},{"v":1970.9850000000004,"d":"1,971"},{"v":16753.3725,"d":"16,753"},{"v":22666.3275,"d":"22,666"},{"$f":"(M996*12-(VLOOKUP(AB996*12,'Tax table'!$A$3:$C$10,3)*(AB996*12-VLOOKUP(AB996*12,'Tax table'!$A$3:$C$10,1))+VLOOKUP(AB996*12,'Tax table'!$A$3:$C$10,2)))/12","v":{"v":21234.740683333333,"d":"21,235"}},{"v":16753.3725,"d":"16,753"},{"v":0.7889605411169134,"d":"78.9%"}]
["Member 1313","1979-04-24","M",{"v":236606.16,"d":"236,606"},{"v":0.8,"d":"80%"},{"v":0.85,"d":"85%"},{"v":0.75,"d":"75%"},{"v":0.1,"d":"10%"},null,39,{"v":19717.18,"d":"19,717"},{"v":1971.718,"d":"1,972"},{"v":24646.475,"d":"24,646"},{"v":22674.756999999998,"d":"22,675"},{"$f":"(M997*12-(VLOOKUP(N997*12,'Tax table'!$A$3:$C$10,3)*(N997*12-VLOOKUP(N997*12,'Tax table'!$A$3:$C$10,1))+VLOOKUP(N997*12,'Tax table'!$A$3:$C$10,2)))/12","v":{"v":21241.711513333332,"d":"21,242"}},{"v":17745.462,"d":"17,745"},{"$f":"(VLOOKUP(P997*12,'Tax table'!$A$3:$C$10,3)*(P997*12-VLOOKUP(P997*12,'Tax table'!$A$3:$C$10,1))+VLOOKUP(P997*12,'Tax table'!$A$3:$C$10,2))/12","v":{"v":2123.1467866666667,"d":"2,123"}},{"v":17594.033213333332,"d":"17,594"},{"v":14954.928231333331,"d":"14,955"},{"v":0.7040359352374307,"d":"70.4%"},{"v":44864.784693999994,"d":"44,865"},{"$f":"IF($B$15=\"Yes\",MIN(S997*2,References!$B$7),0)","v":{"v":29909.856462666663,"d":"29,910"}},{"$f":"IF(AND(D997<>0,$B$16=\"Yes\"),References!$B$6,0)","v":{"v":100000,"d":"100,000"}},{"v":2639.1049820000007,"d":"2,639"},{"v":14787.885,"d":"14,788"},{"v":1971.718,"d":"1,972"},{"v":16759.603,"d":"16,760"},{"v":22674.756999999998,"d":"22,675"},{"$f":"(M997*12-(VLOOKUP(AB997*12,'Tax table'!$A$3:$C$10,3)*(AB997*12-VLOOKUP(AB997*12,'Tax table'!$A$3:$C$10,1))+VLOOKUP(AB997*12,'Tax table'!$A$3:$C$10,2)))/12","v":{"v":21241.711513333332,"d":"21,242"}},{"v":16759.603,"d":"16,760"},{"v":0.7889949446625366,"d":"78.9%"}]
["Member 1312","1985-09-04","M",{"v":236645.52,"d":"236,646"},{"v":0.8,"d":"80%"},{"v":0.85,"d":"85%"},{"v":0.75,"d":"75%"},{"v":0.1,"d":"10%"},null,33,{"v":19720.46,"d":"19,720"},{"v":1972.046,"d":"1,972"},{"v":24650.574999999997,"d":"24,651"},{"v":22678.529,"d":"22,679"},{"$f":"(M998*12-(VLOOKUP(N998*12,'Tax table'!$A$3:$C$10,3)*(N998*12-VLOOKUP(N998*12,'Tax table'!$A$3:$C$10,1))+VLOOKUP(N998*12,'Tax table'!$A$3:$C$10,2)))/12","v":{"v":21244.83079333333,"d":"21,245"}},{"v":17748.414,"d":"17,748"},{"$f":"(VLOOKUP(P998*12,'Tax table'!$A$3:$C$10,3)*(P998*12-VLOOKUP(P998*12,'Tax table'!$A$3:$C$10,1))+VLOOKUP(P998*12,'Tax table'!$A$3:$C$10,2))/12","v":{"v":2123.9143066666666,"d":"2,124"}},{"v":17596.545693333333,"d":"17,597"},{"v":14957.063839333334,"d":"14,957"},{"v":0.7040330885585067,"d":"70.4%"},{"v":44871.191518,"d":"44,871"},{"$f":"IF($B$15=\"Yes\",MIN(S998*2,References!$B$7),0)","v":{"v":29914.127678666668,"d":"29,914"}},{"$f":"IF(AND(D998<>0,$B$16=\"Yes\"),References!$B$6,0)","v":{"v":100000,"d":"100,000"}},{"v":2639.4818539999997,"d":"2,639"},{"v":14790.345,"d":"14,790"},{"v":1972.046,"d":"1,972"},{"v":16762.391,"d":"16,762"},{"v":22678.529,"d":"22,679"},{"$f":"(M998*12-(VLOOKUP(AB998*12,'Tax table'!$A$3:$C$10,3)*(AB998*12-VLOOKUP(AB998*12,'Tax table'!$A$3:$C$10,1))+VLOOKUP(AB998*12,'Tax table'!$A$3:$C$10,2)))/12","v":{"v":21244.83079333333,"d":"21,245"}},{"v":16762.391,"d":"16,762"},{"v":0.789010332116181,"d":"78.9%"}]
["Member 1311","1970-04-08","F",{"v":236783.88,"d":"236,784"},{"v":0.8,"d":"80%"},{"v":0.85,"d":"85%"},{"v":0.75,"d":"75%"},{"v":0.1,"d":"10%"},null,48,{"v":19731.99,"d":"19,732"},{"v":1973.1990000000003,"d":"1,973"},{"v":24664.9875,"d":"24,665"},{"v":22691.7885,"d":"22,692"},{"$f":"(M999*12-(VLOOKUP(N999*12,'Tax table'!$A$3:$C$10,3)*(N999*12-VLOOKUP(N999*12,'Tax table'!$A$3:$C$10,1))+VLOOKUP(N999*12,'Tax table'!$A$3:$C$10,2)))/12","v":{"v":21255.79582333333,"d":"21,256"}},{"v":17758.791,"d":"17,759"},{"$f":"(VLOOKUP(P999*12,'Tax table'!$A$3:$C$10,3)*(P999*12-VLOOKUP(P999*12,'Tax table'!$A$3:$C$10,1))+VLOOKUP(P999*12,'Tax table'!$A$3:$C$10,2))/12","v":{"v":2126.6123266666673,"d":"2,127"}},{"v":17605.377673333336,"d":"17,605"},{"v":14964.571022333335,"d":"14,965"},{"v":0.704023088418366,"d":"70.4%"},{"v":44893.713067000004,"d":"44,894"},{"$f":"IF($B$15=\"Yes\",MIN(S999*2,References!$B$7),0)","v":{"v":29929.14204466667,"d":"29,929"}},{"$f":"IF(AND(D999<>0,$B$16=\"Yes\"),References!$B$6,0)","v":{"v":100000,"d":"100,000"}},{"v":2640.806651000001,"d":"2,641"},{"v":14798.9925,"d":"14,799"},{"v":1973.1990000000003,"d":"1,973"},{"v":16772.1915,"d":"16,772"},{"v":22691.7885,"d":"22,692"},{"$f":"(M999*12-(VLOOKUP(AB999*12,'Tax table'!$A$3:$C$10,3)*(AB999*12-VLOOKUP(AB999*12,'Tax table'!$A$3:$C$10,1))+VLOOKUP(AB999*12,'Tax table'!$A$3:$C$10,2)))/12","v":{"v":21255.79582333333,"d":"21,256"}},{"v":16772.1915,"d":"16,772"},{"v":0.7890643869277527,"d":"78.9%"}]
["Member 1310","1961-03-29","F",{"v":236790.72,"d":"236,791"},{"v":0.8,"d":"80%"},{"v":0.85,"d":"85%"},{"v":0.75,"d":"75%"},{"v":0.1,"d":"10%"},null,57,{"v":19732.56,"d":"19,733"},{"v":1973.2560000000003,"d":"1,973"},{"v":24665.7,"d":"24,666"},{"v":22692.444,"d":"22,692"},{"$f":"(M1000*12-(VLOOKUP(N1000*12,'Tax table'!$A$3:$C$10,3)*(N1000*12-VLOOKUP(N1000*12,'Tax table'!$A$3:$C$10,1))+VLOOKUP(N1000*12,'Tax table'!$A$3:$C$10,2)))/12","v":{"v":21256.337893333333,"d":"21,256"}},{"v":17759.304,"d":"17,759"},{"$f":"(VLOOKUP(P1000*12,'Tax table'!$A$3:$C$10,3)*(P1000*12-VLOOKUP(P1000*12,'Tax table'!$A$3:$C$10,1))+VLOOKUP(P1000*12,'Tax table'!$A$3:$C$10,2))/12","v":{"v":2126.7457066666666,"d":"2,127"}},{"v":17605.814293333337,"d":"17,606"},{"v":14964.942149333336,"d":"14,965"},{"v":0.7040225943165318,"d":"70.4%"},{"v":44894.82644800001,"d":"44,895"},{"$f":"IF($B$15=\"Yes\",MIN(S1000*2,References!$B$7),0)","v":{"v":29929.88429866667,"d":"29,930"}},{"$f":"IF(AND(D1000<>0,$B$16=\"Yes\"),References!$B$6,0)","v":{"v":100000,"d":"100,000"}},{"v":2640.872144000001,"d":"2,641"},{"v":14799.420000000002,"d":"14,799"},{"v":1973.2560000000003,"d":"1,973"},{"v":16772.676000000003,"d":"16,773"},{"v":22692.444,"d":"22,692"},{"$f":"(M1000*12-(VLOOKUP(AB1000*12,'Tax table'!$A$3:$C$10,3)*(AB1000*12-VLOOKUP(AB1000*12,'Tax table'!$A$3:$C$10,1))+VLOOKUP(AB1000*12,'Tax table'!$A$3:$C$10,2)))/12","v":{"v":21256.337893333333,"d":"21,256"}},{"v":16772.676000000003,"d":"16,773"},{"v":0.7890670577484775,"d":"78.9%"}]
["Member 1306","1978-01-23","M",{"v":238054.32,"d":"238,054"},{"v":0.8,"d":"80%"},{"v":0.85,"d":"85%"},{"v":0.75,"d":"75%"},{"v":0.1,"d":"10%"},null,40,{"v":19837.86,"d":"19,838"},{"v":1983.786,"d":"1,984"},{"v":24797.325,"d":"24,797"},{"v":22813.539,"d":"22,814"},{"$f":"(M1004*12-(VLOOKUP(N1004*12,'Tax table'!$A$3:$C$10,3)*(N1004*12-VLOOKUP(N1004*12,'Tax table'!$A$3:$C$10,1))+VLOOKUP(N1004*12,'Tax table'!$A$3:$C$10,2)))/12","v":{"v":21356.478193333332,"d":"21,356"}},{"v":17854.074,"d":"17,854"},{"$f":"(VLOOKUP(P1004*12,'Tax table'!$A$3:$C$10,3)*(P1004*12-VLOOKUP(P1004*12,'Tax table'!$A$3:$C$10,1))+VLOOKUP(P1004*12,'Tax table'!$A$3:$C$10,2))/12","v":{"v":2151.385906666667,"d":"2,151"}},{"v":17686.474093333334,"d":"17,686"},{"v":15033.502979333334,"d":"15,034"},{"v":0.7039317458262483,"d":"70.4%"},{"v":45100.508938,"d":"45,101"},{"$f":"IF($B$15=\"Yes\",MIN(S1004*2,References!$B$7),0)","v":{"v":30067.00595866667,"d":"30,067"}},{"$f":"IF(AND(D1004<>0,$B$16=\"Yes\"),References!$B$6,0)","v":{"v":100000,"d":"100,000"}},{"v":2652.971114,"d":"2,653"},{"v":14878.395,"d":"14,878"},{"v":1983.786,"d":"1,984"},{"v":16862.181,"d":"16,862"},{"v":22813.539,"d":"22,814"},{"$f":"(M1004*12-(VLOOKUP(AB1004*12,'Tax table'!$A$3:$C$10,3)*(AB1004*12-VLOOKUP(AB1004*12,'Tax table'!$A$3:$C$10,1))+VLOOKUP(AB1004*12,'Tax table'!$A$3:$C$10,2)))/12","v":{"v":21356.478193333332,"d":"21,356"}},{"v":16862.181,"d":"16,862"},{"v":0.7895581306689284,"d":"79.0%"}]
["Member 1296","1977-11-07","F",{"v":238940.88,"d":"238,941"},{"v":0.8,"d":"80%"},{"v":0.85,"d":"85%"},{"v":0.75,"d":"75%"},{"v":0.1,"d":"10%"},null,40,{"v":19911.74,"d":"19,912"},{"v":1991.1740000000002,"d":"1,991"},{"v":24889.675,"d":"24,890"},{"v":22898.501,"d":"22,899"},{"$f":"(M1014*12-(VLOOKUP(N1014*12,'Tax table'!$A$3:$C$10,3)*(N1014*12-VLOOKUP(N1014*12,'Tax table'!$A$3:$C$10,1))+VLOOKUP(N1014*12,'Tax table'!$A$3:$C$10,2)))/12","v":{"v":21426.73807333333,"d":"21,427"}},{"v":17920.566000000003,"d":"17,921"},{"$f":"(VLOOKUP(P1014*12,'Tax table'!$A$3:$C$10,3)*(P1014*12-VLOOKUP(P1014*12,'Tax table'!$A$3:$C$10,1))+VLOOKUP(P1014*12,'Tax table'!$A$3:$C$10,2))/12","v":{"v":2168.673826666667,"d":"2,169"}},{"v":17743.066173333333,"d":"17,743"},{"v":15081.606247333333,"d":"15,082"},{"v":0.7038685121233251,"d":"70.4%"},{"v":45244.818742,"d":"45,245"},{"$f":"IF($B$15=\"Yes\",MIN(S1014*2,References!$B$7),0)","v":{"v":30163.212494666666,"d":"30,163"}},{"$f":"IF(AND(D1014<>0,$B$16=\"Yes\"),References!$B$6,0)","v":{"v":100000,"d":"100,000"}},{"v":2661.4599259999995,"d":"2,661"},{"v":14933.805,"d":"14,934"},{"v":1991.1740000000002,"d":"1,991"},{"v":16924.979,"d":"16,925"},{"v":22898.501,"d":"22,899"},{"$f":"(M1014*12-(VLOOKUP(AB1014*12,'Tax table'!$A$3:$C$10,3)*(AB1014*12-VLOOKUP(AB1014*12,'Tax table'!$A$3:$C$10,1))+VLOOKUP(AB1014*12,'Tax table'!$A$3:$C$10,2)))/12","v":{"v":21426.73807333333,"d":"21,427"}},{"v":16924.979,"d":"16,925"},{"v":0.7898999344685135,"d":"79.0%"}]
["Member 1279","1979-04-13","F",{"v":241298.52,"d":"241,299"},{"v":0.8,"d":"80%"},{"v":0.85,"d":"85%"},{"v":0.75,"d":"75%"},{"v":0.1,"d":"10%"},null,39,{"v":20108.21,"d":"20,108"},{"v":2010.821,"d":"2,011"},{"v":25135.262499999997,"d":"25,135"},{"v":23124.441499999997,"d":"23,124"},{"$f":"(M1031*12-(VLOOKUP(N1031*12,'Tax table'!$A$3:$C$10,3)*(N1031*12-VLOOKUP(N1031*12,'Tax table'!$A$3:$C$10,1))+VLOOKUP(N1031*12,'Tax table'!$A$3:$C$10,2)))/12","v":{"v":21613.58104333333,"d":"21,614"}},{"v":18097.389,"d":"18,097"},{"$f":"(VLOOKUP(P1031*12,'Tax table'!$A$3:$C$10,3)*(P1031*12-VLOOKUP(P1031*12,'Tax table'!$A$3:$C$10,1))+VLOOKUP(P1031*12,'Tax table'!$A$3:$C$10,2))/12","v":{"v":2214.647806666667,"d":"2,215"}},{"v":17893.56219333333,"d":"17,894"},{"v":15209.527864333331,"d":"15,210"},{"v":0.7037023542669567,"d":"70.4%"},{"v":45628.583592999996,"d":"45,629"},{"$f":"IF($B$15=\"Yes\",MIN(S1031*2,References!$B$7),0)","v":{"v":30419.055728666663,"d":"30,419"}},{"$f":"IF(AND(D1031<>0,$B$16=\"Yes\"),References!$B$6,0)","v":{"v":100000,"d":"100,000"}},{"v":2684.034329,"d":"2,684"},{"v":15081.1575,"d":"15,081"},{"v":2010.821,"d":"2,011"},{"v":17091.978499999997,"d":"17,092"},{"v":23124.441499999997,"d":"23,124"},{"$f":"(M1031*12-(VLOOKUP(AB1031*12,'Tax table'!$A$3:$C$10,3)*(AB1031*12-VLOOKUP(AB1031*12,'Tax table'!$A$3:$C$10,1))+VLOOKUP(AB1031*12,'Tax table'!$A$3:$C$10,2)))/12","v":{"v":21613.58104333333,"d":"21,614"}},{"v":17091.978499999997,"d":"17,092"},{"v":0.7907980850434772,"d":"79.1%"}]
["Member 1269","1974-06-12","F",{"v":243107.76,"d":"243,108"},{"v":0.8,"d":"80%"},{"v":0.85,"d":"85%"},{"v":0.75,"d":"75%"},{"v":0.1,"d":"10%"},null,44,{"v":20258.98,"d":"20,259"},{"v":2025.8980000000001,"d":"2,026"},{"v":25323.725,"d":"25,324"},{"v":23297.826999999997,"d":"23,298"},{"$f":"(M1041*12-(VLOOKUP(N1041*12,'Tax table'!$A$3:$C$10,3)*(N1041*12-VLOOKUP(N1041*12,'Tax table'!$A$3:$C$10,1))+VLOOKUP(N1041*12,'Tax table'!$A$3:$C$10,2)))/12","v":{"v":21756.96331333333,"d":"21,757"}},{"v":18233.082,"d":"18,233"},{"$f":"(VLOOKUP(P1041*12,'Tax table'!$A$3:$C$10,3)*(P1041*12-VLOOKUP(P1041*12,'Tax table'!$A$3:$C$10,1))+VLOOKUP(P1041*12,'Tax table'!$A$3:$C$10,2))/12","v":{"v":2249.9279866666666,"d":"2,250"}},{"v":18009.052013333334,"d":"18,009"},{"v":15307.694211333333,"d":"15,308"},{"v":0.7035767809541836,"d":"70.4%"},{"v":45923.082634,"d":"45,923"},{"$f":"IF($B$15=\"Yes\",MIN(S1041*2,References!$B$7),0)","v":{"v":30615.388422666667,"d":"30,615"}},{"$f":"IF(AND(D1041<>0,$B$16=\"Yes\"),References!$B$6,0)","v":{"v":100000,"d":"100,000"}},{"v":2701.3578020000004,"d":"2,701"},{"v":15194.235,"d":"15,194"},{"v":2025.8980000000001,"d":"2,026"},{"v":17220.133,"d":"17,220"},{"v":23297.826999999997,"d":"23,298"},{"$f":"(M1041*12-(VLOOKUP(AB1041*12,'Tax table'!$A$3:$C$10,3)*(AB1041*12-VLOOKUP(AB1041*12,'Tax table'!$A$3:$C$10,1))+VLOOKUP(AB1041*12,'Tax table'!$A$3:$C$10,2)))/12","v":{"v":21756.96331333333,"d":"21,757"}},{"v":17220.133,"d":"17,220"},{"v":0.7914768597071163,"d":"79.1%"}]
["Member 1263","1974-06-07","M",{"v":243262.56,"d":"243,263"},{"v":0.8,"d":"80%"},{"v":0.85,"d":"85%"},{"v":0.75,"d":"75%"},{"v":0.1,"d":"10%"},null,44,{"v":20271.88,"d":"20,272"},{"v":2027.188,"d":"2,027"},{"v":25339.85,"d":"25,340"},{"v":23312.661999999997,"d":"23,313"},{"$f":"(M1047*12-(VLOOKUP(N1047*12,'Tax table'!$A$3:$C$10,3)*(N1047*12-VLOOKUP(N1047*12,'Tax table'!$A$3:$C$10,1))+VLOOKUP(N1047*12,'Tax table'!$A$3:$C$10,2)))/12","v":{"v":21769.23121333333,"d":"21,769"}},{"v":18244.692000000003,"d":"18,245"},{"$f":"(VLOOKUP(P1047*12,'Tax table'!$A$3:$C$10,3)*(P1047*12-VLOOKUP(P1047*12,'Tax table'!$A$3:$C$10,1))+VLOOKUP(P1047*12,'Tax table'!$A$3:$C$10,2))/12","v":{"v":2252.9465866666674,"d":"2,253"}},{"v":18018.933413333332,"d":"18,019"},{"v":15316.093401333332,"d":"15,316"},{"v":0.7035661136233627,"d":"70.4%"},{"v":45948.280203999995,"d":"45,948"},{"$f":"IF($B$15=\"Yes\",MIN(S1047*2,References!$B$7),0)","v":{"v":30632.186802666663,"d":"30,632"}},{"$f":"IF(AND(D1047<>0,$B$16=\"Yes\"),References!$B$6,0)","v":{"v":100000,"d":"100,000"}},{"v":2702.8400120000006,"d":"2,703"},{"v":15203.91,"d":"15,204"},{"v":2027.188,"d":"2,027"},{"v":17231.097999999998,"d":"17,231"},{"v":23312.661999999997,"d":"23,313"},{"$f":"(M1047*12-(VLOOKUP(AB1047*12,'Tax table'!$A$3:$C$10,3)*(AB1047*12-VLOOKUP(AB1047*12,'Tax table'!$A$3:$C$10,1))+VLOOKUP(AB1047*12,'Tax table'!$A$3:$C$10,2)))/12","v":{"v":21769.23121333333,"d":"21,769"}},{"v":17231.097999999998,"d":"17,231"},{"v":0.7915345209547964,"d":"79.2%"}]
["Member 1246","1984-09-26","F",{"v":243608.16,"d":"243,608"},{"v":0.8,"d":"80%"},{"v":0.85,"d":"85%"},{"v":0.75,"d":"75%"},{"v":0.1,"d":"10%"},null,34,{"v":20300.68,"d":"20,301"},{"v":2030.0680000000002,"d":"2,030"},{"v":25375.85,"d":"25,376"},{"v":23345.782,"d":"23,346"},{"$f":"(M1064*12-(VLOOKUP(N1064*12,'Tax table'!$A$3:$C$10,3)*(N1064*12-VLOOKUP(N1064*12,'Tax table'!$A$3:$C$10,1))+VLOOKUP(N1064*12,'Tax table'!$A$3:$C$10,2)))/12","v":{"v":21796.62001333333,"d":"21,797"}},{"v":18270.612,"d":"18,271"},{"$f":"(VLOOKUP(P1064*12,'Tax table'!$A$3:$C$10,3)*(P1064*12-VLOOKUP(P1064*12,'Tax table'!$A$3:$C$10,1))+VLOOKUP(P1064*12,'Tax table'!$A$3:$C$10,2))/12","v":{"v":2259.685786666667,"d":"2,260"}},{"v":18040.99421333333,"d":"18,041"},{"v":15334.845081333331,"d":"15,335"},{"v":0.7035423415168393,"d":"70.4%"},{"v":46004.53524399999,"d":"46,005"},{"$f":"IF($B$15=\"Yes\",MIN(S1064*2,References!$B$7),0)","v":{"v":30669.690162666662,"d":"30,670"}},{"$f":"IF(AND(D1064<>0,$B$16=\"Yes\"),References!$B$6,0)","v":{"v":100000,"d":"100,000"}},{"v":2706.1491320000005,"d":"2,706"},{"v":15225.51,"d":"15,226"},{"v":2030.0680000000002,"d":"2,030"},{"v":17255.578,"d":"17,256"},{"v":23345.782,"d":"23,346"},{"$f":"(M1064*12-(VLOOKUP(AB1064*12,'Tax table'!$A$3:$C$10,3)*(AB1064*12-VLOOKUP(AB1064*12,'Tax table'!$A$3:$C$10,1))+VLOOKUP(AB1064*12,'Tax table'!$A$3:$C$10,2)))/12","v":{"v":21796.62001333333,"d":"21,797"}},{"v":17255.578,"d":"17,256"},{"v":0.7916630188278961,"d":"79.2%"}]
["Member 1222","1983-06-16","F",{"v":246212.28,"d":"246,212"},{"v":0.8,"d":"80%"},{"v":0.85,"d":"85%"},{"v":0.75,"d":"75%"},{"v":0.1,"d":"10%"},null,35,{"v":20517.69,"d":"20,518"},{"v":2051.769,"d":"2,052"},{"v":25647.112499999996,"d":"25,647"},{"v":23595.343499999995,"d":"23,595"},{"$f":"(M1074*12-(VLOOKUP(N1074*12,'Tax table'!$A$3:$C$10,3)*(N1074*12-VLOOKUP(N1074*12,'Tax table'!$A$3:$C$10,1))+VLOOKUP(N1074*12,'Tax table'!$A$3:$C$10,2)))/12","v":{"v":22002.99652333333,"d":"22,003"}},{"v":18465.921,"d":"18,466"},{"$f":"(VLOOKUP(P1074*12,'Tax table'!$A$3:$C$10,3)*(P1074*12-VLOOKUP(P1074*12,'Tax table'!$A$3:$C$10,1))+VLOOKUP(P1074*12,'Tax table'!$A$3:$C$10,2))/12","v":{"v":2310.466126666666,"d":"2,310"}},{"v":18207.223873333332,"d":"18,207"},{"v":15476.140292333332,"d":"15,476"},{"v":0.7033651201063219,"d":"70.3%"},{"v":46428.420877,"d":"46,428"},{"$f":"IF($B$15=\"Yes\",MIN(S1074*2,References!$B$7),0)","v":{"v":30952.280584666663,"d":"30,952"}},{"$f":"IF(AND(D1074<>0,$B$16=\"Yes\"),References!$B$6,0)","v":{"v":100000,"d":"100,000"}},{"v":2731.083581000001,"d":"2,731"},{"v":15388.267499999998,"d":"15,388"},{"v":2051.769,"d":"2,052"},{"v":17440.0365,"d":"17,440"},{"v":23595.343499999995,"d":"23,595"},{"$f":"(M1074*12-(VLOOKUP(AB1074*12,'Tax table'!$A$3:$C$10,3)*(AB1074*12-VLOOKUP(AB1074*12,'Tax table'!$A$3:$C$10,1))+VLOOKUP(AB1074*12,'Tax table'!$A$3:$C$10,2)))/12","v":{"v":22002.99652333333,"d":"22,003"}},{"v":17440.0365,"d":"17,440"},{"v":0.7926209723982599,"d":"79.3%"}]
["Member 1228","1963-01-27","F",{"v":246212.28,"d":"246,212"},{"v":0.8,"d":"80%"},{"v":0.85,"d":"85%"},{"v":0.75,"d":"75%"},{"v":0.1,"d":"10%"},null,55,{"v":20517.69,"d":"20,518"},{"v":2051.769,"d":"2,052"},{"v":25647.112499999996,"d":"25,647"},{"v":23595.343499999995,"d":"23,595"},{"$f":"(M1080*12-(VLOOKUP(N1080*12,'Tax table'!$A$3:$C$10,3)*(N1080*12-VLOOKUP(N1080*12,'Tax table'!$A$3:$C$10,1))+VLOOKUP(N1080*12,'Tax table'!$A$3:$C$10,2)))/12","v":{"v":22002.99652333333,"d":"22,003"}},{"v":18465.921,"d":"18,466"},{"$f":"(VLOOKUP(P1080*12,'Tax table'!$A$3:$C$10,3)*(P1080*12-VLOOKUP(P1080*12,'Tax table'!$A$3:$C$10,1))+VLOOKUP(P1080*12,'Tax table'!$A$3:$C$10,2))/12","v":{"v":2310.466126666666,"d":"2,310"}},{"v":18207.223873333332,"d":"18,207"},{"v":15476.140292333332,"d":"15,476"},{"v":0.7033651201063219,"d":"70.3%"},{"v":46428.420877,"d":"46,428"},{"$f":"IF($B$15=\"Yes\",MIN(S1080*2,References!$B$7),0)","v":{"v":30952.280584666663,"d":"30,952"}},{"$f":"IF(AND(D1080<>0,$B$16=\"Yes\"),References!$B$6,0)","v":{"v":100000,"d":"100,000"}},{"v":2731.083581000001,"d":"2,731"},{"v":15388.267499999998,"d":"15,388"},{"v":2051.769,"d":"2,052"},{"v":17440.0365,"d":"17,440"},{"v":23595.343499999995,"d":"23,595"},{"$f":"(M1080*12-(VLOOKUP(AB1080*12,'Tax table'!$A$3:$C$10,3)*(AB1080*12-VLOOKUP(AB1080*12,'Tax table'!$A$3:$C$10,1))+VLOOKUP(AB1080*12,'Tax table'!$A$3:$C$10,2)))/12","v":{"v":22002.99652333333,"d":"22,003"}},{"v":17440.0365,"d":"17,440"},{"v":0.7926209723982599,"d":"79.3%"}]
["Member 1220","1983-11-01","M",{"v":246526.8,"d":"246,527"},{"v":0.8,"d":"80%"},{"v":0.85,"d":"85%"},{"v":0.75,"d":"75%"},{"v":0.1,"d":"10%"},null,35,{"v":20543.899999999998,"d":"20,544"},{"v":2054.39,"d":"2,054"},{"v":25679.874999999996,"d":"25,680"},{"v":23625.484999999997,"d":"23,625"},{"$f":"(M1090*12-(VLOOKUP(N1090*12,'Tax table'!$A$3:$C$10,3)*(N1090*12-VLOOKUP(N1090*12,'Tax table'!$A$3:$C$10,1))+VLOOKUP(N1090*12,'Tax table'!$A$3:$C$10,2)))/12","v":{"v":22027.92223333333,"d":"22,028"}},{"v":18489.51,"d":"18,490"},{"$f":"(VLOOKUP(P1090*12,'Tax table'!$A$3:$C$10,3)*(P1090*12-VLOOKUP(P1090*12,'Tax table'!$A$3:$C$10,1))+VLOOKUP(P1090*12,'Tax table'!$A$3:$C$10,2))/12","v":{"v":2316.5992666666666,"d":"2,317"}},{"v":18227.30073333333,"d":"18,227"},{"v":15493.20562333333,"d":"15,493"},{"v":0.7033439404415789,"d":"70.3%"},{"v":46479.61686999999,"d":"46,480"},{"$f":"IF($B$15=\"Yes\",MIN(S1090*2,References!$B$7),0)","v":{"v":30986.41124666666,"d":"30,986"}},{"$f":"IF(AND(D1090<>0,$B$16=\"Yes\"),References!$B$6,0)","v":{"v":100000,"d":"100,000"}},{"v":2734.09511,"d":"2,734"},{"v":15407.925,"d":"15,408"},{"v":2054.39,"d":"2,054"},{"v":17462.315,"d":"17,462"},{"v":23625.484999999997,"d":"23,625"},{"$f":"(M1090*12-(VLOOKUP(AB1090*12,'Tax table'!$A$3:$C$10,3)*(AB1090*12-VLOOKUP(AB1090*12,'Tax table'!$A$3:$C$10,1))+VLOOKUP(AB1090*12,'Tax table'!$A$3:$C$10,2)))/12","v":{"v":22027.92223333333,"d":"22,028"}},{"v":17462.315,"d":"17,462"},{"v":0.7927354570725461,"d":"79.3%"}]
["Member 1203","1983-09-12","F",{"v":249690.24,"d":"249,690"},{"v":0.8,"d":"80%"},{"v":0.85,"d":"85%"},{"v":0.75,"d":"75%"},{"v":0.1,"d":"10%"},null,35,{"v":20807.52,"d":"20,808"},{"v":2080.752,"d":"2,081"},{"v":26009.399999999998,"d":"26,009"},{"v":23928.647999999997,"d":"23,929"},{"$f":"(M1107*12-(VLOOKUP(N1107*12,'Tax table'!$A$3:$C$10,3)*(N1107*12-VLOOKUP(N1107*12,'Tax table'!$A$3:$C$10,1))+VLOOKUP(N1107*12,'Tax table'!$A$3:$C$10,2)))/12","v":{"v":22278.62485333333,"d":"22,279"}},{"v":18726.768,"d":"18,727"},{"$f":"(VLOOKUP(P1107*12,'Tax table'!$A$3:$C$10,3)*(P1107*12-VLOOKUP(P1107*12,'Tax table'!$A$3:$C$10,1))+VLOOKUP(P1107*12,'Tax table'!$A$3:$C$10,2))/12","v":{"v":2378.286346666667,"d":"2,378"}},{"v":18429.233653333333,"d":"18,429"},{"v":15664.848605333333,"d":"15,665"},{"v":0.703133551036457,"d":"70.3%"},{"v":46994.545816,"d":"46,995"},{"$f":"IF($B$15=\"Yes\",MIN(S1107*2,References!$B$7),0)","v":{"v":31329.697210666665,"d":"31,330"}},{"$f":"IF(AND(D1107<>0,$B$16=\"Yes\"),References!$B$6,0)","v":{"v":100000,"d":"100,000"}},{"v":2764.385048,"d":"2,764"},{"v":15605.64,"d":"15,606"},{"v":2080.752,"d":"2,081"},{"v":17686.392,"d":"17,686"},{"v":23928.647999999997,"d":"23,929"},{"$f":"(M1107*12-(VLOOKUP(AB1107*12,'Tax table'!$A$3:$C$10,3)*(AB1107*12-VLOOKUP(AB1107*12,'Tax table'!$A$3:$C$10,1))+VLOOKUP(AB1107*12,'Tax table'!$A$3:$C$10,2)))/12","v":{"v":22278.62485333333,"d":"22,279"}},{"v":17686.392,"d":"17,686"},{"v":0.7938726971002323,"d":"79.4%"}]
["Member 1195","1976-05-15","M",{"v":249696.48,"d":"249,696"},{"v":0.8,"d":"80%"},{"v":0.85,"d":"85%"},{"v":0.75,"d":"75%"},{"v":0.1,"d":"10%"},null,42,{"v":20808.04,"d":"20,808"},{"v":2080.804,"d":"2,081"},{"v":26010.05,"d":"26,010"},{"v":23929.246,"d":"23,929"},{"$f":"(M1113*12-(VLOOKUP(N1113*12,'Tax table'!$A$3:$C$10,3)*(N1113*12-VLOOKUP(N1113*12,'Tax table'!$A$3:$C$10,1))+VLOOKUP(N1113*12,'Tax table'!$A$3:$C$10,2)))/12","v":{"v":22279.11937333333,"d":"22,279"}},{"v":18727.236,"d":"18,727"},{"$f":"(VLOOKUP(P1113*12,'Tax table'!$A$3:$C$10,3)*(P1113*12-VLOOKUP(P1113*12,'Tax table'!$A$3:$C$10,1))+VLOOKUP(P1113*12,'Tax table'!$A$3:$C$10,2))/12","v":{"v":2378.4080266666665,"d":"2,378"}},{"v":18429.631973333333,"d":"18,430"},{"v":15665.187177333333,"d":"15,665"},{"v":0.7031331407148683,"d":"70.3%"},{"v":46995.561532,"d":"46,996"},{"$f":"IF($B$15=\"Yes\",MIN(S1113*2,References!$B$7),0)","v":{"v":31330.374354666666,"d":"31,330"}},{"$f":"IF(AND(D1113<>0,$B$16=\"Yes\"),References!$B$6,0)","v":{"v":100000,"d":"100,000"}},{"v":2764.4447959999998,"d":"2,764"},{"v":15606.03,"d":"15,606"},{"v":2080.804,"d":"2,081"},{"v":17686.834000000003,"d":"17,687"},{"v":23929.246,"d":"23,929"},{"$f":"(M1113*12-(VLOOKUP(AB1113*12,'Tax table'!$A$3:$C$10,3)*(AB1113*12-VLOOKUP(AB1113*12,'Tax table'!$A$3:$C$10,1))+VLOOKUP(AB1113*12,'Tax table'!$A$3:$C$10,2)))/12","v":{"v":22279.11937333333,"d":"22,279"}},{"v":17686.834000000003,"d":"17,687"},{"v":0.7938749150547666,"d":"79.4%"}]
["Member 1189","1980-05-25","M",{"v":252193.56,"d":"252,194"},{"v":0.8,"d":"80%"},{"v":0.85,"d":"85%"},{"v":0.75,"d":"75%"},{"v":0.1,"d":"10%"},null,38,{"v":21016.13,"d":"21,016"},{"v":2101.6130000000003,"d":"2,102"},{"v":26270.1625,"d":"26,270"},{"v":24168.549499999997,"d":"24,169"},{"$f":"(M1123*12-(VLOOKUP(N1123*12,'Tax table'!$A$3:$C$10,3)*(N1123*12-VLOOKUP(N1123*12,'Tax table'!$A$3:$C$10,1))+VLOOKUP(N1123*12,'Tax table'!$A$3:$C$10,2)))/12","v":{"v":22477.01296333333,"d":"22,477"}},{"v":18914.517,"d":"18,915"},{"$f":"(VLOOKUP(P1123*12,'Tax table'!$A$3:$C$10,3)*(P1123*12-VLOOKUP(P1123*12,'Tax table'!$A$3:$C$10,1))+VLOOKUP(P1123*12,'Tax table'!$A$3:$C$10,2))/12","v":{"v":2427.1010866666666,"d":"2,427"}},{"v":18589.028913333335,"d":"18,589"},{"v":15800.674576333335,"d":"15,801"},{"v":0.7029703903320658,"d":"70.3%"},{"v":47402.02372900001,"d":"47,402"},{"$f":"IF($B$15=\"Yes\",MIN(S1123*2,References!$B$7),0)","v":{"v":31601.34915266667,"d":"31,601"}},{"$f":"IF(AND(D1123<>0,$B$16=\"Yes\"),References!$B$6,0)","v":{"v":100000,"d":"100,000"}},{"v":2788.3543370000007,"d":"2,788"},{"v":15762.0975,"d":"15,762"},{"v":2101.6130000000003,"d":"2,102"},{"v":17863.7105,"d":"17,864"},{"v":24168.549499999997,"d":"24,169"},{"$f":"(M1123*12-(VLOOKUP(AB1123*12,'Tax table'!$A$3:$C$10,3)*(AB1123*12-VLOOKUP(AB1123*12,'Tax table'!$A$3:$C$10,1))+VLOOKUP(AB1123*12,'Tax table'!$A$3:$C$10,2)))/12","v":{"v":22477.01296333333,"d":"22,477"}},{"v":17863.7105,"d":"17,864"},{"v":0.7947546468536992,"d":"79.5%"}]
["Member 1170","1976-01-15","M",{"v":255162.24,"d":"255,162"},{"v":0.8,"d":"80%"},{"v":0.85,"d":"85%"},{"v":0.75,"d":"75%"},{"v":0.1,"d":"10%"},null,42,{"v":21263.52,"d":"21,264"},{"v":2126.3520000000003,"d":"2,126"},{"v":26579.399999999998,"d":"26,579"},{"v":24453.048,"d":"24,453"},{"$f":"(M1140*12-(VLOOKUP(N1140*12,'Tax table'!$A$3:$C$10,3)*(N1140*12-VLOOKUP(N1140*12,'Tax table'!$A$3:$C$10,1))+VLOOKUP(N1140*12,'Tax table'!$A$3:$C$10,2)))/12","v":{"v":22712.28085333333,"d":"22,712"}},{"v":19137.168,"d":"19,137"},{"$f":"(VLOOKUP(P1140*12,'Tax table'!$A$3:$C$10,3)*(P1140*12-VLOOKUP(P1140*12,'Tax table'!$A$3:$C$10,1))+VLOOKUP(P1140*12,'Tax table'!$A$3:$C$10,2))/12","v":{"v":2484.990346666667,"d":"2,485"}},{"v":18778.529653333335,"d":"18,779"},{"v":15961.750205333334,"d":"15,962"},{"v":0.7027805929491548,"d":"70.3%"},{"v":47885.250616000005,"d":"47,885"},{"$f":"IF($B$15=\"Yes\",MIN(S1140*2,References!$B$7),0)","v":{"v":31923.500410666667,"d":"31,924"}},{"$f":"IF(AND(D1140<>0,$B$16=\"Yes\"),References!$B$6,0)","v":{"v":100000,"d":"100,000"}},{"v":2816.779448000001,"d":"2,817"},{"v":15947.64,"d":"15,948"},{"v":2126.3520000000003,"d":"2,126"},{"v":18073.992,"d":"18,074"},{"v":24453.048,"d":"24,453"},{"$f":"(M1140*12-(VLOOKUP(AB1140*12,'Tax table'!$A$3:$C$10,3)*(AB1140*12-VLOOKUP(AB1140*12,'Tax table'!$A$3:$C$10,1))+VLOOKUP(AB1140*12,'Tax table'!$A$3:$C$10,2)))/12","v":{"v":22712.28085333333,"d":"22,712"}},{"v":18073.992,"d":"18,074"},{"v":0.7957805786532178,"d":"79.6%"}]
["Member 1156","1991-04-25","F",{"v":257535.12,"d":"257,535"},{"v":0.8,"d":"80%"},{"v":0.85,"d":"85%"},{"v":0.75,"d":"75%"},{"v":0.1,"d":"10%"},null,27,{"v":21461.26,"d":"21,461"},{"v":2146.1259999999997,"d":"2,146"},{"v":26826.574999999997,"d":"26,827"},{"v":24680.448999999997,"d":"24,680"},{"$f":"(M1146*12-(VLOOKUP(N1146*12,'Tax table'!$A$3:$C$10,3)*(N1146*12-VLOOKUP(N1146*12,'Tax table'!$A$3:$C$10,1))+VLOOKUP(N1146*12,'Tax table'!$A$3:$C$10,2)))/12","v":{"v":22900.331593333332,"d":"22,900"}},{"v":19315.134,"d":"19,315"},{"$f":"(VLOOKUP(P1146*12,'Tax table'!$A$3:$C$10,3)*(P1146*12-VLOOKUP(P1146*12,'Tax table'!$A$3:$C$10,1))+VLOOKUP(P1146*12,'Tax table'!$A$3:$C$10,2))/12","v":{"v":2531.2615066666663,"d":"2,531"}},{"v":18929.998493333333,"d":"18,930"},{"v":16090.498719333333,"d":"16,090"},{"v":0.7026316913252708,"d":"70.3%"},{"v":48271.496157999994,"d":"48,271"},{"$f":"IF($B$15=\"Yes\",MIN(S1146*2,References!$B$7),0)","v":{"v":32180.997438666665,"d":"32,181"}},{"$f":"IF(AND(D1146<>0,$B$16=\"Yes\"),References!$B$6,0)","v":{"v":100000,"d":"100,000"}},{"v":2839.499774,"d":"2,839"},{"v":16095.945,"d":"16,096"},{"v":2146.1259999999997,"d":"2,146"},{"v":18242.071,"d":"18,242"},{"v":24680.448999999997,"d":"24,680"},{"$f":"(M1146*12-(VLOOKUP(AB1146*12,'Tax table'!$A$3:$C$10,3)*(AB1146*12-VLOOKUP(AB1146*12,'Tax table'!$A$3:$C$10,1))+VLOOKUP(AB1146*12,'Tax table'!$A$3:$C$10,2)))/12","v":{"v":22900.331593333332,"d":"22,900"}},{"v":18242.071,"d":"18,242"},{"v":0.7965854522958336,"d":"79.7%"}]
["Member 1154","1972-10-23","F",{"v":258022.44,"d":"258,022"},{"v":0.8,"d":"80%"},{"v":0.85,"d":"85%"},{"v":0.75,"d":"75%"},{"v":0.1,"d":"10%"},null,46,{"v":21501.87,"d":"21,502"},{"v":2150.187,"d":"2,150"},{"v":26877.337499999998,"d":"26,877"},{"v":24727.150499999996,"d":"24,727"},{"$f":"(M1156*12-(VLOOKUP(N1156*12,'Tax table'!$A$3:$C$10,3)*(N1156*12-VLOOKUP(N1156*12,'Tax table'!$A$3:$C$10,1))+VLOOKUP(N1156*12,'Tax table'!$A$3:$C$10,2)))/12","v":{"v":22938.951703333336,"d":"22,939"}},{"v":19351.682999999997,"d":"19,352"},{"$f":"(VLOOKUP(P1156*12,'Tax table'!$A$3:$C$10,3)*(P1156*12-VLOOKUP(P1156*12,'Tax table'!$A$3:$C$10,1))+VLOOKUP(P1156*12,'Tax table'!$A$3:$C$10,2))/12","v":{"v":2540.764246666666,"d":"2,541"}},{"v":18961.105753333333,"d":"18,961"},{"v":16116.939890333333,"d":"16,117"},{"v":0.7026014134722349,"d":"70.3%"},{"v":48350.819671,"d":"48,351"},{"$f":"IF($B$15=\"Yes\",MIN(S1156*2,References!$B$7),0)","v":{"v":32233.879780666666,"d":"32,234"}},{"$f":"IF(AND(D1156<>0,$B$16=\"Yes\"),References!$B$6,0)","v":{"v":100000,"d":"100,000"}},{"v":2844.165863,"d":"2,844"},{"v":16126.4025,"d":"16,126"},{"v":2150.187,"d":"2,150"},{"v":18276.589500000002,"d":"18,277"},{"v":24727.150499999996,"d":"24,727"},{"$f":"(M1156*12-(VLOOKUP(AB1156*12,'Tax table'!$A$3:$C$10,3)*(AB1156*12-VLOOKUP(AB1156*12,'Tax table'!$A$3:$C$10,1))+VLOOKUP(AB1156*12,'Tax table'!$A$3:$C$10,2)))/12","v":{"v":22938.951703333336,"d":"22,939"}},{"v":18276.589500000002,"d":"18,277"},{"v":0.7967491163662971,"d":"79.7%"}]
["Member 1132","1983-05-28","M",{"v":260015.16,"d":"260,015"},{"v":0.8,"d":"80%"},{"v":0.85,"d":"85%"},{"v":0.75,"d":"75%"},{"v":0.1,"d":"10%"},null,35,{"v":21667.93,"d":"21,668"},{"v":2166.793,"d":"2,167"},{"v":27084.9125,"d":"27,085"},{"v":24918.119499999997,"d":"24,918"},{"$f":"(M1173*12-(VLOOKUP(N1173*12,'Tax table'!$A$3:$C$10,3)*(N1173*12-VLOOKUP(N1173*12,'Tax table'!$A$3:$C$10,1))+VLOOKUP(N1173*12,'Tax table'!$A$3:$C$10,2)))/12","v":{"v":23096.87476333333,"d":"23,097"}},{"v":19501.137,"d":"19,501"},{"$f":"(VLOOKUP(P1173*12,'Tax table'!$A$3:$C$10,3)*(P1173*12-VLOOKUP(P1173*12,'Tax table'!$A$3:$C$10,1))+VLOOKUP(P1173*12,'Tax table'!$A$3:$C$10,2))/12","v":{"v":2579.6222866666662,"d":"2,580"}},{"v":19088.307713333335,"d":"19,088"},{"v":16225.061556333334,"d":"16,225"},{"v":0.7024786566401999,"d":"70.2%"},{"v":48675.184669,"d":"48,675"},{"$f":"IF($B$15=\"Yes\",MIN(S1173*2,References!$B$7),0)","v":{"v":32450.123112666668,"d":"32,450"}},{"$f":"IF(AND(D1173<>0,$B$16=\"Yes\"),References!$B$6,0)","v":{"v":100000,"d":"100,000"}},{"v":2863.2461570000014,"d":"2,863"},{"v":16250.9475,"d":"16,251"},{"v":2166.793,"d":"2,167"},{"v":18417.7405,"d":"18,418"},{"v":24918.119499999997,"d":"24,918"},{"$f":"(M1173*12-(VLOOKUP(AB1173*12,'Tax table'!$A$3:$C$10,3)*(AB1173*12-VLOOKUP(AB1173*12,'Tax table'!$A$3:$C$10,1))+VLOOKUP(AB1173*12,'Tax table'!$A$3:$C$10,2)))/12","v":{"v":23096.87476333333,"d":"23,097"}},{"v":18417.7405,"d":"18,418"},{"v":0.7974126668097308,"d":"79.7%"}]
["Member 1128","1967-04-05","F",{"v":260638.2,"d":"260,638"},{"v":0.8,"d":"80%"},{"v":0.85,"d":"85%"},{"v":0.75,"d":"75%"},{"v":0.1,"d":"10%"},null,51,{"v":21719.850000000002,"d":"21,720"},{"v":2171.985,"d":"2,172"},{"v":27149.8125,"d":"27,150"},{"v":24977.8275,"d":"24,978"},{"$f":"(M1183*12-(VLOOKUP(N1183*12,'Tax table'!$A$3:$C$10,3)*(N1183*12-VLOOKUP(N1183*12,'Tax table'!$A$3:$C$10,1))+VLOOKUP(N1183*12,'Tax table'!$A$3:$C$10,2)))/12","v":{"v":23146.250683333332,"d":"23,146"}},{"v":19547.865,"d":"19,548"},{"$f":"(VLOOKUP(P1183*12,'Tax table'!$A$3:$C$10,3)*(P1183*12-VLOOKUP(P1183*12,'Tax table'!$A$3:$C$10,1))+VLOOKUP(P1183*12,'Tax table'!$A$3:$C$10,2))/12","v":{"v":2591.771566666667,"d":"2,592"}},{"v":19128.078433333336,"d":"19,128"},{"v":16258.866668333336,"d":"16,259"},{"v":0.7024406194667493,"d":"70.2%"},{"v":48776.60000500001,"d":"48,777"},{"$f":"IF($B$15=\"Yes\",MIN(S1183*2,References!$B$7),0)","v":{"v":32517.73333666667,"d":"32,518"}},{"$f":"IF(AND(D1183<>0,$B$16=\"Yes\"),References!$B$6,0)","v":{"v":100000,"d":"100,000"}},{"v":2869.211765,"d":"2,869"},{"v":16289.8875,"d":"16,290"},{"v":2171.985,"d":"2,172"},{"v":18461.8725,"d":"18,462"},{"v":24977.8275,"d":"24,978"},{"$f":"(M1183*12-(VLOOKUP(AB1183*12,'Tax table'!$A$3:$C$10,3)*(AB1183*12-VLOOKUP(AB1183*12,'Tax table'!$A$3:$C$10,1))+VLOOKUP(AB1183*12,'Tax table'!$A$3:$C$10,2)))/12","v":{"v":23146.250683333332,"d":"23,146"}},{"v":18461.8725,"d":"18,462"},{"v":0.7976182731527072,"d":"79.8%"}]
["Member 1015","1989-03-07","F",{"v":260789,"d":"260,789"},{"v":0.8,"d":"80%"},{"v":0.85,"d":"85%"},{"v":0.75,"d":"75%"},{"v":0.1,"d":"10%"},null,29,{"v":21732.416666666668,"d":"21,732"},{"v":2173.241666666667,"d":"2,173"},{"v":27165.520833333332,"d":"27,166"},{"v":24992.279166666667,"d":"24,992"},{"$f":"(M1189*12-(VLOOKUP(N1189*12,'Tax table'!$A$3:$C$10,3)*(N1189*12-VLOOKUP(N1189*12,'Tax table'!$A$3:$C$10,1))+VLOOKUP(N1189*12,'Tax table'!$A$3:$C$10,2)))/12","v":{"v":23158.20158333333,"d":"23,158"}},{"v":19559.175000000003,"d":"19,559"},{"$f":"(VLOOKUP(P1189*12,'Tax table'!$A$3:$C$10,3)*(P1189*12-VLOOKUP(P1189*12,'Tax table'!$A$3:$C$10,1))+VLOOKUP(P1189*12,'Tax table'!$A$3:$C$10,2))/12","v":{"v":2594.7121666666676,"d":"2,595"}},{"v":19137.7045,"d":"19,138"},{"v":16267.048825,"d":"16,267"},{"v":0.7024314373663277,"d":"70.2%"},{"v":48801.146475,"d":"48,801"},{"$f":"IF($B$15=\"Yes\",MIN(S1189*2,References!$B$7),0)","v":{"v":32534.09765,"d":"32,534"}},{"$f":"IF(AND(D1189<>0,$B$16=\"Yes\"),References!$B$6,0)","v":{"v":100000,"d":"100,000"}},{"v":2870.655675,"d":"2,871"},{"v":16299.3125,"d":"16,299"},{"v":2173.241666666667,"d":"2,173"},{"v":18472.55416666667,"d":"18,473"},{"v":24992.279166666667,"d":"24,992"},{"$f":"(M1189*12-(VLOOKUP(AB1189*12,'Tax table'!$A$3:$C$10,3)*(AB1189*12-VLOOKUP(AB1189*12,'Tax table'!$A$3:$C$10,1))+VLOOKUP(AB1189*12,'Tax table'!$A$3:$C$10,2)))/12","v":{"v":23158.20158333333,"d":"23,158"}},{"v":18472.55416666667,"d":"18,473"},{"v":0.7976679061279583,"d":"79.8%"}]
["Member 1032","1988-09-21","M",{"v":260789,"d":"260,789"},{"v":0.8,"d":"80%"},{"v":0.85,"d":"85%"},{"v":0.75,"d":"75%"},{"v":0.1,"d":"10%"},null,30,{"v":21732.416666666668,"d":"21,732"},{"v":2173.241666666667,"d":"2,173"},{"v":27165.520833333332,"d":"27,166"},{"v":24992.279166666667,"d":"24,992"},{"$f":"(M1206*12-(VLOOKUP(N1206*12,'Tax table'!$A$3:$C$10,3)*(N1206*12-VLOOKUP(N1206*12,'Tax table'!$A$3:$C$10,1))+VLOOKUP(N1206*12,'Tax table'!$A$3:$C$10,2)))/12","v":{"v":23158.20158333333,"d":"23,158"}},{"v":19559.175000000003,"d":"19,559"},{"$f":"(VLOOKUP(P1206*12,'Tax table'!$A$3:$C$10,3)*(P1206*12-VLOOKUP(P1206*12,'Tax table'!$A$3:$C$10,1))+VLOOKUP(P1206*12,'Tax table'!$A$3:$C$10,2))/12","v":{"v":2594.7121666666676,"d":"2,595"}},{"v":19137.7045,"d":"19,138"},{"v":16267.048825,"d":"16,267"},{"v":0.7024314373663277,"d":"70.2%"},{"v":48801.146475,"d":"48,801"},{"$f":"IF($B$15=\"Yes\",MIN(S1206*2,References!$B$7),0)","v":{"v":32534.09765,"d":"32,534"}},{"$f":"IF(AND(D1206<>0,$B$16=\"Yes\"),References!$B$6,0)","v":{"v":100000,"d":"100,000"}},{"v":2870.655675,"d":"2,871"},{"v":16299.3125,"d":"16,299"},{"v":2173.241666666667,"d":"2,173"},{"v":18472.55416666667,"d":"18,473"},{"v":24992.279166666667,"d":"24,992"},{"$f":"(M1206*12-(VLOOKUP(AB1206*12,'Tax table'!$A$3:$C$10,3)*(AB1206*12-VLOOKUP(AB1206*12,'Tax table'!$A$3:$C$10,1))+VLOOKUP(AB1206*12,'Tax table'!$A$3:$C$10,2)))/12","v":{"v":23158.20158333333,"d":"23,158"}},{"v":18472.55416666667,"d":"18,473"},{"v":0.7976679061279583,"d":"79.8%"}]
["Member 1042","1979-12-29","M",{"v":260789.28,"d":"260,789"},{"v":0.8,"d":"80%"},{"v":0.85,"d":"85%"},{"v":0.75,"d":"75%"},{"v":0.1,"d":"10%"},null,38,{"v":21732.44,"d":"21,732"},{"v":2173.244,"d":"2,173"},{"v":27165.549999999996,"d":"27,166"},{"v":24992.305999999997,"d":"24,992"},{"$f":"(M1216*12-(VLOOKUP(N1216*12,'Tax table'!$A$3:$C$10,3)*(N1216*12-VLOOKUP(N1216*12,'Tax table'!$A$3:$C$10,1))+VLOOKUP(N1216*12,'Tax table'!$A$3:$C$10,2)))/12","v":{"v":23158.22377333333,"d":"23,158"}},{"v":19559.196,"d":"19,559"},{"$f":"(VLOOKUP(P1216*12,'Tax table'!$A$3:$C$10,3)*(P1216*12-VLOOKUP(P1216*12,'Tax table'!$A$3:$C$10,1))+VLOOKUP(P1216*12,'Tax table'!$A$3:$C$10,2))/12","v":{"v":2594.717626666667,"d":"2,595"}},{"v":19137.72237333333,"d":"19,138"},{"v":16267.06401733333,"d":"16,267"},{"v":0.7024314203261494,"d":"70.2%"},{"v":48801.19205199999,"d":"48,801"},{"$f":"IF($B$15=\"Yes\",MIN(S1216*2,References!$B$7),0)","v":{"v":32534.12803466666,"d":"32,534"}},{"$f":"IF(AND(D1216<>0,$B$16=\"Yes\"),References!$B$6,0)","v":{"v":100000,"d":"100,000"}},{"v":2870.658356,"d":"2,871"},{"v":16299.329999999998,"d":"16,299"},{"v":2173.244,"d":"2,173"},{"v":18472.573999999997,"d":"18,473"},{"v":24992.305999999997,"d":"24,992"},{"$f":"(M1216*12-(VLOOKUP(AB1216*12,'Tax table'!$A$3:$C$10,3)*(AB1216*12-VLOOKUP(AB1216*12,'Tax table'!$A$3:$C$10,1))+VLOOKUP(AB1216*12,'Tax table'!$A$3:$C$10,2)))/12","v":{"v":23158.22377333333,"d":"23,158"}},{"v":18472.573999999997,"d":"18,473"},{"v":0.7976679982370299,"d":"79.8%"}]
["Member 1048","1994-01-20","F",{"v":260789.28,"d":"260,789"},{"v":0.8,"d":"80%"},{"v":0.85,"d":"85%"},{"v":0.75,"d":"75%"},{"v":0.1,"d":"10%"},null,24,{"v":21732.44,"d":"21,732"},{"v":2173.244,"d":"2,173"},{"v":27165.549999999996,"d":"27,166"},{"v":24992.305999999997,"d":"24,992"},{"$f":"(M1222*12-(VLOOKUP(N1222*12,'Tax table'!$A$3:$C$10,3)*(N1222*12-VLOOKUP(N1222*12,'Tax table'!$A$3:$C$10,1))+VLOOKUP(N1222*12,'Tax table'!$A$3:$C$10,2)))/12","v":{"v":23158.22377333333,"d":"23,158"}},{"v":19559.196,"d":"19,559"},{"$f":"(VLOOKUP(P1222*12,'Tax table'!$A$3:$C$10,3)*(P1222*12-VLOOKUP(P1222*12,'Tax table'!$A$3:$C$10,1))+VLOOKUP(P1222*12,'Tax table'!$A$3:$C$10,2))/12","v":{"v":2594.717626666667,"d":"2,595"}},{"v":19137.72237333333,"d":"19,138"},{"v":16267.06401733333,"d":"16,267"},{"v":0.7024314203261494,"d":"70.2%"},{"v":48801.19205199999,"d":"48,801"},{"$f":"IF($B$15=\"Yes\",MIN(S1222*2,References!$B$7),0)","v":{"v":32534.12803466666,"d":"32,534"}},{"$f":"IF(AND(D1222<>0,$B$16=\"Yes\"),References!$B$6,0)","v":{"v":100000,"d":"100,000"}},{"v":2870.658356,"d":"2,871"},{"v":16299.329999999998,"d":"16,299"},{"v":2173.244,"d":"2,173"},{"v":18472.573999999997,"d":"18,473"},{"v":24992.305999999997,"d":"24,992"},{"$f":"(M1222*12-(VLOOKUP(AB1222*12,'Tax table'!$A$3:$C$10,3)*(AB1222*12-VLOOKUP(AB1222*12,'Tax table'!$A$3:$C$10,1))+VLOOKUP(AB1222*12,'Tax table'!$A$3:$C$10,2)))/12","v":{"v":23158.22377333333,"d":"23,158"}},{"v":18472.573999999997,"d":"18,473"},{"v":0.7976679982370299,"d":"79.8%"}]
["Member 1064","1967-11-27","M",{"v":260789.28,"d":"260,789"},{"v":0.8,"d":"80%"},{"v":0.85,"d":"85%"},{"v":0.75,"d":"75%"},{"v":0.1,"d":"10%"},null,50,{"v":21732.44,"d":"21,732"},{"v":2173.244,"d":"2,173"},{"v":27165.549999999996,"d":"27,166"},{"v":24992.305999999997,"d":"24,992"},{"$f":"(M1238*12-(VLOOKUP(N1238*12,'Tax table'!$A$3:$C$10,3)*(N1238*12-VLOOKUP(N1238*12,'Tax table'!$A$3:$C$10,1))+VLOOKUP(N1238*12,'Tax table'!$A$3:$C$10,2)))/12","v":{"v":23158.22377333333,"d":"23,158"}},{"v":19559.196,"d":"19,559"},{"$f":"(VLOOKUP(P1238*12,'Tax table'!$A$3:$C$10,3)*(P1238*12-VLOOKUP(P1238*12,'Tax table'!$A$3:$C$10,1))+VLOOKUP(P1238*12,'Tax table'!$A$3:$C$10,2))/12","v":{"v":2594.717626666667,"d":"2,595"}},{"v":19137.72237333333,"d":"19,138"},{"v":16267.06401733333,"d":"16,267"},{"v":0.7024314203261494,"d":"70.2%"},{"v":48801.19205199999,"d":"48,801"},{"$f":"IF($B$15=\"Yes\",MIN(S1238*2,References!$B$7),0)","v":{"v":32534.12803466666,"d":"32,534"}},{"$f":"IF(AND(D1238<>0,$B$16=\"Yes\"),References!$B$6,0)","v":{"v":100000,"d":"100,000"}},{"v":2870.658356,"d":"2,871"},{"v":16299.329999999998,"d":"16,299"},{"v":2173.244,"d":"2,173"},{"v":18472.573999999997,"d":"18,473"},{"v":24992.305999999997,"d":"24,992"},{"$f":"(M1238*12-(VLOOKUP(AB1238*12,'Tax table'!$A$3:$C$10,3)*(AB1238*12-VLOOKUP(AB1238*12,'Tax table'!$A$3:$C$10,1))+VLOOKUP(AB1238*12,'Tax table'!$A$3:$C$10,2)))/12","v":{"v":23158.22377333333,"d":"23,158"}},{"v":18472.573999999997,"d":"18,473"},{"v":0.7976679982370299,"d":"79.8%"}]
["Member 1076","1988-03-29","F",{"v":260789.28,"d":"260,789"},{"v":0.8,"d":"80%"},{"v":0.85,"d":"85%"},{"v":0.75,"d":"75%"},{"v":0.1,"d":"10%"},null,30,{"v":21732.44,"d":"21,732"},{"v":2173.244,"d":"2,173"},{"v":27165.549999999996,"d":"27,166"},{"v":24992.305999999997,"d":"24,992"},{"$f":"(M1250*12-(VLOOKUP(N1250*12,'Tax table'!$A$3:$C$10,3)*(N1250*12-VLOOKUP(N1250*12,'Tax table'!$A$3:$C$10,1))+VLOOKUP(N1250*12,'Tax table'!$A$3:$C$10,2)))/12","v":{"v":23158.22377333333,"d":"23,158"}},{"v":19559.196,"d":"19,559"},{"$f":"(VLOOKUP(P1250*12,'Tax table'!$A$3:$C$10,3)*(P1250*12-VLOOKUP(P1250*12,'Tax table'!$A$3:$C$10,1))+VLOOKUP(P1250*12,'Tax table'!$A$3:$C$10,2))/12","v":{"v":2594.717626666667,"d":"2,595"}},{"v":19137.72237333333,"d":"19,138"},{"v":16267.06401733333,"d":"16,267"},{"v":0.7024314203261494,"d":"70.2%"},{"v":48801.19205199999,"d":"48,801"},{"$f":"IF($B$15=\"Yes\",MIN(S1250*2,References!$B$7),0)","v":{"v":32534.12803466666,"d":"32,534"}},{"$f":"IF(AND(D1250<>0,$B$16=\"Yes\"),References!$B$6,0)","v":{"v":100000,"d":"100,000"}},{"v":2870.658356,"d":"2,871"},{"v":16299.329999999998,"d":"16,299"},{"v":2173.244,"d":"2,173"},{"v":18472.573999999997,"d":"18,473"},{"v":24992.305999999997,"d":"24,992"},{"$f":"(M1250*12-(VLOOKUP(AB1250*12,'Tax table'!$A$3:$C$10,3)*(AB1250*12-VLOOKUP(AB1250*12,'Tax table'!$A$3:$C$10,1))+VLOOKUP(AB1250*12,'Tax table'!$A$3:$C$10,2)))/12","v":{"v":23158.22377333333,"d":"23,158"}},{"v":18472.573999999997,"d":"18,473"},{"v":0.7976679982370299,"d":"79.8%"}]
["Member 1082","1989-10-12","F",{"v":260789.28,"d":"260,789"},{"v":0.8,"d":"80%"},{"v":0.85,"d":"85%"},{"v":0.75,"d":"75%"},{"v":0.1,"d":"10%"},null,29,{"v":21732.44,"d":"21,732"},{"v":2173.244,"d":"2,173"},{"v":27165.549999999996,"d":"27,166"},{"v":24992.305999999997,"d":"24,992"},{"$f":"(M1256*12-(VLOOKUP(N1256*12,'Tax table'!$A$3:$C$10,3)*(N1256*12-VLOOKUP(N1256*12,'Tax table'!$A$3:$C$10,1))+VLOOKUP(N1256*12,'Tax table'!$A$3:$C$10,2)))/12","v":{"v":23158.22377333333,"d":"23,158"}},{"v":19559.196,"d":"19,559"},{"$f":"(VLOOKUP(P1256*12,'Tax table'!$A$3:$C$10,3)*(P1256*12-VLOOKUP(P1256*12,'Tax table'!$A$3:$C$10,1))+VLOOKUP(P1256*12,'Tax table'!$A$3:$C$10,2))/12","v":{"v":2594.717626666667,"d":"2,595"}},{"v":19137.72237333333,"d":"19,138"},{"v":16267.06401733333,"d":"16,267"},{"v":0.7024314203261494,"d":"70.2%"},{"v":48801.19205199999,"d":"48,801"},{"$f":"IF($B$15=\"Yes\",MIN(S1256*2,References!$B$7),0)","v":{"v":32534.12803466666,"d":"32,534"}},{"$f":"IF(AND(D1256<>0,$B$16=\"Yes\"),References!$B$6,0)","v":{"v":100000,"d":"100,000"}},{"v":2870.658356,"d":"2,871"},{"v":16299.329999999998,"d":"16,299"},{"v":2173.244,"d":"2,173"},{"v":18472.573999999997,"d":"18,473"},{"v":24992.305999999997,"d":"24,992"},{"$f":"(M1256*12-(VLOOKUP(AB1256*12,'Tax table'!$A$3:$C$10,3)*(AB1256*12-VLOOKUP(AB1256*12,'Tax table'!$A$3:$C$10,1))+VLOOKUP(AB1256*12,'Tax table'!$A$3:$C$10,2)))/12","v":{"v":23158.22377333333,"d":"23,158"}},{"v":18472.573999999997,"d":"18,473"},{"v":0.7976679982370299,"d":"79.8%"}]
["Member 1092","1992-05-04","M",{"v":260789.28,"d":"260,789"},{"v":0.8,"d":"80%"},{"v":0.85,"d":"85%"},{"v":0.75,"d":"75%"},{"v":0.1,"d":"10%"},null,26,{"v":21732.44,"d":"21,732"},{"v":2173.244,"d":"2,173"},{"v":27165.549999999996,"d":"27,166"},{"v":24992.305999999997,"d":"24,992"},{"$f":"(M1266*12-(VLOOKUP(N1266*12,'Tax table'!$A$3:$C$10,3)*(N1266*12-VLOOKUP(N1266*12,'Tax table'!$A$3:$C$10,1))+VLOOKUP(N1266*12,'Tax table'!$A$3:$C$10,2)))/12","v":{"v":23158.22377333333,"d":"23,158"}},{"v":19559.196,"d":"19,559"},{"$f":"(VLOOKUP(P1266*12,'Tax table'!$A$3:$C$10,3)*(P1266*12-VLOOKUP(P1266*12,'Tax table'!$A$3:$C$10,1))+VLOOKUP(P1266*12,'Tax table'!$A$3:$C$10,2))/12","v":{"v":2594.717626666667,"d":"2,595"}},{"v":19137.72237333333,"d":"19,138"},{"v":16267.06401733333,"d":"16,267"},{"v":0.7024314203261494,"d":"70.2%"},{"v":48801.19205199999,"d":"48,801"},{"$f":"IF($B$15=\"Yes\",MIN(S1266*2,References!$B$7),0)","v":{"v":32534.12803466666,"d":"32,534"}},{"$f":"IF(AND(D1266<>0,$B$16=\"Yes\"),References!$B$6,0)","v":{"v":100000,"d":"100,000"}},{"v":2870.658356,"d":"2,871"},{"v":16299.329999999998,"d":"16,299"},{"v":2173.244,"d":"2,173"},{"v":18472.573999999997,"d":"18,473"},{"v":24992.305999999997,"d":"24,992"},{"$f":"(M1266*12-(VLOOKUP(AB1266*12,'Tax table'!$A$3:$C$10,3)*(AB1266*12-VLOOKUP(AB1266*12,'Tax table'!$A$3:$C$10,1))+VLOOKUP(AB1266*12,'Tax table'!$A$3:$C$10,2)))/12","v":{"v":23158.22377333333,"d":"23,158"}},{"v":18472.573999999997,"d":"18,473"},{"v":0.7976679982370299,"d":"79.8%"}]
["Member 1109","1986-07-25","F",{"v":260789.28,"d":"260,789"},{"v":0.8,"d":"80%"},{"v":0.85,"d":"85%"},{"v":0.75,"d":"75%"},{"v":0.1,"d":"10%"},null,32,{"v":21732.44,"d":"21,732"},{"v":2173.244,"d":"2,173"},{"v":27165.549999999996,"d":"27,166"},{"v":24992.305999999997,"d":"24,992"},{"$f":"(M1283*12-(VLOOKUP(N1283*12,'Tax table'!$A$3:$C$10,3)*(N1283*12-VLOOKUP(N1283*12,'Tax table'!$A$3:$C$10,1))+VLOOKUP(N1283*12,'Tax table'!$A$3:$C$10,2)))/12","v":{"v":23158.22377333333,"d":"23,158"}},{"v":19559.196,"d":"19,559"},{"$f":"(VLOOKUP(P1283*12,'Tax table'!$A$3:$C$10,3)*(P1283*12-VLOOKUP(P1283*12,'Tax table'!$A$3:$C$10,1))+VLOOKUP(P1283*12,'Tax table'!$A$3:$C$10,2))/12","v":{"v":2594.717626666667,"d":"2,595"}},{"v":19137.72237333333,"d":"19,138"},{"v":16267.06401733333,"d":"16,267"},{"v":0.7024314203261494,"d":"70.2%"},{"v":48801.19205199999,"d":"48,801"},{"$f":"IF($B$15=\"Yes\",MIN(S1283*2,References!$B$7),0)","v":{"v":32534.12803466666,"d":"32,534"}},{"$f":"IF(AND(D1283<>0,$B$16=\"Yes\"),References!$B$6,0)","v":{"v":100000,"d":"100,000"}},{"v":2870.658356,"d":"2,871"},{"v":16299.329999999998,"d":"16,299"},{"v":2173.244,"d":"2,173"},{"v":18472.573999999997,"d":"18,473"},{"v":24992.305999999997,"d":"24,992"},{"$f":"(M1283*12-(VLOOKUP(AB1283*12,'Tax table'!$A$3:$C$10,3)*(AB1283*12-VLOOKUP(AB1283*12,'Tax table'!$A$3:$C$10,1))+VLOOKUP(AB1283*12,'Tax table'!$A$3:$C$10,2)))/12","v":{"v":23158.22377333333,"d":"23,158"}},{"v":18472.573999999997,"d":"18,473"},{"v":0.7976679982370299,"d":"79.8%"}]
["Member 1115","1975-08-11","F",{"v":260789.28,"d":"260,789"},{"v":0.8,"d":"80%"},{"v":0.85,"d":"85%"},{"v":0.75,"d":"75%"},{"v":0.1,"d":"10%"},null,43,{"v":21732.44,"d":"21,732"},{"v":2173.244,"d":"2,173"},{"v":27165.549999999996,"d":"27,166"},{"v":24992.305999999997,"d":"24,992"},{"$f":"(M1289*12-(VLOOKUP(N1289*12,'Tax table'!$A$3:$C$10,3)*(N1289*12-VLOOKUP(N1289*12,'Tax table'!$A$3:$C$10,1))+VLOOKUP(N1289*12,'Tax table'!$A$3:$C$10,2)))/12","v":{"v":23158.22377333333,"d":"23,158"}},{"v":19559.196,"d":"19,559"},{"$f":"(VLOOKUP(P1289*12,'Tax table'!$A$3:$C$10,3)*(P1289*12-VLOOKUP(P1289*12,'Tax table'!$A$3:$C$10,1))+VLOOKUP(P1289*12,'Tax table'!$A$3:$C$10,2))/12","v":{"v":2594.717626666667,"d":"2,595"}},{"v":19137.72237333333,"d":"19,138"},{"v":16267.06401733333,"d":"16,267"},{"v":0.7024314203261494,"d":"70.2%"},{"v":48801.19205199999,"d":"48,801"},{"$f":"IF($B$15=\"Yes\",MIN(S1289*2,References!$B$7),0)","v":{"v":32534.12803466666,"d":"32,534"}},{"$f":"IF(AND(D1289<>0,$B$16=\"Yes\"),References!$B$6,0)","v":{"v":100000,"d":"100,000"}},{"v":2870.658356,"d":"2,871"},{"v":16299.329999999998,"d":"16,299"},{"v":2173.244,"d":"2,173"},{"v":18472.573999999997,"d":"18,473"},{"v":24992.305999999997,"d":"24,992"},{"$f":"(M1289*12-(VLOOKUP(AB1289*12,'Tax table'!$A$3:$C$10,3)*(AB1289*12-VLOOKUP(AB1289*12,'Tax table'!$A$3:$C$10,1))+VLOOKUP(AB1289*12,'Tax table'!$A$3:$C$10,2)))/12","v":{"v":23158.22377333333,"d":"23,158"}},{"v":18472.573999999997,"d":"18,473"},{"v":0.7976679982370299,"d":"79.8%"}]
["Member 1012","1986-11-12","M",{"v":260803,"d":"260,803"},{"v":0.8,"d":"80%"},{"v":0.85,"d":"85%"},{"v":0.75,"d":"75%"},{"v":0.1,"d":"10%"},null,31,{"v":21733.583333333332,"d":"21,734"},{"v":2173.358333333333,"d":"2,173"},{"v":27166.979166666664,"d":"27,167"},{"v":24993.62083333333,"d":"24,994"},{"$f":"(M1299*12-(VLOOKUP(N1299*12,'Tax table'!$A$3:$C$10,3)*(N1299*12-VLOOKUP(N1299*12,'Tax table'!$A$3:$C$10,1))+VLOOKUP(N1299*12,'Tax table'!$A$3:$C$10,2)))/12","v":{"v":23159.311083333334,"d":"23,159"}},{"v":19560.225,"d":"19,560"},{"$f":"(VLOOKUP(P1299*12,'Tax table'!$A$3:$C$10,3)*(P1299*12-VLOOKUP(P1299*12,'Tax table'!$A$3:$C$10,1))+VLOOKUP(P1299*12,'Tax table'!$A$3:$C$10,2))/12","v":{"v":2594.9851666666664,"d":"2,595"}},{"v":19138.598166666667,"d":"19,139"},{"v":16267.808441666666,"d":"16,268"},{"v":0.7024305853974147,"d":"70.2%"},{"v":48803.425325,"d":"48,803"},{"$f":"IF($B$15=\"Yes\",MIN(S1299*2,References!$B$7),0)","v":{"v":32535.616883333332,"d":"32,536"}},{"$f":"IF(AND(D1299<>0,$B$16=\"Yes\"),References!$B$6,0)","v":{"v":100000,"d":"100,000"}},{"v":2870.7897250000005,"d":"2,871"},{"v":16300.1875,"d":"16,300"},{"v":2173.358333333333,"d":"2,173"},{"v":18473.545833333334,"d":"18,474"},{"v":24993.62083333333,"d":"24,994"},{"$f":"(M1299*12-(VLOOKUP(AB1299*12,'Tax table'!$A$3:$C$10,3)*(AB1299*12-VLOOKUP(AB1299*12,'Tax table'!$A$3:$C$10,1))+VLOOKUP(AB1299*12,'Tax table'!$A$3:$C$10,2)))/12","v":{"v":23159.311083333334,"d":"23,159"}},{"v":18473.545833333334,"d":"18,474"},{"v":0.7976725113653262,"d":"79.8%"}]
["Member 990","1974-05-15","M",{"v":262163,"d":"262,163"},{"v":0.8,"d":"80%"},{"v":0.85,"d":"85%"},{"v":0.75,"d":"75%"},{"v":0.1,"d":"10%"},null,44,{"v":21846.916666666668,"d":"21,847"},{"v":2184.691666666667,"d":"2,185"},{"v":27308.645833333332,"d":"27,309"},{"v":25123.954166666666,"d":"25,124"},{"$f":"(M1316*12-(VLOOKUP(N1316*12,'Tax table'!$A$3:$C$10,3)*(N1316*12-VLOOKUP(N1316*12,'Tax table'!$A$3:$C$10,1))+VLOOKUP(N1316*12,'Tax table'!$A$3:$C$10,2)))/12","v":{"v":23267.091083333333,"d":"23,267"}},{"v":19662.225000000002,"d":"19,662"},{"$f":"(VLOOKUP(P1316*12,'Tax table'!$A$3:$C$10,3)*(P1316*12-VLOOKUP(P1316*12,'Tax table'!$A$3:$C$10,1))+VLOOKUP(P1316*12,'Tax table'!$A$3:$C$10,2))/12","v":{"v":2621.5051666666673,"d":"2,622"}},{"v":19225.411500000002,"d":"19,225"},{"v":16341.599775,"d":"16,342"},{"v":0.7023482100306817,"d":"70.2%"},{"v":49024.799325,"d":"49,025"},{"$f":"IF($B$15=\"Yes\",MIN(S1316*2,References!$B$7),0)","v":{"v":32683.19955,"d":"32,683"}},{"$f":"IF(AND(D1316<>0,$B$16=\"Yes\"),References!$B$6,0)","v":{"v":100000,"d":"100,000"}},{"v":2883.8117250000014,"d":"2,884"},{"v":16385.1875,"d":"16,385"},{"v":2184.691666666667,"d":"2,185"},{"v":18569.879166666666,"d":"18,570"},{"v":25123.954166666666,"d":"25,124"},{"$f":"(M1316*12-(VLOOKUP(AB1316*12,'Tax table'!$A$3:$C$10,3)*(AB1316*12-VLOOKUP(AB1316*12,'Tax table'!$A$3:$C$10,1))+VLOOKUP(AB1316*12,'Tax table'!$A$3:$C$10,2)))/12","v":{"v":23267.091083333333,"d":"23,267"}},{"v":18569.879166666666,"d":"18,570"},{"v":0.7981177836179371,"d":"79.8%"}]
["Member 975","1971-10-29","M",{"v":262164,"d":"262,164"},{"v":0.8,"d":"80%"},{"v":0.85,"d":"85%"},{"v":0.75,"d":"75%"},{"v":0.1,"d":"10%"},null,47,{"v":21847,"d":"21,847"},{"v":2184.7000000000003,"d":"2,185"},{"v":27308.75,"d":"27,309"},{"v":25124.05,"d":"25,124"},{"$f":"(M1326*12-(VLOOKUP(N1326*12,'Tax table'!$A$3:$C$10,3)*(N1326*12-VLOOKUP(N1326*12,'Tax table'!$A$3:$C$10,1))+VLOOKUP(N1326*12,'Tax table'!$A$3:$C$10,2)))/12","v":{"v":23267.17033333333,"d":"23,267"}},{"v":19662.3,"d":"19,662"},{"$f":"(VLOOKUP(P1326*12,'Tax table'!$A$3:$C$10,3)*(P1326*12-VLOOKUP(P1326*12,'Tax table'!$A$3:$C$10,1))+VLOOKUP(P1326*12,'Tax table'!$A$3:$C$10,2))/12","v":{"v":2621.5246666666662,"d":"2,622"}},{"v":19225.475333333336,"d":"19,225"},{"v":16341.654033333334,"d":"16,342"},{"v":0.7023481497413431,"d":"70.2%"},{"v":49024.962100000004,"d":"49,025"},{"$f":"IF($B$15=\"Yes\",MIN(S1326*2,References!$B$7),0)","v":{"v":32683.30806666667,"d":"32,683"}},{"$f":"IF(AND(D1326<>0,$B$16=\"Yes\"),References!$B$6,0)","v":{"v":100000,"d":"100,000"}},{"v":2883.8213000000014,"d":"2,884"},{"v":16385.25,"d":"16,385"},{"v":2184.7000000000003,"d":"2,185"},{"v":18569.95,"d":"18,570"},{"v":25124.05,"d":"25,124"},{"$f":"(M1326*12-(VLOOKUP(AB1326*12,'Tax table'!$A$3:$C$10,3)*(AB1326*12-VLOOKUP(AB1326*12,'Tax table'!$A$3:$C$10,1))+VLOOKUP(AB1326*12,'Tax table'!$A$3:$C$10,2)))/12","v":{"v":23267.17033333333,"d":"23,267"}},{"v":18569.95,"d":"18,570"},{"v":0.7981181095062542,"d":"79.8%"}]
["Member 981","1961-01-06","F",{"v":262164,"d":"262,164"},{"v":0.8,"d":"80%"},{"v":0.85,"d":"85%"},{"v":0.75,"d":"75%"},{"v":0.1,"d":"10%"},null,57,{"v":21847,"d":"21,847"},{"v":2184.7000000000003,"d":"2,185"},{"v":27308.75,"d":"27,309"},{"v":25124.05,"d":"25,124"},{"$f":"(M1332*12-(VLOOKUP(N1332*12,'Tax table'!$A$3:$C$10,3)*(N1332*12-VLOOKUP(N1332*12,'Tax table'!$A$3:$C$10,1))+VLOOKUP(N1332*12,'Tax table'!$A$3:$C$10,2)))/12","v":{"v":23267.17033333333,"d":"23,267"}},{"v":19662.3,"d":"19,662"},{"$f":"(VLOOKUP(P1332*12,'Tax table'!$A$3:$C$10,3)*(P1332*12-VLOOKUP(P1332*12,'Tax table'!$A$3:$C$10,1))+VLOOKUP(P1332*12,'Tax table'!$A$3:$C$10,2))/12","v":{"v":2621.5246666666662,"d":"2,622"}},{"v":19225.475333333336,"d":"19,225"},{"v":16341.654033333334,"d":"16,342"},{"v":0.7023481497413431,"d":"70.2%"},{"v":49024.962100000004,"d":"49,025"},{"$f":"IF($B$15=\"Yes\",MIN(S1332*2,References!$B$7),0)","v":{"v":32683.30806666667,"d":"32,683"}},{"$f":"IF(AND(D1332<>0,$B$16=\"Yes\"),References!$B$6,0)","v":{"v":100000,"d":"100,000"}},{"v":2883.8213000000014,"d":"2,884"},{"v":16385.25,"d":"16,385"},{"v":2184.7000000000003,"d":"2,185"},{"v":18569.95,"d":"18,570"},{"v":25124.05,"d":"25,124"},{"$f":"(M1332*12-(VLOOKUP(AB1332*12,'Tax table'!$A$3:$C$10,3)*(AB1332*12-VLOOKUP(AB1332*12,'Tax table'!$A$3:$C$10,1))+VLOOKUP(AB1332*12,'Tax table'!$A$3:$C$10,2)))/12","v":{"v":23267.17033333333,"d":"23,267"}},{"v":18569.95,"d":"18,570"},{"v":0.7981181095062542,"d":"79.8%"}]
["Member 958","1977-12-09","F",{"v":264941,"d":"264,941"},{"v":0.8,"d":"80%"},{"v":0.85,"d":"85%"},{"v":0.75,"d":"75%"},{"v":0.1,"d":"10%"},null,40,{"v":22078.416666666668,"d":"22,078"},{"v":2207.8416666666667,"d":"2,208"},{"v":27598.020833333332,"d":"27,598"},{"v":25390.179166666665,"d":"25,390"},{"$f":"(M1349*12-(VLOOKUP(N1349*12,'Tax table'!$A$3:$C$10,3)*(N1349*12-VLOOKUP(N1349*12,'Tax table'!$A$3:$C$10,1))+VLOOKUP(N1349*12,'Tax table'!$A$3:$C$10,2)))/12","v":{"v":23487.247583333334,"d":"23,487"}},{"v":19870.575,"d":"19,871"},{"$f":"(VLOOKUP(P1349*12,'Tax table'!$A$3:$C$10,3)*(P1349*12-VLOOKUP(P1349*12,'Tax table'!$A$3:$C$10,1))+VLOOKUP(P1349*12,'Tax table'!$A$3:$C$10,2))/12","v":{"v":2675.6761666666675,"d":"2,676"}},{"v":19402.7405,"d":"19,403"},{"v":16492.329425,"d":"16,492"},{"v":0.7021822955833718,"d":"70.2%"},{"v":49476.988274999996,"d":"49,477"},{"$f":"IF($B$15=\"Yes\",MIN(S1349*2,References!$B$7),0)","v":{"v":32984.65885,"d":"32,985"}},{"$f":"IF(AND(D1349<>0,$B$16=\"Yes\"),References!$B$6,0)","v":{"v":100000,"d":"100,000"}},{"v":2910.411075,"d":"2,910"},{"v":16558.8125,"d":"16,559"},{"v":2207.8416666666667,"d":"2,208"},{"v":18766.654166666667,"d":"18,767"},{"v":25390.179166666665,"d":"25,390"},{"$f":"(M1349*12-(VLOOKUP(AB1349*12,'Tax table'!$A$3:$C$10,3)*(AB1349*12-VLOOKUP(AB1349*12,'Tax table'!$A$3:$C$10,1))+VLOOKUP(AB1349*12,'Tax table'!$A$3:$C$10,2)))/12","v":{"v":23487.247583333334,"d":"23,487"}},{"v":18766.654166666667,"d":"18,767"},{"v":0.7990146184682609,"d":"79.9%"}]
["Member 951","1975-12-20","F",{"v":266884,"d":"266,884"},{"v":0.8,"d":"80%"},{"v":0.85,"d":"85%"},{"v":0.75,"d":"75%"},{"v":0.1,"d":"10%"},null,42,{"v":22240.333333333332,"d":"22,240"},{"v":2224.0333333333333,"d":"2,224"},{"v":27800.416666666664,"d":"27,800"},{"v":25576.38333333333,"d":"25,576"},{"$f":"(M1359*12-(VLOOKUP(N1359*12,'Tax table'!$A$3:$C$10,3)*(N1359*12-VLOOKUP(N1359*12,'Tax table'!$A$3:$C$10,1))+VLOOKUP(N1359*12,'Tax table'!$A$3:$C$10,2)))/12","v":{"v":23636.790333333334,"d":"23,637"}},{"v":20016.3,"d":"20,016"},{"$f":"(VLOOKUP(P1359*12,'Tax table'!$A$3:$C$10,3)*(P1359*12-VLOOKUP(P1359*12,'Tax table'!$A$3:$C$10,1))+VLOOKUP(P1359*12,'Tax table'!$A$3:$C$10,2))/12","v":{"v":2713.564666666666,"d":"2,714"}},{"v":19526.768666666667,"d":"19,527"},{"v":16597.753366666668,"d":"16,598"},{"v":0.7021999659259998,"d":"70.2%"},{"v":49793.2601,"d":"49,793"},{"$f":"IF($B$15=\"Yes\",MIN(S1359*2,References!$B$7),0)","v":{"v":33195.506733333335,"d":"33,196"}},{"$f":"IF(AND(D1359<>0,$B$16=\"Yes\"),References!$B$6,0)","v":{"v":100000,"d":"100,000"}},{"v":2929.015299999999,"d":"2,929"},{"v":16680.25,"d":"16,680"},{"v":2224.0333333333333,"d":"2,224"},{"v":18904.283333333333,"d":"18,904"},{"v":25576.38333333333,"d":"25,576"},{"$f":"(M1359*12-(VLOOKUP(AB1359*12,'Tax table'!$A$3:$C$10,3)*(AB1359*12-VLOOKUP(AB1359*12,'Tax table'!$A$3:$C$10,1))+VLOOKUP(AB1359*12,'Tax table'!$A$3:$C$10,2)))/12","v":{"v":23636.790333333334,"d":"23,637"}},{"v":18904.283333333333,"d":"18,904"},{"v":0.7997821644453108,"d":"80.0%"}]
["Member 947","1964-12-10","F",{"v":268217,"d":"268,217"},{"v":0.8,"d":"80%"},{"v":0.85,"d":"85%"},{"v":0.75,"d":"75%"},{"v":0.1,"d":"10%"},null,53,{"v":22351.416666666668,"d":"22,351"},{"v":2235.141666666667,"d":"2,235"},{"v":27939.270833333332,"d":"27,939"},{"v":25704.129166666666,"d":"25,704"},{"$f":"(M1365*12-(VLOOKUP(N1365*12,'Tax table'!$A$3:$C$10,3)*(N1365*12-VLOOKUP(N1365*12,'Tax table'!$A$3:$C$10,1))+VLOOKUP(N1365*12,'Tax table'!$A$3:$C$10,2)))/12","v":{"v":23736.043291666665,"d":"23,736"}},{"v":20116.275,"d":"20,116"},{"$f":"(VLOOKUP(P1365*12,'Tax table'!$A$3:$C$10,3)*(P1365*12-VLOOKUP(P1365*12,'Tax table'!$A$3:$C$10,1))+VLOOKUP(P1365*12,'Tax table'!$A$3:$C$10,2))/12","v":{"v":2739.558166666667,"d":"2,740"}},{"v":19611.858500000002,"d":"19,612"},{"v":16670.079725,"d":"16,670"},{"v":0.7023108072461509,"d":"70.2%"},{"v":50010.239174999995,"d":"50,010"},{"$f":"IF($B$15=\"Yes\",MIN(S1365*2,References!$B$7),0)","v":{"v":33340.15945,"d":"33,340"}},{"$f":"IF(AND(D1365<>0,$B$16=\"Yes\"),References!$B$6,0)","v":{"v":100000,"d":"100,000"}},{"v":2941.7787750000025,"d":"2,942"},{"v":16763.5625,"d":"16,764"},{"v":2235.141666666667,"d":"2,235"},{"v":18998.704166666666,"d":"18,999"},{"v":25704.129166666666,"d":"25,704"},{"$f":"(M1365*12-(VLOOKUP(AB1365*12,'Tax table'!$A$3:$C$10,3)*(AB1365*12-VLOOKUP(AB1365*12,'Tax table'!$A$3:$C$10,1))+VLOOKUP(AB1365*12,'Tax table'!$A$3:$C$10,2)))/12","v":{"v":23736.043291666665,"d":"23,736"}},{"v":18998.704166666666,"d":"18,999"},{"v":0.8004158036456227,"d":"80.0%"}]
["Member 921","1983-09-23","F",{"v":272360,"d":"272,360"},{"v":0.8,"d":"80%"},{"v":0.85,"d":"85%"},{"v":0.75,"d":"75%"},{"v":0.1,"d":"10%"},null,35,{"v":22696.666666666668,"d":"22,697"},{"v":2269.666666666667,"d":"2,270"},{"v":28370.833333333332,"d":"28,371"},{"v":26101.166666666664,"d":"26,101"},{"$f":"(M1382*12-(VLOOKUP(N1382*12,'Tax table'!$A$3:$C$10,3)*(N1382*12-VLOOKUP(N1382*12,'Tax table'!$A$3:$C$10,1))+VLOOKUP(N1382*12,'Tax table'!$A$3:$C$10,2)))/12","v":{"v":24044.524166666666,"d":"24,045"}},{"v":20427,"d":"20,427"},{"$f":"(VLOOKUP(P1382*12,'Tax table'!$A$3:$C$10,3)*(P1382*12-VLOOKUP(P1382*12,'Tax table'!$A$3:$C$10,1))+VLOOKUP(P1382*12,'Tax table'!$A$3:$C$10,2))/12","v":{"v":2820.346666666667,"d":"2,820"}},{"v":19876.32,"d":"19,876"},{"v":16894.872,"d":"16,895"},{"v":0.7026494632579026,"d":"70.3%"},{"v":50684.615999999995,"d":"50,685"},{"$f":"IF($B$15=\"Yes\",MIN(S1382*2,References!$B$7),0)","v":{"v":33789.744,"d":"33,790"}},{"$f":"IF(AND(D1382<>0,$B$16=\"Yes\"),References!$B$6,0)","v":{"v":100000,"d":"100,000"}},{"v":2981.4480000000003,"d":"2,981"},{"v":17022.5,"d":"17,023"},{"v":2269.666666666667,"d":"2,270"},{"v":19292.166666666668,"d":"19,292"},{"v":26101.166666666664,"d":"26,101"},{"$f":"(M1382*12-(VLOOKUP(AB1382*12,'Tax table'!$A$3:$C$10,3)*(AB1382*12-VLOOKUP(AB1382*12,'Tax table'!$A$3:$C$10,1))+VLOOKUP(AB1382*12,'Tax table'!$A$3:$C$10,2)))/12","v":{"v":24044.524166666666,"d":"24,045"}},{"v":19292.166666666668,"d":"19,292"},{"v":0.8023517759362329,"d":"80.2%"}]
["Member 918","1961-12-04","F",{"v":274470,"d":"274,470"},{"v":0.8,"d":"80%"},{"v":0.85,"d":"85%"},{"v":0.75,"d":"75%"},{"v":0.1,"d":"10%"},null,56,{"v":22872.5,"d":"22,873"},{"v":2287.25,"d":"2,287"},{"v":28590.625,"d":"28,591"},{"v":26303.375,"d":"26,303"},{"$f":"(M1392*12-(VLOOKUP(N1392*12,'Tax table'!$A$3:$C$10,3)*(N1392*12-VLOOKUP(N1392*12,'Tax table'!$A$3:$C$10,1))+VLOOKUP(N1392*12,'Tax table'!$A$3:$C$10,2)))/12","v":{"v":24201.631250000002,"d":"24,202"}},{"v":20585.25,"d":"20,585"},{"$f":"(VLOOKUP(P1392*12,'Tax table'!$A$3:$C$10,3)*(P1392*12-VLOOKUP(P1392*12,'Tax table'!$A$3:$C$10,1))+VLOOKUP(P1392*12,'Tax table'!$A$3:$C$10,2))/12","v":{"v":2861.491666666667,"d":"2,861"}},{"v":20011.00833333333,"d":"20,011"},{"v":17009.357083333332,"d":"17,009"},{"v":0.7028186202669017,"d":"70.3%"},{"v":51028.07124999999,"d":"51,028"},{"$f":"IF($B$15=\"Yes\",MIN(S1392*2,References!$B$7),0)","v":{"v":34018.714166666665,"d":"34,019"}},{"$f":"IF(AND(D1392<>0,$B$16=\"Yes\"),References!$B$6,0)","v":{"v":100000,"d":"100,000"}},{"v":3001.651249999999,"d":"3,002"},{"v":17154.375,"d":"17,154"},{"v":2287.25,"d":"2,287"},{"v":19441.625,"d":"19,442"},{"v":26303.375,"d":"26,303"},{"$f":"(M1392*12-(VLOOKUP(AB1392*12,'Tax table'!$A$3:$C$10,3)*(AB1392*12-VLOOKUP(AB1392*12,'Tax table'!$A$3:$C$10,1))+VLOOKUP(AB1392*12,'Tax table'!$A$3:$C$10,2)))/12","v":{"v":24201.631250000002,"d":"24,202"}},{"v":19441.625,"d":"19,442"},{"v":0.80331878455507,"d":"80.3%"}]
["Member 912","1971-03-04","M",{"v":277801,"d":"277,801"},{"v":0.8,"d":"80%"},{"v":0.85,"d":"85%"},{"v":0.75,"d":"75%"},{"v":0.1,"d":"10%"},null,47,{"v":23150.083333333332,"d":"23,150"},{"v":2315.008333333333,"d":"2,315"},{"v":28937.604166666664,"d":"28,938"},{"v":26622.595833333333,"d":"26,623"},{"$f":"(M1398*12-(VLOOKUP(N1398*12,'Tax table'!$A$3:$C$10,3)*(N1398*12-VLOOKUP(N1398*12,'Tax table'!$A$3:$C$10,1))+VLOOKUP(N1398*12,'Tax table'!$A$3:$C$10,2)))/12","v":{"v":24449.651958333332,"d":"24,450"}},{"v":20835.074999999997,"d":"20,835"},{"$f":"(VLOOKUP(P1398*12,'Tax table'!$A$3:$C$10,3)*(P1398*12-VLOOKUP(P1398*12,'Tax table'!$A$3:$C$10,1))+VLOOKUP(P1398*12,'Tax table'!$A$3:$C$10,2))/12","v":{"v":2926.446166666666,"d":"2,926"}},{"v":20223.637166666667,"d":"20,224"},{"v":17190.091591666667,"d":"17,190"},{"v":0.7030812389870301,"d":"70.3%"},{"v":51570.274775,"d":"51,570"},{"$f":"IF($B$15=\"Yes\",MIN(S1398*2,References!$B$7),0)","v":{"v":34380.183183333334,"d":"34,380"}},{"$f":"IF(AND(D1398<>0,$B$16=\"Yes\"),References!$B$6,0)","v":{"v":100000,"d":"100,000"}},{"v":3033.545575,"d":"3,034"},{"v":17362.5625,"d":"17,363"},{"v":2315.008333333333,"d":"2,315"},{"v":19677.57083333333,"d":"19,678"},{"v":26622.595833333333,"d":"26,623"},{"$f":"(M1398*12-(VLOOKUP(AB1398*12,'Tax table'!$A$3:$C$10,3)*(AB1398*12-VLOOKUP(AB1398*12,'Tax table'!$A$3:$C$10,1))+VLOOKUP(AB1398*12,'Tax table'!$A$3:$C$10,2)))/12","v":{"v":24449.651958333332,"d":"24,450"}},{"v":19677.57083333333,"d":"19,678"},{"v":0.8048200795196391,"d":"80.5%"}]
["Member 886","1991-10-24","F",{"v":279369,"d":"279,369"},{"v":0.8,"d":"80%"},{"v":0.85,"d":"85%"},{"v":0.75,"d":"75%"},{"v":0.1,"d":"10%"},null,27,{"v":23280.75,"d":"23,281"},{"v":2328.0750000000003,"d":"2,328"},{"v":29100.9375,"d":"29,101"},{"v":26772.8625,"d":"26,773"},{"$f":"(M1419*12-(VLOOKUP(N1419*12,'Tax table'!$A$3:$C$10,3)*(N1419*12-VLOOKUP(N1419*12,'Tax table'!$A$3:$C$10,1))+VLOOKUP(N1419*12,'Tax table'!$A$3:$C$10,2)))/12","v":{"v":24566.402625000002,"d":"24,566"}},{"v":20952.675,"d":"20,953"},{"$f":"(VLOOKUP(P1419*12,'Tax table'!$A$3:$C$10,3)*(P1419*12-VLOOKUP(P1419*12,'Tax table'!$A$3:$C$10,1))+VLOOKUP(P1419*12,'Tax table'!$A$3:$C$10,2))/12","v":{"v":2957.022166666666,"d":"2,957"}},{"v":20323.727833333334,"d":"20,324"},{"v":17275.168658333332,"d":"17,275"},{"v":0.7032030257760757,"d":"70.3%"},{"v":51825.50597499999,"d":"51,826"},{"$f":"IF($B$15=\"Yes\",MIN(S1419*2,References!$B$7),0)","v":{"v":34550.337316666664,"d":"34,550"}},{"$f":"IF(AND(D1419<>0,$B$16=\"Yes\"),References!$B$6,0)","v":{"v":100000,"d":"100,000"}},{"v":3048.559175000002,"d":"3,049"},{"v":17460.5625,"d":"17,461"},{"v":2328.0750000000003,"d":"2,328"},{"v":19788.6375,"d":"19,789"},{"v":26772.8625,"d":"26,773"},{"$f":"(M1419*12-(VLOOKUP(AB1419*12,'Tax table'!$A$3:$C$10,3)*(AB1419*12-VLOOKUP(AB1419*12,'Tax table'!$A$3:$C$10,1))+VLOOKUP(AB1419*12,'Tax table'!$A$3:$C$10,2)))/12","v":{"v":24566.402625000002,"d":"24,566"}},{"v":19788.6375,"d":"19,789"},{"v":0.8055162899537472,"d":"80.6%"}]
["Member 885","1981-12-12","M",{"v":279373,"d":"279,373"},{"v":0.8,"d":"80%"},{"v":0.85,"d":"85%"},{"v":0.75,"d":"75%"},{"v":0.1,"d":"10%"},null,36,{"v":23281.083333333332,"d":"23,281"},{"v":2328.108333333333,"d":"2,328"},{"v":29101.354166666664,"d":"29,101"},{"v":26773.24583333333,"d":"26,773"},{"$f":"(M1425*12-(VLOOKUP(N1425*12,'Tax table'!$A$3:$C$10,3)*(N1425*12-VLOOKUP(N1425*12,'Tax table'!$A$3:$C$10,1))+VLOOKUP(N1425*12,'Tax table'!$A$3:$C$10,2)))/12","v":{"v":24566.700458333333,"d":"24,567"}},{"v":20952.975,"d":"20,953"},{"$f":"(VLOOKUP(P1425*12,'Tax table'!$A$3:$C$10,3)*(P1425*12-VLOOKUP(P1425*12,'Tax table'!$A$3:$C$10,1))+VLOOKUP(P1425*12,'Tax table'!$A$3:$C$10,2))/12","v":{"v":2957.1001666666666,"d":"2,957"}},{"v":20323.983166666665,"d":"20,324"},{"v":17275.385691666666,"d":"17,275"},{"v":0.7032033349764167,"d":"70.3%"},{"v":51826.157074999996,"d":"51,826"},{"$f":"IF($B$15=\"Yes\",MIN(S1425*2,References!$B$7),0)","v":{"v":34550.77138333333,"d":"34,551"}},{"$f":"IF(AND(D1425<>0,$B$16=\"Yes\"),References!$B$6,0)","v":{"v":100000,"d":"100,000"}},{"v":3048.5974749999987,"d":"3,049"},{"v":17460.8125,"d":"17,461"},{"v":2328.108333333333,"d":"2,328"},{"v":19788.920833333334,"d":"19,789"},{"v":26773.24583333333,"d":"26,773"},{"$f":"(M1425*12-(VLOOKUP(AB1425*12,'Tax table'!$A$3:$C$10,3)*(AB1425*12-VLOOKUP(AB1425*12,'Tax table'!$A$3:$C$10,1))+VLOOKUP(AB1425*12,'Tax table'!$A$3:$C$10,2)))/12","v":{"v":24566.700458333333,"d":"24,567"}},{"v":19788.920833333334,"d":"19,789"},{"v":0.8055180575387642,"d":"80.6%"}]
["Member 879","1978-10-12","F",{"v":285944,"d":"285,944"},{"v":0.8,"d":"80%"},{"v":0.85,"d":"85%"},{"v":0.75,"d":"75%"},{"v":0.1,"d":"10%"},null,40,{"v":23828.666666666668,"d":"23,829"},{"v":2382.866666666667,"d":"2,383"},{"v":29785.833333333332,"d":"29,786"},{"v":27402.966666666667,"d":"27,403"},{"$f":"(M1431*12-(VLOOKUP(N1431*12,'Tax table'!$A$3:$C$10,3)*(N1431*12-VLOOKUP(N1431*12,'Tax table'!$A$3:$C$10,1))+VLOOKUP(N1431*12,'Tax table'!$A$3:$C$10,2)))/12","v":{"v":25055.966166666665,"d":"25,056"}},{"v":21445.800000000003,"d":"21,446"},{"$f":"(VLOOKUP(P1431*12,'Tax table'!$A$3:$C$10,3)*(P1431*12-VLOOKUP(P1431*12,'Tax table'!$A$3:$C$10,1))+VLOOKUP(P1431*12,'Tax table'!$A$3:$C$10,2))/12","v":{"v":3085.234666666667,"d":"3,085"}},{"v":20743.432,"d":"20,743"},{"v":17631.9172,"d":"17,632"},{"v":0.7037013493200159,"d":"70.4%"},{"v":52895.7516,"d":"52,896"},{"$f":"IF($B$15=\"Yes\",MIN(S1431*2,References!$B$7),0)","v":{"v":35263.8344,"d":"35,264"}},{"$f":"IF(AND(D1431<>0,$B$16=\"Yes\"),References!$B$6,0)","v":{"v":100000,"d":"100,000"}},{"v":3111.514800000001,"d":"3,112"},{"v":17871.5,"d":"17,872"},{"v":2382.866666666667,"d":"2,383"},{"v":20254.36666666667,"d":"20,254"},{"v":27402.966666666667,"d":"27,403"},{"$f":"(M1431*12-(VLOOKUP(AB1431*12,'Tax table'!$A$3:$C$10,3)*(AB1431*12-VLOOKUP(AB1431*12,'Tax table'!$A$3:$C$10,1))+VLOOKUP(AB1431*12,'Tax table'!$A$3:$C$10,2)))/12","v":{"v":25055.966166666665,"d":"25,056"}},{"v":20254.36666666667,"d":"20,254"},{"v":0.8083650230024724,"d":"80.8%"}]
["Member 858","1959-10-08","M",{"v":296509,"d":"296,509"},{"v":0.8,"d":"80%"},{"v":0.85,"d":"85%"},{"v":0.75,"d":"75%"},{"v":0.1,"d":"10%"},null,59,{"v":24709.083333333332,"d":"24,709"},{"v":2470.9083333333333,"d":"2,471"},{"v":30886.354166666664,"d":"30,886"},{"v":28415.44583333333,"d":"28,415"},{"$f":"(M1452*12-(VLOOKUP(N1452*12,'Tax table'!$A$3:$C$10,3)*(N1452*12-VLOOKUP(N1452*12,'Tax table'!$A$3:$C$10,1))+VLOOKUP(N1452*12,'Tax table'!$A$3:$C$10,2)))/12","v":{"v":25842.618458333334,"d":"25,843"}},{"v":22238.175,"d":"22,238"},{"$f":"(VLOOKUP(P1452*12,'Tax table'!$A$3:$C$10,3)*(P1452*12-VLOOKUP(P1452*12,'Tax table'!$A$3:$C$10,1))+VLOOKUP(P1452*12,'Tax table'!$A$3:$C$10,2))/12","v":{"v":3291.2521666666667,"d":"3,291"}},{"v":21417.831166666667,"d":"21,418"},{"v":18205.156491666665,"d":"18,205"},{"v":0.7044625342830205,"d":"70.4%"},{"v":54615.46947499999,"d":"54,615"},{"$f":"IF($B$15=\"Yes\",MIN(S1452*2,References!$B$7),0)","v":{"v":36410.31298333333,"d":"36,410"}},{"$f":"IF(AND(D1452<>0,$B$16=\"Yes\"),References!$B$6,0)","v":{"v":100000,"d":"100,000"}},{"v":3212.674675000002,"d":"3,213"},{"v":18531.8125,"d":"18,532"},{"v":2470.9083333333333,"d":"2,471"},{"v":21002.720833333333,"d":"21,003"},{"v":28415.44583333333,"d":"28,415"},{"$f":"(M1452*12-(VLOOKUP(AB1452*12,'Tax table'!$A$3:$C$10,3)*(AB1452*12-VLOOKUP(AB1452*12,'Tax table'!$A$3:$C$10,1))+VLOOKUP(AB1452*12,'Tax table'!$A$3:$C$10,2)))/12","v":{"v":25842.618458333334,"d":"25,843"}},{"v":21002.720833333333,"d":"21,003"},{"v":0.8127164384366281,"d":"81.3%"}]
["Member 852","1978-12-04","F",{"v":300313,"d":"300,313"},{"v":0.8,"d":"80%"},{"v":0.85,"d":"85%"},{"v":0.75,"d":"75%"},{"v":0.1,"d":"10%"},null,39,{"v":25026.083333333332,"d":"25,026"},{"v":2502.6083333333336,"d":"2,503"},{"v":31282.604166666664,"d":"31,283"},{"v":28779.99583333333,"d":"28,780"},{"$f":"(M1458*12-(VLOOKUP(N1458*12,'Tax table'!$A$3:$C$10,3)*(N1458*12-VLOOKUP(N1458*12,'Tax table'!$A$3:$C$10,1))+VLOOKUP(N1458*12,'Tax table'!$A$3:$C$10,2)))/12","v":{"v":26125.857958333334,"d":"26,126"}},{"v":22523.475,"d":"22,523"},{"$f":"(VLOOKUP(P1458*12,'Tax table'!$A$3:$C$10,3)*(P1458*12-VLOOKUP(P1458*12,'Tax table'!$A$3:$C$10,1))+VLOOKUP(P1458*12,'Tax table'!$A$3:$C$10,2))/12","v":{"v":3365.4301666666656,"d":"3,365"}},{"v":21660.653166666667,"d":"21,661"},{"v":18411.555191666666,"d":"18,412"},{"v":0.7047253805417691,"d":"70.5%"},{"v":55234.665575,"d":"55,235"},{"$f":"IF($B$15=\"Yes\",MIN(S1458*2,References!$B$7),0)","v":{"v":36823.11038333333,"d":"36,823"}},{"$f":"IF(AND(D1458<>0,$B$16=\"Yes\"),References!$B$6,0)","v":{"v":100000,"d":"100,000"}},{"v":3249.0979750000006,"d":"3,249"},{"v":18769.5625,"d":"18,770"},{"v":2502.6083333333336,"d":"2,503"},{"v":21272.170833333334,"d":"21,272"},{"v":28779.99583333333,"d":"28,780"},{"$f":"(M1458*12-(VLOOKUP(AB1458*12,'Tax table'!$A$3:$C$10,3)*(AB1458*12-VLOOKUP(AB1458*12,'Tax table'!$A$3:$C$10,1))+VLOOKUP(AB1458*12,'Tax table'!$A$3:$C$10,2)))/12","v":{"v":26125.857958333334,"d":"26,126"}},{"v":21272.170833333334,"d":"21,272"},{"v":0.8142190341560888,"d":"81.4%"}]
["Member 843","1986-01-15","M",{"v":304063,"d":"304,063"},{"v":0.8,"d":"80%"},{"v":0.85,"d":"85%"},{"v":0.75,"d":"75%"},{"v":0.1,"d":"10%"},null,32,{"v":25338.583333333332,"d":"25,339"},{"v":2533.8583333333336,"d":"2,534"},{"v":31673.229166666664,"d":"31,673"},{"v":29139.37083333333,"d":"29,139"},{"$f":"(M1468*12-(VLOOKUP(N1468*12,'Tax table'!$A$3:$C$10,3)*(N1468*12-VLOOKUP(N1468*12,'Tax table'!$A$3:$C$10,1))+VLOOKUP(N1468*12,'Tax table'!$A$3:$C$10,2)))/12","v":{"v":26405.076708333334,"d":"26,405"}},{"v":22804.725,"d":"22,805"},{"$f":"(VLOOKUP(P1468*12,'Tax table'!$A$3:$C$10,3)*(P1468*12-VLOOKUP(P1468*12,'Tax table'!$A$3:$C$10,1))+VLOOKUP(P1468*12,'Tax table'!$A$3:$C$10,2))/12","v":{"v":3438.5551666666656,"d":"3,439"}},{"v":21900.028166666667,"d":"21,900"},{"v":18615.023941666666,"d":"18,615"},{"v":0.7049789760993893,"d":"70.5%"},{"v":55845.071825,"d":"55,845"},{"$f":"IF($B$15=\"Yes\",MIN(S1468*2,References!$B$7),0)","v":{"v":37230.04788333333,"d":"37,230"}},{"$f":"IF(AND(D1468<>0,$B$16=\"Yes\"),References!$B$6,0)","v":{"v":100000,"d":"100,000"}},{"v":3285.0042250000006,"d":"3,285"},{"v":19003.9375,"d":"19,004"},{"v":2533.8583333333336,"d":"2,534"},{"v":21537.795833333334,"d":"21,538"},{"v":29139.37083333333,"d":"29,139"},{"$f":"(M1468*12-(VLOOKUP(AB1468*12,'Tax table'!$A$3:$C$10,3)*(AB1468*12-VLOOKUP(AB1468*12,'Tax table'!$A$3:$C$10,1))+VLOOKUP(AB1468*12,'Tax table'!$A$3:$C$10,2)))/12","v":{"v":26405.076708333334,"d":"26,405"}},{"v":21537.795833333334,"d":"21,538"},{"v":0.8156687470078848,"d":"81.6%"}]
["Member 833","1972-04-17","F",{"v":304493,"d":"304,493"},{"v":0.8,"d":"80%"},{"v":0.85,"d":"85%"},{"v":0.75,"d":"75%"},{"v":0.1,"d":"10%"},null,46,{"v":25374.416666666668,"d":"25,374"},{"v":2537.441666666667,"d":"2,537"},{"v":31718.020833333332,"d":"31,718"},{"v":29180.579166666666,"d":"29,181"},{"$f":"(M1483*12-(VLOOKUP(N1483*12,'Tax table'!$A$3:$C$10,3)*(N1483*12-VLOOKUP(N1483*12,'Tax table'!$A$3:$C$10,1))+VLOOKUP(N1483*12,'Tax table'!$A$3:$C$10,2)))/12","v":{"v":26437.093791666663,"d":"26,437"}},{"v":22836.975000000002,"d":"22,837"},{"$f":"(VLOOKUP(P1483*12,'Tax table'!$A$3:$C$10,3)*(P1483*12-VLOOKUP(P1483*12,'Tax table'!$A$3:$C$10,1))+VLOOKUP(P1483*12,'Tax table'!$A$3:$C$10,2))/12","v":{"v":3446.940166666667,"d":"3,447"}},{"v":21927.4765,"d":"21,927"},{"v":18638.355025,"d":"18,638"},{"v":0.7050077127189778,"d":"70.5%"},{"v":55915.065075000006,"d":"55,915"},{"$f":"IF($B$15=\"Yes\",MIN(S1483*2,References!$B$7),0)","v":{"v":37276.71005,"d":"37,277"}},{"$f":"IF(AND(D1483<>0,$B$16=\"Yes\"),References!$B$6,0)","v":{"v":100000,"d":"100,000"}},{"v":3289.121475,"d":"3,289"},{"v":19030.8125,"d":"19,031"},{"v":2537.441666666667,"d":"2,537"},{"v":21568.254166666666,"d":"21,568"},{"v":29180.579166666666,"d":"29,181"},{"$f":"(M1483*12-(VLOOKUP(AB1483*12,'Tax table'!$A$3:$C$10,3)*(AB1483*12-VLOOKUP(AB1483*12,'Tax table'!$A$3:$C$10,1))+VLOOKUP(AB1483*12,'Tax table'!$A$3:$C$10,2)))/12","v":{"v":26437.093791666663,"d":"26,437"}},{"v":21568.254166666666,"d":"21,568"},{"v":0.8158330237291542,"d":"81.6%"}]
["Member 803","1982-02-14","M",{"v":306259,"d":"306,259"},{"v":0.8,"d":"80%"},{"v":0.85,"d":"85%"},{"v":0.75,"d":"75%"},{"v":0.1,"d":"10%"},null,36,{"v":25521.583333333332,"d":"25,522"},{"v":2552.1583333333333,"d":"2,552"},{"v":31901.979166666664,"d":"31,902"},{"v":29349.82083333333,"d":"29,350"},{"$f":"(M1492*12-(VLOOKUP(N1492*12,'Tax table'!$A$3:$C$10,3)*(N1492*12-VLOOKUP(N1492*12,'Tax table'!$A$3:$C$10,1))+VLOOKUP(N1492*12,'Tax table'!$A$3:$C$10,2)))/12","v":{"v":26568.587208333334,"d":"26,569"}},{"v":22969.425,"d":"22,969"},{"$f":"(VLOOKUP(P1492*12,'Tax table'!$A$3:$C$10,3)*(P1492*12-VLOOKUP(P1492*12,'Tax table'!$A$3:$C$10,1))+VLOOKUP(P1492*12,'Tax table'!$A$3:$C$10,2))/12","v":{"v":3481.3771666666667,"d":"3,481"}},{"v":22040.206166666667,"d":"22,040"},{"v":18734.175241666668,"d":"18,734"},{"v":0.7051250070154511,"d":"70.5%"},{"v":56202.525725,"d":"56,203"},{"$f":"IF($B$15=\"Yes\",MIN(S1492*2,References!$B$7),0)","v":{"v":37468.350483333335,"d":"37,468"}},{"$f":"IF(AND(D1492<>0,$B$16=\"Yes\"),References!$B$6,0)","v":{"v":100000,"d":"100,000"}},{"v":3306.030924999999,"d":"3,306"},{"v":19141.1875,"d":"19,141"},{"v":2552.1583333333333,"d":"2,552"},{"v":21693.345833333333,"d":"21,693"},{"v":29349.82083333333,"d":"29,350"},{"$f":"(M1492*12-(VLOOKUP(AB1492*12,'Tax table'!$A$3:$C$10,3)*(AB1492*12-VLOOKUP(AB1492*12,'Tax table'!$A$3:$C$10,1))+VLOOKUP(AB1492*12,'Tax table'!$A$3:$C$10,2)))/12","v":{"v":26568.587208333334,"d":"26,569"}},{"v":21693.345833333333,"d":"21,693"},{"v":0.816503552229873,"d":"81.7%"}]
["Member 813","1970-01-10","F",{"v":306259,"d":"306,259"},{"v":0.8,"d":"80%"},{"v":0.85,"d":"85%"},{"v":0.75,"d":"75%"},{"v":0.1,"d":"10%"},null,48,{"v":25521.583333333332,"d":"25,522"},{"v":2552.1583333333333,"d":"2,552"},{"v":31901.979166666664,"d":"31,902"},{"v":29349.82083333333,"d":"29,350"},{"$f":"(M1502*12-(VLOOKUP(N1502*12,'Tax table'!$A$3:$C$10,3)*(N1502*12-VLOOKUP(N1502*12,'Tax table'!$A$3:$C$10,1))+VLOOKUP(N1502*12,'Tax table'!$A$3:$C$10,2)))/12","v":{"v":26568.587208333334,"d":"26,569"}},{"v":22969.425,"d":"22,969"},{"$f":"(VLOOKUP(P1502*12,'Tax table'!$A$3:$C$10,3)*(P1502*12-VLOOKUP(P1502*12,'Tax table'!$A$3:$C$10,1))+VLOOKUP(P1502*12,'Tax table'!$A$3:$C$10,2))/12","v":{"v":3481.3771666666667,"d":"3,481"}},{"v":22040.206166666667,"d":"22,040"},{"v":18734.175241666668,"d":"18,734"},{"v":0.7051250070154511,"d":"70.5%"},{"v":56202.525725,"d":"56,203"},{"$f":"IF($B$15=\"Yes\",MIN(S1502*2,References!$B$7),0)","v":{"v":37468.350483333335,"d":"37,468"}},{"$f":"IF(AND(D1502<>0,$B$16=\"Yes\"),References!$B$6,0)","v":{"v":100000,"d":"100,000"}},{"v":3306.030924999999,"d":"3,306"},{"v":19141.1875,"d":"19,141"},{"v":2552.1583333333333,"d":"2,552"},{"v":21693.345833333333,"d":"21,693"},{"v":29349.82083333333,"d":"29,350"},{"$f":"(M1502*12-(VLOOKUP(AB1502*12,'Tax table'!$A$3:$C$10,3)*(AB1502*12-VLOOKUP(AB1502*12,'Tax table'!$A$3:$C$10,1))+VLOOKUP(AB1502*12,'Tax table'!$A$3:$C$10,2)))/12","v":{"v":26568.587208333334,"d":"26,569"}},{"v":21693.345833333333,"d":"21,693"},{"v":0.816503552229873,"d":"81.7%"}]
["Member 792","1983-02-27","F",{"v":310905,"d":"310,905"},{"v":0.8,"d":"80%"},{"v":0.85,"d":"85%"},{"v":0.75,"d":"75%"},{"v":0.1,"d":"10%"},null,35,{"v":25908.75,"d":"25,909"},{"v":2590.875,"d":"2,591"},{"v":32385.9375,"d":"32,386"},{"v":29795.0625,"d":"29,795"},{"$f":"(M1519*12-(VLOOKUP(N1519*12,'Tax table'!$A$3:$C$10,3)*(N1519*12-VLOOKUP(N1519*12,'Tax table'!$A$3:$C$10,1))+VLOOKUP(N1519*12,'Tax table'!$A$3:$C$10,2)))/12","v":{"v":26914.520625,"d":"26,915"}},{"v":23317.875,"d":"23,318"},{"$f":"(VLOOKUP(P1519*12,'Tax table'!$A$3:$C$10,3)*(P1519*12-VLOOKUP(P1519*12,'Tax table'!$A$3:$C$10,1))+VLOOKUP(P1519*12,'Tax table'!$A$3:$C$10,2))/12","v":{"v":3571.974166666667,"d":"3,572"}},{"v":22336.775833333333,"d":"22,337"},{"v":18986.259458333334,"d":"18,986"},{"v":0.7054281115710317,"d":"70.5%"},{"v":56958.778375,"d":"56,959"},{"$f":"IF($B$15=\"Yes\",MIN(S1519*2,References!$B$7),0)","v":{"v":37972.51891666667,"d":"37,973"}},{"$f":"IF(AND(D1519<>0,$B$16=\"Yes\"),References!$B$6,0)","v":{"v":100000,"d":"100,000"}},{"v":3350.5163749999992,"d":"3,351"},{"v":19431.5625,"d":"19,432"},{"v":2590.875,"d":"2,591"},{"v":22022.4375,"d":"22,022"},{"v":29795.0625,"d":"29,795"},{"$f":"(M1519*12-(VLOOKUP(AB1519*12,'Tax table'!$A$3:$C$10,3)*(AB1519*12-VLOOKUP(AB1519*12,'Tax table'!$A$3:$C$10,1))+VLOOKUP(AB1519*12,'Tax table'!$A$3:$C$10,2)))/12","v":{"v":26914.520625,"d":"26,915"}},{"v":22022.4375,"d":"22,022"},{"v":0.8182362898763313,"d":"81.8%"}]
["Member 761","1990-01-03","M",{"v":312317,"d":"312,317"},{"v":0.8,"d":"80%"},{"v":0.85,"d":"85%"},{"v":0.75,"d":"75%"},{"v":0.1,"d":"10%"},null,28,{"v":26026.416666666668,"d":"26,026"},{"v":2602.641666666667,"d":"2,603"},{"v":32533.020833333332,"d":"32,533"},{"v":29930.379166666666,"d":"29,930"},{"$f":"(M1525*12-(VLOOKUP(N1525*12,'Tax table'!$A$3:$C$10,3)*(N1525*12-VLOOKUP(N1525*12,'Tax table'!$A$3:$C$10,1))+VLOOKUP(N1525*12,'Tax table'!$A$3:$C$10,2)))/12","v":{"v":27019.655791666668,"d":"27,020"}},{"v":23423.775,"d":"23,424"},{"$f":"(VLOOKUP(P1525*12,'Tax table'!$A$3:$C$10,3)*(P1525*12-VLOOKUP(P1525*12,'Tax table'!$A$3:$C$10,1))+VLOOKUP(P1525*12,'Tax table'!$A$3:$C$10,2))/12","v":{"v":3599.508166666668,"d":"3,600"}},{"v":22426.9085,"d":"22,427"},{"v":19062.872225,"d":"19,063"},{"v":0.7055186924653318,"d":"70.6%"},{"v":57188.616675,"d":"57,189"},{"$f":"IF($B$15=\"Yes\",MIN(S1525*2,References!$B$7),0)","v":{"v":38125.74445,"d":"38,126"}},{"$f":"IF(AND(D1525<>0,$B$16=\"Yes\"),References!$B$6,0)","v":{"v":100000,"d":"100,000"}},{"v":3364.036275000002,"d":"3,364"},{"v":19519.8125,"d":"19,520"},{"v":2602.641666666667,"d":"2,603"},{"v":22122.454166666666,"d":"22,122"},{"v":29930.379166666666,"d":"29,930"},{"$f":"(M1525*12-(VLOOKUP(AB1525*12,'Tax table'!$A$3:$C$10,3)*(AB1525*12-VLOOKUP(AB1525*12,'Tax table'!$A$3:$C$10,1))+VLOOKUP(AB1525*12,'Tax table'!$A$3:$C$10,2)))/12","v":{"v":27019.655791666668,"d":"27,020"}},{"v":22122.454166666666,"d":"22,122"},{"v":0.8187541076481669,"d":"81.9%"}]
["Member 771","1983-06-14","F",{"v":312317,"d":"312,317"},{"v":0.8,"d":"80%"},{"v":0.85,"d":"85%"},{"v":0.75,"d":"75%"},{"v":0.1,"d":"10%"},null,35,{"v":26026.416666666668,"d":"26,026"},{"v":2602.641666666667,"d":"2,603"},{"v":32533.020833333332,"d":"32,533"},{"v":29930.379166666666,"d":"29,930"},{"$f":"(M1535*12-(VLOOKUP(N1535*12,'Tax table'!$A$3:$C$10,3)*(N1535*12-VLOOKUP(N1535*12,'Tax table'!$A$3:$C$10,1))+VLOOKUP(N1535*12,'Tax table'!$A$3:$C$10,2)))/12","v":{"v":27019.655791666668,"d":"27,020"}},{"v":23423.775,"d":"23,424"},{"$f":"(VLOOKUP(P1535*12,'Tax table'!$A$3:$C$10,3)*(P1535*12-VLOOKUP(P1535*12,'Tax table'!$A$3:$C$10,1))+VLOOKUP(P1535*12,'Tax table'!$A$3:$C$10,2))/12","v":{"v":3599.508166666668,"d":"3,600"}},{"v":22426.9085,"d":"22,427"},{"v":19062.872225,"d":"19,063"},{"v":0.7055186924653318,"d":"70.6%"},{"v":57188.616675,"d":"57,189"},{"$f":"IF($B$15=\"Yes\",MIN(S1535*2,References!$B$7),0)","v":{"v":38125.74445,"d":"38,126"}},{"$f":"IF(AND(D1535<>0,$B$16=\"Yes\"),References!$B$6,0)","v":{"v":100000,"d":"100,000"}},{"v":3364.036275000002,"d":"3,364"},{"v":19519.8125,"d":"19,520"},{"v":2602.641666666667,"d":"2,603"},{"v":22122.454166666666,"d":"22,122"},{"v":29930.379166666666,"d":"29,930"},{"$f":"(M1535*12-(VLOOKUP(AB1535*12,'Tax table'!$A$3:$C$10,3)*(AB1535*12-VLOOKUP(AB1535*12,'Tax table'!$A$3:$C$10,1))+VLOOKUP(AB1535*12,'Tax table'!$A$3:$C$10,2)))/12","v":{"v":27019.655791666668,"d":"27,020"}},{"v":22122.454166666666,"d":"22,122"},{"v":0.8187541076481669,"d":"81.9%"}]
["Member 743","1983-04-27","F",{"v":312324,"d":"312,324"},{"v":0.8,"d":"80%"},{"v":0.85,"d":"85%"},{"v":0.75,"d":"75%"},{"v":0.1,"d":"10%"},null,35,{"v":26027,"d":"26,027"},{"v":2602.7000000000003,"d":"2,603"},{"v":32533.75,"d":"32,534"},{"v":29931.05,"d":"29,931"},{"$f":"(M1552*12-(VLOOKUP(N1552*12,'Tax table'!$A$3:$C$10,3)*(N1552*12-VLOOKUP(N1552*12,'Tax table'!$A$3:$C$10,1))+VLOOKUP(N1552*12,'Tax table'!$A$3:$C$10,2)))/12","v":{"v":27020.177,"d":"27,020"}},{"v":23424.3,"d":"23,424"},{"$f":"(VLOOKUP(P1552*12,'Tax table'!$A$3:$C$10,3)*(P1552*12-VLOOKUP(P1552*12,'Tax table'!$A$3:$C$10,1))+VLOOKUP(P1552*12,'Tax table'!$A$3:$C$10,2))/12","v":{"v":3599.6446666666657,"d":"3,600"}},{"v":22427.355333333333,"d":"22,427"},{"v":19063.252033333334,"d":"19,063"},{"v":0.7055191397648259,"d":"70.6%"},{"v":57189.7561,"d":"57,190"},{"$f":"IF($B$15=\"Yes\",MIN(S1552*2,References!$B$7),0)","v":{"v":38126.50406666667,"d":"38,127"}},{"$f":"IF(AND(D1552<>0,$B$16=\"Yes\"),References!$B$6,0)","v":{"v":100000,"d":"100,000"}},{"v":3364.103299999999,"d":"3,364"},{"v":19520.25,"d":"19,520"},{"v":2602.7000000000003,"d":"2,603"},{"v":22122.95,"d":"22,123"},{"v":29931.05,"d":"29,931"},{"$f":"(M1552*12-(VLOOKUP(AB1552*12,'Tax table'!$A$3:$C$10,3)*(AB1552*12-VLOOKUP(AB1552*12,'Tax table'!$A$3:$C$10,1))+VLOOKUP(AB1552*12,'Tax table'!$A$3:$C$10,2)))/12","v":{"v":27020.177,"d":"27,020"}},{"v":22122.95,"d":"22,123"},{"v":0.8187566646954237,"d":"81.9%"}]
["Member 753","1980-10-11","F",{"v":312324,"d":"312,324"},{"v":0.8,"d":"80%"},{"v":0.85,"d":"85%"},{"v":0.75,"d":"75%"},{"v":0.1,"d":"10%"},null,38,{"v":26027,"d":"26,027"},{"v":2602.7000000000003,"d":"2,603"},{"v":32533.75,"d":"32,534"},{"v":29931.05,"d":"29,931"},{"$f":"(M1562*12-(VLOOKUP(N1562*12,'Tax table'!$A$3:$C$10,3)*(N1562*12-VLOOKUP(N1562*12,'Tax table'!$A$3:$C$10,1))+VLOOKUP(N1562*12,'Tax table'!$A$3:$C$10,2)))/12","v":{"v":27020.177,"d":"27,020"}},{"v":23424.3,"d":"23,424"},{"$f":"(VLOOKUP(P1562*12,'Tax table'!$A$3:$C$10,3)*(P1562*12-VLOOKUP(P1562*12,'Tax table'!$A$3:$C$10,1))+VLOOKUP(P1562*12,'Tax table'!$A$3:$C$10,2))/12","v":{"v":3599.6446666666657,"d":"3,600"}},{"v":22427.355333333333,"d":"22,427"},{"v":19063.252033333334,"d":"19,063"},{"v":0.7055191397648259,"d":"70.6%"},{"v":57189.7561,"d":"57,190"},{"$f":"IF($B$15=\"Yes\",MIN(S1562*2,References!$B$7),0)","v":{"v":38126.50406666667,"d":"38,127"}},{"$f":"IF(AND(D1562<>0,$B$16=\"Yes\"),References!$B$6,0)","v":{"v":100000,"d":"100,000"}},{"v":3364.103299999999,"d":"3,364"},{"v":19520.25,"d":"19,520"},{"v":2602.7000000000003,"d":"2,603"},{"v":22122.95,"d":"22,123"},{"v":29931.05,"d":"29,931"},{"$f":"(M1562*12-(VLOOKUP(AB1562*12,'Tax table'!$A$3:$C$10,3)*(AB1562*12-VLOOKUP(AB1562*12,'Tax table'!$A$3:$C$10,1))+VLOOKUP(AB1562*12,'Tax table'!$A$3:$C$10,2)))/12","v":{"v":27020.177,"d":"27,020"}},{"v":22122.95,"d":"22,123"},{"v":0.8187566646954237,"d":"81.9%"}]
["Member 742","1987-02-28","M",{"v":314987,"d":"314,987"},{"v":0.8,"d":"80%"},{"v":0.85,"d":"85%"},{"v":0.75,"d":"75%"},{"v":0.1,"d":"10%"},null,31,{"v":26248.916666666668,"d":"26,249"},{"v":2624.891666666667,"d":"2,625"},{"v":32811.145833333336,"d":"32,811"},{"v":30186.25416666667,"d":"30,186"},{"$f":"(M1568*12-(VLOOKUP(N1568*12,'Tax table'!$A$3:$C$10,3)*(N1568*12-VLOOKUP(N1568*12,'Tax table'!$A$3:$C$10,1))+VLOOKUP(N1568*12,'Tax table'!$A$3:$C$10,2)))/12","v":{"v":27218.459541666667,"d":"27,218"}},{"v":23624.025,"d":"23,624"},{"$f":"(VLOOKUP(P1568*12,'Tax table'!$A$3:$C$10,3)*(P1568*12-VLOOKUP(P1568*12,'Tax table'!$A$3:$C$10,1))+VLOOKUP(P1568*12,'Tax table'!$A$3:$C$10,2))/12","v":{"v":3651.5731666666675,"d":"3,652"}},{"v":22597.3435,"d":"22,597"},{"v":19207.741974999997,"d":"19,208"},{"v":0.7056880623826756,"d":"70.6%"},{"v":57623.22592499999,"d":"57,623"},{"$f":"IF($B$15=\"Yes\",MIN(S1568*2,References!$B$7),0)","v":{"v":38415.483949999994,"d":"38,415"}},{"$f":"IF(AND(D1568<>0,$B$16=\"Yes\"),References!$B$6,0)","v":{"v":100000,"d":"100,000"}},{"v":3389.601525000002,"d":"3,390"},{"v":19686.6875,"d":"19,687"},{"v":2624.891666666667,"d":"2,625"},{"v":22311.579166666666,"d":"22,312"},{"v":30186.25416666667,"d":"30,186"},{"$f":"(M1568*12-(VLOOKUP(AB1568*12,'Tax table'!$A$3:$C$10,3)*(AB1568*12-VLOOKUP(AB1568*12,'Tax table'!$A$3:$C$10,1))+VLOOKUP(AB1568*12,'Tax table'!$A$3:$C$10,2)))/12","v":{"v":27218.459541666667,"d":"27,218"}},{"v":22311.579166666666,"d":"22,312"},{"v":0.8197223333859717,"d":"82.0%"}]
["Member 736","1985-05-03","F",{"v":316685,"d":"316,685"},{"v":0.8,"d":"80%"},{"v":0.85,"d":"85%"},{"v":0.75,"d":"75%"},{"v":0.1,"d":"10%"},null,33,{"v":26390.416666666668,"d":"26,390"},{"v":2639.041666666667,"d":"2,639"},{"v":32988.020833333336,"d":"32,988"},{"v":30348.979166666668,"d":"30,349"},{"$f":"(M1585*12-(VLOOKUP(N1585*12,'Tax table'!$A$3:$C$10,3)*(N1585*12-VLOOKUP(N1585*12,'Tax table'!$A$3:$C$10,1))+VLOOKUP(N1585*12,'Tax table'!$A$3:$C$10,2)))/12","v":{"v":27344.889791666665,"d":"27,345"}},{"v":23751.375,"d":"23,751"},{"$f":"(VLOOKUP(P1585*12,'Tax table'!$A$3:$C$10,3)*(P1585*12-VLOOKUP(P1585*12,'Tax table'!$A$3:$C$10,1))+VLOOKUP(P1585*12,'Tax table'!$A$3:$C$10,2))/12","v":{"v":3684.6841666666674,"d":"3,685"}},{"v":22705.732500000002,"d":"22,706"},{"v":19299.872625,"d":"19,300"},{"v":0.7057944929396506,"d":"70.6%"},{"v":57899.617874999996,"d":"57,900"},{"$f":"IF($B$15=\"Yes\",MIN(S1585*2,References!$B$7),0)","v":{"v":38599.74525,"d":"38,600"}},{"$f":"IF(AND(D1585<>0,$B$16=\"Yes\"),References!$B$6,0)","v":{"v":100000,"d":"100,000"}},{"v":3405.859875000002,"d":"3,406"},{"v":19792.8125,"d":"19,793"},{"v":2639.041666666667,"d":"2,639"},{"v":22431.854166666668,"d":"22,432"},{"v":30348.979166666668,"d":"30,349"},{"$f":"(M1585*12-(VLOOKUP(AB1585*12,'Tax table'!$A$3:$C$10,3)*(AB1585*12-VLOOKUP(AB1585*12,'Tax table'!$A$3:$C$10,1))+VLOOKUP(AB1585*12,'Tax table'!$A$3:$C$10,2)))/12","v":{"v":27344.889791666665,"d":"27,345"}},{"v":22431.854166666668,"d":"22,432"},{"v":0.820330757869895,"d":"82.0%"}]
["Member 714","1983-01-14","F",{"v":319735,"d":"319,735"},{"v":0.8,"d":"80%"},{"v":0.85,"d":"85%"},{"v":0.75,"d":"75%"},{"v":0.1,"d":"10%"},null,35,{"v":26644.583333333332,"d":"26,645"},{"v":2664.4583333333335,"d":"2,664"},{"v":33305.729166666664,"d":"33,306"},{"v":30641.270833333332,"d":"30,641"},{"$f":"(M1595*12-(VLOOKUP(N1595*12,'Tax table'!$A$3:$C$10,3)*(N1595*12-VLOOKUP(N1595*12,'Tax table'!$A$3:$C$10,1))+VLOOKUP(N1595*12,'Tax table'!$A$3:$C$10,2)))/12","v":{"v":27571.987708333338,"d":"27,572"}},{"v":23980.125,"d":"23,980"},{"$f":"(VLOOKUP(P1595*12,'Tax table'!$A$3:$C$10,3)*(P1595*12-VLOOKUP(P1595*12,'Tax table'!$A$3:$C$10,1))+VLOOKUP(P1595*12,'Tax table'!$A$3:$C$10,2))/12","v":{"v":3744.159166666667,"d":"3,744"}},{"v":22900.424166666664,"d":"22,900"},{"v":19465.360541666665,"d":"19,465"},{"v":0.7059832155584296,"d":"70.6%"},{"v":58396.08162499999,"d":"58,396"},{"$f":"IF($B$15=\"Yes\",MIN(S1595*2,References!$B$7),0)","v":{"v":38930.72108333333,"d":"38,931"}},{"$f":"IF(AND(D1595<>0,$B$16=\"Yes\"),References!$B$6,0)","v":{"v":100000,"d":"100,000"}},{"v":3435.063624999999,"d":"3,435"},{"v":19983.4375,"d":"19,983"},{"v":2664.4583333333335,"d":"2,664"},{"v":22647.895833333332,"d":"22,648"},{"v":30641.270833333332,"d":"30,641"},{"$f":"(M1595*12-(VLOOKUP(AB1595*12,'Tax table'!$A$3:$C$10,3)*(AB1595*12-VLOOKUP(AB1595*12,'Tax table'!$A$3:$C$10,1))+VLOOKUP(AB1595*12,'Tax table'!$A$3:$C$10,2)))/12","v":{"v":27571.987708333338,"d":"27,572"}},{"v":22647.895833333332,"d":"22,648"},{"v":0.8214096159084043,"d":"82.1%"}]
["Member 712","1985-05-07","F",{"v":319894,"d":"319,894"},{"v":0.8,"d":"80%"},{"v":0.85,"d":"85%"},{"v":0.75,"d":"75%"},{"v":0.1,"d":"10%"},null,33,{"v":26657.833333333332,"d":"26,658"},{"v":2665.7833333333333,"d":"2,666"},{"v":33322.291666666664,"d":"33,322"},{"v":30656.50833333333,"d":"30,657"},{"$f":"(M1601*12-(VLOOKUP(N1601*12,'Tax table'!$A$3:$C$10,3)*(N1601*12-VLOOKUP(N1601*12,'Tax table'!$A$3:$C$10,1))+VLOOKUP(N1601*12,'Tax table'!$A$3:$C$10,2)))/12","v":{"v":27583.82658333333,"d":"27,584"}},{"v":23992.05,"d":"23,992"},{"$f":"(VLOOKUP(P1601*12,'Tax table'!$A$3:$C$10,3)*(P1601*12-VLOOKUP(P1601*12,'Tax table'!$A$3:$C$10,1))+VLOOKUP(P1601*12,'Tax table'!$A$3:$C$10,2))/12","v":{"v":3747.2596666666664,"d":"3,747"}},{"v":22910.573666666667,"d":"22,911"},{"v":19473.987616666665,"d":"19,474"},{"v":0.7059929686634999,"d":"70.6%"},{"v":58421.962849999996,"d":"58,422"},{"$f":"IF($B$15=\"Yes\",MIN(S1601*2,References!$B$7),0)","v":{"v":38947.97523333333,"d":"38,948"}},{"$f":"IF(AND(D1601<>0,$B$16=\"Yes\"),References!$B$6,0)","v":{"v":100000,"d":"100,000"}},{"v":3436.5860500000017,"d":"3,437"},{"v":19993.375,"d":"19,993"},{"v":2665.7833333333333,"d":"2,666"},{"v":22659.158333333333,"d":"22,659"},{"v":30656.50833333333,"d":"30,657"},{"$f":"(M1601*12-(VLOOKUP(AB1601*12,'Tax table'!$A$3:$C$10,3)*(AB1601*12-VLOOKUP(AB1601*12,'Tax table'!$A$3:$C$10,1))+VLOOKUP(AB1601*12,'Tax table'!$A$3:$C$10,2)))/12","v":{"v":27583.82658333333,"d":"27,584"}},{"v":22659.158333333333,"d":"22,659"},{"v":0.821465370835257,"d":"82.1%"}]
["Member 700","1968-05-14","F",{"v":323738,"d":"323,738"},{"v":0.8,"d":"80%"},{"v":0.85,"d":"85%"},{"v":0.75,"d":"75%"},{"v":0.1,"d":"10%"},null,50,{"v":26978.166666666668,"d":"26,978"},{"v":2697.816666666667,"d":"2,698"},{"v":33722.708333333336,"d":"33,723"},{"v":31024.89166666667,"d":"31,025"},{"$f":"(M1611*12-(VLOOKUP(N1611*12,'Tax table'!$A$3:$C$10,3)*(N1611*12-VLOOKUP(N1611*12,'Tax table'!$A$3:$C$10,1))+VLOOKUP(N1611*12,'Tax table'!$A$3:$C$10,2)))/12","v":{"v":27870.044416666668,"d":"27,870"}},{"v":24280.350000000002,"d":"24,280"},{"$f":"(VLOOKUP(P1611*12,'Tax table'!$A$3:$C$10,3)*(P1611*12-VLOOKUP(P1611*12,'Tax table'!$A$3:$C$10,1))+VLOOKUP(P1611*12,'Tax table'!$A$3:$C$10,2))/12","v":{"v":3822.2176666666674,"d":"3,822"}},{"v":23155.949,"d":"23,156"},{"v":19682.55665,"d":"19,683"},{"v":0.706226239030662,"d":"70.6%"},{"v":59047.669949999996,"d":"59,048"},{"$f":"IF($B$15=\"Yes\",MIN(S1611*2,References!$B$7),0)","v":{"v":39365.1133,"d":"39,365"}},{"$f":"IF(AND(D1611<>0,$B$16=\"Yes\"),References!$B$6,0)","v":{"v":100000,"d":"100,000"}},{"v":3473.392350000002,"d":"3,473"},{"v":20233.625,"d":"20,234"},{"v":2697.816666666667,"d":"2,698"},{"v":22931.441666666666,"d":"22,931"},{"v":31024.89166666667,"d":"31,025"},{"$f":"(M1611*12-(VLOOKUP(AB1611*12,'Tax table'!$A$3:$C$10,3)*(AB1611*12-VLOOKUP(AB1611*12,'Tax table'!$A$3:$C$10,1))+VLOOKUP(AB1611*12,'Tax table'!$A$3:$C$10,2)))/12","v":{"v":27870.044416666668,"d":"27,870"}},{"v":22931.441666666666,"d":"22,931"},{"v":0.822798892023055,"d":"82.3%"}]
["Member 694","1982-08-01","M",{"v":324292,"d":"324,292"},{"v":0.8,"d":"80%"},{"v":0.85,"d":"85%"},{"v":0.75,"d":"75%"},{"v":0.1,"d":"10%"},null,36,{"v":27024.333333333332,"d":"27,024"},{"v":2702.4333333333334,"d":"2,702"},{"v":33780.416666666664,"d":"33,780"},{"v":31077.98333333333,"d":"31,078"},{"$f":"(M1628*12-(VLOOKUP(N1628*12,'Tax table'!$A$3:$C$10,3)*(N1628*12-VLOOKUP(N1628*12,'Tax table'!$A$3:$C$10,1))+VLOOKUP(N1628*12,'Tax table'!$A$3:$C$10,2)))/12","v":{"v":27911.294333333335,"d":"27,911"}},{"v":24321.899999999998,"d":"24,322"},{"$f":"(VLOOKUP(P1628*12,'Tax table'!$A$3:$C$10,3)*(P1628*12-VLOOKUP(P1628*12,'Tax table'!$A$3:$C$10,1))+VLOOKUP(P1628*12,'Tax table'!$A$3:$C$10,2))/12","v":{"v":3833.020666666667,"d":"3,833"}},{"v":23191.312666666665,"d":"23,191"},{"v":19712.615766666666,"d":"19,713"},{"v":0.7062594636868804,"d":"70.6%"},{"v":59137.847299999994,"d":"59,138"},{"$f":"IF($B$15=\"Yes\",MIN(S1628*2,References!$B$7),0)","v":{"v":39425.23153333333,"d":"39,425"}},{"$f":"IF(AND(D1628<>0,$B$16=\"Yes\"),References!$B$6,0)","v":{"v":100000,"d":"100,000"}},{"v":3478.696899999999,"d":"3,479"},{"v":20268.25,"d":"20,268"},{"v":2702.4333333333334,"d":"2,702"},{"v":22970.683333333334,"d":"22,971"},{"v":31077.98333333333,"d":"31,078"},{"$f":"(M1628*12-(VLOOKUP(AB1628*12,'Tax table'!$A$3:$C$10,3)*(AB1628*12-VLOOKUP(AB1628*12,'Tax table'!$A$3:$C$10,1))+VLOOKUP(AB1628*12,'Tax table'!$A$3:$C$10,2)))/12","v":{"v":27911.294333333335,"d":"27,911"}},{"v":22970.683333333334,"d":"22,971"},{"v":0.8229888252047263,"d":"82.3%"}]
["Member 677","1979-02-21","F",{"v":324859,"d":"324,859"},{"v":0.8,"d":"80%"},{"v":0.85,"d":"85%"},{"v":0.75,"d":"75%"},{"v":0.1,"d":"10%"},null,39,{"v":27071.583333333332,"d":"27,072"},{"v":2707.1583333333333,"d":"2,707"},{"v":33839.479166666664,"d":"33,839"},{"v":31132.32083333333,"d":"31,132"},{"$f":"(M1634*12-(VLOOKUP(N1634*12,'Tax table'!$A$3:$C$10,3)*(N1634*12-VLOOKUP(N1634*12,'Tax table'!$A$3:$C$10,1))+VLOOKUP(N1634*12,'Tax table'!$A$3:$C$10,2)))/12","v":{"v":27953.512208333337,"d":"27,954"}},{"v":24364.425,"d":"24,364"},{"$f":"(VLOOKUP(P1634*12,'Tax table'!$A$3:$C$10,3)*(P1634*12-VLOOKUP(P1634*12,'Tax table'!$A$3:$C$10,1))+VLOOKUP(P1634*12,'Tax table'!$A$3:$C$10,2))/12","v":{"v":3844.077166666666,"d":"3,844"}},{"v":23227.506166666666,"d":"23,228"},{"v":19743.380241666666,"d":"19,743"},{"v":0.7062933664479158,"d":"70.6%"},{"v":59230.140725,"d":"59,230"},{"$f":"IF($B$15=\"Yes\",MIN(S1634*2,References!$B$7),0)","v":{"v":39486.76048333333,"d":"39,487"}},{"$f":"IF(AND(D1634<>0,$B$16=\"Yes\"),References!$B$6,0)","v":{"v":100000,"d":"100,000"}},{"v":3484.1259250000003,"d":"3,484"},{"v":20303.6875,"d":"20,304"},{"v":2707.1583333333333,"d":"2,707"},{"v":23010.845833333333,"d":"23,011"},{"v":31132.32083333333,"d":"31,132"},{"$f":"(M1634*12-(VLOOKUP(AB1634*12,'Tax table'!$A$3:$C$10,3)*(AB1634*12-VLOOKUP(AB1634*12,'Tax table'!$A$3:$C$10,1))+VLOOKUP(AB1634*12,'Tax table'!$A$3:$C$10,2)))/12","v":{"v":27953.512208333337,"d":"27,954"}},{"v":23010.845833333333,"d":"23,011"},{"v":0.823182634863088,"d":"82.3%"}]
["Member 665","1974-09-24","F",{"v":326945,"d":"326,945"},{"v":0.8,"d":"80%"},{"v":0.85,"d":"85%"},{"v":0.75,"d":"75%"},{"v":0.1,"d":"10%"},null,44,{"v":27245.416666666668,"d":"27,245"},{"v":2724.541666666667,"d":"2,725"},{"v":34056.770833333336,"d":"34,057"},{"v":31332.229166666668,"d":"31,332"},{"$f":"(M1644*12-(VLOOKUP(N1644*12,'Tax table'!$A$3:$C$10,3)*(N1644*12-VLOOKUP(N1644*12,'Tax table'!$A$3:$C$10,1))+VLOOKUP(N1644*12,'Tax table'!$A$3:$C$10,2)))/12","v":{"v":28108.832291666666,"d":"28,109"}},{"v":24520.875,"d":"24,521"},{"$f":"(VLOOKUP(P1644*12,'Tax table'!$A$3:$C$10,3)*(P1644*12-VLOOKUP(P1644*12,'Tax table'!$A$3:$C$10,1))+VLOOKUP(P1644*12,'Tax table'!$A$3:$C$10,2))/12","v":{"v":3884.754166666667,"d":"3,885"}},{"v":23360.662500000002,"d":"23,361"},{"v":19856.563125,"d":"19,857"},{"v":0.7064172185796139,"d":"70.6%"},{"v":59569.689375,"d":"59,570"},{"$f":"IF($B$15=\"Yes\",MIN(S1644*2,References!$B$7),0)","v":{"v":39713.12625,"d":"39,713"}},{"$f":"IF(AND(D1644<>0,$B$16=\"Yes\"),References!$B$6,0)","v":{"v":100000,"d":"100,000"}},{"v":3504.0993750000016,"d":"3,504"},{"v":20434.0625,"d":"20,434"},{"v":2724.541666666667,"d":"2,725"},{"v":23158.604166666668,"d":"23,159"},{"v":31332.229166666668,"d":"31,332"},{"$f":"(M1644*12-(VLOOKUP(AB1644*12,'Tax table'!$A$3:$C$10,3)*(AB1644*12-VLOOKUP(AB1644*12,'Tax table'!$A$3:$C$10,1))+VLOOKUP(AB1644*12,'Tax table'!$A$3:$C$10,2)))/12","v":{"v":28108.832291666666,"d":"28,109"}},{"v":23158.604166666668,"d":"23,159"},{"v":0.8238906521041226,"d":"82.4%"}]
["Member 649","1969-09-14","F",{"v":330387,"d":"330,387"},{"v":0.8,"d":"80%"},{"v":0.85,"d":"85%"},{"v":0.75,"d":"75%"},{"v":0.1,"d":"10%"},null,49,{"v":27532.25,"d":"27,532"},{"v":2753.2250000000004,"d":"2,753"},{"v":34415.3125,"d":"34,415"},{"v":31662.0875,"d":"31,662"},{"$f":"(M1661*12-(VLOOKUP(N1661*12,'Tax table'!$A$3:$C$10,3)*(N1661*12-VLOOKUP(N1661*12,'Tax table'!$A$3:$C$10,1))+VLOOKUP(N1661*12,'Tax table'!$A$3:$C$10,2)))/12","v":{"v":28365.117874999996,"d":"28,365"}},{"v":24779.025,"d":"24,779"},{"$f":"(VLOOKUP(P1661*12,'Tax table'!$A$3:$C$10,3)*(P1661*12-VLOOKUP(P1661*12,'Tax table'!$A$3:$C$10,1))+VLOOKUP(P1661*12,'Tax table'!$A$3:$C$10,2))/12","v":{"v":3951.873166666668,"d":"3,952"}},{"v":23580.376833333332,"d":"23,580"},{"v":20043.320308333332,"d":"20,043"},{"v":0.7066186150419209,"d":"70.7%"},{"v":60129.96092499999,"d":"60,130"},{"$f":"IF($B$15=\"Yes\",MIN(S1661*2,References!$B$7),0)","v":{"v":40086.640616666664,"d":"40,087"}},{"$f":"IF(AND(D1661<>0,$B$16=\"Yes\"),References!$B$6,0)","v":{"v":100000,"d":"100,000"}},{"v":3537.056525,"d":"3,537"},{"v":20649.1875,"d":"20,649"},{"v":2753.2250000000004,"d":"2,753"},{"v":23402.4125,"d":"23,402"},{"v":31662.0875,"d":"31,662"},{"$f":"(M1661*12-(VLOOKUP(AB1661*12,'Tax table'!$A$3:$C$10,3)*(AB1661*12-VLOOKUP(AB1661*12,'Tax table'!$A$3:$C$10,1))+VLOOKUP(AB1661*12,'Tax table'!$A$3:$C$10,2)))/12","v":{"v":28365.117874999996,"d":"28,365"}},{"v":23402.4125,"d":"23,402"},{"v":0.8250419618606997,"d":"82.5%"}]
["Member 643","1965-11-28","F",{"v":330923,"d":"330,923"},{"v":0.8,"d":"80%"},{"v":0.85,"d":"85%"},{"v":0.75,"d":"75%"},{"v":0.1,"d":"10%"},null,52,{"v":27576.916666666668,"d":"27,577"},{"v":2757.691666666667,"d":"2,758"},{"v":34471.145833333336,"d":"34,471"},{"v":31713.45416666667,"d":"31,713"},{"$f":"(M1667*12-(VLOOKUP(N1667*12,'Tax table'!$A$3:$C$10,3)*(N1667*12-VLOOKUP(N1667*12,'Tax table'!$A$3:$C$10,1))+VLOOKUP(N1667*12,'Tax table'!$A$3:$C$10,2)))/12","v":{"v":28405.027541666666,"d":"28,405"}},{"v":24819.225000000002,"d":"24,819"},{"$f":"(VLOOKUP(P1667*12,'Tax table'!$A$3:$C$10,3)*(P1667*12-VLOOKUP(P1667*12,'Tax table'!$A$3:$C$10,1))+VLOOKUP(P1667*12,'Tax table'!$A$3:$C$10,2))/12","v":{"v":3962.325166666667,"d":"3,962"}},{"v":23614.591500000002,"d":"23,615"},{"v":20072.402775000002,"d":"20,072"},{"v":0.7066496501563417,"d":"70.7%"},{"v":60217.20832500001,"d":"60,217"},{"$f":"IF($B$15=\"Yes\",MIN(S1667*2,References!$B$7),0)","v":{"v":40144.805550000005,"d":"40,145"}},{"$f":"IF(AND(D1667<>0,$B$16=\"Yes\"),References!$B$6,0)","v":{"v":100000,"d":"100,000"}},{"v":3542.188725,"d":"3,542"},{"v":20682.6875,"d":"20,683"},{"v":2757.691666666667,"d":"2,758"},{"v":23440.379166666666,"d":"23,440"},{"v":31713.45416666667,"d":"31,713"},{"$f":"(M1667*12-(VLOOKUP(AB1667*12,'Tax table'!$A$3:$C$10,3)*(AB1667*12-VLOOKUP(AB1667*12,'Tax table'!$A$3:$C$10,1))+VLOOKUP(AB1667*12,'Tax table'!$A$3:$C$10,2)))/12","v":{"v":28405.027541666666,"d":"28,405"}},{"v":23440.379166666666,"d":"23,440"},{"v":0.8252193782344526,"d":"82.5%"}]
["Member 633","1969-12-25","F",{"v":333229,"d":"333,229"},{"v":0.8,"d":"80%"},{"v":0.85,"d":"85%"},{"v":0.75,"d":"75%"},{"v":0.1,"d":"10%"},null,48,{"v":27769.083333333332,"d":"27,769"},{"v":2776.9083333333333,"d":"2,777"},{"v":34711.354166666664,"d":"34,711"},{"v":31934.44583333333,"d":"31,934"},{"$f":"(M1677*12-(VLOOKUP(N1677*12,'Tax table'!$A$3:$C$10,3)*(N1677*12-VLOOKUP(N1677*12,'Tax table'!$A$3:$C$10,1))+VLOOKUP(N1677*12,'Tax table'!$A$3:$C$10,2)))/12","v":{"v":28576.728458333335,"d":"28,577"}},{"v":24992.175,"d":"24,992"},{"$f":"(VLOOKUP(P1677*12,'Tax table'!$A$3:$C$10,3)*(P1677*12-VLOOKUP(P1677*12,'Tax table'!$A$3:$C$10,1))+VLOOKUP(P1677*12,'Tax table'!$A$3:$C$10,2))/12","v":{"v":4007.292166666666,"d":"4,007"}},{"v":23761.791166666666,"d":"23,762"},{"v":20197.522491666667,"d":"20,198"},{"v":0.7067821819112682,"d":"70.7%"},{"v":60592.567475,"d":"60,593"},{"$f":"IF($B$15=\"Yes\",MIN(S1677*2,References!$B$7),0)","v":{"v":40395.04498333333,"d":"40,395"}},{"$f":"IF(AND(D1677<>0,$B$16=\"Yes\"),References!$B$6,0)","v":{"v":100000,"d":"100,000"}},{"v":3564.2686749999993,"d":"3,564"},{"v":20826.8125,"d":"20,827"},{"v":2776.9083333333333,"d":"2,777"},{"v":23603.720833333333,"d":"23,604"},{"v":31934.44583333333,"d":"31,934"},{"$f":"(M1677*12-(VLOOKUP(AB1677*12,'Tax table'!$A$3:$C$10,3)*(AB1677*12-VLOOKUP(AB1677*12,'Tax table'!$A$3:$C$10,1))+VLOOKUP(AB1677*12,'Tax table'!$A$3:$C$10,2)))/12","v":{"v":28576.728458333335,"d":"28,577"}},{"v":23603.720833333333,"d":"23,604"},{"v":0.8259770137001176,"d":"82.6%"}]
["Member 613","1985-09-08","F",{"v":334859,"d":"334,859"},{"v":0.8,"d":"80%"},{"v":0.85,"d":"85%"},{"v":0.75,"d":"75%"},{"v":0.1,"d":"10%"},null,33,{"v":27904.916666666668,"d":"27,905"},{"v":2790.491666666667,"d":"2,790"},{"v":34881.145833333336,"d":"34,881"},{"v":32090.654166666667,"d":"32,091"},{"$f":"(M1694*12-(VLOOKUP(N1694*12,'Tax table'!$A$3:$C$10,3)*(N1694*12-VLOOKUP(N1694*12,'Tax table'!$A$3:$C$10,1))+VLOOKUP(N1694*12,'Tax table'!$A$3:$C$10,2)))/12","v":{"v":28698.09554166667,"d":"28,698"}},{"v":25114.425000000003,"d":"25,114"},{"$f":"(VLOOKUP(P1694*12,'Tax table'!$A$3:$C$10,3)*(P1694*12-VLOOKUP(P1694*12,'Tax table'!$A$3:$C$10,1))+VLOOKUP(P1694*12,'Tax table'!$A$3:$C$10,2))/12","v":{"v":4039.0771666666674,"d":"4,039"}},{"v":23865.839500000002,"d":"23,866"},{"v":20285.963575,"d":"20,286"},{"v":0.7068749055332567,"d":"70.7%"},{"v":60857.890725000005,"d":"60,858"},{"$f":"IF($B$15=\"Yes\",MIN(S1694*2,References!$B$7),0)","v":{"v":40571.92715,"d":"40,572"}},{"$f":"IF(AND(D1694<>0,$B$16=\"Yes\"),References!$B$6,0)","v":{"v":100000,"d":"100,000"}},{"v":3579.8759250000003,"d":"3,580"},{"v":20928.6875,"d":"20,929"},{"v":2790.491666666667,"d":"2,790"},{"v":23719.17916666667,"d":"23,719"},{"v":32090.654166666667,"d":"32,091"},{"$f":"(M1694*12-(VLOOKUP(AB1694*12,'Tax table'!$A$3:$C$10,3)*(AB1694*12-VLOOKUP(AB1694*12,'Tax table'!$A$3:$C$10,1))+VLOOKUP(AB1694*12,'Tax table'!$A$3:$C$10,2)))/12","v":{"v":28698.09554166667,"d":"28,698"}},{"v":23719.17916666667,"d":"23,719"},{"v":0.8265070806607662,"d":"82.7%"}]
["Member 607","1974-10-03","F",{"v":335733,"d":"335,733"},{"v":0.8,"d":"80%"},{"v":0.85,"d":"85%"},{"v":0.75,"d":"75%"},{"v":0.1,"d":"10%"},null,44,{"v":27977.75,"d":"27,978"},{"v":2797.775,"d":"2,798"},{"v":34972.1875,"d":"34,972"},{"v":32174.4125,"d":"32,174"},{"$f":"(M1704*12-(VLOOKUP(N1704*12,'Tax table'!$A$3:$C$10,3)*(N1704*12-VLOOKUP(N1704*12,'Tax table'!$A$3:$C$10,1))+VLOOKUP(N1704*12,'Tax table'!$A$3:$C$10,2)))/12","v":{"v":28763.172125,"d":"28,763"}},{"v":25179.975,"d":"25,180"},{"$f":"(VLOOKUP(P1704*12,'Tax table'!$A$3:$C$10,3)*(P1704*12-VLOOKUP(P1704*12,'Tax table'!$A$3:$C$10,1))+VLOOKUP(P1704*12,'Tax table'!$A$3:$C$10,2))/12","v":{"v":4056.1201666666657,"d":"4,056"}},{"v":23921.629833333332,"d":"23,922"},{"v":20333.385358333333,"d":"20,333"},{"v":0.7069243013242,"d":"70.7%"},{"v":61000.156075,"d":"61,000"},{"$f":"IF($B$15=\"Yes\",MIN(S1704*2,References!$B$7),0)","v":{"v":40666.770716666666,"d":"40,667"}},{"$f":"IF(AND(D1704<>0,$B$16=\"Yes\"),References!$B$6,0)","v":{"v":100000,"d":"100,000"}},{"v":3588.2444749999995,"d":"3,588"},{"v":20983.3125,"d":"20,983"},{"v":2797.775,"d":"2,798"},{"v":23781.0875,"d":"23,781"},{"v":32174.4125,"d":"32,174"},{"$f":"(M1704*12-(VLOOKUP(AB1704*12,'Tax table'!$A$3:$C$10,3)*(AB1704*12-VLOOKUP(AB1704*12,'Tax table'!$A$3:$C$10,1))+VLOOKUP(AB1704*12,'Tax table'!$A$3:$C$10,2)))/12","v":{"v":28763.172125,"d":"28,763"}},{"v":23781.0875,"d":"23,781"},{"v":0.8267894582924067,"d":"82.7%"}]
["Member 561","1978-07-30","M",{"v":337541,"d":"337,541"},{"v":0.8,"d":"80%"},{"v":0.85,"d":"85%"},{"v":0.75,"d":"75%"},{"v":0.1,"d":"10%"},null,40,{"v":28128.416666666668,"d":"28,128"},{"v":2812.841666666667,"d":"2,813"},{"v":35160.520833333336,"d":"35,161"},{"v":32347.67916666667,"d":"32,348"},{"$f":"(M1710*12-(VLOOKUP(N1710*12,'Tax table'!$A$3:$C$10,3)*(N1710*12-VLOOKUP(N1710*12,'Tax table'!$A$3:$C$10,1))+VLOOKUP(N1710*12,'Tax table'!$A$3:$C$10,2)))/12","v":{"v":28897.792791666667,"d":"28,898"}},{"v":25315.575,"d":"25,316"},{"$f":"(VLOOKUP(P1710*12,'Tax table'!$A$3:$C$10,3)*(P1710*12-VLOOKUP(P1710*12,'Tax table'!$A$3:$C$10,1))+VLOOKUP(P1710*12,'Tax table'!$A$3:$C$10,2))/12","v":{"v":4091.3761666666674,"d":"4,091"}},{"v":24037.0405,"d":"24,037"},{"v":20431.484425,"d":"20,431"},{"v":0.7070257777919938,"d":"70.7%"},{"v":61294.45327499999,"d":"61,294"},{"$f":"IF($B$15=\"Yes\",MIN(S1710*2,References!$B$7),0)","v":{"v":40862.96885,"d":"40,863"}},{"$f":"IF(AND(D1710<>0,$B$16=\"Yes\"),References!$B$6,0)","v":{"v":100000,"d":"100,000"}},{"v":3605.5560750000004,"d":"3,606"},{"v":21096.3125,"d":"21,096"},{"v":2812.841666666667,"d":"2,813"},{"v":23909.154166666667,"d":"23,909"},{"v":32347.67916666667,"d":"32,348"},{"$f":"(M1710*12-(VLOOKUP(AB1710*12,'Tax table'!$A$3:$C$10,3)*(AB1710*12-VLOOKUP(AB1710*12,'Tax table'!$A$3:$C$10,1))+VLOOKUP(AB1710*12,'Tax table'!$A$3:$C$10,2)))/12","v":{"v":28897.792791666667,"d":"28,898"}},{"v":23909.154166666667,"d":"23,909"},{"v":0.8273695620643184,"d":"82.7%"}]
["Member 579","1990-04-13","F",{"v":337541,"d":"337,541"},{"v":0.8,"d":"80%"},{"v":0.85,"d":"85%"},{"v":0.75,"d":"75%"},{"v":0.1,"d":"10%"},null,28,{"v":28128.416666666668,"d":"28,128"},{"v":2812.841666666667,"d":"2,813"},{"v":35160.520833333336,"d":"35,161"},{"v":32347.67916666667,"d":"32,348"},{"$f":"(M1728*12-(VLOOKUP(N1728*12,'Tax table'!$A$3:$C$10,3)*(N1728*12-VLOOKUP(N1728*12,'Tax table'!$A$3:$C$10,1))+VLOOKUP(N1728*12,'Tax table'!$A$3:$C$10,2)))/12","v":{"v":28897.792791666667,"d":"28,898"}},{"v":25315.575,"d":"25,316"},{"$f":"(VLOOKUP(P1728*12,'Tax table'!$A$3:$C$10,3)*(P1728*12-VLOOKUP(P1728*12,'Tax table'!$A$3:$C$10,1))+VLOOKUP(P1728*12,'Tax table'!$A$3:$C$10,2))/12","v":{"v":4091.3761666666674,"d":"4,091"}},{"v":24037.0405,"d":"24,037"},{"v":20431.484425,"d":"20,431"},{"v":0.7070257777919938,"d":"70.7%"},{"v":61294.45327499999,"d":"61,294"},{"$f":"IF($B$15=\"Yes\",MIN(S1728*2,References!$B$7),0)","v":{"v":40862.96885,"d":"40,863"}},{"$f":"IF(AND(D1728<>0,$B$16=\"Yes\"),References!$B$6,0)","v":{"v":100000,"d":"100,000"}},{"v":3605.5560750000004,"d":"3,606"},{"v":21096.3125,"d":"21,096"},{"v":2812.841666666667,"d":"2,813"},{"v":23909.154166666667,"d":"23,909"},{"v":32347.67916666667,"d":"32,348"},{"$f":"(M1728*12-(VLOOKUP(AB1728*12,'Tax table'!$A$3:$C$10,3)*(AB1728*12-VLOOKUP(AB1728*12,'Tax table'!$A$3:$C$10,1))+VLOOKUP(AB1728*12,'Tax table'!$A$3:$C$10,2)))/12","v":{"v":28897.792791666667,"d":"28,898"}},{"v":23909.154166666667,"d":"23,909"},{"v":0.8273695620643184,"d":"82.7%"}]
["Member 589","1984-11-30","F",{"v":337541,"d":"337,541"},{"v":0.8,"d":"80%"},{"v":0.85,"d":"85%"},{"v":0.75,"d":"75%"},{"v":0.1,"d":"10%"},null,33,{"v":28128.416666666668,"d":"28,128"},{"v":2812.841666666667,"d":"2,813"},{"v":35160.520833333336,"d":"35,161"},{"v":32347.67916666667,"d":"32,348"},{"$f":"(M1738*12-(VLOOKUP(N1738*12,'Tax table'!$A$3:$C$10,3)*(N1738*12-VLOOKUP(N1738*12,'Tax table'!$A$3:$C$10,1))+VLOOKUP(N1738*12,'Tax table'!$A$3:$C$10,2)))/12","v":{"v":28897.792791666667,"d":"28,898"}},{"v":25315.575,"d":"25,316"},{"$f":"(VLOOKUP(P1738*12,'Tax table'!$A$3:$C$10,3)*(P1738*12-VLOOKUP(P1738*12,'Tax table'!$A$3:$C$10,1))+VLOOKUP(P1738*12,'Tax table'!$A$3:$C$10,2))/12","v":{"v":4091.3761666666674,"d":"4,091"}},{"v":24037.0405,"d":"24,037"},{"v":20431.484425,"d":"20,431"},{"v":0.7070257777919938,"d":"70.7%"},{"v":61294.45327499999,"d":"61,294"},{"$f":"IF($B$15=\"Yes\",MIN(S1738*2,References!$B$7),0)","v":{"v":40862.96885,"d":"40,863"}},{"$f":"IF(AND(D1738<>0,$B$16=\"Yes\"),References!$B$6,0)","v":{"v":100000,"d":"100,000"}},{"v":3605.5560750000004,"d":"3,606"},{"v":21096.3125,"d":"21,096"},{"v":2812.841666666667,"d":"2,813"},{"v":23909.154166666667,"d":"23,909"},{"v":32347.67916666667,"d":"32,348"},{"$f":"(M1738*12-(VLOOKUP(AB1738*12,'Tax table'!$A$3:$C$10,3)*(AB1738*12-VLOOKUP(AB1738*12,'Tax table'!$A$3:$C$10,1))+VLOOKUP(AB1738*12,'Tax table'!$A$3:$C$10,2)))/12","v":{"v":28897.792791666667,"d":"28,898"}},{"v":23909.154166666667,"d":"23,909"},{"v":0.8273695620643184,"d":"82.7%"}]
["Member 595","1991-09-25","F",{"v":337541,"d":"337,541"},{"v":0.8,"d":"80%"},{"v":0.85,"d":"85%"},{"v":0.75,"d":"75%"},{"v":0.1,"d":"10%"},null,27,{"v":28128.416666666668,"d":"28,128"},{"v":2812.841666666667,"d":"2,813"},{"v":35160.520833333336,"d":"35,161"},{"v":32347.67916666667,"d":"32,348"},{"$f":"(M1744*12-(VLOOKUP(N1744*12,'Tax table'!$A$3:$C$10,3)*(N1744*12-VLOOKUP(N1744*12,'Tax table'!$A$3:$C$10,1))+VLOOKUP(N1744*12,'Tax table'!$A$3:$C$10,2)))/12","v":{"v":28897.792791666667,"d":"28,898"}},{"v":25315.575,"d":"25,316"},{"$f":"(VLOOKUP(P1744*12,'Tax table'!$A$3:$C$10,3)*(P1744*12-VLOOKUP(P1744*12,'Tax table'!$A$3:$C$10,1))+VLOOKUP(P1744*12,'Tax table'!$A$3:$C$10,2))/12","v":{"v":4091.3761666666674,"d":"4,091"}},{"v":24037.0405,"d":"24,037"},{"v":20431.484425,"d":"20,431"},{"v":0.7070257777919938,"d":"70.7%"},{"v":61294.45327499999,"d":"61,294"},{"$f":"IF($B$15=\"Yes\",MIN(S1744*2,References!$B$7),0)","v":{"v":40862.96885,"d":"40,863"}},{"$f":"IF(AND(D1744<>0,$B$16=\"Yes\"),References!$B$6,0)","v":{"v":100000,"d":"100,000"}},{"v":3605.5560750000004,"d":"3,606"},{"v":21096.3125,"d":"21,096"},{"v":2812.841666666667,"d":"2,813"},{"v":23909.154166666667,"d":"23,909"},{"v":32347.67916666667,"d":"32,348"},{"$f":"(M1744*12-(VLOOKUP(AB1744*12,'Tax table'!$A$3:$C$10,3)*(AB1744*12-VLOOKUP(AB1744*12,'Tax table'!$A$3:$C$10,1))+VLOOKUP(AB1744*12,'Tax table'!$A$3:$C$10,2)))/12","v":{"v":28897.792791666667,"d":"28,898"}},{"v":23909.154166666667,"d":"23,909"},{"v":0.8273695620643184,"d":"82.7%"}]
["Member 549","1953-08-08","F",{"v":340837,"d":"340,837"},{"v":0.8,"d":"80%"},{"v":0.85,"d":"85%"},{"v":0.75,"d":"75%"},{"v":0.1,"d":"10%"},null,65,{"v":28403.083333333332,"d":"28,403"},{"v":2840.3083333333334,"d":"2,840"},{"v":35503.854166666664,"d":"35,504"},{"v":32663.54583333333,"d":"32,664"},{"$f":"(M1761*12-(VLOOKUP(N1761*12,'Tax table'!$A$3:$C$10,3)*(N1761*12-VLOOKUP(N1761*12,'Tax table'!$A$3:$C$10,1))+VLOOKUP(N1761*12,'Tax table'!$A$3:$C$10,2)))/12","v":{"v":29143.207458333334,"d":"29,143"}},{"v":25562.774999999998,"d":"25,563"},{"$f":"(VLOOKUP(P1761*12,'Tax table'!$A$3:$C$10,3)*(P1761*12-VLOOKUP(P1761*12,'Tax table'!$A$3:$C$10,1))+VLOOKUP(P1761*12,'Tax table'!$A$3:$C$10,2))/12","v":{"v":4159.407749999999,"d":"4,159"}},{"v":24243.675583333334,"d":"24,244"},{"v":20607.124245833333,"d":"20,607"},{"v":0.7070987047426327,"d":"70.7%"},{"v":61821.3727375,"d":"61,821"},{"$f":"IF($B$15=\"Yes\",MIN(S1761*2,References!$B$7),0)","v":{"v":41214.248491666665,"d":"41,214"}},{"$f":"IF(AND(D1761<>0,$B$16=\"Yes\"),References!$B$6,0)","v":{"v":100000,"d":"100,000"}},{"v":3636.551337500001,"d":"3,637"},{"v":21302.3125,"d":"21,302"},{"v":2840.3083333333334,"d":"2,840"},{"v":24142.620833333334,"d":"24,143"},{"v":32663.54583333333,"d":"32,664"},{"$f":"(M1761*12-(VLOOKUP(AB1761*12,'Tax table'!$A$3:$C$10,3)*(AB1761*12-VLOOKUP(AB1761*12,'Tax table'!$A$3:$C$10,1))+VLOOKUP(AB1761*12,'Tax table'!$A$3:$C$10,2)))/12","v":{"v":29143.207458333334,"d":"29,143"}},{"v":24142.620833333334,"d":"24,143"},{"v":0.8284133058398103,"d":"82.8%"}]
["Member 539","1981-04-14","F",{"v":342996,"d":"342,996"},{"v":0.8,"d":"80%"},{"v":0.85,"d":"85%"},{"v":0.75,"d":"75%"},{"v":0.1,"d":"10%"},null,37,{"v":28583,"d":"28,583"},{"v":2858.3,"d":"2,858"},{"v":35728.75,"d":"35,729"},{"v":32870.45,"d":"32,870"},{"$f":"(M1771*12-(VLOOKUP(N1771*12,'Tax table'!$A$3:$C$10,3)*(N1771*12-VLOOKUP(N1771*12,'Tax table'!$A$3:$C$10,1))+VLOOKUP(N1771*12,'Tax table'!$A$3:$C$10,2)))/12","v":{"v":29303.963,"d":"29,304"}},{"v":25724.7,"d":"25,725"},{"$f":"(VLOOKUP(P1771*12,'Tax table'!$A$3:$C$10,3)*(P1771*12-VLOOKUP(P1771*12,'Tax table'!$A$3:$C$10,1))+VLOOKUP(P1771*12,'Tax table'!$A$3:$C$10,2))/12","v":{"v":4209.6045,"d":"4,210"}},{"v":24373.3955,"d":"24,373"},{"v":20717.386175,"d":"20,717"},{"v":0.7069824028579342,"d":"70.7%"},{"v":62152.158525,"d":"62,152"},{"$f":"IF($B$15=\"Yes\",MIN(S1771*2,References!$B$7),0)","v":{"v":41434.77235,"d":"41,435"}},{"$f":"IF(AND(D1771<>0,$B$16=\"Yes\"),References!$B$6,0)","v":{"v":100000,"d":"100,000"}},{"v":3656.009324999999,"d":"3,656"},{"v":21437.25,"d":"21,437"},{"v":2858.3,"d":"2,858"},{"v":24295.55,"d":"24,296"},{"v":32870.45,"d":"32,870"},{"$f":"(M1771*12-(VLOOKUP(AB1771*12,'Tax table'!$A$3:$C$10,3)*(AB1771*12-VLOOKUP(AB1771*12,'Tax table'!$A$3:$C$10,1))+VLOOKUP(AB1771*12,'Tax table'!$A$3:$C$10,2)))/12","v":{"v":29303.963,"d":"29,304"}},{"v":24295.55,"d":"24,296"},{"v":0.8290875196641492,"d":"82.9%"}]
["Member 533","1972-09-18","F",{"v":345392,"d":"345,392"},{"v":0.8,"d":"80%"},{"v":0.85,"d":"85%"},{"v":0.75,"d":"75%"},{"v":0.1,"d":"10%"},null,46,{"v":28782.666666666668,"d":"28,783"},{"v":2878.266666666667,"d":"2,878"},{"v":35978.333333333336,"d":"35,978"},{"v":33100.066666666666,"d":"33,100"},{"$f":"(M1777*12-(VLOOKUP(N1777*12,'Tax table'!$A$3:$C$10,3)*(N1777*12-VLOOKUP(N1777*12,'Tax table'!$A$3:$C$10,1))+VLOOKUP(N1777*12,'Tax table'!$A$3:$C$10,2)))/12","v":{"v":29482.365166666666,"d":"29,482"}},{"v":25904.4,"d":"25,904"},{"$f":"(VLOOKUP(P1777*12,'Tax table'!$A$3:$C$10,3)*(P1777*12-VLOOKUP(P1777*12,'Tax table'!$A$3:$C$10,1))+VLOOKUP(P1777*12,'Tax table'!$A$3:$C$10,2))/12","v":{"v":4265.311500000001,"d":"4,265"}},{"v":24517.355166666668,"d":"24,517"},{"v":20839.751891666667,"d":"20,840"},{"v":0.7068548189352357,"d":"70.7%"},{"v":62519.255675,"d":"62,519"},{"$f":"IF($B$15=\"Yes\",MIN(S1777*2,References!$B$7),0)","v":{"v":41679.50378333333,"d":"41,680"}},{"$f":"IF(AND(D1777<>0,$B$16=\"Yes\"),References!$B$6,0)","v":{"v":100000,"d":"100,000"}},{"v":3677.6032750000013,"d":"3,678"},{"v":21587,"d":"21,587"},{"v":2878.266666666667,"d":"2,878"},{"v":24465.266666666666,"d":"24,465"},{"v":33100.066666666666,"d":"33,100"},{"$f":"(M1777*12-(VLOOKUP(AB1777*12,'Tax table'!$A$3:$C$10,3)*(AB1777*12-VLOOKUP(AB1777*12,'Tax table'!$A$3:$C$10,1))+VLOOKUP(AB1777*12,'Tax table'!$A$3:$C$10,2)))/12","v":{"v":29482.365166666666,"d":"29,482"}},{"v":24465.266666666666,"d":"24,465"},{"v":0.8298271366073293,"d":"83.0%"}]
["Member 523","1982-08-21","F",{"v":350759,"d":"350,759"},{"v":0.8,"d":"80%"},{"v":0.85,"d":"85%"},{"v":0.75,"d":"75%"},{"v":0.1,"d":"10%"},null,36,{"v":29229.916666666668,"d":"29,230"},{"v":2922.991666666667,"d":"2,923"},{"v":36537.395833333336,"d":"36,537"},{"v":33614.40416666667,"d":"33,614"},{"$f":"(M1787*12-(VLOOKUP(N1787*12,'Tax table'!$A$3:$C$10,3)*(N1787*12-VLOOKUP(N1787*12,'Tax table'!$A$3:$C$10,1))+VLOOKUP(N1787*12,'Tax table'!$A$3:$C$10,2)))/12","v":{"v":29881.983041666666,"d":"29,882"}},{"v":26306.925000000003,"d":"26,307"},{"$f":"(VLOOKUP(P1787*12,'Tax table'!$A$3:$C$10,3)*(P1787*12-VLOOKUP(P1787*12,'Tax table'!$A$3:$C$10,1))+VLOOKUP(P1787*12,'Tax table'!$A$3:$C$10,2))/12","v":{"v":4390.094250000001,"d":"4,390"}},{"v":24839.822416666666,"d":"24,840"},{"v":21113.849054166665,"d":"21,114"},{"v":0.7065745611570041,"d":"70.7%"},{"v":63341.54716249999,"d":"63,342"},{"$f":"IF($B$15=\"Yes\",MIN(S1787*2,References!$B$7),0)","v":{"v":42227.69810833333,"d":"42,228"}},{"$f":"IF(AND(D1787<>0,$B$16=\"Yes\"),References!$B$6,0)","v":{"v":100000,"d":"100,000"}},{"v":3725.973362500001,"d":"3,726"},{"v":21922.4375,"d":"21,922"},{"v":2922.991666666667,"d":"2,923"},{"v":24845.42916666667,"d":"24,845"},{"v":33614.40416666667,"d":"33,614"},{"$f":"(M1787*12-(VLOOKUP(AB1787*12,'Tax table'!$A$3:$C$10,3)*(AB1787*12-VLOOKUP(AB1787*12,'Tax table'!$A$3:$C$10,1))+VLOOKUP(AB1787*12,'Tax table'!$A$3:$C$10,2)))/12","v":{"v":29881.983041666666,"d":"29,882"}},{"v":24845.42916666667,"d":"24,845"},{"v":0.8314518193796858,"d":"83.1%"}]
["Member 509","1987-09-28","M",{"v":355386,"d":"355,386"},{"v":0.8,"d":"80%"},{"v":0.85,"d":"85%"},{"v":0.75,"d":"75%"},{"v":0.1,"d":"10%"},null,31,{"v":29615.5,"d":"29,616"},{"v":2961.55,"d":"2,962"},{"v":37019.375,"d":"37,019"},{"v":34057.825,"d":"34,058"},{"$f":"(M1804*12-(VLOOKUP(N1804*12,'Tax table'!$A$3:$C$10,3)*(N1804*12-VLOOKUP(N1804*12,'Tax table'!$A$3:$C$10,1))+VLOOKUP(N1804*12,'Tax table'!$A$3:$C$10,2)))/12","v":{"v":30226.50175,"d":"30,227"}},{"v":26653.95,"d":"26,654"},{"$f":"(VLOOKUP(P1804*12,'Tax table'!$A$3:$C$10,3)*(P1804*12-VLOOKUP(P1804*12,'Tax table'!$A$3:$C$10,1))+VLOOKUP(P1804*12,'Tax table'!$A$3:$C$10,2))/12","v":{"v":4497.6720000000005,"d":"4,498"}},{"v":25117.828,"d":"25,118"},{"v":21350.1538,"d":"21,350"},{"v":0.7063388934844238,"d":"70.6%"},{"v":64050.4614,"d":"64,050"},{"$f":"IF($B$15=\"Yes\",MIN(S1804*2,References!$B$7),0)","v":{"v":42700.3076,"d":"42,700"}},{"$f":"IF(AND(D1804<>0,$B$16=\"Yes\"),References!$B$6,0)","v":{"v":100000,"d":"100,000"}},{"v":3767.6742000000013,"d":"3,768"},{"v":22211.625,"d":"22,212"},{"v":2961.55,"d":"2,962"},{"v":25173.175,"d":"25,173"},{"v":34057.825,"d":"34,058"},{"$f":"(M1804*12-(VLOOKUP(AB1804*12,'Tax table'!$A$3:$C$10,3)*(AB1804*12-VLOOKUP(AB1804*12,'Tax table'!$A$3:$C$10,1))+VLOOKUP(AB1804*12,'Tax table'!$A$3:$C$10,2)))/12","v":{"v":30226.50175,"d":"30,227"}},{"v":25173.175,"d":"25,173"},{"v":0.8328180087859489,"d":"83.3%"}]
["Member 495","1968-12-24","M",{"v":355574,"d":"355,574"},{"v":0.8,"d":"80%"},{"v":0.85,"d":"85%"},{"v":0.75,"d":"75%"},{"v":0.1,"d":"10%"},null,49,{"v":29631.166666666668,"d":"29,631"},{"v":2963.116666666667,"d":"2,963"},{"v":37038.958333333336,"d":"37,039"},{"v":34075.84166666667,"d":"34,076"},{"$f":"(M1810*12-(VLOOKUP(N1810*12,'Tax table'!$A$3:$C$10,3)*(N1810*12-VLOOKUP(N1810*12,'Tax table'!$A$3:$C$10,1))+VLOOKUP(N1810*12,'Tax table'!$A$3:$C$10,2)))/12","v":{"v":30240.499916666668,"d":"30,240"}},{"v":26668.050000000003,"d":"26,668"},{"$f":"(VLOOKUP(P1810*12,'Tax table'!$A$3:$C$10,3)*(P1810*12-VLOOKUP(P1810*12,'Tax table'!$A$3:$C$10,1))+VLOOKUP(P1810*12,'Tax table'!$A$3:$C$10,2))/12","v":{"v":4502.043000000001,"d":"4,502"}},{"v":25129.123666666666,"d":"25,129"},{"v":21359.755116666667,"d":"21,360"},{"v":0.7063294315744598,"d":"70.6%"},{"v":64079.26535,"d":"64,079"},{"$f":"IF($B$15=\"Yes\",MIN(S1810*2,References!$B$7),0)","v":{"v":42719.510233333334,"d":"42,720"}},{"$f":"IF(AND(D1810<>0,$B$16=\"Yes\"),References!$B$6,0)","v":{"v":100000,"d":"100,000"}},{"v":3769.3685499999992,"d":"3,769"},{"v":22223.375,"d":"22,223"},{"v":2963.116666666667,"d":"2,963"},{"v":25186.49166666667,"d":"25,186"},{"v":34075.84166666667,"d":"34,076"},{"$f":"(M1810*12-(VLOOKUP(AB1810*12,'Tax table'!$A$3:$C$10,3)*(AB1810*12-VLOOKUP(AB1810*12,'Tax table'!$A$3:$C$10,1))+VLOOKUP(AB1810*12,'Tax table'!$A$3:$C$10,2)))/12","v":{"v":30240.499916666668,"d":"30,240"}},{"v":25186.49166666667,"d":"25,186"},{"v":0.8328728604379141,"d":"83.3%"}]
["Member 490","1976-08-28","M",{"v":356687,"d":"356,687"},{"v":0.8,"d":"80%"},{"v":0.85,"d":"85%"},{"v":0.75,"d":"75%"},{"v":0.1,"d":"10%"},null,42,{"v":29723.916666666668,"d":"29,724"},{"v":2972.391666666667,"d":"2,972"},{"v":37154.895833333336,"d":"37,155"},{"v":34182.504166666666,"d":"34,183"},{"$f":"(M1820*12-(VLOOKUP(N1820*12,'Tax table'!$A$3:$C$10,3)*(N1820*12-VLOOKUP(N1820*12,'Tax table'!$A$3:$C$10,1))+VLOOKUP(N1820*12,'Tax table'!$A$3:$C$10,2)))/12","v":{"v":30323.372041666666,"d":"30,323"}},{"v":26751.525,"d":"26,752"},{"$f":"(VLOOKUP(P1820*12,'Tax table'!$A$3:$C$10,3)*(P1820*12-VLOOKUP(P1820*12,'Tax table'!$A$3:$C$10,1))+VLOOKUP(P1820*12,'Tax table'!$A$3:$C$10,2))/12","v":{"v":4527.920250000001,"d":"4,528"}},{"v":25195.99641666667,"d":"25,196"},{"v":21416.596954166667,"d":"21,417"},{"v":0.7062735940032857,"d":"70.6%"},{"v":64249.7908625,"d":"64,250"},{"$f":"IF($B$15=\"Yes\",MIN(S1820*2,References!$B$7),0)","v":{"v":42833.193908333335,"d":"42,833"}},{"$f":"IF(AND(D1820<>0,$B$16=\"Yes\"),References!$B$6,0)","v":{"v":100000,"d":"100,000"}},{"v":3779.3994625000014,"d":"3,779"},{"v":22292.9375,"d":"22,293"},{"v":2972.391666666667,"d":"2,972"},{"v":25265.329166666666,"d":"25,265"},{"v":34182.504166666666,"d":"34,183"},{"$f":"(M1820*12-(VLOOKUP(AB1820*12,'Tax table'!$A$3:$C$10,3)*(AB1820*12-VLOOKUP(AB1820*12,'Tax table'!$A$3:$C$10,1))+VLOOKUP(AB1820*12,'Tax table'!$A$3:$C$10,2)))/12","v":{"v":30323.372041666666,"d":"30,323"}},{"v":25265.329166666666,"d":"25,265"},{"v":0.8331965565026919,"d":"83.3%"}]
["Member 469","1989-10-07","M",{"v":368349,"d":"368,349"},{"v":0.8,"d":"80%"},{"v":0.85,"d":"85%"},{"v":0.75,"d":"75%"},{"v":0.1,"d":"10%"},null,29,{"v":30695.75,"d":"30,696"},{"v":3069.5750000000003,"d":"3,070"},{"v":38369.6875,"d":"38,370"},{"v":35300.1125,"d":"35,300"},{"$f":"(M1837*12-(VLOOKUP(N1837*12,'Tax table'!$A$3:$C$10,3)*(N1837*12-VLOOKUP(N1837*12,'Tax table'!$A$3:$C$10,1))+VLOOKUP(N1837*12,'Tax table'!$A$3:$C$10,2)))/12","v":{"v":31190.453666666668,"d":"31,190"}},{"v":27626.175,"d":"27,626"},{"$f":"(VLOOKUP(P1837*12,'Tax table'!$A$3:$C$10,3)*(P1837*12-VLOOKUP(P1837*12,'Tax table'!$A$3:$C$10,1))+VLOOKUP(P1837*12,'Tax table'!$A$3:$C$10,2))/12","v":{"v":4799.06175,"d":"4,799"}},{"v":25896.68825,"d":"25,897"},{"v":22012.1850125,"d":"22,012"},{"v":0.7057346856106965,"d":"70.6%"},{"v":66036.55503749999,"d":"66,037"},{"$f":"IF($B$15=\"Yes\",MIN(S1837*2,References!$B$7),0)","v":{"v":44024.370025,"d":"44,024"}},{"$f":"IF(AND(D1837<>0,$B$16=\"Yes\"),References!$B$6,0)","v":{"v":100000,"d":"100,000"}},{"v":3884.503237500001,"d":"3,885"},{"v":23021.8125,"d":"23,022"},{"v":3069.5750000000003,"d":"3,070"},{"v":26091.3875,"d":"26,091"},{"v":35300.1125,"d":"35,300"},{"$f":"(M1837*12-(VLOOKUP(AB1837*12,'Tax table'!$A$3:$C$10,3)*(AB1837*12-VLOOKUP(AB1837*12,'Tax table'!$A$3:$C$10,1))+VLOOKUP(AB1837*12,'Tax table'!$A$3:$C$10,2)))/12","v":{"v":31190.453666666668,"d":"31,190"}},{"v":26091.3875,"d":"26,091"},{"v":0.836518371256778,"d":"83.7%"}]
["Member 466","1979-11-11","M",{"v":371016,"d":"371,016"},{"v":0.8,"d":"80%"},{"v":0.85,"d":"85%"},{"v":0.75,"d":"75%"},{"v":0.1,"d":"10%"},null,38,{"v":30918,"d":"30,918"},{"v":3091.8,"d":"3,092"},{"v":38647.5,"d":"38,648"},{"v":35555.7,"d":"35,556"},{"$f":"(M1847*12-(VLOOKUP(N1847*12,'Tax table'!$A$3:$C$10,3)*(N1847*12-VLOOKUP(N1847*12,'Tax table'!$A$3:$C$10,1))+VLOOKUP(N1847*12,'Tax table'!$A$3:$C$10,2)))/12","v":{"v":31376.25466666667,"d":"31,376"}},{"v":27826.2,"d":"27,826"},{"$f":"(VLOOKUP(P1847*12,'Tax table'!$A$3:$C$10,3)*(P1847*12-VLOOKUP(P1847*12,'Tax table'!$A$3:$C$10,1))+VLOOKUP(P1847*12,'Tax table'!$A$3:$C$10,2))/12","v":{"v":4861.0695000000005,"d":"4,861"}},{"v":26056.9305,"d":"26,057"},{"v":22148.390925,"d":"22,148"},{"v":0.7058965819948511,"d":"70.6%"},{"v":66445.172775,"d":"66,445"},{"$f":"IF($B$15=\"Yes\",MIN(S1847*2,References!$B$7),0)","v":{"v":44296.78185,"d":"44,297"}},{"$f":"IF(AND(D1847<>0,$B$16=\"Yes\"),References!$B$6,0)","v":{"v":100000,"d":"100,000"}},{"v":3908.539574999999,"d":"3,909"},{"v":23188.5,"d":"23,189"},{"v":3091.8,"d":"3,092"},{"v":26280.3,"d":"26,280"},{"v":35555.7,"d":"35,556"},{"$f":"(M1847*12-(VLOOKUP(AB1847*12,'Tax table'!$A$3:$C$10,3)*(AB1847*12-VLOOKUP(AB1847*12,'Tax table'!$A$3:$C$10,1))+VLOOKUP(AB1847*12,'Tax table'!$A$3:$C$10,2)))/12","v":{"v":31376.25466666667,"d":"31,376"}},{"v":26280.3,"d":"26,280"},{"v":0.8375856289794689,"d":"83.8%"}]
["Member 460","1986-12-29","M",{"v":371353,"d":"371,353"},{"v":0.8,"d":"80%"},{"v":0.85,"d":"85%"},{"v":0.75,"d":"75%"},{"v":0.1,"d":"10%"},null,31,{"v":30946.083333333332,"d":"30,946"},{"v":3094.6083333333336,"d":"3,095"},{"v":38682.604166666664,"d":"38,683"},{"v":35587.995833333334,"d":"35,588"},{"$f":"(M1853*12-(VLOOKUP(N1853*12,'Tax table'!$A$3:$C$10,3)*(N1853*12-VLOOKUP(N1853*12,'Tax table'!$A$3:$C$10,1))+VLOOKUP(N1853*12,'Tax table'!$A$3:$C$10,2)))/12","v":{"v":31399.732333333333,"d":"31,400"}},{"v":27851.475,"d":"27,851"},{"$f":"(VLOOKUP(P1853*12,'Tax table'!$A$3:$C$10,3)*(P1853*12-VLOOKUP(P1853*12,'Tax table'!$A$3:$C$10,1))+VLOOKUP(P1853*12,'Tax table'!$A$3:$C$10,2))/12","v":{"v":4868.904749999999,"d":"4,869"}},{"v":26077.178583333334,"d":"26,077"},{"v":22165.601795833332,"d":"22,166"},{"v":0.7059169027470584,"d":"70.6%"},{"v":66496.8053875,"d":"66,497"},{"$f":"IF($B$15=\"Yes\",MIN(S1853*2,References!$B$7),0)","v":{"v":44331.203591666665,"d":"44,331"}},{"$f":"IF(AND(D1853<>0,$B$16=\"Yes\"),References!$B$6,0)","v":{"v":100000,"d":"100,000"}},{"v":3911.576787500002,"d":"3,912"},{"v":23209.5625,"d":"23,210"},{"v":3094.6083333333336,"d":"3,095"},{"v":26304.170833333334,"d":"26,304"},{"v":35587.995833333334,"d":"35,588"},{"$f":"(M1853*12-(VLOOKUP(AB1853*12,'Tax table'!$A$3:$C$10,3)*(AB1853*12-VLOOKUP(AB1853*12,'Tax table'!$A$3:$C$10,1))+VLOOKUP(AB1853*12,'Tax table'!$A$3:$C$10,2)))/12","v":{"v":31399.732333333333,"d":"31,400"}},{"v":26304.170833333334,"d":"26,304"},{"v":0.837719587991817,"d":"83.8%"}]
["Member 440","1984-07-01","M",{"v":377636,"d":"377,636"},{"v":0.8,"d":"80%"},{"v":0.85,"d":"85%"},{"v":0.75,"d":"75%"},{"v":0.1,"d":"10%"},null,34,{"v":31469.666666666668,"d":"31,470"},{"v":3146.966666666667,"d":"3,147"},{"v":39337.083333333336,"d":"39,337"},{"v":36190.11666666667,"d":"36,190"},{"$f":"(M1870*12-(VLOOKUP(N1870*12,'Tax table'!$A$3:$C$10,3)*(N1870*12-VLOOKUP(N1870*12,'Tax table'!$A$3:$C$10,1))+VLOOKUP(N1870*12,'Tax table'!$A$3:$C$10,2)))/12","v":{"v":31837.448,"d":"31,837"}},{"v":28322.7,"d":"28,323"},{"$f":"(VLOOKUP(P1870*12,'Tax table'!$A$3:$C$10,3)*(P1870*12-VLOOKUP(P1870*12,'Tax table'!$A$3:$C$10,1))+VLOOKUP(P1870*12,'Tax table'!$A$3:$C$10,2))/12","v":{"v":5014.9845000000005,"d":"5,015"}},{"v":26454.682166666666,"d":"26,455"},{"v":22486.479841666664,"d":"22,486"},{"v":0.7062902730666938,"d":"70.6%"},{"v":67459.439525,"d":"67,459"},{"$f":"IF($B$15=\"Yes\",MIN(S1870*2,References!$B$7),0)","v":{"v":44972.95968333333,"d":"44,973"}},{"$f":"IF(AND(D1870<>0,$B$16=\"Yes\"),References!$B$6,0)","v":{"v":100000,"d":"100,000"}},{"v":3968.202325000002,"d":"3,968"},{"v":23602.25,"d":"23,602"},{"v":3146.966666666667,"d":"3,147"},{"v":26749.216666666667,"d":"26,749"},{"v":36190.11666666667,"d":"36,190"},{"$f":"(M1870*12-(VLOOKUP(AB1870*12,'Tax table'!$A$3:$C$10,3)*(AB1870*12-VLOOKUP(AB1870*12,'Tax table'!$A$3:$C$10,1))+VLOOKUP(AB1870*12,'Tax table'!$A$3:$C$10,2)))/12","v":{"v":31837.448,"d":"31,837"}},{"v":26749.216666666667,"d":"26,749"},{"v":0.8401809299120541,"d":"84.0%"}]
["Member 428","1977-05-16","F",{"v":380566,"d":"380,566"},{"v":0.8,"d":"80%"},{"v":0.85,"d":"85%"},{"v":0.75,"d":"75%"},{"v":0.1,"d":"10%"},null,{"$f":"DATEDIF(B1880,$B$7,\"y\")","v":41},{"$f":"D1880/12","v":{"v":31713.833333333332,"d":"31,714"}},{"$f":"IF($B$10=\"No\",MIN(K1880*H1880,15%*K1880),I1880/12)","v":{"v":3171.383333333333,"d":"3,171"}},{"$f":"D1880/12/E1880","v":{"v":39642.291666666664,"d":"39,642"}},{"$f":"M1880-L1880","v":{"v":36470.90833333333,"d":"36,471"}},{"$f":"(M1880*12-(VLOOKUP(N1880*12,'Tax table'!$A$3:$C$10,3)*(N1880*12-VLOOKUP(N1880*12,'Tax table'!$A$3:$C$10,1))+VLOOKUP(N1880*12,'Tax table'!$A$3:$C$10,2)))/12","v":{"v":32041.571333333337,"d":"32,042"}},{"$f":"K1880-L1880","v":{"v":28542.449999999997,"d":"28,542"}},{"$f":"(VLOOKUP(P1880*12,'Tax table'!$A$3:$C$10,3)*(P1880*12-VLOOKUP(P1880*12,'Tax table'!$A$3:$C$10,1))+VLOOKUP(P1880*12,'Tax table'!$A$3:$C$10,2))/12","v":{"v":5083.106999999999,"d":"5,083"}},{"$f":"K1880-Q1880","v":{"v":26630.726333333332,"d":"26,631"}},{"$f":"MIN(R1880*F1880,SUM($B$8,$B$9))","v":{"v":22636.11738333333,"d":"22,636"}},{"$f":"S1880/O1880","v":{"v":0.7064609019278849,"d":"70.6%"}},{"$f":"IF($B$14=\"Yes\",S1880*3,0)","v":{"v":67908.35214999999,"d":"67,908"}},{"$f":"IF($B$15=\"Yes\",MIN(S1880*2,References!$B$7),0)","v":{"v":45272.23476666666,"d":"45,272"}},{"$f":"IF(AND(D1880<>0,$B$16=\"Yes\"),References!$B$6,0)","v":{"v":100000,"d":"100,000"}},{"$f":"IF($B$17=\"Yes\",MIN(R1880,SUM($B$8:$B$9))-S1880,0)","v":{"v":3994.6089500000016,"d":"3,995"}},{"$f":"MIN(K1880*G1880,$B$8)","v":{"v":23785.375,"d":"23,785"}},{"$f":"MIN(K1880*H1880,$B$9)","v":{"v":3171.383333333333,"d":"3,171"}},{"$f":"Z1880+Y1880","v":{"v":26956.75833333333,"d":"26,957"}},{"$f":"M1880-Z1880","v":{"v":36470.90833333333,"d":"36,471"}},{"$f":"(M1880*12-(VLOOKUP(AB1880*12,'Tax table'!$A$3:$C$10,3)*(AB1880*12-VLOOKUP(AB1880*12,'Tax table'!$A$3:$C$10,1))+VLOOKUP(AB1880*12,'Tax table'!$A$3:$C$10,2)))/12","v":{"v":32041.571333333337,"d":"32,042"}},{"$f":"MIN(AA1880,AC1880)","v":{"v":26956.75833333333,"d":"26,957"}},{"$f":"AD1880/O1880","v":{"v":0.8413057541060667,"d":"84.1%"}}]
["Member 423","1977-10-16","M",{"v":381118,"d":"381,118"},{"v":0.8,"d":"80%"},{"v":0.85,"d":"85%"},{"v":0.75,"d":"75%"},{"v":0.1,"d":"10%"},null,41,{"v":31759.833333333332,"d":"31,760"},{"v":3175.9833333333336,"d":"3,176"},{"v":39699.791666666664,"d":"39,700"},{"v":36523.808333333334,"d":"36,524"},{"$f":"(M1886*12-(VLOOKUP(N1886*12,'Tax table'!$A$3:$C$10,3)*(N1886*12-VLOOKUP(N1886*12,'Tax table'!$A$3:$C$10,1))+VLOOKUP(N1886*12,'Tax table'!$A$3:$C$10,2)))/12","v":{"v":32080.02733333333,"d":"32,080"}},{"v":28583.85,"d":"28,584"},{"$f":"(VLOOKUP(P1886*12,'Tax table'!$A$3:$C$10,3)*(P1886*12-VLOOKUP(P1886*12,'Tax table'!$A$3:$C$10,1))+VLOOKUP(P1886*12,'Tax table'!$A$3:$C$10,2))/12","v":{"v":5095.940999999999,"d":"5,096"}},{"v":26663.892333333333,"d":"26,664"},{"v":22664.308483333334,"d":"22,664"},{"v":0.7064928046299878,"d":"70.6%"},{"v":67992.92545000001,"d":"67,993"},{"$f":"IF($B$15=\"Yes\",MIN(S1886*2,References!$B$7),0)","v":{"v":45328.61696666667,"d":"45,329"}},{"$f":"IF(AND(D1886<>0,$B$16=\"Yes\"),References!$B$6,0)","v":{"v":100000,"d":"100,000"}},{"v":3999.583849999999,"d":"4,000"},{"v":23819.875,"d":"23,820"},{"v":3175.9833333333336,"d":"3,176"},{"v":26995.858333333334,"d":"26,996"},{"v":36523.808333333334,"d":"36,524"},{"$f":"(M1886*12-(VLOOKUP(AB1886*12,'Tax table'!$A$3:$C$10,3)*(AB1886*12-VLOOKUP(AB1886*12,'Tax table'!$A$3:$C$10,1))+VLOOKUP(AB1886*12,'Tax table'!$A$3:$C$10,2)))/12","v":{"v":32080.02733333333,"d":"32,080"}},{"v":26995.858333333334,"d":"26,996"},{"v":0.8415160639617909,"d":"84.2%"}]
["Member 407","1972-08-12","F",{"v":384882,"d":"384,882"},{"v":0.8,"d":"80%"},{"v":0.85,"d":"85%"},{"v":0.75,"d":"75%"},{"v":0.1,"d":"10%"},null,46,{"v":32073.5,"d":"32,074"},{"v":3207.3500000000004,"d":"3,207"},{"v":40091.875,"d":"40,092"},{"v":36884.525,"d":"36,885"},{"$f":"(M1903*12-(VLOOKUP(N1903*12,'Tax table'!$A$3:$C$10,3)*(N1903*12-VLOOKUP(N1903*12,'Tax table'!$A$3:$C$10,1))+VLOOKUP(N1903*12,'Tax table'!$A$3:$C$10,2)))/12","v":{"v":32342.252666666667,"d":"32,342"}},{"v":28866.15,"d":"28,866"},{"$f":"(VLOOKUP(P1903*12,'Tax table'!$A$3:$C$10,3)*(P1903*12-VLOOKUP(P1903*12,'Tax table'!$A$3:$C$10,1))+VLOOKUP(P1903*12,'Tax table'!$A$3:$C$10,2))/12","v":{"v":5183.4540000000015,"d":"5,183"}},{"v":26890.046,"d":"26,890"},{"v":22856.539099999998,"d":"22,857"},{"v":0.7067083216363881,"d":"70.7%"},{"v":68569.6173,"d":"68,570"},{"$f":"IF($B$15=\"Yes\",MIN(S1903*2,References!$B$7),0)","v":{"v":45713.078199999996,"d":"45,713"}},{"$f":"IF(AND(D1903<>0,$B$16=\"Yes\"),References!$B$6,0)","v":{"v":100000,"d":"100,000"}},{"v":4033.5069000000003,"d":"4,034"},{"v":24055.125,"d":"24,055"},{"v":3207.3500000000004,"d":"3,207"},{"v":27262.475,"d":"27,262"},{"v":36884.525,"d":"36,885"},{"$f":"(M1903*12-(VLOOKUP(AB1903*12,'Tax table'!$A$3:$C$10,3)*(AB1903*12-VLOOKUP(AB1903*12,'Tax table'!$A$3:$C$10,1))+VLOOKUP(AB1903*12,'Tax table'!$A$3:$C$10,2)))/12","v":{"v":32342.252666666667,"d":"32,342"}},{"v":27262.475,"d":"27,262"},{"v":0.8429368010008125,"d":"84.3%"}]
["Member 398","1975-12-04","M",{"v":385896,"d":"385,896"},{"v":0.8,"d":"80%"},{"v":0.85,"d":"85%"},{"v":0.75,"d":"75%"},{"v":0.1,"d":"10%"},null,42,{"v":32158,"d":"32,158"},{"v":3215.8,"d":"3,216"},{"v":40197.5,"d":"40,198"},{"v":36981.7,"d":"36,982"},{"$f":"(M1913*12-(VLOOKUP(N1913*12,'Tax table'!$A$3:$C$10,3)*(N1913*12-VLOOKUP(N1913*12,'Tax table'!$A$3:$C$10,1))+VLOOKUP(N1913*12,'Tax table'!$A$3:$C$10,2)))/12","v":{"v":32412.89466666667,"d":"32,413"}},{"v":28942.2,"d":"28,942"},{"$f":"(VLOOKUP(P1913*12,'Tax table'!$A$3:$C$10,3)*(P1913*12-VLOOKUP(P1913*12,'Tax table'!$A$3:$C$10,1))+VLOOKUP(P1913*12,'Tax table'!$A$3:$C$10,2))/12","v":{"v":5207.029500000001,"d":"5,207"}},{"v":26950.9705,"d":"26,951"},{"v":22908.324924999997,"d":"22,908"},{"v":0.7067657844382178,"d":"70.7%"},{"v":68724.974775,"d":"68,725"},{"$f":"IF($B$15=\"Yes\",MIN(S1913*2,References!$B$7),0)","v":{"v":45816.649849999994,"d":"45,817"}},{"$f":"IF(AND(D1913<>0,$B$16=\"Yes\"),References!$B$6,0)","v":{"v":100000,"d":"100,000"}},{"v":4042.6455750000023,"d":"4,043"},{"v":24118.5,"d":"24,119"},{"v":3215.8,"d":"3,216"},{"v":27334.3,"d":"27,334"},{"v":36981.7,"d":"36,982"},{"$f":"(M1913*12-(VLOOKUP(AB1913*12,'Tax table'!$A$3:$C$10,3)*(AB1913*12-VLOOKUP(AB1913*12,'Tax table'!$A$3:$C$10,1))+VLOOKUP(AB1913*12,'Tax table'!$A$3:$C$10,2)))/12","v":{"v":32412.89466666667,"d":"32,413"}},{"v":27334.3,"d":"27,334"},{"v":0.8433156088373223,"d":"84.3%"}]
["Member 389","1971-02-21","F",{"v":386726,"d":"386,726"},{"v":0.8,"d":"80%"},{"v":0.85,"d":"85%"},{"v":0.75,"d":"75%"},{"v":0.1,"d":"10%"},null,47,{"v":32227.166666666668,"d":"32,227"},{"v":3222.716666666667,"d":"3,223"},{"v":40283.958333333336,"d":"40,284"},{"v":37061.24166666667,"d":"37,061"},{"$f":"(M1919*12-(VLOOKUP(N1919*12,'Tax table'!$A$3:$C$10,3)*(N1919*12-VLOOKUP(N1919*12,'Tax table'!$A$3:$C$10,1))+VLOOKUP(N1919*12,'Tax table'!$A$3:$C$10,2)))/12","v":{"v":32470.717999999997,"d":"32,471"}},{"v":29004.45,"d":"29,004"},{"$f":"(VLOOKUP(P1919*12,'Tax table'!$A$3:$C$10,3)*(P1919*12-VLOOKUP(P1919*12,'Tax table'!$A$3:$C$10,1))+VLOOKUP(P1919*12,'Tax table'!$A$3:$C$10,2))/12","v":{"v":5226.327,"d":"5,226"}},{"v":27000.839666666667,"d":"27,001"},{"v":22950.713716666665,"d":"22,951"},{"v":0.7068126339758384,"d":"70.7%"},{"v":68852.14115,"d":"68,852"},{"$f":"IF($B$15=\"Yes\",MIN(S1919*2,References!$B$7),0)","v":{"v":45901.42743333333,"d":"45,901"}},{"$f":"IF(AND(D1919<>0,$B$16=\"Yes\"),References!$B$6,0)","v":{"v":100000,"d":"100,000"}},{"v":4050.1259500000015,"d":"4,050"},{"v":24170.375,"d":"24,170"},{"v":3222.716666666667,"d":"3,223"},{"v":27393.091666666667,"d":"27,393"},{"v":37061.24166666667,"d":"37,061"},{"$f":"(M1919*12-(VLOOKUP(AB1919*12,'Tax table'!$A$3:$C$10,3)*(AB1919*12-VLOOKUP(AB1919*12,'Tax table'!$A$3:$C$10,1))+VLOOKUP(AB1919*12,'Tax table'!$A$3:$C$10,2)))/12","v":{"v":32470.717999999997,"d":"32,471"}},{"v":27393.091666666667,"d":"27,393"},{"v":0.8436244516264367,"d":"84.4%"}]
["Member 373","1986-01-03","M",{"v":388495,"d":"388,495"},{"v":0.8,"d":"80%"},{"v":0.85,"d":"85%"},{"v":0.75,"d":"75%"},{"v":0.1,"d":"10%"},null,32,{"v":32374.583333333332,"d":"32,375"},{"v":3237.4583333333335,"d":"3,237"},{"v":40468.229166666664,"d":"40,468"},{"v":37230.77083333333,"d":"37,231"},{"$f":"(M1929*12-(VLOOKUP(N1929*12,'Tax table'!$A$3:$C$10,3)*(N1929*12-VLOOKUP(N1929*12,'Tax table'!$A$3:$C$10,1))+VLOOKUP(N1929*12,'Tax table'!$A$3:$C$10,2)))/12","v":{"v":32593.958333333332,"d":"32,594"}},{"v":29137.125,"d":"29,137"},{"$f":"(VLOOKUP(P1929*12,'Tax table'!$A$3:$C$10,3)*(P1929*12-VLOOKUP(P1929*12,'Tax table'!$A$3:$C$10,1))+VLOOKUP(P1929*12,'Tax table'!$A$3:$C$10,2))/12","v":{"v":5267.45625,"d":"5,267"}},{"v":27107.127083333333,"d":"27,107"},{"v":23041.058020833334,"d":"23,041"},{"v":0.7069119308921005,"d":"70.7%"},{"v":69123.17406250001,"d":"69,123"},{"$f":"IF($B$15=\"Yes\",MIN(S1929*2,References!$B$7),0)","v":{"v":46082.11604166667,"d":"46,082"}},{"$f":"IF(AND(D1929<>0,$B$16=\"Yes\"),References!$B$6,0)","v":{"v":100000,"d":"100,000"}},{"v":4066.069062499999,"d":"4,066"},{"v":24280.9375,"d":"24,281"},{"v":3237.4583333333335,"d":"3,237"},{"v":27518.395833333332,"d":"27,518"},{"v":37230.77083333333,"d":"37,231"},{"$f":"(M1929*12-(VLOOKUP(AB1929*12,'Tax table'!$A$3:$C$10,3)*(AB1929*12-VLOOKUP(AB1929*12,'Tax table'!$A$3:$C$10,1))+VLOOKUP(AB1929*12,'Tax table'!$A$3:$C$10,2)))/12","v":{"v":32593.958333333332,"d":"32,594"}},{"v":27518.395833333332,"d":"27,518"},{"v":0.8442790394436597,"d":"84.4%"}]
["Member 369","1978-06-03","F",{"v":388497,"d":"388,497"},{"v":0.8,"d":"80%"},{"v":0.85,"d":"85%"},{"v":0.75,"d":"75%"},{"v":0.1,"d":"10%"},null,40,{"v":32374.75,"d":"32,375"},{"v":3237.4750000000004,"d":"3,237"},{"v":40468.4375,"d":"40,468"},{"v":37230.9625,"d":"37,231"},{"$f":"(M1946*12-(VLOOKUP(N1946*12,'Tax table'!$A$3:$C$10,3)*(N1946*12-VLOOKUP(N1946*12,'Tax table'!$A$3:$C$10,1))+VLOOKUP(N1946*12,'Tax table'!$A$3:$C$10,2)))/12","v":{"v":32594.09766666667,"d":"32,594"}},{"v":29137.275,"d":"29,137"},{"$f":"(VLOOKUP(P1946*12,'Tax table'!$A$3:$C$10,3)*(P1946*12-VLOOKUP(P1946*12,'Tax table'!$A$3:$C$10,1))+VLOOKUP(P1946*12,'Tax table'!$A$3:$C$10,2))/12","v":{"v":5267.502750000001,"d":"5,268"}},{"v":27107.24725,"d":"27,107"},{"v":23041.1601625,"d":"23,041"},{"v":0.7069120427304767,"d":"70.7%"},{"v":69123.4804875,"d":"69,123"},{"$f":"IF($B$15=\"Yes\",MIN(S1946*2,References!$B$7),0)","v":{"v":46082.320325,"d":"46,082"}},{"$f":"IF(AND(D1946<>0,$B$16=\"Yes\"),References!$B$6,0)","v":{"v":100000,"d":"100,000"}},{"v":4066.0870875,"d":"4,066"},{"v":24281.0625,"d":"24,281"},{"v":3237.4750000000004,"d":"3,237"},{"v":27518.5375,"d":"27,519"},{"v":37230.9625,"d":"37,231"},{"$f":"(M1946*12-(VLOOKUP(AB1946*12,'Tax table'!$A$3:$C$10,3)*(AB1946*12-VLOOKUP(AB1946*12,'Tax table'!$A$3:$C$10,1))+VLOOKUP(AB1946*12,'Tax table'!$A$3:$C$10,2)))/12","v":{"v":32594.09766666667,"d":"32,594"}},{"v":27518.5375,"d":"27,519"},{"v":0.8442797767076293,"d":"84.4%"}]
["Member 314","1977-09-04","F",{"v":388534,"d":"388,534"},{"v":0.8,"d":"80%"},{"v":0.85,"d":"85%"},{"v":0.75,"d":"75%"},{"v":0.1,"d":"10%"},null,41,{"v":32377.833333333332,"d":"32,378"},{"v":3237.7833333333333,"d":"3,238"},{"v":40472.291666666664,"d":"40,472"},{"v":37234.50833333333,"d":"37,235"},{"$f":"(M1953*12-(VLOOKUP(N1953*12,'Tax table'!$A$3:$C$10,3)*(N1953*12-VLOOKUP(N1953*12,'Tax table'!$A$3:$C$10,1))+VLOOKUP(N1953*12,'Tax table'!$A$3:$C$10,2)))/12","v":{"v":32596.675333333336,"d":"32,597"}},{"v":29140.05,"d":"29,140"},{"$f":"(VLOOKUP(P1953*12,'Tax table'!$A$3:$C$10,3)*(P1953*12-VLOOKUP(P1953*12,'Tax table'!$A$3:$C$10,1))+VLOOKUP(P1953*12,'Tax table'!$A$3:$C$10,2))/12","v":{"v":5268.362999999999,"d":"5,268"}},{"v":27109.47033333333,"d":"27,109"},{"v":23043.049783333332,"d":"23,043"},{"v":0.7069141115679833,"d":"70.7%"},{"v":69129.14934999999,"d":"69,129"},{"$f":"IF($B$15=\"Yes\",MIN(S1953*2,References!$B$7),0)","v":{"v":46086.099566666664,"d":"46,086"}},{"$f":"IF(AND(D1953<>0,$B$16=\"Yes\"),References!$B$6,0)","v":{"v":100000,"d":"100,000"}},{"v":4066.420549999999,"d":"4,066"},{"v":24283.375,"d":"24,283"},{"v":3237.7833333333333,"d":"3,238"},{"v":27521.158333333333,"d":"27,521"},{"v":37234.50833333333,"d":"37,235"},{"$f":"(M1953*12-(VLOOKUP(AB1953*12,'Tax table'!$A$3:$C$10,3)*(AB1953*12-VLOOKUP(AB1953*12,'Tax table'!$A$3:$C$10,1))+VLOOKUP(AB1953*12,'Tax table'!$A$3:$C$10,2)))/12","v":{"v":32596.675333333336,"d":"32,597"}},{"v":27521.158333333333,"d":"27,521"},{"v":0.8442934149541999,"d":"84.4%"}]
["Member 324","1991-10-28","F",{"v":388534,"d":"388,534"},{"v":0.8,"d":"80%"},{"v":0.85,"d":"85%"},{"v":0.75,"d":"75%"},{"v":0.1,"d":"10%"},null,27,{"v":32377.833333333332,"d":"32,378"},{"v":3237.7833333333333,"d":"3,238"},{"v":40472.291666666664,"d":"40,472"},{"v":37234.50833333333,"d":"37,235"},{"$f":"(M1963*12-(VLOOKUP(N1963*12,'Tax table'!$A$3:$C$10,3)*(N1963*12-VLOOKUP(N1963*12,'Tax table'!$A$3:$C$10,1))+VLOOKUP(N1963*12,'Tax table'!$A$3:$C$10,2)))/12","v":{"v":32596.675333333336,"d":"32,597"}},{"v":29140.05,"d":"29,140"},{"$f":"(VLOOKUP(P1963*12,'Tax table'!$A$3:$C$10,3)*(P1963*12-VLOOKUP(P1963*12,'Tax table'!$A$3:$C$10,1))+VLOOKUP(P1963*12,'Tax table'!$A$3:$C$10,2))/12","v":{"v":5268.362999999999,"d":"5,268"}},{"v":27109.47033333333,"d":"27,109"},{"v":23043.049783333332,"d":"23,043"},{"v":0.7069141115679833,"d":"70.7%"},{"v":69129.14934999999,"d":"69,129"},{"$f":"IF($B$15=\"Yes\",MIN(S1963*2,References!$B$7),0)","v":{"v":46086.099566666664,"d":"46,086"}},{"$f":"IF(AND(D1963<>0,$B$16=\"Yes\"),References!$B$6,0)","v":{"v":100000,"d":"100,000"}},{"v":4066.420549999999,"d":"4,066"},{"v":24283.375,"d":"24,283"},{"v":3237.7833333333333,"d":"3,238"},{"v":27521.158333333333,"d":"27,521"},{"v":37234.50833333333,"d":"37,235"},{"$f":"(M1963*12-(VLOOKUP(AB1963*12,'Tax table'!$A$3:$C$10,3)*(AB1963*12-VLOOKUP(AB1963*12,'Tax table'!$A$3:$C$10,1))+VLOOKUP(AB1963*12,'Tax table'!$A$3:$C$10,2)))/12","v":{"v":32596.675333333336,"d":"32,597"}},{"v":27521.158333333333,"d":"27,521"},{"v":0.8442934149541999,"d":"84.4%"}]
["Member 341","1986-11-01","F",{"v":388534,"d":"388,534"},{"v":0.8,"d":"80%"},{"v":0.85,"d":"85%"},{"v":0.75,"d":"75%"},{"v":0.1,"d":"10%"},null,32,{"v":32377.833333333332,"d":"32,378"},{"v":3237.7833333333333,"d":"3,238"},{"v":40472.291666666664,"d":"40,472"},{"v":37234.50833333333,"d":"37,235"},{"$f":"(M1980*12-(VLOOKUP(N1980*12,'Tax table'!$A$3:$C$10,3)*(N1980*12-VLOOKUP(N1980*12,'Tax table'!$A$3:$C$10,1))+VLOOKUP(N1980*12,'Tax table'!$A$3:$C$10,2)))/12","v":{"v":32596.675333333336,"d":"32,597"}},{"v":29140.05,"d":"29,140"},{"$f":"(VLOOKUP(P1980*12,'Tax table'!$A$3:$C$10,3)*(P1980*12-VLOOKUP(P1980*12,'Tax table'!$A$3:$C$10,1))+VLOOKUP(P1980*12,'Tax table'!$A$3:$C$10,2))/12","v":{"v":5268.362999999999,"d":"5,268"}},{"v":27109.47033333333,"d":"27,109"},{"v":23043.049783333332,"d":"23,043"},{"v":0.7069141115679833,"d":"70.7%"},{"v":69129.14934999999,"d":"69,129"},{"$f":"IF($B$15=\"Yes\",MIN(S1980*2,References!$B$7),0)","v":{"v":46086.099566666664,"d":"46,086"}},{"$f":"IF(AND(D1980<>0,$B$16=\"Yes\"),References!$B$6,0)","v":{"v":100000,"d":"100,000"}},{"v":4066.420549999999,"d":"4,066"},{"v":24283.375,"d":"24,283"},{"v":3237.7833333333333,"d":"3,238"},{"v":27521.158333333333,"d":"27,521"},{"v":37234.50833333333,"d":"37,235"},{"$f":"(M1980*12-(VLOOKUP(AB1980*12,'Tax table'!$A$3:$C$10,3)*(AB1980*12-VLOOKUP(AB1980*12,'Tax table'!$A$3:$C$10,1))+VLOOKUP(AB1980*12,'Tax table'!$A$3:$C$10,2)))/12","v":{"v":32596.675333333336,"d":"32,597"}},{"v":27521.158333333333,"d":"27,521"},{"v":0.8442934149541999,"d":"84.4%"}]
["Member 347","1981-10-18","F",{"v":388534,"d":"388,534"},{"v":0.8,"d":"80%"},{"v":0.85,"d":"85%"},{"v":0.75,"d":"75%"},{"v":0.1,"d":"10%"},null,37,{"v":32377.833333333332,"d":"32,378"},{"v":3237.7833333333333,"d":"3,238"},{"v":40472.291666666664,"d":"40,472"},{"v":37234.50833333333,"d":"37,235"},{"$f":"(M1986*12-(VLOOKUP(N1986*12,'Tax table'!$A$3:$C$10,3)*(N1986*12-VLOOKUP(N1986*12,'Tax table'!$A$3:$C$10,1))+VLOOKUP(N1986*12,'Tax table'!$A$3:$C$10,2)))/12","v":{"v":32596.675333333336,"d":"32,597"}},{"v":29140.05,"d":"29,140"},{"$f":"(VLOOKUP(P1986*12,'Tax table'!$A$3:$C$10,3)*(P1986*12-VLOOKUP(P1986*12,'Tax table'!$A$3:$C$10,1))+VLOOKUP(P1986*12,'Tax table'!$A$3:$C$10,2))/12","v":{"v":5268.362999999999,"d":"5,268"}},{"v":27109.47033333333,"d":"27,109"},{"v":23043.049783333332,"d":"23,043"},{"v":0.7069141115679833,"d":"70.7%"},{"v":69129.14934999999,"d":"69,129"},{"$f":"IF($B$15=\"Yes\",MIN(S1986*2,References!$B$7),0)","v":{"v":46086.099566666664,"d":"46,086"}},{"$f":"IF(AND(D1986<>0,$B$16=\"Yes\"),References!$B$6,0)","v":{"v":100000,"d":"100,000"}},{"v":4066.420549999999,"d":"4,066"},{"v":24283.375,"d":"24,283"},{"v":3237.7833333333333,"d":"3,238"},{"v":27521.158333333333,"d":"27,521"},{"v":37234.50833333333,"d":"37,235"},{"$f":"(M1986*12-(VLOOKUP(AB1986*12,'Tax table'!$A$3:$C$10,3)*(AB1986*12-VLOOKUP(AB1986*12,'Tax table'!$A$3:$C$10,1))+VLOOKUP(AB1986*12,'Tax table'!$A$3:$C$10,2)))/12","v":{"v":32596.675333333336,"d":"32,597"}},{"v":27521.158333333333,"d":"27,521"},{"v":0.8442934149541999,"d":"84.4%"}]
["Member 357","1984-09-04","F",{"v":388534,"d":"388,534"},{"v":0.8,"d":"80%"},{"v":0.85,"d":"85%"},{"v":0.75,"d":"75%"},{"v":0.1,"d":"10%"},null,34,{"v":32377.833333333332,"d":"32,378"},{"v":3237.7833333333333,"d":"3,238"},{"v":40472.291666666664,"d":"40,472"},{"v":37234.50833333333,"d":"37,235"},{"$f":"(M1996*12-(VLOOKUP(N1996*12,'Tax table'!$A$3:$C$10,3)*(N1996*12-VLOOKUP(N1996*12,'Tax table'!$A$3:$C$10,1))+VLOOKUP(N1996*12,'Tax table'!$A$3:$C$10,2)))/12","v":{"v":32596.675333333336,"d":"32,597"}},{"v":29140.05,"d":"29,140"},{"$f":"(VLOOKUP(P1996*12,'Tax table'!$A$3:$C$10,3)*(P1996*12-VLOOKUP(P1996*12,'Tax table'!$A$3:$C$10,1))+VLOOKUP(P1996*12,'Tax table'!$A$3:$C$10,2))/12","v":{"v":5268.362999999999,"d":"5,268"}},{"v":27109.47033333333,"d":"27,109"},{"v":23043.049783333332,"d":"23,043"},{"v":0.7069141115679833,"d":"70.7%"},{"v":69129.14934999999,"d":"69,129"},{"$f":"IF($B$15=\"Yes\",MIN(S1996*2,References!$B$7),0)","v":{"v":46086.099566666664,"d":"46,086"}},{"$f":"IF(AND(D1996<>0,$B$16=\"Yes\"),References!$B$6,0)","v":{"v":100000,"d":"100,000"}},{"v":4066.420549999999,"d":"4,066"},{"v":24283.375,"d":"24,283"},{"v":3237.7833333333333,"d":"3,238"},{"v":27521.158333333333,"d":"27,521"},{"v":37234.50833333333,"d":"37,235"},{"$f":"(M1996*12-(VLOOKUP(AB1996*12,'Tax table'!$A$3:$C$10,3)*(AB1996*12-VLOOKUP(AB1996*12,'Tax table'!$A$3:$C$10,1))+VLOOKUP(AB1996*12,'Tax table'!$A$3:$C$10,2)))/12","v":{"v":32596.675333333336,"d":"32,597"}},{"v":27521.158333333333,"d":"27,521"},{"v":0.8442934149541999,"d":"84.4%"}]
["Member 297","1967-09-13","F",{"v":392493,"d":"392,493"},{"v":0.8,"d":"80%"},{"v":0.85,"d":"85%"},{"v":0.75,"d":"75%"},{"v":0.1,"d":"10%"},null,51,{"v":32707.75,"d":"32,708"},{"v":3270.775,"d":"3,271"},{"v":40884.6875,"d":"40,885"},{"v":37613.9125,"d":"37,614"},{"$f":"(M2013*12-(VLOOKUP(N2013*12,'Tax table'!$A$3:$C$10,3)*(N2013*12-VLOOKUP(N2013*12,'Tax table'!$A$3:$C$10,1))+VLOOKUP(N2013*12,'Tax table'!$A$3:$C$10,2)))/12","v":{"v":32872.48566666667,"d":"32,872"}},{"v":29436.975,"d":"29,437"},{"$f":"(VLOOKUP(P2013*12,'Tax table'!$A$3:$C$10,3)*(P2013*12-VLOOKUP(P2013*12,'Tax table'!$A$3:$C$10,1))+VLOOKUP(P2013*12,'Tax table'!$A$3:$C$10,2))/12","v":{"v":5360.409749999999,"d":"5,360"}},{"v":27347.34025,"d":"27,347"},{"v":23245.2392125,"d":"23,245"},{"v":0.7071336024969697,"d":"70.7%"},{"v":69735.7176375,"d":"69,736"},{"$f":"IF($B$15=\"Yes\",MIN(S2013*2,References!$B$7),0)","v":{"v":46490.478425,"d":"46,490"}},{"$f":"IF(AND(D2013<>0,$B$16=\"Yes\"),References!$B$6,0)","v":{"v":100000,"d":"100,000"}},{"v":4102.1010375000005,"d":"4,102"},{"v":24530.8125,"d":"24,531"},{"v":3270.775,"d":"3,271"},{"v":27801.5875,"d":"27,802"},{"v":37613.9125,"d":"37,614"},{"$f":"(M2013*12-(VLOOKUP(AB2013*12,'Tax table'!$A$3:$C$10,3)*(AB2013*12-VLOOKUP(AB2013*12,'Tax table'!$A$3:$C$10,1))+VLOOKUP(AB2013*12,'Tax table'!$A$3:$C$10,2)))/12","v":{"v":32872.48566666667,"d":"32,872"}},{"v":27801.5875,"d":"27,802"},{"v":0.8457403489931808,"d":"84.6%"}]
["Member 287","1965-03-03","M",{"v":398085,"d":"398,085"},{"v":0.8,"d":"80%"},{"v":0.85,"d":"85%"},{"v":0.75,"d":"75%"},{"v":0.1,"d":"10%"},null,53,{"v":33173.75,"d":"33,174"},{"v":3317.375,"d":"3,317"},{"v":41467.1875,"d":"41,467"},{"v":38149.8125,"d":"38,150"},{"$f":"(M2023*12-(VLOOKUP(N2023*12,'Tax table'!$A$3:$C$10,3)*(N2023*12-VLOOKUP(N2023*12,'Tax table'!$A$3:$C$10,1))+VLOOKUP(N2023*12,'Tax table'!$A$3:$C$10,2)))/12","v":{"v":33262.06166666667,"d":"33,262"}},{"v":29856.375,"d":"29,856"},{"$f":"(VLOOKUP(P2023*12,'Tax table'!$A$3:$C$10,3)*(P2023*12-VLOOKUP(P2023*12,'Tax table'!$A$3:$C$10,1))+VLOOKUP(P2023*12,'Tax table'!$A$3:$C$10,2))/12","v":{"v":5490.423750000001,"d":"5,490"}},{"v":27683.32625,"d":"27,683"},{"v":23530.827312499998,"d":"23,531"},{"v":0.7074374267089175,"d":"70.7%"},{"v":70592.4819375,"d":"70,592"},{"$f":"IF($B$15=\"Yes\",MIN(S2023*2,References!$B$7),0)","v":{"v":47061.654624999996,"d":"47,062"}},{"$f":"IF(AND(D2023<>0,$B$16=\"Yes\"),References!$B$6,0)","v":{"v":100000,"d":"100,000"}},{"v":4152.4989375000005,"d":"4,152"},{"v":24880.3125,"d":"24,880"},{"v":3317.375,"d":"3,317"},{"v":28197.6875,"d":"28,198"},{"v":38149.8125,"d":"38,150"},{"$f":"(M2023*12-(VLOOKUP(AB2023*12,'Tax table'!$A$3:$C$10,3)*(AB2023*12-VLOOKUP(AB2023*12,'Tax table'!$A$3:$C$10,1))+VLOOKUP(AB2023*12,'Tax table'!$A$3:$C$10,2)))/12","v":{"v":33262.06166666667,"d":"33,262"}},{"v":28197.6875,"d":"28,198"},{"v":0.8477432271811974,"d":"84.8%"}]
["Member 281","1974-01-11","F",{"v":400551,"d":"400,551"},{"v":0.8,"d":"80%"},{"v":0.85,"d":"85%"},{"v":0.75,"d":"75%"},{"v":0.1,"d":"10%"},null,44,{"v":33379.25,"d":"33,379"},{"v":3337.925,"d":"3,338"},{"v":41724.0625,"d":"41,724"},{"v":38386.1375,"d":"38,386"},{"$f":"(M2029*12-(VLOOKUP(N2029*12,'Tax table'!$A$3:$C$10,3)*(N2029*12-VLOOKUP(N2029*12,'Tax table'!$A$3:$C$10,1))+VLOOKUP(N2029*12,'Tax table'!$A$3:$C$10,2)))/12","v":{"v":33433.85966666666,"d":"33,434"}},{"v":30041.325,"d":"30,041"},{"$f":"(VLOOKUP(P2029*12,'Tax table'!$A$3:$C$10,3)*(P2029*12-VLOOKUP(P2029*12,'Tax table'!$A$3:$C$10,1))+VLOOKUP(P2029*12,'Tax table'!$A$3:$C$10,2))/12","v":{"v":5547.75825,"d":"5,548"}},{"v":27831.49175,"d":"27,831"},{"v":23656.7679875,"d":"23,657"},{"v":0.7075691596290823,"d":"70.8%"},{"v":70970.3039625,"d":"70,970"},{"$f":"IF($B$15=\"Yes\",MIN(S2029*2,References!$B$7),0)","v":{"v":47313.535975,"d":"47,314"}},{"$f":"IF(AND(D2029<>0,$B$16=\"Yes\"),References!$B$6,0)","v":{"v":100000,"d":"100,000"}},{"v":4174.723762500002,"d":"4,175"},{"v":25034.4375,"d":"25,034"},{"v":3337.925,"d":"3,338"},{"v":28372.3625,"d":"28,372"},{"v":38386.1375,"d":"38,386"},{"$f":"(M2029*12-(VLOOKUP(AB2029*12,'Tax table'!$A$3:$C$10,3)*(AB2029*12-VLOOKUP(AB2029*12,'Tax table'!$A$3:$C$10,1))+VLOOKUP(AB2029*12,'Tax table'!$A$3:$C$10,2)))/12","v":{"v":33433.85966666666,"d":"33,434"}},{"v":28372.3625,"d":"28,372"},{"v":0.8486116405006945,"d":"84.9%"}]
["Member 262","1964-06-28","F",{"v":406567,"d":"406,567"},{"v":0.8,"d":"80%"},{"v":0.85,"d":"85%"},{"v":0.75,"d":"75%"},{"v":0.1,"d":"10%"},null,54,{"v":33880.583333333336,"d":"33,881"},{"v":3388.058333333334,"d":"3,388"},{"v":42350.729166666664,"d":"42,351"},{"v":38962.67083333333,"d":"38,963"},{"$f":"(M2046*12-(VLOOKUP(N2046*12,'Tax table'!$A$3:$C$10,3)*(N2046*12-VLOOKUP(N2046*12,'Tax table'!$A$3:$C$10,1))+VLOOKUP(N2046*12,'Tax table'!$A$3:$C$10,2)))/12","v":{"v":33852.97433333334,"d":"33,853"}},{"v":30492.525,"d":"30,493"},{"$f":"(VLOOKUP(P2046*12,'Tax table'!$A$3:$C$10,3)*(P2046*12-VLOOKUP(P2046*12,'Tax table'!$A$3:$C$10,1))+VLOOKUP(P2046*12,'Tax table'!$A$3:$C$10,2))/12","v":{"v":5687.630250000001,"d":"5,688"}},{"v":28192.953083333334,"d":"28,193"},{"v":23964.010120833333,"d":"23,964"},{"v":0.7078849227507068,"d":"70.8%"},{"v":71892.0303625,"d":"71,892"},{"$f":"IF($B$15=\"Yes\",MIN(S2046*2,References!$B$7),0)","v":{"v":47928.020241666665,"d":"47,928"}},{"$f":"IF(AND(D2046<>0,$B$16=\"Yes\"),References!$B$6,0)","v":{"v":100000,"d":"100,000"}},{"v":4228.942962500001,"d":"4,229"},{"v":25410.4375,"d":"25,410"},{"v":3388.058333333334,"d":"3,388"},{"v":28798.495833333334,"d":"28,798"},{"v":38962.67083333333,"d":"38,963"},{"$f":"(M2046*12-(VLOOKUP(AB2046*12,'Tax table'!$A$3:$C$10,3)*(AB2046*12-VLOOKUP(AB2046*12,'Tax table'!$A$3:$C$10,1))+VLOOKUP(AB2046*12,'Tax table'!$A$3:$C$10,2)))/12","v":{"v":33852.97433333334,"d":"33,853"}},{"v":28798.495833333334,"d":"28,798"},{"v":0.8506932226920129,"d":"85.1%"}]
["Member 272","1956-10-07","F",{"v":406567,"d":"406,567"},{"v":0.8,"d":"80%"},{"v":0.85,"d":"85%"},{"v":0.75,"d":"75%"},{"v":0.1,"d":"10%"},null,62,{"v":33880.583333333336,"d":"33,881"},{"v":3388.058333333334,"d":"3,388"},{"v":42350.729166666664,"d":"42,351"},{"v":38962.67083333333,"d":"38,963"},{"$f":"(M2056*12-(VLOOKUP(N2056*12,'Tax table'!$A$3:$C$10,3)*(N2056*12-VLOOKUP(N2056*12,'Tax table'!$A$3:$C$10,1))+VLOOKUP(N2056*12,'Tax table'!$A$3:$C$10,2)))/12","v":{"v":33852.97433333334,"d":"33,853"}},{"v":30492.525,"d":"30,493"},{"$f":"(VLOOKUP(P2056*12,'Tax table'!$A$3:$C$10,3)*(P2056*12-VLOOKUP(P2056*12,'Tax table'!$A$3:$C$10,1))+VLOOKUP(P2056*12,'Tax table'!$A$3:$C$10,2))/12","v":{"v":5687.630250000001,"d":"5,688"}},{"v":28192.953083333334,"d":"28,193"},{"v":23964.010120833333,"d":"23,964"},{"v":0.7078849227507068,"d":"70.8%"},{"v":71892.0303625,"d":"71,892"},{"$f":"IF($B$15=\"Yes\",MIN(S2056*2,References!$B$7),0)","v":{"v":47928.020241666665,"d":"47,928"}},{"$f":"IF(AND(D2056<>0,$B$16=\"Yes\"),References!$B$6,0)","v":{"v":100000,"d":"100,000"}},{"v":4228.942962500001,"d":"4,229"},{"v":25410.4375,"d":"25,410"},{"v":3388.058333333334,"d":"3,388"},{"v":28798.495833333334,"d":"28,798"},{"v":38962.67083333333,"d":"38,963"},{"$f":"(M2056*12-(VLOOKUP(AB2056*12,'Tax table'!$A$3:$C$10,3)*(AB2056*12-VLOOKUP(AB2056*12,'Tax table'!$A$3:$C$10,1))+VLOOKUP(AB2056*12,'Tax table'!$A$3:$C$10,2)))/12","v":{"v":33852.97433333334,"d":"33,853"}},{"v":28798.495833333334,"d":"28,798"},{"v":0.8506932226920129,"d":"85.1%"}]
["Member 248","1982-10-25","M",{"v":411551,"d":"411,551"},{"v":0.8,"d":"80%"},{"v":0.85,"d":"85%"},{"v":0.75,"d":"75%"},{"v":0.1,"d":"10%"},null,36,{"v":34295.916666666664,"d":"34,296"},{"v":3429.5916666666667,"d":"3,430"},{"v":42869.89583333333,"d":"42,870"},{"v":39440.30416666666,"d":"39,440"},{"$f":"(M2062*12-(VLOOKUP(N2062*12,'Tax table'!$A$3:$C$10,3)*(N2062*12-VLOOKUP(N2062*12,'Tax table'!$A$3:$C$10,1))+VLOOKUP(N2062*12,'Tax table'!$A$3:$C$10,2)))/12","v":{"v":34200.193,"d":"34,200"}},{"v":30866.324999999997,"d":"30,866"},{"$f":"(VLOOKUP(P2062*12,'Tax table'!$A$3:$C$10,3)*(P2062*12-VLOOKUP(P2062*12,'Tax table'!$A$3:$C$10,1))+VLOOKUP(P2062*12,'Tax table'!$A$3:$C$10,2))/12","v":{"v":5803.508249999999,"d":"5,804"}},{"v":28492.408416666665,"d":"28,492"},{"v":24218.547154166667,"d":"24,219"},{"v":0.7081406573982395,"d":"70.8%"},{"v":72655.6414625,"d":"72,656"},{"$f":"IF($B$15=\"Yes\",MIN(S2062*2,References!$B$7),0)","v":{"v":48437.09430833333,"d":"48,437"}},{"$f":"IF(AND(D2062<>0,$B$16=\"Yes\"),References!$B$6,0)","v":{"v":100000,"d":"100,000"}},{"v":4273.861262499999,"d":"4,274"},{"v":25721.9375,"d":"25,722"},{"v":3429.5916666666667,"d":"3,430"},{"v":29151.529166666667,"d":"29,152"},{"v":39440.30416666666,"d":"39,440"},{"$f":"(M2062*12-(VLOOKUP(AB2062*12,'Tax table'!$A$3:$C$10,3)*(AB2062*12-VLOOKUP(AB2062*12,'Tax table'!$A$3:$C$10,1))+VLOOKUP(AB2062*12,'Tax table'!$A$3:$C$10,2)))/12","v":{"v":34200.193,"d":"34,200"}},{"v":29151.529166666667,"d":"29,152"},{"v":0.8523790835527352,"d":"85.2%"}]
["Member 238","1958-05-20","F",{"v":418270,"d":"418,270"},{"v":0.8,"d":"80%"},{"v":0.85,"d":"85%"},{"v":0.75,"d":"75%"},{"v":0.1,"d":"10%"},null,{"$f":"DATEDIF(B2072,$B$7,\"y\")","v":60},{"$f":"D2072/12","v":{"v":34855.833333333336,"d":"34,856"}},{"$f":"IF($B$10=\"No\",MIN(K2072*H2072,15%*K2072),I2072/12)","v":{"v":3485.583333333334,"d":"3,486"}},{"$f":"D2072/12/E2072","v":{"v":43569.791666666664,"d":"43,570"}},{"$f":"M2072-L2072","v":{"v":40084.20833333333,"d":"40,084"}},{"$f":"(M2072*12-(VLOOKUP(N2072*12,'Tax table'!$A$3:$C$10,3)*(N2072*12-VLOOKUP(N2072*12,'Tax table'!$A$3:$C$10,1))+VLOOKUP(N2072*12,'Tax table'!$A$3:$C$10,2)))/12","v":{"v":34668.28333333333,"d":"34,668"}},{"$f":"K2072-L2072","v":{"v":31370.25,"d":"31,370"}},{"$f":"(VLOOKUP(P2072*12,'Tax table'!$A$3:$C$10,3)*(P2072*12-VLOOKUP(P2072*12,'Tax table'!$A$3:$C$10,1))+VLOOKUP(P2072*12,'Tax table'!$A$3:$C$10,2))/12","v":{"v":5959.724999999999,"d":"5,960"}},{"$f":"K2072-Q2072","v":{"v":28896.108333333337,"d":"28,896"}},{"$f":"MIN(R2072*F2072,SUM($B$8,$B$9))","v":{"v":24561.692083333335,"d":"24,562"}},{"$f":"S2072/O2072","v":{"v":0.7084773089908789,"d":"70.8%"}},{"$f":"IF($B$14=\"Yes\",S2072*3,0)","v":{"v":73685.07625000001,"d":"73,685"}},{"$f":"IF($B$15=\"Yes\",MIN(S2072*2,References!$B$7),0)","v":{"v":49123.38416666667,"d":"49,123"}},{"$f":"IF(AND(D2072<>0,$B$16=\"Yes\"),References!$B$6,0)","v":{"v":100000,"d":"100,000"}},{"$f":"IF($B$17=\"Yes\",MIN(R2072,SUM($B$8:$B$9))-S2072,0)","v":{"v":4334.416250000002,"d":"4,334"}},{"$f":"MIN(K2072*G2072,$B$8)","v":{"v":26141.875,"d":"26,142"}},{"$f":"MIN(K2072*H2072,$B$9)","v":{"v":3485.583333333334,"d":"3,486"}},{"$f":"Z2072+Y2072","v":{"v":29627.458333333336,"d":"29,627"}},{"$f":"M2072-Z2072","v":{"v":40084.20833333333,"d":"40,084"}},{"$f":"(M2072*12-(VLOOKUP(AB2072*12,'Tax table'!$A$3:$C$10,3)*(AB2072*12-VLOOKUP(AB2072*12,'Tax table'!$A$3:$C$10,1))+VLOOKUP(AB2072*12,'Tax table'!$A$3:$C$10,2)))/12","v":{"v":34668.28333333333,"d":"34,668"}},{"$f":"MIN(AA2072,AC2072)","v":{"v":29627.458333333336,"d":"29,627"}},{"$f":"AD2072/O2072","v":{"v":0.8545983672876795,"d":"85.5%"}}]
["Member 221","1991-05-24","F",{"v":428088,"d":"428,088"},{"v":0.8,"d":"80%"},{"v":0.85,"d":"85%"},{"v":0.75,"d":"75%"},{"v":0.1,"d":"10%"},null,27,{"v":35674,"d":"35,674"},{"v":3567.4,"d":"3,567"},{"v":44592.5,"d":"44,593"},{"v":41025.1,"d":"41,025"},{"$f":"(M2089*12-(VLOOKUP(N2089*12,'Tax table'!$A$3:$C$10,3)*(N2089*12-VLOOKUP(N2089*12,'Tax table'!$A$3:$C$10,1))+VLOOKUP(N2089*12,'Tax table'!$A$3:$C$10,2)))/12","v":{"v":35352.27066666667,"d":"35,352"}},{"v":32106.6,"d":"32,107"},{"$f":"(VLOOKUP(P2089*12,'Tax table'!$A$3:$C$10,3)*(P2089*12-VLOOKUP(P2089*12,'Tax table'!$A$3:$C$10,1))+VLOOKUP(P2089*12,'Tax table'!$A$3:$C$10,2))/12","v":{"v":6187.9935,"d":"6,188"}},{"v":29486.0065,"d":"29,486"},{"v":25063.105525,"d":"25,063"},{"v":0.7089532030719534,"d":"70.9%"},{"v":75189.316575,"d":"75,189"},{"$f":"IF($B$15=\"Yes\",MIN(S2089*2,References!$B$7),0)","v":{"v":50126.21105,"d":"50,126"}},{"$f":"IF(AND(D2089<>0,$B$16=\"Yes\"),References!$B$6,0)","v":{"v":100000,"d":"100,000"}},{"v":4422.9009750000005,"d":"4,423"},{"v":26755.5,"d":"26,756"},{"v":3567.4,"d":"3,567"},{"v":30322.9,"d":"30,323"},{"v":41025.1,"d":"41,025"},{"$f":"(M2089*12-(VLOOKUP(AB2089*12,'Tax table'!$A$3:$C$10,3)*(AB2089*12-VLOOKUP(AB2089*12,'Tax table'!$A$3:$C$10,1))+VLOOKUP(AB2089*12,'Tax table'!$A$3:$C$10,2)))/12","v":{"v":35352.27066666667,"d":"35,352"}},{"v":30322.9,"d":"30,323"},{"v":0.8577355691211989,"d":"85.8%"}]
["Member 215","1967-12-22","F",{"v":429982,"d":"429,982"},{"v":0.8,"d":"80%"},{"v":0.85,"d":"85%"},{"v":0.75,"d":"75%"},{"v":0.1,"d":"10%"},null,50,{"v":35831.833333333336,"d":"35,832"},{"v":3583.183333333334,"d":"3,583"},{"v":44789.791666666664,"d":"44,790"},{"v":41206.60833333333,"d":"41,207"},{"$f":"(M2095*12-(VLOOKUP(N2095*12,'Tax table'!$A$3:$C$10,3)*(N2095*12-VLOOKUP(N2095*12,'Tax table'!$A$3:$C$10,1))+VLOOKUP(N2095*12,'Tax table'!$A$3:$C$10,2)))/12","v":{"v":35484.219333333334,"d":"35,484"}},{"v":32248.65,"d":"32,249"},{"$f":"(VLOOKUP(P2095*12,'Tax table'!$A$3:$C$10,3)*(P2095*12-VLOOKUP(P2095*12,'Tax table'!$A$3:$C$10,1))+VLOOKUP(P2095*12,'Tax table'!$A$3:$C$10,2))/12","v":{"v":6232.029000000001,"d":"6,232"}},{"v":29599.804333333333,"d":"29,600"},{"v":25159.833683333334,"d":"25,160"},{"v":0.7090428972661256,"d":"70.9%"},{"v":75479.50105,"d":"75,480"},{"$f":"IF($B$15=\"Yes\",MIN(S2095*2,References!$B$7),0)","v":{"v":50319.66736666667,"d":"50,320"}},{"$f":"IF(AND(D2095<>0,$B$16=\"Yes\"),References!$B$6,0)","v":{"v":100000,"d":"100,000"}},{"v":4439.970649999999,"d":"4,440"},{"v":26873.875,"d":"26,874"},{"v":3583.183333333334,"d":"3,583"},{"v":30457.058333333334,"d":"30,457"},{"v":41206.60833333333,"d":"41,207"},{"$f":"(M2095*12-(VLOOKUP(AB2095*12,'Tax table'!$A$3:$C$10,3)*(AB2095*12-VLOOKUP(AB2095*12,'Tax table'!$A$3:$C$10,1))+VLOOKUP(AB2095*12,'Tax table'!$A$3:$C$10,2)))/12","v":{"v":35484.219333333334,"d":"35,484"}},{"v":30457.058333333334,"d":"30,457"},{"v":0.8583268536141202,"d":"85.8%"}]
["Member 198","1982-06-25","F",{"v":434676,"d":"434,676"},{"v":0.8,"d":"80%"},{"v":0.85,"d":"85%"},{"v":0.75,"d":"75%"},{"v":0.1,"d":"10%"},null,36,{"v":36223,"d":"36,223"},{"v":3622.3,"d":"3,622"},{"v":45278.75,"d":"45,279"},{"v":41656.45,"d":"41,656"},{"$f":"(M2105*12-(VLOOKUP(N2105*12,'Tax table'!$A$3:$C$10,3)*(N2105*12-VLOOKUP(N2105*12,'Tax table'!$A$3:$C$10,1))+VLOOKUP(N2105*12,'Tax table'!$A$3:$C$10,2)))/12","v":{"v":35811.23466666666,"d":"35,811"}},{"v":32600.7,"d":"32,601"},{"$f":"(VLOOKUP(P2105*12,'Tax table'!$A$3:$C$10,3)*(P2105*12-VLOOKUP(P2105*12,'Tax table'!$A$3:$C$10,1))+VLOOKUP(P2105*12,'Tax table'!$A$3:$C$10,2))/12","v":{"v":6341.1645,"d":"6,341"}},{"v":29881.8355,"d":"29,882"},{"v":25399.560175,"d":"25,400"},{"v":0.7092623421510256,"d":"70.9%"},{"v":76198.680525,"d":"76,199"},{"$f":"IF($B$15=\"Yes\",MIN(S2105*2,References!$B$7),0)","v":{"v":50799.12035,"d":"50,799"}},{"$f":"IF(AND(D2105<>0,$B$16=\"Yes\"),References!$B$6,0)","v":{"v":100000,"d":"100,000"}},{"v":4482.275325000002,"d":"4,482"},{"v":27167.25,"d":"27,167"},{"v":3622.3,"d":"3,622"},{"v":30789.55,"d":"30,790"},{"v":41656.45,"d":"41,656"},{"$f":"(M2105*12-(VLOOKUP(AB2105*12,'Tax table'!$A$3:$C$10,3)*(AB2105*12-VLOOKUP(AB2105*12,'Tax table'!$A$3:$C$10,1))+VLOOKUP(AB2105*12,'Tax table'!$A$3:$C$10,2)))/12","v":{"v":35811.23466666666,"d":"35,811"}},{"v":30789.55,"d":"30,790"},{"v":0.8597734841200301,"d":"86.0%"}]
["Member 188","1978-01-11","M",{"v":442620,"d":"442,620"},{"v":0.8,"d":"80%"},{"v":0.85,"d":"85%"},{"v":0.75,"d":"75%"},{"v":0.1,"d":"10%"},null,40,{"v":36885,"d":"36,885"},{"v":3688.5,"d":"3,689"},{"v":46106.25,"d":"46,106"},{"v":42417.75,"d":"42,418"},{"$f":"(M2122*12-(VLOOKUP(N2122*12,'Tax table'!$A$3:$C$10,3)*(N2122*12-VLOOKUP(N2122*12,'Tax table'!$A$3:$C$10,1))+VLOOKUP(N2122*12,'Tax table'!$A$3:$C$10,2)))/12","v":{"v":36364.666666666664,"d":"36,365"}},{"v":33196.5,"d":"33,197"},{"$f":"(VLOOKUP(P2122*12,'Tax table'!$A$3:$C$10,3)*(P2122*12-VLOOKUP(P2122*12,'Tax table'!$A$3:$C$10,1))+VLOOKUP(P2122*12,'Tax table'!$A$3:$C$10,2))/12","v":{"v":6525.8625,"d":"6,526"}},{"v":30359.1375,"d":"30,359"},{"v":25805.266875,"d":"25,805"},{"v":0.7096247330283976,"d":"71.0%"},{"v":77415.800625,"d":"77,416"},{"$f":"IF($B$15=\"Yes\",MIN(S2122*2,References!$B$7),0)","v":{"v":51610.53375,"d":"51,611"}},{"$f":"IF(AND(D2122<>0,$B$16=\"Yes\"),References!$B$6,0)","v":{"v":100000,"d":"100,000"}},{"v":4553.870625,"d":"4,554"},{"v":27663.75,"d":"27,664"},{"v":3688.5,"d":"3,689"},{"v":31352.25,"d":"31,352"},{"v":42417.75,"d":"42,418"},{"$f":"(M2122*12-(VLOOKUP(AB2122*12,'Tax table'!$A$3:$C$10,3)*(AB2122*12-VLOOKUP(AB2122*12,'Tax table'!$A$3:$C$10,1))+VLOOKUP(AB2122*12,'Tax table'!$A$3:$C$10,2)))/12","v":{"v":36364.666666666664,"d":"36,365"}},{"v":31352.25,"d":"31,352"},{"v":0.8621624470639999,"d":"86.2%"}]
["Member 180","1977-04-09","F",{"v":448692,"d":"448,692"},{"v":0.8,"d":"80%"},{"v":0.85,"d":"85%"},{"v":0.75,"d":"75%"},{"v":0.1,"d":"10%"},null,41,{"v":37391,"d":"37,391"},{"v":3739.1000000000004,"d":"3,739"},{"v":46738.75,"d":"46,739"},{"v":42999.65,"d":"43,000"},{"$f":"(M2128*12-(VLOOKUP(N2128*12,'Tax table'!$A$3:$C$10,3)*(N2128*12-VLOOKUP(N2128*12,'Tax table'!$A$3:$C$10,1))+VLOOKUP(N2128*12,'Tax table'!$A$3:$C$10,2)))/12","v":{"v":36787.68266666667,"d":"36,788"}},{"v":33651.9,"d":"33,652"},{"$f":"(VLOOKUP(P2128*12,'Tax table'!$A$3:$C$10,3)*(P2128*12-VLOOKUP(P2128*12,'Tax table'!$A$3:$C$10,1))+VLOOKUP(P2128*12,'Tax table'!$A$3:$C$10,2))/12","v":{"v":6667.036500000001,"d":"6,667"}},{"v":30723.963499999998,"d":"30,724"},{"v":26115.368974999998,"d":"26,115"},{"v":0.7098943744739633,"d":"71.0%"},{"v":78346.106925,"d":"78,346"},{"$f":"IF($B$15=\"Yes\",MIN(S2128*2,References!$B$7),0)","v":{"v":52230.737949999995,"d":"52,231"}},{"$f":"IF(AND(D2128<>0,$B$16=\"Yes\"),References!$B$6,0)","v":{"v":100000,"d":"100,000"}},{"v":4608.594525,"d":"4,609"},{"v":28043.25,"d":"28,043"},{"v":3739.1000000000004,"d":"3,739"},{"v":31782.35,"d":"31,782"},{"v":42999.65,"d":"43,000"},{"$f":"(M2128*12-(VLOOKUP(AB2128*12,'Tax table'!$A$3:$C$10,3)*(AB2128*12-VLOOKUP(AB2128*12,'Tax table'!$A$3:$C$10,1))+VLOOKUP(AB2128*12,'Tax table'!$A$3:$C$10,2)))/12","v":{"v":36787.68266666667,"d":"36,788"}},{"v":31782.35,"d":"31,782"},{"v":0.8639399846948772,"d":"86.4%"}]
["Member 177","1987-07-02","F",{"v":448693,"d":"448,693"},{"v":0.8,"d":"80%"},{"v":0.85,"d":"85%"},{"v":0.75,"d":"75%"},{"v":0.1,"d":"10%"},null,31,{"v":37391.083333333336,"d":"37,391"},{"v":3739.1083333333336,"d":"3,739"},{"v":46738.854166666664,"d":"46,739"},{"v":42999.745833333334,"d":"43,000"},{"$f":"(M2138*12-(VLOOKUP(N2138*12,'Tax table'!$A$3:$C$10,3)*(N2138*12-VLOOKUP(N2138*12,'Tax table'!$A$3:$C$10,1))+VLOOKUP(N2138*12,'Tax table'!$A$3:$C$10,2)))/12","v":{"v":36787.75233333333,"d":"36,788"}},{"v":33651.975000000006,"d":"33,652"},{"$f":"(VLOOKUP(P2138*12,'Tax table'!$A$3:$C$10,3)*(P2138*12-VLOOKUP(P2138*12,'Tax table'!$A$3:$C$10,1))+VLOOKUP(P2138*12,'Tax table'!$A$3:$C$10,2))/12","v":{"v":6667.059750000001,"d":"6,667"}},{"v":30724.023583333335,"d":"30,724"},{"v":26115.420045833336,"d":"26,115"},{"v":0.7098944183705997,"d":"71.0%"},{"v":78346.26013750001,"d":"78,346"},{"$f":"IF($B$15=\"Yes\",MIN(S2138*2,References!$B$7),0)","v":{"v":52230.84009166667,"d":"52,231"}},{"$f":"IF(AND(D2138<>0,$B$16=\"Yes\"),References!$B$6,0)","v":{"v":100000,"d":"100,000"}},{"v":4608.603537499999,"d":"4,609"},{"v":28043.3125,"d":"28,043"},{"v":3739.1083333333336,"d":"3,739"},{"v":31782.420833333334,"d":"31,782"},{"v":42999.745833333334,"d":"43,000"},{"$f":"(M2138*12-(VLOOKUP(AB2138*12,'Tax table'!$A$3:$C$10,3)*(AB2138*12-VLOOKUP(AB2138*12,'Tax table'!$A$3:$C$10,1))+VLOOKUP(AB2138*12,'Tax table'!$A$3:$C$10,2)))/12","v":{"v":36787.75233333333,"d":"36,788"}},{"v":31782.420833333334,"d":"31,782"},{"v":0.8639402740714693,"d":"86.4%"}]
["Member 153","1979-10-03","F",{"v":452709,"d":"452,709"},{"v":0.8,"d":"80%"},{"v":0.85,"d":"85%"},{"v":0.75,"d":"75%"},{"v":0.1,"d":"10%"},null,39,{"v":37725.75,"d":"37,726"},{"v":3772.5750000000003,"d":"3,773"},{"v":47157.1875,"d":"47,157"},{"v":43384.6125,"d":"43,385"},{"$f":"(M2155*12-(VLOOKUP(N2155*12,'Tax table'!$A$3:$C$10,3)*(N2155*12-VLOOKUP(N2155*12,'Tax table'!$A$3:$C$10,1))+VLOOKUP(N2155*12,'Tax table'!$A$3:$C$10,2)))/12","v":{"v":37067.53366666666,"d":"37,068"}},{"v":33953.175,"d":"33,953"},{"$f":"(VLOOKUP(P2155*12,'Tax table'!$A$3:$C$10,3)*(P2155*12-VLOOKUP(P2155*12,'Tax table'!$A$3:$C$10,1))+VLOOKUP(P2155*12,'Tax table'!$A$3:$C$10,2))/12","v":{"v":6760.431750000001,"d":"6,760"}},{"v":30965.31825,"d":"30,965"},{"v":26320.5205125,"d":"26,321"},{"v":0.7100693763224118,"d":"71.0%"},{"v":78961.5615375,"d":"78,962"},{"$f":"IF($B$15=\"Yes\",MIN(S2155*2,References!$B$7),0)","v":{"v":52641.041025,"d":"52,641"}},{"$f":"IF(AND(D2155<>0,$B$16=\"Yes\"),References!$B$6,0)","v":{"v":100000,"d":"100,000"}},{"v":4644.797737500001,"d":"4,645"},{"v":28294.3125,"d":"28,294"},{"v":3772.5750000000003,"d":"3,773"},{"v":32066.8875,"d":"32,067"},{"v":43384.6125,"d":"43,385"},{"$f":"(M2155*12-(VLOOKUP(AB2155*12,'Tax table'!$A$3:$C$10,3)*(AB2155*12-VLOOKUP(AB2155*12,'Tax table'!$A$3:$C$10,1))+VLOOKUP(AB2155*12,'Tax table'!$A$3:$C$10,2)))/12","v":{"v":37067.53366666666,"d":"37,068"}},{"v":32066.8875,"d":"32,067"},{"v":0.8650936366137696,"d":"86.5%"}]
["Member 145","1958-06-21","F",{"v":456646,"d":"456,646"},{"v":0.8,"d":"80%"},{"v":0.85,"d":"85%"},{"v":0.75,"d":"75%"},{"v":0.1,"d":"10%"},null,60,{"v":38053.833333333336,"d":"38,054"},{"v":3805.3833333333337,"d":"3,805"},{"v":47567.291666666664,"d":"47,567"},{"v":43761.90833333333,"d":"43,762"},{"$f":"(M2165*12-(VLOOKUP(N2165*12,'Tax table'!$A$3:$C$10,3)*(N2165*12-VLOOKUP(N2165*12,'Tax table'!$A$3:$C$10,1))+VLOOKUP(N2165*12,'Tax table'!$A$3:$C$10,2)))/12","v":{"v":37341.81133333334,"d":"37,342"}},{"v":34248.450000000004,"d":"34,248"},{"$f":"(VLOOKUP(P2165*12,'Tax table'!$A$3:$C$10,3)*(P2165*12-VLOOKUP(P2165*12,'Tax table'!$A$3:$C$10,1))+VLOOKUP(P2165*12,'Tax table'!$A$3:$C$10,2))/12","v":{"v":6851.967000000001,"d":"6,852"}},{"v":31201.866333333335,"d":"31,202"},{"v":26521.586383333335,"d":"26,522"},{"v":0.7102383477487799,"d":"71.0%"},{"v":79564.75915,"d":"79,565"},{"$f":"IF($B$15=\"Yes\",MIN(S2165*2,References!$B$7),0)","v":{"v":53043.17276666667,"d":"53,043"}},{"$f":"IF(AND(D2165<>0,$B$16=\"Yes\"),References!$B$6,0)","v":{"v":100000,"d":"100,000"}},{"v":4680.27995,"d":"4,680"},{"v":28540.375,"d":"28,540"},{"v":3805.3833333333337,"d":"3,805"},{"v":32345.758333333335,"d":"32,346"},{"v":43761.90833333333,"d":"43,762"},{"$f":"(M2165*12-(VLOOKUP(AB2165*12,'Tax table'!$A$3:$C$10,3)*(AB2165*12-VLOOKUP(AB2165*12,'Tax table'!$A$3:$C$10,1))+VLOOKUP(AB2165*12,'Tax table'!$A$3:$C$10,2)))/12","v":{"v":37341.81133333334,"d":"37,342"}},{"v":32345.758333333335,"d":"32,346"},{"v":0.8662075346211111,"d":"86.6%"}]
["Member 139","1960-01-26","F",{"v":465338,"d":"465,338"},{"v":0.8,"d":"80%"},{"v":0.85,"d":"85%"},{"v":0.75,"d":"75%"},{"v":0.1,"d":"10%"},null,58,{"v":38778.166666666664,"d":"38,778"},{"v":3877.8166666666666,"d":"3,878"},{"v":48472.70833333333,"d":"48,473"},{"v":44594.89166666666,"d":"44,595"},{"$f":"(M2171*12-(VLOOKUP(N2171*12,'Tax table'!$A$3:$C$10,3)*(N2171*12-VLOOKUP(N2171*12,'Tax table'!$A$3:$C$10,1))+VLOOKUP(N2171*12,'Tax table'!$A$3:$C$10,2)))/12","v":{"v":37947.354,"d":"37,947"}},{"v":34900.35,"d":"34,900"},{"$f":"(VLOOKUP(P2171*12,'Tax table'!$A$3:$C$10,3)*(P2171*12-VLOOKUP(P2171*12,'Tax table'!$A$3:$C$10,1))+VLOOKUP(P2171*12,'Tax table'!$A$3:$C$10,2))/12","v":{"v":7054.056,"d":"7,054"}},{"v":31724.110666666664,"d":"31,724"},{"v":26965.494066666663,"d":"26,965"},{"v":0.7106027489206932,"d":"71.1%"},{"v":80896.48219999998,"d":"80,896"},{"$f":"IF($B$15=\"Yes\",MIN(S2171*2,References!$B$7),0)","v":{"v":53930.988133333325,"d":"53,931"}},{"$f":"IF(AND(D2171<>0,$B$16=\"Yes\"),References!$B$6,0)","v":{"v":100000,"d":"100,000"}},{"v":4758.616600000001,"d":"4,759"},{"v":29083.625,"d":"29,084"},{"v":3877.8166666666666,"d":"3,878"},{"v":32961.441666666666,"d":"32,961"},{"v":44594.89166666666,"d":"44,595"},{"$f":"(M2171*12-(VLOOKUP(AB2171*12,'Tax table'!$A$3:$C$10,3)*(AB2171*12-VLOOKUP(AB2171*12,'Tax table'!$A$3:$C$10,1))+VLOOKUP(AB2171*12,'Tax table'!$A$3:$C$10,2)))/12","v":{"v":37947.354,"d":"37,947"}},{"v":32961.441666666666,"d":"32,961"},{"v":0.8686097498831319,"d":"86.9%"}]
["Member 122","1973-01-25","M",{"v":507712,"d":"507,712"},{"v":0.8,"d":"80%"},{"v":0.85,"d":"85%"},{"v":0.75,"d":"75%"},{"v":0.1,"d":"10%"},null,45,{"v":42309.333333333336,"d":"42,309"},{"v":4230.933333333333,"d":"4,231"},{"v":52886.666666666664,"d":"52,887"},{"v":48655.73333333333,"d":"48,656"},{"$f":"(M2188*12-(VLOOKUP(N2188*12,'Tax table'!$A$3:$C$10,3)*(N2188*12-VLOOKUP(N2188*12,'Tax table'!$A$3:$C$10,1))+VLOOKUP(N2188*12,'Tax table'!$A$3:$C$10,2)))/12","v":{"v":40828.73983333333,"d":"40,829"}},{"v":38078.4,"d":"38,078"},{"$f":"(VLOOKUP(P2188*12,'Tax table'!$A$3:$C$10,3)*(P2188*12-VLOOKUP(P2188*12,'Tax table'!$A$3:$C$10,1))+VLOOKUP(P2188*12,'Tax table'!$A$3:$C$10,2))/12","v":{"v":8179.417333333334,"d":"8,179"}},{"v":34129.916000000005,"d":"34,130"},{"v":29010.428600000003,"d":"29,010"},{"v":0.7105394072514419,"d":"71.1%"},{"v":87031.28580000001,"d":"87,031"},{"$f":"IF($B$15=\"Yes\",MIN(S2188*2,References!$B$7),0)","v":{"v":58020.857200000006,"d":"58,021"}},{"$f":"IF(AND(D2188<>0,$B$16=\"Yes\"),References!$B$6,0)","v":{"v":100000,"d":"100,000"}},{"v":5119.487400000002,"d":"5,119"},{"v":31732,"d":"31,732"},{"v":4230.933333333333,"d":"4,231"},{"v":35962.933333333334,"d":"35,963"},{"v":48655.73333333333,"d":"48,656"},{"$f":"(M2188*12-(VLOOKUP(AB2188*12,'Tax table'!$A$3:$C$10,3)*(AB2188*12-VLOOKUP(AB2188*12,'Tax table'!$A$3:$C$10,1))+VLOOKUP(AB2188*12,'Tax table'!$A$3:$C$10,2)))/12","v":{"v":40828.73983333333,"d":"40,829"}},{"v":35962.933333333334,"d":"35,963"},{"v":0.880823985264726,"d":"88.1%"}]
["Member 109","1969-07-03","F",{"v":543672,"d":"543,672"},{"v":0.8,"d":"80%"},{"v":0.85,"d":"85%"},{"v":0.75,"d":"75%"},{"v":0.1,"d":"10%"},null,49,{"v":45306,"d":"45,306"},{"v":4530.6,"d":"4,531"},{"v":56632.5,"d":"56,633"},{"v":52101.9,"d":"52,102"},{"$f":"(M2202*12-(VLOOKUP(N2202*12,'Tax table'!$A$3:$C$10,3)*(N2202*12-VLOOKUP(N2202*12,'Tax table'!$A$3:$C$10,1))+VLOOKUP(N2202*12,'Tax table'!$A$3:$C$10,2)))/12","v":{"v":43230.568166666664,"d":"43,231"}},{"v":40775.4,"d":"40,775"},{"$f":"(VLOOKUP(P2202*12,'Tax table'!$A$3:$C$10,3)*(P2202*12-VLOOKUP(P2202*12,'Tax table'!$A$3:$C$10,1))+VLOOKUP(P2202*12,'Tax table'!$A$3:$C$10,2))/12","v":{"v":9150.337333333335,"d":"9,150"}},{"v":36155.66266666666,"d":"36,156"},{"v":30732.313266666664,"d":"30,732"},{"v":0.7108931149871656,"d":"71.1%"},{"v":92196.9398,"d":"92,197"},{"$f":"IF($B$15=\"Yes\",MIN(S2202*2,References!$B$7),0)","v":{"v":61464.62653333333,"d":"61,465"}},{"$f":"IF(AND(D2202<>0,$B$16=\"Yes\"),References!$B$6,0)","v":{"v":100000,"d":"100,000"}},{"v":5423.349399999999,"d":"5,423"},{"v":33979.5,"d":"33,980"},{"v":4530.6,"d":"4,531"},{"v":38510.1,"d":"38,510"},{"v":52101.9,"d":"52,102"},{"$f":"(M2202*12-(VLOOKUP(AB2202*12,'Tax table'!$A$3:$C$10,3)*(AB2202*12-VLOOKUP(AB2202*12,'Tax table'!$A$3:$C$10,1))+VLOOKUP(AB2202*12,'Tax table'!$A$3:$C$10,2)))/12","v":{"v":43230.568166666664,"d":"43,231"}},{"v":38510.1,"d":"38,510"},{"v":0.8908071680097319,"d":"89.1%"}]
["Member 105","1982-12-10","M",{"v":546300,"d":"546,300"},{"v":0.8,"d":"80%"},{"v":0.85,"d":"85%"},{"v":0.75,"d":"75%"},{"v":0.1,"d":"10%"},null,35,{"v":45525,"d":"45,525"},{"v":4552.5,"d":"4,553"},{"v":56906.25,"d":"56,906"},{"v":52353.75,"d":"52,354"},{"$f":"(M2205*12-(VLOOKUP(N2205*12,'Tax table'!$A$3:$C$10,3)*(N2205*12-VLOOKUP(N2205*12,'Tax table'!$A$3:$C$10,1))+VLOOKUP(N2205*12,'Tax table'!$A$3:$C$10,2)))/12","v":{"v":43406.09666666667,"d":"43,406"}},{"v":40972.5,"d":"40,973"},{"$f":"(VLOOKUP(P2205*12,'Tax table'!$A$3:$C$10,3)*(P2205*12-VLOOKUP(P2205*12,'Tax table'!$A$3:$C$10,1))+VLOOKUP(P2205*12,'Tax table'!$A$3:$C$10,2))/12","v":{"v":9221.293333333333,"d":"9,221"}},{"v":36303.706666666665,"d":"36,304"},{"v":30858.150666666665,"d":"30,858"},{"v":0.7109174294947352,"d":"71.1%"},{"v":92574.45199999999,"d":"92,574"},{"$f":"IF($B$15=\"Yes\",MIN(S2205*2,References!$B$7),0)","v":{"v":61716.30133333333,"d":"61,716"}},{"$f":"IF(AND(D2205<>0,$B$16=\"Yes\"),References!$B$6,0)","v":{"v":100000,"d":"100,000"}},{"v":5445.5560000000005,"d":"5,446"},{"v":34143.75,"d":"34,144"},{"v":4552.5,"d":"4,553"},{"v":38696.25,"d":"38,696"},{"v":52353.75,"d":"52,354"},{"$f":"(M2205*12-(VLOOKUP(AB2205*12,'Tax table'!$A$3:$C$10,3)*(AB2205*12-VLOOKUP(AB2205*12,'Tax table'!$A$3:$C$10,1))+VLOOKUP(AB2205*12,'Tax table'!$A$3:$C$10,2)))/12","v":{"v":43406.09666666667,"d":"43,406"}},{"v":38696.25,"d":"38,696"},{"v":0.8914934299935899,"d":"89.1%"}]
["Member 87","1981-09-12","F",{"v":611972,"d":"611,972"},{"v":0.8,"d":"80%"},{"v":0.85,"d":"85%"},{"v":0.75,"d":"75%"},{"v":0.1,"d":"10%"},null,37,{"v":50997.666666666664,"d":"50,998"},{"v":5099.766666666666,"d":"5,100"},{"v":63747.08333333333,"d":"63,747"},{"v":58647.316666666666,"d":"58,647"},{"$f":"(M2226*12-(VLOOKUP(N2226*12,'Tax table'!$A$3:$C$10,3)*(N2226*12-VLOOKUP(N2226*12,'Tax table'!$A$3:$C$10,1))+VLOOKUP(N2226*12,'Tax table'!$A$3:$C$10,2)))/12","v":{"v":47792.43899999999,"d":"47,792"}},{"v":45897.899999999994,"d":"45,898"},{"$f":"(VLOOKUP(P2226*12,'Tax table'!$A$3:$C$10,3)*(P2226*12-VLOOKUP(P2226*12,'Tax table'!$A$3:$C$10,1))+VLOOKUP(P2226*12,'Tax table'!$A$3:$C$10,2))/12","v":{"v":10994.43733333333,"d":"10,994"}},{"v":40003.22933333334,"d":"40,003"},{"v":34002.744933333335,"d":"34,003"},{"v":0.7114670363095162,"d":"71.1%"},{"v":102008.2348,"d":"102,008"},{"$f":"IF($B$15=\"Yes\",MIN(S2226*2,References!$B$7),0)","v":{"v":68005.48986666667,"d":"68,005"}},{"$f":"IF(AND(D2226<>0,$B$16=\"Yes\"),References!$B$6,0)","v":{"v":100000,"d":"100,000"}},{"v":6000.484400000001,"d":"6,000"},{"v":38248.25,"d":"38,248"},{"v":5099.766666666666,"d":"5,100"},{"v":43348.01666666666,"d":"43,348"},{"v":58647.316666666666,"d":"58,647"},{"$f":"(M2226*12-(VLOOKUP(AB2226*12,'Tax table'!$A$3:$C$10,3)*(AB2226*12-VLOOKUP(AB2226*12,'Tax table'!$A$3:$C$10,1))+VLOOKUP(AB2226*12,'Tax table'!$A$3:$C$10,2)))/12","v":{"v":47792.43899999999,"d":"47,792"}},{"v":43348.01666666666,"d":"43,348"},{"v":0.9070057434538269,"d":"90.7%"}]
["Member 75","1980-06-17","M",{"v":644360,"d":"644,360"},{"v":0.8,"d":"80%"},{"v":0.85,"d":"85%"},{"v":0.75,"d":"75%"},{"v":0.1,"d":"10%"},null,38,{"v":53696.666666666664,"d":"53,697"},{"v":5369.666666666667,"d":"5,370"},{"v":67120.83333333333,"d":"67,121"},{"v":61751.166666666664,"d":"61,751"},{"$f":"(M2232*12-(VLOOKUP(N2232*12,'Tax table'!$A$3:$C$10,3)*(N2232*12-VLOOKUP(N2232*12,'Tax table'!$A$3:$C$10,1))+VLOOKUP(N2232*12,'Tax table'!$A$3:$C$10,2)))/12","v":{"v":49901.182499999995,"d":"49,901"}},{"v":48327,"d":"48,327"},{"$f":"(VLOOKUP(P2232*12,'Tax table'!$A$3:$C$10,3)*(P2232*12-VLOOKUP(P2232*12,'Tax table'!$A$3:$C$10,1))+VLOOKUP(P2232*12,'Tax table'!$A$3:$C$10,2))/12","v":{"v":11929.720833333333,"d":"11,930"}},{"v":41766.94583333333,"d":"41,767"},{"v":35501.90395833333,"d":"35,502"},{"v":0.7114441417963058,"d":"71.1%"},{"v":106505.71187499998,"d":"106,506"},{"$f":"IF($B$15=\"Yes\",MIN(S2232*2,References!$B$7),0)","v":{"v":71003.80791666666,"d":"71,004"}},{"$f":"IF(AND(D2232<>0,$B$16=\"Yes\"),References!$B$6,0)","v":{"v":100000,"d":"100,000"}},{"v":6265.041875000003,"d":"6,265"},{"v":40272.5,"d":"40,273"},{"v":5369.666666666667,"d":"5,370"},{"v":45642.166666666664,"d":"45,642"},{"v":61751.166666666664,"d":"61,751"},{"$f":"(M2232*12-(VLOOKUP(AB2232*12,'Tax table'!$A$3:$C$10,3)*(AB2232*12-VLOOKUP(AB2232*12,'Tax table'!$A$3:$C$10,1))+VLOOKUP(AB2232*12,'Tax table'!$A$3:$C$10,2)))/12","v":{"v":49901.182499999995,"d":"49,901"}},{"v":45642.166666666664,"d":"45,642"},{"v":0.914651003844782,"d":"91.5%"}]
["Member 72","1975-04-25","F",{"v":675605,"d":"675,605"},{"v":0.8,"d":"80%"},{"v":0.85,"d":"85%"},{"v":0.75,"d":"75%"},{"v":0.1,"d":"10%"},null,43,{"v":56300.416666666664,"d":"56,300"},{"v":5630.041666666667,"d":"5,630"},{"v":70375.52083333333,"d":"70,376"},{"v":64745.479166666664,"d":"64,745"},{"$f":"(M2238*12-(VLOOKUP(N2238*12,'Tax table'!$A$3:$C$10,3)*(N2238*12-VLOOKUP(N2238*12,'Tax table'!$A$3:$C$10,1))+VLOOKUP(N2238*12,'Tax table'!$A$3:$C$10,2)))/12","v":{"v":51928.201875,"d":"51,928"}},{"v":50670.375,"d":"50,670"},{"$f":"(VLOOKUP(P2238*12,'Tax table'!$A$3:$C$10,3)*(P2238*12-VLOOKUP(P2238*12,'Tax table'!$A$3:$C$10,1))+VLOOKUP(P2238*12,'Tax table'!$A$3:$C$10,2))/12","v":{"v":12843.637083333333,"d":"12,844"}},{"v":43456.77958333333,"d":"43,457"},{"v":36938.26264583333,"d":"36,938"},{"v":0.7113333663035358,"d":"71.1%"},{"v":110814.78793749999,"d":"110,815"},{"$f":"IF($B$15=\"Yes\",MIN(S2238*2,References!$B$7),0)","v":{"v":73876.52529166666,"d":"73,877"}},{"$f":"IF(AND(D2238<>0,$B$16=\"Yes\"),References!$B$6,0)","v":{"v":100000,"d":"100,000"}},{"v":6518.516937499997,"d":"6,519"},{"v":42225.3125,"d":"42,225"},{"v":5630.041666666667,"d":"5,630"},{"v":47855.354166666664,"d":"47,855"},{"v":64745.479166666664,"d":"64,745"},{"$f":"(M2238*12-(VLOOKUP(AB2238*12,'Tax table'!$A$3:$C$10,3)*(AB2238*12-VLOOKUP(AB2238*12,'Tax table'!$A$3:$C$10,1))+VLOOKUP(AB2238*12,'Tax table'!$A$3:$C$10,2)))/12","v":{"v":51928.201875,"d":"51,928"}},{"v":47855.354166666664,"d":"47,855"},{"v":0.9215677115464662,"d":"92.2%"}]
["Member 51","1954-06-16","M",{"v":785080,"d":"785,080"},{"v":0.8,"d":"80%"},{"v":0.85,"d":"85%"},{"v":0.75,"d":"75%"},{"v":0.1,"d":"10%"},null,64,{"v":65423.333333333336,"d":"65,423"},{"v":6542.333333333334,"d":"6,542"},{"v":81779.16666666667,"d":"81,779"},{"v":75236.83333333334,"d":"75,237"},{"$f":"(M2259*12-(VLOOKUP(N2259*12,'Tax table'!$A$3:$C$10,3)*(N2259*12-VLOOKUP(N2259*12,'Tax table'!$A$3:$C$10,1))+VLOOKUP(N2259*12,'Tax table'!$A$3:$C$10,2)))/12","v":{"v":59030.392499999994,"d":"59,030"}},{"v":58881,"d":"58,881"},{"$f":"(VLOOKUP(P2259*12,'Tax table'!$A$3:$C$10,3)*(P2259*12-VLOOKUP(P2259*12,'Tax table'!$A$3:$C$10,1))+VLOOKUP(P2259*12,'Tax table'!$A$3:$C$10,2))/12","v":{"v":16045.780833333332,"d":"16,046"}},{"v":49377.552500000005,"d":"49,378"},{"v":41970.919625,"d":"41,971"},{"v":0.7110052609763692,"d":"71.1%"},{"v":125912.758875,"d":"125,913"},{"$f":"IF($B$15=\"Yes\",MIN(S2259*2,References!$B$7),0)","v":{"v":83941.83925,"d":"83,942"}},{"$f":"IF(AND(D2259<>0,$B$16=\"Yes\"),References!$B$6,0)","v":{"v":100000,"d":"100,000"}},{"v":7406.632875000003,"d":"7,407"},{"v":49067.5,"d":"49,068"},{"v":6542.333333333334,"d":"6,542"},{"v":55609.833333333336,"d":"55,610"},{"v":75236.83333333334,"d":"75,237"},{"$f":"(M2259*12-(VLOOKUP(AB2259*12,'Tax table'!$A$3:$C$10,3)*(AB2259*12-VLOOKUP(AB2259*12,'Tax table'!$A$3:$C$10,1))+VLOOKUP(AB2259*12,'Tax table'!$A$3:$C$10,2)))/12","v":{"v":59030.392499999994,"d":"59,030"}},{"v":55609.833333333336,"d":"55,610"},{"v":0.9420542703207223,"d":"94.2%"}]
["Member 45","1976-10-23","F",{"v":845871,"d":"845,871"},{"v":0.8,"d":"80%"},{"v":0.85,"d":"85%"},{"v":0.75,"d":"75%"},{"v":0.1,"d":"10%"},null,42,{"v":70489.25,"d":"70,489"},{"v":7048.925,"d":"7,049"},{"v":88111.5625,"d":"88,112"},{"v":81062.6375,"d":"81,063"},{"$f":"(M2265*12-(VLOOKUP(N2265*12,'Tax table'!$A$3:$C$10,3)*(N2265*12-VLOOKUP(N2265*12,'Tax table'!$A$3:$C$10,1))+VLOOKUP(N2265*12,'Tax table'!$A$3:$C$10,2)))/12","v":{"v":62974.20862500001,"d":"62,974"}},{"v":63440.325,"d":"63,440"},{"$f":"(VLOOKUP(P2265*12,'Tax table'!$A$3:$C$10,3)*(P2265*12-VLOOKUP(P2265*12,'Tax table'!$A$3:$C$10,1))+VLOOKUP(P2265*12,'Tax table'!$A$3:$C$10,2))/12","v":{"v":17912.205749999997,"d":"17,912"}},{"v":52577.044250000006,"d":"52,577"},{"v":44690.4876125,"d":"44,690"},{"v":0.7096633461267254,"d":"71.0%"},{"v":134071.4628375,"d":"134,071"},{"$f":"IF($B$15=\"Yes\",MIN(S2265*2,References!$B$7),0)","v":{"v":89380.975225,"d":"89,381"}},{"$f":"IF(AND(D2265<>0,$B$16=\"Yes\"),References!$B$6,0)","v":{"v":100000,"d":"100,000"}},{"v":7886.556637500005,"d":"7,887"},{"v":52866.9375,"d":"52,867"},{"v":7048.925,"d":"7,049"},{"v":59915.8625,"d":"59,916"},{"v":81062.6375,"d":"81,063"},{"$f":"(M2265*12-(VLOOKUP(AB2265*12,'Tax table'!$A$3:$C$10,3)*(AB2265*12-VLOOKUP(AB2265*12,'Tax table'!$A$3:$C$10,1))+VLOOKUP(AB2265*12,'Tax table'!$A$3:$C$10,2)))/12","v":{"v":62974.20862500001,"d":"62,974"}},{"v":59915.8625,"d":"59,916"},{"v":0.9514349415137251,"d":"95.1%"}]
["Member 39","1958-10-08","F",{"v":871842,"d":"871,842"},{"v":0.8,"d":"80%"},{"v":0.85,"d":"85%"},{"v":0.75,"d":"75%"},{"v":0.1,"d":"10%"},null,60,{"v":72653.5,"d":"72,654"},{"v":7265.35,"d":"7,265"},{"v":90816.875,"d":"90,817"},{"v":83551.525,"d":"83,552"},{"$f":"(M2271*12-(VLOOKUP(N2271*12,'Tax table'!$A$3:$C$10,3)*(N2271*12-VLOOKUP(N2271*12,'Tax table'!$A$3:$C$10,1))+VLOOKUP(N2271*12,'Tax table'!$A$3:$C$10,2)))/12","v":{"v":64659.07725,"d":"64,659"}},{"v":65388.15,"d":"65,388"},{"$f":"(VLOOKUP(P2271*12,'Tax table'!$A$3:$C$10,3)*(P2271*12-VLOOKUP(P2271*12,'Tax table'!$A$3:$C$10,1))+VLOOKUP(P2271*12,'Tax table'!$A$3:$C$10,2))/12","v":{"v":18710.814000000002,"d":"18,711"}},{"v":53942.686,"d":"53,943"},{"v":45851.2831,"d":"45,851"},{"v":0.7091236845635621,"d":"70.9%"},{"v":137553.8493,"d":"137,554"},{"$f":"IF($B$15=\"Yes\",MIN(S2271*2,References!$B$7),0)","v":{"v":91702.5662,"d":"91,703"}},{"$f":"IF(AND(D2271<>0,$B$16=\"Yes\"),References!$B$6,0)","v":{"v":100000,"d":"100,000"}},{"v":8091.402900000001,"d":"8,091"},{"v":54490.125,"d":"54,490"},{"v":7265.35,"d":"7,265"},{"v":61755.475,"d":"61,755"},{"v":83551.525,"d":"83,552"},{"$f":"(M2271*12-(VLOOKUP(AB2271*12,'Tax table'!$A$3:$C$10,3)*(AB2271*12-VLOOKUP(AB2271*12,'Tax table'!$A$3:$C$10,1))+VLOOKUP(AB2271*12,'Tax table'!$A$3:$C$10,2)))/12","v":{"v":64659.07725,"d":"64,659"}},{"v":61755.475,"d":"61,755"},{"v":0.9550936639758495,"d":"95.5%"}]
[{"$nulls":9},118,0,0,{"$error":"#DIV/0!"},{"$error":"#DIV/0!"},{"$f":"(M2292*12-(VLOOKUP(N2292*12,'Tax table'!$A$3:$C$10,3)*(N2292*12-VLOOKUP(N2292*12,'Tax table'!$A$3:$C$10,1))+VLOOKUP(N2292*12,'Tax table'!$A$3:$C$10,2)))/12","v":{"$error":"#DIV/0!"}},0,{"$f":"(VLOOKUP(P2292*12,'Tax table'!$A$3:$C$10,3)*(P2292*12-VLOOKUP(P2292*12,'Tax table'!$A$3:$C$10,1))+VLOOKUP(P2292*12,'Tax table'!$A$3:$C$10,2))/12","v":0},0,0,{"$error":"#DIV/0!"},0,{"$f":"IF($B$15=\"Yes\",MIN(S2292*2,References!$B$7),0)","v":0},{"$f":"IF(AND(D2292<>0,$B$16=\"Yes\"),References!$B$6,0)","v":0},0,0,0,0,{"$error":"#DIV/0!"},{"$f":"(M2292*12-(VLOOKUP(AB2292*12,'Tax table'!$A$3:$C$10,3)*(AB2292*12-VLOOKUP(AB2292*12,'Tax table'!$A$3:$C$10,1))+VLOOKUP(AB2292*12,'Tax table'!$A$3:$C$10,2)))/12","v":{"$error":"#DIV/0!"}},{"$error":"#DIV/0!"},{"$error":"#DIV/0!"}]
[{"$nulls":9},118,0,0,{"$error":"#DIV/0!"},{"$error":"#DIV/0!"},{"$f":"(M2298*12-(VLOOKUP(N2298*12,'Tax table'!$A$3:$C$10,3)*(N2298*12-VLOOKUP(N2298*12,'Tax table'!$A$3:$C$10,1))+VLOOKUP(N2298*12,'Tax table'!$A$3:$C$10,2)))/12","v":{"$error":"#DIV/0!"}},0,{"$f":"(VLOOKUP(P2298*12,'Tax table'!$A$3:$C$10,3)*(P2298*12-VLOOKUP(P2298*12,'Tax table'!$A$3:$C$10,1))+VLOOKUP(P2298*12,'Tax table'!$A$3:$C$10,2))/12","v":0},0,0,{"$error":"#DIV/0!"},0,{"$f":"IF($B$15=\"Yes\",MIN(S2298*2,References!$B$7),0)","v":0},{"$f":"IF(AND(D2298<>0,$B$16=\"Yes\"),References!$B$6,0)","v":0},0,0,0,0,{"$error":"#DIV/0!"},{"$f":"(M2298*12-(VLOOKUP(AB2298*12,'Tax table'!$A$3:$C$10,3)*(AB2298*12-VLOOKUP(AB2298*12,'Tax table'!$A$3:$C$10,1))+VLOOKUP(AB2298*12,'Tax table'!$A$3:$C$10,2)))/12","v":{"$error":"#DIV/0!"}},{"$error":"#DIV/0!"},{"$error":"#DIV/0!"}]
[{"$nulls":9},118,0,0,{"$error":"#DIV/0!"},{"$error":"#DIV/0!"},{"$f":"(M2308*12-(VLOOKUP(N2308*12,'Tax table'!$A$3:$C$10,3)*(N2308*12-VLOOKUP(N2308*12,'Tax table'!$A$3:$C$10,1))+VLOOKUP(N2308*12,'Tax table'!$A$3:$C$10,2)))/12","v":{"$error":"#DIV/0!"}},0,{"$f":"(VLOOKUP(P2308*12,'Tax table'!$A$3:$C$10,3)*(P2308*12-VLOOKUP(P2308*12,'Tax table'!$A$3:$C$10,1))+VLOOKUP(P2308*12,'Tax table'!$A$3:$C$10,2))/12","v":0},0,0,{"$error":"#DIV/0!"},0,{"$f":"IF($B$15=\"Yes\",MIN(S2308*2,References!$B$7),0)","v":0},{"$f":"IF(AND(D2308<>0,$B$16=\"Yes\"),References!$B$6,0)","v":0},0,0,0,0,{"$error":"#DIV/0!"},{"$f":"(M2308*12-(VLOOKUP(AB2308*12,'Tax table'!$A$3:$C$10,3)*(AB2308*12-VLOOKUP(AB2308*12,'Tax table'!$A$3:$C$10,1))+VLOOKUP(AB2308*12,'Tax table'!$A$3:$C$10,2)))/12","v":{"$error":"#DIV/0!"}},{"$error":"#DIV/0!"},{"$error":"#DIV/0!"}]
[{"$nulls":9},118,0,0,{"$error":"#DIV/0!"},{"$error":"#DIV/0!"},{"$f":"(M2325*12-(VLOOKUP(N2325*12,'Tax table'!$A$3:$C$10,3)*(N2325*12-VLOOKUP(N2325*12,'Tax table'!$A$3:$C$10,1))+VLOOKUP(N2325*12,'Tax table'!$A$3:$C$10,2)))/12","v":{"$error":"#DIV/0!"}},0,{"$f":"(VLOOKUP(P2325*12,'Tax table'!$A$3:$C$10,3)*(P2325*12-VLOOKUP(P2325*12,'Tax table'!$A$3:$C$10,1))+VLOOKUP(P2325*12,'Tax table'!$A$3:$C$10,2))/12","v":0},0,0,{"$error":"#DIV/0!"},0,{"$f":"IF($B$15=\"Yes\",MIN(S2325*2,References!$B$7),0)","v":0},{"$f":"IF(AND(D2325<>0,$B$16=\"Yes\"),References!$B$6,0)","v":0},0,0,0,0,{"$error":"#DIV/0!"},{"$f":"(M2325*12-(VLOOKUP(AB2325*12,'Tax table'!$A$3:$C$10,3)*(AB2325*12-VLOOKUP(AB2325*12,'Tax table'!$A$3:$C$10,1))+VLOOKUP(AB2325*12,'Tax table'!$A$3:$C$10,2)))/12","v":{"$error":"#DIV/0!"}},{"$error":"#DIV/0!"},{"$error":"#DIV/0!"}]
[{"$nulls":9},118,0,0,{"$error":"#DIV/0!"},{"$error":"#DIV/0!"},{"$f":"(M2331*12-(VLOOKUP(N2331*12,'Tax table'!$A$3:$C$10,3)*(N2331*12-VLOOKUP(N2331*12,'Tax table'!$A$3:$C$10,1))+VLOOKUP(N2331*12,'Tax table'!$A$3:$C$10,2)))/12","v":{"$error":"#DIV/0!"}},0,{"$f":"(VLOOKUP(P2331*12,'Tax table'!$A$3:$C$10,3)*(P2331*12-VLOOKUP(P2331*12,'Tax table'!$A$3:$C$10,1))+VLOOKUP(P2331*12,'Tax table'!$A$3:$C$10,2))/12","v":0},0,0,{"$error":"#DIV/0!"},0,{"$f":"IF($B$15=\"Yes\",MIN(S2331*2,References!$B$7),0)","v":0},{"$f":"IF(AND(D2331<>0,$B$16=\"Yes\"),References!$B$6,0)","v":0},0,0,0,0,{"$error":"#DIV/0!"},{"$f":"(M2331*12-(VLOOKUP(AB2331*12,'Tax table'!$A$3:$C$10,3)*(AB2331*12-VLOOKUP(AB2331*12,'Tax table'!$A$3:$C$10,1))+VLOOKUP(AB2331*12,'Tax table'!$A$3:$C$10,2)))/12","v":{"$error":"#DIV/0!"}},{"$error":"#DIV/0!"},{"$error":"#DIV/0!"}]
[{"$nulls":9},118,0,0,{"$error":"#DIV/0!"},{"$error":"#DIV/0!"},{"$f":"(M2341*12-(VLOOKUP(N2341*12,'Tax table'!$A$3:$C$10,3)*(N2341*12-VLOOKUP(N2341*12,'Tax table'!$A$3:$C$10,1))+VLOOKUP(N2341*12,'Tax table'!$A$3:$C$10,2)))/12","v":{"$error":"#DIV/0!"}},0,{"$f":"(VLOOKUP(P2341*12,'Tax table'!$A$3:$C$10,3)*(P2341*12-VLOOKUP(P2341*12,'Tax table'!$A$3:$C$10,1))+VLOOKUP(P2341*12,'Tax table'!$A$3:$C$10,2))/12","v":0},0,0,{"$error":"#DIV/0!"},0,{"$f":"IF($B$15=\"Yes\",MIN(S2341*2,References!$B$7),0)","v":0},{"$f":"IF(AND(D2341<>0,$B$16=\"Yes\"),References!$B$6,0)","v":0},0,0,0,0,{"$error":"#DIV/0!"},{"$f":"(M2341*12-(VLOOKUP(AB2341*12,'Tax table'!$A$3:$C$10,3)*(AB2341*12-VLOOKUP(AB2341*12,'Tax table'!$A$3:$C$10,1))+VLOOKUP(AB2341*12,'Tax table'!$A$3:$C$10,2)))/12","v":{"$error":"#DIV/0!"}},{"$error":"#DIV/0!"},{"$error":"#DIV/0!"}]
[{"$nulls":9},118,0,0,{"$error":"#DIV/0!"},{"$error":"#DIV/0!"},{"$f":"(M2358*12-(VLOOKUP(N2358*12,'Tax table'!$A$3:$C$10,3)*(N2358*12-VLOOKUP(N2358*12,'Tax table'!$A$3:$C$10,1))+VLOOKUP(N2358*12,'Tax table'!$A$3:$C$10,2)))/12","v":{"$error":"#DIV/0!"}},0,{"$f":"(VLOOKUP(P2358*12,'Tax table'!$A$3:$C$10,3)*(P2358*12-VLOOKUP(P2358*12,'Tax table'!$A$3:$C$10,1))+VLOOKUP(P2358*12,'Tax table'!$A$3:$C$10,2))/12","v":0},0,0,{"$error":"#DIV/0!"},0,{"$f":"IF($B$15=\"Yes\",MIN(S2358*2,References!$B$7),0)","v":0},{"$f":"IF(AND(D2358<>0,$B$16=\"Yes\"),References!$B$6,0)","v":0},0,0,0,0,{"$error":"#DIV/0!"},{"$f":"(M2358*12-(VLOOKUP(AB2358*12,'Tax table'!$A$3:$C$10,3)*(AB2358*12-VLOOKUP(AB2358*12,'Tax table'!$A$3:$C$10,1))+VLOOKUP(AB2358*12,'Tax table'!$A$3:$C$10,2)))/12","v":{"$error":"#DIV/0!"}},{"$error":"#DIV/0!"},{"$error":"#DIV/0!"}]
[{"$nulls":9},118,0,0,{"$error":"#DIV/0!"},{"$error":"#DIV/0!"},{"$f":"(M2364*12-(VLOOKUP(N2364*12,'Tax table'!$A$3:$C$10,3)*(N2364*12-VLOOKUP(N2364*12,'Tax table'!$A$3:$C$10,1))+VLOOKUP(N2364*12,'Tax table'!$A$3:$C$10,2)))/12","v":{"$error":"#DIV/0!"}},0,{"$f":"(VLOOKUP(P2364*12,'Tax table'!$A$3:$C$10,3)*(P2364*12-VLOOKUP(P2364*12,'Tax table'!$A$3:$C$10,1))+VLOOKUP(P2364*12,'Tax table'!$A$3:$C$10,2))/12","v":0},0,0,{"$error":"#DIV/0!"},0,{"$f":"IF($B$15=\"Yes\",MIN(S2364*2,References!$B$7),0)","v":0},{"$f":"IF(AND(D2364<>0,$B$16=\"Yes\"),References!$B$6,0)","v":0},0,0,0,0,{"$error":"#DIV/0!"},{"$f":"(M2364*12-(VLOOKUP(AB2364*12,'Tax table'!$A$3:$C$10,3)*(AB2364*12-VLOOKUP(AB2364*12,'Tax table'!$A$3:$C$10,1))+VLOOKUP(AB2364*12,'Tax table'!$A$3:$C$10,2)))/12","v":{"$error":"#DIV/0!"}},{"$error":"#DIV/0!"},{"$error":"#DIV/0!"}]
[{"$nulls":9},118,0,0,{"$error":"#DIV/0!"},{"$error":"#DIV/0!"},{"$f":"(M2374*12-(VLOOKUP(N2374*12,'Tax table'!$A$3:$C$10,3)*(N2374*12-VLOOKUP(N2374*12,'Tax table'!$A$3:$C$10,1))+VLOOKUP(N2374*12,'Tax table'!$A$3:$C$10,2)))/12","v":{"$error":"#DIV/0!"}},0,{"$f":"(VLOOKUP(P2374*12,'Tax table'!$A$3:$C$10,3)*(P2374*12-VLOOKUP(P2374*12,'Tax table'!$A$3:$C$10,1))+VLOOKUP(P2374*12,'Tax table'!$A$3:$C$10,2))/12","v":0},0,0,{"$error":"#DIV/0!"},0,{"$f":"IF($B$15=\"Yes\",MIN(S2374*2,References!$B$7),0)","v":0},{"$f":"IF(AND(D2374<>0,$B$16=\"Yes\"),References!$B$6,0)","v":0},0,0,0,0,{"$error":"#DIV/0!"},{"$f":"(M2374*12-(VLOOKUP(AB2374*12,'Tax table'!$A$3:$C$10,3)*(AB2374*12-VLOOKUP(AB2374*12,'Tax table'!$A$3:$C$10,1))+VLOOKUP(AB2374*12,'Tax table'!$A$3:$C$10,2)))/12","v":{"$error":"#DIV/0!"}},{"$error":"#DIV/0!"},{"$error":"#DIV/0!"}]
[{"$nulls":9},118,0,0,{"$error":"#DIV/0!"},{"$error":"#DIV/0!"},{"$f":"(M2391*12-(VLOOKUP(N2391*12,'Tax table'!$A$3:$C$10,3)*(N2391*12-VLOOKUP(N2391*12,'Tax table'!$A$3:$C$10,1))+VLOOKUP(N2391*12,'Tax table'!$A$3:$C$10,2)))/12","v":{"$error":"#DIV/0!"}},0,{"$f":"(VLOOKUP(P2391*12,'Tax table'!$A$3:$C$10,3)*(P2391*12-VLOOKUP(P2391*12,'Tax table'!$A$3:$C$10,1))+VLOOKUP(P2391*12,'Tax table'!$A$3:$C$10,2))/12","v":0},0,0,{"$error":"#DIV/0!"},0,{"$f":"IF($B$15=\"Yes\",MIN(S2391*2,References!$B$7),0)","v":0},{"$f":"IF(AND(D2391<>0,$B$16=\"Yes\"),References!$B$6,0)","v":0},0,0,0,0,{"$error":"#DIV/0!"},{"$f":"(M2391*12-(VLOOKUP(AB2391*12,'Tax table'!$A$3:$C$10,3)*(AB2391*12-VLOOKUP(AB2391*12,'Tax table'!$A$3:$C$10,1))+VLOOKUP(AB2391*12,'Tax table'!$A$3:$C$10,2)))/12","v":{"$error":"#DIV/0!"}},{"$error":"#DIV/0!"},{"$error":"#DIV/0!"}]
[{"$nulls":9},118,0,0,{"$error":"#DIV/0!"},{"$error":"#DIV/0!"},{"$f":"(M2401*12-(VLOOKUP(N2401*12,'Tax table'!$A$3:$C$10,3)*(N2401*12-VLOOKUP(N2401*12,'Tax table'!$A$3:$C$10,1))+VLOOKUP(N2401*12,'Tax table'!$A$3:$C$10,2)))/12","v":{"$error":"#DIV/0!"}},0,{"$f":"(VLOOKUP(P2401*12,'Tax table'!$A$3:$C$10,3)*(P2401*12-VLOOKUP(P2401*12,'Tax table'!$A$3:$C$10,1))+VLOOKUP(P2401*12,'Tax table'!$A$3:$C$10,2))/12","v":0},0,0,{"$error":"#DIV/0!"},0,{"$f":"IF($B$15=\"Yes\",MIN(S2401*2,References!$B$7),0)","v":0},{"$f":"IF(AND(D2401<>0,$B$16=\"Yes\"),References!$B$6,0)","v":0},0,0,0,0,{"$error":"#DIV/0!"},{"$f":"(M2401*12-(VLOOKUP(AB2401*12,'Tax table'!$A$3:$C$10,3)*(AB2401*12-VLOOKUP(AB2401*12,'Tax table'!$A$3:$C$10,1))+VLOOKUP(AB2401*12,'Tax table'!$A$3:$C$10,2)))/12","v":{"$error":"#DIV/0!"}},{"$error":"#DIV/0!"},{"$error":"#DIV/0!"}]
[{"$nulls":9},118,0,0,{"$error":"#DIV/0!"},{"$error":"#DIV/0!"},{"$f":"(M2407*12-(VLOOKUP(N2407*12,'Tax table'!$A$3:$C$10,3)*(N2407*12-VLOOKUP(N2407*12,'Tax table'!$A$3:$C$10,1))+VLOOKUP(N2407*12,'Tax table'!$A$3:$C$10,2)))/12","v":{"$error":"#DIV/0!"}},0,{"$f":"(VLOOKUP(P2407*12,'Tax table'!$A$3:$C$10,3)*(P2407*12-VLOOKUP(P2407*12,'Tax table'!$A$3:$C$10,1))+VLOOKUP(P2407*12,'Tax table'!$A$3:$C$10,2))/12","v":0},0,0,{"$error":"#DIV/0!"},0,{"$f":"IF($B$15=\"Yes\",MIN(S2407*2,References!$B$7),0)","v":0},{"$f":"IF(AND(D2407<>0,$B$16=\"Yes\"),References!$B$6,0)","v":0},0,0,0,0,{"$error":"#DIV/0!"},{"$f":"(M2407*12-(VLOOKUP(AB2407*12,'Tax table'!$A$3:$C$10,3)*(AB2407*12-VLOOKUP(AB2407*12,'Tax table'!$A$3:$C$10,1))+VLOOKUP(AB2407*12,'Tax table'!$A$3:$C$10,2)))/12","v":{"$error":"#DIV/0!"}},{"$error":"#DIV/0!"},{"$error":"#DIV/0!"}]
[{"$nulls":9},118,0,0,{"$error":"#DIV/0!"},{"$error":"#DIV/0!"},{"$f":"(M2424*12-(VLOOKUP(N2424*12,'Tax table'!$A$3:$C$10,3)*(N2424*12-VLOOKUP(N2424*12,'Tax table'!$A$3:$C$10,1))+VLOOKUP(N2424*12,'Tax table'!$A$3:$C$10,2)))/12","v":{"$error":"#DIV/0!"}},0,{"$f":"(VLOOKUP(P2424*12,'Tax table'!$A$3:$C$10,3)*(P2424*12-VLOOKUP(P2424*12,'Tax table'!$A$3:$C$10,1))+VLOOKUP(P2424*12,'Tax table'!$A$3:$C$10,2))/12","v":0},0,0,{"$error":"#DIV/0!"},0,{"$f":"IF($B$15=\"Yes\",MIN(S2424*2,References!$B$7),0)","v":0},{"$f":"IF(AND(D2424<>0,$B$16=\"Yes\"),References!$B$6,0)","v":0},0,0,0,0,{"$error":"#DIV/0!"},{"$f":"(M2424*12-(VLOOKUP(AB2424*12,'Tax table'!$A$3:$C$10,3)*(AB2424*12-VLOOKUP(AB2424*12,'Tax table'!$A$3:$C$10,1))+VLOOKUP(AB2424*12,'Tax table'!$A$3:$C$10,2)))/12","v":{"$error":"#DIV/0!"}},{"$error":"#DIV/0!"},{"$error":"#DIV/0!"}]
[{"$nulls":9},118,0,0,{"$error":"#DIV/0!"},{"$error":"#DIV/0!"},{"$f":"(M2434*12-(VLOOKUP(N2434*12,'Tax table'!$A$3:$C$10,3)*(N2434*12-VLOOKUP(N2434*12,'Tax table'!$A$3:$C$10,1))+VLOOKUP(N2434*12,'Tax table'!$A$3:$C$10,2)))/12","v":{"$error":"#DIV/0!"}},0,{"$f":"(VLOOKUP(P2434*12,'Tax table'!$A$3:$C$10,3)*(P2434*12-VLOOKUP(P2434*12,'Tax table'!$A$3:$C$10,1))+VLOOKUP(P2434*12,'Tax table'!$A$3:$C$10,2))/12","v":0},0,0,{"$error":"#DIV/0!"},0,{"$f":"IF($B$15=\"Yes\",MIN(S2434*2,References!$B$7),0)","v":0},{"$f":"IF(AND(D2434<>0,$B$16=\"Yes\"),References!$B$6,0)","v":0},0,0,0,0,{"$error":"#DIV/0!"},{"$f":"(M2434*12-(VLOOKUP(AB2434*12,'Tax table'!$A$3:$C$10,3)*(AB2434*12-VLOOKUP(AB2434*12,'Tax table'!$A$3:$C$10,1))+VLOOKUP(AB2434*12,'Tax table'!$A$3:$C$10,2)))/12","v":{"$error":"#DIV/0!"}},{"$error":"#DIV/0!"},{"$error":"#DIV/0!"}]
[{"$nulls":9},118,0,0,{"$error":"#DIV/0!"},{"$error":"#DIV/0!"},{"$f":"(M2447*12-(VLOOKUP(N2447*12,'Tax table'!$A$3:$C$10,3)*(N2447*12-VLOOKUP(N2447*12,'Tax table'!$A$3:$C$10,1))+VLOOKUP(N2447*12,'Tax table'!$A$3:$C$10,2)))/12","v":{"$error":"#DIV/0!"}},0,{"$f":"(VLOOKUP(P2447*12,'Tax table'!$A$3:$C$10,3)*(P2447*12-VLOOKUP(P2447*12,'Tax table'!$A$3:$C$10,1))+VLOOKUP(P2447*12,'Tax table'!$A$3:$C$10,2))/12","v":0},0,0,{"$error":"#DIV/0!"},0,{"$f":"IF($B$15=\"Yes\",MIN(S2447*2,References!$B$7),0)","v":0},{"$f":"IF(AND(D2447<>0,$B$16=\"Yes\"),References!$B$6,0)","v":0},0,0,0,0,{"$error":"#DIV/0!"},{"$f":"(M2447*12-(VLOOKUP(AB2447*12,'Tax table'!$A$3:$C$10,3)*(AB2447*12-VLOOKUP(AB2447*12,'Tax table'!$A$3:$C$10,1))+VLOOKUP(AB2447*12,'Tax table'!$A$3:$C$10,2)))/12","v":{"$error":"#DIV/0!"}},{"$error":"#DIV/0!"},{"$error":"#DIV/0!"}]
[{"$nulls":9},118,0,0,{"$error":"#DIV/0!"},{"$error":"#DIV/0!"},{"$f":"(M2451*12-(VLOOKUP(N2451*12,'Tax table'!$A$3:$C$10,3)*(N2451*12-VLOOKUP(N2451*12,'Tax table'!$A$3:$C$10,1))+VLOOKUP(N2451*12,'Tax table'!$A$3:$C$10,2)))/12","v":{"$error":"#DIV/0!"}},0,{"$f":"(VLOOKUP(P2451*12,'Tax table'!$A$3:$C$10,3)*(P2451*12-VLOOKUP(P2451*12,'Tax table'!$A$3:$C$10,1))+VLOOKUP(P2451*12,'Tax table'!$A$3:$C$10,2))/12","v":0},0,0,{"$error":"#DIV/0!"},0,{"$f":"IF($B$15=\"Yes\",MIN(S2451*2,References!$B$7),0)","v":0},{"$f":"IF(AND(D2451<>0,$B$16=\"Yes\"),References!$B$6,0)","v":0},0,0,0,0,{"$error":"#DIV/0!"},{"$f":"(M2451*12-(VLOOKUP(AB2451*12,'Tax table'!$A$3:$C$10,3)*(AB2451*12-VLOOKUP(AB2451*12,'Tax table'!$A$3:$C$10,1))+VLOOKUP(AB2451*12,'Tax table'!$A$3:$C$10,2)))/12","v":{"$error":"#DIV/0!"}},{"$error":"#DIV/0!"},{"$error":"#DIV/0!"}]
[{"$nulls":9},118,0,0,{"$error":"#DIV/0!"},{"$error":"#DIV/0!"},{"$f":"(M2468*12-(VLOOKUP(N2468*12,'Tax table'!$A$3:$C$10,3)*(N2468*12-VLOOKUP(N2468*12,'Tax table'!$A$3:$C$10,1))+VLOOKUP(N2468*12,'Tax table'!$A$3:$C$10,2)))/12","v":{"$error":"#DIV/0!"}},0,{"$f":"(VLOOKUP(P2468*12,'Tax table'!$A$3:$C$10,3)*(P2468*12-VLOOKUP(P2468*12,'Tax table'!$A$3:$C$10,1))+VLOOKUP(P2468*12,'Tax table'!$A$3:$C$10,2))/12","v":0},0,0,{"$error":"#DIV/0!"},0,{"$f":"IF($B$15=\"Yes\",MIN(S2468*2,References!$B$7),0)","v":0},{"$f":"IF(AND(D2468<>0,$B$16=\"Yes\"),References!$B$6,0)","v":0},0,0,0,0,{"$error":"#DIV/0!"},{"$f":"(M2468*12-(VLOOKUP(AB2468*12,'Tax table'!$A$3:$C$10,3)*(AB2468*12-VLOOKUP(AB2468*12,'Tax table'!$A$3:$C$10,1))+VLOOKUP(AB2468*12,'Tax table'!$A$3:$C$10,2)))/12","v":{"$error":"#DIV/0!"}},{"$error":"#DIV/0!"},{"$error":"#DIV/0!"}]
[{"$nulls":9},118,0,0,{"$error":"#DIV/0!"},{"$error":"#DIV/0!"},{"$f":"(M2474*12-(VLOOKUP(N2474*12,'Tax table'!$A$3:$C$10,3)*(N2474*12-VLOOKUP(N2474*12,'Tax table'!$A$3:$C$10,1))+VLOOKUP(N2474*12,'Tax table'!$A$3:$C$10,2)))/12","v":{"$error":"#DIV/0!"}},0,{"$f":"(VLOOKUP(P2474*12,'Tax table'!$A$3:$C$10,3)*(P2474*12-VLOOKUP(P2474*12,'Tax table'!$A$3:$C$10,1))+VLOOKUP(P2474*12,'Tax table'!$A$3:$C$10,2))/12","v":0},0,0,{"$error":"#DIV/0!"},0,{"$f":"IF($B$15=\"Yes\",MIN(S2474*2,References!$B$7),0)","v":0},{"$f":"IF(AND(D2474<>0,$B$16=\"Yes\"),References!$B$6,0)","v":0},0,0,0,0,{"$error":"#DIV/0!"},{"$f":"(M2474*12-(VLOOKUP(AB2474*12,'Tax table'!$A$3:$C$10,3)*(AB2474*12-VLOOKUP(AB2474*12,'Tax table'!$A$3:$C$10,1))+VLOOKUP(AB2474*12,'Tax table'!$A$3:$C$10,2)))/12","v":{"$error":"#DIV/0!"}},{"$error":"#DIV/0!"},{"$error":"#DIV/0!"}]
[{"$nulls":9},118,0,0,{"$error":"#DIV/0!"},{"$error":"#DIV/0!"},{"$f":"(M2484*12-(VLOOKUP(N2484*12,'Tax table'!$A$3:$C$10,3)*(N2484*12-VLOOKUP(N2484*12,'Tax table'!$A$3:$C$10,1))+VLOOKUP(N2484*12,'Tax table'!$A$3:$C$10,2)))/12","v":{"$error":"#DIV/0!"}},0,{"$f":"(VLOOKUP(P2484*12,'Tax table'!$A$3:$C$10,3)*(P2484*12-VLOOKUP(P2484*12,'Tax table'!$A$3:$C$10,1))+VLOOKUP(P2484*12,'Tax table'!$A$3:$C$10,2))/12","v":0},0,0,{"$error":"#DIV/0!"},0,{"$f":"IF($B$15=\"Yes\",MIN(S2484*2,References!$B$7),0)","v":0},{"$f":"IF(AND(D2484<>0,$B$16=\"Yes\"),References!$B$6,0)","v":0},0,0,0,0,{"$error":"#DIV/0!"},{"$f":"(M2484*12-(VLOOKUP(AB2484*12,'Tax table'!$A$3:$C$10,3)*(AB2484*12-VLOOKUP(AB2484*12,'Tax table'!$A$3:$C$10,1))+VLOOKUP(AB2484*12,'Tax table'!$A$3:$C$10,2)))/12","v":{"$error":"#DIV/0!"}},{"$error":"#DIV/0!"},{"$error":"#DIV/0!"}]
[{"$nulls":9},118,0,0,{"$error":"#DIV/0!"},{"$error":"#DIV/0!"},{"$f":"(M2501*12-(VLOOKUP(N2501*12,'Tax table'!$A$3:$C$10,3)*(N2501*12-VLOOKUP(N2501*12,'Tax table'!$A$3:$C$10,1))+VLOOKUP(N2501*12,'Tax table'!$A$3:$C$10,2)))/12","v":{"$error":"#DIV/0!"}},0,{"$f":"(VLOOKUP(P2501*12,'Tax table'!$A$3:$C$10,3)*(P2501*12-VLOOKUP(P2501*12,'Tax table'!$A$3:$C$10,1))+VLOOKUP(P2501*12,'Tax table'!$A$3:$C$10,2))/12","v":0},0,0,{"$error":"#DIV/0!"},0,{"$f":"IF($B$15=\"Yes\",MIN(S2501*2,References!$B$7),0)","v":0},{"$f":"IF(AND(D2501<>0,$B$16=\"Yes\"),References!$B$6,0)","v":0},0,0,0,0,{"$error":"#DIV/0!"},{"$f":"(M2501*12-(VLOOKUP(AB2501*12,'Tax table'!$A$3:$C$10,3)*(AB2501*12-VLOOKUP(AB2501*12,'Tax table'!$A$3:$C$10,1))+VLOOKUP(AB2501*12,'Tax table'!$A$3:$C$10,2)))/12","v":{"$error":"#DIV/0!"}},{"$error":"#DIV/0!"},{"$error":"#DIV/0!"}]
[{"$nulls":9},118,0,0,{"$error":"#DIV/0!"},{"$error":"#DIV/0!"},{"$f":"(M2507*12-(VLOOKUP(N2507*12,'Tax table'!$A$3:$C$10,3)*(N2507*12-VLOOKUP(N2507*12,'Tax table'!$A$3:$C$10,1))+VLOOKUP(N2507*12,'Tax table'!$A$3:$C$10,2)))/12","v":{"$error":"#DIV/0!"}},0,{"$f":"(VLOOKUP(P2507*12,'Tax table'!$A$3:$C$10,3)*(P2507*12-VLOOKUP(P2507*12,'Tax table'!$A$3:$C$10,1))+VLOOKUP(P2507*12,'Tax table'!$A$3:$C$10,2))/12","v":0},0,0,{"$error":"#DIV/0!"},0,{"$f":"IF($B$15=\"Yes\",MIN(S2507*2,References!$B$7),0)","v":0},{"$f":"IF(AND(D2507<>0,$B$16=\"Yes\"),References!$B$6,0)","v":0},0,0,0,0,{"$error":"#DIV/0!"},{"$f":"(M2507*12-(VLOOKUP(AB2507*12,'Tax table'!$A$3:$C$10,3)*(AB2507*12-VLOOKUP(AB2507*12,'Tax table'!$A$3:$C$10,1))+VLOOKUP(AB2507*12,'Tax table'!$A$3:$C$10,2)))/12","v":{"$error":"#DIV/0!"}},{"$error":"#DIV/0!"},{"$error":"#DIV/0!"}]
[{"$nulls":9},118,0,0,{"$error":"#DIV/0!"},{"$error":"#DIV/0!"},{"$f":"(M2517*12-(VLOOKUP(N2517*12,'Tax table'!$A$3:$C$10,3)*(N2517*12-VLOOKUP(N2517*12,'Tax table'!$A$3:$C$10,1))+VLOOKUP(N2517*12,'Tax table'!$A$3:$C$10,2)))/12","v":{"$error":"#DIV/0!"}},0,{"$f":"(VLOOKUP(P2517*12,'Tax table'!$A$3:$C$10,3)*(P2517*12-VLOOKUP(P2517*12,'Tax table'!$A$3:$C$10,1))+VLOOKUP(P2517*12,'Tax table'!$A$3:$C$10,2))/12","v":0},0,0,{"$error":"#DIV/0!"},0,{"$f":"IF($B$15=\"Yes\",MIN(S2517*2,References!$B$7),0)","v":0},{"$f":"IF(AND(D2517<>0,$B$16=\"Yes\"),References!$B$6,0)","v":0},0,0,0,0,{"$error":"#DIV/0!"},{"$f":"(M2517*12-(VLOOKUP(AB2517*12,'Tax table'!$A$3:$C$10,3)*(AB2517*12-VLOOKUP(AB2517*12,'Tax table'!$A$3:$C$10,1))+VLOOKUP(AB2517*12,'Tax table'!$A$3:$C$10,2)))/12","v":{"$error":"#DIV/0!"}},{"$error":"#DIV/0!"},{"$error":"#DIV/0!"}]
[{"$nulls":9},118,0,0,{"$error":"#DIV/0!"},{"$error":"#DIV/0!"},{"$f":"(M2534*12-(VLOOKUP(N2534*12,'Tax table'!$A$3:$C$10,3)*(N2534*12-VLOOKUP(N2534*12,'Tax table'!$A$3:$C$10,1))+VLOOKUP(N2534*12,'Tax table'!$A$3:$C$10,2)))/12","v":{"$error":"#DIV/0!"}},0,{"$f":"(VLOOKUP(P2534*12,'Tax table'!$A$3:$C$10,3)*(P2534*12-VLOOKUP(P2534*12,'Tax table'!$A$3:$C$10,1))+VLOOKUP(P2534*12,'Tax table'!$A$3:$C$10,2))/12","v":0},0,0,{"$error":"#DIV/0!"},0,{"$f":"IF($B$15=\"Yes\",MIN(S2534*2,References!$B$7),0)","v":0},{"$f":"IF(AND(D2534<>0,$B$16=\"Yes\"),References!$B$6,0)","v":0},0,0,0,0,{"$error":"#DIV/0!"},{"$f":"(M2534*12-(VLOOKUP(AB2534*12,'Tax table'!$A$3:$C$10,3)*(AB2534*12-VLOOKUP(AB2534*12,'Tax table'!$A$3:$C$10,1))+VLOOKUP(AB2534*12,'Tax table'!$A$3:$C$10,2)))/12","v":{"$error":"#DIV/0!"}},{"$error":"#DIV/0!"},{"$error":"#DIV/0!"}]
[{"$nulls":9},118,0,0,{"$error":"#DIV/0!"},{"$error":"#DIV/0!"},{"$f":"(M2544*12-(VLOOKUP(N2544*12,'Tax table'!$A$3:$C$10,3)*(N2544*12-VLOOKUP(N2544*12,'Tax table'!$A$3:$C$10,1))+VLOOKUP(N2544*12,'Tax table'!$A$3:$C$10,2)))/12","v":{"$error":"#DIV/0!"}},0,{"$f":"(VLOOKUP(P2544*12,'Tax table'!$A$3:$C$10,3)*(P2544*12-VLOOKUP(P2544*12,'Tax table'!$A$3:$C$10,1))+VLOOKUP(P2544*12,'Tax table'!$A$3:$C$10,2))/12","v":0},0,0,{"$error":"#DIV/0!"},0,{"$f":"IF($B$15=\"Yes\",MIN(S2544*2,References!$B$7),0)","v":0},{"$f":"IF(AND(D2544<>0,$B$16=\"Yes\"),References!$B$6,0)","v":0},0,0,0,0,{"$error":"#DIV/0!"},{"$f":"(M2544*12-(VLOOKUP(AB2544*12,'Tax table'!$A$3:$C$10,3)*(AB2544*12-VLOOKUP(AB2544*12,'Tax table'!$A$3:$C$10,1))+VLOOKUP(AB2544*12,'Tax table'!$A$3:$C$10,2)))/12","v":{"$error":"#DIV/0!"}},{"$error":"#DIV/0!"},{"$error":"#DIV/0!"}]
[{"$nulls":9},118,0,0,{"$error":"#DIV/0!"},{"$error":"#DIV/0!"},{"$f":"(M2550*12-(VLOOKUP(N2550*12,'Tax table'!$A$3:$C$10,3)*(N2550*12-VLOOKUP(N2550*12,'Tax table'!$A$3:$C$10,1))+VLOOKUP(N2550*12,'Tax table'!$A$3:$C$10,2)))/12","v":{"$error":"#DIV/0!"}},0,{"$f":"(VLOOKUP(P2550*12,'Tax table'!$A$3:$C$10,3)*(P2550*12-VLOOKUP(P2550*12,'Tax table'!$A$3:$C$10,1))+VLOOKUP(P2550*12,'Tax table'!$A$3:$C$10,2))/12","v":0},0,0,{"$error":"#DIV/0!"},0,{"$f":"IF($B$15=\"Yes\",MIN(S2550*2,References!$B$7),0)","v":0},{"$f":"IF(AND(D2550<>0,$B$16=\"Yes\"),References!$B$6,0)","v":0},0,0,0,0,{"$error":"#DIV/0!"},{"$f":"(M2550*12-(VLOOKUP(AB2550*12,'Tax table'!$A$3:$C$10,3)*(AB2550*12-VLOOKUP(AB2550*12,'Tax table'!$A$3:$C$10,1))+VLOOKUP(AB2550*12,'Tax table'!$A$3:$C$10,2)))/12","v":{"$error":"#DIV/0!"}},{"$error":"#DIV/0!"},{"$error":"#DIV/0!"}]
[{"$nulls":9},118,0,0,{"$error":"#DIV/0!"},{"$error":"#DIV/0!"},{"$f":"(M2567*12-(VLOOKUP(N2567*12,'Tax table'!$A$3:$C$10,3)*(N2567*12-VLOOKUP(N2567*12,'Tax table'!$A$3:$C$10,1))+VLOOKUP(N2567*12,'Tax table'!$A$3:$C$10,2)))/12","v":{"$error":"#DIV/0!"}},0,{"$f":"(VLOOKUP(P2567*12,'Tax table'!$A$3:$C$10,3)*(P2567*12-VLOOKUP(P2567*12,'Tax table'!$A$3:$C$10,1))+VLOOKUP(P2567*12,'Tax table'!$A$3:$C$10,2))/12","v":0},0,0,{"$error":"#DIV/0!"},0,{"$f":"IF($B$15=\"Yes\",MIN(S2567*2,References!$B$7),0)","v":0},{"$f":"IF(AND(D2567<>0,$B$16=\"Yes\"),References!$B$6,0)","v":0},0,0,0,0,{"$error":"#DIV/0!"},{"$f":"(M2567*12-(VLOOKUP(AB2567*12,'Tax table'!$A$3:$C$10,3)*(AB2567*12-VLOOKUP(AB2567*12,'Tax table'!$A$3:$C$10,1))+VLOOKUP(AB2567*12,'Tax table'!$A$3:$C$10,2)))/12","v":{"$error":"#DIV/0!"}},{"$error":"#DIV/0!"},{"$error":"#DIV/0!"}]
[{"$nulls":9},118,0,0,{"$error":"#DIV/0!"},{"$error":"#DIV/0!"},{"$f":"(M2577*12-(VLOOKUP(N2577*12,'Tax table'!$A$3:$C$10,3)*(N2577*12-VLOOKUP(N2577*12,'Tax table'!$A$3:$C$10,1))+VLOOKUP(N2577*12,'Tax table'!$A$3:$C$10,2)))/12","v":{"$error":"#DIV/0!"}},0,{"$f":"(VLOOKUP(P2577*12,'Tax table'!$A$3:$C$10,3)*(P2577*12-VLOOKUP(P2577*12,'Tax table'!$A$3:$C$10,1))+VLOOKUP(P2577*12,'Tax table'!$A$3:$C$10,2))/12","v":0},0,0,{"$error":"#DIV/0!"},0,{"$f":"IF($B$15=\"Yes\",MIN(S2577*2,References!$B$7),0)","v":0},{"$f":"IF(AND(D2577<>0,$B$16=\"Yes\"),References!$B$6,0)","v":0},0,0,0,0,{"$error":"#DIV/0!"},{"$f":"(M2577*12-(VLOOKUP(AB2577*12,'Tax table'!$A$3:$C$10,3)*(AB2577*12-VLOOKUP(AB2577*12,'Tax table'!$A$3:$C$10,1))+VLOOKUP(AB2577*12,'Tax table'!$A$3:$C$10,2)))/12","v":{"$error":"#DIV/0!"}},{"$error":"#DIV/0!"},{"$error":"#DIV/0!"}]
[{"$nulls":9},118,0,0,{"$error":"#DIV/0!"},{"$error":"#DIV/0!"},{"$f":"(M2583*12-(VLOOKUP(N2583*12,'Tax table'!$A$3:$C$10,3)*(N2583*12-VLOOKUP(N2583*12,'Tax table'!$A$3:$C$10,1))+VLOOKUP(N2583*12,'Tax table'!$A$3:$C$10,2)))/12","v":{"$error":"#DIV/0!"}},0,{"$f":"(VLOOKUP(P2583*12,'Tax table'!$A$3:$C$10,3)*(P2583*12-VLOOKUP(P2583*12,'Tax table'!$A$3:$C$10,1))+VLOOKUP(P2583*12,'Tax table'!$A$3:$C$10,2))/12","v":0},0,0,{"$error":"#DIV/0!"},0,{"$f":"IF($B$15=\"Yes\",MIN(S2583*2,References!$B$7),0)","v":0},{"$f":"IF(AND(D2583<>0,$B$16=\"Yes\"),References!$B$6,0)","v":0},0,0,0,0,{"$error":"#DIV/0!"},{"$f":"(M2583*12-(VLOOKUP(AB2583*12,'Tax table'!$A$3:$C$10,3)*(AB2583*12-VLOOKUP(AB2583*12,'Tax table'!$A$3:$C$10,1))+VLOOKUP(AB2583*12,'Tax table'!$A$3:$C$10,2)))/12","v":{"$error":"#DIV/0!"}},{"$error":"#DIV/0!"},{"$error":"#DIV/0!"}]
[{"$nulls":9},118,0,0,{"$error":"#DIV/0!"},{"$error":"#DIV/0!"},{"$f":"(M2593*12-(VLOOKUP(N2593*12,'Tax table'!$A$3:$C$10,3)*(N2593*12-VLOOKUP(N2593*12,'Tax table'!$A$3:$C$10,1))+VLOOKUP(N2593*12,'Tax table'!$A$3:$C$10,2)))/12","v":{"$error":"#DIV/0!"}},0,{"$f":"(VLOOKUP(P2593*12,'Tax table'!$A$3:$C$10,3)*(P2593*12-VLOOKUP(P2593*12,'Tax table'!$A$3:$C$10,1))+VLOOKUP(P2593*12,'Tax table'!$A$3:$C$10,2))/12","v":0},0,0,{"$error":"#DIV/0!"},0,{"$f":"IF($B$15=\"Yes\",MIN(S2593*2,References!$B$7),0)","v":0},{"$f":"IF(AND(D2593<>0,$B$16=\"Yes\"),References!$B$6,0)","v":0},0,0,0,0,{"$error":"#DIV/0!"},{"$f":"(M2593*12-(VLOOKUP(AB2593*12,'Tax table'!$A$3:$C$10,3)*(AB2593*12-VLOOKUP(AB2593*12,'Tax table'!$A$3:$C$10,1))+VLOOKUP(AB2593*12,'Tax table'!$A$3:$C$10,2)))/12","v":{"$error":"#DIV/0!"}},{"$error":"#DIV/0!"},{"$error":"#DIV/0!"}]
[{"$nulls":9},118,0,0,{"$error":"#DIV/0!"},{"$error":"#DIV/0!"},{"$f":"(M2610*12-(VLOOKUP(N2610*12,'Tax table'!$A$3:$C$10,3)*(N2610*12-VLOOKUP(N2610*12,'Tax table'!$A$3:$C$10,1))+VLOOKUP(N2610*12,'Tax table'!$A$3:$C$10,2)))/12","v":{"$error":"#DIV/0!"}},0,{"$f":"(VLOOKUP(P2610*12,'Tax table'!$A$3:$C$10,3)*(P2610*12-VLOOKUP(P2610*12,'Tax table'!$A$3:$C$10,1))+VLOOKUP(P2610*12,'Tax table'!$A$3:$C$10,2))/12","v":0},0,0,{"$error":"#DIV/0!"},0,{"$f":"IF($B$15=\"Yes\",MIN(S2610*2,References!$B$7),0)","v":0},{"$f":"IF(AND(D2610<>0,$B$16=\"Yes\"),References!$B$6,0)","v":0},0,0,0,0,{"$error":"#DIV/0!"},{"$f":"(M2610*12-(VLOOKUP(AB2610*12,'Tax table'!$A$3:$C$10,3)*(AB2610*12-VLOOKUP(AB2610*12,'Tax table'!$A$3:$C$10,1))+VLOOKUP(AB2610*12,'Tax table'!$A$3:$C$10,2)))/12","v":{"$error":"#DIV/0!"}},{"$error":"#DIV/0!"},{"$error":"#DIV/0!"}]
[{"$nulls":9},118,0,0,{"$error":"#DIV/0!"},{"$error":"#DIV/0!"},{"$f":"(M2616*12-(VLOOKUP(N2616*12,'Tax table'!$A$3:$C$10,3)*(N2616*12-VLOOKUP(N2616*12,'Tax table'!$A$3:$C$10,1))+VLOOKUP(N2616*12,'Tax table'!$A$3:$C$10,2)))/12","v":{"$error":"#DIV/0!"}},0,{"$f":"(VLOOKUP(P2616*12,'Tax table'!$A$3:$C$10,3)*(P2616*12-VLOOKUP(P2616*12,'Tax table'!$A$3:$C$10,1))+VLOOKUP(P2616*12,'Tax table'!$A$3:$C$10,2))/12","v":0},0,0,{"$error":"#DIV/0!"},0,{"$f":"IF($B$15=\"Yes\",MIN(S2616*2,References!$B$7),0)","v":0},{"$f":"IF(AND(D2616<>0,$B$16=\"Yes\"),References!$B$6,0)","v":0},0,0,0,0,{"$error":"#DIV/0!"},{"$f":"(M2616*12-(VLOOKUP(AB2616*12,'Tax table'!$A$3:$C$10,3)*(AB2616*12-VLOOKUP(AB2616*12,'Tax table'!$A$3:$C$10,1))+VLOOKUP(AB2616*12,'Tax table'!$A$3:$C$10,2)))/12","v":{"$error":"#DIV/0!"}},{"$error":"#DIV/0!"},{"$error":"#DIV/0!"}]
[{"$nulls":9},118,0,0,{"$error":"#DIV/0!"},{"$error":"#DIV/0!"},{"$f":"(M2626*12-(VLOOKUP(N2626*12,'Tax table'!$A$3:$C$10,3)*(N2626*12-VLOOKUP(N2626*12,'Tax table'!$A$3:$C$10,1))+VLOOKUP(N2626*12,'Tax table'!$A$3:$C$10,2)))/12","v":{"$error":"#DIV/0!"}},0,{"$f":"(VLOOKUP(P2626*12,'Tax table'!$A$3:$C$10,3)*(P2626*12-VLOOKUP(P2626*12,'Tax table'!$A$3:$C$10,1))+VLOOKUP(P2626*12,'Tax table'!$A$3:$C$10,2))/12","v":0},0,0,{"$error":"#DIV/0!"},0,{"$f":"IF($B$15=\"Yes\",MIN(S2626*2,References!$B$7),0)","v":0},{"$f":"IF(AND(D2626<>0,$B$16=\"Yes\"),References!$B$6,0)","v":0},0,0,0,0,{"$error":"#DIV/0!"},{"$f":"(M2626*12-(VLOOKUP(AB2626*12,'Tax table'!$A$3:$C$10,3)*(AB2626*12-VLOOKUP(AB2626*12,'Tax table'!$A$3:$C$10,1))+VLOOKUP(AB2626*12,'Tax table'!$A$3:$C$10,2)))/12","v":{"$error":"#DIV/0!"}},{"$error":"#DIV/0!"},{"$error":"#DIV/0!"}]
[{"$nulls":9},118,0,0,{"$error":"#DIV/0!"},{"$error":"#DIV/0!"},{"$f":"(M2643*12-(VLOOKUP(N2643*12,'Tax table'!$A$3:$C$10,3)*(N2643*12-VLOOKUP(N2643*12,'Tax table'!$A$3:$C$10,1))+VLOOKUP(N2643*12,'Tax table'!$A$3:$C$10,2)))/12","v":{"$error":"#DIV/0!"}},0,{"$f":"(VLOOKUP(P2643*12,'Tax table'!$A$3:$C$10,3)*(P2643*12-VLOOKUP(P2643*12,'Tax table'!$A$3:$C$10,1))+VLOOKUP(P2643*12,'Tax table'!$A$3:$C$10,2))/12","v":0},0,0,{"$error":"#DIV/0!"},0,{"$f":"IF($B$15=\"Yes\",MIN(S2643*2,References!$B$7),0)","v":0},{"$f":"IF(AND(D2643<>0,$B$16=\"Yes\"),References!$B$6,0)","v":0},0,0,0,0,{"$error":"#DIV/0!"},{"$f":"(M2643*12-(VLOOKUP(AB2643*12,'Tax table'!$A$3:$C$10,3)*(AB2643*12-VLOOKUP(AB2643*12,'Tax table'!$A$3:$C$10,1))+VLOOKUP(AB2643*12,'Tax table'!$A$3:$C$10,2)))/12","v":{"$error":"#DIV/0!"}},{"$error":"#DIV/0!"},{"$error":"#DIV/0!"}]
[{"$nulls":9},118,0,0,{"$error":"#DIV/0!"},{"$error":"#DIV/0!"},{"$f":"(M2649*12-(VLOOKUP(N2649*12,'Tax table'!$A$3:$C$10,3)*(N2649*12-VLOOKUP(N2649*12,'Tax table'!$A$3:$C$10,1))+VLOOKUP(N2649*12,'Tax table'!$A$3:$C$10,2)))/12","v":{"$error":"#DIV/0!"}},0,{"$f":"(VLOOKUP(P2649*12,'Tax table'!$A$3:$C$10,3)*(P2649*12-VLOOKUP(P2649*12,'Tax table'!$A$3:$C$10,1))+VLOOKUP(P2649*12,'Tax table'!$A$3:$C$10,2))/12","v":0},0,0,{"$error":"#DIV/0!"},0,{"$f":"IF($B$15=\"Yes\",MIN(S2649*2,References!$B$7),0)","v":0},{"$f":"IF(AND(D2649<>0,$B$16=\"Yes\"),References!$B$6,0)","v":0},0,0,0,0,{"$error":"#DIV/0!"},{"$f":"(M2649*12-(VLOOKUP(AB2649*12,'Tax table'!$A$3:$C$10,3)*(AB2649*12-VLOOKUP(AB2649*12,'Tax table'!$A$3:$C$10,1))+VLOOKUP(AB2649*12,'Tax table'!$A$3:$C$10,2)))/12","v":{"$error":"#DIV/0!"}},{"$error":"#DIV/0!"},{"$error":"#DIV/0!"}]
[{"$nulls":9},118,0,0,{"$error":"#DIV/0!"},{"$error":"#DIV/0!"},{"$f":"(M2659*12-(VLOOKUP(N2659*12,'Tax table'!$A$3:$C$10,3)*(N2659*12-VLOOKUP(N2659*12,'Tax table'!$A$3:$C$10,1))+VLOOKUP(N2659*12,'Tax table'!$A$3:$C$10,2)))/12","v":{"$error":"#DIV/0!"}},0,{"$f":"(VLOOKUP(P2659*12,'Tax table'!$A$3:$C$10,3)*(P2659*12-VLOOKUP(P2659*12,'Tax table'!$A$3:$C$10,1))+VLOOKUP(P2659*12,'Tax table'!$A$3:$C$10,2))/12","v":0},0,0,{"$error":"#DIV/0!"},0,{"$f":"IF($B$15=\"Yes\",MIN(S2659*2,References!$B$7),0)","v":0},{"$f":"IF(AND(D2659<>0,$B$16=\"Yes\"),References!$B$6,0)","v":0},0,0,0,0,{"$error":"#DIV/0!"},{"$f":"(M2659*12-(VLOOKUP(AB2659*12,'Tax table'!$A$3:$C$10,3)*(AB2659*12-VLOOKUP(AB2659*12,'Tax table'!$A$3:$C$10,1))+VLOOKUP(AB2659*12,'Tax table'!$A$3:$C$10,2)))/12","v":{"$error":"#DIV/0!"}},{"$error":"#DIV/0!"},{"$error":"#DIV/0!"}]
[{"$nulls":9},118,0,0,{"$error":"#DIV/0!"},{"$error":"#DIV/0!"},{"$f":"(M2676*12-(VLOOKUP(N2676*12,'Tax table'!$A$3:$C$10,3)*(N2676*12-VLOOKUP(N2676*12,'Tax table'!$A$3:$C$10,1))+VLOOKUP(N2676*12,'Tax table'!$A$3:$C$10,2)))/12","v":{"$error":"#DIV/0!"}},0,{"$f":"(VLOOKUP(P2676*12,'Tax table'!$A$3:$C$10,3)*(P2676*12-VLOOKUP(P2676*12,'Tax table'!$A$3:$C$10,1))+VLOOKUP(P2676*12,'Tax table'!$A$3:$C$10,2))/12","v":0},0,0,{"$error":"#DIV/0!"},0,{"$f":"IF($B$15=\"Yes\",MIN(S2676*2,References!$B$7),0)","v":0},{"$f":"IF(AND(D2676<>0,$B$16=\"Yes\"),References!$B$6,0)","v":0},0,0,0,0,{"$error":"#DIV/0!"},{"$f":"(M2676*12-(VLOOKUP(AB2676*12,'Tax table'!$A$3:$C$10,3)*(AB2676*12-VLOOKUP(AB2676*12,'Tax table'!$A$3:$C$10,1))+VLOOKUP(AB2676*12,'Tax table'!$A$3:$C$10,2)))/12","v":{"$error":"#DIV/0!"}},{"$error":"#DIV/0!"},{"$error":"#DIV/0!"}]
[{"$nulls":9},118,0,0,{"$error":"#DIV/0!"},{"$error":"#DIV/0!"},{"$f":"(M2684*12-(VLOOKUP(N2684*12,'Tax table'!$A$3:$C$10,3)*(N2684*12-VLOOKUP(N2684*12,'Tax table'!$A$3:$C$10,1))+VLOOKUP(N2684*12,'Tax table'!$A$3:$C$10,2)))/12","v":{"$error":"#DIV/0!"}},0,{"$f":"(VLOOKUP(P2684*12,'Tax table'!$A$3:$C$10,3)*(P2684*12-VLOOKUP(P2684*12,'Tax table'!$A$3:$C$10,1))+VLOOKUP(P2684*12,'Tax table'!$A$3:$C$10,2))/12","v":0},0,0,{"$error":"#DIV/0!"},0,{"$f":"IF($B$15=\"Yes\",MIN(S2684*2,References!$B$7),0)","v":0},{"$f":"IF(AND(D2684<>0,$B$16=\"Yes\"),References!$B$6,0)","v":0},0,0,0,0,{"$error":"#DIV/0!"},{"$f":"(M2684*12-(VLOOKUP(AB2684*12,'Tax table'!$A$3:$C$10,3)*(AB2684*12-VLOOKUP(AB2684*12,'Tax table'!$A$3:$C$10,1))+VLOOKUP(AB2684*12,'Tax table'!$A$3:$C$10,2)))/12","v":{"$error":"#DIV/0!"}},{"$error":"#DIV/0!"},{"$error":"#DIV/0!"}]
[{"$nulls":9},118,0,0,{"$error":"#DIV/0!"},{"$error":"#DIV/0!"},{"$f":"(M2693*12-(VLOOKUP(N2693*12,'Tax table'!$A$3:$C$10,3)*(N2693*12-VLOOKUP(N2693*12,'Tax table'!$A$3:$C$10,1))+VLOOKUP(N2693*12,'Tax table'!$A$3:$C$10,2)))/12","v":{"$error":"#DIV/0!"}},0,{"$f":"(VLOOKUP(P2693*12,'Tax table'!$A$3:$C$10,3)*(P2693*12-VLOOKUP(P2693*12,'Tax table'!$A$3:$C$10,1))+VLOOKUP(P2693*12,'Tax table'!$A$3:$C$10,2))/12","v":0},0,0,{"$error":"#DIV/0!"},0,{"$f":"IF($B$15=\"Yes\",MIN(S2693*2,References!$B$7),0)","v":0},{"$f":"IF(AND(D2693<>0,$B$16=\"Yes\"),References!$B$6,0)","v":0},0,0,0,0,{"$error":"#DIV/0!"},{"$f":"(M2693*12-(VLOOKUP(AB2693*12,'Tax table'!$A$3:$C$10,3)*(AB2693*12-VLOOKUP(AB2693*12,'Tax table'!$A$3:$C$10,1))+VLOOKUP(AB2693*12,'Tax table'!$A$3:$C$10,2)))/12","v":{"$error":"#DIV/0!"}},{"$error":"#DIV/0!"},{"$error":"#DIV/0!"}]
[{"$nulls":9},118,0,0,{"$error":"#DIV/0!"},{"$error":"#DIV/0!"},{"$f":"(M2710*12-(VLOOKUP(N2710*12,'Tax table'!$A$3:$C$10,3)*(N2710*12-VLOOKUP(N2710*12,'Tax table'!$A$3:$C$10,1))+VLOOKUP(N2710*12,'Tax table'!$A$3:$C$10,2)))/12","v":{"$error":"#DIV/0!"}},0,{"$f":"(VLOOKUP(P2710*12,'Tax table'!$A$3:$C$10,3)*(P2710*12-VLOOKUP(P2710*12,'Tax table'!$A$3:$C$10,1))+VLOOKUP(P2710*12,'Tax table'!$A$3:$C$10,2))/12","v":0},0,0,{"$error":"#DIV/0!"},0,{"$f":"IF($B$15=\"Yes\",MIN(S2710*2,References!$B$7),0)","v":0},{"$f":"IF(AND(D2710<>0,$B$16=\"Yes\"),References!$B$6,0)","v":0},0,0,0,0,{"$error":"#DIV/0!"},{"$f":"(M2710*12-(VLOOKUP(AB2710*12,'Tax table'!$A$3:$C$10,3)*(AB2710*12-VLOOKUP(AB2710*12,'Tax table'!$A$3:$C$10,1))+VLOOKUP(AB2710*12,'Tax table'!$A$3:$C$10,2)))/12","v":{"$error":"#DIV/0!"}},{"$error":"#DIV/0!"},{"$error":"#DIV/0!"}]
[{"$nulls":9},118,0,0,{"$error":"#DIV/0!"},{"$error":"#DIV/0!"},{"$f":"(M2720*12-(VLOOKUP(N2720*12,'Tax table'!$A$3:$C$10,3)*(N2720*12-VLOOKUP(N2720*12,'Tax table'!$A$3:$C$10,1))+VLOOKUP(N2720*12,'Tax table'!$A$3:$C$10,2)))/12","v":{"$error":"#DIV/0!"}},0,{"$f":"(VLOOKUP(P2720*12,'Tax table'!$A$3:$C$10,3)*(P2720*12-VLOOKUP(P2720*12,'Tax table'!$A$3:$C$10,1))+VLOOKUP(P2720*12,'Tax table'!$A$3:$C$10,2))/12","v":0},0,0,{"$error":"#DIV/0!"},0,{"$f":"IF($B$15=\"Yes\",MIN(S2720*2,References!$B$7),0)","v":0},{"$f":"IF(AND(D2720<>0,$B$16=\"Yes\"),References!$B$6,0)","v":0},0,0,0,0,{"$error":"#DIV/0!"},{"$f":"(M2720*12-(VLOOKUP(AB2720*12,'Tax table'!$A$3:$C$10,3)*(AB2720*12-VLOOKUP(AB2720*12,'Tax table'!$A$3:$C$10,1))+VLOOKUP(AB2720*12,'Tax table'!$A$3:$C$10,2)))/12","v":{"$error":"#DIV/0!"}},{"$error":"#DIV/0!"},{"$error":"#DIV/0!"}]
[{"$nulls":9},118,0,0,{"$error":"#DIV/0!"},{"$error":"#DIV/0!"},{"$f":"(M2726*12-(VLOOKUP(N2726*12,'Tax table'!$A$3:$C$10,3)*(N2726*12-VLOOKUP(N2726*12,'Tax table'!$A$3:$C$10,1))+VLOOKUP(N2726*12,'Tax table'!$A$3:$C$10,2)))/12","v":{"$error":"#DIV/0!"}},0,{"$f":"(VLOOKUP(P2726*12,'Tax table'!$A$3:$C$10,3)*(P2726*12-VLOOKUP(P2726*12,'Tax table'!$A$3:$C$10,1))+VLOOKUP(P2726*12,'Tax table'!$A$3:$C$10,2))/12","v":0},0,0,{"$error":"#DIV/0!"},0,{"$f":"IF($B$15=\"Yes\",MIN(S2726*2,References!$B$7),0)","v":0},{"$f":"IF(AND(D2726<>0,$B$16=\"Yes\"),References!$B$6,0)","v":0},0,0,0,0,{"$error":"#DIV/0!"},{"$f":"(M2726*12-(VLOOKUP(AB2726*12,'Tax table'!$A$3:$C$10,3)*(AB2726*12-VLOOKUP(AB2726*12,'Tax table'!$A$3:$C$10,1))+VLOOKUP(AB2726*12,'Tax table'!$A$3:$C$10,2)))/12","v":{"$error":"#DIV/0!"}},{"$error":"#DIV/0!"},{"$error":"#DIV/0!"}]
[{"$nulls":9},118,0,0,{"$error":"#DIV/0!"},{"$error":"#DIV/0!"},{"$f":"(M2743*12-(VLOOKUP(N2743*12,'Tax table'!$A$3:$C$10,3)*(N2743*12-VLOOKUP(N2743*12,'Tax table'!$A$3:$C$10,1))+VLOOKUP(N2743*12,'Tax table'!$A$3:$C$10,2)))/12","v":{"$error":"#DIV/0!"}},0,{"$f":"(VLOOKUP(P2743*12,'Tax table'!$A$3:$C$10,3)*(P2743*12-VLOOKUP(P2743*12,'Tax table'!$A$3:$C$10,1))+VLOOKUP(P2743*12,'Tax table'!$A$3:$C$10,2))/12","v":0},0,0,{"$error":"#DIV/0!"},0,{"$f":"IF($B$15=\"Yes\",MIN(S2743*2,References!$B$7),0)","v":0},{"$f":"IF(AND(D2743<>0,$B$16=\"Yes\"),References!$B$6,0)","v":0},0,0,0,0,{"$error":"#DIV/0!"},{"$f":"(M2743*12-(VLOOKUP(AB2743*12,'Tax table'!$A$3:$C$10,3)*(AB2743*12-VLOOKUP(AB2743*12,'Tax table'!$A$3:$C$10,1))+VLOOKUP(AB2743*12,'Tax table'!$A$3:$C$10,2)))/12","v":{"$error":"#DIV/0!"}},{"$error":"#DIV/0!"},{"$error":"#DIV/0!"}]
[{"$nulls":9},118,0,0,{"$error":"#DIV/0!"},{"$error":"#DIV/0!"},{"$f":"(M2753*12-(VLOOKUP(N2753*12,'Tax table'!$A$3:$C$10,3)*(N2753*12-VLOOKUP(N2753*12,'Tax table'!$A$3:$C$10,1))+VLOOKUP(N2753*12,'Tax table'!$A$3:$C$10,2)))/12","v":{"$error":"#DIV/0!"}},0,{"$f":"(VLOOKUP(P2753*12,'Tax table'!$A$3:$C$10,3)*(P2753*12-VLOOKUP(P2753*12,'Tax table'!$A$3:$C$10,1))+VLOOKUP(P2753*12,'Tax table'!$A$3:$C$10,2))/12","v":0},0,0,{"$error":"#DIV/0!"},0,{"$f":"IF($B$15=\"Yes\",MIN(S2753*2,References!$B$7),0)","v":0},{"$f":"IF(AND(D2753<>0,$B$16=\"Yes\"),References!$B$6,0)","v":0},0,0,0,0,{"$error":"#DIV/0!"},{"$f":"(M2753*12-(VLOOKUP(AB2753*12,'Tax table'!$A$3:$C$10,3)*(AB2753*12-VLOOKUP(AB2753*12,'Tax table'!$A$3:$C$10,1))+VLOOKUP(AB2753*12,'Tax table'!$A$3:$C$10,2)))/12","v":{"$error":"#DIV/0!"}},{"$error":"#DIV/0!"},{"$error":"#DIV/0!"}]
[{"$nulls":9},118,0,0,{"$error":"#DIV/0!"},{"$error":"#DIV/0!"},{"$f":"(M2759*12-(VLOOKUP(N2759*12,'Tax table'!$A$3:$C$10,3)*(N2759*12-VLOOKUP(N2759*12,'Tax table'!$A$3:$C$10,1))+VLOOKUP(N2759*12,'Tax table'!$A$3:$C$10,2)))/12","v":{"$error":"#DIV/0!"}},0,{"$f":"(VLOOKUP(P2759*12,'Tax table'!$A$3:$C$10,3)*(P2759*12-VLOOKUP(P2759*12,'Tax table'!$A$3:$C$10,1))+VLOOKUP(P2759*12,'Tax table'!$A$3:$C$10,2))/12","v":0},0,0,{"$error":"#DIV/0!"},0,{"$f":"IF($B$15=\"Yes\",MIN(S2759*2,References!$B$7),0)","v":0},{"$f":"IF(AND(D2759<>0,$B$16=\"Yes\"),References!$B$6,0)","v":0},0,0,0,0,{"$error":"#DIV/0!"},{"$f":"(M2759*12-(VLOOKUP(AB2759*12,'Tax table'!$A$3:$C$10,3)*(AB2759*12-VLOOKUP(AB2759*12,'Tax table'!$A$3:$C$10,1))+VLOOKUP(AB2759*12,'Tax table'!$A$3:$C$10,2)))/12","v":{"$error":"#DIV/0!"}},{"$error":"#DIV/0!"},{"$error":"#DIV/0!"}]
[{"$nulls":9},118,0,0,{"$error":"#DIV/0!"},{"$error":"#DIV/0!"},{"$f":"(M2769*12-(VLOOKUP(N2769*12,'Tax table'!$A$3:$C$10,3)*(N2769*12-VLOOKUP(N2769*12,'Tax table'!$A$3:$C$10,1))+VLOOKUP(N2769*12,'Tax table'!$A$3:$C$10,2)))/12","v":{"$error":"#DIV/0!"}},0,{"$f":"(VLOOKUP(P2769*12,'Tax table'!$A$3:$C$10,3)*(P2769*12-VLOOKUP(P2769*12,'Tax table'!$A$3:$C$10,1))+VLOOKUP(P2769*12,'Tax table'!$A$3:$C$10,2))/12","v":0},0,0,{"$error":"#DIV/0!"},0,{"$f":"IF($B$15=\"Yes\",MIN(S2769*2,References!$B$7),0)","v":0},{"$f":"IF(AND(D2769<>0,$B$16=\"Yes\"),References!$B$6,0)","v":0},0,0,0,0,{"$error":"#DIV/0!"},{"$f":"(M2769*12-(VLOOKUP(AB2769*12,'Tax table'!$A$3:$C$10,3)*(AB2769*12-VLOOKUP(AB2769*12,'Tax table'!$A$3:$C$10,1))+VLOOKUP(AB2769*12,'Tax table'!$A$3:$C$10,2)))/12","v":{"$error":"#DIV/0!"}},{"$error":"#DIV/0!"},{"$error":"#DIV/0!"}]
[{"$nulls":9},118,0,0,{"$error":"#DIV/0!"},{"$error":"#DIV/0!"},{"$f":"(M2786*12-(VLOOKUP(N2786*12,'Tax table'!$A$3:$C$10,3)*(N2786*12-VLOOKUP(N2786*12,'Tax table'!$A$3:$C$10,1))+VLOOKUP(N2786*12,'Tax table'!$A$3:$C$10,2)))/12","v":{"$error":"#DIV/0!"}},0,{"$f":"(VLOOKUP(P2786*12,'Tax table'!$A$3:$C$10,3)*(P2786*12-VLOOKUP(P2786*12,'Tax table'!$A$3:$C$10,1))+VLOOKUP(P2786*12,'Tax table'!$A$3:$C$10,2))/12","v":0},0,0,{"$error":"#DIV/0!"},0,{"$f":"IF($B$15=\"Yes\",MIN(S2786*2,References!$B$7),0)","v":0},{"$f":"IF(AND(D2786<>0,$B$16=\"Yes\"),References!$B$6,0)","v":0},0,0,0,0,{"$error":"#DIV/0!"},{"$f":"(M2786*12-(VLOOKUP(AB2786*12,'Tax table'!$A$3:$C$10,3)*(AB2786*12-VLOOKUP(AB2786*12,'Tax table'!$A$3:$C$10,1))+VLOOKUP(AB2786*12,'Tax table'!$A$3:$C$10,2)))/12","v":{"$error":"#DIV/0!"}},{"$error":"#DIV/0!"},{"$error":"#DIV/0!"}]
[{"$nulls":9},118,0,0,{"$error":"#DIV/0!"},{"$error":"#DIV/0!"},{"$f":"(M2792*12-(VLOOKUP(N2792*12,'Tax table'!$A$3:$C$10,3)*(N2792*12-VLOOKUP(N2792*12,'Tax table'!$A$3:$C$10,1))+VLOOKUP(N2792*12,'Tax table'!$A$3:$C$10,2)))/12","v":{"$error":"#DIV/0!"}},0,{"$f":"(VLOOKUP(P2792*12,'Tax table'!$A$3:$C$10,3)*(P2792*12-VLOOKUP(P2792*12,'Tax table'!$A$3:$C$10,1))+VLOOKUP(P2792*12,'Tax table'!$A$3:$C$10,2))/12","v":0},0,0,{"$error":"#DIV/0!"},0,{"$f":"IF($B$15=\"Yes\",MIN(S2792*2,References!$B$7),0)","v":0},{"$f":"IF(AND(D2792<>0,$B$16=\"Yes\"),References!$B$6,0)","v":0},0,0,0,0,{"$error":"#DIV/0!"},{"$f":"(M2792*12-(VLOOKUP(AB2792*12,'Tax table'!$A$3:$C$10,3)*(AB2792*12-VLOOKUP(AB2792*12,'Tax table'!$A$3:$C$10,1))+VLOOKUP(AB2792*12,'Tax table'!$A$3:$C$10,2)))/12","v":{"$error":"#DIV/0!"}},{"$error":"#DIV/0!"},{"$error":"#DIV/0!"}]
[{"$nulls":9},118,0,0,{"$error":"#DIV/0!"},{"$error":"#DIV/0!"},{"$f":"(M2802*12-(VLOOKUP(N2802*12,'Tax table'!$A$3:$C$10,3)*(N2802*12-VLOOKUP(N2802*12,'Tax table'!$A$3:$C$10,1))+VLOOKUP(N2802*12,'Tax table'!$A$3:$C$10,2)))/12","v":{"$error":"#DIV/0!"}},0,{"$f":"(VLOOKUP(P2802*12,'Tax table'!$A$3:$C$10,3)*(P2802*12-VLOOKUP(P2802*12,'Tax table'!$A$3:$C$10,1))+VLOOKUP(P2802*12,'Tax table'!$A$3:$C$10,2))/12","v":0},0,0,{"$error":"#DIV/0!"},0,{"$f":"IF($B$15=\"Yes\",MIN(S2802*2,References!$B$7),0)","v":0},{"$f":"IF(AND(D2802<>0,$B$16=\"Yes\"),References!$B$6,0)","v":0},0,0,0,0,{"$error":"#DIV/0!"},{"$f":"(M2802*12-(VLOOKUP(AB2802*12,'Tax table'!$A$3:$C$10,3)*(AB2802*12-VLOOKUP(AB2802*12,'Tax table'!$A$3:$C$10,1))+VLOOKUP(AB2802*12,'Tax table'!$A$3:$C$10,2)))/12","v":{"$error":"#DIV/0!"}},{"$error":"#DIV/0!"},{"$error":"#DIV/0!"}]
[{"$nulls":9},118,0,0,{"$error":"#DIV/0!"},{"$error":"#DIV/0!"},{"$f":"(M2819*12-(VLOOKUP(N2819*12,'Tax table'!$A$3:$C$10,3)*(N2819*12-VLOOKUP(N2819*12,'Tax table'!$A$3:$C$10,1))+VLOOKUP(N2819*12,'Tax table'!$A$3:$C$10,2)))/12","v":{"$error":"#DIV/0!"}},0,{"$f":"(VLOOKUP(P2819*12,'Tax table'!$A$3:$C$10,3)*(P2819*12-VLOOKUP(P2819*12,'Tax table'!$A$3:$C$10,1))+VLOOKUP(P2819*12,'Tax table'!$A$3:$C$10,2))/12","v":0},0,0,{"$error":"#DIV/0!"},0,{"$f":"IF($B$15=\"Yes\",MIN(S2819*2,References!$B$7),0)","v":0},{"$f":"IF(AND(D2819<>0,$B$16=\"Yes\"),References!$B$6,0)","v":0},0,0,0,0,{"$error":"#DIV/0!"},{"$f":"(M2819*12-(VLOOKUP(AB2819*12,'Tax table'!$A$3:$C$10,3)*(AB2819*12-VLOOKUP(AB2819*12,'Tax table'!$A$3:$C$10,1))+VLOOKUP(AB2819*12,'Tax table'!$A$3:$C$10,2)))/12","v":{"$error":"#DIV/0!"}},{"$error":"#DIV/0!"},{"$error":"#DIV/0!"}]
[{"$nulls":9},118,0,0,{"$error":"#DIV/0!"},{"$error":"#DIV/0!"},{"$f":"(M2829*12-(VLOOKUP(N2829*12,'Tax table'!$A$3:$C$10,3)*(N2829*12-VLOOKUP(N2829*12,'Tax table'!$A$3:$C$10,1))+VLOOKUP(N2829*12,'Tax table'!$A$3:$C$10,2)))/12","v":{"$error":"#DIV/0!"}},0,{"$f":"(VLOOKUP(P2829*12,'Tax table'!$A$3:$C$10,3)*(P2829*12-VLOOKUP(P2829*12,'Tax table'!$A$3:$C$10,1))+VLOOKUP(P2829*12,'Tax table'!$A$3:$C$10,2))/12","v":0},0,0,{"$error":"#DIV/0!"},0,{"$f":"IF($B$15=\"Yes\",MIN(S2829*2,References!$B$7),0)","v":0},{"$f":"IF(AND(D2829<>0,$B$16=\"Yes\"),References!$B$6,0)","v":0},0,0,0,0,{"$error":"#DIV/0!"},{"$f":"(M2829*12-(VLOOKUP(AB2829*12,'Tax table'!$A$3:$C$10,3)*(AB2829*12-VLOOKUP(AB2829*12,'Tax table'!$A$3:$C$10,1))+VLOOKUP(AB2829*12,'Tax table'!$A$3:$C$10,2)))/12","v":{"$error":"#DIV/0!"}},{"$error":"#DIV/0!"},{"$error":"#DIV/0!"}]
[{"$nulls":9},118,0,0,{"$error":"#DIV/0!"},{"$error":"#DIV/0!"},{"$f":"(M2835*12-(VLOOKUP(N2835*12,'Tax table'!$A$3:$C$10,3)*(N2835*12-VLOOKUP(N2835*12,'Tax table'!$A$3:$C$10,1))+VLOOKUP(N2835*12,'Tax table'!$A$3:$C$10,2)))/12","v":{"$error":"#DIV/0!"}},0,{"$f":"(VLOOKUP(P2835*12,'Tax table'!$A$3:$C$10,3)*(P2835*12-VLOOKUP(P2835*12,'Tax table'!$A$3:$C$10,1))+VLOOKUP(P2835*12,'Tax table'!$A$3:$C$10,2))/12","v":0},0,0,{"$error":"#DIV/0!"},0,{"$f":"IF($B$15=\"Yes\",MIN(S2835*2,References!$B$7),0)","v":0},{"$f":"IF(AND(D2835<>0,$B$16=\"Yes\"),References!$B$6,0)","v":0},0,0,0,0,{"$error":"#DIV/0!"},{"$f":"(M2835*12-(VLOOKUP(AB2835*12,'Tax table'!$A$3:$C$10,3)*(AB2835*12-VLOOKUP(AB2835*12,'Tax table'!$A$3:$C$10,1))+VLOOKUP(AB2835*12,'Tax table'!$A$3:$C$10,2)))/12","v":{"$error":"#DIV/0!"}},{"$error":"#DIV/0!"},{"$error":"#DIV/0!"}]
[{"$nulls":9},118,0,0,{"$error":"#DIV/0!"},{"$error":"#DIV/0!"},{"$f":"(M2852*12-(VLOOKUP(N2852*12,'Tax table'!$A$3:$C$10,3)*(N2852*12-VLOOKUP(N2852*12,'Tax table'!$A$3:$C$10,1))+VLOOKUP(N2852*12,'Tax table'!$A$3:$C$10,2)))/12","v":{"$error":"#DIV/0!"}},0,{"$f":"(VLOOKUP(P2852*12,'Tax table'!$A$3:$C$10,3)*(P2852*12-VLOOKUP(P2852*12,'Tax table'!$A$3:$C$10,1))+VLOOKUP(P2852*12,'Tax table'!$A$3:$C$10,2))/12","v":0},0,0,{"$error":"#DIV/0!"},0,{"$f":"IF($B$15=\"Yes\",MIN(S2852*2,References!$B$7),0)","v":0},{"$f":"IF(AND(D2852<>0,$B$16=\"Yes\"),References!$B$6,0)","v":0},0,0,0,0,{"$error":"#DIV/0!"},{"$f":"(M2852*12-(VLOOKUP(AB2852*12,'Tax table'!$A$3:$C$10,3)*(AB2852*12-VLOOKUP(AB2852*12,'Tax table'!$A$3:$C$10,1))+VLOOKUP(AB2852*12,'Tax table'!$A$3:$C$10,2)))/12","v":{"$error":"#DIV/0!"}},{"$error":"#DIV/0!"},{"$error":"#DIV/0!"}]
[{"$nulls":9},118,0,0,{"$error":"#DIV/0!"},{"$error":"#DIV/0!"},{"$f":"(M2862*12-(VLOOKUP(N2862*12,'Tax table'!$A$3:$C$10,3)*(N2862*12-VLOOKUP(N2862*12,'Tax table'!$A$3:$C$10,1))+VLOOKUP(N2862*12,'Tax table'!$A$3:$C$10,2)))/12","v":{"$error":"#DIV/0!"}},0,{"$f":"(VLOOKUP(P2862*12,'Tax table'!$A$3:$C$10,3)*(P2862*12-VLOOKUP(P2862*12,'Tax table'!$A$3:$C$10,1))+VLOOKUP(P2862*12,'Tax table'!$A$3:$C$10,2))/12","v":0},0,0,{"$error":"#DIV/0!"},0,{"$f":"IF($B$15=\"Yes\",MIN(S2862*2,References!$B$7),0)","v":0},{"$f":"IF(AND(D2862<>0,$B$16=\"Yes\"),References!$B$6,0)","v":0},0,0,0,0,{"$error":"#DIV/0!"},{"$f":"(M2862*12-(VLOOKUP(AB2862*12,'Tax table'!$A$3:$C$10,3)*(AB2862*12-VLOOKUP(AB2862*12,'Tax table'!$A$3:$C$10,1))+VLOOKUP(AB2862*12,'Tax table'!$A$3:$C$10,2)))/12","v":{"$error":"#DIV/0!"}},{"$error":"#DIV/0!"},{"$error":"#DIV/0!"}]
[{"$nulls":9},118,0,0,{"$error":"#DIV/0!"},{"$error":"#DIV/0!"},{"$f":"(M2868*12-(VLOOKUP(N2868*12,'Tax table'!$A$3:$C$10,3)*(N2868*12-VLOOKUP(N2868*12,'Tax table'!$A$3:$C$10,1))+VLOOKUP(N2868*12,'Tax table'!$A$3:$C$10,2)))/12","v":{"$error":"#DIV/0!"}},0,{"$f":"(VLOOKUP(P2868*12,'Tax table'!$A$3:$C$10,3)*(P2868*12-VLOOKUP(P2868*12,'Tax table'!$A$3:$C$10,1))+VLOOKUP(P2868*12,'Tax table'!$A$3:$C$10,2))/12","v":0},0,0,{"$error":"#DIV/0!"},0,{"$f":"IF($B$15=\"Yes\",MIN(S2868*2,References!$B$7),0)","v":0},{"$f":"IF(AND(D2868<>0,$B$16=\"Yes\"),References!$B$6,0)","v":0},0,0,0,0,{"$error":"#DIV/0!"},{"$f":"(M2868*12-(VLOOKUP(AB2868*12,'Tax table'!$A$3:$C$10,3)*(AB2868*12-VLOOKUP(AB2868*12,'Tax table'!$A$3:$C$10,1))+VLOOKUP(AB2868*12,'Tax table'!$A$3:$C$10,2)))/12","v":{"$error":"#DIV/0!"}},{"$error":"#DIV/0!"},{"$error":"#DIV/0!"}]
[{"$nulls":9},118,0,0,{"$error":"#DIV/0!"},{"$error":"#DIV/0!"},{"$f":"(M2885*12-(VLOOKUP(N2885*12,'Tax table'!$A$3:$C$10,3)*(N2885*12-VLOOKUP(N2885*12,'Tax table'!$A$3:$C$10,1))+VLOOKUP(N2885*12,'Tax table'!$A$3:$C$10,2)))/12","v":{"$error":"#DIV/0!"}},0,{"$f":"(VLOOKUP(P2885*12,'Tax table'!$A$3:$C$10,3)*(P2885*12-VLOOKUP(P2885*12,'Tax table'!$A$3:$C$10,1))+VLOOKUP(P2885*12,'Tax table'!$A$3:$C$10,2))/12","v":0},0,0,{"$error":"#DIV/0!"},0,{"$f":"IF($B$15=\"Yes\",MIN(S2885*2,References!$B$7),0)","v":0},{"$f":"IF(AND(D2885<>0,$B$16=\"Yes\"),References!$B$6,0)","v":0},0,0,0,0,{"$error":"#DIV/0!"},{"$f":"(M2885*12-(VLOOKUP(AB2885*12,'Tax table'!$A$3:$C$10,3)*(AB2885*12-VLOOKUP(AB2885*12,'Tax table'!$A$3:$C$10,1))+VLOOKUP(AB2885*12,'Tax table'!$A$3:$C$10,2)))/12","v":{"$error":"#DIV/0!"}},{"$error":"#DIV/0!"},{"$error":"#DIV/0!"}]
[{"$nulls":9},118,0,0,{"$error":"#DIV/0!"},{"$error":"#DIV/0!"},{"$f":"(M2895*12-(VLOOKUP(N2895*12,'Tax table'!$A$3:$C$10,3)*(N2895*12-VLOOKUP(N2895*12,'Tax table'!$A$3:$C$10,1))+VLOOKUP(N2895*12,'Tax table'!$A$3:$C$10,2)))/12","v":{"$error":"#DIV/0!"}},0,{"$f":"(VLOOKUP(P2895*12,'Tax table'!$A$3:$C$10,3)*(P2895*12-VLOOKUP(P2895*12,'Tax table'!$A$3:$C$10,1))+VLOOKUP(P2895*12,'Tax table'!$A$3:$C$10,2))/12","v":0},0,0,{"$error":"#DIV/0!"},0,{"$f":"IF($B$15=\"Yes\",MIN(S2895*2,References!$B$7),0)","v":0},{"$f":"IF(AND(D2895<>0,$B$16=\"Yes\"),References!$B$6,0)","v":0},0,0,0,0,{"$error":"#DIV/0!"},{"$f":"(M2895*12-(VLOOKUP(AB2895*12,'Tax table'!$A$3:$C$10,3)*(AB2895*12-VLOOKUP(AB2895*12,'Tax table'!$A$3:$C$10,1))+VLOOKUP(AB2895*12,'Tax table'!$A$3:$C$10,2)))/12","v":{"$error":"#DIV/0!"}},{"$error":"#DIV/0!"},{"$error":"#DIV/0!"}]
[{"$nulls":9},118,0,0,{"$error":"#DIV/0!"},{"$error":"#DIV/0!"},{"$f":"(M2901*12-(VLOOKUP(N2901*12,'Tax table'!$A$3:$C$10,3)*(N2901*12-VLOOKUP(N2901*12,'Tax table'!$A$3:$C$10,1))+VLOOKUP(N2901*12,'Tax table'!$A$3:$C$10,2)))/12","v":{"$error":"#DIV/0!"}},0,{"$f":"(VLOOKUP(P2901*12,'Tax table'!$A$3:$C$10,3)*(P2901*12-VLOOKUP(P2901*12,'Tax table'!$A$3:$C$10,1))+VLOOKUP(P2901*12,'Tax table'!$A$3:$C$10,2))/12","v":0},0,0,{"$error":"#DIV/0!"},0,{"$f":"IF($B$15=\"Yes\",MIN(S2901*2,References!$B$7),0)","v":0},{"$f":"IF(AND(D2901<>0,$B$16=\"Yes\"),References!$B$6,0)","v":0},0,0,0,0,{"$error":"#DIV/0!"},{"$f":"(M2901*12-(VLOOKUP(AB2901*12,'Tax table'!$A$3:$C$10,3)*(AB2901*12-VLOOKUP(AB2901*12,'Tax table'!$A$3:$C$10,1))+VLOOKUP(AB2901*12,'Tax table'!$A$3:$C$10,2)))/12","v":{"$error":"#DIV/0!"}},{"$error":"#DIV/0!"},{"$error":"#DIV/0!"}]
[{"$nulls":9},118,0,0,{"$error":"#DIV/0!"},{"$error":"#DIV/0!"},{"$f":"(M2921*12-(VLOOKUP(N2921*12,'Tax table'!$A$3:$C$10,3)*(N2921*12-VLOOKUP(N2921*12,'Tax table'!$A$3:$C$10,1))+VLOOKUP(N2921*12,'Tax table'!$A$3:$C$10,2)))/12","v":{"$error":"#DIV/0!"}},0,{"$f":"(VLOOKUP(P2921*12,'Tax table'!$A$3:$C$10,3)*(P2921*12-VLOOKUP(P2921*12,'Tax table'!$A$3:$C$10,1))+VLOOKUP(P2921*12,'Tax table'!$A$3:$C$10,2))/12","v":0},0,0,{"$error":"#DIV/0!"},0,{"$f":"IF($B$15=\"Yes\",MIN(S2921*2,References!$B$7),0)","v":0},{"$f":"IF(AND(D2921<>0,$B$16=\"Yes\"),References!$B$6,0)","v":0},0,0,0,0,{"$error":"#DIV/0!"},{"$f":"(M2921*12-(VLOOKUP(AB2921*12,'Tax table'!$A$3:$C$10,3)*(AB2921*12-VLOOKUP(AB2921*12,'Tax table'!$A$3:$C$10,1))+VLOOKUP(AB2921*12,'Tax table'!$A$3:$C$10,2)))/12","v":{"$error":"#DIV/0!"}},{"$error":"#DIV/0!"},{"$error":"#DIV/0!"}]
[{"$nulls":9},118,0,0,{"$error":"#DIV/0!"},{"$error":"#DIV/0!"},{"$f":"(M2929*12-(VLOOKUP(N2929*12,'Tax table'!$A$3:$C$10,3)*(N2929*12-VLOOKUP(N2929*12,'Tax table'!$A$3:$C$10,1))+VLOOKUP(N2929*12,'Tax table'!$A$3:$C$10,2)))/12","v":{"$error":"#DIV/0!"}},0,{"$f":"(VLOOKUP(P2929*12,'Tax table'!$A$3:$C$10,3)*(P2929*12-VLOOKUP(P2929*12,'Tax table'!$A$3:$C$10,1))+VLOOKUP(P2929*12,'Tax table'!$A$3:$C$10,2))/12","v":0},0,0,{"$error":"#DIV/0!"},0,{"$f":"IF($B$15=\"Yes\",MIN(S2929*2,References!$B$7),0)","v":0},{"$f":"IF(AND(D2929<>0,$B$16=\"Yes\"),References!$B$6,0)","v":0},0,0,0,0,{"$error":"#DIV/0!"},{"$f":"(M2929*12-(VLOOKUP(AB2929*12,'Tax table'!$A$3:$C$10,3)*(AB2929*12-VLOOKUP(AB2929*12,'Tax table'!$A$3:$C$10,1))+VLOOKUP(AB2929*12,'Tax table'!$A$3:$C$10,2)))/12","v":{"$error":"#DIV/0!"}},{"$error":"#DIV/0!"},{"$error":"#DIV/0!"}]
[{"$nulls":9},118,0,0,{"$error":"#DIV/0!"},{"$error":"#DIV/0!"},{"$f":"(M2935*12-(VLOOKUP(N2935*12,'Tax table'!$A$3:$C$10,3)*(N2935*12-VLOOKUP(N2935*12,'Tax table'!$A$3:$C$10,1))+VLOOKUP(N2935*12,'Tax table'!$A$3:$C$10,2)))/12","v":{"$error":"#DIV/0!"}},0,{"$f":"(VLOOKUP(P2935*12,'Tax table'!$A$3:$C$10,3)*(P2935*12-VLOOKUP(P2935*12,'Tax table'!$A$3:$C$10,1))+VLOOKUP(P2935*12,'Tax table'!$A$3:$C$10,2))/12","v":0},0,0,{"$error":"#DIV/0!"},0,{"$f":"IF($B$15=\"Yes\",MIN(S2935*2,References!$B$7),0)","v":0},{"$f":"IF(AND(D2935<>0,$B$16=\"Yes\"),References!$B$6,0)","v":0},0,0,0,0,{"$error":"#DIV/0!"},{"$f":"(M2935*12-(VLOOKUP(AB2935*12,'Tax table'!$A$3:$C$10,3)*(AB2935*12-VLOOKUP(AB2935*12,'Tax table'!$A$3:$C$10,1))+VLOOKUP(AB2935*12,'Tax table'!$A$3:$C$10,2)))/12","v":{"$error":"#DIV/0!"}},{"$error":"#DIV/0!"},{"$error":"#DIV/0!"}]
[{"$nulls":9},118,0,0,{"$error":"#DIV/0!"},{"$error":"#DIV/0!"},{"$f":"(M2945*12-(VLOOKUP(N2945*12,'Tax table'!$A$3:$C$10,3)*(N2945*12-VLOOKUP(N2945*12,'Tax table'!$A$3:$C$10,1))+VLOOKUP(N2945*12,'Tax table'!$A$3:$C$10,2)))/12","v":{"$error":"#DIV/0!"}},0,{"$f":"(VLOOKUP(P2945*12,'Tax table'!$A$3:$C$10,3)*(P2945*12-VLOOKUP(P2945*12,'Tax table'!$A$3:$C$10,1))+VLOOKUP(P2945*12,'Tax table'!$A$3:$C$10,2))/12","v":0},0,0,{"$error":"#DIV/0!"},0,{"$f":"IF($B$15=\"Yes\",MIN(S2945*2,References!$B$7),0)","v":0},{"$f":"IF(AND(D2945<>0,$B$16=\"Yes\"),References!$B$6,0)","v":0},0,0,0,0,{"$error":"#DIV/0!"},{"$f":"(M2945*12-(VLOOKUP(AB2945*12,'Tax table'!$A$3:$C$10,3)*(AB2945*12-VLOOKUP(AB2945*12,'Tax table'!$A$3:$C$10,1))+VLOOKUP(AB2945*12,'Tax table'!$A$3:$C$10,2)))/12","v":{"$error":"#DIV/0!"}},{"$error":"#DIV/0!"},{"$error":"#DIV/0!"}]
[{"$nulls":9},118,0,0,{"$error":"#DIV/0!"},{"$error":"#DIV/0!"},{"$f":"(M2962*12-(VLOOKUP(N2962*12,'Tax table'!$A$3:$C$10,3)*(N2962*12-VLOOKUP(N2962*12,'Tax table'!$A$3:$C$10,1))+VLOOKUP(N2962*12,'Tax table'!$A$3:$C$10,2)))/12","v":{"$error":"#DIV/0!"}},0,{"$f":"(VLOOKUP(P2962*12,'Tax table'!$A$3:$C$10,3)*(P2962*12-VLOOKUP(P2962*12,'Tax table'!$A$3:$C$10,1))+VLOOKUP(P2962*12,'Tax table'!$A$3:$C$10,2))/12","v":0},0,0,{"$error":"#DIV/0!"},0,{"$f":"IF($B$15=\"Yes\",MIN(S2962*2,References!$B$7),0)","v":0},{"$f":"IF(AND(D2962<>0,$B$16=\"Yes\"),References!$B$6,0)","v":0},0,0,0,0,{"$error":"#DIV/0!"},{"$f":"(M2962*12-(VLOOKUP(AB2962*12,'Tax table'!$A$3:$C$10,3)*(AB2962*12-VLOOKUP(AB2962*12,'Tax table'!$A$3:$C$10,1))+VLOOKUP(AB2962*12,'Tax table'!$A$3:$C$10,2)))/12","v":{"$error":"#DIV/0!"}},{"$error":"#DIV/0!"},{"$error":"#DIV/0!"}]
[{"$nulls":9},{"$f":"DATEDIF(B2968,$B$7,\"y\")","v":118},{"$f":"D2968/12","v":0},{"$f":"IF($B$10=\"No\",MIN(K2968*H2968,15%*K2968),I2968/12)","v":0},{"$f":"D2968/12/E2968","v":{"$error":"#DIV/0!"}},{"$f":"M2968-L2968","v":{"$error":"#DIV/0!"}},{"$f":"(M2968*12-(VLOOKUP(N2968*12,'Tax table'!$A$3:$C$10,3)*(N2968*12-VLOOKUP(N2968*12,'Tax table'!$A$3:$C$10,1))+VLOOKUP(N2968*12,'Tax table'!$A$3:$C$10,2)))/12","v":{"$error":"#DIV/0!"}},{"$f":"K2968-L2968","v":0},{"$f":"(VLOOKUP(P2968*12,'Tax table'!$A$3:$C$10,3)*(P2968*12-VLOOKUP(P2968*12,'Tax table'!$A$3:$C$10,1))+VLOOKUP(P2968*12,'Tax table'!$A$3:$C$10,2))/12","v":0},{"$f":"K2968-Q2968","v":0},{"$f":"MIN(R2968*F2968,SUM($B$8,$B$9))","v":0},{"$f":"S2968/O2968","v":{"$error":"#DIV/0!"}},{"$f":"IF($B$14=\"Yes\",S2968*3,0)","v":0},{"$f":"IF($B$15=\"Yes\",MIN(S2968*2,References!$B$7),0)","v":0},{"$f":"IF(AND(D2968<>0,$B$16=\"Yes\"),References!$B$6,0)","v":0},{"$f":"IF($B$17=\"Yes\",MIN(R2968,SUM($B$8:$B$9))-S2968,0)","v":0},{"$f":"MIN(K2968*G2968,$B$8)","v":0},{"$f":"MIN(K2968*H2968,$B$9)","v":0},{"$f":"Z2968+Y2968","v":0},{"$f":"M2968-Z2968","v":{"$error":"#DIV/0!"}},{"$f":"(M2968*12-(VLOOKUP(AB2968*12,'Tax table'!$A$3:$C$10,3)*(AB2968*12-VLOOKUP(AB2968*12,'Tax table'!$A$3:$C$10,1))+VLOOKUP(AB2968*12,'Tax table'!$A$3:$C$10,2)))/12","v":{"$error":"#DIV/0!"}},{"$f":"MIN(AA2968,AC2968)","v":{"$error":"#DIV/0!"}},{"$f":"AD2968/O2968","v":{"$error":"#DIV/0!"}}]
[{"$nulls":9},118,0,0,{"$error":"#DIV/0!"},{"$error":"#DIV/0!"},{"$f":"(M2978*12-(VLOOKUP(N2978*12,'Tax table'!$A$3:$C$10,3)*(N2978*12-VLOOKUP(N2978*12,'Tax table'!$A$3:$C$10,1))+VLOOKUP(N2978*12,'Tax table'!$A$3:$C$10,2)))/12","v":{"$error":"#DIV/0!"}},0,{"$f":"(VLOOKUP(P2978*12,'Tax table'!$A$3:$C$10,3)*(P2978*12-VLOOKUP(P2978*12,'Tax table'!$A$3:$C$10,1))+VLOOKUP(P2978*12,'Tax table'!$A$3:$C$10,2))/12","v":0},0,0,{"$error":"#DIV/0!"},0,{"$f":"IF($B$15=\"Yes\",MIN(S2978*2,References!$B$7),0)","v":0},{"$f":"IF(AND(D2978<>0,$B$16=\"Yes\"),References!$B$6,0)","v":0},0,0,0,0,{"$error":"#DIV/0!"},{"$f":"(M2978*12-(VLOOKUP(AB2978*12,'Tax table'!$A$3:$C$10,3)*(AB2978*12-VLOOKUP(AB2978*12,'Tax table'!$A$3:$C$10,1))+VLOOKUP(AB2978*12,'Tax table'!$A$3:$C$10,2)))/12","v":{"$error":"#DIV/0!"}},{"$error":"#DIV/0!"},{"$error":"#DIV/0!"}]
[{"$nulls":9},118,0,0,{"$error":"#DIV/0!"},{"$error":"#DIV/0!"},{"$f":"(M2995*12-(VLOOKUP(N2995*12,'Tax table'!$A$3:$C$10,3)*(N2995*12-VLOOKUP(N2995*12,'Tax table'!$A$3:$C$10,1))+VLOOKUP(N2995*12,'Tax table'!$A$3:$C$10,2)))/12","v":{"$error":"#DIV/0!"}},0,{"$f":"(VLOOKUP(P2995*12,'Tax table'!$A$3:$C$10,3)*(P2995*12-VLOOKUP(P2995*12,'Tax table'!$A$3:$C$10,1))+VLOOKUP(P2995*12,'Tax table'!$A$3:$C$10,2))/12","v":0},0,0,{"$error":"#DIV/0!"},0,{"$f":"IF($B$15=\"Yes\",MIN(S2995*2,References!$B$7),0)","v":0},{"$f":"IF(AND(D2995<>0,$B$16=\"Yes\"),References!$B$6,0)","v":0},0,0,0,0,{"$error":"#DIV/0!"},{"$f":"(M2995*12-(VLOOKUP(AB2995*12,'Tax table'!$A$3:$C$10,3)*(AB2995*12-VLOOKUP(AB2995*12,'Tax table'!$A$3:$C$10,1))+VLOOKUP(AB2995*12,'Tax table'!$A$3:$C$10,2)))/12","v":{"$error":"#DIV/0!"}},{"$error":"#DIV/0!"},{"$error":"#DIV/0!"}]
[{"$nulls":9},118,0,0,{"$error":"#DIV/0!"},{"$error":"#DIV/0!"},{"$f":"(M3005*12-(VLOOKUP(N3005*12,'Tax table'!$A$3:$C$10,3)*(N3005*12-VLOOKUP(N3005*12,'Tax table'!$A$3:$C$10,1))+VLOOKUP(N3005*12,'Tax table'!$A$3:$C$10,2)))/12","v":{"$error":"#DIV/0!"}},0,{"$f":"(VLOOKUP(P3005*12,'Tax table'!$A$3:$C$10,3)*(P3005*12-VLOOKUP(P3005*12,'Tax table'!$A$3:$C$10,1))+VLOOKUP(P3005*12,'Tax table'!$A$3:$C$10,2))/12","v":0},0,0,{"$error":"#DIV/0!"},0,{"$f":"IF($B$15=\"Yes\",MIN(S3005*2,References!$B$7),0)","v":0},{"$f":"IF(AND(D3005<>0,$B$16=\"Yes\"),References!$B$6,0)","v":0},0,0,0,0,{"$error":"#DIV/0!"},{"$f":"(M3005*12-(VLOOKUP(AB3005*12,'Tax table'!$A$3:$C$10,3)*(AB3005*12-VLOOKUP(AB3005*12,'Tax table'!$A$3:$C$10,1))+VLOOKUP(AB3005*12,'Tax table'!$A$3:$C$10,2)))/12","v":{"$error":"#DIV/0!"}},{"$error":"#DIV/0!"},{"$error":"#DIV/0!"}]
[{"$nulls":9},118,0,0,{"$error":"#DIV/0!"},{"$error":"#DIV/0!"},{"$f":"(M3011*12-(VLOOKUP(N3011*12,'Tax table'!$A$3:$C$10,3)*(N3011*12-VLOOKUP(N3011*12,'Tax table'!$A$3:$C$10,1))+VLOOKUP(N3011*12,'Tax table'!$A$3:$C$10,2)))/12","v":{"$error":"#DIV/0!"}},0,{"$f":"(VLOOKUP(P3011*12,'Tax table'!$A$3:$C$10,3)*(P3011*12-VLOOKUP(P3011*12,'Tax table'!$A$3:$C$10,1))+VLOOKUP(P3011*12,'Tax table'!$A$3:$C$10,2))/12","v":0},0,0,{"$error":"#DIV/0!"},0,{"$f":"IF($B$15=\"Yes\",MIN(S3011*2,References!$B$7),0)","v":0},{"$f":"IF(AND(D3011<>0,$B$16=\"Yes\"),References!$B$6,0)","v":0},0,0,0,0,{"$error":"#DIV/0!"},{"$f":"(M3011*12-(VLOOKUP(AB3011*12,'Tax table'!$A$3:$C$10,3)*(AB3011*12-VLOOKUP(AB3011*12,'Tax table'!$A$3:$C$10,1))+VLOOKUP(AB3011*12,'Tax table'!$A$3:$C$10,2)))/12","v":{"$error":"#DIV/0!"}},{"$error":"#DIV/0!"},{"$error":"#DIV/0!"}]
[{"$nulls":9},118,0,0,{"$error":"#DIV/0!"},{"$error":"#DIV/0!"},{"$f":"(M3028*12-(VLOOKUP(N3028*12,'Tax table'!$A$3:$C$10,3)*(N3028*12-VLOOKUP(N3028*12,'Tax table'!$A$3:$C$10,1))+VLOOKUP(N3028*12,'Tax table'!$A$3:$C$10,2)))/12","v":{"$error":"#DIV/0!"}},0,{"$f":"(VLOOKUP(P3028*12,'Tax table'!$A$3:$C$10,3)*(P3028*12-VLOOKUP(P3028*12,'Tax table'!$A$3:$C$10,1))+VLOOKUP(P3028*12,'Tax table'!$A$3:$C$10,2))/12","v":0},0,0,{"$error":"#DIV/0!"},0,{"$f":"IF($B$15=\"Yes\",MIN(S3028*2,References!$B$7),0)","v":0},{"$f":"IF(AND(D3028<>0,$B$16=\"Yes\"),References!$B$6,0)","v":0},0,0,0,0,{"$error":"#DIV/0!"},{"$f":"(M3028*12-(VLOOKUP(AB3028*12,'Tax table'!$A$3:$C$10,3)*(AB3028*12-VLOOKUP(AB3028*12,'Tax table'!$A$3:$C$10,1))+VLOOKUP(AB3028*12,'Tax table'!$A$3:$C$10,2)))/12","v":{"$error":"#DIV/0!"}},{"$error":"#DIV/0!"},{"$error":"#DIV/0!"}]
[{"$nulls":9},118,0,0,{"$error":"#DIV/0!"},{"$error":"#DIV/0!"},{"$f":"(M3038*12-(VLOOKUP(N3038*12,'Tax table'!$A$3:$C$10,3)*(N3038*12-VLOOKUP(N3038*12,'Tax table'!$A$3:$C$10,1))+VLOOKUP(N3038*12,'Tax table'!$A$3:$C$10,2)))/12","v":{"$error":"#DIV/0!"}},0,{"$f":"(VLOOKUP(P3038*12,'Tax table'!$A$3:$C$10,3)*(P3038*12-VLOOKUP(P3038*12,'Tax table'!$A$3:$C$10,1))+VLOOKUP(P3038*12,'Tax table'!$A$3:$C$10,2))/12","v":0},0,0,{"$error":"#DIV/0!"},0,{"$f":"IF($B$15=\"Yes\",MIN(S3038*2,References!$B$7),0)","v":0},{"$f":"IF(AND(D3038<>0,$B$16=\"Yes\"),References!$B$6,0)","v":0},0,0,0,0,{"$error":"#DIV/0!"},{"$f":"(M3038*12-(VLOOKUP(AB3038*12,'Tax table'!$A$3:$C$10,3)*(AB3038*12-VLOOKUP(AB3038*12,'Tax table'!$A$3:$C$10,1))+VLOOKUP(AB3038*12,'Tax table'!$A$3:$C$10,2)))/12","v":{"$error":"#DIV/0!"}},{"$error":"#DIV/0!"},{"$error":"#DIV/0!"}]
[{"$nulls":9},118,0,0,{"$error":"#DIV/0!"},{"$error":"#DIV/0!"},{"$f":"(M3044*12-(VLOOKUP(N3044*12,'Tax table'!$A$3:$C$10,3)*(N3044*12-VLOOKUP(N3044*12,'Tax table'!$A$3:$C$10,1))+VLOOKUP(N3044*12,'Tax table'!$A$3:$C$10,2)))/12","v":{"$error":"#DIV/0!"}},0,{"$f":"(VLOOKUP(P3044*12,'Tax table'!$A$3:$C$10,3)*(P3044*12-VLOOKUP(P3044*12,'Tax table'!$A$3:$C$10,1))+VLOOKUP(P3044*12,'Tax table'!$A$3:$C$10,2))/12","v":0},0,0,{"$error":"#DIV/0!"},0,{"$f":"IF($B$15=\"Yes\",MIN(S3044*2,References!$B$7),0)","v":0},{"$f":"IF(AND(D3044<>0,$B$16=\"Yes\"),References!$B$6,0)","v":0},0,0,0,0,{"$error":"#DIV/0!"},{"$f":"(M3044*12-(VLOOKUP(AB3044*12,'Tax table'!$A$3:$C$10,3)*(AB3044*12-VLOOKUP(AB3044*12,'Tax table'!$A$3:$C$10,1))+VLOOKUP(AB3044*12,'Tax table'!$A$3:$C$10,2)))/12","v":{"$error":"#DIV/0!"}},{"$error":"#DIV/0!"},{"$error":"#DIV/0!"}]
[{"$nulls":9},118,0,0,{"$error":"#DIV/0!"},{"$error":"#DIV/0!"},{"$f":"(M3065*12-(VLOOKUP(N3065*12,'Tax table'!$A$3:$C$10,3)*(N3065*12-VLOOKUP(N3065*12,'Tax table'!$A$3:$C$10,1))+VLOOKUP(N3065*12,'Tax table'!$A$3:$C$10,2)))/12","v":{"$error":"#DIV/0!"}},0,{"$f":"(VLOOKUP(P3065*12,'Tax table'!$A$3:$C$10,3)*(P3065*12-VLOOKUP(P3065*12,'Tax table'!$A$3:$C$10,1))+VLOOKUP(P3065*12,'Tax table'!$A$3:$C$10,2))/12","v":0},0,0,{"$error":"#DIV/0!"},0,{"$f":"IF($B$15=\"Yes\",MIN(S3065*2,References!$B$7),0)","v":0},{"$f":"IF(AND(D3065<>0,$B$16=\"Yes\"),References!$B$6,0)","v":0},0,0,0,0,{"$error":"#DIV/0!"},{"$f":"(M3065*12-(VLOOKUP(AB3065*12,'Tax table'!$A$3:$C$10,3)*(AB3065*12-VLOOKUP(AB3065*12,'Tax table'!$A$3:$C$10,1))+VLOOKUP(AB3065*12,'Tax table'!$A$3:$C$10,2)))/12","v":{"$error":"#DIV/0!"}},{"$error":"#DIV/0!"},{"$error":"#DIV/0!"}]
[{"$nulls":9},118,0,0,{"$error":"#DIV/0!"},{"$error":"#DIV/0!"},{"$f":"(M3071*12-(VLOOKUP(N3071*12,'Tax table'!$A$3:$C$10,3)*(N3071*12-VLOOKUP(N3071*12,'Tax table'!$A$3:$C$10,1))+VLOOKUP(N3071*12,'Tax table'!$A$3:$C$10,2)))/12","v":{"$error":"#DIV/0!"}},0,{"$f":"(VLOOKUP(P3071*12,'Tax table'!$A$3:$C$10,3)*(P3071*12-VLOOKUP(P3071*12,'Tax table'!$A$3:$C$10,1))+VLOOKUP(P3071*12,'Tax table'!$A$3:$C$10,2))/12","v":0},0,0,{"$error":"#DIV/0!"},0,{"$f":"IF($B$15=\"Yes\",MIN(S3071*2,References!$B$7),0)","v":0},{"$f":"IF(AND(D3071<>0,$B$16=\"Yes\"),References!$B$6,0)","v":0},0,0,0,0,{"$error":"#DIV/0!"},{"$f":"(M3071*12-(VLOOKUP(AB3071*12,'Tax table'!$A$3:$C$10,3)*(AB3071*12-VLOOKUP(AB3071*12,'Tax table'!$A$3:$C$10,1))+VLOOKUP(AB3071*12,'Tax table'!$A$3:$C$10,2)))/12","v":{"$error":"#DIV/0!"}},{"$error":"#DIV/0!"},{"$error":"#DIV/0!"}]
[{"$nulls":9},118,0,0,{"$error":"#DIV/0!"},{"$error":"#DIV/0!"},{"$f":"(M3077*12-(VLOOKUP(N3077*12,'Tax table'!$A$3:$C$10,3)*(N3077*12-VLOOKUP(N3077*12,'Tax table'!$A$3:$C$10,1))+VLOOKUP(N3077*12,'Tax table'!$A$3:$C$10,2)))/12","v":{"$error":"#DIV/0!"}},0,{"$f":"(VLOOKUP(P3077*12,'Tax table'!$A$3:$C$10,3)*(P3077*12-VLOOKUP(P3077*12,'Tax table'!$A$3:$C$10,1))+VLOOKUP(P3077*12,'Tax table'!$A$3:$C$10,2))/12","v":0},0,0,{"$error":"#DIV/0!"},0,{"$f":"IF($B$15=\"Yes\",MIN(S3077*2,References!$B$7),0)","v":0},{"$f":"IF(AND(D3077<>0,$B$16=\"Yes\"),References!$B$6,0)","v":0},0,0,0,0,{"$error":"#DIV/0!"},{"$f":"(M3077*12-(VLOOKUP(AB3077*12,'Tax table'!$A$3:$C$10,3)*(AB3077*12-VLOOKUP(AB3077*12,'Tax table'!$A$3:$C$10,1))+VLOOKUP(AB3077*12,'Tax table'!$A$3:$C$10,2)))/12","v":{"$error":"#DIV/0!"}},{"$error":"#DIV/0!"},{"$error":"#DIV/0!"}]
[{"$nulls":9},118,0,0,{"$error":"#DIV/0!"},{"$error":"#DIV/0!"},{"$f":"(M3098*12-(VLOOKUP(N3098*12,'Tax table'!$A$3:$C$10,3)*(N3098*12-VLOOKUP(N3098*12,'Tax table'!$A$3:$C$10,1))+VLOOKUP(N3098*12,'Tax table'!$A$3:$C$10,2)))/12","v":{"$error":"#DIV/0!"}},0,{"$f":"(VLOOKUP(P3098*12,'Tax table'!$A$3:$C$10,3)*(P3098*12-VLOOKUP(P3098*12,'Tax table'!$A$3:$C$10,1))+VLOOKUP(P3098*12,'Tax table'!$A$3:$C$10,2))/12","v":0},0,0,{"$error":"#DIV/0!"},0,{"$f":"IF($B$15=\"Yes\",MIN(S3098*2,References!$B$7),0)","v":0},{"$f":"IF(AND(D3098<>0,$B$16=\"Yes\"),References!$B$6,0)","v":0},0,0,0,0,{"$error":"#DIV/0!"},{"$f":"(M3098*12-(VLOOKUP(AB3098*12,'Tax table'!$A$3:$C$10,3)*(AB3098*12-VLOOKUP(AB3098*12,'Tax table'!$A$3:$C$10,1))+VLOOKUP(AB3098*12,'Tax table'!$A$3:$C$10,2)))/12","v":{"$error":"#DIV/0!"}},{"$error":"#DIV/0!"},{"$error":"#DIV/0!"}]
[{"$nulls":9},118,0,0,{"$error":"#DIV/0!"},{"$error":"#DIV/0!"},{"$f":"(M3104*12-(VLOOKUP(N3104*12,'Tax table'!$A$3:$C$10,3)*(N3104*12-VLOOKUP(N3104*12,'Tax table'!$A$3:$C$10,1))+VLOOKUP(N3104*12,'Tax table'!$A$3:$C$10,2)))/12","v":{"$error":"#DIV/0!"}},0,{"$f":"(VLOOKUP(P3104*12,'Tax table'!$A$3:$C$10,3)*(P3104*12-VLOOKUP(P3104*12,'Tax table'!$A$3:$C$10,1))+VLOOKUP(P3104*12,'Tax table'!$A$3:$C$10,2))/12","v":0},0,0,{"$error":"#DIV/0!"},0,{"$f":"IF($B$15=\"Yes\",MIN(S3104*2,References!$B$7),0)","v":0},{"$f":"IF(AND(D3104<>0,$B$16=\"Yes\"),References!$B$6,0)","v":0},0,0,0,0,{"$error":"#DIV/0!"},{"$f":"(M3104*12-(VLOOKUP(AB3104*12,'Tax table'!$A$3:$C$10,3)*(AB3104*12-VLOOKUP(AB3104*12,'Tax table'!$A$3:$C$10,1))+VLOOKUP(AB3104*12,'Tax table'!$A$3:$C$10,2)))/12","v":{"$error":"#DIV/0!"}},{"$error":"#DIV/0!"},{"$error":"#DIV/0!"}]
[{"$nulls":9},118,0,0,{"$error":"#DIV/0!"},{"$error":"#DIV/0!"},{"$f":"(M3110*12-(VLOOKUP(N3110*12,'Tax table'!$A$3:$C$10,3)*(N3110*12-VLOOKUP(N3110*12,'Tax table'!$A$3:$C$10,1))+VLOOKUP(N3110*12,'Tax table'!$A$3:$C$10,2)))/12","v":{"$error":"#DIV/0!"}},0,{"$f":"(VLOOKUP(P3110*12,'Tax table'!$A$3:$C$10,3)*(P3110*12-VLOOKUP(P3110*12,'Tax table'!$A$3:$C$10,1))+VLOOKUP(P3110*12,'Tax table'!$A$3:$C$10,2))/12","v":0},0,0,{"$error":"#DIV/0!"},0,{"$f":"IF($B$15=\"Yes\",MIN(S3110*2,References!$B$7),0)","v":0},{"$f":"IF(AND(D3110<>0,$B$16=\"Yes\"),References!$B$6,0)","v":0},0,0,0,0,{"$error":"#DIV/0!"},{"$f":"(M3110*12-(VLOOKUP(AB3110*12,'Tax table'!$A$3:$C$10,3)*(AB3110*12-VLOOKUP(AB3110*12,'Tax table'!$A$3:$C$10,1))+VLOOKUP(AB3110*12,'Tax table'!$A$3:$C$10,2)))/12","v":{"$error":"#DIV/0!"}},{"$error":"#DIV/0!"},{"$error":"#DIV/0!"}]
[{"$nulls":9},118,0,0,{"$error":"#DIV/0!"},{"$error":"#DIV/0!"},{"$f":"(M3131*12-(VLOOKUP(N3131*12,'Tax table'!$A$3:$C$10,3)*(N3131*12-VLOOKUP(N3131*12,'Tax table'!$A$3:$C$10,1))+VLOOKUP(N3131*12,'Tax table'!$A$3:$C$10,2)))/12","v":{"$error":"#DIV/0!"}},0,{"$f":"(VLOOKUP(P3131*12,'Tax table'!$A$3:$C$10,3)*(P3131*12-VLOOKUP(P3131*12,'Tax table'!$A$3:$C$10,1))+VLOOKUP(P3131*12,'Tax table'!$A$3:$C$10,2))/12","v":0},0,0,{"$error":"#DIV/0!"},0,{"$f":"IF($B$15=\"Yes\",MIN(S3131*2,References!$B$7),0)","v":0},{"$f":"IF(AND(D3131<>0,$B$16=\"Yes\"),References!$B$6,0)","v":0},0,0,0,0,{"$error":"#DIV/0!"},{"$f":"(M3131*12-(VLOOKUP(AB3131*12,'Tax table'!$A$3:$C$10,3)*(AB3131*12-VLOOKUP(AB3131*12,'Tax table'!$A$3:$C$10,1))+VLOOKUP(AB3131*12,'Tax table'!$A$3:$C$10,2)))/12","v":{"$error":"#DIV/0!"}},{"$error":"#DIV/0!"},{"$error":"#DIV/0!"}]
[{"$nulls":9},118,0,0,{"$error":"#DIV/0!"},{"$error":"#DIV/0!"},{"$f":"(M3137*12-(VLOOKUP(N3137*12,'Tax table'!$A$3:$C$10,3)*(N3137*12-VLOOKUP(N3137*12,'Tax table'!$A$3:$C$10,1))+VLOOKUP(N3137*12,'Tax table'!$A$3:$C$10,2)))/12","v":{"$error":"#DIV/0!"}},0,{"$f":"(VLOOKUP(P3137*12,'Tax table'!$A$3:$C$10,3)*(P3137*12-VLOOKUP(P3137*12,'Tax table'!$A$3:$C$10,1))+VLOOKUP(P3137*12,'Tax table'!$A$3:$C$10,2))/12","v":0},0,0,{"$error":"#DIV/0!"},0,{"$f":"IF($B$15=\"Yes\",MIN(S3137*2,References!$B$7),0)","v":0},{"$f":"IF(AND(D3137<>0,$B$16=\"Yes\"),References!$B$6,0)","v":0},0,0,0,0,{"$error":"#DIV/0!"},{"$f":"(M3137*12-(VLOOKUP(AB3137*12,'Tax table'!$A$3:$C$10,3)*(AB3137*12-VLOOKUP(AB3137*12,'Tax table'!$A$3:$C$10,1))+VLOOKUP(AB3137*12,'Tax table'!$A$3:$C$10,2)))/12","v":{"$error":"#DIV/0!"}},{"$error":"#DIV/0!"},{"$error":"#DIV/0!"}]
[{"$nulls":9},118,0,0,{"$error":"#DIV/0!"},{"$error":"#DIV/0!"},{"$f":"(M3147*12-(VLOOKUP(N3147*12,'Tax table'!$A$3:$C$10,3)*(N3147*12-VLOOKUP(N3147*12,'Tax table'!$A$3:$C$10,1))+VLOOKUP(N3147*12,'Tax table'!$A$3:$C$10,2)))/12","v":{"$error":"#DIV/0!"}},0,{"$f":"(VLOOKUP(P3147*12,'Tax table'!$A$3:$C$10,3)*(P3147*12-VLOOKUP(P3147*12,'Tax table'!$A$3:$C$10,1))+VLOOKUP(P3147*12,'Tax table'!$A$3:$C$10,2))/12","v":0},0,0,{"$error":"#DIV/0!"},0,{"$f":"IF($B$15=\"Yes\",MIN(S3147*2,References!$B$7),0)","v":0},{"$f":"IF(AND(D3147<>0,$B$16=\"Yes\"),References!$B$6,0)","v":0},0,0,0,0,{"$error":"#DIV/0!"},{"$f":"(M3147*12-(VLOOKUP(AB3147*12,'Tax table'!$A$3:$C$10,3)*(AB3147*12-VLOOKUP(AB3147*12,'Tax table'!$A$3:$C$10,1))+VLOOKUP(AB3147*12,'Tax table'!$A$3:$C$10,2)))/12","v":{"$error":"#DIV/0!"}},{"$error":"#DIV/0!"},{"$error":"#DIV/0!"}]
[{"$nulls":9},118,0,0,{"$error":"#DIV/0!"},{"$error":"#DIV/0!"},{"$f":"(M3154*12-(VLOOKUP(N3154*12,'Tax table'!$A$3:$C$10,3)*(N3154*12-VLOOKUP(N3154*12,'Tax table'!$A$3:$C$10,1))+VLOOKUP(N3154*12,'Tax table'!$A$3:$C$10,2)))/12","v":{"$error":"#DIV/0!"}},0,{"$f":"(VLOOKUP(P3154*12,'Tax table'!$A$3:$C$10,3)*(P3154*12-VLOOKUP(P3154*12,'Tax table'!$A$3:$C$10,1))+VLOOKUP(P3154*12,'Tax table'!$A$3:$C$10,2))/12","v":0},0,0,{"$error":"#DIV/0!"},0,{"$f":"IF($B$15=\"Yes\",MIN(S3154*2,References!$B$7),0)","v":0},{"$f":"IF(AND(D3154<>0,$B$16=\"Yes\"),References!$B$6,0)","v":0},0,0,0,0,{"$error":"#DIV/0!"},{"$f":"(M3154*12-(VLOOKUP(AB3154*12,'Tax table'!$A$3:$C$10,3)*(AB3154*12-VLOOKUP(AB3154*12,'Tax table'!$A$3:$C$10,1))+VLOOKUP(AB3154*12,'Tax table'!$A$3:$C$10,2)))/12","v":{"$error":"#DIV/0!"}},{"$error":"#DIV/0!"},{"$error":"#DIV/0!"}]
[{"$nulls":9},118,0,0,{"$error":"#DIV/0!"},{"$error":"#DIV/0!"},{"$f":"(M3171*12-(VLOOKUP(N3171*12,'Tax table'!$A$3:$C$10,3)*(N3171*12-VLOOKUP(N3171*12,'Tax table'!$A$3:$C$10,1))+VLOOKUP(N3171*12,'Tax table'!$A$3:$C$10,2)))/12","v":{"$error":"#DIV/0!"}},0,{"$f":"(VLOOKUP(P3171*12,'Tax table'!$A$3:$C$10,3)*(P3171*12-VLOOKUP(P3171*12,'Tax table'!$A$3:$C$10,1))+VLOOKUP(P3171*12,'Tax table'!$A$3:$C$10,2))/12","v":0},0,0,{"$error":"#DIV/0!"},0,{"$f":"IF($B$15=\"Yes\",MIN(S3171*2,References!$B$7),0)","v":0},{"$f":"IF(AND(D3171<>0,$B$16=\"Yes\"),References!$B$6,0)","v":0},0,0,0,0,{"$error":"#DIV/0!"},{"$f":"(M3171*12-(VLOOKUP(AB3171*12,'Tax table'!$A$3:$C$10,3)*(AB3171*12-VLOOKUP(AB3171*12,'Tax table'!$A$3:$C$10,1))+VLOOKUP(AB3171*12,'Tax table'!$A$3:$C$10,2)))/12","v":{"$error":"#DIV/0!"}},{"$error":"#DIV/0!"},{"$error":"#DIV/0!"}]
[{"$nulls":9},118,0,0,{"$error":"#DIV/0!"},{"$error":"#DIV/0!"},{"$f":"(M3181*12-(VLOOKUP(N3181*12,'Tax table'!$A$3:$C$10,3)*(N3181*12-VLOOKUP(N3181*12,'Tax table'!$A$3:$C$10,1))+VLOOKUP(N3181*12,'Tax table'!$A$3:$C$10,2)))/12","v":{"$error":"#DIV/0!"}},0,{"$f":"(VLOOKUP(P3181*12,'Tax table'!$A$3:$C$10,3)*(P3181*12-VLOOKUP(P3181*12,'Tax table'!$A$3:$C$10,1))+VLOOKUP(P3181*12,'Tax table'!$A$3:$C$10,2))/12","v":0},0,0,{"$error":"#DIV/0!"},0,{"$f":"IF($B$15=\"Yes\",MIN(S3181*2,References!$B$7),0)","v":0},{"$f":"IF(AND(D3181<>0,$B$16=\"Yes\"),References!$B$6,0)","v":0},0,0,0,0,{"$error":"#DIV/0!"},{"$f":"(M3181*12-(VLOOKUP(AB3181*12,'Tax table'!$A$3:$C$10,3)*(AB3181*12-VLOOKUP(AB3181*12,'Tax table'!$A$3:$C$10,1))+VLOOKUP(AB3181*12,'Tax table'!$A$3:$C$10,2)))/12","v":{"$error":"#DIV/0!"}},{"$error":"#DIV/0!"},{"$error":"#DIV/0!"}]
[{"$nulls":9},118,0,0,{"$error":"#DIV/0!"},{"$error":"#DIV/0!"},{"$f":"(M3198*12-(VLOOKUP(N3198*12,'Tax table'!$A$3:$C$10,3)*(N3198*12-VLOOKUP(N3198*12,'Tax table'!$A$3:$C$10,1))+VLOOKUP(N3198*12,'Tax table'!$A$3:$C$10,2)))/12","v":{"$error":"#DIV/0!"}},0,{"$f":"(VLOOKUP(P3198*12,'Tax table'!$A$3:$C$10,3)*(P3198*12-VLOOKUP(P3198*12,'Tax table'!$A$3:$C$10,1))+VLOOKUP(P3198*12,'Tax table'!$A$3:$C$10,2))/12","v":0},0,0,{"$error":"#DIV/0!"},0,{"$f":"IF($B$15=\"Yes\",MIN(S3198*2,References!$B$7),0)","v":0},{"$f":"IF(AND(D3198<>0,$B$16=\"Yes\"),References!$B$6,0)","v":0},0,0,0,0,{"$error":"#DIV/0!"},{"$f":"(M3198*12-(VLOOKUP(AB3198*12,'Tax table'!$A$3:$C$10,3)*(AB3198*12-VLOOKUP(AB3198*12,'Tax table'!$A$3:$C$10,1))+VLOOKUP(AB3198*12,'Tax table'!$A$3:$C$10,2)))/12","v":{"$error":"#DIV/0!"}},{"$error":"#DIV/0!"},{"$error":"#DIV/0!"}]
[{"$nulls":9},118,0,0,{"$error":"#DIV/0!"},{"$error":"#DIV/0!"},{"$f":"(M3208*12-(VLOOKUP(N3208*12,'Tax table'!$A$3:$C$10,3)*(N3208*12-VLOOKUP(N3208*12,'Tax table'!$A$3:$C$10,1))+VLOOKUP(N3208*12,'Tax table'!$A$3:$C$10,2)))/12","v":{"$error":"#DIV/0!"}},0,{"$f":"(VLOOKUP(P3208*12,'Tax table'!$A$3:$C$10,3)*(P3208*12-VLOOKUP(P3208*12,'Tax table'!$A$3:$C$10,1))+VLOOKUP(P3208*12,'Tax table'!$A$3:$C$10,2))/12","v":0},0,0,{"$error":"#DIV/0!"},0,{"$f":"IF($B$15=\"Yes\",MIN(S3208*2,References!$B$7),0)","v":0},{"$f":"IF(AND(D3208<>0,$B$16=\"Yes\"),References!$B$6,0)","v":0},0,0,0,0,{"$error":"#DIV/0!"},{"$f":"(M3208*12-(VLOOKUP(AB3208*12,'Tax table'!$A$3:$C$10,3)*(AB3208*12-VLOOKUP(AB3208*12,'Tax table'!$A$3:$C$10,1))+VLOOKUP(AB3208*12,'Tax table'!$A$3:$C$10,2)))/12","v":{"$error":"#DIV/0!"}},{"$error":"#DIV/0!"},{"$error":"#DIV/0!"}]
[{"$nulls":9},118,0,0,{"$error":"#DIV/0!"},{"$error":"#DIV/0!"},{"$f":"(M3214*12-(VLOOKUP(N3214*12,'Tax table'!$A$3:$C$10,3)*(N3214*12-VLOOKUP(N3214*12,'Tax table'!$A$3:$C$10,1))+VLOOKUP(N3214*12,'Tax table'!$A$3:$C$10,2)))/12","v":{"$error":"#DIV/0!"}},0,{"$f":"(VLOOKUP(P3214*12,'Tax table'!$A$3:$C$10,3)*(P3214*12-VLOOKUP(P3214*12,'Tax table'!$A$3:$C$10,1))+VLOOKUP(P3214*12,'Tax table'!$A$3:$C$10,2))/12","v":0},0,0,{"$error":"#DIV/0!"},0,{"$f":"IF($B$15=\"Yes\",MIN(S3214*2,References!$B$7),0)","v":0},{"$f":"IF(AND(D3214<>0,$B$16=\"Yes\"),References!$B$6,0)","v":0},0,0,0,0,{"$error":"#DIV/0!"},{"$f":"(M3214*12-(VLOOKUP(AB3214*12,'Tax table'!$A$3:$C$10,3)*(AB3214*12-VLOOKUP(AB3214*12,'Tax table'!$A$3:$C$10,1))+VLOOKUP(AB3214*12,'Tax table'!$A$3:$C$10,2)))/12","v":{"$error":"#DIV/0!"}},{"$error":"#DIV/0!"},{"$error":"#DIV/0!"}]
[{"$nulls":9},118,0,0,{"$error":"#DIV/0!"},{"$error":"#DIV/0!"},{"$f":"(M3231*12-(VLOOKUP(N3231*12,'Tax table'!$A$3:$C$10,3)*(N3231*12-VLOOKUP(N3231*12,'Tax table'!$A$3:$C$10,1))+VLOOKUP(N3231*12,'Tax table'!$A$3:$C$10,2)))/12","v":{"$error":"#DIV/0!"}},0,{"$f":"(VLOOKUP(P3231*12,'Tax table'!$A$3:$C$10,3)*(P3231*12-VLOOKUP(P3231*12,'Tax table'!$A$3:$C$10,1))+VLOOKUP(P3231*12,'Tax table'!$A$3:$C$10,2))/12","v":0},0,0,{"$error":"#DIV/0!"},0,{"$f":"IF($B$15=\"Yes\",MIN(S3231*2,References!$B$7),0)","v":0},{"$f":"IF(AND(D3231<>0,$B$16=\"Yes\"),References!$B$6,0)","v":0},0,0,0,0,{"$error":"#DIV/0!"},{"$f":"(M3231*12-(VLOOKUP(AB3231*12,'Tax table'!$A$3:$C$10,3)*(AB3231*12-VLOOKUP(AB3231*12,'Tax table'!$A$3:$C$10,1))+VLOOKUP(AB3231*12,'Tax table'!$A$3:$C$10,2)))/12","v":{"$error":"#DIV/0!"}},{"$error":"#DIV/0!"},{"$error":"#DIV/0!"}]
[{"$nulls":9},118,0,0,{"$error":"#DIV/0!"},{"$error":"#DIV/0!"},{"$f":"(M3241*12-(VLOOKUP(N3241*12,'Tax table'!$A$3:$C$10,3)*(N3241*12-VLOOKUP(N3241*12,'Tax table'!$A$3:$C$10,1))+VLOOKUP(N3241*12,'Tax table'!$A$3:$C$10,2)))/12","v":{"$error":"#DIV/0!"}},0,{"$f":"(VLOOKUP(P3241*12,'Tax table'!$A$3:$C$10,3)*(P3241*12-VLOOKUP(P3241*12,'Tax table'!$A$3:$C$10,1))+VLOOKUP(P3241*12,'Tax table'!$A$3:$C$10,2))/12","v":0},0,0,{"$error":"#DIV/0!"},0,{"$f":"IF($B$15=\"Yes\",MIN(S3241*2,References!$B$7),0)","v":0},{"$f":"IF(AND(D3241<>0,$B$16=\"Yes\"),References!$B$6,0)","v":0},0,0,0,0,{"$error":"#DIV/0!"},{"$f":"(M3241*12-(VLOOKUP(AB3241*12,'Tax table'!$A$3:$C$10,3)*(AB3241*12-VLOOKUP(AB3241*12,'Tax table'!$A$3:$C$10,1))+VLOOKUP(AB3241*12,'Tax table'!$A$3:$C$10,2)))/12","v":{"$error":"#DIV/0!"}},{"$error":"#DIV/0!"},{"$error":"#DIV/0!"}]
[{"$nulls":9},118,0,0,{"$error":"#DIV/0!"},{"$error":"#DIV/0!"},{"$f":"(M3247*12-(VLOOKUP(N3247*12,'Tax table'!$A$3:$C$10,3)*(N3247*12-VLOOKUP(N3247*12,'Tax table'!$A$3:$C$10,1))+VLOOKUP(N3247*12,'Tax table'!$A$3:$C$10,2)))/12","v":{"$error":"#DIV/0!"}},0,{"$f":"(VLOOKUP(P3247*12,'Tax table'!$A$3:$C$10,3)*(P3247*12-VLOOKUP(P3247*12,'Tax table'!$A$3:$C$10,1))+VLOOKUP(P3247*12,'Tax table'!$A$3:$C$10,2))/12","v":0},0,0,{"$error":"#DIV/0!"},0,{"$f":"IF($B$15=\"Yes\",MIN(S3247*2,References!$B$7),0)","v":0},{"$f":"IF(AND(D3247<>0,$B$16=\"Yes\"),References!$B$6,0)","v":0},0,0,0,0,{"$error":"#DIV/0!"},{"$f":"(M3247*12-(VLOOKUP(AB3247*12,'Tax table'!$A$3:$C$10,3)*(AB3247*12-VLOOKUP(AB3247*12,'Tax table'!$A$3:$C$10,1))+VLOOKUP(AB3247*12,'Tax table'!$A$3:$C$10,2)))/12","v":{"$error":"#DIV/0!"}},{"$error":"#DIV/0!"},{"$error":"#DIV/0!"}]
[{"$nulls":9},118,0,0,{"$error":"#DIV/0!"},{"$error":"#DIV/0!"},{"$f":"(M3264*12-(VLOOKUP(N3264*12,'Tax table'!$A$3:$C$10,3)*(N3264*12-VLOOKUP(N3264*12,'Tax table'!$A$3:$C$10,1))+VLOOKUP(N3264*12,'Tax table'!$A$3:$C$10,2)))/12","v":{"$error":"#DIV/0!"}},0,{"$f":"(VLOOKUP(P3264*12,'Tax table'!$A$3:$C$10,3)*(P3264*12-VLOOKUP(P3264*12,'Tax table'!$A$3:$C$10,1))+VLOOKUP(P3264*12,'Tax table'!$A$3:$C$10,2))/12","v":0},0,0,{"$error":"#DIV/0!"},0,{"$f":"IF($B$15=\"Yes\",MIN(S3264*2,References!$B$7),0)","v":0},{"$f":"IF(AND(D3264<>0,$B$16=\"Yes\"),References!$B$6,0)","v":0},0,0,0,0,{"$error":"#DIV/0!"},{"$f":"(M3264*12-(VLOOKUP(AB3264*12,'Tax table'!$A$3:$C$10,3)*(AB3264*12-VLOOKUP(AB3264*12,'Tax table'!$A$3:$C$10,1))+VLOOKUP(AB3264*12,'Tax table'!$A$3:$C$10,2)))/12","v":{"$error":"#DIV/0!"}},{"$error":"#DIV/0!"},{"$error":"#DIV/0!"}]
[{"$nulls":9},118,0,0,{"$error":"#DIV/0!"},{"$error":"#DIV/0!"},{"$f":"(M3274*12-(VLOOKUP(N3274*12,'Tax table'!$A$3:$C$10,3)*(N3274*12-VLOOKUP(N3274*12,'Tax table'!$A$3:$C$10,1))+VLOOKUP(N3274*12,'Tax table'!$A$3:$C$10,2)))/12","v":{"$error":"#DIV/0!"}},0,{"$f":"(VLOOKUP(P3274*12,'Tax table'!$A$3:$C$10,3)*(P3274*12-VLOOKUP(P3274*12,'Tax table'!$A$3:$C$10,1))+VLOOKUP(P3274*12,'Tax table'!$A$3:$C$10,2))/12","v":0},0,0,{"$error":"#DIV/0!"},0,{"$f":"IF($B$15=\"Yes\",MIN(S3274*2,References!$B$7),0)","v":0},{"$f":"IF(AND(D3274<>0,$B$16=\"Yes\"),References!$B$6,0)","v":0},0,0,0,0,{"$error":"#DIV/0!"},{"$f":"(M3274*12-(VLOOKUP(AB3274*12,'Tax table'!$A$3:$C$10,3)*(AB3274*12-VLOOKUP(AB3274*12,'Tax table'!$A$3:$C$10,1))+VLOOKUP(AB3274*12,'Tax table'!$A$3:$C$10,2)))/12","v":{"$error":"#DIV/0!"}},{"$error":"#DIV/0!"},{"$error":"#DIV/0!"}]
[{"$nulls":9},118,0,0,{"$error":"#DIV/0!"},{"$error":"#DIV/0!"},{"$f":"(M3280*12-(VLOOKUP(N3280*12,'Tax table'!$A$3:$C$10,3)*(N3280*12-VLOOKUP(N3280*12,'Tax table'!$A$3:$C$10,1))+VLOOKUP(N3280*12,'Tax table'!$A$3:$C$10,2)))/12","v":{"$error":"#DIV/0!"}},0,{"$f":"(VLOOKUP(P3280*12,'Tax table'!$A$3:$C$10,3)*(P3280*12-VLOOKUP(P3280*12,'Tax table'!$A$3:$C$10,1))+VLOOKUP(P3280*12,'Tax table'!$A$3:$C$10,2))/12","v":0},0,0,{"$error":"#DIV/0!"},0,{"$f":"IF($B$15=\"Yes\",MIN(S3280*2,References!$B$7),0)","v":0},{"$f":"IF(AND(D3280<>0,$B$16=\"Yes\"),References!$B$6,0)","v":0},0,0,0,0,{"$error":"#DIV/0!"},{"$f":"(M3280*12-(VLOOKUP(AB3280*12,'Tax table'!$A$3:$C$10,3)*(AB3280*12-VLOOKUP(AB3280*12,'Tax table'!$A$3:$C$10,1))+VLOOKUP(AB3280*12,'Tax table'!$A$3:$C$10,2)))/12","v":{"$error":"#DIV/0!"}},{"$error":"#DIV/0!"},{"$error":"#DIV/0!"}]
[{"$nulls":9},118,0,0,{"$error":"#DIV/0!"},{"$error":"#DIV/0!"},{"$f":"(M3290*12-(VLOOKUP(N3290*12,'Tax table'!$A$3:$C$10,3)*(N3290*12-VLOOKUP(N3290*12,'Tax table'!$A$3:$C$10,1))+VLOOKUP(N3290*12,'Tax table'!$A$3:$C$10,2)))/12","v":{"$error":"#DIV/0!"}},0,{"$f":"(VLOOKUP(P3290*12,'Tax table'!$A$3:$C$10,3)*(P3290*12-VLOOKUP(P3290*12,'Tax table'!$A$3:$C$10,1))+VLOOKUP(P3290*12,'Tax table'!$A$3:$C$10,2))/12","v":0},0,0,{"$error":"#DIV/0!"},0,{"$f":"IF($B$15=\"Yes\",MIN(S3290*2,References!$B$7),0)","v":0},{"$f":"IF(AND(D3290<>0,$B$16=\"Yes\"),References!$B$6,0)","v":0},0,0,0,0,{"$error":"#DIV/0!"},{"$f":"(M3290*12-(VLOOKUP(AB3290*12,'Tax table'!$A$3:$C$10,3)*(AB3290*12-VLOOKUP(AB3290*12,'Tax table'!$A$3:$C$10,1))+VLOOKUP(AB3290*12,'Tax table'!$A$3:$C$10,2)))/12","v":{"$error":"#DIV/0!"}},{"$error":"#DIV/0!"},{"$error":"#DIV/0!"}]
[{"$nulls":9},118,0,0,{"$error":"#DIV/0!"},{"$error":"#DIV/0!"},{"$f":"(M3307*12-(VLOOKUP(N3307*12,'Tax table'!$A$3:$C$10,3)*(N3307*12-VLOOKUP(N3307*12,'Tax table'!$A$3:$C$10,1))+VLOOKUP(N3307*12,'Tax table'!$A$3:$C$10,2)))/12","v":{"$error":"#DIV/0!"}},0,{"$f":"(VLOOKUP(P3307*12,'Tax table'!$A$3:$C$10,3)*(P3307*12-VLOOKUP(P3307*12,'Tax table'!$A$3:$C$10,1))+VLOOKUP(P3307*12,'Tax table'!$A$3:$C$10,2))/12","v":0},0,0,{"$error":"#DIV/0!"},0,{"$f":"IF($B$15=\"Yes\",MIN(S3307*2,References!$B$7),0)","v":0},{"$f":"IF(AND(D3307<>0,$B$16=\"Yes\"),References!$B$6,0)","v":0},0,0,0,0,{"$error":"#DIV/0!"},{"$f":"(M3307*12-(VLOOKUP(AB3307*12,'Tax table'!$A$3:$C$10,3)*(AB3307*12-VLOOKUP(AB3307*12,'Tax table'!$A$3:$C$10,1))+VLOOKUP(AB3307*12,'Tax table'!$A$3:$C$10,2)))/12","v":{"$error":"#DIV/0!"}},{"$error":"#DIV/0!"},{"$error":"#DIV/0!"}]
[{"$nulls":9},118,0,0,{"$error":"#DIV/0!"},{"$error":"#DIV/0!"},{"$f":"(M3313*12-(VLOOKUP(N3313*12,'Tax table'!$A$3:$C$10,3)*(N3313*12-VLOOKUP(N3313*12,'Tax table'!$A$3:$C$10,1))+VLOOKUP(N3313*12,'Tax table'!$A$3:$C$10,2)))/12","v":{"$error":"#DIV/0!"}},0,{"$f":"(VLOOKUP(P3313*12,'Tax table'!$A$3:$C$10,3)*(P3313*12-VLOOKUP(P3313*12,'Tax table'!$A$3:$C$10,1))+VLOOKUP(P3313*12,'Tax table'!$A$3:$C$10,2))/12","v":0},0,0,{"$error":"#DIV/0!"},0,{"$f":"IF($B$15=\"Yes\",MIN(S3313*2,References!$B$7),0)","v":0},{"$f":"IF(AND(D3313<>0,$B$16=\"Yes\"),References!$B$6,0)","v":0},0,0,0,0,{"$error":"#DIV/0!"},{"$f":"(M3313*12-(VLOOKUP(AB3313*12,'Tax table'!$A$3:$C$10,3)*(AB3313*12-VLOOKUP(AB3313*12,'Tax table'!$A$3:$C$10,1))+VLOOKUP(AB3313*12,'Tax table'!$A$3:$C$10,2)))/12","v":{"$error":"#DIV/0!"}},{"$error":"#DIV/0!"},{"$error":"#DIV/0!"}]
[{"$nulls":9},118,0,0,{"$error":"#DIV/0!"},{"$error":"#DIV/0!"},{"$f":"(M3323*12-(VLOOKUP(N3323*12,'Tax table'!$A$3:$C$10,3)*(N3323*12-VLOOKUP(N3323*12,'Tax table'!$A$3:$C$10,1))+VLOOKUP(N3323*12,'Tax table'!$A$3:$C$10,2)))/12","v":{"$error":"#DIV/0!"}},0,{"$f":"(VLOOKUP(P3323*12,'Tax table'!$A$3:$C$10,3)*(P3323*12-VLOOKUP(P3323*12,'Tax table'!$A$3:$C$10,1))+VLOOKUP(P3323*12,'Tax table'!$A$3:$C$10,2))/12","v":0},0,0,{"$error":"#DIV/0!"},0,{"$f":"IF($B$15=\"Yes\",MIN(S3323*2,References!$B$7),0)","v":0},{"$f":"IF(AND(D3323<>0,$B$16=\"Yes\"),References!$B$6,0)","v":0},0,0,0,0,{"$error":"#DIV/0!"},{"$f":"(M3323*12-(VLOOKUP(AB3323*12,'Tax table'!$A$3:$C$10,3)*(AB3323*12-VLOOKUP(AB3323*12,'Tax table'!$A$3:$C$10,1))+VLOOKUP(AB3323*12,'Tax table'!$A$3:$C$10,2)))/12","v":{"$error":"#DIV/0!"}},{"$error":"#DIV/0!"},{"$error":"#DIV/0!"}]
[{"$nulls":9},118,0,0,{"$error":"#DIV/0!"},{"$error":"#DIV/0!"},{"$f":"(M3340*12-(VLOOKUP(N3340*12,'Tax table'!$A$3:$C$10,3)*(N3340*12-VLOOKUP(N3340*12,'Tax table'!$A$3:$C$10,1))+VLOOKUP(N3340*12,'Tax table'!$A$3:$C$10,2)))/12","v":{"$error":"#DIV/0!"}},0,{"$f":"(VLOOKUP(P3340*12,'Tax table'!$A$3:$C$10,3)*(P3340*12-VLOOKUP(P3340*12,'Tax table'!$A$3:$C$10,1))+VLOOKUP(P3340*12,'Tax table'!$A$3:$C$10,2))/12","v":0},0,0,{"$error":"#DIV/0!"},0,{"$f":"IF($B$15=\"Yes\",MIN(S3340*2,References!$B$7),0)","v":0},{"$f":"IF(AND(D3340<>0,$B$16=\"Yes\"),References!$B$6,0)","v":0},0,0,0,0,{"$error":"#DIV/0!"},{"$f":"(M3340*12-(VLOOKUP(AB3340*12,'Tax table'!$A$3:$C$10,3)*(AB3340*12-VLOOKUP(AB3340*12,'Tax table'!$A$3:$C$10,1))+VLOOKUP(AB3340*12,'Tax table'!$A$3:$C$10,2)))/12","v":{"$error":"#DIV/0!"}},{"$error":"#DIV/0!"},{"$error":"#DIV/0!"}]
[{"$nulls":9},118,0,0,{"$error":"#DIV/0!"},{"$error":"#DIV/0!"},{"$f":"(M3346*12-(VLOOKUP(N3346*12,'Tax table'!$A$3:$C$10,3)*(N3346*12-VLOOKUP(N3346*12,'Tax table'!$A$3:$C$10,1))+VLOOKUP(N3346*12,'Tax table'!$A$3:$C$10,2)))/12","v":{"$error":"#DIV/0!"}},0,{"$f":"(VLOOKUP(P3346*12,'Tax table'!$A$3:$C$10,3)*(P3346*12-VLOOKUP(P3346*12,'Tax table'!$A$3:$C$10,1))+VLOOKUP(P3346*12,'Tax table'!$A$3:$C$10,2))/12","v":0},0,0,{"$error":"#DIV/0!"},0,{"$f":"IF($B$15=\"Yes\",MIN(S3346*2,References!$B$7),0)","v":0},{"$f":"IF(AND(D3346<>0,$B$16=\"Yes\"),References!$B$6,0)","v":0},0,0,0,0,{"$error":"#DIV/0!"},{"$f":"(M3346*12-(VLOOKUP(AB3346*12,'Tax table'!$A$3:$C$10,3)*(AB3346*12-VLOOKUP(AB3346*12,'Tax table'!$A$3:$C$10,1))+VLOOKUP(AB3346*12,'Tax table'!$A$3:$C$10,2)))/12","v":{"$error":"#DIV/0!"}},{"$error":"#DIV/0!"},{"$error":"#DIV/0!"}]
[{"$nulls":9},118,0,0,{"$error":"#DIV/0!"},{"$error":"#DIV/0!"},{"$f":"(M3356*12-(VLOOKUP(N3356*12,'Tax table'!$A$3:$C$10,3)*(N3356*12-VLOOKUP(N3356*12,'Tax table'!$A$3:$C$10,1))+VLOOKUP(N3356*12,'Tax table'!$A$3:$C$10,2)))/12","v":{"$error":"#DIV/0!"}},0,{"$f":"(VLOOKUP(P3356*12,'Tax table'!$A$3:$C$10,3)*(P3356*12-VLOOKUP(P3356*12,'Tax table'!$A$3:$C$10,1))+VLOOKUP(P3356*12,'Tax table'!$A$3:$C$10,2))/12","v":0},0,0,{"$error":"#DIV/0!"},0,{"$f":"IF($B$15=\"Yes\",MIN(S3356*2,References!$B$7),0)","v":0},{"$f":"IF(AND(D3356<>0,$B$16=\"Yes\"),References!$B$6,0)","v":0},0,0,0,0,{"$error":"#DIV/0!"},{"$f":"(M3356*12-(VLOOKUP(AB3356*12,'Tax table'!$A$3:$C$10,3)*(AB3356*12-VLOOKUP(AB3356*12,'Tax table'!$A$3:$C$10,1))+VLOOKUP(AB3356*12,'Tax table'!$A$3:$C$10,2)))/12","v":{"$error":"#DIV/0!"}},{"$error":"#DIV/0!"},{"$error":"#DIV/0!"}]
[{"$nulls":9},118,0,0,{"$error":"#DIV/0!"},{"$error":"#DIV/0!"},{"$f":"(M3373*12-(VLOOKUP(N3373*12,'Tax table'!$A$3:$C$10,3)*(N3373*12-VLOOKUP(N3373*12,'Tax table'!$A$3:$C$10,1))+VLOOKUP(N3373*12,'Tax table'!$A$3:$C$10,2)))/12","v":{"$error":"#DIV/0!"}},0,{"$f":"(VLOOKUP(P3373*12,'Tax table'!$A$3:$C$10,3)*(P3373*12-VLOOKUP(P3373*12,'Tax table'!$A$3:$C$10,1))+VLOOKUP(P3373*12,'Tax table'!$A$3:$C$10,2))/12","v":0},0,0,{"$error":"#DIV/0!"},0,{"$f":"IF($B$15=\"Yes\",MIN(S3373*2,References!$B$7),0)","v":0},{"$f":"IF(AND(D3373<>0,$B$16=\"Yes\"),References!$B$6,0)","v":0},0,0,0,0,{"$error":"#DIV/0!"},{"$f":"(M3373*12-(VLOOKUP(AB3373*12,'Tax table'!$A$3:$C$10,3)*(AB3373*12-VLOOKUP(AB3373*12,'Tax table'!$A$3:$C$10,1))+VLOOKUP(AB3373*12,'Tax table'!$A$3:$C$10,2)))/12","v":{"$error":"#DIV/0!"}},{"$error":"#DIV/0!"},{"$error":"#DIV/0!"}]
[{"$nulls":9},118,0,0,{"$error":"#DIV/0!"},{"$error":"#DIV/0!"},{"$f":"(M3383*12-(VLOOKUP(N3383*12,'Tax table'!$A$3:$C$10,3)*(N3383*12-VLOOKUP(N3383*12,'Tax table'!$A$3:$C$10,1))+VLOOKUP(N3383*12,'Tax table'!$A$3:$C$10,2)))/12","v":{"$error":"#DIV/0!"}},0,{"$f":"(VLOOKUP(P3383*12,'Tax table'!$A$3:$C$10,3)*(P3383*12-VLOOKUP(P3383*12,'Tax table'!$A$3:$C$10,1))+VLOOKUP(P3383*12,'Tax table'!$A$3:$C$10,2))/12","v":0},0,0,{"$error":"#DIV/0!"},0,{"$f":"IF($B$15=\"Yes\",MIN(S3383*2,References!$B$7),0)","v":0},{"$f":"IF(AND(D3383<>0,$B$16=\"Yes\"),References!$B$6,0)","v":0},0,0,0,0,{"$error":"#DIV/0!"},{"$f":"(M3383*12-(VLOOKUP(AB3383*12,'Tax table'!$A$3:$C$10,3)*(AB3383*12-VLOOKUP(AB3383*12,'Tax table'!$A$3:$C$10,1))+VLOOKUP(AB3383*12,'Tax table'!$A$3:$C$10,2)))/12","v":{"$error":"#DIV/0!"}},{"$error":"#DIV/0!"},{"$error":"#DIV/0!"}]
[{"$nulls":9},118,0,0,{"$error":"#DIV/0!"},{"$error":"#DIV/0!"},{"$f":"(M3389*12-(VLOOKUP(N3389*12,'Tax table'!$A$3:$C$10,3)*(N3389*12-VLOOKUP(N3389*12,'Tax table'!$A$3:$C$10,1))+VLOOKUP(N3389*12,'Tax table'!$A$3:$C$10,2)))/12","v":{"$error":"#DIV/0!"}},0,{"$f":"(VLOOKUP(P3389*12,'Tax table'!$A$3:$C$10,3)*(P3389*12-VLOOKUP(P3389*12,'Tax table'!$A$3:$C$10,1))+VLOOKUP(P3389*12,'Tax table'!$A$3:$C$10,2))/12","v":0},0,0,{"$error":"#DIV/0!"},0,{"$f":"IF($B$15=\"Yes\",MIN(S3389*2,References!$B$7),0)","v":0},{"$f":"IF(AND(D3389<>0,$B$16=\"Yes\"),References!$B$6,0)","v":0},0,0,0,0,{"$error":"#DIV/0!"},{"$f":"(M3389*12-(VLOOKUP(AB3389*12,'Tax table'!$A$3:$C$10,3)*(AB3389*12-VLOOKUP(AB3389*12,'Tax table'!$A$3:$C$10,1))+VLOOKUP(AB3389*12,'Tax table'!$A$3:$C$10,2)))/12","v":{"$error":"#DIV/0!"}},{"$error":"#DIV/0!"},{"$error":"#DIV/0!"}]
[{"$nulls":9},118,0,0,{"$error":"#DIV/0!"},{"$error":"#DIV/0!"},{"$f":"(M3399*12-(VLOOKUP(N3399*12,'Tax table'!$A$3:$C$10,3)*(N3399*12-VLOOKUP(N3399*12,'Tax table'!$A$3:$C$10,1))+VLOOKUP(N3399*12,'Tax table'!$A$3:$C$10,2)))/12","v":{"$error":"#DIV/0!"}},0,{"$f":"(VLOOKUP(P3399*12,'Tax table'!$A$3:$C$10,3)*(P3399*12-VLOOKUP(P3399*12,'Tax table'!$A$3:$C$10,1))+VLOOKUP(P3399*12,'Tax table'!$A$3:$C$10,2))/12","v":0},0,0,{"$error":"#DIV/0!"},0,{"$f":"IF($B$15=\"Yes\",MIN(S3399*2,References!$B$7),0)","v":0},{"$f":"IF(AND(D3399<>0,$B$16=\"Yes\"),References!$B$6,0)","v":0},0,0,0,0,{"$error":"#DIV/0!"},{"$f":"(M3399*12-(VLOOKUP(AB3399*12,'Tax table'!$A$3:$C$10,3)*(AB3399*12-VLOOKUP(AB3399*12,'Tax table'!$A$3:$C$10,1))+VLOOKUP(AB3399*12,'Tax table'!$A$3:$C$10,2)))/12","v":{"$error":"#DIV/0!"}},{"$error":"#DIV/0!"},{"$error":"#DIV/0!"}]
[{"$nulls":9},118,0,0,{"$error":"#DIV/0!"},{"$error":"#DIV/0!"},{"$f":"(M3417*12-(VLOOKUP(N3417*12,'Tax table'!$A$3:$C$10,3)*(N3417*12-VLOOKUP(N3417*12,'Tax table'!$A$3:$C$10,1))+VLOOKUP(N3417*12,'Tax table'!$A$3:$C$10,2)))/12","v":{"$error":"#DIV/0!"}},0,{"$f":"(VLOOKUP(P3417*12,'Tax table'!$A$3:$C$10,3)*(P3417*12-VLOOKUP(P3417*12,'Tax table'!$A$3:$C$10,1))+VLOOKUP(P3417*12,'Tax table'!$A$3:$C$10,2))/12","v":0},0,0,{"$error":"#DIV/0!"},0,{"$f":"IF($B$15=\"Yes\",MIN(S3417*2,References!$B$7),0)","v":0},{"$f":"IF(AND(D3417<>0,$B$16=\"Yes\"),References!$B$6,0)","v":0},0,0,0,0,{"$error":"#DIV/0!"},{"$f":"(M3417*12-(VLOOKUP(AB3417*12,'Tax table'!$A$3:$C$10,3)*(AB3417*12-VLOOKUP(AB3417*12,'Tax table'!$A$3:$C$10,1))+VLOOKUP(AB3417*12,'Tax table'!$A$3:$C$10,2)))/12","v":{"$error":"#DIV/0!"}},{"$error":"#DIV/0!"},{"$error":"#DIV/0!"}]
[{"$nulls":9},118,0,0,{"$error":"#DIV/0!"},{"$error":"#DIV/0!"},{"$f":"(M3423*12-(VLOOKUP(N3423*12,'Tax table'!$A$3:$C$10,3)*(N3423*12-VLOOKUP(N3423*12,'Tax table'!$A$3:$C$10,1))+VLOOKUP(N3423*12,'Tax table'!$A$3:$C$10,2)))/12","v":{"$error":"#DIV/0!"}},0,{"$f":"(VLOOKUP(P3423*12,'Tax table'!$A$3:$C$10,3)*(P3423*12-VLOOKUP(P3423*12,'Tax table'!$A$3:$C$10,1))+VLOOKUP(P3423*12,'Tax table'!$A$3:$C$10,2))/12","v":0},0,0,{"$error":"#DIV/0!"},0,{"$f":"IF($B$15=\"Yes\",MIN(S3423*2,References!$B$7),0)","v":0},{"$f":"IF(AND(D3423<>0,$B$16=\"Yes\"),References!$B$6,0)","v":0},0,0,0,0,{"$error":"#DIV/0!"},{"$f":"(M3423*12-(VLOOKUP(AB3423*12,'Tax table'!$A$3:$C$10,3)*(AB3423*12-VLOOKUP(AB3423*12,'Tax table'!$A$3:$C$10,1))+VLOOKUP(AB3423*12,'Tax table'!$A$3:$C$10,2)))/12","v":{"$error":"#DIV/0!"}},{"$error":"#DIV/0!"},{"$error":"#DIV/0!"}]
[{"$nulls":9},118,0,0,{"$error":"#DIV/0!"},{"$error":"#DIV/0!"},{"$f":"(M3433*12-(VLOOKUP(N3433*12,'Tax table'!$A$3:$C$10,3)*(N3433*12-VLOOKUP(N3433*12,'Tax table'!$A$3:$C$10,1))+VLOOKUP(N3433*12,'Tax table'!$A$3:$C$10,2)))/12","v":{"$error":"#DIV/0!"}},0,{"$f":"(VLOOKUP(P3433*12,'Tax table'!$A$3:$C$10,3)*(P3433*12-VLOOKUP(P3433*12,'Tax table'!$A$3:$C$10,1))+VLOOKUP(P3433*12,'Tax table'!$A$3:$C$10,2))/12","v":0},0,0,{"$error":"#DIV/0!"},0,{"$f":"IF($B$15=\"Yes\",MIN(S3433*2,References!$B$7),0)","v":0},{"$f":"IF(AND(D3433<>0,$B$16=\"Yes\"),References!$B$6,0)","v":0},0,0,0,0,{"$error":"#DIV/0!"},{"$f":"(M3433*12-(VLOOKUP(AB3433*12,'Tax table'!$A$3:$C$10,3)*(AB3433*12-VLOOKUP(AB3433*12,'Tax table'!$A$3:$C$10,1))+VLOOKUP(AB3433*12,'Tax table'!$A$3:$C$10,2)))/12","v":{"$error":"#DIV/0!"}},{"$error":"#DIV/0!"},{"$error":"#DIV/0!"}]
[{"$nulls":9},118,0,0,{"$error":"#DIV/0!"},{"$error":"#DIV/0!"},{"$f":"(M3450*12-(VLOOKUP(N3450*12,'Tax table'!$A$3:$C$10,3)*(N3450*12-VLOOKUP(N3450*12,'Tax table'!$A$3:$C$10,1))+VLOOKUP(N3450*12,'Tax table'!$A$3:$C$10,2)))/12","v":{"$error":"#DIV/0!"}},0,{"$f":"(VLOOKUP(P3450*12,'Tax table'!$A$3:$C$10,3)*(P3450*12-VLOOKUP(P3450*12,'Tax table'!$A$3:$C$10,1))+VLOOKUP(P3450*12,'Tax table'!$A$3:$C$10,2))/12","v":0},0,0,{"$error":"#DIV/0!"},0,{"$f":"IF($B$15=\"Yes\",MIN(S3450*2,References!$B$7),0)","v":0},{"$f":"IF(AND(D3450<>0,$B$16=\"Yes\"),References!$B$6,0)","v":0},0,0,0,0,{"$error":"#DIV/0!"},{"$f":"(M3450*12-(VLOOKUP(AB3450*12,'Tax table'!$A$3:$C$10,3)*(AB3450*12-VLOOKUP(AB3450*12,'Tax table'!$A$3:$C$10,1))+VLOOKUP(AB3450*12,'Tax table'!$A$3:$C$10,2)))/12","v":{"$error":"#DIV/0!"}},{"$error":"#DIV/0!"},{"$error":"#DIV/0!"}]
[{"$nulls":9},118,0,0,{"$error":"#DIV/0!"},{"$error":"#DIV/0!"},{"$f":"(M3456*12-(VLOOKUP(N3456*12,'Tax table'!$A$3:$C$10,3)*(N3456*12-VLOOKUP(N3456*12,'Tax table'!$A$3:$C$10,1))+VLOOKUP(N3456*12,'Tax table'!$A$3:$C$10,2)))/12","v":{"$error":"#DIV/0!"}},0,{"$f":"(VLOOKUP(P3456*12,'Tax table'!$A$3:$C$10,3)*(P3456*12-VLOOKUP(P3456*12,'Tax table'!$A$3:$C$10,1))+VLOOKUP(P3456*12,'Tax table'!$A$3:$C$10,2))/12","v":0},0,0,{"$error":"#DIV/0!"},0,{"$f":"IF($B$15=\"Yes\",MIN(S3456*2,References!$B$7),0)","v":0},{"$f":"IF(AND(D3456<>0,$B$16=\"Yes\"),References!$B$6,0)","v":0},0,0,0,0,{"$error":"#DIV/0!"},{"$f":"(M3456*12-(VLOOKUP(AB3456*12,'Tax table'!$A$3:$C$10,3)*(AB3456*12-VLOOKUP(AB3456*12,'Tax table'!$A$3:$C$10,1))+VLOOKUP(AB3456*12,'Tax table'!$A$3:$C$10,2)))/12","v":{"$error":"#DIV/0!"}},{"$error":"#DIV/0!"},{"$error":"#DIV/0!"}]
[{"$nulls":9},118,0,0,{"$error":"#DIV/0!"},{"$error":"#DIV/0!"},{"$f":"(M3466*12-(VLOOKUP(N3466*12,'Tax table'!$A$3:$C$10,3)*(N3466*12-VLOOKUP(N3466*12,'Tax table'!$A$3:$C$10,1))+VLOOKUP(N3466*12,'Tax table'!$A$3:$C$10,2)))/12","v":{"$error":"#DIV/0!"}},0,{"$f":"(VLOOKUP(P3466*12,'Tax table'!$A$3:$C$10,3)*(P3466*12-VLOOKUP(P3466*12,'Tax table'!$A$3:$C$10,1))+VLOOKUP(P3466*12,'Tax table'!$A$3:$C$10,2))/12","v":0},0,0,{"$error":"#DIV/0!"},0,{"$f":"IF($B$15=\"Yes\",MIN(S3466*2,References!$B$7),0)","v":0},{"$f":"IF(AND(D3466<>0,$B$16=\"Yes\"),References!$B$6,0)","v":0},0,0,0,0,{"$error":"#DIV/0!"},{"$f":"(M3466*12-(VLOOKUP(AB3466*12,'Tax table'!$A$3:$C$10,3)*(AB3466*12-VLOOKUP(AB3466*12,'Tax table'!$A$3:$C$10,1))+VLOOKUP(AB3466*12,'Tax table'!$A$3:$C$10,2)))/12","v":{"$error":"#DIV/0!"}},{"$error":"#DIV/0!"},{"$error":"#DIV/0!"}]
[{"$nulls":9},118,0,0,{"$error":"#DIV/0!"},{"$error":"#DIV/0!"},{"$f":"(M3483*12-(VLOOKUP(N3483*12,'Tax table'!$A$3:$C$10,3)*(N3483*12-VLOOKUP(N3483*12,'Tax table'!$A$3:$C$10,1))+VLOOKUP(N3483*12,'Tax table'!$A$3:$C$10,2)))/12","v":{"$error":"#DIV/0!"}},0,{"$f":"(VLOOKUP(P3483*12,'Tax table'!$A$3:$C$10,3)*(P3483*12-VLOOKUP(P3483*12,'Tax table'!$A$3:$C$10,1))+VLOOKUP(P3483*12,'Tax table'!$A$3:$C$10,2))/12","v":0},0,0,{"$error":"#DIV/0!"},0,{"$f":"IF($B$15=\"Yes\",MIN(S3483*2,References!$B$7),0)","v":0},{"$f":"IF(AND(D3483<>0,$B$16=\"Yes\"),References!$B$6,0)","v":0},0,0,0,0,{"$error":"#DIV/0!"},{"$f":"(M3483*12-(VLOOKUP(AB3483*12,'Tax table'!$A$3:$C$10,3)*(AB3483*12-VLOOKUP(AB3483*12,'Tax table'!$A$3:$C$10,1))+VLOOKUP(AB3483*12,'Tax table'!$A$3:$C$10,2)))/12","v":{"$error":"#DIV/0!"}},{"$error":"#DIV/0!"},{"$error":"#DIV/0!"}]
[{"$nulls":9},118,0,0,{"$error":"#DIV/0!"},{"$error":"#DIV/0!"},{"$f":"(M3489*12-(VLOOKUP(N3489*12,'Tax table'!$A$3:$C$10,3)*(N3489*12-VLOOKUP(N3489*12,'Tax table'!$A$3:$C$10,1))+VLOOKUP(N3489*12,'Tax table'!$A$3:$C$10,2)))/12","v":{"$error":"#DIV/0!"}},0,{"$f":"(VLOOKUP(P3489*12,'Tax table'!$A$3:$C$10,3)*(P3489*12-VLOOKUP(P3489*12,'Tax table'!$A$3:$C$10,1))+VLOOKUP(P3489*12,'Tax table'!$A$3:$C$10,2))/12","v":0},0,0,{"$error":"#DIV/0!"},0,{"$f":"IF($B$15=\"Yes\",MIN(S3489*2,References!$B$7),0)","v":0},{"$f":"IF(AND(D3489<>0,$B$16=\"Yes\"),References!$B$6,0)","v":0},0,0,0,0,{"$error":"#DIV/0!"},{"$f":"(M3489*12-(VLOOKUP(AB3489*12,'Tax table'!$A$3:$C$10,3)*(AB3489*12-VLOOKUP(AB3489*12,'Tax table'!$A$3:$C$10,1))+VLOOKUP(AB3489*12,'Tax table'!$A$3:$C$10,2)))/12","v":{"$error":"#DIV/0!"}},{"$error":"#DIV/0!"},{"$error":"#DIV/0!"}]
[{"$nulls":9},118,0,0,{"$error":"#DIV/0!"},{"$error":"#DIV/0!"},{"$f":"(M3499*12-(VLOOKUP(N3499*12,'Tax table'!$A$3:$C$10,3)*(N3499*12-VLOOKUP(N3499*12,'Tax table'!$A$3:$C$10,1))+VLOOKUP(N3499*12,'Tax table'!$A$3:$C$10,2)))/12","v":{"$error":"#DIV/0!"}},0,{"$f":"(VLOOKUP(P3499*12,'Tax table'!$A$3:$C$10,3)*(P3499*12-VLOOKUP(P3499*12,'Tax table'!$A$3:$C$10,1))+VLOOKUP(P3499*12,'Tax table'!$A$3:$C$10,2))/12","v":0},0,0,{"$error":"#DIV/0!"},0,{"$f":"IF($B$15=\"Yes\",MIN(S3499*2,References!$B$7),0)","v":0},{"$f":"IF(AND(D3499<>0,$B$16=\"Yes\"),References!$B$6,0)","v":0},0,0,0,0,{"$error":"#DIV/0!"},{"$f":"(M3499*12-(VLOOKUP(AB3499*12,'Tax table'!$A$3:$C$10,3)*(AB3499*12-VLOOKUP(AB3499*12,'Tax table'!$A$3:$C$10,1))+VLOOKUP(AB3499*12,'Tax table'!$A$3:$C$10,2)))/12","v":{"$error":"#DIV/0!"}},{"$error":"#DIV/0!"},{"$error":"#DIV/0!"}]
[{"$nulls":9},118,0,0,{"$error":"#DIV/0!"},{"$error":"#DIV/0!"},{"$f":"(M3516*12-(VLOOKUP(N3516*12,'Tax table'!$A$3:$C$10,3)*(N3516*12-VLOOKUP(N3516*12,'Tax table'!$A$3:$C$10,1))+VLOOKUP(N3516*12,'Tax table'!$A$3:$C$10,2)))/12","v":{"$error":"#DIV/0!"}},0,{"$f":"(VLOOKUP(P3516*12,'Tax table'!$A$3:$C$10,3)*(P3516*12-VLOOKUP(P3516*12,'Tax table'!$A$3:$C$10,1))+VLOOKUP(P3516*12,'Tax table'!$A$3:$C$10,2))/12","v":0},0,0,{"$error":"#DIV/0!"},0,{"$f":"IF($B$15=\"Yes\",MIN(S3516*2,References!$B$7),0)","v":0},{"$f":"IF(AND(D3516<>0,$B$16=\"Yes\"),References!$B$6,0)","v":0},0,0,0,0,{"$error":"#DIV/0!"},{"$f":"(M3516*12-(VLOOKUP(AB3516*12,'Tax table'!$A$3:$C$10,3)*(AB3516*12-VLOOKUP(AB3516*12,'Tax table'!$A$3:$C$10,1))+VLOOKUP(AB3516*12,'Tax table'!$A$3:$C$10,2)))/12","v":{"$error":"#DIV/0!"}},{"$error":"#DIV/0!"},{"$error":"#DIV/0!"}]
[{"$nulls":9},118,0,0,{"$error":"#DIV/0!"},{"$error":"#DIV/0!"},{"$f":"(M3526*12-(VLOOKUP(N3526*12,'Tax table'!$A$3:$C$10,3)*(N3526*12-VLOOKUP(N3526*12,'Tax table'!$A$3:$C$10,1))+VLOOKUP(N3526*12,'Tax table'!$A$3:$C$10,2)))/12","v":{"$error":"#DIV/0!"}},0,{"$f":"(VLOOKUP(P3526*12,'Tax table'!$A$3:$C$10,3)*(P3526*12-VLOOKUP(P3526*12,'Tax table'!$A$3:$C$10,1))+VLOOKUP(P3526*12,'Tax table'!$A$3:$C$10,2))/12","v":0},0,0,{"$error":"#DIV/0!"},0,{"$f":"IF($B$15=\"Yes\",MIN(S3526*2,References!$B$7),0)","v":0},{"$f":"IF(AND(D3526<>0,$B$16=\"Yes\"),References!$B$6,0)","v":0},0,0,0,0,{"$error":"#DIV/0!"},{"$f":"(M3526*12-(VLOOKUP(AB3526*12,'Tax table'!$A$3:$C$10,3)*(AB3526*12-VLOOKUP(AB3526*12,'Tax table'!$A$3:$C$10,1))+VLOOKUP(AB3526*12,'Tax table'!$A$3:$C$10,2)))/12","v":{"$error":"#DIV/0!"}},{"$error":"#DIV/0!"},{"$error":"#DIV/0!"}]
[{"$nulls":9},118,0,0,{"$error":"#DIV/0!"},{"$error":"#DIV/0!"},{"$f":"(M3532*12-(VLOOKUP(N3532*12,'Tax table'!$A$3:$C$10,3)*(N3532*12-VLOOKUP(N3532*12,'Tax table'!$A$3:$C$10,1))+VLOOKUP(N3532*12,'Tax table'!$A$3:$C$10,2)))/12","v":{"$error":"#DIV/0!"}},0,{"$f":"(VLOOKUP(P3532*12,'Tax table'!$A$3:$C$10,3)*(P3532*12-VLOOKUP(P3532*12,'Tax table'!$A$3:$C$10,1))+VLOOKUP(P3532*12,'Tax table'!$A$3:$C$10,2))/12","v":0},0,0,{"$error":"#DIV/0!"},0,{"$f":"IF($B$15=\"Yes\",MIN(S3532*2,References!$B$7),0)","v":0},{"$f":"IF(AND(D3532<>0,$B$16=\"Yes\"),References!$B$6,0)","v":0},0,0,0,0,{"$error":"#DIV/0!"},{"$f":"(M3532*12-(VLOOKUP(AB3532*12,'Tax table'!$A$3:$C$10,3)*(AB3532*12-VLOOKUP(AB3532*12,'Tax table'!$A$3:$C$10,1))+VLOOKUP(AB3532*12,'Tax table'!$A$3:$C$10,2)))/12","v":{"$error":"#DIV/0!"}},{"$error":"#DIV/0!"},{"$error":"#DIV/0!"}]
[{"$nulls":9},118,0,0,{"$error":"#DIV/0!"},{"$error":"#DIV/0!"},{"$f":"(M3549*12-(VLOOKUP(N3549*12,'Tax table'!$A$3:$C$10,3)*(N3549*12-VLOOKUP(N3549*12,'Tax table'!$A$3:$C$10,1))+VLOOKUP(N3549*12,'Tax table'!$A$3:$C$10,2)))/12","v":{"$error":"#DIV/0!"}},0,{"$f":"(VLOOKUP(P3549*12,'Tax table'!$A$3:$C$10,3)*(P3549*12-VLOOKUP(P3549*12,'Tax table'!$A$3:$C$10,1))+VLOOKUP(P3549*12,'Tax table'!$A$3:$C$10,2))/12","v":0},0,0,{"$error":"#DIV/0!"},0,{"$f":"IF($B$15=\"Yes\",MIN(S3549*2,References!$B$7),0)","v":0},{"$f":"IF(AND(D3549<>0,$B$16=\"Yes\"),References!$B$6,0)","v":0},0,0,0,0,{"$error":"#DIV/0!"},{"$f":"(M3549*12-(VLOOKUP(AB3549*12,'Tax table'!$A$3:$C$10,3)*(AB3549*12-VLOOKUP(AB3549*12,'Tax table'!$A$3:$C$10,1))+VLOOKUP(AB3549*12,'Tax table'!$A$3:$C$10,2)))/12","v":{"$error":"#DIV/0!"}},{"$error":"#DIV/0!"},{"$error":"#DIV/0!"}]
[{"$nulls":9},118,0,0,{"$error":"#DIV/0!"},{"$error":"#DIV/0!"},{"$f":"(M3559*12-(VLOOKUP(N3559*12,'Tax table'!$A$3:$C$10,3)*(N3559*12-VLOOKUP(N3559*12,'Tax table'!$A$3:$C$10,1))+VLOOKUP(N3559*12,'Tax table'!$A$3:$C$10,2)))/12","v":{"$error":"#DIV/0!"}},0,{"$f":"(VLOOKUP(P3559*12,'Tax table'!$A$3:$C$10,3)*(P3559*12-VLOOKUP(P3559*12,'Tax table'!$A$3:$C$10,1))+VLOOKUP(P3559*12,'Tax table'!$A$3:$C$10,2))/12","v":0},0,0,{"$error":"#DIV/0!"},0,{"$f":"IF($B$15=\"Yes\",MIN(S3559*2,References!$B$7),0)","v":0},{"$f":"IF(AND(D3559<>0,$B$16=\"Yes\"),References!$B$6,0)","v":0},0,0,0,0,{"$error":"#DIV/0!"},{"$f":"(M3559*12-(VLOOKUP(AB3559*12,'Tax table'!$A$3:$C$10,3)*(AB3559*12-VLOOKUP(AB3559*12,'Tax table'!$A$3:$C$10,1))+VLOOKUP(AB3559*12,'Tax table'!$A$3:$C$10,2)))/12","v":{"$error":"#DIV/0!"}},{"$error":"#DIV/0!"},{"$error":"#DIV/0!"}]
[{"$nulls":9},118,0,0,{"$error":"#DIV/0!"},{"$error":"#DIV/0!"},{"$f":"(M3565*12-(VLOOKUP(N3565*12,'Tax table'!$A$3:$C$10,3)*(N3565*12-VLOOKUP(N3565*12,'Tax table'!$A$3:$C$10,1))+VLOOKUP(N3565*12,'Tax table'!$A$3:$C$10,2)))/12","v":{"$error":"#DIV/0!"}},0,{"$f":"(VLOOKUP(P3565*12,'Tax table'!$A$3:$C$10,3)*(P3565*12-VLOOKUP(P3565*12,'Tax table'!$A$3:$C$10,1))+VLOOKUP(P3565*12,'Tax table'!$A$3:$C$10,2))/12","v":0},0,0,{"$error":"#DIV/0!"},0,{"$f":"IF($B$15=\"Yes\",MIN(S3565*2,References!$B$7),0)","v":0},{"$f":"IF(AND(D3565<>0,$B$16=\"Yes\"),References!$B$6,0)","v":0},0,0,0,0,{"$error":"#DIV/0!"},{"$f":"(M3565*12-(VLOOKUP(AB3565*12,'Tax table'!$A$3:$C$10,3)*(AB3565*12-VLOOKUP(AB3565*12,'Tax table'!$A$3:$C$10,1))+VLOOKUP(AB3565*12,'Tax table'!$A$3:$C$10,2)))/12","v":{"$error":"#DIV/0!"}},{"$error":"#DIV/0!"},{"$error":"#DIV/0!"}]
[{"$nulls":9},118,0,0,{"$error":"#DIV/0!"},{"$error":"#DIV/0!"},{"$f":"(M3582*12-(VLOOKUP(N3582*12,'Tax table'!$A$3:$C$10,3)*(N3582*12-VLOOKUP(N3582*12,'Tax table'!$A$3:$C$10,1))+VLOOKUP(N3582*12,'Tax table'!$A$3:$C$10,2)))/12","v":{"$error":"#DIV/0!"}},0,{"$f":"(VLOOKUP(P3582*12,'Tax table'!$A$3:$C$10,3)*(P3582*12-VLOOKUP(P3582*12,'Tax table'!$A$3:$C$10,1))+VLOOKUP(P3582*12,'Tax table'!$A$3:$C$10,2))/12","v":0},0,0,{"$error":"#DIV/0!"},0,{"$f":"IF($B$15=\"Yes\",MIN(S3582*2,References!$B$7),0)","v":0},{"$f":"IF(AND(D3582<>0,$B$16=\"Yes\"),References!$B$6,0)","v":0},0,0,0,0,{"$error":"#DIV/0!"},{"$f":"(M3582*12-(VLOOKUP(AB3582*12,'Tax table'!$A$3:$C$10,3)*(AB3582*12-VLOOKUP(AB3582*12,'Tax table'!$A$3:$C$10,1))+VLOOKUP(AB3582*12,'Tax table'!$A$3:$C$10,2)))/12","v":{"$error":"#DIV/0!"}},{"$error":"#DIV/0!"},{"$error":"#DIV/0!"}]
[{"$nulls":9},118,0,0,{"$error":"#DIV/0!"},{"$error":"#DIV/0!"},{"$f":"(M3592*12-(VLOOKUP(N3592*12,'Tax table'!$A$3:$C$10,3)*(N3592*12-VLOOKUP(N3592*12,'Tax table'!$A$3:$C$10,1))+VLOOKUP(N3592*12,'Tax table'!$A$3:$C$10,2)))/12","v":{"$error":"#DIV/0!"}},0,{"$f":"(VLOOKUP(P3592*12,'Tax table'!$A$3:$C$10,3)*(P3592*12-VLOOKUP(P3592*12,'Tax table'!$A$3:$C$10,1))+VLOOKUP(P3592*12,'Tax table'!$A$3:$C$10,2))/12","v":0},0,0,{"$error":"#DIV/0!"},0,{"$f":"IF($B$15=\"Yes\",MIN(S3592*2,References!$B$7),0)","v":0},{"$f":"IF(AND(D3592<>0,$B$16=\"Yes\"),References!$B$6,0)","v":0},0,0,0,0,{"$error":"#DIV/0!"},{"$f":"(M3592*12-(VLOOKUP(AB3592*12,'Tax table'!$A$3:$C$10,3)*(AB3592*12-VLOOKUP(AB3592*12,'Tax table'!$A$3:$C$10,1))+VLOOKUP(AB3592*12,'Tax table'!$A$3:$C$10,2)))/12","v":{"$error":"#DIV/0!"}},{"$error":"#DIV/0!"},{"$error":"#DIV/0!"}]
[{"$nulls":9},118,0,0,{"$error":"#DIV/0!"},{"$error":"#DIV/0!"},{"$f":"(M3598*12-(VLOOKUP(N3598*12,'Tax table'!$A$3:$C$10,3)*(N3598*12-VLOOKUP(N3598*12,'Tax table'!$A$3:$C$10,1))+VLOOKUP(N3598*12,'Tax table'!$A$3:$C$10,2)))/12","v":{"$error":"#DIV/0!"}},0,{"$f":"(VLOOKUP(P3598*12,'Tax table'!$A$3:$C$10,3)*(P3598*12-VLOOKUP(P3598*12,'Tax table'!$A$3:$C$10,1))+VLOOKUP(P3598*12,'Tax table'!$A$3:$C$10,2))/12","v":0},0,0,{"$error":"#DIV/0!"},0,{"$f":"IF($B$15=\"Yes\",MIN(S3598*2,References!$B$7),0)","v":0},{"$f":"IF(AND(D3598<>0,$B$16=\"Yes\"),References!$B$6,0)","v":0},0,0,0,0,{"$error":"#DIV/0!"},{"$f":"(M3598*12-(VLOOKUP(AB3598*12,'Tax table'!$A$3:$C$10,3)*(AB3598*12-VLOOKUP(AB3598*12,'Tax table'!$A$3:$C$10,1))+VLOOKUP(AB3598*12,'Tax table'!$A$3:$C$10,2)))/12","v":{"$error":"#DIV/0!"}},{"$error":"#DIV/0!"},{"$error":"#DIV/0!"}]
[{"$nulls":9},{"$f":"DATEDIF(B3608,$B$7,\"y\")","v":118},{"$f":"D3608/12","v":0},{"$f":"IF($B$10=\"No\",MIN(K3608*H3608,15%*K3608),I3608/12)","v":0},{"$f":"D3608/12/E3608","v":{"$error":"#DIV/0!"}},{"$f":"M3608-L3608","v":{"$error":"#DIV/0!"}},{"$f":"(M3608*12-(VLOOKUP(N3608*12,'Tax table'!$A$3:$C$10,3)*(N3608*12-VLOOKUP(N3608*12,'Tax table'!$A$3:$C$10,1))+VLOOKUP(N3608*12,'Tax table'!$A$3:$C$10,2)))/12","v":{"$error":"#DIV/0!"}},{"$f":"K3608-L3608","v":0},{"$f":"(VLOOKUP(P3608*12,'Tax table'!$A$3:$C$10,3)*(P3608*12-VLOOKUP(P3608*12,'Tax table'!$A$3:$C$10,1))+VLOOKUP(P3608*12,'Tax table'!$A$3:$C$10,2))/12","v":0},{"$f":"K3608-Q3608","v":0},{"$f":"MIN(R3608*F3608,SUM($B$8,$B$9))","v":0},{"$f":"S3608/O3608","v":{"$error":"#DIV/0!"}},{"$f":"IF($B$14=\"Yes\",S3608*3,0)","v":0},{"$f":"IF($B$15=\"Yes\",MIN(S3608*2,References!$B$7),0)","v":0},{"$f":"IF(AND(D3608<>0,$B$16=\"Yes\"),References!$B$6,0)","v":0},{"$f":"IF($B$17=\"Yes\",MIN(R3608,SUM($B$8:$B$9))-S3608,0)","v":0},{"$f":"MIN(K3608*G3608,$B$8)","v":0},{"$f":"MIN(K3608*H3608,$B$9)","v":0},{"$f":"Z3608+Y3608","v":0},{"$f":"M3608-Z3608","v":{"$error":"#DIV/0!"}},{"$f":"(M3608*12-(VLOOKUP(AB3608*12,'Tax table'!$A$3:$C$10,3)*(AB3608*12-VLOOKUP(AB3608*12,'Tax table'!$A$3:$C$10,1))+VLOOKUP(AB3608*12,'Tax table'!$A$3:$C$10,2)))/12","v":{"$error":"#DIV/0!"}},{"$f":"MIN(AA3608,AC3608)","v":{"$error":"#DIV/0!"}},{"$f":"AD3608/O3608","v":{"$error":"#DIV/0!"}}]
[{"$nulls":9},118,0,0,{"$error":"#DIV/0!"},{"$error":"#DIV/0!"},{"$f":"(M3625*12-(VLOOKUP(N3625*12,'Tax table'!$A$3:$C$10,3)*(N3625*12-VLOOKUP(N3625*12,'Tax table'!$A$3:$C$10,1))+VLOOKUP(N3625*12,'Tax table'!$A$3:$C$10,2)))/12","v":{"$error":"#DIV/0!"}},0,{"$f":"(VLOOKUP(P3625*12,'Tax table'!$A$3:$C$10,3)*(P3625*12-VLOOKUP(P3625*12,'Tax table'!$A$3:$C$10,1))+VLOOKUP(P3625*12,'Tax table'!$A$3:$C$10,2))/12","v":0},0,0,{"$error":"#DIV/0!"},0,{"$f":"IF($B$15=\"Yes\",MIN(S3625*2,References!$B$7),0)","v":0},{"$f":"IF(AND(D3625<>0,$B$16=\"Yes\"),References!$B$6,0)","v":0},0,0,0,0,{"$error":"#DIV/0!"},{"$f":"(M3625*12-(VLOOKUP(AB3625*12,'Tax table'!$A$3:$C$10,3)*(AB3625*12-VLOOKUP(AB3625*12,'Tax table'!$A$3:$C$10,1))+VLOOKUP(AB3625*12,'Tax table'!$A$3:$C$10,2)))/12","v":{"$error":"#DIV/0!"}},{"$error":"#DIV/0!"},{"$error":"#DIV/0!"}]
[{"$nulls":9},118,0,0,{"$error":"#DIV/0!"},{"$error":"#DIV/0!"},{"$f":"(M3631*12-(VLOOKUP(N3631*12,'Tax table'!$A$3:$C$10,3)*(N3631*12-VLOOKUP(N3631*12,'Tax table'!$A$3:$C$10,1))+VLOOKUP(N3631*12,'Tax table'!$A$3:$C$10,2)))/12","v":{"$error":"#DIV/0!"}},0,{"$f":"(VLOOKUP(P3631*12,'Tax table'!$A$3:$C$10,3)*(P3631*12-VLOOKUP(P3631*12,'Tax table'!$A$3:$C$10,1))+VLOOKUP(P3631*12,'Tax table'!$A$3:$C$10,2))/12","v":0},0,0,{"$error":"#DIV/0!"},0,{"$f":"IF($B$15=\"Yes\",MIN(S3631*2,References!$B$7),0)","v":0},{"$f":"IF(AND(D3631<>0,$B$16=\"Yes\"),References!$B$6,0)","v":0},0,0,0,0,{"$error":"#DIV/0!"},{"$f":"(M3631*12-(VLOOKUP(AB3631*12,'Tax table'!$A$3:$C$10,3)*(AB3631*12-VLOOKUP(AB3631*12,'Tax table'!$A$3:$C$10,1))+VLOOKUP(AB3631*12,'Tax table'!$A$3:$C$10,2)))/12","v":{"$error":"#DIV/0!"}},{"$error":"#DIV/0!"},{"$error":"#DIV/0!"}]
[{"$nulls":9},118,0,0,{"$error":"#DIV/0!"},{"$error":"#DIV/0!"},{"$f":"(M3648*12-(VLOOKUP(N3648*12,'Tax table'!$A$3:$C$10,3)*(N3648*12-VLOOKUP(N3648*12,'Tax table'!$A$3:$C$10,1))+VLOOKUP(N3648*12,'Tax table'!$A$3:$C$10,2)))/12","v":{"$error":"#DIV/0!"}},0,{"$f":"(VLOOKUP(P3648*12,'Tax table'!$A$3:$C$10,3)*(P3648*12-VLOOKUP(P3648*12,'Tax table'!$A$3:$C$10,1))+VLOOKUP(P3648*12,'Tax table'!$A$3:$C$10,2))/12","v":0},0,0,{"$error":"#DIV/0!"},0,{"$f":"IF($B$15=\"Yes\",MIN(S3648*2,References!$B$7),0)","v":0},{"$f":"IF(AND(D3648<>0,$B$16=\"Yes\"),References!$B$6,0)","v":0},0,0,0,0,{"$error":"#DIV/0!"},{"$f":"(M3648*12-(VLOOKUP(AB3648*12,'Tax table'!$A$3:$C$10,3)*(AB3648*12-VLOOKUP(AB3648*12,'Tax table'!$A$3:$C$10,1))+VLOOKUP(AB3648*12,'Tax table'!$A$3:$C$10,2)))/12","v":{"$error":"#DIV/0!"}},{"$error":"#DIV/0!"},{"$error":"#DIV/0!"}]
[{"$nulls":9},118,0,0,{"$error":"#DIV/0!"},{"$error":"#DIV/0!"},{"$f":"(M3659*12-(VLOOKUP(N3659*12,'Tax table'!$A$3:$C$10,3)*(N3659*12-VLOOKUP(N3659*12,'Tax table'!$A$3:$C$10,1))+VLOOKUP(N3659*12,'Tax table'!$A$3:$C$10,2)))/12","v":{"$error":"#DIV/0!"}},0,{"$f":"(VLOOKUP(P3659*12,'Tax table'!$A$3:$C$10,3)*(P3659*12-VLOOKUP(P3659*12,'Tax table'!$A$3:$C$10,1))+VLOOKUP(P3659*12,'Tax table'!$A$3:$C$10,2))/12","v":0},0,0,{"$error":"#DIV/0!"},0,{"$f":"IF($B$15=\"Yes\",MIN(S3659*2,References!$B$7),0)","v":0},{"$f":"IF(AND(D3659<>0,$B$16=\"Yes\"),References!$B$6,0)","v":0},0,0,0,0,{"$error":"#DIV/0!"},{"$f":"(M3659*12-(VLOOKUP(AB3659*12,'Tax table'!$A$3:$C$10,3)*(AB3659*12-VLOOKUP(AB3659*12,'Tax table'!$A$3:$C$10,1))+VLOOKUP(AB3659*12,'Tax table'!$A$3:$C$10,2)))/12","v":{"$error":"#DIV/0!"}},{"$error":"#DIV/0!"},{"$error":"#DIV/0!"}]
[{"$nulls":9},118,0,0,{"$error":"#DIV/0!"},{"$error":"#DIV/0!"},{"$f":"(M3669*12-(VLOOKUP(N3669*12,'Tax table'!$A$3:$C$10,3)*(N3669*12-VLOOKUP(N3669*12,'Tax table'!$A$3:$C$10,1))+VLOOKUP(N3669*12,'Tax table'!$A$3:$C$10,2)))/12","v":{"$error":"#DIV/0!"}},0,{"$f":"(VLOOKUP(P3669*12,'Tax table'!$A$3:$C$10,3)*(P3669*12-VLOOKUP(P3669*12,'Tax table'!$A$3:$C$10,1))+VLOOKUP(P3669*12,'Tax table'!$A$3:$C$10,2))/12","v":0},0,0,{"$error":"#DIV/0!"},0,{"$f":"IF($B$15=\"Yes\",MIN(S3669*2,References!$B$7),0)","v":0},{"$f":"IF(AND(D3669<>0,$B$16=\"Yes\"),References!$B$6,0)","v":0},0,0,0,0,{"$error":"#DIV/0!"},{"$f":"(M3669*12-(VLOOKUP(AB3669*12,'Tax table'!$A$3:$C$10,3)*(AB3669*12-VLOOKUP(AB3669*12,'Tax table'!$A$3:$C$10,1))+VLOOKUP(AB3669*12,'Tax table'!$A$3:$C$10,2)))/12","v":{"$error":"#DIV/0!"}},{"$error":"#DIV/0!"},{"$error":"#DIV/0!"}]
[{"$nulls":9},118,0,0,{"$error":"#DIV/0!"},{"$error":"#DIV/0!"},{"$f":"(M3675*12-(VLOOKUP(N3675*12,'Tax table'!$A$3:$C$10,3)*(N3675*12-VLOOKUP(N3675*12,'Tax table'!$A$3:$C$10,1))+VLOOKUP(N3675*12,'Tax table'!$A$3:$C$10,2)))/12","v":{"$error":"#DIV/0!"}},0,{"$f":"(VLOOKUP(P3675*12,'Tax table'!$A$3:$C$10,3)*(P3675*12-VLOOKUP(P3675*12,'Tax table'!$A$3:$C$10,1))+VLOOKUP(P3675*12,'Tax table'!$A$3:$C$10,2))/12","v":0},0,0,{"$error":"#DIV/0!"},0,{"$f":"IF($B$15=\"Yes\",MIN(S3675*2,References!$B$7),0)","v":0},{"$f":"IF(AND(D3675<>0,$B$16=\"Yes\"),References!$B$6,0)","v":0},0,0,0,0,{"$error":"#DIV/0!"},{"$f":"(M3675*12-(VLOOKUP(AB3675*12,'Tax table'!$A$3:$C$10,3)*(AB3675*12-VLOOKUP(AB3675*12,'Tax table'!$A$3:$C$10,1))+VLOOKUP(AB3675*12,'Tax table'!$A$3:$C$10,2)))/12","v":{"$error":"#DIV/0!"}},{"$error":"#DIV/0!"},{"$error":"#DIV/0!"}]
[{"$nulls":9},118,0,0,{"$error":"#DIV/0!"},{"$error":"#DIV/0!"},{"$f":"(M3692*12-(VLOOKUP(N3692*12,'Tax table'!$A$3:$C$10,3)*(N3692*12-VLOOKUP(N3692*12,'Tax table'!$A$3:$C$10,1))+VLOOKUP(N3692*12,'Tax table'!$A$3:$C$10,2)))/12","v":{"$error":"#DIV/0!"}},0,{"$f":"(VLOOKUP(P3692*12,'Tax table'!$A$3:$C$10,3)*(P3692*12-VLOOKUP(P3692*12,'Tax table'!$A$3:$C$10,1))+VLOOKUP(P3692*12,'Tax table'!$A$3:$C$10,2))/12","v":0},0,0,{"$error":"#DIV/0!"},0,{"$f":"IF($B$15=\"Yes\",MIN(S3692*2,References!$B$7),0)","v":0},{"$f":"IF(AND(D3692<>0,$B$16=\"Yes\"),References!$B$6,0)","v":0},0,0,0,0,{"$error":"#DIV/0!"},{"$f":"(M3692*12-(VLOOKUP(AB3692*12,'Tax table'!$A$3:$C$10,3)*(AB3692*12-VLOOKUP(AB3692*12,'Tax table'!$A$3:$C$10,1))+VLOOKUP(AB3692*12,'Tax table'!$A$3:$C$10,2)))/12","v":{"$error":"#DIV/0!"}},{"$error":"#DIV/0!"},{"$error":"#DIV/0!"}]
[{"$nulls":9},118,0,0,{"$error":"#DIV/0!"},{"$error":"#DIV/0!"},{"$f":"(M3702*12-(VLOOKUP(N3702*12,'Tax table'!$A$3:$C$10,3)*(N3702*12-VLOOKUP(N3702*12,'Tax table'!$A$3:$C$10,1))+VLOOKUP(N3702*12,'Tax table'!$A$3:$C$10,2)))/12","v":{"$error":"#DIV/0!"}},0,{"$f":"(VLOOKUP(P3702*12,'Tax table'!$A$3:$C$10,3)*(P3702*12-VLOOKUP(P3702*12,'Tax table'!$A$3:$C$10,1))+VLOOKUP(P3702*12,'Tax table'!$A$3:$C$10,2))/12","v":0},0,0,{"$error":"#DIV/0!"},0,{"$f":"IF($B$15=\"Yes\",MIN(S3702*2,References!$B$7),0)","v":0},{"$f":"IF(AND(D3702<>0,$B$16=\"Yes\"),References!$B$6,0)","v":0},0,0,0,0,{"$error":"#DIV/0!"},{"$f":"(M3702*12-(VLOOKUP(AB3702*12,'Tax table'!$A$3:$C$10,3)*(AB3702*12-VLOOKUP(AB3702*12,'Tax table'!$A$3:$C$10,1))+VLOOKUP(AB3702*12,'Tax table'!$A$3:$C$10,2)))/12","v":{"$error":"#DIV/0!"}},{"$error":"#DIV/0!"},{"$error":"#DIV/0!"}]
[{"$nulls":9},118,0,0,{"$error":"#DIV/0!"},{"$error":"#DIV/0!"},{"$f":"(M3708*12-(VLOOKUP(N3708*12,'Tax table'!$A$3:$C$10,3)*(N3708*12-VLOOKUP(N3708*12,'Tax table'!$A$3:$C$10,1))+VLOOKUP(N3708*12,'Tax table'!$A$3:$C$10,2)))/12","v":{"$error":"#DIV/0!"}},0,{"$f":"(VLOOKUP(P3708*12,'Tax table'!$A$3:$C$10,3)*(P3708*12-VLOOKUP(P3708*12,'Tax table'!$A$3:$C$10,1))+VLOOKUP(P3708*12,'Tax table'!$A$3:$C$10,2))/12","v":0},0,0,{"$error":"#DIV/0!"},0,{"$f":"IF($B$15=\"Yes\",MIN(S3708*2,References!$B$7),0)","v":0},{"$f":"IF(AND(D3708<>0,$B$16=\"Yes\"),References!$B$6,0)","v":0},0,0,0,0,{"$error":"#DIV/0!"},{"$f":"(M3708*12-(VLOOKUP(AB3708*12,'Tax table'!$A$3:$C$10,3)*(AB3708*12-VLOOKUP(AB3708*12,'Tax table'!$A$3:$C$10,1))+VLOOKUP(AB3708*12,'Tax table'!$A$3:$C$10,2)))/12","v":{"$error":"#DIV/0!"}},{"$error":"#DIV/0!"},{"$error":"#DIV/0!"}]
[{"$nulls":9},118,0,0,{"$error":"#DIV/0!"},{"$error":"#DIV/0!"},{"$f":"(M3725*12-(VLOOKUP(N3725*12,'Tax table'!$A$3:$C$10,3)*(N3725*12-VLOOKUP(N3725*12,'Tax table'!$A$3:$C$10,1))+VLOOKUP(N3725*12,'Tax table'!$A$3:$C$10,2)))/12","v":{"$error":"#DIV/0!"}},0,{"$f":"(VLOOKUP(P3725*12,'Tax table'!$A$3:$C$10,3)*(P3725*12-VLOOKUP(P3725*12,'Tax table'!$A$3:$C$10,1))+VLOOKUP(P3725*12,'Tax table'!$A$3:$C$10,2))/12","v":0},0,0,{"$error":"#DIV/0!"},0,{"$f":"IF($B$15=\"Yes\",MIN(S3725*2,References!$B$7),0)","v":0},{"$f":"IF(AND(D3725<>0,$B$16=\"Yes\"),References!$B$6,0)","v":0},0,0,0,0,{"$error":"#DIV/0!"},{"$f":"(M3725*12-(VLOOKUP(AB3725*12,'Tax table'!$A$3:$C$10,3)*(AB3725*12-VLOOKUP(AB3725*12,'Tax table'!$A$3:$C$10,1))+VLOOKUP(AB3725*12,'Tax table'!$A$3:$C$10,2)))/12","v":{"$error":"#DIV/0!"}},{"$error":"#DIV/0!"},{"$error":"#DIV/0!"}]
[{"$nulls":9},118,0,0,{"$error":"#DIV/0!"},{"$error":"#DIV/0!"},{"$f":"(M3735*12-(VLOOKUP(N3735*12,'Tax table'!$A$3:$C$10,3)*(N3735*12-VLOOKUP(N3735*12,'Tax table'!$A$3:$C$10,1))+VLOOKUP(N3735*12,'Tax table'!$A$3:$C$10,2)))/12","v":{"$error":"#DIV/0!"}},0,{"$f":"(VLOOKUP(P3735*12,'Tax table'!$A$3:$C$10,3)*(P3735*12-VLOOKUP(P3735*12,'Tax table'!$A$3:$C$10,1))+VLOOKUP(P3735*12,'Tax table'!$A$3:$C$10,2))/12","v":0},0,0,{"$error":"#DIV/0!"},0,{"$f":"IF($B$15=\"Yes\",MIN(S3735*2,References!$B$7),0)","v":0},{"$f":"IF(AND(D3735<>0,$B$16=\"Yes\"),References!$B$6,0)","v":0},0,0,0,0,{"$error":"#DIV/0!"},{"$f":"(M3735*12-(VLOOKUP(AB3735*12,'Tax table'!$A$3:$C$10,3)*(AB3735*12-VLOOKUP(AB3735*12,'Tax table'!$A$3:$C$10,1))+VLOOKUP(AB3735*12,'Tax table'!$A$3:$C$10,2)))/12","v":{"$error":"#DIV/0!"}},{"$error":"#DIV/0!"},{"$error":"#DIV/0!"}]
[{"$nulls":9},118,0,0,{"$error":"#DIV/0!"},{"$error":"#DIV/0!"},{"$f":"(M3741*12-(VLOOKUP(N3741*12,'Tax table'!$A$3:$C$10,3)*(N3741*12-VLOOKUP(N3741*12,'Tax table'!$A$3:$C$10,1))+VLOOKUP(N3741*12,'Tax table'!$A$3:$C$10,2)))/12","v":{"$error":"#DIV/0!"}},0,{"$f":"(VLOOKUP(P3741*12,'Tax table'!$A$3:$C$10,3)*(P3741*12-VLOOKUP(P3741*12,'Tax table'!$A$3:$C$10,1))+VLOOKUP(P3741*12,'Tax table'!$A$3:$C$10,2))/12","v":0},0,0,{"$error":"#DIV/0!"},0,{"$f":"IF($B$15=\"Yes\",MIN(S3741*2,References!$B$7),0)","v":0},{"$f":"IF(AND(D3741<>0,$B$16=\"Yes\"),References!$B$6,0)","v":0},0,0,0,0,{"$error":"#DIV/0!"},{"$f":"(M3741*12-(VLOOKUP(AB3741*12,'Tax table'!$A$3:$C$10,3)*(AB3741*12-VLOOKUP(AB3741*12,'Tax table'!$A$3:$C$10,1))+VLOOKUP(AB3741*12,'Tax table'!$A$3:$C$10,2)))/12","v":{"$error":"#DIV/0!"}},{"$error":"#DIV/0!"},{"$error":"#DIV/0!"}]
[{"$nulls":9},118,0,0,{"$error":"#DIV/0!"},{"$error":"#DIV/0!"},{"$f":"(M3751*12-(VLOOKUP(N3751*12,'Tax table'!$A$3:$C$10,3)*(N3751*12-VLOOKUP(N3751*12,'Tax table'!$A$3:$C$10,1))+VLOOKUP(N3751*12,'Tax table'!$A$3:$C$10,2)))/12","v":{"$error":"#DIV/0!"}},0,{"$f":"(VLOOKUP(P3751*12,'Tax table'!$A$3:$C$10,3)*(P3751*12-VLOOKUP(P3751*12,'Tax table'!$A$3:$C$10,1))+VLOOKUP(P3751*12,'Tax table'!$A$3:$C$10,2))/12","v":0},0,0,{"$error":"#DIV/0!"},0,{"$f":"IF($B$15=\"Yes\",MIN(S3751*2,References!$B$7),0)","v":0},{"$f":"IF(AND(D3751<>0,$B$16=\"Yes\"),References!$B$6,0)","v":0},0,0,0,0,{"$error":"#DIV/0!"},{"$f":"(M3751*12-(VLOOKUP(AB3751*12,'Tax table'!$A$3:$C$10,3)*(AB3751*12-VLOOKUP(AB3751*12,'Tax table'!$A$3:$C$10,1))+VLOOKUP(AB3751*12,'Tax table'!$A$3:$C$10,2)))/12","v":{"$error":"#DIV/0!"}},{"$error":"#DIV/0!"},{"$error":"#DIV/0!"}]
[{"$nulls":9},118,0,0,{"$error":"#DIV/0!"},{"$error":"#DIV/0!"},{"$f":"(M3768*12-(VLOOKUP(N3768*12,'Tax table'!$A$3:$C$10,3)*(N3768*12-VLOOKUP(N3768*12,'Tax table'!$A$3:$C$10,1))+VLOOKUP(N3768*12,'Tax table'!$A$3:$C$10,2)))/12","v":{"$error":"#DIV/0!"}},0,{"$f":"(VLOOKUP(P3768*12,'Tax table'!$A$3:$C$10,3)*(P3768*12-VLOOKUP(P3768*12,'Tax table'!$A$3:$C$10,1))+VLOOKUP(P3768*12,'Tax table'!$A$3:$C$10,2))/12","v":0},0,0,{"$error":"#DIV/0!"},0,{"$f":"IF($B$15=\"Yes\",MIN(S3768*2,References!$B$7),0)","v":0},{"$f":"IF(AND(D3768<>0,$B$16=\"Yes\"),References!$B$6,0)","v":0},0,0,0,0,{"$error":"#DIV/0!"},{"$f":"(M3768*12-(VLOOKUP(AB3768*12,'Tax table'!$A$3:$C$10,3)*(AB3768*12-VLOOKUP(AB3768*12,'Tax table'!$A$3:$C$10,1))+VLOOKUP(AB3768*12,'Tax table'!$A$3:$C$10,2)))/12","v":{"$error":"#DIV/0!"}},{"$error":"#DIV/0!"},{"$error":"#DIV/0!"}]
[{"$nulls":9},118,0,0,{"$error":"#DIV/0!"},{"$error":"#DIV/0!"},{"$f":"(M3774*12-(VLOOKUP(N3774*12,'Tax table'!$A$3:$C$10,3)*(N3774*12-VLOOKUP(N3774*12,'Tax table'!$A$3:$C$10,1))+VLOOKUP(N3774*12,'Tax table'!$A$3:$C$10,2)))/12","v":{"$error":"#DIV/0!"}},0,{"$f":"(VLOOKUP(P3774*12,'Tax table'!$A$3:$C$10,3)*(P3774*12-VLOOKUP(P3774*12,'Tax table'!$A$3:$C$10,1))+VLOOKUP(P3774*12,'Tax table'!$A$3:$C$10,2))/12","v":0},0,0,{"$error":"#DIV/0!"},0,{"$f":"IF($B$15=\"Yes\",MIN(S3774*2,References!$B$7),0)","v":0},{"$f":"IF(AND(D3774<>0,$B$16=\"Yes\"),References!$B$6,0)","v":0},0,0,0,0,{"$error":"#DIV/0!"},{"$f":"(M3774*12-(VLOOKUP(AB3774*12,'Tax table'!$A$3:$C$10,3)*(AB3774*12-VLOOKUP(AB3774*12,'Tax table'!$A$3:$C$10,1))+VLOOKUP(AB3774*12,'Tax table'!$A$3:$C$10,2)))/12","v":{"$error":"#DIV/0!"}},{"$error":"#DIV/0!"},{"$error":"#DIV/0!"}]
[{"$nulls":9},118,0,0,{"$error":"#DIV/0!"},{"$error":"#DIV/0!"},{"$f":"(M3784*12-(VLOOKUP(N3784*12,'Tax table'!$A$3:$C$10,3)*(N3784*12-VLOOKUP(N3784*12,'Tax table'!$A$3:$C$10,1))+VLOOKUP(N3784*12,'Tax table'!$A$3:$C$10,2)))/12","v":{"$error":"#DIV/0!"}},0,{"$f":"(VLOOKUP(P3784*12,'Tax table'!$A$3:$C$10,3)*(P3784*12-VLOOKUP(P3784*12,'Tax table'!$A$3:$C$10,1))+VLOOKUP(P3784*12,'Tax table'!$A$3:$C$10,2))/12","v":0},0,0,{"$error":"#DIV/0!"},0,{"$f":"IF($B$15=\"Yes\",MIN(S3784*2,References!$B$7),0)","v":0},{"$f":"IF(AND(D3784<>0,$B$16=\"Yes\"),References!$B$6,0)","v":0},0,0,0,0,{"$error":"#DIV/0!"},{"$f":"(M3784*12-(VLOOKUP(AB3784*12,'Tax table'!$A$3:$C$10,3)*(AB3784*12-VLOOKUP(AB3784*12,'Tax table'!$A$3:$C$10,1))+VLOOKUP(AB3784*12,'Tax table'!$A$3:$C$10,2)))/12","v":{"$error":"#DIV/0!"}},{"$error":"#DIV/0!"},{"$error":"#DIV/0!"}]
[{"$nulls":9},118,0,0,{"$error":"#DIV/0!"},{"$error":"#DIV/0!"},{"$f":"(M3801*12-(VLOOKUP(N3801*12,'Tax table'!$A$3:$C$10,3)*(N3801*12-VLOOKUP(N3801*12,'Tax table'!$A$3:$C$10,1))+VLOOKUP(N3801*12,'Tax table'!$A$3:$C$10,2)))/12","v":{"$error":"#DIV/0!"}},0,{"$f":"(VLOOKUP(P3801*12,'Tax table'!$A$3:$C$10,3)*(P3801*12-VLOOKUP(P3801*12,'Tax table'!$A$3:$C$10,1))+VLOOKUP(P3801*12,'Tax table'!$A$3:$C$10,2))/12","v":0},0,0,{"$error":"#DIV/0!"},0,{"$f":"IF($B$15=\"Yes\",MIN(S3801*2,References!$B$7),0)","v":0},{"$f":"IF(AND(D3801<>0,$B$16=\"Yes\"),References!$B$6,0)","v":0},0,0,0,0,{"$error":"#DIV/0!"},{"$f":"(M3801*12-(VLOOKUP(AB3801*12,'Tax table'!$A$3:$C$10,3)*(AB3801*12-VLOOKUP(AB3801*12,'Tax table'!$A$3:$C$10,1))+VLOOKUP(AB3801*12,'Tax table'!$A$3:$C$10,2)))/12","v":{"$error":"#DIV/0!"}},{"$error":"#DIV/0!"},{"$error":"#DIV/0!"}]
[{"$nulls":9},118,0,0,{"$error":"#DIV/0!"},{"$error":"#DIV/0!"},{"$f":"(M3811*12-(VLOOKUP(N3811*12,'Tax table'!$A$3:$C$10,3)*(N3811*12-VLOOKUP(N3811*12,'Tax table'!$A$3:$C$10,1))+VLOOKUP(N3811*12,'Tax table'!$A$3:$C$10,2)))/12","v":{"$error":"#DIV/0!"}},0,{"$f":"(VLOOKUP(P3811*12,'Tax table'!$A$3:$C$10,3)*(P3811*12-VLOOKUP(P3811*12,'Tax table'!$A$3:$C$10,1))+VLOOKUP(P3811*12,'Tax table'!$A$3:$C$10,2))/12","v":0},0,0,{"$error":"#DIV/0!"},0,{"$f":"IF($B$15=\"Yes\",MIN(S3811*2,References!$B$7),0)","v":0},{"$f":"IF(AND(D3811<>0,$B$16=\"Yes\"),References!$B$6,0)","v":0},0,0,0,0,{"$error":"#DIV/0!"},{"$f":"(M3811*12-(VLOOKUP(AB3811*12,'Tax table'!$A$3:$C$10,3)*(AB3811*12-VLOOKUP(AB3811*12,'Tax table'!$A$3:$C$10,1))+VLOOKUP(AB3811*12,'Tax table'!$A$3:$C$10,2)))/12","v":{"$error":"#DIV/0!"}},{"$error":"#DIV/0!"},{"$error":"#DIV/0!"}]
[{"$nulls":9},118,0,0,{"$error":"#DIV/0!"},{"$error":"#DIV/0!"},{"$f":"(M3817*12-(VLOOKUP(N3817*12,'Tax table'!$A$3:$C$10,3)*(N3817*12-VLOOKUP(N3817*12,'Tax table'!$A$3:$C$10,1))+VLOOKUP(N3817*12,'Tax table'!$A$3:$C$10,2)))/12","v":{"$error":"#DIV/0!"}},0,{"$f":"(VLOOKUP(P3817*12,'Tax table'!$A$3:$C$10,3)*(P3817*12-VLOOKUP(P3817*12,'Tax table'!$A$3:$C$10,1))+VLOOKUP(P3817*12,'Tax table'!$A$3:$C$10,2))/12","v":0},0,0,{"$error":"#DIV/0!"},0,{"$f":"IF($B$15=\"Yes\",MIN(S3817*2,References!$B$7),0)","v":0},{"$f":"IF(AND(D3817<>0,$B$16=\"Yes\"),References!$B$6,0)","v":0},0,0,0,0,{"$error":"#DIV/0!"},{"$f":"(M3817*12-(VLOOKUP(AB3817*12,'Tax table'!$A$3:$C$10,3)*(AB3817*12-VLOOKUP(AB3817*12,'Tax table'!$A$3:$C$10,1))+VLOOKUP(AB3817*12,'Tax table'!$A$3:$C$10,2)))/12","v":{"$error":"#DIV/0!"}},{"$error":"#DIV/0!"},{"$error":"#DIV/0!"}]
[{"$nulls":9},118,0,0,{"$error":"#DIV/0!"},{"$error":"#DIV/0!"},{"$f":"(M3834*12-(VLOOKUP(N3834*12,'Tax table'!$A$3:$C$10,3)*(N3834*12-VLOOKUP(N3834*12,'Tax table'!$A$3:$C$10,1))+VLOOKUP(N3834*12,'Tax table'!$A$3:$C$10,2)))/12","v":{"$error":"#DIV/0!"}},0,{"$f":"(VLOOKUP(P3834*12,'Tax table'!$A$3:$C$10,3)*(P3834*12-VLOOKUP(P3834*12,'Tax table'!$A$3:$C$10,1))+VLOOKUP(P3834*12,'Tax table'!$A$3:$C$10,2))/12","v":0},0,0,{"$error":"#DIV/0!"},0,{"$f":"IF($B$15=\"Yes\",MIN(S3834*2,References!$B$7),0)","v":0},{"$f":"IF(AND(D3834<>0,$B$16=\"Yes\"),References!$B$6,0)","v":0},0,0,0,0,{"$error":"#DIV/0!"},{"$f":"(M3834*12-(VLOOKUP(AB3834*12,'Tax table'!$A$3:$C$10,3)*(AB3834*12-VLOOKUP(AB3834*12,'Tax table'!$A$3:$C$10,1))+VLOOKUP(AB3834*12,'Tax table'!$A$3:$C$10,2)))/12","v":{"$error":"#DIV/0!"}},{"$error":"#DIV/0!"},{"$error":"#DIV/0!"}]
[{"$nulls":9},118,0,0,{"$error":"#DIV/0!"},{"$error":"#DIV/0!"},{"$f":"(M3844*12-(VLOOKUP(N3844*12,'Tax table'!$A$3:$C$10,3)*(N3844*12-VLOOKUP(N3844*12,'Tax table'!$A$3:$C$10,1))+VLOOKUP(N3844*12,'Tax table'!$A$3:$C$10,2)))/12","v":{"$error":"#DIV/0!"}},0,{"$f":"(VLOOKUP(P3844*12,'Tax table'!$A$3:$C$10,3)*(P3844*12-VLOOKUP(P3844*12,'Tax table'!$A$3:$C$10,1))+VLOOKUP(P3844*12,'Tax table'!$A$3:$C$10,2))/12","v":0},0,0,{"$error":"#DIV/0!"},0,{"$f":"IF($B$15=\"Yes\",MIN(S3844*2,References!$B$7),0)","v":0},{"$f":"IF(AND(D3844<>0,$B$16=\"Yes\"),References!$B$6,0)","v":0},0,0,0,0,{"$error":"#DIV/0!"},{"$f":"(M3844*12-(VLOOKUP(AB3844*12,'Tax table'!$A$3:$C$10,3)*(AB3844*12-VLOOKUP(AB3844*12,'Tax table'!$A$3:$C$10,1))+VLOOKUP(AB3844*12,'Tax table'!$A$3:$C$10,2)))/12","v":{"$error":"#DIV/0!"}},{"$error":"#DIV/0!"},{"$error":"#DIV/0!"}]
[{"$nulls":9},118,0,0,{"$error":"#DIV/0!"},{"$error":"#DIV/0!"},{"$f":"(M3850*12-(VLOOKUP(N3850*12,'Tax table'!$A$3:$C$10,3)*(N3850*12-VLOOKUP(N3850*12,'Tax table'!$A$3:$C$10,1))+VLOOKUP(N3850*12,'Tax table'!$A$3:$C$10,2)))/12","v":{"$error":"#DIV/0!"}},0,{"$f":"(VLOOKUP(P3850*12,'Tax table'!$A$3:$C$10,3)*(P3850*12-VLOOKUP(P3850*12,'Tax table'!$A$3:$C$10,1))+VLOOKUP(P3850*12,'Tax table'!$A$3:$C$10,2))/12","v":0},0,0,{"$error":"#DIV/0!"},0,{"$f":"IF($B$15=\"Yes\",MIN(S3850*2,References!$B$7),0)","v":0},{"$f":"IF(AND(D3850<>0,$B$16=\"Yes\"),References!$B$6,0)","v":0},0,0,0,0,{"$error":"#DIV/0!"},{"$f":"(M3850*12-(VLOOKUP(AB3850*12,'Tax table'!$A$3:$C$10,3)*(AB3850*12-VLOOKUP(AB3850*12,'Tax table'!$A$3:$C$10,1))+VLOOKUP(AB3850*12,'Tax table'!$A$3:$C$10,2)))/12","v":{"$error":"#DIV/0!"}},{"$error":"#DIV/0!"},{"$error":"#DIV/0!"}]
[{"$nulls":9},118,0,0,{"$error":"#DIV/0!"},{"$error":"#DIV/0!"},{"$f":"(M3867*12-(VLOOKUP(N3867*12,'Tax table'!$A$3:$C$10,3)*(N3867*12-VLOOKUP(N3867*12,'Tax table'!$A$3:$C$10,1))+VLOOKUP(N3867*12,'Tax table'!$A$3:$C$10,2)))/12","v":{"$error":"#DIV/0!"}},0,{"$f":"(VLOOKUP(P3867*12,'Tax table'!$A$3:$C$10,3)*(P3867*12-VLOOKUP(P3867*12,'Tax table'!$A$3:$C$10,1))+VLOOKUP(P3867*12,'Tax table'!$A$3:$C$10,2))/12","v":0},0,0,{"$error":"#DIV/0!"},0,{"$f":"IF($B$15=\"Yes\",MIN(S3867*2,References!$B$7),0)","v":0},{"$f":"IF(AND(D3867<>0,$B$16=\"Yes\"),References!$B$6,0)","v":0},0,0,0,0,{"$error":"#DIV/0!"},{"$f":"(M3867*12-(VLOOKUP(AB3867*12,'Tax table'!$A$3:$C$10,3)*(AB3867*12-VLOOKUP(AB3867*12,'Tax table'!$A$3:$C$10,1))+VLOOKUP(AB3867*12,'Tax table'!$A$3:$C$10,2)))/12","v":{"$error":"#DIV/0!"}},{"$error":"#DIV/0!"},{"$error":"#DIV/0!"}]
[{"$nulls":9},118,0,0,{"$error":"#DIV/0!"},{"$error":"#DIV/0!"},{"$f":"(M3873*12-(VLOOKUP(N3873*12,'Tax table'!$A$3:$C$10,3)*(N3873*12-VLOOKUP(N3873*12,'Tax table'!$A$3:$C$10,1))+VLOOKUP(N3873*12,'Tax table'!$A$3:$C$10,2)))/12","v":{"$error":"#DIV/0!"}},0,{"$f":"(VLOOKUP(P3873*12,'Tax table'!$A$3:$C$10,3)*(P3873*12-VLOOKUP(P3873*12,'Tax table'!$A$3:$C$10,1))+VLOOKUP(P3873*12,'Tax table'!$A$3:$C$10,2))/12","v":0},0,0,{"$error":"#DIV/0!"},0,{"$f":"IF($B$15=\"Yes\",MIN(S3873*2,References!$B$7),0)","v":0},{"$f":"IF(AND(D3873<>0,$B$16=\"Yes\"),References!$B$6,0)","v":0},0,0,0,0,{"$error":"#DIV/0!"},{"$f":"(M3873*12-(VLOOKUP(AB3873*12,'Tax table'!$A$3:$C$10,3)*(AB3873*12-VLOOKUP(AB3873*12,'Tax table'!$A$3:$C$10,1))+VLOOKUP(AB3873*12,'Tax table'!$A$3:$C$10,2)))/12","v":{"$error":"#DIV/0!"}},{"$error":"#DIV/0!"},{"$error":"#DIV/0!"}]
[{"$nulls":9},118,0,0,{"$error":"#DIV/0!"},{"$error":"#DIV/0!"},{"$f":"(M3884*12-(VLOOKUP(N3884*12,'Tax table'!$A$3:$C$10,3)*(N3884*12-VLOOKUP(N3884*12,'Tax table'!$A$3:$C$10,1))+VLOOKUP(N3884*12,'Tax table'!$A$3:$C$10,2)))/12","v":{"$error":"#DIV/0!"}},0,{"$f":"(VLOOKUP(P3884*12,'Tax table'!$A$3:$C$10,3)*(P3884*12-VLOOKUP(P3884*12,'Tax table'!$A$3:$C$10,1))+VLOOKUP(P3884*12,'Tax table'!$A$3:$C$10,2))/12","v":0},0,0,{"$error":"#DIV/0!"},0,{"$f":"IF($B$15=\"Yes\",MIN(S3884*2,References!$B$7),0)","v":0},{"$f":"IF(AND(D3884<>0,$B$16=\"Yes\"),References!$B$6,0)","v":0},0,0,0,0,{"$error":"#DIV/0!"},{"$f":"(M3884*12-(VLOOKUP(AB3884*12,'Tax table'!$A$3:$C$10,3)*(AB3884*12-VLOOKUP(AB3884*12,'Tax table'!$A$3:$C$10,1))+VLOOKUP(AB3884*12,'Tax table'!$A$3:$C$10,2)))/12","v":{"$error":"#DIV/0!"}},{"$error":"#DIV/0!"},{"$error":"#DIV/0!"}]
[{"$nulls":9},118,0,0,{"$error":"#DIV/0!"},{"$error":"#DIV/0!"},{"$f":"(M3905*12-(VLOOKUP(N3905*12,'Tax table'!$A$3:$C$10,3)*(N3905*12-VLOOKUP(N3905*12,'Tax table'!$A$3:$C$10,1))+VLOOKUP(N3905*12,'Tax table'!$A$3:$C$10,2)))/12","v":{"$error":"#DIV/0!"}},0,{"$f":"(VLOOKUP(P3905*12,'Tax table'!$A$3:$C$10,3)*(P3905*12-VLOOKUP(P3905*12,'Tax table'!$A$3:$C$10,1))+VLOOKUP(P3905*12,'Tax table'!$A$3:$C$10,2))/12","v":0},0,0,{"$error":"#DIV/0!"},0,{"$f":"IF($B$15=\"Yes\",MIN(S3905*2,References!$B$7),0)","v":0},{"$f":"IF(AND(D3905<>0,$B$16=\"Yes\"),References!$B$6,0)","v":0},0,0,0,0,{"$error":"#DIV/0!"},{"$f":"(M3905*12-(VLOOKUP(AB3905*12,'Tax table'!$A$3:$C$10,3)*(AB3905*12-VLOOKUP(AB3905*12,'Tax table'!$A$3:$C$10,1))+VLOOKUP(AB3905*12,'Tax table'!$A$3:$C$10,2)))/12","v":{"$error":"#DIV/0!"}},{"$error":"#DIV/0!"},{"$error":"#DIV/0!"}]
[{"$nulls":9},118,0,0,{"$error":"#DIV/0!"},{"$error":"#DIV/0!"},{"$f":"(M3911*12-(VLOOKUP(N3911*12,'Tax table'!$A$3:$C$10,3)*(N3911*12-VLOOKUP(N3911*12,'Tax table'!$A$3:$C$10,1))+VLOOKUP(N3911*12,'Tax table'!$A$3:$C$10,2)))/12","v":{"$error":"#DIV/0!"}},0,{"$f":"(VLOOKUP(P3911*12,'Tax table'!$A$3:$C$10,3)*(P3911*12-VLOOKUP(P3911*12,'Tax table'!$A$3:$C$10,1))+VLOOKUP(P3911*12,'Tax table'!$A$3:$C$10,2))/12","v":0},0,0,{"$error":"#DIV/0!"},0,{"$f":"IF($B$15=\"Yes\",MIN(S3911*2,References!$B$7),0)","v":0},{"$f":"IF(AND(D3911<>0,$B$16=\"Yes\"),References!$B$6,0)","v":0},0,0,0,0,{"$error":"#DIV/0!"},{"$f":"(M3911*12-(VLOOKUP(AB3911*12,'Tax table'!$A$3:$C$10,3)*(AB3911*12-VLOOKUP(AB3911*12,'Tax table'!$A$3:$C$10,1))+VLOOKUP(AB3911*12,'Tax table'!$A$3:$C$10,2)))/12","v":{"$error":"#DIV/0!"}},{"$error":"#DIV/0!"},{"$error":"#DIV/0!"}]
[{"$nulls":9},118,0,0,{"$error":"#DIV/0!"},{"$error":"#DIV/0!"},{"$f":"(M3917*12-(VLOOKUP(N3917*12,'Tax table'!$A$3:$C$10,3)*(N3917*12-VLOOKUP(N3917*12,'Tax table'!$A$3:$C$10,1))+VLOOKUP(N3917*12,'Tax table'!$A$3:$C$10,2)))/12","v":{"$error":"#DIV/0!"}},0,{"$f":"(VLOOKUP(P3917*12,'Tax table'!$A$3:$C$10,3)*(P3917*12-VLOOKUP(P3917*12,'Tax table'!$A$3:$C$10,1))+VLOOKUP(P3917*12,'Tax table'!$A$3:$C$10,2))/12","v":0},0,0,{"$error":"#DIV/0!"},0,{"$f":"IF($B$15=\"Yes\",MIN(S3917*2,References!$B$7),0)","v":0},{"$f":"IF(AND(D3917<>0,$B$16=\"Yes\"),References!$B$6,0)","v":0},0,0,0,0,{"$error":"#DIV/0!"},{"$f":"(M3917*12-(VLOOKUP(AB3917*12,'Tax table'!$A$3:$C$10,3)*(AB3917*12-VLOOKUP(AB3917*12,'Tax table'!$A$3:$C$10,1))+VLOOKUP(AB3917*12,'Tax table'!$A$3:$C$10,2)))/12","v":{"$error":"#DIV/0!"}},{"$error":"#DIV/0!"},{"$error":"#DIV/0!"}]
[{"$nulls":9},118,0,0,{"$error":"#DIV/0!"},{"$error":"#DIV/0!"},{"$f":"(M3938*12-(VLOOKUP(N3938*12,'Tax table'!$A$3:$C$10,3)*(N3938*12-VLOOKUP(N3938*12,'Tax table'!$A$3:$C$10,1))+VLOOKUP(N3938*12,'Tax table'!$A$3:$C$10,2)))/12","v":{"$error":"#DIV/0!"}},0,{"$f":"(VLOOKUP(P3938*12,'Tax table'!$A$3:$C$10,3)*(P3938*12-VLOOKUP(P3938*12,'Tax table'!$A$3:$C$10,1))+VLOOKUP(P3938*12,'Tax table'!$A$3:$C$10,2))/12","v":0},0,0,{"$error":"#DIV/0!"},0,{"$f":"IF($B$15=\"Yes\",MIN(S3938*2,References!$B$7),0)","v":0},{"$f":"IF(AND(D3938<>0,$B$16=\"Yes\"),References!$B$6,0)","v":0},0,0,0,0,{"$error":"#DIV/0!"},{"$f":"(M3938*12-(VLOOKUP(AB3938*12,'Tax table'!$A$3:$C$10,3)*(AB3938*12-VLOOKUP(AB3938*12,'Tax table'!$A$3:$C$10,1))+VLOOKUP(AB3938*12,'Tax table'!$A$3:$C$10,2)))/12","v":{"$error":"#DIV/0!"}},{"$error":"#DIV/0!"},{"$error":"#DIV/0!"}]
[{"$nulls":9},118,0,0,{"$error":"#DIV/0!"},{"$error":"#DIV/0!"},{"$f":"(M3944*12-(VLOOKUP(N3944*12,'Tax table'!$A$3:$C$10,3)*(N3944*12-VLOOKUP(N3944*12,'Tax table'!$A$3:$C$10,1))+VLOOKUP(N3944*12,'Tax table'!$A$3:$C$10,2)))/12","v":{"$error":"#DIV/0!"}},0,{"$f":"(VLOOKUP(P3944*12,'Tax table'!$A$3:$C$10,3)*(P3944*12-VLOOKUP(P3944*12,'Tax table'!$A$3:$C$10,1))+VLOOKUP(P3944*12,'Tax table'!$A$3:$C$10,2))/12","v":0},0,0,{"$error":"#DIV/0!"},0,{"$f":"IF($B$15=\"Yes\",MIN(S3944*2,References!$B$7),0)","v":0},{"$f":"IF(AND(D3944<>0,$B$16=\"Yes\"),References!$B$6,0)","v":0},0,0,0,0,{"$error":"#DIV/0!"},{"$f":"(M3944*12-(VLOOKUP(AB3944*12,'Tax table'!$A$3:$C$10,3)*(AB3944*12-VLOOKUP(AB3944*12,'Tax table'!$A$3:$C$10,1))+VLOOKUP(AB3944*12,'Tax table'!$A$3:$C$10,2)))/12","v":{"$error":"#DIV/0!"}},{"$error":"#DIV/0!"},{"$error":"#DIV/0!"}]
[{"$nulls":9},118,0,0,{"$error":"#DIV/0!"},{"$error":"#DIV/0!"},{"$f":"(M3950*12-(VLOOKUP(N3950*12,'Tax table'!$A$3:$C$10,3)*(N3950*12-VLOOKUP(N3950*12,'Tax table'!$A$3:$C$10,1))+VLOOKUP(N3950*12,'Tax table'!$A$3:$C$10,2)))/12","v":{"$error":"#DIV/0!"}},0,{"$f":"(VLOOKUP(P3950*12,'Tax table'!$A$3:$C$10,3)*(P3950*12-VLOOKUP(P3950*12,'Tax table'!$A$3:$C$10,1))+VLOOKUP(P3950*12,'Tax table'!$A$3:$C$10,2))/12","v":0},0,0,{"$error":"#DIV/0!"},0,{"$f":"IF($B$15=\"Yes\",MIN(S3950*2,References!$B$7),0)","v":0},{"$f":"IF(AND(D3950<>0,$B$16=\"Yes\"),References!$B$6,0)","v":0},0,0,0,0,{"$error":"#DIV/0!"},{"$f":"(M3950*12-(VLOOKUP(AB3950*12,'Tax table'!$A$3:$C$10,3)*(AB3950*12-VLOOKUP(AB3950*12,'Tax table'!$A$3:$C$10,1))+VLOOKUP(AB3950*12,'Tax table'!$A$3:$C$10,2)))/12","v":{"$error":"#DIV/0!"}},{"$error":"#DIV/0!"},{"$error":"#DIV/0!"}]
[{"$nulls":9},118,0,0,{"$error":"#DIV/0!"},{"$error":"#DIV/0!"},{"$f":"(M3971*12-(VLOOKUP(N3971*12,'Tax table'!$A$3:$C$10,3)*(N3971*12-VLOOKUP(N3971*12,'Tax table'!$A$3:$C$10,1))+VLOOKUP(N3971*12,'Tax table'!$A$3:$C$10,2)))/12","v":{"$error":"#DIV/0!"}},0,{"$f":"(VLOOKUP(P3971*12,'Tax table'!$A$3:$C$10,3)*(P3971*12-VLOOKUP(P3971*12,'Tax table'!$A$3:$C$10,1))+VLOOKUP(P3971*12,'Tax table'!$A$3:$C$10,2))/12","v":0},0,0,{"$error":"#DIV/0!"},0,{"$f":"IF($B$15=\"Yes\",MIN(S3971*2,References!$B$7),0)","v":0},{"$f":"IF(AND(D3971<>0,$B$16=\"Yes\"),References!$B$6,0)","v":0},0,0,0,0,{"$error":"#DIV/0!"},{"$f":"(M3971*12-(VLOOKUP(AB3971*12,'Tax table'!$A$3:$C$10,3)*(AB3971*12-VLOOKUP(AB3971*12,'Tax table'!$A$3:$C$10,1))+VLOOKUP(AB3971*12,'Tax table'!$A$3:$C$10,2)))/12","v":{"$error":"#DIV/0!"}},{"$error":"#DIV/0!"},{"$error":"#DIV/0!"}]
[{"$nulls":9},118,0,0,{"$error":"#DIV/0!"},{"$error":"#DIV/0!"},{"$f":"(M3977*12-(VLOOKUP(N3977*12,'Tax table'!$A$3:$C$10,3)*(N3977*12-VLOOKUP(N3977*12,'Tax table'!$A$3:$C$10,1))+VLOOKUP(N3977*12,'Tax table'!$A$3:$C$10,2)))/12","v":{"$error":"#DIV/0!"}},0,{"$f":"(VLOOKUP(P3977*12,'Tax table'!$A$3:$C$10,3)*(P3977*12-VLOOKUP(P3977*12,'Tax table'!$A$3:$C$10,1))+VLOOKUP(P3977*12,'Tax table'!$A$3:$C$10,2))/12","v":0},0,0,{"$error":"#DIV/0!"},0,{"$f":"IF($B$15=\"Yes\",MIN(S3977*2,References!$B$7),0)","v":0},{"$f":"IF(AND(D3977<>0,$B$16=\"Yes\"),References!$B$6,0)","v":0},0,0,0,0,{"$error":"#DIV/0!"},{"$f":"(M3977*12-(VLOOKUP(AB3977*12,'Tax table'!$A$3:$C$10,3)*(AB3977*12-VLOOKUP(AB3977*12,'Tax table'!$A$3:$C$10,1))+VLOOKUP(AB3977*12,'Tax table'!$A$3:$C$10,2)))/12","v":{"$error":"#DIV/0!"}},{"$error":"#DIV/0!"},{"$error":"#DIV/0!"}]
[{"$nulls":9},118,0,0,{"$error":"#DIV/0!"},{"$error":"#DIV/0!"},{"$f":"(M3987*12-(VLOOKUP(N3987*12,'Tax table'!$A$3:$C$10,3)*(N3987*12-VLOOKUP(N3987*12,'Tax table'!$A$3:$C$10,1))+VLOOKUP(N3987*12,'Tax table'!$A$3:$C$10,2)))/12","v":{"$error":"#DIV/0!"}},0,{"$f":"(VLOOKUP(P3987*12,'Tax table'!$A$3:$C$10,3)*(P3987*12-VLOOKUP(P3987*12,'Tax table'!$A$3:$C$10,1))+VLOOKUP(P3987*12,'Tax table'!$A$3:$C$10,2))/12","v":0},0,0,{"$error":"#DIV/0!"},0,{"$f":"IF($B$15=\"Yes\",MIN(S3987*2,References!$B$7),0)","v":0},{"$f":"IF(AND(D3987<>0,$B$16=\"Yes\"),References!$B$6,0)","v":0},0,0,0,0,{"$error":"#DIV/0!"},{"$f":"(M3987*12-(VLOOKUP(AB3987*12,'Tax table'!$A$3:$C$10,3)*(AB3987*12-VLOOKUP(AB3987*12,'Tax table'!$A$3:$C$10,1))+VLOOKUP(AB3987*12,'Tax table'!$A$3:$C$10,2)))/12","v":{"$error":"#DIV/0!"}},{"$error":"#DIV/0!"},{"$error":"#DIV/0!"}]
[{"$nulls":9},118,0,0,{"$error":"#DIV/0!"},{"$error":"#DIV/0!"},{"$f":"(M4004*12-(VLOOKUP(N4004*12,'Tax table'!$A$3:$C$10,3)*(N4004*12-VLOOKUP(N4004*12,'Tax table'!$A$3:$C$10,1))+VLOOKUP(N4004*12,'Tax table'!$A$3:$C$10,2)))/12","v":{"$error":"#DIV/0!"}},0,{"$f":"(VLOOKUP(P4004*12,'Tax table'!$A$3:$C$10,3)*(P4004*12-VLOOKUP(P4004*12,'Tax table'!$A$3:$C$10,1))+VLOOKUP(P4004*12,'Tax table'!$A$3:$C$10,2))/12","v":0},0,0,{"$error":"#DIV/0!"},0,{"$f":"IF($B$15=\"Yes\",MIN(S4004*2,References!$B$7),0)","v":0},{"$f":"IF(AND(D4004<>0,$B$16=\"Yes\"),References!$B$6,0)","v":0},0,0,0,0,{"$error":"#DIV/0!"},{"$f":"(M4004*12-(VLOOKUP(AB4004*12,'Tax table'!$A$3:$C$10,3)*(AB4004*12-VLOOKUP(AB4004*12,'Tax table'!$A$3:$C$10,1))+VLOOKUP(AB4004*12,'Tax table'!$A$3:$C$10,2)))/12","v":{"$error":"#DIV/0!"}},{"$error":"#DIV/0!"},{"$error":"#DIV/0!"}]
[{"$nulls":9},118,0,0,{"$error":"#DIV/0!"},{"$error":"#DIV/0!"},{"$f":"(M4010*12-(VLOOKUP(N4010*12,'Tax table'!$A$3:$C$10,3)*(N4010*12-VLOOKUP(N4010*12,'Tax table'!$A$3:$C$10,1))+VLOOKUP(N4010*12,'Tax table'!$A$3:$C$10,2)))/12","v":{"$error":"#DIV/0!"}},0,{"$f":"(VLOOKUP(P4010*12,'Tax table'!$A$3:$C$10,3)*(P4010*12-VLOOKUP(P4010*12,'Tax table'!$A$3:$C$10,1))+VLOOKUP(P4010*12,'Tax table'!$A$3:$C$10,2))/12","v":0},0,0,{"$error":"#DIV/0!"},0,{"$f":"IF($B$15=\"Yes\",MIN(S4010*2,References!$B$7),0)","v":0},{"$f":"IF(AND(D4010<>0,$B$16=\"Yes\"),References!$B$6,0)","v":0},0,0,0,0,{"$error":"#DIV/0!"},{"$f":"(M4010*12-(VLOOKUP(AB4010*12,'Tax table'!$A$3:$C$10,3)*(AB4010*12-VLOOKUP(AB4010*12,'Tax table'!$A$3:$C$10,1))+VLOOKUP(AB4010*12,'Tax table'!$A$3:$C$10,2)))/12","v":{"$error":"#DIV/0!"}},{"$error":"#DIV/0!"},{"$error":"#DIV/0!"}]
[{"$nulls":9},118,0,0,{"$error":"#DIV/0!"},{"$error":"#DIV/0!"},{"$f":"(M4020*12-(VLOOKUP(N4020*12,'Tax table'!$A$3:$C$10,3)*(N4020*12-VLOOKUP(N4020*12,'Tax table'!$A$3:$C$10,1))+VLOOKUP(N4020*12,'Tax table'!$A$3:$C$10,2)))/12","v":{"$error":"#DIV/0!"}},0,{"$f":"(VLOOKUP(P4020*12,'Tax table'!$A$3:$C$10,3)*(P4020*12-VLOOKUP(P4020*12,'Tax table'!$A$3:$C$10,1))+VLOOKUP(P4020*12,'Tax table'!$A$3:$C$10,2))/12","v":0},0,0,{"$error":"#DIV/0!"},0,{"$f":"IF($B$15=\"Yes\",MIN(S4020*2,References!$B$7),0)","v":0},{"$f":"IF(AND(D4020<>0,$B$16=\"Yes\"),References!$B$6,0)","v":0},0,0,0,0,{"$error":"#DIV/0!"},{"$f":"(M4020*12-(VLOOKUP(AB4020*12,'Tax table'!$A$3:$C$10,3)*(AB4020*12-VLOOKUP(AB4020*12,'Tax table'!$A$3:$C$10,1))+VLOOKUP(AB4020*12,'Tax table'!$A$3:$C$10,2)))/12","v":{"$error":"#DIV/0!"}},{"$error":"#DIV/0!"},{"$error":"#DIV/0!"}]
[{"$nulls":9},118,0,0,{"$error":"#DIV/0!"},{"$error":"#DIV/0!"},{"$f":"(M4037*12-(VLOOKUP(N4037*12,'Tax table'!$A$3:$C$10,3)*(N4037*12-VLOOKUP(N4037*12,'Tax table'!$A$3:$C$10,1))+VLOOKUP(N4037*12,'Tax table'!$A$3:$C$10,2)))/12","v":{"$error":"#DIV/0!"}},0,{"$f":"(VLOOKUP(P4037*12,'Tax table'!$A$3:$C$10,3)*(P4037*12-VLOOKUP(P4037*12,'Tax table'!$A$3:$C$10,1))+VLOOKUP(P4037*12,'Tax table'!$A$3:$C$10,2))/12","v":0},0,0,{"$error":"#DIV/0!"},0,{"$f":"IF($B$15=\"Yes\",MIN(S4037*2,References!$B$7),0)","v":0},{"$f":"IF(AND(D4037<>0,$B$16=\"Yes\"),References!$B$6,0)","v":0},0,0,0,0,{"$error":"#DIV/0!"},{"$f":"(M4037*12-(VLOOKUP(AB4037*12,'Tax table'!$A$3:$C$10,3)*(AB4037*12-VLOOKUP(AB4037*12,'Tax table'!$A$3:$C$10,1))+VLOOKUP(AB4037*12,'Tax table'!$A$3:$C$10,2)))/12","v":{"$error":"#DIV/0!"}},{"$error":"#DIV/0!"},{"$error":"#DIV/0!"}]
[{"$nulls":9},118,0,0,{"$error":"#DIV/0!"},{"$error":"#DIV/0!"},{"$f":"(M4047*12-(VLOOKUP(N4047*12,'Tax table'!$A$3:$C$10,3)*(N4047*12-VLOOKUP(N4047*12,'Tax table'!$A$3:$C$10,1))+VLOOKUP(N4047*12,'Tax table'!$A$3:$C$10,2)))/12","v":{"$error":"#DIV/0!"}},0,{"$f":"(VLOOKUP(P4047*12,'Tax table'!$A$3:$C$10,3)*(P4047*12-VLOOKUP(P4047*12,'Tax table'!$A$3:$C$10,1))+VLOOKUP(P4047*12,'Tax table'!$A$3:$C$10,2))/12","v":0},0,0,{"$error":"#DIV/0!"},0,{"$f":"IF($B$15=\"Yes\",MIN(S4047*2,References!$B$7),0)","v":0},{"$f":"IF(AND(D4047<>0,$B$16=\"Yes\"),References!$B$6,0)","v":0},0,0,0,0,{"$error":"#DIV/0!"},{"$f":"(M4047*12-(VLOOKUP(AB4047*12,'Tax table'!$A$3:$C$10,3)*(AB4047*12-VLOOKUP(AB4047*12,'Tax table'!$A$3:$C$10,1))+VLOOKUP(AB4047*12,'Tax table'!$A$3:$C$10,2)))/12","v":{"$error":"#DIV/0!"}},{"$error":"#DIV/0!"},{"$error":"#DIV/0!"}]
[{"$nulls":9},118,0,0,{"$error":"#DIV/0!"},{"$error":"#DIV/0!"},{"$f":"(M4053*12-(VLOOKUP(N4053*12,'Tax table'!$A$3:$C$10,3)*(N4053*12-VLOOKUP(N4053*12,'Tax table'!$A$3:$C$10,1))+VLOOKUP(N4053*12,'Tax table'!$A$3:$C$10,2)))/12","v":{"$error":"#DIV/0!"}},0,{"$f":"(VLOOKUP(P4053*12,'Tax table'!$A$3:$C$10,3)*(P4053*12-VLOOKUP(P4053*12,'Tax table'!$A$3:$C$10,1))+VLOOKUP(P4053*12,'Tax table'!$A$3:$C$10,2))/12","v":0},0,0,{"$error":"#DIV/0!"},0,{"$f":"IF($B$15=\"Yes\",MIN(S4053*2,References!$B$7),0)","v":0},{"$f":"IF(AND(D4053<>0,$B$16=\"Yes\"),References!$B$6,0)","v":0},0,0,0,0,{"$error":"#DIV/0!"},{"$f":"(M4053*12-(VLOOKUP(AB4053*12,'Tax table'!$A$3:$C$10,3)*(AB4053*12-VLOOKUP(AB4053*12,'Tax table'!$A$3:$C$10,1))+VLOOKUP(AB4053*12,'Tax table'!$A$3:$C$10,2)))/12","v":{"$error":"#DIV/0!"}},{"$error":"#DIV/0!"},{"$error":"#DIV/0!"}]
[{"$nulls":9},118,0,0,{"$error":"#DIV/0!"},{"$error":"#DIV/0!"},{"$f":"(M4070*12-(VLOOKUP(N4070*12,'Tax table'!$A$3:$C$10,3)*(N4070*12-VLOOKUP(N4070*12,'Tax table'!$A$3:$C$10,1))+VLOOKUP(N4070*12,'Tax table'!$A$3:$C$10,2)))/12","v":{"$error":"#DIV/0!"}},0,{"$f":"(VLOOKUP(P4070*12,'Tax table'!$A$3:$C$10,3)*(P4070*12-VLOOKUP(P4070*12,'Tax table'!$A$3:$C$10,1))+VLOOKUP(P4070*12,'Tax table'!$A$3:$C$10,2))/12","v":0},0,0,{"$error":"#DIV/0!"},0,{"$f":"IF($B$15=\"Yes\",MIN(S4070*2,References!$B$7),0)","v":0},{"$f":"IF(AND(D4070<>0,$B$16=\"Yes\"),References!$B$6,0)","v":0},0,0,0,0,{"$error":"#DIV/0!"},{"$f":"(M4070*12-(VLOOKUP(AB4070*12,'Tax table'!$A$3:$C$10,3)*(AB4070*12-VLOOKUP(AB4070*12,'Tax table'!$A$3:$C$10,1))+VLOOKUP(AB4070*12,'Tax table'!$A$3:$C$10,2)))/12","v":{"$error":"#DIV/0!"}},{"$error":"#DIV/0!"},{"$error":"#DIV/0!"}]
[{"$nulls":9},118,0,0,{"$error":"#DIV/0!"},{"$error":"#DIV/0!"},{"$f":"(M4080*12-(VLOOKUP(N4080*12,'Tax table'!$A$3:$C$10,3)*(N4080*12-VLOOKUP(N4080*12,'Tax table'!$A$3:$C$10,1))+VLOOKUP(N4080*12,'Tax table'!$A$3:$C$10,2)))/12","v":{"$error":"#DIV/0!"}},0,{"$f":"(VLOOKUP(P4080*12,'Tax table'!$A$3:$C$10,3)*(P4080*12-VLOOKUP(P4080*12,'Tax table'!$A$3:$C$10,1))+VLOOKUP(P4080*12,'Tax table'!$A$3:$C$10,2))/12","v":0},0,0,{"$error":"#DIV/0!"},0,{"$f":"IF($B$15=\"Yes\",MIN(S4080*2,References!$B$7),0)","v":0},{"$f":"IF(AND(D4080<>0,$B$16=\"Yes\"),References!$B$6,0)","v":0},0,0,0,0,{"$error":"#DIV/0!"},{"$f":"(M4080*12-(VLOOKUP(AB4080*12,'Tax table'!$A$3:$C$10,3)*(AB4080*12-VLOOKUP(AB4080*12,'Tax table'!$A$3:$C$10,1))+VLOOKUP(AB4080*12,'Tax table'!$A$3:$C$10,2)))/12","v":{"$error":"#DIV/0!"}},{"$error":"#DIV/0!"},{"$error":"#DIV/0!"}]
[{"$nulls":9},118,0,0,{"$error":"#DIV/0!"},{"$error":"#DIV/0!"},{"$f":"(M4086*12-(VLOOKUP(N4086*12,'Tax table'!$A$3:$C$10,3)*(N4086*12-VLOOKUP(N4086*12,'Tax table'!$A$3:$C$10,1))+VLOOKUP(N4086*12,'Tax table'!$A$3:$C$10,2)))/12","v":{"$error":"#DIV/0!"}},0,{"$f":"(VLOOKUP(P4086*12,'Tax table'!$A$3:$C$10,3)*(P4086*12-VLOOKUP(P4086*12,'Tax table'!$A$3:$C$10,1))+VLOOKUP(P4086*12,'Tax table'!$A$3:$C$10,2))/12","v":0},0,0,{"$error":"#DIV/0!"},0,{"$f":"IF($B$15=\"Yes\",MIN(S4086*2,References!$B$7),0)","v":0},{"$f":"IF(AND(D4086<>0,$B$16=\"Yes\"),References!$B$6,0)","v":0},0,0,0,0,{"$error":"#DIV/0!"},{"$f":"(M4086*12-(VLOOKUP(AB4086*12,'Tax table'!$A$3:$C$10,3)*(AB4086*12-VLOOKUP(AB4086*12,'Tax table'!$A$3:$C$10,1))+VLOOKUP(AB4086*12,'Tax table'!$A$3:$C$10,2)))/12","v":{"$error":"#DIV/0!"}},{"$error":"#DIV/0!"},{"$error":"#DIV/0!"}]
[{"$nulls":9},118,0,0,{"$error":"#DIV/0!"},{"$error":"#DIV/0!"},{"$f":"(M4103*12-(VLOOKUP(N4103*12,'Tax table'!$A$3:$C$10,3)*(N4103*12-VLOOKUP(N4103*12,'Tax table'!$A$3:$C$10,1))+VLOOKUP(N4103*12,'Tax table'!$A$3:$C$10,2)))/12","v":{"$error":"#DIV/0!"}},0,{"$f":"(VLOOKUP(P4103*12,'Tax table'!$A$3:$C$10,3)*(P4103*12-VLOOKUP(P4103*12,'Tax table'!$A$3:$C$10,1))+VLOOKUP(P4103*12,'Tax table'!$A$3:$C$10,2))/12","v":0},0,0,{"$error":"#DIV/0!"},0,{"$f":"IF($B$15=\"Yes\",MIN(S4103*2,References!$B$7),0)","v":0},{"$f":"IF(AND(D4103<>0,$B$16=\"Yes\"),References!$B$6,0)","v":0},0,0,0,0,{"$error":"#DIV/0!"},{"$f":"(M4103*12-(VLOOKUP(AB4103*12,'Tax table'!$A$3:$C$10,3)*(AB4103*12-VLOOKUP(AB4103*12,'Tax table'!$A$3:$C$10,1))+VLOOKUP(AB4103*12,'Tax table'!$A$3:$C$10,2)))/12","v":{"$error":"#DIV/0!"}},{"$error":"#DIV/0!"},{"$error":"#DIV/0!"}]
[{"$nulls":9},118,0,0,{"$error":"#DIV/0!"},{"$error":"#DIV/0!"},{"$f":"(M4113*12-(VLOOKUP(N4113*12,'Tax table'!$A$3:$C$10,3)*(N4113*12-VLOOKUP(N4113*12,'Tax table'!$A$3:$C$10,1))+VLOOKUP(N4113*12,'Tax table'!$A$3:$C$10,2)))/12","v":{"$error":"#DIV/0!"}},0,{"$f":"(VLOOKUP(P4113*12,'Tax table'!$A$3:$C$10,3)*(P4113*12-VLOOKUP(P4113*12,'Tax table'!$A$3:$C$10,1))+VLOOKUP(P4113*12,'Tax table'!$A$3:$C$10,2))/12","v":0},0,0,{"$error":"#DIV/0!"},0,{"$f":"IF($B$15=\"Yes\",MIN(S4113*2,References!$B$7),0)","v":0},{"$f":"IF(AND(D4113<>0,$B$16=\"Yes\"),References!$B$6,0)","v":0},0,0,0,0,{"$error":"#DIV/0!"},{"$f":"(M4113*12-(VLOOKUP(AB4113*12,'Tax table'!$A$3:$C$10,3)*(AB4113*12-VLOOKUP(AB4113*12,'Tax table'!$A$3:$C$10,1))+VLOOKUP(AB4113*12,'Tax table'!$A$3:$C$10,2)))/12","v":{"$error":"#DIV/0!"}},{"$error":"#DIV/0!"},{"$error":"#DIV/0!"}]
[{"$nulls":9},118,0,0,{"$error":"#DIV/0!"},{"$error":"#DIV/0!"},{"$f":"(M4118*12-(VLOOKUP(N4118*12,'Tax table'!$A$3:$C$10,3)*(N4118*12-VLOOKUP(N4118*12,'Tax table'!$A$3:$C$10,1))+VLOOKUP(N4118*12,'Tax table'!$A$3:$C$10,2)))/12","v":{"$error":"#DIV/0!"}},0,{"$f":"(VLOOKUP(P4118*12,'Tax table'!$A$3:$C$10,3)*(P4118*12-VLOOKUP(P4118*12,'Tax table'!$A$3:$C$10,1))+VLOOKUP(P4118*12,'Tax table'!$A$3:$C$10,2))/12","v":0},0,0,{"$error":"#DIV/0!"},0,{"$f":"IF($B$15=\"Yes\",MIN(S4118*2,References!$B$7),0)","v":0},{"$f":"IF(AND(D4118<>0,$B$16=\"Yes\"),References!$B$6,0)","v":0},0,0,0,0,{"$error":"#DIV/0!"},{"$f":"(M4118*12-(VLOOKUP(AB4118*12,'Tax table'!$A$3:$C$10,3)*(AB4118*12-VLOOKUP(AB4118*12,'Tax table'!$A$3:$C$10,1))+VLOOKUP(AB4118*12,'Tax table'!$A$3:$C$10,2)))/12","v":{"$error":"#DIV/0!"}},{"$error":"#DIV/0!"},{"$error":"#DIV/0!"}]
[{"$nulls":9},118,0,0,{"$error":"#DIV/0!"},{"$error":"#DIV/0!"},{"$f":"(M4130*12-(VLOOKUP(N4130*12,'Tax table'!$A$3:$C$10,3)*(N4130*12-VLOOKUP(N4130*12,'Tax table'!$A$3:$C$10,1))+VLOOKUP(N4130*12,'Tax table'!$A$3:$C$10,2)))/12","v":{"$error":"#DIV/0!"}},0,{"$f":"(VLOOKUP(P4130*12,'Tax table'!$A$3:$C$10,3)*(P4130*12-VLOOKUP(P4130*12,'Tax table'!$A$3:$C$10,1))+VLOOKUP(P4130*12,'Tax table'!$A$3:$C$10,2))/12","v":0},0,0,{"$error":"#DIV/0!"},0,{"$f":"IF($B$15=\"Yes\",MIN(S4130*2,References!$B$7),0)","v":0},{"$f":"IF(AND(D4130<>0,$B$16=\"Yes\"),References!$B$6,0)","v":0},0,0,0,0,{"$error":"#DIV/0!"},{"$f":"(M4130*12-(VLOOKUP(AB4130*12,'Tax table'!$A$3:$C$10,3)*(AB4130*12-VLOOKUP(AB4130*12,'Tax table'!$A$3:$C$10,1))+VLOOKUP(AB4130*12,'Tax table'!$A$3:$C$10,2)))/12","v":{"$error":"#DIV/0!"}},{"$error":"#DIV/0!"},{"$error":"#DIV/0!"}]
[{"$nulls":9},118,0,0,{"$error":"#DIV/0!"},{"$error":"#DIV/0!"},{"$f":"(M4147*12-(VLOOKUP(N4147*12,'Tax table'!$A$3:$C$10,3)*(N4147*12-VLOOKUP(N4147*12,'Tax table'!$A$3:$C$10,1))+VLOOKUP(N4147*12,'Tax table'!$A$3:$C$10,2)))/12","v":{"$error":"#DIV/0!"}},0,{"$f":"(VLOOKUP(P4147*12,'Tax table'!$A$3:$C$10,3)*(P4147*12-VLOOKUP(P4147*12,'Tax table'!$A$3:$C$10,1))+VLOOKUP(P4147*12,'Tax table'!$A$3:$C$10,2))/12","v":0},0,0,{"$error":"#DIV/0!"},0,{"$f":"IF($B$15=\"Yes\",MIN(S4147*2,References!$B$7),0)","v":0},{"$f":"IF(AND(D4147<>0,$B$16=\"Yes\"),References!$B$6,0)","v":0},0,0,0,0,{"$error":"#DIV/0!"},{"$f":"(M4147*12-(VLOOKUP(AB4147*12,'Tax table'!$A$3:$C$10,3)*(AB4147*12-VLOOKUP(AB4147*12,'Tax table'!$A$3:$C$10,1))+VLOOKUP(AB4147*12,'Tax table'!$A$3:$C$10,2)))/12","v":{"$error":"#DIV/0!"}},{"$error":"#DIV/0!"},{"$error":"#DIV/0!"}]
[{"$nulls":9},118,0,0,{"$error":"#DIV/0!"},{"$error":"#DIV/0!"},{"$f":"(M4153*12-(VLOOKUP(N4153*12,'Tax table'!$A$3:$C$10,3)*(N4153*12-VLOOKUP(N4153*12,'Tax table'!$A$3:$C$10,1))+VLOOKUP(N4153*12,'Tax table'!$A$3:$C$10,2)))/12","v":{"$error":"#DIV/0!"}},0,{"$f":"(VLOOKUP(P4153*12,'Tax table'!$A$3:$C$10,3)*(P4153*12-VLOOKUP(P4153*12,'Tax table'!$A$3:$C$10,1))+VLOOKUP(P4153*12,'Tax table'!$A$3:$C$10,2))/12","v":0},0,0,{"$error":"#DIV/0!"},0,{"$f":"IF($B$15=\"Yes\",MIN(S4153*2,References!$B$7),0)","v":0},{"$f":"IF(AND(D4153<>0,$B$16=\"Yes\"),References!$B$6,0)","v":0},0,0,0,0,{"$error":"#DIV/0!"},{"$f":"(M4153*12-(VLOOKUP(AB4153*12,'Tax table'!$A$3:$C$10,3)*(AB4153*12-VLOOKUP(AB4153*12,'Tax table'!$A$3:$C$10,1))+VLOOKUP(AB4153*12,'Tax table'!$A$3:$C$10,2)))/12","v":{"$error":"#DIV/0!"}},{"$error":"#DIV/0!"},{"$error":"#DIV/0!"}]
[{"$nulls":9},118,0,0,{"$error":"#DIV/0!"},{"$error":"#DIV/0!"},{"$f":"(M4163*12-(VLOOKUP(N4163*12,'Tax table'!$A$3:$C$10,3)*(N4163*12-VLOOKUP(N4163*12,'Tax table'!$A$3:$C$10,1))+VLOOKUP(N4163*12,'Tax table'!$A$3:$C$10,2)))/12","v":{"$error":"#DIV/0!"}},0,{"$f":"(VLOOKUP(P4163*12,'Tax table'!$A$3:$C$10,3)*(P4163*12-VLOOKUP(P4163*12,'Tax table'!$A$3:$C$10,1))+VLOOKUP(P4163*12,'Tax table'!$A$3:$C$10,2))/12","v":0},0,0,{"$error":"#DIV/0!"},0,{"$f":"IF($B$15=\"Yes\",MIN(S4163*2,References!$B$7),0)","v":0},{"$f":"IF(AND(D4163<>0,$B$16=\"Yes\"),References!$B$6,0)","v":0},0,0,0,0,{"$error":"#DIV/0!"},{"$f":"(M4163*12-(VLOOKUP(AB4163*12,'Tax table'!$A$3:$C$10,3)*(AB4163*12-VLOOKUP(AB4163*12,'Tax table'!$A$3:$C$10,1))+VLOOKUP(AB4163*12,'Tax table'!$A$3:$C$10,2)))/12","v":{"$error":"#DIV/0!"}},{"$error":"#DIV/0!"},{"$error":"#DIV/0!"}]
[{"$nulls":9},118,0,0,{"$error":"#DIV/0!"},{"$error":"#DIV/0!"},{"$f":"(M4180*12-(VLOOKUP(N4180*12,'Tax table'!$A$3:$C$10,3)*(N4180*12-VLOOKUP(N4180*12,'Tax table'!$A$3:$C$10,1))+VLOOKUP(N4180*12,'Tax table'!$A$3:$C$10,2)))/12","v":{"$error":"#DIV/0!"}},0,{"$f":"(VLOOKUP(P4180*12,'Tax table'!$A$3:$C$10,3)*(P4180*12-VLOOKUP(P4180*12,'Tax table'!$A$3:$C$10,1))+VLOOKUP(P4180*12,'Tax table'!$A$3:$C$10,2))/12","v":0},0,0,{"$error":"#DIV/0!"},0,{"$f":"IF($B$15=\"Yes\",MIN(S4180*2,References!$B$7),0)","v":0},{"$f":"IF(AND(D4180<>0,$B$16=\"Yes\"),References!$B$6,0)","v":0},0,0,0,0,{"$error":"#DIV/0!"},{"$f":"(M4180*12-(VLOOKUP(AB4180*12,'Tax table'!$A$3:$C$10,3)*(AB4180*12-VLOOKUP(AB4180*12,'Tax table'!$A$3:$C$10,1))+VLOOKUP(AB4180*12,'Tax table'!$A$3:$C$10,2)))/12","v":{"$error":"#DIV/0!"}},{"$error":"#DIV/0!"},{"$error":"#DIV/0!"}]
[{"$nulls":9},118,0,0,{"$error":"#DIV/0!"},{"$error":"#DIV/0!"},{"$f":"(M4190*12-(VLOOKUP(N4190*12,'Tax table'!$A$3:$C$10,3)*(N4190*12-VLOOKUP(N4190*12,'Tax table'!$A$3:$C$10,1))+VLOOKUP(N4190*12,'Tax table'!$A$3:$C$10,2)))/12","v":{"$error":"#DIV/0!"}},0,{"$f":"(VLOOKUP(P4190*12,'Tax table'!$A$3:$C$10,3)*(P4190*12-VLOOKUP(P4190*12,'Tax table'!$A$3:$C$10,1))+VLOOKUP(P4190*12,'Tax table'!$A$3:$C$10,2))/12","v":0},0,0,{"$error":"#DIV/0!"},0,{"$f":"IF($B$15=\"Yes\",MIN(S4190*2,References!$B$7),0)","v":0},{"$f":"IF(AND(D4190<>0,$B$16=\"Yes\"),References!$B$6,0)","v":0},0,0,0,0,{"$error":"#DIV/0!"},{"$f":"(M4190*12-(VLOOKUP(AB4190*12,'Tax table'!$A$3:$C$10,3)*(AB4190*12-VLOOKUP(AB4190*12,'Tax table'!$A$3:$C$10,1))+VLOOKUP(AB4190*12,'Tax table'!$A$3:$C$10,2)))/12","v":{"$error":"#DIV/0!"}},{"$error":"#DIV/0!"},{"$error":"#DIV/0!"}]
[{"$nulls":9},118,0,0,{"$error":"#DIV/0!"},{"$error":"#DIV/0!"},{"$f":"(M4196*12-(VLOOKUP(N4196*12,'Tax table'!$A$3:$C$10,3)*(N4196*12-VLOOKUP(N4196*12,'Tax table'!$A$3:$C$10,1))+VLOOKUP(N4196*12,'Tax table'!$A$3:$C$10,2)))/12","v":{"$error":"#DIV/0!"}},0,{"$f":"(VLOOKUP(P4196*12,'Tax table'!$A$3:$C$10,3)*(P4196*12-VLOOKUP(P4196*12,'Tax table'!$A$3:$C$10,1))+VLOOKUP(P4196*12,'Tax table'!$A$3:$C$10,2))/12","v":0},0,0,{"$error":"#DIV/0!"},0,{"$f":"IF($B$15=\"Yes\",MIN(S4196*2,References!$B$7),0)","v":0},{"$f":"IF(AND(D4196<>0,$B$16=\"Yes\"),References!$B$6,0)","v":0},0,0,0,0,{"$error":"#DIV/0!"},{"$f":"(M4196*12-(VLOOKUP(AB4196*12,'Tax table'!$A$3:$C$10,3)*(AB4196*12-VLOOKUP(AB4196*12,'Tax table'!$A$3:$C$10,1))+VLOOKUP(AB4196*12,'Tax table'!$A$3:$C$10,2)))/12","v":{"$error":"#DIV/0!"}},{"$error":"#DIV/0!"},{"$error":"#DIV/0!"}]
[{"$nulls":9},118,0,0,{"$error":"#DIV/0!"},{"$error":"#DIV/0!"},{"$f":"(M4213*12-(VLOOKUP(N4213*12,'Tax table'!$A$3:$C$10,3)*(N4213*12-VLOOKUP(N4213*12,'Tax table'!$A$3:$C$10,1))+VLOOKUP(N4213*12,'Tax table'!$A$3:$C$10,2)))/12","v":{"$error":"#DIV/0!"}},0,{"$f":"(VLOOKUP(P4213*12,'Tax table'!$A$3:$C$10,3)*(P4213*12-VLOOKUP(P4213*12,'Tax table'!$A$3:$C$10,1))+VLOOKUP(P4213*12,'Tax table'!$A$3:$C$10,2))/12","v":0},0,0,{"$error":"#DIV/0!"},0,{"$f":"IF($B$15=\"Yes\",MIN(S4213*2,References!$B$7),0)","v":0},{"$f":"IF(AND(D4213<>0,$B$16=\"Yes\"),References!$B$6,0)","v":0},0,0,0,0,{"$error":"#DIV/0!"},{"$f":"(M4213*12-(VLOOKUP(AB4213*12,'Tax table'!$A$3:$C$10,3)*(AB4213*12-VLOOKUP(AB4213*12,'Tax table'!$A$3:$C$10,1))+VLOOKUP(AB4213*12,'Tax table'!$A$3:$C$10,2)))/12","v":{"$error":"#DIV/0!"}},{"$error":"#DIV/0!"},{"$error":"#DIV/0!"}]
[{"$nulls":9},118,0,0,{"$error":"#DIV/0!"},{"$error":"#DIV/0!"},{"$f":"(M4223*12-(VLOOKUP(N4223*12,'Tax table'!$A$3:$C$10,3)*(N4223*12-VLOOKUP(N4223*12,'Tax table'!$A$3:$C$10,1))+VLOOKUP(N4223*12,'Tax table'!$A$3:$C$10,2)))/12","v":{"$error":"#DIV/0!"}},0,{"$f":"(VLOOKUP(P4223*12,'Tax table'!$A$3:$C$10,3)*(P4223*12-VLOOKUP(P4223*12,'Tax table'!$A$3:$C$10,1))+VLOOKUP(P4223*12,'Tax table'!$A$3:$C$10,2))/12","v":0},0,0,{"$error":"#DIV/0!"},0,{"$f":"IF($B$15=\"Yes\",MIN(S4223*2,References!$B$7),0)","v":0},{"$f":"IF(AND(D4223<>0,$B$16=\"Yes\"),References!$B$6,0)","v":0},0,0,0,0,{"$error":"#DIV/0!"},{"$f":"(M4223*12-(VLOOKUP(AB4223*12,'Tax table'!$A$3:$C$10,3)*(AB4223*12-VLOOKUP(AB4223*12,'Tax table'!$A$3:$C$10,1))+VLOOKUP(AB4223*12,'Tax table'!$A$3:$C$10,2)))/12","v":{"$error":"#DIV/0!"}},{"$error":"#DIV/0!"},{"$error":"#DIV/0!"}]
[{"$nulls":9},118,0,0,{"$error":"#DIV/0!"},{"$error":"#DIV/0!"},{"$f":"(M4229*12-(VLOOKUP(N4229*12,'Tax table'!$A$3:$C$10,3)*(N4229*12-VLOOKUP(N4229*12,'Tax table'!$A$3:$C$10,1))+VLOOKUP(N4229*12,'Tax table'!$A$3:$C$10,2)))/12","v":{"$error":"#DIV/0!"}},0,{"$f":"(VLOOKUP(P4229*12,'Tax table'!$A$3:$C$10,3)*(P4229*12-VLOOKUP(P4229*12,'Tax table'!$A$3:$C$10,1))+VLOOKUP(P4229*12,'Tax table'!$A$3:$C$10,2))/12","v":0},0,0,{"$error":"#DIV/0!"},0,{"$f":"IF($B$15=\"Yes\",MIN(S4229*2,References!$B$7),0)","v":0},{"$f":"IF(AND(D4229<>0,$B$16=\"Yes\"),References!$B$6,0)","v":0},0,0,0,0,{"$error":"#DIV/0!"},{"$f":"(M4229*12-(VLOOKUP(AB4229*12,'Tax table'!$A$3:$C$10,3)*(AB4229*12-VLOOKUP(AB4229*12,'Tax table'!$A$3:$C$10,1))+VLOOKUP(AB4229*12,'Tax table'!$A$3:$C$10,2)))/12","v":{"$error":"#DIV/0!"}},{"$error":"#DIV/0!"},{"$error":"#DIV/0!"}]
[{"$nulls":9},118,0,0,{"$error":"#DIV/0!"},{"$error":"#DIV/0!"},{"$f":"(M4246*12-(VLOOKUP(N4246*12,'Tax table'!$A$3:$C$10,3)*(N4246*12-VLOOKUP(N4246*12,'Tax table'!$A$3:$C$10,1))+VLOOKUP(N4246*12,'Tax table'!$A$3:$C$10,2)))/12","v":{"$error":"#DIV/0!"}},0,{"$f":"(VLOOKUP(P4246*12,'Tax table'!$A$3:$C$10,3)*(P4246*12-VLOOKUP(P4246*12,'Tax table'!$A$3:$C$10,1))+VLOOKUP(P4246*12,'Tax table'!$A$3:$C$10,2))/12","v":0},0,0,{"$error":"#DIV/0!"},0,{"$f":"IF($B$15=\"Yes\",MIN(S4246*2,References!$B$7),0)","v":0},{"$f":"IF(AND(D4246<>0,$B$16=\"Yes\"),References!$B$6,0)","v":0},0,0,0,0,{"$error":"#DIV/0!"},{"$f":"(M4246*12-(VLOOKUP(AB4246*12,'Tax table'!$A$3:$C$10,3)*(AB4246*12-VLOOKUP(AB4246*12,'Tax table'!$A$3:$C$10,1))+VLOOKUP(AB4246*12,'Tax table'!$A$3:$C$10,2)))/12","v":{"$error":"#DIV/0!"}},{"$error":"#DIV/0!"},{"$error":"#DIV/0!"}]
[{"$nulls":9},118,0,0,{"$error":"#DIV/0!"},{"$error":"#DIV/0!"},{"$f":"(M4256*12-(VLOOKUP(N4256*12,'Tax table'!$A$3:$C$10,3)*(N4256*12-VLOOKUP(N4256*12,'Tax table'!$A$3:$C$10,1))+VLOOKUP(N4256*12,'Tax table'!$A$3:$C$10,2)))/12","v":{"$error":"#DIV/0!"}},0,{"$f":"(VLOOKUP(P4256*12,'Tax table'!$A$3:$C$10,3)*(P4256*12-VLOOKUP(P4256*12,'Tax table'!$A$3:$C$10,1))+VLOOKUP(P4256*12,'Tax table'!$A$3:$C$10,2))/12","v":0},0,0,{"$error":"#DIV/0!"},0,{"$f":"IF($B$15=\"Yes\",MIN(S4256*2,References!$B$7),0)","v":0},{"$f":"IF(AND(D4256<>0,$B$16=\"Yes\"),References!$B$6,0)","v":0},0,0,0,0,{"$error":"#DIV/0!"},{"$f":"(M4256*12-(VLOOKUP(AB4256*12,'Tax table'!$A$3:$C$10,3)*(AB4256*12-VLOOKUP(AB4256*12,'Tax table'!$A$3:$C$10,1))+VLOOKUP(AB4256*12,'Tax table'!$A$3:$C$10,2)))/12","v":{"$error":"#DIV/0!"}},{"$error":"#DIV/0!"},{"$error":"#DIV/0!"}]
[{"$nulls":9},118,0,0,{"$error":"#DIV/0!"},{"$error":"#DIV/0!"},{"$f":"(M4262*12-(VLOOKUP(N4262*12,'Tax table'!$A$3:$C$10,3)*(N4262*12-VLOOKUP(N4262*12,'Tax table'!$A$3:$C$10,1))+VLOOKUP(N4262*12,'Tax table'!$A$3:$C$10,2)))/12","v":{"$error":"#DIV/0!"}},0,{"$f":"(VLOOKUP(P4262*12,'Tax table'!$A$3:$C$10,3)*(P4262*12-VLOOKUP(P4262*12,'Tax table'!$A$3:$C$10,1))+VLOOKUP(P4262*12,'Tax table'!$A$3:$C$10,2))/12","v":0},0,0,{"$error":"#DIV/0!"},0,{"$f":"IF($B$15=\"Yes\",MIN(S4262*2,References!$B$7),0)","v":0},{"$f":"IF(AND(D4262<>0,$B$16=\"Yes\"),References!$B$6,0)","v":0},0,0,0,0,{"$error":"#DIV/0!"},{"$f":"(M4262*12-(VLOOKUP(AB4262*12,'Tax table'!$A$3:$C$10,3)*(AB4262*12-VLOOKUP(AB4262*12,'Tax table'!$A$3:$C$10,1))+VLOOKUP(AB4262*12,'Tax table'!$A$3:$C$10,2)))/12","v":{"$error":"#DIV/0!"}},{"$error":"#DIV/0!"},{"$error":"#DIV/0!"}]
[{"$nulls":9},118,0,0,{"$error":"#DIV/0!"},{"$error":"#DIV/0!"},{"$f":"(M4272*12-(VLOOKUP(N4272*12,'Tax table'!$A$3:$C$10,3)*(N4272*12-VLOOKUP(N4272*12,'Tax table'!$A$3:$C$10,1))+VLOOKUP(N4272*12,'Tax table'!$A$3:$C$10,2)))/12","v":{"$error":"#DIV/0!"}},0,{"$f":"(VLOOKUP(P4272*12,'Tax table'!$A$3:$C$10,3)*(P4272*12-VLOOKUP(P4272*12,'Tax table'!$A$3:$C$10,1))+VLOOKUP(P4272*12,'Tax table'!$A$3:$C$10,2))/12","v":0},0,0,{"$error":"#DIV/0!"},0,{"$f":"IF($B$15=\"Yes\",MIN(S4272*2,References!$B$7),0)","v":0},{"$f":"IF(AND(D4272<>0,$B$16=\"Yes\"),References!$B$6,0)","v":0},0,0,0,0,{"$error":"#DIV/0!"},{"$f":"(M4272*12-(VLOOKUP(AB4272*12,'Tax table'!$A$3:$C$10,3)*(AB4272*12-VLOOKUP(AB4272*12,'Tax table'!$A$3:$C$10,1))+VLOOKUP(AB4272*12,'Tax table'!$A$3:$C$10,2)))/12","v":{"$error":"#DIV/0!"}},{"$error":"#DIV/0!"},{"$error":"#DIV/0!"}]
[{"$nulls":9},118,0,0,{"$error":"#DIV/0!"},{"$error":"#DIV/0!"},{"$f":"(M4289*12-(VLOOKUP(N4289*12,'Tax table'!$A$3:$C$10,3)*(N4289*12-VLOOKUP(N4289*12,'Tax table'!$A$3:$C$10,1))+VLOOKUP(N4289*12,'Tax table'!$A$3:$C$10,2)))/12","v":{"$error":"#DIV/0!"}},0,{"$f":"(VLOOKUP(P4289*12,'Tax table'!$A$3:$C$10,3)*(P4289*12-VLOOKUP(P4289*12,'Tax table'!$A$3:$C$10,1))+VLOOKUP(P4289*12,'Tax table'!$A$3:$C$10,2))/12","v":0},0,0,{"$error":"#DIV/0!"},0,{"$f":"IF($B$15=\"Yes\",MIN(S4289*2,References!$B$7),0)","v":0},{"$f":"IF(AND(D4289<>0,$B$16=\"Yes\"),References!$B$6,0)","v":0},0,0,0,0,{"$error":"#DIV/0!"},{"$f":"(M4289*12-(VLOOKUP(AB4289*12,'Tax table'!$A$3:$C$10,3)*(AB4289*12-VLOOKUP(AB4289*12,'Tax table'!$A$3:$C$10,1))+VLOOKUP(AB4289*12,'Tax table'!$A$3:$C$10,2)))/12","v":{"$error":"#DIV/0!"}},{"$error":"#DIV/0!"},{"$error":"#DIV/0!"}]
[{"$nulls":9},118,0,0,{"$error":"#DIV/0!"},{"$error":"#DIV/0!"},{"$f":"(M4295*12-(VLOOKUP(N4295*12,'Tax table'!$A$3:$C$10,3)*(N4295*12-VLOOKUP(N4295*12,'Tax table'!$A$3:$C$10,1))+VLOOKUP(N4295*12,'Tax table'!$A$3:$C$10,2)))/12","v":{"$error":"#DIV/0!"}},0,{"$f":"(VLOOKUP(P4295*12,'Tax table'!$A$3:$C$10,3)*(P4295*12-VLOOKUP(P4295*12,'Tax table'!$A$3:$C$10,1))+VLOOKUP(P4295*12,'Tax table'!$A$3:$C$10,2))/12","v":0},0,0,{"$error":"#DIV/0!"},0,{"$f":"IF($B$15=\"Yes\",MIN(S4295*2,References!$B$7),0)","v":0},{"$f":"IF(AND(D4295<>0,$B$16=\"Yes\"),References!$B$6,0)","v":0},0,0,0,0,{"$error":"#DIV/0!"},{"$f":"(M4295*12-(VLOOKUP(AB4295*12,'Tax table'!$A$3:$C$10,3)*(AB4295*12-VLOOKUP(AB4295*12,'Tax table'!$A$3:$C$10,1))+VLOOKUP(AB4295*12,'Tax table'!$A$3:$C$10,2)))/12","v":{"$error":"#DIV/0!"}},{"$error":"#DIV/0!"},{"$error":"#DIV/0!"}]
[{"$nulls":9},118,0,0,{"$error":"#DIV/0!"},{"$error":"#DIV/0!"},{"$f":"(M4305*12-(VLOOKUP(N4305*12,'Tax table'!$A$3:$C$10,3)*(N4305*12-VLOOKUP(N4305*12,'Tax table'!$A$3:$C$10,1))+VLOOKUP(N4305*12,'Tax table'!$A$3:$C$10,2)))/12","v":{"$error":"#DIV/0!"}},0,{"$f":"(VLOOKUP(P4305*12,'Tax table'!$A$3:$C$10,3)*(P4305*12-VLOOKUP(P4305*12,'Tax table'!$A$3:$C$10,1))+VLOOKUP(P4305*12,'Tax table'!$A$3:$C$10,2))/12","v":0},0,0,{"$error":"#DIV/0!"},0,{"$f":"IF($B$15=\"Yes\",MIN(S4305*2,References!$B$7),0)","v":0},{"$f":"IF(AND(D4305<>0,$B$16=\"Yes\"),References!$B$6,0)","v":0},0,0,0,0,{"$error":"#DIV/0!"},{"$f":"(M4305*12-(VLOOKUP(AB4305*12,'Tax table'!$A$3:$C$10,3)*(AB4305*12-VLOOKUP(AB4305*12,'Tax table'!$A$3:$C$10,1))+VLOOKUP(AB4305*12,'Tax table'!$A$3:$C$10,2)))/12","v":{"$error":"#DIV/0!"}},{"$error":"#DIV/0!"},{"$error":"#DIV/0!"}]
[{"$nulls":9},118,0,0,{"$error":"#DIV/0!"},{"$error":"#DIV/0!"},{"$f":"(M4322*12-(VLOOKUP(N4322*12,'Tax table'!$A$3:$C$10,3)*(N4322*12-VLOOKUP(N4322*12,'Tax table'!$A$3:$C$10,1))+VLOOKUP(N4322*12,'Tax table'!$A$3:$C$10,2)))/12","v":{"$error":"#DIV/0!"}},0,{"$f":"(VLOOKUP(P4322*12,'Tax table'!$A$3:$C$10,3)*(P4322*12-VLOOKUP(P4322*12,'Tax table'!$A$3:$C$10,1))+VLOOKUP(P4322*12,'Tax table'!$A$3:$C$10,2))/12","v":0},0,0,{"$error":"#DIV/0!"},0,{"$f":"IF($B$15=\"Yes\",MIN(S4322*2,References!$B$7),0)","v":0},{"$f":"IF(AND(D4322<>0,$B$16=\"Yes\"),References!$B$6,0)","v":0},0,0,0,0,{"$error":"#DIV/0!"},{"$f":"(M4322*12-(VLOOKUP(AB4322*12,'Tax table'!$A$3:$C$10,3)*(AB4322*12-VLOOKUP(AB4322*12,'Tax table'!$A$3:$C$10,1))+VLOOKUP(AB4322*12,'Tax table'!$A$3:$C$10,2)))/12","v":{"$error":"#DIV/0!"}},{"$error":"#DIV/0!"},{"$error":"#DIV/0!"}]
[{"$nulls":9},118,0,0,{"$error":"#DIV/0!"},{"$error":"#DIV/0!"},{"$f":"(M4328*12-(VLOOKUP(N4328*12,'Tax table'!$A$3:$C$10,3)*(N4328*12-VLOOKUP(N4328*12,'Tax table'!$A$3:$C$10,1))+VLOOKUP(N4328*12,'Tax table'!$A$3:$C$10,2)))/12","v":{"$error":"#DIV/0!"}},0,{"$f":"(VLOOKUP(P4328*12,'Tax table'!$A$3:$C$10,3)*(P4328*12-VLOOKUP(P4328*12,'Tax table'!$A$3:$C$10,1))+VLOOKUP(P4328*12,'Tax table'!$A$3:$C$10,2))/12","v":0},0,0,{"$error":"#DIV/0!"},0,{"$f":"IF($B$15=\"Yes\",MIN(S4328*2,References!$B$7),0)","v":0},{"$f":"IF(AND(D4328<>0,$B$16=\"Yes\"),References!$B$6,0)","v":0},0,0,0,0,{"$error":"#DIV/0!"},{"$f":"(M4328*12-(VLOOKUP(AB4328*12,'Tax table'!$A$3:$C$10,3)*(AB4328*12-VLOOKUP(AB4328*12,'Tax table'!$A$3:$C$10,1))+VLOOKUP(AB4328*12,'Tax table'!$A$3:$C$10,2)))/12","v":{"$error":"#DIV/0!"}},{"$error":"#DIV/0!"},{"$error":"#DIV/0!"}]
[{"$nulls":9},118,0,0,{"$error":"#DIV/0!"},{"$error":"#DIV/0!"},{"$f":"(M4338*12-(VLOOKUP(N4338*12,'Tax table'!$A$3:$C$10,3)*(N4338*12-VLOOKUP(N4338*12,'Tax table'!$A$3:$C$10,1))+VLOOKUP(N4338*12,'Tax table'!$A$3:$C$10,2)))/12","v":{"$error":"#DIV/0!"}},0,{"$f":"(VLOOKUP(P4338*12,'Tax table'!$A$3:$C$10,3)*(P4338*12-VLOOKUP(P4338*12,'Tax table'!$A$3:$C$10,1))+VLOOKUP(P4338*12,'Tax table'!$A$3:$C$10,2))/12","v":0},0,0,{"$error":"#DIV/0!"},0,{"$f":"IF($B$15=\"Yes\",MIN(S4338*2,References!$B$7),0)","v":0},{"$f":"IF(AND(D4338<>0,$B$16=\"Yes\"),References!$B$6,0)","v":0},0,0,0,0,{"$error":"#DIV/0!"},{"$f":"(M4338*12-(VLOOKUP(AB4338*12,'Tax table'!$A$3:$C$10,3)*(AB4338*12-VLOOKUP(AB4338*12,'Tax table'!$A$3:$C$10,1))+VLOOKUP(AB4338*12,'Tax table'!$A$3:$C$10,2)))/12","v":{"$error":"#DIV/0!"}},{"$error":"#DIV/0!"},{"$error":"#DIV/0!"}]
[{"$nulls":9},118,0,0,{"$error":"#DIV/0!"},{"$error":"#DIV/0!"},{"$f":"(M4355*12-(VLOOKUP(N4355*12,'Tax table'!$A$3:$C$10,3)*(N4355*12-VLOOKUP(N4355*12,'Tax table'!$A$3:$C$10,1))+VLOOKUP(N4355*12,'Tax table'!$A$3:$C$10,2)))/12","v":{"$error":"#DIV/0!"}},0,{"$f":"(VLOOKUP(P4355*12,'Tax table'!$A$3:$C$10,3)*(P4355*12-VLOOKUP(P4355*12,'Tax table'!$A$3:$C$10,1))+VLOOKUP(P4355*12,'Tax table'!$A$3:$C$10,2))/12","v":0},0,0,{"$error":"#DIV/0!"},0,{"$f":"IF($B$15=\"Yes\",MIN(S4355*2,References!$B$7),0)","v":0},{"$f":"IF(AND(D4355<>0,$B$16=\"Yes\"),References!$B$6,0)","v":0},0,0,0,0,{"$error":"#DIV/0!"},{"$f":"(M4355*12-(VLOOKUP(AB4355*12,'Tax table'!$A$3:$C$10,3)*(AB4355*12-VLOOKUP(AB4355*12,'Tax table'!$A$3:$C$10,1))+VLOOKUP(AB4355*12,'Tax table'!$A$3:$C$10,2)))/12","v":{"$error":"#DIV/0!"}},{"$error":"#DIV/0!"},{"$error":"#DIV/0!"}]
[{"$nulls":9},118,0,0,{"$error":"#DIV/0!"},{"$error":"#DIV/0!"},{"$f":"(M4367*12-(VLOOKUP(N4367*12,'Tax table'!$A$3:$C$10,3)*(N4367*12-VLOOKUP(N4367*12,'Tax table'!$A$3:$C$10,1))+VLOOKUP(N4367*12,'Tax table'!$A$3:$C$10,2)))/12","v":{"$error":"#DIV/0!"}},0,{"$f":"(VLOOKUP(P4367*12,'Tax table'!$A$3:$C$10,3)*(P4367*12-VLOOKUP(P4367*12,'Tax table'!$A$3:$C$10,1))+VLOOKUP(P4367*12,'Tax table'!$A$3:$C$10,2))/12","v":0},0,0,{"$error":"#DIV/0!"},0,{"$f":"IF($B$15=\"Yes\",MIN(S4367*2,References!$B$7),0)","v":0},{"$f":"IF(AND(D4367<>0,$B$16=\"Yes\"),References!$B$6,0)","v":0},0,0,0,0,{"$error":"#DIV/0!"},{"$f":"(M4367*12-(VLOOKUP(AB4367*12,'Tax table'!$A$3:$C$10,3)*(AB4367*12-VLOOKUP(AB4367*12,'Tax table'!$A$3:$C$10,1))+VLOOKUP(AB4367*12,'Tax table'!$A$3:$C$10,2)))/12","v":{"$error":"#DIV/0!"}},{"$error":"#DIV/0!"},{"$error":"#DIV/0!"}]
[{"$nulls":9},118,0,0,{"$error":"#DIV/0!"},{"$error":"#DIV/0!"},{"$f":"(M4372*12-(VLOOKUP(N4372*12,'Tax table'!$A$3:$C$10,3)*(N4372*12-VLOOKUP(N4372*12,'Tax table'!$A$3:$C$10,1))+VLOOKUP(N4372*12,'Tax table'!$A$3:$C$10,2)))/12","v":{"$error":"#DIV/0!"}},0,{"$f":"(VLOOKUP(P4372*12,'Tax table'!$A$3:$C$10,3)*(P4372*12-VLOOKUP(P4372*12,'Tax table'!$A$3:$C$10,1))+VLOOKUP(P4372*12,'Tax table'!$A$3:$C$10,2))/12","v":0},0,0,{"$error":"#DIV/0!"},0,{"$f":"IF($B$15=\"Yes\",MIN(S4372*2,References!$B$7),0)","v":0},{"$f":"IF(AND(D4372<>0,$B$16=\"Yes\"),References!$B$6,0)","v":0},0,0,0,0,{"$error":"#DIV/0!"},{"$f":"(M4372*12-(VLOOKUP(AB4372*12,'Tax table'!$A$3:$C$10,3)*(AB4372*12-VLOOKUP(AB4372*12,'Tax table'!$A$3:$C$10,1))+VLOOKUP(AB4372*12,'Tax table'!$A$3:$C$10,2)))/12","v":{"$error":"#DIV/0!"}},{"$error":"#DIV/0!"},{"$error":"#DIV/0!"}]
[{"$nulls":9},118,0,0,{"$error":"#DIV/0!"},{"$error":"#DIV/0!"},{"$f":"(M4389*12-(VLOOKUP(N4389*12,'Tax table'!$A$3:$C$10,3)*(N4389*12-VLOOKUP(N4389*12,'Tax table'!$A$3:$C$10,1))+VLOOKUP(N4389*12,'Tax table'!$A$3:$C$10,2)))/12","v":{"$error":"#DIV/0!"}},0,{"$f":"(VLOOKUP(P4389*12,'Tax table'!$A$3:$C$10,3)*(P4389*12-VLOOKUP(P4389*12,'Tax table'!$A$3:$C$10,1))+VLOOKUP(P4389*12,'Tax table'!$A$3:$C$10,2))/12","v":0},0,0,{"$error":"#DIV/0!"},0,{"$f":"IF($B$15=\"Yes\",MIN(S4389*2,References!$B$7),0)","v":0},{"$f":"IF(AND(D4389<>0,$B$16=\"Yes\"),References!$B$6,0)","v":0},0,0,0,0,{"$error":"#DIV/0!"},{"$f":"(M4389*12-(VLOOKUP(AB4389*12,'Tax table'!$A$3:$C$10,3)*(AB4389*12-VLOOKUP(AB4389*12,'Tax table'!$A$3:$C$10,1))+VLOOKUP(AB4389*12,'Tax table'!$A$3:$C$10,2)))/12","v":{"$error":"#DIV/0!"}},{"$error":"#DIV/0!"},{"$error":"#DIV/0!"}]
[{"$nulls":9},118,0,0,{"$error":"#DIV/0!"},{"$error":"#DIV/0!"},{"$f":"(M4399*12-(VLOOKUP(N4399*12,'Tax table'!$A$3:$C$10,3)*(N4399*12-VLOOKUP(N4399*12,'Tax table'!$A$3:$C$10,1))+VLOOKUP(N4399*12,'Tax table'!$A$3:$C$10,2)))/12","v":{"$error":"#DIV/0!"}},0,{"$f":"(VLOOKUP(P4399*12,'Tax table'!$A$3:$C$10,3)*(P4399*12-VLOOKUP(P4399*12,'Tax table'!$A$3:$C$10,1))+VLOOKUP(P4399*12,'Tax table'!$A$3:$C$10,2))/12","v":0},0,0,{"$error":"#DIV/0!"},0,{"$f":"IF($B$15=\"Yes\",MIN(S4399*2,References!$B$7),0)","v":0},{"$f":"IF(AND(D4399<>0,$B$16=\"Yes\"),References!$B$6,0)","v":0},0,0,0,0,{"$error":"#DIV/0!"},{"$f":"(M4399*12-(VLOOKUP(AB4399*12,'Tax table'!$A$3:$C$10,3)*(AB4399*12-VLOOKUP(AB4399*12,'Tax table'!$A$3:$C$10,1))+VLOOKUP(AB4399*12,'Tax table'!$A$3:$C$10,2)))/12","v":{"$error":"#DIV/0!"}},{"$error":"#DIV/0!"},{"$error":"#DIV/0!"}]
[{"$nulls":9},118,0,0,{"$error":"#DIV/0!"},{"$error":"#DIV/0!"},{"$f":"(M4405*12-(VLOOKUP(N4405*12,'Tax table'!$A$3:$C$10,3)*(N4405*12-VLOOKUP(N4405*12,'Tax table'!$A$3:$C$10,1))+VLOOKUP(N4405*12,'Tax table'!$A$3:$C$10,2)))/12","v":{"$error":"#DIV/0!"}},0,{"$f":"(VLOOKUP(P4405*12,'Tax table'!$A$3:$C$10,3)*(P4405*12-VLOOKUP(P4405*12,'Tax table'!$A$3:$C$10,1))+VLOOKUP(P4405*12,'Tax table'!$A$3:$C$10,2))/12","v":0},0,0,{"$error":"#DIV/0!"},0,{"$f":"IF($B$15=\"Yes\",MIN(S4405*2,References!$B$7),0)","v":0},{"$f":"IF(AND(D4405<>0,$B$16=\"Yes\"),References!$B$6,0)","v":0},0,0,0,0,{"$error":"#DIV/0!"},{"$f":"(M4405*12-(VLOOKUP(AB4405*12,'Tax table'!$A$3:$C$10,3)*(AB4405*12-VLOOKUP(AB4405*12,'Tax table'!$A$3:$C$10,1))+VLOOKUP(AB4405*12,'Tax table'!$A$3:$C$10,2)))/12","v":{"$error":"#DIV/0!"}},{"$error":"#DIV/0!"},{"$error":"#DIV/0!"}]
[{"$nulls":9},118,0,0,{"$error":"#DIV/0!"},{"$error":"#DIV/0!"},{"$f":"(M4415*12-(VLOOKUP(N4415*12,'Tax table'!$A$3:$C$10,3)*(N4415*12-VLOOKUP(N4415*12,'Tax table'!$A$3:$C$10,1))+VLOOKUP(N4415*12,'Tax table'!$A$3:$C$10,2)))/12","v":{"$error":"#DIV/0!"}},0,{"$f":"(VLOOKUP(P4415*12,'Tax table'!$A$3:$C$10,3)*(P4415*12-VLOOKUP(P4415*12,'Tax table'!$A$3:$C$10,1))+VLOOKUP(P4415*12,'Tax table'!$A$3:$C$10,2))/12","v":0},0,0,{"$error":"#DIV/0!"},0,{"$f":"IF($B$15=\"Yes\",MIN(S4415*2,References!$B$7),0)","v":0},{"$f":"IF(AND(D4415<>0,$B$16=\"Yes\"),References!$B$6,0)","v":0},0,0,0,0,{"$error":"#DIV/0!"},{"$f":"(M4415*12-(VLOOKUP(AB4415*12,'Tax table'!$A$3:$C$10,3)*(AB4415*12-VLOOKUP(AB4415*12,'Tax table'!$A$3:$C$10,1))+VLOOKUP(AB4415*12,'Tax table'!$A$3:$C$10,2)))/12","v":{"$error":"#DIV/0!"}},{"$error":"#DIV/0!"},{"$error":"#DIV/0!"}]
[{"$nulls":9},118,0,0,{"$error":"#DIV/0!"},{"$error":"#DIV/0!"},{"$f":"(M4432*12-(VLOOKUP(N4432*12,'Tax table'!$A$3:$C$10,3)*(N4432*12-VLOOKUP(N4432*12,'Tax table'!$A$3:$C$10,1))+VLOOKUP(N4432*12,'Tax table'!$A$3:$C$10,2)))/12","v":{"$error":"#DIV/0!"}},0,{"$f":"(VLOOKUP(P4432*12,'Tax table'!$A$3:$C$10,3)*(P4432*12-VLOOKUP(P4432*12,'Tax table'!$A$3:$C$10,1))+VLOOKUP(P4432*12,'Tax table'!$A$3:$C$10,2))/12","v":0},0,0,{"$error":"#DIV/0!"},0,{"$f":"IF($B$15=\"Yes\",MIN(S4432*2,References!$B$7),0)","v":0},{"$f":"IF(AND(D4432<>0,$B$16=\"Yes\"),References!$B$6,0)","v":0},0,0,0,0,{"$error":"#DIV/0!"},{"$f":"(M4432*12-(VLOOKUP(AB4432*12,'Tax table'!$A$3:$C$10,3)*(AB4432*12-VLOOKUP(AB4432*12,'Tax table'!$A$3:$C$10,1))+VLOOKUP(AB4432*12,'Tax table'!$A$3:$C$10,2)))/12","v":{"$error":"#DIV/0!"}},{"$error":"#DIV/0!"},{"$error":"#DIV/0!"}]
[{"$nulls":9},118,0,0,{"$error":"#DIV/0!"},{"$error":"#DIV/0!"},{"$f":"(M4438*12-(VLOOKUP(N4438*12,'Tax table'!$A$3:$C$10,3)*(N4438*12-VLOOKUP(N4438*12,'Tax table'!$A$3:$C$10,1))+VLOOKUP(N4438*12,'Tax table'!$A$3:$C$10,2)))/12","v":{"$error":"#DIV/0!"}},0,{"$f":"(VLOOKUP(P4438*12,'Tax table'!$A$3:$C$10,3)*(P4438*12-VLOOKUP(P4438*12,'Tax table'!$A$3:$C$10,1))+VLOOKUP(P4438*12,'Tax table'!$A$3:$C$10,2))/12","v":0},0,0,{"$error":"#DIV/0!"},0,{"$f":"IF($B$15=\"Yes\",MIN(S4438*2,References!$B$7),0)","v":0},{"$f":"IF(AND(D4438<>0,$B$16=\"Yes\"),References!$B$6,0)","v":0},0,0,0,0,{"$error":"#DIV/0!"},{"$f":"(M4438*12-(VLOOKUP(AB4438*12,'Tax table'!$A$3:$C$10,3)*(AB4438*12-VLOOKUP(AB4438*12,'Tax table'!$A$3:$C$10,1))+VLOOKUP(AB4438*12,'Tax table'!$A$3:$C$10,2)))/12","v":{"$error":"#DIV/0!"}},{"$error":"#DIV/0!"},{"$error":"#DIV/0!"}]
[{"$nulls":9},118,0,0,{"$error":"#DIV/0!"},{"$error":"#DIV/0!"},{"$f":"(M4448*12-(VLOOKUP(N4448*12,'Tax table'!$A$3:$C$10,3)*(N4448*12-VLOOKUP(N4448*12,'Tax table'!$A$3:$C$10,1))+VLOOKUP(N4448*12,'Tax table'!$A$3:$C$10,2)))/12","v":{"$error":"#DIV/0!"}},0,{"$f":"(VLOOKUP(P4448*12,'Tax table'!$A$3:$C$10,3)*(P4448*12-VLOOKUP(P4448*12,'Tax table'!$A$3:$C$10,1))+VLOOKUP(P4448*12,'Tax table'!$A$3:$C$10,2))/12","v":0},0,0,{"$error":"#DIV/0!"},0,{"$f":"IF($B$15=\"Yes\",MIN(S4448*2,References!$B$7),0)","v":0},{"$f":"IF(AND(D4448<>0,$B$16=\"Yes\"),References!$B$6,0)","v":0},0,0,0,0,{"$error":"#DIV/0!"},{"$f":"(M4448*12-(VLOOKUP(AB4448*12,'Tax table'!$A$3:$C$10,3)*(AB4448*12-VLOOKUP(AB4448*12,'Tax table'!$A$3:$C$10,1))+VLOOKUP(AB4448*12,'Tax table'!$A$3:$C$10,2)))/12","v":{"$error":"#DIV/0!"}},{"$error":"#DIV/0!"},{"$error":"#DIV/0!"}]
[{"$nulls":9},118,0,0,{"$error":"#DIV/0!"},{"$error":"#DIV/0!"},{"$f":"(M4465*12-(VLOOKUP(N4465*12,'Tax table'!$A$3:$C$10,3)*(N4465*12-VLOOKUP(N4465*12,'Tax table'!$A$3:$C$10,1))+VLOOKUP(N4465*12,'Tax table'!$A$3:$C$10,2)))/12","v":{"$error":"#DIV/0!"}},0,{"$f":"(VLOOKUP(P4465*12,'Tax table'!$A$3:$C$10,3)*(P4465*12-VLOOKUP(P4465*12,'Tax table'!$A$3:$C$10,1))+VLOOKUP(P4465*12,'Tax table'!$A$3:$C$10,2))/12","v":0},0,0,{"$error":"#DIV/0!"},0,{"$f":"IF($B$15=\"Yes\",MIN(S4465*2,References!$B$7),0)","v":0},{"$f":"IF(AND(D4465<>0,$B$16=\"Yes\"),References!$B$6,0)","v":0},0,0,0,0,{"$error":"#DIV/0!"},{"$f":"(M4465*12-(VLOOKUP(AB4465*12,'Tax table'!$A$3:$C$10,3)*(AB4465*12-VLOOKUP(AB4465*12,'Tax table'!$A$3:$C$10,1))+VLOOKUP(AB4465*12,'Tax table'!$A$3:$C$10,2)))/12","v":{"$error":"#DIV/0!"}},{"$error":"#DIV/0!"},{"$error":"#DIV/0!"}]
[{"$nulls":9},118,0,0,{"$error":"#DIV/0!"},{"$error":"#DIV/0!"},{"$f":"(M4471*12-(VLOOKUP(N4471*12,'Tax table'!$A$3:$C$10,3)*(N4471*12-VLOOKUP(N4471*12,'Tax table'!$A$3:$C$10,1))+VLOOKUP(N4471*12,'Tax table'!$A$3:$C$10,2)))/12","v":{"$error":"#DIV/0!"}},0,{"$f":"(VLOOKUP(P4471*12,'Tax table'!$A$3:$C$10,3)*(P4471*12-VLOOKUP(P4471*12,'Tax table'!$A$3:$C$10,1))+VLOOKUP(P4471*12,'Tax table'!$A$3:$C$10,2))/12","v":0},0,0,{"$error":"#DIV/0!"},0,{"$f":"IF($B$15=\"Yes\",MIN(S4471*2,References!$B$7),0)","v":0},{"$f":"IF(AND(D4471<>0,$B$16=\"Yes\"),References!$B$6,0)","v":0},0,0,0,0,{"$error":"#DIV/0!"},{"$f":"(M4471*12-(VLOOKUP(AB4471*12,'Tax table'!$A$3:$C$10,3)*(AB4471*12-VLOOKUP(AB4471*12,'Tax table'!$A$3:$C$10,1))+VLOOKUP(AB4471*12,'Tax table'!$A$3:$C$10,2)))/12","v":{"$error":"#DIV/0!"}},{"$error":"#DIV/0!"},{"$error":"#DIV/0!"}]
[{"$nulls":9},118,0,0,{"$error":"#DIV/0!"},{"$error":"#DIV/0!"},{"$f":"(M4481*12-(VLOOKUP(N4481*12,'Tax table'!$A$3:$C$10,3)*(N4481*12-VLOOKUP(N4481*12,'Tax table'!$A$3:$C$10,1))+VLOOKUP(N4481*12,'Tax table'!$A$3:$C$10,2)))/12","v":{"$error":"#DIV/0!"}},0,{"$f":"(VLOOKUP(P4481*12,'Tax table'!$A$3:$C$10,3)*(P4481*12-VLOOKUP(P4481*12,'Tax table'!$A$3:$C$10,1))+VLOOKUP(P4481*12,'Tax table'!$A$3:$C$10,2))/12","v":0},0,0,{"$error":"#DIV/0!"},0,{"$f":"IF($B$15=\"Yes\",MIN(S4481*2,References!$B$7),0)","v":0},{"$f":"IF(AND(D4481<>0,$B$16=\"Yes\"),References!$B$6,0)","v":0},0,0,0,0,{"$error":"#DIV/0!"},{"$f":"(M4481*12-(VLOOKUP(AB4481*12,'Tax table'!$A$3:$C$10,3)*(AB4481*12-VLOOKUP(AB4481*12,'Tax table'!$A$3:$C$10,1))+VLOOKUP(AB4481*12,'Tax table'!$A$3:$C$10,2)))/12","v":{"$error":"#DIV/0!"}},{"$error":"#DIV/0!"},{"$error":"#DIV/0!"}]
[{"$nulls":9},118,0,0,{"$error":"#DIV/0!"},{"$error":"#DIV/0!"},{"$f":"(M4498*12-(VLOOKUP(N4498*12,'Tax table'!$A$3:$C$10,3)*(N4498*12-VLOOKUP(N4498*12,'Tax table'!$A$3:$C$10,1))+VLOOKUP(N4498*12,'Tax table'!$A$3:$C$10,2)))/12","v":{"$error":"#DIV/0!"}},0,{"$f":"(VLOOKUP(P4498*12,'Tax table'!$A$3:$C$10,3)*(P4498*12-VLOOKUP(P4498*12,'Tax table'!$A$3:$C$10,1))+VLOOKUP(P4498*12,'Tax table'!$A$3:$C$10,2))/12","v":0},0,0,{"$error":"#DIV/0!"},0,{"$f":"IF($B$15=\"Yes\",MIN(S4498*2,References!$B$7),0)","v":0},{"$f":"IF(AND(D4498<>0,$B$16=\"Yes\"),References!$B$6,0)","v":0},0,0,0,0,{"$error":"#DIV/0!"},{"$f":"(M4498*12-(VLOOKUP(AB4498*12,'Tax table'!$A$3:$C$10,3)*(AB4498*12-VLOOKUP(AB4498*12,'Tax table'!$A$3:$C$10,1))+VLOOKUP(AB4498*12,'Tax table'!$A$3:$C$10,2)))/12","v":{"$error":"#DIV/0!"}},{"$error":"#DIV/0!"},{"$error":"#DIV/0!"}]
[{"$nulls":9},118,0,0,{"$error":"#DIV/0!"},{"$error":"#DIV/0!"},{"$f":"(M4508*12-(VLOOKUP(N4508*12,'Tax table'!$A$3:$C$10,3)*(N4508*12-VLOOKUP(N4508*12,'Tax table'!$A$3:$C$10,1))+VLOOKUP(N4508*12,'Tax table'!$A$3:$C$10,2)))/12","v":{"$error":"#DIV/0!"}},0,{"$f":"(VLOOKUP(P4508*12,'Tax table'!$A$3:$C$10,3)*(P4508*12-VLOOKUP(P4508*12,'Tax table'!$A$3:$C$10,1))+VLOOKUP(P4508*12,'Tax table'!$A$3:$C$10,2))/12","v":0},0,0,{"$error":"#DIV/0!"},0,{"$f":"IF($B$15=\"Yes\",MIN(S4508*2,References!$B$7),0)","v":0},{"$f":"IF(AND(D4508<>0,$B$16=\"Yes\"),References!$B$6,0)","v":0},0,0,0,0,{"$error":"#DIV/0!"},{"$f":"(M4508*12-(VLOOKUP(AB4508*12,'Tax table'!$A$3:$C$10,3)*(AB4508*12-VLOOKUP(AB4508*12,'Tax table'!$A$3:$C$10,1))+VLOOKUP(AB4508*12,'Tax table'!$A$3:$C$10,2)))/12","v":{"$error":"#DIV/0!"}},{"$error":"#DIV/0!"},{"$error":"#DIV/0!"}]
[{"$nulls":9},118,0,0,{"$error":"#DIV/0!"},{"$error":"#DIV/0!"},{"$f":"(M4514*12-(VLOOKUP(N4514*12,'Tax table'!$A$3:$C$10,3)*(N4514*12-VLOOKUP(N4514*12,'Tax table'!$A$3:$C$10,1))+VLOOKUP(N4514*12,'Tax table'!$A$3:$C$10,2)))/12","v":{"$error":"#DIV/0!"}},0,{"$f":"(VLOOKUP(P4514*12,'Tax table'!$A$3:$C$10,3)*(P4514*12-VLOOKUP(P4514*12,'Tax table'!$A$3:$C$10,1))+VLOOKUP(P4514*12,'Tax table'!$A$3:$C$10,2))/12","v":0},0,0,{"$error":"#DIV/0!"},0,{"$f":"IF($B$15=\"Yes\",MIN(S4514*2,References!$B$7),0)","v":0},{"$f":"IF(AND(D4514<>0,$B$16=\"Yes\"),References!$B$6,0)","v":0},0,0,0,0,{"$error":"#DIV/0!"},{"$f":"(M4514*12-(VLOOKUP(AB4514*12,'Tax table'!$A$3:$C$10,3)*(AB4514*12-VLOOKUP(AB4514*12,'Tax table'!$A$3:$C$10,1))+VLOOKUP(AB4514*12,'Tax table'!$A$3:$C$10,2)))/12","v":{"$error":"#DIV/0!"}},{"$error":"#DIV/0!"},{"$error":"#DIV/0!"}]
[{"$nulls":9},118,0,0,{"$error":"#DIV/0!"},{"$error":"#DIV/0!"},{"$f":"(M4531*12-(VLOOKUP(N4531*12,'Tax table'!$A$3:$C$10,3)*(N4531*12-VLOOKUP(N4531*12,'Tax table'!$A$3:$C$10,1))+VLOOKUP(N4531*12,'Tax table'!$A$3:$C$10,2)))/12","v":{"$error":"#DIV/0!"}},0,{"$f":"(VLOOKUP(P4531*12,'Tax table'!$A$3:$C$10,3)*(P4531*12-VLOOKUP(P4531*12,'Tax table'!$A$3:$C$10,1))+VLOOKUP(P4531*12,'Tax table'!$A$3:$C$10,2))/12","v":0},0,0,{"$error":"#DIV/0!"},0,{"$f":"IF($B$15=\"Yes\",MIN(S4531*2,References!$B$7),0)","v":0},{"$f":"IF(AND(D4531<>0,$B$16=\"Yes\"),References!$B$6,0)","v":0},0,0,0,0,{"$error":"#DIV/0!"},{"$f":"(M4531*12-(VLOOKUP(AB4531*12,'Tax table'!$A$3:$C$10,3)*(AB4531*12-VLOOKUP(AB4531*12,'Tax table'!$A$3:$C$10,1))+VLOOKUP(AB4531*12,'Tax table'!$A$3:$C$10,2)))/12","v":{"$error":"#DIV/0!"}},{"$error":"#DIV/0!"},{"$error":"#DIV/0!"}]
[{"$nulls":9},118,0,0,{"$error":"#DIV/0!"},{"$error":"#DIV/0!"},{"$f":"(M4541*12-(VLOOKUP(N4541*12,'Tax table'!$A$3:$C$10,3)*(N4541*12-VLOOKUP(N4541*12,'Tax table'!$A$3:$C$10,1))+VLOOKUP(N4541*12,'Tax table'!$A$3:$C$10,2)))/12","v":{"$error":"#DIV/0!"}},0,{"$f":"(VLOOKUP(P4541*12,'Tax table'!$A$3:$C$10,3)*(P4541*12-VLOOKUP(P4541*12,'Tax table'!$A$3:$C$10,1))+VLOOKUP(P4541*12,'Tax table'!$A$3:$C$10,2))/12","v":0},0,0,{"$error":"#DIV/0!"},0,{"$f":"IF($B$15=\"Yes\",MIN(S4541*2,References!$B$7),0)","v":0},{"$f":"IF(AND(D4541<>0,$B$16=\"Yes\"),References!$B$6,0)","v":0},0,0,0,0,{"$error":"#DIV/0!"},{"$f":"(M4541*12-(VLOOKUP(AB4541*12,'Tax table'!$A$3:$C$10,3)*(AB4541*12-VLOOKUP(AB4541*12,'Tax table'!$A$3:$C$10,1))+VLOOKUP(AB4541*12,'Tax table'!$A$3:$C$10,2)))/12","v":{"$error":"#DIV/0!"}},{"$error":"#DIV/0!"},{"$error":"#DIV/0!"}]
[{"$nulls":9},118,0,0,{"$error":"#DIV/0!"},{"$error":"#DIV/0!"},{"$f":"(M4547*12-(VLOOKUP(N4547*12,'Tax table'!$A$3:$C$10,3)*(N4547*12-VLOOKUP(N4547*12,'Tax table'!$A$3:$C$10,1))+VLOOKUP(N4547*12,'Tax table'!$A$3:$C$10,2)))/12","v":{"$error":"#DIV/0!"}},0,{"$f":"(VLOOKUP(P4547*12,'Tax table'!$A$3:$C$10,3)*(P4547*12-VLOOKUP(P4547*12,'Tax table'!$A$3:$C$10,1))+VLOOKUP(P4547*12,'Tax table'!$A$3:$C$10,2))/12","v":0},0,0,{"$error":"#DIV/0!"},0,{"$f":"IF($B$15=\"Yes\",MIN(S4547*2,References!$B$7),0)","v":0},{"$f":"IF(AND(D4547<>0,$B$16=\"Yes\"),References!$B$6,0)","v":0},0,0,0,0,{"$error":"#DIV/0!"},{"$f":"(M4547*12-(VLOOKUP(AB4547*12,'Tax table'!$A$3:$C$10,3)*(AB4547*12-VLOOKUP(AB4547*12,'Tax table'!$A$3:$C$10,1))+VLOOKUP(AB4547*12,'Tax table'!$A$3:$C$10,2)))/12","v":{"$error":"#DIV/0!"}},{"$error":"#DIV/0!"},{"$error":"#DIV/0!"}]
[{"$nulls":9},118,0,0,{"$error":"#DIV/0!"},{"$error":"#DIV/0!"},{"$f":"(M4564*12-(VLOOKUP(N4564*12,'Tax table'!$A$3:$C$10,3)*(N4564*12-VLOOKUP(N4564*12,'Tax table'!$A$3:$C$10,1))+VLOOKUP(N4564*12,'Tax table'!$A$3:$C$10,2)))/12","v":{"$error":"#DIV/0!"}},0,{"$f":"(VLOOKUP(P4564*12,'Tax table'!$A$3:$C$10,3)*(P4564*12-VLOOKUP(P4564*12,'Tax table'!$A$3:$C$10,1))+VLOOKUP(P4564*12,'Tax table'!$A$3:$C$10,2))/12","v":0},0,0,{"$error":"#DIV/0!"},0,{"$f":"IF($B$15=\"Yes\",MIN(S4564*2,References!$B$7),0)","v":0},{"$f":"IF(AND(D4564<>0,$B$16=\"Yes\"),References!$B$6,0)","v":0},0,0,0,0,{"$error":"#DIV/0!"},{"$f":"(M4564*12-(VLOOKUP(AB4564*12,'Tax table'!$A$3:$C$10,3)*(AB4564*12-VLOOKUP(AB4564*12,'Tax table'!$A$3:$C$10,1))+VLOOKUP(AB4564*12,'Tax table'!$A$3:$C$10,2)))/12","v":{"$error":"#DIV/0!"}},{"$error":"#DIV/0!"},{"$error":"#DIV/0!"}]
[{"$nulls":9},118,0,0,{"$error":"#DIV/0!"},{"$error":"#DIV/0!"},{"$f":"(M4574*12-(VLOOKUP(N4574*12,'Tax table'!$A$3:$C$10,3)*(N4574*12-VLOOKUP(N4574*12,'Tax table'!$A$3:$C$10,1))+VLOOKUP(N4574*12,'Tax table'!$A$3:$C$10,2)))/12","v":{"$error":"#DIV/0!"}},0,{"$f":"(VLOOKUP(P4574*12,'Tax table'!$A$3:$C$10,3)*(P4574*12-VLOOKUP(P4574*12,'Tax table'!$A$3:$C$10,1))+VLOOKUP(P4574*12,'Tax table'!$A$3:$C$10,2))/12","v":0},0,0,{"$error":"#DIV/0!"},0,{"$f":"IF($B$15=\"Yes\",MIN(S4574*2,References!$B$7),0)","v":0},{"$f":"IF(AND(D4574<>0,$B$16=\"Yes\"),References!$B$6,0)","v":0},0,0,0,0,{"$error":"#DIV/0!"},{"$f":"(M4574*12-(VLOOKUP(AB4574*12,'Tax table'!$A$3:$C$10,3)*(AB4574*12-VLOOKUP(AB4574*12,'Tax table'!$A$3:$C$10,1))+VLOOKUP(AB4574*12,'Tax table'!$A$3:$C$10,2)))/12","v":{"$error":"#DIV/0!"}},{"$error":"#DIV/0!"},{"$error":"#DIV/0!"}]
[{"$nulls":9},118,0,0,{"$error":"#DIV/0!"},{"$error":"#DIV/0!"},{"$f":"(M4580*12-(VLOOKUP(N4580*12,'Tax table'!$A$3:$C$10,3)*(N4580*12-VLOOKUP(N4580*12,'Tax table'!$A$3:$C$10,1))+VLOOKUP(N4580*12,'Tax table'!$A$3:$C$10,2)))/12","v":{"$error":"#DIV/0!"}},0,{"$f":"(VLOOKUP(P4580*12,'Tax table'!$A$3:$C$10,3)*(P4580*12-VLOOKUP(P4580*12,'Tax table'!$A$3:$C$10,1))+VLOOKUP(P4580*12,'Tax table'!$A$3:$C$10,2))/12","v":0},0,0,{"$error":"#DIV/0!"},0,{"$f":"IF($B$15=\"Yes\",MIN(S4580*2,References!$B$7),0)","v":0},{"$f":"IF(AND(D4580<>0,$B$16=\"Yes\"),References!$B$6,0)","v":0},0,0,0,0,{"$error":"#DIV/0!"},{"$f":"(M4580*12-(VLOOKUP(AB4580*12,'Tax table'!$A$3:$C$10,3)*(AB4580*12-VLOOKUP(AB4580*12,'Tax table'!$A$3:$C$10,1))+VLOOKUP(AB4580*12,'Tax table'!$A$3:$C$10,2)))/12","v":{"$error":"#DIV/0!"}},{"$error":"#DIV/0!"},{"$error":"#DIV/0!"}]
[{"$nulls":9},118,0,0,{"$error":"#DIV/0!"},{"$error":"#DIV/0!"},{"$f":"(M4590*12-(VLOOKUP(N4590*12,'Tax table'!$A$3:$C$10,3)*(N4590*12-VLOOKUP(N4590*12,'Tax table'!$A$3:$C$10,1))+VLOOKUP(N4590*12,'Tax table'!$A$3:$C$10,2)))/12","v":{"$error":"#DIV/0!"}},0,{"$f":"(VLOOKUP(P4590*12,'Tax table'!$A$3:$C$10,3)*(P4590*12-VLOOKUP(P4590*12,'Tax table'!$A$3:$C$10,1))+VLOOKUP(P4590*12,'Tax table'!$A$3:$C$10,2))/12","v":0},0,0,{"$error":"#DIV/0!"},0,{"$f":"IF($B$15=\"Yes\",MIN(S4590*2,References!$B$7),0)","v":0},{"$f":"IF(AND(D4590<>0,$B$16=\"Yes\"),References!$B$6,0)","v":0},0,0,0,0,{"$error":"#DIV/0!"},{"$f":"(M4590*12-(VLOOKUP(AB4590*12,'Tax table'!$A$3:$C$10,3)*(AB4590*12-VLOOKUP(AB4590*12,'Tax table'!$A$3:$C$10,1))+VLOOKUP(AB4590*12,'Tax table'!$A$3:$C$10,2)))/12","v":{"$error":"#DIV/0!"}},{"$error":"#DIV/0!"},{"$error":"#DIV/0!"}]
[{"$nulls":9},118,0,0,{"$error":"#DIV/0!"},{"$error":"#DIV/0!"},{"$f":"(M4612*12-(VLOOKUP(N4612*12,'Tax table'!$A$3:$C$10,3)*(N4612*12-VLOOKUP(N4612*12,'Tax table'!$A$3:$C$10,1))+VLOOKUP(N4612*12,'Tax table'!$A$3:$C$10,2)))/12","v":{"$error":"#DIV/0!"}},0,{"$f":"(VLOOKUP(P4612*12,'Tax table'!$A$3:$C$10,3)*(P4612*12-VLOOKUP(P4612*12,'Tax table'!$A$3:$C$10,1))+VLOOKUP(P4612*12,'Tax table'!$A$3:$C$10,2))/12","v":0},0,0,{"$error":"#DIV/0!"},0,{"$f":"IF($B$15=\"Yes\",MIN(S4612*2,References!$B$7),0)","v":0},{"$f":"IF(AND(D4612<>0,$B$16=\"Yes\"),References!$B$6,0)","v":0},0,0,0,0,{"$error":"#DIV/0!"},{"$f":"(M4612*12-(VLOOKUP(AB4612*12,'Tax table'!$A$3:$C$10,3)*(AB4612*12-VLOOKUP(AB4612*12,'Tax table'!$A$3:$C$10,1))+VLOOKUP(AB4612*12,'Tax table'!$A$3:$C$10,2)))/12","v":{"$error":"#DIV/0!"}},{"$error":"#DIV/0!"},{"$error":"#DIV/0!"}]
[{"$nulls":9},118,0,0,{"$error":"#DIV/0!"},{"$error":"#DIV/0!"},{"$f":"(M4614*12-(VLOOKUP(N4614*12,'Tax table'!$A$3:$C$10,3)*(N4614*12-VLOOKUP(N4614*12,'Tax table'!$A$3:$C$10,1))+VLOOKUP(N4614*12,'Tax table'!$A$3:$C$10,2)))/12","v":{"$error":"#DIV/0!"}},0,{"$f":"(VLOOKUP(P4614*12,'Tax table'!$A$3:$C$10,3)*(P4614*12-VLOOKUP(P4614*12,'Tax table'!$A$3:$C$10,1))+VLOOKUP(P4614*12,'Tax table'!$A$3:$C$10,2))/12","v":0},0,0,{"$error":"#DIV/0!"},0,{"$f":"IF($B$15=\"Yes\",MIN(S4614*2,References!$B$7),0)","v":0},{"$f":"IF(AND(D4614<>0,$B$16=\"Yes\"),References!$B$6,0)","v":0},0,0,0,0,{"$error":"#DIV/0!"},{"$f":"(M4614*12-(VLOOKUP(AB4614*12,'Tax table'!$A$3:$C$10,3)*(AB4614*12-VLOOKUP(AB4614*12,'Tax table'!$A$3:$C$10,1))+VLOOKUP(AB4614*12,'Tax table'!$A$3:$C$10,2)))/12","v":{"$error":"#DIV/0!"}},{"$error":"#DIV/0!"},{"$error":"#DIV/0!"}]
[{"$nulls":9},118,0,0,{"$error":"#DIV/0!"},{"$error":"#DIV/0!"},{"$f":"(M4624*12-(VLOOKUP(N4624*12,'Tax table'!$A$3:$C$10,3)*(N4624*12-VLOOKUP(N4624*12,'Tax table'!$A$3:$C$10,1))+VLOOKUP(N4624*12,'Tax table'!$A$3:$C$10,2)))/12","v":{"$error":"#DIV/0!"}},0,{"$f":"(VLOOKUP(P4624*12,'Tax table'!$A$3:$C$10,3)*(P4624*12-VLOOKUP(P4624*12,'Tax table'!$A$3:$C$10,1))+VLOOKUP(P4624*12,'Tax table'!$A$3:$C$10,2))/12","v":0},0,0,{"$error":"#DIV/0!"},0,{"$f":"IF($B$15=\"Yes\",MIN(S4624*2,References!$B$7),0)","v":0},{"$f":"IF(AND(D4624<>0,$B$16=\"Yes\"),References!$B$6,0)","v":0},0,0,0,0,{"$error":"#DIV/0!"},{"$f":"(M4624*12-(VLOOKUP(AB4624*12,'Tax table'!$A$3:$C$10,3)*(AB4624*12-VLOOKUP(AB4624*12,'Tax table'!$A$3:$C$10,1))+VLOOKUP(AB4624*12,'Tax table'!$A$3:$C$10,2)))/12","v":{"$error":"#DIV/0!"}},{"$error":"#DIV/0!"},{"$error":"#DIV/0!"}]
[{"$nulls":9},118,0,0,{"$error":"#DIV/0!"},{"$error":"#DIV/0!"},{"$f":"(M4641*12-(VLOOKUP(N4641*12,'Tax table'!$A$3:$C$10,3)*(N4641*12-VLOOKUP(N4641*12,'Tax table'!$A$3:$C$10,1))+VLOOKUP(N4641*12,'Tax table'!$A$3:$C$10,2)))/12","v":{"$error":"#DIV/0!"}},0,{"$f":"(VLOOKUP(P4641*12,'Tax table'!$A$3:$C$10,3)*(P4641*12-VLOOKUP(P4641*12,'Tax table'!$A$3:$C$10,1))+VLOOKUP(P4641*12,'Tax table'!$A$3:$C$10,2))/12","v":0},0,0,{"$error":"#DIV/0!"},0,{"$f":"IF($B$15=\"Yes\",MIN(S4641*2,References!$B$7),0)","v":0},{"$f":"IF(AND(D4641<>0,$B$16=\"Yes\"),References!$B$6,0)","v":0},0,0,0,0,{"$error":"#DIV/0!"},{"$f":"(M4641*12-(VLOOKUP(AB4641*12,'Tax table'!$A$3:$C$10,3)*(AB4641*12-VLOOKUP(AB4641*12,'Tax table'!$A$3:$C$10,1))+VLOOKUP(AB4641*12,'Tax table'!$A$3:$C$10,2)))/12","v":{"$error":"#DIV/0!"}},{"$error":"#DIV/0!"},{"$error":"#DIV/0!"}]
[{"$nulls":9},118,0,0,{"$error":"#DIV/0!"},{"$error":"#DIV/0!"},{"$f":"(M4651*12-(VLOOKUP(N4651*12,'Tax table'!$A$3:$C$10,3)*(N4651*12-VLOOKUP(N4651*12,'Tax table'!$A$3:$C$10,1))+VLOOKUP(N4651*12,'Tax table'!$A$3:$C$10,2)))/12","v":{"$error":"#DIV/0!"}},0,{"$f":"(VLOOKUP(P4651*12,'Tax table'!$A$3:$C$10,3)*(P4651*12-VLOOKUP(P4651*12,'Tax table'!$A$3:$C$10,1))+VLOOKUP(P4651*12,'Tax table'!$A$3:$C$10,2))/12","v":0},0,0,{"$error":"#DIV/0!"},0,{"$f":"IF($B$15=\"Yes\",MIN(S4651*2,References!$B$7),0)","v":0},{"$f":"IF(AND(D4651<>0,$B$16=\"Yes\"),References!$B$6,0)","v":0},0,0,0,0,{"$error":"#DIV/0!"},{"$f":"(M4651*12-(VLOOKUP(AB4651*12,'Tax table'!$A$3:$C$10,3)*(AB4651*12-VLOOKUP(AB4651*12,'Tax table'!$A$3:$C$10,1))+VLOOKUP(AB4651*12,'Tax table'!$A$3:$C$10,2)))/12","v":{"$error":"#DIV/0!"}},{"$error":"#DIV/0!"},{"$error":"#DIV/0!"}]
[{"$nulls":9},118,0,0,{"$error":"#DIV/0!"},{"$error":"#DIV/0!"},{"$f":"(M4657*12-(VLOOKUP(N4657*12,'Tax table'!$A$3:$C$10,3)*(N4657*12-VLOOKUP(N4657*12,'Tax table'!$A$3:$C$10,1))+VLOOKUP(N4657*12,'Tax table'!$A$3:$C$10,2)))/12","v":{"$error":"#DIV/0!"}},0,{"$f":"(VLOOKUP(P4657*12,'Tax table'!$A$3:$C$10,3)*(P4657*12-VLOOKUP(P4657*12,'Tax table'!$A$3:$C$10,1))+VLOOKUP(P4657*12,'Tax table'!$A$3:$C$10,2))/12","v":0},0,0,{"$error":"#DIV/0!"},0,{"$f":"IF($B$15=\"Yes\",MIN(S4657*2,References!$B$7),0)","v":0},{"$f":"IF(AND(D4657<>0,$B$16=\"Yes\"),References!$B$6,0)","v":0},0,0,0,0,{"$error":"#DIV/0!"},{"$f":"(M4657*12-(VLOOKUP(AB4657*12,'Tax table'!$A$3:$C$10,3)*(AB4657*12-VLOOKUP(AB4657*12,'Tax table'!$A$3:$C$10,1))+VLOOKUP(AB4657*12,'Tax table'!$A$3:$C$10,2)))/12","v":{"$error":"#DIV/0!"}},{"$error":"#DIV/0!"},{"$error":"#DIV/0!"}]
[{"$nulls":9},118,0,0,{"$error":"#DIV/0!"},{"$error":"#DIV/0!"},{"$f":"(M4674*12-(VLOOKUP(N4674*12,'Tax table'!$A$3:$C$10,3)*(N4674*12-VLOOKUP(N4674*12,'Tax table'!$A$3:$C$10,1))+VLOOKUP(N4674*12,'Tax table'!$A$3:$C$10,2)))/12","v":{"$error":"#DIV/0!"}},0,{"$f":"(VLOOKUP(P4674*12,'Tax table'!$A$3:$C$10,3)*(P4674*12-VLOOKUP(P4674*12,'Tax table'!$A$3:$C$10,1))+VLOOKUP(P4674*12,'Tax table'!$A$3:$C$10,2))/12","v":0},0,0,{"$error":"#DIV/0!"},0,{"$f":"IF($B$15=\"Yes\",MIN(S4674*2,References!$B$7),0)","v":0},{"$f":"IF(AND(D4674<>0,$B$16=\"Yes\"),References!$B$6,0)","v":0},0,0,0,0,{"$error":"#DIV/0!"},{"$f":"(M4674*12-(VLOOKUP(AB4674*12,'Tax table'!$A$3:$C$10,3)*(AB4674*12-VLOOKUP(AB4674*12,'Tax table'!$A$3:$C$10,1))+VLOOKUP(AB4674*12,'Tax table'!$A$3:$C$10,2)))/12","v":{"$error":"#DIV/0!"}},{"$error":"#DIV/0!"},{"$error":"#DIV/0!"}]
[{"$nulls":9},118,0,0,{"$error":"#DIV/0!"},{"$error":"#DIV/0!"},{"$f":"(M4684*12-(VLOOKUP(N4684*12,'Tax table'!$A$3:$C$10,3)*(N4684*12-VLOOKUP(N4684*12,'Tax table'!$A$3:$C$10,1))+VLOOKUP(N4684*12,'Tax table'!$A$3:$C$10,2)))/12","v":{"$error":"#DIV/0!"}},0,{"$f":"(VLOOKUP(P4684*12,'Tax table'!$A$3:$C$10,3)*(P4684*12-VLOOKUP(P4684*12,'Tax table'!$A$3:$C$10,1))+VLOOKUP(P4684*12,'Tax table'!$A$3:$C$10,2))/12","v":0},0,0,{"$error":"#DIV/0!"},0,{"$f":"IF($B$15=\"Yes\",MIN(S4684*2,References!$B$7),0)","v":0},{"$f":"IF(AND(D4684<>0,$B$16=\"Yes\"),References!$B$6,0)","v":0},0,0,0,0,{"$error":"#DIV/0!"},{"$f":"(M4684*12-(VLOOKUP(AB4684*12,'Tax table'!$A$3:$C$10,3)*(AB4684*12-VLOOKUP(AB4684*12,'Tax table'!$A$3:$C$10,1))+VLOOKUP(AB4684*12,'Tax table'!$A$3:$C$10,2)))/12","v":{"$error":"#DIV/0!"}},{"$error":"#DIV/0!"},{"$error":"#DIV/0!"}]
[{"$nulls":9},118,0,0,{"$error":"#DIV/0!"},{"$error":"#DIV/0!"},{"$f":"(M4690*12-(VLOOKUP(N4690*12,'Tax table'!$A$3:$C$10,3)*(N4690*12-VLOOKUP(N4690*12,'Tax table'!$A$3:$C$10,1))+VLOOKUP(N4690*12,'Tax table'!$A$3:$C$10,2)))/12","v":{"$error":"#DIV/0!"}},0,{"$f":"(VLOOKUP(P4690*12,'Tax table'!$A$3:$C$10,3)*(P4690*12-VLOOKUP(P4690*12,'Tax table'!$A$3:$C$10,1))+VLOOKUP(P4690*12,'Tax table'!$A$3:$C$10,2))/12","v":0},0,0,{"$error":"#DIV/0!"},0,{"$f":"IF($B$15=\"Yes\",MIN(S4690*2,References!$B$7),0)","v":0},{"$f":"IF(AND(D4690<>0,$B$16=\"Yes\"),References!$B$6,0)","v":0},0,0,0,0,{"$error":"#DIV/0!"},{"$f":"(M4690*12-(VLOOKUP(AB4690*12,'Tax table'!$A$3:$C$10,3)*(AB4690*12-VLOOKUP(AB4690*12,'Tax table'!$A$3:$C$10,1))+VLOOKUP(AB4690*12,'Tax table'!$A$3:$C$10,2)))/12","v":{"$error":"#DIV/0!"}},{"$error":"#DIV/0!"},{"$error":"#DIV/0!"}]
[{"$nulls":9},118,0,0,{"$error":"#DIV/0!"},{"$error":"#DIV/0!"},{"$f":"(M4707*12-(VLOOKUP(N4707*12,'Tax table'!$A$3:$C$10,3)*(N4707*12-VLOOKUP(N4707*12,'Tax table'!$A$3:$C$10,1))+VLOOKUP(N4707*12,'Tax table'!$A$3:$C$10,2)))/12","v":{"$error":"#DIV/0!"}},0,{"$f":"(VLOOKUP(P4707*12,'Tax table'!$A$3:$C$10,3)*(P4707*12-VLOOKUP(P4707*12,'Tax table'!$A$3:$C$10,1))+VLOOKUP(P4707*12,'Tax table'!$A$3:$C$10,2))/12","v":0},0,0,{"$error":"#DIV/0!"},0,{"$f":"IF($B$15=\"Yes\",MIN(S4707*2,References!$B$7),0)","v":0},{"$f":"IF(AND(D4707<>0,$B$16=\"Yes\"),References!$B$6,0)","v":0},0,0,0,0,{"$error":"#DIV/0!"},{"$f":"(M4707*12-(VLOOKUP(AB4707*12,'Tax table'!$A$3:$C$10,3)*(AB4707*12-VLOOKUP(AB4707*12,'Tax table'!$A$3:$C$10,1))+VLOOKUP(AB4707*12,'Tax table'!$A$3:$C$10,2)))/12","v":{"$error":"#DIV/0!"}},{"$error":"#DIV/0!"},{"$error":"#DIV/0!"}]
[{"$nulls":9},118,0,0,{"$error":"#DIV/0!"},{"$error":"#DIV/0!"},{"$f":"(M4717*12-(VLOOKUP(N4717*12,'Tax table'!$A$3:$C$10,3)*(N4717*12-VLOOKUP(N4717*12,'Tax table'!$A$3:$C$10,1))+VLOOKUP(N4717*12,'Tax table'!$A$3:$C$10,2)))/12","v":{"$error":"#DIV/0!"}},0,{"$f":"(VLOOKUP(P4717*12,'Tax table'!$A$3:$C$10,3)*(P4717*12-VLOOKUP(P4717*12,'Tax table'!$A$3:$C$10,1))+VLOOKUP(P4717*12,'Tax table'!$A$3:$C$10,2))/12","v":0},0,0,{"$error":"#DIV/0!"},0,{"$f":"IF($B$15=\"Yes\",MIN(S4717*2,References!$B$7),0)","v":0},{"$f":"IF(AND(D4717<>0,$B$16=\"Yes\"),References!$B$6,0)","v":0},0,0,0,0,{"$error":"#DIV/0!"},{"$f":"(M4717*12-(VLOOKUP(AB4717*12,'Tax table'!$A$3:$C$10,3)*(AB4717*12-VLOOKUP(AB4717*12,'Tax table'!$A$3:$C$10,1))+VLOOKUP(AB4717*12,'Tax table'!$A$3:$C$10,2)))/12","v":{"$error":"#DIV/0!"}},{"$error":"#DIV/0!"},{"$error":"#DIV/0!"}]
[{"$nulls":9},118,0,0,{"$error":"#DIV/0!"},{"$error":"#DIV/0!"},{"$f":"(M4723*12-(VLOOKUP(N4723*12,'Tax table'!$A$3:$C$10,3)*(N4723*12-VLOOKUP(N4723*12,'Tax table'!$A$3:$C$10,1))+VLOOKUP(N4723*12,'Tax table'!$A$3:$C$10,2)))/12","v":{"$error":"#DIV/0!"}},0,{"$f":"(VLOOKUP(P4723*12,'Tax table'!$A$3:$C$10,3)*(P4723*12-VLOOKUP(P4723*12,'Tax table'!$A$3:$C$10,1))+VLOOKUP(P4723*12,'Tax table'!$A$3:$C$10,2))/12","v":0},0,0,{"$error":"#DIV/0!"},0,{"$f":"IF($B$15=\"Yes\",MIN(S4723*2,References!$B$7),0)","v":0},{"$f":"IF(AND(D4723<>0,$B$16=\"Yes\"),References!$B$6,0)","v":0},0,0,0,0,{"$error":"#DIV/0!"},{"$f":"(M4723*12-(VLOOKUP(AB4723*12,'Tax table'!$A$3:$C$10,3)*(AB4723*12-VLOOKUP(AB4723*12,'Tax table'!$A$3:$C$10,1))+VLOOKUP(AB4723*12,'Tax table'!$A$3:$C$10,2)))/12","v":{"$error":"#DIV/0!"}},{"$error":"#DIV/0!"},{"$error":"#DIV/0!"}]
[{"$nulls":9},118,0,0,{"$error":"#DIV/0!"},{"$error":"#DIV/0!"},{"$f":"(M4744*12-(VLOOKUP(N4744*12,'Tax table'!$A$3:$C$10,3)*(N4744*12-VLOOKUP(N4744*12,'Tax table'!$A$3:$C$10,1))+VLOOKUP(N4744*12,'Tax table'!$A$3:$C$10,2)))/12","v":{"$error":"#DIV/0!"}},0,{"$f":"(VLOOKUP(P4744*12,'Tax table'!$A$3:$C$10,3)*(P4744*12-VLOOKUP(P4744*12,'Tax table'!$A$3:$C$10,1))+VLOOKUP(P4744*12,'Tax table'!$A$3:$C$10,2))/12","v":0},0,0,{"$error":"#DIV/0!"},0,{"$f":"IF($B$15=\"Yes\",MIN(S4744*2,References!$B$7),0)","v":0},{"$f":"IF(AND(D4744<>0,$B$16=\"Yes\"),References!$B$6,0)","v":0},0,0,0,0,{"$error":"#DIV/0!"},{"$f":"(M4744*12-(VLOOKUP(AB4744*12,'Tax table'!$A$3:$C$10,3)*(AB4744*12-VLOOKUP(AB4744*12,'Tax table'!$A$3:$C$10,1))+VLOOKUP(AB4744*12,'Tax table'!$A$3:$C$10,2)))/12","v":{"$error":"#DIV/0!"}},{"$error":"#DIV/0!"},{"$error":"#DIV/0!"}]
[{"$nulls":9},118,0,0,{"$error":"#DIV/0!"},{"$error":"#DIV/0!"},{"$f":"(M4750*12-(VLOOKUP(N4750*12,'Tax table'!$A$3:$C$10,3)*(N4750*12-VLOOKUP(N4750*12,'Tax table'!$A$3:$C$10,1))+VLOOKUP(N4750*12,'Tax table'!$A$3:$C$10,2)))/12","v":{"$error":"#DIV/0!"}},0,{"$f":"(VLOOKUP(P4750*12,'Tax table'!$A$3:$C$10,3)*(P4750*12-VLOOKUP(P4750*12,'Tax table'!$A$3:$C$10,1))+VLOOKUP(P4750*12,'Tax table'!$A$3:$C$10,2))/12","v":0},0,0,{"$error":"#DIV/0!"},0,{"$f":"IF($B$15=\"Yes\",MIN(S4750*2,References!$B$7),0)","v":0},{"$f":"IF(AND(D4750<>0,$B$16=\"Yes\"),References!$B$6,0)","v":0},0,0,0,0,{"$error":"#DIV/0!"},{"$f":"(M4750*12-(VLOOKUP(AB4750*12,'Tax table'!$A$3:$C$10,3)*(AB4750*12-VLOOKUP(AB4750*12,'Tax table'!$A$3:$C$10,1))+VLOOKUP(AB4750*12,'Tax table'!$A$3:$C$10,2)))/12","v":{"$error":"#DIV/0!"}},{"$error":"#DIV/0!"},{"$error":"#DIV/0!"}]
[{"$nulls":9},118,0,0,{"$error":"#DIV/0!"},{"$error":"#DIV/0!"},{"$f":"(M4756*12-(VLOOKUP(N4756*12,'Tax table'!$A$3:$C$10,3)*(N4756*12-VLOOKUP(N4756*12,'Tax table'!$A$3:$C$10,1))+VLOOKUP(N4756*12,'Tax table'!$A$3:$C$10,2)))/12","v":{"$error":"#DIV/0!"}},0,{"$f":"(VLOOKUP(P4756*12,'Tax table'!$A$3:$C$10,3)*(P4756*12-VLOOKUP(P4756*12,'Tax table'!$A$3:$C$10,1))+VLOOKUP(P4756*12,'Tax table'!$A$3:$C$10,2))/12","v":0},0,0,{"$error":"#DIV/0!"},0,{"$f":"IF($B$15=\"Yes\",MIN(S4756*2,References!$B$7),0)","v":0},{"$f":"IF(AND(D4756<>0,$B$16=\"Yes\"),References!$B$6,0)","v":0},0,0,0,0,{"$error":"#DIV/0!"},{"$f":"(M4756*12-(VLOOKUP(AB4756*12,'Tax table'!$A$3:$C$10,3)*(AB4756*12-VLOOKUP(AB4756*12,'Tax table'!$A$3:$C$10,1))+VLOOKUP(AB4756*12,'Tax table'!$A$3:$C$10,2)))/12","v":{"$error":"#DIV/0!"}},{"$error":"#DIV/0!"},{"$error":"#DIV/0!"}]
[{"$nulls":9},118,0,0,{"$error":"#DIV/0!"},{"$error":"#DIV/0!"},{"$f":"(M4777*12-(VLOOKUP(N4777*12,'Tax table'!$A$3:$C$10,3)*(N4777*12-VLOOKUP(N4777*12,'Tax table'!$A$3:$C$10,1))+VLOOKUP(N4777*12,'Tax table'!$A$3:$C$10,2)))/12","v":{"$error":"#DIV/0!"}},0,{"$f":"(VLOOKUP(P4777*12,'Tax table'!$A$3:$C$10,3)*(P4777*12-VLOOKUP(P4777*12,'Tax table'!$A$3:$C$10,1))+VLOOKUP(P4777*12,'Tax table'!$A$3:$C$10,2))/12","v":0},0,0,{"$error":"#DIV/0!"},0,{"$f":"IF($B$15=\"Yes\",MIN(S4777*2,References!$B$7),0)","v":0},{"$f":"IF(AND(D4777<>0,$B$16=\"Yes\"),References!$B$6,0)","v":0},0,0,0,0,{"$error":"#DIV/0!"},{"$f":"(M4777*12-(VLOOKUP(AB4777*12,'Tax table'!$A$3:$C$10,3)*(AB4777*12-VLOOKUP(AB4777*12,'Tax table'!$A$3:$C$10,1))+VLOOKUP(AB4777*12,'Tax table'!$A$3:$C$10,2)))/12","v":{"$error":"#DIV/0!"}},{"$error":"#DIV/0!"},{"$error":"#DIV/0!"}]
[{"$nulls":9},118,0,0,{"$error":"#DIV/0!"},{"$error":"#DIV/0!"},{"$f":"(M4783*12-(VLOOKUP(N4783*12,'Tax table'!$A$3:$C$10,3)*(N4783*12-VLOOKUP(N4783*12,'Tax table'!$A$3:$C$10,1))+VLOOKUP(N4783*12,'Tax table'!$A$3:$C$10,2)))/12","v":{"$error":"#DIV/0!"}},0,{"$f":"(VLOOKUP(P4783*12,'Tax table'!$A$3:$C$10,3)*(P4783*12-VLOOKUP(P4783*12,'Tax table'!$A$3:$C$10,1))+VLOOKUP(P4783*12,'Tax table'!$A$3:$C$10,2))/12","v":0},0,0,{"$error":"#DIV/0!"},0,{"$f":"IF($B$15=\"Yes\",MIN(S4783*2,References!$B$7),0)","v":0},{"$f":"IF(AND(D4783<>0,$B$16=\"Yes\"),References!$B$6,0)","v":0},0,0,0,0,{"$error":"#DIV/0!"},{"$f":"(M4783*12-(VLOOKUP(AB4783*12,'Tax table'!$A$3:$C$10,3)*(AB4783*12-VLOOKUP(AB4783*12,'Tax table'!$A$3:$C$10,1))+VLOOKUP(AB4783*12,'Tax table'!$A$3:$C$10,2)))/12","v":{"$error":"#DIV/0!"}},{"$error":"#DIV/0!"},{"$error":"#DIV/0!"}]
[{"$nulls":9},118,0,0,{"$error":"#DIV/0!"},{"$error":"#DIV/0!"},{"$f":"(M4793*12-(VLOOKUP(N4793*12,'Tax table'!$A$3:$C$10,3)*(N4793*12-VLOOKUP(N4793*12,'Tax table'!$A$3:$C$10,1))+VLOOKUP(N4793*12,'Tax table'!$A$3:$C$10,2)))/12","v":{"$error":"#DIV/0!"}},0,{"$f":"(VLOOKUP(P4793*12,'Tax table'!$A$3:$C$10,3)*(P4793*12-VLOOKUP(P4793*12,'Tax table'!$A$3:$C$10,1))+VLOOKUP(P4793*12,'Tax table'!$A$3:$C$10,2))/12","v":0},0,0,{"$error":"#DIV/0!"},0,{"$f":"IF($B$15=\"Yes\",MIN(S4793*2,References!$B$7),0)","v":0},{"$f":"IF(AND(D4793<>0,$B$16=\"Yes\"),References!$B$6,0)","v":0},0,0,0,0,{"$error":"#DIV/0!"},{"$f":"(M4793*12-(VLOOKUP(AB4793*12,'Tax table'!$A$3:$C$10,3)*(AB4793*12-VLOOKUP(AB4793*12,'Tax table'!$A$3:$C$10,1))+VLOOKUP(AB4793*12,'Tax table'!$A$3:$C$10,2)))/12","v":{"$error":"#DIV/0!"}},{"$error":"#DIV/0!"},{"$error":"#DIV/0!"}]
[{"$nulls":9},118,0,0,{"$error":"#DIV/0!"},{"$error":"#DIV/0!"},{"$f":"(M4810*12-(VLOOKUP(N4810*12,'Tax table'!$A$3:$C$10,3)*(N4810*12-VLOOKUP(N4810*12,'Tax table'!$A$3:$C$10,1))+VLOOKUP(N4810*12,'Tax table'!$A$3:$C$10,2)))/12","v":{"$error":"#DIV/0!"}},0,{"$f":"(VLOOKUP(P4810*12,'Tax table'!$A$3:$C$10,3)*(P4810*12-VLOOKUP(P4810*12,'Tax table'!$A$3:$C$10,1))+VLOOKUP(P4810*12,'Tax table'!$A$3:$C$10,2))/12","v":0},0,0,{"$error":"#DIV/0!"},0,{"$f":"IF($B$15=\"Yes\",MIN(S4810*2,References!$B$7),0)","v":0},{"$f":"IF(AND(D4810<>0,$B$16=\"Yes\"),References!$B$6,0)","v":0},0,0,0,0,{"$error":"#DIV/0!"},{"$f":"(M4810*12-(VLOOKUP(AB4810*12,'Tax table'!$A$3:$C$10,3)*(AB4810*12-VLOOKUP(AB4810*12,'Tax table'!$A$3:$C$10,1))+VLOOKUP(AB4810*12,'Tax table'!$A$3:$C$10,2)))/12","v":{"$error":"#DIV/0!"}},{"$error":"#DIV/0!"},{"$error":"#DIV/0!"}]
[{"$nulls":9},118,0,0,{"$error":"#DIV/0!"},{"$error":"#DIV/0!"},{"$f":"(M4816*12-(VLOOKUP(N4816*12,'Tax table'!$A$3:$C$10,3)*(N4816*12-VLOOKUP(N4816*12,'Tax table'!$A$3:$C$10,1))+VLOOKUP(N4816*12,'Tax table'!$A$3:$C$10,2)))/12","v":{"$error":"#DIV/0!"}},0,{"$f":"(VLOOKUP(P4816*12,'Tax table'!$A$3:$C$10,3)*(P4816*12-VLOOKUP(P4816*12,'Tax table'!$A$3:$C$10,1))+VLOOKUP(P4816*12,'Tax table'!$A$3:$C$10,2))/12","v":0},0,0,{"$error":"#DIV/0!"},0,{"$f":"IF($B$15=\"Yes\",MIN(S4816*2,References!$B$7),0)","v":0},{"$f":"IF(AND(D4816<>0,$B$16=\"Yes\"),References!$B$6,0)","v":0},0,0,0,0,{"$error":"#DIV/0!"},{"$f":"(M4816*12-(VLOOKUP(AB4816*12,'Tax table'!$A$3:$C$10,3)*(AB4816*12-VLOOKUP(AB4816*12,'Tax table'!$A$3:$C$10,1))+VLOOKUP(AB4816*12,'Tax table'!$A$3:$C$10,2)))/12","v":{"$error":"#DIV/0!"}},{"$error":"#DIV/0!"},{"$error":"#DIV/0!"}]
[{"$nulls":9},118,0,0,{"$error":"#DIV/0!"},{"$error":"#DIV/0!"},{"$f":"(M4826*12-(VLOOKUP(N4826*12,'Tax table'!$A$3:$C$10,3)*(N4826*12-VLOOKUP(N4826*12,'Tax table'!$A$3:$C$10,1))+VLOOKUP(N4826*12,'Tax table'!$A$3:$C$10,2)))/12","v":{"$error":"#DIV/0!"}},0,{"$f":"(VLOOKUP(P4826*12,'Tax table'!$A$3:$C$10,3)*(P4826*12-VLOOKUP(P4826*12,'Tax table'!$A$3:$C$10,1))+VLOOKUP(P4826*12,'Tax table'!$A$3:$C$10,2))/12","v":0},0,0,{"$error":"#DIV/0!"},0,{"$f":"IF($B$15=\"Yes\",MIN(S4826*2,References!$B$7),0)","v":0},{"$f":"IF(AND(D4826<>0,$B$16=\"Yes\"),References!$B$6,0)","v":0},0,0,0,0,{"$error":"#DIV/0!"},{"$f":"(M4826*12-(VLOOKUP(AB4826*12,'Tax table'!$A$3:$C$10,3)*(AB4826*12-VLOOKUP(AB4826*12,'Tax table'!$A$3:$C$10,1))+VLOOKUP(AB4826*12,'Tax table'!$A$3:$C$10,2)))/12","v":{"$error":"#DIV/0!"}},{"$error":"#DIV/0!"},{"$error":"#DIV/0!"}]
[{"$nulls":9},118,0,0,{"$error":"#DIV/0!"},{"$error":"#DIV/0!"},{"$f":"(M4837*12-(VLOOKUP(N4837*12,'Tax table'!$A$3:$C$10,3)*(N4837*12-VLOOKUP(N4837*12,'Tax table'!$A$3:$C$10,1))+VLOOKUP(N4837*12,'Tax table'!$A$3:$C$10,2)))/12","v":{"$error":"#DIV/0!"}},0,{"$f":"(VLOOKUP(P4837*12,'Tax table'!$A$3:$C$10,3)*(P4837*12-VLOOKUP(P4837*12,'Tax table'!$A$3:$C$10,1))+VLOOKUP(P4837*12,'Tax table'!$A$3:$C$10,2))/12","v":0},0,0,{"$error":"#DIV/0!"},0,{"$f":"IF($B$15=\"Yes\",MIN(S4837*2,References!$B$7),0)","v":0},{"$f":"IF(AND(D4837<>0,$B$16=\"Yes\"),References!$B$6,0)","v":0},0,0,0,0,{"$error":"#DIV/0!"},{"$f":"(M4837*12-(VLOOKUP(AB4837*12,'Tax table'!$A$3:$C$10,3)*(AB4837*12-VLOOKUP(AB4837*12,'Tax table'!$A$3:$C$10,1))+VLOOKUP(AB4837*12,'Tax table'!$A$3:$C$10,2)))/12","v":{"$error":"#DIV/0!"}},{"$error":"#DIV/0!"},{"$error":"#DIV/0!"}]
[{"$nulls":9},118,0,0,{"$error":"#DIV/0!"},{"$error":"#DIV/0!"},{"$f":"(M4850*12-(VLOOKUP(N4850*12,'Tax table'!$A$3:$C$10,3)*(N4850*12-VLOOKUP(N4850*12,'Tax table'!$A$3:$C$10,1))+VLOOKUP(N4850*12,'Tax table'!$A$3:$C$10,2)))/12","v":{"$error":"#DIV/0!"}},0,{"$f":"(VLOOKUP(P4850*12,'Tax table'!$A$3:$C$10,3)*(P4850*12-VLOOKUP(P4850*12,'Tax table'!$A$3:$C$10,1))+VLOOKUP(P4850*12,'Tax table'!$A$3:$C$10,2))/12","v":0},0,0,{"$error":"#DIV/0!"},0,{"$f":"IF($B$15=\"Yes\",MIN(S4850*2,References!$B$7),0)","v":0},{"$f":"IF(AND(D4850<>0,$B$16=\"Yes\"),References!$B$6,0)","v":0},0,0,0,0,{"$error":"#DIV/0!"},{"$f":"(M4850*12-(VLOOKUP(AB4850*12,'Tax table'!$A$3:$C$10,3)*(AB4850*12-VLOOKUP(AB4850*12,'Tax table'!$A$3:$C$10,1))+VLOOKUP(AB4850*12,'Tax table'!$A$3:$C$10,2)))/12","v":{"$error":"#DIV/0!"}},{"$error":"#DIV/0!"},{"$error":"#DIV/0!"}]
[{"$nulls":9},118,0,0,{"$error":"#DIV/0!"},{"$error":"#DIV/0!"},{"$f":"(M4860*12-(VLOOKUP(N4860*12,'Tax table'!$A$3:$C$10,3)*(N4860*12-VLOOKUP(N4860*12,'Tax table'!$A$3:$C$10,1))+VLOOKUP(N4860*12,'Tax table'!$A$3:$C$10,2)))/12","v":{"$error":"#DIV/0!"}},0,{"$f":"(VLOOKUP(P4860*12,'Tax table'!$A$3:$C$10,3)*(P4860*12-VLOOKUP(P4860*12,'Tax table'!$A$3:$C$10,1))+VLOOKUP(P4860*12,'Tax table'!$A$3:$C$10,2))/12","v":0},0,0,{"$error":"#DIV/0!"},0,{"$f":"IF($B$15=\"Yes\",MIN(S4860*2,References!$B$7),0)","v":0},{"$f":"IF(AND(D4860<>0,$B$16=\"Yes\"),References!$B$6,0)","v":0},0,0,0,0,{"$error":"#DIV/0!"},{"$f":"(M4860*12-(VLOOKUP(AB4860*12,'Tax table'!$A$3:$C$10,3)*(AB4860*12-VLOOKUP(AB4860*12,'Tax table'!$A$3:$C$10,1))+VLOOKUP(AB4860*12,'Tax table'!$A$3:$C$10,2)))/12","v":{"$error":"#DIV/0!"}},{"$error":"#DIV/0!"},{"$error":"#DIV/0!"}]
[{"$nulls":9},118,0,0,{"$error":"#DIV/0!"},{"$error":"#DIV/0!"},{"$f":"(M4877*12-(VLOOKUP(N4877*12,'Tax table'!$A$3:$C$10,3)*(N4877*12-VLOOKUP(N4877*12,'Tax table'!$A$3:$C$10,1))+VLOOKUP(N4877*12,'Tax table'!$A$3:$C$10,2)))/12","v":{"$error":"#DIV/0!"}},0,{"$f":"(VLOOKUP(P4877*12,'Tax table'!$A$3:$C$10,3)*(P4877*12-VLOOKUP(P4877*12,'Tax table'!$A$3:$C$10,1))+VLOOKUP(P4877*12,'Tax table'!$A$3:$C$10,2))/12","v":0},0,0,{"$error":"#DIV/0!"},0,{"$f":"IF($B$15=\"Yes\",MIN(S4877*2,References!$B$7),0)","v":0},{"$f":"IF(AND(D4877<>0,$B$16=\"Yes\"),References!$B$6,0)","v":0},0,0,0,0,{"$error":"#DIV/0!"},{"$f":"(M4877*12-(VLOOKUP(AB4877*12,'Tax table'!$A$3:$C$10,3)*(AB4877*12-VLOOKUP(AB4877*12,'Tax table'!$A$3:$C$10,1))+VLOOKUP(AB4877*12,'Tax table'!$A$3:$C$10,2)))/12","v":{"$error":"#DIV/0!"}},{"$error":"#DIV/0!"},{"$error":"#DIV/0!"}]
[{"$nulls":9},118,0,0,{"$error":"#DIV/0!"},{"$error":"#DIV/0!"},{"$f":"(M4887*12-(VLOOKUP(N4887*12,'Tax table'!$A$3:$C$10,3)*(N4887*12-VLOOKUP(N4887*12,'Tax table'!$A$3:$C$10,1))+VLOOKUP(N4887*12,'Tax table'!$A$3:$C$10,2)))/12","v":{"$error":"#DIV/0!"}},0,{"$f":"(VLOOKUP(P4887*12,'Tax table'!$A$3:$C$10,3)*(P4887*12-VLOOKUP(P4887*12,'Tax table'!$A$3:$C$10,1))+VLOOKUP(P4887*12,'Tax table'!$A$3:$C$10,2))/12","v":0},0,0,{"$error":"#DIV/0!"},0,{"$f":"IF($B$15=\"Yes\",MIN(S4887*2,References!$B$7),0)","v":0},{"$f":"IF(AND(D4887<>0,$B$16=\"Yes\"),References!$B$6,0)","v":0},0,0,0,0,{"$error":"#DIV/0!"},{"$f":"(M4887*12-(VLOOKUP(AB4887*12,'Tax table'!$A$3:$C$10,3)*(AB4887*12-VLOOKUP(AB4887*12,'Tax table'!$A$3:$C$10,1))+VLOOKUP(AB4887*12,'Tax table'!$A$3:$C$10,2)))/12","v":{"$error":"#DIV/0!"}},{"$error":"#DIV/0!"},{"$error":"#DIV/0!"}]
[{"$nulls":9},118,0,0,{"$error":"#DIV/0!"},{"$error":"#DIV/0!"},{"$f":"(M4893*12-(VLOOKUP(N4893*12,'Tax table'!$A$3:$C$10,3)*(N4893*12-VLOOKUP(N4893*12,'Tax table'!$A$3:$C$10,1))+VLOOKUP(N4893*12,'Tax table'!$A$3:$C$10,2)))/12","v":{"$error":"#DIV/0!"}},0,{"$f":"(VLOOKUP(P4893*12,'Tax table'!$A$3:$C$10,3)*(P4893*12-VLOOKUP(P4893*12,'Tax table'!$A$3:$C$10,1))+VLOOKUP(P4893*12,'Tax table'!$A$3:$C$10,2))/12","v":0},0,0,{"$error":"#DIV/0!"},0,{"$f":"IF($B$15=\"Yes\",MIN(S4893*2,References!$B$7),0)","v":0},{"$f":"IF(AND(D4893<>0,$B$16=\"Yes\"),References!$B$6,0)","v":0},0,0,0,0,{"$error":"#DIV/0!"},{"$f":"(M4893*12-(VLOOKUP(AB4893*12,'Tax table'!$A$3:$C$10,3)*(AB4893*12-VLOOKUP(AB4893*12,'Tax table'!$A$3:$C$10,1))+VLOOKUP(AB4893*12,'Tax table'!$A$3:$C$10,2)))/12","v":{"$error":"#DIV/0!"}},{"$error":"#DIV/0!"},{"$error":"#DIV/0!"}]
[{"$nulls":9},118,0,0,{"$error":"#DIV/0!"},{"$error":"#DIV/0!"},{"$f":"(M4910*12-(VLOOKUP(N4910*12,'Tax table'!$A$3:$C$10,3)*(N4910*12-VLOOKUP(N4910*12,'Tax table'!$A$3:$C$10,1))+VLOOKUP(N4910*12,'Tax table'!$A$3:$C$10,2)))/12","v":{"$error":"#DIV/0!"}},0,{"$f":"(VLOOKUP(P4910*12,'Tax table'!$A$3:$C$10,3)*(P4910*12-VLOOKUP(P4910*12,'Tax table'!$A$3:$C$10,1))+VLOOKUP(P4910*12,'Tax table'!$A$3:$C$10,2))/12","v":0},0,0,{"$error":"#DIV/0!"},0,{"$f":"IF($B$15=\"Yes\",MIN(S4910*2,References!$B$7),0)","v":0},{"$f":"IF(AND(D4910<>0,$B$16=\"Yes\"),References!$B$6,0)","v":0},0,0,0,0,{"$error":"#DIV/0!"},{"$f":"(M4910*12-(VLOOKUP(AB4910*12,'Tax table'!$A$3:$C$10,3)*(AB4910*12-VLOOKUP(AB4910*12,'Tax table'!$A$3:$C$10,1))+VLOOKUP(AB4910*12,'Tax table'!$A$3:$C$10,2)))/12","v":{"$error":"#DIV/0!"}},{"$error":"#DIV/0!"},{"$error":"#DIV/0!"}]
[{"$nulls":9},118,0,0,{"$error":"#DIV/0!"},{"$error":"#DIV/0!"},{"$f":"(M4920*12-(VLOOKUP(N4920*12,'Tax table'!$A$3:$C$10,3)*(N4920*12-VLOOKUP(N4920*12,'Tax table'!$A$3:$C$10,1))+VLOOKUP(N4920*12,'Tax table'!$A$3:$C$10,2)))/12","v":{"$error":"#DIV/0!"}},0,{"$f":"(VLOOKUP(P4920*12,'Tax table'!$A$3:$C$10,3)*(P4920*12-VLOOKUP(P4920*12,'Tax table'!$A$3:$C$10,1))+VLOOKUP(P4920*12,'Tax table'!$A$3:$C$10,2))/12","v":0},0,0,{"$error":"#DIV/0!"},0,{"$f":"IF($B$15=\"Yes\",MIN(S4920*2,References!$B$7),0)","v":0},{"$f":"IF(AND(D4920<>0,$B$16=\"Yes\"),References!$B$6,0)","v":0},0,0,0,0,{"$error":"#DIV/0!"},{"$f":"(M4920*12-(VLOOKUP(AB4920*12,'Tax table'!$A$3:$C$10,3)*(AB4920*12-VLOOKUP(AB4920*12,'Tax table'!$A$3:$C$10,1))+VLOOKUP(AB4920*12,'Tax table'!$A$3:$C$10,2)))/12","v":{"$error":"#DIV/0!"}},{"$error":"#DIV/0!"},{"$error":"#DIV/0!"}]
[{"$nulls":9},118,0,0,{"$error":"#DIV/0!"},{"$error":"#DIV/0!"},{"$f":"(M4926*12-(VLOOKUP(N4926*12,'Tax table'!$A$3:$C$10,3)*(N4926*12-VLOOKUP(N4926*12,'Tax table'!$A$3:$C$10,1))+VLOOKUP(N4926*12,'Tax table'!$A$3:$C$10,2)))/12","v":{"$error":"#DIV/0!"}},0,{"$f":"(VLOOKUP(P4926*12,'Tax table'!$A$3:$C$10,3)*(P4926*12-VLOOKUP(P4926*12,'Tax table'!$A$3:$C$10,1))+VLOOKUP(P4926*12,'Tax table'!$A$3:$C$10,2))/12","v":0},0,0,{"$error":"#DIV/0!"},0,{"$f":"IF($B$15=\"Yes\",MIN(S4926*2,References!$B$7),0)","v":0},{"$f":"IF(AND(D4926<>0,$B$16=\"Yes\"),References!$B$6,0)","v":0},0,0,0,0,{"$error":"#DIV/0!"},{"$f":"(M4926*12-(VLOOKUP(AB4926*12,'Tax table'!$A$3:$C$10,3)*(AB4926*12-VLOOKUP(AB4926*12,'Tax table'!$A$3:$C$10,1))+VLOOKUP(AB4926*12,'Tax table'!$A$3:$C$10,2)))/12","v":{"$error":"#DIV/0!"}},{"$error":"#DIV/0!"},{"$error":"#DIV/0!"}]
[{"$nulls":9},118,0,0,{"$error":"#DIV/0!"},{"$error":"#DIV/0!"},{"$f":"(M4943*12-(VLOOKUP(N4943*12,'Tax table'!$A$3:$C$10,3)*(N4943*12-VLOOKUP(N4943*12,'Tax table'!$A$3:$C$10,1))+VLOOKUP(N4943*12,'Tax table'!$A$3:$C$10,2)))/12","v":{"$error":"#DIV/0!"}},0,{"$f":"(VLOOKUP(P4943*12,'Tax table'!$A$3:$C$10,3)*(P4943*12-VLOOKUP(P4943*12,'Tax table'!$A$3:$C$10,1))+VLOOKUP(P4943*12,'Tax table'!$A$3:$C$10,2))/12","v":0},0,0,{"$error":"#DIV/0!"},0,{"$f":"IF($B$15=\"Yes\",MIN(S4943*2,References!$B$7),0)","v":0},{"$f":"IF(AND(D4943<>0,$B$16=\"Yes\"),References!$B$6,0)","v":0},0,0,0,0,{"$error":"#DIV/0!"},{"$f":"(M4943*12-(VLOOKUP(AB4943*12,'Tax table'!$A$3:$C$10,3)*(AB4943*12-VLOOKUP(AB4943*12,'Tax table'!$A$3:$C$10,1))+VLOOKUP(AB4943*12,'Tax table'!$A$3:$C$10,2)))/12","v":{"$error":"#DIV/0!"}},{"$error":"#DIV/0!"},{"$error":"#DIV/0!"}]
[{"$nulls":9},118,0,0,{"$error":"#DIV/0!"},{"$error":"#DIV/0!"},{"$f":"(M4953*12-(VLOOKUP(N4953*12,'Tax table'!$A$3:$C$10,3)*(N4953*12-VLOOKUP(N4953*12,'Tax table'!$A$3:$C$10,1))+VLOOKUP(N4953*12,'Tax table'!$A$3:$C$10,2)))/12","v":{"$error":"#DIV/0!"}},0,{"$f":"(VLOOKUP(P4953*12,'Tax table'!$A$3:$C$10,3)*(P4953*12-VLOOKUP(P4953*12,'Tax table'!$A$3:$C$10,1))+VLOOKUP(P4953*12,'Tax table'!$A$3:$C$10,2))/12","v":0},0,0,{"$error":"#DIV/0!"},0,{"$f":"IF($B$15=\"Yes\",MIN(S4953*2,References!$B$7),0)","v":0},{"$f":"IF(AND(D4953<>0,$B$16=\"Yes\"),References!$B$6,0)","v":0},0,0,0,0,{"$error":"#DIV/0!"},{"$f":"(M4953*12-(VLOOKUP(AB4953*12,'Tax table'!$A$3:$C$10,3)*(AB4953*12-VLOOKUP(AB4953*12,'Tax table'!$A$3:$C$10,1))+VLOOKUP(AB4953*12,'Tax table'!$A$3:$C$10,2)))/12","v":{"$error":"#DIV/0!"}},{"$error":"#DIV/0!"},{"$error":"#DIV/0!"}]
[{"$nulls":9},118,0,0,{"$error":"#DIV/0!"},{"$error":"#DIV/0!"},{"$f":"(M4959*12-(VLOOKUP(N4959*12,'Tax table'!$A$3:$C$10,3)*(N4959*12-VLOOKUP(N4959*12,'Tax table'!$A$3:$C$10,1))+VLOOKUP(N4959*12,'Tax table'!$A$3:$C$10,2)))/12","v":{"$error":"#DIV/0!"}},0,{"$f":"(VLOOKUP(P4959*12,'Tax table'!$A$3:$C$10,3)*(P4959*12-VLOOKUP(P4959*12,'Tax table'!$A$3:$C$10,1))+VLOOKUP(P4959*12,'Tax table'!$A$3:$C$10,2))/12","v":0},0,0,{"$error":"#DIV/0!"},0,{"$f":"IF($B$15=\"Yes\",MIN(S4959*2,References!$B$7),0)","v":0},{"$f":"IF(AND(D4959<>0,$B$16=\"Yes\"),References!$B$6,0)","v":0},0,0,0,0,{"$error":"#DIV/0!"},{"$f":"(M4959*12-(VLOOKUP(AB4959*12,'Tax table'!$A$3:$C$10,3)*(AB4959*12-VLOOKUP(AB4959*12,'Tax table'!$A$3:$C$10,1))+VLOOKUP(AB4959*12,'Tax table'!$A$3:$C$10,2)))/12","v":{"$error":"#DIV/0!"}},{"$error":"#DIV/0!"},{"$error":"#DIV/0!"}]
[{"$nulls":9},118,0,0,{"$error":"#DIV/0!"},{"$error":"#DIV/0!"},{"$f":"(M4969*12-(VLOOKUP(N4969*12,'Tax table'!$A$3:$C$10,3)*(N4969*12-VLOOKUP(N4969*12,'Tax table'!$A$3:$C$10,1))+VLOOKUP(N4969*12,'Tax table'!$A$3:$C$10,2)))/12","v":{"$error":"#DIV/0!"}},0,{"$f":"(VLOOKUP(P4969*12,'Tax table'!$A$3:$C$10,3)*(P4969*12-VLOOKUP(P4969*12,'Tax table'!$A$3:$C$10,1))+VLOOKUP(P4969*12,'Tax table'!$A$3:$C$10,2))/12","v":0},0,0,{"$error":"#DIV/0!"},0,{"$f":"IF($B$15=\"Yes\",MIN(S4969*2,References!$B$7),0)","v":0},{"$f":"IF(AND(D4969<>0,$B$16=\"Yes\"),References!$B$6,0)","v":0},0,0,0,0,{"$error":"#DIV/0!"},{"$f":"(M4969*12-(VLOOKUP(AB4969*12,'Tax table'!$A$3:$C$10,3)*(AB4969*12-VLOOKUP(AB4969*12,'Tax table'!$A$3:$C$10,1))+VLOOKUP(AB4969*12,'Tax table'!$A$3:$C$10,2)))/12","v":{"$error":"#DIV/0!"}},{"$error":"#DIV/0!"},{"$error":"#DIV/0!"}]
[{"$nulls":9},118,0,0,{"$error":"#DIV/0!"},{"$error":"#DIV/0!"},{"$f":"(M4986*12-(VLOOKUP(N4986*12,'Tax table'!$A$3:$C$10,3)*(N4986*12-VLOOKUP(N4986*12,'Tax table'!$A$3:$C$10,1))+VLOOKUP(N4986*12,'Tax table'!$A$3:$C$10,2)))/12","v":{"$error":"#DIV/0!"}},0,{"$f":"(VLOOKUP(P4986*12,'Tax table'!$A$3:$C$10,3)*(P4986*12-VLOOKUP(P4986*12,'Tax table'!$A$3:$C$10,1))+VLOOKUP(P4986*12,'Tax table'!$A$3:$C$10,2))/12","v":0},0,0,{"$error":"#DIV/0!"},0,{"$f":"IF($B$15=\"Yes\",MIN(S4986*2,References!$B$7),0)","v":0},{"$f":"IF(AND(D4986<>0,$B$16=\"Yes\"),References!$B$6,0)","v":0},0,0,0,0,{"$error":"#DIV/0!"},{"$f":"(M4986*12-(VLOOKUP(AB4986*12,'Tax table'!$A$3:$C$10,3)*(AB4986*12-VLOOKUP(AB4986*12,'Tax table'!$A$3:$C$10,1))+VLOOKUP(AB4986*12,'Tax table'!$A$3:$C$10,2)))/12","v":{"$error":"#DIV/0!"}},{"$error":"#DIV/0!"},{"$error":"#DIV/0!"}]
[{"$nulls":9},118,0,0,{"$error":"#DIV/0!"},{"$error":"#DIV/0!"},{"$f":"(M4992*12-(VLOOKUP(N4992*12,'Tax table'!$A$3:$C$10,3)*(N4992*12-VLOOKUP(N4992*12,'Tax table'!$A$3:$C$10,1))+VLOOKUP(N4992*12,'Tax table'!$A$3:$C$10,2)))/12","v":{"$error":"#DIV/0!"}},0,{"$f":"(VLOOKUP(P4992*12,'Tax table'!$A$3:$C$10,3)*(P4992*12-VLOOKUP(P4992*12,'Tax table'!$A$3:$C$10,1))+VLOOKUP(P4992*12,'Tax table'!$A$3:$C$10,2))/12","v":0},0,0,{"$error":"#DIV/0!"},0,{"$f":"IF($B$15=\"Yes\",MIN(S4992*2,References!$B$7),0)","v":0},{"$f":"IF(AND(D4992<>0,$B$16=\"Yes\"),References!$B$6,0)","v":0},0,0,0,0,{"$error":"#DIV/0!"},{"$f":"(M4992*12-(VLOOKUP(AB4992*12,'Tax table'!$A$3:$C$10,3)*(AB4992*12-VLOOKUP(AB4992*12,'Tax table'!$A$3:$C$10,1))+VLOOKUP(AB4992*12,'Tax table'!$A$3:$C$10,2)))/12","v":{"$error":"#DIV/0!"}},{"$error":"#DIV/0!"},{"$error":"#DIV/0!"}]
[{"$nulls":9},118,0,0,{"$error":"#DIV/0!"},{"$error":"#DIV/0!"},{"$f":"(M5002*12-(VLOOKUP(N5002*12,'Tax table'!$A$3:$C$10,3)*(N5002*12-VLOOKUP(N5002*12,'Tax table'!$A$3:$C$10,1))+VLOOKUP(N5002*12,'Tax table'!$A$3:$C$10,2)))/12","v":{"$error":"#DIV/0!"}},0,{"$f":"(VLOOKUP(P5002*12,'Tax table'!$A$3:$C$10,3)*(P5002*12-VLOOKUP(P5002*12,'Tax table'!$A$3:$C$10,1))+VLOOKUP(P5002*12,'Tax table'!$A$3:$C$10,2))/12","v":0},0,0,{"$error":"#DIV/0!"},0,{"$f":"IF($B$15=\"Yes\",MIN(S5002*2,References!$B$7),0)","v":0},{"$f":"IF(AND(D5002<>0,$B$16=\"Yes\"),References!$B$6,0)","v":0},0,0,0,0,{"$error":"#DIV/0!"},{"$f":"(M5002*12-(VLOOKUP(AB5002*12,'Tax table'!$A$3:$C$10,3)*(AB5002*12-VLOOKUP(AB5002*12,'Tax table'!$A$3:$C$10,1))+VLOOKUP(AB5002*12,'Tax table'!$A$3:$C$10,2)))/12","v":{"$error":"#DIV/0!"}},{"$error":"#DIV/0!"},{"$error":"#DIV/0!"}]
[{"$nulls":9},118,0,0,{"$error":"#DIV/0!"},{"$error":"#DIV/0!"},{"$f":"(M5019*12-(VLOOKUP(N5019*12,'Tax table'!$A$3:$C$10,3)*(N5019*12-VLOOKUP(N5019*12,'Tax table'!$A$3:$C$10,1))+VLOOKUP(N5019*12,'Tax table'!$A$3:$C$10,2)))/12","v":{"$error":"#DIV/0!"}},0,{"$f":"(VLOOKUP(P5019*12,'Tax table'!$A$3:$C$10,3)*(P5019*12-VLOOKUP(P5019*12,'Tax table'!$A$3:$C$10,1))+VLOOKUP(P5019*12,'Tax table'!$A$3:$C$10,2))/12","v":0},0,0,{"$error":"#DIV/0!"},0,{"$f":"IF($B$15=\"Yes\",MIN(S5019*2,References!$B$7),0)","v":0},{"$f":"IF(AND(D5019<>0,$B$16=\"Yes\"),References!$B$6,0)","v":0},0,0,0,0,{"$error":"#DIV/0!"},{"$f":"(M5019*12-(VLOOKUP(AB5019*12,'Tax table'!$A$3:$C$10,3)*(AB5019*12-VLOOKUP(AB5019*12,'Tax table'!$A$3:$C$10,1))+VLOOKUP(AB5019*12,'Tax table'!$A$3:$C$10,2)))/12","v":{"$error":"#DIV/0!"}},{"$error":"#DIV/0!"},{"$error":"#DIV/0!"}]
[{"$nulls":9},118,0,0,{"$error":"#DIV/0!"},{"$error":"#DIV/0!"},{"$f":"(M5029*12-(VLOOKUP(N5029*12,'Tax table'!$A$3:$C$10,3)*(N5029*12-VLOOKUP(N5029*12,'Tax table'!$A$3:$C$10,1))+VLOOKUP(N5029*12,'Tax table'!$A$3:$C$10,2)))/12","v":{"$error":"#DIV/0!"}},0,{"$f":"(VLOOKUP(P5029*12,'Tax table'!$A$3:$C$10,3)*(P5029*12-VLOOKUP(P5029*12,'Tax table'!$A$3:$C$10,1))+VLOOKUP(P5029*12,'Tax table'!$A$3:$C$10,2))/12","v":0},0,0,{"$error":"#DIV/0!"},0,{"$f":"IF($B$15=\"Yes\",MIN(S5029*2,References!$B$7),0)","v":0},{"$f":"IF(AND(D5029<>0,$B$16=\"Yes\"),References!$B$6,0)","v":0},0,0,0,0,{"$error":"#DIV/0!"},{"$f":"(M5029*12-(VLOOKUP(AB5029*12,'Tax table'!$A$3:$C$10,3)*(AB5029*12-VLOOKUP(AB5029*12,'Tax table'!$A$3:$C$10,1))+VLOOKUP(AB5029*12,'Tax table'!$A$3:$C$10,2)))/12","v":{"$error":"#DIV/0!"}},{"$error":"#DIV/0!"},{"$error":"#DIV/0!"}]
[{"$nulls":9},118,0,0,{"$error":"#DIV/0!"},{"$error":"#DIV/0!"},{"$f":"(M5035*12-(VLOOKUP(N5035*12,'Tax table'!$A$3:$C$10,3)*(N5035*12-VLOOKUP(N5035*12,'Tax table'!$A$3:$C$10,1))+VLOOKUP(N5035*12,'Tax table'!$A$3:$C$10,2)))/12","v":{"$error":"#DIV/0!"}},0,{"$f":"(VLOOKUP(P5035*12,'Tax table'!$A$3:$C$10,3)*(P5035*12-VLOOKUP(P5035*12,'Tax table'!$A$3:$C$10,1))+VLOOKUP(P5035*12,'Tax table'!$A$3:$C$10,2))/12","v":0},0,0,{"$error":"#DIV/0!"},0,{"$f":"IF($B$15=\"Yes\",MIN(S5035*2,References!$B$7),0)","v":0},{"$f":"IF(AND(D5035<>0,$B$16=\"Yes\"),References!$B$6,0)","v":0},0,0,0,0,{"$error":"#DIV/0!"},{"$f":"(M5035*12-(VLOOKUP(AB5035*12,'Tax table'!$A$3:$C$10,3)*(AB5035*12-VLOOKUP(AB5035*12,'Tax table'!$A$3:$C$10,1))+VLOOKUP(AB5035*12,'Tax table'!$A$3:$C$10,2)))/12","v":{"$error":"#DIV/0!"}},{"$error":"#DIV/0!"},{"$error":"#DIV/0!"}]
[{"$nulls":9},118,0,0,{"$error":"#DIV/0!"},{"$error":"#DIV/0!"},{"$f":"(M5052*12-(VLOOKUP(N5052*12,'Tax table'!$A$3:$C$10,3)*(N5052*12-VLOOKUP(N5052*12,'Tax table'!$A$3:$C$10,1))+VLOOKUP(N5052*12,'Tax table'!$A$3:$C$10,2)))/12","v":{"$error":"#DIV/0!"}},0,{"$f":"(VLOOKUP(P5052*12,'Tax table'!$A$3:$C$10,3)*(P5052*12-VLOOKUP(P5052*12,'Tax table'!$A$3:$C$10,1))+VLOOKUP(P5052*12,'Tax table'!$A$3:$C$10,2))/12","v":0},0,0,{"$error":"#DIV/0!"},0,{"$f":"IF($B$15=\"Yes\",MIN(S5052*2,References!$B$7),0)","v":0},{"$f":"IF(AND(D5052<>0,$B$16=\"Yes\"),References!$B$6,0)","v":0},0,0,0,0,{"$error":"#DIV/0!"},{"$f":"(M5052*12-(VLOOKUP(AB5052*12,'Tax table'!$A$3:$C$10,3)*(AB5052*12-VLOOKUP(AB5052*12,'Tax table'!$A$3:$C$10,1))+VLOOKUP(AB5052*12,'Tax table'!$A$3:$C$10,2)))/12","v":{"$error":"#DIV/0!"}},{"$error":"#DIV/0!"},{"$error":"#DIV/0!"}]
[{"$nulls":9},118,0,0,{"$error":"#DIV/0!"},{"$error":"#DIV/0!"},{"$f":"(M5062*12-(VLOOKUP(N5062*12,'Tax table'!$A$3:$C$10,3)*(N5062*12-VLOOKUP(N5062*12,'Tax table'!$A$3:$C$10,1))+VLOOKUP(N5062*12,'Tax table'!$A$3:$C$10,2)))/12","v":{"$error":"#DIV/0!"}},0,{"$f":"(VLOOKUP(P5062*12,'Tax table'!$A$3:$C$10,3)*(P5062*12-VLOOKUP(P5062*12,'Tax table'!$A$3:$C$10,1))+VLOOKUP(P5062*12,'Tax table'!$A$3:$C$10,2))/12","v":0},0,0,{"$error":"#DIV/0!"},0,{"$f":"IF($B$15=\"Yes\",MIN(S5062*2,References!$B$7),0)","v":0},{"$f":"IF(AND(D5062<>0,$B$16=\"Yes\"),References!$B$6,0)","v":0},0,0,0,0,{"$error":"#DIV/0!"},{"$f":"(M5062*12-(VLOOKUP(AB5062*12,'Tax table'!$A$3:$C$10,3)*(AB5062*12-VLOOKUP(AB5062*12,'Tax table'!$A$3:$C$10,1))+VLOOKUP(AB5062*12,'Tax table'!$A$3:$C$10,2)))/12","v":{"$error":"#DIV/0!"}},{"$error":"#DIV/0!"},{"$error":"#DIV/0!"}]
[{"$nulls":9},118,0,0,{"$error":"#DIV/0!"},{"$error":"#DIV/0!"},{"$f":"(M5068*12-(VLOOKUP(N5068*12,'Tax table'!$A$3:$C$10,3)*(N5068*12-VLOOKUP(N5068*12,'Tax table'!$A$3:$C$10,1))+VLOOKUP(N5068*12,'Tax table'!$A$3:$C$10,2)))/12","v":{"$error":"#DIV/0!"}},0,{"$f":"(VLOOKUP(P5068*12,'Tax table'!$A$3:$C$10,3)*(P5068*12-VLOOKUP(P5068*12,'Tax table'!$A$3:$C$10,1))+VLOOKUP(P5068*12,'Tax table'!$A$3:$C$10,2))/12","v":0},0,0,{"$error":"#DIV/0!"},0,{"$f":"IF($B$15=\"Yes\",MIN(S5068*2,References!$B$7),0)","v":0},{"$f":"IF(AND(D5068<>0,$B$16=\"Yes\"),References!$B$6,0)","v":0},0,0,0,0,{"$error":"#DIV/0!"},{"$f":"(M5068*12-(VLOOKUP(AB5068*12,'Tax table'!$A$3:$C$10,3)*(AB5068*12-VLOOKUP(AB5068*12,'Tax table'!$A$3:$C$10,1))+VLOOKUP(AB5068*12,'Tax table'!$A$3:$C$10,2)))/12","v":{"$error":"#DIV/0!"}},{"$error":"#DIV/0!"},{"$error":"#DIV/0!"}]
[{"$nulls":9},118,0,0,{"$error":"#DIV/0!"},{"$error":"#DIV/0!"},{"$f":"(M5082*12-(VLOOKUP(N5082*12,'Tax table'!$A$3:$C$10,3)*(N5082*12-VLOOKUP(N5082*12,'Tax table'!$A$3:$C$10,1))+VLOOKUP(N5082*12,'Tax table'!$A$3:$C$10,2)))/12","v":{"$error":"#DIV/0!"}},0,{"$f":"(VLOOKUP(P5082*12,'Tax table'!$A$3:$C$10,3)*(P5082*12-VLOOKUP(P5082*12,'Tax table'!$A$3:$C$10,1))+VLOOKUP(P5082*12,'Tax table'!$A$3:$C$10,2))/12","v":0},0,0,{"$error":"#DIV/0!"},0,{"$f":"IF($B$15=\"Yes\",MIN(S5082*2,References!$B$7),0)","v":0},{"$f":"IF(AND(D5082<>0,$B$16=\"Yes\"),References!$B$6,0)","v":0},0,0,0,0,{"$error":"#DIV/0!"},{"$f":"(M5082*12-(VLOOKUP(AB5082*12,'Tax table'!$A$3:$C$10,3)*(AB5082*12-VLOOKUP(AB5082*12,'Tax table'!$A$3:$C$10,1))+VLOOKUP(AB5082*12,'Tax table'!$A$3:$C$10,2)))/12","v":{"$error":"#DIV/0!"}},{"$error":"#DIV/0!"},{"$error":"#DIV/0!"}]
[{"$nulls":9},118,0,0,{"$error":"#DIV/0!"},{"$error":"#DIV/0!"},{"$f":"(M5096*12-(VLOOKUP(N5096*12,'Tax table'!$A$3:$C$10,3)*(N5096*12-VLOOKUP(N5096*12,'Tax table'!$A$3:$C$10,1))+VLOOKUP(N5096*12,'Tax table'!$A$3:$C$10,2)))/12","v":{"$error":"#DIV/0!"}},0,{"$f":"(VLOOKUP(P5096*12,'Tax table'!$A$3:$C$10,3)*(P5096*12-VLOOKUP(P5096*12,'Tax table'!$A$3:$C$10,1))+VLOOKUP(P5096*12,'Tax table'!$A$3:$C$10,2))/12","v":0},0,0,{"$error":"#DIV/0!"},0,{"$f":"IF($B$15=\"Yes\",MIN(S5096*2,References!$B$7),0)","v":0},{"$f":"IF(AND(D5096<>0,$B$16=\"Yes\"),References!$B$6,0)","v":0},0,0,0,0,{"$error":"#DIV/0!"},{"$f":"(M5096*12-(VLOOKUP(AB5096*12,'Tax table'!$A$3:$C$10,3)*(AB5096*12-VLOOKUP(AB5096*12,'Tax table'!$A$3:$C$10,1))+VLOOKUP(AB5096*12,'Tax table'!$A$3:$C$10,2)))/12","v":{"$error":"#DIV/0!"}},{"$error":"#DIV/0!"},{"$error":"#DIV/0!"}]
[{"$nulls":9},118,0,0,{"$error":"#DIV/0!"},{"$error":"#DIV/0!"},{"$f":"(M5102*12-(VLOOKUP(N5102*12,'Tax table'!$A$3:$C$10,3)*(N5102*12-VLOOKUP(N5102*12,'Tax table'!$A$3:$C$10,1))+VLOOKUP(N5102*12,'Tax table'!$A$3:$C$10,2)))/12","v":{"$error":"#DIV/0!"}},0,{"$f":"(VLOOKUP(P5102*12,'Tax table'!$A$3:$C$10,3)*(P5102*12-VLOOKUP(P5102*12,'Tax table'!$A$3:$C$10,1))+VLOOKUP(P5102*12,'Tax table'!$A$3:$C$10,2))/12","v":0},0,0,{"$error":"#DIV/0!"},0,{"$f":"IF($B$15=\"Yes\",MIN(S5102*2,References!$B$7),0)","v":0},{"$f":"IF(AND(D5102<>0,$B$16=\"Yes\"),References!$B$6,0)","v":0},0,0,0,0,{"$error":"#DIV/0!"},{"$f":"(M5102*12-(VLOOKUP(AB5102*12,'Tax table'!$A$3:$C$10,3)*(AB5102*12-VLOOKUP(AB5102*12,'Tax table'!$A$3:$C$10,1))+VLOOKUP(AB5102*12,'Tax table'!$A$3:$C$10,2)))/12","v":{"$error":"#DIV/0!"}},{"$error":"#DIV/0!"},{"$error":"#DIV/0!"}]
[{"$nulls":9},118,0,0,{"$error":"#DIV/0!"},{"$error":"#DIV/0!"},{"$f":"(M5112*12-(VLOOKUP(N5112*12,'Tax table'!$A$3:$C$10,3)*(N5112*12-VLOOKUP(N5112*12,'Tax table'!$A$3:$C$10,1))+VLOOKUP(N5112*12,'Tax table'!$A$3:$C$10,2)))/12","v":{"$error":"#DIV/0!"}},0,{"$f":"(VLOOKUP(P5112*12,'Tax table'!$A$3:$C$10,3)*(P5112*12-VLOOKUP(P5112*12,'Tax table'!$A$3:$C$10,1))+VLOOKUP(P5112*12,'Tax table'!$A$3:$C$10,2))/12","v":0},0,0,{"$error":"#DIV/0!"},0,{"$f":"IF($B$15=\"Yes\",MIN(S5112*2,References!$B$7),0)","v":0},{"$f":"IF(AND(D5112<>0,$B$16=\"Yes\"),References!$B$6,0)","v":0},0,0,0,0,{"$error":"#DIV/0!"},{"$f":"(M5112*12-(VLOOKUP(AB5112*12,'Tax table'!$A$3:$C$10,3)*(AB5112*12-VLOOKUP(AB5112*12,'Tax table'!$A$3:$C$10,1))+VLOOKUP(AB5112*12,'Tax table'!$A$3:$C$10,2)))/12","v":{"$error":"#DIV/0!"}},{"$error":"#DIV/0!"},{"$error":"#DIV/0!"}]
[{"$nulls":9},118,0,0,{"$error":"#DIV/0!"},{"$error":"#DIV/0!"},{"$f":"(M5129*12-(VLOOKUP(N5129*12,'Tax table'!$A$3:$C$10,3)*(N5129*12-VLOOKUP(N5129*12,'Tax table'!$A$3:$C$10,1))+VLOOKUP(N5129*12,'Tax table'!$A$3:$C$10,2)))/12","v":{"$error":"#DIV/0!"}},0,{"$f":"(VLOOKUP(P5129*12,'Tax table'!$A$3:$C$10,3)*(P5129*12-VLOOKUP(P5129*12,'Tax table'!$A$3:$C$10,1))+VLOOKUP(P5129*12,'Tax table'!$A$3:$C$10,2))/12","v":0},0,0,{"$error":"#DIV/0!"},0,{"$f":"IF($B$15=\"Yes\",MIN(S5129*2,References!$B$7),0)","v":0},{"$f":"IF(AND(D5129<>0,$B$16=\"Yes\"),References!$B$6,0)","v":0},0,0,0,0,{"$error":"#DIV/0!"},{"$f":"(M5129*12-(VLOOKUP(AB5129*12,'Tax table'!$A$3:$C$10,3)*(AB5129*12-VLOOKUP(AB5129*12,'Tax table'!$A$3:$C$10,1))+VLOOKUP(AB5129*12,'Tax table'!$A$3:$C$10,2)))/12","v":{"$error":"#DIV/0!"}},{"$error":"#DIV/0!"},{"$error":"#DIV/0!"}]
[{"$nulls":9},118,0,0,{"$error":"#DIV/0!"},{"$error":"#DIV/0!"},{"$f":"(M5135*12-(VLOOKUP(N5135*12,'Tax table'!$A$3:$C$10,3)*(N5135*12-VLOOKUP(N5135*12,'Tax table'!$A$3:$C$10,1))+VLOOKUP(N5135*12,'Tax table'!$A$3:$C$10,2)))/12","v":{"$error":"#DIV/0!"}},0,{"$f":"(VLOOKUP(P5135*12,'Tax table'!$A$3:$C$10,3)*(P5135*12-VLOOKUP(P5135*12,'Tax table'!$A$3:$C$10,1))+VLOOKUP(P5135*12,'Tax table'!$A$3:$C$10,2))/12","v":0},0,0,{"$error":"#DIV/0!"},0,{"$f":"IF($B$15=\"Yes\",MIN(S5135*2,References!$B$7),0)","v":0},{"$f":"IF(AND(D5135<>0,$B$16=\"Yes\"),References!$B$6,0)","v":0},0,0,0,0,{"$error":"#DIV/0!"},{"$f":"(M5135*12-(VLOOKUP(AB5135*12,'Tax table'!$A$3:$C$10,3)*(AB5135*12-VLOOKUP(AB5135*12,'Tax table'!$A$3:$C$10,1))+VLOOKUP(AB5135*12,'Tax table'!$A$3:$C$10,2)))/12","v":{"$error":"#DIV/0!"}},{"$error":"#DIV/0!"},{"$error":"#DIV/0!"}]
[{"$nulls":9},118,0,0,{"$error":"#DIV/0!"},{"$error":"#DIV/0!"},{"$f":"(M5145*12-(VLOOKUP(N5145*12,'Tax table'!$A$3:$C$10,3)*(N5145*12-VLOOKUP(N5145*12,'Tax table'!$A$3:$C$10,1))+VLOOKUP(N5145*12,'Tax table'!$A$3:$C$10,2)))/12","v":{"$error":"#DIV/0!"}},0,{"$f":"(VLOOKUP(P5145*12,'Tax table'!$A$3:$C$10,3)*(P5145*12-VLOOKUP(P5145*12,'Tax table'!$A$3:$C$10,1))+VLOOKUP(P5145*12,'Tax table'!$A$3:$C$10,2))/12","v":0},0,0,{"$error":"#DIV/0!"},0,{"$f":"IF($B$15=\"Yes\",MIN(S5145*2,References!$B$7),0)","v":0},{"$f":"IF(AND(D5145<>0,$B$16=\"Yes\"),References!$B$6,0)","v":0},0,0,0,0,{"$error":"#DIV/0!"},{"$f":"(M5145*12-(VLOOKUP(AB5145*12,'Tax table'!$A$3:$C$10,3)*(AB5145*12-VLOOKUP(AB5145*12,'Tax table'!$A$3:$C$10,1))+VLOOKUP(AB5145*12,'Tax table'!$A$3:$C$10,2)))/12","v":{"$error":"#DIV/0!"}},{"$error":"#DIV/0!"},{"$error":"#DIV/0!"}]
[{"$nulls":9},118,0,0,{"$error":"#DIV/0!"},{"$error":"#DIV/0!"},{"$f":"(M5162*12-(VLOOKUP(N5162*12,'Tax table'!$A$3:$C$10,3)*(N5162*12-VLOOKUP(N5162*12,'Tax table'!$A$3:$C$10,1))+VLOOKUP(N5162*12,'Tax table'!$A$3:$C$10,2)))/12","v":{"$error":"#DIV/0!"}},0,{"$f":"(VLOOKUP(P5162*12,'Tax table'!$A$3:$C$10,3)*(P5162*12-VLOOKUP(P5162*12,'Tax table'!$A$3:$C$10,1))+VLOOKUP(P5162*12,'Tax table'!$A$3:$C$10,2))/12","v":0},0,0,{"$error":"#DIV/0!"},0,{"$f":"IF($B$15=\"Yes\",MIN(S5162*2,References!$B$7),0)","v":0},{"$f":"IF(AND(D5162<>0,$B$16=\"Yes\"),References!$B$6,0)","v":0},0,0,0,0,{"$error":"#DIV/0!"},{"$f":"(M5162*12-(VLOOKUP(AB5162*12,'Tax table'!$A$3:$C$10,3)*(AB5162*12-VLOOKUP(AB5162*12,'Tax table'!$A$3:$C$10,1))+VLOOKUP(AB5162*12,'Tax table'!$A$3:$C$10,2)))/12","v":{"$error":"#DIV/0!"}},{"$error":"#DIV/0!"},{"$error":"#DIV/0!"}]
[{"$nulls":9},118,0,0,{"$error":"#DIV/0!"},{"$error":"#DIV/0!"},{"$f":"(M5172*12-(VLOOKUP(N5172*12,'Tax table'!$A$3:$C$10,3)*(N5172*12-VLOOKUP(N5172*12,'Tax table'!$A$3:$C$10,1))+VLOOKUP(N5172*12,'Tax table'!$A$3:$C$10,2)))/12","v":{"$error":"#DIV/0!"}},0,{"$f":"(VLOOKUP(P5172*12,'Tax table'!$A$3:$C$10,3)*(P5172*12-VLOOKUP(P5172*12,'Tax table'!$A$3:$C$10,1))+VLOOKUP(P5172*12,'Tax table'!$A$3:$C$10,2))/12","v":0},0,0,{"$error":"#DIV/0!"},0,{"$f":"IF($B$15=\"Yes\",MIN(S5172*2,References!$B$7),0)","v":0},{"$f":"IF(AND(D5172<>0,$B$16=\"Yes\"),References!$B$6,0)","v":0},0,0,0,0,{"$error":"#DIV/0!"},{"$f":"(M5172*12-(VLOOKUP(AB5172*12,'Tax table'!$A$3:$C$10,3)*(AB5172*12-VLOOKUP(AB5172*12,'Tax table'!$A$3:$C$10,1))+VLOOKUP(AB5172*12,'Tax table'!$A$3:$C$10,2)))/12","v":{"$error":"#DIV/0!"}},{"$error":"#DIV/0!"},{"$error":"#DIV/0!"}]
[{"$nulls":9},118,0,0,{"$error":"#DIV/0!"},{"$error":"#DIV/0!"},{"$f":"(M5178*12-(VLOOKUP(N5178*12,'Tax table'!$A$3:$C$10,3)*(N5178*12-VLOOKUP(N5178*12,'Tax table'!$A$3:$C$10,1))+VLOOKUP(N5178*12,'Tax table'!$A$3:$C$10,2)))/12","v":{"$error":"#DIV/0!"}},0,{"$f":"(VLOOKUP(P5178*12,'Tax table'!$A$3:$C$10,3)*(P5178*12-VLOOKUP(P5178*12,'Tax table'!$A$3:$C$10,1))+VLOOKUP(P5178*12,'Tax table'!$A$3:$C$10,2))/12","v":0},0,0,{"$error":"#DIV/0!"},0,{"$f":"IF($B$15=\"Yes\",MIN(S5178*2,References!$B$7),0)","v":0},{"$f":"IF(AND(D5178<>0,$B$16=\"Yes\"),References!$B$6,0)","v":0},0,0,0,0,{"$error":"#DIV/0!"},{"$f":"(M5178*12-(VLOOKUP(AB5178*12,'Tax table'!$A$3:$C$10,3)*(AB5178*12-VLOOKUP(AB5178*12,'Tax table'!$A$3:$C$10,1))+VLOOKUP(AB5178*12,'Tax table'!$A$3:$C$10,2)))/12","v":{"$error":"#DIV/0!"}},{"$error":"#DIV/0!"},{"$error":"#DIV/0!"}]
[{"$nulls":9},118,0,0,{"$error":"#DIV/0!"},{"$error":"#DIV/0!"},{"$f":"(M5195*12-(VLOOKUP(N5195*12,'Tax table'!$A$3:$C$10,3)*(N5195*12-VLOOKUP(N5195*12,'Tax table'!$A$3:$C$10,1))+VLOOKUP(N5195*12,'Tax table'!$A$3:$C$10,2)))/12","v":{"$error":"#DIV/0!"}},0,{"$f":"(VLOOKUP(P5195*12,'Tax table'!$A$3:$C$10,3)*(P5195*12-VLOOKUP(P5195*12,'Tax table'!$A$3:$C$10,1))+VLOOKUP(P5195*12,'Tax table'!$A$3:$C$10,2))/12","v":0},0,0,{"$error":"#DIV/0!"},0,{"$f":"IF($B$15=\"Yes\",MIN(S5195*2,References!$B$7),0)","v":0},{"$f":"IF(AND(D5195<>0,$B$16=\"Yes\"),References!$B$6,0)","v":0},0,0,0,0,{"$error":"#DIV/0!"},{"$f":"(M5195*12-(VLOOKUP(AB5195*12,'Tax table'!$A$3:$C$10,3)*(AB5195*12-VLOOKUP(AB5195*12,'Tax table'!$A$3:$C$10,1))+VLOOKUP(AB5195*12,'Tax table'!$A$3:$C$10,2)))/12","v":{"$error":"#DIV/0!"}},{"$error":"#DIV/0!"},{"$error":"#DIV/0!"}]
[{"$nulls":9},118,0,0,{"$error":"#DIV/0!"},{"$error":"#DIV/0!"},{"$f":"(M5205*12-(VLOOKUP(N5205*12,'Tax table'!$A$3:$C$10,3)*(N5205*12-VLOOKUP(N5205*12,'Tax table'!$A$3:$C$10,1))+VLOOKUP(N5205*12,'Tax table'!$A$3:$C$10,2)))/12","v":{"$error":"#DIV/0!"}},0,{"$f":"(VLOOKUP(P5205*12,'Tax table'!$A$3:$C$10,3)*(P5205*12-VLOOKUP(P5205*12,'Tax table'!$A$3:$C$10,1))+VLOOKUP(P5205*12,'Tax table'!$A$3:$C$10,2))/12","v":0},0,0,{"$error":"#DIV/0!"},0,{"$f":"IF($B$15=\"Yes\",MIN(S5205*2,References!$B$7),0)","v":0},{"$f":"IF(AND(D5205<>0,$B$16=\"Yes\"),References!$B$6,0)","v":0},0,0,0,0,{"$error":"#DIV/0!"},{"$f":"(M5205*12-(VLOOKUP(AB5205*12,'Tax table'!$A$3:$C$10,3)*(AB5205*12-VLOOKUP(AB5205*12,'Tax table'!$A$3:$C$10,1))+VLOOKUP(AB5205*12,'Tax table'!$A$3:$C$10,2)))/12","v":{"$error":"#DIV/0!"}},{"$error":"#DIV/0!"},{"$error":"#DIV/0!"}]
[{"$nulls":9},118,0,0,{"$error":"#DIV/0!"},{"$error":"#DIV/0!"},{"$f":"(M5211*12-(VLOOKUP(N5211*12,'Tax table'!$A$3:$C$10,3)*(N5211*12-VLOOKUP(N5211*12,'Tax table'!$A$3:$C$10,1))+VLOOKUP(N5211*12,'Tax table'!$A$3:$C$10,2)))/12","v":{"$error":"#DIV/0!"}},0,{"$f":"(VLOOKUP(P5211*12,'Tax table'!$A$3:$C$10,3)*(P5211*12-VLOOKUP(P5211*12,'Tax table'!$A$3:$C$10,1))+VLOOKUP(P5211*12,'Tax table'!$A$3:$C$10,2))/12","v":0},0,0,{"$error":"#DIV/0!"},0,{"$f":"IF($B$15=\"Yes\",MIN(S5211*2,References!$B$7),0)","v":0},{"$f":"IF(AND(D5211<>0,$B$16=\"Yes\"),References!$B$6,0)","v":0},0,0,0,0,{"$error":"#DIV/0!"},{"$f":"(M5211*12-(VLOOKUP(AB5211*12,'Tax table'!$A$3:$C$10,3)*(AB5211*12-VLOOKUP(AB5211*12,'Tax table'!$A$3:$C$10,1))+VLOOKUP(AB5211*12,'Tax table'!$A$3:$C$10,2)))/12","v":{"$error":"#DIV/0!"}},{"$error":"#DIV/0!"},{"$error":"#DIV/0!"}]
[{"$nulls":9},118,0,0,{"$error":"#DIV/0!"},{"$error":"#DIV/0!"},{"$f":"(M5228*12-(VLOOKUP(N5228*12,'Tax table'!$A$3:$C$10,3)*(N5228*12-VLOOKUP(N5228*12,'Tax table'!$A$3:$C$10,1))+VLOOKUP(N5228*12,'Tax table'!$A$3:$C$10,2)))/12","v":{"$error":"#DIV/0!"}},0,{"$f":"(VLOOKUP(P5228*12,'Tax table'!$A$3:$C$10,3)*(P5228*12-VLOOKUP(P5228*12,'Tax table'!$A$3:$C$10,1))+VLOOKUP(P5228*12,'Tax table'!$A$3:$C$10,2))/12","v":0},0,0,{"$error":"#DIV/0!"},0,{"$f":"IF($B$15=\"Yes\",MIN(S5228*2,References!$B$7),0)","v":0},{"$f":"IF(AND(D5228<>0,$B$16=\"Yes\"),References!$B$6,0)","v":0},0,0,0,0,{"$error":"#DIV/0!"},{"$f":"(M5228*12-(VLOOKUP(AB5228*12,'Tax table'!$A$3:$C$10,3)*(AB5228*12-VLOOKUP(AB5228*12,'Tax table'!$A$3:$C$10,1))+VLOOKUP(AB5228*12,'Tax table'!$A$3:$C$10,2)))/12","v":{"$error":"#DIV/0!"}},{"$error":"#DIV/0!"},{"$error":"#DIV/0!"}]
[{"$nulls":9},118,0,0,{"$error":"#DIV/0!"},{"$error":"#DIV/0!"},{"$f":"(M5238*12-(VLOOKUP(N5238*12,'Tax table'!$A$3:$C$10,3)*(N5238*12-VLOOKUP(N5238*12,'Tax table'!$A$3:$C$10,1))+VLOOKUP(N5238*12,'Tax table'!$A$3:$C$10,2)))/12","v":{"$error":"#DIV/0!"}},0,{"$f":"(VLOOKUP(P5238*12,'Tax table'!$A$3:$C$10,3)*(P5238*12-VLOOKUP(P5238*12,'Tax table'!$A$3:$C$10,1))+VLOOKUP(P5238*12,'Tax table'!$A$3:$C$10,2))/12","v":0},0,0,{"$error":"#DIV/0!"},0,{"$f":"IF($B$15=\"Yes\",MIN(S5238*2,References!$B$7),0)","v":0},{"$f":"IF(AND(D5238<>0,$B$16=\"Yes\"),References!$B$6,0)","v":0},0,0,0,0,{"$error":"#DIV/0!"},{"$f":"(M5238*12-(VLOOKUP(AB5238*12,'Tax table'!$A$3:$C$10,3)*(AB5238*12-VLOOKUP(AB5238*12,'Tax table'!$A$3:$C$10,1))+VLOOKUP(AB5238*12,'Tax table'!$A$3:$C$10,2)))/12","v":{"$error":"#DIV/0!"}},{"$error":"#DIV/0!"},{"$error":"#DIV/0!"}]
[{"$nulls":9},118,0,0,{"$error":"#DIV/0!"},{"$error":"#DIV/0!"},{"$f":"(M5244*12-(VLOOKUP(N5244*12,'Tax table'!$A$3:$C$10,3)*(N5244*12-VLOOKUP(N5244*12,'Tax table'!$A$3:$C$10,1))+VLOOKUP(N5244*12,'Tax table'!$A$3:$C$10,2)))/12","v":{"$error":"#DIV/0!"}},0,{"$f":"(VLOOKUP(P5244*12,'Tax table'!$A$3:$C$10,3)*(P5244*12-VLOOKUP(P5244*12,'Tax table'!$A$3:$C$10,1))+VLOOKUP(P5244*12,'Tax table'!$A$3:$C$10,2))/12","v":0},0,0,{"$error":"#DIV/0!"},0,{"$f":"IF($B$15=\"Yes\",MIN(S5244*2,References!$B$7),0)","v":0},{"$f":"IF(AND(D5244<>0,$B$16=\"Yes\"),References!$B$6,0)","v":0},0,0,0,0,{"$error":"#DIV/0!"},{"$f":"(M5244*12-(VLOOKUP(AB5244*12,'Tax table'!$A$3:$C$10,3)*(AB5244*12-VLOOKUP(AB5244*12,'Tax table'!$A$3:$C$10,1))+VLOOKUP(AB5244*12,'Tax table'!$A$3:$C$10,2)))/12","v":{"$error":"#DIV/0!"}},{"$error":"#DIV/0!"},{"$error":"#DIV/0!"}]
[{"$nulls":9},118,0,0,{"$error":"#DIV/0!"},{"$error":"#DIV/0!"},{"$f":"(M5254*12-(VLOOKUP(N5254*12,'Tax table'!$A$3:$C$10,3)*(N5254*12-VLOOKUP(N5254*12,'Tax table'!$A$3:$C$10,1))+VLOOKUP(N5254*12,'Tax table'!$A$3:$C$10,2)))/12","v":{"$error":"#DIV/0!"}},0,{"$f":"(VLOOKUP(P5254*12,'Tax table'!$A$3:$C$10,3)*(P5254*12-VLOOKUP(P5254*12,'Tax table'!$A$3:$C$10,1))+VLOOKUP(P5254*12,'Tax table'!$A$3:$C$10,2))/12","v":0},0,0,{"$error":"#DIV/0!"},0,{"$f":"IF($B$15=\"Yes\",MIN(S5254*2,References!$B$7),0)","v":0},{"$f":"IF(AND(D5254<>0,$B$16=\"Yes\"),References!$B$6,0)","v":0},0,0,0,0,{"$error":"#DIV/0!"},{"$f":"(M5254*12-(VLOOKUP(AB5254*12,'Tax table'!$A$3:$C$10,3)*(AB5254*12-VLOOKUP(AB5254*12,'Tax table'!$A$3:$C$10,1))+VLOOKUP(AB5254*12,'Tax table'!$A$3:$C$10,2)))/12","v":{"$error":"#DIV/0!"}},{"$error":"#DIV/0!"},{"$error":"#DIV/0!"}]
[{"$nulls":9},118,0,0,{"$error":"#DIV/0!"},{"$error":"#DIV/0!"},{"$f":"(M5271*12-(VLOOKUP(N5271*12,'Tax table'!$A$3:$C$10,3)*(N5271*12-VLOOKUP(N5271*12,'Tax table'!$A$3:$C$10,1))+VLOOKUP(N5271*12,'Tax table'!$A$3:$C$10,2)))/12","v":{"$error":"#DIV/0!"}},0,{"$f":"(VLOOKUP(P5271*12,'Tax table'!$A$3:$C$10,3)*(P5271*12-VLOOKUP(P5271*12,'Tax table'!$A$3:$C$10,1))+VLOOKUP(P5271*12,'Tax table'!$A$3:$C$10,2))/12","v":0},0,0,{"$error":"#DIV/0!"},0,{"$f":"IF($B$15=\"Yes\",MIN(S5271*2,References!$B$7),0)","v":0},{"$f":"IF(AND(D5271<>0,$B$16=\"Yes\"),References!$B$6,0)","v":0},0,0,0,0,{"$error":"#DIV/0!"},{"$f":"(M5271*12-(VLOOKUP(AB5271*12,'Tax table'!$A$3:$C$10,3)*(AB5271*12-VLOOKUP(AB5271*12,'Tax table'!$A$3:$C$10,1))+VLOOKUP(AB5271*12,'Tax table'!$A$3:$C$10,2)))/12","v":{"$error":"#DIV/0!"}},{"$error":"#DIV/0!"},{"$error":"#DIV/0!"}]
[{"$nulls":9},118,0,0,{"$error":"#DIV/0!"},{"$error":"#DIV/0!"},{"$f":"(M5277*12-(VLOOKUP(N5277*12,'Tax table'!$A$3:$C$10,3)*(N5277*12-VLOOKUP(N5277*12,'Tax table'!$A$3:$C$10,1))+VLOOKUP(N5277*12,'Tax table'!$A$3:$C$10,2)))/12","v":{"$error":"#DIV/0!"}},0,{"$f":"(VLOOKUP(P5277*12,'Tax table'!$A$3:$C$10,3)*(P5277*12-VLOOKUP(P5277*12,'Tax table'!$A$3:$C$10,1))+VLOOKUP(P5277*12,'Tax table'!$A$3:$C$10,2))/12","v":0},0,0,{"$error":"#DIV/0!"},0,{"$f":"IF($B$15=\"Yes\",MIN(S5277*2,References!$B$7),0)","v":0},{"$f":"IF(AND(D5277<>0,$B$16=\"Yes\"),References!$B$6,0)","v":0},0,0,0,0,{"$error":"#DIV/0!"},{"$f":"(M5277*12-(VLOOKUP(AB5277*12,'Tax table'!$A$3:$C$10,3)*(AB5277*12-VLOOKUP(AB5277*12,'Tax table'!$A$3:$C$10,1))+VLOOKUP(AB5277*12,'Tax table'!$A$3:$C$10,2)))/12","v":{"$error":"#DIV/0!"}},{"$error":"#DIV/0!"},{"$error":"#DIV/0!"}]
[{"$nulls":9},118,0,0,{"$error":"#DIV/0!"},{"$error":"#DIV/0!"},{"$f":"(M5287*12-(VLOOKUP(N5287*12,'Tax table'!$A$3:$C$10,3)*(N5287*12-VLOOKUP(N5287*12,'Tax table'!$A$3:$C$10,1))+VLOOKUP(N5287*12,'Tax table'!$A$3:$C$10,2)))/12","v":{"$error":"#DIV/0!"}},0,{"$f":"(VLOOKUP(P5287*12,'Tax table'!$A$3:$C$10,3)*(P5287*12-VLOOKUP(P5287*12,'Tax table'!$A$3:$C$10,1))+VLOOKUP(P5287*12,'Tax table'!$A$3:$C$10,2))/12","v":0},0,0,{"$error":"#DIV/0!"},0,{"$f":"IF($B$15=\"Yes\",MIN(S5287*2,References!$B$7),0)","v":0},{"$f":"IF(AND(D5287<>0,$B$16=\"Yes\"),References!$B$6,0)","v":0},0,0,0,0,{"$error":"#DIV/0!"},{"$f":"(M5287*12-(VLOOKUP(AB5287*12,'Tax table'!$A$3:$C$10,3)*(AB5287*12-VLOOKUP(AB5287*12,'Tax table'!$A$3:$C$10,1))+VLOOKUP(AB5287*12,'Tax table'!$A$3:$C$10,2)))/12","v":{"$error":"#DIV/0!"}},{"$error":"#DIV/0!"},{"$error":"#DIV/0!"}]
[{"$nulls":9},118,0,0,{"$error":"#DIV/0!"},{"$error":"#DIV/0!"},{"$f":"(M5304*12-(VLOOKUP(N5304*12,'Tax table'!$A$3:$C$10,3)*(N5304*12-VLOOKUP(N5304*12,'Tax table'!$A$3:$C$10,1))+VLOOKUP(N5304*12,'Tax table'!$A$3:$C$10,2)))/12","v":{"$error":"#DIV/0!"}},0,{"$f":"(VLOOKUP(P5304*12,'Tax table'!$A$3:$C$10,3)*(P5304*12-VLOOKUP(P5304*12,'Tax table'!$A$3:$C$10,1))+VLOOKUP(P5304*12,'Tax table'!$A$3:$C$10,2))/12","v":0},0,0,{"$error":"#DIV/0!"},0,{"$f":"IF($B$15=\"Yes\",MIN(S5304*2,References!$B$7),0)","v":0},{"$f":"IF(AND(D5304<>0,$B$16=\"Yes\"),References!$B$6,0)","v":0},0,0,0,0,{"$error":"#DIV/0!"},{"$f":"(M5304*12-(VLOOKUP(AB5304*12,'Tax table'!$A$3:$C$10,3)*(AB5304*12-VLOOKUP(AB5304*12,'Tax table'!$A$3:$C$10,1))+VLOOKUP(AB5304*12,'Tax table'!$A$3:$C$10,2)))/12","v":{"$error":"#DIV/0!"}},{"$error":"#DIV/0!"},{"$error":"#DIV/0!"}]
[{"$nulls":9},118,0,0,{"$error":"#DIV/0!"},{"$error":"#DIV/0!"},{"$f":"(M5310*12-(VLOOKUP(N5310*12,'Tax table'!$A$3:$C$10,3)*(N5310*12-VLOOKUP(N5310*12,'Tax table'!$A$3:$C$10,1))+VLOOKUP(N5310*12,'Tax table'!$A$3:$C$10,2)))/12","v":{"$error":"#DIV/0!"}},0,{"$f":"(VLOOKUP(P5310*12,'Tax table'!$A$3:$C$10,3)*(P5310*12-VLOOKUP(P5310*12,'Tax table'!$A$3:$C$10,1))+VLOOKUP(P5310*12,'Tax table'!$A$3:$C$10,2))/12","v":0},0,0,{"$error":"#DIV/0!"},0,{"$f":"IF($B$15=\"Yes\",MIN(S5310*2,References!$B$7),0)","v":0},{"$f":"IF(AND(D5310<>0,$B$16=\"Yes\"),References!$B$6,0)","v":0},0,0,0,0,{"$error":"#DIV/0!"},{"$f":"(M5310*12-(VLOOKUP(AB5310*12,'Tax table'!$A$3:$C$10,3)*(AB5310*12-VLOOKUP(AB5310*12,'Tax table'!$A$3:$C$10,1))+VLOOKUP(AB5310*12,'Tax table'!$A$3:$C$10,2)))/12","v":{"$error":"#DIV/0!"}},{"$error":"#DIV/0!"},{"$error":"#DIV/0!"}]
[{"$nulls":9},118,0,0,{"$error":"#DIV/0!"},{"$error":"#DIV/0!"},{"$f":"(M5319*12-(VLOOKUP(N5319*12,'Tax table'!$A$3:$C$10,3)*(N5319*12-VLOOKUP(N5319*12,'Tax table'!$A$3:$C$10,1))+VLOOKUP(N5319*12,'Tax table'!$A$3:$C$10,2)))/12","v":{"$error":"#DIV/0!"}},0,{"$f":"(VLOOKUP(P5319*12,'Tax table'!$A$3:$C$10,3)*(P5319*12-VLOOKUP(P5319*12,'Tax table'!$A$3:$C$10,1))+VLOOKUP(P5319*12,'Tax table'!$A$3:$C$10,2))/12","v":0},0,0,{"$error":"#DIV/0!"},0,{"$f":"IF($B$15=\"Yes\",MIN(S5319*2,References!$B$7),0)","v":0},{"$f":"IF(AND(D5319<>0,$B$16=\"Yes\"),References!$B$6,0)","v":0},0,0,0,0,{"$error":"#DIV/0!"},{"$f":"(M5319*12-(VLOOKUP(AB5319*12,'Tax table'!$A$3:$C$10,3)*(AB5319*12-VLOOKUP(AB5319*12,'Tax table'!$A$3:$C$10,1))+VLOOKUP(AB5319*12,'Tax table'!$A$3:$C$10,2)))/12","v":{"$error":"#DIV/0!"}},{"$error":"#DIV/0!"},{"$error":"#DIV/0!"}]
[{"$nulls":9},118,0,0,{"$error":"#DIV/0!"},{"$error":"#DIV/0!"},{"$f":"(M5338*12-(VLOOKUP(N5338*12,'Tax table'!$A$3:$C$10,3)*(N5338*12-VLOOKUP(N5338*12,'Tax table'!$A$3:$C$10,1))+VLOOKUP(N5338*12,'Tax table'!$A$3:$C$10,2)))/12","v":{"$error":"#DIV/0!"}},0,{"$f":"(VLOOKUP(P5338*12,'Tax table'!$A$3:$C$10,3)*(P5338*12-VLOOKUP(P5338*12,'Tax table'!$A$3:$C$10,1))+VLOOKUP(P5338*12,'Tax table'!$A$3:$C$10,2))/12","v":0},0,0,{"$error":"#DIV/0!"},0,{"$f":"IF($B$15=\"Yes\",MIN(S5338*2,References!$B$7),0)","v":0},{"$f":"IF(AND(D5338<>0,$B$16=\"Yes\"),References!$B$6,0)","v":0},0,0,0,0,{"$error":"#DIV/0!"},{"$f":"(M5338*12-(VLOOKUP(AB5338*12,'Tax table'!$A$3:$C$10,3)*(AB5338*12-VLOOKUP(AB5338*12,'Tax table'!$A$3:$C$10,1))+VLOOKUP(AB5338*12,'Tax table'!$A$3:$C$10,2)))/12","v":{"$error":"#DIV/0!"}},{"$error":"#DIV/0!"},{"$error":"#DIV/0!"}]
[{"$nulls":9},118,0,0,{"$error":"#DIV/0!"},{"$error":"#DIV/0!"},{"$f":"(M5348*12-(VLOOKUP(N5348*12,'Tax table'!$A$3:$C$10,3)*(N5348*12-VLOOKUP(N5348*12,'Tax table'!$A$3:$C$10,1))+VLOOKUP(N5348*12,'Tax table'!$A$3:$C$10,2)))/12","v":{"$error":"#DIV/0!"}},0,{"$f":"(VLOOKUP(P5348*12,'Tax table'!$A$3:$C$10,3)*(P5348*12-VLOOKUP(P5348*12,'Tax table'!$A$3:$C$10,1))+VLOOKUP(P5348*12,'Tax table'!$A$3:$C$10,2))/12","v":0},0,0,{"$error":"#DIV/0!"},0,{"$f":"IF($B$15=\"Yes\",MIN(S5348*2,References!$B$7),0)","v":0},{"$f":"IF(AND(D5348<>0,$B$16=\"Yes\"),References!$B$6,0)","v":0},0,0,0,0,{"$error":"#DIV/0!"},{"$f":"(M5348*12-(VLOOKUP(AB5348*12,'Tax table'!$A$3:$C$10,3)*(AB5348*12-VLOOKUP(AB5348*12,'Tax table'!$A$3:$C$10,1))+VLOOKUP(AB5348*12,'Tax table'!$A$3:$C$10,2)))/12","v":{"$error":"#DIV/0!"}},{"$error":"#DIV/0!"},{"$error":"#DIV/0!"}]
[{"$nulls":9},118,0,0,{"$error":"#DIV/0!"},{"$error":"#DIV/0!"},{"$f":"(M5354*12-(VLOOKUP(N5354*12,'Tax table'!$A$3:$C$10,3)*(N5354*12-VLOOKUP(N5354*12,'Tax table'!$A$3:$C$10,1))+VLOOKUP(N5354*12,'Tax table'!$A$3:$C$10,2)))/12","v":{"$error":"#DIV/0!"}},0,{"$f":"(VLOOKUP(P5354*12,'Tax table'!$A$3:$C$10,3)*(P5354*12-VLOOKUP(P5354*12,'Tax table'!$A$3:$C$10,1))+VLOOKUP(P5354*12,'Tax table'!$A$3:$C$10,2))/12","v":0},0,0,{"$error":"#DIV/0!"},0,{"$f":"IF($B$15=\"Yes\",MIN(S5354*2,References!$B$7),0)","v":0},{"$f":"IF(AND(D5354<>0,$B$16=\"Yes\"),References!$B$6,0)","v":0},0,0,0,0,{"$error":"#DIV/0!"},{"$f":"(M5354*12-(VLOOKUP(AB5354*12,'Tax table'!$A$3:$C$10,3)*(AB5354*12-VLOOKUP(AB5354*12,'Tax table'!$A$3:$C$10,1))+VLOOKUP(AB5354*12,'Tax table'!$A$3:$C$10,2)))/12","v":{"$error":"#DIV/0!"}},{"$error":"#DIV/0!"},{"$error":"#DIV/0!"}]
[{"$nulls":9},118,0,0,{"$error":"#DIV/0!"},{"$error":"#DIV/0!"},{"$f":"(M5371*12-(VLOOKUP(N5371*12,'Tax table'!$A$3:$C$10,3)*(N5371*12-VLOOKUP(N5371*12,'Tax table'!$A$3:$C$10,1))+VLOOKUP(N5371*12,'Tax table'!$A$3:$C$10,2)))/12","v":{"$error":"#DIV/0!"}},0,{"$f":"(VLOOKUP(P5371*12,'Tax table'!$A$3:$C$10,3)*(P5371*12-VLOOKUP(P5371*12,'Tax table'!$A$3:$C$10,1))+VLOOKUP(P5371*12,'Tax table'!$A$3:$C$10,2))/12","v":0},0,0,{"$error":"#DIV/0!"},0,{"$f":"IF($B$15=\"Yes\",MIN(S5371*2,References!$B$7),0)","v":0},{"$f":"IF(AND(D5371<>0,$B$16=\"Yes\"),References!$B$6,0)","v":0},0,0,0,0,{"$error":"#DIV/0!"},{"$f":"(M5371*12-(VLOOKUP(AB5371*12,'Tax table'!$A$3:$C$10,3)*(AB5371*12-VLOOKUP(AB5371*12,'Tax table'!$A$3:$C$10,1))+VLOOKUP(AB5371*12,'Tax table'!$A$3:$C$10,2)))/12","v":{"$error":"#DIV/0!"}},{"$error":"#DIV/0!"},{"$error":"#DIV/0!"}]
[{"$nulls":9},118,0,0,{"$error":"#DIV/0!"},{"$error":"#DIV/0!"},{"$f":"(M5381*12-(VLOOKUP(N5381*12,'Tax table'!$A$3:$C$10,3)*(N5381*12-VLOOKUP(N5381*12,'Tax table'!$A$3:$C$10,1))+VLOOKUP(N5381*12,'Tax table'!$A$3:$C$10,2)))/12","v":{"$error":"#DIV/0!"}},0,{"$f":"(VLOOKUP(P5381*12,'Tax table'!$A$3:$C$10,3)*(P5381*12-VLOOKUP(P5381*12,'Tax table'!$A$3:$C$10,1))+VLOOKUP(P5381*12,'Tax table'!$A$3:$C$10,2))/12","v":0},0,0,{"$error":"#DIV/0!"},0,{"$f":"IF($B$15=\"Yes\",MIN(S5381*2,References!$B$7),0)","v":0},{"$f":"IF(AND(D5381<>0,$B$16=\"Yes\"),References!$B$6,0)","v":0},0,0,0,0,{"$error":"#DIV/0!"},{"$f":"(M5381*12-(VLOOKUP(AB5381*12,'Tax table'!$A$3:$C$10,3)*(AB5381*12-VLOOKUP(AB5381*12,'Tax table'!$A$3:$C$10,1))+VLOOKUP(AB5381*12,'Tax table'!$A$3:$C$10,2)))/12","v":{"$error":"#DIV/0!"}},{"$error":"#DIV/0!"},{"$error":"#DIV/0!"}]
[{"$nulls":9},118,0,0,{"$error":"#DIV/0!"},{"$error":"#DIV/0!"},{"$f":"(M5387*12-(VLOOKUP(N5387*12,'Tax table'!$A$3:$C$10,3)*(N5387*12-VLOOKUP(N5387*12,'Tax table'!$A$3:$C$10,1))+VLOOKUP(N5387*12,'Tax table'!$A$3:$C$10,2)))/12","v":{"$error":"#DIV/0!"}},0,{"$f":"(VLOOKUP(P5387*12,'Tax table'!$A$3:$C$10,3)*(P5387*12-VLOOKUP(P5387*12,'Tax table'!$A$3:$C$10,1))+VLOOKUP(P5387*12,'Tax table'!$A$3:$C$10,2))/12","v":0},0,0,{"$error":"#DIV/0!"},0,{"$f":"IF($B$15=\"Yes\",MIN(S5387*2,References!$B$7),0)","v":0},{"$f":"IF(AND(D5387<>0,$B$16=\"Yes\"),References!$B$6,0)","v":0},0,0,0,0,{"$error":"#DIV/0!"},{"$f":"(M5387*12-(VLOOKUP(AB5387*12,'Tax table'!$A$3:$C$10,3)*(AB5387*12-VLOOKUP(AB5387*12,'Tax table'!$A$3:$C$10,1))+VLOOKUP(AB5387*12,'Tax table'!$A$3:$C$10,2)))/12","v":{"$error":"#DIV/0!"}},{"$error":"#DIV/0!"},{"$error":"#DIV/0!"}]
[{"$nulls":9},118,0,0,{"$error":"#DIV/0!"},{"$error":"#DIV/0!"},{"$f":"(M5397*12-(VLOOKUP(N5397*12,'Tax table'!$A$3:$C$10,3)*(N5397*12-VLOOKUP(N5397*12,'Tax table'!$A$3:$C$10,1))+VLOOKUP(N5397*12,'Tax table'!$A$3:$C$10,2)))/12","v":{"$error":"#DIV/0!"}},0,{"$f":"(VLOOKUP(P5397*12,'Tax table'!$A$3:$C$10,3)*(P5397*12-VLOOKUP(P5397*12,'Tax table'!$A$3:$C$10,1))+VLOOKUP(P5397*12,'Tax table'!$A$3:$C$10,2))/12","v":0},0,0,{"$error":"#DIV/0!"},0,{"$f":"IF($B$15=\"Yes\",MIN(S5397*2,References!$B$7),0)","v":0},{"$f":"IF(AND(D5397<>0,$B$16=\"Yes\"),References!$B$6,0)","v":0},0,0,0,0,{"$error":"#DIV/0!"},{"$f":"(M5397*12-(VLOOKUP(AB5397*12,'Tax table'!$A$3:$C$10,3)*(AB5397*12-VLOOKUP(AB5397*12,'Tax table'!$A$3:$C$10,1))+VLOOKUP(AB5397*12,'Tax table'!$A$3:$C$10,2)))/12","v":{"$error":"#DIV/0!"}},{"$error":"#DIV/0!"},{"$error":"#DIV/0!"}]
[{"$nulls":9},118,0,0,{"$error":"#DIV/0!"},{"$error":"#DIV/0!"},{"$f":"(M5414*12-(VLOOKUP(N5414*12,'Tax table'!$A$3:$C$10,3)*(N5414*12-VLOOKUP(N5414*12,'Tax table'!$A$3:$C$10,1))+VLOOKUP(N5414*12,'Tax table'!$A$3:$C$10,2)))/12","v":{"$error":"#DIV/0!"}},0,{"$f":"(VLOOKUP(P5414*12,'Tax table'!$A$3:$C$10,3)*(P5414*12-VLOOKUP(P5414*12,'Tax table'!$A$3:$C$10,1))+VLOOKUP(P5414*12,'Tax table'!$A$3:$C$10,2))/12","v":0},0,0,{"$error":"#DIV/0!"},0,{"$f":"IF($B$15=\"Yes\",MIN(S5414*2,References!$B$7),0)","v":0},{"$f":"IF(AND(D5414<>0,$B$16=\"Yes\"),References!$B$6,0)","v":0},0,0,0,0,{"$error":"#DIV/0!"},{"$f":"(M5414*12-(VLOOKUP(AB5414*12,'Tax table'!$A$3:$C$10,3)*(AB5414*12-VLOOKUP(AB5414*12,'Tax table'!$A$3:$C$10,1))+VLOOKUP(AB5414*12,'Tax table'!$A$3:$C$10,2)))/12","v":{"$error":"#DIV/0!"}},{"$error":"#DIV/0!"},{"$error":"#DIV/0!"}]
[{"$nulls":9},118,0,0,{"$error":"#DIV/0!"},{"$error":"#DIV/0!"},{"$f":"(M5420*12-(VLOOKUP(N5420*12,'Tax table'!$A$3:$C$10,3)*(N5420*12-VLOOKUP(N5420*12,'Tax table'!$A$3:$C$10,1))+VLOOKUP(N5420*12,'Tax table'!$A$3:$C$10,2)))/12","v":{"$error":"#DIV/0!"}},0,{"$f":"(VLOOKUP(P5420*12,'Tax table'!$A$3:$C$10,3)*(P5420*12-VLOOKUP(P5420*12,'Tax table'!$A$3:$C$10,1))+VLOOKUP(P5420*12,'Tax table'!$A$3:$C$10,2))/12","v":0},0,0,{"$error":"#DIV/0!"},0,{"$f":"IF($B$15=\"Yes\",MIN(S5420*2,References!$B$7),0)","v":0},{"$f":"IF(AND(D5420<>0,$B$16=\"Yes\"),References!$B$6,0)","v":0},0,0,0,0,{"$error":"#DIV/0!"},{"$f":"(M5420*12-(VLOOKUP(AB5420*12,'Tax table'!$A$3:$C$10,3)*(AB5420*12-VLOOKUP(AB5420*12,'Tax table'!$A$3:$C$10,1))+VLOOKUP(AB5420*12,'Tax table'!$A$3:$C$10,2)))/12","v":{"$error":"#DIV/0!"}},{"$error":"#DIV/0!"},{"$error":"#DIV/0!"}]
[{"$nulls":9},118,0,0,{"$error":"#DIV/0!"},{"$error":"#DIV/0!"},{"$f":"(M5430*12-(VLOOKUP(N5430*12,'Tax table'!$A$3:$C$10,3)*(N5430*12-VLOOKUP(N5430*12,'Tax table'!$A$3:$C$10,1))+VLOOKUP(N5430*12,'Tax table'!$A$3:$C$10,2)))/12","v":{"$error":"#DIV/0!"}},0,{"$f":"(VLOOKUP(P5430*12,'Tax table'!$A$3:$C$10,3)*(P5430*12-VLOOKUP(P5430*12,'Tax table'!$A$3:$C$10,1))+VLOOKUP(P5430*12,'Tax table'!$A$3:$C$10,2))/12","v":0},0,0,{"$error":"#DIV/0!"},0,{"$f":"IF($B$15=\"Yes\",MIN(S5430*2,References!$B$7),0)","v":0},{"$f":"IF(AND(D5430<>0,$B$16=\"Yes\"),References!$B$6,0)","v":0},0,0,0,0,{"$error":"#DIV/0!"},{"$f":"(M5430*12-(VLOOKUP(AB5430*12,'Tax table'!$A$3:$C$10,3)*(AB5430*12-VLOOKUP(AB5430*12,'Tax table'!$A$3:$C$10,1))+VLOOKUP(AB5430*12,'Tax table'!$A$3:$C$10,2)))/12","v":{"$error":"#DIV/0!"}},{"$error":"#DIV/0!"},{"$error":"#DIV/0!"}]
[{"$nulls":9},118,0,0,{"$error":"#DIV/0!"},{"$error":"#DIV/0!"},{"$f":"(M5447*12-(VLOOKUP(N5447*12,'Tax table'!$A$3:$C$10,3)*(N5447*12-VLOOKUP(N5447*12,'Tax table'!$A$3:$C$10,1))+VLOOKUP(N5447*12,'Tax table'!$A$3:$C$10,2)))/12","v":{"$error":"#DIV/0!"}},0,{"$f":"(VLOOKUP(P5447*12,'Tax table'!$A$3:$C$10,3)*(P5447*12-VLOOKUP(P5447*12,'Tax table'!$A$3:$C$10,1))+VLOOKUP(P5447*12,'Tax table'!$A$3:$C$10,2))/12","v":0},0,0,{"$error":"#DIV/0!"},0,{"$f":"IF($B$15=\"Yes\",MIN(S5447*2,References!$B$7),0)","v":0},{"$f":"IF(AND(D5447<>0,$B$16=\"Yes\"),References!$B$6,0)","v":0},0,0,0,0,{"$error":"#DIV/0!"},{"$f":"(M5447*12-(VLOOKUP(AB5447*12,'Tax table'!$A$3:$C$10,3)*(AB5447*12-VLOOKUP(AB5447*12,'Tax table'!$A$3:$C$10,1))+VLOOKUP(AB5447*12,'Tax table'!$A$3:$C$10,2)))/12","v":{"$error":"#DIV/0!"}},{"$error":"#DIV/0!"},{"$error":"#DIV/0!"}]
[{"$nulls":9},118,0,0,{"$error":"#DIV/0!"},{"$error":"#DIV/0!"},{"$f":"(M5453*12-(VLOOKUP(N5453*12,'Tax table'!$A$3:$C$10,3)*(N5453*12-VLOOKUP(N5453*12,'Tax table'!$A$3:$C$10,1))+VLOOKUP(N5453*12,'Tax table'!$A$3:$C$10,2)))/12","v":{"$error":"#DIV/0!"}},0,{"$f":"(VLOOKUP(P5453*12,'Tax table'!$A$3:$C$10,3)*(P5453*12-VLOOKUP(P5453*12,'Tax table'!$A$3:$C$10,1))+VLOOKUP(P5453*12,'Tax table'!$A$3:$C$10,2))/12","v":0},0,0,{"$error":"#DIV/0!"},0,{"$f":"IF($B$15=\"Yes\",MIN(S5453*2,References!$B$7),0)","v":0},{"$f":"IF(AND(D5453<>0,$B$16=\"Yes\"),References!$B$6,0)","v":0},0,0,0,0,{"$error":"#DIV/0!"},{"$f":"(M5453*12-(VLOOKUP(AB5453*12,'Tax table'!$A$3:$C$10,3)*(AB5453*12-VLOOKUP(AB5453*12,'Tax table'!$A$3:$C$10,1))+VLOOKUP(AB5453*12,'Tax table'!$A$3:$C$10,2)))/12","v":{"$error":"#DIV/0!"}},{"$error":"#DIV/0!"},{"$error":"#DIV/0!"}]
[{"$nulls":9},118,0,0,{"$error":"#DIV/0!"},{"$error":"#DIV/0!"},{"$f":"(M5463*12-(VLOOKUP(N5463*12,'Tax table'!$A$3:$C$10,3)*(N5463*12-VLOOKUP(N5463*12,'Tax table'!$A$3:$C$10,1))+VLOOKUP(N5463*12,'Tax table'!$A$3:$C$10,2)))/12","v":{"$error":"#DIV/0!"}},0,{"$f":"(VLOOKUP(P5463*12,'Tax table'!$A$3:$C$10,3)*(P5463*12-VLOOKUP(P5463*12,'Tax table'!$A$3:$C$10,1))+VLOOKUP(P5463*12,'Tax table'!$A$3:$C$10,2))/12","v":0},0,0,{"$error":"#DIV/0!"},0,{"$f":"IF($B$15=\"Yes\",MIN(S5463*2,References!$B$7),0)","v":0},{"$f":"IF(AND(D5463<>0,$B$16=\"Yes\"),References!$B$6,0)","v":0},0,0,0,0,{"$error":"#DIV/0!"},{"$f":"(M5463*12-(VLOOKUP(AB5463*12,'Tax table'!$A$3:$C$10,3)*(AB5463*12-VLOOKUP(AB5463*12,'Tax table'!$A$3:$C$10,1))+VLOOKUP(AB5463*12,'Tax table'!$A$3:$C$10,2)))/12","v":{"$error":"#DIV/0!"}},{"$error":"#DIV/0!"},{"$error":"#DIV/0!"}]
[{"$nulls":9},118,0,0,{"$error":"#DIV/0!"},{"$error":"#DIV/0!"},{"$f":"(M5480*12-(VLOOKUP(N5480*12,'Tax table'!$A$3:$C$10,3)*(N5480*12-VLOOKUP(N5480*12,'Tax table'!$A$3:$C$10,1))+VLOOKUP(N5480*12,'Tax table'!$A$3:$C$10,2)))/12","v":{"$error":"#DIV/0!"}},0,{"$f":"(VLOOKUP(P5480*12,'Tax table'!$A$3:$C$10,3)*(P5480*12-VLOOKUP(P5480*12,'Tax table'!$A$3:$C$10,1))+VLOOKUP(P5480*12,'Tax table'!$A$3:$C$10,2))/12","v":0},0,0,{"$error":"#DIV/0!"},0,{"$f":"IF($B$15=\"Yes\",MIN(S5480*2,References!$B$7),0)","v":0},{"$f":"IF(AND(D5480<>0,$B$16=\"Yes\"),References!$B$6,0)","v":0},0,0,0,0,{"$error":"#DIV/0!"},{"$f":"(M5480*12-(VLOOKUP(AB5480*12,'Tax table'!$A$3:$C$10,3)*(AB5480*12-VLOOKUP(AB5480*12,'Tax table'!$A$3:$C$10,1))+VLOOKUP(AB5480*12,'Tax table'!$A$3:$C$10,2)))/12","v":{"$error":"#DIV/0!"}},{"$error":"#DIV/0!"},{"$error":"#DIV/0!"}]
[{"$nulls":9},118,0,0,{"$error":"#DIV/0!"},{"$error":"#DIV/0!"},{"$f":"(M5490*12-(VLOOKUP(N5490*12,'Tax table'!$A$3:$C$10,3)*(N5490*12-VLOOKUP(N5490*12,'Tax table'!$A$3:$C$10,1))+VLOOKUP(N5490*12,'Tax table'!$A$3:$C$10,2)))/12","v":{"$error":"#DIV/0!"}},0,{"$f":"(VLOOKUP(P5490*12,'Tax table'!$A$3:$C$10,3)*(P5490*12-VLOOKUP(P5490*12,'Tax table'!$A$3:$C$10,1))+VLOOKUP(P5490*12,'Tax table'!$A$3:$C$10,2))/12","v":0},0,0,{"$error":"#DIV/0!"},0,{"$f":"IF($B$15=\"Yes\",MIN(S5490*2,References!$B$7),0)","v":0},{"$f":"IF(AND(D5490<>0,$B$16=\"Yes\"),References!$B$6,0)","v":0},0,0,0,0,{"$error":"#DIV/0!"},{"$f":"(M5490*12-(VLOOKUP(AB5490*12,'Tax table'!$A$3:$C$10,3)*(AB5490*12-VLOOKUP(AB5490*12,'Tax table'!$A$3:$C$10,1))+VLOOKUP(AB5490*12,'Tax table'!$A$3:$C$10,2)))/12","v":{"$error":"#DIV/0!"}},{"$error":"#DIV/0!"},{"$error":"#DIV/0!"}]
[{"$nulls":9},118,0,0,{"$error":"#DIV/0!"},{"$error":"#DIV/0!"},{"$f":"(M5496*12-(VLOOKUP(N5496*12,'Tax table'!$A$3:$C$10,3)*(N5496*12-VLOOKUP(N5496*12,'Tax table'!$A$3:$C$10,1))+VLOOKUP(N5496*12,'Tax table'!$A$3:$C$10,2)))/12","v":{"$error":"#DIV/0!"}},0,{"$f":"(VLOOKUP(P5496*12,'Tax table'!$A$3:$C$10,3)*(P5496*12-VLOOKUP(P5496*12,'Tax table'!$A$3:$C$10,1))+VLOOKUP(P5496*12,'Tax table'!$A$3:$C$10,2))/12","v":0},0,0,{"$error":"#DIV/0!"},0,{"$f":"IF($B$15=\"Yes\",MIN(S5496*2,References!$B$7),0)","v":0},{"$f":"IF(AND(D5496<>0,$B$16=\"Yes\"),References!$B$6,0)","v":0},0,0,0,0,{"$error":"#DIV/0!"},{"$f":"(M5496*12-(VLOOKUP(AB5496*12,'Tax table'!$A$3:$C$10,3)*(AB5496*12-VLOOKUP(AB5496*12,'Tax table'!$A$3:$C$10,1))+VLOOKUP(AB5496*12,'Tax table'!$A$3:$C$10,2)))/12","v":{"$error":"#DIV/0!"}},{"$error":"#DIV/0!"},{"$error":"#DIV/0!"}]
[{"$nulls":9},118,0,0,{"$error":"#DIV/0!"},{"$error":"#DIV/0!"},{"$f":"(M5513*12-(VLOOKUP(N5513*12,'Tax table'!$A$3:$C$10,3)*(N5513*12-VLOOKUP(N5513*12,'Tax table'!$A$3:$C$10,1))+VLOOKUP(N5513*12,'Tax table'!$A$3:$C$10,2)))/12","v":{"$error":"#DIV/0!"}},0,{"$f":"(VLOOKUP(P5513*12,'Tax table'!$A$3:$C$10,3)*(P5513*12-VLOOKUP(P5513*12,'Tax table'!$A$3:$C$10,1))+VLOOKUP(P5513*12,'Tax table'!$A$3:$C$10,2))/12","v":0},0,0,{"$error":"#DIV/0!"},0,{"$f":"IF($B$15=\"Yes\",MIN(S5513*2,References!$B$7),0)","v":0},{"$f":"IF(AND(D5513<>0,$B$16=\"Yes\"),References!$B$6,0)","v":0},0,0,0,0,{"$error":"#DIV/0!"},{"$f":"(M5513*12-(VLOOKUP(AB5513*12,'Tax table'!$A$3:$C$10,3)*(AB5513*12-VLOOKUP(AB5513*12,'Tax table'!$A$3:$C$10,1))+VLOOKUP(AB5513*12,'Tax table'!$A$3:$C$10,2)))/12","v":{"$error":"#DIV/0!"}},{"$error":"#DIV/0!"},{"$error":"#DIV/0!"}]
[{"$nulls":9},118,0,0,{"$error":"#DIV/0!"},{"$error":"#DIV/0!"},{"$f":"(M5523*12-(VLOOKUP(N5523*12,'Tax table'!$A$3:$C$10,3)*(N5523*12-VLOOKUP(N5523*12,'Tax table'!$A$3:$C$10,1))+VLOOKUP(N5523*12,'Tax table'!$A$3:$C$10,2)))/12","v":{"$error":"#DIV/0!"}},0,{"$f":"(VLOOKUP(P5523*12,'Tax table'!$A$3:$C$10,3)*(P5523*12-VLOOKUP(P5523*12,'Tax table'!$A$3:$C$10,1))+VLOOKUP(P5523*12,'Tax table'!$A$3:$C$10,2))/12","v":0},0,0,{"$error":"#DIV/0!"},0,{"$f":"IF($B$15=\"Yes\",MIN(S5523*2,References!$B$7),0)","v":0},{"$f":"IF(AND(D5523<>0,$B$16=\"Yes\"),References!$B$6,0)","v":0},0,0,0,0,{"$error":"#DIV/0!"},{"$f":"(M5523*12-(VLOOKUP(AB5523*12,'Tax table'!$A$3:$C$10,3)*(AB5523*12-VLOOKUP(AB5523*12,'Tax table'!$A$3:$C$10,1))+VLOOKUP(AB5523*12,'Tax table'!$A$3:$C$10,2)))/12","v":{"$error":"#DIV/0!"}},{"$error":"#DIV/0!"},{"$error":"#DIV/0!"}]
[{"$nulls":9},118,0,0,{"$error":"#DIV/0!"},{"$error":"#DIV/0!"},{"$f":"(M5529*12-(VLOOKUP(N5529*12,'Tax table'!$A$3:$C$10,3)*(N5529*12-VLOOKUP(N5529*12,'Tax table'!$A$3:$C$10,1))+VLOOKUP(N5529*12,'Tax table'!$A$3:$C$10,2)))/12","v":{"$error":"#DIV/0!"}},0,{"$f":"(VLOOKUP(P5529*12,'Tax table'!$A$3:$C$10,3)*(P5529*12-VLOOKUP(P5529*12,'Tax table'!$A$3:$C$10,1))+VLOOKUP(P5529*12,'Tax table'!$A$3:$C$10,2))/12","v":0},0,0,{"$error":"#DIV/0!"},0,{"$f":"IF($B$15=\"Yes\",MIN(S5529*2,References!$B$7),0)","v":0},{"$f":"IF(AND(D5529<>0,$B$16=\"Yes\"),References!$B$6,0)","v":0},0,0,0,0,{"$error":"#DIV/0!"},{"$f":"(M5529*12-(VLOOKUP(AB5529*12,'Tax table'!$A$3:$C$10,3)*(AB5529*12-VLOOKUP(AB5529*12,'Tax table'!$A$3:$C$10,1))+VLOOKUP(AB5529*12,'Tax table'!$A$3:$C$10,2)))/12","v":{"$error":"#DIV/0!"}},{"$error":"#DIV/0!"},{"$error":"#DIV/0!"}]
[{"$nulls":9},118,0,0,{"$error":"#DIV/0!"},{"$error":"#DIV/0!"},{"$f":"(M5546*12-(VLOOKUP(N5546*12,'Tax table'!$A$3:$C$10,3)*(N5546*12-VLOOKUP(N5546*12,'Tax table'!$A$3:$C$10,1))+VLOOKUP(N5546*12,'Tax table'!$A$3:$C$10,2)))/12","v":{"$error":"#DIV/0!"}},0,{"$f":"(VLOOKUP(P5546*12,'Tax table'!$A$3:$C$10,3)*(P5546*12-VLOOKUP(P5546*12,'Tax table'!$A$3:$C$10,1))+VLOOKUP(P5546*12,'Tax table'!$A$3:$C$10,2))/12","v":0},0,0,{"$error":"#DIV/0!"},0,{"$f":"IF($B$15=\"Yes\",MIN(S5546*2,References!$B$7),0)","v":0},{"$f":"IF(AND(D5546<>0,$B$16=\"Yes\"),References!$B$6,0)","v":0},0,0,0,0,{"$error":"#DIV/0!"},{"$f":"(M5546*12-(VLOOKUP(AB5546*12,'Tax table'!$A$3:$C$10,3)*(AB5546*12-VLOOKUP(AB5546*12,'Tax table'!$A$3:$C$10,1))+VLOOKUP(AB5546*12,'Tax table'!$A$3:$C$10,2)))/12","v":{"$error":"#DIV/0!"}},{"$error":"#DIV/0!"},{"$error":"#DIV/0!"}]
[{"$nulls":9},118,0,0,{"$error":"#DIV/0!"},{"$error":"#DIV/0!"},{"$f":"(M5556*12-(VLOOKUP(N5556*12,'Tax table'!$A$3:$C$10,3)*(N5556*12-VLOOKUP(N5556*12,'Tax table'!$A$3:$C$10,1))+VLOOKUP(N5556*12,'Tax table'!$A$3:$C$10,2)))/12","v":{"$error":"#DIV/0!"}},0,{"$f":"(VLOOKUP(P5556*12,'Tax table'!$A$3:$C$10,3)*(P5556*12-VLOOKUP(P5556*12,'Tax table'!$A$3:$C$10,1))+VLOOKUP(P5556*12,'Tax table'!$A$3:$C$10,2))/12","v":0},0,0,{"$error":"#DIV/0!"},0,{"$f":"IF($B$15=\"Yes\",MIN(S5556*2,References!$B$7),0)","v":0},{"$f":"IF(AND(D5556<>0,$B$16=\"Yes\"),References!$B$6,0)","v":0},0,0,0,0,{"$error":"#DIV/0!"},{"$f":"(M5556*12-(VLOOKUP(AB5556*12,'Tax table'!$A$3:$C$10,3)*(AB5556*12-VLOOKUP(AB5556*12,'Tax table'!$A$3:$C$10,1))+VLOOKUP(AB5556*12,'Tax table'!$A$3:$C$10,2)))/12","v":{"$error":"#DIV/0!"}},{"$error":"#DIV/0!"},{"$error":"#DIV/0!"}]
[{"$nulls":9},118,0,0,{"$error":"#DIV/0!"},{"$error":"#DIV/0!"},{"$f":"(M5564*12-(VLOOKUP(N5564*12,'Tax table'!$A$3:$C$10,3)*(N5564*12-VLOOKUP(N5564*12,'Tax table'!$A$3:$C$10,1))+VLOOKUP(N5564*12,'Tax table'!$A$3:$C$10,2)))/12","v":{"$error":"#DIV/0!"}},0,{"$f":"(VLOOKUP(P5564*12,'Tax table'!$A$3:$C$10,3)*(P5564*12-VLOOKUP(P5564*12,'Tax table'!$A$3:$C$10,1))+VLOOKUP(P5564*12,'Tax table'!$A$3:$C$10,2))/12","v":0},0,0,{"$error":"#DIV/0!"},0,{"$f":"IF($B$15=\"Yes\",MIN(S5564*2,References!$B$7),0)","v":0},{"$f":"IF(AND(D5564<>0,$B$16=\"Yes\"),References!$B$6,0)","v":0},0,0,0,0,{"$error":"#DIV/0!"},{"$f":"(M5564*12-(VLOOKUP(AB5564*12,'Tax table'!$A$3:$C$10,3)*(AB5564*12-VLOOKUP(AB5564*12,'Tax table'!$A$3:$C$10,1))+VLOOKUP(AB5564*12,'Tax table'!$A$3:$C$10,2)))/12","v":{"$error":"#DIV/0!"}},{"$error":"#DIV/0!"},{"$error":"#DIV/0!"}]
[{"$nulls":9},118,0,0,{"$error":"#DIV/0!"},{"$error":"#DIV/0!"},{"$f":"(M5584*12-(VLOOKUP(N5584*12,'Tax table'!$A$3:$C$10,3)*(N5584*12-VLOOKUP(N5584*12,'Tax table'!$A$3:$C$10,1))+VLOOKUP(N5584*12,'Tax table'!$A$3:$C$10,2)))/12","v":{"$error":"#DIV/0!"}},0,{"$f":"(VLOOKUP(P5584*12,'Tax table'!$A$3:$C$10,3)*(P5584*12-VLOOKUP(P5584*12,'Tax table'!$A$3:$C$10,1))+VLOOKUP(P5584*12,'Tax table'!$A$3:$C$10,2))/12","v":0},0,0,{"$error":"#DIV/0!"},0,{"$f":"IF($B$15=\"Yes\",MIN(S5584*2,References!$B$7),0)","v":0},{"$f":"IF(AND(D5584<>0,$B$16=\"Yes\"),References!$B$6,0)","v":0},0,0,0,0,{"$error":"#DIV/0!"},{"$f":"(M5584*12-(VLOOKUP(AB5584*12,'Tax table'!$A$3:$C$10,3)*(AB5584*12-VLOOKUP(AB5584*12,'Tax table'!$A$3:$C$10,1))+VLOOKUP(AB5584*12,'Tax table'!$A$3:$C$10,2)))/12","v":{"$error":"#DIV/0!"}},{"$error":"#DIV/0!"},{"$error":"#DIV/0!"}]
[{"$nulls":9},118,0,0,{"$error":"#DIV/0!"},{"$error":"#DIV/0!"},{"$f":"(M5590*12-(VLOOKUP(N5590*12,'Tax table'!$A$3:$C$10,3)*(N5590*12-VLOOKUP(N5590*12,'Tax table'!$A$3:$C$10,1))+VLOOKUP(N5590*12,'Tax table'!$A$3:$C$10,2)))/12","v":{"$error":"#DIV/0!"}},0,{"$f":"(VLOOKUP(P5590*12,'Tax table'!$A$3:$C$10,3)*(P5590*12-VLOOKUP(P5590*12,'Tax table'!$A$3:$C$10,1))+VLOOKUP(P5590*12,'Tax table'!$A$3:$C$10,2))/12","v":0},0,0,{"$error":"#DIV/0!"},0,{"$f":"IF($B$15=\"Yes\",MIN(S5590*2,References!$B$7),0)","v":0},{"$f":"IF(AND(D5590<>0,$B$16=\"Yes\"),References!$B$6,0)","v":0},0,0,0,0,{"$error":"#DIV/0!"},{"$f":"(M5590*12-(VLOOKUP(AB5590*12,'Tax table'!$A$3:$C$10,3)*(AB5590*12-VLOOKUP(AB5590*12,'Tax table'!$A$3:$C$10,1))+VLOOKUP(AB5590*12,'Tax table'!$A$3:$C$10,2)))/12","v":{"$error":"#DIV/0!"}},{"$error":"#DIV/0!"},{"$error":"#DIV/0!"}]
[{"$nulls":9},118,0,0,{"$error":"#DIV/0!"},{"$error":"#DIV/0!"},{"$f":"(M5596*12-(VLOOKUP(N5596*12,'Tax table'!$A$3:$C$10,3)*(N5596*12-VLOOKUP(N5596*12,'Tax table'!$A$3:$C$10,1))+VLOOKUP(N5596*12,'Tax table'!$A$3:$C$10,2)))/12","v":{"$error":"#DIV/0!"}},0,{"$f":"(VLOOKUP(P5596*12,'Tax table'!$A$3:$C$10,3)*(P5596*12-VLOOKUP(P5596*12,'Tax table'!$A$3:$C$10,1))+VLOOKUP(P5596*12,'Tax table'!$A$3:$C$10,2))/12","v":0},0,0,{"$error":"#DIV/0!"},0,{"$f":"IF($B$15=\"Yes\",MIN(S5596*2,References!$B$7),0)","v":0},{"$f":"IF(AND(D5596<>0,$B$16=\"Yes\"),References!$B$6,0)","v":0},0,0,0,0,{"$error":"#DIV/0!"},{"$f":"(M5596*12-(VLOOKUP(AB5596*12,'Tax table'!$A$3:$C$10,3)*(AB5596*12-VLOOKUP(AB5596*12,'Tax table'!$A$3:$C$10,1))+VLOOKUP(AB5596*12,'Tax table'!$A$3:$C$10,2)))/12","v":{"$error":"#DIV/0!"}},{"$error":"#DIV/0!"},{"$error":"#DIV/0!"}]
[{"$nulls":9},118,0,0,{"$error":"#DIV/0!"},{"$error":"#DIV/0!"},{"$f":"(M5617*12-(VLOOKUP(N5617*12,'Tax table'!$A$3:$C$10,3)*(N5617*12-VLOOKUP(N5617*12,'Tax table'!$A$3:$C$10,1))+VLOOKUP(N5617*12,'Tax table'!$A$3:$C$10,2)))/12","v":{"$error":"#DIV/0!"}},0,{"$f":"(VLOOKUP(P5617*12,'Tax table'!$A$3:$C$10,3)*(P5617*12-VLOOKUP(P5617*12,'Tax table'!$A$3:$C$10,1))+VLOOKUP(P5617*12,'Tax table'!$A$3:$C$10,2))/12","v":0},0,0,{"$error":"#DIV/0!"},0,{"$f":"IF($B$15=\"Yes\",MIN(S5617*2,References!$B$7),0)","v":0},{"$f":"IF(AND(D5617<>0,$B$16=\"Yes\"),References!$B$6,0)","v":0},0,0,0,0,{"$error":"#DIV/0!"},{"$f":"(M5617*12-(VLOOKUP(AB5617*12,'Tax table'!$A$3:$C$10,3)*(AB5617*12-VLOOKUP(AB5617*12,'Tax table'!$A$3:$C$10,1))+VLOOKUP(AB5617*12,'Tax table'!$A$3:$C$10,2)))/12","v":{"$error":"#DIV/0!"}},{"$error":"#DIV/0!"},{"$error":"#DIV/0!"}]
[{"$nulls":9},118,0,0,{"$error":"#DIV/0!"},{"$error":"#DIV/0!"},{"$f":"(M5623*12-(VLOOKUP(N5623*12,'Tax table'!$A$3:$C$10,3)*(N5623*12-VLOOKUP(N5623*12,'Tax table'!$A$3:$C$10,1))+VLOOKUP(N5623*12,'Tax table'!$A$3:$C$10,2)))/12","v":{"$error":"#DIV/0!"}},0,{"$f":"(VLOOKUP(P5623*12,'Tax table'!$A$3:$C$10,3)*(P5623*12-VLOOKUP(P5623*12,'Tax table'!$A$3:$C$10,1))+VLOOKUP(P5623*12,'Tax table'!$A$3:$C$10,2))/12","v":0},0,0,{"$error":"#DIV/0!"},0,{"$f":"IF($B$15=\"Yes\",MIN(S5623*2,References!$B$7),0)","v":0},{"$f":"IF(AND(D5623<>0,$B$16=\"Yes\"),References!$B$6,0)","v":0},0,0,0,0,{"$error":"#DIV/0!"},{"$f":"(M5623*12-(VLOOKUP(AB5623*12,'Tax table'!$A$3:$C$10,3)*(AB5623*12-VLOOKUP(AB5623*12,'Tax table'!$A$3:$C$10,1))+VLOOKUP(AB5623*12,'Tax table'!$A$3:$C$10,2)))/12","v":{"$error":"#DIV/0!"}},{"$error":"#DIV/0!"},{"$error":"#DIV/0!"}]
[{"$nulls":9},118,0,0,{"$error":"#DIV/0!"},{"$error":"#DIV/0!"},{"$f":"(M5633*12-(VLOOKUP(N5633*12,'Tax table'!$A$3:$C$10,3)*(N5633*12-VLOOKUP(N5633*12,'Tax table'!$A$3:$C$10,1))+VLOOKUP(N5633*12,'Tax table'!$A$3:$C$10,2)))/12","v":{"$error":"#DIV/0!"}},0,{"$f":"(VLOOKUP(P5633*12,'Tax table'!$A$3:$C$10,3)*(P5633*12-VLOOKUP(P5633*12,'Tax table'!$A$3:$C$10,1))+VLOOKUP(P5633*12,'Tax table'!$A$3:$C$10,2))/12","v":0},0,0,{"$error":"#DIV/0!"},0,{"$f":"IF($B$15=\"Yes\",MIN(S5633*2,References!$B$7),0)","v":0},{"$f":"IF(AND(D5633<>0,$B$16=\"Yes\"),References!$B$6,0)","v":0},0,0,0,0,{"$error":"#DIV/0!"},{"$f":"(M5633*12-(VLOOKUP(AB5633*12,'Tax table'!$A$3:$C$10,3)*(AB5633*12-VLOOKUP(AB5633*12,'Tax table'!$A$3:$C$10,1))+VLOOKUP(AB5633*12,'Tax table'!$A$3:$C$10,2)))/12","v":{"$error":"#DIV/0!"}},{"$error":"#DIV/0!"},{"$error":"#DIV/0!"}]
[{"$nulls":9},118,0,0,{"$error":"#DIV/0!"},{"$error":"#DIV/0!"},{"$f":"(M5650*12-(VLOOKUP(N5650*12,'Tax table'!$A$3:$C$10,3)*(N5650*12-VLOOKUP(N5650*12,'Tax table'!$A$3:$C$10,1))+VLOOKUP(N5650*12,'Tax table'!$A$3:$C$10,2)))/12","v":{"$error":"#DIV/0!"}},0,{"$f":"(VLOOKUP(P5650*12,'Tax table'!$A$3:$C$10,3)*(P5650*12-VLOOKUP(P5650*12,'Tax table'!$A$3:$C$10,1))+VLOOKUP(P5650*12,'Tax table'!$A$3:$C$10,2))/12","v":0},0,0,{"$error":"#DIV/0!"},0,{"$f":"IF($B$15=\"Yes\",MIN(S5650*2,References!$B$7),0)","v":0},{"$f":"IF(AND(D5650<>0,$B$16=\"Yes\"),References!$B$6,0)","v":0},0,0,0,0,{"$error":"#DIV/0!"},{"$f":"(M5650*12-(VLOOKUP(AB5650*12,'Tax table'!$A$3:$C$10,3)*(AB5650*12-VLOOKUP(AB5650*12,'Tax table'!$A$3:$C$10,1))+VLOOKUP(AB5650*12,'Tax table'!$A$3:$C$10,2)))/12","v":{"$error":"#DIV/0!"}},{"$error":"#DIV/0!"},{"$error":"#DIV/0!"}]
[{"$nulls":9},{"$f":"DATEDIF(B5656,$B$7,\"y\")","v":118},{"$f":"D5656/12","v":0},{"$f":"IF($B$10=\"No\",MIN(K5656*H5656,15%*K5656),I5656/12)","v":0},{"$f":"D5656/12/E5656","v":{"$error":"#DIV/0!"}},{"$f":"M5656-L5656","v":{"$error":"#DIV/0!"}},{"$f":"(M5656*12-(VLOOKUP(N5656*12,'Tax table'!$A$3:$C$10,3)*(N5656*12-VLOOKUP(N5656*12,'Tax table'!$A$3:$C$10,1))+VLOOKUP(N5656*12,'Tax table'!$A$3:$C$10,2)))/12","v":{"$error":"#DIV/0!"}},{"$f":"K5656-L5656","v":0},{"$f":"(VLOOKUP(P5656*12,'Tax table'!$A$3:$C$10,3)*(P5656*12-VLOOKUP(P5656*12,'Tax table'!$A$3:$C$10,1))+VLOOKUP(P5656*12,'Tax table'!$A$3:$C$10,2))/12","v":0},{"$f":"K5656-Q5656","v":0},{"$f":"MIN(R5656*F5656,SUM($B$8,$B$9))","v":0},{"$f":"S5656/O5656","v":{"$error":"#DIV/0!"}},{"$f":"IF($B$14=\"Yes\",S5656*3,0)","v":0},{"$f":"IF($B$15=\"Yes\",MIN(S5656*2,References!$B$7),0)","v":0},{"$f":"IF(AND(D5656<>0,$B$16=\"Yes\"),References!$B$6,0)","v":0},{"$f":"IF($B$17=\"Yes\",MIN(R5656,SUM($B$8:$B$9))-S5656,0)","v":0},{"$f":"MIN(K5656*G5656,$B$8)","v":0},{"$f":"MIN(K5656*H5656,$B$9)","v":0},{"$f":"Z5656+Y5656","v":0},{"$f":"M5656-Z5656","v":{"$error":"#DIV/0!"}},{"$f":"(M5656*12-(VLOOKUP(AB5656*12,'Tax table'!$A$3:$C$10,3)*(AB5656*12-VLOOKUP(AB5656*12,'Tax table'!$A$3:$C$10,1))+VLOOKUP(AB5656*12,'Tax table'!$A$3:$C$10,2)))/12","v":{"$error":"#DIV/0!"}},{"$f":"MIN(AA5656,AC5656)","v":{"$error":"#DIV/0!"}},{"$f":"AD5656/O5656","v":{"$error":"#DIV/0!"}}]
[{"$nulls":9},118,0,0,{"$error":"#DIV/0!"},{"$error":"#DIV/0!"},{"$f":"(M5666*12-(VLOOKUP(N5666*12,'Tax table'!$A$3:$C$10,3)*(N5666*12-VLOOKUP(N5666*12,'Tax table'!$A$3:$C$10,1))+VLOOKUP(N5666*12,'Tax table'!$A$3:$C$10,2)))/12","v":{"$error":"#DIV/0!"}},0,{"$f":"(VLOOKUP(P5666*12,'Tax table'!$A$3:$C$10,3)*(P5666*12-VLOOKUP(P5666*12,'Tax table'!$A$3:$C$10,1))+VLOOKUP(P5666*12,'Tax table'!$A$3:$C$10,2))/12","v":0},0,0,{"$error":"#DIV/0!"},0,{"$f":"IF($B$15=\"Yes\",MIN(S5666*2,References!$B$7),0)","v":0},{"$f":"IF(AND(D5666<>0,$B$16=\"Yes\"),References!$B$6,0)","v":0},0,0,0,0,{"$error":"#DIV/0!"},{"$f":"(M5666*12-(VLOOKUP(AB5666*12,'Tax table'!$A$3:$C$10,3)*(AB5666*12-VLOOKUP(AB5666*12,'Tax table'!$A$3:$C$10,1))+VLOOKUP(AB5666*12,'Tax table'!$A$3:$C$10,2)))/12","v":{"$error":"#DIV/0!"}},{"$error":"#DIV/0!"},{"$error":"#DIV/0!"}]
[{"$nulls":9},118,0,0,{"$error":"#DIV/0!"},{"$error":"#DIV/0!"},{"$f":"(M5683*12-(VLOOKUP(N5683*12,'Tax table'!$A$3:$C$10,3)*(N5683*12-VLOOKUP(N5683*12,'Tax table'!$A$3:$C$10,1))+VLOOKUP(N5683*12,'Tax table'!$A$3:$C$10,2)))/12","v":{"$error":"#DIV/0!"}},0,{"$f":"(VLOOKUP(P5683*12,'Tax table'!$A$3:$C$10,3)*(P5683*12-VLOOKUP(P5683*12,'Tax table'!$A$3:$C$10,1))+VLOOKUP(P5683*12,'Tax table'!$A$3:$C$10,2))/12","v":0},0,0,{"$error":"#DIV/0!"},0,{"$f":"IF($B$15=\"Yes\",MIN(S5683*2,References!$B$7),0)","v":0},{"$f":"IF(AND(D5683<>0,$B$16=\"Yes\"),References!$B$6,0)","v":0},0,0,0,0,{"$error":"#DIV/0!"},{"$f":"(M5683*12-(VLOOKUP(AB5683*12,'Tax table'!$A$3:$C$10,3)*(AB5683*12-VLOOKUP(AB5683*12,'Tax table'!$A$3:$C$10,1))+VLOOKUP(AB5683*12,'Tax table'!$A$3:$C$10,2)))/12","v":{"$error":"#DIV/0!"}},{"$error":"#DIV/0!"},{"$error":"#DIV/0!"}]
[{"$nulls":9},118,0,0,{"$error":"#DIV/0!"},{"$error":"#DIV/0!"},{"$f":"(M5689*12-(VLOOKUP(N5689*12,'Tax table'!$A$3:$C$10,3)*(N5689*12-VLOOKUP(N5689*12,'Tax table'!$A$3:$C$10,1))+VLOOKUP(N5689*12,'Tax table'!$A$3:$C$10,2)))/12","v":{"$error":"#DIV/0!"}},0,{"$f":"(VLOOKUP(P5689*12,'Tax table'!$A$3:$C$10,3)*(P5689*12-VLOOKUP(P5689*12,'Tax table'!$A$3:$C$10,1))+VLOOKUP(P5689*12,'Tax table'!$A$3:$C$10,2))/12","v":0},0,0,{"$error":"#DIV/0!"},0,{"$f":"IF($B$15=\"Yes\",MIN(S5689*2,References!$B$7),0)","v":0},{"$f":"IF(AND(D5689<>0,$B$16=\"Yes\"),References!$B$6,0)","v":0},0,0,0,0,{"$error":"#DIV/0!"},{"$f":"(M5689*12-(VLOOKUP(AB5689*12,'Tax table'!$A$3:$C$10,3)*(AB5689*12-VLOOKUP(AB5689*12,'Tax table'!$A$3:$C$10,1))+VLOOKUP(AB5689*12,'Tax table'!$A$3:$C$10,2)))/12","v":{"$error":"#DIV/0!"}},{"$error":"#DIV/0!"},{"$error":"#DIV/0!"}]
[{"$nulls":9},118,0,0,{"$error":"#DIV/0!"},{"$error":"#DIV/0!"},{"$f":"(M5699*12-(VLOOKUP(N5699*12,'Tax table'!$A$3:$C$10,3)*(N5699*12-VLOOKUP(N5699*12,'Tax table'!$A$3:$C$10,1))+VLOOKUP(N5699*12,'Tax table'!$A$3:$C$10,2)))/12","v":{"$error":"#DIV/0!"}},0,{"$f":"(VLOOKUP(P5699*12,'Tax table'!$A$3:$C$10,3)*(P5699*12-VLOOKUP(P5699*12,'Tax table'!$A$3:$C$10,1))+VLOOKUP(P5699*12,'Tax table'!$A$3:$C$10,2))/12","v":0},0,0,{"$error":"#DIV/0!"},0,{"$f":"IF($B$15=\"Yes\",MIN(S5699*2,References!$B$7),0)","v":0},{"$f":"IF(AND(D5699<>0,$B$16=\"Yes\"),References!$B$6,0)","v":0},0,0,0,0,{"$error":"#DIV/0!"},{"$f":"(M5699*12-(VLOOKUP(AB5699*12,'Tax table'!$A$3:$C$10,3)*(AB5699*12-VLOOKUP(AB5699*12,'Tax table'!$A$3:$C$10,1))+VLOOKUP(AB5699*12,'Tax table'!$A$3:$C$10,2)))/12","v":{"$error":"#DIV/0!"}},{"$error":"#DIV/0!"},{"$error":"#DIV/0!"}]
[{"$nulls":9},118,0,0,{"$error":"#DIV/0!"},{"$error":"#DIV/0!"},{"$f":"(M5716*12-(VLOOKUP(N5716*12,'Tax table'!$A$3:$C$10,3)*(N5716*12-VLOOKUP(N5716*12,'Tax table'!$A$3:$C$10,1))+VLOOKUP(N5716*12,'Tax table'!$A$3:$C$10,2)))/12","v":{"$error":"#DIV/0!"}},0,{"$f":"(VLOOKUP(P5716*12,'Tax table'!$A$3:$C$10,3)*(P5716*12-VLOOKUP(P5716*12,'Tax table'!$A$3:$C$10,1))+VLOOKUP(P5716*12,'Tax table'!$A$3:$C$10,2))/12","v":0},0,0,{"$error":"#DIV/0!"},0,{"$f":"IF($B$15=\"Yes\",MIN(S5716*2,References!$B$7),0)","v":0},{"$f":"IF(AND(D5716<>0,$B$16=\"Yes\"),References!$B$6,0)","v":0},0,0,0,0,{"$error":"#DIV/0!"},{"$f":"(M5716*12-(VLOOKUP(AB5716*12,'Tax table'!$A$3:$C$10,3)*(AB5716*12-VLOOKUP(AB5716*12,'Tax table'!$A$3:$C$10,1))+VLOOKUP(AB5716*12,'Tax table'!$A$3:$C$10,2)))/12","v":{"$error":"#DIV/0!"}},{"$error":"#DIV/0!"},{"$error":"#DIV/0!"}]
[{"$nulls":9},118,0,0,{"$error":"#DIV/0!"},{"$error":"#DIV/0!"},{"$f":"(M5726*12-(VLOOKUP(N5726*12,'Tax table'!$A$3:$C$10,3)*(N5726*12-VLOOKUP(N5726*12,'Tax table'!$A$3:$C$10,1))+VLOOKUP(N5726*12,'Tax table'!$A$3:$C$10,2)))/12","v":{"$error":"#DIV/0!"}},0,{"$f":"(VLOOKUP(P5726*12,'Tax table'!$A$3:$C$10,3)*(P5726*12-VLOOKUP(P5726*12,'Tax table'!$A$3:$C$10,1))+VLOOKUP(P5726*12,'Tax table'!$A$3:$C$10,2))/12","v":0},0,0,{"$error":"#DIV/0!"},0,{"$f":"IF($B$15=\"Yes\",MIN(S5726*2,References!$B$7),0)","v":0},{"$f":"IF(AND(D5726<>0,$B$16=\"Yes\"),References!$B$6,0)","v":0},0,0,0,0,{"$error":"#DIV/0!"},{"$f":"(M5726*12-(VLOOKUP(AB5726*12,'Tax table'!$A$3:$C$10,3)*(AB5726*12-VLOOKUP(AB5726*12,'Tax table'!$A$3:$C$10,1))+VLOOKUP(AB5726*12,'Tax table'!$A$3:$C$10,2)))/12","v":{"$error":"#DIV/0!"}},{"$error":"#DIV/0!"},{"$error":"#DIV/0!"}]
[{"$nulls":9},118,0,0,{"$error":"#DIV/0!"},{"$error":"#DIV/0!"},{"$f":"(M5732*12-(VLOOKUP(N5732*12,'Tax table'!$A$3:$C$10,3)*(N5732*12-VLOOKUP(N5732*12,'Tax table'!$A$3:$C$10,1))+VLOOKUP(N5732*12,'Tax table'!$A$3:$C$10,2)))/12","v":{"$error":"#DIV/0!"}},0,{"$f":"(VLOOKUP(P5732*12,'Tax table'!$A$3:$C$10,3)*(P5732*12-VLOOKUP(P5732*12,'Tax table'!$A$3:$C$10,1))+VLOOKUP(P5732*12,'Tax table'!$A$3:$C$10,2))/12","v":0},0,0,{"$error":"#DIV/0!"},0,{"$f":"IF($B$15=\"Yes\",MIN(S5732*2,References!$B$7),0)","v":0},{"$f":"IF(AND(D5732<>0,$B$16=\"Yes\"),References!$B$6,0)","v":0},0,0,0,0,{"$error":"#DIV/0!"},{"$f":"(M5732*12-(VLOOKUP(AB5732*12,'Tax table'!$A$3:$C$10,3)*(AB5732*12-VLOOKUP(AB5732*12,'Tax table'!$A$3:$C$10,1))+VLOOKUP(AB5732*12,'Tax table'!$A$3:$C$10,2)))/12","v":{"$error":"#DIV/0!"}},{"$error":"#DIV/0!"},{"$error":"#DIV/0!"}]
[{"$nulls":9},118,0,0,{"$error":"#DIV/0!"},{"$error":"#DIV/0!"},{"$f":"(M5749*12-(VLOOKUP(N5749*12,'Tax table'!$A$3:$C$10,3)*(N5749*12-VLOOKUP(N5749*12,'Tax table'!$A$3:$C$10,1))+VLOOKUP(N5749*12,'Tax table'!$A$3:$C$10,2)))/12","v":{"$error":"#DIV/0!"}},0,{"$f":"(VLOOKUP(P5749*12,'Tax table'!$A$3:$C$10,3)*(P5749*12-VLOOKUP(P5749*12,'Tax table'!$A$3:$C$10,1))+VLOOKUP(P5749*12,'Tax table'!$A$3:$C$10,2))/12","v":0},0,0,{"$error":"#DIV/0!"},0,{"$f":"IF($B$15=\"Yes\",MIN(S5749*2,References!$B$7),0)","v":0},{"$f":"IF(AND(D5749<>0,$B$16=\"Yes\"),References!$B$6,0)","v":0},0,0,0,0,{"$error":"#DIV/0!"},{"$f":"(M5749*12-(VLOOKUP(AB5749*12,'Tax table'!$A$3:$C$10,3)*(AB5749*12-VLOOKUP(AB5749*12,'Tax table'!$A$3:$C$10,1))+VLOOKUP(AB5749*12,'Tax table'!$A$3:$C$10,2)))/12","v":{"$error":"#DIV/0!"}},{"$error":"#DIV/0!"},{"$error":"#DIV/0!"}]
[{"$nulls":9},118,0,0,{"$error":"#DIV/0!"},{"$error":"#DIV/0!"},{"$f":"(M5759*12-(VLOOKUP(N5759*12,'Tax table'!$A$3:$C$10,3)*(N5759*12-VLOOKUP(N5759*12,'Tax table'!$A$3:$C$10,1))+VLOOKUP(N5759*12,'Tax table'!$A$3:$C$10,2)))/12","v":{"$error":"#DIV/0!"}},0,{"$f":"(VLOOKUP(P5759*12,'Tax table'!$A$3:$C$10,3)*(P5759*12-VLOOKUP(P5759*12,'Tax table'!$A$3:$C$10,1))+VLOOKUP(P5759*12,'Tax table'!$A$3:$C$10,2))/12","v":0},0,0,{"$error":"#DIV/0!"},0,{"$f":"IF($B$15=\"Yes\",MIN(S5759*2,References!$B$7),0)","v":0},{"$f":"IF(AND(D5759<>0,$B$16=\"Yes\"),References!$B$6,0)","v":0},0,0,0,0,{"$error":"#DIV/0!"},{"$f":"(M5759*12-(VLOOKUP(AB5759*12,'Tax table'!$A$3:$C$10,3)*(AB5759*12-VLOOKUP(AB5759*12,'Tax table'!$A$3:$C$10,1))+VLOOKUP(AB5759*12,'Tax table'!$A$3:$C$10,2)))/12","v":{"$error":"#DIV/0!"}},{"$error":"#DIV/0!"},{"$error":"#DIV/0!"}]
[{"$nulls":9},118,0,0,{"$error":"#DIV/0!"},{"$error":"#DIV/0!"},{"$f":"(M5765*12-(VLOOKUP(N5765*12,'Tax table'!$A$3:$C$10,3)*(N5765*12-VLOOKUP(N5765*12,'Tax table'!$A$3:$C$10,1))+VLOOKUP(N5765*12,'Tax table'!$A$3:$C$10,2)))/12","v":{"$error":"#DIV/0!"}},0,{"$f":"(VLOOKUP(P5765*12,'Tax table'!$A$3:$C$10,3)*(P5765*12-VLOOKUP(P5765*12,'Tax table'!$A$3:$C$10,1))+VLOOKUP(P5765*12,'Tax table'!$A$3:$C$10,2))/12","v":0},0,0,{"$error":"#DIV/0!"},0,{"$f":"IF($B$15=\"Yes\",MIN(S5765*2,References!$B$7),0)","v":0},{"$f":"IF(AND(D5765<>0,$B$16=\"Yes\"),References!$B$6,0)","v":0},0,0,0,0,{"$error":"#DIV/0!"},{"$f":"(M5765*12-(VLOOKUP(AB5765*12,'Tax table'!$A$3:$C$10,3)*(AB5765*12-VLOOKUP(AB5765*12,'Tax table'!$A$3:$C$10,1))+VLOOKUP(AB5765*12,'Tax table'!$A$3:$C$10,2)))/12","v":{"$error":"#DIV/0!"}},{"$error":"#DIV/0!"},{"$error":"#DIV/0!"}]
[{"$nulls":9},118,0,0,{"$error":"#DIV/0!"},{"$error":"#DIV/0!"},{"$f":"(M5775*12-(VLOOKUP(N5775*12,'Tax table'!$A$3:$C$10,3)*(N5775*12-VLOOKUP(N5775*12,'Tax table'!$A$3:$C$10,1))+VLOOKUP(N5775*12,'Tax table'!$A$3:$C$10,2)))/12","v":{"$error":"#DIV/0!"}},0,{"$f":"(VLOOKUP(P5775*12,'Tax table'!$A$3:$C$10,3)*(P5775*12-VLOOKUP(P5775*12,'Tax table'!$A$3:$C$10,1))+VLOOKUP(P5775*12,'Tax table'!$A$3:$C$10,2))/12","v":0},0,0,{"$error":"#DIV/0!"},0,{"$f":"IF($B$15=\"Yes\",MIN(S5775*2,References!$B$7),0)","v":0},{"$f":"IF(AND(D5775<>0,$B$16=\"Yes\"),References!$B$6,0)","v":0},0,0,0,0,{"$error":"#DIV/0!"},{"$f":"(M5775*12-(VLOOKUP(AB5775*12,'Tax table'!$A$3:$C$10,3)*(AB5775*12-VLOOKUP(AB5775*12,'Tax table'!$A$3:$C$10,1))+VLOOKUP(AB5775*12,'Tax table'!$A$3:$C$10,2)))/12","v":{"$error":"#DIV/0!"}},{"$error":"#DIV/0!"},{"$error":"#DIV/0!"}]
[{"$nulls":9},118,0,0,{"$error":"#DIV/0!"},{"$error":"#DIV/0!"},{"$f":"(M5792*12-(VLOOKUP(N5792*12,'Tax table'!$A$3:$C$10,3)*(N5792*12-VLOOKUP(N5792*12,'Tax table'!$A$3:$C$10,1))+VLOOKUP(N5792*12,'Tax table'!$A$3:$C$10,2)))/12","v":{"$error":"#DIV/0!"}},0,{"$f":"(VLOOKUP(P5792*12,'Tax table'!$A$3:$C$10,3)*(P5792*12-VLOOKUP(P5792*12,'Tax table'!$A$3:$C$10,1))+VLOOKUP(P5792*12,'Tax table'!$A$3:$C$10,2))/12","v":0},0,0,{"$error":"#DIV/0!"},0,{"$f":"IF($B$15=\"Yes\",MIN(S5792*2,References!$B$7),0)","v":0},{"$f":"IF(AND(D5792<>0,$B$16=\"Yes\"),References!$B$6,0)","v":0},0,0,0,0,{"$error":"#DIV/0!"},{"$f":"(M5792*12-(VLOOKUP(AB5792*12,'Tax table'!$A$3:$C$10,3)*(AB5792*12-VLOOKUP(AB5792*12,'Tax table'!$A$3:$C$10,1))+VLOOKUP(AB5792*12,'Tax table'!$A$3:$C$10,2)))/12","v":{"$error":"#DIV/0!"}},{"$error":"#DIV/0!"},{"$error":"#DIV/0!"}]
[{"$nulls":9},118,0,0,{"$error":"#DIV/0!"},{"$error":"#DIV/0!"},{"$f":"(M5801*12-(VLOOKUP(N5801*12,'Tax table'!$A$3:$C$10,3)*(N5801*12-VLOOKUP(N5801*12,'Tax table'!$A$3:$C$10,1))+VLOOKUP(N5801*12,'Tax table'!$A$3:$C$10,2)))/12","v":{"$error":"#DIV/0!"}},0,{"$f":"(VLOOKUP(P5801*12,'Tax table'!$A$3:$C$10,3)*(P5801*12-VLOOKUP(P5801*12,'Tax table'!$A$3:$C$10,1))+VLOOKUP(P5801*12,'Tax table'!$A$3:$C$10,2))/12","v":0},0,0,{"$error":"#DIV/0!"},0,{"$f":"IF($B$15=\"Yes\",MIN(S5801*2,References!$B$7),0)","v":0},{"$f":"IF(AND(D5801<>0,$B$16=\"Yes\"),References!$B$6,0)","v":0},0,0,0,0,{"$error":"#DIV/0!"},{"$f":"(M5801*12-(VLOOKUP(AB5801*12,'Tax table'!$A$3:$C$10,3)*(AB5801*12-VLOOKUP(AB5801*12,'Tax table'!$A$3:$C$10,1))+VLOOKUP(AB5801*12,'Tax table'!$A$3:$C$10,2)))/12","v":{"$error":"#DIV/0!"}},{"$error":"#DIV/0!"},{"$error":"#DIV/0!"}]
[{"$nulls":9},118,0,0,{"$error":"#DIV/0!"},{"$error":"#DIV/0!"},{"$f":"(M5809*12-(VLOOKUP(N5809*12,'Tax table'!$A$3:$C$10,3)*(N5809*12-VLOOKUP(N5809*12,'Tax table'!$A$3:$C$10,1))+VLOOKUP(N5809*12,'Tax table'!$A$3:$C$10,2)))/12","v":{"$error":"#DIV/0!"}},0,{"$f":"(VLOOKUP(P5809*12,'Tax table'!$A$3:$C$10,3)*(P5809*12-VLOOKUP(P5809*12,'Tax table'!$A$3:$C$10,1))+VLOOKUP(P5809*12,'Tax table'!$A$3:$C$10,2))/12","v":0},0,0,{"$error":"#DIV/0!"},0,{"$f":"IF($B$15=\"Yes\",MIN(S5809*2,References!$B$7),0)","v":0},{"$f":"IF(AND(D5809<>0,$B$16=\"Yes\"),References!$B$6,0)","v":0},0,0,0,0,{"$error":"#DIV/0!"},{"$f":"(M5809*12-(VLOOKUP(AB5809*12,'Tax table'!$A$3:$C$10,3)*(AB5809*12-VLOOKUP(AB5809*12,'Tax table'!$A$3:$C$10,1))+VLOOKUP(AB5809*12,'Tax table'!$A$3:$C$10,2)))/12","v":{"$error":"#DIV/0!"}},{"$error":"#DIV/0!"},{"$error":"#DIV/0!"}]
[{"$nulls":9},118,0,0,{"$error":"#DIV/0!"},{"$error":"#DIV/0!"},{"$f":"(M5826*12-(VLOOKUP(N5826*12,'Tax table'!$A$3:$C$10,3)*(N5826*12-VLOOKUP(N5826*12,'Tax table'!$A$3:$C$10,1))+VLOOKUP(N5826*12,'Tax table'!$A$3:$C$10,2)))/12","v":{"$error":"#DIV/0!"}},0,{"$f":"(VLOOKUP(P5826*12,'Tax table'!$A$3:$C$10,3)*(P5826*12-VLOOKUP(P5826*12,'Tax table'!$A$3:$C$10,1))+VLOOKUP(P5826*12,'Tax table'!$A$3:$C$10,2))/12","v":0},0,0,{"$error":"#DIV/0!"},0,{"$f":"IF($B$15=\"Yes\",MIN(S5826*2,References!$B$7),0)","v":0},{"$f":"IF(AND(D5826<>0,$B$16=\"Yes\"),References!$B$6,0)","v":0},0,0,0,0,{"$error":"#DIV/0!"},{"$f":"(M5826*12-(VLOOKUP(AB5826*12,'Tax table'!$A$3:$C$10,3)*(AB5826*12-VLOOKUP(AB5826*12,'Tax table'!$A$3:$C$10,1))+VLOOKUP(AB5826*12,'Tax table'!$A$3:$C$10,2)))/12","v":{"$error":"#DIV/0!"}},{"$error":"#DIV/0!"},{"$error":"#DIV/0!"}]
[{"$nulls":9},118,0,0,{"$error":"#DIV/0!"},{"$error":"#DIV/0!"},{"$f":"(M5832*12-(VLOOKUP(N5832*12,'Tax table'!$A$3:$C$10,3)*(N5832*12-VLOOKUP(N5832*12,'Tax table'!$A$3:$C$10,1))+VLOOKUP(N5832*12,'Tax table'!$A$3:$C$10,2)))/12","v":{"$error":"#DIV/0!"}},0,{"$f":"(VLOOKUP(P5832*12,'Tax table'!$A$3:$C$10,3)*(P5832*12-VLOOKUP(P5832*12,'Tax table'!$A$3:$C$10,1))+VLOOKUP(P5832*12,'Tax table'!$A$3:$C$10,2))/12","v":0},0,0,{"$error":"#DIV/0!"},0,{"$f":"IF($B$15=\"Yes\",MIN(S5832*2,References!$B$7),0)","v":0},{"$f":"IF(AND(D5832<>0,$B$16=\"Yes\"),References!$B$6,0)","v":0},0,0,0,0,{"$error":"#DIV/0!"},{"$f":"(M5832*12-(VLOOKUP(AB5832*12,'Tax table'!$A$3:$C$10,3)*(AB5832*12-VLOOKUP(AB5832*12,'Tax table'!$A$3:$C$10,1))+VLOOKUP(AB5832*12,'Tax table'!$A$3:$C$10,2)))/12","v":{"$error":"#DIV/0!"}},{"$error":"#DIV/0!"},{"$error":"#DIV/0!"}]
[{"$nulls":9},118,0,0,{"$error":"#DIV/0!"},{"$error":"#DIV/0!"},{"$f":"(M5842*12-(VLOOKUP(N5842*12,'Tax table'!$A$3:$C$10,3)*(N5842*12-VLOOKUP(N5842*12,'Tax table'!$A$3:$C$10,1))+VLOOKUP(N5842*12,'Tax table'!$A$3:$C$10,2)))/12","v":{"$error":"#DIV/0!"}},0,{"$f":"(VLOOKUP(P5842*12,'Tax table'!$A$3:$C$10,3)*(P5842*12-VLOOKUP(P5842*12,'Tax table'!$A$3:$C$10,1))+VLOOKUP(P5842*12,'Tax table'!$A$3:$C$10,2))/12","v":0},0,0,{"$error":"#DIV/0!"},0,{"$f":"IF($B$15=\"Yes\",MIN(S5842*2,References!$B$7),0)","v":0},{"$f":"IF(AND(D5842<>0,$B$16=\"Yes\"),References!$B$6,0)","v":0},0,0,0,0,{"$error":"#DIV/0!"},{"$f":"(M5842*12-(VLOOKUP(AB5842*12,'Tax table'!$A$3:$C$10,3)*(AB5842*12-VLOOKUP(AB5842*12,'Tax table'!$A$3:$C$10,1))+VLOOKUP(AB5842*12,'Tax table'!$A$3:$C$10,2)))/12","v":{"$error":"#DIV/0!"}},{"$error":"#DIV/0!"},{"$error":"#DIV/0!"}]
[{"$nulls":9},118,0,0,{"$error":"#DIV/0!"},{"$error":"#DIV/0!"},{"$f":"(M5859*12-(VLOOKUP(N5859*12,'Tax table'!$A$3:$C$10,3)*(N5859*12-VLOOKUP(N5859*12,'Tax table'!$A$3:$C$10,1))+VLOOKUP(N5859*12,'Tax table'!$A$3:$C$10,2)))/12","v":{"$error":"#DIV/0!"}},0,{"$f":"(VLOOKUP(P5859*12,'Tax table'!$A$3:$C$10,3)*(P5859*12-VLOOKUP(P5859*12,'Tax table'!$A$3:$C$10,1))+VLOOKUP(P5859*12,'Tax table'!$A$3:$C$10,2))/12","v":0},0,0,{"$error":"#DIV/0!"},0,{"$f":"IF($B$15=\"Yes\",MIN(S5859*2,References!$B$7),0)","v":0},{"$f":"IF(AND(D5859<>0,$B$16=\"Yes\"),References!$B$6,0)","v":0},0,0,0,0,{"$error":"#DIV/0!"},{"$f":"(M5859*12-(VLOOKUP(AB5859*12,'Tax table'!$A$3:$C$10,3)*(AB5859*12-VLOOKUP(AB5859*12,'Tax table'!$A$3:$C$10,1))+VLOOKUP(AB5859*12,'Tax table'!$A$3:$C$10,2)))/12","v":{"$error":"#DIV/0!"}},{"$error":"#DIV/0!"},{"$error":"#DIV/0!"}]
[{"$nulls":9},118,0,0,{"$error":"#DIV/0!"},{"$error":"#DIV/0!"},{"$f":"(M5869*12-(VLOOKUP(N5869*12,'Tax table'!$A$3:$C$10,3)*(N5869*12-VLOOKUP(N5869*12,'Tax table'!$A$3:$C$10,1))+VLOOKUP(N5869*12,'Tax table'!$A$3:$C$10,2)))/12","v":{"$error":"#DIV/0!"}},0,{"$f":"(VLOOKUP(P5869*12,'Tax table'!$A$3:$C$10,3)*(P5869*12-VLOOKUP(P5869*12,'Tax table'!$A$3:$C$10,1))+VLOOKUP(P5869*12,'Tax table'!$A$3:$C$10,2))/12","v":0},0,0,{"$error":"#DIV/0!"},0,{"$f":"IF($B$15=\"Yes\",MIN(S5869*2,References!$B$7),0)","v":0},{"$f":"IF(AND(D5869<>0,$B$16=\"Yes\"),References!$B$6,0)","v":0},0,0,0,0,{"$error":"#DIV/0!"},{"$f":"(M5869*12-(VLOOKUP(AB5869*12,'Tax table'!$A$3:$C$10,3)*(AB5869*12-VLOOKUP(AB5869*12,'Tax table'!$A$3:$C$10,1))+VLOOKUP(AB5869*12,'Tax table'!$A$3:$C$10,2)))/12","v":{"$error":"#DIV/0!"}},{"$error":"#DIV/0!"},{"$error":"#DIV/0!"}]
[{"$nulls":9},118,0,0,{"$error":"#DIV/0!"},{"$error":"#DIV/0!"},{"$f":"(M5875*12-(VLOOKUP(N5875*12,'Tax table'!$A$3:$C$10,3)*(N5875*12-VLOOKUP(N5875*12,'Tax table'!$A$3:$C$10,1))+VLOOKUP(N5875*12,'Tax table'!$A$3:$C$10,2)))/12","v":{"$error":"#DIV/0!"}},0,{"$f":"(VLOOKUP(P5875*12,'Tax table'!$A$3:$C$10,3)*(P5875*12-VLOOKUP(P5875*12,'Tax table'!$A$3:$C$10,1))+VLOOKUP(P5875*12,'Tax table'!$A$3:$C$10,2))/12","v":0},0,0,{"$error":"#DIV/0!"},0,{"$f":"IF($B$15=\"Yes\",MIN(S5875*2,References!$B$7),0)","v":0},{"$f":"IF(AND(D5875<>0,$B$16=\"Yes\"),References!$B$6,0)","v":0},0,0,0,0,{"$error":"#DIV/0!"},{"$f":"(M5875*12-(VLOOKUP(AB5875*12,'Tax table'!$A$3:$C$10,3)*(AB5875*12-VLOOKUP(AB5875*12,'Tax table'!$A$3:$C$10,1))+VLOOKUP(AB5875*12,'Tax table'!$A$3:$C$10,2)))/12","v":{"$error":"#DIV/0!"}},{"$error":"#DIV/0!"},{"$error":"#DIV/0!"}]
[{"$nulls":9},118,0,0,{"$error":"#DIV/0!"},{"$error":"#DIV/0!"},{"$f":"(M5892*12-(VLOOKUP(N5892*12,'Tax table'!$A$3:$C$10,3)*(N5892*12-VLOOKUP(N5892*12,'Tax table'!$A$3:$C$10,1))+VLOOKUP(N5892*12,'Tax table'!$A$3:$C$10,2)))/12","v":{"$error":"#DIV/0!"}},0,{"$f":"(VLOOKUP(P5892*12,'Tax table'!$A$3:$C$10,3)*(P5892*12-VLOOKUP(P5892*12,'Tax table'!$A$3:$C$10,1))+VLOOKUP(P5892*12,'Tax table'!$A$3:$C$10,2))/12","v":0},0,0,{"$error":"#DIV/0!"},0,{"$f":"IF($B$15=\"Yes\",MIN(S5892*2,References!$B$7),0)","v":0},{"$f":"IF(AND(D5892<>0,$B$16=\"Yes\"),References!$B$6,0)","v":0},0,0,0,0,{"$error":"#DIV/0!"},{"$f":"(M5892*12-(VLOOKUP(AB5892*12,'Tax table'!$A$3:$C$10,3)*(AB5892*12-VLOOKUP(AB5892*12,'Tax table'!$A$3:$C$10,1))+VLOOKUP(AB5892*12,'Tax table'!$A$3:$C$10,2)))/12","v":{"$error":"#DIV/0!"}},{"$error":"#DIV/0!"},{"$error":"#DIV/0!"}]
[{"$nulls":9},118,0,0,{"$error":"#DIV/0!"},{"$error":"#DIV/0!"},{"$f":"(M5902*12-(VLOOKUP(N5902*12,'Tax table'!$A$3:$C$10,3)*(N5902*12-VLOOKUP(N5902*12,'Tax table'!$A$3:$C$10,1))+VLOOKUP(N5902*12,'Tax table'!$A$3:$C$10,2)))/12","v":{"$error":"#DIV/0!"}},0,{"$f":"(VLOOKUP(P5902*12,'Tax table'!$A$3:$C$10,3)*(P5902*12-VLOOKUP(P5902*12,'Tax table'!$A$3:$C$10,1))+VLOOKUP(P5902*12,'Tax table'!$A$3:$C$10,2))/12","v":0},0,0,{"$error":"#DIV/0!"},0,{"$f":"IF($B$15=\"Yes\",MIN(S5902*2,References!$B$7),0)","v":0},{"$f":"IF(AND(D5902<>0,$B$16=\"Yes\"),References!$B$6,0)","v":0},0,0,0,0,{"$error":"#DIV/0!"},{"$f":"(M5902*12-(VLOOKUP(AB5902*12,'Tax table'!$A$3:$C$10,3)*(AB5902*12-VLOOKUP(AB5902*12,'Tax table'!$A$3:$C$10,1))+VLOOKUP(AB5902*12,'Tax table'!$A$3:$C$10,2)))/12","v":{"$error":"#DIV/0!"}},{"$error":"#DIV/0!"},{"$error":"#DIV/0!"}]
[{"$nulls":9},118,0,0,{"$error":"#DIV/0!"},{"$error":"#DIV/0!"},{"$f":"(M5908*12-(VLOOKUP(N5908*12,'Tax table'!$A$3:$C$10,3)*(N5908*12-VLOOKUP(N5908*12,'Tax table'!$A$3:$C$10,1))+VLOOKUP(N5908*12,'Tax table'!$A$3:$C$10,2)))/12","v":{"$error":"#DIV/0!"}},0,{"$f":"(VLOOKUP(P5908*12,'Tax table'!$A$3:$C$10,3)*(P5908*12-VLOOKUP(P5908*12,'Tax table'!$A$3:$C$10,1))+VLOOKUP(P5908*12,'Tax table'!$A$3:$C$10,2))/12","v":0},0,0,{"$error":"#DIV/0!"},0,{"$f":"IF($B$15=\"Yes\",MIN(S5908*2,References!$B$7),0)","v":0},{"$f":"IF(AND(D5908<>0,$B$16=\"Yes\"),References!$B$6,0)","v":0},0,0,0,0,{"$error":"#DIV/0!"},{"$f":"(M5908*12-(VLOOKUP(AB5908*12,'Tax table'!$A$3:$C$10,3)*(AB5908*12-VLOOKUP(AB5908*12,'Tax table'!$A$3:$C$10,1))+VLOOKUP(AB5908*12,'Tax table'!$A$3:$C$10,2)))/12","v":{"$error":"#DIV/0!"}},{"$error":"#DIV/0!"},{"$error":"#DIV/0!"}]
[{"$nulls":9},118,0,0,{"$error":"#DIV/0!"},{"$error":"#DIV/0!"},{"$f":"(M5925*12-(VLOOKUP(N5925*12,'Tax table'!$A$3:$C$10,3)*(N5925*12-VLOOKUP(N5925*12,'Tax table'!$A$3:$C$10,1))+VLOOKUP(N5925*12,'Tax table'!$A$3:$C$10,2)))/12","v":{"$error":"#DIV/0!"}},0,{"$f":"(VLOOKUP(P5925*12,'Tax table'!$A$3:$C$10,3)*(P5925*12-VLOOKUP(P5925*12,'Tax table'!$A$3:$C$10,1))+VLOOKUP(P5925*12,'Tax table'!$A$3:$C$10,2))/12","v":0},0,0,{"$error":"#DIV/0!"},0,{"$f":"IF($B$15=\"Yes\",MIN(S5925*2,References!$B$7),0)","v":0},{"$f":"IF(AND(D5925<>0,$B$16=\"Yes\"),References!$B$6,0)","v":0},0,0,0,0,{"$error":"#DIV/0!"},{"$f":"(M5925*12-(VLOOKUP(AB5925*12,'Tax table'!$A$3:$C$10,3)*(AB5925*12-VLOOKUP(AB5925*12,'Tax table'!$A$3:$C$10,1))+VLOOKUP(AB5925*12,'Tax table'!$A$3:$C$10,2)))/12","v":{"$error":"#DIV/0!"}},{"$error":"#DIV/0!"},{"$error":"#DIV/0!"}]
[{"$nulls":9},118,0,0,{"$error":"#DIV/0!"},{"$error":"#DIV/0!"},{"$f":"(M5935*12-(VLOOKUP(N5935*12,'Tax table'!$A$3:$C$10,3)*(N5935*12-VLOOKUP(N5935*12,'Tax table'!$A$3:$C$10,1))+VLOOKUP(N5935*12,'Tax table'!$A$3:$C$10,2)))/12","v":{"$error":"#DIV/0!"}},0,{"$f":"(VLOOKUP(P5935*12,'Tax table'!$A$3:$C$10,3)*(P5935*12-VLOOKUP(P5935*12,'Tax table'!$A$3:$C$10,1))+VLOOKUP(P5935*12,'Tax table'!$A$3:$C$10,2))/12","v":0},0,0,{"$error":"#DIV/0!"},0,{"$f":"IF($B$15=\"Yes\",MIN(S5935*2,References!$B$7),0)","v":0},{"$f":"IF(AND(D5935<>0,$B$16=\"Yes\"),References!$B$6,0)","v":0},0,0,0,0,{"$error":"#DIV/0!"},{"$f":"(M5935*12-(VLOOKUP(AB5935*12,'Tax table'!$A$3:$C$10,3)*(AB5935*12-VLOOKUP(AB5935*12,'Tax table'!$A$3:$C$10,1))+VLOOKUP(AB5935*12,'Tax table'!$A$3:$C$10,2)))/12","v":{"$error":"#DIV/0!"}},{"$error":"#DIV/0!"},{"$error":"#DIV/0!"}]
[{"$nulls":9},118,0,0,{"$error":"#DIV/0!"},{"$error":"#DIV/0!"},{"$f":"(M5941*12-(VLOOKUP(N5941*12,'Tax table'!$A$3:$C$10,3)*(N5941*12-VLOOKUP(N5941*12,'Tax table'!$A$3:$C$10,1))+VLOOKUP(N5941*12,'Tax table'!$A$3:$C$10,2)))/12","v":{"$error":"#DIV/0!"}},0,{"$f":"(VLOOKUP(P5941*12,'Tax table'!$A$3:$C$10,3)*(P5941*12-VLOOKUP(P5941*12,'Tax table'!$A$3:$C$10,1))+VLOOKUP(P5941*12,'Tax table'!$A$3:$C$10,2))/12","v":0},0,0,{"$error":"#DIV/0!"},0,{"$f":"IF($B$15=\"Yes\",MIN(S5941*2,References!$B$7),0)","v":0},{"$f":"IF(AND(D5941<>0,$B$16=\"Yes\"),References!$B$6,0)","v":0},0,0,0,0,{"$error":"#DIV/0!"},{"$f":"(M5941*12-(VLOOKUP(AB5941*12,'Tax table'!$A$3:$C$10,3)*(AB5941*12-VLOOKUP(AB5941*12,'Tax table'!$A$3:$C$10,1))+VLOOKUP(AB5941*12,'Tax table'!$A$3:$C$10,2)))/12","v":{"$error":"#DIV/0!"}},{"$error":"#DIV/0!"},{"$error":"#DIV/0!"}]
[{"$nulls":9},118,0,0,{"$error":"#DIV/0!"},{"$error":"#DIV/0!"},{"$f":"(M5951*12-(VLOOKUP(N5951*12,'Tax table'!$A$3:$C$10,3)*(N5951*12-VLOOKUP(N5951*12,'Tax table'!$A$3:$C$10,1))+VLOOKUP(N5951*12,'Tax table'!$A$3:$C$10,2)))/12","v":{"$error":"#DIV/0!"}},0,{"$f":"(VLOOKUP(P5951*12,'Tax table'!$A$3:$C$10,3)*(P5951*12-VLOOKUP(P5951*12,'Tax table'!$A$3:$C$10,1))+VLOOKUP(P5951*12,'Tax table'!$A$3:$C$10,2))/12","v":0},0,0,{"$error":"#DIV/0!"},0,{"$f":"IF($B$15=\"Yes\",MIN(S5951*2,References!$B$7),0)","v":0},{"$f":"IF(AND(D5951<>0,$B$16=\"Yes\"),References!$B$6,0)","v":0},0,0,0,0,{"$error":"#DIV/0!"},{"$f":"(M5951*12-(VLOOKUP(AB5951*12,'Tax table'!$A$3:$C$10,3)*(AB5951*12-VLOOKUP(AB5951*12,'Tax table'!$A$3:$C$10,1))+VLOOKUP(AB5951*12,'Tax table'!$A$3:$C$10,2)))/12","v":{"$error":"#DIV/0!"}},{"$error":"#DIV/0!"},{"$error":"#DIV/0!"}]
[{"$nulls":9},118,0,0,{"$error":"#DIV/0!"},{"$error":"#DIV/0!"},{"$f":"(M5968*12-(VLOOKUP(N5968*12,'Tax table'!$A$3:$C$10,3)*(N5968*12-VLOOKUP(N5968*12,'Tax table'!$A$3:$C$10,1))+VLOOKUP(N5968*12,'Tax table'!$A$3:$C$10,2)))/12","v":{"$error":"#DIV/0!"}},0,{"$f":"(VLOOKUP(P5968*12,'Tax table'!$A$3:$C$10,3)*(P5968*12-VLOOKUP(P5968*12,'Tax table'!$A$3:$C$10,1))+VLOOKUP(P5968*12,'Tax table'!$A$3:$C$10,2))/12","v":0},0,0,{"$error":"#DIV/0!"},0,{"$f":"IF($B$15=\"Yes\",MIN(S5968*2,References!$B$7),0)","v":0},{"$f":"IF(AND(D5968<>0,$B$16=\"Yes\"),References!$B$6,0)","v":0},0,0,0,0,{"$error":"#DIV/0!"},{"$f":"(M5968*12-(VLOOKUP(AB5968*12,'Tax table'!$A$3:$C$10,3)*(AB5968*12-VLOOKUP(AB5968*12,'Tax table'!$A$3:$C$10,1))+VLOOKUP(AB5968*12,'Tax table'!$A$3:$C$10,2)))/12","v":{"$error":"#DIV/0!"}},{"$error":"#DIV/0!"},{"$error":"#DIV/0!"}]
[{"$nulls":9},118,0,0,{"$error":"#DIV/0!"},{"$error":"#DIV/0!"},{"$f":"(M5974*12-(VLOOKUP(N5974*12,'Tax table'!$A$3:$C$10,3)*(N5974*12-VLOOKUP(N5974*12,'Tax table'!$A$3:$C$10,1))+VLOOKUP(N5974*12,'Tax table'!$A$3:$C$10,2)))/12","v":{"$error":"#DIV/0!"}},0,{"$f":"(VLOOKUP(P5974*12,'Tax table'!$A$3:$C$10,3)*(P5974*12-VLOOKUP(P5974*12,'Tax table'!$A$3:$C$10,1))+VLOOKUP(P5974*12,'Tax table'!$A$3:$C$10,2))/12","v":0},0,0,{"$error":"#DIV/0!"},0,{"$f":"IF($B$15=\"Yes\",MIN(S5974*2,References!$B$7),0)","v":0},{"$f":"IF(AND(D5974<>0,$B$16=\"Yes\"),References!$B$6,0)","v":0},0,0,0,0,{"$error":"#DIV/0!"},{"$f":"(M5974*12-(VLOOKUP(AB5974*12,'Tax table'!$A$3:$C$10,3)*(AB5974*12-VLOOKUP(AB5974*12,'Tax table'!$A$3:$C$10,1))+VLOOKUP(AB5974*12,'Tax table'!$A$3:$C$10,2)))/12","v":{"$error":"#DIV/0!"}},{"$error":"#DIV/0!"},{"$error":"#DIV/0!"}]
[{"$nulls":9},118,0,0,{"$error":"#DIV/0!"},{"$error":"#DIV/0!"},{"$f":"(M5984*12-(VLOOKUP(N5984*12,'Tax table'!$A$3:$C$10,3)*(N5984*12-VLOOKUP(N5984*12,'Tax table'!$A$3:$C$10,1))+VLOOKUP(N5984*12,'Tax table'!$A$3:$C$10,2)))/12","v":{"$error":"#DIV/0!"}},0,{"$f":"(VLOOKUP(P5984*12,'Tax table'!$A$3:$C$10,3)*(P5984*12-VLOOKUP(P5984*12,'Tax table'!$A$3:$C$10,1))+VLOOKUP(P5984*12,'Tax table'!$A$3:$C$10,2))/12","v":0},0,0,{"$error":"#DIV/0!"},0,{"$f":"IF($B$15=\"Yes\",MIN(S5984*2,References!$B$7),0)","v":0},{"$f":"IF(AND(D5984<>0,$B$16=\"Yes\"),References!$B$6,0)","v":0},0,0,0,0,{"$error":"#DIV/0!"},{"$f":"(M5984*12-(VLOOKUP(AB5984*12,'Tax table'!$A$3:$C$10,3)*(AB5984*12-VLOOKUP(AB5984*12,'Tax table'!$A$3:$C$10,1))+VLOOKUP(AB5984*12,'Tax table'!$A$3:$C$10,2)))/12","v":{"$error":"#DIV/0!"}},{"$error":"#DIV/0!"},{"$error":"#DIV/0!"}]
[{"$nulls":9},118,0,0,{"$error":"#DIV/0!"},{"$error":"#DIV/0!"},{"$f":"(M6001*12-(VLOOKUP(N6001*12,'Tax table'!$A$3:$C$10,3)*(N6001*12-VLOOKUP(N6001*12,'Tax table'!$A$3:$C$10,1))+VLOOKUP(N6001*12,'Tax table'!$A$3:$C$10,2)))/12","v":{"$error":"#DIV/0!"}},0,{"$f":"(VLOOKUP(P6001*12,'Tax table'!$A$3:$C$10,3)*(P6001*12-VLOOKUP(P6001*12,'Tax table'!$A$3:$C$10,1))+VLOOKUP(P6001*12,'Tax table'!$A$3:$C$10,2))/12","v":0},0,0,{"$error":"#DIV/0!"},0,{"$f":"IF($B$15=\"Yes\",MIN(S6001*2,References!$B$7),0)","v":0},{"$f":"IF(AND(D6001<>0,$B$16=\"Yes\"),References!$B$6,0)","v":0},0,0,0,0,{"$error":"#DIV/0!"},{"$f":"(M6001*12-(VLOOKUP(AB6001*12,'Tax table'!$A$3:$C$10,3)*(AB6001*12-VLOOKUP(AB6001*12,'Tax table'!$A$3:$C$10,1))+VLOOKUP(AB6001*12,'Tax table'!$A$3:$C$10,2)))/12","v":{"$error":"#DIV/0!"}},{"$error":"#DIV/0!"},{"$error":"#DIV/0!"}]
[{"$nulls":9},118,0,0,{"$error":"#DIV/0!"},{"$error":"#DIV/0!"},{"$f":"(M6011*12-(VLOOKUP(N6011*12,'Tax table'!$A$3:$C$10,3)*(N6011*12-VLOOKUP(N6011*12,'Tax table'!$A$3:$C$10,1))+VLOOKUP(N6011*12,'Tax table'!$A$3:$C$10,2)))/12","v":{"$error":"#DIV/0!"}},0,{"$f":"(VLOOKUP(P6011*12,'Tax table'!$A$3:$C$10,3)*(P6011*12-VLOOKUP(P6011*12,'Tax table'!$A$3:$C$10,1))+VLOOKUP(P6011*12,'Tax table'!$A$3:$C$10,2))/12","v":0},0,0,{"$error":"#DIV/0!"},0,{"$f":"IF($B$15=\"Yes\",MIN(S6011*2,References!$B$7),0)","v":0},{"$f":"IF(AND(D6011<>0,$B$16=\"Yes\"),References!$B$6,0)","v":0},0,0,0,0,{"$error":"#DIV/0!"},{"$f":"(M6011*12-(VLOOKUP(AB6011*12,'Tax table'!$A$3:$C$10,3)*(AB6011*12-VLOOKUP(AB6011*12,'Tax table'!$A$3:$C$10,1))+VLOOKUP(AB6011*12,'Tax table'!$A$3:$C$10,2)))/12","v":{"$error":"#DIV/0!"}},{"$error":"#DIV/0!"},{"$error":"#DIV/0!"}]
[{"$nulls":9},118,0,0,{"$error":"#DIV/0!"},{"$error":"#DIV/0!"},{"$f":"(M6017*12-(VLOOKUP(N6017*12,'Tax table'!$A$3:$C$10,3)*(N6017*12-VLOOKUP(N6017*12,'Tax table'!$A$3:$C$10,1))+VLOOKUP(N6017*12,'Tax table'!$A$3:$C$10,2)))/12","v":{"$error":"#DIV/0!"}},0,{"$f":"(VLOOKUP(P6017*12,'Tax table'!$A$3:$C$10,3)*(P6017*12-VLOOKUP(P6017*12,'Tax table'!$A$3:$C$10,1))+VLOOKUP(P6017*12,'Tax table'!$A$3:$C$10,2))/12","v":0},0,0,{"$error":"#DIV/0!"},0,{"$f":"IF($B$15=\"Yes\",MIN(S6017*2,References!$B$7),0)","v":0},{"$f":"IF(AND(D6017<>0,$B$16=\"Yes\"),References!$B$6,0)","v":0},0,0,0,0,{"$error":"#DIV/0!"},{"$f":"(M6017*12-(VLOOKUP(AB6017*12,'Tax table'!$A$3:$C$10,3)*(AB6017*12-VLOOKUP(AB6017*12,'Tax table'!$A$3:$C$10,1))+VLOOKUP(AB6017*12,'Tax table'!$A$3:$C$10,2)))/12","v":{"$error":"#DIV/0!"}},{"$error":"#DIV/0!"},{"$error":"#DIV/0!"}]
[{"$nulls":9},118,0,0,{"$error":"#DIV/0!"},{"$error":"#DIV/0!"},{"$f":"(M6034*12-(VLOOKUP(N6034*12,'Tax table'!$A$3:$C$10,3)*(N6034*12-VLOOKUP(N6034*12,'Tax table'!$A$3:$C$10,1))+VLOOKUP(N6034*12,'Tax table'!$A$3:$C$10,2)))/12","v":{"$error":"#DIV/0!"}},0,{"$f":"(VLOOKUP(P6034*12,'Tax table'!$A$3:$C$10,3)*(P6034*12-VLOOKUP(P6034*12,'Tax table'!$A$3:$C$10,1))+VLOOKUP(P6034*12,'Tax table'!$A$3:$C$10,2))/12","v":0},0,0,{"$error":"#DIV/0!"},0,{"$f":"IF($B$15=\"Yes\",MIN(S6034*2,References!$B$7),0)","v":0},{"$f":"IF(AND(D6034<>0,$B$16=\"Yes\"),References!$B$6,0)","v":0},0,0,0,0,{"$error":"#DIV/0!"},{"$f":"(M6034*12-(VLOOKUP(AB6034*12,'Tax table'!$A$3:$C$10,3)*(AB6034*12-VLOOKUP(AB6034*12,'Tax table'!$A$3:$C$10,1))+VLOOKUP(AB6034*12,'Tax table'!$A$3:$C$10,2)))/12","v":{"$error":"#DIV/0!"}},{"$error":"#DIV/0!"},{"$error":"#DIV/0!"}]
[{"$nulls":9},118,0,0,{"$error":"#DIV/0!"},{"$error":"#DIV/0!"},{"$f":"(M6038*12-(VLOOKUP(N6038*12,'Tax table'!$A$3:$C$10,3)*(N6038*12-VLOOKUP(N6038*12,'Tax table'!$A$3:$C$10,1))+VLOOKUP(N6038*12,'Tax table'!$A$3:$C$10,2)))/12","v":{"$error":"#DIV/0!"}},0,{"$f":"(VLOOKUP(P6038*12,'Tax table'!$A$3:$C$10,3)*(P6038*12-VLOOKUP(P6038*12,'Tax table'!$A$3:$C$10,1))+VLOOKUP(P6038*12,'Tax table'!$A$3:$C$10,2))/12","v":0},0,0,{"$error":"#DIV/0!"},0,{"$f":"IF($B$15=\"Yes\",MIN(S6038*2,References!$B$7),0)","v":0},{"$f":"IF(AND(D6038<>0,$B$16=\"Yes\"),References!$B$6,0)","v":0},0,0,0,0,{"$error":"#DIV/0!"},{"$f":"(M6038*12-(VLOOKUP(AB6038*12,'Tax table'!$A$3:$C$10,3)*(AB6038*12-VLOOKUP(AB6038*12,'Tax table'!$A$3:$C$10,1))+VLOOKUP(AB6038*12,'Tax table'!$A$3:$C$10,2)))/12","v":{"$error":"#DIV/0!"}},{"$error":"#DIV/0!"},{"$error":"#DIV/0!"}]
[{"$nulls":9},118,0,0,{"$error":"#DIV/0!"},{"$error":"#DIV/0!"},{"$f":"(M6051*12-(VLOOKUP(N6051*12,'Tax table'!$A$3:$C$10,3)*(N6051*12-VLOOKUP(N6051*12,'Tax table'!$A$3:$C$10,1))+VLOOKUP(N6051*12,'Tax table'!$A$3:$C$10,2)))/12","v":{"$error":"#DIV/0!"}},0,{"$f":"(VLOOKUP(P6051*12,'Tax table'!$A$3:$C$10,3)*(P6051*12-VLOOKUP(P6051*12,'Tax table'!$A$3:$C$10,1))+VLOOKUP(P6051*12,'Tax table'!$A$3:$C$10,2))/12","v":0},0,0,{"$error":"#DIV/0!"},0,{"$f":"IF($B$15=\"Yes\",MIN(S6051*2,References!$B$7),0)","v":0},{"$f":"IF(AND(D6051<>0,$B$16=\"Yes\"),References!$B$6,0)","v":0},0,0,0,0,{"$error":"#DIV/0!"},{"$f":"(M6051*12-(VLOOKUP(AB6051*12,'Tax table'!$A$3:$C$10,3)*(AB6051*12-VLOOKUP(AB6051*12,'Tax table'!$A$3:$C$10,1))+VLOOKUP(AB6051*12,'Tax table'!$A$3:$C$10,2)))/12","v":{"$error":"#DIV/0!"}},{"$error":"#DIV/0!"},{"$error":"#DIV/0!"}]
[{"$nulls":9},118,0,0,{"$error":"#DIV/0!"},{"$error":"#DIV/0!"},{"$f":"(M6068*12-(VLOOKUP(N6068*12,'Tax table'!$A$3:$C$10,3)*(N6068*12-VLOOKUP(N6068*12,'Tax table'!$A$3:$C$10,1))+VLOOKUP(N6068*12,'Tax table'!$A$3:$C$10,2)))/12","v":{"$error":"#DIV/0!"}},0,{"$f":"(VLOOKUP(P6068*12,'Tax table'!$A$3:$C$10,3)*(P6068*12-VLOOKUP(P6068*12,'Tax table'!$A$3:$C$10,1))+VLOOKUP(P6068*12,'Tax table'!$A$3:$C$10,2))/12","v":0},0,0,{"$error":"#DIV/0!"},0,{"$f":"IF($B$15=\"Yes\",MIN(S6068*2,References!$B$7),0)","v":0},{"$f":"IF(AND(D6068<>0,$B$16=\"Yes\"),References!$B$6,0)","v":0},0,0,0,0,{"$error":"#DIV/0!"},{"$f":"(M6068*12-(VLOOKUP(AB6068*12,'Tax table'!$A$3:$C$10,3)*(AB6068*12-VLOOKUP(AB6068*12,'Tax table'!$A$3:$C$10,1))+VLOOKUP(AB6068*12,'Tax table'!$A$3:$C$10,2)))/12","v":{"$error":"#DIV/0!"}},{"$error":"#DIV/0!"},{"$error":"#DIV/0!"}]
[{"$nulls":9},118,0,0,{"$error":"#DIV/0!"},{"$error":"#DIV/0!"},{"$f":"(M6078*12-(VLOOKUP(N6078*12,'Tax table'!$A$3:$C$10,3)*(N6078*12-VLOOKUP(N6078*12,'Tax table'!$A$3:$C$10,1))+VLOOKUP(N6078*12,'Tax table'!$A$3:$C$10,2)))/12","v":{"$error":"#DIV/0!"}},0,{"$f":"(VLOOKUP(P6078*12,'Tax table'!$A$3:$C$10,3)*(P6078*12-VLOOKUP(P6078*12,'Tax table'!$A$3:$C$10,1))+VLOOKUP(P6078*12,'Tax table'!$A$3:$C$10,2))/12","v":0},0,0,{"$error":"#DIV/0!"},0,{"$f":"IF($B$15=\"Yes\",MIN(S6078*2,References!$B$7),0)","v":0},{"$f":"IF(AND(D6078<>0,$B$16=\"Yes\"),References!$B$6,0)","v":0},0,0,0,0,{"$error":"#DIV/0!"},{"$f":"(M6078*12-(VLOOKUP(AB6078*12,'Tax table'!$A$3:$C$10,3)*(AB6078*12-VLOOKUP(AB6078*12,'Tax table'!$A$3:$C$10,1))+VLOOKUP(AB6078*12,'Tax table'!$A$3:$C$10,2)))/12","v":{"$error":"#DIV/0!"}},{"$error":"#DIV/0!"},{"$error":"#DIV/0!"}]
[{"$nulls":9},118,0,0,{"$error":"#DIV/0!"},{"$error":"#DIV/0!"},{"$f":"(M6084*12-(VLOOKUP(N6084*12,'Tax table'!$A$3:$C$10,3)*(N6084*12-VLOOKUP(N6084*12,'Tax table'!$A$3:$C$10,1))+VLOOKUP(N6084*12,'Tax table'!$A$3:$C$10,2)))/12","v":{"$error":"#DIV/0!"}},0,{"$f":"(VLOOKUP(P6084*12,'Tax table'!$A$3:$C$10,3)*(P6084*12-VLOOKUP(P6084*12,'Tax table'!$A$3:$C$10,1))+VLOOKUP(P6084*12,'Tax table'!$A$3:$C$10,2))/12","v":0},0,0,{"$error":"#DIV/0!"},0,{"$f":"IF($B$15=\"Yes\",MIN(S6084*2,References!$B$7),0)","v":0},{"$f":"IF(AND(D6084<>0,$B$16=\"Yes\"),References!$B$6,0)","v":0},0,0,0,0,{"$error":"#DIV/0!"},{"$f":"(M6084*12-(VLOOKUP(AB6084*12,'Tax table'!$A$3:$C$10,3)*(AB6084*12-VLOOKUP(AB6084*12,'Tax table'!$A$3:$C$10,1))+VLOOKUP(AB6084*12,'Tax table'!$A$3:$C$10,2)))/12","v":{"$error":"#DIV/0!"}},{"$error":"#DIV/0!"},{"$error":"#DIV/0!"}]
[{"$nulls":9},118,0,0,{"$error":"#DIV/0!"},{"$error":"#DIV/0!"},{"$f":"(M6094*12-(VLOOKUP(N6094*12,'Tax table'!$A$3:$C$10,3)*(N6094*12-VLOOKUP(N6094*12,'Tax table'!$A$3:$C$10,1))+VLOOKUP(N6094*12,'Tax table'!$A$3:$C$10,2)))/12","v":{"$error":"#DIV/0!"}},0,{"$f":"(VLOOKUP(P6094*12,'Tax table'!$A$3:$C$10,3)*(P6094*12-VLOOKUP(P6094*12,'Tax table'!$A$3:$C$10,1))+VLOOKUP(P6094*12,'Tax table'!$A$3:$C$10,2))/12","v":0},0,0,{"$error":"#DIV/0!"},0,{"$f":"IF($B$15=\"Yes\",MIN(S6094*2,References!$B$7),0)","v":0},{"$f":"IF(AND(D6094<>0,$B$16=\"Yes\"),References!$B$6,0)","v":0},0,0,0,0,{"$error":"#DIV/0!"},{"$f":"(M6094*12-(VLOOKUP(AB6094*12,'Tax table'!$A$3:$C$10,3)*(AB6094*12-VLOOKUP(AB6094*12,'Tax table'!$A$3:$C$10,1))+VLOOKUP(AB6094*12,'Tax table'!$A$3:$C$10,2)))/12","v":{"$error":"#DIV/0!"}},{"$error":"#DIV/0!"},{"$error":"#DIV/0!"}]
[{"$nulls":9},118,0,0,{"$error":"#DIV/0!"},{"$error":"#DIV/0!"},{"$f":"(M6111*12-(VLOOKUP(N6111*12,'Tax table'!$A$3:$C$10,3)*(N6111*12-VLOOKUP(N6111*12,'Tax table'!$A$3:$C$10,1))+VLOOKUP(N6111*12,'Tax table'!$A$3:$C$10,2)))/12","v":{"$error":"#DIV/0!"}},0,{"$f":"(VLOOKUP(P6111*12,'Tax table'!$A$3:$C$10,3)*(P6111*12-VLOOKUP(P6111*12,'Tax table'!$A$3:$C$10,1))+VLOOKUP(P6111*12,'Tax table'!$A$3:$C$10,2))/12","v":0},0,0,{"$error":"#DIV/0!"},0,{"$f":"IF($B$15=\"Yes\",MIN(S6111*2,References!$B$7),0)","v":0},{"$f":"IF(AND(D6111<>0,$B$16=\"Yes\"),References!$B$6,0)","v":0},0,0,0,0,{"$error":"#DIV/0!"},{"$f":"(M6111*12-(VLOOKUP(AB6111*12,'Tax table'!$A$3:$C$10,3)*(AB6111*12-VLOOKUP(AB6111*12,'Tax table'!$A$3:$C$10,1))+VLOOKUP(AB6111*12,'Tax table'!$A$3:$C$10,2)))/12","v":{"$error":"#DIV/0!"}},{"$error":"#DIV/0!"},{"$error":"#DIV/0!"}]
[{"$nulls":9},118,0,0,{"$error":"#DIV/0!"},{"$error":"#DIV/0!"},{"$f":"(M6117*12-(VLOOKUP(N6117*12,'Tax table'!$A$3:$C$10,3)*(N6117*12-VLOOKUP(N6117*12,'Tax table'!$A$3:$C$10,1))+VLOOKUP(N6117*12,'Tax table'!$A$3:$C$10,2)))/12","v":{"$error":"#DIV/0!"}},0,{"$f":"(VLOOKUP(P6117*12,'Tax table'!$A$3:$C$10,3)*(P6117*12-VLOOKUP(P6117*12,'Tax table'!$A$3:$C$10,1))+VLOOKUP(P6117*12,'Tax table'!$A$3:$C$10,2))/12","v":0},0,0,{"$error":"#DIV/0!"},0,{"$f":"IF($B$15=\"Yes\",MIN(S6117*2,References!$B$7),0)","v":0},{"$f":"IF(AND(D6117<>0,$B$16=\"Yes\"),References!$B$6,0)","v":0},0,0,0,0,{"$error":"#DIV/0!"},{"$f":"(M6117*12-(VLOOKUP(AB6117*12,'Tax table'!$A$3:$C$10,3)*(AB6117*12-VLOOKUP(AB6117*12,'Tax table'!$A$3:$C$10,1))+VLOOKUP(AB6117*12,'Tax table'!$A$3:$C$10,2)))/12","v":{"$error":"#DIV/0!"}},{"$error":"#DIV/0!"},{"$error":"#DIV/0!"}]
[{"$nulls":9},118,0,0,{"$error":"#DIV/0!"},{"$error":"#DIV/0!"},{"$f":"(M6127*12-(VLOOKUP(N6127*12,'Tax table'!$A$3:$C$10,3)*(N6127*12-VLOOKUP(N6127*12,'Tax table'!$A$3:$C$10,1))+VLOOKUP(N6127*12,'Tax table'!$A$3:$C$10,2)))/12","v":{"$error":"#DIV/0!"}},0,{"$f":"(VLOOKUP(P6127*12,'Tax table'!$A$3:$C$10,3)*(P6127*12-VLOOKUP(P6127*12,'Tax table'!$A$3:$C$10,1))+VLOOKUP(P6127*12,'Tax table'!$A$3:$C$10,2))/12","v":0},0,0,{"$error":"#DIV/0!"},0,{"$f":"IF($B$15=\"Yes\",MIN(S6127*2,References!$B$7),0)","v":0},{"$f":"IF(AND(D6127<>0,$B$16=\"Yes\"),References!$B$6,0)","v":0},0,0,0,0,{"$error":"#DIV/0!"},{"$f":"(M6127*12-(VLOOKUP(AB6127*12,'Tax table'!$A$3:$C$10,3)*(AB6127*12-VLOOKUP(AB6127*12,'Tax table'!$A$3:$C$10,1))+VLOOKUP(AB6127*12,'Tax table'!$A$3:$C$10,2)))/12","v":{"$error":"#DIV/0!"}},{"$error":"#DIV/0!"},{"$error":"#DIV/0!"}]
[{"$nulls":9},118,0,0,{"$error":"#DIV/0!"},{"$error":"#DIV/0!"},{"$f":"(M6144*12-(VLOOKUP(N6144*12,'Tax table'!$A$3:$C$10,3)*(N6144*12-VLOOKUP(N6144*12,'Tax table'!$A$3:$C$10,1))+VLOOKUP(N6144*12,'Tax table'!$A$3:$C$10,2)))/12","v":{"$error":"#DIV/0!"}},0,{"$f":"(VLOOKUP(P6144*12,'Tax table'!$A$3:$C$10,3)*(P6144*12-VLOOKUP(P6144*12,'Tax table'!$A$3:$C$10,1))+VLOOKUP(P6144*12,'Tax table'!$A$3:$C$10,2))/12","v":0},0,0,{"$error":"#DIV/0!"},0,{"$f":"IF($B$15=\"Yes\",MIN(S6144*2,References!$B$7),0)","v":0},{"$f":"IF(AND(D6144<>0,$B$16=\"Yes\"),References!$B$6,0)","v":0},0,0,0,0,{"$error":"#DIV/0!"},{"$f":"(M6144*12-(VLOOKUP(AB6144*12,'Tax table'!$A$3:$C$10,3)*(AB6144*12-VLOOKUP(AB6144*12,'Tax table'!$A$3:$C$10,1))+VLOOKUP(AB6144*12,'Tax table'!$A$3:$C$10,2)))/12","v":{"$error":"#DIV/0!"}},{"$error":"#DIV/0!"},{"$error":"#DIV/0!"}]
[{"$nulls":9},118,0,0,{"$error":"#DIV/0!"},{"$error":"#DIV/0!"},{"$f":"(M6150*12-(VLOOKUP(N6150*12,'Tax table'!$A$3:$C$10,3)*(N6150*12-VLOOKUP(N6150*12,'Tax table'!$A$3:$C$10,1))+VLOOKUP(N6150*12,'Tax table'!$A$3:$C$10,2)))/12","v":{"$error":"#DIV/0!"}},0,{"$f":"(VLOOKUP(P6150*12,'Tax table'!$A$3:$C$10,3)*(P6150*12-VLOOKUP(P6150*12,'Tax table'!$A$3:$C$10,1))+VLOOKUP(P6150*12,'Tax table'!$A$3:$C$10,2))/12","v":0},0,0,{"$error":"#DIV/0!"},0,{"$f":"IF($B$15=\"Yes\",MIN(S6150*2,References!$B$7),0)","v":0},{"$f":"IF(AND(D6150<>0,$B$16=\"Yes\"),References!$B$6,0)","v":0},0,0,0,0,{"$error":"#DIV/0!"},{"$f":"(M6150*12-(VLOOKUP(AB6150*12,'Tax table'!$A$3:$C$10,3)*(AB6150*12-VLOOKUP(AB6150*12,'Tax table'!$A$3:$C$10,1))+VLOOKUP(AB6150*12,'Tax table'!$A$3:$C$10,2)))/12","v":{"$error":"#DIV/0!"}},{"$error":"#DIV/0!"},{"$error":"#DIV/0!"}]
[{"$nulls":9},118,0,0,{"$error":"#DIV/0!"},{"$error":"#DIV/0!"},{"$f":"(M6160*12-(VLOOKUP(N6160*12,'Tax table'!$A$3:$C$10,3)*(N6160*12-VLOOKUP(N6160*12,'Tax table'!$A$3:$C$10,1))+VLOOKUP(N6160*12,'Tax table'!$A$3:$C$10,2)))/12","v":{"$error":"#DIV/0!"}},0,{"$f":"(VLOOKUP(P6160*12,'Tax table'!$A$3:$C$10,3)*(P6160*12-VLOOKUP(P6160*12,'Tax table'!$A$3:$C$10,1))+VLOOKUP(P6160*12,'Tax table'!$A$3:$C$10,2))/12","v":0},0,0,{"$error":"#DIV/0!"},0,{"$f":"IF($B$15=\"Yes\",MIN(S6160*2,References!$B$7),0)","v":0},{"$f":"IF(AND(D6160<>0,$B$16=\"Yes\"),References!$B$6,0)","v":0},0,0,0,0,{"$error":"#DIV/0!"},{"$f":"(M6160*12-(VLOOKUP(AB6160*12,'Tax table'!$A$3:$C$10,3)*(AB6160*12-VLOOKUP(AB6160*12,'Tax table'!$A$3:$C$10,1))+VLOOKUP(AB6160*12,'Tax table'!$A$3:$C$10,2)))/12","v":{"$error":"#DIV/0!"}},{"$error":"#DIV/0!"},{"$error":"#DIV/0!"}]
[{"$nulls":9},118,0,0,{"$error":"#DIV/0!"},{"$error":"#DIV/0!"},{"$f":"(M6177*12-(VLOOKUP(N6177*12,'Tax table'!$A$3:$C$10,3)*(N6177*12-VLOOKUP(N6177*12,'Tax table'!$A$3:$C$10,1))+VLOOKUP(N6177*12,'Tax table'!$A$3:$C$10,2)))/12","v":{"$error":"#DIV/0!"}},0,{"$f":"(VLOOKUP(P6177*12,'Tax table'!$A$3:$C$10,3)*(P6177*12-VLOOKUP(P6177*12,'Tax table'!$A$3:$C$10,1))+VLOOKUP(P6177*12,'Tax table'!$A$3:$C$10,2))/12","v":0},0,0,{"$error":"#DIV/0!"},0,{"$f":"IF($B$15=\"Yes\",MIN(S6177*2,References!$B$7),0)","v":0},{"$f":"IF(AND(D6177<>0,$B$16=\"Yes\"),References!$B$6,0)","v":0},0,0,0,0,{"$error":"#DIV/0!"},{"$f":"(M6177*12-(VLOOKUP(AB6177*12,'Tax table'!$A$3:$C$10,3)*(AB6177*12-VLOOKUP(AB6177*12,'Tax table'!$A$3:$C$10,1))+VLOOKUP(AB6177*12,'Tax table'!$A$3:$C$10,2)))/12","v":{"$error":"#DIV/0!"}},{"$error":"#DIV/0!"},{"$error":"#DIV/0!"}]
[{"$nulls":9},118,0,0,{"$error":"#DIV/0!"},{"$error":"#DIV/0!"},{"$f":"(M6187*12-(VLOOKUP(N6187*12,'Tax table'!$A$3:$C$10,3)*(N6187*12-VLOOKUP(N6187*12,'Tax table'!$A$3:$C$10,1))+VLOOKUP(N6187*12,'Tax table'!$A$3:$C$10,2)))/12","v":{"$error":"#DIV/0!"}},0,{"$f":"(VLOOKUP(P6187*12,'Tax table'!$A$3:$C$10,3)*(P6187*12-VLOOKUP(P6187*12,'Tax table'!$A$3:$C$10,1))+VLOOKUP(P6187*12,'Tax table'!$A$3:$C$10,2))/12","v":0},0,0,{"$error":"#DIV/0!"},0,{"$f":"IF($B$15=\"Yes\",MIN(S6187*2,References!$B$7),0)","v":0},{"$f":"IF(AND(D6187<>0,$B$16=\"Yes\"),References!$B$6,0)","v":0},0,0,0,0,{"$error":"#DIV/0!"},{"$f":"(M6187*12-(VLOOKUP(AB6187*12,'Tax table'!$A$3:$C$10,3)*(AB6187*12-VLOOKUP(AB6187*12,'Tax table'!$A$3:$C$10,1))+VLOOKUP(AB6187*12,'Tax table'!$A$3:$C$10,2)))/12","v":{"$error":"#DIV/0!"}},{"$error":"#DIV/0!"},{"$error":"#DIV/0!"}]
[{"$nulls":9},118,0,0,{"$error":"#DIV/0!"},{"$error":"#DIV/0!"},{"$f":"(M6193*12-(VLOOKUP(N6193*12,'Tax table'!$A$3:$C$10,3)*(N6193*12-VLOOKUP(N6193*12,'Tax table'!$A$3:$C$10,1))+VLOOKUP(N6193*12,'Tax table'!$A$3:$C$10,2)))/12","v":{"$error":"#DIV/0!"}},0,{"$f":"(VLOOKUP(P6193*12,'Tax table'!$A$3:$C$10,3)*(P6193*12-VLOOKUP(P6193*12,'Tax table'!$A$3:$C$10,1))+VLOOKUP(P6193*12,'Tax table'!$A$3:$C$10,2))/12","v":0},0,0,{"$error":"#DIV/0!"},0,{"$f":"IF($B$15=\"Yes\",MIN(S6193*2,References!$B$7),0)","v":0},{"$f":"IF(AND(D6193<>0,$B$16=\"Yes\"),References!$B$6,0)","v":0},0,0,0,0,{"$error":"#DIV/0!"},{"$f":"(M6193*12-(VLOOKUP(AB6193*12,'Tax table'!$A$3:$C$10,3)*(AB6193*12-VLOOKUP(AB6193*12,'Tax table'!$A$3:$C$10,1))+VLOOKUP(AB6193*12,'Tax table'!$A$3:$C$10,2)))/12","v":{"$error":"#DIV/0!"}},{"$error":"#DIV/0!"},{"$error":"#DIV/0!"}]
[{"$nulls":9},118,0,0,{"$error":"#DIV/0!"},{"$error":"#DIV/0!"},{"$f":"(M6210*12-(VLOOKUP(N6210*12,'Tax table'!$A$3:$C$10,3)*(N6210*12-VLOOKUP(N6210*12,'Tax table'!$A$3:$C$10,1))+VLOOKUP(N6210*12,'Tax table'!$A$3:$C$10,2)))/12","v":{"$error":"#DIV/0!"}},0,{"$f":"(VLOOKUP(P6210*12,'Tax table'!$A$3:$C$10,3)*(P6210*12-VLOOKUP(P6210*12,'Tax table'!$A$3:$C$10,1))+VLOOKUP(P6210*12,'Tax table'!$A$3:$C$10,2))/12","v":0},0,0,{"$error":"#DIV/0!"},0,{"$f":"IF($B$15=\"Yes\",MIN(S6210*2,References!$B$7),0)","v":0},{"$f":"IF(AND(D6210<>0,$B$16=\"Yes\"),References!$B$6,0)","v":0},0,0,0,0,{"$error":"#DIV/0!"},{"$f":"(M6210*12-(VLOOKUP(AB6210*12,'Tax table'!$A$3:$C$10,3)*(AB6210*12-VLOOKUP(AB6210*12,'Tax table'!$A$3:$C$10,1))+VLOOKUP(AB6210*12,'Tax table'!$A$3:$C$10,2)))/12","v":{"$error":"#DIV/0!"}},{"$error":"#DIV/0!"},{"$error":"#DIV/0!"}]
[{"$nulls":9},118,0,0,{"$error":"#DIV/0!"},{"$error":"#DIV/0!"},{"$f":"(M6220*12-(VLOOKUP(N6220*12,'Tax table'!$A$3:$C$10,3)*(N6220*12-VLOOKUP(N6220*12,'Tax table'!$A$3:$C$10,1))+VLOOKUP(N6220*12,'Tax table'!$A$3:$C$10,2)))/12","v":{"$error":"#DIV/0!"}},0,{"$f":"(VLOOKUP(P6220*12,'Tax table'!$A$3:$C$10,3)*(P6220*12-VLOOKUP(P6220*12,'Tax table'!$A$3:$C$10,1))+VLOOKUP(P6220*12,'Tax table'!$A$3:$C$10,2))/12","v":0},0,0,{"$error":"#DIV/0!"},0,{"$f":"IF($B$15=\"Yes\",MIN(S6220*2,References!$B$7),0)","v":0},{"$f":"IF(AND(D6220<>0,$B$16=\"Yes\"),References!$B$6,0)","v":0},0,0,0,0,{"$error":"#DIV/0!"},{"$f":"(M6220*12-(VLOOKUP(AB6220*12,'Tax table'!$A$3:$C$10,3)*(AB6220*12-VLOOKUP(AB6220*12,'Tax table'!$A$3:$C$10,1))+VLOOKUP(AB6220*12,'Tax table'!$A$3:$C$10,2)))/12","v":{"$error":"#DIV/0!"}},{"$error":"#DIV/0!"},{"$error":"#DIV/0!"}]
[{"$nulls":9},118,0,0,{"$error":"#DIV/0!"},{"$error":"#DIV/0!"},{"$f":"(M6226*12-(VLOOKUP(N6226*12,'Tax table'!$A$3:$C$10,3)*(N6226*12-VLOOKUP(N6226*12,'Tax table'!$A$3:$C$10,1))+VLOOKUP(N6226*12,'Tax table'!$A$3:$C$10,2)))/12","v":{"$error":"#DIV/0!"}},0,{"$f":"(VLOOKUP(P6226*12,'Tax table'!$A$3:$C$10,3)*(P6226*12-VLOOKUP(P6226*12,'Tax table'!$A$3:$C$10,1))+VLOOKUP(P6226*12,'Tax table'!$A$3:$C$10,2))/12","v":0},0,0,{"$error":"#DIV/0!"},0,{"$f":"IF($B$15=\"Yes\",MIN(S6226*2,References!$B$7),0)","v":0},{"$f":"IF(AND(D6226<>0,$B$16=\"Yes\"),References!$B$6,0)","v":0},0,0,0,0,{"$error":"#DIV/0!"},{"$f":"(M6226*12-(VLOOKUP(AB6226*12,'Tax table'!$A$3:$C$10,3)*(AB6226*12-VLOOKUP(AB6226*12,'Tax table'!$A$3:$C$10,1))+VLOOKUP(AB6226*12,'Tax table'!$A$3:$C$10,2)))/12","v":{"$error":"#DIV/0!"}},{"$error":"#DIV/0!"},{"$error":"#DIV/0!"}]
[{"$nulls":9},118,0,0,{"$error":"#DIV/0!"},{"$error":"#DIV/0!"},{"$f":"(M6236*12-(VLOOKUP(N6236*12,'Tax table'!$A$3:$C$10,3)*(N6236*12-VLOOKUP(N6236*12,'Tax table'!$A$3:$C$10,1))+VLOOKUP(N6236*12,'Tax table'!$A$3:$C$10,2)))/12","v":{"$error":"#DIV/0!"}},0,{"$f":"(VLOOKUP(P6236*12,'Tax table'!$A$3:$C$10,3)*(P6236*12-VLOOKUP(P6236*12,'Tax table'!$A$3:$C$10,1))+VLOOKUP(P6236*12,'Tax table'!$A$3:$C$10,2))/12","v":0},0,0,{"$error":"#DIV/0!"},0,{"$f":"IF($B$15=\"Yes\",MIN(S6236*2,References!$B$7),0)","v":0},{"$f":"IF(AND(D6236<>0,$B$16=\"Yes\"),References!$B$6,0)","v":0},0,0,0,0,{"$error":"#DIV/0!"},{"$f":"(M6236*12-(VLOOKUP(AB6236*12,'Tax table'!$A$3:$C$10,3)*(AB6236*12-VLOOKUP(AB6236*12,'Tax table'!$A$3:$C$10,1))+VLOOKUP(AB6236*12,'Tax table'!$A$3:$C$10,2)))/12","v":{"$error":"#DIV/0!"}},{"$error":"#DIV/0!"},{"$error":"#DIV/0!"}]
[{"$nulls":9},118,0,0,{"$error":"#DIV/0!"},{"$error":"#DIV/0!"},{"$f":"(M6253*12-(VLOOKUP(N6253*12,'Tax table'!$A$3:$C$10,3)*(N6253*12-VLOOKUP(N6253*12,'Tax table'!$A$3:$C$10,1))+VLOOKUP(N6253*12,'Tax table'!$A$3:$C$10,2)))/12","v":{"$error":"#DIV/0!"}},0,{"$f":"(VLOOKUP(P6253*12,'Tax table'!$A$3:$C$10,3)*(P6253*12-VLOOKUP(P6253*12,'Tax table'!$A$3:$C$10,1))+VLOOKUP(P6253*12,'Tax table'!$A$3:$C$10,2))/12","v":0},0,0,{"$error":"#DIV/0!"},0,{"$f":"IF($B$15=\"Yes\",MIN(S6253*2,References!$B$7),0)","v":0},{"$f":"IF(AND(D6253<>0,$B$16=\"Yes\"),References!$B$6,0)","v":0},0,0,0,0,{"$error":"#DIV/0!"},{"$f":"(M6253*12-(VLOOKUP(AB6253*12,'Tax table'!$A$3:$C$10,3)*(AB6253*12-VLOOKUP(AB6253*12,'Tax table'!$A$3:$C$10,1))+VLOOKUP(AB6253*12,'Tax table'!$A$3:$C$10,2)))/12","v":{"$error":"#DIV/0!"}},{"$error":"#DIV/0!"},{"$error":"#DIV/0!"}]
[{"$nulls":9},118,0,0,{"$error":"#DIV/0!"},{"$error":"#DIV/0!"},{"$f":"(M6259*12-(VLOOKUP(N6259*12,'Tax table'!$A$3:$C$10,3)*(N6259*12-VLOOKUP(N6259*12,'Tax table'!$A$3:$C$10,1))+VLOOKUP(N6259*12,'Tax table'!$A$3:$C$10,2)))/12","v":{"$error":"#DIV/0!"}},0,{"$f":"(VLOOKUP(P6259*12,'Tax table'!$A$3:$C$10,3)*(P6259*12-VLOOKUP(P6259*12,'Tax table'!$A$3:$C$10,1))+VLOOKUP(P6259*12,'Tax table'!$A$3:$C$10,2))/12","v":0},0,0,{"$error":"#DIV/0!"},0,{"$f":"IF($B$15=\"Yes\",MIN(S6259*2,References!$B$7),0)","v":0},{"$f":"IF(AND(D6259<>0,$B$16=\"Yes\"),References!$B$6,0)","v":0},0,0,0,0,{"$error":"#DIV/0!"},{"$f":"(M6259*12-(VLOOKUP(AB6259*12,'Tax table'!$A$3:$C$10,3)*(AB6259*12-VLOOKUP(AB6259*12,'Tax table'!$A$3:$C$10,1))+VLOOKUP(AB6259*12,'Tax table'!$A$3:$C$10,2)))/12","v":{"$error":"#DIV/0!"}},{"$error":"#DIV/0!"},{"$error":"#DIV/0!"}]
[{"$nulls":9},118,0,0,{"$error":"#DIV/0!"},{"$error":"#DIV/0!"},{"$f":"(M6269*12-(VLOOKUP(N6269*12,'Tax table'!$A$3:$C$10,3)*(N6269*12-VLOOKUP(N6269*12,'Tax table'!$A$3:$C$10,1))+VLOOKUP(N6269*12,'Tax table'!$A$3:$C$10,2)))/12","v":{"$error":"#DIV/0!"}},0,{"$f":"(VLOOKUP(P6269*12,'Tax table'!$A$3:$C$10,3)*(P6269*12-VLOOKUP(P6269*12,'Tax table'!$A$3:$C$10,1))+VLOOKUP(P6269*12,'Tax table'!$A$3:$C$10,2))/12","v":0},0,0,{"$error":"#DIV/0!"},0,{"$f":"IF($B$15=\"Yes\",MIN(S6269*2,References!$B$7),0)","v":0},{"$f":"IF(AND(D6269<>0,$B$16=\"Yes\"),References!$B$6,0)","v":0},0,0,0,0,{"$error":"#DIV/0!"},{"$f":"(M6269*12-(VLOOKUP(AB6269*12,'Tax table'!$A$3:$C$10,3)*(AB6269*12-VLOOKUP(AB6269*12,'Tax table'!$A$3:$C$10,1))+VLOOKUP(AB6269*12,'Tax table'!$A$3:$C$10,2)))/12","v":{"$error":"#DIV/0!"}},{"$error":"#DIV/0!"},{"$error":"#DIV/0!"}]
[{"$nulls":9},118,0,0,{"$error":"#DIV/0!"},{"$error":"#DIV/0!"},{"$f":"(M6283*12-(VLOOKUP(N6283*12,'Tax table'!$A$3:$C$10,3)*(N6283*12-VLOOKUP(N6283*12,'Tax table'!$A$3:$C$10,1))+VLOOKUP(N6283*12,'Tax table'!$A$3:$C$10,2)))/12","v":{"$error":"#DIV/0!"}},0,{"$f":"(VLOOKUP(P6283*12,'Tax table'!$A$3:$C$10,3)*(P6283*12-VLOOKUP(P6283*12,'Tax table'!$A$3:$C$10,1))+VLOOKUP(P6283*12,'Tax table'!$A$3:$C$10,2))/12","v":0},0,0,{"$error":"#DIV/0!"},0,{"$f":"IF($B$15=\"Yes\",MIN(S6283*2,References!$B$7),0)","v":0},{"$f":"IF(AND(D6283<>0,$B$16=\"Yes\"),References!$B$6,0)","v":0},0,0,0,0,{"$error":"#DIV/0!"},{"$f":"(M6283*12-(VLOOKUP(AB6283*12,'Tax table'!$A$3:$C$10,3)*(AB6283*12-VLOOKUP(AB6283*12,'Tax table'!$A$3:$C$10,1))+VLOOKUP(AB6283*12,'Tax table'!$A$3:$C$10,2)))/12","v":{"$error":"#DIV/0!"}},{"$error":"#DIV/0!"},{"$error":"#DIV/0!"}]
[{"$nulls":9},118,0,0,{"$error":"#DIV/0!"},{"$error":"#DIV/0!"},{"$f":"(M6293*12-(VLOOKUP(N6293*12,'Tax table'!$A$3:$C$10,3)*(N6293*12-VLOOKUP(N6293*12,'Tax table'!$A$3:$C$10,1))+VLOOKUP(N6293*12,'Tax table'!$A$3:$C$10,2)))/12","v":{"$error":"#DIV/0!"}},0,{"$f":"(VLOOKUP(P6293*12,'Tax table'!$A$3:$C$10,3)*(P6293*12-VLOOKUP(P6293*12,'Tax table'!$A$3:$C$10,1))+VLOOKUP(P6293*12,'Tax table'!$A$3:$C$10,2))/12","v":0},0,0,{"$error":"#DIV/0!"},0,{"$f":"IF($B$15=\"Yes\",MIN(S6293*2,References!$B$7),0)","v":0},{"$f":"IF(AND(D6293<>0,$B$16=\"Yes\"),References!$B$6,0)","v":0},0,0,0,0,{"$error":"#DIV/0!"},{"$f":"(M6293*12-(VLOOKUP(AB6293*12,'Tax table'!$A$3:$C$10,3)*(AB6293*12-VLOOKUP(AB6293*12,'Tax table'!$A$3:$C$10,1))+VLOOKUP(AB6293*12,'Tax table'!$A$3:$C$10,2)))/12","v":{"$error":"#DIV/0!"}},{"$error":"#DIV/0!"},{"$error":"#DIV/0!"}]
[{"$nulls":9},118,0,0,{"$error":"#DIV/0!"},{"$error":"#DIV/0!"},{"$f":"(M6303*12-(VLOOKUP(N6303*12,'Tax table'!$A$3:$C$10,3)*(N6303*12-VLOOKUP(N6303*12,'Tax table'!$A$3:$C$10,1))+VLOOKUP(N6303*12,'Tax table'!$A$3:$C$10,2)))/12","v":{"$error":"#DIV/0!"}},0,{"$f":"(VLOOKUP(P6303*12,'Tax table'!$A$3:$C$10,3)*(P6303*12-VLOOKUP(P6303*12,'Tax table'!$A$3:$C$10,1))+VLOOKUP(P6303*12,'Tax table'!$A$3:$C$10,2))/12","v":0},0,0,{"$error":"#DIV/0!"},0,{"$f":"IF($B$15=\"Yes\",MIN(S6303*2,References!$B$7),0)","v":0},{"$f":"IF(AND(D6303<>0,$B$16=\"Yes\"),References!$B$6,0)","v":0},0,0,0,0,{"$error":"#DIV/0!"},{"$f":"(M6303*12-(VLOOKUP(AB6303*12,'Tax table'!$A$3:$C$10,3)*(AB6303*12-VLOOKUP(AB6303*12,'Tax table'!$A$3:$C$10,1))+VLOOKUP(AB6303*12,'Tax table'!$A$3:$C$10,2)))/12","v":{"$error":"#DIV/0!"}},{"$error":"#DIV/0!"},{"$error":"#DIV/0!"}]
[{"$nulls":9},118,0,0,{"$error":"#DIV/0!"},{"$error":"#DIV/0!"},{"$f":"(M6320*12-(VLOOKUP(N6320*12,'Tax table'!$A$3:$C$10,3)*(N6320*12-VLOOKUP(N6320*12,'Tax table'!$A$3:$C$10,1))+VLOOKUP(N6320*12,'Tax table'!$A$3:$C$10,2)))/12","v":{"$error":"#DIV/0!"}},0,{"$f":"(VLOOKUP(P6320*12,'Tax table'!$A$3:$C$10,3)*(P6320*12-VLOOKUP(P6320*12,'Tax table'!$A$3:$C$10,1))+VLOOKUP(P6320*12,'Tax table'!$A$3:$C$10,2))/12","v":0},0,0,{"$error":"#DIV/0!"},0,{"$f":"IF($B$15=\"Yes\",MIN(S6320*2,References!$B$7),0)","v":0},{"$f":"IF(AND(D6320<>0,$B$16=\"Yes\"),References!$B$6,0)","v":0},0,0,0,0,{"$error":"#DIV/0!"},{"$f":"(M6320*12-(VLOOKUP(AB6320*12,'Tax table'!$A$3:$C$10,3)*(AB6320*12-VLOOKUP(AB6320*12,'Tax table'!$A$3:$C$10,1))+VLOOKUP(AB6320*12,'Tax table'!$A$3:$C$10,2)))/12","v":{"$error":"#DIV/0!"}},{"$error":"#DIV/0!"},{"$error":"#DIV/0!"}]
[{"$nulls":9},118,0,0,{"$error":"#DIV/0!"},{"$error":"#DIV/0!"},{"$f":"(M6330*12-(VLOOKUP(N6330*12,'Tax table'!$A$3:$C$10,3)*(N6330*12-VLOOKUP(N6330*12,'Tax table'!$A$3:$C$10,1))+VLOOKUP(N6330*12,'Tax table'!$A$3:$C$10,2)))/12","v":{"$error":"#DIV/0!"}},0,{"$f":"(VLOOKUP(P6330*12,'Tax table'!$A$3:$C$10,3)*(P6330*12-VLOOKUP(P6330*12,'Tax table'!$A$3:$C$10,1))+VLOOKUP(P6330*12,'Tax table'!$A$3:$C$10,2))/12","v":0},0,0,{"$error":"#DIV/0!"},0,{"$f":"IF($B$15=\"Yes\",MIN(S6330*2,References!$B$7),0)","v":0},{"$f":"IF(AND(D6330<>0,$B$16=\"Yes\"),References!$B$6,0)","v":0},0,0,0,0,{"$error":"#DIV/0!"},{"$f":"(M6330*12-(VLOOKUP(AB6330*12,'Tax table'!$A$3:$C$10,3)*(AB6330*12-VLOOKUP(AB6330*12,'Tax table'!$A$3:$C$10,1))+VLOOKUP(AB6330*12,'Tax table'!$A$3:$C$10,2)))/12","v":{"$error":"#DIV/0!"}},{"$error":"#DIV/0!"},{"$error":"#DIV/0!"}]
[{"$nulls":9},118,0,0,{"$error":"#DIV/0!"},{"$error":"#DIV/0!"},{"$f":"(M6336*12-(VLOOKUP(N6336*12,'Tax table'!$A$3:$C$10,3)*(N6336*12-VLOOKUP(N6336*12,'Tax table'!$A$3:$C$10,1))+VLOOKUP(N6336*12,'Tax table'!$A$3:$C$10,2)))/12","v":{"$error":"#DIV/0!"}},0,{"$f":"(VLOOKUP(P6336*12,'Tax table'!$A$3:$C$10,3)*(P6336*12-VLOOKUP(P6336*12,'Tax table'!$A$3:$C$10,1))+VLOOKUP(P6336*12,'Tax table'!$A$3:$C$10,2))/12","v":0},0,0,{"$error":"#DIV/0!"},0,{"$f":"IF($B$15=\"Yes\",MIN(S6336*2,References!$B$7),0)","v":0},{"$f":"IF(AND(D6336<>0,$B$16=\"Yes\"),References!$B$6,0)","v":0},0,0,0,0,{"$error":"#DIV/0!"},{"$f":"(M6336*12-(VLOOKUP(AB6336*12,'Tax table'!$A$3:$C$10,3)*(AB6336*12-VLOOKUP(AB6336*12,'Tax table'!$A$3:$C$10,1))+VLOOKUP(AB6336*12,'Tax table'!$A$3:$C$10,2)))/12","v":{"$error":"#DIV/0!"}},{"$error":"#DIV/0!"},{"$error":"#DIV/0!"}]
[{"$nulls":9},118,0,0,{"$error":"#DIV/0!"},{"$error":"#DIV/0!"},{"$f":"(M6353*12-(VLOOKUP(N6353*12,'Tax table'!$A$3:$C$10,3)*(N6353*12-VLOOKUP(N6353*12,'Tax table'!$A$3:$C$10,1))+VLOOKUP(N6353*12,'Tax table'!$A$3:$C$10,2)))/12","v":{"$error":"#DIV/0!"}},0,{"$f":"(VLOOKUP(P6353*12,'Tax table'!$A$3:$C$10,3)*(P6353*12-VLOOKUP(P6353*12,'Tax table'!$A$3:$C$10,1))+VLOOKUP(P6353*12,'Tax table'!$A$3:$C$10,2))/12","v":0},0,0,{"$error":"#DIV/0!"},0,{"$f":"IF($B$15=\"Yes\",MIN(S6353*2,References!$B$7),0)","v":0},{"$f":"IF(AND(D6353<>0,$B$16=\"Yes\"),References!$B$6,0)","v":0},0,0,0,0,{"$error":"#DIV/0!"},{"$f":"(M6353*12-(VLOOKUP(AB6353*12,'Tax table'!$A$3:$C$10,3)*(AB6353*12-VLOOKUP(AB6353*12,'Tax table'!$A$3:$C$10,1))+VLOOKUP(AB6353*12,'Tax table'!$A$3:$C$10,2)))/12","v":{"$error":"#DIV/0!"}},{"$error":"#DIV/0!"},{"$error":"#DIV/0!"}]
[{"$nulls":9},118,0,0,{"$error":"#DIV/0!"},{"$error":"#DIV/0!"},{"$f":"(M6363*12-(VLOOKUP(N6363*12,'Tax table'!$A$3:$C$10,3)*(N6363*12-VLOOKUP(N6363*12,'Tax table'!$A$3:$C$10,1))+VLOOKUP(N6363*12,'Tax table'!$A$3:$C$10,2)))/12","v":{"$error":"#DIV/0!"}},0,{"$f":"(VLOOKUP(P6363*12,'Tax table'!$A$3:$C$10,3)*(P6363*12-VLOOKUP(P6363*12,'Tax table'!$A$3:$C$10,1))+VLOOKUP(P6363*12,'Tax table'!$A$3:$C$10,2))/12","v":0},0,0,{"$error":"#DIV/0!"},0,{"$f":"IF($B$15=\"Yes\",MIN(S6363*2,References!$B$7),0)","v":0},{"$f":"IF(AND(D6363<>0,$B$16=\"Yes\"),References!$B$6,0)","v":0},0,0,0,0,{"$error":"#DIV/0!"},{"$f":"(M6363*12-(VLOOKUP(AB6363*12,'Tax table'!$A$3:$C$10,3)*(AB6363*12-VLOOKUP(AB6363*12,'Tax table'!$A$3:$C$10,1))+VLOOKUP(AB6363*12,'Tax table'!$A$3:$C$10,2)))/12","v":{"$error":"#DIV/0!"}},{"$error":"#DIV/0!"},{"$error":"#DIV/0!"}]
[{"$nulls":9},118,0,0,{"$error":"#DIV/0!"},{"$error":"#DIV/0!"},{"$f":"(M6369*12-(VLOOKUP(N6369*12,'Tax table'!$A$3:$C$10,3)*(N6369*12-VLOOKUP(N6369*12,'Tax table'!$A$3:$C$10,1))+VLOOKUP(N6369*12,'Tax table'!$A$3:$C$10,2)))/12","v":{"$error":"#DIV/0!"}},0,{"$f":"(VLOOKUP(P6369*12,'Tax table'!$A$3:$C$10,3)*(P6369*12-VLOOKUP(P6369*12,'Tax table'!$A$3:$C$10,1))+VLOOKUP(P6369*12,'Tax table'!$A$3:$C$10,2))/12","v":0},0,0,{"$error":"#DIV/0!"},0,{"$f":"IF($B$15=\"Yes\",MIN(S6369*2,References!$B$7),0)","v":0},{"$f":"IF(AND(D6369<>0,$B$16=\"Yes\"),References!$B$6,0)","v":0},0,0,0,0,{"$error":"#DIV/0!"},{"$f":"(M6369*12-(VLOOKUP(AB6369*12,'Tax table'!$A$3:$C$10,3)*(AB6369*12-VLOOKUP(AB6369*12,'Tax table'!$A$3:$C$10,1))+VLOOKUP(AB6369*12,'Tax table'!$A$3:$C$10,2)))/12","v":{"$error":"#DIV/0!"}},{"$error":"#DIV/0!"},{"$error":"#DIV/0!"}]
[{"$nulls":9},118,0,0,{"$error":"#DIV/0!"},{"$error":"#DIV/0!"},{"$f":"(M6390*12-(VLOOKUP(N6390*12,'Tax table'!$A$3:$C$10,3)*(N6390*12-VLOOKUP(N6390*12,'Tax table'!$A$3:$C$10,1))+VLOOKUP(N6390*12,'Tax table'!$A$3:$C$10,2)))/12","v":{"$error":"#DIV/0!"}},0,{"$f":"(VLOOKUP(P6390*12,'Tax table'!$A$3:$C$10,3)*(P6390*12-VLOOKUP(P6390*12,'Tax table'!$A$3:$C$10,1))+VLOOKUP(P6390*12,'Tax table'!$A$3:$C$10,2))/12","v":0},0,0,{"$error":"#DIV/0!"},0,{"$f":"IF($B$15=\"Yes\",MIN(S6390*2,References!$B$7),0)","v":0},{"$f":"IF(AND(D6390<>0,$B$16=\"Yes\"),References!$B$6,0)","v":0},0,0,0,0,{"$error":"#DIV/0!"},{"$f":"(M6390*12-(VLOOKUP(AB6390*12,'Tax table'!$A$3:$C$10,3)*(AB6390*12-VLOOKUP(AB6390*12,'Tax table'!$A$3:$C$10,1))+VLOOKUP(AB6390*12,'Tax table'!$A$3:$C$10,2)))/12","v":{"$error":"#DIV/0!"}},{"$error":"#DIV/0!"},{"$error":"#DIV/0!"}]
[{"$nulls":9},118,0,0,{"$error":"#DIV/0!"},{"$error":"#DIV/0!"},{"$f":"(M6396*12-(VLOOKUP(N6396*12,'Tax table'!$A$3:$C$10,3)*(N6396*12-VLOOKUP(N6396*12,'Tax table'!$A$3:$C$10,1))+VLOOKUP(N6396*12,'Tax table'!$A$3:$C$10,2)))/12","v":{"$error":"#DIV/0!"}},0,{"$f":"(VLOOKUP(P6396*12,'Tax table'!$A$3:$C$10,3)*(P6396*12-VLOOKUP(P6396*12,'Tax table'!$A$3:$C$10,1))+VLOOKUP(P6396*12,'Tax table'!$A$3:$C$10,2))/12","v":0},0,0,{"$error":"#DIV/0!"},0,{"$f":"IF($B$15=\"Yes\",MIN(S6396*2,References!$B$7),0)","v":0},{"$f":"IF(AND(D6396<>0,$B$16=\"Yes\"),References!$B$6,0)","v":0},0,0,0,0,{"$error":"#DIV/0!"},{"$f":"(M6396*12-(VLOOKUP(AB6396*12,'Tax table'!$A$3:$C$10,3)*(AB6396*12-VLOOKUP(AB6396*12,'Tax table'!$A$3:$C$10,1))+VLOOKUP(AB6396*12,'Tax table'!$A$3:$C$10,2)))/12","v":{"$error":"#DIV/0!"}},{"$error":"#DIV/0!"},{"$error":"#DIV/0!"}]
[{"$nulls":9},118,0,0,{"$error":"#DIV/0!"},{"$error":"#DIV/0!"},{"$f":"(M6402*12-(VLOOKUP(N6402*12,'Tax table'!$A$3:$C$10,3)*(N6402*12-VLOOKUP(N6402*12,'Tax table'!$A$3:$C$10,1))+VLOOKUP(N6402*12,'Tax table'!$A$3:$C$10,2)))/12","v":{"$error":"#DIV/0!"}},0,{"$f":"(VLOOKUP(P6402*12,'Tax table'!$A$3:$C$10,3)*(P6402*12-VLOOKUP(P6402*12,'Tax table'!$A$3:$C$10,1))+VLOOKUP(P6402*12,'Tax table'!$A$3:$C$10,2))/12","v":0},0,0,{"$error":"#DIV/0!"},0,{"$f":"IF($B$15=\"Yes\",MIN(S6402*2,References!$B$7),0)","v":0},{"$f":"IF(AND(D6402<>0,$B$16=\"Yes\"),References!$B$6,0)","v":0},0,0,0,0,{"$error":"#DIV/0!"},{"$f":"(M6402*12-(VLOOKUP(AB6402*12,'Tax table'!$A$3:$C$10,3)*(AB6402*12-VLOOKUP(AB6402*12,'Tax table'!$A$3:$C$10,1))+VLOOKUP(AB6402*12,'Tax table'!$A$3:$C$10,2)))/12","v":{"$error":"#DIV/0!"}},{"$error":"#DIV/0!"},{"$error":"#DIV/0!"}]
[{"$nulls":9},118,0,0,{"$error":"#DIV/0!"},{"$error":"#DIV/0!"},{"$f":"(M6423*12-(VLOOKUP(N6423*12,'Tax table'!$A$3:$C$10,3)*(N6423*12-VLOOKUP(N6423*12,'Tax table'!$A$3:$C$10,1))+VLOOKUP(N6423*12,'Tax table'!$A$3:$C$10,2)))/12","v":{"$error":"#DIV/0!"}},0,{"$f":"(VLOOKUP(P6423*12,'Tax table'!$A$3:$C$10,3)*(P6423*12-VLOOKUP(P6423*12,'Tax table'!$A$3:$C$10,1))+VLOOKUP(P6423*12,'Tax table'!$A$3:$C$10,2))/12","v":0},0,0,{"$error":"#DIV/0!"},0,{"$f":"IF($B$15=\"Yes\",MIN(S6423*2,References!$B$7),0)","v":0},{"$f":"IF(AND(D6423<>0,$B$16=\"Yes\"),References!$B$6,0)","v":0},0,0,0,0,{"$error":"#DIV/0!"},{"$f":"(M6423*12-(VLOOKUP(AB6423*12,'Tax table'!$A$3:$C$10,3)*(AB6423*12-VLOOKUP(AB6423*12,'Tax table'!$A$3:$C$10,1))+VLOOKUP(AB6423*12,'Tax table'!$A$3:$C$10,2)))/12","v":{"$error":"#DIV/0!"}},{"$error":"#DIV/0!"},{"$error":"#DIV/0!"}]
[{"$nulls":9},118,0,0,{"$error":"#DIV/0!"},{"$error":"#DIV/0!"},{"$f":"(M6429*12-(VLOOKUP(N6429*12,'Tax table'!$A$3:$C$10,3)*(N6429*12-VLOOKUP(N6429*12,'Tax table'!$A$3:$C$10,1))+VLOOKUP(N6429*12,'Tax table'!$A$3:$C$10,2)))/12","v":{"$error":"#DIV/0!"}},0,{"$f":"(VLOOKUP(P6429*12,'Tax table'!$A$3:$C$10,3)*(P6429*12-VLOOKUP(P6429*12,'Tax table'!$A$3:$C$10,1))+VLOOKUP(P6429*12,'Tax table'!$A$3:$C$10,2))/12","v":0},0,0,{"$error":"#DIV/0!"},0,{"$f":"IF($B$15=\"Yes\",MIN(S6429*2,References!$B$7),0)","v":0},{"$f":"IF(AND(D6429<>0,$B$16=\"Yes\"),References!$B$6,0)","v":0},0,0,0,0,{"$error":"#DIV/0!"},{"$f":"(M6429*12-(VLOOKUP(AB6429*12,'Tax table'!$A$3:$C$10,3)*(AB6429*12-VLOOKUP(AB6429*12,'Tax table'!$A$3:$C$10,1))+VLOOKUP(AB6429*12,'Tax table'!$A$3:$C$10,2)))/12","v":{"$error":"#DIV/0!"}},{"$error":"#DIV/0!"},{"$error":"#DIV/0!"}]
[{"$nulls":9},118,0,0,{"$error":"#DIV/0!"},{"$error":"#DIV/0!"},{"$f":"(M6435*12-(VLOOKUP(N6435*12,'Tax table'!$A$3:$C$10,3)*(N6435*12-VLOOKUP(N6435*12,'Tax table'!$A$3:$C$10,1))+VLOOKUP(N6435*12,'Tax table'!$A$3:$C$10,2)))/12","v":{"$error":"#DIV/0!"}},0,{"$f":"(VLOOKUP(P6435*12,'Tax table'!$A$3:$C$10,3)*(P6435*12-VLOOKUP(P6435*12,'Tax table'!$A$3:$C$10,1))+VLOOKUP(P6435*12,'Tax table'!$A$3:$C$10,2))/12","v":0},0,0,{"$error":"#DIV/0!"},0,{"$f":"IF($B$15=\"Yes\",MIN(S6435*2,References!$B$7),0)","v":0},{"$f":"IF(AND(D6435<>0,$B$16=\"Yes\"),References!$B$6,0)","v":0},0,0,0,0,{"$error":"#DIV/0!"},{"$f":"(M6435*12-(VLOOKUP(AB6435*12,'Tax table'!$A$3:$C$10,3)*(AB6435*12-VLOOKUP(AB6435*12,'Tax table'!$A$3:$C$10,1))+VLOOKUP(AB6435*12,'Tax table'!$A$3:$C$10,2)))/12","v":{"$error":"#DIV/0!"}},{"$error":"#DIV/0!"},{"$error":"#DIV/0!"}]
[{"$nulls":9},118,0,0,{"$error":"#DIV/0!"},{"$error":"#DIV/0!"},{"$f":"(M6456*12-(VLOOKUP(N6456*12,'Tax table'!$A$3:$C$10,3)*(N6456*12-VLOOKUP(N6456*12,'Tax table'!$A$3:$C$10,1))+VLOOKUP(N6456*12,'Tax table'!$A$3:$C$10,2)))/12","v":{"$error":"#DIV/0!"}},0,{"$f":"(VLOOKUP(P6456*12,'Tax table'!$A$3:$C$10,3)*(P6456*12-VLOOKUP(P6456*12,'Tax table'!$A$3:$C$10,1))+VLOOKUP(P6456*12,'Tax table'!$A$3:$C$10,2))/12","v":0},0,0,{"$error":"#DIV/0!"},0,{"$f":"IF($B$15=\"Yes\",MIN(S6456*2,References!$B$7),0)","v":0},{"$f":"IF(AND(D6456<>0,$B$16=\"Yes\"),References!$B$6,0)","v":0},0,0,0,0,{"$error":"#DIV/0!"},{"$f":"(M6456*12-(VLOOKUP(AB6456*12,'Tax table'!$A$3:$C$10,3)*(AB6456*12-VLOOKUP(AB6456*12,'Tax table'!$A$3:$C$10,1))+VLOOKUP(AB6456*12,'Tax table'!$A$3:$C$10,2)))/12","v":{"$error":"#DIV/0!"}},{"$error":"#DIV/0!"},{"$error":"#DIV/0!"}]
[{"$nulls":9},118,0,0,{"$error":"#DIV/0!"},{"$error":"#DIV/0!"},{"$f":"(M6462*12-(VLOOKUP(N6462*12,'Tax table'!$A$3:$C$10,3)*(N6462*12-VLOOKUP(N6462*12,'Tax table'!$A$3:$C$10,1))+VLOOKUP(N6462*12,'Tax table'!$A$3:$C$10,2)))/12","v":{"$error":"#DIV/0!"}},0,{"$f":"(VLOOKUP(P6462*12,'Tax table'!$A$3:$C$10,3)*(P6462*12-VLOOKUP(P6462*12,'Tax table'!$A$3:$C$10,1))+VLOOKUP(P6462*12,'Tax table'!$A$3:$C$10,2))/12","v":0},0,0,{"$error":"#DIV/0!"},0,{"$f":"IF($B$15=\"Yes\",MIN(S6462*2,References!$B$7),0)","v":0},{"$f":"IF(AND(D6462<>0,$B$16=\"Yes\"),References!$B$6,0)","v":0},0,0,0,0,{"$error":"#DIV/0!"},{"$f":"(M6462*12-(VLOOKUP(AB6462*12,'Tax table'!$A$3:$C$10,3)*(AB6462*12-VLOOKUP(AB6462*12,'Tax table'!$A$3:$C$10,1))+VLOOKUP(AB6462*12,'Tax table'!$A$3:$C$10,2)))/12","v":{"$error":"#DIV/0!"}},{"$error":"#DIV/0!"},{"$error":"#DIV/0!"}]
[{"$nulls":9},118,0,0,{"$error":"#DIV/0!"},{"$error":"#DIV/0!"},{"$f":"(M6472*12-(VLOOKUP(N6472*12,'Tax table'!$A$3:$C$10,3)*(N6472*12-VLOOKUP(N6472*12,'Tax table'!$A$3:$C$10,1))+VLOOKUP(N6472*12,'Tax table'!$A$3:$C$10,2)))/12","v":{"$error":"#DIV/0!"}},0,{"$f":"(VLOOKUP(P6472*12,'Tax table'!$A$3:$C$10,3)*(P6472*12-VLOOKUP(P6472*12,'Tax table'!$A$3:$C$10,1))+VLOOKUP(P6472*12,'Tax table'!$A$3:$C$10,2))/12","v":0},0,0,{"$error":"#DIV/0!"},0,{"$f":"IF($B$15=\"Yes\",MIN(S6472*2,References!$B$7),0)","v":0},{"$f":"IF(AND(D6472<>0,$B$16=\"Yes\"),References!$B$6,0)","v":0},0,0,0,0,{"$error":"#DIV/0!"},{"$f":"(M6472*12-(VLOOKUP(AB6472*12,'Tax table'!$A$3:$C$10,3)*(AB6472*12-VLOOKUP(AB6472*12,'Tax table'!$A$3:$C$10,1))+VLOOKUP(AB6472*12,'Tax table'!$A$3:$C$10,2)))/12","v":{"$error":"#DIV/0!"}},{"$error":"#DIV/0!"},{"$error":"#DIV/0!"}]
[{"$nulls":9},118,0,0,{"$error":"#DIV/0!"},{"$error":"#DIV/0!"},{"$f":"(M6489*12-(VLOOKUP(N6489*12,'Tax table'!$A$3:$C$10,3)*(N6489*12-VLOOKUP(N6489*12,'Tax table'!$A$3:$C$10,1))+VLOOKUP(N6489*12,'Tax table'!$A$3:$C$10,2)))/12","v":{"$error":"#DIV/0!"}},0,{"$f":"(VLOOKUP(P6489*12,'Tax table'!$A$3:$C$10,3)*(P6489*12-VLOOKUP(P6489*12,'Tax table'!$A$3:$C$10,1))+VLOOKUP(P6489*12,'Tax table'!$A$3:$C$10,2))/12","v":0},0,0,{"$error":"#DIV/0!"},0,{"$f":"IF($B$15=\"Yes\",MIN(S6489*2,References!$B$7),0)","v":0},{"$f":"IF(AND(D6489<>0,$B$16=\"Yes\"),References!$B$6,0)","v":0},0,0,0,0,{"$error":"#DIV/0!"},{"$f":"(M6489*12-(VLOOKUP(AB6489*12,'Tax table'!$A$3:$C$10,3)*(AB6489*12-VLOOKUP(AB6489*12,'Tax table'!$A$3:$C$10,1))+VLOOKUP(AB6489*12,'Tax table'!$A$3:$C$10,2)))/12","v":{"$error":"#DIV/0!"}},{"$error":"#DIV/0!"},{"$error":"#DIV/0!"}]
[{"$nulls":9},118,0,0,{"$error":"#DIV/0!"},{"$error":"#DIV/0!"},{"$f":"(M6495*12-(VLOOKUP(N6495*12,'Tax table'!$A$3:$C$10,3)*(N6495*12-VLOOKUP(N6495*12,'Tax table'!$A$3:$C$10,1))+VLOOKUP(N6495*12,'Tax table'!$A$3:$C$10,2)))/12","v":{"$error":"#DIV/0!"}},0,{"$f":"(VLOOKUP(P6495*12,'Tax table'!$A$3:$C$10,3)*(P6495*12-VLOOKUP(P6495*12,'Tax table'!$A$3:$C$10,1))+VLOOKUP(P6495*12,'Tax table'!$A$3:$C$10,2))/12","v":0},0,0,{"$error":"#DIV/0!"},0,{"$f":"IF($B$15=\"Yes\",MIN(S6495*2,References!$B$7),0)","v":0},{"$f":"IF(AND(D6495<>0,$B$16=\"Yes\"),References!$B$6,0)","v":0},0,0,0,0,{"$error":"#DIV/0!"},{"$f":"(M6495*12-(VLOOKUP(AB6495*12,'Tax table'!$A$3:$C$10,3)*(AB6495*12-VLOOKUP(AB6495*12,'Tax table'!$A$3:$C$10,1))+VLOOKUP(AB6495*12,'Tax table'!$A$3:$C$10,2)))/12","v":{"$error":"#DIV/0!"}},{"$error":"#DIV/0!"},{"$error":"#DIV/0!"}]
[{"$nulls":9},118,0,0,{"$error":"#DIV/0!"},{"$error":"#DIV/0!"},{"$f":"(M6505*12-(VLOOKUP(N6505*12,'Tax table'!$A$3:$C$10,3)*(N6505*12-VLOOKUP(N6505*12,'Tax table'!$A$3:$C$10,1))+VLOOKUP(N6505*12,'Tax table'!$A$3:$C$10,2)))/12","v":{"$error":"#DIV/0!"}},0,{"$f":"(VLOOKUP(P6505*12,'Tax table'!$A$3:$C$10,3)*(P6505*12-VLOOKUP(P6505*12,'Tax table'!$A$3:$C$10,1))+VLOOKUP(P6505*12,'Tax table'!$A$3:$C$10,2))/12","v":0},0,0,{"$error":"#DIV/0!"},0,{"$f":"IF($B$15=\"Yes\",MIN(S6505*2,References!$B$7),0)","v":0},{"$f":"IF(AND(D6505<>0,$B$16=\"Yes\"),References!$B$6,0)","v":0},0,0,0,0,{"$error":"#DIV/0!"},{"$f":"(M6505*12-(VLOOKUP(AB6505*12,'Tax table'!$A$3:$C$10,3)*(AB6505*12-VLOOKUP(AB6505*12,'Tax table'!$A$3:$C$10,1))+VLOOKUP(AB6505*12,'Tax table'!$A$3:$C$10,2)))/12","v":{"$error":"#DIV/0!"}},{"$error":"#DIV/0!"},{"$error":"#DIV/0!"}]
[{"$nulls":9},118,0,0,{"$error":"#DIV/0!"},{"$error":"#DIV/0!"},{"$f":"(M6520*12-(VLOOKUP(N6520*12,'Tax table'!$A$3:$C$10,3)*(N6520*12-VLOOKUP(N6520*12,'Tax table'!$A$3:$C$10,1))+VLOOKUP(N6520*12,'Tax table'!$A$3:$C$10,2)))/12","v":{"$error":"#DIV/0!"}},0,{"$f":"(VLOOKUP(P6520*12,'Tax table'!$A$3:$C$10,3)*(P6520*12-VLOOKUP(P6520*12,'Tax table'!$A$3:$C$10,1))+VLOOKUP(P6520*12,'Tax table'!$A$3:$C$10,2))/12","v":0},0,0,{"$error":"#DIV/0!"},0,{"$f":"IF($B$15=\"Yes\",MIN(S6520*2,References!$B$7),0)","v":0},{"$f":"IF(AND(D6520<>0,$B$16=\"Yes\"),References!$B$6,0)","v":0},0,0,0,0,{"$error":"#DIV/0!"},{"$f":"(M6520*12-(VLOOKUP(AB6520*12,'Tax table'!$A$3:$C$10,3)*(AB6520*12-VLOOKUP(AB6520*12,'Tax table'!$A$3:$C$10,1))+VLOOKUP(AB6520*12,'Tax table'!$A$3:$C$10,2)))/12","v":{"$error":"#DIV/0!"}},{"$error":"#DIV/0!"},{"$error":"#DIV/0!"}]
[{"$nulls":9},118,0,0,{"$error":"#DIV/0!"},{"$error":"#DIV/0!"},{"$f":"(M6529*12-(VLOOKUP(N6529*12,'Tax table'!$A$3:$C$10,3)*(N6529*12-VLOOKUP(N6529*12,'Tax table'!$A$3:$C$10,1))+VLOOKUP(N6529*12,'Tax table'!$A$3:$C$10,2)))/12","v":{"$error":"#DIV/0!"}},0,{"$f":"(VLOOKUP(P6529*12,'Tax table'!$A$3:$C$10,3)*(P6529*12-VLOOKUP(P6529*12,'Tax table'!$A$3:$C$10,1))+VLOOKUP(P6529*12,'Tax table'!$A$3:$C$10,2))/12","v":0},0,0,{"$error":"#DIV/0!"},0,{"$f":"IF($B$15=\"Yes\",MIN(S6529*2,References!$B$7),0)","v":0},{"$f":"IF(AND(D6529<>0,$B$16=\"Yes\"),References!$B$6,0)","v":0},0,0,0,0,{"$error":"#DIV/0!"},{"$f":"(M6529*12-(VLOOKUP(AB6529*12,'Tax table'!$A$3:$C$10,3)*(AB6529*12-VLOOKUP(AB6529*12,'Tax table'!$A$3:$C$10,1))+VLOOKUP(AB6529*12,'Tax table'!$A$3:$C$10,2)))/12","v":{"$error":"#DIV/0!"}},{"$error":"#DIV/0!"},{"$error":"#DIV/0!"}]
[{"$nulls":9},118,0,0,{"$error":"#DIV/0!"},{"$error":"#DIV/0!"},{"$f":"(M6539*12-(VLOOKUP(N6539*12,'Tax table'!$A$3:$C$10,3)*(N6539*12-VLOOKUP(N6539*12,'Tax table'!$A$3:$C$10,1))+VLOOKUP(N6539*12,'Tax table'!$A$3:$C$10,2)))/12","v":{"$error":"#DIV/0!"}},0,{"$f":"(VLOOKUP(P6539*12,'Tax table'!$A$3:$C$10,3)*(P6539*12-VLOOKUP(P6539*12,'Tax table'!$A$3:$C$10,1))+VLOOKUP(P6539*12,'Tax table'!$A$3:$C$10,2))/12","v":0},0,0,{"$error":"#DIV/0!"},0,{"$f":"IF($B$15=\"Yes\",MIN(S6539*2,References!$B$7),0)","v":0},{"$f":"IF(AND(D6539<>0,$B$16=\"Yes\"),References!$B$6,0)","v":0},0,0,0,0,{"$error":"#DIV/0!"},{"$f":"(M6539*12-(VLOOKUP(AB6539*12,'Tax table'!$A$3:$C$10,3)*(AB6539*12-VLOOKUP(AB6539*12,'Tax table'!$A$3:$C$10,1))+VLOOKUP(AB6539*12,'Tax table'!$A$3:$C$10,2)))/12","v":{"$error":"#DIV/0!"}},{"$error":"#DIV/0!"},{"$error":"#DIV/0!"}]
[{"$nulls":9},118,0,0,{"$error":"#DIV/0!"},{"$error":"#DIV/0!"},{"$f":"(M6556*12-(VLOOKUP(N6556*12,'Tax table'!$A$3:$C$10,3)*(N6556*12-VLOOKUP(N6556*12,'Tax table'!$A$3:$C$10,1))+VLOOKUP(N6556*12,'Tax table'!$A$3:$C$10,2)))/12","v":{"$error":"#DIV/0!"}},0,{"$f":"(VLOOKUP(P6556*12,'Tax table'!$A$3:$C$10,3)*(P6556*12-VLOOKUP(P6556*12,'Tax table'!$A$3:$C$10,1))+VLOOKUP(P6556*12,'Tax table'!$A$3:$C$10,2))/12","v":0},0,0,{"$error":"#DIV/0!"},0,{"$f":"IF($B$15=\"Yes\",MIN(S6556*2,References!$B$7),0)","v":0},{"$f":"IF(AND(D6556<>0,$B$16=\"Yes\"),References!$B$6,0)","v":0},0,0,0,0,{"$error":"#DIV/0!"},{"$f":"(M6556*12-(VLOOKUP(AB6556*12,'Tax table'!$A$3:$C$10,3)*(AB6556*12-VLOOKUP(AB6556*12,'Tax table'!$A$3:$C$10,1))+VLOOKUP(AB6556*12,'Tax table'!$A$3:$C$10,2)))/12","v":{"$error":"#DIV/0!"}},{"$error":"#DIV/0!"},{"$error":"#DIV/0!"}]
[{"$nulls":9},118,0,0,{"$error":"#DIV/0!"},{"$error":"#DIV/0!"},{"$f":"(M6566*12-(VLOOKUP(N6566*12,'Tax table'!$A$3:$C$10,3)*(N6566*12-VLOOKUP(N6566*12,'Tax table'!$A$3:$C$10,1))+VLOOKUP(N6566*12,'Tax table'!$A$3:$C$10,2)))/12","v":{"$error":"#DIV/0!"}},0,{"$f":"(VLOOKUP(P6566*12,'Tax table'!$A$3:$C$10,3)*(P6566*12-VLOOKUP(P6566*12,'Tax table'!$A$3:$C$10,1))+VLOOKUP(P6566*12,'Tax table'!$A$3:$C$10,2))/12","v":0},0,0,{"$error":"#DIV/0!"},0,{"$f":"IF($B$15=\"Yes\",MIN(S6566*2,References!$B$7),0)","v":0},{"$f":"IF(AND(D6566<>0,$B$16=\"Yes\"),References!$B$6,0)","v":0},0,0,0,0,{"$error":"#DIV/0!"},{"$f":"(M6566*12-(VLOOKUP(AB6566*12,'Tax table'!$A$3:$C$10,3)*(AB6566*12-VLOOKUP(AB6566*12,'Tax table'!$A$3:$C$10,1))+VLOOKUP(AB6566*12,'Tax table'!$A$3:$C$10,2)))/12","v":{"$error":"#DIV/0!"}},{"$error":"#DIV/0!"},{"$error":"#DIV/0!"}]
[{"$nulls":9},118,0,0,{"$error":"#DIV/0!"},{"$error":"#DIV/0!"},{"$f":"(M6572*12-(VLOOKUP(N6572*12,'Tax table'!$A$3:$C$10,3)*(N6572*12-VLOOKUP(N6572*12,'Tax table'!$A$3:$C$10,1))+VLOOKUP(N6572*12,'Tax table'!$A$3:$C$10,2)))/12","v":{"$error":"#DIV/0!"}},0,{"$f":"(VLOOKUP(P6572*12,'Tax table'!$A$3:$C$10,3)*(P6572*12-VLOOKUP(P6572*12,'Tax table'!$A$3:$C$10,1))+VLOOKUP(P6572*12,'Tax table'!$A$3:$C$10,2))/12","v":0},0,0,{"$error":"#DIV/0!"},0,{"$f":"IF($B$15=\"Yes\",MIN(S6572*2,References!$B$7),0)","v":0},{"$f":"IF(AND(D6572<>0,$B$16=\"Yes\"),References!$B$6,0)","v":0},0,0,0,0,{"$error":"#DIV/0!"},{"$f":"(M6572*12-(VLOOKUP(AB6572*12,'Tax table'!$A$3:$C$10,3)*(AB6572*12-VLOOKUP(AB6572*12,'Tax table'!$A$3:$C$10,1))+VLOOKUP(AB6572*12,'Tax table'!$A$3:$C$10,2)))/12","v":{"$error":"#DIV/0!"}},{"$error":"#DIV/0!"},{"$error":"#DIV/0!"}]
[{"$nulls":9},118,0,0,{"$error":"#DIV/0!"},{"$error":"#DIV/0!"},{"$f":"(M6589*12-(VLOOKUP(N6589*12,'Tax table'!$A$3:$C$10,3)*(N6589*12-VLOOKUP(N6589*12,'Tax table'!$A$3:$C$10,1))+VLOOKUP(N6589*12,'Tax table'!$A$3:$C$10,2)))/12","v":{"$error":"#DIV/0!"}},0,{"$f":"(VLOOKUP(P6589*12,'Tax table'!$A$3:$C$10,3)*(P6589*12-VLOOKUP(P6589*12,'Tax table'!$A$3:$C$10,1))+VLOOKUP(P6589*12,'Tax table'!$A$3:$C$10,2))/12","v":0},0,0,{"$error":"#DIV/0!"},0,{"$f":"IF($B$15=\"Yes\",MIN(S6589*2,References!$B$7),0)","v":0},{"$f":"IF(AND(D6589<>0,$B$16=\"Yes\"),References!$B$6,0)","v":0},0,0,0,0,{"$error":"#DIV/0!"},{"$f":"(M6589*12-(VLOOKUP(AB6589*12,'Tax table'!$A$3:$C$10,3)*(AB6589*12-VLOOKUP(AB6589*12,'Tax table'!$A$3:$C$10,1))+VLOOKUP(AB6589*12,'Tax table'!$A$3:$C$10,2)))/12","v":{"$error":"#DIV/0!"}},{"$error":"#DIV/0!"},{"$error":"#DIV/0!"}]
[{"$nulls":9},118,0,0,{"$error":"#DIV/0!"},{"$error":"#DIV/0!"},{"$f":"(M6599*12-(VLOOKUP(N6599*12,'Tax table'!$A$3:$C$10,3)*(N6599*12-VLOOKUP(N6599*12,'Tax table'!$A$3:$C$10,1))+VLOOKUP(N6599*12,'Tax table'!$A$3:$C$10,2)))/12","v":{"$error":"#DIV/0!"}},0,{"$f":"(VLOOKUP(P6599*12,'Tax table'!$A$3:$C$10,3)*(P6599*12-VLOOKUP(P6599*12,'Tax table'!$A$3:$C$10,1))+VLOOKUP(P6599*12,'Tax table'!$A$3:$C$10,2))/12","v":0},0,0,{"$error":"#DIV/0!"},0,{"$f":"IF($B$15=\"Yes\",MIN(S6599*2,References!$B$7),0)","v":0},{"$f":"IF(AND(D6599<>0,$B$16=\"Yes\"),References!$B$6,0)","v":0},0,0,0,0,{"$error":"#DIV/0!"},{"$f":"(M6599*12-(VLOOKUP(AB6599*12,'Tax table'!$A$3:$C$10,3)*(AB6599*12-VLOOKUP(AB6599*12,'Tax table'!$A$3:$C$10,1))+VLOOKUP(AB6599*12,'Tax table'!$A$3:$C$10,2)))/12","v":{"$error":"#DIV/0!"}},{"$error":"#DIV/0!"},{"$error":"#DIV/0!"}]
[{"$nulls":9},118,0,0,{"$error":"#DIV/0!"},{"$error":"#DIV/0!"},{"$f":"(M6605*12-(VLOOKUP(N6605*12,'Tax table'!$A$3:$C$10,3)*(N6605*12-VLOOKUP(N6605*12,'Tax table'!$A$3:$C$10,1))+VLOOKUP(N6605*12,'Tax table'!$A$3:$C$10,2)))/12","v":{"$error":"#DIV/0!"}},0,{"$f":"(VLOOKUP(P6605*12,'Tax table'!$A$3:$C$10,3)*(P6605*12-VLOOKUP(P6605*12,'Tax table'!$A$3:$C$10,1))+VLOOKUP(P6605*12,'Tax table'!$A$3:$C$10,2))/12","v":0},0,0,{"$error":"#DIV/0!"},0,{"$f":"IF($B$15=\"Yes\",MIN(S6605*2,References!$B$7),0)","v":0},{"$f":"IF(AND(D6605<>0,$B$16=\"Yes\"),References!$B$6,0)","v":0},0,0,0,0,{"$error":"#DIV/0!"},{"$f":"(M6605*12-(VLOOKUP(AB6605*12,'Tax table'!$A$3:$C$10,3)*(AB6605*12-VLOOKUP(AB6605*12,'Tax table'!$A$3:$C$10,1))+VLOOKUP(AB6605*12,'Tax table'!$A$3:$C$10,2)))/12","v":{"$error":"#DIV/0!"}},{"$error":"#DIV/0!"},{"$error":"#DIV/0!"}]
[{"$nulls":9},118,0,0,{"$error":"#DIV/0!"},{"$error":"#DIV/0!"},{"$f":"(M6615*12-(VLOOKUP(N6615*12,'Tax table'!$A$3:$C$10,3)*(N6615*12-VLOOKUP(N6615*12,'Tax table'!$A$3:$C$10,1))+VLOOKUP(N6615*12,'Tax table'!$A$3:$C$10,2)))/12","v":{"$error":"#DIV/0!"}},0,{"$f":"(VLOOKUP(P6615*12,'Tax table'!$A$3:$C$10,3)*(P6615*12-VLOOKUP(P6615*12,'Tax table'!$A$3:$C$10,1))+VLOOKUP(P6615*12,'Tax table'!$A$3:$C$10,2))/12","v":0},0,0,{"$error":"#DIV/0!"},0,{"$f":"IF($B$15=\"Yes\",MIN(S6615*2,References!$B$7),0)","v":0},{"$f":"IF(AND(D6615<>0,$B$16=\"Yes\"),References!$B$6,0)","v":0},0,0,0,0,{"$error":"#DIV/0!"},{"$f":"(M6615*12-(VLOOKUP(AB6615*12,'Tax table'!$A$3:$C$10,3)*(AB6615*12-VLOOKUP(AB6615*12,'Tax table'!$A$3:$C$10,1))+VLOOKUP(AB6615*12,'Tax table'!$A$3:$C$10,2)))/12","v":{"$error":"#DIV/0!"}},{"$error":"#DIV/0!"},{"$error":"#DIV/0!"}]
[{"$nulls":9},118,0,0,{"$error":"#DIV/0!"},{"$error":"#DIV/0!"},{"$f":"(M6632*12-(VLOOKUP(N6632*12,'Tax table'!$A$3:$C$10,3)*(N6632*12-VLOOKUP(N6632*12,'Tax table'!$A$3:$C$10,1))+VLOOKUP(N6632*12,'Tax table'!$A$3:$C$10,2)))/12","v":{"$error":"#DIV/0!"}},0,{"$f":"(VLOOKUP(P6632*12,'Tax table'!$A$3:$C$10,3)*(P6632*12-VLOOKUP(P6632*12,'Tax table'!$A$3:$C$10,1))+VLOOKUP(P6632*12,'Tax table'!$A$3:$C$10,2))/12","v":0},0,0,{"$error":"#DIV/0!"},0,{"$f":"IF($B$15=\"Yes\",MIN(S6632*2,References!$B$7),0)","v":0},{"$f":"IF(AND(D6632<>0,$B$16=\"Yes\"),References!$B$6,0)","v":0},0,0,0,0,{"$error":"#DIV/0!"},{"$f":"(M6632*12-(VLOOKUP(AB6632*12,'Tax table'!$A$3:$C$10,3)*(AB6632*12-VLOOKUP(AB6632*12,'Tax table'!$A$3:$C$10,1))+VLOOKUP(AB6632*12,'Tax table'!$A$3:$C$10,2)))/12","v":{"$error":"#DIV/0!"}},{"$error":"#DIV/0!"},{"$error":"#DIV/0!"}]
[{"$nulls":9},118,0,0,{"$error":"#DIV/0!"},{"$error":"#DIV/0!"},{"$f":"(M6638*12-(VLOOKUP(N6638*12,'Tax table'!$A$3:$C$10,3)*(N6638*12-VLOOKUP(N6638*12,'Tax table'!$A$3:$C$10,1))+VLOOKUP(N6638*12,'Tax table'!$A$3:$C$10,2)))/12","v":{"$error":"#DIV/0!"}},0,{"$f":"(VLOOKUP(P6638*12,'Tax table'!$A$3:$C$10,3)*(P6638*12-VLOOKUP(P6638*12,'Tax table'!$A$3:$C$10,1))+VLOOKUP(P6638*12,'Tax table'!$A$3:$C$10,2))/12","v":0},0,0,{"$error":"#DIV/0!"},0,{"$f":"IF($B$15=\"Yes\",MIN(S6638*2,References!$B$7),0)","v":0},{"$f":"IF(AND(D6638<>0,$B$16=\"Yes\"),References!$B$6,0)","v":0},0,0,0,0,{"$error":"#DIV/0!"},{"$f":"(M6638*12-(VLOOKUP(AB6638*12,'Tax table'!$A$3:$C$10,3)*(AB6638*12-VLOOKUP(AB6638*12,'Tax table'!$A$3:$C$10,1))+VLOOKUP(AB6638*12,'Tax table'!$A$3:$C$10,2)))/12","v":{"$error":"#DIV/0!"}},{"$error":"#DIV/0!"},{"$error":"#DIV/0!"}]
[{"$nulls":9},118,0,0,{"$error":"#DIV/0!"},{"$error":"#DIV/0!"},{"$f":"(M6648*12-(VLOOKUP(N6648*12,'Tax table'!$A$3:$C$10,3)*(N6648*12-VLOOKUP(N6648*12,'Tax table'!$A$3:$C$10,1))+VLOOKUP(N6648*12,'Tax table'!$A$3:$C$10,2)))/12","v":{"$error":"#DIV/0!"}},0,{"$f":"(VLOOKUP(P6648*12,'Tax table'!$A$3:$C$10,3)*(P6648*12-VLOOKUP(P6648*12,'Tax table'!$A$3:$C$10,1))+VLOOKUP(P6648*12,'Tax table'!$A$3:$C$10,2))/12","v":0},0,0,{"$error":"#DIV/0!"},0,{"$f":"IF($B$15=\"Yes\",MIN(S6648*2,References!$B$7),0)","v":0},{"$f":"IF(AND(D6648<>0,$B$16=\"Yes\"),References!$B$6,0)","v":0},0,0,0,0,{"$error":"#DIV/0!"},{"$f":"(M6648*12-(VLOOKUP(AB6648*12,'Tax table'!$A$3:$C$10,3)*(AB6648*12-VLOOKUP(AB6648*12,'Tax table'!$A$3:$C$10,1))+VLOOKUP(AB6648*12,'Tax table'!$A$3:$C$10,2)))/12","v":{"$error":"#DIV/0!"}},{"$error":"#DIV/0!"},{"$error":"#DIV/0!"}]
[{"$nulls":9},118,0,0,{"$error":"#DIV/0!"},{"$error":"#DIV/0!"},{"$f":"(M6665*12-(VLOOKUP(N6665*12,'Tax table'!$A$3:$C$10,3)*(N6665*12-VLOOKUP(N6665*12,'Tax table'!$A$3:$C$10,1))+VLOOKUP(N6665*12,'Tax table'!$A$3:$C$10,2)))/12","v":{"$error":"#DIV/0!"}},0,{"$f":"(VLOOKUP(P6665*12,'Tax table'!$A$3:$C$10,3)*(P6665*12-VLOOKUP(P6665*12,'Tax table'!$A$3:$C$10,1))+VLOOKUP(P6665*12,'Tax table'!$A$3:$C$10,2))/12","v":0},0,0,{"$error":"#DIV/0!"},0,{"$f":"IF($B$15=\"Yes\",MIN(S6665*2,References!$B$7),0)","v":0},{"$f":"IF(AND(D6665<>0,$B$16=\"Yes\"),References!$B$6,0)","v":0},0,0,0,0,{"$error":"#DIV/0!"},{"$f":"(M6665*12-(VLOOKUP(AB6665*12,'Tax table'!$A$3:$C$10,3)*(AB6665*12-VLOOKUP(AB6665*12,'Tax table'!$A$3:$C$10,1))+VLOOKUP(AB6665*12,'Tax table'!$A$3:$C$10,2)))/12","v":{"$error":"#DIV/0!"}},{"$error":"#DIV/0!"},{"$error":"#DIV/0!"}]
[{"$nulls":9},118,0,0,{"$error":"#DIV/0!"},{"$error":"#DIV/0!"},{"$f":"(M6671*12-(VLOOKUP(N6671*12,'Tax table'!$A$3:$C$10,3)*(N6671*12-VLOOKUP(N6671*12,'Tax table'!$A$3:$C$10,1))+VLOOKUP(N6671*12,'Tax table'!$A$3:$C$10,2)))/12","v":{"$error":"#DIV/0!"}},0,{"$f":"(VLOOKUP(P6671*12,'Tax table'!$A$3:$C$10,3)*(P6671*12-VLOOKUP(P6671*12,'Tax table'!$A$3:$C$10,1))+VLOOKUP(P6671*12,'Tax table'!$A$3:$C$10,2))/12","v":0},0,0,{"$error":"#DIV/0!"},0,{"$f":"IF($B$15=\"Yes\",MIN(S6671*2,References!$B$7),0)","v":0},{"$f":"IF(AND(D6671<>0,$B$16=\"Yes\"),References!$B$6,0)","v":0},0,0,0,0,{"$error":"#DIV/0!"},{"$f":"(M6671*12-(VLOOKUP(AB6671*12,'Tax table'!$A$3:$C$10,3)*(AB6671*12-VLOOKUP(AB6671*12,'Tax table'!$A$3:$C$10,1))+VLOOKUP(AB6671*12,'Tax table'!$A$3:$C$10,2)))/12","v":{"$error":"#DIV/0!"}},{"$error":"#DIV/0!"},{"$error":"#DIV/0!"}]
[{"$nulls":9},118,0,0,{"$error":"#DIV/0!"},{"$error":"#DIV/0!"},{"$f":"(M6681*12-(VLOOKUP(N6681*12,'Tax table'!$A$3:$C$10,3)*(N6681*12-VLOOKUP(N6681*12,'Tax table'!$A$3:$C$10,1))+VLOOKUP(N6681*12,'Tax table'!$A$3:$C$10,2)))/12","v":{"$error":"#DIV/0!"}},0,{"$f":"(VLOOKUP(P6681*12,'Tax table'!$A$3:$C$10,3)*(P6681*12-VLOOKUP(P6681*12,'Tax table'!$A$3:$C$10,1))+VLOOKUP(P6681*12,'Tax table'!$A$3:$C$10,2))/12","v":0},0,0,{"$error":"#DIV/0!"},0,{"$f":"IF($B$15=\"Yes\",MIN(S6681*2,References!$B$7),0)","v":0},{"$f":"IF(AND(D6681<>0,$B$16=\"Yes\"),References!$B$6,0)","v":0},0,0,0,0,{"$error":"#DIV/0!"},{"$f":"(M6681*12-(VLOOKUP(AB6681*12,'Tax table'!$A$3:$C$10,3)*(AB6681*12-VLOOKUP(AB6681*12,'Tax table'!$A$3:$C$10,1))+VLOOKUP(AB6681*12,'Tax table'!$A$3:$C$10,2)))/12","v":{"$error":"#DIV/0!"}},{"$error":"#DIV/0!"},{"$error":"#DIV/0!"}]
[{"$nulls":9},118,0,0,{"$error":"#DIV/0!"},{"$error":"#DIV/0!"},{"$f":"(M6698*12-(VLOOKUP(N6698*12,'Tax table'!$A$3:$C$10,3)*(N6698*12-VLOOKUP(N6698*12,'Tax table'!$A$3:$C$10,1))+VLOOKUP(N6698*12,'Tax table'!$A$3:$C$10,2)))/12","v":{"$error":"#DIV/0!"}},0,{"$f":"(VLOOKUP(P6698*12,'Tax table'!$A$3:$C$10,3)*(P6698*12-VLOOKUP(P6698*12,'Tax table'!$A$3:$C$10,1))+VLOOKUP(P6698*12,'Tax table'!$A$3:$C$10,2))/12","v":0},0,0,{"$error":"#DIV/0!"},0,{"$f":"IF($B$15=\"Yes\",MIN(S6698*2,References!$B$7),0)","v":0},{"$f":"IF(AND(D6698<>0,$B$16=\"Yes\"),References!$B$6,0)","v":0},0,0,0,0,{"$error":"#DIV/0!"},{"$f":"(M6698*12-(VLOOKUP(AB6698*12,'Tax table'!$A$3:$C$10,3)*(AB6698*12-VLOOKUP(AB6698*12,'Tax table'!$A$3:$C$10,1))+VLOOKUP(AB6698*12,'Tax table'!$A$3:$C$10,2)))/12","v":{"$error":"#DIV/0!"}},{"$error":"#DIV/0!"},{"$error":"#DIV/0!"}]
[{"$nulls":9},118,0,0,{"$error":"#DIV/0!"},{"$error":"#DIV/0!"},{"$f":"(M6708*12-(VLOOKUP(N6708*12,'Tax table'!$A$3:$C$10,3)*(N6708*12-VLOOKUP(N6708*12,'Tax table'!$A$3:$C$10,1))+VLOOKUP(N6708*12,'Tax table'!$A$3:$C$10,2)))/12","v":{"$error":"#DIV/0!"}},0,{"$f":"(VLOOKUP(P6708*12,'Tax table'!$A$3:$C$10,3)*(P6708*12-VLOOKUP(P6708*12,'Tax table'!$A$3:$C$10,1))+VLOOKUP(P6708*12,'Tax table'!$A$3:$C$10,2))/12","v":0},0,0,{"$error":"#DIV/0!"},0,{"$f":"IF($B$15=\"Yes\",MIN(S6708*2,References!$B$7),0)","v":0},{"$f":"IF(AND(D6708<>0,$B$16=\"Yes\"),References!$B$6,0)","v":0},0,0,0,0,{"$error":"#DIV/0!"},{"$f":"(M6708*12-(VLOOKUP(AB6708*12,'Tax table'!$A$3:$C$10,3)*(AB6708*12-VLOOKUP(AB6708*12,'Tax table'!$A$3:$C$10,1))+VLOOKUP(AB6708*12,'Tax table'!$A$3:$C$10,2)))/12","v":{"$error":"#DIV/0!"}},{"$error":"#DIV/0!"},{"$error":"#DIV/0!"}]
[{"$nulls":9},118,0,0,{"$error":"#DIV/0!"},{"$error":"#DIV/0!"},{"$f":"(M6714*12-(VLOOKUP(N6714*12,'Tax table'!$A$3:$C$10,3)*(N6714*12-VLOOKUP(N6714*12,'Tax table'!$A$3:$C$10,1))+VLOOKUP(N6714*12,'Tax table'!$A$3:$C$10,2)))/12","v":{"$error":"#DIV/0!"}},0,{"$f":"(VLOOKUP(P6714*12,'Tax table'!$A$3:$C$10,3)*(P6714*12-VLOOKUP(P6714*12,'Tax table'!$A$3:$C$10,1))+VLOOKUP(P6714*12,'Tax table'!$A$3:$C$10,2))/12","v":0},0,0,{"$error":"#DIV/0!"},0,{"$f":"IF($B$15=\"Yes\",MIN(S6714*2,References!$B$7),0)","v":0},{"$f":"IF(AND(D6714<>0,$B$16=\"Yes\"),References!$B$6,0)","v":0},0,0,0,0,{"$error":"#DIV/0!"},{"$f":"(M6714*12-(VLOOKUP(AB6714*12,'Tax table'!$A$3:$C$10,3)*(AB6714*12-VLOOKUP(AB6714*12,'Tax table'!$A$3:$C$10,1))+VLOOKUP(AB6714*12,'Tax table'!$A$3:$C$10,2)))/12","v":{"$error":"#DIV/0!"}},{"$error":"#DIV/0!"},{"$error":"#DIV/0!"}]
[{"$nulls":9},118,0,0,{"$error":"#DIV/0!"},{"$error":"#DIV/0!"},{"$f":"(M6731*12-(VLOOKUP(N6731*12,'Tax table'!$A$3:$C$10,3)*(N6731*12-VLOOKUP(N6731*12,'Tax table'!$A$3:$C$10,1))+VLOOKUP(N6731*12,'Tax table'!$A$3:$C$10,2)))/12","v":{"$error":"#DIV/0!"}},0,{"$f":"(VLOOKUP(P6731*12,'Tax table'!$A$3:$C$10,3)*(P6731*12-VLOOKUP(P6731*12,'Tax table'!$A$3:$C$10,1))+VLOOKUP(P6731*12,'Tax table'!$A$3:$C$10,2))/12","v":0},0,0,{"$error":"#DIV/0!"},0,{"$f":"IF($B$15=\"Yes\",MIN(S6731*2,References!$B$7),0)","v":0},{"$f":"IF(AND(D6731<>0,$B$16=\"Yes\"),References!$B$6,0)","v":0},0,0,0,0,{"$error":"#DIV/0!"},{"$f":"(M6731*12-(VLOOKUP(AB6731*12,'Tax table'!$A$3:$C$10,3)*(AB6731*12-VLOOKUP(AB6731*12,'Tax table'!$A$3:$C$10,1))+VLOOKUP(AB6731*12,'Tax table'!$A$3:$C$10,2)))/12","v":{"$error":"#DIV/0!"}},{"$error":"#DIV/0!"},{"$error":"#DIV/0!"}]
[{"$nulls":9},118,0,0,{"$error":"#DIV/0!"},{"$error":"#DIV/0!"},{"$f":"(M6741*12-(VLOOKUP(N6741*12,'Tax table'!$A$3:$C$10,3)*(N6741*12-VLOOKUP(N6741*12,'Tax table'!$A$3:$C$10,1))+VLOOKUP(N6741*12,'Tax table'!$A$3:$C$10,2)))/12","v":{"$error":"#DIV/0!"}},0,{"$f":"(VLOOKUP(P6741*12,'Tax table'!$A$3:$C$10,3)*(P6741*12-VLOOKUP(P6741*12,'Tax table'!$A$3:$C$10,1))+VLOOKUP(P6741*12,'Tax table'!$A$3:$C$10,2))/12","v":0},0,0,{"$error":"#DIV/0!"},0,{"$f":"IF($B$15=\"Yes\",MIN(S6741*2,References!$B$7),0)","v":0},{"$f":"IF(AND(D6741<>0,$B$16=\"Yes\"),References!$B$6,0)","v":0},0,0,0,0,{"$error":"#DIV/0!"},{"$f":"(M6741*12-(VLOOKUP(AB6741*12,'Tax table'!$A$3:$C$10,3)*(AB6741*12-VLOOKUP(AB6741*12,'Tax table'!$A$3:$C$10,1))+VLOOKUP(AB6741*12,'Tax table'!$A$3:$C$10,2)))/12","v":{"$error":"#DIV/0!"}},{"$error":"#DIV/0!"},{"$error":"#DIV/0!"}]
[{"$nulls":9},118,0,0,{"$error":"#DIV/0!"},{"$error":"#DIV/0!"},{"$f":"(M6747*12-(VLOOKUP(N6747*12,'Tax table'!$A$3:$C$10,3)*(N6747*12-VLOOKUP(N6747*12,'Tax table'!$A$3:$C$10,1))+VLOOKUP(N6747*12,'Tax table'!$A$3:$C$10,2)))/12","v":{"$error":"#DIV/0!"}},0,{"$f":"(VLOOKUP(P6747*12,'Tax table'!$A$3:$C$10,3)*(P6747*12-VLOOKUP(P6747*12,'Tax table'!$A$3:$C$10,1))+VLOOKUP(P6747*12,'Tax table'!$A$3:$C$10,2))/12","v":0},0,0,{"$error":"#DIV/0!"},0,{"$f":"IF($B$15=\"Yes\",MIN(S6747*2,References!$B$7),0)","v":0},{"$f":"IF(AND(D6747<>0,$B$16=\"Yes\"),References!$B$6,0)","v":0},0,0,0,0,{"$error":"#DIV/0!"},{"$f":"(M6747*12-(VLOOKUP(AB6747*12,'Tax table'!$A$3:$C$10,3)*(AB6747*12-VLOOKUP(AB6747*12,'Tax table'!$A$3:$C$10,1))+VLOOKUP(AB6747*12,'Tax table'!$A$3:$C$10,2)))/12","v":{"$error":"#DIV/0!"}},{"$error":"#DIV/0!"},{"$error":"#DIV/0!"}]
[{"$nulls":9},118,0,0,{"$error":"#DIV/0!"},{"$error":"#DIV/0!"},{"$f":"(M6757*12-(VLOOKUP(N6757*12,'Tax table'!$A$3:$C$10,3)*(N6757*12-VLOOKUP(N6757*12,'Tax table'!$A$3:$C$10,1))+VLOOKUP(N6757*12,'Tax table'!$A$3:$C$10,2)))/12","v":{"$error":"#DIV/0!"}},0,{"$f":"(VLOOKUP(P6757*12,'Tax table'!$A$3:$C$10,3)*(P6757*12-VLOOKUP(P6757*12,'Tax table'!$A$3:$C$10,1))+VLOOKUP(P6757*12,'Tax table'!$A$3:$C$10,2))/12","v":0},0,0,{"$error":"#DIV/0!"},0,{"$f":"IF($B$15=\"Yes\",MIN(S6757*2,References!$B$7),0)","v":0},{"$f":"IF(AND(D6757<>0,$B$16=\"Yes\"),References!$B$6,0)","v":0},0,0,0,0,{"$error":"#DIV/0!"},{"$f":"(M6757*12-(VLOOKUP(AB6757*12,'Tax table'!$A$3:$C$10,3)*(AB6757*12-VLOOKUP(AB6757*12,'Tax table'!$A$3:$C$10,1))+VLOOKUP(AB6757*12,'Tax table'!$A$3:$C$10,2)))/12","v":{"$error":"#DIV/0!"}},{"$error":"#DIV/0!"},{"$error":"#DIV/0!"}]
[{"$nulls":9},118,0,0,{"$error":"#DIV/0!"},{"$error":"#DIV/0!"},{"$f":"(M6775*12-(VLOOKUP(N6775*12,'Tax table'!$A$3:$C$10,3)*(N6775*12-VLOOKUP(N6775*12,'Tax table'!$A$3:$C$10,1))+VLOOKUP(N6775*12,'Tax table'!$A$3:$C$10,2)))/12","v":{"$error":"#DIV/0!"}},0,{"$f":"(VLOOKUP(P6775*12,'Tax table'!$A$3:$C$10,3)*(P6775*12-VLOOKUP(P6775*12,'Tax table'!$A$3:$C$10,1))+VLOOKUP(P6775*12,'Tax table'!$A$3:$C$10,2))/12","v":0},0,0,{"$error":"#DIV/0!"},0,{"$f":"IF($B$15=\"Yes\",MIN(S6775*2,References!$B$7),0)","v":0},{"$f":"IF(AND(D6775<>0,$B$16=\"Yes\"),References!$B$6,0)","v":0},0,0,0,0,{"$error":"#DIV/0!"},{"$f":"(M6775*12-(VLOOKUP(AB6775*12,'Tax table'!$A$3:$C$10,3)*(AB6775*12-VLOOKUP(AB6775*12,'Tax table'!$A$3:$C$10,1))+VLOOKUP(AB6775*12,'Tax table'!$A$3:$C$10,2)))/12","v":{"$error":"#DIV/0!"}},{"$error":"#DIV/0!"},{"$error":"#DIV/0!"}]
[{"$nulls":9},118,0,0,{"$error":"#DIV/0!"},{"$error":"#DIV/0!"},{"$f":"(M6781*12-(VLOOKUP(N6781*12,'Tax table'!$A$3:$C$10,3)*(N6781*12-VLOOKUP(N6781*12,'Tax table'!$A$3:$C$10,1))+VLOOKUP(N6781*12,'Tax table'!$A$3:$C$10,2)))/12","v":{"$error":"#DIV/0!"}},0,{"$f":"(VLOOKUP(P6781*12,'Tax table'!$A$3:$C$10,3)*(P6781*12-VLOOKUP(P6781*12,'Tax table'!$A$3:$C$10,1))+VLOOKUP(P6781*12,'Tax table'!$A$3:$C$10,2))/12","v":0},0,0,{"$error":"#DIV/0!"},0,{"$f":"IF($B$15=\"Yes\",MIN(S6781*2,References!$B$7),0)","v":0},{"$f":"IF(AND(D6781<>0,$B$16=\"Yes\"),References!$B$6,0)","v":0},0,0,0,0,{"$error":"#DIV/0!"},{"$f":"(M6781*12-(VLOOKUP(AB6781*12,'Tax table'!$A$3:$C$10,3)*(AB6781*12-VLOOKUP(AB6781*12,'Tax table'!$A$3:$C$10,1))+VLOOKUP(AB6781*12,'Tax table'!$A$3:$C$10,2)))/12","v":{"$error":"#DIV/0!"}},{"$error":"#DIV/0!"},{"$error":"#DIV/0!"}]
[{"$nulls":9},118,0,0,{"$error":"#DIV/0!"},{"$error":"#DIV/0!"},{"$f":"(M6791*12-(VLOOKUP(N6791*12,'Tax table'!$A$3:$C$10,3)*(N6791*12-VLOOKUP(N6791*12,'Tax table'!$A$3:$C$10,1))+VLOOKUP(N6791*12,'Tax table'!$A$3:$C$10,2)))/12","v":{"$error":"#DIV/0!"}},0,{"$f":"(VLOOKUP(P6791*12,'Tax table'!$A$3:$C$10,3)*(P6791*12-VLOOKUP(P6791*12,'Tax table'!$A$3:$C$10,1))+VLOOKUP(P6791*12,'Tax table'!$A$3:$C$10,2))/12","v":0},0,0,{"$error":"#DIV/0!"},0,{"$f":"IF($B$15=\"Yes\",MIN(S6791*2,References!$B$7),0)","v":0},{"$f":"IF(AND(D6791<>0,$B$16=\"Yes\"),References!$B$6,0)","v":0},0,0,0,0,{"$error":"#DIV/0!"},{"$f":"(M6791*12-(VLOOKUP(AB6791*12,'Tax table'!$A$3:$C$10,3)*(AB6791*12-VLOOKUP(AB6791*12,'Tax table'!$A$3:$C$10,1))+VLOOKUP(AB6791*12,'Tax table'!$A$3:$C$10,2)))/12","v":{"$error":"#DIV/0!"}},{"$error":"#DIV/0!"},{"$error":"#DIV/0!"}]
[{"$nulls":9},{"$f":"DATEDIF(B6808,$B$7,\"y\")","v":118},{"$f":"D6808/12","v":0},{"$f":"IF($B$10=\"No\",MIN(K6808*H6808,15%*K6808),I6808/12)","v":0},{"$f":"D6808/12/E6808","v":{"$error":"#DIV/0!"}},{"$f":"M6808-L6808","v":{"$error":"#DIV/0!"}},{"$f":"(M6808*12-(VLOOKUP(N6808*12,'Tax table'!$A$3:$C$10,3)*(N6808*12-VLOOKUP(N6808*12,'Tax table'!$A$3:$C$10,1))+VLOOKUP(N6808*12,'Tax table'!$A$3:$C$10,2)))/12","v":{"$error":"#DIV/0!"}},{"$f":"K6808-L6808","v":0},{"$f":"(VLOOKUP(P6808*12,'Tax table'!$A$3:$C$10,3)*(P6808*12-VLOOKUP(P6808*12,'Tax table'!$A$3:$C$10,1))+VLOOKUP(P6808*12,'Tax table'!$A$3:$C$10,2))/12","v":0},{"$f":"K6808-Q6808","v":0},{"$f":"MIN(R6808*F6808,SUM($B$8,$B$9))","v":0},{"$f":"S6808/O6808","v":{"$error":"#DIV/0!"}},{"$f":"IF($B$14=\"Yes\",S6808*3,0)","v":0},{"$f":"IF($B$15=\"Yes\",MIN(S6808*2,References!$B$7),0)","v":0},{"$f":"IF(AND(D6808<>0,$B$16=\"Yes\"),References!$B$6,0)","v":0},{"$f":"IF($B$17=\"Yes\",MIN(R6808,SUM($B$8:$B$9))-S6808,0)","v":0},{"$f":"MIN(K6808*G6808,$B$8)","v":0},{"$f":"MIN(K6808*H6808,$B$9)","v":0},{"$f":"Z6808+Y6808","v":0},{"$f":"M6808-Z6808","v":{"$error":"#DIV/0!"}},{"$f":"(M6808*12-(VLOOKUP(AB6808*12,'Tax table'!$A$3:$C$10,3)*(AB6808*12-VLOOKUP(AB6808*12,'Tax table'!$A$3:$C$10,1))+VLOOKUP(AB6808*12,'Tax table'!$A$3:$C$10,2)))/12","v":{"$error":"#DIV/0!"}},{"$f":"MIN(AA6808,AC6808)","v":{"$error":"#DIV/0!"}},{"$f":"AD6808/O6808","v":{"$error":"#DIV/0!"}}]
[{"$nulls":9},118,0,0,{"$error":"#DIV/0!"},{"$error":"#DIV/0!"},{"$f":"(M6814*12-(VLOOKUP(N6814*12,'Tax table'!$A$3:$C$10,3)*(N6814*12-VLOOKUP(N6814*12,'Tax table'!$A$3:$C$10,1))+VLOOKUP(N6814*12,'Tax table'!$A$3:$C$10,2)))/12","v":{"$error":"#DIV/0!"}},0,{"$f":"(VLOOKUP(P6814*12,'Tax table'!$A$3:$C$10,3)*(P6814*12-VLOOKUP(P6814*12,'Tax table'!$A$3:$C$10,1))+VLOOKUP(P6814*12,'Tax table'!$A$3:$C$10,2))/12","v":0},0,0,{"$error":"#DIV/0!"},0,{"$f":"IF($B$15=\"Yes\",MIN(S6814*2,References!$B$7),0)","v":0},{"$f":"IF(AND(D6814<>0,$B$16=\"Yes\"),References!$B$6,0)","v":0},0,0,0,0,{"$error":"#DIV/0!"},{"$f":"(M6814*12-(VLOOKUP(AB6814*12,'Tax table'!$A$3:$C$10,3)*(AB6814*12-VLOOKUP(AB6814*12,'Tax table'!$A$3:$C$10,1))+VLOOKUP(AB6814*12,'Tax table'!$A$3:$C$10,2)))/12","v":{"$error":"#DIV/0!"}},{"$error":"#DIV/0!"},{"$error":"#DIV/0!"}]
[{"$nulls":9},118,0,0,{"$error":"#DIV/0!"},{"$error":"#DIV/0!"},{"$f":"(M6824*12-(VLOOKUP(N6824*12,'Tax table'!$A$3:$C$10,3)*(N6824*12-VLOOKUP(N6824*12,'Tax table'!$A$3:$C$10,1))+VLOOKUP(N6824*12,'Tax table'!$A$3:$C$10,2)))/12","v":{"$error":"#DIV/0!"}},0,{"$f":"(VLOOKUP(P6824*12,'Tax table'!$A$3:$C$10,3)*(P6824*12-VLOOKUP(P6824*12,'Tax table'!$A$3:$C$10,1))+VLOOKUP(P6824*12,'Tax table'!$A$3:$C$10,2))/12","v":0},0,0,{"$error":"#DIV/0!"},0,{"$f":"IF($B$15=\"Yes\",MIN(S6824*2,References!$B$7),0)","v":0},{"$f":"IF(AND(D6824<>0,$B$16=\"Yes\"),References!$B$6,0)","v":0},0,0,0,0,{"$error":"#DIV/0!"},{"$f":"(M6824*12-(VLOOKUP(AB6824*12,'Tax table'!$A$3:$C$10,3)*(AB6824*12-VLOOKUP(AB6824*12,'Tax table'!$A$3:$C$10,1))+VLOOKUP(AB6824*12,'Tax table'!$A$3:$C$10,2)))/12","v":{"$error":"#DIV/0!"}},{"$error":"#DIV/0!"},{"$error":"#DIV/0!"}]
[{"$nulls":9},118,0,0,{"$error":"#DIV/0!"},{"$error":"#DIV/0!"},{"$f":"(M6841*12-(VLOOKUP(N6841*12,'Tax table'!$A$3:$C$10,3)*(N6841*12-VLOOKUP(N6841*12,'Tax table'!$A$3:$C$10,1))+VLOOKUP(N6841*12,'Tax table'!$A$3:$C$10,2)))/12","v":{"$error":"#DIV/0!"}},0,{"$f":"(VLOOKUP(P6841*12,'Tax table'!$A$3:$C$10,3)*(P6841*12-VLOOKUP(P6841*12,'Tax table'!$A$3:$C$10,1))+VLOOKUP(P6841*12,'Tax table'!$A$3:$C$10,2))/12","v":0},0,0,{"$error":"#DIV/0!"},0,{"$f":"IF($B$15=\"Yes\",MIN(S6841*2,References!$B$7),0)","v":0},{"$f":"IF(AND(D6841<>0,$B$16=\"Yes\"),References!$B$6,0)","v":0},0,0,0,0,{"$error":"#DIV/0!"},{"$f":"(M6841*12-(VLOOKUP(AB6841*12,'Tax table'!$A$3:$C$10,3)*(AB6841*12-VLOOKUP(AB6841*12,'Tax table'!$A$3:$C$10,1))+VLOOKUP(AB6841*12,'Tax table'!$A$3:$C$10,2)))/12","v":{"$error":"#DIV/0!"}},{"$error":"#DIV/0!"},{"$error":"#DIV/0!"}]
[{"$nulls":9},118,0,0,{"$error":"#DIV/0!"},{"$error":"#DIV/0!"},{"$f":"(M6851*12-(VLOOKUP(N6851*12,'Tax table'!$A$3:$C$10,3)*(N6851*12-VLOOKUP(N6851*12,'Tax table'!$A$3:$C$10,1))+VLOOKUP(N6851*12,'Tax table'!$A$3:$C$10,2)))/12","v":{"$error":"#DIV/0!"}},0,{"$f":"(VLOOKUP(P6851*12,'Tax table'!$A$3:$C$10,3)*(P6851*12-VLOOKUP(P6851*12,'Tax table'!$A$3:$C$10,1))+VLOOKUP(P6851*12,'Tax table'!$A$3:$C$10,2))/12","v":0},0,0,{"$error":"#DIV/0!"},0,{"$f":"IF($B$15=\"Yes\",MIN(S6851*2,References!$B$7),0)","v":0},{"$f":"IF(AND(D6851<>0,$B$16=\"Yes\"),References!$B$6,0)","v":0},0,0,0,0,{"$error":"#DIV/0!"},{"$f":"(M6851*12-(VLOOKUP(AB6851*12,'Tax table'!$A$3:$C$10,3)*(AB6851*12-VLOOKUP(AB6851*12,'Tax table'!$A$3:$C$10,1))+VLOOKUP(AB6851*12,'Tax table'!$A$3:$C$10,2)))/12","v":{"$error":"#DIV/0!"}},{"$error":"#DIV/0!"},{"$error":"#DIV/0!"}]
[{"$nulls":9},118,0,0,{"$error":"#DIV/0!"},{"$error":"#DIV/0!"},{"$f":"(M6857*12-(VLOOKUP(N6857*12,'Tax table'!$A$3:$C$10,3)*(N6857*12-VLOOKUP(N6857*12,'Tax table'!$A$3:$C$10,1))+VLOOKUP(N6857*12,'Tax table'!$A$3:$C$10,2)))/12","v":{"$error":"#DIV/0!"}},0,{"$f":"(VLOOKUP(P6857*12,'Tax table'!$A$3:$C$10,3)*(P6857*12-VLOOKUP(P6857*12,'Tax table'!$A$3:$C$10,1))+VLOOKUP(P6857*12,'Tax table'!$A$3:$C$10,2))/12","v":0},0,0,{"$error":"#DIV/0!"},0,{"$f":"IF($B$15=\"Yes\",MIN(S6857*2,References!$B$7),0)","v":0},{"$f":"IF(AND(D6857<>0,$B$16=\"Yes\"),References!$B$6,0)","v":0},0,0,0,0,{"$error":"#DIV/0!"},{"$f":"(M6857*12-(VLOOKUP(AB6857*12,'Tax table'!$A$3:$C$10,3)*(AB6857*12-VLOOKUP(AB6857*12,'Tax table'!$A$3:$C$10,1))+VLOOKUP(AB6857*12,'Tax table'!$A$3:$C$10,2)))/12","v":{"$error":"#DIV/0!"}},{"$error":"#DIV/0!"},{"$error":"#DIV/0!"}]
[{"$nulls":9},118,0,0,{"$error":"#DIV/0!"},{"$error":"#DIV/0!"},{"$f":"(M6874*12-(VLOOKUP(N6874*12,'Tax table'!$A$3:$C$10,3)*(N6874*12-VLOOKUP(N6874*12,'Tax table'!$A$3:$C$10,1))+VLOOKUP(N6874*12,'Tax table'!$A$3:$C$10,2)))/12","v":{"$error":"#DIV/0!"}},0,{"$f":"(VLOOKUP(P6874*12,'Tax table'!$A$3:$C$10,3)*(P6874*12-VLOOKUP(P6874*12,'Tax table'!$A$3:$C$10,1))+VLOOKUP(P6874*12,'Tax table'!$A$3:$C$10,2))/12","v":0},0,0,{"$error":"#DIV/0!"},0,{"$f":"IF($B$15=\"Yes\",MIN(S6874*2,References!$B$7),0)","v":0},{"$f":"IF(AND(D6874<>0,$B$16=\"Yes\"),References!$B$6,0)","v":0},0,0,0,0,{"$error":"#DIV/0!"},{"$f":"(M6874*12-(VLOOKUP(AB6874*12,'Tax table'!$A$3:$C$10,3)*(AB6874*12-VLOOKUP(AB6874*12,'Tax table'!$A$3:$C$10,1))+VLOOKUP(AB6874*12,'Tax table'!$A$3:$C$10,2)))/12","v":{"$error":"#DIV/0!"}},{"$error":"#DIV/0!"},{"$error":"#DIV/0!"}]
[{"$nulls":9},118,0,0,{"$error":"#DIV/0!"},{"$error":"#DIV/0!"},{"$f":"(M6884*12-(VLOOKUP(N6884*12,'Tax table'!$A$3:$C$10,3)*(N6884*12-VLOOKUP(N6884*12,'Tax table'!$A$3:$C$10,1))+VLOOKUP(N6884*12,'Tax table'!$A$3:$C$10,2)))/12","v":{"$error":"#DIV/0!"}},0,{"$f":"(VLOOKUP(P6884*12,'Tax table'!$A$3:$C$10,3)*(P6884*12-VLOOKUP(P6884*12,'Tax table'!$A$3:$C$10,1))+VLOOKUP(P6884*12,'Tax table'!$A$3:$C$10,2))/12","v":0},0,0,{"$error":"#DIV/0!"},0,{"$f":"IF($B$15=\"Yes\",MIN(S6884*2,References!$B$7),0)","v":0},{"$f":"IF(AND(D6884<>0,$B$16=\"Yes\"),References!$B$6,0)","v":0},0,0,0,0,{"$error":"#DIV/0!"},{"$f":"(M6884*12-(VLOOKUP(AB6884*12,'Tax table'!$A$3:$C$10,3)*(AB6884*12-VLOOKUP(AB6884*12,'Tax table'!$A$3:$C$10,1))+VLOOKUP(AB6884*12,'Tax table'!$A$3:$C$10,2)))/12","v":{"$error":"#DIV/0!"}},{"$error":"#DIV/0!"},{"$error":"#DIV/0!"}]
[{"$nulls":9},118,0,0,{"$error":"#DIV/0!"},{"$error":"#DIV/0!"},{"$f":"(M6890*12-(VLOOKUP(N6890*12,'Tax table'!$A$3:$C$10,3)*(N6890*12-VLOOKUP(N6890*12,'Tax table'!$A$3:$C$10,1))+VLOOKUP(N6890*12,'Tax table'!$A$3:$C$10,2)))/12","v":{"$error":"#DIV/0!"}},0,{"$f":"(VLOOKUP(P6890*12,'Tax table'!$A$3:$C$10,3)*(P6890*12-VLOOKUP(P6890*12,'Tax table'!$A$3:$C$10,1))+VLOOKUP(P6890*12,'Tax table'!$A$3:$C$10,2))/12","v":0},0,0,{"$error":"#DIV/0!"},0,{"$f":"IF($B$15=\"Yes\",MIN(S6890*2,References!$B$7),0)","v":0},{"$f":"IF(AND(D6890<>0,$B$16=\"Yes\"),References!$B$6,0)","v":0},0,0,0,0,{"$error":"#DIV/0!"},{"$f":"(M6890*12-(VLOOKUP(AB6890*12,'Tax table'!$A$3:$C$10,3)*(AB6890*12-VLOOKUP(AB6890*12,'Tax table'!$A$3:$C$10,1))+VLOOKUP(AB6890*12,'Tax table'!$A$3:$C$10,2)))/12","v":{"$error":"#DIV/0!"}},{"$error":"#DIV/0!"},{"$error":"#DIV/0!"}]
[{"$nulls":9},118,0,0,{"$error":"#DIV/0!"},{"$error":"#DIV/0!"},{"$f":"(M6907*12-(VLOOKUP(N6907*12,'Tax table'!$A$3:$C$10,3)*(N6907*12-VLOOKUP(N6907*12,'Tax table'!$A$3:$C$10,1))+VLOOKUP(N6907*12,'Tax table'!$A$3:$C$10,2)))/12","v":{"$error":"#DIV/0!"}},0,{"$f":"(VLOOKUP(P6907*12,'Tax table'!$A$3:$C$10,3)*(P6907*12-VLOOKUP(P6907*12,'Tax table'!$A$3:$C$10,1))+VLOOKUP(P6907*12,'Tax table'!$A$3:$C$10,2))/12","v":0},0,0,{"$error":"#DIV/0!"},0,{"$f":"IF($B$15=\"Yes\",MIN(S6907*2,References!$B$7),0)","v":0},{"$f":"IF(AND(D6907<>0,$B$16=\"Yes\"),References!$B$6,0)","v":0},0,0,0,0,{"$error":"#DIV/0!"},{"$f":"(M6907*12-(VLOOKUP(AB6907*12,'Tax table'!$A$3:$C$10,3)*(AB6907*12-VLOOKUP(AB6907*12,'Tax table'!$A$3:$C$10,1))+VLOOKUP(AB6907*12,'Tax table'!$A$3:$C$10,2)))/12","v":{"$error":"#DIV/0!"}},{"$error":"#DIV/0!"},{"$error":"#DIV/0!"}]
[{"$nulls":9},118,0,0,{"$error":"#DIV/0!"},{"$error":"#DIV/0!"},{"$f":"(M6917*12-(VLOOKUP(N6917*12,'Tax table'!$A$3:$C$10,3)*(N6917*12-VLOOKUP(N6917*12,'Tax table'!$A$3:$C$10,1))+VLOOKUP(N6917*12,'Tax table'!$A$3:$C$10,2)))/12","v":{"$error":"#DIV/0!"}},0,{"$f":"(VLOOKUP(P6917*12,'Tax table'!$A$3:$C$10,3)*(P6917*12-VLOOKUP(P6917*12,'Tax table'!$A$3:$C$10,1))+VLOOKUP(P6917*12,'Tax table'!$A$3:$C$10,2))/12","v":0},0,0,{"$error":"#DIV/0!"},0,{"$f":"IF($B$15=\"Yes\",MIN(S6917*2,References!$B$7),0)","v":0},{"$f":"IF(AND(D6917<>0,$B$16=\"Yes\"),References!$B$6,0)","v":0},0,0,0,0,{"$error":"#DIV/0!"},{"$f":"(M6917*12-(VLOOKUP(AB6917*12,'Tax table'!$A$3:$C$10,3)*(AB6917*12-VLOOKUP(AB6917*12,'Tax table'!$A$3:$C$10,1))+VLOOKUP(AB6917*12,'Tax table'!$A$3:$C$10,2)))/12","v":{"$error":"#DIV/0!"}},{"$error":"#DIV/0!"},{"$error":"#DIV/0!"}]
[{"$nulls":9},118,0,0,{"$error":"#DIV/0!"},{"$error":"#DIV/0!"},{"$f":"(M6923*12-(VLOOKUP(N6923*12,'Tax table'!$A$3:$C$10,3)*(N6923*12-VLOOKUP(N6923*12,'Tax table'!$A$3:$C$10,1))+VLOOKUP(N6923*12,'Tax table'!$A$3:$C$10,2)))/12","v":{"$error":"#DIV/0!"}},0,{"$f":"(VLOOKUP(P6923*12,'Tax table'!$A$3:$C$10,3)*(P6923*12-VLOOKUP(P6923*12,'Tax table'!$A$3:$C$10,1))+VLOOKUP(P6923*12,'Tax table'!$A$3:$C$10,2))/12","v":0},0,0,{"$error":"#DIV/0!"},0,{"$f":"IF($B$15=\"Yes\",MIN(S6923*2,References!$B$7),0)","v":0},{"$f":"IF(AND(D6923<>0,$B$16=\"Yes\"),References!$B$6,0)","v":0},0,0,0,0,{"$error":"#DIV/0!"},{"$f":"(M6923*12-(VLOOKUP(AB6923*12,'Tax table'!$A$3:$C$10,3)*(AB6923*12-VLOOKUP(AB6923*12,'Tax table'!$A$3:$C$10,1))+VLOOKUP(AB6923*12,'Tax table'!$A$3:$C$10,2)))/12","v":{"$error":"#DIV/0!"}},{"$error":"#DIV/0!"},{"$error":"#DIV/0!"}]
[{"$nulls":9},118,0,0,{"$error":"#DIV/0!"},{"$error":"#DIV/0!"},{"$f":"(M6933*12-(VLOOKUP(N6933*12,'Tax table'!$A$3:$C$10,3)*(N6933*12-VLOOKUP(N6933*12,'Tax table'!$A$3:$C$10,1))+VLOOKUP(N6933*12,'Tax table'!$A$3:$C$10,2)))/12","v":{"$error":"#DIV/0!"}},0,{"$f":"(VLOOKUP(P6933*12,'Tax table'!$A$3:$C$10,3)*(P6933*12-VLOOKUP(P6933*12,'Tax table'!$A$3:$C$10,1))+VLOOKUP(P6933*12,'Tax table'!$A$3:$C$10,2))/12","v":0},0,0,{"$error":"#DIV/0!"},0,{"$f":"IF($B$15=\"Yes\",MIN(S6933*2,References!$B$7),0)","v":0},{"$f":"IF(AND(D6933<>0,$B$16=\"Yes\"),References!$B$6,0)","v":0},0,0,0,0,{"$error":"#DIV/0!"},{"$f":"(M6933*12-(VLOOKUP(AB6933*12,'Tax table'!$A$3:$C$10,3)*(AB6933*12-VLOOKUP(AB6933*12,'Tax table'!$A$3:$C$10,1))+VLOOKUP(AB6933*12,'Tax table'!$A$3:$C$10,2)))/12","v":{"$error":"#DIV/0!"}},{"$error":"#DIV/0!"},{"$error":"#DIV/0!"}]
[{"$nulls":9},118,0,0,{"$error":"#DIV/0!"},{"$error":"#DIV/0!"},{"$f":"(M6950*12-(VLOOKUP(N6950*12,'Tax table'!$A$3:$C$10,3)*(N6950*12-VLOOKUP(N6950*12,'Tax table'!$A$3:$C$10,1))+VLOOKUP(N6950*12,'Tax table'!$A$3:$C$10,2)))/12","v":{"$error":"#DIV/0!"}},0,{"$f":"(VLOOKUP(P6950*12,'Tax table'!$A$3:$C$10,3)*(P6950*12-VLOOKUP(P6950*12,'Tax table'!$A$3:$C$10,1))+VLOOKUP(P6950*12,'Tax table'!$A$3:$C$10,2))/12","v":0},0,0,{"$error":"#DIV/0!"},0,{"$f":"IF($B$15=\"Yes\",MIN(S6950*2,References!$B$7),0)","v":0},{"$f":"IF(AND(D6950<>0,$B$16=\"Yes\"),References!$B$6,0)","v":0},0,0,0,0,{"$error":"#DIV/0!"},{"$f":"(M6950*12-(VLOOKUP(AB6950*12,'Tax table'!$A$3:$C$10,3)*(AB6950*12-VLOOKUP(AB6950*12,'Tax table'!$A$3:$C$10,1))+VLOOKUP(AB6950*12,'Tax table'!$A$3:$C$10,2)))/12","v":{"$error":"#DIV/0!"}},{"$error":"#DIV/0!"},{"$error":"#DIV/0!"}]
[{"$nulls":9},118,0,0,{"$error":"#DIV/0!"},{"$error":"#DIV/0!"},{"$f":"(M6956*12-(VLOOKUP(N6956*12,'Tax table'!$A$3:$C$10,3)*(N6956*12-VLOOKUP(N6956*12,'Tax table'!$A$3:$C$10,1))+VLOOKUP(N6956*12,'Tax table'!$A$3:$C$10,2)))/12","v":{"$error":"#DIV/0!"}},0,{"$f":"(VLOOKUP(P6956*12,'Tax table'!$A$3:$C$10,3)*(P6956*12-VLOOKUP(P6956*12,'Tax table'!$A$3:$C$10,1))+VLOOKUP(P6956*12,'Tax table'!$A$3:$C$10,2))/12","v":0},0,0,{"$error":"#DIV/0!"},0,{"$f":"IF($B$15=\"Yes\",MIN(S6956*2,References!$B$7),0)","v":0},{"$f":"IF(AND(D6956<>0,$B$16=\"Yes\"),References!$B$6,0)","v":0},0,0,0,0,{"$error":"#DIV/0!"},{"$f":"(M6956*12-(VLOOKUP(AB6956*12,'Tax table'!$A$3:$C$10,3)*(AB6956*12-VLOOKUP(AB6956*12,'Tax table'!$A$3:$C$10,1))+VLOOKUP(AB6956*12,'Tax table'!$A$3:$C$10,2)))/12","v":{"$error":"#DIV/0!"}},{"$error":"#DIV/0!"},{"$error":"#DIV/0!"}]
[{"$nulls":9},118,0,0,{"$error":"#DIV/0!"},{"$error":"#DIV/0!"},{"$f":"(M6966*12-(VLOOKUP(N6966*12,'Tax table'!$A$3:$C$10,3)*(N6966*12-VLOOKUP(N6966*12,'Tax table'!$A$3:$C$10,1))+VLOOKUP(N6966*12,'Tax table'!$A$3:$C$10,2)))/12","v":{"$error":"#DIV/0!"}},0,{"$f":"(VLOOKUP(P6966*12,'Tax table'!$A$3:$C$10,3)*(P6966*12-VLOOKUP(P6966*12,'Tax table'!$A$3:$C$10,1))+VLOOKUP(P6966*12,'Tax table'!$A$3:$C$10,2))/12","v":0},0,0,{"$error":"#DIV/0!"},0,{"$f":"IF($B$15=\"Yes\",MIN(S6966*2,References!$B$7),0)","v":0},{"$f":"IF(AND(D6966<>0,$B$16=\"Yes\"),References!$B$6,0)","v":0},0,0,0,0,{"$error":"#DIV/0!"},{"$f":"(M6966*12-(VLOOKUP(AB6966*12,'Tax table'!$A$3:$C$10,3)*(AB6966*12-VLOOKUP(AB6966*12,'Tax table'!$A$3:$C$10,1))+VLOOKUP(AB6966*12,'Tax table'!$A$3:$C$10,2)))/12","v":{"$error":"#DIV/0!"}},{"$error":"#DIV/0!"},{"$error":"#DIV/0!"}]
[{"$nulls":9},118,0,0,{"$error":"#DIV/0!"},{"$error":"#DIV/0!"},{"$f":"(M6983*12-(VLOOKUP(N6983*12,'Tax table'!$A$3:$C$10,3)*(N6983*12-VLOOKUP(N6983*12,'Tax table'!$A$3:$C$10,1))+VLOOKUP(N6983*12,'Tax table'!$A$3:$C$10,2)))/12","v":{"$error":"#DIV/0!"}},0,{"$f":"(VLOOKUP(P6983*12,'Tax table'!$A$3:$C$10,3)*(P6983*12-VLOOKUP(P6983*12,'Tax table'!$A$3:$C$10,1))+VLOOKUP(P6983*12,'Tax table'!$A$3:$C$10,2))/12","v":0},0,0,{"$error":"#DIV/0!"},0,{"$f":"IF($B$15=\"Yes\",MIN(S6983*2,References!$B$7),0)","v":0},{"$f":"IF(AND(D6983<>0,$B$16=\"Yes\"),References!$B$6,0)","v":0},0,0,0,0,{"$error":"#DIV/0!"},{"$f":"(M6983*12-(VLOOKUP(AB6983*12,'Tax table'!$A$3:$C$10,3)*(AB6983*12-VLOOKUP(AB6983*12,'Tax table'!$A$3:$C$10,1))+VLOOKUP(AB6983*12,'Tax table'!$A$3:$C$10,2)))/12","v":{"$error":"#DIV/0!"}},{"$error":"#DIV/0!"},{"$error":"#DIV/0!"}]
[{"$nulls":9},118,0,0,{"$error":"#DIV/0!"},{"$error":"#DIV/0!"},{"$f":"(M6993*12-(VLOOKUP(N6993*12,'Tax table'!$A$3:$C$10,3)*(N6993*12-VLOOKUP(N6993*12,'Tax table'!$A$3:$C$10,1))+VLOOKUP(N6993*12,'Tax table'!$A$3:$C$10,2)))/12","v":{"$error":"#DIV/0!"}},0,{"$f":"(VLOOKUP(P6993*12,'Tax table'!$A$3:$C$10,3)*(P6993*12-VLOOKUP(P6993*12,'Tax table'!$A$3:$C$10,1))+VLOOKUP(P6993*12,'Tax table'!$A$3:$C$10,2))/12","v":0},0,0,{"$error":"#DIV/0!"},0,{"$f":"IF($B$15=\"Yes\",MIN(S6993*2,References!$B$7),0)","v":0},{"$f":"IF(AND(D6993<>0,$B$16=\"Yes\"),References!$B$6,0)","v":0},0,0,0,0,{"$error":"#DIV/0!"},{"$f":"(M6993*12-(VLOOKUP(AB6993*12,'Tax table'!$A$3:$C$10,3)*(AB6993*12-VLOOKUP(AB6993*12,'Tax table'!$A$3:$C$10,1))+VLOOKUP(AB6993*12,'Tax table'!$A$3:$C$10,2)))/12","v":{"$error":"#DIV/0!"}},{"$error":"#DIV/0!"},{"$error":"#DIV/0!"}]
[{"$nulls":9},118,0,0,{"$error":"#DIV/0!"},{"$error":"#DIV/0!"},{"$f":"(M7002*12-(VLOOKUP(N7002*12,'Tax table'!$A$3:$C$10,3)*(N7002*12-VLOOKUP(N7002*12,'Tax table'!$A$3:$C$10,1))+VLOOKUP(N7002*12,'Tax table'!$A$3:$C$10,2)))/12","v":{"$error":"#DIV/0!"}},0,{"$f":"(VLOOKUP(P7002*12,'Tax table'!$A$3:$C$10,3)*(P7002*12-VLOOKUP(P7002*12,'Tax table'!$A$3:$C$10,1))+VLOOKUP(P7002*12,'Tax table'!$A$3:$C$10,2))/12","v":0},0,0,{"$error":"#DIV/0!"},0,{"$f":"IF($B$15=\"Yes\",MIN(S7002*2,References!$B$7),0)","v":0},{"$f":"IF(AND(D7002<>0,$B$16=\"Yes\"),References!$B$6,0)","v":0},0,0,0,0,{"$error":"#DIV/0!"},{"$f":"(M7002*12-(VLOOKUP(AB7002*12,'Tax table'!$A$3:$C$10,3)*(AB7002*12-VLOOKUP(AB7002*12,'Tax table'!$A$3:$C$10,1))+VLOOKUP(AB7002*12,'Tax table'!$A$3:$C$10,2)))/12","v":{"$error":"#DIV/0!"}},{"$error":"#DIV/0!"},{"$error":"#DIV/0!"}]
[{"$nulls":9},118,0,0,{"$error":"#DIV/0!"},{"$error":"#DIV/0!"},{"$f":"(M7017*12-(VLOOKUP(N7017*12,'Tax table'!$A$3:$C$10,3)*(N7017*12-VLOOKUP(N7017*12,'Tax table'!$A$3:$C$10,1))+VLOOKUP(N7017*12,'Tax table'!$A$3:$C$10,2)))/12","v":{"$error":"#DIV/0!"}},0,{"$f":"(VLOOKUP(P7017*12,'Tax table'!$A$3:$C$10,3)*(P7017*12-VLOOKUP(P7017*12,'Tax table'!$A$3:$C$10,1))+VLOOKUP(P7017*12,'Tax table'!$A$3:$C$10,2))/12","v":0},0,0,{"$error":"#DIV/0!"},0,{"$f":"IF($B$15=\"Yes\",MIN(S7017*2,References!$B$7),0)","v":0},{"$f":"IF(AND(D7017<>0,$B$16=\"Yes\"),References!$B$6,0)","v":0},0,0,0,0,{"$error":"#DIV/0!"},{"$f":"(M7017*12-(VLOOKUP(AB7017*12,'Tax table'!$A$3:$C$10,3)*(AB7017*12-VLOOKUP(AB7017*12,'Tax table'!$A$3:$C$10,1))+VLOOKUP(AB7017*12,'Tax table'!$A$3:$C$10,2)))/12","v":{"$error":"#DIV/0!"}},{"$error":"#DIV/0!"},{"$error":"#DIV/0!"}]
[{"$nulls":9},118,0,0,{"$error":"#DIV/0!"},{"$error":"#DIV/0!"},{"$f":"(M7027*12-(VLOOKUP(N7027*12,'Tax table'!$A$3:$C$10,3)*(N7027*12-VLOOKUP(N7027*12,'Tax table'!$A$3:$C$10,1))+VLOOKUP(N7027*12,'Tax table'!$A$3:$C$10,2)))/12","v":{"$error":"#DIV/0!"}},0,{"$f":"(VLOOKUP(P7027*12,'Tax table'!$A$3:$C$10,3)*(P7027*12-VLOOKUP(P7027*12,'Tax table'!$A$3:$C$10,1))+VLOOKUP(P7027*12,'Tax table'!$A$3:$C$10,2))/12","v":0},0,0,{"$error":"#DIV/0!"},0,{"$f":"IF($B$15=\"Yes\",MIN(S7027*2,References!$B$7),0)","v":0},{"$f":"IF(AND(D7027<>0,$B$16=\"Yes\"),References!$B$6,0)","v":0},0,0,0,0,{"$error":"#DIV/0!"},{"$f":"(M7027*12-(VLOOKUP(AB7027*12,'Tax table'!$A$3:$C$10,3)*(AB7027*12-VLOOKUP(AB7027*12,'Tax table'!$A$3:$C$10,1))+VLOOKUP(AB7027*12,'Tax table'!$A$3:$C$10,2)))/12","v":{"$error":"#DIV/0!"}},{"$error":"#DIV/0!"},{"$error":"#DIV/0!"}]
[{"$nulls":9},118,0,0,{"$error":"#DIV/0!"},{"$error":"#DIV/0!"},{"$f":"(M7033*12-(VLOOKUP(N7033*12,'Tax table'!$A$3:$C$10,3)*(N7033*12-VLOOKUP(N7033*12,'Tax table'!$A$3:$C$10,1))+VLOOKUP(N7033*12,'Tax table'!$A$3:$C$10,2)))/12","v":{"$error":"#DIV/0!"}},0,{"$f":"(VLOOKUP(P7033*12,'Tax table'!$A$3:$C$10,3)*(P7033*12-VLOOKUP(P7033*12,'Tax table'!$A$3:$C$10,1))+VLOOKUP(P7033*12,'Tax table'!$A$3:$C$10,2))/12","v":0},0,0,{"$error":"#DIV/0!"},0,{"$f":"IF($B$15=\"Yes\",MIN(S7033*2,References!$B$7),0)","v":0},{"$f":"IF(AND(D7033<>0,$B$16=\"Yes\"),References!$B$6,0)","v":0},0,0,0,0,{"$error":"#DIV/0!"},{"$f":"(M7033*12-(VLOOKUP(AB7033*12,'Tax table'!$A$3:$C$10,3)*(AB7033*12-VLOOKUP(AB7033*12,'Tax table'!$A$3:$C$10,1))+VLOOKUP(AB7033*12,'Tax table'!$A$3:$C$10,2)))/12","v":{"$error":"#DIV/0!"}},{"$error":"#DIV/0!"},{"$error":"#DIV/0!"}]
[{"$nulls":9},118,0,0,{"$error":"#DIV/0!"},{"$error":"#DIV/0!"},{"$f":"(M7050*12-(VLOOKUP(N7050*12,'Tax table'!$A$3:$C$10,3)*(N7050*12-VLOOKUP(N7050*12,'Tax table'!$A$3:$C$10,1))+VLOOKUP(N7050*12,'Tax table'!$A$3:$C$10,2)))/12","v":{"$error":"#DIV/0!"}},0,{"$f":"(VLOOKUP(P7050*12,'Tax table'!$A$3:$C$10,3)*(P7050*12-VLOOKUP(P7050*12,'Tax table'!$A$3:$C$10,1))+VLOOKUP(P7050*12,'Tax table'!$A$3:$C$10,2))/12","v":0},0,0,{"$error":"#DIV/0!"},0,{"$f":"IF($B$15=\"Yes\",MIN(S7050*2,References!$B$7),0)","v":0},{"$f":"IF(AND(D7050<>0,$B$16=\"Yes\"),References!$B$6,0)","v":0},0,0,0,0,{"$error":"#DIV/0!"},{"$f":"(M7050*12-(VLOOKUP(AB7050*12,'Tax table'!$A$3:$C$10,3)*(AB7050*12-VLOOKUP(AB7050*12,'Tax table'!$A$3:$C$10,1))+VLOOKUP(AB7050*12,'Tax table'!$A$3:$C$10,2)))/12","v":{"$error":"#DIV/0!"}},{"$error":"#DIV/0!"},{"$error":"#DIV/0!"}]
[{"$nulls":9},118,0,0,{"$error":"#DIV/0!"},{"$error":"#DIV/0!"},{"$f":"(M7060*12-(VLOOKUP(N7060*12,'Tax table'!$A$3:$C$10,3)*(N7060*12-VLOOKUP(N7060*12,'Tax table'!$A$3:$C$10,1))+VLOOKUP(N7060*12,'Tax table'!$A$3:$C$10,2)))/12","v":{"$error":"#DIV/0!"}},0,{"$f":"(VLOOKUP(P7060*12,'Tax table'!$A$3:$C$10,3)*(P7060*12-VLOOKUP(P7060*12,'Tax table'!$A$3:$C$10,1))+VLOOKUP(P7060*12,'Tax table'!$A$3:$C$10,2))/12","v":0},0,0,{"$error":"#DIV/0!"},0,{"$f":"IF($B$15=\"Yes\",MIN(S7060*2,References!$B$7),0)","v":0},{"$f":"IF(AND(D7060<>0,$B$16=\"Yes\"),References!$B$6,0)","v":0},0,0,0,0,{"$error":"#DIV/0!"},{"$f":"(M7060*12-(VLOOKUP(AB7060*12,'Tax table'!$A$3:$C$10,3)*(AB7060*12-VLOOKUP(AB7060*12,'Tax table'!$A$3:$C$10,1))+VLOOKUP(AB7060*12,'Tax table'!$A$3:$C$10,2)))/12","v":{"$error":"#DIV/0!"}},{"$error":"#DIV/0!"},{"$error":"#DIV/0!"}]
[{"$nulls":9},118,0,0,{"$error":"#DIV/0!"},{"$error":"#DIV/0!"},{"$f":"(M7066*12-(VLOOKUP(N7066*12,'Tax table'!$A$3:$C$10,3)*(N7066*12-VLOOKUP(N7066*12,'Tax table'!$A$3:$C$10,1))+VLOOKUP(N7066*12,'Tax table'!$A$3:$C$10,2)))/12","v":{"$error":"#DIV/0!"}},0,{"$f":"(VLOOKUP(P7066*12,'Tax table'!$A$3:$C$10,3)*(P7066*12-VLOOKUP(P7066*12,'Tax table'!$A$3:$C$10,1))+VLOOKUP(P7066*12,'Tax table'!$A$3:$C$10,2))/12","v":0},0,0,{"$error":"#DIV/0!"},0,{"$f":"IF($B$15=\"Yes\",MIN(S7066*2,References!$B$7),0)","v":0},{"$f":"IF(AND(D7066<>0,$B$16=\"Yes\"),References!$B$6,0)","v":0},0,0,0,0,{"$error":"#DIV/0!"},{"$f":"(M7066*12-(VLOOKUP(AB7066*12,'Tax table'!$A$3:$C$10,3)*(AB7066*12-VLOOKUP(AB7066*12,'Tax table'!$A$3:$C$10,1))+VLOOKUP(AB7066*12,'Tax table'!$A$3:$C$10,2)))/12","v":{"$error":"#DIV/0!"}},{"$error":"#DIV/0!"},{"$error":"#DIV/0!"}]
[{"$nulls":9},118,0,0,{"$error":"#DIV/0!"},{"$error":"#DIV/0!"},{"$f":"(M7076*12-(VLOOKUP(N7076*12,'Tax table'!$A$3:$C$10,3)*(N7076*12-VLOOKUP(N7076*12,'Tax table'!$A$3:$C$10,1))+VLOOKUP(N7076*12,'Tax table'!$A$3:$C$10,2)))/12","v":{"$error":"#DIV/0!"}},0,{"$f":"(VLOOKUP(P7076*12,'Tax table'!$A$3:$C$10,3)*(P7076*12-VLOOKUP(P7076*12,'Tax table'!$A$3:$C$10,1))+VLOOKUP(P7076*12,'Tax table'!$A$3:$C$10,2))/12","v":0},0,0,{"$error":"#DIV/0!"},0,{"$f":"IF($B$15=\"Yes\",MIN(S7076*2,References!$B$7),0)","v":0},{"$f":"IF(AND(D7076<>0,$B$16=\"Yes\"),References!$B$6,0)","v":0},0,0,0,0,{"$error":"#DIV/0!"},{"$f":"(M7076*12-(VLOOKUP(AB7076*12,'Tax table'!$A$3:$C$10,3)*(AB7076*12-VLOOKUP(AB7076*12,'Tax table'!$A$3:$C$10,1))+VLOOKUP(AB7076*12,'Tax table'!$A$3:$C$10,2)))/12","v":{"$error":"#DIV/0!"}},{"$error":"#DIV/0!"},{"$error":"#DIV/0!"}]
[{"$nulls":9},118,0,0,{"$error":"#DIV/0!"},{"$error":"#DIV/0!"},{"$f":"(M7093*12-(VLOOKUP(N7093*12,'Tax table'!$A$3:$C$10,3)*(N7093*12-VLOOKUP(N7093*12,'Tax table'!$A$3:$C$10,1))+VLOOKUP(N7093*12,'Tax table'!$A$3:$C$10,2)))/12","v":{"$error":"#DIV/0!"}},0,{"$f":"(VLOOKUP(P7093*12,'Tax table'!$A$3:$C$10,3)*(P7093*12-VLOOKUP(P7093*12,'Tax table'!$A$3:$C$10,1))+VLOOKUP(P7093*12,'Tax table'!$A$3:$C$10,2))/12","v":0},0,0,{"$error":"#DIV/0!"},0,{"$f":"IF($B$15=\"Yes\",MIN(S7093*2,References!$B$7),0)","v":0},{"$f":"IF(AND(D7093<>0,$B$16=\"Yes\"),References!$B$6,0)","v":0},0,0,0,0,{"$error":"#DIV/0!"},{"$f":"(M7093*12-(VLOOKUP(AB7093*12,'Tax table'!$A$3:$C$10,3)*(AB7093*12-VLOOKUP(AB7093*12,'Tax table'!$A$3:$C$10,1))+VLOOKUP(AB7093*12,'Tax table'!$A$3:$C$10,2)))/12","v":{"$error":"#DIV/0!"}},{"$error":"#DIV/0!"},{"$error":"#DIV/0!"}]
[{"$nulls":9},118,0,0,{"$error":"#DIV/0!"},{"$error":"#DIV/0!"},{"$f":"(M7099*12-(VLOOKUP(N7099*12,'Tax table'!$A$3:$C$10,3)*(N7099*12-VLOOKUP(N7099*12,'Tax table'!$A$3:$C$10,1))+VLOOKUP(N7099*12,'Tax table'!$A$3:$C$10,2)))/12","v":{"$error":"#DIV/0!"}},0,{"$f":"(VLOOKUP(P7099*12,'Tax table'!$A$3:$C$10,3)*(P7099*12-VLOOKUP(P7099*12,'Tax table'!$A$3:$C$10,1))+VLOOKUP(P7099*12,'Tax table'!$A$3:$C$10,2))/12","v":0},0,0,{"$error":"#DIV/0!"},0,{"$f":"IF($B$15=\"Yes\",MIN(S7099*2,References!$B$7),0)","v":0},{"$f":"IF(AND(D7099<>0,$B$16=\"Yes\"),References!$B$6,0)","v":0},0,0,0,0,{"$error":"#DIV/0!"},{"$f":"(M7099*12-(VLOOKUP(AB7099*12,'Tax table'!$A$3:$C$10,3)*(AB7099*12-VLOOKUP(AB7099*12,'Tax table'!$A$3:$C$10,1))+VLOOKUP(AB7099*12,'Tax table'!$A$3:$C$10,2)))/12","v":{"$error":"#DIV/0!"}},{"$error":"#DIV/0!"},{"$error":"#DIV/0!"}]
[{"$nulls":9},118,0,0,{"$error":"#DIV/0!"},{"$error":"#DIV/0!"},{"$f":"(M7109*12-(VLOOKUP(N7109*12,'Tax table'!$A$3:$C$10,3)*(N7109*12-VLOOKUP(N7109*12,'Tax table'!$A$3:$C$10,1))+VLOOKUP(N7109*12,'Tax table'!$A$3:$C$10,2)))/12","v":{"$error":"#DIV/0!"}},0,{"$f":"(VLOOKUP(P7109*12,'Tax table'!$A$3:$C$10,3)*(P7109*12-VLOOKUP(P7109*12,'Tax table'!$A$3:$C$10,1))+VLOOKUP(P7109*12,'Tax table'!$A$3:$C$10,2))/12","v":0},0,0,{"$error":"#DIV/0!"},0,{"$f":"IF($B$15=\"Yes\",MIN(S7109*2,References!$B$7),0)","v":0},{"$f":"IF(AND(D7109<>0,$B$16=\"Yes\"),References!$B$6,0)","v":0},0,0,0,0,{"$error":"#DIV/0!"},{"$f":"(M7109*12-(VLOOKUP(AB7109*12,'Tax table'!$A$3:$C$10,3)*(AB7109*12-VLOOKUP(AB7109*12,'Tax table'!$A$3:$C$10,1))+VLOOKUP(AB7109*12,'Tax table'!$A$3:$C$10,2)))/12","v":{"$error":"#DIV/0!"}},{"$error":"#DIV/0!"},{"$error":"#DIV/0!"}]
[{"$nulls":9},118,0,0,{"$error":"#DIV/0!"},{"$error":"#DIV/0!"},{"$f":"(M7126*12-(VLOOKUP(N7126*12,'Tax table'!$A$3:$C$10,3)*(N7126*12-VLOOKUP(N7126*12,'Tax table'!$A$3:$C$10,1))+VLOOKUP(N7126*12,'Tax table'!$A$3:$C$10,2)))/12","v":{"$error":"#DIV/0!"}},0,{"$f":"(VLOOKUP(P7126*12,'Tax table'!$A$3:$C$10,3)*(P7126*12-VLOOKUP(P7126*12,'Tax table'!$A$3:$C$10,1))+VLOOKUP(P7126*12,'Tax table'!$A$3:$C$10,2))/12","v":0},0,0,{"$error":"#DIV/0!"},0,{"$f":"IF($B$15=\"Yes\",MIN(S7126*2,References!$B$7),0)","v":0},{"$f":"IF(AND(D7126<>0,$B$16=\"Yes\"),References!$B$6,0)","v":0},0,0,0,0,{"$error":"#DIV/0!"},{"$f":"(M7126*12-(VLOOKUP(AB7126*12,'Tax table'!$A$3:$C$10,3)*(AB7126*12-VLOOKUP(AB7126*12,'Tax table'!$A$3:$C$10,1))+VLOOKUP(AB7126*12,'Tax table'!$A$3:$C$10,2)))/12","v":{"$error":"#DIV/0!"}},{"$error":"#DIV/0!"},{"$error":"#DIV/0!"}]
[{"$nulls":9},118,0,0,{"$error":"#DIV/0!"},{"$error":"#DIV/0!"},{"$f":"(M7132*12-(VLOOKUP(N7132*12,'Tax table'!$A$3:$C$10,3)*(N7132*12-VLOOKUP(N7132*12,'Tax table'!$A$3:$C$10,1))+VLOOKUP(N7132*12,'Tax table'!$A$3:$C$10,2)))/12","v":{"$error":"#DIV/0!"}},0,{"$f":"(VLOOKUP(P7132*12,'Tax table'!$A$3:$C$10,3)*(P7132*12-VLOOKUP(P7132*12,'Tax table'!$A$3:$C$10,1))+VLOOKUP(P7132*12,'Tax table'!$A$3:$C$10,2))/12","v":0},0,0,{"$error":"#DIV/0!"},0,{"$f":"IF($B$15=\"Yes\",MIN(S7132*2,References!$B$7),0)","v":0},{"$f":"IF(AND(D7132<>0,$B$16=\"Yes\"),References!$B$6,0)","v":0},0,0,0,0,{"$error":"#DIV/0!"},{"$f":"(M7132*12-(VLOOKUP(AB7132*12,'Tax table'!$A$3:$C$10,3)*(AB7132*12-VLOOKUP(AB7132*12,'Tax table'!$A$3:$C$10,1))+VLOOKUP(AB7132*12,'Tax table'!$A$3:$C$10,2)))/12","v":{"$error":"#DIV/0!"}},{"$error":"#DIV/0!"},{"$error":"#DIV/0!"}]
[{"$nulls":9},118,0,0,{"$error":"#DIV/0!"},{"$error":"#DIV/0!"},{"$f":"(M7142*12-(VLOOKUP(N7142*12,'Tax table'!$A$3:$C$10,3)*(N7142*12-VLOOKUP(N7142*12,'Tax table'!$A$3:$C$10,1))+VLOOKUP(N7142*12,'Tax table'!$A$3:$C$10,2)))/12","v":{"$error":"#DIV/0!"}},0,{"$f":"(VLOOKUP(P7142*12,'Tax table'!$A$3:$C$10,3)*(P7142*12-VLOOKUP(P7142*12,'Tax table'!$A$3:$C$10,1))+VLOOKUP(P7142*12,'Tax table'!$A$3:$C$10,2))/12","v":0},0,0,{"$error":"#DIV/0!"},0,{"$f":"IF($B$15=\"Yes\",MIN(S7142*2,References!$B$7),0)","v":0},{"$f":"IF(AND(D7142<>0,$B$16=\"Yes\"),References!$B$6,0)","v":0},0,0,0,0,{"$error":"#DIV/0!"},{"$f":"(M7142*12-(VLOOKUP(AB7142*12,'Tax table'!$A$3:$C$10,3)*(AB7142*12-VLOOKUP(AB7142*12,'Tax table'!$A$3:$C$10,1))+VLOOKUP(AB7142*12,'Tax table'!$A$3:$C$10,2)))/12","v":{"$error":"#DIV/0!"}},{"$error":"#DIV/0!"},{"$error":"#DIV/0!"}]
[{"$nulls":9},118,0,0,{"$error":"#DIV/0!"},{"$error":"#DIV/0!"},{"$f":"(M7159*12-(VLOOKUP(N7159*12,'Tax table'!$A$3:$C$10,3)*(N7159*12-VLOOKUP(N7159*12,'Tax table'!$A$3:$C$10,1))+VLOOKUP(N7159*12,'Tax table'!$A$3:$C$10,2)))/12","v":{"$error":"#DIV/0!"}},0,{"$f":"(VLOOKUP(P7159*12,'Tax table'!$A$3:$C$10,3)*(P7159*12-VLOOKUP(P7159*12,'Tax table'!$A$3:$C$10,1))+VLOOKUP(P7159*12,'Tax table'!$A$3:$C$10,2))/12","v":0},0,0,{"$error":"#DIV/0!"},0,{"$f":"IF($B$15=\"Yes\",MIN(S7159*2,References!$B$7),0)","v":0},{"$f":"IF(AND(D7159<>0,$B$16=\"Yes\"),References!$B$6,0)","v":0},0,0,0,0,{"$error":"#DIV/0!"},{"$f":"(M7159*12-(VLOOKUP(AB7159*12,'Tax table'!$A$3:$C$10,3)*(AB7159*12-VLOOKUP(AB7159*12,'Tax table'!$A$3:$C$10,1))+VLOOKUP(AB7159*12,'Tax table'!$A$3:$C$10,2)))/12","v":{"$error":"#DIV/0!"}},{"$error":"#DIV/0!"},{"$error":"#DIV/0!"}]
[{"$nulls":9},118,0,0,{"$error":"#DIV/0!"},{"$error":"#DIV/0!"},{"$f":"(M7169*12-(VLOOKUP(N7169*12,'Tax table'!$A$3:$C$10,3)*(N7169*12-VLOOKUP(N7169*12,'Tax table'!$A$3:$C$10,1))+VLOOKUP(N7169*12,'Tax table'!$A$3:$C$10,2)))/12","v":{"$error":"#DIV/0!"}},0,{"$f":"(VLOOKUP(P7169*12,'Tax table'!$A$3:$C$10,3)*(P7169*12-VLOOKUP(P7169*12,'Tax table'!$A$3:$C$10,1))+VLOOKUP(P7169*12,'Tax table'!$A$3:$C$10,2))/12","v":0},0,0,{"$error":"#DIV/0!"},0,{"$f":"IF($B$15=\"Yes\",MIN(S7169*2,References!$B$7),0)","v":0},{"$f":"IF(AND(D7169<>0,$B$16=\"Yes\"),References!$B$6,0)","v":0},0,0,0,0,{"$error":"#DIV/0!"},{"$f":"(M7169*12-(VLOOKUP(AB7169*12,'Tax table'!$A$3:$C$10,3)*(AB7169*12-VLOOKUP(AB7169*12,'Tax table'!$A$3:$C$10,1))+VLOOKUP(AB7169*12,'Tax table'!$A$3:$C$10,2)))/12","v":{"$error":"#DIV/0!"}},{"$error":"#DIV/0!"},{"$error":"#DIV/0!"}]
[{"$nulls":9},118,0,0,{"$error":"#DIV/0!"},{"$error":"#DIV/0!"},{"$f":"(M7175*12-(VLOOKUP(N7175*12,'Tax table'!$A$3:$C$10,3)*(N7175*12-VLOOKUP(N7175*12,'Tax table'!$A$3:$C$10,1))+VLOOKUP(N7175*12,'Tax table'!$A$3:$C$10,2)))/12","v":{"$error":"#DIV/0!"}},0,{"$f":"(VLOOKUP(P7175*12,'Tax table'!$A$3:$C$10,3)*(P7175*12-VLOOKUP(P7175*12,'Tax table'!$A$3:$C$10,1))+VLOOKUP(P7175*12,'Tax table'!$A$3:$C$10,2))/12","v":0},0,0,{"$error":"#DIV/0!"},0,{"$f":"IF($B$15=\"Yes\",MIN(S7175*2,References!$B$7),0)","v":0},{"$f":"IF(AND(D7175<>0,$B$16=\"Yes\"),References!$B$6,0)","v":0},0,0,0,0,{"$error":"#DIV/0!"},{"$f":"(M7175*12-(VLOOKUP(AB7175*12,'Tax table'!$A$3:$C$10,3)*(AB7175*12-VLOOKUP(AB7175*12,'Tax table'!$A$3:$C$10,1))+VLOOKUP(AB7175*12,'Tax table'!$A$3:$C$10,2)))/12","v":{"$error":"#DIV/0!"}},{"$error":"#DIV/0!"},{"$error":"#DIV/0!"}]
[{"$nulls":9},{"$f":"DATEDIF(B7192,$B$7,\"y\")","v":118},{"$f":"D7192/12","v":0},{"$f":"IF($B$10=\"No\",MIN(K7192*H7192,15%*K7192),I7192/12)","v":0},{"$f":"D7192/12/E7192","v":{"$error":"#DIV/0!"}},{"$f":"M7192-L7192","v":{"$error":"#DIV/0!"}},{"$f":"(M7192*12-(VLOOKUP(N7192*12,'Tax table'!$A$3:$C$10,3)*(N7192*12-VLOOKUP(N7192*12,'Tax table'!$A$3:$C$10,1))+VLOOKUP(N7192*12,'Tax table'!$A$3:$C$10,2)))/12","v":{"$error":"#DIV/0!"}},{"$f":"K7192-L7192","v":0},{"$f":"(VLOOKUP(P7192*12,'Tax table'!$A$3:$C$10,3)*(P7192*12-VLOOKUP(P7192*12,'Tax table'!$A$3:$C$10,1))+VLOOKUP(P7192*12,'Tax table'!$A$3:$C$10,2))/12","v":0},{"$f":"K7192-Q7192","v":0},{"$f":"MIN(R7192*F7192,SUM($B$8,$B$9))","v":0},{"$f":"S7192/O7192","v":{"$error":"#DIV/0!"}},{"$f":"IF($B$14=\"Yes\",S7192*3,0)","v":0},{"$f":"IF($B$15=\"Yes\",MIN(S7192*2,References!$B$7),0)","v":0},{"$f":"IF(AND(D7192<>0,$B$16=\"Yes\"),References!$B$6,0)","v":0},{"$f":"IF($B$17=\"Yes\",MIN(R7192,SUM($B$8:$B$9))-S7192,0)","v":0},{"$f":"MIN(K7192*G7192,$B$8)","v":0},{"$f":"MIN(K7192*H7192,$B$9)","v":0},{"$f":"Z7192+Y7192","v":0},{"$f":"M7192-Z7192","v":{"$error":"#DIV/0!"}},{"$f":"(M7192*12-(VLOOKUP(AB7192*12,'Tax table'!$A$3:$C$10,3)*(AB7192*12-VLOOKUP(AB7192*12,'Tax table'!$A$3:$C$10,1))+VLOOKUP(AB7192*12,'Tax table'!$A$3:$C$10,2)))/12","v":{"$error":"#DIV/0!"}},{"$f":"MIN(AA7192,AC7192)","v":{"$error":"#DIV/0!"}},{"$f":"AD7192/O7192","v":{"$error":"#DIV/0!"}}]
[{"$nulls":9},118,0,0,{"$error":"#DIV/0!"},{"$error":"#DIV/0!"},{"$f":"(M7202*12-(VLOOKUP(N7202*12,'Tax table'!$A$3:$C$10,3)*(N7202*12-VLOOKUP(N7202*12,'Tax table'!$A$3:$C$10,1))+VLOOKUP(N7202*12,'Tax table'!$A$3:$C$10,2)))/12","v":{"$error":"#DIV/0!"}},0,{"$f":"(VLOOKUP(P7202*12,'Tax table'!$A$3:$C$10,3)*(P7202*12-VLOOKUP(P7202*12,'Tax table'!$A$3:$C$10,1))+VLOOKUP(P7202*12,'Tax table'!$A$3:$C$10,2))/12","v":0},0,0,{"$error":"#DIV/0!"},0,{"$f":"IF($B$15=\"Yes\",MIN(S7202*2,References!$B$7),0)","v":0},{"$f":"IF(AND(D7202<>0,$B$16=\"Yes\"),References!$B$6,0)","v":0},0,0,0,0,{"$error":"#DIV/0!"},{"$f":"(M7202*12-(VLOOKUP(AB7202*12,'Tax table'!$A$3:$C$10,3)*(AB7202*12-VLOOKUP(AB7202*12,'Tax table'!$A$3:$C$10,1))+VLOOKUP(AB7202*12,'Tax table'!$A$3:$C$10,2)))/12","v":{"$error":"#DIV/0!"}},{"$error":"#DIV/0!"},{"$error":"#DIV/0!"}]
[{"$nulls":9},118,0,0,{"$error":"#DIV/0!"},{"$error":"#DIV/0!"},{"$f":"(M7208*12-(VLOOKUP(N7208*12,'Tax table'!$A$3:$C$10,3)*(N7208*12-VLOOKUP(N7208*12,'Tax table'!$A$3:$C$10,1))+VLOOKUP(N7208*12,'Tax table'!$A$3:$C$10,2)))/12","v":{"$error":"#DIV/0!"}},0,{"$f":"(VLOOKUP(P7208*12,'Tax table'!$A$3:$C$10,3)*(P7208*12-VLOOKUP(P7208*12,'Tax table'!$A$3:$C$10,1))+VLOOKUP(P7208*12,'Tax table'!$A$3:$C$10,2))/12","v":0},0,0,{"$error":"#DIV/0!"},0,{"$f":"IF($B$15=\"Yes\",MIN(S7208*2,References!$B$7),0)","v":0},{"$f":"IF(AND(D7208<>0,$B$16=\"Yes\"),References!$B$6,0)","v":0},0,0,0,0,{"$error":"#DIV/0!"},{"$f":"(M7208*12-(VLOOKUP(AB7208*12,'Tax table'!$A$3:$C$10,3)*(AB7208*12-VLOOKUP(AB7208*12,'Tax table'!$A$3:$C$10,1))+VLOOKUP(AB7208*12,'Tax table'!$A$3:$C$10,2)))/12","v":{"$error":"#DIV/0!"}},{"$error":"#DIV/0!"},{"$error":"#DIV/0!"}]
[{"$nulls":9},118,0,0,{"$error":"#DIV/0!"},{"$error":"#DIV/0!"},{"$f":"(M7229*12-(VLOOKUP(N7229*12,'Tax table'!$A$3:$C$10,3)*(N7229*12-VLOOKUP(N7229*12,'Tax table'!$A$3:$C$10,1))+VLOOKUP(N7229*12,'Tax table'!$A$3:$C$10,2)))/12","v":{"$error":"#DIV/0!"}},0,{"$f":"(VLOOKUP(P7229*12,'Tax table'!$A$3:$C$10,3)*(P7229*12-VLOOKUP(P7229*12,'Tax table'!$A$3:$C$10,1))+VLOOKUP(P7229*12,'Tax table'!$A$3:$C$10,2))/12","v":0},0,0,{"$error":"#DIV/0!"},0,{"$f":"IF($B$15=\"Yes\",MIN(S7229*2,References!$B$7),0)","v":0},{"$f":"IF(AND(D7229<>0,$B$16=\"Yes\"),References!$B$6,0)","v":0},0,0,0,0,{"$error":"#DIV/0!"},{"$f":"(M7229*12-(VLOOKUP(AB7229*12,'Tax table'!$A$3:$C$10,3)*(AB7229*12-VLOOKUP(AB7229*12,'Tax table'!$A$3:$C$10,1))+VLOOKUP(AB7229*12,'Tax table'!$A$3:$C$10,2)))/12","v":{"$error":"#DIV/0!"}},{"$error":"#DIV/0!"},{"$error":"#DIV/0!"}]
[{"$nulls":9},118,0,0,{"$error":"#DIV/0!"},{"$error":"#DIV/0!"},{"$f":"(M7235*12-(VLOOKUP(N7235*12,'Tax table'!$A$3:$C$10,3)*(N7235*12-VLOOKUP(N7235*12,'Tax table'!$A$3:$C$10,1))+VLOOKUP(N7235*12,'Tax table'!$A$3:$C$10,2)))/12","v":{"$error":"#DIV/0!"}},0,{"$f":"(VLOOKUP(P7235*12,'Tax table'!$A$3:$C$10,3)*(P7235*12-VLOOKUP(P7235*12,'Tax table'!$A$3:$C$10,1))+VLOOKUP(P7235*12,'Tax table'!$A$3:$C$10,2))/12","v":0},0,0,{"$error":"#DIV/0!"},0,{"$f":"IF($B$15=\"Yes\",MIN(S7235*2,References!$B$7),0)","v":0},{"$f":"IF(AND(D7235<>0,$B$16=\"Yes\"),References!$B$6,0)","v":0},0,0,0,0,{"$error":"#DIV/0!"},{"$f":"(M7235*12-(VLOOKUP(AB7235*12,'Tax table'!$A$3:$C$10,3)*(AB7235*12-VLOOKUP(AB7235*12,'Tax table'!$A$3:$C$10,1))+VLOOKUP(AB7235*12,'Tax table'!$A$3:$C$10,2)))/12","v":{"$error":"#DIV/0!"}},{"$error":"#DIV/0!"},{"$error":"#DIV/0!"}]
[{"$nulls":9},118,0,0,{"$error":"#DIV/0!"},{"$error":"#DIV/0!"},{"$f":"(M7247*12-(VLOOKUP(N7247*12,'Tax table'!$A$3:$C$10,3)*(N7247*12-VLOOKUP(N7247*12,'Tax table'!$A$3:$C$10,1))+VLOOKUP(N7247*12,'Tax table'!$A$3:$C$10,2)))/12","v":{"$error":"#DIV/0!"}},0,{"$f":"(VLOOKUP(P7247*12,'Tax table'!$A$3:$C$10,3)*(P7247*12-VLOOKUP(P7247*12,'Tax table'!$A$3:$C$10,1))+VLOOKUP(P7247*12,'Tax table'!$A$3:$C$10,2))/12","v":0},0,0,{"$error":"#DIV/0!"},0,{"$f":"IF($B$15=\"Yes\",MIN(S7247*2,References!$B$7),0)","v":0},{"$f":"IF(AND(D7247<>0,$B$16=\"Yes\"),References!$B$6,0)","v":0},0,0,0,0,{"$error":"#DIV/0!"},{"$f":"(M7247*12-(VLOOKUP(AB7247*12,'Tax table'!$A$3:$C$10,3)*(AB7247*12-VLOOKUP(AB7247*12,'Tax table'!$A$3:$C$10,1))+VLOOKUP(AB7247*12,'Tax table'!$A$3:$C$10,2)))/12","v":{"$error":"#DIV/0!"}},{"$error":"#DIV/0!"},{"$error":"#DIV/0!"}]
[{"$nulls":9},118,0,0,{"$error":"#DIV/0!"},{"$error":"#DIV/0!"},{"$f":"(M7263*12-(VLOOKUP(N7263*12,'Tax table'!$A$3:$C$10,3)*(N7263*12-VLOOKUP(N7263*12,'Tax table'!$A$3:$C$10,1))+VLOOKUP(N7263*12,'Tax table'!$A$3:$C$10,2)))/12","v":{"$error":"#DIV/0!"}},0,{"$f":"(VLOOKUP(P7263*12,'Tax table'!$A$3:$C$10,3)*(P7263*12-VLOOKUP(P7263*12,'Tax table'!$A$3:$C$10,1))+VLOOKUP(P7263*12,'Tax table'!$A$3:$C$10,2))/12","v":0},0,0,{"$error":"#DIV/0!"},0,{"$f":"IF($B$15=\"Yes\",MIN(S7263*2,References!$B$7),0)","v":0},{"$f":"IF(AND(D7263<>0,$B$16=\"Yes\"),References!$B$6,0)","v":0},0,0,0,0,{"$error":"#DIV/0!"},{"$f":"(M7263*12-(VLOOKUP(AB7263*12,'Tax table'!$A$3:$C$10,3)*(AB7263*12-VLOOKUP(AB7263*12,'Tax table'!$A$3:$C$10,1))+VLOOKUP(AB7263*12,'Tax table'!$A$3:$C$10,2)))/12","v":{"$error":"#DIV/0!"}},{"$error":"#DIV/0!"},{"$error":"#DIV/0!"}]
[{"$nulls":9},118,0,0,{"$error":"#DIV/0!"},{"$error":"#DIV/0!"},{"$f":"(M7269*12-(VLOOKUP(N7269*12,'Tax table'!$A$3:$C$10,3)*(N7269*12-VLOOKUP(N7269*12,'Tax table'!$A$3:$C$10,1))+VLOOKUP(N7269*12,'Tax table'!$A$3:$C$10,2)))/12","v":{"$error":"#DIV/0!"}},0,{"$f":"(VLOOKUP(P7269*12,'Tax table'!$A$3:$C$10,3)*(P7269*12-VLOOKUP(P7269*12,'Tax table'!$A$3:$C$10,1))+VLOOKUP(P7269*12,'Tax table'!$A$3:$C$10,2))/12","v":0},0,0,{"$error":"#DIV/0!"},0,{"$f":"IF($B$15=\"Yes\",MIN(S7269*2,References!$B$7),0)","v":0},{"$f":"IF(AND(D7269<>0,$B$16=\"Yes\"),References!$B$6,0)","v":0},0,0,0,0,{"$error":"#DIV/0!"},{"$f":"(M7269*12-(VLOOKUP(AB7269*12,'Tax table'!$A$3:$C$10,3)*(AB7269*12-VLOOKUP(AB7269*12,'Tax table'!$A$3:$C$10,1))+VLOOKUP(AB7269*12,'Tax table'!$A$3:$C$10,2)))/12","v":{"$error":"#DIV/0!"}},{"$error":"#DIV/0!"},{"$error":"#DIV/0!"}]
[{"$nulls":9},118,0,0,{"$error":"#DIV/0!"},{"$error":"#DIV/0!"},{"$f":"(M7275*12-(VLOOKUP(N7275*12,'Tax table'!$A$3:$C$10,3)*(N7275*12-VLOOKUP(N7275*12,'Tax table'!$A$3:$C$10,1))+VLOOKUP(N7275*12,'Tax table'!$A$3:$C$10,2)))/12","v":{"$error":"#DIV/0!"}},0,{"$f":"(VLOOKUP(P7275*12,'Tax table'!$A$3:$C$10,3)*(P7275*12-VLOOKUP(P7275*12,'Tax table'!$A$3:$C$10,1))+VLOOKUP(P7275*12,'Tax table'!$A$3:$C$10,2))/12","v":0},0,0,{"$error":"#DIV/0!"},0,{"$f":"IF($B$15=\"Yes\",MIN(S7275*2,References!$B$7),0)","v":0},{"$f":"IF(AND(D7275<>0,$B$16=\"Yes\"),References!$B$6,0)","v":0},0,0,0,0,{"$error":"#DIV/0!"},{"$f":"(M7275*12-(VLOOKUP(AB7275*12,'Tax table'!$A$3:$C$10,3)*(AB7275*12-VLOOKUP(AB7275*12,'Tax table'!$A$3:$C$10,1))+VLOOKUP(AB7275*12,'Tax table'!$A$3:$C$10,2)))/12","v":{"$error":"#DIV/0!"}},{"$error":"#DIV/0!"},{"$error":"#DIV/0!"}]
[{"$nulls":9},118,0,0,{"$error":"#DIV/0!"},{"$error":"#DIV/0!"},{"$f":"(M7296*12-(VLOOKUP(N7296*12,'Tax table'!$A$3:$C$10,3)*(N7296*12-VLOOKUP(N7296*12,'Tax table'!$A$3:$C$10,1))+VLOOKUP(N7296*12,'Tax table'!$A$3:$C$10,2)))/12","v":{"$error":"#DIV/0!"}},0,{"$f":"(VLOOKUP(P7296*12,'Tax table'!$A$3:$C$10,3)*(P7296*12-VLOOKUP(P7296*12,'Tax table'!$A$3:$C$10,1))+VLOOKUP(P7296*12,'Tax table'!$A$3:$C$10,2))/12","v":0},0,0,{"$error":"#DIV/0!"},0,{"$f":"IF($B$15=\"Yes\",MIN(S7296*2,References!$B$7),0)","v":0},{"$f":"IF(AND(D7296<>0,$B$16=\"Yes\"),References!$B$6,0)","v":0},0,0,0,0,{"$error":"#DIV/0!"},{"$f":"(M7296*12-(VLOOKUP(AB7296*12,'Tax table'!$A$3:$C$10,3)*(AB7296*12-VLOOKUP(AB7296*12,'Tax table'!$A$3:$C$10,1))+VLOOKUP(AB7296*12,'Tax table'!$A$3:$C$10,2)))/12","v":{"$error":"#DIV/0!"}},{"$error":"#DIV/0!"},{"$error":"#DIV/0!"}]
[{"$nulls":9},118,0,0,{"$error":"#DIV/0!"},{"$error":"#DIV/0!"},{"$f":"(M7302*12-(VLOOKUP(N7302*12,'Tax table'!$A$3:$C$10,3)*(N7302*12-VLOOKUP(N7302*12,'Tax table'!$A$3:$C$10,1))+VLOOKUP(N7302*12,'Tax table'!$A$3:$C$10,2)))/12","v":{"$error":"#DIV/0!"}},0,{"$f":"(VLOOKUP(P7302*12,'Tax table'!$A$3:$C$10,3)*(P7302*12-VLOOKUP(P7302*12,'Tax table'!$A$3:$C$10,1))+VLOOKUP(P7302*12,'Tax table'!$A$3:$C$10,2))/12","v":0},0,0,{"$error":"#DIV/0!"},0,{"$f":"IF($B$15=\"Yes\",MIN(S7302*2,References!$B$7),0)","v":0},{"$f":"IF(AND(D7302<>0,$B$16=\"Yes\"),References!$B$6,0)","v":0},0,0,0,0,{"$error":"#DIV/0!"},{"$f":"(M7302*12-(VLOOKUP(AB7302*12,'Tax table'!$A$3:$C$10,3)*(AB7302*12-VLOOKUP(AB7302*12,'Tax table'!$A$3:$C$10,1))+VLOOKUP(AB7302*12,'Tax table'!$A$3:$C$10,2)))/12","v":{"$error":"#DIV/0!"}},{"$error":"#DIV/0!"},{"$error":"#DIV/0!"}]
[{"$nulls":9},118,0,0,{"$error":"#DIV/0!"},{"$error":"#DIV/0!"},{"$f":"(M7312*12-(VLOOKUP(N7312*12,'Tax table'!$A$3:$C$10,3)*(N7312*12-VLOOKUP(N7312*12,'Tax table'!$A$3:$C$10,1))+VLOOKUP(N7312*12,'Tax table'!$A$3:$C$10,2)))/12","v":{"$error":"#DIV/0!"}},0,{"$f":"(VLOOKUP(P7312*12,'Tax table'!$A$3:$C$10,3)*(P7312*12-VLOOKUP(P7312*12,'Tax table'!$A$3:$C$10,1))+VLOOKUP(P7312*12,'Tax table'!$A$3:$C$10,2))/12","v":0},0,0,{"$error":"#DIV/0!"},0,{"$f":"IF($B$15=\"Yes\",MIN(S7312*2,References!$B$7),0)","v":0},{"$f":"IF(AND(D7312<>0,$B$16=\"Yes\"),References!$B$6,0)","v":0},0,0,0,0,{"$error":"#DIV/0!"},{"$f":"(M7312*12-(VLOOKUP(AB7312*12,'Tax table'!$A$3:$C$10,3)*(AB7312*12-VLOOKUP(AB7312*12,'Tax table'!$A$3:$C$10,1))+VLOOKUP(AB7312*12,'Tax table'!$A$3:$C$10,2)))/12","v":{"$error":"#DIV/0!"}},{"$error":"#DIV/0!"},{"$error":"#DIV/0!"}]
[{"$nulls":9},118,0,0,{"$error":"#DIV/0!"},{"$error":"#DIV/0!"},{"$f":"(M7329*12-(VLOOKUP(N7329*12,'Tax table'!$A$3:$C$10,3)*(N7329*12-VLOOKUP(N7329*12,'Tax table'!$A$3:$C$10,1))+VLOOKUP(N7329*12,'Tax table'!$A$3:$C$10,2)))/12","v":{"$error":"#DIV/0!"}},0,{"$f":"(VLOOKUP(P7329*12,'Tax table'!$A$3:$C$10,3)*(P7329*12-VLOOKUP(P7329*12,'Tax table'!$A$3:$C$10,1))+VLOOKUP(P7329*12,'Tax table'!$A$3:$C$10,2))/12","v":0},0,0,{"$error":"#DIV/0!"},0,{"$f":"IF($B$15=\"Yes\",MIN(S7329*2,References!$B$7),0)","v":0},{"$f":"IF(AND(D7329<>0,$B$16=\"Yes\"),References!$B$6,0)","v":0},0,0,0,0,{"$error":"#DIV/0!"},{"$f":"(M7329*12-(VLOOKUP(AB7329*12,'Tax table'!$A$3:$C$10,3)*(AB7329*12-VLOOKUP(AB7329*12,'Tax table'!$A$3:$C$10,1))+VLOOKUP(AB7329*12,'Tax table'!$A$3:$C$10,2)))/12","v":{"$error":"#DIV/0!"}},{"$error":"#DIV/0!"},{"$error":"#DIV/0!"}]
[{"$nulls":9},118,0,0,{"$error":"#DIV/0!"},{"$error":"#DIV/0!"},{"$f":"(M7335*12-(VLOOKUP(N7335*12,'Tax table'!$A$3:$C$10,3)*(N7335*12-VLOOKUP(N7335*12,'Tax table'!$A$3:$C$10,1))+VLOOKUP(N7335*12,'Tax table'!$A$3:$C$10,2)))/12","v":{"$error":"#DIV/0!"}},0,{"$f":"(VLOOKUP(P7335*12,'Tax table'!$A$3:$C$10,3)*(P7335*12-VLOOKUP(P7335*12,'Tax table'!$A$3:$C$10,1))+VLOOKUP(P7335*12,'Tax table'!$A$3:$C$10,2))/12","v":0},0,0,{"$error":"#DIV/0!"},0,{"$f":"IF($B$15=\"Yes\",MIN(S7335*2,References!$B$7),0)","v":0},{"$f":"IF(AND(D7335<>0,$B$16=\"Yes\"),References!$B$6,0)","v":0},0,0,0,0,{"$error":"#DIV/0!"},{"$f":"(M7335*12-(VLOOKUP(AB7335*12,'Tax table'!$A$3:$C$10,3)*(AB7335*12-VLOOKUP(AB7335*12,'Tax table'!$A$3:$C$10,1))+VLOOKUP(AB7335*12,'Tax table'!$A$3:$C$10,2)))/12","v":{"$error":"#DIV/0!"}},{"$error":"#DIV/0!"},{"$error":"#DIV/0!"}]
[{"$nulls":9},118,0,0,{"$error":"#DIV/0!"},{"$error":"#DIV/0!"},{"$f":"(M7345*12-(VLOOKUP(N7345*12,'Tax table'!$A$3:$C$10,3)*(N7345*12-VLOOKUP(N7345*12,'Tax table'!$A$3:$C$10,1))+VLOOKUP(N7345*12,'Tax table'!$A$3:$C$10,2)))/12","v":{"$error":"#DIV/0!"}},0,{"$f":"(VLOOKUP(P7345*12,'Tax table'!$A$3:$C$10,3)*(P7345*12-VLOOKUP(P7345*12,'Tax table'!$A$3:$C$10,1))+VLOOKUP(P7345*12,'Tax table'!$A$3:$C$10,2))/12","v":0},0,0,{"$error":"#DIV/0!"},0,{"$f":"IF($B$15=\"Yes\",MIN(S7345*2,References!$B$7),0)","v":0},{"$f":"IF(AND(D7345<>0,$B$16=\"Yes\"),References!$B$6,0)","v":0},0,0,0,0,{"$error":"#DIV/0!"},{"$f":"(M7345*12-(VLOOKUP(AB7345*12,'Tax table'!$A$3:$C$10,3)*(AB7345*12-VLOOKUP(AB7345*12,'Tax table'!$A$3:$C$10,1))+VLOOKUP(AB7345*12,'Tax table'!$A$3:$C$10,2)))/12","v":{"$error":"#DIV/0!"}},{"$error":"#DIV/0!"},{"$error":"#DIV/0!"}]
[{"$nulls":9},118,0,0,{"$error":"#DIV/0!"},{"$error":"#DIV/0!"},{"$f":"(M7362*12-(VLOOKUP(N7362*12,'Tax table'!$A$3:$C$10,3)*(N7362*12-VLOOKUP(N7362*12,'Tax table'!$A$3:$C$10,1))+VLOOKUP(N7362*12,'Tax table'!$A$3:$C$10,2)))/12","v":{"$error":"#DIV/0!"}},0,{"$f":"(VLOOKUP(P7362*12,'Tax table'!$A$3:$C$10,3)*(P7362*12-VLOOKUP(P7362*12,'Tax table'!$A$3:$C$10,1))+VLOOKUP(P7362*12,'Tax table'!$A$3:$C$10,2))/12","v":0},0,0,{"$error":"#DIV/0!"},0,{"$f":"IF($B$15=\"Yes\",MIN(S7362*2,References!$B$7),0)","v":0},{"$f":"IF(AND(D7362<>0,$B$1